{"text_format":"1","workbook":"xlsx","n_sheets":18,"sheets":["NOVO","MENU","DADOS","BDI","ORÇAMENTO","EVENTOS","CÁLCULO","CRONOPLE","CRONO","QCI","PLE","BM","RRE","OFÍCIO","PO-PLE","CFF-PLE","PO-BM","CFF-BM"],"not_rendered":{"charts":0,"images":2,"macros":1,"external_links":0,"defined_names":360,"comments":7,"pivot_tables":0},"unopened":[],"bounds":{"document_bytes":16777216,"sheet_cells":100000,"rows_first":2000,"rows_last":500,"rows_between":2000,"halvings":0,"cell_chars":16384,"cell_head_chars":4096},"cells_cut":0,"cells_raw":0,"read":"whole","date_system":"1900"}

{"sheet":"NOVO","index":0,"n_rows":192,"n_cols":4,"rows_kept":192,"cut":false,"hidden":false,"merged":[]}
[]
[]
[null,"Novidades da Versão"]
[]
[]
["V3.00"]
[null,"GERAL"]
[null,null,{"$f":"IF(D8<>\"\",\"▪\",\"\")","v":"▪"},"Lançamento: Adequação à Portaria 424/2016. Acompanhamento por Eventos."]
[null,null,{"$f":"IF(D9<>\"\",\"▪\",\"\")","v":""}]
["V3.01"]
[null,"GERAL"]
[null,null,{"$f":"IF(D12<>\"\",\"▪\",\"\")","v":"▪"},"Ajustes de formatações."]
[null,"PO"]
[null,null,{"$f":"IF(D14<>\"\",\"▪\",\"\")","v":"▪"},"Correção da aplicação do BDI não desonerado."]
[null,null,{"$f":"IF(D15<>\"\",\"▪\",\"\")","v":"▪"},"Inclusão de coluna exclusiva \"Preço Unitário Edital\", para o Modo 'Orçamento Licitado'."]
[]
["V3.02"]
[null,"GERAL"]
[null,null,{"$f":"IF(D19<>\"\",\"▪\",\"\")","v":"▪"},"Ajustes de formatações."]
[null,null,{"$f":"IF(D20<>\"\",\"▪\",\"\")","v":"▪"},"Correção do Problema de Guias ocultas no BROFFICE."]
[null,"ORÇAMENTO"]
[null,null,{"$f":"IF(D22<>\"\",\"▪\",\"\")","v":"▪"},"Ampliada obtenção de dados da Planilha Referência de 20.000 para 65.536 linhas."]
[null,"CRONOGRAMA"]
[null,null,{"$f":"IF(D24<>\"\",\"▪\",\"\")","v":"▪"},"Correção na formulação do total acumulado por Repasse, CP e Outros"]
[null,"QCI"]
[null,null,{"$f":"IF(D26<>\"\",\"▪\",\"\")","v":"▪"},"Correção na formulação do arredondamento no rateio dos valores do QCI."]
[null,"RRE"]
[null,null,{"$f":"IF(D28<>\"\",\"▪\",\"\")","v":"▪"},"Correção na formulação do total por Repasse, CP e Outros."]
[]
["V3.03"]
[null,"GERAL"]
[null,null,{"$f":"IF(D32<>\"\",\"▪\",\"\")","v":"▪"},"Correção do Problema de Guias ocultas no BROFFICE."]
[null,"CÁLCULO"]
[null,null,{"$f":"IF(D34<>\"\",\"▪\",\"\")","v":"▪"},"Corrigida lentidão e travamento ao incluir e excluir frentes."]
[]
[]
["V3.04"]
[null,"BDI"]
[null,null,{"$f":"IF(D39<>\"\",\"▪\",\"\")","v":"▪"},"Correção da CPRB que exibia 4,5% mesmo quando não desonerado."]
[null,"CRONOGRAMA"]
[null,null,{"$f":"IF(D41<>\"\",\"▪\",\"\")","v":"▪"},"Correção da distribuição de Repasse, CP e Outros para as metas manuais."]
[null,"QCI"]
[null,null,{"$f":"IF(D43<>\"\",\"▪\",\"\")","v":"▪"},"Adicionado botão para adotar a CP do QCI como CP do contrato (zera saldo a reprogramar de CP)."]
[]
["V3.05"]
[null,"GERAL"]
[null,null,{"$f":"IF(D47<>\"\",\"▪\",\"\")","v":"▪"},"Corrigido modo de Cálculo da Planilha para Automático."]
[]
["V3.06"]
[null,"GERAL"]
[null,null,{"$f":"IF(D51<>\"\",\"▪\",\"\")","v":"▪"},"Adicionado modo de arredondamento para compatibilidade com o TransfereGOV, altera na aba DADOS"]
[null,null,{"$f":"IF(D52<>\"\",\"▪\",\"\")","v":"▪"},"A planilha passará a ser disponibilizada com o formato .xlsm. Deve ser usado arquivo referência 1.9 ou superior, também no formato .xlsm"]
[]
["V3.07"]
[null,"GERAL"]
[null,null,{"$f":"IF(D56<>\"\",\"▪\",\"\")","v":"▪"},"Alterada a posição da aba NOVO para antes da aba MENU."]
[null,null,{"$f":"IF(D57<>\"\",\"▪\",\"\")","v":"▪"},"Alterada a posição da aba CÁLCULO para depois da aba EVENTOS. Pois, no caso de acompanhamento por PLE, a lista supensa na coluna \"Nº  Agrupador de Eventos\" na aba CÁLCULO depende do preenchimento prévio da aba EVENTOS."]
[null,null,"▪","Alterada a posição da aba CRONO para depois da aba CRONOPLE. Pois, no caso de acompanhamento por PLE, a aba CRONO tem o preenchimento automático a partir da aba CRONOPLE."]
[null,null,"▪","Alterada a posição da aba PLE para depois da aba QCI. Com a finalidade de deixar agrupadas todas as abas de acompanhamento (PLE, BM, RRE, OFÍCIO)."]
[null,null,"▪","Acrescentados botões de navegação (cor azul claro) em várias abas. Em relação a esses botões, também foram ajustados os links, nomes e formatação."]
[null,null,"▪","Criada macro para exibir apenas as abas pertinentes (exemplo: caso o acompanhamento seja por PLE, a aba BM fica oculta)."]
[null,null,"▪","Ajuste na macro para correção automática do Nº AGRUPADOR DE EVENTOS na aba CÁLCULO, quando se ADCIONAR ou EXCLUIR LINHAS na aba EVENTOS."]
[null,"MENU"]
[null,null,{"$f":"IF(D64<>\"\",\"▪\",\"\")","v":"▪"},"Acrescentado o botão \"IMPORTAR DE OUTROS MODELOS CAIXA\": PO (MO27476); PLE (MO27477); e QCI (MO41211)."]
[null,null,{"$f":"IF(D65<>\"\",\"▪\",\"\")","v":"▪"},"Acrescentado o botão de seleção \"Importar Fórmulas para o Custo Unitário (aba ORÇAMENTO)\". "]
[null,null,null,"Caso selecionada, será importada a fórmula (se houver) do custo unitário; Caso desmarcada, será importado somente o valor."]
[null,null,{"$f":"IF(D67<>\"\",\"▪\",\"\")","v":"▪"},"Acrescentado o botão de seleção \"Importar Fórmulas para as Quantidades da PLQ (aba CÁLCULO)\". "]
[null,null,null,"Caso selecionada, será importada a fórmula (se houver) do quantitativo; Caso desmarcada, será importado somente o valor."]
[null,null,{"$f":"IF(D69<>\"\",\"▪\",\"\")","v":"▪"},"Atualizada a macro de Importação para incluir a importar da coluna \"Nº Agrupador de Eventos\" da aba CÁLCULO."]
[null,null,{"$f":"IF(D70<>\"\",\"▪\",\"\")","v":"▪"},"Atualizada a macro de Imprimir Documentos (para englobar as abas EVENTOS e CRONOPLE)."]
[null,"BDI"]
[null,null,{"$f":"IF(D72<>\"\",\"▪\",\"\")","v":"▪"},"Ajuste automático do valor da CPRB em função da data base do orçamento (para atendimento do Art. 9-A da Lei 12.546 de 14/12/2011)."]
[null,"EVENTOS"]
[null,null,{"$f":"IF(D74<>\"\",\"▪\",\"\")","v":"▪"},"Acrescentados os dados de identificação do Contrato de Repasse."]
[null,null,{"$f":"IF(D75<>\"\",\"▪\",\"\")","v":"▪"},"Acrescentadas as colunas dos totais dos Eventos por Frentes de Obra."]
[null,null,{"$f":"IF(D76<>\"\",\"▪\",\"\")","v":"▪"},"Acrescentados os dados de Local, Data e Responsável Técnico."]
[null,null,{"$f":"IF(D77<>\"\",\"▪\",\"\")","v":"▪"},"Acrescentado FILTRO para exibir apenas as linhas preenchidas."]
[null,"CRONOPLE"]
[null,null,{"$f":"IF(D79<>\"\",\"▪\",\"\")","v":"▪"},"Acrescentados os dados de identificação do Contrato de Repasse."]
[null,null,{"$f":"IF(D80<>\"\",\"▪\",\"\")","v":"▪"},"Acrescentado o quadro \"Cronograma\" com percentual e valor da parcela e percentual e valor acumulado."]
[null,null,{"$f":"IF(D81<>\"\",\"▪\",\"\")","v":"▪"},"Acrescentados os dados de Local, Data e Responsável Técnico."]
[null,null,{"$f":"IF(D82<>\"\",\"▪\",\"\")","v":"▪"},"Acrescentado FILTRO para exibir apenas as linhas preenchidas."]
[null,"RRE"]
[null,null,{"$f":"IF(D84<>\"\",\"▪\",\"\")","v":"▪"},"Correção na fórmula da data, para replicar a “Data de fechamento do RRE” na aba DADOS."]
[null,"OFÍCIO"]
[null,null,{"$f":"IF(D86<>\"\",\"▪\",\"\")","v":"▪"},"Exclusão do quadro \"Resumo de Valores por CTEF\"."]
[]
["V3.08"]
[null,"GERAL"]
[null,null,{"$f":"IF(D90<>\"\",\"▪\",\"\")","v":"▪"},"Incluídos alertas de erro de preenchimento em todas as abas."]
[null,"MENU"]
[null,null,{"$f":"IF(D92<>\"\",\"▪\",\"\")","v":"▪"},"Incluído botão de macro para gerar arquivo (em xlsx) para upload da PO e CFF no TransfereGOV."]
[null,null,{"$f":"IF(D93<>\"\",\"▪\",\"\")","v":"▪"},"Ajustada a macro \"Importar de outra Planilha Múltipla\" para importar o Cronograma da aba CRONO. Também foram incluídas as importações dos campos: Data do preenchimento (DADOS), Data de fechamento do RRE (DADOS); nº da 1ª Parcela do Cronograma (CRONO), mês da 1ª Parcela do Cronograma (CRONO), nº da Medição (BM) e nº da Medição (PLE)."]
[null,null,{"$f":"IF(D94<>\"\",\"▪\",\"\")","v":"▪"},"Incluída a informação do progresso na macro \"Importar de outra Planilha Múltipla\", por meio de uma barra de progresso (janela que será exibida na tela) e da indicação das etapas de importação na barra de status do Excel (canto inferior esquerdo da janela do Excel)."]
[null,"BDI"]
[null,null,{"$f":"IF(D96<>\"\",\"▪\",\"\")","v":"▪"},"Incluídos botões de navegação para os formulários de BDI (BDI 1, BDI 2, BDI 3)."]
[null,"ORÇAMENTO"]
[null,null,{"$f":"IF(D98<>\"\",\"▪\",\"\")","v":"▪"},"Incluído botão de macro para padronizar as siglas de unidades, conforme lista de siglas válidas no TransfereGOV."]
[null,"EVENTOS"]
[null,null,{"$f":"IF(D100<>\"\",\"▪\",\"\")","v":"▪"},"O Título de Evento \"Administração Local\" com preenchimento automático proporcional agora é exibido apenas no modo Arredondamento de Frentes \"Tradicional\" e para a opção Agrupadores de Eventos \"Definir Manualmente\"."]
[null,null,{"$f":"IF(D101<>\"\",\"▪\",\"\")","v":"▪"},"Não é mais possível deixar Eventos em branco (sem nome ou sem valor)."]
[null,"CÁLCULO"]
[null,null,{"$f":"IF(D103<>\"\",\"▪\",\"\")","v":"▪"},"Não é mais possível deixar Frentes de Obra em branco (sem nome ou sem quantidades)."]
[null,"CRONOPLE"]
[null,null,{"$f":"IF(D105<>\"\",\"▪\",\"\")","v":"▪"},"Incluído campo para selecionar o Título do Evento referente à Administração Local (acompanhamento por PLE)."]
[null,null,{"$f":"IF(D106<>\"\",\"▪\",\"\")","v":"▪"},"Incluída linha com o percentual acumulado da Administração Local em cada período."]
[null,"CRONO"]
[null,null,{"$f":"IF(D108<>\"\",\"▪\",\"\")","v":"▪"},"Ajustada a fórmula do % acumulado a partir da parcela 13 (para manter o padrão da fórmula das parcelas 1 a 12)."]
[null,null,{"$f":"IF(D109<>\"\",\"▪\",\"\")","v":"▪"},"Incluído campo para selecionar o Macrosserviço referente à Administração Local (acompanhamento por BM)."]
[null,null,{"$f":"IF(D110<>\"\",\"▪\",\"\")","v":"▪"},"Incluída linha com o percentual acumulado da Administração Local em cada parcela."]
[null,"RRE"]
[null,null,{"$f":"IF(D112<>\"\",\"▪\",\"\")","v":"▪"},"Corrigida a fórmula do % no quadro \"Percentual previsto em:\". Que estava limitada a buscar o % previsto até a parcela 12."]
[null,"PLE"]
[null,null,{"$f":"IF(D114<>\"\",\"▪\",\"\")","v":"▪"},"Incluída linha com o percentual acumulado da Administração Local em cada medição."]
[null,"BM"]
[null,null,{"$f":"IF(D116<>\"\",\"▪\",\"\")","v":"▪"},"Incluído campo com o percentual medido acumulado da Administração Local."]
[]
["V3.09"]
[null,"MENU"]
[null,null,{"$f":"IF(D120<>\"\",\"▪\",\"\")","v":"▪"},"Atualizada a macro \"Gerar arquivo para upload no TransfereGOV\" para ajustar os códigos de composições SINAPI (acrescentar zeros a esquerda até completar dez dígitos) para Data base igual ou superior a JAN/2025."]
[null,"ORÇAMENTO"]
[null,null,{"$f":"IF(D122<>\"\",\"▪\",\"\")","v":"▪"},"Acrescentada formatação condicional na coluna \"Descrição\" para exibir os textos de alerta de erro, textos que começam com \"(\", na cor vermelha."]
[null,"BDI"]
[null,null,{"$f":"IF(D124<>\"\",\"▪\",\"\")","v":"▪"},"Corrigida a macro dos botões de navegação para os formulários do BDI."]
[]
["V3.10"]
[null,"GERAL"]
[null,null,{"$f":"IF(D128<>\"\",\"▪\",\"\")","v":"▪"},"Corrigidas as fórmulas da v3.08 / v3.09 que eram incompatíveis com as versões do Excel anteriores ao Office 365."]
[]
["V3.11"]
[null,"MENU"]
[null,null,{"$f":"IF(D132<>\"\",\"▪\",\"\")","v":"▪"},"Ajuste na macro \"Importar de outra Planilha Múltipla\" para tratar o erro \"tipos incompatíveis\"."]
[null,null,{"$f":"IF(D133<>\"\",\"▪\",\"\")","v":"▪"},"Ajuste na macro \"Gerar arquivo para upload no TransfereGOV\" para informar no status o número da linha que está sendo mesclada."]
[null,"CRONO"]
[null,null,{"$f":"IF(D135<>\"\",\"▪\",\"\")","v":"▪"},"Correção nas fórmulas dos valores no período da 13ª parcela do cronograma."]
[null,"RRE"]
[null,null,{"$f":"IF(D137<>\"\",\"▪\",\"\")","v":"▪"},"Correção nas fórmulas dos valores acumulados no caso de Administração Local de preenchimento manual."]
[]
["V3.12"]
[null,"MENU"]
[null,null,{"$f":"IF(D141<>\"\",\"▪\",\"\")","v":"▪"},"Atualização na macro \"Gerar arquivo para upload no TransfereGOV\" em virtude de alteração no upload no TransfereGOV (código sem zeros a esquerda)."]
[null,"BDI"]
[null,null,{"$f":"IF(D143<>\"\",\"▪\",\"\")","v":"▪"},"Revisão nos alertas de erro de preenchimento."]
[null,"ORÇAMENTO"]
[null,null,{"$f":"IF(D145<>\"\",\"▪\",\"\")","v":"▪"},"Revisão nos alertas de erro de preenchimento."]
[null,"EVENTOS"]
[null,null,{"$f":"IF(D147<>\"\",\"▪\",\"\")","v":"▪"},"Revisão na lista suspensa de opções da forma de definição dos agrupadores de eventos."]
[null,"CÁLCULO"]
[null,null,{"$f":"IF(D149<>\"\",\"▪\",\"\")","v":"▪"},"Revisão nos alertas de erro de preenchimento."]
[null,"CRONOPLE"]
[null,null,{"$f":"IF(D151<>\"\",\"▪\",\"\")","v":"▪"},"Correção na macro \"Atualizar Linhas\"."]
[null,"CRONO"]
[null,null,{"$f":"IF(D153<>\"\",\"▪\",\"\")","v":"▪"},"Correção na fórmula dos porcentuais de Administração Local, no caso de agrupadores de eventos automáticos."]
[]
["V3.13"]
[null,"GERAL"]
[null,null,{"$f":"IF(D157<>\"\",\"▪\",\"\")","v":"▪"},"Ajuste em todas as listas suspensas (substituindo valores ou textos por um intervalo com os dados)."]
[null,"MENU"]
[null,null,{"$f":"IF(D159<>\"\",\"▪\",\"\")","v":"▪"},"Correção do valor total na macro \"Gerar arquivo para upload no TransfereGOV\". No arquivo para upload o valor total era preenchido apenas com o valor da meta 1."]
[null,null,{"$f":"IF(D160<>\"\",\"▪\",\"\")","v":"▪"},"Correção nos arredondamentos na macro \"Gerar arquivo para upload no TransfereGOV\". No caso de preenchimento das quantidades com mais de duas casas decimais na PLQ, os valores calculados no Tgov ficavam diferentes dos valores calculados na Múltipla."]
[null,null,{"$f":"IF(D161<>\"\",\"▪\",\"\")","v":"▪"},"Atualização na macro \"Gerar arquivo para upload no TransfereGOV\". No caso de alertas de erro de preenchimento nas abas BDI e ORÇAMENTO a caixa de mensagem informa o erro encontrado e pergunta ao usuário se quer \"Corrigir o erro agora?\", caso o usuário responda \"Não\" a macro continua os procedimentos e gera o arquivo com o erro de preenchimento."]
[null,"ORÇAMENTO"]
[null,null,{"$f":"IF(D163<>\"\",\"▪\",\"\")","v":"▪"},"Atualização no preenchimento da coluna BDI. Possibilidade de preencher diretamente um percentual na célula."]
[null,null,{"$f":"IF(D164<>\"\",\"▪\",\"\")","v":"▪"},"Ajuste no alerta de erro \"Acima Ref.\", dispensado caso a Fonte de Recursos seja diferente de \"OGU\"."]
[null,null,{"$f":"IF(D165<>\"\",\"▪\",\"\")","v":"▪"},"Incluído alerta de erro caso a data base do arquivo referência seja diferente da indicada no nome do mesmo arquivo."]
[null,null,{"$f":"IF(D166<>\"\",\"▪\",\"\")","v":"▪"},"Incluído alerta de erro caso os arredondamentos de todos os valores não estejam selecionados (para contratos no transferegov)."]
[null,null,{"$f":"IF(D167<>\"\",\"▪\",\"\")","v":"▪"},"Incluído alerta de erro \"Justificar BDI\", caso não seja adotado um BDI da lista suspensa."]
[null,"CÁLCULO"]
[null,null,{"$f":"IF(D169<>\"\",\"▪\",\"\")","v":"▪"},"Incluído alerta de erro \"Verificar as quantidades preenchidas na linha...\", caso a soma das quantidades preenchidas seja diferente da soma das quantidades arredondadas com duas casas decimais."]
[null,null,{"$f":"IF(D170<>\"\",\"▪\",\"\")","v":"▪"},"Incluído alerta de erro \"Preencha as quantidades com no máximo duas casas decimais\", caso o alerta de erro acima aparece em alguma linha."]
[null,null,"▪","Incluída formatação condicional para indicar as quantidades na PLQ com mais de duas casas decimais (o texto ficará na cor vermelha)."]
[null,"CRONOPLE"]
[null,null,{"$f":"IF(D173<>\"\",\"▪\",\"\")","v":"▪"},"Correção na macro \"Atualizar Linhas\"."]
[null,"PLE"]
[null,null,{"$f":"IF(D175<>\"\",\"▪\",\"\")","v":"▪"},"Correção na fórmula na coluna Filtro."]
[null,"RRE"]
[null,null,{"$f":"IF(D177<>\"\",\"▪\",\"\")","v":"▪"},"Correção nas fórmulas dos valores acumulados (o valor da administração local era duplicado em alguns casos)."]
[]
["V3.14"]
[null,"GERAL"]
[null,null,{"$f":"IF(D181<>\"\",\"▪\",\"\")","v":"▪"},"Ajustes em algumas fórmulas que eram incompatíveis com as versões do Excel anteriores ao Office 365."]
[null,"MENU"]
[null,null,{"$f":"IF(D183<>\"\",\"▪\",\"\")","v":"▪"},"Ajuste na macro \"Gerar arquivo para upload no TransfereGOV\". Excluído o procedimento de mesclagem de células, visando a eficiência da macro."]
[null,null,{"$f":"IF(D184<>\"\",\"▪\",\"\")","v":"▪"},"Inclusão do botão [RESET]. Para resetar a Planilha Múltipla (apagar todos os dados preenchidos e restaurar o padrão inicial)."]
[]
["V3.15"]
[null,"ORÇAMENTO"]
[null,null,{"$f":"IF(D188<>\"\",\"▪\",\"\")","v":"▪"},"Ajuste na fórmula da coluna \"Descrição\" para corrigir incompatibilidade com as versões do Excel anteriores ao Office 365."]
[]
["V3.16"]
[null,"BDI"]
[null,null,{"$f":"IF(D192<>\"\",\"▪\",\"\")","v":"▪"},"Corrigidas as fórmulas da descrição dos itens dos BDIs 2 e 3."]

{"sheet":"MENU","index":1,"n_rows":24,"n_cols":15,"rows_kept":24,"cut":false,"hidden":false,"merged":[[19,1,19,7],[7,1,7,7],[1,4,2,6],[15,1,15,7]]}
[null,null,null,null,null,null,null,null,null,"PM",true]
[null,null,null,null,{"$f":"CHOOSE(MATCH(Objeto,{\"PM\",\"PO\"}),\"PLANILHA MÚLTIPLA \",\"PLANILHA ORÇAMENTÁRIA \")& Versao","v":"PLANILHA MÚLTIPLA v3.16"},null,null,null,null,"v3.16",true]
[null,null,null,null,null,null,null,null,null,null,null,null,null,null,1]
[null,null,null,null,null,null,null,null,null,{"$f":"IF(VALUE(MENU!$O$4)=2,\"BM\",\"PLE\")","v":"BM"},null,null,null,null,2]
[null,null,null,null,null,null,null,null,null,"Proposto"]
[null,null,null,null,"DADOS DO CONTRATO",null,"NOVIDADES DA VERSÃO",null,null,"Licitado"]
[null,null,null,null,null,null,null,null,null,"PLE"]
[null,{"$f":"IF($O$3<>2,\"DOCUMENTAÇÃO DA PROPOSTA\",\"PROPOSTA: Para visualizar/preencher esta seção, altere o TIPO DE ORÇAMENTO para 'Proposto'\")","v":"DOCUMENTAÇÃO DA PROPOSTA"},null,null,null,null,null,null,null,"BM",null,"LEGENDA:"]
[null,null,null,null,null,null,null,null,null,null,null,"Cores das células:"]
[null,null,{"$f":"IF(TIPOORCAMENTO<>\"Proposto\",\"\",\"                    BDI                    \")","v":"                    BDI                    "},null,{"$f":"IF(TIPOORCAMENTO<>\"Proposto\",\"\",\"             ORÇAMENTO             \")","v":"             ORÇAMENTO             "},null,{"$f":"IF(TIPOORCAMENTO<>\"Proposto\",\"\",\"MEMÓRIA DE CÁLCULO / PLQ\")","v":"MEMÓRIA DE CÁLCULO / PLQ"},null,null,null,null,null,null,"Fundo amarelo: células para preencher"]
[]
[null,null,{"$f":"IF(TIPOORCAMENTO<>\"Proposto\",\"\",\"                    QCI                    \")","v":"                    QCI                    "},null,{"$f":"IF(TIPOORCAMENTO<>\"Proposto\",\"\",\"CRONOGRAMA FÍSICO-FINANCEIRO\")","v":"CRONOGRAMA FÍSICO-FINANCEIRO"},null,null,null,null,null,null,null,null,"Fundo azul: células para seleção de opções"]
[]
[null,null,{"$f":"IF(TIPOORCAMENTO<>\"Proposto\",\"\",\"Obs: Composições e Cotações devem ser preenchidas diretamente no arquivo Referência \"&IF(ISBLANK(Import.DataBase),\"mm-aaaa\",TEXT(Import.DataBase,\"mm-aaaa\"))&\".xlsm.\")","v":"Obs: Composições e Cotações devem ser preenchidas diretamente no arquivo Referência 06-2025.xlsm."}]
[null,null,null,null,null,null,null,null,null,null,null,"Cores dos botões:"]
[null,{"$f":"IF($O$3<>2,\"PÓS-LICITADO: Para visualizar/preencher esta seção, altere o TIPO DE ORÇAMENTO para 'Licitado'\",\"RESULTADO DO PROCESSO LICITATÓRIO\")","v":"PÓS-LICITADO: Para visualizar/preencher esta seção, altere o TIPO DE ORÇAMENTO para 'Licitado'"},null,null,null,null,null,null,null,null,null,null,null,"Fundo azul claro: navegação entre abas"]
[]
[null,null,{"$f":"IF(TIPOORCAMENTO<>\"Licitado\",\"\",\"             ORÇAMENTO             \")","v":""},null,{"$f":"IF(TIPOORCAMENTO<>\"Licitado\",\"\",\"                    QCI                    \")","v":""},null,{"$f":"IF(TIPOORCAMENTO<>\"Licitado\",\"\",\"CRONOGRAMA FÍSICO-FINANCEIRO\")","v":""},null,null,null,null,null,null,"Fundo laranja: execução de macro"]
[]
[null,{"$f":"IF($O$3<>2,\"ACOMPANHAMENTO: Para visualizar/preencher esta seção, altere o TIPO DE ORÇAMENTO para 'Licitado'\",\"ACOMPANHAMENTO DO EMPREENDIMENTO\")","v":"ACOMPANHAMENTO: Para visualizar/preencher esta seção, altere o TIPO DE ORÇAMENTO para 'Licitado'"}]
[]
[null,null,{"$f":"IF(OR(TIPOORCAMENTO<>\"Licitado\",ACOMPANHAMENTO<>\"PLE\"),\"\",\"PLAN. DE LEVANT. DE EVENTOS - PLE\")","v":""},null,{"$f":"IF(TIPOORCAMENTO<>\"Licitado\",\"\",\"                    RRE                    \")","v":""},null,{"$f":"IF(OR(TIPOORCAMENTO<>\"Licitado\",ACOMPANHAMENTO<>\"BM\"),\"\",\"  BOLETIM DE MEDIÇÃO - BM  \")","v":""}]
[]
[null,null,null,null,{"$f":"IF(TIPOORCAMENTO<>\"Licitado\",\"\",\"OF. DE SOLICITAÇÃO DE DESBLOQUEIO\")","v":""}]

{"sheet":"DADOS","index":2,"n_rows":220,"n_cols":49,"rows_kept":220,"cut":false,"hidden":false,"merged":[[49,1,49,2],[58,1,58,2],[0,13,0,45],[2,1,2,2],[14,1,14,2],[20,1,20,2],[26,1,26,2],[34,1,34,2],[45,1,45,2]]}
[null,"A. DOCUMENTAÇÃO DA PROPOSTA",null,{"$f":"IF(D3<>\"\",\"Falta preencher os Dados do Contrato\",IF(D15<>\"\",\"Falta preencher os Dados do Empreendimento\",IF(D21<>\"\",\"Falta preencher os Dados do Responsável pelo Orçamento\",IF(D27<>\"\",\"Falta preencher os Dados do Responsável pelo Tomador\",IF(D31<>\"\",\"Falta definir o método de arredondamento das frentes de obra\",IF(D35<>\"\",\"Falta preencher os Dados da Licitação\",IF(D46<>\"\",\"Falta preencher os Dados da Obra\",IF(D50<>\"\",\"Falta preencher os Dados do Responsável pela Fiscalização\",\"\"))))))))","v":""},null,null,"Fonte de recursos:","Regime previdenciário","Regime de Execução","Arredondamento",null,null,null,"Sub-Itens de Investimento",null,null,null,null,null,null,null,null,null,null,null,null,null,null,null,null,null,null,null,null,null,null,null,null,null,null,null,null,null,null,null,null,null,"Unidades válidas no Tgov"]
[null,null,null,null,null,null,"(SELECIONAR)","(SELECIONAR)","(SELECIONAR)","Tradicional",null,"Itens de Investimento","Unidades habitacionais",{"$f":"COUNTA(M:M)-1","v":3},"Equipamentos comunitários",{"$f":"COUNTA(O:O)-1","v":6},"Pavimentação",{"$f":"COUNTA(Q:Q)-1","v":6},"Drenagem ",{"$f":"COUNTA(S:S)-1","v":6},"Abastecimento de água",{"$f":"COUNTA(U:U)-1","v":11},"Esgotamento sanitário",{"$f":"COUNTA(W:W)-1","v":8},"Energia elétrica e iluminação pública",{"$f":"COUNTA(Y:Y)-1","v":4},"Coleta e tratamento de resíduos sólidos",{"$f":"COUNTA(AA:AA)-1","v":6},"Contenção e estabilização de encostas ",{"$f":"COUNTA(AC:AC)-1","v":2},"Regularização fundiária",{"$f":"COUNTA(AE:AE)-1","v":2},"Aquisição de terreno",{"$f":"COUNTA(AG:AG)-1","v":2},"Aquisição de equipamentos e insumos",{"$f":"COUNTA(AI:AI)-1","v":1},"Elaboração de estudos e projetos",{"$f":"COUNTA(AK:AK)-1","v":1},"Instrumentos e ações em planejamento e gestão pública",{"$f":"COUNTA(AM:AM)-1","v":1},"Ações complementares às obras",{"$f":"COUNTA(AO:AO)-1","v":3},"Gerenciamento",{"$f":"COUNTA(AQ:AQ)-1","v":1},"Trabalho social",{"$f":"COUNTA(AS:AS)-1","v":4},null,"Sigla","Descrição"]
[null,"Dados do Contrato (Inicial)",null,{"$f":"IF(COUNTIF(D4:D13,\"◄\")=0,\"\",\"Falta preencher a linha \"&MATCH(\"◄\",D4:D13,0)+ROW(D3))","v":""},null,null,"OGU","NÃO SE APLICA","INDEFINIDO / NÃO SE APLICA","TransfereGOV",null,"Unidades habitacionais","Aquisição","un","Convivência comunitária, assistência social e/ou comunitária","m²","Capeamento de vias","m²","Obras de microdrenagem ","m","Captação subterrânea","m³/s","Ligações domiciliares e/ou intradomiciliares","un","Iluminação pública - luminárias","un","Acondicionamento ","un","Estabilização de taludes","m²","Desapropriacões/Indenizações","m²","Aquisição de terreno","m²","Aquisição de equipamentos e insumos","un","Elaboração de estudos e projetos","un","Instrumentos e ações em planejamento e gestão pública","un","Avaliação pós intervenção","un","Gerenciamento","%CT","Projeto de Trabalho Social Preliminar","nº fam",null,"%CT","%CT"]
[null,"Fonte de recursos:","OGU",{"$f":"IF(OR(OFFSET(D4,0,-1)=\"\",OFFSET(D4,0,-1)=\"(SELECIONAR)\"),\"◄\",\"\")","v":""},null,null,"FGTS","DESONERADO","EMPREITADA POR PREÇO GLOBAL",null,null,"Equipamentos comunitários","Construção","un","Educação e cultura","m²","Recapeamento de vias","m²","Desassoreamento de cursos de água","m","Captação superficial","m³/s","Rede coletora e/ou condominial","m","Ligações domiciliares","un","Aterro sanitário e/ou disposição final","m³","Obras complementares a ações de redução de risco e/ou contenções","m²","Projeto de Regularização Fundiária","m²","Benfeitorias","m²",null,null,null,null,null,null,"Demolições","un",null,null,"Projeto de Trabalho Social","nº fam",null,"°C","GRAU CELSIUS"]
[null,"Proponente/Tomador:","PREFEITURA MUNICIPAL DE SIDROLÂNDIA",{"$f":"IF(OFFSET(D5,0,-1)=\"\",\"◄\",\"\")","v":""},null,null,null,"NÃO DESONERADO","EMPREITADA POR PREÇO UNITÁRIO",null,null,"Pavimentação","Reforma e/ou melhoria","un","Esportes","m²","Obras de artes especiais","m","Canalização de cursos de água","m","Estação de bombeamento de água bruta","m³/s","Coletor tronco e/ou interceptores","m","Linhas de distribuição - baixa tensão ","m","Erradicação de lixões","m³",null,null,null,null,null,null,null,null,null,null,null,null,"Plano de Reassentamento e medidas compensatórias","un",null,null,"Plano de Desenvolvimento Socioterritorial","nº fam",null,"°F","GRAU FAHRENHEIT"]
[null,"Município/UF:","SIDROLÂNDIA/MS","",null,null,null,null,"EMPREITADA INTEGRAL",null,null,"Drenagem ",null,null,"Lazer e turismo","m²","Pavimentação de calçadas","m²","Recomposição de vegetação ciliar, renaturalização de cursos de água ou restauração de margens","m²","Adução","m","Emissário","m","Linhas de transmissão - alta tensão ","m","Sistema de coleta seletiva tradicional, transporte e/ou equipamentos","un",null,null,null,null,null,null,null,null,null,null,null,null,null,null,null,null,"Plano de Gestão Condominial","nº fam",null,"100M","100 METROS"]
[null,"Nº da Operação (0000000-00):","1.087.299-22/2023","",null,null,null,null,"TAREFA",null,null,"Abastecimento de água",null,null,"Saúde","m²","Pavimentação de vias","m²","Reservatório de amortecimento de cheias","m³","Estação de Tratamento de Água (ETA)","m³/s","Estação Elevatória","m³/s",null,null,"Tratamento local ","un",null,null,null,null,null,null,null,null,null,null,null,null,null,null,null,null,null,null,null,"18L","18 LITROS"]
[null,"Nº do TransfereGOV (000000):","942900/2023",{"$f":"IF(AND(Import.TipoArredondamento=\"TransfereGOV\",OFFSET(D8,0,-1)=\"\"),\"◄\",\"\")","v":""},null,null,null,null,"CONTRATAÇÃO INTEGRADA",null,null,"Esgotamento sanitário",null,null,"Segurança pública","m²","Sinalização","m²","Estação de Bombeamento","m³/s","Estação de bombeamento de água tratada","m³/s","Estação de Tratamento de Esgoto (ETE)","m³/s",null,null,"Usinas de reciclagem ","m²",null,null,null,null,null,null,null,null,null,null,null,null,null,null,null,null,null,null,null,"200KG","200 QUILOS"]
[null,{"$f":"IF(C4=\"FGTS\",\"Valor de Financiamento Contratado (R$):\",\"Valor do Repasse Contratado (R$):\")","v":"Valor do Repasse Contratado (R$):"},477500,"",null,null,null,null,"ADM. DIRETA",null,null,"Energia elétrica e iluminação pública",null,null,null,null,null,null,null,null,"Linha de recalque","m","Sistema simplificado de tratamento","m³/s",null,null,null,null,null,null,null,null,null,null,null,null,null,null,null,null,null,null,null,null,null,null,null,"250G","250 GRAMAS"]
[null,"Valor de Contrapartida Contratada (R$):",235557.76000000001,"",null,null,null,null,null,null,null,"Coleta e tratamento de resíduos sólidos",null,null,null,null,null,null,null,null,"Reservação","m³","Unidades sanitárias","un",null,null,null,null,null,null,null,null,null,null,null,null,null,null,null,null,null,null,null,null,null,null,null,"310ML","310 MILILITROS"]
[null,"% mínimo de Contrapartida:",1E-4,"",null,null,null,null,null,null,null,"Contenção e estabilização de encostas ",null,null,null,null,null,null,null,null,"Rede de distribuição","m",null,null,null,null,null,null,null,null,null,null,null,null,null,null,null,null,null,null,null,null,null,null,null,null,null,"50KG","50 QUILOS"]
[null,"R$ mínimo de Contrapartida (se houver):",0.01,null,null,null,null,null,null,null,null,"Regularização fundiária",null,null,null,null,null,null,null,null,"Ligações domiciliares e/ou intradomiciliares","un",null,null,null,null,null,null,null,null,null,null,null,null,null,null,null,null,null,null,null,null,null,null,null,null,null,"A","AMPÈRE"]
[null,"% máximo de Contrapartida:",2E-3,null,null,null,null,null,null,null,null,"Aquisição de terreno",null,null,null,null,null,null,null,null,"Sistema simplificado de abastecimento","m",null,null,null,null,null,null,null,null,null,null,null,null,null,null,null,null,null,null,null,null,null,null,null,null,null,"ACA/ACC","A.CORR.ALTERN/CONT."]
[null,null,null,null,null,null,null,null,null,null,null,"Aquisição de equipamentos e insumos",null,null,null,null,null,null,null,null,null,null,null,null,null,null,null,null,null,null,null,null,null,null,null,null,null,null,null,null,null,null,null,null,null,null,null,"AH","AMPÈRE HORA"]
[null,"Dados do Empreendimento e Orçamento",null,{"$f":"IF(COUNTIF(D16:D19,\"◄\")=0,\"\",\"Falta preencher a linha \"&MATCH(\"◄\",D16:D19,0)+ROW(D15))","v":""},null,null,null,null,null,null,null,"Elaboração de estudos e projetos",null,null,null,null,null,null,null,null,null,null,null,null,null,null,null,null,null,null,null,null,null,null,null,null,null,null,null,null,null,null,null,null,null,null,null,"AH/H/V","AMPÉRE-H/H/VOLT"]
[null,"Nome/apelido:","MODERNIZAÇÃO E REVITALIZAÇÃO DO ESTÁDIO MUNICIPAL DE SIDROLÂNDIA/MS",{"$f":"IF(OFFSET(D16,0,-1)=\"\",\"◄\",\"\")","v":""},null,null,null,null,null,null,null,"Instrumentos e ações em planejamento e gestão pública",null,null,null,null,null,null,null,null,null,null,null,null,null,null,null,null,null,null,null,null,null,null,null,null,null,null,null,null,null,null,null,null,null,null,null,"AM","AMPOLA"]
[null,"Descrição do Objeto do Lote / CTEF:","REFORMA DE ARQUIBANCADA","",null,null,null,null,null,null,null,"Ações complementares às obras",null,null,null,null,null,null,null,null,null,null,null,null,null,null,null,null,null,null,null,null,null,null,null,null,null,null,null,null,null,null,null,null,null,null,null,"AM0/4ML","AMPOLA COM 0,4 Ml"]
[null,"Regime previdenciário previsto para a obra:","NÃO DESONERADO",{"$f":"IF(OR(OFFSET(D18,0,-1)=\"\",OFFSET(D18,0,-1)=\"(SELECIONAR)\"),\"◄\",\"\")","v":""},null,null,null,null,null,null,null,"Gerenciamento",null,null,null,null,null,null,null,null,null,null,null,null,null,null,null,null,null,null,null,null,null,null,null,null,null,null,null,null,null,null,null,null,null,null,null,"AM0/5ML","AMPOLA COM 0,5 mL"]
[null,"Data base do Orçamento:","2025-06-01","",null,null,null,null,null,null,null,"Trabalho social",null,null,null,null,null,null,null,null,null,null,null,null,null,null,null,null,null,null,null,null,null,null,null,null,null,null,null,null,null,null,null,null,null,null,null,"AM1/5ML","AMPOLA COM 1,5 mL"]
[null,null,null,null,null,null,null,null,null,null,null,null,null,null,null,null,null,null,null,null,null,null,null,null,null,null,null,null,null,null,null,null,null,null,null,null,null,null,null,null,null,null,null,null,null,null,null,"AM10ML","AMPOLA COM 10 mL"]
[null,"Responsável pelo Orçamento",null,{"$f":"IF(COUNTIF(D22:D25,\"◄\")=0,\"\",\"Falta preencher a linha \"&MATCH(\"◄\",D22:D25,0)+ROW(D21))","v":""},null,null,null,null,null,null,null,null,null,null,null,null,null,null,null,null,null,null,null,null,null,null,null,null,null,null,null,null,null,null,null,null,null,null,null,null,null,null,null,null,null,null,null,"AM1ML","AMPOLA COM 1 mL"]
[null,"Nome:","FABIO MARQUES RIBEIRO",{"$f":"IF(OFFSET(D22,0,-1)=\"\",\"◄\",\"\")","v":""},null,null,null,null,null,null,null,null,null,null,null,null,null,null,null,null,null,null,null,null,null,null,null,null,null,null,null,null,null,null,null,null,null,null,null,null,null,null,null,null,null,null,null,"AM2/5ML","AMPOLA COM 2,5 mL"]
[null,"CREA/CAU:","CREA-MS 15.276","",null,null,null,null,null,null,null,null,null,null,null,null,null,null,null,null,null,null,null,null,null,null,null,null,null,null,null,null,null,null,null,null,null,null,null,null,null,null,null,null,null,null,null,"AM2ML","AMPOLA COM 2 mL"]
[null,"ART/RRT:","1320240128034","",null,null,null,null,null,null,null,null,null,null,null,null,null,null,null,null,null,null,null,null,null,null,null,null,null,null,null,null,null,null,null,null,null,null,null,null,null,null,null,null,null,null,null,"AM3ML","AMPOLA COM 3 mL"]
[null,"Data do preenchimento:","2024-09-24","",null,null,null,null,null,null,null,null,null,null,null,null,null,null,null,null,null,null,null,null,null,null,null,null,null,null,null,null,null,null,null,null,null,null,null,null,null,null,null,null,null,null,null,"AM4ML","AMPOLA COM 4 mL"]
[null,null,null,null,null,null,null,null,null,null,null,null,null,null,null,null,null,null,null,null,null,null,null,null,null,null,null,null,null,null,null,null,null,null,null,null,null,null,null,null,null,null,null,null,null,null,null,"AM5ML","AMPOLA COM 5 mL"]
[null,"Responsável pelo Tomador (Prefeito, no caso de Municípios)",null,{"$f":"IF(COUNTIF(D28:D29,\"◄\")=0,\"\",\"Falta preencher a linha \"&MATCH(\"◄\",D28:D29,0)+ROW(D27))","v":""},null,null,null,null,null,null,null,null,null,null,null,null,null,null,null,null,null,null,null,null,null,null,null,null,null,null,null,null,null,null,null,null,null,null,null,null,null,null,null,null,null,null,null,"AM6ML","AMPOLA COM 6 mL"]
[null,"Nome:","RODRIGO BASSO",{"$f":"IF(OFFSET(D28,0,-1)=\"\",\"◄\",\"\")","v":""},null,null,null,null,null,null,null,null,null,null,null,null,null,null,null,null,null,null,null,null,null,null,null,null,null,null,null,null,null,null,null,null,null,null,null,null,null,null,null,null,null,null,null,"AM7ML","AMPOLA COM 7 mL"]
[null,"Cargo:","Prefeito","",null,null,null,null,null,null,null,null,null,null,null,null,null,null,null,null,null,null,null,null,null,null,null,null,null,null,null,null,null,null,null,null,null,null,null,null,null,null,null,null,null,null,null,"ANO","ANO/ANOS"]
[null,null,null,null,null,null,null,null,null,null,null,null,null,null,null,null,null,null,null,null,null,null,null,null,null,null,null,null,null,null,null,null,null,null,null,null,null,null,null,null,null,null,null,null,null,null,null,"ANOS","ANO/ANOS"]
[null,"Arredondamento das frentes:","TransfereGOV",{"$f":"IF(OFFSET(D31,0,-1)=\"\",\"◄ Falta definir o método de arredondamento.\",\"\")","v":""},null,null,null,null,null,null,null,null,null,null,null,null,null,null,null,null,null,null,null,null,null,null,null,null,null,null,null,null,null,null,null,null,null,null,null,null,null,null,null,null,null,null,null,"ARR","ARROBA"]
[null,null,null,null,null,null,null,null,null,null,null,null,null,null,null,null,null,null,null,null,null,null,null,null,null,null,null,null,null,null,null,null,null,null,null,null,null,null,null,null,null,null,null,null,null,null,null,"AWG","AMERICAN WIRE GAUGE"]
[null,"B. RESULTADO DO PROCESSO LICITATÓRIO",null,null,null,null,null,null,null,null,null,null,null,null,null,null,null,null,null,null,null,null,null,null,null,null,null,null,null,null,null,null,null,null,null,null,null,null,null,null,null,null,null,null,null,null,null,"BAR","BARRIL"]
[null,null,null,null,null,null,null,null,null,null,null,null,null,null,null,null,null,null,null,null,null,null,null,null,null,null,null,null,null,null,null,null,null,null,null,null,null,null,null,null,null,null,null,null,null,null,null,"BAR.","BAR"]
[null,"Licitação",null,{"$f":"IF(COUNTIF(D36:D39,\"◄\")=0,\"\",\"Falta preencher a linha \"&MATCH(\"◄\",D36:D39,0)+ROW(D35))","v":""},null,null,null,null,null,null,null,null,null,null,null,null,null,null,null,null,null,null,null,null,null,null,null,null,null,null,null,null,null,null,null,null,null,null,null,null,null,null,null,null,null,null,null,"BD","BALDE"]
[null,"Data de emissão dos documentos de licitação:",null,{"$f":"IF(AND(TIPOORCAMENTO=\"Licitado\",OFFSET(D36,0,-1)=\"\"),\"◄\",\"\")","v":""},null,null,null,null,null,null,null,null,null,null,null,null,null,null,null,null,null,null,null,null,null,null,null,null,null,null,null,null,null,null,null,null,null,null,null,null,null,null,null,null,null,null,null,"BIS","BISNAGA"]
[null,"Nº do CTEF (contrato com empresa):",null,{"$f":"IF(AND(TIPOORCAMENTO=\"Licitado\",OFFSET(D37,0,-1)=\"\"),\"◄\",\"\")","v":""},null,null,null,null,null,null,null,null,null,null,null,null,null,null,null,null,null,null,null,null,null,null,null,null,null,null,null,null,null,null,null,null,null,null,null,null,null,null,null,null,null,null,null,"BIS/GL","BISNAGA POR GALÃO"]
[null,"Nome da empresa:",null,{"$f":"IF(AND(TIPOORCAMENTO=\"Licitado\",OFFSET(D38,0,-1)=\"\"),\"◄\",\"\")","v":""},null,null,null,null,null,null,null,null,null,null,null,null,null,null,null,null,null,null,null,null,null,null,null,null,null,null,null,null,null,null,null,null,null,null,null,null,null,null,null,null,null,null,null,"BIS1/65G","BISNAGA COM 1,65 g"]
[null,"CNPJ da empresa:",null,{"$f":"IF(AND(TIPOORCAMENTO=\"Licitado\",OFFSET(D39,0,-1)=\"\"),\"◄\",\"\")","v":""},null,null,null,null,null,null,null,null,null,null,null,null,null,null,null,null,null,null,null,null,null,null,null,null,null,null,null,null,null,null,null,null,null,null,null,null,null,null,null,null,null,null,null,"BIS1/8G","BISNAGA COM 1,8 g"]
[null,"Regime de execução do CTEF:","EMPREITADA POR PREÇO UNITÁRIO",{"$f":"IF(AND(TIPOORCAMENTO=\"Licitado\",OR(OFFSET(D40,0,-1)=\"\",OFFSET(D40,0,-1)=\"(SELECIONAR)\")),\"◄\",\"\")","v":""},null,null,null,null,null,null,null,null,null,null,null,null,null,null,null,null,null,null,null,null,null,null,null,null,null,null,null,null,null,null,null,null,null,null,null,null,null,null,null,null,null,null,null,"BIS100G","BISNAGA COM 100 g"]
[null,"Data base do CTEF:",null,{"$f":"IF(AND(TIPOORCAMENTO=\"Licitado\",OFFSET(D41,0,-1)=\"\"),\"◄\",\"\")","v":""},null,null,null,null,null,null,null,null,null,null,null,null,null,null,null,null,null,null,null,null,null,null,null,null,null,null,null,null,null,null,null,null,null,null,null,null,null,null,null,null,null,null,null,"BIS10G","BISNAGA COM 10 g"]
[null,null,null,null,null,null,null,null,null,null,null,null,null,null,null,null,null,null,null,null,null,null,null,null,null,null,null,null,null,null,null,null,null,null,null,null,null,null,null,null,null,null,null,null,null,null,null,"BIS135G","BISNAGA COM 135 g"]
[null,null,null,null,null,null,null,null,null,null,null,null,null,null,null,null,null,null,null,null,null,null,null,null,null,null,null,null,null,null,null,null,null,null,null,null,null,null,null,null,null,null,null,null,null,null,null,"BIS13G","BISNAGA COM 13 g"]
[null,"C. ACOMPANHAMENTO DO EMPREENDIMENTO",null,null,null,null,null,null,null,null,null,null,null,null,null,null,null,null,null,null,null,null,null,null,null,null,null,null,null,null,null,null,null,null,null,null,null,null,null,null,null,null,null,null,null,null,null,"BIS14G","BISNAGA COM 14 g"]
[null,null,null,null,null,null,null,null,null,null,null,null,null,null,null,null,null,null,null,null,null,null,null,null,null,null,null,null,null,null,null,null,null,null,null,null,null,null,null,null,null,null,null,null,null,null,null,"BIS15G","BISNAGA COM 15 g"]
[null,"Dados da obra",null,{"$f":"IF(COUNTIF(D47:D48,\"◄\")=0,\"\",\"Falta preencher a linha \"&MATCH(\"◄\",D47:D48,0)+ROW(D46))","v":""},null,null,null,null,null,null,null,null,null,null,null,null,null,null,null,null,null,null,null,null,null,null,null,null,null,null,null,null,null,null,null,null,null,null,null,null,null,null,null,null,null,null,null,"BIS1G","BISNAGA COM 1 g"]
[null,"Data do Início da Obra:",null,{"$f":"IF(AND(TIPOORCAMENTO=\"Licitado\",OFFSET(D47,0,-1)=\"\",IFERROR(RRE!$O$28,0)>0),\"◄\",\"\")","v":""},null,null,null,null,null,null,null,null,null,null,null,null,null,null,null,null,null,null,null,null,null,null,null,null,null,null,null,null,null,null,null,null,null,null,null,null,null,null,null,null,null,null,null,"BIS20G","BISNAGA COM 20 g"]
[null,"Data de fechamento do RRE:",null,{"$f":"IF(AND(TIPOORCAMENTO=\"Licitado\",OFFSET(D48,0,-1)=\"\",IFERROR(RRE!$O$28,0)>0),\"◄\",\"\")","v":""},null,null,null,null,null,null,null,null,null,null,null,null,null,null,null,null,null,null,null,null,null,null,null,null,null,null,null,null,null,null,null,null,null,null,null,null,null,null,null,null,null,null,null,"BIS25G","BISNAGA COM 25 g"]
[null,null,null,null,null,null,null,null,null,null,null,null,null,null,null,null,null,null,null,null,null,null,null,null,null,null,null,null,null,null,null,null,null,null,null,null,null,null,null,null,null,null,null,null,null,null,null,"BIS28/8G","BISNAGA COM 28,8 g"]
[null,"Responsável pela Fiscalização",null,{"$f":"IF(COUNTIF(D51:D54,\"◄\")=0,\"\",\"Falta preencher a linha \"&MATCH(\"◄\",D51:D54,0)+ROW(D50))","v":""},null,null,null,null,null,null,null,null,null,null,null,null,null,null,null,null,null,null,null,null,null,null,null,null,null,null,null,null,null,null,null,null,null,null,null,null,null,null,null,null,null,null,null,"BIS28G","BISNAGA COM 28 g"]
[null,"Nome:",null,{"$f":"IF(AND(TIPOORCAMENTO=\"Licitado\",OFFSET(D51,0,-1)=\"\",IFERROR(RRE!$O$28,0)>0),\"◄\",\"\")","v":""},null,null,null,null,null,null,null,null,null,null,null,null,null,null,null,null,null,null,null,null,null,null,null,null,null,null,null,null,null,null,null,null,null,null,null,null,null,null,null,null,null,null,null,"BIS2G","BISNAGA COM 2 g"]
[null,"Profissão:",null,{"$f":"IF(AND(TIPOORCAMENTO=\"Licitado\",OFFSET(D52,0,-1)=\"\",IFERROR(RRE!$O$28,0)>0),\"◄\",\"\")","v":""},null,null,null,null,null,null,null,null,null,null,null,null,null,null,null,null,null,null,null,null,null,null,null,null,null,null,null,null,null,null,null,null,null,null,null,null,null,null,null,null,null,null,null,"BIS3/5G","BISNAGA COM 3,5 g"]
[null,"CREA/CAU (para obras/projetos):",null,{"$f":"IF(AND(TIPOORCAMENTO=\"Licitado\",OFFSET(D53,0,-1)=\"\",IFERROR(RRE!$O$28,0)>0),\"◄\",\"\")","v":""},null,null,null,null,null,null,null,null,null,null,null,null,null,null,null,null,null,null,null,null,null,null,null,null,null,null,null,null,null,null,null,null,null,null,null,null,null,null,null,null,null,null,null,"BIS30G","BISNAGA COM 30 g"]
[null,"ART/RRT (para obras/projetos):",null,{"$f":"IF(AND(TIPOORCAMENTO=\"Licitado\",OFFSET(D54,0,-1)=\"\",IFERROR(RRE!$O$28,0)>0),\"◄\",\"\")","v":""},null,null,null,null,null,null,null,null,null,null,null,null,null,null,null,null,null,null,null,null,null,null,null,null,null,null,null,null,null,null,null,null,null,null,null,null,null,null,null,null,null,null,null,"BIS30ML","BISNAGA COM 30 mL"]
[null,null,null,null,null,null,null,null,null,null,null,null,null,null,null,null,null,null,null,null,null,null,null,null,null,null,null,null,null,null,null,null,null,null,null,null,null,null,null,null,null,null,null,null,null,null,null,"BIS40G","BISNAGA COM 40 g"]
[null,null,null,null,null,null,null,null,null,null,null,null,null,null,null,null,null,null,null,null,null,null,null,null,null,null,null,null,null,null,null,null,null,null,null,null,null,null,null,null,null,null,null,null,null,null,null,"BIS43G","BISNAGA COM 43 g"]
[null,"D. ACOMPANHAMENTO CAIXA",null,null,null,null,null,null,null,null,null,null,null,null,null,null,null,null,null,null,null,null,null,null,null,null,null,null,null,null,null,null,null,null,null,null,null,null,null,null,null,null,null,null,null,null,null,"BIS45G","BISNAGA COM 45 g"]
[null,null,null,null,null,null,null,null,null,null,null,null,null,null,null,null,null,null,null,null,null,null,null,null,null,null,null,null,null,null,null,null,null,null,null,null,null,null,null,null,null,null,null,null,null,null,null,"BIS47G","BISNAGA COM 47 g"]
[null,"Responsável Gerencial",null,null,null,null,null,null,null,null,null,null,null,null,null,null,null,null,null,null,null,null,null,null,null,null,null,null,null,null,null,null,null,null,null,null,null,null,null,null,null,null,null,null,null,null,null,"BIS4G","BISNAGA COM 4 g"]
[null,"Nome:",null,null,null,null,null,null,null,null,null,null,null,null,null,null,null,null,null,null,null,null,null,null,null,null,null,null,null,null,null,null,null,null,null,null,null,null,null,null,null,null,null,null,null,null,null,"BIS50G","BISNAGA COM 50 g"]
[null,"Função:",null,null,null,null,null,null,null,null,null,null,null,null,null,null,null,null,null,null,null,null,null,null,null,null,null,null,null,null,null,null,null,null,null,null,null,null,null,null,null,null,null,null,null,null,null,"BIS55G","BISNAGA COM 55 g"]
[null,null,null,null,null,null,null,null,null,null,null,null,null,null,null,null,null,null,null,null,null,null,null,null,null,null,null,null,null,null,null,null,null,null,null,null,null,null,null,null,null,null,null,null,null,null,null,"BIS56G","BISNAGA COM 56 g"]
[null,null,null,null,null,null,null,null,null,null,null,null,null,null,null,null,null,null,null,null,null,null,null,null,null,null,null,null,null,null,null,null,null,null,null,null,null,null,null,null,null,null,null,null,null,null,null,"BIS5G","BISNAGA COM 5 g"]
[null,null,null,null,null,null,null,null,null,null,null,null,null,null,null,null,null,null,null,null,null,null,null,null,null,null,null,null,null,null,null,null,null,null,null,null,null,null,null,null,null,null,null,null,null,null,null,"BIS60G","BISNAGA COM 60 g"]
[null,null,null,null,null,null,null,null,null,null,null,null,null,null,null,null,null,null,null,null,null,null,null,null,null,null,null,null,null,null,null,null,null,null,null,null,null,null,null,null,null,null,null,null,null,null,null,"BIS6G","BISNAGA COM 6 g"]
[null,null,null,null,null,null,null,null,null,null,null,null,null,null,null,null,null,null,null,null,null,null,null,null,null,null,null,null,null,null,null,null,null,null,null,null,null,null,null,null,null,null,null,null,null,null,null,"BIS7/5G","BISNAGA COM 7,5 g"]
[null,null,null,null,null,null,null,null,null,null,null,null,null,null,null,null,null,null,null,null,null,null,null,null,null,null,null,null,null,null,null,null,null,null,null,null,null,null,null,null,null,null,null,null,null,null,null,"BIS70G","BISNAGA COM 70 g"]
[null,null,null,null,null,null,null,null,null,null,null,null,null,null,null,null,null,null,null,null,null,null,null,null,null,null,null,null,null,null,null,null,null,null,null,null,null,null,null,null,null,null,null,null,null,null,null,"BIS80G","BISNAGA COM 80 g"]
[null,null,null,null,null,null,null,null,null,null,null,null,null,null,null,null,null,null,null,null,null,null,null,null,null,null,null,null,null,null,null,null,null,null,null,null,null,null,null,null,null,null,null,null,null,null,null,"BIS90G","BISNAGA COM 90 g"]
[null,null,null,null,null,null,null,null,null,null,null,null,null,null,null,null,null,null,null,null,null,null,null,null,null,null,null,null,null,null,null,null,null,null,null,null,null,null,null,null,null,null,null,null,null,null,null,"BIT","BITS"]
[null,null,null,null,null,null,null,null,null,null,null,null,null,null,null,null,null,null,null,null,null,null,null,null,null,null,null,null,null,null,null,null,null,null,null,null,null,null,null,null,null,null,null,null,null,null,null,"BL","BLOCO"]
[null,null,null,null,null,null,null,null,null,null,null,null,null,null,null,null,null,null,null,null,null,null,null,null,null,null,null,null,null,null,null,null,null,null,null,null,null,null,null,null,null,null,null,null,null,null,null,"BLIS","BLISTER"]
[null,null,null,null,null,null,null,null,null,null,null,null,null,null,null,null,null,null,null,null,null,null,null,null,null,null,null,null,null,null,null,null,null,null,null,null,null,null,null,null,null,null,null,null,null,null,null,"BLIS21CP","BLISTER COM 21 COMPRIMIDOS"]
[null,null,null,null,null,null,null,null,null,null,null,null,null,null,null,null,null,null,null,null,null,null,null,null,null,null,null,null,null,null,null,null,null,null,null,null,null,null,null,null,null,null,null,null,null,null,null,"BLIS35CP","BLISTER COM 35 COMPRIMIDOS"]
[null,null,null,null,null,null,null,null,null,null,null,null,null,null,null,null,null,null,null,null,null,null,null,null,null,null,null,null,null,null,null,null,null,null,null,null,null,null,null,null,null,null,null,null,null,null,null,"BOB","BOBINA"]
[null,null,null,null,null,null,null,null,null,null,null,null,null,null,null,null,null,null,null,null,null,null,null,null,null,null,null,null,null,null,null,null,null,null,null,null,null,null,null,null,null,null,null,null,null,null,null,"BOL","BOLSA"]
[null,null,null,null,null,null,null,null,null,null,null,null,null,null,null,null,null,null,null,null,null,null,null,null,null,null,null,null,null,null,null,null,null,null,null,null,null,null,null,null,null,null,null,null,null,null,null,"BOM","BOMBONA"]
[null,null,null,null,null,null,null,null,null,null,null,null,null,null,null,null,null,null,null,null,null,null,null,null,null,null,null,null,null,null,null,null,null,null,null,null,null,null,null,null,null,null,null,null,null,null,null,"BPM","BATIDA POR MINUTO"]
[null,null,null,null,null,null,null,null,null,null,null,null,null,null,null,null,null,null,null,null,null,null,null,null,null,null,null,null,null,null,null,null,null,null,null,null,null,null,null,null,null,null,null,null,null,null,null,"BPS","BYTE POR SEGUNDO"]
[null,null,null,null,null,null,null,null,null,null,null,null,null,null,null,null,null,null,null,null,null,null,null,null,null,null,null,null,null,null,null,null,null,null,null,null,null,null,null,null,null,null,null,null,null,null,null,"BR","BARRA"]
[null,null,null,null,null,null,null,null,null,null,null,null,null,null,null,null,null,null,null,null,null,null,null,null,null,null,null,null,null,null,null,null,null,null,null,null,null,null,null,null,null,null,null,null,null,null,null,"BRI","BARRICA"]
[null,null,null,null,null,null,null,null,null,null,null,null,null,null,null,null,null,null,null,null,null,null,null,null,null,null,null,null,null,null,null,null,null,null,null,null,null,null,null,null,null,null,null,null,null,null,null,"BTJ","BOTIJÃO"]
[null,null,null,null,null,null,null,null,null,null,null,null,null,null,null,null,null,null,null,null,null,null,null,null,null,null,null,null,null,null,null,null,null,null,null,null,null,null,null,null,null,null,null,null,null,null,null,"BTU","BRITISH THERMAL UNIT"]
[null,null,null,null,null,null,null,null,null,null,null,null,null,null,null,null,null,null,null,null,null,null,null,null,null,null,null,null,null,null,null,null,null,null,null,null,null,null,null,null,null,null,null,null,null,null,null,"BTU/H","BTU POR HORA"]
[null,null,null,null,null,null,null,null,null,null,null,null,null,null,null,null,null,null,null,null,null,null,null,null,null,null,null,null,null,null,null,null,null,null,null,null,null,null,null,null,null,null,null,null,null,null,null,"BWG","FIEIRA DE BIRMINGHAN"]
[null,null,null,null,null,null,null,null,null,null,null,null,null,null,null,null,null,null,null,null,null,null,null,null,null,null,null,null,null,null,null,null,null,null,null,null,null,null,null,null,null,null,null,null,null,null,null,"C","CENTENA"]
[null,null,null,null,null,null,null,null,null,null,null,null,null,null,null,null,null,null,null,null,null,null,null,null,null,null,null,null,null,null,null,null,null,null,null,null,null,null,null,null,null,null,null,null,null,null,null,"CA","CARTUCHO"]
[null,null,null,null,null,null,null,null,null,null,null,null,null,null,null,null,null,null,null,null,null,null,null,null,null,null,null,null,null,null,null,null,null,null,null,null,null,null,null,null,null,null,null,null,null,null,null,"CAD","CADERNO"]
[null,null,null,null,null,null,null,null,null,null,null,null,null,null,null,null,null,null,null,null,null,null,null,null,null,null,null,null,null,null,null,null,null,null,null,null,null,null,null,null,null,null,null,null,null,null,null,"CAL/G","CALORIA/GRAMA"]
[null,null,null,null,null,null,null,null,null,null,null,null,null,null,null,null,null,null,null,null,null,null,null,null,null,null,null,null,null,null,null,null,null,null,null,null,null,null,null,null,null,null,null,null,null,null,null,"CAPS","CÁPSULA"]
[null,null,null,null,null,null,null,null,null,null,null,null,null,null,null,null,null,null,null,null,null,null,null,null,null,null,null,null,null,null,null,null,null,null,null,null,null,null,null,null,null,null,null,null,null,null,null,"CAR","CARACTER"]
[null,null,null,null,null,null,null,null,null,null,null,null,null,null,null,null,null,null,null,null,null,null,null,null,null,null,null,null,null,null,null,null,null,null,null,null,null,null,null,null,null,null,null,null,null,null,null,"CC","CILINDRADA"]
[null,null,null,null,null,null,null,null,null,null,null,null,null,null,null,null,null,null,null,null,null,null,null,null,null,null,null,null,null,null,null,null,null,null,null,null,null,null,null,null,null,null,null,null,null,null,null,"CD","CANDELA"]
[null,null,null,null,null,null,null,null,null,null,null,null,null,null,null,null,null,null,null,null,null,null,null,null,null,null,null,null,null,null,null,null,null,null,null,null,null,null,null,null,null,null,null,null,null,null,null,"CD/M2","CANDELA/METRO 2"]
[null,null,null,null,null,null,null,null,null,null,null,null,null,null,null,null,null,null,null,null,null,null,null,null,null,null,null,null,null,null,null,null,null,null,null,null,null,null,null,null,null,null,null,null,null,null,null,"CENTO","CENTO"]
[null,null,null,null,null,null,null,null,null,null,null,null,null,null,null,null,null,null,null,null,null,null,null,null,null,null,null,null,null,null,null,null,null,null,null,null,null,null,null,null,null,null,null,null,null,null,null,"CG","CENTIGRAMA"]
[null,null,null,null,null,null,null,null,null,null,null,null,null,null,null,null,null,null,null,null,null,null,null,null,null,null,null,null,null,null,null,null,null,null,null,null,null,null,null,null,null,null,null,null,null,null,null,"CH","CHAPA"]
[null,null,null,null,null,null,null,null,null,null,null,null,null,null,null,null,null,null,null,null,null,null,null,null,null,null,null,null,null,null,null,null,null,null,null,null,null,null,null,null,null,null,null,null,null,null,null,"CHI","CHI"]
[null,null,null,null,null,null,null,null,null,null,null,null,null,null,null,null,null,null,null,null,null,null,null,null,null,null,null,null,null,null,null,null,null,null,null,null,null,null,null,null,null,null,null,null,null,null,null,"CHP","CHP"]
[null,null,null,null,null,null,null,null,null,null,null,null,null,null,null,null,null,null,null,null,null,null,null,null,null,null,null,null,null,null,null,null,null,null,null,null,null,null,null,null,null,null,null,null,null,null,null,"CHP","CHP"]
[null,null,null,null,null,null,null,null,null,null,null,null,null,null,null,null,null,null,null,null,null,null,null,null,null,null,null,null,null,null,null,null,null,null,null,null,null,null,null,null,null,null,null,null,null,null,null,"CI","CURIE"]
[null,null,null,null,null,null,null,null,null,null,null,null,null,null,null,null,null,null,null,null,null,null,null,null,null,null,null,null,null,null,null,null,null,null,null,null,null,null,null,null,null,null,null,null,null,null,null,"CIL","CILINDRO"]
[null,null,null,null,null,null,null,null,null,null,null,null,null,null,null,null,null,null,null,null,null,null,null,null,null,null,null,null,null,null,null,null,null,null,null,null,null,null,null,null,null,null,null,null,null,null,null,"CIN","CINQUENTA"]
[null,null,null,null,null,null,null,null,null,null,null,null,null,null,null,null,null,null,null,null,null,null,null,null,null,null,null,null,null,null,null,null,null,null,null,null,null,null,null,null,null,null,null,null,null,null,null,"CJ","CONJUNTO"]
[null,null,null,null,null,null,null,null,null,null,null,null,null,null,null,null,null,null,null,null,null,null,null,null,null,null,null,null,null,null,null,null,null,null,null,null,null,null,null,null,null,null,null,null,null,null,null,"CL","CENTILITRO"]
[null,null,null,null,null,null,null,null,null,null,null,null,null,null,null,null,null,null,null,null,null,null,null,null,null,null,null,null,null,null,null,null,null,null,null,null,null,null,null,null,null,null,null,null,null,null,null,"CM","CENTÍMETRO"]
[null,null,null,null,null,null,null,null,null,null,null,null,null,null,null,null,null,null,null,null,null,null,null,null,null,null,null,null,null,null,null,null,null,null,null,null,null,null,null,null,null,null,null,null,null,null,null,"CM/POL","CENTÍMETRO/POLEGADA"]
[null,null,null,null,null,null,null,null,null,null,null,null,null,null,null,null,null,null,null,null,null,null,null,null,null,null,null,null,null,null,null,null,null,null,null,null,null,null,null,null,null,null,null,null,null,null,null,"CM2","CENTIMETRO QUADRADO"]
[null,null,null,null,null,null,null,null,null,null,null,null,null,null,null,null,null,null,null,null,null,null,null,null,null,null,null,null,null,null,null,null,null,null,null,null,null,null,null,null,null,null,null,null,null,null,null,"CM2/H","CENT.QUAD/HORA"]
[null,null,null,null,null,null,null,null,null,null,null,null,null,null,null,null,null,null,null,null,null,null,null,null,null,null,null,null,null,null,null,null,null,null,null,null,null,null,null,null,null,null,null,null,null,null,null,"CM2/M","CENT.QUADRADO/METRO"]
[null,null,null,null,null,null,null,null,null,null,null,null,null,null,null,null,null,null,null,null,null,null,null,null,null,null,null,null,null,null,null,null,null,null,null,null,null,null,null,null,null,null,null,null,null,null,null,"CM3","CENTÍMETRO CÚBICO"]
[null,null,null,null,null,null,null,null,null,null,null,null,null,null,null,null,null,null,null,null,null,null,null,null,null,null,null,null,null,null,null,null,null,null,null,null,null,null,null,null,null,null,null,null,null,null,null,"CM³/H","CENT.CÚBICO POR HORA"]
[null,null,null,null,null,null,null,null,null,null,null,null,null,null,null,null,null,null,null,null,null,null,null,null,null,null,null,null,null,null,null,null,null,null,null,null,null,null,null,null,null,null,null,null,null,null,null,"CM³/MIN","CM³/MINUTO"]
[null,null,null,null,null,null,null,null,null,null,null,null,null,null,null,null,null,null,null,null,null,null,null,null,null,null,null,null,null,null,null,null,null,null,null,null,null,null,null,null,null,null,null,null,null,null,null,"CNT","RECIPIENTE"]
[null,null,null,null,null,null,null,null,null,null,null,null,null,null,null,null,null,null,null,null,null,null,null,null,null,null,null,null,null,null,null,null,null,null,null,null,null,null,null,null,null,null,null,null,null,null,null,"CO","CONTEINER"]
[null,null,null,null,null,null,null,null,null,null,null,null,null,null,null,null,null,null,null,null,null,null,null,null,null,null,null,null,null,null,null,null,null,null,null,null,null,null,null,null,null,null,null,null,null,null,null,"COL","COLEÇÃO"]
[null,null,null,null,null,null,null,null,null,null,null,null,null,null,null,null,null,null,null,null,null,null,null,null,null,null,null,null,null,null,null,null,null,null,null,null,null,null,null,null,null,null,null,null,null,null,null,"COMP","COMPRIMENTO"]
[null,null,null,null,null,null,null,null,null,null,null,null,null,null,null,null,null,null,null,null,null,null,null,null,null,null,null,null,null,null,null,null,null,null,null,null,null,null,null,null,null,null,null,null,null,null,null,"COMPR","COMPRIMIDO"]
[null,null,null,null,null,null,null,null,null,null,null,null,null,null,null,null,null,null,null,null,null,null,null,null,null,null,null,null,null,null,null,null,null,null,null,null,null,null,null,null,null,null,null,null,null,null,null,"CÓPIA","CÓPIA"]
[null,null,null,null,null,null,null,null,null,null,null,null,null,null,null,null,null,null,null,null,null,null,null,null,null,null,null,null,null,null,null,null,null,null,null,null,null,null,null,null,null,null,null,null,null,null,null,"COPO","COPO"]
[null,null,null,null,null,null,null,null,null,null,null,null,null,null,null,null,null,null,null,null,null,null,null,null,null,null,null,null,null,null,null,null,null,null,null,null,null,null,null,null,null,null,null,null,null,null,null,"CP","CENTIPOISE"]
[null,null,null,null,null,null,null,null,null,null,null,null,null,null,null,null,null,null,null,null,null,null,null,null,null,null,null,null,null,null,null,null,null,null,null,null,null,null,null,null,null,null,null,null,null,null,null,"CPL","CARACTERES POR LINHA"]
[null,null,null,null,null,null,null,null,null,null,null,null,null,null,null,null,null,null,null,null,null,null,null,null,null,null,null,null,null,null,null,null,null,null,null,null,null,null,null,null,null,null,null,null,null,null,null,"CPM","CÓPIA POR MINUTO"]
[null,null,null,null,null,null,null,null,null,null,null,null,null,null,null,null,null,null,null,null,null,null,null,null,null,null,null,null,null,null,null,null,null,null,null,null,null,null,null,null,null,null,null,null,null,null,null,"CPS","CARACTER POR SEGUNDO"]
[null,null,null,null,null,null,null,null,null,null,null,null,null,null,null,null,null,null,null,null,null,null,null,null,null,null,null,null,null,null,null,null,null,null,null,null,null,null,null,null,null,null,null,null,null,null,null,"CRT","CARRETEL"]
[null,null,null,null,null,null,null,null,null,null,null,null,null,null,null,null,null,null,null,null,null,null,null,null,null,null,null,null,null,null,null,null,null,null,null,null,null,null,null,null,null,null,null,null,null,null,null,"CS","GRADEADO DE JAULA"]
[null,null,null,null,null,null,null,null,null,null,null,null,null,null,null,null,null,null,null,null,null,null,null,null,null,null,null,null,null,null,null,null,null,null,null,null,null,null,null,null,null,null,null,null,null,null,null,"CST","CENTISTOCKS"]
[null,null,null,null,null,null,null,null,null,null,null,null,null,null,null,null,null,null,null,null,null,null,null,null,null,null,null,null,null,null,null,null,null,null,null,null,null,null,null,null,null,null,null,null,null,null,null,"CT","CARTAO"]
[null,null,null,null,null,null,null,null,null,null,null,null,null,null,null,null,null,null,null,null,null,null,null,null,null,null,null,null,null,null,null,null,null,null,null,null,null,null,null,null,null,null,null,null,null,null,null,"CTE","CARTELA"]
[null,null,null,null,null,null,null,null,null,null,null,null,null,null,null,null,null,null,null,null,null,null,null,null,null,null,null,null,null,null,null,null,null,null,null,null,null,null,null,null,null,null,null,null,null,null,null,"CV","CAVALO VAPOR"]
[null,null,null,null,null,null,null,null,null,null,null,null,null,null,null,null,null,null,null,null,null,null,null,null,null,null,null,null,null,null,null,null,null,null,null,null,null,null,null,null,null,null,null,null,null,null,null,"CX","CAIXA"]
[null,null,null,null,null,null,null,null,null,null,null,null,null,null,null,null,null,null,null,null,null,null,null,null,null,null,null,null,null,null,null,null,null,null,null,null,null,null,null,null,null,null,null,null,null,null,null,"CX100UN","CAIXA COM 100 UNIDADES"]
[null,null,null,null,null,null,null,null,null,null,null,null,null,null,null,null,null,null,null,null,null,null,null,null,null,null,null,null,null,null,null,null,null,null,null,null,null,null,null,null,null,null,null,null,null,null,null,"CX40UN","CAIXA COM 40 UNIDADES"]
[null,null,null,null,null,null,null,null,null,null,null,null,null,null,null,null,null,null,null,null,null,null,null,null,null,null,null,null,null,null,null,null,null,null,null,null,null,null,null,null,null,null,null,null,null,null,null,"D","DIA"]
[null,null,null,null,null,null,null,null,null,null,null,null,null,null,null,null,null,null,null,null,null,null,null,null,null,null,null,null,null,null,null,null,null,null,null,null,null,null,null,null,null,null,null,null,null,null,null,"DAG","DECAGRAMA"]
[null,null,null,null,null,null,null,null,null,null,null,null,null,null,null,null,null,null,null,null,null,null,null,null,null,null,null,null,null,null,null,null,null,null,null,null,null,null,null,null,null,null,null,null,null,null,null,"DAL","DECALITRO"]
[null,null,null,null,null,null,null,null,null,null,null,null,null,null,null,null,null,null,null,null,null,null,null,null,null,null,null,null,null,null,null,null,null,null,null,null,null,null,null,null,null,null,null,null,null,null,null,"DAM","DECAMETRO"]
[null,null,null,null,null,null,null,null,null,null,null,null,null,null,null,null,null,null,null,null,null,null,null,null,null,null,null,null,null,null,null,null,null,null,null,null,null,null,null,null,null,null,null,null,null,null,null,"DAN","DECANEWTON"]
[null,null,null,null,null,null,null,null,null,null,null,null,null,null,null,null,null,null,null,null,null,null,null,null,null,null,null,null,null,null,null,null,null,null,null,null,null,null,null,null,null,null,null,null,null,null,null,"DB","DECIBEL"]
[null,null,null,null,null,null,null,null,null,null,null,null,null,null,null,null,null,null,null,null,null,null,null,null,null,null,null,null,null,null,null,null,null,null,null,null,null,null,null,null,null,null,null,null,null,null,null,"DBM","DECIBEL MILIWATT"]
[null,null,null,null,null,null,null,null,null,null,null,null,null,null,null,null,null,null,null,null,null,null,null,null,null,null,null,null,null,null,null,null,null,null,null,null,null,null,null,null,null,null,null,null,null,null,null,"DG","DECIGRAMA"]
[null,null,null,null,null,null,null,null,null,null,null,null,null,null,null,null,null,null,null,null,null,null,null,null,null,null,null,null,null,null,null,null,null,null,null,null,null,null,null,null,null,null,null,null,null,null,null,"DGT","DÍGITO"]
[null,null,null,null,null,null,null,null,null,null,null,null,null,null,null,null,null,null,null,null,null,null,null,null,null,null,null,null,null,null,null,null,null,null,null,null,null,null,null,null,null,null,null,null,null,null,null,"DIA","DIA"]
[null,null,null,null,null,null,null,null,null,null,null,null,null,null,null,null,null,null,null,null,null,null,null,null,null,null,null,null,null,null,null,null,null,null,null,null,null,null,null,null,null,null,null,null,null,null,null,"DIAS","DIAS"]
[null,null,null,null,null,null,null,null,null,null,null,null,null,null,null,null,null,null,null,null,null,null,null,null,null,null,null,null,null,null,null,null,null,null,null,null,null,null,null,null,null,null,null,null,null,null,null,"DISCO","DISCO"]
[null,null,null,null,null,null,null,null,null,null,null,null,null,null,null,null,null,null,null,null,null,null,null,null,null,null,null,null,null,null,null,null,null,null,null,null,null,null,null,null,null,null,null,null,null,null,null,"DL","DECALITRO"]
[null,null,null,null,null,null,null,null,null,null,null,null,null,null,null,null,null,null,null,null,null,null,null,null,null,null,null,null,null,null,null,null,null,null,null,null,null,null,null,null,null,null,null,null,null,null,null,"DM","DECIMETRO"]
[null,null,null,null,null,null,null,null,null,null,null,null,null,null,null,null,null,null,null,null,null,null,null,null,null,null,null,null,null,null,null,null,null,null,null,null,null,null,null,null,null,null,null,null,null,null,null,"DM2","DECIMETRO QUADRADO"]
[null,null,null,null,null,null,null,null,null,null,null,null,null,null,null,null,null,null,null,null,null,null,null,null,null,null,null,null,null,null,null,null,null,null,null,null,null,null,null,null,null,null,null,null,null,null,null,"DM3","DECIMETRO CUBICO"]
[null,null,null,null,null,null,null,null,null,null,null,null,null,null,null,null,null,null,null,null,null,null,null,null,null,null,null,null,null,null,null,null,null,null,null,null,null,null,null,null,null,null,null,null,null,null,null,"DM3","DECIMETRO CUBICO"]
[null,null,null,null,null,null,null,null,null,null,null,null,null,null,null,null,null,null,null,null,null,null,null,null,null,null,null,null,null,null,null,null,null,null,null,null,null,null,null,null,null,null,null,null,null,null,null,"DOSES","DOSES"]
[null,null,null,null,null,null,null,null,null,null,null,null,null,null,null,null,null,null,null,null,null,null,null,null,null,null,null,null,null,null,null,null,null,null,null,null,null,null,null,null,null,null,null,null,null,null,null,"DPI","PONTOS DE DEFINIÇÃO"]
[null,null,null,null,null,null,null,null,null,null,null,null,null,null,null,null,null,null,null,null,null,null,null,null,null,null,null,null,null,null,null,null,null,null,null,null,null,null,null,null,null,null,null,null,null,null,null,"DPT","DIOPTRIA"]
[null,null,null,null,null,null,null,null,null,null,null,null,null,null,null,null,null,null,null,null,null,null,null,null,null,null,null,null,null,null,null,null,null,null,null,null,null,null,null,null,null,null,null,null,null,null,null,"DRAG","DRÁGEA"]
[null,null,null,null,null,null,null,null,null,null,null,null,null,null,null,null,null,null,null,null,null,null,null,null,null,null,null,null,null,null,null,null,null,null,null,null,null,null,null,null,null,null,null,null,null,null,null,"DZ","DUZIA"]
[null,null,null,null,null,null,null,null,null,null,null,null,null,null,null,null,null,null,null,null,null,null,null,null,null,null,null,null,null,null,null,null,null,null,null,null,null,null,null,null,null,null,null,null,null,null,null,"EMB","EMBALAGEM"]
[null,null,null,null,null,null,null,null,null,null,null,null,null,null,null,null,null,null,null,null,null,null,null,null,null,null,null,null,null,null,null,null,null,null,null,null,null,null,null,null,null,null,null,null,null,null,null,"EMB/H","EMBALAGEM POR HORA"]
[null,null,null,null,null,null,null,null,null,null,null,null,null,null,null,null,null,null,null,null,null,null,null,null,null,null,null,null,null,null,null,null,null,null,null,null,null,null,null,null,null,null,null,null,null,null,null,"EMP","EMPLASTRO"]
[null,null,null,null,null,null,null,null,null,null,null,null,null,null,null,null,null,null,null,null,null,null,null,null,null,null,null,null,null,null,null,null,null,null,null,null,null,null,null,null,null,null,null,null,null,null,null,"ENV","ENVELOPE"]
[null,null,null,null,null,null,null,null,null,null,null,null,null,null,null,null,null,null,null,null,null,null,null,null,null,null,null,null,null,null,null,null,null,null,null,null,null,null,null,null,null,null,null,null,null,null,null,"ENV27/9G","ENVELOPE COM 27,9 g"]
[null,null,null,null,null,null,null,null,null,null,null,null,null,null,null,null,null,null,null,null,null,null,null,null,null,null,null,null,null,null,null,null,null,null,null,null,null,null,null,null,null,null,null,null,null,null,null,"ENV30G","ENVELOPE COM 30 g"]
[null,null,null,null,null,null,null,null,null,null,null,null,null,null,null,null,null,null,null,null,null,null,null,null,null,null,null,null,null,null,null,null,null,null,null,null,null,null,null,null,null,null,null,null,null,null,null,"EQP","EQUIPAMENTO"]
[null,null,null,null,null,null,null,null,null,null,null,null,null,null,null,null,null,null,null,null,null,null,null,null,null,null,null,null,null,null,null,null,null,null,null,null,null,null,null,null,null,null,null,null,null,null,null,"EST","ESTUDANTE"]
[null,null,null,null,null,null,null,null,null,null,null,null,null,null,null,null,null,null,null,null,null,null,null,null,null,null,null,null,null,null,null,null,null,null,null,null,null,null,null,null,null,null,null,null,null,null,null,"EV","ELÉTRON-VOLT"]
[null,null,null,null,null,null,null,null,null,null,null,null,null,null,null,null,null,null,null,null,null,null,null,null,null,null,null,null,null,null,null,null,null,null,null,null,null,null,null,null,null,null,null,null,null,null,null,"F","FARAD"]
[null,null,null,null,null,null,null,null,null,null,null,null,null,null,null,null,null,null,null,null,null,null,null,null,null,null,null,null,null,null,null,null,null,null,null,null,null,null,null,null,null,null,null,null,null,null,null,"FCK","FCK"]
[null,null,null,null,null,null,null,null,null,null,null,null,null,null,null,null,null,null,null,null,null,null,null,null,null,null,null,null,null,null,null,null,null,null,null,null,null,null,null,null,null,null,null,null,null,null,null,"FD","FARDO"]
[null,null,null,null,null,null,null,null,null,null,null,null,null,null,null,null,null,null,null,null,null,null,null,null,null,null,null,null,null,null,null,null,null,null,null,null,null,null,null,null,null,null,null,null,null,null,null,"FL","FOLHA"]
[null,null,null,null,null,null,null,null,null,null,null,null,null,null,null,null,null,null,null,null,null,null,null,null,null,null,null,null,null,null,null,null,null,null,null,null,null,null,null,null,null,null,null,null,null,null,null,"FLAC","FLACONETE"]
[null,null,null,null,null,null,null,null,null,null,null,null,null,null,null,null,null,null,null,null,null,null,null,null,null,null,null,null,null,null,null,null,null,null,null,null,null,null,null,null,null,null,null,null,null,null,null,"FLS/H","FOLHAS POR HORA"]
[null,null,null,null,null,null,null,null,null,null,null,null,null,null,null,null,null,null,null,null,null,null,null,null,null,null,null,null,null,null,null,null,null,null,null,null,null,null,null,null,null,null,null,null,null,null,null,"FPM","FLASH POR MINUTO"]
[null,null,null,null,null,null,null,null,null,null,null,null,null,null,null,null,null,null,null,null,null,null,null,null,null,null,null,null,null,null,null,null,null,null,null,null,null,null,null,null,null,null,null,null,null,null,null,"FPS","FOTOS P/SEGUNDO"]
[null,null,null,null,null,null,null,null,null,null,null,null,null,null,null,null,null,null,null,null,null,null,null,null,null,null,null,null,null,null,null,null,null,null,null,null,null,null,null,null,null,null,null,null,null,null,null,"FR","FRASCO"]
[null,null,null,null,null,null,null,null,null,null,null,null,null,null,null,null,null,null,null,null,null,null,null,null,null,null,null,null,null,null,null,null,null,null,null,null,null,null,null,null,null,null,null,null,null,null,null,"FR1000ML","FRASCO COM 1000 mL"]
[null,null,null,null,null,null,null,null,null,null,null,null,null,null,null,null,null,null,null,null,null,null,null,null,null,null,null,null,null,null,null,null,null,null,null,null,null,null,null,null,null,null,null,null,null,null,null,"FR100DS","FRASCO COM 100 DOSES"]
[null,null,null,null,null,null,null,null,null,null,null,null,null,null,null,null,null,null,null,null,null,null,null,null,null,null,null,null,null,null,null,null,null,null,null,null,null,null,null,null,null,null,null,null,null,null,null,"FR100ML","FRASCO COM 100 mL"]
[null,null,null,null,null,null,null,null,null,null,null,null,null,null,null,null,null,null,null,null,null,null,null,null,null,null,null,null,null,null,null,null,null,null,null,null,null,null,null,null,null,null,null,null,null,null,null,"FR105ML","FRASCO COM 105 mL"]
[null,null,null,null,null,null,null,null,null,null,null,null,null,null,null,null,null,null,null,null,null,null,null,null,null,null,null,null,null,null,null,null,null,null,null,null,null,null,null,null,null,null,null,null,null,null,null,"FR10ML","FRASCO COM 10 mL"]
[null,null,null,null,null,null,null,null,null,null,null,null,null,null,null,null,null,null,null,null,null,null,null,null,null,null,null,null,null,null,null,null,null,null,null,null,null,null,null,null,null,null,null,null,null,null,null,"FR110ML","FRASCO COM 110 mL"]
[null,null,null,null,null,null,null,null,null,null,null,null,null,null,null,null,null,null,null,null,null,null,null,null,null,null,null,null,null,null,null,null,null,null,null,null,null,null,null,null,null,null,null,null,null,null,null,"FR1200MG","FRASCO COM 1200 MG"]
[null,null,null,null,null,null,null,null,null,null,null,null,null,null,null,null,null,null,null,null,null,null,null,null,null,null,null,null,null,null,null,null,null,null,null,null,null,null,null,null,null,null,null,null,null,null,null,"FR120DS","FRASCO COM 120 DOSES"]
[null,null,null,null,null,null,null,null,null,null,null,null,null,null,null,null,null,null,null,null,null,null,null,null,null,null,null,null,null,null,null,null,null,null,null,null,null,null,null,null,null,null,null,null,null,null,null,"FR120ML","FRASCO COM 120 mL"]
[null,null,null,null,null,null,null,null,null,null,null,null,null,null,null,null,null,null,null,null,null,null,null,null,null,null,null,null,null,null,null,null,null,null,null,null,null,null,null,null,null,null,null,null,null,null,null,"FR125ML","FRASCO COM 125 mL"]
[null,null,null,null,null,null,null,null,null,null,null,null,null,null,null,null,null,null,null,null,null,null,null,null,null,null,null,null,null,null,null,null,null,null,null,null,null,null,null,null,null,null,null,null,null,null,null,"FR130DS","FRASCO COM 130 DOSES"]
[null,null,null,null,null,null,null,null,null,null,null,null,null,null,null,null,null,null,null,null,null,null,null,null,null,null,null,null,null,null,null,null,null,null,null,null,null,null,null,null,null,null,null,null,null,null,null,"FR1500MG","FRASCO COM 1500 MG"]
[null,null,null,null,null,null,null,null,null,null,null,null,null,null,null,null,null,null,null,null,null,null,null,null,null,null,null,null,null,null,null,null,null,null,null,null,null,null,null,null,null,null,null,null,null,null,null,"FR150DS","FRASCO COM 150 DOSES"]
[null,null,null,null,null,null,null,null,null,null,null,null,null,null,null,null,null,null,null,null,null,null,null,null,null,null,null,null,null,null,null,null,null,null,null,null,null,null,null,null,null,null,null,null,null,null,null,"FR150ML","FRASCO COM 150 mL"]
[null,null,null,null,null,null,null,null,null,null,null,null,null,null,null,null,null,null,null,null,null,null,null,null,null,null,null,null,null,null,null,null,null,null,null,null,null,null,null,null,null,null,null,null,null,null,null,"FR15ML","FRASCO COM 15 mL"]
[null,null,null,null,null,null,null,null,null,null,null,null,null,null,null,null,null,null,null,null,null,null,null,null,null,null,null,null,null,null,null,null,null,null,null,null,null,null,null,null,null,null,null,null,null,null,null,"FR160ML","FRASCO COM 160 mL"]
[null,null,null,null,null,null,null,null,null,null,null,null,null,null,null,null,null,null,null,null,null,null,null,null,null,null,null,null,null,null,null,null,null,null,null,null,null,null,null,null,null,null,null,null,null,null,null,"FR200DS","FRASCO COM 200 DOSES"]
[null,null,null,null,null,null,null,null,null,null,null,null,null,null,null,null,null,null,null,null,null,null,null,null,null,null,null,null,null,null,null,null,null,null,null,null,null,null,null,null,null,null,null,null,null,null,null,"FR200ML","FRASCO COM 200 mL"]
[null,null,null,null,null,null,null,null,null,null,null,null,null,null,null,null,null,null,null,null,null,null,null,null,null,null,null,null,null,null,null,null,null,null,null,null,null,null,null,null,null,null,null,null,null,null,null,"FR20ML","FRASCO COM 20 mL"]
[null,null,null,null,null,null,null,null,null,null,null,null,null,null,null,null,null,null,null,null,null,null,null,null,null,null,null,null,null,null,null,null,null,null,null,null,null,null,null,null,null,null,null,null,null,null,null,"FR240ML","FRASCO COM 240 mL"]
[null,null,null,null,null,null,null,null,null,null,null,null,null,null,null,null,null,null,null,null,null,null,null,null,null,null,null,null,null,null,null,null,null,null,null,null,null,null,null,null,null,null,null,null,null,null,null,"FR250ML","FRASCO COM 250 mL"]
[null,null,null,null,null,null,null,null,null,null,null,null,null,null,null,null,null,null,null,null,null,null,null,null,null,null,null,null,null,null,null,null,null,null,null,null,null,null,null,null,null,null,null,null,null,null,null,"FR300DS","FRASCO COM 300 DOSES"]
[null,null,null,null,null,null,null,null,null,null,null,null,null,null,null,null,null,null,null,null,null,null,null,null,null,null,null,null,null,null,null,null,null,null,null,null,null,null,null,null,null,null,null,null,null,null,null,"FR300ML","FRASCO COM 300 mL"]
[null,null,null,null,null,null,null,null,null,null,null,null,null,null,null,null,null,null,null,null,null,null,null,null,null,null,null,null,null,null,null,null,null,null,null,null,null,null,null,null,null,null,null,null,null,null,null,"FR30DS","FRASCO COM 30 DOSES"]
[null,null,null,null,null,null,null,null,null,null,null,null,null,null,null,null,null,null,null,null,null,null,null,null,null,null,null,null,null,null,null,null,null,null,null,null,null,null,null,null,null,null,null,null,null,null,null,"FR30G","FRASCO COM 30 g"]
[null,null,null,null,null,null,null,null,null,null,null,null,null,null,null,null,null,null,null,null,null,null,null,null,null,null,null,null,null,null,null,null,null,null,null,null,null,null,null,null,null,null,null,null,null,null,null,"FR30ML","FRASCO COM 30 mL"]
[null,null,null,null,null,null,null,null,null,null,null,null,null,null,null,null,null,null,null,null,null,null,null,null,null,null,null,null,null,null,null,null,null,null,null,null,null,null,null,null,null,null,null,null,null,null,null,"FR340ML","FRASCO COM 340 mL"]
[null,null,null,null,null,null,null,null,null,null,null,null,null,null,null,null,null,null,null,null,null,null,null,null,null,null,null,null,null,null,null,null,null,null,null,null,null,null,null,null,null,null,null,null,null,null,null,"FR350ML","FRASCO COM 350 mL"]
[null,null,null,null,null,null,null,null,null,null,null,null,null,null,null,null,null,null,null,null,null,null,null,null,null,null,null,null,null,null,null,null,null,null,null,null,null,null,null,null,null,null,null,null,null,null,null,"FR40ML","FRASCO COM 40 mL"]
[null,null,null,null,null,null,null,null,null,null,null,null,null,null,null,null,null,null,null,null,null,null,null,null,null,null,null,null,null,null,null,null,null,null,null,null,null,null,null,null,null,null,null,null,null,null,null,"FR45ML","FRASCO COM 45 mL"]
[null,null,null,null,null,null,null,null,null,null,null,null,null,null,null,null,null,null,null,null,null,null,null,null,null,null,null,null,null,null,null,null,null,null,null,null,null,null,null,null,null,null,null,null,null,null,null,"FR500ML","FRASCO COM 500 mL"]
[null,null,null,null,null,null,null,null,null,null,null,null,null,null,null,null,null,null,null,null,null,null,null,null,null,null,null,null,null,null,null,null,null,null,null,null,null,null,null,null,null,null,null,null,null,null,null,"H","HORA"]
[null,null,null,null,null,null,null,null,null,null,null,null,null,null,null,null,null,null,null,null,null,null,null,null,null,null,null,null,null,null,null,null,null,null,null,null,null,null,null,null,null,null,null,null,null,null,null,"KG","QUILOGRAMA"]
[null,null,null,null,null,null,null,null,null,null,null,null,null,null,null,null,null,null,null,null,null,null,null,null,null,null,null,null,null,null,null,null,null,null,null,null,null,null,null,null,null,null,null,null,null,null,null,"KM","QUILOMETRO"]
[null,null,null,null,null,null,null,null,null,null,null,null,null,null,null,null,null,null,null,null,null,null,null,null,null,null,null,null,null,null,null,null,null,null,null,null,null,null,null,null,null,null,null,null,null,null,null,"M","METRO"]
[null,null,null,null,null,null,null,null,null,null,null,null,null,null,null,null,null,null,null,null,null,null,null,null,null,null,null,null,null,null,null,null,null,null,null,null,null,null,null,null,null,null,null,null,null,null,null,"M2","METRO QUADRADO"]
[null,null,null,null,null,null,null,null,null,null,null,null,null,null,null,null,null,null,null,null,null,null,null,null,null,null,null,null,null,null,null,null,null,null,null,null,null,null,null,null,null,null,null,null,null,null,null,"M3","METRO CÚBICO"]
[null,null,null,null,null,null,null,null,null,null,null,null,null,null,null,null,null,null,null,null,null,null,null,null,null,null,null,null,null,null,null,null,null,null,null,null,null,null,null,null,null,null,null,null,null,null,null,"M3XKM","M3XKM"]
[null,null,null,null,null,null,null,null,null,null,null,null,null,null,null,null,null,null,null,null,null,null,null,null,null,null,null,null,null,null,null,null,null,null,null,null,null,null,null,null,null,null,null,null,null,null,null,"MES","MES"]
[null,null,null,null,null,null,null,null,null,null,null,null,null,null,null,null,null,null,null,null,null,null,null,null,null,null,null,null,null,null,null,null,null,null,null,null,null,null,null,null,null,null,null,null,null,null,null,"MÊS","MÊS/MESES"]
[null,null,null,null,null,null,null,null,null,null,null,null,null,null,null,null,null,null,null,null,null,null,null,null,null,null,null,null,null,null,null,null,null,null,null,null,null,null,null,null,null,null,null,null,null,null,null,"MESES","MÊS/MESES"]
[null,null,null,null,null,null,null,null,null,null,null,null,null,null,null,null,null,null,null,null,null,null,null,null,null,null,null,null,null,null,null,null,null,null,null,null,null,null,null,null,null,null,null,null,null,null,null,"OUTRAS","OUTRAS"]
[null,null,null,null,null,null,null,null,null,null,null,null,null,null,null,null,null,null,null,null,null,null,null,null,null,null,null,null,null,null,null,null,null,null,null,null,null,null,null,null,null,null,null,null,null,null,null,"PAR","PAR"]
[null,null,null,null,null,null,null,null,null,null,null,null,null,null,null,null,null,null,null,null,null,null,null,null,null,null,null,null,null,null,null,null,null,null,null,null,null,null,null,null,null,null,null,null,null,null,null,"PC","PEÇA"]
[null,null,null,null,null,null,null,null,null,null,null,null,null,null,null,null,null,null,null,null,null,null,null,null,null,null,null,null,null,null,null,null,null,null,null,null,null,null,null,null,null,null,null,null,null,null,null,"T","TONELADA"]
[null,null,null,null,null,null,null,null,null,null,null,null,null,null,null,null,null,null,null,null,null,null,null,null,null,null,null,null,null,null,null,null,null,null,null,null,null,null,null,null,null,null,null,null,null,null,null,"TXKM","TXKM"]
[null,null,null,null,null,null,null,null,null,null,null,null,null,null,null,null,null,null,null,null,null,null,null,null,null,null,null,null,null,null,null,null,null,null,null,null,null,null,null,null,null,null,null,null,null,null,null,"UN","UNIDADE"]

{"sheet":"BDI","index":3,"n_rows":146,"n_cols":26,"rows_kept":146,"cut":false,"hidden":false,"merged":[[4,9,4,10],[4,11,4,12],[4,13,4,18],[0,17,0,18],[1,17,1,18],[3,9,3,10],[3,11,3,12],[3,13,3,18],[10,9,10,16],[10,17,10,18],[6,9,6,18],[7,9,7,18],[9,9,9,16],[9,17,9,18],[18,23,19,23],[18,24,19,24],[16,9,16,18],[18,25,19,25],[18,20,19,22],[18,9,19,16],[18,17,19,17],[18,18,19,18],[13,9,13,18],[15,9,15,18],[22,9,22,16],[22,20,22,22],[20,9,20,16],[20,20,20,22],[21,9,21,16],[21,20,21,22],[24,9,24,16],[24,20,24,22],[25,9,25,16],[25,20,25,22],[26,9,26,16],[26,20,26,22],[27,9,27,16],[27,20,27,22],[23,9,23,16],[23,20,23,22],[35,13,35,15],[37,9,37,18],[29,9,29,16],[31,10,31,18],[28,9,28,16],[28,20,28,22],[33,9,33,18],[34,12,35,12],[48,9,48,12],[53,9,53,18],[44,9,44,12],[44,15,44,18],[45,9,45,12],[47,9,47,12],[34,13,34,15],[34,16,35,16],[39,9,39,18],[42,9,42,18],[58,24,59,24],[58,25,59,25],[58,9,59,16],[58,17,59,17],[58,18,59,18],[58,20,59,22],[58,23,59,23],[60,9,60,16],[60,20,60,22],[55,9,55,18],[56,9,56,18],[63,9,63,16],[63,20,63,22],[61,9,61,16],[61,20,61,22],[62,9,62,16],[62,20,62,22],[64,9,64,16],[64,20,64,22],[65,9,65,16],[65,20,65,22],[66,20,66,22],[67,9,67,16],[67,20,67,22],[93,9,93,18],[84,9,84,12],[84,15,84,18],[66,9,66,16],[77,9,77,18],[69,9,69,16],[71,10,71,18],[88,9,88,12],[68,20,68,22],[85,9,85,12],[87,9,87,12],[73,9,73,18],[74,12,75,12],[79,9,79,18],[82,9,82,18],[75,13,75,15],[74,13,74,15],[74,16,75,16],[98,24,99,24],[98,25,99,25],[98,9,99,16],[98,17,99,17],[98,18,99,18],[98,23,99,23],[100,9,100,16],[100,20,100,22],[95,9,95,18],[96,9,96,18],[98,20,99,22],[107,20,107,22],[108,9,108,16],[108,20,108,22],[109,9,109,16],[111,10,111,18],[117,9,117,18],[5,8,9,8],[113,9,113,18],[106,9,106,16],[114,12,115,12],[104,9,104,16],[102,9,102,16],[68,9,68,16],[114,13,114,15],[114,16,115,16],[101,9,101,16],[101,20,101,22],[104,20,104,22],[105,9,105,16],[105,20,105,22],[103,9,103,16],[103,20,103,22],[102,20,102,22],[106,20,106,22],[128,9,128,12],[119,9,119,18],[122,9,122,18],[124,9,124,12],[124,15,124,18],[125,9,125,12],[127,9,127,12],[115,13,115,15],[107,9,107,16]]}
[null,null,null,null,"MIN","MED","MAX",null,null,null,null,null,null,null,{"$f":"\"Quadro de Composição do BDI\"","v":"Quadro de Composição do BDI"},null,null,"Grau de Sigilo"]
["Construção e Reforma de Edifícios","AC",{"$f":"CONCATENATE(A2,\"-\",B2)","v":"Construção e Reforma de Edifícios-AC"},null,0.03,0.04,5.5E-2,null,null,null,null,null,null,null,null,null,null,"#PUBLICO"]
[{"$f":"A2","v":"Construção e Reforma de Edifícios"},"SG","Construção e Reforma de Edifícios-SG",null,8.0000000000000002E-3,8.0000000000000002E-3,0.01]
[{"$f":"A3","v":"Construção e Reforma de Edifícios"},"R","Construção e Reforma de Edifícios-R",null,9.7000000000000003E-3,1.2699999999999999E-2,1.2699999999999999E-2,null,null,"Nº OPERAÇÃO",null,"Nº TRANSFEREGOV",null,"PROPONENTE / TOMADOR"]
[{"$f":"A4","v":"Construção e Reforma de Edifícios"},"DF","Construção e Reforma de Edifícios-DF",null,5.8999999999999999E-3,1.23E-2,1.3899999999999999E-2,null,null,{"$f":"Import.CR","v":"1.087.299-22/2023"},null,{"$f":"Import.TransfereGOV","v":"942900/2023"},null,{"$f":"Import.Proponente","v":"PREFEITURA MUNICIPAL DE SIDROLÂNDIA"}]
[{"$f":"A5","v":"Construção e Reforma de Edifícios"},"L","Construção e Reforma de Edifícios-L",null,6.1600000000000002E-2,7.400000000000001E-2,8.9600000000000013E-2,null,"FILTRO"]
[{"$f":"A6","v":"Construção e Reforma de Edifícios"},"BDI PAD","Construção e Reforma de Edifícios-BDI PAD",null,0.2034,0.22120000000000001,0.25,null,null,"APELIDO DO EMPREENDIMENTO / DESCRIÇÃO DO LOTE",null,null,null,null,null,null,null,null,null,null,{"$f":"IF(OR(U10<>\"\",U11<>\"\"),\"Falta preencher os percentuais do ISS\",IF(U14<>\"\",\"Falta preencher o BDI 1\",IF(U54<>\"\",\"Falta preencher o BDI 2\",IF(U94<>\"\",\"Falta preencher o BDI 3\",\"\"))))","v":""}]
["Construção de Praças Urbanas, Rodovias, Ferrovias e recapeamento e pavimentação de vias urbanas","AC","Construção de Praças Urbanas, Rodovias, Ferrovias e recapeamento e pavimentação de vias urbanas-AC",null,3.7999999999999999E-2,4.0099999999999997E-2,4.6699999999999998E-2,null,null,{"$f":"Import.Apelido&\" / \"&Import.DescLote","v":"MODERNIZAÇÃO E REVITALIZAÇÃO DO ESTÁDIO MUNICIPAL DE SIDROLÂNDIA/MS / REFORMA DE ARQUIBANCADA"},null,null,null,null,null,null,null,null,null,null,{"$f":"IF(U29=\"FORA DO INTERVALO\",\"BDI 1 fora do intervalo\",IF(U69=\"FORA DO INTERVALO\",\"BDI 2 fora do intervalo\",IF(U109=\"FORA DO INTERVALO\",\"BDI 3 fora do intervalo\",\"\")))","v":""}]
["Construção de Praças Urbanas, Rodovias, Ferrovias e recapeamento e pavimentação de vias urbanas","SG","Construção de Praças Urbanas, Rodovias, Ferrovias e recapeamento e pavimentação de vias urbanas-SG",null,3.2000000000000002E-3,4.0000000000000001E-3,7.4000000000000003E-3]
["Construção de Praças Urbanas, Rodovias, Ferrovias e recapeamento e pavimentação de vias urbanas","R","Construção de Praças Urbanas, Rodovias, Ferrovias e recapeamento e pavimentação de vias urbanas-R",null,5.0000000000000001E-3,5.6000000000000008E-3,9.7000000000000003E-3,null,null,"Conforme legislação tributária municipal, definir estimativa de percentual da base de cálculo para o ISS:",null,null,null,null,null,null,null,1,null,null,{"$f":"IF(R10=\"\",\"Falta definir a base de cálculo para o ISS\",\"\")","v":""}]
["Construção de Praças Urbanas, Rodovias, Ferrovias e recapeamento e pavimentação de vias urbanas","DF","Construção de Praças Urbanas, Rodovias, Ferrovias e recapeamento e pavimentação de vias urbanas-DF",null,1.0200000000000001E-2,1.11E-2,1.21E-2,null,"↓","Sobre a base de cálculo, definir a respectiva alíquota do ISS (entre 2% e 5%):",null,null,null,null,null,null,null,0.05,null,null,{"$f":"IF(R11=\"\",\"Falta definir a alíquota do ISS\",\"\")","v":""}]
["Construção de Praças Urbanas, Rodovias, Ferrovias e recapeamento e pavimentação de vias urbanas","L","Construção de Praças Urbanas, Rodovias, Ferrovias e recapeamento e pavimentação de vias urbanas-L",null,6.6400000000000001E-2,7.2999999999999995E-2,8.6899999999999991E-2,null,"F"]
["Construção de Praças Urbanas, Rodovias, Ferrovias e recapeamento e pavimentação de vias urbanas","BDI PAD","Construção de Praças Urbanas, Rodovias, Ferrovias e recapeamento e pavimentação de vias urbanas-BDI PAD",null,0.19600000000000001,0.2097,0.24230000000000002,null,"F"]
["Construção de Redes de Abastecimento de Água, Coleta de Esgoto","AC","Construção de Redes de Abastecimento de Água, Coleta de Esgoto-AC",null,3.4300000000000004E-2,4.9299999999999997E-2,6.7099999999999993E-2,null,"F","BDI 1",null,null,null,null,null,null,null,null,null,null,{"$f":"IF(COUNTIF(ORÇAMENTO!$V$15:$V$140,BDI_1.Título)=0,\"\",IF(OR(Import.BDI.Tipo1=\"(SELECIONAR)\",Import.BDI.Tipo1=\"\",U17<>\"\",AND($J17<>$A$145,OR(S21=\"\",S22=\"\",AND($J17<>$A$146,OR(S23=\"\",S24=\"\")),S25=\"\",S26=\"\"))),\"Falta preencher o BDI 1\",\"\"))","v":""}]
[{"$f":"A14","v":"Construção de Redes de Abastecimento de Água, Coleta de Esgoto"},"SG","Construção de Redes de Abastecimento de Água, Coleta de Esgoto-SG",null,2.8000000000000004E-3,4.8999999999999998E-3,7.4999999999999997E-3,null,"F"]
[{"$f":"A15","v":"Construção de Redes de Abastecimento de Água, Coleta de Esgoto"},"R","Construção de Redes de Abastecimento de Água, Coleta de Esgoto-R",null,0.01,1.3899999999999999E-2,1.7399999999999999E-2,null,"F","TIPO DE OBRA"]
[{"$f":"A16","v":"Construção de Redes de Abastecimento de Água, Coleta de Esgoto"},"DF","Construção de Redes de Abastecimento de Água, Coleta de Esgoto-DF",null,9.3999999999999986E-3,9.8999999999999991E-3,1.1699999999999999E-2,null,"F","Construção e Reforma de Edifícios",null,null,null,null,null,null,null,null,null,{"$f":"IF(U17=\"\",\"\",\"◄\")","v":""},{"$f":"IF(AND(OR(S29>0,COUNTIF(ORÇAMENTO!$V$15:$V$140,BDI_1.Título)>0),OR(Import.BDI.Tipo1=\"(SELECIONAR)\",Import.BDI.Tipo1=\"\")),\"Selecione o Tipo de obra\",\"\")","v":""}]
[{"$f":"A17","v":"Construção de Redes de Abastecimento de Água, Coleta de Esgoto"},"L","Construção de Redes de Abastecimento de Água, Coleta de Esgoto-L",null,6.7400000000000002E-2,8.0399999999999985E-2,9.4E-2,null,"F"]
[{"$f":"A18","v":"Construção de Redes de Abastecimento de Água, Coleta de Esgoto"},"BDI PAD","Construção de Redes de Abastecimento de Água, Coleta de Esgoto-BDI PAD",null,0.20760000000000001,0.24179999999999999,0.26440000000000002,null,"F","Itens",null,null,null,null,null,null,null,"Siglas","% Adotado",null,"Situação",null,null,"1º Quartil","Médio","3º Quartil"]
["Construção e Manutenção de Estações e Redes de Distribuição de Energia Elétrica","AC","Construção e Manutenção de Estações e Redes de Distribuição de Energia Elétrica-AC",null,5.2900000000000003E-2,5.9200000000000003E-2,7.9299999999999995E-2,null,"F"]
[{"$f":"A20","v":"Construção e Manutenção de Estações e Redes de Distribuição de Energia Elétrica"},"SG","Construção e Manutenção de Estações e Redes de Distribuição de Energia Elétrica-SG",null,2.5000000000000001E-3,5.1000000000000004E-3,5.6000000000000008E-3,null,"F",{"$f":"IF($J$17=$A$146,\"Encargos Sociais incidentes sobre a mão de obra\",\"Administração Central\")","v":"Administração Central"},null,null,null,null,null,null,null,{"$f":"IF($J17=$A$146,\"K1\",\"AC\")","v":"AC"},0.03,{"$f":"IF(AND($U$14<>\"\",$U$17=\"\",R21<>\"\",S21=\"\"),\"◄\",\"\")","v":""},{"$f":"IFERROR(IF(T21=\"◄\",\"FALTA PREENCHER\",IF(AND(OR(S21>=X21,X21=\"-\"),OR(S21<=Z21,Z21=\"-\")),\"OK\",\"FORA DO INTERVALO\")),\"-\")","v":"OK"},null,null,{"$f":"VLOOKUP(CONCATENATE(J17,\"-\",R21),$C$2:$G$136,3,FALSE)","v":0.03},{"$f":"VLOOKUP(CONCATENATE(J17,\"-\",R21),$C$2:$G$136,4,FALSE)","v":0.04},{"$f":"VLOOKUP(CONCATENATE(J17,\"-\",R21),$C$2:$G$136,5,FALSE)","v":5.5E-2}]
[{"$f":"A21","v":"Construção e Manutenção de Estações e Redes de Distribuição de Energia Elétrica"},"R","Construção e Manutenção de Estações e Redes de Distribuição de Energia Elétrica-R",null,0.01,1.4800000000000001E-2,1.9699999999999999E-2,null,"F",{"$f":"IF($J$17=$A$146,\"Administração Central da empresa ou consultoria - overhead\",\"Seguro e Garantia\")","v":"Seguro e Garantia"},null,null,null,null,null,null,null,{"$f":"IF($J17=$A$146,\"K2\",\"SG\")","v":"SG"},8.0000000000000002E-3,{"$f":"IF(AND($U$14<>\"\",$U$17=\"\",R22<>\"\",S22=\"\"),\"◄\",\"\")","v":""},{"$f":"IFERROR(IF(T22=\"◄\",\"FALTA PREENCHER\",IF(AND(OR(S22>=X22,X22=\"-\"),OR(S22<=Z22,Z22=\"-\")),\"OK\",\"FORA DO INTERVALO\")),\"-\")","v":"OK"},null,null,{"$f":"VLOOKUP(CONCATENATE(J17,\"-\",R22),$C$2:$G$136,3,FALSE)","v":8.0000000000000002E-3},{"$f":"VLOOKUP(CONCATENATE(J17,\"-\",R22),$C$2:$G$136,4,FALSE)","v":8.0000000000000002E-3},{"$f":"VLOOKUP(CONCATENATE(J17,\"-\",R22),$C$2:$G$136,5,FALSE)","v":0.01}]
[{"$f":"A22","v":"Construção e Manutenção de Estações e Redes de Distribuição de Energia Elétrica"},"DF","Construção e Manutenção de Estações e Redes de Distribuição de Energia Elétrica-DF",null,1.01E-2,1.0700000000000001E-2,1.11E-2,null,"F","Risco",null,null,null,null,null,null,null,{"$f":"IF($J17=$A$146,\"\",\"R\")","v":"R"},9.7000000000000003E-3,"","OK",null,null,{"$f":"VLOOKUP(CONCATENATE(J17,\"-\",R23),$C$2:$G$136,3,FALSE)","v":9.7000000000000003E-3},{"$f":"VLOOKUP(CONCATENATE(J17,\"-\",R23),$C$2:$G$136,4,FALSE)","v":1.2699999999999999E-2},{"$f":"VLOOKUP(CONCATENATE(J17,\"-\",R23),$C$2:$G$136,5,FALSE)","v":1.2699999999999999E-2}]
[{"$f":"A23","v":"Construção e Manutenção de Estações e Redes de Distribuição de Energia Elétrica"},"L","Construção e Manutenção de Estações e Redes de Distribuição de Energia Elétrica-L",null,0.08,8.3100000000000007E-2,9.5100000000000004E-2,null,"F","Despesas Financeiras",null,null,null,null,null,null,null,{"$f":"IF($J17=$A$146,\"\",\"DF\")","v":"DF"},5.8999999999999999E-3,"","OK",null,null,{"$f":"VLOOKUP(CONCATENATE(J17,\"-\",R24),$C$2:$G$136,3,FALSE)","v":5.8999999999999999E-3},{"$f":"VLOOKUP(CONCATENATE(J17,\"-\",R24),$C$2:$G$136,4,FALSE)","v":1.23E-2},{"$f":"VLOOKUP(CONCATENATE(J17,\"-\",R24),$C$2:$G$136,5,FALSE)","v":1.3899999999999999E-2}]
[{"$f":"A24","v":"Construção e Manutenção de Estações e Redes de Distribuição de Energia Elétrica"},"BDI PAD","Construção e Manutenção de Estações e Redes de Distribuição de Energia Elétrica-BDI PAD",null,0.24,0.25840000000000002,0.27860000000000001,null,"F",{"$f":"IF($J$17=$A$146,\"Margem bruta da empresa de consultoria\",\"Lucro\")","v":"Lucro"},null,null,null,null,null,null,null,{"$f":"IF($J17=$A$146,\"K3\",\"L\")","v":"L"},6.1600000000000002E-2,"","OK",null,null,{"$f":"VLOOKUP(CONCATENATE(J17,\"-\",R25),$C$2:$G$136,3,FALSE)","v":6.1600000000000002E-2},{"$f":"VLOOKUP(CONCATENATE(J17,\"-\",R25),$C$2:$G$136,4,FALSE)","v":7.400000000000001E-2},{"$f":"VLOOKUP(CONCATENATE(J17,\"-\",R25),$C$2:$G$136,5,FALSE)","v":8.9600000000000013E-2}]
["Obras Portuárias, Marítimas e Fluviais","AC","Obras Portuárias, Marítimas e Fluviais-AC",null,0.04,5.5199999999999999E-2,7.85E-2,null,"F","Tributos (impostos COFINS 3%, e  PIS 0,65%)",null,null,null,null,null,null,null,"CP",3.6499999999999998E-2,"","OK",null,null,{"$f":"Y26","v":3.6499999999999998E-2},{"$f":"IF($J17=$A$145,\"-\",3.65%)","v":3.6499999999999998E-2},{"$f":"Y26","v":3.6499999999999998E-2}]
[{"$f":"A26","v":"Obras Portuárias, Marítimas e Fluviais"},"SG","Obras Portuárias, Marítimas e Fluviais-SG",null,8.1000000000000013E-3,1.2199999999999999E-2,1.9900000000000001E-2,null,"F","Tributos (ISS, variável de acordo com o município)",null,null,null,null,null,null,null,"ISS",{"$f":"IF(AND($J17<>$A$145,COUNTA(OFFSET(S20,1,0,6))>0),$R$11*$R$10,0)","v":0.05},null,"OK",null,null,0,2.5000000000000001E-2,0.05]
[{"$f":"A27","v":"Obras Portuárias, Marítimas e Fluviais"},"R","Obras Portuárias, Marítimas e Fluviais-R",null,1.46E-2,2.3199999999999998E-2,3.1600000000000003E-2,null,"F","Tributos (Contribuição Previdenciária sobre a Receita Bruta - Lei 12.546 de 14/12/2011 - Desoneração)",null,null,null,null,null,null,null,"CPRB",{"$f":"IF(BDI.Opcao<>\"Desonerado\",0,IF(AND($J17<>$A$145,COUNTA(OFFSET(S20,1,0,6))>0),IF(YEAR(Import.DataBase)<2025,4.5%,IF(YEAR(Import.DataBase)=2025,3.6%,IF(YEAR(Import.DataBase)=2026,2.7%,IF(YEAR(Import.DataBase)=2027,1.8%,0%)))),0%))","v":0},null,"OK",null,null,{"$f":"$S28","v":0},{"$f":"$S28","v":0},{"$f":"$S28","v":0}]
[{"$f":"A28","v":"Obras Portuárias, Marítimas e Fluviais"},"DF","Obras Portuárias, Marítimas e Fluviais-DF",null,9.3999999999999986E-3,1.0200000000000001E-2,1.3300000000000001E-2,null,"F","BDI SEM desoneração (Fórmula Acórdão TCU)",null,null,null,null,null,null,null,"BDI PAD",{"$f":"IF($J17=$A$145,0,ROUND((((1+S21+S22+S23)*(1+S24)*(1+S25)/(1-(S26+S27)))-1),4))","v":0.22470000000000001},null,{"$f":"IFERROR(IF(AND(OR(S29>=X29,X29=\"-\"),OR(S29<=Z29,Z29=\"-\")),\"OK\",\"FORA DO INTERVALO\"),IF(S29=0,\"OK\",\"Selecione o Tipo de obra\"))","v":"OK"},null,null,{"$f":"IF($J17=$A$145,0,VLOOKUP(CONCATENATE($J17,\"-\",$R29),$C$2:$G$136,3,FALSE))","v":0.2034},{"$f":"IF($J17=$A$145,0,VLOOKUP(CONCATENATE($J17,\"-\",$R29),$C$2:$G$136,4,FALSE))","v":0.22120000000000001},{"$f":"IF($J17=$A$145,0,VLOOKUP(CONCATENATE($J17,\"-\",$R29),$C$2:$G$136,5,FALSE))","v":0.25}]
[{"$f":"A29","v":"Obras Portuárias, Marítimas e Fluviais"},"L","Obras Portuárias, Marítimas e Fluviais-L",null,7.1399999999999991E-2,8.4000000000000005E-2,0.1043,null,"F","BDI COM desoneração",null,null,null,null,null,null,null,"BDI DES",{"$f":"IF($J17=$A$145,0,ROUND((((1+S21+S22+S23)*(1+S24)*(1+S25)/(1-(S26+S27+S28)))-1),4))","v":0.22470000000000001}]
[{"$f":"A30","v":"Obras Portuárias, Marítimas e Fluviais"},"BDI PAD","Obras Portuárias, Marítimas e Fluviais-BDI PAD",null,0.22800000000000001,0.27479999999999999,0.3095,null,"F"]
["Fornecimento de Materiais e Equipamentos (aquisição indireta - em conjunto com licitação de obras)","AC","Fornecimento de Materiais e Equipamentos (aquisição indireta - em conjunto com licitação de obras)-AC",null,1.4999999999999999E-2,3.4500000000000003E-2,4.4900000000000002E-2,null,"F",{"$f":"IF(U29<>\"ok\",\"X\",\"\")","v":""},{"$f":"IF(U29<>\"ok\",\"Anexo: Relatório Técnico Circunstanciado justificando a adoção do percentual de cada parcela do BDI.\",\"\")","v":""}]
[{"$f":"A32","v":"Fornecimento de Materiais e Equipamentos (aquisição indireta - em conjunto com licitação de obras)"},"SG","Fornecimento de Materiais e Equipamentos (aquisição indireta - em conjunto com licitação de obras)-SG",null,3.0000000000000001E-3,4.7999999999999996E-3,8.199999999999999E-3,null,"F"]
[{"$f":"A33","v":"Fornecimento de Materiais e Equipamentos (aquisição indireta - em conjunto com licitação de obras)"},"R","Fornecimento de Materiais e Equipamentos (aquisição indireta - em conjunto com licitação de obras)-R",null,5.6000000000000008E-3,8.5000000000000006E-3,8.8999999999999999E-3,null,"F","Os valores de BDI foram calculados com o emprego da fórmula:"]
[{"$f":"A34","v":"Fornecimento de Materiais e Equipamentos (aquisição indireta - em conjunto com licitação de obras)"},"DF","Fornecimento de Materiais e Equipamentos (aquisição indireta - em conjunto com licitação de obras)-DF",null,8.5000000000000006E-3,8.5000000000000006E-3,1.11E-2,null,"F",null,null,null,"BDI =",{"$f":"IF($J17=$A$146,\"(1+K1+K2)*(1+K3)\",\"(1+AC + S + R + G)*(1 + DF)*(1+L)\")","v":"(1+AC + S + R + G)*(1 + DF)*(1+L)"},null,null," - 1"]
[{"$f":"A35","v":"Fornecimento de Materiais e Equipamentos (aquisição indireta - em conjunto com licitação de obras)"},"L","Fornecimento de Materiais e Equipamentos (aquisição indireta - em conjunto com licitação de obras)-L",null,3.5000000000000003E-2,5.1100000000000007E-2,6.2199999999999998E-2,null,"F",null,null,null,null,"(1-CP-ISS-CRPB)"]
[{"$f":"A36","v":"Fornecimento de Materiais e Equipamentos (aquisição indireta - em conjunto com licitação de obras)"},"BDI PAD","Fornecimento de Materiais e Equipamentos (aquisição indireta - em conjunto com licitação de obras)-BDI PAD",null,0.111,0.14019999999999999,0.16800000000000001,null,"F"]
["Fornecimento de Materiais e Equipamentos (aquisição direta)","AC","Fornecimento de Materiais e Equipamentos (aquisição direta)-AC",null,"-","-","-",null,"F",{"$f":"CONCATENATE(\"Declaro para os devidos fins que, conforme legislação tributária municipal, a base de cálculo deste tipo de obra corresponde à \",$R$10*100,\"%, com a respectiva alíquota de \",$R$11*100,\"%.\")","v":"Declaro para os devidos fins que, conforme legislação tributária municipal, a base de cálculo deste tipo de obra corresponde à 100%, com a respectiva alíquota de 5%."}]
["Fornecimento de Materiais e Equipamentos (aquisição direta)","SG","Fornecimento de Materiais e Equipamentos (aquisição direta)-SG",null,"-","-","-",null,"F"]
["Fornecimento de Materiais e Equipamentos (aquisição direta)","R","Fornecimento de Materiais e Equipamentos (aquisição direta)-R",null,"-","-","-",null,"F",{"$f":"CONCATENATE(\"Declaro para os devidos fins que o regime de Contribuição Previdenciária sobre a Receita Bruta adotado para elaboração do orçamento foi \",IF(DESONERACAO=\"Sim\",\"COM\",\"SEM\"),\" Desoneração, e que esta é a alternativa mais adequada para a Administração Pública.\")","v":"Declaro para os devidos fins que o regime de Contribuição Previdenciária sobre a Receita Bruta adotado para elaboração do orçamento foi SEM Desoneração, e que esta é a alternativa mais adequada para a Administração Pública."}]
["Fornecimento de Materiais e Equipamentos (aquisição direta)","DF","Fornecimento de Materiais e Equipamentos (aquisição direta)-DF",null,"-","-","-",null,"F"]
["Fornecimento de Materiais e Equipamentos (aquisição direta)","L","Fornecimento de Materiais e Equipamentos (aquisição direta)-L",null,"-","-","-",null,"F","Observações:"]
["Fornecimento de Materiais e Equipamentos (aquisição direta)","BDI PAD","Fornecimento de Materiais e Equipamentos (aquisição direta)-BDI PAD",null,"-","-","-",null,"F"]
["Estudos e Projetos, Planos e Gerenciamento e outros correlatos","K1","Estudos e Projetos, Planos e Gerenciamento e outros correlatos-K1",null,"-","-","-",null,"F"]
[{"$f":"A44","v":"Estudos e Projetos, Planos e Gerenciamento e outros correlatos"},"K2","Estudos e Projetos, Planos e Gerenciamento e outros correlatos-K2",null,"-",0.2,"-",null,"F",{"$f":"Import.Município","v":"SIDROLÂNDIA/MS"},null,null,null,null,null,{"$f":"DADOS!$C$25","v":"2024-09-24"}]
[{"$f":"A45","v":"Estudos e Projetos, Planos e Gerenciamento e outros correlatos"},null,"Estudos e Projetos, Planos e Gerenciamento e outros correlatos-",null,"-","-","-",null,"F","Local",null,null,null,null,null,"Data"]
[{"$f":"A46","v":"Estudos e Projetos, Planos e Gerenciamento e outros correlatos"},null,"Estudos e Projetos, Planos e Gerenciamento e outros correlatos-",null,"-","-","-",null,"F"]
[{"$f":"A47","v":"Estudos e Projetos, Planos e Gerenciamento e outros correlatos"},"K3","Estudos e Projetos, Planos e Gerenciamento e outros correlatos-K3",null,"-",0.12,"-",null,"F"]
[{"$f":"A48","v":"Estudos e Projetos, Planos e Gerenciamento e outros correlatos"},"BDI PAD","Estudos e Projetos, Planos e Gerenciamento e outros correlatos-BDI PAD",null,"-","-","-",null,"F","Responsável Técnico"]
[null,null,null,null,null,null,null,null,"F","Nome:",{"$f":"Import.RespOrçamento","v":"FABIO MARQUES RIBEIRO"}]
[null,null,null,null,null,null,null,null,"F","CREA/CAU:","CREA-MS 15.276"]
[null,null,null,null,null,null,null,null,"F","ART/RRT:","1320240128034"]
[null,null,null,null,null,null,null,null,"F"]
[null,null,null,null,null,null,null,null,{"$f":"IF($S$69=0,\"\",\"F\")","v":""},"BDI 2",null,null,null,null,null,null,null,null,null,null,{"$f":"IF(COUNTIF(ORÇAMENTO!$V$15:$V$140,BDI_2.Título)=0,\"\",IF(OR(Import.BDI.Tipo2=\"(SELECIONAR)\",Import.BDI.Tipo2=\"\",U57<>\"\",AND($J57<>$A$145,OR(S61=\"\",S62=\"\",AND($J57<>$A$146,OR(S63=\"\",S64=\"\")),S65=\"\",S66=\"\"))),\"Falta preencher o BDI 2\",\"\"))","v":""}]
[null,null,null,null,null,null,null,null,{"$f":"IF($S$69=0,\"\",\"F\")","v":""}]
[null,null,null,null,null,null,null,null,"","TIPO DE OBRA"]
[null,null,null,null,null,null,null,null,"","(SELECIONAR)",null,null,null,null,null,null,null,null,null,{"$f":"IF(U57=\"\",\"\",\"◄\")","v":""},{"$f":"IF(AND(OR(S69>0,COUNTIF(ORÇAMENTO!$V$15:$V$140,BDI_2.Título)>0),OR(Import.BDI.Tipo2=\"(SELECIONAR)\",Import.BDI.Tipo2=\"\")),\"Selecione o Tipo de obra\",\"\")","v":""}]
[null,null,null,null,null,null,null,null,""]
[null,null,null,null,null,null,null,null,"","Itens",null,null,null,null,null,null,null,"Siglas","% Adotado",null,"Situação",null,null,"1º Quartil","Médio","3º Quartil"]
[null,null,null,null,null,null,null,null,""]
[null,null,null,null,null,null,null,null,"",{"$f":"IF($J$57=$A$146,\"Encargos Sociais incidentes sobre a mão de obra\",\"Administração Central\")","v":"Administração Central"},null,null,null,null,null,null,null,{"$f":"IF($J57=$A$146,\"K1\",\"AC\")","v":"AC"},null,{"$f":"IF(AND($U$54<>\"\",$U$57=\"\",R61<>\"\",S61=\"\"),\"◄\",\"\")","v":""},{"$f":"IFERROR(IF(T61=\"◄\",\"FALTA PREENCHER\",IF(AND(OR(S61>=X61,X61=\"-\"),OR(S61<=Z61,Z61=\"-\")),\"OK\",\"FORA DO INTERVALO\")),\"-\")","v":"-"},null,null,{"$f":"VLOOKUP(CONCATENATE(J57,\"-\",R61),$C$2:$G$136,3,FALSE)","v":{"$error":"#N/A"}},{"$f":"VLOOKUP(CONCATENATE(J57,\"-\",R61),$C$2:$G$136,4,FALSE)","v":{"$error":"#N/A"}},{"$f":"VLOOKUP(CONCATENATE(J57,\"-\",R61),$C$2:$G$136,5,FALSE)","v":{"$error":"#N/A"}}]
[null,null,null,null,null,null,null,null,"",{"$f":"IF($J$57=$A$146,\"Administração Central da empresa ou consultoria - overhead\",\"Seguro e Garantia\")","v":"Seguro e Garantia"},null,null,null,null,null,null,null,{"$f":"IF($J57=$A$146,\"K2\",\"SG\")","v":"SG"},null,{"$f":"IF(AND($U$54<>\"\",$U$57=\"\",R62<>\"\",S62=\"\"),\"◄\",\"\")","v":""},{"$f":"IFERROR(IF(T62=\"◄\",\"FALTA PREENCHER\",IF(AND(OR(S62>=X62,X62=\"-\"),OR(S62<=Z62,Z62=\"-\")),\"OK\",\"FORA DO INTERVALO\")),\"-\")","v":"-"},null,null,{"$f":"VLOOKUP(CONCATENATE(J57,\"-\",R62),$C$2:$G$136,3,FALSE)","v":{"$error":"#N/A"}},{"$f":"VLOOKUP(CONCATENATE(J57,\"-\",R62),$C$2:$G$136,4,FALSE)","v":{"$error":"#N/A"}},{"$f":"VLOOKUP(CONCATENATE(J57,\"-\",R62),$C$2:$G$136,5,FALSE)","v":{"$error":"#N/A"}}]
[null,null,null,null,null,null,null,null,"","Risco",null,null,null,null,null,null,null,{"$f":"IF($J57=$A$146,\"\",\"R\")","v":"R"},null,"","-",null,null,{"$f":"VLOOKUP(CONCATENATE(J57,\"-\",R63),$C$2:$G$136,3,FALSE)","v":{"$error":"#N/A"}},{"$f":"VLOOKUP(CONCATENATE(J57,\"-\",R63),$C$2:$G$136,4,FALSE)","v":{"$error":"#N/A"}},{"$f":"VLOOKUP(CONCATENATE(J57,\"-\",R63),$C$2:$G$136,5,FALSE)","v":{"$error":"#N/A"}}]
[null,null,null,null,null,null,null,null,"","Despesas Financeiras",null,null,null,null,null,null,null,{"$f":"IF($J57=$A$146,\"\",\"DF\")","v":"DF"},null,"","-",null,null,{"$f":"VLOOKUP(CONCATENATE(J57,\"-\",R64),$C$2:$G$136,3,FALSE)","v":{"$error":"#N/A"}},{"$f":"VLOOKUP(CONCATENATE(J57,\"-\",R64),$C$2:$G$136,4,FALSE)","v":{"$error":"#N/A"}},{"$f":"VLOOKUP(CONCATENATE(J57,\"-\",R64),$C$2:$G$136,5,FALSE)","v":{"$error":"#N/A"}}]
[null,null,null,null,null,null,null,null,"",{"$f":"IF($J$57=$A$146,\"Margem bruta da empresa de consultoria\",\"Lucro\")","v":"Lucro"},null,null,null,null,null,null,null,{"$f":"IF($J57=$A$146,\"K3\",\"L\")","v":"L"},null,"","-",null,null,{"$f":"VLOOKUP(CONCATENATE(J57,\"-\",R65),$C$2:$G$136,3,FALSE)","v":{"$error":"#N/A"}},{"$f":"VLOOKUP(CONCATENATE(J57,\"-\",R65),$C$2:$G$136,4,FALSE)","v":{"$error":"#N/A"}},{"$f":"VLOOKUP(CONCATENATE(J57,\"-\",R65),$C$2:$G$136,5,FALSE)","v":{"$error":"#N/A"}}]
[null,null,null,null,null,null,null,null,"","Tributos (impostos COFINS 3%, e  PIS 0,65%)",null,null,null,null,null,null,null,"CP",null,"","FORA DO INTERVALO",null,null,{"$f":"Y66","v":3.6499999999999998E-2},{"$f":"IF($J57=$A$145,\"-\",3.65%)","v":3.6499999999999998E-2},{"$f":"Y66","v":3.6499999999999998E-2}]
[null,null,null,null,null,null,null,null,"","Tributos (ISS, variável de acordo com o município)",null,null,null,null,null,null,null,"ISS",{"$f":"IF(AND($J57<>$A$145,COUNTA(OFFSET(S60,1,0,6))>0),$R$11*$R$10,0)","v":0},null,"OK",null,null,0,2.5000000000000001E-2,0.05]
[null,null,null,null,null,null,null,null,"","Tributos (Contribuição Previdenciária sobre a Receita Bruta - Lei 12.546 de 14/12/2011 - Desoneração)",null,null,null,null,null,null,null,"CPRB",{"$f":"IF(BDI.Opcao<>\"Desonerado\",0,IF(AND($J57<>$A$145,COUNTA(OFFSET(S60,1,0,6))>0),IF(YEAR(Import.DataBase)<2025,4.5%,IF(YEAR(Import.DataBase)=2025,3.6%,IF(YEAR(Import.DataBase)=2026,2.7%,IF(YEAR(Import.DataBase)=2027,1.8%,0%)))),0%))","v":0},null,"OK",null,null,{"$f":"$S68","v":0},{"$f":"$S68","v":0},{"$f":"$S68","v":0}]
[null,null,null,null,null,null,null,null,"","BDI SEM desoneração (Fórmula Acórdão TCU)",null,null,null,null,null,null,null,"BDI PAD",{"$f":"IF($J57=$A$145,0,ROUND((((1+S61+S62+S63)*(1+S64)*(1+S65)/(1-(S66+S67)))-1),4))","v":0},null,{"$f":"IFERROR(IF(AND(OR(S69>=X69,X69=\"-\"),OR(S69<=Z69,Z69=\"-\")),\"OK\",\"FORA DO INTERVALO\"),IF(S69=0,\"OK\",\"Selecione o Tipo de obra\"))","v":"OK"},null,null,{"$f":"IF($J57=$A$145,0,VLOOKUP(CONCATENATE($J57,\"-\",$R69),$C$2:$G$136,3,FALSE))","v":{"$error":"#N/A"}},{"$f":"IF($J57=$A$145,0,VLOOKUP(CONCATENATE($J57,\"-\",$R69),$C$2:$G$136,4,FALSE))","v":{"$error":"#N/A"}},{"$f":"IF($J57=$A$145,0,VLOOKUP(CONCATENATE($J57,\"-\",$R69),$C$2:$G$136,5,FALSE))","v":{"$error":"#N/A"}}]
[null,null,null,null,null,null,null,null,"","BDI COM desoneração",null,null,null,null,null,null,null,"BDI DES",{"$f":"IF($J57=$A$145,0,ROUND((((1+S61+S62+S63)*(1+S64)*(1+S65)/(1-(S66+S67+S68)))-1),4))","v":0}]
[null,null,null,null,null,null,null,null,""]
[null,null,null,null,null,null,null,null,"",{"$f":"IF(U69<>\"ok\",\"X\",\"\")","v":""},{"$f":"IF(U69<>\"ok\",\"Anexo: Relatório Técnico Circunstanciado justificando a adoção do percentual de cada parcela do BDI.\",\"\")","v":""}]
[null,null,null,null,null,null,null,null,""]
[null,null,null,null,null,null,null,null,"","Os valores de BDI foram calculados com o emprego da fórmula:"]
[null,null,null,null,null,null,null,null,"",null,null,null,"BDI =",{"$f":"IF($J57=$A$146,\"(1+K1+K2)*(1+K3)\",\"(1+AC + S + R + G)*(1 + DF)*(1+L)\")","v":"(1+AC + S + R + G)*(1 + DF)*(1+L)"},null,null," - 1"]
[null,null,null,null,null,null,null,null,"",null,null,null,null,"(1-CP-ISS-CRPB)"]
[null,null,null,null,null,null,null,null,""]
[null,null,null,null,null,null,null,null,"",{"$f":"CONCATENATE(\"Declaro para os devidos fins que, conforme legislação tributária municipal, a base de cálculo deste tipo de obra corresponde à \",$R$10*100,\"%, com a respectiva alíquota de \",$R$11*100,\"%.\")","v":"Declaro para os devidos fins que, conforme legislação tributária municipal, a base de cálculo deste tipo de obra corresponde à 100%, com a respectiva alíquota de 5%."}]
[null,null,null,null,null,null,null,null,""]
[null,null,null,null,null,null,null,null,"",{"$f":"CONCATENATE(\"Declaro para os devidos fins que o regime de Contribuição Previdenciária sobre a Receita Bruta adotado para elaboração do orçamento foi \",IF(DESONERACAO=\"Sim\",\"COM\",\"SEM\"),\" Desoneração, e que esta é a alternativa mais adequada para a Administração Pública.\")","v":"Declaro para os devidos fins que o regime de Contribuição Previdenciária sobre a Receita Bruta adotado para elaboração do orçamento foi SEM Desoneração, e que esta é a alternativa mais adequada para a Administração Pública."}]
[null,null,null,null,null,null,null,null,""]
[null,null,null,null,null,null,null,null,"","Observações:"]
[null,null,null,null,null,null,null,null,""]
[null,null,null,null,null,null,null,null,""]
[null,null,null,null,null,null,null,null,"",{"$f":"Import.Município","v":"SIDROLÂNDIA/MS"},null,null,null,null,null,{"$f":"DADOS!$C$25","v":"2024-09-24"}]
[null,null,null,null,null,null,null,null,"","Local",null,null,null,null,null,"Data"]
[null,null,null,null,null,null,null,null,""]
[null,null,null,null,null,null,null,null,""]
[null,null,null,null,null,null,null,null,"","Responsável Técnico"]
[null,null,null,null,null,null,null,null,"","Nome:",{"$f":"Import.RespOrçamento","v":"FABIO MARQUES RIBEIRO"}]
[null,null,null,null,null,null,null,null,"","CREA/CAU:","CREA-MS 15.276"]
[null,null,null,null,null,null,null,null,"","ART/RRT:","1320240128034"]
[null,null,null,null,null,null,null,null,""]
[null,null,null,null,null,null,null,null,{"$f":"IF($S$109=0,\"\",\"F\")","v":""},"BDI 3",null,null,null,null,null,null,null,null,null,null,{"$f":"IF(COUNTIF(ORÇAMENTO!$V$15:$V$140,BDI_3.Título)=0,\"\",IF(OR(Import.BDI.Tipo3=\"(SELECIONAR)\",Import.BDI.Tipo3=\"\",U97<>\"\",AND($J97<>$A$145,OR(S101=\"\",S102=\"\",AND($J97<>$A$146,OR(S103=\"\",S104=\"\")),S105=\"\",S106=\"\"))),\"Falta preencher o BDI 3\",\"\"))","v":""}]
[null,null,null,null,null,null,null,null,{"$f":"IF($S$109=0,\"\",\"F\")","v":""}]
[null,null,null,null,null,null,null,null,"","TIPO DE OBRA"]
[null,null,null,null,null,null,null,null,"","(SELECIONAR)",null,null,null,null,null,null,null,null,null,{"$f":"IF(U97=\"\",\"\",\"◄\")","v":""},{"$f":"IF(AND(OR(S109>0,COUNTIF(ORÇAMENTO!$V$15:$V$140,BDI_3.Título)>0),OR(Import.BDI.Tipo3=\"(SELECIONAR)\",Import.BDI.Tipo3=\"\")),\"Selecione o Tipo de obra\",\"\")","v":""}]
[null,null,null,null,null,null,null,null,""]
[null,null,null,null,null,null,null,null,"","Itens",null,null,null,null,null,null,null,"Siglas","% Adotado",null,"Situação",null,null,"1º Quartil","Médio","3º Quartil"]
[null,null,null,null,null,null,null,null,""]
[null,null,null,null,null,null,null,null,"",{"$f":"IF($J$97=$A$146,\"Encargos Sociais incidentes sobre a mão de obra\",\"Administração Central\")","v":"Administração Central"},null,null,null,null,null,null,null,{"$f":"IF($J97=$A$146,\"K1\",\"AC\")","v":"AC"},null,{"$f":"IF(AND($U$94<>\"\",$U$97=\"\",R101<>\"\",S101=\"\"),\"◄\",\"\")","v":""},{"$f":"IFERROR(IF(T101=\"◄\",\"FALTA PREENCHER\",IF(AND(OR(S101>=X101,X101=\"-\"),OR(S101<=Z101,Z101=\"-\")),\"OK\",\"FORA DO INTERVALO\")),\"-\")","v":"-"},null,null,{"$f":"VLOOKUP(CONCATENATE(J97,\"-\",R101),$C$2:$G$136,3,FALSE)","v":{"$error":"#N/A"}},{"$f":"VLOOKUP(CONCATENATE(J97,\"-\",R101),$C$2:$G$136,4,FALSE)","v":{"$error":"#N/A"}},{"$f":"VLOOKUP(CONCATENATE(J97,\"-\",R101),$C$2:$G$136,5,FALSE)","v":{"$error":"#N/A"}}]
[null,null,null,null,null,null,null,null,"",{"$f":"IF($J$97=$A$146,\"Administração Central da empresa ou consultoria - overhead\",\"Seguro e Garantia\")","v":"Seguro e Garantia"},null,null,null,null,null,null,null,{"$f":"IF($J97=$A$146,\"K2\",\"SG\")","v":"SG"},null,{"$f":"IF(AND($U$94<>\"\",$U$97=\"\",R102<>\"\",S102=\"\"),\"◄\",\"\")","v":""},{"$f":"IFERROR(IF(T102=\"◄\",\"FALTA PREENCHER\",IF(AND(OR(S102>=X102,X102=\"-\"),OR(S102<=Z102,Z102=\"-\")),\"OK\",\"FORA DO INTERVALO\")),\"-\")","v":"-"},null,null,{"$f":"VLOOKUP(CONCATENATE(J97,\"-\",R102),$C$2:$G$136,3,FALSE)","v":{"$error":"#N/A"}},{"$f":"VLOOKUP(CONCATENATE(J97,\"-\",R102),$C$2:$G$136,4,FALSE)","v":{"$error":"#N/A"}},{"$f":"VLOOKUP(CONCATENATE(J97,\"-\",R102),$C$2:$G$136,5,FALSE)","v":{"$error":"#N/A"}}]
[null,null,null,null,null,null,null,null,"","Risco",null,null,null,null,null,null,null,{"$f":"IF($J97=$A$146,\"\",\"R\")","v":"R"},null,"","-",null,null,{"$f":"VLOOKUP(CONCATENATE(J97,\"-\",R103),$C$2:$G$136,3,FALSE)","v":{"$error":"#N/A"}},{"$f":"VLOOKUP(CONCATENATE(J97,\"-\",R103),$C$2:$G$136,4,FALSE)","v":{"$error":"#N/A"}},{"$f":"VLOOKUP(CONCATENATE(J97,\"-\",R103),$C$2:$G$136,5,FALSE)","v":{"$error":"#N/A"}}]
[null,null,null,null,null,null,null,null,"","Despesas Financeiras",null,null,null,null,null,null,null,{"$f":"IF($J97=$A$146,\"\",\"DF\")","v":"DF"},null,"","-",null,null,{"$f":"VLOOKUP(CONCATENATE(J97,\"-\",R104),$C$2:$G$136,3,FALSE)","v":{"$error":"#N/A"}},{"$f":"VLOOKUP(CONCATENATE(J97,\"-\",R104),$C$2:$G$136,4,FALSE)","v":{"$error":"#N/A"}},{"$f":"VLOOKUP(CONCATENATE(J97,\"-\",R104),$C$2:$G$136,5,FALSE)","v":{"$error":"#N/A"}}]
[null,null,null,null,null,null,null,null,"",{"$f":"IF($J$57=$A$146,\"Margem bruta da empresa de consultoria\",\"Lucro\")","v":"Lucro"},null,null,null,null,null,null,null,{"$f":"IF($J97=$A$146,\"K3\",\"L\")","v":"L"},null,"","-",null,null,{"$f":"VLOOKUP(CONCATENATE(J97,\"-\",R105),$C$2:$G$136,3,FALSE)","v":{"$error":"#N/A"}},{"$f":"VLOOKUP(CONCATENATE(J97,\"-\",R105),$C$2:$G$136,4,FALSE)","v":{"$error":"#N/A"}},{"$f":"VLOOKUP(CONCATENATE(J97,\"-\",R105),$C$2:$G$136,5,FALSE)","v":{"$error":"#N/A"}}]
[null,null,null,null,null,null,null,null,"","Tributos (impostos COFINS 3%, e  PIS 0,65%)",null,null,null,null,null,null,null,"CP",null,"","FORA DO INTERVALO",null,null,{"$f":"Y106","v":3.6499999999999998E-2},{"$f":"IF($J97=$A$145,\"-\",3.65%)","v":3.6499999999999998E-2},{"$f":"Y106","v":3.6499999999999998E-2}]
[null,null,null,null,null,null,null,null,"","Tributos (ISS, variável de acordo com o município)",null,null,null,null,null,null,null,"ISS",{"$f":"IF(AND($J97<>$A$145,COUNTA(OFFSET(S100,1,0,6))>0),$R$11*$R$10,0)","v":0},null,"OK",null,null,0,2.5000000000000001E-2,0.05]
[null,null,null,null,null,null,null,null,"","Tributos (Contribuição Previdenciária sobre a Receita Bruta - Lei 12.546 de 14/12/2011 - Desoneração)",null,null,null,null,null,null,null,"CPRB",{"$f":"IF(BDI.Opcao<>\"Desonerado\",0,IF(AND($J97<>$A$145,COUNTA(OFFSET(S100,1,0,6))>0),IF(YEAR(Import.DataBase)<2025,4.5%,IF(YEAR(Import.DataBase)=2025,3.6%,IF(YEAR(Import.DataBase)=2026,2.7%,IF(YEAR(Import.DataBase)=2027,1.8%,0%)))),0%))","v":0},null,"OK",null,null,{"$f":"$S108","v":0},{"$f":"$S108","v":0},{"$f":"$S108","v":0}]
[null,null,null,null,null,null,null,null,"","BDI SEM desoneração (Fórmula Acórdão TCU)",null,null,null,null,null,null,null,"BDI PAD",{"$f":"IF($J97=$A$145,0,ROUND((((1+S101+S102+S103)*(1+S104)*(1+S105)/(1-(S106+S107)))-1),4))","v":0},null,{"$f":"IFERROR(IF(AND(OR(S109>=X109,X109=\"-\"),OR(S109<=Z109,Z109=\"-\")),\"OK\",\"FORA DO INTERVALO\"),IF(S109=0,\"OK\",\"Selecione o Tipo de obra\"))","v":"OK"},null,null,{"$f":"IF($J97=$A$145,0,VLOOKUP(CONCATENATE($J97,\"-\",$R109),$C$2:$G$136,3,FALSE))","v":{"$error":"#N/A"}},{"$f":"IF($J97=$A$145,0,VLOOKUP(CONCATENATE($J97,\"-\",$R109),$C$2:$G$136,4,FALSE))","v":{"$error":"#N/A"}},{"$f":"IF($J97=$A$145,0,VLOOKUP(CONCATENATE($J97,\"-\",$R109),$C$2:$G$136,5,FALSE))","v":{"$error":"#N/A"}}]
[null,null,null,null,null,null,null,null,"","BDI COM desoneração",null,null,null,null,null,null,null,"BDI DES",{"$f":"IF($J97=$A$145,0,ROUND((((1+S101+S102+S103)*(1+S104)*(1+S105)/(1-(S106+S107+S108)))-1),4))","v":0}]
[null,null,null,null,null,null,null,null,""]
[null,null,null,null,null,null,null,null,"",{"$f":"IF(U109<>\"ok\",\"X\",\"\")","v":""},{"$f":"IF(U109<>\"ok\",\"Anexo: Relatório Técnico Circunstanciado justificando a adoção do percentual de cada parcela do BDI.\",\"\")","v":""}]
[null,null,null,null,null,null,null,null,""]
[null,null,null,null,null,null,null,null,"","Os valores de BDI foram calculados com o emprego da fórmula:"]
[null,null,null,null,null,null,null,null,"",null,null,null,"BDI =",{"$f":"IF($J97=$A$146,\"(1+K1+K2)*(1+K3)\",\"(1+AC + S + R + G)*(1 + DF)*(1+L)\")","v":"(1+AC + S + R + G)*(1 + DF)*(1+L)"},null,null," - 1"]
[null,null,null,null,null,null,null,null,"",null,null,null,null,"(1-CP-ISS-CRPB)"]
[null,null,null,null,null,null,null,null,""]
[null,null,null,null,null,null,null,null,"",{"$f":"CONCATENATE(\"Declaro para os devidos fins que, conforme legislação tributária municipal, a base de cálculo deste tipo de obra corresponde à \",$R$10*100,\"%, com a respectiva alíquota de \",$R$11*100,\"%.\")","v":"Declaro para os devidos fins que, conforme legislação tributária municipal, a base de cálculo deste tipo de obra corresponde à 100%, com a respectiva alíquota de 5%."}]
[null,null,null,null,null,null,null,null,""]
[null,null,null,null,null,null,null,null,"",{"$f":"CONCATENATE(\"Declaro para os devidos fins que o regime de Contribuição Previdenciária sobre a Receita Bruta adotado para elaboração do orçamento foi \",IF(DESONERACAO=\"Sim\",\"COM\",\"SEM\"),\" Desoneração, e que esta é a alternativa mais adequada para a Administração Pública.\")","v":"Declaro para os devidos fins que o regime de Contribuição Previdenciária sobre a Receita Bruta adotado para elaboração do orçamento foi SEM Desoneração, e que esta é a alternativa mais adequada para a Administração Pública."}]
[null,null,null,null,null,null,null,null,""]
[null,null,null,null,null,null,null,null,"","Observações:"]
[null,null,null,null,null,null,null,null,""]
[null,null,null,null,null,null,null,null,""]
[null,null,null,null,null,null,null,null,"",{"$f":"Import.Município","v":"SIDROLÂNDIA/MS"},null,null,null,null,null,{"$f":"DADOS!$C$25","v":"2024-09-24"}]
[null,null,null,null,null,null,null,null,"","Local",null,null,null,null,null,"Data"]
[null,null,null,null,null,null,null,null,""]
[null,null,null,null,null,null,null,null,""]
[null,null,null,null,null,null,null,null,"","Responsável Técnico"]
[null,null,null,null,null,null,null,null,"","Nome:",{"$f":"Import.RespOrçamento","v":"FABIO MARQUES RIBEIRO"}]
[null,null,null,null,null,null,null,null,"","CREA/CAU:","CREA-MS 15.276"]
[null,null,null,null,null,null,null,null,"","ART/RRT:","1320240128034"]
[]
[]
[]
[]
[]
["(SELECIONAR)"]
["Construção e Reforma de Edifícios"]
["Construção de Praças Urbanas, Rodovias, Ferrovias e recapeamento e pavimentação de vias urbanas"]
["Construção de Redes de Abastecimento de Água, Coleta de Esgoto"]
["Construção e Manutenção de Estações e Redes de Distribuição de Energia Elétrica"]
["Obras Portuárias, Marítimas e Fluviais"]
["Fornecimento de Materiais e Equipamentos (aquisição indireta - em conjunto com licitação de obras)"]
["Fornecimento de Materiais e Equipamentos (aquisição direta)"]
["Estudos e Projetos, Planos e Gerenciamento e outros correlatos"]

{"sheet":"ORÇAMENTO","index":4,"n_rows":157,"n_cols":40,"rows_kept":157,"cut":false,"hidden":false,"merged":[[155,14,155,16],[14,14,14,17],[142,16,142,23],[145,14,147,23],[149,14,149,23],[152,14,152,16],[150,14,150,23],[3,14,3,15],[3,18,3,23],[4,14,4,15],[4,18,4,23],[7,5,7,10],[7,11,11,11],[7,14,7,15],[7,18,7,20],[8,5,8,10],[9,5,9,10],[4,30,4,31],[6,14,6,15],[6,18,6,20],[6,37,10,37],[7,24,11,24],[7,25,11,25],[11,26,11,27],[6,35,10,35]]}
[null,null,null,null,null,null,null,null,null,null,null,null,null,null,null,null,null,"PO - PLANILHA ORÇAMENTÁRIA",null,null,null,null,null,"Grau de Sigilo"]
[null,null,null,"LOTE","Meta","Nível 2","Nível 3","Nível 4","Serviço",null,null,null,null,null,null,null,null,{"$f":"IF(TIPOORCAMENTO=\"licitado\",\"Orçamento Licitado\",\"Orçamento Base para Licitação\")&\" - \"&import.recurso","v":"Orçamento Base para Licitação - OGU"},null,null,null,null,null,"#PUBLICO"]
[null,null,null,null,"SINAPI","SINAPI-I","SICRO","Composição","Cotação"]
["Nmax",null,null,null,null,"BDI 1","BDI 2","BDI 3",0,null,null,null,null,null,"Nº OPERAÇÃO",null,"Nº TransfereGOV","PROPONENTE / TOMADOR","APELIDO DO EMPREENDIMENTO"]
[{"$f":"MAX($C$15:$C$140)","v":2},null,null,null,null,{"$f":"IF(BDI.Opcao=\"DESONERADO\",BDI!$S$30,BDI!$S$29)","v":0.22470000000000001},{"$f":"IF(BDI.Opcao=\"DESONERADO\",BDI!$S$70,BDI!$S$69)","v":0},{"$f":"IF(BDI.Opcao=\"DESONERADO\",BDI!$S$110,BDI!$S$109)","v":0},null,null,null,null,null,null,{"$f":"Import.CR","v":"1.087.299-22/2023"},null,{"$f":"Import.TransfereGOV","v":"942900/2023"},{"$f":"Import.Proponente","v":"PREFEITURA MUNICIPAL DE SIDROLÂNDIA"},{"$f":"Import.Apelido","v":"MODERNIZAÇÃO E REVITALIZAÇÃO DO ESTÁDIO MUNICIPAL DE SIDROLÂNDIA/MS"},null,null,null,null,null,null,null,null,null,null,null,"Arredondamento"]
[]
[null,null,null,null,null,"RA","RP","CP","OU",null,null,null,null,null,"LOCALIDADE SINAPI",null,"DATA BASE",{"$f":"IF(TIPOORCAMENTO=\"Licitado\",\"NOME DA EMPRESA\",\"DESCRIÇÃO DO LOTE\")","v":"DESCRIÇÃO DO LOTE"},{"$f":"IF(TIPOORCAMENTO=\"Licitado\",\"REGIME DE EXECUÇÃO\",\"MUNICÍPIO / UF\")","v":"MUNICÍPIO / UF"},null,null,{"$f":"IF(TIPOORCAMENTO=\"Licitado\",\"\",\"BDI 1\")","v":"BDI 1"},{"$f":"IF(TIPOORCAMENTO=\"Licitado\",\"\",\"BDI 2\")","v":"BDI 2"},{"$f":"IF(TIPOORCAMENTO=\"Licitado\",\"Nº CTEF\",\"BDI 3\")","v":"BDI 3"},null,null,null,null,{"$f":"IF(COUNTIFS($L$15:$L$140,\"F\",$AC$15:$AC$140,\"JUSTIFICAR BDI\")>0,\"JUSTIFICAR BDI\",\"\")","v":""},null,"Quantidade",true,null,null,null,"QUANTIDADES: ACOMP. POR BM",null,"PREÇO UNITÁRIO LICITADO"]
[null,null,null,null,"Intervalo de procura:",{"$f":"IF(LEN(INFO(\"release\"))>5,\"'Referência \"&Excel_BuiltIn_Database&\".xlsm'#Banco.$a5:$a$65536\",\"'[Referência \"&Excel_BuiltIn_Database&\".xlsm]Banco'!$a5:$a$65536\")","v":"'[Referência 06-2025.xlsm]Banco'!$a5:$a$65536"},null,null,null,null,null,"FILTRO",null,null,{"$f":"IF(ISERROR(INDIRECT($F$9)),\"(N/D: 'Referência \"&Excel_BuiltIn_Database&\".xlsm)\",INDIRECT($F$9))","v":"CAMPO GRANDE"},null,{"$f":"TEXT(Import.DataBase,\"mm-aa\")&IF(DESONERACAO=\"Sim\",\" (DES.)\",\" (N DES.)\")","v":"06-25 (N DES.)"},{"$f":"IF(TIPOORCAMENTO=\"Licitado\",Import.empresa,Import.DescLote)","v":"REFORMA DE ARQUIBANCADA"},{"$f":"IF(TIPOORCAMENTO=\"Licitado\",Import.RegimeExecução,Import.Município)","v":"SIDROLÂNDIA/MS"},null,null,{"$f":"IF(TIPOORCAMENTO=\"Licitado\",\"\",TEXT(F5,\"0,00%\"))","v":"22,47%"},{"$f":"IF(TIPOORCAMENTO=\"Licitado\",\"\",TEXT(G5,\"0,00%\"))","v":"0,00%"},{"$f":"IF(TIPOORCAMENTO=\"Licitado\",Import.CTEF,TEXT(H5,\"0,00%\"))","v":"0,00%"},"RECURSO","SGL RECURSO",null,null,null,null,"Custo Unitáro",true]
[null,null,null,null,"Localidade:",{"$f":"IF(LEN(INFO(\"release\"))>5,\"'Referência \"&Excel_BuiltIn_Database&\".xlsm'#Banco.$d$3\",\"'[Referência \"&Excel_BuiltIn_Database&\".xlsm]Banco'!$d$3\")","v":"'[Referência 06-2025.xlsm]Banco'!$d$3"},null,null,null,null,null,null,null,null,null,null,null,null,null,{"$f":"IF(AND(Import.TipoArredondamento=\"TransfereGOV\",$AF$7=FALSE),\"▼\",\"\")","v":""},{"$f":"IF(AND(Import.TipoArredondamento=\"TransfereGOV\",$AF$8=FALSE),\"▼\",\"\")","v":""},{"$f":"IF(AND(Import.TipoArredondamento=\"TransfereGOV\",$AF$9=FALSE),\"▼\",\"\")","v":""},{"$f":"IF(AND(Import.TipoArredondamento=\"TransfereGOV\",$AF$10=FALSE),\"▼\",\"\")","v":""},{"$f":"IF(AND(Import.TipoArredondamento=\"TransfereGOV\",$AF$11=FALSE),\"▼\",\"\")","v":""},null,null,null,null,null,null,"BDI",true]
[null,null,null,null,"Data base:",{"$f":"IF(LEN(INFO(\"release\"))>5,\"'Referência \"&Excel_BuiltIn_Database&\".xlsm'#Banco.$B$3\",\"'[Referência \"&Excel_BuiltIn_Database&\".xlsm]Banco'!$B$3\")","v":"'[Referência 06-2025.xlsm]Banco'!$B$3"},null,null,null,null,null,null,null,null,null,null,null,null,null,null,null,null,null,null,null,null,null,null,"ERRO GERAL",null,"Preço Unitário",true]
[null,null,null,null,null,{"$f":"IFERROR(INDIRECT(F10),\"\")","v":"06/2025"},{"$f":"IFERROR(TEXT(Import.DataBase,\"mm/aaaa\"),\"\")","v":"06/2025"},null,null,null,null,null,null,null,null,null,null,null,null,null,null,null,null,null,null,null,null,null,{"$f":"IF(COUNTIFS($L$15:$L$140,\"F\",$AC$15:$AC$140,\"<>\"&\" \",$AC$15:$AC$140,\"<>\"&\"JUSTIFICAR BDI\")>0,\"NÃO OK\",\"OK\")","v":"OK"},null,"Preço Total",true]
[null,null,null,null,null,null,null,null,null,null,null,null,null,null,{"$f":"IF(AND(Import.TipoArredondamento=\"TransfereGOV\",COUNTIF($AF$7:$AF$11,TRUE)<>5),\"Para contratos que tramitam no Transferegov todos os valores devem ser arredondados para duas casas decimais\",\n IF(AND($F$11<>\"\",$G$11<>\"\",$F$11<>$G$11),\"O arquivo \"&MID($F$10,2,SEARCH(\"]\",$F$10)-1)&\" está com a data base errada (\"&F11&\"). Corrija a data base antes de continuar.\",\nIF(COUNTIF($AC$15:$AC$140,\"FONTE\")>0,\"Falta preencher a Fonte (coluna P) na Linha \"&(14+MATCH(\"FONTE\",$AC$15:$AC$140,0)),\n IF(COUNTIF($AC$15:$AC$140,\"CÓDIGO\")>0,\"Falta preencher o Código (coluna Q) na Linha \"&(14+MATCH(\"CÓDIGO\",$AC$15:$AC$140,0)),\n IF(COUNTIF($AC$15:$AC$140,\"CÓDIGO N/ID\")>0,\"Código (coluna Q) não identificado na Linha \"&(14+MATCH(\"CÓDIGO N/ID\",$AC$15:$AC$140,0))&\". Verifique se o código está correto ou busque outro código\",\n IF(COUNTIF($AC$15:$AC$140,\"DESCRIÇÃO\")>0,\"Falta preencher a Descrição (coluna R) na Linha \"&(14+MATCH(\"DESCRIÇÃO\",$AC$15:$AC$140,0)),\n IF(COUNTIF($AC$15:$AC$140,\"UNIDADE\")>0,\"Falta preencher a Unidade (coluna S) na Linha \"&(14+MATCH(\"UNIDADE\",$AC$15:$AC$140,0)),\n IF(COUNTIF($AC$15:$AC$140,\"SEM CUSTO\")>0,\"Falta preencher o Custo Unitário (coluna U) na Linha \"&(14+MATCH(\"SEM CUSTO\",$AC$15:$AC$140,0)),\n IF(COUNTIF($AC$15:$AC$140,\"SEM PREÇO\")>0,\"Falta preencher o Preço Unitário licitado (coluna AL) na Linha \"&(14+MATCH(\"SEM CUSTO\",$AC$15:$AC$140,0)),\n IF(COUNTIF($AC$15:$AC$140,\"BDI\")>0,\"Falta definir o BDI (coluna V) na Linha \"&(14+MATCH(\"BDI\",$AC$15:$AC$140,0)),\n IF(COUNTIF($AC$15:$AC$140,\"ACIMA REF.\")>0,\n         IF(TIPOORCAMENTO=\"Proposto\",\"O custo unitário (coluna U) na Linha \"&(14+MATCH(\"ACIMA REF.\",$AC$15:$AC$140,0))&\" está acima do custo referencial (coluna AG)\",\n            \"O preço unitário licitado (coluna AL) na Linha \"&(14+MATCH(\"ACIMA REF.\",$AC$15:$AC$140,0))&\" está acima do preço referencial do edital (coluna AN)\"),\n IF(COUNTIF($AC$15:$AC$140,\"QUANT.\")>0,\"Falta a Quantidade do serviço na Linha \"&(14+MATCH(\"QUANT.\",$AC$15:$AC$140,0))&IF(ACOMPANHAMENTO=\"PLE\",\". Preencher na aba CÁLCULO\",\". Preencher na coluna AJ\"),\n IF(COUNTIF($AC$15:$AC$140,\"Código >13\")>0,\"O tamanho do código do serviço no TransfereGOV é limitado a 13 caracteres. Resuma o código (coluna Q) na Linha \"&(14+MATCH(\"Código >13\",$AC$15:$AC$140,0)),\n IF(COUNTIF($AC$15:$AC$140,\"Descrição >100\")>0,\"O tamanho da descrição de macrosserviço no TransfereGOV é limitado a 100 caracteres. Resuma a descrição (coluna R) na Linha \"&(14+MATCH(\"Descrição >100\",$AC$15:$AC$140,0)),\n IF(COUNTIF($AC$15:$AC$140,\"Descrição >500\")>0,\"O tamanho da descrição de serviço no TransfereGOV é limitado a 500 caracteres. Resuma a descrição (coluna R) na Linha \"&(14+MATCH(\"Descrição >500\",$AC$15:$AC$140,0)),\n IF(COUNTIF($AC$15:$AC$140,\"Unid. Não Disp\")>0,\"Unidade não disponível na lista do TransfereGOV. Reveja a unidade (coluna S) na Linha \"&(14+MATCH(\"Unid. Não Disp\",$AC$15:$AC$140,0)),\n IF(AND(TIPOORCAMENTO=\"Proposto\",LEFT($O$8,5)=\"(N/D:\"),\"Abra o arquivo Referência \"&Excel_BuiltIn_Database&\".xlsm\",\"\")))))))))))))))))","v":""},null,null,null,null,null,null,null,null,null,null,null,"Valores não Arredondados",null,null,null,null,null,null,null,null,"↓",null,"↓"]
["Nível E","Save Nivel","Nível C","Altura","n1","n2","n3","n4","n5","Czero","Cnível","↓","Nível","Nível Corrigido","Item","Fonte","Código","Descrição","Unidade","Quantidade",{"$f":"IF(TIPOORCAMENTO=\"Licitado\",\"\",\"Custo Unitário (sem BDI) (R$)\")","v":"Custo Unitário (sem BDI) (R$)"},{"$f":"IF(TIPOORCAMENTO=\"Licitado\",\"\",\"BDI\n(%)\")","v":"BDI\n(%)"},"Preço Unitário (com BDI) (R$)","Preço Total\n(R$)","↓","↓","Contrapartida (R$)","Outros (R$)","Erro de Dados","Lista Crono","Concatenação Fonte-Código","BancoDesloc","Custo Unitário Referência (R$)",{"$f":"IF(TIPOORCAMENTO=\"LICITADO\",\"Valor BDI Edital\",\"Valor BDI\")","v":"Valor BDI"},null,"Quantidade",null,"Preço Unitário (com BDI) (R$)","Preço Total\nLicit. (R$)","Preço Unitário Edital (R$)"]
[{"$f":"CHOOSE(1+LOG(1+2*(ORÇAMENTO.Nivel=\"Meta\")+4*(ORÇAMENTO.Nivel=\"Nível 2\")+8*(ORÇAMENTO.Nivel=\"Nível 3\")+16*(ORÇAMENTO.Nivel=\"Nível 4\")+32*(ORÇAMENTO.Nivel=\"Serviço\"),2),0,1,2,3,4,\"S\")","v":"S"},{"$f":"IF(OR(C14=\"s\",C14=0),OFFSET(B14,-1,0),C14)","v":"Save Nivel"},{"$f":"IF(OFFSET(C14,-1,0)=\"L\",1,IF(OFFSET(C14,-1,0)=1,2,IF(OR(A14=\"s\",A14=0),\"S\",IF(AND(OFFSET(C14,-1,0)=2,A14=4),3,IF(AND(OR(OFFSET(C14,-1,0)=\"s\",OFFSET(C14,-1,0)=0),A14<>\"s\",A14>OFFSET(B14,-1,0)),OFFSET(B14,-1,0),A14)))))","v":"S"},{"$f":"IF(OR(C14=\"S\",C14=0),0,IF(ISERROR(K14),J14,SMALL(J14:K14,1)))","v":0},{"$f":"IF($C14=1,OFFSET(E14,-1,0)+MAX(1,COUNTIF(QCI!$A$13:$A$24,OFFSET(ORÇAMENTO!E14,-1,0))),OFFSET(E14,-1,0))","v":"n1"},{"$f":"IF($C14=1,0,IF($C14=2,OFFSET(F14,-1,0)+1,OFFSET(F14,-1,0)))","v":"n2"},{"$f":"IF(AND($C14<=2,$C14<>0),0,IF($C14=3,OFFSET(G14,-1,0)+1,OFFSET(G14,-1,0)))","v":"n3"},{"$f":"IF(AND($C14<=3,$C14<>0),0,IF($C14=4,OFFSET(H14,-1,0)+1,OFFSET(H14,-1,0)))","v":"n4"},{"$f":"IF(AND($C14<=4,$C14<>0),0,IF(AND($C14=\"S\",$X14>0),OFFSET(I14,-1,0)+1,OFFSET(I14,-1,0)))","v":"n5"},{"$f":"IF(OR($C14=\"S\",$C14=0),0,MATCH(0,OFFSET($D14,1,$C14,ROW($C$140)-ROW($C14)),0))","v":0},{"$f":"IF(OR($C14=\"S\",$C14=0),0,MATCH(OFFSET($D14,0,$C14)+IF($C14<>1,1,COUNTIF(QCI!$A$13:$A$24,ORÇAMENTO!E14)),OFFSET($D14,1,$C14,ROW($C$140)-ROW($C14)),0))","v":0},{"$f":"IF(OR($X14>0,$C14=1,$C14=2,$C14=3,$C14=4),\"F\",\"\")","v":""},"Serviço",{"$f":"CHOOSE(1+LOG(1+2*(C14=1)+4*(C14=2)+8*(C14=3)+16*(C14=4)+32*(C14=\"S\"),2),\"\",\"Meta\",\"Nível 2\",\"Nível 3\",\"Nível 4\",\"Serviço\")","v":"Serviço"},{"$f":"IF(OR($C14=0,$L14=\"\"),\"-\",CONCATENATE(E14&\".\",IF(AND($A$5>=2,$C14>=2),F14&\".\",\"\"),IF(AND($A$5>=3,$C14>=3),G14&\".\",\"\"),IF(AND($A$5>=4,$C14>=4),H14&\".\",\"\"),IF($C14=\"S\",I14&\".\",\"\")))","v":"-"},"SINAPI",null,{"$f":"IF($C14=\"S\",REFERENCIA.Descricao,\"(digite a descrição aqui)\")","v":"(Sem Código)"},{"$f":"REFERENCIA.Unidade","v":"-"},{"$f":"OFFSET(CÁLCULO!H$15,ROW($T14)-ROW(T$15),0)","v":0},null,"BDI 1",{"$f":"IF($C14=\"S\",ROUND(IF(TIPOORCAMENTO=\"Proposto\",ORÇAMENTO.CustoUnitario*(1+$AH14),ORÇAMENTO.PrecoUnitarioLicitado),15-13*$AF$10),0)","v":0},{"$f":"IF($C14=\"S\",IF(OR(Import.TipoArredondamento<>\"TransfereGOV\",ACOMPANHAMENTO=\"BM\"),VTOTAL1,SUM(OFFSET(CÁLCULO!$AA$15,ROW($X14)-ROW($X$15),1):OFFSET(CÁLCULO!$AL$15,ROW($X14)-ROW($X$15),-1))),IF($C14=0,0,ROUND(SomaAgrup,15-13*$AF$11)))","v":0},"RA",{"$f":"IF(AND($C14=\"S\",$X14>0),IF(ISBLANK($Y14),\"RA\",LEFT($Y14,2)),\"\")","v":""},{"$f":"IF($C14=\"S\",IF($Z14=\"CP\",$X14,IF($Z14=\"RA\",(($X14)*QCI!$AA$3),0)),SomaAgrup)","v":0},{"$f":"IF($C14=\"S\",IF($Z14=\"OU\",ROUND($X14,2),0),SomaAgrup)","v":0},{"$f":"IF($N14=\"\",\" \",\nIF(AND($C14<>\"S\",OR($R14=\"\",$R14=\"(digite a descrição aqui)\")),\"DESCRIÇÃO\",\nIF(AND($C14=\"S\",OR($Q14<>\"\",$T14>0,$U14>0),$P14=\"\"),\"FONTE\",\nIF(AND($C14=\"S\",$P14<>\"\",OR($T14>0,$U14>0),$Q14=\"\"),\"CÓDIGO\",\nIF(AND($C14=\"S\",$P14<>\"\",$Q14<>\"\",$R14=\"(Código não identificado nas referências)\"),\"CÓDIGO N/ID\",\nIF(AND($C14=\"S\",OR($R14=\"\",$R14=\"(digite a descrição aqui)\"),OR($Q14<>\"\",$T14>0,$U14>0)),\"DESCRIÇÃO\",\nIF(AND($C14=\"S\",$P14<>\"\",$Q14<>\"\",$S14=\"\"),\"UNIDADE\",\nIF(AND($C14=\"S\",$P14<>\"\",$Q14<>\"\",$U14=0),\"SEM CUSTO\",\nIF(AND(TIPOORCAMENTO=\"Licitado\",$AL14=0,$AN14>0),\"SEM PREÇO\",\nIF(AND($C14=\"S\",$P14<>\"\",$Q14<>\"\",$U14>0,AND($V14<>\"BDI 1\",$V14<>\"BDI 2\",$V14<>\"BDI 3\")),IF(ISNUMBER($V14),\"JUSTIFICAR BDI\",\"BDI\"),\nIF(OR(AND(import.recurso=\"OGU\",TIPOORCAMENTO=\"Proposto\",LEFT($O$8,5)<>\"(N/D:\",$AG14<>\"\",ORÇAMENTO.CustoUnitario>$AG14),AND(TIPOORCAMENTO=\"LICITADO\",ORÇAMENTO.PrecoUnitarioLicitado>$AN14)),\"ACIMA REF.\",\nIF(AND($C14=\"S\",$P14<>\"\",$Q14<>\"\",$T14=0,$U14>0),\"QUANT.\",\nIF(AND(Import.TipoArredondamento=\"TransfereGOV\",$L14=\"F\",$C14=\"S\",LEN($Q14)>13),\"Código >13\",\nIF(AND(Import.TipoArredondamento=\"TransfereGOV\",$L14=\"F\",$C14<>\"S\",LEN($R14)>100),\"Descrição >100\",\nIF(AND(Import.TipoArredondamento=\"TransfereGOV\",$L14=\"F\",$C14=\"S\",LEN($R14)>500),\"Descrição >500\",\nIF(AND(Import.TipoArredondamento=\"TransfereGOV\",$L14=\"F\",$C14=\"S\",LEFT(TRIM(UPPER($P14)),6)<>\"SINAPI\",ISNA(VLOOKUP(TRIM(UPPER($S14)),ListaTgov.Unidades,1,FALSE))),\"Unid. Não Disp\",\n\" \"))))))))))))))))","v":" "},{"$f":"IF(C14<=CRONO.NivelExibicao,MAX($AD$15:OFFSET(AD14,-1,0))+IF($C14<>1,1,MAX(1,COUNTIF(QCI!$A$13:$A$24,OFFSET($E14,-1,0)))),\"\")","v":""},{"$f":"IF(AND($C14=\"S\",ORÇAMENTO.CodBarra<>\"\"),IF(ORÇAMENTO.Fonte=\"\",ORÇAMENTO.CodBarra,CONCATENATE(ORÇAMENTO.Fonte,\" \",ORÇAMENTO.CodBarra)))","v":false},{"$f":"IF(ISERROR(ORÇAMENTO.BancoRef),\"(abra o arquivo 'Referência \"&Excel_BuiltIn_Database&\".xlsm)\",IF(OR($C14<>\"S\",ORÇAMENTO.CodBarra=\"\"),\"(Sem Código)\",IF(ISERROR(MATCH($AE14,INDIRECT(ORÇAMENTO.BancoRef),0)),\"(Código não identificado nas referências)\",MATCH($AE14,INDIRECT(ORÇAMENTO.BancoRef),0))))","v":"(Sem Código)"},{"$f":"ROUND(IF(DESONERACAO=\"sim\",REFERENCIA.Desonerado,REFERENCIA.NaoDesonerado),2)","v":0},{"$f":"ROUND(IF(ISNUMBER(ORÇAMENTO.OpcaoBDI),ORÇAMENTO.OpcaoBDI,IF(LEFT(ORÇAMENTO.OpcaoBDI,3)=\"BDI\",HLOOKUP(ORÇAMENTO.OpcaoBDI,$F$4:$H$5,2,FALSE),0)),15-11*$AF$9)","v":0.22470000000000001},null,null,null,null,{"$f":"$X14","v":0},{"$f":"ROUND(ORÇAMENTO.CustoUnitario*(1+$AH14),2)","v":0}]
[0,null,"L",{"$f":"COUNTA(OFFSET(D15,1,0):D$140)","v":124},0,null,null,null,null,null,null,"F",{"$f":"IF(TIPOORCAMENTO=\"LICITADO\",\"CTEF\",\"LOTE\")","v":"LOTE"},{"$f":"IF(TIPOORCAMENTO=\"LICITADO\",\"CTEF\",\"LOTE\")","v":"LOTE"},{"$f":"Import.DescLote","v":"REFORMA DE ARQUIBANCADA"},null,null,null,null,null,null,null,null,{"$f":"SUMIF(OFFSET($C15,1,0,ROW(X140)-ROW(X15)-1),\"S\",OFFSET(X15,1,0,ROW(X140)-ROW(X15)-1))","v":713057.76000000013},null,{"$f":"IF(AND($C15=\"S\",$X15>0),LEFT($Y15,2),\"\")","v":""},{"$f":"SUMIF(OFFSET($C15,1,0,ROW(AA140)-ROW(AA15)-1),\"S\",OFFSET(AA15,1,0,ROW(AA140)-ROW(AA15)-1))","v":235557.76000000007},{"$f":"SUMIF(OFFSET($C15,1,0,ROW(AB140)-ROW(AB15)-1),\"S\",OFFSET(AB15,1,0,ROW(AB140)-ROW(AB15)-1))","v":0}," ",null,null,null,null,null,null,null,null,null,713057.76000000013]
[{"$f":"CHOOSE(1+LOG(1+2*(ORÇAMENTO.Nivel=\"Meta\")+4*(ORÇAMENTO.Nivel=\"Nível 2\")+8*(ORÇAMENTO.Nivel=\"Nível 3\")+16*(ORÇAMENTO.Nivel=\"Nível 4\")+32*(ORÇAMENTO.Nivel=\"Serviço\"),2),0,1,2,3,4,\"S\")","v":1},{"$f":"IF(OR(C16=\"s\",C16=0),OFFSET(B16,-1,0),C16)","v":1},{"$f":"IF(OFFSET(C16,-1,0)=\"L\",1,IF(OFFSET(C16,-1,0)=1,2,IF(OR(A16=\"s\",A16=0),\"S\",IF(AND(OFFSET(C16,-1,0)=2,A16=4),3,IF(AND(OR(OFFSET(C16,-1,0)=\"s\",OFFSET(C16,-1,0)=0),A16<>\"s\",A16>OFFSET(B16,-1,0)),OFFSET(B16,-1,0),A16)))))","v":1},{"$f":"IF(OR(C16=\"S\",C16=0),0,IF(ISERROR(K16),J16,SMALL(J16:K16,1)))","v":124},{"$f":"IF($C16=1,OFFSET(E16,-1,0)+MAX(1,COUNTIF(QCI!$A$13:$A$24,OFFSET(ORÇAMENTO!E16,-1,0))),OFFSET(E16,-1,0))","v":1},{"$f":"IF($C16=1,0,IF($C16=2,OFFSET(F16,-1,0)+1,OFFSET(F16,-1,0)))","v":0},{"$f":"IF(AND($C16<=2,$C16<>0),0,IF($C16=3,OFFSET(G16,-1,0)+1,OFFSET(G16,-1,0)))","v":0},{"$f":"IF(AND($C16<=3,$C16<>0),0,IF($C16=4,OFFSET(H16,-1,0)+1,OFFSET(H16,-1,0)))","v":0},{"$f":"IF(AND($C16<=4,$C16<>0),0,IF(AND($C16=\"S\",$X16>0),OFFSET(I16,-1,0)+1,OFFSET(I16,-1,0)))","v":0},{"$f":"IF(OR($C16=\"S\",$C16=0),0,MATCH(0,OFFSET($D16,1,$C16,ROW($C$140)-ROW($C16)),0))","v":124},{"$f":"IF(OR($C16=\"S\",$C16=0),0,MATCH(OFFSET($D16,0,$C16)+IF($C16<>1,1,COUNTIF(QCI!$A$13:$A$24,ORÇAMENTO!E16)),OFFSET($D16,1,$C16,ROW($C$140)-ROW($C16)),0))","v":{"$error":"#N/A"}},{"$f":"IF(OR($X16>0,$C16=1,$C16=2,$C16=3,$C16=4),\"F\",\"\")","v":"F"},"Meta",{"$f":"CHOOSE(1+LOG(1+2*(C16=1)+4*(C16=2)+8*(C16=3)+16*(C16=4)+32*(C16=\"S\"),2),\"\",\"Meta\",\"Nível 2\",\"Nível 3\",\"Nível 4\",\"Serviço\")","v":"Meta"},{"$f":"IF(OR($C16=0,$L16=\"\"),\"-\",CONCATENATE(E16&\".\",IF(AND($A$5>=2,$C16>=2),F16&\".\",\"\"),IF(AND($A$5>=3,$C16>=3),G16&\".\",\"\"),IF(AND($A$5>=4,$C16>=4),H16&\".\",\"\"),IF($C16=\"S\",I16&\".\",\"\")))","v":"1."},null,null,"MODERNIZAÇÃO E REVITALIZAÇÃO DO ESTÁDIO MUNICIPAL DE SIDROLÂNDIA/MS","-",{"$f":"OFFSET(CÁLCULO!H$15,ROW($T16)-ROW(T$15),0)","v":0},null,"BDI 1",{"$f":"IF($C16=\"S\",ROUND(IF(TIPOORCAMENTO=\"Proposto\",ORÇAMENTO.CustoUnitario*(1+$AH16),ORÇAMENTO.PrecoUnitarioLicitado),15-13*$AF$10),0)","v":0},{"$f":"IF($C16=\"S\",IF(OR(Import.TipoArredondamento<>\"TransfereGOV\",ACOMPANHAMENTO=\"BM\"),VTOTAL1,SUM(OFFSET(CÁLCULO!$AA$15,ROW($X16)-ROW($X$15),1):OFFSET(CÁLCULO!$AL$15,ROW($X16)-ROW($X$15),-1))),IF($C16=0,0,ROUND(SomaAgrup,15-13*$AF$11)))","v":713057.76},"RA",{"$f":"IF(AND($C16=\"S\",$X16>0),IF(ISBLANK($Y16),\"RA\",LEFT($Y16,2)),\"\")","v":""},{"$f":"IF($C16=\"S\",IF($Z16=\"CP\",$X16,IF($Z16=\"RA\",(($X16)*QCI!$AA$3),0)),SomaAgrup)","v":235557.76000000007},{"$f":"IF($C16=\"S\",IF($Z16=\"OU\",ROUND($X16,2),0),SomaAgrup)","v":0},{"$f":"IF($N16=\"\",\" \",\nIF(AND($C16<>\"S\",OR($R16=\"\",$R16=\"(digite a descrição aqui)\")),\"DESCRIÇÃO\",\nIF(AND($C16=\"S\",OR($Q16<>\"\",$T16>0,$U16>0),$P16=\"\"),\"FONTE\",\nIF(AND($C16=\"S\",$P16<>\"\",OR($T16>0,$U16>0),$Q16=\"\"),\"CÓDIGO\",\nIF(AND($C16=\"S\",$P16<>\"\",$Q16<>\"\",$R16=\"(Código não identificado nas referências)\"),\"CÓDIGO N/ID\",\nIF(AND($C16=\"S\",OR($R16=\"\",$R16=\"(digite a descrição aqui)\"),OR($Q16<>\"\",$T16>0,$U16>0)),\"DESCRIÇÃO\",\nIF(AND($C16=\"S\",$P16<>\"\",$Q16<>\"\",$S16=\"\"),\"UNIDADE\",\nIF(AND($C16=\"S\",$P16<>\"\",$Q16<>\"\",$U16=0),\"SEM CUSTO\",\nIF(AND(TIPOORCAMENTO=\"Licitado\",$AL16=0,$AN16>0),\"SEM PREÇO\",\nIF(AND($C16=\"S\",$P16<>\"\",$Q16<>\"\",$U16>0,AND($V16<>\"BDI 1\",$V16<>\"BDI 2\",$V16<>\"BDI 3\")),IF(ISNUMBER($V16),\"JUSTIFICAR BDI\",\"BDI\"),\nIF(OR(AND(import.recurso=\"OGU\",TIPOORCAMENTO=\"Proposto\",LEFT($O$8,5)<>\"(N/D:\",$AG16<>\"\",ORÇAMENTO.CustoUnitario>$AG16),AND(TIPOORCAMENTO=\"LICITADO\",ORÇAMENTO.PrecoUnitarioLicitado>$AN16)),\"ACIMA REF.\",\nIF(AND($C16=\"S\",$P16<>\"\",$Q16<>\"\",$T16=0,$U16>0),\"QUANT.\",\nIF(AND(Import.TipoArredondamento=\"TransfereGOV\",$L16=\"F\",$C16=\"S\",LEN($Q16)>13),\"Código >13\",\nIF(AND(Import.TipoArredondamento=\"TransfereGOV\",$L16=\"F\",$C16<>\"S\",LEN($R16)>100),\"Descrição >100\",\nIF(AND(Import.TipoArredondamento=\"TransfereGOV\",$L16=\"F\",$C16=\"S\",LEN($R16)>500),\"Descrição >500\",\nIF(AND(Import.TipoArredondamento=\"TransfereGOV\",$L16=\"F\",$C16=\"S\",LEFT(TRIM(UPPER($P16)),6)<>\"SINAPI\",ISNA(VLOOKUP(TRIM(UPPER($S16)),ListaTgov.Unidades,1,FALSE))),\"Unid. Não Disp\",\n\" \"))))))))))))))))","v":" "},{"$f":"IF(C16<=CRONO.NivelExibicao,MAX($AD$15:OFFSET(AD16,-1,0))+IF($C16<>1,1,MAX(1,COUNTIF(QCI!$A$13:$A$24,OFFSET($E16,-1,0)))),\"\")","v":1},{"$f":"IF(AND($C16=\"S\",ORÇAMENTO.CodBarra<>\"\"),IF(ORÇAMENTO.Fonte=\"\",ORÇAMENTO.CodBarra,CONCATENATE(ORÇAMENTO.Fonte,\" \",ORÇAMENTO.CodBarra)))","v":false},{"$f":"IF(ISERROR(ORÇAMENTO.BancoRef),\"(abra o arquivo 'Referência \"&Excel_BuiltIn_Database&\".xlsm)\",IF(OR($C16<>\"S\",ORÇAMENTO.CodBarra=\"\"),\"(Sem Código)\",IF(ISERROR(MATCH($AE16,INDIRECT(ORÇAMENTO.BancoRef),0)),\"(Código não identificado nas referências)\",MATCH($AE16,INDIRECT(ORÇAMENTO.BancoRef),0))))","v":"(Sem Código)"},{"$f":"ROUND(IF(DESONERACAO=\"sim\",REFERENCIA.Desonerado,REFERENCIA.NaoDesonerado),2)","v":0},{"$f":"ROUND(IF(ISNUMBER(ORÇAMENTO.OpcaoBDI),ORÇAMENTO.OpcaoBDI,IF(LEFT(ORÇAMENTO.OpcaoBDI,3)=\"BDI\",HLOOKUP(ORÇAMENTO.OpcaoBDI,$F$4:$H$5,2,FALSE),0)),15-11*$AF$9)","v":0.22470000000000001},null,null,null,null,713057.76,{"$f":"ROUND(ORÇAMENTO.CustoUnitario*(1+$AH16),2)","v":0}]
[2,2,2,4,{"$f":"IF($C17=1,OFFSET(E17,-1,0)+MAX(1,COUNTIF(QCI!$A$13:$A$24,OFFSET(ORÇAMENTO!E17,-1,0))),OFFSET(E17,-1,0))","v":1},1,0,0,0,123,{"$f":"IF(OR($C17=\"S\",$C17=0),0,MATCH(OFFSET($D17,0,$C17)+IF($C17<>1,1,COUNTIF(QCI!$A$13:$A$24,ORÇAMENTO!E17)),OFFSET($D17,1,$C17,ROW($C$140)-ROW($C17)),0))","v":4},"F","Nível 2","Nível 2","1.1.","Composição","01","SERVIÇOS PRELIMINARES","-",{"$f":"OFFSET(CÁLCULO!H$15,ROW($T17)-ROW(T$15),0)","v":0},{"$f":"AG17","v":0},"BDI 1",{"$f":"IF($C17=\"S\",ROUND(IF(TIPOORCAMENTO=\"Proposto\",ORÇAMENTO.CustoUnitario*(1+$AH17),ORÇAMENTO.PrecoUnitarioLicitado),15-13*$AF$10),0)","v":0},{"$f":"IF($C17=\"S\",IF(OR(Import.TipoArredondamento<>\"TransfereGOV\",ACOMPANHAMENTO=\"BM\"),VTOTAL1,SUM(OFFSET(CÁLCULO!$AA$15,ROW($X17)-ROW($X$15),1):OFFSET(CÁLCULO!$AL$15,ROW($X17)-ROW($X$15),-1))),IF($C17=0,0,ROUND(SomaAgrup,15-13*$AF$11)))","v":13392.84},"RA","",{"$f":"IF($C17=\"S\",IF($Z17=\"CP\",$X17,IF($Z17=\"RA\",(($X17)*QCI!$AA$3),0)),SomaAgrup)","v":4424.3083343464359},{"$f":"IF($C17=\"S\",IF($Z17=\"OU\",ROUND($X17,2),0),SomaAgrup)","v":0},{"$f":"IF($N17=\"\",\" \",\nIF(AND($C17<>\"S\",OR($R17=\"\",$R17=\"(digite a descrição aqui)\")),\"DESCRIÇÃO\",\nIF(AND($C17=\"S\",OR($Q17<>\"\",$T17>0,$U17>0),$P17=\"\"),\"FONTE\",\nIF(AND($C17=\"S\",$P17<>\"\",OR($T17>0,$U17>0),$Q17=\"\"),\"CÓDIGO\",\nIF(AND($C17=\"S\",$P17<>\"\",$Q17<>\"\",$R17=\"(Código não identificado nas referências)\"),\"CÓDIGO N/ID\",\nIF(AND($C17=\"S\",OR($R17=\"\",$R17=\"(digite a descrição aqui)\"),OR($Q17<>\"\",$T17>0,$U17>0)),\"DESCRIÇÃO\",\nIF(AND($C17=\"S\",$P17<>\"\",$Q17<>\"\",$S17=\"\"),\"UNIDADE\",\nIF(AND($C17=\"S\",$P17<>\"\",$Q17<>\"\",$U17=0),\"SEM CUSTO\",\nIF(AND(TIPOORCAMENTO=\"Licitado\",$AL17=0,$AN17>0),\"SEM PREÇO\",\nIF(AND($C17=\"S\",$P17<>\"\",$Q17<>\"\",$U17>0,AND($V17<>\"BDI 1\",$V17<>\"BDI 2\",$V17<>\"BDI 3\")),IF(ISNUMBER($V17),\"JUSTIFICAR BDI\",\"BDI\"),\nIF(OR(AND(import.recurso=\"OGU\",TIPOORCAMENTO=\"Proposto\",LEFT($O$8,5)<>\"(N/D:\",$AG17<>\"\",ORÇAMENTO.CustoUnitario>$AG17),AND(TIPOORCAMENTO=\"LICITADO\",ORÇAMENTO.PrecoUnitarioLicitado>$AN17)),\"ACIMA REF.\",\nIF(AND($C17=\"S\",$P17<>\"\",$Q17<>\"\",$T17=0,$U17>0),\"QUANT.\",\nIF(AND(Import.TipoArredondamento=\"TransfereGOV\",$L17=\"F\",$C17=\"S\",LEN($Q17)>13),\"Código >13\",\nIF(AND(Import.TipoArredondamento=\"TransfereGOV\",$L17=\"F\",$C17<>\"S\",LEN($R17)>100),\"Descrição >100\",\nIF(AND(Import.TipoArredondamento=\"TransfereGOV\",$L17=\"F\",$C17=\"S\",LEN($R17)>500),\"Descrição >500\",\nIF(AND(Import.TipoArredondamento=\"TransfereGOV\",$L17=\"F\",$C17=\"S\",LEFT(TRIM(UPPER($P17)),6)<>\"SINAPI\",ISNA(VLOOKUP(TRIM(UPPER($S17)),ListaTgov.Unidades,1,FALSE))),\"Unid. Não Disp\",\n\" \"))))))))))))))))","v":" "},{"$f":"IF(C17<=CRONO.NivelExibicao,MAX($AD$15:OFFSET(AD17,-1,0))+IF($C17<>1,1,MAX(1,COUNTIF(QCI!$A$13:$A$24,OFFSET($E17,-1,0)))),\"\")","v":2},{"$f":"IF(AND($C17=\"S\",ORÇAMENTO.CodBarra<>\"\"),IF(ORÇAMENTO.Fonte=\"\",ORÇAMENTO.CodBarra,CONCATENATE(ORÇAMENTO.Fonte,\" \",ORÇAMENTO.CodBarra)))","v":false},{"$f":"IF(ISERROR(ORÇAMENTO.BancoRef),\"(abra o arquivo 'Referência \"&Excel_BuiltIn_Database&\".xlsm)\",IF(OR($C17<>\"S\",ORÇAMENTO.CodBarra=\"\"),\"(Sem Código)\",IF(ISERROR(MATCH($AE17,INDIRECT(ORÇAMENTO.BancoRef),0)),\"(Código não identificado nas referências)\",MATCH($AE17,INDIRECT(ORÇAMENTO.BancoRef),0))))","v":"(Sem Código)"},{"$f":"ROUND(IF(DESONERACAO=\"sim\",REFERENCIA.Desonerado,REFERENCIA.NaoDesonerado),2)","v":0},0.22470000000000001,null,null,null,385.4,13392.84,{"$f":"ROUND(ORÇAMENTO.CustoUnitario*(1+$AH17),2)","v":0}]
["S",2,"S",0,{"$f":"IF($C18=1,OFFSET(E18,-1,0)+MAX(1,COUNTIF(QCI!$A$13:$A$24,OFFSET(ORÇAMENTO!E18,-1,0))),OFFSET(E18,-1,0))","v":1},1,0,0,1,0,{"$f":"IF(OR($C18=\"S\",$C18=0),0,MATCH(OFFSET($D18,0,$C18)+IF($C18<>1,1,COUNTIF(QCI!$A$13:$A$24,ORÇAMENTO!E18)),OFFSET($D18,1,$C18,ROW($C$140)-ROW($C18)),0))","v":0},"F","Serviço","Serviço","1.1.1.","SINAPI","103689","FORNECIMENTO E INSTALAÇÃO DE PLACA DE OBRA COM CHAPA GALVANIZADA E ESTRUTURA DE MADEIRA. AF_03/2022_PS","M2",{"$f":"OFFSET(CÁLCULO!H$15,ROW($T18)-ROW(T$15),0)","v":8},{"$f":"AG18","v":455.88},"BDI 1",{"$f":"IF($C18=\"S\",ROUND(IF(TIPOORCAMENTO=\"Proposto\",ORÇAMENTO.CustoUnitario*(1+$AH18),ORÇAMENTO.PrecoUnitarioLicitado),15-13*$AF$10),0)","v":558.32000000000005},{"$f":"IF($C18=\"S\",IF(OR(Import.TipoArredondamento<>\"TransfereGOV\",ACOMPANHAMENTO=\"BM\"),VTOTAL1,SUM(OFFSET(CÁLCULO!$AA$15,ROW($X18)-ROW($X$15),1):OFFSET(CÁLCULO!$AL$15,ROW($X18)-ROW($X$15),-1))),IF($C18=0,0,ROUND(SomaAgrup,15-13*$AF$11)))","v":4466.5600000000004},"RA","RA",{"$f":"IF($C18=\"S\",IF($Z18=\"CP\",$X18,IF($Z18=\"RA\",(($X18)*QCI!$AA$3),0)),SomaAgrup)","v":1475.5226399970743},{"$f":"IF($C18=\"S\",IF($Z18=\"OU\",ROUND($X18,2),0),SomaAgrup)","v":0},{"$f":"IF($N18=\"\",\" \",\nIF(AND($C18<>\"S\",OR($R18=\"\",$R18=\"(digite a descrição aqui)\")),\"DESCRIÇÃO\",\nIF(AND($C18=\"S\",OR($Q18<>\"\",$T18>0,$U18>0),$P18=\"\"),\"FONTE\",\nIF(AND($C18=\"S\",$P18<>\"\",OR($T18>0,$U18>0),$Q18=\"\"),\"CÓDIGO\",\nIF(AND($C18=\"S\",$P18<>\"\",$Q18<>\"\",$R18=\"(Código não identificado nas referências)\"),\"CÓDIGO N/ID\",\nIF(AND($C18=\"S\",OR($R18=\"\",$R18=\"(digite a descrição aqui)\"),OR($Q18<>\"\",$T18>0,$U18>0)),\"DESCRIÇÃO\",\nIF(AND($C18=\"S\",$P18<>\"\",$Q18<>\"\",$S18=\"\"),\"UNIDADE\",\nIF(AND($C18=\"S\",$P18<>\"\",$Q18<>\"\",$U18=0),\"SEM CUSTO\",\nIF(AND(TIPOORCAMENTO=\"Licitado\",$AL18=0,$AN18>0),\"SEM PREÇO\",\nIF(AND($C18=\"S\",$P18<>\"\",$Q18<>\"\",$U18>0,AND($V18<>\"BDI 1\",$V18<>\"BDI 2\",$V18<>\"BDI 3\")),IF(ISNUMBER($V18),\"JUSTIFICAR BDI\",\"BDI\"),\nIF(OR(AND(import.recurso=\"OGU\",TIPOORCAMENTO=\"Proposto\",LEFT($O$8,5)<>\"(N/D:\",$AG18<>\"\",ORÇAMENTO.CustoUnitario>$AG18),AND(TIPOORCAMENTO=\"LICITADO\",ORÇAMENTO.PrecoUnitarioLicitado>$AN18)),\"ACIMA REF.\",\nIF(AND($C18=\"S\",$P18<>\"\",$Q18<>\"\",$T18=0,$U18>0),\"QUANT.\",\nIF(AND(Import.TipoArredondamento=\"TransfereGOV\",$L18=\"F\",$C18=\"S\",LEN($Q18)>13),\"Código >13\",\nIF(AND(Import.TipoArredondamento=\"TransfereGOV\",$L18=\"F\",$C18<>\"S\",LEN($R18)>100),\"Descrição >100\",\nIF(AND(Import.TipoArredondamento=\"TransfereGOV\",$L18=\"F\",$C18=\"S\",LEN($R18)>500),\"Descrição >500\",\nIF(AND(Import.TipoArredondamento=\"TransfereGOV\",$L18=\"F\",$C18=\"S\",LEFT(TRIM(UPPER($P18)),6)<>\"SINAPI\",ISNA(VLOOKUP(TRIM(UPPER($S18)),ListaTgov.Unidades,1,FALSE))),\"Unid. Não Disp\",\n\" \"))))))))))))))))","v":" "},{"$f":"IF(C18<=CRONO.NivelExibicao,MAX($AD$15:OFFSET(AD18,-1,0))+IF($C18<>1,1,MAX(1,COUNTIF(QCI!$A$13:$A$24,OFFSET($E18,-1,0)))),\"\")","v":""},{"$f":"IF(AND($C18=\"S\",ORÇAMENTO.CodBarra<>\"\"),IF(ORÇAMENTO.Fonte=\"\",ORÇAMENTO.CodBarra,CONCATENATE(ORÇAMENTO.Fonte,\" \",ORÇAMENTO.CodBarra)))","v":"SINAPI 103689"},{"$f":"IF(ISERROR(ORÇAMENTO.BancoRef),\"(abra o arquivo 'Referência \"&Excel_BuiltIn_Database&\".xlsm)\",IF(OR($C18<>\"S\",ORÇAMENTO.CodBarra=\"\"),\"(Sem Código)\",IF(ISERROR(MATCH($AE18,INDIRECT(ORÇAMENTO.BancoRef),0)),\"(Código não identificado nas referências)\",MATCH($AE18,INDIRECT(ORÇAMENTO.BancoRef),0))))","v":14856},{"$f":"ROUND(IF(DESONERACAO=\"sim\",REFERENCIA.Desonerado,REFERENCIA.NaoDesonerado),2)","v":455.88},0.22470000000000001,null,8,null,null,4466.5600000000004,{"$f":"ROUND(ORÇAMENTO.CustoUnitario*(1+$AH18),2)","v":558.32000000000005}]
["S",2,"S",0,{"$f":"IF($C19=1,OFFSET(E19,-1,0)+MAX(1,COUNTIF(QCI!$A$13:$A$24,OFFSET(ORÇAMENTO!E19,-1,0))),OFFSET(E19,-1,0))","v":1},1,0,0,2,0,{"$f":"IF(OR($C19=\"S\",$C19=0),0,MATCH(OFFSET($D19,0,$C19)+IF($C19<>1,1,COUNTIF(QCI!$A$13:$A$24,ORÇAMENTO!E19)),OFFSET($D19,1,$C19,ROW($C$140)-ROW($C19)),0))","v":0},"F","Serviço","Serviço","1.1.2.","Composição","CPU 02","EXECUÇÃO DE ESCRITÓRIO EM CANTEIRO DE OBRA EM CHAPA DE MADEIRA COMPENSADA, NÃO INCLUSO MOBILIÁRIO E EQUIPAMENTOS","M2",{"$f":"OFFSET(CÁLCULO!H$15,ROW($T19)-ROW(T$15),0)","v":6},{"$f":"AG19","v":1020.27},"BDI 1",{"$f":"IF($C19=\"S\",ROUND(IF(TIPOORCAMENTO=\"Proposto\",ORÇAMENTO.CustoUnitario*(1+$AH19),ORÇAMENTO.PrecoUnitarioLicitado),15-13*$AF$10),0)","v":1249.52},{"$f":"IF($C19=\"S\",IF(OR(Import.TipoArredondamento<>\"TransfereGOV\",ACOMPANHAMENTO=\"BM\"),VTOTAL1,SUM(OFFSET(CÁLCULO!$AA$15,ROW($X19)-ROW($X$15),1):OFFSET(CÁLCULO!$AL$15,ROW($X19)-ROW($X$15),-1))),IF($C19=0,0,ROUND(SomaAgrup,15-13*$AF$11)))","v":7497.12},"RA","RA",{"$f":"IF($C19=\"S\",IF($Z19=\"CP\",$X19,IF($Z19=\"RA\",(($X19)*QCI!$AA$3),0)),SomaAgrup)","v":2476.6644341002616},{"$f":"IF($C19=\"S\",IF($Z19=\"OU\",ROUND($X19,2),0),SomaAgrup)","v":0},{"$f":"IF($N19=\"\",\" \",\nIF(AND($C19<>\"S\",OR($R19=\"\",$R19=\"(digite a descrição aqui)\")),\"DESCRIÇÃO\",\nIF(AND($C19=\"S\",OR($Q19<>\"\",$T19>0,$U19>0),$P19=\"\"),\"FONTE\",\nIF(AND($C19=\"S\",$P19<>\"\",OR($T19>0,$U19>0),$Q19=\"\"),\"CÓDIGO\",\nIF(AND($C19=\"S\",$P19<>\"\",$Q19<>\"\",$R19=\"(Código não identificado nas referências)\"),\"CÓDIGO N/ID\",\nIF(AND($C19=\"S\",OR($R19=\"\",$R19=\"(digite a descrição aqui)\"),OR($Q19<>\"\",$T19>0,$U19>0)),\"DESCRIÇÃO\",\nIF(AND($C19=\"S\",$P19<>\"\",$Q19<>\"\",$S19=\"\"),\"UNIDADE\",\nIF(AND($C19=\"S\",$P19<>\"\",$Q19<>\"\",$U19=0),\"SEM CUSTO\",\nIF(AND(TIPOORCAMENTO=\"Licitado\",$AL19=0,$AN19>0),\"SEM PREÇO\",\nIF(AND($C19=\"S\",$P19<>\"\",$Q19<>\"\",$U19>0,AND($V19<>\"BDI 1\",$V19<>\"BDI 2\",$V19<>\"BDI 3\")),IF(ISNUMBER($V19),\"JUSTIFICAR BDI\",\"BDI\"),\nIF(OR(AND(import.recurso=\"OGU\",TIPOORCAMENTO=\"Proposto\",LEFT($O$8,5)<>\"(N/D:\",$AG19<>\"\",ORÇAMENTO.CustoUnitario>$AG19),AND(TIPOORCAMENTO=\"LICITADO\",ORÇAMENTO.PrecoUnitarioLicitado>$AN19)),\"ACIMA REF.\",\nIF(AND($C19=\"S\",$P19<>\"\",$Q19<>\"\",$T19=0,$U19>0),\"QUANT.\",\nIF(AND(Import.TipoArredondamento=\"TransfereGOV\",$L19=\"F\",$C19=\"S\",LEN($Q19)>13),\"Código >13\",\nIF(AND(Import.TipoArredondamento=\"TransfereGOV\",$L19=\"F\",$C19<>\"S\",LEN($R19)>100),\"Descrição >100\",\nIF(AND(Import.TipoArredondamento=\"TransfereGOV\",$L19=\"F\",$C19=\"S\",LEN($R19)>500),\"Descrição >500\",\nIF(AND(Import.TipoArredondamento=\"TransfereGOV\",$L19=\"F\",$C19=\"S\",LEFT(TRIM(UPPER($P19)),6)<>\"SINAPI\",ISNA(VLOOKUP(TRIM(UPPER($S19)),ListaTgov.Unidades,1,FALSE))),\"Unid. Não Disp\",\n\" \"))))))))))))))))","v":" "},{"$f":"IF(C19<=CRONO.NivelExibicao,MAX($AD$15:OFFSET(AD19,-1,0))+IF($C19<>1,1,MAX(1,COUNTIF(QCI!$A$13:$A$24,OFFSET($E19,-1,0)))),\"\")","v":""},{"$f":"IF(AND($C19=\"S\",ORÇAMENTO.CodBarra<>\"\"),IF(ORÇAMENTO.Fonte=\"\",ORÇAMENTO.CodBarra,CONCATENATE(ORÇAMENTO.Fonte,\" \",ORÇAMENTO.CodBarra)))","v":"Composição CPU 02"},{"$f":"IF(ISERROR(ORÇAMENTO.BancoRef),\"(abra o arquivo 'Referência \"&Excel_BuiltIn_Database&\".xlsm)\",IF(OR($C19<>\"S\",ORÇAMENTO.CodBarra=\"\"),\"(Sem Código)\",IF(ISERROR(MATCH($AE19,INDIRECT(ORÇAMENTO.BancoRef),0)),\"(Código não identificado nas referências)\",MATCH($AE19,INDIRECT(ORÇAMENTO.BancoRef),0))))","v":4},{"$f":"ROUND(IF(DESONERACAO=\"sim\",REFERENCIA.Desonerado,REFERENCIA.NaoDesonerado),2)","v":1020.27},0.22470000000000001,null,6,null,null,7497.12,{"$f":"ROUND(ORÇAMENTO.CustoUnitario*(1+$AH19),2)","v":1249.52}]
["S",2,"S",0,{"$f":"IF($C20=1,OFFSET(E20,-1,0)+MAX(1,COUNTIF(QCI!$A$13:$A$24,OFFSET(ORÇAMENTO!E20,-1,0))),OFFSET(E20,-1,0))","v":1},1,0,0,3,0,{"$f":"IF(OR($C20=\"S\",$C20=0),0,MATCH(OFFSET($D20,0,$C20)+IF($C20<>1,1,COUNTIF(QCI!$A$13:$A$24,ORÇAMENTO!E20)),OFFSET($D20,1,$C20,ROW($C$140)-ROW($C20)),0))","v":0},"F","Serviço","Serviço","1.1.3.","Composição","CPU 03","EXECUÇÃO DE SANITÁRIO E VESTIÁRIO EM CANTEIRO DE OBRA EM CHAPA DE MADEIRA COMPENSADA, NÃO INCLUSO MOBILIÁRIO.","M2",{"$f":"OFFSET(CÁLCULO!H$15,ROW($T20)-ROW(T$15),0)","v":1.2},972.46,"BDI 1",{"$f":"IF($C20=\"S\",ROUND(IF(TIPOORCAMENTO=\"Proposto\",ORÇAMENTO.CustoUnitario*(1+$AH20),ORÇAMENTO.PrecoUnitarioLicitado),15-13*$AF$10),0)","v":1190.97},{"$f":"IF($C20=\"S\",IF(OR(Import.TipoArredondamento<>\"TransfereGOV\",ACOMPANHAMENTO=\"BM\"),VTOTAL1,SUM(OFFSET(CÁLCULO!$AA$15,ROW($X20)-ROW($X$15),1):OFFSET(CÁLCULO!$AL$15,ROW($X20)-ROW($X$15),-1))),IF($C20=0,0,ROUND(SomaAgrup,15-13*$AF$11)))","v":1429.16},"RA","RA",{"$f":"IF($C20=\"S\",IF($Z20=\"CP\",$X20,IF($Z20=\"RA\",(($X20)*QCI!$AA$3),0)),SomaAgrup)","v":472.12126024909963},{"$f":"IF($C20=\"S\",IF($Z20=\"OU\",ROUND($X20,2),0),SomaAgrup)","v":0},{"$f":"IF($N20=\"\",\" \",\nIF(AND($C20<>\"S\",OR($R20=\"\",$R20=\"(digite a descrição aqui)\")),\"DESCRIÇÃO\",\nIF(AND($C20=\"S\",OR($Q20<>\"\",$T20>0,$U20>0),$P20=\"\"),\"FONTE\",\nIF(AND($C20=\"S\",$P20<>\"\",OR($T20>0,$U20>0),$Q20=\"\"),\"CÓDIGO\",\nIF(AND($C20=\"S\",$P20<>\"\",$Q20<>\"\",$R20=\"(Código não identificado nas referências)\"),\"CÓDIGO N/ID\",\nIF(AND($C20=\"S\",OR($R20=\"\",$R20=\"(digite a descrição aqui)\"),OR($Q20<>\"\",$T20>0,$U20>0)),\"DESCRIÇÃO\",\nIF(AND($C20=\"S\",$P20<>\"\",$Q20<>\"\",$S20=\"\"),\"UNIDADE\",\nIF(AND($C20=\"S\",$P20<>\"\",$Q20<>\"\",$U20=0),\"SEM CUSTO\",\nIF(AND(TIPOORCAMENTO=\"Licitado\",$AL20=0,$AN20>0),\"SEM PREÇO\",\nIF(AND($C20=\"S\",$P20<>\"\",$Q20<>\"\",$U20>0,AND($V20<>\"BDI 1\",$V20<>\"BDI 2\",$V20<>\"BDI 3\")),IF(ISNUMBER($V20),\"JUSTIFICAR BDI\",\"BDI\"),\nIF(OR(AND(import.recurso=\"OGU\",TIPOORCAMENTO=\"Proposto\",LEFT($O$8,5)<>\"(N/D:\",$AG20<>\"\",ORÇAMENTO.CustoUnitario>$AG20),AND(TIPOORCAMENTO=\"LICITADO\",ORÇAMENTO.PrecoUnitarioLicitado>$AN20)),\"ACIMA REF.\",\nIF(AND($C20=\"S\",$P20<>\"\",$Q20<>\"\",$T20=0,$U20>0),\"QUANT.\",\nIF(AND(Import.TipoArredondamento=\"TransfereGOV\",$L20=\"F\",$C20=\"S\",LEN($Q20)>13),\"Código >13\",\nIF(AND(Import.TipoArredondamento=\"TransfereGOV\",$L20=\"F\",$C20<>\"S\",LEN($R20)>100),\"Descrição >100\",\nIF(AND(Import.TipoArredondamento=\"TransfereGOV\",$L20=\"F\",$C20=\"S\",LEN($R20)>500),\"Descrição >500\",\nIF(AND(Import.TipoArredondamento=\"TransfereGOV\",$L20=\"F\",$C20=\"S\",LEFT(TRIM(UPPER($P20)),6)<>\"SINAPI\",ISNA(VLOOKUP(TRIM(UPPER($S20)),ListaTgov.Unidades,1,FALSE))),\"Unid. Não Disp\",\n\" \"))))))))))))))))","v":" "},{"$f":"IF(C20<=CRONO.NivelExibicao,MAX($AD$15:OFFSET(AD20,-1,0))+IF($C20<>1,1,MAX(1,COUNTIF(QCI!$A$13:$A$24,OFFSET($E20,-1,0)))),\"\")","v":""},{"$f":"IF(AND($C20=\"S\",ORÇAMENTO.CodBarra<>\"\"),IF(ORÇAMENTO.Fonte=\"\",ORÇAMENTO.CodBarra,CONCATENATE(ORÇAMENTO.Fonte,\" \",ORÇAMENTO.CodBarra)))","v":"Composição CPU 03"},{"$f":"IF(ISERROR(ORÇAMENTO.BancoRef),\"(abra o arquivo 'Referência \"&Excel_BuiltIn_Database&\".xlsm)\",IF(OR($C20<>\"S\",ORÇAMENTO.CodBarra=\"\"),\"(Sem Código)\",IF(ISERROR(MATCH($AE20,INDIRECT(ORÇAMENTO.BancoRef),0)),\"(Código não identificado nas referências)\",MATCH($AE20,INDIRECT(ORÇAMENTO.BancoRef),0))))","v":5},{"$f":"ROUND(IF(DESONERACAO=\"sim\",REFERENCIA.Desonerado,REFERENCIA.NaoDesonerado),2)","v":972.46},0.22470000000000001,null,1.2,null,null,1429.16,{"$f":"ROUND(ORÇAMENTO.CustoUnitario*(1+$AH20),2)","v":1190.97}]
[2,2,2,10,{"$f":"IF($C21=1,OFFSET(E21,-1,0)+MAX(1,COUNTIF(QCI!$A$13:$A$24,OFFSET(ORÇAMENTO!E21,-1,0))),OFFSET(E21,-1,0))","v":1},2,0,0,0,119,{"$f":"IF(OR($C21=\"S\",$C21=0),0,MATCH(OFFSET($D21,0,$C21)+IF($C21<>1,1,COUNTIF(QCI!$A$13:$A$24,ORÇAMENTO!E21)),OFFSET($D21,1,$C21,ROW($C$140)-ROW($C21)),0))","v":10},"F","Nível 2","Nível 2","1.2.","SINAPI",null,"DEMOLIÇÃO E RETIRADA","-",{"$f":"OFFSET(CÁLCULO!H$15,ROW($T21)-ROW(T$15),0)","v":0},0,"BDI 1",{"$f":"IF($C21=\"S\",ROUND(IF(TIPOORCAMENTO=\"Proposto\",ORÇAMENTO.CustoUnitario*(1+$AH21),ORÇAMENTO.PrecoUnitarioLicitado),15-13*$AF$10),0)","v":0},{"$f":"IF($C21=\"S\",IF(OR(Import.TipoArredondamento<>\"TransfereGOV\",ACOMPANHAMENTO=\"BM\"),VTOTAL1,SUM(OFFSET(CÁLCULO!$AA$15,ROW($X21)-ROW($X$15),1):OFFSET(CÁLCULO!$AL$15,ROW($X21)-ROW($X$15),-1))),IF($C21=0,0,ROUND(SomaAgrup,15-13*$AF$11)))","v":14025.38},"RA","",{"$f":"IF($C21=\"S\",IF($Z21=\"CP\",$X21,IF($Z21=\"RA\",(($X21)*QCI!$AA$3),0)),SomaAgrup)","v":4633.2671506846791},{"$f":"IF($C21=\"S\",IF($Z21=\"OU\",ROUND($X21,2),0),SomaAgrup)","v":0},{"$f":"IF($N21=\"\",\" \",\nIF(AND($C21<>\"S\",OR($R21=\"\",$R21=\"(digite a descrição aqui)\")),\"DESCRIÇÃO\",\nIF(AND($C21=\"S\",OR($Q21<>\"\",$T21>0,$U21>0),$P21=\"\"),\"FONTE\",\nIF(AND($C21=\"S\",$P21<>\"\",OR($T21>0,$U21>0),$Q21=\"\"),\"CÓDIGO\",\nIF(AND($C21=\"S\",$P21<>\"\",$Q21<>\"\",$R21=\"(Código não identificado nas referências)\"),\"CÓDIGO N/ID\",\nIF(AND($C21=\"S\",OR($R21=\"\",$R21=\"(digite a descrição aqui)\"),OR($Q21<>\"\",$T21>0,$U21>0)),\"DESCRIÇÃO\",\nIF(AND($C21=\"S\",$P21<>\"\",$Q21<>\"\",$S21=\"\"),\"UNIDADE\",\nIF(AND($C21=\"S\",$P21<>\"\",$Q21<>\"\",$U21=0),\"SEM CUSTO\",\nIF(AND(TIPOORCAMENTO=\"Licitado\",$AL21=0,$AN21>0),\"SEM PREÇO\",\nIF(AND($C21=\"S\",$P21<>\"\",$Q21<>\"\",$U21>0,AND($V21<>\"BDI 1\",$V21<>\"BDI 2\",$V21<>\"BDI 3\")),IF(ISNUMBER($V21),\"JUSTIFICAR BDI\",\"BDI\"),\nIF(OR(AND(import.recurso=\"OGU\",TIPOORCAMENTO=\"Proposto\",LEFT($O$8,5)<>\"(N/D:\",$AG21<>\"\",ORÇAMENTO.CustoUnitario>$AG21),AND(TIPOORCAMENTO=\"LICITADO\",ORÇAMENTO.PrecoUnitarioLicitado>$AN21)),\"ACIMA REF.\",\nIF(AND($C21=\"S\",$P21<>\"\",$Q21<>\"\",$T21=0,$U21>0),\"QUANT.\",\nIF(AND(Import.TipoArredondamento=\"TransfereGOV\",$L21=\"F\",$C21=\"S\",LEN($Q21)>13),\"Código >13\",\nIF(AND(Import.TipoArredondamento=\"TransfereGOV\",$L21=\"F\",$C21<>\"S\",LEN($R21)>100),\"Descrição >100\",\nIF(AND(Import.TipoArredondamento=\"TransfereGOV\",$L21=\"F\",$C21=\"S\",LEN($R21)>500),\"Descrição >500\",\nIF(AND(Import.TipoArredondamento=\"TransfereGOV\",$L21=\"F\",$C21=\"S\",LEFT(TRIM(UPPER($P21)),6)<>\"SINAPI\",ISNA(VLOOKUP(TRIM(UPPER($S21)),ListaTgov.Unidades,1,FALSE))),\"Unid. Não Disp\",\n\" \"))))))))))))))))","v":" "},{"$f":"IF(C21<=CRONO.NivelExibicao,MAX($AD$15:OFFSET(AD21,-1,0))+IF($C21<>1,1,MAX(1,COUNTIF(QCI!$A$13:$A$24,OFFSET($E21,-1,0)))),\"\")","v":3},{"$f":"IF(AND($C21=\"S\",ORÇAMENTO.CodBarra<>\"\"),IF(ORÇAMENTO.Fonte=\"\",ORÇAMENTO.CodBarra,CONCATENATE(ORÇAMENTO.Fonte,\" \",ORÇAMENTO.CodBarra)))","v":false},{"$f":"IF(ISERROR(ORÇAMENTO.BancoRef),\"(abra o arquivo 'Referência \"&Excel_BuiltIn_Database&\".xlsm)\",IF(OR($C21<>\"S\",ORÇAMENTO.CodBarra=\"\"),\"(Sem Código)\",IF(ISERROR(MATCH($AE21,INDIRECT(ORÇAMENTO.BancoRef),0)),\"(Código não identificado nas referências)\",MATCH($AE21,INDIRECT(ORÇAMENTO.BancoRef),0))))","v":"(Sem Código)"},{"$f":"ROUND(IF(DESONERACAO=\"sim\",REFERENCIA.Desonerado,REFERENCIA.NaoDesonerado),2)","v":0},0.22470000000000001,null,null,null,null,14025.38,{"$f":"ROUND(ORÇAMENTO.CustoUnitario*(1+$AH21),2)","v":0}]
["S",2,"S",0,{"$f":"IF($C22=1,OFFSET(E22,-1,0)+MAX(1,COUNTIF(QCI!$A$13:$A$24,OFFSET(ORÇAMENTO!E22,-1,0))),OFFSET(E22,-1,0))","v":1},2,0,0,1,0,{"$f":"IF(OR($C22=\"S\",$C22=0),0,MATCH(OFFSET($D22,0,$C22)+IF($C22<>1,1,COUNTIF(QCI!$A$13:$A$24,ORÇAMENTO!E22)),OFFSET($D22,1,$C22,ROW($C$140)-ROW($C22)),0))","v":0},"F","Serviço","Serviço","1.2.1.","SINAPI","104790","DEMOLIÇÃO DE PISO DE CONCRETO SIMPLES, DE FORMA MECANIZADA COM MARTELETE, SEM REAPROVEITAMENTO. AF_09/2023",{"$f":"REFERENCIA.Unidade","v":"M3"},{"$f":"OFFSET(CÁLCULO!H$15,ROW($T22)-ROW(T$15),0)","v":27.63},111.95,"BDI 1",{"$f":"IF($C22=\"S\",ROUND(IF(TIPOORCAMENTO=\"Proposto\",ORÇAMENTO.CustoUnitario*(1+$AH22),ORÇAMENTO.PrecoUnitarioLicitado),15-13*$AF$10),0)","v":137.11000000000001},{"$f":"IF($C22=\"S\",IF(OR(Import.TipoArredondamento<>\"TransfereGOV\",ACOMPANHAMENTO=\"BM\"),VTOTAL1,SUM(OFFSET(CÁLCULO!$AA$15,ROW($X22)-ROW($X$15),1):OFFSET(CÁLCULO!$AL$15,ROW($X22)-ROW($X$15),-1))),IF($C22=0,0,ROUND(SomaAgrup,15-13*$AF$11)))","v":3788.35},"RA","RA",{"$f":"IF($C22=\"S\",IF($Z22=\"CP\",$X22,IF($Z22=\"RA\",(($X22)*QCI!$AA$3),0)),SomaAgrup)","v":1251.476794945756},{"$f":"IF($C22=\"S\",IF($Z22=\"OU\",ROUND($X22,2),0),SomaAgrup)","v":0},{"$f":"IF($N22=\"\",\" \",\nIF(AND($C22<>\"S\",OR($R22=\"\",$R22=\"(digite a descrição aqui)\")),\"DESCRIÇÃO\",\nIF(AND($C22=\"S\",OR($Q22<>\"\",$T22>0,$U22>0),$P22=\"\"),\"FONTE\",\nIF(AND($C22=\"S\",$P22<>\"\",OR($T22>0,$U22>0),$Q22=\"\"),\"CÓDIGO\",\nIF(AND($C22=\"S\",$P22<>\"\",$Q22<>\"\",$R22=\"(Código não identificado nas referências)\"),\"CÓDIGO N/ID\",\nIF(AND($C22=\"S\",OR($R22=\"\",$R22=\"(digite a descrição aqui)\"),OR($Q22<>\"\",$T22>0,$U22>0)),\"DESCRIÇÃO\",\nIF(AND($C22=\"S\",$P22<>\"\",$Q22<>\"\",$S22=\"\"),\"UNIDADE\",\nIF(AND($C22=\"S\",$P22<>\"\",$Q22<>\"\",$U22=0),\"SEM CUSTO\",\nIF(AND(TIPOORCAMENTO=\"Licitado\",$AL22=0,$AN22>0),\"SEM PREÇO\",\nIF(AND($C22=\"S\",$P22<>\"\",$Q22<>\"\",$U22>0,AND($V22<>\"BDI 1\",$V22<>\"BDI 2\",$V22<>\"BDI 3\")),IF(ISNUMBER($V22),\"JUSTIFICAR BDI\",\"BDI\"),\nIF(OR(AND(import.recurso=\"OGU\",TIPOORCAMENTO=\"Proposto\",LEFT($O$8,5)<>\"(N/D:\",$AG22<>\"\",ORÇAMENTO.CustoUnitario>$AG22),AND(TIPOORCAMENTO=\"LICITADO\",ORÇAMENTO.PrecoUnitarioLicitado>$AN22)),\"ACIMA REF.\",\nIF(AND($C22=\"S\",$P22<>\"\",$Q22<>\"\",$T22=0,$U22>0),\"QUANT.\",\nIF(AND(Import.TipoArredondamento=\"TransfereGOV\",$L22=\"F\",$C22=\"S\",LEN($Q22)>13),\"Código >13\",\nIF(AND(Import.TipoArredondamento=\"TransfereGOV\",$L22=\"F\",$C22<>\"S\",LEN($R22)>100),\"Descrição >100\",\nIF(AND(Import.TipoArredondamento=\"TransfereGOV\",$L22=\"F\",$C22=\"S\",LEN($R22)>500),\"Descrição >500\",\nIF(AND(Import.TipoArredondamento=\"TransfereGOV\",$L22=\"F\",$C22=\"S\",LEFT(TRIM(UPPER($P22)),6)<>\"SINAPI\",ISNA(VLOOKUP(TRIM(UPPER($S22)),ListaTgov.Unidades,1,FALSE))),\"Unid. Não Disp\",\n\" \"))))))))))))))))","v":" "},{"$f":"IF(C22<=CRONO.NivelExibicao,MAX($AD$15:OFFSET(AD22,-1,0))+IF($C22<>1,1,MAX(1,COUNTIF(QCI!$A$13:$A$24,OFFSET($E22,-1,0)))),\"\")","v":""},{"$f":"IF(AND($C22=\"S\",ORÇAMENTO.CodBarra<>\"\"),IF(ORÇAMENTO.Fonte=\"\",ORÇAMENTO.CodBarra,CONCATENATE(ORÇAMENTO.Fonte,\" \",ORÇAMENTO.CodBarra)))","v":"SINAPI 104790"},{"$f":"IF(ISERROR(ORÇAMENTO.BancoRef),\"(abra o arquivo 'Referência \"&Excel_BuiltIn_Database&\".xlsm)\",IF(OR($C22<>\"S\",ORÇAMENTO.CodBarra=\"\"),\"(Sem Código)\",IF(ISERROR(MATCH($AE22,INDIRECT(ORÇAMENTO.BancoRef),0)),\"(Código não identificado nas referências)\",MATCH($AE22,INDIRECT(ORÇAMENTO.BancoRef),0))))","v":7884},{"$f":"ROUND(IF(DESONERACAO=\"sim\",REFERENCIA.Desonerado,REFERENCIA.NaoDesonerado),2)","v":111.95},0.22470000000000001,null,27.630323999999998,null,null,3788.35,{"$f":"ROUND(ORÇAMENTO.CustoUnitario*(1+$AH22),2)","v":137.11000000000001}]
["S",2,"S",0,{"$f":"IF($C23=1,OFFSET(E23,-1,0)+MAX(1,COUNTIF(QCI!$A$13:$A$24,OFFSET(ORÇAMENTO!E23,-1,0))),OFFSET(E23,-1,0))","v":1},2,0,0,2,0,{"$f":"IF(OR($C23=\"S\",$C23=0),0,MATCH(OFFSET($D23,0,$C23)+IF($C23<>1,1,COUNTIF(QCI!$A$13:$A$24,ORÇAMENTO!E23)),OFFSET($D23,1,$C23,ROW($C$140)-ROW($C23)),0))","v":0},"F","Serviço","Serviço","1.2.2.","SINAPI","98524","LIMPEZA MANUAL DE VEGETAÇÃO EM TERRENO COM ENXADA. AF_03/2024",{"$f":"REFERENCIA.Unidade","v":"M2"},{"$f":"OFFSET(CÁLCULO!H$15,ROW($T23)-ROW(T$15),0)","v":219.95},4.42,"BDI 1",{"$f":"IF($C23=\"S\",ROUND(IF(TIPOORCAMENTO=\"Proposto\",ORÇAMENTO.CustoUnitario*(1+$AH23),ORÇAMENTO.PrecoUnitarioLicitado),15-13*$AF$10),0)","v":5.41},{"$f":"IF($C23=\"S\",IF(OR(Import.TipoArredondamento<>\"TransfereGOV\",ACOMPANHAMENTO=\"BM\"),VTOTAL1,SUM(OFFSET(CÁLCULO!$AA$15,ROW($X23)-ROW($X$15),1):OFFSET(CÁLCULO!$AL$15,ROW($X23)-ROW($X$15),-1))),IF($C23=0,0,ROUND(SomaAgrup,15-13*$AF$11)))","v":1189.93},"RA","RA",{"$f":"IF($C23=\"S\",IF($Z23=\"CP\",$X23,IF($Z23=\"RA\",(($X23)*QCI!$AA$3),0)),SomaAgrup)","v":393.09192197389456},{"$f":"IF($C23=\"S\",IF($Z23=\"OU\",ROUND($X23,2),0),SomaAgrup)","v":0},{"$f":"IF($N23=\"\",\" \",\nIF(AND($C23<>\"S\",OR($R23=\"\",$R23=\"(digite a descrição aqui)\")),\"DESCRIÇÃO\",\nIF(AND($C23=\"S\",OR($Q23<>\"\",$T23>0,$U23>0),$P23=\"\"),\"FONTE\",\nIF(AND($C23=\"S\",$P23<>\"\",OR($T23>0,$U23>0),$Q23=\"\"),\"CÓDIGO\",\nIF(AND($C23=\"S\",$P23<>\"\",$Q23<>\"\",$R23=\"(Código não identificado nas referências)\"),\"CÓDIGO N/ID\",\nIF(AND($C23=\"S\",OR($R23=\"\",$R23=\"(digite a descrição aqui)\"),OR($Q23<>\"\",$T23>0,$U23>0)),\"DESCRIÇÃO\",\nIF(AND($C23=\"S\",$P23<>\"\",$Q23<>\"\",$S23=\"\"),\"UNIDADE\",\nIF(AND($C23=\"S\",$P23<>\"\",$Q23<>\"\",$U23=0),\"SEM CUSTO\",\nIF(AND(TIPOORCAMENTO=\"Licitado\",$AL23=0,$AN23>0),\"SEM PREÇO\",\nIF(AND($C23=\"S\",$P23<>\"\",$Q23<>\"\",$U23>0,AND($V23<>\"BDI 1\",$V23<>\"BDI 2\",$V23<>\"BDI 3\")),IF(ISNUMBER($V23),\"JUSTIFICAR BDI\",\"BDI\"),\nIF(OR(AND(import.recurso=\"OGU\",TIPOORCAMENTO=\"Proposto\",LEFT($O$8,5)<>\"(N/D:\",$AG23<>\"\",ORÇAMENTO.CustoUnitario>$AG23),AND(TIPOORCAMENTO=\"LICITADO\",ORÇAMENTO.PrecoUnitarioLicitado>$AN23)),\"ACIMA REF.\",\nIF(AND($C23=\"S\",$P23<>\"\",$Q23<>\"\",$T23=0,$U23>0),\"QUANT.\",\nIF(AND(Import.TipoArredondamento=\"TransfereGOV\",$L23=\"F\",$C23=\"S\",LEN($Q23)>13),\"Código >13\",\nIF(AND(Import.TipoArredondamento=\"TransfereGOV\",$L23=\"F\",$C23<>\"S\",LEN($R23)>100),\"Descrição >100\",\nIF(AND(Import.TipoArredondamento=\"TransfereGOV\",$L23=\"F\",$C23=\"S\",LEN($R23)>500),\"Descrição >500\",\nIF(AND(Import.TipoArredondamento=\"TransfereGOV\",$L23=\"F\",$C23=\"S\",LEFT(TRIM(UPPER($P23)),6)<>\"SINAPI\",ISNA(VLOOKUP(TRIM(UPPER($S23)),ListaTgov.Unidades,1,FALSE))),\"Unid. Não Disp\",\n\" \"))))))))))))))))","v":" "},{"$f":"IF(C23<=CRONO.NivelExibicao,MAX($AD$15:OFFSET(AD23,-1,0))+IF($C23<>1,1,MAX(1,COUNTIF(QCI!$A$13:$A$24,OFFSET($E23,-1,0)))),\"\")","v":""},{"$f":"IF(AND($C23=\"S\",ORÇAMENTO.CodBarra<>\"\"),IF(ORÇAMENTO.Fonte=\"\",ORÇAMENTO.CodBarra,CONCATENATE(ORÇAMENTO.Fonte,\" \",ORÇAMENTO.CodBarra)))","v":"SINAPI 98524"},{"$f":"IF(ISERROR(ORÇAMENTO.BancoRef),\"(abra o arquivo 'Referência \"&Excel_BuiltIn_Database&\".xlsm)\",IF(OR($C23<>\"S\",ORÇAMENTO.CodBarra=\"\"),\"(Sem Código)\",IF(ISERROR(MATCH($AE23,INDIRECT(ORÇAMENTO.BancoRef),0)),\"(Código não identificado nas referências)\",MATCH($AE23,INDIRECT(ORÇAMENTO.BancoRef),0))))","v":15001},{"$f":"ROUND(IF(DESONERACAO=\"sim\",REFERENCIA.Desonerado,REFERENCIA.NaoDesonerado),2)","v":4.42},0.22470000000000001,null,219.95000000000002,null,null,1189.93,{"$f":"ROUND(ORÇAMENTO.CustoUnitario*(1+$AH23),2)","v":5.41}]
["S",2,"S",0,{"$f":"IF($C24=1,OFFSET(E24,-1,0)+MAX(1,COUNTIF(QCI!$A$13:$A$24,OFFSET(ORÇAMENTO!E24,-1,0))),OFFSET(E24,-1,0))","v":1},2,0,0,3,0,{"$f":"IF(OR($C24=\"S\",$C24=0),0,MATCH(OFFSET($D24,0,$C24)+IF($C24<>1,1,COUNTIF(QCI!$A$13:$A$24,ORÇAMENTO!E24)),OFFSET($D24,1,$C24,ROW($C$140)-ROW($C24)),0))","v":0},"F","Serviço","Serviço","1.2.3.","Composição","CPU 11","REMOÇÃO DE CORRIMÃO E GUARDA CORPO, SEM REAPROVEITAMENTO",{"$f":"REFERENCIA.Unidade","v":"M2"},{"$f":"OFFSET(CÁLCULO!H$15,ROW($T24)-ROW(T$15),0)","v":38.39},24.22,"BDI 1",{"$f":"IF($C24=\"S\",ROUND(IF(TIPOORCAMENTO=\"Proposto\",ORÇAMENTO.CustoUnitario*(1+$AH24),ORÇAMENTO.PrecoUnitarioLicitado),15-13*$AF$10),0)","v":29.66},{"$f":"IF($C24=\"S\",IF(OR(Import.TipoArredondamento<>\"TransfereGOV\",ACOMPANHAMENTO=\"BM\"),VTOTAL1,SUM(OFFSET(CÁLCULO!$AA$15,ROW($X24)-ROW($X$15),1):OFFSET(CÁLCULO!$AL$15,ROW($X24)-ROW($X$15),-1))),IF($C24=0,0,ROUND(SomaAgrup,15-13*$AF$11)))","v":1138.6500000000001},"RA","RA",{"$f":"IF($C24=\"S\",IF($Z24=\"CP\",$X24,IF($Z24=\"RA\",(($X24)*QCI!$AA$3),0)),SomaAgrup)","v":376.15163661356132},{"$f":"IF($C24=\"S\",IF($Z24=\"OU\",ROUND($X24,2),0),SomaAgrup)","v":0},{"$f":"IF($N24=\"\",\" \",\nIF(AND($C24<>\"S\",OR($R24=\"\",$R24=\"(digite a descrição aqui)\")),\"DESCRIÇÃO\",\nIF(AND($C24=\"S\",OR($Q24<>\"\",$T24>0,$U24>0),$P24=\"\"),\"FONTE\",\nIF(AND($C24=\"S\",$P24<>\"\",OR($T24>0,$U24>0),$Q24=\"\"),\"CÓDIGO\",\nIF(AND($C24=\"S\",$P24<>\"\",$Q24<>\"\",$R24=\"(Código não identificado nas referências)\"),\"CÓDIGO N/ID\",\nIF(AND($C24=\"S\",OR($R24=\"\",$R24=\"(digite a descrição aqui)\"),OR($Q24<>\"\",$T24>0,$U24>0)),\"DESCRIÇÃO\",\nIF(AND($C24=\"S\",$P24<>\"\",$Q24<>\"\",$S24=\"\"),\"UNIDADE\",\nIF(AND($C24=\"S\",$P24<>\"\",$Q24<>\"\",$U24=0),\"SEM CUSTO\",\nIF(AND(TIPOORCAMENTO=\"Licitado\",$AL24=0,$AN24>0),\"SEM PREÇO\",\nIF(AND($C24=\"S\",$P24<>\"\",$Q24<>\"\",$U24>0,AND($V24<>\"BDI 1\",$V24<>\"BDI 2\",$V24<>\"BDI 3\")),IF(ISNUMBER($V24),\"JUSTIFICAR BDI\",\"BDI\"),\nIF(OR(AND(import.recurso=\"OGU\",TIPOORCAMENTO=\"Proposto\",LEFT($O$8,5)<>\"(N/D:\",$AG24<>\"\",ORÇAMENTO.CustoUnitario>$AG24),AND(TIPOORCAMENTO=\"LICITADO\",ORÇAMENTO.PrecoUnitarioLicitado>$AN24)),\"ACIMA REF.\",\nIF(AND($C24=\"S\",$P24<>\"\",$Q24<>\"\",$T24=0,$U24>0),\"QUANT.\",\nIF(AND(Import.TipoArredondamento=\"TransfereGOV\",$L24=\"F\",$C24=\"S\",LEN($Q24)>13),\"Código >13\",\nIF(AND(Import.TipoArredondamento=\"TransfereGOV\",$L24=\"F\",$C24<>\"S\",LEN($R24)>100),\"Descrição >100\",\nIF(AND(Import.TipoArredondamento=\"TransfereGOV\",$L24=\"F\",$C24=\"S\",LEN($R24)>500),\"Descrição >500\",\nIF(AND(Import.TipoArredondamento=\"TransfereGOV\",$L24=\"F\",$C24=\"S\",LEFT(TRIM(UPPER($P24)),6)<>\"SINAPI\",ISNA(VLOOKUP(TRIM(UPPER($S24)),ListaTgov.Unidades,1,FALSE))),\"Unid. Não Disp\",\n\" \"))))))))))))))))","v":" "},{"$f":"IF(C24<=CRONO.NivelExibicao,MAX($AD$15:OFFSET(AD24,-1,0))+IF($C24<>1,1,MAX(1,COUNTIF(QCI!$A$13:$A$24,OFFSET($E24,-1,0)))),\"\")","v":""},{"$f":"IF(AND($C24=\"S\",ORÇAMENTO.CodBarra<>\"\"),IF(ORÇAMENTO.Fonte=\"\",ORÇAMENTO.CodBarra,CONCATENATE(ORÇAMENTO.Fonte,\" \",ORÇAMENTO.CodBarra)))","v":"Composição CPU 11"},{"$f":"IF(ISERROR(ORÇAMENTO.BancoRef),\"(abra o arquivo 'Referência \"&Excel_BuiltIn_Database&\".xlsm)\",IF(OR($C24<>\"S\",ORÇAMENTO.CodBarra=\"\"),\"(Sem Código)\",IF(ISERROR(MATCH($AE24,INDIRECT(ORÇAMENTO.BancoRef),0)),\"(Código não identificado nas referências)\",MATCH($AE24,INDIRECT(ORÇAMENTO.BancoRef),0))))","v":10},{"$f":"ROUND(IF(DESONERACAO=\"sim\",REFERENCIA.Desonerado,REFERENCIA.NaoDesonerado),2)","v":24.22},0.22470000000000001,null,38.392000000000003,null,null,1138.6500000000001,{"$f":"ROUND(ORÇAMENTO.CustoUnitario*(1+$AH24),2)","v":29.66}]
["S",2,"S",0,{"$f":"IF($C25=1,OFFSET(E25,-1,0)+MAX(1,COUNTIF(QCI!$A$13:$A$24,OFFSET(ORÇAMENTO!E25,-1,0))),OFFSET(E25,-1,0))","v":1},2,0,0,4,0,{"$f":"IF(OR($C25=\"S\",$C25=0),0,MATCH(OFFSET($D25,0,$C25)+IF($C25<>1,1,COUNTIF(QCI!$A$13:$A$24,ORÇAMENTO!E25)),OFFSET($D25,1,$C25,ROW($C$140)-ROW($C25)),0))","v":0},"F","Serviço","Serviço","1.2.4.","SINAPI","104791","DEMOLIÇÃO DE ARGAMASSAS, DE FORMA DE FORMA MECANIZADA COM MARTELETE, SEM REAPROVEITAMENTO. AF_09/2023",{"$f":"REFERENCIA.Unidade","v":"M2"},{"$f":"OFFSET(CÁLCULO!H$15,ROW($T25)-ROW(T$15),0)","v":348.84},6.21,"BDI 1",{"$f":"IF($C25=\"S\",ROUND(IF(TIPOORCAMENTO=\"Proposto\",ORÇAMENTO.CustoUnitario*(1+$AH25),ORÇAMENTO.PrecoUnitarioLicitado),15-13*$AF$10),0)","v":7.61},{"$f":"IF($C25=\"S\",IF(OR(Import.TipoArredondamento<>\"TransfereGOV\",ACOMPANHAMENTO=\"BM\"),VTOTAL1,SUM(OFFSET(CÁLCULO!$AA$15,ROW($X25)-ROW($X$15),1):OFFSET(CÁLCULO!$AL$15,ROW($X25)-ROW($X$15),-1))),IF($C25=0,0,ROUND(SomaAgrup,15-13*$AF$11)))","v":2654.67},"RA","RA",{"$f":"IF($C25=\"S\",IF($Z25=\"CP\",$X25,IF($Z25=\"RA\",(($X25)*QCI!$AA$3),0)),SomaAgrup)","v":876.96699176122843},{"$f":"IF($C25=\"S\",IF($Z25=\"OU\",ROUND($X25,2),0),SomaAgrup)","v":0},{"$f":"IF($N25=\"\",\" \",\nIF(AND($C25<>\"S\",OR($R25=\"\",$R25=\"(digite a descrição aqui)\")),\"DESCRIÇÃO\",\nIF(AND($C25=\"S\",OR($Q25<>\"\",$T25>0,$U25>0),$P25=\"\"),\"FONTE\",\nIF(AND($C25=\"S\",$P25<>\"\",OR($T25>0,$U25>0),$Q25=\"\"),\"CÓDIGO\",\nIF(AND($C25=\"S\",$P25<>\"\",$Q25<>\"\",$R25=\"(Código não identificado nas referências)\"),\"CÓDIGO N/ID\",\nIF(AND($C25=\"S\",OR($R25=\"\",$R25=\"(digite a descrição aqui)\"),OR($Q25<>\"\",$T25>0,$U25>0)),\"DESCRIÇÃO\",\nIF(AND($C25=\"S\",$P25<>\"\",$Q25<>\"\",$S25=\"\"),\"UNIDADE\",\nIF(AND($C25=\"S\",$P25<>\"\",$Q25<>\"\",$U25=0),\"SEM CUSTO\",\nIF(AND(TIPOORCAMENTO=\"Licitado\",$AL25=0,$AN25>0),\"SEM PREÇO\",\nIF(AND($C25=\"S\",$P25<>\"\",$Q25<>\"\",$U25>0,AND($V25<>\"BDI 1\",$V25<>\"BDI 2\",$V25<>\"BDI 3\")),IF(ISNUMBER($V25),\"JUSTIFICAR BDI\",\"BDI\"),\nIF(OR(AND(import.recurso=\"OGU\",TIPOORCAMENTO=\"Proposto\",LEFT($O$8,5)<>\"(N/D:\",$AG25<>\"\",ORÇAMENTO.CustoUnitario>$AG25),AND(TIPOORCAMENTO=\"LICITADO\",ORÇAMENTO.PrecoUnitarioLicitado>$AN25)),\"ACIMA REF.\",\nIF(AND($C25=\"S\",$P25<>\"\",$Q25<>\"\",$T25=0,$U25>0),\"QUANT.\",\nIF(AND(Import.TipoArredondamento=\"TransfereGOV\",$L25=\"F\",$C25=\"S\",LEN($Q25)>13),\"Código >13\",\nIF(AND(Import.TipoArredondamento=\"TransfereGOV\",$L25=\"F\",$C25<>\"S\",LEN($R25)>100),\"Descrição >100\",\nIF(AND(Import.TipoArredondamento=\"TransfereGOV\",$L25=\"F\",$C25=\"S\",LEN($R25)>500),\"Descrição >500\",\nIF(AND(Import.TipoArredondamento=\"TransfereGOV\",$L25=\"F\",$C25=\"S\",LEFT(TRIM(UPPER($P25)),6)<>\"SINAPI\",ISNA(VLOOKUP(TRIM(UPPER($S25)),ListaTgov.Unidades,1,FALSE))),\"Unid. Não Disp\",\n\" \"))))))))))))))))","v":" "},{"$f":"IF(C25<=CRONO.NivelExibicao,MAX($AD$15:OFFSET(AD25,-1,0))+IF($C25<>1,1,MAX(1,COUNTIF(QCI!$A$13:$A$24,OFFSET($E25,-1,0)))),\"\")","v":""},{"$f":"IF(AND($C25=\"S\",ORÇAMENTO.CodBarra<>\"\"),IF(ORÇAMENTO.Fonte=\"\",ORÇAMENTO.CodBarra,CONCATENATE(ORÇAMENTO.Fonte,\" \",ORÇAMENTO.CodBarra)))","v":"SINAPI 104791"},{"$f":"IF(ISERROR(ORÇAMENTO.BancoRef),\"(abra o arquivo 'Referência \"&Excel_BuiltIn_Database&\".xlsm)\",IF(OR($C25<>\"S\",ORÇAMENTO.CodBarra=\"\"),\"(Sem Código)\",IF(ISERROR(MATCH($AE25,INDIRECT(ORÇAMENTO.BancoRef),0)),\"(Código não identificado nas referências)\",MATCH($AE25,INDIRECT(ORÇAMENTO.BancoRef),0))))","v":7875},{"$f":"ROUND(IF(DESONERACAO=\"sim\",REFERENCIA.Desonerado,REFERENCIA.NaoDesonerado),2)","v":6.21},0.22470000000000001,null,348.84300000000002,null,null,2654.67,{"$f":"ROUND(ORÇAMENTO.CustoUnitario*(1+$AH25),2)","v":7.61}]
["S",2,"S",0,{"$f":"IF($C26=1,OFFSET(E26,-1,0)+MAX(1,COUNTIF(QCI!$A$13:$A$24,OFFSET(ORÇAMENTO!E26,-1,0))),OFFSET(E26,-1,0))","v":1},2,0,0,5,0,{"$f":"IF(OR($C26=\"S\",$C26=0),0,MATCH(OFFSET($D26,0,$C26)+IF($C26<>1,1,COUNTIF(QCI!$A$13:$A$24,ORÇAMENTO!E26)),OFFSET($D26,1,$C26,ROW($C$140)-ROW($C26)),0))","v":0},"F","Serviço","Serviço","1.2.5.","Composição","CPU 25","RETIRADA MANUAL DE PINTURA LATEX PVC OU ACRILICA EM PAREDES","M2",{"$f":"OFFSET(CÁLCULO!H$15,ROW($T26)-ROW(T$15),0)","v":240.96},6.19,"BDI 1",{"$f":"IF($C26=\"S\",ROUND(IF(TIPOORCAMENTO=\"Proposto\",ORÇAMENTO.CustoUnitario*(1+$AH26),ORÇAMENTO.PrecoUnitarioLicitado),15-13*$AF$10),0)","v":7.58},{"$f":"IF($C26=\"S\",IF(OR(Import.TipoArredondamento<>\"TransfereGOV\",ACOMPANHAMENTO=\"BM\"),VTOTAL1,SUM(OFFSET(CÁLCULO!$AA$15,ROW($X26)-ROW($X$15),1):OFFSET(CÁLCULO!$AL$15,ROW($X26)-ROW($X$15),-1))),IF($C26=0,0,ROUND(SomaAgrup,15-13*$AF$11)))","v":1826.48},"RA","RA",{"$f":"IF($C26=\"S\",IF($Z26=\"CP\",$X26,IF($Z26=\"RA\",(($X26)*QCI!$AA$3),0)),SomaAgrup)","v":603.37543691383428},{"$f":"IF($C26=\"S\",IF($Z26=\"OU\",ROUND($X26,2),0),SomaAgrup)","v":0},{"$f":"IF($N26=\"\",\" \",\nIF(AND($C26<>\"S\",OR($R26=\"\",$R26=\"(digite a descrição aqui)\")),\"DESCRIÇÃO\",\nIF(AND($C26=\"S\",OR($Q26<>\"\",$T26>0,$U26>0),$P26=\"\"),\"FONTE\",\nIF(AND($C26=\"S\",$P26<>\"\",OR($T26>0,$U26>0),$Q26=\"\"),\"CÓDIGO\",\nIF(AND($C26=\"S\",$P26<>\"\",$Q26<>\"\",$R26=\"(Código não identificado nas referências)\"),\"CÓDIGO N/ID\",\nIF(AND($C26=\"S\",OR($R26=\"\",$R26=\"(digite a descrição aqui)\"),OR($Q26<>\"\",$T26>0,$U26>0)),\"DESCRIÇÃO\",\nIF(AND($C26=\"S\",$P26<>\"\",$Q26<>\"\",$S26=\"\"),\"UNIDADE\",\nIF(AND($C26=\"S\",$P26<>\"\",$Q26<>\"\",$U26=0),\"SEM CUSTO\",\nIF(AND(TIPOORCAMENTO=\"Licitado\",$AL26=0,$AN26>0),\"SEM PREÇO\",\nIF(AND($C26=\"S\",$P26<>\"\",$Q26<>\"\",$U26>0,AND($V26<>\"BDI 1\",$V26<>\"BDI 2\",$V26<>\"BDI 3\")),IF(ISNUMBER($V26),\"JUSTIFICAR BDI\",\"BDI\"),\nIF(OR(AND(import.recurso=\"OGU\",TIPOORCAMENTO=\"Proposto\",LEFT($O$8,5)<>\"(N/D:\",$AG26<>\"\",ORÇAMENTO.CustoUnitario>$AG26),AND(TIPOORCAMENTO=\"LICITADO\",ORÇAMENTO.PrecoUnitarioLicitado>$AN26)),\"ACIMA REF.\",\nIF(AND($C26=\"S\",$P26<>\"\",$Q26<>\"\",$T26=0,$U26>0),\"QUANT.\",\nIF(AND(Import.TipoArredondamento=\"TransfereGOV\",$L26=\"F\",$C26=\"S\",LEN($Q26)>13),\"Código >13\",\nIF(AND(Import.TipoArredondamento=\"TransfereGOV\",$L26=\"F\",$C26<>\"S\",LEN($R26)>100),\"Descrição >100\",\nIF(AND(Import.TipoArredondamento=\"TransfereGOV\",$L26=\"F\",$C26=\"S\",LEN($R26)>500),\"Descrição >500\",\nIF(AND(Import.TipoArredondamento=\"TransfereGOV\",$L26=\"F\",$C26=\"S\",LEFT(TRIM(UPPER($P26)),6)<>\"SINAPI\",ISNA(VLOOKUP(TRIM(UPPER($S26)),ListaTgov.Unidades,1,FALSE))),\"Unid. Não Disp\",\n\" \"))))))))))))))))","v":" "},{"$f":"IF(C26<=CRONO.NivelExibicao,MAX($AD$15:OFFSET(AD26,-1,0))+IF($C26<>1,1,MAX(1,COUNTIF(QCI!$A$13:$A$24,OFFSET($E26,-1,0)))),\"\")","v":""},{"$f":"IF(AND($C26=\"S\",ORÇAMENTO.CodBarra<>\"\"),IF(ORÇAMENTO.Fonte=\"\",ORÇAMENTO.CodBarra,CONCATENATE(ORÇAMENTO.Fonte,\" \",ORÇAMENTO.CodBarra)))","v":"Composição CPU 25"},{"$f":"IF(ISERROR(ORÇAMENTO.BancoRef),\"(abra o arquivo 'Referência \"&Excel_BuiltIn_Database&\".xlsm)\",IF(OR($C26<>\"S\",ORÇAMENTO.CodBarra=\"\"),\"(Sem Código)\",IF(ISERROR(MATCH($AE26,INDIRECT(ORÇAMENTO.BancoRef),0)),\"(Código não identificado nas referências)\",MATCH($AE26,INDIRECT(ORÇAMENTO.BancoRef),0))))","v":22},{"$f":"ROUND(IF(DESONERACAO=\"sim\",REFERENCIA.Desonerado,REFERENCIA.NaoDesonerado),2)","v":6.19},0.22470000000000001,null,240.95800000000003,null,null,1826.48,{"$f":"ROUND(ORÇAMENTO.CustoUnitario*(1+$AH26),2)","v":7.58}]
["S",2,"S",0,{"$f":"IF($C27=1,OFFSET(E27,-1,0)+MAX(1,COUNTIF(QCI!$A$13:$A$24,OFFSET(ORÇAMENTO!E27,-1,0))),OFFSET(E27,-1,0))","v":1},2,0,0,6,0,{"$f":"IF(OR($C27=\"S\",$C27=0),0,MATCH(OFFSET($D27,0,$C27)+IF($C27<>1,1,COUNTIF(QCI!$A$13:$A$24,ORÇAMENTO!E27)),OFFSET($D27,1,$C27,ROW($C$140)-ROW($C27)),0))","v":0},"F","Serviço","Serviço","1.2.6.","SINAPI","97622","DEMOLIÇÃO DE ALVENARIA DE BLOCO FURADO, DE FORMA MANUAL, SEM REAPROVEITAMENTO. AF_09/2023","M3",{"$f":"OFFSET(CÁLCULO!H$15,ROW($T27)-ROW(T$15),0)","v":1.23},54.64,"BDI 1",{"$f":"IF($C27=\"S\",ROUND(IF(TIPOORCAMENTO=\"Proposto\",ORÇAMENTO.CustoUnitario*(1+$AH27),ORÇAMENTO.PrecoUnitarioLicitado),15-13*$AF$10),0)","v":66.92},{"$f":"IF($C27=\"S\",IF(OR(Import.TipoArredondamento<>\"TransfereGOV\",ACOMPANHAMENTO=\"BM\"),VTOTAL1,SUM(OFFSET(CÁLCULO!$AA$15,ROW($X27)-ROW($X$15),1):OFFSET(CÁLCULO!$AL$15,ROW($X27)-ROW($X$15),-1))),IF($C27=0,0,ROUND(SomaAgrup,15-13*$AF$11)))","v":82.31},"RA","RA",{"$f":"IF($C27=\"S\",IF($Z27=\"CP\",$X27,IF($Z27=\"RA\",(($X27)*QCI!$AA$3),0)),SomaAgrup)","v":27.191007956494296},{"$f":"IF($C27=\"S\",IF($Z27=\"OU\",ROUND($X27,2),0),SomaAgrup)","v":0},{"$f":"IF($N27=\"\",\" \",\nIF(AND($C27<>\"S\",OR($R27=\"\",$R27=\"(digite a descrição aqui)\")),\"DESCRIÇÃO\",\nIF(AND($C27=\"S\",OR($Q27<>\"\",$T27>0,$U27>0),$P27=\"\"),\"FONTE\",\nIF(AND($C27=\"S\",$P27<>\"\",OR($T27>0,$U27>0),$Q27=\"\"),\"CÓDIGO\",\nIF(AND($C27=\"S\",$P27<>\"\",$Q27<>\"\",$R27=\"(Código não identificado nas referências)\"),\"CÓDIGO N/ID\",\nIF(AND($C27=\"S\",OR($R27=\"\",$R27=\"(digite a descrição aqui)\"),OR($Q27<>\"\",$T27>0,$U27>0)),\"DESCRIÇÃO\",\nIF(AND($C27=\"S\",$P27<>\"\",$Q27<>\"\",$S27=\"\"),\"UNIDADE\",\nIF(AND($C27=\"S\",$P27<>\"\",$Q27<>\"\",$U27=0),\"SEM CUSTO\",\nIF(AND(TIPOORCAMENTO=\"Licitado\",$AL27=0,$AN27>0),\"SEM PREÇO\",\nIF(AND($C27=\"S\",$P27<>\"\",$Q27<>\"\",$U27>0,AND($V27<>\"BDI 1\",$V27<>\"BDI 2\",$V27<>\"BDI 3\")),IF(ISNUMBER($V27),\"JUSTIFICAR BDI\",\"BDI\"),\nIF(OR(AND(import.recurso=\"OGU\",TIPOORCAMENTO=\"Proposto\",LEFT($O$8,5)<>\"(N/D:\",$AG27<>\"\",ORÇAMENTO.CustoUnitario>$AG27),AND(TIPOORCAMENTO=\"LICITADO\",ORÇAMENTO.PrecoUnitarioLicitado>$AN27)),\"ACIMA REF.\",\nIF(AND($C27=\"S\",$P27<>\"\",$Q27<>\"\",$T27=0,$U27>0),\"QUANT.\",\nIF(AND(Import.TipoArredondamento=\"TransfereGOV\",$L27=\"F\",$C27=\"S\",LEN($Q27)>13),\"Código >13\",\nIF(AND(Import.TipoArredondamento=\"TransfereGOV\",$L27=\"F\",$C27<>\"S\",LEN($R27)>100),\"Descrição >100\",\nIF(AND(Import.TipoArredondamento=\"TransfereGOV\",$L27=\"F\",$C27=\"S\",LEN($R27)>500),\"Descrição >500\",\nIF(AND(Import.TipoArredondamento=\"TransfereGOV\",$L27=\"F\",$C27=\"S\",LEFT(TRIM(UPPER($P27)),6)<>\"SINAPI\",ISNA(VLOOKUP(TRIM(UPPER($S27)),ListaTgov.Unidades,1,FALSE))),\"Unid. Não Disp\",\n\" \"))))))))))))))))","v":" "},{"$f":"IF(C27<=CRONO.NivelExibicao,MAX($AD$15:OFFSET(AD27,-1,0))+IF($C27<>1,1,MAX(1,COUNTIF(QCI!$A$13:$A$24,OFFSET($E27,-1,0)))),\"\")","v":""},{"$f":"IF(AND($C27=\"S\",ORÇAMENTO.CodBarra<>\"\"),IF(ORÇAMENTO.Fonte=\"\",ORÇAMENTO.CodBarra,CONCATENATE(ORÇAMENTO.Fonte,\" \",ORÇAMENTO.CodBarra)))","v":"SINAPI 97622"},{"$f":"IF(ISERROR(ORÇAMENTO.BancoRef),\"(abra o arquivo 'Referência \"&Excel_BuiltIn_Database&\".xlsm)\",IF(OR($C27<>\"S\",ORÇAMENTO.CodBarra=\"\"),\"(Sem Código)\",IF(ISERROR(MATCH($AE27,INDIRECT(ORÇAMENTO.BancoRef),0)),\"(Código não identificado nas referências)\",MATCH($AE27,INDIRECT(ORÇAMENTO.BancoRef),0))))","v":7871},{"$f":"ROUND(IF(DESONERACAO=\"sim\",REFERENCIA.Desonerado,REFERENCIA.NaoDesonerado),2)","v":54.64},0.22470000000000001,null,1.2258,null,null,82.31,{"$f":"ROUND(ORÇAMENTO.CustoUnitario*(1+$AH27),2)","v":66.92}]
["S",2,"S",0,{"$f":"IF($C28=1,OFFSET(E28,-1,0)+MAX(1,COUNTIF(QCI!$A$13:$A$24,OFFSET(ORÇAMENTO!E28,-1,0))),OFFSET(E28,-1,0))","v":1},2,0,0,7,0,{"$f":"IF(OR($C28=\"S\",$C28=0),0,MATCH(OFFSET($D28,0,$C28)+IF($C28<>1,1,COUNTIF(QCI!$A$13:$A$24,ORÇAMENTO!E28)),OFFSET($D28,1,$C28,ROW($C$140)-ROW($C28)),0))","v":0},"F","Serviço","Serviço","1.2.7.","SINAPI","97644","REMOÇÃO DE PORTAS, DE FORMA MANUAL, SEM REAPROVEITAMENTO. AF_09/2023","M2",{"$f":"OFFSET(CÁLCULO!H$15,ROW($T28)-ROW(T$15),0)","v":5.04},9.16,"BDI 1",{"$f":"IF($C28=\"S\",ROUND(IF(TIPOORCAMENTO=\"Proposto\",ORÇAMENTO.CustoUnitario*(1+$AH28),ORÇAMENTO.PrecoUnitarioLicitado),15-13*$AF$10),0)","v":11.22},{"$f":"IF($C28=\"S\",IF(OR(Import.TipoArredondamento<>\"TransfereGOV\",ACOMPANHAMENTO=\"BM\"),VTOTAL1,SUM(OFFSET(CÁLCULO!$AA$15,ROW($X28)-ROW($X$15),1):OFFSET(CÁLCULO!$AL$15,ROW($X28)-ROW($X$15),-1))),IF($C28=0,0,ROUND(SomaAgrup,15-13*$AF$11)))","v":56.55},"RA","RA",{"$f":"IF($C28=\"S\",IF($Z28=\"CP\",$X28,IF($Z28=\"RA\",(($X28)*QCI!$AA$3),0)),SomaAgrup)","v":18.681223422910367},{"$f":"IF($C28=\"S\",IF($Z28=\"OU\",ROUND($X28,2),0),SomaAgrup)","v":0},{"$f":"IF($N28=\"\",\" \",\nIF(AND($C28<>\"S\",OR($R28=\"\",$R28=\"(digite a descrição aqui)\")),\"DESCRIÇÃO\",\nIF(AND($C28=\"S\",OR($Q28<>\"\",$T28>0,$U28>0),$P28=\"\"),\"FONTE\",\nIF(AND($C28=\"S\",$P28<>\"\",OR($T28>0,$U28>0),$Q28=\"\"),\"CÓDIGO\",\nIF(AND($C28=\"S\",$P28<>\"\",$Q28<>\"\",$R28=\"(Código não identificado nas referências)\"),\"CÓDIGO N/ID\",\nIF(AND($C28=\"S\",OR($R28=\"\",$R28=\"(digite a descrição aqui)\"),OR($Q28<>\"\",$T28>0,$U28>0)),\"DESCRIÇÃO\",\nIF(AND($C28=\"S\",$P28<>\"\",$Q28<>\"\",$S28=\"\"),\"UNIDADE\",\nIF(AND($C28=\"S\",$P28<>\"\",$Q28<>\"\",$U28=0),\"SEM CUSTO\",\nIF(AND(TIPOORCAMENTO=\"Licitado\",$AL28=0,$AN28>0),\"SEM PREÇO\",\nIF(AND($C28=\"S\",$P28<>\"\",$Q28<>\"\",$U28>0,AND($V28<>\"BDI 1\",$V28<>\"BDI 2\",$V28<>\"BDI 3\")),IF(ISNUMBER($V28),\"JUSTIFICAR BDI\",\"BDI\"),\nIF(OR(AND(import.recurso=\"OGU\",TIPOORCAMENTO=\"Proposto\",LEFT($O$8,5)<>\"(N/D:\",$AG28<>\"\",ORÇAMENTO.CustoUnitario>$AG28),AND(TIPOORCAMENTO=\"LICITADO\",ORÇAMENTO.PrecoUnitarioLicitado>$AN28)),\"ACIMA REF.\",\nIF(AND($C28=\"S\",$P28<>\"\",$Q28<>\"\",$T28=0,$U28>0),\"QUANT.\",\nIF(AND(Import.TipoArredondamento=\"TransfereGOV\",$L28=\"F\",$C28=\"S\",LEN($Q28)>13),\"Código >13\",\nIF(AND(Import.TipoArredondamento=\"TransfereGOV\",$L28=\"F\",$C28<>\"S\",LEN($R28)>100),\"Descrição >100\",\nIF(AND(Import.TipoArredondamento=\"TransfereGOV\",$L28=\"F\",$C28=\"S\",LEN($R28)>500),\"Descrição >500\",\nIF(AND(Import.TipoArredondamento=\"TransfereGOV\",$L28=\"F\",$C28=\"S\",LEFT(TRIM(UPPER($P28)),6)<>\"SINAPI\",ISNA(VLOOKUP(TRIM(UPPER($S28)),ListaTgov.Unidades,1,FALSE))),\"Unid. Não Disp\",\n\" \"))))))))))))))))","v":" "},{"$f":"IF(C28<=CRONO.NivelExibicao,MAX($AD$15:OFFSET(AD28,-1,0))+IF($C28<>1,1,MAX(1,COUNTIF(QCI!$A$13:$A$24,OFFSET($E28,-1,0)))),\"\")","v":""},{"$f":"IF(AND($C28=\"S\",ORÇAMENTO.CodBarra<>\"\"),IF(ORÇAMENTO.Fonte=\"\",ORÇAMENTO.CodBarra,CONCATENATE(ORÇAMENTO.Fonte,\" \",ORÇAMENTO.CodBarra)))","v":"SINAPI 97644"},{"$f":"IF(ISERROR(ORÇAMENTO.BancoRef),\"(abra o arquivo 'Referência \"&Excel_BuiltIn_Database&\".xlsm)\",IF(OR($C28<>\"S\",ORÇAMENTO.CodBarra=\"\"),\"(Sem Código)\",IF(ISERROR(MATCH($AE28,INDIRECT(ORÇAMENTO.BancoRef),0)),\"(Código não identificado nas referências)\",MATCH($AE28,INDIRECT(ORÇAMENTO.BancoRef),0))))","v":7911},{"$f":"ROUND(IF(DESONERACAO=\"sim\",REFERENCIA.Desonerado,REFERENCIA.NaoDesonerado),2)","v":9.16},0.22470000000000001,null,5.0400000000000009,null,null,56.55,{"$f":"ROUND(ORÇAMENTO.CustoUnitario*(1+$AH28),2)","v":11.22}]
["S",2,"S",0,{"$f":"IF($C29=1,OFFSET(E29,-1,0)+MAX(1,COUNTIF(QCI!$A$13:$A$24,OFFSET(ORÇAMENTO!E29,-1,0))),OFFSET(E29,-1,0))","v":1},2,0,0,8,0,{"$f":"IF(OR($C29=\"S\",$C29=0),0,MATCH(OFFSET($D29,0,$C29)+IF($C29<>1,1,COUNTIF(QCI!$A$13:$A$24,ORÇAMENTO!E29)),OFFSET($D29,1,$C29,ROW($C$140)-ROW($C29)),0))","v":0},"F","Serviço","Serviço","1.2.8.","SINAPI","100981","CARGA, MANOBRA E DESCARGA DE ENTULHO EM CAMINHÃO BASCULANTE 6 M³ - CARGA COM ESCAVADEIRA HIDRÁULICA (CAÇAMBA DE 0,80 M³ / 111 HP) E DESCARGA LIVRE (UNIDADE: M3). AF_07/2020","M3",{"$f":"OFFSET(CÁLCULO!H$15,ROW($T29)-ROW(T$15),0)","v":74.48},9.3000000000000007,"BDI 1",{"$f":"IF($C29=\"S\",ROUND(IF(TIPOORCAMENTO=\"Proposto\",ORÇAMENTO.CustoUnitario*(1+$AH29),ORÇAMENTO.PrecoUnitarioLicitado),15-13*$AF$10),0)","v":11.39},{"$f":"IF($C29=\"S\",IF(OR(Import.TipoArredondamento<>\"TransfereGOV\",ACOMPANHAMENTO=\"BM\"),VTOTAL1,SUM(OFFSET(CÁLCULO!$AA$15,ROW($X29)-ROW($X$15),1):OFFSET(CÁLCULO!$AL$15,ROW($X29)-ROW($X$15),-1))),IF($C29=0,0,ROUND(SomaAgrup,15-13*$AF$11)))","v":848.33},"RA","RA",{"$f":"IF($C29=\"S\",IF($Z29=\"CP\",$X29,IF($Z29=\"RA\",(($X29)*QCI!$AA$3),0)),SomaAgrup)","v":280.24477924593378},{"$f":"IF($C29=\"S\",IF($Z29=\"OU\",ROUND($X29,2),0),SomaAgrup)","v":0},{"$f":"IF($N29=\"\",\" \",\nIF(AND($C29<>\"S\",OR($R29=\"\",$R29=\"(digite a descrição aqui)\")),\"DESCRIÇÃO\",\nIF(AND($C29=\"S\",OR($Q29<>\"\",$T29>0,$U29>0),$P29=\"\"),\"FONTE\",\nIF(AND($C29=\"S\",$P29<>\"\",OR($T29>0,$U29>0),$Q29=\"\"),\"CÓDIGO\",\nIF(AND($C29=\"S\",$P29<>\"\",$Q29<>\"\",$R29=\"(Código não identificado nas referências)\"),\"CÓDIGO N/ID\",\nIF(AND($C29=\"S\",OR($R29=\"\",$R29=\"(digite a descrição aqui)\"),OR($Q29<>\"\",$T29>0,$U29>0)),\"DESCRIÇÃO\",\nIF(AND($C29=\"S\",$P29<>\"\",$Q29<>\"\",$S29=\"\"),\"UNIDADE\",\nIF(AND($C29=\"S\",$P29<>\"\",$Q29<>\"\",$U29=0),\"SEM CUSTO\",\nIF(AND(TIPOORCAMENTO=\"Licitado\",$AL29=0,$AN29>0),\"SEM PREÇO\",\nIF(AND($C29=\"S\",$P29<>\"\",$Q29<>\"\",$U29>0,AND($V29<>\"BDI 1\",$V29<>\"BDI 2\",$V29<>\"BDI 3\")),IF(ISNUMBER($V29),\"JUSTIFICAR BDI\",\"BDI\"),\nIF(OR(AND(import.recurso=\"OGU\",TIPOORCAMENTO=\"Proposto\",LEFT($O$8,5)<>\"(N/D:\",$AG29<>\"\",ORÇAMENTO.CustoUnitario>$AG29),AND(TIPOORCAMENTO=\"LICITADO\",ORÇAMENTO.PrecoUnitarioLicitado>$AN29)),\"ACIMA REF.\",\nIF(AND($C29=\"S\",$P29<>\"\",$Q29<>\"\",$T29=0,$U29>0),\"QUANT.\",\nIF(AND(Import.TipoArredondamento=\"TransfereGOV\",$L29=\"F\",$C29=\"S\",LEN($Q29)>13),\"Código >13\",\nIF(AND(Import.TipoArredondamento=\"TransfereGOV\",$L29=\"F\",$C29<>\"S\",LEN($R29)>100),\"Descrição >100\",\nIF(AND(Import.TipoArredondamento=\"TransfereGOV\",$L29=\"F\",$C29=\"S\",LEN($R29)>500),\"Descrição >500\",\nIF(AND(Import.TipoArredondamento=\"TransfereGOV\",$L29=\"F\",$C29=\"S\",LEFT(TRIM(UPPER($P29)),6)<>\"SINAPI\",ISNA(VLOOKUP(TRIM(UPPER($S29)),ListaTgov.Unidades,1,FALSE))),\"Unid. Não Disp\",\n\" \"))))))))))))))))","v":" "},{"$f":"IF(C29<=CRONO.NivelExibicao,MAX($AD$15:OFFSET(AD29,-1,0))+IF($C29<>1,1,MAX(1,COUNTIF(QCI!$A$13:$A$24,OFFSET($E29,-1,0)))),\"\")","v":""},{"$f":"IF(AND($C29=\"S\",ORÇAMENTO.CodBarra<>\"\"),IF(ORÇAMENTO.Fonte=\"\",ORÇAMENTO.CodBarra,CONCATENATE(ORÇAMENTO.Fonte,\" \",ORÇAMENTO.CodBarra)))","v":"SINAPI 100981"},{"$f":"IF(ISERROR(ORÇAMENTO.BancoRef),\"(abra o arquivo 'Referência \"&Excel_BuiltIn_Database&\".xlsm)\",IF(OR($C29<>\"S\",ORÇAMENTO.CodBarra=\"\"),\"(Sem Código)\",IF(ISERROR(MATCH($AE29,INDIRECT(ORÇAMENTO.BancoRef),0)),\"(Código não identificado nas referências)\",MATCH($AE29,INDIRECT(ORÇAMENTO.BancoRef),0))))","v":15283},{"$f":"ROUND(IF(DESONERACAO=\"sim\",REFERENCIA.Desonerado,REFERENCIA.NaoDesonerado),2)","v":9.3000000000000007},0.22470000000000001,null,74.484506199999998,null,null,848.33,{"$f":"ROUND(ORÇAMENTO.CustoUnitario*(1+$AH29),2)","v":11.39}]
["S",2,"S",0,{"$f":"IF($C30=1,OFFSET(E30,-1,0)+MAX(1,COUNTIF(QCI!$A$13:$A$24,OFFSET(ORÇAMENTO!E30,-1,0))),OFFSET(E30,-1,0))","v":1},2,0,0,9,0,{"$f":"IF(OR($C30=\"S\",$C30=0),0,MATCH(OFFSET($D30,0,$C30)+IF($C30<>1,1,COUNTIF(QCI!$A$13:$A$24,ORÇAMENTO!E30)),OFFSET($D30,1,$C30,ROW($C$140)-ROW($C30)),0))","v":0},"F","Serviço","Serviço","1.2.9.","SINAPI","100957","TRANSPORTE COM CAMINHÃO PIPA DE 6 M³, EM VIA URBANA PAVIMENTADA, DMT ATÉ 30KM (UNIDADE: M3XKM). AF_07/2020","M3XKM",{"$f":"OFFSET(CÁLCULO!H$15,ROW($T30)-ROW(T$15),0)","v":521.39},3.82,"BDI 1",{"$f":"IF($C30=\"S\",ROUND(IF(TIPOORCAMENTO=\"Proposto\",ORÇAMENTO.CustoUnitario*(1+$AH30),ORÇAMENTO.PrecoUnitarioLicitado),15-13*$AF$10),0)","v":4.68},{"$f":"IF($C30=\"S\",IF(OR(Import.TipoArredondamento<>\"TransfereGOV\",ACOMPANHAMENTO=\"BM\"),VTOTAL1,SUM(OFFSET(CÁLCULO!$AA$15,ROW($X30)-ROW($X$15),1):OFFSET(CÁLCULO!$AL$15,ROW($X30)-ROW($X$15),-1))),IF($C30=0,0,ROUND(SomaAgrup,15-13*$AF$11)))","v":2440.11},"RA","RA",{"$f":"IF($C30=\"S\",IF($Z30=\"CP\",$X30,IF($Z30=\"RA\",(($X30)*QCI!$AA$3),0)),SomaAgrup)","v":806.08735785106671},{"$f":"IF($C30=\"S\",IF($Z30=\"OU\",ROUND($X30,2),0),SomaAgrup)","v":0},{"$f":"IF($N30=\"\",\" \",\nIF(AND($C30<>\"S\",OR($R30=\"\",$R30=\"(digite a descrição aqui)\")),\"DESCRIÇÃO\",\nIF(AND($C30=\"S\",OR($Q30<>\"\",$T30>0,$U30>0),$P30=\"\"),\"FONTE\",\nIF(AND($C30=\"S\",$P30<>\"\",OR($T30>0,$U30>0),$Q30=\"\"),\"CÓDIGO\",\nIF(AND($C30=\"S\",$P30<>\"\",$Q30<>\"\",$R30=\"(Código não identificado nas referências)\"),\"CÓDIGO N/ID\",\nIF(AND($C30=\"S\",OR($R30=\"\",$R30=\"(digite a descrição aqui)\"),OR($Q30<>\"\",$T30>0,$U30>0)),\"DESCRIÇÃO\",\nIF(AND($C30=\"S\",$P30<>\"\",$Q30<>\"\",$S30=\"\"),\"UNIDADE\",\nIF(AND($C30=\"S\",$P30<>\"\",$Q30<>\"\",$U30=0),\"SEM CUSTO\",\nIF(AND(TIPOORCAMENTO=\"Licitado\",$AL30=0,$AN30>0),\"SEM PREÇO\",\nIF(AND($C30=\"S\",$P30<>\"\",$Q30<>\"\",$U30>0,AND($V30<>\"BDI 1\",$V30<>\"BDI 2\",$V30<>\"BDI 3\")),IF(ISNUMBER($V30),\"JUSTIFICAR BDI\",\"BDI\"),\nIF(OR(AND(import.recurso=\"OGU\",TIPOORCAMENTO=\"Proposto\",LEFT($O$8,5)<>\"(N/D:\",$AG30<>\"\",ORÇAMENTO.CustoUnitario>$AG30),AND(TIPOORCAMENTO=\"LICITADO\",ORÇAMENTO.PrecoUnitarioLicitado>$AN30)),\"ACIMA REF.\",\nIF(AND($C30=\"S\",$P30<>\"\",$Q30<>\"\",$T30=0,$U30>0),\"QUANT.\",\nIF(AND(Import.TipoArredondamento=\"TransfereGOV\",$L30=\"F\",$C30=\"S\",LEN($Q30)>13),\"Código >13\",\nIF(AND(Import.TipoArredondamento=\"TransfereGOV\",$L30=\"F\",$C30<>\"S\",LEN($R30)>100),\"Descrição >100\",\nIF(AND(Import.TipoArredondamento=\"TransfereGOV\",$L30=\"F\",$C30=\"S\",LEN($R30)>500),\"Descrição >500\",\nIF(AND(Import.TipoArredondamento=\"TransfereGOV\",$L30=\"F\",$C30=\"S\",LEFT(TRIM(UPPER($P30)),6)<>\"SINAPI\",ISNA(VLOOKUP(TRIM(UPPER($S30)),ListaTgov.Unidades,1,FALSE))),\"Unid. Não Disp\",\n\" \"))))))))))))))))","v":" "},{"$f":"IF(C30<=CRONO.NivelExibicao,MAX($AD$15:OFFSET(AD30,-1,0))+IF($C30<>1,1,MAX(1,COUNTIF(QCI!$A$13:$A$24,OFFSET($E30,-1,0)))),\"\")","v":""},{"$f":"IF(AND($C30=\"S\",ORÇAMENTO.CodBarra<>\"\"),IF(ORÇAMENTO.Fonte=\"\",ORÇAMENTO.CodBarra,CONCATENATE(ORÇAMENTO.Fonte,\" \",ORÇAMENTO.CodBarra)))","v":"SINAPI 100957"},{"$f":"IF(ISERROR(ORÇAMENTO.BancoRef),\"(abra o arquivo 'Referência \"&Excel_BuiltIn_Database&\".xlsm)\",IF(OR($C30<>\"S\",ORÇAMENTO.CodBarra=\"\"),\"(Sem Código)\",IF(ISERROR(MATCH($AE30,INDIRECT(ORÇAMENTO.BancoRef),0)),\"(Código não identificado nas referências)\",MATCH($AE30,INDIRECT(ORÇAMENTO.BancoRef),0))))","v":15398},{"$f":"ROUND(IF(DESONERACAO=\"sim\",REFERENCIA.Desonerado,REFERENCIA.NaoDesonerado),2)","v":3.82},0.22470000000000001,null,521.39154340000005,null,null,2440.11,{"$f":"ROUND(ORÇAMENTO.CustoUnitario*(1+$AH30),2)","v":4.68}]
[2,2,2,4,{"$f":"IF($C31=1,OFFSET(E31,-1,0)+MAX(1,COUNTIF(QCI!$A$13:$A$24,OFFSET(ORÇAMENTO!E31,-1,0))),OFFSET(E31,-1,0))","v":1},3,0,0,0,109,{"$f":"IF(OR($C31=\"S\",$C31=0),0,MATCH(OFFSET($D31,0,$C31)+IF($C31<>1,1,COUNTIF(QCI!$A$13:$A$24,ORÇAMENTO!E31)),OFFSET($D31,1,$C31,ROW($C$140)-ROW($C31)),0))","v":4},"F","Nível 2","Nível 2","1.3.","SINAPI",null,"MOVIMENTAÇÃO DE TERRA","-",{"$f":"OFFSET(CÁLCULO!H$15,ROW($T31)-ROW(T$15),0)","v":0},0,"BDI 1",{"$f":"IF($C31=\"S\",ROUND(IF(TIPOORCAMENTO=\"Proposto\",ORÇAMENTO.CustoUnitario*(1+$AH31),ORÇAMENTO.PrecoUnitarioLicitado),15-13*$AF$10),0)","v":0},{"$f":"IF($C31=\"S\",IF(OR(Import.TipoArredondamento<>\"TransfereGOV\",ACOMPANHAMENTO=\"BM\"),VTOTAL1,SUM(OFFSET(CÁLCULO!$AA$15,ROW($X31)-ROW($X$15),1):OFFSET(CÁLCULO!$AL$15,ROW($X31)-ROW($X$15),-1))),IF($C31=0,0,ROUND(SomaAgrup,15-13*$AF$11)))","v":17139.77},"RA","",{"$f":"IF($C31=\"S\",IF($Z31=\"CP\",$X31,IF($Z31=\"RA\",(($X31)*QCI!$AA$3),0)),SomaAgrup)","v":5662.1020828876472},{"$f":"IF($C31=\"S\",IF($Z31=\"OU\",ROUND($X31,2),0),SomaAgrup)","v":0},{"$f":"IF($N31=\"\",\" \",\nIF(AND($C31<>\"S\",OR($R31=\"\",$R31=\"(digite a descrição aqui)\")),\"DESCRIÇÃO\",\nIF(AND($C31=\"S\",OR($Q31<>\"\",$T31>0,$U31>0),$P31=\"\"),\"FONTE\",\nIF(AND($C31=\"S\",$P31<>\"\",OR($T31>0,$U31>0),$Q31=\"\"),\"CÓDIGO\",\nIF(AND($C31=\"S\",$P31<>\"\",$Q31<>\"\",$R31=\"(Código não identificado nas referências)\"),\"CÓDIGO N/ID\",\nIF(AND($C31=\"S\",OR($R31=\"\",$R31=\"(digite a descrição aqui)\"),OR($Q31<>\"\",$T31>0,$U31>0)),\"DESCRIÇÃO\",\nIF(AND($C31=\"S\",$P31<>\"\",$Q31<>\"\",$S31=\"\"),\"UNIDADE\",\nIF(AND($C31=\"S\",$P31<>\"\",$Q31<>\"\",$U31=0),\"SEM CUSTO\",\nIF(AND(TIPOORCAMENTO=\"Licitado\",$AL31=0,$AN31>0),\"SEM PREÇO\",\nIF(AND($C31=\"S\",$P31<>\"\",$Q31<>\"\",$U31>0,AND($V31<>\"BDI 1\",$V31<>\"BDI 2\",$V31<>\"BDI 3\")),IF(ISNUMBER($V31),\"JUSTIFICAR BDI\",\"BDI\"),\nIF(OR(AND(import.recurso=\"OGU\",TIPOORCAMENTO=\"Proposto\",LEFT($O$8,5)<>\"(N/D:\",$AG31<>\"\",ORÇAMENTO.CustoUnitario>$AG31),AND(TIPOORCAMENTO=\"LICITADO\",ORÇAMENTO.PrecoUnitarioLicitado>$AN31)),\"ACIMA REF.\",\nIF(AND($C31=\"S\",$P31<>\"\",$Q31<>\"\",$T31=0,$U31>0),\"QUANT.\",\nIF(AND(Import.TipoArredondamento=\"TransfereGOV\",$L31=\"F\",$C31=\"S\",LEN($Q31)>13),\"Código >13\",\nIF(AND(Import.TipoArredondamento=\"TransfereGOV\",$L31=\"F\",$C31<>\"S\",LEN($R31)>100),\"Descrição >100\",\nIF(AND(Import.TipoArredondamento=\"TransfereGOV\",$L31=\"F\",$C31=\"S\",LEN($R31)>500),\"Descrição >500\",\nIF(AND(Import.TipoArredondamento=\"TransfereGOV\",$L31=\"F\",$C31=\"S\",LEFT(TRIM(UPPER($P31)),6)<>\"SINAPI\",ISNA(VLOOKUP(TRIM(UPPER($S31)),ListaTgov.Unidades,1,FALSE))),\"Unid. Não Disp\",\n\" \"))))))))))))))))","v":" "},{"$f":"IF(C31<=CRONO.NivelExibicao,MAX($AD$15:OFFSET(AD31,-1,0))+IF($C31<>1,1,MAX(1,COUNTIF(QCI!$A$13:$A$24,OFFSET($E31,-1,0)))),\"\")","v":4},{"$f":"IF(AND($C31=\"S\",ORÇAMENTO.CodBarra<>\"\"),IF(ORÇAMENTO.Fonte=\"\",ORÇAMENTO.CodBarra,CONCATENATE(ORÇAMENTO.Fonte,\" \",ORÇAMENTO.CodBarra)))","v":false},{"$f":"IF(ISERROR(ORÇAMENTO.BancoRef),\"(abra o arquivo 'Referência \"&Excel_BuiltIn_Database&\".xlsm)\",IF(OR($C31<>\"S\",ORÇAMENTO.CodBarra=\"\"),\"(Sem Código)\",IF(ISERROR(MATCH($AE31,INDIRECT(ORÇAMENTO.BancoRef),0)),\"(Código não identificado nas referências)\",MATCH($AE31,INDIRECT(ORÇAMENTO.BancoRef),0))))","v":"(Sem Código)"},{"$f":"ROUND(IF(DESONERACAO=\"sim\",REFERENCIA.Desonerado,REFERENCIA.NaoDesonerado),2)","v":0},0.22470000000000001,null,0,null,null,17139.77,{"$f":"ROUND(ORÇAMENTO.CustoUnitario*(1+$AH31),2)","v":0}]
["S",2,"S",0,{"$f":"IF($C32=1,OFFSET(E32,-1,0)+MAX(1,COUNTIF(QCI!$A$13:$A$24,OFFSET(ORÇAMENTO!E32,-1,0))),OFFSET(E32,-1,0))","v":1},3,0,0,1,0,{"$f":"IF(OR($C32=\"S\",$C32=0),0,MATCH(OFFSET($D32,0,$C32)+IF($C32<>1,1,COUNTIF(QCI!$A$13:$A$24,ORÇAMENTO!E32)),OFFSET($D32,1,$C32,ROW($C$140)-ROW($C32)),0))","v":0},"F","Serviço","Serviço","1.3.1.","SINAPI","94304","ATERRO MECANIZADO DE VALA COM ESCAVADEIRA HIDRÁULICA (CAPACIDADE DA CAÇAMBA: 0,8 M³ / POTÊNCIA: 111 HP), LARGURA ATÉ 2,5 M, PROFUNDIDADE ATÉ 1,5 M, COM SOLO ARGILO-ARENOSO. AF_08/2023","M3",{"$f":"OFFSET(CÁLCULO!H$15,ROW($T32)-ROW(T$15),0)","v":134.41999999999999},77.290000000000006,"BDI 1",{"$f":"IF($C32=\"S\",ROUND(IF(TIPOORCAMENTO=\"Proposto\",ORÇAMENTO.CustoUnitario*(1+$AH32),ORÇAMENTO.PrecoUnitarioLicitado),15-13*$AF$10),0)","v":94.66},{"$f":"IF($C32=\"S\",IF(OR(Import.TipoArredondamento<>\"TransfereGOV\",ACOMPANHAMENTO=\"BM\"),VTOTAL1,SUM(OFFSET(CÁLCULO!$AA$15,ROW($X32)-ROW($X$15),1):OFFSET(CÁLCULO!$AL$15,ROW($X32)-ROW($X$15),-1))),IF($C32=0,0,ROUND(SomaAgrup,15-13*$AF$11)))","v":12724.2},"RA","RA",{"$f":"IF($C32=\"S\",IF($Z32=\"CP\",$X32,IF($Z32=\"RA\",(($X32)*QCI!$AA$3),0)),SomaAgrup)","v":4203.4239271051483},{"$f":"IF($C32=\"S\",IF($Z32=\"OU\",ROUND($X32,2),0),SomaAgrup)","v":0},{"$f":"IF($N32=\"\",\" \",\nIF(AND($C32<>\"S\",OR($R32=\"\",$R32=\"(digite a descrição aqui)\")),\"DESCRIÇÃO\",\nIF(AND($C32=\"S\",OR($Q32<>\"\",$T32>0,$U32>0),$P32=\"\"),\"FONTE\",\nIF(AND($C32=\"S\",$P32<>\"\",OR($T32>0,$U32>0),$Q32=\"\"),\"CÓDIGO\",\nIF(AND($C32=\"S\",$P32<>\"\",$Q32<>\"\",$R32=\"(Código não identificado nas referências)\"),\"CÓDIGO N/ID\",\nIF(AND($C32=\"S\",OR($R32=\"\",$R32=\"(digite a descrição aqui)\"),OR($Q32<>\"\",$T32>0,$U32>0)),\"DESCRIÇÃO\",\nIF(AND($C32=\"S\",$P32<>\"\",$Q32<>\"\",$S32=\"\"),\"UNIDADE\",\nIF(AND($C32=\"S\",$P32<>\"\",$Q32<>\"\",$U32=0),\"SEM CUSTO\",\nIF(AND(TIPOORCAMENTO=\"Licitado\",$AL32=0,$AN32>0),\"SEM PREÇO\",\nIF(AND($C32=\"S\",$P32<>\"\",$Q32<>\"\",$U32>0,AND($V32<>\"BDI 1\",$V32<>\"BDI 2\",$V32<>\"BDI 3\")),IF(ISNUMBER($V32),\"JUSTIFICAR BDI\",\"BDI\"),\nIF(OR(AND(import.recurso=\"OGU\",TIPOORCAMENTO=\"Proposto\",LEFT($O$8,5)<>\"(N/D:\",$AG32<>\"\",ORÇAMENTO.CustoUnitario>$AG32),AND(TIPOORCAMENTO=\"LICITADO\",ORÇAMENTO.PrecoUnitarioLicitado>$AN32)),\"ACIMA REF.\",\nIF(AND($C32=\"S\",$P32<>\"\",$Q32<>\"\",$T32=0,$U32>0),\"QUANT.\",\nIF(AND(Import.TipoArredondamento=\"TransfereGOV\",$L32=\"F\",$C32=\"S\",LEN($Q32)>13),\"Código >13\",\nIF(AND(Import.TipoArredondamento=\"TransfereGOV\",$L32=\"F\",$C32<>\"S\",LEN($R32)>100),\"Descrição >100\",\nIF(AND(Import.TipoArredondamento=\"TransfereGOV\",$L32=\"F\",$C32=\"S\",LEN($R32)>500),\"Descrição >500\",\nIF(AND(Import.TipoArredondamento=\"TransfereGOV\",$L32=\"F\",$C32=\"S\",LEFT(TRIM(UPPER($P32)),6)<>\"SINAPI\",ISNA(VLOOKUP(TRIM(UPPER($S32)),ListaTgov.Unidades,1,FALSE))),\"Unid. Não Disp\",\n\" \"))))))))))))))))","v":" "},{"$f":"IF(C32<=CRONO.NivelExibicao,MAX($AD$15:OFFSET(AD32,-1,0))+IF($C32<>1,1,MAX(1,COUNTIF(QCI!$A$13:$A$24,OFFSET($E32,-1,0)))),\"\")","v":""},{"$f":"IF(AND($C32=\"S\",ORÇAMENTO.CodBarra<>\"\"),IF(ORÇAMENTO.Fonte=\"\",ORÇAMENTO.CodBarra,CONCATENATE(ORÇAMENTO.Fonte,\" \",ORÇAMENTO.CodBarra)))","v":"SINAPI 94304"},{"$f":"IF(ISERROR(ORÇAMENTO.BancoRef),\"(abra o arquivo 'Referência \"&Excel_BuiltIn_Database&\".xlsm)\",IF(OR($C32<>\"S\",ORÇAMENTO.CodBarra=\"\"),\"(Sem Código)\",IF(ISERROR(MATCH($AE32,INDIRECT(ORÇAMENTO.BancoRef),0)),\"(Código não identificado nas referências)\",MATCH($AE32,INDIRECT(ORÇAMENTO.BancoRef),0))))","v":6743},{"$f":"ROUND(IF(DESONERACAO=\"sim\",REFERENCIA.Desonerado,REFERENCIA.NaoDesonerado),2)","v":77.290000000000006},0.22470000000000001,null,134.41600000000003,null,null,12724.2,{"$f":"ROUND(ORÇAMENTO.CustoUnitario*(1+$AH32),2)","v":94.66}]
["S",2,"S",0,{"$f":"IF($C33=1,OFFSET(E33,-1,0)+MAX(1,COUNTIF(QCI!$A$13:$A$24,OFFSET(ORÇAMENTO!E33,-1,0))),OFFSET(E33,-1,0))","v":1},3,0,0,2,0,{"$f":"IF(OR($C33=\"S\",$C33=0),0,MATCH(OFFSET($D33,0,$C33)+IF($C33<>1,1,COUNTIF(QCI!$A$13:$A$24,ORÇAMENTO!E33)),OFFSET($D33,1,$C33,ROW($C$140)-ROW($C33)),0))","v":0},"F","Serviço","Serviço","1.3.2.","SINAPI","96385","EXECUÇÃO E COMPACTAÇÃO DE CORPO DE ATERRO DE ATERRO (95% DE ENERGIA DO PROCTOR NORMAL) COM SOLO PREDOMINANTEMENTE ARGILOSO ESPESSURA 15 CM - EXCLUSIVE MATERIAL, ESCAVAÇÃO, CARGA E TRANSPORTE. AF_09/2024","M3",{"$f":"OFFSET(CÁLCULO!H$15,ROW($T33)-ROW(T$15),0)","v":168.02},12.27,"BDI 1",{"$f":"IF($C33=\"S\",ROUND(IF(TIPOORCAMENTO=\"Proposto\",ORÇAMENTO.CustoUnitario*(1+$AH33),ORÇAMENTO.PrecoUnitarioLicitado),15-13*$AF$10),0)","v":15.03},{"$f":"IF($C33=\"S\",IF(OR(Import.TipoArredondamento<>\"TransfereGOV\",ACOMPANHAMENTO=\"BM\"),VTOTAL1,SUM(OFFSET(CÁLCULO!$AA$15,ROW($X33)-ROW($X$15),1):OFFSET(CÁLCULO!$AL$15,ROW($X33)-ROW($X$15),-1))),IF($C33=0,0,ROUND(SomaAgrup,15-13*$AF$11)))","v":2525.34},"RA","RA",{"$f":"IF($C33=\"S\",IF($Z33=\"CP\",$X33,IF($Z33=\"RA\",(($X33)*QCI!$AA$3),0)),SomaAgrup)","v":834.24298424071571},{"$f":"IF($C33=\"S\",IF($Z33=\"OU\",ROUND($X33,2),0),SomaAgrup)","v":0},{"$f":"IF($N33=\"\",\" \",\nIF(AND($C33<>\"S\",OR($R33=\"\",$R33=\"(digite a descrição aqui)\")),\"DESCRIÇÃO\",\nIF(AND($C33=\"S\",OR($Q33<>\"\",$T33>0,$U33>0),$P33=\"\"),\"FONTE\",\nIF(AND($C33=\"S\",$P33<>\"\",OR($T33>0,$U33>0),$Q33=\"\"),\"CÓDIGO\",\nIF(AND($C33=\"S\",$P33<>\"\",$Q33<>\"\",$R33=\"(Código não identificado nas referências)\"),\"CÓDIGO N/ID\",\nIF(AND($C33=\"S\",OR($R33=\"\",$R33=\"(digite a descrição aqui)\"),OR($Q33<>\"\",$T33>0,$U33>0)),\"DESCRIÇÃO\",\nIF(AND($C33=\"S\",$P33<>\"\",$Q33<>\"\",$S33=\"\"),\"UNIDADE\",\nIF(AND($C33=\"S\",$P33<>\"\",$Q33<>\"\",$U33=0),\"SEM CUSTO\",\nIF(AND(TIPOORCAMENTO=\"Licitado\",$AL33=0,$AN33>0),\"SEM PREÇO\",\nIF(AND($C33=\"S\",$P33<>\"\",$Q33<>\"\",$U33>0,AND($V33<>\"BDI 1\",$V33<>\"BDI 2\",$V33<>\"BDI 3\")),IF(ISNUMBER($V33),\"JUSTIFICAR BDI\",\"BDI\"),\nIF(OR(AND(import.recurso=\"OGU\",TIPOORCAMENTO=\"Proposto\",LEFT($O$8,5)<>\"(N/D:\",$AG33<>\"\",ORÇAMENTO.CustoUnitario>$AG33),AND(TIPOORCAMENTO=\"LICITADO\",ORÇAMENTO.PrecoUnitarioLicitado>$AN33)),\"ACIMA REF.\",\nIF(AND($C33=\"S\",$P33<>\"\",$Q33<>\"\",$T33=0,$U33>0),\"QUANT.\",\nIF(AND(Import.TipoArredondamento=\"TransfereGOV\",$L33=\"F\",$C33=\"S\",LEN($Q33)>13),\"Código >13\",\nIF(AND(Import.TipoArredondamento=\"TransfereGOV\",$L33=\"F\",$C33<>\"S\",LEN($R33)>100),\"Descrição >100\",\nIF(AND(Import.TipoArredondamento=\"TransfereGOV\",$L33=\"F\",$C33=\"S\",LEN($R33)>500),\"Descrição >500\",\nIF(AND(Import.TipoArredondamento=\"TransfereGOV\",$L33=\"F\",$C33=\"S\",LEFT(TRIM(UPPER($P33)),6)<>\"SINAPI\",ISNA(VLOOKUP(TRIM(UPPER($S33)),ListaTgov.Unidades,1,FALSE))),\"Unid. Não Disp\",\n\" \"))))))))))))))))","v":" "},{"$f":"IF(C33<=CRONO.NivelExibicao,MAX($AD$15:OFFSET(AD33,-1,0))+IF($C33<>1,1,MAX(1,COUNTIF(QCI!$A$13:$A$24,OFFSET($E33,-1,0)))),\"\")","v":""},{"$f":"IF(AND($C33=\"S\",ORÇAMENTO.CodBarra<>\"\"),IF(ORÇAMENTO.Fonte=\"\",ORÇAMENTO.CodBarra,CONCATENATE(ORÇAMENTO.Fonte,\" \",ORÇAMENTO.CodBarra)))","v":"SINAPI 96385"},{"$f":"IF(ISERROR(ORÇAMENTO.BancoRef),\"(abra o arquivo 'Referência \"&Excel_BuiltIn_Database&\".xlsm)\",IF(OR($C33<>\"S\",ORÇAMENTO.CodBarra=\"\"),\"(Sem Código)\",IF(ISERROR(MATCH($AE33,INDIRECT(ORÇAMENTO.BancoRef),0)),\"(Código não identificado nas referências)\",MATCH($AE33,INDIRECT(ORÇAMENTO.BancoRef),0))))","v":6898},{"$f":"ROUND(IF(DESONERACAO=\"sim\",REFERENCIA.Desonerado,REFERENCIA.NaoDesonerado),2)","v":12.27},0.22470000000000001,null,168.02,null,null,2525.34,{"$f":"ROUND(ORÇAMENTO.CustoUnitario*(1+$AH33),2)","v":15.03}]
["S",2,"S",0,{"$f":"IF($C34=1,OFFSET(E34,-1,0)+MAX(1,COUNTIF(QCI!$A$13:$A$24,OFFSET(ORÇAMENTO!E34,-1,0))),OFFSET(E34,-1,0))","v":1},3,0,0,3,0,{"$f":"IF(OR($C34=\"S\",$C34=0),0,MATCH(OFFSET($D34,0,$C34)+IF($C34<>1,1,COUNTIF(QCI!$A$13:$A$24,ORÇAMENTO!E34)),OFFSET($D34,1,$C34,ROW($C$140)-ROW($C34)),0))","v":0},"F","Serviço","Serviço","1.3.3.","SINAPI","95877","TRANSPORTE COM CAMINHÃO BASCULANTE DE 18 M³, EM VIA URBANA PAVIMENTADA, DMT ATÉ 30 KM (UNIDADE: M3XKM). AF_07/2020","M3XKM",{"$f":"OFFSET(CÁLCULO!H$15,ROW($T34)-ROW(T$15),0)","v":840.1},1.84,"BDI 1",{"$f":"IF($C34=\"S\",ROUND(IF(TIPOORCAMENTO=\"Proposto\",ORÇAMENTO.CustoUnitario*(1+$AH34),ORÇAMENTO.PrecoUnitarioLicitado),15-13*$AF$10),0)","v":2.25},{"$f":"IF($C34=\"S\",IF(OR(Import.TipoArredondamento<>\"TransfereGOV\",ACOMPANHAMENTO=\"BM\"),VTOTAL1,SUM(OFFSET(CÁLCULO!$AA$15,ROW($X34)-ROW($X$15),1):OFFSET(CÁLCULO!$AL$15,ROW($X34)-ROW($X$15),-1))),IF($C34=0,0,ROUND(SomaAgrup,15-13*$AF$11)))","v":1890.23},"RA","RA",{"$f":"IF($C34=\"S\",IF($Z34=\"CP\",$X34,IF($Z34=\"RA\",(($X34)*QCI!$AA$3),0)),SomaAgrup)","v":624.43517154178369},{"$f":"IF($C34=\"S\",IF($Z34=\"OU\",ROUND($X34,2),0),SomaAgrup)","v":0},{"$f":"IF($N34=\"\",\" \",\nIF(AND($C34<>\"S\",OR($R34=\"\",$R34=\"(digite a descrição aqui)\")),\"DESCRIÇÃO\",\nIF(AND($C34=\"S\",OR($Q34<>\"\",$T34>0,$U34>0),$P34=\"\"),\"FONTE\",\nIF(AND($C34=\"S\",$P34<>\"\",OR($T34>0,$U34>0),$Q34=\"\"),\"CÓDIGO\",\nIF(AND($C34=\"S\",$P34<>\"\",$Q34<>\"\",$R34=\"(Código não identificado nas referências)\"),\"CÓDIGO N/ID\",\nIF(AND($C34=\"S\",OR($R34=\"\",$R34=\"(digite a descrição aqui)\"),OR($Q34<>\"\",$T34>0,$U34>0)),\"DESCRIÇÃO\",\nIF(AND($C34=\"S\",$P34<>\"\",$Q34<>\"\",$S34=\"\"),\"UNIDADE\",\nIF(AND($C34=\"S\",$P34<>\"\",$Q34<>\"\",$U34=0),\"SEM CUSTO\",\nIF(AND(TIPOORCAMENTO=\"Licitado\",$AL34=0,$AN34>0),\"SEM PREÇO\",\nIF(AND($C34=\"S\",$P34<>\"\",$Q34<>\"\",$U34>0,AND($V34<>\"BDI 1\",$V34<>\"BDI 2\",$V34<>\"BDI 3\")),IF(ISNUMBER($V34),\"JUSTIFICAR BDI\",\"BDI\"),\nIF(OR(AND(import.recurso=\"OGU\",TIPOORCAMENTO=\"Proposto\",LEFT($O$8,5)<>\"(N/D:\",$AG34<>\"\",ORÇAMENTO.CustoUnitario>$AG34),AND(TIPOORCAMENTO=\"LICITADO\",ORÇAMENTO.PrecoUnitarioLicitado>$AN34)),\"ACIMA REF.\",\nIF(AND($C34=\"S\",$P34<>\"\",$Q34<>\"\",$T34=0,$U34>0),\"QUANT.\",\nIF(AND(Import.TipoArredondamento=\"TransfereGOV\",$L34=\"F\",$C34=\"S\",LEN($Q34)>13),\"Código >13\",\nIF(AND(Import.TipoArredondamento=\"TransfereGOV\",$L34=\"F\",$C34<>\"S\",LEN($R34)>100),\"Descrição >100\",\nIF(AND(Import.TipoArredondamento=\"TransfereGOV\",$L34=\"F\",$C34=\"S\",LEN($R34)>500),\"Descrição >500\",\nIF(AND(Import.TipoArredondamento=\"TransfereGOV\",$L34=\"F\",$C34=\"S\",LEFT(TRIM(UPPER($P34)),6)<>\"SINAPI\",ISNA(VLOOKUP(TRIM(UPPER($S34)),ListaTgov.Unidades,1,FALSE))),\"Unid. Não Disp\",\n\" \"))))))))))))))))","v":" "},{"$f":"IF(C34<=CRONO.NivelExibicao,MAX($AD$15:OFFSET(AD34,-1,0))+IF($C34<>1,1,MAX(1,COUNTIF(QCI!$A$13:$A$24,OFFSET($E34,-1,0)))),\"\")","v":""},{"$f":"IF(AND($C34=\"S\",ORÇAMENTO.CodBarra<>\"\"),IF(ORÇAMENTO.Fonte=\"\",ORÇAMENTO.CodBarra,CONCATENATE(ORÇAMENTO.Fonte,\" \",ORÇAMENTO.CodBarra)))","v":"SINAPI 95877"},{"$f":"IF(ISERROR(ORÇAMENTO.BancoRef),\"(abra o arquivo 'Referência \"&Excel_BuiltIn_Database&\".xlsm)\",IF(OR($C34<>\"S\",ORÇAMENTO.CodBarra=\"\"),\"(Sem Código)\",IF(ISERROR(MATCH($AE34,INDIRECT(ORÇAMENTO.BancoRef),0)),\"(Código não identificado nas referências)\",MATCH($AE34,INDIRECT(ORÇAMENTO.BancoRef),0))))","v":15367},{"$f":"ROUND(IF(DESONERACAO=\"sim\",REFERENCIA.Desonerado,REFERENCIA.NaoDesonerado),2)","v":1.84},0.22470000000000001,null,840.1,null,null,1890.23,{"$f":"ROUND(ORÇAMENTO.CustoUnitario*(1+$AH34),2)","v":2.25}]
[2,2,2,5,{"$f":"IF($C35=1,OFFSET(E35,-1,0)+MAX(1,COUNTIF(QCI!$A$13:$A$24,OFFSET(ORÇAMENTO!E35,-1,0))),OFFSET(E35,-1,0))","v":1},4,0,0,0,105,{"$f":"IF(OR($C35=\"S\",$C35=0),0,MATCH(OFFSET($D35,0,$C35)+IF($C35<>1,1,COUNTIF(QCI!$A$13:$A$24,ORÇAMENTO!E35)),OFFSET($D35,1,$C35,ROW($C$140)-ROW($C35)),0))","v":5},"F","Nível 2","Nível 2","1.4.","SINAPI",null,"RESTAURAÇÃO ARQUIBANCA E CONSTRUÇÃO DE QUEBRA DEGRAU","-",{"$f":"OFFSET(CÁLCULO!H$15,ROW($T35)-ROW(T$15),0)","v":0},0,"BDI 1",{"$f":"IF($C35=\"S\",ROUND(IF(TIPOORCAMENTO=\"Proposto\",ORÇAMENTO.CustoUnitario*(1+$AH35),ORÇAMENTO.PrecoUnitarioLicitado),15-13*$AF$10),0)","v":0},{"$f":"IF($C35=\"S\",IF(OR(Import.TipoArredondamento<>\"TransfereGOV\",ACOMPANHAMENTO=\"BM\"),VTOTAL1,SUM(OFFSET(CÁLCULO!$AA$15,ROW($X35)-ROW($X$15),1):OFFSET(CÁLCULO!$AL$15,ROW($X35)-ROW($X$15),-1))),IF($C35=0,0,ROUND(SomaAgrup,15-13*$AF$11)))","v":42035.02},"RA","",{"$f":"IF($C35=\"S\",IF($Z35=\"CP\",$X35,IF($Z35=\"RA\",(($X35)*QCI!$AA$3),0)),SomaAgrup)","v":13886.217510283039},{"$f":"IF($C35=\"S\",IF($Z35=\"OU\",ROUND($X35,2),0),SomaAgrup)","v":0},{"$f":"IF($N35=\"\",\" \",\nIF(AND($C35<>\"S\",OR($R35=\"\",$R35=\"(digite a descrição aqui)\")),\"DESCRIÇÃO\",\nIF(AND($C35=\"S\",OR($Q35<>\"\",$T35>0,$U35>0),$P35=\"\"),\"FONTE\",\nIF(AND($C35=\"S\",$P35<>\"\",OR($T35>0,$U35>0),$Q35=\"\"),\"CÓDIGO\",\nIF(AND($C35=\"S\",$P35<>\"\",$Q35<>\"\",$R35=\"(Código não identificado nas referências)\"),\"CÓDIGO N/ID\",\nIF(AND($C35=\"S\",OR($R35=\"\",$R35=\"(digite a descrição aqui)\"),OR($Q35<>\"\",$T35>0,$U35>0)),\"DESCRIÇÃO\",\nIF(AND($C35=\"S\",$P35<>\"\",$Q35<>\"\",$S35=\"\"),\"UNIDADE\",\nIF(AND($C35=\"S\",$P35<>\"\",$Q35<>\"\",$U35=0),\"SEM CUSTO\",\nIF(AND(TIPOORCAMENTO=\"Licitado\",$AL35=0,$AN35>0),\"SEM PREÇO\",\nIF(AND($C35=\"S\",$P35<>\"\",$Q35<>\"\",$U35>0,AND($V35<>\"BDI 1\",$V35<>\"BDI 2\",$V35<>\"BDI 3\")),IF(ISNUMBER($V35),\"JUSTIFICAR BDI\",\"BDI\"),\nIF(OR(AND(import.recurso=\"OGU\",TIPOORCAMENTO=\"Proposto\",LEFT($O$8,5)<>\"(N/D:\",$AG35<>\"\",ORÇAMENTO.CustoUnitario>$AG35),AND(TIPOORCAMENTO=\"LICITADO\",ORÇAMENTO.PrecoUnitarioLicitado>$AN35)),\"ACIMA REF.\",\nIF(AND($C35=\"S\",$P35<>\"\",$Q35<>\"\",$T35=0,$U35>0),\"QUANT.\",\nIF(AND(Import.TipoArredondamento=\"TransfereGOV\",$L35=\"F\",$C35=\"S\",LEN($Q35)>13),\"Código >13\",\nIF(AND(Import.TipoArredondamento=\"TransfereGOV\",$L35=\"F\",$C35<>\"S\",LEN($R35)>100),\"Descrição >100\",\nIF(AND(Import.TipoArredondamento=\"TransfereGOV\",$L35=\"F\",$C35=\"S\",LEN($R35)>500),\"Descrição >500\",\nIF(AND(Import.TipoArredondamento=\"TransfereGOV\",$L35=\"F\",$C35=\"S\",LEFT(TRIM(UPPER($P35)),6)<>\"SINAPI\",ISNA(VLOOKUP(TRIM(UPPER($S35)),ListaTgov.Unidades,1,FALSE))),\"Unid. Não Disp\",\n\" \"))))))))))))))))","v":" "},{"$f":"IF(C35<=CRONO.NivelExibicao,MAX($AD$15:OFFSET(AD35,-1,0))+IF($C35<>1,1,MAX(1,COUNTIF(QCI!$A$13:$A$24,OFFSET($E35,-1,0)))),\"\")","v":5},{"$f":"IF(AND($C35=\"S\",ORÇAMENTO.CodBarra<>\"\"),IF(ORÇAMENTO.Fonte=\"\",ORÇAMENTO.CodBarra,CONCATENATE(ORÇAMENTO.Fonte,\" \",ORÇAMENTO.CodBarra)))","v":false},{"$f":"IF(ISERROR(ORÇAMENTO.BancoRef),\"(abra o arquivo 'Referência \"&Excel_BuiltIn_Database&\".xlsm)\",IF(OR($C35<>\"S\",ORÇAMENTO.CodBarra=\"\"),\"(Sem Código)\",IF(ISERROR(MATCH($AE35,INDIRECT(ORÇAMENTO.BancoRef),0)),\"(Código não identificado nas referências)\",MATCH($AE35,INDIRECT(ORÇAMENTO.BancoRef),0))))","v":"(Sem Código)"},{"$f":"ROUND(IF(DESONERACAO=\"sim\",REFERENCIA.Desonerado,REFERENCIA.NaoDesonerado),2)","v":0},0.22470000000000001,null,0,null,null,42035.02,{"$f":"ROUND(ORÇAMENTO.CustoUnitario*(1+$AH35),2)","v":0}]
["S",2,"S",0,{"$f":"IF($C36=1,OFFSET(E36,-1,0)+MAX(1,COUNTIF(QCI!$A$13:$A$24,OFFSET(ORÇAMENTO!E36,-1,0))),OFFSET(E36,-1,0))","v":1},4,0,0,1,0,{"$f":"IF(OR($C36=\"S\",$C36=0),0,MATCH(OFFSET($D36,0,$C36)+IF($C36<>1,1,COUNTIF(QCI!$A$13:$A$24,ORÇAMENTO!E36)),OFFSET($D36,1,$C36,ROW($C$140)-ROW($C36)),0))","v":0},"F","Serviço","Serviço","1.4.1.","SINAPI","87792","EMBOÇO OU MASSA ÚNICA EM ARGAMASSA TRAÇO 1:2:8, PREPARO MECÂNICO COM BETONEIRA 400 L, APLICADA MANUALMENTE EM PANOS CEGOS DE FACHADA (SEM PRESENÇA DE VÃOS), ESPESSURA DE 25 MM. AF_08/2022","M2",{"$f":"OFFSET(CÁLCULO!H$15,ROW($T36)-ROW(T$15),0)","v":348.84},38.880000000000003,"BDI 1",{"$f":"IF($C36=\"S\",ROUND(IF(TIPOORCAMENTO=\"Proposto\",ORÇAMENTO.CustoUnitario*(1+$AH36),ORÇAMENTO.PrecoUnitarioLicitado),15-13*$AF$10),0)","v":47.62},{"$f":"IF($C36=\"S\",IF(OR(Import.TipoArredondamento<>\"TransfereGOV\",ACOMPANHAMENTO=\"BM\"),VTOTAL1,SUM(OFFSET(CÁLCULO!$AA$15,ROW($X36)-ROW($X$15),1):OFFSET(CÁLCULO!$AL$15,ROW($X36)-ROW($X$15),-1))),IF($C36=0,0,ROUND(SomaAgrup,15-13*$AF$11)))","v":16611.759999999998},"RA","RA",{"$f":"IF($C36=\"S\",IF($Z36=\"CP\",$X36,IF($Z36=\"RA\",(($X36)*QCI!$AA$3),0)),SomaAgrup)","v":5487.6746243636699},{"$f":"IF($C36=\"S\",IF($Z36=\"OU\",ROUND($X36,2),0),SomaAgrup)","v":0},{"$f":"IF($N36=\"\",\" \",\nIF(AND($C36<>\"S\",OR($R36=\"\",$R36=\"(digite a descrição aqui)\")),\"DESCRIÇÃO\",\nIF(AND($C36=\"S\",OR($Q36<>\"\",$T36>0,$U36>0),$P36=\"\"),\"FONTE\",\nIF(AND($C36=\"S\",$P36<>\"\",OR($T36>0,$U36>0),$Q36=\"\"),\"CÓDIGO\",\nIF(AND($C36=\"S\",$P36<>\"\",$Q36<>\"\",$R36=\"(Código não identificado nas referências)\"),\"CÓDIGO N/ID\",\nIF(AND($C36=\"S\",OR($R36=\"\",$R36=\"(digite a descrição aqui)\"),OR($Q36<>\"\",$T36>0,$U36>0)),\"DESCRIÇÃO\",\nIF(AND($C36=\"S\",$P36<>\"\",$Q36<>\"\",$S36=\"\"),\"UNIDADE\",\nIF(AND($C36=\"S\",$P36<>\"\",$Q36<>\"\",$U36=0),\"SEM CUSTO\",\nIF(AND(TIPOORCAMENTO=\"Licitado\",$AL36=0,$AN36>0),\"SEM PREÇO\",\nIF(AND($C36=\"S\",$P36<>\"\",$Q36<>\"\",$U36>0,AND($V36<>\"BDI 1\",$V36<>\"BDI 2\",$V36<>\"BDI 3\")),IF(ISNUMBER($V36),\"JUSTIFICAR BDI\",\"BDI\"),\nIF(OR(AND(import.recurso=\"OGU\",TIPOORCAMENTO=\"Proposto\",LEFT($O$8,5)<>\"(N/D:\",$AG36<>\"\",ORÇAMENTO.CustoUnitario>$AG36),AND(TIPOORCAMENTO=\"LICITADO\",ORÇAMENTO.PrecoUnitarioLicitado>$AN36)),\"ACIMA REF.\",\nIF(AND($C36=\"S\",$P36<>\"\",$Q36<>\"\",$T36=0,$U36>0),\"QUANT.\",\nIF(AND(Import.TipoArredondamento=\"TransfereGOV\",$L36=\"F\",$C36=\"S\",LEN($Q36)>13),\"Código >13\",\nIF(AND(Import.TipoArredondamento=\"TransfereGOV\",$L36=\"F\",$C36<>\"S\",LEN($R36)>100),\"Descrição >100\",\nIF(AND(Import.TipoArredondamento=\"TransfereGOV\",$L36=\"F\",$C36=\"S\",LEN($R36)>500),\"Descrição >500\",\nIF(AND(Import.TipoArredondamento=\"TransfereGOV\",$L36=\"F\",$C36=\"S\",LEFT(TRIM(UPPER($P36)),6)<>\"SINAPI\",ISNA(VLOOKUP(TRIM(UPPER($S36)),ListaTgov.Unidades,1,FALSE))),\"Unid. Não Disp\",\n\" \"))))))))))))))))","v":" "},{"$f":"IF(C36<=CRONO.NivelExibicao,MAX($AD$15:OFFSET(AD36,-1,0))+IF($C36<>1,1,MAX(1,COUNTIF(QCI!$A$13:$A$24,OFFSET($E36,-1,0)))),\"\")","v":""},{"$f":"IF(AND($C36=\"S\",ORÇAMENTO.CodBarra<>\"\"),IF(ORÇAMENTO.Fonte=\"\",ORÇAMENTO.CodBarra,CONCATENATE(ORÇAMENTO.Fonte,\" \",ORÇAMENTO.CodBarra)))","v":"SINAPI 87792"},{"$f":"IF(ISERROR(ORÇAMENTO.BancoRef),\"(abra o arquivo 'Referência \"&Excel_BuiltIn_Database&\".xlsm)\",IF(OR($C36<>\"S\",ORÇAMENTO.CodBarra=\"\"),\"(Sem Código)\",IF(ISERROR(MATCH($AE36,INDIRECT(ORÇAMENTO.BancoRef),0)),\"(Código não identificado nas referências)\",MATCH($AE36,INDIRECT(ORÇAMENTO.BancoRef),0))))","v":13390},{"$f":"ROUND(IF(DESONERACAO=\"sim\",REFERENCIA.Desonerado,REFERENCIA.NaoDesonerado),2)","v":38.880000000000003},0.22470000000000001,null,348.84300000000002,null,null,16611.759999999998,{"$f":"ROUND(ORÇAMENTO.CustoUnitario*(1+$AH36),2)","v":47.62}]
["S",2,"S",0,{"$f":"IF($C37=1,OFFSET(E37,-1,0)+MAX(1,COUNTIF(QCI!$A$13:$A$24,OFFSET(ORÇAMENTO!E37,-1,0))),OFFSET(E37,-1,0))","v":1},4,0,0,2,0,{"$f":"IF(OR($C37=\"S\",$C37=0),0,MATCH(OFFSET($D37,0,$C37)+IF($C37<>1,1,COUNTIF(QCI!$A$13:$A$24,ORÇAMENTO!E37)),OFFSET($D37,1,$C37,ROW($C$140)-ROW($C37)),0))","v":0},"F","Serviço","Serviço","1.4.2.","Composição","CPU 24","TELA DE ACO MALHA 25X25MM, 1.24MM PARA REBOCO - FORNECIMENTO E COLOCACAO","M2",{"$f":"OFFSET(CÁLCULO!H$15,ROW($T37)-ROW(T$15),0)","v":348.84},17.329999999999998,"BDI 1",{"$f":"IF($C37=\"S\",ROUND(IF(TIPOORCAMENTO=\"Proposto\",ORÇAMENTO.CustoUnitario*(1+$AH37),ORÇAMENTO.PrecoUnitarioLicitado),15-13*$AF$10),0)","v":21.22},{"$f":"IF($C37=\"S\",IF(OR(Import.TipoArredondamento<>\"TransfereGOV\",ACOMPANHAMENTO=\"BM\"),VTOTAL1,SUM(OFFSET(CÁLCULO!$AA$15,ROW($X37)-ROW($X$15),1):OFFSET(CÁLCULO!$AL$15,ROW($X37)-ROW($X$15),-1))),IF($C37=0,0,ROUND(SomaAgrup,15-13*$AF$11)))","v":7402.38},"RA","RA",{"$f":"IF($C37=\"S\",IF($Z37=\"CP\",$X37,IF($Z37=\"RA\",(($X37)*QCI!$AA$3),0)),SomaAgrup)","v":2445.36719082729},{"$f":"IF($C37=\"S\",IF($Z37=\"OU\",ROUND($X37,2),0),SomaAgrup)","v":0},{"$f":"IF($N37=\"\",\" \",\nIF(AND($C37<>\"S\",OR($R37=\"\",$R37=\"(digite a descrição aqui)\")),\"DESCRIÇÃO\",\nIF(AND($C37=\"S\",OR($Q37<>\"\",$T37>0,$U37>0),$P37=\"\"),\"FONTE\",\nIF(AND($C37=\"S\",$P37<>\"\",OR($T37>0,$U37>0),$Q37=\"\"),\"CÓDIGO\",\nIF(AND($C37=\"S\",$P37<>\"\",$Q37<>\"\",$R37=\"(Código não identificado nas referências)\"),\"CÓDIGO N/ID\",\nIF(AND($C37=\"S\",OR($R37=\"\",$R37=\"(digite a descrição aqui)\"),OR($Q37<>\"\",$T37>0,$U37>0)),\"DESCRIÇÃO\",\nIF(AND($C37=\"S\",$P37<>\"\",$Q37<>\"\",$S37=\"\"),\"UNIDADE\",\nIF(AND($C37=\"S\",$P37<>\"\",$Q37<>\"\",$U37=0),\"SEM CUSTO\",\nIF(AND(TIPOORCAMENTO=\"Licitado\",$AL37=0,$AN37>0),\"SEM PREÇO\",\nIF(AND($C37=\"S\",$P37<>\"\",$Q37<>\"\",$U37>0,AND($V37<>\"BDI 1\",$V37<>\"BDI 2\",$V37<>\"BDI 3\")),IF(ISNUMBER($V37),\"JUSTIFICAR BDI\",\"BDI\"),\nIF(OR(AND(import.recurso=\"OGU\",TIPOORCAMENTO=\"Proposto\",LEFT($O$8,5)<>\"(N/D:\",$AG37<>\"\",ORÇAMENTO.CustoUnitario>$AG37),AND(TIPOORCAMENTO=\"LICITADO\",ORÇAMENTO.PrecoUnitarioLicitado>$AN37)),\"ACIMA REF.\",\nIF(AND($C37=\"S\",$P37<>\"\",$Q37<>\"\",$T37=0,$U37>0),\"QUANT.\",\nIF(AND(Import.TipoArredondamento=\"TransfereGOV\",$L37=\"F\",$C37=\"S\",LEN($Q37)>13),\"Código >13\",\nIF(AND(Import.TipoArredondamento=\"TransfereGOV\",$L37=\"F\",$C37<>\"S\",LEN($R37)>100),\"Descrição >100\",\nIF(AND(Import.TipoArredondamento=\"TransfereGOV\",$L37=\"F\",$C37=\"S\",LEN($R37)>500),\"Descrição >500\",\nIF(AND(Import.TipoArredondamento=\"TransfereGOV\",$L37=\"F\",$C37=\"S\",LEFT(TRIM(UPPER($P37)),6)<>\"SINAPI\",ISNA(VLOOKUP(TRIM(UPPER($S37)),ListaTgov.Unidades,1,FALSE))),\"Unid. Não Disp\",\n\" \"))))))))))))))))","v":" "},{"$f":"IF(C37<=CRONO.NivelExibicao,MAX($AD$15:OFFSET(AD37,-1,0))+IF($C37<>1,1,MAX(1,COUNTIF(QCI!$A$13:$A$24,OFFSET($E37,-1,0)))),\"\")","v":""},{"$f":"IF(AND($C37=\"S\",ORÇAMENTO.CodBarra<>\"\"),IF(ORÇAMENTO.Fonte=\"\",ORÇAMENTO.CodBarra,CONCATENATE(ORÇAMENTO.Fonte,\" \",ORÇAMENTO.CodBarra)))","v":"Composição CPU 24"},{"$f":"IF(ISERROR(ORÇAMENTO.BancoRef),\"(abra o arquivo 'Referência \"&Excel_BuiltIn_Database&\".xlsm)\",IF(OR($C37<>\"S\",ORÇAMENTO.CodBarra=\"\"),\"(Sem Código)\",IF(ISERROR(MATCH($AE37,INDIRECT(ORÇAMENTO.BancoRef),0)),\"(Código não identificado nas referências)\",MATCH($AE37,INDIRECT(ORÇAMENTO.BancoRef),0))))","v":21},{"$f":"ROUND(IF(DESONERACAO=\"sim\",REFERENCIA.Desonerado,REFERENCIA.NaoDesonerado),2)","v":17.329999999999998},0.22470000000000001,null,348.84300000000002,null,null,7402.38,{"$f":"ROUND(ORÇAMENTO.CustoUnitario*(1+$AH37),2)","v":21.22}]
["S",2,"S",0,{"$f":"IF($C38=1,OFFSET(E38,-1,0)+MAX(1,COUNTIF(QCI!$A$13:$A$24,OFFSET(ORÇAMENTO!E38,-1,0))),OFFSET(E38,-1,0))","v":1},4,0,0,3,0,{"$f":"IF(OR($C38=\"S\",$C38=0),0,MATCH(OFFSET($D38,0,$C38)+IF($C38<>1,1,COUNTIF(QCI!$A$13:$A$24,ORÇAMENTO!E38)),OFFSET($D38,1,$C38,ROW($C$140)-ROW($C38)),0))","v":0},"F","Serviço","Serviço","1.4.3.","Composição","CPU 26","EXECUÇÃO DE QUEBRA DEGRAUS, COM ALVENARIA DE TIJOLOS MACIÇOS, ENCHIMENTO EM CONCRETO MAGRO, ACABAMENTO COM REBOCO E TELA - FORNECIMENTO E EXECUÇÃO","M3",{"$f":"OFFSET(CÁLCULO!H$15,ROW($T38)-ROW(T$15),0)","v":9.7200000000000006},1262.3499999999999,"BDI 1",{"$f":"IF($C38=\"S\",ROUND(IF(TIPOORCAMENTO=\"Proposto\",ORÇAMENTO.CustoUnitario*(1+$AH38),ORÇAMENTO.PrecoUnitarioLicitado),15-13*$AF$10),0)","v":1546},{"$f":"IF($C38=\"S\",IF(OR(Import.TipoArredondamento<>\"TransfereGOV\",ACOMPANHAMENTO=\"BM\"),VTOTAL1,SUM(OFFSET(CÁLCULO!$AA$15,ROW($X38)-ROW($X$15),1):OFFSET(CÁLCULO!$AL$15,ROW($X38)-ROW($X$15),-1))),IF($C38=0,0,ROUND(SomaAgrup,15-13*$AF$11)))","v":15027.12},"RA","RA",{"$f":"IF($C38=\"S\",IF($Z38=\"CP\",$X38,IF($Z38=\"RA\",(($X38)*QCI!$AA$3),0)),SomaAgrup)","v":4964.1907360368677},{"$f":"IF($C38=\"S\",IF($Z38=\"OU\",ROUND($X38,2),0),SomaAgrup)","v":0},{"$f":"IF($N38=\"\",\" \",\nIF(AND($C38<>\"S\",OR($R38=\"\",$R38=\"(digite a descrição aqui)\")),\"DESCRIÇÃO\",\nIF(AND($C38=\"S\",OR($Q38<>\"\",$T38>0,$U38>0),$P38=\"\"),\"FONTE\",\nIF(AND($C38=\"S\",$P38<>\"\",OR($T38>0,$U38>0),$Q38=\"\"),\"CÓDIGO\",\nIF(AND($C38=\"S\",$P38<>\"\",$Q38<>\"\",$R38=\"(Código não identificado nas referências)\"),\"CÓDIGO N/ID\",\nIF(AND($C38=\"S\",OR($R38=\"\",$R38=\"(digite a descrição aqui)\"),OR($Q38<>\"\",$T38>0,$U38>0)),\"DESCRIÇÃO\",\nIF(AND($C38=\"S\",$P38<>\"\",$Q38<>\"\",$S38=\"\"),\"UNIDADE\",\nIF(AND($C38=\"S\",$P38<>\"\",$Q38<>\"\",$U38=0),\"SEM CUSTO\",\nIF(AND(TIPOORCAMENTO=\"Licitado\",$AL38=0,$AN38>0),\"SEM PREÇO\",\nIF(AND($C38=\"S\",$P38<>\"\",$Q38<>\"\",$U38>0,AND($V38<>\"BDI 1\",$V38<>\"BDI 2\",$V38<>\"BDI 3\")),IF(ISNUMBER($V38),\"JUSTIFICAR BDI\",\"BDI\"),\nIF(OR(AND(import.recurso=\"OGU\",TIPOORCAMENTO=\"Proposto\",LEFT($O$8,5)<>\"(N/D:\",$AG38<>\"\",ORÇAMENTO.CustoUnitario>$AG38),AND(TIPOORCAMENTO=\"LICITADO\",ORÇAMENTO.PrecoUnitarioLicitado>$AN38)),\"ACIMA REF.\",\nIF(AND($C38=\"S\",$P38<>\"\",$Q38<>\"\",$T38=0,$U38>0),\"QUANT.\",\nIF(AND(Import.TipoArredondamento=\"TransfereGOV\",$L38=\"F\",$C38=\"S\",LEN($Q38)>13),\"Código >13\",\nIF(AND(Import.TipoArredondamento=\"TransfereGOV\",$L38=\"F\",$C38<>\"S\",LEN($R38)>100),\"Descrição >100\",\nIF(AND(Import.TipoArredondamento=\"TransfereGOV\",$L38=\"F\",$C38=\"S\",LEN($R38)>500),\"Descrição >500\",\nIF(AND(Import.TipoArredondamento=\"TransfereGOV\",$L38=\"F\",$C38=\"S\",LEFT(TRIM(UPPER($P38)),6)<>\"SINAPI\",ISNA(VLOOKUP(TRIM(UPPER($S38)),ListaTgov.Unidades,1,FALSE))),\"Unid. Não Disp\",\n\" \"))))))))))))))))","v":" "},{"$f":"IF(C38<=CRONO.NivelExibicao,MAX($AD$15:OFFSET(AD38,-1,0))+IF($C38<>1,1,MAX(1,COUNTIF(QCI!$A$13:$A$24,OFFSET($E38,-1,0)))),\"\")","v":""},{"$f":"IF(AND($C38=\"S\",ORÇAMENTO.CodBarra<>\"\"),IF(ORÇAMENTO.Fonte=\"\",ORÇAMENTO.CodBarra,CONCATENATE(ORÇAMENTO.Fonte,\" \",ORÇAMENTO.CodBarra)))","v":"Composição CPU 26"},{"$f":"IF(ISERROR(ORÇAMENTO.BancoRef),\"(abra o arquivo 'Referência \"&Excel_BuiltIn_Database&\".xlsm)\",IF(OR($C38<>\"S\",ORÇAMENTO.CodBarra=\"\"),\"(Sem Código)\",IF(ISERROR(MATCH($AE38,INDIRECT(ORÇAMENTO.BancoRef),0)),\"(Código não identificado nas referências)\",MATCH($AE38,INDIRECT(ORÇAMENTO.BancoRef),0))))","v":23},{"$f":"ROUND(IF(DESONERACAO=\"sim\",REFERENCIA.Desonerado,REFERENCIA.NaoDesonerado),2)","v":1262.3499999999999},0.22470000000000001,null,9.7200000000000006,null,null,15027.12,{"$f":"ROUND(ORÇAMENTO.CustoUnitario*(1+$AH38),2)","v":1546}]
["S",2,"S",0,{"$f":"IF($C39=1,OFFSET(E39,-1,0)+MAX(1,COUNTIF(QCI!$A$13:$A$24,OFFSET(ORÇAMENTO!E39,-1,0))),OFFSET(E39,-1,0))","v":1},4,0,0,4,0,{"$f":"IF(OR($C39=\"S\",$C39=0),0,MATCH(OFFSET($D39,0,$C39)+IF($C39<>1,1,COUNTIF(QCI!$A$13:$A$24,ORÇAMENTO!E39)),OFFSET($D39,1,$C39,ROW($C$140)-ROW($C39)),0))","v":0},"F","Serviço","Serviço","1.4.4.","SINAPI","99855","CORRIMÃO SIMPLES, DIÂMETRO EXTERNO = 1 1/2\", EM AÇO GALVANIZADO. AF_04/2019_PS","M",{"$f":"OFFSET(CÁLCULO!H$15,ROW($T39)-ROW(T$15),0)","v":24},101.85,"BDI 1",{"$f":"IF($C39=\"S\",ROUND(IF(TIPOORCAMENTO=\"Proposto\",ORÇAMENTO.CustoUnitario*(1+$AH39),ORÇAMENTO.PrecoUnitarioLicitado),15-13*$AF$10),0)","v":124.74},{"$f":"IF($C39=\"S\",IF(OR(Import.TipoArredondamento<>\"TransfereGOV\",ACOMPANHAMENTO=\"BM\"),VTOTAL1,SUM(OFFSET(CÁLCULO!$AA$15,ROW($X39)-ROW($X$15),1):OFFSET(CÁLCULO!$AL$15,ROW($X39)-ROW($X$15),-1))),IF($C39=0,0,ROUND(SomaAgrup,15-13*$AF$11)))","v":2993.76},"RA","RA",{"$f":"IF($C39=\"S\",IF($Z39=\"CP\",$X39,IF($Z39=\"RA\",(($X39)*QCI!$AA$3),0)),SomaAgrup)","v":988.98495905521042},{"$f":"IF($C39=\"S\",IF($Z39=\"OU\",ROUND($X39,2),0),SomaAgrup)","v":0},{"$f":"IF($N39=\"\",\" \",\nIF(AND($C39<>\"S\",OR($R39=\"\",$R39=\"(digite a descrição aqui)\")),\"DESCRIÇÃO\",\nIF(AND($C39=\"S\",OR($Q39<>\"\",$T39>0,$U39>0),$P39=\"\"),\"FONTE\",\nIF(AND($C39=\"S\",$P39<>\"\",OR($T39>0,$U39>0),$Q39=\"\"),\"CÓDIGO\",\nIF(AND($C39=\"S\",$P39<>\"\",$Q39<>\"\",$R39=\"(Código não identificado nas referências)\"),\"CÓDIGO N/ID\",\nIF(AND($C39=\"S\",OR($R39=\"\",$R39=\"(digite a descrição aqui)\"),OR($Q39<>\"\",$T39>0,$U39>0)),\"DESCRIÇÃO\",\nIF(AND($C39=\"S\",$P39<>\"\",$Q39<>\"\",$S39=\"\"),\"UNIDADE\",\nIF(AND($C39=\"S\",$P39<>\"\",$Q39<>\"\",$U39=0),\"SEM CUSTO\",\nIF(AND(TIPOORCAMENTO=\"Licitado\",$AL39=0,$AN39>0),\"SEM PREÇO\",\nIF(AND($C39=\"S\",$P39<>\"\",$Q39<>\"\",$U39>0,AND($V39<>\"BDI 1\",$V39<>\"BDI 2\",$V39<>\"BDI 3\")),IF(ISNUMBER($V39),\"JUSTIFICAR BDI\",\"BDI\"),\nIF(OR(AND(import.recurso=\"OGU\",TIPOORCAMENTO=\"Proposto\",LEFT($O$8,5)<>\"(N/D:\",$AG39<>\"\",ORÇAMENTO.CustoUnitario>$AG39),AND(TIPOORCAMENTO=\"LICITADO\",ORÇAMENTO.PrecoUnitarioLicitado>$AN39)),\"ACIMA REF.\",\nIF(AND($C39=\"S\",$P39<>\"\",$Q39<>\"\",$T39=0,$U39>0),\"QUANT.\",\nIF(AND(Import.TipoArredondamento=\"TransfereGOV\",$L39=\"F\",$C39=\"S\",LEN($Q39)>13),\"Código >13\",\nIF(AND(Import.TipoArredondamento=\"TransfereGOV\",$L39=\"F\",$C39<>\"S\",LEN($R39)>100),\"Descrição >100\",\nIF(AND(Import.TipoArredondamento=\"TransfereGOV\",$L39=\"F\",$C39=\"S\",LEN($R39)>500),\"Descrição >500\",\nIF(AND(Import.TipoArredondamento=\"TransfereGOV\",$L39=\"F\",$C39=\"S\",LEFT(TRIM(UPPER($P39)),6)<>\"SINAPI\",ISNA(VLOOKUP(TRIM(UPPER($S39)),ListaTgov.Unidades,1,FALSE))),\"Unid. Não Disp\",\n\" \"))))))))))))))))","v":" "},{"$f":"IF(C39<=CRONO.NivelExibicao,MAX($AD$15:OFFSET(AD39,-1,0))+IF($C39<>1,1,MAX(1,COUNTIF(QCI!$A$13:$A$24,OFFSET($E39,-1,0)))),\"\")","v":""},{"$f":"IF(AND($C39=\"S\",ORÇAMENTO.CodBarra<>\"\"),IF(ORÇAMENTO.Fonte=\"\",ORÇAMENTO.CodBarra,CONCATENATE(ORÇAMENTO.Fonte,\" \",ORÇAMENTO.CodBarra)))","v":"SINAPI 99855"},{"$f":"IF(ISERROR(ORÇAMENTO.BancoRef),\"(abra o arquivo 'Referência \"&Excel_BuiltIn_Database&\".xlsm)\",IF(OR($C39<>\"S\",ORÇAMENTO.CodBarra=\"\"),\"(Sem Código)\",IF(ISERROR(MATCH($AE39,INDIRECT(ORÇAMENTO.BancoRef),0)),\"(Código não identificado nas referências)\",MATCH($AE39,INDIRECT(ORÇAMENTO.BancoRef),0))))","v":10247},{"$f":"ROUND(IF(DESONERACAO=\"sim\",REFERENCIA.Desonerado,REFERENCIA.NaoDesonerado),2)","v":101.85},0.22470000000000001,null,24,null,null,2993.76,{"$f":"ROUND(ORÇAMENTO.CustoUnitario*(1+$AH39),2)","v":124.74}]
[2,2,2,9,{"$f":"IF($C40=1,OFFSET(E40,-1,0)+MAX(1,COUNTIF(QCI!$A$13:$A$24,OFFSET(ORÇAMENTO!E40,-1,0))),OFFSET(E40,-1,0))","v":1},5,0,0,0,100,{"$f":"IF(OR($C40=\"S\",$C40=0),0,MATCH(OFFSET($D40,0,$C40)+IF($C40<>1,1,COUNTIF(QCI!$A$13:$A$24,ORÇAMENTO!E40)),OFFSET($D40,1,$C40,ROW($C$140)-ROW($C40)),0))","v":9},"F","Nível 2","Nível 2","1.5.","SINAPI",null,"ÁREA ACESSÍVEL","-",{"$f":"OFFSET(CÁLCULO!H$15,ROW($T40)-ROW(T$15),0)","v":0},0,"BDI 1",{"$f":"IF($C40=\"S\",ROUND(IF(TIPOORCAMENTO=\"Proposto\",ORÇAMENTO.CustoUnitario*(1+$AH40),ORÇAMENTO.PrecoUnitarioLicitado),15-13*$AF$10),0)","v":0},{"$f":"IF($C40=\"S\",IF(OR(Import.TipoArredondamento<>\"TransfereGOV\",ACOMPANHAMENTO=\"BM\"),VTOTAL1,SUM(OFFSET(CÁLCULO!$AA$15,ROW($X40)-ROW($X$15),1):OFFSET(CÁLCULO!$AL$15,ROW($X40)-ROW($X$15),-1))),IF($C40=0,0,ROUND(SomaAgrup,15-13*$AF$11)))","v":6458.13},"RA","",{"$f":"IF($C40=\"S\",IF($Z40=\"CP\",$X40,IF($Z40=\"RA\",(($X40)*QCI!$AA$3),0)),SomaAgrup)","v":2133.4353567497815},{"$f":"IF($C40=\"S\",IF($Z40=\"OU\",ROUND($X40,2),0),SomaAgrup)","v":0},{"$f":"IF($N40=\"\",\" \",\nIF(AND($C40<>\"S\",OR($R40=\"\",$R40=\"(digite a descrição aqui)\")),\"DESCRIÇÃO\",\nIF(AND($C40=\"S\",OR($Q40<>\"\",$T40>0,$U40>0),$P40=\"\"),\"FONTE\",\nIF(AND($C40=\"S\",$P40<>\"\",OR($T40>0,$U40>0),$Q40=\"\"),\"CÓDIGO\",\nIF(AND($C40=\"S\",$P40<>\"\",$Q40<>\"\",$R40=\"(Código não identificado nas referências)\"),\"CÓDIGO N/ID\",\nIF(AND($C40=\"S\",OR($R40=\"\",$R40=\"(digite a descrição aqui)\"),OR($Q40<>\"\",$T40>0,$U40>0)),\"DESCRIÇÃO\",\nIF(AND($C40=\"S\",$P40<>\"\",$Q40<>\"\",$S40=\"\"),\"UNIDADE\",\nIF(AND($C40=\"S\",$P40<>\"\",$Q40<>\"\",$U40=0),\"SEM CUSTO\",\nIF(AND(TIPOORCAMENTO=\"Licitado\",$AL40=0,$AN40>0),\"SEM PREÇO\",\nIF(AND($C40=\"S\",$P40<>\"\",$Q40<>\"\",$U40>0,AND($V40<>\"BDI 1\",$V40<>\"BDI 2\",$V40<>\"BDI 3\")),IF(ISNUMBER($V40),\"JUSTIFICAR BDI\",\"BDI\"),\nIF(OR(AND(import.recurso=\"OGU\",TIPOORCAMENTO=\"Proposto\",LEFT($O$8,5)<>\"(N/D:\",$AG40<>\"\",ORÇAMENTO.CustoUnitario>$AG40),AND(TIPOORCAMENTO=\"LICITADO\",ORÇAMENTO.PrecoUnitarioLicitado>$AN40)),\"ACIMA REF.\",\nIF(AND($C40=\"S\",$P40<>\"\",$Q40<>\"\",$T40=0,$U40>0),\"QUANT.\",\nIF(AND(Import.TipoArredondamento=\"TransfereGOV\",$L40=\"F\",$C40=\"S\",LEN($Q40)>13),\"Código >13\",\nIF(AND(Import.TipoArredondamento=\"TransfereGOV\",$L40=\"F\",$C40<>\"S\",LEN($R40)>100),\"Descrição >100\",\nIF(AND(Import.TipoArredondamento=\"TransfereGOV\",$L40=\"F\",$C40=\"S\",LEN($R40)>500),\"Descrição >500\",\nIF(AND(Import.TipoArredondamento=\"TransfereGOV\",$L40=\"F\",$C40=\"S\",LEFT(TRIM(UPPER($P40)),6)<>\"SINAPI\",ISNA(VLOOKUP(TRIM(UPPER($S40)),ListaTgov.Unidades,1,FALSE))),\"Unid. Não Disp\",\n\" \"))))))))))))))))","v":" "},{"$f":"IF(C40<=CRONO.NivelExibicao,MAX($AD$15:OFFSET(AD40,-1,0))+IF($C40<>1,1,MAX(1,COUNTIF(QCI!$A$13:$A$24,OFFSET($E40,-1,0)))),\"\")","v":6},{"$f":"IF(AND($C40=\"S\",ORÇAMENTO.CodBarra<>\"\"),IF(ORÇAMENTO.Fonte=\"\",ORÇAMENTO.CodBarra,CONCATENATE(ORÇAMENTO.Fonte,\" \",ORÇAMENTO.CodBarra)))","v":false},{"$f":"IF(ISERROR(ORÇAMENTO.BancoRef),\"(abra o arquivo 'Referência \"&Excel_BuiltIn_Database&\".xlsm)\",IF(OR($C40<>\"S\",ORÇAMENTO.CodBarra=\"\"),\"(Sem Código)\",IF(ISERROR(MATCH($AE40,INDIRECT(ORÇAMENTO.BancoRef),0)),\"(Código não identificado nas referências)\",MATCH($AE40,INDIRECT(ORÇAMENTO.BancoRef),0))))","v":"(Sem Código)"},{"$f":"ROUND(IF(DESONERACAO=\"sim\",REFERENCIA.Desonerado,REFERENCIA.NaoDesonerado),2)","v":0},0.22470000000000001,null,0,null,null,6458.13,{"$f":"ROUND(ORÇAMENTO.CustoUnitario*(1+$AH40),2)","v":0}]
["S",2,"S",0,{"$f":"IF($C41=1,OFFSET(E41,-1,0)+MAX(1,COUNTIF(QCI!$A$13:$A$24,OFFSET(ORÇAMENTO!E41,-1,0))),OFFSET(E41,-1,0))","v":1},5,0,0,1,0,{"$f":"IF(OR($C41=\"S\",$C41=0),0,MATCH(OFFSET($D41,0,$C41)+IF($C41<>1,1,COUNTIF(QCI!$A$13:$A$24,ORÇAMENTO!E41)),OFFSET($D41,1,$C41,ROW($C$140)-ROW($C41)),0))","v":0},"F","Serviço","Serviço","1.5.1.","SINAPI","103329","ALVENARIA DE VEDAÇÃO DE BLOCOS CERÂMICOS FURADOS NA HORIZONTAL DE 9X19X19 CM (ESPESSURA 9 CM) E ARGAMASSA DE ASSENTAMENTO COM PREPARO MANUAL. AF_12/2021","M2",{"$f":"OFFSET(CÁLCULO!H$15,ROW($T41)-ROW(T$15),0)","v":3.63},93.62,"BDI 1",{"$f":"IF($C41=\"S\",ROUND(IF(TIPOORCAMENTO=\"Proposto\",ORÇAMENTO.CustoUnitario*(1+$AH41),ORÇAMENTO.PrecoUnitarioLicitado),15-13*$AF$10),0)","v":114.66},{"$f":"IF($C41=\"S\",IF(OR(Import.TipoArredondamento<>\"TransfereGOV\",ACOMPANHAMENTO=\"BM\"),VTOTAL1,SUM(OFFSET(CÁLCULO!$AA$15,ROW($X41)-ROW($X$15),1):OFFSET(CÁLCULO!$AL$15,ROW($X41)-ROW($X$15),-1))),IF($C41=0,0,ROUND(SomaAgrup,15-13*$AF$11)))","v":416.22},"RA","RA",{"$f":"IF($C41=\"S\",IF($Z41=\"CP\",$X41,IF($Z41=\"RA\",(($X41)*QCI!$AA$3),0)),SomaAgrup)","v":137.49776857796206},{"$f":"IF($C41=\"S\",IF($Z41=\"OU\",ROUND($X41,2),0),SomaAgrup)","v":0},{"$f":"IF($N41=\"\",\" \",\nIF(AND($C41<>\"S\",OR($R41=\"\",$R41=\"(digite a descrição aqui)\")),\"DESCRIÇÃO\",\nIF(AND($C41=\"S\",OR($Q41<>\"\",$T41>0,$U41>0),$P41=\"\"),\"FONTE\",\nIF(AND($C41=\"S\",$P41<>\"\",OR($T41>0,$U41>0),$Q41=\"\"),\"CÓDIGO\",\nIF(AND($C41=\"S\",$P41<>\"\",$Q41<>\"\",$R41=\"(Código não identificado nas referências)\"),\"CÓDIGO N/ID\",\nIF(AND($C41=\"S\",OR($R41=\"\",$R41=\"(digite a descrição aqui)\"),OR($Q41<>\"\",$T41>0,$U41>0)),\"DESCRIÇÃO\",\nIF(AND($C41=\"S\",$P41<>\"\",$Q41<>\"\",$S41=\"\"),\"UNIDADE\",\nIF(AND($C41=\"S\",$P41<>\"\",$Q41<>\"\",$U41=0),\"SEM CUSTO\",\nIF(AND(TIPOORCAMENTO=\"Licitado\",$AL41=0,$AN41>0),\"SEM PREÇO\",\nIF(AND($C41=\"S\",$P41<>\"\",$Q41<>\"\",$U41>0,AND($V41<>\"BDI 1\",$V41<>\"BDI 2\",$V41<>\"BDI 3\")),IF(ISNUMBER($V41),\"JUSTIFICAR BDI\",\"BDI\"),\nIF(OR(AND(import.recurso=\"OGU\",TIPOORCAMENTO=\"Proposto\",LEFT($O$8,5)<>\"(N/D:\",$AG41<>\"\",ORÇAMENTO.CustoUnitario>$AG41),AND(TIPOORCAMENTO=\"LICITADO\",ORÇAMENTO.PrecoUnitarioLicitado>$AN41)),\"ACIMA REF.\",\nIF(AND($C41=\"S\",$P41<>\"\",$Q41<>\"\",$T41=0,$U41>0),\"QUANT.\",\nIF(AND(Import.TipoArredondamento=\"TransfereGOV\",$L41=\"F\",$C41=\"S\",LEN($Q41)>13),\"Código >13\",\nIF(AND(Import.TipoArredondamento=\"TransfereGOV\",$L41=\"F\",$C41<>\"S\",LEN($R41)>100),\"Descrição >100\",\nIF(AND(Import.TipoArredondamento=\"TransfereGOV\",$L41=\"F\",$C41=\"S\",LEN($R41)>500),\"Descrição >500\",\nIF(AND(Import.TipoArredondamento=\"TransfereGOV\",$L41=\"F\",$C41=\"S\",LEFT(TRIM(UPPER($P41)),6)<>\"SINAPI\",ISNA(VLOOKUP(TRIM(UPPER($S41)),ListaTgov.Unidades,1,FALSE))),\"Unid. Não Disp\",\n\" \"))))))))))))))))","v":" "},{"$f":"IF(C41<=CRONO.NivelExibicao,MAX($AD$15:OFFSET(AD41,-1,0))+IF($C41<>1,1,MAX(1,COUNTIF(QCI!$A$13:$A$24,OFFSET($E41,-1,0)))),\"\")","v":""},{"$f":"IF(AND($C41=\"S\",ORÇAMENTO.CodBarra<>\"\"),IF(ORÇAMENTO.Fonte=\"\",ORÇAMENTO.CodBarra,CONCATENATE(ORÇAMENTO.Fonte,\" \",ORÇAMENTO.CodBarra)))","v":"SINAPI 103329"},{"$f":"IF(ISERROR(ORÇAMENTO.BancoRef),\"(abra o arquivo 'Referência \"&Excel_BuiltIn_Database&\".xlsm)\",IF(OR($C41<>\"S\",ORÇAMENTO.CodBarra=\"\"),\"(Sem Código)\",IF(ISERROR(MATCH($AE41,INDIRECT(ORÇAMENTO.BancoRef),0)),\"(Código não identificado nas referências)\",MATCH($AE41,INDIRECT(ORÇAMENTO.BancoRef),0))))","v":6079},{"$f":"ROUND(IF(DESONERACAO=\"sim\",REFERENCIA.Desonerado,REFERENCIA.NaoDesonerado),2)","v":93.62},0.22470000000000001,null,3.63,null,null,416.22,{"$f":"ROUND(ORÇAMENTO.CustoUnitario*(1+$AH41),2)","v":114.66}]
["S",2,"S",0,{"$f":"IF($C42=1,OFFSET(E42,-1,0)+MAX(1,COUNTIF(QCI!$A$13:$A$24,OFFSET(ORÇAMENTO!E42,-1,0))),OFFSET(E42,-1,0))","v":1},5,0,0,2,0,{"$f":"IF(OR($C42=\"S\",$C42=0),0,MATCH(OFFSET($D42,0,$C42)+IF($C42<>1,1,COUNTIF(QCI!$A$13:$A$24,ORÇAMENTO!E42)),OFFSET($D42,1,$C42,ROW($C$140)-ROW($C42)),0))","v":0},"F","Serviço","Serviço","1.5.2.","Composição","CPU 27","ATERRO MANUAL EM CAMADAS DE 20 CM, UMIDECIDAS E FORTEMENTE APILOADAS, COM AQUISICAO DE TERRA","M3    ",{"$f":"OFFSET(CÁLCULO!H$15,ROW($T42)-ROW(T$15),0)","v":2.29},80.239999999999995,"BDI 1",{"$f":"IF($C42=\"S\",ROUND(IF(TIPOORCAMENTO=\"Proposto\",ORÇAMENTO.CustoUnitario*(1+$AH42),ORÇAMENTO.PrecoUnitarioLicitado),15-13*$AF$10),0)","v":98.27},{"$f":"IF($C42=\"S\",IF(OR(Import.TipoArredondamento<>\"TransfereGOV\",ACOMPANHAMENTO=\"BM\"),VTOTAL1,SUM(OFFSET(CÁLCULO!$AA$15,ROW($X42)-ROW($X$15),1):OFFSET(CÁLCULO!$AL$15,ROW($X42)-ROW($X$15),-1))),IF($C42=0,0,ROUND(SomaAgrup,15-13*$AF$11)))","v":225.04},"RA","RA",{"$f":"IF($C42=\"S\",IF($Z42=\"CP\",$X42,IF($Z42=\"RA\",(($X42)*QCI!$AA$3),0)),SomaAgrup)","v":74.341689108607412},{"$f":"IF($C42=\"S\",IF($Z42=\"OU\",ROUND($X42,2),0),SomaAgrup)","v":0},{"$f":"IF($N42=\"\",\" \",\nIF(AND($C42<>\"S\",OR($R42=\"\",$R42=\"(digite a descrição aqui)\")),\"DESCRIÇÃO\",\nIF(AND($C42=\"S\",OR($Q42<>\"\",$T42>0,$U42>0),$P42=\"\"),\"FONTE\",\nIF(AND($C42=\"S\",$P42<>\"\",OR($T42>0,$U42>0),$Q42=\"\"),\"CÓDIGO\",\nIF(AND($C42=\"S\",$P42<>\"\",$Q42<>\"\",$R42=\"(Código não identificado nas referências)\"),\"CÓDIGO N/ID\",\nIF(AND($C42=\"S\",OR($R42=\"\",$R42=\"(digite a descrição aqui)\"),OR($Q42<>\"\",$T42>0,$U42>0)),\"DESCRIÇÃO\",\nIF(AND($C42=\"S\",$P42<>\"\",$Q42<>\"\",$S42=\"\"),\"UNIDADE\",\nIF(AND($C42=\"S\",$P42<>\"\",$Q42<>\"\",$U42=0),\"SEM CUSTO\",\nIF(AND(TIPOORCAMENTO=\"Licitado\",$AL42=0,$AN42>0),\"SEM PREÇO\",\nIF(AND($C42=\"S\",$P42<>\"\",$Q42<>\"\",$U42>0,AND($V42<>\"BDI 1\",$V42<>\"BDI 2\",$V42<>\"BDI 3\")),IF(ISNUMBER($V42),\"JUSTIFICAR BDI\",\"BDI\"),\nIF(OR(AND(import.recurso=\"OGU\",TIPOORCAMENTO=\"Proposto\",LEFT($O$8,5)<>\"(N/D:\",$AG42<>\"\",ORÇAMENTO.CustoUnitario>$AG42),AND(TIPOORCAMENTO=\"LICITADO\",ORÇAMENTO.PrecoUnitarioLicitado>$AN42)),\"ACIMA REF.\",\nIF(AND($C42=\"S\",$P42<>\"\",$Q42<>\"\",$T42=0,$U42>0),\"QUANT.\",\nIF(AND(Import.TipoArredondamento=\"TransfereGOV\",$L42=\"F\",$C42=\"S\",LEN($Q42)>13),\"Código >13\",\nIF(AND(Import.TipoArredondamento=\"TransfereGOV\",$L42=\"F\",$C42<>\"S\",LEN($R42)>100),\"Descrição >100\",\nIF(AND(Import.TipoArredondamento=\"TransfereGOV\",$L42=\"F\",$C42=\"S\",LEN($R42)>500),\"Descrição >500\",\nIF(AND(Import.TipoArredondamento=\"TransfereGOV\",$L42=\"F\",$C42=\"S\",LEFT(TRIM(UPPER($P42)),6)<>\"SINAPI\",ISNA(VLOOKUP(TRIM(UPPER($S42)),ListaTgov.Unidades,1,FALSE))),\"Unid. Não Disp\",\n\" \"))))))))))))))))","v":" "},{"$f":"IF(C42<=CRONO.NivelExibicao,MAX($AD$15:OFFSET(AD42,-1,0))+IF($C42<>1,1,MAX(1,COUNTIF(QCI!$A$13:$A$24,OFFSET($E42,-1,0)))),\"\")","v":""},{"$f":"IF(AND($C42=\"S\",ORÇAMENTO.CodBarra<>\"\"),IF(ORÇAMENTO.Fonte=\"\",ORÇAMENTO.CodBarra,CONCATENATE(ORÇAMENTO.Fonte,\" \",ORÇAMENTO.CodBarra)))","v":"Composição CPU 27"},{"$f":"IF(ISERROR(ORÇAMENTO.BancoRef),\"(abra o arquivo 'Referência \"&Excel_BuiltIn_Database&\".xlsm)\",IF(OR($C42<>\"S\",ORÇAMENTO.CodBarra=\"\"),\"(Sem Código)\",IF(ISERROR(MATCH($AE42,INDIRECT(ORÇAMENTO.BancoRef),0)),\"(Código não identificado nas referências)\",MATCH($AE42,INDIRECT(ORÇAMENTO.BancoRef),0))))","v":24},{"$f":"ROUND(IF(DESONERACAO=\"sim\",REFERENCIA.Desonerado,REFERENCIA.NaoDesonerado),2)","v":80.239999999999995},0.22470000000000001,null,2.2907500000000001,null,null,225.04,{"$f":"ROUND(ORÇAMENTO.CustoUnitario*(1+$AH42),2)","v":98.27}]
["S",2,"S",0,{"$f":"IF($C43=1,OFFSET(E43,-1,0)+MAX(1,COUNTIF(QCI!$A$13:$A$24,OFFSET(ORÇAMENTO!E43,-1,0))),OFFSET(E43,-1,0))","v":1},5,0,0,3,0,{"$f":"IF(OR($C43=\"S\",$C43=0),0,MATCH(OFFSET($D43,0,$C43)+IF($C43<>1,1,COUNTIF(QCI!$A$13:$A$24,ORÇAMENTO!E43)),OFFSET($D43,1,$C43,ROW($C$140)-ROW($C43)),0))","v":0},"F","Serviço","Serviço","1.5.3.","SINAPI","87893","CHAPISCO APLICADO EM ALVENARIA (SEM PRESENÇA DE VÃOS) E ESTRUTURAS DE CONCRETO DE FACHADA, COM COLHER DE PEDREIRO. ARGAMASSA TRAÇO 1:3 COM PREPARO MANUAL. AF_10/2022","M2",{"$f":"OFFSET(CÁLCULO!H$15,ROW($T43)-ROW(T$15),0)","v":3.63},6.93,"BDI 1",{"$f":"IF($C43=\"S\",ROUND(IF(TIPOORCAMENTO=\"Proposto\",ORÇAMENTO.CustoUnitario*(1+$AH43),ORÇAMENTO.PrecoUnitarioLicitado),15-13*$AF$10),0)","v":8.49},{"$f":"IF($C43=\"S\",IF(OR(Import.TipoArredondamento<>\"TransfereGOV\",ACOMPANHAMENTO=\"BM\"),VTOTAL1,SUM(OFFSET(CÁLCULO!$AA$15,ROW($X43)-ROW($X$15),1):OFFSET(CÁLCULO!$AL$15,ROW($X43)-ROW($X$15),-1))),IF($C43=0,0,ROUND(SomaAgrup,15-13*$AF$11)))","v":30.82},"RA","RA",{"$f":"IF($C43=\"S\",IF($Z43=\"CP\",$X43,IF($Z43=\"RA\",(($X43)*QCI!$AA$3),0)),SomaAgrup)","v":10.181349352680771},{"$f":"IF($C43=\"S\",IF($Z43=\"OU\",ROUND($X43,2),0),SomaAgrup)","v":0},{"$f":"IF($N43=\"\",\" \",\nIF(AND($C43<>\"S\",OR($R43=\"\",$R43=\"(digite a descrição aqui)\")),\"DESCRIÇÃO\",\nIF(AND($C43=\"S\",OR($Q43<>\"\",$T43>0,$U43>0),$P43=\"\"),\"FONTE\",\nIF(AND($C43=\"S\",$P43<>\"\",OR($T43>0,$U43>0),$Q43=\"\"),\"CÓDIGO\",\nIF(AND($C43=\"S\",$P43<>\"\",$Q43<>\"\",$R43=\"(Código não identificado nas referências)\"),\"CÓDIGO N/ID\",\nIF(AND($C43=\"S\",OR($R43=\"\",$R43=\"(digite a descrição aqui)\"),OR($Q43<>\"\",$T43>0,$U43>0)),\"DESCRIÇÃO\",\nIF(AND($C43=\"S\",$P43<>\"\",$Q43<>\"\",$S43=\"\"),\"UNIDADE\",\nIF(AND($C43=\"S\",$P43<>\"\",$Q43<>\"\",$U43=0),\"SEM CUSTO\",\nIF(AND(TIPOORCAMENTO=\"Licitado\",$AL43=0,$AN43>0),\"SEM PREÇO\",\nIF(AND($C43=\"S\",$P43<>\"\",$Q43<>\"\",$U43>0,AND($V43<>\"BDI 1\",$V43<>\"BDI 2\",$V43<>\"BDI 3\")),IF(ISNUMBER($V43),\"JUSTIFICAR BDI\",\"BDI\"),\nIF(OR(AND(import.recurso=\"OGU\",TIPOORCAMENTO=\"Proposto\",LEFT($O$8,5)<>\"(N/D:\",$AG43<>\"\",ORÇAMENTO.CustoUnitario>$AG43),AND(TIPOORCAMENTO=\"LICITADO\",ORÇAMENTO.PrecoUnitarioLicitado>$AN43)),\"ACIMA REF.\",\nIF(AND($C43=\"S\",$P43<>\"\",$Q43<>\"\",$T43=0,$U43>0),\"QUANT.\",\nIF(AND(Import.TipoArredondamento=\"TransfereGOV\",$L43=\"F\",$C43=\"S\",LEN($Q43)>13),\"Código >13\",\nIF(AND(Import.TipoArredondamento=\"TransfereGOV\",$L43=\"F\",$C43<>\"S\",LEN($R43)>100),\"Descrição >100\",\nIF(AND(Import.TipoArredondamento=\"TransfereGOV\",$L43=\"F\",$C43=\"S\",LEN($R43)>500),\"Descrição >500\",\nIF(AND(Import.TipoArredondamento=\"TransfereGOV\",$L43=\"F\",$C43=\"S\",LEFT(TRIM(UPPER($P43)),6)<>\"SINAPI\",ISNA(VLOOKUP(TRIM(UPPER($S43)),ListaTgov.Unidades,1,FALSE))),\"Unid. Não Disp\",\n\" \"))))))))))))))))","v":" "},{"$f":"IF(C43<=CRONO.NivelExibicao,MAX($AD$15:OFFSET(AD43,-1,0))+IF($C43<>1,1,MAX(1,COUNTIF(QCI!$A$13:$A$24,OFFSET($E43,-1,0)))),\"\")","v":""},{"$f":"IF(AND($C43=\"S\",ORÇAMENTO.CodBarra<>\"\"),IF(ORÇAMENTO.Fonte=\"\",ORÇAMENTO.CodBarra,CONCATENATE(ORÇAMENTO.Fonte,\" \",ORÇAMENTO.CodBarra)))","v":"SINAPI 87893"},{"$f":"IF(ISERROR(ORÇAMENTO.BancoRef),\"(abra o arquivo 'Referência \"&Excel_BuiltIn_Database&\".xlsm)\",IF(OR($C43<>\"S\",ORÇAMENTO.CodBarra=\"\"),\"(Sem Código)\",IF(ISERROR(MATCH($AE43,INDIRECT(ORÇAMENTO.BancoRef),0)),\"(Código não identificado nas referências)\",MATCH($AE43,INDIRECT(ORÇAMENTO.BancoRef),0))))","v":7294},{"$f":"ROUND(IF(DESONERACAO=\"sim\",REFERENCIA.Desonerado,REFERENCIA.NaoDesonerado),2)","v":6.93},0.22470000000000001,null,3.63,null,null,30.82,{"$f":"ROUND(ORÇAMENTO.CustoUnitario*(1+$AH43),2)","v":8.49}]
["S",2,"S",0,{"$f":"IF($C44=1,OFFSET(E44,-1,0)+MAX(1,COUNTIF(QCI!$A$13:$A$24,OFFSET(ORÇAMENTO!E44,-1,0))),OFFSET(E44,-1,0))","v":1},5,0,0,4,0,{"$f":"IF(OR($C44=\"S\",$C44=0),0,MATCH(OFFSET($D44,0,$C44)+IF($C44<>1,1,COUNTIF(QCI!$A$13:$A$24,ORÇAMENTO!E44)),OFFSET($D44,1,$C44,ROW($C$140)-ROW($C44)),0))","v":0},"F","Serviço","Serviço","1.5.4.","Composição","CPU 24","TELA DE ACO MALHA 25X25MM, 1.24MM PARA REBOCO - FORNECIMENTO E COLOCACAO","M2",{"$f":"OFFSET(CÁLCULO!H$15,ROW($T44)-ROW(T$15),0)","v":3.63},17.329999999999998,"BDI 1",{"$f":"IF($C44=\"S\",ROUND(IF(TIPOORCAMENTO=\"Proposto\",ORÇAMENTO.CustoUnitario*(1+$AH44),ORÇAMENTO.PrecoUnitarioLicitado),15-13*$AF$10),0)","v":21.22},{"$f":"IF($C44=\"S\",IF(OR(Import.TipoArredondamento<>\"TransfereGOV\",ACOMPANHAMENTO=\"BM\"),VTOTAL1,SUM(OFFSET(CÁLCULO!$AA$15,ROW($X44)-ROW($X$15),1):OFFSET(CÁLCULO!$AL$15,ROW($X44)-ROW($X$15),-1))),IF($C44=0,0,ROUND(SomaAgrup,15-13*$AF$11)))","v":77.03},"RA","RA",{"$f":"IF($C44=\"S\",IF($Z44=\"CP\",$X44,IF($Z44=\"RA\",(($X44)*QCI!$AA$3),0)),SomaAgrup)","v":25.446766406132372},{"$f":"IF($C44=\"S\",IF($Z44=\"OU\",ROUND($X44,2),0),SomaAgrup)","v":0},{"$f":"IF($N44=\"\",\" \",\nIF(AND($C44<>\"S\",OR($R44=\"\",$R44=\"(digite a descrição aqui)\")),\"DESCRIÇÃO\",\nIF(AND($C44=\"S\",OR($Q44<>\"\",$T44>0,$U44>0),$P44=\"\"),\"FONTE\",\nIF(AND($C44=\"S\",$P44<>\"\",OR($T44>0,$U44>0),$Q44=\"\"),\"CÓDIGO\",\nIF(AND($C44=\"S\",$P44<>\"\",$Q44<>\"\",$R44=\"(Código não identificado nas referências)\"),\"CÓDIGO N/ID\",\nIF(AND($C44=\"S\",OR($R44=\"\",$R44=\"(digite a descrição aqui)\"),OR($Q44<>\"\",$T44>0,$U44>0)),\"DESCRIÇÃO\",\nIF(AND($C44=\"S\",$P44<>\"\",$Q44<>\"\",$S44=\"\"),\"UNIDADE\",\nIF(AND($C44=\"S\",$P44<>\"\",$Q44<>\"\",$U44=0),\"SEM CUSTO\",\nIF(AND(TIPOORCAMENTO=\"Licitado\",$AL44=0,$AN44>0),\"SEM PREÇO\",\nIF(AND($C44=\"S\",$P44<>\"\",$Q44<>\"\",$U44>0,AND($V44<>\"BDI 1\",$V44<>\"BDI 2\",$V44<>\"BDI 3\")),IF(ISNUMBER($V44),\"JUSTIFICAR BDI\",\"BDI\"),\nIF(OR(AND(import.recurso=\"OGU\",TIPOORCAMENTO=\"Proposto\",LEFT($O$8,5)<>\"(N/D:\",$AG44<>\"\",ORÇAMENTO.CustoUnitario>$AG44),AND(TIPOORCAMENTO=\"LICITADO\",ORÇAMENTO.PrecoUnitarioLicitado>$AN44)),\"ACIMA REF.\",\nIF(AND($C44=\"S\",$P44<>\"\",$Q44<>\"\",$T44=0,$U44>0),\"QUANT.\",\nIF(AND(Import.TipoArredondamento=\"TransfereGOV\",$L44=\"F\",$C44=\"S\",LEN($Q44)>13),\"Código >13\",\nIF(AND(Import.TipoArredondamento=\"TransfereGOV\",$L44=\"F\",$C44<>\"S\",LEN($R44)>100),\"Descrição >100\",\nIF(AND(Import.TipoArredondamento=\"TransfereGOV\",$L44=\"F\",$C44=\"S\",LEN($R44)>500),\"Descrição >500\",\nIF(AND(Import.TipoArredondamento=\"TransfereGOV\",$L44=\"F\",$C44=\"S\",LEFT(TRIM(UPPER($P44)),6)<>\"SINAPI\",ISNA(VLOOKUP(TRIM(UPPER($S44)),ListaTgov.Unidades,1,FALSE))),\"Unid. Não Disp\",\n\" \"))))))))))))))))","v":" "},{"$f":"IF(C44<=CRONO.NivelExibicao,MAX($AD$15:OFFSET(AD44,-1,0))+IF($C44<>1,1,MAX(1,COUNTIF(QCI!$A$13:$A$24,OFFSET($E44,-1,0)))),\"\")","v":""},{"$f":"IF(AND($C44=\"S\",ORÇAMENTO.CodBarra<>\"\"),IF(ORÇAMENTO.Fonte=\"\",ORÇAMENTO.CodBarra,CONCATENATE(ORÇAMENTO.Fonte,\" \",ORÇAMENTO.CodBarra)))","v":"Composição CPU 24"},{"$f":"IF(ISERROR(ORÇAMENTO.BancoRef),\"(abra o arquivo 'Referência \"&Excel_BuiltIn_Database&\".xlsm)\",IF(OR($C44<>\"S\",ORÇAMENTO.CodBarra=\"\"),\"(Sem Código)\",IF(ISERROR(MATCH($AE44,INDIRECT(ORÇAMENTO.BancoRef),0)),\"(Código não identificado nas referências)\",MATCH($AE44,INDIRECT(ORÇAMENTO.BancoRef),0))))","v":21},{"$f":"ROUND(IF(DESONERACAO=\"sim\",REFERENCIA.Desonerado,REFERENCIA.NaoDesonerado),2)","v":17.329999999999998},0.22470000000000001,null,3.63,null,null,77.03,{"$f":"ROUND(ORÇAMENTO.CustoUnitario*(1+$AH44),2)","v":21.22}]
["S",2,"S",0,{"$f":"IF($C45=1,OFFSET(E45,-1,0)+MAX(1,COUNTIF(QCI!$A$13:$A$24,OFFSET(ORÇAMENTO!E45,-1,0))),OFFSET(E45,-1,0))","v":1},5,0,0,5,0,{"$f":"IF(OR($C45=\"S\",$C45=0),0,MATCH(OFFSET($D45,0,$C45)+IF($C45<>1,1,COUNTIF(QCI!$A$13:$A$24,ORÇAMENTO!E45)),OFFSET($D45,1,$C45,ROW($C$140)-ROW($C45)),0))","v":0},"F","Serviço","Serviço","1.5.5.","SINAPI","87792","EMBOÇO OU MASSA ÚNICA EM ARGAMASSA TRAÇO 1:2:8, PREPARO MECÂNICO COM BETONEIRA 400 L, APLICADA MANUALMENTE EM PANOS CEGOS DE FACHADA (SEM PRESENÇA DE VÃOS), ESPESSURA DE 25 MM. AF_08/2022","M2",{"$f":"OFFSET(CÁLCULO!H$15,ROW($T45)-ROW(T$15),0)","v":3.63},38.880000000000003,"BDI 1",{"$f":"IF($C45=\"S\",ROUND(IF(TIPOORCAMENTO=\"Proposto\",ORÇAMENTO.CustoUnitario*(1+$AH45),ORÇAMENTO.PrecoUnitarioLicitado),15-13*$AF$10),0)","v":47.62},{"$f":"IF($C45=\"S\",IF(OR(Import.TipoArredondamento<>\"TransfereGOV\",ACOMPANHAMENTO=\"BM\"),VTOTAL1,SUM(OFFSET(CÁLCULO!$AA$15,ROW($X45)-ROW($X$15),1):OFFSET(CÁLCULO!$AL$15,ROW($X45)-ROW($X$15),-1))),IF($C45=0,0,ROUND(SomaAgrup,15-13*$AF$11)))","v":172.86},"RA","RA",{"$f":"IF($C45=\"S\",IF($Z45=\"CP\",$X45,IF($Z45=\"RA\",(($X45)*QCI!$AA$3),0)),SomaAgrup)","v":57.104089847644325},{"$f":"IF($C45=\"S\",IF($Z45=\"OU\",ROUND($X45,2),0),SomaAgrup)","v":0},{"$f":"IF($N45=\"\",\" \",\nIF(AND($C45<>\"S\",OR($R45=\"\",$R45=\"(digite a descrição aqui)\")),\"DESCRIÇÃO\",\nIF(AND($C45=\"S\",OR($Q45<>\"\",$T45>0,$U45>0),$P45=\"\"),\"FONTE\",\nIF(AND($C45=\"S\",$P45<>\"\",OR($T45>0,$U45>0),$Q45=\"\"),\"CÓDIGO\",\nIF(AND($C45=\"S\",$P45<>\"\",$Q45<>\"\",$R45=\"(Código não identificado nas referências)\"),\"CÓDIGO N/ID\",\nIF(AND($C45=\"S\",OR($R45=\"\",$R45=\"(digite a descrição aqui)\"),OR($Q45<>\"\",$T45>0,$U45>0)),\"DESCRIÇÃO\",\nIF(AND($C45=\"S\",$P45<>\"\",$Q45<>\"\",$S45=\"\"),\"UNIDADE\",\nIF(AND($C45=\"S\",$P45<>\"\",$Q45<>\"\",$U45=0),\"SEM CUSTO\",\nIF(AND(TIPOORCAMENTO=\"Licitado\",$AL45=0,$AN45>0),\"SEM PREÇO\",\nIF(AND($C45=\"S\",$P45<>\"\",$Q45<>\"\",$U45>0,AND($V45<>\"BDI 1\",$V45<>\"BDI 2\",$V45<>\"BDI 3\")),IF(ISNUMBER($V45),\"JUSTIFICAR BDI\",\"BDI\"),\nIF(OR(AND(import.recurso=\"OGU\",TIPOORCAMENTO=\"Proposto\",LEFT($O$8,5)<>\"(N/D:\",$AG45<>\"\",ORÇAMENTO.CustoUnitario>$AG45),AND(TIPOORCAMENTO=\"LICITADO\",ORÇAMENTO.PrecoUnitarioLicitado>$AN45)),\"ACIMA REF.\",\nIF(AND($C45=\"S\",$P45<>\"\",$Q45<>\"\",$T45=0,$U45>0),\"QUANT.\",\nIF(AND(Import.TipoArredondamento=\"TransfereGOV\",$L45=\"F\",$C45=\"S\",LEN($Q45)>13),\"Código >13\",\nIF(AND(Import.TipoArredondamento=\"TransfereGOV\",$L45=\"F\",$C45<>\"S\",LEN($R45)>100),\"Descrição >100\",\nIF(AND(Import.TipoArredondamento=\"TransfereGOV\",$L45=\"F\",$C45=\"S\",LEN($R45)>500),\"Descrição >500\",\nIF(AND(Import.TipoArredondamento=\"TransfereGOV\",$L45=\"F\",$C45=\"S\",LEFT(TRIM(UPPER($P45)),6)<>\"SINAPI\",ISNA(VLOOKUP(TRIM(UPPER($S45)),ListaTgov.Unidades,1,FALSE))),\"Unid. Não Disp\",\n\" \"))))))))))))))))","v":" "},{"$f":"IF(C45<=CRONO.NivelExibicao,MAX($AD$15:OFFSET(AD45,-1,0))+IF($C45<>1,1,MAX(1,COUNTIF(QCI!$A$13:$A$24,OFFSET($E45,-1,0)))),\"\")","v":""},{"$f":"IF(AND($C45=\"S\",ORÇAMENTO.CodBarra<>\"\"),IF(ORÇAMENTO.Fonte=\"\",ORÇAMENTO.CodBarra,CONCATENATE(ORÇAMENTO.Fonte,\" \",ORÇAMENTO.CodBarra)))","v":"SINAPI 87792"},{"$f":"IF(ISERROR(ORÇAMENTO.BancoRef),\"(abra o arquivo 'Referência \"&Excel_BuiltIn_Database&\".xlsm)\",IF(OR($C45<>\"S\",ORÇAMENTO.CodBarra=\"\"),\"(Sem Código)\",IF(ISERROR(MATCH($AE45,INDIRECT(ORÇAMENTO.BancoRef),0)),\"(Código não identificado nas referências)\",MATCH($AE45,INDIRECT(ORÇAMENTO.BancoRef),0))))","v":13390},{"$f":"ROUND(IF(DESONERACAO=\"sim\",REFERENCIA.Desonerado,REFERENCIA.NaoDesonerado),2)","v":38.880000000000003},0.22470000000000001,null,3.63,null,null,172.86,{"$f":"ROUND(ORÇAMENTO.CustoUnitario*(1+$AH45),2)","v":47.62}]
["S",2,"S",0,{"$f":"IF($C46=1,OFFSET(E46,-1,0)+MAX(1,COUNTIF(QCI!$A$13:$A$24,OFFSET(ORÇAMENTO!E46,-1,0))),OFFSET(E46,-1,0))","v":1},5,0,0,6,0,{"$f":"IF(OR($C46=\"S\",$C46=0),0,MATCH(OFFSET($D46,0,$C46)+IF($C46<>1,1,COUNTIF(QCI!$A$13:$A$24,ORÇAMENTO!E46)),OFFSET($D46,1,$C46,ROW($C$140)-ROW($C46)),0))","v":0},"F","Serviço","Serviço","1.5.6.","Composição","CPU 28","EXECUÇÃO DE LAJE DE PISO DE CONCRETO COM CONCRETO MOLDADO IN LOCO, FEITO EM OBRA, ACABAMENTO CONVENCIONAL, ESPESSURA 6 CM, ARMADO","M2",{"$f":"OFFSET(CÁLCULO!H$15,ROW($T46)-ROW(T$15),0)","v":4.17},76.239999999999995,"BDI 1",{"$f":"IF($C46=\"S\",ROUND(IF(TIPOORCAMENTO=\"Proposto\",ORÇAMENTO.CustoUnitario*(1+$AH46),ORÇAMENTO.PrecoUnitarioLicitado),15-13*$AF$10),0)","v":93.37},{"$f":"IF($C46=\"S\",IF(OR(Import.TipoArredondamento<>\"TransfereGOV\",ACOMPANHAMENTO=\"BM\"),VTOTAL1,SUM(OFFSET(CÁLCULO!$AA$15,ROW($X46)-ROW($X$15),1):OFFSET(CÁLCULO!$AL$15,ROW($X46)-ROW($X$15),-1))),IF($C46=0,0,ROUND(SomaAgrup,15-13*$AF$11)))","v":389.35},"RA","RA",{"$f":"IF($C46=\"S\",IF($Z46=\"CP\",$X46,IF($Z46=\"RA\",(($X46)*QCI!$AA$3),0)),SomaAgrup)","v":128.62129690026794},{"$f":"IF($C46=\"S\",IF($Z46=\"OU\",ROUND($X46,2),0),SomaAgrup)","v":0},{"$f":"IF($N46=\"\",\" \",\nIF(AND($C46<>\"S\",OR($R46=\"\",$R46=\"(digite a descrição aqui)\")),\"DESCRIÇÃO\",\nIF(AND($C46=\"S\",OR($Q46<>\"\",$T46>0,$U46>0),$P46=\"\"),\"FONTE\",\nIF(AND($C46=\"S\",$P46<>\"\",OR($T46>0,$U46>0),$Q46=\"\"),\"CÓDIGO\",\nIF(AND($C46=\"S\",$P46<>\"\",$Q46<>\"\",$R46=\"(Código não identificado nas referências)\"),\"CÓDIGO N/ID\",\nIF(AND($C46=\"S\",OR($R46=\"\",$R46=\"(digite a descrição aqui)\"),OR($Q46<>\"\",$T46>0,$U46>0)),\"DESCRIÇÃO\",\nIF(AND($C46=\"S\",$P46<>\"\",$Q46<>\"\",$S46=\"\"),\"UNIDADE\",\nIF(AND($C46=\"S\",$P46<>\"\",$Q46<>\"\",$U46=0),\"SEM CUSTO\",\nIF(AND(TIPOORCAMENTO=\"Licitado\",$AL46=0,$AN46>0),\"SEM PREÇO\",\nIF(AND($C46=\"S\",$P46<>\"\",$Q46<>\"\",$U46>0,AND($V46<>\"BDI 1\",$V46<>\"BDI 2\",$V46<>\"BDI 3\")),IF(ISNUMBER($V46),\"JUSTIFICAR BDI\",\"BDI\"),\nIF(OR(AND(import.recurso=\"OGU\",TIPOORCAMENTO=\"Proposto\",LEFT($O$8,5)<>\"(N/D:\",$AG46<>\"\",ORÇAMENTO.CustoUnitario>$AG46),AND(TIPOORCAMENTO=\"LICITADO\",ORÇAMENTO.PrecoUnitarioLicitado>$AN46)),\"ACIMA REF.\",\nIF(AND($C46=\"S\",$P46<>\"\",$Q46<>\"\",$T46=0,$U46>0),\"QUANT.\",\nIF(AND(Import.TipoArredondamento=\"TransfereGOV\",$L46=\"F\",$C46=\"S\",LEN($Q46)>13),\"Código >13\",\nIF(AND(Import.TipoArredondamento=\"TransfereGOV\",$L46=\"F\",$C46<>\"S\",LEN($R46)>100),\"Descrição >100\",\nIF(AND(Import.TipoArredondamento=\"TransfereGOV\",$L46=\"F\",$C46=\"S\",LEN($R46)>500),\"Descrição >500\",\nIF(AND(Import.TipoArredondamento=\"TransfereGOV\",$L46=\"F\",$C46=\"S\",LEFT(TRIM(UPPER($P46)),6)<>\"SINAPI\",ISNA(VLOOKUP(TRIM(UPPER($S46)),ListaTgov.Unidades,1,FALSE))),\"Unid. Não Disp\",\n\" \"))))))))))))))))","v":" "},{"$f":"IF(C46<=CRONO.NivelExibicao,MAX($AD$15:OFFSET(AD46,-1,0))+IF($C46<>1,1,MAX(1,COUNTIF(QCI!$A$13:$A$24,OFFSET($E46,-1,0)))),\"\")","v":""},{"$f":"IF(AND($C46=\"S\",ORÇAMENTO.CodBarra<>\"\"),IF(ORÇAMENTO.Fonte=\"\",ORÇAMENTO.CodBarra,CONCATENATE(ORÇAMENTO.Fonte,\" \",ORÇAMENTO.CodBarra)))","v":"Composição CPU 28"},{"$f":"IF(ISERROR(ORÇAMENTO.BancoRef),\"(abra o arquivo 'Referência \"&Excel_BuiltIn_Database&\".xlsm)\",IF(OR($C46<>\"S\",ORÇAMENTO.CodBarra=\"\"),\"(Sem Código)\",IF(ISERROR(MATCH($AE46,INDIRECT(ORÇAMENTO.BancoRef),0)),\"(Código não identificado nas referências)\",MATCH($AE46,INDIRECT(ORÇAMENTO.BancoRef),0))))","v":25},{"$f":"ROUND(IF(DESONERACAO=\"sim\",REFERENCIA.Desonerado,REFERENCIA.NaoDesonerado),2)","v":76.239999999999995},0.22470000000000001,null,4.165,null,null,389.35,{"$f":"ROUND(ORÇAMENTO.CustoUnitario*(1+$AH46),2)","v":93.37}]
["S",2,"S",0,{"$f":"IF($C47=1,OFFSET(E47,-1,0)+MAX(1,COUNTIF(QCI!$A$13:$A$24,OFFSET(ORÇAMENTO!E47,-1,0))),OFFSET(E47,-1,0))","v":1},5,0,0,7,0,{"$f":"IF(OR($C47=\"S\",$C47=0),0,MATCH(OFFSET($D47,0,$C47)+IF($C47<>1,1,COUNTIF(QCI!$A$13:$A$24,ORÇAMENTO!E47)),OFFSET($D47,1,$C47,ROW($C$140)-ROW($C47)),0))","v":0},"F","Serviço","Serviço","1.5.7.","SINAPI","99837","GUARDA-CORPO DE AÇO GALVANIZADO DE 1,10M, MONTANTES TUBULARES DE 1.1/4\" ESPAÇADOS DE 1,20M, TRAVESSA SUPERIOR DE 1.1/2\", GRADIL FORMADO POR TUBOS HORIZONTAIS DE 1\" E VERTICAIS DE 3/4\", FIXADO COM CHUMBADOR MECÂNICO. AF_04/2019_PS","M",{"$f":"OFFSET(CÁLCULO!H$15,ROW($T47)-ROW(T$15),0)","v":6.6},567.57000000000005,"BDI 1",{"$f":"IF($C47=\"S\",ROUND(IF(TIPOORCAMENTO=\"Proposto\",ORÇAMENTO.CustoUnitario*(1+$AH47),ORÇAMENTO.PrecoUnitarioLicitado),15-13*$AF$10),0)","v":695.1},{"$f":"IF($C47=\"S\",IF(OR(Import.TipoArredondamento<>\"TransfereGOV\",ACOMPANHAMENTO=\"BM\"),VTOTAL1,SUM(OFFSET(CÁLCULO!$AA$15,ROW($X47)-ROW($X$15),1):OFFSET(CÁLCULO!$AL$15,ROW($X47)-ROW($X$15),-1))),IF($C47=0,0,ROUND(SomaAgrup,15-13*$AF$11)))","v":4587.66},"RA","RA",{"$f":"IF($C47=\"S\",IF($Z47=\"CP\",$X47,IF($Z47=\"RA\",(($X47)*QCI!$AA$3),0)),SomaAgrup)","v":1515.5278770707159},{"$f":"IF($C47=\"S\",IF($Z47=\"OU\",ROUND($X47,2),0),SomaAgrup)","v":0},{"$f":"IF($N47=\"\",\" \",\nIF(AND($C47<>\"S\",OR($R47=\"\",$R47=\"(digite a descrição aqui)\")),\"DESCRIÇÃO\",\nIF(AND($C47=\"S\",OR($Q47<>\"\",$T47>0,$U47>0),$P47=\"\"),\"FONTE\",\nIF(AND($C47=\"S\",$P47<>\"\",OR($T47>0,$U47>0),$Q47=\"\"),\"CÓDIGO\",\nIF(AND($C47=\"S\",$P47<>\"\",$Q47<>\"\",$R47=\"(Código não identificado nas referências)\"),\"CÓDIGO N/ID\",\nIF(AND($C47=\"S\",OR($R47=\"\",$R47=\"(digite a descrição aqui)\"),OR($Q47<>\"\",$T47>0,$U47>0)),\"DESCRIÇÃO\",\nIF(AND($C47=\"S\",$P47<>\"\",$Q47<>\"\",$S47=\"\"),\"UNIDADE\",\nIF(AND($C47=\"S\",$P47<>\"\",$Q47<>\"\",$U47=0),\"SEM CUSTO\",\nIF(AND(TIPOORCAMENTO=\"Licitado\",$AL47=0,$AN47>0),\"SEM PREÇO\",\nIF(AND($C47=\"S\",$P47<>\"\",$Q47<>\"\",$U47>0,AND($V47<>\"BDI 1\",$V47<>\"BDI 2\",$V47<>\"BDI 3\")),IF(ISNUMBER($V47),\"JUSTIFICAR BDI\",\"BDI\"),\nIF(OR(AND(import.recurso=\"OGU\",TIPOORCAMENTO=\"Proposto\",LEFT($O$8,5)<>\"(N/D:\",$AG47<>\"\",ORÇAMENTO.CustoUnitario>$AG47),AND(TIPOORCAMENTO=\"LICITADO\",ORÇAMENTO.PrecoUnitarioLicitado>$AN47)),\"ACIMA REF.\",\nIF(AND($C47=\"S\",$P47<>\"\",$Q47<>\"\",$T47=0,$U47>0),\"QUANT.\",\nIF(AND(Import.TipoArredondamento=\"TransfereGOV\",$L47=\"F\",$C47=\"S\",LEN($Q47)>13),\"Código >13\",\nIF(AND(Import.TipoArredondamento=\"TransfereGOV\",$L47=\"F\",$C47<>\"S\",LEN($R47)>100),\"Descrição >100\",\nIF(AND(Import.TipoArredondamento=\"TransfereGOV\",$L47=\"F\",$C47=\"S\",LEN($R47)>500),\"Descrição >500\",\nIF(AND(Import.TipoArredondamento=\"TransfereGOV\",$L47=\"F\",$C47=\"S\",LEFT(TRIM(UPPER($P47)),6)<>\"SINAPI\",ISNA(VLOOKUP(TRIM(UPPER($S47)),ListaTgov.Unidades,1,FALSE))),\"Unid. Não Disp\",\n\" \"))))))))))))))))","v":" "},{"$f":"IF(C47<=CRONO.NivelExibicao,MAX($AD$15:OFFSET(AD47,-1,0))+IF($C47<>1,1,MAX(1,COUNTIF(QCI!$A$13:$A$24,OFFSET($E47,-1,0)))),\"\")","v":""},{"$f":"IF(AND($C47=\"S\",ORÇAMENTO.CodBarra<>\"\"),IF(ORÇAMENTO.Fonte=\"\",ORÇAMENTO.CodBarra,CONCATENATE(ORÇAMENTO.Fonte,\" \",ORÇAMENTO.CodBarra)))","v":"SINAPI 99837"},{"$f":"IF(ISERROR(ORÇAMENTO.BancoRef),\"(abra o arquivo 'Referência \"&Excel_BuiltIn_Database&\".xlsm)\",IF(OR($C47<>\"S\",ORÇAMENTO.CodBarra=\"\"),\"(Sem Código)\",IF(ISERROR(MATCH($AE47,INDIRECT(ORÇAMENTO.BancoRef),0)),\"(Código não identificado nas referências)\",MATCH($AE47,INDIRECT(ORÇAMENTO.BancoRef),0))))","v":10262},{"$f":"ROUND(IF(DESONERACAO=\"sim\",REFERENCIA.Desonerado,REFERENCIA.NaoDesonerado),2)","v":567.57000000000005},0.22470000000000001,null,6.6,null,null,4587.66,{"$f":"ROUND(ORÇAMENTO.CustoUnitario*(1+$AH47),2)","v":695.1}]
[{"$f":"CHOOSE(1+LOG(1+2*(ORÇAMENTO.Nivel=\"Meta\")+4*(ORÇAMENTO.Nivel=\"Nível 2\")+8*(ORÇAMENTO.Nivel=\"Nível 3\")+16*(ORÇAMENTO.Nivel=\"Nível 4\")+32*(ORÇAMENTO.Nivel=\"Serviço\"),2),0,1,2,3,4,\"S\")","v":"S"},2,"S",0,{"$f":"IF($C48=1,OFFSET(E48,-1,0)+MAX(1,COUNTIF(QCI!$A$13:$A$24,OFFSET(ORÇAMENTO!E48,-1,0))),OFFSET(E48,-1,0))","v":1},5,0,0,8,0,{"$f":"IF(OR($C48=\"S\",$C48=0),0,MATCH(OFFSET($D48,0,$C48)+IF($C48<>1,1,COUNTIF(QCI!$A$13:$A$24,ORÇAMENTO!E48)),OFFSET($D48,1,$C48,ROW($C$140)-ROW($C48)),0))","v":0},"F","Serviço","Serviço","1.5.8.","Composição","CPU 32","PINTURA E DEMARCACAO NO PISO PARA SINALIZAR VAGA, USO INTERNO OU EXTERNO, COM O SIMBOLO \"CADEIRANTE\", NA MEDIDA DE (0,90 X 1,20)M","UN",{"$f":"OFFSET(CÁLCULO!H$15,ROW($T48)-ROW(T$15),0)","v":5},91.31,"BDI 1",{"$f":"IF($C48=\"S\",ROUND(IF(TIPOORCAMENTO=\"Proposto\",ORÇAMENTO.CustoUnitario*(1+$AH48),ORÇAMENTO.PrecoUnitarioLicitado),15-13*$AF$10),0)","v":111.83},{"$f":"IF($C48=\"S\",IF(OR(Import.TipoArredondamento<>\"TransfereGOV\",ACOMPANHAMENTO=\"BM\"),VTOTAL1,SUM(OFFSET(CÁLCULO!$AA$15,ROW($X48)-ROW($X$15),1):OFFSET(CÁLCULO!$AL$15,ROW($X48)-ROW($X$15),-1))),IF($C48=0,0,ROUND(SomaAgrup,15-13*$AF$11)))","v":559.15},"RA","RA",{"$f":"IF($C48=\"S\",IF($Z48=\"CP\",$X48,IF($Z48=\"RA\",(($X48)*QCI!$AA$3),0)),SomaAgrup)","v":184.71451948577069},{"$f":"IF($C48=\"S\",IF($Z48=\"OU\",ROUND($X48,2),0),SomaAgrup)","v":0},{"$f":"IF($N48=\"\",\" \",\nIF(AND($C48<>\"S\",OR($R48=\"\",$R48=\"(digite a descrição aqui)\")),\"DESCRIÇÃO\",\nIF(AND($C48=\"S\",OR($Q48<>\"\",$T48>0,$U48>0),$P48=\"\"),\"FONTE\",\nIF(AND($C48=\"S\",$P48<>\"\",OR($T48>0,$U48>0),$Q48=\"\"),\"CÓDIGO\",\nIF(AND($C48=\"S\",$P48<>\"\",$Q48<>\"\",$R48=\"(Código não identificado nas referências)\"),\"CÓDIGO N/ID\",\nIF(AND($C48=\"S\",OR($R48=\"\",$R48=\"(digite a descrição aqui)\"),OR($Q48<>\"\",$T48>0,$U48>0)),\"DESCRIÇÃO\",\nIF(AND($C48=\"S\",$P48<>\"\",$Q48<>\"\",$S48=\"\"),\"UNIDADE\",\nIF(AND($C48=\"S\",$P48<>\"\",$Q48<>\"\",$U48=0),\"SEM CUSTO\",\nIF(AND(TIPOORCAMENTO=\"Licitado\",$AL48=0,$AN48>0),\"SEM PREÇO\",\nIF(AND($C48=\"S\",$P48<>\"\",$Q48<>\"\",$U48>0,AND($V48<>\"BDI 1\",$V48<>\"BDI 2\",$V48<>\"BDI 3\")),IF(ISNUMBER($V48),\"JUSTIFICAR BDI\",\"BDI\"),\nIF(OR(AND(import.recurso=\"OGU\",TIPOORCAMENTO=\"Proposto\",LEFT($O$8,5)<>\"(N/D:\",$AG48<>\"\",ORÇAMENTO.CustoUnitario>$AG48),AND(TIPOORCAMENTO=\"LICITADO\",ORÇAMENTO.PrecoUnitarioLicitado>$AN48)),\"ACIMA REF.\",\nIF(AND($C48=\"S\",$P48<>\"\",$Q48<>\"\",$T48=0,$U48>0),\"QUANT.\",\nIF(AND(Import.TipoArredondamento=\"TransfereGOV\",$L48=\"F\",$C48=\"S\",LEN($Q48)>13),\"Código >13\",\nIF(AND(Import.TipoArredondamento=\"TransfereGOV\",$L48=\"F\",$C48<>\"S\",LEN($R48)>100),\"Descrição >100\",\nIF(AND(Import.TipoArredondamento=\"TransfereGOV\",$L48=\"F\",$C48=\"S\",LEN($R48)>500),\"Descrição >500\",\nIF(AND(Import.TipoArredondamento=\"TransfereGOV\",$L48=\"F\",$C48=\"S\",LEFT(TRIM(UPPER($P48)),6)<>\"SINAPI\",ISNA(VLOOKUP(TRIM(UPPER($S48)),ListaTgov.Unidades,1,FALSE))),\"Unid. Não Disp\",\n\" \"))))))))))))))))","v":" "},{"$f":"IF(C48<=CRONO.NivelExibicao,MAX($AD$15:OFFSET(AD48,-1,0))+IF($C48<>1,1,MAX(1,COUNTIF(QCI!$A$13:$A$24,OFFSET($E48,-1,0)))),\"\")","v":""},{"$f":"IF(AND($C48=\"S\",ORÇAMENTO.CodBarra<>\"\"),IF(ORÇAMENTO.Fonte=\"\",ORÇAMENTO.CodBarra,CONCATENATE(ORÇAMENTO.Fonte,\" \",ORÇAMENTO.CodBarra)))","v":"Composição CPU 32"},{"$f":"IF(ISERROR(ORÇAMENTO.BancoRef),\"(abra o arquivo 'Referência \"&Excel_BuiltIn_Database&\".xlsm)\",IF(OR($C48<>\"S\",ORÇAMENTO.CodBarra=\"\"),\"(Sem Código)\",IF(ISERROR(MATCH($AE48,INDIRECT(ORÇAMENTO.BancoRef),0)),\"(Código não identificado nas referências)\",MATCH($AE48,INDIRECT(ORÇAMENTO.BancoRef),0))))","v":29},{"$f":"ROUND(IF(DESONERACAO=\"sim\",REFERENCIA.Desonerado,REFERENCIA.NaoDesonerado),2)","v":91.31},{"$f":"ROUND(IF(ISNUMBER(ORÇAMENTO.OpcaoBDI),ORÇAMENTO.OpcaoBDI,IF(LEFT(ORÇAMENTO.OpcaoBDI,3)=\"BDI\",HLOOKUP(ORÇAMENTO.OpcaoBDI,$F$4:$H$5,2,FALSE),0)),15-11*$AF$9)","v":0.22470000000000001},null,5,null,null,559.15,{"$f":"ROUND(ORÇAMENTO.CustoUnitario*(1+$AH48),2)","v":111.83}]
[2,2,2,6,{"$f":"IF($C49=1,OFFSET(E49,-1,0)+MAX(1,COUNTIF(QCI!$A$13:$A$24,OFFSET(ORÇAMENTO!E49,-1,0))),OFFSET(E49,-1,0))","v":1},6,0,0,0,91,{"$f":"IF(OR($C49=\"S\",$C49=0),0,MATCH(OFFSET($D49,0,$C49)+IF($C49<>1,1,COUNTIF(QCI!$A$13:$A$24,ORÇAMENTO!E49)),OFFSET($D49,1,$C49,ROW($C$140)-ROW($C49)),0))","v":6},"F","Nível 2","Nível 2","1.6.","SINAPI",null,"REFORMA DAS CABINES","-",{"$f":"OFFSET(CÁLCULO!H$15,ROW($T49)-ROW(T$15),0)","v":0},0,"BDI 1",{"$f":"IF($C49=\"S\",ROUND(IF(TIPOORCAMENTO=\"Proposto\",ORÇAMENTO.CustoUnitario*(1+$AH49),ORÇAMENTO.PrecoUnitarioLicitado),15-13*$AF$10),0)","v":0},{"$f":"IF($C49=\"S\",IF(OR(Import.TipoArredondamento<>\"TransfereGOV\",ACOMPANHAMENTO=\"BM\"),VTOTAL1,SUM(OFFSET(CÁLCULO!$AA$15,ROW($X49)-ROW($X$15),1):OFFSET(CÁLCULO!$AL$15,ROW($X49)-ROW($X$15),-1))),IF($C49=0,0,ROUND(SomaAgrup,15-13*$AF$11)))","v":11137.51},"RA","",{"$f":"IF($C49=\"S\",IF($Z49=\"CP\",$X49,IF($Z49=\"RA\",(($X49)*QCI!$AA$3),0)),SomaAgrup)","v":3679.2628237824665},{"$f":"IF($C49=\"S\",IF($Z49=\"OU\",ROUND($X49,2),0),SomaAgrup)","v":0},{"$f":"IF($N49=\"\",\" \",\nIF(AND($C49<>\"S\",OR($R49=\"\",$R49=\"(digite a descrição aqui)\")),\"DESCRIÇÃO\",\nIF(AND($C49=\"S\",OR($Q49<>\"\",$T49>0,$U49>0),$P49=\"\"),\"FONTE\",\nIF(AND($C49=\"S\",$P49<>\"\",OR($T49>0,$U49>0),$Q49=\"\"),\"CÓDIGO\",\nIF(AND($C49=\"S\",$P49<>\"\",$Q49<>\"\",$R49=\"(Código não identificado nas referências)\"),\"CÓDIGO N/ID\",\nIF(AND($C49=\"S\",OR($R49=\"\",$R49=\"(digite a descrição aqui)\"),OR($Q49<>\"\",$T49>0,$U49>0)),\"DESCRIÇÃO\",\nIF(AND($C49=\"S\",$P49<>\"\",$Q49<>\"\",$S49=\"\"),\"UNIDADE\",\nIF(AND($C49=\"S\",$P49<>\"\",$Q49<>\"\",$U49=0),\"SEM CUSTO\",\nIF(AND(TIPOORCAMENTO=\"Licitado\",$AL49=0,$AN49>0),\"SEM PREÇO\",\nIF(AND($C49=\"S\",$P49<>\"\",$Q49<>\"\",$U49>0,AND($V49<>\"BDI 1\",$V49<>\"BDI 2\",$V49<>\"BDI 3\")),IF(ISNUMBER($V49),\"JUSTIFICAR BDI\",\"BDI\"),\nIF(OR(AND(import.recurso=\"OGU\",TIPOORCAMENTO=\"Proposto\",LEFT($O$8,5)<>\"(N/D:\",$AG49<>\"\",ORÇAMENTO.CustoUnitario>$AG49),AND(TIPOORCAMENTO=\"LICITADO\",ORÇAMENTO.PrecoUnitarioLicitado>$AN49)),\"ACIMA REF.\",\nIF(AND($C49=\"S\",$P49<>\"\",$Q49<>\"\",$T49=0,$U49>0),\"QUANT.\",\nIF(AND(Import.TipoArredondamento=\"TransfereGOV\",$L49=\"F\",$C49=\"S\",LEN($Q49)>13),\"Código >13\",\nIF(AND(Import.TipoArredondamento=\"TransfereGOV\",$L49=\"F\",$C49<>\"S\",LEN($R49)>100),\"Descrição >100\",\nIF(AND(Import.TipoArredondamento=\"TransfereGOV\",$L49=\"F\",$C49=\"S\",LEN($R49)>500),\"Descrição >500\",\nIF(AND(Import.TipoArredondamento=\"TransfereGOV\",$L49=\"F\",$C49=\"S\",LEFT(TRIM(UPPER($P49)),6)<>\"SINAPI\",ISNA(VLOOKUP(TRIM(UPPER($S49)),ListaTgov.Unidades,1,FALSE))),\"Unid. Não Disp\",\n\" \"))))))))))))))))","v":" "},{"$f":"IF(C49<=CRONO.NivelExibicao,MAX($AD$15:OFFSET(AD49,-1,0))+IF($C49<>1,1,MAX(1,COUNTIF(QCI!$A$13:$A$24,OFFSET($E49,-1,0)))),\"\")","v":7},{"$f":"IF(AND($C49=\"S\",ORÇAMENTO.CodBarra<>\"\"),IF(ORÇAMENTO.Fonte=\"\",ORÇAMENTO.CodBarra,CONCATENATE(ORÇAMENTO.Fonte,\" \",ORÇAMENTO.CodBarra)))","v":false},{"$f":"IF(ISERROR(ORÇAMENTO.BancoRef),\"(abra o arquivo 'Referência \"&Excel_BuiltIn_Database&\".xlsm)\",IF(OR($C49<>\"S\",ORÇAMENTO.CodBarra=\"\"),\"(Sem Código)\",IF(ISERROR(MATCH($AE49,INDIRECT(ORÇAMENTO.BancoRef),0)),\"(Código não identificado nas referências)\",MATCH($AE49,INDIRECT(ORÇAMENTO.BancoRef),0))))","v":"(Sem Código)"},{"$f":"ROUND(IF(DESONERACAO=\"sim\",REFERENCIA.Desonerado,REFERENCIA.NaoDesonerado),2)","v":0},0.22470000000000001,null,0,null,null,11137.51,{"$f":"ROUND(ORÇAMENTO.CustoUnitario*(1+$AH49),2)","v":0}]
["S",2,"S",0,{"$f":"IF($C50=1,OFFSET(E50,-1,0)+MAX(1,COUNTIF(QCI!$A$13:$A$24,OFFSET(ORÇAMENTO!E50,-1,0))),OFFSET(E50,-1,0))","v":1},6,0,0,1,0,{"$f":"IF(OR($C50=\"S\",$C50=0),0,MATCH(OFFSET($D50,0,$C50)+IF($C50<>1,1,COUNTIF(QCI!$A$13:$A$24,ORÇAMENTO!E50)),OFFSET($D50,1,$C50,ROW($C$140)-ROW($C50)),0))","v":0},"F","Serviço","Serviço","1.6.1.","SINAPI","96110","FORRO EM DRYWALL PARA AMBIENTES RESIDENCIAIS, INCLUSIVE ESTRUTURA UNIDIRECIONAL DE FIXAÇÃO. AF_08/2023_PS","M2",{"$f":"OFFSET(CÁLCULO!H$15,ROW($T50)-ROW(T$15),0)","v":12.47},76.680000000000007,"BDI 1",{"$f":"IF($C50=\"S\",ROUND(IF(TIPOORCAMENTO=\"Proposto\",ORÇAMENTO.CustoUnitario*(1+$AH50),ORÇAMENTO.PrecoUnitarioLicitado),15-13*$AF$10),0)","v":93.91},{"$f":"IF($C50=\"S\",IF(OR(Import.TipoArredondamento<>\"TransfereGOV\",ACOMPANHAMENTO=\"BM\"),VTOTAL1,SUM(OFFSET(CÁLCULO!$AA$15,ROW($X50)-ROW($X$15),1):OFFSET(CÁLCULO!$AL$15,ROW($X50)-ROW($X$15),-1))),IF($C50=0,0,ROUND(SomaAgrup,15-13*$AF$11)))","v":1171.06},"RA","RA",{"$f":"IF($C50=\"S\",IF($Z50=\"CP\",$X50,IF($Z50=\"RA\",(($X50)*QCI!$AA$3),0)),SomaAgrup)","v":386.85824052402148},{"$f":"IF($C50=\"S\",IF($Z50=\"OU\",ROUND($X50,2),0),SomaAgrup)","v":0},{"$f":"IF($N50=\"\",\" \",\nIF(AND($C50<>\"S\",OR($R50=\"\",$R50=\"(digite a descrição aqui)\")),\"DESCRIÇÃO\",\nIF(AND($C50=\"S\",OR($Q50<>\"\",$T50>0,$U50>0),$P50=\"\"),\"FONTE\",\nIF(AND($C50=\"S\",$P50<>\"\",OR($T50>0,$U50>0),$Q50=\"\"),\"CÓDIGO\",\nIF(AND($C50=\"S\",$P50<>\"\",$Q50<>\"\",$R50=\"(Código não identificado nas referências)\"),\"CÓDIGO N/ID\",\nIF(AND($C50=\"S\",OR($R50=\"\",$R50=\"(digite a descrição aqui)\"),OR($Q50<>\"\",$T50>0,$U50>0)),\"DESCRIÇÃO\",\nIF(AND($C50=\"S\",$P50<>\"\",$Q50<>\"\",$S50=\"\"),\"UNIDADE\",\nIF(AND($C50=\"S\",$P50<>\"\",$Q50<>\"\",$U50=0),\"SEM CUSTO\",\nIF(AND(TIPOORCAMENTO=\"Licitado\",$AL50=0,$AN50>0),\"SEM PREÇO\",\nIF(AND($C50=\"S\",$P50<>\"\",$Q50<>\"\",$U50>0,AND($V50<>\"BDI 1\",$V50<>\"BDI 2\",$V50<>\"BDI 3\")),IF(ISNUMBER($V50),\"JUSTIFICAR BDI\",\"BDI\"),\nIF(OR(AND(import.recurso=\"OGU\",TIPOORCAMENTO=\"Proposto\",LEFT($O$8,5)<>\"(N/D:\",$AG50<>\"\",ORÇAMENTO.CustoUnitario>$AG50),AND(TIPOORCAMENTO=\"LICITADO\",ORÇAMENTO.PrecoUnitarioLicitado>$AN50)),\"ACIMA REF.\",\nIF(AND($C50=\"S\",$P50<>\"\",$Q50<>\"\",$T50=0,$U50>0),\"QUANT.\",\nIF(AND(Import.TipoArredondamento=\"TransfereGOV\",$L50=\"F\",$C50=\"S\",LEN($Q50)>13),\"Código >13\",\nIF(AND(Import.TipoArredondamento=\"TransfereGOV\",$L50=\"F\",$C50<>\"S\",LEN($R50)>100),\"Descrição >100\",\nIF(AND(Import.TipoArredondamento=\"TransfereGOV\",$L50=\"F\",$C50=\"S\",LEN($R50)>500),\"Descrição >500\",\nIF(AND(Import.TipoArredondamento=\"TransfereGOV\",$L50=\"F\",$C50=\"S\",LEFT(TRIM(UPPER($P50)),6)<>\"SINAPI\",ISNA(VLOOKUP(TRIM(UPPER($S50)),ListaTgov.Unidades,1,FALSE))),\"Unid. Não Disp\",\n\" \"))))))))))))))))","v":" "},{"$f":"IF(C50<=CRONO.NivelExibicao,MAX($AD$15:OFFSET(AD50,-1,0))+IF($C50<>1,1,MAX(1,COUNTIF(QCI!$A$13:$A$24,OFFSET($E50,-1,0)))),\"\")","v":""},{"$f":"IF(AND($C50=\"S\",ORÇAMENTO.CodBarra<>\"\"),IF(ORÇAMENTO.Fonte=\"\",ORÇAMENTO.CodBarra,CONCATENATE(ORÇAMENTO.Fonte,\" \",ORÇAMENTO.CodBarra)))","v":"SINAPI 96110"},{"$f":"IF(ISERROR(ORÇAMENTO.BancoRef),\"(abra o arquivo 'Referência \"&Excel_BuiltIn_Database&\".xlsm)\",IF(OR($C50<>\"S\",ORÇAMENTO.CodBarra=\"\"),\"(Sem Código)\",IF(ISERROR(MATCH($AE50,INDIRECT(ORÇAMENTO.BancoRef),0)),\"(Código não identificado nas referências)\",MATCH($AE50,INDIRECT(ORÇAMENTO.BancoRef),0))))","v":9935},{"$f":"ROUND(IF(DESONERACAO=\"sim\",REFERENCIA.Desonerado,REFERENCIA.NaoDesonerado),2)","v":76.680000000000007},0.22470000000000001,null,12.465,null,null,1171.06,{"$f":"ROUND(ORÇAMENTO.CustoUnitario*(1+$AH50),2)","v":93.91}]
["S",2,"S",0,{"$f":"IF($C51=1,OFFSET(E51,-1,0)+MAX(1,COUNTIF(QCI!$A$13:$A$24,OFFSET(ORÇAMENTO!E51,-1,0))),OFFSET(E51,-1,0))","v":1},6,0,0,2,0,{"$f":"IF(OR($C51=\"S\",$C51=0),0,MATCH(OFFSET($D51,0,$C51)+IF($C51<>1,1,COUNTIF(QCI!$A$13:$A$24,ORÇAMENTO!E51)),OFFSET($D51,1,$C51,ROW($C$140)-ROW($C51)),0))","v":0},"F","Serviço","Serviço","1.6.2.","Composição","CPU 29","GUARDA CORPO EM TUBO IND. 2.1/2\", 2 CORRIMAOS (H=0,70M E 0,92M) EM TUBO IND. 1.1/2\" CH.18, FECHAMENTO EM TUBO IND.1\" CH.18 A CADA 15CM E PILARETES EM TUBO IND. 2.1/2\"CH 18 - REF AGESUL - 1101002049 ","M2",{"$f":"OFFSET(CÁLCULO!H$15,ROW($T51)-ROW(T$15),0)","v":4.62},690.61,"BDI 1",{"$f":"IF($C51=\"S\",ROUND(IF(TIPOORCAMENTO=\"Proposto\",ORÇAMENTO.CustoUnitario*(1+$AH51),ORÇAMENTO.PrecoUnitarioLicitado),15-13*$AF$10),0)","v":845.79},{"$f":"IF($C51=\"S\",IF(OR(Import.TipoArredondamento<>\"TransfereGOV\",ACOMPANHAMENTO=\"BM\"),VTOTAL1,SUM(OFFSET(CÁLCULO!$AA$15,ROW($X51)-ROW($X$15),1):OFFSET(CÁLCULO!$AL$15,ROW($X51)-ROW($X$15),-1))),IF($C51=0,0,ROUND(SomaAgrup,15-13*$AF$11)))","v":3907.55},"RA","RA",{"$f":"IF($C51=\"S\",IF($Z51=\"CP\",$X51,IF($Z51=\"RA\",(($X51)*QCI!$AA$3),0)),SomaAgrup)","v":1290.8543693402903},{"$f":"IF($C51=\"S\",IF($Z51=\"OU\",ROUND($X51,2),0),SomaAgrup)","v":0},{"$f":"IF($N51=\"\",\" \",\nIF(AND($C51<>\"S\",OR($R51=\"\",$R51=\"(digite a descrição aqui)\")),\"DESCRIÇÃO\",\nIF(AND($C51=\"S\",OR($Q51<>\"\",$T51>0,$U51>0),$P51=\"\"),\"FONTE\",\nIF(AND($C51=\"S\",$P51<>\"\",OR($T51>0,$U51>0),$Q51=\"\"),\"CÓDIGO\",\nIF(AND($C51=\"S\",$P51<>\"\",$Q51<>\"\",$R51=\"(Código não identificado nas referências)\"),\"CÓDIGO N/ID\",\nIF(AND($C51=\"S\",OR($R51=\"\",$R51=\"(digite a descrição aqui)\"),OR($Q51<>\"\",$T51>0,$U51>0)),\"DESCRIÇÃO\",\nIF(AND($C51=\"S\",$P51<>\"\",$Q51<>\"\",$S51=\"\"),\"UNIDADE\",\nIF(AND($C51=\"S\",$P51<>\"\",$Q51<>\"\",$U51=0),\"SEM CUSTO\",\nIF(AND(TIPOORCAMENTO=\"Licitado\",$AL51=0,$AN51>0),\"SEM PREÇO\",\nIF(AND($C51=\"S\",$P51<>\"\",$Q51<>\"\",$U51>0,AND($V51<>\"BDI 1\",$V51<>\"BDI 2\",$V51<>\"BDI 3\")),IF(ISNUMBER($V51),\"JUSTIFICAR BDI\",\"BDI\"),\nIF(OR(AND(import.recurso=\"OGU\",TIPOORCAMENTO=\"Proposto\",LEFT($O$8,5)<>\"(N/D:\",$AG51<>\"\",ORÇAMENTO.CustoUnitario>$AG51),AND(TIPOORCAMENTO=\"LICITADO\",ORÇAMENTO.PrecoUnitarioLicitado>$AN51)),\"ACIMA REF.\",\nIF(AND($C51=\"S\",$P51<>\"\",$Q51<>\"\",$T51=0,$U51>0),\"QUANT.\",\nIF(AND(Import.TipoArredondamento=\"TransfereGOV\",$L51=\"F\",$C51=\"S\",LEN($Q51)>13),\"Código >13\",\nIF(AND(Import.TipoArredondamento=\"TransfereGOV\",$L51=\"F\",$C51<>\"S\",LEN($R51)>100),\"Descrição >100\",\nIF(AND(Import.TipoArredondamento=\"TransfereGOV\",$L51=\"F\",$C51=\"S\",LEN($R51)>500),\"Descrição >500\",\nIF(AND(Import.TipoArredondamento=\"TransfereGOV\",$L51=\"F\",$C51=\"S\",LEFT(TRIM(UPPER($P51)),6)<>\"SINAPI\",ISNA(VLOOKUP(TRIM(UPPER($S51)),ListaTgov.Unidades,1,FALSE))),\"Unid. Não Disp\",\n\" \"))))))))))))))))","v":" "},{"$f":"IF(C51<=CRONO.NivelExibicao,MAX($AD$15:OFFSET(AD51,-1,0))+IF($C51<>1,1,MAX(1,COUNTIF(QCI!$A$13:$A$24,OFFSET($E51,-1,0)))),\"\")","v":""},{"$f":"IF(AND($C51=\"S\",ORÇAMENTO.CodBarra<>\"\"),IF(ORÇAMENTO.Fonte=\"\",ORÇAMENTO.CodBarra,CONCATENATE(ORÇAMENTO.Fonte,\" \",ORÇAMENTO.CodBarra)))","v":"Composição CPU 29"},{"$f":"IF(ISERROR(ORÇAMENTO.BancoRef),\"(abra o arquivo 'Referência \"&Excel_BuiltIn_Database&\".xlsm)\",IF(OR($C51<>\"S\",ORÇAMENTO.CodBarra=\"\"),\"(Sem Código)\",IF(ISERROR(MATCH($AE51,INDIRECT(ORÇAMENTO.BancoRef),0)),\"(Código não identificado nas referências)\",MATCH($AE51,INDIRECT(ORÇAMENTO.BancoRef),0))))","v":26},{"$f":"ROUND(IF(DESONERACAO=\"sim\",REFERENCIA.Desonerado,REFERENCIA.NaoDesonerado),2)","v":690.61},0.22470000000000001,null,4.620000000000001,null,null,3907.55,{"$f":"ROUND(ORÇAMENTO.CustoUnitario*(1+$AH51),2)","v":845.79}]
["S",2,"S",0,{"$f":"IF($C52=1,OFFSET(E52,-1,0)+MAX(1,COUNTIF(QCI!$A$13:$A$24,OFFSET(ORÇAMENTO!E52,-1,0))),OFFSET(E52,-1,0))","v":1},6,0,0,3,0,{"$f":"IF(OR($C52=\"S\",$C52=0),0,MATCH(OFFSET($D52,0,$C52)+IF($C52<>1,1,COUNTIF(QCI!$A$13:$A$24,ORÇAMENTO!E52)),OFFSET($D52,1,$C52,ROW($C$140)-ROW($C52)),0))","v":0},"F","Serviço","Serviço","1.6.3.","SINAPI","99837","GUARDA-CORPO DE AÇO GALVANIZADO DE 1,10M, MONTANTES TUBULARES DE 1.1/4\" ESPAÇADOS DE 1,20M, TRAVESSA SUPERIOR DE 1.1/2\", GRADIL FORMADO POR TUBOS HORIZONTAIS DE 1\" E VERTICAIS DE 3/4\", FIXADO COM CHUMBADOR MECÂNICO. AF_04/2019_PS","M",{"$f":"OFFSET(CÁLCULO!H$15,ROW($T52)-ROW(T$15),0)","v":6.1},567.57000000000005,"BDI 1",{"$f":"IF($C52=\"S\",ROUND(IF(TIPOORCAMENTO=\"Proposto\",ORÇAMENTO.CustoUnitario*(1+$AH52),ORÇAMENTO.PrecoUnitarioLicitado),15-13*$AF$10),0)","v":695.1},{"$f":"IF($C52=\"S\",IF(OR(Import.TipoArredondamento<>\"TransfereGOV\",ACOMPANHAMENTO=\"BM\"),VTOTAL1,SUM(OFFSET(CÁLCULO!$AA$15,ROW($X52)-ROW($X$15),1):OFFSET(CÁLCULO!$AL$15,ROW($X52)-ROW($X$15),-1))),IF($C52=0,0,ROUND(SomaAgrup,15-13*$AF$11)))","v":4240.1099999999997},"RA","RA",{"$f":"IF($C52=\"S\",IF($Z52=\"CP\",$X52,IF($Z52=\"RA\",(($X52)*QCI!$AA$3),0)),SomaAgrup)","v":1400.7151591108131},{"$f":"IF($C52=\"S\",IF($Z52=\"OU\",ROUND($X52,2),0),SomaAgrup)","v":0},{"$f":"IF($N52=\"\",\" \",\nIF(AND($C52<>\"S\",OR($R52=\"\",$R52=\"(digite a descrição aqui)\")),\"DESCRIÇÃO\",\nIF(AND($C52=\"S\",OR($Q52<>\"\",$T52>0,$U52>0),$P52=\"\"),\"FONTE\",\nIF(AND($C52=\"S\",$P52<>\"\",OR($T52>0,$U52>0),$Q52=\"\"),\"CÓDIGO\",\nIF(AND($C52=\"S\",$P52<>\"\",$Q52<>\"\",$R52=\"(Código não identificado nas referências)\"),\"CÓDIGO N/ID\",\nIF(AND($C52=\"S\",OR($R52=\"\",$R52=\"(digite a descrição aqui)\"),OR($Q52<>\"\",$T52>0,$U52>0)),\"DESCRIÇÃO\",\nIF(AND($C52=\"S\",$P52<>\"\",$Q52<>\"\",$S52=\"\"),\"UNIDADE\",\nIF(AND($C52=\"S\",$P52<>\"\",$Q52<>\"\",$U52=0),\"SEM CUSTO\",\nIF(AND(TIPOORCAMENTO=\"Licitado\",$AL52=0,$AN52>0),\"SEM PREÇO\",\nIF(AND($C52=\"S\",$P52<>\"\",$Q52<>\"\",$U52>0,AND($V52<>\"BDI 1\",$V52<>\"BDI 2\",$V52<>\"BDI 3\")),IF(ISNUMBER($V52),\"JUSTIFICAR BDI\",\"BDI\"),\nIF(OR(AND(import.recurso=\"OGU\",TIPOORCAMENTO=\"Proposto\",LEFT($O$8,5)<>\"(N/D:\",$AG52<>\"\",ORÇAMENTO.CustoUnitario>$AG52),AND(TIPOORCAMENTO=\"LICITADO\",ORÇAMENTO.PrecoUnitarioLicitado>$AN52)),\"ACIMA REF.\",\nIF(AND($C52=\"S\",$P52<>\"\",$Q52<>\"\",$T52=0,$U52>0),\"QUANT.\",\nIF(AND(Import.TipoArredondamento=\"TransfereGOV\",$L52=\"F\",$C52=\"S\",LEN($Q52)>13),\"Código >13\",\nIF(AND(Import.TipoArredondamento=\"TransfereGOV\",$L52=\"F\",$C52<>\"S\",LEN($R52)>100),\"Descrição >100\",\nIF(AND(Import.TipoArredondamento=\"TransfereGOV\",$L52=\"F\",$C52=\"S\",LEN($R52)>500),\"Descrição >500\",\nIF(AND(Import.TipoArredondamento=\"TransfereGOV\",$L52=\"F\",$C52=\"S\",LEFT(TRIM(UPPER($P52)),6)<>\"SINAPI\",ISNA(VLOOKUP(TRIM(UPPER($S52)),ListaTgov.Unidades,1,FALSE))),\"Unid. Não Disp\",\n\" \"))))))))))))))))","v":" "},{"$f":"IF(C52<=CRONO.NivelExibicao,MAX($AD$15:OFFSET(AD52,-1,0))+IF($C52<>1,1,MAX(1,COUNTIF(QCI!$A$13:$A$24,OFFSET($E52,-1,0)))),\"\")","v":""},{"$f":"IF(AND($C52=\"S\",ORÇAMENTO.CodBarra<>\"\"),IF(ORÇAMENTO.Fonte=\"\",ORÇAMENTO.CodBarra,CONCATENATE(ORÇAMENTO.Fonte,\" \",ORÇAMENTO.CodBarra)))","v":"SINAPI 99837"},{"$f":"IF(ISERROR(ORÇAMENTO.BancoRef),\"(abra o arquivo 'Referência \"&Excel_BuiltIn_Database&\".xlsm)\",IF(OR($C52<>\"S\",ORÇAMENTO.CodBarra=\"\"),\"(Sem Código)\",IF(ISERROR(MATCH($AE52,INDIRECT(ORÇAMENTO.BancoRef),0)),\"(Código não identificado nas referências)\",MATCH($AE52,INDIRECT(ORÇAMENTO.BancoRef),0))))","v":10262},{"$f":"ROUND(IF(DESONERACAO=\"sim\",REFERENCIA.Desonerado,REFERENCIA.NaoDesonerado),2)","v":567.57000000000005},0.22470000000000001,null,6.1,null,null,4240.1099999999997,{"$f":"ROUND(ORÇAMENTO.CustoUnitario*(1+$AH52),2)","v":695.1}]
["S",2,"S",0,{"$f":"IF($C53=1,OFFSET(E53,-1,0)+MAX(1,COUNTIF(QCI!$A$13:$A$24,OFFSET(ORÇAMENTO!E53,-1,0))),OFFSET(E53,-1,0))","v":1},6,0,0,4,0,{"$f":"IF(OR($C53=\"S\",$C53=0),0,MATCH(OFFSET($D53,0,$C53)+IF($C53<>1,1,COUNTIF(QCI!$A$13:$A$24,ORÇAMENTO!E53)),OFFSET($D53,1,$C53,ROW($C$140)-ROW($C53)),0))","v":0},"F","Serviço","Serviço","1.6.4.","SINAPI","100701","PORTA DE FERRO, DE ABRIR, TIPO GRADE COM CHAPA, COM GUARNIÇÕES. AF_12/2019","M2",{"$f":"OFFSET(CÁLCULO!H$15,ROW($T53)-ROW(T$15),0)","v":1.89},548.14,"BDI 1",{"$f":"IF($C53=\"S\",ROUND(IF(TIPOORCAMENTO=\"Proposto\",ORÇAMENTO.CustoUnitario*(1+$AH53),ORÇAMENTO.PrecoUnitarioLicitado),15-13*$AF$10),0)","v":671.31},{"$f":"IF($C53=\"S\",IF(OR(Import.TipoArredondamento<>\"TransfereGOV\",ACOMPANHAMENTO=\"BM\"),VTOTAL1,SUM(OFFSET(CÁLCULO!$AA$15,ROW($X53)-ROW($X$15),1):OFFSET(CÁLCULO!$AL$15,ROW($X53)-ROW($X$15),-1))),IF($C53=0,0,ROUND(SomaAgrup,15-13*$AF$11)))","v":1268.78},"RA","RA",{"$f":"IF($C53=\"S\",IF($Z53=\"CP\",$X53,IF($Z53=\"RA\",(($X53)*QCI!$AA$3),0)),SomaAgrup)","v":419.13992315685618},{"$f":"IF($C53=\"S\",IF($Z53=\"OU\",ROUND($X53,2),0),SomaAgrup)","v":0},{"$f":"IF($N53=\"\",\" \",\nIF(AND($C53<>\"S\",OR($R53=\"\",$R53=\"(digite a descrição aqui)\")),\"DESCRIÇÃO\",\nIF(AND($C53=\"S\",OR($Q53<>\"\",$T53>0,$U53>0),$P53=\"\"),\"FONTE\",\nIF(AND($C53=\"S\",$P53<>\"\",OR($T53>0,$U53>0),$Q53=\"\"),\"CÓDIGO\",\nIF(AND($C53=\"S\",$P53<>\"\",$Q53<>\"\",$R53=\"(Código não identificado nas referências)\"),\"CÓDIGO N/ID\",\nIF(AND($C53=\"S\",OR($R53=\"\",$R53=\"(digite a descrição aqui)\"),OR($Q53<>\"\",$T53>0,$U53>0)),\"DESCRIÇÃO\",\nIF(AND($C53=\"S\",$P53<>\"\",$Q53<>\"\",$S53=\"\"),\"UNIDADE\",\nIF(AND($C53=\"S\",$P53<>\"\",$Q53<>\"\",$U53=0),\"SEM CUSTO\",\nIF(AND(TIPOORCAMENTO=\"Licitado\",$AL53=0,$AN53>0),\"SEM PREÇO\",\nIF(AND($C53=\"S\",$P53<>\"\",$Q53<>\"\",$U53>0,AND($V53<>\"BDI 1\",$V53<>\"BDI 2\",$V53<>\"BDI 3\")),IF(ISNUMBER($V53),\"JUSTIFICAR BDI\",\"BDI\"),\nIF(OR(AND(import.recurso=\"OGU\",TIPOORCAMENTO=\"Proposto\",LEFT($O$8,5)<>\"(N/D:\",$AG53<>\"\",ORÇAMENTO.CustoUnitario>$AG53),AND(TIPOORCAMENTO=\"LICITADO\",ORÇAMENTO.PrecoUnitarioLicitado>$AN53)),\"ACIMA REF.\",\nIF(AND($C53=\"S\",$P53<>\"\",$Q53<>\"\",$T53=0,$U53>0),\"QUANT.\",\nIF(AND(Import.TipoArredondamento=\"TransfereGOV\",$L53=\"F\",$C53=\"S\",LEN($Q53)>13),\"Código >13\",\nIF(AND(Import.TipoArredondamento=\"TransfereGOV\",$L53=\"F\",$C53<>\"S\",LEN($R53)>100),\"Descrição >100\",\nIF(AND(Import.TipoArredondamento=\"TransfereGOV\",$L53=\"F\",$C53=\"S\",LEN($R53)>500),\"Descrição >500\",\nIF(AND(Import.TipoArredondamento=\"TransfereGOV\",$L53=\"F\",$C53=\"S\",LEFT(TRIM(UPPER($P53)),6)<>\"SINAPI\",ISNA(VLOOKUP(TRIM(UPPER($S53)),ListaTgov.Unidades,1,FALSE))),\"Unid. Não Disp\",\n\" \"))))))))))))))))","v":" "},{"$f":"IF(C53<=CRONO.NivelExibicao,MAX($AD$15:OFFSET(AD53,-1,0))+IF($C53<>1,1,MAX(1,COUNTIF(QCI!$A$13:$A$24,OFFSET($E53,-1,0)))),\"\")","v":""},{"$f":"IF(AND($C53=\"S\",ORÇAMENTO.CodBarra<>\"\"),IF(ORÇAMENTO.Fonte=\"\",ORÇAMENTO.CodBarra,CONCATENATE(ORÇAMENTO.Fonte,\" \",ORÇAMENTO.CodBarra)))","v":"SINAPI 100701"},{"$f":"IF(ISERROR(ORÇAMENTO.BancoRef),\"(abra o arquivo 'Referência \"&Excel_BuiltIn_Database&\".xlsm)\",IF(OR($C53<>\"S\",ORÇAMENTO.CodBarra=\"\"),\"(Sem Código)\",IF(ISERROR(MATCH($AE53,INDIRECT(ORÇAMENTO.BancoRef),0)),\"(Código não identificado nas referências)\",MATCH($AE53,INDIRECT(ORÇAMENTO.BancoRef),0))))","v":9576},{"$f":"ROUND(IF(DESONERACAO=\"sim\",REFERENCIA.Desonerado,REFERENCIA.NaoDesonerado),2)","v":548.14},0.22470000000000001,null,1.8900000000000001,null,null,1268.78,{"$f":"ROUND(ORÇAMENTO.CustoUnitario*(1+$AH53),2)","v":671.31}]
["S",2,"S",0,{"$f":"IF($C54=1,OFFSET(E54,-1,0)+MAX(1,COUNTIF(QCI!$A$13:$A$24,OFFSET(ORÇAMENTO!E54,-1,0))),OFFSET(E54,-1,0))","v":1},6,0,0,5,0,{"$f":"IF(OR($C54=\"S\",$C54=0),0,MATCH(OFFSET($D54,0,$C54)+IF($C54<>1,1,COUNTIF(QCI!$A$13:$A$24,ORÇAMENTO!E54)),OFFSET($D54,1,$C54,ROW($C$140)-ROW($C54)),0))","v":0},"F","Serviço","Serviço","1.6.5.","SINAPI","102180","INSTALAÇÃO DE VIDRO TEMPERADO, E = 8 MM, ENCAIXADO EM PERFIL U. AF_01/2021_PS","M2",{"$f":"OFFSET(CÁLCULO!H$15,ROW($T54)-ROW(T$15),0)","v":0.96},467.81,"BDI 1",{"$f":"IF($C54=\"S\",ROUND(IF(TIPOORCAMENTO=\"Proposto\",ORÇAMENTO.CustoUnitario*(1+$AH54),ORÇAMENTO.PrecoUnitarioLicitado),15-13*$AF$10),0)","v":572.92999999999995},{"$f":"IF($C54=\"S\",IF(OR(Import.TipoArredondamento<>\"TransfereGOV\",ACOMPANHAMENTO=\"BM\"),VTOTAL1,SUM(OFFSET(CÁLCULO!$AA$15,ROW($X54)-ROW($X$15),1):OFFSET(CÁLCULO!$AL$15,ROW($X54)-ROW($X$15),-1))),IF($C54=0,0,ROUND(SomaAgrup,15-13*$AF$11)))","v":550.01},"RA","RA",{"$f":"IF($C54=\"S\",IF($Z54=\"CP\",$X54,IF($Z54=\"RA\",(($X54)*QCI!$AA$3),0)),SomaAgrup)","v":181.69513165048508},{"$f":"IF($C54=\"S\",IF($Z54=\"OU\",ROUND($X54,2),0),SomaAgrup)","v":0},{"$f":"IF($N54=\"\",\" \",\nIF(AND($C54<>\"S\",OR($R54=\"\",$R54=\"(digite a descrição aqui)\")),\"DESCRIÇÃO\",\nIF(AND($C54=\"S\",OR($Q54<>\"\",$T54>0,$U54>0),$P54=\"\"),\"FONTE\",\nIF(AND($C54=\"S\",$P54<>\"\",OR($T54>0,$U54>0),$Q54=\"\"),\"CÓDIGO\",\nIF(AND($C54=\"S\",$P54<>\"\",$Q54<>\"\",$R54=\"(Código não identificado nas referências)\"),\"CÓDIGO N/ID\",\nIF(AND($C54=\"S\",OR($R54=\"\",$R54=\"(digite a descrição aqui)\"),OR($Q54<>\"\",$T54>0,$U54>0)),\"DESCRIÇÃO\",\nIF(AND($C54=\"S\",$P54<>\"\",$Q54<>\"\",$S54=\"\"),\"UNIDADE\",\nIF(AND($C54=\"S\",$P54<>\"\",$Q54<>\"\",$U54=0),\"SEM CUSTO\",\nIF(AND(TIPOORCAMENTO=\"Licitado\",$AL54=0,$AN54>0),\"SEM PREÇO\",\nIF(AND($C54=\"S\",$P54<>\"\",$Q54<>\"\",$U54>0,AND($V54<>\"BDI 1\",$V54<>\"BDI 2\",$V54<>\"BDI 3\")),IF(ISNUMBER($V54),\"JUSTIFICAR BDI\",\"BDI\"),\nIF(OR(AND(import.recurso=\"OGU\",TIPOORCAMENTO=\"Proposto\",LEFT($O$8,5)<>\"(N/D:\",$AG54<>\"\",ORÇAMENTO.CustoUnitario>$AG54),AND(TIPOORCAMENTO=\"LICITADO\",ORÇAMENTO.PrecoUnitarioLicitado>$AN54)),\"ACIMA REF.\",\nIF(AND($C54=\"S\",$P54<>\"\",$Q54<>\"\",$T54=0,$U54>0),\"QUANT.\",\nIF(AND(Import.TipoArredondamento=\"TransfereGOV\",$L54=\"F\",$C54=\"S\",LEN($Q54)>13),\"Código >13\",\nIF(AND(Import.TipoArredondamento=\"TransfereGOV\",$L54=\"F\",$C54<>\"S\",LEN($R54)>100),\"Descrição >100\",\nIF(AND(Import.TipoArredondamento=\"TransfereGOV\",$L54=\"F\",$C54=\"S\",LEN($R54)>500),\"Descrição >500\",\nIF(AND(Import.TipoArredondamento=\"TransfereGOV\",$L54=\"F\",$C54=\"S\",LEFT(TRIM(UPPER($P54)),6)<>\"SINAPI\",ISNA(VLOOKUP(TRIM(UPPER($S54)),ListaTgov.Unidades,1,FALSE))),\"Unid. Não Disp\",\n\" \"))))))))))))))))","v":" "},{"$f":"IF(C54<=CRONO.NivelExibicao,MAX($AD$15:OFFSET(AD54,-1,0))+IF($C54<>1,1,MAX(1,COUNTIF(QCI!$A$13:$A$24,OFFSET($E54,-1,0)))),\"\")","v":""},{"$f":"IF(AND($C54=\"S\",ORÇAMENTO.CodBarra<>\"\"),IF(ORÇAMENTO.Fonte=\"\",ORÇAMENTO.CodBarra,CONCATENATE(ORÇAMENTO.Fonte,\" \",ORÇAMENTO.CodBarra)))","v":"SINAPI 102180"},{"$f":"IF(ISERROR(ORÇAMENTO.BancoRef),\"(abra o arquivo 'Referência \"&Excel_BuiltIn_Database&\".xlsm)\",IF(OR($C54<>\"S\",ORÇAMENTO.CodBarra=\"\"),\"(Sem Código)\",IF(ISERROR(MATCH($AE54,INDIRECT(ORÇAMENTO.BancoRef),0)),\"(Código não identificado nas referências)\",MATCH($AE54,INDIRECT(ORÇAMENTO.BancoRef),0))))","v":15579},{"$f":"ROUND(IF(DESONERACAO=\"sim\",REFERENCIA.Desonerado,REFERENCIA.NaoDesonerado),2)","v":467.81},0.22470000000000001,null,0.96,null,null,550.01,{"$f":"ROUND(ORÇAMENTO.CustoUnitario*(1+$AH54),2)","v":572.92999999999995}]
[2,2,2,15,{"$f":"IF($C55=1,OFFSET(E55,-1,0)+MAX(1,COUNTIF(QCI!$A$13:$A$24,OFFSET(ORÇAMENTO!E55,-1,0))),OFFSET(E55,-1,0))","v":1},7,0,0,0,85,{"$f":"IF(OR($C55=\"S\",$C55=0),0,MATCH(OFFSET($D55,0,$C55)+IF($C55<>1,1,COUNTIF(QCI!$A$13:$A$24,ORÇAMENTO!E55)),OFFSET($D55,1,$C55,ROW($C$140)-ROW($C55)),0))","v":15},"F","Nível 2","Nível 2","1.7.","SINAPI",null,"FUNDAÇÃO NOVOS PILARES METÁLICOS","-",{"$f":"OFFSET(CÁLCULO!H$15,ROW($T55)-ROW(T$15),0)","v":0},0,"BDI 1",{"$f":"IF($C55=\"S\",ROUND(IF(TIPOORCAMENTO=\"Proposto\",ORÇAMENTO.CustoUnitario*(1+$AH55),ORÇAMENTO.PrecoUnitarioLicitado),15-13*$AF$10),0)","v":0},{"$f":"IF($C55=\"S\",IF(OR(Import.TipoArredondamento<>\"TransfereGOV\",ACOMPANHAMENTO=\"BM\"),VTOTAL1,SUM(OFFSET(CÁLCULO!$AA$15,ROW($X55)-ROW($X$15),1):OFFSET(CÁLCULO!$AL$15,ROW($X55)-ROW($X$15),-1))),IF($C55=0,0,ROUND(SomaAgrup,15-13*$AF$11)))","v":20967.919999999998},"RA","",{"$f":"IF($C55=\"S\",IF($Z55=\"CP\",$X55,IF($Z55=\"RA\",(($X55)*QCI!$AA$3),0)),SomaAgrup)","v":6926.7267592168118},{"$f":"IF($C55=\"S\",IF($Z55=\"OU\",ROUND($X55,2),0),SomaAgrup)","v":0},{"$f":"IF($N55=\"\",\" \",\nIF(AND($C55<>\"S\",OR($R55=\"\",$R55=\"(digite a descrição aqui)\")),\"DESCRIÇÃO\",\nIF(AND($C55=\"S\",OR($Q55<>\"\",$T55>0,$U55>0),$P55=\"\"),\"FONTE\",\nIF(AND($C55=\"S\",$P55<>\"\",OR($T55>0,$U55>0),$Q55=\"\"),\"CÓDIGO\",\nIF(AND($C55=\"S\",$P55<>\"\",$Q55<>\"\",$R55=\"(Código não identificado nas referências)\"),\"CÓDIGO N/ID\",\nIF(AND($C55=\"S\",OR($R55=\"\",$R55=\"(digite a descrição aqui)\"),OR($Q55<>\"\",$T55>0,$U55>0)),\"DESCRIÇÃO\",\nIF(AND($C55=\"S\",$P55<>\"\",$Q55<>\"\",$S55=\"\"),\"UNIDADE\",\nIF(AND($C55=\"S\",$P55<>\"\",$Q55<>\"\",$U55=0),\"SEM CUSTO\",\nIF(AND(TIPOORCAMENTO=\"Licitado\",$AL55=0,$AN55>0),\"SEM PREÇO\",\nIF(AND($C55=\"S\",$P55<>\"\",$Q55<>\"\",$U55>0,AND($V55<>\"BDI 1\",$V55<>\"BDI 2\",$V55<>\"BDI 3\")),IF(ISNUMBER($V55),\"JUSTIFICAR BDI\",\"BDI\"),\nIF(OR(AND(import.recurso=\"OGU\",TIPOORCAMENTO=\"Proposto\",LEFT($O$8,5)<>\"(N/D:\",$AG55<>\"\",ORÇAMENTO.CustoUnitario>$AG55),AND(TIPOORCAMENTO=\"LICITADO\",ORÇAMENTO.PrecoUnitarioLicitado>$AN55)),\"ACIMA REF.\",\nIF(AND($C55=\"S\",$P55<>\"\",$Q55<>\"\",$T55=0,$U55>0),\"QUANT.\",\nIF(AND(Import.TipoArredondamento=\"TransfereGOV\",$L55=\"F\",$C55=\"S\",LEN($Q55)>13),\"Código >13\",\nIF(AND(Import.TipoArredondamento=\"TransfereGOV\",$L55=\"F\",$C55<>\"S\",LEN($R55)>100),\"Descrição >100\",\nIF(AND(Import.TipoArredondamento=\"TransfereGOV\",$L55=\"F\",$C55=\"S\",LEN($R55)>500),\"Descrição >500\",\nIF(AND(Import.TipoArredondamento=\"TransfereGOV\",$L55=\"F\",$C55=\"S\",LEFT(TRIM(UPPER($P55)),6)<>\"SINAPI\",ISNA(VLOOKUP(TRIM(UPPER($S55)),ListaTgov.Unidades,1,FALSE))),\"Unid. Não Disp\",\n\" \"))))))))))))))))","v":" "},{"$f":"IF(C55<=CRONO.NivelExibicao,MAX($AD$15:OFFSET(AD55,-1,0))+IF($C55<>1,1,MAX(1,COUNTIF(QCI!$A$13:$A$24,OFFSET($E55,-1,0)))),\"\")","v":8},{"$f":"IF(AND($C55=\"S\",ORÇAMENTO.CodBarra<>\"\"),IF(ORÇAMENTO.Fonte=\"\",ORÇAMENTO.CodBarra,CONCATENATE(ORÇAMENTO.Fonte,\" \",ORÇAMENTO.CodBarra)))","v":false},{"$f":"IF(ISERROR(ORÇAMENTO.BancoRef),\"(abra o arquivo 'Referência \"&Excel_BuiltIn_Database&\".xlsm)\",IF(OR($C55<>\"S\",ORÇAMENTO.CodBarra=\"\"),\"(Sem Código)\",IF(ISERROR(MATCH($AE55,INDIRECT(ORÇAMENTO.BancoRef),0)),\"(Código não identificado nas referências)\",MATCH($AE55,INDIRECT(ORÇAMENTO.BancoRef),0))))","v":"(Sem Código)"},{"$f":"ROUND(IF(DESONERACAO=\"sim\",REFERENCIA.Desonerado,REFERENCIA.NaoDesonerado),2)","v":0},0.22470000000000001,null,0,null,null,20967.919999999998,{"$f":"ROUND(ORÇAMENTO.CustoUnitario*(1+$AH55),2)","v":0}]
["S",2,"S",0,{"$f":"IF($C56=1,OFFSET(E56,-1,0)+MAX(1,COUNTIF(QCI!$A$13:$A$24,OFFSET(ORÇAMENTO!E56,-1,0))),OFFSET(E56,-1,0))","v":1},7,0,0,1,0,{"$f":"IF(OR($C56=\"S\",$C56=0),0,MATCH(OFFSET($D56,0,$C56)+IF($C56<>1,1,COUNTIF(QCI!$A$13:$A$24,ORÇAMENTO!E56)),OFFSET($D56,1,$C56,ROW($C$140)-ROW($C56)),0))","v":0},"F","Serviço","Serviço","1.7.1.","SINAPI","101175","ESTACA BROCA DE CONCRETO, DIÂMETRO DE 30CM, ESCAVAÇÃO MANUAL COM TRADO CONCHA, COM ARMADURA DE ARRANQUE. AF_05/2020","M",{"$f":"OFFSET(CÁLCULO!H$15,ROW($T56)-ROW(T$15),0)","v":60},112.86,"BDI 1",{"$f":"IF($C56=\"S\",ROUND(IF(TIPOORCAMENTO=\"Proposto\",ORÇAMENTO.CustoUnitario*(1+$AH56),ORÇAMENTO.PrecoUnitarioLicitado),15-13*$AF$10),0)","v":138.22},{"$f":"IF($C56=\"S\",IF(OR(Import.TipoArredondamento<>\"TransfereGOV\",ACOMPANHAMENTO=\"BM\"),VTOTAL1,SUM(OFFSET(CÁLCULO!$AA$15,ROW($X56)-ROW($X$15),1):OFFSET(CÁLCULO!$AL$15,ROW($X56)-ROW($X$15),-1))),IF($C56=0,0,ROUND(SomaAgrup,15-13*$AF$11)))","v":8293.2000000000007},"RA","RA",{"$f":"IF($C56=\"S\",IF($Z56=\"CP\",$X56,IF($Z56=\"RA\",(($X56)*QCI!$AA$3),0)),SomaAgrup)","v":2739.6484896707389},{"$f":"IF($C56=\"S\",IF($Z56=\"OU\",ROUND($X56,2),0),SomaAgrup)","v":0},{"$f":"IF($N56=\"\",\" \",\nIF(AND($C56<>\"S\",OR($R56=\"\",$R56=\"(digite a descrição aqui)\")),\"DESCRIÇÃO\",\nIF(AND($C56=\"S\",OR($Q56<>\"\",$T56>0,$U56>0),$P56=\"\"),\"FONTE\",\nIF(AND($C56=\"S\",$P56<>\"\",OR($T56>0,$U56>0),$Q56=\"\"),\"CÓDIGO\",\nIF(AND($C56=\"S\",$P56<>\"\",$Q56<>\"\",$R56=\"(Código não identificado nas referências)\"),\"CÓDIGO N/ID\",\nIF(AND($C56=\"S\",OR($R56=\"\",$R56=\"(digite a descrição aqui)\"),OR($Q56<>\"\",$T56>0,$U56>0)),\"DESCRIÇÃO\",\nIF(AND($C56=\"S\",$P56<>\"\",$Q56<>\"\",$S56=\"\"),\"UNIDADE\",\nIF(AND($C56=\"S\",$P56<>\"\",$Q56<>\"\",$U56=0),\"SEM CUSTO\",\nIF(AND(TIPOORCAMENTO=\"Licitado\",$AL56=0,$AN56>0),\"SEM PREÇO\",\nIF(AND($C56=\"S\",$P56<>\"\",$Q56<>\"\",$U56>0,AND($V56<>\"BDI 1\",$V56<>\"BDI 2\",$V56<>\"BDI 3\")),IF(ISNUMBER($V56),\"JUSTIFICAR BDI\",\"BDI\"),\nIF(OR(AND(import.recurso=\"OGU\",TIPOORCAMENTO=\"Proposto\",LEFT($O$8,5)<>\"(N/D:\",$AG56<>\"\",ORÇAMENTO.CustoUnitario>$AG56),AND(TIPOORCAMENTO=\"LICITADO\",ORÇAMENTO.PrecoUnitarioLicitado>$AN56)),\"ACIMA REF.\",\nIF(AND($C56=\"S\",$P56<>\"\",$Q56<>\"\",$T56=0,$U56>0),\"QUANT.\",\nIF(AND(Import.TipoArredondamento=\"TransfereGOV\",$L56=\"F\",$C56=\"S\",LEN($Q56)>13),\"Código >13\",\nIF(AND(Import.TipoArredondamento=\"TransfereGOV\",$L56=\"F\",$C56<>\"S\",LEN($R56)>100),\"Descrição >100\",\nIF(AND(Import.TipoArredondamento=\"TransfereGOV\",$L56=\"F\",$C56=\"S\",LEN($R56)>500),\"Descrição >500\",\nIF(AND(Import.TipoArredondamento=\"TransfereGOV\",$L56=\"F\",$C56=\"S\",LEFT(TRIM(UPPER($P56)),6)<>\"SINAPI\",ISNA(VLOOKUP(TRIM(UPPER($S56)),ListaTgov.Unidades,1,FALSE))),\"Unid. Não Disp\",\n\" \"))))))))))))))))","v":" "},{"$f":"IF(C56<=CRONO.NivelExibicao,MAX($AD$15:OFFSET(AD56,-1,0))+IF($C56<>1,1,MAX(1,COUNTIF(QCI!$A$13:$A$24,OFFSET($E56,-1,0)))),\"\")","v":""},{"$f":"IF(AND($C56=\"S\",ORÇAMENTO.CodBarra<>\"\"),IF(ORÇAMENTO.Fonte=\"\",ORÇAMENTO.CodBarra,CONCATENATE(ORÇAMENTO.Fonte,\" \",ORÇAMENTO.CodBarra)))","v":"SINAPI 101175"},{"$f":"IF(ISERROR(ORÇAMENTO.BancoRef),\"(abra o arquivo 'Referência \"&Excel_BuiltIn_Database&\".xlsm)\",IF(OR($C56<>\"S\",ORÇAMENTO.CodBarra=\"\"),\"(Sem Código)\",IF(ISERROR(MATCH($AE56,INDIRECT(ORÇAMENTO.BancoRef),0)),\"(Código não identificado nas referências)\",MATCH($AE56,INDIRECT(ORÇAMENTO.BancoRef),0))))","v":9605},{"$f":"ROUND(IF(DESONERACAO=\"sim\",REFERENCIA.Desonerado,REFERENCIA.NaoDesonerado),2)","v":112.86},0.22470000000000001,null,60,null,null,8293.2000000000007,{"$f":"ROUND(ORÇAMENTO.CustoUnitario*(1+$AH56),2)","v":138.22}]
["S",2,"S",0,{"$f":"IF($C57=1,OFFSET(E57,-1,0)+MAX(1,COUNTIF(QCI!$A$13:$A$24,OFFSET(ORÇAMENTO!E57,-1,0))),OFFSET(E57,-1,0))","v":1},7,0,0,2,0,{"$f":"IF(OR($C57=\"S\",$C57=0),0,MATCH(OFFSET($D57,0,$C57)+IF($C57<>1,1,COUNTIF(QCI!$A$13:$A$24,ORÇAMENTO!E57)),OFFSET($D57,1,$C57,ROW($C$140)-ROW($C57)),0))","v":0},"F","Serviço","Serviço","1.7.2.","SINAPI","95578","MONTAGEM DE ARMADURA DE ESTACAS, DIÂMETRO = 12,5 MM. AF_09/2021_PS","KG",{"$f":"OFFSET(CÁLCULO!H$15,ROW($T57)-ROW(T$15),0)","v":311.3},9.0299999999999994,"BDI 1",{"$f":"IF($C57=\"S\",ROUND(IF(TIPOORCAMENTO=\"Proposto\",ORÇAMENTO.CustoUnitario*(1+$AH57),ORÇAMENTO.PrecoUnitarioLicitado),15-13*$AF$10),0)","v":11.06},{"$f":"IF($C57=\"S\",IF(OR(Import.TipoArredondamento<>\"TransfereGOV\",ACOMPANHAMENTO=\"BM\"),VTOTAL1,SUM(OFFSET(CÁLCULO!$AA$15,ROW($X57)-ROW($X$15),1):OFFSET(CÁLCULO!$AL$15,ROW($X57)-ROW($X$15),-1))),IF($C57=0,0,ROUND(SomaAgrup,15-13*$AF$11)))","v":3442.98},"RA","RA",{"$f":"IF($C57=\"S\",IF($Z57=\"CP\",$X57,IF($Z57=\"RA\",(($X57)*QCI!$AA$3),0)),SomaAgrup)","v":1137.3842373229345},{"$f":"IF($C57=\"S\",IF($Z57=\"OU\",ROUND($X57,2),0),SomaAgrup)","v":0},{"$f":"IF($N57=\"\",\" \",\nIF(AND($C57<>\"S\",OR($R57=\"\",$R57=\"(digite a descrição aqui)\")),\"DESCRIÇÃO\",\nIF(AND($C57=\"S\",OR($Q57<>\"\",$T57>0,$U57>0),$P57=\"\"),\"FONTE\",\nIF(AND($C57=\"S\",$P57<>\"\",OR($T57>0,$U57>0),$Q57=\"\"),\"CÓDIGO\",\nIF(AND($C57=\"S\",$P57<>\"\",$Q57<>\"\",$R57=\"(Código não identificado nas referências)\"),\"CÓDIGO N/ID\",\nIF(AND($C57=\"S\",OR($R57=\"\",$R57=\"(digite a descrição aqui)\"),OR($Q57<>\"\",$T57>0,$U57>0)),\"DESCRIÇÃO\",\nIF(AND($C57=\"S\",$P57<>\"\",$Q57<>\"\",$S57=\"\"),\"UNIDADE\",\nIF(AND($C57=\"S\",$P57<>\"\",$Q57<>\"\",$U57=0),\"SEM CUSTO\",\nIF(AND(TIPOORCAMENTO=\"Licitado\",$AL57=0,$AN57>0),\"SEM PREÇO\",\nIF(AND($C57=\"S\",$P57<>\"\",$Q57<>\"\",$U57>0,AND($V57<>\"BDI 1\",$V57<>\"BDI 2\",$V57<>\"BDI 3\")),IF(ISNUMBER($V57),\"JUSTIFICAR BDI\",\"BDI\"),\nIF(OR(AND(import.recurso=\"OGU\",TIPOORCAMENTO=\"Proposto\",LEFT($O$8,5)<>\"(N/D:\",$AG57<>\"\",ORÇAMENTO.CustoUnitario>$AG57),AND(TIPOORCAMENTO=\"LICITADO\",ORÇAMENTO.PrecoUnitarioLicitado>$AN57)),\"ACIMA REF.\",\nIF(AND($C57=\"S\",$P57<>\"\",$Q57<>\"\",$T57=0,$U57>0),\"QUANT.\",\nIF(AND(Import.TipoArredondamento=\"TransfereGOV\",$L57=\"F\",$C57=\"S\",LEN($Q57)>13),\"Código >13\",\nIF(AND(Import.TipoArredondamento=\"TransfereGOV\",$L57=\"F\",$C57<>\"S\",LEN($R57)>100),\"Descrição >100\",\nIF(AND(Import.TipoArredondamento=\"TransfereGOV\",$L57=\"F\",$C57=\"S\",LEN($R57)>500),\"Descrição >500\",\nIF(AND(Import.TipoArredondamento=\"TransfereGOV\",$L57=\"F\",$C57=\"S\",LEFT(TRIM(UPPER($P57)),6)<>\"SINAPI\",ISNA(VLOOKUP(TRIM(UPPER($S57)),ListaTgov.Unidades,1,FALSE))),\"Unid. Não Disp\",\n\" \"))))))))))))))))","v":" "},{"$f":"IF(C57<=CRONO.NivelExibicao,MAX($AD$15:OFFSET(AD57,-1,0))+IF($C57<>1,1,MAX(1,COUNTIF(QCI!$A$13:$A$24,OFFSET($E57,-1,0)))),\"\")","v":""},{"$f":"IF(AND($C57=\"S\",ORÇAMENTO.CodBarra<>\"\"),IF(ORÇAMENTO.Fonte=\"\",ORÇAMENTO.CodBarra,CONCATENATE(ORÇAMENTO.Fonte,\" \",ORÇAMENTO.CodBarra)))","v":"SINAPI 95578"},{"$f":"IF(ISERROR(ORÇAMENTO.BancoRef),\"(abra o arquivo 'Referência \"&Excel_BuiltIn_Database&\".xlsm)\",IF(OR($C57<>\"S\",ORÇAMENTO.CodBarra=\"\"),\"(Sem Código)\",IF(ISERROR(MATCH($AE57,INDIRECT(ORÇAMENTO.BancoRef),0)),\"(Código não identificado nas referências)\",MATCH($AE57,INDIRECT(ORÇAMENTO.BancoRef),0))))","v":6291},{"$f":"ROUND(IF(DESONERACAO=\"sim\",REFERENCIA.Desonerado,REFERENCIA.NaoDesonerado),2)","v":9.0299999999999994},0.22470000000000001,null,311.3,null,null,3442.98,{"$f":"ROUND(ORÇAMENTO.CustoUnitario*(1+$AH57),2)","v":11.06}]
["S",2,"S",0,{"$f":"IF($C58=1,OFFSET(E58,-1,0)+MAX(1,COUNTIF(QCI!$A$13:$A$24,OFFSET(ORÇAMENTO!E58,-1,0))),OFFSET(E58,-1,0))","v":1},7,0,0,3,0,{"$f":"IF(OR($C58=\"S\",$C58=0),0,MATCH(OFFSET($D58,0,$C58)+IF($C58<>1,1,COUNTIF(QCI!$A$13:$A$24,ORÇAMENTO!E58)),OFFSET($D58,1,$C58,ROW($C$140)-ROW($C58)),0))","v":0},"F","Serviço","Serviço","1.7.3.","SINAPI","95584","MONTAGEM DE ARMADURA TRANSVERSAL DE ESTACAS DE SEÇÃO CIRCULAR, DIÂMETRO = 6,30 MM. AF_09/2021_PS","KG",{"$f":"OFFSET(CÁLCULO!H$15,ROW($T58)-ROW(T$15),0)","v":70.900000000000006},13.91,"BDI 1",{"$f":"IF($C58=\"S\",ROUND(IF(TIPOORCAMENTO=\"Proposto\",ORÇAMENTO.CustoUnitario*(1+$AH58),ORÇAMENTO.PrecoUnitarioLicitado),15-13*$AF$10),0)","v":17.04},{"$f":"IF($C58=\"S\",IF(OR(Import.TipoArredondamento<>\"TransfereGOV\",ACOMPANHAMENTO=\"BM\"),VTOTAL1,SUM(OFFSET(CÁLCULO!$AA$15,ROW($X58)-ROW($X$15),1):OFFSET(CÁLCULO!$AL$15,ROW($X58)-ROW($X$15),-1))),IF($C58=0,0,ROUND(SomaAgrup,15-13*$AF$11)))","v":1208.1400000000001},"RA","RA",{"$f":"IF($C58=\"S\",IF($Z58=\"CP\",$X58,IF($Z58=\"RA\",(($X58)*QCI!$AA$3),0)),SomaAgrup)","v":399.10757322997233},{"$f":"IF($C58=\"S\",IF($Z58=\"OU\",ROUND($X58,2),0),SomaAgrup)","v":0},{"$f":"IF($N58=\"\",\" \",\nIF(AND($C58<>\"S\",OR($R58=\"\",$R58=\"(digite a descrição aqui)\")),\"DESCRIÇÃO\",\nIF(AND($C58=\"S\",OR($Q58<>\"\",$T58>0,$U58>0),$P58=\"\"),\"FONTE\",\nIF(AND($C58=\"S\",$P58<>\"\",OR($T58>0,$U58>0),$Q58=\"\"),\"CÓDIGO\",\nIF(AND($C58=\"S\",$P58<>\"\",$Q58<>\"\",$R58=\"(Código não identificado nas referências)\"),\"CÓDIGO N/ID\",\nIF(AND($C58=\"S\",OR($R58=\"\",$R58=\"(digite a descrição aqui)\"),OR($Q58<>\"\",$T58>0,$U58>0)),\"DESCRIÇÃO\",\nIF(AND($C58=\"S\",$P58<>\"\",$Q58<>\"\",$S58=\"\"),\"UNIDADE\",\nIF(AND($C58=\"S\",$P58<>\"\",$Q58<>\"\",$U58=0),\"SEM CUSTO\",\nIF(AND(TIPOORCAMENTO=\"Licitado\",$AL58=0,$AN58>0),\"SEM PREÇO\",\nIF(AND($C58=\"S\",$P58<>\"\",$Q58<>\"\",$U58>0,AND($V58<>\"BDI 1\",$V58<>\"BDI 2\",$V58<>\"BDI 3\")),IF(ISNUMBER($V58),\"JUSTIFICAR BDI\",\"BDI\"),\nIF(OR(AND(import.recurso=\"OGU\",TIPOORCAMENTO=\"Proposto\",LEFT($O$8,5)<>\"(N/D:\",$AG58<>\"\",ORÇAMENTO.CustoUnitario>$AG58),AND(TIPOORCAMENTO=\"LICITADO\",ORÇAMENTO.PrecoUnitarioLicitado>$AN58)),\"ACIMA REF.\",\nIF(AND($C58=\"S\",$P58<>\"\",$Q58<>\"\",$T58=0,$U58>0),\"QUANT.\",\nIF(AND(Import.TipoArredondamento=\"TransfereGOV\",$L58=\"F\",$C58=\"S\",LEN($Q58)>13),\"Código >13\",\nIF(AND(Import.TipoArredondamento=\"TransfereGOV\",$L58=\"F\",$C58<>\"S\",LEN($R58)>100),\"Descrição >100\",\nIF(AND(Import.TipoArredondamento=\"TransfereGOV\",$L58=\"F\",$C58=\"S\",LEN($R58)>500),\"Descrição >500\",\nIF(AND(Import.TipoArredondamento=\"TransfereGOV\",$L58=\"F\",$C58=\"S\",LEFT(TRIM(UPPER($P58)),6)<>\"SINAPI\",ISNA(VLOOKUP(TRIM(UPPER($S58)),ListaTgov.Unidades,1,FALSE))),\"Unid. Não Disp\",\n\" \"))))))))))))))))","v":" "},{"$f":"IF(C58<=CRONO.NivelExibicao,MAX($AD$15:OFFSET(AD58,-1,0))+IF($C58<>1,1,MAX(1,COUNTIF(QCI!$A$13:$A$24,OFFSET($E58,-1,0)))),\"\")","v":""},{"$f":"IF(AND($C58=\"S\",ORÇAMENTO.CodBarra<>\"\"),IF(ORÇAMENTO.Fonte=\"\",ORÇAMENTO.CodBarra,CONCATENATE(ORÇAMENTO.Fonte,\" \",ORÇAMENTO.CodBarra)))","v":"SINAPI 95584"},{"$f":"IF(ISERROR(ORÇAMENTO.BancoRef),\"(abra o arquivo 'Referência \"&Excel_BuiltIn_Database&\".xlsm)\",IF(OR($C58<>\"S\",ORÇAMENTO.CodBarra=\"\"),\"(Sem Código)\",IF(ISERROR(MATCH($AE58,INDIRECT(ORÇAMENTO.BancoRef),0)),\"(Código não identificado nas referências)\",MATCH($AE58,INDIRECT(ORÇAMENTO.BancoRef),0))))","v":6298},{"$f":"ROUND(IF(DESONERACAO=\"sim\",REFERENCIA.Desonerado,REFERENCIA.NaoDesonerado),2)","v":13.91},0.22470000000000001,null,70.900000000000006,null,null,1208.1400000000001,{"$f":"ROUND(ORÇAMENTO.CustoUnitario*(1+$AH58),2)","v":17.04}]
["S",2,"S",0,{"$f":"IF($C59=1,OFFSET(E59,-1,0)+MAX(1,COUNTIF(QCI!$A$13:$A$24,OFFSET(ORÇAMENTO!E59,-1,0))),OFFSET(E59,-1,0))","v":1},7,0,0,4,0,{"$f":"IF(OR($C59=\"S\",$C59=0),0,MATCH(OFFSET($D59,0,$C59)+IF($C59<>1,1,COUNTIF(QCI!$A$13:$A$24,ORÇAMENTO!E59)),OFFSET($D59,1,$C59,ROW($C$140)-ROW($C59)),0))","v":0},"F","Serviço","Serviço","1.7.4.","SINAPI","95601","ARRASAMENTO MECANICO DE ESTACA DE CONCRETO ARMADO, DIAMETROS DE ATÉ 40 CM. AF_05/2021","UN",{"$f":"OFFSET(CÁLCULO!H$15,ROW($T59)-ROW(T$15),0)","v":6},17.420000000000002,"BDI 1",{"$f":"IF($C59=\"S\",ROUND(IF(TIPOORCAMENTO=\"Proposto\",ORÇAMENTO.CustoUnitario*(1+$AH59),ORÇAMENTO.PrecoUnitarioLicitado),15-13*$AF$10),0)","v":21.33},{"$f":"IF($C59=\"S\",IF(OR(Import.TipoArredondamento<>\"TransfereGOV\",ACOMPANHAMENTO=\"BM\"),VTOTAL1,SUM(OFFSET(CÁLCULO!$AA$15,ROW($X59)-ROW($X$15),1):OFFSET(CÁLCULO!$AL$15,ROW($X59)-ROW($X$15),-1))),IF($C59=0,0,ROUND(SomaAgrup,15-13*$AF$11)))","v":127.98},"RA","RA",{"$f":"IF($C59=\"S\",IF($Z59=\"CP\",$X59,IF($Z59=\"RA\",(($X59)*QCI!$AA$3),0)),SomaAgrup)","v":42.278036669567975},{"$f":"IF($C59=\"S\",IF($Z59=\"OU\",ROUND($X59,2),0),SomaAgrup)","v":0},{"$f":"IF($N59=\"\",\" \",\nIF(AND($C59<>\"S\",OR($R59=\"\",$R59=\"(digite a descrição aqui)\")),\"DESCRIÇÃO\",\nIF(AND($C59=\"S\",OR($Q59<>\"\",$T59>0,$U59>0),$P59=\"\"),\"FONTE\",\nIF(AND($C59=\"S\",$P59<>\"\",OR($T59>0,$U59>0),$Q59=\"\"),\"CÓDIGO\",\nIF(AND($C59=\"S\",$P59<>\"\",$Q59<>\"\",$R59=\"(Código não identificado nas referências)\"),\"CÓDIGO N/ID\",\nIF(AND($C59=\"S\",OR($R59=\"\",$R59=\"(digite a descrição aqui)\"),OR($Q59<>\"\",$T59>0,$U59>0)),\"DESCRIÇÃO\",\nIF(AND($C59=\"S\",$P59<>\"\",$Q59<>\"\",$S59=\"\"),\"UNIDADE\",\nIF(AND($C59=\"S\",$P59<>\"\",$Q59<>\"\",$U59=0),\"SEM CUSTO\",\nIF(AND(TIPOORCAMENTO=\"Licitado\",$AL59=0,$AN59>0),\"SEM PREÇO\",\nIF(AND($C59=\"S\",$P59<>\"\",$Q59<>\"\",$U59>0,AND($V59<>\"BDI 1\",$V59<>\"BDI 2\",$V59<>\"BDI 3\")),IF(ISNUMBER($V59),\"JUSTIFICAR BDI\",\"BDI\"),\nIF(OR(AND(import.recurso=\"OGU\",TIPOORCAMENTO=\"Proposto\",LEFT($O$8,5)<>\"(N/D:\",$AG59<>\"\",ORÇAMENTO.CustoUnitario>$AG59),AND(TIPOORCAMENTO=\"LICITADO\",ORÇAMENTO.PrecoUnitarioLicitado>$AN59)),\"ACIMA REF.\",\nIF(AND($C59=\"S\",$P59<>\"\",$Q59<>\"\",$T59=0,$U59>0),\"QUANT.\",\nIF(AND(Import.TipoArredondamento=\"TransfereGOV\",$L59=\"F\",$C59=\"S\",LEN($Q59)>13),\"Código >13\",\nIF(AND(Import.TipoArredondamento=\"TransfereGOV\",$L59=\"F\",$C59<>\"S\",LEN($R59)>100),\"Descrição >100\",\nIF(AND(Import.TipoArredondamento=\"TransfereGOV\",$L59=\"F\",$C59=\"S\",LEN($R59)>500),\"Descrição >500\",\nIF(AND(Import.TipoArredondamento=\"TransfereGOV\",$L59=\"F\",$C59=\"S\",LEFT(TRIM(UPPER($P59)),6)<>\"SINAPI\",ISNA(VLOOKUP(TRIM(UPPER($S59)),ListaTgov.Unidades,1,FALSE))),\"Unid. Não Disp\",\n\" \"))))))))))))))))","v":" "},{"$f":"IF(C59<=CRONO.NivelExibicao,MAX($AD$15:OFFSET(AD59,-1,0))+IF($C59<>1,1,MAX(1,COUNTIF(QCI!$A$13:$A$24,OFFSET($E59,-1,0)))),\"\")","v":""},{"$f":"IF(AND($C59=\"S\",ORÇAMENTO.CodBarra<>\"\"),IF(ORÇAMENTO.Fonte=\"\",ORÇAMENTO.CodBarra,CONCATENATE(ORÇAMENTO.Fonte,\" \",ORÇAMENTO.CodBarra)))","v":"SINAPI 95601"},{"$f":"IF(ISERROR(ORÇAMENTO.BancoRef),\"(abra o arquivo 'Referência \"&Excel_BuiltIn_Database&\".xlsm)\",IF(OR($C59<>\"S\",ORÇAMENTO.CodBarra=\"\"),\"(Sem Código)\",IF(ISERROR(MATCH($AE59,INDIRECT(ORÇAMENTO.BancoRef),0)),\"(Código não identificado nas referências)\",MATCH($AE59,INDIRECT(ORÇAMENTO.BancoRef),0))))","v":6361},{"$f":"ROUND(IF(DESONERACAO=\"sim\",REFERENCIA.Desonerado,REFERENCIA.NaoDesonerado),2)","v":17.420000000000002},0.22470000000000001,null,6,null,null,127.98,{"$f":"ROUND(ORÇAMENTO.CustoUnitario*(1+$AH59),2)","v":21.33}]
["S",2,"S",0,{"$f":"IF($C60=1,OFFSET(E60,-1,0)+MAX(1,COUNTIF(QCI!$A$13:$A$24,OFFSET(ORÇAMENTO!E60,-1,0))),OFFSET(E60,-1,0))","v":1},7,0,0,5,0,{"$f":"IF(OR($C60=\"S\",$C60=0),0,MATCH(OFFSET($D60,0,$C60)+IF($C60<>1,1,COUNTIF(QCI!$A$13:$A$24,ORÇAMENTO!E60)),OFFSET($D60,1,$C60,ROW($C$140)-ROW($C60)),0))","v":0},"F","Serviço","Serviço","1.7.5.","SINAPI","96523","ESCAVAÇÃO MANUAL PARA BLOCO DE COROAMENTO OU SAPATA (INCLUINDO ESCAVAÇÃO PARA COLOCAÇÃO DE FÔRMAS). AF_01/2024","M3",{"$f":"OFFSET(CÁLCULO!H$15,ROW($T60)-ROW(T$15),0)","v":4.3},89.7,"BDI 1",{"$f":"IF($C60=\"S\",ROUND(IF(TIPOORCAMENTO=\"Proposto\",ORÇAMENTO.CustoUnitario*(1+$AH60),ORÇAMENTO.PrecoUnitarioLicitado),15-13*$AF$10),0)","v":109.86},{"$f":"IF($C60=\"S\",IF(OR(Import.TipoArredondamento<>\"TransfereGOV\",ACOMPANHAMENTO=\"BM\"),VTOTAL1,SUM(OFFSET(CÁLCULO!$AA$15,ROW($X60)-ROW($X$15),1):OFFSET(CÁLCULO!$AL$15,ROW($X60)-ROW($X$15),-1))),IF($C60=0,0,ROUND(SomaAgrup,15-13*$AF$11)))","v":472.4},"RA","RA",{"$f":"IF($C60=\"S\",IF($Z60=\"CP\",$X60,IF($Z60=\"RA\",(($X60)*QCI!$AA$3),0)),SomaAgrup)","v":156.05676295283567},{"$f":"IF($C60=\"S\",IF($Z60=\"OU\",ROUND($X60,2),0),SomaAgrup)","v":0},{"$f":"IF($N60=\"\",\" \",\nIF(AND($C60<>\"S\",OR($R60=\"\",$R60=\"(digite a descrição aqui)\")),\"DESCRIÇÃO\",\nIF(AND($C60=\"S\",OR($Q60<>\"\",$T60>0,$U60>0),$P60=\"\"),\"FONTE\",\nIF(AND($C60=\"S\",$P60<>\"\",OR($T60>0,$U60>0),$Q60=\"\"),\"CÓDIGO\",\nIF(AND($C60=\"S\",$P60<>\"\",$Q60<>\"\",$R60=\"(Código não identificado nas referências)\"),\"CÓDIGO N/ID\",\nIF(AND($C60=\"S\",OR($R60=\"\",$R60=\"(digite a descrição aqui)\"),OR($Q60<>\"\",$T60>0,$U60>0)),\"DESCRIÇÃO\",\nIF(AND($C60=\"S\",$P60<>\"\",$Q60<>\"\",$S60=\"\"),\"UNIDADE\",\nIF(AND($C60=\"S\",$P60<>\"\",$Q60<>\"\",$U60=0),\"SEM CUSTO\",\nIF(AND(TIPOORCAMENTO=\"Licitado\",$AL60=0,$AN60>0),\"SEM PREÇO\",\nIF(AND($C60=\"S\",$P60<>\"\",$Q60<>\"\",$U60>0,AND($V60<>\"BDI 1\",$V60<>\"BDI 2\",$V60<>\"BDI 3\")),IF(ISNUMBER($V60),\"JUSTIFICAR BDI\",\"BDI\"),\nIF(OR(AND(import.recurso=\"OGU\",TIPOORCAMENTO=\"Proposto\",LEFT($O$8,5)<>\"(N/D:\",$AG60<>\"\",ORÇAMENTO.CustoUnitario>$AG60),AND(TIPOORCAMENTO=\"LICITADO\",ORÇAMENTO.PrecoUnitarioLicitado>$AN60)),\"ACIMA REF.\",\nIF(AND($C60=\"S\",$P60<>\"\",$Q60<>\"\",$T60=0,$U60>0),\"QUANT.\",\nIF(AND(Import.TipoArredondamento=\"TransfereGOV\",$L60=\"F\",$C60=\"S\",LEN($Q60)>13),\"Código >13\",\nIF(AND(Import.TipoArredondamento=\"TransfereGOV\",$L60=\"F\",$C60<>\"S\",LEN($R60)>100),\"Descrição >100\",\nIF(AND(Import.TipoArredondamento=\"TransfereGOV\",$L60=\"F\",$C60=\"S\",LEN($R60)>500),\"Descrição >500\",\nIF(AND(Import.TipoArredondamento=\"TransfereGOV\",$L60=\"F\",$C60=\"S\",LEFT(TRIM(UPPER($P60)),6)<>\"SINAPI\",ISNA(VLOOKUP(TRIM(UPPER($S60)),ListaTgov.Unidades,1,FALSE))),\"Unid. Não Disp\",\n\" \"))))))))))))))))","v":" "},{"$f":"IF(C60<=CRONO.NivelExibicao,MAX($AD$15:OFFSET(AD60,-1,0))+IF($C60<>1,1,MAX(1,COUNTIF(QCI!$A$13:$A$24,OFFSET($E60,-1,0)))),\"\")","v":""},{"$f":"IF(AND($C60=\"S\",ORÇAMENTO.CodBarra<>\"\"),IF(ORÇAMENTO.Fonte=\"\",ORÇAMENTO.CodBarra,CONCATENATE(ORÇAMENTO.Fonte,\" \",ORÇAMENTO.CodBarra)))","v":"SINAPI 96523"},{"$f":"IF(ISERROR(ORÇAMENTO.BancoRef),\"(abra o arquivo 'Referência \"&Excel_BuiltIn_Database&\".xlsm)\",IF(OR($C60<>\"S\",ORÇAMENTO.CodBarra=\"\"),\"(Sem Código)\",IF(ISERROR(MATCH($AE60,INDIRECT(ORÇAMENTO.BancoRef),0)),\"(Código não identificado nas referências)\",MATCH($AE60,INDIRECT(ORÇAMENTO.BancoRef),0))))","v":10014},{"$f":"ROUND(IF(DESONERACAO=\"sim\",REFERENCIA.Desonerado,REFERENCIA.NaoDesonerado),2)","v":89.7},0.22470000000000001,null,4.3040000000000003,null,null,472.4,{"$f":"ROUND(ORÇAMENTO.CustoUnitario*(1+$AH60),2)","v":109.86}]
["S",2,"S",0,{"$f":"IF($C61=1,OFFSET(E61,-1,0)+MAX(1,COUNTIF(QCI!$A$13:$A$24,OFFSET(ORÇAMENTO!E61,-1,0))),OFFSET(E61,-1,0))","v":1},7,0,0,6,0,{"$f":"IF(OR($C61=\"S\",$C61=0),0,MATCH(OFFSET($D61,0,$C61)+IF($C61<>1,1,COUNTIF(QCI!$A$13:$A$24,ORÇAMENTO!E61)),OFFSET($D61,1,$C61,ROW($C$140)-ROW($C61)),0))","v":0},"F","Serviço","Serviço","1.7.6.","SINAPI","96617","LASTRO DE CONCRETO MAGRO, APLICADO EM BLOCOS DE COROAMENTO OU SAPATAS, ESPESSURA DE 3 CM. AF_01/2024","M2",{"$f":"OFFSET(CÁLCULO!H$15,ROW($T61)-ROW(T$15),0)","v":2.88},18.75,"BDI 1",{"$f":"IF($C61=\"S\",ROUND(IF(TIPOORCAMENTO=\"Proposto\",ORÇAMENTO.CustoUnitario*(1+$AH61),ORÇAMENTO.PrecoUnitarioLicitado),15-13*$AF$10),0)","v":22.96},{"$f":"IF($C61=\"S\",IF(OR(Import.TipoArredondamento<>\"TransfereGOV\",ACOMPANHAMENTO=\"BM\"),VTOTAL1,SUM(OFFSET(CÁLCULO!$AA$15,ROW($X61)-ROW($X$15),1):OFFSET(CÁLCULO!$AL$15,ROW($X61)-ROW($X$15),-1))),IF($C61=0,0,ROUND(SomaAgrup,15-13*$AF$11)))","v":66.12},"RA","RA",{"$f":"IF($C61=\"S\",IF($Z61=\"CP\",$X61,IF($Z61=\"RA\",(($X61)*QCI!$AA$3),0)),SomaAgrup)","v":21.842661232941357},{"$f":"IF($C61=\"S\",IF($Z61=\"OU\",ROUND($X61,2),0),SomaAgrup)","v":0},{"$f":"IF($N61=\"\",\" \",\nIF(AND($C61<>\"S\",OR($R61=\"\",$R61=\"(digite a descrição aqui)\")),\"DESCRIÇÃO\",\nIF(AND($C61=\"S\",OR($Q61<>\"\",$T61>0,$U61>0),$P61=\"\"),\"FONTE\",\nIF(AND($C61=\"S\",$P61<>\"\",OR($T61>0,$U61>0),$Q61=\"\"),\"CÓDIGO\",\nIF(AND($C61=\"S\",$P61<>\"\",$Q61<>\"\",$R61=\"(Código não identificado nas referências)\"),\"CÓDIGO N/ID\",\nIF(AND($C61=\"S\",OR($R61=\"\",$R61=\"(digite a descrição aqui)\"),OR($Q61<>\"\",$T61>0,$U61>0)),\"DESCRIÇÃO\",\nIF(AND($C61=\"S\",$P61<>\"\",$Q61<>\"\",$S61=\"\"),\"UNIDADE\",\nIF(AND($C61=\"S\",$P61<>\"\",$Q61<>\"\",$U61=0),\"SEM CUSTO\",\nIF(AND(TIPOORCAMENTO=\"Licitado\",$AL61=0,$AN61>0),\"SEM PREÇO\",\nIF(AND($C61=\"S\",$P61<>\"\",$Q61<>\"\",$U61>0,AND($V61<>\"BDI 1\",$V61<>\"BDI 2\",$V61<>\"BDI 3\")),IF(ISNUMBER($V61),\"JUSTIFICAR BDI\",\"BDI\"),\nIF(OR(AND(import.recurso=\"OGU\",TIPOORCAMENTO=\"Proposto\",LEFT($O$8,5)<>\"(N/D:\",$AG61<>\"\",ORÇAMENTO.CustoUnitario>$AG61),AND(TIPOORCAMENTO=\"LICITADO\",ORÇAMENTO.PrecoUnitarioLicitado>$AN61)),\"ACIMA REF.\",\nIF(AND($C61=\"S\",$P61<>\"\",$Q61<>\"\",$T61=0,$U61>0),\"QUANT.\",\nIF(AND(Import.TipoArredondamento=\"TransfereGOV\",$L61=\"F\",$C61=\"S\",LEN($Q61)>13),\"Código >13\",\nIF(AND(Import.TipoArredondamento=\"TransfereGOV\",$L61=\"F\",$C61<>\"S\",LEN($R61)>100),\"Descrição >100\",\nIF(AND(Import.TipoArredondamento=\"TransfereGOV\",$L61=\"F\",$C61=\"S\",LEN($R61)>500),\"Descrição >500\",\nIF(AND(Import.TipoArredondamento=\"TransfereGOV\",$L61=\"F\",$C61=\"S\",LEFT(TRIM(UPPER($P61)),6)<>\"SINAPI\",ISNA(VLOOKUP(TRIM(UPPER($S61)),ListaTgov.Unidades,1,FALSE))),\"Unid. Não Disp\",\n\" \"))))))))))))))))","v":" "},{"$f":"IF(C61<=CRONO.NivelExibicao,MAX($AD$15:OFFSET(AD61,-1,0))+IF($C61<>1,1,MAX(1,COUNTIF(QCI!$A$13:$A$24,OFFSET($E61,-1,0)))),\"\")","v":""},{"$f":"IF(AND($C61=\"S\",ORÇAMENTO.CodBarra<>\"\"),IF(ORÇAMENTO.Fonte=\"\",ORÇAMENTO.CodBarra,CONCATENATE(ORÇAMENTO.Fonte,\" \",ORÇAMENTO.CodBarra)))","v":"SINAPI 96617"},{"$f":"IF(ISERROR(ORÇAMENTO.BancoRef),\"(abra o arquivo 'Referência \"&Excel_BuiltIn_Database&\".xlsm)\",IF(OR($C61<>\"S\",ORÇAMENTO.CodBarra=\"\"),\"(Sem Código)\",IF(ISERROR(MATCH($AE61,INDIRECT(ORÇAMENTO.BancoRef),0)),\"(Código não identificado nas referências)\",MATCH($AE61,INDIRECT(ORÇAMENTO.BancoRef),0))))","v":12707},{"$f":"ROUND(IF(DESONERACAO=\"sim\",REFERENCIA.Desonerado,REFERENCIA.NaoDesonerado),2)","v":18.75},0.22470000000000001,null,2.88,null,null,66.12,{"$f":"ROUND(ORÇAMENTO.CustoUnitario*(1+$AH61),2)","v":22.96}]
["S",2,"S",0,{"$f":"IF($C62=1,OFFSET(E62,-1,0)+MAX(1,COUNTIF(QCI!$A$13:$A$24,OFFSET(ORÇAMENTO!E62,-1,0))),OFFSET(E62,-1,0))","v":1},7,0,0,7,0,{"$f":"IF(OR($C62=\"S\",$C62=0),0,MATCH(OFFSET($D62,0,$C62)+IF($C62<>1,1,COUNTIF(QCI!$A$13:$A$24,ORÇAMENTO!E62)),OFFSET($D62,1,$C62,ROW($C$140)-ROW($C62)),0))","v":0},"F","Serviço","Serviço","1.7.7.","SINAPI","96534","FABRICAÇÃO, MONTAGEM E DESMONTAGEM DE FÔRMA PARA BLOCO DE COROAMENTO, EM MADEIRA SERRADA, E=25 MM, 4 UTILIZAÇÕES. AF_01/2024","M2",{"$f":"OFFSET(CÁLCULO!H$15,ROW($T62)-ROW(T$15),0)","v":13.95},69.040000000000006,"BDI 1",{"$f":"IF($C62=\"S\",ROUND(IF(TIPOORCAMENTO=\"Proposto\",ORÇAMENTO.CustoUnitario*(1+$AH62),ORÇAMENTO.PrecoUnitarioLicitado),15-13*$AF$10),0)","v":84.55},{"$f":"IF($C62=\"S\",IF(OR(Import.TipoArredondamento<>\"TransfereGOV\",ACOMPANHAMENTO=\"BM\"),VTOTAL1,SUM(OFFSET(CÁLCULO!$AA$15,ROW($X62)-ROW($X$15),1):OFFSET(CÁLCULO!$AL$15,ROW($X62)-ROW($X$15),-1))),IF($C62=0,0,ROUND(SomaAgrup,15-13*$AF$11)))","v":1179.47},"RA","RA",{"$f":"IF($C62=\"S\",IF($Z62=\"CP\",$X62,IF($Z62=\"RA\",(($X62)*QCI!$AA$3),0)),SomaAgrup)","v":389.63647375101846},{"$f":"IF($C62=\"S\",IF($Z62=\"OU\",ROUND($X62,2),0),SomaAgrup)","v":0},{"$f":"IF($N62=\"\",\" \",\nIF(AND($C62<>\"S\",OR($R62=\"\",$R62=\"(digite a descrição aqui)\")),\"DESCRIÇÃO\",\nIF(AND($C62=\"S\",OR($Q62<>\"\",$T62>0,$U62>0),$P62=\"\"),\"FONTE\",\nIF(AND($C62=\"S\",$P62<>\"\",OR($T62>0,$U62>0),$Q62=\"\"),\"CÓDIGO\",\nIF(AND($C62=\"S\",$P62<>\"\",$Q62<>\"\",$R62=\"(Código não identificado nas referências)\"),\"CÓDIGO N/ID\",\nIF(AND($C62=\"S\",OR($R62=\"\",$R62=\"(digite a descrição aqui)\"),OR($Q62<>\"\",$T62>0,$U62>0)),\"DESCRIÇÃO\",\nIF(AND($C62=\"S\",$P62<>\"\",$Q62<>\"\",$S62=\"\"),\"UNIDADE\",\nIF(AND($C62=\"S\",$P62<>\"\",$Q62<>\"\",$U62=0),\"SEM CUSTO\",\nIF(AND(TIPOORCAMENTO=\"Licitado\",$AL62=0,$AN62>0),\"SEM PREÇO\",\nIF(AND($C62=\"S\",$P62<>\"\",$Q62<>\"\",$U62>0,AND($V62<>\"BDI 1\",$V62<>\"BDI 2\",$V62<>\"BDI 3\")),IF(ISNUMBER($V62),\"JUSTIFICAR BDI\",\"BDI\"),\nIF(OR(AND(import.recurso=\"OGU\",TIPOORCAMENTO=\"Proposto\",LEFT($O$8,5)<>\"(N/D:\",$AG62<>\"\",ORÇAMENTO.CustoUnitario>$AG62),AND(TIPOORCAMENTO=\"LICITADO\",ORÇAMENTO.PrecoUnitarioLicitado>$AN62)),\"ACIMA REF.\",\nIF(AND($C62=\"S\",$P62<>\"\",$Q62<>\"\",$T62=0,$U62>0),\"QUANT.\",\nIF(AND(Import.TipoArredondamento=\"TransfereGOV\",$L62=\"F\",$C62=\"S\",LEN($Q62)>13),\"Código >13\",\nIF(AND(Import.TipoArredondamento=\"TransfereGOV\",$L62=\"F\",$C62<>\"S\",LEN($R62)>100),\"Descrição >100\",\nIF(AND(Import.TipoArredondamento=\"TransfereGOV\",$L62=\"F\",$C62=\"S\",LEN($R62)>500),\"Descrição >500\",\nIF(AND(Import.TipoArredondamento=\"TransfereGOV\",$L62=\"F\",$C62=\"S\",LEFT(TRIM(UPPER($P62)),6)<>\"SINAPI\",ISNA(VLOOKUP(TRIM(UPPER($S62)),ListaTgov.Unidades,1,FALSE))),\"Unid. Não Disp\",\n\" \"))))))))))))))))","v":" "},{"$f":"IF(C62<=CRONO.NivelExibicao,MAX($AD$15:OFFSET(AD62,-1,0))+IF($C62<>1,1,MAX(1,COUNTIF(QCI!$A$13:$A$24,OFFSET($E62,-1,0)))),\"\")","v":""},{"$f":"IF(AND($C62=\"S\",ORÇAMENTO.CodBarra<>\"\"),IF(ORÇAMENTO.Fonte=\"\",ORÇAMENTO.CodBarra,CONCATENATE(ORÇAMENTO.Fonte,\" \",ORÇAMENTO.CodBarra)))","v":"SINAPI 96534"},{"$f":"IF(ISERROR(ORÇAMENTO.BancoRef),\"(abra o arquivo 'Referência \"&Excel_BuiltIn_Database&\".xlsm)\",IF(OR($C62<>\"S\",ORÇAMENTO.CodBarra=\"\"),\"(Sem Código)\",IF(ISERROR(MATCH($AE62,INDIRECT(ORÇAMENTO.BancoRef),0)),\"(Código não identificado nas referências)\",MATCH($AE62,INDIRECT(ORÇAMENTO.BancoRef),0))))","v":10026},{"$f":"ROUND(IF(DESONERACAO=\"sim\",REFERENCIA.Desonerado,REFERENCIA.NaoDesonerado),2)","v":69.040000000000006},0.22470000000000001,null,13.95,null,null,1179.47,{"$f":"ROUND(ORÇAMENTO.CustoUnitario*(1+$AH62),2)","v":84.55}]
["S",2,"S",0,{"$f":"IF($C63=1,OFFSET(E63,-1,0)+MAX(1,COUNTIF(QCI!$A$13:$A$24,OFFSET(ORÇAMENTO!E63,-1,0))),OFFSET(E63,-1,0))","v":1},7,0,0,8,0,{"$f":"IF(OR($C63=\"S\",$C63=0),0,MATCH(OFFSET($D63,0,$C63)+IF($C63<>1,1,COUNTIF(QCI!$A$13:$A$24,ORÇAMENTO!E63)),OFFSET($D63,1,$C63,ROW($C$140)-ROW($C63)),0))","v":0},"F","Serviço","Serviço","1.7.8.","SINAPI","96543","ARMAÇÃO DE BLOCO UTILIZANDO AÇO CA-60 DE 5 MM - MONTAGEM. AF_01/2024","KG",{"$f":"OFFSET(CÁLCULO!H$15,ROW($T63)-ROW(T$15),0)","v":19.3},19.28,"BDI 1",{"$f":"IF($C63=\"S\",ROUND(IF(TIPOORCAMENTO=\"Proposto\",ORÇAMENTO.CustoUnitario*(1+$AH63),ORÇAMENTO.PrecoUnitarioLicitado),15-13*$AF$10),0)","v":23.61},{"$f":"IF($C63=\"S\",IF(OR(Import.TipoArredondamento<>\"TransfereGOV\",ACOMPANHAMENTO=\"BM\"),VTOTAL1,SUM(OFFSET(CÁLCULO!$AA$15,ROW($X63)-ROW($X$15),1):OFFSET(CÁLCULO!$AL$15,ROW($X63)-ROW($X$15),-1))),IF($C63=0,0,ROUND(SomaAgrup,15-13*$AF$11)))","v":455.67},"RA","RA",{"$f":"IF($C63=\"S\",IF($Z63=\"CP\",$X63,IF($Z63=\"RA\",(($X63)*QCI!$AA$3),0)),SomaAgrup)","v":150.53002788890484},{"$f":"IF($C63=\"S\",IF($Z63=\"OU\",ROUND($X63,2),0),SomaAgrup)","v":0},{"$f":"IF($N63=\"\",\" \",\nIF(AND($C63<>\"S\",OR($R63=\"\",$R63=\"(digite a descrição aqui)\")),\"DESCRIÇÃO\",\nIF(AND($C63=\"S\",OR($Q63<>\"\",$T63>0,$U63>0),$P63=\"\"),\"FONTE\",\nIF(AND($C63=\"S\",$P63<>\"\",OR($T63>0,$U63>0),$Q63=\"\"),\"CÓDIGO\",\nIF(AND($C63=\"S\",$P63<>\"\",$Q63<>\"\",$R63=\"(Código não identificado nas referências)\"),\"CÓDIGO N/ID\",\nIF(AND($C63=\"S\",OR($R63=\"\",$R63=\"(digite a descrição aqui)\"),OR($Q63<>\"\",$T63>0,$U63>0)),\"DESCRIÇÃO\",\nIF(AND($C63=\"S\",$P63<>\"\",$Q63<>\"\",$S63=\"\"),\"UNIDADE\",\nIF(AND($C63=\"S\",$P63<>\"\",$Q63<>\"\",$U63=0),\"SEM CUSTO\",\nIF(AND(TIPOORCAMENTO=\"Licitado\",$AL63=0,$AN63>0),\"SEM PREÇO\",\nIF(AND($C63=\"S\",$P63<>\"\",$Q63<>\"\",$U63>0,AND($V63<>\"BDI 1\",$V63<>\"BDI 2\",$V63<>\"BDI 3\")),IF(ISNUMBER($V63),\"JUSTIFICAR BDI\",\"BDI\"),\nIF(OR(AND(import.recurso=\"OGU\",TIPOORCAMENTO=\"Proposto\",LEFT($O$8,5)<>\"(N/D:\",$AG63<>\"\",ORÇAMENTO.CustoUnitario>$AG63),AND(TIPOORCAMENTO=\"LICITADO\",ORÇAMENTO.PrecoUnitarioLicitado>$AN63)),\"ACIMA REF.\",\nIF(AND($C63=\"S\",$P63<>\"\",$Q63<>\"\",$T63=0,$U63>0),\"QUANT.\",\nIF(AND(Import.TipoArredondamento=\"TransfereGOV\",$L63=\"F\",$C63=\"S\",LEN($Q63)>13),\"Código >13\",\nIF(AND(Import.TipoArredondamento=\"TransfereGOV\",$L63=\"F\",$C63<>\"S\",LEN($R63)>100),\"Descrição >100\",\nIF(AND(Import.TipoArredondamento=\"TransfereGOV\",$L63=\"F\",$C63=\"S\",LEN($R63)>500),\"Descrição >500\",\nIF(AND(Import.TipoArredondamento=\"TransfereGOV\",$L63=\"F\",$C63=\"S\",LEFT(TRIM(UPPER($P63)),6)<>\"SINAPI\",ISNA(VLOOKUP(TRIM(UPPER($S63)),ListaTgov.Unidades,1,FALSE))),\"Unid. Não Disp\",\n\" \"))))))))))))))))","v":" "},{"$f":"IF(C63<=CRONO.NivelExibicao,MAX($AD$15:OFFSET(AD63,-1,0))+IF($C63<>1,1,MAX(1,COUNTIF(QCI!$A$13:$A$24,OFFSET($E63,-1,0)))),\"\")","v":""},{"$f":"IF(AND($C63=\"S\",ORÇAMENTO.CodBarra<>\"\"),IF(ORÇAMENTO.Fonte=\"\",ORÇAMENTO.CodBarra,CONCATENATE(ORÇAMENTO.Fonte,\" \",ORÇAMENTO.CodBarra)))","v":"SINAPI 96543"},{"$f":"IF(ISERROR(ORÇAMENTO.BancoRef),\"(abra o arquivo 'Referência \"&Excel_BuiltIn_Database&\".xlsm)\",IF(OR($C63<>\"S\",ORÇAMENTO.CodBarra=\"\"),\"(Sem Código)\",IF(ISERROR(MATCH($AE63,INDIRECT(ORÇAMENTO.BancoRef),0)),\"(Código não identificado nas referências)\",MATCH($AE63,INDIRECT(ORÇAMENTO.BancoRef),0))))","v":10000},{"$f":"ROUND(IF(DESONERACAO=\"sim\",REFERENCIA.Desonerado,REFERENCIA.NaoDesonerado),2)","v":19.28},0.22470000000000001,null,19.3,null,null,455.67,{"$f":"ROUND(ORÇAMENTO.CustoUnitario*(1+$AH63),2)","v":23.61}]
["S",2,"S",0,{"$f":"IF($C64=1,OFFSET(E64,-1,0)+MAX(1,COUNTIF(QCI!$A$13:$A$24,OFFSET(ORÇAMENTO!E64,-1,0))),OFFSET(E64,-1,0))","v":1},7,0,0,9,0,{"$f":"IF(OR($C64=\"S\",$C64=0),0,MATCH(OFFSET($D64,0,$C64)+IF($C64<>1,1,COUNTIF(QCI!$A$13:$A$24,ORÇAMENTO!E64)),OFFSET($D64,1,$C64,ROW($C$140)-ROW($C64)),0))","v":0},"F","Serviço","Serviço","1.7.9.","SINAPI","96544","ARMAÇÃO DE BLOCO UTILIZANDO AÇO CA-50 DE 6,3 MM - MONTAGEM. AF_01/2024","KG",{"$f":"OFFSET(CÁLCULO!H$15,ROW($T64)-ROW(T$15),0)","v":21.7},17.489999999999998,"BDI 1",{"$f":"IF($C64=\"S\",ROUND(IF(TIPOORCAMENTO=\"Proposto\",ORÇAMENTO.CustoUnitario*(1+$AH64),ORÇAMENTO.PrecoUnitarioLicitado),15-13*$AF$10),0)","v":21.42},{"$f":"IF($C64=\"S\",IF(OR(Import.TipoArredondamento<>\"TransfereGOV\",ACOMPANHAMENTO=\"BM\"),VTOTAL1,SUM(OFFSET(CÁLCULO!$AA$15,ROW($X64)-ROW($X$15),1):OFFSET(CÁLCULO!$AL$15,ROW($X64)-ROW($X$15),-1))),IF($C64=0,0,ROUND(SomaAgrup,15-13*$AF$11)))","v":464.81},"RA","RA",{"$f":"IF($C64=\"S\",IF($Z64=\"CP\",$X64,IF($Z64=\"RA\",(($X64)*QCI!$AA$3),0)),SomaAgrup)","v":153.54941572419042},{"$f":"IF($C64=\"S\",IF($Z64=\"OU\",ROUND($X64,2),0),SomaAgrup)","v":0},{"$f":"IF($N64=\"\",\" \",\nIF(AND($C64<>\"S\",OR($R64=\"\",$R64=\"(digite a descrição aqui)\")),\"DESCRIÇÃO\",\nIF(AND($C64=\"S\",OR($Q64<>\"\",$T64>0,$U64>0),$P64=\"\"),\"FONTE\",\nIF(AND($C64=\"S\",$P64<>\"\",OR($T64>0,$U64>0),$Q64=\"\"),\"CÓDIGO\",\nIF(AND($C64=\"S\",$P64<>\"\",$Q64<>\"\",$R64=\"(Código não identificado nas referências)\"),\"CÓDIGO N/ID\",\nIF(AND($C64=\"S\",OR($R64=\"\",$R64=\"(digite a descrição aqui)\"),OR($Q64<>\"\",$T64>0,$U64>0)),\"DESCRIÇÃO\",\nIF(AND($C64=\"S\",$P64<>\"\",$Q64<>\"\",$S64=\"\"),\"UNIDADE\",\nIF(AND($C64=\"S\",$P64<>\"\",$Q64<>\"\",$U64=0),\"SEM CUSTO\",\nIF(AND(TIPOORCAMENTO=\"Licitado\",$AL64=0,$AN64>0),\"SEM PREÇO\",\nIF(AND($C64=\"S\",$P64<>\"\",$Q64<>\"\",$U64>0,AND($V64<>\"BDI 1\",$V64<>\"BDI 2\",$V64<>\"BDI 3\")),IF(ISNUMBER($V64),\"JUSTIFICAR BDI\",\"BDI\"),\nIF(OR(AND(import.recurso=\"OGU\",TIPOORCAMENTO=\"Proposto\",LEFT($O$8,5)<>\"(N/D:\",$AG64<>\"\",ORÇAMENTO.CustoUnitario>$AG64),AND(TIPOORCAMENTO=\"LICITADO\",ORÇAMENTO.PrecoUnitarioLicitado>$AN64)),\"ACIMA REF.\",\nIF(AND($C64=\"S\",$P64<>\"\",$Q64<>\"\",$T64=0,$U64>0),\"QUANT.\",\nIF(AND(Import.TipoArredondamento=\"TransfereGOV\",$L64=\"F\",$C64=\"S\",LEN($Q64)>13),\"Código >13\",\nIF(AND(Import.TipoArredondamento=\"TransfereGOV\",$L64=\"F\",$C64<>\"S\",LEN($R64)>100),\"Descrição >100\",\nIF(AND(Import.TipoArredondamento=\"TransfereGOV\",$L64=\"F\",$C64=\"S\",LEN($R64)>500),\"Descrição >500\",\nIF(AND(Import.TipoArredondamento=\"TransfereGOV\",$L64=\"F\",$C64=\"S\",LEFT(TRIM(UPPER($P64)),6)<>\"SINAPI\",ISNA(VLOOKUP(TRIM(UPPER($S64)),ListaTgov.Unidades,1,FALSE))),\"Unid. Não Disp\",\n\" \"))))))))))))))))","v":" "},{"$f":"IF(C64<=CRONO.NivelExibicao,MAX($AD$15:OFFSET(AD64,-1,0))+IF($C64<>1,1,MAX(1,COUNTIF(QCI!$A$13:$A$24,OFFSET($E64,-1,0)))),\"\")","v":""},{"$f":"IF(AND($C64=\"S\",ORÇAMENTO.CodBarra<>\"\"),IF(ORÇAMENTO.Fonte=\"\",ORÇAMENTO.CodBarra,CONCATENATE(ORÇAMENTO.Fonte,\" \",ORÇAMENTO.CodBarra)))","v":"SINAPI 96544"},{"$f":"IF(ISERROR(ORÇAMENTO.BancoRef),\"(abra o arquivo 'Referência \"&Excel_BuiltIn_Database&\".xlsm)\",IF(OR($C64<>\"S\",ORÇAMENTO.CodBarra=\"\"),\"(Sem Código)\",IF(ISERROR(MATCH($AE64,INDIRECT(ORÇAMENTO.BancoRef),0)),\"(Código não identificado nas referências)\",MATCH($AE64,INDIRECT(ORÇAMENTO.BancoRef),0))))","v":9998},{"$f":"ROUND(IF(DESONERACAO=\"sim\",REFERENCIA.Desonerado,REFERENCIA.NaoDesonerado),2)","v":17.489999999999998},0.22470000000000001,null,21.7,null,null,464.81,{"$f":"ROUND(ORÇAMENTO.CustoUnitario*(1+$AH64),2)","v":21.42}]
["S",2,"S",0,{"$f":"IF($C65=1,OFFSET(E65,-1,0)+MAX(1,COUNTIF(QCI!$A$13:$A$24,OFFSET(ORÇAMENTO!E65,-1,0))),OFFSET(E65,-1,0))","v":1},7,0,0,10,0,{"$f":"IF(OR($C65=\"S\",$C65=0),0,MATCH(OFFSET($D65,0,$C65)+IF($C65<>1,1,COUNTIF(QCI!$A$13:$A$24,ORÇAMENTO!E65)),OFFSET($D65,1,$C65,ROW($C$140)-ROW($C65)),0))","v":0},"F","Serviço","Serviço","1.7.10.","SINAPI","104921","ARMAÇÃO DE BLOCO, SAPATA ISOLADA, VIGA BALDRAME E SAPATA CORRIDA UTILIZANDO AÇO CA-50 DE 16 MM - MONTAGEM. AF_01/2024","KG",{"$f":"OFFSET(CÁLCULO!H$15,ROW($T65)-ROW(T$15),0)","v":152},10.19,"BDI 1",{"$f":"IF($C65=\"S\",ROUND(IF(TIPOORCAMENTO=\"Proposto\",ORÇAMENTO.CustoUnitario*(1+$AH65),ORÇAMENTO.PrecoUnitarioLicitado),15-13*$AF$10),0)","v":12.48},{"$f":"IF($C65=\"S\",IF(OR(Import.TipoArredondamento<>\"TransfereGOV\",ACOMPANHAMENTO=\"BM\"),VTOTAL1,SUM(OFFSET(CÁLCULO!$AA$15,ROW($X65)-ROW($X$15),1):OFFSET(CÁLCULO!$AL$15,ROW($X65)-ROW($X$15),-1))),IF($C65=0,0,ROUND(SomaAgrup,15-13*$AF$11)))","v":1896.96},"RA","RA",{"$f":"IF($C65=\"S\",IF($Z65=\"CP\",$X65,IF($Z65=\"RA\",(($X65)*QCI!$AA$3),0)),SomaAgrup)","v":626.65841882093821},{"$f":"IF($C65=\"S\",IF($Z65=\"OU\",ROUND($X65,2),0),SomaAgrup)","v":0},{"$f":"IF($N65=\"\",\" \",\nIF(AND($C65<>\"S\",OR($R65=\"\",$R65=\"(digite a descrição aqui)\")),\"DESCRIÇÃO\",\nIF(AND($C65=\"S\",OR($Q65<>\"\",$T65>0,$U65>0),$P65=\"\"),\"FONTE\",\nIF(AND($C65=\"S\",$P65<>\"\",OR($T65>0,$U65>0),$Q65=\"\"),\"CÓDIGO\",\nIF(AND($C65=\"S\",$P65<>\"\",$Q65<>\"\",$R65=\"(Código não identificado nas referências)\"),\"CÓDIGO N/ID\",\nIF(AND($C65=\"S\",OR($R65=\"\",$R65=\"(digite a descrição aqui)\"),OR($Q65<>\"\",$T65>0,$U65>0)),\"DESCRIÇÃO\",\nIF(AND($C65=\"S\",$P65<>\"\",$Q65<>\"\",$S65=\"\"),\"UNIDADE\",\nIF(AND($C65=\"S\",$P65<>\"\",$Q65<>\"\",$U65=0),\"SEM CUSTO\",\nIF(AND(TIPOORCAMENTO=\"Licitado\",$AL65=0,$AN65>0),\"SEM PREÇO\",\nIF(AND($C65=\"S\",$P65<>\"\",$Q65<>\"\",$U65>0,AND($V65<>\"BDI 1\",$V65<>\"BDI 2\",$V65<>\"BDI 3\")),IF(ISNUMBER($V65),\"JUSTIFICAR BDI\",\"BDI\"),\nIF(OR(AND(import.recurso=\"OGU\",TIPOORCAMENTO=\"Proposto\",LEFT($O$8,5)<>\"(N/D:\",$AG65<>\"\",ORÇAMENTO.CustoUnitario>$AG65),AND(TIPOORCAMENTO=\"LICITADO\",ORÇAMENTO.PrecoUnitarioLicitado>$AN65)),\"ACIMA REF.\",\nIF(AND($C65=\"S\",$P65<>\"\",$Q65<>\"\",$T65=0,$U65>0),\"QUANT.\",\nIF(AND(Import.TipoArredondamento=\"TransfereGOV\",$L65=\"F\",$C65=\"S\",LEN($Q65)>13),\"Código >13\",\nIF(AND(Import.TipoArredondamento=\"TransfereGOV\",$L65=\"F\",$C65<>\"S\",LEN($R65)>100),\"Descrição >100\",\nIF(AND(Import.TipoArredondamento=\"TransfereGOV\",$L65=\"F\",$C65=\"S\",LEN($R65)>500),\"Descrição >500\",\nIF(AND(Import.TipoArredondamento=\"TransfereGOV\",$L65=\"F\",$C65=\"S\",LEFT(TRIM(UPPER($P65)),6)<>\"SINAPI\",ISNA(VLOOKUP(TRIM(UPPER($S65)),ListaTgov.Unidades,1,FALSE))),\"Unid. Não Disp\",\n\" \"))))))))))))))))","v":" "},{"$f":"IF(C65<=CRONO.NivelExibicao,MAX($AD$15:OFFSET(AD65,-1,0))+IF($C65<>1,1,MAX(1,COUNTIF(QCI!$A$13:$A$24,OFFSET($E65,-1,0)))),\"\")","v":""},{"$f":"IF(AND($C65=\"S\",ORÇAMENTO.CodBarra<>\"\"),IF(ORÇAMENTO.Fonte=\"\",ORÇAMENTO.CodBarra,CONCATENATE(ORÇAMENTO.Fonte,\" \",ORÇAMENTO.CodBarra)))","v":"SINAPI 104921"},{"$f":"IF(ISERROR(ORÇAMENTO.BancoRef),\"(abra o arquivo 'Referência \"&Excel_BuiltIn_Database&\".xlsm)\",IF(OR($C65<>\"S\",ORÇAMENTO.CodBarra=\"\"),\"(Sem Código)\",IF(ISERROR(MATCH($AE65,INDIRECT(ORÇAMENTO.BancoRef),0)),\"(Código não identificado nas referências)\",MATCH($AE65,INDIRECT(ORÇAMENTO.BancoRef),0))))","v":10003},{"$f":"ROUND(IF(DESONERACAO=\"sim\",REFERENCIA.Desonerado,REFERENCIA.NaoDesonerado),2)","v":10.19},0.22470000000000001,null,152,null,null,1896.96,{"$f":"ROUND(ORÇAMENTO.CustoUnitario*(1+$AH65),2)","v":12.48}]
["S",2,"S",0,{"$f":"IF($C66=1,OFFSET(E66,-1,0)+MAX(1,COUNTIF(QCI!$A$13:$A$24,OFFSET(ORÇAMENTO!E66,-1,0))),OFFSET(E66,-1,0))","v":1},7,0,0,11,0,{"$f":"IF(OR($C66=\"S\",$C66=0),0,MATCH(OFFSET($D66,0,$C66)+IF($C66<>1,1,COUNTIF(QCI!$A$13:$A$24,ORÇAMENTO!E66)),OFFSET($D66,1,$C66,ROW($C$140)-ROW($C66)),0))","v":0},"F","Serviço","Serviço","1.7.11.","SINAPI","94965","CONCRETO FCK = 25MPA, TRAÇO 1:2,3:2,7 (EM MASSA SECA DE CIMENTO/ AREIA MÉDIA/ BRITA 1) - PREPARO MECÂNICO COM BETONEIRA 400 L. AF_05/2021","M3",{"$f":"OFFSET(CÁLCULO!H$15,ROW($T66)-ROW(T$15),0)","v":2.69},496.93,"BDI 1",{"$f":"IF($C66=\"S\",ROUND(IF(TIPOORCAMENTO=\"Proposto\",ORÇAMENTO.CustoUnitario*(1+$AH66),ORÇAMENTO.PrecoUnitarioLicitado),15-13*$AF$10),0)","v":608.59},{"$f":"IF($C66=\"S\",IF(OR(Import.TipoArredondamento<>\"TransfereGOV\",ACOMPANHAMENTO=\"BM\"),VTOTAL1,SUM(OFFSET(CÁLCULO!$AA$15,ROW($X66)-ROW($X$15),1):OFFSET(CÁLCULO!$AL$15,ROW($X66)-ROW($X$15),-1))),IF($C66=0,0,ROUND(SomaAgrup,15-13*$AF$11)))","v":1637.11},"RA","RA",{"$f":"IF($C66=\"S\",IF($Z66=\"CP\",$X66,IF($Z66=\"RA\",(($X66)*QCI!$AA$3),0)),SomaAgrup)","v":540.81728873352415},{"$f":"IF($C66=\"S\",IF($Z66=\"OU\",ROUND($X66,2),0),SomaAgrup)","v":0},{"$f":"IF($N66=\"\",\" \",\nIF(AND($C66<>\"S\",OR($R66=\"\",$R66=\"(digite a descrição aqui)\")),\"DESCRIÇÃO\",\nIF(AND($C66=\"S\",OR($Q66<>\"\",$T66>0,$U66>0),$P66=\"\"),\"FONTE\",\nIF(AND($C66=\"S\",$P66<>\"\",OR($T66>0,$U66>0),$Q66=\"\"),\"CÓDIGO\",\nIF(AND($C66=\"S\",$P66<>\"\",$Q66<>\"\",$R66=\"(Código não identificado nas referências)\"),\"CÓDIGO N/ID\",\nIF(AND($C66=\"S\",OR($R66=\"\",$R66=\"(digite a descrição aqui)\"),OR($Q66<>\"\",$T66>0,$U66>0)),\"DESCRIÇÃO\",\nIF(AND($C66=\"S\",$P66<>\"\",$Q66<>\"\",$S66=\"\"),\"UNIDADE\",\nIF(AND($C66=\"S\",$P66<>\"\",$Q66<>\"\",$U66=0),\"SEM CUSTO\",\nIF(AND(TIPOORCAMENTO=\"Licitado\",$AL66=0,$AN66>0),\"SEM PREÇO\",\nIF(AND($C66=\"S\",$P66<>\"\",$Q66<>\"\",$U66>0,AND($V66<>\"BDI 1\",$V66<>\"BDI 2\",$V66<>\"BDI 3\")),IF(ISNUMBER($V66),\"JUSTIFICAR BDI\",\"BDI\"),\nIF(OR(AND(import.recurso=\"OGU\",TIPOORCAMENTO=\"Proposto\",LEFT($O$8,5)<>\"(N/D:\",$AG66<>\"\",ORÇAMENTO.CustoUnitario>$AG66),AND(TIPOORCAMENTO=\"LICITADO\",ORÇAMENTO.PrecoUnitarioLicitado>$AN66)),\"ACIMA REF.\",\nIF(AND($C66=\"S\",$P66<>\"\",$Q66<>\"\",$T66=0,$U66>0),\"QUANT.\",\nIF(AND(Import.TipoArredondamento=\"TransfereGOV\",$L66=\"F\",$C66=\"S\",LEN($Q66)>13),\"Código >13\",\nIF(AND(Import.TipoArredondamento=\"TransfereGOV\",$L66=\"F\",$C66<>\"S\",LEN($R66)>100),\"Descrição >100\",\nIF(AND(Import.TipoArredondamento=\"TransfereGOV\",$L66=\"F\",$C66=\"S\",LEN($R66)>500),\"Descrição >500\",\nIF(AND(Import.TipoArredondamento=\"TransfereGOV\",$L66=\"F\",$C66=\"S\",LEFT(TRIM(UPPER($P66)),6)<>\"SINAPI\",ISNA(VLOOKUP(TRIM(UPPER($S66)),ListaTgov.Unidades,1,FALSE))),\"Unid. Não Disp\",\n\" \"))))))))))))))))","v":" "},{"$f":"IF(C66<=CRONO.NivelExibicao,MAX($AD$15:OFFSET(AD66,-1,0))+IF($C66<>1,1,MAX(1,COUNTIF(QCI!$A$13:$A$24,OFFSET($E66,-1,0)))),\"\")","v":""},{"$f":"IF(AND($C66=\"S\",ORÇAMENTO.CodBarra<>\"\"),IF(ORÇAMENTO.Fonte=\"\",ORÇAMENTO.CodBarra,CONCATENATE(ORÇAMENTO.Fonte,\" \",ORÇAMENTO.CodBarra)))","v":"SINAPI 94965"},{"$f":"IF(ISERROR(ORÇAMENTO.BancoRef),\"(abra o arquivo 'Referência \"&Excel_BuiltIn_Database&\".xlsm)\",IF(OR($C66<>\"S\",ORÇAMENTO.CodBarra=\"\"),\"(Sem Código)\",IF(ISERROR(MATCH($AE66,INDIRECT(ORÇAMENTO.BancoRef),0)),\"(Código não identificado nas referências)\",MATCH($AE66,INDIRECT(ORÇAMENTO.BancoRef),0))))","v":14322},{"$f":"ROUND(IF(DESONERACAO=\"sim\",REFERENCIA.Desonerado,REFERENCIA.NaoDesonerado),2)","v":496.93},0.22470000000000001,null,2.69,null,null,1637.11,{"$f":"ROUND(ORÇAMENTO.CustoUnitario*(1+$AH66),2)","v":608.59}]
["S",2,"S",0,{"$f":"IF($C67=1,OFFSET(E67,-1,0)+MAX(1,COUNTIF(QCI!$A$13:$A$24,OFFSET(ORÇAMENTO!E67,-1,0))),OFFSET(E67,-1,0))","v":1},7,0,0,12,0,{"$f":"IF(OR($C67=\"S\",$C67=0),0,MATCH(OFFSET($D67,0,$C67)+IF($C67<>1,1,COUNTIF(QCI!$A$13:$A$24,ORÇAMENTO!E67)),OFFSET($D67,1,$C67,ROW($C$140)-ROW($C67)),0))","v":0},"F","Serviço","Serviço","1.7.12.","SINAPI","103670","LANÇAMENTO COM USO DE BALDES, ADENSAMENTO E ACABAMENTO DE CONCRETO EM ESTRUTURAS. AF_02/2022","M3",{"$f":"OFFSET(CÁLCULO!H$15,ROW($T67)-ROW(T$15),0)","v":2.69},280.89999999999998,"BDI 1",{"$f":"IF($C67=\"S\",ROUND(IF(TIPOORCAMENTO=\"Proposto\",ORÇAMENTO.CustoUnitario*(1+$AH67),ORÇAMENTO.PrecoUnitarioLicitado),15-13*$AF$10),0)","v":344.02},{"$f":"IF($C67=\"S\",IF(OR(Import.TipoArredondamento<>\"TransfereGOV\",ACOMPANHAMENTO=\"BM\"),VTOTAL1,SUM(OFFSET(CÁLCULO!$AA$15,ROW($X67)-ROW($X$15),1):OFFSET(CÁLCULO!$AL$15,ROW($X67)-ROW($X$15),-1))),IF($C67=0,0,ROUND(SomaAgrup,15-13*$AF$11)))","v":925.41},"RA","RA",{"$f":"IF($C67=\"S\",IF($Z67=\"CP\",$X67,IF($Z67=\"RA\",(($X67)*QCI!$AA$3),0)),SomaAgrup)","v":305.70806309098998},{"$f":"IF($C67=\"S\",IF($Z67=\"OU\",ROUND($X67,2),0),SomaAgrup)","v":0},{"$f":"IF($N67=\"\",\" \",\nIF(AND($C67<>\"S\",OR($R67=\"\",$R67=\"(digite a descrição aqui)\")),\"DESCRIÇÃO\",\nIF(AND($C67=\"S\",OR($Q67<>\"\",$T67>0,$U67>0),$P67=\"\"),\"FONTE\",\nIF(AND($C67=\"S\",$P67<>\"\",OR($T67>0,$U67>0),$Q67=\"\"),\"CÓDIGO\",\nIF(AND($C67=\"S\",$P67<>\"\",$Q67<>\"\",$R67=\"(Código não identificado nas referências)\"),\"CÓDIGO N/ID\",\nIF(AND($C67=\"S\",OR($R67=\"\",$R67=\"(digite a descrição aqui)\"),OR($Q67<>\"\",$T67>0,$U67>0)),\"DESCRIÇÃO\",\nIF(AND($C67=\"S\",$P67<>\"\",$Q67<>\"\",$S67=\"\"),\"UNIDADE\",\nIF(AND($C67=\"S\",$P67<>\"\",$Q67<>\"\",$U67=0),\"SEM CUSTO\",\nIF(AND(TIPOORCAMENTO=\"Licitado\",$AL67=0,$AN67>0),\"SEM PREÇO\",\nIF(AND($C67=\"S\",$P67<>\"\",$Q67<>\"\",$U67>0,AND($V67<>\"BDI 1\",$V67<>\"BDI 2\",$V67<>\"BDI 3\")),IF(ISNUMBER($V67),\"JUSTIFICAR BDI\",\"BDI\"),\nIF(OR(AND(import.recurso=\"OGU\",TIPOORCAMENTO=\"Proposto\",LEFT($O$8,5)<>\"(N/D:\",$AG67<>\"\",ORÇAMENTO.CustoUnitario>$AG67),AND(TIPOORCAMENTO=\"LICITADO\",ORÇAMENTO.PrecoUnitarioLicitado>$AN67)),\"ACIMA REF.\",\nIF(AND($C67=\"S\",$P67<>\"\",$Q67<>\"\",$T67=0,$U67>0),\"QUANT.\",\nIF(AND(Import.TipoArredondamento=\"TransfereGOV\",$L67=\"F\",$C67=\"S\",LEN($Q67)>13),\"Código >13\",\nIF(AND(Import.TipoArredondamento=\"TransfereGOV\",$L67=\"F\",$C67<>\"S\",LEN($R67)>100),\"Descrição >100\",\nIF(AND(Import.TipoArredondamento=\"TransfereGOV\",$L67=\"F\",$C67=\"S\",LEN($R67)>500),\"Descrição >500\",\nIF(AND(Import.TipoArredondamento=\"TransfereGOV\",$L67=\"F\",$C67=\"S\",LEFT(TRIM(UPPER($P67)),6)<>\"SINAPI\",ISNA(VLOOKUP(TRIM(UPPER($S67)),ListaTgov.Unidades,1,FALSE))),\"Unid. Não Disp\",\n\" \"))))))))))))))))","v":" "},{"$f":"IF(C67<=CRONO.NivelExibicao,MAX($AD$15:OFFSET(AD67,-1,0))+IF($C67<>1,1,MAX(1,COUNTIF(QCI!$A$13:$A$24,OFFSET($E67,-1,0)))),\"\")","v":""},{"$f":"IF(AND($C67=\"S\",ORÇAMENTO.CodBarra<>\"\"),IF(ORÇAMENTO.Fonte=\"\",ORÇAMENTO.CodBarra,CONCATENATE(ORÇAMENTO.Fonte,\" \",ORÇAMENTO.CodBarra)))","v":"SINAPI 103670"},{"$f":"IF(ISERROR(ORÇAMENTO.BancoRef),\"(abra o arquivo 'Referência \"&Excel_BuiltIn_Database&\".xlsm)\",IF(OR($C67<>\"S\",ORÇAMENTO.CodBarra=\"\"),\"(Sem Código)\",IF(ISERROR(MATCH($AE67,INDIRECT(ORÇAMENTO.BancoRef),0)),\"(Código não identificado nas referências)\",MATCH($AE67,INDIRECT(ORÇAMENTO.BancoRef),0))))","v":7331},{"$f":"ROUND(IF(DESONERACAO=\"sim\",REFERENCIA.Desonerado,REFERENCIA.NaoDesonerado),2)","v":280.89999999999998},0.22470000000000001,null,2.69,null,null,925.41,{"$f":"ROUND(ORÇAMENTO.CustoUnitario*(1+$AH67),2)","v":344.02}]
["S",2,"S",0,{"$f":"IF($C68=1,OFFSET(E68,-1,0)+MAX(1,COUNTIF(QCI!$A$13:$A$24,OFFSET(ORÇAMENTO!E68,-1,0))),OFFSET(E68,-1,0))","v":1},7,0,0,13,0,{"$f":"IF(OR($C68=\"S\",$C68=0),0,MATCH(OFFSET($D68,0,$C68)+IF($C68<>1,1,COUNTIF(QCI!$A$13:$A$24,ORÇAMENTO!E68)),OFFSET($D68,1,$C68,ROW($C$140)-ROW($C68)),0))","v":0},"F","Serviço","Serviço","1.7.13.","SINAPI","98557","IMPERMEABILIZAÇÃO DE SUPERFÍCIE COM EMULSÃO ASFÁLTICA, 2 DEMÃOS. AF_09/2023","M2",{"$f":"OFFSET(CÁLCULO!H$15,ROW($T68)-ROW(T$15),0)","v":13.95},43.77,"BDI 1",{"$f":"IF($C68=\"S\",ROUND(IF(TIPOORCAMENTO=\"Proposto\",ORÇAMENTO.CustoUnitario*(1+$AH68),ORÇAMENTO.PrecoUnitarioLicitado),15-13*$AF$10),0)","v":53.61},{"$f":"IF($C68=\"S\",IF(OR(Import.TipoArredondamento<>\"TransfereGOV\",ACOMPANHAMENTO=\"BM\"),VTOTAL1,SUM(OFFSET(CÁLCULO!$AA$15,ROW($X68)-ROW($X$15),1):OFFSET(CÁLCULO!$AL$15,ROW($X68)-ROW($X$15),-1))),IF($C68=0,0,ROUND(SomaAgrup,15-13*$AF$11)))","v":747.86},"RA","RA",{"$f":"IF($C68=\"S\",IF($Z68=\"CP\",$X68,IF($Z68=\"RA\",(($X68)*QCI!$AA$3),0)),SomaAgrup)","v":247.05463747228558},{"$f":"IF($C68=\"S\",IF($Z68=\"OU\",ROUND($X68,2),0),SomaAgrup)","v":0},{"$f":"IF($N68=\"\",\" \",\nIF(AND($C68<>\"S\",OR($R68=\"\",$R68=\"(digite a descrição aqui)\")),\"DESCRIÇÃO\",\nIF(AND($C68=\"S\",OR($Q68<>\"\",$T68>0,$U68>0),$P68=\"\"),\"FONTE\",\nIF(AND($C68=\"S\",$P68<>\"\",OR($T68>0,$U68>0),$Q68=\"\"),\"CÓDIGO\",\nIF(AND($C68=\"S\",$P68<>\"\",$Q68<>\"\",$R68=\"(Código não identificado nas referências)\"),\"CÓDIGO N/ID\",\nIF(AND($C68=\"S\",OR($R68=\"\",$R68=\"(digite a descrição aqui)\"),OR($Q68<>\"\",$T68>0,$U68>0)),\"DESCRIÇÃO\",\nIF(AND($C68=\"S\",$P68<>\"\",$Q68<>\"\",$S68=\"\"),\"UNIDADE\",\nIF(AND($C68=\"S\",$P68<>\"\",$Q68<>\"\",$U68=0),\"SEM CUSTO\",\nIF(AND(TIPOORCAMENTO=\"Licitado\",$AL68=0,$AN68>0),\"SEM PREÇO\",\nIF(AND($C68=\"S\",$P68<>\"\",$Q68<>\"\",$U68>0,AND($V68<>\"BDI 1\",$V68<>\"BDI 2\",$V68<>\"BDI 3\")),IF(ISNUMBER($V68),\"JUSTIFICAR BDI\",\"BDI\"),\nIF(OR(AND(import.recurso=\"OGU\",TIPOORCAMENTO=\"Proposto\",LEFT($O$8,5)<>\"(N/D:\",$AG68<>\"\",ORÇAMENTO.CustoUnitario>$AG68),AND(TIPOORCAMENTO=\"LICITADO\",ORÇAMENTO.PrecoUnitarioLicitado>$AN68)),\"ACIMA REF.\",\nIF(AND($C68=\"S\",$P68<>\"\",$Q68<>\"\",$T68=0,$U68>0),\"QUANT.\",\nIF(AND(Import.TipoArredondamento=\"TransfereGOV\",$L68=\"F\",$C68=\"S\",LEN($Q68)>13),\"Código >13\",\nIF(AND(Import.TipoArredondamento=\"TransfereGOV\",$L68=\"F\",$C68<>\"S\",LEN($R68)>100),\"Descrição >100\",\nIF(AND(Import.TipoArredondamento=\"TransfereGOV\",$L68=\"F\",$C68=\"S\",LEN($R68)>500),\"Descrição >500\",\nIF(AND(Import.TipoArredondamento=\"TransfereGOV\",$L68=\"F\",$C68=\"S\",LEFT(TRIM(UPPER($P68)),6)<>\"SINAPI\",ISNA(VLOOKUP(TRIM(UPPER($S68)),ListaTgov.Unidades,1,FALSE))),\"Unid. Não Disp\",\n\" \"))))))))))))))))","v":" "},{"$f":"IF(C68<=CRONO.NivelExibicao,MAX($AD$15:OFFSET(AD68,-1,0))+IF($C68<>1,1,MAX(1,COUNTIF(QCI!$A$13:$A$24,OFFSET($E68,-1,0)))),\"\")","v":""},{"$f":"IF(AND($C68=\"S\",ORÇAMENTO.CodBarra<>\"\"),IF(ORÇAMENTO.Fonte=\"\",ORÇAMENTO.CodBarra,CONCATENATE(ORÇAMENTO.Fonte,\" \",ORÇAMENTO.CodBarra)))","v":"SINAPI 98557"},{"$f":"IF(ISERROR(ORÇAMENTO.BancoRef),\"(abra o arquivo 'Referência \"&Excel_BuiltIn_Database&\".xlsm)\",IF(OR($C68<>\"S\",ORÇAMENTO.CodBarra=\"\"),\"(Sem Código)\",IF(ISERROR(MATCH($AE68,INDIRECT(ORÇAMENTO.BancoRef),0)),\"(Código não identificado nas referências)\",MATCH($AE68,INDIRECT(ORÇAMENTO.BancoRef),0))))","v":10353},{"$f":"ROUND(IF(DESONERACAO=\"sim\",REFERENCIA.Desonerado,REFERENCIA.NaoDesonerado),2)","v":43.77},0.22470000000000001,null,13.95,null,null,747.86,{"$f":"ROUND(ORÇAMENTO.CustoUnitario*(1+$AH68),2)","v":53.61}]
["S",2,"S",0,{"$f":"IF($C69=1,OFFSET(E69,-1,0)+MAX(1,COUNTIF(QCI!$A$13:$A$24,OFFSET(ORÇAMENTO!E69,-1,0))),OFFSET(E69,-1,0))","v":1},7,0,0,14,0,{"$f":"IF(OR($C69=\"S\",$C69=0),0,MATCH(OFFSET($D69,0,$C69)+IF($C69<>1,1,COUNTIF(QCI!$A$13:$A$24,ORÇAMENTO!E69)),OFFSET($D69,1,$C69,ROW($C$140)-ROW($C69)),0))","v":0},"F","Serviço","Serviço","1.7.14.","SINAPI","93382","REATERRO MANUAL DE VALAS, COM COMPACTADOR DE SOLOS DE PERCUSSÃO. AF_08/2023","M3",{"$f":"OFFSET(CÁLCULO!H$15,ROW($T69)-ROW(T$15),0)","v":1.61},25.26,"BDI 1",{"$f":"IF($C69=\"S\",ROUND(IF(TIPOORCAMENTO=\"Proposto\",ORÇAMENTO.CustoUnitario*(1+$AH69),ORÇAMENTO.PrecoUnitarioLicitado),15-13*$AF$10),0)","v":30.94},{"$f":"IF($C69=\"S\",IF(OR(Import.TipoArredondamento<>\"TransfereGOV\",ACOMPANHAMENTO=\"BM\"),VTOTAL1,SUM(OFFSET(CÁLCULO!$AA$15,ROW($X69)-ROW($X$15),1):OFFSET(CÁLCULO!$AL$15,ROW($X69)-ROW($X$15),-1))),IF($C69=0,0,ROUND(SomaAgrup,15-13*$AF$11)))","v":49.81},"RA","RA",{"$f":"IF($C69=\"S\",IF($Z69=\"CP\",$X69,IF($Z69=\"RA\",(($X69)*QCI!$AA$3),0)),SomaAgrup)","v":16.454672655971098},{"$f":"IF($C69=\"S\",IF($Z69=\"OU\",ROUND($X69,2),0),SomaAgrup)","v":0},{"$f":"IF($N69=\"\",\" \",\nIF(AND($C69<>\"S\",OR($R69=\"\",$R69=\"(digite a descrição aqui)\")),\"DESCRIÇÃO\",\nIF(AND($C69=\"S\",OR($Q69<>\"\",$T69>0,$U69>0),$P69=\"\"),\"FONTE\",\nIF(AND($C69=\"S\",$P69<>\"\",OR($T69>0,$U69>0),$Q69=\"\"),\"CÓDIGO\",\nIF(AND($C69=\"S\",$P69<>\"\",$Q69<>\"\",$R69=\"(Código não identificado nas referências)\"),\"CÓDIGO N/ID\",\nIF(AND($C69=\"S\",OR($R69=\"\",$R69=\"(digite a descrição aqui)\"),OR($Q69<>\"\",$T69>0,$U69>0)),\"DESCRIÇÃO\",\nIF(AND($C69=\"S\",$P69<>\"\",$Q69<>\"\",$S69=\"\"),\"UNIDADE\",\nIF(AND($C69=\"S\",$P69<>\"\",$Q69<>\"\",$U69=0),\"SEM CUSTO\",\nIF(AND(TIPOORCAMENTO=\"Licitado\",$AL69=0,$AN69>0),\"SEM PREÇO\",\nIF(AND($C69=\"S\",$P69<>\"\",$Q69<>\"\",$U69>0,AND($V69<>\"BDI 1\",$V69<>\"BDI 2\",$V69<>\"BDI 3\")),IF(ISNUMBER($V69),\"JUSTIFICAR BDI\",\"BDI\"),\nIF(OR(AND(import.recurso=\"OGU\",TIPOORCAMENTO=\"Proposto\",LEFT($O$8,5)<>\"(N/D:\",$AG69<>\"\",ORÇAMENTO.CustoUnitario>$AG69),AND(TIPOORCAMENTO=\"LICITADO\",ORÇAMENTO.PrecoUnitarioLicitado>$AN69)),\"ACIMA REF.\",\nIF(AND($C69=\"S\",$P69<>\"\",$Q69<>\"\",$T69=0,$U69>0),\"QUANT.\",\nIF(AND(Import.TipoArredondamento=\"TransfereGOV\",$L69=\"F\",$C69=\"S\",LEN($Q69)>13),\"Código >13\",\nIF(AND(Import.TipoArredondamento=\"TransfereGOV\",$L69=\"F\",$C69<>\"S\",LEN($R69)>100),\"Descrição >100\",\nIF(AND(Import.TipoArredondamento=\"TransfereGOV\",$L69=\"F\",$C69=\"S\",LEN($R69)>500),\"Descrição >500\",\nIF(AND(Import.TipoArredondamento=\"TransfereGOV\",$L69=\"F\",$C69=\"S\",LEFT(TRIM(UPPER($P69)),6)<>\"SINAPI\",ISNA(VLOOKUP(TRIM(UPPER($S69)),ListaTgov.Unidades,1,FALSE))),\"Unid. Não Disp\",\n\" \"))))))))))))))))","v":" "},{"$f":"IF(C69<=CRONO.NivelExibicao,MAX($AD$15:OFFSET(AD69,-1,0))+IF($C69<>1,1,MAX(1,COUNTIF(QCI!$A$13:$A$24,OFFSET($E69,-1,0)))),\"\")","v":""},{"$f":"IF(AND($C69=\"S\",ORÇAMENTO.CodBarra<>\"\"),IF(ORÇAMENTO.Fonte=\"\",ORÇAMENTO.CodBarra,CONCATENATE(ORÇAMENTO.Fonte,\" \",ORÇAMENTO.CodBarra)))","v":"SINAPI 93382"},{"$f":"IF(ISERROR(ORÇAMENTO.BancoRef),\"(abra o arquivo 'Referência \"&Excel_BuiltIn_Database&\".xlsm)\",IF(OR($C69<>\"S\",ORÇAMENTO.CodBarra=\"\"),\"(Sem Código)\",IF(ISERROR(MATCH($AE69,INDIRECT(ORÇAMENTO.BancoRef),0)),\"(Código não identificado nas referências)\",MATCH($AE69,INDIRECT(ORÇAMENTO.BancoRef),0))))","v":6756},{"$f":"ROUND(IF(DESONERACAO=\"sim\",REFERENCIA.Desonerado,REFERENCIA.NaoDesonerado),2)","v":25.26},0.22470000000000001,null,1.6140000000000003,null,null,49.81,{"$f":"ROUND(ORÇAMENTO.CustoUnitario*(1+$AH69),2)","v":30.94}]
[2,2,2,8,{"$f":"IF($C70=1,OFFSET(E70,-1,0)+MAX(1,COUNTIF(QCI!$A$13:$A$24,OFFSET(ORÇAMENTO!E70,-1,0))),OFFSET(E70,-1,0))","v":1},8,0,0,0,70,{"$f":"IF(OR($C70=\"S\",$C70=0),0,MATCH(OFFSET($D70,0,$C70)+IF($C70<>1,1,COUNTIF(QCI!$A$13:$A$24,ORÇAMENTO!E70)),OFFSET($D70,1,$C70,ROW($C$140)-ROW($C70)),0))","v":8},"F","Nível 2","Nível 2","1.8.","SINAPI","95876","ESTRUTURA METÁLICA E COBERTURA","-",{"$f":"OFFSET(CÁLCULO!H$15,ROW($T70)-ROW(T$15),0)","v":0},0,"BDI 1",{"$f":"IF($C70=\"S\",ROUND(IF(TIPOORCAMENTO=\"Proposto\",ORÇAMENTO.CustoUnitario*(1+$AH70),ORÇAMENTO.PrecoUnitarioLicitado),15-13*$AF$10),0)","v":0},{"$f":"IF($C70=\"S\",IF(OR(Import.TipoArredondamento<>\"TransfereGOV\",ACOMPANHAMENTO=\"BM\"),VTOTAL1,SUM(OFFSET(CÁLCULO!$AA$15,ROW($X70)-ROW($X$15),1):OFFSET(CÁLCULO!$AL$15,ROW($X70)-ROW($X$15),-1))),IF($C70=0,0,ROUND(SomaAgrup,15-13*$AF$11)))","v":234706.29},"RA","",{"$f":"IF($C70=\"S\",IF($Z70=\"CP\",$X70,IF($Z70=\"RA\",(($X70)*QCI!$AA$3),0)),SomaAgrup)","v":77534.936202518031},{"$f":"IF($C70=\"S\",IF($Z70=\"OU\",ROUND($X70,2),0),SomaAgrup)","v":0},{"$f":"IF($N70=\"\",\" \",\nIF(AND($C70<>\"S\",OR($R70=\"\",$R70=\"(digite a descrição aqui)\")),\"DESCRIÇÃO\",\nIF(AND($C70=\"S\",OR($Q70<>\"\",$T70>0,$U70>0),$P70=\"\"),\"FONTE\",\nIF(AND($C70=\"S\",$P70<>\"\",OR($T70>0,$U70>0),$Q70=\"\"),\"CÓDIGO\",\nIF(AND($C70=\"S\",$P70<>\"\",$Q70<>\"\",$R70=\"(Código não identificado nas referências)\"),\"CÓDIGO N/ID\",\nIF(AND($C70=\"S\",OR($R70=\"\",$R70=\"(digite a descrição aqui)\"),OR($Q70<>\"\",$T70>0,$U70>0)),\"DESCRIÇÃO\",\nIF(AND($C70=\"S\",$P70<>\"\",$Q70<>\"\",$S70=\"\"),\"UNIDADE\",\nIF(AND($C70=\"S\",$P70<>\"\",$Q70<>\"\",$U70=0),\"SEM CUSTO\",\nIF(AND(TIPOORCAMENTO=\"Licitado\",$AL70=0,$AN70>0),\"SEM PREÇO\",\nIF(AND($C70=\"S\",$P70<>\"\",$Q70<>\"\",$U70>0,AND($V70<>\"BDI 1\",$V70<>\"BDI 2\",$V70<>\"BDI 3\")),IF(ISNUMBER($V70),\"JUSTIFICAR BDI\",\"BDI\"),\nIF(OR(AND(import.recurso=\"OGU\",TIPOORCAMENTO=\"Proposto\",LEFT($O$8,5)<>\"(N/D:\",$AG70<>\"\",ORÇAMENTO.CustoUnitario>$AG70),AND(TIPOORCAMENTO=\"LICITADO\",ORÇAMENTO.PrecoUnitarioLicitado>$AN70)),\"ACIMA REF.\",\nIF(AND($C70=\"S\",$P70<>\"\",$Q70<>\"\",$T70=0,$U70>0),\"QUANT.\",\nIF(AND(Import.TipoArredondamento=\"TransfereGOV\",$L70=\"F\",$C70=\"S\",LEN($Q70)>13),\"Código >13\",\nIF(AND(Import.TipoArredondamento=\"TransfereGOV\",$L70=\"F\",$C70<>\"S\",LEN($R70)>100),\"Descrição >100\",\nIF(AND(Import.TipoArredondamento=\"TransfereGOV\",$L70=\"F\",$C70=\"S\",LEN($R70)>500),\"Descrição >500\",\nIF(AND(Import.TipoArredondamento=\"TransfereGOV\",$L70=\"F\",$C70=\"S\",LEFT(TRIM(UPPER($P70)),6)<>\"SINAPI\",ISNA(VLOOKUP(TRIM(UPPER($S70)),ListaTgov.Unidades,1,FALSE))),\"Unid. Não Disp\",\n\" \"))))))))))))))))","v":" "},{"$f":"IF(C70<=CRONO.NivelExibicao,MAX($AD$15:OFFSET(AD70,-1,0))+IF($C70<>1,1,MAX(1,COUNTIF(QCI!$A$13:$A$24,OFFSET($E70,-1,0)))),\"\")","v":9},{"$f":"IF(AND($C70=\"S\",ORÇAMENTO.CodBarra<>\"\"),IF(ORÇAMENTO.Fonte=\"\",ORÇAMENTO.CodBarra,CONCATENATE(ORÇAMENTO.Fonte,\" \",ORÇAMENTO.CodBarra)))","v":false},{"$f":"IF(ISERROR(ORÇAMENTO.BancoRef),\"(abra o arquivo 'Referência \"&Excel_BuiltIn_Database&\".xlsm)\",IF(OR($C70<>\"S\",ORÇAMENTO.CodBarra=\"\"),\"(Sem Código)\",IF(ISERROR(MATCH($AE70,INDIRECT(ORÇAMENTO.BancoRef),0)),\"(Código não identificado nas referências)\",MATCH($AE70,INDIRECT(ORÇAMENTO.BancoRef),0))))","v":"(Sem Código)"},{"$f":"ROUND(IF(DESONERACAO=\"sim\",REFERENCIA.Desonerado,REFERENCIA.NaoDesonerado),2)","v":0},0.22470000000000001,null,{"$error":"#REF!"},null,34.799999999999997,234706.29,{"$f":"ROUND(ORÇAMENTO.CustoUnitario*(1+$AH70),2)","v":0}]
["S",2,"S",0,{"$f":"IF($C71=1,OFFSET(E71,-1,0)+MAX(1,COUNTIF(QCI!$A$13:$A$24,OFFSET(ORÇAMENTO!E71,-1,0))),OFFSET(E71,-1,0))","v":1},8,0,0,1,0,{"$f":"IF(OR($C71=\"S\",$C71=0),0,MATCH(OFFSET($D71,0,$C71)+IF($C71<>1,1,COUNTIF(QCI!$A$13:$A$24,ORÇAMENTO!E71)),OFFSET($D71,1,$C71,ROW($C$140)-ROW($C71)),0))","v":0},"F","Serviço","Serviço","1.8.1.","Composição","CPU 20","ESTRUTURA METÁLICA DE REFORÇO PARA PILARES EM CHAPAS DE AÇO A36-FY250Mpa, CANTONEIRA DE ABAS IGUAIS #3,00MM-A36-FY250Mpa, LIGAÇÕES SOLDADAS, MÃO DE OBRA E TRANSPORTE COM GUINDASTE - FORNECIMENTO E INSTALAÇÃO","KG",{"$f":"OFFSET(CÁLCULO!H$15,ROW($T71)-ROW(T$15),0)","v":1774.75},12.04,"BDI 1",{"$f":"IF($C71=\"S\",ROUND(IF(TIPOORCAMENTO=\"Proposto\",ORÇAMENTO.CustoUnitario*(1+$AH71),ORÇAMENTO.PrecoUnitarioLicitado),15-13*$AF$10),0)","v":14.75},{"$f":"IF($C71=\"S\",IF(OR(Import.TipoArredondamento<>\"TransfereGOV\",ACOMPANHAMENTO=\"BM\"),VTOTAL1,SUM(OFFSET(CÁLCULO!$AA$15,ROW($X71)-ROW($X$15),1):OFFSET(CÁLCULO!$AL$15,ROW($X71)-ROW($X$15),-1))),IF($C71=0,0,ROUND(SomaAgrup,15-13*$AF$11)))","v":26177.56},"RA","RA",{"$f":"IF($C71=\"S\",IF($Z71=\"CP\",$X71,IF($Z71=\"RA\",(($X71)*QCI!$AA$3),0)),SomaAgrup)","v":8647.7249695250503},{"$f":"IF($C71=\"S\",IF($Z71=\"OU\",ROUND($X71,2),0),SomaAgrup)","v":0},{"$f":"IF($N71=\"\",\" \",\nIF(AND($C71<>\"S\",OR($R71=\"\",$R71=\"(digite a descrição aqui)\")),\"DESCRIÇÃO\",\nIF(AND($C71=\"S\",OR($Q71<>\"\",$T71>0,$U71>0),$P71=\"\"),\"FONTE\",\nIF(AND($C71=\"S\",$P71<>\"\",OR($T71>0,$U71>0),$Q71=\"\"),\"CÓDIGO\",\nIF(AND($C71=\"S\",$P71<>\"\",$Q71<>\"\",$R71=\"(Código não identificado nas referências)\"),\"CÓDIGO N/ID\",\nIF(AND($C71=\"S\",OR($R71=\"\",$R71=\"(digite a descrição aqui)\"),OR($Q71<>\"\",$T71>0,$U71>0)),\"DESCRIÇÃO\",\nIF(AND($C71=\"S\",$P71<>\"\",$Q71<>\"\",$S71=\"\"),\"UNIDADE\",\nIF(AND($C71=\"S\",$P71<>\"\",$Q71<>\"\",$U71=0),\"SEM CUSTO\",\nIF(AND(TIPOORCAMENTO=\"Licitado\",$AL71=0,$AN71>0),\"SEM PREÇO\",\nIF(AND($C71=\"S\",$P71<>\"\",$Q71<>\"\",$U71>0,AND($V71<>\"BDI 1\",$V71<>\"BDI 2\",$V71<>\"BDI 3\")),IF(ISNUMBER($V71),\"JUSTIFICAR BDI\",\"BDI\"),\nIF(OR(AND(import.recurso=\"OGU\",TIPOORCAMENTO=\"Proposto\",LEFT($O$8,5)<>\"(N/D:\",$AG71<>\"\",ORÇAMENTO.CustoUnitario>$AG71),AND(TIPOORCAMENTO=\"LICITADO\",ORÇAMENTO.PrecoUnitarioLicitado>$AN71)),\"ACIMA REF.\",\nIF(AND($C71=\"S\",$P71<>\"\",$Q71<>\"\",$T71=0,$U71>0),\"QUANT.\",\nIF(AND(Import.TipoArredondamento=\"TransfereGOV\",$L71=\"F\",$C71=\"S\",LEN($Q71)>13),\"Código >13\",\nIF(AND(Import.TipoArredondamento=\"TransfereGOV\",$L71=\"F\",$C71<>\"S\",LEN($R71)>100),\"Descrição >100\",\nIF(AND(Import.TipoArredondamento=\"TransfereGOV\",$L71=\"F\",$C71=\"S\",LEN($R71)>500),\"Descrição >500\",\nIF(AND(Import.TipoArredondamento=\"TransfereGOV\",$L71=\"F\",$C71=\"S\",LEFT(TRIM(UPPER($P71)),6)<>\"SINAPI\",ISNA(VLOOKUP(TRIM(UPPER($S71)),ListaTgov.Unidades,1,FALSE))),\"Unid. Não Disp\",\n\" \"))))))))))))))))","v":" "},{"$f":"IF(C71<=CRONO.NivelExibicao,MAX($AD$15:OFFSET(AD71,-1,0))+IF($C71<>1,1,MAX(1,COUNTIF(QCI!$A$13:$A$24,OFFSET($E71,-1,0)))),\"\")","v":""},{"$f":"IF(AND($C71=\"S\",ORÇAMENTO.CodBarra<>\"\"),IF(ORÇAMENTO.Fonte=\"\",ORÇAMENTO.CodBarra,CONCATENATE(ORÇAMENTO.Fonte,\" \",ORÇAMENTO.CodBarra)))","v":"Composição CPU 20"},{"$f":"IF(ISERROR(ORÇAMENTO.BancoRef),\"(abra o arquivo 'Referência \"&Excel_BuiltIn_Database&\".xlsm)\",IF(OR($C71<>\"S\",ORÇAMENTO.CodBarra=\"\"),\"(Sem Código)\",IF(ISERROR(MATCH($AE71,INDIRECT(ORÇAMENTO.BancoRef),0)),\"(Código não identificado nas referências)\",MATCH($AE71,INDIRECT(ORÇAMENTO.BancoRef),0))))","v":17},{"$f":"ROUND(IF(DESONERACAO=\"sim\",REFERENCIA.Desonerado,REFERENCIA.NaoDesonerado),2)","v":12.04},0.22470000000000001,null,1774.7449999999999,null,null,26177.56,{"$f":"ROUND(ORÇAMENTO.CustoUnitario*(1+$AH71),2)","v":14.75}]
["S",2,"S",0,{"$f":"IF($C72=1,OFFSET(E72,-1,0)+MAX(1,COUNTIF(QCI!$A$13:$A$24,OFFSET(ORÇAMENTO!E72,-1,0))),OFFSET(E72,-1,0))","v":1},8,0,0,2,0,{"$f":"IF(OR($C72=\"S\",$C72=0),0,MATCH(OFFSET($D72,0,$C72)+IF($C72<>1,1,COUNTIF(QCI!$A$13:$A$24,ORÇAMENTO!E72)),OFFSET($D72,1,$C72,ROW($C$140)-ROW($C72)),0))","v":0},"F","Serviço","Serviço","1.8.2.","Composição","CPU 21","ESTRUTURA METÁLICA PARA PILARES EM PERFIS \"U\" #6.35MM-AÇO A36-FY250Mpa, CANTONEIRA DE ABAS IGUAIS #3,00MM-A36-FY250Mpa, LIGAÇÕES SOLDADAS, MÃO DE OBRA E TRANSPORTE COM GUINDASTE - FORNECIMENTO E INSTALAÇÃO","KG",{"$f":"OFFSET(CÁLCULO!H$15,ROW($T72)-ROW(T$15),0)","v":672.65},13.66,"BDI 1",{"$f":"IF($C72=\"S\",ROUND(IF(TIPOORCAMENTO=\"Proposto\",ORÇAMENTO.CustoUnitario*(1+$AH72),ORÇAMENTO.PrecoUnitarioLicitado),15-13*$AF$10),0)","v":16.73},{"$f":"IF($C72=\"S\",IF(OR(Import.TipoArredondamento<>\"TransfereGOV\",ACOMPANHAMENTO=\"BM\"),VTOTAL1,SUM(OFFSET(CÁLCULO!$AA$15,ROW($X72)-ROW($X$15),1):OFFSET(CÁLCULO!$AL$15,ROW($X72)-ROW($X$15),-1))),IF($C72=0,0,ROUND(SomaAgrup,15-13*$AF$11)))","v":11253.43},"RA","RA",{"$f":"IF($C72=\"S\",IF($Z72=\"CP\",$X72,IF($Z72=\"RA\",(($X72)*QCI!$AA$3),0)),SomaAgrup)","v":3717.5568541835942},{"$f":"IF($C72=\"S\",IF($Z72=\"OU\",ROUND($X72,2),0),SomaAgrup)","v":0},{"$f":"IF($N72=\"\",\" \",\nIF(AND($C72<>\"S\",OR($R72=\"\",$R72=\"(digite a descrição aqui)\")),\"DESCRIÇÃO\",\nIF(AND($C72=\"S\",OR($Q72<>\"\",$T72>0,$U72>0),$P72=\"\"),\"FONTE\",\nIF(AND($C72=\"S\",$P72<>\"\",OR($T72>0,$U72>0),$Q72=\"\"),\"CÓDIGO\",\nIF(AND($C72=\"S\",$P72<>\"\",$Q72<>\"\",$R72=\"(Código não identificado nas referências)\"),\"CÓDIGO N/ID\",\nIF(AND($C72=\"S\",OR($R72=\"\",$R72=\"(digite a descrição aqui)\"),OR($Q72<>\"\",$T72>0,$U72>0)),\"DESCRIÇÃO\",\nIF(AND($C72=\"S\",$P72<>\"\",$Q72<>\"\",$S72=\"\"),\"UNIDADE\",\nIF(AND($C72=\"S\",$P72<>\"\",$Q72<>\"\",$U72=0),\"SEM CUSTO\",\nIF(AND(TIPOORCAMENTO=\"Licitado\",$AL72=0,$AN72>0),\"SEM PREÇO\",\nIF(AND($C72=\"S\",$P72<>\"\",$Q72<>\"\",$U72>0,AND($V72<>\"BDI 1\",$V72<>\"BDI 2\",$V72<>\"BDI 3\")),IF(ISNUMBER($V72),\"JUSTIFICAR BDI\",\"BDI\"),\nIF(OR(AND(import.recurso=\"OGU\",TIPOORCAMENTO=\"Proposto\",LEFT($O$8,5)<>\"(N/D:\",$AG72<>\"\",ORÇAMENTO.CustoUnitario>$AG72),AND(TIPOORCAMENTO=\"LICITADO\",ORÇAMENTO.PrecoUnitarioLicitado>$AN72)),\"ACIMA REF.\",\nIF(AND($C72=\"S\",$P72<>\"\",$Q72<>\"\",$T72=0,$U72>0),\"QUANT.\",\nIF(AND(Import.TipoArredondamento=\"TransfereGOV\",$L72=\"F\",$C72=\"S\",LEN($Q72)>13),\"Código >13\",\nIF(AND(Import.TipoArredondamento=\"TransfereGOV\",$L72=\"F\",$C72<>\"S\",LEN($R72)>100),\"Descrição >100\",\nIF(AND(Import.TipoArredondamento=\"TransfereGOV\",$L72=\"F\",$C72=\"S\",LEN($R72)>500),\"Descrição >500\",\nIF(AND(Import.TipoArredondamento=\"TransfereGOV\",$L72=\"F\",$C72=\"S\",LEFT(TRIM(UPPER($P72)),6)<>\"SINAPI\",ISNA(VLOOKUP(TRIM(UPPER($S72)),ListaTgov.Unidades,1,FALSE))),\"Unid. Não Disp\",\n\" \"))))))))))))))))","v":" "},{"$f":"IF(C72<=CRONO.NivelExibicao,MAX($AD$15:OFFSET(AD72,-1,0))+IF($C72<>1,1,MAX(1,COUNTIF(QCI!$A$13:$A$24,OFFSET($E72,-1,0)))),\"\")","v":""},{"$f":"IF(AND($C72=\"S\",ORÇAMENTO.CodBarra<>\"\"),IF(ORÇAMENTO.Fonte=\"\",ORÇAMENTO.CodBarra,CONCATENATE(ORÇAMENTO.Fonte,\" \",ORÇAMENTO.CodBarra)))","v":"Composição CPU 21"},{"$f":"IF(ISERROR(ORÇAMENTO.BancoRef),\"(abra o arquivo 'Referência \"&Excel_BuiltIn_Database&\".xlsm)\",IF(OR($C72<>\"S\",ORÇAMENTO.CodBarra=\"\"),\"(Sem Código)\",IF(ISERROR(MATCH($AE72,INDIRECT(ORÇAMENTO.BancoRef),0)),\"(Código não identificado nas referências)\",MATCH($AE72,INDIRECT(ORÇAMENTO.BancoRef),0))))","v":18},{"$f":"ROUND(IF(DESONERACAO=\"sim\",REFERENCIA.Desonerado,REFERENCIA.NaoDesonerado),2)","v":13.66},0.22470000000000001,null,672.64499999999998,null,null,11253.43,{"$f":"ROUND(ORÇAMENTO.CustoUnitario*(1+$AH72),2)","v":16.73}]
["S",2,"S",0,{"$f":"IF($C73=1,OFFSET(E73,-1,0)+MAX(1,COUNTIF(QCI!$A$13:$A$24,OFFSET(ORÇAMENTO!E73,-1,0))),OFFSET(E73,-1,0))","v":1},8,0,0,3,0,{"$f":"IF(OR($C73=\"S\",$C73=0),0,MATCH(OFFSET($D73,0,$C73)+IF($C73<>1,1,COUNTIF(QCI!$A$13:$A$24,ORÇAMENTO!E73)),OFFSET($D73,1,$C73,ROW($C$140)-ROW($C73)),0))","v":0},"F","Serviço","Serviço","1.8.3.","Composição","CPU 22","LIGAÇÕES COMPOSTOS POR CHAPAS DE BASE, CHAPAS DE LIGAÇÃO E CHUMBADORES PARA ESTRUTURA METÁLICA, AÇO A36-FY250Mpa, LIGAÇÕES SOLDADAS, MÃO DE OBRA - FORNECIMENTO E INSTALAÇÃO","KG",{"$f":"OFFSET(CÁLCULO!H$15,ROW($T73)-ROW(T$15),0)","v":212.16},11.74,"BDI 1",{"$f":"IF($C73=\"S\",ROUND(IF(TIPOORCAMENTO=\"Proposto\",ORÇAMENTO.CustoUnitario*(1+$AH73),ORÇAMENTO.PrecoUnitarioLicitado),15-13*$AF$10),0)","v":14.38},{"$f":"IF($C73=\"S\",IF(OR(Import.TipoArredondamento<>\"TransfereGOV\",ACOMPANHAMENTO=\"BM\"),VTOTAL1,SUM(OFFSET(CÁLCULO!$AA$15,ROW($X73)-ROW($X$15),1):OFFSET(CÁLCULO!$AL$15,ROW($X73)-ROW($X$15),-1))),IF($C73=0,0,ROUND(SomaAgrup,15-13*$AF$11)))","v":3050.86},"RA","RA",{"$f":"IF($C73=\"S\",IF($Z73=\"CP\",$X73,IF($Z73=\"RA\",(($X73)*QCI!$AA$3),0)),SomaAgrup)","v":1007.8478743062835},{"$f":"IF($C73=\"S\",IF($Z73=\"OU\",ROUND($X73,2),0),SomaAgrup)","v":0},{"$f":"IF($N73=\"\",\" \",\nIF(AND($C73<>\"S\",OR($R73=\"\",$R73=\"(digite a descrição aqui)\")),\"DESCRIÇÃO\",\nIF(AND($C73=\"S\",OR($Q73<>\"\",$T73>0,$U73>0),$P73=\"\"),\"FONTE\",\nIF(AND($C73=\"S\",$P73<>\"\",OR($T73>0,$U73>0),$Q73=\"\"),\"CÓDIGO\",\nIF(AND($C73=\"S\",$P73<>\"\",$Q73<>\"\",$R73=\"(Código não identificado nas referências)\"),\"CÓDIGO N/ID\",\nIF(AND($C73=\"S\",OR($R73=\"\",$R73=\"(digite a descrição aqui)\"),OR($Q73<>\"\",$T73>0,$U73>0)),\"DESCRIÇÃO\",\nIF(AND($C73=\"S\",$P73<>\"\",$Q73<>\"\",$S73=\"\"),\"UNIDADE\",\nIF(AND($C73=\"S\",$P73<>\"\",$Q73<>\"\",$U73=0),\"SEM CUSTO\",\nIF(AND(TIPOORCAMENTO=\"Licitado\",$AL73=0,$AN73>0),\"SEM PREÇO\",\nIF(AND($C73=\"S\",$P73<>\"\",$Q73<>\"\",$U73>0,AND($V73<>\"BDI 1\",$V73<>\"BDI 2\",$V73<>\"BDI 3\")),IF(ISNUMBER($V73),\"JUSTIFICAR BDI\",\"BDI\"),\nIF(OR(AND(import.recurso=\"OGU\",TIPOORCAMENTO=\"Proposto\",LEFT($O$8,5)<>\"(N/D:\",$AG73<>\"\",ORÇAMENTO.CustoUnitario>$AG73),AND(TIPOORCAMENTO=\"LICITADO\",ORÇAMENTO.PrecoUnitarioLicitado>$AN73)),\"ACIMA REF.\",\nIF(AND($C73=\"S\",$P73<>\"\",$Q73<>\"\",$T73=0,$U73>0),\"QUANT.\",\nIF(AND(Import.TipoArredondamento=\"TransfereGOV\",$L73=\"F\",$C73=\"S\",LEN($Q73)>13),\"Código >13\",\nIF(AND(Import.TipoArredondamento=\"TransfereGOV\",$L73=\"F\",$C73<>\"S\",LEN($R73)>100),\"Descrição >100\",\nIF(AND(Import.TipoArredondamento=\"TransfereGOV\",$L73=\"F\",$C73=\"S\",LEN($R73)>500),\"Descrição >500\",\nIF(AND(Import.TipoArredondamento=\"TransfereGOV\",$L73=\"F\",$C73=\"S\",LEFT(TRIM(UPPER($P73)),6)<>\"SINAPI\",ISNA(VLOOKUP(TRIM(UPPER($S73)),ListaTgov.Unidades,1,FALSE))),\"Unid. Não Disp\",\n\" \"))))))))))))))))","v":" "},{"$f":"IF(C73<=CRONO.NivelExibicao,MAX($AD$15:OFFSET(AD73,-1,0))+IF($C73<>1,1,MAX(1,COUNTIF(QCI!$A$13:$A$24,OFFSET($E73,-1,0)))),\"\")","v":""},{"$f":"IF(AND($C73=\"S\",ORÇAMENTO.CodBarra<>\"\"),IF(ORÇAMENTO.Fonte=\"\",ORÇAMENTO.CodBarra,CONCATENATE(ORÇAMENTO.Fonte,\" \",ORÇAMENTO.CodBarra)))","v":"Composição CPU 22"},{"$f":"IF(ISERROR(ORÇAMENTO.BancoRef),\"(abra o arquivo 'Referência \"&Excel_BuiltIn_Database&\".xlsm)\",IF(OR($C73<>\"S\",ORÇAMENTO.CodBarra=\"\"),\"(Sem Código)\",IF(ISERROR(MATCH($AE73,INDIRECT(ORÇAMENTO.BancoRef),0)),\"(Código não identificado nas referências)\",MATCH($AE73,INDIRECT(ORÇAMENTO.BancoRef),0))))","v":19},{"$f":"ROUND(IF(DESONERACAO=\"sim\",REFERENCIA.Desonerado,REFERENCIA.NaoDesonerado),2)","v":11.74},0.22470000000000001,null,212.16,null,null,3050.86,{"$f":"ROUND(ORÇAMENTO.CustoUnitario*(1+$AH73),2)","v":14.38}]
["S",2,"S",0,{"$f":"IF($C74=1,OFFSET(E74,-1,0)+MAX(1,COUNTIF(QCI!$A$13:$A$24,OFFSET(ORÇAMENTO!E74,-1,0))),OFFSET(E74,-1,0))","v":1},8,0,0,4,0,{"$f":"IF(OR($C74=\"S\",$C74=0),0,MATCH(OFFSET($D74,0,$C74)+IF($C74<>1,1,COUNTIF(QCI!$A$13:$A$24,ORÇAMENTO!E74)),OFFSET($D74,1,$C74,ROW($C$140)-ROW($C74)),0))","v":0},"F","Serviço","Serviço","1.8.4.","Composição","CPU 23","ESTRUTURA TRELIÇADA PARA TESOURAS DE COBERTURA, COM LIGAÇÕES SOLDADAS, INCLUSOS PERFIS METÁLICOS, CHAPAS METÁLICAS, MÃO DE OBRA E TRANSPORTE COM GUINDASTE - FORNECIMENTO E INSTALAÇÃO","KG",{"$f":"OFFSET(CÁLCULO!H$15,ROW($T74)-ROW(T$15),0)","v":4786.57},13.65,"BDI 1",{"$f":"IF($C74=\"S\",ROUND(IF(TIPOORCAMENTO=\"Proposto\",ORÇAMENTO.CustoUnitario*(1+$AH74),ORÇAMENTO.PrecoUnitarioLicitado),15-13*$AF$10),0)","v":16.72},{"$f":"IF($C74=\"S\",IF(OR(Import.TipoArredondamento<>\"TransfereGOV\",ACOMPANHAMENTO=\"BM\"),VTOTAL1,SUM(OFFSET(CÁLCULO!$AA$15,ROW($X74)-ROW($X$15),1):OFFSET(CÁLCULO!$AL$15,ROW($X74)-ROW($X$15),-1))),IF($C74=0,0,ROUND(SomaAgrup,15-13*$AF$11)))","v":80031.45},"RA","RA",{"$f":"IF($C74=\"S\",IF($Z74=\"CP\",$X74,IF($Z74=\"RA\",(($X74)*QCI!$AA$3),0)),SomaAgrup)","v":26438.291747294075},{"$f":"IF($C74=\"S\",IF($Z74=\"OU\",ROUND($X74,2),0),SomaAgrup)","v":0},{"$f":"IF($N74=\"\",\" \",\nIF(AND($C74<>\"S\",OR($R74=\"\",$R74=\"(digite a descrição aqui)\")),\"DESCRIÇÃO\",\nIF(AND($C74=\"S\",OR($Q74<>\"\",$T74>0,$U74>0),$P74=\"\"),\"FONTE\",\nIF(AND($C74=\"S\",$P74<>\"\",OR($T74>0,$U74>0),$Q74=\"\"),\"CÓDIGO\",\nIF(AND($C74=\"S\",$P74<>\"\",$Q74<>\"\",$R74=\"(Código não identificado nas referências)\"),\"CÓDIGO N/ID\",\nIF(AND($C74=\"S\",OR($R74=\"\",$R74=\"(digite a descrição aqui)\"),OR($Q74<>\"\",$T74>0,$U74>0)),\"DESCRIÇÃO\",\nIF(AND($C74=\"S\",$P74<>\"\",$Q74<>\"\",$S74=\"\"),\"UNIDADE\",\nIF(AND($C74=\"S\",$P74<>\"\",$Q74<>\"\",$U74=0),\"SEM CUSTO\",\nIF(AND(TIPOORCAMENTO=\"Licitado\",$AL74=0,$AN74>0),\"SEM PREÇO\",\nIF(AND($C74=\"S\",$P74<>\"\",$Q74<>\"\",$U74>0,AND($V74<>\"BDI 1\",$V74<>\"BDI 2\",$V74<>\"BDI 3\")),IF(ISNUMBER($V74),\"JUSTIFICAR BDI\",\"BDI\"),\nIF(OR(AND(import.recurso=\"OGU\",TIPOORCAMENTO=\"Proposto\",LEFT($O$8,5)<>\"(N/D:\",$AG74<>\"\",ORÇAMENTO.CustoUnitario>$AG74),AND(TIPOORCAMENTO=\"LICITADO\",ORÇAMENTO.PrecoUnitarioLicitado>$AN74)),\"ACIMA REF.\",\nIF(AND($C74=\"S\",$P74<>\"\",$Q74<>\"\",$T74=0,$U74>0),\"QUANT.\",\nIF(AND(Import.TipoArredondamento=\"TransfereGOV\",$L74=\"F\",$C74=\"S\",LEN($Q74)>13),\"Código >13\",\nIF(AND(Import.TipoArredondamento=\"TransfereGOV\",$L74=\"F\",$C74<>\"S\",LEN($R74)>100),\"Descrição >100\",\nIF(AND(Import.TipoArredondamento=\"TransfereGOV\",$L74=\"F\",$C74=\"S\",LEN($R74)>500),\"Descrição >500\",\nIF(AND(Import.TipoArredondamento=\"TransfereGOV\",$L74=\"F\",$C74=\"S\",LEFT(TRIM(UPPER($P74)),6)<>\"SINAPI\",ISNA(VLOOKUP(TRIM(UPPER($S74)),ListaTgov.Unidades,1,FALSE))),\"Unid. Não Disp\",\n\" \"))))))))))))))))","v":" "},{"$f":"IF(C74<=CRONO.NivelExibicao,MAX($AD$15:OFFSET(AD74,-1,0))+IF($C74<>1,1,MAX(1,COUNTIF(QCI!$A$13:$A$24,OFFSET($E74,-1,0)))),\"\")","v":""},{"$f":"IF(AND($C74=\"S\",ORÇAMENTO.CodBarra<>\"\"),IF(ORÇAMENTO.Fonte=\"\",ORÇAMENTO.CodBarra,CONCATENATE(ORÇAMENTO.Fonte,\" \",ORÇAMENTO.CodBarra)))","v":"Composição CPU 23"},{"$f":"IF(ISERROR(ORÇAMENTO.BancoRef),\"(abra o arquivo 'Referência \"&Excel_BuiltIn_Database&\".xlsm)\",IF(OR($C74<>\"S\",ORÇAMENTO.CodBarra=\"\"),\"(Sem Código)\",IF(ISERROR(MATCH($AE74,INDIRECT(ORÇAMENTO.BancoRef),0)),\"(Código não identificado nas referências)\",MATCH($AE74,INDIRECT(ORÇAMENTO.BancoRef),0))))","v":20},{"$f":"ROUND(IF(DESONERACAO=\"sim\",REFERENCIA.Desonerado,REFERENCIA.NaoDesonerado),2)","v":13.65},0.22470000000000001,null,4786.5650000000005,null,null,80031.45,{"$f":"ROUND(ORÇAMENTO.CustoUnitario*(1+$AH74),2)","v":16.72}]
["S",2,"S",0,{"$f":"IF($C75=1,OFFSET(E75,-1,0)+MAX(1,COUNTIF(QCI!$A$13:$A$24,OFFSET(ORÇAMENTO!E75,-1,0))),OFFSET(E75,-1,0))","v":1},8,0,0,5,0,{"$f":"IF(OR($C75=\"S\",$C75=0),0,MATCH(OFFSET($D75,0,$C75)+IF($C75<>1,1,COUNTIF(QCI!$A$13:$A$24,ORÇAMENTO!E75)),OFFSET($D75,1,$C75,ROW($C$140)-ROW($C75)),0))","v":0},"F","Serviço","Serviço","1.8.5.","SINAPI","104314","TRAMA DE AÇO COMPOSTA POR TERÇAS PARA TELHADOS DE ATÉ 2 ÁGUAS PARA TELHA ONDULADA DE FIBROCIMENTO, METÁLICA, PLÁSTICA OU TERMOACÚSTICA, INCLUSO TRANSPORTE VERTICAL (EM KG). AF_07/2019","KG",{"$f":"OFFSET(CÁLCULO!H$15,ROW($T75)-ROW(T$15),0)","v":4252.8900000000003},11.8,"BDI 1",{"$f":"IF($C75=\"S\",ROUND(IF(TIPOORCAMENTO=\"Proposto\",ORÇAMENTO.CustoUnitario*(1+$AH75),ORÇAMENTO.PrecoUnitarioLicitado),15-13*$AF$10),0)","v":14.45},{"$f":"IF($C75=\"S\",IF(OR(Import.TipoArredondamento<>\"TransfereGOV\",ACOMPANHAMENTO=\"BM\"),VTOTAL1,SUM(OFFSET(CÁLCULO!$AA$15,ROW($X75)-ROW($X$15),1):OFFSET(CÁLCULO!$AL$15,ROW($X75)-ROW($X$15),-1))),IF($C75=0,0,ROUND(SomaAgrup,15-13*$AF$11)))","v":61454.26},"RA","RA",{"$f":"IF($C75=\"S\",IF($Z75=\"CP\",$X75,IF($Z75=\"RA\",(($X75)*QCI!$AA$3),0)),SomaAgrup)","v":20301.339723247107},{"$f":"IF($C75=\"S\",IF($Z75=\"OU\",ROUND($X75,2),0),SomaAgrup)","v":0},{"$f":"IF($N75=\"\",\" \",\nIF(AND($C75<>\"S\",OR($R75=\"\",$R75=\"(digite a descrição aqui)\")),\"DESCRIÇÃO\",\nIF(AND($C75=\"S\",OR($Q75<>\"\",$T75>0,$U75>0),$P75=\"\"),\"FONTE\",\nIF(AND($C75=\"S\",$P75<>\"\",OR($T75>0,$U75>0),$Q75=\"\"),\"CÓDIGO\",\nIF(AND($C75=\"S\",$P75<>\"\",$Q75<>\"\",$R75=\"(Código não identificado nas referências)\"),\"CÓDIGO N/ID\",\nIF(AND($C75=\"S\",OR($R75=\"\",$R75=\"(digite a descrição aqui)\"),OR($Q75<>\"\",$T75>0,$U75>0)),\"DESCRIÇÃO\",\nIF(AND($C75=\"S\",$P75<>\"\",$Q75<>\"\",$S75=\"\"),\"UNIDADE\",\nIF(AND($C75=\"S\",$P75<>\"\",$Q75<>\"\",$U75=0),\"SEM CUSTO\",\nIF(AND(TIPOORCAMENTO=\"Licitado\",$AL75=0,$AN75>0),\"SEM PREÇO\",\nIF(AND($C75=\"S\",$P75<>\"\",$Q75<>\"\",$U75>0,AND($V75<>\"BDI 1\",$V75<>\"BDI 2\",$V75<>\"BDI 3\")),IF(ISNUMBER($V75),\"JUSTIFICAR BDI\",\"BDI\"),\nIF(OR(AND(import.recurso=\"OGU\",TIPOORCAMENTO=\"Proposto\",LEFT($O$8,5)<>\"(N/D:\",$AG75<>\"\",ORÇAMENTO.CustoUnitario>$AG75),AND(TIPOORCAMENTO=\"LICITADO\",ORÇAMENTO.PrecoUnitarioLicitado>$AN75)),\"ACIMA REF.\",\nIF(AND($C75=\"S\",$P75<>\"\",$Q75<>\"\",$T75=0,$U75>0),\"QUANT.\",\nIF(AND(Import.TipoArredondamento=\"TransfereGOV\",$L75=\"F\",$C75=\"S\",LEN($Q75)>13),\"Código >13\",\nIF(AND(Import.TipoArredondamento=\"TransfereGOV\",$L75=\"F\",$C75<>\"S\",LEN($R75)>100),\"Descrição >100\",\nIF(AND(Import.TipoArredondamento=\"TransfereGOV\",$L75=\"F\",$C75=\"S\",LEN($R75)>500),\"Descrição >500\",\nIF(AND(Import.TipoArredondamento=\"TransfereGOV\",$L75=\"F\",$C75=\"S\",LEFT(TRIM(UPPER($P75)),6)<>\"SINAPI\",ISNA(VLOOKUP(TRIM(UPPER($S75)),ListaTgov.Unidades,1,FALSE))),\"Unid. Não Disp\",\n\" \"))))))))))))))))","v":" "},{"$f":"IF(C75<=CRONO.NivelExibicao,MAX($AD$15:OFFSET(AD75,-1,0))+IF($C75<>1,1,MAX(1,COUNTIF(QCI!$A$13:$A$24,OFFSET($E75,-1,0)))),\"\")","v":""},{"$f":"IF(AND($C75=\"S\",ORÇAMENTO.CodBarra<>\"\"),IF(ORÇAMENTO.Fonte=\"\",ORÇAMENTO.CodBarra,CONCATENATE(ORÇAMENTO.Fonte,\" \",ORÇAMENTO.CodBarra)))","v":"SINAPI 104314"},{"$f":"IF(ISERROR(ORÇAMENTO.BancoRef),\"(abra o arquivo 'Referência \"&Excel_BuiltIn_Database&\".xlsm)\",IF(OR($C75<>\"S\",ORÇAMENTO.CodBarra=\"\"),\"(Sem Código)\",IF(ISERROR(MATCH($AE75,INDIRECT(ORÇAMENTO.BancoRef),0)),\"(Código não identificado nas referências)\",MATCH($AE75,INDIRECT(ORÇAMENTO.BancoRef),0))))","v":9745},{"$f":"ROUND(IF(DESONERACAO=\"sim\",REFERENCIA.Desonerado,REFERENCIA.NaoDesonerado),2)","v":11.8},0.22470000000000001,null,4252.8850000000002,null,null,61454.26,{"$f":"ROUND(ORÇAMENTO.CustoUnitario*(1+$AH75),2)","v":14.45}]
["S",2,"S",0,{"$f":"IF($C76=1,OFFSET(E76,-1,0)+MAX(1,COUNTIF(QCI!$A$13:$A$24,OFFSET(ORÇAMENTO!E76,-1,0))),OFFSET(E76,-1,0))","v":1},8,0,0,6,0,{"$f":"IF(OR($C76=\"S\",$C76=0),0,MATCH(OFFSET($D76,0,$C76)+IF($C76<>1,1,COUNTIF(QCI!$A$13:$A$24,ORÇAMENTO!E76)),OFFSET($D76,1,$C76,ROW($C$140)-ROW($C76)),0))","v":0},"F","Serviço","Serviço","1.8.6.","SINAPI","94213","TELHAMENTO COM TELHA DE AÇO/ALUMÍNIO E = 0,5 MM, COM ATÉ 2 ÁGUAS, INCLUSO IÇAMENTO. AF_07/2019","M2",{"$f":"OFFSET(CÁLCULO!H$15,ROW($T76)-ROW(T$15),0)","v":616.38},68.75,"BDI 1",{"$f":"IF($C76=\"S\",ROUND(IF(TIPOORCAMENTO=\"Proposto\",ORÇAMENTO.CustoUnitario*(1+$AH76),ORÇAMENTO.PrecoUnitarioLicitado),15-13*$AF$10),0)","v":84.2},{"$f":"IF($C76=\"S\",IF(OR(Import.TipoArredondamento<>\"TransfereGOV\",ACOMPANHAMENTO=\"BM\"),VTOTAL1,SUM(OFFSET(CÁLCULO!$AA$15,ROW($X76)-ROW($X$15),1):OFFSET(CÁLCULO!$AL$15,ROW($X76)-ROW($X$15),-1))),IF($C76=0,0,ROUND(SomaAgrup,15-13*$AF$11)))","v":51899.199999999997},"RA","RA",{"$f":"IF($C76=\"S\",IF($Z76=\"CP\",$X76,IF($Z76=\"RA\",(($X76)*QCI!$AA$3),0)),SomaAgrup)","v":17144.837323966574},{"$f":"IF($C76=\"S\",IF($Z76=\"OU\",ROUND($X76,2),0),SomaAgrup)","v":0},{"$f":"IF($N76=\"\",\" \",\nIF(AND($C76<>\"S\",OR($R76=\"\",$R76=\"(digite a descrição aqui)\")),\"DESCRIÇÃO\",\nIF(AND($C76=\"S\",OR($Q76<>\"\",$T76>0,$U76>0),$P76=\"\"),\"FONTE\",\nIF(AND($C76=\"S\",$P76<>\"\",OR($T76>0,$U76>0),$Q76=\"\"),\"CÓDIGO\",\nIF(AND($C76=\"S\",$P76<>\"\",$Q76<>\"\",$R76=\"(Código não identificado nas referências)\"),\"CÓDIGO N/ID\",\nIF(AND($C76=\"S\",OR($R76=\"\",$R76=\"(digite a descrição aqui)\"),OR($Q76<>\"\",$T76>0,$U76>0)),\"DESCRIÇÃO\",\nIF(AND($C76=\"S\",$P76<>\"\",$Q76<>\"\",$S76=\"\"),\"UNIDADE\",\nIF(AND($C76=\"S\",$P76<>\"\",$Q76<>\"\",$U76=0),\"SEM CUSTO\",\nIF(AND(TIPOORCAMENTO=\"Licitado\",$AL76=0,$AN76>0),\"SEM PREÇO\",\nIF(AND($C76=\"S\",$P76<>\"\",$Q76<>\"\",$U76>0,AND($V76<>\"BDI 1\",$V76<>\"BDI 2\",$V76<>\"BDI 3\")),IF(ISNUMBER($V76),\"JUSTIFICAR BDI\",\"BDI\"),\nIF(OR(AND(import.recurso=\"OGU\",TIPOORCAMENTO=\"Proposto\",LEFT($O$8,5)<>\"(N/D:\",$AG76<>\"\",ORÇAMENTO.CustoUnitario>$AG76),AND(TIPOORCAMENTO=\"LICITADO\",ORÇAMENTO.PrecoUnitarioLicitado>$AN76)),\"ACIMA REF.\",\nIF(AND($C76=\"S\",$P76<>\"\",$Q76<>\"\",$T76=0,$U76>0),\"QUANT.\",\nIF(AND(Import.TipoArredondamento=\"TransfereGOV\",$L76=\"F\",$C76=\"S\",LEN($Q76)>13),\"Código >13\",\nIF(AND(Import.TipoArredondamento=\"TransfereGOV\",$L76=\"F\",$C76<>\"S\",LEN($R76)>100),\"Descrição >100\",\nIF(AND(Import.TipoArredondamento=\"TransfereGOV\",$L76=\"F\",$C76=\"S\",LEN($R76)>500),\"Descrição >500\",\nIF(AND(Import.TipoArredondamento=\"TransfereGOV\",$L76=\"F\",$C76=\"S\",LEFT(TRIM(UPPER($P76)),6)<>\"SINAPI\",ISNA(VLOOKUP(TRIM(UPPER($S76)),ListaTgov.Unidades,1,FALSE))),\"Unid. Não Disp\",\n\" \"))))))))))))))))","v":" "},{"$f":"IF(C76<=CRONO.NivelExibicao,MAX($AD$15:OFFSET(AD76,-1,0))+IF($C76<>1,1,MAX(1,COUNTIF(QCI!$A$13:$A$24,OFFSET($E76,-1,0)))),\"\")","v":""},{"$f":"IF(AND($C76=\"S\",ORÇAMENTO.CodBarra<>\"\"),IF(ORÇAMENTO.Fonte=\"\",ORÇAMENTO.CodBarra,CONCATENATE(ORÇAMENTO.Fonte,\" \",ORÇAMENTO.CodBarra)))","v":"SINAPI 94213"},{"$f":"IF(ISERROR(ORÇAMENTO.BancoRef),\"(abra o arquivo 'Referência \"&Excel_BuiltIn_Database&\".xlsm)\",IF(OR($C76<>\"S\",ORÇAMENTO.CodBarra=\"\"),\"(Sem Código)\",IF(ISERROR(MATCH($AE76,INDIRECT(ORÇAMENTO.BancoRef),0)),\"(Código não identificado nas referências)\",MATCH($AE76,INDIRECT(ORÇAMENTO.BancoRef),0))))","v":15045},{"$f":"ROUND(IF(DESONERACAO=\"sim\",REFERENCIA.Desonerado,REFERENCIA.NaoDesonerado),2)","v":68.75},0.22470000000000001,null,616.38,null,2.0499999999999998,51899.199999999997,{"$f":"ROUND(ORÇAMENTO.CustoUnitario*(1+$AH76),2)","v":84.2}]
["S",2,"S",0,{"$f":"IF($C77=1,OFFSET(E77,-1,0)+MAX(1,COUNTIF(QCI!$A$13:$A$24,OFFSET(ORÇAMENTO!E77,-1,0))),OFFSET(E77,-1,0))","v":1},8,0,0,7,0,{"$f":"IF(OR($C77=\"S\",$C77=0),0,MATCH(OFFSET($D77,0,$C77)+IF($C77<>1,1,COUNTIF(QCI!$A$13:$A$24,ORÇAMENTO!E77)),OFFSET($D77,1,$C77,ROW($C$140)-ROW($C77)),0))","v":0},"F","Serviço","Serviço","1.8.7.","SINAPI","98557","IMPERMEABILIZAÇÃO DE SUPERFÍCIE COM EMULSÃO ASFÁLTICA, 2 DEMÃOS. AF_09/2023","M2",{"$f":"OFFSET(CÁLCULO!H$15,ROW($T77)-ROW(T$15),0)","v":15.66},43.77,"BDI 1",{"$f":"IF($C77=\"S\",ROUND(IF(TIPOORCAMENTO=\"Proposto\",ORÇAMENTO.CustoUnitario*(1+$AH77),ORÇAMENTO.PrecoUnitarioLicitado),15-13*$AF$10),0)","v":53.61},{"$f":"IF($C77=\"S\",IF(OR(Import.TipoArredondamento<>\"TransfereGOV\",ACOMPANHAMENTO=\"BM\"),VTOTAL1,SUM(OFFSET(CÁLCULO!$AA$15,ROW($X77)-ROW($X$15),1):OFFSET(CÁLCULO!$AL$15,ROW($X77)-ROW($X$15),-1))),IF($C77=0,0,ROUND(SomaAgrup,15-13*$AF$11)))","v":839.53},"RA","RA",{"$f":"IF($C77=\"S\",IF($Z77=\"CP\",$X77,IF($Z77=\"RA\",(($X77)*QCI!$AA$3),0)),SomaAgrup)","v":277.33770999533056},{"$f":"IF($C77=\"S\",IF($Z77=\"OU\",ROUND($X77,2),0),SomaAgrup)","v":0},{"$f":"IF($N77=\"\",\" \",\nIF(AND($C77<>\"S\",OR($R77=\"\",$R77=\"(digite a descrição aqui)\")),\"DESCRIÇÃO\",\nIF(AND($C77=\"S\",OR($Q77<>\"\",$T77>0,$U77>0),$P77=\"\"),\"FONTE\",\nIF(AND($C77=\"S\",$P77<>\"\",OR($T77>0,$U77>0),$Q77=\"\"),\"CÓDIGO\",\nIF(AND($C77=\"S\",$P77<>\"\",$Q77<>\"\",$R77=\"(Código não identificado nas referências)\"),\"CÓDIGO N/ID\",\nIF(AND($C77=\"S\",OR($R77=\"\",$R77=\"(digite a descrição aqui)\"),OR($Q77<>\"\",$T77>0,$U77>0)),\"DESCRIÇÃO\",\nIF(AND($C77=\"S\",$P77<>\"\",$Q77<>\"\",$S77=\"\"),\"UNIDADE\",\nIF(AND($C77=\"S\",$P77<>\"\",$Q77<>\"\",$U77=0),\"SEM CUSTO\",\nIF(AND(TIPOORCAMENTO=\"Licitado\",$AL77=0,$AN77>0),\"SEM PREÇO\",\nIF(AND($C77=\"S\",$P77<>\"\",$Q77<>\"\",$U77>0,AND($V77<>\"BDI 1\",$V77<>\"BDI 2\",$V77<>\"BDI 3\")),IF(ISNUMBER($V77),\"JUSTIFICAR BDI\",\"BDI\"),\nIF(OR(AND(import.recurso=\"OGU\",TIPOORCAMENTO=\"Proposto\",LEFT($O$8,5)<>\"(N/D:\",$AG77<>\"\",ORÇAMENTO.CustoUnitario>$AG77),AND(TIPOORCAMENTO=\"LICITADO\",ORÇAMENTO.PrecoUnitarioLicitado>$AN77)),\"ACIMA REF.\",\nIF(AND($C77=\"S\",$P77<>\"\",$Q77<>\"\",$T77=0,$U77>0),\"QUANT.\",\nIF(AND(Import.TipoArredondamento=\"TransfereGOV\",$L77=\"F\",$C77=\"S\",LEN($Q77)>13),\"Código >13\",\nIF(AND(Import.TipoArredondamento=\"TransfereGOV\",$L77=\"F\",$C77<>\"S\",LEN($R77)>100),\"Descrição >100\",\nIF(AND(Import.TipoArredondamento=\"TransfereGOV\",$L77=\"F\",$C77=\"S\",LEN($R77)>500),\"Descrição >500\",\nIF(AND(Import.TipoArredondamento=\"TransfereGOV\",$L77=\"F\",$C77=\"S\",LEFT(TRIM(UPPER($P77)),6)<>\"SINAPI\",ISNA(VLOOKUP(TRIM(UPPER($S77)),ListaTgov.Unidades,1,FALSE))),\"Unid. Não Disp\",\n\" \"))))))))))))))))","v":" "},{"$f":"IF(C77<=CRONO.NivelExibicao,MAX($AD$15:OFFSET(AD77,-1,0))+IF($C77<>1,1,MAX(1,COUNTIF(QCI!$A$13:$A$24,OFFSET($E77,-1,0)))),\"\")","v":""},{"$f":"IF(AND($C77=\"S\",ORÇAMENTO.CodBarra<>\"\"),IF(ORÇAMENTO.Fonte=\"\",ORÇAMENTO.CodBarra,CONCATENATE(ORÇAMENTO.Fonte,\" \",ORÇAMENTO.CodBarra)))","v":"SINAPI 98557"},{"$f":"IF(ISERROR(ORÇAMENTO.BancoRef),\"(abra o arquivo 'Referência \"&Excel_BuiltIn_Database&\".xlsm)\",IF(OR($C77<>\"S\",ORÇAMENTO.CodBarra=\"\"),\"(Sem Código)\",IF(ISERROR(MATCH($AE77,INDIRECT(ORÇAMENTO.BancoRef),0)),\"(Código não identificado nas referências)\",MATCH($AE77,INDIRECT(ORÇAMENTO.BancoRef),0))))","v":10353},{"$f":"ROUND(IF(DESONERACAO=\"sim\",REFERENCIA.Desonerado,REFERENCIA.NaoDesonerado),2)","v":43.77},0.22470000000000001,null,15.66,null,null,839.53,{"$f":"ROUND(ORÇAMENTO.CustoUnitario*(1+$AH77),2)","v":53.61}]
[2,2,2,7,{"$f":"IF($C78=1,OFFSET(E78,-1,0)+MAX(1,COUNTIF(QCI!$A$13:$A$24,OFFSET(ORÇAMENTO!E78,-1,0))),OFFSET(E78,-1,0))","v":1},9,0,0,0,62,{"$f":"IF(OR($C78=\"S\",$C78=0),0,MATCH(OFFSET($D78,0,$C78)+IF($C78<>1,1,COUNTIF(QCI!$A$13:$A$24,ORÇAMENTO!E78)),OFFSET($D78,1,$C78,ROW($C$140)-ROW($C78)),0))","v":7},"F","Nível 2","Nível 2","1.9.","SINAPI",null,"PINTURA","-",{"$f":"OFFSET(CÁLCULO!H$15,ROW($T78)-ROW(T$15),0)","v":0},0,"BDI 1",{"$f":"IF($C78=\"S\",ROUND(IF(TIPOORCAMENTO=\"Proposto\",ORÇAMENTO.CustoUnitario*(1+$AH78),ORÇAMENTO.PrecoUnitarioLicitado),15-13*$AF$10),0)","v":0},{"$f":"IF($C78=\"S\",IF(OR(Import.TipoArredondamento<>\"TransfereGOV\",ACOMPANHAMENTO=\"BM\"),VTOTAL1,SUM(OFFSET(CÁLCULO!$AA$15,ROW($X78)-ROW($X$15),1):OFFSET(CÁLCULO!$AL$15,ROW($X78)-ROW($X$15),-1))),IF($C78=0,0,ROUND(SomaAgrup,15-13*$AF$11)))","v":114820.71},"RA","",{"$f":"IF($C78=\"S\",IF($Z78=\"CP\",$X78,IF($Z78=\"RA\",(($X78)*QCI!$AA$3),0)),SomaAgrup)","v":37930.881292434991},{"$f":"IF($C78=\"S\",IF($Z78=\"OU\",ROUND($X78,2),0),SomaAgrup)","v":0},{"$f":"IF($N78=\"\",\" \",\nIF(AND($C78<>\"S\",OR($R78=\"\",$R78=\"(digite a descrição aqui)\")),\"DESCRIÇÃO\",\nIF(AND($C78=\"S\",OR($Q78<>\"\",$T78>0,$U78>0),$P78=\"\"),\"FONTE\",\nIF(AND($C78=\"S\",$P78<>\"\",OR($T78>0,$U78>0),$Q78=\"\"),\"CÓDIGO\",\nIF(AND($C78=\"S\",$P78<>\"\",$Q78<>\"\",$R78=\"(Código não identificado nas referências)\"),\"CÓDIGO N/ID\",\nIF(AND($C78=\"S\",OR($R78=\"\",$R78=\"(digite a descrição aqui)\"),OR($Q78<>\"\",$T78>0,$U78>0)),\"DESCRIÇÃO\",\nIF(AND($C78=\"S\",$P78<>\"\",$Q78<>\"\",$S78=\"\"),\"UNIDADE\",\nIF(AND($C78=\"S\",$P78<>\"\",$Q78<>\"\",$U78=0),\"SEM CUSTO\",\nIF(AND(TIPOORCAMENTO=\"Licitado\",$AL78=0,$AN78>0),\"SEM PREÇO\",\nIF(AND($C78=\"S\",$P78<>\"\",$Q78<>\"\",$U78>0,AND($V78<>\"BDI 1\",$V78<>\"BDI 2\",$V78<>\"BDI 3\")),IF(ISNUMBER($V78),\"JUSTIFICAR BDI\",\"BDI\"),\nIF(OR(AND(import.recurso=\"OGU\",TIPOORCAMENTO=\"Proposto\",LEFT($O$8,5)<>\"(N/D:\",$AG78<>\"\",ORÇAMENTO.CustoUnitario>$AG78),AND(TIPOORCAMENTO=\"LICITADO\",ORÇAMENTO.PrecoUnitarioLicitado>$AN78)),\"ACIMA REF.\",\nIF(AND($C78=\"S\",$P78<>\"\",$Q78<>\"\",$T78=0,$U78>0),\"QUANT.\",\nIF(AND(Import.TipoArredondamento=\"TransfereGOV\",$L78=\"F\",$C78=\"S\",LEN($Q78)>13),\"Código >13\",\nIF(AND(Import.TipoArredondamento=\"TransfereGOV\",$L78=\"F\",$C78<>\"S\",LEN($R78)>100),\"Descrição >100\",\nIF(AND(Import.TipoArredondamento=\"TransfereGOV\",$L78=\"F\",$C78=\"S\",LEN($R78)>500),\"Descrição >500\",\nIF(AND(Import.TipoArredondamento=\"TransfereGOV\",$L78=\"F\",$C78=\"S\",LEFT(TRIM(UPPER($P78)),6)<>\"SINAPI\",ISNA(VLOOKUP(TRIM(UPPER($S78)),ListaTgov.Unidades,1,FALSE))),\"Unid. Não Disp\",\n\" \"))))))))))))))))","v":" "},{"$f":"IF(C78<=CRONO.NivelExibicao,MAX($AD$15:OFFSET(AD78,-1,0))+IF($C78<>1,1,MAX(1,COUNTIF(QCI!$A$13:$A$24,OFFSET($E78,-1,0)))),\"\")","v":10},{"$f":"IF(AND($C78=\"S\",ORÇAMENTO.CodBarra<>\"\"),IF(ORÇAMENTO.Fonte=\"\",ORÇAMENTO.CodBarra,CONCATENATE(ORÇAMENTO.Fonte,\" \",ORÇAMENTO.CodBarra)))","v":false},{"$f":"IF(ISERROR(ORÇAMENTO.BancoRef),\"(abra o arquivo 'Referência \"&Excel_BuiltIn_Database&\".xlsm)\",IF(OR($C78<>\"S\",ORÇAMENTO.CodBarra=\"\"),\"(Sem Código)\",IF(ISERROR(MATCH($AE78,INDIRECT(ORÇAMENTO.BancoRef),0)),\"(Código não identificado nas referências)\",MATCH($AE78,INDIRECT(ORÇAMENTO.BancoRef),0))))","v":"(Sem Código)"},{"$f":"ROUND(IF(DESONERACAO=\"sim\",REFERENCIA.Desonerado,REFERENCIA.NaoDesonerado),2)","v":0},0.22470000000000001,null,0,null,null,114820.71,{"$f":"ROUND(ORÇAMENTO.CustoUnitario*(1+$AH78),2)","v":0}]
["S",2,"S",0,{"$f":"IF($C79=1,OFFSET(E79,-1,0)+MAX(1,COUNTIF(QCI!$A$13:$A$24,OFFSET(ORÇAMENTO!E79,-1,0))),OFFSET(E79,-1,0))","v":1},9,0,0,1,0,{"$f":"IF(OR($C79=\"S\",$C79=0),0,MATCH(OFFSET($D79,0,$C79)+IF($C79<>1,1,COUNTIF(QCI!$A$13:$A$24,ORÇAMENTO!E79)),OFFSET($D79,1,$C79,ROW($C$140)-ROW($C79)),0))","v":0},"F","Serviço","Serviço","1.9.1.","SINAPI","102494","PINTURA DE PISO COM TINTA EPÓXI, APLICAÇÃO MANUAL, 2 DEMÃOS, INCLUSO PRIMER EPÓXI. AF_05/2021","M2",{"$f":"OFFSET(CÁLCULO!H$15,ROW($T79)-ROW(T$15),0)","v":895.08},62.27,"BDI 1",{"$f":"IF($C79=\"S\",ROUND(IF(TIPOORCAMENTO=\"Proposto\",ORÇAMENTO.CustoUnitario*(1+$AH79),ORÇAMENTO.PrecoUnitarioLicitado),15-13*$AF$10),0)","v":76.260000000000005},{"$f":"IF($C79=\"S\",IF(OR(Import.TipoArredondamento<>\"TransfereGOV\",ACOMPANHAMENTO=\"BM\"),VTOTAL1,SUM(OFFSET(CÁLCULO!$AA$15,ROW($X79)-ROW($X$15),1):OFFSET(CÁLCULO!$AL$15,ROW($X79)-ROW($X$15),-1))),IF($C79=0,0,ROUND(SomaAgrup,15-13*$AF$11)))","v":68258.8},"RA","RA",{"$f":"IF($C79=\"S\",IF($Z79=\"CP\",$X79,IF($Z79=\"RA\",(($X79)*QCI!$AA$3),0)),SomaAgrup)","v":22549.211200349324},{"$f":"IF($C79=\"S\",IF($Z79=\"OU\",ROUND($X79,2),0),SomaAgrup)","v":0},{"$f":"IF($N79=\"\",\" \",\nIF(AND($C79<>\"S\",OR($R79=\"\",$R79=\"(digite a descrição aqui)\")),\"DESCRIÇÃO\",\nIF(AND($C79=\"S\",OR($Q79<>\"\",$T79>0,$U79>0),$P79=\"\"),\"FONTE\",\nIF(AND($C79=\"S\",$P79<>\"\",OR($T79>0,$U79>0),$Q79=\"\"),\"CÓDIGO\",\nIF(AND($C79=\"S\",$P79<>\"\",$Q79<>\"\",$R79=\"(Código não identificado nas referências)\"),\"CÓDIGO N/ID\",\nIF(AND($C79=\"S\",OR($R79=\"\",$R79=\"(digite a descrição aqui)\"),OR($Q79<>\"\",$T79>0,$U79>0)),\"DESCRIÇÃO\",\nIF(AND($C79=\"S\",$P79<>\"\",$Q79<>\"\",$S79=\"\"),\"UNIDADE\",\nIF(AND($C79=\"S\",$P79<>\"\",$Q79<>\"\",$U79=0),\"SEM CUSTO\",\nIF(AND(TIPOORCAMENTO=\"Licitado\",$AL79=0,$AN79>0),\"SEM PREÇO\",\nIF(AND($C79=\"S\",$P79<>\"\",$Q79<>\"\",$U79>0,AND($V79<>\"BDI 1\",$V79<>\"BDI 2\",$V79<>\"BDI 3\")),IF(ISNUMBER($V79),\"JUSTIFICAR BDI\",\"BDI\"),\nIF(OR(AND(import.recurso=\"OGU\",TIPOORCAMENTO=\"Proposto\",LEFT($O$8,5)<>\"(N/D:\",$AG79<>\"\",ORÇAMENTO.CustoUnitario>$AG79),AND(TIPOORCAMENTO=\"LICITADO\",ORÇAMENTO.PrecoUnitarioLicitado>$AN79)),\"ACIMA REF.\",\nIF(AND($C79=\"S\",$P79<>\"\",$Q79<>\"\",$T79=0,$U79>0),\"QUANT.\",\nIF(AND(Import.TipoArredondamento=\"TransfereGOV\",$L79=\"F\",$C79=\"S\",LEN($Q79)>13),\"Código >13\",\nIF(AND(Import.TipoArredondamento=\"TransfereGOV\",$L79=\"F\",$C79<>\"S\",LEN($R79)>100),\"Descrição >100\",\nIF(AND(Import.TipoArredondamento=\"TransfereGOV\",$L79=\"F\",$C79=\"S\",LEN($R79)>500),\"Descrição >500\",\nIF(AND(Import.TipoArredondamento=\"TransfereGOV\",$L79=\"F\",$C79=\"S\",LEFT(TRIM(UPPER($P79)),6)<>\"SINAPI\",ISNA(VLOOKUP(TRIM(UPPER($S79)),ListaTgov.Unidades,1,FALSE))),\"Unid. Não Disp\",\n\" \"))))))))))))))))","v":" "},{"$f":"IF(C79<=CRONO.NivelExibicao,MAX($AD$15:OFFSET(AD79,-1,0))+IF($C79<>1,1,MAX(1,COUNTIF(QCI!$A$13:$A$24,OFFSET($E79,-1,0)))),\"\")","v":""},{"$f":"IF(AND($C79=\"S\",ORÇAMENTO.CodBarra<>\"\"),IF(ORÇAMENTO.Fonte=\"\",ORÇAMENTO.CodBarra,CONCATENATE(ORÇAMENTO.Fonte,\" \",ORÇAMENTO.CodBarra)))","v":"SINAPI 102494"},{"$f":"IF(ISERROR(ORÇAMENTO.BancoRef),\"(abra o arquivo 'Referência \"&Excel_BuiltIn_Database&\".xlsm)\",IF(OR($C79<>\"S\",ORÇAMENTO.CodBarra=\"\"),\"(Sem Código)\",IF(ISERROR(MATCH($AE79,INDIRECT(ORÇAMENTO.BancoRef),0)),\"(Código não identificado nas referências)\",MATCH($AE79,INDIRECT(ORÇAMENTO.BancoRef),0))))","v":13992},{"$f":"ROUND(IF(DESONERACAO=\"sim\",REFERENCIA.Desonerado,REFERENCIA.NaoDesonerado),2)","v":62.27},0.22470000000000001,null,895.08100000000013,null,null,68258.8,{"$f":"ROUND(ORÇAMENTO.CustoUnitario*(1+$AH79),2)","v":76.260000000000005}]
[{"$f":"CHOOSE(1+LOG(1+2*(ORÇAMENTO.Nivel=\"Meta\")+4*(ORÇAMENTO.Nivel=\"Nível 2\")+8*(ORÇAMENTO.Nivel=\"Nível 3\")+16*(ORÇAMENTO.Nivel=\"Nível 4\")+32*(ORÇAMENTO.Nivel=\"Serviço\"),2),0,1,2,3,4,\"S\")","v":"S"},{"$f":"IF(OR(C80=\"s\",C80=0),OFFSET(B80,-1,0),C80)","v":2},{"$f":"IF(OFFSET(C80,-1,0)=\"L\",1,IF(OFFSET(C80,-1,0)=1,2,IF(OR(A80=\"s\",A80=0),\"S\",IF(AND(OFFSET(C80,-1,0)=2,A80=4),3,IF(AND(OR(OFFSET(C80,-1,0)=\"s\",OFFSET(C80,-1,0)=0),A80<>\"s\",A80>OFFSET(B80,-1,0)),OFFSET(B80,-1,0),A80)))))","v":"S"},{"$f":"IF(OR(C80=\"S\",C80=0),0,IF(ISERROR(K80),J80,SMALL(J80:K80,1)))","v":0},{"$f":"IF($C80=1,OFFSET(E80,-1,0)+MAX(1,COUNTIF(QCI!$A$13:$A$24,OFFSET(ORÇAMENTO!E80,-1,0))),OFFSET(E80,-1,0))","v":1},{"$f":"IF($C80=1,0,IF($C80=2,OFFSET(F80,-1,0)+1,OFFSET(F80,-1,0)))","v":9},{"$f":"IF(AND($C80<=2,$C80<>0),0,IF($C80=3,OFFSET(G80,-1,0)+1,OFFSET(G80,-1,0)))","v":0},{"$f":"IF(AND($C80<=3,$C80<>0),0,IF($C80=4,OFFSET(H80,-1,0)+1,OFFSET(H80,-1,0)))","v":0},{"$f":"IF(AND($C80<=4,$C80<>0),0,IF(AND($C80=\"S\",$X80>0),OFFSET(I80,-1,0)+1,OFFSET(I80,-1,0)))","v":2},{"$f":"IF(OR($C80=\"S\",$C80=0),0,MATCH(0,OFFSET($D80,1,$C80,ROW($C$140)-ROW($C80)),0))","v":0},{"$f":"IF(OR($C80=\"S\",$C80=0),0,MATCH(OFFSET($D80,0,$C80)+IF($C80<>1,1,COUNTIF(QCI!$A$13:$A$24,ORÇAMENTO!E80)),OFFSET($D80,1,$C80,ROW($C$140)-ROW($C80)),0))","v":0},{"$f":"IF(OR($X80>0,$C80=1,$C80=2,$C80=3,$C80=4),\"F\",\"\")","v":"F"},"Serviço",{"$f":"CHOOSE(1+LOG(1+2*(C80=1)+4*(C80=2)+8*(C80=3)+16*(C80=4)+32*(C80=\"S\"),2),\"\",\"Meta\",\"Nível 2\",\"Nível 3\",\"Nível 4\",\"Serviço\")","v":"Serviço"},{"$f":"IF(OR($C80=0,$L80=\"\"),\"-\",CONCATENATE(E80&\".\",IF(AND($A$5>=2,$C80>=2),F80&\".\",\"\"),IF(AND($A$5>=3,$C80>=3),G80&\".\",\"\"),IF(AND($A$5>=4,$C80>=4),H80&\".\",\"\"),IF($C80=\"S\",I80&\".\",\"\")))","v":"1.9.2."},"SINAPI","102491","PINTURA DE PISO COM TINTA ACRÍLICA, APLICAÇÃO MANUAL, 2 DEMÃOS, INCLUSO FUNDO PREPARADOR. AF_05/2021","M2",{"$f":"OFFSET(CÁLCULO!H$15,ROW($T80)-ROW(T$15),0)","v":552.70000000000005},19.61,"BDI 1",{"$f":"IF($C80=\"S\",ROUND(IF(TIPOORCAMENTO=\"Proposto\",ORÇAMENTO.CustoUnitario*(1+$AH80),ORÇAMENTO.PrecoUnitarioLicitado),15-13*$AF$10),0)","v":24.02},{"$f":"IF($C80=\"S\",IF(OR(Import.TipoArredondamento<>\"TransfereGOV\",ACOMPANHAMENTO=\"BM\"),VTOTAL1,SUM(OFFSET(CÁLCULO!$AA$15,ROW($X80)-ROW($X$15),1):OFFSET(CÁLCULO!$AL$15,ROW($X80)-ROW($X$15),-1))),IF($C80=0,0,ROUND(SomaAgrup,15-13*$AF$11)))","v":13275.85},"RA",{"$f":"IF(AND($C80=\"S\",$X80>0),IF(ISBLANK($Y80),\"RA\",LEFT($Y80,2)),\"\")","v":"RA"},{"$f":"IF($C80=\"S\",IF($Z80=\"CP\",$X80,IF($Z80=\"RA\",(($X80)*QCI!$AA$3),0)),SomaAgrup)","v":4385.6608307523366},{"$f":"IF($C80=\"S\",IF($Z80=\"OU\",ROUND($X80,2),0),SomaAgrup)","v":0},{"$f":"IF($N80=\"\",\" \",\nIF(AND($C80<>\"S\",OR($R80=\"\",$R80=\"(digite a descrição aqui)\")),\"DESCRIÇÃO\",\nIF(AND($C80=\"S\",OR($Q80<>\"\",$T80>0,$U80>0),$P80=\"\"),\"FONTE\",\nIF(AND($C80=\"S\",$P80<>\"\",OR($T80>0,$U80>0),$Q80=\"\"),\"CÓDIGO\",\nIF(AND($C80=\"S\",$P80<>\"\",$Q80<>\"\",$R80=\"(Código não identificado nas referências)\"),\"CÓDIGO N/ID\",\nIF(AND($C80=\"S\",OR($R80=\"\",$R80=\"(digite a descrição aqui)\"),OR($Q80<>\"\",$T80>0,$U80>0)),\"DESCRIÇÃO\",\nIF(AND($C80=\"S\",$P80<>\"\",$Q80<>\"\",$S80=\"\"),\"UNIDADE\",\nIF(AND($C80=\"S\",$P80<>\"\",$Q80<>\"\",$U80=0),\"SEM CUSTO\",\nIF(AND(TIPOORCAMENTO=\"Licitado\",$AL80=0,$AN80>0),\"SEM PREÇO\",\nIF(AND($C80=\"S\",$P80<>\"\",$Q80<>\"\",$U80>0,AND($V80<>\"BDI 1\",$V80<>\"BDI 2\",$V80<>\"BDI 3\")),IF(ISNUMBER($V80),\"JUSTIFICAR BDI\",\"BDI\"),\nIF(OR(AND(import.recurso=\"OGU\",TIPOORCAMENTO=\"Proposto\",LEFT($O$8,5)<>\"(N/D:\",$AG80<>\"\",ORÇAMENTO.CustoUnitario>$AG80),AND(TIPOORCAMENTO=\"LICITADO\",ORÇAMENTO.PrecoUnitarioLicitado>$AN80)),\"ACIMA REF.\",\nIF(AND($C80=\"S\",$P80<>\"\",$Q80<>\"\",$T80=0,$U80>0),\"QUANT.\",\nIF(AND(Import.TipoArredondamento=\"TransfereGOV\",$L80=\"F\",$C80=\"S\",LEN($Q80)>13),\"Código >13\",\nIF(AND(Import.TipoArredondamento=\"TransfereGOV\",$L80=\"F\",$C80<>\"S\",LEN($R80)>100),\"Descrição >100\",\nIF(AND(Import.TipoArredondamento=\"TransfereGOV\",$L80=\"F\",$C80=\"S\",LEN($R80)>500),\"Descrição >500\",\nIF(AND(Import.TipoArredondamento=\"TransfereGOV\",$L80=\"F\",$C80=\"S\",LEFT(TRIM(UPPER($P80)),6)<>\"SINAPI\",ISNA(VLOOKUP(TRIM(UPPER($S80)),ListaTgov.Unidades,1,FALSE))),\"Unid. Não Disp\",\n\" \"))))))))))))))))","v":" "},{"$f":"IF(C80<=CRONO.NivelExibicao,MAX($AD$15:OFFSET(AD80,-1,0))+IF($C80<>1,1,MAX(1,COUNTIF(QCI!$A$13:$A$24,OFFSET($E80,-1,0)))),\"\")","v":""},{"$f":"IF(AND($C80=\"S\",ORÇAMENTO.CodBarra<>\"\"),IF(ORÇAMENTO.Fonte=\"\",ORÇAMENTO.CodBarra,CONCATENATE(ORÇAMENTO.Fonte,\" \",ORÇAMENTO.CodBarra)))","v":"SINAPI 102491"},{"$f":"IF(ISERROR(ORÇAMENTO.BancoRef),\"(abra o arquivo 'Referência \"&Excel_BuiltIn_Database&\".xlsm)\",IF(OR($C80<>\"S\",ORÇAMENTO.CodBarra=\"\"),\"(Sem Código)\",IF(ISERROR(MATCH($AE80,INDIRECT(ORÇAMENTO.BancoRef),0)),\"(Código não identificado nas referências)\",MATCH($AE80,INDIRECT(ORÇAMENTO.BancoRef),0))))","v":13989},{"$f":"ROUND(IF(DESONERACAO=\"sim\",REFERENCIA.Desonerado,REFERENCIA.NaoDesonerado),2)","v":19.61},{"$f":"ROUND(IF(ISNUMBER(ORÇAMENTO.OpcaoBDI),ORÇAMENTO.OpcaoBDI,IF(LEFT(ORÇAMENTO.OpcaoBDI,3)=\"BDI\",HLOOKUP(ORÇAMENTO.OpcaoBDI,$F$4:$H$5,2,FALSE),0)),15-11*$AF$9)","v":0.22470000000000001},null,552.69499999999994,null,null,13275.85,{"$f":"ROUND(ORÇAMENTO.CustoUnitario*(1+$AH80),2)","v":24.02}]
["S",2,"S",0,{"$f":"IF($C81=1,OFFSET(E81,-1,0)+MAX(1,COUNTIF(QCI!$A$13:$A$24,OFFSET(ORÇAMENTO!E81,-1,0))),OFFSET(E81,-1,0))","v":1},9,0,0,3,0,{"$f":"IF(OR($C81=\"S\",$C81=0),0,MATCH(OFFSET($D81,0,$C81)+IF($C81<>1,1,COUNTIF(QCI!$A$13:$A$24,ORÇAMENTO!E81)),OFFSET($D81,1,$C81,ROW($C$140)-ROW($C81)),0))","v":0},"F","Serviço","Serviço","1.9.3.","SINAPI","104642","PINTURA LÁTEX ACRÍLICA STANDARD, APLICAÇÃO MANUAL EM PAREDES, DUAS DEMÃOS. AF_04/2023","M2",{"$f":"OFFSET(CÁLCULO!H$15,ROW($T81)-ROW(T$15),0)","v":240.96},9.92,"BDI 1",{"$f":"IF($C81=\"S\",ROUND(IF(TIPOORCAMENTO=\"Proposto\",ORÇAMENTO.CustoUnitario*(1+$AH81),ORÇAMENTO.PrecoUnitarioLicitado),15-13*$AF$10),0)","v":12.15},{"$f":"IF($C81=\"S\",IF(OR(Import.TipoArredondamento<>\"TransfereGOV\",ACOMPANHAMENTO=\"BM\"),VTOTAL1,SUM(OFFSET(CÁLCULO!$AA$15,ROW($X81)-ROW($X$15),1):OFFSET(CÁLCULO!$AL$15,ROW($X81)-ROW($X$15),-1))),IF($C81=0,0,ROUND(SomaAgrup,15-13*$AF$11)))","v":2927.66},"RA","RA",{"$f":"IF($C81=\"S\",IF($Z81=\"CP\",$X81,IF($Z81=\"RA\",(($X81)*QCI!$AA$3),0)),SomaAgrup)","v":967.14890479783855},{"$f":"IF($C81=\"S\",IF($Z81=\"OU\",ROUND($X81,2),0),SomaAgrup)","v":0},{"$f":"IF($N81=\"\",\" \",\nIF(AND($C81<>\"S\",OR($R81=\"\",$R81=\"(digite a descrição aqui)\")),\"DESCRIÇÃO\",\nIF(AND($C81=\"S\",OR($Q81<>\"\",$T81>0,$U81>0),$P81=\"\"),\"FONTE\",\nIF(AND($C81=\"S\",$P81<>\"\",OR($T81>0,$U81>0),$Q81=\"\"),\"CÓDIGO\",\nIF(AND($C81=\"S\",$P81<>\"\",$Q81<>\"\",$R81=\"(Código não identificado nas referências)\"),\"CÓDIGO N/ID\",\nIF(AND($C81=\"S\",OR($R81=\"\",$R81=\"(digite a descrição aqui)\"),OR($Q81<>\"\",$T81>0,$U81>0)),\"DESCRIÇÃO\",\nIF(AND($C81=\"S\",$P81<>\"\",$Q81<>\"\",$S81=\"\"),\"UNIDADE\",\nIF(AND($C81=\"S\",$P81<>\"\",$Q81<>\"\",$U81=0),\"SEM CUSTO\",\nIF(AND(TIPOORCAMENTO=\"Licitado\",$AL81=0,$AN81>0),\"SEM PREÇO\",\nIF(AND($C81=\"S\",$P81<>\"\",$Q81<>\"\",$U81>0,AND($V81<>\"BDI 1\",$V81<>\"BDI 2\",$V81<>\"BDI 3\")),IF(ISNUMBER($V81),\"JUSTIFICAR BDI\",\"BDI\"),\nIF(OR(AND(import.recurso=\"OGU\",TIPOORCAMENTO=\"Proposto\",LEFT($O$8,5)<>\"(N/D:\",$AG81<>\"\",ORÇAMENTO.CustoUnitario>$AG81),AND(TIPOORCAMENTO=\"LICITADO\",ORÇAMENTO.PrecoUnitarioLicitado>$AN81)),\"ACIMA REF.\",\nIF(AND($C81=\"S\",$P81<>\"\",$Q81<>\"\",$T81=0,$U81>0),\"QUANT.\",\nIF(AND(Import.TipoArredondamento=\"TransfereGOV\",$L81=\"F\",$C81=\"S\",LEN($Q81)>13),\"Código >13\",\nIF(AND(Import.TipoArredondamento=\"TransfereGOV\",$L81=\"F\",$C81<>\"S\",LEN($R81)>100),\"Descrição >100\",\nIF(AND(Import.TipoArredondamento=\"TransfereGOV\",$L81=\"F\",$C81=\"S\",LEN($R81)>500),\"Descrição >500\",\nIF(AND(Import.TipoArredondamento=\"TransfereGOV\",$L81=\"F\",$C81=\"S\",LEFT(TRIM(UPPER($P81)),6)<>\"SINAPI\",ISNA(VLOOKUP(TRIM(UPPER($S81)),ListaTgov.Unidades,1,FALSE))),\"Unid. Não Disp\",\n\" \"))))))))))))))))","v":" "},{"$f":"IF(C81<=CRONO.NivelExibicao,MAX($AD$15:OFFSET(AD81,-1,0))+IF($C81<>1,1,MAX(1,COUNTIF(QCI!$A$13:$A$24,OFFSET($E81,-1,0)))),\"\")","v":""},{"$f":"IF(AND($C81=\"S\",ORÇAMENTO.CodBarra<>\"\"),IF(ORÇAMENTO.Fonte=\"\",ORÇAMENTO.CodBarra,CONCATENATE(ORÇAMENTO.Fonte,\" \",ORÇAMENTO.CodBarra)))","v":"SINAPI 104642"},{"$f":"IF(ISERROR(ORÇAMENTO.BancoRef),\"(abra o arquivo 'Referência \"&Excel_BuiltIn_Database&\".xlsm)\",IF(OR($C81<>\"S\",ORÇAMENTO.CodBarra=\"\"),\"(Sem Código)\",IF(ISERROR(MATCH($AE81,INDIRECT(ORÇAMENTO.BancoRef),0)),\"(Código não identificado nas referências)\",MATCH($AE81,INDIRECT(ORÇAMENTO.BancoRef),0))))","v":13880},{"$f":"ROUND(IF(DESONERACAO=\"sim\",REFERENCIA.Desonerado,REFERENCIA.NaoDesonerado),2)","v":9.92},0.22470000000000001,null,240.95800000000003,null,null,2927.66,{"$f":"ROUND(ORÇAMENTO.CustoUnitario*(1+$AH81),2)","v":12.15}]
["S",2,"S",0,{"$f":"IF($C82=1,OFFSET(E82,-1,0)+MAX(1,COUNTIF(QCI!$A$13:$A$24,OFFSET(ORÇAMENTO!E82,-1,0))),OFFSET(E82,-1,0))","v":1},9,0,0,4,0,{"$f":"IF(OR($C82=\"S\",$C82=0),0,MATCH(OFFSET($D82,0,$C82)+IF($C82<>1,1,COUNTIF(QCI!$A$13:$A$24,ORÇAMENTO!E82)),OFFSET($D82,1,$C82,ROW($C$140)-ROW($C82)),0))","v":0},"F","Serviço","Serviço","1.9.4.","SINAPI","100717","LIXAMENTO MANUAL EM SUPERFÍCIES METÁLICAS EM OBRA. AF_01/2020","M2",{"$f":"OFFSET(CÁLCULO!H$15,ROW($T82)-ROW(T$15),0)","v":175.68},9.27,"BDI 1",{"$f":"IF($C82=\"S\",ROUND(IF(TIPOORCAMENTO=\"Proposto\",ORÇAMENTO.CustoUnitario*(1+$AH82),ORÇAMENTO.PrecoUnitarioLicitado),15-13*$AF$10),0)","v":11.35},{"$f":"IF($C82=\"S\",IF(OR(Import.TipoArredondamento<>\"TransfereGOV\",ACOMPANHAMENTO=\"BM\"),VTOTAL1,SUM(OFFSET(CÁLCULO!$AA$15,ROW($X82)-ROW($X$15),1):OFFSET(CÁLCULO!$AL$15,ROW($X82)-ROW($X$15),-1))),IF($C82=0,0,ROUND(SomaAgrup,15-13*$AF$11)))","v":1993.97},"RA","RA",{"$f":"IF($C82=\"S\",IF($Z82=\"CP\",$X82,IF($Z82=\"RA\",(($X82)*QCI!$AA$3),0)),SomaAgrup)","v":658.70555382105374},{"$f":"IF($C82=\"S\",IF($Z82=\"OU\",ROUND($X82,2),0),SomaAgrup)","v":0},{"$f":"IF($N82=\"\",\" \",\nIF(AND($C82<>\"S\",OR($R82=\"\",$R82=\"(digite a descrição aqui)\")),\"DESCRIÇÃO\",\nIF(AND($C82=\"S\",OR($Q82<>\"\",$T82>0,$U82>0),$P82=\"\"),\"FONTE\",\nIF(AND($C82=\"S\",$P82<>\"\",OR($T82>0,$U82>0),$Q82=\"\"),\"CÓDIGO\",\nIF(AND($C82=\"S\",$P82<>\"\",$Q82<>\"\",$R82=\"(Código não identificado nas referências)\"),\"CÓDIGO N/ID\",\nIF(AND($C82=\"S\",OR($R82=\"\",$R82=\"(digite a descrição aqui)\"),OR($Q82<>\"\",$T82>0,$U82>0)),\"DESCRIÇÃO\",\nIF(AND($C82=\"S\",$P82<>\"\",$Q82<>\"\",$S82=\"\"),\"UNIDADE\",\nIF(AND($C82=\"S\",$P82<>\"\",$Q82<>\"\",$U82=0),\"SEM CUSTO\",\nIF(AND(TIPOORCAMENTO=\"Licitado\",$AL82=0,$AN82>0),\"SEM PREÇO\",\nIF(AND($C82=\"S\",$P82<>\"\",$Q82<>\"\",$U82>0,AND($V82<>\"BDI 1\",$V82<>\"BDI 2\",$V82<>\"BDI 3\")),IF(ISNUMBER($V82),\"JUSTIFICAR BDI\",\"BDI\"),\nIF(OR(AND(import.recurso=\"OGU\",TIPOORCAMENTO=\"Proposto\",LEFT($O$8,5)<>\"(N/D:\",$AG82<>\"\",ORÇAMENTO.CustoUnitario>$AG82),AND(TIPOORCAMENTO=\"LICITADO\",ORÇAMENTO.PrecoUnitarioLicitado>$AN82)),\"ACIMA REF.\",\nIF(AND($C82=\"S\",$P82<>\"\",$Q82<>\"\",$T82=0,$U82>0),\"QUANT.\",\nIF(AND(Import.TipoArredondamento=\"TransfereGOV\",$L82=\"F\",$C82=\"S\",LEN($Q82)>13),\"Código >13\",\nIF(AND(Import.TipoArredondamento=\"TransfereGOV\",$L82=\"F\",$C82<>\"S\",LEN($R82)>100),\"Descrição >100\",\nIF(AND(Import.TipoArredondamento=\"TransfereGOV\",$L82=\"F\",$C82=\"S\",LEN($R82)>500),\"Descrição >500\",\nIF(AND(Import.TipoArredondamento=\"TransfereGOV\",$L82=\"F\",$C82=\"S\",LEFT(TRIM(UPPER($P82)),6)<>\"SINAPI\",ISNA(VLOOKUP(TRIM(UPPER($S82)),ListaTgov.Unidades,1,FALSE))),\"Unid. Não Disp\",\n\" \"))))))))))))))))","v":" "},{"$f":"IF(C82<=CRONO.NivelExibicao,MAX($AD$15:OFFSET(AD82,-1,0))+IF($C82<>1,1,MAX(1,COUNTIF(QCI!$A$13:$A$24,OFFSET($E82,-1,0)))),\"\")","v":""},{"$f":"IF(AND($C82=\"S\",ORÇAMENTO.CodBarra<>\"\"),IF(ORÇAMENTO.Fonte=\"\",ORÇAMENTO.CodBarra,CONCATENATE(ORÇAMENTO.Fonte,\" \",ORÇAMENTO.CodBarra)))","v":"SINAPI 100717"},{"$f":"IF(ISERROR(ORÇAMENTO.BancoRef),\"(abra o arquivo 'Referência \"&Excel_BuiltIn_Database&\".xlsm)\",IF(OR($C82<>\"S\",ORÇAMENTO.CodBarra=\"\"),\"(Sem Código)\",IF(ISERROR(MATCH($AE82,INDIRECT(ORÇAMENTO.BancoRef),0)),\"(Código não identificado nas referências)\",MATCH($AE82,INDIRECT(ORÇAMENTO.BancoRef),0))))","v":13928},{"$f":"ROUND(IF(DESONERACAO=\"sim\",REFERENCIA.Desonerado,REFERENCIA.NaoDesonerado),2)","v":9.27},0.22470000000000001,null,175.68,null,null,1993.97,{"$f":"ROUND(ORÇAMENTO.CustoUnitario*(1+$AH82),2)","v":11.35}]
["S",2,"S",0,{"$f":"IF($C83=1,OFFSET(E83,-1,0)+MAX(1,COUNTIF(QCI!$A$13:$A$24,OFFSET(ORÇAMENTO!E83,-1,0))),OFFSET(E83,-1,0))","v":1},9,0,0,5,0,{"$f":"IF(OR($C83=\"S\",$C83=0),0,MATCH(OFFSET($D83,0,$C83)+IF($C83<>1,1,COUNTIF(QCI!$A$13:$A$24,ORÇAMENTO!E83)),OFFSET($D83,1,$C83,ROW($C$140)-ROW($C83)),0))","v":0},"F","Serviço","Serviço","1.9.5.","SINAPI","100725","PINTURA COM TINTA ALQUÍDICA DE FUNDO E ACABAMENTO (ESMALTE SINTÉTICO GRAFITE) PULVERIZADA SOBRE SUPERFÍCIES METÁLICAS (EXCETO PERFIL) EXECUTADO EM OBRA (POR DEMÃO). AF_01/2020_PE","M2",{"$f":"OFFSET(CÁLCULO!H$15,ROW($T83)-ROW(T$15),0)","v":220.19},{"$f":"AG83","v":24.4},"BDI 1",{"$f":"IF($C83=\"S\",ROUND(IF(TIPOORCAMENTO=\"Proposto\",ORÇAMENTO.CustoUnitario*(1+$AH83),ORÇAMENTO.PrecoUnitarioLicitado),15-13*$AF$10),0)","v":29.88},{"$f":"IF($C83=\"S\",IF(OR(Import.TipoArredondamento<>\"TransfereGOV\",ACOMPANHAMENTO=\"BM\"),VTOTAL1,SUM(OFFSET(CÁLCULO!$AA$15,ROW($X83)-ROW($X$15),1):OFFSET(CÁLCULO!$AL$15,ROW($X83)-ROW($X$15),-1))),IF($C83=0,0,ROUND(SomaAgrup,15-13*$AF$11)))","v":6579.28},"RA","RA",{"$f":"IF($C83=\"S\",IF($Z83=\"CP\",$X83,IF($Z83=\"RA\",(($X83)*QCI!$AA$3),0)),SomaAgrup)","v":2173.4571112623471},{"$f":"IF($C83=\"S\",IF($Z83=\"OU\",ROUND($X83,2),0),SomaAgrup)","v":0},{"$f":"IF($N83=\"\",\" \",\nIF(AND($C83<>\"S\",OR($R83=\"\",$R83=\"(digite a descrição aqui)\")),\"DESCRIÇÃO\",\nIF(AND($C83=\"S\",OR($Q83<>\"\",$T83>0,$U83>0),$P83=\"\"),\"FONTE\",\nIF(AND($C83=\"S\",$P83<>\"\",OR($T83>0,$U83>0),$Q83=\"\"),\"CÓDIGO\",\nIF(AND($C83=\"S\",$P83<>\"\",$Q83<>\"\",$R83=\"(Código não identificado nas referências)\"),\"CÓDIGO N/ID\",\nIF(AND($C83=\"S\",OR($R83=\"\",$R83=\"(digite a descrição aqui)\"),OR($Q83<>\"\",$T83>0,$U83>0)),\"DESCRIÇÃO\",\nIF(AND($C83=\"S\",$P83<>\"\",$Q83<>\"\",$S83=\"\"),\"UNIDADE\",\nIF(AND($C83=\"S\",$P83<>\"\",$Q83<>\"\",$U83=0),\"SEM CUSTO\",\nIF(AND(TIPOORCAMENTO=\"Licitado\",$AL83=0,$AN83>0),\"SEM PREÇO\",\nIF(AND($C83=\"S\",$P83<>\"\",$Q83<>\"\",$U83>0,AND($V83<>\"BDI 1\",$V83<>\"BDI 2\",$V83<>\"BDI 3\")),IF(ISNUMBER($V83),\"JUSTIFICAR BDI\",\"BDI\"),\nIF(OR(AND(import.recurso=\"OGU\",TIPOORCAMENTO=\"Proposto\",LEFT($O$8,5)<>\"(N/D:\",$AG83<>\"\",ORÇAMENTO.CustoUnitario>$AG83),AND(TIPOORCAMENTO=\"LICITADO\",ORÇAMENTO.PrecoUnitarioLicitado>$AN83)),\"ACIMA REF.\",\nIF(AND($C83=\"S\",$P83<>\"\",$Q83<>\"\",$T83=0,$U83>0),\"QUANT.\",\nIF(AND(Import.TipoArredondamento=\"TransfereGOV\",$L83=\"F\",$C83=\"S\",LEN($Q83)>13),\"Código >13\",\nIF(AND(Import.TipoArredondamento=\"TransfereGOV\",$L83=\"F\",$C83<>\"S\",LEN($R83)>100),\"Descrição >100\",\nIF(AND(Import.TipoArredondamento=\"TransfereGOV\",$L83=\"F\",$C83=\"S\",LEN($R83)>500),\"Descrição >500\",\nIF(AND(Import.TipoArredondamento=\"TransfereGOV\",$L83=\"F\",$C83=\"S\",LEFT(TRIM(UPPER($P83)),6)<>\"SINAPI\",ISNA(VLOOKUP(TRIM(UPPER($S83)),ListaTgov.Unidades,1,FALSE))),\"Unid. Não Disp\",\n\" \"))))))))))))))))","v":" "},{"$f":"IF(C83<=CRONO.NivelExibicao,MAX($AD$15:OFFSET(AD83,-1,0))+IF($C83<>1,1,MAX(1,COUNTIF(QCI!$A$13:$A$24,OFFSET($E83,-1,0)))),\"\")","v":""},{"$f":"IF(AND($C83=\"S\",ORÇAMENTO.CodBarra<>\"\"),IF(ORÇAMENTO.Fonte=\"\",ORÇAMENTO.CodBarra,CONCATENATE(ORÇAMENTO.Fonte,\" \",ORÇAMENTO.CodBarra)))","v":"SINAPI 100725"},{"$f":"IF(ISERROR(ORÇAMENTO.BancoRef),\"(abra o arquivo 'Referência \"&Excel_BuiltIn_Database&\".xlsm)\",IF(OR($C83<>\"S\",ORÇAMENTO.CodBarra=\"\"),\"(Sem Código)\",IF(ISERROR(MATCH($AE83,INDIRECT(ORÇAMENTO.BancoRef),0)),\"(Código não identificado nas referências)\",MATCH($AE83,INDIRECT(ORÇAMENTO.BancoRef),0))))","v":13960},{"$f":"ROUND(IF(DESONERACAO=\"sim\",REFERENCIA.Desonerado,REFERENCIA.NaoDesonerado),2)","v":24.4},0.22470000000000001,null,220.19240000000005,null,null,6579.28,{"$f":"ROUND(ORÇAMENTO.CustoUnitario*(1+$AH83),2)","v":29.88}]
["S",2,"S",0,{"$f":"IF($C84=1,OFFSET(E84,-1,0)+MAX(1,COUNTIF(QCI!$A$13:$A$24,OFFSET(ORÇAMENTO!E84,-1,0))),OFFSET(E84,-1,0))","v":1},9,0,0,6,0,{"$f":"IF(OR($C84=\"S\",$C84=0),0,MATCH(OFFSET($D84,0,$C84)+IF($C84<>1,1,COUNTIF(QCI!$A$13:$A$24,ORÇAMENTO!E84)),OFFSET($D84,1,$C84,ROW($C$140)-ROW($C84)),0))","v":0},"F","Serviço","Serviço","1.9.6.","SINAPI","100751","PINTURA COM TINTA EPOXÍDICA DE ACABAMENTO PULVERIZADA SOBRE PERFIL METÁLICO EXECUTADO EM FÁBRICA (02 DEMÃOS). AF_01/2020_PE","M2",{"$f":"OFFSET(CÁLCULO!H$15,ROW($T84)-ROW(T$15),0)","v":447.15},39.78,"BDI 1",{"$f":"IF($C84=\"S\",ROUND(IF(TIPOORCAMENTO=\"Proposto\",ORÇAMENTO.CustoUnitario*(1+$AH84),ORÇAMENTO.PrecoUnitarioLicitado),15-13*$AF$10),0)","v":48.72},{"$f":"IF($C84=\"S\",IF(OR(Import.TipoArredondamento<>\"TransfereGOV\",ACOMPANHAMENTO=\"BM\"),VTOTAL1,SUM(OFFSET(CÁLCULO!$AA$15,ROW($X84)-ROW($X$15),1):OFFSET(CÁLCULO!$AL$15,ROW($X84)-ROW($X$15),-1))),IF($C84=0,0,ROUND(SomaAgrup,15-13*$AF$11)))","v":21785.15},"RA","RA",{"$f":"IF($C84=\"S\",IF($Z84=\"CP\",$X84,IF($Z84=\"RA\",(($X84)*QCI!$AA$3),0)),SomaAgrup)","v":7196.6976914520928},{"$f":"IF($C84=\"S\",IF($Z84=\"OU\",ROUND($X84,2),0),SomaAgrup)","v":0},{"$f":"IF($N84=\"\",\" \",\nIF(AND($C84<>\"S\",OR($R84=\"\",$R84=\"(digite a descrição aqui)\")),\"DESCRIÇÃO\",\nIF(AND($C84=\"S\",OR($Q84<>\"\",$T84>0,$U84>0),$P84=\"\"),\"FONTE\",\nIF(AND($C84=\"S\",$P84<>\"\",OR($T84>0,$U84>0),$Q84=\"\"),\"CÓDIGO\",\nIF(AND($C84=\"S\",$P84<>\"\",$Q84<>\"\",$R84=\"(Código não identificado nas referências)\"),\"CÓDIGO N/ID\",\nIF(AND($C84=\"S\",OR($R84=\"\",$R84=\"(digite a descrição aqui)\"),OR($Q84<>\"\",$T84>0,$U84>0)),\"DESCRIÇÃO\",\nIF(AND($C84=\"S\",$P84<>\"\",$Q84<>\"\",$S84=\"\"),\"UNIDADE\",\nIF(AND($C84=\"S\",$P84<>\"\",$Q84<>\"\",$U84=0),\"SEM CUSTO\",\nIF(AND(TIPOORCAMENTO=\"Licitado\",$AL84=0,$AN84>0),\"SEM PREÇO\",\nIF(AND($C84=\"S\",$P84<>\"\",$Q84<>\"\",$U84>0,AND($V84<>\"BDI 1\",$V84<>\"BDI 2\",$V84<>\"BDI 3\")),IF(ISNUMBER($V84),\"JUSTIFICAR BDI\",\"BDI\"),\nIF(OR(AND(import.recurso=\"OGU\",TIPOORCAMENTO=\"Proposto\",LEFT($O$8,5)<>\"(N/D:\",$AG84<>\"\",ORÇAMENTO.CustoUnitario>$AG84),AND(TIPOORCAMENTO=\"LICITADO\",ORÇAMENTO.PrecoUnitarioLicitado>$AN84)),\"ACIMA REF.\",\nIF(AND($C84=\"S\",$P84<>\"\",$Q84<>\"\",$T84=0,$U84>0),\"QUANT.\",\nIF(AND(Import.TipoArredondamento=\"TransfereGOV\",$L84=\"F\",$C84=\"S\",LEN($Q84)>13),\"Código >13\",\nIF(AND(Import.TipoArredondamento=\"TransfereGOV\",$L84=\"F\",$C84<>\"S\",LEN($R84)>100),\"Descrição >100\",\nIF(AND(Import.TipoArredondamento=\"TransfereGOV\",$L84=\"F\",$C84=\"S\",LEN($R84)>500),\"Descrição >500\",\nIF(AND(Import.TipoArredondamento=\"TransfereGOV\",$L84=\"F\",$C84=\"S\",LEFT(TRIM(UPPER($P84)),6)<>\"SINAPI\",ISNA(VLOOKUP(TRIM(UPPER($S84)),ListaTgov.Unidades,1,FALSE))),\"Unid. Não Disp\",\n\" \"))))))))))))))))","v":" "},{"$f":"IF(C84<=CRONO.NivelExibicao,MAX($AD$15:OFFSET(AD84,-1,0))+IF($C84<>1,1,MAX(1,COUNTIF(QCI!$A$13:$A$24,OFFSET($E84,-1,0)))),\"\")","v":""},{"$f":"IF(AND($C84=\"S\",ORÇAMENTO.CodBarra<>\"\"),IF(ORÇAMENTO.Fonte=\"\",ORÇAMENTO.CodBarra,CONCATENATE(ORÇAMENTO.Fonte,\" \",ORÇAMENTO.CodBarra)))","v":"SINAPI 100751"},{"$f":"IF(ISERROR(ORÇAMENTO.BancoRef),\"(abra o arquivo 'Referência \"&Excel_BuiltIn_Database&\".xlsm)\",IF(OR($C84<>\"S\",ORÇAMENTO.CodBarra=\"\"),\"(Sem Código)\",IF(ISERROR(MATCH($AE84,INDIRECT(ORÇAMENTO.BancoRef),0)),\"(Código não identificado nas referências)\",MATCH($AE84,INDIRECT(ORÇAMENTO.BancoRef),0))))","v":13963},{"$f":"ROUND(IF(DESONERACAO=\"sim\",REFERENCIA.Desonerado,REFERENCIA.NaoDesonerado),2)","v":39.78},0.22470000000000001,null,447.15,null,null,21785.15,{"$f":"ROUND(ORÇAMENTO.CustoUnitario*(1+$AH84),2)","v":48.72}]
[2,2,2,23,{"$f":"IF($C85=1,OFFSET(E85,-1,0)+MAX(1,COUNTIF(QCI!$A$13:$A$24,OFFSET(ORÇAMENTO!E85,-1,0))),OFFSET(E85,-1,0))","v":1},10,0,0,0,55,{"$f":"IF(OR($C85=\"S\",$C85=0),0,MATCH(OFFSET($D85,0,$C85)+IF($C85<>1,1,COUNTIF(QCI!$A$13:$A$24,ORÇAMENTO!E85)),OFFSET($D85,1,$C85,ROW($C$140)-ROW($C85)),0))","v":23},"F","Nível 2","Nível 2","1.10.","SINAPI",null,"INSTALAÇOES ELETRICAS","-",{"$f":"OFFSET(CÁLCULO!H$15,ROW($T85)-ROW(T$15),0)","v":0},0,"BDI 1",{"$f":"IF($C85=\"S\",ROUND(IF(TIPOORCAMENTO=\"Proposto\",ORÇAMENTO.CustoUnitario*(1+$AH85),ORÇAMENTO.PrecoUnitarioLicitado),15-13*$AF$10),0)","v":0},{"$f":"IF($C85=\"S\",IF(OR(Import.TipoArredondamento<>\"TransfereGOV\",ACOMPANHAMENTO=\"BM\"),VTOTAL1,SUM(OFFSET(CÁLCULO!$AA$15,ROW($X85)-ROW($X$15),1):OFFSET(CÁLCULO!$AL$15,ROW($X85)-ROW($X$15),-1))),IF($C85=0,0,ROUND(SomaAgrup,15-13*$AF$11)))","v":35645.65},"RA","",{"$f":"IF($C85=\"S\",IF($Z85=\"CP\",$X85,IF($Z85=\"RA\",(($X85)*QCI!$AA$3),0)),SomaAgrup)","v":11775.496935541381},{"$f":"IF($C85=\"S\",IF($Z85=\"OU\",ROUND($X85,2),0),SomaAgrup)","v":0},{"$f":"IF($N85=\"\",\" \",\nIF(AND($C85<>\"S\",OR($R85=\"\",$R85=\"(digite a descrição aqui)\")),\"DESCRIÇÃO\",\nIF(AND($C85=\"S\",OR($Q85<>\"\",$T85>0,$U85>0),$P85=\"\"),\"FONTE\",\nIF(AND($C85=\"S\",$P85<>\"\",OR($T85>0,$U85>0),$Q85=\"\"),\"CÓDIGO\",\nIF(AND($C85=\"S\",$P85<>\"\",$Q85<>\"\",$R85=\"(Código não identificado nas referências)\"),\"CÓDIGO N/ID\",\nIF(AND($C85=\"S\",OR($R85=\"\",$R85=\"(digite a descrição aqui)\"),OR($Q85<>\"\",$T85>0,$U85>0)),\"DESCRIÇÃO\",\nIF(AND($C85=\"S\",$P85<>\"\",$Q85<>\"\",$S85=\"\"),\"UNIDADE\",\nIF(AND($C85=\"S\",$P85<>\"\",$Q85<>\"\",$U85=0),\"SEM CUSTO\",\nIF(AND(TIPOORCAMENTO=\"Licitado\",$AL85=0,$AN85>0),\"SEM PREÇO\",\nIF(AND($C85=\"S\",$P85<>\"\",$Q85<>\"\",$U85>0,AND($V85<>\"BDI 1\",$V85<>\"BDI 2\",$V85<>\"BDI 3\")),IF(ISNUMBER($V85),\"JUSTIFICAR BDI\",\"BDI\"),\nIF(OR(AND(import.recurso=\"OGU\",TIPOORCAMENTO=\"Proposto\",LEFT($O$8,5)<>\"(N/D:\",$AG85<>\"\",ORÇAMENTO.CustoUnitario>$AG85),AND(TIPOORCAMENTO=\"LICITADO\",ORÇAMENTO.PrecoUnitarioLicitado>$AN85)),\"ACIMA REF.\",\nIF(AND($C85=\"S\",$P85<>\"\",$Q85<>\"\",$T85=0,$U85>0),\"QUANT.\",\nIF(AND(Import.TipoArredondamento=\"TransfereGOV\",$L85=\"F\",$C85=\"S\",LEN($Q85)>13),\"Código >13\",\nIF(AND(Import.TipoArredondamento=\"TransfereGOV\",$L85=\"F\",$C85<>\"S\",LEN($R85)>100),\"Descrição >100\",\nIF(AND(Import.TipoArredondamento=\"TransfereGOV\",$L85=\"F\",$C85=\"S\",LEN($R85)>500),\"Descrição >500\",\nIF(AND(Import.TipoArredondamento=\"TransfereGOV\",$L85=\"F\",$C85=\"S\",LEFT(TRIM(UPPER($P85)),6)<>\"SINAPI\",ISNA(VLOOKUP(TRIM(UPPER($S85)),ListaTgov.Unidades,1,FALSE))),\"Unid. Não Disp\",\n\" \"))))))))))))))))","v":" "},{"$f":"IF(C85<=CRONO.NivelExibicao,MAX($AD$15:OFFSET(AD85,-1,0))+IF($C85<>1,1,MAX(1,COUNTIF(QCI!$A$13:$A$24,OFFSET($E85,-1,0)))),\"\")","v":11},{"$f":"IF(AND($C85=\"S\",ORÇAMENTO.CodBarra<>\"\"),IF(ORÇAMENTO.Fonte=\"\",ORÇAMENTO.CodBarra,CONCATENATE(ORÇAMENTO.Fonte,\" \",ORÇAMENTO.CodBarra)))","v":false},{"$f":"IF(ISERROR(ORÇAMENTO.BancoRef),\"(abra o arquivo 'Referência \"&Excel_BuiltIn_Database&\".xlsm)\",IF(OR($C85<>\"S\",ORÇAMENTO.CodBarra=\"\"),\"(Sem Código)\",IF(ISERROR(MATCH($AE85,INDIRECT(ORÇAMENTO.BancoRef),0)),\"(Código não identificado nas referências)\",MATCH($AE85,INDIRECT(ORÇAMENTO.BancoRef),0))))","v":"(Sem Código)"},{"$f":"ROUND(IF(DESONERACAO=\"sim\",REFERENCIA.Desonerado,REFERENCIA.NaoDesonerado),2)","v":0},0.22470000000000001,null,0,null,null,35645.65,{"$f":"ROUND(ORÇAMENTO.CustoUnitario*(1+$AH85),2)","v":0}]
["S",2,"S",0,{"$f":"IF($C86=1,OFFSET(E86,-1,0)+MAX(1,COUNTIF(QCI!$A$13:$A$24,OFFSET(ORÇAMENTO!E86,-1,0))),OFFSET(E86,-1,0))","v":1},10,0,0,1,0,{"$f":"IF(OR($C86=\"S\",$C86=0),0,MATCH(OFFSET($D86,0,$C86)+IF($C86<>1,1,COUNTIF(QCI!$A$13:$A$24,ORÇAMENTO!E86)),OFFSET($D86,1,$C86,ROW($C$140)-ROW($C86)),0))","v":0},"F","Serviço","Serviço","1.10.1.","SINAPI","101879","QUADRO DE DISTRIBUIÇÃO DE ENERGIA EM CHAPA DE AÇO GALVANIZADO, DE EMBUTIR, COM BARRAMENTO TRIFÁSICO, PARA 24 DISJUNTORES DIN 100A - FORNECIMENTO E INSTALAÇÃO. AF_10/2020","UN",{"$f":"OFFSET(CÁLCULO!H$15,ROW($T86)-ROW(T$15),0)","v":1},476.34,"BDI 1",{"$f":"IF($C86=\"S\",ROUND(IF(TIPOORCAMENTO=\"Proposto\",ORÇAMENTO.CustoUnitario*(1+$AH86),ORÇAMENTO.PrecoUnitarioLicitado),15-13*$AF$10),0)","v":583.37},{"$f":"IF($C86=\"S\",IF(OR(Import.TipoArredondamento<>\"TransfereGOV\",ACOMPANHAMENTO=\"BM\"),VTOTAL1,SUM(OFFSET(CÁLCULO!$AA$15,ROW($X86)-ROW($X$15),1):OFFSET(CÁLCULO!$AL$15,ROW($X86)-ROW($X$15),-1))),IF($C86=0,0,ROUND(SomaAgrup,15-13*$AF$11)))","v":583.37},"RA","RA",{"$f":"IF($C86=\"S\",IF($Z86=\"CP\",$X86,IF($Z86=\"RA\",(($X86)*QCI!$AA$3),0)),SomaAgrup)","v":192.71556690049906},{"$f":"IF($C86=\"S\",IF($Z86=\"OU\",ROUND($X86,2),0),SomaAgrup)","v":0},{"$f":"IF($N86=\"\",\" \",\nIF(AND($C86<>\"S\",OR($R86=\"\",$R86=\"(digite a descrição aqui)\")),\"DESCRIÇÃO\",\nIF(AND($C86=\"S\",OR($Q86<>\"\",$T86>0,$U86>0),$P86=\"\"),\"FONTE\",\nIF(AND($C86=\"S\",$P86<>\"\",OR($T86>0,$U86>0),$Q86=\"\"),\"CÓDIGO\",\nIF(AND($C86=\"S\",$P86<>\"\",$Q86<>\"\",$R86=\"(Código não identificado nas referências)\"),\"CÓDIGO N/ID\",\nIF(AND($C86=\"S\",OR($R86=\"\",$R86=\"(digite a descrição aqui)\"),OR($Q86<>\"\",$T86>0,$U86>0)),\"DESCRIÇÃO\",\nIF(AND($C86=\"S\",$P86<>\"\",$Q86<>\"\",$S86=\"\"),\"UNIDADE\",\nIF(AND($C86=\"S\",$P86<>\"\",$Q86<>\"\",$U86=0),\"SEM CUSTO\",\nIF(AND(TIPOORCAMENTO=\"Licitado\",$AL86=0,$AN86>0),\"SEM PREÇO\",\nIF(AND($C86=\"S\",$P86<>\"\",$Q86<>\"\",$U86>0,AND($V86<>\"BDI 1\",$V86<>\"BDI 2\",$V86<>\"BDI 3\")),IF(ISNUMBER($V86),\"JUSTIFICAR BDI\",\"BDI\"),\nIF(OR(AND(import.recurso=\"OGU\",TIPOORCAMENTO=\"Proposto\",LEFT($O$8,5)<>\"(N/D:\",$AG86<>\"\",ORÇAMENTO.CustoUnitario>$AG86),AND(TIPOORCAMENTO=\"LICITADO\",ORÇAMENTO.PrecoUnitarioLicitado>$AN86)),\"ACIMA REF.\",\nIF(AND($C86=\"S\",$P86<>\"\",$Q86<>\"\",$T86=0,$U86>0),\"QUANT.\",\nIF(AND(Import.TipoArredondamento=\"TransfereGOV\",$L86=\"F\",$C86=\"S\",LEN($Q86)>13),\"Código >13\",\nIF(AND(Import.TipoArredondamento=\"TransfereGOV\",$L86=\"F\",$C86<>\"S\",LEN($R86)>100),\"Descrição >100\",\nIF(AND(Import.TipoArredondamento=\"TransfereGOV\",$L86=\"F\",$C86=\"S\",LEN($R86)>500),\"Descrição >500\",\nIF(AND(Import.TipoArredondamento=\"TransfereGOV\",$L86=\"F\",$C86=\"S\",LEFT(TRIM(UPPER($P86)),6)<>\"SINAPI\",ISNA(VLOOKUP(TRIM(UPPER($S86)),ListaTgov.Unidades,1,FALSE))),\"Unid. Não Disp\",\n\" \"))))))))))))))))","v":" "},{"$f":"IF(C86<=CRONO.NivelExibicao,MAX($AD$15:OFFSET(AD86,-1,0))+IF($C86<>1,1,MAX(1,COUNTIF(QCI!$A$13:$A$24,OFFSET($E86,-1,0)))),\"\")","v":""},{"$f":"IF(AND($C86=\"S\",ORÇAMENTO.CodBarra<>\"\"),IF(ORÇAMENTO.Fonte=\"\",ORÇAMENTO.CodBarra,CONCATENATE(ORÇAMENTO.Fonte,\" \",ORÇAMENTO.CodBarra)))","v":"SINAPI 101879"},{"$f":"IF(ISERROR(ORÇAMENTO.BancoRef),\"(abra o arquivo 'Referência \"&Excel_BuiltIn_Database&\".xlsm)\",IF(OR($C86<>\"S\",ORÇAMENTO.CodBarra=\"\"),\"(Sem Código)\",IF(ISERROR(MATCH($AE86,INDIRECT(ORÇAMENTO.BancoRef),0)),\"(Código não identificado nas referências)\",MATCH($AE86,INDIRECT(ORÇAMENTO.BancoRef),0))))","v":10750},{"$f":"ROUND(IF(DESONERACAO=\"sim\",REFERENCIA.Desonerado,REFERENCIA.NaoDesonerado),2)","v":476.34},0.22470000000000001,null,1,null,null,583.37,{"$f":"ROUND(ORÇAMENTO.CustoUnitario*(1+$AH86),2)","v":583.37}]
["S",2,"S",0,{"$f":"IF($C87=1,OFFSET(E87,-1,0)+MAX(1,COUNTIF(QCI!$A$13:$A$24,OFFSET(ORÇAMENTO!E87,-1,0))),OFFSET(E87,-1,0))","v":1},10,0,0,2,0,{"$f":"IF(OR($C87=\"S\",$C87=0),0,MATCH(OFFSET($D87,0,$C87)+IF($C87<>1,1,COUNTIF(QCI!$A$13:$A$24,ORÇAMENTO!E87)),OFFSET($D87,1,$C87,ROW($C$140)-ROW($C87)),0))","v":0},"F","Serviço","Serviço","1.10.2.","SINAPI","91855","ELETRODUTO FLEXÍVEL CORRUGADO REFORÇADO, PVC, DN 25 MM (3/4\"), PARA CIRCUITOS TERMINAIS, INSTALADO EM PAREDE - FORNECIMENTO E INSTALAÇÃO. AF_03/2023","M",{"$f":"OFFSET(CÁLCULO!H$15,ROW($T87)-ROW(T$15),0)","v":3.2},11.1,"BDI 1",{"$f":"IF($C87=\"S\",ROUND(IF(TIPOORCAMENTO=\"Proposto\",ORÇAMENTO.CustoUnitario*(1+$AH87),ORÇAMENTO.PrecoUnitarioLicitado),15-13*$AF$10),0)","v":13.59},{"$f":"IF($C87=\"S\",IF(OR(Import.TipoArredondamento<>\"TransfereGOV\",ACOMPANHAMENTO=\"BM\"),VTOTAL1,SUM(OFFSET(CÁLCULO!$AA$15,ROW($X87)-ROW($X$15),1):OFFSET(CÁLCULO!$AL$15,ROW($X87)-ROW($X$15),-1))),IF($C87=0,0,ROUND(SomaAgrup,15-13*$AF$11)))","v":43.49},"RA","RA",{"$f":"IF($C87=\"S\",IF($Z87=\"CP\",$X87,IF($Z87=\"RA\",(($X87)*QCI!$AA$3),0)),SomaAgrup)","v":14.36686837599243},{"$f":"IF($C87=\"S\",IF($Z87=\"OU\",ROUND($X87,2),0),SomaAgrup)","v":0},{"$f":"IF($N87=\"\",\" \",\nIF(AND($C87<>\"S\",OR($R87=\"\",$R87=\"(digite a descrição aqui)\")),\"DESCRIÇÃO\",\nIF(AND($C87=\"S\",OR($Q87<>\"\",$T87>0,$U87>0),$P87=\"\"),\"FONTE\",\nIF(AND($C87=\"S\",$P87<>\"\",OR($T87>0,$U87>0),$Q87=\"\"),\"CÓDIGO\",\nIF(AND($C87=\"S\",$P87<>\"\",$Q87<>\"\",$R87=\"(Código não identificado nas referências)\"),\"CÓDIGO N/ID\",\nIF(AND($C87=\"S\",OR($R87=\"\",$R87=\"(digite a descrição aqui)\"),OR($Q87<>\"\",$T87>0,$U87>0)),\"DESCRIÇÃO\",\nIF(AND($C87=\"S\",$P87<>\"\",$Q87<>\"\",$S87=\"\"),\"UNIDADE\",\nIF(AND($C87=\"S\",$P87<>\"\",$Q87<>\"\",$U87=0),\"SEM CUSTO\",\nIF(AND(TIPOORCAMENTO=\"Licitado\",$AL87=0,$AN87>0),\"SEM PREÇO\",\nIF(AND($C87=\"S\",$P87<>\"\",$Q87<>\"\",$U87>0,AND($V87<>\"BDI 1\",$V87<>\"BDI 2\",$V87<>\"BDI 3\")),IF(ISNUMBER($V87),\"JUSTIFICAR BDI\",\"BDI\"),\nIF(OR(AND(import.recurso=\"OGU\",TIPOORCAMENTO=\"Proposto\",LEFT($O$8,5)<>\"(N/D:\",$AG87<>\"\",ORÇAMENTO.CustoUnitario>$AG87),AND(TIPOORCAMENTO=\"LICITADO\",ORÇAMENTO.PrecoUnitarioLicitado>$AN87)),\"ACIMA REF.\",\nIF(AND($C87=\"S\",$P87<>\"\",$Q87<>\"\",$T87=0,$U87>0),\"QUANT.\",\nIF(AND(Import.TipoArredondamento=\"TransfereGOV\",$L87=\"F\",$C87=\"S\",LEN($Q87)>13),\"Código >13\",\nIF(AND(Import.TipoArredondamento=\"TransfereGOV\",$L87=\"F\",$C87<>\"S\",LEN($R87)>100),\"Descrição >100\",\nIF(AND(Import.TipoArredondamento=\"TransfereGOV\",$L87=\"F\",$C87=\"S\",LEN($R87)>500),\"Descrição >500\",\nIF(AND(Import.TipoArredondamento=\"TransfereGOV\",$L87=\"F\",$C87=\"S\",LEFT(TRIM(UPPER($P87)),6)<>\"SINAPI\",ISNA(VLOOKUP(TRIM(UPPER($S87)),ListaTgov.Unidades,1,FALSE))),\"Unid. Não Disp\",\n\" \"))))))))))))))))","v":" "},{"$f":"IF(C87<=CRONO.NivelExibicao,MAX($AD$15:OFFSET(AD87,-1,0))+IF($C87<>1,1,MAX(1,COUNTIF(QCI!$A$13:$A$24,OFFSET($E87,-1,0)))),\"\")","v":""},{"$f":"IF(AND($C87=\"S\",ORÇAMENTO.CodBarra<>\"\"),IF(ORÇAMENTO.Fonte=\"\",ORÇAMENTO.CodBarra,CONCATENATE(ORÇAMENTO.Fonte,\" \",ORÇAMENTO.CodBarra)))","v":"SINAPI 91855"},{"$f":"IF(ISERROR(ORÇAMENTO.BancoRef),\"(abra o arquivo 'Referência \"&Excel_BuiltIn_Database&\".xlsm)\",IF(OR($C87<>\"S\",ORÇAMENTO.CodBarra=\"\"),\"(Sem Código)\",IF(ISERROR(MATCH($AE87,INDIRECT(ORÇAMENTO.BancoRef),0)),\"(Código não identificado nas referências)\",MATCH($AE87,INDIRECT(ORÇAMENTO.BancoRef),0))))","v":10448},{"$f":"ROUND(IF(DESONERACAO=\"sim\",REFERENCIA.Desonerado,REFERENCIA.NaoDesonerado),2)","v":11.1},0.22470000000000001,null,3.2,null,null,43.49,{"$f":"ROUND(ORÇAMENTO.CustoUnitario*(1+$AH87),2)","v":13.59}]
["S",2,"S",0,{"$f":"IF($C88=1,OFFSET(E88,-1,0)+MAX(1,COUNTIF(QCI!$A$13:$A$24,OFFSET(ORÇAMENTO!E88,-1,0))),OFFSET(E88,-1,0))","v":1},10,0,0,3,0,{"$f":"IF(OR($C88=\"S\",$C88=0),0,MATCH(OFFSET($D88,0,$C88)+IF($C88<>1,1,COUNTIF(QCI!$A$13:$A$24,ORÇAMENTO!E88)),OFFSET($D88,1,$C88,ROW($C$140)-ROW($C88)),0))","v":0},"F","Serviço","Serviço","1.10.3.","SINAPI","91863","ELETRODUTO RÍGIDO ROSCÁVEL, PVC, DN 25 MM (3/4\"), PARA CIRCUITOS TERMINAIS, INSTALADO EM FORRO - FORNECIMENTO E INSTALAÇÃO. AF_03/2023","M",{"$f":"OFFSET(CÁLCULO!H$15,ROW($T88)-ROW(T$15),0)","v":190.09},11.39,"BDI 1",{"$f":"IF($C88=\"S\",ROUND(IF(TIPOORCAMENTO=\"Proposto\",ORÇAMENTO.CustoUnitario*(1+$AH88),ORÇAMENTO.PrecoUnitarioLicitado),15-13*$AF$10),0)","v":13.95},{"$f":"IF($C88=\"S\",IF(OR(Import.TipoArredondamento<>\"TransfereGOV\",ACOMPANHAMENTO=\"BM\"),VTOTAL1,SUM(OFFSET(CÁLCULO!$AA$15,ROW($X88)-ROW($X$15),1):OFFSET(CÁLCULO!$AL$15,ROW($X88)-ROW($X$15),-1))),IF($C88=0,0,ROUND(SomaAgrup,15-13*$AF$11)))","v":2651.76},"RA","RA",{"$f":"IF($C88=\"S\",IF($Z88=\"CP\",$X88,IF($Z88=\"RA\",(($X88)*QCI!$AA$3),0)),SomaAgrup)","v":876.00567681585858},{"$f":"IF($C88=\"S\",IF($Z88=\"OU\",ROUND($X88,2),0),SomaAgrup)","v":0},{"$f":"IF($N88=\"\",\" \",\nIF(AND($C88<>\"S\",OR($R88=\"\",$R88=\"(digite a descrição aqui)\")),\"DESCRIÇÃO\",\nIF(AND($C88=\"S\",OR($Q88<>\"\",$T88>0,$U88>0),$P88=\"\"),\"FONTE\",\nIF(AND($C88=\"S\",$P88<>\"\",OR($T88>0,$U88>0),$Q88=\"\"),\"CÓDIGO\",\nIF(AND($C88=\"S\",$P88<>\"\",$Q88<>\"\",$R88=\"(Código não identificado nas referências)\"),\"CÓDIGO N/ID\",\nIF(AND($C88=\"S\",OR($R88=\"\",$R88=\"(digite a descrição aqui)\"),OR($Q88<>\"\",$T88>0,$U88>0)),\"DESCRIÇÃO\",\nIF(AND($C88=\"S\",$P88<>\"\",$Q88<>\"\",$S88=\"\"),\"UNIDADE\",\nIF(AND($C88=\"S\",$P88<>\"\",$Q88<>\"\",$U88=0),\"SEM CUSTO\",\nIF(AND(TIPOORCAMENTO=\"Licitado\",$AL88=0,$AN88>0),\"SEM PREÇO\",\nIF(AND($C88=\"S\",$P88<>\"\",$Q88<>\"\",$U88>0,AND($V88<>\"BDI 1\",$V88<>\"BDI 2\",$V88<>\"BDI 3\")),IF(ISNUMBER($V88),\"JUSTIFICAR BDI\",\"BDI\"),\nIF(OR(AND(import.recurso=\"OGU\",TIPOORCAMENTO=\"Proposto\",LEFT($O$8,5)<>\"(N/D:\",$AG88<>\"\",ORÇAMENTO.CustoUnitario>$AG88),AND(TIPOORCAMENTO=\"LICITADO\",ORÇAMENTO.PrecoUnitarioLicitado>$AN88)),\"ACIMA REF.\",\nIF(AND($C88=\"S\",$P88<>\"\",$Q88<>\"\",$T88=0,$U88>0),\"QUANT.\",\nIF(AND(Import.TipoArredondamento=\"TransfereGOV\",$L88=\"F\",$C88=\"S\",LEN($Q88)>13),\"Código >13\",\nIF(AND(Import.TipoArredondamento=\"TransfereGOV\",$L88=\"F\",$C88<>\"S\",LEN($R88)>100),\"Descrição >100\",\nIF(AND(Import.TipoArredondamento=\"TransfereGOV\",$L88=\"F\",$C88=\"S\",LEN($R88)>500),\"Descrição >500\",\nIF(AND(Import.TipoArredondamento=\"TransfereGOV\",$L88=\"F\",$C88=\"S\",LEFT(TRIM(UPPER($P88)),6)<>\"SINAPI\",ISNA(VLOOKUP(TRIM(UPPER($S88)),ListaTgov.Unidades,1,FALSE))),\"Unid. Não Disp\",\n\" \"))))))))))))))))","v":" "},{"$f":"IF(C88<=CRONO.NivelExibicao,MAX($AD$15:OFFSET(AD88,-1,0))+IF($C88<>1,1,MAX(1,COUNTIF(QCI!$A$13:$A$24,OFFSET($E88,-1,0)))),\"\")","v":""},{"$f":"IF(AND($C88=\"S\",ORÇAMENTO.CodBarra<>\"\"),IF(ORÇAMENTO.Fonte=\"\",ORÇAMENTO.CodBarra,CONCATENATE(ORÇAMENTO.Fonte,\" \",ORÇAMENTO.CodBarra)))","v":"SINAPI 91863"},{"$f":"IF(ISERROR(ORÇAMENTO.BancoRef),\"(abra o arquivo 'Referência \"&Excel_BuiltIn_Database&\".xlsm)\",IF(OR($C88<>\"S\",ORÇAMENTO.CodBarra=\"\"),\"(Sem Código)\",IF(ISERROR(MATCH($AE88,INDIRECT(ORÇAMENTO.BancoRef),0)),\"(Código não identificado nas referências)\",MATCH($AE88,INDIRECT(ORÇAMENTO.BancoRef),0))))","v":10473},{"$f":"ROUND(IF(DESONERACAO=\"sim\",REFERENCIA.Desonerado,REFERENCIA.NaoDesonerado),2)","v":11.39},0.22470000000000001,null,190.09,null,null,2651.76,{"$f":"ROUND(ORÇAMENTO.CustoUnitario*(1+$AH88),2)","v":13.95}]
["S",2,"S",0,{"$f":"IF($C89=1,OFFSET(E89,-1,0)+MAX(1,COUNTIF(QCI!$A$13:$A$24,OFFSET(ORÇAMENTO!E89,-1,0))),OFFSET(E89,-1,0))","v":1},10,0,0,4,0,{"$f":"IF(OR($C89=\"S\",$C89=0),0,MATCH(OFFSET($D89,0,$C89)+IF($C89<>1,1,COUNTIF(QCI!$A$13:$A$24,ORÇAMENTO!E89)),OFFSET($D89,1,$C89,ROW($C$140)-ROW($C89)),0))","v":0},"F","Serviço","Serviço","1.10.4.","SINAPI","97667","ELETRODUTO FLEXÍVEL CORRUGADO, PEAD, DN 50 (1 1/2\"), PARA REDE ENTERRADA DE DISTRIBUIÇÃO DE ENERGIA ELÉTRICA - FORNECIMENTO E INSTALAÇÃO. AF_12/2021","M",{"$f":"OFFSET(CÁLCULO!H$15,ROW($T89)-ROW(T$15),0)","v":115.89},9.4499999999999993,"BDI 1",{"$f":"IF($C89=\"S\",ROUND(IF(TIPOORCAMENTO=\"Proposto\",ORÇAMENTO.CustoUnitario*(1+$AH89),ORÇAMENTO.PrecoUnitarioLicitado),15-13*$AF$10),0)","v":11.57},{"$f":"IF($C89=\"S\",IF(OR(Import.TipoArredondamento<>\"TransfereGOV\",ACOMPANHAMENTO=\"BM\"),VTOTAL1,SUM(OFFSET(CÁLCULO!$AA$15,ROW($X89)-ROW($X$15),1):OFFSET(CÁLCULO!$AL$15,ROW($X89)-ROW($X$15),-1))),IF($C89=0,0,ROUND(SomaAgrup,15-13*$AF$11)))","v":1340.85},"RA","RA",{"$f":"IF($C89=\"S\",IF($Z89=\"CP\",$X89,IF($Z89=\"RA\",(($X89)*QCI!$AA$3),0)),SomaAgrup)","v":442.94815962173948},{"$f":"IF($C89=\"S\",IF($Z89=\"OU\",ROUND($X89,2),0),SomaAgrup)","v":0},{"$f":"IF($N89=\"\",\" \",\nIF(AND($C89<>\"S\",OR($R89=\"\",$R89=\"(digite a descrição aqui)\")),\"DESCRIÇÃO\",\nIF(AND($C89=\"S\",OR($Q89<>\"\",$T89>0,$U89>0),$P89=\"\"),\"FONTE\",\nIF(AND($C89=\"S\",$P89<>\"\",OR($T89>0,$U89>0),$Q89=\"\"),\"CÓDIGO\",\nIF(AND($C89=\"S\",$P89<>\"\",$Q89<>\"\",$R89=\"(Código não identificado nas referências)\"),\"CÓDIGO N/ID\",\nIF(AND($C89=\"S\",OR($R89=\"\",$R89=\"(digite a descrição aqui)\"),OR($Q89<>\"\",$T89>0,$U89>0)),\"DESCRIÇÃO\",\nIF(AND($C89=\"S\",$P89<>\"\",$Q89<>\"\",$S89=\"\"),\"UNIDADE\",\nIF(AND($C89=\"S\",$P89<>\"\",$Q89<>\"\",$U89=0),\"SEM CUSTO\",\nIF(AND(TIPOORCAMENTO=\"Licitado\",$AL89=0,$AN89>0),\"SEM PREÇO\",\nIF(AND($C89=\"S\",$P89<>\"\",$Q89<>\"\",$U89>0,AND($V89<>\"BDI 1\",$V89<>\"BDI 2\",$V89<>\"BDI 3\")),IF(ISNUMBER($V89),\"JUSTIFICAR BDI\",\"BDI\"),\nIF(OR(AND(import.recurso=\"OGU\",TIPOORCAMENTO=\"Proposto\",LEFT($O$8,5)<>\"(N/D:\",$AG89<>\"\",ORÇAMENTO.CustoUnitario>$AG89),AND(TIPOORCAMENTO=\"LICITADO\",ORÇAMENTO.PrecoUnitarioLicitado>$AN89)),\"ACIMA REF.\",\nIF(AND($C89=\"S\",$P89<>\"\",$Q89<>\"\",$T89=0,$U89>0),\"QUANT.\",\nIF(AND(Import.TipoArredondamento=\"TransfereGOV\",$L89=\"F\",$C89=\"S\",LEN($Q89)>13),\"Código >13\",\nIF(AND(Import.TipoArredondamento=\"TransfereGOV\",$L89=\"F\",$C89<>\"S\",LEN($R89)>100),\"Descrição >100\",\nIF(AND(Import.TipoArredondamento=\"TransfereGOV\",$L89=\"F\",$C89=\"S\",LEN($R89)>500),\"Descrição >500\",\nIF(AND(Import.TipoArredondamento=\"TransfereGOV\",$L89=\"F\",$C89=\"S\",LEFT(TRIM(UPPER($P89)),6)<>\"SINAPI\",ISNA(VLOOKUP(TRIM(UPPER($S89)),ListaTgov.Unidades,1,FALSE))),\"Unid. Não Disp\",\n\" \"))))))))))))))))","v":" "},{"$f":"IF(C89<=CRONO.NivelExibicao,MAX($AD$15:OFFSET(AD89,-1,0))+IF($C89<>1,1,MAX(1,COUNTIF(QCI!$A$13:$A$24,OFFSET($E89,-1,0)))),\"\")","v":""},{"$f":"IF(AND($C89=\"S\",ORÇAMENTO.CodBarra<>\"\"),IF(ORÇAMENTO.Fonte=\"\",ORÇAMENTO.CodBarra,CONCATENATE(ORÇAMENTO.Fonte,\" \",ORÇAMENTO.CodBarra)))","v":"SINAPI 97667"},{"$f":"IF(ISERROR(ORÇAMENTO.BancoRef),\"(abra o arquivo 'Referência \"&Excel_BuiltIn_Database&\".xlsm)\",IF(OR($C89<>\"S\",ORÇAMENTO.CodBarra=\"\"),\"(Sem Código)\",IF(ISERROR(MATCH($AE89,INDIRECT(ORÇAMENTO.BancoRef),0)),\"(Código não identificado nas referências)\",MATCH($AE89,INDIRECT(ORÇAMENTO.BancoRef),0))))","v":14592},{"$f":"ROUND(IF(DESONERACAO=\"sim\",REFERENCIA.Desonerado,REFERENCIA.NaoDesonerado),2)","v":9.4499999999999993},0.22470000000000001,null,115.89,null,null,1340.85,{"$f":"ROUND(ORÇAMENTO.CustoUnitario*(1+$AH89),2)","v":11.57}]
["S",2,"S",0,{"$f":"IF($C90=1,OFFSET(E90,-1,0)+MAX(1,COUNTIF(QCI!$A$13:$A$24,OFFSET(ORÇAMENTO!E90,-1,0))),OFFSET(E90,-1,0))","v":1},10,0,0,5,0,{"$f":"IF(OR($C90=\"S\",$C90=0),0,MATCH(OFFSET($D90,0,$C90)+IF($C90<>1,1,COUNTIF(QCI!$A$13:$A$24,ORÇAMENTO!E90)),OFFSET($D90,1,$C90,ROW($C$140)-ROW($C90)),0))","v":0},"F","Serviço","Serviço","1.10.5.","SINAPI","93358","ESCAVAÇÃO MANUAL DE VALA. AF_09/2024","M3",{"$f":"OFFSET(CÁLCULO!H$15,ROW($T90)-ROW(T$15),0)","v":10.35},82.04,"BDI 1",{"$f":"IF($C90=\"S\",ROUND(IF(TIPOORCAMENTO=\"Proposto\",ORÇAMENTO.CustoUnitario*(1+$AH90),ORÇAMENTO.PrecoUnitarioLicitado),15-13*$AF$10),0)","v":100.47},{"$f":"IF($C90=\"S\",IF(OR(Import.TipoArredondamento<>\"TransfereGOV\",ACOMPANHAMENTO=\"BM\"),VTOTAL1,SUM(OFFSET(CÁLCULO!$AA$15,ROW($X90)-ROW($X$15),1):OFFSET(CÁLCULO!$AL$15,ROW($X90)-ROW($X$15),-1))),IF($C90=0,0,ROUND(SomaAgrup,15-13*$AF$11)))","v":1039.8599999999999},"RA","RA",{"$f":"IF($C90=\"S\",IF($Z90=\"CP\",$X90,IF($Z90=\"RA\",(($X90)*QCI!$AA$3),0)),SomaAgrup)","v":343.51648078775554},{"$f":"IF($C90=\"S\",IF($Z90=\"OU\",ROUND($X90,2),0),SomaAgrup)","v":0},{"$f":"IF($N90=\"\",\" \",\nIF(AND($C90<>\"S\",OR($R90=\"\",$R90=\"(digite a descrição aqui)\")),\"DESCRIÇÃO\",\nIF(AND($C90=\"S\",OR($Q90<>\"\",$T90>0,$U90>0),$P90=\"\"),\"FONTE\",\nIF(AND($C90=\"S\",$P90<>\"\",OR($T90>0,$U90>0),$Q90=\"\"),\"CÓDIGO\",\nIF(AND($C90=\"S\",$P90<>\"\",$Q90<>\"\",$R90=\"(Código não identificado nas referências)\"),\"CÓDIGO N/ID\",\nIF(AND($C90=\"S\",OR($R90=\"\",$R90=\"(digite a descrição aqui)\"),OR($Q90<>\"\",$T90>0,$U90>0)),\"DESCRIÇÃO\",\nIF(AND($C90=\"S\",$P90<>\"\",$Q90<>\"\",$S90=\"\"),\"UNIDADE\",\nIF(AND($C90=\"S\",$P90<>\"\",$Q90<>\"\",$U90=0),\"SEM CUSTO\",\nIF(AND(TIPOORCAMENTO=\"Licitado\",$AL90=0,$AN90>0),\"SEM PREÇO\",\nIF(AND($C90=\"S\",$P90<>\"\",$Q90<>\"\",$U90>0,AND($V90<>\"BDI 1\",$V90<>\"BDI 2\",$V90<>\"BDI 3\")),IF(ISNUMBER($V90),\"JUSTIFICAR BDI\",\"BDI\"),\nIF(OR(AND(import.recurso=\"OGU\",TIPOORCAMENTO=\"Proposto\",LEFT($O$8,5)<>\"(N/D:\",$AG90<>\"\",ORÇAMENTO.CustoUnitario>$AG90),AND(TIPOORCAMENTO=\"LICITADO\",ORÇAMENTO.PrecoUnitarioLicitado>$AN90)),\"ACIMA REF.\",\nIF(AND($C90=\"S\",$P90<>\"\",$Q90<>\"\",$T90=0,$U90>0),\"QUANT.\",\nIF(AND(Import.TipoArredondamento=\"TransfereGOV\",$L90=\"F\",$C90=\"S\",LEN($Q90)>13),\"Código >13\",\nIF(AND(Import.TipoArredondamento=\"TransfereGOV\",$L90=\"F\",$C90<>\"S\",LEN($R90)>100),\"Descrição >100\",\nIF(AND(Import.TipoArredondamento=\"TransfereGOV\",$L90=\"F\",$C90=\"S\",LEN($R90)>500),\"Descrição >500\",\nIF(AND(Import.TipoArredondamento=\"TransfereGOV\",$L90=\"F\",$C90=\"S\",LEFT(TRIM(UPPER($P90)),6)<>\"SINAPI\",ISNA(VLOOKUP(TRIM(UPPER($S90)),ListaTgov.Unidades,1,FALSE))),\"Unid. Não Disp\",\n\" \"))))))))))))))))","v":" "},{"$f":"IF(C90<=CRONO.NivelExibicao,MAX($AD$15:OFFSET(AD90,-1,0))+IF($C90<>1,1,MAX(1,COUNTIF(QCI!$A$13:$A$24,OFFSET($E90,-1,0)))),\"\")","v":""},{"$f":"IF(AND($C90=\"S\",ORÇAMENTO.CodBarra<>\"\"),IF(ORÇAMENTO.Fonte=\"\",ORÇAMENTO.CodBarra,CONCATENATE(ORÇAMENTO.Fonte,\" \",ORÇAMENTO.CodBarra)))","v":"SINAPI 93358"},{"$f":"IF(ISERROR(ORÇAMENTO.BancoRef),\"(abra o arquivo 'Referência \"&Excel_BuiltIn_Database&\".xlsm)\",IF(OR($C90<>\"S\",ORÇAMENTO.CodBarra=\"\"),\"(Sem Código)\",IF(ISERROR(MATCH($AE90,INDIRECT(ORÇAMENTO.BancoRef),0)),\"(Código não identificado nas referências)\",MATCH($AE90,INDIRECT(ORÇAMENTO.BancoRef),0))))","v":9290},{"$f":"ROUND(IF(DESONERACAO=\"sim\",REFERENCIA.Desonerado,REFERENCIA.NaoDesonerado),2)","v":82.04},0.22470000000000001,null,10.35,null,null,1039.8599999999999,{"$f":"ROUND(ORÇAMENTO.CustoUnitario*(1+$AH90),2)","v":100.47}]
["S",2,"S",0,{"$f":"IF($C91=1,OFFSET(E91,-1,0)+MAX(1,COUNTIF(QCI!$A$13:$A$24,OFFSET(ORÇAMENTO!E91,-1,0))),OFFSET(E91,-1,0))","v":1},10,0,0,6,0,{"$f":"IF(OR($C91=\"S\",$C91=0),0,MATCH(OFFSET($D91,0,$C91)+IF($C91<>1,1,COUNTIF(QCI!$A$13:$A$24,ORÇAMENTO!E91)),OFFSET($D91,1,$C91,ROW($C$140)-ROW($C91)),0))","v":0},"F","Serviço","Serviço","1.10.6.","Composição","CPU 15","REATERRO MANUAL DE VALAS","M",{"$f":"OFFSET(CÁLCULO!H$15,ROW($T91)-ROW(T$15),0)","v":10.35},5.54,"BDI 1",{"$f":"IF($C91=\"S\",ROUND(IF(TIPOORCAMENTO=\"Proposto\",ORÇAMENTO.CustoUnitario*(1+$AH91),ORÇAMENTO.PrecoUnitarioLicitado),15-13*$AF$10),0)","v":6.78},{"$f":"IF($C91=\"S\",IF(OR(Import.TipoArredondamento<>\"TransfereGOV\",ACOMPANHAMENTO=\"BM\"),VTOTAL1,SUM(OFFSET(CÁLCULO!$AA$15,ROW($X91)-ROW($X$15),1):OFFSET(CÁLCULO!$AL$15,ROW($X91)-ROW($X$15),-1))),IF($C91=0,0,ROUND(SomaAgrup,15-13*$AF$11)))","v":70.17},"RA","RA",{"$f":"IF($C91=\"S\",IF($Z91=\"CP\",$X91,IF($Z91=\"RA\",(($X91)*QCI!$AA$3),0)),SomaAgrup)","v":23.180573785775785},{"$f":"IF($C91=\"S\",IF($Z91=\"OU\",ROUND($X91,2),0),SomaAgrup)","v":0},{"$f":"IF($N91=\"\",\" \",\nIF(AND($C91<>\"S\",OR($R91=\"\",$R91=\"(digite a descrição aqui)\")),\"DESCRIÇÃO\",\nIF(AND($C91=\"S\",OR($Q91<>\"\",$T91>0,$U91>0),$P91=\"\"),\"FONTE\",\nIF(AND($C91=\"S\",$P91<>\"\",OR($T91>0,$U91>0),$Q91=\"\"),\"CÓDIGO\",\nIF(AND($C91=\"S\",$P91<>\"\",$Q91<>\"\",$R91=\"(Código não identificado nas referências)\"),\"CÓDIGO N/ID\",\nIF(AND($C91=\"S\",OR($R91=\"\",$R91=\"(digite a descrição aqui)\"),OR($Q91<>\"\",$T91>0,$U91>0)),\"DESCRIÇÃO\",\nIF(AND($C91=\"S\",$P91<>\"\",$Q91<>\"\",$S91=\"\"),\"UNIDADE\",\nIF(AND($C91=\"S\",$P91<>\"\",$Q91<>\"\",$U91=0),\"SEM CUSTO\",\nIF(AND(TIPOORCAMENTO=\"Licitado\",$AL91=0,$AN91>0),\"SEM PREÇO\",\nIF(AND($C91=\"S\",$P91<>\"\",$Q91<>\"\",$U91>0,AND($V91<>\"BDI 1\",$V91<>\"BDI 2\",$V91<>\"BDI 3\")),IF(ISNUMBER($V91),\"JUSTIFICAR BDI\",\"BDI\"),\nIF(OR(AND(import.recurso=\"OGU\",TIPOORCAMENTO=\"Proposto\",LEFT($O$8,5)<>\"(N/D:\",$AG91<>\"\",ORÇAMENTO.CustoUnitario>$AG91),AND(TIPOORCAMENTO=\"LICITADO\",ORÇAMENTO.PrecoUnitarioLicitado>$AN91)),\"ACIMA REF.\",\nIF(AND($C91=\"S\",$P91<>\"\",$Q91<>\"\",$T91=0,$U91>0),\"QUANT.\",\nIF(AND(Import.TipoArredondamento=\"TransfereGOV\",$L91=\"F\",$C91=\"S\",LEN($Q91)>13),\"Código >13\",\nIF(AND(Import.TipoArredondamento=\"TransfereGOV\",$L91=\"F\",$C91<>\"S\",LEN($R91)>100),\"Descrição >100\",\nIF(AND(Import.TipoArredondamento=\"TransfereGOV\",$L91=\"F\",$C91=\"S\",LEN($R91)>500),\"Descrição >500\",\nIF(AND(Import.TipoArredondamento=\"TransfereGOV\",$L91=\"F\",$C91=\"S\",LEFT(TRIM(UPPER($P91)),6)<>\"SINAPI\",ISNA(VLOOKUP(TRIM(UPPER($S91)),ListaTgov.Unidades,1,FALSE))),\"Unid. Não Disp\",\n\" \"))))))))))))))))","v":" "},{"$f":"IF(C91<=CRONO.NivelExibicao,MAX($AD$15:OFFSET(AD91,-1,0))+IF($C91<>1,1,MAX(1,COUNTIF(QCI!$A$13:$A$24,OFFSET($E91,-1,0)))),\"\")","v":""},{"$f":"IF(AND($C91=\"S\",ORÇAMENTO.CodBarra<>\"\"),IF(ORÇAMENTO.Fonte=\"\",ORÇAMENTO.CodBarra,CONCATENATE(ORÇAMENTO.Fonte,\" \",ORÇAMENTO.CodBarra)))","v":"Composição CPU 15"},{"$f":"IF(ISERROR(ORÇAMENTO.BancoRef),\"(abra o arquivo 'Referência \"&Excel_BuiltIn_Database&\".xlsm)\",IF(OR($C91<>\"S\",ORÇAMENTO.CodBarra=\"\"),\"(Sem Código)\",IF(ISERROR(MATCH($AE91,INDIRECT(ORÇAMENTO.BancoRef),0)),\"(Código não identificado nas referências)\",MATCH($AE91,INDIRECT(ORÇAMENTO.BancoRef),0))))","v":13},{"$f":"ROUND(IF(DESONERACAO=\"sim\",REFERENCIA.Desonerado,REFERENCIA.NaoDesonerado),2)","v":5.54},0.22470000000000001,null,10.35,null,null,70.17,{"$f":"ROUND(ORÇAMENTO.CustoUnitario*(1+$AH91),2)","v":6.78}]
["S",2,"S",0,{"$f":"IF($C92=1,OFFSET(E92,-1,0)+MAX(1,COUNTIF(QCI!$A$13:$A$24,OFFSET(ORÇAMENTO!E92,-1,0))),OFFSET(E92,-1,0))","v":1},10,0,0,7,0,{"$f":"IF(OR($C92=\"S\",$C92=0),0,MATCH(OFFSET($D92,0,$C92)+IF($C92<>1,1,COUNTIF(QCI!$A$13:$A$24,ORÇAMENTO!E92)),OFFSET($D92,1,$C92,ROW($C$140)-ROW($C92)),0))","v":0},"F","Serviço","Serviço","1.10.7.","SINAPI","91941","CAIXA RETANGULAR 4\" X 2\" BAIXA (0,30 M DO PISO), PVC, INSTALADA EM PAREDE - FORNECIMENTO E INSTALAÇÃO. AF_03/2023","UN",{"$f":"OFFSET(CÁLCULO!H$15,ROW($T92)-ROW(T$15),0)","v":7},10.71,"BDI 1",{"$f":"IF($C92=\"S\",ROUND(IF(TIPOORCAMENTO=\"Proposto\",ORÇAMENTO.CustoUnitario*(1+$AH92),ORÇAMENTO.PrecoUnitarioLicitado),15-13*$AF$10),0)","v":13.12},{"$f":"IF($C92=\"S\",IF(OR(Import.TipoArredondamento<>\"TransfereGOV\",ACOMPANHAMENTO=\"BM\"),VTOTAL1,SUM(OFFSET(CÁLCULO!$AA$15,ROW($X92)-ROW($X$15),1):OFFSET(CÁLCULO!$AL$15,ROW($X92)-ROW($X$15),-1))),IF($C92=0,0,ROUND(SomaAgrup,15-13*$AF$11)))","v":91.84},"RA","RA",{"$f":"IF($C92=\"S\",IF($Z92=\"CP\",$X92,IF($Z92=\"RA\",(($X92)*QCI!$AA$3),0)),SomaAgrup)","v":30.339231815386178},{"$f":"IF($C92=\"S\",IF($Z92=\"OU\",ROUND($X92,2),0),SomaAgrup)","v":0},{"$f":"IF($N92=\"\",\" \",\nIF(AND($C92<>\"S\",OR($R92=\"\",$R92=\"(digite a descrição aqui)\")),\"DESCRIÇÃO\",\nIF(AND($C92=\"S\",OR($Q92<>\"\",$T92>0,$U92>0),$P92=\"\"),\"FONTE\",\nIF(AND($C92=\"S\",$P92<>\"\",OR($T92>0,$U92>0),$Q92=\"\"),\"CÓDIGO\",\nIF(AND($C92=\"S\",$P92<>\"\",$Q92<>\"\",$R92=\"(Código não identificado nas referências)\"),\"CÓDIGO N/ID\",\nIF(AND($C92=\"S\",OR($R92=\"\",$R92=\"(digite a descrição aqui)\"),OR($Q92<>\"\",$T92>0,$U92>0)),\"DESCRIÇÃO\",\nIF(AND($C92=\"S\",$P92<>\"\",$Q92<>\"\",$S92=\"\"),\"UNIDADE\",\nIF(AND($C92=\"S\",$P92<>\"\",$Q92<>\"\",$U92=0),\"SEM CUSTO\",\nIF(AND(TIPOORCAMENTO=\"Licitado\",$AL92=0,$AN92>0),\"SEM PREÇO\",\nIF(AND($C92=\"S\",$P92<>\"\",$Q92<>\"\",$U92>0,AND($V92<>\"BDI 1\",$V92<>\"BDI 2\",$V92<>\"BDI 3\")),IF(ISNUMBER($V92),\"JUSTIFICAR BDI\",\"BDI\"),\nIF(OR(AND(import.recurso=\"OGU\",TIPOORCAMENTO=\"Proposto\",LEFT($O$8,5)<>\"(N/D:\",$AG92<>\"\",ORÇAMENTO.CustoUnitario>$AG92),AND(TIPOORCAMENTO=\"LICITADO\",ORÇAMENTO.PrecoUnitarioLicitado>$AN92)),\"ACIMA REF.\",\nIF(AND($C92=\"S\",$P92<>\"\",$Q92<>\"\",$T92=0,$U92>0),\"QUANT.\",\nIF(AND(Import.TipoArredondamento=\"TransfereGOV\",$L92=\"F\",$C92=\"S\",LEN($Q92)>13),\"Código >13\",\nIF(AND(Import.TipoArredondamento=\"TransfereGOV\",$L92=\"F\",$C92<>\"S\",LEN($R92)>100),\"Descrição >100\",\nIF(AND(Import.TipoArredondamento=\"TransfereGOV\",$L92=\"F\",$C92=\"S\",LEN($R92)>500),\"Descrição >500\",\nIF(AND(Import.TipoArredondamento=\"TransfereGOV\",$L92=\"F\",$C92=\"S\",LEFT(TRIM(UPPER($P92)),6)<>\"SINAPI\",ISNA(VLOOKUP(TRIM(UPPER($S92)),ListaTgov.Unidades,1,FALSE))),\"Unid. Não Disp\",\n\" \"))))))))))))))))","v":" "},{"$f":"IF(C92<=CRONO.NivelExibicao,MAX($AD$15:OFFSET(AD92,-1,0))+IF($C92<>1,1,MAX(1,COUNTIF(QCI!$A$13:$A$24,OFFSET($E92,-1,0)))),\"\")","v":""},{"$f":"IF(AND($C92=\"S\",ORÇAMENTO.CodBarra<>\"\"),IF(ORÇAMENTO.Fonte=\"\",ORÇAMENTO.CodBarra,CONCATENATE(ORÇAMENTO.Fonte,\" \",ORÇAMENTO.CodBarra)))","v":"SINAPI 91941"},{"$f":"IF(ISERROR(ORÇAMENTO.BancoRef),\"(abra o arquivo 'Referência \"&Excel_BuiltIn_Database&\".xlsm)\",IF(OR($C92<>\"S\",ORÇAMENTO.CodBarra=\"\"),\"(Sem Código)\",IF(ISERROR(MATCH($AE92,INDIRECT(ORÇAMENTO.BancoRef),0)),\"(Código não identificado nas referências)\",MATCH($AE92,INDIRECT(ORÇAMENTO.BancoRef),0))))","v":10402},{"$f":"ROUND(IF(DESONERACAO=\"sim\",REFERENCIA.Desonerado,REFERENCIA.NaoDesonerado),2)","v":10.71},0.22470000000000001,null,7,null,null,91.84,{"$f":"ROUND(ORÇAMENTO.CustoUnitario*(1+$AH92),2)","v":13.12}]
["S",2,"S",0,{"$f":"IF($C93=1,OFFSET(E93,-1,0)+MAX(1,COUNTIF(QCI!$A$13:$A$24,OFFSET(ORÇAMENTO!E93,-1,0))),OFFSET(E93,-1,0))","v":1},10,0,0,8,0,{"$f":"IF(OR($C93=\"S\",$C93=0),0,MATCH(OFFSET($D93,0,$C93)+IF($C93<>1,1,COUNTIF(QCI!$A$13:$A$24,ORÇAMENTO!E93)),OFFSET($D93,1,$C93,ROW($C$140)-ROW($C93)),0))","v":0},"F","Serviço","Serviço","1.10.8.","SINAPI","95796","CONDULETE DE ALUMÍNIO, TIPO T, PARA ELETRODUTO DE AÇO GALVANIZADO DN 25 MM (1''), APARENTE - FORNECIMENTO E INSTALAÇÃO. AF_10/2022","UN",{"$f":"OFFSET(CÁLCULO!H$15,ROW($T93)-ROW(T$15),0)","v":1},46.51,"BDI 1",{"$f":"IF($C93=\"S\",ROUND(IF(TIPOORCAMENTO=\"Proposto\",ORÇAMENTO.CustoUnitario*(1+$AH93),ORÇAMENTO.PrecoUnitarioLicitado),15-13*$AF$10),0)","v":56.96},{"$f":"IF($C93=\"S\",IF(OR(Import.TipoArredondamento<>\"TransfereGOV\",ACOMPANHAMENTO=\"BM\"),VTOTAL1,SUM(OFFSET(CÁLCULO!$AA$15,ROW($X93)-ROW($X$15),1):OFFSET(CÁLCULO!$AL$15,ROW($X93)-ROW($X$15),-1))),IF($C93=0,0,ROUND(SomaAgrup,15-13*$AF$11)))","v":56.96},"RA","RA",{"$f":"IF($C93=\"S\",IF($Z93=\"CP\",$X93,IF($Z93=\"RA\",(($X93)*QCI!$AA$3),0)),SomaAgrup)","v":18.8166664220862},{"$f":"IF($C93=\"S\",IF($Z93=\"OU\",ROUND($X93,2),0),SomaAgrup)","v":0},{"$f":"IF($N93=\"\",\" \",\nIF(AND($C93<>\"S\",OR($R93=\"\",$R93=\"(digite a descrição aqui)\")),\"DESCRIÇÃO\",\nIF(AND($C93=\"S\",OR($Q93<>\"\",$T93>0,$U93>0),$P93=\"\"),\"FONTE\",\nIF(AND($C93=\"S\",$P93<>\"\",OR($T93>0,$U93>0),$Q93=\"\"),\"CÓDIGO\",\nIF(AND($C93=\"S\",$P93<>\"\",$Q93<>\"\",$R93=\"(Código não identificado nas referências)\"),\"CÓDIGO N/ID\",\nIF(AND($C93=\"S\",OR($R93=\"\",$R93=\"(digite a descrição aqui)\"),OR($Q93<>\"\",$T93>0,$U93>0)),\"DESCRIÇÃO\",\nIF(AND($C93=\"S\",$P93<>\"\",$Q93<>\"\",$S93=\"\"),\"UNIDADE\",\nIF(AND($C93=\"S\",$P93<>\"\",$Q93<>\"\",$U93=0),\"SEM CUSTO\",\nIF(AND(TIPOORCAMENTO=\"Licitado\",$AL93=0,$AN93>0),\"SEM PREÇO\",\nIF(AND($C93=\"S\",$P93<>\"\",$Q93<>\"\",$U93>0,AND($V93<>\"BDI 1\",$V93<>\"BDI 2\",$V93<>\"BDI 3\")),IF(ISNUMBER($V93),\"JUSTIFICAR BDI\",\"BDI\"),\nIF(OR(AND(import.recurso=\"OGU\",TIPOORCAMENTO=\"Proposto\",LEFT($O$8,5)<>\"(N/D:\",$AG93<>\"\",ORÇAMENTO.CustoUnitario>$AG93),AND(TIPOORCAMENTO=\"LICITADO\",ORÇAMENTO.PrecoUnitarioLicitado>$AN93)),\"ACIMA REF.\",\nIF(AND($C93=\"S\",$P93<>\"\",$Q93<>\"\",$T93=0,$U93>0),\"QUANT.\",\nIF(AND(Import.TipoArredondamento=\"TransfereGOV\",$L93=\"F\",$C93=\"S\",LEN($Q93)>13),\"Código >13\",\nIF(AND(Import.TipoArredondamento=\"TransfereGOV\",$L93=\"F\",$C93<>\"S\",LEN($R93)>100),\"Descrição >100\",\nIF(AND(Import.TipoArredondamento=\"TransfereGOV\",$L93=\"F\",$C93=\"S\",LEN($R93)>500),\"Descrição >500\",\nIF(AND(Import.TipoArredondamento=\"TransfereGOV\",$L93=\"F\",$C93=\"S\",LEFT(TRIM(UPPER($P93)),6)<>\"SINAPI\",ISNA(VLOOKUP(TRIM(UPPER($S93)),ListaTgov.Unidades,1,FALSE))),\"Unid. Não Disp\",\n\" \"))))))))))))))))","v":" "},{"$f":"IF(C93<=CRONO.NivelExibicao,MAX($AD$15:OFFSET(AD93,-1,0))+IF($C93<>1,1,MAX(1,COUNTIF(QCI!$A$13:$A$24,OFFSET($E93,-1,0)))),\"\")","v":""},{"$f":"IF(AND($C93=\"S\",ORÇAMENTO.CodBarra<>\"\"),IF(ORÇAMENTO.Fonte=\"\",ORÇAMENTO.CodBarra,CONCATENATE(ORÇAMENTO.Fonte,\" \",ORÇAMENTO.CodBarra)))","v":"SINAPI 95796"},{"$f":"IF(ISERROR(ORÇAMENTO.BancoRef),\"(abra o arquivo 'Referência \"&Excel_BuiltIn_Database&\".xlsm)\",IF(OR($C93<>\"S\",ORÇAMENTO.CodBarra=\"\"),\"(Sem Código)\",IF(ISERROR(MATCH($AE93,INDIRECT(ORÇAMENTO.BancoRef),0)),\"(Código não identificado nas referências)\",MATCH($AE93,INDIRECT(ORÇAMENTO.BancoRef),0))))","v":10599},{"$f":"ROUND(IF(DESONERACAO=\"sim\",REFERENCIA.Desonerado,REFERENCIA.NaoDesonerado),2)","v":46.51},0.22470000000000001,null,1,null,null,56.96,{"$f":"ROUND(ORÇAMENTO.CustoUnitario*(1+$AH93),2)","v":56.96}]
["S",2,"S",0,{"$f":"IF($C94=1,OFFSET(E94,-1,0)+MAX(1,COUNTIF(QCI!$A$13:$A$24,OFFSET(ORÇAMENTO!E94,-1,0))),OFFSET(E94,-1,0))","v":1},10,0,0,9,0,{"$f":"IF(OR($C94=\"S\",$C94=0),0,MATCH(OFFSET($D94,0,$C94)+IF($C94<>1,1,COUNTIF(QCI!$A$13:$A$24,ORÇAMENTO!E94)),OFFSET($D94,1,$C94,ROW($C$140)-ROW($C94)),0))","v":0},"F","Serviço","Serviço","1.10.9.","SINAPI","95808","CONDULETE DE PVC, TIPO LL, PARA ELETRODUTO DE PVC SOLDÁVEL DN 25 MM (3/4''), APARENTE - FORNECIMENTO E INSTALAÇÃO. AF_10/2022","UN",{"$f":"OFFSET(CÁLCULO!H$15,ROW($T94)-ROW(T$15),0)","v":1},26.15,"BDI 1",{"$f":"IF($C94=\"S\",ROUND(IF(TIPOORCAMENTO=\"Proposto\",ORÇAMENTO.CustoUnitario*(1+$AH94),ORÇAMENTO.PrecoUnitarioLicitado),15-13*$AF$10),0)","v":32.03},{"$f":"IF($C94=\"S\",IF(OR(Import.TipoArredondamento<>\"TransfereGOV\",ACOMPANHAMENTO=\"BM\"),VTOTAL1,SUM(OFFSET(CÁLCULO!$AA$15,ROW($X94)-ROW($X$15),1):OFFSET(CÁLCULO!$AL$15,ROW($X94)-ROW($X$15),-1))),IF($C94=0,0,ROUND(SomaAgrup,15-13*$AF$11)))","v":32.03},"RA","RA",{"$f":"IF($C94=\"S\",IF($Z94=\"CP\",$X94,IF($Z94=\"RA\",(($X94)*QCI!$AA$3),0)),SomaAgrup)","v":10.581071374638711},{"$f":"IF($C94=\"S\",IF($Z94=\"OU\",ROUND($X94,2),0),SomaAgrup)","v":0},{"$f":"IF($N94=\"\",\" \",\nIF(AND($C94<>\"S\",OR($R94=\"\",$R94=\"(digite a descrição aqui)\")),\"DESCRIÇÃO\",\nIF(AND($C94=\"S\",OR($Q94<>\"\",$T94>0,$U94>0),$P94=\"\"),\"FONTE\",\nIF(AND($C94=\"S\",$P94<>\"\",OR($T94>0,$U94>0),$Q94=\"\"),\"CÓDIGO\",\nIF(AND($C94=\"S\",$P94<>\"\",$Q94<>\"\",$R94=\"(Código não identificado nas referências)\"),\"CÓDIGO N/ID\",\nIF(AND($C94=\"S\",OR($R94=\"\",$R94=\"(digite a descrição aqui)\"),OR($Q94<>\"\",$T94>0,$U94>0)),\"DESCRIÇÃO\",\nIF(AND($C94=\"S\",$P94<>\"\",$Q94<>\"\",$S94=\"\"),\"UNIDADE\",\nIF(AND($C94=\"S\",$P94<>\"\",$Q94<>\"\",$U94=0),\"SEM CUSTO\",\nIF(AND(TIPOORCAMENTO=\"Licitado\",$AL94=0,$AN94>0),\"SEM PREÇO\",\nIF(AND($C94=\"S\",$P94<>\"\",$Q94<>\"\",$U94>0,AND($V94<>\"BDI 1\",$V94<>\"BDI 2\",$V94<>\"BDI 3\")),IF(ISNUMBER($V94),\"JUSTIFICAR BDI\",\"BDI\"),\nIF(OR(AND(import.recurso=\"OGU\",TIPOORCAMENTO=\"Proposto\",LEFT($O$8,5)<>\"(N/D:\",$AG94<>\"\",ORÇAMENTO.CustoUnitario>$AG94),AND(TIPOORCAMENTO=\"LICITADO\",ORÇAMENTO.PrecoUnitarioLicitado>$AN94)),\"ACIMA REF.\",\nIF(AND($C94=\"S\",$P94<>\"\",$Q94<>\"\",$T94=0,$U94>0),\"QUANT.\",\nIF(AND(Import.TipoArredondamento=\"TransfereGOV\",$L94=\"F\",$C94=\"S\",LEN($Q94)>13),\"Código >13\",\nIF(AND(Import.TipoArredondamento=\"TransfereGOV\",$L94=\"F\",$C94<>\"S\",LEN($R94)>100),\"Descrição >100\",\nIF(AND(Import.TipoArredondamento=\"TransfereGOV\",$L94=\"F\",$C94=\"S\",LEN($R94)>500),\"Descrição >500\",\nIF(AND(Import.TipoArredondamento=\"TransfereGOV\",$L94=\"F\",$C94=\"S\",LEFT(TRIM(UPPER($P94)),6)<>\"SINAPI\",ISNA(VLOOKUP(TRIM(UPPER($S94)),ListaTgov.Unidades,1,FALSE))),\"Unid. Não Disp\",\n\" \"))))))))))))))))","v":" "},{"$f":"IF(C94<=CRONO.NivelExibicao,MAX($AD$15:OFFSET(AD94,-1,0))+IF($C94<>1,1,MAX(1,COUNTIF(QCI!$A$13:$A$24,OFFSET($E94,-1,0)))),\"\")","v":""},{"$f":"IF(AND($C94=\"S\",ORÇAMENTO.CodBarra<>\"\"),IF(ORÇAMENTO.Fonte=\"\",ORÇAMENTO.CodBarra,CONCATENATE(ORÇAMENTO.Fonte,\" \",ORÇAMENTO.CodBarra)))","v":"SINAPI 95808"},{"$f":"IF(ISERROR(ORÇAMENTO.BancoRef),\"(abra o arquivo 'Referência \"&Excel_BuiltIn_Database&\".xlsm)\",IF(OR($C94<>\"S\",ORÇAMENTO.CodBarra=\"\"),\"(Sem Código)\",IF(ISERROR(MATCH($AE94,INDIRECT(ORÇAMENTO.BancoRef),0)),\"(Código não identificado nas referências)\",MATCH($AE94,INDIRECT(ORÇAMENTO.BancoRef),0))))","v":10620},{"$f":"ROUND(IF(DESONERACAO=\"sim\",REFERENCIA.Desonerado,REFERENCIA.NaoDesonerado),2)","v":26.15},0.22470000000000001,null,1,null,null,32.03,{"$f":"ROUND(ORÇAMENTO.CustoUnitario*(1+$AH94),2)","v":32.03}]
["S",2,"S",0,{"$f":"IF($C95=1,OFFSET(E95,-1,0)+MAX(1,COUNTIF(QCI!$A$13:$A$24,OFFSET(ORÇAMENTO!E95,-1,0))),OFFSET(E95,-1,0))","v":1},10,0,0,10,0,{"$f":"IF(OR($C95=\"S\",$C95=0),0,MATCH(OFFSET($D95,0,$C95)+IF($C95<>1,1,COUNTIF(QCI!$A$13:$A$24,ORÇAMENTO!E95)),OFFSET($D95,1,$C95,ROW($C$140)-ROW($C95)),0))","v":0},"F","Serviço","Serviço","1.10.10.","SINAPI","97886","CAIXA ENTERRADA ELÉTRICA RETANGULAR, EM ALVENARIA COM TIJOLOS CERÂMICOS MACIÇOS, FUNDO COM BRITA, DIMENSÕES INTERNAS: 0,3X0,3X0,3 M. AF_12/2020","UN",{"$f":"OFFSET(CÁLCULO!H$15,ROW($T95)-ROW(T$15),0)","v":7},160.52000000000001,"BDI 1",{"$f":"IF($C95=\"S\",ROUND(IF(TIPOORCAMENTO=\"Proposto\",ORÇAMENTO.CustoUnitario*(1+$AH95),ORÇAMENTO.PrecoUnitarioLicitado),15-13*$AF$10),0)","v":196.59},{"$f":"IF($C95=\"S\",IF(OR(Import.TipoArredondamento<>\"TransfereGOV\",ACOMPANHAMENTO=\"BM\"),VTOTAL1,SUM(OFFSET(CÁLCULO!$AA$15,ROW($X95)-ROW($X$15),1):OFFSET(CÁLCULO!$AL$15,ROW($X95)-ROW($X$15),-1))),IF($C95=0,0,ROUND(SomaAgrup,15-13*$AF$11)))","v":1376.13},"RA","RA",{"$f":"IF($C95=\"S\",IF($Z95=\"CP\",$X95,IF($Z95=\"RA\",(($X95)*QCI!$AA$3),0)),SomaAgrup)","v":454.60286452643055},{"$f":"IF($C95=\"S\",IF($Z95=\"OU\",ROUND($X95,2),0),SomaAgrup)","v":0},{"$f":"IF($N95=\"\",\" \",\nIF(AND($C95<>\"S\",OR($R95=\"\",$R95=\"(digite a descrição aqui)\")),\"DESCRIÇÃO\",\nIF(AND($C95=\"S\",OR($Q95<>\"\",$T95>0,$U95>0),$P95=\"\"),\"FONTE\",\nIF(AND($C95=\"S\",$P95<>\"\",OR($T95>0,$U95>0),$Q95=\"\"),\"CÓDIGO\",\nIF(AND($C95=\"S\",$P95<>\"\",$Q95<>\"\",$R95=\"(Código não identificado nas referências)\"),\"CÓDIGO N/ID\",\nIF(AND($C95=\"S\",OR($R95=\"\",$R95=\"(digite a descrição aqui)\"),OR($Q95<>\"\",$T95>0,$U95>0)),\"DESCRIÇÃO\",\nIF(AND($C95=\"S\",$P95<>\"\",$Q95<>\"\",$S95=\"\"),\"UNIDADE\",\nIF(AND($C95=\"S\",$P95<>\"\",$Q95<>\"\",$U95=0),\"SEM CUSTO\",\nIF(AND(TIPOORCAMENTO=\"Licitado\",$AL95=0,$AN95>0),\"SEM PREÇO\",\nIF(AND($C95=\"S\",$P95<>\"\",$Q95<>\"\",$U95>0,AND($V95<>\"BDI 1\",$V95<>\"BDI 2\",$V95<>\"BDI 3\")),IF(ISNUMBER($V95),\"JUSTIFICAR BDI\",\"BDI\"),\nIF(OR(AND(import.recurso=\"OGU\",TIPOORCAMENTO=\"Proposto\",LEFT($O$8,5)<>\"(N/D:\",$AG95<>\"\",ORÇAMENTO.CustoUnitario>$AG95),AND(TIPOORCAMENTO=\"LICITADO\",ORÇAMENTO.PrecoUnitarioLicitado>$AN95)),\"ACIMA REF.\",\nIF(AND($C95=\"S\",$P95<>\"\",$Q95<>\"\",$T95=0,$U95>0),\"QUANT.\",\nIF(AND(Import.TipoArredondamento=\"TransfereGOV\",$L95=\"F\",$C95=\"S\",LEN($Q95)>13),\"Código >13\",\nIF(AND(Import.TipoArredondamento=\"TransfereGOV\",$L95=\"F\",$C95<>\"S\",LEN($R95)>100),\"Descrição >100\",\nIF(AND(Import.TipoArredondamento=\"TransfereGOV\",$L95=\"F\",$C95=\"S\",LEN($R95)>500),\"Descrição >500\",\nIF(AND(Import.TipoArredondamento=\"TransfereGOV\",$L95=\"F\",$C95=\"S\",LEFT(TRIM(UPPER($P95)),6)<>\"SINAPI\",ISNA(VLOOKUP(TRIM(UPPER($S95)),ListaTgov.Unidades,1,FALSE))),\"Unid. Não Disp\",\n\" \"))))))))))))))))","v":" "},{"$f":"IF(C95<=CRONO.NivelExibicao,MAX($AD$15:OFFSET(AD95,-1,0))+IF($C95<>1,1,MAX(1,COUNTIF(QCI!$A$13:$A$24,OFFSET($E95,-1,0)))),\"\")","v":""},{"$f":"IF(AND($C95=\"S\",ORÇAMENTO.CodBarra<>\"\"),IF(ORÇAMENTO.Fonte=\"\",ORÇAMENTO.CodBarra,CONCATENATE(ORÇAMENTO.Fonte,\" \",ORÇAMENTO.CodBarra)))","v":"SINAPI 97886"},{"$f":"IF(ISERROR(ORÇAMENTO.BancoRef),\"(abra o arquivo 'Referência \"&Excel_BuiltIn_Database&\".xlsm)\",IF(OR($C95<>\"S\",ORÇAMENTO.CodBarra=\"\"),\"(Sem Código)\",IF(ISERROR(MATCH($AE95,INDIRECT(ORÇAMENTO.BancoRef),0)),\"(Código não identificado nas referências)\",MATCH($AE95,INDIRECT(ORÇAMENTO.BancoRef),0))))","v":7132},{"$f":"ROUND(IF(DESONERACAO=\"sim\",REFERENCIA.Desonerado,REFERENCIA.NaoDesonerado),2)","v":160.52000000000001},0.22470000000000001,null,7,null,null,1376.13,{"$f":"ROUND(ORÇAMENTO.CustoUnitario*(1+$AH95),2)","v":196.59}]
["S",2,"S",0,{"$f":"IF($C96=1,OFFSET(E96,-1,0)+MAX(1,COUNTIF(QCI!$A$13:$A$24,OFFSET(ORÇAMENTO!E96,-1,0))),OFFSET(E96,-1,0))","v":1},10,0,0,11,0,{"$f":"IF(OR($C96=\"S\",$C96=0),0,MATCH(OFFSET($D96,0,$C96)+IF($C96<>1,1,COUNTIF(QCI!$A$13:$A$24,ORÇAMENTO!E96)),OFFSET($D96,1,$C96,ROW($C$140)-ROW($C96)),0))","v":0},"F","Serviço","Serviço","1.10.11.","SINAPI","92000","TOMADA BAIXA DE EMBUTIR (1 MÓDULO), 2P+T 10 A, INCLUINDO SUPORTE E PLACA - FORNECIMENTO E INSTALAÇÃO. AF_03/2023","UN",{"$f":"OFFSET(CÁLCULO!H$15,ROW($T96)-ROW(T$15),0)","v":3},29.39,"BDI 1",{"$f":"IF($C96=\"S\",ROUND(IF(TIPOORCAMENTO=\"Proposto\",ORÇAMENTO.CustoUnitario*(1+$AH96),ORÇAMENTO.PrecoUnitarioLicitado),15-13*$AF$10),0)","v":35.99},{"$f":"IF($C96=\"S\",IF(OR(Import.TipoArredondamento<>\"TransfereGOV\",ACOMPANHAMENTO=\"BM\"),VTOTAL1,SUM(OFFSET(CÁLCULO!$AA$15,ROW($X96)-ROW($X$15),1):OFFSET(CÁLCULO!$AL$15,ROW($X96)-ROW($X$15),-1))),IF($C96=0,0,ROUND(SomaAgrup,15-13*$AF$11)))","v":107.97},"RA","RA",{"$f":"IF($C96=\"S\",IF($Z96=\"CP\",$X96,IF($Z96=\"RA\",(($X96)*QCI!$AA$3),0)),SomaAgrup)","v":35.66775761223046},{"$f":"IF($C96=\"S\",IF($Z96=\"OU\",ROUND($X96,2),0),SomaAgrup)","v":0},{"$f":"IF($N96=\"\",\" \",\nIF(AND($C96<>\"S\",OR($R96=\"\",$R96=\"(digite a descrição aqui)\")),\"DESCRIÇÃO\",\nIF(AND($C96=\"S\",OR($Q96<>\"\",$T96>0,$U96>0),$P96=\"\"),\"FONTE\",\nIF(AND($C96=\"S\",$P96<>\"\",OR($T96>0,$U96>0),$Q96=\"\"),\"CÓDIGO\",\nIF(AND($C96=\"S\",$P96<>\"\",$Q96<>\"\",$R96=\"(Código não identificado nas referências)\"),\"CÓDIGO N/ID\",\nIF(AND($C96=\"S\",OR($R96=\"\",$R96=\"(digite a descrição aqui)\"),OR($Q96<>\"\",$T96>0,$U96>0)),\"DESCRIÇÃO\",\nIF(AND($C96=\"S\",$P96<>\"\",$Q96<>\"\",$S96=\"\"),\"UNIDADE\",\nIF(AND($C96=\"S\",$P96<>\"\",$Q96<>\"\",$U96=0),\"SEM CUSTO\",\nIF(AND(TIPOORCAMENTO=\"Licitado\",$AL96=0,$AN96>0),\"SEM PREÇO\",\nIF(AND($C96=\"S\",$P96<>\"\",$Q96<>\"\",$U96>0,AND($V96<>\"BDI 1\",$V96<>\"BDI 2\",$V96<>\"BDI 3\")),IF(ISNUMBER($V96),\"JUSTIFICAR BDI\",\"BDI\"),\nIF(OR(AND(import.recurso=\"OGU\",TIPOORCAMENTO=\"Proposto\",LEFT($O$8,5)<>\"(N/D:\",$AG96<>\"\",ORÇAMENTO.CustoUnitario>$AG96),AND(TIPOORCAMENTO=\"LICITADO\",ORÇAMENTO.PrecoUnitarioLicitado>$AN96)),\"ACIMA REF.\",\nIF(AND($C96=\"S\",$P96<>\"\",$Q96<>\"\",$T96=0,$U96>0),\"QUANT.\",\nIF(AND(Import.TipoArredondamento=\"TransfereGOV\",$L96=\"F\",$C96=\"S\",LEN($Q96)>13),\"Código >13\",\nIF(AND(Import.TipoArredondamento=\"TransfereGOV\",$L96=\"F\",$C96<>\"S\",LEN($R96)>100),\"Descrição >100\",\nIF(AND(Import.TipoArredondamento=\"TransfereGOV\",$L96=\"F\",$C96=\"S\",LEN($R96)>500),\"Descrição >500\",\nIF(AND(Import.TipoArredondamento=\"TransfereGOV\",$L96=\"F\",$C96=\"S\",LEFT(TRIM(UPPER($P96)),6)<>\"SINAPI\",ISNA(VLOOKUP(TRIM(UPPER($S96)),ListaTgov.Unidades,1,FALSE))),\"Unid. Não Disp\",\n\" \"))))))))))))))))","v":" "},{"$f":"IF(C96<=CRONO.NivelExibicao,MAX($AD$15:OFFSET(AD96,-1,0))+IF($C96<>1,1,MAX(1,COUNTIF(QCI!$A$13:$A$24,OFFSET($E96,-1,0)))),\"\")","v":""},{"$f":"IF(AND($C96=\"S\",ORÇAMENTO.CodBarra<>\"\"),IF(ORÇAMENTO.Fonte=\"\",ORÇAMENTO.CodBarra,CONCATENATE(ORÇAMENTO.Fonte,\" \",ORÇAMENTO.CodBarra)))","v":"SINAPI 92000"},{"$f":"IF(ISERROR(ORÇAMENTO.BancoRef),\"(abra o arquivo 'Referência \"&Excel_BuiltIn_Database&\".xlsm)\",IF(OR($C96<>\"S\",ORÇAMENTO.CodBarra=\"\"),\"(Sem Código)\",IF(ISERROR(MATCH($AE96,INDIRECT(ORÇAMENTO.BancoRef),0)),\"(Código não identificado nas referências)\",MATCH($AE96,INDIRECT(ORÇAMENTO.BancoRef),0))))","v":10552},{"$f":"ROUND(IF(DESONERACAO=\"sim\",REFERENCIA.Desonerado,REFERENCIA.NaoDesonerado),2)","v":29.39},0.22470000000000001,null,3,null,null,107.97,{"$f":"ROUND(ORÇAMENTO.CustoUnitario*(1+$AH96),2)","v":35.99}]
["S",2,"S",0,{"$f":"IF($C97=1,OFFSET(E97,-1,0)+MAX(1,COUNTIF(QCI!$A$13:$A$24,OFFSET(ORÇAMENTO!E97,-1,0))),OFFSET(E97,-1,0))","v":1},10,0,0,12,0,{"$f":"IF(OR($C97=\"S\",$C97=0),0,MATCH(OFFSET($D97,0,$C97)+IF($C97<>1,1,COUNTIF(QCI!$A$13:$A$24,ORÇAMENTO!E97)),OFFSET($D97,1,$C97,ROW($C$140)-ROW($C97)),0))","v":0},"F","Serviço","Serviço","1.10.12.","SINAPI","91953","INTERRUPTOR SIMPLES (1 MÓDULO), 10A/250V, INCLUINDO SUPORTE E PLACA - FORNECIMENTO E INSTALAÇÃO. AF_03/2023","UN",{"$f":"OFFSET(CÁLCULO!H$15,ROW($T97)-ROW(T$15),0)","v":3},28.06,"BDI 1",{"$f":"IF($C97=\"S\",ROUND(IF(TIPOORCAMENTO=\"Proposto\",ORÇAMENTO.CustoUnitario*(1+$AH97),ORÇAMENTO.PrecoUnitarioLicitado),15-13*$AF$10),0)","v":34.369999999999997},{"$f":"IF($C97=\"S\",IF(OR(Import.TipoArredondamento<>\"TransfereGOV\",ACOMPANHAMENTO=\"BM\"),VTOTAL1,SUM(OFFSET(CÁLCULO!$AA$15,ROW($X97)-ROW($X$15),1):OFFSET(CÁLCULO!$AL$15,ROW($X97)-ROW($X$15),-1))),IF($C97=0,0,ROUND(SomaAgrup,15-13*$AF$11)))","v":103.11},"RA","RA",{"$f":"IF($C97=\"S\",IF($Z97=\"CP\",$X97,IF($Z97=\"RA\",(($X97)*QCI!$AA$3),0)),SomaAgrup)","v":34.062262548829146},{"$f":"IF($C97=\"S\",IF($Z97=\"OU\",ROUND($X97,2),0),SomaAgrup)","v":0},{"$f":"IF($N97=\"\",\" \",\nIF(AND($C97<>\"S\",OR($R97=\"\",$R97=\"(digite a descrição aqui)\")),\"DESCRIÇÃO\",\nIF(AND($C97=\"S\",OR($Q97<>\"\",$T97>0,$U97>0),$P97=\"\"),\"FONTE\",\nIF(AND($C97=\"S\",$P97<>\"\",OR($T97>0,$U97>0),$Q97=\"\"),\"CÓDIGO\",\nIF(AND($C97=\"S\",$P97<>\"\",$Q97<>\"\",$R97=\"(Código não identificado nas referências)\"),\"CÓDIGO N/ID\",\nIF(AND($C97=\"S\",OR($R97=\"\",$R97=\"(digite a descrição aqui)\"),OR($Q97<>\"\",$T97>0,$U97>0)),\"DESCRIÇÃO\",\nIF(AND($C97=\"S\",$P97<>\"\",$Q97<>\"\",$S97=\"\"),\"UNIDADE\",\nIF(AND($C97=\"S\",$P97<>\"\",$Q97<>\"\",$U97=0),\"SEM CUSTO\",\nIF(AND(TIPOORCAMENTO=\"Licitado\",$AL97=0,$AN97>0),\"SEM PREÇO\",\nIF(AND($C97=\"S\",$P97<>\"\",$Q97<>\"\",$U97>0,AND($V97<>\"BDI 1\",$V97<>\"BDI 2\",$V97<>\"BDI 3\")),IF(ISNUMBER($V97),\"JUSTIFICAR BDI\",\"BDI\"),\nIF(OR(AND(import.recurso=\"OGU\",TIPOORCAMENTO=\"Proposto\",LEFT($O$8,5)<>\"(N/D:\",$AG97<>\"\",ORÇAMENTO.CustoUnitario>$AG97),AND(TIPOORCAMENTO=\"LICITADO\",ORÇAMENTO.PrecoUnitarioLicitado>$AN97)),\"ACIMA REF.\",\nIF(AND($C97=\"S\",$P97<>\"\",$Q97<>\"\",$T97=0,$U97>0),\"QUANT.\",\nIF(AND(Import.TipoArredondamento=\"TransfereGOV\",$L97=\"F\",$C97=\"S\",LEN($Q97)>13),\"Código >13\",\nIF(AND(Import.TipoArredondamento=\"TransfereGOV\",$L97=\"F\",$C97<>\"S\",LEN($R97)>100),\"Descrição >100\",\nIF(AND(Import.TipoArredondamento=\"TransfereGOV\",$L97=\"F\",$C97=\"S\",LEN($R97)>500),\"Descrição >500\",\nIF(AND(Import.TipoArredondamento=\"TransfereGOV\",$L97=\"F\",$C97=\"S\",LEFT(TRIM(UPPER($P97)),6)<>\"SINAPI\",ISNA(VLOOKUP(TRIM(UPPER($S97)),ListaTgov.Unidades,1,FALSE))),\"Unid. Não Disp\",\n\" \"))))))))))))))))","v":" "},{"$f":"IF(C97<=CRONO.NivelExibicao,MAX($AD$15:OFFSET(AD97,-1,0))+IF($C97<>1,1,MAX(1,COUNTIF(QCI!$A$13:$A$24,OFFSET($E97,-1,0)))),\"\")","v":""},{"$f":"IF(AND($C97=\"S\",ORÇAMENTO.CodBarra<>\"\"),IF(ORÇAMENTO.Fonte=\"\",ORÇAMENTO.CodBarra,CONCATENATE(ORÇAMENTO.Fonte,\" \",ORÇAMENTO.CodBarra)))","v":"SINAPI 91953"},{"$f":"IF(ISERROR(ORÇAMENTO.BancoRef),\"(abra o arquivo 'Referência \"&Excel_BuiltIn_Database&\".xlsm)\",IF(OR($C97<>\"S\",ORÇAMENTO.CodBarra=\"\"),\"(Sem Código)\",IF(ISERROR(MATCH($AE97,INDIRECT(ORÇAMENTO.BancoRef),0)),\"(Código não identificado nas referências)\",MATCH($AE97,INDIRECT(ORÇAMENTO.BancoRef),0))))","v":10510},{"$f":"ROUND(IF(DESONERACAO=\"sim\",REFERENCIA.Desonerado,REFERENCIA.NaoDesonerado),2)","v":28.06},0.22470000000000001,null,3,null,null,103.11,{"$f":"ROUND(ORÇAMENTO.CustoUnitario*(1+$AH97),2)","v":34.369999999999997}]
["S",2,"S",0,{"$f":"IF($C98=1,OFFSET(E98,-1,0)+MAX(1,COUNTIF(QCI!$A$13:$A$24,OFFSET(ORÇAMENTO!E98,-1,0))),OFFSET(E98,-1,0))","v":1},10,0,0,13,0,{"$f":"IF(OR($C98=\"S\",$C98=0),0,MATCH(OFFSET($D98,0,$C98)+IF($C98<>1,1,COUNTIF(QCI!$A$13:$A$24,ORÇAMENTO!E98)),OFFSET($D98,1,$C98,ROW($C$140)-ROW($C98)),0))","v":0},"F","Serviço","Serviço","1.10.13.","SINAPI","91926","CABO DE COBRE FLEXÍVEL ISOLADO, 2,5 MM², ANTI-CHAMA 450/750 V, PARA CIRCUITOS TERMINAIS - FORNECIMENTO E INSTALAÇÃO. AF_03/2023","M",{"$f":"OFFSET(CÁLCULO!H$15,ROW($T98)-ROW(T$15),0)","v":446.26},4.43,"BDI 1",{"$f":"IF($C98=\"S\",ROUND(IF(TIPOORCAMENTO=\"Proposto\",ORÇAMENTO.CustoUnitario*(1+$AH98),ORÇAMENTO.PrecoUnitarioLicitado),15-13*$AF$10),0)","v":5.43},{"$f":"IF($C98=\"S\",IF(OR(Import.TipoArredondamento<>\"TransfereGOV\",ACOMPANHAMENTO=\"BM\"),VTOTAL1,SUM(OFFSET(CÁLCULO!$AA$15,ROW($X98)-ROW($X$15),1):OFFSET(CÁLCULO!$AL$15,ROW($X98)-ROW($X$15),-1))),IF($C98=0,0,ROUND(SomaAgrup,15-13*$AF$11)))","v":2423.19},"RA","RA",{"$f":"IF($C98=\"S\",IF($Z98=\"CP\",$X98,IF($Z98=\"RA\",(($X98)*QCI!$AA$3),0)),SomaAgrup)","v":800.49785651922502},{"$f":"IF($C98=\"S\",IF($Z98=\"OU\",ROUND($X98,2),0),SomaAgrup)","v":0},{"$f":"IF($N98=\"\",\" \",\nIF(AND($C98<>\"S\",OR($R98=\"\",$R98=\"(digite a descrição aqui)\")),\"DESCRIÇÃO\",\nIF(AND($C98=\"S\",OR($Q98<>\"\",$T98>0,$U98>0),$P98=\"\"),\"FONTE\",\nIF(AND($C98=\"S\",$P98<>\"\",OR($T98>0,$U98>0),$Q98=\"\"),\"CÓDIGO\",\nIF(AND($C98=\"S\",$P98<>\"\",$Q98<>\"\",$R98=\"(Código não identificado nas referências)\"),\"CÓDIGO N/ID\",\nIF(AND($C98=\"S\",OR($R98=\"\",$R98=\"(digite a descrição aqui)\"),OR($Q98<>\"\",$T98>0,$U98>0)),\"DESCRIÇÃO\",\nIF(AND($C98=\"S\",$P98<>\"\",$Q98<>\"\",$S98=\"\"),\"UNIDADE\",\nIF(AND($C98=\"S\",$P98<>\"\",$Q98<>\"\",$U98=0),\"SEM CUSTO\",\nIF(AND(TIPOORCAMENTO=\"Licitado\",$AL98=0,$AN98>0),\"SEM PREÇO\",\nIF(AND($C98=\"S\",$P98<>\"\",$Q98<>\"\",$U98>0,AND($V98<>\"BDI 1\",$V98<>\"BDI 2\",$V98<>\"BDI 3\")),IF(ISNUMBER($V98),\"JUSTIFICAR BDI\",\"BDI\"),\nIF(OR(AND(import.recurso=\"OGU\",TIPOORCAMENTO=\"Proposto\",LEFT($O$8,5)<>\"(N/D:\",$AG98<>\"\",ORÇAMENTO.CustoUnitario>$AG98),AND(TIPOORCAMENTO=\"LICITADO\",ORÇAMENTO.PrecoUnitarioLicitado>$AN98)),\"ACIMA REF.\",\nIF(AND($C98=\"S\",$P98<>\"\",$Q98<>\"\",$T98=0,$U98>0),\"QUANT.\",\nIF(AND(Import.TipoArredondamento=\"TransfereGOV\",$L98=\"F\",$C98=\"S\",LEN($Q98)>13),\"Código >13\",\nIF(AND(Import.TipoArredondamento=\"TransfereGOV\",$L98=\"F\",$C98<>\"S\",LEN($R98)>100),\"Descrição >100\",\nIF(AND(Import.TipoArredondamento=\"TransfereGOV\",$L98=\"F\",$C98=\"S\",LEN($R98)>500),\"Descrição >500\",\nIF(AND(Import.TipoArredondamento=\"TransfereGOV\",$L98=\"F\",$C98=\"S\",LEFT(TRIM(UPPER($P98)),6)<>\"SINAPI\",ISNA(VLOOKUP(TRIM(UPPER($S98)),ListaTgov.Unidades,1,FALSE))),\"Unid. Não Disp\",\n\" \"))))))))))))))))","v":" "},{"$f":"IF(C98<=CRONO.NivelExibicao,MAX($AD$15:OFFSET(AD98,-1,0))+IF($C98<>1,1,MAX(1,COUNTIF(QCI!$A$13:$A$24,OFFSET($E98,-1,0)))),\"\")","v":""},{"$f":"IF(AND($C98=\"S\",ORÇAMENTO.CodBarra<>\"\"),IF(ORÇAMENTO.Fonte=\"\",ORÇAMENTO.CodBarra,CONCATENATE(ORÇAMENTO.Fonte,\" \",ORÇAMENTO.CodBarra)))","v":"SINAPI 91926"},{"$f":"IF(ISERROR(ORÇAMENTO.BancoRef),\"(abra o arquivo 'Referência \"&Excel_BuiltIn_Database&\".xlsm)\",IF(OR($C98<>\"S\",ORÇAMENTO.CodBarra=\"\"),\"(Sem Código)\",IF(ISERROR(MATCH($AE98,INDIRECT(ORÇAMENTO.BancoRef),0)),\"(Código não identificado nas referências)\",MATCH($AE98,INDIRECT(ORÇAMENTO.BancoRef),0))))","v":10385},{"$f":"ROUND(IF(DESONERACAO=\"sim\",REFERENCIA.Desonerado,REFERENCIA.NaoDesonerado),2)","v":4.43},0.22470000000000001,null,446.26,null,null,2423.19,{"$f":"ROUND(ORÇAMENTO.CustoUnitario*(1+$AH98),2)","v":5.43}]
["S",2,"S",0,{"$f":"IF($C99=1,OFFSET(E99,-1,0)+MAX(1,COUNTIF(QCI!$A$13:$A$24,OFFSET(ORÇAMENTO!E99,-1,0))),OFFSET(E99,-1,0))","v":1},10,0,0,14,0,{"$f":"IF(OR($C99=\"S\",$C99=0),0,MATCH(OFFSET($D99,0,$C99)+IF($C99<>1,1,COUNTIF(QCI!$A$13:$A$24,ORÇAMENTO!E99)),OFFSET($D99,1,$C99,ROW($C$140)-ROW($C99)),0))","v":0},"F","Serviço","Serviço","1.10.14.","SINAPI","91928","CABO DE COBRE FLEXÍVEL ISOLADO, 4 MM², ANTI-CHAMA 450/750 V, PARA CIRCUITOS TERMINAIS - FORNECIMENTO E INSTALAÇÃO. AF_03/2023","M",{"$f":"OFFSET(CÁLCULO!H$15,ROW($T99)-ROW(T$15),0)","v":16.77},6.88,"BDI 1",{"$f":"IF($C99=\"S\",ROUND(IF(TIPOORCAMENTO=\"Proposto\",ORÇAMENTO.CustoUnitario*(1+$AH99),ORÇAMENTO.PrecoUnitarioLicitado),15-13*$AF$10),0)","v":8.43},{"$f":"IF($C99=\"S\",IF(OR(Import.TipoArredondamento<>\"TransfereGOV\",ACOMPANHAMENTO=\"BM\"),VTOTAL1,SUM(OFFSET(CÁLCULO!$AA$15,ROW($X99)-ROW($X$15),1):OFFSET(CÁLCULO!$AL$15,ROW($X99)-ROW($X$15),-1))),IF($C99=0,0,ROUND(SomaAgrup,15-13*$AF$11)))","v":141.37},"RA","RA",{"$f":"IF($C99=\"S\",IF($Z99=\"CP\",$X99,IF($Z99=\"RA\",(($X99)*QCI!$AA$3),0)),SomaAgrup)","v":46.701406813383535},{"$f":"IF($C99=\"S\",IF($Z99=\"OU\",ROUND($X99,2),0),SomaAgrup)","v":0},{"$f":"IF($N99=\"\",\" \",\nIF(AND($C99<>\"S\",OR($R99=\"\",$R99=\"(digite a descrição aqui)\")),\"DESCRIÇÃO\",\nIF(AND($C99=\"S\",OR($Q99<>\"\",$T99>0,$U99>0),$P99=\"\"),\"FONTE\",\nIF(AND($C99=\"S\",$P99<>\"\",OR($T99>0,$U99>0),$Q99=\"\"),\"CÓDIGO\",\nIF(AND($C99=\"S\",$P99<>\"\",$Q99<>\"\",$R99=\"(Código não identificado nas referências)\"),\"CÓDIGO N/ID\",\nIF(AND($C99=\"S\",OR($R99=\"\",$R99=\"(digite a descrição aqui)\"),OR($Q99<>\"\",$T99>0,$U99>0)),\"DESCRIÇÃO\",\nIF(AND($C99=\"S\",$P99<>\"\",$Q99<>\"\",$S99=\"\"),\"UNIDADE\",\nIF(AND($C99=\"S\",$P99<>\"\",$Q99<>\"\",$U99=0),\"SEM CUSTO\",\nIF(AND(TIPOORCAMENTO=\"Licitado\",$AL99=0,$AN99>0),\"SEM PREÇO\",\nIF(AND($C99=\"S\",$P99<>\"\",$Q99<>\"\",$U99>0,AND($V99<>\"BDI 1\",$V99<>\"BDI 2\",$V99<>\"BDI 3\")),IF(ISNUMBER($V99),\"JUSTIFICAR BDI\",\"BDI\"),\nIF(OR(AND(import.recurso=\"OGU\",TIPOORCAMENTO=\"Proposto\",LEFT($O$8,5)<>\"(N/D:\",$AG99<>\"\",ORÇAMENTO.CustoUnitario>$AG99),AND(TIPOORCAMENTO=\"LICITADO\",ORÇAMENTO.PrecoUnitarioLicitado>$AN99)),\"ACIMA REF.\",\nIF(AND($C99=\"S\",$P99<>\"\",$Q99<>\"\",$T99=0,$U99>0),\"QUANT.\",\nIF(AND(Import.TipoArredondamento=\"TransfereGOV\",$L99=\"F\",$C99=\"S\",LEN($Q99)>13),\"Código >13\",\nIF(AND(Import.TipoArredondamento=\"TransfereGOV\",$L99=\"F\",$C99<>\"S\",LEN($R99)>100),\"Descrição >100\",\nIF(AND(Import.TipoArredondamento=\"TransfereGOV\",$L99=\"F\",$C99=\"S\",LEN($R99)>500),\"Descrição >500\",\nIF(AND(Import.TipoArredondamento=\"TransfereGOV\",$L99=\"F\",$C99=\"S\",LEFT(TRIM(UPPER($P99)),6)<>\"SINAPI\",ISNA(VLOOKUP(TRIM(UPPER($S99)),ListaTgov.Unidades,1,FALSE))),\"Unid. Não Disp\",\n\" \"))))))))))))))))","v":" "},{"$f":"IF(C99<=CRONO.NivelExibicao,MAX($AD$15:OFFSET(AD99,-1,0))+IF($C99<>1,1,MAX(1,COUNTIF(QCI!$A$13:$A$24,OFFSET($E99,-1,0)))),\"\")","v":""},{"$f":"IF(AND($C99=\"S\",ORÇAMENTO.CodBarra<>\"\"),IF(ORÇAMENTO.Fonte=\"\",ORÇAMENTO.CodBarra,CONCATENATE(ORÇAMENTO.Fonte,\" \",ORÇAMENTO.CodBarra)))","v":"SINAPI 91928"},{"$f":"IF(ISERROR(ORÇAMENTO.BancoRef),\"(abra o arquivo 'Referência \"&Excel_BuiltIn_Database&\".xlsm)\",IF(OR($C99<>\"S\",ORÇAMENTO.CodBarra=\"\"),\"(Sem Código)\",IF(ISERROR(MATCH($AE99,INDIRECT(ORÇAMENTO.BancoRef),0)),\"(Código não identificado nas referências)\",MATCH($AE99,INDIRECT(ORÇAMENTO.BancoRef),0))))","v":10387},{"$f":"ROUND(IF(DESONERACAO=\"sim\",REFERENCIA.Desonerado,REFERENCIA.NaoDesonerado),2)","v":6.88},0.22470000000000001,null,16.77,null,null,141.37,{"$f":"ROUND(ORÇAMENTO.CustoUnitario*(1+$AH99),2)","v":8.43}]
["S",2,"S",0,{"$f":"IF($C100=1,OFFSET(E100,-1,0)+MAX(1,COUNTIF(QCI!$A$13:$A$24,OFFSET(ORÇAMENTO!E100,-1,0))),OFFSET(E100,-1,0))","v":1},10,0,0,15,0,{"$f":"IF(OR($C100=\"S\",$C100=0),0,MATCH(OFFSET($D100,0,$C100)+IF($C100<>1,1,COUNTIF(QCI!$A$13:$A$24,ORÇAMENTO!E100)),OFFSET($D100,1,$C100,ROW($C$140)-ROW($C100)),0))","v":0},"F","Serviço","Serviço","1.10.15.","SINAPI","91935","CABO DE COBRE FLEXÍVEL ISOLADO, 16 MM², ANTI-CHAMA 0,6/1,0 KV, PARA CIRCUITOS TERMINAIS - FORNECIMENTO E INSTALAÇÃO. AF_03/2023","M",{"$f":"OFFSET(CÁLCULO!H$15,ROW($T100)-ROW(T$15),0)","v":577.46},26.13,"BDI 1",{"$f":"IF($C100=\"S\",ROUND(IF(TIPOORCAMENTO=\"Proposto\",ORÇAMENTO.CustoUnitario*(1+$AH100),ORÇAMENTO.PrecoUnitarioLicitado),15-13*$AF$10),0)","v":32},{"$f":"IF($C100=\"S\",IF(OR(Import.TipoArredondamento<>\"TransfereGOV\",ACOMPANHAMENTO=\"BM\"),VTOTAL1,SUM(OFFSET(CÁLCULO!$AA$15,ROW($X100)-ROW($X$15),1):OFFSET(CÁLCULO!$AL$15,ROW($X100)-ROW($X$15),-1))),IF($C100=0,0,ROUND(SomaAgrup,15-13*$AF$11)))","v":18478.72},"RA","RA",{"$f":"IF($C100=\"S\",IF($Z100=\"CP\",$X100,IF($Z100=\"RA\",(($X100)*QCI!$AA$3),0)),SomaAgrup)","v":6104.4225798302796},{"$f":"IF($C100=\"S\",IF($Z100=\"OU\",ROUND($X100,2),0),SomaAgrup)","v":0},{"$f":"IF($N100=\"\",\" \",\nIF(AND($C100<>\"S\",OR($R100=\"\",$R100=\"(digite a descrição aqui)\")),\"DESCRIÇÃO\",\nIF(AND($C100=\"S\",OR($Q100<>\"\",$T100>0,$U100>0),$P100=\"\"),\"FONTE\",\nIF(AND($C100=\"S\",$P100<>\"\",OR($T100>0,$U100>0),$Q100=\"\"),\"CÓDIGO\",\nIF(AND($C100=\"S\",$P100<>\"\",$Q100<>\"\",$R100=\"(Código não identificado nas referências)\"),\"CÓDIGO N/ID\",\nIF(AND($C100=\"S\",OR($R100=\"\",$R100=\"(digite a descrição aqui)\"),OR($Q100<>\"\",$T100>0,$U100>0)),\"DESCRIÇÃO\",\nIF(AND($C100=\"S\",$P100<>\"\",$Q100<>\"\",$S100=\"\"),\"UNIDADE\",\nIF(AND($C100=\"S\",$P100<>\"\",$Q100<>\"\",$U100=0),\"SEM CUSTO\",\nIF(AND(TIPOORCAMENTO=\"Licitado\",$AL100=0,$AN100>0),\"SEM PREÇO\",\nIF(AND($C100=\"S\",$P100<>\"\",$Q100<>\"\",$U100>0,AND($V100<>\"BDI 1\",$V100<>\"BDI 2\",$V100<>\"BDI 3\")),IF(ISNUMBER($V100),\"JUSTIFICAR BDI\",\"BDI\"),\nIF(OR(AND(import.recurso=\"OGU\",TIPOORCAMENTO=\"Proposto\",LEFT($O$8,5)<>\"(N/D:\",$AG100<>\"\",ORÇAMENTO.CustoUnitario>$AG100),AND(TIPOORCAMENTO=\"LICITADO\",ORÇAMENTO.PrecoUnitarioLicitado>$AN100)),\"ACIMA REF.\",\nIF(AND($C100=\"S\",$P100<>\"\",$Q100<>\"\",$T100=0,$U100>0),\"QUANT.\",\nIF(AND(Import.TipoArredondamento=\"TransfereGOV\",$L100=\"F\",$C100=\"S\",LEN($Q100)>13),\"Código >13\",\nIF(AND(Import.TipoArredondamento=\"TransfereGOV\",$L100=\"F\",$C100<>\"S\",LEN($R100)>100),\"Descrição >100\",\nIF(AND(Import.TipoArredondamento=\"TransfereGOV\",$L100=\"F\",$C100=\"S\",LEN($R100)>500),\"Descrição >500\",\nIF(AND(Import.TipoArredondamento=\"TransfereGOV\",$L100=\"F\",$C100=\"S\",LEFT(TRIM(UPPER($P100)),6)<>\"SINAPI\",ISNA(VLOOKUP(TRIM(UPPER($S100)),ListaTgov.Unidades,1,FALSE))),\"Unid. Não Disp\",\n\" \"))))))))))))))))","v":" "},{"$f":"IF(C100<=CRONO.NivelExibicao,MAX($AD$15:OFFSET(AD100,-1,0))+IF($C100<>1,1,MAX(1,COUNTIF(QCI!$A$13:$A$24,OFFSET($E100,-1,0)))),\"\")","v":""},{"$f":"IF(AND($C100=\"S\",ORÇAMENTO.CodBarra<>\"\"),IF(ORÇAMENTO.Fonte=\"\",ORÇAMENTO.CodBarra,CONCATENATE(ORÇAMENTO.Fonte,\" \",ORÇAMENTO.CodBarra)))","v":"SINAPI 91935"},{"$f":"IF(ISERROR(ORÇAMENTO.BancoRef),\"(abra o arquivo 'Referência \"&Excel_BuiltIn_Database&\".xlsm)\",IF(OR($C100<>\"S\",ORÇAMENTO.CodBarra=\"\"),\"(Sem Código)\",IF(ISERROR(MATCH($AE100,INDIRECT(ORÇAMENTO.BancoRef),0)),\"(Código não identificado nas referências)\",MATCH($AE100,INDIRECT(ORÇAMENTO.BancoRef),0))))","v":10382},{"$f":"ROUND(IF(DESONERACAO=\"sim\",REFERENCIA.Desonerado,REFERENCIA.NaoDesonerado),2)","v":26.13},0.22470000000000001,null,577.46,null,null,18478.72,{"$f":"ROUND(ORÇAMENTO.CustoUnitario*(1+$AH100),2)","v":32}]
["S",2,"S",0,{"$f":"IF($C101=1,OFFSET(E101,-1,0)+MAX(1,COUNTIF(QCI!$A$13:$A$24,OFFSET(ORÇAMENTO!E101,-1,0))),OFFSET(E101,-1,0))","v":1},10,0,0,16,0,{"$f":"IF(OR($C101=\"S\",$C101=0),0,MATCH(OFFSET($D101,0,$C101)+IF($C101<>1,1,COUNTIF(QCI!$A$13:$A$24,ORÇAMENTO!E101)),OFFSET($D101,1,$C101,ROW($C$140)-ROW($C101)),0))","v":0},"F","Serviço","Serviço","1.10.16.","SINAPI","93672","DISJUNTOR TRIPOLAR TIPO DIN, CORRENTE NOMINAL DE 40A - FORNECIMENTO E INSTALAÇÃO. AF_10/2020","UN",{"$f":"OFFSET(CÁLCULO!H$15,ROW($T101)-ROW(T$15),0)","v":1},89.57,"BDI 1",{"$f":"IF($C101=\"S\",ROUND(IF(TIPOORCAMENTO=\"Proposto\",ORÇAMENTO.CustoUnitario*(1+$AH101),ORÇAMENTO.PrecoUnitarioLicitado),15-13*$AF$10),0)","v":109.7},{"$f":"IF($C101=\"S\",IF(OR(Import.TipoArredondamento<>\"TransfereGOV\",ACOMPANHAMENTO=\"BM\"),VTOTAL1,SUM(OFFSET(CÁLCULO!$AA$15,ROW($X101)-ROW($X$15),1):OFFSET(CÁLCULO!$AL$15,ROW($X101)-ROW($X$15),-1))),IF($C101=0,0,ROUND(SomaAgrup,15-13*$AF$11)))","v":109.7},"RA","RA",{"$f":"IF($C101=\"S\",IF($Z101=\"CP\",$X101,IF($Z101=\"RA\",(($X101)*QCI!$AA$3),0)),SomaAgrup)","v":36.239260998996777},{"$f":"IF($C101=\"S\",IF($Z101=\"OU\",ROUND($X101,2),0),SomaAgrup)","v":0},{"$f":"IF($N101=\"\",\" \",\nIF(AND($C101<>\"S\",OR($R101=\"\",$R101=\"(digite a descrição aqui)\")),\"DESCRIÇÃO\",\nIF(AND($C101=\"S\",OR($Q101<>\"\",$T101>0,$U101>0),$P101=\"\"),\"FONTE\",\nIF(AND($C101=\"S\",$P101<>\"\",OR($T101>0,$U101>0),$Q101=\"\"),\"CÓDIGO\",\nIF(AND($C101=\"S\",$P101<>\"\",$Q101<>\"\",$R101=\"(Código não identificado nas referências)\"),\"CÓDIGO N/ID\",\nIF(AND($C101=\"S\",OR($R101=\"\",$R101=\"(digite a descrição aqui)\"),OR($Q101<>\"\",$T101>0,$U101>0)),\"DESCRIÇÃO\",\nIF(AND($C101=\"S\",$P101<>\"\",$Q101<>\"\",$S101=\"\"),\"UNIDADE\",\nIF(AND($C101=\"S\",$P101<>\"\",$Q101<>\"\",$U101=0),\"SEM CUSTO\",\nIF(AND(TIPOORCAMENTO=\"Licitado\",$AL101=0,$AN101>0),\"SEM PREÇO\",\nIF(AND($C101=\"S\",$P101<>\"\",$Q101<>\"\",$U101>0,AND($V101<>\"BDI 1\",$V101<>\"BDI 2\",$V101<>\"BDI 3\")),IF(ISNUMBER($V101),\"JUSTIFICAR BDI\",\"BDI\"),\nIF(OR(AND(import.recurso=\"OGU\",TIPOORCAMENTO=\"Proposto\",LEFT($O$8,5)<>\"(N/D:\",$AG101<>\"\",ORÇAMENTO.CustoUnitario>$AG101),AND(TIPOORCAMENTO=\"LICITADO\",ORÇAMENTO.PrecoUnitarioLicitado>$AN101)),\"ACIMA REF.\",\nIF(AND($C101=\"S\",$P101<>\"\",$Q101<>\"\",$T101=0,$U101>0),\"QUANT.\",\nIF(AND(Import.TipoArredondamento=\"TransfereGOV\",$L101=\"F\",$C101=\"S\",LEN($Q101)>13),\"Código >13\",\nIF(AND(Import.TipoArredondamento=\"TransfereGOV\",$L101=\"F\",$C101<>\"S\",LEN($R101)>100),\"Descrição >100\",\nIF(AND(Import.TipoArredondamento=\"TransfereGOV\",$L101=\"F\",$C101=\"S\",LEN($R101)>500),\"Descrição >500\",\nIF(AND(Import.TipoArredondamento=\"TransfereGOV\",$L101=\"F\",$C101=\"S\",LEFT(TRIM(UPPER($P101)),6)<>\"SINAPI\",ISNA(VLOOKUP(TRIM(UPPER($S101)),ListaTgov.Unidades,1,FALSE))),\"Unid. Não Disp\",\n\" \"))))))))))))))))","v":" "},{"$f":"IF(C101<=CRONO.NivelExibicao,MAX($AD$15:OFFSET(AD101,-1,0))+IF($C101<>1,1,MAX(1,COUNTIF(QCI!$A$13:$A$24,OFFSET($E101,-1,0)))),\"\")","v":""},{"$f":"IF(AND($C101=\"S\",ORÇAMENTO.CodBarra<>\"\"),IF(ORÇAMENTO.Fonte=\"\",ORÇAMENTO.CodBarra,CONCATENATE(ORÇAMENTO.Fonte,\" \",ORÇAMENTO.CodBarra)))","v":"SINAPI 93672"},{"$f":"IF(ISERROR(ORÇAMENTO.BancoRef),\"(abra o arquivo 'Referência \"&Excel_BuiltIn_Database&\".xlsm)\",IF(OR($C101<>\"S\",ORÇAMENTO.CodBarra=\"\"),\"(Sem Código)\",IF(ISERROR(MATCH($AE101,INDIRECT(ORÇAMENTO.BancoRef),0)),\"(Código não identificado nas referências)\",MATCH($AE101,INDIRECT(ORÇAMENTO.BancoRef),0))))","v":10733},{"$f":"ROUND(IF(DESONERACAO=\"sim\",REFERENCIA.Desonerado,REFERENCIA.NaoDesonerado),2)","v":89.57},0.22470000000000001,null,1,null,null,109.7,{"$f":"ROUND(ORÇAMENTO.CustoUnitario*(1+$AH101),2)","v":109.7}]
["S",2,"S",0,{"$f":"IF($C102=1,OFFSET(E102,-1,0)+MAX(1,COUNTIF(QCI!$A$13:$A$24,OFFSET(ORÇAMENTO!E102,-1,0))),OFFSET(E102,-1,0))","v":1},10,0,0,17,0,{"$f":"IF(OR($C102=\"S\",$C102=0),0,MATCH(OFFSET($D102,0,$C102)+IF($C102<>1,1,COUNTIF(QCI!$A$13:$A$24,ORÇAMENTO!E102)),OFFSET($D102,1,$C102,ROW($C$140)-ROW($C102)),0))","v":0},"F","Serviço","Serviço","1.10.17.","SINAPI","93660","DISJUNTOR BIPOLAR TIPO DIN, CORRENTE NOMINAL DE 10A - FORNECIMENTO E INSTALAÇÃO. AF_10/2020","UN",{"$f":"OFFSET(CÁLCULO!H$15,ROW($T102)-ROW(T$15),0)","v":6},57.34,"BDI 1",{"$f":"IF($C102=\"S\",ROUND(IF(TIPOORCAMENTO=\"Proposto\",ORÇAMENTO.CustoUnitario*(1+$AH102),ORÇAMENTO.PrecoUnitarioLicitado),15-13*$AF$10),0)","v":70.22},{"$f":"IF($C102=\"S\",IF(OR(Import.TipoArredondamento<>\"TransfereGOV\",ACOMPANHAMENTO=\"BM\"),VTOTAL1,SUM(OFFSET(CÁLCULO!$AA$15,ROW($X102)-ROW($X$15),1):OFFSET(CÁLCULO!$AL$15,ROW($X102)-ROW($X$15),-1))),IF($C102=0,0,ROUND(SomaAgrup,15-13*$AF$11)))","v":421.32},"RA","RA",{"$f":"IF($C102=\"S\",IF($Z102=\"CP\",$X102,IF($Z102=\"RA\",(($X102)*QCI!$AA$3),0)),SomaAgrup)","v":139.182547348198},{"$f":"IF($C102=\"S\",IF($Z102=\"OU\",ROUND($X102,2),0),SomaAgrup)","v":0},{"$f":"IF($N102=\"\",\" \",\nIF(AND($C102<>\"S\",OR($R102=\"\",$R102=\"(digite a descrição aqui)\")),\"DESCRIÇÃO\",\nIF(AND($C102=\"S\",OR($Q102<>\"\",$T102>0,$U102>0),$P102=\"\"),\"FONTE\",\nIF(AND($C102=\"S\",$P102<>\"\",OR($T102>0,$U102>0),$Q102=\"\"),\"CÓDIGO\",\nIF(AND($C102=\"S\",$P102<>\"\",$Q102<>\"\",$R102=\"(Código não identificado nas referências)\"),\"CÓDIGO N/ID\",\nIF(AND($C102=\"S\",OR($R102=\"\",$R102=\"(digite a descrição aqui)\"),OR($Q102<>\"\",$T102>0,$U102>0)),\"DESCRIÇÃO\",\nIF(AND($C102=\"S\",$P102<>\"\",$Q102<>\"\",$S102=\"\"),\"UNIDADE\",\nIF(AND($C102=\"S\",$P102<>\"\",$Q102<>\"\",$U102=0),\"SEM CUSTO\",\nIF(AND(TIPOORCAMENTO=\"Licitado\",$AL102=0,$AN102>0),\"SEM PREÇO\",\nIF(AND($C102=\"S\",$P102<>\"\",$Q102<>\"\",$U102>0,AND($V102<>\"BDI 1\",$V102<>\"BDI 2\",$V102<>\"BDI 3\")),IF(ISNUMBER($V102),\"JUSTIFICAR BDI\",\"BDI\"),\nIF(OR(AND(import.recurso=\"OGU\",TIPOORCAMENTO=\"Proposto\",LEFT($O$8,5)<>\"(N/D:\",$AG102<>\"\",ORÇAMENTO.CustoUnitario>$AG102),AND(TIPOORCAMENTO=\"LICITADO\",ORÇAMENTO.PrecoUnitarioLicitado>$AN102)),\"ACIMA REF.\",\nIF(AND($C102=\"S\",$P102<>\"\",$Q102<>\"\",$T102=0,$U102>0),\"QUANT.\",\nIF(AND(Import.TipoArredondamento=\"TransfereGOV\",$L102=\"F\",$C102=\"S\",LEN($Q102)>13),\"Código >13\",\nIF(AND(Import.TipoArredondamento=\"TransfereGOV\",$L102=\"F\",$C102<>\"S\",LEN($R102)>100),\"Descrição >100\",\nIF(AND(Import.TipoArredondamento=\"TransfereGOV\",$L102=\"F\",$C102=\"S\",LEN($R102)>500),\"Descrição >500\",\nIF(AND(Import.TipoArredondamento=\"TransfereGOV\",$L102=\"F\",$C102=\"S\",LEFT(TRIM(UPPER($P102)),6)<>\"SINAPI\",ISNA(VLOOKUP(TRIM(UPPER($S102)),ListaTgov.Unidades,1,FALSE))),\"Unid. Não Disp\",\n\" \"))))))))))))))))","v":" "},{"$f":"IF(C102<=CRONO.NivelExibicao,MAX($AD$15:OFFSET(AD102,-1,0))+IF($C102<>1,1,MAX(1,COUNTIF(QCI!$A$13:$A$24,OFFSET($E102,-1,0)))),\"\")","v":""},{"$f":"IF(AND($C102=\"S\",ORÇAMENTO.CodBarra<>\"\"),IF(ORÇAMENTO.Fonte=\"\",ORÇAMENTO.CodBarra,CONCATENATE(ORÇAMENTO.Fonte,\" \",ORÇAMENTO.CodBarra)))","v":"SINAPI 93660"},{"$f":"IF(ISERROR(ORÇAMENTO.BancoRef),\"(abra o arquivo 'Referência \"&Excel_BuiltIn_Database&\".xlsm)\",IF(OR($C102<>\"S\",ORÇAMENTO.CodBarra=\"\"),\"(Sem Código)\",IF(ISERROR(MATCH($AE102,INDIRECT(ORÇAMENTO.BancoRef),0)),\"(Código não identificado nas referências)\",MATCH($AE102,INDIRECT(ORÇAMENTO.BancoRef),0))))","v":10702},{"$f":"ROUND(IF(DESONERACAO=\"sim\",REFERENCIA.Desonerado,REFERENCIA.NaoDesonerado),2)","v":57.34},0.22470000000000001,null,6,null,null,421.32,{"$f":"ROUND(ORÇAMENTO.CustoUnitario*(1+$AH102),2)","v":70.22}]
["S",2,"S",0,{"$f":"IF($C103=1,OFFSET(E103,-1,0)+MAX(1,COUNTIF(QCI!$A$13:$A$24,OFFSET(ORÇAMENTO!E103,-1,0))),OFFSET(E103,-1,0))","v":1},10,0,0,18,0,{"$f":"IF(OR($C103=\"S\",$C103=0),0,MATCH(OFFSET($D103,0,$C103)+IF($C103<>1,1,COUNTIF(QCI!$A$13:$A$24,ORÇAMENTO!E103)),OFFSET($D103,1,$C103,ROW($C$140)-ROW($C103)),0))","v":0},"F","Serviço","Serviço","1.10.18.","Composição","CPU 07","DISPOSITIVO DPS CLASSE II, 1 POLO, TENSAO MAXIMA DE 175 V, CORRENTE MAXIMA DE *20* KA (TIPO AC)","UN",{"$f":"OFFSET(CÁLCULO!H$15,ROW($T103)-ROW(T$15),0)","v":3},79.760000000000005,"BDI 1",{"$f":"IF($C103=\"S\",ROUND(IF(TIPOORCAMENTO=\"Proposto\",ORÇAMENTO.CustoUnitario*(1+$AH103),ORÇAMENTO.PrecoUnitarioLicitado),15-13*$AF$10),0)","v":97.68},{"$f":"IF($C103=\"S\",IF(OR(Import.TipoArredondamento<>\"TransfereGOV\",ACOMPANHAMENTO=\"BM\"),VTOTAL1,SUM(OFFSET(CÁLCULO!$AA$15,ROW($X103)-ROW($X$15),1):OFFSET(CÁLCULO!$AL$15,ROW($X103)-ROW($X$15),-1))),IF($C103=0,0,ROUND(SomaAgrup,15-13*$AF$11)))","v":293.04000000000002},"RA","RA",{"$f":"IF($C103=\"S\",IF($Z103=\"CP\",$X103,IF($Z103=\"RA\",(($X103)*QCI!$AA$3),0)),SomaAgrup)","v":96.805406045086741},{"$f":"IF($C103=\"S\",IF($Z103=\"OU\",ROUND($X103,2),0),SomaAgrup)","v":0},{"$f":"IF($N103=\"\",\" \",\nIF(AND($C103<>\"S\",OR($R103=\"\",$R103=\"(digite a descrição aqui)\")),\"DESCRIÇÃO\",\nIF(AND($C103=\"S\",OR($Q103<>\"\",$T103>0,$U103>0),$P103=\"\"),\"FONTE\",\nIF(AND($C103=\"S\",$P103<>\"\",OR($T103>0,$U103>0),$Q103=\"\"),\"CÓDIGO\",\nIF(AND($C103=\"S\",$P103<>\"\",$Q103<>\"\",$R103=\"(Código não identificado nas referências)\"),\"CÓDIGO N/ID\",\nIF(AND($C103=\"S\",OR($R103=\"\",$R103=\"(digite a descrição aqui)\"),OR($Q103<>\"\",$T103>0,$U103>0)),\"DESCRIÇÃO\",\nIF(AND($C103=\"S\",$P103<>\"\",$Q103<>\"\",$S103=\"\"),\"UNIDADE\",\nIF(AND($C103=\"S\",$P103<>\"\",$Q103<>\"\",$U103=0),\"SEM CUSTO\",\nIF(AND(TIPOORCAMENTO=\"Licitado\",$AL103=0,$AN103>0),\"SEM PREÇO\",\nIF(AND($C103=\"S\",$P103<>\"\",$Q103<>\"\",$U103>0,AND($V103<>\"BDI 1\",$V103<>\"BDI 2\",$V103<>\"BDI 3\")),IF(ISNUMBER($V103),\"JUSTIFICAR BDI\",\"BDI\"),\nIF(OR(AND(import.recurso=\"OGU\",TIPOORCAMENTO=\"Proposto\",LEFT($O$8,5)<>\"(N/D:\",$AG103<>\"\",ORÇAMENTO.CustoUnitario>$AG103),AND(TIPOORCAMENTO=\"LICITADO\",ORÇAMENTO.PrecoUnitarioLicitado>$AN103)),\"ACIMA REF.\",\nIF(AND($C103=\"S\",$P103<>\"\",$Q103<>\"\",$T103=0,$U103>0),\"QUANT.\",\nIF(AND(Import.TipoArredondamento=\"TransfereGOV\",$L103=\"F\",$C103=\"S\",LEN($Q103)>13),\"Código >13\",\nIF(AND(Import.TipoArredondamento=\"TransfereGOV\",$L103=\"F\",$C103<>\"S\",LEN($R103)>100),\"Descrição >100\",\nIF(AND(Import.TipoArredondamento=\"TransfereGOV\",$L103=\"F\",$C103=\"S\",LEN($R103)>500),\"Descrição >500\",\nIF(AND(Import.TipoArredondamento=\"TransfereGOV\",$L103=\"F\",$C103=\"S\",LEFT(TRIM(UPPER($P103)),6)<>\"SINAPI\",ISNA(VLOOKUP(TRIM(UPPER($S103)),ListaTgov.Unidades,1,FALSE))),\"Unid. Não Disp\",\n\" \"))))))))))))))))","v":" "},{"$f":"IF(C103<=CRONO.NivelExibicao,MAX($AD$15:OFFSET(AD103,-1,0))+IF($C103<>1,1,MAX(1,COUNTIF(QCI!$A$13:$A$24,OFFSET($E103,-1,0)))),\"\")","v":""},{"$f":"IF(AND($C103=\"S\",ORÇAMENTO.CodBarra<>\"\"),IF(ORÇAMENTO.Fonte=\"\",ORÇAMENTO.CodBarra,CONCATENATE(ORÇAMENTO.Fonte,\" \",ORÇAMENTO.CodBarra)))","v":"Composição CPU 07"},{"$f":"IF(ISERROR(ORÇAMENTO.BancoRef),\"(abra o arquivo 'Referência \"&Excel_BuiltIn_Database&\".xlsm)\",IF(OR($C103<>\"S\",ORÇAMENTO.CodBarra=\"\"),\"(Sem Código)\",IF(ISERROR(MATCH($AE103,INDIRECT(ORÇAMENTO.BancoRef),0)),\"(Código não identificado nas referências)\",MATCH($AE103,INDIRECT(ORÇAMENTO.BancoRef),0))))","v":7},{"$f":"ROUND(IF(DESONERACAO=\"sim\",REFERENCIA.Desonerado,REFERENCIA.NaoDesonerado),2)","v":79.760000000000005},0.22470000000000001,null,3,null,null,293.04000000000002,{"$f":"ROUND(ORÇAMENTO.CustoUnitario*(1+$AH103),2)","v":97.68}]
["S",2,"S",0,{"$f":"IF($C104=1,OFFSET(E104,-1,0)+MAX(1,COUNTIF(QCI!$A$13:$A$24,OFFSET(ORÇAMENTO!E104,-1,0))),OFFSET(E104,-1,0))","v":1},10,0,0,19,0,{"$f":"IF(OR($C104=\"S\",$C104=0),0,MATCH(OFFSET($D104,0,$C104)+IF($C104<>1,1,COUNTIF(QCI!$A$13:$A$24,ORÇAMENTO!E104)),OFFSET($D104,1,$C104,ROW($C$140)-ROW($C104)),0))","v":0},"F","Serviço","Serviço","1.10.19.","Composição","CPU 09","REFLETOR LED BIVOLT, 50W, PRETO - FORNECIMENTO E INSTALAÇÃO","UN",{"$f":"OFFSET(CÁLCULO!H$15,ROW($T104)-ROW(T$15),0)","v":37},129.69999999999999,"BDI 1",{"$f":"IF($C104=\"S\",ROUND(IF(TIPOORCAMENTO=\"Proposto\",ORÇAMENTO.CustoUnitario*(1+$AH104),ORÇAMENTO.PrecoUnitarioLicitado),15-13*$AF$10),0)","v":158.84},{"$f":"IF($C104=\"S\",IF(OR(Import.TipoArredondamento<>\"TransfereGOV\",ACOMPANHAMENTO=\"BM\"),VTOTAL1,SUM(OFFSET(CÁLCULO!$AA$15,ROW($X104)-ROW($X$15),1):OFFSET(CÁLCULO!$AL$15,ROW($X104)-ROW($X$15),-1))),IF($C104=0,0,ROUND(SomaAgrup,15-13*$AF$11)))","v":5877.08},"RA","RA",{"$f":"IF($C104=\"S\",IF($Z104=\"CP\",$X104,IF($Z104=\"RA\",(($X104)*QCI!$AA$3),0)),SomaAgrup)","v":1941.4861990153504},{"$f":"IF($C104=\"S\",IF($Z104=\"OU\",ROUND($X104,2),0),SomaAgrup)","v":0},{"$f":"IF($N104=\"\",\" \",\nIF(AND($C104<>\"S\",OR($R104=\"\",$R104=\"(digite a descrição aqui)\")),\"DESCRIÇÃO\",\nIF(AND($C104=\"S\",OR($Q104<>\"\",$T104>0,$U104>0),$P104=\"\"),\"FONTE\",\nIF(AND($C104=\"S\",$P104<>\"\",OR($T104>0,$U104>0),$Q104=\"\"),\"CÓDIGO\",\nIF(AND($C104=\"S\",$P104<>\"\",$Q104<>\"\",$R104=\"(Código não identificado nas referências)\"),\"CÓDIGO N/ID\",\nIF(AND($C104=\"S\",OR($R104=\"\",$R104=\"(digite a descrição aqui)\"),OR($Q104<>\"\",$T104>0,$U104>0)),\"DESCRIÇÃO\",\nIF(AND($C104=\"S\",$P104<>\"\",$Q104<>\"\",$S104=\"\"),\"UNIDADE\",\nIF(AND($C104=\"S\",$P104<>\"\",$Q104<>\"\",$U104=0),\"SEM CUSTO\",\nIF(AND(TIPOORCAMENTO=\"Licitado\",$AL104=0,$AN104>0),\"SEM PREÇO\",\nIF(AND($C104=\"S\",$P104<>\"\",$Q104<>\"\",$U104>0,AND($V104<>\"BDI 1\",$V104<>\"BDI 2\",$V104<>\"BDI 3\")),IF(ISNUMBER($V104),\"JUSTIFICAR BDI\",\"BDI\"),\nIF(OR(AND(import.recurso=\"OGU\",TIPOORCAMENTO=\"Proposto\",LEFT($O$8,5)<>\"(N/D:\",$AG104<>\"\",ORÇAMENTO.CustoUnitario>$AG104),AND(TIPOORCAMENTO=\"LICITADO\",ORÇAMENTO.PrecoUnitarioLicitado>$AN104)),\"ACIMA REF.\",\nIF(AND($C104=\"S\",$P104<>\"\",$Q104<>\"\",$T104=0,$U104>0),\"QUANT.\",\nIF(AND(Import.TipoArredondamento=\"TransfereGOV\",$L104=\"F\",$C104=\"S\",LEN($Q104)>13),\"Código >13\",\nIF(AND(Import.TipoArredondamento=\"TransfereGOV\",$L104=\"F\",$C104<>\"S\",LEN($R104)>100),\"Descrição >100\",\nIF(AND(Import.TipoArredondamento=\"TransfereGOV\",$L104=\"F\",$C104=\"S\",LEN($R104)>500),\"Descrição >500\",\nIF(AND(Import.TipoArredondamento=\"TransfereGOV\",$L104=\"F\",$C104=\"S\",LEFT(TRIM(UPPER($P104)),6)<>\"SINAPI\",ISNA(VLOOKUP(TRIM(UPPER($S104)),ListaTgov.Unidades,1,FALSE))),\"Unid. Não Disp\",\n\" \"))))))))))))))))","v":" "},{"$f":"IF(C104<=CRONO.NivelExibicao,MAX($AD$15:OFFSET(AD104,-1,0))+IF($C104<>1,1,MAX(1,COUNTIF(QCI!$A$13:$A$24,OFFSET($E104,-1,0)))),\"\")","v":""},{"$f":"IF(AND($C104=\"S\",ORÇAMENTO.CodBarra<>\"\"),IF(ORÇAMENTO.Fonte=\"\",ORÇAMENTO.CodBarra,CONCATENATE(ORÇAMENTO.Fonte,\" \",ORÇAMENTO.CodBarra)))","v":"Composição CPU 09"},{"$f":"IF(ISERROR(ORÇAMENTO.BancoRef),\"(abra o arquivo 'Referência \"&Excel_BuiltIn_Database&\".xlsm)\",IF(OR($C104<>\"S\",ORÇAMENTO.CodBarra=\"\"),\"(Sem Código)\",IF(ISERROR(MATCH($AE104,INDIRECT(ORÇAMENTO.BancoRef),0)),\"(Código não identificado nas referências)\",MATCH($AE104,INDIRECT(ORÇAMENTO.BancoRef),0))))","v":8},{"$f":"ROUND(IF(DESONERACAO=\"sim\",REFERENCIA.Desonerado,REFERENCIA.NaoDesonerado),2)","v":129.69999999999999},0.22470000000000001,null,37,null,null,5877.08,{"$f":"ROUND(ORÇAMENTO.CustoUnitario*(1+$AH104),2)","v":158.84}]
["S",2,"S",0,{"$f":"IF($C105=1,OFFSET(E105,-1,0)+MAX(1,COUNTIF(QCI!$A$13:$A$24,OFFSET(ORÇAMENTO!E105,-1,0))),OFFSET(E105,-1,0))","v":1},10,0,0,20,0,{"$f":"IF(OR($C105=\"S\",$C105=0),0,MATCH(OFFSET($D105,0,$C105)+IF($C105<>1,1,COUNTIF(QCI!$A$13:$A$24,ORÇAMENTO!E105)),OFFSET($D105,1,$C105,ROW($C$140)-ROW($C105)),0))","v":0},"F","Serviço","Serviço","1.10.20.","Composição","CPU 10","LUMINARIA TIPO PLAFON COM PAINEL LED, 30X30CM, SOBREPOR, POTENCIA DE 24W, 6500K, ELGIN OU SIMILAR - FORNECIMENTO E INSTALACAO","UN",{"$f":"OFFSET(CÁLCULO!H$15,ROW($T105)-ROW(T$15),0)","v":3},53.81,"BDI 1",{"$f":"IF($C105=\"S\",ROUND(IF(TIPOORCAMENTO=\"Proposto\",ORÇAMENTO.CustoUnitario*(1+$AH105),ORÇAMENTO.PrecoUnitarioLicitado),15-13*$AF$10),0)","v":65.900000000000006},{"$f":"IF($C105=\"S\",IF(OR(Import.TipoArredondamento<>\"TransfereGOV\",ACOMPANHAMENTO=\"BM\"),VTOTAL1,SUM(OFFSET(CÁLCULO!$AA$15,ROW($X105)-ROW($X$15),1):OFFSET(CÁLCULO!$AL$15,ROW($X105)-ROW($X$15),-1))),IF($C105=0,0,ROUND(SomaAgrup,15-13*$AF$11)))","v":197.7},"RA","RA",{"$f":"IF($C105=\"S\",IF($Z105=\"CP\",$X105,IF($Z105=\"RA\",(($X105)*QCI!$AA$3),0)),SomaAgrup)","v":65.309953505028815},{"$f":"IF($C105=\"S\",IF($Z105=\"OU\",ROUND($X105,2),0),SomaAgrup)","v":0},{"$f":"IF($N105=\"\",\" \",\nIF(AND($C105<>\"S\",OR($R105=\"\",$R105=\"(digite a descrição aqui)\")),\"DESCRIÇÃO\",\nIF(AND($C105=\"S\",OR($Q105<>\"\",$T105>0,$U105>0),$P105=\"\"),\"FONTE\",\nIF(AND($C105=\"S\",$P105<>\"\",OR($T105>0,$U105>0),$Q105=\"\"),\"CÓDIGO\",\nIF(AND($C105=\"S\",$P105<>\"\",$Q105<>\"\",$R105=\"(Código não identificado nas referências)\"),\"CÓDIGO N/ID\",\nIF(AND($C105=\"S\",OR($R105=\"\",$R105=\"(digite a descrição aqui)\"),OR($Q105<>\"\",$T105>0,$U105>0)),\"DESCRIÇÃO\",\nIF(AND($C105=\"S\",$P105<>\"\",$Q105<>\"\",$S105=\"\"),\"UNIDADE\",\nIF(AND($C105=\"S\",$P105<>\"\",$Q105<>\"\",$U105=0),\"SEM CUSTO\",\nIF(AND(TIPOORCAMENTO=\"Licitado\",$AL105=0,$AN105>0),\"SEM PREÇO\",\nIF(AND($C105=\"S\",$P105<>\"\",$Q105<>\"\",$U105>0,AND($V105<>\"BDI 1\",$V105<>\"BDI 2\",$V105<>\"BDI 3\")),IF(ISNUMBER($V105),\"JUSTIFICAR BDI\",\"BDI\"),\nIF(OR(AND(import.recurso=\"OGU\",TIPOORCAMENTO=\"Proposto\",LEFT($O$8,5)<>\"(N/D:\",$AG105<>\"\",ORÇAMENTO.CustoUnitario>$AG105),AND(TIPOORCAMENTO=\"LICITADO\",ORÇAMENTO.PrecoUnitarioLicitado>$AN105)),\"ACIMA REF.\",\nIF(AND($C105=\"S\",$P105<>\"\",$Q105<>\"\",$T105=0,$U105>0),\"QUANT.\",\nIF(AND(Import.TipoArredondamento=\"TransfereGOV\",$L105=\"F\",$C105=\"S\",LEN($Q105)>13),\"Código >13\",\nIF(AND(Import.TipoArredondamento=\"TransfereGOV\",$L105=\"F\",$C105<>\"S\",LEN($R105)>100),\"Descrição >100\",\nIF(AND(Import.TipoArredondamento=\"TransfereGOV\",$L105=\"F\",$C105=\"S\",LEN($R105)>500),\"Descrição >500\",\nIF(AND(Import.TipoArredondamento=\"TransfereGOV\",$L105=\"F\",$C105=\"S\",LEFT(TRIM(UPPER($P105)),6)<>\"SINAPI\",ISNA(VLOOKUP(TRIM(UPPER($S105)),ListaTgov.Unidades,1,FALSE))),\"Unid. Não Disp\",\n\" \"))))))))))))))))","v":" "},{"$f":"IF(C105<=CRONO.NivelExibicao,MAX($AD$15:OFFSET(AD105,-1,0))+IF($C105<>1,1,MAX(1,COUNTIF(QCI!$A$13:$A$24,OFFSET($E105,-1,0)))),\"\")","v":""},{"$f":"IF(AND($C105=\"S\",ORÇAMENTO.CodBarra<>\"\"),IF(ORÇAMENTO.Fonte=\"\",ORÇAMENTO.CodBarra,CONCATENATE(ORÇAMENTO.Fonte,\" \",ORÇAMENTO.CodBarra)))","v":"Composição CPU 10"},{"$f":"IF(ISERROR(ORÇAMENTO.BancoRef),\"(abra o arquivo 'Referência \"&Excel_BuiltIn_Database&\".xlsm)\",IF(OR($C105<>\"S\",ORÇAMENTO.CodBarra=\"\"),\"(Sem Código)\",IF(ISERROR(MATCH($AE105,INDIRECT(ORÇAMENTO.BancoRef),0)),\"(Código não identificado nas referências)\",MATCH($AE105,INDIRECT(ORÇAMENTO.BancoRef),0))))","v":9},{"$f":"ROUND(IF(DESONERACAO=\"sim\",REFERENCIA.Desonerado,REFERENCIA.NaoDesonerado),2)","v":53.81},0.22470000000000001,null,3,null,null,197.7,{"$f":"ROUND(ORÇAMENTO.CustoUnitario*(1+$AH105),2)","v":65.900000000000006}]
["S",2,"S",0,{"$f":"IF($C106=1,OFFSET(E106,-1,0)+MAX(1,COUNTIF(QCI!$A$13:$A$24,OFFSET(ORÇAMENTO!E106,-1,0))),OFFSET(E106,-1,0))","v":1},10,0,0,21,0,{"$f":"IF(OR($C106=\"S\",$C106=0),0,MATCH(OFFSET($D106,0,$C106)+IF($C106<>1,1,COUNTIF(QCI!$A$13:$A$24,ORÇAMENTO!E106)),OFFSET($D106,1,$C106,ROW($C$140)-ROW($C106)),0))","v":0},"F","Serviço","Serviço","1.10.21.","SINAPI","90447","RASGO LINEAR MANUAL EM ALVENARIA, PARA ELETRODUTOS, DIÂMETROS MENORES OU IGUAIS A 40 MM. AF_09/2023","M",{"$f":"OFFSET(CÁLCULO!H$15,ROW($T106)-ROW(T$15),0)","v":3.2},8.24,"BDI 1",{"$f":"IF($C106=\"S\",ROUND(IF(TIPOORCAMENTO=\"Proposto\",ORÇAMENTO.CustoUnitario*(1+$AH106),ORÇAMENTO.PrecoUnitarioLicitado),15-13*$AF$10),0)","v":10.09},{"$f":"IF($C106=\"S\",IF(OR(Import.TipoArredondamento<>\"TransfereGOV\",ACOMPANHAMENTO=\"BM\"),VTOTAL1,SUM(OFFSET(CÁLCULO!$AA$15,ROW($X106)-ROW($X$15),1):OFFSET(CÁLCULO!$AL$15,ROW($X106)-ROW($X$15),-1))),IF($C106=0,0,ROUND(SomaAgrup,15-13*$AF$11)))","v":32.29},"RA","RA",{"$f":"IF($C106=\"S\",IF($Z106=\"CP\",$X106,IF($Z106=\"RA\",(($X106)*QCI!$AA$3),0)),SomaAgrup)","v":10.666962057042896},{"$f":"IF($C106=\"S\",IF($Z106=\"OU\",ROUND($X106,2),0),SomaAgrup)","v":0},{"$f":"IF($N106=\"\",\" \",\nIF(AND($C106<>\"S\",OR($R106=\"\",$R106=\"(digite a descrição aqui)\")),\"DESCRIÇÃO\",\nIF(AND($C106=\"S\",OR($Q106<>\"\",$T106>0,$U106>0),$P106=\"\"),\"FONTE\",\nIF(AND($C106=\"S\",$P106<>\"\",OR($T106>0,$U106>0),$Q106=\"\"),\"CÓDIGO\",\nIF(AND($C106=\"S\",$P106<>\"\",$Q106<>\"\",$R106=\"(Código não identificado nas referências)\"),\"CÓDIGO N/ID\",\nIF(AND($C106=\"S\",OR($R106=\"\",$R106=\"(digite a descrição aqui)\"),OR($Q106<>\"\",$T106>0,$U106>0)),\"DESCRIÇÃO\",\nIF(AND($C106=\"S\",$P106<>\"\",$Q106<>\"\",$S106=\"\"),\"UNIDADE\",\nIF(AND($C106=\"S\",$P106<>\"\",$Q106<>\"\",$U106=0),\"SEM CUSTO\",\nIF(AND(TIPOORCAMENTO=\"Licitado\",$AL106=0,$AN106>0),\"SEM PREÇO\",\nIF(AND($C106=\"S\",$P106<>\"\",$Q106<>\"\",$U106>0,AND($V106<>\"BDI 1\",$V106<>\"BDI 2\",$V106<>\"BDI 3\")),IF(ISNUMBER($V106),\"JUSTIFICAR BDI\",\"BDI\"),\nIF(OR(AND(import.recurso=\"OGU\",TIPOORCAMENTO=\"Proposto\",LEFT($O$8,5)<>\"(N/D:\",$AG106<>\"\",ORÇAMENTO.CustoUnitario>$AG106),AND(TIPOORCAMENTO=\"LICITADO\",ORÇAMENTO.PrecoUnitarioLicitado>$AN106)),\"ACIMA REF.\",\nIF(AND($C106=\"S\",$P106<>\"\",$Q106<>\"\",$T106=0,$U106>0),\"QUANT.\",\nIF(AND(Import.TipoArredondamento=\"TransfereGOV\",$L106=\"F\",$C106=\"S\",LEN($Q106)>13),\"Código >13\",\nIF(AND(Import.TipoArredondamento=\"TransfereGOV\",$L106=\"F\",$C106<>\"S\",LEN($R106)>100),\"Descrição >100\",\nIF(AND(Import.TipoArredondamento=\"TransfereGOV\",$L106=\"F\",$C106=\"S\",LEN($R106)>500),\"Descrição >500\",\nIF(AND(Import.TipoArredondamento=\"TransfereGOV\",$L106=\"F\",$C106=\"S\",LEFT(TRIM(UPPER($P106)),6)<>\"SINAPI\",ISNA(VLOOKUP(TRIM(UPPER($S106)),ListaTgov.Unidades,1,FALSE))),\"Unid. Não Disp\",\n\" \"))))))))))))))))","v":" "},{"$f":"IF(C106<=CRONO.NivelExibicao,MAX($AD$15:OFFSET(AD106,-1,0))+IF($C106<>1,1,MAX(1,COUNTIF(QCI!$A$13:$A$24,OFFSET($E106,-1,0)))),\"\")","v":""},{"$f":"IF(AND($C106=\"S\",ORÇAMENTO.CodBarra<>\"\"),IF(ORÇAMENTO.Fonte=\"\",ORÇAMENTO.CodBarra,CONCATENATE(ORÇAMENTO.Fonte,\" \",ORÇAMENTO.CodBarra)))","v":"SINAPI 90447"},{"$f":"IF(ISERROR(ORÇAMENTO.BancoRef),\"(abra o arquivo 'Referência \"&Excel_BuiltIn_Database&\".xlsm)\",IF(OR($C106<>\"S\",ORÇAMENTO.CodBarra=\"\"),\"(Sem Código)\",IF(ISERROR(MATCH($AE106,INDIRECT(ORÇAMENTO.BancoRef),0)),\"(Código não identificado nas referências)\",MATCH($AE106,INDIRECT(ORÇAMENTO.BancoRef),0))))","v":14482},{"$f":"ROUND(IF(DESONERACAO=\"sim\",REFERENCIA.Desonerado,REFERENCIA.NaoDesonerado),2)","v":8.24},0.22470000000000001,null,3.2,null,null,32.29,{"$f":"ROUND(ORÇAMENTO.CustoUnitario*(1+$AH106),2)","v":10.09}]
["S",2,"S",0,{"$f":"IF($C107=1,OFFSET(E107,-1,0)+MAX(1,COUNTIF(QCI!$A$13:$A$24,OFFSET(ORÇAMENTO!E107,-1,0))),OFFSET(E107,-1,0))","v":1},10,0,0,22,0,{"$f":"IF(OR($C107=\"S\",$C107=0),0,MATCH(OFFSET($D107,0,$C107)+IF($C107<>1,1,COUNTIF(QCI!$A$13:$A$24,ORÇAMENTO!E107)),OFFSET($D107,1,$C107,ROW($C$140)-ROW($C107)),0))","v":0},"F","Serviço","Serviço","1.10.22.","SINAPI","104960","MASSA ÚNICA, EM ARGAMASSA INDUSTRIALIZADA, PREPARO MECÂNICO, APLICADA COM EQUIPAMENTO DE MISTURA E PROJEÇÃO DE ARGAMASSA EM PAREDES INTERNAS, E = 10MM, COM TALISCAS. AF_03/2024","M2",{"$f":"OFFSET(CÁLCULO!H$15,ROW($T107)-ROW(T$15),0)","v":3.2},44.32,"BDI 1",{"$f":"IF($C107=\"S\",ROUND(IF(TIPOORCAMENTO=\"Proposto\",ORÇAMENTO.CustoUnitario*(1+$AH107),ORÇAMENTO.PrecoUnitarioLicitado),15-13*$AF$10),0)","v":54.28},{"$f":"IF($C107=\"S\",IF(OR(Import.TipoArredondamento<>\"TransfereGOV\",ACOMPANHAMENTO=\"BM\"),VTOTAL1,SUM(OFFSET(CÁLCULO!$AA$15,ROW($X107)-ROW($X$15),1):OFFSET(CÁLCULO!$AL$15,ROW($X107)-ROW($X$15),-1))),IF($C107=0,0,ROUND(SomaAgrup,15-13*$AF$11)))","v":173.7},"RA","RA",{"$f":"IF($C107=\"S\",IF($Z107=\"CP\",$X107,IF($Z107=\"RA\",(($X107)*QCI!$AA$3),0)),SomaAgrup)","v":57.38158282156553},{"$f":"IF($C107=\"S\",IF($Z107=\"OU\",ROUND($X107,2),0),SomaAgrup)","v":0},{"$f":"IF($N107=\"\",\" \",\nIF(AND($C107<>\"S\",OR($R107=\"\",$R107=\"(digite a descrição aqui)\")),\"DESCRIÇÃO\",\nIF(AND($C107=\"S\",OR($Q107<>\"\",$T107>0,$U107>0),$P107=\"\"),\"FONTE\",\nIF(AND($C107=\"S\",$P107<>\"\",OR($T107>0,$U107>0),$Q107=\"\"),\"CÓDIGO\",\nIF(AND($C107=\"S\",$P107<>\"\",$Q107<>\"\",$R107=\"(Código não identificado nas referências)\"),\"CÓDIGO N/ID\",\nIF(AND($C107=\"S\",OR($R107=\"\",$R107=\"(digite a descrição aqui)\"),OR($Q107<>\"\",$T107>0,$U107>0)),\"DESCRIÇÃO\",\nIF(AND($C107=\"S\",$P107<>\"\",$Q107<>\"\",$S107=\"\"),\"UNIDADE\",\nIF(AND($C107=\"S\",$P107<>\"\",$Q107<>\"\",$U107=0),\"SEM CUSTO\",\nIF(AND(TIPOORCAMENTO=\"Licitado\",$AL107=0,$AN107>0),\"SEM PREÇO\",\nIF(AND($C107=\"S\",$P107<>\"\",$Q107<>\"\",$U107>0,AND($V107<>\"BDI 1\",$V107<>\"BDI 2\",$V107<>\"BDI 3\")),IF(ISNUMBER($V107),\"JUSTIFICAR BDI\",\"BDI\"),\nIF(OR(AND(import.recurso=\"OGU\",TIPOORCAMENTO=\"Proposto\",LEFT($O$8,5)<>\"(N/D:\",$AG107<>\"\",ORÇAMENTO.CustoUnitario>$AG107),AND(TIPOORCAMENTO=\"LICITADO\",ORÇAMENTO.PrecoUnitarioLicitado>$AN107)),\"ACIMA REF.\",\nIF(AND($C107=\"S\",$P107<>\"\",$Q107<>\"\",$T107=0,$U107>0),\"QUANT.\",\nIF(AND(Import.TipoArredondamento=\"TransfereGOV\",$L107=\"F\",$C107=\"S\",LEN($Q107)>13),\"Código >13\",\nIF(AND(Import.TipoArredondamento=\"TransfereGOV\",$L107=\"F\",$C107<>\"S\",LEN($R107)>100),\"Descrição >100\",\nIF(AND(Import.TipoArredondamento=\"TransfereGOV\",$L107=\"F\",$C107=\"S\",LEN($R107)>500),\"Descrição >500\",\nIF(AND(Import.TipoArredondamento=\"TransfereGOV\",$L107=\"F\",$C107=\"S\",LEFT(TRIM(UPPER($P107)),6)<>\"SINAPI\",ISNA(VLOOKUP(TRIM(UPPER($S107)),ListaTgov.Unidades,1,FALSE))),\"Unid. Não Disp\",\n\" \"))))))))))))))))","v":" "},{"$f":"IF(C107<=CRONO.NivelExibicao,MAX($AD$15:OFFSET(AD107,-1,0))+IF($C107<>1,1,MAX(1,COUNTIF(QCI!$A$13:$A$24,OFFSET($E107,-1,0)))),\"\")","v":""},{"$f":"IF(AND($C107=\"S\",ORÇAMENTO.CodBarra<>\"\"),IF(ORÇAMENTO.Fonte=\"\",ORÇAMENTO.CodBarra,CONCATENATE(ORÇAMENTO.Fonte,\" \",ORÇAMENTO.CodBarra)))","v":"SINAPI 104960"},{"$f":"IF(ISERROR(ORÇAMENTO.BancoRef),\"(abra o arquivo 'Referência \"&Excel_BuiltIn_Database&\".xlsm)\",IF(OR($C107<>\"S\",ORÇAMENTO.CodBarra=\"\"),\"(Sem Código)\",IF(ISERROR(MATCH($AE107,INDIRECT(ORÇAMENTO.BancoRef),0)),\"(Código não identificado nas referências)\",MATCH($AE107,INDIRECT(ORÇAMENTO.BancoRef),0))))","v":13432},{"$f":"ROUND(IF(DESONERACAO=\"sim\",REFERENCIA.Desonerado,REFERENCIA.NaoDesonerado),2)","v":44.32},0.22470000000000001,null,3.2,null,null,173.7,{"$f":"ROUND(ORÇAMENTO.CustoUnitario*(1+$AH107),2)","v":54.28}]
[2,2,2,4,{"$f":"IF($C108=1,OFFSET(E108,-1,0)+MAX(1,COUNTIF(QCI!$A$13:$A$24,OFFSET(ORÇAMENTO!E108,-1,0))),OFFSET(E108,-1,0))","v":1},11,0,0,0,32,{"$f":"IF(OR($C108=\"S\",$C108=0),0,MATCH(OFFSET($D108,0,$C108)+IF($C108<>1,1,COUNTIF(QCI!$A$13:$A$24,ORÇAMENTO!E108)),OFFSET($D108,1,$C108,ROW($C$140)-ROW($C108)),0))","v":4},"F","Nível 2","Nível 2","1.11.","SINAPI",null,"INSTALAÇÃO PLUVIAL","-",{"$f":"OFFSET(CÁLCULO!H$15,ROW($T108)-ROW(T$15),0)","v":0},0,"BDI 1",{"$f":"IF($C108=\"S\",ROUND(IF(TIPOORCAMENTO=\"Proposto\",ORÇAMENTO.CustoUnitario*(1+$AH108),ORÇAMENTO.PrecoUnitarioLicitado),15-13*$AF$10),0)","v":0},{"$f":"IF($C108=\"S\",IF(OR(Import.TipoArredondamento<>\"TransfereGOV\",ACOMPANHAMENTO=\"BM\"),VTOTAL1,SUM(OFFSET(CÁLCULO!$AA$15,ROW($X108)-ROW($X$15),1):OFFSET(CÁLCULO!$AL$15,ROW($X108)-ROW($X$15),-1))),IF($C108=0,0,ROUND(SomaAgrup,15-13*$AF$11)))","v":8205.8700000000008},"RA","",{"$f":"IF($C108=\"S\",IF($Z108=\"CP\",$X108,IF($Z108=\"RA\",(($X108)*QCI!$AA$3),0)),SomaAgrup)","v":2710.799130846287},{"$f":"IF($C108=\"S\",IF($Z108=\"OU\",ROUND($X108,2),0),SomaAgrup)","v":0},{"$f":"IF($N108=\"\",\" \",\nIF(AND($C108<>\"S\",OR($R108=\"\",$R108=\"(digite a descrição aqui)\")),\"DESCRIÇÃO\",\nIF(AND($C108=\"S\",OR($Q108<>\"\",$T108>0,$U108>0),$P108=\"\"),\"FONTE\",\nIF(AND($C108=\"S\",$P108<>\"\",OR($T108>0,$U108>0),$Q108=\"\"),\"CÓDIGO\",\nIF(AND($C108=\"S\",$P108<>\"\",$Q108<>\"\",$R108=\"(Código não identificado nas referências)\"),\"CÓDIGO N/ID\",\nIF(AND($C108=\"S\",OR($R108=\"\",$R108=\"(digite a descrição aqui)\"),OR($Q108<>\"\",$T108>0,$U108>0)),\"DESCRIÇÃO\",\nIF(AND($C108=\"S\",$P108<>\"\",$Q108<>\"\",$S108=\"\"),\"UNIDADE\",\nIF(AND($C108=\"S\",$P108<>\"\",$Q108<>\"\",$U108=0),\"SEM CUSTO\",\nIF(AND(TIPOORCAMENTO=\"Licitado\",$AL108=0,$AN108>0),\"SEM PREÇO\",\nIF(AND($C108=\"S\",$P108<>\"\",$Q108<>\"\",$U108>0,AND($V108<>\"BDI 1\",$V108<>\"BDI 2\",$V108<>\"BDI 3\")),IF(ISNUMBER($V108),\"JUSTIFICAR BDI\",\"BDI\"),\nIF(OR(AND(import.recurso=\"OGU\",TIPOORCAMENTO=\"Proposto\",LEFT($O$8,5)<>\"(N/D:\",$AG108<>\"\",ORÇAMENTO.CustoUnitario>$AG108),AND(TIPOORCAMENTO=\"LICITADO\",ORÇAMENTO.PrecoUnitarioLicitado>$AN108)),\"ACIMA REF.\",\nIF(AND($C108=\"S\",$P108<>\"\",$Q108<>\"\",$T108=0,$U108>0),\"QUANT.\",\nIF(AND(Import.TipoArredondamento=\"TransfereGOV\",$L108=\"F\",$C108=\"S\",LEN($Q108)>13),\"Código >13\",\nIF(AND(Import.TipoArredondamento=\"TransfereGOV\",$L108=\"F\",$C108<>\"S\",LEN($R108)>100),\"Descrição >100\",\nIF(AND(Import.TipoArredondamento=\"TransfereGOV\",$L108=\"F\",$C108=\"S\",LEN($R108)>500),\"Descrição >500\",\nIF(AND(Import.TipoArredondamento=\"TransfereGOV\",$L108=\"F\",$C108=\"S\",LEFT(TRIM(UPPER($P108)),6)<>\"SINAPI\",ISNA(VLOOKUP(TRIM(UPPER($S108)),ListaTgov.Unidades,1,FALSE))),\"Unid. Não Disp\",\n\" \"))))))))))))))))","v":" "},{"$f":"IF(C108<=CRONO.NivelExibicao,MAX($AD$15:OFFSET(AD108,-1,0))+IF($C108<>1,1,MAX(1,COUNTIF(QCI!$A$13:$A$24,OFFSET($E108,-1,0)))),\"\")","v":12},{"$f":"IF(AND($C108=\"S\",ORÇAMENTO.CodBarra<>\"\"),IF(ORÇAMENTO.Fonte=\"\",ORÇAMENTO.CodBarra,CONCATENATE(ORÇAMENTO.Fonte,\" \",ORÇAMENTO.CodBarra)))","v":false},{"$f":"IF(ISERROR(ORÇAMENTO.BancoRef),\"(abra o arquivo 'Referência \"&Excel_BuiltIn_Database&\".xlsm)\",IF(OR($C108<>\"S\",ORÇAMENTO.CodBarra=\"\"),\"(Sem Código)\",IF(ISERROR(MATCH($AE108,INDIRECT(ORÇAMENTO.BancoRef),0)),\"(Código não identificado nas referências)\",MATCH($AE108,INDIRECT(ORÇAMENTO.BancoRef),0))))","v":"(Sem Código)"},{"$f":"ROUND(IF(DESONERACAO=\"sim\",REFERENCIA.Desonerado,REFERENCIA.NaoDesonerado),2)","v":0},0.22470000000000001,null,0,null,null,8205.8700000000008,{"$f":"ROUND(ORÇAMENTO.CustoUnitario*(1+$AH108),2)","v":0}]
["S",2,"S",0,{"$f":"IF($C109=1,OFFSET(E109,-1,0)+MAX(1,COUNTIF(QCI!$A$13:$A$24,OFFSET(ORÇAMENTO!E109,-1,0))),OFFSET(E109,-1,0))","v":1},11,0,0,1,0,{"$f":"IF(OR($C109=\"S\",$C109=0),0,MATCH(OFFSET($D109,0,$C109)+IF($C109<>1,1,COUNTIF(QCI!$A$13:$A$24,ORÇAMENTO!E109)),OFFSET($D109,1,$C109,ROW($C$140)-ROW($C109)),0))","v":0},"F","Serviço","Serviço","1.11.1.","SINAPI","94228","CALHA EM CHAPA DE AÇO GALVANIZADO NÚMERO 24, DESENVOLVIMENTO DE 50 CM, INCLUSO TRANSPORTE VERTICAL. AF_07/2019",{"$f":"REFERENCIA.Unidade","v":"M"},{"$f":"OFFSET(CÁLCULO!H$15,ROW($T109)-ROW(T$15),0)","v":58.7},76.400000000000006,"BDI 1",{"$f":"IF($C109=\"S\",ROUND(IF(TIPOORCAMENTO=\"Proposto\",ORÇAMENTO.CustoUnitario*(1+$AH109),ORÇAMENTO.PrecoUnitarioLicitado),15-13*$AF$10),0)","v":93.57},{"$f":"IF($C109=\"S\",IF(OR(Import.TipoArredondamento<>\"TransfereGOV\",ACOMPANHAMENTO=\"BM\"),VTOTAL1,SUM(OFFSET(CÁLCULO!$AA$15,ROW($X109)-ROW($X$15),1):OFFSET(CÁLCULO!$AL$15,ROW($X109)-ROW($X$15),-1))),IF($C109=0,0,ROUND(SomaAgrup,15-13*$AF$11)))","v":5492.56},"RA","RA",{"$f":"IF($C109=\"S\",IF($Z109=\"CP\",$X109,IF($Z109=\"RA\",(($X109)*QCI!$AA$3),0)),SomaAgrup)","v":1814.4604867151297},{"$f":"IF($C109=\"S\",IF($Z109=\"OU\",ROUND($X109,2),0),SomaAgrup)","v":0},{"$f":"IF($N109=\"\",\" \",\nIF(AND($C109<>\"S\",OR($R109=\"\",$R109=\"(digite a descrição aqui)\")),\"DESCRIÇÃO\",\nIF(AND($C109=\"S\",OR($Q109<>\"\",$T109>0,$U109>0),$P109=\"\"),\"FONTE\",\nIF(AND($C109=\"S\",$P109<>\"\",OR($T109>0,$U109>0),$Q109=\"\"),\"CÓDIGO\",\nIF(AND($C109=\"S\",$P109<>\"\",$Q109<>\"\",$R109=\"(Código não identificado nas referências)\"),\"CÓDIGO N/ID\",\nIF(AND($C109=\"S\",OR($R109=\"\",$R109=\"(digite a descrição aqui)\"),OR($Q109<>\"\",$T109>0,$U109>0)),\"DESCRIÇÃO\",\nIF(AND($C109=\"S\",$P109<>\"\",$Q109<>\"\",$S109=\"\"),\"UNIDADE\",\nIF(AND($C109=\"S\",$P109<>\"\",$Q109<>\"\",$U109=0),\"SEM CUSTO\",\nIF(AND(TIPOORCAMENTO=\"Licitado\",$AL109=0,$AN109>0),\"SEM PREÇO\",\nIF(AND($C109=\"S\",$P109<>\"\",$Q109<>\"\",$U109>0,AND($V109<>\"BDI 1\",$V109<>\"BDI 2\",$V109<>\"BDI 3\")),IF(ISNUMBER($V109),\"JUSTIFICAR BDI\",\"BDI\"),\nIF(OR(AND(import.recurso=\"OGU\",TIPOORCAMENTO=\"Proposto\",LEFT($O$8,5)<>\"(N/D:\",$AG109<>\"\",ORÇAMENTO.CustoUnitario>$AG109),AND(TIPOORCAMENTO=\"LICITADO\",ORÇAMENTO.PrecoUnitarioLicitado>$AN109)),\"ACIMA REF.\",\nIF(AND($C109=\"S\",$P109<>\"\",$Q109<>\"\",$T109=0,$U109>0),\"QUANT.\",\nIF(AND(Import.TipoArredondamento=\"TransfereGOV\",$L109=\"F\",$C109=\"S\",LEN($Q109)>13),\"Código >13\",\nIF(AND(Import.TipoArredondamento=\"TransfereGOV\",$L109=\"F\",$C109<>\"S\",LEN($R109)>100),\"Descrição >100\",\nIF(AND(Import.TipoArredondamento=\"TransfereGOV\",$L109=\"F\",$C109=\"S\",LEN($R109)>500),\"Descrição >500\",\nIF(AND(Import.TipoArredondamento=\"TransfereGOV\",$L109=\"F\",$C109=\"S\",LEFT(TRIM(UPPER($P109)),6)<>\"SINAPI\",ISNA(VLOOKUP(TRIM(UPPER($S109)),ListaTgov.Unidades,1,FALSE))),\"Unid. Não Disp\",\n\" \"))))))))))))))))","v":" "},{"$f":"IF(C109<=CRONO.NivelExibicao,MAX($AD$15:OFFSET(AD109,-1,0))+IF($C109<>1,1,MAX(1,COUNTIF(QCI!$A$13:$A$24,OFFSET($E109,-1,0)))),\"\")","v":""},{"$f":"IF(AND($C109=\"S\",ORÇAMENTO.CodBarra<>\"\"),IF(ORÇAMENTO.Fonte=\"\",ORÇAMENTO.CodBarra,CONCATENATE(ORÇAMENTO.Fonte,\" \",ORÇAMENTO.CodBarra)))","v":"SINAPI 94228"},{"$f":"IF(ISERROR(ORÇAMENTO.BancoRef),\"(abra o arquivo 'Referência \"&Excel_BuiltIn_Database&\".xlsm)\",IF(OR($C109<>\"S\",ORÇAMENTO.CodBarra=\"\"),\"(Sem Código)\",IF(ISERROR(MATCH($AE109,INDIRECT(ORÇAMENTO.BancoRef),0)),\"(Código não identificado nas referências)\",MATCH($AE109,INDIRECT(ORÇAMENTO.BancoRef),0))))","v":15014},{"$f":"ROUND(IF(DESONERACAO=\"sim\",REFERENCIA.Desonerado,REFERENCIA.NaoDesonerado),2)","v":76.400000000000006},0.22470000000000001,null,58.7,null,null,5492.56,{"$f":"ROUND(ORÇAMENTO.CustoUnitario*(1+$AH109),2)","v":93.57}]
["S",2,"S",0,{"$f":"IF($C110=1,OFFSET(E110,-1,0)+MAX(1,COUNTIF(QCI!$A$13:$A$24,OFFSET(ORÇAMENTO!E110,-1,0))),OFFSET(E110,-1,0))","v":1},11,0,0,2,0,{"$f":"IF(OR($C110=\"S\",$C110=0),0,MATCH(OFFSET($D110,0,$C110)+IF($C110<>1,1,COUNTIF(QCI!$A$13:$A$24,ORÇAMENTO!E110)),OFFSET($D110,1,$C110,ROW($C$140)-ROW($C110)),0))","v":0},"F","Serviço","Serviço","1.11.2.","SINAPI","89578","TUBO PVC, SÉRIE R, ÁGUA PLUVIAL, DN 100 MM, FORNECIDO E INSTALADO EM CONDUTORES VERTICAIS DE ÁGUAS PLUVIAIS. AF_06/2022","M",{"$f":"OFFSET(CÁLCULO!H$15,ROW($T110)-ROW(T$15),0)","v":39.299999999999997},33.369999999999997,"BDI 1",{"$f":"IF($C110=\"S\",ROUND(IF(TIPOORCAMENTO=\"Proposto\",ORÇAMENTO.CustoUnitario*(1+$AH110),ORÇAMENTO.PrecoUnitarioLicitado),15-13*$AF$10),0)","v":40.869999999999997},{"$f":"IF($C110=\"S\",IF(OR(Import.TipoArredondamento<>\"TransfereGOV\",ACOMPANHAMENTO=\"BM\"),VTOTAL1,SUM(OFFSET(CÁLCULO!$AA$15,ROW($X110)-ROW($X$15),1):OFFSET(CÁLCULO!$AL$15,ROW($X110)-ROW($X$15),-1))),IF($C110=0,0,ROUND(SomaAgrup,15-13*$AF$11)))","v":1606.19},"RA","RA",{"$f":"IF($C110=\"S\",IF($Z110=\"CP\",$X110,IF($Z110=\"RA\",(($X110)*QCI!$AA$3),0)),SomaAgrup)","v":530.60290450299567},{"$f":"IF($C110=\"S\",IF($Z110=\"OU\",ROUND($X110,2),0),SomaAgrup)","v":0},{"$f":"IF($N110=\"\",\" \",\nIF(AND($C110<>\"S\",OR($R110=\"\",$R110=\"(digite a descrição aqui)\")),\"DESCRIÇÃO\",\nIF(AND($C110=\"S\",OR($Q110<>\"\",$T110>0,$U110>0),$P110=\"\"),\"FONTE\",\nIF(AND($C110=\"S\",$P110<>\"\",OR($T110>0,$U110>0),$Q110=\"\"),\"CÓDIGO\",\nIF(AND($C110=\"S\",$P110<>\"\",$Q110<>\"\",$R110=\"(Código não identificado nas referências)\"),\"CÓDIGO N/ID\",\nIF(AND($C110=\"S\",OR($R110=\"\",$R110=\"(digite a descrição aqui)\"),OR($Q110<>\"\",$T110>0,$U110>0)),\"DESCRIÇÃO\",\nIF(AND($C110=\"S\",$P110<>\"\",$Q110<>\"\",$S110=\"\"),\"UNIDADE\",\nIF(AND($C110=\"S\",$P110<>\"\",$Q110<>\"\",$U110=0),\"SEM CUSTO\",\nIF(AND(TIPOORCAMENTO=\"Licitado\",$AL110=0,$AN110>0),\"SEM PREÇO\",\nIF(AND($C110=\"S\",$P110<>\"\",$Q110<>\"\",$U110>0,AND($V110<>\"BDI 1\",$V110<>\"BDI 2\",$V110<>\"BDI 3\")),IF(ISNUMBER($V110),\"JUSTIFICAR BDI\",\"BDI\"),\nIF(OR(AND(import.recurso=\"OGU\",TIPOORCAMENTO=\"Proposto\",LEFT($O$8,5)<>\"(N/D:\",$AG110<>\"\",ORÇAMENTO.CustoUnitario>$AG110),AND(TIPOORCAMENTO=\"LICITADO\",ORÇAMENTO.PrecoUnitarioLicitado>$AN110)),\"ACIMA REF.\",\nIF(AND($C110=\"S\",$P110<>\"\",$Q110<>\"\",$T110=0,$U110>0),\"QUANT.\",\nIF(AND(Import.TipoArredondamento=\"TransfereGOV\",$L110=\"F\",$C110=\"S\",LEN($Q110)>13),\"Código >13\",\nIF(AND(Import.TipoArredondamento=\"TransfereGOV\",$L110=\"F\",$C110<>\"S\",LEN($R110)>100),\"Descrição >100\",\nIF(AND(Import.TipoArredondamento=\"TransfereGOV\",$L110=\"F\",$C110=\"S\",LEN($R110)>500),\"Descrição >500\",\nIF(AND(Import.TipoArredondamento=\"TransfereGOV\",$L110=\"F\",$C110=\"S\",LEFT(TRIM(UPPER($P110)),6)<>\"SINAPI\",ISNA(VLOOKUP(TRIM(UPPER($S110)),ListaTgov.Unidades,1,FALSE))),\"Unid. Não Disp\",\n\" \"))))))))))))))))","v":" "},{"$f":"IF(C110<=CRONO.NivelExibicao,MAX($AD$15:OFFSET(AD110,-1,0))+IF($C110<>1,1,MAX(1,COUNTIF(QCI!$A$13:$A$24,OFFSET($E110,-1,0)))),\"\")","v":""},{"$f":"IF(AND($C110=\"S\",ORÇAMENTO.CodBarra<>\"\"),IF(ORÇAMENTO.Fonte=\"\",ORÇAMENTO.CodBarra,CONCATENATE(ORÇAMENTO.Fonte,\" \",ORÇAMENTO.CodBarra)))","v":"SINAPI 89578"},{"$f":"IF(ISERROR(ORÇAMENTO.BancoRef),\"(abra o arquivo 'Referência \"&Excel_BuiltIn_Database&\".xlsm)\",IF(OR($C110<>\"S\",ORÇAMENTO.CodBarra=\"\"),\"(Sem Código)\",IF(ISERROR(MATCH($AE110,INDIRECT(ORÇAMENTO.BancoRef),0)),\"(Código não identificado nas referências)\",MATCH($AE110,INDIRECT(ORÇAMENTO.BancoRef),0))))","v":11914},{"$f":"ROUND(IF(DESONERACAO=\"sim\",REFERENCIA.Desonerado,REFERENCIA.NaoDesonerado),2)","v":33.369999999999997},0.22470000000000001,null,39.299999999999997,null,null,1606.19,{"$f":"ROUND(ORÇAMENTO.CustoUnitario*(1+$AH110),2)","v":40.869999999999997}]
["S",2,"S",0,{"$f":"IF($C111=1,OFFSET(E111,-1,0)+MAX(1,COUNTIF(QCI!$A$13:$A$24,OFFSET(ORÇAMENTO!E111,-1,0))),OFFSET(E111,-1,0))","v":1},11,0,0,3,0,{"$f":"IF(OR($C111=\"S\",$C111=0),0,MATCH(OFFSET($D111,0,$C111)+IF($C111<>1,1,COUNTIF(QCI!$A$13:$A$24,ORÇAMENTO!E111)),OFFSET($D111,1,$C111,ROW($C$140)-ROW($C111)),0))","v":0},"F","Serviço","Serviço","1.11.3.","SINAPI","89584","JOELHO 90 GRAUS, PVC, SERIE R, ÁGUA PLUVIAL, DN 100 MM, JUNTA ELÁSTICA, FORNECIDO E INSTALADO EM CONDUTORES VERTICAIS DE ÁGUAS PLUVIAIS. AF_06/2022","UN",{"$f":"OFFSET(CÁLCULO!H$15,ROW($T111)-ROW(T$15),0)","v":21},43.05,"BDI 1",{"$f":"IF($C111=\"S\",ROUND(IF(TIPOORCAMENTO=\"Proposto\",ORÇAMENTO.CustoUnitario*(1+$AH111),ORÇAMENTO.PrecoUnitarioLicitado),15-13*$AF$10),0)","v":52.72},{"$f":"IF($C111=\"S\",IF(OR(Import.TipoArredondamento<>\"TransfereGOV\",ACOMPANHAMENTO=\"BM\"),VTOTAL1,SUM(OFFSET(CÁLCULO!$AA$15,ROW($X111)-ROW($X$15),1):OFFSET(CÁLCULO!$AL$15,ROW($X111)-ROW($X$15),-1))),IF($C111=0,0,ROUND(SomaAgrup,15-13*$AF$11)))","v":1107.1199999999999},"RA","RA",{"$f":"IF($C111=\"S\",IF($Z111=\"CP\",$X111,IF($Z111=\"RA\",(($X111)*QCI!$AA$3),0)),SomaAgrup)","v":365.73573962816135},{"$f":"IF($C111=\"S\",IF($Z111=\"OU\",ROUND($X111,2),0),SomaAgrup)","v":0},{"$f":"IF($N111=\"\",\" \",\nIF(AND($C111<>\"S\",OR($R111=\"\",$R111=\"(digite a descrição aqui)\")),\"DESCRIÇÃO\",\nIF(AND($C111=\"S\",OR($Q111<>\"\",$T111>0,$U111>0),$P111=\"\"),\"FONTE\",\nIF(AND($C111=\"S\",$P111<>\"\",OR($T111>0,$U111>0),$Q111=\"\"),\"CÓDIGO\",\nIF(AND($C111=\"S\",$P111<>\"\",$Q111<>\"\",$R111=\"(Código não identificado nas referências)\"),\"CÓDIGO N/ID\",\nIF(AND($C111=\"S\",OR($R111=\"\",$R111=\"(digite a descrição aqui)\"),OR($Q111<>\"\",$T111>0,$U111>0)),\"DESCRIÇÃO\",\nIF(AND($C111=\"S\",$P111<>\"\",$Q111<>\"\",$S111=\"\"),\"UNIDADE\",\nIF(AND($C111=\"S\",$P111<>\"\",$Q111<>\"\",$U111=0),\"SEM CUSTO\",\nIF(AND(TIPOORCAMENTO=\"Licitado\",$AL111=0,$AN111>0),\"SEM PREÇO\",\nIF(AND($C111=\"S\",$P111<>\"\",$Q111<>\"\",$U111>0,AND($V111<>\"BDI 1\",$V111<>\"BDI 2\",$V111<>\"BDI 3\")),IF(ISNUMBER($V111),\"JUSTIFICAR BDI\",\"BDI\"),\nIF(OR(AND(import.recurso=\"OGU\",TIPOORCAMENTO=\"Proposto\",LEFT($O$8,5)<>\"(N/D:\",$AG111<>\"\",ORÇAMENTO.CustoUnitario>$AG111),AND(TIPOORCAMENTO=\"LICITADO\",ORÇAMENTO.PrecoUnitarioLicitado>$AN111)),\"ACIMA REF.\",\nIF(AND($C111=\"S\",$P111<>\"\",$Q111<>\"\",$T111=0,$U111>0),\"QUANT.\",\nIF(AND(Import.TipoArredondamento=\"TransfereGOV\",$L111=\"F\",$C111=\"S\",LEN($Q111)>13),\"Código >13\",\nIF(AND(Import.TipoArredondamento=\"TransfereGOV\",$L111=\"F\",$C111<>\"S\",LEN($R111)>100),\"Descrição >100\",\nIF(AND(Import.TipoArredondamento=\"TransfereGOV\",$L111=\"F\",$C111=\"S\",LEN($R111)>500),\"Descrição >500\",\nIF(AND(Import.TipoArredondamento=\"TransfereGOV\",$L111=\"F\",$C111=\"S\",LEFT(TRIM(UPPER($P111)),6)<>\"SINAPI\",ISNA(VLOOKUP(TRIM(UPPER($S111)),ListaTgov.Unidades,1,FALSE))),\"Unid. Não Disp\",\n\" \"))))))))))))))))","v":" "},{"$f":"IF(C111<=CRONO.NivelExibicao,MAX($AD$15:OFFSET(AD111,-1,0))+IF($C111<>1,1,MAX(1,COUNTIF(QCI!$A$13:$A$24,OFFSET($E111,-1,0)))),\"\")","v":""},{"$f":"IF(AND($C111=\"S\",ORÇAMENTO.CodBarra<>\"\"),IF(ORÇAMENTO.Fonte=\"\",ORÇAMENTO.CodBarra,CONCATENATE(ORÇAMENTO.Fonte,\" \",ORÇAMENTO.CodBarra)))","v":"SINAPI 89584"},{"$f":"IF(ISERROR(ORÇAMENTO.BancoRef),\"(abra o arquivo 'Referência \"&Excel_BuiltIn_Database&\".xlsm)\",IF(OR($C111<>\"S\",ORÇAMENTO.CodBarra=\"\"),\"(Sem Código)\",IF(ISERROR(MATCH($AE111,INDIRECT(ORÇAMENTO.BancoRef),0)),\"(Código não identificado nas referências)\",MATCH($AE111,INDIRECT(ORÇAMENTO.BancoRef),0))))","v":11873},{"$f":"ROUND(IF(DESONERACAO=\"sim\",REFERENCIA.Desonerado,REFERENCIA.NaoDesonerado),2)","v":43.05},0.22470000000000001,null,21,null,null,1107.1199999999999,{"$f":"ROUND(ORÇAMENTO.CustoUnitario*(1+$AH111),2)","v":52.72}]
[{"$f":"CHOOSE(1+LOG(1+2*(ORÇAMENTO.Nivel=\"Meta\")+4*(ORÇAMENTO.Nivel=\"Nível 2\")+8*(ORÇAMENTO.Nivel=\"Nível 3\")+16*(ORÇAMENTO.Nivel=\"Nível 4\")+32*(ORÇAMENTO.Nivel=\"Serviço\"),2),0,1,2,3,4,\"S\")","v":2},2,2,6,{"$f":"IF($C112=1,OFFSET(E112,-1,0)+MAX(1,COUNTIF(QCI!$A$13:$A$24,OFFSET(ORÇAMENTO!E112,-1,0))),OFFSET(E112,-1,0))","v":1},12,0,0,0,28,{"$f":"IF(OR($C112=\"S\",$C112=0),0,MATCH(OFFSET($D112,0,$C112)+IF($C112<>1,1,COUNTIF(QCI!$A$13:$A$24,ORÇAMENTO!E112)),OFFSET($D112,1,$C112,ROW($C$140)-ROW($C112)),0))","v":6},"F","Nível 2","Nível 2","1.12.","SINAPI",null,"INCÊNDIO E PÂNICO","-",{"$f":"OFFSET(CÁLCULO!H$15,ROW($T112)-ROW(T$15),0)","v":0},0,"BDI 1",{"$f":"IF($C112=\"S\",ROUND(IF(TIPOORCAMENTO=\"Proposto\",ORÇAMENTO.CustoUnitario*(1+$AH112),ORÇAMENTO.PrecoUnitarioLicitado),15-13*$AF$10),0)","v":0},{"$f":"IF($C112=\"S\",IF(OR(Import.TipoArredondamento<>\"TransfereGOV\",ACOMPANHAMENTO=\"BM\"),VTOTAL1,SUM(OFFSET(CÁLCULO!$AA$15,ROW($X112)-ROW($X$15),1):OFFSET(CÁLCULO!$AL$15,ROW($X112)-ROW($X$15),-1))),IF($C112=0,0,ROUND(SomaAgrup,15-13*$AF$11)))","v":983.27},"RA","",{"$f":"IF($C112=\"S\",IF($Z112=\"CP\",$X112,IF($Z112=\"RA\",(($X112)*QCI!$AA$3),0)),SomaAgrup)","v":324.82204341370607},{"$f":"IF($C112=\"S\",IF($Z112=\"OU\",ROUND($X112,2),0),SomaAgrup)","v":0},{"$f":"IF($N112=\"\",\" \",\nIF(AND($C112<>\"S\",OR($R112=\"\",$R112=\"(digite a descrição aqui)\")),\"DESCRIÇÃO\",\nIF(AND($C112=\"S\",OR($Q112<>\"\",$T112>0,$U112>0),$P112=\"\"),\"FONTE\",\nIF(AND($C112=\"S\",$P112<>\"\",OR($T112>0,$U112>0),$Q112=\"\"),\"CÓDIGO\",\nIF(AND($C112=\"S\",$P112<>\"\",$Q112<>\"\",$R112=\"(Código não identificado nas referências)\"),\"CÓDIGO N/ID\",\nIF(AND($C112=\"S\",OR($R112=\"\",$R112=\"(digite a descrição aqui)\"),OR($Q112<>\"\",$T112>0,$U112>0)),\"DESCRIÇÃO\",\nIF(AND($C112=\"S\",$P112<>\"\",$Q112<>\"\",$S112=\"\"),\"UNIDADE\",\nIF(AND($C112=\"S\",$P112<>\"\",$Q112<>\"\",$U112=0),\"SEM CUSTO\",\nIF(AND(TIPOORCAMENTO=\"Licitado\",$AL112=0,$AN112>0),\"SEM PREÇO\",\nIF(AND($C112=\"S\",$P112<>\"\",$Q112<>\"\",$U112>0,AND($V112<>\"BDI 1\",$V112<>\"BDI 2\",$V112<>\"BDI 3\")),IF(ISNUMBER($V112),\"JUSTIFICAR BDI\",\"BDI\"),\nIF(OR(AND(import.recurso=\"OGU\",TIPOORCAMENTO=\"Proposto\",LEFT($O$8,5)<>\"(N/D:\",$AG112<>\"\",ORÇAMENTO.CustoUnitario>$AG112),AND(TIPOORCAMENTO=\"LICITADO\",ORÇAMENTO.PrecoUnitarioLicitado>$AN112)),\"ACIMA REF.\",\nIF(AND($C112=\"S\",$P112<>\"\",$Q112<>\"\",$T112=0,$U112>0),\"QUANT.\",\nIF(AND(Import.TipoArredondamento=\"TransfereGOV\",$L112=\"F\",$C112=\"S\",LEN($Q112)>13),\"Código >13\",\nIF(AND(Import.TipoArredondamento=\"TransfereGOV\",$L112=\"F\",$C112<>\"S\",LEN($R112)>100),\"Descrição >100\",\nIF(AND(Import.TipoArredondamento=\"TransfereGOV\",$L112=\"F\",$C112=\"S\",LEN($R112)>500),\"Descrição >500\",\nIF(AND(Import.TipoArredondamento=\"TransfereGOV\",$L112=\"F\",$C112=\"S\",LEFT(TRIM(UPPER($P112)),6)<>\"SINAPI\",ISNA(VLOOKUP(TRIM(UPPER($S112)),ListaTgov.Unidades,1,FALSE))),\"Unid. Não Disp\",\n\" \"))))))))))))))))","v":" "},{"$f":"IF(C112<=CRONO.NivelExibicao,MAX($AD$15:OFFSET(AD112,-1,0))+IF($C112<>1,1,MAX(1,COUNTIF(QCI!$A$13:$A$24,OFFSET($E112,-1,0)))),\"\")","v":13},{"$f":"IF(AND($C112=\"S\",ORÇAMENTO.CodBarra<>\"\"),IF(ORÇAMENTO.Fonte=\"\",ORÇAMENTO.CodBarra,CONCATENATE(ORÇAMENTO.Fonte,\" \",ORÇAMENTO.CodBarra)))","v":false},{"$f":"IF(ISERROR(ORÇAMENTO.BancoRef),\"(abra o arquivo 'Referência \"&Excel_BuiltIn_Database&\".xlsm)\",IF(OR($C112<>\"S\",ORÇAMENTO.CodBarra=\"\"),\"(Sem Código)\",IF(ISERROR(MATCH($AE112,INDIRECT(ORÇAMENTO.BancoRef),0)),\"(Código não identificado nas referências)\",MATCH($AE112,INDIRECT(ORÇAMENTO.BancoRef),0))))","v":"(Sem Código)"},{"$f":"ROUND(IF(DESONERACAO=\"sim\",REFERENCIA.Desonerado,REFERENCIA.NaoDesonerado),2)","v":0},{"$f":"ROUND(IF(ISNUMBER(ORÇAMENTO.OpcaoBDI),ORÇAMENTO.OpcaoBDI,IF(LEFT(ORÇAMENTO.OpcaoBDI,3)=\"BDI\",HLOOKUP(ORÇAMENTO.OpcaoBDI,$F$4:$H$5,2,FALSE),0)),15-11*$AF$9)","v":0.22470000000000001},null,0,null,null,983.27,{"$f":"ROUND(ORÇAMENTO.CustoUnitario*(1+$AH112),2)","v":0}]
["S",2,"S",0,{"$f":"IF($C113=1,OFFSET(E113,-1,0)+MAX(1,COUNTIF(QCI!$A$13:$A$24,OFFSET(ORÇAMENTO!E113,-1,0))),OFFSET(E113,-1,0))","v":1},12,0,0,1,0,{"$f":"IF(OR($C113=\"S\",$C113=0),0,MATCH(OFFSET($D113,0,$C113)+IF($C113<>1,1,COUNTIF(QCI!$A$13:$A$24,ORÇAMENTO!E113)),OFFSET($D113,1,$C113,ROW($C$140)-ROW($C113)),0))","v":0},"F","Serviço","Serviço","1.12.1.","SINAPI","101905","EXTINTOR DE INCÊNDIO PORTÁTIL COM CARGA DE ÁGUA PRESSURIZADA DE 10 L, CLASSE A - FORNECIMENTO E INSTALAÇÃO. AF_10/2020_PE","UN",{"$f":"OFFSET(CÁLCULO!H$15,ROW($T113)-ROW(T$15),0)","v":1},219.87,"BDI 1",{"$f":"IF($C113=\"S\",ROUND(IF(TIPOORCAMENTO=\"Proposto\",ORÇAMENTO.CustoUnitario*(1+$AH113),ORÇAMENTO.PrecoUnitarioLicitado),15-13*$AF$10),0)","v":269.27},{"$f":"IF($C113=\"S\",IF(OR(Import.TipoArredondamento<>\"TransfereGOV\",ACOMPANHAMENTO=\"BM\"),VTOTAL1,SUM(OFFSET(CÁLCULO!$AA$15,ROW($X113)-ROW($X$15),1):OFFSET(CÁLCULO!$AL$15,ROW($X113)-ROW($X$15),-1))),IF($C113=0,0,ROUND(SomaAgrup,15-13*$AF$11)))","v":269.27},"RA","RA",{"$f":"IF($C113=\"S\",IF($Z113=\"CP\",$X113,IF($Z113=\"RA\",(($X113)*QCI!$AA$3),0)),SomaAgrup)","v":88.953015580673295},{"$f":"IF($C113=\"S\",IF($Z113=\"OU\",ROUND($X113,2),0),SomaAgrup)","v":0},{"$f":"IF($N113=\"\",\" \",\nIF(AND($C113<>\"S\",OR($R113=\"\",$R113=\"(digite a descrição aqui)\")),\"DESCRIÇÃO\",\nIF(AND($C113=\"S\",OR($Q113<>\"\",$T113>0,$U113>0),$P113=\"\"),\"FONTE\",\nIF(AND($C113=\"S\",$P113<>\"\",OR($T113>0,$U113>0),$Q113=\"\"),\"CÓDIGO\",\nIF(AND($C113=\"S\",$P113<>\"\",$Q113<>\"\",$R113=\"(Código não identificado nas referências)\"),\"CÓDIGO N/ID\",\nIF(AND($C113=\"S\",OR($R113=\"\",$R113=\"(digite a descrição aqui)\"),OR($Q113<>\"\",$T113>0,$U113>0)),\"DESCRIÇÃO\",\nIF(AND($C113=\"S\",$P113<>\"\",$Q113<>\"\",$S113=\"\"),\"UNIDADE\",\nIF(AND($C113=\"S\",$P113<>\"\",$Q113<>\"\",$U113=0),\"SEM CUSTO\",\nIF(AND(TIPOORCAMENTO=\"Licitado\",$AL113=0,$AN113>0),\"SEM PREÇO\",\nIF(AND($C113=\"S\",$P113<>\"\",$Q113<>\"\",$U113>0,AND($V113<>\"BDI 1\",$V113<>\"BDI 2\",$V113<>\"BDI 3\")),IF(ISNUMBER($V113),\"JUSTIFICAR BDI\",\"BDI\"),\nIF(OR(AND(import.recurso=\"OGU\",TIPOORCAMENTO=\"Proposto\",LEFT($O$8,5)<>\"(N/D:\",$AG113<>\"\",ORÇAMENTO.CustoUnitario>$AG113),AND(TIPOORCAMENTO=\"LICITADO\",ORÇAMENTO.PrecoUnitarioLicitado>$AN113)),\"ACIMA REF.\",\nIF(AND($C113=\"S\",$P113<>\"\",$Q113<>\"\",$T113=0,$U113>0),\"QUANT.\",\nIF(AND(Import.TipoArredondamento=\"TransfereGOV\",$L113=\"F\",$C113=\"S\",LEN($Q113)>13),\"Código >13\",\nIF(AND(Import.TipoArredondamento=\"TransfereGOV\",$L113=\"F\",$C113<>\"S\",LEN($R113)>100),\"Descrição >100\",\nIF(AND(Import.TipoArredondamento=\"TransfereGOV\",$L113=\"F\",$C113=\"S\",LEN($R113)>500),\"Descrição >500\",\nIF(AND(Import.TipoArredondamento=\"TransfereGOV\",$L113=\"F\",$C113=\"S\",LEFT(TRIM(UPPER($P113)),6)<>\"SINAPI\",ISNA(VLOOKUP(TRIM(UPPER($S113)),ListaTgov.Unidades,1,FALSE))),\"Unid. Não Disp\",\n\" \"))))))))))))))))","v":" "},{"$f":"IF(C113<=CRONO.NivelExibicao,MAX($AD$15:OFFSET(AD113,-1,0))+IF($C113<>1,1,MAX(1,COUNTIF(QCI!$A$13:$A$24,OFFSET($E113,-1,0)))),\"\")","v":""},{"$f":"IF(AND($C113=\"S\",ORÇAMENTO.CodBarra<>\"\"),IF(ORÇAMENTO.Fonte=\"\",ORÇAMENTO.CodBarra,CONCATENATE(ORÇAMENTO.Fonte,\" \",ORÇAMENTO.CodBarra)))","v":"SINAPI 101905"},{"$f":"IF(ISERROR(ORÇAMENTO.BancoRef),\"(abra o arquivo 'Referência \"&Excel_BuiltIn_Database&\".xlsm)\",IF(OR($C113<>\"S\",ORÇAMENTO.CodBarra=\"\"),\"(Sem Código)\",IF(ISERROR(MATCH($AE113,INDIRECT(ORÇAMENTO.BancoRef),0)),\"(Código não identificado nas referências)\",MATCH($AE113,INDIRECT(ORÇAMENTO.BancoRef),0))))","v":12021},{"$f":"ROUND(IF(DESONERACAO=\"sim\",REFERENCIA.Desonerado,REFERENCIA.NaoDesonerado),2)","v":219.87},0.22470000000000001,null,1,null,null,269.27,{"$f":"ROUND(ORÇAMENTO.CustoUnitario*(1+$AH113),2)","v":269.27}]
["S",2,"S",0,{"$f":"IF($C114=1,OFFSET(E114,-1,0)+MAX(1,COUNTIF(QCI!$A$13:$A$24,OFFSET(ORÇAMENTO!E114,-1,0))),OFFSET(E114,-1,0))","v":1},12,0,0,2,0,{"$f":"IF(OR($C114=\"S\",$C114=0),0,MATCH(OFFSET($D114,0,$C114)+IF($C114<>1,1,COUNTIF(QCI!$A$13:$A$24,ORÇAMENTO!E114)),OFFSET($D114,1,$C114,ROW($C$140)-ROW($C114)),0))","v":0},"F","Serviço","Serviço","1.12.2.","SINAPI","101908","EXTINTOR DE INCÊNDIO PORTÁTIL COM CARGA DE PQS DE 4 KG, CLASSE BC - FORNECIMENTO E INSTALAÇÃO. AF_10/2020_PE","UN",{"$f":"OFFSET(CÁLCULO!H$15,ROW($T114)-ROW(T$15),0)","v":1},213.36,"BDI 1",{"$f":"IF($C114=\"S\",ROUND(IF(TIPOORCAMENTO=\"Proposto\",ORÇAMENTO.CustoUnitario*(1+$AH114),ORÇAMENTO.PrecoUnitarioLicitado),15-13*$AF$10),0)","v":261.3},{"$f":"IF($C114=\"S\",IF(OR(Import.TipoArredondamento<>\"TransfereGOV\",ACOMPANHAMENTO=\"BM\"),VTOTAL1,SUM(OFFSET(CÁLCULO!$AA$15,ROW($X114)-ROW($X$15),1):OFFSET(CÁLCULO!$AL$15,ROW($X114)-ROW($X$15),-1))),IF($C114=0,0,ROUND(SomaAgrup,15-13*$AF$11)))","v":261.3},"RA","RA",{"$f":"IF($C114=\"S\",IF($Z114=\"CP\",$X114,IF($Z114=\"RA\",(($X114)*QCI!$AA$3),0)),SomaAgrup)","v":86.32013581620653},{"$f":"IF($C114=\"S\",IF($Z114=\"OU\",ROUND($X114,2),0),SomaAgrup)","v":0},{"$f":"IF($N114=\"\",\" \",\nIF(AND($C114<>\"S\",OR($R114=\"\",$R114=\"(digite a descrição aqui)\")),\"DESCRIÇÃO\",\nIF(AND($C114=\"S\",OR($Q114<>\"\",$T114>0,$U114>0),$P114=\"\"),\"FONTE\",\nIF(AND($C114=\"S\",$P114<>\"\",OR($T114>0,$U114>0),$Q114=\"\"),\"CÓDIGO\",\nIF(AND($C114=\"S\",$P114<>\"\",$Q114<>\"\",$R114=\"(Código não identificado nas referências)\"),\"CÓDIGO N/ID\",\nIF(AND($C114=\"S\",OR($R114=\"\",$R114=\"(digite a descrição aqui)\"),OR($Q114<>\"\",$T114>0,$U114>0)),\"DESCRIÇÃO\",\nIF(AND($C114=\"S\",$P114<>\"\",$Q114<>\"\",$S114=\"\"),\"UNIDADE\",\nIF(AND($C114=\"S\",$P114<>\"\",$Q114<>\"\",$U114=0),\"SEM CUSTO\",\nIF(AND(TIPOORCAMENTO=\"Licitado\",$AL114=0,$AN114>0),\"SEM PREÇO\",\nIF(AND($C114=\"S\",$P114<>\"\",$Q114<>\"\",$U114>0,AND($V114<>\"BDI 1\",$V114<>\"BDI 2\",$V114<>\"BDI 3\")),IF(ISNUMBER($V114),\"JUSTIFICAR BDI\",\"BDI\"),\nIF(OR(AND(import.recurso=\"OGU\",TIPOORCAMENTO=\"Proposto\",LEFT($O$8,5)<>\"(N/D:\",$AG114<>\"\",ORÇAMENTO.CustoUnitario>$AG114),AND(TIPOORCAMENTO=\"LICITADO\",ORÇAMENTO.PrecoUnitarioLicitado>$AN114)),\"ACIMA REF.\",\nIF(AND($C114=\"S\",$P114<>\"\",$Q114<>\"\",$T114=0,$U114>0),\"QUANT.\",\nIF(AND(Import.TipoArredondamento=\"TransfereGOV\",$L114=\"F\",$C114=\"S\",LEN($Q114)>13),\"Código >13\",\nIF(AND(Import.TipoArredondamento=\"TransfereGOV\",$L114=\"F\",$C114<>\"S\",LEN($R114)>100),\"Descrição >100\",\nIF(AND(Import.TipoArredondamento=\"TransfereGOV\",$L114=\"F\",$C114=\"S\",LEN($R114)>500),\"Descrição >500\",\nIF(AND(Import.TipoArredondamento=\"TransfereGOV\",$L114=\"F\",$C114=\"S\",LEFT(TRIM(UPPER($P114)),6)<>\"SINAPI\",ISNA(VLOOKUP(TRIM(UPPER($S114)),ListaTgov.Unidades,1,FALSE))),\"Unid. Não Disp\",\n\" \"))))))))))))))))","v":" "},{"$f":"IF(C114<=CRONO.NivelExibicao,MAX($AD$15:OFFSET(AD114,-1,0))+IF($C114<>1,1,MAX(1,COUNTIF(QCI!$A$13:$A$24,OFFSET($E114,-1,0)))),\"\")","v":""},{"$f":"IF(AND($C114=\"S\",ORÇAMENTO.CodBarra<>\"\"),IF(ORÇAMENTO.Fonte=\"\",ORÇAMENTO.CodBarra,CONCATENATE(ORÇAMENTO.Fonte,\" \",ORÇAMENTO.CodBarra)))","v":"SINAPI 101908"},{"$f":"IF(ISERROR(ORÇAMENTO.BancoRef),\"(abra o arquivo 'Referência \"&Excel_BuiltIn_Database&\".xlsm)\",IF(OR($C114<>\"S\",ORÇAMENTO.CodBarra=\"\"),\"(Sem Código)\",IF(ISERROR(MATCH($AE114,INDIRECT(ORÇAMENTO.BancoRef),0)),\"(Código não identificado nas referências)\",MATCH($AE114,INDIRECT(ORÇAMENTO.BancoRef),0))))","v":12018},{"$f":"ROUND(IF(DESONERACAO=\"sim\",REFERENCIA.Desonerado,REFERENCIA.NaoDesonerado),2)","v":213.36},0.22470000000000001,null,1,null,null,261.3,{"$f":"ROUND(ORÇAMENTO.CustoUnitario*(1+$AH114),2)","v":261.3}]
["S",2,"S",0,{"$f":"IF($C115=1,OFFSET(E115,-1,0)+MAX(1,COUNTIF(QCI!$A$13:$A$24,OFFSET(ORÇAMENTO!E115,-1,0))),OFFSET(E115,-1,0))","v":1},12,0,0,3,0,{"$f":"IF(OR($C115=\"S\",$C115=0),0,MATCH(OFFSET($D115,0,$C115)+IF($C115<>1,1,COUNTIF(QCI!$A$13:$A$24,ORÇAMENTO!E115)),OFFSET($D115,1,$C115,ROW($C$140)-ROW($C115)),0))","v":0},"F","Serviço","Serviço","1.12.3.","SINAPI","97599","LUMINÁRIA DE EMERGÊNCIA, COM 30 LÂMPADAS LED DE 2 W, SEM REATOR - FORNECIMENTO E INSTALAÇÃO. AF_09/2024","UN",{"$f":"OFFSET(CÁLCULO!H$15,ROW($T115)-ROW(T$15),0)","v":3},18.420000000000002,"BDI 1",{"$f":"IF($C115=\"S\",ROUND(IF(TIPOORCAMENTO=\"Proposto\",ORÇAMENTO.CustoUnitario*(1+$AH115),ORÇAMENTO.PrecoUnitarioLicitado),15-13*$AF$10),0)","v":22.56},{"$f":"IF($C115=\"S\",IF(OR(Import.TipoArredondamento<>\"TransfereGOV\",ACOMPANHAMENTO=\"BM\"),VTOTAL1,SUM(OFFSET(CÁLCULO!$AA$15,ROW($X115)-ROW($X$15),1):OFFSET(CÁLCULO!$AL$15,ROW($X115)-ROW($X$15),-1))),IF($C115=0,0,ROUND(SomaAgrup,15-13*$AF$11)))","v":67.680000000000007},"RA","RA",{"$f":"IF($C115=\"S\",IF($Z115=\"CP\",$X115,IF($Z115=\"RA\",(($X115)*QCI!$AA$3),0)),SomaAgrup)","v":22.35800532736647},{"$f":"IF($C115=\"S\",IF($Z115=\"OU\",ROUND($X115,2),0),SomaAgrup)","v":0},{"$f":"IF($N115=\"\",\" \",\nIF(AND($C115<>\"S\",OR($R115=\"\",$R115=\"(digite a descrição aqui)\")),\"DESCRIÇÃO\",\nIF(AND($C115=\"S\",OR($Q115<>\"\",$T115>0,$U115>0),$P115=\"\"),\"FONTE\",\nIF(AND($C115=\"S\",$P115<>\"\",OR($T115>0,$U115>0),$Q115=\"\"),\"CÓDIGO\",\nIF(AND($C115=\"S\",$P115<>\"\",$Q115<>\"\",$R115=\"(Código não identificado nas referências)\"),\"CÓDIGO N/ID\",\nIF(AND($C115=\"S\",OR($R115=\"\",$R115=\"(digite a descrição aqui)\"),OR($Q115<>\"\",$T115>0,$U115>0)),\"DESCRIÇÃO\",\nIF(AND($C115=\"S\",$P115<>\"\",$Q115<>\"\",$S115=\"\"),\"UNIDADE\",\nIF(AND($C115=\"S\",$P115<>\"\",$Q115<>\"\",$U115=0),\"SEM CUSTO\",\nIF(AND(TIPOORCAMENTO=\"Licitado\",$AL115=0,$AN115>0),\"SEM PREÇO\",\nIF(AND($C115=\"S\",$P115<>\"\",$Q115<>\"\",$U115>0,AND($V115<>\"BDI 1\",$V115<>\"BDI 2\",$V115<>\"BDI 3\")),IF(ISNUMBER($V115),\"JUSTIFICAR BDI\",\"BDI\"),\nIF(OR(AND(import.recurso=\"OGU\",TIPOORCAMENTO=\"Proposto\",LEFT($O$8,5)<>\"(N/D:\",$AG115<>\"\",ORÇAMENTO.CustoUnitario>$AG115),AND(TIPOORCAMENTO=\"LICITADO\",ORÇAMENTO.PrecoUnitarioLicitado>$AN115)),\"ACIMA REF.\",\nIF(AND($C115=\"S\",$P115<>\"\",$Q115<>\"\",$T115=0,$U115>0),\"QUANT.\",\nIF(AND(Import.TipoArredondamento=\"TransfereGOV\",$L115=\"F\",$C115=\"S\",LEN($Q115)>13),\"Código >13\",\nIF(AND(Import.TipoArredondamento=\"TransfereGOV\",$L115=\"F\",$C115<>\"S\",LEN($R115)>100),\"Descrição >100\",\nIF(AND(Import.TipoArredondamento=\"TransfereGOV\",$L115=\"F\",$C115=\"S\",LEN($R115)>500),\"Descrição >500\",\nIF(AND(Import.TipoArredondamento=\"TransfereGOV\",$L115=\"F\",$C115=\"S\",LEFT(TRIM(UPPER($P115)),6)<>\"SINAPI\",ISNA(VLOOKUP(TRIM(UPPER($S115)),ListaTgov.Unidades,1,FALSE))),\"Unid. Não Disp\",\n\" \"))))))))))))))))","v":" "},{"$f":"IF(C115<=CRONO.NivelExibicao,MAX($AD$15:OFFSET(AD115,-1,0))+IF($C115<>1,1,MAX(1,COUNTIF(QCI!$A$13:$A$24,OFFSET($E115,-1,0)))),\"\")","v":""},{"$f":"IF(AND($C115=\"S\",ORÇAMENTO.CodBarra<>\"\"),IF(ORÇAMENTO.Fonte=\"\",ORÇAMENTO.CodBarra,CONCATENATE(ORÇAMENTO.Fonte,\" \",ORÇAMENTO.CodBarra)))","v":"SINAPI 97599"},{"$f":"IF(ISERROR(ORÇAMENTO.BancoRef),\"(abra o arquivo 'Referência \"&Excel_BuiltIn_Database&\".xlsm)\",IF(OR($C115<>\"S\",ORÇAMENTO.CodBarra=\"\"),\"(Sem Código)\",IF(ISERROR(MATCH($AE115,INDIRECT(ORÇAMENTO.BancoRef),0)),\"(Código não identificado nas referências)\",MATCH($AE115,INDIRECT(ORÇAMENTO.BancoRef),0))))","v":10315},{"$f":"ROUND(IF(DESONERACAO=\"sim\",REFERENCIA.Desonerado,REFERENCIA.NaoDesonerado),2)","v":18.420000000000002},0.22470000000000001,null,3,null,null,67.680000000000007,{"$f":"ROUND(ORÇAMENTO.CustoUnitario*(1+$AH115),2)","v":22.56}]
["S",2,"S",0,{"$f":"IF($C116=1,OFFSET(E116,-1,0)+MAX(1,COUNTIF(QCI!$A$13:$A$24,OFFSET(ORÇAMENTO!E116,-1,0))),OFFSET(E116,-1,0))","v":1},12,0,0,4,0,{"$f":"IF(OR($C116=\"S\",$C116=0),0,MATCH(OFFSET($D116,0,$C116)+IF($C116<>1,1,COUNTIF(QCI!$A$13:$A$24,ORÇAMENTO!E116)),OFFSET($D116,1,$C116,ROW($C$140)-ROW($C116)),0))","v":0},"F","Serviço","Serviço","1.12.4.","Composição","CPU 16","PLACA DE SINALIZACAO DE ORIENTACAO E SALVAMENTO, SIMBOLO RETANGULAR, FUNDO VERDE, PICTOGRAMA FOTOLUMINESCENTE, EM PVC, 2MM ANTI-CHAMAS, NAS DIMENSOES (13X26)CM","UN",{"$f":"OFFSET(CÁLCULO!H$15,ROW($T116)-ROW(T$15),0)","v":10},25.51,"BDI 1",{"$f":"IF($C116=\"S\",ROUND(IF(TIPOORCAMENTO=\"Proposto\",ORÇAMENTO.CustoUnitario*(1+$AH116),ORÇAMENTO.PrecoUnitarioLicitado),15-13*$AF$10),0)","v":31.24},{"$f":"IF($C116=\"S\",IF(OR(Import.TipoArredondamento<>\"TransfereGOV\",ACOMPANHAMENTO=\"BM\"),VTOTAL1,SUM(OFFSET(CÁLCULO!$AA$15,ROW($X116)-ROW($X$15),1):OFFSET(CÁLCULO!$AL$15,ROW($X116)-ROW($X$15),-1))),IF($C116=0,0,ROUND(SomaAgrup,15-13*$AF$11)))","v":312.39999999999998},"RA","RA",{"$f":"IF($C116=\"S\",IF($Z116=\"CP\",$X116,IF($Z116=\"RA\",(($X116)*QCI!$AA$3),0)),SomaAgrup)","v":103.20095839641377},{"$f":"IF($C116=\"S\",IF($Z116=\"OU\",ROUND($X116,2),0),SomaAgrup)","v":0},{"$f":"IF($N116=\"\",\" \",\nIF(AND($C116<>\"S\",OR($R116=\"\",$R116=\"(digite a descrição aqui)\")),\"DESCRIÇÃO\",\nIF(AND($C116=\"S\",OR($Q116<>\"\",$T116>0,$U116>0),$P116=\"\"),\"FONTE\",\nIF(AND($C116=\"S\",$P116<>\"\",OR($T116>0,$U116>0),$Q116=\"\"),\"CÓDIGO\",\nIF(AND($C116=\"S\",$P116<>\"\",$Q116<>\"\",$R116=\"(Código não identificado nas referências)\"),\"CÓDIGO N/ID\",\nIF(AND($C116=\"S\",OR($R116=\"\",$R116=\"(digite a descrição aqui)\"),OR($Q116<>\"\",$T116>0,$U116>0)),\"DESCRIÇÃO\",\nIF(AND($C116=\"S\",$P116<>\"\",$Q116<>\"\",$S116=\"\"),\"UNIDADE\",\nIF(AND($C116=\"S\",$P116<>\"\",$Q116<>\"\",$U116=0),\"SEM CUSTO\",\nIF(AND(TIPOORCAMENTO=\"Licitado\",$AL116=0,$AN116>0),\"SEM PREÇO\",\nIF(AND($C116=\"S\",$P116<>\"\",$Q116<>\"\",$U116>0,AND($V116<>\"BDI 1\",$V116<>\"BDI 2\",$V116<>\"BDI 3\")),IF(ISNUMBER($V116),\"JUSTIFICAR BDI\",\"BDI\"),\nIF(OR(AND(import.recurso=\"OGU\",TIPOORCAMENTO=\"Proposto\",LEFT($O$8,5)<>\"(N/D:\",$AG116<>\"\",ORÇAMENTO.CustoUnitario>$AG116),AND(TIPOORCAMENTO=\"LICITADO\",ORÇAMENTO.PrecoUnitarioLicitado>$AN116)),\"ACIMA REF.\",\nIF(AND($C116=\"S\",$P116<>\"\",$Q116<>\"\",$T116=0,$U116>0),\"QUANT.\",\nIF(AND(Import.TipoArredondamento=\"TransfereGOV\",$L116=\"F\",$C116=\"S\",LEN($Q116)>13),\"Código >13\",\nIF(AND(Import.TipoArredondamento=\"TransfereGOV\",$L116=\"F\",$C116<>\"S\",LEN($R116)>100),\"Descrição >100\",\nIF(AND(Import.TipoArredondamento=\"TransfereGOV\",$L116=\"F\",$C116=\"S\",LEN($R116)>500),\"Descrição >500\",\nIF(AND(Import.TipoArredondamento=\"TransfereGOV\",$L116=\"F\",$C116=\"S\",LEFT(TRIM(UPPER($P116)),6)<>\"SINAPI\",ISNA(VLOOKUP(TRIM(UPPER($S116)),ListaTgov.Unidades,1,FALSE))),\"Unid. Não Disp\",\n\" \"))))))))))))))))","v":" "},{"$f":"IF(C116<=CRONO.NivelExibicao,MAX($AD$15:OFFSET(AD116,-1,0))+IF($C116<>1,1,MAX(1,COUNTIF(QCI!$A$13:$A$24,OFFSET($E116,-1,0)))),\"\")","v":""},{"$f":"IF(AND($C116=\"S\",ORÇAMENTO.CodBarra<>\"\"),IF(ORÇAMENTO.Fonte=\"\",ORÇAMENTO.CodBarra,CONCATENATE(ORÇAMENTO.Fonte,\" \",ORÇAMENTO.CodBarra)))","v":"Composição CPU 16"},{"$f":"IF(ISERROR(ORÇAMENTO.BancoRef),\"(abra o arquivo 'Referência \"&Excel_BuiltIn_Database&\".xlsm)\",IF(OR($C116<>\"S\",ORÇAMENTO.CodBarra=\"\"),\"(Sem Código)\",IF(ISERROR(MATCH($AE116,INDIRECT(ORÇAMENTO.BancoRef),0)),\"(Código não identificado nas referências)\",MATCH($AE116,INDIRECT(ORÇAMENTO.BancoRef),0))))","v":14},{"$f":"ROUND(IF(DESONERACAO=\"sim\",REFERENCIA.Desonerado,REFERENCIA.NaoDesonerado),2)","v":25.51},0.22470000000000001,null,10,null,null,312.39999999999998,{"$f":"ROUND(ORÇAMENTO.CustoUnitario*(1+$AH116),2)","v":31.24}]
["S",2,"S",0,{"$f":"IF($C117=1,OFFSET(E117,-1,0)+MAX(1,COUNTIF(QCI!$A$13:$A$24,OFFSET(ORÇAMENTO!E117,-1,0))),OFFSET(E117,-1,0))","v":1},12,0,0,5,0,{"$f":"IF(OR($C117=\"S\",$C117=0),0,MATCH(OFFSET($D117,0,$C117)+IF($C117<>1,1,COUNTIF(QCI!$A$13:$A$24,ORÇAMENTO!E117)),OFFSET($D117,1,$C117,ROW($C$140)-ROW($C117)),0))","v":0},"F","Serviço","Serviço","1.12.5.","Composição","CPU 01","PLACA DE SINALIZACAO DE SEGURANCA CONTRA INCENDIO, FOTOLUMINESCENTE, QUADRADA, *20 X 20* CM, EM PVC *2* MM ANTI-CHAMAS - FORNECIMENTO E INSTALACAO","UN",{"$f":"OFFSET(CÁLCULO!H$15,ROW($T117)-ROW(T$15),0)","v":2},29.65,"BDI 1",{"$f":"IF($C117=\"S\",ROUND(IF(TIPOORCAMENTO=\"Proposto\",ORÇAMENTO.CustoUnitario*(1+$AH117),ORÇAMENTO.PrecoUnitarioLicitado),15-13*$AF$10),0)","v":36.31},{"$f":"IF($C117=\"S\",IF(OR(Import.TipoArredondamento<>\"TransfereGOV\",ACOMPANHAMENTO=\"BM\"),VTOTAL1,SUM(OFFSET(CÁLCULO!$AA$15,ROW($X117)-ROW($X$15),1):OFFSET(CÁLCULO!$AL$15,ROW($X117)-ROW($X$15),-1))),IF($C117=0,0,ROUND(SomaAgrup,15-13*$AF$11)))","v":72.62},"RA","RA",{"$f":"IF($C117=\"S\",IF($Z117=\"CP\",$X117,IF($Z117=\"RA\",(($X117)*QCI!$AA$3),0)),SomaAgrup)","v":23.989928293045995},{"$f":"IF($C117=\"S\",IF($Z117=\"OU\",ROUND($X117,2),0),SomaAgrup)","v":0},{"$f":"IF($N117=\"\",\" \",\nIF(AND($C117<>\"S\",OR($R117=\"\",$R117=\"(digite a descrição aqui)\")),\"DESCRIÇÃO\",\nIF(AND($C117=\"S\",OR($Q117<>\"\",$T117>0,$U117>0),$P117=\"\"),\"FONTE\",\nIF(AND($C117=\"S\",$P117<>\"\",OR($T117>0,$U117>0),$Q117=\"\"),\"CÓDIGO\",\nIF(AND($C117=\"S\",$P117<>\"\",$Q117<>\"\",$R117=\"(Código não identificado nas referências)\"),\"CÓDIGO N/ID\",\nIF(AND($C117=\"S\",OR($R117=\"\",$R117=\"(digite a descrição aqui)\"),OR($Q117<>\"\",$T117>0,$U117>0)),\"DESCRIÇÃO\",\nIF(AND($C117=\"S\",$P117<>\"\",$Q117<>\"\",$S117=\"\"),\"UNIDADE\",\nIF(AND($C117=\"S\",$P117<>\"\",$Q117<>\"\",$U117=0),\"SEM CUSTO\",\nIF(AND(TIPOORCAMENTO=\"Licitado\",$AL117=0,$AN117>0),\"SEM PREÇO\",\nIF(AND($C117=\"S\",$P117<>\"\",$Q117<>\"\",$U117>0,AND($V117<>\"BDI 1\",$V117<>\"BDI 2\",$V117<>\"BDI 3\")),IF(ISNUMBER($V117),\"JUSTIFICAR BDI\",\"BDI\"),\nIF(OR(AND(import.recurso=\"OGU\",TIPOORCAMENTO=\"Proposto\",LEFT($O$8,5)<>\"(N/D:\",$AG117<>\"\",ORÇAMENTO.CustoUnitario>$AG117),AND(TIPOORCAMENTO=\"LICITADO\",ORÇAMENTO.PrecoUnitarioLicitado>$AN117)),\"ACIMA REF.\",\nIF(AND($C117=\"S\",$P117<>\"\",$Q117<>\"\",$T117=0,$U117>0),\"QUANT.\",\nIF(AND(Import.TipoArredondamento=\"TransfereGOV\",$L117=\"F\",$C117=\"S\",LEN($Q117)>13),\"Código >13\",\nIF(AND(Import.TipoArredondamento=\"TransfereGOV\",$L117=\"F\",$C117<>\"S\",LEN($R117)>100),\"Descrição >100\",\nIF(AND(Import.TipoArredondamento=\"TransfereGOV\",$L117=\"F\",$C117=\"S\",LEN($R117)>500),\"Descrição >500\",\nIF(AND(Import.TipoArredondamento=\"TransfereGOV\",$L117=\"F\",$C117=\"S\",LEFT(TRIM(UPPER($P117)),6)<>\"SINAPI\",ISNA(VLOOKUP(TRIM(UPPER($S117)),ListaTgov.Unidades,1,FALSE))),\"Unid. Não Disp\",\n\" \"))))))))))))))))","v":" "},{"$f":"IF(C117<=CRONO.NivelExibicao,MAX($AD$15:OFFSET(AD117,-1,0))+IF($C117<>1,1,MAX(1,COUNTIF(QCI!$A$13:$A$24,OFFSET($E117,-1,0)))),\"\")","v":""},{"$f":"IF(AND($C117=\"S\",ORÇAMENTO.CodBarra<>\"\"),IF(ORÇAMENTO.Fonte=\"\",ORÇAMENTO.CodBarra,CONCATENATE(ORÇAMENTO.Fonte,\" \",ORÇAMENTO.CodBarra)))","v":"Composição CPU 01"},{"$f":"IF(ISERROR(ORÇAMENTO.BancoRef),\"(abra o arquivo 'Referência \"&Excel_BuiltIn_Database&\".xlsm)\",IF(OR($C117<>\"S\",ORÇAMENTO.CodBarra=\"\"),\"(Sem Código)\",IF(ISERROR(MATCH($AE117,INDIRECT(ORÇAMENTO.BancoRef),0)),\"(Código não identificado nas referências)\",MATCH($AE117,INDIRECT(ORÇAMENTO.BancoRef),0))))","v":3},{"$f":"ROUND(IF(DESONERACAO=\"sim\",REFERENCIA.Desonerado,REFERENCIA.NaoDesonerado),2)","v":29.65},0.22470000000000001,null,2,null,null,72.62,{"$f":"ROUND(ORÇAMENTO.CustoUnitario*(1+$AH117),2)","v":36.31}]
[2,2,2,7,{"$f":"IF($C118=1,OFFSET(E118,-1,0)+MAX(1,COUNTIF(QCI!$A$13:$A$24,OFFSET(ORÇAMENTO!E118,-1,0))),OFFSET(E118,-1,0))","v":1},13,0,0,0,22,{"$f":"IF(OR($C118=\"S\",$C118=0),0,MATCH(OFFSET($D118,0,$C118)+IF($C118<>1,1,COUNTIF(QCI!$A$13:$A$24,ORÇAMENTO!E118)),OFFSET($D118,1,$C118,ROW($C$140)-ROW($C118)),0))","v":7},"F","Nível 2","Nível 2","1.13.","SINAPI",null,"SERVIÇOS COMPLEMENTARES E URBANIZAÇÃO","-",{"$f":"OFFSET(CÁLCULO!H$15,ROW($T118)-ROW(T$15),0)","v":0},0,"BDI 1",{"$f":"IF($C118=\"S\",ROUND(IF(TIPOORCAMENTO=\"Proposto\",ORÇAMENTO.CustoUnitario*(1+$AH118),ORÇAMENTO.PrecoUnitarioLicitado),15-13*$AF$10),0)","v":0},{"$f":"IF($C118=\"S\",IF(OR(Import.TipoArredondamento<>\"TransfereGOV\",ACOMPANHAMENTO=\"BM\"),VTOTAL1,SUM(OFFSET(CÁLCULO!$AA$15,ROW($X118)-ROW($X$15),1):OFFSET(CÁLCULO!$AL$15,ROW($X118)-ROW($X$15),-1))),IF($C118=0,0,ROUND(SomaAgrup,15-13*$AF$11)))","v":118878.33},"RA","",{"$f":"IF($C118=\"S\",IF($Z118=\"CP\",$X118,IF($Z118=\"RA\",(($X118)*QCI!$AA$3),0)),SomaAgrup)","v":39271.311102961423},{"$f":"IF($C118=\"S\",IF($Z118=\"OU\",ROUND($X118,2),0),SomaAgrup)","v":0},{"$f":"IF($N118=\"\",\" \",\nIF(AND($C118<>\"S\",OR($R118=\"\",$R118=\"(digite a descrição aqui)\")),\"DESCRIÇÃO\",\nIF(AND($C118=\"S\",OR($Q118<>\"\",$T118>0,$U118>0),$P118=\"\"),\"FONTE\",\nIF(AND($C118=\"S\",$P118<>\"\",OR($T118>0,$U118>0),$Q118=\"\"),\"CÓDIGO\",\nIF(AND($C118=\"S\",$P118<>\"\",$Q118<>\"\",$R118=\"(Código não identificado nas referências)\"),\"CÓDIGO N/ID\",\nIF(AND($C118=\"S\",OR($R118=\"\",$R118=\"(digite a descrição aqui)\"),OR($Q118<>\"\",$T118>0,$U118>0)),\"DESCRIÇÃO\",\nIF(AND($C118=\"S\",$P118<>\"\",$Q118<>\"\",$S118=\"\"),\"UNIDADE\",\nIF(AND($C118=\"S\",$P118<>\"\",$Q118<>\"\",$U118=0),\"SEM CUSTO\",\nIF(AND(TIPOORCAMENTO=\"Licitado\",$AL118=0,$AN118>0),\"SEM PREÇO\",\nIF(AND($C118=\"S\",$P118<>\"\",$Q118<>\"\",$U118>0,AND($V118<>\"BDI 1\",$V118<>\"BDI 2\",$V118<>\"BDI 3\")),IF(ISNUMBER($V118),\"JUSTIFICAR BDI\",\"BDI\"),\nIF(OR(AND(import.recurso=\"OGU\",TIPOORCAMENTO=\"Proposto\",LEFT($O$8,5)<>\"(N/D:\",$AG118<>\"\",ORÇAMENTO.CustoUnitario>$AG118),AND(TIPOORCAMENTO=\"LICITADO\",ORÇAMENTO.PrecoUnitarioLicitado>$AN118)),\"ACIMA REF.\",\nIF(AND($C118=\"S\",$P118<>\"\",$Q118<>\"\",$T118=0,$U118>0),\"QUANT.\",\nIF(AND(Import.TipoArredondamento=\"TransfereGOV\",$L118=\"F\",$C118=\"S\",LEN($Q118)>13),\"Código >13\",\nIF(AND(Import.TipoArredondamento=\"TransfereGOV\",$L118=\"F\",$C118<>\"S\",LEN($R118)>100),\"Descrição >100\",\nIF(AND(Import.TipoArredondamento=\"TransfereGOV\",$L118=\"F\",$C118=\"S\",LEN($R118)>500),\"Descrição >500\",\nIF(AND(Import.TipoArredondamento=\"TransfereGOV\",$L118=\"F\",$C118=\"S\",LEFT(TRIM(UPPER($P118)),6)<>\"SINAPI\",ISNA(VLOOKUP(TRIM(UPPER($S118)),ListaTgov.Unidades,1,FALSE))),\"Unid. Não Disp\",\n\" \"))))))))))))))))","v":" "},{"$f":"IF(C118<=CRONO.NivelExibicao,MAX($AD$15:OFFSET(AD118,-1,0))+IF($C118<>1,1,MAX(1,COUNTIF(QCI!$A$13:$A$24,OFFSET($E118,-1,0)))),\"\")","v":14},{"$f":"IF(AND($C118=\"S\",ORÇAMENTO.CodBarra<>\"\"),IF(ORÇAMENTO.Fonte=\"\",ORÇAMENTO.CodBarra,CONCATENATE(ORÇAMENTO.Fonte,\" \",ORÇAMENTO.CodBarra)))","v":false},{"$f":"IF(ISERROR(ORÇAMENTO.BancoRef),\"(abra o arquivo 'Referência \"&Excel_BuiltIn_Database&\".xlsm)\",IF(OR($C118<>\"S\",ORÇAMENTO.CodBarra=\"\"),\"(Sem Código)\",IF(ISERROR(MATCH($AE118,INDIRECT(ORÇAMENTO.BancoRef),0)),\"(Código não identificado nas referências)\",MATCH($AE118,INDIRECT(ORÇAMENTO.BancoRef),0))))","v":"(Sem Código)"},{"$f":"ROUND(IF(DESONERACAO=\"sim\",REFERENCIA.Desonerado,REFERENCIA.NaoDesonerado),2)","v":0},0.22470000000000001,null,0,null,null,118878.33,{"$f":"ROUND(ORÇAMENTO.CustoUnitario*(1+$AH118),2)","v":0}]
["S",2,"S",0,{"$f":"IF($C119=1,OFFSET(E119,-1,0)+MAX(1,COUNTIF(QCI!$A$13:$A$24,OFFSET(ORÇAMENTO!E119,-1,0))),OFFSET(E119,-1,0))","v":1},13,0,0,1,0,{"$f":"IF(OR($C119=\"S\",$C119=0),0,MATCH(OFFSET($D119,0,$C119)+IF($C119<>1,1,COUNTIF(QCI!$A$13:$A$24,ORÇAMENTO!E119)),OFFSET($D119,1,$C119,ROW($C$140)-ROW($C119)),0))","v":0},"F","Serviço","Serviço","1.13.1.","Composição","CPU 06","PLACA DE INAUGURACAO METALICA, *40* CM X *60* CM ‐ FORNECIMENTO E INSTALAÇÃO","UN",{"$f":"OFFSET(CÁLCULO!H$15,ROW($T119)-ROW(T$15),0)","v":1},1216.3800000000001,"BDI 1",{"$f":"IF($C119=\"S\",ROUND(IF(TIPOORCAMENTO=\"Proposto\",ORÇAMENTO.CustoUnitario*(1+$AH119),ORÇAMENTO.PrecoUnitarioLicitado),15-13*$AF$10),0)","v":1489.7},{"$f":"IF($C119=\"S\",IF(OR(Import.TipoArredondamento<>\"TransfereGOV\",ACOMPANHAMENTO=\"BM\"),VTOTAL1,SUM(OFFSET(CÁLCULO!$AA$15,ROW($X119)-ROW($X$15),1):OFFSET(CÁLCULO!$AL$15,ROW($X119)-ROW($X$15),-1))),IF($C119=0,0,ROUND(SomaAgrup,15-13*$AF$11)))","v":1489.7},"RA","RA",{"$f":"IF($C119=\"S\",IF($Z119=\"CP\",$X119,IF($Z119=\"RA\",(($X119)*QCI!$AA$3),0)),SomaAgrup)","v":492.12057529813575},{"$f":"IF($C119=\"S\",IF($Z119=\"OU\",ROUND($X119,2),0),SomaAgrup)","v":0},{"$f":"IF($N119=\"\",\" \",\nIF(AND($C119<>\"S\",OR($R119=\"\",$R119=\"(digite a descrição aqui)\")),\"DESCRIÇÃO\",\nIF(AND($C119=\"S\",OR($Q119<>\"\",$T119>0,$U119>0),$P119=\"\"),\"FONTE\",\nIF(AND($C119=\"S\",$P119<>\"\",OR($T119>0,$U119>0),$Q119=\"\"),\"CÓDIGO\",\nIF(AND($C119=\"S\",$P119<>\"\",$Q119<>\"\",$R119=\"(Código não identificado nas referências)\"),\"CÓDIGO N/ID\",\nIF(AND($C119=\"S\",OR($R119=\"\",$R119=\"(digite a descrição aqui)\"),OR($Q119<>\"\",$T119>0,$U119>0)),\"DESCRIÇÃO\",\nIF(AND($C119=\"S\",$P119<>\"\",$Q119<>\"\",$S119=\"\"),\"UNIDADE\",\nIF(AND($C119=\"S\",$P119<>\"\",$Q119<>\"\",$U119=0),\"SEM CUSTO\",\nIF(AND(TIPOORCAMENTO=\"Licitado\",$AL119=0,$AN119>0),\"SEM PREÇO\",\nIF(AND($C119=\"S\",$P119<>\"\",$Q119<>\"\",$U119>0,AND($V119<>\"BDI 1\",$V119<>\"BDI 2\",$V119<>\"BDI 3\")),IF(ISNUMBER($V119),\"JUSTIFICAR BDI\",\"BDI\"),\nIF(OR(AND(import.recurso=\"OGU\",TIPOORCAMENTO=\"Proposto\",LEFT($O$8,5)<>\"(N/D:\",$AG119<>\"\",ORÇAMENTO.CustoUnitario>$AG119),AND(TIPOORCAMENTO=\"LICITADO\",ORÇAMENTO.PrecoUnitarioLicitado>$AN119)),\"ACIMA REF.\",\nIF(AND($C119=\"S\",$P119<>\"\",$Q119<>\"\",$T119=0,$U119>0),\"QUANT.\",\nIF(AND(Import.TipoArredondamento=\"TransfereGOV\",$L119=\"F\",$C119=\"S\",LEN($Q119)>13),\"Código >13\",\nIF(AND(Import.TipoArredondamento=\"TransfereGOV\",$L119=\"F\",$C119<>\"S\",LEN($R119)>100),\"Descrição >100\",\nIF(AND(Import.TipoArredondamento=\"TransfereGOV\",$L119=\"F\",$C119=\"S\",LEN($R119)>500),\"Descrição >500\",\nIF(AND(Import.TipoArredondamento=\"TransfereGOV\",$L119=\"F\",$C119=\"S\",LEFT(TRIM(UPPER($P119)),6)<>\"SINAPI\",ISNA(VLOOKUP(TRIM(UPPER($S119)),ListaTgov.Unidades,1,FALSE))),\"Unid. Não Disp\",\n\" \"))))))))))))))))","v":" "},{"$f":"IF(C119<=CRONO.NivelExibicao,MAX($AD$15:OFFSET(AD119,-1,0))+IF($C119<>1,1,MAX(1,COUNTIF(QCI!$A$13:$A$24,OFFSET($E119,-1,0)))),\"\")","v":""},{"$f":"IF(AND($C119=\"S\",ORÇAMENTO.CodBarra<>\"\"),IF(ORÇAMENTO.Fonte=\"\",ORÇAMENTO.CodBarra,CONCATENATE(ORÇAMENTO.Fonte,\" \",ORÇAMENTO.CodBarra)))","v":"Composição CPU 06"},{"$f":"IF(ISERROR(ORÇAMENTO.BancoRef),\"(abra o arquivo 'Referência \"&Excel_BuiltIn_Database&\".xlsm)\",IF(OR($C119<>\"S\",ORÇAMENTO.CodBarra=\"\"),\"(Sem Código)\",IF(ISERROR(MATCH($AE119,INDIRECT(ORÇAMENTO.BancoRef),0)),\"(Código não identificado nas referências)\",MATCH($AE119,INDIRECT(ORÇAMENTO.BancoRef),0))))","v":6},{"$f":"ROUND(IF(DESONERACAO=\"sim\",REFERENCIA.Desonerado,REFERENCIA.NaoDesonerado),2)","v":1216.3800000000001},0.22470000000000001,null,1,null,null,1489.7,{"$f":"ROUND(ORÇAMENTO.CustoUnitario*(1+$AH119),2)","v":1489.7}]
["S",2,"S",0,{"$f":"IF($C120=1,OFFSET(E120,-1,0)+MAX(1,COUNTIF(QCI!$A$13:$A$24,OFFSET(ORÇAMENTO!E120,-1,0))),OFFSET(E120,-1,0))","v":1},13,0,0,2,0,{"$f":"IF(OR($C120=\"S\",$C120=0),0,MATCH(OFFSET($D120,0,$C120)+IF($C120<>1,1,COUNTIF(QCI!$A$13:$A$24,ORÇAMENTO!E120)),OFFSET($D120,1,$C120,ROW($C$140)-ROW($C120)),0))","v":0},"F","Serviço","Serviço","1.13.2.","SINAPI","94990","EXECUÇÃO DE PASSEIO (CALÇADA) OU PISO DE CONCRETO COM CONCRETO MOLDADO IN LOCO, FEITO EM OBRA, ACABAMENTO CONVENCIONAL, NÃO ARMADO. AF_08/2022","M3",{"$f":"OFFSET(CÁLCULO!H$15,ROW($T120)-ROW(T$15),0)","v":21.38},749.85,"BDI 1",{"$f":"IF($C120=\"S\",ROUND(IF(TIPOORCAMENTO=\"Proposto\",ORÇAMENTO.CustoUnitario*(1+$AH120),ORÇAMENTO.PrecoUnitarioLicitado),15-13*$AF$10),0)","v":918.34},{"$f":"IF($C120=\"S\",IF(OR(Import.TipoArredondamento<>\"TransfereGOV\",ACOMPANHAMENTO=\"BM\"),VTOTAL1,SUM(OFFSET(CÁLCULO!$AA$15,ROW($X120)-ROW($X$15),1):OFFSET(CÁLCULO!$AL$15,ROW($X120)-ROW($X$15),-1))),IF($C120=0,0,ROUND(SomaAgrup,15-13*$AF$11)))","v":19634.11},"RA","RA",{"$f":"IF($C120=\"S\",IF($Z120=\"CP\",$X120,IF($Z120=\"RA\",(($X120)*QCI!$AA$3),0)),SomaAgrup)","v":6486.1042549955564},{"$f":"IF($C120=\"S\",IF($Z120=\"OU\",ROUND($X120,2),0),SomaAgrup)","v":0},{"$f":"IF($N120=\"\",\" \",\nIF(AND($C120<>\"S\",OR($R120=\"\",$R120=\"(digite a descrição aqui)\")),\"DESCRIÇÃO\",\nIF(AND($C120=\"S\",OR($Q120<>\"\",$T120>0,$U120>0),$P120=\"\"),\"FONTE\",\nIF(AND($C120=\"S\",$P120<>\"\",OR($T120>0,$U120>0),$Q120=\"\"),\"CÓDIGO\",\nIF(AND($C120=\"S\",$P120<>\"\",$Q120<>\"\",$R120=\"(Código não identificado nas referências)\"),\"CÓDIGO N/ID\",\nIF(AND($C120=\"S\",OR($R120=\"\",$R120=\"(digite a descrição aqui)\"),OR($Q120<>\"\",$T120>0,$U120>0)),\"DESCRIÇÃO\",\nIF(AND($C120=\"S\",$P120<>\"\",$Q120<>\"\",$S120=\"\"),\"UNIDADE\",\nIF(AND($C120=\"S\",$P120<>\"\",$Q120<>\"\",$U120=0),\"SEM CUSTO\",\nIF(AND(TIPOORCAMENTO=\"Licitado\",$AL120=0,$AN120>0),\"SEM PREÇO\",\nIF(AND($C120=\"S\",$P120<>\"\",$Q120<>\"\",$U120>0,AND($V120<>\"BDI 1\",$V120<>\"BDI 2\",$V120<>\"BDI 3\")),IF(ISNUMBER($V120),\"JUSTIFICAR BDI\",\"BDI\"),\nIF(OR(AND(import.recurso=\"OGU\",TIPOORCAMENTO=\"Proposto\",LEFT($O$8,5)<>\"(N/D:\",$AG120<>\"\",ORÇAMENTO.CustoUnitario>$AG120),AND(TIPOORCAMENTO=\"LICITADO\",ORÇAMENTO.PrecoUnitarioLicitado>$AN120)),\"ACIMA REF.\",\nIF(AND($C120=\"S\",$P120<>\"\",$Q120<>\"\",$T120=0,$U120>0),\"QUANT.\",\nIF(AND(Import.TipoArredondamento=\"TransfereGOV\",$L120=\"F\",$C120=\"S\",LEN($Q120)>13),\"Código >13\",\nIF(AND(Import.TipoArredondamento=\"TransfereGOV\",$L120=\"F\",$C120<>\"S\",LEN($R120)>100),\"Descrição >100\",\nIF(AND(Import.TipoArredondamento=\"TransfereGOV\",$L120=\"F\",$C120=\"S\",LEN($R120)>500),\"Descrição >500\",\nIF(AND(Import.TipoArredondamento=\"TransfereGOV\",$L120=\"F\",$C120=\"S\",LEFT(TRIM(UPPER($P120)),6)<>\"SINAPI\",ISNA(VLOOKUP(TRIM(UPPER($S120)),ListaTgov.Unidades,1,FALSE))),\"Unid. Não Disp\",\n\" \"))))))))))))))))","v":" "},{"$f":"IF(C120<=CRONO.NivelExibicao,MAX($AD$15:OFFSET(AD120,-1,0))+IF($C120<>1,1,MAX(1,COUNTIF(QCI!$A$13:$A$24,OFFSET($E120,-1,0)))),\"\")","v":""},{"$f":"IF(AND($C120=\"S\",ORÇAMENTO.CodBarra<>\"\"),IF(ORÇAMENTO.Fonte=\"\",ORÇAMENTO.CodBarra,CONCATENATE(ORÇAMENTO.Fonte,\" \",ORÇAMENTO.CodBarra)))","v":"SINAPI 94990"},{"$f":"IF(ISERROR(ORÇAMENTO.BancoRef),\"(abra o arquivo 'Referência \"&Excel_BuiltIn_Database&\".xlsm)\",IF(OR($C120<>\"S\",ORÇAMENTO.CodBarra=\"\"),\"(Sem Código)\",IF(ISERROR(MATCH($AE120,INDIRECT(ORÇAMENTO.BancoRef),0)),\"(Código não identificado nas referências)\",MATCH($AE120,INDIRECT(ORÇAMENTO.BancoRef),0))))","v":13671},{"$f":"ROUND(IF(DESONERACAO=\"sim\",REFERENCIA.Desonerado,REFERENCIA.NaoDesonerado),2)","v":749.85},0.22470000000000001,null,21.375,null,null,19634.11,{"$f":"ROUND(ORÇAMENTO.CustoUnitario*(1+$AH120),2)","v":918.34}]
["S",2,"S",0,{"$f":"IF($C121=1,OFFSET(E121,-1,0)+MAX(1,COUNTIF(QCI!$A$13:$A$24,OFFSET(ORÇAMENTO!E121,-1,0))),OFFSET(E121,-1,0))","v":1},13,0,0,3,0,{"$f":"IF(OR($C121=\"S\",$C121=0),0,MATCH(OFFSET($D121,0,$C121)+IF($C121<>1,1,COUNTIF(QCI!$A$13:$A$24,ORÇAMENTO!E121)),OFFSET($D121,1,$C121,ROW($C$140)-ROW($C121)),0))","v":0},"F","Serviço","Serviço","1.13.3.","SINAPI","94992","EXECUÇÃO DE PASSEIO (CALÇADA) OU PISO DE CONCRETO COM CONCRETO MOLDADO IN LOCO, FEITO EM OBRA, ACABAMENTO CONVENCIONAL, ESPESSURA 6 CM, ARMADO. AF_08/2022","M2",{"$f":"OFFSET(CÁLCULO!H$15,ROW($T121)-ROW(T$15),0)","v":192.31},76.23,"BDI 1",{"$f":"IF($C121=\"S\",ROUND(IF(TIPOORCAMENTO=\"Proposto\",ORÇAMENTO.CustoUnitario*(1+$AH121),ORÇAMENTO.PrecoUnitarioLicitado),15-13*$AF$10),0)","v":93.36},{"$f":"IF($C121=\"S\",IF(OR(Import.TipoArredondamento<>\"TransfereGOV\",ACOMPANHAMENTO=\"BM\"),VTOTAL1,SUM(OFFSET(CÁLCULO!$AA$15,ROW($X121)-ROW($X$15),1):OFFSET(CÁLCULO!$AL$15,ROW($X121)-ROW($X$15),-1))),IF($C121=0,0,ROUND(SomaAgrup,15-13*$AF$11)))","v":17954.060000000001},"RA","RA",{"$f":"IF($C121=\"S\",IF($Z121=\"CP\",$X121,IF($Z121=\"RA\",(($X121)*QCI!$AA$3),0)),SomaAgrup)","v":5931.1017897142028},{"$f":"IF($C121=\"S\",IF($Z121=\"OU\",ROUND($X121,2),0),SomaAgrup)","v":0},{"$f":"IF($N121=\"\",\" \",\nIF(AND($C121<>\"S\",OR($R121=\"\",$R121=\"(digite a descrição aqui)\")),\"DESCRIÇÃO\",\nIF(AND($C121=\"S\",OR($Q121<>\"\",$T121>0,$U121>0),$P121=\"\"),\"FONTE\",\nIF(AND($C121=\"S\",$P121<>\"\",OR($T121>0,$U121>0),$Q121=\"\"),\"CÓDIGO\",\nIF(AND($C121=\"S\",$P121<>\"\",$Q121<>\"\",$R121=\"(Código não identificado nas referências)\"),\"CÓDIGO N/ID\",\nIF(AND($C121=\"S\",OR($R121=\"\",$R121=\"(digite a descrição aqui)\"),OR($Q121<>\"\",$T121>0,$U121>0)),\"DESCRIÇÃO\",\nIF(AND($C121=\"S\",$P121<>\"\",$Q121<>\"\",$S121=\"\"),\"UNIDADE\",\nIF(AND($C121=\"S\",$P121<>\"\",$Q121<>\"\",$U121=0),\"SEM CUSTO\",\nIF(AND(TIPOORCAMENTO=\"Licitado\",$AL121=0,$AN121>0),\"SEM PREÇO\",\nIF(AND($C121=\"S\",$P121<>\"\",$Q121<>\"\",$U121>0,AND($V121<>\"BDI 1\",$V121<>\"BDI 2\",$V121<>\"BDI 3\")),IF(ISNUMBER($V121),\"JUSTIFICAR BDI\",\"BDI\"),\nIF(OR(AND(import.recurso=\"OGU\",TIPOORCAMENTO=\"Proposto\",LEFT($O$8,5)<>\"(N/D:\",$AG121<>\"\",ORÇAMENTO.CustoUnitario>$AG121),AND(TIPOORCAMENTO=\"LICITADO\",ORÇAMENTO.PrecoUnitarioLicitado>$AN121)),\"ACIMA REF.\",\nIF(AND($C121=\"S\",$P121<>\"\",$Q121<>\"\",$T121=0,$U121>0),\"QUANT.\",\nIF(AND(Import.TipoArredondamento=\"TransfereGOV\",$L121=\"F\",$C121=\"S\",LEN($Q121)>13),\"Código >13\",\nIF(AND(Import.TipoArredondamento=\"TransfereGOV\",$L121=\"F\",$C121<>\"S\",LEN($R121)>100),\"Descrição >100\",\nIF(AND(Import.TipoArredondamento=\"TransfereGOV\",$L121=\"F\",$C121=\"S\",LEN($R121)>500),\"Descrição >500\",\nIF(AND(Import.TipoArredondamento=\"TransfereGOV\",$L121=\"F\",$C121=\"S\",LEFT(TRIM(UPPER($P121)),6)<>\"SINAPI\",ISNA(VLOOKUP(TRIM(UPPER($S121)),ListaTgov.Unidades,1,FALSE))),\"Unid. Não Disp\",\n\" \"))))))))))))))))","v":" "},{"$f":"IF(C121<=CRONO.NivelExibicao,MAX($AD$15:OFFSET(AD121,-1,0))+IF($C121<>1,1,MAX(1,COUNTIF(QCI!$A$13:$A$24,OFFSET($E121,-1,0)))),\"\")","v":""},{"$f":"IF(AND($C121=\"S\",ORÇAMENTO.CodBarra<>\"\"),IF(ORÇAMENTO.Fonte=\"\",ORÇAMENTO.CodBarra,CONCATENATE(ORÇAMENTO.Fonte,\" \",ORÇAMENTO.CodBarra)))","v":"SINAPI 94992"},{"$f":"IF(ISERROR(ORÇAMENTO.BancoRef),\"(abra o arquivo 'Referência \"&Excel_BuiltIn_Database&\".xlsm)\",IF(OR($C121<>\"S\",ORÇAMENTO.CodBarra=\"\"),\"(Sem Código)\",IF(ISERROR(MATCH($AE121,INDIRECT(ORÇAMENTO.BancoRef),0)),\"(Código não identificado nas referências)\",MATCH($AE121,INDIRECT(ORÇAMENTO.BancoRef),0))))","v":13669},{"$f":"ROUND(IF(DESONERACAO=\"sim\",REFERENCIA.Desonerado,REFERENCIA.NaoDesonerado),2)","v":76.23},0.22470000000000001,null,192.31,null,null,17954.060000000001,{"$f":"ROUND(ORÇAMENTO.CustoUnitario*(1+$AH121),2)","v":93.36}]
["S",2,"S",0,{"$f":"IF($C122=1,OFFSET(E122,-1,0)+MAX(1,COUNTIF(QCI!$A$13:$A$24,OFFSET(ORÇAMENTO!E122,-1,0))),OFFSET(E122,-1,0))","v":1},13,0,0,4,0,{"$f":"IF(OR($C122=\"S\",$C122=0),0,MATCH(OFFSET($D122,0,$C122)+IF($C122<>1,1,COUNTIF(QCI!$A$13:$A$24,ORÇAMENTO!E122)),OFFSET($D122,1,$C122,ROW($C$140)-ROW($C122)),0))","v":0},"F","Serviço","Serviço","1.13.4.","Composição","CPU 30","CORRIMAO LATERAL COM H=0,92M E H=0,70M EM TUBO IND. 1.1/2\" CH 18, FIXADOS EM PILARETES EM TUBO IND. 2.1/2\"  - FORNECIMENTO E INSTALAÇÃO ","M",{"$f":"OFFSET(CÁLCULO!H$15,ROW($T122)-ROW(T$15),0)","v":162.96},290.22000000000003,"BDI 1",{"$f":"IF($C122=\"S\",ROUND(IF(TIPOORCAMENTO=\"Proposto\",ORÇAMENTO.CustoUnitario*(1+$AH122),ORÇAMENTO.PrecoUnitarioLicitado),15-13*$AF$10),0)","v":355.43},{"$f":"IF($C122=\"S\",IF(OR(Import.TipoArredondamento<>\"TransfereGOV\",ACOMPANHAMENTO=\"BM\"),VTOTAL1,SUM(OFFSET(CÁLCULO!$AA$15,ROW($X122)-ROW($X$15),1):OFFSET(CÁLCULO!$AL$15,ROW($X122)-ROW($X$15),-1))),IF($C122=0,0,ROUND(SomaAgrup,15-13*$AF$11)))","v":57920.87},"RA","RA",{"$f":"IF($C122=\"S\",IF($Z122=\"CP\",$X122,IF($Z122=\"RA\",(($X122)*QCI!$AA$3),0)),SomaAgrup)","v":19134.088652862007},{"$f":"IF($C122=\"S\",IF($Z122=\"OU\",ROUND($X122,2),0),SomaAgrup)","v":0},{"$f":"IF($N122=\"\",\" \",\nIF(AND($C122<>\"S\",OR($R122=\"\",$R122=\"(digite a descrição aqui)\")),\"DESCRIÇÃO\",\nIF(AND($C122=\"S\",OR($Q122<>\"\",$T122>0,$U122>0),$P122=\"\"),\"FONTE\",\nIF(AND($C122=\"S\",$P122<>\"\",OR($T122>0,$U122>0),$Q122=\"\"),\"CÓDIGO\",\nIF(AND($C122=\"S\",$P122<>\"\",$Q122<>\"\",$R122=\"(Código não identificado nas referências)\"),\"CÓDIGO N/ID\",\nIF(AND($C122=\"S\",OR($R122=\"\",$R122=\"(digite a descrição aqui)\"),OR($Q122<>\"\",$T122>0,$U122>0)),\"DESCRIÇÃO\",\nIF(AND($C122=\"S\",$P122<>\"\",$Q122<>\"\",$S122=\"\"),\"UNIDADE\",\nIF(AND($C122=\"S\",$P122<>\"\",$Q122<>\"\",$U122=0),\"SEM CUSTO\",\nIF(AND(TIPOORCAMENTO=\"Licitado\",$AL122=0,$AN122>0),\"SEM PREÇO\",\nIF(AND($C122=\"S\",$P122<>\"\",$Q122<>\"\",$U122>0,AND($V122<>\"BDI 1\",$V122<>\"BDI 2\",$V122<>\"BDI 3\")),IF(ISNUMBER($V122),\"JUSTIFICAR BDI\",\"BDI\"),\nIF(OR(AND(import.recurso=\"OGU\",TIPOORCAMENTO=\"Proposto\",LEFT($O$8,5)<>\"(N/D:\",$AG122<>\"\",ORÇAMENTO.CustoUnitario>$AG122),AND(TIPOORCAMENTO=\"LICITADO\",ORÇAMENTO.PrecoUnitarioLicitado>$AN122)),\"ACIMA REF.\",\nIF(AND($C122=\"S\",$P122<>\"\",$Q122<>\"\",$T122=0,$U122>0),\"QUANT.\",\nIF(AND(Import.TipoArredondamento=\"TransfereGOV\",$L122=\"F\",$C122=\"S\",LEN($Q122)>13),\"Código >13\",\nIF(AND(Import.TipoArredondamento=\"TransfereGOV\",$L122=\"F\",$C122<>\"S\",LEN($R122)>100),\"Descrição >100\",\nIF(AND(Import.TipoArredondamento=\"TransfereGOV\",$L122=\"F\",$C122=\"S\",LEN($R122)>500),\"Descrição >500\",\nIF(AND(Import.TipoArredondamento=\"TransfereGOV\",$L122=\"F\",$C122=\"S\",LEFT(TRIM(UPPER($P122)),6)<>\"SINAPI\",ISNA(VLOOKUP(TRIM(UPPER($S122)),ListaTgov.Unidades,1,FALSE))),\"Unid. Não Disp\",\n\" \"))))))))))))))))","v":" "},{"$f":"IF(C122<=CRONO.NivelExibicao,MAX($AD$15:OFFSET(AD122,-1,0))+IF($C122<>1,1,MAX(1,COUNTIF(QCI!$A$13:$A$24,OFFSET($E122,-1,0)))),\"\")","v":""},{"$f":"IF(AND($C122=\"S\",ORÇAMENTO.CodBarra<>\"\"),IF(ORÇAMENTO.Fonte=\"\",ORÇAMENTO.CodBarra,CONCATENATE(ORÇAMENTO.Fonte,\" \",ORÇAMENTO.CodBarra)))","v":"Composição CPU 30"},{"$f":"IF(ISERROR(ORÇAMENTO.BancoRef),\"(abra o arquivo 'Referência \"&Excel_BuiltIn_Database&\".xlsm)\",IF(OR($C122<>\"S\",ORÇAMENTO.CodBarra=\"\"),\"(Sem Código)\",IF(ISERROR(MATCH($AE122,INDIRECT(ORÇAMENTO.BancoRef),0)),\"(Código não identificado nas referências)\",MATCH($AE122,INDIRECT(ORÇAMENTO.BancoRef),0))))","v":27},{"$f":"ROUND(IF(DESONERACAO=\"sim\",REFERENCIA.Desonerado,REFERENCIA.NaoDesonerado),2)","v":290.22000000000003},0.22470000000000001,null,162.96,null,null,57920.87,{"$f":"ROUND(ORÇAMENTO.CustoUnitario*(1+$AH122),2)","v":355.43}]
["S",2,"S",0,{"$f":"IF($C123=1,OFFSET(E123,-1,0)+MAX(1,COUNTIF(QCI!$A$13:$A$24,OFFSET(ORÇAMENTO!E123,-1,0))),OFFSET(E123,-1,0))","v":1},13,0,0,5,0,{"$f":"IF(OR($C123=\"S\",$C123=0),0,MATCH(OFFSET($D123,0,$C123)+IF($C123<>1,1,COUNTIF(QCI!$A$13:$A$24,ORÇAMENTO!E123)),OFFSET($D123,1,$C123,ROW($C$140)-ROW($C123)),0))","v":0},"F","Serviço","Serviço","1.13.5.","Composição","CPU 31","CORRIMAO DUPLO CENTRAL COM ALTURAS DE H=0,70M E H=0,92M EM TUBO DE ACO IND. 1.1/2\" CH 18, FIXADOS EM PILARETES EM TUBO IND. 2.1/2\"  - FORNECIMENTO E INSTALAÇÃO","M",{"$f":"OFFSET(CÁLCULO!H$15,ROW($T123)-ROW(T$15),0)","v":32.68},390.32,"BDI 1",{"$f":"IF($C123=\"S\",ROUND(IF(TIPOORCAMENTO=\"Proposto\",ORÇAMENTO.CustoUnitario*(1+$AH123),ORÇAMENTO.PrecoUnitarioLicitado),15-13*$AF$10),0)","v":478.02},{"$f":"IF($C123=\"S\",IF(OR(Import.TipoArredondamento<>\"TransfereGOV\",ACOMPANHAMENTO=\"BM\"),VTOTAL1,SUM(OFFSET(CÁLCULO!$AA$15,ROW($X123)-ROW($X$15),1):OFFSET(CÁLCULO!$AL$15,ROW($X123)-ROW($X$15),-1))),IF($C123=0,0,ROUND(SomaAgrup,15-13*$AF$11)))","v":15621.69},"RA","RA",{"$f":"IF($C123=\"S\",IF($Z123=\"CP\",$X123,IF($Z123=\"RA\",(($X123)*QCI!$AA$3),0)),SomaAgrup)","v":5160.6062092563161},{"$f":"IF($C123=\"S\",IF($Z123=\"OU\",ROUND($X123,2),0),SomaAgrup)","v":0},{"$f":"IF($N123=\"\",\" \",\nIF(AND($C123<>\"S\",OR($R123=\"\",$R123=\"(digite a descrição aqui)\")),\"DESCRIÇÃO\",\nIF(AND($C123=\"S\",OR($Q123<>\"\",$T123>0,$U123>0),$P123=\"\"),\"FONTE\",\nIF(AND($C123=\"S\",$P123<>\"\",OR($T123>0,$U123>0),$Q123=\"\"),\"CÓDIGO\",\nIF(AND($C123=\"S\",$P123<>\"\",$Q123<>\"\",$R123=\"(Código não identificado nas referências)\"),\"CÓDIGO N/ID\",\nIF(AND($C123=\"S\",OR($R123=\"\",$R123=\"(digite a descrição aqui)\"),OR($Q123<>\"\",$T123>0,$U123>0)),\"DESCRIÇÃO\",\nIF(AND($C123=\"S\",$P123<>\"\",$Q123<>\"\",$S123=\"\"),\"UNIDADE\",\nIF(AND($C123=\"S\",$P123<>\"\",$Q123<>\"\",$U123=0),\"SEM CUSTO\",\nIF(AND(TIPOORCAMENTO=\"Licitado\",$AL123=0,$AN123>0),\"SEM PREÇO\",\nIF(AND($C123=\"S\",$P123<>\"\",$Q123<>\"\",$U123>0,AND($V123<>\"BDI 1\",$V123<>\"BDI 2\",$V123<>\"BDI 3\")),IF(ISNUMBER($V123),\"JUSTIFICAR BDI\",\"BDI\"),\nIF(OR(AND(import.recurso=\"OGU\",TIPOORCAMENTO=\"Proposto\",LEFT($O$8,5)<>\"(N/D:\",$AG123<>\"\",ORÇAMENTO.CustoUnitario>$AG123),AND(TIPOORCAMENTO=\"LICITADO\",ORÇAMENTO.PrecoUnitarioLicitado>$AN123)),\"ACIMA REF.\",\nIF(AND($C123=\"S\",$P123<>\"\",$Q123<>\"\",$T123=0,$U123>0),\"QUANT.\",\nIF(AND(Import.TipoArredondamento=\"TransfereGOV\",$L123=\"F\",$C123=\"S\",LEN($Q123)>13),\"Código >13\",\nIF(AND(Import.TipoArredondamento=\"TransfereGOV\",$L123=\"F\",$C123<>\"S\",LEN($R123)>100),\"Descrição >100\",\nIF(AND(Import.TipoArredondamento=\"TransfereGOV\",$L123=\"F\",$C123=\"S\",LEN($R123)>500),\"Descrição >500\",\nIF(AND(Import.TipoArredondamento=\"TransfereGOV\",$L123=\"F\",$C123=\"S\",LEFT(TRIM(UPPER($P123)),6)<>\"SINAPI\",ISNA(VLOOKUP(TRIM(UPPER($S123)),ListaTgov.Unidades,1,FALSE))),\"Unid. Não Disp\",\n\" \"))))))))))))))))","v":" "},{"$f":"IF(C123<=CRONO.NivelExibicao,MAX($AD$15:OFFSET(AD123,-1,0))+IF($C123<>1,1,MAX(1,COUNTIF(QCI!$A$13:$A$24,OFFSET($E123,-1,0)))),\"\")","v":""},{"$f":"IF(AND($C123=\"S\",ORÇAMENTO.CodBarra<>\"\"),IF(ORÇAMENTO.Fonte=\"\",ORÇAMENTO.CodBarra,CONCATENATE(ORÇAMENTO.Fonte,\" \",ORÇAMENTO.CodBarra)))","v":"Composição CPU 31"},{"$f":"IF(ISERROR(ORÇAMENTO.BancoRef),\"(abra o arquivo 'Referência \"&Excel_BuiltIn_Database&\".xlsm)\",IF(OR($C123<>\"S\",ORÇAMENTO.CodBarra=\"\"),\"(Sem Código)\",IF(ISERROR(MATCH($AE123,INDIRECT(ORÇAMENTO.BancoRef),0)),\"(Código não identificado nas referências)\",MATCH($AE123,INDIRECT(ORÇAMENTO.BancoRef),0))))","v":28},{"$f":"ROUND(IF(DESONERACAO=\"sim\",REFERENCIA.Desonerado,REFERENCIA.NaoDesonerado),2)","v":390.32},0.22470000000000001,null,32.68,null,null,15621.69,{"$f":"ROUND(ORÇAMENTO.CustoUnitario*(1+$AH123),2)","v":478.02}]
["S",2,"S",0,{"$f":"IF($C124=1,OFFSET(E124,-1,0)+MAX(1,COUNTIF(QCI!$A$13:$A$24,OFFSET(ORÇAMENTO!E124,-1,0))),OFFSET(E124,-1,0))","v":1},13,0,0,6,0,{"$f":"IF(OR($C124=\"S\",$C124=0),0,MATCH(OFFSET($D124,0,$C124)+IF($C124<>1,1,COUNTIF(QCI!$A$13:$A$24,ORÇAMENTO!E124)),OFFSET($D124,1,$C124,ROW($C$140)-ROW($C124)),0))","v":0},"F","Serviço","Serviço","1.13.6.","SINAPI","103946","PLANTIO DE GRAMA ESMERALDA OU SÃO CARLOS OU CURITIBANA, EM PLACAS. AF_07/2024","M2",{"$f":"OFFSET(CÁLCULO!H$15,ROW($T124)-ROW(T$15),0)","v":357.39},14.3,"BDI 1",{"$f":"IF($C124=\"S\",ROUND(IF(TIPOORCAMENTO=\"Proposto\",ORÇAMENTO.CustoUnitario*(1+$AH124),ORÇAMENTO.PrecoUnitarioLicitado),15-13*$AF$10),0)","v":17.510000000000002},{"$f":"IF($C124=\"S\",IF(OR(Import.TipoArredondamento<>\"TransfereGOV\",ACOMPANHAMENTO=\"BM\"),VTOTAL1,SUM(OFFSET(CÁLCULO!$AA$15,ROW($X124)-ROW($X$15),1):OFFSET(CÁLCULO!$AL$15,ROW($X124)-ROW($X$15),-1))),IF($C124=0,0,ROUND(SomaAgrup,15-13*$AF$11)))","v":6257.9},"RA","RA",{"$f":"IF($C124=\"S\",IF($Z124=\"CP\",$X124,IF($Z124=\"RA\",(($X124)*QCI!$AA$3),0)),SomaAgrup)","v":2067.289620835204},{"$f":"IF($C124=\"S\",IF($Z124=\"OU\",ROUND($X124,2),0),SomaAgrup)","v":0},{"$f":"IF($N124=\"\",\" \",\nIF(AND($C124<>\"S\",OR($R124=\"\",$R124=\"(digite a descrição aqui)\")),\"DESCRIÇÃO\",\nIF(AND($C124=\"S\",OR($Q124<>\"\",$T124>0,$U124>0),$P124=\"\"),\"FONTE\",\nIF(AND($C124=\"S\",$P124<>\"\",OR($T124>0,$U124>0),$Q124=\"\"),\"CÓDIGO\",\nIF(AND($C124=\"S\",$P124<>\"\",$Q124<>\"\",$R124=\"(Código não identificado nas referências)\"),\"CÓDIGO N/ID\",\nIF(AND($C124=\"S\",OR($R124=\"\",$R124=\"(digite a descrição aqui)\"),OR($Q124<>\"\",$T124>0,$U124>0)),\"DESCRIÇÃO\",\nIF(AND($C124=\"S\",$P124<>\"\",$Q124<>\"\",$S124=\"\"),\"UNIDADE\",\nIF(AND($C124=\"S\",$P124<>\"\",$Q124<>\"\",$U124=0),\"SEM CUSTO\",\nIF(AND(TIPOORCAMENTO=\"Licitado\",$AL124=0,$AN124>0),\"SEM PREÇO\",\nIF(AND($C124=\"S\",$P124<>\"\",$Q124<>\"\",$U124>0,AND($V124<>\"BDI 1\",$V124<>\"BDI 2\",$V124<>\"BDI 3\")),IF(ISNUMBER($V124),\"JUSTIFICAR BDI\",\"BDI\"),\nIF(OR(AND(import.recurso=\"OGU\",TIPOORCAMENTO=\"Proposto\",LEFT($O$8,5)<>\"(N/D:\",$AG124<>\"\",ORÇAMENTO.CustoUnitario>$AG124),AND(TIPOORCAMENTO=\"LICITADO\",ORÇAMENTO.PrecoUnitarioLicitado>$AN124)),\"ACIMA REF.\",\nIF(AND($C124=\"S\",$P124<>\"\",$Q124<>\"\",$T124=0,$U124>0),\"QUANT.\",\nIF(AND(Import.TipoArredondamento=\"TransfereGOV\",$L124=\"F\",$C124=\"S\",LEN($Q124)>13),\"Código >13\",\nIF(AND(Import.TipoArredondamento=\"TransfereGOV\",$L124=\"F\",$C124<>\"S\",LEN($R124)>100),\"Descrição >100\",\nIF(AND(Import.TipoArredondamento=\"TransfereGOV\",$L124=\"F\",$C124=\"S\",LEN($R124)>500),\"Descrição >500\",\nIF(AND(Import.TipoArredondamento=\"TransfereGOV\",$L124=\"F\",$C124=\"S\",LEFT(TRIM(UPPER($P124)),6)<>\"SINAPI\",ISNA(VLOOKUP(TRIM(UPPER($S124)),ListaTgov.Unidades,1,FALSE))),\"Unid. Não Disp\",\n\" \"))))))))))))))))","v":" "},{"$f":"IF(C124<=CRONO.NivelExibicao,MAX($AD$15:OFFSET(AD124,-1,0))+IF($C124<>1,1,MAX(1,COUNTIF(QCI!$A$13:$A$24,OFFSET($E124,-1,0)))),\"\")","v":""},{"$f":"IF(AND($C124=\"S\",ORÇAMENTO.CodBarra<>\"\"),IF(ORÇAMENTO.Fonte=\"\",ORÇAMENTO.CodBarra,CONCATENATE(ORÇAMENTO.Fonte,\" \",ORÇAMENTO.CodBarra)))","v":"SINAPI 103946"},{"$f":"IF(ISERROR(ORÇAMENTO.BancoRef),\"(abra o arquivo 'Referência \"&Excel_BuiltIn_Database&\".xlsm)\",IF(OR($C124<>\"S\",ORÇAMENTO.CodBarra=\"\"),\"(Sem Código)\",IF(ISERROR(MATCH($AE124,INDIRECT(ORÇAMENTO.BancoRef),0)),\"(Código não identificado nas referências)\",MATCH($AE124,INDIRECT(ORÇAMENTO.BancoRef),0))))","v":13511},{"$f":"ROUND(IF(DESONERACAO=\"sim\",REFERENCIA.Desonerado,REFERENCIA.NaoDesonerado),2)","v":14.3},0.22470000000000001,null,357.39,null,null,6257.9,{"$f":"ROUND(ORÇAMENTO.CustoUnitario*(1+$AH124),2)","v":17.510000000000002}]
[2,2,2,10,{"$f":"IF($C125=1,OFFSET(E125,-1,0)+MAX(1,COUNTIF(QCI!$A$13:$A$24,OFFSET(ORÇAMENTO!E125,-1,0))),OFFSET(E125,-1,0))","v":1},14,0,0,0,15,{"$f":"IF(OR($C125=\"S\",$C125=0),0,MATCH(OFFSET($D125,0,$C125)+IF($C125<>1,1,COUNTIF(QCI!$A$13:$A$24,ORÇAMENTO!E125)),OFFSET($D125,1,$C125,ROW($C$140)-ROW($C125)),0))","v":10},"F","Nível 2","Nível 2","1.14.","SINAPI",null,"SPDA","-",{"$f":"OFFSET(CÁLCULO!H$15,ROW($T125)-ROW(T$15),0)","v":0},0,"BDI 1",{"$f":"IF($C125=\"S\",ROUND(IF(TIPOORCAMENTO=\"Proposto\",ORÇAMENTO.CustoUnitario*(1+$AH125),ORÇAMENTO.PrecoUnitarioLicitado),15-13*$AF$10),0)","v":0},{"$f":"IF($C125=\"S\",IF(OR(Import.TipoArredondamento<>\"TransfereGOV\",ACOMPANHAMENTO=\"BM\"),VTOTAL1,SUM(OFFSET(CÁLCULO!$AA$15,ROW($X125)-ROW($X$15),1):OFFSET(CÁLCULO!$AL$15,ROW($X125)-ROW($X$15),-1))),IF($C125=0,0,ROUND(SomaAgrup,15-13*$AF$11)))","v":21257.200000000001},"RA","",{"$f":"IF($C125=\"S\",IF($Z125=\"CP\",$X125,IF($Z125=\"RA\",(($X125)*QCI!$AA$3),0)),SomaAgrup)","v":7022.2900538548247},{"$f":"IF($C125=\"S\",IF($Z125=\"OU\",ROUND($X125,2),0),SomaAgrup)","v":0},{"$f":"IF($N125=\"\",\" \",\nIF(AND($C125<>\"S\",OR($R125=\"\",$R125=\"(digite a descrição aqui)\")),\"DESCRIÇÃO\",\nIF(AND($C125=\"S\",OR($Q125<>\"\",$T125>0,$U125>0),$P125=\"\"),\"FONTE\",\nIF(AND($C125=\"S\",$P125<>\"\",OR($T125>0,$U125>0),$Q125=\"\"),\"CÓDIGO\",\nIF(AND($C125=\"S\",$P125<>\"\",$Q125<>\"\",$R125=\"(Código não identificado nas referências)\"),\"CÓDIGO N/ID\",\nIF(AND($C125=\"S\",OR($R125=\"\",$R125=\"(digite a descrição aqui)\"),OR($Q125<>\"\",$T125>0,$U125>0)),\"DESCRIÇÃO\",\nIF(AND($C125=\"S\",$P125<>\"\",$Q125<>\"\",$S125=\"\"),\"UNIDADE\",\nIF(AND($C125=\"S\",$P125<>\"\",$Q125<>\"\",$U125=0),\"SEM CUSTO\",\nIF(AND(TIPOORCAMENTO=\"Licitado\",$AL125=0,$AN125>0),\"SEM PREÇO\",\nIF(AND($C125=\"S\",$P125<>\"\",$Q125<>\"\",$U125>0,AND($V125<>\"BDI 1\",$V125<>\"BDI 2\",$V125<>\"BDI 3\")),IF(ISNUMBER($V125),\"JUSTIFICAR BDI\",\"BDI\"),\nIF(OR(AND(import.recurso=\"OGU\",TIPOORCAMENTO=\"Proposto\",LEFT($O$8,5)<>\"(N/D:\",$AG125<>\"\",ORÇAMENTO.CustoUnitario>$AG125),AND(TIPOORCAMENTO=\"LICITADO\",ORÇAMENTO.PrecoUnitarioLicitado>$AN125)),\"ACIMA REF.\",\nIF(AND($C125=\"S\",$P125<>\"\",$Q125<>\"\",$T125=0,$U125>0),\"QUANT.\",\nIF(AND(Import.TipoArredondamento=\"TransfereGOV\",$L125=\"F\",$C125=\"S\",LEN($Q125)>13),\"Código >13\",\nIF(AND(Import.TipoArredondamento=\"TransfereGOV\",$L125=\"F\",$C125<>\"S\",LEN($R125)>100),\"Descrição >100\",\nIF(AND(Import.TipoArredondamento=\"TransfereGOV\",$L125=\"F\",$C125=\"S\",LEN($R125)>500),\"Descrição >500\",\nIF(AND(Import.TipoArredondamento=\"TransfereGOV\",$L125=\"F\",$C125=\"S\",LEFT(TRIM(UPPER($P125)),6)<>\"SINAPI\",ISNA(VLOOKUP(TRIM(UPPER($S125)),ListaTgov.Unidades,1,FALSE))),\"Unid. Não Disp\",\n\" \"))))))))))))))))","v":" "},{"$f":"IF(C125<=CRONO.NivelExibicao,MAX($AD$15:OFFSET(AD125,-1,0))+IF($C125<>1,1,MAX(1,COUNTIF(QCI!$A$13:$A$24,OFFSET($E125,-1,0)))),\"\")","v":15},{"$f":"IF(AND($C125=\"S\",ORÇAMENTO.CodBarra<>\"\"),IF(ORÇAMENTO.Fonte=\"\",ORÇAMENTO.CodBarra,CONCATENATE(ORÇAMENTO.Fonte,\" \",ORÇAMENTO.CodBarra)))","v":false},{"$f":"IF(ISERROR(ORÇAMENTO.BancoRef),\"(abra o arquivo 'Referência \"&Excel_BuiltIn_Database&\".xlsm)\",IF(OR($C125<>\"S\",ORÇAMENTO.CodBarra=\"\"),\"(Sem Código)\",IF(ISERROR(MATCH($AE125,INDIRECT(ORÇAMENTO.BancoRef),0)),\"(Código não identificado nas referências)\",MATCH($AE125,INDIRECT(ORÇAMENTO.BancoRef),0))))","v":"(Sem Código)"},{"$f":"ROUND(IF(DESONERACAO=\"sim\",REFERENCIA.Desonerado,REFERENCIA.NaoDesonerado),2)","v":0},0.22470000000000001,null,0,null,null,21257.200000000001,{"$f":"ROUND(ORÇAMENTO.CustoUnitario*(1+$AH125),2)","v":0}]
["S",2,"S",0,{"$f":"IF($C126=1,OFFSET(E126,-1,0)+MAX(1,COUNTIF(QCI!$A$13:$A$24,OFFSET(ORÇAMENTO!E126,-1,0))),OFFSET(E126,-1,0))","v":1},14,0,0,1,0,{"$f":"IF(OR($C126=\"S\",$C126=0),0,MATCH(OFFSET($D126,0,$C126)+IF($C126<>1,1,COUNTIF(QCI!$A$13:$A$24,ORÇAMENTO!E126)),OFFSET($D126,1,$C126,ROW($C$140)-ROW($C126)),0))","v":0},"F","Serviço","Serviço","1.14.1.","SINAPI","96973","CORDOALHA DE COBRE NU 35 MM², NÃO ENTERRADA, COM ISOLADOR - FORNECIMENTO E INSTALAÇÃO. AF_08/2023","M",{"$f":"OFFSET(CÁLCULO!H$15,ROW($T126)-ROW(T$15),0)","v":30},71.17,"BDI 1",{"$f":"IF($C126=\"S\",ROUND(IF(TIPOORCAMENTO=\"Proposto\",ORÇAMENTO.CustoUnitario*(1+$AH126),ORÇAMENTO.PrecoUnitarioLicitado),15-13*$AF$10),0)","v":87.16},{"$f":"IF($C126=\"S\",IF(OR(Import.TipoArredondamento<>\"TransfereGOV\",ACOMPANHAMENTO=\"BM\"),VTOTAL1,SUM(OFFSET(CÁLCULO!$AA$15,ROW($X126)-ROW($X$15),1):OFFSET(CÁLCULO!$AL$15,ROW($X126)-ROW($X$15),-1))),IF($C126=0,0,ROUND(SomaAgrup,15-13*$AF$11)))","v":2614.8000000000002},"RA","RA",{"$f":"IF($C126=\"S\",IF($Z126=\"CP\",$X126,IF($Z126=\"RA\",(($X126)*QCI!$AA$3),0)),SomaAgrup)","v":863.79598596332517},{"$f":"IF($C126=\"S\",IF($Z126=\"OU\",ROUND($X126,2),0),SomaAgrup)","v":0},{"$f":"IF($N126=\"\",\" \",\nIF(AND($C126<>\"S\",OR($R126=\"\",$R126=\"(digite a descrição aqui)\")),\"DESCRIÇÃO\",\nIF(AND($C126=\"S\",OR($Q126<>\"\",$T126>0,$U126>0),$P126=\"\"),\"FONTE\",\nIF(AND($C126=\"S\",$P126<>\"\",OR($T126>0,$U126>0),$Q126=\"\"),\"CÓDIGO\",\nIF(AND($C126=\"S\",$P126<>\"\",$Q126<>\"\",$R126=\"(Código não identificado nas referências)\"),\"CÓDIGO N/ID\",\nIF(AND($C126=\"S\",OR($R126=\"\",$R126=\"(digite a descrição aqui)\"),OR($Q126<>\"\",$T126>0,$U126>0)),\"DESCRIÇÃO\",\nIF(AND($C126=\"S\",$P126<>\"\",$Q126<>\"\",$S126=\"\"),\"UNIDADE\",\nIF(AND($C126=\"S\",$P126<>\"\",$Q126<>\"\",$U126=0),\"SEM CUSTO\",\nIF(AND(TIPOORCAMENTO=\"Licitado\",$AL126=0,$AN126>0),\"SEM PREÇO\",\nIF(AND($C126=\"S\",$P126<>\"\",$Q126<>\"\",$U126>0,AND($V126<>\"BDI 1\",$V126<>\"BDI 2\",$V126<>\"BDI 3\")),IF(ISNUMBER($V126),\"JUSTIFICAR BDI\",\"BDI\"),\nIF(OR(AND(import.recurso=\"OGU\",TIPOORCAMENTO=\"Proposto\",LEFT($O$8,5)<>\"(N/D:\",$AG126<>\"\",ORÇAMENTO.CustoUnitario>$AG126),AND(TIPOORCAMENTO=\"LICITADO\",ORÇAMENTO.PrecoUnitarioLicitado>$AN126)),\"ACIMA REF.\",\nIF(AND($C126=\"S\",$P126<>\"\",$Q126<>\"\",$T126=0,$U126>0),\"QUANT.\",\nIF(AND(Import.TipoArredondamento=\"TransfereGOV\",$L126=\"F\",$C126=\"S\",LEN($Q126)>13),\"Código >13\",\nIF(AND(Import.TipoArredondamento=\"TransfereGOV\",$L126=\"F\",$C126<>\"S\",LEN($R126)>100),\"Descrição >100\",\nIF(AND(Import.TipoArredondamento=\"TransfereGOV\",$L126=\"F\",$C126=\"S\",LEN($R126)>500),\"Descrição >500\",\nIF(AND(Import.TipoArredondamento=\"TransfereGOV\",$L126=\"F\",$C126=\"S\",LEFT(TRIM(UPPER($P126)),6)<>\"SINAPI\",ISNA(VLOOKUP(TRIM(UPPER($S126)),ListaTgov.Unidades,1,FALSE))),\"Unid. Não Disp\",\n\" \"))))))))))))))))","v":" "},{"$f":"IF(C126<=CRONO.NivelExibicao,MAX($AD$15:OFFSET(AD126,-1,0))+IF($C126<>1,1,MAX(1,COUNTIF(QCI!$A$13:$A$24,OFFSET($E126,-1,0)))),\"\")","v":""},{"$f":"IF(AND($C126=\"S\",ORÇAMENTO.CodBarra<>\"\"),IF(ORÇAMENTO.Fonte=\"\",ORÇAMENTO.CodBarra,CONCATENATE(ORÇAMENTO.Fonte,\" \",ORÇAMENTO.CodBarra)))","v":"SINAPI 96973"},{"$f":"IF(ISERROR(ORÇAMENTO.BancoRef),\"(abra o arquivo 'Referência \"&Excel_BuiltIn_Database&\".xlsm)\",IF(OR($C126<>\"S\",ORÇAMENTO.CodBarra=\"\"),\"(Sem Código)\",IF(ISERROR(MATCH($AE126,INDIRECT(ORÇAMENTO.BancoRef),0)),\"(Código não identificado nas referências)\",MATCH($AE126,INDIRECT(ORÇAMENTO.BancoRef),0))))","v":14916},{"$f":"ROUND(IF(DESONERACAO=\"sim\",REFERENCIA.Desonerado,REFERENCIA.NaoDesonerado),2)","v":71.17},0.22470000000000001,null,30,null,null,2614.8000000000002,{"$f":"ROUND(ORÇAMENTO.CustoUnitario*(1+$AH126),2)","v":87.16}]
["S",2,"S",0,{"$f":"IF($C127=1,OFFSET(E127,-1,0)+MAX(1,COUNTIF(QCI!$A$13:$A$24,OFFSET(ORÇAMENTO!E127,-1,0))),OFFSET(E127,-1,0))","v":1},14,0,0,2,0,{"$f":"IF(OR($C127=\"S\",$C127=0),0,MATCH(OFFSET($D127,0,$C127)+IF($C127<>1,1,COUNTIF(QCI!$A$13:$A$24,ORÇAMENTO!E127)),OFFSET($D127,1,$C127,ROW($C$140)-ROW($C127)),0))","v":0},"F","Serviço","Serviço","1.14.2.","SINAPI","96977","CORDOALHA DE COBRE NU 50 MM², ENTERRADA - FORNECIMENTO E INSTALAÇÃO. AF_08/2023","M",{"$f":"OFFSET(CÁLCULO!H$15,ROW($T127)-ROW(T$15),0)","v":170},60.16,"BDI 1",{"$f":"IF($C127=\"S\",ROUND(IF(TIPOORCAMENTO=\"Proposto\",ORÇAMENTO.CustoUnitario*(1+$AH127),ORÇAMENTO.PrecoUnitarioLicitado),15-13*$AF$10),0)","v":73.680000000000007},{"$f":"IF($C127=\"S\",IF(OR(Import.TipoArredondamento<>\"TransfereGOV\",ACOMPANHAMENTO=\"BM\"),VTOTAL1,SUM(OFFSET(CÁLCULO!$AA$15,ROW($X127)-ROW($X$15),1):OFFSET(CÁLCULO!$AL$15,ROW($X127)-ROW($X$15),-1))),IF($C127=0,0,ROUND(SomaAgrup,15-13*$AF$11)))","v":12525.6},"RA","RA",{"$f":"IF($C127=\"S\",IF($Z127=\"CP\",$X127,IF($Z127=\"RA\",(($X127)*QCI!$AA$3),0)),SomaAgrup)","v":4137.8166596994897},{"$f":"IF($C127=\"S\",IF($Z127=\"OU\",ROUND($X127,2),0),SomaAgrup)","v":0},{"$f":"IF($N127=\"\",\" \",\nIF(AND($C127<>\"S\",OR($R127=\"\",$R127=\"(digite a descrição aqui)\")),\"DESCRIÇÃO\",\nIF(AND($C127=\"S\",OR($Q127<>\"\",$T127>0,$U127>0),$P127=\"\"),\"FONTE\",\nIF(AND($C127=\"S\",$P127<>\"\",OR($T127>0,$U127>0),$Q127=\"\"),\"CÓDIGO\",\nIF(AND($C127=\"S\",$P127<>\"\",$Q127<>\"\",$R127=\"(Código não identificado nas referências)\"),\"CÓDIGO N/ID\",\nIF(AND($C127=\"S\",OR($R127=\"\",$R127=\"(digite a descrição aqui)\"),OR($Q127<>\"\",$T127>0,$U127>0)),\"DESCRIÇÃO\",\nIF(AND($C127=\"S\",$P127<>\"\",$Q127<>\"\",$S127=\"\"),\"UNIDADE\",\nIF(AND($C127=\"S\",$P127<>\"\",$Q127<>\"\",$U127=0),\"SEM CUSTO\",\nIF(AND(TIPOORCAMENTO=\"Licitado\",$AL127=0,$AN127>0),\"SEM PREÇO\",\nIF(AND($C127=\"S\",$P127<>\"\",$Q127<>\"\",$U127>0,AND($V127<>\"BDI 1\",$V127<>\"BDI 2\",$V127<>\"BDI 3\")),IF(ISNUMBER($V127),\"JUSTIFICAR BDI\",\"BDI\"),\nIF(OR(AND(import.recurso=\"OGU\",TIPOORCAMENTO=\"Proposto\",LEFT($O$8,5)<>\"(N/D:\",$AG127<>\"\",ORÇAMENTO.CustoUnitario>$AG127),AND(TIPOORCAMENTO=\"LICITADO\",ORÇAMENTO.PrecoUnitarioLicitado>$AN127)),\"ACIMA REF.\",\nIF(AND($C127=\"S\",$P127<>\"\",$Q127<>\"\",$T127=0,$U127>0),\"QUANT.\",\nIF(AND(Import.TipoArredondamento=\"TransfereGOV\",$L127=\"F\",$C127=\"S\",LEN($Q127)>13),\"Código >13\",\nIF(AND(Import.TipoArredondamento=\"TransfereGOV\",$L127=\"F\",$C127<>\"S\",LEN($R127)>100),\"Descrição >100\",\nIF(AND(Import.TipoArredondamento=\"TransfereGOV\",$L127=\"F\",$C127=\"S\",LEN($R127)>500),\"Descrição >500\",\nIF(AND(Import.TipoArredondamento=\"TransfereGOV\",$L127=\"F\",$C127=\"S\",LEFT(TRIM(UPPER($P127)),6)<>\"SINAPI\",ISNA(VLOOKUP(TRIM(UPPER($S127)),ListaTgov.Unidades,1,FALSE))),\"Unid. Não Disp\",\n\" \"))))))))))))))))","v":" "},{"$f":"IF(C127<=CRONO.NivelExibicao,MAX($AD$15:OFFSET(AD127,-1,0))+IF($C127<>1,1,MAX(1,COUNTIF(QCI!$A$13:$A$24,OFFSET($E127,-1,0)))),\"\")","v":""},{"$f":"IF(AND($C127=\"S\",ORÇAMENTO.CodBarra<>\"\"),IF(ORÇAMENTO.Fonte=\"\",ORÇAMENTO.CodBarra,CONCATENATE(ORÇAMENTO.Fonte,\" \",ORÇAMENTO.CodBarra)))","v":"SINAPI 96977"},{"$f":"IF(ISERROR(ORÇAMENTO.BancoRef),\"(abra o arquivo 'Referência \"&Excel_BuiltIn_Database&\".xlsm)\",IF(OR($C127<>\"S\",ORÇAMENTO.CodBarra=\"\"),\"(Sem Código)\",IF(ISERROR(MATCH($AE127,INDIRECT(ORÇAMENTO.BancoRef),0)),\"(Código não identificado nas referências)\",MATCH($AE127,INDIRECT(ORÇAMENTO.BancoRef),0))))","v":14918},{"$f":"ROUND(IF(DESONERACAO=\"sim\",REFERENCIA.Desonerado,REFERENCIA.NaoDesonerado),2)","v":60.16},0.22470000000000001,null,170,null,null,12525.6,{"$f":"ROUND(ORÇAMENTO.CustoUnitario*(1+$AH127),2)","v":73.680000000000007}]
["S",2,"S",0,{"$f":"IF($C128=1,OFFSET(E128,-1,0)+MAX(1,COUNTIF(QCI!$A$13:$A$24,OFFSET(ORÇAMENTO!E128,-1,0))),OFFSET(E128,-1,0))","v":1},14,0,0,3,0,{"$f":"IF(OR($C128=\"S\",$C128=0),0,MATCH(OFFSET($D128,0,$C128)+IF($C128<>1,1,COUNTIF(QCI!$A$13:$A$24,ORÇAMENTO!E128)),OFFSET($D128,1,$C128,ROW($C$140)-ROW($C128)),0))","v":0},"F","Serviço","Serviço","1.14.3.","SINAPI","98111","CAIXA DE INSPEÇÃO PARA ATERRAMENTO, CIRCULAR, EM POLIETILENO, DIÂMETRO INTERNO = 0,3 M. AF_12/2020","UN",{"$f":"OFFSET(CÁLCULO!H$15,ROW($T128)-ROW(T$15),0)","v":8},51.47,"BDI 1",{"$f":"IF($C128=\"S\",ROUND(IF(TIPOORCAMENTO=\"Proposto\",ORÇAMENTO.CustoUnitario*(1+$AH128),ORÇAMENTO.PrecoUnitarioLicitado),15-13*$AF$10),0)","v":63.04},{"$f":"IF($C128=\"S\",IF(OR(Import.TipoArredondamento<>\"TransfereGOV\",ACOMPANHAMENTO=\"BM\"),VTOTAL1,SUM(OFFSET(CÁLCULO!$AA$15,ROW($X128)-ROW($X$15),1):OFFSET(CÁLCULO!$AL$15,ROW($X128)-ROW($X$15),-1))),IF($C128=0,0,ROUND(SomaAgrup,15-13*$AF$11)))","v":504.32},"RA","RA",{"$f":"IF($C128=\"S\",IF($Z128=\"CP\",$X128,IF($Z128=\"RA\",(($X128)*QCI!$AA$3),0)),SomaAgrup)","v":166.60149596184186},{"$f":"IF($C128=\"S\",IF($Z128=\"OU\",ROUND($X128,2),0),SomaAgrup)","v":0},{"$f":"IF($N128=\"\",\" \",\nIF(AND($C128<>\"S\",OR($R128=\"\",$R128=\"(digite a descrição aqui)\")),\"DESCRIÇÃO\",\nIF(AND($C128=\"S\",OR($Q128<>\"\",$T128>0,$U128>0),$P128=\"\"),\"FONTE\",\nIF(AND($C128=\"S\",$P128<>\"\",OR($T128>0,$U128>0),$Q128=\"\"),\"CÓDIGO\",\nIF(AND($C128=\"S\",$P128<>\"\",$Q128<>\"\",$R128=\"(Código não identificado nas referências)\"),\"CÓDIGO N/ID\",\nIF(AND($C128=\"S\",OR($R128=\"\",$R128=\"(digite a descrição aqui)\"),OR($Q128<>\"\",$T128>0,$U128>0)),\"DESCRIÇÃO\",\nIF(AND($C128=\"S\",$P128<>\"\",$Q128<>\"\",$S128=\"\"),\"UNIDADE\",\nIF(AND($C128=\"S\",$P128<>\"\",$Q128<>\"\",$U128=0),\"SEM CUSTO\",\nIF(AND(TIPOORCAMENTO=\"Licitado\",$AL128=0,$AN128>0),\"SEM PREÇO\",\nIF(AND($C128=\"S\",$P128<>\"\",$Q128<>\"\",$U128>0,AND($V128<>\"BDI 1\",$V128<>\"BDI 2\",$V128<>\"BDI 3\")),IF(ISNUMBER($V128),\"JUSTIFICAR BDI\",\"BDI\"),\nIF(OR(AND(import.recurso=\"OGU\",TIPOORCAMENTO=\"Proposto\",LEFT($O$8,5)<>\"(N/D:\",$AG128<>\"\",ORÇAMENTO.CustoUnitario>$AG128),AND(TIPOORCAMENTO=\"LICITADO\",ORÇAMENTO.PrecoUnitarioLicitado>$AN128)),\"ACIMA REF.\",\nIF(AND($C128=\"S\",$P128<>\"\",$Q128<>\"\",$T128=0,$U128>0),\"QUANT.\",\nIF(AND(Import.TipoArredondamento=\"TransfereGOV\",$L128=\"F\",$C128=\"S\",LEN($Q128)>13),\"Código >13\",\nIF(AND(Import.TipoArredondamento=\"TransfereGOV\",$L128=\"F\",$C128<>\"S\",LEN($R128)>100),\"Descrição >100\",\nIF(AND(Import.TipoArredondamento=\"TransfereGOV\",$L128=\"F\",$C128=\"S\",LEN($R128)>500),\"Descrição >500\",\nIF(AND(Import.TipoArredondamento=\"TransfereGOV\",$L128=\"F\",$C128=\"S\",LEFT(TRIM(UPPER($P128)),6)<>\"SINAPI\",ISNA(VLOOKUP(TRIM(UPPER($S128)),ListaTgov.Unidades,1,FALSE))),\"Unid. Não Disp\",\n\" \"))))))))))))))))","v":" "},{"$f":"IF(C128<=CRONO.NivelExibicao,MAX($AD$15:OFFSET(AD128,-1,0))+IF($C128<>1,1,MAX(1,COUNTIF(QCI!$A$13:$A$24,OFFSET($E128,-1,0)))),\"\")","v":""},{"$f":"IF(AND($C128=\"S\",ORÇAMENTO.CodBarra<>\"\"),IF(ORÇAMENTO.Fonte=\"\",ORÇAMENTO.CodBarra,CONCATENATE(ORÇAMENTO.Fonte,\" \",ORÇAMENTO.CodBarra)))","v":"SINAPI 98111"},{"$f":"IF(ISERROR(ORÇAMENTO.BancoRef),\"(abra o arquivo 'Referência \"&Excel_BuiltIn_Database&\".xlsm)\",IF(OR($C128<>\"S\",ORÇAMENTO.CodBarra=\"\"),\"(Sem Código)\",IF(ISERROR(MATCH($AE128,INDIRECT(ORÇAMENTO.BancoRef),0)),\"(Código não identificado nas referências)\",MATCH($AE128,INDIRECT(ORÇAMENTO.BancoRef),0))))","v":7127},{"$f":"ROUND(IF(DESONERACAO=\"sim\",REFERENCIA.Desonerado,REFERENCIA.NaoDesonerado),2)","v":51.47},0.22470000000000001,null,8,null,null,504.32,{"$f":"ROUND(ORÇAMENTO.CustoUnitario*(1+$AH128),2)","v":63.04}]
["S",2,"S",0,{"$f":"IF($C129=1,OFFSET(E129,-1,0)+MAX(1,COUNTIF(QCI!$A$13:$A$24,OFFSET(ORÇAMENTO!E129,-1,0))),OFFSET(E129,-1,0))","v":1},14,0,0,4,0,{"$f":"IF(OR($C129=\"S\",$C129=0),0,MATCH(OFFSET($D129,0,$C129)+IF($C129<>1,1,COUNTIF(QCI!$A$13:$A$24,ORÇAMENTO!E129)),OFFSET($D129,1,$C129,ROW($C$140)-ROW($C129)),0))","v":0},"F","Serviço","Serviço","1.14.4.","SINAPI","96985","HASTE DE ATERRAMENTO, DIÂMETRO 5/8\", COM 3 METROS - FORNECIMENTO E INSTALAÇÃO. AF_08/2023","UN",{"$f":"OFFSET(CÁLCULO!H$15,ROW($T129)-ROW(T$15),0)","v":8},71.72,"BDI 1",{"$f":"IF($C129=\"S\",ROUND(IF(TIPOORCAMENTO=\"Proposto\",ORÇAMENTO.CustoUnitario*(1+$AH129),ORÇAMENTO.PrecoUnitarioLicitado),15-13*$AF$10),0)","v":87.84},{"$f":"IF($C129=\"S\",IF(OR(Import.TipoArredondamento<>\"TransfereGOV\",ACOMPANHAMENTO=\"BM\"),VTOTAL1,SUM(OFFSET(CÁLCULO!$AA$15,ROW($X129)-ROW($X$15),1):OFFSET(CÁLCULO!$AL$15,ROW($X129)-ROW($X$15),-1))),IF($C129=0,0,ROUND(SomaAgrup,15-13*$AF$11)))","v":702.72},"RA","RA",{"$f":"IF($C129=\"S\",IF($Z129=\"CP\",$X129,IF($Z129=\"RA\",(($X129)*QCI!$AA$3),0)),SomaAgrup)","v":232.14269361180504},{"$f":"IF($C129=\"S\",IF($Z129=\"OU\",ROUND($X129,2),0),SomaAgrup)","v":0},{"$f":"IF($N129=\"\",\" \",\nIF(AND($C129<>\"S\",OR($R129=\"\",$R129=\"(digite a descrição aqui)\")),\"DESCRIÇÃO\",\nIF(AND($C129=\"S\",OR($Q129<>\"\",$T129>0,$U129>0),$P129=\"\"),\"FONTE\",\nIF(AND($C129=\"S\",$P129<>\"\",OR($T129>0,$U129>0),$Q129=\"\"),\"CÓDIGO\",\nIF(AND($C129=\"S\",$P129<>\"\",$Q129<>\"\",$R129=\"(Código não identificado nas referências)\"),\"CÓDIGO N/ID\",\nIF(AND($C129=\"S\",OR($R129=\"\",$R129=\"(digite a descrição aqui)\"),OR($Q129<>\"\",$T129>0,$U129>0)),\"DESCRIÇÃO\",\nIF(AND($C129=\"S\",$P129<>\"\",$Q129<>\"\",$S129=\"\"),\"UNIDADE\",\nIF(AND($C129=\"S\",$P129<>\"\",$Q129<>\"\",$U129=0),\"SEM CUSTO\",\nIF(AND(TIPOORCAMENTO=\"Licitado\",$AL129=0,$AN129>0),\"SEM PREÇO\",\nIF(AND($C129=\"S\",$P129<>\"\",$Q129<>\"\",$U129>0,AND($V129<>\"BDI 1\",$V129<>\"BDI 2\",$V129<>\"BDI 3\")),IF(ISNUMBER($V129),\"JUSTIFICAR BDI\",\"BDI\"),\nIF(OR(AND(import.recurso=\"OGU\",TIPOORCAMENTO=\"Proposto\",LEFT($O$8,5)<>\"(N/D:\",$AG129<>\"\",ORÇAMENTO.CustoUnitario>$AG129),AND(TIPOORCAMENTO=\"LICITADO\",ORÇAMENTO.PrecoUnitarioLicitado>$AN129)),\"ACIMA REF.\",\nIF(AND($C129=\"S\",$P129<>\"\",$Q129<>\"\",$T129=0,$U129>0),\"QUANT.\",\nIF(AND(Import.TipoArredondamento=\"TransfereGOV\",$L129=\"F\",$C129=\"S\",LEN($Q129)>13),\"Código >13\",\nIF(AND(Import.TipoArredondamento=\"TransfereGOV\",$L129=\"F\",$C129<>\"S\",LEN($R129)>100),\"Descrição >100\",\nIF(AND(Import.TipoArredondamento=\"TransfereGOV\",$L129=\"F\",$C129=\"S\",LEN($R129)>500),\"Descrição >500\",\nIF(AND(Import.TipoArredondamento=\"TransfereGOV\",$L129=\"F\",$C129=\"S\",LEFT(TRIM(UPPER($P129)),6)<>\"SINAPI\",ISNA(VLOOKUP(TRIM(UPPER($S129)),ListaTgov.Unidades,1,FALSE))),\"Unid. Não Disp\",\n\" \"))))))))))))))))","v":" "},{"$f":"IF(C129<=CRONO.NivelExibicao,MAX($AD$15:OFFSET(AD129,-1,0))+IF($C129<>1,1,MAX(1,COUNTIF(QCI!$A$13:$A$24,OFFSET($E129,-1,0)))),\"\")","v":""},{"$f":"IF(AND($C129=\"S\",ORÇAMENTO.CodBarra<>\"\"),IF(ORÇAMENTO.Fonte=\"\",ORÇAMENTO.CodBarra,CONCATENATE(ORÇAMENTO.Fonte,\" \",ORÇAMENTO.CodBarra)))","v":"SINAPI 96985"},{"$f":"IF(ISERROR(ORÇAMENTO.BancoRef),\"(abra o arquivo 'Referência \"&Excel_BuiltIn_Database&\".xlsm)\",IF(OR($C129<>\"S\",ORÇAMENTO.CodBarra=\"\"),\"(Sem Código)\",IF(ISERROR(MATCH($AE129,INDIRECT(ORÇAMENTO.BancoRef),0)),\"(Código não identificado nas referências)\",MATCH($AE129,INDIRECT(ORÇAMENTO.BancoRef),0))))","v":14929},{"$f":"ROUND(IF(DESONERACAO=\"sim\",REFERENCIA.Desonerado,REFERENCIA.NaoDesonerado),2)","v":71.72},0.22470000000000001,null,8,null,null,702.72,{"$f":"ROUND(ORÇAMENTO.CustoUnitario*(1+$AH129),2)","v":87.84}]
["S",2,"S",0,{"$f":"IF($C130=1,OFFSET(E130,-1,0)+MAX(1,COUNTIF(QCI!$A$13:$A$24,OFFSET(ORÇAMENTO!E130,-1,0))),OFFSET(E130,-1,0))","v":1},14,0,0,5,0,{"$f":"IF(OR($C130=\"S\",$C130=0),0,MATCH(OFFSET($D130,0,$C130)+IF($C130<>1,1,COUNTIF(QCI!$A$13:$A$24,ORÇAMENTO!E130)),OFFSET($D130,1,$C130,ROW($C$140)-ROW($C130)),0))","v":0},"F","Serviço","Serviço","1.14.5.","SINAPI","104754","CONECTOR SPLIT-BOLT, PARA SPDA, PARA CABOS ATÉ 70 MM2 - FORNECIMENTO E INSTALAÇÃO. AF_08/2023","UN",{"$f":"OFFSET(CÁLCULO!H$15,ROW($T130)-ROW(T$15),0)","v":20},35.06,"BDI 1",{"$f":"IF($C130=\"S\",ROUND(IF(TIPOORCAMENTO=\"Proposto\",ORÇAMENTO.CustoUnitario*(1+$AH130),ORÇAMENTO.PrecoUnitarioLicitado),15-13*$AF$10),0)","v":42.94},{"$f":"IF($C130=\"S\",IF(OR(Import.TipoArredondamento<>\"TransfereGOV\",ACOMPANHAMENTO=\"BM\"),VTOTAL1,SUM(OFFSET(CÁLCULO!$AA$15,ROW($X130)-ROW($X$15),1):OFFSET(CÁLCULO!$AL$15,ROW($X130)-ROW($X$15),-1))),IF($C130=0,0,ROUND(SomaAgrup,15-13*$AF$11)))","v":858.8},"RA","RA",{"$f":"IF($C130=\"S\",IF($Z130=\"CP\",$X130,IF($Z130=\"RA\",(($X130)*QCI!$AA$3),0)),SomaAgrup)","v":283.70353095659459},{"$f":"IF($C130=\"S\",IF($Z130=\"OU\",ROUND($X130,2),0),SomaAgrup)","v":0},{"$f":"IF($N130=\"\",\" \",\nIF(AND($C130<>\"S\",OR($R130=\"\",$R130=\"(digite a descrição aqui)\")),\"DESCRIÇÃO\",\nIF(AND($C130=\"S\",OR($Q130<>\"\",$T130>0,$U130>0),$P130=\"\"),\"FONTE\",\nIF(AND($C130=\"S\",$P130<>\"\",OR($T130>0,$U130>0),$Q130=\"\"),\"CÓDIGO\",\nIF(AND($C130=\"S\",$P130<>\"\",$Q130<>\"\",$R130=\"(Código não identificado nas referências)\"),\"CÓDIGO N/ID\",\nIF(AND($C130=\"S\",OR($R130=\"\",$R130=\"(digite a descrição aqui)\"),OR($Q130<>\"\",$T130>0,$U130>0)),\"DESCRIÇÃO\",\nIF(AND($C130=\"S\",$P130<>\"\",$Q130<>\"\",$S130=\"\"),\"UNIDADE\",\nIF(AND($C130=\"S\",$P130<>\"\",$Q130<>\"\",$U130=0),\"SEM CUSTO\",\nIF(AND(TIPOORCAMENTO=\"Licitado\",$AL130=0,$AN130>0),\"SEM PREÇO\",\nIF(AND($C130=\"S\",$P130<>\"\",$Q130<>\"\",$U130>0,AND($V130<>\"BDI 1\",$V130<>\"BDI 2\",$V130<>\"BDI 3\")),IF(ISNUMBER($V130),\"JUSTIFICAR BDI\",\"BDI\"),\nIF(OR(AND(import.recurso=\"OGU\",TIPOORCAMENTO=\"Proposto\",LEFT($O$8,5)<>\"(N/D:\",$AG130<>\"\",ORÇAMENTO.CustoUnitario>$AG130),AND(TIPOORCAMENTO=\"LICITADO\",ORÇAMENTO.PrecoUnitarioLicitado>$AN130)),\"ACIMA REF.\",\nIF(AND($C130=\"S\",$P130<>\"\",$Q130<>\"\",$T130=0,$U130>0),\"QUANT.\",\nIF(AND(Import.TipoArredondamento=\"TransfereGOV\",$L130=\"F\",$C130=\"S\",LEN($Q130)>13),\"Código >13\",\nIF(AND(Import.TipoArredondamento=\"TransfereGOV\",$L130=\"F\",$C130<>\"S\",LEN($R130)>100),\"Descrição >100\",\nIF(AND(Import.TipoArredondamento=\"TransfereGOV\",$L130=\"F\",$C130=\"S\",LEN($R130)>500),\"Descrição >500\",\nIF(AND(Import.TipoArredondamento=\"TransfereGOV\",$L130=\"F\",$C130=\"S\",LEFT(TRIM(UPPER($P130)),6)<>\"SINAPI\",ISNA(VLOOKUP(TRIM(UPPER($S130)),ListaTgov.Unidades,1,FALSE))),\"Unid. Não Disp\",\n\" \"))))))))))))))))","v":" "},{"$f":"IF(C130<=CRONO.NivelExibicao,MAX($AD$15:OFFSET(AD130,-1,0))+IF($C130<>1,1,MAX(1,COUNTIF(QCI!$A$13:$A$24,OFFSET($E130,-1,0)))),\"\")","v":""},{"$f":"IF(AND($C130=\"S\",ORÇAMENTO.CodBarra<>\"\"),IF(ORÇAMENTO.Fonte=\"\",ORÇAMENTO.CodBarra,CONCATENATE(ORÇAMENTO.Fonte,\" \",ORÇAMENTO.CodBarra)))","v":"SINAPI 104754"},{"$f":"IF(ISERROR(ORÇAMENTO.BancoRef),\"(abra o arquivo 'Referência \"&Excel_BuiltIn_Database&\".xlsm)\",IF(OR($C130<>\"S\",ORÇAMENTO.CodBarra=\"\"),\"(Sem Código)\",IF(ISERROR(MATCH($AE130,INDIRECT(ORÇAMENTO.BancoRef),0)),\"(Código não identificado nas referências)\",MATCH($AE130,INDIRECT(ORÇAMENTO.BancoRef),0))))","v":14908},{"$f":"ROUND(IF(DESONERACAO=\"sim\",REFERENCIA.Desonerado,REFERENCIA.NaoDesonerado),2)","v":35.06},0.22470000000000001,null,20,null,null,858.8,{"$f":"ROUND(ORÇAMENTO.CustoUnitario*(1+$AH130),2)","v":42.94}]
["S",2,"S",0,{"$f":"IF($C131=1,OFFSET(E131,-1,0)+MAX(1,COUNTIF(QCI!$A$13:$A$24,OFFSET(ORÇAMENTO!E131,-1,0))),OFFSET(E131,-1,0))","v":1},14,0,0,6,0,{"$f":"IF(OR($C131=\"S\",$C131=0),0,MATCH(OFFSET($D131,0,$C131)+IF($C131<>1,1,COUNTIF(QCI!$A$13:$A$24,ORÇAMENTO!E131)),OFFSET($D131,1,$C131,ROW($C$140)-ROW($C131)),0))","v":0},"F","Serviço","Serviço","1.14.6.","Composição","CPU 18","PARAFUSO AUTO BROCANTE SEXTAVADO 5,5x25MM²","UN",{"$f":"OFFSET(CÁLCULO!H$15,ROW($T131)-ROW(T$15),0)","v":50},0.83,"BDI 1",{"$f":"IF($C131=\"S\",ROUND(IF(TIPOORCAMENTO=\"Proposto\",ORÇAMENTO.CustoUnitario*(1+$AH131),ORÇAMENTO.PrecoUnitarioLicitado),15-13*$AF$10),0)","v":1.02},{"$f":"IF($C131=\"S\",IF(OR(Import.TipoArredondamento<>\"TransfereGOV\",ACOMPANHAMENTO=\"BM\"),VTOTAL1,SUM(OFFSET(CÁLCULO!$AA$15,ROW($X131)-ROW($X$15),1):OFFSET(CÁLCULO!$AL$15,ROW($X131)-ROW($X$15),-1))),IF($C131=0,0,ROUND(SomaAgrup,15-13*$AF$11)))","v":51},"RA","RA",{"$f":"IF($C131=\"S\",IF($Z131=\"CP\",$X131,IF($Z131=\"RA\",(($X131)*QCI!$AA$3),0)),SomaAgrup)","v":16.847787702359483},{"$f":"IF($C131=\"S\",IF($Z131=\"OU\",ROUND($X131,2),0),SomaAgrup)","v":0},{"$f":"IF($N131=\"\",\" \",\nIF(AND($C131<>\"S\",OR($R131=\"\",$R131=\"(digite a descrição aqui)\")),\"DESCRIÇÃO\",\nIF(AND($C131=\"S\",OR($Q131<>\"\",$T131>0,$U131>0),$P131=\"\"),\"FONTE\",\nIF(AND($C131=\"S\",$P131<>\"\",OR($T131>0,$U131>0),$Q131=\"\"),\"CÓDIGO\",\nIF(AND($C131=\"S\",$P131<>\"\",$Q131<>\"\",$R131=\"(Código não identificado nas referências)\"),\"CÓDIGO N/ID\",\nIF(AND($C131=\"S\",OR($R131=\"\",$R131=\"(digite a descrição aqui)\"),OR($Q131<>\"\",$T131>0,$U131>0)),\"DESCRIÇÃO\",\nIF(AND($C131=\"S\",$P131<>\"\",$Q131<>\"\",$S131=\"\"),\"UNIDADE\",\nIF(AND($C131=\"S\",$P131<>\"\",$Q131<>\"\",$U131=0),\"SEM CUSTO\",\nIF(AND(TIPOORCAMENTO=\"Licitado\",$AL131=0,$AN131>0),\"SEM PREÇO\",\nIF(AND($C131=\"S\",$P131<>\"\",$Q131<>\"\",$U131>0,AND($V131<>\"BDI 1\",$V131<>\"BDI 2\",$V131<>\"BDI 3\")),IF(ISNUMBER($V131),\"JUSTIFICAR BDI\",\"BDI\"),\nIF(OR(AND(import.recurso=\"OGU\",TIPOORCAMENTO=\"Proposto\",LEFT($O$8,5)<>\"(N/D:\",$AG131<>\"\",ORÇAMENTO.CustoUnitario>$AG131),AND(TIPOORCAMENTO=\"LICITADO\",ORÇAMENTO.PrecoUnitarioLicitado>$AN131)),\"ACIMA REF.\",\nIF(AND($C131=\"S\",$P131<>\"\",$Q131<>\"\",$T131=0,$U131>0),\"QUANT.\",\nIF(AND(Import.TipoArredondamento=\"TransfereGOV\",$L131=\"F\",$C131=\"S\",LEN($Q131)>13),\"Código >13\",\nIF(AND(Import.TipoArredondamento=\"TransfereGOV\",$L131=\"F\",$C131<>\"S\",LEN($R131)>100),\"Descrição >100\",\nIF(AND(Import.TipoArredondamento=\"TransfereGOV\",$L131=\"F\",$C131=\"S\",LEN($R131)>500),\"Descrição >500\",\nIF(AND(Import.TipoArredondamento=\"TransfereGOV\",$L131=\"F\",$C131=\"S\",LEFT(TRIM(UPPER($P131)),6)<>\"SINAPI\",ISNA(VLOOKUP(TRIM(UPPER($S131)),ListaTgov.Unidades,1,FALSE))),\"Unid. Não Disp\",\n\" \"))))))))))))))))","v":" "},{"$f":"IF(C131<=CRONO.NivelExibicao,MAX($AD$15:OFFSET(AD131,-1,0))+IF($C131<>1,1,MAX(1,COUNTIF(QCI!$A$13:$A$24,OFFSET($E131,-1,0)))),\"\")","v":""},{"$f":"IF(AND($C131=\"S\",ORÇAMENTO.CodBarra<>\"\"),IF(ORÇAMENTO.Fonte=\"\",ORÇAMENTO.CodBarra,CONCATENATE(ORÇAMENTO.Fonte,\" \",ORÇAMENTO.CodBarra)))","v":"Composição CPU 18"},{"$f":"IF(ISERROR(ORÇAMENTO.BancoRef),\"(abra o arquivo 'Referência \"&Excel_BuiltIn_Database&\".xlsm)\",IF(OR($C131<>\"S\",ORÇAMENTO.CodBarra=\"\"),\"(Sem Código)\",IF(ISERROR(MATCH($AE131,INDIRECT(ORÇAMENTO.BancoRef),0)),\"(Código não identificado nas referências)\",MATCH($AE131,INDIRECT(ORÇAMENTO.BancoRef),0))))","v":15},{"$f":"ROUND(IF(DESONERACAO=\"sim\",REFERENCIA.Desonerado,REFERENCIA.NaoDesonerado),2)","v":0.83},0.22470000000000001,null,50,null,null,51,{"$f":"ROUND(ORÇAMENTO.CustoUnitario*(1+$AH131),2)","v":1.02}]
["S",2,"S",0,{"$f":"IF($C132=1,OFFSET(E132,-1,0)+MAX(1,COUNTIF(QCI!$A$13:$A$24,OFFSET(ORÇAMENTO!E132,-1,0))),OFFSET(E132,-1,0))","v":1},14,0,0,7,0,{"$f":"IF(OR($C132=\"S\",$C132=0),0,MATCH(OFFSET($D132,0,$C132)+IF($C132<>1,1,COUNTIF(QCI!$A$13:$A$24,ORÇAMENTO!E132)),OFFSET($D132,1,$C132,ROW($C$140)-ROW($C132)),0))","v":0},"F","Serviço","Serviço","1.14.7.","Composição","CPU 19","CONEXAO ATRAVES DE SOLDA EXOTERMICA, INCLUSO MOLDE, PALITO IGNITOR E ALICATE - FORNECIMENTO E INSTALAÇÃO","UN",{"$f":"OFFSET(CÁLCULO!H$15,ROW($T132)-ROW(T$15),0)","v":10},52.99,"BDI 1",{"$f":"IF($C132=\"S\",ROUND(IF(TIPOORCAMENTO=\"Proposto\",ORÇAMENTO.CustoUnitario*(1+$AH132),ORÇAMENTO.PrecoUnitarioLicitado),15-13*$AF$10),0)","v":64.900000000000006},{"$f":"IF($C132=\"S\",IF(OR(Import.TipoArredondamento<>\"TransfereGOV\",ACOMPANHAMENTO=\"BM\"),VTOTAL1,SUM(OFFSET(CÁLCULO!$AA$15,ROW($X132)-ROW($X$15),1):OFFSET(CÁLCULO!$AL$15,ROW($X132)-ROW($X$15),-1))),IF($C132=0,0,ROUND(SomaAgrup,15-13*$AF$11)))","v":649},"RA","RA",{"$f":"IF($C132=\"S\",IF($Z132=\"CP\",$X132,IF($Z132=\"RA\",(($X132)*QCI!$AA$3),0)),SomaAgrup)","v":214.39635723198637},{"$f":"IF($C132=\"S\",IF($Z132=\"OU\",ROUND($X132,2),0),SomaAgrup)","v":0},{"$f":"IF($N132=\"\",\" \",\nIF(AND($C132<>\"S\",OR($R132=\"\",$R132=\"(digite a descrição aqui)\")),\"DESCRIÇÃO\",\nIF(AND($C132=\"S\",OR($Q132<>\"\",$T132>0,$U132>0),$P132=\"\"),\"FONTE\",\nIF(AND($C132=\"S\",$P132<>\"\",OR($T132>0,$U132>0),$Q132=\"\"),\"CÓDIGO\",\nIF(AND($C132=\"S\",$P132<>\"\",$Q132<>\"\",$R132=\"(Código não identificado nas referências)\"),\"CÓDIGO N/ID\",\nIF(AND($C132=\"S\",OR($R132=\"\",$R132=\"(digite a descrição aqui)\"),OR($Q132<>\"\",$T132>0,$U132>0)),\"DESCRIÇÃO\",\nIF(AND($C132=\"S\",$P132<>\"\",$Q132<>\"\",$S132=\"\"),\"UNIDADE\",\nIF(AND($C132=\"S\",$P132<>\"\",$Q132<>\"\",$U132=0),\"SEM CUSTO\",\nIF(AND(TIPOORCAMENTO=\"Licitado\",$AL132=0,$AN132>0),\"SEM PREÇO\",\nIF(AND($C132=\"S\",$P132<>\"\",$Q132<>\"\",$U132>0,AND($V132<>\"BDI 1\",$V132<>\"BDI 2\",$V132<>\"BDI 3\")),IF(ISNUMBER($V132),\"JUSTIFICAR BDI\",\"BDI\"),\nIF(OR(AND(import.recurso=\"OGU\",TIPOORCAMENTO=\"Proposto\",LEFT($O$8,5)<>\"(N/D:\",$AG132<>\"\",ORÇAMENTO.CustoUnitario>$AG132),AND(TIPOORCAMENTO=\"LICITADO\",ORÇAMENTO.PrecoUnitarioLicitado>$AN132)),\"ACIMA REF.\",\nIF(AND($C132=\"S\",$P132<>\"\",$Q132<>\"\",$T132=0,$U132>0),\"QUANT.\",\nIF(AND(Import.TipoArredondamento=\"TransfereGOV\",$L132=\"F\",$C132=\"S\",LEN($Q132)>13),\"Código >13\",\nIF(AND(Import.TipoArredondamento=\"TransfereGOV\",$L132=\"F\",$C132<>\"S\",LEN($R132)>100),\"Descrição >100\",\nIF(AND(Import.TipoArredondamento=\"TransfereGOV\",$L132=\"F\",$C132=\"S\",LEN($R132)>500),\"Descrição >500\",\nIF(AND(Import.TipoArredondamento=\"TransfereGOV\",$L132=\"F\",$C132=\"S\",LEFT(TRIM(UPPER($P132)),6)<>\"SINAPI\",ISNA(VLOOKUP(TRIM(UPPER($S132)),ListaTgov.Unidades,1,FALSE))),\"Unid. Não Disp\",\n\" \"))))))))))))))))","v":" "},{"$f":"IF(C132<=CRONO.NivelExibicao,MAX($AD$15:OFFSET(AD132,-1,0))+IF($C132<>1,1,MAX(1,COUNTIF(QCI!$A$13:$A$24,OFFSET($E132,-1,0)))),\"\")","v":""},{"$f":"IF(AND($C132=\"S\",ORÇAMENTO.CodBarra<>\"\"),IF(ORÇAMENTO.Fonte=\"\",ORÇAMENTO.CodBarra,CONCATENATE(ORÇAMENTO.Fonte,\" \",ORÇAMENTO.CodBarra)))","v":"Composição CPU 19"},{"$f":"IF(ISERROR(ORÇAMENTO.BancoRef),\"(abra o arquivo 'Referência \"&Excel_BuiltIn_Database&\".xlsm)\",IF(OR($C132<>\"S\",ORÇAMENTO.CodBarra=\"\"),\"(Sem Código)\",IF(ISERROR(MATCH($AE132,INDIRECT(ORÇAMENTO.BancoRef),0)),\"(Código não identificado nas referências)\",MATCH($AE132,INDIRECT(ORÇAMENTO.BancoRef),0))))","v":16},{"$f":"ROUND(IF(DESONERACAO=\"sim\",REFERENCIA.Desonerado,REFERENCIA.NaoDesonerado),2)","v":52.99},0.22470000000000001,null,10,null,null,649,{"$f":"ROUND(ORÇAMENTO.CustoUnitario*(1+$AH132),2)","v":64.900000000000006}]
["S",2,"S",0,{"$f":"IF($C133=1,OFFSET(E133,-1,0)+MAX(1,COUNTIF(QCI!$A$13:$A$24,OFFSET(ORÇAMENTO!E133,-1,0))),OFFSET(E133,-1,0))","v":1},14,0,0,8,0,{"$f":"IF(OR($C133=\"S\",$C133=0),0,MATCH(OFFSET($D133,0,$C133)+IF($C133<>1,1,COUNTIF(QCI!$A$13:$A$24,ORÇAMENTO!E133)),OFFSET($D133,1,$C133,ROW($C$140)-ROW($C133)),0))","v":0},"F","Serviço","Serviço","1.14.8.","SINAPI","93358","ESCAVAÇÃO MANUAL DE VALA. AF_09/2024","M3",{"$f":"OFFSET(CÁLCULO!H$15,ROW($T133)-ROW(T$15),0)","v":25.5},82.04,"BDI 1",{"$f":"IF($C133=\"S\",ROUND(IF(TIPOORCAMENTO=\"Proposto\",ORÇAMENTO.CustoUnitario*(1+$AH133),ORÇAMENTO.PrecoUnitarioLicitado),15-13*$AF$10),0)","v":100.47},{"$f":"IF($C133=\"S\",IF(OR(Import.TipoArredondamento<>\"TransfereGOV\",ACOMPANHAMENTO=\"BM\"),VTOTAL1,SUM(OFFSET(CÁLCULO!$AA$15,ROW($X133)-ROW($X$15),1):OFFSET(CÁLCULO!$AL$15,ROW($X133)-ROW($X$15),-1))),IF($C133=0,0,ROUND(SomaAgrup,15-13*$AF$11)))","v":2561.9899999999998},"RA","RA",{"$f":"IF($C133=\"S\",IF($Z133=\"CP\",$X133,IF($Z133=\"RA\",(($X133)*QCI!$AA$3),0)),SomaAgrup)","v":846.35026697192097},{"$f":"IF($C133=\"S\",IF($Z133=\"OU\",ROUND($X133,2),0),SomaAgrup)","v":0},{"$f":"IF($N133=\"\",\" \",\nIF(AND($C133<>\"S\",OR($R133=\"\",$R133=\"(digite a descrição aqui)\")),\"DESCRIÇÃO\",\nIF(AND($C133=\"S\",OR($Q133<>\"\",$T133>0,$U133>0),$P133=\"\"),\"FONTE\",\nIF(AND($C133=\"S\",$P133<>\"\",OR($T133>0,$U133>0),$Q133=\"\"),\"CÓDIGO\",\nIF(AND($C133=\"S\",$P133<>\"\",$Q133<>\"\",$R133=\"(Código não identificado nas referências)\"),\"CÓDIGO N/ID\",\nIF(AND($C133=\"S\",OR($R133=\"\",$R133=\"(digite a descrição aqui)\"),OR($Q133<>\"\",$T133>0,$U133>0)),\"DESCRIÇÃO\",\nIF(AND($C133=\"S\",$P133<>\"\",$Q133<>\"\",$S133=\"\"),\"UNIDADE\",\nIF(AND($C133=\"S\",$P133<>\"\",$Q133<>\"\",$U133=0),\"SEM CUSTO\",\nIF(AND(TIPOORCAMENTO=\"Licitado\",$AL133=0,$AN133>0),\"SEM PREÇO\",\nIF(AND($C133=\"S\",$P133<>\"\",$Q133<>\"\",$U133>0,AND($V133<>\"BDI 1\",$V133<>\"BDI 2\",$V133<>\"BDI 3\")),IF(ISNUMBER($V133),\"JUSTIFICAR BDI\",\"BDI\"),\nIF(OR(AND(import.recurso=\"OGU\",TIPOORCAMENTO=\"Proposto\",LEFT($O$8,5)<>\"(N/D:\",$AG133<>\"\",ORÇAMENTO.CustoUnitario>$AG133),AND(TIPOORCAMENTO=\"LICITADO\",ORÇAMENTO.PrecoUnitarioLicitado>$AN133)),\"ACIMA REF.\",\nIF(AND($C133=\"S\",$P133<>\"\",$Q133<>\"\",$T133=0,$U133>0),\"QUANT.\",\nIF(AND(Import.TipoArredondamento=\"TransfereGOV\",$L133=\"F\",$C133=\"S\",LEN($Q133)>13),\"Código >13\",\nIF(AND(Import.TipoArredondamento=\"TransfereGOV\",$L133=\"F\",$C133<>\"S\",LEN($R133)>100),\"Descrição >100\",\nIF(AND(Import.TipoArredondamento=\"TransfereGOV\",$L133=\"F\",$C133=\"S\",LEN($R133)>500),\"Descrição >500\",\nIF(AND(Import.TipoArredondamento=\"TransfereGOV\",$L133=\"F\",$C133=\"S\",LEFT(TRIM(UPPER($P133)),6)<>\"SINAPI\",ISNA(VLOOKUP(TRIM(UPPER($S133)),ListaTgov.Unidades,1,FALSE))),\"Unid. Não Disp\",\n\" \"))))))))))))))))","v":" "},{"$f":"IF(C133<=CRONO.NivelExibicao,MAX($AD$15:OFFSET(AD133,-1,0))+IF($C133<>1,1,MAX(1,COUNTIF(QCI!$A$13:$A$24,OFFSET($E133,-1,0)))),\"\")","v":""},{"$f":"IF(AND($C133=\"S\",ORÇAMENTO.CodBarra<>\"\"),IF(ORÇAMENTO.Fonte=\"\",ORÇAMENTO.CodBarra,CONCATENATE(ORÇAMENTO.Fonte,\" \",ORÇAMENTO.CodBarra)))","v":"SINAPI 93358"},{"$f":"IF(ISERROR(ORÇAMENTO.BancoRef),\"(abra o arquivo 'Referência \"&Excel_BuiltIn_Database&\".xlsm)\",IF(OR($C133<>\"S\",ORÇAMENTO.CodBarra=\"\"),\"(Sem Código)\",IF(ISERROR(MATCH($AE133,INDIRECT(ORÇAMENTO.BancoRef),0)),\"(Código não identificado nas referências)\",MATCH($AE133,INDIRECT(ORÇAMENTO.BancoRef),0))))","v":9290},{"$f":"ROUND(IF(DESONERACAO=\"sim\",REFERENCIA.Desonerado,REFERENCIA.NaoDesonerado),2)","v":82.04},0.22470000000000001,null,25.5,null,null,2561.9899999999998,{"$f":"ROUND(ORÇAMENTO.CustoUnitario*(1+$AH133),2)","v":100.47}]
["S",2,"S",0,{"$f":"IF($C134=1,OFFSET(E134,-1,0)+MAX(1,COUNTIF(QCI!$A$13:$A$24,OFFSET(ORÇAMENTO!E134,-1,0))),OFFSET(E134,-1,0))","v":1},14,0,0,9,0,{"$f":"IF(OR($C134=\"S\",$C134=0),0,MATCH(OFFSET($D134,0,$C134)+IF($C134<>1,1,COUNTIF(QCI!$A$13:$A$24,ORÇAMENTO!E134)),OFFSET($D134,1,$C134,ROW($C$140)-ROW($C134)),0))","v":0},"F","Serviço","Serviço","1.14.9.","SINAPI","93382","REATERRO MANUAL DE VALAS, COM COMPACTADOR DE SOLOS DE PERCUSSÃO. AF_08/2023","M3",{"$f":"OFFSET(CÁLCULO!H$15,ROW($T134)-ROW(T$15),0)","v":25.5},25.26,"BDI 1",{"$f":"IF($C134=\"S\",ROUND(IF(TIPOORCAMENTO=\"Proposto\",ORÇAMENTO.CustoUnitario*(1+$AH134),ORÇAMENTO.PrecoUnitarioLicitado),15-13*$AF$10),0)","v":30.94},{"$f":"IF($C134=\"S\",IF(OR(Import.TipoArredondamento<>\"TransfereGOV\",ACOMPANHAMENTO=\"BM\"),VTOTAL1,SUM(OFFSET(CÁLCULO!$AA$15,ROW($X134)-ROW($X$15),1):OFFSET(CÁLCULO!$AL$15,ROW($X134)-ROW($X$15),-1))),IF($C134=0,0,ROUND(SomaAgrup,15-13*$AF$11)))","v":788.97},"RA","RA",{"$f":"IF($C134=\"S\",IF($Z134=\"CP\",$X134,IF($Z134=\"RA\",(($X134)*QCI!$AA$3),0)),SomaAgrup)","v":260.6352757555012},{"$f":"IF($C134=\"S\",IF($Z134=\"OU\",ROUND($X134,2),0),SomaAgrup)","v":0},{"$f":"IF($N134=\"\",\" \",\nIF(AND($C134<>\"S\",OR($R134=\"\",$R134=\"(digite a descrição aqui)\")),\"DESCRIÇÃO\",\nIF(AND($C134=\"S\",OR($Q134<>\"\",$T134>0,$U134>0),$P134=\"\"),\"FONTE\",\nIF(AND($C134=\"S\",$P134<>\"\",OR($T134>0,$U134>0),$Q134=\"\"),\"CÓDIGO\",\nIF(AND($C134=\"S\",$P134<>\"\",$Q134<>\"\",$R134=\"(Código não identificado nas referências)\"),\"CÓDIGO N/ID\",\nIF(AND($C134=\"S\",OR($R134=\"\",$R134=\"(digite a descrição aqui)\"),OR($Q134<>\"\",$T134>0,$U134>0)),\"DESCRIÇÃO\",\nIF(AND($C134=\"S\",$P134<>\"\",$Q134<>\"\",$S134=\"\"),\"UNIDADE\",\nIF(AND($C134=\"S\",$P134<>\"\",$Q134<>\"\",$U134=0),\"SEM CUSTO\",\nIF(AND(TIPOORCAMENTO=\"Licitado\",$AL134=0,$AN134>0),\"SEM PREÇO\",\nIF(AND($C134=\"S\",$P134<>\"\",$Q134<>\"\",$U134>0,AND($V134<>\"BDI 1\",$V134<>\"BDI 2\",$V134<>\"BDI 3\")),IF(ISNUMBER($V134),\"JUSTIFICAR BDI\",\"BDI\"),\nIF(OR(AND(import.recurso=\"OGU\",TIPOORCAMENTO=\"Proposto\",LEFT($O$8,5)<>\"(N/D:\",$AG134<>\"\",ORÇAMENTO.CustoUnitario>$AG134),AND(TIPOORCAMENTO=\"LICITADO\",ORÇAMENTO.PrecoUnitarioLicitado>$AN134)),\"ACIMA REF.\",\nIF(AND($C134=\"S\",$P134<>\"\",$Q134<>\"\",$T134=0,$U134>0),\"QUANT.\",\nIF(AND(Import.TipoArredondamento=\"TransfereGOV\",$L134=\"F\",$C134=\"S\",LEN($Q134)>13),\"Código >13\",\nIF(AND(Import.TipoArredondamento=\"TransfereGOV\",$L134=\"F\",$C134<>\"S\",LEN($R134)>100),\"Descrição >100\",\nIF(AND(Import.TipoArredondamento=\"TransfereGOV\",$L134=\"F\",$C134=\"S\",LEN($R134)>500),\"Descrição >500\",\nIF(AND(Import.TipoArredondamento=\"TransfereGOV\",$L134=\"F\",$C134=\"S\",LEFT(TRIM(UPPER($P134)),6)<>\"SINAPI\",ISNA(VLOOKUP(TRIM(UPPER($S134)),ListaTgov.Unidades,1,FALSE))),\"Unid. Não Disp\",\n\" \"))))))))))))))))","v":" "},{"$f":"IF(C134<=CRONO.NivelExibicao,MAX($AD$15:OFFSET(AD134,-1,0))+IF($C134<>1,1,MAX(1,COUNTIF(QCI!$A$13:$A$24,OFFSET($E134,-1,0)))),\"\")","v":""},{"$f":"IF(AND($C134=\"S\",ORÇAMENTO.CodBarra<>\"\"),IF(ORÇAMENTO.Fonte=\"\",ORÇAMENTO.CodBarra,CONCATENATE(ORÇAMENTO.Fonte,\" \",ORÇAMENTO.CodBarra)))","v":"SINAPI 93382"},{"$f":"IF(ISERROR(ORÇAMENTO.BancoRef),\"(abra o arquivo 'Referência \"&Excel_BuiltIn_Database&\".xlsm)\",IF(OR($C134<>\"S\",ORÇAMENTO.CodBarra=\"\"),\"(Sem Código)\",IF(ISERROR(MATCH($AE134,INDIRECT(ORÇAMENTO.BancoRef),0)),\"(Código não identificado nas referências)\",MATCH($AE134,INDIRECT(ORÇAMENTO.BancoRef),0))))","v":6756},{"$f":"ROUND(IF(DESONERACAO=\"sim\",REFERENCIA.Desonerado,REFERENCIA.NaoDesonerado),2)","v":25.26},0.22470000000000001,null,25.5,null,null,788.97,{"$f":"ROUND(ORÇAMENTO.CustoUnitario*(1+$AH134),2)","v":30.94}]
[2,2,2,2,{"$f":"IF($C135=1,OFFSET(E135,-1,0)+MAX(1,COUNTIF(QCI!$A$13:$A$24,OFFSET(ORÇAMENTO!E135,-1,0))),OFFSET(E135,-1,0))","v":1},15,0,0,0,5,{"$f":"IF(OR($C135=\"S\",$C135=0),0,MATCH(OFFSET($D135,0,$C135)+IF($C135<>1,1,COUNTIF(QCI!$A$13:$A$24,ORÇAMENTO!E135)),OFFSET($D135,1,$C135,ROW($C$140)-ROW($C135)),0))","v":2},"F","Nível 2","Nível 2","1.15.","SINAPI",null,"LIMPEZA DE OBRA","-",{"$f":"OFFSET(CÁLCULO!H$15,ROW($T135)-ROW(T$15),0)","v":0},0,"BDI 1",{"$f":"IF($C135=\"S\",ROUND(IF(TIPOORCAMENTO=\"Proposto\",ORÇAMENTO.CustoUnitario*(1+$AH135),ORÇAMENTO.PrecoUnitarioLicitado),15-13*$AF$10),0)","v":0},{"$f":"IF($C135=\"S\",IF(OR(Import.TipoArredondamento<>\"TransfereGOV\",ACOMPANHAMENTO=\"BM\"),VTOTAL1,SUM(OFFSET(CÁLCULO!$AA$15,ROW($X135)-ROW($X$15),1):OFFSET(CÁLCULO!$AL$15,ROW($X135)-ROW($X$15),-1))),IF($C135=0,0,ROUND(SomaAgrup,15-13*$AF$11)))","v":1250.03},"RA","",{"$f":"IF($C135=\"S\",IF($Z135=\"CP\",$X135,IF($Z135=\"RA\",(($X135)*QCI!$AA$3),0)),SomaAgrup)","v":412.94588356040049},{"$f":"IF($C135=\"S\",IF($Z135=\"OU\",ROUND($X135,2),0),SomaAgrup)","v":0},{"$f":"IF($N135=\"\",\" \",\nIF(AND($C135<>\"S\",OR($R135=\"\",$R135=\"(digite a descrição aqui)\")),\"DESCRIÇÃO\",\nIF(AND($C135=\"S\",OR($Q135<>\"\",$T135>0,$U135>0),$P135=\"\"),\"FONTE\",\nIF(AND($C135=\"S\",$P135<>\"\",OR($T135>0,$U135>0),$Q135=\"\"),\"CÓDIGO\",\nIF(AND($C135=\"S\",$P135<>\"\",$Q135<>\"\",$R135=\"(Código não identificado nas referências)\"),\"CÓDIGO N/ID\",\nIF(AND($C135=\"S\",OR($R135=\"\",$R135=\"(digite a descrição aqui)\"),OR($Q135<>\"\",$T135>0,$U135>0)),\"DESCRIÇÃO\",\nIF(AND($C135=\"S\",$P135<>\"\",$Q135<>\"\",$S135=\"\"),\"UNIDADE\",\nIF(AND($C135=\"S\",$P135<>\"\",$Q135<>\"\",$U135=0),\"SEM CUSTO\",\nIF(AND(TIPOORCAMENTO=\"Licitado\",$AL135=0,$AN135>0),\"SEM PREÇO\",\nIF(AND($C135=\"S\",$P135<>\"\",$Q135<>\"\",$U135>0,AND($V135<>\"BDI 1\",$V135<>\"BDI 2\",$V135<>\"BDI 3\")),IF(ISNUMBER($V135),\"JUSTIFICAR BDI\",\"BDI\"),\nIF(OR(AND(import.recurso=\"OGU\",TIPOORCAMENTO=\"Proposto\",LEFT($O$8,5)<>\"(N/D:\",$AG135<>\"\",ORÇAMENTO.CustoUnitario>$AG135),AND(TIPOORCAMENTO=\"LICITADO\",ORÇAMENTO.PrecoUnitarioLicitado>$AN135)),\"ACIMA REF.\",\nIF(AND($C135=\"S\",$P135<>\"\",$Q135<>\"\",$T135=0,$U135>0),\"QUANT.\",\nIF(AND(Import.TipoArredondamento=\"TransfereGOV\",$L135=\"F\",$C135=\"S\",LEN($Q135)>13),\"Código >13\",\nIF(AND(Import.TipoArredondamento=\"TransfereGOV\",$L135=\"F\",$C135<>\"S\",LEN($R135)>100),\"Descrição >100\",\nIF(AND(Import.TipoArredondamento=\"TransfereGOV\",$L135=\"F\",$C135=\"S\",LEN($R135)>500),\"Descrição >500\",\nIF(AND(Import.TipoArredondamento=\"TransfereGOV\",$L135=\"F\",$C135=\"S\",LEFT(TRIM(UPPER($P135)),6)<>\"SINAPI\",ISNA(VLOOKUP(TRIM(UPPER($S135)),ListaTgov.Unidades,1,FALSE))),\"Unid. Não Disp\",\n\" \"))))))))))))))))","v":" "},{"$f":"IF(C135<=CRONO.NivelExibicao,MAX($AD$15:OFFSET(AD135,-1,0))+IF($C135<>1,1,MAX(1,COUNTIF(QCI!$A$13:$A$24,OFFSET($E135,-1,0)))),\"\")","v":16},{"$f":"IF(AND($C135=\"S\",ORÇAMENTO.CodBarra<>\"\"),IF(ORÇAMENTO.Fonte=\"\",ORÇAMENTO.CodBarra,CONCATENATE(ORÇAMENTO.Fonte,\" \",ORÇAMENTO.CodBarra)))","v":false},{"$f":"IF(ISERROR(ORÇAMENTO.BancoRef),\"(abra o arquivo 'Referência \"&Excel_BuiltIn_Database&\".xlsm)\",IF(OR($C135<>\"S\",ORÇAMENTO.CodBarra=\"\"),\"(Sem Código)\",IF(ISERROR(MATCH($AE135,INDIRECT(ORÇAMENTO.BancoRef),0)),\"(Código não identificado nas referências)\",MATCH($AE135,INDIRECT(ORÇAMENTO.BancoRef),0))))","v":"(Sem Código)"},{"$f":"ROUND(IF(DESONERACAO=\"sim\",REFERENCIA.Desonerado,REFERENCIA.NaoDesonerado),2)","v":0},0.22470000000000001,null,0,null,null,1250.03,{"$f":"ROUND(ORÇAMENTO.CustoUnitario*(1+$AH135),2)","v":0}]
["S",2,"S",0,{"$f":"IF($C136=1,OFFSET(E136,-1,0)+MAX(1,COUNTIF(QCI!$A$13:$A$24,OFFSET(ORÇAMENTO!E136,-1,0))),OFFSET(E136,-1,0))","v":1},15,0,0,1,0,{"$f":"IF(OR($C136=\"S\",$C136=0),0,MATCH(OFFSET($D136,0,$C136)+IF($C136<>1,1,COUNTIF(QCI!$A$13:$A$24,ORÇAMENTO!E136)),OFFSET($D136,1,$C136,ROW($C$140)-ROW($C136)),0))","v":0},"F","Serviço","Serviço","1.15.1.","SINAPI","99814","LIMPEZA DE SUPERFÍCIE COM JATO DE ALTA PRESSÃO. AF_04/2019","M2",{"$f":"OFFSET(CÁLCULO!H$15,ROW($T136)-ROW(T$15),0)","v":534.20000000000005},1.91,"BDI 1",{"$f":"IF($C136=\"S\",ROUND(IF(TIPOORCAMENTO=\"Proposto\",ORÇAMENTO.CustoUnitario*(1+$AH136),ORÇAMENTO.PrecoUnitarioLicitado),15-13*$AF$10),0)","v":2.34},{"$f":"IF($C136=\"S\",IF(OR(Import.TipoArredondamento<>\"TransfereGOV\",ACOMPANHAMENTO=\"BM\"),VTOTAL1,SUM(OFFSET(CÁLCULO!$AA$15,ROW($X136)-ROW($X$15),1):OFFSET(CÁLCULO!$AL$15,ROW($X136)-ROW($X$15),-1))),IF($C136=0,0,ROUND(SomaAgrup,15-13*$AF$11)))","v":1250.03},"RA","RA",{"$f":"IF($C136=\"S\",IF($Z136=\"CP\",$X136,IF($Z136=\"RA\",(($X136)*QCI!$AA$3),0)),SomaAgrup)","v":412.94588356040049},{"$f":"IF($C136=\"S\",IF($Z136=\"OU\",ROUND($X136,2),0),SomaAgrup)","v":0},{"$f":"IF($N136=\"\",\" \",\nIF(AND($C136<>\"S\",OR($R136=\"\",$R136=\"(digite a descrição aqui)\")),\"DESCRIÇÃO\",\nIF(AND($C136=\"S\",OR($Q136<>\"\",$T136>0,$U136>0),$P136=\"\"),\"FONTE\",\nIF(AND($C136=\"S\",$P136<>\"\",OR($T136>0,$U136>0),$Q136=\"\"),\"CÓDIGO\",\nIF(AND($C136=\"S\",$P136<>\"\",$Q136<>\"\",$R136=\"(Código não identificado nas referências)\"),\"CÓDIGO N/ID\",\nIF(AND($C136=\"S\",OR($R136=\"\",$R136=\"(digite a descrição aqui)\"),OR($Q136<>\"\",$T136>0,$U136>0)),\"DESCRIÇÃO\",\nIF(AND($C136=\"S\",$P136<>\"\",$Q136<>\"\",$S136=\"\"),\"UNIDADE\",\nIF(AND($C136=\"S\",$P136<>\"\",$Q136<>\"\",$U136=0),\"SEM CUSTO\",\nIF(AND(TIPOORCAMENTO=\"Licitado\",$AL136=0,$AN136>0),\"SEM PREÇO\",\nIF(AND($C136=\"S\",$P136<>\"\",$Q136<>\"\",$U136>0,AND($V136<>\"BDI 1\",$V136<>\"BDI 2\",$V136<>\"BDI 3\")),IF(ISNUMBER($V136),\"JUSTIFICAR BDI\",\"BDI\"),\nIF(OR(AND(import.recurso=\"OGU\",TIPOORCAMENTO=\"Proposto\",LEFT($O$8,5)<>\"(N/D:\",$AG136<>\"\",ORÇAMENTO.CustoUnitario>$AG136),AND(TIPOORCAMENTO=\"LICITADO\",ORÇAMENTO.PrecoUnitarioLicitado>$AN136)),\"ACIMA REF.\",\nIF(AND($C136=\"S\",$P136<>\"\",$Q136<>\"\",$T136=0,$U136>0),\"QUANT.\",\nIF(AND(Import.TipoArredondamento=\"TransfereGOV\",$L136=\"F\",$C136=\"S\",LEN($Q136)>13),\"Código >13\",\nIF(AND(Import.TipoArredondamento=\"TransfereGOV\",$L136=\"F\",$C136<>\"S\",LEN($R136)>100),\"Descrição >100\",\nIF(AND(Import.TipoArredondamento=\"TransfereGOV\",$L136=\"F\",$C136=\"S\",LEN($R136)>500),\"Descrição >500\",\nIF(AND(Import.TipoArredondamento=\"TransfereGOV\",$L136=\"F\",$C136=\"S\",LEFT(TRIM(UPPER($P136)),6)<>\"SINAPI\",ISNA(VLOOKUP(TRIM(UPPER($S136)),ListaTgov.Unidades,1,FALSE))),\"Unid. Não Disp\",\n\" \"))))))))))))))))","v":" "},{"$f":"IF(C136<=CRONO.NivelExibicao,MAX($AD$15:OFFSET(AD136,-1,0))+IF($C136<>1,1,MAX(1,COUNTIF(QCI!$A$13:$A$24,OFFSET($E136,-1,0)))),\"\")","v":""},{"$f":"IF(AND($C136=\"S\",ORÇAMENTO.CodBarra<>\"\"),IF(ORÇAMENTO.Fonte=\"\",ORÇAMENTO.CodBarra,CONCATENATE(ORÇAMENTO.Fonte,\" \",ORÇAMENTO.CodBarra)))","v":"SINAPI 99814"},{"$f":"IF(ISERROR(ORÇAMENTO.BancoRef),\"(abra o arquivo 'Referência \"&Excel_BuiltIn_Database&\".xlsm)\",IF(OR($C136<>\"S\",ORÇAMENTO.CodBarra=\"\"),\"(Sem Código)\",IF(ISERROR(MATCH($AE136,INDIRECT(ORÇAMENTO.BancoRef),0)),\"(Código não identificado nas referências)\",MATCH($AE136,INDIRECT(ORÇAMENTO.BancoRef),0))))","v":12782},{"$f":"ROUND(IF(DESONERACAO=\"sim\",REFERENCIA.Desonerado,REFERENCIA.NaoDesonerado),2)","v":1.91},0.22470000000000001,null,534.20000000000005,null,null,1250.03,{"$f":"ROUND(ORÇAMENTO.CustoUnitario*(1+$AH136),2)","v":2.34}]
[2,2,2,3,{"$f":"IF($C137=1,OFFSET(E137,-1,0)+MAX(1,COUNTIF(QCI!$A$13:$A$24,OFFSET(ORÇAMENTO!E137,-1,0))),OFFSET(E137,-1,0))","v":1},16,0,0,0,3,{"$f":"IF(OR($C137=\"S\",$C137=0),0,MATCH(OFFSET($D137,0,$C137)+IF($C137<>1,1,COUNTIF(QCI!$A$13:$A$24,ORÇAMENTO!E137)),OFFSET($D137,1,$C137,ROW($C$140)-ROW($C137)),0))","v":{"$error":"#N/A"}},"F","Nível 2","Nível 2","1.16.","SINAPI",null,"ADMINISTRAÇÃO LOCAL DA OBRA","-",{"$f":"OFFSET(CÁLCULO!H$15,ROW($T137)-ROW(T$15),0)","v":0},0,"BDI 1",{"$f":"IF($C137=\"S\",ROUND(IF(TIPOORCAMENTO=\"Proposto\",ORÇAMENTO.CustoUnitario*(1+$AH137),ORÇAMENTO.PrecoUnitarioLicitado),15-13*$AF$10),0)","v":0},{"$f":"IF($C137=\"S\",IF(OR(Import.TipoArredondamento<>\"TransfereGOV\",ACOMPANHAMENTO=\"BM\"),VTOTAL1,SUM(OFFSET(CÁLCULO!$AA$15,ROW($X137)-ROW($X$15),1):OFFSET(CÁLCULO!$AL$15,ROW($X137)-ROW($X$15),-1))),IF($C137=0,0,ROUND(SomaAgrup,15-13*$AF$11)))","v":52153.84},"RA","",{"$f":"IF($C137=\"S\",IF($Z137=\"CP\",$X137,IF($Z137=\"RA\",(($X137)*QCI!$AA$3),0)),SomaAgrup)","v":17228.957336918123},{"$f":"IF($C137=\"S\",IF($Z137=\"OU\",ROUND($X137,2),0),SomaAgrup)","v":0},{"$f":"IF($N137=\"\",\" \",\nIF(AND($C137<>\"S\",OR($R137=\"\",$R137=\"(digite a descrição aqui)\")),\"DESCRIÇÃO\",\nIF(AND($C137=\"S\",OR($Q137<>\"\",$T137>0,$U137>0),$P137=\"\"),\"FONTE\",\nIF(AND($C137=\"S\",$P137<>\"\",OR($T137>0,$U137>0),$Q137=\"\"),\"CÓDIGO\",\nIF(AND($C137=\"S\",$P137<>\"\",$Q137<>\"\",$R137=\"(Código não identificado nas referências)\"),\"CÓDIGO N/ID\",\nIF(AND($C137=\"S\",OR($R137=\"\",$R137=\"(digite a descrição aqui)\"),OR($Q137<>\"\",$T137>0,$U137>0)),\"DESCRIÇÃO\",\nIF(AND($C137=\"S\",$P137<>\"\",$Q137<>\"\",$S137=\"\"),\"UNIDADE\",\nIF(AND($C137=\"S\",$P137<>\"\",$Q137<>\"\",$U137=0),\"SEM CUSTO\",\nIF(AND(TIPOORCAMENTO=\"Licitado\",$AL137=0,$AN137>0),\"SEM PREÇO\",\nIF(AND($C137=\"S\",$P137<>\"\",$Q137<>\"\",$U137>0,AND($V137<>\"BDI 1\",$V137<>\"BDI 2\",$V137<>\"BDI 3\")),IF(ISNUMBER($V137),\"JUSTIFICAR BDI\",\"BDI\"),\nIF(OR(AND(import.recurso=\"OGU\",TIPOORCAMENTO=\"Proposto\",LEFT($O$8,5)<>\"(N/D:\",$AG137<>\"\",ORÇAMENTO.CustoUnitario>$AG137),AND(TIPOORCAMENTO=\"LICITADO\",ORÇAMENTO.PrecoUnitarioLicitado>$AN137)),\"ACIMA REF.\",\nIF(AND($C137=\"S\",$P137<>\"\",$Q137<>\"\",$T137=0,$U137>0),\"QUANT.\",\nIF(AND(Import.TipoArredondamento=\"TransfereGOV\",$L137=\"F\",$C137=\"S\",LEN($Q137)>13),\"Código >13\",\nIF(AND(Import.TipoArredondamento=\"TransfereGOV\",$L137=\"F\",$C137<>\"S\",LEN($R137)>100),\"Descrição >100\",\nIF(AND(Import.TipoArredondamento=\"TransfereGOV\",$L137=\"F\",$C137=\"S\",LEN($R137)>500),\"Descrição >500\",\nIF(AND(Import.TipoArredondamento=\"TransfereGOV\",$L137=\"F\",$C137=\"S\",LEFT(TRIM(UPPER($P137)),6)<>\"SINAPI\",ISNA(VLOOKUP(TRIM(UPPER($S137)),ListaTgov.Unidades,1,FALSE))),\"Unid. Não Disp\",\n\" \"))))))))))))))))","v":" "},{"$f":"IF(C137<=CRONO.NivelExibicao,MAX($AD$15:OFFSET(AD137,-1,0))+IF($C137<>1,1,MAX(1,COUNTIF(QCI!$A$13:$A$24,OFFSET($E137,-1,0)))),\"\")","v":17},{"$f":"IF(AND($C137=\"S\",ORÇAMENTO.CodBarra<>\"\"),IF(ORÇAMENTO.Fonte=\"\",ORÇAMENTO.CodBarra,CONCATENATE(ORÇAMENTO.Fonte,\" \",ORÇAMENTO.CodBarra)))","v":false},{"$f":"IF(ISERROR(ORÇAMENTO.BancoRef),\"(abra o arquivo 'Referência \"&Excel_BuiltIn_Database&\".xlsm)\",IF(OR($C137<>\"S\",ORÇAMENTO.CodBarra=\"\"),\"(Sem Código)\",IF(ISERROR(MATCH($AE137,INDIRECT(ORÇAMENTO.BancoRef),0)),\"(Código não identificado nas referências)\",MATCH($AE137,INDIRECT(ORÇAMENTO.BancoRef),0))))","v":"(Sem Código)"},{"$f":"ROUND(IF(DESONERACAO=\"sim\",REFERENCIA.Desonerado,REFERENCIA.NaoDesonerado),2)","v":0},0.22470000000000001,null,0,null,null,52153.84,{"$f":"ROUND(ORÇAMENTO.CustoUnitario*(1+$AH137),2)","v":0}]
["S",2,"S",0,{"$f":"IF($C138=1,OFFSET(E138,-1,0)+MAX(1,COUNTIF(QCI!$A$13:$A$24,OFFSET(ORÇAMENTO!E138,-1,0))),OFFSET(E138,-1,0))","v":1},16,0,0,1,0,{"$f":"IF(OR($C138=\"S\",$C138=0),0,MATCH(OFFSET($D138,0,$C138)+IF($C138<>1,1,COUNTIF(QCI!$A$13:$A$24,ORÇAMENTO!E138)),OFFSET($D138,1,$C138,ROW($C$140)-ROW($C138)),0))","v":0},"F","Serviço","Serviço","1.16.1.","SINAPI","93565","ENGENHEIRO CIVIL DE OBRA JUNIOR COM ENCARGOS COMPLEMENTARES","MES",{"$f":"OFFSET(CÁLCULO!H$15,ROW($T138)-ROW(T$15),0)","v":1},21934.91,"BDI 1",{"$f":"IF($C138=\"S\",ROUND(IF(TIPOORCAMENTO=\"Proposto\",ORÇAMENTO.CustoUnitario*(1+$AH138),ORÇAMENTO.PrecoUnitarioLicitado),15-13*$AF$10),0)","v":26863.68},{"$f":"IF($C138=\"S\",IF(OR(Import.TipoArredondamento<>\"TransfereGOV\",ACOMPANHAMENTO=\"BM\"),VTOTAL1,SUM(OFFSET(CÁLCULO!$AA$15,ROW($X138)-ROW($X$15),1):OFFSET(CÁLCULO!$AL$15,ROW($X138)-ROW($X$15),-1))),IF($C138=0,0,ROUND(SomaAgrup,15-13*$AF$11)))","v":26863.68},"RA","RA",{"$f":"IF($C138=\"S\",IF($Z138=\"CP\",$X138,IF($Z138=\"RA\",(($X138)*QCI!$AA$3),0)),SomaAgrup)","v":8874.3838734141264},{"$f":"IF($C138=\"S\",IF($Z138=\"OU\",ROUND($X138,2),0),SomaAgrup)","v":0},{"$f":"IF($N138=\"\",\" \",\nIF(AND($C138<>\"S\",OR($R138=\"\",$R138=\"(digite a descrição aqui)\")),\"DESCRIÇÃO\",\nIF(AND($C138=\"S\",OR($Q138<>\"\",$T138>0,$U138>0),$P138=\"\"),\"FONTE\",\nIF(AND($C138=\"S\",$P138<>\"\",OR($T138>0,$U138>0),$Q138=\"\"),\"CÓDIGO\",\nIF(AND($C138=\"S\",$P138<>\"\",$Q138<>\"\",$R138=\"(Código não identificado nas referências)\"),\"CÓDIGO N/ID\",\nIF(AND($C138=\"S\",OR($R138=\"\",$R138=\"(digite a descrição aqui)\"),OR($Q138<>\"\",$T138>0,$U138>0)),\"DESCRIÇÃO\",\nIF(AND($C138=\"S\",$P138<>\"\",$Q138<>\"\",$S138=\"\"),\"UNIDADE\",\nIF(AND($C138=\"S\",$P138<>\"\",$Q138<>\"\",$U138=0),\"SEM CUSTO\",\nIF(AND(TIPOORCAMENTO=\"Licitado\",$AL138=0,$AN138>0),\"SEM PREÇO\",\nIF(AND($C138=\"S\",$P138<>\"\",$Q138<>\"\",$U138>0,AND($V138<>\"BDI 1\",$V138<>\"BDI 2\",$V138<>\"BDI 3\")),IF(ISNUMBER($V138),\"JUSTIFICAR BDI\",\"BDI\"),\nIF(OR(AND(import.recurso=\"OGU\",TIPOORCAMENTO=\"Proposto\",LEFT($O$8,5)<>\"(N/D:\",$AG138<>\"\",ORÇAMENTO.CustoUnitario>$AG138),AND(TIPOORCAMENTO=\"LICITADO\",ORÇAMENTO.PrecoUnitarioLicitado>$AN138)),\"ACIMA REF.\",\nIF(AND($C138=\"S\",$P138<>\"\",$Q138<>\"\",$T138=0,$U138>0),\"QUANT.\",\nIF(AND(Import.TipoArredondamento=\"TransfereGOV\",$L138=\"F\",$C138=\"S\",LEN($Q138)>13),\"Código >13\",\nIF(AND(Import.TipoArredondamento=\"TransfereGOV\",$L138=\"F\",$C138<>\"S\",LEN($R138)>100),\"Descrição >100\",\nIF(AND(Import.TipoArredondamento=\"TransfereGOV\",$L138=\"F\",$C138=\"S\",LEN($R138)>500),\"Descrição >500\",\nIF(AND(Import.TipoArredondamento=\"TransfereGOV\",$L138=\"F\",$C138=\"S\",LEFT(TRIM(UPPER($P138)),6)<>\"SINAPI\",ISNA(VLOOKUP(TRIM(UPPER($S138)),ListaTgov.Unidades,1,FALSE))),\"Unid. Não Disp\",\n\" \"))))))))))))))))","v":" "},{"$f":"IF(C138<=CRONO.NivelExibicao,MAX($AD$15:OFFSET(AD138,-1,0))+IF($C138<>1,1,MAX(1,COUNTIF(QCI!$A$13:$A$24,OFFSET($E138,-1,0)))),\"\")","v":""},{"$f":"IF(AND($C138=\"S\",ORÇAMENTO.CodBarra<>\"\"),IF(ORÇAMENTO.Fonte=\"\",ORÇAMENTO.CodBarra,CONCATENATE(ORÇAMENTO.Fonte,\" \",ORÇAMENTO.CodBarra)))","v":"SINAPI 93565"},{"$f":"IF(ISERROR(ORÇAMENTO.BancoRef),\"(abra o arquivo 'Referência \"&Excel_BuiltIn_Database&\".xlsm)\",IF(OR($C138<>\"S\",ORÇAMENTO.CodBarra=\"\"),\"(Sem Código)\",IF(ISERROR(MATCH($AE138,INDIRECT(ORÇAMENTO.BancoRef),0)),\"(Código não identificado nas referências)\",MATCH($AE138,INDIRECT(ORÇAMENTO.BancoRef),0))))","v":13043},{"$f":"ROUND(IF(DESONERACAO=\"sim\",REFERENCIA.Desonerado,REFERENCIA.NaoDesonerado),2)","v":21934.91},0.22470000000000001,null,1,null,null,26863.68,{"$f":"ROUND(ORÇAMENTO.CustoUnitario*(1+$AH138),2)","v":26863.68}]
["S",2,"S",0,{"$f":"IF($C139=1,OFFSET(E139,-1,0)+MAX(1,COUNTIF(QCI!$A$13:$A$24,OFFSET(ORÇAMENTO!E139,-1,0))),OFFSET(E139,-1,0))","v":1},16,0,0,2,0,{"$f":"IF(OR($C139=\"S\",$C139=0),0,MATCH(OFFSET($D139,0,$C139)+IF($C139<>1,1,COUNTIF(QCI!$A$13:$A$24,ORÇAMENTO!E139)),OFFSET($D139,1,$C139,ROW($C$140)-ROW($C139)),0))","v":0},"F","Serviço","Serviço","1.16.2.","SINAPI","93572","ENCARREGADO GERAL DE OBRAS COM ENCARGOS COMPLEMENTARES","MES",{"$f":"OFFSET(CÁLCULO!H$15,ROW($T139)-ROW(T$15),0)","v":4},5162.5200000000004,"BDI 1",{"$f":"IF($C139=\"S\",ROUND(IF(TIPOORCAMENTO=\"Proposto\",ORÇAMENTO.CustoUnitario*(1+$AH139),ORÇAMENTO.PrecoUnitarioLicitado),15-13*$AF$10),0)","v":6322.54},{"$f":"IF($C139=\"S\",IF(OR(Import.TipoArredondamento<>\"TransfereGOV\",ACOMPANHAMENTO=\"BM\"),VTOTAL1,SUM(OFFSET(CÁLCULO!$AA$15,ROW($X139)-ROW($X$15),1):OFFSET(CÁLCULO!$AL$15,ROW($X139)-ROW($X$15),-1))),IF($C139=0,0,ROUND(SomaAgrup,15-13*$AF$11)))","v":25290.16},"RA","RA",{"$f":"IF($C139=\"S\",IF($Z139=\"CP\",$X139,IF($Z139=\"RA\",(($X139)*QCI!$AA$3),0)),SomaAgrup)","v":8354.5734635039953},{"$f":"IF($C139=\"S\",IF($Z139=\"OU\",ROUND($X139,2),0),SomaAgrup)","v":0},{"$f":"IF($N139=\"\",\" \",\nIF(AND($C139<>\"S\",OR($R139=\"\",$R139=\"(digite a descrição aqui)\")),\"DESCRIÇÃO\",\nIF(AND($C139=\"S\",OR($Q139<>\"\",$T139>0,$U139>0),$P139=\"\"),\"FONTE\",\nIF(AND($C139=\"S\",$P139<>\"\",OR($T139>0,$U139>0),$Q139=\"\"),\"CÓDIGO\",\nIF(AND($C139=\"S\",$P139<>\"\",$Q139<>\"\",$R139=\"(Código não identificado nas referências)\"),\"CÓDIGO N/ID\",\nIF(AND($C139=\"S\",OR($R139=\"\",$R139=\"(digite a descrição aqui)\"),OR($Q139<>\"\",$T139>0,$U139>0)),\"DESCRIÇÃO\",\nIF(AND($C139=\"S\",$P139<>\"\",$Q139<>\"\",$S139=\"\"),\"UNIDADE\",\nIF(AND($C139=\"S\",$P139<>\"\",$Q139<>\"\",$U139=0),\"SEM CUSTO\",\nIF(AND(TIPOORCAMENTO=\"Licitado\",$AL139=0,$AN139>0),\"SEM PREÇO\",\nIF(AND($C139=\"S\",$P139<>\"\",$Q139<>\"\",$U139>0,AND($V139<>\"BDI 1\",$V139<>\"BDI 2\",$V139<>\"BDI 3\")),IF(ISNUMBER($V139),\"JUSTIFICAR BDI\",\"BDI\"),\nIF(OR(AND(import.recurso=\"OGU\",TIPOORCAMENTO=\"Proposto\",LEFT($O$8,5)<>\"(N/D:\",$AG139<>\"\",ORÇAMENTO.CustoUnitario>$AG139),AND(TIPOORCAMENTO=\"LICITADO\",ORÇAMENTO.PrecoUnitarioLicitado>$AN139)),\"ACIMA REF.\",\nIF(AND($C139=\"S\",$P139<>\"\",$Q139<>\"\",$T139=0,$U139>0),\"QUANT.\",\nIF(AND(Import.TipoArredondamento=\"TransfereGOV\",$L139=\"F\",$C139=\"S\",LEN($Q139)>13),\"Código >13\",\nIF(AND(Import.TipoArredondamento=\"TransfereGOV\",$L139=\"F\",$C139<>\"S\",LEN($R139)>100),\"Descrição >100\",\nIF(AND(Import.TipoArredondamento=\"TransfereGOV\",$L139=\"F\",$C139=\"S\",LEN($R139)>500),\"Descrição >500\",\nIF(AND(Import.TipoArredondamento=\"TransfereGOV\",$L139=\"F\",$C139=\"S\",LEFT(TRIM(UPPER($P139)),6)<>\"SINAPI\",ISNA(VLOOKUP(TRIM(UPPER($S139)),ListaTgov.Unidades,1,FALSE))),\"Unid. Não Disp\",\n\" \"))))))))))))))))","v":" "},{"$f":"IF(C139<=CRONO.NivelExibicao,MAX($AD$15:OFFSET(AD139,-1,0))+IF($C139<>1,1,MAX(1,COUNTIF(QCI!$A$13:$A$24,OFFSET($E139,-1,0)))),\"\")","v":""},{"$f":"IF(AND($C139=\"S\",ORÇAMENTO.CodBarra<>\"\"),IF(ORÇAMENTO.Fonte=\"\",ORÇAMENTO.CodBarra,CONCATENATE(ORÇAMENTO.Fonte,\" \",ORÇAMENTO.CodBarra)))","v":"SINAPI 93572"},{"$f":"IF(ISERROR(ORÇAMENTO.BancoRef),\"(abra o arquivo 'Referência \"&Excel_BuiltIn_Database&\".xlsm)\",IF(OR($C139<>\"S\",ORÇAMENTO.CodBarra=\"\"),\"(Sem Código)\",IF(ISERROR(MATCH($AE139,INDIRECT(ORÇAMENTO.BancoRef),0)),\"(Código não identificado nas referências)\",MATCH($AE139,INDIRECT(ORÇAMENTO.BancoRef),0))))","v":13041},{"$f":"ROUND(IF(DESONERACAO=\"sim\",REFERENCIA.Desonerado,REFERENCIA.NaoDesonerado),2)","v":5162.5200000000004},0.22470000000000001,null,4,null,null,25290.16,{"$f":"ROUND(ORÇAMENTO.CustoUnitario*(1+$AH139),2)","v":6322.54}]
[-1,null,-1,null,0,0,0,0,0,null,null,"F",null,null,null,null,null,null,null,null,null,null,null,null,null,null,null,null,{"$f":"IF($N140=\"\",\" \",\nIF(AND($C140<>\"S\",OR($R140=\"\",$R140=\"(digite a descrição aqui)\")),\"DESCRIÇÃO\",\nIF(AND($C140=\"S\",OR($Q140<>\"\",$T140>0,$U140>0),$P140=\"\"),\"FONTE\",\nIF(AND($C140=\"S\",$P140<>\"\",OR($T140>0,$U140>0),$Q140=\"\"),\"CÓDIGO\",\nIF(AND($C140=\"S\",$P140<>\"\",$Q140<>\"\",$R140=\"(Código não identificado nas referências)\"),\"CÓDIGO N/ID\",\nIF(AND($C140=\"S\",OR($R140=\"\",$R140=\"(digite a descrição aqui)\"),OR($Q140<>\"\",$T140>0,$U140>0)),\"DESCRIÇÃO\",\nIF(AND($C140=\"S\",$P140<>\"\",$Q140<>\"\",$S140=\"\"),\"UNIDADE\",\nIF(AND($C140=\"S\",$P140<>\"\",$Q140<>\"\",$U140=0),\"SEM CUSTO\",\nIF(AND(TIPOORCAMENTO=\"Licitado\",$AL140=0,$AN140>0),\"SEM PREÇO\",\nIF(AND($C140=\"S\",$P140<>\"\",$Q140<>\"\",$U140>0,AND($V140<>\"BDI 1\",$V140<>\"BDI 2\",$V140<>\"BDI 3\")),IF(ISNUMBER($V140),\"JUSTIFICAR BDI\",\"BDI\"),\nIF(OR(AND(import.recurso=\"OGU\",TIPOORCAMENTO=\"Proposto\",LEFT($O$8,5)<>\"(N/D:\",$AG140<>\"\",ORÇAMENTO.CustoUnitario>$AG140),AND(TIPOORCAMENTO=\"LICITADO\",ORÇAMENTO.PrecoUnitarioLicitado>$AN140)),\"ACIMA REF.\",\nIF(AND($C140=\"S\",$P140<>\"\",$Q140<>\"\",$T140=0,$U140>0),\"QUANT.\",\nIF(AND(Import.TipoArredondamento=\"TransfereGOV\",$L140=\"F\",$C140=\"S\",LEN($Q140)>13),\"Código >13\",\nIF(AND(Import.TipoArredondamento=\"TransfereGOV\",$L140=\"F\",$C140<>\"S\",LEN($R140)>100),\"Descrição >100\",\nIF(AND(Import.TipoArredondamento=\"TransfereGOV\",$L140=\"F\",$C140=\"S\",LEN($R140)>500),\"Descrição >500\",\nIF(AND(Import.TipoArredondamento=\"TransfereGOV\",$L140=\"F\",$C140=\"S\",LEFT(TRIM(UPPER($P140)),6)<>\"SINAPI\",ISNA(VLOOKUP(TRIM(UPPER($S140)),ListaTgov.Unidades,1,FALSE))),\"Unid. Não Disp\",\n\" \"))))))))))))))))","v":" "}]
[]
[]
[null,null,null,null,null,null,null,null,null,null,null,null,null,null,"Encargos sociais:",null,"Para elaboração deste orçamento, foram utilizados os encargos sociais do SINAPI para a Unidade da Federação indicada."]
[]
[null,null,null,null,null,null,null,null,null,null,null,null,null,null,"Observações:"]
[null,null,null,null,null,null,null,null,null,null,null,null,null,null,"AGESUL - JUN/2024"]
[]
[]
[]
[null,null,null,null,null,null,null,null,null,null,null,null,null,null,{"$f":"IF(AND($AF$7=FALSE,$AF$8=FALSE,$AF$9=FALSE,$AF$10=FALSE,$AF$11=FALSE),\"Não foi considerado arredondamento nos valores da planilha.\",CONCATENATE(\"Foi considerado arredondamento de duas casas decimais para \",IF($AF$7=TRUE,\"Quantidade; \",\"\"),IF($AF$8=TRUE,\"Custo Unitário; \",\"\"),IF($AF$9=TRUE,\"BDI; \",\"\"),IF($AF$10=TRUE,\"Preço Unitário; \",\"\"),IF($AF$11=TRUE,\"Preço Total.\",\"\")))","v":"Foi considerado arredondamento de duas casas decimais para Quantidade; Custo Unitário; BDI; Preço Unitário; Preço Total."}]
[null,null,null,null,null,null,null,null,null,null,null,null,null,null,"Siglas da Composição do Investimento: RA - Rateio proporcional entre Repasse e Contrapartida; RP - 100% Repasse; CP - 100% Contrapartida; OU - 100% Outros."]
[]
[null,null,null,null,null,null,null,null,null,null,null,null,null,null,{"$f":"Import.Município","v":"SIDROLÂNDIA/MS"}]
[null,null,null,null,null,null,null,null,null,null,null,null,null,null,"Local",null,null,null,"Responsável Técnico"]
[null,null,null,null,null,null,null,null,null,null,null,null,null,null,null,null,null,null,"Nome:",{"$f":"Import.RespOrçamento","v":"FABIO MARQUES RIBEIRO"}]
[null,null,null,null,null,null,null,null,null,null,null,null,null,null,{"$f":"DADOS!$C$25","v":"2024-09-24"},null,null,null,"CREA/CAU:","CREA-MS 15.276"]
[null,null,null,null,null,null,null,null,null,null,null,null,null,null,"Data",null,null,null,"ART/RRT:","1320240128034"]

{"sheet":"EVENTOS","index":5,"n_rows":45,"n_cols":26,"rows_kept":45,"cut":false,"hidden":true,"merged":[[9,23,11,23],[9,24,11,24],[7,2,7,3],[9,15,11,15],[9,16,11,16],[9,7,11,7],[9,8,11,8],[9,12,11,12],[9,13,11,13],[9,14,11,14],[9,18,11,18],[9,19,11,19],[9,20,11,20],[9,21,11,21],[9,22,11,22],[10,2,10,3],[4,5,4,12],[4,15,4,22],[9,4,11,4],[9,9,11,9],[9,10,11,10],[9,11,11,11],[9,17,11,17],[9,6,11,6]]}
[{"$f":"IF(D1=\"\",\"\",\"F\")","v":""},{"$f":"IF(OR(C1=\" \",D1=\"\"),\"\",CONCATENATE(C1,\". \",D1))","v":{"$error":"#REF!"}},{"$f":"IF(OR(ROW(C1)=ROW(EVENTOS.firstrow)+1,AND(OFFSET(C1,-1,0)<>\" \",OFFSET(C1,-1,1)<>\"\")),OFFSET(C1,-1,0)+1,\" \")","v":{"$error":"#REF!"}},null,{"$f":"IF(AUTOEVENTO=\"Manual\",ROUND(SUMPRODUCT((CÁLCULO!$M$15:$M$140=EVENTOS!$C1)*(OFFSET(CÁLCULO!$AA$15:$AA$140,0,E$13))),2),0)","v":{"$error":"#REF!"}},{"$f":"IF(AUTOEVENTO=\"Manual\",ROUND(SUMPRODUCT((CÁLCULO!$M$15:$M$140=EVENTOS!$C1)*(OFFSET(CÁLCULO!$AA$15,0,1):OFFSET(CÁLCULO!$AL$140,0,-1))),2),0)","v":{"$error":"#REF!"}},{"$f":"IF(AND(D1=0,F1>0),\"NOME\",\n IF(AND(D1<>0,$F$14>0,F1=0),\"VALOR\",\n IF(AND(Import.TipoArredondamento=\"TransfereGOV\",$A1=\"F\",LEN(D1)>100),\"Nome >100\",\"\")))","v":{"$error":"#REF!"}},{"$f":"IF(AUTOEVENTO=\"Manual\",ROUND(SUMPRODUCT((CÁLCULO!$M$15:$M$140=EVENTOS!$C1)*(OFFSET(CÁLCULO!$AA$15:$AA$140,0,H$13))),2),0)","v":{"$error":"#REF!"}},{"$f":"IF(AUTOEVENTO=\"Manual\",ROUND(SUMPRODUCT((CÁLCULO!$M$15:$M$140=EVENTOS!$C1)*(OFFSET(CÁLCULO!$AA$15:$AA$140,0,I$13))),2),0)","v":{"$error":"#REF!"}},{"$f":"IF(AUTOEVENTO=\"Manual\",ROUND(SUMPRODUCT((CÁLCULO!$M$15:$M$140=EVENTOS!$C1)*(OFFSET(CÁLCULO!$AA$15:$AA$140,0,J$13))),2),0)","v":{"$error":"#REF!"}},{"$f":"IF(AUTOEVENTO=\"Manual\",ROUND(SUMPRODUCT((CÁLCULO!$M$15:$M$140=EVENTOS!$C1)*(OFFSET(CÁLCULO!$AA$15:$AA$140,0,K$13))),2),0)","v":{"$error":"#REF!"}},{"$f":"IF(AUTOEVENTO=\"Manual\",ROUND(SUMPRODUCT((CÁLCULO!$M$15:$M$140=EVENTOS!$C1)*(OFFSET(CÁLCULO!$AA$15:$AA$140,0,L$13))),2),0)","v":{"$error":"#REF!"}},{"$f":"IF(AUTOEVENTO=\"Manual\",ROUND(SUMPRODUCT((CÁLCULO!$M$15:$M$140=EVENTOS!$C1)*(OFFSET(CÁLCULO!$AA$15:$AA$140,0,M$13))),2),0)","v":{"$error":"#REF!"}},{"$f":"IF(AUTOEVENTO=\"Manual\",ROUND(SUMPRODUCT((CÁLCULO!$M$15:$M$140=EVENTOS!$C1)*(OFFSET(CÁLCULO!$AA$15:$AA$140,0,N$13))),2),0)","v":{"$error":"#REF!"}},{"$f":"IF(AUTOEVENTO=\"Manual\",ROUND(SUMPRODUCT((CÁLCULO!$M$15:$M$140=EVENTOS!$C1)*(OFFSET(CÁLCULO!$AA$15:$AA$140,0,O$13))),2),0)","v":{"$error":"#REF!"}},{"$f":"IF(AUTOEVENTO=\"Manual\",ROUND(SUMPRODUCT((CÁLCULO!$M$15:$M$140=EVENTOS!$C1)*(OFFSET(CÁLCULO!$AA$15:$AA$140,0,P$13))),2),0)","v":{"$error":"#REF!"}},{"$f":"IF(AUTOEVENTO=\"Manual\",ROUND(SUMPRODUCT((CÁLCULO!$M$15:$M$140=EVENTOS!$C1)*(OFFSET(CÁLCULO!$AA$15:$AA$140,0,Q$13))),2),0)","v":{"$error":"#REF!"}},{"$f":"IF(AUTOEVENTO=\"Manual\",ROUND(SUMPRODUCT((CÁLCULO!$M$15:$M$140=EVENTOS!$C1)*(OFFSET(CÁLCULO!$AA$15:$AA$140,0,R$13))),2),0)","v":{"$error":"#REF!"}},{"$f":"IF(AUTOEVENTO=\"Manual\",ROUND(SUMPRODUCT((CÁLCULO!$M$15:$M$140=EVENTOS!$C1)*(OFFSET(CÁLCULO!$AA$15:$AA$140,0,S$13))),2),0)","v":{"$error":"#REF!"}},{"$f":"IF(AUTOEVENTO=\"Manual\",ROUND(SUMPRODUCT((CÁLCULO!$M$15:$M$140=EVENTOS!$C1)*(OFFSET(CÁLCULO!$AA$15:$AA$140,0,T$13))),2),0)","v":{"$error":"#REF!"}},{"$f":"IF(AUTOEVENTO=\"Manual\",ROUND(SUMPRODUCT((CÁLCULO!$M$15:$M$140=EVENTOS!$C1)*(OFFSET(CÁLCULO!$AA$15:$AA$140,0,U$13))),2),0)","v":{"$error":"#REF!"}},{"$f":"IF(AUTOEVENTO=\"Manual\",ROUND(SUMPRODUCT((CÁLCULO!$M$15:$M$140=EVENTOS!$C1)*(OFFSET(CÁLCULO!$AA$15:$AA$140,0,V$13))),2),0)","v":{"$error":"#REF!"}},{"$f":"IF(AUTOEVENTO=\"Manual\",ROUND(SUMPRODUCT((CÁLCULO!$M$15:$M$140=EVENTOS!$C1)*(OFFSET(CÁLCULO!$AA$15:$AA$140,0,W$13))),2),0)","v":{"$error":"#REF!"}},{"$f":"IF(AUTOEVENTO=\"Manual\",ROUND(SUMPRODUCT((CÁLCULO!$M$15:$M$140=EVENTOS!$C1)*(OFFSET(CÁLCULO!$AA$15:$AA$140,0,X$13))),2),0)","v":{"$error":"#REF!"}},{"$f":"IF(AUTOEVENTO=\"Manual\",ROUND(SUMPRODUCT((CÁLCULO!$M$15:$M$140=EVENTOS!$C1)*(OFFSET(CÁLCULO!$AA$15:$AA$140,0,Y$13))),2),0)","v":{"$error":"#REF!"}}]
[null,null,null,null,null,"AGRUPADORES DE EVENTOS",null,null,null,null,null,null,null,null,"Grau de Sigilo\n#PUBLICO",null,null,null,null,null,null,null,null,null,"Grau de Sigilo\n#PUBLICO"]
[]
[null,null,"PROPONENTE / TOMADOR",null,null,"APELIDO EMPREENDIMENTO",null,null,null,null,null,null,null,"Nº OPERAÇÃO","Nº TransfereGOV","APELIDO EMPREENDIMENTO",null,null,null,null,null,null,null,"Nº OPERAÇÃO","Nº TransfereGOV"]
[null,null,{"$f":"Import.Proponente","v":"PREFEITURA MUNICIPAL DE SIDROLÂNDIA"},null,null,{"$f":"Import.Apelido","v":"MODERNIZAÇÃO E REVITALIZAÇÃO DO ESTÁDIO MUNICIPAL DE SIDROLÂNDIA/MS"},null,null,null,null,null,null,null,{"$f":"Import.CR","v":"1.087.299-22/2023"},{"$f":"Import.SICONV","v":"942900/2023"},{"$f":"Import.Apelido","v":"MODERNIZAÇÃO E REVITALIZAÇÃO DO ESTÁDIO MUNICIPAL DE SIDROLÂNDIA/MS"},null,null,null,null,null,null,null,{"$f":"Import.CR","v":"1.087.299-22/2023"},{"$f":"Import.SICONV","v":"942900/2023"}," "]
[null,"Automática, conforme os agrupadores Nível 2 do Orçamento","1. Selecione abaixo a forma de definição dos agrupadores de eventos:",null,null,{"$f":"IF(AUTOEVENTO=\"MANUAL\",\n  IF(COUNTIF($G$15:$G$38,\"NOME\")>0,\"Falta preencher o nome do Título do Evento nº \"&INDEX($C$15:$C$38,MATCH(\"NOME\",$G$15:$G$38,0)),\n  IF(COUNTIF($G$15:$G$38,\"VALOR\")>0,\"Falta atribuir serviços ao Evento nº \"&INDEX($C$15:$C$38,MATCH(\"VALOR\",$G$15:$G$38,0))&\". Corrigir a atribuição dos eventos na aba CÁLCULO. Ou excluir linhas dos eventos não utilizados.\",\n  IF(ROUND($F$14,2)<>ROUND(ORÇAMENTO!$X$15,2),\"O valor total dos Eventos é diferente do valor total do Orçamento. Corrigir a atribuição dos eventos na aba CÁLCULO\",\n  IF(COUNTIF($G$15:$G$38,\"Nome >100\")>0,\"O tamanho do Título do Evento no TransfereGOV é limitado a 100 caracteres. Resuma o nome do Título do Evento nº \"&INDEX($C$15:$C$38,MATCH(\"Nome >100\",$G$15:$G$38,0)),\"\")))),\"\")","v":"O valor total dos Eventos é diferente do valor total do Orçamento. Corrigir a atribuição dos eventos na aba CÁLCULO"}]
[null,"Automática, conforme os agrupadores Nível 3 do Orçamento"]
[null,"Automática, conforme os agrupadores Nível 4 do Orçamento","Definir Manualmente",null,null,{"$f":"IF(ACOMPANHAMENTO=\"BM\",\"\",\n IF(Import.Eventos.Nível=\"\",\"◄ Selecione a forma de definição dos agrupadores de eventos\",\n IF(Import.Eventos.Nível=\"\",\"◄ Selecione a forma de definição dos agrupadores de eventos\",\"\")))","v":""}]
[null,"Definir Manualmente"]
[null,null,{"$f":"COUNTIF($C$15:$C$38,\">0\")-1","v":21}," ",{"$f":"OFFSET(CÁLCULO!$P$12,0,EVENTOS!E$13)","v":"FRENTE 50%"}," ",null,{"$f":"OFFSET(CÁLCULO!$P$12,0,EVENTOS!H$13)","v":"FRENTE 50%"},{"$f":"OFFSET(CÁLCULO!$P$12,0,EVENTOS!I$13)","v":"."},{"$f":"OFFSET(CÁLCULO!$P$12,0,EVENTOS!J$13)","v":"."},{"$f":"OFFSET(CÁLCULO!$P$12,0,EVENTOS!K$13)","v":"."},{"$f":"OFFSET(CÁLCULO!$P$12,0,EVENTOS!L$13)","v":"."},{"$f":"OFFSET(CÁLCULO!$P$12,0,EVENTOS!M$13)","v":"."},{"$f":"OFFSET(CÁLCULO!$P$12,0,EVENTOS!N$13)","v":"."},{"$f":"OFFSET(CÁLCULO!$P$12,0,EVENTOS!O$13)","v":"."},{"$f":"OFFSET(CÁLCULO!$P$12,0,EVENTOS!P$13)","v":"."},{"$f":"OFFSET(CÁLCULO!$P$12,0,EVENTOS!Q$13)","v":"."},{"$f":"OFFSET(CÁLCULO!$P$12,0,EVENTOS!R$13)","v":"."},{"$f":"OFFSET(CÁLCULO!$P$12,0,EVENTOS!S$13)","v":"."},{"$f":"OFFSET(CÁLCULO!$P$12,0,EVENTOS!T$13)","v":"."},{"$f":"OFFSET(CÁLCULO!$P$12,0,EVENTOS!U$13)","v":"."},{"$f":"OFFSET(CÁLCULO!$P$12,0,EVENTOS!V$13)","v":"."},{"$f":"OFFSET(CÁLCULO!$P$12,0,EVENTOS!W$13)","v":"."},{"$f":"OFFSET(CÁLCULO!$P$12,0,EVENTOS!X$13)","v":"."},{"$f":"OFFSET(CÁLCULO!$P$12,0,EVENTOS!Y$13)","v":"."}]
["FILTRO",null,{"$f":"IF(ACOMPANHAMENTO=\"BM\",\"Foi selecionado na aba 'MENU' o acompanhamento por BM. Não há necessidade de definição de Eventos.\",IF(AND(Import.Eventos.Nível<>\"Definir Manualmente\",Import.Eventos.Nível<>\"\"),\"Foi selecionada a forma automática de definição dos agrupadores de eventos.\",\"\"))","v":"Foi selecionado na aba 'MENU' o acompanhamento por BM. Não há necessidade de definição de Eventos."}]
["↓"]
[null,null,"Nº do Evento","Título do Evento",{"$f":"IF(NOT(ISNUMBER(OFFSET(E13,0,-1))),1,IF(OR(OFFSET(E13,0,-1)=0,OFFSET(E13,0,-1)+1>CÁLCULO.FrentesPreenchidas),0,OFFSET(E13,0,-1)+1))","v":1},"Valor Total dos Eventos (R$)",null,{"$f":"IF(NOT(ISNUMBER(OFFSET(H13,0,-1))),1,IF(OR(OFFSET(H13,0,-1)=0,OFFSET(H13,0,-1)+1>CÁLCULO.FrentesPreenchidas),0,OFFSET(H13,0,-1)+1))","v":1},0,0,0,0,0,0,0,0,0,0,0,0,0,0,0,0,0]
["F",null,null,"Total:",{"$f":"SUM(E$15:E$38)","v":0},{"$f":"SUM(F$15:F$38)","v":0},null,{"$f":"SUM(H$15:H$38)","v":0},0,0,0,0,0,0,0,0,0,0,0,0,0,0,0,0,0]
[{"$f":"IF(D15=\"\",\"\",\"F\")","v":""},{"$f":"IF(OR(C15=\" \",D15=\"\"),\"\",CONCATENATE(C15,\". \",D15))","v":""},{"$f":"IF(AdmLocal=\"Automática\",1,0)","v":0},{"$f":"IF(C15=1,\"Administração Local\",\"\")","v":""},{"$f":"IF($F$15=0,0,IF(E13=1,$F$15-SUM($I$15:$Z$15),ROUND(SUM(OFFSET(E15,1,0):OFFSET(E$38,-1,0))/SUM(OFFSET($F15,1,0):OFFSET($F$38,-1,0))*$F$15,2)))","v":0},{"$f":"IF($C$15=0,0,ROUND(SUMPRODUCT((CÁLCULO!$M$15:$M$140=EVENTOS!$C15)*(ORÇAMENTO!$X$15:'ORÇAMENTO'!$X$140)),2))","v":0},null,{"$f":"IF($F$15=0,0,IF(H13=1,$F$15-SUM($I$15:$Z$15),ROUND(SUM(OFFSET(H15,1,0):OFFSET(H$38,-1,0))/SUM(OFFSET($F15,1,0):OFFSET($F$38,-1,0))*$F$15,2)))","v":0},{"$f":"IF($F$15=0,0,IF(I13=1,$F$15-SUM($I$15:$Z$15),ROUND(SUM(OFFSET(I15,1,0):OFFSET(I$38,-1,0))/SUM(OFFSET($F15,1,0):OFFSET($F$38,-1,0))*$F$15,2)))","v":0},{"$f":"IF($F$15=0,0,IF(J13=1,$F$15-SUM($I$15:$Z$15),ROUND(SUM(OFFSET(J15,1,0):OFFSET(J$38,-1,0))/SUM(OFFSET($F15,1,0):OFFSET($F$38,-1,0))*$F$15,2)))","v":0},{"$f":"IF($F$15=0,0,IF(K13=1,$F$15-SUM($I$15:$Z$15),ROUND(SUM(OFFSET(K15,1,0):OFFSET(K$38,-1,0))/SUM(OFFSET($F15,1,0):OFFSET($F$38,-1,0))*$F$15,2)))","v":0},{"$f":"IF($F$15=0,0,IF(L13=1,$F$15-SUM($I$15:$Z$15),ROUND(SUM(OFFSET(L15,1,0):OFFSET(L$38,-1,0))/SUM(OFFSET($F15,1,0):OFFSET($F$38,-1,0))*$F$15,2)))","v":0},{"$f":"IF($F$15=0,0,IF(M13=1,$F$15-SUM($I$15:$Z$15),ROUND(SUM(OFFSET(M15,1,0):OFFSET(M$38,-1,0))/SUM(OFFSET($F15,1,0):OFFSET($F$38,-1,0))*$F$15,2)))","v":0},{"$f":"IF($F$15=0,0,IF(N13=1,$F$15-SUM($I$15:$Z$15),ROUND(SUM(OFFSET(N15,1,0):OFFSET(N$38,-1,0))/SUM(OFFSET($F15,1,0):OFFSET($F$38,-1,0))*$F$15,2)))","v":0},{"$f":"IF($F$15=0,0,IF(O13=1,$F$15-SUM($I$15:$Z$15),ROUND(SUM(OFFSET(O15,1,0):OFFSET(O$38,-1,0))/SUM(OFFSET($F15,1,0):OFFSET($F$38,-1,0))*$F$15,2)))","v":0},{"$f":"IF($F$15=0,0,IF(P13=1,$F$15-SUM($I$15:$Z$15),ROUND(SUM(OFFSET(P15,1,0):OFFSET(P$38,-1,0))/SUM(OFFSET($F15,1,0):OFFSET($F$38,-1,0))*$F$15,2)))","v":0},{"$f":"IF($F$15=0,0,IF(Q13=1,$F$15-SUM($I$15:$Z$15),ROUND(SUM(OFFSET(Q15,1,0):OFFSET(Q$38,-1,0))/SUM(OFFSET($F15,1,0):OFFSET($F$38,-1,0))*$F$15,2)))","v":0},{"$f":"IF($F$15=0,0,IF(R13=1,$F$15-SUM($I$15:$Z$15),ROUND(SUM(OFFSET(R15,1,0):OFFSET(R$38,-1,0))/SUM(OFFSET($F15,1,0):OFFSET($F$38,-1,0))*$F$15,2)))","v":0},{"$f":"IF($F$15=0,0,IF(S13=1,$F$15-SUM($I$15:$Z$15),ROUND(SUM(OFFSET(S15,1,0):OFFSET(S$38,-1,0))/SUM(OFFSET($F15,1,0):OFFSET($F$38,-1,0))*$F$15,2)))","v":0},{"$f":"IF($F$15=0,0,IF(T13=1,$F$15-SUM($I$15:$Z$15),ROUND(SUM(OFFSET(T15,1,0):OFFSET(T$38,-1,0))/SUM(OFFSET($F15,1,0):OFFSET($F$38,-1,0))*$F$15,2)))","v":0},{"$f":"IF($F$15=0,0,IF(U13=1,$F$15-SUM($I$15:$Z$15),ROUND(SUM(OFFSET(U15,1,0):OFFSET(U$38,-1,0))/SUM(OFFSET($F15,1,0):OFFSET($F$38,-1,0))*$F$15,2)))","v":0},{"$f":"IF($F$15=0,0,IF(V13=1,$F$15-SUM($I$15:$Z$15),ROUND(SUM(OFFSET(V15,1,0):OFFSET(V$38,-1,0))/SUM(OFFSET($F15,1,0):OFFSET($F$38,-1,0))*$F$15,2)))","v":0},{"$f":"IF($F$15=0,0,IF(W13=1,$F$15-SUM($I$15:$Z$15),ROUND(SUM(OFFSET(W15,1,0):OFFSET(W$38,-1,0))/SUM(OFFSET($F15,1,0):OFFSET($F$38,-1,0))*$F$15,2)))","v":0},{"$f":"IF($F$15=0,0,IF(X13=1,$F$15-SUM($I$15:$Z$15),ROUND(SUM(OFFSET(X15,1,0):OFFSET(X$38,-1,0))/SUM(OFFSET($F15,1,0):OFFSET($F$38,-1,0))*$F$15,2)))","v":0},{"$f":"IF($F$15=0,0,IF(Y13=1,$F$15-SUM($I$15:$Z$15),ROUND(SUM(OFFSET(Y15,1,0):OFFSET(Y$38,-1,0))/SUM(OFFSET($F15,1,0):OFFSET($F$38,-1,0))*$F$15,2)))","v":0}]
["F",{"$f":"IF(OR(C16=\" \",D16=\"\"),\"\",CONCATENATE(C16,\". \",D16))","v":"1. Serviços Preliminares "},{"$f":"IF(OR(ROW(C16)=ROW(EVENTOS.firstrow)+1,AND(OFFSET(C16,-1,0)<>\" \",OFFSET(C16,-1,1)<>\"\")),OFFSET(C16,-1,0)+1,\" \")","v":1},"Serviços Preliminares ",{"$f":"IF(AUTOEVENTO=\"Manual\",ROUND(SUMPRODUCT((CÁLCULO!$M$15:$M$140=EVENTOS!$C16)*(OFFSET(CÁLCULO!$AA$15:$AA$140,0,E$13))),2),0)","v":0},{"$f":"IF(AUTOEVENTO=\"Manual\",ROUND(SUMPRODUCT((CÁLCULO!$M$15:$M$140=EVENTOS!$C16)*(OFFSET(CÁLCULO!$AA$15,0,1):OFFSET(CÁLCULO!$AL$140,0,-1))),2),0)","v":0},{"$f":"IF(AND(D16=0,F16>0),\"NOME\",\n IF(AND(D16<>0,$F$14>0,F16=0),\"VALOR\",\n IF(AND(Import.TipoArredondamento=\"TransfereGOV\",$A16=\"F\",LEN(D16)>100),\"Nome >100\",\"\")))","v":""},{"$f":"IF(AUTOEVENTO=\"Manual\",ROUND(SUMPRODUCT((CÁLCULO!$M$15:$M$140=EVENTOS!$C16)*(OFFSET(CÁLCULO!$AA$15:$AA$140,0,H$13))),2),0)","v":0},{"$f":"IF(AUTOEVENTO=\"Manual\",ROUND(SUMPRODUCT((CÁLCULO!$M$15:$M$140=EVENTOS!$C16)*(OFFSET(CÁLCULO!$AA$15:$AA$140,0,I$13))),2),0)","v":0},{"$f":"IF(AUTOEVENTO=\"Manual\",ROUND(SUMPRODUCT((CÁLCULO!$M$15:$M$140=EVENTOS!$C16)*(OFFSET(CÁLCULO!$AA$15:$AA$140,0,J$13))),2),0)","v":0},{"$f":"IF(AUTOEVENTO=\"Manual\",ROUND(SUMPRODUCT((CÁLCULO!$M$15:$M$140=EVENTOS!$C16)*(OFFSET(CÁLCULO!$AA$15:$AA$140,0,K$13))),2),0)","v":0},{"$f":"IF(AUTOEVENTO=\"Manual\",ROUND(SUMPRODUCT((CÁLCULO!$M$15:$M$140=EVENTOS!$C16)*(OFFSET(CÁLCULO!$AA$15:$AA$140,0,L$13))),2),0)","v":0},{"$f":"IF(AUTOEVENTO=\"Manual\",ROUND(SUMPRODUCT((CÁLCULO!$M$15:$M$140=EVENTOS!$C16)*(OFFSET(CÁLCULO!$AA$15:$AA$140,0,M$13))),2),0)","v":0},{"$f":"IF(AUTOEVENTO=\"Manual\",ROUND(SUMPRODUCT((CÁLCULO!$M$15:$M$140=EVENTOS!$C16)*(OFFSET(CÁLCULO!$AA$15:$AA$140,0,N$13))),2),0)","v":0},{"$f":"IF(AUTOEVENTO=\"Manual\",ROUND(SUMPRODUCT((CÁLCULO!$M$15:$M$140=EVENTOS!$C16)*(OFFSET(CÁLCULO!$AA$15:$AA$140,0,O$13))),2),0)","v":0},{"$f":"IF(AUTOEVENTO=\"Manual\",ROUND(SUMPRODUCT((CÁLCULO!$M$15:$M$140=EVENTOS!$C16)*(OFFSET(CÁLCULO!$AA$15:$AA$140,0,P$13))),2),0)","v":0},{"$f":"IF(AUTOEVENTO=\"Manual\",ROUND(SUMPRODUCT((CÁLCULO!$M$15:$M$140=EVENTOS!$C16)*(OFFSET(CÁLCULO!$AA$15:$AA$140,0,Q$13))),2),0)","v":0},{"$f":"IF(AUTOEVENTO=\"Manual\",ROUND(SUMPRODUCT((CÁLCULO!$M$15:$M$140=EVENTOS!$C16)*(OFFSET(CÁLCULO!$AA$15:$AA$140,0,R$13))),2),0)","v":0},{"$f":"IF(AUTOEVENTO=\"Manual\",ROUND(SUMPRODUCT((CÁLCULO!$M$15:$M$140=EVENTOS!$C16)*(OFFSET(CÁLCULO!$AA$15:$AA$140,0,S$13))),2),0)","v":0},{"$f":"IF(AUTOEVENTO=\"Manual\",ROUND(SUMPRODUCT((CÁLCULO!$M$15:$M$140=EVENTOS!$C16)*(OFFSET(CÁLCULO!$AA$15:$AA$140,0,T$13))),2),0)","v":0},{"$f":"IF(AUTOEVENTO=\"Manual\",ROUND(SUMPRODUCT((CÁLCULO!$M$15:$M$140=EVENTOS!$C16)*(OFFSET(CÁLCULO!$AA$15:$AA$140,0,U$13))),2),0)","v":0},{"$f":"IF(AUTOEVENTO=\"Manual\",ROUND(SUMPRODUCT((CÁLCULO!$M$15:$M$140=EVENTOS!$C16)*(OFFSET(CÁLCULO!$AA$15:$AA$140,0,V$13))),2),0)","v":0},{"$f":"IF(AUTOEVENTO=\"Manual\",ROUND(SUMPRODUCT((CÁLCULO!$M$15:$M$140=EVENTOS!$C16)*(OFFSET(CÁLCULO!$AA$15:$AA$140,0,W$13))),2),0)","v":0},{"$f":"IF(AUTOEVENTO=\"Manual\",ROUND(SUMPRODUCT((CÁLCULO!$M$15:$M$140=EVENTOS!$C16)*(OFFSET(CÁLCULO!$AA$15:$AA$140,0,X$13))),2),0)","v":0},{"$f":"IF(AUTOEVENTO=\"Manual\",ROUND(SUMPRODUCT((CÁLCULO!$M$15:$M$140=EVENTOS!$C16)*(OFFSET(CÁLCULO!$AA$15:$AA$140,0,Y$13))),2),0)","v":0}]
["F","2. Demolições e Retirada",{"$f":"IF(OR(ROW(C17)=ROW(EVENTOS.firstrow)+1,AND(OFFSET(C17,-1,0)<>\" \",OFFSET(C17,-1,1)<>\"\")),OFFSET(C17,-1,0)+1,\" \")","v":2},"Demolições e Retirada",{"$f":"IF(AUTOEVENTO=\"Manual\",ROUND(SUMPRODUCT((CÁLCULO!$M$15:$M$140=EVENTOS!$C17)*(OFFSET(CÁLCULO!$AA$15:$AA$140,0,E$13))),2),0)","v":0},{"$f":"IF(AUTOEVENTO=\"Manual\",ROUND(SUMPRODUCT((CÁLCULO!$M$15:$M$140=EVENTOS!$C17)*(OFFSET(CÁLCULO!$AA$15,0,1):OFFSET(CÁLCULO!$AL$140,0,-1))),2),0)","v":0},"",{"$f":"IF(AUTOEVENTO=\"Manual\",ROUND(SUMPRODUCT((CÁLCULO!$M$15:$M$140=EVENTOS!$C17)*(OFFSET(CÁLCULO!$AA$15:$AA$140,0,H$13))),2),0)","v":0},{"$f":"IF(AUTOEVENTO=\"Manual\",ROUND(SUMPRODUCT((CÁLCULO!$M$15:$M$140=EVENTOS!$C17)*(OFFSET(CÁLCULO!$AA$15:$AA$140,0,I$13))),2),0)","v":0},{"$f":"IF(AUTOEVENTO=\"Manual\",ROUND(SUMPRODUCT((CÁLCULO!$M$15:$M$140=EVENTOS!$C17)*(OFFSET(CÁLCULO!$AA$15:$AA$140,0,J$13))),2),0)","v":0},{"$f":"IF(AUTOEVENTO=\"Manual\",ROUND(SUMPRODUCT((CÁLCULO!$M$15:$M$140=EVENTOS!$C17)*(OFFSET(CÁLCULO!$AA$15:$AA$140,0,K$13))),2),0)","v":0},{"$f":"IF(AUTOEVENTO=\"Manual\",ROUND(SUMPRODUCT((CÁLCULO!$M$15:$M$140=EVENTOS!$C17)*(OFFSET(CÁLCULO!$AA$15:$AA$140,0,L$13))),2),0)","v":0},{"$f":"IF(AUTOEVENTO=\"Manual\",ROUND(SUMPRODUCT((CÁLCULO!$M$15:$M$140=EVENTOS!$C17)*(OFFSET(CÁLCULO!$AA$15:$AA$140,0,M$13))),2),0)","v":0},{"$f":"IF(AUTOEVENTO=\"Manual\",ROUND(SUMPRODUCT((CÁLCULO!$M$15:$M$140=EVENTOS!$C17)*(OFFSET(CÁLCULO!$AA$15:$AA$140,0,N$13))),2),0)","v":0},{"$f":"IF(AUTOEVENTO=\"Manual\",ROUND(SUMPRODUCT((CÁLCULO!$M$15:$M$140=EVENTOS!$C17)*(OFFSET(CÁLCULO!$AA$15:$AA$140,0,O$13))),2),0)","v":0},{"$f":"IF(AUTOEVENTO=\"Manual\",ROUND(SUMPRODUCT((CÁLCULO!$M$15:$M$140=EVENTOS!$C17)*(OFFSET(CÁLCULO!$AA$15:$AA$140,0,P$13))),2),0)","v":0},{"$f":"IF(AUTOEVENTO=\"Manual\",ROUND(SUMPRODUCT((CÁLCULO!$M$15:$M$140=EVENTOS!$C17)*(OFFSET(CÁLCULO!$AA$15:$AA$140,0,Q$13))),2),0)","v":0},{"$f":"IF(AUTOEVENTO=\"Manual\",ROUND(SUMPRODUCT((CÁLCULO!$M$15:$M$140=EVENTOS!$C17)*(OFFSET(CÁLCULO!$AA$15:$AA$140,0,R$13))),2),0)","v":0},{"$f":"IF(AUTOEVENTO=\"Manual\",ROUND(SUMPRODUCT((CÁLCULO!$M$15:$M$140=EVENTOS!$C17)*(OFFSET(CÁLCULO!$AA$15:$AA$140,0,S$13))),2),0)","v":0},{"$f":"IF(AUTOEVENTO=\"Manual\",ROUND(SUMPRODUCT((CÁLCULO!$M$15:$M$140=EVENTOS!$C17)*(OFFSET(CÁLCULO!$AA$15:$AA$140,0,T$13))),2),0)","v":0},{"$f":"IF(AUTOEVENTO=\"Manual\",ROUND(SUMPRODUCT((CÁLCULO!$M$15:$M$140=EVENTOS!$C17)*(OFFSET(CÁLCULO!$AA$15:$AA$140,0,U$13))),2),0)","v":0},{"$f":"IF(AUTOEVENTO=\"Manual\",ROUND(SUMPRODUCT((CÁLCULO!$M$15:$M$140=EVENTOS!$C17)*(OFFSET(CÁLCULO!$AA$15:$AA$140,0,V$13))),2),0)","v":0},{"$f":"IF(AUTOEVENTO=\"Manual\",ROUND(SUMPRODUCT((CÁLCULO!$M$15:$M$140=EVENTOS!$C17)*(OFFSET(CÁLCULO!$AA$15:$AA$140,0,W$13))),2),0)","v":0},{"$f":"IF(AUTOEVENTO=\"Manual\",ROUND(SUMPRODUCT((CÁLCULO!$M$15:$M$140=EVENTOS!$C17)*(OFFSET(CÁLCULO!$AA$15:$AA$140,0,X$13))),2),0)","v":0},{"$f":"IF(AUTOEVENTO=\"Manual\",ROUND(SUMPRODUCT((CÁLCULO!$M$15:$M$140=EVENTOS!$C17)*(OFFSET(CÁLCULO!$AA$15:$AA$140,0,Y$13))),2),0)","v":0}]
["F","3. Quebra degraus e Área para PCD",{"$f":"IF(OR(ROW(C18)=ROW(EVENTOS.firstrow)+1,AND(OFFSET(C18,-1,0)<>\" \",OFFSET(C18,-1,1)<>\"\")),OFFSET(C18,-1,0)+1,\" \")","v":3},"Quebra degraus e Área para PCD",{"$f":"IF(AUTOEVENTO=\"Manual\",ROUND(SUMPRODUCT((CÁLCULO!$M$15:$M$140=EVENTOS!$C18)*(OFFSET(CÁLCULO!$AA$15:$AA$140,0,E$13))),2),0)","v":0},{"$f":"IF(AUTOEVENTO=\"Manual\",ROUND(SUMPRODUCT((CÁLCULO!$M$15:$M$140=EVENTOS!$C18)*(OFFSET(CÁLCULO!$AA$15,0,1):OFFSET(CÁLCULO!$AL$140,0,-1))),2),0)","v":0},"",{"$f":"IF(AUTOEVENTO=\"Manual\",ROUND(SUMPRODUCT((CÁLCULO!$M$15:$M$140=EVENTOS!$C18)*(OFFSET(CÁLCULO!$AA$15:$AA$140,0,H$13))),2),0)","v":0},{"$f":"IF(AUTOEVENTO=\"Manual\",ROUND(SUMPRODUCT((CÁLCULO!$M$15:$M$140=EVENTOS!$C18)*(OFFSET(CÁLCULO!$AA$15:$AA$140,0,I$13))),2),0)","v":0},{"$f":"IF(AUTOEVENTO=\"Manual\",ROUND(SUMPRODUCT((CÁLCULO!$M$15:$M$140=EVENTOS!$C18)*(OFFSET(CÁLCULO!$AA$15:$AA$140,0,J$13))),2),0)","v":0},{"$f":"IF(AUTOEVENTO=\"Manual\",ROUND(SUMPRODUCT((CÁLCULO!$M$15:$M$140=EVENTOS!$C18)*(OFFSET(CÁLCULO!$AA$15:$AA$140,0,K$13))),2),0)","v":0},{"$f":"IF(AUTOEVENTO=\"Manual\",ROUND(SUMPRODUCT((CÁLCULO!$M$15:$M$140=EVENTOS!$C18)*(OFFSET(CÁLCULO!$AA$15:$AA$140,0,L$13))),2),0)","v":0},{"$f":"IF(AUTOEVENTO=\"Manual\",ROUND(SUMPRODUCT((CÁLCULO!$M$15:$M$140=EVENTOS!$C18)*(OFFSET(CÁLCULO!$AA$15:$AA$140,0,M$13))),2),0)","v":0},{"$f":"IF(AUTOEVENTO=\"Manual\",ROUND(SUMPRODUCT((CÁLCULO!$M$15:$M$140=EVENTOS!$C18)*(OFFSET(CÁLCULO!$AA$15:$AA$140,0,N$13))),2),0)","v":0},{"$f":"IF(AUTOEVENTO=\"Manual\",ROUND(SUMPRODUCT((CÁLCULO!$M$15:$M$140=EVENTOS!$C18)*(OFFSET(CÁLCULO!$AA$15:$AA$140,0,O$13))),2),0)","v":0},{"$f":"IF(AUTOEVENTO=\"Manual\",ROUND(SUMPRODUCT((CÁLCULO!$M$15:$M$140=EVENTOS!$C18)*(OFFSET(CÁLCULO!$AA$15:$AA$140,0,P$13))),2),0)","v":0},{"$f":"IF(AUTOEVENTO=\"Manual\",ROUND(SUMPRODUCT((CÁLCULO!$M$15:$M$140=EVENTOS!$C18)*(OFFSET(CÁLCULO!$AA$15:$AA$140,0,Q$13))),2),0)","v":0},{"$f":"IF(AUTOEVENTO=\"Manual\",ROUND(SUMPRODUCT((CÁLCULO!$M$15:$M$140=EVENTOS!$C18)*(OFFSET(CÁLCULO!$AA$15:$AA$140,0,R$13))),2),0)","v":0},{"$f":"IF(AUTOEVENTO=\"Manual\",ROUND(SUMPRODUCT((CÁLCULO!$M$15:$M$140=EVENTOS!$C18)*(OFFSET(CÁLCULO!$AA$15:$AA$140,0,S$13))),2),0)","v":0},{"$f":"IF(AUTOEVENTO=\"Manual\",ROUND(SUMPRODUCT((CÁLCULO!$M$15:$M$140=EVENTOS!$C18)*(OFFSET(CÁLCULO!$AA$15:$AA$140,0,T$13))),2),0)","v":0},{"$f":"IF(AUTOEVENTO=\"Manual\",ROUND(SUMPRODUCT((CÁLCULO!$M$15:$M$140=EVENTOS!$C18)*(OFFSET(CÁLCULO!$AA$15:$AA$140,0,U$13))),2),0)","v":0},{"$f":"IF(AUTOEVENTO=\"Manual\",ROUND(SUMPRODUCT((CÁLCULO!$M$15:$M$140=EVENTOS!$C18)*(OFFSET(CÁLCULO!$AA$15:$AA$140,0,V$13))),2),0)","v":0},{"$f":"IF(AUTOEVENTO=\"Manual\",ROUND(SUMPRODUCT((CÁLCULO!$M$15:$M$140=EVENTOS!$C18)*(OFFSET(CÁLCULO!$AA$15:$AA$140,0,W$13))),2),0)","v":0},{"$f":"IF(AUTOEVENTO=\"Manual\",ROUND(SUMPRODUCT((CÁLCULO!$M$15:$M$140=EVENTOS!$C18)*(OFFSET(CÁLCULO!$AA$15:$AA$140,0,X$13))),2),0)","v":0},{"$f":"IF(AUTOEVENTO=\"Manual\",ROUND(SUMPRODUCT((CÁLCULO!$M$15:$M$140=EVENTOS!$C18)*(OFFSET(CÁLCULO!$AA$15:$AA$140,0,Y$13))),2),0)","v":0}]
["F","4. Fundação Reforço Pilares",{"$f":"IF(OR(ROW(C19)=ROW(EVENTOS.firstrow)+1,AND(OFFSET(C19,-1,0)<>\" \",OFFSET(C19,-1,1)<>\"\")),OFFSET(C19,-1,0)+1,\" \")","v":4},"Fundação Reforço Pilares",{"$f":"IF(AUTOEVENTO=\"Manual\",ROUND(SUMPRODUCT((CÁLCULO!$M$15:$M$140=EVENTOS!$C19)*(OFFSET(CÁLCULO!$AA$15:$AA$140,0,E$13))),2),0)","v":0},{"$f":"IF(AUTOEVENTO=\"Manual\",ROUND(SUMPRODUCT((CÁLCULO!$M$15:$M$140=EVENTOS!$C19)*(OFFSET(CÁLCULO!$AA$15,0,1):OFFSET(CÁLCULO!$AL$140,0,-1))),2),0)","v":0},"",{"$f":"IF(AUTOEVENTO=\"Manual\",ROUND(SUMPRODUCT((CÁLCULO!$M$15:$M$140=EVENTOS!$C19)*(OFFSET(CÁLCULO!$AA$15:$AA$140,0,H$13))),2),0)","v":0},{"$f":"IF(AUTOEVENTO=\"Manual\",ROUND(SUMPRODUCT((CÁLCULO!$M$15:$M$140=EVENTOS!$C19)*(OFFSET(CÁLCULO!$AA$15:$AA$140,0,I$13))),2),0)","v":0},{"$f":"IF(AUTOEVENTO=\"Manual\",ROUND(SUMPRODUCT((CÁLCULO!$M$15:$M$140=EVENTOS!$C19)*(OFFSET(CÁLCULO!$AA$15:$AA$140,0,J$13))),2),0)","v":0},{"$f":"IF(AUTOEVENTO=\"Manual\",ROUND(SUMPRODUCT((CÁLCULO!$M$15:$M$140=EVENTOS!$C19)*(OFFSET(CÁLCULO!$AA$15:$AA$140,0,K$13))),2),0)","v":0},{"$f":"IF(AUTOEVENTO=\"Manual\",ROUND(SUMPRODUCT((CÁLCULO!$M$15:$M$140=EVENTOS!$C19)*(OFFSET(CÁLCULO!$AA$15:$AA$140,0,L$13))),2),0)","v":0},{"$f":"IF(AUTOEVENTO=\"Manual\",ROUND(SUMPRODUCT((CÁLCULO!$M$15:$M$140=EVENTOS!$C19)*(OFFSET(CÁLCULO!$AA$15:$AA$140,0,M$13))),2),0)","v":0},{"$f":"IF(AUTOEVENTO=\"Manual\",ROUND(SUMPRODUCT((CÁLCULO!$M$15:$M$140=EVENTOS!$C19)*(OFFSET(CÁLCULO!$AA$15:$AA$140,0,N$13))),2),0)","v":0},{"$f":"IF(AUTOEVENTO=\"Manual\",ROUND(SUMPRODUCT((CÁLCULO!$M$15:$M$140=EVENTOS!$C19)*(OFFSET(CÁLCULO!$AA$15:$AA$140,0,O$13))),2),0)","v":0},{"$f":"IF(AUTOEVENTO=\"Manual\",ROUND(SUMPRODUCT((CÁLCULO!$M$15:$M$140=EVENTOS!$C19)*(OFFSET(CÁLCULO!$AA$15:$AA$140,0,P$13))),2),0)","v":0},{"$f":"IF(AUTOEVENTO=\"Manual\",ROUND(SUMPRODUCT((CÁLCULO!$M$15:$M$140=EVENTOS!$C19)*(OFFSET(CÁLCULO!$AA$15:$AA$140,0,Q$13))),2),0)","v":0},{"$f":"IF(AUTOEVENTO=\"Manual\",ROUND(SUMPRODUCT((CÁLCULO!$M$15:$M$140=EVENTOS!$C19)*(OFFSET(CÁLCULO!$AA$15:$AA$140,0,R$13))),2),0)","v":0},{"$f":"IF(AUTOEVENTO=\"Manual\",ROUND(SUMPRODUCT((CÁLCULO!$M$15:$M$140=EVENTOS!$C19)*(OFFSET(CÁLCULO!$AA$15:$AA$140,0,S$13))),2),0)","v":0},{"$f":"IF(AUTOEVENTO=\"Manual\",ROUND(SUMPRODUCT((CÁLCULO!$M$15:$M$140=EVENTOS!$C19)*(OFFSET(CÁLCULO!$AA$15:$AA$140,0,T$13))),2),0)","v":0},{"$f":"IF(AUTOEVENTO=\"Manual\",ROUND(SUMPRODUCT((CÁLCULO!$M$15:$M$140=EVENTOS!$C19)*(OFFSET(CÁLCULO!$AA$15:$AA$140,0,U$13))),2),0)","v":0},{"$f":"IF(AUTOEVENTO=\"Manual\",ROUND(SUMPRODUCT((CÁLCULO!$M$15:$M$140=EVENTOS!$C19)*(OFFSET(CÁLCULO!$AA$15:$AA$140,0,V$13))),2),0)","v":0},{"$f":"IF(AUTOEVENTO=\"Manual\",ROUND(SUMPRODUCT((CÁLCULO!$M$15:$M$140=EVENTOS!$C19)*(OFFSET(CÁLCULO!$AA$15:$AA$140,0,W$13))),2),0)","v":0},{"$f":"IF(AUTOEVENTO=\"Manual\",ROUND(SUMPRODUCT((CÁLCULO!$M$15:$M$140=EVENTOS!$C19)*(OFFSET(CÁLCULO!$AA$15:$AA$140,0,X$13))),2),0)","v":0},{"$f":"IF(AUTOEVENTO=\"Manual\",ROUND(SUMPRODUCT((CÁLCULO!$M$15:$M$140=EVENTOS!$C19)*(OFFSET(CÁLCULO!$AA$15:$AA$140,0,Y$13))),2),0)","v":0}]
["F","5. Rerforço Pilares",{"$f":"IF(OR(ROW(C20)=ROW(EVENTOS.firstrow)+1,AND(OFFSET(C20,-1,0)<>\" \",OFFSET(C20,-1,1)<>\"\")),OFFSET(C20,-1,0)+1,\" \")","v":5},"Rerforço Pilares",{"$f":"IF(AUTOEVENTO=\"Manual\",ROUND(SUMPRODUCT((CÁLCULO!$M$15:$M$140=EVENTOS!$C20)*(OFFSET(CÁLCULO!$AA$15:$AA$140,0,E$13))),2),0)","v":0},{"$f":"IF(AUTOEVENTO=\"Manual\",ROUND(SUMPRODUCT((CÁLCULO!$M$15:$M$140=EVENTOS!$C20)*(OFFSET(CÁLCULO!$AA$15,0,1):OFFSET(CÁLCULO!$AL$140,0,-1))),2),0)","v":0},"",{"$f":"IF(AUTOEVENTO=\"Manual\",ROUND(SUMPRODUCT((CÁLCULO!$M$15:$M$140=EVENTOS!$C20)*(OFFSET(CÁLCULO!$AA$15:$AA$140,0,H$13))),2),0)","v":0},{"$f":"IF(AUTOEVENTO=\"Manual\",ROUND(SUMPRODUCT((CÁLCULO!$M$15:$M$140=EVENTOS!$C20)*(OFFSET(CÁLCULO!$AA$15:$AA$140,0,I$13))),2),0)","v":0},{"$f":"IF(AUTOEVENTO=\"Manual\",ROUND(SUMPRODUCT((CÁLCULO!$M$15:$M$140=EVENTOS!$C20)*(OFFSET(CÁLCULO!$AA$15:$AA$140,0,J$13))),2),0)","v":0},{"$f":"IF(AUTOEVENTO=\"Manual\",ROUND(SUMPRODUCT((CÁLCULO!$M$15:$M$140=EVENTOS!$C20)*(OFFSET(CÁLCULO!$AA$15:$AA$140,0,K$13))),2),0)","v":0},{"$f":"IF(AUTOEVENTO=\"Manual\",ROUND(SUMPRODUCT((CÁLCULO!$M$15:$M$140=EVENTOS!$C20)*(OFFSET(CÁLCULO!$AA$15:$AA$140,0,L$13))),2),0)","v":0},{"$f":"IF(AUTOEVENTO=\"Manual\",ROUND(SUMPRODUCT((CÁLCULO!$M$15:$M$140=EVENTOS!$C20)*(OFFSET(CÁLCULO!$AA$15:$AA$140,0,M$13))),2),0)","v":0},{"$f":"IF(AUTOEVENTO=\"Manual\",ROUND(SUMPRODUCT((CÁLCULO!$M$15:$M$140=EVENTOS!$C20)*(OFFSET(CÁLCULO!$AA$15:$AA$140,0,N$13))),2),0)","v":0},{"$f":"IF(AUTOEVENTO=\"Manual\",ROUND(SUMPRODUCT((CÁLCULO!$M$15:$M$140=EVENTOS!$C20)*(OFFSET(CÁLCULO!$AA$15:$AA$140,0,O$13))),2),0)","v":0},{"$f":"IF(AUTOEVENTO=\"Manual\",ROUND(SUMPRODUCT((CÁLCULO!$M$15:$M$140=EVENTOS!$C20)*(OFFSET(CÁLCULO!$AA$15:$AA$140,0,P$13))),2),0)","v":0},{"$f":"IF(AUTOEVENTO=\"Manual\",ROUND(SUMPRODUCT((CÁLCULO!$M$15:$M$140=EVENTOS!$C20)*(OFFSET(CÁLCULO!$AA$15:$AA$140,0,Q$13))),2),0)","v":0},{"$f":"IF(AUTOEVENTO=\"Manual\",ROUND(SUMPRODUCT((CÁLCULO!$M$15:$M$140=EVENTOS!$C20)*(OFFSET(CÁLCULO!$AA$15:$AA$140,0,R$13))),2),0)","v":0},{"$f":"IF(AUTOEVENTO=\"Manual\",ROUND(SUMPRODUCT((CÁLCULO!$M$15:$M$140=EVENTOS!$C20)*(OFFSET(CÁLCULO!$AA$15:$AA$140,0,S$13))),2),0)","v":0},{"$f":"IF(AUTOEVENTO=\"Manual\",ROUND(SUMPRODUCT((CÁLCULO!$M$15:$M$140=EVENTOS!$C20)*(OFFSET(CÁLCULO!$AA$15:$AA$140,0,T$13))),2),0)","v":0},{"$f":"IF(AUTOEVENTO=\"Manual\",ROUND(SUMPRODUCT((CÁLCULO!$M$15:$M$140=EVENTOS!$C20)*(OFFSET(CÁLCULO!$AA$15:$AA$140,0,U$13))),2),0)","v":0},{"$f":"IF(AUTOEVENTO=\"Manual\",ROUND(SUMPRODUCT((CÁLCULO!$M$15:$M$140=EVENTOS!$C20)*(OFFSET(CÁLCULO!$AA$15:$AA$140,0,V$13))),2),0)","v":0},{"$f":"IF(AUTOEVENTO=\"Manual\",ROUND(SUMPRODUCT((CÁLCULO!$M$15:$M$140=EVENTOS!$C20)*(OFFSET(CÁLCULO!$AA$15:$AA$140,0,W$13))),2),0)","v":0},{"$f":"IF(AUTOEVENTO=\"Manual\",ROUND(SUMPRODUCT((CÁLCULO!$M$15:$M$140=EVENTOS!$C20)*(OFFSET(CÁLCULO!$AA$15:$AA$140,0,X$13))),2),0)","v":0},{"$f":"IF(AUTOEVENTO=\"Manual\",ROUND(SUMPRODUCT((CÁLCULO!$M$15:$M$140=EVENTOS!$C20)*(OFFSET(CÁLCULO!$AA$15:$AA$140,0,Y$13))),2),0)","v":0}]
["F","6. Pilares",{"$f":"IF(OR(ROW(C21)=ROW(EVENTOS.firstrow)+1,AND(OFFSET(C21,-1,0)<>\" \",OFFSET(C21,-1,1)<>\"\")),OFFSET(C21,-1,0)+1,\" \")","v":6},"Pilares",{"$f":"IF(AUTOEVENTO=\"Manual\",ROUND(SUMPRODUCT((CÁLCULO!$M$15:$M$140=EVENTOS!$C21)*(OFFSET(CÁLCULO!$AA$15:$AA$140,0,E$13))),2),0)","v":0},{"$f":"IF(AUTOEVENTO=\"Manual\",ROUND(SUMPRODUCT((CÁLCULO!$M$15:$M$140=EVENTOS!$C21)*(OFFSET(CÁLCULO!$AA$15,0,1):OFFSET(CÁLCULO!$AL$140,0,-1))),2),0)","v":0},"",{"$f":"IF(AUTOEVENTO=\"Manual\",ROUND(SUMPRODUCT((CÁLCULO!$M$15:$M$140=EVENTOS!$C21)*(OFFSET(CÁLCULO!$AA$15:$AA$140,0,H$13))),2),0)","v":0},{"$f":"IF(AUTOEVENTO=\"Manual\",ROUND(SUMPRODUCT((CÁLCULO!$M$15:$M$140=EVENTOS!$C21)*(OFFSET(CÁLCULO!$AA$15:$AA$140,0,I$13))),2),0)","v":0},{"$f":"IF(AUTOEVENTO=\"Manual\",ROUND(SUMPRODUCT((CÁLCULO!$M$15:$M$140=EVENTOS!$C21)*(OFFSET(CÁLCULO!$AA$15:$AA$140,0,J$13))),2),0)","v":0},{"$f":"IF(AUTOEVENTO=\"Manual\",ROUND(SUMPRODUCT((CÁLCULO!$M$15:$M$140=EVENTOS!$C21)*(OFFSET(CÁLCULO!$AA$15:$AA$140,0,K$13))),2),0)","v":0},{"$f":"IF(AUTOEVENTO=\"Manual\",ROUND(SUMPRODUCT((CÁLCULO!$M$15:$M$140=EVENTOS!$C21)*(OFFSET(CÁLCULO!$AA$15:$AA$140,0,L$13))),2),0)","v":0},{"$f":"IF(AUTOEVENTO=\"Manual\",ROUND(SUMPRODUCT((CÁLCULO!$M$15:$M$140=EVENTOS!$C21)*(OFFSET(CÁLCULO!$AA$15:$AA$140,0,M$13))),2),0)","v":0},{"$f":"IF(AUTOEVENTO=\"Manual\",ROUND(SUMPRODUCT((CÁLCULO!$M$15:$M$140=EVENTOS!$C21)*(OFFSET(CÁLCULO!$AA$15:$AA$140,0,N$13))),2),0)","v":0},{"$f":"IF(AUTOEVENTO=\"Manual\",ROUND(SUMPRODUCT((CÁLCULO!$M$15:$M$140=EVENTOS!$C21)*(OFFSET(CÁLCULO!$AA$15:$AA$140,0,O$13))),2),0)","v":0},{"$f":"IF(AUTOEVENTO=\"Manual\",ROUND(SUMPRODUCT((CÁLCULO!$M$15:$M$140=EVENTOS!$C21)*(OFFSET(CÁLCULO!$AA$15:$AA$140,0,P$13))),2),0)","v":0},{"$f":"IF(AUTOEVENTO=\"Manual\",ROUND(SUMPRODUCT((CÁLCULO!$M$15:$M$140=EVENTOS!$C21)*(OFFSET(CÁLCULO!$AA$15:$AA$140,0,Q$13))),2),0)","v":0},{"$f":"IF(AUTOEVENTO=\"Manual\",ROUND(SUMPRODUCT((CÁLCULO!$M$15:$M$140=EVENTOS!$C21)*(OFFSET(CÁLCULO!$AA$15:$AA$140,0,R$13))),2),0)","v":0},{"$f":"IF(AUTOEVENTO=\"Manual\",ROUND(SUMPRODUCT((CÁLCULO!$M$15:$M$140=EVENTOS!$C21)*(OFFSET(CÁLCULO!$AA$15:$AA$140,0,S$13))),2),0)","v":0},{"$f":"IF(AUTOEVENTO=\"Manual\",ROUND(SUMPRODUCT((CÁLCULO!$M$15:$M$140=EVENTOS!$C21)*(OFFSET(CÁLCULO!$AA$15:$AA$140,0,T$13))),2),0)","v":0},{"$f":"IF(AUTOEVENTO=\"Manual\",ROUND(SUMPRODUCT((CÁLCULO!$M$15:$M$140=EVENTOS!$C21)*(OFFSET(CÁLCULO!$AA$15:$AA$140,0,U$13))),2),0)","v":0},{"$f":"IF(AUTOEVENTO=\"Manual\",ROUND(SUMPRODUCT((CÁLCULO!$M$15:$M$140=EVENTOS!$C21)*(OFFSET(CÁLCULO!$AA$15:$AA$140,0,V$13))),2),0)","v":0},{"$f":"IF(AUTOEVENTO=\"Manual\",ROUND(SUMPRODUCT((CÁLCULO!$M$15:$M$140=EVENTOS!$C21)*(OFFSET(CÁLCULO!$AA$15:$AA$140,0,W$13))),2),0)","v":0},{"$f":"IF(AUTOEVENTO=\"Manual\",ROUND(SUMPRODUCT((CÁLCULO!$M$15:$M$140=EVENTOS!$C21)*(OFFSET(CÁLCULO!$AA$15:$AA$140,0,X$13))),2),0)","v":0},{"$f":"IF(AUTOEVENTO=\"Manual\",ROUND(SUMPRODUCT((CÁLCULO!$M$15:$M$140=EVENTOS!$C21)*(OFFSET(CÁLCULO!$AA$15:$AA$140,0,Y$13))),2),0)","v":0}]
["F","7. Tesouras",{"$f":"IF(OR(ROW(C22)=ROW(EVENTOS.firstrow)+1,AND(OFFSET(C22,-1,0)<>\" \",OFFSET(C22,-1,1)<>\"\")),OFFSET(C22,-1,0)+1,\" \")","v":7},"Tesouras",{"$f":"IF(AUTOEVENTO=\"Manual\",ROUND(SUMPRODUCT((CÁLCULO!$M$15:$M$140=EVENTOS!$C22)*(OFFSET(CÁLCULO!$AA$15:$AA$140,0,E$13))),2),0)","v":0},{"$f":"IF(AUTOEVENTO=\"Manual\",ROUND(SUMPRODUCT((CÁLCULO!$M$15:$M$140=EVENTOS!$C22)*(OFFSET(CÁLCULO!$AA$15,0,1):OFFSET(CÁLCULO!$AL$140,0,-1))),2),0)","v":0},"",{"$f":"IF(AUTOEVENTO=\"Manual\",ROUND(SUMPRODUCT((CÁLCULO!$M$15:$M$140=EVENTOS!$C22)*(OFFSET(CÁLCULO!$AA$15:$AA$140,0,H$13))),2),0)","v":0},{"$f":"IF(AUTOEVENTO=\"Manual\",ROUND(SUMPRODUCT((CÁLCULO!$M$15:$M$140=EVENTOS!$C22)*(OFFSET(CÁLCULO!$AA$15:$AA$140,0,I$13))),2),0)","v":0},{"$f":"IF(AUTOEVENTO=\"Manual\",ROUND(SUMPRODUCT((CÁLCULO!$M$15:$M$140=EVENTOS!$C22)*(OFFSET(CÁLCULO!$AA$15:$AA$140,0,J$13))),2),0)","v":0},{"$f":"IF(AUTOEVENTO=\"Manual\",ROUND(SUMPRODUCT((CÁLCULO!$M$15:$M$140=EVENTOS!$C22)*(OFFSET(CÁLCULO!$AA$15:$AA$140,0,K$13))),2),0)","v":0},{"$f":"IF(AUTOEVENTO=\"Manual\",ROUND(SUMPRODUCT((CÁLCULO!$M$15:$M$140=EVENTOS!$C22)*(OFFSET(CÁLCULO!$AA$15:$AA$140,0,L$13))),2),0)","v":0},{"$f":"IF(AUTOEVENTO=\"Manual\",ROUND(SUMPRODUCT((CÁLCULO!$M$15:$M$140=EVENTOS!$C22)*(OFFSET(CÁLCULO!$AA$15:$AA$140,0,M$13))),2),0)","v":0},{"$f":"IF(AUTOEVENTO=\"Manual\",ROUND(SUMPRODUCT((CÁLCULO!$M$15:$M$140=EVENTOS!$C22)*(OFFSET(CÁLCULO!$AA$15:$AA$140,0,N$13))),2),0)","v":0},{"$f":"IF(AUTOEVENTO=\"Manual\",ROUND(SUMPRODUCT((CÁLCULO!$M$15:$M$140=EVENTOS!$C22)*(OFFSET(CÁLCULO!$AA$15:$AA$140,0,O$13))),2),0)","v":0},{"$f":"IF(AUTOEVENTO=\"Manual\",ROUND(SUMPRODUCT((CÁLCULO!$M$15:$M$140=EVENTOS!$C22)*(OFFSET(CÁLCULO!$AA$15:$AA$140,0,P$13))),2),0)","v":0},{"$f":"IF(AUTOEVENTO=\"Manual\",ROUND(SUMPRODUCT((CÁLCULO!$M$15:$M$140=EVENTOS!$C22)*(OFFSET(CÁLCULO!$AA$15:$AA$140,0,Q$13))),2),0)","v":0},{"$f":"IF(AUTOEVENTO=\"Manual\",ROUND(SUMPRODUCT((CÁLCULO!$M$15:$M$140=EVENTOS!$C22)*(OFFSET(CÁLCULO!$AA$15:$AA$140,0,R$13))),2),0)","v":0},{"$f":"IF(AUTOEVENTO=\"Manual\",ROUND(SUMPRODUCT((CÁLCULO!$M$15:$M$140=EVENTOS!$C22)*(OFFSET(CÁLCULO!$AA$15:$AA$140,0,S$13))),2),0)","v":0},{"$f":"IF(AUTOEVENTO=\"Manual\",ROUND(SUMPRODUCT((CÁLCULO!$M$15:$M$140=EVENTOS!$C22)*(OFFSET(CÁLCULO!$AA$15:$AA$140,0,T$13))),2),0)","v":0},{"$f":"IF(AUTOEVENTO=\"Manual\",ROUND(SUMPRODUCT((CÁLCULO!$M$15:$M$140=EVENTOS!$C22)*(OFFSET(CÁLCULO!$AA$15:$AA$140,0,U$13))),2),0)","v":0},{"$f":"IF(AUTOEVENTO=\"Manual\",ROUND(SUMPRODUCT((CÁLCULO!$M$15:$M$140=EVENTOS!$C22)*(OFFSET(CÁLCULO!$AA$15:$AA$140,0,V$13))),2),0)","v":0},{"$f":"IF(AUTOEVENTO=\"Manual\",ROUND(SUMPRODUCT((CÁLCULO!$M$15:$M$140=EVENTOS!$C22)*(OFFSET(CÁLCULO!$AA$15:$AA$140,0,W$13))),2),0)","v":0},{"$f":"IF(AUTOEVENTO=\"Manual\",ROUND(SUMPRODUCT((CÁLCULO!$M$15:$M$140=EVENTOS!$C22)*(OFFSET(CÁLCULO!$AA$15:$AA$140,0,X$13))),2),0)","v":0},{"$f":"IF(AUTOEVENTO=\"Manual\",ROUND(SUMPRODUCT((CÁLCULO!$M$15:$M$140=EVENTOS!$C22)*(OFFSET(CÁLCULO!$AA$15:$AA$140,0,Y$13))),2),0)","v":0}]
["F","8. Terças e travamentos",{"$f":"IF(OR(ROW(C23)=ROW(EVENTOS.firstrow)+1,AND(OFFSET(C23,-1,0)<>\" \",OFFSET(C23,-1,1)<>\"\")),OFFSET(C23,-1,0)+1,\" \")","v":8},"Terças e travamentos",{"$f":"IF(AUTOEVENTO=\"Manual\",ROUND(SUMPRODUCT((CÁLCULO!$M$15:$M$140=EVENTOS!$C23)*(OFFSET(CÁLCULO!$AA$15:$AA$140,0,E$13))),2),0)","v":0},{"$f":"IF(AUTOEVENTO=\"Manual\",ROUND(SUMPRODUCT((CÁLCULO!$M$15:$M$140=EVENTOS!$C23)*(OFFSET(CÁLCULO!$AA$15,0,1):OFFSET(CÁLCULO!$AL$140,0,-1))),2),0)","v":0},"",{"$f":"IF(AUTOEVENTO=\"Manual\",ROUND(SUMPRODUCT((CÁLCULO!$M$15:$M$140=EVENTOS!$C23)*(OFFSET(CÁLCULO!$AA$15:$AA$140,0,H$13))),2),0)","v":0},{"$f":"IF(AUTOEVENTO=\"Manual\",ROUND(SUMPRODUCT((CÁLCULO!$M$15:$M$140=EVENTOS!$C23)*(OFFSET(CÁLCULO!$AA$15:$AA$140,0,I$13))),2),0)","v":0},{"$f":"IF(AUTOEVENTO=\"Manual\",ROUND(SUMPRODUCT((CÁLCULO!$M$15:$M$140=EVENTOS!$C23)*(OFFSET(CÁLCULO!$AA$15:$AA$140,0,J$13))),2),0)","v":0},{"$f":"IF(AUTOEVENTO=\"Manual\",ROUND(SUMPRODUCT((CÁLCULO!$M$15:$M$140=EVENTOS!$C23)*(OFFSET(CÁLCULO!$AA$15:$AA$140,0,K$13))),2),0)","v":0},{"$f":"IF(AUTOEVENTO=\"Manual\",ROUND(SUMPRODUCT((CÁLCULO!$M$15:$M$140=EVENTOS!$C23)*(OFFSET(CÁLCULO!$AA$15:$AA$140,0,L$13))),2),0)","v":0},{"$f":"IF(AUTOEVENTO=\"Manual\",ROUND(SUMPRODUCT((CÁLCULO!$M$15:$M$140=EVENTOS!$C23)*(OFFSET(CÁLCULO!$AA$15:$AA$140,0,M$13))),2),0)","v":0},{"$f":"IF(AUTOEVENTO=\"Manual\",ROUND(SUMPRODUCT((CÁLCULO!$M$15:$M$140=EVENTOS!$C23)*(OFFSET(CÁLCULO!$AA$15:$AA$140,0,N$13))),2),0)","v":0},{"$f":"IF(AUTOEVENTO=\"Manual\",ROUND(SUMPRODUCT((CÁLCULO!$M$15:$M$140=EVENTOS!$C23)*(OFFSET(CÁLCULO!$AA$15:$AA$140,0,O$13))),2),0)","v":0},{"$f":"IF(AUTOEVENTO=\"Manual\",ROUND(SUMPRODUCT((CÁLCULO!$M$15:$M$140=EVENTOS!$C23)*(OFFSET(CÁLCULO!$AA$15:$AA$140,0,P$13))),2),0)","v":0},{"$f":"IF(AUTOEVENTO=\"Manual\",ROUND(SUMPRODUCT((CÁLCULO!$M$15:$M$140=EVENTOS!$C23)*(OFFSET(CÁLCULO!$AA$15:$AA$140,0,Q$13))),2),0)","v":0},{"$f":"IF(AUTOEVENTO=\"Manual\",ROUND(SUMPRODUCT((CÁLCULO!$M$15:$M$140=EVENTOS!$C23)*(OFFSET(CÁLCULO!$AA$15:$AA$140,0,R$13))),2),0)","v":0},{"$f":"IF(AUTOEVENTO=\"Manual\",ROUND(SUMPRODUCT((CÁLCULO!$M$15:$M$140=EVENTOS!$C23)*(OFFSET(CÁLCULO!$AA$15:$AA$140,0,S$13))),2),0)","v":0},{"$f":"IF(AUTOEVENTO=\"Manual\",ROUND(SUMPRODUCT((CÁLCULO!$M$15:$M$140=EVENTOS!$C23)*(OFFSET(CÁLCULO!$AA$15:$AA$140,0,T$13))),2),0)","v":0},{"$f":"IF(AUTOEVENTO=\"Manual\",ROUND(SUMPRODUCT((CÁLCULO!$M$15:$M$140=EVENTOS!$C23)*(OFFSET(CÁLCULO!$AA$15:$AA$140,0,U$13))),2),0)","v":0},{"$f":"IF(AUTOEVENTO=\"Manual\",ROUND(SUMPRODUCT((CÁLCULO!$M$15:$M$140=EVENTOS!$C23)*(OFFSET(CÁLCULO!$AA$15:$AA$140,0,V$13))),2),0)","v":0},{"$f":"IF(AUTOEVENTO=\"Manual\",ROUND(SUMPRODUCT((CÁLCULO!$M$15:$M$140=EVENTOS!$C23)*(OFFSET(CÁLCULO!$AA$15:$AA$140,0,W$13))),2),0)","v":0},{"$f":"IF(AUTOEVENTO=\"Manual\",ROUND(SUMPRODUCT((CÁLCULO!$M$15:$M$140=EVENTOS!$C23)*(OFFSET(CÁLCULO!$AA$15:$AA$140,0,X$13))),2),0)","v":0},{"$f":"IF(AUTOEVENTO=\"Manual\",ROUND(SUMPRODUCT((CÁLCULO!$M$15:$M$140=EVENTOS!$C23)*(OFFSET(CÁLCULO!$AA$15:$AA$140,0,Y$13))),2),0)","v":0}]
["F","9. Telhamento e impermeabilização",{"$f":"IF(OR(ROW(C24)=ROW(EVENTOS.firstrow)+1,AND(OFFSET(C24,-1,0)<>\" \",OFFSET(C24,-1,1)<>\"\")),OFFSET(C24,-1,0)+1,\" \")","v":9},"Telhamento e impermeabilização",{"$f":"IF(AUTOEVENTO=\"Manual\",ROUND(SUMPRODUCT((CÁLCULO!$M$15:$M$140=EVENTOS!$C24)*(OFFSET(CÁLCULO!$AA$15:$AA$140,0,E$13))),2),0)","v":0},{"$f":"IF(AUTOEVENTO=\"Manual\",ROUND(SUMPRODUCT((CÁLCULO!$M$15:$M$140=EVENTOS!$C24)*(OFFSET(CÁLCULO!$AA$15,0,1):OFFSET(CÁLCULO!$AL$140,0,-1))),2),0)","v":0},"",{"$f":"IF(AUTOEVENTO=\"Manual\",ROUND(SUMPRODUCT((CÁLCULO!$M$15:$M$140=EVENTOS!$C24)*(OFFSET(CÁLCULO!$AA$15:$AA$140,0,H$13))),2),0)","v":0},{"$f":"IF(AUTOEVENTO=\"Manual\",ROUND(SUMPRODUCT((CÁLCULO!$M$15:$M$140=EVENTOS!$C24)*(OFFSET(CÁLCULO!$AA$15:$AA$140,0,I$13))),2),0)","v":0},{"$f":"IF(AUTOEVENTO=\"Manual\",ROUND(SUMPRODUCT((CÁLCULO!$M$15:$M$140=EVENTOS!$C24)*(OFFSET(CÁLCULO!$AA$15:$AA$140,0,J$13))),2),0)","v":0},{"$f":"IF(AUTOEVENTO=\"Manual\",ROUND(SUMPRODUCT((CÁLCULO!$M$15:$M$140=EVENTOS!$C24)*(OFFSET(CÁLCULO!$AA$15:$AA$140,0,K$13))),2),0)","v":0},{"$f":"IF(AUTOEVENTO=\"Manual\",ROUND(SUMPRODUCT((CÁLCULO!$M$15:$M$140=EVENTOS!$C24)*(OFFSET(CÁLCULO!$AA$15:$AA$140,0,L$13))),2),0)","v":0},{"$f":"IF(AUTOEVENTO=\"Manual\",ROUND(SUMPRODUCT((CÁLCULO!$M$15:$M$140=EVENTOS!$C24)*(OFFSET(CÁLCULO!$AA$15:$AA$140,0,M$13))),2),0)","v":0},{"$f":"IF(AUTOEVENTO=\"Manual\",ROUND(SUMPRODUCT((CÁLCULO!$M$15:$M$140=EVENTOS!$C24)*(OFFSET(CÁLCULO!$AA$15:$AA$140,0,N$13))),2),0)","v":0},{"$f":"IF(AUTOEVENTO=\"Manual\",ROUND(SUMPRODUCT((CÁLCULO!$M$15:$M$140=EVENTOS!$C24)*(OFFSET(CÁLCULO!$AA$15:$AA$140,0,O$13))),2),0)","v":0},{"$f":"IF(AUTOEVENTO=\"Manual\",ROUND(SUMPRODUCT((CÁLCULO!$M$15:$M$140=EVENTOS!$C24)*(OFFSET(CÁLCULO!$AA$15:$AA$140,0,P$13))),2),0)","v":0},{"$f":"IF(AUTOEVENTO=\"Manual\",ROUND(SUMPRODUCT((CÁLCULO!$M$15:$M$140=EVENTOS!$C24)*(OFFSET(CÁLCULO!$AA$15:$AA$140,0,Q$13))),2),0)","v":0},{"$f":"IF(AUTOEVENTO=\"Manual\",ROUND(SUMPRODUCT((CÁLCULO!$M$15:$M$140=EVENTOS!$C24)*(OFFSET(CÁLCULO!$AA$15:$AA$140,0,R$13))),2),0)","v":0},{"$f":"IF(AUTOEVENTO=\"Manual\",ROUND(SUMPRODUCT((CÁLCULO!$M$15:$M$140=EVENTOS!$C24)*(OFFSET(CÁLCULO!$AA$15:$AA$140,0,S$13))),2),0)","v":0},{"$f":"IF(AUTOEVENTO=\"Manual\",ROUND(SUMPRODUCT((CÁLCULO!$M$15:$M$140=EVENTOS!$C24)*(OFFSET(CÁLCULO!$AA$15:$AA$140,0,T$13))),2),0)","v":0},{"$f":"IF(AUTOEVENTO=\"Manual\",ROUND(SUMPRODUCT((CÁLCULO!$M$15:$M$140=EVENTOS!$C24)*(OFFSET(CÁLCULO!$AA$15:$AA$140,0,U$13))),2),0)","v":0},{"$f":"IF(AUTOEVENTO=\"Manual\",ROUND(SUMPRODUCT((CÁLCULO!$M$15:$M$140=EVENTOS!$C24)*(OFFSET(CÁLCULO!$AA$15:$AA$140,0,V$13))),2),0)","v":0},{"$f":"IF(AUTOEVENTO=\"Manual\",ROUND(SUMPRODUCT((CÁLCULO!$M$15:$M$140=EVENTOS!$C24)*(OFFSET(CÁLCULO!$AA$15:$AA$140,0,W$13))),2),0)","v":0},{"$f":"IF(AUTOEVENTO=\"Manual\",ROUND(SUMPRODUCT((CÁLCULO!$M$15:$M$140=EVENTOS!$C24)*(OFFSET(CÁLCULO!$AA$15:$AA$140,0,X$13))),2),0)","v":0},{"$f":"IF(AUTOEVENTO=\"Manual\",ROUND(SUMPRODUCT((CÁLCULO!$M$15:$M$140=EVENTOS!$C24)*(OFFSET(CÁLCULO!$AA$15:$AA$140,0,Y$13))),2),0)","v":0}]
["F","10. Pintura de piso e paredes",{"$f":"IF(OR(ROW(C25)=ROW(EVENTOS.firstrow)+1,AND(OFFSET(C25,-1,0)<>\" \",OFFSET(C25,-1,1)<>\"\")),OFFSET(C25,-1,0)+1,\" \")","v":10},"Pintura de piso e paredes",{"$f":"IF(AUTOEVENTO=\"Manual\",ROUND(SUMPRODUCT((CÁLCULO!$M$15:$M$140=EVENTOS!$C25)*(OFFSET(CÁLCULO!$AA$15:$AA$140,0,E$13))),2),0)","v":0},{"$f":"IF(AUTOEVENTO=\"Manual\",ROUND(SUMPRODUCT((CÁLCULO!$M$15:$M$140=EVENTOS!$C25)*(OFFSET(CÁLCULO!$AA$15,0,1):OFFSET(CÁLCULO!$AL$140,0,-1))),2),0)","v":0},"",{"$f":"IF(AUTOEVENTO=\"Manual\",ROUND(SUMPRODUCT((CÁLCULO!$M$15:$M$140=EVENTOS!$C25)*(OFFSET(CÁLCULO!$AA$15:$AA$140,0,H$13))),2),0)","v":0},{"$f":"IF(AUTOEVENTO=\"Manual\",ROUND(SUMPRODUCT((CÁLCULO!$M$15:$M$140=EVENTOS!$C25)*(OFFSET(CÁLCULO!$AA$15:$AA$140,0,I$13))),2),0)","v":0},{"$f":"IF(AUTOEVENTO=\"Manual\",ROUND(SUMPRODUCT((CÁLCULO!$M$15:$M$140=EVENTOS!$C25)*(OFFSET(CÁLCULO!$AA$15:$AA$140,0,J$13))),2),0)","v":0},{"$f":"IF(AUTOEVENTO=\"Manual\",ROUND(SUMPRODUCT((CÁLCULO!$M$15:$M$140=EVENTOS!$C25)*(OFFSET(CÁLCULO!$AA$15:$AA$140,0,K$13))),2),0)","v":0},{"$f":"IF(AUTOEVENTO=\"Manual\",ROUND(SUMPRODUCT((CÁLCULO!$M$15:$M$140=EVENTOS!$C25)*(OFFSET(CÁLCULO!$AA$15:$AA$140,0,L$13))),2),0)","v":0},{"$f":"IF(AUTOEVENTO=\"Manual\",ROUND(SUMPRODUCT((CÁLCULO!$M$15:$M$140=EVENTOS!$C25)*(OFFSET(CÁLCULO!$AA$15:$AA$140,0,M$13))),2),0)","v":0},{"$f":"IF(AUTOEVENTO=\"Manual\",ROUND(SUMPRODUCT((CÁLCULO!$M$15:$M$140=EVENTOS!$C25)*(OFFSET(CÁLCULO!$AA$15:$AA$140,0,N$13))),2),0)","v":0},{"$f":"IF(AUTOEVENTO=\"Manual\",ROUND(SUMPRODUCT((CÁLCULO!$M$15:$M$140=EVENTOS!$C25)*(OFFSET(CÁLCULO!$AA$15:$AA$140,0,O$13))),2),0)","v":0},{"$f":"IF(AUTOEVENTO=\"Manual\",ROUND(SUMPRODUCT((CÁLCULO!$M$15:$M$140=EVENTOS!$C25)*(OFFSET(CÁLCULO!$AA$15:$AA$140,0,P$13))),2),0)","v":0},{"$f":"IF(AUTOEVENTO=\"Manual\",ROUND(SUMPRODUCT((CÁLCULO!$M$15:$M$140=EVENTOS!$C25)*(OFFSET(CÁLCULO!$AA$15:$AA$140,0,Q$13))),2),0)","v":0},{"$f":"IF(AUTOEVENTO=\"Manual\",ROUND(SUMPRODUCT((CÁLCULO!$M$15:$M$140=EVENTOS!$C25)*(OFFSET(CÁLCULO!$AA$15:$AA$140,0,R$13))),2),0)","v":0},{"$f":"IF(AUTOEVENTO=\"Manual\",ROUND(SUMPRODUCT((CÁLCULO!$M$15:$M$140=EVENTOS!$C25)*(OFFSET(CÁLCULO!$AA$15:$AA$140,0,S$13))),2),0)","v":0},{"$f":"IF(AUTOEVENTO=\"Manual\",ROUND(SUMPRODUCT((CÁLCULO!$M$15:$M$140=EVENTOS!$C25)*(OFFSET(CÁLCULO!$AA$15:$AA$140,0,T$13))),2),0)","v":0},{"$f":"IF(AUTOEVENTO=\"Manual\",ROUND(SUMPRODUCT((CÁLCULO!$M$15:$M$140=EVENTOS!$C25)*(OFFSET(CÁLCULO!$AA$15:$AA$140,0,U$13))),2),0)","v":0},{"$f":"IF(AUTOEVENTO=\"Manual\",ROUND(SUMPRODUCT((CÁLCULO!$M$15:$M$140=EVENTOS!$C25)*(OFFSET(CÁLCULO!$AA$15:$AA$140,0,V$13))),2),0)","v":0},{"$f":"IF(AUTOEVENTO=\"Manual\",ROUND(SUMPRODUCT((CÁLCULO!$M$15:$M$140=EVENTOS!$C25)*(OFFSET(CÁLCULO!$AA$15:$AA$140,0,W$13))),2),0)","v":0},{"$f":"IF(AUTOEVENTO=\"Manual\",ROUND(SUMPRODUCT((CÁLCULO!$M$15:$M$140=EVENTOS!$C25)*(OFFSET(CÁLCULO!$AA$15:$AA$140,0,X$13))),2),0)","v":0},{"$f":"IF(AUTOEVENTO=\"Manual\",ROUND(SUMPRODUCT((CÁLCULO!$M$15:$M$140=EVENTOS!$C25)*(OFFSET(CÁLCULO!$AA$15:$AA$140,0,Y$13))),2),0)","v":0}]
["F","11. Pintura de superfícies metálicas",{"$f":"IF(OR(ROW(C26)=ROW(EVENTOS.firstrow)+1,AND(OFFSET(C26,-1,0)<>\" \",OFFSET(C26,-1,1)<>\"\")),OFFSET(C26,-1,0)+1,\" \")","v":11},"Pintura de superfícies metálicas",{"$f":"IF(AUTOEVENTO=\"Manual\",ROUND(SUMPRODUCT((CÁLCULO!$M$15:$M$140=EVENTOS!$C26)*(OFFSET(CÁLCULO!$AA$15:$AA$140,0,E$13))),2),0)","v":0},{"$f":"IF(AUTOEVENTO=\"Manual\",ROUND(SUMPRODUCT((CÁLCULO!$M$15:$M$140=EVENTOS!$C26)*(OFFSET(CÁLCULO!$AA$15,0,1):OFFSET(CÁLCULO!$AL$140,0,-1))),2),0)","v":0},"",{"$f":"IF(AUTOEVENTO=\"Manual\",ROUND(SUMPRODUCT((CÁLCULO!$M$15:$M$140=EVENTOS!$C26)*(OFFSET(CÁLCULO!$AA$15:$AA$140,0,H$13))),2),0)","v":0},{"$f":"IF(AUTOEVENTO=\"Manual\",ROUND(SUMPRODUCT((CÁLCULO!$M$15:$M$140=EVENTOS!$C26)*(OFFSET(CÁLCULO!$AA$15:$AA$140,0,I$13))),2),0)","v":0},{"$f":"IF(AUTOEVENTO=\"Manual\",ROUND(SUMPRODUCT((CÁLCULO!$M$15:$M$140=EVENTOS!$C26)*(OFFSET(CÁLCULO!$AA$15:$AA$140,0,J$13))),2),0)","v":0},{"$f":"IF(AUTOEVENTO=\"Manual\",ROUND(SUMPRODUCT((CÁLCULO!$M$15:$M$140=EVENTOS!$C26)*(OFFSET(CÁLCULO!$AA$15:$AA$140,0,K$13))),2),0)","v":0},{"$f":"IF(AUTOEVENTO=\"Manual\",ROUND(SUMPRODUCT((CÁLCULO!$M$15:$M$140=EVENTOS!$C26)*(OFFSET(CÁLCULO!$AA$15:$AA$140,0,L$13))),2),0)","v":0},{"$f":"IF(AUTOEVENTO=\"Manual\",ROUND(SUMPRODUCT((CÁLCULO!$M$15:$M$140=EVENTOS!$C26)*(OFFSET(CÁLCULO!$AA$15:$AA$140,0,M$13))),2),0)","v":0},{"$f":"IF(AUTOEVENTO=\"Manual\",ROUND(SUMPRODUCT((CÁLCULO!$M$15:$M$140=EVENTOS!$C26)*(OFFSET(CÁLCULO!$AA$15:$AA$140,0,N$13))),2),0)","v":0},{"$f":"IF(AUTOEVENTO=\"Manual\",ROUND(SUMPRODUCT((CÁLCULO!$M$15:$M$140=EVENTOS!$C26)*(OFFSET(CÁLCULO!$AA$15:$AA$140,0,O$13))),2),0)","v":0},{"$f":"IF(AUTOEVENTO=\"Manual\",ROUND(SUMPRODUCT((CÁLCULO!$M$15:$M$140=EVENTOS!$C26)*(OFFSET(CÁLCULO!$AA$15:$AA$140,0,P$13))),2),0)","v":0},{"$f":"IF(AUTOEVENTO=\"Manual\",ROUND(SUMPRODUCT((CÁLCULO!$M$15:$M$140=EVENTOS!$C26)*(OFFSET(CÁLCULO!$AA$15:$AA$140,0,Q$13))),2),0)","v":0},{"$f":"IF(AUTOEVENTO=\"Manual\",ROUND(SUMPRODUCT((CÁLCULO!$M$15:$M$140=EVENTOS!$C26)*(OFFSET(CÁLCULO!$AA$15:$AA$140,0,R$13))),2),0)","v":0},{"$f":"IF(AUTOEVENTO=\"Manual\",ROUND(SUMPRODUCT((CÁLCULO!$M$15:$M$140=EVENTOS!$C26)*(OFFSET(CÁLCULO!$AA$15:$AA$140,0,S$13))),2),0)","v":0},{"$f":"IF(AUTOEVENTO=\"Manual\",ROUND(SUMPRODUCT((CÁLCULO!$M$15:$M$140=EVENTOS!$C26)*(OFFSET(CÁLCULO!$AA$15:$AA$140,0,T$13))),2),0)","v":0},{"$f":"IF(AUTOEVENTO=\"Manual\",ROUND(SUMPRODUCT((CÁLCULO!$M$15:$M$140=EVENTOS!$C26)*(OFFSET(CÁLCULO!$AA$15:$AA$140,0,U$13))),2),0)","v":0},{"$f":"IF(AUTOEVENTO=\"Manual\",ROUND(SUMPRODUCT((CÁLCULO!$M$15:$M$140=EVENTOS!$C26)*(OFFSET(CÁLCULO!$AA$15:$AA$140,0,V$13))),2),0)","v":0},{"$f":"IF(AUTOEVENTO=\"Manual\",ROUND(SUMPRODUCT((CÁLCULO!$M$15:$M$140=EVENTOS!$C26)*(OFFSET(CÁLCULO!$AA$15:$AA$140,0,W$13))),2),0)","v":0},{"$f":"IF(AUTOEVENTO=\"Manual\",ROUND(SUMPRODUCT((CÁLCULO!$M$15:$M$140=EVENTOS!$C26)*(OFFSET(CÁLCULO!$AA$15:$AA$140,0,X$13))),2),0)","v":0},{"$f":"IF(AUTOEVENTO=\"Manual\",ROUND(SUMPRODUCT((CÁLCULO!$M$15:$M$140=EVENTOS!$C26)*(OFFSET(CÁLCULO!$AA$15:$AA$140,0,Y$13))),2),0)","v":0}]
["F","12. Instalações elétricas iniciais",{"$f":"IF(OR(ROW(C27)=ROW(EVENTOS.firstrow)+1,AND(OFFSET(C27,-1,0)<>\" \",OFFSET(C27,-1,1)<>\"\")),OFFSET(C27,-1,0)+1,\" \")","v":12},"Instalações elétricas iniciais",{"$f":"IF(AUTOEVENTO=\"Manual\",ROUND(SUMPRODUCT((CÁLCULO!$M$15:$M$140=EVENTOS!$C27)*(OFFSET(CÁLCULO!$AA$15:$AA$140,0,E$13))),2),0)","v":0},{"$f":"IF(AUTOEVENTO=\"Manual\",ROUND(SUMPRODUCT((CÁLCULO!$M$15:$M$140=EVENTOS!$C27)*(OFFSET(CÁLCULO!$AA$15,0,1):OFFSET(CÁLCULO!$AL$140,0,-1))),2),0)","v":0},"",{"$f":"IF(AUTOEVENTO=\"Manual\",ROUND(SUMPRODUCT((CÁLCULO!$M$15:$M$140=EVENTOS!$C27)*(OFFSET(CÁLCULO!$AA$15:$AA$140,0,H$13))),2),0)","v":0},{"$f":"IF(AUTOEVENTO=\"Manual\",ROUND(SUMPRODUCT((CÁLCULO!$M$15:$M$140=EVENTOS!$C27)*(OFFSET(CÁLCULO!$AA$15:$AA$140,0,I$13))),2),0)","v":0},{"$f":"IF(AUTOEVENTO=\"Manual\",ROUND(SUMPRODUCT((CÁLCULO!$M$15:$M$140=EVENTOS!$C27)*(OFFSET(CÁLCULO!$AA$15:$AA$140,0,J$13))),2),0)","v":0},{"$f":"IF(AUTOEVENTO=\"Manual\",ROUND(SUMPRODUCT((CÁLCULO!$M$15:$M$140=EVENTOS!$C27)*(OFFSET(CÁLCULO!$AA$15:$AA$140,0,K$13))),2),0)","v":0},{"$f":"IF(AUTOEVENTO=\"Manual\",ROUND(SUMPRODUCT((CÁLCULO!$M$15:$M$140=EVENTOS!$C27)*(OFFSET(CÁLCULO!$AA$15:$AA$140,0,L$13))),2),0)","v":0},{"$f":"IF(AUTOEVENTO=\"Manual\",ROUND(SUMPRODUCT((CÁLCULO!$M$15:$M$140=EVENTOS!$C27)*(OFFSET(CÁLCULO!$AA$15:$AA$140,0,M$13))),2),0)","v":0},{"$f":"IF(AUTOEVENTO=\"Manual\",ROUND(SUMPRODUCT((CÁLCULO!$M$15:$M$140=EVENTOS!$C27)*(OFFSET(CÁLCULO!$AA$15:$AA$140,0,N$13))),2),0)","v":0},{"$f":"IF(AUTOEVENTO=\"Manual\",ROUND(SUMPRODUCT((CÁLCULO!$M$15:$M$140=EVENTOS!$C27)*(OFFSET(CÁLCULO!$AA$15:$AA$140,0,O$13))),2),0)","v":0},{"$f":"IF(AUTOEVENTO=\"Manual\",ROUND(SUMPRODUCT((CÁLCULO!$M$15:$M$140=EVENTOS!$C27)*(OFFSET(CÁLCULO!$AA$15:$AA$140,0,P$13))),2),0)","v":0},{"$f":"IF(AUTOEVENTO=\"Manual\",ROUND(SUMPRODUCT((CÁLCULO!$M$15:$M$140=EVENTOS!$C27)*(OFFSET(CÁLCULO!$AA$15:$AA$140,0,Q$13))),2),0)","v":0},{"$f":"IF(AUTOEVENTO=\"Manual\",ROUND(SUMPRODUCT((CÁLCULO!$M$15:$M$140=EVENTOS!$C27)*(OFFSET(CÁLCULO!$AA$15:$AA$140,0,R$13))),2),0)","v":0},{"$f":"IF(AUTOEVENTO=\"Manual\",ROUND(SUMPRODUCT((CÁLCULO!$M$15:$M$140=EVENTOS!$C27)*(OFFSET(CÁLCULO!$AA$15:$AA$140,0,S$13))),2),0)","v":0},{"$f":"IF(AUTOEVENTO=\"Manual\",ROUND(SUMPRODUCT((CÁLCULO!$M$15:$M$140=EVENTOS!$C27)*(OFFSET(CÁLCULO!$AA$15:$AA$140,0,T$13))),2),0)","v":0},{"$f":"IF(AUTOEVENTO=\"Manual\",ROUND(SUMPRODUCT((CÁLCULO!$M$15:$M$140=EVENTOS!$C27)*(OFFSET(CÁLCULO!$AA$15:$AA$140,0,U$13))),2),0)","v":0},{"$f":"IF(AUTOEVENTO=\"Manual\",ROUND(SUMPRODUCT((CÁLCULO!$M$15:$M$140=EVENTOS!$C27)*(OFFSET(CÁLCULO!$AA$15:$AA$140,0,V$13))),2),0)","v":0},{"$f":"IF(AUTOEVENTO=\"Manual\",ROUND(SUMPRODUCT((CÁLCULO!$M$15:$M$140=EVENTOS!$C27)*(OFFSET(CÁLCULO!$AA$15:$AA$140,0,W$13))),2),0)","v":0},{"$f":"IF(AUTOEVENTO=\"Manual\",ROUND(SUMPRODUCT((CÁLCULO!$M$15:$M$140=EVENTOS!$C27)*(OFFSET(CÁLCULO!$AA$15:$AA$140,0,X$13))),2),0)","v":0},{"$f":"IF(AUTOEVENTO=\"Manual\",ROUND(SUMPRODUCT((CÁLCULO!$M$15:$M$140=EVENTOS!$C27)*(OFFSET(CÁLCULO!$AA$15:$AA$140,0,Y$13))),2),0)","v":0}]
["F","13. Instalações elétricas finais",{"$f":"IF(OR(ROW(C28)=ROW(EVENTOS.firstrow)+1,AND(OFFSET(C28,-1,0)<>\" \",OFFSET(C28,-1,1)<>\"\")),OFFSET(C28,-1,0)+1,\" \")","v":13},"Instalações elétricas finais",{"$f":"IF(AUTOEVENTO=\"Manual\",ROUND(SUMPRODUCT((CÁLCULO!$M$15:$M$140=EVENTOS!$C28)*(OFFSET(CÁLCULO!$AA$15:$AA$140,0,E$13))),2),0)","v":0},{"$f":"IF(AUTOEVENTO=\"Manual\",ROUND(SUMPRODUCT((CÁLCULO!$M$15:$M$140=EVENTOS!$C28)*(OFFSET(CÁLCULO!$AA$15,0,1):OFFSET(CÁLCULO!$AL$140,0,-1))),2),0)","v":0},"",{"$f":"IF(AUTOEVENTO=\"Manual\",ROUND(SUMPRODUCT((CÁLCULO!$M$15:$M$140=EVENTOS!$C28)*(OFFSET(CÁLCULO!$AA$15:$AA$140,0,H$13))),2),0)","v":0},{"$f":"IF(AUTOEVENTO=\"Manual\",ROUND(SUMPRODUCT((CÁLCULO!$M$15:$M$140=EVENTOS!$C28)*(OFFSET(CÁLCULO!$AA$15:$AA$140,0,I$13))),2),0)","v":0},{"$f":"IF(AUTOEVENTO=\"Manual\",ROUND(SUMPRODUCT((CÁLCULO!$M$15:$M$140=EVENTOS!$C28)*(OFFSET(CÁLCULO!$AA$15:$AA$140,0,J$13))),2),0)","v":0},{"$f":"IF(AUTOEVENTO=\"Manual\",ROUND(SUMPRODUCT((CÁLCULO!$M$15:$M$140=EVENTOS!$C28)*(OFFSET(CÁLCULO!$AA$15:$AA$140,0,K$13))),2),0)","v":0},{"$f":"IF(AUTOEVENTO=\"Manual\",ROUND(SUMPRODUCT((CÁLCULO!$M$15:$M$140=EVENTOS!$C28)*(OFFSET(CÁLCULO!$AA$15:$AA$140,0,L$13))),2),0)","v":0},{"$f":"IF(AUTOEVENTO=\"Manual\",ROUND(SUMPRODUCT((CÁLCULO!$M$15:$M$140=EVENTOS!$C28)*(OFFSET(CÁLCULO!$AA$15:$AA$140,0,M$13))),2),0)","v":0},{"$f":"IF(AUTOEVENTO=\"Manual\",ROUND(SUMPRODUCT((CÁLCULO!$M$15:$M$140=EVENTOS!$C28)*(OFFSET(CÁLCULO!$AA$15:$AA$140,0,N$13))),2),0)","v":0},{"$f":"IF(AUTOEVENTO=\"Manual\",ROUND(SUMPRODUCT((CÁLCULO!$M$15:$M$140=EVENTOS!$C28)*(OFFSET(CÁLCULO!$AA$15:$AA$140,0,O$13))),2),0)","v":0},{"$f":"IF(AUTOEVENTO=\"Manual\",ROUND(SUMPRODUCT((CÁLCULO!$M$15:$M$140=EVENTOS!$C28)*(OFFSET(CÁLCULO!$AA$15:$AA$140,0,P$13))),2),0)","v":0},{"$f":"IF(AUTOEVENTO=\"Manual\",ROUND(SUMPRODUCT((CÁLCULO!$M$15:$M$140=EVENTOS!$C28)*(OFFSET(CÁLCULO!$AA$15:$AA$140,0,Q$13))),2),0)","v":0},{"$f":"IF(AUTOEVENTO=\"Manual\",ROUND(SUMPRODUCT((CÁLCULO!$M$15:$M$140=EVENTOS!$C28)*(OFFSET(CÁLCULO!$AA$15:$AA$140,0,R$13))),2),0)","v":0},{"$f":"IF(AUTOEVENTO=\"Manual\",ROUND(SUMPRODUCT((CÁLCULO!$M$15:$M$140=EVENTOS!$C28)*(OFFSET(CÁLCULO!$AA$15:$AA$140,0,S$13))),2),0)","v":0},{"$f":"IF(AUTOEVENTO=\"Manual\",ROUND(SUMPRODUCT((CÁLCULO!$M$15:$M$140=EVENTOS!$C28)*(OFFSET(CÁLCULO!$AA$15:$AA$140,0,T$13))),2),0)","v":0},{"$f":"IF(AUTOEVENTO=\"Manual\",ROUND(SUMPRODUCT((CÁLCULO!$M$15:$M$140=EVENTOS!$C28)*(OFFSET(CÁLCULO!$AA$15:$AA$140,0,U$13))),2),0)","v":0},{"$f":"IF(AUTOEVENTO=\"Manual\",ROUND(SUMPRODUCT((CÁLCULO!$M$15:$M$140=EVENTOS!$C28)*(OFFSET(CÁLCULO!$AA$15:$AA$140,0,V$13))),2),0)","v":0},{"$f":"IF(AUTOEVENTO=\"Manual\",ROUND(SUMPRODUCT((CÁLCULO!$M$15:$M$140=EVENTOS!$C28)*(OFFSET(CÁLCULO!$AA$15:$AA$140,0,W$13))),2),0)","v":0},{"$f":"IF(AUTOEVENTO=\"Manual\",ROUND(SUMPRODUCT((CÁLCULO!$M$15:$M$140=EVENTOS!$C28)*(OFFSET(CÁLCULO!$AA$15:$AA$140,0,X$13))),2),0)","v":0},{"$f":"IF(AUTOEVENTO=\"Manual\",ROUND(SUMPRODUCT((CÁLCULO!$M$15:$M$140=EVENTOS!$C28)*(OFFSET(CÁLCULO!$AA$15:$AA$140,0,Y$13))),2),0)","v":0}]
["F","14. Instalações pluvial",{"$f":"IF(OR(ROW(C29)=ROW(EVENTOS.firstrow)+1,AND(OFFSET(C29,-1,0)<>\" \",OFFSET(C29,-1,1)<>\"\")),OFFSET(C29,-1,0)+1,\" \")","v":14},"Instalações pluvial",{"$f":"IF(AUTOEVENTO=\"Manual\",ROUND(SUMPRODUCT((CÁLCULO!$M$15:$M$140=EVENTOS!$C29)*(OFFSET(CÁLCULO!$AA$15:$AA$140,0,E$13))),2),0)","v":0},{"$f":"IF(AUTOEVENTO=\"Manual\",ROUND(SUMPRODUCT((CÁLCULO!$M$15:$M$140=EVENTOS!$C29)*(OFFSET(CÁLCULO!$AA$15,0,1):OFFSET(CÁLCULO!$AL$140,0,-1))),2),0)","v":0},"",{"$f":"IF(AUTOEVENTO=\"Manual\",ROUND(SUMPRODUCT((CÁLCULO!$M$15:$M$140=EVENTOS!$C29)*(OFFSET(CÁLCULO!$AA$15:$AA$140,0,H$13))),2),0)","v":0},{"$f":"IF(AUTOEVENTO=\"Manual\",ROUND(SUMPRODUCT((CÁLCULO!$M$15:$M$140=EVENTOS!$C29)*(OFFSET(CÁLCULO!$AA$15:$AA$140,0,I$13))),2),0)","v":0},{"$f":"IF(AUTOEVENTO=\"Manual\",ROUND(SUMPRODUCT((CÁLCULO!$M$15:$M$140=EVENTOS!$C29)*(OFFSET(CÁLCULO!$AA$15:$AA$140,0,J$13))),2),0)","v":0},{"$f":"IF(AUTOEVENTO=\"Manual\",ROUND(SUMPRODUCT((CÁLCULO!$M$15:$M$140=EVENTOS!$C29)*(OFFSET(CÁLCULO!$AA$15:$AA$140,0,K$13))),2),0)","v":0},{"$f":"IF(AUTOEVENTO=\"Manual\",ROUND(SUMPRODUCT((CÁLCULO!$M$15:$M$140=EVENTOS!$C29)*(OFFSET(CÁLCULO!$AA$15:$AA$140,0,L$13))),2),0)","v":0},{"$f":"IF(AUTOEVENTO=\"Manual\",ROUND(SUMPRODUCT((CÁLCULO!$M$15:$M$140=EVENTOS!$C29)*(OFFSET(CÁLCULO!$AA$15:$AA$140,0,M$13))),2),0)","v":0},{"$f":"IF(AUTOEVENTO=\"Manual\",ROUND(SUMPRODUCT((CÁLCULO!$M$15:$M$140=EVENTOS!$C29)*(OFFSET(CÁLCULO!$AA$15:$AA$140,0,N$13))),2),0)","v":0},{"$f":"IF(AUTOEVENTO=\"Manual\",ROUND(SUMPRODUCT((CÁLCULO!$M$15:$M$140=EVENTOS!$C29)*(OFFSET(CÁLCULO!$AA$15:$AA$140,0,O$13))),2),0)","v":0},{"$f":"IF(AUTOEVENTO=\"Manual\",ROUND(SUMPRODUCT((CÁLCULO!$M$15:$M$140=EVENTOS!$C29)*(OFFSET(CÁLCULO!$AA$15:$AA$140,0,P$13))),2),0)","v":0},{"$f":"IF(AUTOEVENTO=\"Manual\",ROUND(SUMPRODUCT((CÁLCULO!$M$15:$M$140=EVENTOS!$C29)*(OFFSET(CÁLCULO!$AA$15:$AA$140,0,Q$13))),2),0)","v":0},{"$f":"IF(AUTOEVENTO=\"Manual\",ROUND(SUMPRODUCT((CÁLCULO!$M$15:$M$140=EVENTOS!$C29)*(OFFSET(CÁLCULO!$AA$15:$AA$140,0,R$13))),2),0)","v":0},{"$f":"IF(AUTOEVENTO=\"Manual\",ROUND(SUMPRODUCT((CÁLCULO!$M$15:$M$140=EVENTOS!$C29)*(OFFSET(CÁLCULO!$AA$15:$AA$140,0,S$13))),2),0)","v":0},{"$f":"IF(AUTOEVENTO=\"Manual\",ROUND(SUMPRODUCT((CÁLCULO!$M$15:$M$140=EVENTOS!$C29)*(OFFSET(CÁLCULO!$AA$15:$AA$140,0,T$13))),2),0)","v":0},{"$f":"IF(AUTOEVENTO=\"Manual\",ROUND(SUMPRODUCT((CÁLCULO!$M$15:$M$140=EVENTOS!$C29)*(OFFSET(CÁLCULO!$AA$15:$AA$140,0,U$13))),2),0)","v":0},{"$f":"IF(AUTOEVENTO=\"Manual\",ROUND(SUMPRODUCT((CÁLCULO!$M$15:$M$140=EVENTOS!$C29)*(OFFSET(CÁLCULO!$AA$15:$AA$140,0,V$13))),2),0)","v":0},{"$f":"IF(AUTOEVENTO=\"Manual\",ROUND(SUMPRODUCT((CÁLCULO!$M$15:$M$140=EVENTOS!$C29)*(OFFSET(CÁLCULO!$AA$15:$AA$140,0,W$13))),2),0)","v":0},{"$f":"IF(AUTOEVENTO=\"Manual\",ROUND(SUMPRODUCT((CÁLCULO!$M$15:$M$140=EVENTOS!$C29)*(OFFSET(CÁLCULO!$AA$15:$AA$140,0,X$13))),2),0)","v":0},{"$f":"IF(AUTOEVENTO=\"Manual\",ROUND(SUMPRODUCT((CÁLCULO!$M$15:$M$140=EVENTOS!$C29)*(OFFSET(CÁLCULO!$AA$15:$AA$140,0,Y$13))),2),0)","v":0}]
["F","15. Instalação do PSCIP",{"$f":"IF(OR(ROW(C30)=ROW(EVENTOS.firstrow)+1,AND(OFFSET(C30,-1,0)<>\" \",OFFSET(C30,-1,1)<>\"\")),OFFSET(C30,-1,0)+1,\" \")","v":15},"Instalação do PSCIP",{"$f":"IF(AUTOEVENTO=\"Manual\",ROUND(SUMPRODUCT((CÁLCULO!$M$15:$M$140=EVENTOS!$C30)*(OFFSET(CÁLCULO!$AA$15:$AA$140,0,E$13))),2),0)","v":0},{"$f":"IF(AUTOEVENTO=\"Manual\",ROUND(SUMPRODUCT((CÁLCULO!$M$15:$M$140=EVENTOS!$C30)*(OFFSET(CÁLCULO!$AA$15,0,1):OFFSET(CÁLCULO!$AL$140,0,-1))),2),0)","v":0},"",{"$f":"IF(AUTOEVENTO=\"Manual\",ROUND(SUMPRODUCT((CÁLCULO!$M$15:$M$140=EVENTOS!$C30)*(OFFSET(CÁLCULO!$AA$15:$AA$140,0,H$13))),2),0)","v":0},{"$f":"IF(AUTOEVENTO=\"Manual\",ROUND(SUMPRODUCT((CÁLCULO!$M$15:$M$140=EVENTOS!$C30)*(OFFSET(CÁLCULO!$AA$15:$AA$140,0,I$13))),2),0)","v":0},{"$f":"IF(AUTOEVENTO=\"Manual\",ROUND(SUMPRODUCT((CÁLCULO!$M$15:$M$140=EVENTOS!$C30)*(OFFSET(CÁLCULO!$AA$15:$AA$140,0,J$13))),2),0)","v":0},{"$f":"IF(AUTOEVENTO=\"Manual\",ROUND(SUMPRODUCT((CÁLCULO!$M$15:$M$140=EVENTOS!$C30)*(OFFSET(CÁLCULO!$AA$15:$AA$140,0,K$13))),2),0)","v":0},{"$f":"IF(AUTOEVENTO=\"Manual\",ROUND(SUMPRODUCT((CÁLCULO!$M$15:$M$140=EVENTOS!$C30)*(OFFSET(CÁLCULO!$AA$15:$AA$140,0,L$13))),2),0)","v":0},{"$f":"IF(AUTOEVENTO=\"Manual\",ROUND(SUMPRODUCT((CÁLCULO!$M$15:$M$140=EVENTOS!$C30)*(OFFSET(CÁLCULO!$AA$15:$AA$140,0,M$13))),2),0)","v":0},{"$f":"IF(AUTOEVENTO=\"Manual\",ROUND(SUMPRODUCT((CÁLCULO!$M$15:$M$140=EVENTOS!$C30)*(OFFSET(CÁLCULO!$AA$15:$AA$140,0,N$13))),2),0)","v":0},{"$f":"IF(AUTOEVENTO=\"Manual\",ROUND(SUMPRODUCT((CÁLCULO!$M$15:$M$140=EVENTOS!$C30)*(OFFSET(CÁLCULO!$AA$15:$AA$140,0,O$13))),2),0)","v":0},{"$f":"IF(AUTOEVENTO=\"Manual\",ROUND(SUMPRODUCT((CÁLCULO!$M$15:$M$140=EVENTOS!$C30)*(OFFSET(CÁLCULO!$AA$15:$AA$140,0,P$13))),2),0)","v":0},{"$f":"IF(AUTOEVENTO=\"Manual\",ROUND(SUMPRODUCT((CÁLCULO!$M$15:$M$140=EVENTOS!$C30)*(OFFSET(CÁLCULO!$AA$15:$AA$140,0,Q$13))),2),0)","v":0},{"$f":"IF(AUTOEVENTO=\"Manual\",ROUND(SUMPRODUCT((CÁLCULO!$M$15:$M$140=EVENTOS!$C30)*(OFFSET(CÁLCULO!$AA$15:$AA$140,0,R$13))),2),0)","v":0},{"$f":"IF(AUTOEVENTO=\"Manual\",ROUND(SUMPRODUCT((CÁLCULO!$M$15:$M$140=EVENTOS!$C30)*(OFFSET(CÁLCULO!$AA$15:$AA$140,0,S$13))),2),0)","v":0},{"$f":"IF(AUTOEVENTO=\"Manual\",ROUND(SUMPRODUCT((CÁLCULO!$M$15:$M$140=EVENTOS!$C30)*(OFFSET(CÁLCULO!$AA$15:$AA$140,0,T$13))),2),0)","v":0},{"$f":"IF(AUTOEVENTO=\"Manual\",ROUND(SUMPRODUCT((CÁLCULO!$M$15:$M$140=EVENTOS!$C30)*(OFFSET(CÁLCULO!$AA$15:$AA$140,0,U$13))),2),0)","v":0},{"$f":"IF(AUTOEVENTO=\"Manual\",ROUND(SUMPRODUCT((CÁLCULO!$M$15:$M$140=EVENTOS!$C30)*(OFFSET(CÁLCULO!$AA$15:$AA$140,0,V$13))),2),0)","v":0},{"$f":"IF(AUTOEVENTO=\"Manual\",ROUND(SUMPRODUCT((CÁLCULO!$M$15:$M$140=EVENTOS!$C30)*(OFFSET(CÁLCULO!$AA$15:$AA$140,0,W$13))),2),0)","v":0},{"$f":"IF(AUTOEVENTO=\"Manual\",ROUND(SUMPRODUCT((CÁLCULO!$M$15:$M$140=EVENTOS!$C30)*(OFFSET(CÁLCULO!$AA$15:$AA$140,0,X$13))),2),0)","v":0},{"$f":"IF(AUTOEVENTO=\"Manual\",ROUND(SUMPRODUCT((CÁLCULO!$M$15:$M$140=EVENTOS!$C30)*(OFFSET(CÁLCULO!$AA$15:$AA$140,0,Y$13))),2),0)","v":0}]
["F","16. Calçamento",{"$f":"IF(OR(ROW(C31)=ROW(EVENTOS.firstrow)+1,AND(OFFSET(C31,-1,0)<>\" \",OFFSET(C31,-1,1)<>\"\")),OFFSET(C31,-1,0)+1,\" \")","v":16},"Calçamento",{"$f":"IF(AUTOEVENTO=\"Manual\",ROUND(SUMPRODUCT((CÁLCULO!$M$15:$M$140=EVENTOS!$C31)*(OFFSET(CÁLCULO!$AA$15:$AA$140,0,E$13))),2),0)","v":0},{"$f":"IF(AUTOEVENTO=\"Manual\",ROUND(SUMPRODUCT((CÁLCULO!$M$15:$M$140=EVENTOS!$C31)*(OFFSET(CÁLCULO!$AA$15,0,1):OFFSET(CÁLCULO!$AL$140,0,-1))),2),0)","v":0},"",{"$f":"IF(AUTOEVENTO=\"Manual\",ROUND(SUMPRODUCT((CÁLCULO!$M$15:$M$140=EVENTOS!$C31)*(OFFSET(CÁLCULO!$AA$15:$AA$140,0,H$13))),2),0)","v":0},{"$f":"IF(AUTOEVENTO=\"Manual\",ROUND(SUMPRODUCT((CÁLCULO!$M$15:$M$140=EVENTOS!$C31)*(OFFSET(CÁLCULO!$AA$15:$AA$140,0,I$13))),2),0)","v":0},{"$f":"IF(AUTOEVENTO=\"Manual\",ROUND(SUMPRODUCT((CÁLCULO!$M$15:$M$140=EVENTOS!$C31)*(OFFSET(CÁLCULO!$AA$15:$AA$140,0,J$13))),2),0)","v":0},{"$f":"IF(AUTOEVENTO=\"Manual\",ROUND(SUMPRODUCT((CÁLCULO!$M$15:$M$140=EVENTOS!$C31)*(OFFSET(CÁLCULO!$AA$15:$AA$140,0,K$13))),2),0)","v":0},{"$f":"IF(AUTOEVENTO=\"Manual\",ROUND(SUMPRODUCT((CÁLCULO!$M$15:$M$140=EVENTOS!$C31)*(OFFSET(CÁLCULO!$AA$15:$AA$140,0,L$13))),2),0)","v":0},{"$f":"IF(AUTOEVENTO=\"Manual\",ROUND(SUMPRODUCT((CÁLCULO!$M$15:$M$140=EVENTOS!$C31)*(OFFSET(CÁLCULO!$AA$15:$AA$140,0,M$13))),2),0)","v":0},{"$f":"IF(AUTOEVENTO=\"Manual\",ROUND(SUMPRODUCT((CÁLCULO!$M$15:$M$140=EVENTOS!$C31)*(OFFSET(CÁLCULO!$AA$15:$AA$140,0,N$13))),2),0)","v":0},{"$f":"IF(AUTOEVENTO=\"Manual\",ROUND(SUMPRODUCT((CÁLCULO!$M$15:$M$140=EVENTOS!$C31)*(OFFSET(CÁLCULO!$AA$15:$AA$140,0,O$13))),2),0)","v":0},{"$f":"IF(AUTOEVENTO=\"Manual\",ROUND(SUMPRODUCT((CÁLCULO!$M$15:$M$140=EVENTOS!$C31)*(OFFSET(CÁLCULO!$AA$15:$AA$140,0,P$13))),2),0)","v":0},{"$f":"IF(AUTOEVENTO=\"Manual\",ROUND(SUMPRODUCT((CÁLCULO!$M$15:$M$140=EVENTOS!$C31)*(OFFSET(CÁLCULO!$AA$15:$AA$140,0,Q$13))),2),0)","v":0},{"$f":"IF(AUTOEVENTO=\"Manual\",ROUND(SUMPRODUCT((CÁLCULO!$M$15:$M$140=EVENTOS!$C31)*(OFFSET(CÁLCULO!$AA$15:$AA$140,0,R$13))),2),0)","v":0},{"$f":"IF(AUTOEVENTO=\"Manual\",ROUND(SUMPRODUCT((CÁLCULO!$M$15:$M$140=EVENTOS!$C31)*(OFFSET(CÁLCULO!$AA$15:$AA$140,0,S$13))),2),0)","v":0},{"$f":"IF(AUTOEVENTO=\"Manual\",ROUND(SUMPRODUCT((CÁLCULO!$M$15:$M$140=EVENTOS!$C31)*(OFFSET(CÁLCULO!$AA$15:$AA$140,0,T$13))),2),0)","v":0},{"$f":"IF(AUTOEVENTO=\"Manual\",ROUND(SUMPRODUCT((CÁLCULO!$M$15:$M$140=EVENTOS!$C31)*(OFFSET(CÁLCULO!$AA$15:$AA$140,0,U$13))),2),0)","v":0},{"$f":"IF(AUTOEVENTO=\"Manual\",ROUND(SUMPRODUCT((CÁLCULO!$M$15:$M$140=EVENTOS!$C31)*(OFFSET(CÁLCULO!$AA$15:$AA$140,0,V$13))),2),0)","v":0},{"$f":"IF(AUTOEVENTO=\"Manual\",ROUND(SUMPRODUCT((CÁLCULO!$M$15:$M$140=EVENTOS!$C31)*(OFFSET(CÁLCULO!$AA$15:$AA$140,0,W$13))),2),0)","v":0},{"$f":"IF(AUTOEVENTO=\"Manual\",ROUND(SUMPRODUCT((CÁLCULO!$M$15:$M$140=EVENTOS!$C31)*(OFFSET(CÁLCULO!$AA$15:$AA$140,0,X$13))),2),0)","v":0},{"$f":"IF(AUTOEVENTO=\"Manual\",ROUND(SUMPRODUCT((CÁLCULO!$M$15:$M$140=EVENTOS!$C31)*(OFFSET(CÁLCULO!$AA$15:$AA$140,0,Y$13))),2),0)","v":0}]
["F","17. Plantio de grama",{"$f":"IF(OR(ROW(C32)=ROW(EVENTOS.firstrow)+1,AND(OFFSET(C32,-1,0)<>\" \",OFFSET(C32,-1,1)<>\"\")),OFFSET(C32,-1,0)+1,\" \")","v":17},"Plantio de grama",{"$f":"IF(AUTOEVENTO=\"Manual\",ROUND(SUMPRODUCT((CÁLCULO!$M$15:$M$140=EVENTOS!$C32)*(OFFSET(CÁLCULO!$AA$15:$AA$140,0,E$13))),2),0)","v":0},{"$f":"IF(AUTOEVENTO=\"Manual\",ROUND(SUMPRODUCT((CÁLCULO!$M$15:$M$140=EVENTOS!$C32)*(OFFSET(CÁLCULO!$AA$15,0,1):OFFSET(CÁLCULO!$AL$140,0,-1))),2),0)","v":0},"",{"$f":"IF(AUTOEVENTO=\"Manual\",ROUND(SUMPRODUCT((CÁLCULO!$M$15:$M$140=EVENTOS!$C32)*(OFFSET(CÁLCULO!$AA$15:$AA$140,0,H$13))),2),0)","v":0},{"$f":"IF(AUTOEVENTO=\"Manual\",ROUND(SUMPRODUCT((CÁLCULO!$M$15:$M$140=EVENTOS!$C32)*(OFFSET(CÁLCULO!$AA$15:$AA$140,0,I$13))),2),0)","v":0},{"$f":"IF(AUTOEVENTO=\"Manual\",ROUND(SUMPRODUCT((CÁLCULO!$M$15:$M$140=EVENTOS!$C32)*(OFFSET(CÁLCULO!$AA$15:$AA$140,0,J$13))),2),0)","v":0},{"$f":"IF(AUTOEVENTO=\"Manual\",ROUND(SUMPRODUCT((CÁLCULO!$M$15:$M$140=EVENTOS!$C32)*(OFFSET(CÁLCULO!$AA$15:$AA$140,0,K$13))),2),0)","v":0},{"$f":"IF(AUTOEVENTO=\"Manual\",ROUND(SUMPRODUCT((CÁLCULO!$M$15:$M$140=EVENTOS!$C32)*(OFFSET(CÁLCULO!$AA$15:$AA$140,0,L$13))),2),0)","v":0},{"$f":"IF(AUTOEVENTO=\"Manual\",ROUND(SUMPRODUCT((CÁLCULO!$M$15:$M$140=EVENTOS!$C32)*(OFFSET(CÁLCULO!$AA$15:$AA$140,0,M$13))),2),0)","v":0},{"$f":"IF(AUTOEVENTO=\"Manual\",ROUND(SUMPRODUCT((CÁLCULO!$M$15:$M$140=EVENTOS!$C32)*(OFFSET(CÁLCULO!$AA$15:$AA$140,0,N$13))),2),0)","v":0},{"$f":"IF(AUTOEVENTO=\"Manual\",ROUND(SUMPRODUCT((CÁLCULO!$M$15:$M$140=EVENTOS!$C32)*(OFFSET(CÁLCULO!$AA$15:$AA$140,0,O$13))),2),0)","v":0},{"$f":"IF(AUTOEVENTO=\"Manual\",ROUND(SUMPRODUCT((CÁLCULO!$M$15:$M$140=EVENTOS!$C32)*(OFFSET(CÁLCULO!$AA$15:$AA$140,0,P$13))),2),0)","v":0},{"$f":"IF(AUTOEVENTO=\"Manual\",ROUND(SUMPRODUCT((CÁLCULO!$M$15:$M$140=EVENTOS!$C32)*(OFFSET(CÁLCULO!$AA$15:$AA$140,0,Q$13))),2),0)","v":0},{"$f":"IF(AUTOEVENTO=\"Manual\",ROUND(SUMPRODUCT((CÁLCULO!$M$15:$M$140=EVENTOS!$C32)*(OFFSET(CÁLCULO!$AA$15:$AA$140,0,R$13))),2),0)","v":0},{"$f":"IF(AUTOEVENTO=\"Manual\",ROUND(SUMPRODUCT((CÁLCULO!$M$15:$M$140=EVENTOS!$C32)*(OFFSET(CÁLCULO!$AA$15:$AA$140,0,S$13))),2),0)","v":0},{"$f":"IF(AUTOEVENTO=\"Manual\",ROUND(SUMPRODUCT((CÁLCULO!$M$15:$M$140=EVENTOS!$C32)*(OFFSET(CÁLCULO!$AA$15:$AA$140,0,T$13))),2),0)","v":0},{"$f":"IF(AUTOEVENTO=\"Manual\",ROUND(SUMPRODUCT((CÁLCULO!$M$15:$M$140=EVENTOS!$C32)*(OFFSET(CÁLCULO!$AA$15:$AA$140,0,U$13))),2),0)","v":0},{"$f":"IF(AUTOEVENTO=\"Manual\",ROUND(SUMPRODUCT((CÁLCULO!$M$15:$M$140=EVENTOS!$C32)*(OFFSET(CÁLCULO!$AA$15:$AA$140,0,V$13))),2),0)","v":0},{"$f":"IF(AUTOEVENTO=\"Manual\",ROUND(SUMPRODUCT((CÁLCULO!$M$15:$M$140=EVENTOS!$C32)*(OFFSET(CÁLCULO!$AA$15:$AA$140,0,W$13))),2),0)","v":0},{"$f":"IF(AUTOEVENTO=\"Manual\",ROUND(SUMPRODUCT((CÁLCULO!$M$15:$M$140=EVENTOS!$C32)*(OFFSET(CÁLCULO!$AA$15:$AA$140,0,X$13))),2),0)","v":0},{"$f":"IF(AUTOEVENTO=\"Manual\",ROUND(SUMPRODUCT((CÁLCULO!$M$15:$M$140=EVENTOS!$C32)*(OFFSET(CÁLCULO!$AA$15:$AA$140,0,Y$13))),2),0)","v":0}]
["F","18. instalação do SPDA",{"$f":"IF(OR(ROW(C33)=ROW(EVENTOS.firstrow)+1,AND(OFFSET(C33,-1,0)<>\" \",OFFSET(C33,-1,1)<>\"\")),OFFSET(C33,-1,0)+1,\" \")","v":18},"instalação do SPDA",{"$f":"IF(AUTOEVENTO=\"Manual\",ROUND(SUMPRODUCT((CÁLCULO!$M$15:$M$140=EVENTOS!$C33)*(OFFSET(CÁLCULO!$AA$15:$AA$140,0,E$13))),2),0)","v":0},{"$f":"IF(AUTOEVENTO=\"Manual\",ROUND(SUMPRODUCT((CÁLCULO!$M$15:$M$140=EVENTOS!$C33)*(OFFSET(CÁLCULO!$AA$15,0,1):OFFSET(CÁLCULO!$AL$140,0,-1))),2),0)","v":0},"",{"$f":"IF(AUTOEVENTO=\"Manual\",ROUND(SUMPRODUCT((CÁLCULO!$M$15:$M$140=EVENTOS!$C33)*(OFFSET(CÁLCULO!$AA$15:$AA$140,0,H$13))),2),0)","v":0},{"$f":"IF(AUTOEVENTO=\"Manual\",ROUND(SUMPRODUCT((CÁLCULO!$M$15:$M$140=EVENTOS!$C33)*(OFFSET(CÁLCULO!$AA$15:$AA$140,0,I$13))),2),0)","v":0},{"$f":"IF(AUTOEVENTO=\"Manual\",ROUND(SUMPRODUCT((CÁLCULO!$M$15:$M$140=EVENTOS!$C33)*(OFFSET(CÁLCULO!$AA$15:$AA$140,0,J$13))),2),0)","v":0},{"$f":"IF(AUTOEVENTO=\"Manual\",ROUND(SUMPRODUCT((CÁLCULO!$M$15:$M$140=EVENTOS!$C33)*(OFFSET(CÁLCULO!$AA$15:$AA$140,0,K$13))),2),0)","v":0},{"$f":"IF(AUTOEVENTO=\"Manual\",ROUND(SUMPRODUCT((CÁLCULO!$M$15:$M$140=EVENTOS!$C33)*(OFFSET(CÁLCULO!$AA$15:$AA$140,0,L$13))),2),0)","v":0},{"$f":"IF(AUTOEVENTO=\"Manual\",ROUND(SUMPRODUCT((CÁLCULO!$M$15:$M$140=EVENTOS!$C33)*(OFFSET(CÁLCULO!$AA$15:$AA$140,0,M$13))),2),0)","v":0},{"$f":"IF(AUTOEVENTO=\"Manual\",ROUND(SUMPRODUCT((CÁLCULO!$M$15:$M$140=EVENTOS!$C33)*(OFFSET(CÁLCULO!$AA$15:$AA$140,0,N$13))),2),0)","v":0},{"$f":"IF(AUTOEVENTO=\"Manual\",ROUND(SUMPRODUCT((CÁLCULO!$M$15:$M$140=EVENTOS!$C33)*(OFFSET(CÁLCULO!$AA$15:$AA$140,0,O$13))),2),0)","v":0},{"$f":"IF(AUTOEVENTO=\"Manual\",ROUND(SUMPRODUCT((CÁLCULO!$M$15:$M$140=EVENTOS!$C33)*(OFFSET(CÁLCULO!$AA$15:$AA$140,0,P$13))),2),0)","v":0},{"$f":"IF(AUTOEVENTO=\"Manual\",ROUND(SUMPRODUCT((CÁLCULO!$M$15:$M$140=EVENTOS!$C33)*(OFFSET(CÁLCULO!$AA$15:$AA$140,0,Q$13))),2),0)","v":0},{"$f":"IF(AUTOEVENTO=\"Manual\",ROUND(SUMPRODUCT((CÁLCULO!$M$15:$M$140=EVENTOS!$C33)*(OFFSET(CÁLCULO!$AA$15:$AA$140,0,R$13))),2),0)","v":0},{"$f":"IF(AUTOEVENTO=\"Manual\",ROUND(SUMPRODUCT((CÁLCULO!$M$15:$M$140=EVENTOS!$C33)*(OFFSET(CÁLCULO!$AA$15:$AA$140,0,S$13))),2),0)","v":0},{"$f":"IF(AUTOEVENTO=\"Manual\",ROUND(SUMPRODUCT((CÁLCULO!$M$15:$M$140=EVENTOS!$C33)*(OFFSET(CÁLCULO!$AA$15:$AA$140,0,T$13))),2),0)","v":0},{"$f":"IF(AUTOEVENTO=\"Manual\",ROUND(SUMPRODUCT((CÁLCULO!$M$15:$M$140=EVENTOS!$C33)*(OFFSET(CÁLCULO!$AA$15:$AA$140,0,U$13))),2),0)","v":0},{"$f":"IF(AUTOEVENTO=\"Manual\",ROUND(SUMPRODUCT((CÁLCULO!$M$15:$M$140=EVENTOS!$C33)*(OFFSET(CÁLCULO!$AA$15:$AA$140,0,V$13))),2),0)","v":0},{"$f":"IF(AUTOEVENTO=\"Manual\",ROUND(SUMPRODUCT((CÁLCULO!$M$15:$M$140=EVENTOS!$C33)*(OFFSET(CÁLCULO!$AA$15:$AA$140,0,W$13))),2),0)","v":0},{"$f":"IF(AUTOEVENTO=\"Manual\",ROUND(SUMPRODUCT((CÁLCULO!$M$15:$M$140=EVENTOS!$C33)*(OFFSET(CÁLCULO!$AA$15:$AA$140,0,X$13))),2),0)","v":0},{"$f":"IF(AUTOEVENTO=\"Manual\",ROUND(SUMPRODUCT((CÁLCULO!$M$15:$M$140=EVENTOS!$C33)*(OFFSET(CÁLCULO!$AA$15:$AA$140,0,Y$13))),2),0)","v":0}]
["F","19. Serviços finais",{"$f":"IF(OR(ROW(C34)=ROW(EVENTOS.firstrow)+1,AND(OFFSET(C34,-1,0)<>\" \",OFFSET(C34,-1,1)<>\"\")),OFFSET(C34,-1,0)+1,\" \")","v":19},"Serviços finais",{"$f":"IF(AUTOEVENTO=\"Manual\",ROUND(SUMPRODUCT((CÁLCULO!$M$15:$M$140=EVENTOS!$C34)*(OFFSET(CÁLCULO!$AA$15:$AA$140,0,E$13))),2),0)","v":0},{"$f":"IF(AUTOEVENTO=\"Manual\",ROUND(SUMPRODUCT((CÁLCULO!$M$15:$M$140=EVENTOS!$C34)*(OFFSET(CÁLCULO!$AA$15,0,1):OFFSET(CÁLCULO!$AL$140,0,-1))),2),0)","v":0},"",{"$f":"IF(AUTOEVENTO=\"Manual\",ROUND(SUMPRODUCT((CÁLCULO!$M$15:$M$140=EVENTOS!$C34)*(OFFSET(CÁLCULO!$AA$15:$AA$140,0,H$13))),2),0)","v":0},{"$f":"IF(AUTOEVENTO=\"Manual\",ROUND(SUMPRODUCT((CÁLCULO!$M$15:$M$140=EVENTOS!$C34)*(OFFSET(CÁLCULO!$AA$15:$AA$140,0,I$13))),2),0)","v":0},{"$f":"IF(AUTOEVENTO=\"Manual\",ROUND(SUMPRODUCT((CÁLCULO!$M$15:$M$140=EVENTOS!$C34)*(OFFSET(CÁLCULO!$AA$15:$AA$140,0,J$13))),2),0)","v":0},{"$f":"IF(AUTOEVENTO=\"Manual\",ROUND(SUMPRODUCT((CÁLCULO!$M$15:$M$140=EVENTOS!$C34)*(OFFSET(CÁLCULO!$AA$15:$AA$140,0,K$13))),2),0)","v":0},{"$f":"IF(AUTOEVENTO=\"Manual\",ROUND(SUMPRODUCT((CÁLCULO!$M$15:$M$140=EVENTOS!$C34)*(OFFSET(CÁLCULO!$AA$15:$AA$140,0,L$13))),2),0)","v":0},{"$f":"IF(AUTOEVENTO=\"Manual\",ROUND(SUMPRODUCT((CÁLCULO!$M$15:$M$140=EVENTOS!$C34)*(OFFSET(CÁLCULO!$AA$15:$AA$140,0,M$13))),2),0)","v":0},{"$f":"IF(AUTOEVENTO=\"Manual\",ROUND(SUMPRODUCT((CÁLCULO!$M$15:$M$140=EVENTOS!$C34)*(OFFSET(CÁLCULO!$AA$15:$AA$140,0,N$13))),2),0)","v":0},{"$f":"IF(AUTOEVENTO=\"Manual\",ROUND(SUMPRODUCT((CÁLCULO!$M$15:$M$140=EVENTOS!$C34)*(OFFSET(CÁLCULO!$AA$15:$AA$140,0,O$13))),2),0)","v":0},{"$f":"IF(AUTOEVENTO=\"Manual\",ROUND(SUMPRODUCT((CÁLCULO!$M$15:$M$140=EVENTOS!$C34)*(OFFSET(CÁLCULO!$AA$15:$AA$140,0,P$13))),2),0)","v":0},{"$f":"IF(AUTOEVENTO=\"Manual\",ROUND(SUMPRODUCT((CÁLCULO!$M$15:$M$140=EVENTOS!$C34)*(OFFSET(CÁLCULO!$AA$15:$AA$140,0,Q$13))),2),0)","v":0},{"$f":"IF(AUTOEVENTO=\"Manual\",ROUND(SUMPRODUCT((CÁLCULO!$M$15:$M$140=EVENTOS!$C34)*(OFFSET(CÁLCULO!$AA$15:$AA$140,0,R$13))),2),0)","v":0},{"$f":"IF(AUTOEVENTO=\"Manual\",ROUND(SUMPRODUCT((CÁLCULO!$M$15:$M$140=EVENTOS!$C34)*(OFFSET(CÁLCULO!$AA$15:$AA$140,0,S$13))),2),0)","v":0},{"$f":"IF(AUTOEVENTO=\"Manual\",ROUND(SUMPRODUCT((CÁLCULO!$M$15:$M$140=EVENTOS!$C34)*(OFFSET(CÁLCULO!$AA$15:$AA$140,0,T$13))),2),0)","v":0},{"$f":"IF(AUTOEVENTO=\"Manual\",ROUND(SUMPRODUCT((CÁLCULO!$M$15:$M$140=EVENTOS!$C34)*(OFFSET(CÁLCULO!$AA$15:$AA$140,0,U$13))),2),0)","v":0},{"$f":"IF(AUTOEVENTO=\"Manual\",ROUND(SUMPRODUCT((CÁLCULO!$M$15:$M$140=EVENTOS!$C34)*(OFFSET(CÁLCULO!$AA$15:$AA$140,0,V$13))),2),0)","v":0},{"$f":"IF(AUTOEVENTO=\"Manual\",ROUND(SUMPRODUCT((CÁLCULO!$M$15:$M$140=EVENTOS!$C34)*(OFFSET(CÁLCULO!$AA$15:$AA$140,0,W$13))),2),0)","v":0},{"$f":"IF(AUTOEVENTO=\"Manual\",ROUND(SUMPRODUCT((CÁLCULO!$M$15:$M$140=EVENTOS!$C34)*(OFFSET(CÁLCULO!$AA$15:$AA$140,0,X$13))),2),0)","v":0},{"$f":"IF(AUTOEVENTO=\"Manual\",ROUND(SUMPRODUCT((CÁLCULO!$M$15:$M$140=EVENTOS!$C34)*(OFFSET(CÁLCULO!$AA$15:$AA$140,0,Y$13))),2),0)","v":0}]
["F","20. Aterro e regularização",{"$f":"IF(OR(ROW(C35)=ROW(EVENTOS.firstrow)+1,AND(OFFSET(C35,-1,0)<>\" \",OFFSET(C35,-1,1)<>\"\")),OFFSET(C35,-1,0)+1,\" \")","v":20},"Aterro e regularização",{"$f":"IF(AUTOEVENTO=\"Manual\",ROUND(SUMPRODUCT((CÁLCULO!$M$15:$M$140=EVENTOS!$C35)*(OFFSET(CÁLCULO!$AA$15:$AA$140,0,E$13))),2),0)","v":0},{"$f":"IF(AUTOEVENTO=\"Manual\",ROUND(SUMPRODUCT((CÁLCULO!$M$15:$M$140=EVENTOS!$C35)*(OFFSET(CÁLCULO!$AA$15,0,1):OFFSET(CÁLCULO!$AL$140,0,-1))),2),0)","v":0},"",{"$f":"IF(AUTOEVENTO=\"Manual\",ROUND(SUMPRODUCT((CÁLCULO!$M$15:$M$140=EVENTOS!$C35)*(OFFSET(CÁLCULO!$AA$15:$AA$140,0,H$13))),2),0)","v":0},{"$f":"IF(AUTOEVENTO=\"Manual\",ROUND(SUMPRODUCT((CÁLCULO!$M$15:$M$140=EVENTOS!$C35)*(OFFSET(CÁLCULO!$AA$15:$AA$140,0,I$13))),2),0)","v":0},{"$f":"IF(AUTOEVENTO=\"Manual\",ROUND(SUMPRODUCT((CÁLCULO!$M$15:$M$140=EVENTOS!$C35)*(OFFSET(CÁLCULO!$AA$15:$AA$140,0,J$13))),2),0)","v":0},{"$f":"IF(AUTOEVENTO=\"Manual\",ROUND(SUMPRODUCT((CÁLCULO!$M$15:$M$140=EVENTOS!$C35)*(OFFSET(CÁLCULO!$AA$15:$AA$140,0,K$13))),2),0)","v":0},{"$f":"IF(AUTOEVENTO=\"Manual\",ROUND(SUMPRODUCT((CÁLCULO!$M$15:$M$140=EVENTOS!$C35)*(OFFSET(CÁLCULO!$AA$15:$AA$140,0,L$13))),2),0)","v":0},{"$f":"IF(AUTOEVENTO=\"Manual\",ROUND(SUMPRODUCT((CÁLCULO!$M$15:$M$140=EVENTOS!$C35)*(OFFSET(CÁLCULO!$AA$15:$AA$140,0,M$13))),2),0)","v":0},{"$f":"IF(AUTOEVENTO=\"Manual\",ROUND(SUMPRODUCT((CÁLCULO!$M$15:$M$140=EVENTOS!$C35)*(OFFSET(CÁLCULO!$AA$15:$AA$140,0,N$13))),2),0)","v":0},{"$f":"IF(AUTOEVENTO=\"Manual\",ROUND(SUMPRODUCT((CÁLCULO!$M$15:$M$140=EVENTOS!$C35)*(OFFSET(CÁLCULO!$AA$15:$AA$140,0,O$13))),2),0)","v":0},{"$f":"IF(AUTOEVENTO=\"Manual\",ROUND(SUMPRODUCT((CÁLCULO!$M$15:$M$140=EVENTOS!$C35)*(OFFSET(CÁLCULO!$AA$15:$AA$140,0,P$13))),2),0)","v":0},{"$f":"IF(AUTOEVENTO=\"Manual\",ROUND(SUMPRODUCT((CÁLCULO!$M$15:$M$140=EVENTOS!$C35)*(OFFSET(CÁLCULO!$AA$15:$AA$140,0,Q$13))),2),0)","v":0},{"$f":"IF(AUTOEVENTO=\"Manual\",ROUND(SUMPRODUCT((CÁLCULO!$M$15:$M$140=EVENTOS!$C35)*(OFFSET(CÁLCULO!$AA$15:$AA$140,0,R$13))),2),0)","v":0},{"$f":"IF(AUTOEVENTO=\"Manual\",ROUND(SUMPRODUCT((CÁLCULO!$M$15:$M$140=EVENTOS!$C35)*(OFFSET(CÁLCULO!$AA$15:$AA$140,0,S$13))),2),0)","v":0},{"$f":"IF(AUTOEVENTO=\"Manual\",ROUND(SUMPRODUCT((CÁLCULO!$M$15:$M$140=EVENTOS!$C35)*(OFFSET(CÁLCULO!$AA$15:$AA$140,0,T$13))),2),0)","v":0},{"$f":"IF(AUTOEVENTO=\"Manual\",ROUND(SUMPRODUCT((CÁLCULO!$M$15:$M$140=EVENTOS!$C35)*(OFFSET(CÁLCULO!$AA$15:$AA$140,0,U$13))),2),0)","v":0},{"$f":"IF(AUTOEVENTO=\"Manual\",ROUND(SUMPRODUCT((CÁLCULO!$M$15:$M$140=EVENTOS!$C35)*(OFFSET(CÁLCULO!$AA$15:$AA$140,0,V$13))),2),0)","v":0},{"$f":"IF(AUTOEVENTO=\"Manual\",ROUND(SUMPRODUCT((CÁLCULO!$M$15:$M$140=EVENTOS!$C35)*(OFFSET(CÁLCULO!$AA$15:$AA$140,0,W$13))),2),0)","v":0},{"$f":"IF(AUTOEVENTO=\"Manual\",ROUND(SUMPRODUCT((CÁLCULO!$M$15:$M$140=EVENTOS!$C35)*(OFFSET(CÁLCULO!$AA$15:$AA$140,0,X$13))),2),0)","v":0},{"$f":"IF(AUTOEVENTO=\"Manual\",ROUND(SUMPRODUCT((CÁLCULO!$M$15:$M$140=EVENTOS!$C35)*(OFFSET(CÁLCULO!$AA$15:$AA$140,0,Y$13))),2),0)","v":0}]
["F","21. Reforma cabine",{"$f":"IF(OR(ROW(C36)=ROW(EVENTOS.firstrow)+1,AND(OFFSET(C36,-1,0)<>\" \",OFFSET(C36,-1,1)<>\"\")),OFFSET(C36,-1,0)+1,\" \")","v":21},"Reforma cabine",{"$f":"IF(AUTOEVENTO=\"Manual\",ROUND(SUMPRODUCT((CÁLCULO!$M$15:$M$140=EVENTOS!$C36)*(OFFSET(CÁLCULO!$AA$15:$AA$140,0,E$13))),2),0)","v":0},{"$f":"IF(AUTOEVENTO=\"Manual\",ROUND(SUMPRODUCT((CÁLCULO!$M$15:$M$140=EVENTOS!$C36)*(OFFSET(CÁLCULO!$AA$15,0,1):OFFSET(CÁLCULO!$AL$140,0,-1))),2),0)","v":0},"",{"$f":"IF(AUTOEVENTO=\"Manual\",ROUND(SUMPRODUCT((CÁLCULO!$M$15:$M$140=EVENTOS!$C36)*(OFFSET(CÁLCULO!$AA$15:$AA$140,0,H$13))),2),0)","v":0},{"$f":"IF(AUTOEVENTO=\"Manual\",ROUND(SUMPRODUCT((CÁLCULO!$M$15:$M$140=EVENTOS!$C36)*(OFFSET(CÁLCULO!$AA$15:$AA$140,0,I$13))),2),0)","v":0},{"$f":"IF(AUTOEVENTO=\"Manual\",ROUND(SUMPRODUCT((CÁLCULO!$M$15:$M$140=EVENTOS!$C36)*(OFFSET(CÁLCULO!$AA$15:$AA$140,0,J$13))),2),0)","v":0},{"$f":"IF(AUTOEVENTO=\"Manual\",ROUND(SUMPRODUCT((CÁLCULO!$M$15:$M$140=EVENTOS!$C36)*(OFFSET(CÁLCULO!$AA$15:$AA$140,0,K$13))),2),0)","v":0},{"$f":"IF(AUTOEVENTO=\"Manual\",ROUND(SUMPRODUCT((CÁLCULO!$M$15:$M$140=EVENTOS!$C36)*(OFFSET(CÁLCULO!$AA$15:$AA$140,0,L$13))),2),0)","v":0},{"$f":"IF(AUTOEVENTO=\"Manual\",ROUND(SUMPRODUCT((CÁLCULO!$M$15:$M$140=EVENTOS!$C36)*(OFFSET(CÁLCULO!$AA$15:$AA$140,0,M$13))),2),0)","v":0},{"$f":"IF(AUTOEVENTO=\"Manual\",ROUND(SUMPRODUCT((CÁLCULO!$M$15:$M$140=EVENTOS!$C36)*(OFFSET(CÁLCULO!$AA$15:$AA$140,0,N$13))),2),0)","v":0},{"$f":"IF(AUTOEVENTO=\"Manual\",ROUND(SUMPRODUCT((CÁLCULO!$M$15:$M$140=EVENTOS!$C36)*(OFFSET(CÁLCULO!$AA$15:$AA$140,0,O$13))),2),0)","v":0},{"$f":"IF(AUTOEVENTO=\"Manual\",ROUND(SUMPRODUCT((CÁLCULO!$M$15:$M$140=EVENTOS!$C36)*(OFFSET(CÁLCULO!$AA$15:$AA$140,0,P$13))),2),0)","v":0},{"$f":"IF(AUTOEVENTO=\"Manual\",ROUND(SUMPRODUCT((CÁLCULO!$M$15:$M$140=EVENTOS!$C36)*(OFFSET(CÁLCULO!$AA$15:$AA$140,0,Q$13))),2),0)","v":0},{"$f":"IF(AUTOEVENTO=\"Manual\",ROUND(SUMPRODUCT((CÁLCULO!$M$15:$M$140=EVENTOS!$C36)*(OFFSET(CÁLCULO!$AA$15:$AA$140,0,R$13))),2),0)","v":0},{"$f":"IF(AUTOEVENTO=\"Manual\",ROUND(SUMPRODUCT((CÁLCULO!$M$15:$M$140=EVENTOS!$C36)*(OFFSET(CÁLCULO!$AA$15:$AA$140,0,S$13))),2),0)","v":0},{"$f":"IF(AUTOEVENTO=\"Manual\",ROUND(SUMPRODUCT((CÁLCULO!$M$15:$M$140=EVENTOS!$C36)*(OFFSET(CÁLCULO!$AA$15:$AA$140,0,T$13))),2),0)","v":0},{"$f":"IF(AUTOEVENTO=\"Manual\",ROUND(SUMPRODUCT((CÁLCULO!$M$15:$M$140=EVENTOS!$C36)*(OFFSET(CÁLCULO!$AA$15:$AA$140,0,U$13))),2),0)","v":0},{"$f":"IF(AUTOEVENTO=\"Manual\",ROUND(SUMPRODUCT((CÁLCULO!$M$15:$M$140=EVENTOS!$C36)*(OFFSET(CÁLCULO!$AA$15:$AA$140,0,V$13))),2),0)","v":0},{"$f":"IF(AUTOEVENTO=\"Manual\",ROUND(SUMPRODUCT((CÁLCULO!$M$15:$M$140=EVENTOS!$C36)*(OFFSET(CÁLCULO!$AA$15:$AA$140,0,W$13))),2),0)","v":0},{"$f":"IF(AUTOEVENTO=\"Manual\",ROUND(SUMPRODUCT((CÁLCULO!$M$15:$M$140=EVENTOS!$C36)*(OFFSET(CÁLCULO!$AA$15:$AA$140,0,X$13))),2),0)","v":0},{"$f":"IF(AUTOEVENTO=\"Manual\",ROUND(SUMPRODUCT((CÁLCULO!$M$15:$M$140=EVENTOS!$C36)*(OFFSET(CÁLCULO!$AA$15:$AA$140,0,Y$13))),2),0)","v":0}]
["F","22. Instalação de corrimão e guarda-corpo",{"$f":"IF(OR(ROW(C37)=ROW(EVENTOS.firstrow)+1,AND(OFFSET(C37,-1,0)<>\" \",OFFSET(C37,-1,1)<>\"\")),OFFSET(C37,-1,0)+1,\" \")","v":22},"Instalação de corrimão e guarda-corpo",{"$f":"IF(AUTOEVENTO=\"Manual\",ROUND(SUMPRODUCT((CÁLCULO!$M$15:$M$140=EVENTOS!$C37)*(OFFSET(CÁLCULO!$AA$15:$AA$140,0,E$13))),2),0)","v":0},{"$f":"IF(AUTOEVENTO=\"Manual\",ROUND(SUMPRODUCT((CÁLCULO!$M$15:$M$140=EVENTOS!$C37)*(OFFSET(CÁLCULO!$AA$15,0,1):OFFSET(CÁLCULO!$AL$140,0,-1))),2),0)","v":0},"",{"$f":"IF(AUTOEVENTO=\"Manual\",ROUND(SUMPRODUCT((CÁLCULO!$M$15:$M$140=EVENTOS!$C37)*(OFFSET(CÁLCULO!$AA$15:$AA$140,0,H$13))),2),0)","v":0},{"$f":"IF(AUTOEVENTO=\"Manual\",ROUND(SUMPRODUCT((CÁLCULO!$M$15:$M$140=EVENTOS!$C37)*(OFFSET(CÁLCULO!$AA$15:$AA$140,0,I$13))),2),0)","v":0},{"$f":"IF(AUTOEVENTO=\"Manual\",ROUND(SUMPRODUCT((CÁLCULO!$M$15:$M$140=EVENTOS!$C37)*(OFFSET(CÁLCULO!$AA$15:$AA$140,0,J$13))),2),0)","v":0},{"$f":"IF(AUTOEVENTO=\"Manual\",ROUND(SUMPRODUCT((CÁLCULO!$M$15:$M$140=EVENTOS!$C37)*(OFFSET(CÁLCULO!$AA$15:$AA$140,0,K$13))),2),0)","v":0},{"$f":"IF(AUTOEVENTO=\"Manual\",ROUND(SUMPRODUCT((CÁLCULO!$M$15:$M$140=EVENTOS!$C37)*(OFFSET(CÁLCULO!$AA$15:$AA$140,0,L$13))),2),0)","v":0},{"$f":"IF(AUTOEVENTO=\"Manual\",ROUND(SUMPRODUCT((CÁLCULO!$M$15:$M$140=EVENTOS!$C37)*(OFFSET(CÁLCULO!$AA$15:$AA$140,0,M$13))),2),0)","v":0},{"$f":"IF(AUTOEVENTO=\"Manual\",ROUND(SUMPRODUCT((CÁLCULO!$M$15:$M$140=EVENTOS!$C37)*(OFFSET(CÁLCULO!$AA$15:$AA$140,0,N$13))),2),0)","v":0},{"$f":"IF(AUTOEVENTO=\"Manual\",ROUND(SUMPRODUCT((CÁLCULO!$M$15:$M$140=EVENTOS!$C37)*(OFFSET(CÁLCULO!$AA$15:$AA$140,0,O$13))),2),0)","v":0},{"$f":"IF(AUTOEVENTO=\"Manual\",ROUND(SUMPRODUCT((CÁLCULO!$M$15:$M$140=EVENTOS!$C37)*(OFFSET(CÁLCULO!$AA$15:$AA$140,0,P$13))),2),0)","v":0},{"$f":"IF(AUTOEVENTO=\"Manual\",ROUND(SUMPRODUCT((CÁLCULO!$M$15:$M$140=EVENTOS!$C37)*(OFFSET(CÁLCULO!$AA$15:$AA$140,0,Q$13))),2),0)","v":0},{"$f":"IF(AUTOEVENTO=\"Manual\",ROUND(SUMPRODUCT((CÁLCULO!$M$15:$M$140=EVENTOS!$C37)*(OFFSET(CÁLCULO!$AA$15:$AA$140,0,R$13))),2),0)","v":0},{"$f":"IF(AUTOEVENTO=\"Manual\",ROUND(SUMPRODUCT((CÁLCULO!$M$15:$M$140=EVENTOS!$C37)*(OFFSET(CÁLCULO!$AA$15:$AA$140,0,S$13))),2),0)","v":0},{"$f":"IF(AUTOEVENTO=\"Manual\",ROUND(SUMPRODUCT((CÁLCULO!$M$15:$M$140=EVENTOS!$C37)*(OFFSET(CÁLCULO!$AA$15:$AA$140,0,T$13))),2),0)","v":0},{"$f":"IF(AUTOEVENTO=\"Manual\",ROUND(SUMPRODUCT((CÁLCULO!$M$15:$M$140=EVENTOS!$C37)*(OFFSET(CÁLCULO!$AA$15:$AA$140,0,U$13))),2),0)","v":0},{"$f":"IF(AUTOEVENTO=\"Manual\",ROUND(SUMPRODUCT((CÁLCULO!$M$15:$M$140=EVENTOS!$C37)*(OFFSET(CÁLCULO!$AA$15:$AA$140,0,V$13))),2),0)","v":0},{"$f":"IF(AUTOEVENTO=\"Manual\",ROUND(SUMPRODUCT((CÁLCULO!$M$15:$M$140=EVENTOS!$C37)*(OFFSET(CÁLCULO!$AA$15:$AA$140,0,W$13))),2),0)","v":0},{"$f":"IF(AUTOEVENTO=\"Manual\",ROUND(SUMPRODUCT((CÁLCULO!$M$15:$M$140=EVENTOS!$C37)*(OFFSET(CÁLCULO!$AA$15:$AA$140,0,X$13))),2),0)","v":0},{"$f":"IF(AUTOEVENTO=\"Manual\",ROUND(SUMPRODUCT((CÁLCULO!$M$15:$M$140=EVENTOS!$C37)*(OFFSET(CÁLCULO!$AA$15:$AA$140,0,Y$13))),2),0)","v":0}]
["F"]
["F"]
["F"]
["F",null,null,{"$f":"Import.Município","v":"SIDROLÂNDIA/MS"}]
["F",null,null,"Local",null,null,null,null,null,null,null,"Responsável Técnico",null,null,null,null,null,null,null,null,null,"Responsável Técnico"]
["F",null,null,null,null,null,null,null,null,null,null,{"$f":"OFFSET(Import.RespOrçamento,0,-1) & \" \" & Import.RespOrçamento","v":"Nome: FABIO MARQUES RIBEIRO"},null,null,null,null,null,null,null,null,null,{"$f":"OFFSET(Import.RespOrçamento,0,-1) & \" \" & Import.RespOrçamento","v":"Nome: FABIO MARQUES RIBEIRO"}]
["F",null,null,{"$f":"DADOS!$C$25","v":"2024-09-24"},null,null,null,null,null,null,null,"CREA/CAU: CREA-MS 15.276",null,null,null,null,null,null,null,null,null,"CREA/CAU: CREA-MS 15.276"]
["F",null,null,"Data",null,null,null,null,null,null,null,"ART/RRT: 1320240128034",null,null,null,null,null,null,null,null,null,"ART/RRT: 1320240128034"]

{"sheet":"CÁLCULO","index":6,"n_rows":148,"n_cols":59,"rows_kept":148,"cut":false,"hidden":false,"merged":[[5,5,5,7],[5,16,5,17],[5,24,5,25],[6,5,6,7],[6,16,6,17],[6,24,6,25],[14,4,14,7],[8,4,8,5],[8,6,8,7],[8,18,8,19],[8,20,8,25],[9,4,9,5],[9,6,9,7],[9,18,9,19],[9,20,9,25]]}
[null,null,null,null,null,null,null,null,null,null,null,null,{"$f":"SUM(OFFSET(CÁLCULO!$P$1,0,1):OFFSET(CÁLCULO!$AA$1,0,-1))","v":0},null,{"$f":"IF(OR(ACOMPANHAMENTO=\"BM\",N1=0,O12=\"\"),0,1)","v":0},".",{"$f":"IF(OR(ACOMPANHAMENTO=\"BM\",P1=0,Q12=\"\"),0,1)","v":0},{"$f":"IF(OR(ACOMPANHAMENTO=\"BM\",Q1=0,R12=\"\"),0,1)","v":0},{"$f":"IF(OR(ACOMPANHAMENTO=\"BM\",R1=0,S12=\"\"),0,1)","v":0},{"$f":"IF(OR(ACOMPANHAMENTO=\"BM\",S1=0,T12=\"\"),0,1)","v":0},{"$f":"IF(OR(ACOMPANHAMENTO=\"BM\",T1=0,U12=\"\"),0,1)","v":0},{"$f":"IF(OR(ACOMPANHAMENTO=\"BM\",U1=0,V12=\"\"),0,1)","v":0},{"$f":"IF(OR(ACOMPANHAMENTO=\"BM\",V1=0,W12=\"\"),0,1)","v":0},{"$f":"IF(OR(ACOMPANHAMENTO=\"BM\",W1=0,X12=\"\"),0,1)","v":0},{"$f":"IF(OR(ACOMPANHAMENTO=\"BM\",X1=0,Y12=\"\"),0,1)","v":0},{"$f":"IF(OR(ACOMPANHAMENTO=\"BM\",Y1=0,Z12=\"\"),0,1)","v":0},null,"Preços dos serviços por frente",null,null,null,null,null,null,null,null,null,null,"Mês do cronograma",null,null,null,null,null,null,null,null,null,null,"Número da Medição"]
[]
[]
[]
[]
[null,null,null,null,null,{"$f":"IF(ACOMPANHAMENTO=\"BM\",\"MEMÓRIA DE CÁLCULO\",\"PLQ - PLANILHA DE LEVANTAMENTO DE QUANTIDADES\")","v":"MEMÓRIA DE CÁLCULO"},null,null,null,null,null,null,null,null,null,null,"Grau de Sigilo",null,null,null,null,null,null,null,"Grau de Sigilo"]
[null,null,null,null,null,{"$f":"IF(ACOMPANHAMENTO=\"BM\",\"\",\"Memória de Cálculo\")&\" - \"&import.recurso","v":" - OGU"},null,null,null,null,null,null,null,null,null,null,"#PUBLICO",null,null,null,null,null,null,null,"#PUBLICO"]
[]
[null,null,null,null,"APELIDO DO EMPREENDIMENTO",null,"Nº TransfereGOV",null,"Nº OPERAÇÃO",null,"PROPONENTE / TOMADOR",null,null,null,null,null,null,null,"Nº OPERAÇÃO",null,"PROPONENTE / TOMADOR"]
["AdmLocal",null,null,null,{"$f":"Import.Apelido","v":"MODERNIZAÇÃO E REVITALIZAÇÃO DO ESTÁDIO MUNICIPAL DE SIDROLÂNDIA/MS"},null,{"$f":"Import.TransfereGOV","v":"942900/2023"},null,{"$f":"Import.CR","v":"1.087.299-22/2023"},null,{"$f":"Import.Proponente","v":"PREFEITURA MUNICIPAL DE SIDROLÂNDIA"},null,null,null,null,null,null,null,{"$f":"Import.CR","v":"1.087.299-22/2023"},null,{"$f":"Import.Proponente","v":"PREFEITURA MUNICIPAL DE SIDROLÂNDIA"}]
[{"$f":"IF(AND(Import.TipoArredondamento=\"Tradicional\",AUTOEVENTO=\"Manual\"),\"Automática\",IF(CRONOPLE!$B$8=\"\",\"Sem Adm\",\"Manual\"))","v":"Sem Adm"},null,null,null,null,{"$f":"IF(AND(ACOMPANHAMENTO=\"PLE\",ISERROR(AUTOEVENTO)),\"Selecione a forma de definição dos agrupadores de eventos na aba EVENTOS\",\n  IF(AND(ACOMPANHAMENTO=\"PLE\",CÁLCULO.FrentesPreenchidas=0),\"Preencher os nomes das Frentes de Obra\",\n  IF(COUNTIF($J$15:$J$140,\"►E\")>0,\"Não pode haver serviços sem agrupador de eventos\",\n  IF(COUNTIF($P$11:$AA$11,\"▼\")>0,\"Não pode haver frentes de obra sem quantidades\",\n  IF(COUNTIF($P$11:$AA$11,\"Nome >100\")>0,\"Nome da frente de obra com mais de 100 caracteres\",\"\")))))","v":""},null,null,null,null,null,null,null,{"$f":"IF(OR(COUNTIF($J$15:$J$140,\"►E\")>0,COUNTIF($J$15:$J$140,\"►Q\")>0),\"\",\nIF(COUNTIF($J$15:$J$140,\"►S\")>0,\"Preencha as quantidades com no máximo duas casas decimais\",\nIF(COUNTIF($P$11:$AA$11,\"▼\")>0,\"Falta preencher a frente de obra nº \" & HLOOKUP(\"▼\",$P$11:$AA$13,3,FALSE),\nIF(COUNTIF($P$11:$AA$11,\"Nome >100\")>0,\"Resuma o nome da frente de obra nº \" & HLOOKUP(\"Nome >100\",$P$11:$AA$13,3,FALSE),\"\"))))","v":""},{"$f":"IF(AND(O1=1,O15=0),\"▼\",IF(AND(O1=1,LEN(O12)>100),\"Nome >100\",\"\"))","v":{"$error":"#VALUE!"}},null,{"$f":"IF(AND(Q1=1,Q15=0),\"▼\",IF(AND(Q1=1,LEN(Q12)>100),\"Nome >100\",\"\"))","v":""},"","","","","","","","",""]
[{"$f":"IF(Import.Eventos.Nível=\"Definir Manualmente\",\"Manual\",MATCH(Import.Eventos.Nível,EVENTOS!$B$6:$B$9,0)+1)","v":"Manual"},"Empty","FILTRO",null,null,null,null,null,{"$f":"IF(AND(ACOMPANHAMENTO=\"PLE\",CÁLCULO.FrentesPreenchidas=0),\"\",\n  IF(COUNTIF($J$15:$J$140,\"►E\")>0,\"Falta Definir o Agrupador de Evento na linha \"&MATCH(\"►E\",$J$15:$J$140,0)+ROW($J$14),\n  IF(COUNTIF($J$15:$J$140,\"►Q\")>0,\"Falta preencher a quantidade do serviço na linha \"&MATCH(\"►Q\",$J$15:$J$140,0)+ROW($J$14),\n  IF(COUNTIF($J$15:$J$140,\"►S\")>0,\"Verifique as quantidades preenchidas na linha \"&MATCH(\"►S\",$J$15:$J$140,0)+ROW($J$14),\n  IF(AND(COUNTIF($P$11:$AA$11,\"▼\")=0,COUNTIF($J$15:$J$140,\"◄\")>0),\"Falta Preencher o Memorial de Cálculo na linha \"&MATCH(\"◄\",$J$15:$J$140,0)+ROW($J$14),\"\")))))","v":""},".","Nº AGRUPADOR DE EVENTOS",".",{"$f":"IF(ACOMPANHAMENTO=\"BM\",0,MAX($M$15:$M$140))","v":0},{"$f":"IF(AND(ACOMPANHAMENTO=\"PLE\",CÁLCULO.FrentesPreenchidas=0),\"Preencher os nomes das Frentes de Obra ►\",\"FRENTES DE OBRA:\")","v":"FRENTES DE OBRA:"},null,".","FRENTE 50%","FRENTE 100%",null,null,null,null,null,null,null,null,".",{"$f":"IF(OFFSET($P$1,0,AB$13)=0,0,OFFSET($P$12,0,AB$13))","v":0},{"$f":"IF(OFFSET($P$1,0,AC$13)=0,0,OFFSET($P$12,0,AC$13))","v":0},0,0,0,0,0,0,0,0,null,{"$f":"IF(OFFSET($P$1,0,AM$13)=0,0,OFFSET($P$12,0,AM$13))","v":0},0,0,0,0,0,0,0,0,0,null,0,0,0,0,0,0,0,0,0,0]
["AUTOEVENTO","Empty","↓","Nível","Item","Descrição","Unidade","Quantidade","Memória de Cálculo",null,"Nº",null,"# Evento","Agrupador de Eventos",{"$f":"OFFSET(O13,0,-1)+1","v":{"$error":"#VALUE!"}},null,{"$f":"OFFSET(Q13,0,-1)+1","v":1},2,3,4,5,6,7,8,9,10,null,{"$f":"OFFSET(AB13,0,-1)+1","v":1},2,3,4,5,6,7,8,9,10,null,1,2,3,4,5,6,7,8,9,10,null,1,2,3,4,5,6,7,8,9,10]
[{"$f":"IFERROR(IF(AUTOEVENTO=\"Manual\",IF(K14<>\"\",MIN(VALUE(LEFT(K14,FIND(\".\",K14)-1)),COUNTA(EVENTOS.Lista)),0),IF(OR($B14>AUTOEVENTO,$B14=\"S\",$B14=0),SUBSTITUTE(OFFSET($A14,-1,0),IF($D14=\"Serviço\",\".\",\"\"),\"\"),$L14&\".\")),0)","v":0},{"$f":"OFFSET(ORÇAMENTO!C$15,$L14,0)","v":1},{"$f":"OFFSET(ORÇAMENTO!L$15,$L14,0)","v":"F"},{"$f":"OFFSET(ORÇAMENTO!N$15,$L14,0)","v":"Meta"},{"$f":"OFFSET(ORÇAMENTO!O$15,$L14,0)","v":"1."},{"$f":"OFFSET(ORÇAMENTO!R$15,$L14,0)","v":"MODERNIZAÇÃO E REVITALIZAÇÃO DO ESTÁDIO MUNICIPAL DE SIDROLÂNDIA/MS"},{"$f":"IF($D14<>\"Serviço\",\"\",OFFSET(ORÇAMENTO!S$15,$L14,0))","v":""},{"$f":"IF($D14<>\"Serviço\",0,IF(ACOMPANHAMENTO=\"BM\",ROUND(OFFSET(ORÇAMENTO!AJ$15,$L14,0),15-13*ORÇAMENTO!$AF$7),IF(IFERROR(CÁLCULO.FrentesPreenchidas,0)=0,0,SUM(ROUND(OFFSET($P14,0,1,1,CÁLCULO.FrentesPreenchidas),15-13*ORÇAMENTO!$AF$7)))))","v":0},null,{"$f":"IF(OR(B14<>\"S\",CÁLCULO.FrentesPreenchidas=0),\"\",IF(AND(ACOMPANHAMENTO=\"PLE\",AUTOEVENTO=\"Manual\",OR(H14>0,ORÇAMENTO!AC14=\"QUANT.\"),OR(K14=\"\",M14=0,N14=\"\")),\"►E\",IF(AND(ACOMPANHAMENTO=\"PLE\",ORÇAMENTO!AC14=\"QUANT.\"),\"►Q\",IF(AND(ACOMPANHAMENTO=\"PLE\",H14<>SUMPRODUCT(($Q$1:$AA$1=1)*ROUND(Q14:AA14,15))),\"►S\",IF(AND(COUNTIF($P$11:$AA$11,\"▼\")=0,H14>0,I14=\"\"),\"◄M\",\"\")))))","v":""},null,{"$f":"OFFSET(L14,-1,0)+1","v":1},{"$f":"IF($D14<>\"Serviço\",\"\",\n          IF(AUTOEVENTO=\"manual\",$A14,\n                IF(ISERROR(MATCH($A14,$A$15:OFFSET($A14,-1,0),0)),MAX($M$15:OFFSET(M14,-1,0))+1,\n                      INDEX($M$15:OFFSET(M14,-1,0),MATCH($A14,$A$15:OFFSET($A14,-1,0),0)))))","v":""},{"$f":"IF($D14<>\"Serviço\",\"\",\n         IF(AUTOEVENTO=\"Manual\",\n                IF($A14=0,\"<-- defina o número do agrupador\",\n                       OFFSET(EVENTOS!$D$15,$A14-$A$15,0)),\n                OFFSET($F$15,$A14,0)))","v":""},null,null,null,null,null,null,null,null,null,null,null,null,null,{"$f":"IF(AND($D14=\"Serviço\",AB$12<>0,$H14>0,OR(AUTOEVENTO<>\"manual\",$M14<>$A$15)),\n        IF(Import.TipoArredondamento<>\"TransfereGOV\",\n              ROUND(OFFSET($P14,0,AB$13),15-13*ORÇAMENTO!$AF$7)/$H14*OFFSET(ORÇAMENTO!$X$15,ROW(AB14)-ROW(AB$15),0),\n              ROUND(ROUND(OFFSET($P14,0,AB$13),15-13*ORÇAMENTO!$AF$7)*OFFSET(ORÇAMENTO!$W$15,ROW(AB14)-ROW(AB$15),0),15-13*ORÇAMENTO!$AF$11)),\n         0)","v":0},{"$f":"IF(AND($D14=\"Serviço\",AC$12<>0,$H14>0,OR(AUTOEVENTO<>\"manual\",$M14<>$A$15)),\n        IF(Import.TipoArredondamento<>\"TransfereGOV\",\n              ROUND(OFFSET($P14,0,AC$13),15-13*ORÇAMENTO!$AF$7)/$H14*OFFSET(ORÇAMENTO!$X$15,ROW(AC14)-ROW(AC$15),0),\n              ROUND(ROUND(OFFSET($P14,0,AC$13),15-13*ORÇAMENTO!$AF$7)*OFFSET(ORÇAMENTO!$W$15,ROW(AC14)-ROW(AC$15),0),15-13*ORÇAMENTO!$AF$11)),\n         0)","v":0},{"$f":"IF(AND($D14=\"Serviço\",AD$12<>0,$H14>0,OR(AUTOEVENTO<>\"manual\",$M14<>$A$15)),\n        IF(Import.TipoArredondamento<>\"TransfereGOV\",\n              ROUND(OFFSET($P14,0,AD$13),15-13*ORÇAMENTO!$AF$7)/$H14*OFFSET(ORÇAMENTO!$X$15,ROW(AD14)-ROW(AD$15),0),\n              ROUND(ROUND(OFFSET($P14,0,AD$13),15-13*ORÇAMENTO!$AF$7)*OFFSET(ORÇAMENTO!$W$15,ROW(AD14)-ROW(AD$15),0),15-13*ORÇAMENTO!$AF$11)),\n         0)","v":0},{"$f":"IF(AND($D14=\"Serviço\",AE$12<>0,$H14>0,OR(AUTOEVENTO<>\"manual\",$M14<>$A$15)),\n        IF(Import.TipoArredondamento<>\"TransfereGOV\",\n              ROUND(OFFSET($P14,0,AE$13),15-13*ORÇAMENTO!$AF$7)/$H14*OFFSET(ORÇAMENTO!$X$15,ROW(AE14)-ROW(AE$15),0),\n              ROUND(ROUND(OFFSET($P14,0,AE$13),15-13*ORÇAMENTO!$AF$7)*OFFSET(ORÇAMENTO!$W$15,ROW(AE14)-ROW(AE$15),0),15-13*ORÇAMENTO!$AF$11)),\n         0)","v":0},{"$f":"IF(AND($D14=\"Serviço\",AF$12<>0,$H14>0,OR(AUTOEVENTO<>\"manual\",$M14<>$A$15)),\n        IF(Import.TipoArredondamento<>\"TransfereGOV\",\n              ROUND(OFFSET($P14,0,AF$13),15-13*ORÇAMENTO!$AF$7)/$H14*OFFSET(ORÇAMENTO!$X$15,ROW(AF14)-ROW(AF$15),0),\n              ROUND(ROUND(OFFSET($P14,0,AF$13),15-13*ORÇAMENTO!$AF$7)*OFFSET(ORÇAMENTO!$W$15,ROW(AF14)-ROW(AF$15),0),15-13*ORÇAMENTO!$AF$11)),\n         0)","v":0},{"$f":"IF(AND($D14=\"Serviço\",AG$12<>0,$H14>0,OR(AUTOEVENTO<>\"manual\",$M14<>$A$15)),\n        IF(Import.TipoArredondamento<>\"TransfereGOV\",\n              ROUND(OFFSET($P14,0,AG$13),15-13*ORÇAMENTO!$AF$7)/$H14*OFFSET(ORÇAMENTO!$X$15,ROW(AG14)-ROW(AG$15),0),\n              ROUND(ROUND(OFFSET($P14,0,AG$13),15-13*ORÇAMENTO!$AF$7)*OFFSET(ORÇAMENTO!$W$15,ROW(AG14)-ROW(AG$15),0),15-13*ORÇAMENTO!$AF$11)),\n         0)","v":0},{"$f":"IF(AND($D14=\"Serviço\",AH$12<>0,$H14>0,OR(AUTOEVENTO<>\"manual\",$M14<>$A$15)),\n        IF(Import.TipoArredondamento<>\"TransfereGOV\",\n              ROUND(OFFSET($P14,0,AH$13),15-13*ORÇAMENTO!$AF$7)/$H14*OFFSET(ORÇAMENTO!$X$15,ROW(AH14)-ROW(AH$15),0),\n              ROUND(ROUND(OFFSET($P14,0,AH$13),15-13*ORÇAMENTO!$AF$7)*OFFSET(ORÇAMENTO!$W$15,ROW(AH14)-ROW(AH$15),0),15-13*ORÇAMENTO!$AF$11)),\n         0)","v":0},{"$f":"IF(AND($D14=\"Serviço\",AI$12<>0,$H14>0,OR(AUTOEVENTO<>\"manual\",$M14<>$A$15)),\n        IF(Import.TipoArredondamento<>\"TransfereGOV\",\n              ROUND(OFFSET($P14,0,AI$13),15-13*ORÇAMENTO!$AF$7)/$H14*OFFSET(ORÇAMENTO!$X$15,ROW(AI14)-ROW(AI$15),0),\n              ROUND(ROUND(OFFSET($P14,0,AI$13),15-13*ORÇAMENTO!$AF$7)*OFFSET(ORÇAMENTO!$W$15,ROW(AI14)-ROW(AI$15),0),15-13*ORÇAMENTO!$AF$11)),\n         0)","v":0},{"$f":"IF(AND($D14=\"Serviço\",AJ$12<>0,$H14>0,OR(AUTOEVENTO<>\"manual\",$M14<>$A$15)),\n        IF(Import.TipoArredondamento<>\"TransfereGOV\",\n              ROUND(OFFSET($P14,0,AJ$13),15-13*ORÇAMENTO!$AF$7)/$H14*OFFSET(ORÇAMENTO!$X$15,ROW(AJ14)-ROW(AJ$15),0),\n              ROUND(ROUND(OFFSET($P14,0,AJ$13),15-13*ORÇAMENTO!$AF$7)*OFFSET(ORÇAMENTO!$W$15,ROW(AJ14)-ROW(AJ$15),0),15-13*ORÇAMENTO!$AF$11)),\n         0)","v":0},{"$f":"IF(AND($D14=\"Serviço\",AK$12<>0,$H14>0,OR(AUTOEVENTO<>\"manual\",$M14<>$A$15)),\n        IF(Import.TipoArredondamento<>\"TransfereGOV\",\n              ROUND(OFFSET($P14,0,AK$13),15-13*ORÇAMENTO!$AF$7)/$H14*OFFSET(ORÇAMENTO!$X$15,ROW(AK14)-ROW(AK$15),0),\n              ROUND(ROUND(OFFSET($P14,0,AK$13),15-13*ORÇAMENTO!$AF$7)*OFFSET(ORÇAMENTO!$W$15,ROW(AK14)-ROW(AK$15),0),15-13*ORÇAMENTO!$AF$11)),\n         0)","v":0},null,{"$f":"IF(OR($D14<>\"Serviço\",AND(AUTOEVENTO=\"Manual\",$M14=$A$15)),0,\n         IF(OFFSET(CRONOPLE!$F$15,$M14-$A$15,AM$13)=0,10^12,OFFSET(CRONOPLE!$F$15,$M14-$A$15,AM$13)))","v":0},{"$f":"IF(OR($D14<>\"Serviço\",AND(AUTOEVENTO=\"Manual\",$M14=$A$15)),0,\n         IF(OFFSET(CRONOPLE!$F$15,$M14-$A$15,AN$13)=0,10^12,OFFSET(CRONOPLE!$F$15,$M14-$A$15,AN$13)))","v":0},{"$f":"IF(OR($D14<>\"Serviço\",AND(AUTOEVENTO=\"Manual\",$M14=$A$15)),0,\n         IF(OFFSET(CRONOPLE!$F$15,$M14-$A$15,AO$13)=0,10^12,OFFSET(CRONOPLE!$F$15,$M14-$A$15,AO$13)))","v":0},{"$f":"IF(OR($D14<>\"Serviço\",AND(AUTOEVENTO=\"Manual\",$M14=$A$15)),0,\n         IF(OFFSET(CRONOPLE!$F$15,$M14-$A$15,AP$13)=0,10^12,OFFSET(CRONOPLE!$F$15,$M14-$A$15,AP$13)))","v":0},{"$f":"IF(OR($D14<>\"Serviço\",AND(AUTOEVENTO=\"Manual\",$M14=$A$15)),0,\n         IF(OFFSET(CRONOPLE!$F$15,$M14-$A$15,AQ$13)=0,10^12,OFFSET(CRONOPLE!$F$15,$M14-$A$15,AQ$13)))","v":0},{"$f":"IF(OR($D14<>\"Serviço\",AND(AUTOEVENTO=\"Manual\",$M14=$A$15)),0,\n         IF(OFFSET(CRONOPLE!$F$15,$M14-$A$15,AR$13)=0,10^12,OFFSET(CRONOPLE!$F$15,$M14-$A$15,AR$13)))","v":0},{"$f":"IF(OR($D14<>\"Serviço\",AND(AUTOEVENTO=\"Manual\",$M14=$A$15)),0,\n         IF(OFFSET(CRONOPLE!$F$15,$M14-$A$15,AS$13)=0,10^12,OFFSET(CRONOPLE!$F$15,$M14-$A$15,AS$13)))","v":0},{"$f":"IF(OR($D14<>\"Serviço\",AND(AUTOEVENTO=\"Manual\",$M14=$A$15)),0,\n         IF(OFFSET(CRONOPLE!$F$15,$M14-$A$15,AT$13)=0,10^12,OFFSET(CRONOPLE!$F$15,$M14-$A$15,AT$13)))","v":0},{"$f":"IF(OR($D14<>\"Serviço\",AND(AUTOEVENTO=\"Manual\",$M14=$A$15)),0,\n         IF(OFFSET(CRONOPLE!$F$15,$M14-$A$15,AU$13)=0,10^12,OFFSET(CRONOPLE!$F$15,$M14-$A$15,AU$13)))","v":0},{"$f":"IF(OR($D14<>\"Serviço\",AND(AUTOEVENTO=\"Manual\",$M14=$A$15)),0,\n         IF(OFFSET(CRONOPLE!$F$15,$M14-$A$15,AV$13)=0,10^12,OFFSET(CRONOPLE!$F$15,$M14-$A$15,AV$13)))","v":0},null,{"$f":"IF(OR($D14<>\"Serviço\",AND(AUTOEVENTO=\"Manual\",$M14=$A$15),$M14>(ROW(PLE.lastrow)-ROW(PLE.firstrow))),0,\n           IF(OFFSET(PLE!$G$15,$M14-$A$15,AX$13)=\"\",10^12,OFFSET(PLE!$G$15,$M14-$A$15,AX$13)))","v":0},{"$f":"IF(OR($D14<>\"Serviço\",AND(AUTOEVENTO=\"Manual\",$M14=$A$15),$M14>(ROW(PLE.lastrow)-ROW(PLE.firstrow))),0,\n           IF(OFFSET(PLE!$G$15,$M14-$A$15,AY$13)=\"\",10^12,OFFSET(PLE!$G$15,$M14-$A$15,AY$13)))","v":0},{"$f":"IF(OR($D14<>\"Serviço\",AND(AUTOEVENTO=\"Manual\",$M14=$A$15),$M14>(ROW(PLE.lastrow)-ROW(PLE.firstrow))),0,\n           IF(OFFSET(PLE!$G$15,$M14-$A$15,AZ$13)=\"\",10^12,OFFSET(PLE!$G$15,$M14-$A$15,AZ$13)))","v":0},{"$f":"IF(OR($D14<>\"Serviço\",AND(AUTOEVENTO=\"Manual\",$M14=$A$15),$M14>(ROW(PLE.lastrow)-ROW(PLE.firstrow))),0,\n           IF(OFFSET(PLE!$G$15,$M14-$A$15,BA$13)=\"\",10^12,OFFSET(PLE!$G$15,$M14-$A$15,BA$13)))","v":0},{"$f":"IF(OR($D14<>\"Serviço\",AND(AUTOEVENTO=\"Manual\",$M14=$A$15),$M14>(ROW(PLE.lastrow)-ROW(PLE.firstrow))),0,\n           IF(OFFSET(PLE!$G$15,$M14-$A$15,BB$13)=\"\",10^12,OFFSET(PLE!$G$15,$M14-$A$15,BB$13)))","v":0},{"$f":"IF(OR($D14<>\"Serviço\",AND(AUTOEVENTO=\"Manual\",$M14=$A$15),$M14>(ROW(PLE.lastrow)-ROW(PLE.firstrow))),0,\n           IF(OFFSET(PLE!$G$15,$M14-$A$15,BC$13)=\"\",10^12,OFFSET(PLE!$G$15,$M14-$A$15,BC$13)))","v":0},{"$f":"IF(OR($D14<>\"Serviço\",AND(AUTOEVENTO=\"Manual\",$M14=$A$15),$M14>(ROW(PLE.lastrow)-ROW(PLE.firstrow))),0,\n           IF(OFFSET(PLE!$G$15,$M14-$A$15,BD$13)=\"\",10^12,OFFSET(PLE!$G$15,$M14-$A$15,BD$13)))","v":0},{"$f":"IF(OR($D14<>\"Serviço\",AND(AUTOEVENTO=\"Manual\",$M14=$A$15),$M14>(ROW(PLE.lastrow)-ROW(PLE.firstrow))),0,\n           IF(OFFSET(PLE!$G$15,$M14-$A$15,BE$13)=\"\",10^12,OFFSET(PLE!$G$15,$M14-$A$15,BE$13)))","v":0},{"$f":"IF(OR($D14<>\"Serviço\",AND(AUTOEVENTO=\"Manual\",$M14=$A$15),$M14>(ROW(PLE.lastrow)-ROW(PLE.firstrow))),0,\n           IF(OFFSET(PLE!$G$15,$M14-$A$15,BF$13)=\"\",10^12,OFFSET(PLE!$G$15,$M14-$A$15,BF$13)))","v":0},{"$f":"IF(OR($D14<>\"Serviço\",AND(AUTOEVENTO=\"Manual\",$M14=$A$15),$M14>(ROW(PLE.lastrow)-ROW(PLE.firstrow))),0,\n           IF(OFFSET(PLE!$G$15,$M14-$A$15,BG$13)=\"\",10^12,OFFSET(PLE!$G$15,$M14-$A$15,BG$13)))","v":0}]
[{"$f":"IF(AdmLocal=\"Automática\",1,0)","v":0},{"$f":"OFFSET(ORÇAMENTO!C$15,ROW(B15)-ROW(B$15),0)","v":"L"},{"$f":"OFFSET(ORÇAMENTO!L$15,ROW(C15)-ROW(C$15),0)","v":"F"},{"$f":"IF(TIPOORCAMENTO=\"LICITADO\",\"CTEF\",\"LOTE\")","v":"LOTE"},{"$f":"Import.DescLote","v":"REFORMA DE ARQUIBANCADA"},null,null,null,null,null,null,0,0,"TOTAL FINANC. POR FRENTE (R$):",{"$f":"OFFSET($AA$15,0,O$13)","v":{"$error":"#VALUE!"}},null,{"$f":"OFFSET($AA$15,0,Q$13)","v":0},0,0,0,0,0,0,0,0,0,null,{"$f":"ROUND(SUM(OFFSET(AB$15,1,0):AB$140),2)","v":0},{"$f":"SUM(OFFSET(AC$15,1,0):AC$140)","v":0},{"$f":"SUM(OFFSET(AD$15,1,0):AD$140)","v":0},{"$f":"SUM(OFFSET(AE$15,1,0):AE$140)","v":0},{"$f":"SUM(OFFSET(AF$15,1,0):AF$140)","v":0},{"$f":"SUM(OFFSET(AG$15,1,0):AG$140)","v":0},{"$f":"SUM(OFFSET(AH$15,1,0):AH$140)","v":0},{"$f":"SUM(OFFSET(AI$15,1,0):AI$140)","v":0},{"$f":"SUM(OFFSET(AJ$15,1,0):AJ$140)","v":0},{"$f":"SUM(OFFSET(AK$15,1,0):AK$140)","v":0},null,{"$f":"10^12","v":1000000000000},{"$f":"10^12","v":1000000000000},1000000000000,1000000000000,1000000000000,1000000000000,1000000000000,1000000000000,1000000000000,1000000000000,null,{"$f":"10^12","v":1000000000000},1000000000000,1000000000000,1000000000000,1000000000000,1000000000000,1000000000000,1000000000000,1000000000000,1000000000000]
[{"$f":"IFERROR(IF(AUTOEVENTO=\"Manual\",IF(K16<>\"\",MIN(VALUE(LEFT(K16,FIND(\".\",K16)-1)),COUNTA(EVENTOS.Lista)),0),IF(OR($B16>AUTOEVENTO,$B16=\"S\",$B16=0),SUBSTITUTE(OFFSET($A16,-1,0),IF($D16=\"Serviço\",\".\",\"\"),\"\"),$L16&\".\")),0)","v":0},{"$f":"OFFSET(ORÇAMENTO!C$15,$L16,0)","v":1},{"$f":"OFFSET(ORÇAMENTO!L$15,$L16,0)","v":"F"},{"$f":"OFFSET(ORÇAMENTO!N$15,$L16,0)","v":"Meta"},{"$f":"OFFSET(ORÇAMENTO!O$15,$L16,0)","v":"1."},{"$f":"OFFSET(ORÇAMENTO!R$15,$L16,0)","v":"MODERNIZAÇÃO E REVITALIZAÇÃO DO ESTÁDIO MUNICIPAL DE SIDROLÂNDIA/MS"},{"$f":"IF($D16<>\"Serviço\",\"\",OFFSET(ORÇAMENTO!S$15,$L16,0))","v":""},{"$f":"IF($D16<>\"Serviço\",0,IF(ACOMPANHAMENTO=\"BM\",ROUND(OFFSET(ORÇAMENTO!AJ$15,$L16,0),15-13*ORÇAMENTO!$AF$7),IF(IFERROR(CÁLCULO.FrentesPreenchidas,0)=0,0,SUM(ROUND(OFFSET($P16,0,1,1,CÁLCULO.FrentesPreenchidas),15-13*ORÇAMENTO!$AF$7)))))","v":0},null,{"$f":"IF(OR(B16<>\"S\",CÁLCULO.FrentesPreenchidas=0),\"\",IF(AND(ACOMPANHAMENTO=\"PLE\",AUTOEVENTO=\"Manual\",OR(H16>0,ORÇAMENTO!AC16=\"QUANT.\"),OR(K16=\"\",M16=0,N16=\"\")),\"►E\",IF(AND(ACOMPANHAMENTO=\"PLE\",ORÇAMENTO!AC16=\"QUANT.\"),\"►Q\",IF(AND(ACOMPANHAMENTO=\"PLE\",H16<>SUMPRODUCT(($Q$1:$AA$1=1)*ROUND(Q16:AA16,15))),\"►S\",IF(AND(COUNTIF($P$11:$AA$11,\"▼\")=0,H16>0,I16=\"\"),\"◄M\",\"\")))))","v":""},null,{"$f":"OFFSET(L16,-1,0)+1","v":1},{"$f":"IF($D16<>\"Serviço\",\"\",\n          IF(AUTOEVENTO=\"manual\",$A16,\n                IF(ISERROR(MATCH($A16,$A$15:OFFSET($A16,-1,0),0)),MAX($M$15:OFFSET(M16,-1,0))+1,\n                      INDEX($M$15:OFFSET(M16,-1,0),MATCH($A16,$A$15:OFFSET($A16,-1,0),0)))))","v":""},{"$f":"IF($D16<>\"Serviço\",\"\",\n         IF(AUTOEVENTO=\"Manual\",\n                IF($A16=0,\"<-- defina o número do agrupador\",\n                       OFFSET(EVENTOS!$D$15,$A16-$A$15,0)),\n                OFFSET($F$15,$A16,0)))","v":""},null,null,null,null,null,null,null,null,null,null,null,null,null,{"$f":"IF(AND($D16=\"Serviço\",AB$12<>0,$H16>0,OR(AUTOEVENTO<>\"manual\",$M16<>$A$15)),\n        IF(Import.TipoArredondamento<>\"TransfereGOV\",\n              ROUND(OFFSET($P16,0,AB$13),15-13*ORÇAMENTO!$AF$7)/$H16*OFFSET(ORÇAMENTO!$X$15,ROW(AB16)-ROW(AB$15),0),\n              ROUND(ROUND(OFFSET($P16,0,AB$13),15-13*ORÇAMENTO!$AF$7)*OFFSET(ORÇAMENTO!$W$15,ROW(AB16)-ROW(AB$15),0),15-13*ORÇAMENTO!$AF$11)),\n         0)","v":0},{"$f":"IF(AND($D16=\"Serviço\",AC$12<>0,$H16>0,OR(AUTOEVENTO<>\"manual\",$M16<>$A$15)),\n        IF(Import.TipoArredondamento<>\"TransfereGOV\",\n              ROUND(OFFSET($P16,0,AC$13),15-13*ORÇAMENTO!$AF$7)/$H16*OFFSET(ORÇAMENTO!$X$15,ROW(AC16)-ROW(AC$15),0),\n              ROUND(ROUND(OFFSET($P16,0,AC$13),15-13*ORÇAMENTO!$AF$7)*OFFSET(ORÇAMENTO!$W$15,ROW(AC16)-ROW(AC$15),0),15-13*ORÇAMENTO!$AF$11)),\n         0)","v":0},{"$f":"IF(AND($D16=\"Serviço\",AD$12<>0,$H16>0,OR(AUTOEVENTO<>\"manual\",$M16<>$A$15)),\n        IF(Import.TipoArredondamento<>\"TransfereGOV\",\n              ROUND(OFFSET($P16,0,AD$13),15-13*ORÇAMENTO!$AF$7)/$H16*OFFSET(ORÇAMENTO!$X$15,ROW(AD16)-ROW(AD$15),0),\n              ROUND(ROUND(OFFSET($P16,0,AD$13),15-13*ORÇAMENTO!$AF$7)*OFFSET(ORÇAMENTO!$W$15,ROW(AD16)-ROW(AD$15),0),15-13*ORÇAMENTO!$AF$11)),\n         0)","v":0},{"$f":"IF(AND($D16=\"Serviço\",AE$12<>0,$H16>0,OR(AUTOEVENTO<>\"manual\",$M16<>$A$15)),\n        IF(Import.TipoArredondamento<>\"TransfereGOV\",\n              ROUND(OFFSET($P16,0,AE$13),15-13*ORÇAMENTO!$AF$7)/$H16*OFFSET(ORÇAMENTO!$X$15,ROW(AE16)-ROW(AE$15),0),\n              ROUND(ROUND(OFFSET($P16,0,AE$13),15-13*ORÇAMENTO!$AF$7)*OFFSET(ORÇAMENTO!$W$15,ROW(AE16)-ROW(AE$15),0),15-13*ORÇAMENTO!$AF$11)),\n         0)","v":0},{"$f":"IF(AND($D16=\"Serviço\",AF$12<>0,$H16>0,OR(AUTOEVENTO<>\"manual\",$M16<>$A$15)),\n        IF(Import.TipoArredondamento<>\"TransfereGOV\",\n              ROUND(OFFSET($P16,0,AF$13),15-13*ORÇAMENTO!$AF$7)/$H16*OFFSET(ORÇAMENTO!$X$15,ROW(AF16)-ROW(AF$15),0),\n              ROUND(ROUND(OFFSET($P16,0,AF$13),15-13*ORÇAMENTO!$AF$7)*OFFSET(ORÇAMENTO!$W$15,ROW(AF16)-ROW(AF$15),0),15-13*ORÇAMENTO!$AF$11)),\n         0)","v":0},{"$f":"IF(AND($D16=\"Serviço\",AG$12<>0,$H16>0,OR(AUTOEVENTO<>\"manual\",$M16<>$A$15)),\n        IF(Import.TipoArredondamento<>\"TransfereGOV\",\n              ROUND(OFFSET($P16,0,AG$13),15-13*ORÇAMENTO!$AF$7)/$H16*OFFSET(ORÇAMENTO!$X$15,ROW(AG16)-ROW(AG$15),0),\n              ROUND(ROUND(OFFSET($P16,0,AG$13),15-13*ORÇAMENTO!$AF$7)*OFFSET(ORÇAMENTO!$W$15,ROW(AG16)-ROW(AG$15),0),15-13*ORÇAMENTO!$AF$11)),\n         0)","v":0},{"$f":"IF(AND($D16=\"Serviço\",AH$12<>0,$H16>0,OR(AUTOEVENTO<>\"manual\",$M16<>$A$15)),\n        IF(Import.TipoArredondamento<>\"TransfereGOV\",\n              ROUND(OFFSET($P16,0,AH$13),15-13*ORÇAMENTO!$AF$7)/$H16*OFFSET(ORÇAMENTO!$X$15,ROW(AH16)-ROW(AH$15),0),\n              ROUND(ROUND(OFFSET($P16,0,AH$13),15-13*ORÇAMENTO!$AF$7)*OFFSET(ORÇAMENTO!$W$15,ROW(AH16)-ROW(AH$15),0),15-13*ORÇAMENTO!$AF$11)),\n         0)","v":0},{"$f":"IF(AND($D16=\"Serviço\",AI$12<>0,$H16>0,OR(AUTOEVENTO<>\"manual\",$M16<>$A$15)),\n        IF(Import.TipoArredondamento<>\"TransfereGOV\",\n              ROUND(OFFSET($P16,0,AI$13),15-13*ORÇAMENTO!$AF$7)/$H16*OFFSET(ORÇAMENTO!$X$15,ROW(AI16)-ROW(AI$15),0),\n              ROUND(ROUND(OFFSET($P16,0,AI$13),15-13*ORÇAMENTO!$AF$7)*OFFSET(ORÇAMENTO!$W$15,ROW(AI16)-ROW(AI$15),0),15-13*ORÇAMENTO!$AF$11)),\n         0)","v":0},{"$f":"IF(AND($D16=\"Serviço\",AJ$12<>0,$H16>0,OR(AUTOEVENTO<>\"manual\",$M16<>$A$15)),\n        IF(Import.TipoArredondamento<>\"TransfereGOV\",\n              ROUND(OFFSET($P16,0,AJ$13),15-13*ORÇAMENTO!$AF$7)/$H16*OFFSET(ORÇAMENTO!$X$15,ROW(AJ16)-ROW(AJ$15),0),\n              ROUND(ROUND(OFFSET($P16,0,AJ$13),15-13*ORÇAMENTO!$AF$7)*OFFSET(ORÇAMENTO!$W$15,ROW(AJ16)-ROW(AJ$15),0),15-13*ORÇAMENTO!$AF$11)),\n         0)","v":0},{"$f":"IF(AND($D16=\"Serviço\",AK$12<>0,$H16>0,OR(AUTOEVENTO<>\"manual\",$M16<>$A$15)),\n        IF(Import.TipoArredondamento<>\"TransfereGOV\",\n              ROUND(OFFSET($P16,0,AK$13),15-13*ORÇAMENTO!$AF$7)/$H16*OFFSET(ORÇAMENTO!$X$15,ROW(AK16)-ROW(AK$15),0),\n              ROUND(ROUND(OFFSET($P16,0,AK$13),15-13*ORÇAMENTO!$AF$7)*OFFSET(ORÇAMENTO!$W$15,ROW(AK16)-ROW(AK$15),0),15-13*ORÇAMENTO!$AF$11)),\n         0)","v":0},null,{"$f":"IF(OR($D16<>\"Serviço\",AND(AUTOEVENTO=\"Manual\",$M16=$A$15)),0,\n         IF(OFFSET(CRONOPLE!$F$15,$M16-$A$15,AM$13)=0,10^12,OFFSET(CRONOPLE!$F$15,$M16-$A$15,AM$13)))","v":0},{"$f":"IF(OR($D16<>\"Serviço\",AND(AUTOEVENTO=\"Manual\",$M16=$A$15)),0,\n         IF(OFFSET(CRONOPLE!$F$15,$M16-$A$15,AN$13)=0,10^12,OFFSET(CRONOPLE!$F$15,$M16-$A$15,AN$13)))","v":0},{"$f":"IF(OR($D16<>\"Serviço\",AND(AUTOEVENTO=\"Manual\",$M16=$A$15)),0,\n         IF(OFFSET(CRONOPLE!$F$15,$M16-$A$15,AO$13)=0,10^12,OFFSET(CRONOPLE!$F$15,$M16-$A$15,AO$13)))","v":0},{"$f":"IF(OR($D16<>\"Serviço\",AND(AUTOEVENTO=\"Manual\",$M16=$A$15)),0,\n         IF(OFFSET(CRONOPLE!$F$15,$M16-$A$15,AP$13)=0,10^12,OFFSET(CRONOPLE!$F$15,$M16-$A$15,AP$13)))","v":0},{"$f":"IF(OR($D16<>\"Serviço\",AND(AUTOEVENTO=\"Manual\",$M16=$A$15)),0,\n         IF(OFFSET(CRONOPLE!$F$15,$M16-$A$15,AQ$13)=0,10^12,OFFSET(CRONOPLE!$F$15,$M16-$A$15,AQ$13)))","v":0},{"$f":"IF(OR($D16<>\"Serviço\",AND(AUTOEVENTO=\"Manual\",$M16=$A$15)),0,\n         IF(OFFSET(CRONOPLE!$F$15,$M16-$A$15,AR$13)=0,10^12,OFFSET(CRONOPLE!$F$15,$M16-$A$15,AR$13)))","v":0},{"$f":"IF(OR($D16<>\"Serviço\",AND(AUTOEVENTO=\"Manual\",$M16=$A$15)),0,\n         IF(OFFSET(CRONOPLE!$F$15,$M16-$A$15,AS$13)=0,10^12,OFFSET(CRONOPLE!$F$15,$M16-$A$15,AS$13)))","v":0},{"$f":"IF(OR($D16<>\"Serviço\",AND(AUTOEVENTO=\"Manual\",$M16=$A$15)),0,\n         IF(OFFSET(CRONOPLE!$F$15,$M16-$A$15,AT$13)=0,10^12,OFFSET(CRONOPLE!$F$15,$M16-$A$15,AT$13)))","v":0},{"$f":"IF(OR($D16<>\"Serviço\",AND(AUTOEVENTO=\"Manual\",$M16=$A$15)),0,\n         IF(OFFSET(CRONOPLE!$F$15,$M16-$A$15,AU$13)=0,10^12,OFFSET(CRONOPLE!$F$15,$M16-$A$15,AU$13)))","v":0},{"$f":"IF(OR($D16<>\"Serviço\",AND(AUTOEVENTO=\"Manual\",$M16=$A$15)),0,\n         IF(OFFSET(CRONOPLE!$F$15,$M16-$A$15,AV$13)=0,10^12,OFFSET(CRONOPLE!$F$15,$M16-$A$15,AV$13)))","v":0},null,{"$f":"IF(OR($D16<>\"Serviço\",AND(AUTOEVENTO=\"Manual\",$M16=$A$15),$M16>(ROW(PLE.lastrow)-ROW(PLE.firstrow))),0,\n           IF(OFFSET(PLE!$G$15,$M16-$A$15,AX$13)=\"\",10^12,OFFSET(PLE!$G$15,$M16-$A$15,AX$13)))","v":0},{"$f":"IF(OR($D16<>\"Serviço\",AND(AUTOEVENTO=\"Manual\",$M16=$A$15),$M16>(ROW(PLE.lastrow)-ROW(PLE.firstrow))),0,\n           IF(OFFSET(PLE!$G$15,$M16-$A$15,AY$13)=\"\",10^12,OFFSET(PLE!$G$15,$M16-$A$15,AY$13)))","v":0},{"$f":"IF(OR($D16<>\"Serviço\",AND(AUTOEVENTO=\"Manual\",$M16=$A$15),$M16>(ROW(PLE.lastrow)-ROW(PLE.firstrow))),0,\n           IF(OFFSET(PLE!$G$15,$M16-$A$15,AZ$13)=\"\",10^12,OFFSET(PLE!$G$15,$M16-$A$15,AZ$13)))","v":0},{"$f":"IF(OR($D16<>\"Serviço\",AND(AUTOEVENTO=\"Manual\",$M16=$A$15),$M16>(ROW(PLE.lastrow)-ROW(PLE.firstrow))),0,\n           IF(OFFSET(PLE!$G$15,$M16-$A$15,BA$13)=\"\",10^12,OFFSET(PLE!$G$15,$M16-$A$15,BA$13)))","v":0},{"$f":"IF(OR($D16<>\"Serviço\",AND(AUTOEVENTO=\"Manual\",$M16=$A$15),$M16>(ROW(PLE.lastrow)-ROW(PLE.firstrow))),0,\n           IF(OFFSET(PLE!$G$15,$M16-$A$15,BB$13)=\"\",10^12,OFFSET(PLE!$G$15,$M16-$A$15,BB$13)))","v":0},{"$f":"IF(OR($D16<>\"Serviço\",AND(AUTOEVENTO=\"Manual\",$M16=$A$15),$M16>(ROW(PLE.lastrow)-ROW(PLE.firstrow))),0,\n           IF(OFFSET(PLE!$G$15,$M16-$A$15,BC$13)=\"\",10^12,OFFSET(PLE!$G$15,$M16-$A$15,BC$13)))","v":0},{"$f":"IF(OR($D16<>\"Serviço\",AND(AUTOEVENTO=\"Manual\",$M16=$A$15),$M16>(ROW(PLE.lastrow)-ROW(PLE.firstrow))),0,\n           IF(OFFSET(PLE!$G$15,$M16-$A$15,BD$13)=\"\",10^12,OFFSET(PLE!$G$15,$M16-$A$15,BD$13)))","v":0},{"$f":"IF(OR($D16<>\"Serviço\",AND(AUTOEVENTO=\"Manual\",$M16=$A$15),$M16>(ROW(PLE.lastrow)-ROW(PLE.firstrow))),0,\n           IF(OFFSET(PLE!$G$15,$M16-$A$15,BE$13)=\"\",10^12,OFFSET(PLE!$G$15,$M16-$A$15,BE$13)))","v":0},{"$f":"IF(OR($D16<>\"Serviço\",AND(AUTOEVENTO=\"Manual\",$M16=$A$15),$M16>(ROW(PLE.lastrow)-ROW(PLE.firstrow))),0,\n           IF(OFFSET(PLE!$G$15,$M16-$A$15,BF$13)=\"\",10^12,OFFSET(PLE!$G$15,$M16-$A$15,BF$13)))","v":0},{"$f":"IF(OR($D16<>\"Serviço\",AND(AUTOEVENTO=\"Manual\",$M16=$A$15),$M16>(ROW(PLE.lastrow)-ROW(PLE.firstrow))),0,\n           IF(OFFSET(PLE!$G$15,$M16-$A$15,BG$13)=\"\",10^12,OFFSET(PLE!$G$15,$M16-$A$15,BG$13)))","v":0}]
[2,{"$f":"OFFSET(ORÇAMENTO!C$15,$L17,0)","v":2},{"$f":"OFFSET(ORÇAMENTO!L$15,$L17,0)","v":"F"},{"$f":"OFFSET(ORÇAMENTO!N$15,$L17,0)","v":"Nível 2"},{"$f":"OFFSET(ORÇAMENTO!O$15,$L17,0)","v":"1.1."},{"$f":"OFFSET(ORÇAMENTO!R$15,$L17,0)","v":"SERVIÇOS PRELIMINARES"},{"$f":"IF($D17<>\"Serviço\",\"\",OFFSET(ORÇAMENTO!S$15,$L17,0))","v":""},{"$f":"IF($D17<>\"Serviço\",0,IF(ACOMPANHAMENTO=\"BM\",ROUND(OFFSET(ORÇAMENTO!AJ$15,$L17,0),15-13*ORÇAMENTO!$AF$7),IF(IFERROR(CÁLCULO.FrentesPreenchidas,0)=0,0,SUM(ROUND(OFFSET($P17,0,1,1,CÁLCULO.FrentesPreenchidas),15-13*ORÇAMENTO!$AF$7)))))","v":0},null,{"$f":"IF(OR(B17<>\"S\",CÁLCULO.FrentesPreenchidas=0),\"\",IF(AND(ACOMPANHAMENTO=\"PLE\",AUTOEVENTO=\"Manual\",OR(H17>0,ORÇAMENTO!AC17=\"QUANT.\"),OR(K17=\"\",M17=0,N17=\"\")),\"►E\",IF(AND(ACOMPANHAMENTO=\"PLE\",ORÇAMENTO!AC17=\"QUANT.\"),\"►Q\",IF(AND(ACOMPANHAMENTO=\"PLE\",H17<>SUMPRODUCT(($Q$1:$AA$1=1)*ROUND(Q17:AA17,15))),\"►S\",IF(AND(COUNTIF($P$11:$AA$11,\"▼\")=0,H17>0,I17=\"\"),\"◄M\",\"\")))))","v":""},"2.Serviços Preliminares ",2,{"$f":"IF($D17<>\"Serviço\",\"\",\n          IF(AUTOEVENTO=\"manual\",$A17,\n                IF(ISERROR(MATCH($A17,$A$15:OFFSET($A17,-1,0),0)),MAX($M$15:OFFSET(M17,-1,0))+1,\n                      INDEX($M$15:OFFSET(M17,-1,0),MATCH($A17,$A$15:OFFSET($A17,-1,0),0)))))","v":""},{"$f":"IF($D17<>\"Serviço\",\"\",\n         IF(AUTOEVENTO=\"Manual\",\n                IF($A17=0,\"<-- defina o número do agrupador\",\n                       OFFSET(EVENTOS!$D$15,$A17-$A$15,0)),\n                OFFSET($F$15,$A17,0)))","v":""},null,null,null,{"$f":"5.625+2.25","v":7.875},null,null,null,null,null,null,null,null,null,{"$f":"IF(AND($D17=\"Serviço\",AB$12<>0,$H17>0,OR(AUTOEVENTO<>\"manual\",$M17<>$A$15)),\n        IF(Import.TipoArredondamento<>\"TransfereGOV\",\n              ROUND(OFFSET($P17,0,AB$13),15-13*ORÇAMENTO!$AF$7)/$H17*OFFSET(ORÇAMENTO!$X$15,ROW(AB17)-ROW(AB$15),0),\n              ROUND(ROUND(OFFSET($P17,0,AB$13),15-13*ORÇAMENTO!$AF$7)*OFFSET(ORÇAMENTO!$W$15,ROW(AB17)-ROW(AB$15),0),15-13*ORÇAMENTO!$AF$11)),\n         0)","v":0},{"$f":"IF(AND($D17=\"Serviço\",AC$12<>0,$H17>0,OR(AUTOEVENTO<>\"manual\",$M17<>$A$15)),\n        IF(Import.TipoArredondamento<>\"TransfereGOV\",\n              ROUND(OFFSET($P17,0,AC$13),15-13*ORÇAMENTO!$AF$7)/$H17*OFFSET(ORÇAMENTO!$X$15,ROW(AC17)-ROW(AC$15),0),\n              ROUND(ROUND(OFFSET($P17,0,AC$13),15-13*ORÇAMENTO!$AF$7)*OFFSET(ORÇAMENTO!$W$15,ROW(AC17)-ROW(AC$15),0),15-13*ORÇAMENTO!$AF$11)),\n         0)","v":0},{"$f":"IF(AND($D17=\"Serviço\",AD$12<>0,$H17>0,OR(AUTOEVENTO<>\"manual\",$M17<>$A$15)),\n        IF(Import.TipoArredondamento<>\"TransfereGOV\",\n              ROUND(OFFSET($P17,0,AD$13),15-13*ORÇAMENTO!$AF$7)/$H17*OFFSET(ORÇAMENTO!$X$15,ROW(AD17)-ROW(AD$15),0),\n              ROUND(ROUND(OFFSET($P17,0,AD$13),15-13*ORÇAMENTO!$AF$7)*OFFSET(ORÇAMENTO!$W$15,ROW(AD17)-ROW(AD$15),0),15-13*ORÇAMENTO!$AF$11)),\n         0)","v":0},{"$f":"IF(AND($D17=\"Serviço\",AE$12<>0,$H17>0,OR(AUTOEVENTO<>\"manual\",$M17<>$A$15)),\n        IF(Import.TipoArredondamento<>\"TransfereGOV\",\n              ROUND(OFFSET($P17,0,AE$13),15-13*ORÇAMENTO!$AF$7)/$H17*OFFSET(ORÇAMENTO!$X$15,ROW(AE17)-ROW(AE$15),0),\n              ROUND(ROUND(OFFSET($P17,0,AE$13),15-13*ORÇAMENTO!$AF$7)*OFFSET(ORÇAMENTO!$W$15,ROW(AE17)-ROW(AE$15),0),15-13*ORÇAMENTO!$AF$11)),\n         0)","v":0},{"$f":"IF(AND($D17=\"Serviço\",AF$12<>0,$H17>0,OR(AUTOEVENTO<>\"manual\",$M17<>$A$15)),\n        IF(Import.TipoArredondamento<>\"TransfereGOV\",\n              ROUND(OFFSET($P17,0,AF$13),15-13*ORÇAMENTO!$AF$7)/$H17*OFFSET(ORÇAMENTO!$X$15,ROW(AF17)-ROW(AF$15),0),\n              ROUND(ROUND(OFFSET($P17,0,AF$13),15-13*ORÇAMENTO!$AF$7)*OFFSET(ORÇAMENTO!$W$15,ROW(AF17)-ROW(AF$15),0),15-13*ORÇAMENTO!$AF$11)),\n         0)","v":0},{"$f":"IF(AND($D17=\"Serviço\",AG$12<>0,$H17>0,OR(AUTOEVENTO<>\"manual\",$M17<>$A$15)),\n        IF(Import.TipoArredondamento<>\"TransfereGOV\",\n              ROUND(OFFSET($P17,0,AG$13),15-13*ORÇAMENTO!$AF$7)/$H17*OFFSET(ORÇAMENTO!$X$15,ROW(AG17)-ROW(AG$15),0),\n              ROUND(ROUND(OFFSET($P17,0,AG$13),15-13*ORÇAMENTO!$AF$7)*OFFSET(ORÇAMENTO!$W$15,ROW(AG17)-ROW(AG$15),0),15-13*ORÇAMENTO!$AF$11)),\n         0)","v":0},{"$f":"IF(AND($D17=\"Serviço\",AH$12<>0,$H17>0,OR(AUTOEVENTO<>\"manual\",$M17<>$A$15)),\n        IF(Import.TipoArredondamento<>\"TransfereGOV\",\n              ROUND(OFFSET($P17,0,AH$13),15-13*ORÇAMENTO!$AF$7)/$H17*OFFSET(ORÇAMENTO!$X$15,ROW(AH17)-ROW(AH$15),0),\n              ROUND(ROUND(OFFSET($P17,0,AH$13),15-13*ORÇAMENTO!$AF$7)*OFFSET(ORÇAMENTO!$W$15,ROW(AH17)-ROW(AH$15),0),15-13*ORÇAMENTO!$AF$11)),\n         0)","v":0},{"$f":"IF(AND($D17=\"Serviço\",AI$12<>0,$H17>0,OR(AUTOEVENTO<>\"manual\",$M17<>$A$15)),\n        IF(Import.TipoArredondamento<>\"TransfereGOV\",\n              ROUND(OFFSET($P17,0,AI$13),15-13*ORÇAMENTO!$AF$7)/$H17*OFFSET(ORÇAMENTO!$X$15,ROW(AI17)-ROW(AI$15),0),\n              ROUND(ROUND(OFFSET($P17,0,AI$13),15-13*ORÇAMENTO!$AF$7)*OFFSET(ORÇAMENTO!$W$15,ROW(AI17)-ROW(AI$15),0),15-13*ORÇAMENTO!$AF$11)),\n         0)","v":0},{"$f":"IF(AND($D17=\"Serviço\",AJ$12<>0,$H17>0,OR(AUTOEVENTO<>\"manual\",$M17<>$A$15)),\n        IF(Import.TipoArredondamento<>\"TransfereGOV\",\n              ROUND(OFFSET($P17,0,AJ$13),15-13*ORÇAMENTO!$AF$7)/$H17*OFFSET(ORÇAMENTO!$X$15,ROW(AJ17)-ROW(AJ$15),0),\n              ROUND(ROUND(OFFSET($P17,0,AJ$13),15-13*ORÇAMENTO!$AF$7)*OFFSET(ORÇAMENTO!$W$15,ROW(AJ17)-ROW(AJ$15),0),15-13*ORÇAMENTO!$AF$11)),\n         0)","v":0},{"$f":"IF(AND($D17=\"Serviço\",AK$12<>0,$H17>0,OR(AUTOEVENTO<>\"manual\",$M17<>$A$15)),\n        IF(Import.TipoArredondamento<>\"TransfereGOV\",\n              ROUND(OFFSET($P17,0,AK$13),15-13*ORÇAMENTO!$AF$7)/$H17*OFFSET(ORÇAMENTO!$X$15,ROW(AK17)-ROW(AK$15),0),\n              ROUND(ROUND(OFFSET($P17,0,AK$13),15-13*ORÇAMENTO!$AF$7)*OFFSET(ORÇAMENTO!$W$15,ROW(AK17)-ROW(AK$15),0),15-13*ORÇAMENTO!$AF$11)),\n         0)","v":0},null,{"$f":"IF(OR($D17<>\"Serviço\",AND(AUTOEVENTO=\"Manual\",$M17=$A$15)),0,\n         IF(OFFSET(CRONOPLE!$F$15,$M17-$A$15,AM$13)=0,10^12,OFFSET(CRONOPLE!$F$15,$M17-$A$15,AM$13)))","v":0},{"$f":"IF(OR($D17<>\"Serviço\",AND(AUTOEVENTO=\"Manual\",$M17=$A$15)),0,\n         IF(OFFSET(CRONOPLE!$F$15,$M17-$A$15,AN$13)=0,10^12,OFFSET(CRONOPLE!$F$15,$M17-$A$15,AN$13)))","v":0},{"$f":"IF(OR($D17<>\"Serviço\",AND(AUTOEVENTO=\"Manual\",$M17=$A$15)),0,\n         IF(OFFSET(CRONOPLE!$F$15,$M17-$A$15,AO$13)=0,10^12,OFFSET(CRONOPLE!$F$15,$M17-$A$15,AO$13)))","v":0},{"$f":"IF(OR($D17<>\"Serviço\",AND(AUTOEVENTO=\"Manual\",$M17=$A$15)),0,\n         IF(OFFSET(CRONOPLE!$F$15,$M17-$A$15,AP$13)=0,10^12,OFFSET(CRONOPLE!$F$15,$M17-$A$15,AP$13)))","v":0},{"$f":"IF(OR($D17<>\"Serviço\",AND(AUTOEVENTO=\"Manual\",$M17=$A$15)),0,\n         IF(OFFSET(CRONOPLE!$F$15,$M17-$A$15,AQ$13)=0,10^12,OFFSET(CRONOPLE!$F$15,$M17-$A$15,AQ$13)))","v":0},{"$f":"IF(OR($D17<>\"Serviço\",AND(AUTOEVENTO=\"Manual\",$M17=$A$15)),0,\n         IF(OFFSET(CRONOPLE!$F$15,$M17-$A$15,AR$13)=0,10^12,OFFSET(CRONOPLE!$F$15,$M17-$A$15,AR$13)))","v":0},{"$f":"IF(OR($D17<>\"Serviço\",AND(AUTOEVENTO=\"Manual\",$M17=$A$15)),0,\n         IF(OFFSET(CRONOPLE!$F$15,$M17-$A$15,AS$13)=0,10^12,OFFSET(CRONOPLE!$F$15,$M17-$A$15,AS$13)))","v":0},{"$f":"IF(OR($D17<>\"Serviço\",AND(AUTOEVENTO=\"Manual\",$M17=$A$15)),0,\n         IF(OFFSET(CRONOPLE!$F$15,$M17-$A$15,AT$13)=0,10^12,OFFSET(CRONOPLE!$F$15,$M17-$A$15,AT$13)))","v":0},{"$f":"IF(OR($D17<>\"Serviço\",AND(AUTOEVENTO=\"Manual\",$M17=$A$15)),0,\n         IF(OFFSET(CRONOPLE!$F$15,$M17-$A$15,AU$13)=0,10^12,OFFSET(CRONOPLE!$F$15,$M17-$A$15,AU$13)))","v":0},{"$f":"IF(OR($D17<>\"Serviço\",AND(AUTOEVENTO=\"Manual\",$M17=$A$15)),0,\n         IF(OFFSET(CRONOPLE!$F$15,$M17-$A$15,AV$13)=0,10^12,OFFSET(CRONOPLE!$F$15,$M17-$A$15,AV$13)))","v":0},null,{"$f":"IF(OR($D17<>\"Serviço\",AND(AUTOEVENTO=\"Manual\",$M17=$A$15),$M17>(ROW(PLE.lastrow)-ROW(PLE.firstrow))),0,\n           IF(OFFSET(PLE!$G$15,$M17-$A$15,AX$13)=\"\",10^12,OFFSET(PLE!$G$15,$M17-$A$15,AX$13)))","v":0},{"$f":"IF(OR($D17<>\"Serviço\",AND(AUTOEVENTO=\"Manual\",$M17=$A$15),$M17>(ROW(PLE.lastrow)-ROW(PLE.firstrow))),0,\n           IF(OFFSET(PLE!$G$15,$M17-$A$15,AY$13)=\"\",10^12,OFFSET(PLE!$G$15,$M17-$A$15,AY$13)))","v":0},{"$f":"IF(OR($D17<>\"Serviço\",AND(AUTOEVENTO=\"Manual\",$M17=$A$15),$M17>(ROW(PLE.lastrow)-ROW(PLE.firstrow))),0,\n           IF(OFFSET(PLE!$G$15,$M17-$A$15,AZ$13)=\"\",10^12,OFFSET(PLE!$G$15,$M17-$A$15,AZ$13)))","v":0},{"$f":"IF(OR($D17<>\"Serviço\",AND(AUTOEVENTO=\"Manual\",$M17=$A$15),$M17>(ROW(PLE.lastrow)-ROW(PLE.firstrow))),0,\n           IF(OFFSET(PLE!$G$15,$M17-$A$15,BA$13)=\"\",10^12,OFFSET(PLE!$G$15,$M17-$A$15,BA$13)))","v":0},{"$f":"IF(OR($D17<>\"Serviço\",AND(AUTOEVENTO=\"Manual\",$M17=$A$15),$M17>(ROW(PLE.lastrow)-ROW(PLE.firstrow))),0,\n           IF(OFFSET(PLE!$G$15,$M17-$A$15,BB$13)=\"\",10^12,OFFSET(PLE!$G$15,$M17-$A$15,BB$13)))","v":0},{"$f":"IF(OR($D17<>\"Serviço\",AND(AUTOEVENTO=\"Manual\",$M17=$A$15),$M17>(ROW(PLE.lastrow)-ROW(PLE.firstrow))),0,\n           IF(OFFSET(PLE!$G$15,$M17-$A$15,BC$13)=\"\",10^12,OFFSET(PLE!$G$15,$M17-$A$15,BC$13)))","v":0},{"$f":"IF(OR($D17<>\"Serviço\",AND(AUTOEVENTO=\"Manual\",$M17=$A$15),$M17>(ROW(PLE.lastrow)-ROW(PLE.firstrow))),0,\n           IF(OFFSET(PLE!$G$15,$M17-$A$15,BD$13)=\"\",10^12,OFFSET(PLE!$G$15,$M17-$A$15,BD$13)))","v":0},{"$f":"IF(OR($D17<>\"Serviço\",AND(AUTOEVENTO=\"Manual\",$M17=$A$15),$M17>(ROW(PLE.lastrow)-ROW(PLE.firstrow))),0,\n           IF(OFFSET(PLE!$G$15,$M17-$A$15,BE$13)=\"\",10^12,OFFSET(PLE!$G$15,$M17-$A$15,BE$13)))","v":0},{"$f":"IF(OR($D17<>\"Serviço\",AND(AUTOEVENTO=\"Manual\",$M17=$A$15),$M17>(ROW(PLE.lastrow)-ROW(PLE.firstrow))),0,\n           IF(OFFSET(PLE!$G$15,$M17-$A$15,BF$13)=\"\",10^12,OFFSET(PLE!$G$15,$M17-$A$15,BF$13)))","v":0},{"$f":"IF(OR($D17<>\"Serviço\",AND(AUTOEVENTO=\"Manual\",$M17=$A$15),$M17>(ROW(PLE.lastrow)-ROW(PLE.firstrow))),0,\n           IF(OFFSET(PLE!$G$15,$M17-$A$15,BG$13)=\"\",10^12,OFFSET(PLE!$G$15,$M17-$A$15,BG$13)))","v":0}]
[2,{"$f":"OFFSET(ORÇAMENTO!C$15,$L18,0)","v":"S"},{"$f":"OFFSET(ORÇAMENTO!L$15,$L18,0)","v":"F"},{"$f":"OFFSET(ORÇAMENTO!N$15,$L18,0)","v":"Serviço"},{"$f":"OFFSET(ORÇAMENTO!O$15,$L18,0)","v":"1.1.1."},{"$f":"OFFSET(ORÇAMENTO!R$15,$L18,0)","v":"FORNECIMENTO E INSTALAÇÃO DE PLACA DE OBRA COM CHAPA GALVANIZADA E ESTRUTURA DE MADEIRA. AF_03/2022_PS"},{"$f":"IF($D18<>\"Serviço\",\"\",OFFSET(ORÇAMENTO!S$15,$L18,0))","v":"M2"},{"$f":"IF($D18<>\"Serviço\",0,IF(ACOMPANHAMENTO=\"BM\",ROUND(OFFSET(ORÇAMENTO!AJ$15,$L18,0),15-13*ORÇAMENTO!$AF$7),IF(IFERROR(CÁLCULO.FrentesPreenchidas,0)=0,0,SUM(ROUND(OFFSET($P18,0,1,1,CÁLCULO.FrentesPreenchidas),15-13*ORÇAMENTO!$AF$7)))))","v":8},"TAMANHO DE PLACA - 4*2",{"$f":"IF(OR(B18<>\"S\",CÁLCULO.FrentesPreenchidas=0),\"\",IF(AND(ACOMPANHAMENTO=\"PLE\",AUTOEVENTO=\"Manual\",OR(H18>0,ORÇAMENTO!AC18=\"QUANT.\"),OR(K18=\"\",M18=0,N18=\"\")),\"►E\",IF(AND(ACOMPANHAMENTO=\"PLE\",ORÇAMENTO!AC18=\"QUANT.\"),\"►Q\",IF(AND(ACOMPANHAMENTO=\"PLE\",H18<>SUMPRODUCT(($Q$1:$AA$1=1)*ROUND(Q18:AA18,15))),\"►S\",IF(AND(COUNTIF($P$11:$AA$11,\"▼\")=0,H18>0,I18=\"\"),\"◄M\",\"\")))))","v":""},"2.Serviços Preliminares ",3,{"$f":"IF($D18<>\"Serviço\",\"\",\n          IF(AUTOEVENTO=\"manual\",$A18,\n                IF(ISERROR(MATCH($A18,$A$15:OFFSET($A18,-1,0),0)),MAX($M$15:OFFSET(M18,-1,0))+1,\n                      INDEX($M$15:OFFSET(M18,-1,0),MATCH($A18,$A$15:OFFSET($A18,-1,0),0)))))","v":2},{"$f":"IF($D18<>\"Serviço\",\"\",\n         IF(AUTOEVENTO=\"Manual\",\n                IF($A18=0,\"<-- defina o número do agrupador\",\n                       OFFSET(EVENTOS!$D$15,$A18-$A$15,0)),\n                OFFSET($F$15,$A18,0)))","v":"Demolições e Retirada"},null,null,null,{"$f":"4*2","v":8},null,null,null,null,null,null,null,null,null,{"$f":"IF(AND($D18=\"Serviço\",AB$12<>0,$H18>0,OR(AUTOEVENTO<>\"manual\",$M18<>$A$15)),\n        IF(Import.TipoArredondamento<>\"TransfereGOV\",\n              ROUND(OFFSET($P18,0,AB$13),15-13*ORÇAMENTO!$AF$7)/$H18*OFFSET(ORÇAMENTO!$X$15,ROW(AB18)-ROW(AB$15),0),\n              ROUND(ROUND(OFFSET($P18,0,AB$13),15-13*ORÇAMENTO!$AF$7)*OFFSET(ORÇAMENTO!$W$15,ROW(AB18)-ROW(AB$15),0),15-13*ORÇAMENTO!$AF$11)),\n         0)","v":0},{"$f":"IF(AND($D18=\"Serviço\",AC$12<>0,$H18>0,OR(AUTOEVENTO<>\"manual\",$M18<>$A$15)),\n        IF(Import.TipoArredondamento<>\"TransfereGOV\",\n              ROUND(OFFSET($P18,0,AC$13),15-13*ORÇAMENTO!$AF$7)/$H18*OFFSET(ORÇAMENTO!$X$15,ROW(AC18)-ROW(AC$15),0),\n              ROUND(ROUND(OFFSET($P18,0,AC$13),15-13*ORÇAMENTO!$AF$7)*OFFSET(ORÇAMENTO!$W$15,ROW(AC18)-ROW(AC$15),0),15-13*ORÇAMENTO!$AF$11)),\n         0)","v":0},{"$f":"IF(AND($D18=\"Serviço\",AD$12<>0,$H18>0,OR(AUTOEVENTO<>\"manual\",$M18<>$A$15)),\n        IF(Import.TipoArredondamento<>\"TransfereGOV\",\n              ROUND(OFFSET($P18,0,AD$13),15-13*ORÇAMENTO!$AF$7)/$H18*OFFSET(ORÇAMENTO!$X$15,ROW(AD18)-ROW(AD$15),0),\n              ROUND(ROUND(OFFSET($P18,0,AD$13),15-13*ORÇAMENTO!$AF$7)*OFFSET(ORÇAMENTO!$W$15,ROW(AD18)-ROW(AD$15),0),15-13*ORÇAMENTO!$AF$11)),\n         0)","v":0},{"$f":"IF(AND($D18=\"Serviço\",AE$12<>0,$H18>0,OR(AUTOEVENTO<>\"manual\",$M18<>$A$15)),\n        IF(Import.TipoArredondamento<>\"TransfereGOV\",\n              ROUND(OFFSET($P18,0,AE$13),15-13*ORÇAMENTO!$AF$7)/$H18*OFFSET(ORÇAMENTO!$X$15,ROW(AE18)-ROW(AE$15),0),\n              ROUND(ROUND(OFFSET($P18,0,AE$13),15-13*ORÇAMENTO!$AF$7)*OFFSET(ORÇAMENTO!$W$15,ROW(AE18)-ROW(AE$15),0),15-13*ORÇAMENTO!$AF$11)),\n         0)","v":0},{"$f":"IF(AND($D18=\"Serviço\",AF$12<>0,$H18>0,OR(AUTOEVENTO<>\"manual\",$M18<>$A$15)),\n        IF(Import.TipoArredondamento<>\"TransfereGOV\",\n              ROUND(OFFSET($P18,0,AF$13),15-13*ORÇAMENTO!$AF$7)/$H18*OFFSET(ORÇAMENTO!$X$15,ROW(AF18)-ROW(AF$15),0),\n              ROUND(ROUND(OFFSET($P18,0,AF$13),15-13*ORÇAMENTO!$AF$7)*OFFSET(ORÇAMENTO!$W$15,ROW(AF18)-ROW(AF$15),0),15-13*ORÇAMENTO!$AF$11)),\n         0)","v":0},{"$f":"IF(AND($D18=\"Serviço\",AG$12<>0,$H18>0,OR(AUTOEVENTO<>\"manual\",$M18<>$A$15)),\n        IF(Import.TipoArredondamento<>\"TransfereGOV\",\n              ROUND(OFFSET($P18,0,AG$13),15-13*ORÇAMENTO!$AF$7)/$H18*OFFSET(ORÇAMENTO!$X$15,ROW(AG18)-ROW(AG$15),0),\n              ROUND(ROUND(OFFSET($P18,0,AG$13),15-13*ORÇAMENTO!$AF$7)*OFFSET(ORÇAMENTO!$W$15,ROW(AG18)-ROW(AG$15),0),15-13*ORÇAMENTO!$AF$11)),\n         0)","v":0},{"$f":"IF(AND($D18=\"Serviço\",AH$12<>0,$H18>0,OR(AUTOEVENTO<>\"manual\",$M18<>$A$15)),\n        IF(Import.TipoArredondamento<>\"TransfereGOV\",\n              ROUND(OFFSET($P18,0,AH$13),15-13*ORÇAMENTO!$AF$7)/$H18*OFFSET(ORÇAMENTO!$X$15,ROW(AH18)-ROW(AH$15),0),\n              ROUND(ROUND(OFFSET($P18,0,AH$13),15-13*ORÇAMENTO!$AF$7)*OFFSET(ORÇAMENTO!$W$15,ROW(AH18)-ROW(AH$15),0),15-13*ORÇAMENTO!$AF$11)),\n         0)","v":0},{"$f":"IF(AND($D18=\"Serviço\",AI$12<>0,$H18>0,OR(AUTOEVENTO<>\"manual\",$M18<>$A$15)),\n        IF(Import.TipoArredondamento<>\"TransfereGOV\",\n              ROUND(OFFSET($P18,0,AI$13),15-13*ORÇAMENTO!$AF$7)/$H18*OFFSET(ORÇAMENTO!$X$15,ROW(AI18)-ROW(AI$15),0),\n              ROUND(ROUND(OFFSET($P18,0,AI$13),15-13*ORÇAMENTO!$AF$7)*OFFSET(ORÇAMENTO!$W$15,ROW(AI18)-ROW(AI$15),0),15-13*ORÇAMENTO!$AF$11)),\n         0)","v":0},{"$f":"IF(AND($D18=\"Serviço\",AJ$12<>0,$H18>0,OR(AUTOEVENTO<>\"manual\",$M18<>$A$15)),\n        IF(Import.TipoArredondamento<>\"TransfereGOV\",\n              ROUND(OFFSET($P18,0,AJ$13),15-13*ORÇAMENTO!$AF$7)/$H18*OFFSET(ORÇAMENTO!$X$15,ROW(AJ18)-ROW(AJ$15),0),\n              ROUND(ROUND(OFFSET($P18,0,AJ$13),15-13*ORÇAMENTO!$AF$7)*OFFSET(ORÇAMENTO!$W$15,ROW(AJ18)-ROW(AJ$15),0),15-13*ORÇAMENTO!$AF$11)),\n         0)","v":0},{"$f":"IF(AND($D18=\"Serviço\",AK$12<>0,$H18>0,OR(AUTOEVENTO<>\"manual\",$M18<>$A$15)),\n        IF(Import.TipoArredondamento<>\"TransfereGOV\",\n              ROUND(OFFSET($P18,0,AK$13),15-13*ORÇAMENTO!$AF$7)/$H18*OFFSET(ORÇAMENTO!$X$15,ROW(AK18)-ROW(AK$15),0),\n              ROUND(ROUND(OFFSET($P18,0,AK$13),15-13*ORÇAMENTO!$AF$7)*OFFSET(ORÇAMENTO!$W$15,ROW(AK18)-ROW(AK$15),0),15-13*ORÇAMENTO!$AF$11)),\n         0)","v":0},null,{"$f":"IF(OR($D18<>\"Serviço\",AND(AUTOEVENTO=\"Manual\",$M18=$A$15)),0,\n         IF(OFFSET(CRONOPLE!$F$15,$M18-$A$15,AM$13)=0,10^12,OFFSET(CRONOPLE!$F$15,$M18-$A$15,AM$13)))","v":1},{"$f":"IF(OR($D18<>\"Serviço\",AND(AUTOEVENTO=\"Manual\",$M18=$A$15)),0,\n         IF(OFFSET(CRONOPLE!$F$15,$M18-$A$15,AN$13)=0,10^12,OFFSET(CRONOPLE!$F$15,$M18-$A$15,AN$13)))","v":1},{"$f":"IF(OR($D18<>\"Serviço\",AND(AUTOEVENTO=\"Manual\",$M18=$A$15)),0,\n         IF(OFFSET(CRONOPLE!$F$15,$M18-$A$15,AO$13)=0,10^12,OFFSET(CRONOPLE!$F$15,$M18-$A$15,AO$13)))","v":1000000000000},{"$f":"IF(OR($D18<>\"Serviço\",AND(AUTOEVENTO=\"Manual\",$M18=$A$15)),0,\n         IF(OFFSET(CRONOPLE!$F$15,$M18-$A$15,AP$13)=0,10^12,OFFSET(CRONOPLE!$F$15,$M18-$A$15,AP$13)))","v":1000000000000},{"$f":"IF(OR($D18<>\"Serviço\",AND(AUTOEVENTO=\"Manual\",$M18=$A$15)),0,\n         IF(OFFSET(CRONOPLE!$F$15,$M18-$A$15,AQ$13)=0,10^12,OFFSET(CRONOPLE!$F$15,$M18-$A$15,AQ$13)))","v":1000000000000},{"$f":"IF(OR($D18<>\"Serviço\",AND(AUTOEVENTO=\"Manual\",$M18=$A$15)),0,\n         IF(OFFSET(CRONOPLE!$F$15,$M18-$A$15,AR$13)=0,10^12,OFFSET(CRONOPLE!$F$15,$M18-$A$15,AR$13)))","v":1000000000000},{"$f":"IF(OR($D18<>\"Serviço\",AND(AUTOEVENTO=\"Manual\",$M18=$A$15)),0,\n         IF(OFFSET(CRONOPLE!$F$15,$M18-$A$15,AS$13)=0,10^12,OFFSET(CRONOPLE!$F$15,$M18-$A$15,AS$13)))","v":1000000000000},{"$f":"IF(OR($D18<>\"Serviço\",AND(AUTOEVENTO=\"Manual\",$M18=$A$15)),0,\n         IF(OFFSET(CRONOPLE!$F$15,$M18-$A$15,AT$13)=0,10^12,OFFSET(CRONOPLE!$F$15,$M18-$A$15,AT$13)))","v":1000000000000},{"$f":"IF(OR($D18<>\"Serviço\",AND(AUTOEVENTO=\"Manual\",$M18=$A$15)),0,\n         IF(OFFSET(CRONOPLE!$F$15,$M18-$A$15,AU$13)=0,10^12,OFFSET(CRONOPLE!$F$15,$M18-$A$15,AU$13)))","v":1000000000000},{"$f":"IF(OR($D18<>\"Serviço\",AND(AUTOEVENTO=\"Manual\",$M18=$A$15)),0,\n         IF(OFFSET(CRONOPLE!$F$15,$M18-$A$15,AV$13)=0,10^12,OFFSET(CRONOPLE!$F$15,$M18-$A$15,AV$13)))","v":1000000000000},null,{"$f":"IF(OR($D18<>\"Serviço\",AND(AUTOEVENTO=\"Manual\",$M18=$A$15),$M18>(ROW(PLE.lastrow)-ROW(PLE.firstrow))),0,\n           IF(OFFSET(PLE!$G$15,$M18-$A$15,AX$13)=\"\",10^12,OFFSET(PLE!$G$15,$M18-$A$15,AX$13)))","v":1000000000000},{"$f":"IF(OR($D18<>\"Serviço\",AND(AUTOEVENTO=\"Manual\",$M18=$A$15),$M18>(ROW(PLE.lastrow)-ROW(PLE.firstrow))),0,\n           IF(OFFSET(PLE!$G$15,$M18-$A$15,AY$13)=\"\",10^12,OFFSET(PLE!$G$15,$M18-$A$15,AY$13)))","v":1000000000000},{"$f":"IF(OR($D18<>\"Serviço\",AND(AUTOEVENTO=\"Manual\",$M18=$A$15),$M18>(ROW(PLE.lastrow)-ROW(PLE.firstrow))),0,\n           IF(OFFSET(PLE!$G$15,$M18-$A$15,AZ$13)=\"\",10^12,OFFSET(PLE!$G$15,$M18-$A$15,AZ$13)))","v":1000000000000},{"$f":"IF(OR($D18<>\"Serviço\",AND(AUTOEVENTO=\"Manual\",$M18=$A$15),$M18>(ROW(PLE.lastrow)-ROW(PLE.firstrow))),0,\n           IF(OFFSET(PLE!$G$15,$M18-$A$15,BA$13)=\"\",10^12,OFFSET(PLE!$G$15,$M18-$A$15,BA$13)))","v":1000000000000},{"$f":"IF(OR($D18<>\"Serviço\",AND(AUTOEVENTO=\"Manual\",$M18=$A$15),$M18>(ROW(PLE.lastrow)-ROW(PLE.firstrow))),0,\n           IF(OFFSET(PLE!$G$15,$M18-$A$15,BB$13)=\"\",10^12,OFFSET(PLE!$G$15,$M18-$A$15,BB$13)))","v":1000000000000},{"$f":"IF(OR($D18<>\"Serviço\",AND(AUTOEVENTO=\"Manual\",$M18=$A$15),$M18>(ROW(PLE.lastrow)-ROW(PLE.firstrow))),0,\n           IF(OFFSET(PLE!$G$15,$M18-$A$15,BC$13)=\"\",10^12,OFFSET(PLE!$G$15,$M18-$A$15,BC$13)))","v":1000000000000},{"$f":"IF(OR($D18<>\"Serviço\",AND(AUTOEVENTO=\"Manual\",$M18=$A$15),$M18>(ROW(PLE.lastrow)-ROW(PLE.firstrow))),0,\n           IF(OFFSET(PLE!$G$15,$M18-$A$15,BD$13)=\"\",10^12,OFFSET(PLE!$G$15,$M18-$A$15,BD$13)))","v":1000000000000},{"$f":"IF(OR($D18<>\"Serviço\",AND(AUTOEVENTO=\"Manual\",$M18=$A$15),$M18>(ROW(PLE.lastrow)-ROW(PLE.firstrow))),0,\n           IF(OFFSET(PLE!$G$15,$M18-$A$15,BE$13)=\"\",10^12,OFFSET(PLE!$G$15,$M18-$A$15,BE$13)))","v":1000000000000},{"$f":"IF(OR($D18<>\"Serviço\",AND(AUTOEVENTO=\"Manual\",$M18=$A$15),$M18>(ROW(PLE.lastrow)-ROW(PLE.firstrow))),0,\n           IF(OFFSET(PLE!$G$15,$M18-$A$15,BF$13)=\"\",10^12,OFFSET(PLE!$G$15,$M18-$A$15,BF$13)))","v":1000000000000},{"$f":"IF(OR($D18<>\"Serviço\",AND(AUTOEVENTO=\"Manual\",$M18=$A$15),$M18>(ROW(PLE.lastrow)-ROW(PLE.firstrow))),0,\n           IF(OFFSET(PLE!$G$15,$M18-$A$15,BG$13)=\"\",10^12,OFFSET(PLE!$G$15,$M18-$A$15,BG$13)))","v":1000000000000}]
[2,{"$f":"OFFSET(ORÇAMENTO!C$15,$L19,0)","v":"S"},{"$f":"OFFSET(ORÇAMENTO!L$15,$L19,0)","v":"F"},{"$f":"OFFSET(ORÇAMENTO!N$15,$L19,0)","v":"Serviço"},{"$f":"OFFSET(ORÇAMENTO!O$15,$L19,0)","v":"1.1.2."},{"$f":"OFFSET(ORÇAMENTO!R$15,$L19,0)","v":"EXECUÇÃO DE ESCRITÓRIO EM CANTEIRO DE OBRA EM CHAPA DE MADEIRA COMPENSADA, NÃO INCLUSO MOBILIÁRIO E EQUIPAMENTOS"},{"$f":"IF($D19<>\"Serviço\",\"\",OFFSET(ORÇAMENTO!S$15,$L19,0))","v":"M2"},{"$f":"IF($D19<>\"Serviço\",0,IF(ACOMPANHAMENTO=\"BM\",ROUND(OFFSET(ORÇAMENTO!AJ$15,$L19,0),15-13*ORÇAMENTO!$AF$7),IF(IFERROR(CÁLCULO.FrentesPreenchidas,0)=0,0,SUM(ROUND(OFFSET($P19,0,1,1,CÁLCULO.FrentesPreenchidas),15-13*ORÇAMENTO!$AF$7)))))","v":6},"ESCRITÓRIO PROVISÓRIO - 2*3",{"$f":"IF(OR(B19<>\"S\",CÁLCULO.FrentesPreenchidas=0),\"\",IF(AND(ACOMPANHAMENTO=\"PLE\",AUTOEVENTO=\"Manual\",OR(H19>0,ORÇAMENTO!AC19=\"QUANT.\"),OR(K19=\"\",M19=0,N19=\"\")),\"►E\",IF(AND(ACOMPANHAMENTO=\"PLE\",ORÇAMENTO!AC19=\"QUANT.\"),\"►Q\",IF(AND(ACOMPANHAMENTO=\"PLE\",H19<>SUMPRODUCT(($Q$1:$AA$1=1)*ROUND(Q19:AA19,15))),\"►S\",IF(AND(COUNTIF($P$11:$AA$11,\"▼\")=0,H19>0,I19=\"\"),\"◄M\",\"\")))))","v":""},"2.Serviços Preliminares ",4,{"$f":"IF($D19<>\"Serviço\",\"\",\n          IF(AUTOEVENTO=\"manual\",$A19,\n                IF(ISERROR(MATCH($A19,$A$15:OFFSET($A19,-1,0),0)),MAX($M$15:OFFSET(M19,-1,0))+1,\n                      INDEX($M$15:OFFSET(M19,-1,0),MATCH($A19,$A$15:OFFSET($A19,-1,0),0)))))","v":2},{"$f":"IF($D19<>\"Serviço\",\"\",\n         IF(AUTOEVENTO=\"Manual\",\n                IF($A19=0,\"<-- defina o número do agrupador\",\n                       OFFSET(EVENTOS!$D$15,$A19-$A$15,0)),\n                OFFSET($F$15,$A19,0)))","v":"Demolições e Retirada"},null,null,null,6,null,null,null,null,null,null,null,null,null,{"$f":"IF(AND($D19=\"Serviço\",AB$12<>0,$H19>0,OR(AUTOEVENTO<>\"manual\",$M19<>$A$15)),\n        IF(Import.TipoArredondamento<>\"TransfereGOV\",\n              ROUND(OFFSET($P19,0,AB$13),15-13*ORÇAMENTO!$AF$7)/$H19*OFFSET(ORÇAMENTO!$X$15,ROW(AB19)-ROW(AB$15),0),\n              ROUND(ROUND(OFFSET($P19,0,AB$13),15-13*ORÇAMENTO!$AF$7)*OFFSET(ORÇAMENTO!$W$15,ROW(AB19)-ROW(AB$15),0),15-13*ORÇAMENTO!$AF$11)),\n         0)","v":0},{"$f":"IF(AND($D19=\"Serviço\",AC$12<>0,$H19>0,OR(AUTOEVENTO<>\"manual\",$M19<>$A$15)),\n        IF(Import.TipoArredondamento<>\"TransfereGOV\",\n              ROUND(OFFSET($P19,0,AC$13),15-13*ORÇAMENTO!$AF$7)/$H19*OFFSET(ORÇAMENTO!$X$15,ROW(AC19)-ROW(AC$15),0),\n              ROUND(ROUND(OFFSET($P19,0,AC$13),15-13*ORÇAMENTO!$AF$7)*OFFSET(ORÇAMENTO!$W$15,ROW(AC19)-ROW(AC$15),0),15-13*ORÇAMENTO!$AF$11)),\n         0)","v":0},{"$f":"IF(AND($D19=\"Serviço\",AD$12<>0,$H19>0,OR(AUTOEVENTO<>\"manual\",$M19<>$A$15)),\n        IF(Import.TipoArredondamento<>\"TransfereGOV\",\n              ROUND(OFFSET($P19,0,AD$13),15-13*ORÇAMENTO!$AF$7)/$H19*OFFSET(ORÇAMENTO!$X$15,ROW(AD19)-ROW(AD$15),0),\n              ROUND(ROUND(OFFSET($P19,0,AD$13),15-13*ORÇAMENTO!$AF$7)*OFFSET(ORÇAMENTO!$W$15,ROW(AD19)-ROW(AD$15),0),15-13*ORÇAMENTO!$AF$11)),\n         0)","v":0},{"$f":"IF(AND($D19=\"Serviço\",AE$12<>0,$H19>0,OR(AUTOEVENTO<>\"manual\",$M19<>$A$15)),\n        IF(Import.TipoArredondamento<>\"TransfereGOV\",\n              ROUND(OFFSET($P19,0,AE$13),15-13*ORÇAMENTO!$AF$7)/$H19*OFFSET(ORÇAMENTO!$X$15,ROW(AE19)-ROW(AE$15),0),\n              ROUND(ROUND(OFFSET($P19,0,AE$13),15-13*ORÇAMENTO!$AF$7)*OFFSET(ORÇAMENTO!$W$15,ROW(AE19)-ROW(AE$15),0),15-13*ORÇAMENTO!$AF$11)),\n         0)","v":0},{"$f":"IF(AND($D19=\"Serviço\",AF$12<>0,$H19>0,OR(AUTOEVENTO<>\"manual\",$M19<>$A$15)),\n        IF(Import.TipoArredondamento<>\"TransfereGOV\",\n              ROUND(OFFSET($P19,0,AF$13),15-13*ORÇAMENTO!$AF$7)/$H19*OFFSET(ORÇAMENTO!$X$15,ROW(AF19)-ROW(AF$15),0),\n              ROUND(ROUND(OFFSET($P19,0,AF$13),15-13*ORÇAMENTO!$AF$7)*OFFSET(ORÇAMENTO!$W$15,ROW(AF19)-ROW(AF$15),0),15-13*ORÇAMENTO!$AF$11)),\n         0)","v":0},{"$f":"IF(AND($D19=\"Serviço\",AG$12<>0,$H19>0,OR(AUTOEVENTO<>\"manual\",$M19<>$A$15)),\n        IF(Import.TipoArredondamento<>\"TransfereGOV\",\n              ROUND(OFFSET($P19,0,AG$13),15-13*ORÇAMENTO!$AF$7)/$H19*OFFSET(ORÇAMENTO!$X$15,ROW(AG19)-ROW(AG$15),0),\n              ROUND(ROUND(OFFSET($P19,0,AG$13),15-13*ORÇAMENTO!$AF$7)*OFFSET(ORÇAMENTO!$W$15,ROW(AG19)-ROW(AG$15),0),15-13*ORÇAMENTO!$AF$11)),\n         0)","v":0},{"$f":"IF(AND($D19=\"Serviço\",AH$12<>0,$H19>0,OR(AUTOEVENTO<>\"manual\",$M19<>$A$15)),\n        IF(Import.TipoArredondamento<>\"TransfereGOV\",\n              ROUND(OFFSET($P19,0,AH$13),15-13*ORÇAMENTO!$AF$7)/$H19*OFFSET(ORÇAMENTO!$X$15,ROW(AH19)-ROW(AH$15),0),\n              ROUND(ROUND(OFFSET($P19,0,AH$13),15-13*ORÇAMENTO!$AF$7)*OFFSET(ORÇAMENTO!$W$15,ROW(AH19)-ROW(AH$15),0),15-13*ORÇAMENTO!$AF$11)),\n         0)","v":0},{"$f":"IF(AND($D19=\"Serviço\",AI$12<>0,$H19>0,OR(AUTOEVENTO<>\"manual\",$M19<>$A$15)),\n        IF(Import.TipoArredondamento<>\"TransfereGOV\",\n              ROUND(OFFSET($P19,0,AI$13),15-13*ORÇAMENTO!$AF$7)/$H19*OFFSET(ORÇAMENTO!$X$15,ROW(AI19)-ROW(AI$15),0),\n              ROUND(ROUND(OFFSET($P19,0,AI$13),15-13*ORÇAMENTO!$AF$7)*OFFSET(ORÇAMENTO!$W$15,ROW(AI19)-ROW(AI$15),0),15-13*ORÇAMENTO!$AF$11)),\n         0)","v":0},{"$f":"IF(AND($D19=\"Serviço\",AJ$12<>0,$H19>0,OR(AUTOEVENTO<>\"manual\",$M19<>$A$15)),\n        IF(Import.TipoArredondamento<>\"TransfereGOV\",\n              ROUND(OFFSET($P19,0,AJ$13),15-13*ORÇAMENTO!$AF$7)/$H19*OFFSET(ORÇAMENTO!$X$15,ROW(AJ19)-ROW(AJ$15),0),\n              ROUND(ROUND(OFFSET($P19,0,AJ$13),15-13*ORÇAMENTO!$AF$7)*OFFSET(ORÇAMENTO!$W$15,ROW(AJ19)-ROW(AJ$15),0),15-13*ORÇAMENTO!$AF$11)),\n         0)","v":0},{"$f":"IF(AND($D19=\"Serviço\",AK$12<>0,$H19>0,OR(AUTOEVENTO<>\"manual\",$M19<>$A$15)),\n        IF(Import.TipoArredondamento<>\"TransfereGOV\",\n              ROUND(OFFSET($P19,0,AK$13),15-13*ORÇAMENTO!$AF$7)/$H19*OFFSET(ORÇAMENTO!$X$15,ROW(AK19)-ROW(AK$15),0),\n              ROUND(ROUND(OFFSET($P19,0,AK$13),15-13*ORÇAMENTO!$AF$7)*OFFSET(ORÇAMENTO!$W$15,ROW(AK19)-ROW(AK$15),0),15-13*ORÇAMENTO!$AF$11)),\n         0)","v":0},null,{"$f":"IF(OR($D19<>\"Serviço\",AND(AUTOEVENTO=\"Manual\",$M19=$A$15)),0,\n         IF(OFFSET(CRONOPLE!$F$15,$M19-$A$15,AM$13)=0,10^12,OFFSET(CRONOPLE!$F$15,$M19-$A$15,AM$13)))","v":1},{"$f":"IF(OR($D19<>\"Serviço\",AND(AUTOEVENTO=\"Manual\",$M19=$A$15)),0,\n         IF(OFFSET(CRONOPLE!$F$15,$M19-$A$15,AN$13)=0,10^12,OFFSET(CRONOPLE!$F$15,$M19-$A$15,AN$13)))","v":1},{"$f":"IF(OR($D19<>\"Serviço\",AND(AUTOEVENTO=\"Manual\",$M19=$A$15)),0,\n         IF(OFFSET(CRONOPLE!$F$15,$M19-$A$15,AO$13)=0,10^12,OFFSET(CRONOPLE!$F$15,$M19-$A$15,AO$13)))","v":1000000000000},{"$f":"IF(OR($D19<>\"Serviço\",AND(AUTOEVENTO=\"Manual\",$M19=$A$15)),0,\n         IF(OFFSET(CRONOPLE!$F$15,$M19-$A$15,AP$13)=0,10^12,OFFSET(CRONOPLE!$F$15,$M19-$A$15,AP$13)))","v":1000000000000},{"$f":"IF(OR($D19<>\"Serviço\",AND(AUTOEVENTO=\"Manual\",$M19=$A$15)),0,\n         IF(OFFSET(CRONOPLE!$F$15,$M19-$A$15,AQ$13)=0,10^12,OFFSET(CRONOPLE!$F$15,$M19-$A$15,AQ$13)))","v":1000000000000},{"$f":"IF(OR($D19<>\"Serviço\",AND(AUTOEVENTO=\"Manual\",$M19=$A$15)),0,\n         IF(OFFSET(CRONOPLE!$F$15,$M19-$A$15,AR$13)=0,10^12,OFFSET(CRONOPLE!$F$15,$M19-$A$15,AR$13)))","v":1000000000000},{"$f":"IF(OR($D19<>\"Serviço\",AND(AUTOEVENTO=\"Manual\",$M19=$A$15)),0,\n         IF(OFFSET(CRONOPLE!$F$15,$M19-$A$15,AS$13)=0,10^12,OFFSET(CRONOPLE!$F$15,$M19-$A$15,AS$13)))","v":1000000000000},{"$f":"IF(OR($D19<>\"Serviço\",AND(AUTOEVENTO=\"Manual\",$M19=$A$15)),0,\n         IF(OFFSET(CRONOPLE!$F$15,$M19-$A$15,AT$13)=0,10^12,OFFSET(CRONOPLE!$F$15,$M19-$A$15,AT$13)))","v":1000000000000},{"$f":"IF(OR($D19<>\"Serviço\",AND(AUTOEVENTO=\"Manual\",$M19=$A$15)),0,\n         IF(OFFSET(CRONOPLE!$F$15,$M19-$A$15,AU$13)=0,10^12,OFFSET(CRONOPLE!$F$15,$M19-$A$15,AU$13)))","v":1000000000000},{"$f":"IF(OR($D19<>\"Serviço\",AND(AUTOEVENTO=\"Manual\",$M19=$A$15)),0,\n         IF(OFFSET(CRONOPLE!$F$15,$M19-$A$15,AV$13)=0,10^12,OFFSET(CRONOPLE!$F$15,$M19-$A$15,AV$13)))","v":1000000000000},null,{"$f":"IF(OR($D19<>\"Serviço\",AND(AUTOEVENTO=\"Manual\",$M19=$A$15),$M19>(ROW(PLE.lastrow)-ROW(PLE.firstrow))),0,\n           IF(OFFSET(PLE!$G$15,$M19-$A$15,AX$13)=\"\",10^12,OFFSET(PLE!$G$15,$M19-$A$15,AX$13)))","v":1000000000000},{"$f":"IF(OR($D19<>\"Serviço\",AND(AUTOEVENTO=\"Manual\",$M19=$A$15),$M19>(ROW(PLE.lastrow)-ROW(PLE.firstrow))),0,\n           IF(OFFSET(PLE!$G$15,$M19-$A$15,AY$13)=\"\",10^12,OFFSET(PLE!$G$15,$M19-$A$15,AY$13)))","v":1000000000000},{"$f":"IF(OR($D19<>\"Serviço\",AND(AUTOEVENTO=\"Manual\",$M19=$A$15),$M19>(ROW(PLE.lastrow)-ROW(PLE.firstrow))),0,\n           IF(OFFSET(PLE!$G$15,$M19-$A$15,AZ$13)=\"\",10^12,OFFSET(PLE!$G$15,$M19-$A$15,AZ$13)))","v":1000000000000},{"$f":"IF(OR($D19<>\"Serviço\",AND(AUTOEVENTO=\"Manual\",$M19=$A$15),$M19>(ROW(PLE.lastrow)-ROW(PLE.firstrow))),0,\n           IF(OFFSET(PLE!$G$15,$M19-$A$15,BA$13)=\"\",10^12,OFFSET(PLE!$G$15,$M19-$A$15,BA$13)))","v":1000000000000},{"$f":"IF(OR($D19<>\"Serviço\",AND(AUTOEVENTO=\"Manual\",$M19=$A$15),$M19>(ROW(PLE.lastrow)-ROW(PLE.firstrow))),0,\n           IF(OFFSET(PLE!$G$15,$M19-$A$15,BB$13)=\"\",10^12,OFFSET(PLE!$G$15,$M19-$A$15,BB$13)))","v":1000000000000},{"$f":"IF(OR($D19<>\"Serviço\",AND(AUTOEVENTO=\"Manual\",$M19=$A$15),$M19>(ROW(PLE.lastrow)-ROW(PLE.firstrow))),0,\n           IF(OFFSET(PLE!$G$15,$M19-$A$15,BC$13)=\"\",10^12,OFFSET(PLE!$G$15,$M19-$A$15,BC$13)))","v":1000000000000},{"$f":"IF(OR($D19<>\"Serviço\",AND(AUTOEVENTO=\"Manual\",$M19=$A$15),$M19>(ROW(PLE.lastrow)-ROW(PLE.firstrow))),0,\n           IF(OFFSET(PLE!$G$15,$M19-$A$15,BD$13)=\"\",10^12,OFFSET(PLE!$G$15,$M19-$A$15,BD$13)))","v":1000000000000},{"$f":"IF(OR($D19<>\"Serviço\",AND(AUTOEVENTO=\"Manual\",$M19=$A$15),$M19>(ROW(PLE.lastrow)-ROW(PLE.firstrow))),0,\n           IF(OFFSET(PLE!$G$15,$M19-$A$15,BE$13)=\"\",10^12,OFFSET(PLE!$G$15,$M19-$A$15,BE$13)))","v":1000000000000},{"$f":"IF(OR($D19<>\"Serviço\",AND(AUTOEVENTO=\"Manual\",$M19=$A$15),$M19>(ROW(PLE.lastrow)-ROW(PLE.firstrow))),0,\n           IF(OFFSET(PLE!$G$15,$M19-$A$15,BF$13)=\"\",10^12,OFFSET(PLE!$G$15,$M19-$A$15,BF$13)))","v":1000000000000},{"$f":"IF(OR($D19<>\"Serviço\",AND(AUTOEVENTO=\"Manual\",$M19=$A$15),$M19>(ROW(PLE.lastrow)-ROW(PLE.firstrow))),0,\n           IF(OFFSET(PLE!$G$15,$M19-$A$15,BG$13)=\"\",10^12,OFFSET(PLE!$G$15,$M19-$A$15,BG$13)))","v":1000000000000}]
[2,{"$f":"OFFSET(ORÇAMENTO!C$15,$L20,0)","v":"S"},{"$f":"OFFSET(ORÇAMENTO!L$15,$L20,0)","v":"F"},{"$f":"OFFSET(ORÇAMENTO!N$15,$L20,0)","v":"Serviço"},{"$f":"OFFSET(ORÇAMENTO!O$15,$L20,0)","v":"1.1.3."},{"$f":"OFFSET(ORÇAMENTO!R$15,$L20,0)","v":"EXECUÇÃO DE SANITÁRIO E VESTIÁRIO EM CANTEIRO DE OBRA EM CHAPA DE MADEIRA COMPENSADA, NÃO INCLUSO MOBILIÁRIO."},{"$f":"IF($D20<>\"Serviço\",\"\",OFFSET(ORÇAMENTO!S$15,$L20,0))","v":"M2"},{"$f":"IF($D20<>\"Serviço\",0,IF(ACOMPANHAMENTO=\"BM\",ROUND(OFFSET(ORÇAMENTO!AJ$15,$L20,0),15-13*ORÇAMENTO!$AF$7),IF(IFERROR(CÁLCULO.FrentesPreenchidas,0)=0,0,SUM(ROUND(OFFSET($P20,0,1,1,CÁLCULO.FrentesPreenchidas),15-13*ORÇAMENTO!$AF$7)))))","v":1.2},"SANITÁRIO PROVISÓRIO - 1,0*1,20",{"$f":"IF(OR(B20<>\"S\",CÁLCULO.FrentesPreenchidas=0),\"\",IF(AND(ACOMPANHAMENTO=\"PLE\",AUTOEVENTO=\"Manual\",OR(H20>0,ORÇAMENTO!AC20=\"QUANT.\"),OR(K20=\"\",M20=0,N20=\"\")),\"►E\",IF(AND(ACOMPANHAMENTO=\"PLE\",ORÇAMENTO!AC20=\"QUANT.\"),\"►Q\",IF(AND(ACOMPANHAMENTO=\"PLE\",H20<>SUMPRODUCT(($Q$1:$AA$1=1)*ROUND(Q20:AA20,15))),\"►S\",IF(AND(COUNTIF($P$11:$AA$11,\"▼\")=0,H20>0,I20=\"\"),\"◄M\",\"\")))))","v":""},"2.Serviços Preliminares ",5,{"$f":"IF($D20<>\"Serviço\",\"\",\n          IF(AUTOEVENTO=\"manual\",$A20,\n                IF(ISERROR(MATCH($A20,$A$15:OFFSET($A20,-1,0),0)),MAX($M$15:OFFSET(M20,-1,0))+1,\n                      INDEX($M$15:OFFSET(M20,-1,0),MATCH($A20,$A$15:OFFSET($A20,-1,0),0)))))","v":2},{"$f":"IF($D20<>\"Serviço\",\"\",\n         IF(AUTOEVENTO=\"Manual\",\n                IF($A20=0,\"<-- defina o número do agrupador\",\n                       OFFSET(EVENTOS!$D$15,$A20-$A$15,0)),\n                OFFSET($F$15,$A20,0)))","v":"Demolições e Retirada"},null,null,null,1.2,null,null,null,null,null,null,null,null,null,{"$f":"IF(AND($D20=\"Serviço\",AB$12<>0,$H20>0,OR(AUTOEVENTO<>\"manual\",$M20<>$A$15)),\n        IF(Import.TipoArredondamento<>\"TransfereGOV\",\n              ROUND(OFFSET($P20,0,AB$13),15-13*ORÇAMENTO!$AF$7)/$H20*OFFSET(ORÇAMENTO!$X$15,ROW(AB20)-ROW(AB$15),0),\n              ROUND(ROUND(OFFSET($P20,0,AB$13),15-13*ORÇAMENTO!$AF$7)*OFFSET(ORÇAMENTO!$W$15,ROW(AB20)-ROW(AB$15),0),15-13*ORÇAMENTO!$AF$11)),\n         0)","v":0},{"$f":"IF(AND($D20=\"Serviço\",AC$12<>0,$H20>0,OR(AUTOEVENTO<>\"manual\",$M20<>$A$15)),\n        IF(Import.TipoArredondamento<>\"TransfereGOV\",\n              ROUND(OFFSET($P20,0,AC$13),15-13*ORÇAMENTO!$AF$7)/$H20*OFFSET(ORÇAMENTO!$X$15,ROW(AC20)-ROW(AC$15),0),\n              ROUND(ROUND(OFFSET($P20,0,AC$13),15-13*ORÇAMENTO!$AF$7)*OFFSET(ORÇAMENTO!$W$15,ROW(AC20)-ROW(AC$15),0),15-13*ORÇAMENTO!$AF$11)),\n         0)","v":0},{"$f":"IF(AND($D20=\"Serviço\",AD$12<>0,$H20>0,OR(AUTOEVENTO<>\"manual\",$M20<>$A$15)),\n        IF(Import.TipoArredondamento<>\"TransfereGOV\",\n              ROUND(OFFSET($P20,0,AD$13),15-13*ORÇAMENTO!$AF$7)/$H20*OFFSET(ORÇAMENTO!$X$15,ROW(AD20)-ROW(AD$15),0),\n              ROUND(ROUND(OFFSET($P20,0,AD$13),15-13*ORÇAMENTO!$AF$7)*OFFSET(ORÇAMENTO!$W$15,ROW(AD20)-ROW(AD$15),0),15-13*ORÇAMENTO!$AF$11)),\n         0)","v":0},{"$f":"IF(AND($D20=\"Serviço\",AE$12<>0,$H20>0,OR(AUTOEVENTO<>\"manual\",$M20<>$A$15)),\n        IF(Import.TipoArredondamento<>\"TransfereGOV\",\n              ROUND(OFFSET($P20,0,AE$13),15-13*ORÇAMENTO!$AF$7)/$H20*OFFSET(ORÇAMENTO!$X$15,ROW(AE20)-ROW(AE$15),0),\n              ROUND(ROUND(OFFSET($P20,0,AE$13),15-13*ORÇAMENTO!$AF$7)*OFFSET(ORÇAMENTO!$W$15,ROW(AE20)-ROW(AE$15),0),15-13*ORÇAMENTO!$AF$11)),\n         0)","v":0},{"$f":"IF(AND($D20=\"Serviço\",AF$12<>0,$H20>0,OR(AUTOEVENTO<>\"manual\",$M20<>$A$15)),\n        IF(Import.TipoArredondamento<>\"TransfereGOV\",\n              ROUND(OFFSET($P20,0,AF$13),15-13*ORÇAMENTO!$AF$7)/$H20*OFFSET(ORÇAMENTO!$X$15,ROW(AF20)-ROW(AF$15),0),\n              ROUND(ROUND(OFFSET($P20,0,AF$13),15-13*ORÇAMENTO!$AF$7)*OFFSET(ORÇAMENTO!$W$15,ROW(AF20)-ROW(AF$15),0),15-13*ORÇAMENTO!$AF$11)),\n         0)","v":0},{"$f":"IF(AND($D20=\"Serviço\",AG$12<>0,$H20>0,OR(AUTOEVENTO<>\"manual\",$M20<>$A$15)),\n        IF(Import.TipoArredondamento<>\"TransfereGOV\",\n              ROUND(OFFSET($P20,0,AG$13),15-13*ORÇAMENTO!$AF$7)/$H20*OFFSET(ORÇAMENTO!$X$15,ROW(AG20)-ROW(AG$15),0),\n              ROUND(ROUND(OFFSET($P20,0,AG$13),15-13*ORÇAMENTO!$AF$7)*OFFSET(ORÇAMENTO!$W$15,ROW(AG20)-ROW(AG$15),0),15-13*ORÇAMENTO!$AF$11)),\n         0)","v":0},{"$f":"IF(AND($D20=\"Serviço\",AH$12<>0,$H20>0,OR(AUTOEVENTO<>\"manual\",$M20<>$A$15)),\n        IF(Import.TipoArredondamento<>\"TransfereGOV\",\n              ROUND(OFFSET($P20,0,AH$13),15-13*ORÇAMENTO!$AF$7)/$H20*OFFSET(ORÇAMENTO!$X$15,ROW(AH20)-ROW(AH$15),0),\n              ROUND(ROUND(OFFSET($P20,0,AH$13),15-13*ORÇAMENTO!$AF$7)*OFFSET(ORÇAMENTO!$W$15,ROW(AH20)-ROW(AH$15),0),15-13*ORÇAMENTO!$AF$11)),\n         0)","v":0},{"$f":"IF(AND($D20=\"Serviço\",AI$12<>0,$H20>0,OR(AUTOEVENTO<>\"manual\",$M20<>$A$15)),\n        IF(Import.TipoArredondamento<>\"TransfereGOV\",\n              ROUND(OFFSET($P20,0,AI$13),15-13*ORÇAMENTO!$AF$7)/$H20*OFFSET(ORÇAMENTO!$X$15,ROW(AI20)-ROW(AI$15),0),\n              ROUND(ROUND(OFFSET($P20,0,AI$13),15-13*ORÇAMENTO!$AF$7)*OFFSET(ORÇAMENTO!$W$15,ROW(AI20)-ROW(AI$15),0),15-13*ORÇAMENTO!$AF$11)),\n         0)","v":0},{"$f":"IF(AND($D20=\"Serviço\",AJ$12<>0,$H20>0,OR(AUTOEVENTO<>\"manual\",$M20<>$A$15)),\n        IF(Import.TipoArredondamento<>\"TransfereGOV\",\n              ROUND(OFFSET($P20,0,AJ$13),15-13*ORÇAMENTO!$AF$7)/$H20*OFFSET(ORÇAMENTO!$X$15,ROW(AJ20)-ROW(AJ$15),0),\n              ROUND(ROUND(OFFSET($P20,0,AJ$13),15-13*ORÇAMENTO!$AF$7)*OFFSET(ORÇAMENTO!$W$15,ROW(AJ20)-ROW(AJ$15),0),15-13*ORÇAMENTO!$AF$11)),\n         0)","v":0},{"$f":"IF(AND($D20=\"Serviço\",AK$12<>0,$H20>0,OR(AUTOEVENTO<>\"manual\",$M20<>$A$15)),\n        IF(Import.TipoArredondamento<>\"TransfereGOV\",\n              ROUND(OFFSET($P20,0,AK$13),15-13*ORÇAMENTO!$AF$7)/$H20*OFFSET(ORÇAMENTO!$X$15,ROW(AK20)-ROW(AK$15),0),\n              ROUND(ROUND(OFFSET($P20,0,AK$13),15-13*ORÇAMENTO!$AF$7)*OFFSET(ORÇAMENTO!$W$15,ROW(AK20)-ROW(AK$15),0),15-13*ORÇAMENTO!$AF$11)),\n         0)","v":0},null,{"$f":"IF(OR($D20<>\"Serviço\",AND(AUTOEVENTO=\"Manual\",$M20=$A$15)),0,\n         IF(OFFSET(CRONOPLE!$F$15,$M20-$A$15,AM$13)=0,10^12,OFFSET(CRONOPLE!$F$15,$M20-$A$15,AM$13)))","v":1},{"$f":"IF(OR($D20<>\"Serviço\",AND(AUTOEVENTO=\"Manual\",$M20=$A$15)),0,\n         IF(OFFSET(CRONOPLE!$F$15,$M20-$A$15,AN$13)=0,10^12,OFFSET(CRONOPLE!$F$15,$M20-$A$15,AN$13)))","v":1},{"$f":"IF(OR($D20<>\"Serviço\",AND(AUTOEVENTO=\"Manual\",$M20=$A$15)),0,\n         IF(OFFSET(CRONOPLE!$F$15,$M20-$A$15,AO$13)=0,10^12,OFFSET(CRONOPLE!$F$15,$M20-$A$15,AO$13)))","v":1000000000000},{"$f":"IF(OR($D20<>\"Serviço\",AND(AUTOEVENTO=\"Manual\",$M20=$A$15)),0,\n         IF(OFFSET(CRONOPLE!$F$15,$M20-$A$15,AP$13)=0,10^12,OFFSET(CRONOPLE!$F$15,$M20-$A$15,AP$13)))","v":1000000000000},{"$f":"IF(OR($D20<>\"Serviço\",AND(AUTOEVENTO=\"Manual\",$M20=$A$15)),0,\n         IF(OFFSET(CRONOPLE!$F$15,$M20-$A$15,AQ$13)=0,10^12,OFFSET(CRONOPLE!$F$15,$M20-$A$15,AQ$13)))","v":1000000000000},{"$f":"IF(OR($D20<>\"Serviço\",AND(AUTOEVENTO=\"Manual\",$M20=$A$15)),0,\n         IF(OFFSET(CRONOPLE!$F$15,$M20-$A$15,AR$13)=0,10^12,OFFSET(CRONOPLE!$F$15,$M20-$A$15,AR$13)))","v":1000000000000},{"$f":"IF(OR($D20<>\"Serviço\",AND(AUTOEVENTO=\"Manual\",$M20=$A$15)),0,\n         IF(OFFSET(CRONOPLE!$F$15,$M20-$A$15,AS$13)=0,10^12,OFFSET(CRONOPLE!$F$15,$M20-$A$15,AS$13)))","v":1000000000000},{"$f":"IF(OR($D20<>\"Serviço\",AND(AUTOEVENTO=\"Manual\",$M20=$A$15)),0,\n         IF(OFFSET(CRONOPLE!$F$15,$M20-$A$15,AT$13)=0,10^12,OFFSET(CRONOPLE!$F$15,$M20-$A$15,AT$13)))","v":1000000000000},{"$f":"IF(OR($D20<>\"Serviço\",AND(AUTOEVENTO=\"Manual\",$M20=$A$15)),0,\n         IF(OFFSET(CRONOPLE!$F$15,$M20-$A$15,AU$13)=0,10^12,OFFSET(CRONOPLE!$F$15,$M20-$A$15,AU$13)))","v":1000000000000},{"$f":"IF(OR($D20<>\"Serviço\",AND(AUTOEVENTO=\"Manual\",$M20=$A$15)),0,\n         IF(OFFSET(CRONOPLE!$F$15,$M20-$A$15,AV$13)=0,10^12,OFFSET(CRONOPLE!$F$15,$M20-$A$15,AV$13)))","v":1000000000000},null,{"$f":"IF(OR($D20<>\"Serviço\",AND(AUTOEVENTO=\"Manual\",$M20=$A$15),$M20>(ROW(PLE.lastrow)-ROW(PLE.firstrow))),0,\n           IF(OFFSET(PLE!$G$15,$M20-$A$15,AX$13)=\"\",10^12,OFFSET(PLE!$G$15,$M20-$A$15,AX$13)))","v":1000000000000},{"$f":"IF(OR($D20<>\"Serviço\",AND(AUTOEVENTO=\"Manual\",$M20=$A$15),$M20>(ROW(PLE.lastrow)-ROW(PLE.firstrow))),0,\n           IF(OFFSET(PLE!$G$15,$M20-$A$15,AY$13)=\"\",10^12,OFFSET(PLE!$G$15,$M20-$A$15,AY$13)))","v":1000000000000},{"$f":"IF(OR($D20<>\"Serviço\",AND(AUTOEVENTO=\"Manual\",$M20=$A$15),$M20>(ROW(PLE.lastrow)-ROW(PLE.firstrow))),0,\n           IF(OFFSET(PLE!$G$15,$M20-$A$15,AZ$13)=\"\",10^12,OFFSET(PLE!$G$15,$M20-$A$15,AZ$13)))","v":1000000000000},{"$f":"IF(OR($D20<>\"Serviço\",AND(AUTOEVENTO=\"Manual\",$M20=$A$15),$M20>(ROW(PLE.lastrow)-ROW(PLE.firstrow))),0,\n           IF(OFFSET(PLE!$G$15,$M20-$A$15,BA$13)=\"\",10^12,OFFSET(PLE!$G$15,$M20-$A$15,BA$13)))","v":1000000000000},{"$f":"IF(OR($D20<>\"Serviço\",AND(AUTOEVENTO=\"Manual\",$M20=$A$15),$M20>(ROW(PLE.lastrow)-ROW(PLE.firstrow))),0,\n           IF(OFFSET(PLE!$G$15,$M20-$A$15,BB$13)=\"\",10^12,OFFSET(PLE!$G$15,$M20-$A$15,BB$13)))","v":1000000000000},{"$f":"IF(OR($D20<>\"Serviço\",AND(AUTOEVENTO=\"Manual\",$M20=$A$15),$M20>(ROW(PLE.lastrow)-ROW(PLE.firstrow))),0,\n           IF(OFFSET(PLE!$G$15,$M20-$A$15,BC$13)=\"\",10^12,OFFSET(PLE!$G$15,$M20-$A$15,BC$13)))","v":1000000000000},{"$f":"IF(OR($D20<>\"Serviço\",AND(AUTOEVENTO=\"Manual\",$M20=$A$15),$M20>(ROW(PLE.lastrow)-ROW(PLE.firstrow))),0,\n           IF(OFFSET(PLE!$G$15,$M20-$A$15,BD$13)=\"\",10^12,OFFSET(PLE!$G$15,$M20-$A$15,BD$13)))","v":1000000000000},{"$f":"IF(OR($D20<>\"Serviço\",AND(AUTOEVENTO=\"Manual\",$M20=$A$15),$M20>(ROW(PLE.lastrow)-ROW(PLE.firstrow))),0,\n           IF(OFFSET(PLE!$G$15,$M20-$A$15,BE$13)=\"\",10^12,OFFSET(PLE!$G$15,$M20-$A$15,BE$13)))","v":1000000000000},{"$f":"IF(OR($D20<>\"Serviço\",AND(AUTOEVENTO=\"Manual\",$M20=$A$15),$M20>(ROW(PLE.lastrow)-ROW(PLE.firstrow))),0,\n           IF(OFFSET(PLE!$G$15,$M20-$A$15,BF$13)=\"\",10^12,OFFSET(PLE!$G$15,$M20-$A$15,BF$13)))","v":1000000000000},{"$f":"IF(OR($D20<>\"Serviço\",AND(AUTOEVENTO=\"Manual\",$M20=$A$15),$M20>(ROW(PLE.lastrow)-ROW(PLE.firstrow))),0,\n           IF(OFFSET(PLE!$G$15,$M20-$A$15,BG$13)=\"\",10^12,OFFSET(PLE!$G$15,$M20-$A$15,BG$13)))","v":1000000000000}]
[0,{"$f":"OFFSET(ORÇAMENTO!C$15,$L21,0)","v":2},{"$f":"OFFSET(ORÇAMENTO!L$15,$L21,0)","v":"F"},{"$f":"OFFSET(ORÇAMENTO!N$15,$L21,0)","v":"Nível 2"},{"$f":"OFFSET(ORÇAMENTO!O$15,$L21,0)","v":"1.2."},{"$f":"OFFSET(ORÇAMENTO!R$15,$L21,0)","v":"DEMOLIÇÃO E RETIRADA"},{"$f":"IF($D21<>\"Serviço\",\"\",OFFSET(ORÇAMENTO!S$15,$L21,0))","v":""},{"$f":"IF($D21<>\"Serviço\",0,IF(ACOMPANHAMENTO=\"BM\",ROUND(OFFSET(ORÇAMENTO!AJ$15,$L21,0),15-13*ORÇAMENTO!$AF$7),IF(IFERROR(CÁLCULO.FrentesPreenchidas,0)=0,0,SUM(ROUND(OFFSET($P21,0,1,1,CÁLCULO.FrentesPreenchidas),15-13*ORÇAMENTO!$AF$7)))))","v":0},null,{"$f":"IF(OR(B21<>\"S\",CÁLCULO.FrentesPreenchidas=0),\"\",IF(AND(ACOMPANHAMENTO=\"PLE\",AUTOEVENTO=\"Manual\",OR(H21>0,ORÇAMENTO!AC21=\"QUANT.\"),OR(K21=\"\",M21=0,N21=\"\")),\"►E\",IF(AND(ACOMPANHAMENTO=\"PLE\",ORÇAMENTO!AC21=\"QUANT.\"),\"►Q\",IF(AND(ACOMPANHAMENTO=\"PLE\",H21<>SUMPRODUCT(($Q$1:$AA$1=1)*ROUND(Q21:AA21,15))),\"►S\",IF(AND(COUNTIF($P$11:$AA$11,\"▼\")=0,H21>0,I21=\"\"),\"◄M\",\"\")))))","v":""},null,6,{"$f":"IF($D21<>\"Serviço\",\"\",\n          IF(AUTOEVENTO=\"manual\",$A21,\n                IF(ISERROR(MATCH($A21,$A$15:OFFSET($A21,-1,0),0)),MAX($M$15:OFFSET(M21,-1,0))+1,\n                      INDEX($M$15:OFFSET(M21,-1,0),MATCH($A21,$A$15:OFFSET($A21,-1,0),0)))))","v":""},{"$f":"IF($D21<>\"Serviço\",\"\",\n         IF(AUTOEVENTO=\"Manual\",\n                IF($A21=0,\"<-- defina o número do agrupador\",\n                       OFFSET(EVENTOS!$D$15,$A21-$A$15,0)),\n                OFFSET($F$15,$A21,0)))","v":""},null,null,null,null,null,null,null,null,null,null,null,null,null,{"$f":"IF(AND($D21=\"Serviço\",AB$12<>0,$H21>0,OR(AUTOEVENTO<>\"manual\",$M21<>$A$15)),\n        IF(Import.TipoArredondamento<>\"TransfereGOV\",\n              ROUND(OFFSET($P21,0,AB$13),15-13*ORÇAMENTO!$AF$7)/$H21*OFFSET(ORÇAMENTO!$X$15,ROW(AB21)-ROW(AB$15),0),\n              ROUND(ROUND(OFFSET($P21,0,AB$13),15-13*ORÇAMENTO!$AF$7)*OFFSET(ORÇAMENTO!$W$15,ROW(AB21)-ROW(AB$15),0),15-13*ORÇAMENTO!$AF$11)),\n         0)","v":0},{"$f":"IF(AND($D21=\"Serviço\",AC$12<>0,$H21>0,OR(AUTOEVENTO<>\"manual\",$M21<>$A$15)),\n        IF(Import.TipoArredondamento<>\"TransfereGOV\",\n              ROUND(OFFSET($P21,0,AC$13),15-13*ORÇAMENTO!$AF$7)/$H21*OFFSET(ORÇAMENTO!$X$15,ROW(AC21)-ROW(AC$15),0),\n              ROUND(ROUND(OFFSET($P21,0,AC$13),15-13*ORÇAMENTO!$AF$7)*OFFSET(ORÇAMENTO!$W$15,ROW(AC21)-ROW(AC$15),0),15-13*ORÇAMENTO!$AF$11)),\n         0)","v":0},{"$f":"IF(AND($D21=\"Serviço\",AD$12<>0,$H21>0,OR(AUTOEVENTO<>\"manual\",$M21<>$A$15)),\n        IF(Import.TipoArredondamento<>\"TransfereGOV\",\n              ROUND(OFFSET($P21,0,AD$13),15-13*ORÇAMENTO!$AF$7)/$H21*OFFSET(ORÇAMENTO!$X$15,ROW(AD21)-ROW(AD$15),0),\n              ROUND(ROUND(OFFSET($P21,0,AD$13),15-13*ORÇAMENTO!$AF$7)*OFFSET(ORÇAMENTO!$W$15,ROW(AD21)-ROW(AD$15),0),15-13*ORÇAMENTO!$AF$11)),\n         0)","v":0},{"$f":"IF(AND($D21=\"Serviço\",AE$12<>0,$H21>0,OR(AUTOEVENTO<>\"manual\",$M21<>$A$15)),\n        IF(Import.TipoArredondamento<>\"TransfereGOV\",\n              ROUND(OFFSET($P21,0,AE$13),15-13*ORÇAMENTO!$AF$7)/$H21*OFFSET(ORÇAMENTO!$X$15,ROW(AE21)-ROW(AE$15),0),\n              ROUND(ROUND(OFFSET($P21,0,AE$13),15-13*ORÇAMENTO!$AF$7)*OFFSET(ORÇAMENTO!$W$15,ROW(AE21)-ROW(AE$15),0),15-13*ORÇAMENTO!$AF$11)),\n         0)","v":0},{"$f":"IF(AND($D21=\"Serviço\",AF$12<>0,$H21>0,OR(AUTOEVENTO<>\"manual\",$M21<>$A$15)),\n        IF(Import.TipoArredondamento<>\"TransfereGOV\",\n              ROUND(OFFSET($P21,0,AF$13),15-13*ORÇAMENTO!$AF$7)/$H21*OFFSET(ORÇAMENTO!$X$15,ROW(AF21)-ROW(AF$15),0),\n              ROUND(ROUND(OFFSET($P21,0,AF$13),15-13*ORÇAMENTO!$AF$7)*OFFSET(ORÇAMENTO!$W$15,ROW(AF21)-ROW(AF$15),0),15-13*ORÇAMENTO!$AF$11)),\n         0)","v":0},{"$f":"IF(AND($D21=\"Serviço\",AG$12<>0,$H21>0,OR(AUTOEVENTO<>\"manual\",$M21<>$A$15)),\n        IF(Import.TipoArredondamento<>\"TransfereGOV\",\n              ROUND(OFFSET($P21,0,AG$13),15-13*ORÇAMENTO!$AF$7)/$H21*OFFSET(ORÇAMENTO!$X$15,ROW(AG21)-ROW(AG$15),0),\n              ROUND(ROUND(OFFSET($P21,0,AG$13),15-13*ORÇAMENTO!$AF$7)*OFFSET(ORÇAMENTO!$W$15,ROW(AG21)-ROW(AG$15),0),15-13*ORÇAMENTO!$AF$11)),\n         0)","v":0},{"$f":"IF(AND($D21=\"Serviço\",AH$12<>0,$H21>0,OR(AUTOEVENTO<>\"manual\",$M21<>$A$15)),\n        IF(Import.TipoArredondamento<>\"TransfereGOV\",\n              ROUND(OFFSET($P21,0,AH$13),15-13*ORÇAMENTO!$AF$7)/$H21*OFFSET(ORÇAMENTO!$X$15,ROW(AH21)-ROW(AH$15),0),\n              ROUND(ROUND(OFFSET($P21,0,AH$13),15-13*ORÇAMENTO!$AF$7)*OFFSET(ORÇAMENTO!$W$15,ROW(AH21)-ROW(AH$15),0),15-13*ORÇAMENTO!$AF$11)),\n         0)","v":0},{"$f":"IF(AND($D21=\"Serviço\",AI$12<>0,$H21>0,OR(AUTOEVENTO<>\"manual\",$M21<>$A$15)),\n        IF(Import.TipoArredondamento<>\"TransfereGOV\",\n              ROUND(OFFSET($P21,0,AI$13),15-13*ORÇAMENTO!$AF$7)/$H21*OFFSET(ORÇAMENTO!$X$15,ROW(AI21)-ROW(AI$15),0),\n              ROUND(ROUND(OFFSET($P21,0,AI$13),15-13*ORÇAMENTO!$AF$7)*OFFSET(ORÇAMENTO!$W$15,ROW(AI21)-ROW(AI$15),0),15-13*ORÇAMENTO!$AF$11)),\n         0)","v":0},{"$f":"IF(AND($D21=\"Serviço\",AJ$12<>0,$H21>0,OR(AUTOEVENTO<>\"manual\",$M21<>$A$15)),\n        IF(Import.TipoArredondamento<>\"TransfereGOV\",\n              ROUND(OFFSET($P21,0,AJ$13),15-13*ORÇAMENTO!$AF$7)/$H21*OFFSET(ORÇAMENTO!$X$15,ROW(AJ21)-ROW(AJ$15),0),\n              ROUND(ROUND(OFFSET($P21,0,AJ$13),15-13*ORÇAMENTO!$AF$7)*OFFSET(ORÇAMENTO!$W$15,ROW(AJ21)-ROW(AJ$15),0),15-13*ORÇAMENTO!$AF$11)),\n         0)","v":0},{"$f":"IF(AND($D21=\"Serviço\",AK$12<>0,$H21>0,OR(AUTOEVENTO<>\"manual\",$M21<>$A$15)),\n        IF(Import.TipoArredondamento<>\"TransfereGOV\",\n              ROUND(OFFSET($P21,0,AK$13),15-13*ORÇAMENTO!$AF$7)/$H21*OFFSET(ORÇAMENTO!$X$15,ROW(AK21)-ROW(AK$15),0),\n              ROUND(ROUND(OFFSET($P21,0,AK$13),15-13*ORÇAMENTO!$AF$7)*OFFSET(ORÇAMENTO!$W$15,ROW(AK21)-ROW(AK$15),0),15-13*ORÇAMENTO!$AF$11)),\n         0)","v":0},null,{"$f":"IF(OR($D21<>\"Serviço\",AND(AUTOEVENTO=\"Manual\",$M21=$A$15)),0,\n         IF(OFFSET(CRONOPLE!$F$15,$M21-$A$15,AM$13)=0,10^12,OFFSET(CRONOPLE!$F$15,$M21-$A$15,AM$13)))","v":0},{"$f":"IF(OR($D21<>\"Serviço\",AND(AUTOEVENTO=\"Manual\",$M21=$A$15)),0,\n         IF(OFFSET(CRONOPLE!$F$15,$M21-$A$15,AN$13)=0,10^12,OFFSET(CRONOPLE!$F$15,$M21-$A$15,AN$13)))","v":0},{"$f":"IF(OR($D21<>\"Serviço\",AND(AUTOEVENTO=\"Manual\",$M21=$A$15)),0,\n         IF(OFFSET(CRONOPLE!$F$15,$M21-$A$15,AO$13)=0,10^12,OFFSET(CRONOPLE!$F$15,$M21-$A$15,AO$13)))","v":0},{"$f":"IF(OR($D21<>\"Serviço\",AND(AUTOEVENTO=\"Manual\",$M21=$A$15)),0,\n         IF(OFFSET(CRONOPLE!$F$15,$M21-$A$15,AP$13)=0,10^12,OFFSET(CRONOPLE!$F$15,$M21-$A$15,AP$13)))","v":0},{"$f":"IF(OR($D21<>\"Serviço\",AND(AUTOEVENTO=\"Manual\",$M21=$A$15)),0,\n         IF(OFFSET(CRONOPLE!$F$15,$M21-$A$15,AQ$13)=0,10^12,OFFSET(CRONOPLE!$F$15,$M21-$A$15,AQ$13)))","v":0},{"$f":"IF(OR($D21<>\"Serviço\",AND(AUTOEVENTO=\"Manual\",$M21=$A$15)),0,\n         IF(OFFSET(CRONOPLE!$F$15,$M21-$A$15,AR$13)=0,10^12,OFFSET(CRONOPLE!$F$15,$M21-$A$15,AR$13)))","v":0},{"$f":"IF(OR($D21<>\"Serviço\",AND(AUTOEVENTO=\"Manual\",$M21=$A$15)),0,\n         IF(OFFSET(CRONOPLE!$F$15,$M21-$A$15,AS$13)=0,10^12,OFFSET(CRONOPLE!$F$15,$M21-$A$15,AS$13)))","v":0},{"$f":"IF(OR($D21<>\"Serviço\",AND(AUTOEVENTO=\"Manual\",$M21=$A$15)),0,\n         IF(OFFSET(CRONOPLE!$F$15,$M21-$A$15,AT$13)=0,10^12,OFFSET(CRONOPLE!$F$15,$M21-$A$15,AT$13)))","v":0},{"$f":"IF(OR($D21<>\"Serviço\",AND(AUTOEVENTO=\"Manual\",$M21=$A$15)),0,\n         IF(OFFSET(CRONOPLE!$F$15,$M21-$A$15,AU$13)=0,10^12,OFFSET(CRONOPLE!$F$15,$M21-$A$15,AU$13)))","v":0},{"$f":"IF(OR($D21<>\"Serviço\",AND(AUTOEVENTO=\"Manual\",$M21=$A$15)),0,\n         IF(OFFSET(CRONOPLE!$F$15,$M21-$A$15,AV$13)=0,10^12,OFFSET(CRONOPLE!$F$15,$M21-$A$15,AV$13)))","v":0},null,{"$f":"IF(OR($D21<>\"Serviço\",AND(AUTOEVENTO=\"Manual\",$M21=$A$15),$M21>(ROW(PLE.lastrow)-ROW(PLE.firstrow))),0,\n           IF(OFFSET(PLE!$G$15,$M21-$A$15,AX$13)=\"\",10^12,OFFSET(PLE!$G$15,$M21-$A$15,AX$13)))","v":0},{"$f":"IF(OR($D21<>\"Serviço\",AND(AUTOEVENTO=\"Manual\",$M21=$A$15),$M21>(ROW(PLE.lastrow)-ROW(PLE.firstrow))),0,\n           IF(OFFSET(PLE!$G$15,$M21-$A$15,AY$13)=\"\",10^12,OFFSET(PLE!$G$15,$M21-$A$15,AY$13)))","v":0},{"$f":"IF(OR($D21<>\"Serviço\",AND(AUTOEVENTO=\"Manual\",$M21=$A$15),$M21>(ROW(PLE.lastrow)-ROW(PLE.firstrow))),0,\n           IF(OFFSET(PLE!$G$15,$M21-$A$15,AZ$13)=\"\",10^12,OFFSET(PLE!$G$15,$M21-$A$15,AZ$13)))","v":0},{"$f":"IF(OR($D21<>\"Serviço\",AND(AUTOEVENTO=\"Manual\",$M21=$A$15),$M21>(ROW(PLE.lastrow)-ROW(PLE.firstrow))),0,\n           IF(OFFSET(PLE!$G$15,$M21-$A$15,BA$13)=\"\",10^12,OFFSET(PLE!$G$15,$M21-$A$15,BA$13)))","v":0},{"$f":"IF(OR($D21<>\"Serviço\",AND(AUTOEVENTO=\"Manual\",$M21=$A$15),$M21>(ROW(PLE.lastrow)-ROW(PLE.firstrow))),0,\n           IF(OFFSET(PLE!$G$15,$M21-$A$15,BB$13)=\"\",10^12,OFFSET(PLE!$G$15,$M21-$A$15,BB$13)))","v":0},{"$f":"IF(OR($D21<>\"Serviço\",AND(AUTOEVENTO=\"Manual\",$M21=$A$15),$M21>(ROW(PLE.lastrow)-ROW(PLE.firstrow))),0,\n           IF(OFFSET(PLE!$G$15,$M21-$A$15,BC$13)=\"\",10^12,OFFSET(PLE!$G$15,$M21-$A$15,BC$13)))","v":0},{"$f":"IF(OR($D21<>\"Serviço\",AND(AUTOEVENTO=\"Manual\",$M21=$A$15),$M21>(ROW(PLE.lastrow)-ROW(PLE.firstrow))),0,\n           IF(OFFSET(PLE!$G$15,$M21-$A$15,BD$13)=\"\",10^12,OFFSET(PLE!$G$15,$M21-$A$15,BD$13)))","v":0},{"$f":"IF(OR($D21<>\"Serviço\",AND(AUTOEVENTO=\"Manual\",$M21=$A$15),$M21>(ROW(PLE.lastrow)-ROW(PLE.firstrow))),0,\n           IF(OFFSET(PLE!$G$15,$M21-$A$15,BE$13)=\"\",10^12,OFFSET(PLE!$G$15,$M21-$A$15,BE$13)))","v":0},{"$f":"IF(OR($D21<>\"Serviço\",AND(AUTOEVENTO=\"Manual\",$M21=$A$15),$M21>(ROW(PLE.lastrow)-ROW(PLE.firstrow))),0,\n           IF(OFFSET(PLE!$G$15,$M21-$A$15,BF$13)=\"\",10^12,OFFSET(PLE!$G$15,$M21-$A$15,BF$13)))","v":0},{"$f":"IF(OR($D21<>\"Serviço\",AND(AUTOEVENTO=\"Manual\",$M21=$A$15),$M21>(ROW(PLE.lastrow)-ROW(PLE.firstrow))),0,\n           IF(OFFSET(PLE!$G$15,$M21-$A$15,BG$13)=\"\",10^12,OFFSET(PLE!$G$15,$M21-$A$15,BG$13)))","v":0}]
[3,{"$f":"OFFSET(ORÇAMENTO!C$15,$L22,0)","v":"S"},{"$f":"OFFSET(ORÇAMENTO!L$15,$L22,0)","v":"F"},{"$f":"OFFSET(ORÇAMENTO!N$15,$L22,0)","v":"Serviço"},{"$f":"OFFSET(ORÇAMENTO!O$15,$L22,0)","v":"1.2.1."},{"$f":"OFFSET(ORÇAMENTO!R$15,$L22,0)","v":"DEMOLIÇÃO DE PISO DE CONCRETO SIMPLES, DE FORMA MECANIZADA COM MARTELETE, SEM REAPROVEITAMENTO. AF_09/2023"},{"$f":"IF($D22<>\"Serviço\",\"\",OFFSET(ORÇAMENTO!S$15,$L22,0))","v":"M3"},{"$f":"IF($D22<>\"Serviço\",0,IF(ACOMPANHAMENTO=\"BM\",ROUND(OFFSET(ORÇAMENTO!AJ$15,$L22,0),15-13*ORÇAMENTO!$AF$7),IF(IFERROR(CÁLCULO.FrentesPreenchidas,0)=0,0,SUM(ROUND(OFFSET($P22,0,1,1,CÁLCULO.FrentesPreenchidas),15-13*ORÇAMENTO!$AF$7)))))","v":27.63},"DEMOLIÇÃO DE DEGRAUS ARQUIBANCADA-(1,00 X 0,45 X 0,20 X 11DEGRAUS)+(1,80 X 0,45 X 0,20 X 11DEGRAUS)+(1,15 X 0,45 X 0,20 X 11DEGRAUS)\nCALÇAMENTO FRENTE ARQUIBANCADA-(222,04M² X 0,06M)\nRAMPA EXISTENTE-(37,55X3,10+18,59X1,53X2)",{"$f":"IF(OR(B22<>\"S\",CÁLCULO.FrentesPreenchidas=0),\"\",IF(AND(ACOMPANHAMENTO=\"PLE\",AUTOEVENTO=\"Manual\",OR(H22>0,ORÇAMENTO!AC22=\"QUANT.\"),OR(K22=\"\",M22=0,N22=\"\")),\"►E\",IF(AND(ACOMPANHAMENTO=\"PLE\",ORÇAMENTO!AC22=\"QUANT.\"),\"►Q\",IF(AND(ACOMPANHAMENTO=\"PLE\",H22<>SUMPRODUCT(($Q$1:$AA$1=1)*ROUND(Q22:AA22,15))),\"►S\",IF(AND(COUNTIF($P$11:$AA$11,\"▼\")=0,H22>0,I22=\"\"),\"◄M\",\"\")))))","v":""},"3.Demolições e Retirada",7,{"$f":"IF($D22<>\"Serviço\",\"\",\n          IF(AUTOEVENTO=\"manual\",$A22,\n                IF(ISERROR(MATCH($A22,$A$15:OFFSET($A22,-1,0),0)),MAX($M$15:OFFSET(M22,-1,0))+1,\n                      INDEX($M$15:OFFSET(M22,-1,0),MATCH($A22,$A$15:OFFSET($A22,-1,0),0)))))","v":3},{"$f":"IF($D22<>\"Serviço\",\"\",\n         IF(AUTOEVENTO=\"Manual\",\n                IF($A22=0,\"<-- defina o número do agrupador\",\n                       OFFSET(EVENTOS!$D$15,$A22-$A$15,0)),\n                OFFSET($F$15,$A22,0)))","v":"Quebra degraus e Área para PCD"},null,null,{"$f":"((3.95*0.45*0.2*11)+(222.04*0.06)+(37.55*3.1*0.06+18.59*1.53*2*0.06))/2","v":13.815161999999999},{"$f":"((3.95*0.45*0.2*11)+(222.04*0.06)+(37.55*3.1*0.06+18.59*1.53*2*0.06))/2","v":13.815161999999999},null,null,null,null,null,null,null,null,null,{"$f":"IF(AND($D22=\"Serviço\",AB$12<>0,$H22>0,OR(AUTOEVENTO<>\"manual\",$M22<>$A$15)),\n        IF(Import.TipoArredondamento<>\"TransfereGOV\",\n              ROUND(OFFSET($P22,0,AB$13),15-13*ORÇAMENTO!$AF$7)/$H22*OFFSET(ORÇAMENTO!$X$15,ROW(AB22)-ROW(AB$15),0),\n              ROUND(ROUND(OFFSET($P22,0,AB$13),15-13*ORÇAMENTO!$AF$7)*OFFSET(ORÇAMENTO!$W$15,ROW(AB22)-ROW(AB$15),0),15-13*ORÇAMENTO!$AF$11)),\n         0)","v":0},{"$f":"IF(AND($D22=\"Serviço\",AC$12<>0,$H22>0,OR(AUTOEVENTO<>\"manual\",$M22<>$A$15)),\n        IF(Import.TipoArredondamento<>\"TransfereGOV\",\n              ROUND(OFFSET($P22,0,AC$13),15-13*ORÇAMENTO!$AF$7)/$H22*OFFSET(ORÇAMENTO!$X$15,ROW(AC22)-ROW(AC$15),0),\n              ROUND(ROUND(OFFSET($P22,0,AC$13),15-13*ORÇAMENTO!$AF$7)*OFFSET(ORÇAMENTO!$W$15,ROW(AC22)-ROW(AC$15),0),15-13*ORÇAMENTO!$AF$11)),\n         0)","v":0},{"$f":"IF(AND($D22=\"Serviço\",AD$12<>0,$H22>0,OR(AUTOEVENTO<>\"manual\",$M22<>$A$15)),\n        IF(Import.TipoArredondamento<>\"TransfereGOV\",\n              ROUND(OFFSET($P22,0,AD$13),15-13*ORÇAMENTO!$AF$7)/$H22*OFFSET(ORÇAMENTO!$X$15,ROW(AD22)-ROW(AD$15),0),\n              ROUND(ROUND(OFFSET($P22,0,AD$13),15-13*ORÇAMENTO!$AF$7)*OFFSET(ORÇAMENTO!$W$15,ROW(AD22)-ROW(AD$15),0),15-13*ORÇAMENTO!$AF$11)),\n         0)","v":0},{"$f":"IF(AND($D22=\"Serviço\",AE$12<>0,$H22>0,OR(AUTOEVENTO<>\"manual\",$M22<>$A$15)),\n        IF(Import.TipoArredondamento<>\"TransfereGOV\",\n              ROUND(OFFSET($P22,0,AE$13),15-13*ORÇAMENTO!$AF$7)/$H22*OFFSET(ORÇAMENTO!$X$15,ROW(AE22)-ROW(AE$15),0),\n              ROUND(ROUND(OFFSET($P22,0,AE$13),15-13*ORÇAMENTO!$AF$7)*OFFSET(ORÇAMENTO!$W$15,ROW(AE22)-ROW(AE$15),0),15-13*ORÇAMENTO!$AF$11)),\n         0)","v":0},{"$f":"IF(AND($D22=\"Serviço\",AF$12<>0,$H22>0,OR(AUTOEVENTO<>\"manual\",$M22<>$A$15)),\n        IF(Import.TipoArredondamento<>\"TransfereGOV\",\n              ROUND(OFFSET($P22,0,AF$13),15-13*ORÇAMENTO!$AF$7)/$H22*OFFSET(ORÇAMENTO!$X$15,ROW(AF22)-ROW(AF$15),0),\n              ROUND(ROUND(OFFSET($P22,0,AF$13),15-13*ORÇAMENTO!$AF$7)*OFFSET(ORÇAMENTO!$W$15,ROW(AF22)-ROW(AF$15),0),15-13*ORÇAMENTO!$AF$11)),\n         0)","v":0},{"$f":"IF(AND($D22=\"Serviço\",AG$12<>0,$H22>0,OR(AUTOEVENTO<>\"manual\",$M22<>$A$15)),\n        IF(Import.TipoArredondamento<>\"TransfereGOV\",\n              ROUND(OFFSET($P22,0,AG$13),15-13*ORÇAMENTO!$AF$7)/$H22*OFFSET(ORÇAMENTO!$X$15,ROW(AG22)-ROW(AG$15),0),\n              ROUND(ROUND(OFFSET($P22,0,AG$13),15-13*ORÇAMENTO!$AF$7)*OFFSET(ORÇAMENTO!$W$15,ROW(AG22)-ROW(AG$15),0),15-13*ORÇAMENTO!$AF$11)),\n         0)","v":0},{"$f":"IF(AND($D22=\"Serviço\",AH$12<>0,$H22>0,OR(AUTOEVENTO<>\"manual\",$M22<>$A$15)),\n        IF(Import.TipoArredondamento<>\"TransfereGOV\",\n              ROUND(OFFSET($P22,0,AH$13),15-13*ORÇAMENTO!$AF$7)/$H22*OFFSET(ORÇAMENTO!$X$15,ROW(AH22)-ROW(AH$15),0),\n              ROUND(ROUND(OFFSET($P22,0,AH$13),15-13*ORÇAMENTO!$AF$7)*OFFSET(ORÇAMENTO!$W$15,ROW(AH22)-ROW(AH$15),0),15-13*ORÇAMENTO!$AF$11)),\n         0)","v":0},{"$f":"IF(AND($D22=\"Serviço\",AI$12<>0,$H22>0,OR(AUTOEVENTO<>\"manual\",$M22<>$A$15)),\n        IF(Import.TipoArredondamento<>\"TransfereGOV\",\n              ROUND(OFFSET($P22,0,AI$13),15-13*ORÇAMENTO!$AF$7)/$H22*OFFSET(ORÇAMENTO!$X$15,ROW(AI22)-ROW(AI$15),0),\n              ROUND(ROUND(OFFSET($P22,0,AI$13),15-13*ORÇAMENTO!$AF$7)*OFFSET(ORÇAMENTO!$W$15,ROW(AI22)-ROW(AI$15),0),15-13*ORÇAMENTO!$AF$11)),\n         0)","v":0},{"$f":"IF(AND($D22=\"Serviço\",AJ$12<>0,$H22>0,OR(AUTOEVENTO<>\"manual\",$M22<>$A$15)),\n        IF(Import.TipoArredondamento<>\"TransfereGOV\",\n              ROUND(OFFSET($P22,0,AJ$13),15-13*ORÇAMENTO!$AF$7)/$H22*OFFSET(ORÇAMENTO!$X$15,ROW(AJ22)-ROW(AJ$15),0),\n              ROUND(ROUND(OFFSET($P22,0,AJ$13),15-13*ORÇAMENTO!$AF$7)*OFFSET(ORÇAMENTO!$W$15,ROW(AJ22)-ROW(AJ$15),0),15-13*ORÇAMENTO!$AF$11)),\n         0)","v":0},{"$f":"IF(AND($D22=\"Serviço\",AK$12<>0,$H22>0,OR(AUTOEVENTO<>\"manual\",$M22<>$A$15)),\n        IF(Import.TipoArredondamento<>\"TransfereGOV\",\n              ROUND(OFFSET($P22,0,AK$13),15-13*ORÇAMENTO!$AF$7)/$H22*OFFSET(ORÇAMENTO!$X$15,ROW(AK22)-ROW(AK$15),0),\n              ROUND(ROUND(OFFSET($P22,0,AK$13),15-13*ORÇAMENTO!$AF$7)*OFFSET(ORÇAMENTO!$W$15,ROW(AK22)-ROW(AK$15),0),15-13*ORÇAMENTO!$AF$11)),\n         0)","v":0},null,{"$f":"IF(OR($D22<>\"Serviço\",AND(AUTOEVENTO=\"Manual\",$M22=$A$15)),0,\n         IF(OFFSET(CRONOPLE!$F$15,$M22-$A$15,AM$13)=0,10^12,OFFSET(CRONOPLE!$F$15,$M22-$A$15,AM$13)))","v":2},{"$f":"IF(OR($D22<>\"Serviço\",AND(AUTOEVENTO=\"Manual\",$M22=$A$15)),0,\n         IF(OFFSET(CRONOPLE!$F$15,$M22-$A$15,AN$13)=0,10^12,OFFSET(CRONOPLE!$F$15,$M22-$A$15,AN$13)))","v":2},{"$f":"IF(OR($D22<>\"Serviço\",AND(AUTOEVENTO=\"Manual\",$M22=$A$15)),0,\n         IF(OFFSET(CRONOPLE!$F$15,$M22-$A$15,AO$13)=0,10^12,OFFSET(CRONOPLE!$F$15,$M22-$A$15,AO$13)))","v":1000000000000},{"$f":"IF(OR($D22<>\"Serviço\",AND(AUTOEVENTO=\"Manual\",$M22=$A$15)),0,\n         IF(OFFSET(CRONOPLE!$F$15,$M22-$A$15,AP$13)=0,10^12,OFFSET(CRONOPLE!$F$15,$M22-$A$15,AP$13)))","v":1000000000000},{"$f":"IF(OR($D22<>\"Serviço\",AND(AUTOEVENTO=\"Manual\",$M22=$A$15)),0,\n         IF(OFFSET(CRONOPLE!$F$15,$M22-$A$15,AQ$13)=0,10^12,OFFSET(CRONOPLE!$F$15,$M22-$A$15,AQ$13)))","v":1000000000000},{"$f":"IF(OR($D22<>\"Serviço\",AND(AUTOEVENTO=\"Manual\",$M22=$A$15)),0,\n         IF(OFFSET(CRONOPLE!$F$15,$M22-$A$15,AR$13)=0,10^12,OFFSET(CRONOPLE!$F$15,$M22-$A$15,AR$13)))","v":1000000000000},{"$f":"IF(OR($D22<>\"Serviço\",AND(AUTOEVENTO=\"Manual\",$M22=$A$15)),0,\n         IF(OFFSET(CRONOPLE!$F$15,$M22-$A$15,AS$13)=0,10^12,OFFSET(CRONOPLE!$F$15,$M22-$A$15,AS$13)))","v":1000000000000},{"$f":"IF(OR($D22<>\"Serviço\",AND(AUTOEVENTO=\"Manual\",$M22=$A$15)),0,\n         IF(OFFSET(CRONOPLE!$F$15,$M22-$A$15,AT$13)=0,10^12,OFFSET(CRONOPLE!$F$15,$M22-$A$15,AT$13)))","v":1000000000000},{"$f":"IF(OR($D22<>\"Serviço\",AND(AUTOEVENTO=\"Manual\",$M22=$A$15)),0,\n         IF(OFFSET(CRONOPLE!$F$15,$M22-$A$15,AU$13)=0,10^12,OFFSET(CRONOPLE!$F$15,$M22-$A$15,AU$13)))","v":1000000000000},{"$f":"IF(OR($D22<>\"Serviço\",AND(AUTOEVENTO=\"Manual\",$M22=$A$15)),0,\n         IF(OFFSET(CRONOPLE!$F$15,$M22-$A$15,AV$13)=0,10^12,OFFSET(CRONOPLE!$F$15,$M22-$A$15,AV$13)))","v":1000000000000},null,{"$f":"IF(OR($D22<>\"Serviço\",AND(AUTOEVENTO=\"Manual\",$M22=$A$15),$M22>(ROW(PLE.lastrow)-ROW(PLE.firstrow))),0,\n           IF(OFFSET(PLE!$G$15,$M22-$A$15,AX$13)=\"\",10^12,OFFSET(PLE!$G$15,$M22-$A$15,AX$13)))","v":1000000000000},{"$f":"IF(OR($D22<>\"Serviço\",AND(AUTOEVENTO=\"Manual\",$M22=$A$15),$M22>(ROW(PLE.lastrow)-ROW(PLE.firstrow))),0,\n           IF(OFFSET(PLE!$G$15,$M22-$A$15,AY$13)=\"\",10^12,OFFSET(PLE!$G$15,$M22-$A$15,AY$13)))","v":1000000000000},{"$f":"IF(OR($D22<>\"Serviço\",AND(AUTOEVENTO=\"Manual\",$M22=$A$15),$M22>(ROW(PLE.lastrow)-ROW(PLE.firstrow))),0,\n           IF(OFFSET(PLE!$G$15,$M22-$A$15,AZ$13)=\"\",10^12,OFFSET(PLE!$G$15,$M22-$A$15,AZ$13)))","v":1000000000000},{"$f":"IF(OR($D22<>\"Serviço\",AND(AUTOEVENTO=\"Manual\",$M22=$A$15),$M22>(ROW(PLE.lastrow)-ROW(PLE.firstrow))),0,\n           IF(OFFSET(PLE!$G$15,$M22-$A$15,BA$13)=\"\",10^12,OFFSET(PLE!$G$15,$M22-$A$15,BA$13)))","v":1000000000000},{"$f":"IF(OR($D22<>\"Serviço\",AND(AUTOEVENTO=\"Manual\",$M22=$A$15),$M22>(ROW(PLE.lastrow)-ROW(PLE.firstrow))),0,\n           IF(OFFSET(PLE!$G$15,$M22-$A$15,BB$13)=\"\",10^12,OFFSET(PLE!$G$15,$M22-$A$15,BB$13)))","v":1000000000000},{"$f":"IF(OR($D22<>\"Serviço\",AND(AUTOEVENTO=\"Manual\",$M22=$A$15),$M22>(ROW(PLE.lastrow)-ROW(PLE.firstrow))),0,\n           IF(OFFSET(PLE!$G$15,$M22-$A$15,BC$13)=\"\",10^12,OFFSET(PLE!$G$15,$M22-$A$15,BC$13)))","v":1000000000000},{"$f":"IF(OR($D22<>\"Serviço\",AND(AUTOEVENTO=\"Manual\",$M22=$A$15),$M22>(ROW(PLE.lastrow)-ROW(PLE.firstrow))),0,\n           IF(OFFSET(PLE!$G$15,$M22-$A$15,BD$13)=\"\",10^12,OFFSET(PLE!$G$15,$M22-$A$15,BD$13)))","v":1000000000000},{"$f":"IF(OR($D22<>\"Serviço\",AND(AUTOEVENTO=\"Manual\",$M22=$A$15),$M22>(ROW(PLE.lastrow)-ROW(PLE.firstrow))),0,\n           IF(OFFSET(PLE!$G$15,$M22-$A$15,BE$13)=\"\",10^12,OFFSET(PLE!$G$15,$M22-$A$15,BE$13)))","v":1000000000000},{"$f":"IF(OR($D22<>\"Serviço\",AND(AUTOEVENTO=\"Manual\",$M22=$A$15),$M22>(ROW(PLE.lastrow)-ROW(PLE.firstrow))),0,\n           IF(OFFSET(PLE!$G$15,$M22-$A$15,BF$13)=\"\",10^12,OFFSET(PLE!$G$15,$M22-$A$15,BF$13)))","v":1000000000000},{"$f":"IF(OR($D22<>\"Serviço\",AND(AUTOEVENTO=\"Manual\",$M22=$A$15),$M22>(ROW(PLE.lastrow)-ROW(PLE.firstrow))),0,\n           IF(OFFSET(PLE!$G$15,$M22-$A$15,BG$13)=\"\",10^12,OFFSET(PLE!$G$15,$M22-$A$15,BG$13)))","v":1000000000000}]
[3,{"$f":"OFFSET(ORÇAMENTO!C$15,$L23,0)","v":"S"},{"$f":"OFFSET(ORÇAMENTO!L$15,$L23,0)","v":"F"},{"$f":"OFFSET(ORÇAMENTO!N$15,$L23,0)","v":"Serviço"},{"$f":"OFFSET(ORÇAMENTO!O$15,$L23,0)","v":"1.2.2."},{"$f":"OFFSET(ORÇAMENTO!R$15,$L23,0)","v":"LIMPEZA MANUAL DE VEGETAÇÃO EM TERRENO COM ENXADA. AF_03/2024"},{"$f":"IF($D23<>\"Serviço\",\"\",OFFSET(ORÇAMENTO!S$15,$L23,0))","v":"M2"},{"$f":"IF($D23<>\"Serviço\",0,IF(ACOMPANHAMENTO=\"BM\",ROUND(OFFSET(ORÇAMENTO!AJ$15,$L23,0),15-13*ORÇAMENTO!$AF$7),IF(IFERROR(CÁLCULO.FrentesPreenchidas,0)=0,0,SUM(ROUND(OFFSET($P23,0,1,1,CÁLCULO.FrentesPreenchidas),15-13*ORÇAMENTO!$AF$7)))))","v":219.95},"CALÇAMENTO FRENTE ARQUIBANCADA -(19,85M X 3,50M + 17,25M X 3,50M + 15,60M X 3,50M)\nPATAMAR NOVA ROTA DE ACESSO- (7,10M*2,50M*2)",{"$f":"IF(OR(B23<>\"S\",CÁLCULO.FrentesPreenchidas=0),\"\",IF(AND(ACOMPANHAMENTO=\"PLE\",AUTOEVENTO=\"Manual\",OR(H23>0,ORÇAMENTO!AC23=\"QUANT.\"),OR(K23=\"\",M23=0,N23=\"\")),\"►E\",IF(AND(ACOMPANHAMENTO=\"PLE\",ORÇAMENTO!AC23=\"QUANT.\"),\"►Q\",IF(AND(ACOMPANHAMENTO=\"PLE\",H23<>SUMPRODUCT(($Q$1:$AA$1=1)*ROUND(Q23:AA23,15))),\"►S\",IF(AND(COUNTIF($P$11:$AA$11,\"▼\")=0,H23>0,I23=\"\"),\"◄M\",\"\")))))","v":""},"3.Demolições e Retirada",8,{"$f":"IF($D23<>\"Serviço\",\"\",\n          IF(AUTOEVENTO=\"manual\",$A23,\n                IF(ISERROR(MATCH($A23,$A$15:OFFSET($A23,-1,0),0)),MAX($M$15:OFFSET(M23,-1,0))+1,\n                      INDEX($M$15:OFFSET(M23,-1,0),MATCH($A23,$A$15:OFFSET($A23,-1,0),0)))))","v":3},{"$f":"IF($D23<>\"Serviço\",\"\",\n         IF(AUTOEVENTO=\"Manual\",\n                IF($A23=0,\"<-- defina o número do agrupador\",\n                       OFFSET(EVENTOS!$D$15,$A23-$A$15,0)),\n                OFFSET($F$15,$A23,0)))","v":"Quebra degraus e Área para PCD"},null,null,{"$f":"((19.85*3.5+17.25*3.5+15.6*3.5)+(7.1*2.5*2))/2","v":109.97500000000001},{"$f":"((19.85*3.5+17.25*3.5+15.6*3.5)+(7.1*2.5*2))/2","v":109.97500000000001},null,null,null,null,null,null,null,null,null,{"$f":"IF(AND($D23=\"Serviço\",AB$12<>0,$H23>0,OR(AUTOEVENTO<>\"manual\",$M23<>$A$15)),\n        IF(Import.TipoArredondamento<>\"TransfereGOV\",\n              ROUND(OFFSET($P23,0,AB$13),15-13*ORÇAMENTO!$AF$7)/$H23*OFFSET(ORÇAMENTO!$X$15,ROW(AB23)-ROW(AB$15),0),\n              ROUND(ROUND(OFFSET($P23,0,AB$13),15-13*ORÇAMENTO!$AF$7)*OFFSET(ORÇAMENTO!$W$15,ROW(AB23)-ROW(AB$15),0),15-13*ORÇAMENTO!$AF$11)),\n         0)","v":0},{"$f":"IF(AND($D23=\"Serviço\",AC$12<>0,$H23>0,OR(AUTOEVENTO<>\"manual\",$M23<>$A$15)),\n        IF(Import.TipoArredondamento<>\"TransfereGOV\",\n              ROUND(OFFSET($P23,0,AC$13),15-13*ORÇAMENTO!$AF$7)/$H23*OFFSET(ORÇAMENTO!$X$15,ROW(AC23)-ROW(AC$15),0),\n              ROUND(ROUND(OFFSET($P23,0,AC$13),15-13*ORÇAMENTO!$AF$7)*OFFSET(ORÇAMENTO!$W$15,ROW(AC23)-ROW(AC$15),0),15-13*ORÇAMENTO!$AF$11)),\n         0)","v":0},{"$f":"IF(AND($D23=\"Serviço\",AD$12<>0,$H23>0,OR(AUTOEVENTO<>\"manual\",$M23<>$A$15)),\n        IF(Import.TipoArredondamento<>\"TransfereGOV\",\n              ROUND(OFFSET($P23,0,AD$13),15-13*ORÇAMENTO!$AF$7)/$H23*OFFSET(ORÇAMENTO!$X$15,ROW(AD23)-ROW(AD$15),0),\n              ROUND(ROUND(OFFSET($P23,0,AD$13),15-13*ORÇAMENTO!$AF$7)*OFFSET(ORÇAMENTO!$W$15,ROW(AD23)-ROW(AD$15),0),15-13*ORÇAMENTO!$AF$11)),\n         0)","v":0},{"$f":"IF(AND($D23=\"Serviço\",AE$12<>0,$H23>0,OR(AUTOEVENTO<>\"manual\",$M23<>$A$15)),\n        IF(Import.TipoArredondamento<>\"TransfereGOV\",\n              ROUND(OFFSET($P23,0,AE$13),15-13*ORÇAMENTO!$AF$7)/$H23*OFFSET(ORÇAMENTO!$X$15,ROW(AE23)-ROW(AE$15),0),\n              ROUND(ROUND(OFFSET($P23,0,AE$13),15-13*ORÇAMENTO!$AF$7)*OFFSET(ORÇAMENTO!$W$15,ROW(AE23)-ROW(AE$15),0),15-13*ORÇAMENTO!$AF$11)),\n         0)","v":0},{"$f":"IF(AND($D23=\"Serviço\",AF$12<>0,$H23>0,OR(AUTOEVENTO<>\"manual\",$M23<>$A$15)),\n        IF(Import.TipoArredondamento<>\"TransfereGOV\",\n              ROUND(OFFSET($P23,0,AF$13),15-13*ORÇAMENTO!$AF$7)/$H23*OFFSET(ORÇAMENTO!$X$15,ROW(AF23)-ROW(AF$15),0),\n              ROUND(ROUND(OFFSET($P23,0,AF$13),15-13*ORÇAMENTO!$AF$7)*OFFSET(ORÇAMENTO!$W$15,ROW(AF23)-ROW(AF$15),0),15-13*ORÇAMENTO!$AF$11)),\n         0)","v":0},{"$f":"IF(AND($D23=\"Serviço\",AG$12<>0,$H23>0,OR(AUTOEVENTO<>\"manual\",$M23<>$A$15)),\n        IF(Import.TipoArredondamento<>\"TransfereGOV\",\n              ROUND(OFFSET($P23,0,AG$13),15-13*ORÇAMENTO!$AF$7)/$H23*OFFSET(ORÇAMENTO!$X$15,ROW(AG23)-ROW(AG$15),0),\n              ROUND(ROUND(OFFSET($P23,0,AG$13),15-13*ORÇAMENTO!$AF$7)*OFFSET(ORÇAMENTO!$W$15,ROW(AG23)-ROW(AG$15),0),15-13*ORÇAMENTO!$AF$11)),\n         0)","v":0},{"$f":"IF(AND($D23=\"Serviço\",AH$12<>0,$H23>0,OR(AUTOEVENTO<>\"manual\",$M23<>$A$15)),\n        IF(Import.TipoArredondamento<>\"TransfereGOV\",\n              ROUND(OFFSET($P23,0,AH$13),15-13*ORÇAMENTO!$AF$7)/$H23*OFFSET(ORÇAMENTO!$X$15,ROW(AH23)-ROW(AH$15),0),\n              ROUND(ROUND(OFFSET($P23,0,AH$13),15-13*ORÇAMENTO!$AF$7)*OFFSET(ORÇAMENTO!$W$15,ROW(AH23)-ROW(AH$15),0),15-13*ORÇAMENTO!$AF$11)),\n         0)","v":0},{"$f":"IF(AND($D23=\"Serviço\",AI$12<>0,$H23>0,OR(AUTOEVENTO<>\"manual\",$M23<>$A$15)),\n        IF(Import.TipoArredondamento<>\"TransfereGOV\",\n              ROUND(OFFSET($P23,0,AI$13),15-13*ORÇAMENTO!$AF$7)/$H23*OFFSET(ORÇAMENTO!$X$15,ROW(AI23)-ROW(AI$15),0),\n              ROUND(ROUND(OFFSET($P23,0,AI$13),15-13*ORÇAMENTO!$AF$7)*OFFSET(ORÇAMENTO!$W$15,ROW(AI23)-ROW(AI$15),0),15-13*ORÇAMENTO!$AF$11)),\n         0)","v":0},{"$f":"IF(AND($D23=\"Serviço\",AJ$12<>0,$H23>0,OR(AUTOEVENTO<>\"manual\",$M23<>$A$15)),\n        IF(Import.TipoArredondamento<>\"TransfereGOV\",\n              ROUND(OFFSET($P23,0,AJ$13),15-13*ORÇAMENTO!$AF$7)/$H23*OFFSET(ORÇAMENTO!$X$15,ROW(AJ23)-ROW(AJ$15),0),\n              ROUND(ROUND(OFFSET($P23,0,AJ$13),15-13*ORÇAMENTO!$AF$7)*OFFSET(ORÇAMENTO!$W$15,ROW(AJ23)-ROW(AJ$15),0),15-13*ORÇAMENTO!$AF$11)),\n         0)","v":0},{"$f":"IF(AND($D23=\"Serviço\",AK$12<>0,$H23>0,OR(AUTOEVENTO<>\"manual\",$M23<>$A$15)),\n        IF(Import.TipoArredondamento<>\"TransfereGOV\",\n              ROUND(OFFSET($P23,0,AK$13),15-13*ORÇAMENTO!$AF$7)/$H23*OFFSET(ORÇAMENTO!$X$15,ROW(AK23)-ROW(AK$15),0),\n              ROUND(ROUND(OFFSET($P23,0,AK$13),15-13*ORÇAMENTO!$AF$7)*OFFSET(ORÇAMENTO!$W$15,ROW(AK23)-ROW(AK$15),0),15-13*ORÇAMENTO!$AF$11)),\n         0)","v":0},null,{"$f":"IF(OR($D23<>\"Serviço\",AND(AUTOEVENTO=\"Manual\",$M23=$A$15)),0,\n         IF(OFFSET(CRONOPLE!$F$15,$M23-$A$15,AM$13)=0,10^12,OFFSET(CRONOPLE!$F$15,$M23-$A$15,AM$13)))","v":2},{"$f":"IF(OR($D23<>\"Serviço\",AND(AUTOEVENTO=\"Manual\",$M23=$A$15)),0,\n         IF(OFFSET(CRONOPLE!$F$15,$M23-$A$15,AN$13)=0,10^12,OFFSET(CRONOPLE!$F$15,$M23-$A$15,AN$13)))","v":2},{"$f":"IF(OR($D23<>\"Serviço\",AND(AUTOEVENTO=\"Manual\",$M23=$A$15)),0,\n         IF(OFFSET(CRONOPLE!$F$15,$M23-$A$15,AO$13)=0,10^12,OFFSET(CRONOPLE!$F$15,$M23-$A$15,AO$13)))","v":1000000000000},{"$f":"IF(OR($D23<>\"Serviço\",AND(AUTOEVENTO=\"Manual\",$M23=$A$15)),0,\n         IF(OFFSET(CRONOPLE!$F$15,$M23-$A$15,AP$13)=0,10^12,OFFSET(CRONOPLE!$F$15,$M23-$A$15,AP$13)))","v":1000000000000},{"$f":"IF(OR($D23<>\"Serviço\",AND(AUTOEVENTO=\"Manual\",$M23=$A$15)),0,\n         IF(OFFSET(CRONOPLE!$F$15,$M23-$A$15,AQ$13)=0,10^12,OFFSET(CRONOPLE!$F$15,$M23-$A$15,AQ$13)))","v":1000000000000},{"$f":"IF(OR($D23<>\"Serviço\",AND(AUTOEVENTO=\"Manual\",$M23=$A$15)),0,\n         IF(OFFSET(CRONOPLE!$F$15,$M23-$A$15,AR$13)=0,10^12,OFFSET(CRONOPLE!$F$15,$M23-$A$15,AR$13)))","v":1000000000000},{"$f":"IF(OR($D23<>\"Serviço\",AND(AUTOEVENTO=\"Manual\",$M23=$A$15)),0,\n         IF(OFFSET(CRONOPLE!$F$15,$M23-$A$15,AS$13)=0,10^12,OFFSET(CRONOPLE!$F$15,$M23-$A$15,AS$13)))","v":1000000000000},{"$f":"IF(OR($D23<>\"Serviço\",AND(AUTOEVENTO=\"Manual\",$M23=$A$15)),0,\n         IF(OFFSET(CRONOPLE!$F$15,$M23-$A$15,AT$13)=0,10^12,OFFSET(CRONOPLE!$F$15,$M23-$A$15,AT$13)))","v":1000000000000},{"$f":"IF(OR($D23<>\"Serviço\",AND(AUTOEVENTO=\"Manual\",$M23=$A$15)),0,\n         IF(OFFSET(CRONOPLE!$F$15,$M23-$A$15,AU$13)=0,10^12,OFFSET(CRONOPLE!$F$15,$M23-$A$15,AU$13)))","v":1000000000000},{"$f":"IF(OR($D23<>\"Serviço\",AND(AUTOEVENTO=\"Manual\",$M23=$A$15)),0,\n         IF(OFFSET(CRONOPLE!$F$15,$M23-$A$15,AV$13)=0,10^12,OFFSET(CRONOPLE!$F$15,$M23-$A$15,AV$13)))","v":1000000000000},null,{"$f":"IF(OR($D23<>\"Serviço\",AND(AUTOEVENTO=\"Manual\",$M23=$A$15),$M23>(ROW(PLE.lastrow)-ROW(PLE.firstrow))),0,\n           IF(OFFSET(PLE!$G$15,$M23-$A$15,AX$13)=\"\",10^12,OFFSET(PLE!$G$15,$M23-$A$15,AX$13)))","v":1000000000000},{"$f":"IF(OR($D23<>\"Serviço\",AND(AUTOEVENTO=\"Manual\",$M23=$A$15),$M23>(ROW(PLE.lastrow)-ROW(PLE.firstrow))),0,\n           IF(OFFSET(PLE!$G$15,$M23-$A$15,AY$13)=\"\",10^12,OFFSET(PLE!$G$15,$M23-$A$15,AY$13)))","v":1000000000000},{"$f":"IF(OR($D23<>\"Serviço\",AND(AUTOEVENTO=\"Manual\",$M23=$A$15),$M23>(ROW(PLE.lastrow)-ROW(PLE.firstrow))),0,\n           IF(OFFSET(PLE!$G$15,$M23-$A$15,AZ$13)=\"\",10^12,OFFSET(PLE!$G$15,$M23-$A$15,AZ$13)))","v":1000000000000},{"$f":"IF(OR($D23<>\"Serviço\",AND(AUTOEVENTO=\"Manual\",$M23=$A$15),$M23>(ROW(PLE.lastrow)-ROW(PLE.firstrow))),0,\n           IF(OFFSET(PLE!$G$15,$M23-$A$15,BA$13)=\"\",10^12,OFFSET(PLE!$G$15,$M23-$A$15,BA$13)))","v":1000000000000},{"$f":"IF(OR($D23<>\"Serviço\",AND(AUTOEVENTO=\"Manual\",$M23=$A$15),$M23>(ROW(PLE.lastrow)-ROW(PLE.firstrow))),0,\n           IF(OFFSET(PLE!$G$15,$M23-$A$15,BB$13)=\"\",10^12,OFFSET(PLE!$G$15,$M23-$A$15,BB$13)))","v":1000000000000},{"$f":"IF(OR($D23<>\"Serviço\",AND(AUTOEVENTO=\"Manual\",$M23=$A$15),$M23>(ROW(PLE.lastrow)-ROW(PLE.firstrow))),0,\n           IF(OFFSET(PLE!$G$15,$M23-$A$15,BC$13)=\"\",10^12,OFFSET(PLE!$G$15,$M23-$A$15,BC$13)))","v":1000000000000},{"$f":"IF(OR($D23<>\"Serviço\",AND(AUTOEVENTO=\"Manual\",$M23=$A$15),$M23>(ROW(PLE.lastrow)-ROW(PLE.firstrow))),0,\n           IF(OFFSET(PLE!$G$15,$M23-$A$15,BD$13)=\"\",10^12,OFFSET(PLE!$G$15,$M23-$A$15,BD$13)))","v":1000000000000},{"$f":"IF(OR($D23<>\"Serviço\",AND(AUTOEVENTO=\"Manual\",$M23=$A$15),$M23>(ROW(PLE.lastrow)-ROW(PLE.firstrow))),0,\n           IF(OFFSET(PLE!$G$15,$M23-$A$15,BE$13)=\"\",10^12,OFFSET(PLE!$G$15,$M23-$A$15,BE$13)))","v":1000000000000},{"$f":"IF(OR($D23<>\"Serviço\",AND(AUTOEVENTO=\"Manual\",$M23=$A$15),$M23>(ROW(PLE.lastrow)-ROW(PLE.firstrow))),0,\n           IF(OFFSET(PLE!$G$15,$M23-$A$15,BF$13)=\"\",10^12,OFFSET(PLE!$G$15,$M23-$A$15,BF$13)))","v":1000000000000},{"$f":"IF(OR($D23<>\"Serviço\",AND(AUTOEVENTO=\"Manual\",$M23=$A$15),$M23>(ROW(PLE.lastrow)-ROW(PLE.firstrow))),0,\n           IF(OFFSET(PLE!$G$15,$M23-$A$15,BG$13)=\"\",10^12,OFFSET(PLE!$G$15,$M23-$A$15,BG$13)))","v":1000000000000}]
[3,{"$f":"OFFSET(ORÇAMENTO!C$15,$L24,0)","v":"S"},{"$f":"OFFSET(ORÇAMENTO!L$15,$L24,0)","v":"F"},{"$f":"OFFSET(ORÇAMENTO!N$15,$L24,0)","v":"Serviço"},{"$f":"OFFSET(ORÇAMENTO!O$15,$L24,0)","v":"1.2.3."},{"$f":"OFFSET(ORÇAMENTO!R$15,$L24,0)","v":"REMOÇÃO DE CORRIMÃO E GUARDA CORPO, SEM REAPROVEITAMENTO"},{"$f":"IF($D24<>\"Serviço\",\"\",OFFSET(ORÇAMENTO!S$15,$L24,0))","v":"M2"},{"$f":"IF($D24<>\"Serviço\",0,IF(ACOMPANHAMENTO=\"BM\",ROUND(OFFSET(ORÇAMENTO!AJ$15,$L24,0),15-13*ORÇAMENTO!$AF$7),IF(IFERROR(CÁLCULO.FrentesPreenchidas,0)=0,0,SUM(ROUND(OFFSET($P24,0,1,1,CÁLCULO.FrentesPreenchidas),15-13*ORÇAMENTO!$AF$7)))))","v":38.39},"ESCADA METÁLICA+ PATAMAR CABINES ( 4,78 +5,98) X H=1,10M\nCORRIMÃO DO MEIO DA ARQUIBANCADA (3,70+3,70+2,70+2,70) X H=1,15M",{"$f":"IF(OR(B24<>\"S\",CÁLCULO.FrentesPreenchidas=0),\"\",IF(AND(ACOMPANHAMENTO=\"PLE\",AUTOEVENTO=\"Manual\",OR(H24>0,ORÇAMENTO!AC24=\"QUANT.\"),OR(K24=\"\",M24=0,N24=\"\")),\"►E\",IF(AND(ACOMPANHAMENTO=\"PLE\",ORÇAMENTO!AC24=\"QUANT.\"),\"►Q\",IF(AND(ACOMPANHAMENTO=\"PLE\",H24<>SUMPRODUCT(($Q$1:$AA$1=1)*ROUND(Q24:AA24,15))),\"►S\",IF(AND(COUNTIF($P$11:$AA$11,\"▼\")=0,H24>0,I24=\"\"),\"◄M\",\"\")))))","v":""},"3.Demolições e Retirada",9,{"$f":"IF($D24<>\"Serviço\",\"\",\n          IF(AUTOEVENTO=\"manual\",$A24,\n                IF(ISERROR(MATCH($A24,$A$15:OFFSET($A24,-1,0),0)),MAX($M$15:OFFSET(M24,-1,0))+1,\n                      INDEX($M$15:OFFSET(M24,-1,0),MATCH($A24,$A$15:OFFSET($A24,-1,0),0)))))","v":3},{"$f":"IF($D24<>\"Serviço\",\"\",\n         IF(AUTOEVENTO=\"Manual\",\n                IF($A24=0,\"<-- defina o número do agrupador\",\n                       OFFSET(EVENTOS!$D$15,$A24-$A$15,0)),\n                OFFSET($F$15,$A24,0)))","v":"Quebra degraus e Área para PCD"},null,null,{"$f":"((4.78+5.98)*1.1)+((3.7+3.7+2.7+2.7)*1.15)/2","v":19.196000000000002},{"$f":"((4.78+5.98)*1.1)+((3.7+3.7+2.7+2.7)*1.15)/2","v":19.196000000000002},null,null,null,null,null,null,null,null,null,{"$f":"IF(AND($D24=\"Serviço\",AB$12<>0,$H24>0,OR(AUTOEVENTO<>\"manual\",$M24<>$A$15)),\n        IF(Import.TipoArredondamento<>\"TransfereGOV\",\n              ROUND(OFFSET($P24,0,AB$13),15-13*ORÇAMENTO!$AF$7)/$H24*OFFSET(ORÇAMENTO!$X$15,ROW(AB24)-ROW(AB$15),0),\n              ROUND(ROUND(OFFSET($P24,0,AB$13),15-13*ORÇAMENTO!$AF$7)*OFFSET(ORÇAMENTO!$W$15,ROW(AB24)-ROW(AB$15),0),15-13*ORÇAMENTO!$AF$11)),\n         0)","v":0},{"$f":"IF(AND($D24=\"Serviço\",AC$12<>0,$H24>0,OR(AUTOEVENTO<>\"manual\",$M24<>$A$15)),\n        IF(Import.TipoArredondamento<>\"TransfereGOV\",\n              ROUND(OFFSET($P24,0,AC$13),15-13*ORÇAMENTO!$AF$7)/$H24*OFFSET(ORÇAMENTO!$X$15,ROW(AC24)-ROW(AC$15),0),\n              ROUND(ROUND(OFFSET($P24,0,AC$13),15-13*ORÇAMENTO!$AF$7)*OFFSET(ORÇAMENTO!$W$15,ROW(AC24)-ROW(AC$15),0),15-13*ORÇAMENTO!$AF$11)),\n         0)","v":0},{"$f":"IF(AND($D24=\"Serviço\",AD$12<>0,$H24>0,OR(AUTOEVENTO<>\"manual\",$M24<>$A$15)),\n        IF(Import.TipoArredondamento<>\"TransfereGOV\",\n              ROUND(OFFSET($P24,0,AD$13),15-13*ORÇAMENTO!$AF$7)/$H24*OFFSET(ORÇAMENTO!$X$15,ROW(AD24)-ROW(AD$15),0),\n              ROUND(ROUND(OFFSET($P24,0,AD$13),15-13*ORÇAMENTO!$AF$7)*OFFSET(ORÇAMENTO!$W$15,ROW(AD24)-ROW(AD$15),0),15-13*ORÇAMENTO!$AF$11)),\n         0)","v":0},{"$f":"IF(AND($D24=\"Serviço\",AE$12<>0,$H24>0,OR(AUTOEVENTO<>\"manual\",$M24<>$A$15)),\n        IF(Import.TipoArredondamento<>\"TransfereGOV\",\n              ROUND(OFFSET($P24,0,AE$13),15-13*ORÇAMENTO!$AF$7)/$H24*OFFSET(ORÇAMENTO!$X$15,ROW(AE24)-ROW(AE$15),0),\n              ROUND(ROUND(OFFSET($P24,0,AE$13),15-13*ORÇAMENTO!$AF$7)*OFFSET(ORÇAMENTO!$W$15,ROW(AE24)-ROW(AE$15),0),15-13*ORÇAMENTO!$AF$11)),\n         0)","v":0},{"$f":"IF(AND($D24=\"Serviço\",AF$12<>0,$H24>0,OR(AUTOEVENTO<>\"manual\",$M24<>$A$15)),\n        IF(Import.TipoArredondamento<>\"TransfereGOV\",\n              ROUND(OFFSET($P24,0,AF$13),15-13*ORÇAMENTO!$AF$7)/$H24*OFFSET(ORÇAMENTO!$X$15,ROW(AF24)-ROW(AF$15),0),\n              ROUND(ROUND(OFFSET($P24,0,AF$13),15-13*ORÇAMENTO!$AF$7)*OFFSET(ORÇAMENTO!$W$15,ROW(AF24)-ROW(AF$15),0),15-13*ORÇAMENTO!$AF$11)),\n         0)","v":0},{"$f":"IF(AND($D24=\"Serviço\",AG$12<>0,$H24>0,OR(AUTOEVENTO<>\"manual\",$M24<>$A$15)),\n        IF(Import.TipoArredondamento<>\"TransfereGOV\",\n              ROUND(OFFSET($P24,0,AG$13),15-13*ORÇAMENTO!$AF$7)/$H24*OFFSET(ORÇAMENTO!$X$15,ROW(AG24)-ROW(AG$15),0),\n              ROUND(ROUND(OFFSET($P24,0,AG$13),15-13*ORÇAMENTO!$AF$7)*OFFSET(ORÇAMENTO!$W$15,ROW(AG24)-ROW(AG$15),0),15-13*ORÇAMENTO!$AF$11)),\n         0)","v":0},{"$f":"IF(AND($D24=\"Serviço\",AH$12<>0,$H24>0,OR(AUTOEVENTO<>\"manual\",$M24<>$A$15)),\n        IF(Import.TipoArredondamento<>\"TransfereGOV\",\n              ROUND(OFFSET($P24,0,AH$13),15-13*ORÇAMENTO!$AF$7)/$H24*OFFSET(ORÇAMENTO!$X$15,ROW(AH24)-ROW(AH$15),0),\n              ROUND(ROUND(OFFSET($P24,0,AH$13),15-13*ORÇAMENTO!$AF$7)*OFFSET(ORÇAMENTO!$W$15,ROW(AH24)-ROW(AH$15),0),15-13*ORÇAMENTO!$AF$11)),\n         0)","v":0},{"$f":"IF(AND($D24=\"Serviço\",AI$12<>0,$H24>0,OR(AUTOEVENTO<>\"manual\",$M24<>$A$15)),\n        IF(Import.TipoArredondamento<>\"TransfereGOV\",\n              ROUND(OFFSET($P24,0,AI$13),15-13*ORÇAMENTO!$AF$7)/$H24*OFFSET(ORÇAMENTO!$X$15,ROW(AI24)-ROW(AI$15),0),\n              ROUND(ROUND(OFFSET($P24,0,AI$13),15-13*ORÇAMENTO!$AF$7)*OFFSET(ORÇAMENTO!$W$15,ROW(AI24)-ROW(AI$15),0),15-13*ORÇAMENTO!$AF$11)),\n         0)","v":0},{"$f":"IF(AND($D24=\"Serviço\",AJ$12<>0,$H24>0,OR(AUTOEVENTO<>\"manual\",$M24<>$A$15)),\n        IF(Import.TipoArredondamento<>\"TransfereGOV\",\n              ROUND(OFFSET($P24,0,AJ$13),15-13*ORÇAMENTO!$AF$7)/$H24*OFFSET(ORÇAMENTO!$X$15,ROW(AJ24)-ROW(AJ$15),0),\n              ROUND(ROUND(OFFSET($P24,0,AJ$13),15-13*ORÇAMENTO!$AF$7)*OFFSET(ORÇAMENTO!$W$15,ROW(AJ24)-ROW(AJ$15),0),15-13*ORÇAMENTO!$AF$11)),\n         0)","v":0},{"$f":"IF(AND($D24=\"Serviço\",AK$12<>0,$H24>0,OR(AUTOEVENTO<>\"manual\",$M24<>$A$15)),\n        IF(Import.TipoArredondamento<>\"TransfereGOV\",\n              ROUND(OFFSET($P24,0,AK$13),15-13*ORÇAMENTO!$AF$7)/$H24*OFFSET(ORÇAMENTO!$X$15,ROW(AK24)-ROW(AK$15),0),\n              ROUND(ROUND(OFFSET($P24,0,AK$13),15-13*ORÇAMENTO!$AF$7)*OFFSET(ORÇAMENTO!$W$15,ROW(AK24)-ROW(AK$15),0),15-13*ORÇAMENTO!$AF$11)),\n         0)","v":0},null,{"$f":"IF(OR($D24<>\"Serviço\",AND(AUTOEVENTO=\"Manual\",$M24=$A$15)),0,\n         IF(OFFSET(CRONOPLE!$F$15,$M24-$A$15,AM$13)=0,10^12,OFFSET(CRONOPLE!$F$15,$M24-$A$15,AM$13)))","v":2},{"$f":"IF(OR($D24<>\"Serviço\",AND(AUTOEVENTO=\"Manual\",$M24=$A$15)),0,\n         IF(OFFSET(CRONOPLE!$F$15,$M24-$A$15,AN$13)=0,10^12,OFFSET(CRONOPLE!$F$15,$M24-$A$15,AN$13)))","v":2},{"$f":"IF(OR($D24<>\"Serviço\",AND(AUTOEVENTO=\"Manual\",$M24=$A$15)),0,\n         IF(OFFSET(CRONOPLE!$F$15,$M24-$A$15,AO$13)=0,10^12,OFFSET(CRONOPLE!$F$15,$M24-$A$15,AO$13)))","v":1000000000000},{"$f":"IF(OR($D24<>\"Serviço\",AND(AUTOEVENTO=\"Manual\",$M24=$A$15)),0,\n         IF(OFFSET(CRONOPLE!$F$15,$M24-$A$15,AP$13)=0,10^12,OFFSET(CRONOPLE!$F$15,$M24-$A$15,AP$13)))","v":1000000000000},{"$f":"IF(OR($D24<>\"Serviço\",AND(AUTOEVENTO=\"Manual\",$M24=$A$15)),0,\n         IF(OFFSET(CRONOPLE!$F$15,$M24-$A$15,AQ$13)=0,10^12,OFFSET(CRONOPLE!$F$15,$M24-$A$15,AQ$13)))","v":1000000000000},{"$f":"IF(OR($D24<>\"Serviço\",AND(AUTOEVENTO=\"Manual\",$M24=$A$15)),0,\n         IF(OFFSET(CRONOPLE!$F$15,$M24-$A$15,AR$13)=0,10^12,OFFSET(CRONOPLE!$F$15,$M24-$A$15,AR$13)))","v":1000000000000},{"$f":"IF(OR($D24<>\"Serviço\",AND(AUTOEVENTO=\"Manual\",$M24=$A$15)),0,\n         IF(OFFSET(CRONOPLE!$F$15,$M24-$A$15,AS$13)=0,10^12,OFFSET(CRONOPLE!$F$15,$M24-$A$15,AS$13)))","v":1000000000000},{"$f":"IF(OR($D24<>\"Serviço\",AND(AUTOEVENTO=\"Manual\",$M24=$A$15)),0,\n         IF(OFFSET(CRONOPLE!$F$15,$M24-$A$15,AT$13)=0,10^12,OFFSET(CRONOPLE!$F$15,$M24-$A$15,AT$13)))","v":1000000000000},{"$f":"IF(OR($D24<>\"Serviço\",AND(AUTOEVENTO=\"Manual\",$M24=$A$15)),0,\n         IF(OFFSET(CRONOPLE!$F$15,$M24-$A$15,AU$13)=0,10^12,OFFSET(CRONOPLE!$F$15,$M24-$A$15,AU$13)))","v":1000000000000},{"$f":"IF(OR($D24<>\"Serviço\",AND(AUTOEVENTO=\"Manual\",$M24=$A$15)),0,\n         IF(OFFSET(CRONOPLE!$F$15,$M24-$A$15,AV$13)=0,10^12,OFFSET(CRONOPLE!$F$15,$M24-$A$15,AV$13)))","v":1000000000000},null,{"$f":"IF(OR($D24<>\"Serviço\",AND(AUTOEVENTO=\"Manual\",$M24=$A$15),$M24>(ROW(PLE.lastrow)-ROW(PLE.firstrow))),0,\n           IF(OFFSET(PLE!$G$15,$M24-$A$15,AX$13)=\"\",10^12,OFFSET(PLE!$G$15,$M24-$A$15,AX$13)))","v":1000000000000},{"$f":"IF(OR($D24<>\"Serviço\",AND(AUTOEVENTO=\"Manual\",$M24=$A$15),$M24>(ROW(PLE.lastrow)-ROW(PLE.firstrow))),0,\n           IF(OFFSET(PLE!$G$15,$M24-$A$15,AY$13)=\"\",10^12,OFFSET(PLE!$G$15,$M24-$A$15,AY$13)))","v":1000000000000},{"$f":"IF(OR($D24<>\"Serviço\",AND(AUTOEVENTO=\"Manual\",$M24=$A$15),$M24>(ROW(PLE.lastrow)-ROW(PLE.firstrow))),0,\n           IF(OFFSET(PLE!$G$15,$M24-$A$15,AZ$13)=\"\",10^12,OFFSET(PLE!$G$15,$M24-$A$15,AZ$13)))","v":1000000000000},{"$f":"IF(OR($D24<>\"Serviço\",AND(AUTOEVENTO=\"Manual\",$M24=$A$15),$M24>(ROW(PLE.lastrow)-ROW(PLE.firstrow))),0,\n           IF(OFFSET(PLE!$G$15,$M24-$A$15,BA$13)=\"\",10^12,OFFSET(PLE!$G$15,$M24-$A$15,BA$13)))","v":1000000000000},{"$f":"IF(OR($D24<>\"Serviço\",AND(AUTOEVENTO=\"Manual\",$M24=$A$15),$M24>(ROW(PLE.lastrow)-ROW(PLE.firstrow))),0,\n           IF(OFFSET(PLE!$G$15,$M24-$A$15,BB$13)=\"\",10^12,OFFSET(PLE!$G$15,$M24-$A$15,BB$13)))","v":1000000000000},{"$f":"IF(OR($D24<>\"Serviço\",AND(AUTOEVENTO=\"Manual\",$M24=$A$15),$M24>(ROW(PLE.lastrow)-ROW(PLE.firstrow))),0,\n           IF(OFFSET(PLE!$G$15,$M24-$A$15,BC$13)=\"\",10^12,OFFSET(PLE!$G$15,$M24-$A$15,BC$13)))","v":1000000000000},{"$f":"IF(OR($D24<>\"Serviço\",AND(AUTOEVENTO=\"Manual\",$M24=$A$15),$M24>(ROW(PLE.lastrow)-ROW(PLE.firstrow))),0,\n           IF(OFFSET(PLE!$G$15,$M24-$A$15,BD$13)=\"\",10^12,OFFSET(PLE!$G$15,$M24-$A$15,BD$13)))","v":1000000000000},{"$f":"IF(OR($D24<>\"Serviço\",AND(AUTOEVENTO=\"Manual\",$M24=$A$15),$M24>(ROW(PLE.lastrow)-ROW(PLE.firstrow))),0,\n           IF(OFFSET(PLE!$G$15,$M24-$A$15,BE$13)=\"\",10^12,OFFSET(PLE!$G$15,$M24-$A$15,BE$13)))","v":1000000000000},{"$f":"IF(OR($D24<>\"Serviço\",AND(AUTOEVENTO=\"Manual\",$M24=$A$15),$M24>(ROW(PLE.lastrow)-ROW(PLE.firstrow))),0,\n           IF(OFFSET(PLE!$G$15,$M24-$A$15,BF$13)=\"\",10^12,OFFSET(PLE!$G$15,$M24-$A$15,BF$13)))","v":1000000000000},{"$f":"IF(OR($D24<>\"Serviço\",AND(AUTOEVENTO=\"Manual\",$M24=$A$15),$M24>(ROW(PLE.lastrow)-ROW(PLE.firstrow))),0,\n           IF(OFFSET(PLE!$G$15,$M24-$A$15,BG$13)=\"\",10^12,OFFSET(PLE!$G$15,$M24-$A$15,BG$13)))","v":1000000000000}]
[3,{"$f":"OFFSET(ORÇAMENTO!C$15,$L25,0)","v":"S"},{"$f":"OFFSET(ORÇAMENTO!L$15,$L25,0)","v":"F"},{"$f":"OFFSET(ORÇAMENTO!N$15,$L25,0)","v":"Serviço"},{"$f":"OFFSET(ORÇAMENTO!O$15,$L25,0)","v":"1.2.4."},{"$f":"OFFSET(ORÇAMENTO!R$15,$L25,0)","v":"DEMOLIÇÃO DE ARGAMASSAS, DE FORMA DE FORMA MECANIZADA COM MARTELETE, SEM REAPROVEITAMENTO. AF_09/2023"},{"$f":"IF($D25<>\"Serviço\",\"\",OFFSET(ORÇAMENTO!S$15,$L25,0))","v":"M2"},{"$f":"IF($D25<>\"Serviço\",0,IF(ACOMPANHAMENTO=\"BM\",ROUND(OFFSET(ORÇAMENTO!AJ$15,$L25,0),15-13*ORÇAMENTO!$AF$7),IF(IFERROR(CÁLCULO.FrentesPreenchidas,0)=0,0,SUM(ROUND(OFFSET($P25,0,1,1,CÁLCULO.FrentesPreenchidas),15-13*ORÇAMENTO!$AF$7)))))","v":348.84},"ESPELHOS ARQUIBANCADAS ( 11 LANCES X 0,55M ALTURA X 57,66M COMPRIMENTO)",{"$f":"IF(OR(B25<>\"S\",CÁLCULO.FrentesPreenchidas=0),\"\",IF(AND(ACOMPANHAMENTO=\"PLE\",AUTOEVENTO=\"Manual\",OR(H25>0,ORÇAMENTO!AC25=\"QUANT.\"),OR(K25=\"\",M25=0,N25=\"\")),\"►E\",IF(AND(ACOMPANHAMENTO=\"PLE\",ORÇAMENTO!AC25=\"QUANT.\"),\"►Q\",IF(AND(ACOMPANHAMENTO=\"PLE\",H25<>SUMPRODUCT(($Q$1:$AA$1=1)*ROUND(Q25:AA25,15))),\"►S\",IF(AND(COUNTIF($P$11:$AA$11,\"▼\")=0,H25>0,I25=\"\"),\"◄M\",\"\")))))","v":""},"3.Demolições e Retirada",10,{"$f":"IF($D25<>\"Serviço\",\"\",\n          IF(AUTOEVENTO=\"manual\",$A25,\n                IF(ISERROR(MATCH($A25,$A$15:OFFSET($A25,-1,0),0)),MAX($M$15:OFFSET(M25,-1,0))+1,\n                      INDEX($M$15:OFFSET(M25,-1,0),MATCH($A25,$A$15:OFFSET($A25,-1,0),0)))))","v":3},{"$f":"IF($D25<>\"Serviço\",\"\",\n         IF(AUTOEVENTO=\"Manual\",\n                IF($A25=0,\"<-- defina o número do agrupador\",\n                       OFFSET(EVENTOS!$D$15,$A25-$A$15,0)),\n                OFFSET($F$15,$A25,0)))","v":"Quebra degraus e Área para PCD"},null,null,{"$f":"11*0.55*57.66/2","v":174.42150000000001},{"$f":"11*0.55*57.66/2","v":174.42150000000001},null,null,null,null,null,null,null,null,null,{"$f":"IF(AND($D25=\"Serviço\",AB$12<>0,$H25>0,OR(AUTOEVENTO<>\"manual\",$M25<>$A$15)),\n        IF(Import.TipoArredondamento<>\"TransfereGOV\",\n              ROUND(OFFSET($P25,0,AB$13),15-13*ORÇAMENTO!$AF$7)/$H25*OFFSET(ORÇAMENTO!$X$15,ROW(AB25)-ROW(AB$15),0),\n              ROUND(ROUND(OFFSET($P25,0,AB$13),15-13*ORÇAMENTO!$AF$7)*OFFSET(ORÇAMENTO!$W$15,ROW(AB25)-ROW(AB$15),0),15-13*ORÇAMENTO!$AF$11)),\n         0)","v":0},{"$f":"IF(AND($D25=\"Serviço\",AC$12<>0,$H25>0,OR(AUTOEVENTO<>\"manual\",$M25<>$A$15)),\n        IF(Import.TipoArredondamento<>\"TransfereGOV\",\n              ROUND(OFFSET($P25,0,AC$13),15-13*ORÇAMENTO!$AF$7)/$H25*OFFSET(ORÇAMENTO!$X$15,ROW(AC25)-ROW(AC$15),0),\n              ROUND(ROUND(OFFSET($P25,0,AC$13),15-13*ORÇAMENTO!$AF$7)*OFFSET(ORÇAMENTO!$W$15,ROW(AC25)-ROW(AC$15),0),15-13*ORÇAMENTO!$AF$11)),\n         0)","v":0},{"$f":"IF(AND($D25=\"Serviço\",AD$12<>0,$H25>0,OR(AUTOEVENTO<>\"manual\",$M25<>$A$15)),\n        IF(Import.TipoArredondamento<>\"TransfereGOV\",\n              ROUND(OFFSET($P25,0,AD$13),15-13*ORÇAMENTO!$AF$7)/$H25*OFFSET(ORÇAMENTO!$X$15,ROW(AD25)-ROW(AD$15),0),\n              ROUND(ROUND(OFFSET($P25,0,AD$13),15-13*ORÇAMENTO!$AF$7)*OFFSET(ORÇAMENTO!$W$15,ROW(AD25)-ROW(AD$15),0),15-13*ORÇAMENTO!$AF$11)),\n         0)","v":0},{"$f":"IF(AND($D25=\"Serviço\",AE$12<>0,$H25>0,OR(AUTOEVENTO<>\"manual\",$M25<>$A$15)),\n        IF(Import.TipoArredondamento<>\"TransfereGOV\",\n              ROUND(OFFSET($P25,0,AE$13),15-13*ORÇAMENTO!$AF$7)/$H25*OFFSET(ORÇAMENTO!$X$15,ROW(AE25)-ROW(AE$15),0),\n              ROUND(ROUND(OFFSET($P25,0,AE$13),15-13*ORÇAMENTO!$AF$7)*OFFSET(ORÇAMENTO!$W$15,ROW(AE25)-ROW(AE$15),0),15-13*ORÇAMENTO!$AF$11)),\n         0)","v":0},{"$f":"IF(AND($D25=\"Serviço\",AF$12<>0,$H25>0,OR(AUTOEVENTO<>\"manual\",$M25<>$A$15)),\n        IF(Import.TipoArredondamento<>\"TransfereGOV\",\n              ROUND(OFFSET($P25,0,AF$13),15-13*ORÇAMENTO!$AF$7)/$H25*OFFSET(ORÇAMENTO!$X$15,ROW(AF25)-ROW(AF$15),0),\n              ROUND(ROUND(OFFSET($P25,0,AF$13),15-13*ORÇAMENTO!$AF$7)*OFFSET(ORÇAMENTO!$W$15,ROW(AF25)-ROW(AF$15),0),15-13*ORÇAMENTO!$AF$11)),\n         0)","v":0},{"$f":"IF(AND($D25=\"Serviço\",AG$12<>0,$H25>0,OR(AUTOEVENTO<>\"manual\",$M25<>$A$15)),\n        IF(Import.TipoArredondamento<>\"TransfereGOV\",\n              ROUND(OFFSET($P25,0,AG$13),15-13*ORÇAMENTO!$AF$7)/$H25*OFFSET(ORÇAMENTO!$X$15,ROW(AG25)-ROW(AG$15),0),\n              ROUND(ROUND(OFFSET($P25,0,AG$13),15-13*ORÇAMENTO!$AF$7)*OFFSET(ORÇAMENTO!$W$15,ROW(AG25)-ROW(AG$15),0),15-13*ORÇAMENTO!$AF$11)),\n         0)","v":0},{"$f":"IF(AND($D25=\"Serviço\",AH$12<>0,$H25>0,OR(AUTOEVENTO<>\"manual\",$M25<>$A$15)),\n        IF(Import.TipoArredondamento<>\"TransfereGOV\",\n              ROUND(OFFSET($P25,0,AH$13),15-13*ORÇAMENTO!$AF$7)/$H25*OFFSET(ORÇAMENTO!$X$15,ROW(AH25)-ROW(AH$15),0),\n              ROUND(ROUND(OFFSET($P25,0,AH$13),15-13*ORÇAMENTO!$AF$7)*OFFSET(ORÇAMENTO!$W$15,ROW(AH25)-ROW(AH$15),0),15-13*ORÇAMENTO!$AF$11)),\n         0)","v":0},{"$f":"IF(AND($D25=\"Serviço\",AI$12<>0,$H25>0,OR(AUTOEVENTO<>\"manual\",$M25<>$A$15)),\n        IF(Import.TipoArredondamento<>\"TransfereGOV\",\n              ROUND(OFFSET($P25,0,AI$13),15-13*ORÇAMENTO!$AF$7)/$H25*OFFSET(ORÇAMENTO!$X$15,ROW(AI25)-ROW(AI$15),0),\n              ROUND(ROUND(OFFSET($P25,0,AI$13),15-13*ORÇAMENTO!$AF$7)*OFFSET(ORÇAMENTO!$W$15,ROW(AI25)-ROW(AI$15),0),15-13*ORÇAMENTO!$AF$11)),\n         0)","v":0},{"$f":"IF(AND($D25=\"Serviço\",AJ$12<>0,$H25>0,OR(AUTOEVENTO<>\"manual\",$M25<>$A$15)),\n        IF(Import.TipoArredondamento<>\"TransfereGOV\",\n              ROUND(OFFSET($P25,0,AJ$13),15-13*ORÇAMENTO!$AF$7)/$H25*OFFSET(ORÇAMENTO!$X$15,ROW(AJ25)-ROW(AJ$15),0),\n              ROUND(ROUND(OFFSET($P25,0,AJ$13),15-13*ORÇAMENTO!$AF$7)*OFFSET(ORÇAMENTO!$W$15,ROW(AJ25)-ROW(AJ$15),0),15-13*ORÇAMENTO!$AF$11)),\n         0)","v":0},{"$f":"IF(AND($D25=\"Serviço\",AK$12<>0,$H25>0,OR(AUTOEVENTO<>\"manual\",$M25<>$A$15)),\n        IF(Import.TipoArredondamento<>\"TransfereGOV\",\n              ROUND(OFFSET($P25,0,AK$13),15-13*ORÇAMENTO!$AF$7)/$H25*OFFSET(ORÇAMENTO!$X$15,ROW(AK25)-ROW(AK$15),0),\n              ROUND(ROUND(OFFSET($P25,0,AK$13),15-13*ORÇAMENTO!$AF$7)*OFFSET(ORÇAMENTO!$W$15,ROW(AK25)-ROW(AK$15),0),15-13*ORÇAMENTO!$AF$11)),\n         0)","v":0},null,{"$f":"IF(OR($D25<>\"Serviço\",AND(AUTOEVENTO=\"Manual\",$M25=$A$15)),0,\n         IF(OFFSET(CRONOPLE!$F$15,$M25-$A$15,AM$13)=0,10^12,OFFSET(CRONOPLE!$F$15,$M25-$A$15,AM$13)))","v":2},{"$f":"IF(OR($D25<>\"Serviço\",AND(AUTOEVENTO=\"Manual\",$M25=$A$15)),0,\n         IF(OFFSET(CRONOPLE!$F$15,$M25-$A$15,AN$13)=0,10^12,OFFSET(CRONOPLE!$F$15,$M25-$A$15,AN$13)))","v":2},{"$f":"IF(OR($D25<>\"Serviço\",AND(AUTOEVENTO=\"Manual\",$M25=$A$15)),0,\n         IF(OFFSET(CRONOPLE!$F$15,$M25-$A$15,AO$13)=0,10^12,OFFSET(CRONOPLE!$F$15,$M25-$A$15,AO$13)))","v":1000000000000},{"$f":"IF(OR($D25<>\"Serviço\",AND(AUTOEVENTO=\"Manual\",$M25=$A$15)),0,\n         IF(OFFSET(CRONOPLE!$F$15,$M25-$A$15,AP$13)=0,10^12,OFFSET(CRONOPLE!$F$15,$M25-$A$15,AP$13)))","v":1000000000000},{"$f":"IF(OR($D25<>\"Serviço\",AND(AUTOEVENTO=\"Manual\",$M25=$A$15)),0,\n         IF(OFFSET(CRONOPLE!$F$15,$M25-$A$15,AQ$13)=0,10^12,OFFSET(CRONOPLE!$F$15,$M25-$A$15,AQ$13)))","v":1000000000000},{"$f":"IF(OR($D25<>\"Serviço\",AND(AUTOEVENTO=\"Manual\",$M25=$A$15)),0,\n         IF(OFFSET(CRONOPLE!$F$15,$M25-$A$15,AR$13)=0,10^12,OFFSET(CRONOPLE!$F$15,$M25-$A$15,AR$13)))","v":1000000000000},{"$f":"IF(OR($D25<>\"Serviço\",AND(AUTOEVENTO=\"Manual\",$M25=$A$15)),0,\n         IF(OFFSET(CRONOPLE!$F$15,$M25-$A$15,AS$13)=0,10^12,OFFSET(CRONOPLE!$F$15,$M25-$A$15,AS$13)))","v":1000000000000},{"$f":"IF(OR($D25<>\"Serviço\",AND(AUTOEVENTO=\"Manual\",$M25=$A$15)),0,\n         IF(OFFSET(CRONOPLE!$F$15,$M25-$A$15,AT$13)=0,10^12,OFFSET(CRONOPLE!$F$15,$M25-$A$15,AT$13)))","v":1000000000000},{"$f":"IF(OR($D25<>\"Serviço\",AND(AUTOEVENTO=\"Manual\",$M25=$A$15)),0,\n         IF(OFFSET(CRONOPLE!$F$15,$M25-$A$15,AU$13)=0,10^12,OFFSET(CRONOPLE!$F$15,$M25-$A$15,AU$13)))","v":1000000000000},{"$f":"IF(OR($D25<>\"Serviço\",AND(AUTOEVENTO=\"Manual\",$M25=$A$15)),0,\n         IF(OFFSET(CRONOPLE!$F$15,$M25-$A$15,AV$13)=0,10^12,OFFSET(CRONOPLE!$F$15,$M25-$A$15,AV$13)))","v":1000000000000},null,{"$f":"IF(OR($D25<>\"Serviço\",AND(AUTOEVENTO=\"Manual\",$M25=$A$15),$M25>(ROW(PLE.lastrow)-ROW(PLE.firstrow))),0,\n           IF(OFFSET(PLE!$G$15,$M25-$A$15,AX$13)=\"\",10^12,OFFSET(PLE!$G$15,$M25-$A$15,AX$13)))","v":1000000000000},{"$f":"IF(OR($D25<>\"Serviço\",AND(AUTOEVENTO=\"Manual\",$M25=$A$15),$M25>(ROW(PLE.lastrow)-ROW(PLE.firstrow))),0,\n           IF(OFFSET(PLE!$G$15,$M25-$A$15,AY$13)=\"\",10^12,OFFSET(PLE!$G$15,$M25-$A$15,AY$13)))","v":1000000000000},{"$f":"IF(OR($D25<>\"Serviço\",AND(AUTOEVENTO=\"Manual\",$M25=$A$15),$M25>(ROW(PLE.lastrow)-ROW(PLE.firstrow))),0,\n           IF(OFFSET(PLE!$G$15,$M25-$A$15,AZ$13)=\"\",10^12,OFFSET(PLE!$G$15,$M25-$A$15,AZ$13)))","v":1000000000000},{"$f":"IF(OR($D25<>\"Serviço\",AND(AUTOEVENTO=\"Manual\",$M25=$A$15),$M25>(ROW(PLE.lastrow)-ROW(PLE.firstrow))),0,\n           IF(OFFSET(PLE!$G$15,$M25-$A$15,BA$13)=\"\",10^12,OFFSET(PLE!$G$15,$M25-$A$15,BA$13)))","v":1000000000000},{"$f":"IF(OR($D25<>\"Serviço\",AND(AUTOEVENTO=\"Manual\",$M25=$A$15),$M25>(ROW(PLE.lastrow)-ROW(PLE.firstrow))),0,\n           IF(OFFSET(PLE!$G$15,$M25-$A$15,BB$13)=\"\",10^12,OFFSET(PLE!$G$15,$M25-$A$15,BB$13)))","v":1000000000000},{"$f":"IF(OR($D25<>\"Serviço\",AND(AUTOEVENTO=\"Manual\",$M25=$A$15),$M25>(ROW(PLE.lastrow)-ROW(PLE.firstrow))),0,\n           IF(OFFSET(PLE!$G$15,$M25-$A$15,BC$13)=\"\",10^12,OFFSET(PLE!$G$15,$M25-$A$15,BC$13)))","v":1000000000000},{"$f":"IF(OR($D25<>\"Serviço\",AND(AUTOEVENTO=\"Manual\",$M25=$A$15),$M25>(ROW(PLE.lastrow)-ROW(PLE.firstrow))),0,\n           IF(OFFSET(PLE!$G$15,$M25-$A$15,BD$13)=\"\",10^12,OFFSET(PLE!$G$15,$M25-$A$15,BD$13)))","v":1000000000000},{"$f":"IF(OR($D25<>\"Serviço\",AND(AUTOEVENTO=\"Manual\",$M25=$A$15),$M25>(ROW(PLE.lastrow)-ROW(PLE.firstrow))),0,\n           IF(OFFSET(PLE!$G$15,$M25-$A$15,BE$13)=\"\",10^12,OFFSET(PLE!$G$15,$M25-$A$15,BE$13)))","v":1000000000000},{"$f":"IF(OR($D25<>\"Serviço\",AND(AUTOEVENTO=\"Manual\",$M25=$A$15),$M25>(ROW(PLE.lastrow)-ROW(PLE.firstrow))),0,\n           IF(OFFSET(PLE!$G$15,$M25-$A$15,BF$13)=\"\",10^12,OFFSET(PLE!$G$15,$M25-$A$15,BF$13)))","v":1000000000000},{"$f":"IF(OR($D25<>\"Serviço\",AND(AUTOEVENTO=\"Manual\",$M25=$A$15),$M25>(ROW(PLE.lastrow)-ROW(PLE.firstrow))),0,\n           IF(OFFSET(PLE!$G$15,$M25-$A$15,BG$13)=\"\",10^12,OFFSET(PLE!$G$15,$M25-$A$15,BG$13)))","v":1000000000000}]
[3,{"$f":"OFFSET(ORÇAMENTO!C$15,$L26,0)","v":"S"},{"$f":"OFFSET(ORÇAMENTO!L$15,$L26,0)","v":"F"},{"$f":"OFFSET(ORÇAMENTO!N$15,$L26,0)","v":"Serviço"},{"$f":"OFFSET(ORÇAMENTO!O$15,$L26,0)","v":"1.2.5."},{"$f":"OFFSET(ORÇAMENTO!R$15,$L26,0)","v":"RETIRADA MANUAL DE PINTURA LATEX PVC OU ACRILICA EM PAREDES"},{"$f":"IF($D26<>\"Serviço\",\"\",OFFSET(ORÇAMENTO!S$15,$L26,0))","v":"M2"},{"$f":"IF($D26<>\"Serviço\",0,IF(ACOMPANHAMENTO=\"BM\",ROUND(OFFSET(ORÇAMENTO!AJ$15,$L26,0),15-13*ORÇAMENTO!$AF$7),IF(IFERROR(CÁLCULO.FrentesPreenchidas,0)=0,0,SUM(ROUND(OFFSET($P26,0,1,1,CÁLCULO.FrentesPreenchidas),15-13*ORÇAMENTO!$AF$7)))))","v":240.96},"PAREDES ARQUIBANCADA - (45,88M X H=1,80M)\nCABINE LADO EXTERNO - (16,30M X H=2,65M - 8,64M² ESQUADRIAS)\nCABINE LADO INTERNO - (6,65 X H=2,50 X 3UND  - 8,64M² ESQUADRIAS)",{"$f":"IF(OR(B26<>\"S\",CÁLCULO.FrentesPreenchidas=0),\"\",IF(AND(ACOMPANHAMENTO=\"PLE\",AUTOEVENTO=\"Manual\",OR(H26>0,ORÇAMENTO!AC26=\"QUANT.\"),OR(K26=\"\",M26=0,N26=\"\")),\"►E\",IF(AND(ACOMPANHAMENTO=\"PLE\",ORÇAMENTO!AC26=\"QUANT.\"),\"►Q\",IF(AND(ACOMPANHAMENTO=\"PLE\",H26<>SUMPRODUCT(($Q$1:$AA$1=1)*ROUND(Q26:AA26,15))),\"►S\",IF(AND(COUNTIF($P$11:$AA$11,\"▼\")=0,H26>0,I26=\"\"),\"◄M\",\"\")))))","v":""},"3.Demolições e Retirada",11,{"$f":"IF($D26<>\"Serviço\",\"\",\n          IF(AUTOEVENTO=\"manual\",$A26,\n                IF(ISERROR(MATCH($A26,$A$15:OFFSET($A26,-1,0),0)),MAX($M$15:OFFSET(M26,-1,0))+1,\n                      INDEX($M$15:OFFSET(M26,-1,0),MATCH($A26,$A$15:OFFSET($A26,-1,0),0)))))","v":3},{"$f":"IF($D26<>\"Serviço\",\"\",\n         IF(AUTOEVENTO=\"Manual\",\n                IF($A26=0,\"<-- defina o número do agrupador\",\n                       OFFSET(EVENTOS!$D$15,$A26-$A$15,0)),\n                OFFSET($F$15,$A26,0)))","v":"Quebra degraus e Área para PCD"},null,null,{"$f":"((45.88*1.8*2)+(16.3*2.65-8.64)+(6.65*2.5*3-8.64))/2","v":120.47900000000001},{"$f":"((45.88*1.8*2)+(16.3*2.65-8.64)+(6.65*2.5*3-8.64))/2","v":120.47900000000001},null,null,null,null,null,null,null,null,null,{"$f":"IF(AND($D26=\"Serviço\",AB$12<>0,$H26>0,OR(AUTOEVENTO<>\"manual\",$M26<>$A$15)),\n        IF(Import.TipoArredondamento<>\"TransfereGOV\",\n              ROUND(OFFSET($P26,0,AB$13),15-13*ORÇAMENTO!$AF$7)/$H26*OFFSET(ORÇAMENTO!$X$15,ROW(AB26)-ROW(AB$15),0),\n              ROUND(ROUND(OFFSET($P26,0,AB$13),15-13*ORÇAMENTO!$AF$7)*OFFSET(ORÇAMENTO!$W$15,ROW(AB26)-ROW(AB$15),0),15-13*ORÇAMENTO!$AF$11)),\n         0)","v":0},{"$f":"IF(AND($D26=\"Serviço\",AC$12<>0,$H26>0,OR(AUTOEVENTO<>\"manual\",$M26<>$A$15)),\n        IF(Import.TipoArredondamento<>\"TransfereGOV\",\n              ROUND(OFFSET($P26,0,AC$13),15-13*ORÇAMENTO!$AF$7)/$H26*OFFSET(ORÇAMENTO!$X$15,ROW(AC26)-ROW(AC$15),0),\n              ROUND(ROUND(OFFSET($P26,0,AC$13),15-13*ORÇAMENTO!$AF$7)*OFFSET(ORÇAMENTO!$W$15,ROW(AC26)-ROW(AC$15),0),15-13*ORÇAMENTO!$AF$11)),\n         0)","v":0},{"$f":"IF(AND($D26=\"Serviço\",AD$12<>0,$H26>0,OR(AUTOEVENTO<>\"manual\",$M26<>$A$15)),\n        IF(Import.TipoArredondamento<>\"TransfereGOV\",\n              ROUND(OFFSET($P26,0,AD$13),15-13*ORÇAMENTO!$AF$7)/$H26*OFFSET(ORÇAMENTO!$X$15,ROW(AD26)-ROW(AD$15),0),\n              ROUND(ROUND(OFFSET($P26,0,AD$13),15-13*ORÇAMENTO!$AF$7)*OFFSET(ORÇAMENTO!$W$15,ROW(AD26)-ROW(AD$15),0),15-13*ORÇAMENTO!$AF$11)),\n         0)","v":0},{"$f":"IF(AND($D26=\"Serviço\",AE$12<>0,$H26>0,OR(AUTOEVENTO<>\"manual\",$M26<>$A$15)),\n        IF(Import.TipoArredondamento<>\"TransfereGOV\",\n              ROUND(OFFSET($P26,0,AE$13),15-13*ORÇAMENTO!$AF$7)/$H26*OFFSET(ORÇAMENTO!$X$15,ROW(AE26)-ROW(AE$15),0),\n              ROUND(ROUND(OFFSET($P26,0,AE$13),15-13*ORÇAMENTO!$AF$7)*OFFSET(ORÇAMENTO!$W$15,ROW(AE26)-ROW(AE$15),0),15-13*ORÇAMENTO!$AF$11)),\n         0)","v":0},{"$f":"IF(AND($D26=\"Serviço\",AF$12<>0,$H26>0,OR(AUTOEVENTO<>\"manual\",$M26<>$A$15)),\n        IF(Import.TipoArredondamento<>\"TransfereGOV\",\n              ROUND(OFFSET($P26,0,AF$13),15-13*ORÇAMENTO!$AF$7)/$H26*OFFSET(ORÇAMENTO!$X$15,ROW(AF26)-ROW(AF$15),0),\n              ROUND(ROUND(OFFSET($P26,0,AF$13),15-13*ORÇAMENTO!$AF$7)*OFFSET(ORÇAMENTO!$W$15,ROW(AF26)-ROW(AF$15),0),15-13*ORÇAMENTO!$AF$11)),\n         0)","v":0},{"$f":"IF(AND($D26=\"Serviço\",AG$12<>0,$H26>0,OR(AUTOEVENTO<>\"manual\",$M26<>$A$15)),\n        IF(Import.TipoArredondamento<>\"TransfereGOV\",\n              ROUND(OFFSET($P26,0,AG$13),15-13*ORÇAMENTO!$AF$7)/$H26*OFFSET(ORÇAMENTO!$X$15,ROW(AG26)-ROW(AG$15),0),\n              ROUND(ROUND(OFFSET($P26,0,AG$13),15-13*ORÇAMENTO!$AF$7)*OFFSET(ORÇAMENTO!$W$15,ROW(AG26)-ROW(AG$15),0),15-13*ORÇAMENTO!$AF$11)),\n         0)","v":0},{"$f":"IF(AND($D26=\"Serviço\",AH$12<>0,$H26>0,OR(AUTOEVENTO<>\"manual\",$M26<>$A$15)),\n        IF(Import.TipoArredondamento<>\"TransfereGOV\",\n              ROUND(OFFSET($P26,0,AH$13),15-13*ORÇAMENTO!$AF$7)/$H26*OFFSET(ORÇAMENTO!$X$15,ROW(AH26)-ROW(AH$15),0),\n              ROUND(ROUND(OFFSET($P26,0,AH$13),15-13*ORÇAMENTO!$AF$7)*OFFSET(ORÇAMENTO!$W$15,ROW(AH26)-ROW(AH$15),0),15-13*ORÇAMENTO!$AF$11)),\n         0)","v":0},{"$f":"IF(AND($D26=\"Serviço\",AI$12<>0,$H26>0,OR(AUTOEVENTO<>\"manual\",$M26<>$A$15)),\n        IF(Import.TipoArredondamento<>\"TransfereGOV\",\n              ROUND(OFFSET($P26,0,AI$13),15-13*ORÇAMENTO!$AF$7)/$H26*OFFSET(ORÇAMENTO!$X$15,ROW(AI26)-ROW(AI$15),0),\n              ROUND(ROUND(OFFSET($P26,0,AI$13),15-13*ORÇAMENTO!$AF$7)*OFFSET(ORÇAMENTO!$W$15,ROW(AI26)-ROW(AI$15),0),15-13*ORÇAMENTO!$AF$11)),\n         0)","v":0},{"$f":"IF(AND($D26=\"Serviço\",AJ$12<>0,$H26>0,OR(AUTOEVENTO<>\"manual\",$M26<>$A$15)),\n        IF(Import.TipoArredondamento<>\"TransfereGOV\",\n              ROUND(OFFSET($P26,0,AJ$13),15-13*ORÇAMENTO!$AF$7)/$H26*OFFSET(ORÇAMENTO!$X$15,ROW(AJ26)-ROW(AJ$15),0),\n              ROUND(ROUND(OFFSET($P26,0,AJ$13),15-13*ORÇAMENTO!$AF$7)*OFFSET(ORÇAMENTO!$W$15,ROW(AJ26)-ROW(AJ$15),0),15-13*ORÇAMENTO!$AF$11)),\n         0)","v":0},{"$f":"IF(AND($D26=\"Serviço\",AK$12<>0,$H26>0,OR(AUTOEVENTO<>\"manual\",$M26<>$A$15)),\n        IF(Import.TipoArredondamento<>\"TransfereGOV\",\n              ROUND(OFFSET($P26,0,AK$13),15-13*ORÇAMENTO!$AF$7)/$H26*OFFSET(ORÇAMENTO!$X$15,ROW(AK26)-ROW(AK$15),0),\n              ROUND(ROUND(OFFSET($P26,0,AK$13),15-13*ORÇAMENTO!$AF$7)*OFFSET(ORÇAMENTO!$W$15,ROW(AK26)-ROW(AK$15),0),15-13*ORÇAMENTO!$AF$11)),\n         0)","v":0},null,{"$f":"IF(OR($D26<>\"Serviço\",AND(AUTOEVENTO=\"Manual\",$M26=$A$15)),0,\n         IF(OFFSET(CRONOPLE!$F$15,$M26-$A$15,AM$13)=0,10^12,OFFSET(CRONOPLE!$F$15,$M26-$A$15,AM$13)))","v":2},{"$f":"IF(OR($D26<>\"Serviço\",AND(AUTOEVENTO=\"Manual\",$M26=$A$15)),0,\n         IF(OFFSET(CRONOPLE!$F$15,$M26-$A$15,AN$13)=0,10^12,OFFSET(CRONOPLE!$F$15,$M26-$A$15,AN$13)))","v":2},{"$f":"IF(OR($D26<>\"Serviço\",AND(AUTOEVENTO=\"Manual\",$M26=$A$15)),0,\n         IF(OFFSET(CRONOPLE!$F$15,$M26-$A$15,AO$13)=0,10^12,OFFSET(CRONOPLE!$F$15,$M26-$A$15,AO$13)))","v":1000000000000},{"$f":"IF(OR($D26<>\"Serviço\",AND(AUTOEVENTO=\"Manual\",$M26=$A$15)),0,\n         IF(OFFSET(CRONOPLE!$F$15,$M26-$A$15,AP$13)=0,10^12,OFFSET(CRONOPLE!$F$15,$M26-$A$15,AP$13)))","v":1000000000000},{"$f":"IF(OR($D26<>\"Serviço\",AND(AUTOEVENTO=\"Manual\",$M26=$A$15)),0,\n         IF(OFFSET(CRONOPLE!$F$15,$M26-$A$15,AQ$13)=0,10^12,OFFSET(CRONOPLE!$F$15,$M26-$A$15,AQ$13)))","v":1000000000000},{"$f":"IF(OR($D26<>\"Serviço\",AND(AUTOEVENTO=\"Manual\",$M26=$A$15)),0,\n         IF(OFFSET(CRONOPLE!$F$15,$M26-$A$15,AR$13)=0,10^12,OFFSET(CRONOPLE!$F$15,$M26-$A$15,AR$13)))","v":1000000000000},{"$f":"IF(OR($D26<>\"Serviço\",AND(AUTOEVENTO=\"Manual\",$M26=$A$15)),0,\n         IF(OFFSET(CRONOPLE!$F$15,$M26-$A$15,AS$13)=0,10^12,OFFSET(CRONOPLE!$F$15,$M26-$A$15,AS$13)))","v":1000000000000},{"$f":"IF(OR($D26<>\"Serviço\",AND(AUTOEVENTO=\"Manual\",$M26=$A$15)),0,\n         IF(OFFSET(CRONOPLE!$F$15,$M26-$A$15,AT$13)=0,10^12,OFFSET(CRONOPLE!$F$15,$M26-$A$15,AT$13)))","v":1000000000000},{"$f":"IF(OR($D26<>\"Serviço\",AND(AUTOEVENTO=\"Manual\",$M26=$A$15)),0,\n         IF(OFFSET(CRONOPLE!$F$15,$M26-$A$15,AU$13)=0,10^12,OFFSET(CRONOPLE!$F$15,$M26-$A$15,AU$13)))","v":1000000000000},{"$f":"IF(OR($D26<>\"Serviço\",AND(AUTOEVENTO=\"Manual\",$M26=$A$15)),0,\n         IF(OFFSET(CRONOPLE!$F$15,$M26-$A$15,AV$13)=0,10^12,OFFSET(CRONOPLE!$F$15,$M26-$A$15,AV$13)))","v":1000000000000},null,{"$f":"IF(OR($D26<>\"Serviço\",AND(AUTOEVENTO=\"Manual\",$M26=$A$15),$M26>(ROW(PLE.lastrow)-ROW(PLE.firstrow))),0,\n           IF(OFFSET(PLE!$G$15,$M26-$A$15,AX$13)=\"\",10^12,OFFSET(PLE!$G$15,$M26-$A$15,AX$13)))","v":1000000000000},{"$f":"IF(OR($D26<>\"Serviço\",AND(AUTOEVENTO=\"Manual\",$M26=$A$15),$M26>(ROW(PLE.lastrow)-ROW(PLE.firstrow))),0,\n           IF(OFFSET(PLE!$G$15,$M26-$A$15,AY$13)=\"\",10^12,OFFSET(PLE!$G$15,$M26-$A$15,AY$13)))","v":1000000000000},{"$f":"IF(OR($D26<>\"Serviço\",AND(AUTOEVENTO=\"Manual\",$M26=$A$15),$M26>(ROW(PLE.lastrow)-ROW(PLE.firstrow))),0,\n           IF(OFFSET(PLE!$G$15,$M26-$A$15,AZ$13)=\"\",10^12,OFFSET(PLE!$G$15,$M26-$A$15,AZ$13)))","v":1000000000000},{"$f":"IF(OR($D26<>\"Serviço\",AND(AUTOEVENTO=\"Manual\",$M26=$A$15),$M26>(ROW(PLE.lastrow)-ROW(PLE.firstrow))),0,\n           IF(OFFSET(PLE!$G$15,$M26-$A$15,BA$13)=\"\",10^12,OFFSET(PLE!$G$15,$M26-$A$15,BA$13)))","v":1000000000000},{"$f":"IF(OR($D26<>\"Serviço\",AND(AUTOEVENTO=\"Manual\",$M26=$A$15),$M26>(ROW(PLE.lastrow)-ROW(PLE.firstrow))),0,\n           IF(OFFSET(PLE!$G$15,$M26-$A$15,BB$13)=\"\",10^12,OFFSET(PLE!$G$15,$M26-$A$15,BB$13)))","v":1000000000000},{"$f":"IF(OR($D26<>\"Serviço\",AND(AUTOEVENTO=\"Manual\",$M26=$A$15),$M26>(ROW(PLE.lastrow)-ROW(PLE.firstrow))),0,\n           IF(OFFSET(PLE!$G$15,$M26-$A$15,BC$13)=\"\",10^12,OFFSET(PLE!$G$15,$M26-$A$15,BC$13)))","v":1000000000000},{"$f":"IF(OR($D26<>\"Serviço\",AND(AUTOEVENTO=\"Manual\",$M26=$A$15),$M26>(ROW(PLE.lastrow)-ROW(PLE.firstrow))),0,\n           IF(OFFSET(PLE!$G$15,$M26-$A$15,BD$13)=\"\",10^12,OFFSET(PLE!$G$15,$M26-$A$15,BD$13)))","v":1000000000000},{"$f":"IF(OR($D26<>\"Serviço\",AND(AUTOEVENTO=\"Manual\",$M26=$A$15),$M26>(ROW(PLE.lastrow)-ROW(PLE.firstrow))),0,\n           IF(OFFSET(PLE!$G$15,$M26-$A$15,BE$13)=\"\",10^12,OFFSET(PLE!$G$15,$M26-$A$15,BE$13)))","v":1000000000000},{"$f":"IF(OR($D26<>\"Serviço\",AND(AUTOEVENTO=\"Manual\",$M26=$A$15),$M26>(ROW(PLE.lastrow)-ROW(PLE.firstrow))),0,\n           IF(OFFSET(PLE!$G$15,$M26-$A$15,BF$13)=\"\",10^12,OFFSET(PLE!$G$15,$M26-$A$15,BF$13)))","v":1000000000000},{"$f":"IF(OR($D26<>\"Serviço\",AND(AUTOEVENTO=\"Manual\",$M26=$A$15),$M26>(ROW(PLE.lastrow)-ROW(PLE.firstrow))),0,\n           IF(OFFSET(PLE!$G$15,$M26-$A$15,BG$13)=\"\",10^12,OFFSET(PLE!$G$15,$M26-$A$15,BG$13)))","v":1000000000000}]
[3,{"$f":"OFFSET(ORÇAMENTO!C$15,$L27,0)","v":"S"},{"$f":"OFFSET(ORÇAMENTO!L$15,$L27,0)","v":"F"},{"$f":"OFFSET(ORÇAMENTO!N$15,$L27,0)","v":"Serviço"},{"$f":"OFFSET(ORÇAMENTO!O$15,$L27,0)","v":"1.2.6."},{"$f":"OFFSET(ORÇAMENTO!R$15,$L27,0)","v":"DEMOLIÇÃO DE ALVENARIA DE BLOCO FURADO, DE FORMA MANUAL, SEM REAPROVEITAMENTO. AF_09/2023"},{"$f":"IF($D27<>\"Serviço\",\"\",OFFSET(ORÇAMENTO!S$15,$L27,0))","v":"M3"},{"$f":"IF($D27<>\"Serviço\",0,IF(ACOMPANHAMENTO=\"BM\",ROUND(OFFSET(ORÇAMENTO!AJ$15,$L27,0),15-13*ORÇAMENTO!$AF$7),IF(IFERROR(CÁLCULO.FrentesPreenchidas,0)=0,0,SUM(ROUND(OFFSET($P27,0,1,1,CÁLCULO.FrentesPreenchidas),15-13*ORÇAMENTO!$AF$7)))))","v":1.23},"ACESSO CADEIRANTES ARQUIBANCADA - 4,54M X H=1,80M X 0,15M",{"$f":"IF(OR(B27<>\"S\",CÁLCULO.FrentesPreenchidas=0),\"\",IF(AND(ACOMPANHAMENTO=\"PLE\",AUTOEVENTO=\"Manual\",OR(H27>0,ORÇAMENTO!AC27=\"QUANT.\"),OR(K27=\"\",M27=0,N27=\"\")),\"►E\",IF(AND(ACOMPANHAMENTO=\"PLE\",ORÇAMENTO!AC27=\"QUANT.\"),\"►Q\",IF(AND(ACOMPANHAMENTO=\"PLE\",H27<>SUMPRODUCT(($Q$1:$AA$1=1)*ROUND(Q27:AA27,15))),\"►S\",IF(AND(COUNTIF($P$11:$AA$11,\"▼\")=0,H27>0,I27=\"\"),\"◄M\",\"\")))))","v":""},"3.Demolições e Retirada",12,{"$f":"IF($D27<>\"Serviço\",\"\",\n          IF(AUTOEVENTO=\"manual\",$A27,\n                IF(ISERROR(MATCH($A27,$A$15:OFFSET($A27,-1,0),0)),MAX($M$15:OFFSET(M27,-1,0))+1,\n                      INDEX($M$15:OFFSET(M27,-1,0),MATCH($A27,$A$15:OFFSET($A27,-1,0),0)))))","v":3},{"$f":"IF($D27<>\"Serviço\",\"\",\n         IF(AUTOEVENTO=\"Manual\",\n                IF($A27=0,\"<-- defina o número do agrupador\",\n                       OFFSET(EVENTOS!$D$15,$A27-$A$15,0)),\n                OFFSET($F$15,$A27,0)))","v":"Quebra degraus e Área para PCD"},null,null,{"$f":"4.54*1.8*0.15/2","v":0.6129},{"$f":"4.54*1.8*0.15/2","v":0.6129},null,null,null,null,null,null,null,null,null,{"$f":"IF(AND($D27=\"Serviço\",AB$12<>0,$H27>0,OR(AUTOEVENTO<>\"manual\",$M27<>$A$15)),\n        IF(Import.TipoArredondamento<>\"TransfereGOV\",\n              ROUND(OFFSET($P27,0,AB$13),15-13*ORÇAMENTO!$AF$7)/$H27*OFFSET(ORÇAMENTO!$X$15,ROW(AB27)-ROW(AB$15),0),\n              ROUND(ROUND(OFFSET($P27,0,AB$13),15-13*ORÇAMENTO!$AF$7)*OFFSET(ORÇAMENTO!$W$15,ROW(AB27)-ROW(AB$15),0),15-13*ORÇAMENTO!$AF$11)),\n         0)","v":0},{"$f":"IF(AND($D27=\"Serviço\",AC$12<>0,$H27>0,OR(AUTOEVENTO<>\"manual\",$M27<>$A$15)),\n        IF(Import.TipoArredondamento<>\"TransfereGOV\",\n              ROUND(OFFSET($P27,0,AC$13),15-13*ORÇAMENTO!$AF$7)/$H27*OFFSET(ORÇAMENTO!$X$15,ROW(AC27)-ROW(AC$15),0),\n              ROUND(ROUND(OFFSET($P27,0,AC$13),15-13*ORÇAMENTO!$AF$7)*OFFSET(ORÇAMENTO!$W$15,ROW(AC27)-ROW(AC$15),0),15-13*ORÇAMENTO!$AF$11)),\n         0)","v":0},{"$f":"IF(AND($D27=\"Serviço\",AD$12<>0,$H27>0,OR(AUTOEVENTO<>\"manual\",$M27<>$A$15)),\n        IF(Import.TipoArredondamento<>\"TransfereGOV\",\n              ROUND(OFFSET($P27,0,AD$13),15-13*ORÇAMENTO!$AF$7)/$H27*OFFSET(ORÇAMENTO!$X$15,ROW(AD27)-ROW(AD$15),0),\n              ROUND(ROUND(OFFSET($P27,0,AD$13),15-13*ORÇAMENTO!$AF$7)*OFFSET(ORÇAMENTO!$W$15,ROW(AD27)-ROW(AD$15),0),15-13*ORÇAMENTO!$AF$11)),\n         0)","v":0},{"$f":"IF(AND($D27=\"Serviço\",AE$12<>0,$H27>0,OR(AUTOEVENTO<>\"manual\",$M27<>$A$15)),\n        IF(Import.TipoArredondamento<>\"TransfereGOV\",\n              ROUND(OFFSET($P27,0,AE$13),15-13*ORÇAMENTO!$AF$7)/$H27*OFFSET(ORÇAMENTO!$X$15,ROW(AE27)-ROW(AE$15),0),\n              ROUND(ROUND(OFFSET($P27,0,AE$13),15-13*ORÇAMENTO!$AF$7)*OFFSET(ORÇAMENTO!$W$15,ROW(AE27)-ROW(AE$15),0),15-13*ORÇAMENTO!$AF$11)),\n         0)","v":0},{"$f":"IF(AND($D27=\"Serviço\",AF$12<>0,$H27>0,OR(AUTOEVENTO<>\"manual\",$M27<>$A$15)),\n        IF(Import.TipoArredondamento<>\"TransfereGOV\",\n              ROUND(OFFSET($P27,0,AF$13),15-13*ORÇAMENTO!$AF$7)/$H27*OFFSET(ORÇAMENTO!$X$15,ROW(AF27)-ROW(AF$15),0),\n              ROUND(ROUND(OFFSET($P27,0,AF$13),15-13*ORÇAMENTO!$AF$7)*OFFSET(ORÇAMENTO!$W$15,ROW(AF27)-ROW(AF$15),0),15-13*ORÇAMENTO!$AF$11)),\n         0)","v":0},{"$f":"IF(AND($D27=\"Serviço\",AG$12<>0,$H27>0,OR(AUTOEVENTO<>\"manual\",$M27<>$A$15)),\n        IF(Import.TipoArredondamento<>\"TransfereGOV\",\n              ROUND(OFFSET($P27,0,AG$13),15-13*ORÇAMENTO!$AF$7)/$H27*OFFSET(ORÇAMENTO!$X$15,ROW(AG27)-ROW(AG$15),0),\n              ROUND(ROUND(OFFSET($P27,0,AG$13),15-13*ORÇAMENTO!$AF$7)*OFFSET(ORÇAMENTO!$W$15,ROW(AG27)-ROW(AG$15),0),15-13*ORÇAMENTO!$AF$11)),\n         0)","v":0},{"$f":"IF(AND($D27=\"Serviço\",AH$12<>0,$H27>0,OR(AUTOEVENTO<>\"manual\",$M27<>$A$15)),\n        IF(Import.TipoArredondamento<>\"TransfereGOV\",\n              ROUND(OFFSET($P27,0,AH$13),15-13*ORÇAMENTO!$AF$7)/$H27*OFFSET(ORÇAMENTO!$X$15,ROW(AH27)-ROW(AH$15),0),\n              ROUND(ROUND(OFFSET($P27,0,AH$13),15-13*ORÇAMENTO!$AF$7)*OFFSET(ORÇAMENTO!$W$15,ROW(AH27)-ROW(AH$15),0),15-13*ORÇAMENTO!$AF$11)),\n         0)","v":0},{"$f":"IF(AND($D27=\"Serviço\",AI$12<>0,$H27>0,OR(AUTOEVENTO<>\"manual\",$M27<>$A$15)),\n        IF(Import.TipoArredondamento<>\"TransfereGOV\",\n              ROUND(OFFSET($P27,0,AI$13),15-13*ORÇAMENTO!$AF$7)/$H27*OFFSET(ORÇAMENTO!$X$15,ROW(AI27)-ROW(AI$15),0),\n              ROUND(ROUND(OFFSET($P27,0,AI$13),15-13*ORÇAMENTO!$AF$7)*OFFSET(ORÇAMENTO!$W$15,ROW(AI27)-ROW(AI$15),0),15-13*ORÇAMENTO!$AF$11)),\n         0)","v":0},{"$f":"IF(AND($D27=\"Serviço\",AJ$12<>0,$H27>0,OR(AUTOEVENTO<>\"manual\",$M27<>$A$15)),\n        IF(Import.TipoArredondamento<>\"TransfereGOV\",\n              ROUND(OFFSET($P27,0,AJ$13),15-13*ORÇAMENTO!$AF$7)/$H27*OFFSET(ORÇAMENTO!$X$15,ROW(AJ27)-ROW(AJ$15),0),\n              ROUND(ROUND(OFFSET($P27,0,AJ$13),15-13*ORÇAMENTO!$AF$7)*OFFSET(ORÇAMENTO!$W$15,ROW(AJ27)-ROW(AJ$15),0),15-13*ORÇAMENTO!$AF$11)),\n         0)","v":0},{"$f":"IF(AND($D27=\"Serviço\",AK$12<>0,$H27>0,OR(AUTOEVENTO<>\"manual\",$M27<>$A$15)),\n        IF(Import.TipoArredondamento<>\"TransfereGOV\",\n              ROUND(OFFSET($P27,0,AK$13),15-13*ORÇAMENTO!$AF$7)/$H27*OFFSET(ORÇAMENTO!$X$15,ROW(AK27)-ROW(AK$15),0),\n              ROUND(ROUND(OFFSET($P27,0,AK$13),15-13*ORÇAMENTO!$AF$7)*OFFSET(ORÇAMENTO!$W$15,ROW(AK27)-ROW(AK$15),0),15-13*ORÇAMENTO!$AF$11)),\n         0)","v":0},null,{"$f":"IF(OR($D27<>\"Serviço\",AND(AUTOEVENTO=\"Manual\",$M27=$A$15)),0,\n         IF(OFFSET(CRONOPLE!$F$15,$M27-$A$15,AM$13)=0,10^12,OFFSET(CRONOPLE!$F$15,$M27-$A$15,AM$13)))","v":2},{"$f":"IF(OR($D27<>\"Serviço\",AND(AUTOEVENTO=\"Manual\",$M27=$A$15)),0,\n         IF(OFFSET(CRONOPLE!$F$15,$M27-$A$15,AN$13)=0,10^12,OFFSET(CRONOPLE!$F$15,$M27-$A$15,AN$13)))","v":2},{"$f":"IF(OR($D27<>\"Serviço\",AND(AUTOEVENTO=\"Manual\",$M27=$A$15)),0,\n         IF(OFFSET(CRONOPLE!$F$15,$M27-$A$15,AO$13)=0,10^12,OFFSET(CRONOPLE!$F$15,$M27-$A$15,AO$13)))","v":1000000000000},{"$f":"IF(OR($D27<>\"Serviço\",AND(AUTOEVENTO=\"Manual\",$M27=$A$15)),0,\n         IF(OFFSET(CRONOPLE!$F$15,$M27-$A$15,AP$13)=0,10^12,OFFSET(CRONOPLE!$F$15,$M27-$A$15,AP$13)))","v":1000000000000},{"$f":"IF(OR($D27<>\"Serviço\",AND(AUTOEVENTO=\"Manual\",$M27=$A$15)),0,\n         IF(OFFSET(CRONOPLE!$F$15,$M27-$A$15,AQ$13)=0,10^12,OFFSET(CRONOPLE!$F$15,$M27-$A$15,AQ$13)))","v":1000000000000},{"$f":"IF(OR($D27<>\"Serviço\",AND(AUTOEVENTO=\"Manual\",$M27=$A$15)),0,\n         IF(OFFSET(CRONOPLE!$F$15,$M27-$A$15,AR$13)=0,10^12,OFFSET(CRONOPLE!$F$15,$M27-$A$15,AR$13)))","v":1000000000000},{"$f":"IF(OR($D27<>\"Serviço\",AND(AUTOEVENTO=\"Manual\",$M27=$A$15)),0,\n         IF(OFFSET(CRONOPLE!$F$15,$M27-$A$15,AS$13)=0,10^12,OFFSET(CRONOPLE!$F$15,$M27-$A$15,AS$13)))","v":1000000000000},{"$f":"IF(OR($D27<>\"Serviço\",AND(AUTOEVENTO=\"Manual\",$M27=$A$15)),0,\n         IF(OFFSET(CRONOPLE!$F$15,$M27-$A$15,AT$13)=0,10^12,OFFSET(CRONOPLE!$F$15,$M27-$A$15,AT$13)))","v":1000000000000},{"$f":"IF(OR($D27<>\"Serviço\",AND(AUTOEVENTO=\"Manual\",$M27=$A$15)),0,\n         IF(OFFSET(CRONOPLE!$F$15,$M27-$A$15,AU$13)=0,10^12,OFFSET(CRONOPLE!$F$15,$M27-$A$15,AU$13)))","v":1000000000000},{"$f":"IF(OR($D27<>\"Serviço\",AND(AUTOEVENTO=\"Manual\",$M27=$A$15)),0,\n         IF(OFFSET(CRONOPLE!$F$15,$M27-$A$15,AV$13)=0,10^12,OFFSET(CRONOPLE!$F$15,$M27-$A$15,AV$13)))","v":1000000000000},null,{"$f":"IF(OR($D27<>\"Serviço\",AND(AUTOEVENTO=\"Manual\",$M27=$A$15),$M27>(ROW(PLE.lastrow)-ROW(PLE.firstrow))),0,\n           IF(OFFSET(PLE!$G$15,$M27-$A$15,AX$13)=\"\",10^12,OFFSET(PLE!$G$15,$M27-$A$15,AX$13)))","v":1000000000000},{"$f":"IF(OR($D27<>\"Serviço\",AND(AUTOEVENTO=\"Manual\",$M27=$A$15),$M27>(ROW(PLE.lastrow)-ROW(PLE.firstrow))),0,\n           IF(OFFSET(PLE!$G$15,$M27-$A$15,AY$13)=\"\",10^12,OFFSET(PLE!$G$15,$M27-$A$15,AY$13)))","v":1000000000000},{"$f":"IF(OR($D27<>\"Serviço\",AND(AUTOEVENTO=\"Manual\",$M27=$A$15),$M27>(ROW(PLE.lastrow)-ROW(PLE.firstrow))),0,\n           IF(OFFSET(PLE!$G$15,$M27-$A$15,AZ$13)=\"\",10^12,OFFSET(PLE!$G$15,$M27-$A$15,AZ$13)))","v":1000000000000},{"$f":"IF(OR($D27<>\"Serviço\",AND(AUTOEVENTO=\"Manual\",$M27=$A$15),$M27>(ROW(PLE.lastrow)-ROW(PLE.firstrow))),0,\n           IF(OFFSET(PLE!$G$15,$M27-$A$15,BA$13)=\"\",10^12,OFFSET(PLE!$G$15,$M27-$A$15,BA$13)))","v":1000000000000},{"$f":"IF(OR($D27<>\"Serviço\",AND(AUTOEVENTO=\"Manual\",$M27=$A$15),$M27>(ROW(PLE.lastrow)-ROW(PLE.firstrow))),0,\n           IF(OFFSET(PLE!$G$15,$M27-$A$15,BB$13)=\"\",10^12,OFFSET(PLE!$G$15,$M27-$A$15,BB$13)))","v":1000000000000},{"$f":"IF(OR($D27<>\"Serviço\",AND(AUTOEVENTO=\"Manual\",$M27=$A$15),$M27>(ROW(PLE.lastrow)-ROW(PLE.firstrow))),0,\n           IF(OFFSET(PLE!$G$15,$M27-$A$15,BC$13)=\"\",10^12,OFFSET(PLE!$G$15,$M27-$A$15,BC$13)))","v":1000000000000},{"$f":"IF(OR($D27<>\"Serviço\",AND(AUTOEVENTO=\"Manual\",$M27=$A$15),$M27>(ROW(PLE.lastrow)-ROW(PLE.firstrow))),0,\n           IF(OFFSET(PLE!$G$15,$M27-$A$15,BD$13)=\"\",10^12,OFFSET(PLE!$G$15,$M27-$A$15,BD$13)))","v":1000000000000},{"$f":"IF(OR($D27<>\"Serviço\",AND(AUTOEVENTO=\"Manual\",$M27=$A$15),$M27>(ROW(PLE.lastrow)-ROW(PLE.firstrow))),0,\n           IF(OFFSET(PLE!$G$15,$M27-$A$15,BE$13)=\"\",10^12,OFFSET(PLE!$G$15,$M27-$A$15,BE$13)))","v":1000000000000},{"$f":"IF(OR($D27<>\"Serviço\",AND(AUTOEVENTO=\"Manual\",$M27=$A$15),$M27>(ROW(PLE.lastrow)-ROW(PLE.firstrow))),0,\n           IF(OFFSET(PLE!$G$15,$M27-$A$15,BF$13)=\"\",10^12,OFFSET(PLE!$G$15,$M27-$A$15,BF$13)))","v":1000000000000},{"$f":"IF(OR($D27<>\"Serviço\",AND(AUTOEVENTO=\"Manual\",$M27=$A$15),$M27>(ROW(PLE.lastrow)-ROW(PLE.firstrow))),0,\n           IF(OFFSET(PLE!$G$15,$M27-$A$15,BG$13)=\"\",10^12,OFFSET(PLE!$G$15,$M27-$A$15,BG$13)))","v":1000000000000}]
[3,{"$f":"OFFSET(ORÇAMENTO!C$15,$L28,0)","v":"S"},{"$f":"OFFSET(ORÇAMENTO!L$15,$L28,0)","v":"F"},{"$f":"OFFSET(ORÇAMENTO!N$15,$L28,0)","v":"Serviço"},{"$f":"OFFSET(ORÇAMENTO!O$15,$L28,0)","v":"1.2.7."},{"$f":"OFFSET(ORÇAMENTO!R$15,$L28,0)","v":"REMOÇÃO DE PORTAS, DE FORMA MANUAL, SEM REAPROVEITAMENTO. AF_09/2023"},{"$f":"IF($D28<>\"Serviço\",\"\",OFFSET(ORÇAMENTO!S$15,$L28,0))","v":"M2"},{"$f":"IF($D28<>\"Serviço\",0,IF(ACOMPANHAMENTO=\"BM\",ROUND(OFFSET(ORÇAMENTO!AJ$15,$L28,0),15-13*ORÇAMENTO!$AF$7),IF(IFERROR(CÁLCULO.FrentesPreenchidas,0)=0,0,SUM(ROUND(OFFSET($P28,0,1,1,CÁLCULO.FrentesPreenchidas),15-13*ORÇAMENTO!$AF$7)))))","v":5.04},"PORTAS CABINES - 0,80 X 2,10 X 3UND",{"$f":"IF(OR(B28<>\"S\",CÁLCULO.FrentesPreenchidas=0),\"\",IF(AND(ACOMPANHAMENTO=\"PLE\",AUTOEVENTO=\"Manual\",OR(H28>0,ORÇAMENTO!AC28=\"QUANT.\"),OR(K28=\"\",M28=0,N28=\"\")),\"►E\",IF(AND(ACOMPANHAMENTO=\"PLE\",ORÇAMENTO!AC28=\"QUANT.\"),\"►Q\",IF(AND(ACOMPANHAMENTO=\"PLE\",H28<>SUMPRODUCT(($Q$1:$AA$1=1)*ROUND(Q28:AA28,15))),\"►S\",IF(AND(COUNTIF($P$11:$AA$11,\"▼\")=0,H28>0,I28=\"\"),\"◄M\",\"\")))))","v":""},"3.Demolições e Retirada",13,{"$f":"IF($D28<>\"Serviço\",\"\",\n          IF(AUTOEVENTO=\"manual\",$A28,\n                IF(ISERROR(MATCH($A28,$A$15:OFFSET($A28,-1,0),0)),MAX($M$15:OFFSET(M28,-1,0))+1,\n                      INDEX($M$15:OFFSET(M28,-1,0),MATCH($A28,$A$15:OFFSET($A28,-1,0),0)))))","v":3},{"$f":"IF($D28<>\"Serviço\",\"\",\n         IF(AUTOEVENTO=\"Manual\",\n                IF($A28=0,\"<-- defina o número do agrupador\",\n                       OFFSET(EVENTOS!$D$15,$A28-$A$15,0)),\n                OFFSET($F$15,$A28,0)))","v":"Quebra degraus e Área para PCD"},null,null,{"$f":"0.8*2.1*3/2","v":2.5200000000000005},{"$f":"0.8*2.1*3/2","v":2.5200000000000005},null,null,null,null,null,null,null,null,null,{"$f":"IF(AND($D28=\"Serviço\",AB$12<>0,$H28>0,OR(AUTOEVENTO<>\"manual\",$M28<>$A$15)),\n        IF(Import.TipoArredondamento<>\"TransfereGOV\",\n              ROUND(OFFSET($P28,0,AB$13),15-13*ORÇAMENTO!$AF$7)/$H28*OFFSET(ORÇAMENTO!$X$15,ROW(AB28)-ROW(AB$15),0),\n              ROUND(ROUND(OFFSET($P28,0,AB$13),15-13*ORÇAMENTO!$AF$7)*OFFSET(ORÇAMENTO!$W$15,ROW(AB28)-ROW(AB$15),0),15-13*ORÇAMENTO!$AF$11)),\n         0)","v":0},{"$f":"IF(AND($D28=\"Serviço\",AC$12<>0,$H28>0,OR(AUTOEVENTO<>\"manual\",$M28<>$A$15)),\n        IF(Import.TipoArredondamento<>\"TransfereGOV\",\n              ROUND(OFFSET($P28,0,AC$13),15-13*ORÇAMENTO!$AF$7)/$H28*OFFSET(ORÇAMENTO!$X$15,ROW(AC28)-ROW(AC$15),0),\n              ROUND(ROUND(OFFSET($P28,0,AC$13),15-13*ORÇAMENTO!$AF$7)*OFFSET(ORÇAMENTO!$W$15,ROW(AC28)-ROW(AC$15),0),15-13*ORÇAMENTO!$AF$11)),\n         0)","v":0},{"$f":"IF(AND($D28=\"Serviço\",AD$12<>0,$H28>0,OR(AUTOEVENTO<>\"manual\",$M28<>$A$15)),\n        IF(Import.TipoArredondamento<>\"TransfereGOV\",\n              ROUND(OFFSET($P28,0,AD$13),15-13*ORÇAMENTO!$AF$7)/$H28*OFFSET(ORÇAMENTO!$X$15,ROW(AD28)-ROW(AD$15),0),\n              ROUND(ROUND(OFFSET($P28,0,AD$13),15-13*ORÇAMENTO!$AF$7)*OFFSET(ORÇAMENTO!$W$15,ROW(AD28)-ROW(AD$15),0),15-13*ORÇAMENTO!$AF$11)),\n         0)","v":0},{"$f":"IF(AND($D28=\"Serviço\",AE$12<>0,$H28>0,OR(AUTOEVENTO<>\"manual\",$M28<>$A$15)),\n        IF(Import.TipoArredondamento<>\"TransfereGOV\",\n              ROUND(OFFSET($P28,0,AE$13),15-13*ORÇAMENTO!$AF$7)/$H28*OFFSET(ORÇAMENTO!$X$15,ROW(AE28)-ROW(AE$15),0),\n              ROUND(ROUND(OFFSET($P28,0,AE$13),15-13*ORÇAMENTO!$AF$7)*OFFSET(ORÇAMENTO!$W$15,ROW(AE28)-ROW(AE$15),0),15-13*ORÇAMENTO!$AF$11)),\n         0)","v":0},{"$f":"IF(AND($D28=\"Serviço\",AF$12<>0,$H28>0,OR(AUTOEVENTO<>\"manual\",$M28<>$A$15)),\n        IF(Import.TipoArredondamento<>\"TransfereGOV\",\n              ROUND(OFFSET($P28,0,AF$13),15-13*ORÇAMENTO!$AF$7)/$H28*OFFSET(ORÇAMENTO!$X$15,ROW(AF28)-ROW(AF$15),0),\n              ROUND(ROUND(OFFSET($P28,0,AF$13),15-13*ORÇAMENTO!$AF$7)*OFFSET(ORÇAMENTO!$W$15,ROW(AF28)-ROW(AF$15),0),15-13*ORÇAMENTO!$AF$11)),\n         0)","v":0},{"$f":"IF(AND($D28=\"Serviço\",AG$12<>0,$H28>0,OR(AUTOEVENTO<>\"manual\",$M28<>$A$15)),\n        IF(Import.TipoArredondamento<>\"TransfereGOV\",\n              ROUND(OFFSET($P28,0,AG$13),15-13*ORÇAMENTO!$AF$7)/$H28*OFFSET(ORÇAMENTO!$X$15,ROW(AG28)-ROW(AG$15),0),\n              ROUND(ROUND(OFFSET($P28,0,AG$13),15-13*ORÇAMENTO!$AF$7)*OFFSET(ORÇAMENTO!$W$15,ROW(AG28)-ROW(AG$15),0),15-13*ORÇAMENTO!$AF$11)),\n         0)","v":0},{"$f":"IF(AND($D28=\"Serviço\",AH$12<>0,$H28>0,OR(AUTOEVENTO<>\"manual\",$M28<>$A$15)),\n        IF(Import.TipoArredondamento<>\"TransfereGOV\",\n              ROUND(OFFSET($P28,0,AH$13),15-13*ORÇAMENTO!$AF$7)/$H28*OFFSET(ORÇAMENTO!$X$15,ROW(AH28)-ROW(AH$15),0),\n              ROUND(ROUND(OFFSET($P28,0,AH$13),15-13*ORÇAMENTO!$AF$7)*OFFSET(ORÇAMENTO!$W$15,ROW(AH28)-ROW(AH$15),0),15-13*ORÇAMENTO!$AF$11)),\n         0)","v":0},{"$f":"IF(AND($D28=\"Serviço\",AI$12<>0,$H28>0,OR(AUTOEVENTO<>\"manual\",$M28<>$A$15)),\n        IF(Import.TipoArredondamento<>\"TransfereGOV\",\n              ROUND(OFFSET($P28,0,AI$13),15-13*ORÇAMENTO!$AF$7)/$H28*OFFSET(ORÇAMENTO!$X$15,ROW(AI28)-ROW(AI$15),0),\n              ROUND(ROUND(OFFSET($P28,0,AI$13),15-13*ORÇAMENTO!$AF$7)*OFFSET(ORÇAMENTO!$W$15,ROW(AI28)-ROW(AI$15),0),15-13*ORÇAMENTO!$AF$11)),\n         0)","v":0},{"$f":"IF(AND($D28=\"Serviço\",AJ$12<>0,$H28>0,OR(AUTOEVENTO<>\"manual\",$M28<>$A$15)),\n        IF(Import.TipoArredondamento<>\"TransfereGOV\",\n              ROUND(OFFSET($P28,0,AJ$13),15-13*ORÇAMENTO!$AF$7)/$H28*OFFSET(ORÇAMENTO!$X$15,ROW(AJ28)-ROW(AJ$15),0),\n              ROUND(ROUND(OFFSET($P28,0,AJ$13),15-13*ORÇAMENTO!$AF$7)*OFFSET(ORÇAMENTO!$W$15,ROW(AJ28)-ROW(AJ$15),0),15-13*ORÇAMENTO!$AF$11)),\n         0)","v":0},{"$f":"IF(AND($D28=\"Serviço\",AK$12<>0,$H28>0,OR(AUTOEVENTO<>\"manual\",$M28<>$A$15)),\n        IF(Import.TipoArredondamento<>\"TransfereGOV\",\n              ROUND(OFFSET($P28,0,AK$13),15-13*ORÇAMENTO!$AF$7)/$H28*OFFSET(ORÇAMENTO!$X$15,ROW(AK28)-ROW(AK$15),0),\n              ROUND(ROUND(OFFSET($P28,0,AK$13),15-13*ORÇAMENTO!$AF$7)*OFFSET(ORÇAMENTO!$W$15,ROW(AK28)-ROW(AK$15),0),15-13*ORÇAMENTO!$AF$11)),\n         0)","v":0},null,{"$f":"IF(OR($D28<>\"Serviço\",AND(AUTOEVENTO=\"Manual\",$M28=$A$15)),0,\n         IF(OFFSET(CRONOPLE!$F$15,$M28-$A$15,AM$13)=0,10^12,OFFSET(CRONOPLE!$F$15,$M28-$A$15,AM$13)))","v":2},{"$f":"IF(OR($D28<>\"Serviço\",AND(AUTOEVENTO=\"Manual\",$M28=$A$15)),0,\n         IF(OFFSET(CRONOPLE!$F$15,$M28-$A$15,AN$13)=0,10^12,OFFSET(CRONOPLE!$F$15,$M28-$A$15,AN$13)))","v":2},{"$f":"IF(OR($D28<>\"Serviço\",AND(AUTOEVENTO=\"Manual\",$M28=$A$15)),0,\n         IF(OFFSET(CRONOPLE!$F$15,$M28-$A$15,AO$13)=0,10^12,OFFSET(CRONOPLE!$F$15,$M28-$A$15,AO$13)))","v":1000000000000},{"$f":"IF(OR($D28<>\"Serviço\",AND(AUTOEVENTO=\"Manual\",$M28=$A$15)),0,\n         IF(OFFSET(CRONOPLE!$F$15,$M28-$A$15,AP$13)=0,10^12,OFFSET(CRONOPLE!$F$15,$M28-$A$15,AP$13)))","v":1000000000000},{"$f":"IF(OR($D28<>\"Serviço\",AND(AUTOEVENTO=\"Manual\",$M28=$A$15)),0,\n         IF(OFFSET(CRONOPLE!$F$15,$M28-$A$15,AQ$13)=0,10^12,OFFSET(CRONOPLE!$F$15,$M28-$A$15,AQ$13)))","v":1000000000000},{"$f":"IF(OR($D28<>\"Serviço\",AND(AUTOEVENTO=\"Manual\",$M28=$A$15)),0,\n         IF(OFFSET(CRONOPLE!$F$15,$M28-$A$15,AR$13)=0,10^12,OFFSET(CRONOPLE!$F$15,$M28-$A$15,AR$13)))","v":1000000000000},{"$f":"IF(OR($D28<>\"Serviço\",AND(AUTOEVENTO=\"Manual\",$M28=$A$15)),0,\n         IF(OFFSET(CRONOPLE!$F$15,$M28-$A$15,AS$13)=0,10^12,OFFSET(CRONOPLE!$F$15,$M28-$A$15,AS$13)))","v":1000000000000},{"$f":"IF(OR($D28<>\"Serviço\",AND(AUTOEVENTO=\"Manual\",$M28=$A$15)),0,\n         IF(OFFSET(CRONOPLE!$F$15,$M28-$A$15,AT$13)=0,10^12,OFFSET(CRONOPLE!$F$15,$M28-$A$15,AT$13)))","v":1000000000000},{"$f":"IF(OR($D28<>\"Serviço\",AND(AUTOEVENTO=\"Manual\",$M28=$A$15)),0,\n         IF(OFFSET(CRONOPLE!$F$15,$M28-$A$15,AU$13)=0,10^12,OFFSET(CRONOPLE!$F$15,$M28-$A$15,AU$13)))","v":1000000000000},{"$f":"IF(OR($D28<>\"Serviço\",AND(AUTOEVENTO=\"Manual\",$M28=$A$15)),0,\n         IF(OFFSET(CRONOPLE!$F$15,$M28-$A$15,AV$13)=0,10^12,OFFSET(CRONOPLE!$F$15,$M28-$A$15,AV$13)))","v":1000000000000},null,{"$f":"IF(OR($D28<>\"Serviço\",AND(AUTOEVENTO=\"Manual\",$M28=$A$15),$M28>(ROW(PLE.lastrow)-ROW(PLE.firstrow))),0,\n           IF(OFFSET(PLE!$G$15,$M28-$A$15,AX$13)=\"\",10^12,OFFSET(PLE!$G$15,$M28-$A$15,AX$13)))","v":1000000000000},{"$f":"IF(OR($D28<>\"Serviço\",AND(AUTOEVENTO=\"Manual\",$M28=$A$15),$M28>(ROW(PLE.lastrow)-ROW(PLE.firstrow))),0,\n           IF(OFFSET(PLE!$G$15,$M28-$A$15,AY$13)=\"\",10^12,OFFSET(PLE!$G$15,$M28-$A$15,AY$13)))","v":1000000000000},{"$f":"IF(OR($D28<>\"Serviço\",AND(AUTOEVENTO=\"Manual\",$M28=$A$15),$M28>(ROW(PLE.lastrow)-ROW(PLE.firstrow))),0,\n           IF(OFFSET(PLE!$G$15,$M28-$A$15,AZ$13)=\"\",10^12,OFFSET(PLE!$G$15,$M28-$A$15,AZ$13)))","v":1000000000000},{"$f":"IF(OR($D28<>\"Serviço\",AND(AUTOEVENTO=\"Manual\",$M28=$A$15),$M28>(ROW(PLE.lastrow)-ROW(PLE.firstrow))),0,\n           IF(OFFSET(PLE!$G$15,$M28-$A$15,BA$13)=\"\",10^12,OFFSET(PLE!$G$15,$M28-$A$15,BA$13)))","v":1000000000000},{"$f":"IF(OR($D28<>\"Serviço\",AND(AUTOEVENTO=\"Manual\",$M28=$A$15),$M28>(ROW(PLE.lastrow)-ROW(PLE.firstrow))),0,\n           IF(OFFSET(PLE!$G$15,$M28-$A$15,BB$13)=\"\",10^12,OFFSET(PLE!$G$15,$M28-$A$15,BB$13)))","v":1000000000000},{"$f":"IF(OR($D28<>\"Serviço\",AND(AUTOEVENTO=\"Manual\",$M28=$A$15),$M28>(ROW(PLE.lastrow)-ROW(PLE.firstrow))),0,\n           IF(OFFSET(PLE!$G$15,$M28-$A$15,BC$13)=\"\",10^12,OFFSET(PLE!$G$15,$M28-$A$15,BC$13)))","v":1000000000000},{"$f":"IF(OR($D28<>\"Serviço\",AND(AUTOEVENTO=\"Manual\",$M28=$A$15),$M28>(ROW(PLE.lastrow)-ROW(PLE.firstrow))),0,\n           IF(OFFSET(PLE!$G$15,$M28-$A$15,BD$13)=\"\",10^12,OFFSET(PLE!$G$15,$M28-$A$15,BD$13)))","v":1000000000000},{"$f":"IF(OR($D28<>\"Serviço\",AND(AUTOEVENTO=\"Manual\",$M28=$A$15),$M28>(ROW(PLE.lastrow)-ROW(PLE.firstrow))),0,\n           IF(OFFSET(PLE!$G$15,$M28-$A$15,BE$13)=\"\",10^12,OFFSET(PLE!$G$15,$M28-$A$15,BE$13)))","v":1000000000000},{"$f":"IF(OR($D28<>\"Serviço\",AND(AUTOEVENTO=\"Manual\",$M28=$A$15),$M28>(ROW(PLE.lastrow)-ROW(PLE.firstrow))),0,\n           IF(OFFSET(PLE!$G$15,$M28-$A$15,BF$13)=\"\",10^12,OFFSET(PLE!$G$15,$M28-$A$15,BF$13)))","v":1000000000000},{"$f":"IF(OR($D28<>\"Serviço\",AND(AUTOEVENTO=\"Manual\",$M28=$A$15),$M28>(ROW(PLE.lastrow)-ROW(PLE.firstrow))),0,\n           IF(OFFSET(PLE!$G$15,$M28-$A$15,BG$13)=\"\",10^12,OFFSET(PLE!$G$15,$M28-$A$15,BG$13)))","v":1000000000000}]
[3,{"$f":"OFFSET(ORÇAMENTO!C$15,$L29,0)","v":"S"},{"$f":"OFFSET(ORÇAMENTO!L$15,$L29,0)","v":"F"},{"$f":"OFFSET(ORÇAMENTO!N$15,$L29,0)","v":"Serviço"},{"$f":"OFFSET(ORÇAMENTO!O$15,$L29,0)","v":"1.2.8."},{"$f":"OFFSET(ORÇAMENTO!R$15,$L29,0)","v":"CARGA, MANOBRA E DESCARGA DE ENTULHO EM CAMINHÃO BASCULANTE 6 M³ - CARGA COM ESCAVADEIRA HIDRÁULICA (CAÇAMBA DE 0,80 M³ / 111 HP) E DESCARGA LIVRE (UNIDADE: M3). AF_07/2020"},{"$f":"IF($D29<>\"Serviço\",\"\",OFFSET(ORÇAMENTO!S$15,$L29,0))","v":"M3"},{"$f":"IF($D29<>\"Serviço\",0,IF(ACOMPANHAMENTO=\"BM\",ROUND(OFFSET(ORÇAMENTO!AJ$15,$L29,0),15-13*ORÇAMENTO!$AF$7),IF(IFERROR(CÁLCULO.FrentesPreenchidas,0)=0,0,SUM(ROUND(OFFSET($P29,0,1,1,CÁLCULO.FrentesPreenchidas),15-13*ORÇAMENTO!$AF$7)))))","v":74.48},"VOLUME DE DEMOLIÇÃO + 30% DE EMPOLAMENTO",{"$f":"IF(OR(B29<>\"S\",CÁLCULO.FrentesPreenchidas=0),\"\",IF(AND(ACOMPANHAMENTO=\"PLE\",AUTOEVENTO=\"Manual\",OR(H29>0,ORÇAMENTO!AC29=\"QUANT.\"),OR(K29=\"\",M29=0,N29=\"\")),\"►E\",IF(AND(ACOMPANHAMENTO=\"PLE\",ORÇAMENTO!AC29=\"QUANT.\"),\"►Q\",IF(AND(ACOMPANHAMENTO=\"PLE\",H29<>SUMPRODUCT(($Q$1:$AA$1=1)*ROUND(Q29:AA29,15))),\"►S\",IF(AND(COUNTIF($P$11:$AA$11,\"▼\")=0,H29>0,I29=\"\"),\"◄M\",\"\")))))","v":""},"3.Demolições e Retirada",14,{"$f":"IF($D29<>\"Serviço\",\"\",\n          IF(AUTOEVENTO=\"manual\",$A29,\n                IF(ISERROR(MATCH($A29,$A$15:OFFSET($A29,-1,0),0)),MAX($M$15:OFFSET(M29,-1,0))+1,\n                      INDEX($M$15:OFFSET(M29,-1,0),MATCH($A29,$A$15:OFFSET($A29,-1,0),0)))))","v":3},{"$f":"IF($D29<>\"Serviço\",\"\",\n         IF(AUTOEVENTO=\"Manual\",\n                IF($A29=0,\"<-- defina o número do agrupador\",\n                       OFFSET(EVENTOS!$D$15,$A29-$A$15,0)),\n                OFFSET($F$15,$A29,0)))","v":"Quebra degraus e Área para PCD"},null,null,{"$f":"(Q22+Q25*0.05+Q23*0.05+Q27)*1.3","v":37.242253099999999},{"$f":"(R22+R25*0.05+R23*0.05+R27)*1.3","v":37.242253099999999},null,null,null,null,null,null,null,null,null,{"$f":"IF(AND($D29=\"Serviço\",AB$12<>0,$H29>0,OR(AUTOEVENTO<>\"manual\",$M29<>$A$15)),\n        IF(Import.TipoArredondamento<>\"TransfereGOV\",\n              ROUND(OFFSET($P29,0,AB$13),15-13*ORÇAMENTO!$AF$7)/$H29*OFFSET(ORÇAMENTO!$X$15,ROW(AB29)-ROW(AB$15),0),\n              ROUND(ROUND(OFFSET($P29,0,AB$13),15-13*ORÇAMENTO!$AF$7)*OFFSET(ORÇAMENTO!$W$15,ROW(AB29)-ROW(AB$15),0),15-13*ORÇAMENTO!$AF$11)),\n         0)","v":0},{"$f":"IF(AND($D29=\"Serviço\",AC$12<>0,$H29>0,OR(AUTOEVENTO<>\"manual\",$M29<>$A$15)),\n        IF(Import.TipoArredondamento<>\"TransfereGOV\",\n              ROUND(OFFSET($P29,0,AC$13),15-13*ORÇAMENTO!$AF$7)/$H29*OFFSET(ORÇAMENTO!$X$15,ROW(AC29)-ROW(AC$15),0),\n              ROUND(ROUND(OFFSET($P29,0,AC$13),15-13*ORÇAMENTO!$AF$7)*OFFSET(ORÇAMENTO!$W$15,ROW(AC29)-ROW(AC$15),0),15-13*ORÇAMENTO!$AF$11)),\n         0)","v":0},{"$f":"IF(AND($D29=\"Serviço\",AD$12<>0,$H29>0,OR(AUTOEVENTO<>\"manual\",$M29<>$A$15)),\n        IF(Import.TipoArredondamento<>\"TransfereGOV\",\n              ROUND(OFFSET($P29,0,AD$13),15-13*ORÇAMENTO!$AF$7)/$H29*OFFSET(ORÇAMENTO!$X$15,ROW(AD29)-ROW(AD$15),0),\n              ROUND(ROUND(OFFSET($P29,0,AD$13),15-13*ORÇAMENTO!$AF$7)*OFFSET(ORÇAMENTO!$W$15,ROW(AD29)-ROW(AD$15),0),15-13*ORÇAMENTO!$AF$11)),\n         0)","v":0},{"$f":"IF(AND($D29=\"Serviço\",AE$12<>0,$H29>0,OR(AUTOEVENTO<>\"manual\",$M29<>$A$15)),\n        IF(Import.TipoArredondamento<>\"TransfereGOV\",\n              ROUND(OFFSET($P29,0,AE$13),15-13*ORÇAMENTO!$AF$7)/$H29*OFFSET(ORÇAMENTO!$X$15,ROW(AE29)-ROW(AE$15),0),\n              ROUND(ROUND(OFFSET($P29,0,AE$13),15-13*ORÇAMENTO!$AF$7)*OFFSET(ORÇAMENTO!$W$15,ROW(AE29)-ROW(AE$15),0),15-13*ORÇAMENTO!$AF$11)),\n         0)","v":0},{"$f":"IF(AND($D29=\"Serviço\",AF$12<>0,$H29>0,OR(AUTOEVENTO<>\"manual\",$M29<>$A$15)),\n        IF(Import.TipoArredondamento<>\"TransfereGOV\",\n              ROUND(OFFSET($P29,0,AF$13),15-13*ORÇAMENTO!$AF$7)/$H29*OFFSET(ORÇAMENTO!$X$15,ROW(AF29)-ROW(AF$15),0),\n              ROUND(ROUND(OFFSET($P29,0,AF$13),15-13*ORÇAMENTO!$AF$7)*OFFSET(ORÇAMENTO!$W$15,ROW(AF29)-ROW(AF$15),0),15-13*ORÇAMENTO!$AF$11)),\n         0)","v":0},{"$f":"IF(AND($D29=\"Serviço\",AG$12<>0,$H29>0,OR(AUTOEVENTO<>\"manual\",$M29<>$A$15)),\n        IF(Import.TipoArredondamento<>\"TransfereGOV\",\n              ROUND(OFFSET($P29,0,AG$13),15-13*ORÇAMENTO!$AF$7)/$H29*OFFSET(ORÇAMENTO!$X$15,ROW(AG29)-ROW(AG$15),0),\n              ROUND(ROUND(OFFSET($P29,0,AG$13),15-13*ORÇAMENTO!$AF$7)*OFFSET(ORÇAMENTO!$W$15,ROW(AG29)-ROW(AG$15),0),15-13*ORÇAMENTO!$AF$11)),\n         0)","v":0},{"$f":"IF(AND($D29=\"Serviço\",AH$12<>0,$H29>0,OR(AUTOEVENTO<>\"manual\",$M29<>$A$15)),\n        IF(Import.TipoArredondamento<>\"TransfereGOV\",\n              ROUND(OFFSET($P29,0,AH$13),15-13*ORÇAMENTO!$AF$7)/$H29*OFFSET(ORÇAMENTO!$X$15,ROW(AH29)-ROW(AH$15),0),\n              ROUND(ROUND(OFFSET($P29,0,AH$13),15-13*ORÇAMENTO!$AF$7)*OFFSET(ORÇAMENTO!$W$15,ROW(AH29)-ROW(AH$15),0),15-13*ORÇAMENTO!$AF$11)),\n         0)","v":0},{"$f":"IF(AND($D29=\"Serviço\",AI$12<>0,$H29>0,OR(AUTOEVENTO<>\"manual\",$M29<>$A$15)),\n        IF(Import.TipoArredondamento<>\"TransfereGOV\",\n              ROUND(OFFSET($P29,0,AI$13),15-13*ORÇAMENTO!$AF$7)/$H29*OFFSET(ORÇAMENTO!$X$15,ROW(AI29)-ROW(AI$15),0),\n              ROUND(ROUND(OFFSET($P29,0,AI$13),15-13*ORÇAMENTO!$AF$7)*OFFSET(ORÇAMENTO!$W$15,ROW(AI29)-ROW(AI$15),0),15-13*ORÇAMENTO!$AF$11)),\n         0)","v":0},{"$f":"IF(AND($D29=\"Serviço\",AJ$12<>0,$H29>0,OR(AUTOEVENTO<>\"manual\",$M29<>$A$15)),\n        IF(Import.TipoArredondamento<>\"TransfereGOV\",\n              ROUND(OFFSET($P29,0,AJ$13),15-13*ORÇAMENTO!$AF$7)/$H29*OFFSET(ORÇAMENTO!$X$15,ROW(AJ29)-ROW(AJ$15),0),\n              ROUND(ROUND(OFFSET($P29,0,AJ$13),15-13*ORÇAMENTO!$AF$7)*OFFSET(ORÇAMENTO!$W$15,ROW(AJ29)-ROW(AJ$15),0),15-13*ORÇAMENTO!$AF$11)),\n         0)","v":0},{"$f":"IF(AND($D29=\"Serviço\",AK$12<>0,$H29>0,OR(AUTOEVENTO<>\"manual\",$M29<>$A$15)),\n        IF(Import.TipoArredondamento<>\"TransfereGOV\",\n              ROUND(OFFSET($P29,0,AK$13),15-13*ORÇAMENTO!$AF$7)/$H29*OFFSET(ORÇAMENTO!$X$15,ROW(AK29)-ROW(AK$15),0),\n              ROUND(ROUND(OFFSET($P29,0,AK$13),15-13*ORÇAMENTO!$AF$7)*OFFSET(ORÇAMENTO!$W$15,ROW(AK29)-ROW(AK$15),0),15-13*ORÇAMENTO!$AF$11)),\n         0)","v":0},null,{"$f":"IF(OR($D29<>\"Serviço\",AND(AUTOEVENTO=\"Manual\",$M29=$A$15)),0,\n         IF(OFFSET(CRONOPLE!$F$15,$M29-$A$15,AM$13)=0,10^12,OFFSET(CRONOPLE!$F$15,$M29-$A$15,AM$13)))","v":2},{"$f":"IF(OR($D29<>\"Serviço\",AND(AUTOEVENTO=\"Manual\",$M29=$A$15)),0,\n         IF(OFFSET(CRONOPLE!$F$15,$M29-$A$15,AN$13)=0,10^12,OFFSET(CRONOPLE!$F$15,$M29-$A$15,AN$13)))","v":2},{"$f":"IF(OR($D29<>\"Serviço\",AND(AUTOEVENTO=\"Manual\",$M29=$A$15)),0,\n         IF(OFFSET(CRONOPLE!$F$15,$M29-$A$15,AO$13)=0,10^12,OFFSET(CRONOPLE!$F$15,$M29-$A$15,AO$13)))","v":1000000000000},{"$f":"IF(OR($D29<>\"Serviço\",AND(AUTOEVENTO=\"Manual\",$M29=$A$15)),0,\n         IF(OFFSET(CRONOPLE!$F$15,$M29-$A$15,AP$13)=0,10^12,OFFSET(CRONOPLE!$F$15,$M29-$A$15,AP$13)))","v":1000000000000},{"$f":"IF(OR($D29<>\"Serviço\",AND(AUTOEVENTO=\"Manual\",$M29=$A$15)),0,\n         IF(OFFSET(CRONOPLE!$F$15,$M29-$A$15,AQ$13)=0,10^12,OFFSET(CRONOPLE!$F$15,$M29-$A$15,AQ$13)))","v":1000000000000},{"$f":"IF(OR($D29<>\"Serviço\",AND(AUTOEVENTO=\"Manual\",$M29=$A$15)),0,\n         IF(OFFSET(CRONOPLE!$F$15,$M29-$A$15,AR$13)=0,10^12,OFFSET(CRONOPLE!$F$15,$M29-$A$15,AR$13)))","v":1000000000000},{"$f":"IF(OR($D29<>\"Serviço\",AND(AUTOEVENTO=\"Manual\",$M29=$A$15)),0,\n         IF(OFFSET(CRONOPLE!$F$15,$M29-$A$15,AS$13)=0,10^12,OFFSET(CRONOPLE!$F$15,$M29-$A$15,AS$13)))","v":1000000000000},{"$f":"IF(OR($D29<>\"Serviço\",AND(AUTOEVENTO=\"Manual\",$M29=$A$15)),0,\n         IF(OFFSET(CRONOPLE!$F$15,$M29-$A$15,AT$13)=0,10^12,OFFSET(CRONOPLE!$F$15,$M29-$A$15,AT$13)))","v":1000000000000},{"$f":"IF(OR($D29<>\"Serviço\",AND(AUTOEVENTO=\"Manual\",$M29=$A$15)),0,\n         IF(OFFSET(CRONOPLE!$F$15,$M29-$A$15,AU$13)=0,10^12,OFFSET(CRONOPLE!$F$15,$M29-$A$15,AU$13)))","v":1000000000000},{"$f":"IF(OR($D29<>\"Serviço\",AND(AUTOEVENTO=\"Manual\",$M29=$A$15)),0,\n         IF(OFFSET(CRONOPLE!$F$15,$M29-$A$15,AV$13)=0,10^12,OFFSET(CRONOPLE!$F$15,$M29-$A$15,AV$13)))","v":1000000000000},null,{"$f":"IF(OR($D29<>\"Serviço\",AND(AUTOEVENTO=\"Manual\",$M29=$A$15),$M29>(ROW(PLE.lastrow)-ROW(PLE.firstrow))),0,\n           IF(OFFSET(PLE!$G$15,$M29-$A$15,AX$13)=\"\",10^12,OFFSET(PLE!$G$15,$M29-$A$15,AX$13)))","v":1000000000000},{"$f":"IF(OR($D29<>\"Serviço\",AND(AUTOEVENTO=\"Manual\",$M29=$A$15),$M29>(ROW(PLE.lastrow)-ROW(PLE.firstrow))),0,\n           IF(OFFSET(PLE!$G$15,$M29-$A$15,AY$13)=\"\",10^12,OFFSET(PLE!$G$15,$M29-$A$15,AY$13)))","v":1000000000000},{"$f":"IF(OR($D29<>\"Serviço\",AND(AUTOEVENTO=\"Manual\",$M29=$A$15),$M29>(ROW(PLE.lastrow)-ROW(PLE.firstrow))),0,\n           IF(OFFSET(PLE!$G$15,$M29-$A$15,AZ$13)=\"\",10^12,OFFSET(PLE!$G$15,$M29-$A$15,AZ$13)))","v":1000000000000},{"$f":"IF(OR($D29<>\"Serviço\",AND(AUTOEVENTO=\"Manual\",$M29=$A$15),$M29>(ROW(PLE.lastrow)-ROW(PLE.firstrow))),0,\n           IF(OFFSET(PLE!$G$15,$M29-$A$15,BA$13)=\"\",10^12,OFFSET(PLE!$G$15,$M29-$A$15,BA$13)))","v":1000000000000},{"$f":"IF(OR($D29<>\"Serviço\",AND(AUTOEVENTO=\"Manual\",$M29=$A$15),$M29>(ROW(PLE.lastrow)-ROW(PLE.firstrow))),0,\n           IF(OFFSET(PLE!$G$15,$M29-$A$15,BB$13)=\"\",10^12,OFFSET(PLE!$G$15,$M29-$A$15,BB$13)))","v":1000000000000},{"$f":"IF(OR($D29<>\"Serviço\",AND(AUTOEVENTO=\"Manual\",$M29=$A$15),$M29>(ROW(PLE.lastrow)-ROW(PLE.firstrow))),0,\n           IF(OFFSET(PLE!$G$15,$M29-$A$15,BC$13)=\"\",10^12,OFFSET(PLE!$G$15,$M29-$A$15,BC$13)))","v":1000000000000},{"$f":"IF(OR($D29<>\"Serviço\",AND(AUTOEVENTO=\"Manual\",$M29=$A$15),$M29>(ROW(PLE.lastrow)-ROW(PLE.firstrow))),0,\n           IF(OFFSET(PLE!$G$15,$M29-$A$15,BD$13)=\"\",10^12,OFFSET(PLE!$G$15,$M29-$A$15,BD$13)))","v":1000000000000},{"$f":"IF(OR($D29<>\"Serviço\",AND(AUTOEVENTO=\"Manual\",$M29=$A$15),$M29>(ROW(PLE.lastrow)-ROW(PLE.firstrow))),0,\n           IF(OFFSET(PLE!$G$15,$M29-$A$15,BE$13)=\"\",10^12,OFFSET(PLE!$G$15,$M29-$A$15,BE$13)))","v":1000000000000},{"$f":"IF(OR($D29<>\"Serviço\",AND(AUTOEVENTO=\"Manual\",$M29=$A$15),$M29>(ROW(PLE.lastrow)-ROW(PLE.firstrow))),0,\n           IF(OFFSET(PLE!$G$15,$M29-$A$15,BF$13)=\"\",10^12,OFFSET(PLE!$G$15,$M29-$A$15,BF$13)))","v":1000000000000},{"$f":"IF(OR($D29<>\"Serviço\",AND(AUTOEVENTO=\"Manual\",$M29=$A$15),$M29>(ROW(PLE.lastrow)-ROW(PLE.firstrow))),0,\n           IF(OFFSET(PLE!$G$15,$M29-$A$15,BG$13)=\"\",10^12,OFFSET(PLE!$G$15,$M29-$A$15,BG$13)))","v":1000000000000}]
[3,{"$f":"OFFSET(ORÇAMENTO!C$15,$L30,0)","v":"S"},{"$f":"OFFSET(ORÇAMENTO!L$15,$L30,0)","v":"F"},{"$f":"OFFSET(ORÇAMENTO!N$15,$L30,0)","v":"Serviço"},{"$f":"OFFSET(ORÇAMENTO!O$15,$L30,0)","v":"1.2.9."},{"$f":"OFFSET(ORÇAMENTO!R$15,$L30,0)","v":"TRANSPORTE COM CAMINHÃO PIPA DE 6 M³, EM VIA URBANA PAVIMENTADA, DMT ATÉ 30KM (UNIDADE: M3XKM). AF_07/2020"},{"$f":"IF($D30<>\"Serviço\",\"\",OFFSET(ORÇAMENTO!S$15,$L30,0))","v":"M3XKM"},{"$f":"IF($D30<>\"Serviço\",0,IF(ACOMPANHAMENTO=\"BM\",ROUND(OFFSET(ORÇAMENTO!AJ$15,$L30,0),15-13*ORÇAMENTO!$AF$7),IF(IFERROR(CÁLCULO.FrentesPreenchidas,0)=0,0,SUM(ROUND(OFFSET($P30,0,1,1,CÁLCULO.FrentesPreenchidas),15-13*ORÇAMENTO!$AF$7)))))","v":521.39},"(VOLUME DE DEMOLIÇÃO+30%  EMPOLAMENTO) X DMT- 7KM ",{"$f":"IF(OR(B30<>\"S\",CÁLCULO.FrentesPreenchidas=0),\"\",IF(AND(ACOMPANHAMENTO=\"PLE\",AUTOEVENTO=\"Manual\",OR(H30>0,ORÇAMENTO!AC30=\"QUANT.\"),OR(K30=\"\",M30=0,N30=\"\")),\"►E\",IF(AND(ACOMPANHAMENTO=\"PLE\",ORÇAMENTO!AC30=\"QUANT.\"),\"►Q\",IF(AND(ACOMPANHAMENTO=\"PLE\",H30<>SUMPRODUCT(($Q$1:$AA$1=1)*ROUND(Q30:AA30,15))),\"►S\",IF(AND(COUNTIF($P$11:$AA$11,\"▼\")=0,H30>0,I30=\"\"),\"◄M\",\"\")))))","v":""},"3.Demolições e Retirada",15,{"$f":"IF($D30<>\"Serviço\",\"\",\n          IF(AUTOEVENTO=\"manual\",$A30,\n                IF(ISERROR(MATCH($A30,$A$15:OFFSET($A30,-1,0),0)),MAX($M$15:OFFSET(M30,-1,0))+1,\n                      INDEX($M$15:OFFSET(M30,-1,0),MATCH($A30,$A$15:OFFSET($A30,-1,0),0)))))","v":3},{"$f":"IF($D30<>\"Serviço\",\"\",\n         IF(AUTOEVENTO=\"Manual\",\n                IF($A30=0,\"<-- defina o número do agrupador\",\n                       OFFSET(EVENTOS!$D$15,$A30-$A$15,0)),\n                OFFSET($F$15,$A30,0)))","v":"Quebra degraus e Área para PCD"},null,null,{"$f":"Q29*7","v":260.69577170000002},{"$f":"R29*7","v":260.69577170000002},null,null,null,null,null,null,null,null,null,{"$f":"IF(AND($D30=\"Serviço\",AB$12<>0,$H30>0,OR(AUTOEVENTO<>\"manual\",$M30<>$A$15)),\n        IF(Import.TipoArredondamento<>\"TransfereGOV\",\n              ROUND(OFFSET($P30,0,AB$13),15-13*ORÇAMENTO!$AF$7)/$H30*OFFSET(ORÇAMENTO!$X$15,ROW(AB30)-ROW(AB$15),0),\n              ROUND(ROUND(OFFSET($P30,0,AB$13),15-13*ORÇAMENTO!$AF$7)*OFFSET(ORÇAMENTO!$W$15,ROW(AB30)-ROW(AB$15),0),15-13*ORÇAMENTO!$AF$11)),\n         0)","v":0},{"$f":"IF(AND($D30=\"Serviço\",AC$12<>0,$H30>0,OR(AUTOEVENTO<>\"manual\",$M30<>$A$15)),\n        IF(Import.TipoArredondamento<>\"TransfereGOV\",\n              ROUND(OFFSET($P30,0,AC$13),15-13*ORÇAMENTO!$AF$7)/$H30*OFFSET(ORÇAMENTO!$X$15,ROW(AC30)-ROW(AC$15),0),\n              ROUND(ROUND(OFFSET($P30,0,AC$13),15-13*ORÇAMENTO!$AF$7)*OFFSET(ORÇAMENTO!$W$15,ROW(AC30)-ROW(AC$15),0),15-13*ORÇAMENTO!$AF$11)),\n         0)","v":0},{"$f":"IF(AND($D30=\"Serviço\",AD$12<>0,$H30>0,OR(AUTOEVENTO<>\"manual\",$M30<>$A$15)),\n        IF(Import.TipoArredondamento<>\"TransfereGOV\",\n              ROUND(OFFSET($P30,0,AD$13),15-13*ORÇAMENTO!$AF$7)/$H30*OFFSET(ORÇAMENTO!$X$15,ROW(AD30)-ROW(AD$15),0),\n              ROUND(ROUND(OFFSET($P30,0,AD$13),15-13*ORÇAMENTO!$AF$7)*OFFSET(ORÇAMENTO!$W$15,ROW(AD30)-ROW(AD$15),0),15-13*ORÇAMENTO!$AF$11)),\n         0)","v":0},{"$f":"IF(AND($D30=\"Serviço\",AE$12<>0,$H30>0,OR(AUTOEVENTO<>\"manual\",$M30<>$A$15)),\n        IF(Import.TipoArredondamento<>\"TransfereGOV\",\n              ROUND(OFFSET($P30,0,AE$13),15-13*ORÇAMENTO!$AF$7)/$H30*OFFSET(ORÇAMENTO!$X$15,ROW(AE30)-ROW(AE$15),0),\n              ROUND(ROUND(OFFSET($P30,0,AE$13),15-13*ORÇAMENTO!$AF$7)*OFFSET(ORÇAMENTO!$W$15,ROW(AE30)-ROW(AE$15),0),15-13*ORÇAMENTO!$AF$11)),\n         0)","v":0},{"$f":"IF(AND($D30=\"Serviço\",AF$12<>0,$H30>0,OR(AUTOEVENTO<>\"manual\",$M30<>$A$15)),\n        IF(Import.TipoArredondamento<>\"TransfereGOV\",\n              ROUND(OFFSET($P30,0,AF$13),15-13*ORÇAMENTO!$AF$7)/$H30*OFFSET(ORÇAMENTO!$X$15,ROW(AF30)-ROW(AF$15),0),\n              ROUND(ROUND(OFFSET($P30,0,AF$13),15-13*ORÇAMENTO!$AF$7)*OFFSET(ORÇAMENTO!$W$15,ROW(AF30)-ROW(AF$15),0),15-13*ORÇAMENTO!$AF$11)),\n         0)","v":0},{"$f":"IF(AND($D30=\"Serviço\",AG$12<>0,$H30>0,OR(AUTOEVENTO<>\"manual\",$M30<>$A$15)),\n        IF(Import.TipoArredondamento<>\"TransfereGOV\",\n              ROUND(OFFSET($P30,0,AG$13),15-13*ORÇAMENTO!$AF$7)/$H30*OFFSET(ORÇAMENTO!$X$15,ROW(AG30)-ROW(AG$15),0),\n              ROUND(ROUND(OFFSET($P30,0,AG$13),15-13*ORÇAMENTO!$AF$7)*OFFSET(ORÇAMENTO!$W$15,ROW(AG30)-ROW(AG$15),0),15-13*ORÇAMENTO!$AF$11)),\n         0)","v":0},{"$f":"IF(AND($D30=\"Serviço\",AH$12<>0,$H30>0,OR(AUTOEVENTO<>\"manual\",$M30<>$A$15)),\n        IF(Import.TipoArredondamento<>\"TransfereGOV\",\n              ROUND(OFFSET($P30,0,AH$13),15-13*ORÇAMENTO!$AF$7)/$H30*OFFSET(ORÇAMENTO!$X$15,ROW(AH30)-ROW(AH$15),0),\n              ROUND(ROUND(OFFSET($P30,0,AH$13),15-13*ORÇAMENTO!$AF$7)*OFFSET(ORÇAMENTO!$W$15,ROW(AH30)-ROW(AH$15),0),15-13*ORÇAMENTO!$AF$11)),\n         0)","v":0},{"$f":"IF(AND($D30=\"Serviço\",AI$12<>0,$H30>0,OR(AUTOEVENTO<>\"manual\",$M30<>$A$15)),\n        IF(Import.TipoArredondamento<>\"TransfereGOV\",\n              ROUND(OFFSET($P30,0,AI$13),15-13*ORÇAMENTO!$AF$7)/$H30*OFFSET(ORÇAMENTO!$X$15,ROW(AI30)-ROW(AI$15),0),\n              ROUND(ROUND(OFFSET($P30,0,AI$13),15-13*ORÇAMENTO!$AF$7)*OFFSET(ORÇAMENTO!$W$15,ROW(AI30)-ROW(AI$15),0),15-13*ORÇAMENTO!$AF$11)),\n         0)","v":0},{"$f":"IF(AND($D30=\"Serviço\",AJ$12<>0,$H30>0,OR(AUTOEVENTO<>\"manual\",$M30<>$A$15)),\n        IF(Import.TipoArredondamento<>\"TransfereGOV\",\n              ROUND(OFFSET($P30,0,AJ$13),15-13*ORÇAMENTO!$AF$7)/$H30*OFFSET(ORÇAMENTO!$X$15,ROW(AJ30)-ROW(AJ$15),0),\n              ROUND(ROUND(OFFSET($P30,0,AJ$13),15-13*ORÇAMENTO!$AF$7)*OFFSET(ORÇAMENTO!$W$15,ROW(AJ30)-ROW(AJ$15),0),15-13*ORÇAMENTO!$AF$11)),\n         0)","v":0},{"$f":"IF(AND($D30=\"Serviço\",AK$12<>0,$H30>0,OR(AUTOEVENTO<>\"manual\",$M30<>$A$15)),\n        IF(Import.TipoArredondamento<>\"TransfereGOV\",\n              ROUND(OFFSET($P30,0,AK$13),15-13*ORÇAMENTO!$AF$7)/$H30*OFFSET(ORÇAMENTO!$X$15,ROW(AK30)-ROW(AK$15),0),\n              ROUND(ROUND(OFFSET($P30,0,AK$13),15-13*ORÇAMENTO!$AF$7)*OFFSET(ORÇAMENTO!$W$15,ROW(AK30)-ROW(AK$15),0),15-13*ORÇAMENTO!$AF$11)),\n         0)","v":0},null,{"$f":"IF(OR($D30<>\"Serviço\",AND(AUTOEVENTO=\"Manual\",$M30=$A$15)),0,\n         IF(OFFSET(CRONOPLE!$F$15,$M30-$A$15,AM$13)=0,10^12,OFFSET(CRONOPLE!$F$15,$M30-$A$15,AM$13)))","v":2},{"$f":"IF(OR($D30<>\"Serviço\",AND(AUTOEVENTO=\"Manual\",$M30=$A$15)),0,\n         IF(OFFSET(CRONOPLE!$F$15,$M30-$A$15,AN$13)=0,10^12,OFFSET(CRONOPLE!$F$15,$M30-$A$15,AN$13)))","v":2},{"$f":"IF(OR($D30<>\"Serviço\",AND(AUTOEVENTO=\"Manual\",$M30=$A$15)),0,\n         IF(OFFSET(CRONOPLE!$F$15,$M30-$A$15,AO$13)=0,10^12,OFFSET(CRONOPLE!$F$15,$M30-$A$15,AO$13)))","v":1000000000000},{"$f":"IF(OR($D30<>\"Serviço\",AND(AUTOEVENTO=\"Manual\",$M30=$A$15)),0,\n         IF(OFFSET(CRONOPLE!$F$15,$M30-$A$15,AP$13)=0,10^12,OFFSET(CRONOPLE!$F$15,$M30-$A$15,AP$13)))","v":1000000000000},{"$f":"IF(OR($D30<>\"Serviço\",AND(AUTOEVENTO=\"Manual\",$M30=$A$15)),0,\n         IF(OFFSET(CRONOPLE!$F$15,$M30-$A$15,AQ$13)=0,10^12,OFFSET(CRONOPLE!$F$15,$M30-$A$15,AQ$13)))","v":1000000000000},{"$f":"IF(OR($D30<>\"Serviço\",AND(AUTOEVENTO=\"Manual\",$M30=$A$15)),0,\n         IF(OFFSET(CRONOPLE!$F$15,$M30-$A$15,AR$13)=0,10^12,OFFSET(CRONOPLE!$F$15,$M30-$A$15,AR$13)))","v":1000000000000},{"$f":"IF(OR($D30<>\"Serviço\",AND(AUTOEVENTO=\"Manual\",$M30=$A$15)),0,\n         IF(OFFSET(CRONOPLE!$F$15,$M30-$A$15,AS$13)=0,10^12,OFFSET(CRONOPLE!$F$15,$M30-$A$15,AS$13)))","v":1000000000000},{"$f":"IF(OR($D30<>\"Serviço\",AND(AUTOEVENTO=\"Manual\",$M30=$A$15)),0,\n         IF(OFFSET(CRONOPLE!$F$15,$M30-$A$15,AT$13)=0,10^12,OFFSET(CRONOPLE!$F$15,$M30-$A$15,AT$13)))","v":1000000000000},{"$f":"IF(OR($D30<>\"Serviço\",AND(AUTOEVENTO=\"Manual\",$M30=$A$15)),0,\n         IF(OFFSET(CRONOPLE!$F$15,$M30-$A$15,AU$13)=0,10^12,OFFSET(CRONOPLE!$F$15,$M30-$A$15,AU$13)))","v":1000000000000},{"$f":"IF(OR($D30<>\"Serviço\",AND(AUTOEVENTO=\"Manual\",$M30=$A$15)),0,\n         IF(OFFSET(CRONOPLE!$F$15,$M30-$A$15,AV$13)=0,10^12,OFFSET(CRONOPLE!$F$15,$M30-$A$15,AV$13)))","v":1000000000000},null,{"$f":"IF(OR($D30<>\"Serviço\",AND(AUTOEVENTO=\"Manual\",$M30=$A$15),$M30>(ROW(PLE.lastrow)-ROW(PLE.firstrow))),0,\n           IF(OFFSET(PLE!$G$15,$M30-$A$15,AX$13)=\"\",10^12,OFFSET(PLE!$G$15,$M30-$A$15,AX$13)))","v":1000000000000},{"$f":"IF(OR($D30<>\"Serviço\",AND(AUTOEVENTO=\"Manual\",$M30=$A$15),$M30>(ROW(PLE.lastrow)-ROW(PLE.firstrow))),0,\n           IF(OFFSET(PLE!$G$15,$M30-$A$15,AY$13)=\"\",10^12,OFFSET(PLE!$G$15,$M30-$A$15,AY$13)))","v":1000000000000},{"$f":"IF(OR($D30<>\"Serviço\",AND(AUTOEVENTO=\"Manual\",$M30=$A$15),$M30>(ROW(PLE.lastrow)-ROW(PLE.firstrow))),0,\n           IF(OFFSET(PLE!$G$15,$M30-$A$15,AZ$13)=\"\",10^12,OFFSET(PLE!$G$15,$M30-$A$15,AZ$13)))","v":1000000000000},{"$f":"IF(OR($D30<>\"Serviço\",AND(AUTOEVENTO=\"Manual\",$M30=$A$15),$M30>(ROW(PLE.lastrow)-ROW(PLE.firstrow))),0,\n           IF(OFFSET(PLE!$G$15,$M30-$A$15,BA$13)=\"\",10^12,OFFSET(PLE!$G$15,$M30-$A$15,BA$13)))","v":1000000000000},{"$f":"IF(OR($D30<>\"Serviço\",AND(AUTOEVENTO=\"Manual\",$M30=$A$15),$M30>(ROW(PLE.lastrow)-ROW(PLE.firstrow))),0,\n           IF(OFFSET(PLE!$G$15,$M30-$A$15,BB$13)=\"\",10^12,OFFSET(PLE!$G$15,$M30-$A$15,BB$13)))","v":1000000000000},{"$f":"IF(OR($D30<>\"Serviço\",AND(AUTOEVENTO=\"Manual\",$M30=$A$15),$M30>(ROW(PLE.lastrow)-ROW(PLE.firstrow))),0,\n           IF(OFFSET(PLE!$G$15,$M30-$A$15,BC$13)=\"\",10^12,OFFSET(PLE!$G$15,$M30-$A$15,BC$13)))","v":1000000000000},{"$f":"IF(OR($D30<>\"Serviço\",AND(AUTOEVENTO=\"Manual\",$M30=$A$15),$M30>(ROW(PLE.lastrow)-ROW(PLE.firstrow))),0,\n           IF(OFFSET(PLE!$G$15,$M30-$A$15,BD$13)=\"\",10^12,OFFSET(PLE!$G$15,$M30-$A$15,BD$13)))","v":1000000000000},{"$f":"IF(OR($D30<>\"Serviço\",AND(AUTOEVENTO=\"Manual\",$M30=$A$15),$M30>(ROW(PLE.lastrow)-ROW(PLE.firstrow))),0,\n           IF(OFFSET(PLE!$G$15,$M30-$A$15,BE$13)=\"\",10^12,OFFSET(PLE!$G$15,$M30-$A$15,BE$13)))","v":1000000000000},{"$f":"IF(OR($D30<>\"Serviço\",AND(AUTOEVENTO=\"Manual\",$M30=$A$15),$M30>(ROW(PLE.lastrow)-ROW(PLE.firstrow))),0,\n           IF(OFFSET(PLE!$G$15,$M30-$A$15,BF$13)=\"\",10^12,OFFSET(PLE!$G$15,$M30-$A$15,BF$13)))","v":1000000000000},{"$f":"IF(OR($D30<>\"Serviço\",AND(AUTOEVENTO=\"Manual\",$M30=$A$15),$M30>(ROW(PLE.lastrow)-ROW(PLE.firstrow))),0,\n           IF(OFFSET(PLE!$G$15,$M30-$A$15,BG$13)=\"\",10^12,OFFSET(PLE!$G$15,$M30-$A$15,BG$13)))","v":1000000000000}]
[0,{"$f":"OFFSET(ORÇAMENTO!C$15,$L31,0)","v":2},{"$f":"OFFSET(ORÇAMENTO!L$15,$L31,0)","v":"F"},{"$f":"OFFSET(ORÇAMENTO!N$15,$L31,0)","v":"Nível 2"},{"$f":"OFFSET(ORÇAMENTO!O$15,$L31,0)","v":"1.3."},{"$f":"OFFSET(ORÇAMENTO!R$15,$L31,0)","v":"MOVIMENTAÇÃO DE TERRA"},{"$f":"IF($D31<>\"Serviço\",\"\",OFFSET(ORÇAMENTO!S$15,$L31,0))","v":""},{"$f":"IF($D31<>\"Serviço\",0,IF(ACOMPANHAMENTO=\"BM\",ROUND(OFFSET(ORÇAMENTO!AJ$15,$L31,0),15-13*ORÇAMENTO!$AF$7),IF(IFERROR(CÁLCULO.FrentesPreenchidas,0)=0,0,SUM(ROUND(OFFSET($P31,0,1,1,CÁLCULO.FrentesPreenchidas),15-13*ORÇAMENTO!$AF$7)))))","v":0},null,{"$f":"IF(OR(B31<>\"S\",CÁLCULO.FrentesPreenchidas=0),\"\",IF(AND(ACOMPANHAMENTO=\"PLE\",AUTOEVENTO=\"Manual\",OR(H31>0,ORÇAMENTO!AC31=\"QUANT.\"),OR(K31=\"\",M31=0,N31=\"\")),\"►E\",IF(AND(ACOMPANHAMENTO=\"PLE\",ORÇAMENTO!AC31=\"QUANT.\"),\"►Q\",IF(AND(ACOMPANHAMENTO=\"PLE\",H31<>SUMPRODUCT(($Q$1:$AA$1=1)*ROUND(Q31:AA31,15))),\"►S\",IF(AND(COUNTIF($P$11:$AA$11,\"▼\")=0,H31>0,I31=\"\"),\"◄M\",\"\")))))","v":""},null,16,{"$f":"IF($D31<>\"Serviço\",\"\",\n          IF(AUTOEVENTO=\"manual\",$A31,\n                IF(ISERROR(MATCH($A31,$A$15:OFFSET($A31,-1,0),0)),MAX($M$15:OFFSET(M31,-1,0))+1,\n                      INDEX($M$15:OFFSET(M31,-1,0),MATCH($A31,$A$15:OFFSET($A31,-1,0),0)))))","v":""},{"$f":"IF($D31<>\"Serviço\",\"\",\n         IF(AUTOEVENTO=\"Manual\",\n                IF($A31=0,\"<-- defina o número do agrupador\",\n                       OFFSET(EVENTOS!$D$15,$A31-$A$15,0)),\n                OFFSET($F$15,$A31,0)))","v":""},null,null,null,null,null,null,null,null,null,null,null,null,null,{"$f":"IF(AND($D31=\"Serviço\",AB$12<>0,$H31>0,OR(AUTOEVENTO<>\"manual\",$M31<>$A$15)),\n        IF(Import.TipoArredondamento<>\"TransfereGOV\",\n              ROUND(OFFSET($P31,0,AB$13),15-13*ORÇAMENTO!$AF$7)/$H31*OFFSET(ORÇAMENTO!$X$15,ROW(AB31)-ROW(AB$15),0),\n              ROUND(ROUND(OFFSET($P31,0,AB$13),15-13*ORÇAMENTO!$AF$7)*OFFSET(ORÇAMENTO!$W$15,ROW(AB31)-ROW(AB$15),0),15-13*ORÇAMENTO!$AF$11)),\n         0)","v":0},{"$f":"IF(AND($D31=\"Serviço\",AC$12<>0,$H31>0,OR(AUTOEVENTO<>\"manual\",$M31<>$A$15)),\n        IF(Import.TipoArredondamento<>\"TransfereGOV\",\n              ROUND(OFFSET($P31,0,AC$13),15-13*ORÇAMENTO!$AF$7)/$H31*OFFSET(ORÇAMENTO!$X$15,ROW(AC31)-ROW(AC$15),0),\n              ROUND(ROUND(OFFSET($P31,0,AC$13),15-13*ORÇAMENTO!$AF$7)*OFFSET(ORÇAMENTO!$W$15,ROW(AC31)-ROW(AC$15),0),15-13*ORÇAMENTO!$AF$11)),\n         0)","v":0},{"$f":"IF(AND($D31=\"Serviço\",AD$12<>0,$H31>0,OR(AUTOEVENTO<>\"manual\",$M31<>$A$15)),\n        IF(Import.TipoArredondamento<>\"TransfereGOV\",\n              ROUND(OFFSET($P31,0,AD$13),15-13*ORÇAMENTO!$AF$7)/$H31*OFFSET(ORÇAMENTO!$X$15,ROW(AD31)-ROW(AD$15),0),\n              ROUND(ROUND(OFFSET($P31,0,AD$13),15-13*ORÇAMENTO!$AF$7)*OFFSET(ORÇAMENTO!$W$15,ROW(AD31)-ROW(AD$15),0),15-13*ORÇAMENTO!$AF$11)),\n         0)","v":0},{"$f":"IF(AND($D31=\"Serviço\",AE$12<>0,$H31>0,OR(AUTOEVENTO<>\"manual\",$M31<>$A$15)),\n        IF(Import.TipoArredondamento<>\"TransfereGOV\",\n              ROUND(OFFSET($P31,0,AE$13),15-13*ORÇAMENTO!$AF$7)/$H31*OFFSET(ORÇAMENTO!$X$15,ROW(AE31)-ROW(AE$15),0),\n              ROUND(ROUND(OFFSET($P31,0,AE$13),15-13*ORÇAMENTO!$AF$7)*OFFSET(ORÇAMENTO!$W$15,ROW(AE31)-ROW(AE$15),0),15-13*ORÇAMENTO!$AF$11)),\n         0)","v":0},{"$f":"IF(AND($D31=\"Serviço\",AF$12<>0,$H31>0,OR(AUTOEVENTO<>\"manual\",$M31<>$A$15)),\n        IF(Import.TipoArredondamento<>\"TransfereGOV\",\n              ROUND(OFFSET($P31,0,AF$13),15-13*ORÇAMENTO!$AF$7)/$H31*OFFSET(ORÇAMENTO!$X$15,ROW(AF31)-ROW(AF$15),0),\n              ROUND(ROUND(OFFSET($P31,0,AF$13),15-13*ORÇAMENTO!$AF$7)*OFFSET(ORÇAMENTO!$W$15,ROW(AF31)-ROW(AF$15),0),15-13*ORÇAMENTO!$AF$11)),\n         0)","v":0},{"$f":"IF(AND($D31=\"Serviço\",AG$12<>0,$H31>0,OR(AUTOEVENTO<>\"manual\",$M31<>$A$15)),\n        IF(Import.TipoArredondamento<>\"TransfereGOV\",\n              ROUND(OFFSET($P31,0,AG$13),15-13*ORÇAMENTO!$AF$7)/$H31*OFFSET(ORÇAMENTO!$X$15,ROW(AG31)-ROW(AG$15),0),\n              ROUND(ROUND(OFFSET($P31,0,AG$13),15-13*ORÇAMENTO!$AF$7)*OFFSET(ORÇAMENTO!$W$15,ROW(AG31)-ROW(AG$15),0),15-13*ORÇAMENTO!$AF$11)),\n         0)","v":0},{"$f":"IF(AND($D31=\"Serviço\",AH$12<>0,$H31>0,OR(AUTOEVENTO<>\"manual\",$M31<>$A$15)),\n        IF(Import.TipoArredondamento<>\"TransfereGOV\",\n              ROUND(OFFSET($P31,0,AH$13),15-13*ORÇAMENTO!$AF$7)/$H31*OFFSET(ORÇAMENTO!$X$15,ROW(AH31)-ROW(AH$15),0),\n              ROUND(ROUND(OFFSET($P31,0,AH$13),15-13*ORÇAMENTO!$AF$7)*OFFSET(ORÇAMENTO!$W$15,ROW(AH31)-ROW(AH$15),0),15-13*ORÇAMENTO!$AF$11)),\n         0)","v":0},{"$f":"IF(AND($D31=\"Serviço\",AI$12<>0,$H31>0,OR(AUTOEVENTO<>\"manual\",$M31<>$A$15)),\n        IF(Import.TipoArredondamento<>\"TransfereGOV\",\n              ROUND(OFFSET($P31,0,AI$13),15-13*ORÇAMENTO!$AF$7)/$H31*OFFSET(ORÇAMENTO!$X$15,ROW(AI31)-ROW(AI$15),0),\n              ROUND(ROUND(OFFSET($P31,0,AI$13),15-13*ORÇAMENTO!$AF$7)*OFFSET(ORÇAMENTO!$W$15,ROW(AI31)-ROW(AI$15),0),15-13*ORÇAMENTO!$AF$11)),\n         0)","v":0},{"$f":"IF(AND($D31=\"Serviço\",AJ$12<>0,$H31>0,OR(AUTOEVENTO<>\"manual\",$M31<>$A$15)),\n        IF(Import.TipoArredondamento<>\"TransfereGOV\",\n              ROUND(OFFSET($P31,0,AJ$13),15-13*ORÇAMENTO!$AF$7)/$H31*OFFSET(ORÇAMENTO!$X$15,ROW(AJ31)-ROW(AJ$15),0),\n              ROUND(ROUND(OFFSET($P31,0,AJ$13),15-13*ORÇAMENTO!$AF$7)*OFFSET(ORÇAMENTO!$W$15,ROW(AJ31)-ROW(AJ$15),0),15-13*ORÇAMENTO!$AF$11)),\n         0)","v":0},{"$f":"IF(AND($D31=\"Serviço\",AK$12<>0,$H31>0,OR(AUTOEVENTO<>\"manual\",$M31<>$A$15)),\n        IF(Import.TipoArredondamento<>\"TransfereGOV\",\n              ROUND(OFFSET($P31,0,AK$13),15-13*ORÇAMENTO!$AF$7)/$H31*OFFSET(ORÇAMENTO!$X$15,ROW(AK31)-ROW(AK$15),0),\n              ROUND(ROUND(OFFSET($P31,0,AK$13),15-13*ORÇAMENTO!$AF$7)*OFFSET(ORÇAMENTO!$W$15,ROW(AK31)-ROW(AK$15),0),15-13*ORÇAMENTO!$AF$11)),\n         0)","v":0},null,{"$f":"IF(OR($D31<>\"Serviço\",AND(AUTOEVENTO=\"Manual\",$M31=$A$15)),0,\n         IF(OFFSET(CRONOPLE!$F$15,$M31-$A$15,AM$13)=0,10^12,OFFSET(CRONOPLE!$F$15,$M31-$A$15,AM$13)))","v":0},{"$f":"IF(OR($D31<>\"Serviço\",AND(AUTOEVENTO=\"Manual\",$M31=$A$15)),0,\n         IF(OFFSET(CRONOPLE!$F$15,$M31-$A$15,AN$13)=0,10^12,OFFSET(CRONOPLE!$F$15,$M31-$A$15,AN$13)))","v":0},{"$f":"IF(OR($D31<>\"Serviço\",AND(AUTOEVENTO=\"Manual\",$M31=$A$15)),0,\n         IF(OFFSET(CRONOPLE!$F$15,$M31-$A$15,AO$13)=0,10^12,OFFSET(CRONOPLE!$F$15,$M31-$A$15,AO$13)))","v":0},{"$f":"IF(OR($D31<>\"Serviço\",AND(AUTOEVENTO=\"Manual\",$M31=$A$15)),0,\n         IF(OFFSET(CRONOPLE!$F$15,$M31-$A$15,AP$13)=0,10^12,OFFSET(CRONOPLE!$F$15,$M31-$A$15,AP$13)))","v":0},{"$f":"IF(OR($D31<>\"Serviço\",AND(AUTOEVENTO=\"Manual\",$M31=$A$15)),0,\n         IF(OFFSET(CRONOPLE!$F$15,$M31-$A$15,AQ$13)=0,10^12,OFFSET(CRONOPLE!$F$15,$M31-$A$15,AQ$13)))","v":0},{"$f":"IF(OR($D31<>\"Serviço\",AND(AUTOEVENTO=\"Manual\",$M31=$A$15)),0,\n         IF(OFFSET(CRONOPLE!$F$15,$M31-$A$15,AR$13)=0,10^12,OFFSET(CRONOPLE!$F$15,$M31-$A$15,AR$13)))","v":0},{"$f":"IF(OR($D31<>\"Serviço\",AND(AUTOEVENTO=\"Manual\",$M31=$A$15)),0,\n         IF(OFFSET(CRONOPLE!$F$15,$M31-$A$15,AS$13)=0,10^12,OFFSET(CRONOPLE!$F$15,$M31-$A$15,AS$13)))","v":0},{"$f":"IF(OR($D31<>\"Serviço\",AND(AUTOEVENTO=\"Manual\",$M31=$A$15)),0,\n         IF(OFFSET(CRONOPLE!$F$15,$M31-$A$15,AT$13)=0,10^12,OFFSET(CRONOPLE!$F$15,$M31-$A$15,AT$13)))","v":0},{"$f":"IF(OR($D31<>\"Serviço\",AND(AUTOEVENTO=\"Manual\",$M31=$A$15)),0,\n         IF(OFFSET(CRONOPLE!$F$15,$M31-$A$15,AU$13)=0,10^12,OFFSET(CRONOPLE!$F$15,$M31-$A$15,AU$13)))","v":0},{"$f":"IF(OR($D31<>\"Serviço\",AND(AUTOEVENTO=\"Manual\",$M31=$A$15)),0,\n         IF(OFFSET(CRONOPLE!$F$15,$M31-$A$15,AV$13)=0,10^12,OFFSET(CRONOPLE!$F$15,$M31-$A$15,AV$13)))","v":0},null,{"$f":"IF(OR($D31<>\"Serviço\",AND(AUTOEVENTO=\"Manual\",$M31=$A$15),$M31>(ROW(PLE.lastrow)-ROW(PLE.firstrow))),0,\n           IF(OFFSET(PLE!$G$15,$M31-$A$15,AX$13)=\"\",10^12,OFFSET(PLE!$G$15,$M31-$A$15,AX$13)))","v":0},{"$f":"IF(OR($D31<>\"Serviço\",AND(AUTOEVENTO=\"Manual\",$M31=$A$15),$M31>(ROW(PLE.lastrow)-ROW(PLE.firstrow))),0,\n           IF(OFFSET(PLE!$G$15,$M31-$A$15,AY$13)=\"\",10^12,OFFSET(PLE!$G$15,$M31-$A$15,AY$13)))","v":0},{"$f":"IF(OR($D31<>\"Serviço\",AND(AUTOEVENTO=\"Manual\",$M31=$A$15),$M31>(ROW(PLE.lastrow)-ROW(PLE.firstrow))),0,\n           IF(OFFSET(PLE!$G$15,$M31-$A$15,AZ$13)=\"\",10^12,OFFSET(PLE!$G$15,$M31-$A$15,AZ$13)))","v":0},{"$f":"IF(OR($D31<>\"Serviço\",AND(AUTOEVENTO=\"Manual\",$M31=$A$15),$M31>(ROW(PLE.lastrow)-ROW(PLE.firstrow))),0,\n           IF(OFFSET(PLE!$G$15,$M31-$A$15,BA$13)=\"\",10^12,OFFSET(PLE!$G$15,$M31-$A$15,BA$13)))","v":0},{"$f":"IF(OR($D31<>\"Serviço\",AND(AUTOEVENTO=\"Manual\",$M31=$A$15),$M31>(ROW(PLE.lastrow)-ROW(PLE.firstrow))),0,\n           IF(OFFSET(PLE!$G$15,$M31-$A$15,BB$13)=\"\",10^12,OFFSET(PLE!$G$15,$M31-$A$15,BB$13)))","v":0},{"$f":"IF(OR($D31<>\"Serviço\",AND(AUTOEVENTO=\"Manual\",$M31=$A$15),$M31>(ROW(PLE.lastrow)-ROW(PLE.firstrow))),0,\n           IF(OFFSET(PLE!$G$15,$M31-$A$15,BC$13)=\"\",10^12,OFFSET(PLE!$G$15,$M31-$A$15,BC$13)))","v":0},{"$f":"IF(OR($D31<>\"Serviço\",AND(AUTOEVENTO=\"Manual\",$M31=$A$15),$M31>(ROW(PLE.lastrow)-ROW(PLE.firstrow))),0,\n           IF(OFFSET(PLE!$G$15,$M31-$A$15,BD$13)=\"\",10^12,OFFSET(PLE!$G$15,$M31-$A$15,BD$13)))","v":0},{"$f":"IF(OR($D31<>\"Serviço\",AND(AUTOEVENTO=\"Manual\",$M31=$A$15),$M31>(ROW(PLE.lastrow)-ROW(PLE.firstrow))),0,\n           IF(OFFSET(PLE!$G$15,$M31-$A$15,BE$13)=\"\",10^12,OFFSET(PLE!$G$15,$M31-$A$15,BE$13)))","v":0},{"$f":"IF(OR($D31<>\"Serviço\",AND(AUTOEVENTO=\"Manual\",$M31=$A$15),$M31>(ROW(PLE.lastrow)-ROW(PLE.firstrow))),0,\n           IF(OFFSET(PLE!$G$15,$M31-$A$15,BF$13)=\"\",10^12,OFFSET(PLE!$G$15,$M31-$A$15,BF$13)))","v":0},{"$f":"IF(OR($D31<>\"Serviço\",AND(AUTOEVENTO=\"Manual\",$M31=$A$15),$M31>(ROW(PLE.lastrow)-ROW(PLE.firstrow))),0,\n           IF(OFFSET(PLE!$G$15,$M31-$A$15,BG$13)=\"\",10^12,OFFSET(PLE!$G$15,$M31-$A$15,BG$13)))","v":0}]
[21,{"$f":"OFFSET(ORÇAMENTO!C$15,$L32,0)","v":"S"},{"$f":"OFFSET(ORÇAMENTO!L$15,$L32,0)","v":"F"},{"$f":"OFFSET(ORÇAMENTO!N$15,$L32,0)","v":"Serviço"},{"$f":"OFFSET(ORÇAMENTO!O$15,$L32,0)","v":"1.3.1."},{"$f":"OFFSET(ORÇAMENTO!R$15,$L32,0)","v":"ATERRO MECANIZADO DE VALA COM ESCAVADEIRA HIDRÁULICA (CAPACIDADE DA CAÇAMBA: 0,8 M³ / POTÊNCIA: 111 HP), LARGURA ATÉ 2,5 M, PROFUNDIDADE ATÉ 1,5 M, COM SOLO ARGILO-ARENOSO. AF_08/2023"},{"$f":"IF($D32<>\"Serviço\",\"\",OFFSET(ORÇAMENTO!S$15,$L32,0))","v":"M3"},{"$f":"IF($D32<>\"Serviço\",0,IF(ACOMPANHAMENTO=\"BM\",ROUND(OFFSET(ORÇAMENTO!AJ$15,$L32,0),15-13*ORÇAMENTO!$AF$7),IF(IFERROR(CÁLCULO.FrentesPreenchidas,0)=0,0,SUM(ROUND(OFFSET($P32,0,1,1,CÁLCULO.FrentesPreenchidas),15-13*ORÇAMENTO!$AF$7)))))","v":134.41999999999999},"ATERRO PARA EXECUÇÃO DE NOVA ROTA ACESSÍVEL (54,20MX3,10MX0,80M)",{"$f":"IF(OR(B32<>\"S\",CÁLCULO.FrentesPreenchidas=0),\"\",IF(AND(ACOMPANHAMENTO=\"PLE\",AUTOEVENTO=\"Manual\",OR(H32>0,ORÇAMENTO!AC32=\"QUANT.\"),OR(K32=\"\",M32=0,N32=\"\")),\"►E\",IF(AND(ACOMPANHAMENTO=\"PLE\",ORÇAMENTO!AC32=\"QUANT.\"),\"►Q\",IF(AND(ACOMPANHAMENTO=\"PLE\",H32<>SUMPRODUCT(($Q$1:$AA$1=1)*ROUND(Q32:AA32,15))),\"►S\",IF(AND(COUNTIF($P$11:$AA$11,\"▼\")=0,H32>0,I32=\"\"),\"◄M\",\"\")))))","v":""},"21.Aterro e regularização",17,{"$f":"IF($D32<>\"Serviço\",\"\",\n          IF(AUTOEVENTO=\"manual\",$A32,\n                IF(ISERROR(MATCH($A32,$A$15:OFFSET($A32,-1,0),0)),MAX($M$15:OFFSET(M32,-1,0))+1,\n                      INDEX($M$15:OFFSET(M32,-1,0),MATCH($A32,$A$15:OFFSET($A32,-1,0),0)))))","v":21},{"$f":"IF($D32<>\"Serviço\",\"\",\n         IF(AUTOEVENTO=\"Manual\",\n                IF($A32=0,\"<-- defina o número do agrupador\",\n                       OFFSET(EVENTOS!$D$15,$A32-$A$15,0)),\n                OFFSET($F$15,$A32,0)))","v":"Reforma cabine"},null,null,{"$f":"54.2*3.1*0.8/2","v":67.208000000000013},{"$f":"54.2*3.1*0.8/2","v":67.208000000000013},null,null,null,null,null,null,null,null,null,{"$f":"IF(AND($D32=\"Serviço\",AB$12<>0,$H32>0,OR(AUTOEVENTO<>\"manual\",$M32<>$A$15)),\n        IF(Import.TipoArredondamento<>\"TransfereGOV\",\n              ROUND(OFFSET($P32,0,AB$13),15-13*ORÇAMENTO!$AF$7)/$H32*OFFSET(ORÇAMENTO!$X$15,ROW(AB32)-ROW(AB$15),0),\n              ROUND(ROUND(OFFSET($P32,0,AB$13),15-13*ORÇAMENTO!$AF$7)*OFFSET(ORÇAMENTO!$W$15,ROW(AB32)-ROW(AB$15),0),15-13*ORÇAMENTO!$AF$11)),\n         0)","v":0},{"$f":"IF(AND($D32=\"Serviço\",AC$12<>0,$H32>0,OR(AUTOEVENTO<>\"manual\",$M32<>$A$15)),\n        IF(Import.TipoArredondamento<>\"TransfereGOV\",\n              ROUND(OFFSET($P32,0,AC$13),15-13*ORÇAMENTO!$AF$7)/$H32*OFFSET(ORÇAMENTO!$X$15,ROW(AC32)-ROW(AC$15),0),\n              ROUND(ROUND(OFFSET($P32,0,AC$13),15-13*ORÇAMENTO!$AF$7)*OFFSET(ORÇAMENTO!$W$15,ROW(AC32)-ROW(AC$15),0),15-13*ORÇAMENTO!$AF$11)),\n         0)","v":0},{"$f":"IF(AND($D32=\"Serviço\",AD$12<>0,$H32>0,OR(AUTOEVENTO<>\"manual\",$M32<>$A$15)),\n        IF(Import.TipoArredondamento<>\"TransfereGOV\",\n              ROUND(OFFSET($P32,0,AD$13),15-13*ORÇAMENTO!$AF$7)/$H32*OFFSET(ORÇAMENTO!$X$15,ROW(AD32)-ROW(AD$15),0),\n              ROUND(ROUND(OFFSET($P32,0,AD$13),15-13*ORÇAMENTO!$AF$7)*OFFSET(ORÇAMENTO!$W$15,ROW(AD32)-ROW(AD$15),0),15-13*ORÇAMENTO!$AF$11)),\n         0)","v":0},{"$f":"IF(AND($D32=\"Serviço\",AE$12<>0,$H32>0,OR(AUTOEVENTO<>\"manual\",$M32<>$A$15)),\n        IF(Import.TipoArredondamento<>\"TransfereGOV\",\n              ROUND(OFFSET($P32,0,AE$13),15-13*ORÇAMENTO!$AF$7)/$H32*OFFSET(ORÇAMENTO!$X$15,ROW(AE32)-ROW(AE$15),0),\n              ROUND(ROUND(OFFSET($P32,0,AE$13),15-13*ORÇAMENTO!$AF$7)*OFFSET(ORÇAMENTO!$W$15,ROW(AE32)-ROW(AE$15),0),15-13*ORÇAMENTO!$AF$11)),\n         0)","v":0},{"$f":"IF(AND($D32=\"Serviço\",AF$12<>0,$H32>0,OR(AUTOEVENTO<>\"manual\",$M32<>$A$15)),\n        IF(Import.TipoArredondamento<>\"TransfereGOV\",\n              ROUND(OFFSET($P32,0,AF$13),15-13*ORÇAMENTO!$AF$7)/$H32*OFFSET(ORÇAMENTO!$X$15,ROW(AF32)-ROW(AF$15),0),\n              ROUND(ROUND(OFFSET($P32,0,AF$13),15-13*ORÇAMENTO!$AF$7)*OFFSET(ORÇAMENTO!$W$15,ROW(AF32)-ROW(AF$15),0),15-13*ORÇAMENTO!$AF$11)),\n         0)","v":0},{"$f":"IF(AND($D32=\"Serviço\",AG$12<>0,$H32>0,OR(AUTOEVENTO<>\"manual\",$M32<>$A$15)),\n        IF(Import.TipoArredondamento<>\"TransfereGOV\",\n              ROUND(OFFSET($P32,0,AG$13),15-13*ORÇAMENTO!$AF$7)/$H32*OFFSET(ORÇAMENTO!$X$15,ROW(AG32)-ROW(AG$15),0),\n              ROUND(ROUND(OFFSET($P32,0,AG$13),15-13*ORÇAMENTO!$AF$7)*OFFSET(ORÇAMENTO!$W$15,ROW(AG32)-ROW(AG$15),0),15-13*ORÇAMENTO!$AF$11)),\n         0)","v":0},{"$f":"IF(AND($D32=\"Serviço\",AH$12<>0,$H32>0,OR(AUTOEVENTO<>\"manual\",$M32<>$A$15)),\n        IF(Import.TipoArredondamento<>\"TransfereGOV\",\n              ROUND(OFFSET($P32,0,AH$13),15-13*ORÇAMENTO!$AF$7)/$H32*OFFSET(ORÇAMENTO!$X$15,ROW(AH32)-ROW(AH$15),0),\n              ROUND(ROUND(OFFSET($P32,0,AH$13),15-13*ORÇAMENTO!$AF$7)*OFFSET(ORÇAMENTO!$W$15,ROW(AH32)-ROW(AH$15),0),15-13*ORÇAMENTO!$AF$11)),\n         0)","v":0},{"$f":"IF(AND($D32=\"Serviço\",AI$12<>0,$H32>0,OR(AUTOEVENTO<>\"manual\",$M32<>$A$15)),\n        IF(Import.TipoArredondamento<>\"TransfereGOV\",\n              ROUND(OFFSET($P32,0,AI$13),15-13*ORÇAMENTO!$AF$7)/$H32*OFFSET(ORÇAMENTO!$X$15,ROW(AI32)-ROW(AI$15),0),\n              ROUND(ROUND(OFFSET($P32,0,AI$13),15-13*ORÇAMENTO!$AF$7)*OFFSET(ORÇAMENTO!$W$15,ROW(AI32)-ROW(AI$15),0),15-13*ORÇAMENTO!$AF$11)),\n         0)","v":0},{"$f":"IF(AND($D32=\"Serviço\",AJ$12<>0,$H32>0,OR(AUTOEVENTO<>\"manual\",$M32<>$A$15)),\n        IF(Import.TipoArredondamento<>\"TransfereGOV\",\n              ROUND(OFFSET($P32,0,AJ$13),15-13*ORÇAMENTO!$AF$7)/$H32*OFFSET(ORÇAMENTO!$X$15,ROW(AJ32)-ROW(AJ$15),0),\n              ROUND(ROUND(OFFSET($P32,0,AJ$13),15-13*ORÇAMENTO!$AF$7)*OFFSET(ORÇAMENTO!$W$15,ROW(AJ32)-ROW(AJ$15),0),15-13*ORÇAMENTO!$AF$11)),\n         0)","v":0},{"$f":"IF(AND($D32=\"Serviço\",AK$12<>0,$H32>0,OR(AUTOEVENTO<>\"manual\",$M32<>$A$15)),\n        IF(Import.TipoArredondamento<>\"TransfereGOV\",\n              ROUND(OFFSET($P32,0,AK$13),15-13*ORÇAMENTO!$AF$7)/$H32*OFFSET(ORÇAMENTO!$X$15,ROW(AK32)-ROW(AK$15),0),\n              ROUND(ROUND(OFFSET($P32,0,AK$13),15-13*ORÇAMENTO!$AF$7)*OFFSET(ORÇAMENTO!$W$15,ROW(AK32)-ROW(AK$15),0),15-13*ORÇAMENTO!$AF$11)),\n         0)","v":0},null,{"$f":"IF(OR($D32<>\"Serviço\",AND(AUTOEVENTO=\"Manual\",$M32=$A$15)),0,\n         IF(OFFSET(CRONOPLE!$F$15,$M32-$A$15,AM$13)=0,10^12,OFFSET(CRONOPLE!$F$15,$M32-$A$15,AM$13)))","v":1},{"$f":"IF(OR($D32<>\"Serviço\",AND(AUTOEVENTO=\"Manual\",$M32=$A$15)),0,\n         IF(OFFSET(CRONOPLE!$F$15,$M32-$A$15,AN$13)=0,10^12,OFFSET(CRONOPLE!$F$15,$M32-$A$15,AN$13)))","v":1},{"$f":"IF(OR($D32<>\"Serviço\",AND(AUTOEVENTO=\"Manual\",$M32=$A$15)),0,\n         IF(OFFSET(CRONOPLE!$F$15,$M32-$A$15,AO$13)=0,10^12,OFFSET(CRONOPLE!$F$15,$M32-$A$15,AO$13)))","v":1000000000000},{"$f":"IF(OR($D32<>\"Serviço\",AND(AUTOEVENTO=\"Manual\",$M32=$A$15)),0,\n         IF(OFFSET(CRONOPLE!$F$15,$M32-$A$15,AP$13)=0,10^12,OFFSET(CRONOPLE!$F$15,$M32-$A$15,AP$13)))","v":1000000000000},{"$f":"IF(OR($D32<>\"Serviço\",AND(AUTOEVENTO=\"Manual\",$M32=$A$15)),0,\n         IF(OFFSET(CRONOPLE!$F$15,$M32-$A$15,AQ$13)=0,10^12,OFFSET(CRONOPLE!$F$15,$M32-$A$15,AQ$13)))","v":1000000000000},{"$f":"IF(OR($D32<>\"Serviço\",AND(AUTOEVENTO=\"Manual\",$M32=$A$15)),0,\n         IF(OFFSET(CRONOPLE!$F$15,$M32-$A$15,AR$13)=0,10^12,OFFSET(CRONOPLE!$F$15,$M32-$A$15,AR$13)))","v":1000000000000},{"$f":"IF(OR($D32<>\"Serviço\",AND(AUTOEVENTO=\"Manual\",$M32=$A$15)),0,\n         IF(OFFSET(CRONOPLE!$F$15,$M32-$A$15,AS$13)=0,10^12,OFFSET(CRONOPLE!$F$15,$M32-$A$15,AS$13)))","v":1000000000000},{"$f":"IF(OR($D32<>\"Serviço\",AND(AUTOEVENTO=\"Manual\",$M32=$A$15)),0,\n         IF(OFFSET(CRONOPLE!$F$15,$M32-$A$15,AT$13)=0,10^12,OFFSET(CRONOPLE!$F$15,$M32-$A$15,AT$13)))","v":1000000000000},{"$f":"IF(OR($D32<>\"Serviço\",AND(AUTOEVENTO=\"Manual\",$M32=$A$15)),0,\n         IF(OFFSET(CRONOPLE!$F$15,$M32-$A$15,AU$13)=0,10^12,OFFSET(CRONOPLE!$F$15,$M32-$A$15,AU$13)))","v":1000000000000},{"$f":"IF(OR($D32<>\"Serviço\",AND(AUTOEVENTO=\"Manual\",$M32=$A$15)),0,\n         IF(OFFSET(CRONOPLE!$F$15,$M32-$A$15,AV$13)=0,10^12,OFFSET(CRONOPLE!$F$15,$M32-$A$15,AV$13)))","v":1000000000000},null,{"$f":"IF(OR($D32<>\"Serviço\",AND(AUTOEVENTO=\"Manual\",$M32=$A$15),$M32>(ROW(PLE.lastrow)-ROW(PLE.firstrow))),0,\n           IF(OFFSET(PLE!$G$15,$M32-$A$15,AX$13)=\"\",10^12,OFFSET(PLE!$G$15,$M32-$A$15,AX$13)))","v":1000000000000},{"$f":"IF(OR($D32<>\"Serviço\",AND(AUTOEVENTO=\"Manual\",$M32=$A$15),$M32>(ROW(PLE.lastrow)-ROW(PLE.firstrow))),0,\n           IF(OFFSET(PLE!$G$15,$M32-$A$15,AY$13)=\"\",10^12,OFFSET(PLE!$G$15,$M32-$A$15,AY$13)))","v":1000000000000},{"$f":"IF(OR($D32<>\"Serviço\",AND(AUTOEVENTO=\"Manual\",$M32=$A$15),$M32>(ROW(PLE.lastrow)-ROW(PLE.firstrow))),0,\n           IF(OFFSET(PLE!$G$15,$M32-$A$15,AZ$13)=\"\",10^12,OFFSET(PLE!$G$15,$M32-$A$15,AZ$13)))","v":1000000000000},{"$f":"IF(OR($D32<>\"Serviço\",AND(AUTOEVENTO=\"Manual\",$M32=$A$15),$M32>(ROW(PLE.lastrow)-ROW(PLE.firstrow))),0,\n           IF(OFFSET(PLE!$G$15,$M32-$A$15,BA$13)=\"\",10^12,OFFSET(PLE!$G$15,$M32-$A$15,BA$13)))","v":1000000000000},{"$f":"IF(OR($D32<>\"Serviço\",AND(AUTOEVENTO=\"Manual\",$M32=$A$15),$M32>(ROW(PLE.lastrow)-ROW(PLE.firstrow))),0,\n           IF(OFFSET(PLE!$G$15,$M32-$A$15,BB$13)=\"\",10^12,OFFSET(PLE!$G$15,$M32-$A$15,BB$13)))","v":1000000000000},{"$f":"IF(OR($D32<>\"Serviço\",AND(AUTOEVENTO=\"Manual\",$M32=$A$15),$M32>(ROW(PLE.lastrow)-ROW(PLE.firstrow))),0,\n           IF(OFFSET(PLE!$G$15,$M32-$A$15,BC$13)=\"\",10^12,OFFSET(PLE!$G$15,$M32-$A$15,BC$13)))","v":1000000000000},{"$f":"IF(OR($D32<>\"Serviço\",AND(AUTOEVENTO=\"Manual\",$M32=$A$15),$M32>(ROW(PLE.lastrow)-ROW(PLE.firstrow))),0,\n           IF(OFFSET(PLE!$G$15,$M32-$A$15,BD$13)=\"\",10^12,OFFSET(PLE!$G$15,$M32-$A$15,BD$13)))","v":1000000000000},{"$f":"IF(OR($D32<>\"Serviço\",AND(AUTOEVENTO=\"Manual\",$M32=$A$15),$M32>(ROW(PLE.lastrow)-ROW(PLE.firstrow))),0,\n           IF(OFFSET(PLE!$G$15,$M32-$A$15,BE$13)=\"\",10^12,OFFSET(PLE!$G$15,$M32-$A$15,BE$13)))","v":1000000000000},{"$f":"IF(OR($D32<>\"Serviço\",AND(AUTOEVENTO=\"Manual\",$M32=$A$15),$M32>(ROW(PLE.lastrow)-ROW(PLE.firstrow))),0,\n           IF(OFFSET(PLE!$G$15,$M32-$A$15,BF$13)=\"\",10^12,OFFSET(PLE!$G$15,$M32-$A$15,BF$13)))","v":1000000000000},{"$f":"IF(OR($D32<>\"Serviço\",AND(AUTOEVENTO=\"Manual\",$M32=$A$15),$M32>(ROW(PLE.lastrow)-ROW(PLE.firstrow))),0,\n           IF(OFFSET(PLE!$G$15,$M32-$A$15,BG$13)=\"\",10^12,OFFSET(PLE!$G$15,$M32-$A$15,BG$13)))","v":1000000000000}]
[21,{"$f":"OFFSET(ORÇAMENTO!C$15,$L33,0)","v":"S"},{"$f":"OFFSET(ORÇAMENTO!L$15,$L33,0)","v":"F"},{"$f":"OFFSET(ORÇAMENTO!N$15,$L33,0)","v":"Serviço"},{"$f":"OFFSET(ORÇAMENTO!O$15,$L33,0)","v":"1.3.2."},{"$f":"OFFSET(ORÇAMENTO!R$15,$L33,0)","v":"EXECUÇÃO E COMPACTAÇÃO DE CORPO DE ATERRO DE ATERRO (95% DE ENERGIA DO PROCTOR NORMAL) COM SOLO PREDOMINANTEMENTE ARGILOSO ESPESSURA 15 CM - EXCLUSIVE MATERIAL, ESCAVAÇÃO, CARGA E TRANSPORTE. AF_09/2024"},{"$f":"IF($D33<>\"Serviço\",\"\",OFFSET(ORÇAMENTO!S$15,$L33,0))","v":"M3"},{"$f":"IF($D33<>\"Serviço\",0,IF(ACOMPANHAMENTO=\"BM\",ROUND(OFFSET(ORÇAMENTO!AJ$15,$L33,0),15-13*ORÇAMENTO!$AF$7),IF(IFERROR(CÁLCULO.FrentesPreenchidas,0)=0,0,SUM(ROUND(OFFSET($P33,0,1,1,CÁLCULO.FrentesPreenchidas),15-13*ORÇAMENTO!$AF$7)))))","v":168.02},"ATERRO PARA EXECUÇÃO DE NOVA ROTA ACESSÍVEL (54,20MX3,10M)",{"$f":"IF(OR(B33<>\"S\",CÁLCULO.FrentesPreenchidas=0),\"\",IF(AND(ACOMPANHAMENTO=\"PLE\",AUTOEVENTO=\"Manual\",OR(H33>0,ORÇAMENTO!AC33=\"QUANT.\"),OR(K33=\"\",M33=0,N33=\"\")),\"►E\",IF(AND(ACOMPANHAMENTO=\"PLE\",ORÇAMENTO!AC33=\"QUANT.\"),\"►Q\",IF(AND(ACOMPANHAMENTO=\"PLE\",H33<>SUMPRODUCT(($Q$1:$AA$1=1)*ROUND(Q33:AA33,15))),\"►S\",IF(AND(COUNTIF($P$11:$AA$11,\"▼\")=0,H33>0,I33=\"\"),\"◄M\",\"\")))))","v":""},"21.Aterro e regularização",18,{"$f":"IF($D33<>\"Serviço\",\"\",\n          IF(AUTOEVENTO=\"manual\",$A33,\n                IF(ISERROR(MATCH($A33,$A$15:OFFSET($A33,-1,0),0)),MAX($M$15:OFFSET(M33,-1,0))+1,\n                      INDEX($M$15:OFFSET(M33,-1,0),MATCH($A33,$A$15:OFFSET($A33,-1,0),0)))))","v":21},{"$f":"IF($D33<>\"Serviço\",\"\",\n         IF(AUTOEVENTO=\"Manual\",\n                IF($A33=0,\"<-- defina o número do agrupador\",\n                       OFFSET(EVENTOS!$D$15,$A33-$A$15,0)),\n                OFFSET($F$15,$A33,0)))","v":"Reforma cabine"},null,null,{"$f":"54.2*3.1/2","v":84.01},{"$f":"54.2*3.1/2","v":84.01},null,null,null,null,null,null,null,null,null,{"$f":"IF(AND($D33=\"Serviço\",AB$12<>0,$H33>0,OR(AUTOEVENTO<>\"manual\",$M33<>$A$15)),\n        IF(Import.TipoArredondamento<>\"TransfereGOV\",\n              ROUND(OFFSET($P33,0,AB$13),15-13*ORÇAMENTO!$AF$7)/$H33*OFFSET(ORÇAMENTO!$X$15,ROW(AB33)-ROW(AB$15),0),\n              ROUND(ROUND(OFFSET($P33,0,AB$13),15-13*ORÇAMENTO!$AF$7)*OFFSET(ORÇAMENTO!$W$15,ROW(AB33)-ROW(AB$15),0),15-13*ORÇAMENTO!$AF$11)),\n         0)","v":0},{"$f":"IF(AND($D33=\"Serviço\",AC$12<>0,$H33>0,OR(AUTOEVENTO<>\"manual\",$M33<>$A$15)),\n        IF(Import.TipoArredondamento<>\"TransfereGOV\",\n              ROUND(OFFSET($P33,0,AC$13),15-13*ORÇAMENTO!$AF$7)/$H33*OFFSET(ORÇAMENTO!$X$15,ROW(AC33)-ROW(AC$15),0),\n              ROUND(ROUND(OFFSET($P33,0,AC$13),15-13*ORÇAMENTO!$AF$7)*OFFSET(ORÇAMENTO!$W$15,ROW(AC33)-ROW(AC$15),0),15-13*ORÇAMENTO!$AF$11)),\n         0)","v":0},{"$f":"IF(AND($D33=\"Serviço\",AD$12<>0,$H33>0,OR(AUTOEVENTO<>\"manual\",$M33<>$A$15)),\n        IF(Import.TipoArredondamento<>\"TransfereGOV\",\n              ROUND(OFFSET($P33,0,AD$13),15-13*ORÇAMENTO!$AF$7)/$H33*OFFSET(ORÇAMENTO!$X$15,ROW(AD33)-ROW(AD$15),0),\n              ROUND(ROUND(OFFSET($P33,0,AD$13),15-13*ORÇAMENTO!$AF$7)*OFFSET(ORÇAMENTO!$W$15,ROW(AD33)-ROW(AD$15),0),15-13*ORÇAMENTO!$AF$11)),\n         0)","v":0},{"$f":"IF(AND($D33=\"Serviço\",AE$12<>0,$H33>0,OR(AUTOEVENTO<>\"manual\",$M33<>$A$15)),\n        IF(Import.TipoArredondamento<>\"TransfereGOV\",\n              ROUND(OFFSET($P33,0,AE$13),15-13*ORÇAMENTO!$AF$7)/$H33*OFFSET(ORÇAMENTO!$X$15,ROW(AE33)-ROW(AE$15),0),\n              ROUND(ROUND(OFFSET($P33,0,AE$13),15-13*ORÇAMENTO!$AF$7)*OFFSET(ORÇAMENTO!$W$15,ROW(AE33)-ROW(AE$15),0),15-13*ORÇAMENTO!$AF$11)),\n         0)","v":0},{"$f":"IF(AND($D33=\"Serviço\",AF$12<>0,$H33>0,OR(AUTOEVENTO<>\"manual\",$M33<>$A$15)),\n        IF(Import.TipoArredondamento<>\"TransfereGOV\",\n              ROUND(OFFSET($P33,0,AF$13),15-13*ORÇAMENTO!$AF$7)/$H33*OFFSET(ORÇAMENTO!$X$15,ROW(AF33)-ROW(AF$15),0),\n              ROUND(ROUND(OFFSET($P33,0,AF$13),15-13*ORÇAMENTO!$AF$7)*OFFSET(ORÇAMENTO!$W$15,ROW(AF33)-ROW(AF$15),0),15-13*ORÇAMENTO!$AF$11)),\n         0)","v":0},{"$f":"IF(AND($D33=\"Serviço\",AG$12<>0,$H33>0,OR(AUTOEVENTO<>\"manual\",$M33<>$A$15)),\n        IF(Import.TipoArredondamento<>\"TransfereGOV\",\n              ROUND(OFFSET($P33,0,AG$13),15-13*ORÇAMENTO!$AF$7)/$H33*OFFSET(ORÇAMENTO!$X$15,ROW(AG33)-ROW(AG$15),0),\n              ROUND(ROUND(OFFSET($P33,0,AG$13),15-13*ORÇAMENTO!$AF$7)*OFFSET(ORÇAMENTO!$W$15,ROW(AG33)-ROW(AG$15),0),15-13*ORÇAMENTO!$AF$11)),\n         0)","v":0},{"$f":"IF(AND($D33=\"Serviço\",AH$12<>0,$H33>0,OR(AUTOEVENTO<>\"manual\",$M33<>$A$15)),\n        IF(Import.TipoArredondamento<>\"TransfereGOV\",\n              ROUND(OFFSET($P33,0,AH$13),15-13*ORÇAMENTO!$AF$7)/$H33*OFFSET(ORÇAMENTO!$X$15,ROW(AH33)-ROW(AH$15),0),\n              ROUND(ROUND(OFFSET($P33,0,AH$13),15-13*ORÇAMENTO!$AF$7)*OFFSET(ORÇAMENTO!$W$15,ROW(AH33)-ROW(AH$15),0),15-13*ORÇAMENTO!$AF$11)),\n         0)","v":0},{"$f":"IF(AND($D33=\"Serviço\",AI$12<>0,$H33>0,OR(AUTOEVENTO<>\"manual\",$M33<>$A$15)),\n        IF(Import.TipoArredondamento<>\"TransfereGOV\",\n              ROUND(OFFSET($P33,0,AI$13),15-13*ORÇAMENTO!$AF$7)/$H33*OFFSET(ORÇAMENTO!$X$15,ROW(AI33)-ROW(AI$15),0),\n              ROUND(ROUND(OFFSET($P33,0,AI$13),15-13*ORÇAMENTO!$AF$7)*OFFSET(ORÇAMENTO!$W$15,ROW(AI33)-ROW(AI$15),0),15-13*ORÇAMENTO!$AF$11)),\n         0)","v":0},{"$f":"IF(AND($D33=\"Serviço\",AJ$12<>0,$H33>0,OR(AUTOEVENTO<>\"manual\",$M33<>$A$15)),\n        IF(Import.TipoArredondamento<>\"TransfereGOV\",\n              ROUND(OFFSET($P33,0,AJ$13),15-13*ORÇAMENTO!$AF$7)/$H33*OFFSET(ORÇAMENTO!$X$15,ROW(AJ33)-ROW(AJ$15),0),\n              ROUND(ROUND(OFFSET($P33,0,AJ$13),15-13*ORÇAMENTO!$AF$7)*OFFSET(ORÇAMENTO!$W$15,ROW(AJ33)-ROW(AJ$15),0),15-13*ORÇAMENTO!$AF$11)),\n         0)","v":0},{"$f":"IF(AND($D33=\"Serviço\",AK$12<>0,$H33>0,OR(AUTOEVENTO<>\"manual\",$M33<>$A$15)),\n        IF(Import.TipoArredondamento<>\"TransfereGOV\",\n              ROUND(OFFSET($P33,0,AK$13),15-13*ORÇAMENTO!$AF$7)/$H33*OFFSET(ORÇAMENTO!$X$15,ROW(AK33)-ROW(AK$15),0),\n              ROUND(ROUND(OFFSET($P33,0,AK$13),15-13*ORÇAMENTO!$AF$7)*OFFSET(ORÇAMENTO!$W$15,ROW(AK33)-ROW(AK$15),0),15-13*ORÇAMENTO!$AF$11)),\n         0)","v":0},null,{"$f":"IF(OR($D33<>\"Serviço\",AND(AUTOEVENTO=\"Manual\",$M33=$A$15)),0,\n         IF(OFFSET(CRONOPLE!$F$15,$M33-$A$15,AM$13)=0,10^12,OFFSET(CRONOPLE!$F$15,$M33-$A$15,AM$13)))","v":1},{"$f":"IF(OR($D33<>\"Serviço\",AND(AUTOEVENTO=\"Manual\",$M33=$A$15)),0,\n         IF(OFFSET(CRONOPLE!$F$15,$M33-$A$15,AN$13)=0,10^12,OFFSET(CRONOPLE!$F$15,$M33-$A$15,AN$13)))","v":1},{"$f":"IF(OR($D33<>\"Serviço\",AND(AUTOEVENTO=\"Manual\",$M33=$A$15)),0,\n         IF(OFFSET(CRONOPLE!$F$15,$M33-$A$15,AO$13)=0,10^12,OFFSET(CRONOPLE!$F$15,$M33-$A$15,AO$13)))","v":1000000000000},{"$f":"IF(OR($D33<>\"Serviço\",AND(AUTOEVENTO=\"Manual\",$M33=$A$15)),0,\n         IF(OFFSET(CRONOPLE!$F$15,$M33-$A$15,AP$13)=0,10^12,OFFSET(CRONOPLE!$F$15,$M33-$A$15,AP$13)))","v":1000000000000},{"$f":"IF(OR($D33<>\"Serviço\",AND(AUTOEVENTO=\"Manual\",$M33=$A$15)),0,\n         IF(OFFSET(CRONOPLE!$F$15,$M33-$A$15,AQ$13)=0,10^12,OFFSET(CRONOPLE!$F$15,$M33-$A$15,AQ$13)))","v":1000000000000},{"$f":"IF(OR($D33<>\"Serviço\",AND(AUTOEVENTO=\"Manual\",$M33=$A$15)),0,\n         IF(OFFSET(CRONOPLE!$F$15,$M33-$A$15,AR$13)=0,10^12,OFFSET(CRONOPLE!$F$15,$M33-$A$15,AR$13)))","v":1000000000000},{"$f":"IF(OR($D33<>\"Serviço\",AND(AUTOEVENTO=\"Manual\",$M33=$A$15)),0,\n         IF(OFFSET(CRONOPLE!$F$15,$M33-$A$15,AS$13)=0,10^12,OFFSET(CRONOPLE!$F$15,$M33-$A$15,AS$13)))","v":1000000000000},{"$f":"IF(OR($D33<>\"Serviço\",AND(AUTOEVENTO=\"Manual\",$M33=$A$15)),0,\n         IF(OFFSET(CRONOPLE!$F$15,$M33-$A$15,AT$13)=0,10^12,OFFSET(CRONOPLE!$F$15,$M33-$A$15,AT$13)))","v":1000000000000},{"$f":"IF(OR($D33<>\"Serviço\",AND(AUTOEVENTO=\"Manual\",$M33=$A$15)),0,\n         IF(OFFSET(CRONOPLE!$F$15,$M33-$A$15,AU$13)=0,10^12,OFFSET(CRONOPLE!$F$15,$M33-$A$15,AU$13)))","v":1000000000000},{"$f":"IF(OR($D33<>\"Serviço\",AND(AUTOEVENTO=\"Manual\",$M33=$A$15)),0,\n         IF(OFFSET(CRONOPLE!$F$15,$M33-$A$15,AV$13)=0,10^12,OFFSET(CRONOPLE!$F$15,$M33-$A$15,AV$13)))","v":1000000000000},null,{"$f":"IF(OR($D33<>\"Serviço\",AND(AUTOEVENTO=\"Manual\",$M33=$A$15),$M33>(ROW(PLE.lastrow)-ROW(PLE.firstrow))),0,\n           IF(OFFSET(PLE!$G$15,$M33-$A$15,AX$13)=\"\",10^12,OFFSET(PLE!$G$15,$M33-$A$15,AX$13)))","v":1000000000000},{"$f":"IF(OR($D33<>\"Serviço\",AND(AUTOEVENTO=\"Manual\",$M33=$A$15),$M33>(ROW(PLE.lastrow)-ROW(PLE.firstrow))),0,\n           IF(OFFSET(PLE!$G$15,$M33-$A$15,AY$13)=\"\",10^12,OFFSET(PLE!$G$15,$M33-$A$15,AY$13)))","v":1000000000000},{"$f":"IF(OR($D33<>\"Serviço\",AND(AUTOEVENTO=\"Manual\",$M33=$A$15),$M33>(ROW(PLE.lastrow)-ROW(PLE.firstrow))),0,\n           IF(OFFSET(PLE!$G$15,$M33-$A$15,AZ$13)=\"\",10^12,OFFSET(PLE!$G$15,$M33-$A$15,AZ$13)))","v":1000000000000},{"$f":"IF(OR($D33<>\"Serviço\",AND(AUTOEVENTO=\"Manual\",$M33=$A$15),$M33>(ROW(PLE.lastrow)-ROW(PLE.firstrow))),0,\n           IF(OFFSET(PLE!$G$15,$M33-$A$15,BA$13)=\"\",10^12,OFFSET(PLE!$G$15,$M33-$A$15,BA$13)))","v":1000000000000},{"$f":"IF(OR($D33<>\"Serviço\",AND(AUTOEVENTO=\"Manual\",$M33=$A$15),$M33>(ROW(PLE.lastrow)-ROW(PLE.firstrow))),0,\n           IF(OFFSET(PLE!$G$15,$M33-$A$15,BB$13)=\"\",10^12,OFFSET(PLE!$G$15,$M33-$A$15,BB$13)))","v":1000000000000},{"$f":"IF(OR($D33<>\"Serviço\",AND(AUTOEVENTO=\"Manual\",$M33=$A$15),$M33>(ROW(PLE.lastrow)-ROW(PLE.firstrow))),0,\n           IF(OFFSET(PLE!$G$15,$M33-$A$15,BC$13)=\"\",10^12,OFFSET(PLE!$G$15,$M33-$A$15,BC$13)))","v":1000000000000},{"$f":"IF(OR($D33<>\"Serviço\",AND(AUTOEVENTO=\"Manual\",$M33=$A$15),$M33>(ROW(PLE.lastrow)-ROW(PLE.firstrow))),0,\n           IF(OFFSET(PLE!$G$15,$M33-$A$15,BD$13)=\"\",10^12,OFFSET(PLE!$G$15,$M33-$A$15,BD$13)))","v":1000000000000},{"$f":"IF(OR($D33<>\"Serviço\",AND(AUTOEVENTO=\"Manual\",$M33=$A$15),$M33>(ROW(PLE.lastrow)-ROW(PLE.firstrow))),0,\n           IF(OFFSET(PLE!$G$15,$M33-$A$15,BE$13)=\"\",10^12,OFFSET(PLE!$G$15,$M33-$A$15,BE$13)))","v":1000000000000},{"$f":"IF(OR($D33<>\"Serviço\",AND(AUTOEVENTO=\"Manual\",$M33=$A$15),$M33>(ROW(PLE.lastrow)-ROW(PLE.firstrow))),0,\n           IF(OFFSET(PLE!$G$15,$M33-$A$15,BF$13)=\"\",10^12,OFFSET(PLE!$G$15,$M33-$A$15,BF$13)))","v":1000000000000},{"$f":"IF(OR($D33<>\"Serviço\",AND(AUTOEVENTO=\"Manual\",$M33=$A$15),$M33>(ROW(PLE.lastrow)-ROW(PLE.firstrow))),0,\n           IF(OFFSET(PLE!$G$15,$M33-$A$15,BG$13)=\"\",10^12,OFFSET(PLE!$G$15,$M33-$A$15,BG$13)))","v":1000000000000}]
[21,{"$f":"OFFSET(ORÇAMENTO!C$15,$L34,0)","v":"S"},{"$f":"OFFSET(ORÇAMENTO!L$15,$L34,0)","v":"F"},{"$f":"OFFSET(ORÇAMENTO!N$15,$L34,0)","v":"Serviço"},{"$f":"OFFSET(ORÇAMENTO!O$15,$L34,0)","v":"1.3.3."},{"$f":"OFFSET(ORÇAMENTO!R$15,$L34,0)","v":"TRANSPORTE COM CAMINHÃO BASCULANTE DE 18 M³, EM VIA URBANA PAVIMENTADA, DMT ATÉ 30 KM (UNIDADE: M3XKM). AF_07/2020"},{"$f":"IF($D34<>\"Serviço\",\"\",OFFSET(ORÇAMENTO!S$15,$L34,0))","v":"M3XKM"},{"$f":"IF($D34<>\"Serviço\",0,IF(ACOMPANHAMENTO=\"BM\",ROUND(OFFSET(ORÇAMENTO!AJ$15,$L34,0),15-13*ORÇAMENTO!$AF$7),IF(IFERROR(CÁLCULO.FrentesPreenchidas,0)=0,0,SUM(ROUND(OFFSET($P34,0,1,1,CÁLCULO.FrentesPreenchidas),15-13*ORÇAMENTO!$AF$7)))))","v":840.1},"FRETE ATERRO - DMT 5 KM",{"$f":"IF(OR(B34<>\"S\",CÁLCULO.FrentesPreenchidas=0),\"\",IF(AND(ACOMPANHAMENTO=\"PLE\",AUTOEVENTO=\"Manual\",OR(H34>0,ORÇAMENTO!AC34=\"QUANT.\"),OR(K34=\"\",M34=0,N34=\"\")),\"►E\",IF(AND(ACOMPANHAMENTO=\"PLE\",ORÇAMENTO!AC34=\"QUANT.\"),\"►Q\",IF(AND(ACOMPANHAMENTO=\"PLE\",H34<>SUMPRODUCT(($Q$1:$AA$1=1)*ROUND(Q34:AA34,15))),\"►S\",IF(AND(COUNTIF($P$11:$AA$11,\"▼\")=0,H34>0,I34=\"\"),\"◄M\",\"\")))))","v":""},"21.Aterro e regularização",19,{"$f":"IF($D34<>\"Serviço\",\"\",\n          IF(AUTOEVENTO=\"manual\",$A34,\n                IF(ISERROR(MATCH($A34,$A$15:OFFSET($A34,-1,0),0)),MAX($M$15:OFFSET(M34,-1,0))+1,\n                      INDEX($M$15:OFFSET(M34,-1,0),MATCH($A34,$A$15:OFFSET($A34,-1,0),0)))))","v":21},{"$f":"IF($D34<>\"Serviço\",\"\",\n         IF(AUTOEVENTO=\"Manual\",\n                IF($A34=0,\"<-- defina o número do agrupador\",\n                       OFFSET(EVENTOS!$D$15,$A34-$A$15,0)),\n                OFFSET($F$15,$A34,0)))","v":"Reforma cabine"},null,null,{"$f":"Q33*5","v":420.05},{"$f":"R33*5","v":420.05},null,null,null,null,null,null,null,null,null,{"$f":"IF(AND($D34=\"Serviço\",AB$12<>0,$H34>0,OR(AUTOEVENTO<>\"manual\",$M34<>$A$15)),\n        IF(Import.TipoArredondamento<>\"TransfereGOV\",\n              ROUND(OFFSET($P34,0,AB$13),15-13*ORÇAMENTO!$AF$7)/$H34*OFFSET(ORÇAMENTO!$X$15,ROW(AB34)-ROW(AB$15),0),\n              ROUND(ROUND(OFFSET($P34,0,AB$13),15-13*ORÇAMENTO!$AF$7)*OFFSET(ORÇAMENTO!$W$15,ROW(AB34)-ROW(AB$15),0),15-13*ORÇAMENTO!$AF$11)),\n         0)","v":0},{"$f":"IF(AND($D34=\"Serviço\",AC$12<>0,$H34>0,OR(AUTOEVENTO<>\"manual\",$M34<>$A$15)),\n        IF(Import.TipoArredondamento<>\"TransfereGOV\",\n              ROUND(OFFSET($P34,0,AC$13),15-13*ORÇAMENTO!$AF$7)/$H34*OFFSET(ORÇAMENTO!$X$15,ROW(AC34)-ROW(AC$15),0),\n              ROUND(ROUND(OFFSET($P34,0,AC$13),15-13*ORÇAMENTO!$AF$7)*OFFSET(ORÇAMENTO!$W$15,ROW(AC34)-ROW(AC$15),0),15-13*ORÇAMENTO!$AF$11)),\n         0)","v":0},{"$f":"IF(AND($D34=\"Serviço\",AD$12<>0,$H34>0,OR(AUTOEVENTO<>\"manual\",$M34<>$A$15)),\n        IF(Import.TipoArredondamento<>\"TransfereGOV\",\n              ROUND(OFFSET($P34,0,AD$13),15-13*ORÇAMENTO!$AF$7)/$H34*OFFSET(ORÇAMENTO!$X$15,ROW(AD34)-ROW(AD$15),0),\n              ROUND(ROUND(OFFSET($P34,0,AD$13),15-13*ORÇAMENTO!$AF$7)*OFFSET(ORÇAMENTO!$W$15,ROW(AD34)-ROW(AD$15),0),15-13*ORÇAMENTO!$AF$11)),\n         0)","v":0},{"$f":"IF(AND($D34=\"Serviço\",AE$12<>0,$H34>0,OR(AUTOEVENTO<>\"manual\",$M34<>$A$15)),\n        IF(Import.TipoArredondamento<>\"TransfereGOV\",\n              ROUND(OFFSET($P34,0,AE$13),15-13*ORÇAMENTO!$AF$7)/$H34*OFFSET(ORÇAMENTO!$X$15,ROW(AE34)-ROW(AE$15),0),\n              ROUND(ROUND(OFFSET($P34,0,AE$13),15-13*ORÇAMENTO!$AF$7)*OFFSET(ORÇAMENTO!$W$15,ROW(AE34)-ROW(AE$15),0),15-13*ORÇAMENTO!$AF$11)),\n         0)","v":0},{"$f":"IF(AND($D34=\"Serviço\",AF$12<>0,$H34>0,OR(AUTOEVENTO<>\"manual\",$M34<>$A$15)),\n        IF(Import.TipoArredondamento<>\"TransfereGOV\",\n              ROUND(OFFSET($P34,0,AF$13),15-13*ORÇAMENTO!$AF$7)/$H34*OFFSET(ORÇAMENTO!$X$15,ROW(AF34)-ROW(AF$15),0),\n              ROUND(ROUND(OFFSET($P34,0,AF$13),15-13*ORÇAMENTO!$AF$7)*OFFSET(ORÇAMENTO!$W$15,ROW(AF34)-ROW(AF$15),0),15-13*ORÇAMENTO!$AF$11)),\n         0)","v":0},{"$f":"IF(AND($D34=\"Serviço\",AG$12<>0,$H34>0,OR(AUTOEVENTO<>\"manual\",$M34<>$A$15)),\n        IF(Import.TipoArredondamento<>\"TransfereGOV\",\n              ROUND(OFFSET($P34,0,AG$13),15-13*ORÇAMENTO!$AF$7)/$H34*OFFSET(ORÇAMENTO!$X$15,ROW(AG34)-ROW(AG$15),0),\n              ROUND(ROUND(OFFSET($P34,0,AG$13),15-13*ORÇAMENTO!$AF$7)*OFFSET(ORÇAMENTO!$W$15,ROW(AG34)-ROW(AG$15),0),15-13*ORÇAMENTO!$AF$11)),\n         0)","v":0},{"$f":"IF(AND($D34=\"Serviço\",AH$12<>0,$H34>0,OR(AUTOEVENTO<>\"manual\",$M34<>$A$15)),\n        IF(Import.TipoArredondamento<>\"TransfereGOV\",\n              ROUND(OFFSET($P34,0,AH$13),15-13*ORÇAMENTO!$AF$7)/$H34*OFFSET(ORÇAMENTO!$X$15,ROW(AH34)-ROW(AH$15),0),\n              ROUND(ROUND(OFFSET($P34,0,AH$13),15-13*ORÇAMENTO!$AF$7)*OFFSET(ORÇAMENTO!$W$15,ROW(AH34)-ROW(AH$15),0),15-13*ORÇAMENTO!$AF$11)),\n         0)","v":0},{"$f":"IF(AND($D34=\"Serviço\",AI$12<>0,$H34>0,OR(AUTOEVENTO<>\"manual\",$M34<>$A$15)),\n        IF(Import.TipoArredondamento<>\"TransfereGOV\",\n              ROUND(OFFSET($P34,0,AI$13),15-13*ORÇAMENTO!$AF$7)/$H34*OFFSET(ORÇAMENTO!$X$15,ROW(AI34)-ROW(AI$15),0),\n              ROUND(ROUND(OFFSET($P34,0,AI$13),15-13*ORÇAMENTO!$AF$7)*OFFSET(ORÇAMENTO!$W$15,ROW(AI34)-ROW(AI$15),0),15-13*ORÇAMENTO!$AF$11)),\n         0)","v":0},{"$f":"IF(AND($D34=\"Serviço\",AJ$12<>0,$H34>0,OR(AUTOEVENTO<>\"manual\",$M34<>$A$15)),\n        IF(Import.TipoArredondamento<>\"TransfereGOV\",\n              ROUND(OFFSET($P34,0,AJ$13),15-13*ORÇAMENTO!$AF$7)/$H34*OFFSET(ORÇAMENTO!$X$15,ROW(AJ34)-ROW(AJ$15),0),\n              ROUND(ROUND(OFFSET($P34,0,AJ$13),15-13*ORÇAMENTO!$AF$7)*OFFSET(ORÇAMENTO!$W$15,ROW(AJ34)-ROW(AJ$15),0),15-13*ORÇAMENTO!$AF$11)),\n         0)","v":0},{"$f":"IF(AND($D34=\"Serviço\",AK$12<>0,$H34>0,OR(AUTOEVENTO<>\"manual\",$M34<>$A$15)),\n        IF(Import.TipoArredondamento<>\"TransfereGOV\",\n              ROUND(OFFSET($P34,0,AK$13),15-13*ORÇAMENTO!$AF$7)/$H34*OFFSET(ORÇAMENTO!$X$15,ROW(AK34)-ROW(AK$15),0),\n              ROUND(ROUND(OFFSET($P34,0,AK$13),15-13*ORÇAMENTO!$AF$7)*OFFSET(ORÇAMENTO!$W$15,ROW(AK34)-ROW(AK$15),0),15-13*ORÇAMENTO!$AF$11)),\n         0)","v":0},null,{"$f":"IF(OR($D34<>\"Serviço\",AND(AUTOEVENTO=\"Manual\",$M34=$A$15)),0,\n         IF(OFFSET(CRONOPLE!$F$15,$M34-$A$15,AM$13)=0,10^12,OFFSET(CRONOPLE!$F$15,$M34-$A$15,AM$13)))","v":1},{"$f":"IF(OR($D34<>\"Serviço\",AND(AUTOEVENTO=\"Manual\",$M34=$A$15)),0,\n         IF(OFFSET(CRONOPLE!$F$15,$M34-$A$15,AN$13)=0,10^12,OFFSET(CRONOPLE!$F$15,$M34-$A$15,AN$13)))","v":1},{"$f":"IF(OR($D34<>\"Serviço\",AND(AUTOEVENTO=\"Manual\",$M34=$A$15)),0,\n         IF(OFFSET(CRONOPLE!$F$15,$M34-$A$15,AO$13)=0,10^12,OFFSET(CRONOPLE!$F$15,$M34-$A$15,AO$13)))","v":1000000000000},{"$f":"IF(OR($D34<>\"Serviço\",AND(AUTOEVENTO=\"Manual\",$M34=$A$15)),0,\n         IF(OFFSET(CRONOPLE!$F$15,$M34-$A$15,AP$13)=0,10^12,OFFSET(CRONOPLE!$F$15,$M34-$A$15,AP$13)))","v":1000000000000},{"$f":"IF(OR($D34<>\"Serviço\",AND(AUTOEVENTO=\"Manual\",$M34=$A$15)),0,\n         IF(OFFSET(CRONOPLE!$F$15,$M34-$A$15,AQ$13)=0,10^12,OFFSET(CRONOPLE!$F$15,$M34-$A$15,AQ$13)))","v":1000000000000},{"$f":"IF(OR($D34<>\"Serviço\",AND(AUTOEVENTO=\"Manual\",$M34=$A$15)),0,\n         IF(OFFSET(CRONOPLE!$F$15,$M34-$A$15,AR$13)=0,10^12,OFFSET(CRONOPLE!$F$15,$M34-$A$15,AR$13)))","v":1000000000000},{"$f":"IF(OR($D34<>\"Serviço\",AND(AUTOEVENTO=\"Manual\",$M34=$A$15)),0,\n         IF(OFFSET(CRONOPLE!$F$15,$M34-$A$15,AS$13)=0,10^12,OFFSET(CRONOPLE!$F$15,$M34-$A$15,AS$13)))","v":1000000000000},{"$f":"IF(OR($D34<>\"Serviço\",AND(AUTOEVENTO=\"Manual\",$M34=$A$15)),0,\n         IF(OFFSET(CRONOPLE!$F$15,$M34-$A$15,AT$13)=0,10^12,OFFSET(CRONOPLE!$F$15,$M34-$A$15,AT$13)))","v":1000000000000},{"$f":"IF(OR($D34<>\"Serviço\",AND(AUTOEVENTO=\"Manual\",$M34=$A$15)),0,\n         IF(OFFSET(CRONOPLE!$F$15,$M34-$A$15,AU$13)=0,10^12,OFFSET(CRONOPLE!$F$15,$M34-$A$15,AU$13)))","v":1000000000000},{"$f":"IF(OR($D34<>\"Serviço\",AND(AUTOEVENTO=\"Manual\",$M34=$A$15)),0,\n         IF(OFFSET(CRONOPLE!$F$15,$M34-$A$15,AV$13)=0,10^12,OFFSET(CRONOPLE!$F$15,$M34-$A$15,AV$13)))","v":1000000000000},null,{"$f":"IF(OR($D34<>\"Serviço\",AND(AUTOEVENTO=\"Manual\",$M34=$A$15),$M34>(ROW(PLE.lastrow)-ROW(PLE.firstrow))),0,\n           IF(OFFSET(PLE!$G$15,$M34-$A$15,AX$13)=\"\",10^12,OFFSET(PLE!$G$15,$M34-$A$15,AX$13)))","v":1000000000000},{"$f":"IF(OR($D34<>\"Serviço\",AND(AUTOEVENTO=\"Manual\",$M34=$A$15),$M34>(ROW(PLE.lastrow)-ROW(PLE.firstrow))),0,\n           IF(OFFSET(PLE!$G$15,$M34-$A$15,AY$13)=\"\",10^12,OFFSET(PLE!$G$15,$M34-$A$15,AY$13)))","v":1000000000000},{"$f":"IF(OR($D34<>\"Serviço\",AND(AUTOEVENTO=\"Manual\",$M34=$A$15),$M34>(ROW(PLE.lastrow)-ROW(PLE.firstrow))),0,\n           IF(OFFSET(PLE!$G$15,$M34-$A$15,AZ$13)=\"\",10^12,OFFSET(PLE!$G$15,$M34-$A$15,AZ$13)))","v":1000000000000},{"$f":"IF(OR($D34<>\"Serviço\",AND(AUTOEVENTO=\"Manual\",$M34=$A$15),$M34>(ROW(PLE.lastrow)-ROW(PLE.firstrow))),0,\n           IF(OFFSET(PLE!$G$15,$M34-$A$15,BA$13)=\"\",10^12,OFFSET(PLE!$G$15,$M34-$A$15,BA$13)))","v":1000000000000},{"$f":"IF(OR($D34<>\"Serviço\",AND(AUTOEVENTO=\"Manual\",$M34=$A$15),$M34>(ROW(PLE.lastrow)-ROW(PLE.firstrow))),0,\n           IF(OFFSET(PLE!$G$15,$M34-$A$15,BB$13)=\"\",10^12,OFFSET(PLE!$G$15,$M34-$A$15,BB$13)))","v":1000000000000},{"$f":"IF(OR($D34<>\"Serviço\",AND(AUTOEVENTO=\"Manual\",$M34=$A$15),$M34>(ROW(PLE.lastrow)-ROW(PLE.firstrow))),0,\n           IF(OFFSET(PLE!$G$15,$M34-$A$15,BC$13)=\"\",10^12,OFFSET(PLE!$G$15,$M34-$A$15,BC$13)))","v":1000000000000},{"$f":"IF(OR($D34<>\"Serviço\",AND(AUTOEVENTO=\"Manual\",$M34=$A$15),$M34>(ROW(PLE.lastrow)-ROW(PLE.firstrow))),0,\n           IF(OFFSET(PLE!$G$15,$M34-$A$15,BD$13)=\"\",10^12,OFFSET(PLE!$G$15,$M34-$A$15,BD$13)))","v":1000000000000},{"$f":"IF(OR($D34<>\"Serviço\",AND(AUTOEVENTO=\"Manual\",$M34=$A$15),$M34>(ROW(PLE.lastrow)-ROW(PLE.firstrow))),0,\n           IF(OFFSET(PLE!$G$15,$M34-$A$15,BE$13)=\"\",10^12,OFFSET(PLE!$G$15,$M34-$A$15,BE$13)))","v":1000000000000},{"$f":"IF(OR($D34<>\"Serviço\",AND(AUTOEVENTO=\"Manual\",$M34=$A$15),$M34>(ROW(PLE.lastrow)-ROW(PLE.firstrow))),0,\n           IF(OFFSET(PLE!$G$15,$M34-$A$15,BF$13)=\"\",10^12,OFFSET(PLE!$G$15,$M34-$A$15,BF$13)))","v":1000000000000},{"$f":"IF(OR($D34<>\"Serviço\",AND(AUTOEVENTO=\"Manual\",$M34=$A$15),$M34>(ROW(PLE.lastrow)-ROW(PLE.firstrow))),0,\n           IF(OFFSET(PLE!$G$15,$M34-$A$15,BG$13)=\"\",10^12,OFFSET(PLE!$G$15,$M34-$A$15,BG$13)))","v":1000000000000}]
[0,{"$f":"OFFSET(ORÇAMENTO!C$15,$L35,0)","v":2},{"$f":"OFFSET(ORÇAMENTO!L$15,$L35,0)","v":"F"},{"$f":"OFFSET(ORÇAMENTO!N$15,$L35,0)","v":"Nível 2"},{"$f":"OFFSET(ORÇAMENTO!O$15,$L35,0)","v":"1.4."},{"$f":"OFFSET(ORÇAMENTO!R$15,$L35,0)","v":"RESTAURAÇÃO ARQUIBANCA E CONSTRUÇÃO DE QUEBRA DEGRAU"},{"$f":"IF($D35<>\"Serviço\",\"\",OFFSET(ORÇAMENTO!S$15,$L35,0))","v":""},{"$f":"IF($D35<>\"Serviço\",0,IF(ACOMPANHAMENTO=\"BM\",ROUND(OFFSET(ORÇAMENTO!AJ$15,$L35,0),15-13*ORÇAMENTO!$AF$7),IF(IFERROR(CÁLCULO.FrentesPreenchidas,0)=0,0,SUM(ROUND(OFFSET($P35,0,1,1,CÁLCULO.FrentesPreenchidas),15-13*ORÇAMENTO!$AF$7)))))","v":0},null,{"$f":"IF(OR(B35<>\"S\",CÁLCULO.FrentesPreenchidas=0),\"\",IF(AND(ACOMPANHAMENTO=\"PLE\",AUTOEVENTO=\"Manual\",OR(H35>0,ORÇAMENTO!AC35=\"QUANT.\"),OR(K35=\"\",M35=0,N35=\"\")),\"►E\",IF(AND(ACOMPANHAMENTO=\"PLE\",ORÇAMENTO!AC35=\"QUANT.\"),\"►Q\",IF(AND(ACOMPANHAMENTO=\"PLE\",H35<>SUMPRODUCT(($Q$1:$AA$1=1)*ROUND(Q35:AA35,15))),\"►S\",IF(AND(COUNTIF($P$11:$AA$11,\"▼\")=0,H35>0,I35=\"\"),\"◄M\",\"\")))))","v":""},null,20,{"$f":"IF($D35<>\"Serviço\",\"\",\n          IF(AUTOEVENTO=\"manual\",$A35,\n                IF(ISERROR(MATCH($A35,$A$15:OFFSET($A35,-1,0),0)),MAX($M$15:OFFSET(M35,-1,0))+1,\n                      INDEX($M$15:OFFSET(M35,-1,0),MATCH($A35,$A$15:OFFSET($A35,-1,0),0)))))","v":""},{"$f":"IF($D35<>\"Serviço\",\"\",\n         IF(AUTOEVENTO=\"Manual\",\n                IF($A35=0,\"<-- defina o número do agrupador\",\n                       OFFSET(EVENTOS!$D$15,$A35-$A$15,0)),\n                OFFSET($F$15,$A35,0)))","v":""},null,null,null,null,null,null,null,null,null,null,null,null,null,{"$f":"IF(AND($D35=\"Serviço\",AB$12<>0,$H35>0,OR(AUTOEVENTO<>\"manual\",$M35<>$A$15)),\n        IF(Import.TipoArredondamento<>\"TransfereGOV\",\n              ROUND(OFFSET($P35,0,AB$13),15-13*ORÇAMENTO!$AF$7)/$H35*OFFSET(ORÇAMENTO!$X$15,ROW(AB35)-ROW(AB$15),0),\n              ROUND(ROUND(OFFSET($P35,0,AB$13),15-13*ORÇAMENTO!$AF$7)*OFFSET(ORÇAMENTO!$W$15,ROW(AB35)-ROW(AB$15),0),15-13*ORÇAMENTO!$AF$11)),\n         0)","v":0},{"$f":"IF(AND($D35=\"Serviço\",AC$12<>0,$H35>0,OR(AUTOEVENTO<>\"manual\",$M35<>$A$15)),\n        IF(Import.TipoArredondamento<>\"TransfereGOV\",\n              ROUND(OFFSET($P35,0,AC$13),15-13*ORÇAMENTO!$AF$7)/$H35*OFFSET(ORÇAMENTO!$X$15,ROW(AC35)-ROW(AC$15),0),\n              ROUND(ROUND(OFFSET($P35,0,AC$13),15-13*ORÇAMENTO!$AF$7)*OFFSET(ORÇAMENTO!$W$15,ROW(AC35)-ROW(AC$15),0),15-13*ORÇAMENTO!$AF$11)),\n         0)","v":0},{"$f":"IF(AND($D35=\"Serviço\",AD$12<>0,$H35>0,OR(AUTOEVENTO<>\"manual\",$M35<>$A$15)),\n        IF(Import.TipoArredondamento<>\"TransfereGOV\",\n              ROUND(OFFSET($P35,0,AD$13),15-13*ORÇAMENTO!$AF$7)/$H35*OFFSET(ORÇAMENTO!$X$15,ROW(AD35)-ROW(AD$15),0),\n              ROUND(ROUND(OFFSET($P35,0,AD$13),15-13*ORÇAMENTO!$AF$7)*OFFSET(ORÇAMENTO!$W$15,ROW(AD35)-ROW(AD$15),0),15-13*ORÇAMENTO!$AF$11)),\n         0)","v":0},{"$f":"IF(AND($D35=\"Serviço\",AE$12<>0,$H35>0,OR(AUTOEVENTO<>\"manual\",$M35<>$A$15)),\n        IF(Import.TipoArredondamento<>\"TransfereGOV\",\n              ROUND(OFFSET($P35,0,AE$13),15-13*ORÇAMENTO!$AF$7)/$H35*OFFSET(ORÇAMENTO!$X$15,ROW(AE35)-ROW(AE$15),0),\n              ROUND(ROUND(OFFSET($P35,0,AE$13),15-13*ORÇAMENTO!$AF$7)*OFFSET(ORÇAMENTO!$W$15,ROW(AE35)-ROW(AE$15),0),15-13*ORÇAMENTO!$AF$11)),\n         0)","v":0},{"$f":"IF(AND($D35=\"Serviço\",AF$12<>0,$H35>0,OR(AUTOEVENTO<>\"manual\",$M35<>$A$15)),\n        IF(Import.TipoArredondamento<>\"TransfereGOV\",\n              ROUND(OFFSET($P35,0,AF$13),15-13*ORÇAMENTO!$AF$7)/$H35*OFFSET(ORÇAMENTO!$X$15,ROW(AF35)-ROW(AF$15),0),\n              ROUND(ROUND(OFFSET($P35,0,AF$13),15-13*ORÇAMENTO!$AF$7)*OFFSET(ORÇAMENTO!$W$15,ROW(AF35)-ROW(AF$15),0),15-13*ORÇAMENTO!$AF$11)),\n         0)","v":0},{"$f":"IF(AND($D35=\"Serviço\",AG$12<>0,$H35>0,OR(AUTOEVENTO<>\"manual\",$M35<>$A$15)),\n        IF(Import.TipoArredondamento<>\"TransfereGOV\",\n              ROUND(OFFSET($P35,0,AG$13),15-13*ORÇAMENTO!$AF$7)/$H35*OFFSET(ORÇAMENTO!$X$15,ROW(AG35)-ROW(AG$15),0),\n              ROUND(ROUND(OFFSET($P35,0,AG$13),15-13*ORÇAMENTO!$AF$7)*OFFSET(ORÇAMENTO!$W$15,ROW(AG35)-ROW(AG$15),0),15-13*ORÇAMENTO!$AF$11)),\n         0)","v":0},{"$f":"IF(AND($D35=\"Serviço\",AH$12<>0,$H35>0,OR(AUTOEVENTO<>\"manual\",$M35<>$A$15)),\n        IF(Import.TipoArredondamento<>\"TransfereGOV\",\n              ROUND(OFFSET($P35,0,AH$13),15-13*ORÇAMENTO!$AF$7)/$H35*OFFSET(ORÇAMENTO!$X$15,ROW(AH35)-ROW(AH$15),0),\n              ROUND(ROUND(OFFSET($P35,0,AH$13),15-13*ORÇAMENTO!$AF$7)*OFFSET(ORÇAMENTO!$W$15,ROW(AH35)-ROW(AH$15),0),15-13*ORÇAMENTO!$AF$11)),\n         0)","v":0},{"$f":"IF(AND($D35=\"Serviço\",AI$12<>0,$H35>0,OR(AUTOEVENTO<>\"manual\",$M35<>$A$15)),\n        IF(Import.TipoArredondamento<>\"TransfereGOV\",\n              ROUND(OFFSET($P35,0,AI$13),15-13*ORÇAMENTO!$AF$7)/$H35*OFFSET(ORÇAMENTO!$X$15,ROW(AI35)-ROW(AI$15),0),\n              ROUND(ROUND(OFFSET($P35,0,AI$13),15-13*ORÇAMENTO!$AF$7)*OFFSET(ORÇAMENTO!$W$15,ROW(AI35)-ROW(AI$15),0),15-13*ORÇAMENTO!$AF$11)),\n         0)","v":0},{"$f":"IF(AND($D35=\"Serviço\",AJ$12<>0,$H35>0,OR(AUTOEVENTO<>\"manual\",$M35<>$A$15)),\n        IF(Import.TipoArredondamento<>\"TransfereGOV\",\n              ROUND(OFFSET($P35,0,AJ$13),15-13*ORÇAMENTO!$AF$7)/$H35*OFFSET(ORÇAMENTO!$X$15,ROW(AJ35)-ROW(AJ$15),0),\n              ROUND(ROUND(OFFSET($P35,0,AJ$13),15-13*ORÇAMENTO!$AF$7)*OFFSET(ORÇAMENTO!$W$15,ROW(AJ35)-ROW(AJ$15),0),15-13*ORÇAMENTO!$AF$11)),\n         0)","v":0},{"$f":"IF(AND($D35=\"Serviço\",AK$12<>0,$H35>0,OR(AUTOEVENTO<>\"manual\",$M35<>$A$15)),\n        IF(Import.TipoArredondamento<>\"TransfereGOV\",\n              ROUND(OFFSET($P35,0,AK$13),15-13*ORÇAMENTO!$AF$7)/$H35*OFFSET(ORÇAMENTO!$X$15,ROW(AK35)-ROW(AK$15),0),\n              ROUND(ROUND(OFFSET($P35,0,AK$13),15-13*ORÇAMENTO!$AF$7)*OFFSET(ORÇAMENTO!$W$15,ROW(AK35)-ROW(AK$15),0),15-13*ORÇAMENTO!$AF$11)),\n         0)","v":0},null,{"$f":"IF(OR($D35<>\"Serviço\",AND(AUTOEVENTO=\"Manual\",$M35=$A$15)),0,\n         IF(OFFSET(CRONOPLE!$F$15,$M35-$A$15,AM$13)=0,10^12,OFFSET(CRONOPLE!$F$15,$M35-$A$15,AM$13)))","v":0},{"$f":"IF(OR($D35<>\"Serviço\",AND(AUTOEVENTO=\"Manual\",$M35=$A$15)),0,\n         IF(OFFSET(CRONOPLE!$F$15,$M35-$A$15,AN$13)=0,10^12,OFFSET(CRONOPLE!$F$15,$M35-$A$15,AN$13)))","v":0},{"$f":"IF(OR($D35<>\"Serviço\",AND(AUTOEVENTO=\"Manual\",$M35=$A$15)),0,\n         IF(OFFSET(CRONOPLE!$F$15,$M35-$A$15,AO$13)=0,10^12,OFFSET(CRONOPLE!$F$15,$M35-$A$15,AO$13)))","v":0},{"$f":"IF(OR($D35<>\"Serviço\",AND(AUTOEVENTO=\"Manual\",$M35=$A$15)),0,\n         IF(OFFSET(CRONOPLE!$F$15,$M35-$A$15,AP$13)=0,10^12,OFFSET(CRONOPLE!$F$15,$M35-$A$15,AP$13)))","v":0},{"$f":"IF(OR($D35<>\"Serviço\",AND(AUTOEVENTO=\"Manual\",$M35=$A$15)),0,\n         IF(OFFSET(CRONOPLE!$F$15,$M35-$A$15,AQ$13)=0,10^12,OFFSET(CRONOPLE!$F$15,$M35-$A$15,AQ$13)))","v":0},{"$f":"IF(OR($D35<>\"Serviço\",AND(AUTOEVENTO=\"Manual\",$M35=$A$15)),0,\n         IF(OFFSET(CRONOPLE!$F$15,$M35-$A$15,AR$13)=0,10^12,OFFSET(CRONOPLE!$F$15,$M35-$A$15,AR$13)))","v":0},{"$f":"IF(OR($D35<>\"Serviço\",AND(AUTOEVENTO=\"Manual\",$M35=$A$15)),0,\n         IF(OFFSET(CRONOPLE!$F$15,$M35-$A$15,AS$13)=0,10^12,OFFSET(CRONOPLE!$F$15,$M35-$A$15,AS$13)))","v":0},{"$f":"IF(OR($D35<>\"Serviço\",AND(AUTOEVENTO=\"Manual\",$M35=$A$15)),0,\n         IF(OFFSET(CRONOPLE!$F$15,$M35-$A$15,AT$13)=0,10^12,OFFSET(CRONOPLE!$F$15,$M35-$A$15,AT$13)))","v":0},{"$f":"IF(OR($D35<>\"Serviço\",AND(AUTOEVENTO=\"Manual\",$M35=$A$15)),0,\n         IF(OFFSET(CRONOPLE!$F$15,$M35-$A$15,AU$13)=0,10^12,OFFSET(CRONOPLE!$F$15,$M35-$A$15,AU$13)))","v":0},{"$f":"IF(OR($D35<>\"Serviço\",AND(AUTOEVENTO=\"Manual\",$M35=$A$15)),0,\n         IF(OFFSET(CRONOPLE!$F$15,$M35-$A$15,AV$13)=0,10^12,OFFSET(CRONOPLE!$F$15,$M35-$A$15,AV$13)))","v":0},null,{"$f":"IF(OR($D35<>\"Serviço\",AND(AUTOEVENTO=\"Manual\",$M35=$A$15),$M35>(ROW(PLE.lastrow)-ROW(PLE.firstrow))),0,\n           IF(OFFSET(PLE!$G$15,$M35-$A$15,AX$13)=\"\",10^12,OFFSET(PLE!$G$15,$M35-$A$15,AX$13)))","v":0},{"$f":"IF(OR($D35<>\"Serviço\",AND(AUTOEVENTO=\"Manual\",$M35=$A$15),$M35>(ROW(PLE.lastrow)-ROW(PLE.firstrow))),0,\n           IF(OFFSET(PLE!$G$15,$M35-$A$15,AY$13)=\"\",10^12,OFFSET(PLE!$G$15,$M35-$A$15,AY$13)))","v":0},{"$f":"IF(OR($D35<>\"Serviço\",AND(AUTOEVENTO=\"Manual\",$M35=$A$15),$M35>(ROW(PLE.lastrow)-ROW(PLE.firstrow))),0,\n           IF(OFFSET(PLE!$G$15,$M35-$A$15,AZ$13)=\"\",10^12,OFFSET(PLE!$G$15,$M35-$A$15,AZ$13)))","v":0},{"$f":"IF(OR($D35<>\"Serviço\",AND(AUTOEVENTO=\"Manual\",$M35=$A$15),$M35>(ROW(PLE.lastrow)-ROW(PLE.firstrow))),0,\n           IF(OFFSET(PLE!$G$15,$M35-$A$15,BA$13)=\"\",10^12,OFFSET(PLE!$G$15,$M35-$A$15,BA$13)))","v":0},{"$f":"IF(OR($D35<>\"Serviço\",AND(AUTOEVENTO=\"Manual\",$M35=$A$15),$M35>(ROW(PLE.lastrow)-ROW(PLE.firstrow))),0,\n           IF(OFFSET(PLE!$G$15,$M35-$A$15,BB$13)=\"\",10^12,OFFSET(PLE!$G$15,$M35-$A$15,BB$13)))","v":0},{"$f":"IF(OR($D35<>\"Serviço\",AND(AUTOEVENTO=\"Manual\",$M35=$A$15),$M35>(ROW(PLE.lastrow)-ROW(PLE.firstrow))),0,\n           IF(OFFSET(PLE!$G$15,$M35-$A$15,BC$13)=\"\",10^12,OFFSET(PLE!$G$15,$M35-$A$15,BC$13)))","v":0},{"$f":"IF(OR($D35<>\"Serviço\",AND(AUTOEVENTO=\"Manual\",$M35=$A$15),$M35>(ROW(PLE.lastrow)-ROW(PLE.firstrow))),0,\n           IF(OFFSET(PLE!$G$15,$M35-$A$15,BD$13)=\"\",10^12,OFFSET(PLE!$G$15,$M35-$A$15,BD$13)))","v":0},{"$f":"IF(OR($D35<>\"Serviço\",AND(AUTOEVENTO=\"Manual\",$M35=$A$15),$M35>(ROW(PLE.lastrow)-ROW(PLE.firstrow))),0,\n           IF(OFFSET(PLE!$G$15,$M35-$A$15,BE$13)=\"\",10^12,OFFSET(PLE!$G$15,$M35-$A$15,BE$13)))","v":0},{"$f":"IF(OR($D35<>\"Serviço\",AND(AUTOEVENTO=\"Manual\",$M35=$A$15),$M35>(ROW(PLE.lastrow)-ROW(PLE.firstrow))),0,\n           IF(OFFSET(PLE!$G$15,$M35-$A$15,BF$13)=\"\",10^12,OFFSET(PLE!$G$15,$M35-$A$15,BF$13)))","v":0},{"$f":"IF(OR($D35<>\"Serviço\",AND(AUTOEVENTO=\"Manual\",$M35=$A$15),$M35>(ROW(PLE.lastrow)-ROW(PLE.firstrow))),0,\n           IF(OFFSET(PLE!$G$15,$M35-$A$15,BG$13)=\"\",10^12,OFFSET(PLE!$G$15,$M35-$A$15,BG$13)))","v":0}]
[4,{"$f":"OFFSET(ORÇAMENTO!C$15,$L36,0)","v":"S"},{"$f":"OFFSET(ORÇAMENTO!L$15,$L36,0)","v":"F"},{"$f":"OFFSET(ORÇAMENTO!N$15,$L36,0)","v":"Serviço"},{"$f":"OFFSET(ORÇAMENTO!O$15,$L36,0)","v":"1.4.1."},{"$f":"OFFSET(ORÇAMENTO!R$15,$L36,0)","v":"EMBOÇO OU MASSA ÚNICA EM ARGAMASSA TRAÇO 1:2:8, PREPARO MECÂNICO COM BETONEIRA 400 L, APLICADA MANUALMENTE EM PANOS CEGOS DE FACHADA (SEM PRESENÇA DE VÃOS), ESPESSURA DE 25 MM. AF_08/2022"},{"$f":"IF($D36<>\"Serviço\",\"\",OFFSET(ORÇAMENTO!S$15,$L36,0))","v":"M2"},{"$f":"IF($D36<>\"Serviço\",0,IF(ACOMPANHAMENTO=\"BM\",ROUND(OFFSET(ORÇAMENTO!AJ$15,$L36,0),15-13*ORÇAMENTO!$AF$7),IF(IFERROR(CÁLCULO.FrentesPreenchidas,0)=0,0,SUM(ROUND(OFFSET($P36,0,1,1,CÁLCULO.FrentesPreenchidas),15-13*ORÇAMENTO!$AF$7)))))","v":348.84},"ESPELHOS ARQUIBANCADAS ( 11 LANCES X 0,55M ALTURA X 57,66M COMPRIMENTO)",{"$f":"IF(OR(B36<>\"S\",CÁLCULO.FrentesPreenchidas=0),\"\",IF(AND(ACOMPANHAMENTO=\"PLE\",AUTOEVENTO=\"Manual\",OR(H36>0,ORÇAMENTO!AC36=\"QUANT.\"),OR(K36=\"\",M36=0,N36=\"\")),\"►E\",IF(AND(ACOMPANHAMENTO=\"PLE\",ORÇAMENTO!AC36=\"QUANT.\"),\"►Q\",IF(AND(ACOMPANHAMENTO=\"PLE\",H36<>SUMPRODUCT(($Q$1:$AA$1=1)*ROUND(Q36:AA36,15))),\"►S\",IF(AND(COUNTIF($P$11:$AA$11,\"▼\")=0,H36>0,I36=\"\"),\"◄M\",\"\")))))","v":""},"4.Vedação e Revestimento",21,{"$f":"IF($D36<>\"Serviço\",\"\",\n          IF(AUTOEVENTO=\"manual\",$A36,\n                IF(ISERROR(MATCH($A36,$A$15:OFFSET($A36,-1,0),0)),MAX($M$15:OFFSET(M36,-1,0))+1,\n                      INDEX($M$15:OFFSET(M36,-1,0),MATCH($A36,$A$15:OFFSET($A36,-1,0),0)))))","v":4},{"$f":"IF($D36<>\"Serviço\",\"\",\n         IF(AUTOEVENTO=\"Manual\",\n                IF($A36=0,\"<-- defina o número do agrupador\",\n                       OFFSET(EVENTOS!$D$15,$A36-$A$15,0)),\n                OFFSET($F$15,$A36,0)))","v":"Fundação Reforço Pilares"},null,null,{"$f":"11*0.55*57.66/2","v":174.42150000000001},{"$f":"11*0.55*57.66/2","v":174.42150000000001},null,null,null,null,null,null,null,null,null,{"$f":"IF(AND($D36=\"Serviço\",AB$12<>0,$H36>0,OR(AUTOEVENTO<>\"manual\",$M36<>$A$15)),\n        IF(Import.TipoArredondamento<>\"TransfereGOV\",\n              ROUND(OFFSET($P36,0,AB$13),15-13*ORÇAMENTO!$AF$7)/$H36*OFFSET(ORÇAMENTO!$X$15,ROW(AB36)-ROW(AB$15),0),\n              ROUND(ROUND(OFFSET($P36,0,AB$13),15-13*ORÇAMENTO!$AF$7)*OFFSET(ORÇAMENTO!$W$15,ROW(AB36)-ROW(AB$15),0),15-13*ORÇAMENTO!$AF$11)),\n         0)","v":0},{"$f":"IF(AND($D36=\"Serviço\",AC$12<>0,$H36>0,OR(AUTOEVENTO<>\"manual\",$M36<>$A$15)),\n        IF(Import.TipoArredondamento<>\"TransfereGOV\",\n              ROUND(OFFSET($P36,0,AC$13),15-13*ORÇAMENTO!$AF$7)/$H36*OFFSET(ORÇAMENTO!$X$15,ROW(AC36)-ROW(AC$15),0),\n              ROUND(ROUND(OFFSET($P36,0,AC$13),15-13*ORÇAMENTO!$AF$7)*OFFSET(ORÇAMENTO!$W$15,ROW(AC36)-ROW(AC$15),0),15-13*ORÇAMENTO!$AF$11)),\n         0)","v":0},{"$f":"IF(AND($D36=\"Serviço\",AD$12<>0,$H36>0,OR(AUTOEVENTO<>\"manual\",$M36<>$A$15)),\n        IF(Import.TipoArredondamento<>\"TransfereGOV\",\n              ROUND(OFFSET($P36,0,AD$13),15-13*ORÇAMENTO!$AF$7)/$H36*OFFSET(ORÇAMENTO!$X$15,ROW(AD36)-ROW(AD$15),0),\n              ROUND(ROUND(OFFSET($P36,0,AD$13),15-13*ORÇAMENTO!$AF$7)*OFFSET(ORÇAMENTO!$W$15,ROW(AD36)-ROW(AD$15),0),15-13*ORÇAMENTO!$AF$11)),\n         0)","v":0},{"$f":"IF(AND($D36=\"Serviço\",AE$12<>0,$H36>0,OR(AUTOEVENTO<>\"manual\",$M36<>$A$15)),\n        IF(Import.TipoArredondamento<>\"TransfereGOV\",\n              ROUND(OFFSET($P36,0,AE$13),15-13*ORÇAMENTO!$AF$7)/$H36*OFFSET(ORÇAMENTO!$X$15,ROW(AE36)-ROW(AE$15),0),\n              ROUND(ROUND(OFFSET($P36,0,AE$13),15-13*ORÇAMENTO!$AF$7)*OFFSET(ORÇAMENTO!$W$15,ROW(AE36)-ROW(AE$15),0),15-13*ORÇAMENTO!$AF$11)),\n         0)","v":0},{"$f":"IF(AND($D36=\"Serviço\",AF$12<>0,$H36>0,OR(AUTOEVENTO<>\"manual\",$M36<>$A$15)),\n        IF(Import.TipoArredondamento<>\"TransfereGOV\",\n              ROUND(OFFSET($P36,0,AF$13),15-13*ORÇAMENTO!$AF$7)/$H36*OFFSET(ORÇAMENTO!$X$15,ROW(AF36)-ROW(AF$15),0),\n              ROUND(ROUND(OFFSET($P36,0,AF$13),15-13*ORÇAMENTO!$AF$7)*OFFSET(ORÇAMENTO!$W$15,ROW(AF36)-ROW(AF$15),0),15-13*ORÇAMENTO!$AF$11)),\n         0)","v":0},{"$f":"IF(AND($D36=\"Serviço\",AG$12<>0,$H36>0,OR(AUTOEVENTO<>\"manual\",$M36<>$A$15)),\n        IF(Import.TipoArredondamento<>\"TransfereGOV\",\n              ROUND(OFFSET($P36,0,AG$13),15-13*ORÇAMENTO!$AF$7)/$H36*OFFSET(ORÇAMENTO!$X$15,ROW(AG36)-ROW(AG$15),0),\n              ROUND(ROUND(OFFSET($P36,0,AG$13),15-13*ORÇAMENTO!$AF$7)*OFFSET(ORÇAMENTO!$W$15,ROW(AG36)-ROW(AG$15),0),15-13*ORÇAMENTO!$AF$11)),\n         0)","v":0},{"$f":"IF(AND($D36=\"Serviço\",AH$12<>0,$H36>0,OR(AUTOEVENTO<>\"manual\",$M36<>$A$15)),\n        IF(Import.TipoArredondamento<>\"TransfereGOV\",\n              ROUND(OFFSET($P36,0,AH$13),15-13*ORÇAMENTO!$AF$7)/$H36*OFFSET(ORÇAMENTO!$X$15,ROW(AH36)-ROW(AH$15),0),\n              ROUND(ROUND(OFFSET($P36,0,AH$13),15-13*ORÇAMENTO!$AF$7)*OFFSET(ORÇAMENTO!$W$15,ROW(AH36)-ROW(AH$15),0),15-13*ORÇAMENTO!$AF$11)),\n         0)","v":0},{"$f":"IF(AND($D36=\"Serviço\",AI$12<>0,$H36>0,OR(AUTOEVENTO<>\"manual\",$M36<>$A$15)),\n        IF(Import.TipoArredondamento<>\"TransfereGOV\",\n              ROUND(OFFSET($P36,0,AI$13),15-13*ORÇAMENTO!$AF$7)/$H36*OFFSET(ORÇAMENTO!$X$15,ROW(AI36)-ROW(AI$15),0),\n              ROUND(ROUND(OFFSET($P36,0,AI$13),15-13*ORÇAMENTO!$AF$7)*OFFSET(ORÇAMENTO!$W$15,ROW(AI36)-ROW(AI$15),0),15-13*ORÇAMENTO!$AF$11)),\n         0)","v":0},{"$f":"IF(AND($D36=\"Serviço\",AJ$12<>0,$H36>0,OR(AUTOEVENTO<>\"manual\",$M36<>$A$15)),\n        IF(Import.TipoArredondamento<>\"TransfereGOV\",\n              ROUND(OFFSET($P36,0,AJ$13),15-13*ORÇAMENTO!$AF$7)/$H36*OFFSET(ORÇAMENTO!$X$15,ROW(AJ36)-ROW(AJ$15),0),\n              ROUND(ROUND(OFFSET($P36,0,AJ$13),15-13*ORÇAMENTO!$AF$7)*OFFSET(ORÇAMENTO!$W$15,ROW(AJ36)-ROW(AJ$15),0),15-13*ORÇAMENTO!$AF$11)),\n         0)","v":0},{"$f":"IF(AND($D36=\"Serviço\",AK$12<>0,$H36>0,OR(AUTOEVENTO<>\"manual\",$M36<>$A$15)),\n        IF(Import.TipoArredondamento<>\"TransfereGOV\",\n              ROUND(OFFSET($P36,0,AK$13),15-13*ORÇAMENTO!$AF$7)/$H36*OFFSET(ORÇAMENTO!$X$15,ROW(AK36)-ROW(AK$15),0),\n              ROUND(ROUND(OFFSET($P36,0,AK$13),15-13*ORÇAMENTO!$AF$7)*OFFSET(ORÇAMENTO!$W$15,ROW(AK36)-ROW(AK$15),0),15-13*ORÇAMENTO!$AF$11)),\n         0)","v":0},null,{"$f":"IF(OR($D36<>\"Serviço\",AND(AUTOEVENTO=\"Manual\",$M36=$A$15)),0,\n         IF(OFFSET(CRONOPLE!$F$15,$M36-$A$15,AM$13)=0,10^12,OFFSET(CRONOPLE!$F$15,$M36-$A$15,AM$13)))","v":2},{"$f":"IF(OR($D36<>\"Serviço\",AND(AUTOEVENTO=\"Manual\",$M36=$A$15)),0,\n         IF(OFFSET(CRONOPLE!$F$15,$M36-$A$15,AN$13)=0,10^12,OFFSET(CRONOPLE!$F$15,$M36-$A$15,AN$13)))","v":3},{"$f":"IF(OR($D36<>\"Serviço\",AND(AUTOEVENTO=\"Manual\",$M36=$A$15)),0,\n         IF(OFFSET(CRONOPLE!$F$15,$M36-$A$15,AO$13)=0,10^12,OFFSET(CRONOPLE!$F$15,$M36-$A$15,AO$13)))","v":1000000000000},{"$f":"IF(OR($D36<>\"Serviço\",AND(AUTOEVENTO=\"Manual\",$M36=$A$15)),0,\n         IF(OFFSET(CRONOPLE!$F$15,$M36-$A$15,AP$13)=0,10^12,OFFSET(CRONOPLE!$F$15,$M36-$A$15,AP$13)))","v":1000000000000},{"$f":"IF(OR($D36<>\"Serviço\",AND(AUTOEVENTO=\"Manual\",$M36=$A$15)),0,\n         IF(OFFSET(CRONOPLE!$F$15,$M36-$A$15,AQ$13)=0,10^12,OFFSET(CRONOPLE!$F$15,$M36-$A$15,AQ$13)))","v":1000000000000},{"$f":"IF(OR($D36<>\"Serviço\",AND(AUTOEVENTO=\"Manual\",$M36=$A$15)),0,\n         IF(OFFSET(CRONOPLE!$F$15,$M36-$A$15,AR$13)=0,10^12,OFFSET(CRONOPLE!$F$15,$M36-$A$15,AR$13)))","v":1000000000000},{"$f":"IF(OR($D36<>\"Serviço\",AND(AUTOEVENTO=\"Manual\",$M36=$A$15)),0,\n         IF(OFFSET(CRONOPLE!$F$15,$M36-$A$15,AS$13)=0,10^12,OFFSET(CRONOPLE!$F$15,$M36-$A$15,AS$13)))","v":1000000000000},{"$f":"IF(OR($D36<>\"Serviço\",AND(AUTOEVENTO=\"Manual\",$M36=$A$15)),0,\n         IF(OFFSET(CRONOPLE!$F$15,$M36-$A$15,AT$13)=0,10^12,OFFSET(CRONOPLE!$F$15,$M36-$A$15,AT$13)))","v":1000000000000},{"$f":"IF(OR($D36<>\"Serviço\",AND(AUTOEVENTO=\"Manual\",$M36=$A$15)),0,\n         IF(OFFSET(CRONOPLE!$F$15,$M36-$A$15,AU$13)=0,10^12,OFFSET(CRONOPLE!$F$15,$M36-$A$15,AU$13)))","v":1000000000000},{"$f":"IF(OR($D36<>\"Serviço\",AND(AUTOEVENTO=\"Manual\",$M36=$A$15)),0,\n         IF(OFFSET(CRONOPLE!$F$15,$M36-$A$15,AV$13)=0,10^12,OFFSET(CRONOPLE!$F$15,$M36-$A$15,AV$13)))","v":1000000000000},null,{"$f":"IF(OR($D36<>\"Serviço\",AND(AUTOEVENTO=\"Manual\",$M36=$A$15),$M36>(ROW(PLE.lastrow)-ROW(PLE.firstrow))),0,\n           IF(OFFSET(PLE!$G$15,$M36-$A$15,AX$13)=\"\",10^12,OFFSET(PLE!$G$15,$M36-$A$15,AX$13)))","v":1000000000000},{"$f":"IF(OR($D36<>\"Serviço\",AND(AUTOEVENTO=\"Manual\",$M36=$A$15),$M36>(ROW(PLE.lastrow)-ROW(PLE.firstrow))),0,\n           IF(OFFSET(PLE!$G$15,$M36-$A$15,AY$13)=\"\",10^12,OFFSET(PLE!$G$15,$M36-$A$15,AY$13)))","v":1000000000000},{"$f":"IF(OR($D36<>\"Serviço\",AND(AUTOEVENTO=\"Manual\",$M36=$A$15),$M36>(ROW(PLE.lastrow)-ROW(PLE.firstrow))),0,\n           IF(OFFSET(PLE!$G$15,$M36-$A$15,AZ$13)=\"\",10^12,OFFSET(PLE!$G$15,$M36-$A$15,AZ$13)))","v":1000000000000},{"$f":"IF(OR($D36<>\"Serviço\",AND(AUTOEVENTO=\"Manual\",$M36=$A$15),$M36>(ROW(PLE.lastrow)-ROW(PLE.firstrow))),0,\n           IF(OFFSET(PLE!$G$15,$M36-$A$15,BA$13)=\"\",10^12,OFFSET(PLE!$G$15,$M36-$A$15,BA$13)))","v":1000000000000},{"$f":"IF(OR($D36<>\"Serviço\",AND(AUTOEVENTO=\"Manual\",$M36=$A$15),$M36>(ROW(PLE.lastrow)-ROW(PLE.firstrow))),0,\n           IF(OFFSET(PLE!$G$15,$M36-$A$15,BB$13)=\"\",10^12,OFFSET(PLE!$G$15,$M36-$A$15,BB$13)))","v":1000000000000},{"$f":"IF(OR($D36<>\"Serviço\",AND(AUTOEVENTO=\"Manual\",$M36=$A$15),$M36>(ROW(PLE.lastrow)-ROW(PLE.firstrow))),0,\n           IF(OFFSET(PLE!$G$15,$M36-$A$15,BC$13)=\"\",10^12,OFFSET(PLE!$G$15,$M36-$A$15,BC$13)))","v":1000000000000},{"$f":"IF(OR($D36<>\"Serviço\",AND(AUTOEVENTO=\"Manual\",$M36=$A$15),$M36>(ROW(PLE.lastrow)-ROW(PLE.firstrow))),0,\n           IF(OFFSET(PLE!$G$15,$M36-$A$15,BD$13)=\"\",10^12,OFFSET(PLE!$G$15,$M36-$A$15,BD$13)))","v":1000000000000},{"$f":"IF(OR($D36<>\"Serviço\",AND(AUTOEVENTO=\"Manual\",$M36=$A$15),$M36>(ROW(PLE.lastrow)-ROW(PLE.firstrow))),0,\n           IF(OFFSET(PLE!$G$15,$M36-$A$15,BE$13)=\"\",10^12,OFFSET(PLE!$G$15,$M36-$A$15,BE$13)))","v":1000000000000},{"$f":"IF(OR($D36<>\"Serviço\",AND(AUTOEVENTO=\"Manual\",$M36=$A$15),$M36>(ROW(PLE.lastrow)-ROW(PLE.firstrow))),0,\n           IF(OFFSET(PLE!$G$15,$M36-$A$15,BF$13)=\"\",10^12,OFFSET(PLE!$G$15,$M36-$A$15,BF$13)))","v":1000000000000},{"$f":"IF(OR($D36<>\"Serviço\",AND(AUTOEVENTO=\"Manual\",$M36=$A$15),$M36>(ROW(PLE.lastrow)-ROW(PLE.firstrow))),0,\n           IF(OFFSET(PLE!$G$15,$M36-$A$15,BG$13)=\"\",10^12,OFFSET(PLE!$G$15,$M36-$A$15,BG$13)))","v":1000000000000}]
[4,{"$f":"OFFSET(ORÇAMENTO!C$15,$L37,0)","v":"S"},{"$f":"OFFSET(ORÇAMENTO!L$15,$L37,0)","v":"F"},{"$f":"OFFSET(ORÇAMENTO!N$15,$L37,0)","v":"Serviço"},{"$f":"OFFSET(ORÇAMENTO!O$15,$L37,0)","v":"1.4.2."},{"$f":"OFFSET(ORÇAMENTO!R$15,$L37,0)","v":"TELA DE ACO MALHA 25X25MM, 1.24MM PARA REBOCO - FORNECIMENTO E COLOCACAO"},{"$f":"IF($D37<>\"Serviço\",\"\",OFFSET(ORÇAMENTO!S$15,$L37,0))","v":"M2"},{"$f":"IF($D37<>\"Serviço\",0,IF(ACOMPANHAMENTO=\"BM\",ROUND(OFFSET(ORÇAMENTO!AJ$15,$L37,0),15-13*ORÇAMENTO!$AF$7),IF(IFERROR(CÁLCULO.FrentesPreenchidas,0)=0,0,SUM(ROUND(OFFSET($P37,0,1,1,CÁLCULO.FrentesPreenchidas),15-13*ORÇAMENTO!$AF$7)))))","v":348.84},"ESPELHOS ARQUIBANCADAS ( 11 LANCES X 0,55M ALTURA X 57,66M COMPRIMENTO)",{"$f":"IF(OR(B37<>\"S\",CÁLCULO.FrentesPreenchidas=0),\"\",IF(AND(ACOMPANHAMENTO=\"PLE\",AUTOEVENTO=\"Manual\",OR(H37>0,ORÇAMENTO!AC37=\"QUANT.\"),OR(K37=\"\",M37=0,N37=\"\")),\"►E\",IF(AND(ACOMPANHAMENTO=\"PLE\",ORÇAMENTO!AC37=\"QUANT.\"),\"►Q\",IF(AND(ACOMPANHAMENTO=\"PLE\",H37<>SUMPRODUCT(($Q$1:$AA$1=1)*ROUND(Q37:AA37,15))),\"►S\",IF(AND(COUNTIF($P$11:$AA$11,\"▼\")=0,H37>0,I37=\"\"),\"◄M\",\"\")))))","v":""},"4.Vedação e Revestimento",22,{"$f":"IF($D37<>\"Serviço\",\"\",\n          IF(AUTOEVENTO=\"manual\",$A37,\n                IF(ISERROR(MATCH($A37,$A$15:OFFSET($A37,-1,0),0)),MAX($M$15:OFFSET(M37,-1,0))+1,\n                      INDEX($M$15:OFFSET(M37,-1,0),MATCH($A37,$A$15:OFFSET($A37,-1,0),0)))))","v":4},{"$f":"IF($D37<>\"Serviço\",\"\",\n         IF(AUTOEVENTO=\"Manual\",\n                IF($A37=0,\"<-- defina o número do agrupador\",\n                       OFFSET(EVENTOS!$D$15,$A37-$A$15,0)),\n                OFFSET($F$15,$A37,0)))","v":"Fundação Reforço Pilares"},null,null,{"$f":"11*0.55*57.66/2","v":174.42150000000001},{"$f":"11*0.55*57.66/2","v":174.42150000000001},null,null,null,null,null,null,null,null,null,{"$f":"IF(AND($D37=\"Serviço\",AB$12<>0,$H37>0,OR(AUTOEVENTO<>\"manual\",$M37<>$A$15)),\n        IF(Import.TipoArredondamento<>\"TransfereGOV\",\n              ROUND(OFFSET($P37,0,AB$13),15-13*ORÇAMENTO!$AF$7)/$H37*OFFSET(ORÇAMENTO!$X$15,ROW(AB37)-ROW(AB$15),0),\n              ROUND(ROUND(OFFSET($P37,0,AB$13),15-13*ORÇAMENTO!$AF$7)*OFFSET(ORÇAMENTO!$W$15,ROW(AB37)-ROW(AB$15),0),15-13*ORÇAMENTO!$AF$11)),\n         0)","v":0},{"$f":"IF(AND($D37=\"Serviço\",AC$12<>0,$H37>0,OR(AUTOEVENTO<>\"manual\",$M37<>$A$15)),\n        IF(Import.TipoArredondamento<>\"TransfereGOV\",\n              ROUND(OFFSET($P37,0,AC$13),15-13*ORÇAMENTO!$AF$7)/$H37*OFFSET(ORÇAMENTO!$X$15,ROW(AC37)-ROW(AC$15),0),\n              ROUND(ROUND(OFFSET($P37,0,AC$13),15-13*ORÇAMENTO!$AF$7)*OFFSET(ORÇAMENTO!$W$15,ROW(AC37)-ROW(AC$15),0),15-13*ORÇAMENTO!$AF$11)),\n         0)","v":0},{"$f":"IF(AND($D37=\"Serviço\",AD$12<>0,$H37>0,OR(AUTOEVENTO<>\"manual\",$M37<>$A$15)),\n        IF(Import.TipoArredondamento<>\"TransfereGOV\",\n              ROUND(OFFSET($P37,0,AD$13),15-13*ORÇAMENTO!$AF$7)/$H37*OFFSET(ORÇAMENTO!$X$15,ROW(AD37)-ROW(AD$15),0),\n              ROUND(ROUND(OFFSET($P37,0,AD$13),15-13*ORÇAMENTO!$AF$7)*OFFSET(ORÇAMENTO!$W$15,ROW(AD37)-ROW(AD$15),0),15-13*ORÇAMENTO!$AF$11)),\n         0)","v":0},{"$f":"IF(AND($D37=\"Serviço\",AE$12<>0,$H37>0,OR(AUTOEVENTO<>\"manual\",$M37<>$A$15)),\n        IF(Import.TipoArredondamento<>\"TransfereGOV\",\n              ROUND(OFFSET($P37,0,AE$13),15-13*ORÇAMENTO!$AF$7)/$H37*OFFSET(ORÇAMENTO!$X$15,ROW(AE37)-ROW(AE$15),0),\n              ROUND(ROUND(OFFSET($P37,0,AE$13),15-13*ORÇAMENTO!$AF$7)*OFFSET(ORÇAMENTO!$W$15,ROW(AE37)-ROW(AE$15),0),15-13*ORÇAMENTO!$AF$11)),\n         0)","v":0},{"$f":"IF(AND($D37=\"Serviço\",AF$12<>0,$H37>0,OR(AUTOEVENTO<>\"manual\",$M37<>$A$15)),\n        IF(Import.TipoArredondamento<>\"TransfereGOV\",\n              ROUND(OFFSET($P37,0,AF$13),15-13*ORÇAMENTO!$AF$7)/$H37*OFFSET(ORÇAMENTO!$X$15,ROW(AF37)-ROW(AF$15),0),\n              ROUND(ROUND(OFFSET($P37,0,AF$13),15-13*ORÇAMENTO!$AF$7)*OFFSET(ORÇAMENTO!$W$15,ROW(AF37)-ROW(AF$15),0),15-13*ORÇAMENTO!$AF$11)),\n         0)","v":0},{"$f":"IF(AND($D37=\"Serviço\",AG$12<>0,$H37>0,OR(AUTOEVENTO<>\"manual\",$M37<>$A$15)),\n        IF(Import.TipoArredondamento<>\"TransfereGOV\",\n              ROUND(OFFSET($P37,0,AG$13),15-13*ORÇAMENTO!$AF$7)/$H37*OFFSET(ORÇAMENTO!$X$15,ROW(AG37)-ROW(AG$15),0),\n              ROUND(ROUND(OFFSET($P37,0,AG$13),15-13*ORÇAMENTO!$AF$7)*OFFSET(ORÇAMENTO!$W$15,ROW(AG37)-ROW(AG$15),0),15-13*ORÇAMENTO!$AF$11)),\n         0)","v":0},{"$f":"IF(AND($D37=\"Serviço\",AH$12<>0,$H37>0,OR(AUTOEVENTO<>\"manual\",$M37<>$A$15)),\n        IF(Import.TipoArredondamento<>\"TransfereGOV\",\n              ROUND(OFFSET($P37,0,AH$13),15-13*ORÇAMENTO!$AF$7)/$H37*OFFSET(ORÇAMENTO!$X$15,ROW(AH37)-ROW(AH$15),0),\n              ROUND(ROUND(OFFSET($P37,0,AH$13),15-13*ORÇAMENTO!$AF$7)*OFFSET(ORÇAMENTO!$W$15,ROW(AH37)-ROW(AH$15),0),15-13*ORÇAMENTO!$AF$11)),\n         0)","v":0},{"$f":"IF(AND($D37=\"Serviço\",AI$12<>0,$H37>0,OR(AUTOEVENTO<>\"manual\",$M37<>$A$15)),\n        IF(Import.TipoArredondamento<>\"TransfereGOV\",\n              ROUND(OFFSET($P37,0,AI$13),15-13*ORÇAMENTO!$AF$7)/$H37*OFFSET(ORÇAMENTO!$X$15,ROW(AI37)-ROW(AI$15),0),\n              ROUND(ROUND(OFFSET($P37,0,AI$13),15-13*ORÇAMENTO!$AF$7)*OFFSET(ORÇAMENTO!$W$15,ROW(AI37)-ROW(AI$15),0),15-13*ORÇAMENTO!$AF$11)),\n         0)","v":0},{"$f":"IF(AND($D37=\"Serviço\",AJ$12<>0,$H37>0,OR(AUTOEVENTO<>\"manual\",$M37<>$A$15)),\n        IF(Import.TipoArredondamento<>\"TransfereGOV\",\n              ROUND(OFFSET($P37,0,AJ$13),15-13*ORÇAMENTO!$AF$7)/$H37*OFFSET(ORÇAMENTO!$X$15,ROW(AJ37)-ROW(AJ$15),0),\n              ROUND(ROUND(OFFSET($P37,0,AJ$13),15-13*ORÇAMENTO!$AF$7)*OFFSET(ORÇAMENTO!$W$15,ROW(AJ37)-ROW(AJ$15),0),15-13*ORÇAMENTO!$AF$11)),\n         0)","v":0},{"$f":"IF(AND($D37=\"Serviço\",AK$12<>0,$H37>0,OR(AUTOEVENTO<>\"manual\",$M37<>$A$15)),\n        IF(Import.TipoArredondamento<>\"TransfereGOV\",\n              ROUND(OFFSET($P37,0,AK$13),15-13*ORÇAMENTO!$AF$7)/$H37*OFFSET(ORÇAMENTO!$X$15,ROW(AK37)-ROW(AK$15),0),\n              ROUND(ROUND(OFFSET($P37,0,AK$13),15-13*ORÇAMENTO!$AF$7)*OFFSET(ORÇAMENTO!$W$15,ROW(AK37)-ROW(AK$15),0),15-13*ORÇAMENTO!$AF$11)),\n         0)","v":0},null,{"$f":"IF(OR($D37<>\"Serviço\",AND(AUTOEVENTO=\"Manual\",$M37=$A$15)),0,\n         IF(OFFSET(CRONOPLE!$F$15,$M37-$A$15,AM$13)=0,10^12,OFFSET(CRONOPLE!$F$15,$M37-$A$15,AM$13)))","v":2},{"$f":"IF(OR($D37<>\"Serviço\",AND(AUTOEVENTO=\"Manual\",$M37=$A$15)),0,\n         IF(OFFSET(CRONOPLE!$F$15,$M37-$A$15,AN$13)=0,10^12,OFFSET(CRONOPLE!$F$15,$M37-$A$15,AN$13)))","v":3},{"$f":"IF(OR($D37<>\"Serviço\",AND(AUTOEVENTO=\"Manual\",$M37=$A$15)),0,\n         IF(OFFSET(CRONOPLE!$F$15,$M37-$A$15,AO$13)=0,10^12,OFFSET(CRONOPLE!$F$15,$M37-$A$15,AO$13)))","v":1000000000000},{"$f":"IF(OR($D37<>\"Serviço\",AND(AUTOEVENTO=\"Manual\",$M37=$A$15)),0,\n         IF(OFFSET(CRONOPLE!$F$15,$M37-$A$15,AP$13)=0,10^12,OFFSET(CRONOPLE!$F$15,$M37-$A$15,AP$13)))","v":1000000000000},{"$f":"IF(OR($D37<>\"Serviço\",AND(AUTOEVENTO=\"Manual\",$M37=$A$15)),0,\n         IF(OFFSET(CRONOPLE!$F$15,$M37-$A$15,AQ$13)=0,10^12,OFFSET(CRONOPLE!$F$15,$M37-$A$15,AQ$13)))","v":1000000000000},{"$f":"IF(OR($D37<>\"Serviço\",AND(AUTOEVENTO=\"Manual\",$M37=$A$15)),0,\n         IF(OFFSET(CRONOPLE!$F$15,$M37-$A$15,AR$13)=0,10^12,OFFSET(CRONOPLE!$F$15,$M37-$A$15,AR$13)))","v":1000000000000},{"$f":"IF(OR($D37<>\"Serviço\",AND(AUTOEVENTO=\"Manual\",$M37=$A$15)),0,\n         IF(OFFSET(CRONOPLE!$F$15,$M37-$A$15,AS$13)=0,10^12,OFFSET(CRONOPLE!$F$15,$M37-$A$15,AS$13)))","v":1000000000000},{"$f":"IF(OR($D37<>\"Serviço\",AND(AUTOEVENTO=\"Manual\",$M37=$A$15)),0,\n         IF(OFFSET(CRONOPLE!$F$15,$M37-$A$15,AT$13)=0,10^12,OFFSET(CRONOPLE!$F$15,$M37-$A$15,AT$13)))","v":1000000000000},{"$f":"IF(OR($D37<>\"Serviço\",AND(AUTOEVENTO=\"Manual\",$M37=$A$15)),0,\n         IF(OFFSET(CRONOPLE!$F$15,$M37-$A$15,AU$13)=0,10^12,OFFSET(CRONOPLE!$F$15,$M37-$A$15,AU$13)))","v":1000000000000},{"$f":"IF(OR($D37<>\"Serviço\",AND(AUTOEVENTO=\"Manual\",$M37=$A$15)),0,\n         IF(OFFSET(CRONOPLE!$F$15,$M37-$A$15,AV$13)=0,10^12,OFFSET(CRONOPLE!$F$15,$M37-$A$15,AV$13)))","v":1000000000000},null,{"$f":"IF(OR($D37<>\"Serviço\",AND(AUTOEVENTO=\"Manual\",$M37=$A$15),$M37>(ROW(PLE.lastrow)-ROW(PLE.firstrow))),0,\n           IF(OFFSET(PLE!$G$15,$M37-$A$15,AX$13)=\"\",10^12,OFFSET(PLE!$G$15,$M37-$A$15,AX$13)))","v":1000000000000},{"$f":"IF(OR($D37<>\"Serviço\",AND(AUTOEVENTO=\"Manual\",$M37=$A$15),$M37>(ROW(PLE.lastrow)-ROW(PLE.firstrow))),0,\n           IF(OFFSET(PLE!$G$15,$M37-$A$15,AY$13)=\"\",10^12,OFFSET(PLE!$G$15,$M37-$A$15,AY$13)))","v":1000000000000},{"$f":"IF(OR($D37<>\"Serviço\",AND(AUTOEVENTO=\"Manual\",$M37=$A$15),$M37>(ROW(PLE.lastrow)-ROW(PLE.firstrow))),0,\n           IF(OFFSET(PLE!$G$15,$M37-$A$15,AZ$13)=\"\",10^12,OFFSET(PLE!$G$15,$M37-$A$15,AZ$13)))","v":1000000000000},{"$f":"IF(OR($D37<>\"Serviço\",AND(AUTOEVENTO=\"Manual\",$M37=$A$15),$M37>(ROW(PLE.lastrow)-ROW(PLE.firstrow))),0,\n           IF(OFFSET(PLE!$G$15,$M37-$A$15,BA$13)=\"\",10^12,OFFSET(PLE!$G$15,$M37-$A$15,BA$13)))","v":1000000000000},{"$f":"IF(OR($D37<>\"Serviço\",AND(AUTOEVENTO=\"Manual\",$M37=$A$15),$M37>(ROW(PLE.lastrow)-ROW(PLE.firstrow))),0,\n           IF(OFFSET(PLE!$G$15,$M37-$A$15,BB$13)=\"\",10^12,OFFSET(PLE!$G$15,$M37-$A$15,BB$13)))","v":1000000000000},{"$f":"IF(OR($D37<>\"Serviço\",AND(AUTOEVENTO=\"Manual\",$M37=$A$15),$M37>(ROW(PLE.lastrow)-ROW(PLE.firstrow))),0,\n           IF(OFFSET(PLE!$G$15,$M37-$A$15,BC$13)=\"\",10^12,OFFSET(PLE!$G$15,$M37-$A$15,BC$13)))","v":1000000000000},{"$f":"IF(OR($D37<>\"Serviço\",AND(AUTOEVENTO=\"Manual\",$M37=$A$15),$M37>(ROW(PLE.lastrow)-ROW(PLE.firstrow))),0,\n           IF(OFFSET(PLE!$G$15,$M37-$A$15,BD$13)=\"\",10^12,OFFSET(PLE!$G$15,$M37-$A$15,BD$13)))","v":1000000000000},{"$f":"IF(OR($D37<>\"Serviço\",AND(AUTOEVENTO=\"Manual\",$M37=$A$15),$M37>(ROW(PLE.lastrow)-ROW(PLE.firstrow))),0,\n           IF(OFFSET(PLE!$G$15,$M37-$A$15,BE$13)=\"\",10^12,OFFSET(PLE!$G$15,$M37-$A$15,BE$13)))","v":1000000000000},{"$f":"IF(OR($D37<>\"Serviço\",AND(AUTOEVENTO=\"Manual\",$M37=$A$15),$M37>(ROW(PLE.lastrow)-ROW(PLE.firstrow))),0,\n           IF(OFFSET(PLE!$G$15,$M37-$A$15,BF$13)=\"\",10^12,OFFSET(PLE!$G$15,$M37-$A$15,BF$13)))","v":1000000000000},{"$f":"IF(OR($D37<>\"Serviço\",AND(AUTOEVENTO=\"Manual\",$M37=$A$15),$M37>(ROW(PLE.lastrow)-ROW(PLE.firstrow))),0,\n           IF(OFFSET(PLE!$G$15,$M37-$A$15,BG$13)=\"\",10^12,OFFSET(PLE!$G$15,$M37-$A$15,BG$13)))","v":1000000000000}]
[4,{"$f":"OFFSET(ORÇAMENTO!C$15,$L38,0)","v":"S"},{"$f":"OFFSET(ORÇAMENTO!L$15,$L38,0)","v":"F"},{"$f":"OFFSET(ORÇAMENTO!N$15,$L38,0)","v":"Serviço"},{"$f":"OFFSET(ORÇAMENTO!O$15,$L38,0)","v":"1.4.3."},{"$f":"OFFSET(ORÇAMENTO!R$15,$L38,0)","v":"EXECUÇÃO DE QUEBRA DEGRAUS, COM ALVENARIA DE TIJOLOS MACIÇOS, ENCHIMENTO EM CONCRETO MAGRO, ACABAMENTO COM REBOCO E TELA - FORNECIMENTO E EXECUÇÃO"},{"$f":"IF($D38<>\"Serviço\",\"\",OFFSET(ORÇAMENTO!S$15,$L38,0))","v":"M3"},{"$f":"IF($D38<>\"Serviço\",0,IF(ACOMPANHAMENTO=\"BM\",ROUND(OFFSET(ORÇAMENTO!AJ$15,$L38,0),15-13*ORÇAMENTO!$AF$7),IF(IFERROR(CÁLCULO.FrentesPreenchidas,0)=0,0,SUM(ROUND(OFFSET($P38,0,1,1,CÁLCULO.FrentesPreenchidas),15-13*ORÇAMENTO!$AF$7)))))","v":9.7200000000000006},"ADEQUAÇÃO ESCADA ARQUIBANCADA (1,20 X 0,30 X 0,18 X 3 DEGRAUS X 10 UN)+(1,80X 0,30 X 0,18 X 3 DEGRAUS X 10 UN)+(1,80X 0,30 X 0,18 X 3 DEGRAUS X 10 UN)+(1,20X 0,30 X 0,18 X 3 DEGRAUS X 10 UN)",{"$f":"IF(OR(B38<>\"S\",CÁLCULO.FrentesPreenchidas=0),\"\",IF(AND(ACOMPANHAMENTO=\"PLE\",AUTOEVENTO=\"Manual\",OR(H38>0,ORÇAMENTO!AC38=\"QUANT.\"),OR(K38=\"\",M38=0,N38=\"\")),\"►E\",IF(AND(ACOMPANHAMENTO=\"PLE\",ORÇAMENTO!AC38=\"QUANT.\"),\"►Q\",IF(AND(ACOMPANHAMENTO=\"PLE\",H38<>SUMPRODUCT(($Q$1:$AA$1=1)*ROUND(Q38:AA38,15))),\"►S\",IF(AND(COUNTIF($P$11:$AA$11,\"▼\")=0,H38>0,I38=\"\"),\"◄M\",\"\")))))","v":""},"4.Vedação e Revestimento",23,{"$f":"IF($D38<>\"Serviço\",\"\",\n          IF(AUTOEVENTO=\"manual\",$A38,\n                IF(ISERROR(MATCH($A38,$A$15:OFFSET($A38,-1,0),0)),MAX($M$15:OFFSET(M38,-1,0))+1,\n                      INDEX($M$15:OFFSET(M38,-1,0),MATCH($A38,$A$15:OFFSET($A38,-1,0),0)))))","v":4},{"$f":"IF($D38<>\"Serviço\",\"\",\n         IF(AUTOEVENTO=\"Manual\",\n                IF($A38=0,\"<-- defina o número do agrupador\",\n                       OFFSET(EVENTOS!$D$15,$A38-$A$15,0)),\n                OFFSET($F$15,$A38,0)))","v":"Fundação Reforço Pilares"},null,null,{"$f":"((1.2*0.3*0.18*3*10*2)+(1.8*0.3*0.18*3*10*2))/2","v":4.8600000000000003},{"$f":"((1.2*0.3*0.18*3*10*2)+(1.8*0.3*0.18*3*10*2))/2","v":4.8600000000000003},null,null,null,null,null,null,null,null,null,{"$f":"IF(AND($D38=\"Serviço\",AB$12<>0,$H38>0,OR(AUTOEVENTO<>\"manual\",$M38<>$A$15)),\n        IF(Import.TipoArredondamento<>\"TransfereGOV\",\n              ROUND(OFFSET($P38,0,AB$13),15-13*ORÇAMENTO!$AF$7)/$H38*OFFSET(ORÇAMENTO!$X$15,ROW(AB38)-ROW(AB$15),0),\n              ROUND(ROUND(OFFSET($P38,0,AB$13),15-13*ORÇAMENTO!$AF$7)*OFFSET(ORÇAMENTO!$W$15,ROW(AB38)-ROW(AB$15),0),15-13*ORÇAMENTO!$AF$11)),\n         0)","v":0},{"$f":"IF(AND($D38=\"Serviço\",AC$12<>0,$H38>0,OR(AUTOEVENTO<>\"manual\",$M38<>$A$15)),\n        IF(Import.TipoArredondamento<>\"TransfereGOV\",\n              ROUND(OFFSET($P38,0,AC$13),15-13*ORÇAMENTO!$AF$7)/$H38*OFFSET(ORÇAMENTO!$X$15,ROW(AC38)-ROW(AC$15),0),\n              ROUND(ROUND(OFFSET($P38,0,AC$13),15-13*ORÇAMENTO!$AF$7)*OFFSET(ORÇAMENTO!$W$15,ROW(AC38)-ROW(AC$15),0),15-13*ORÇAMENTO!$AF$11)),\n         0)","v":0},{"$f":"IF(AND($D38=\"Serviço\",AD$12<>0,$H38>0,OR(AUTOEVENTO<>\"manual\",$M38<>$A$15)),\n        IF(Import.TipoArredondamento<>\"TransfereGOV\",\n              ROUND(OFFSET($P38,0,AD$13),15-13*ORÇAMENTO!$AF$7)/$H38*OFFSET(ORÇAMENTO!$X$15,ROW(AD38)-ROW(AD$15),0),\n              ROUND(ROUND(OFFSET($P38,0,AD$13),15-13*ORÇAMENTO!$AF$7)*OFFSET(ORÇAMENTO!$W$15,ROW(AD38)-ROW(AD$15),0),15-13*ORÇAMENTO!$AF$11)),\n         0)","v":0},{"$f":"IF(AND($D38=\"Serviço\",AE$12<>0,$H38>0,OR(AUTOEVENTO<>\"manual\",$M38<>$A$15)),\n        IF(Import.TipoArredondamento<>\"TransfereGOV\",\n              ROUND(OFFSET($P38,0,AE$13),15-13*ORÇAMENTO!$AF$7)/$H38*OFFSET(ORÇAMENTO!$X$15,ROW(AE38)-ROW(AE$15),0),\n              ROUND(ROUND(OFFSET($P38,0,AE$13),15-13*ORÇAMENTO!$AF$7)*OFFSET(ORÇAMENTO!$W$15,ROW(AE38)-ROW(AE$15),0),15-13*ORÇAMENTO!$AF$11)),\n         0)","v":0},{"$f":"IF(AND($D38=\"Serviço\",AF$12<>0,$H38>0,OR(AUTOEVENTO<>\"manual\",$M38<>$A$15)),\n        IF(Import.TipoArredondamento<>\"TransfereGOV\",\n              ROUND(OFFSET($P38,0,AF$13),15-13*ORÇAMENTO!$AF$7)/$H38*OFFSET(ORÇAMENTO!$X$15,ROW(AF38)-ROW(AF$15),0),\n              ROUND(ROUND(OFFSET($P38,0,AF$13),15-13*ORÇAMENTO!$AF$7)*OFFSET(ORÇAMENTO!$W$15,ROW(AF38)-ROW(AF$15),0),15-13*ORÇAMENTO!$AF$11)),\n         0)","v":0},{"$f":"IF(AND($D38=\"Serviço\",AG$12<>0,$H38>0,OR(AUTOEVENTO<>\"manual\",$M38<>$A$15)),\n        IF(Import.TipoArredondamento<>\"TransfereGOV\",\n              ROUND(OFFSET($P38,0,AG$13),15-13*ORÇAMENTO!$AF$7)/$H38*OFFSET(ORÇAMENTO!$X$15,ROW(AG38)-ROW(AG$15),0),\n              ROUND(ROUND(OFFSET($P38,0,AG$13),15-13*ORÇAMENTO!$AF$7)*OFFSET(ORÇAMENTO!$W$15,ROW(AG38)-ROW(AG$15),0),15-13*ORÇAMENTO!$AF$11)),\n         0)","v":0},{"$f":"IF(AND($D38=\"Serviço\",AH$12<>0,$H38>0,OR(AUTOEVENTO<>\"manual\",$M38<>$A$15)),\n        IF(Import.TipoArredondamento<>\"TransfereGOV\",\n              ROUND(OFFSET($P38,0,AH$13),15-13*ORÇAMENTO!$AF$7)/$H38*OFFSET(ORÇAMENTO!$X$15,ROW(AH38)-ROW(AH$15),0),\n              ROUND(ROUND(OFFSET($P38,0,AH$13),15-13*ORÇAMENTO!$AF$7)*OFFSET(ORÇAMENTO!$W$15,ROW(AH38)-ROW(AH$15),0),15-13*ORÇAMENTO!$AF$11)),\n         0)","v":0},{"$f":"IF(AND($D38=\"Serviço\",AI$12<>0,$H38>0,OR(AUTOEVENTO<>\"manual\",$M38<>$A$15)),\n        IF(Import.TipoArredondamento<>\"TransfereGOV\",\n              ROUND(OFFSET($P38,0,AI$13),15-13*ORÇAMENTO!$AF$7)/$H38*OFFSET(ORÇAMENTO!$X$15,ROW(AI38)-ROW(AI$15),0),\n              ROUND(ROUND(OFFSET($P38,0,AI$13),15-13*ORÇAMENTO!$AF$7)*OFFSET(ORÇAMENTO!$W$15,ROW(AI38)-ROW(AI$15),0),15-13*ORÇAMENTO!$AF$11)),\n         0)","v":0},{"$f":"IF(AND($D38=\"Serviço\",AJ$12<>0,$H38>0,OR(AUTOEVENTO<>\"manual\",$M38<>$A$15)),\n        IF(Import.TipoArredondamento<>\"TransfereGOV\",\n              ROUND(OFFSET($P38,0,AJ$13),15-13*ORÇAMENTO!$AF$7)/$H38*OFFSET(ORÇAMENTO!$X$15,ROW(AJ38)-ROW(AJ$15),0),\n              ROUND(ROUND(OFFSET($P38,0,AJ$13),15-13*ORÇAMENTO!$AF$7)*OFFSET(ORÇAMENTO!$W$15,ROW(AJ38)-ROW(AJ$15),0),15-13*ORÇAMENTO!$AF$11)),\n         0)","v":0},{"$f":"IF(AND($D38=\"Serviço\",AK$12<>0,$H38>0,OR(AUTOEVENTO<>\"manual\",$M38<>$A$15)),\n        IF(Import.TipoArredondamento<>\"TransfereGOV\",\n              ROUND(OFFSET($P38,0,AK$13),15-13*ORÇAMENTO!$AF$7)/$H38*OFFSET(ORÇAMENTO!$X$15,ROW(AK38)-ROW(AK$15),0),\n              ROUND(ROUND(OFFSET($P38,0,AK$13),15-13*ORÇAMENTO!$AF$7)*OFFSET(ORÇAMENTO!$W$15,ROW(AK38)-ROW(AK$15),0),15-13*ORÇAMENTO!$AF$11)),\n         0)","v":0},null,{"$f":"IF(OR($D38<>\"Serviço\",AND(AUTOEVENTO=\"Manual\",$M38=$A$15)),0,\n         IF(OFFSET(CRONOPLE!$F$15,$M38-$A$15,AM$13)=0,10^12,OFFSET(CRONOPLE!$F$15,$M38-$A$15,AM$13)))","v":2},{"$f":"IF(OR($D38<>\"Serviço\",AND(AUTOEVENTO=\"Manual\",$M38=$A$15)),0,\n         IF(OFFSET(CRONOPLE!$F$15,$M38-$A$15,AN$13)=0,10^12,OFFSET(CRONOPLE!$F$15,$M38-$A$15,AN$13)))","v":3},{"$f":"IF(OR($D38<>\"Serviço\",AND(AUTOEVENTO=\"Manual\",$M38=$A$15)),0,\n         IF(OFFSET(CRONOPLE!$F$15,$M38-$A$15,AO$13)=0,10^12,OFFSET(CRONOPLE!$F$15,$M38-$A$15,AO$13)))","v":1000000000000},{"$f":"IF(OR($D38<>\"Serviço\",AND(AUTOEVENTO=\"Manual\",$M38=$A$15)),0,\n         IF(OFFSET(CRONOPLE!$F$15,$M38-$A$15,AP$13)=0,10^12,OFFSET(CRONOPLE!$F$15,$M38-$A$15,AP$13)))","v":1000000000000},{"$f":"IF(OR($D38<>\"Serviço\",AND(AUTOEVENTO=\"Manual\",$M38=$A$15)),0,\n         IF(OFFSET(CRONOPLE!$F$15,$M38-$A$15,AQ$13)=0,10^12,OFFSET(CRONOPLE!$F$15,$M38-$A$15,AQ$13)))","v":1000000000000},{"$f":"IF(OR($D38<>\"Serviço\",AND(AUTOEVENTO=\"Manual\",$M38=$A$15)),0,\n         IF(OFFSET(CRONOPLE!$F$15,$M38-$A$15,AR$13)=0,10^12,OFFSET(CRONOPLE!$F$15,$M38-$A$15,AR$13)))","v":1000000000000},{"$f":"IF(OR($D38<>\"Serviço\",AND(AUTOEVENTO=\"Manual\",$M38=$A$15)),0,\n         IF(OFFSET(CRONOPLE!$F$15,$M38-$A$15,AS$13)=0,10^12,OFFSET(CRONOPLE!$F$15,$M38-$A$15,AS$13)))","v":1000000000000},{"$f":"IF(OR($D38<>\"Serviço\",AND(AUTOEVENTO=\"Manual\",$M38=$A$15)),0,\n         IF(OFFSET(CRONOPLE!$F$15,$M38-$A$15,AT$13)=0,10^12,OFFSET(CRONOPLE!$F$15,$M38-$A$15,AT$13)))","v":1000000000000},{"$f":"IF(OR($D38<>\"Serviço\",AND(AUTOEVENTO=\"Manual\",$M38=$A$15)),0,\n         IF(OFFSET(CRONOPLE!$F$15,$M38-$A$15,AU$13)=0,10^12,OFFSET(CRONOPLE!$F$15,$M38-$A$15,AU$13)))","v":1000000000000},{"$f":"IF(OR($D38<>\"Serviço\",AND(AUTOEVENTO=\"Manual\",$M38=$A$15)),0,\n         IF(OFFSET(CRONOPLE!$F$15,$M38-$A$15,AV$13)=0,10^12,OFFSET(CRONOPLE!$F$15,$M38-$A$15,AV$13)))","v":1000000000000},null,{"$f":"IF(OR($D38<>\"Serviço\",AND(AUTOEVENTO=\"Manual\",$M38=$A$15),$M38>(ROW(PLE.lastrow)-ROW(PLE.firstrow))),0,\n           IF(OFFSET(PLE!$G$15,$M38-$A$15,AX$13)=\"\",10^12,OFFSET(PLE!$G$15,$M38-$A$15,AX$13)))","v":1000000000000},{"$f":"IF(OR($D38<>\"Serviço\",AND(AUTOEVENTO=\"Manual\",$M38=$A$15),$M38>(ROW(PLE.lastrow)-ROW(PLE.firstrow))),0,\n           IF(OFFSET(PLE!$G$15,$M38-$A$15,AY$13)=\"\",10^12,OFFSET(PLE!$G$15,$M38-$A$15,AY$13)))","v":1000000000000},{"$f":"IF(OR($D38<>\"Serviço\",AND(AUTOEVENTO=\"Manual\",$M38=$A$15),$M38>(ROW(PLE.lastrow)-ROW(PLE.firstrow))),0,\n           IF(OFFSET(PLE!$G$15,$M38-$A$15,AZ$13)=\"\",10^12,OFFSET(PLE!$G$15,$M38-$A$15,AZ$13)))","v":1000000000000},{"$f":"IF(OR($D38<>\"Serviço\",AND(AUTOEVENTO=\"Manual\",$M38=$A$15),$M38>(ROW(PLE.lastrow)-ROW(PLE.firstrow))),0,\n           IF(OFFSET(PLE!$G$15,$M38-$A$15,BA$13)=\"\",10^12,OFFSET(PLE!$G$15,$M38-$A$15,BA$13)))","v":1000000000000},{"$f":"IF(OR($D38<>\"Serviço\",AND(AUTOEVENTO=\"Manual\",$M38=$A$15),$M38>(ROW(PLE.lastrow)-ROW(PLE.firstrow))),0,\n           IF(OFFSET(PLE!$G$15,$M38-$A$15,BB$13)=\"\",10^12,OFFSET(PLE!$G$15,$M38-$A$15,BB$13)))","v":1000000000000},{"$f":"IF(OR($D38<>\"Serviço\",AND(AUTOEVENTO=\"Manual\",$M38=$A$15),$M38>(ROW(PLE.lastrow)-ROW(PLE.firstrow))),0,\n           IF(OFFSET(PLE!$G$15,$M38-$A$15,BC$13)=\"\",10^12,OFFSET(PLE!$G$15,$M38-$A$15,BC$13)))","v":1000000000000},{"$f":"IF(OR($D38<>\"Serviço\",AND(AUTOEVENTO=\"Manual\",$M38=$A$15),$M38>(ROW(PLE.lastrow)-ROW(PLE.firstrow))),0,\n           IF(OFFSET(PLE!$G$15,$M38-$A$15,BD$13)=\"\",10^12,OFFSET(PLE!$G$15,$M38-$A$15,BD$13)))","v":1000000000000},{"$f":"IF(OR($D38<>\"Serviço\",AND(AUTOEVENTO=\"Manual\",$M38=$A$15),$M38>(ROW(PLE.lastrow)-ROW(PLE.firstrow))),0,\n           IF(OFFSET(PLE!$G$15,$M38-$A$15,BE$13)=\"\",10^12,OFFSET(PLE!$G$15,$M38-$A$15,BE$13)))","v":1000000000000},{"$f":"IF(OR($D38<>\"Serviço\",AND(AUTOEVENTO=\"Manual\",$M38=$A$15),$M38>(ROW(PLE.lastrow)-ROW(PLE.firstrow))),0,\n           IF(OFFSET(PLE!$G$15,$M38-$A$15,BF$13)=\"\",10^12,OFFSET(PLE!$G$15,$M38-$A$15,BF$13)))","v":1000000000000},{"$f":"IF(OR($D38<>\"Serviço\",AND(AUTOEVENTO=\"Manual\",$M38=$A$15),$M38>(ROW(PLE.lastrow)-ROW(PLE.firstrow))),0,\n           IF(OFFSET(PLE!$G$15,$M38-$A$15,BG$13)=\"\",10^12,OFFSET(PLE!$G$15,$M38-$A$15,BG$13)))","v":1000000000000}]
[23,{"$f":"OFFSET(ORÇAMENTO!C$15,$L39,0)","v":"S"},{"$f":"OFFSET(ORÇAMENTO!L$15,$L39,0)","v":"F"},{"$f":"OFFSET(ORÇAMENTO!N$15,$L39,0)","v":"Serviço"},{"$f":"OFFSET(ORÇAMENTO!O$15,$L39,0)","v":"1.4.4."},{"$f":"OFFSET(ORÇAMENTO!R$15,$L39,0)","v":"CORRIMÃO SIMPLES, DIÂMETRO EXTERNO = 1 1/2\", EM AÇO GALVANIZADO. AF_04/2019_PS"},{"$f":"IF($D39<>\"Serviço\",\"\",OFFSET(ORÇAMENTO!S$15,$L39,0))","v":"M"},{"$f":"IF($D39<>\"Serviço\",0,IF(ACOMPANHAMENTO=\"BM\",ROUND(OFFSET(ORÇAMENTO!AJ$15,$L39,0),15-13*ORÇAMENTO!$AF$7),IF(IFERROR(CÁLCULO.FrentesPreenchidas,0)=0,0,SUM(ROUND(OFFSET($P39,0,1,1,CÁLCULO.FrentesPreenchidas),15-13*ORÇAMENTO!$AF$7)))))","v":24},"CORRIMÃO QUEBRA DEGRAUS - 10 LANCES X 6 LADOS X 0,40M",{"$f":"IF(OR(B39<>\"S\",CÁLCULO.FrentesPreenchidas=0),\"\",IF(AND(ACOMPANHAMENTO=\"PLE\",AUTOEVENTO=\"Manual\",OR(H39>0,ORÇAMENTO!AC39=\"QUANT.\"),OR(K39=\"\",M39=0,N39=\"\")),\"►E\",IF(AND(ACOMPANHAMENTO=\"PLE\",ORÇAMENTO!AC39=\"QUANT.\"),\"►Q\",IF(AND(ACOMPANHAMENTO=\"PLE\",H39<>SUMPRODUCT(($Q$1:$AA$1=1)*ROUND(Q39:AA39,15))),\"►S\",IF(AND(COUNTIF($P$11:$AA$11,\"▼\")=0,H39>0,I39=\"\"),\"◄M\",\"\")))))","v":""},"23.Instalação de corrimão e guarda-corpo",24,{"$f":"IF($D39<>\"Serviço\",\"\",\n          IF(AUTOEVENTO=\"manual\",$A39,\n                IF(ISERROR(MATCH($A39,$A$15:OFFSET($A39,-1,0),0)),MAX($M$15:OFFSET(M39,-1,0))+1,\n                      INDEX($M$15:OFFSET(M39,-1,0),MATCH($A39,$A$15:OFFSET($A39,-1,0),0)))))","v":23},{"$f":"IF($D39<>\"Serviço\",\"\",\n         IF(AUTOEVENTO=\"Manual\",\n                IF($A39=0,\"<-- defina o número do agrupador\",\n                       OFFSET(EVENTOS!$D$15,$A39-$A$15,0)),\n                OFFSET($F$15,$A39,0)))","v":0},null,null,{"$f":"10*6*0.4/2","v":12},{"$f":"10*6*0.4/2","v":12},null,null,null,null,null,null,null,null,null,{"$f":"IF(AND($D39=\"Serviço\",AB$12<>0,$H39>0,OR(AUTOEVENTO<>\"manual\",$M39<>$A$15)),\n        IF(Import.TipoArredondamento<>\"TransfereGOV\",\n              ROUND(OFFSET($P39,0,AB$13),15-13*ORÇAMENTO!$AF$7)/$H39*OFFSET(ORÇAMENTO!$X$15,ROW(AB39)-ROW(AB$15),0),\n              ROUND(ROUND(OFFSET($P39,0,AB$13),15-13*ORÇAMENTO!$AF$7)*OFFSET(ORÇAMENTO!$W$15,ROW(AB39)-ROW(AB$15),0),15-13*ORÇAMENTO!$AF$11)),\n         0)","v":0},{"$f":"IF(AND($D39=\"Serviço\",AC$12<>0,$H39>0,OR(AUTOEVENTO<>\"manual\",$M39<>$A$15)),\n        IF(Import.TipoArredondamento<>\"TransfereGOV\",\n              ROUND(OFFSET($P39,0,AC$13),15-13*ORÇAMENTO!$AF$7)/$H39*OFFSET(ORÇAMENTO!$X$15,ROW(AC39)-ROW(AC$15),0),\n              ROUND(ROUND(OFFSET($P39,0,AC$13),15-13*ORÇAMENTO!$AF$7)*OFFSET(ORÇAMENTO!$W$15,ROW(AC39)-ROW(AC$15),0),15-13*ORÇAMENTO!$AF$11)),\n         0)","v":0},{"$f":"IF(AND($D39=\"Serviço\",AD$12<>0,$H39>0,OR(AUTOEVENTO<>\"manual\",$M39<>$A$15)),\n        IF(Import.TipoArredondamento<>\"TransfereGOV\",\n              ROUND(OFFSET($P39,0,AD$13),15-13*ORÇAMENTO!$AF$7)/$H39*OFFSET(ORÇAMENTO!$X$15,ROW(AD39)-ROW(AD$15),0),\n              ROUND(ROUND(OFFSET($P39,0,AD$13),15-13*ORÇAMENTO!$AF$7)*OFFSET(ORÇAMENTO!$W$15,ROW(AD39)-ROW(AD$15),0),15-13*ORÇAMENTO!$AF$11)),\n         0)","v":0},{"$f":"IF(AND($D39=\"Serviço\",AE$12<>0,$H39>0,OR(AUTOEVENTO<>\"manual\",$M39<>$A$15)),\n        IF(Import.TipoArredondamento<>\"TransfereGOV\",\n              ROUND(OFFSET($P39,0,AE$13),15-13*ORÇAMENTO!$AF$7)/$H39*OFFSET(ORÇAMENTO!$X$15,ROW(AE39)-ROW(AE$15),0),\n              ROUND(ROUND(OFFSET($P39,0,AE$13),15-13*ORÇAMENTO!$AF$7)*OFFSET(ORÇAMENTO!$W$15,ROW(AE39)-ROW(AE$15),0),15-13*ORÇAMENTO!$AF$11)),\n         0)","v":0},{"$f":"IF(AND($D39=\"Serviço\",AF$12<>0,$H39>0,OR(AUTOEVENTO<>\"manual\",$M39<>$A$15)),\n        IF(Import.TipoArredondamento<>\"TransfereGOV\",\n              ROUND(OFFSET($P39,0,AF$13),15-13*ORÇAMENTO!$AF$7)/$H39*OFFSET(ORÇAMENTO!$X$15,ROW(AF39)-ROW(AF$15),0),\n              ROUND(ROUND(OFFSET($P39,0,AF$13),15-13*ORÇAMENTO!$AF$7)*OFFSET(ORÇAMENTO!$W$15,ROW(AF39)-ROW(AF$15),0),15-13*ORÇAMENTO!$AF$11)),\n         0)","v":0},{"$f":"IF(AND($D39=\"Serviço\",AG$12<>0,$H39>0,OR(AUTOEVENTO<>\"manual\",$M39<>$A$15)),\n        IF(Import.TipoArredondamento<>\"TransfereGOV\",\n              ROUND(OFFSET($P39,0,AG$13),15-13*ORÇAMENTO!$AF$7)/$H39*OFFSET(ORÇAMENTO!$X$15,ROW(AG39)-ROW(AG$15),0),\n              ROUND(ROUND(OFFSET($P39,0,AG$13),15-13*ORÇAMENTO!$AF$7)*OFFSET(ORÇAMENTO!$W$15,ROW(AG39)-ROW(AG$15),0),15-13*ORÇAMENTO!$AF$11)),\n         0)","v":0},{"$f":"IF(AND($D39=\"Serviço\",AH$12<>0,$H39>0,OR(AUTOEVENTO<>\"manual\",$M39<>$A$15)),\n        IF(Import.TipoArredondamento<>\"TransfereGOV\",\n              ROUND(OFFSET($P39,0,AH$13),15-13*ORÇAMENTO!$AF$7)/$H39*OFFSET(ORÇAMENTO!$X$15,ROW(AH39)-ROW(AH$15),0),\n              ROUND(ROUND(OFFSET($P39,0,AH$13),15-13*ORÇAMENTO!$AF$7)*OFFSET(ORÇAMENTO!$W$15,ROW(AH39)-ROW(AH$15),0),15-13*ORÇAMENTO!$AF$11)),\n         0)","v":0},{"$f":"IF(AND($D39=\"Serviço\",AI$12<>0,$H39>0,OR(AUTOEVENTO<>\"manual\",$M39<>$A$15)),\n        IF(Import.TipoArredondamento<>\"TransfereGOV\",\n              ROUND(OFFSET($P39,0,AI$13),15-13*ORÇAMENTO!$AF$7)/$H39*OFFSET(ORÇAMENTO!$X$15,ROW(AI39)-ROW(AI$15),0),\n              ROUND(ROUND(OFFSET($P39,0,AI$13),15-13*ORÇAMENTO!$AF$7)*OFFSET(ORÇAMENTO!$W$15,ROW(AI39)-ROW(AI$15),0),15-13*ORÇAMENTO!$AF$11)),\n         0)","v":0},{"$f":"IF(AND($D39=\"Serviço\",AJ$12<>0,$H39>0,OR(AUTOEVENTO<>\"manual\",$M39<>$A$15)),\n        IF(Import.TipoArredondamento<>\"TransfereGOV\",\n              ROUND(OFFSET($P39,0,AJ$13),15-13*ORÇAMENTO!$AF$7)/$H39*OFFSET(ORÇAMENTO!$X$15,ROW(AJ39)-ROW(AJ$15),0),\n              ROUND(ROUND(OFFSET($P39,0,AJ$13),15-13*ORÇAMENTO!$AF$7)*OFFSET(ORÇAMENTO!$W$15,ROW(AJ39)-ROW(AJ$15),0),15-13*ORÇAMENTO!$AF$11)),\n         0)","v":0},{"$f":"IF(AND($D39=\"Serviço\",AK$12<>0,$H39>0,OR(AUTOEVENTO<>\"manual\",$M39<>$A$15)),\n        IF(Import.TipoArredondamento<>\"TransfereGOV\",\n              ROUND(OFFSET($P39,0,AK$13),15-13*ORÇAMENTO!$AF$7)/$H39*OFFSET(ORÇAMENTO!$X$15,ROW(AK39)-ROW(AK$15),0),\n              ROUND(ROUND(OFFSET($P39,0,AK$13),15-13*ORÇAMENTO!$AF$7)*OFFSET(ORÇAMENTO!$W$15,ROW(AK39)-ROW(AK$15),0),15-13*ORÇAMENTO!$AF$11)),\n         0)","v":0},null,{"$f":"IF(OR($D39<>\"Serviço\",AND(AUTOEVENTO=\"Manual\",$M39=$A$15)),0,\n         IF(OFFSET(CRONOPLE!$F$15,$M39-$A$15,AM$13)=0,10^12,OFFSET(CRONOPLE!$F$15,$M39-$A$15,AM$13)))","v":1000000000000},{"$f":"IF(OR($D39<>\"Serviço\",AND(AUTOEVENTO=\"Manual\",$M39=$A$15)),0,\n         IF(OFFSET(CRONOPLE!$F$15,$M39-$A$15,AN$13)=0,10^12,OFFSET(CRONOPLE!$F$15,$M39-$A$15,AN$13)))","v":1000000000000},{"$f":"IF(OR($D39<>\"Serviço\",AND(AUTOEVENTO=\"Manual\",$M39=$A$15)),0,\n         IF(OFFSET(CRONOPLE!$F$15,$M39-$A$15,AO$13)=0,10^12,OFFSET(CRONOPLE!$F$15,$M39-$A$15,AO$13)))","v":1000000000000},{"$f":"IF(OR($D39<>\"Serviço\",AND(AUTOEVENTO=\"Manual\",$M39=$A$15)),0,\n         IF(OFFSET(CRONOPLE!$F$15,$M39-$A$15,AP$13)=0,10^12,OFFSET(CRONOPLE!$F$15,$M39-$A$15,AP$13)))","v":1000000000000},{"$f":"IF(OR($D39<>\"Serviço\",AND(AUTOEVENTO=\"Manual\",$M39=$A$15)),0,\n         IF(OFFSET(CRONOPLE!$F$15,$M39-$A$15,AQ$13)=0,10^12,OFFSET(CRONOPLE!$F$15,$M39-$A$15,AQ$13)))","v":1000000000000},{"$f":"IF(OR($D39<>\"Serviço\",AND(AUTOEVENTO=\"Manual\",$M39=$A$15)),0,\n         IF(OFFSET(CRONOPLE!$F$15,$M39-$A$15,AR$13)=0,10^12,OFFSET(CRONOPLE!$F$15,$M39-$A$15,AR$13)))","v":1000000000000},{"$f":"IF(OR($D39<>\"Serviço\",AND(AUTOEVENTO=\"Manual\",$M39=$A$15)),0,\n         IF(OFFSET(CRONOPLE!$F$15,$M39-$A$15,AS$13)=0,10^12,OFFSET(CRONOPLE!$F$15,$M39-$A$15,AS$13)))","v":1000000000000},{"$f":"IF(OR($D39<>\"Serviço\",AND(AUTOEVENTO=\"Manual\",$M39=$A$15)),0,\n         IF(OFFSET(CRONOPLE!$F$15,$M39-$A$15,AT$13)=0,10^12,OFFSET(CRONOPLE!$F$15,$M39-$A$15,AT$13)))","v":1000000000000},{"$f":"IF(OR($D39<>\"Serviço\",AND(AUTOEVENTO=\"Manual\",$M39=$A$15)),0,\n         IF(OFFSET(CRONOPLE!$F$15,$M39-$A$15,AU$13)=0,10^12,OFFSET(CRONOPLE!$F$15,$M39-$A$15,AU$13)))","v":1000000000000},{"$f":"IF(OR($D39<>\"Serviço\",AND(AUTOEVENTO=\"Manual\",$M39=$A$15)),0,\n         IF(OFFSET(CRONOPLE!$F$15,$M39-$A$15,AV$13)=0,10^12,OFFSET(CRONOPLE!$F$15,$M39-$A$15,AV$13)))","v":1000000000000},null,{"$f":"IF(OR($D39<>\"Serviço\",AND(AUTOEVENTO=\"Manual\",$M39=$A$15),$M39>(ROW(PLE.lastrow)-ROW(PLE.firstrow))),0,\n           IF(OFFSET(PLE!$G$15,$M39-$A$15,AX$13)=\"\",10^12,OFFSET(PLE!$G$15,$M39-$A$15,AX$13)))","v":1000000000000},{"$f":"IF(OR($D39<>\"Serviço\",AND(AUTOEVENTO=\"Manual\",$M39=$A$15),$M39>(ROW(PLE.lastrow)-ROW(PLE.firstrow))),0,\n           IF(OFFSET(PLE!$G$15,$M39-$A$15,AY$13)=\"\",10^12,OFFSET(PLE!$G$15,$M39-$A$15,AY$13)))","v":1000000000000},{"$f":"IF(OR($D39<>\"Serviço\",AND(AUTOEVENTO=\"Manual\",$M39=$A$15),$M39>(ROW(PLE.lastrow)-ROW(PLE.firstrow))),0,\n           IF(OFFSET(PLE!$G$15,$M39-$A$15,AZ$13)=\"\",10^12,OFFSET(PLE!$G$15,$M39-$A$15,AZ$13)))","v":1000000000000},{"$f":"IF(OR($D39<>\"Serviço\",AND(AUTOEVENTO=\"Manual\",$M39=$A$15),$M39>(ROW(PLE.lastrow)-ROW(PLE.firstrow))),0,\n           IF(OFFSET(PLE!$G$15,$M39-$A$15,BA$13)=\"\",10^12,OFFSET(PLE!$G$15,$M39-$A$15,BA$13)))","v":1000000000000},{"$f":"IF(OR($D39<>\"Serviço\",AND(AUTOEVENTO=\"Manual\",$M39=$A$15),$M39>(ROW(PLE.lastrow)-ROW(PLE.firstrow))),0,\n           IF(OFFSET(PLE!$G$15,$M39-$A$15,BB$13)=\"\",10^12,OFFSET(PLE!$G$15,$M39-$A$15,BB$13)))","v":1000000000000},{"$f":"IF(OR($D39<>\"Serviço\",AND(AUTOEVENTO=\"Manual\",$M39=$A$15),$M39>(ROW(PLE.lastrow)-ROW(PLE.firstrow))),0,\n           IF(OFFSET(PLE!$G$15,$M39-$A$15,BC$13)=\"\",10^12,OFFSET(PLE!$G$15,$M39-$A$15,BC$13)))","v":1000000000000},{"$f":"IF(OR($D39<>\"Serviço\",AND(AUTOEVENTO=\"Manual\",$M39=$A$15),$M39>(ROW(PLE.lastrow)-ROW(PLE.firstrow))),0,\n           IF(OFFSET(PLE!$G$15,$M39-$A$15,BD$13)=\"\",10^12,OFFSET(PLE!$G$15,$M39-$A$15,BD$13)))","v":1000000000000},{"$f":"IF(OR($D39<>\"Serviço\",AND(AUTOEVENTO=\"Manual\",$M39=$A$15),$M39>(ROW(PLE.lastrow)-ROW(PLE.firstrow))),0,\n           IF(OFFSET(PLE!$G$15,$M39-$A$15,BE$13)=\"\",10^12,OFFSET(PLE!$G$15,$M39-$A$15,BE$13)))","v":1000000000000},{"$f":"IF(OR($D39<>\"Serviço\",AND(AUTOEVENTO=\"Manual\",$M39=$A$15),$M39>(ROW(PLE.lastrow)-ROW(PLE.firstrow))),0,\n           IF(OFFSET(PLE!$G$15,$M39-$A$15,BF$13)=\"\",10^12,OFFSET(PLE!$G$15,$M39-$A$15,BF$13)))","v":1000000000000},{"$f":"IF(OR($D39<>\"Serviço\",AND(AUTOEVENTO=\"Manual\",$M39=$A$15),$M39>(ROW(PLE.lastrow)-ROW(PLE.firstrow))),0,\n           IF(OFFSET(PLE!$G$15,$M39-$A$15,BG$13)=\"\",10^12,OFFSET(PLE!$G$15,$M39-$A$15,BG$13)))","v":1000000000000}]
[0,{"$f":"OFFSET(ORÇAMENTO!C$15,$L40,0)","v":2},{"$f":"OFFSET(ORÇAMENTO!L$15,$L40,0)","v":"F"},{"$f":"OFFSET(ORÇAMENTO!N$15,$L40,0)","v":"Nível 2"},{"$f":"OFFSET(ORÇAMENTO!O$15,$L40,0)","v":"1.5."},{"$f":"OFFSET(ORÇAMENTO!R$15,$L40,0)","v":"ÁREA ACESSÍVEL"},{"$f":"IF($D40<>\"Serviço\",\"\",OFFSET(ORÇAMENTO!S$15,$L40,0))","v":""},{"$f":"IF($D40<>\"Serviço\",0,IF(ACOMPANHAMENTO=\"BM\",ROUND(OFFSET(ORÇAMENTO!AJ$15,$L40,0),15-13*ORÇAMENTO!$AF$7),IF(IFERROR(CÁLCULO.FrentesPreenchidas,0)=0,0,SUM(ROUND(OFFSET($P40,0,1,1,CÁLCULO.FrentesPreenchidas),15-13*ORÇAMENTO!$AF$7)))))","v":0},null,{"$f":"IF(OR(B40<>\"S\",CÁLCULO.FrentesPreenchidas=0),\"\",IF(AND(ACOMPANHAMENTO=\"PLE\",AUTOEVENTO=\"Manual\",OR(H40>0,ORÇAMENTO!AC40=\"QUANT.\"),OR(K40=\"\",M40=0,N40=\"\")),\"►E\",IF(AND(ACOMPANHAMENTO=\"PLE\",ORÇAMENTO!AC40=\"QUANT.\"),\"►Q\",IF(AND(ACOMPANHAMENTO=\"PLE\",H40<>SUMPRODUCT(($Q$1:$AA$1=1)*ROUND(Q40:AA40,15))),\"►S\",IF(AND(COUNTIF($P$11:$AA$11,\"▼\")=0,H40>0,I40=\"\"),\"◄M\",\"\")))))","v":""},null,25,{"$f":"IF($D40<>\"Serviço\",\"\",\n          IF(AUTOEVENTO=\"manual\",$A40,\n                IF(ISERROR(MATCH($A40,$A$15:OFFSET($A40,-1,0),0)),MAX($M$15:OFFSET(M40,-1,0))+1,\n                      INDEX($M$15:OFFSET(M40,-1,0),MATCH($A40,$A$15:OFFSET($A40,-1,0),0)))))","v":""},{"$f":"IF($D40<>\"Serviço\",\"\",\n         IF(AUTOEVENTO=\"Manual\",\n                IF($A40=0,\"<-- defina o número do agrupador\",\n                       OFFSET(EVENTOS!$D$15,$A40-$A$15,0)),\n                OFFSET($F$15,$A40,0)))","v":""},null,null,null,null,null,null,null,null,null,null,null,null,null,{"$f":"IF(AND($D40=\"Serviço\",AB$12<>0,$H40>0,OR(AUTOEVENTO<>\"manual\",$M40<>$A$15)),\n        IF(Import.TipoArredondamento<>\"TransfereGOV\",\n              ROUND(OFFSET($P40,0,AB$13),15-13*ORÇAMENTO!$AF$7)/$H40*OFFSET(ORÇAMENTO!$X$15,ROW(AB40)-ROW(AB$15),0),\n              ROUND(ROUND(OFFSET($P40,0,AB$13),15-13*ORÇAMENTO!$AF$7)*OFFSET(ORÇAMENTO!$W$15,ROW(AB40)-ROW(AB$15),0),15-13*ORÇAMENTO!$AF$11)),\n         0)","v":0},{"$f":"IF(AND($D40=\"Serviço\",AC$12<>0,$H40>0,OR(AUTOEVENTO<>\"manual\",$M40<>$A$15)),\n        IF(Import.TipoArredondamento<>\"TransfereGOV\",\n              ROUND(OFFSET($P40,0,AC$13),15-13*ORÇAMENTO!$AF$7)/$H40*OFFSET(ORÇAMENTO!$X$15,ROW(AC40)-ROW(AC$15),0),\n              ROUND(ROUND(OFFSET($P40,0,AC$13),15-13*ORÇAMENTO!$AF$7)*OFFSET(ORÇAMENTO!$W$15,ROW(AC40)-ROW(AC$15),0),15-13*ORÇAMENTO!$AF$11)),\n         0)","v":0},{"$f":"IF(AND($D40=\"Serviço\",AD$12<>0,$H40>0,OR(AUTOEVENTO<>\"manual\",$M40<>$A$15)),\n        IF(Import.TipoArredondamento<>\"TransfereGOV\",\n              ROUND(OFFSET($P40,0,AD$13),15-13*ORÇAMENTO!$AF$7)/$H40*OFFSET(ORÇAMENTO!$X$15,ROW(AD40)-ROW(AD$15),0),\n              ROUND(ROUND(OFFSET($P40,0,AD$13),15-13*ORÇAMENTO!$AF$7)*OFFSET(ORÇAMENTO!$W$15,ROW(AD40)-ROW(AD$15),0),15-13*ORÇAMENTO!$AF$11)),\n         0)","v":0},{"$f":"IF(AND($D40=\"Serviço\",AE$12<>0,$H40>0,OR(AUTOEVENTO<>\"manual\",$M40<>$A$15)),\n        IF(Import.TipoArredondamento<>\"TransfereGOV\",\n              ROUND(OFFSET($P40,0,AE$13),15-13*ORÇAMENTO!$AF$7)/$H40*OFFSET(ORÇAMENTO!$X$15,ROW(AE40)-ROW(AE$15),0),\n              ROUND(ROUND(OFFSET($P40,0,AE$13),15-13*ORÇAMENTO!$AF$7)*OFFSET(ORÇAMENTO!$W$15,ROW(AE40)-ROW(AE$15),0),15-13*ORÇAMENTO!$AF$11)),\n         0)","v":0},{"$f":"IF(AND($D40=\"Serviço\",AF$12<>0,$H40>0,OR(AUTOEVENTO<>\"manual\",$M40<>$A$15)),\n        IF(Import.TipoArredondamento<>\"TransfereGOV\",\n              ROUND(OFFSET($P40,0,AF$13),15-13*ORÇAMENTO!$AF$7)/$H40*OFFSET(ORÇAMENTO!$X$15,ROW(AF40)-ROW(AF$15),0),\n              ROUND(ROUND(OFFSET($P40,0,AF$13),15-13*ORÇAMENTO!$AF$7)*OFFSET(ORÇAMENTO!$W$15,ROW(AF40)-ROW(AF$15),0),15-13*ORÇAMENTO!$AF$11)),\n         0)","v":0},{"$f":"IF(AND($D40=\"Serviço\",AG$12<>0,$H40>0,OR(AUTOEVENTO<>\"manual\",$M40<>$A$15)),\n        IF(Import.TipoArredondamento<>\"TransfereGOV\",\n              ROUND(OFFSET($P40,0,AG$13),15-13*ORÇAMENTO!$AF$7)/$H40*OFFSET(ORÇAMENTO!$X$15,ROW(AG40)-ROW(AG$15),0),\n              ROUND(ROUND(OFFSET($P40,0,AG$13),15-13*ORÇAMENTO!$AF$7)*OFFSET(ORÇAMENTO!$W$15,ROW(AG40)-ROW(AG$15),0),15-13*ORÇAMENTO!$AF$11)),\n         0)","v":0},{"$f":"IF(AND($D40=\"Serviço\",AH$12<>0,$H40>0,OR(AUTOEVENTO<>\"manual\",$M40<>$A$15)),\n        IF(Import.TipoArredondamento<>\"TransfereGOV\",\n              ROUND(OFFSET($P40,0,AH$13),15-13*ORÇAMENTO!$AF$7)/$H40*OFFSET(ORÇAMENTO!$X$15,ROW(AH40)-ROW(AH$15),0),\n              ROUND(ROUND(OFFSET($P40,0,AH$13),15-13*ORÇAMENTO!$AF$7)*OFFSET(ORÇAMENTO!$W$15,ROW(AH40)-ROW(AH$15),0),15-13*ORÇAMENTO!$AF$11)),\n         0)","v":0},{"$f":"IF(AND($D40=\"Serviço\",AI$12<>0,$H40>0,OR(AUTOEVENTO<>\"manual\",$M40<>$A$15)),\n        IF(Import.TipoArredondamento<>\"TransfereGOV\",\n              ROUND(OFFSET($P40,0,AI$13),15-13*ORÇAMENTO!$AF$7)/$H40*OFFSET(ORÇAMENTO!$X$15,ROW(AI40)-ROW(AI$15),0),\n              ROUND(ROUND(OFFSET($P40,0,AI$13),15-13*ORÇAMENTO!$AF$7)*OFFSET(ORÇAMENTO!$W$15,ROW(AI40)-ROW(AI$15),0),15-13*ORÇAMENTO!$AF$11)),\n         0)","v":0},{"$f":"IF(AND($D40=\"Serviço\",AJ$12<>0,$H40>0,OR(AUTOEVENTO<>\"manual\",$M40<>$A$15)),\n        IF(Import.TipoArredondamento<>\"TransfereGOV\",\n              ROUND(OFFSET($P40,0,AJ$13),15-13*ORÇAMENTO!$AF$7)/$H40*OFFSET(ORÇAMENTO!$X$15,ROW(AJ40)-ROW(AJ$15),0),\n              ROUND(ROUND(OFFSET($P40,0,AJ$13),15-13*ORÇAMENTO!$AF$7)*OFFSET(ORÇAMENTO!$W$15,ROW(AJ40)-ROW(AJ$15),0),15-13*ORÇAMENTO!$AF$11)),\n         0)","v":0},{"$f":"IF(AND($D40=\"Serviço\",AK$12<>0,$H40>0,OR(AUTOEVENTO<>\"manual\",$M40<>$A$15)),\n        IF(Import.TipoArredondamento<>\"TransfereGOV\",\n              ROUND(OFFSET($P40,0,AK$13),15-13*ORÇAMENTO!$AF$7)/$H40*OFFSET(ORÇAMENTO!$X$15,ROW(AK40)-ROW(AK$15),0),\n              ROUND(ROUND(OFFSET($P40,0,AK$13),15-13*ORÇAMENTO!$AF$7)*OFFSET(ORÇAMENTO!$W$15,ROW(AK40)-ROW(AK$15),0),15-13*ORÇAMENTO!$AF$11)),\n         0)","v":0},null,{"$f":"IF(OR($D40<>\"Serviço\",AND(AUTOEVENTO=\"Manual\",$M40=$A$15)),0,\n         IF(OFFSET(CRONOPLE!$F$15,$M40-$A$15,AM$13)=0,10^12,OFFSET(CRONOPLE!$F$15,$M40-$A$15,AM$13)))","v":0},{"$f":"IF(OR($D40<>\"Serviço\",AND(AUTOEVENTO=\"Manual\",$M40=$A$15)),0,\n         IF(OFFSET(CRONOPLE!$F$15,$M40-$A$15,AN$13)=0,10^12,OFFSET(CRONOPLE!$F$15,$M40-$A$15,AN$13)))","v":0},{"$f":"IF(OR($D40<>\"Serviço\",AND(AUTOEVENTO=\"Manual\",$M40=$A$15)),0,\n         IF(OFFSET(CRONOPLE!$F$15,$M40-$A$15,AO$13)=0,10^12,OFFSET(CRONOPLE!$F$15,$M40-$A$15,AO$13)))","v":0},{"$f":"IF(OR($D40<>\"Serviço\",AND(AUTOEVENTO=\"Manual\",$M40=$A$15)),0,\n         IF(OFFSET(CRONOPLE!$F$15,$M40-$A$15,AP$13)=0,10^12,OFFSET(CRONOPLE!$F$15,$M40-$A$15,AP$13)))","v":0},{"$f":"IF(OR($D40<>\"Serviço\",AND(AUTOEVENTO=\"Manual\",$M40=$A$15)),0,\n         IF(OFFSET(CRONOPLE!$F$15,$M40-$A$15,AQ$13)=0,10^12,OFFSET(CRONOPLE!$F$15,$M40-$A$15,AQ$13)))","v":0},{"$f":"IF(OR($D40<>\"Serviço\",AND(AUTOEVENTO=\"Manual\",$M40=$A$15)),0,\n         IF(OFFSET(CRONOPLE!$F$15,$M40-$A$15,AR$13)=0,10^12,OFFSET(CRONOPLE!$F$15,$M40-$A$15,AR$13)))","v":0},{"$f":"IF(OR($D40<>\"Serviço\",AND(AUTOEVENTO=\"Manual\",$M40=$A$15)),0,\n         IF(OFFSET(CRONOPLE!$F$15,$M40-$A$15,AS$13)=0,10^12,OFFSET(CRONOPLE!$F$15,$M40-$A$15,AS$13)))","v":0},{"$f":"IF(OR($D40<>\"Serviço\",AND(AUTOEVENTO=\"Manual\",$M40=$A$15)),0,\n         IF(OFFSET(CRONOPLE!$F$15,$M40-$A$15,AT$13)=0,10^12,OFFSET(CRONOPLE!$F$15,$M40-$A$15,AT$13)))","v":0},{"$f":"IF(OR($D40<>\"Serviço\",AND(AUTOEVENTO=\"Manual\",$M40=$A$15)),0,\n         IF(OFFSET(CRONOPLE!$F$15,$M40-$A$15,AU$13)=0,10^12,OFFSET(CRONOPLE!$F$15,$M40-$A$15,AU$13)))","v":0},{"$f":"IF(OR($D40<>\"Serviço\",AND(AUTOEVENTO=\"Manual\",$M40=$A$15)),0,\n         IF(OFFSET(CRONOPLE!$F$15,$M40-$A$15,AV$13)=0,10^12,OFFSET(CRONOPLE!$F$15,$M40-$A$15,AV$13)))","v":0},null,{"$f":"IF(OR($D40<>\"Serviço\",AND(AUTOEVENTO=\"Manual\",$M40=$A$15),$M40>(ROW(PLE.lastrow)-ROW(PLE.firstrow))),0,\n           IF(OFFSET(PLE!$G$15,$M40-$A$15,AX$13)=\"\",10^12,OFFSET(PLE!$G$15,$M40-$A$15,AX$13)))","v":0},{"$f":"IF(OR($D40<>\"Serviço\",AND(AUTOEVENTO=\"Manual\",$M40=$A$15),$M40>(ROW(PLE.lastrow)-ROW(PLE.firstrow))),0,\n           IF(OFFSET(PLE!$G$15,$M40-$A$15,AY$13)=\"\",10^12,OFFSET(PLE!$G$15,$M40-$A$15,AY$13)))","v":0},{"$f":"IF(OR($D40<>\"Serviço\",AND(AUTOEVENTO=\"Manual\",$M40=$A$15),$M40>(ROW(PLE.lastrow)-ROW(PLE.firstrow))),0,\n           IF(OFFSET(PLE!$G$15,$M40-$A$15,AZ$13)=\"\",10^12,OFFSET(PLE!$G$15,$M40-$A$15,AZ$13)))","v":0},{"$f":"IF(OR($D40<>\"Serviço\",AND(AUTOEVENTO=\"Manual\",$M40=$A$15),$M40>(ROW(PLE.lastrow)-ROW(PLE.firstrow))),0,\n           IF(OFFSET(PLE!$G$15,$M40-$A$15,BA$13)=\"\",10^12,OFFSET(PLE!$G$15,$M40-$A$15,BA$13)))","v":0},{"$f":"IF(OR($D40<>\"Serviço\",AND(AUTOEVENTO=\"Manual\",$M40=$A$15),$M40>(ROW(PLE.lastrow)-ROW(PLE.firstrow))),0,\n           IF(OFFSET(PLE!$G$15,$M40-$A$15,BB$13)=\"\",10^12,OFFSET(PLE!$G$15,$M40-$A$15,BB$13)))","v":0},{"$f":"IF(OR($D40<>\"Serviço\",AND(AUTOEVENTO=\"Manual\",$M40=$A$15),$M40>(ROW(PLE.lastrow)-ROW(PLE.firstrow))),0,\n           IF(OFFSET(PLE!$G$15,$M40-$A$15,BC$13)=\"\",10^12,OFFSET(PLE!$G$15,$M40-$A$15,BC$13)))","v":0},{"$f":"IF(OR($D40<>\"Serviço\",AND(AUTOEVENTO=\"Manual\",$M40=$A$15),$M40>(ROW(PLE.lastrow)-ROW(PLE.firstrow))),0,\n           IF(OFFSET(PLE!$G$15,$M40-$A$15,BD$13)=\"\",10^12,OFFSET(PLE!$G$15,$M40-$A$15,BD$13)))","v":0},{"$f":"IF(OR($D40<>\"Serviço\",AND(AUTOEVENTO=\"Manual\",$M40=$A$15),$M40>(ROW(PLE.lastrow)-ROW(PLE.firstrow))),0,\n           IF(OFFSET(PLE!$G$15,$M40-$A$15,BE$13)=\"\",10^12,OFFSET(PLE!$G$15,$M40-$A$15,BE$13)))","v":0},{"$f":"IF(OR($D40<>\"Serviço\",AND(AUTOEVENTO=\"Manual\",$M40=$A$15),$M40>(ROW(PLE.lastrow)-ROW(PLE.firstrow))),0,\n           IF(OFFSET(PLE!$G$15,$M40-$A$15,BF$13)=\"\",10^12,OFFSET(PLE!$G$15,$M40-$A$15,BF$13)))","v":0},{"$f":"IF(OR($D40<>\"Serviço\",AND(AUTOEVENTO=\"Manual\",$M40=$A$15),$M40>(ROW(PLE.lastrow)-ROW(PLE.firstrow))),0,\n           IF(OFFSET(PLE!$G$15,$M40-$A$15,BG$13)=\"\",10^12,OFFSET(PLE!$G$15,$M40-$A$15,BG$13)))","v":0}]
[4,{"$f":"OFFSET(ORÇAMENTO!C$15,$L41,0)","v":"S"},{"$f":"OFFSET(ORÇAMENTO!L$15,$L41,0)","v":"F"},{"$f":"OFFSET(ORÇAMENTO!N$15,$L41,0)","v":"Serviço"},{"$f":"OFFSET(ORÇAMENTO!O$15,$L41,0)","v":"1.5.1."},{"$f":"OFFSET(ORÇAMENTO!R$15,$L41,0)","v":"ALVENARIA DE VEDAÇÃO DE BLOCOS CERÂMICOS FURADOS NA HORIZONTAL DE 9X19X19 CM (ESPESSURA 9 CM) E ARGAMASSA DE ASSENTAMENTO COM PREPARO MANUAL. AF_12/2021"},{"$f":"IF($D41<>\"Serviço\",\"\",OFFSET(ORÇAMENTO!S$15,$L41,0))","v":"M2"},{"$f":"IF($D41<>\"Serviço\",0,IF(ACOMPANHAMENTO=\"BM\",ROUND(OFFSET(ORÇAMENTO!AJ$15,$L41,0),15-13*ORÇAMENTO!$AF$7),IF(IFERROR(CÁLCULO.FrentesPreenchidas,0)=0,0,SUM(ROUND(OFFSET($P41,0,1,1,CÁLCULO.FrentesPreenchidas),15-13*ORÇAMENTO!$AF$7)))))","v":3.63},"ALVENARIA - 4,90+0,85+0,85 X H= 0,55M",{"$f":"IF(OR(B41<>\"S\",CÁLCULO.FrentesPreenchidas=0),\"\",IF(AND(ACOMPANHAMENTO=\"PLE\",AUTOEVENTO=\"Manual\",OR(H41>0,ORÇAMENTO!AC41=\"QUANT.\"),OR(K41=\"\",M41=0,N41=\"\")),\"►E\",IF(AND(ACOMPANHAMENTO=\"PLE\",ORÇAMENTO!AC41=\"QUANT.\"),\"►Q\",IF(AND(ACOMPANHAMENTO=\"PLE\",H41<>SUMPRODUCT(($Q$1:$AA$1=1)*ROUND(Q41:AA41,15))),\"►S\",IF(AND(COUNTIF($P$11:$AA$11,\"▼\")=0,H41>0,I41=\"\"),\"◄M\",\"\")))))","v":""},"4.Degraus e arquibancada",26,{"$f":"IF($D41<>\"Serviço\",\"\",\n          IF(AUTOEVENTO=\"manual\",$A41,\n                IF(ISERROR(MATCH($A41,$A$15:OFFSET($A41,-1,0),0)),MAX($M$15:OFFSET(M41,-1,0))+1,\n                      INDEX($M$15:OFFSET(M41,-1,0),MATCH($A41,$A$15:OFFSET($A41,-1,0),0)))))","v":4},{"$f":"IF($D41<>\"Serviço\",\"\",\n         IF(AUTOEVENTO=\"Manual\",\n                IF($A41=0,\"<-- defina o número do agrupador\",\n                       OFFSET(EVENTOS!$D$15,$A41-$A$15,0)),\n                OFFSET($F$15,$A41,0)))","v":"Fundação Reforço Pilares"},null,null,{"$f":"3.63/2","v":1.8149999999999999},{"$f":"3.63/2","v":1.8149999999999999},null,null,null,null,null,null,null,null,null,{"$f":"IF(AND($D41=\"Serviço\",AB$12<>0,$H41>0,OR(AUTOEVENTO<>\"manual\",$M41<>$A$15)),\n        IF(Import.TipoArredondamento<>\"TransfereGOV\",\n              ROUND(OFFSET($P41,0,AB$13),15-13*ORÇAMENTO!$AF$7)/$H41*OFFSET(ORÇAMENTO!$X$15,ROW(AB41)-ROW(AB$15),0),\n              ROUND(ROUND(OFFSET($P41,0,AB$13),15-13*ORÇAMENTO!$AF$7)*OFFSET(ORÇAMENTO!$W$15,ROW(AB41)-ROW(AB$15),0),15-13*ORÇAMENTO!$AF$11)),\n         0)","v":0},{"$f":"IF(AND($D41=\"Serviço\",AC$12<>0,$H41>0,OR(AUTOEVENTO<>\"manual\",$M41<>$A$15)),\n        IF(Import.TipoArredondamento<>\"TransfereGOV\",\n              ROUND(OFFSET($P41,0,AC$13),15-13*ORÇAMENTO!$AF$7)/$H41*OFFSET(ORÇAMENTO!$X$15,ROW(AC41)-ROW(AC$15),0),\n              ROUND(ROUND(OFFSET($P41,0,AC$13),15-13*ORÇAMENTO!$AF$7)*OFFSET(ORÇAMENTO!$W$15,ROW(AC41)-ROW(AC$15),0),15-13*ORÇAMENTO!$AF$11)),\n         0)","v":0},{"$f":"IF(AND($D41=\"Serviço\",AD$12<>0,$H41>0,OR(AUTOEVENTO<>\"manual\",$M41<>$A$15)),\n        IF(Import.TipoArredondamento<>\"TransfereGOV\",\n              ROUND(OFFSET($P41,0,AD$13),15-13*ORÇAMENTO!$AF$7)/$H41*OFFSET(ORÇAMENTO!$X$15,ROW(AD41)-ROW(AD$15),0),\n              ROUND(ROUND(OFFSET($P41,0,AD$13),15-13*ORÇAMENTO!$AF$7)*OFFSET(ORÇAMENTO!$W$15,ROW(AD41)-ROW(AD$15),0),15-13*ORÇAMENTO!$AF$11)),\n         0)","v":0},{"$f":"IF(AND($D41=\"Serviço\",AE$12<>0,$H41>0,OR(AUTOEVENTO<>\"manual\",$M41<>$A$15)),\n        IF(Import.TipoArredondamento<>\"TransfereGOV\",\n              ROUND(OFFSET($P41,0,AE$13),15-13*ORÇAMENTO!$AF$7)/$H41*OFFSET(ORÇAMENTO!$X$15,ROW(AE41)-ROW(AE$15),0),\n              ROUND(ROUND(OFFSET($P41,0,AE$13),15-13*ORÇAMENTO!$AF$7)*OFFSET(ORÇAMENTO!$W$15,ROW(AE41)-ROW(AE$15),0),15-13*ORÇAMENTO!$AF$11)),\n         0)","v":0},{"$f":"IF(AND($D41=\"Serviço\",AF$12<>0,$H41>0,OR(AUTOEVENTO<>\"manual\",$M41<>$A$15)),\n        IF(Import.TipoArredondamento<>\"TransfereGOV\",\n              ROUND(OFFSET($P41,0,AF$13),15-13*ORÇAMENTO!$AF$7)/$H41*OFFSET(ORÇAMENTO!$X$15,ROW(AF41)-ROW(AF$15),0),\n              ROUND(ROUND(OFFSET($P41,0,AF$13),15-13*ORÇAMENTO!$AF$7)*OFFSET(ORÇAMENTO!$W$15,ROW(AF41)-ROW(AF$15),0),15-13*ORÇAMENTO!$AF$11)),\n         0)","v":0},{"$f":"IF(AND($D41=\"Serviço\",AG$12<>0,$H41>0,OR(AUTOEVENTO<>\"manual\",$M41<>$A$15)),\n        IF(Import.TipoArredondamento<>\"TransfereGOV\",\n              ROUND(OFFSET($P41,0,AG$13),15-13*ORÇAMENTO!$AF$7)/$H41*OFFSET(ORÇAMENTO!$X$15,ROW(AG41)-ROW(AG$15),0),\n              ROUND(ROUND(OFFSET($P41,0,AG$13),15-13*ORÇAMENTO!$AF$7)*OFFSET(ORÇAMENTO!$W$15,ROW(AG41)-ROW(AG$15),0),15-13*ORÇAMENTO!$AF$11)),\n         0)","v":0},{"$f":"IF(AND($D41=\"Serviço\",AH$12<>0,$H41>0,OR(AUTOEVENTO<>\"manual\",$M41<>$A$15)),\n        IF(Import.TipoArredondamento<>\"TransfereGOV\",\n              ROUND(OFFSET($P41,0,AH$13),15-13*ORÇAMENTO!$AF$7)/$H41*OFFSET(ORÇAMENTO!$X$15,ROW(AH41)-ROW(AH$15),0),\n              ROUND(ROUND(OFFSET($P41,0,AH$13),15-13*ORÇAMENTO!$AF$7)*OFFSET(ORÇAMENTO!$W$15,ROW(AH41)-ROW(AH$15),0),15-13*ORÇAMENTO!$AF$11)),\n         0)","v":0},{"$f":"IF(AND($D41=\"Serviço\",AI$12<>0,$H41>0,OR(AUTOEVENTO<>\"manual\",$M41<>$A$15)),\n        IF(Import.TipoArredondamento<>\"TransfereGOV\",\n              ROUND(OFFSET($P41,0,AI$13),15-13*ORÇAMENTO!$AF$7)/$H41*OFFSET(ORÇAMENTO!$X$15,ROW(AI41)-ROW(AI$15),0),\n              ROUND(ROUND(OFFSET($P41,0,AI$13),15-13*ORÇAMENTO!$AF$7)*OFFSET(ORÇAMENTO!$W$15,ROW(AI41)-ROW(AI$15),0),15-13*ORÇAMENTO!$AF$11)),\n         0)","v":0},{"$f":"IF(AND($D41=\"Serviço\",AJ$12<>0,$H41>0,OR(AUTOEVENTO<>\"manual\",$M41<>$A$15)),\n        IF(Import.TipoArredondamento<>\"TransfereGOV\",\n              ROUND(OFFSET($P41,0,AJ$13),15-13*ORÇAMENTO!$AF$7)/$H41*OFFSET(ORÇAMENTO!$X$15,ROW(AJ41)-ROW(AJ$15),0),\n              ROUND(ROUND(OFFSET($P41,0,AJ$13),15-13*ORÇAMENTO!$AF$7)*OFFSET(ORÇAMENTO!$W$15,ROW(AJ41)-ROW(AJ$15),0),15-13*ORÇAMENTO!$AF$11)),\n         0)","v":0},{"$f":"IF(AND($D41=\"Serviço\",AK$12<>0,$H41>0,OR(AUTOEVENTO<>\"manual\",$M41<>$A$15)),\n        IF(Import.TipoArredondamento<>\"TransfereGOV\",\n              ROUND(OFFSET($P41,0,AK$13),15-13*ORÇAMENTO!$AF$7)/$H41*OFFSET(ORÇAMENTO!$X$15,ROW(AK41)-ROW(AK$15),0),\n              ROUND(ROUND(OFFSET($P41,0,AK$13),15-13*ORÇAMENTO!$AF$7)*OFFSET(ORÇAMENTO!$W$15,ROW(AK41)-ROW(AK$15),0),15-13*ORÇAMENTO!$AF$11)),\n         0)","v":0},null,{"$f":"IF(OR($D41<>\"Serviço\",AND(AUTOEVENTO=\"Manual\",$M41=$A$15)),0,\n         IF(OFFSET(CRONOPLE!$F$15,$M41-$A$15,AM$13)=0,10^12,OFFSET(CRONOPLE!$F$15,$M41-$A$15,AM$13)))","v":2},{"$f":"IF(OR($D41<>\"Serviço\",AND(AUTOEVENTO=\"Manual\",$M41=$A$15)),0,\n         IF(OFFSET(CRONOPLE!$F$15,$M41-$A$15,AN$13)=0,10^12,OFFSET(CRONOPLE!$F$15,$M41-$A$15,AN$13)))","v":3},{"$f":"IF(OR($D41<>\"Serviço\",AND(AUTOEVENTO=\"Manual\",$M41=$A$15)),0,\n         IF(OFFSET(CRONOPLE!$F$15,$M41-$A$15,AO$13)=0,10^12,OFFSET(CRONOPLE!$F$15,$M41-$A$15,AO$13)))","v":1000000000000},{"$f":"IF(OR($D41<>\"Serviço\",AND(AUTOEVENTO=\"Manual\",$M41=$A$15)),0,\n         IF(OFFSET(CRONOPLE!$F$15,$M41-$A$15,AP$13)=0,10^12,OFFSET(CRONOPLE!$F$15,$M41-$A$15,AP$13)))","v":1000000000000},{"$f":"IF(OR($D41<>\"Serviço\",AND(AUTOEVENTO=\"Manual\",$M41=$A$15)),0,\n         IF(OFFSET(CRONOPLE!$F$15,$M41-$A$15,AQ$13)=0,10^12,OFFSET(CRONOPLE!$F$15,$M41-$A$15,AQ$13)))","v":1000000000000},{"$f":"IF(OR($D41<>\"Serviço\",AND(AUTOEVENTO=\"Manual\",$M41=$A$15)),0,\n         IF(OFFSET(CRONOPLE!$F$15,$M41-$A$15,AR$13)=0,10^12,OFFSET(CRONOPLE!$F$15,$M41-$A$15,AR$13)))","v":1000000000000},{"$f":"IF(OR($D41<>\"Serviço\",AND(AUTOEVENTO=\"Manual\",$M41=$A$15)),0,\n         IF(OFFSET(CRONOPLE!$F$15,$M41-$A$15,AS$13)=0,10^12,OFFSET(CRONOPLE!$F$15,$M41-$A$15,AS$13)))","v":1000000000000},{"$f":"IF(OR($D41<>\"Serviço\",AND(AUTOEVENTO=\"Manual\",$M41=$A$15)),0,\n         IF(OFFSET(CRONOPLE!$F$15,$M41-$A$15,AT$13)=0,10^12,OFFSET(CRONOPLE!$F$15,$M41-$A$15,AT$13)))","v":1000000000000},{"$f":"IF(OR($D41<>\"Serviço\",AND(AUTOEVENTO=\"Manual\",$M41=$A$15)),0,\n         IF(OFFSET(CRONOPLE!$F$15,$M41-$A$15,AU$13)=0,10^12,OFFSET(CRONOPLE!$F$15,$M41-$A$15,AU$13)))","v":1000000000000},{"$f":"IF(OR($D41<>\"Serviço\",AND(AUTOEVENTO=\"Manual\",$M41=$A$15)),0,\n         IF(OFFSET(CRONOPLE!$F$15,$M41-$A$15,AV$13)=0,10^12,OFFSET(CRONOPLE!$F$15,$M41-$A$15,AV$13)))","v":1000000000000},null,{"$f":"IF(OR($D41<>\"Serviço\",AND(AUTOEVENTO=\"Manual\",$M41=$A$15),$M41>(ROW(PLE.lastrow)-ROW(PLE.firstrow))),0,\n           IF(OFFSET(PLE!$G$15,$M41-$A$15,AX$13)=\"\",10^12,OFFSET(PLE!$G$15,$M41-$A$15,AX$13)))","v":1000000000000},{"$f":"IF(OR($D41<>\"Serviço\",AND(AUTOEVENTO=\"Manual\",$M41=$A$15),$M41>(ROW(PLE.lastrow)-ROW(PLE.firstrow))),0,\n           IF(OFFSET(PLE!$G$15,$M41-$A$15,AY$13)=\"\",10^12,OFFSET(PLE!$G$15,$M41-$A$15,AY$13)))","v":1000000000000},{"$f":"IF(OR($D41<>\"Serviço\",AND(AUTOEVENTO=\"Manual\",$M41=$A$15),$M41>(ROW(PLE.lastrow)-ROW(PLE.firstrow))),0,\n           IF(OFFSET(PLE!$G$15,$M41-$A$15,AZ$13)=\"\",10^12,OFFSET(PLE!$G$15,$M41-$A$15,AZ$13)))","v":1000000000000},{"$f":"IF(OR($D41<>\"Serviço\",AND(AUTOEVENTO=\"Manual\",$M41=$A$15),$M41>(ROW(PLE.lastrow)-ROW(PLE.firstrow))),0,\n           IF(OFFSET(PLE!$G$15,$M41-$A$15,BA$13)=\"\",10^12,OFFSET(PLE!$G$15,$M41-$A$15,BA$13)))","v":1000000000000},{"$f":"IF(OR($D41<>\"Serviço\",AND(AUTOEVENTO=\"Manual\",$M41=$A$15),$M41>(ROW(PLE.lastrow)-ROW(PLE.firstrow))),0,\n           IF(OFFSET(PLE!$G$15,$M41-$A$15,BB$13)=\"\",10^12,OFFSET(PLE!$G$15,$M41-$A$15,BB$13)))","v":1000000000000},{"$f":"IF(OR($D41<>\"Serviço\",AND(AUTOEVENTO=\"Manual\",$M41=$A$15),$M41>(ROW(PLE.lastrow)-ROW(PLE.firstrow))),0,\n           IF(OFFSET(PLE!$G$15,$M41-$A$15,BC$13)=\"\",10^12,OFFSET(PLE!$G$15,$M41-$A$15,BC$13)))","v":1000000000000},{"$f":"IF(OR($D41<>\"Serviço\",AND(AUTOEVENTO=\"Manual\",$M41=$A$15),$M41>(ROW(PLE.lastrow)-ROW(PLE.firstrow))),0,\n           IF(OFFSET(PLE!$G$15,$M41-$A$15,BD$13)=\"\",10^12,OFFSET(PLE!$G$15,$M41-$A$15,BD$13)))","v":1000000000000},{"$f":"IF(OR($D41<>\"Serviço\",AND(AUTOEVENTO=\"Manual\",$M41=$A$15),$M41>(ROW(PLE.lastrow)-ROW(PLE.firstrow))),0,\n           IF(OFFSET(PLE!$G$15,$M41-$A$15,BE$13)=\"\",10^12,OFFSET(PLE!$G$15,$M41-$A$15,BE$13)))","v":1000000000000},{"$f":"IF(OR($D41<>\"Serviço\",AND(AUTOEVENTO=\"Manual\",$M41=$A$15),$M41>(ROW(PLE.lastrow)-ROW(PLE.firstrow))),0,\n           IF(OFFSET(PLE!$G$15,$M41-$A$15,BF$13)=\"\",10^12,OFFSET(PLE!$G$15,$M41-$A$15,BF$13)))","v":1000000000000},{"$f":"IF(OR($D41<>\"Serviço\",AND(AUTOEVENTO=\"Manual\",$M41=$A$15),$M41>(ROW(PLE.lastrow)-ROW(PLE.firstrow))),0,\n           IF(OFFSET(PLE!$G$15,$M41-$A$15,BG$13)=\"\",10^12,OFFSET(PLE!$G$15,$M41-$A$15,BG$13)))","v":1000000000000}]
[4,{"$f":"OFFSET(ORÇAMENTO!C$15,$L42,0)","v":"S"},{"$f":"OFFSET(ORÇAMENTO!L$15,$L42,0)","v":"F"},{"$f":"OFFSET(ORÇAMENTO!N$15,$L42,0)","v":"Serviço"},{"$f":"OFFSET(ORÇAMENTO!O$15,$L42,0)","v":"1.5.2."},{"$f":"OFFSET(ORÇAMENTO!R$15,$L42,0)","v":"ATERRO MANUAL EM CAMADAS DE 20 CM, UMIDECIDAS E FORTEMENTE APILOADAS, COM AQUISICAO DE TERRA"},{"$f":"IF($D42<>\"Serviço\",\"\",OFFSET(ORÇAMENTO!S$15,$L42,0))","v":"M3    "},{"$f":"IF($D42<>\"Serviço\",0,IF(ACOMPANHAMENTO=\"BM\",ROUND(OFFSET(ORÇAMENTO!AJ$15,$L42,0),15-13*ORÇAMENTO!$AF$7),IF(IFERROR(CÁLCULO.FrentesPreenchidas,0)=0,0,SUM(ROUND(OFFSET($P42,0,1,1,CÁLCULO.FrentesPreenchidas),15-13*ORÇAMENTO!$AF$7)))))","v":2.29},"ATERRO PARA ENXIMENTO - 4,90 X0,85 X0,55",{"$f":"IF(OR(B42<>\"S\",CÁLCULO.FrentesPreenchidas=0),\"\",IF(AND(ACOMPANHAMENTO=\"PLE\",AUTOEVENTO=\"Manual\",OR(H42>0,ORÇAMENTO!AC42=\"QUANT.\"),OR(K42=\"\",M42=0,N42=\"\")),\"►E\",IF(AND(ACOMPANHAMENTO=\"PLE\",ORÇAMENTO!AC42=\"QUANT.\"),\"►Q\",IF(AND(ACOMPANHAMENTO=\"PLE\",H42<>SUMPRODUCT(($Q$1:$AA$1=1)*ROUND(Q42:AA42,15))),\"►S\",IF(AND(COUNTIF($P$11:$AA$11,\"▼\")=0,H42>0,I42=\"\"),\"◄M\",\"\")))))","v":""},"4.Degraus e arquibancada",27,{"$f":"IF($D42<>\"Serviço\",\"\",\n          IF(AUTOEVENTO=\"manual\",$A42,\n                IF(ISERROR(MATCH($A42,$A$15:OFFSET($A42,-1,0),0)),MAX($M$15:OFFSET(M42,-1,0))+1,\n                      INDEX($M$15:OFFSET(M42,-1,0),MATCH($A42,$A$15:OFFSET($A42,-1,0),0)))))","v":4},{"$f":"IF($D42<>\"Serviço\",\"\",\n         IF(AUTOEVENTO=\"Manual\",\n                IF($A42=0,\"<-- defina o número do agrupador\",\n                       OFFSET(EVENTOS!$D$15,$A42-$A$15,0)),\n                OFFSET($F$15,$A42,0)))","v":"Fundação Reforço Pilares"},null,null,{"$f":"4.9*0.85*0.55/2","v":1.145375},{"$f":"4.9*0.85*0.55/2","v":1.145375},null,null,null,null,null,null,null,null,null,{"$f":"IF(AND($D42=\"Serviço\",AB$12<>0,$H42>0,OR(AUTOEVENTO<>\"manual\",$M42<>$A$15)),\n        IF(Import.TipoArredondamento<>\"TransfereGOV\",\n              ROUND(OFFSET($P42,0,AB$13),15-13*ORÇAMENTO!$AF$7)/$H42*OFFSET(ORÇAMENTO!$X$15,ROW(AB42)-ROW(AB$15),0),\n              ROUND(ROUND(OFFSET($P42,0,AB$13),15-13*ORÇAMENTO!$AF$7)*OFFSET(ORÇAMENTO!$W$15,ROW(AB42)-ROW(AB$15),0),15-13*ORÇAMENTO!$AF$11)),\n         0)","v":0},{"$f":"IF(AND($D42=\"Serviço\",AC$12<>0,$H42>0,OR(AUTOEVENTO<>\"manual\",$M42<>$A$15)),\n        IF(Import.TipoArredondamento<>\"TransfereGOV\",\n              ROUND(OFFSET($P42,0,AC$13),15-13*ORÇAMENTO!$AF$7)/$H42*OFFSET(ORÇAMENTO!$X$15,ROW(AC42)-ROW(AC$15),0),\n              ROUND(ROUND(OFFSET($P42,0,AC$13),15-13*ORÇAMENTO!$AF$7)*OFFSET(ORÇAMENTO!$W$15,ROW(AC42)-ROW(AC$15),0),15-13*ORÇAMENTO!$AF$11)),\n         0)","v":0},{"$f":"IF(AND($D42=\"Serviço\",AD$12<>0,$H42>0,OR(AUTOEVENTO<>\"manual\",$M42<>$A$15)),\n        IF(Import.TipoArredondamento<>\"TransfereGOV\",\n              ROUND(OFFSET($P42,0,AD$13),15-13*ORÇAMENTO!$AF$7)/$H42*OFFSET(ORÇAMENTO!$X$15,ROW(AD42)-ROW(AD$15),0),\n              ROUND(ROUND(OFFSET($P42,0,AD$13),15-13*ORÇAMENTO!$AF$7)*OFFSET(ORÇAMENTO!$W$15,ROW(AD42)-ROW(AD$15),0),15-13*ORÇAMENTO!$AF$11)),\n         0)","v":0},{"$f":"IF(AND($D42=\"Serviço\",AE$12<>0,$H42>0,OR(AUTOEVENTO<>\"manual\",$M42<>$A$15)),\n        IF(Import.TipoArredondamento<>\"TransfereGOV\",\n              ROUND(OFFSET($P42,0,AE$13),15-13*ORÇAMENTO!$AF$7)/$H42*OFFSET(ORÇAMENTO!$X$15,ROW(AE42)-ROW(AE$15),0),\n              ROUND(ROUND(OFFSET($P42,0,AE$13),15-13*ORÇAMENTO!$AF$7)*OFFSET(ORÇAMENTO!$W$15,ROW(AE42)-ROW(AE$15),0),15-13*ORÇAMENTO!$AF$11)),\n         0)","v":0},{"$f":"IF(AND($D42=\"Serviço\",AF$12<>0,$H42>0,OR(AUTOEVENTO<>\"manual\",$M42<>$A$15)),\n        IF(Import.TipoArredondamento<>\"TransfereGOV\",\n              ROUND(OFFSET($P42,0,AF$13),15-13*ORÇAMENTO!$AF$7)/$H42*OFFSET(ORÇAMENTO!$X$15,ROW(AF42)-ROW(AF$15),0),\n              ROUND(ROUND(OFFSET($P42,0,AF$13),15-13*ORÇAMENTO!$AF$7)*OFFSET(ORÇAMENTO!$W$15,ROW(AF42)-ROW(AF$15),0),15-13*ORÇAMENTO!$AF$11)),\n         0)","v":0},{"$f":"IF(AND($D42=\"Serviço\",AG$12<>0,$H42>0,OR(AUTOEVENTO<>\"manual\",$M42<>$A$15)),\n        IF(Import.TipoArredondamento<>\"TransfereGOV\",\n              ROUND(OFFSET($P42,0,AG$13),15-13*ORÇAMENTO!$AF$7)/$H42*OFFSET(ORÇAMENTO!$X$15,ROW(AG42)-ROW(AG$15),0),\n              ROUND(ROUND(OFFSET($P42,0,AG$13),15-13*ORÇAMENTO!$AF$7)*OFFSET(ORÇAMENTO!$W$15,ROW(AG42)-ROW(AG$15),0),15-13*ORÇAMENTO!$AF$11)),\n         0)","v":0},{"$f":"IF(AND($D42=\"Serviço\",AH$12<>0,$H42>0,OR(AUTOEVENTO<>\"manual\",$M42<>$A$15)),\n        IF(Import.TipoArredondamento<>\"TransfereGOV\",\n              ROUND(OFFSET($P42,0,AH$13),15-13*ORÇAMENTO!$AF$7)/$H42*OFFSET(ORÇAMENTO!$X$15,ROW(AH42)-ROW(AH$15),0),\n              ROUND(ROUND(OFFSET($P42,0,AH$13),15-13*ORÇAMENTO!$AF$7)*OFFSET(ORÇAMENTO!$W$15,ROW(AH42)-ROW(AH$15),0),15-13*ORÇAMENTO!$AF$11)),\n         0)","v":0},{"$f":"IF(AND($D42=\"Serviço\",AI$12<>0,$H42>0,OR(AUTOEVENTO<>\"manual\",$M42<>$A$15)),\n        IF(Import.TipoArredondamento<>\"TransfereGOV\",\n              ROUND(OFFSET($P42,0,AI$13),15-13*ORÇAMENTO!$AF$7)/$H42*OFFSET(ORÇAMENTO!$X$15,ROW(AI42)-ROW(AI$15),0),\n              ROUND(ROUND(OFFSET($P42,0,AI$13),15-13*ORÇAMENTO!$AF$7)*OFFSET(ORÇAMENTO!$W$15,ROW(AI42)-ROW(AI$15),0),15-13*ORÇAMENTO!$AF$11)),\n         0)","v":0},{"$f":"IF(AND($D42=\"Serviço\",AJ$12<>0,$H42>0,OR(AUTOEVENTO<>\"manual\",$M42<>$A$15)),\n        IF(Import.TipoArredondamento<>\"TransfereGOV\",\n              ROUND(OFFSET($P42,0,AJ$13),15-13*ORÇAMENTO!$AF$7)/$H42*OFFSET(ORÇAMENTO!$X$15,ROW(AJ42)-ROW(AJ$15),0),\n              ROUND(ROUND(OFFSET($P42,0,AJ$13),15-13*ORÇAMENTO!$AF$7)*OFFSET(ORÇAMENTO!$W$15,ROW(AJ42)-ROW(AJ$15),0),15-13*ORÇAMENTO!$AF$11)),\n         0)","v":0},{"$f":"IF(AND($D42=\"Serviço\",AK$12<>0,$H42>0,OR(AUTOEVENTO<>\"manual\",$M42<>$A$15)),\n        IF(Import.TipoArredondamento<>\"TransfereGOV\",\n              ROUND(OFFSET($P42,0,AK$13),15-13*ORÇAMENTO!$AF$7)/$H42*OFFSET(ORÇAMENTO!$X$15,ROW(AK42)-ROW(AK$15),0),\n              ROUND(ROUND(OFFSET($P42,0,AK$13),15-13*ORÇAMENTO!$AF$7)*OFFSET(ORÇAMENTO!$W$15,ROW(AK42)-ROW(AK$15),0),15-13*ORÇAMENTO!$AF$11)),\n         0)","v":0},null,{"$f":"IF(OR($D42<>\"Serviço\",AND(AUTOEVENTO=\"Manual\",$M42=$A$15)),0,\n         IF(OFFSET(CRONOPLE!$F$15,$M42-$A$15,AM$13)=0,10^12,OFFSET(CRONOPLE!$F$15,$M42-$A$15,AM$13)))","v":2},{"$f":"IF(OR($D42<>\"Serviço\",AND(AUTOEVENTO=\"Manual\",$M42=$A$15)),0,\n         IF(OFFSET(CRONOPLE!$F$15,$M42-$A$15,AN$13)=0,10^12,OFFSET(CRONOPLE!$F$15,$M42-$A$15,AN$13)))","v":3},{"$f":"IF(OR($D42<>\"Serviço\",AND(AUTOEVENTO=\"Manual\",$M42=$A$15)),0,\n         IF(OFFSET(CRONOPLE!$F$15,$M42-$A$15,AO$13)=0,10^12,OFFSET(CRONOPLE!$F$15,$M42-$A$15,AO$13)))","v":1000000000000},{"$f":"IF(OR($D42<>\"Serviço\",AND(AUTOEVENTO=\"Manual\",$M42=$A$15)),0,\n         IF(OFFSET(CRONOPLE!$F$15,$M42-$A$15,AP$13)=0,10^12,OFFSET(CRONOPLE!$F$15,$M42-$A$15,AP$13)))","v":1000000000000},{"$f":"IF(OR($D42<>\"Serviço\",AND(AUTOEVENTO=\"Manual\",$M42=$A$15)),0,\n         IF(OFFSET(CRONOPLE!$F$15,$M42-$A$15,AQ$13)=0,10^12,OFFSET(CRONOPLE!$F$15,$M42-$A$15,AQ$13)))","v":1000000000000},{"$f":"IF(OR($D42<>\"Serviço\",AND(AUTOEVENTO=\"Manual\",$M42=$A$15)),0,\n         IF(OFFSET(CRONOPLE!$F$15,$M42-$A$15,AR$13)=0,10^12,OFFSET(CRONOPLE!$F$15,$M42-$A$15,AR$13)))","v":1000000000000},{"$f":"IF(OR($D42<>\"Serviço\",AND(AUTOEVENTO=\"Manual\",$M42=$A$15)),0,\n         IF(OFFSET(CRONOPLE!$F$15,$M42-$A$15,AS$13)=0,10^12,OFFSET(CRONOPLE!$F$15,$M42-$A$15,AS$13)))","v":1000000000000},{"$f":"IF(OR($D42<>\"Serviço\",AND(AUTOEVENTO=\"Manual\",$M42=$A$15)),0,\n         IF(OFFSET(CRONOPLE!$F$15,$M42-$A$15,AT$13)=0,10^12,OFFSET(CRONOPLE!$F$15,$M42-$A$15,AT$13)))","v":1000000000000},{"$f":"IF(OR($D42<>\"Serviço\",AND(AUTOEVENTO=\"Manual\",$M42=$A$15)),0,\n         IF(OFFSET(CRONOPLE!$F$15,$M42-$A$15,AU$13)=0,10^12,OFFSET(CRONOPLE!$F$15,$M42-$A$15,AU$13)))","v":1000000000000},{"$f":"IF(OR($D42<>\"Serviço\",AND(AUTOEVENTO=\"Manual\",$M42=$A$15)),0,\n         IF(OFFSET(CRONOPLE!$F$15,$M42-$A$15,AV$13)=0,10^12,OFFSET(CRONOPLE!$F$15,$M42-$A$15,AV$13)))","v":1000000000000},null,{"$f":"IF(OR($D42<>\"Serviço\",AND(AUTOEVENTO=\"Manual\",$M42=$A$15),$M42>(ROW(PLE.lastrow)-ROW(PLE.firstrow))),0,\n           IF(OFFSET(PLE!$G$15,$M42-$A$15,AX$13)=\"\",10^12,OFFSET(PLE!$G$15,$M42-$A$15,AX$13)))","v":1000000000000},{"$f":"IF(OR($D42<>\"Serviço\",AND(AUTOEVENTO=\"Manual\",$M42=$A$15),$M42>(ROW(PLE.lastrow)-ROW(PLE.firstrow))),0,\n           IF(OFFSET(PLE!$G$15,$M42-$A$15,AY$13)=\"\",10^12,OFFSET(PLE!$G$15,$M42-$A$15,AY$13)))","v":1000000000000},{"$f":"IF(OR($D42<>\"Serviço\",AND(AUTOEVENTO=\"Manual\",$M42=$A$15),$M42>(ROW(PLE.lastrow)-ROW(PLE.firstrow))),0,\n           IF(OFFSET(PLE!$G$15,$M42-$A$15,AZ$13)=\"\",10^12,OFFSET(PLE!$G$15,$M42-$A$15,AZ$13)))","v":1000000000000},{"$f":"IF(OR($D42<>\"Serviço\",AND(AUTOEVENTO=\"Manual\",$M42=$A$15),$M42>(ROW(PLE.lastrow)-ROW(PLE.firstrow))),0,\n           IF(OFFSET(PLE!$G$15,$M42-$A$15,BA$13)=\"\",10^12,OFFSET(PLE!$G$15,$M42-$A$15,BA$13)))","v":1000000000000},{"$f":"IF(OR($D42<>\"Serviço\",AND(AUTOEVENTO=\"Manual\",$M42=$A$15),$M42>(ROW(PLE.lastrow)-ROW(PLE.firstrow))),0,\n           IF(OFFSET(PLE!$G$15,$M42-$A$15,BB$13)=\"\",10^12,OFFSET(PLE!$G$15,$M42-$A$15,BB$13)))","v":1000000000000},{"$f":"IF(OR($D42<>\"Serviço\",AND(AUTOEVENTO=\"Manual\",$M42=$A$15),$M42>(ROW(PLE.lastrow)-ROW(PLE.firstrow))),0,\n           IF(OFFSET(PLE!$G$15,$M42-$A$15,BC$13)=\"\",10^12,OFFSET(PLE!$G$15,$M42-$A$15,BC$13)))","v":1000000000000},{"$f":"IF(OR($D42<>\"Serviço\",AND(AUTOEVENTO=\"Manual\",$M42=$A$15),$M42>(ROW(PLE.lastrow)-ROW(PLE.firstrow))),0,\n           IF(OFFSET(PLE!$G$15,$M42-$A$15,BD$13)=\"\",10^12,OFFSET(PLE!$G$15,$M42-$A$15,BD$13)))","v":1000000000000},{"$f":"IF(OR($D42<>\"Serviço\",AND(AUTOEVENTO=\"Manual\",$M42=$A$15),$M42>(ROW(PLE.lastrow)-ROW(PLE.firstrow))),0,\n           IF(OFFSET(PLE!$G$15,$M42-$A$15,BE$13)=\"\",10^12,OFFSET(PLE!$G$15,$M42-$A$15,BE$13)))","v":1000000000000},{"$f":"IF(OR($D42<>\"Serviço\",AND(AUTOEVENTO=\"Manual\",$M42=$A$15),$M42>(ROW(PLE.lastrow)-ROW(PLE.firstrow))),0,\n           IF(OFFSET(PLE!$G$15,$M42-$A$15,BF$13)=\"\",10^12,OFFSET(PLE!$G$15,$M42-$A$15,BF$13)))","v":1000000000000},{"$f":"IF(OR($D42<>\"Serviço\",AND(AUTOEVENTO=\"Manual\",$M42=$A$15),$M42>(ROW(PLE.lastrow)-ROW(PLE.firstrow))),0,\n           IF(OFFSET(PLE!$G$15,$M42-$A$15,BG$13)=\"\",10^12,OFFSET(PLE!$G$15,$M42-$A$15,BG$13)))","v":1000000000000}]
[4,{"$f":"OFFSET(ORÇAMENTO!C$15,$L43,0)","v":"S"},{"$f":"OFFSET(ORÇAMENTO!L$15,$L43,0)","v":"F"},{"$f":"OFFSET(ORÇAMENTO!N$15,$L43,0)","v":"Serviço"},{"$f":"OFFSET(ORÇAMENTO!O$15,$L43,0)","v":"1.5.3."},{"$f":"OFFSET(ORÇAMENTO!R$15,$L43,0)","v":"CHAPISCO APLICADO EM ALVENARIA (SEM PRESENÇA DE VÃOS) E ESTRUTURAS DE CONCRETO DE FACHADA, COM COLHER DE PEDREIRO. ARGAMASSA TRAÇO 1:3 COM PREPARO MANUAL. AF_10/2022"},{"$f":"IF($D43<>\"Serviço\",\"\",OFFSET(ORÇAMENTO!S$15,$L43,0))","v":"M2"},{"$f":"IF($D43<>\"Serviço\",0,IF(ACOMPANHAMENTO=\"BM\",ROUND(OFFSET(ORÇAMENTO!AJ$15,$L43,0),15-13*ORÇAMENTO!$AF$7),IF(IFERROR(CÁLCULO.FrentesPreenchidas,0)=0,0,SUM(ROUND(OFFSET($P43,0,1,1,CÁLCULO.FrentesPreenchidas),15-13*ORÇAMENTO!$AF$7)))))","v":3.63},"CHAPISCO ALVENARIA",{"$f":"IF(OR(B43<>\"S\",CÁLCULO.FrentesPreenchidas=0),\"\",IF(AND(ACOMPANHAMENTO=\"PLE\",AUTOEVENTO=\"Manual\",OR(H43>0,ORÇAMENTO!AC43=\"QUANT.\"),OR(K43=\"\",M43=0,N43=\"\")),\"►E\",IF(AND(ACOMPANHAMENTO=\"PLE\",ORÇAMENTO!AC43=\"QUANT.\"),\"►Q\",IF(AND(ACOMPANHAMENTO=\"PLE\",H43<>SUMPRODUCT(($Q$1:$AA$1=1)*ROUND(Q43:AA43,15))),\"►S\",IF(AND(COUNTIF($P$11:$AA$11,\"▼\")=0,H43>0,I43=\"\"),\"◄M\",\"\")))))","v":""},"4.Degraus e arquibancada",28,{"$f":"IF($D43<>\"Serviço\",\"\",\n          IF(AUTOEVENTO=\"manual\",$A43,\n                IF(ISERROR(MATCH($A43,$A$15:OFFSET($A43,-1,0),0)),MAX($M$15:OFFSET(M43,-1,0))+1,\n                      INDEX($M$15:OFFSET(M43,-1,0),MATCH($A43,$A$15:OFFSET($A43,-1,0),0)))))","v":4},{"$f":"IF($D43<>\"Serviço\",\"\",\n         IF(AUTOEVENTO=\"Manual\",\n                IF($A43=0,\"<-- defina o número do agrupador\",\n                       OFFSET(EVENTOS!$D$15,$A43-$A$15,0)),\n                OFFSET($F$15,$A43,0)))","v":"Fundação Reforço Pilares"},null,null,{"$f":"Q41","v":1.8149999999999999},{"$f":"R41","v":1.8149999999999999},null,null,null,null,null,null,null,null,null,{"$f":"IF(AND($D43=\"Serviço\",AB$12<>0,$H43>0,OR(AUTOEVENTO<>\"manual\",$M43<>$A$15)),\n        IF(Import.TipoArredondamento<>\"TransfereGOV\",\n              ROUND(OFFSET($P43,0,AB$13),15-13*ORÇAMENTO!$AF$7)/$H43*OFFSET(ORÇAMENTO!$X$15,ROW(AB43)-ROW(AB$15),0),\n              ROUND(ROUND(OFFSET($P43,0,AB$13),15-13*ORÇAMENTO!$AF$7)*OFFSET(ORÇAMENTO!$W$15,ROW(AB43)-ROW(AB$15),0),15-13*ORÇAMENTO!$AF$11)),\n         0)","v":0},{"$f":"IF(AND($D43=\"Serviço\",AC$12<>0,$H43>0,OR(AUTOEVENTO<>\"manual\",$M43<>$A$15)),\n        IF(Import.TipoArredondamento<>\"TransfereGOV\",\n              ROUND(OFFSET($P43,0,AC$13),15-13*ORÇAMENTO!$AF$7)/$H43*OFFSET(ORÇAMENTO!$X$15,ROW(AC43)-ROW(AC$15),0),\n              ROUND(ROUND(OFFSET($P43,0,AC$13),15-13*ORÇAMENTO!$AF$7)*OFFSET(ORÇAMENTO!$W$15,ROW(AC43)-ROW(AC$15),0),15-13*ORÇAMENTO!$AF$11)),\n         0)","v":0},{"$f":"IF(AND($D43=\"Serviço\",AD$12<>0,$H43>0,OR(AUTOEVENTO<>\"manual\",$M43<>$A$15)),\n        IF(Import.TipoArredondamento<>\"TransfereGOV\",\n              ROUND(OFFSET($P43,0,AD$13),15-13*ORÇAMENTO!$AF$7)/$H43*OFFSET(ORÇAMENTO!$X$15,ROW(AD43)-ROW(AD$15),0),\n              ROUND(ROUND(OFFSET($P43,0,AD$13),15-13*ORÇAMENTO!$AF$7)*OFFSET(ORÇAMENTO!$W$15,ROW(AD43)-ROW(AD$15),0),15-13*ORÇAMENTO!$AF$11)),\n         0)","v":0},{"$f":"IF(AND($D43=\"Serviço\",AE$12<>0,$H43>0,OR(AUTOEVENTO<>\"manual\",$M43<>$A$15)),\n        IF(Import.TipoArredondamento<>\"TransfereGOV\",\n              ROUND(OFFSET($P43,0,AE$13),15-13*ORÇAMENTO!$AF$7)/$H43*OFFSET(ORÇAMENTO!$X$15,ROW(AE43)-ROW(AE$15),0),\n              ROUND(ROUND(OFFSET($P43,0,AE$13),15-13*ORÇAMENTO!$AF$7)*OFFSET(ORÇAMENTO!$W$15,ROW(AE43)-ROW(AE$15),0),15-13*ORÇAMENTO!$AF$11)),\n         0)","v":0},{"$f":"IF(AND($D43=\"Serviço\",AF$12<>0,$H43>0,OR(AUTOEVENTO<>\"manual\",$M43<>$A$15)),\n        IF(Import.TipoArredondamento<>\"TransfereGOV\",\n              ROUND(OFFSET($P43,0,AF$13),15-13*ORÇAMENTO!$AF$7)/$H43*OFFSET(ORÇAMENTO!$X$15,ROW(AF43)-ROW(AF$15),0),\n              ROUND(ROUND(OFFSET($P43,0,AF$13),15-13*ORÇAMENTO!$AF$7)*OFFSET(ORÇAMENTO!$W$15,ROW(AF43)-ROW(AF$15),0),15-13*ORÇAMENTO!$AF$11)),\n         0)","v":0},{"$f":"IF(AND($D43=\"Serviço\",AG$12<>0,$H43>0,OR(AUTOEVENTO<>\"manual\",$M43<>$A$15)),\n        IF(Import.TipoArredondamento<>\"TransfereGOV\",\n              ROUND(OFFSET($P43,0,AG$13),15-13*ORÇAMENTO!$AF$7)/$H43*OFFSET(ORÇAMENTO!$X$15,ROW(AG43)-ROW(AG$15),0),\n              ROUND(ROUND(OFFSET($P43,0,AG$13),15-13*ORÇAMENTO!$AF$7)*OFFSET(ORÇAMENTO!$W$15,ROW(AG43)-ROW(AG$15),0),15-13*ORÇAMENTO!$AF$11)),\n         0)","v":0},{"$f":"IF(AND($D43=\"Serviço\",AH$12<>0,$H43>0,OR(AUTOEVENTO<>\"manual\",$M43<>$A$15)),\n        IF(Import.TipoArredondamento<>\"TransfereGOV\",\n              ROUND(OFFSET($P43,0,AH$13),15-13*ORÇAMENTO!$AF$7)/$H43*OFFSET(ORÇAMENTO!$X$15,ROW(AH43)-ROW(AH$15),0),\n              ROUND(ROUND(OFFSET($P43,0,AH$13),15-13*ORÇAMENTO!$AF$7)*OFFSET(ORÇAMENTO!$W$15,ROW(AH43)-ROW(AH$15),0),15-13*ORÇAMENTO!$AF$11)),\n         0)","v":0},{"$f":"IF(AND($D43=\"Serviço\",AI$12<>0,$H43>0,OR(AUTOEVENTO<>\"manual\",$M43<>$A$15)),\n        IF(Import.TipoArredondamento<>\"TransfereGOV\",\n              ROUND(OFFSET($P43,0,AI$13),15-13*ORÇAMENTO!$AF$7)/$H43*OFFSET(ORÇAMENTO!$X$15,ROW(AI43)-ROW(AI$15),0),\n              ROUND(ROUND(OFFSET($P43,0,AI$13),15-13*ORÇAMENTO!$AF$7)*OFFSET(ORÇAMENTO!$W$15,ROW(AI43)-ROW(AI$15),0),15-13*ORÇAMENTO!$AF$11)),\n         0)","v":0},{"$f":"IF(AND($D43=\"Serviço\",AJ$12<>0,$H43>0,OR(AUTOEVENTO<>\"manual\",$M43<>$A$15)),\n        IF(Import.TipoArredondamento<>\"TransfereGOV\",\n              ROUND(OFFSET($P43,0,AJ$13),15-13*ORÇAMENTO!$AF$7)/$H43*OFFSET(ORÇAMENTO!$X$15,ROW(AJ43)-ROW(AJ$15),0),\n              ROUND(ROUND(OFFSET($P43,0,AJ$13),15-13*ORÇAMENTO!$AF$7)*OFFSET(ORÇAMENTO!$W$15,ROW(AJ43)-ROW(AJ$15),0),15-13*ORÇAMENTO!$AF$11)),\n         0)","v":0},{"$f":"IF(AND($D43=\"Serviço\",AK$12<>0,$H43>0,OR(AUTOEVENTO<>\"manual\",$M43<>$A$15)),\n        IF(Import.TipoArredondamento<>\"TransfereGOV\",\n              ROUND(OFFSET($P43,0,AK$13),15-13*ORÇAMENTO!$AF$7)/$H43*OFFSET(ORÇAMENTO!$X$15,ROW(AK43)-ROW(AK$15),0),\n              ROUND(ROUND(OFFSET($P43,0,AK$13),15-13*ORÇAMENTO!$AF$7)*OFFSET(ORÇAMENTO!$W$15,ROW(AK43)-ROW(AK$15),0),15-13*ORÇAMENTO!$AF$11)),\n         0)","v":0},null,{"$f":"IF(OR($D43<>\"Serviço\",AND(AUTOEVENTO=\"Manual\",$M43=$A$15)),0,\n         IF(OFFSET(CRONOPLE!$F$15,$M43-$A$15,AM$13)=0,10^12,OFFSET(CRONOPLE!$F$15,$M43-$A$15,AM$13)))","v":2},{"$f":"IF(OR($D43<>\"Serviço\",AND(AUTOEVENTO=\"Manual\",$M43=$A$15)),0,\n         IF(OFFSET(CRONOPLE!$F$15,$M43-$A$15,AN$13)=0,10^12,OFFSET(CRONOPLE!$F$15,$M43-$A$15,AN$13)))","v":3},{"$f":"IF(OR($D43<>\"Serviço\",AND(AUTOEVENTO=\"Manual\",$M43=$A$15)),0,\n         IF(OFFSET(CRONOPLE!$F$15,$M43-$A$15,AO$13)=0,10^12,OFFSET(CRONOPLE!$F$15,$M43-$A$15,AO$13)))","v":1000000000000},{"$f":"IF(OR($D43<>\"Serviço\",AND(AUTOEVENTO=\"Manual\",$M43=$A$15)),0,\n         IF(OFFSET(CRONOPLE!$F$15,$M43-$A$15,AP$13)=0,10^12,OFFSET(CRONOPLE!$F$15,$M43-$A$15,AP$13)))","v":1000000000000},{"$f":"IF(OR($D43<>\"Serviço\",AND(AUTOEVENTO=\"Manual\",$M43=$A$15)),0,\n         IF(OFFSET(CRONOPLE!$F$15,$M43-$A$15,AQ$13)=0,10^12,OFFSET(CRONOPLE!$F$15,$M43-$A$15,AQ$13)))","v":1000000000000},{"$f":"IF(OR($D43<>\"Serviço\",AND(AUTOEVENTO=\"Manual\",$M43=$A$15)),0,\n         IF(OFFSET(CRONOPLE!$F$15,$M43-$A$15,AR$13)=0,10^12,OFFSET(CRONOPLE!$F$15,$M43-$A$15,AR$13)))","v":1000000000000},{"$f":"IF(OR($D43<>\"Serviço\",AND(AUTOEVENTO=\"Manual\",$M43=$A$15)),0,\n         IF(OFFSET(CRONOPLE!$F$15,$M43-$A$15,AS$13)=0,10^12,OFFSET(CRONOPLE!$F$15,$M43-$A$15,AS$13)))","v":1000000000000},{"$f":"IF(OR($D43<>\"Serviço\",AND(AUTOEVENTO=\"Manual\",$M43=$A$15)),0,\n         IF(OFFSET(CRONOPLE!$F$15,$M43-$A$15,AT$13)=0,10^12,OFFSET(CRONOPLE!$F$15,$M43-$A$15,AT$13)))","v":1000000000000},{"$f":"IF(OR($D43<>\"Serviço\",AND(AUTOEVENTO=\"Manual\",$M43=$A$15)),0,\n         IF(OFFSET(CRONOPLE!$F$15,$M43-$A$15,AU$13)=0,10^12,OFFSET(CRONOPLE!$F$15,$M43-$A$15,AU$13)))","v":1000000000000},{"$f":"IF(OR($D43<>\"Serviço\",AND(AUTOEVENTO=\"Manual\",$M43=$A$15)),0,\n         IF(OFFSET(CRONOPLE!$F$15,$M43-$A$15,AV$13)=0,10^12,OFFSET(CRONOPLE!$F$15,$M43-$A$15,AV$13)))","v":1000000000000},null,{"$f":"IF(OR($D43<>\"Serviço\",AND(AUTOEVENTO=\"Manual\",$M43=$A$15),$M43>(ROW(PLE.lastrow)-ROW(PLE.firstrow))),0,\n           IF(OFFSET(PLE!$G$15,$M43-$A$15,AX$13)=\"\",10^12,OFFSET(PLE!$G$15,$M43-$A$15,AX$13)))","v":1000000000000},{"$f":"IF(OR($D43<>\"Serviço\",AND(AUTOEVENTO=\"Manual\",$M43=$A$15),$M43>(ROW(PLE.lastrow)-ROW(PLE.firstrow))),0,\n           IF(OFFSET(PLE!$G$15,$M43-$A$15,AY$13)=\"\",10^12,OFFSET(PLE!$G$15,$M43-$A$15,AY$13)))","v":1000000000000},{"$f":"IF(OR($D43<>\"Serviço\",AND(AUTOEVENTO=\"Manual\",$M43=$A$15),$M43>(ROW(PLE.lastrow)-ROW(PLE.firstrow))),0,\n           IF(OFFSET(PLE!$G$15,$M43-$A$15,AZ$13)=\"\",10^12,OFFSET(PLE!$G$15,$M43-$A$15,AZ$13)))","v":1000000000000},{"$f":"IF(OR($D43<>\"Serviço\",AND(AUTOEVENTO=\"Manual\",$M43=$A$15),$M43>(ROW(PLE.lastrow)-ROW(PLE.firstrow))),0,\n           IF(OFFSET(PLE!$G$15,$M43-$A$15,BA$13)=\"\",10^12,OFFSET(PLE!$G$15,$M43-$A$15,BA$13)))","v":1000000000000},{"$f":"IF(OR($D43<>\"Serviço\",AND(AUTOEVENTO=\"Manual\",$M43=$A$15),$M43>(ROW(PLE.lastrow)-ROW(PLE.firstrow))),0,\n           IF(OFFSET(PLE!$G$15,$M43-$A$15,BB$13)=\"\",10^12,OFFSET(PLE!$G$15,$M43-$A$15,BB$13)))","v":1000000000000},{"$f":"IF(OR($D43<>\"Serviço\",AND(AUTOEVENTO=\"Manual\",$M43=$A$15),$M43>(ROW(PLE.lastrow)-ROW(PLE.firstrow))),0,\n           IF(OFFSET(PLE!$G$15,$M43-$A$15,BC$13)=\"\",10^12,OFFSET(PLE!$G$15,$M43-$A$15,BC$13)))","v":1000000000000},{"$f":"IF(OR($D43<>\"Serviço\",AND(AUTOEVENTO=\"Manual\",$M43=$A$15),$M43>(ROW(PLE.lastrow)-ROW(PLE.firstrow))),0,\n           IF(OFFSET(PLE!$G$15,$M43-$A$15,BD$13)=\"\",10^12,OFFSET(PLE!$G$15,$M43-$A$15,BD$13)))","v":1000000000000},{"$f":"IF(OR($D43<>\"Serviço\",AND(AUTOEVENTO=\"Manual\",$M43=$A$15),$M43>(ROW(PLE.lastrow)-ROW(PLE.firstrow))),0,\n           IF(OFFSET(PLE!$G$15,$M43-$A$15,BE$13)=\"\",10^12,OFFSET(PLE!$G$15,$M43-$A$15,BE$13)))","v":1000000000000},{"$f":"IF(OR($D43<>\"Serviço\",AND(AUTOEVENTO=\"Manual\",$M43=$A$15),$M43>(ROW(PLE.lastrow)-ROW(PLE.firstrow))),0,\n           IF(OFFSET(PLE!$G$15,$M43-$A$15,BF$13)=\"\",10^12,OFFSET(PLE!$G$15,$M43-$A$15,BF$13)))","v":1000000000000},{"$f":"IF(OR($D43<>\"Serviço\",AND(AUTOEVENTO=\"Manual\",$M43=$A$15),$M43>(ROW(PLE.lastrow)-ROW(PLE.firstrow))),0,\n           IF(OFFSET(PLE!$G$15,$M43-$A$15,BG$13)=\"\",10^12,OFFSET(PLE!$G$15,$M43-$A$15,BG$13)))","v":1000000000000}]
[4,{"$f":"OFFSET(ORÇAMENTO!C$15,$L44,0)","v":"S"},{"$f":"OFFSET(ORÇAMENTO!L$15,$L44,0)","v":"F"},{"$f":"OFFSET(ORÇAMENTO!N$15,$L44,0)","v":"Serviço"},{"$f":"OFFSET(ORÇAMENTO!O$15,$L44,0)","v":"1.5.4."},{"$f":"OFFSET(ORÇAMENTO!R$15,$L44,0)","v":"TELA DE ACO MALHA 25X25MM, 1.24MM PARA REBOCO - FORNECIMENTO E COLOCACAO"},{"$f":"IF($D44<>\"Serviço\",\"\",OFFSET(ORÇAMENTO!S$15,$L44,0))","v":"M2"},{"$f":"IF($D44<>\"Serviço\",0,IF(ACOMPANHAMENTO=\"BM\",ROUND(OFFSET(ORÇAMENTO!AJ$15,$L44,0),15-13*ORÇAMENTO!$AF$7),IF(IFERROR(CÁLCULO.FrentesPreenchidas,0)=0,0,SUM(ROUND(OFFSET($P44,0,1,1,CÁLCULO.FrentesPreenchidas),15-13*ORÇAMENTO!$AF$7)))))","v":3.63},"REBOCO ALVENARIA",{"$f":"IF(OR(B44<>\"S\",CÁLCULO.FrentesPreenchidas=0),\"\",IF(AND(ACOMPANHAMENTO=\"PLE\",AUTOEVENTO=\"Manual\",OR(H44>0,ORÇAMENTO!AC44=\"QUANT.\"),OR(K44=\"\",M44=0,N44=\"\")),\"►E\",IF(AND(ACOMPANHAMENTO=\"PLE\",ORÇAMENTO!AC44=\"QUANT.\"),\"►Q\",IF(AND(ACOMPANHAMENTO=\"PLE\",H44<>SUMPRODUCT(($Q$1:$AA$1=1)*ROUND(Q44:AA44,15))),\"►S\",IF(AND(COUNTIF($P$11:$AA$11,\"▼\")=0,H44>0,I44=\"\"),\"◄M\",\"\")))))","v":""},"4.Degraus e arquibancada",29,{"$f":"IF($D44<>\"Serviço\",\"\",\n          IF(AUTOEVENTO=\"manual\",$A44,\n                IF(ISERROR(MATCH($A44,$A$15:OFFSET($A44,-1,0),0)),MAX($M$15:OFFSET(M44,-1,0))+1,\n                      INDEX($M$15:OFFSET(M44,-1,0),MATCH($A44,$A$15:OFFSET($A44,-1,0),0)))))","v":4},{"$f":"IF($D44<>\"Serviço\",\"\",\n         IF(AUTOEVENTO=\"Manual\",\n                IF($A44=0,\"<-- defina o número do agrupador\",\n                       OFFSET(EVENTOS!$D$15,$A44-$A$15,0)),\n                OFFSET($F$15,$A44,0)))","v":"Fundação Reforço Pilares"},null,null,{"$f":"Q41","v":1.8149999999999999},{"$f":"R41","v":1.8149999999999999},null,null,null,null,null,null,null,null,null,{"$f":"IF(AND($D44=\"Serviço\",AB$12<>0,$H44>0,OR(AUTOEVENTO<>\"manual\",$M44<>$A$15)),\n        IF(Import.TipoArredondamento<>\"TransfereGOV\",\n              ROUND(OFFSET($P44,0,AB$13),15-13*ORÇAMENTO!$AF$7)/$H44*OFFSET(ORÇAMENTO!$X$15,ROW(AB44)-ROW(AB$15),0),\n              ROUND(ROUND(OFFSET($P44,0,AB$13),15-13*ORÇAMENTO!$AF$7)*OFFSET(ORÇAMENTO!$W$15,ROW(AB44)-ROW(AB$15),0),15-13*ORÇAMENTO!$AF$11)),\n         0)","v":0},{"$f":"IF(AND($D44=\"Serviço\",AC$12<>0,$H44>0,OR(AUTOEVENTO<>\"manual\",$M44<>$A$15)),\n        IF(Import.TipoArredondamento<>\"TransfereGOV\",\n              ROUND(OFFSET($P44,0,AC$13),15-13*ORÇAMENTO!$AF$7)/$H44*OFFSET(ORÇAMENTO!$X$15,ROW(AC44)-ROW(AC$15),0),\n              ROUND(ROUND(OFFSET($P44,0,AC$13),15-13*ORÇAMENTO!$AF$7)*OFFSET(ORÇAMENTO!$W$15,ROW(AC44)-ROW(AC$15),0),15-13*ORÇAMENTO!$AF$11)),\n         0)","v":0},{"$f":"IF(AND($D44=\"Serviço\",AD$12<>0,$H44>0,OR(AUTOEVENTO<>\"manual\",$M44<>$A$15)),\n        IF(Import.TipoArredondamento<>\"TransfereGOV\",\n              ROUND(OFFSET($P44,0,AD$13),15-13*ORÇAMENTO!$AF$7)/$H44*OFFSET(ORÇAMENTO!$X$15,ROW(AD44)-ROW(AD$15),0),\n              ROUND(ROUND(OFFSET($P44,0,AD$13),15-13*ORÇAMENTO!$AF$7)*OFFSET(ORÇAMENTO!$W$15,ROW(AD44)-ROW(AD$15),0),15-13*ORÇAMENTO!$AF$11)),\n         0)","v":0},{"$f":"IF(AND($D44=\"Serviço\",AE$12<>0,$H44>0,OR(AUTOEVENTO<>\"manual\",$M44<>$A$15)),\n        IF(Import.TipoArredondamento<>\"TransfereGOV\",\n              ROUND(OFFSET($P44,0,AE$13),15-13*ORÇAMENTO!$AF$7)/$H44*OFFSET(ORÇAMENTO!$X$15,ROW(AE44)-ROW(AE$15),0),\n              ROUND(ROUND(OFFSET($P44,0,AE$13),15-13*ORÇAMENTO!$AF$7)*OFFSET(ORÇAMENTO!$W$15,ROW(AE44)-ROW(AE$15),0),15-13*ORÇAMENTO!$AF$11)),\n         0)","v":0},{"$f":"IF(AND($D44=\"Serviço\",AF$12<>0,$H44>0,OR(AUTOEVENTO<>\"manual\",$M44<>$A$15)),\n        IF(Import.TipoArredondamento<>\"TransfereGOV\",\n              ROUND(OFFSET($P44,0,AF$13),15-13*ORÇAMENTO!$AF$7)/$H44*OFFSET(ORÇAMENTO!$X$15,ROW(AF44)-ROW(AF$15),0),\n              ROUND(ROUND(OFFSET($P44,0,AF$13),15-13*ORÇAMENTO!$AF$7)*OFFSET(ORÇAMENTO!$W$15,ROW(AF44)-ROW(AF$15),0),15-13*ORÇAMENTO!$AF$11)),\n         0)","v":0},{"$f":"IF(AND($D44=\"Serviço\",AG$12<>0,$H44>0,OR(AUTOEVENTO<>\"manual\",$M44<>$A$15)),\n        IF(Import.TipoArredondamento<>\"TransfereGOV\",\n              ROUND(OFFSET($P44,0,AG$13),15-13*ORÇAMENTO!$AF$7)/$H44*OFFSET(ORÇAMENTO!$X$15,ROW(AG44)-ROW(AG$15),0),\n              ROUND(ROUND(OFFSET($P44,0,AG$13),15-13*ORÇAMENTO!$AF$7)*OFFSET(ORÇAMENTO!$W$15,ROW(AG44)-ROW(AG$15),0),15-13*ORÇAMENTO!$AF$11)),\n         0)","v":0},{"$f":"IF(AND($D44=\"Serviço\",AH$12<>0,$H44>0,OR(AUTOEVENTO<>\"manual\",$M44<>$A$15)),\n        IF(Import.TipoArredondamento<>\"TransfereGOV\",\n              ROUND(OFFSET($P44,0,AH$13),15-13*ORÇAMENTO!$AF$7)/$H44*OFFSET(ORÇAMENTO!$X$15,ROW(AH44)-ROW(AH$15),0),\n              ROUND(ROUND(OFFSET($P44,0,AH$13),15-13*ORÇAMENTO!$AF$7)*OFFSET(ORÇAMENTO!$W$15,ROW(AH44)-ROW(AH$15),0),15-13*ORÇAMENTO!$AF$11)),\n         0)","v":0},{"$f":"IF(AND($D44=\"Serviço\",AI$12<>0,$H44>0,OR(AUTOEVENTO<>\"manual\",$M44<>$A$15)),\n        IF(Import.TipoArredondamento<>\"TransfereGOV\",\n              ROUND(OFFSET($P44,0,AI$13),15-13*ORÇAMENTO!$AF$7)/$H44*OFFSET(ORÇAMENTO!$X$15,ROW(AI44)-ROW(AI$15),0),\n              ROUND(ROUND(OFFSET($P44,0,AI$13),15-13*ORÇAMENTO!$AF$7)*OFFSET(ORÇAMENTO!$W$15,ROW(AI44)-ROW(AI$15),0),15-13*ORÇAMENTO!$AF$11)),\n         0)","v":0},{"$f":"IF(AND($D44=\"Serviço\",AJ$12<>0,$H44>0,OR(AUTOEVENTO<>\"manual\",$M44<>$A$15)),\n        IF(Import.TipoArredondamento<>\"TransfereGOV\",\n              ROUND(OFFSET($P44,0,AJ$13),15-13*ORÇAMENTO!$AF$7)/$H44*OFFSET(ORÇAMENTO!$X$15,ROW(AJ44)-ROW(AJ$15),0),\n              ROUND(ROUND(OFFSET($P44,0,AJ$13),15-13*ORÇAMENTO!$AF$7)*OFFSET(ORÇAMENTO!$W$15,ROW(AJ44)-ROW(AJ$15),0),15-13*ORÇAMENTO!$AF$11)),\n         0)","v":0},{"$f":"IF(AND($D44=\"Serviço\",AK$12<>0,$H44>0,OR(AUTOEVENTO<>\"manual\",$M44<>$A$15)),\n        IF(Import.TipoArredondamento<>\"TransfereGOV\",\n              ROUND(OFFSET($P44,0,AK$13),15-13*ORÇAMENTO!$AF$7)/$H44*OFFSET(ORÇAMENTO!$X$15,ROW(AK44)-ROW(AK$15),0),\n              ROUND(ROUND(OFFSET($P44,0,AK$13),15-13*ORÇAMENTO!$AF$7)*OFFSET(ORÇAMENTO!$W$15,ROW(AK44)-ROW(AK$15),0),15-13*ORÇAMENTO!$AF$11)),\n         0)","v":0},null,{"$f":"IF(OR($D44<>\"Serviço\",AND(AUTOEVENTO=\"Manual\",$M44=$A$15)),0,\n         IF(OFFSET(CRONOPLE!$F$15,$M44-$A$15,AM$13)=0,10^12,OFFSET(CRONOPLE!$F$15,$M44-$A$15,AM$13)))","v":2},{"$f":"IF(OR($D44<>\"Serviço\",AND(AUTOEVENTO=\"Manual\",$M44=$A$15)),0,\n         IF(OFFSET(CRONOPLE!$F$15,$M44-$A$15,AN$13)=0,10^12,OFFSET(CRONOPLE!$F$15,$M44-$A$15,AN$13)))","v":3},{"$f":"IF(OR($D44<>\"Serviço\",AND(AUTOEVENTO=\"Manual\",$M44=$A$15)),0,\n         IF(OFFSET(CRONOPLE!$F$15,$M44-$A$15,AO$13)=0,10^12,OFFSET(CRONOPLE!$F$15,$M44-$A$15,AO$13)))","v":1000000000000},{"$f":"IF(OR($D44<>\"Serviço\",AND(AUTOEVENTO=\"Manual\",$M44=$A$15)),0,\n         IF(OFFSET(CRONOPLE!$F$15,$M44-$A$15,AP$13)=0,10^12,OFFSET(CRONOPLE!$F$15,$M44-$A$15,AP$13)))","v":1000000000000},{"$f":"IF(OR($D44<>\"Serviço\",AND(AUTOEVENTO=\"Manual\",$M44=$A$15)),0,\n         IF(OFFSET(CRONOPLE!$F$15,$M44-$A$15,AQ$13)=0,10^12,OFFSET(CRONOPLE!$F$15,$M44-$A$15,AQ$13)))","v":1000000000000},{"$f":"IF(OR($D44<>\"Serviço\",AND(AUTOEVENTO=\"Manual\",$M44=$A$15)),0,\n         IF(OFFSET(CRONOPLE!$F$15,$M44-$A$15,AR$13)=0,10^12,OFFSET(CRONOPLE!$F$15,$M44-$A$15,AR$13)))","v":1000000000000},{"$f":"IF(OR($D44<>\"Serviço\",AND(AUTOEVENTO=\"Manual\",$M44=$A$15)),0,\n         IF(OFFSET(CRONOPLE!$F$15,$M44-$A$15,AS$13)=0,10^12,OFFSET(CRONOPLE!$F$15,$M44-$A$15,AS$13)))","v":1000000000000},{"$f":"IF(OR($D44<>\"Serviço\",AND(AUTOEVENTO=\"Manual\",$M44=$A$15)),0,\n         IF(OFFSET(CRONOPLE!$F$15,$M44-$A$15,AT$13)=0,10^12,OFFSET(CRONOPLE!$F$15,$M44-$A$15,AT$13)))","v":1000000000000},{"$f":"IF(OR($D44<>\"Serviço\",AND(AUTOEVENTO=\"Manual\",$M44=$A$15)),0,\n         IF(OFFSET(CRONOPLE!$F$15,$M44-$A$15,AU$13)=0,10^12,OFFSET(CRONOPLE!$F$15,$M44-$A$15,AU$13)))","v":1000000000000},{"$f":"IF(OR($D44<>\"Serviço\",AND(AUTOEVENTO=\"Manual\",$M44=$A$15)),0,\n         IF(OFFSET(CRONOPLE!$F$15,$M44-$A$15,AV$13)=0,10^12,OFFSET(CRONOPLE!$F$15,$M44-$A$15,AV$13)))","v":1000000000000},null,{"$f":"IF(OR($D44<>\"Serviço\",AND(AUTOEVENTO=\"Manual\",$M44=$A$15),$M44>(ROW(PLE.lastrow)-ROW(PLE.firstrow))),0,\n           IF(OFFSET(PLE!$G$15,$M44-$A$15,AX$13)=\"\",10^12,OFFSET(PLE!$G$15,$M44-$A$15,AX$13)))","v":1000000000000},{"$f":"IF(OR($D44<>\"Serviço\",AND(AUTOEVENTO=\"Manual\",$M44=$A$15),$M44>(ROW(PLE.lastrow)-ROW(PLE.firstrow))),0,\n           IF(OFFSET(PLE!$G$15,$M44-$A$15,AY$13)=\"\",10^12,OFFSET(PLE!$G$15,$M44-$A$15,AY$13)))","v":1000000000000},{"$f":"IF(OR($D44<>\"Serviço\",AND(AUTOEVENTO=\"Manual\",$M44=$A$15),$M44>(ROW(PLE.lastrow)-ROW(PLE.firstrow))),0,\n           IF(OFFSET(PLE!$G$15,$M44-$A$15,AZ$13)=\"\",10^12,OFFSET(PLE!$G$15,$M44-$A$15,AZ$13)))","v":1000000000000},{"$f":"IF(OR($D44<>\"Serviço\",AND(AUTOEVENTO=\"Manual\",$M44=$A$15),$M44>(ROW(PLE.lastrow)-ROW(PLE.firstrow))),0,\n           IF(OFFSET(PLE!$G$15,$M44-$A$15,BA$13)=\"\",10^12,OFFSET(PLE!$G$15,$M44-$A$15,BA$13)))","v":1000000000000},{"$f":"IF(OR($D44<>\"Serviço\",AND(AUTOEVENTO=\"Manual\",$M44=$A$15),$M44>(ROW(PLE.lastrow)-ROW(PLE.firstrow))),0,\n           IF(OFFSET(PLE!$G$15,$M44-$A$15,BB$13)=\"\",10^12,OFFSET(PLE!$G$15,$M44-$A$15,BB$13)))","v":1000000000000},{"$f":"IF(OR($D44<>\"Serviço\",AND(AUTOEVENTO=\"Manual\",$M44=$A$15),$M44>(ROW(PLE.lastrow)-ROW(PLE.firstrow))),0,\n           IF(OFFSET(PLE!$G$15,$M44-$A$15,BC$13)=\"\",10^12,OFFSET(PLE!$G$15,$M44-$A$15,BC$13)))","v":1000000000000},{"$f":"IF(OR($D44<>\"Serviço\",AND(AUTOEVENTO=\"Manual\",$M44=$A$15),$M44>(ROW(PLE.lastrow)-ROW(PLE.firstrow))),0,\n           IF(OFFSET(PLE!$G$15,$M44-$A$15,BD$13)=\"\",10^12,OFFSET(PLE!$G$15,$M44-$A$15,BD$13)))","v":1000000000000},{"$f":"IF(OR($D44<>\"Serviço\",AND(AUTOEVENTO=\"Manual\",$M44=$A$15),$M44>(ROW(PLE.lastrow)-ROW(PLE.firstrow))),0,\n           IF(OFFSET(PLE!$G$15,$M44-$A$15,BE$13)=\"\",10^12,OFFSET(PLE!$G$15,$M44-$A$15,BE$13)))","v":1000000000000},{"$f":"IF(OR($D44<>\"Serviço\",AND(AUTOEVENTO=\"Manual\",$M44=$A$15),$M44>(ROW(PLE.lastrow)-ROW(PLE.firstrow))),0,\n           IF(OFFSET(PLE!$G$15,$M44-$A$15,BF$13)=\"\",10^12,OFFSET(PLE!$G$15,$M44-$A$15,BF$13)))","v":1000000000000},{"$f":"IF(OR($D44<>\"Serviço\",AND(AUTOEVENTO=\"Manual\",$M44=$A$15),$M44>(ROW(PLE.lastrow)-ROW(PLE.firstrow))),0,\n           IF(OFFSET(PLE!$G$15,$M44-$A$15,BG$13)=\"\",10^12,OFFSET(PLE!$G$15,$M44-$A$15,BG$13)))","v":1000000000000}]
[4,{"$f":"OFFSET(ORÇAMENTO!C$15,$L45,0)","v":"S"},{"$f":"OFFSET(ORÇAMENTO!L$15,$L45,0)","v":"F"},{"$f":"OFFSET(ORÇAMENTO!N$15,$L45,0)","v":"Serviço"},{"$f":"OFFSET(ORÇAMENTO!O$15,$L45,0)","v":"1.5.5."},{"$f":"OFFSET(ORÇAMENTO!R$15,$L45,0)","v":"EMBOÇO OU MASSA ÚNICA EM ARGAMASSA TRAÇO 1:2:8, PREPARO MECÂNICO COM BETONEIRA 400 L, APLICADA MANUALMENTE EM PANOS CEGOS DE FACHADA (SEM PRESENÇA DE VÃOS), ESPESSURA DE 25 MM. AF_08/2022"},{"$f":"IF($D45<>\"Serviço\",\"\",OFFSET(ORÇAMENTO!S$15,$L45,0))","v":"M2"},{"$f":"IF($D45<>\"Serviço\",0,IF(ACOMPANHAMENTO=\"BM\",ROUND(OFFSET(ORÇAMENTO!AJ$15,$L45,0),15-13*ORÇAMENTO!$AF$7),IF(IFERROR(CÁLCULO.FrentesPreenchidas,0)=0,0,SUM(ROUND(OFFSET($P45,0,1,1,CÁLCULO.FrentesPreenchidas),15-13*ORÇAMENTO!$AF$7)))))","v":3.63},"EMBOSSO ALVENRIA",{"$f":"IF(OR(B45<>\"S\",CÁLCULO.FrentesPreenchidas=0),\"\",IF(AND(ACOMPANHAMENTO=\"PLE\",AUTOEVENTO=\"Manual\",OR(H45>0,ORÇAMENTO!AC45=\"QUANT.\"),OR(K45=\"\",M45=0,N45=\"\")),\"►E\",IF(AND(ACOMPANHAMENTO=\"PLE\",ORÇAMENTO!AC45=\"QUANT.\"),\"►Q\",IF(AND(ACOMPANHAMENTO=\"PLE\",H45<>SUMPRODUCT(($Q$1:$AA$1=1)*ROUND(Q45:AA45,15))),\"►S\",IF(AND(COUNTIF($P$11:$AA$11,\"▼\")=0,H45>0,I45=\"\"),\"◄M\",\"\")))))","v":""},"4.Degraus e arquibancada",30,{"$f":"IF($D45<>\"Serviço\",\"\",\n          IF(AUTOEVENTO=\"manual\",$A45,\n                IF(ISERROR(MATCH($A45,$A$15:OFFSET($A45,-1,0),0)),MAX($M$15:OFFSET(M45,-1,0))+1,\n                      INDEX($M$15:OFFSET(M45,-1,0),MATCH($A45,$A$15:OFFSET($A45,-1,0),0)))))","v":4},{"$f":"IF($D45<>\"Serviço\",\"\",\n         IF(AUTOEVENTO=\"Manual\",\n                IF($A45=0,\"<-- defina o número do agrupador\",\n                       OFFSET(EVENTOS!$D$15,$A45-$A$15,0)),\n                OFFSET($F$15,$A45,0)))","v":"Fundação Reforço Pilares"},null,null,{"$f":"Q41","v":1.8149999999999999},{"$f":"R41","v":1.8149999999999999},null,null,null,null,null,null,null,null,null,{"$f":"IF(AND($D45=\"Serviço\",AB$12<>0,$H45>0,OR(AUTOEVENTO<>\"manual\",$M45<>$A$15)),\n        IF(Import.TipoArredondamento<>\"TransfereGOV\",\n              ROUND(OFFSET($P45,0,AB$13),15-13*ORÇAMENTO!$AF$7)/$H45*OFFSET(ORÇAMENTO!$X$15,ROW(AB45)-ROW(AB$15),0),\n              ROUND(ROUND(OFFSET($P45,0,AB$13),15-13*ORÇAMENTO!$AF$7)*OFFSET(ORÇAMENTO!$W$15,ROW(AB45)-ROW(AB$15),0),15-13*ORÇAMENTO!$AF$11)),\n         0)","v":0},{"$f":"IF(AND($D45=\"Serviço\",AC$12<>0,$H45>0,OR(AUTOEVENTO<>\"manual\",$M45<>$A$15)),\n        IF(Import.TipoArredondamento<>\"TransfereGOV\",\n              ROUND(OFFSET($P45,0,AC$13),15-13*ORÇAMENTO!$AF$7)/$H45*OFFSET(ORÇAMENTO!$X$15,ROW(AC45)-ROW(AC$15),0),\n              ROUND(ROUND(OFFSET($P45,0,AC$13),15-13*ORÇAMENTO!$AF$7)*OFFSET(ORÇAMENTO!$W$15,ROW(AC45)-ROW(AC$15),0),15-13*ORÇAMENTO!$AF$11)),\n         0)","v":0},{"$f":"IF(AND($D45=\"Serviço\",AD$12<>0,$H45>0,OR(AUTOEVENTO<>\"manual\",$M45<>$A$15)),\n        IF(Import.TipoArredondamento<>\"TransfereGOV\",\n              ROUND(OFFSET($P45,0,AD$13),15-13*ORÇAMENTO!$AF$7)/$H45*OFFSET(ORÇAMENTO!$X$15,ROW(AD45)-ROW(AD$15),0),\n              ROUND(ROUND(OFFSET($P45,0,AD$13),15-13*ORÇAMENTO!$AF$7)*OFFSET(ORÇAMENTO!$W$15,ROW(AD45)-ROW(AD$15),0),15-13*ORÇAMENTO!$AF$11)),\n         0)","v":0},{"$f":"IF(AND($D45=\"Serviço\",AE$12<>0,$H45>0,OR(AUTOEVENTO<>\"manual\",$M45<>$A$15)),\n        IF(Import.TipoArredondamento<>\"TransfereGOV\",\n              ROUND(OFFSET($P45,0,AE$13),15-13*ORÇAMENTO!$AF$7)/$H45*OFFSET(ORÇAMENTO!$X$15,ROW(AE45)-ROW(AE$15),0),\n              ROUND(ROUND(OFFSET($P45,0,AE$13),15-13*ORÇAMENTO!$AF$7)*OFFSET(ORÇAMENTO!$W$15,ROW(AE45)-ROW(AE$15),0),15-13*ORÇAMENTO!$AF$11)),\n         0)","v":0},{"$f":"IF(AND($D45=\"Serviço\",AF$12<>0,$H45>0,OR(AUTOEVENTO<>\"manual\",$M45<>$A$15)),\n        IF(Import.TipoArredondamento<>\"TransfereGOV\",\n              ROUND(OFFSET($P45,0,AF$13),15-13*ORÇAMENTO!$AF$7)/$H45*OFFSET(ORÇAMENTO!$X$15,ROW(AF45)-ROW(AF$15),0),\n              ROUND(ROUND(OFFSET($P45,0,AF$13),15-13*ORÇAMENTO!$AF$7)*OFFSET(ORÇAMENTO!$W$15,ROW(AF45)-ROW(AF$15),0),15-13*ORÇAMENTO!$AF$11)),\n         0)","v":0},{"$f":"IF(AND($D45=\"Serviço\",AG$12<>0,$H45>0,OR(AUTOEVENTO<>\"manual\",$M45<>$A$15)),\n        IF(Import.TipoArredondamento<>\"TransfereGOV\",\n              ROUND(OFFSET($P45,0,AG$13),15-13*ORÇAMENTO!$AF$7)/$H45*OFFSET(ORÇAMENTO!$X$15,ROW(AG45)-ROW(AG$15),0),\n              ROUND(ROUND(OFFSET($P45,0,AG$13),15-13*ORÇAMENTO!$AF$7)*OFFSET(ORÇAMENTO!$W$15,ROW(AG45)-ROW(AG$15),0),15-13*ORÇAMENTO!$AF$11)),\n         0)","v":0},{"$f":"IF(AND($D45=\"Serviço\",AH$12<>0,$H45>0,OR(AUTOEVENTO<>\"manual\",$M45<>$A$15)),\n        IF(Import.TipoArredondamento<>\"TransfereGOV\",\n              ROUND(OFFSET($P45,0,AH$13),15-13*ORÇAMENTO!$AF$7)/$H45*OFFSET(ORÇAMENTO!$X$15,ROW(AH45)-ROW(AH$15),0),\n              ROUND(ROUND(OFFSET($P45,0,AH$13),15-13*ORÇAMENTO!$AF$7)*OFFSET(ORÇAMENTO!$W$15,ROW(AH45)-ROW(AH$15),0),15-13*ORÇAMENTO!$AF$11)),\n         0)","v":0},{"$f":"IF(AND($D45=\"Serviço\",AI$12<>0,$H45>0,OR(AUTOEVENTO<>\"manual\",$M45<>$A$15)),\n        IF(Import.TipoArredondamento<>\"TransfereGOV\",\n              ROUND(OFFSET($P45,0,AI$13),15-13*ORÇAMENTO!$AF$7)/$H45*OFFSET(ORÇAMENTO!$X$15,ROW(AI45)-ROW(AI$15),0),\n              ROUND(ROUND(OFFSET($P45,0,AI$13),15-13*ORÇAMENTO!$AF$7)*OFFSET(ORÇAMENTO!$W$15,ROW(AI45)-ROW(AI$15),0),15-13*ORÇAMENTO!$AF$11)),\n         0)","v":0},{"$f":"IF(AND($D45=\"Serviço\",AJ$12<>0,$H45>0,OR(AUTOEVENTO<>\"manual\",$M45<>$A$15)),\n        IF(Import.TipoArredondamento<>\"TransfereGOV\",\n              ROUND(OFFSET($P45,0,AJ$13),15-13*ORÇAMENTO!$AF$7)/$H45*OFFSET(ORÇAMENTO!$X$15,ROW(AJ45)-ROW(AJ$15),0),\n              ROUND(ROUND(OFFSET($P45,0,AJ$13),15-13*ORÇAMENTO!$AF$7)*OFFSET(ORÇAMENTO!$W$15,ROW(AJ45)-ROW(AJ$15),0),15-13*ORÇAMENTO!$AF$11)),\n         0)","v":0},{"$f":"IF(AND($D45=\"Serviço\",AK$12<>0,$H45>0,OR(AUTOEVENTO<>\"manual\",$M45<>$A$15)),\n        IF(Import.TipoArredondamento<>\"TransfereGOV\",\n              ROUND(OFFSET($P45,0,AK$13),15-13*ORÇAMENTO!$AF$7)/$H45*OFFSET(ORÇAMENTO!$X$15,ROW(AK45)-ROW(AK$15),0),\n              ROUND(ROUND(OFFSET($P45,0,AK$13),15-13*ORÇAMENTO!$AF$7)*OFFSET(ORÇAMENTO!$W$15,ROW(AK45)-ROW(AK$15),0),15-13*ORÇAMENTO!$AF$11)),\n         0)","v":0},null,{"$f":"IF(OR($D45<>\"Serviço\",AND(AUTOEVENTO=\"Manual\",$M45=$A$15)),0,\n         IF(OFFSET(CRONOPLE!$F$15,$M45-$A$15,AM$13)=0,10^12,OFFSET(CRONOPLE!$F$15,$M45-$A$15,AM$13)))","v":2},{"$f":"IF(OR($D45<>\"Serviço\",AND(AUTOEVENTO=\"Manual\",$M45=$A$15)),0,\n         IF(OFFSET(CRONOPLE!$F$15,$M45-$A$15,AN$13)=0,10^12,OFFSET(CRONOPLE!$F$15,$M45-$A$15,AN$13)))","v":3},{"$f":"IF(OR($D45<>\"Serviço\",AND(AUTOEVENTO=\"Manual\",$M45=$A$15)),0,\n         IF(OFFSET(CRONOPLE!$F$15,$M45-$A$15,AO$13)=0,10^12,OFFSET(CRONOPLE!$F$15,$M45-$A$15,AO$13)))","v":1000000000000},{"$f":"IF(OR($D45<>\"Serviço\",AND(AUTOEVENTO=\"Manual\",$M45=$A$15)),0,\n         IF(OFFSET(CRONOPLE!$F$15,$M45-$A$15,AP$13)=0,10^12,OFFSET(CRONOPLE!$F$15,$M45-$A$15,AP$13)))","v":1000000000000},{"$f":"IF(OR($D45<>\"Serviço\",AND(AUTOEVENTO=\"Manual\",$M45=$A$15)),0,\n         IF(OFFSET(CRONOPLE!$F$15,$M45-$A$15,AQ$13)=0,10^12,OFFSET(CRONOPLE!$F$15,$M45-$A$15,AQ$13)))","v":1000000000000},{"$f":"IF(OR($D45<>\"Serviço\",AND(AUTOEVENTO=\"Manual\",$M45=$A$15)),0,\n         IF(OFFSET(CRONOPLE!$F$15,$M45-$A$15,AR$13)=0,10^12,OFFSET(CRONOPLE!$F$15,$M45-$A$15,AR$13)))","v":1000000000000},{"$f":"IF(OR($D45<>\"Serviço\",AND(AUTOEVENTO=\"Manual\",$M45=$A$15)),0,\n         IF(OFFSET(CRONOPLE!$F$15,$M45-$A$15,AS$13)=0,10^12,OFFSET(CRONOPLE!$F$15,$M45-$A$15,AS$13)))","v":1000000000000},{"$f":"IF(OR($D45<>\"Serviço\",AND(AUTOEVENTO=\"Manual\",$M45=$A$15)),0,\n         IF(OFFSET(CRONOPLE!$F$15,$M45-$A$15,AT$13)=0,10^12,OFFSET(CRONOPLE!$F$15,$M45-$A$15,AT$13)))","v":1000000000000},{"$f":"IF(OR($D45<>\"Serviço\",AND(AUTOEVENTO=\"Manual\",$M45=$A$15)),0,\n         IF(OFFSET(CRONOPLE!$F$15,$M45-$A$15,AU$13)=0,10^12,OFFSET(CRONOPLE!$F$15,$M45-$A$15,AU$13)))","v":1000000000000},{"$f":"IF(OR($D45<>\"Serviço\",AND(AUTOEVENTO=\"Manual\",$M45=$A$15)),0,\n         IF(OFFSET(CRONOPLE!$F$15,$M45-$A$15,AV$13)=0,10^12,OFFSET(CRONOPLE!$F$15,$M45-$A$15,AV$13)))","v":1000000000000},null,{"$f":"IF(OR($D45<>\"Serviço\",AND(AUTOEVENTO=\"Manual\",$M45=$A$15),$M45>(ROW(PLE.lastrow)-ROW(PLE.firstrow))),0,\n           IF(OFFSET(PLE!$G$15,$M45-$A$15,AX$13)=\"\",10^12,OFFSET(PLE!$G$15,$M45-$A$15,AX$13)))","v":1000000000000},{"$f":"IF(OR($D45<>\"Serviço\",AND(AUTOEVENTO=\"Manual\",$M45=$A$15),$M45>(ROW(PLE.lastrow)-ROW(PLE.firstrow))),0,\n           IF(OFFSET(PLE!$G$15,$M45-$A$15,AY$13)=\"\",10^12,OFFSET(PLE!$G$15,$M45-$A$15,AY$13)))","v":1000000000000},{"$f":"IF(OR($D45<>\"Serviço\",AND(AUTOEVENTO=\"Manual\",$M45=$A$15),$M45>(ROW(PLE.lastrow)-ROW(PLE.firstrow))),0,\n           IF(OFFSET(PLE!$G$15,$M45-$A$15,AZ$13)=\"\",10^12,OFFSET(PLE!$G$15,$M45-$A$15,AZ$13)))","v":1000000000000},{"$f":"IF(OR($D45<>\"Serviço\",AND(AUTOEVENTO=\"Manual\",$M45=$A$15),$M45>(ROW(PLE.lastrow)-ROW(PLE.firstrow))),0,\n           IF(OFFSET(PLE!$G$15,$M45-$A$15,BA$13)=\"\",10^12,OFFSET(PLE!$G$15,$M45-$A$15,BA$13)))","v":1000000000000},{"$f":"IF(OR($D45<>\"Serviço\",AND(AUTOEVENTO=\"Manual\",$M45=$A$15),$M45>(ROW(PLE.lastrow)-ROW(PLE.firstrow))),0,\n           IF(OFFSET(PLE!$G$15,$M45-$A$15,BB$13)=\"\",10^12,OFFSET(PLE!$G$15,$M45-$A$15,BB$13)))","v":1000000000000},{"$f":"IF(OR($D45<>\"Serviço\",AND(AUTOEVENTO=\"Manual\",$M45=$A$15),$M45>(ROW(PLE.lastrow)-ROW(PLE.firstrow))),0,\n           IF(OFFSET(PLE!$G$15,$M45-$A$15,BC$13)=\"\",10^12,OFFSET(PLE!$G$15,$M45-$A$15,BC$13)))","v":1000000000000},{"$f":"IF(OR($D45<>\"Serviço\",AND(AUTOEVENTO=\"Manual\",$M45=$A$15),$M45>(ROW(PLE.lastrow)-ROW(PLE.firstrow))),0,\n           IF(OFFSET(PLE!$G$15,$M45-$A$15,BD$13)=\"\",10^12,OFFSET(PLE!$G$15,$M45-$A$15,BD$13)))","v":1000000000000},{"$f":"IF(OR($D45<>\"Serviço\",AND(AUTOEVENTO=\"Manual\",$M45=$A$15),$M45>(ROW(PLE.lastrow)-ROW(PLE.firstrow))),0,\n           IF(OFFSET(PLE!$G$15,$M45-$A$15,BE$13)=\"\",10^12,OFFSET(PLE!$G$15,$M45-$A$15,BE$13)))","v":1000000000000},{"$f":"IF(OR($D45<>\"Serviço\",AND(AUTOEVENTO=\"Manual\",$M45=$A$15),$M45>(ROW(PLE.lastrow)-ROW(PLE.firstrow))),0,\n           IF(OFFSET(PLE!$G$15,$M45-$A$15,BF$13)=\"\",10^12,OFFSET(PLE!$G$15,$M45-$A$15,BF$13)))","v":1000000000000},{"$f":"IF(OR($D45<>\"Serviço\",AND(AUTOEVENTO=\"Manual\",$M45=$A$15),$M45>(ROW(PLE.lastrow)-ROW(PLE.firstrow))),0,\n           IF(OFFSET(PLE!$G$15,$M45-$A$15,BG$13)=\"\",10^12,OFFSET(PLE!$G$15,$M45-$A$15,BG$13)))","v":1000000000000}]
[4,{"$f":"OFFSET(ORÇAMENTO!C$15,$L46,0)","v":"S"},{"$f":"OFFSET(ORÇAMENTO!L$15,$L46,0)","v":"F"},{"$f":"OFFSET(ORÇAMENTO!N$15,$L46,0)","v":"Serviço"},{"$f":"OFFSET(ORÇAMENTO!O$15,$L46,0)","v":"1.5.6."},{"$f":"OFFSET(ORÇAMENTO!R$15,$L46,0)","v":"EXECUÇÃO DE LAJE DE PISO DE CONCRETO COM CONCRETO MOLDADO IN LOCO, FEITO EM OBRA, ACABAMENTO CONVENCIONAL, ESPESSURA 6 CM, ARMADO"},{"$f":"IF($D46<>\"Serviço\",\"\",OFFSET(ORÇAMENTO!S$15,$L46,0))","v":"M2"},{"$f":"IF($D46<>\"Serviço\",0,IF(ACOMPANHAMENTO=\"BM\",ROUND(OFFSET(ORÇAMENTO!AJ$15,$L46,0),15-13*ORÇAMENTO!$AF$7),IF(IFERROR(CÁLCULO.FrentesPreenchidas,0)=0,0,SUM(ROUND(OFFSET($P46,0,1,1,CÁLCULO.FrentesPreenchidas),15-13*ORÇAMENTO!$AF$7)))))","v":4.17},"LAJE ÁREA ACESSÍVEL - 4,90 X 0,85",{"$f":"IF(OR(B46<>\"S\",CÁLCULO.FrentesPreenchidas=0),\"\",IF(AND(ACOMPANHAMENTO=\"PLE\",AUTOEVENTO=\"Manual\",OR(H46>0,ORÇAMENTO!AC46=\"QUANT.\"),OR(K46=\"\",M46=0,N46=\"\")),\"►E\",IF(AND(ACOMPANHAMENTO=\"PLE\",ORÇAMENTO!AC46=\"QUANT.\"),\"►Q\",IF(AND(ACOMPANHAMENTO=\"PLE\",H46<>SUMPRODUCT(($Q$1:$AA$1=1)*ROUND(Q46:AA46,15))),\"►S\",IF(AND(COUNTIF($P$11:$AA$11,\"▼\")=0,H46>0,I46=\"\"),\"◄M\",\"\")))))","v":""},"4.Degraus e arquibancada",31,{"$f":"IF($D46<>\"Serviço\",\"\",\n          IF(AUTOEVENTO=\"manual\",$A46,\n                IF(ISERROR(MATCH($A46,$A$15:OFFSET($A46,-1,0),0)),MAX($M$15:OFFSET(M46,-1,0))+1,\n                      INDEX($M$15:OFFSET(M46,-1,0),MATCH($A46,$A$15:OFFSET($A46,-1,0),0)))))","v":4},{"$f":"IF($D46<>\"Serviço\",\"\",\n         IF(AUTOEVENTO=\"Manual\",\n                IF($A46=0,\"<-- defina o número do agrupador\",\n                       OFFSET(EVENTOS!$D$15,$A46-$A$15,0)),\n                OFFSET($F$15,$A46,0)))","v":"Fundação Reforço Pilares"},null,null,{"$f":"4.9*0.85/2","v":2.0825},{"$f":"4.9*0.85/2","v":2.0825},null,null,null,null,null,null,null,null,null,{"$f":"IF(AND($D46=\"Serviço\",AB$12<>0,$H46>0,OR(AUTOEVENTO<>\"manual\",$M46<>$A$15)),\n        IF(Import.TipoArredondamento<>\"TransfereGOV\",\n              ROUND(OFFSET($P46,0,AB$13),15-13*ORÇAMENTO!$AF$7)/$H46*OFFSET(ORÇAMENTO!$X$15,ROW(AB46)-ROW(AB$15),0),\n              ROUND(ROUND(OFFSET($P46,0,AB$13),15-13*ORÇAMENTO!$AF$7)*OFFSET(ORÇAMENTO!$W$15,ROW(AB46)-ROW(AB$15),0),15-13*ORÇAMENTO!$AF$11)),\n         0)","v":0},{"$f":"IF(AND($D46=\"Serviço\",AC$12<>0,$H46>0,OR(AUTOEVENTO<>\"manual\",$M46<>$A$15)),\n        IF(Import.TipoArredondamento<>\"TransfereGOV\",\n              ROUND(OFFSET($P46,0,AC$13),15-13*ORÇAMENTO!$AF$7)/$H46*OFFSET(ORÇAMENTO!$X$15,ROW(AC46)-ROW(AC$15),0),\n              ROUND(ROUND(OFFSET($P46,0,AC$13),15-13*ORÇAMENTO!$AF$7)*OFFSET(ORÇAMENTO!$W$15,ROW(AC46)-ROW(AC$15),0),15-13*ORÇAMENTO!$AF$11)),\n         0)","v":0},{"$f":"IF(AND($D46=\"Serviço\",AD$12<>0,$H46>0,OR(AUTOEVENTO<>\"manual\",$M46<>$A$15)),\n        IF(Import.TipoArredondamento<>\"TransfereGOV\",\n              ROUND(OFFSET($P46,0,AD$13),15-13*ORÇAMENTO!$AF$7)/$H46*OFFSET(ORÇAMENTO!$X$15,ROW(AD46)-ROW(AD$15),0),\n              ROUND(ROUND(OFFSET($P46,0,AD$13),15-13*ORÇAMENTO!$AF$7)*OFFSET(ORÇAMENTO!$W$15,ROW(AD46)-ROW(AD$15),0),15-13*ORÇAMENTO!$AF$11)),\n         0)","v":0},{"$f":"IF(AND($D46=\"Serviço\",AE$12<>0,$H46>0,OR(AUTOEVENTO<>\"manual\",$M46<>$A$15)),\n        IF(Import.TipoArredondamento<>\"TransfereGOV\",\n              ROUND(OFFSET($P46,0,AE$13),15-13*ORÇAMENTO!$AF$7)/$H46*OFFSET(ORÇAMENTO!$X$15,ROW(AE46)-ROW(AE$15),0),\n              ROUND(ROUND(OFFSET($P46,0,AE$13),15-13*ORÇAMENTO!$AF$7)*OFFSET(ORÇAMENTO!$W$15,ROW(AE46)-ROW(AE$15),0),15-13*ORÇAMENTO!$AF$11)),\n         0)","v":0},{"$f":"IF(AND($D46=\"Serviço\",AF$12<>0,$H46>0,OR(AUTOEVENTO<>\"manual\",$M46<>$A$15)),\n        IF(Import.TipoArredondamento<>\"TransfereGOV\",\n              ROUND(OFFSET($P46,0,AF$13),15-13*ORÇAMENTO!$AF$7)/$H46*OFFSET(ORÇAMENTO!$X$15,ROW(AF46)-ROW(AF$15),0),\n              ROUND(ROUND(OFFSET($P46,0,AF$13),15-13*ORÇAMENTO!$AF$7)*OFFSET(ORÇAMENTO!$W$15,ROW(AF46)-ROW(AF$15),0),15-13*ORÇAMENTO!$AF$11)),\n         0)","v":0},{"$f":"IF(AND($D46=\"Serviço\",AG$12<>0,$H46>0,OR(AUTOEVENTO<>\"manual\",$M46<>$A$15)),\n        IF(Import.TipoArredondamento<>\"TransfereGOV\",\n              ROUND(OFFSET($P46,0,AG$13),15-13*ORÇAMENTO!$AF$7)/$H46*OFFSET(ORÇAMENTO!$X$15,ROW(AG46)-ROW(AG$15),0),\n              ROUND(ROUND(OFFSET($P46,0,AG$13),15-13*ORÇAMENTO!$AF$7)*OFFSET(ORÇAMENTO!$W$15,ROW(AG46)-ROW(AG$15),0),15-13*ORÇAMENTO!$AF$11)),\n         0)","v":0},{"$f":"IF(AND($D46=\"Serviço\",AH$12<>0,$H46>0,OR(AUTOEVENTO<>\"manual\",$M46<>$A$15)),\n        IF(Import.TipoArredondamento<>\"TransfereGOV\",\n              ROUND(OFFSET($P46,0,AH$13),15-13*ORÇAMENTO!$AF$7)/$H46*OFFSET(ORÇAMENTO!$X$15,ROW(AH46)-ROW(AH$15),0),\n              ROUND(ROUND(OFFSET($P46,0,AH$13),15-13*ORÇAMENTO!$AF$7)*OFFSET(ORÇAMENTO!$W$15,ROW(AH46)-ROW(AH$15),0),15-13*ORÇAMENTO!$AF$11)),\n         0)","v":0},{"$f":"IF(AND($D46=\"Serviço\",AI$12<>0,$H46>0,OR(AUTOEVENTO<>\"manual\",$M46<>$A$15)),\n        IF(Import.TipoArredondamento<>\"TransfereGOV\",\n              ROUND(OFFSET($P46,0,AI$13),15-13*ORÇAMENTO!$AF$7)/$H46*OFFSET(ORÇAMENTO!$X$15,ROW(AI46)-ROW(AI$15),0),\n              ROUND(ROUND(OFFSET($P46,0,AI$13),15-13*ORÇAMENTO!$AF$7)*OFFSET(ORÇAMENTO!$W$15,ROW(AI46)-ROW(AI$15),0),15-13*ORÇAMENTO!$AF$11)),\n         0)","v":0},{"$f":"IF(AND($D46=\"Serviço\",AJ$12<>0,$H46>0,OR(AUTOEVENTO<>\"manual\",$M46<>$A$15)),\n        IF(Import.TipoArredondamento<>\"TransfereGOV\",\n              ROUND(OFFSET($P46,0,AJ$13),15-13*ORÇAMENTO!$AF$7)/$H46*OFFSET(ORÇAMENTO!$X$15,ROW(AJ46)-ROW(AJ$15),0),\n              ROUND(ROUND(OFFSET($P46,0,AJ$13),15-13*ORÇAMENTO!$AF$7)*OFFSET(ORÇAMENTO!$W$15,ROW(AJ46)-ROW(AJ$15),0),15-13*ORÇAMENTO!$AF$11)),\n         0)","v":0},{"$f":"IF(AND($D46=\"Serviço\",AK$12<>0,$H46>0,OR(AUTOEVENTO<>\"manual\",$M46<>$A$15)),\n        IF(Import.TipoArredondamento<>\"TransfereGOV\",\n              ROUND(OFFSET($P46,0,AK$13),15-13*ORÇAMENTO!$AF$7)/$H46*OFFSET(ORÇAMENTO!$X$15,ROW(AK46)-ROW(AK$15),0),\n              ROUND(ROUND(OFFSET($P46,0,AK$13),15-13*ORÇAMENTO!$AF$7)*OFFSET(ORÇAMENTO!$W$15,ROW(AK46)-ROW(AK$15),0),15-13*ORÇAMENTO!$AF$11)),\n         0)","v":0},null,{"$f":"IF(OR($D46<>\"Serviço\",AND(AUTOEVENTO=\"Manual\",$M46=$A$15)),0,\n         IF(OFFSET(CRONOPLE!$F$15,$M46-$A$15,AM$13)=0,10^12,OFFSET(CRONOPLE!$F$15,$M46-$A$15,AM$13)))","v":2},{"$f":"IF(OR($D46<>\"Serviço\",AND(AUTOEVENTO=\"Manual\",$M46=$A$15)),0,\n         IF(OFFSET(CRONOPLE!$F$15,$M46-$A$15,AN$13)=0,10^12,OFFSET(CRONOPLE!$F$15,$M46-$A$15,AN$13)))","v":3},{"$f":"IF(OR($D46<>\"Serviço\",AND(AUTOEVENTO=\"Manual\",$M46=$A$15)),0,\n         IF(OFFSET(CRONOPLE!$F$15,$M46-$A$15,AO$13)=0,10^12,OFFSET(CRONOPLE!$F$15,$M46-$A$15,AO$13)))","v":1000000000000},{"$f":"IF(OR($D46<>\"Serviço\",AND(AUTOEVENTO=\"Manual\",$M46=$A$15)),0,\n         IF(OFFSET(CRONOPLE!$F$15,$M46-$A$15,AP$13)=0,10^12,OFFSET(CRONOPLE!$F$15,$M46-$A$15,AP$13)))","v":1000000000000},{"$f":"IF(OR($D46<>\"Serviço\",AND(AUTOEVENTO=\"Manual\",$M46=$A$15)),0,\n         IF(OFFSET(CRONOPLE!$F$15,$M46-$A$15,AQ$13)=0,10^12,OFFSET(CRONOPLE!$F$15,$M46-$A$15,AQ$13)))","v":1000000000000},{"$f":"IF(OR($D46<>\"Serviço\",AND(AUTOEVENTO=\"Manual\",$M46=$A$15)),0,\n         IF(OFFSET(CRONOPLE!$F$15,$M46-$A$15,AR$13)=0,10^12,OFFSET(CRONOPLE!$F$15,$M46-$A$15,AR$13)))","v":1000000000000},{"$f":"IF(OR($D46<>\"Serviço\",AND(AUTOEVENTO=\"Manual\",$M46=$A$15)),0,\n         IF(OFFSET(CRONOPLE!$F$15,$M46-$A$15,AS$13)=0,10^12,OFFSET(CRONOPLE!$F$15,$M46-$A$15,AS$13)))","v":1000000000000},{"$f":"IF(OR($D46<>\"Serviço\",AND(AUTOEVENTO=\"Manual\",$M46=$A$15)),0,\n         IF(OFFSET(CRONOPLE!$F$15,$M46-$A$15,AT$13)=0,10^12,OFFSET(CRONOPLE!$F$15,$M46-$A$15,AT$13)))","v":1000000000000},{"$f":"IF(OR($D46<>\"Serviço\",AND(AUTOEVENTO=\"Manual\",$M46=$A$15)),0,\n         IF(OFFSET(CRONOPLE!$F$15,$M46-$A$15,AU$13)=0,10^12,OFFSET(CRONOPLE!$F$15,$M46-$A$15,AU$13)))","v":1000000000000},{"$f":"IF(OR($D46<>\"Serviço\",AND(AUTOEVENTO=\"Manual\",$M46=$A$15)),0,\n         IF(OFFSET(CRONOPLE!$F$15,$M46-$A$15,AV$13)=0,10^12,OFFSET(CRONOPLE!$F$15,$M46-$A$15,AV$13)))","v":1000000000000},null,{"$f":"IF(OR($D46<>\"Serviço\",AND(AUTOEVENTO=\"Manual\",$M46=$A$15),$M46>(ROW(PLE.lastrow)-ROW(PLE.firstrow))),0,\n           IF(OFFSET(PLE!$G$15,$M46-$A$15,AX$13)=\"\",10^12,OFFSET(PLE!$G$15,$M46-$A$15,AX$13)))","v":1000000000000},{"$f":"IF(OR($D46<>\"Serviço\",AND(AUTOEVENTO=\"Manual\",$M46=$A$15),$M46>(ROW(PLE.lastrow)-ROW(PLE.firstrow))),0,\n           IF(OFFSET(PLE!$G$15,$M46-$A$15,AY$13)=\"\",10^12,OFFSET(PLE!$G$15,$M46-$A$15,AY$13)))","v":1000000000000},{"$f":"IF(OR($D46<>\"Serviço\",AND(AUTOEVENTO=\"Manual\",$M46=$A$15),$M46>(ROW(PLE.lastrow)-ROW(PLE.firstrow))),0,\n           IF(OFFSET(PLE!$G$15,$M46-$A$15,AZ$13)=\"\",10^12,OFFSET(PLE!$G$15,$M46-$A$15,AZ$13)))","v":1000000000000},{"$f":"IF(OR($D46<>\"Serviço\",AND(AUTOEVENTO=\"Manual\",$M46=$A$15),$M46>(ROW(PLE.lastrow)-ROW(PLE.firstrow))),0,\n           IF(OFFSET(PLE!$G$15,$M46-$A$15,BA$13)=\"\",10^12,OFFSET(PLE!$G$15,$M46-$A$15,BA$13)))","v":1000000000000},{"$f":"IF(OR($D46<>\"Serviço\",AND(AUTOEVENTO=\"Manual\",$M46=$A$15),$M46>(ROW(PLE.lastrow)-ROW(PLE.firstrow))),0,\n           IF(OFFSET(PLE!$G$15,$M46-$A$15,BB$13)=\"\",10^12,OFFSET(PLE!$G$15,$M46-$A$15,BB$13)))","v":1000000000000},{"$f":"IF(OR($D46<>\"Serviço\",AND(AUTOEVENTO=\"Manual\",$M46=$A$15),$M46>(ROW(PLE.lastrow)-ROW(PLE.firstrow))),0,\n           IF(OFFSET(PLE!$G$15,$M46-$A$15,BC$13)=\"\",10^12,OFFSET(PLE!$G$15,$M46-$A$15,BC$13)))","v":1000000000000},{"$f":"IF(OR($D46<>\"Serviço\",AND(AUTOEVENTO=\"Manual\",$M46=$A$15),$M46>(ROW(PLE.lastrow)-ROW(PLE.firstrow))),0,\n           IF(OFFSET(PLE!$G$15,$M46-$A$15,BD$13)=\"\",10^12,OFFSET(PLE!$G$15,$M46-$A$15,BD$13)))","v":1000000000000},{"$f":"IF(OR($D46<>\"Serviço\",AND(AUTOEVENTO=\"Manual\",$M46=$A$15),$M46>(ROW(PLE.lastrow)-ROW(PLE.firstrow))),0,\n           IF(OFFSET(PLE!$G$15,$M46-$A$15,BE$13)=\"\",10^12,OFFSET(PLE!$G$15,$M46-$A$15,BE$13)))","v":1000000000000},{"$f":"IF(OR($D46<>\"Serviço\",AND(AUTOEVENTO=\"Manual\",$M46=$A$15),$M46>(ROW(PLE.lastrow)-ROW(PLE.firstrow))),0,\n           IF(OFFSET(PLE!$G$15,$M46-$A$15,BF$13)=\"\",10^12,OFFSET(PLE!$G$15,$M46-$A$15,BF$13)))","v":1000000000000},{"$f":"IF(OR($D46<>\"Serviço\",AND(AUTOEVENTO=\"Manual\",$M46=$A$15),$M46>(ROW(PLE.lastrow)-ROW(PLE.firstrow))),0,\n           IF(OFFSET(PLE!$G$15,$M46-$A$15,BG$13)=\"\",10^12,OFFSET(PLE!$G$15,$M46-$A$15,BG$13)))","v":1000000000000}]
[23,{"$f":"OFFSET(ORÇAMENTO!C$15,$L47,0)","v":"S"},{"$f":"OFFSET(ORÇAMENTO!L$15,$L47,0)","v":"F"},{"$f":"OFFSET(ORÇAMENTO!N$15,$L47,0)","v":"Serviço"},{"$f":"OFFSET(ORÇAMENTO!O$15,$L47,0)","v":"1.5.7."},{"$f":"OFFSET(ORÇAMENTO!R$15,$L47,0)","v":"GUARDA-CORPO DE AÇO GALVANIZADO DE 1,10M, MONTANTES TUBULARES DE 1.1/4\" ESPAÇADOS DE 1,20M, TRAVESSA SUPERIOR DE 1.1/2\", GRADIL FORMADO POR TUBOS HORIZONTAIS DE 1\" E VERTICAIS DE 3/4\", FIXADO COM CHUMBADOR MECÂNICO. AF_04/2019_PS"},{"$f":"IF($D47<>\"Serviço\",\"\",OFFSET(ORÇAMENTO!S$15,$L47,0))","v":"M"},{"$f":"IF($D47<>\"Serviço\",0,IF(ACOMPANHAMENTO=\"BM\",ROUND(OFFSET(ORÇAMENTO!AJ$15,$L47,0),15-13*ORÇAMENTO!$AF$7),IF(IFERROR(CÁLCULO.FrentesPreenchidas,0)=0,0,SUM(ROUND(OFFSET($P47,0,1,1,CÁLCULO.FrentesPreenchidas),15-13*ORÇAMENTO!$AF$7)))))","v":6.6},"CONTORNO ÁREA - 4,90+0,85+0,85 ",{"$f":"IF(OR(B47<>\"S\",CÁLCULO.FrentesPreenchidas=0),\"\",IF(AND(ACOMPANHAMENTO=\"PLE\",AUTOEVENTO=\"Manual\",OR(H47>0,ORÇAMENTO!AC47=\"QUANT.\"),OR(K47=\"\",M47=0,N47=\"\")),\"►E\",IF(AND(ACOMPANHAMENTO=\"PLE\",ORÇAMENTO!AC47=\"QUANT.\"),\"►Q\",IF(AND(ACOMPANHAMENTO=\"PLE\",H47<>SUMPRODUCT(($Q$1:$AA$1=1)*ROUND(Q47:AA47,15))),\"►S\",IF(AND(COUNTIF($P$11:$AA$11,\"▼\")=0,H47>0,I47=\"\"),\"◄M\",\"\")))))","v":""},"23.Instalação de corrimão e guarda-corpo",32,{"$f":"IF($D47<>\"Serviço\",\"\",\n          IF(AUTOEVENTO=\"manual\",$A47,\n                IF(ISERROR(MATCH($A47,$A$15:OFFSET($A47,-1,0),0)),MAX($M$15:OFFSET(M47,-1,0))+1,\n                      INDEX($M$15:OFFSET(M47,-1,0),MATCH($A47,$A$15:OFFSET($A47,-1,0),0)))))","v":23},{"$f":"IF($D47<>\"Serviço\",\"\",\n         IF(AUTOEVENTO=\"Manual\",\n                IF($A47=0,\"<-- defina o número do agrupador\",\n                       OFFSET(EVENTOS!$D$15,$A47-$A$15,0)),\n                OFFSET($F$15,$A47,0)))","v":0},null,null,{"$f":"(4.9+0.85+0.85 )/2","v":3.3},{"$f":"(4.9+0.85+0.85 )/2","v":3.3},null,null,null,null,null,null,null,null,null,{"$f":"IF(AND($D47=\"Serviço\",AB$12<>0,$H47>0,OR(AUTOEVENTO<>\"manual\",$M47<>$A$15)),\n        IF(Import.TipoArredondamento<>\"TransfereGOV\",\n              ROUND(OFFSET($P47,0,AB$13),15-13*ORÇAMENTO!$AF$7)/$H47*OFFSET(ORÇAMENTO!$X$15,ROW(AB47)-ROW(AB$15),0),\n              ROUND(ROUND(OFFSET($P47,0,AB$13),15-13*ORÇAMENTO!$AF$7)*OFFSET(ORÇAMENTO!$W$15,ROW(AB47)-ROW(AB$15),0),15-13*ORÇAMENTO!$AF$11)),\n         0)","v":0},{"$f":"IF(AND($D47=\"Serviço\",AC$12<>0,$H47>0,OR(AUTOEVENTO<>\"manual\",$M47<>$A$15)),\n        IF(Import.TipoArredondamento<>\"TransfereGOV\",\n              ROUND(OFFSET($P47,0,AC$13),15-13*ORÇAMENTO!$AF$7)/$H47*OFFSET(ORÇAMENTO!$X$15,ROW(AC47)-ROW(AC$15),0),\n              ROUND(ROUND(OFFSET($P47,0,AC$13),15-13*ORÇAMENTO!$AF$7)*OFFSET(ORÇAMENTO!$W$15,ROW(AC47)-ROW(AC$15),0),15-13*ORÇAMENTO!$AF$11)),\n         0)","v":0},{"$f":"IF(AND($D47=\"Serviço\",AD$12<>0,$H47>0,OR(AUTOEVENTO<>\"manual\",$M47<>$A$15)),\n        IF(Import.TipoArredondamento<>\"TransfereGOV\",\n              ROUND(OFFSET($P47,0,AD$13),15-13*ORÇAMENTO!$AF$7)/$H47*OFFSET(ORÇAMENTO!$X$15,ROW(AD47)-ROW(AD$15),0),\n              ROUND(ROUND(OFFSET($P47,0,AD$13),15-13*ORÇAMENTO!$AF$7)*OFFSET(ORÇAMENTO!$W$15,ROW(AD47)-ROW(AD$15),0),15-13*ORÇAMENTO!$AF$11)),\n         0)","v":0},{"$f":"IF(AND($D47=\"Serviço\",AE$12<>0,$H47>0,OR(AUTOEVENTO<>\"manual\",$M47<>$A$15)),\n        IF(Import.TipoArredondamento<>\"TransfereGOV\",\n              ROUND(OFFSET($P47,0,AE$13),15-13*ORÇAMENTO!$AF$7)/$H47*OFFSET(ORÇAMENTO!$X$15,ROW(AE47)-ROW(AE$15),0),\n              ROUND(ROUND(OFFSET($P47,0,AE$13),15-13*ORÇAMENTO!$AF$7)*OFFSET(ORÇAMENTO!$W$15,ROW(AE47)-ROW(AE$15),0),15-13*ORÇAMENTO!$AF$11)),\n         0)","v":0},{"$f":"IF(AND($D47=\"Serviço\",AF$12<>0,$H47>0,OR(AUTOEVENTO<>\"manual\",$M47<>$A$15)),\n        IF(Import.TipoArredondamento<>\"TransfereGOV\",\n              ROUND(OFFSET($P47,0,AF$13),15-13*ORÇAMENTO!$AF$7)/$H47*OFFSET(ORÇAMENTO!$X$15,ROW(AF47)-ROW(AF$15),0),\n              ROUND(ROUND(OFFSET($P47,0,AF$13),15-13*ORÇAMENTO!$AF$7)*OFFSET(ORÇAMENTO!$W$15,ROW(AF47)-ROW(AF$15),0),15-13*ORÇAMENTO!$AF$11)),\n         0)","v":0},{"$f":"IF(AND($D47=\"Serviço\",AG$12<>0,$H47>0,OR(AUTOEVENTO<>\"manual\",$M47<>$A$15)),\n        IF(Import.TipoArredondamento<>\"TransfereGOV\",\n              ROUND(OFFSET($P47,0,AG$13),15-13*ORÇAMENTO!$AF$7)/$H47*OFFSET(ORÇAMENTO!$X$15,ROW(AG47)-ROW(AG$15),0),\n              ROUND(ROUND(OFFSET($P47,0,AG$13),15-13*ORÇAMENTO!$AF$7)*OFFSET(ORÇAMENTO!$W$15,ROW(AG47)-ROW(AG$15),0),15-13*ORÇAMENTO!$AF$11)),\n         0)","v":0},{"$f":"IF(AND($D47=\"Serviço\",AH$12<>0,$H47>0,OR(AUTOEVENTO<>\"manual\",$M47<>$A$15)),\n        IF(Import.TipoArredondamento<>\"TransfereGOV\",\n              ROUND(OFFSET($P47,0,AH$13),15-13*ORÇAMENTO!$AF$7)/$H47*OFFSET(ORÇAMENTO!$X$15,ROW(AH47)-ROW(AH$15),0),\n              ROUND(ROUND(OFFSET($P47,0,AH$13),15-13*ORÇAMENTO!$AF$7)*OFFSET(ORÇAMENTO!$W$15,ROW(AH47)-ROW(AH$15),0),15-13*ORÇAMENTO!$AF$11)),\n         0)","v":0},{"$f":"IF(AND($D47=\"Serviço\",AI$12<>0,$H47>0,OR(AUTOEVENTO<>\"manual\",$M47<>$A$15)),\n        IF(Import.TipoArredondamento<>\"TransfereGOV\",\n              ROUND(OFFSET($P47,0,AI$13),15-13*ORÇAMENTO!$AF$7)/$H47*OFFSET(ORÇAMENTO!$X$15,ROW(AI47)-ROW(AI$15),0),\n              ROUND(ROUND(OFFSET($P47,0,AI$13),15-13*ORÇAMENTO!$AF$7)*OFFSET(ORÇAMENTO!$W$15,ROW(AI47)-ROW(AI$15),0),15-13*ORÇAMENTO!$AF$11)),\n         0)","v":0},{"$f":"IF(AND($D47=\"Serviço\",AJ$12<>0,$H47>0,OR(AUTOEVENTO<>\"manual\",$M47<>$A$15)),\n        IF(Import.TipoArredondamento<>\"TransfereGOV\",\n              ROUND(OFFSET($P47,0,AJ$13),15-13*ORÇAMENTO!$AF$7)/$H47*OFFSET(ORÇAMENTO!$X$15,ROW(AJ47)-ROW(AJ$15),0),\n              ROUND(ROUND(OFFSET($P47,0,AJ$13),15-13*ORÇAMENTO!$AF$7)*OFFSET(ORÇAMENTO!$W$15,ROW(AJ47)-ROW(AJ$15),0),15-13*ORÇAMENTO!$AF$11)),\n         0)","v":0},{"$f":"IF(AND($D47=\"Serviço\",AK$12<>0,$H47>0,OR(AUTOEVENTO<>\"manual\",$M47<>$A$15)),\n        IF(Import.TipoArredondamento<>\"TransfereGOV\",\n              ROUND(OFFSET($P47,0,AK$13),15-13*ORÇAMENTO!$AF$7)/$H47*OFFSET(ORÇAMENTO!$X$15,ROW(AK47)-ROW(AK$15),0),\n              ROUND(ROUND(OFFSET($P47,0,AK$13),15-13*ORÇAMENTO!$AF$7)*OFFSET(ORÇAMENTO!$W$15,ROW(AK47)-ROW(AK$15),0),15-13*ORÇAMENTO!$AF$11)),\n         0)","v":0},null,{"$f":"IF(OR($D47<>\"Serviço\",AND(AUTOEVENTO=\"Manual\",$M47=$A$15)),0,\n         IF(OFFSET(CRONOPLE!$F$15,$M47-$A$15,AM$13)=0,10^12,OFFSET(CRONOPLE!$F$15,$M47-$A$15,AM$13)))","v":1000000000000},{"$f":"IF(OR($D47<>\"Serviço\",AND(AUTOEVENTO=\"Manual\",$M47=$A$15)),0,\n         IF(OFFSET(CRONOPLE!$F$15,$M47-$A$15,AN$13)=0,10^12,OFFSET(CRONOPLE!$F$15,$M47-$A$15,AN$13)))","v":1000000000000},{"$f":"IF(OR($D47<>\"Serviço\",AND(AUTOEVENTO=\"Manual\",$M47=$A$15)),0,\n         IF(OFFSET(CRONOPLE!$F$15,$M47-$A$15,AO$13)=0,10^12,OFFSET(CRONOPLE!$F$15,$M47-$A$15,AO$13)))","v":1000000000000},{"$f":"IF(OR($D47<>\"Serviço\",AND(AUTOEVENTO=\"Manual\",$M47=$A$15)),0,\n         IF(OFFSET(CRONOPLE!$F$15,$M47-$A$15,AP$13)=0,10^12,OFFSET(CRONOPLE!$F$15,$M47-$A$15,AP$13)))","v":1000000000000},{"$f":"IF(OR($D47<>\"Serviço\",AND(AUTOEVENTO=\"Manual\",$M47=$A$15)),0,\n         IF(OFFSET(CRONOPLE!$F$15,$M47-$A$15,AQ$13)=0,10^12,OFFSET(CRONOPLE!$F$15,$M47-$A$15,AQ$13)))","v":1000000000000},{"$f":"IF(OR($D47<>\"Serviço\",AND(AUTOEVENTO=\"Manual\",$M47=$A$15)),0,\n         IF(OFFSET(CRONOPLE!$F$15,$M47-$A$15,AR$13)=0,10^12,OFFSET(CRONOPLE!$F$15,$M47-$A$15,AR$13)))","v":1000000000000},{"$f":"IF(OR($D47<>\"Serviço\",AND(AUTOEVENTO=\"Manual\",$M47=$A$15)),0,\n         IF(OFFSET(CRONOPLE!$F$15,$M47-$A$15,AS$13)=0,10^12,OFFSET(CRONOPLE!$F$15,$M47-$A$15,AS$13)))","v":1000000000000},{"$f":"IF(OR($D47<>\"Serviço\",AND(AUTOEVENTO=\"Manual\",$M47=$A$15)),0,\n         IF(OFFSET(CRONOPLE!$F$15,$M47-$A$15,AT$13)=0,10^12,OFFSET(CRONOPLE!$F$15,$M47-$A$15,AT$13)))","v":1000000000000},{"$f":"IF(OR($D47<>\"Serviço\",AND(AUTOEVENTO=\"Manual\",$M47=$A$15)),0,\n         IF(OFFSET(CRONOPLE!$F$15,$M47-$A$15,AU$13)=0,10^12,OFFSET(CRONOPLE!$F$15,$M47-$A$15,AU$13)))","v":1000000000000},{"$f":"IF(OR($D47<>\"Serviço\",AND(AUTOEVENTO=\"Manual\",$M47=$A$15)),0,\n         IF(OFFSET(CRONOPLE!$F$15,$M47-$A$15,AV$13)=0,10^12,OFFSET(CRONOPLE!$F$15,$M47-$A$15,AV$13)))","v":1000000000000},null,{"$f":"IF(OR($D47<>\"Serviço\",AND(AUTOEVENTO=\"Manual\",$M47=$A$15),$M47>(ROW(PLE.lastrow)-ROW(PLE.firstrow))),0,\n           IF(OFFSET(PLE!$G$15,$M47-$A$15,AX$13)=\"\",10^12,OFFSET(PLE!$G$15,$M47-$A$15,AX$13)))","v":1000000000000},{"$f":"IF(OR($D47<>\"Serviço\",AND(AUTOEVENTO=\"Manual\",$M47=$A$15),$M47>(ROW(PLE.lastrow)-ROW(PLE.firstrow))),0,\n           IF(OFFSET(PLE!$G$15,$M47-$A$15,AY$13)=\"\",10^12,OFFSET(PLE!$G$15,$M47-$A$15,AY$13)))","v":1000000000000},{"$f":"IF(OR($D47<>\"Serviço\",AND(AUTOEVENTO=\"Manual\",$M47=$A$15),$M47>(ROW(PLE.lastrow)-ROW(PLE.firstrow))),0,\n           IF(OFFSET(PLE!$G$15,$M47-$A$15,AZ$13)=\"\",10^12,OFFSET(PLE!$G$15,$M47-$A$15,AZ$13)))","v":1000000000000},{"$f":"IF(OR($D47<>\"Serviço\",AND(AUTOEVENTO=\"Manual\",$M47=$A$15),$M47>(ROW(PLE.lastrow)-ROW(PLE.firstrow))),0,\n           IF(OFFSET(PLE!$G$15,$M47-$A$15,BA$13)=\"\",10^12,OFFSET(PLE!$G$15,$M47-$A$15,BA$13)))","v":1000000000000},{"$f":"IF(OR($D47<>\"Serviço\",AND(AUTOEVENTO=\"Manual\",$M47=$A$15),$M47>(ROW(PLE.lastrow)-ROW(PLE.firstrow))),0,\n           IF(OFFSET(PLE!$G$15,$M47-$A$15,BB$13)=\"\",10^12,OFFSET(PLE!$G$15,$M47-$A$15,BB$13)))","v":1000000000000},{"$f":"IF(OR($D47<>\"Serviço\",AND(AUTOEVENTO=\"Manual\",$M47=$A$15),$M47>(ROW(PLE.lastrow)-ROW(PLE.firstrow))),0,\n           IF(OFFSET(PLE!$G$15,$M47-$A$15,BC$13)=\"\",10^12,OFFSET(PLE!$G$15,$M47-$A$15,BC$13)))","v":1000000000000},{"$f":"IF(OR($D47<>\"Serviço\",AND(AUTOEVENTO=\"Manual\",$M47=$A$15),$M47>(ROW(PLE.lastrow)-ROW(PLE.firstrow))),0,\n           IF(OFFSET(PLE!$G$15,$M47-$A$15,BD$13)=\"\",10^12,OFFSET(PLE!$G$15,$M47-$A$15,BD$13)))","v":1000000000000},{"$f":"IF(OR($D47<>\"Serviço\",AND(AUTOEVENTO=\"Manual\",$M47=$A$15),$M47>(ROW(PLE.lastrow)-ROW(PLE.firstrow))),0,\n           IF(OFFSET(PLE!$G$15,$M47-$A$15,BE$13)=\"\",10^12,OFFSET(PLE!$G$15,$M47-$A$15,BE$13)))","v":1000000000000},{"$f":"IF(OR($D47<>\"Serviço\",AND(AUTOEVENTO=\"Manual\",$M47=$A$15),$M47>(ROW(PLE.lastrow)-ROW(PLE.firstrow))),0,\n           IF(OFFSET(PLE!$G$15,$M47-$A$15,BF$13)=\"\",10^12,OFFSET(PLE!$G$15,$M47-$A$15,BF$13)))","v":1000000000000},{"$f":"IF(OR($D47<>\"Serviço\",AND(AUTOEVENTO=\"Manual\",$M47=$A$15),$M47>(ROW(PLE.lastrow)-ROW(PLE.firstrow))),0,\n           IF(OFFSET(PLE!$G$15,$M47-$A$15,BG$13)=\"\",10^12,OFFSET(PLE!$G$15,$M47-$A$15,BG$13)))","v":1000000000000}]
[{"$f":"IFERROR(IF(AUTOEVENTO=\"Manual\",IF(K48<>\"\",MIN(VALUE(LEFT(K48,FIND(\".\",K48)-1)),COUNTA(EVENTOS.Lista)),0),IF(OR($B48>AUTOEVENTO,$B48=\"S\",$B48=0),SUBSTITUTE(OFFSET($A48,-1,0),IF($D48=\"Serviço\",\".\",\"\"),\"\"),$L48&\".\")),0)","v":11},{"$f":"OFFSET(ORÇAMENTO!C$15,$L48,0)","v":"S"},{"$f":"OFFSET(ORÇAMENTO!L$15,$L48,0)","v":"F"},{"$f":"OFFSET(ORÇAMENTO!N$15,$L48,0)","v":"Serviço"},{"$f":"OFFSET(ORÇAMENTO!O$15,$L48,0)","v":"1.5.8."},{"$f":"OFFSET(ORÇAMENTO!R$15,$L48,0)","v":"PINTURA E DEMARCACAO NO PISO PARA SINALIZAR VAGA, USO INTERNO OU EXTERNO, COM O SIMBOLO \"CADEIRANTE\", NA MEDIDA DE (0,90 X 1,20)M"},{"$f":"IF($D48<>\"Serviço\",\"\",OFFSET(ORÇAMENTO!S$15,$L48,0))","v":"UN"},{"$f":"IF($D48<>\"Serviço\",0,IF(ACOMPANHAMENTO=\"BM\",ROUND(OFFSET(ORÇAMENTO!AJ$15,$L48,0),15-13*ORÇAMENTO!$AF$7),IF(IFERROR(CÁLCULO.FrentesPreenchidas,0)=0,0,SUM(ROUND(OFFSET($P48,0,1,1,CÁLCULO.FrentesPreenchidas),15-13*ORÇAMENTO!$AF$7)))))","v":5},"SIMBOLO CADEIRANTE - 5 UNDS",{"$f":"IF(OR(B48<>\"S\",CÁLCULO.FrentesPreenchidas=0),\"\",IF(AND(ACOMPANHAMENTO=\"PLE\",AUTOEVENTO=\"Manual\",OR(H48>0,ORÇAMENTO!AC48=\"QUANT.\"),OR(K48=\"\",M48=0,N48=\"\")),\"►E\",IF(AND(ACOMPANHAMENTO=\"PLE\",ORÇAMENTO!AC48=\"QUANT.\"),\"►Q\",IF(AND(ACOMPANHAMENTO=\"PLE\",H48<>SUMPRODUCT(($Q$1:$AA$1=1)*ROUND(Q48:AA48,15))),\"►S\",IF(AND(COUNTIF($P$11:$AA$11,\"▼\")=0,H48>0,I48=\"\"),\"◄M\",\"\")))))","v":""},"11.Pintura de piso e paredes",33,{"$f":"IF($D48<>\"Serviço\",\"\",\n          IF(AUTOEVENTO=\"manual\",$A48,\n                IF(ISERROR(MATCH($A48,$A$15:OFFSET($A48,-1,0),0)),MAX($M$15:OFFSET(M48,-1,0))+1,\n                      INDEX($M$15:OFFSET(M48,-1,0),MATCH($A48,$A$15:OFFSET($A48,-1,0),0)))))","v":11},{"$f":"IF($D48<>\"Serviço\",\"\",\n         IF(AUTOEVENTO=\"Manual\",\n                IF($A48=0,\"<-- defina o número do agrupador\",\n                       OFFSET(EVENTOS!$D$15,$A48-$A$15,0)),\n                OFFSET($F$15,$A48,0)))","v":"Pintura de superfícies metálicas"},null,null,2,3,null,null,null,null,null,null,null,null,null,{"$f":"IF(AND($D48=\"Serviço\",AB$12<>0,$H48>0,OR(AUTOEVENTO<>\"manual\",$M48<>$A$15)),\n        IF(Import.TipoArredondamento<>\"TransfereGOV\",\n              ROUND(OFFSET($P48,0,AB$13),15-13*ORÇAMENTO!$AF$7)/$H48*OFFSET(ORÇAMENTO!$X$15,ROW(AB48)-ROW(AB$15),0),\n              ROUND(ROUND(OFFSET($P48,0,AB$13),15-13*ORÇAMENTO!$AF$7)*OFFSET(ORÇAMENTO!$W$15,ROW(AB48)-ROW(AB$15),0),15-13*ORÇAMENTO!$AF$11)),\n         0)","v":0},{"$f":"IF(AND($D48=\"Serviço\",AC$12<>0,$H48>0,OR(AUTOEVENTO<>\"manual\",$M48<>$A$15)),\n        IF(Import.TipoArredondamento<>\"TransfereGOV\",\n              ROUND(OFFSET($P48,0,AC$13),15-13*ORÇAMENTO!$AF$7)/$H48*OFFSET(ORÇAMENTO!$X$15,ROW(AC48)-ROW(AC$15),0),\n              ROUND(ROUND(OFFSET($P48,0,AC$13),15-13*ORÇAMENTO!$AF$7)*OFFSET(ORÇAMENTO!$W$15,ROW(AC48)-ROW(AC$15),0),15-13*ORÇAMENTO!$AF$11)),\n         0)","v":0},{"$f":"IF(AND($D48=\"Serviço\",AD$12<>0,$H48>0,OR(AUTOEVENTO<>\"manual\",$M48<>$A$15)),\n        IF(Import.TipoArredondamento<>\"TransfereGOV\",\n              ROUND(OFFSET($P48,0,AD$13),15-13*ORÇAMENTO!$AF$7)/$H48*OFFSET(ORÇAMENTO!$X$15,ROW(AD48)-ROW(AD$15),0),\n              ROUND(ROUND(OFFSET($P48,0,AD$13),15-13*ORÇAMENTO!$AF$7)*OFFSET(ORÇAMENTO!$W$15,ROW(AD48)-ROW(AD$15),0),15-13*ORÇAMENTO!$AF$11)),\n         0)","v":0},{"$f":"IF(AND($D48=\"Serviço\",AE$12<>0,$H48>0,OR(AUTOEVENTO<>\"manual\",$M48<>$A$15)),\n        IF(Import.TipoArredondamento<>\"TransfereGOV\",\n              ROUND(OFFSET($P48,0,AE$13),15-13*ORÇAMENTO!$AF$7)/$H48*OFFSET(ORÇAMENTO!$X$15,ROW(AE48)-ROW(AE$15),0),\n              ROUND(ROUND(OFFSET($P48,0,AE$13),15-13*ORÇAMENTO!$AF$7)*OFFSET(ORÇAMENTO!$W$15,ROW(AE48)-ROW(AE$15),0),15-13*ORÇAMENTO!$AF$11)),\n         0)","v":0},{"$f":"IF(AND($D48=\"Serviço\",AF$12<>0,$H48>0,OR(AUTOEVENTO<>\"manual\",$M48<>$A$15)),\n        IF(Import.TipoArredondamento<>\"TransfereGOV\",\n              ROUND(OFFSET($P48,0,AF$13),15-13*ORÇAMENTO!$AF$7)/$H48*OFFSET(ORÇAMENTO!$X$15,ROW(AF48)-ROW(AF$15),0),\n              ROUND(ROUND(OFFSET($P48,0,AF$13),15-13*ORÇAMENTO!$AF$7)*OFFSET(ORÇAMENTO!$W$15,ROW(AF48)-ROW(AF$15),0),15-13*ORÇAMENTO!$AF$11)),\n         0)","v":0},{"$f":"IF(AND($D48=\"Serviço\",AG$12<>0,$H48>0,OR(AUTOEVENTO<>\"manual\",$M48<>$A$15)),\n        IF(Import.TipoArredondamento<>\"TransfereGOV\",\n              ROUND(OFFSET($P48,0,AG$13),15-13*ORÇAMENTO!$AF$7)/$H48*OFFSET(ORÇAMENTO!$X$15,ROW(AG48)-ROW(AG$15),0),\n              ROUND(ROUND(OFFSET($P48,0,AG$13),15-13*ORÇAMENTO!$AF$7)*OFFSET(ORÇAMENTO!$W$15,ROW(AG48)-ROW(AG$15),0),15-13*ORÇAMENTO!$AF$11)),\n         0)","v":0},{"$f":"IF(AND($D48=\"Serviço\",AH$12<>0,$H48>0,OR(AUTOEVENTO<>\"manual\",$M48<>$A$15)),\n        IF(Import.TipoArredondamento<>\"TransfereGOV\",\n              ROUND(OFFSET($P48,0,AH$13),15-13*ORÇAMENTO!$AF$7)/$H48*OFFSET(ORÇAMENTO!$X$15,ROW(AH48)-ROW(AH$15),0),\n              ROUND(ROUND(OFFSET($P48,0,AH$13),15-13*ORÇAMENTO!$AF$7)*OFFSET(ORÇAMENTO!$W$15,ROW(AH48)-ROW(AH$15),0),15-13*ORÇAMENTO!$AF$11)),\n         0)","v":0},{"$f":"IF(AND($D48=\"Serviço\",AI$12<>0,$H48>0,OR(AUTOEVENTO<>\"manual\",$M48<>$A$15)),\n        IF(Import.TipoArredondamento<>\"TransfereGOV\",\n              ROUND(OFFSET($P48,0,AI$13),15-13*ORÇAMENTO!$AF$7)/$H48*OFFSET(ORÇAMENTO!$X$15,ROW(AI48)-ROW(AI$15),0),\n              ROUND(ROUND(OFFSET($P48,0,AI$13),15-13*ORÇAMENTO!$AF$7)*OFFSET(ORÇAMENTO!$W$15,ROW(AI48)-ROW(AI$15),0),15-13*ORÇAMENTO!$AF$11)),\n         0)","v":0},{"$f":"IF(AND($D48=\"Serviço\",AJ$12<>0,$H48>0,OR(AUTOEVENTO<>\"manual\",$M48<>$A$15)),\n        IF(Import.TipoArredondamento<>\"TransfereGOV\",\n              ROUND(OFFSET($P48,0,AJ$13),15-13*ORÇAMENTO!$AF$7)/$H48*OFFSET(ORÇAMENTO!$X$15,ROW(AJ48)-ROW(AJ$15),0),\n              ROUND(ROUND(OFFSET($P48,0,AJ$13),15-13*ORÇAMENTO!$AF$7)*OFFSET(ORÇAMENTO!$W$15,ROW(AJ48)-ROW(AJ$15),0),15-13*ORÇAMENTO!$AF$11)),\n         0)","v":0},{"$f":"IF(AND($D48=\"Serviço\",AK$12<>0,$H48>0,OR(AUTOEVENTO<>\"manual\",$M48<>$A$15)),\n        IF(Import.TipoArredondamento<>\"TransfereGOV\",\n              ROUND(OFFSET($P48,0,AK$13),15-13*ORÇAMENTO!$AF$7)/$H48*OFFSET(ORÇAMENTO!$X$15,ROW(AK48)-ROW(AK$15),0),\n              ROUND(ROUND(OFFSET($P48,0,AK$13),15-13*ORÇAMENTO!$AF$7)*OFFSET(ORÇAMENTO!$W$15,ROW(AK48)-ROW(AK$15),0),15-13*ORÇAMENTO!$AF$11)),\n         0)","v":0},null,{"$f":"IF(OR($D48<>\"Serviço\",AND(AUTOEVENTO=\"Manual\",$M48=$A$15)),0,\n         IF(OFFSET(CRONOPLE!$F$15,$M48-$A$15,AM$13)=0,10^12,OFFSET(CRONOPLE!$F$15,$M48-$A$15,AM$13)))","v":5},{"$f":"IF(OR($D48<>\"Serviço\",AND(AUTOEVENTO=\"Manual\",$M48=$A$15)),0,\n         IF(OFFSET(CRONOPLE!$F$15,$M48-$A$15,AN$13)=0,10^12,OFFSET(CRONOPLE!$F$15,$M48-$A$15,AN$13)))","v":6},{"$f":"IF(OR($D48<>\"Serviço\",AND(AUTOEVENTO=\"Manual\",$M48=$A$15)),0,\n         IF(OFFSET(CRONOPLE!$F$15,$M48-$A$15,AO$13)=0,10^12,OFFSET(CRONOPLE!$F$15,$M48-$A$15,AO$13)))","v":1000000000000},{"$f":"IF(OR($D48<>\"Serviço\",AND(AUTOEVENTO=\"Manual\",$M48=$A$15)),0,\n         IF(OFFSET(CRONOPLE!$F$15,$M48-$A$15,AP$13)=0,10^12,OFFSET(CRONOPLE!$F$15,$M48-$A$15,AP$13)))","v":1000000000000},{"$f":"IF(OR($D48<>\"Serviço\",AND(AUTOEVENTO=\"Manual\",$M48=$A$15)),0,\n         IF(OFFSET(CRONOPLE!$F$15,$M48-$A$15,AQ$13)=0,10^12,OFFSET(CRONOPLE!$F$15,$M48-$A$15,AQ$13)))","v":1000000000000},{"$f":"IF(OR($D48<>\"Serviço\",AND(AUTOEVENTO=\"Manual\",$M48=$A$15)),0,\n         IF(OFFSET(CRONOPLE!$F$15,$M48-$A$15,AR$13)=0,10^12,OFFSET(CRONOPLE!$F$15,$M48-$A$15,AR$13)))","v":1000000000000},{"$f":"IF(OR($D48<>\"Serviço\",AND(AUTOEVENTO=\"Manual\",$M48=$A$15)),0,\n         IF(OFFSET(CRONOPLE!$F$15,$M48-$A$15,AS$13)=0,10^12,OFFSET(CRONOPLE!$F$15,$M48-$A$15,AS$13)))","v":1000000000000},{"$f":"IF(OR($D48<>\"Serviço\",AND(AUTOEVENTO=\"Manual\",$M48=$A$15)),0,\n         IF(OFFSET(CRONOPLE!$F$15,$M48-$A$15,AT$13)=0,10^12,OFFSET(CRONOPLE!$F$15,$M48-$A$15,AT$13)))","v":1000000000000},{"$f":"IF(OR($D48<>\"Serviço\",AND(AUTOEVENTO=\"Manual\",$M48=$A$15)),0,\n         IF(OFFSET(CRONOPLE!$F$15,$M48-$A$15,AU$13)=0,10^12,OFFSET(CRONOPLE!$F$15,$M48-$A$15,AU$13)))","v":1000000000000},{"$f":"IF(OR($D48<>\"Serviço\",AND(AUTOEVENTO=\"Manual\",$M48=$A$15)),0,\n         IF(OFFSET(CRONOPLE!$F$15,$M48-$A$15,AV$13)=0,10^12,OFFSET(CRONOPLE!$F$15,$M48-$A$15,AV$13)))","v":1000000000000},null,{"$f":"IF(OR($D48<>\"Serviço\",AND(AUTOEVENTO=\"Manual\",$M48=$A$15),$M48>(ROW(PLE.lastrow)-ROW(PLE.firstrow))),0,\n           IF(OFFSET(PLE!$G$15,$M48-$A$15,AX$13)=\"\",10^12,OFFSET(PLE!$G$15,$M48-$A$15,AX$13)))","v":1000000000000},{"$f":"IF(OR($D48<>\"Serviço\",AND(AUTOEVENTO=\"Manual\",$M48=$A$15),$M48>(ROW(PLE.lastrow)-ROW(PLE.firstrow))),0,\n           IF(OFFSET(PLE!$G$15,$M48-$A$15,AY$13)=\"\",10^12,OFFSET(PLE!$G$15,$M48-$A$15,AY$13)))","v":1000000000000},{"$f":"IF(OR($D48<>\"Serviço\",AND(AUTOEVENTO=\"Manual\",$M48=$A$15),$M48>(ROW(PLE.lastrow)-ROW(PLE.firstrow))),0,\n           IF(OFFSET(PLE!$G$15,$M48-$A$15,AZ$13)=\"\",10^12,OFFSET(PLE!$G$15,$M48-$A$15,AZ$13)))","v":1000000000000},{"$f":"IF(OR($D48<>\"Serviço\",AND(AUTOEVENTO=\"Manual\",$M48=$A$15),$M48>(ROW(PLE.lastrow)-ROW(PLE.firstrow))),0,\n           IF(OFFSET(PLE!$G$15,$M48-$A$15,BA$13)=\"\",10^12,OFFSET(PLE!$G$15,$M48-$A$15,BA$13)))","v":1000000000000},{"$f":"IF(OR($D48<>\"Serviço\",AND(AUTOEVENTO=\"Manual\",$M48=$A$15),$M48>(ROW(PLE.lastrow)-ROW(PLE.firstrow))),0,\n           IF(OFFSET(PLE!$G$15,$M48-$A$15,BB$13)=\"\",10^12,OFFSET(PLE!$G$15,$M48-$A$15,BB$13)))","v":1000000000000},{"$f":"IF(OR($D48<>\"Serviço\",AND(AUTOEVENTO=\"Manual\",$M48=$A$15),$M48>(ROW(PLE.lastrow)-ROW(PLE.firstrow))),0,\n           IF(OFFSET(PLE!$G$15,$M48-$A$15,BC$13)=\"\",10^12,OFFSET(PLE!$G$15,$M48-$A$15,BC$13)))","v":1000000000000},{"$f":"IF(OR($D48<>\"Serviço\",AND(AUTOEVENTO=\"Manual\",$M48=$A$15),$M48>(ROW(PLE.lastrow)-ROW(PLE.firstrow))),0,\n           IF(OFFSET(PLE!$G$15,$M48-$A$15,BD$13)=\"\",10^12,OFFSET(PLE!$G$15,$M48-$A$15,BD$13)))","v":1000000000000},{"$f":"IF(OR($D48<>\"Serviço\",AND(AUTOEVENTO=\"Manual\",$M48=$A$15),$M48>(ROW(PLE.lastrow)-ROW(PLE.firstrow))),0,\n           IF(OFFSET(PLE!$G$15,$M48-$A$15,BE$13)=\"\",10^12,OFFSET(PLE!$G$15,$M48-$A$15,BE$13)))","v":1000000000000},{"$f":"IF(OR($D48<>\"Serviço\",AND(AUTOEVENTO=\"Manual\",$M48=$A$15),$M48>(ROW(PLE.lastrow)-ROW(PLE.firstrow))),0,\n           IF(OFFSET(PLE!$G$15,$M48-$A$15,BF$13)=\"\",10^12,OFFSET(PLE!$G$15,$M48-$A$15,BF$13)))","v":1000000000000},{"$f":"IF(OR($D48<>\"Serviço\",AND(AUTOEVENTO=\"Manual\",$M48=$A$15),$M48>(ROW(PLE.lastrow)-ROW(PLE.firstrow))),0,\n           IF(OFFSET(PLE!$G$15,$M48-$A$15,BG$13)=\"\",10^12,OFFSET(PLE!$G$15,$M48-$A$15,BG$13)))","v":1000000000000}]
[0,{"$f":"OFFSET(ORÇAMENTO!C$15,$L49,0)","v":2},{"$f":"OFFSET(ORÇAMENTO!L$15,$L49,0)","v":"F"},{"$f":"OFFSET(ORÇAMENTO!N$15,$L49,0)","v":"Nível 2"},{"$f":"OFFSET(ORÇAMENTO!O$15,$L49,0)","v":"1.6."},{"$f":"OFFSET(ORÇAMENTO!R$15,$L49,0)","v":"REFORMA DAS CABINES"},{"$f":"IF($D49<>\"Serviço\",\"\",OFFSET(ORÇAMENTO!S$15,$L49,0))","v":""},{"$f":"IF($D49<>\"Serviço\",0,IF(ACOMPANHAMENTO=\"BM\",ROUND(OFFSET(ORÇAMENTO!AJ$15,$L49,0),15-13*ORÇAMENTO!$AF$7),IF(IFERROR(CÁLCULO.FrentesPreenchidas,0)=0,0,SUM(ROUND(OFFSET($P49,0,1,1,CÁLCULO.FrentesPreenchidas),15-13*ORÇAMENTO!$AF$7)))))","v":0},null,{"$f":"IF(OR(B49<>\"S\",CÁLCULO.FrentesPreenchidas=0),\"\",IF(AND(ACOMPANHAMENTO=\"PLE\",AUTOEVENTO=\"Manual\",OR(H49>0,ORÇAMENTO!AC49=\"QUANT.\"),OR(K49=\"\",M49=0,N49=\"\")),\"►E\",IF(AND(ACOMPANHAMENTO=\"PLE\",ORÇAMENTO!AC49=\"QUANT.\"),\"►Q\",IF(AND(ACOMPANHAMENTO=\"PLE\",H49<>SUMPRODUCT(($Q$1:$AA$1=1)*ROUND(Q49:AA49,15))),\"►S\",IF(AND(COUNTIF($P$11:$AA$11,\"▼\")=0,H49>0,I49=\"\"),\"◄M\",\"\")))))","v":""},null,34,{"$f":"IF($D49<>\"Serviço\",\"\",\n          IF(AUTOEVENTO=\"manual\",$A49,\n                IF(ISERROR(MATCH($A49,$A$15:OFFSET($A49,-1,0),0)),MAX($M$15:OFFSET(M49,-1,0))+1,\n                      INDEX($M$15:OFFSET(M49,-1,0),MATCH($A49,$A$15:OFFSET($A49,-1,0),0)))))","v":""},{"$f":"IF($D49<>\"Serviço\",\"\",\n         IF(AUTOEVENTO=\"Manual\",\n                IF($A49=0,\"<-- defina o número do agrupador\",\n                       OFFSET(EVENTOS!$D$15,$A49-$A$15,0)),\n                OFFSET($F$15,$A49,0)))","v":""},null,null,null,null,null,null,null,null,null,null,null,null,null,{"$f":"IF(AND($D49=\"Serviço\",AB$12<>0,$H49>0,OR(AUTOEVENTO<>\"manual\",$M49<>$A$15)),\n        IF(Import.TipoArredondamento<>\"TransfereGOV\",\n              ROUND(OFFSET($P49,0,AB$13),15-13*ORÇAMENTO!$AF$7)/$H49*OFFSET(ORÇAMENTO!$X$15,ROW(AB49)-ROW(AB$15),0),\n              ROUND(ROUND(OFFSET($P49,0,AB$13),15-13*ORÇAMENTO!$AF$7)*OFFSET(ORÇAMENTO!$W$15,ROW(AB49)-ROW(AB$15),0),15-13*ORÇAMENTO!$AF$11)),\n         0)","v":0},{"$f":"IF(AND($D49=\"Serviço\",AC$12<>0,$H49>0,OR(AUTOEVENTO<>\"manual\",$M49<>$A$15)),\n        IF(Import.TipoArredondamento<>\"TransfereGOV\",\n              ROUND(OFFSET($P49,0,AC$13),15-13*ORÇAMENTO!$AF$7)/$H49*OFFSET(ORÇAMENTO!$X$15,ROW(AC49)-ROW(AC$15),0),\n              ROUND(ROUND(OFFSET($P49,0,AC$13),15-13*ORÇAMENTO!$AF$7)*OFFSET(ORÇAMENTO!$W$15,ROW(AC49)-ROW(AC$15),0),15-13*ORÇAMENTO!$AF$11)),\n         0)","v":0},{"$f":"IF(AND($D49=\"Serviço\",AD$12<>0,$H49>0,OR(AUTOEVENTO<>\"manual\",$M49<>$A$15)),\n        IF(Import.TipoArredondamento<>\"TransfereGOV\",\n              ROUND(OFFSET($P49,0,AD$13),15-13*ORÇAMENTO!$AF$7)/$H49*OFFSET(ORÇAMENTO!$X$15,ROW(AD49)-ROW(AD$15),0),\n              ROUND(ROUND(OFFSET($P49,0,AD$13),15-13*ORÇAMENTO!$AF$7)*OFFSET(ORÇAMENTO!$W$15,ROW(AD49)-ROW(AD$15),0),15-13*ORÇAMENTO!$AF$11)),\n         0)","v":0},{"$f":"IF(AND($D49=\"Serviço\",AE$12<>0,$H49>0,OR(AUTOEVENTO<>\"manual\",$M49<>$A$15)),\n        IF(Import.TipoArredondamento<>\"TransfereGOV\",\n              ROUND(OFFSET($P49,0,AE$13),15-13*ORÇAMENTO!$AF$7)/$H49*OFFSET(ORÇAMENTO!$X$15,ROW(AE49)-ROW(AE$15),0),\n              ROUND(ROUND(OFFSET($P49,0,AE$13),15-13*ORÇAMENTO!$AF$7)*OFFSET(ORÇAMENTO!$W$15,ROW(AE49)-ROW(AE$15),0),15-13*ORÇAMENTO!$AF$11)),\n         0)","v":0},{"$f":"IF(AND($D49=\"Serviço\",AF$12<>0,$H49>0,OR(AUTOEVENTO<>\"manual\",$M49<>$A$15)),\n        IF(Import.TipoArredondamento<>\"TransfereGOV\",\n              ROUND(OFFSET($P49,0,AF$13),15-13*ORÇAMENTO!$AF$7)/$H49*OFFSET(ORÇAMENTO!$X$15,ROW(AF49)-ROW(AF$15),0),\n              ROUND(ROUND(OFFSET($P49,0,AF$13),15-13*ORÇAMENTO!$AF$7)*OFFSET(ORÇAMENTO!$W$15,ROW(AF49)-ROW(AF$15),0),15-13*ORÇAMENTO!$AF$11)),\n         0)","v":0},{"$f":"IF(AND($D49=\"Serviço\",AG$12<>0,$H49>0,OR(AUTOEVENTO<>\"manual\",$M49<>$A$15)),\n        IF(Import.TipoArredondamento<>\"TransfereGOV\",\n              ROUND(OFFSET($P49,0,AG$13),15-13*ORÇAMENTO!$AF$7)/$H49*OFFSET(ORÇAMENTO!$X$15,ROW(AG49)-ROW(AG$15),0),\n              ROUND(ROUND(OFFSET($P49,0,AG$13),15-13*ORÇAMENTO!$AF$7)*OFFSET(ORÇAMENTO!$W$15,ROW(AG49)-ROW(AG$15),0),15-13*ORÇAMENTO!$AF$11)),\n         0)","v":0},{"$f":"IF(AND($D49=\"Serviço\",AH$12<>0,$H49>0,OR(AUTOEVENTO<>\"manual\",$M49<>$A$15)),\n        IF(Import.TipoArredondamento<>\"TransfereGOV\",\n              ROUND(OFFSET($P49,0,AH$13),15-13*ORÇAMENTO!$AF$7)/$H49*OFFSET(ORÇAMENTO!$X$15,ROW(AH49)-ROW(AH$15),0),\n              ROUND(ROUND(OFFSET($P49,0,AH$13),15-13*ORÇAMENTO!$AF$7)*OFFSET(ORÇAMENTO!$W$15,ROW(AH49)-ROW(AH$15),0),15-13*ORÇAMENTO!$AF$11)),\n         0)","v":0},{"$f":"IF(AND($D49=\"Serviço\",AI$12<>0,$H49>0,OR(AUTOEVENTO<>\"manual\",$M49<>$A$15)),\n        IF(Import.TipoArredondamento<>\"TransfereGOV\",\n              ROUND(OFFSET($P49,0,AI$13),15-13*ORÇAMENTO!$AF$7)/$H49*OFFSET(ORÇAMENTO!$X$15,ROW(AI49)-ROW(AI$15),0),\n              ROUND(ROUND(OFFSET($P49,0,AI$13),15-13*ORÇAMENTO!$AF$7)*OFFSET(ORÇAMENTO!$W$15,ROW(AI49)-ROW(AI$15),0),15-13*ORÇAMENTO!$AF$11)),\n         0)","v":0},{"$f":"IF(AND($D49=\"Serviço\",AJ$12<>0,$H49>0,OR(AUTOEVENTO<>\"manual\",$M49<>$A$15)),\n        IF(Import.TipoArredondamento<>\"TransfereGOV\",\n              ROUND(OFFSET($P49,0,AJ$13),15-13*ORÇAMENTO!$AF$7)/$H49*OFFSET(ORÇAMENTO!$X$15,ROW(AJ49)-ROW(AJ$15),0),\n              ROUND(ROUND(OFFSET($P49,0,AJ$13),15-13*ORÇAMENTO!$AF$7)*OFFSET(ORÇAMENTO!$W$15,ROW(AJ49)-ROW(AJ$15),0),15-13*ORÇAMENTO!$AF$11)),\n         0)","v":0},{"$f":"IF(AND($D49=\"Serviço\",AK$12<>0,$H49>0,OR(AUTOEVENTO<>\"manual\",$M49<>$A$15)),\n        IF(Import.TipoArredondamento<>\"TransfereGOV\",\n              ROUND(OFFSET($P49,0,AK$13),15-13*ORÇAMENTO!$AF$7)/$H49*OFFSET(ORÇAMENTO!$X$15,ROW(AK49)-ROW(AK$15),0),\n              ROUND(ROUND(OFFSET($P49,0,AK$13),15-13*ORÇAMENTO!$AF$7)*OFFSET(ORÇAMENTO!$W$15,ROW(AK49)-ROW(AK$15),0),15-13*ORÇAMENTO!$AF$11)),\n         0)","v":0},null,{"$f":"IF(OR($D49<>\"Serviço\",AND(AUTOEVENTO=\"Manual\",$M49=$A$15)),0,\n         IF(OFFSET(CRONOPLE!$F$15,$M49-$A$15,AM$13)=0,10^12,OFFSET(CRONOPLE!$F$15,$M49-$A$15,AM$13)))","v":0},{"$f":"IF(OR($D49<>\"Serviço\",AND(AUTOEVENTO=\"Manual\",$M49=$A$15)),0,\n         IF(OFFSET(CRONOPLE!$F$15,$M49-$A$15,AN$13)=0,10^12,OFFSET(CRONOPLE!$F$15,$M49-$A$15,AN$13)))","v":0},{"$f":"IF(OR($D49<>\"Serviço\",AND(AUTOEVENTO=\"Manual\",$M49=$A$15)),0,\n         IF(OFFSET(CRONOPLE!$F$15,$M49-$A$15,AO$13)=0,10^12,OFFSET(CRONOPLE!$F$15,$M49-$A$15,AO$13)))","v":0},{"$f":"IF(OR($D49<>\"Serviço\",AND(AUTOEVENTO=\"Manual\",$M49=$A$15)),0,\n         IF(OFFSET(CRONOPLE!$F$15,$M49-$A$15,AP$13)=0,10^12,OFFSET(CRONOPLE!$F$15,$M49-$A$15,AP$13)))","v":0},{"$f":"IF(OR($D49<>\"Serviço\",AND(AUTOEVENTO=\"Manual\",$M49=$A$15)),0,\n         IF(OFFSET(CRONOPLE!$F$15,$M49-$A$15,AQ$13)=0,10^12,OFFSET(CRONOPLE!$F$15,$M49-$A$15,AQ$13)))","v":0},{"$f":"IF(OR($D49<>\"Serviço\",AND(AUTOEVENTO=\"Manual\",$M49=$A$15)),0,\n         IF(OFFSET(CRONOPLE!$F$15,$M49-$A$15,AR$13)=0,10^12,OFFSET(CRONOPLE!$F$15,$M49-$A$15,AR$13)))","v":0},{"$f":"IF(OR($D49<>\"Serviço\",AND(AUTOEVENTO=\"Manual\",$M49=$A$15)),0,\n         IF(OFFSET(CRONOPLE!$F$15,$M49-$A$15,AS$13)=0,10^12,OFFSET(CRONOPLE!$F$15,$M49-$A$15,AS$13)))","v":0},{"$f":"IF(OR($D49<>\"Serviço\",AND(AUTOEVENTO=\"Manual\",$M49=$A$15)),0,\n         IF(OFFSET(CRONOPLE!$F$15,$M49-$A$15,AT$13)=0,10^12,OFFSET(CRONOPLE!$F$15,$M49-$A$15,AT$13)))","v":0},{"$f":"IF(OR($D49<>\"Serviço\",AND(AUTOEVENTO=\"Manual\",$M49=$A$15)),0,\n         IF(OFFSET(CRONOPLE!$F$15,$M49-$A$15,AU$13)=0,10^12,OFFSET(CRONOPLE!$F$15,$M49-$A$15,AU$13)))","v":0},{"$f":"IF(OR($D49<>\"Serviço\",AND(AUTOEVENTO=\"Manual\",$M49=$A$15)),0,\n         IF(OFFSET(CRONOPLE!$F$15,$M49-$A$15,AV$13)=0,10^12,OFFSET(CRONOPLE!$F$15,$M49-$A$15,AV$13)))","v":0},null,{"$f":"IF(OR($D49<>\"Serviço\",AND(AUTOEVENTO=\"Manual\",$M49=$A$15),$M49>(ROW(PLE.lastrow)-ROW(PLE.firstrow))),0,\n           IF(OFFSET(PLE!$G$15,$M49-$A$15,AX$13)=\"\",10^12,OFFSET(PLE!$G$15,$M49-$A$15,AX$13)))","v":0},{"$f":"IF(OR($D49<>\"Serviço\",AND(AUTOEVENTO=\"Manual\",$M49=$A$15),$M49>(ROW(PLE.lastrow)-ROW(PLE.firstrow))),0,\n           IF(OFFSET(PLE!$G$15,$M49-$A$15,AY$13)=\"\",10^12,OFFSET(PLE!$G$15,$M49-$A$15,AY$13)))","v":0},{"$f":"IF(OR($D49<>\"Serviço\",AND(AUTOEVENTO=\"Manual\",$M49=$A$15),$M49>(ROW(PLE.lastrow)-ROW(PLE.firstrow))),0,\n           IF(OFFSET(PLE!$G$15,$M49-$A$15,AZ$13)=\"\",10^12,OFFSET(PLE!$G$15,$M49-$A$15,AZ$13)))","v":0},{"$f":"IF(OR($D49<>\"Serviço\",AND(AUTOEVENTO=\"Manual\",$M49=$A$15),$M49>(ROW(PLE.lastrow)-ROW(PLE.firstrow))),0,\n           IF(OFFSET(PLE!$G$15,$M49-$A$15,BA$13)=\"\",10^12,OFFSET(PLE!$G$15,$M49-$A$15,BA$13)))","v":0},{"$f":"IF(OR($D49<>\"Serviço\",AND(AUTOEVENTO=\"Manual\",$M49=$A$15),$M49>(ROW(PLE.lastrow)-ROW(PLE.firstrow))),0,\n           IF(OFFSET(PLE!$G$15,$M49-$A$15,BB$13)=\"\",10^12,OFFSET(PLE!$G$15,$M49-$A$15,BB$13)))","v":0},{"$f":"IF(OR($D49<>\"Serviço\",AND(AUTOEVENTO=\"Manual\",$M49=$A$15),$M49>(ROW(PLE.lastrow)-ROW(PLE.firstrow))),0,\n           IF(OFFSET(PLE!$G$15,$M49-$A$15,BC$13)=\"\",10^12,OFFSET(PLE!$G$15,$M49-$A$15,BC$13)))","v":0},{"$f":"IF(OR($D49<>\"Serviço\",AND(AUTOEVENTO=\"Manual\",$M49=$A$15),$M49>(ROW(PLE.lastrow)-ROW(PLE.firstrow))),0,\n           IF(OFFSET(PLE!$G$15,$M49-$A$15,BD$13)=\"\",10^12,OFFSET(PLE!$G$15,$M49-$A$15,BD$13)))","v":0},{"$f":"IF(OR($D49<>\"Serviço\",AND(AUTOEVENTO=\"Manual\",$M49=$A$15),$M49>(ROW(PLE.lastrow)-ROW(PLE.firstrow))),0,\n           IF(OFFSET(PLE!$G$15,$M49-$A$15,BE$13)=\"\",10^12,OFFSET(PLE!$G$15,$M49-$A$15,BE$13)))","v":0},{"$f":"IF(OR($D49<>\"Serviço\",AND(AUTOEVENTO=\"Manual\",$M49=$A$15),$M49>(ROW(PLE.lastrow)-ROW(PLE.firstrow))),0,\n           IF(OFFSET(PLE!$G$15,$M49-$A$15,BF$13)=\"\",10^12,OFFSET(PLE!$G$15,$M49-$A$15,BF$13)))","v":0},{"$f":"IF(OR($D49<>\"Serviço\",AND(AUTOEVENTO=\"Manual\",$M49=$A$15),$M49>(ROW(PLE.lastrow)-ROW(PLE.firstrow))),0,\n           IF(OFFSET(PLE!$G$15,$M49-$A$15,BG$13)=\"\",10^12,OFFSET(PLE!$G$15,$M49-$A$15,BG$13)))","v":0}]
[22,{"$f":"OFFSET(ORÇAMENTO!C$15,$L50,0)","v":"S"},{"$f":"OFFSET(ORÇAMENTO!L$15,$L50,0)","v":"F"},{"$f":"OFFSET(ORÇAMENTO!N$15,$L50,0)","v":"Serviço"},{"$f":"OFFSET(ORÇAMENTO!O$15,$L50,0)","v":"1.6.1."},{"$f":"OFFSET(ORÇAMENTO!R$15,$L50,0)","v":"FORRO EM DRYWALL PARA AMBIENTES RESIDENCIAIS, INCLUSIVE ESTRUTURA UNIDIRECIONAL DE FIXAÇÃO. AF_08/2023_PS"},{"$f":"IF($D50<>\"Serviço\",\"\",OFFSET(ORÇAMENTO!S$15,$L50,0))","v":"M2"},{"$f":"IF($D50<>\"Serviço\",0,IF(ACOMPANHAMENTO=\"BM\",ROUND(OFFSET(ORÇAMENTO!AJ$15,$L50,0),15-13*ORÇAMENTO!$AF$7),IF(IFERROR(CÁLCULO.FrentesPreenchidas,0)=0,0,SUM(ROUND(OFFSET($P50,0,1,1,CÁLCULO.FrentesPreenchidas),15-13*ORÇAMENTO!$AF$7)))))","v":12.47},"CABINES",{"$f":"IF(OR(B50<>\"S\",CÁLCULO.FrentesPreenchidas=0),\"\",IF(AND(ACOMPANHAMENTO=\"PLE\",AUTOEVENTO=\"Manual\",OR(H50>0,ORÇAMENTO!AC50=\"QUANT.\"),OR(K50=\"\",M50=0,N50=\"\")),\"►E\",IF(AND(ACOMPANHAMENTO=\"PLE\",ORÇAMENTO!AC50=\"QUANT.\"),\"►Q\",IF(AND(ACOMPANHAMENTO=\"PLE\",H50<>SUMPRODUCT(($Q$1:$AA$1=1)*ROUND(Q50:AA50,15))),\"►S\",IF(AND(COUNTIF($P$11:$AA$11,\"▼\")=0,H50>0,I50=\"\"),\"◄M\",\"\")))))","v":""},"22.Reforma cabine",35,{"$f":"IF($D50<>\"Serviço\",\"\",\n          IF(AUTOEVENTO=\"manual\",$A50,\n                IF(ISERROR(MATCH($A50,$A$15:OFFSET($A50,-1,0),0)),MAX($M$15:OFFSET(M50,-1,0))+1,\n                      INDEX($M$15:OFFSET(M50,-1,0),MATCH($A50,$A$15:OFFSET($A50,-1,0),0)))))","v":22},{"$f":"IF($D50<>\"Serviço\",\"\",\n         IF(AUTOEVENTO=\"Manual\",\n                IF($A50=0,\"<-- defina o número do agrupador\",\n                       OFFSET(EVENTOS!$D$15,$A50-$A$15,0)),\n                OFFSET($F$15,$A50,0)))","v":"Instalação de corrimão e guarda-corpo"},null,null,null,{"$f":"(1.5*2.77*3)","v":12.465},null,null,null,null,null,null,null,null,null,{"$f":"IF(AND($D50=\"Serviço\",AB$12<>0,$H50>0,OR(AUTOEVENTO<>\"manual\",$M50<>$A$15)),\n        IF(Import.TipoArredondamento<>\"TransfereGOV\",\n              ROUND(OFFSET($P50,0,AB$13),15-13*ORÇAMENTO!$AF$7)/$H50*OFFSET(ORÇAMENTO!$X$15,ROW(AB50)-ROW(AB$15),0),\n              ROUND(ROUND(OFFSET($P50,0,AB$13),15-13*ORÇAMENTO!$AF$7)*OFFSET(ORÇAMENTO!$W$15,ROW(AB50)-ROW(AB$15),0),15-13*ORÇAMENTO!$AF$11)),\n         0)","v":0},{"$f":"IF(AND($D50=\"Serviço\",AC$12<>0,$H50>0,OR(AUTOEVENTO<>\"manual\",$M50<>$A$15)),\n        IF(Import.TipoArredondamento<>\"TransfereGOV\",\n              ROUND(OFFSET($P50,0,AC$13),15-13*ORÇAMENTO!$AF$7)/$H50*OFFSET(ORÇAMENTO!$X$15,ROW(AC50)-ROW(AC$15),0),\n              ROUND(ROUND(OFFSET($P50,0,AC$13),15-13*ORÇAMENTO!$AF$7)*OFFSET(ORÇAMENTO!$W$15,ROW(AC50)-ROW(AC$15),0),15-13*ORÇAMENTO!$AF$11)),\n         0)","v":0},{"$f":"IF(AND($D50=\"Serviço\",AD$12<>0,$H50>0,OR(AUTOEVENTO<>\"manual\",$M50<>$A$15)),\n        IF(Import.TipoArredondamento<>\"TransfereGOV\",\n              ROUND(OFFSET($P50,0,AD$13),15-13*ORÇAMENTO!$AF$7)/$H50*OFFSET(ORÇAMENTO!$X$15,ROW(AD50)-ROW(AD$15),0),\n              ROUND(ROUND(OFFSET($P50,0,AD$13),15-13*ORÇAMENTO!$AF$7)*OFFSET(ORÇAMENTO!$W$15,ROW(AD50)-ROW(AD$15),0),15-13*ORÇAMENTO!$AF$11)),\n         0)","v":0},{"$f":"IF(AND($D50=\"Serviço\",AE$12<>0,$H50>0,OR(AUTOEVENTO<>\"manual\",$M50<>$A$15)),\n        IF(Import.TipoArredondamento<>\"TransfereGOV\",\n              ROUND(OFFSET($P50,0,AE$13),15-13*ORÇAMENTO!$AF$7)/$H50*OFFSET(ORÇAMENTO!$X$15,ROW(AE50)-ROW(AE$15),0),\n              ROUND(ROUND(OFFSET($P50,0,AE$13),15-13*ORÇAMENTO!$AF$7)*OFFSET(ORÇAMENTO!$W$15,ROW(AE50)-ROW(AE$15),0),15-13*ORÇAMENTO!$AF$11)),\n         0)","v":0},{"$f":"IF(AND($D50=\"Serviço\",AF$12<>0,$H50>0,OR(AUTOEVENTO<>\"manual\",$M50<>$A$15)),\n        IF(Import.TipoArredondamento<>\"TransfereGOV\",\n              ROUND(OFFSET($P50,0,AF$13),15-13*ORÇAMENTO!$AF$7)/$H50*OFFSET(ORÇAMENTO!$X$15,ROW(AF50)-ROW(AF$15),0),\n              ROUND(ROUND(OFFSET($P50,0,AF$13),15-13*ORÇAMENTO!$AF$7)*OFFSET(ORÇAMENTO!$W$15,ROW(AF50)-ROW(AF$15),0),15-13*ORÇAMENTO!$AF$11)),\n         0)","v":0},{"$f":"IF(AND($D50=\"Serviço\",AG$12<>0,$H50>0,OR(AUTOEVENTO<>\"manual\",$M50<>$A$15)),\n        IF(Import.TipoArredondamento<>\"TransfereGOV\",\n              ROUND(OFFSET($P50,0,AG$13),15-13*ORÇAMENTO!$AF$7)/$H50*OFFSET(ORÇAMENTO!$X$15,ROW(AG50)-ROW(AG$15),0),\n              ROUND(ROUND(OFFSET($P50,0,AG$13),15-13*ORÇAMENTO!$AF$7)*OFFSET(ORÇAMENTO!$W$15,ROW(AG50)-ROW(AG$15),0),15-13*ORÇAMENTO!$AF$11)),\n         0)","v":0},{"$f":"IF(AND($D50=\"Serviço\",AH$12<>0,$H50>0,OR(AUTOEVENTO<>\"manual\",$M50<>$A$15)),\n        IF(Import.TipoArredondamento<>\"TransfereGOV\",\n              ROUND(OFFSET($P50,0,AH$13),15-13*ORÇAMENTO!$AF$7)/$H50*OFFSET(ORÇAMENTO!$X$15,ROW(AH50)-ROW(AH$15),0),\n              ROUND(ROUND(OFFSET($P50,0,AH$13),15-13*ORÇAMENTO!$AF$7)*OFFSET(ORÇAMENTO!$W$15,ROW(AH50)-ROW(AH$15),0),15-13*ORÇAMENTO!$AF$11)),\n         0)","v":0},{"$f":"IF(AND($D50=\"Serviço\",AI$12<>0,$H50>0,OR(AUTOEVENTO<>\"manual\",$M50<>$A$15)),\n        IF(Import.TipoArredondamento<>\"TransfereGOV\",\n              ROUND(OFFSET($P50,0,AI$13),15-13*ORÇAMENTO!$AF$7)/$H50*OFFSET(ORÇAMENTO!$X$15,ROW(AI50)-ROW(AI$15),0),\n              ROUND(ROUND(OFFSET($P50,0,AI$13),15-13*ORÇAMENTO!$AF$7)*OFFSET(ORÇAMENTO!$W$15,ROW(AI50)-ROW(AI$15),0),15-13*ORÇAMENTO!$AF$11)),\n         0)","v":0},{"$f":"IF(AND($D50=\"Serviço\",AJ$12<>0,$H50>0,OR(AUTOEVENTO<>\"manual\",$M50<>$A$15)),\n        IF(Import.TipoArredondamento<>\"TransfereGOV\",\n              ROUND(OFFSET($P50,0,AJ$13),15-13*ORÇAMENTO!$AF$7)/$H50*OFFSET(ORÇAMENTO!$X$15,ROW(AJ50)-ROW(AJ$15),0),\n              ROUND(ROUND(OFFSET($P50,0,AJ$13),15-13*ORÇAMENTO!$AF$7)*OFFSET(ORÇAMENTO!$W$15,ROW(AJ50)-ROW(AJ$15),0),15-13*ORÇAMENTO!$AF$11)),\n         0)","v":0},{"$f":"IF(AND($D50=\"Serviço\",AK$12<>0,$H50>0,OR(AUTOEVENTO<>\"manual\",$M50<>$A$15)),\n        IF(Import.TipoArredondamento<>\"TransfereGOV\",\n              ROUND(OFFSET($P50,0,AK$13),15-13*ORÇAMENTO!$AF$7)/$H50*OFFSET(ORÇAMENTO!$X$15,ROW(AK50)-ROW(AK$15),0),\n              ROUND(ROUND(OFFSET($P50,0,AK$13),15-13*ORÇAMENTO!$AF$7)*OFFSET(ORÇAMENTO!$W$15,ROW(AK50)-ROW(AK$15),0),15-13*ORÇAMENTO!$AF$11)),\n         0)","v":0},null,{"$f":"IF(OR($D50<>\"Serviço\",AND(AUTOEVENTO=\"Manual\",$M50=$A$15)),0,\n         IF(OFFSET(CRONOPLE!$F$15,$M50-$A$15,AM$13)=0,10^12,OFFSET(CRONOPLE!$F$15,$M50-$A$15,AM$13)))","v":3},{"$f":"IF(OR($D50<>\"Serviço\",AND(AUTOEVENTO=\"Manual\",$M50=$A$15)),0,\n         IF(OFFSET(CRONOPLE!$F$15,$M50-$A$15,AN$13)=0,10^12,OFFSET(CRONOPLE!$F$15,$M50-$A$15,AN$13)))","v":5},{"$f":"IF(OR($D50<>\"Serviço\",AND(AUTOEVENTO=\"Manual\",$M50=$A$15)),0,\n         IF(OFFSET(CRONOPLE!$F$15,$M50-$A$15,AO$13)=0,10^12,OFFSET(CRONOPLE!$F$15,$M50-$A$15,AO$13)))","v":1000000000000},{"$f":"IF(OR($D50<>\"Serviço\",AND(AUTOEVENTO=\"Manual\",$M50=$A$15)),0,\n         IF(OFFSET(CRONOPLE!$F$15,$M50-$A$15,AP$13)=0,10^12,OFFSET(CRONOPLE!$F$15,$M50-$A$15,AP$13)))","v":1000000000000},{"$f":"IF(OR($D50<>\"Serviço\",AND(AUTOEVENTO=\"Manual\",$M50=$A$15)),0,\n         IF(OFFSET(CRONOPLE!$F$15,$M50-$A$15,AQ$13)=0,10^12,OFFSET(CRONOPLE!$F$15,$M50-$A$15,AQ$13)))","v":1000000000000},{"$f":"IF(OR($D50<>\"Serviço\",AND(AUTOEVENTO=\"Manual\",$M50=$A$15)),0,\n         IF(OFFSET(CRONOPLE!$F$15,$M50-$A$15,AR$13)=0,10^12,OFFSET(CRONOPLE!$F$15,$M50-$A$15,AR$13)))","v":1000000000000},{"$f":"IF(OR($D50<>\"Serviço\",AND(AUTOEVENTO=\"Manual\",$M50=$A$15)),0,\n         IF(OFFSET(CRONOPLE!$F$15,$M50-$A$15,AS$13)=0,10^12,OFFSET(CRONOPLE!$F$15,$M50-$A$15,AS$13)))","v":1000000000000},{"$f":"IF(OR($D50<>\"Serviço\",AND(AUTOEVENTO=\"Manual\",$M50=$A$15)),0,\n         IF(OFFSET(CRONOPLE!$F$15,$M50-$A$15,AT$13)=0,10^12,OFFSET(CRONOPLE!$F$15,$M50-$A$15,AT$13)))","v":1000000000000},{"$f":"IF(OR($D50<>\"Serviço\",AND(AUTOEVENTO=\"Manual\",$M50=$A$15)),0,\n         IF(OFFSET(CRONOPLE!$F$15,$M50-$A$15,AU$13)=0,10^12,OFFSET(CRONOPLE!$F$15,$M50-$A$15,AU$13)))","v":1000000000000},{"$f":"IF(OR($D50<>\"Serviço\",AND(AUTOEVENTO=\"Manual\",$M50=$A$15)),0,\n         IF(OFFSET(CRONOPLE!$F$15,$M50-$A$15,AV$13)=0,10^12,OFFSET(CRONOPLE!$F$15,$M50-$A$15,AV$13)))","v":1000000000000},null,{"$f":"IF(OR($D50<>\"Serviço\",AND(AUTOEVENTO=\"Manual\",$M50=$A$15),$M50>(ROW(PLE.lastrow)-ROW(PLE.firstrow))),0,\n           IF(OFFSET(PLE!$G$15,$M50-$A$15,AX$13)=\"\",10^12,OFFSET(PLE!$G$15,$M50-$A$15,AX$13)))","v":1000000000000},{"$f":"IF(OR($D50<>\"Serviço\",AND(AUTOEVENTO=\"Manual\",$M50=$A$15),$M50>(ROW(PLE.lastrow)-ROW(PLE.firstrow))),0,\n           IF(OFFSET(PLE!$G$15,$M50-$A$15,AY$13)=\"\",10^12,OFFSET(PLE!$G$15,$M50-$A$15,AY$13)))","v":1000000000000},{"$f":"IF(OR($D50<>\"Serviço\",AND(AUTOEVENTO=\"Manual\",$M50=$A$15),$M50>(ROW(PLE.lastrow)-ROW(PLE.firstrow))),0,\n           IF(OFFSET(PLE!$G$15,$M50-$A$15,AZ$13)=\"\",10^12,OFFSET(PLE!$G$15,$M50-$A$15,AZ$13)))","v":1000000000000},{"$f":"IF(OR($D50<>\"Serviço\",AND(AUTOEVENTO=\"Manual\",$M50=$A$15),$M50>(ROW(PLE.lastrow)-ROW(PLE.firstrow))),0,\n           IF(OFFSET(PLE!$G$15,$M50-$A$15,BA$13)=\"\",10^12,OFFSET(PLE!$G$15,$M50-$A$15,BA$13)))","v":1000000000000},{"$f":"IF(OR($D50<>\"Serviço\",AND(AUTOEVENTO=\"Manual\",$M50=$A$15),$M50>(ROW(PLE.lastrow)-ROW(PLE.firstrow))),0,\n           IF(OFFSET(PLE!$G$15,$M50-$A$15,BB$13)=\"\",10^12,OFFSET(PLE!$G$15,$M50-$A$15,BB$13)))","v":1000000000000},{"$f":"IF(OR($D50<>\"Serviço\",AND(AUTOEVENTO=\"Manual\",$M50=$A$15),$M50>(ROW(PLE.lastrow)-ROW(PLE.firstrow))),0,\n           IF(OFFSET(PLE!$G$15,$M50-$A$15,BC$13)=\"\",10^12,OFFSET(PLE!$G$15,$M50-$A$15,BC$13)))","v":1000000000000},{"$f":"IF(OR($D50<>\"Serviço\",AND(AUTOEVENTO=\"Manual\",$M50=$A$15),$M50>(ROW(PLE.lastrow)-ROW(PLE.firstrow))),0,\n           IF(OFFSET(PLE!$G$15,$M50-$A$15,BD$13)=\"\",10^12,OFFSET(PLE!$G$15,$M50-$A$15,BD$13)))","v":1000000000000},{"$f":"IF(OR($D50<>\"Serviço\",AND(AUTOEVENTO=\"Manual\",$M50=$A$15),$M50>(ROW(PLE.lastrow)-ROW(PLE.firstrow))),0,\n           IF(OFFSET(PLE!$G$15,$M50-$A$15,BE$13)=\"\",10^12,OFFSET(PLE!$G$15,$M50-$A$15,BE$13)))","v":1000000000000},{"$f":"IF(OR($D50<>\"Serviço\",AND(AUTOEVENTO=\"Manual\",$M50=$A$15),$M50>(ROW(PLE.lastrow)-ROW(PLE.firstrow))),0,\n           IF(OFFSET(PLE!$G$15,$M50-$A$15,BF$13)=\"\",10^12,OFFSET(PLE!$G$15,$M50-$A$15,BF$13)))","v":1000000000000},{"$f":"IF(OR($D50<>\"Serviço\",AND(AUTOEVENTO=\"Manual\",$M50=$A$15),$M50>(ROW(PLE.lastrow)-ROW(PLE.firstrow))),0,\n           IF(OFFSET(PLE!$G$15,$M50-$A$15,BG$13)=\"\",10^12,OFFSET(PLE!$G$15,$M50-$A$15,BG$13)))","v":1000000000000}]
[23,{"$f":"OFFSET(ORÇAMENTO!C$15,$L51,0)","v":"S"},{"$f":"OFFSET(ORÇAMENTO!L$15,$L51,0)","v":"F"},{"$f":"OFFSET(ORÇAMENTO!N$15,$L51,0)","v":"Serviço"},{"$f":"OFFSET(ORÇAMENTO!O$15,$L51,0)","v":"1.6.2."},{"$f":"OFFSET(ORÇAMENTO!R$15,$L51,0)","v":"GUARDA CORPO EM TUBO IND. 2.1/2\", 2 CORRIMAOS (H=0,70M E 0,92M) EM TUBO IND. 1.1/2\" CH.18, FECHAMENTO EM TUBO IND.1\" CH.18 A CADA 15CM E PILARETES EM TUBO IND. 2.1/2\"CH 18 - REF AGESUL - 1101002049 "},{"$f":"IF($D51<>\"Serviço\",\"\",OFFSET(ORÇAMENTO!S$15,$L51,0))","v":"M2"},{"$f":"IF($D51<>\"Serviço\",0,IF(ACOMPANHAMENTO=\"BM\",ROUND(OFFSET(ORÇAMENTO!AJ$15,$L51,0),15-13*ORÇAMENTO!$AF$7),IF(IFERROR(CÁLCULO.FrentesPreenchidas,0)=0,0,SUM(ROUND(OFFSET($P51,0,1,1,CÁLCULO.FrentesPreenchidas),15-13*ORÇAMENTO!$AF$7)))))","v":4.62},"ESCADA METÁLICA ACESSO CABINES 4,20 X H=1,10M\n",{"$f":"IF(OR(B51<>\"S\",CÁLCULO.FrentesPreenchidas=0),\"\",IF(AND(ACOMPANHAMENTO=\"PLE\",AUTOEVENTO=\"Manual\",OR(H51>0,ORÇAMENTO!AC51=\"QUANT.\"),OR(K51=\"\",M51=0,N51=\"\")),\"►E\",IF(AND(ACOMPANHAMENTO=\"PLE\",ORÇAMENTO!AC51=\"QUANT.\"),\"►Q\",IF(AND(ACOMPANHAMENTO=\"PLE\",H51<>SUMPRODUCT(($Q$1:$AA$1=1)*ROUND(Q51:AA51,15))),\"►S\",IF(AND(COUNTIF($P$11:$AA$11,\"▼\")=0,H51>0,I51=\"\"),\"◄M\",\"\")))))","v":""},"23.Instalação de corrimão e guarda-corpo",36,{"$f":"IF($D51<>\"Serviço\",\"\",\n          IF(AUTOEVENTO=\"manual\",$A51,\n                IF(ISERROR(MATCH($A51,$A$15:OFFSET($A51,-1,0),0)),MAX($M$15:OFFSET(M51,-1,0))+1,\n                      INDEX($M$15:OFFSET(M51,-1,0),MATCH($A51,$A$15:OFFSET($A51,-1,0),0)))))","v":23},{"$f":"IF($D51<>\"Serviço\",\"\",\n         IF(AUTOEVENTO=\"Manual\",\n                IF($A51=0,\"<-- defina o número do agrupador\",\n                       OFFSET(EVENTOS!$D$15,$A51-$A$15,0)),\n                OFFSET($F$15,$A51,0)))","v":0},null,null,{"$f":"4.2*1.1/2","v":2.3100000000000005},{"$f":"4.2*1.1/2","v":2.3100000000000005},null,null,null,null,null,null,null,null,null,{"$f":"IF(AND($D51=\"Serviço\",AB$12<>0,$H51>0,OR(AUTOEVENTO<>\"manual\",$M51<>$A$15)),\n        IF(Import.TipoArredondamento<>\"TransfereGOV\",\n              ROUND(OFFSET($P51,0,AB$13),15-13*ORÇAMENTO!$AF$7)/$H51*OFFSET(ORÇAMENTO!$X$15,ROW(AB51)-ROW(AB$15),0),\n              ROUND(ROUND(OFFSET($P51,0,AB$13),15-13*ORÇAMENTO!$AF$7)*OFFSET(ORÇAMENTO!$W$15,ROW(AB51)-ROW(AB$15),0),15-13*ORÇAMENTO!$AF$11)),\n         0)","v":0},{"$f":"IF(AND($D51=\"Serviço\",AC$12<>0,$H51>0,OR(AUTOEVENTO<>\"manual\",$M51<>$A$15)),\n        IF(Import.TipoArredondamento<>\"TransfereGOV\",\n              ROUND(OFFSET($P51,0,AC$13),15-13*ORÇAMENTO!$AF$7)/$H51*OFFSET(ORÇAMENTO!$X$15,ROW(AC51)-ROW(AC$15),0),\n              ROUND(ROUND(OFFSET($P51,0,AC$13),15-13*ORÇAMENTO!$AF$7)*OFFSET(ORÇAMENTO!$W$15,ROW(AC51)-ROW(AC$15),0),15-13*ORÇAMENTO!$AF$11)),\n         0)","v":0},{"$f":"IF(AND($D51=\"Serviço\",AD$12<>0,$H51>0,OR(AUTOEVENTO<>\"manual\",$M51<>$A$15)),\n        IF(Import.TipoArredondamento<>\"TransfereGOV\",\n              ROUND(OFFSET($P51,0,AD$13),15-13*ORÇAMENTO!$AF$7)/$H51*OFFSET(ORÇAMENTO!$X$15,ROW(AD51)-ROW(AD$15),0),\n              ROUND(ROUND(OFFSET($P51,0,AD$13),15-13*ORÇAMENTO!$AF$7)*OFFSET(ORÇAMENTO!$W$15,ROW(AD51)-ROW(AD$15),0),15-13*ORÇAMENTO!$AF$11)),\n         0)","v":0},{"$f":"IF(AND($D51=\"Serviço\",AE$12<>0,$H51>0,OR(AUTOEVENTO<>\"manual\",$M51<>$A$15)),\n        IF(Import.TipoArredondamento<>\"TransfereGOV\",\n              ROUND(OFFSET($P51,0,AE$13),15-13*ORÇAMENTO!$AF$7)/$H51*OFFSET(ORÇAMENTO!$X$15,ROW(AE51)-ROW(AE$15),0),\n              ROUND(ROUND(OFFSET($P51,0,AE$13),15-13*ORÇAMENTO!$AF$7)*OFFSET(ORÇAMENTO!$W$15,ROW(AE51)-ROW(AE$15),0),15-13*ORÇAMENTO!$AF$11)),\n         0)","v":0},{"$f":"IF(AND($D51=\"Serviço\",AF$12<>0,$H51>0,OR(AUTOEVENTO<>\"manual\",$M51<>$A$15)),\n        IF(Import.TipoArredondamento<>\"TransfereGOV\",\n              ROUND(OFFSET($P51,0,AF$13),15-13*ORÇAMENTO!$AF$7)/$H51*OFFSET(ORÇAMENTO!$X$15,ROW(AF51)-ROW(AF$15),0),\n              ROUND(ROUND(OFFSET($P51,0,AF$13),15-13*ORÇAMENTO!$AF$7)*OFFSET(ORÇAMENTO!$W$15,ROW(AF51)-ROW(AF$15),0),15-13*ORÇAMENTO!$AF$11)),\n         0)","v":0},{"$f":"IF(AND($D51=\"Serviço\",AG$12<>0,$H51>0,OR(AUTOEVENTO<>\"manual\",$M51<>$A$15)),\n        IF(Import.TipoArredondamento<>\"TransfereGOV\",\n              ROUND(OFFSET($P51,0,AG$13),15-13*ORÇAMENTO!$AF$7)/$H51*OFFSET(ORÇAMENTO!$X$15,ROW(AG51)-ROW(AG$15),0),\n              ROUND(ROUND(OFFSET($P51,0,AG$13),15-13*ORÇAMENTO!$AF$7)*OFFSET(ORÇAMENTO!$W$15,ROW(AG51)-ROW(AG$15),0),15-13*ORÇAMENTO!$AF$11)),\n         0)","v":0},{"$f":"IF(AND($D51=\"Serviço\",AH$12<>0,$H51>0,OR(AUTOEVENTO<>\"manual\",$M51<>$A$15)),\n        IF(Import.TipoArredondamento<>\"TransfereGOV\",\n              ROUND(OFFSET($P51,0,AH$13),15-13*ORÇAMENTO!$AF$7)/$H51*OFFSET(ORÇAMENTO!$X$15,ROW(AH51)-ROW(AH$15),0),\n              ROUND(ROUND(OFFSET($P51,0,AH$13),15-13*ORÇAMENTO!$AF$7)*OFFSET(ORÇAMENTO!$W$15,ROW(AH51)-ROW(AH$15),0),15-13*ORÇAMENTO!$AF$11)),\n         0)","v":0},{"$f":"IF(AND($D51=\"Serviço\",AI$12<>0,$H51>0,OR(AUTOEVENTO<>\"manual\",$M51<>$A$15)),\n        IF(Import.TipoArredondamento<>\"TransfereGOV\",\n              ROUND(OFFSET($P51,0,AI$13),15-13*ORÇAMENTO!$AF$7)/$H51*OFFSET(ORÇAMENTO!$X$15,ROW(AI51)-ROW(AI$15),0),\n              ROUND(ROUND(OFFSET($P51,0,AI$13),15-13*ORÇAMENTO!$AF$7)*OFFSET(ORÇAMENTO!$W$15,ROW(AI51)-ROW(AI$15),0),15-13*ORÇAMENTO!$AF$11)),\n         0)","v":0},{"$f":"IF(AND($D51=\"Serviço\",AJ$12<>0,$H51>0,OR(AUTOEVENTO<>\"manual\",$M51<>$A$15)),\n        IF(Import.TipoArredondamento<>\"TransfereGOV\",\n              ROUND(OFFSET($P51,0,AJ$13),15-13*ORÇAMENTO!$AF$7)/$H51*OFFSET(ORÇAMENTO!$X$15,ROW(AJ51)-ROW(AJ$15),0),\n              ROUND(ROUND(OFFSET($P51,0,AJ$13),15-13*ORÇAMENTO!$AF$7)*OFFSET(ORÇAMENTO!$W$15,ROW(AJ51)-ROW(AJ$15),0),15-13*ORÇAMENTO!$AF$11)),\n         0)","v":0},{"$f":"IF(AND($D51=\"Serviço\",AK$12<>0,$H51>0,OR(AUTOEVENTO<>\"manual\",$M51<>$A$15)),\n        IF(Import.TipoArredondamento<>\"TransfereGOV\",\n              ROUND(OFFSET($P51,0,AK$13),15-13*ORÇAMENTO!$AF$7)/$H51*OFFSET(ORÇAMENTO!$X$15,ROW(AK51)-ROW(AK$15),0),\n              ROUND(ROUND(OFFSET($P51,0,AK$13),15-13*ORÇAMENTO!$AF$7)*OFFSET(ORÇAMENTO!$W$15,ROW(AK51)-ROW(AK$15),0),15-13*ORÇAMENTO!$AF$11)),\n         0)","v":0},null,{"$f":"IF(OR($D51<>\"Serviço\",AND(AUTOEVENTO=\"Manual\",$M51=$A$15)),0,\n         IF(OFFSET(CRONOPLE!$F$15,$M51-$A$15,AM$13)=0,10^12,OFFSET(CRONOPLE!$F$15,$M51-$A$15,AM$13)))","v":1000000000000},{"$f":"IF(OR($D51<>\"Serviço\",AND(AUTOEVENTO=\"Manual\",$M51=$A$15)),0,\n         IF(OFFSET(CRONOPLE!$F$15,$M51-$A$15,AN$13)=0,10^12,OFFSET(CRONOPLE!$F$15,$M51-$A$15,AN$13)))","v":1000000000000},{"$f":"IF(OR($D51<>\"Serviço\",AND(AUTOEVENTO=\"Manual\",$M51=$A$15)),0,\n         IF(OFFSET(CRONOPLE!$F$15,$M51-$A$15,AO$13)=0,10^12,OFFSET(CRONOPLE!$F$15,$M51-$A$15,AO$13)))","v":1000000000000},{"$f":"IF(OR($D51<>\"Serviço\",AND(AUTOEVENTO=\"Manual\",$M51=$A$15)),0,\n         IF(OFFSET(CRONOPLE!$F$15,$M51-$A$15,AP$13)=0,10^12,OFFSET(CRONOPLE!$F$15,$M51-$A$15,AP$13)))","v":1000000000000},{"$f":"IF(OR($D51<>\"Serviço\",AND(AUTOEVENTO=\"Manual\",$M51=$A$15)),0,\n         IF(OFFSET(CRONOPLE!$F$15,$M51-$A$15,AQ$13)=0,10^12,OFFSET(CRONOPLE!$F$15,$M51-$A$15,AQ$13)))","v":1000000000000},{"$f":"IF(OR($D51<>\"Serviço\",AND(AUTOEVENTO=\"Manual\",$M51=$A$15)),0,\n         IF(OFFSET(CRONOPLE!$F$15,$M51-$A$15,AR$13)=0,10^12,OFFSET(CRONOPLE!$F$15,$M51-$A$15,AR$13)))","v":1000000000000},{"$f":"IF(OR($D51<>\"Serviço\",AND(AUTOEVENTO=\"Manual\",$M51=$A$15)),0,\n         IF(OFFSET(CRONOPLE!$F$15,$M51-$A$15,AS$13)=0,10^12,OFFSET(CRONOPLE!$F$15,$M51-$A$15,AS$13)))","v":1000000000000},{"$f":"IF(OR($D51<>\"Serviço\",AND(AUTOEVENTO=\"Manual\",$M51=$A$15)),0,\n         IF(OFFSET(CRONOPLE!$F$15,$M51-$A$15,AT$13)=0,10^12,OFFSET(CRONOPLE!$F$15,$M51-$A$15,AT$13)))","v":1000000000000},{"$f":"IF(OR($D51<>\"Serviço\",AND(AUTOEVENTO=\"Manual\",$M51=$A$15)),0,\n         IF(OFFSET(CRONOPLE!$F$15,$M51-$A$15,AU$13)=0,10^12,OFFSET(CRONOPLE!$F$15,$M51-$A$15,AU$13)))","v":1000000000000},{"$f":"IF(OR($D51<>\"Serviço\",AND(AUTOEVENTO=\"Manual\",$M51=$A$15)),0,\n         IF(OFFSET(CRONOPLE!$F$15,$M51-$A$15,AV$13)=0,10^12,OFFSET(CRONOPLE!$F$15,$M51-$A$15,AV$13)))","v":1000000000000},null,{"$f":"IF(OR($D51<>\"Serviço\",AND(AUTOEVENTO=\"Manual\",$M51=$A$15),$M51>(ROW(PLE.lastrow)-ROW(PLE.firstrow))),0,\n           IF(OFFSET(PLE!$G$15,$M51-$A$15,AX$13)=\"\",10^12,OFFSET(PLE!$G$15,$M51-$A$15,AX$13)))","v":1000000000000},{"$f":"IF(OR($D51<>\"Serviço\",AND(AUTOEVENTO=\"Manual\",$M51=$A$15),$M51>(ROW(PLE.lastrow)-ROW(PLE.firstrow))),0,\n           IF(OFFSET(PLE!$G$15,$M51-$A$15,AY$13)=\"\",10^12,OFFSET(PLE!$G$15,$M51-$A$15,AY$13)))","v":1000000000000},{"$f":"IF(OR($D51<>\"Serviço\",AND(AUTOEVENTO=\"Manual\",$M51=$A$15),$M51>(ROW(PLE.lastrow)-ROW(PLE.firstrow))),0,\n           IF(OFFSET(PLE!$G$15,$M51-$A$15,AZ$13)=\"\",10^12,OFFSET(PLE!$G$15,$M51-$A$15,AZ$13)))","v":1000000000000},{"$f":"IF(OR($D51<>\"Serviço\",AND(AUTOEVENTO=\"Manual\",$M51=$A$15),$M51>(ROW(PLE.lastrow)-ROW(PLE.firstrow))),0,\n           IF(OFFSET(PLE!$G$15,$M51-$A$15,BA$13)=\"\",10^12,OFFSET(PLE!$G$15,$M51-$A$15,BA$13)))","v":1000000000000},{"$f":"IF(OR($D51<>\"Serviço\",AND(AUTOEVENTO=\"Manual\",$M51=$A$15),$M51>(ROW(PLE.lastrow)-ROW(PLE.firstrow))),0,\n           IF(OFFSET(PLE!$G$15,$M51-$A$15,BB$13)=\"\",10^12,OFFSET(PLE!$G$15,$M51-$A$15,BB$13)))","v":1000000000000},{"$f":"IF(OR($D51<>\"Serviço\",AND(AUTOEVENTO=\"Manual\",$M51=$A$15),$M51>(ROW(PLE.lastrow)-ROW(PLE.firstrow))),0,\n           IF(OFFSET(PLE!$G$15,$M51-$A$15,BC$13)=\"\",10^12,OFFSET(PLE!$G$15,$M51-$A$15,BC$13)))","v":1000000000000},{"$f":"IF(OR($D51<>\"Serviço\",AND(AUTOEVENTO=\"Manual\",$M51=$A$15),$M51>(ROW(PLE.lastrow)-ROW(PLE.firstrow))),0,\n           IF(OFFSET(PLE!$G$15,$M51-$A$15,BD$13)=\"\",10^12,OFFSET(PLE!$G$15,$M51-$A$15,BD$13)))","v":1000000000000},{"$f":"IF(OR($D51<>\"Serviço\",AND(AUTOEVENTO=\"Manual\",$M51=$A$15),$M51>(ROW(PLE.lastrow)-ROW(PLE.firstrow))),0,\n           IF(OFFSET(PLE!$G$15,$M51-$A$15,BE$13)=\"\",10^12,OFFSET(PLE!$G$15,$M51-$A$15,BE$13)))","v":1000000000000},{"$f":"IF(OR($D51<>\"Serviço\",AND(AUTOEVENTO=\"Manual\",$M51=$A$15),$M51>(ROW(PLE.lastrow)-ROW(PLE.firstrow))),0,\n           IF(OFFSET(PLE!$G$15,$M51-$A$15,BF$13)=\"\",10^12,OFFSET(PLE!$G$15,$M51-$A$15,BF$13)))","v":1000000000000},{"$f":"IF(OR($D51<>\"Serviço\",AND(AUTOEVENTO=\"Manual\",$M51=$A$15),$M51>(ROW(PLE.lastrow)-ROW(PLE.firstrow))),0,\n           IF(OFFSET(PLE!$G$15,$M51-$A$15,BG$13)=\"\",10^12,OFFSET(PLE!$G$15,$M51-$A$15,BG$13)))","v":1000000000000}]
[23,{"$f":"OFFSET(ORÇAMENTO!C$15,$L52,0)","v":"S"},{"$f":"OFFSET(ORÇAMENTO!L$15,$L52,0)","v":"F"},{"$f":"OFFSET(ORÇAMENTO!N$15,$L52,0)","v":"Serviço"},{"$f":"OFFSET(ORÇAMENTO!O$15,$L52,0)","v":"1.6.3."},{"$f":"OFFSET(ORÇAMENTO!R$15,$L52,0)","v":"GUARDA-CORPO DE AÇO GALVANIZADO DE 1,10M, MONTANTES TUBULARES DE 1.1/4\" ESPAÇADOS DE 1,20M, TRAVESSA SUPERIOR DE 1.1/2\", GRADIL FORMADO POR TUBOS HORIZONTAIS DE 1\" E VERTICAIS DE 3/4\", FIXADO COM CHUMBADOR MECÂNICO. AF_04/2019_PS"},{"$f":"IF($D52<>\"Serviço\",\"\",OFFSET(ORÇAMENTO!S$15,$L52,0))","v":"M"},{"$f":"IF($D52<>\"Serviço\",0,IF(ACOMPANHAMENTO=\"BM\",ROUND(OFFSET(ORÇAMENTO!AJ$15,$L52,0),15-13*ORÇAMENTO!$AF$7),IF(IFERROR(CÁLCULO.FrentesPreenchidas,0)=0,0,SUM(ROUND(OFFSET($P52,0,1,1,CÁLCULO.FrentesPreenchidas),15-13*ORÇAMENTO!$AF$7)))))","v":6.1},"PATAMAR CABINES - 6,10M\n",{"$f":"IF(OR(B52<>\"S\",CÁLCULO.FrentesPreenchidas=0),\"\",IF(AND(ACOMPANHAMENTO=\"PLE\",AUTOEVENTO=\"Manual\",OR(H52>0,ORÇAMENTO!AC52=\"QUANT.\"),OR(K52=\"\",M52=0,N52=\"\")),\"►E\",IF(AND(ACOMPANHAMENTO=\"PLE\",ORÇAMENTO!AC52=\"QUANT.\"),\"►Q\",IF(AND(ACOMPANHAMENTO=\"PLE\",H52<>SUMPRODUCT(($Q$1:$AA$1=1)*ROUND(Q52:AA52,15))),\"►S\",IF(AND(COUNTIF($P$11:$AA$11,\"▼\")=0,H52>0,I52=\"\"),\"◄M\",\"\")))))","v":""},"23.Instalação de corrimão e guarda-corpo",37,{"$f":"IF($D52<>\"Serviço\",\"\",\n          IF(AUTOEVENTO=\"manual\",$A52,\n                IF(ISERROR(MATCH($A52,$A$15:OFFSET($A52,-1,0),0)),MAX($M$15:OFFSET(M52,-1,0))+1,\n                      INDEX($M$15:OFFSET(M52,-1,0),MATCH($A52,$A$15:OFFSET($A52,-1,0),0)))))","v":23},{"$f":"IF($D52<>\"Serviço\",\"\",\n         IF(AUTOEVENTO=\"Manual\",\n                IF($A52=0,\"<-- defina o número do agrupador\",\n                       OFFSET(EVENTOS!$D$15,$A52-$A$15,0)),\n                OFFSET($F$15,$A52,0)))","v":0},null,null,3.05,3.05,null,null,null,null,null,null,null,null,null,{"$f":"IF(AND($D52=\"Serviço\",AB$12<>0,$H52>0,OR(AUTOEVENTO<>\"manual\",$M52<>$A$15)),\n        IF(Import.TipoArredondamento<>\"TransfereGOV\",\n              ROUND(OFFSET($P52,0,AB$13),15-13*ORÇAMENTO!$AF$7)/$H52*OFFSET(ORÇAMENTO!$X$15,ROW(AB52)-ROW(AB$15),0),\n              ROUND(ROUND(OFFSET($P52,0,AB$13),15-13*ORÇAMENTO!$AF$7)*OFFSET(ORÇAMENTO!$W$15,ROW(AB52)-ROW(AB$15),0),15-13*ORÇAMENTO!$AF$11)),\n         0)","v":0},{"$f":"IF(AND($D52=\"Serviço\",AC$12<>0,$H52>0,OR(AUTOEVENTO<>\"manual\",$M52<>$A$15)),\n        IF(Import.TipoArredondamento<>\"TransfereGOV\",\n              ROUND(OFFSET($P52,0,AC$13),15-13*ORÇAMENTO!$AF$7)/$H52*OFFSET(ORÇAMENTO!$X$15,ROW(AC52)-ROW(AC$15),0),\n              ROUND(ROUND(OFFSET($P52,0,AC$13),15-13*ORÇAMENTO!$AF$7)*OFFSET(ORÇAMENTO!$W$15,ROW(AC52)-ROW(AC$15),0),15-13*ORÇAMENTO!$AF$11)),\n         0)","v":0},{"$f":"IF(AND($D52=\"Serviço\",AD$12<>0,$H52>0,OR(AUTOEVENTO<>\"manual\",$M52<>$A$15)),\n        IF(Import.TipoArredondamento<>\"TransfereGOV\",\n              ROUND(OFFSET($P52,0,AD$13),15-13*ORÇAMENTO!$AF$7)/$H52*OFFSET(ORÇAMENTO!$X$15,ROW(AD52)-ROW(AD$15),0),\n              ROUND(ROUND(OFFSET($P52,0,AD$13),15-13*ORÇAMENTO!$AF$7)*OFFSET(ORÇAMENTO!$W$15,ROW(AD52)-ROW(AD$15),0),15-13*ORÇAMENTO!$AF$11)),\n         0)","v":0},{"$f":"IF(AND($D52=\"Serviço\",AE$12<>0,$H52>0,OR(AUTOEVENTO<>\"manual\",$M52<>$A$15)),\n        IF(Import.TipoArredondamento<>\"TransfereGOV\",\n              ROUND(OFFSET($P52,0,AE$13),15-13*ORÇAMENTO!$AF$7)/$H52*OFFSET(ORÇAMENTO!$X$15,ROW(AE52)-ROW(AE$15),0),\n              ROUND(ROUND(OFFSET($P52,0,AE$13),15-13*ORÇAMENTO!$AF$7)*OFFSET(ORÇAMENTO!$W$15,ROW(AE52)-ROW(AE$15),0),15-13*ORÇAMENTO!$AF$11)),\n         0)","v":0},{"$f":"IF(AND($D52=\"Serviço\",AF$12<>0,$H52>0,OR(AUTOEVENTO<>\"manual\",$M52<>$A$15)),\n        IF(Import.TipoArredondamento<>\"TransfereGOV\",\n              ROUND(OFFSET($P52,0,AF$13),15-13*ORÇAMENTO!$AF$7)/$H52*OFFSET(ORÇAMENTO!$X$15,ROW(AF52)-ROW(AF$15),0),\n              ROUND(ROUND(OFFSET($P52,0,AF$13),15-13*ORÇAMENTO!$AF$7)*OFFSET(ORÇAMENTO!$W$15,ROW(AF52)-ROW(AF$15),0),15-13*ORÇAMENTO!$AF$11)),\n         0)","v":0},{"$f":"IF(AND($D52=\"Serviço\",AG$12<>0,$H52>0,OR(AUTOEVENTO<>\"manual\",$M52<>$A$15)),\n        IF(Import.TipoArredondamento<>\"TransfereGOV\",\n              ROUND(OFFSET($P52,0,AG$13),15-13*ORÇAMENTO!$AF$7)/$H52*OFFSET(ORÇAMENTO!$X$15,ROW(AG52)-ROW(AG$15),0),\n              ROUND(ROUND(OFFSET($P52,0,AG$13),15-13*ORÇAMENTO!$AF$7)*OFFSET(ORÇAMENTO!$W$15,ROW(AG52)-ROW(AG$15),0),15-13*ORÇAMENTO!$AF$11)),\n         0)","v":0},{"$f":"IF(AND($D52=\"Serviço\",AH$12<>0,$H52>0,OR(AUTOEVENTO<>\"manual\",$M52<>$A$15)),\n        IF(Import.TipoArredondamento<>\"TransfereGOV\",\n              ROUND(OFFSET($P52,0,AH$13),15-13*ORÇAMENTO!$AF$7)/$H52*OFFSET(ORÇAMENTO!$X$15,ROW(AH52)-ROW(AH$15),0),\n              ROUND(ROUND(OFFSET($P52,0,AH$13),15-13*ORÇAMENTO!$AF$7)*OFFSET(ORÇAMENTO!$W$15,ROW(AH52)-ROW(AH$15),0),15-13*ORÇAMENTO!$AF$11)),\n         0)","v":0},{"$f":"IF(AND($D52=\"Serviço\",AI$12<>0,$H52>0,OR(AUTOEVENTO<>\"manual\",$M52<>$A$15)),\n        IF(Import.TipoArredondamento<>\"TransfereGOV\",\n              ROUND(OFFSET($P52,0,AI$13),15-13*ORÇAMENTO!$AF$7)/$H52*OFFSET(ORÇAMENTO!$X$15,ROW(AI52)-ROW(AI$15),0),\n              ROUND(ROUND(OFFSET($P52,0,AI$13),15-13*ORÇAMENTO!$AF$7)*OFFSET(ORÇAMENTO!$W$15,ROW(AI52)-ROW(AI$15),0),15-13*ORÇAMENTO!$AF$11)),\n         0)","v":0},{"$f":"IF(AND($D52=\"Serviço\",AJ$12<>0,$H52>0,OR(AUTOEVENTO<>\"manual\",$M52<>$A$15)),\n        IF(Import.TipoArredondamento<>\"TransfereGOV\",\n              ROUND(OFFSET($P52,0,AJ$13),15-13*ORÇAMENTO!$AF$7)/$H52*OFFSET(ORÇAMENTO!$X$15,ROW(AJ52)-ROW(AJ$15),0),\n              ROUND(ROUND(OFFSET($P52,0,AJ$13),15-13*ORÇAMENTO!$AF$7)*OFFSET(ORÇAMENTO!$W$15,ROW(AJ52)-ROW(AJ$15),0),15-13*ORÇAMENTO!$AF$11)),\n         0)","v":0},{"$f":"IF(AND($D52=\"Serviço\",AK$12<>0,$H52>0,OR(AUTOEVENTO<>\"manual\",$M52<>$A$15)),\n        IF(Import.TipoArredondamento<>\"TransfereGOV\",\n              ROUND(OFFSET($P52,0,AK$13),15-13*ORÇAMENTO!$AF$7)/$H52*OFFSET(ORÇAMENTO!$X$15,ROW(AK52)-ROW(AK$15),0),\n              ROUND(ROUND(OFFSET($P52,0,AK$13),15-13*ORÇAMENTO!$AF$7)*OFFSET(ORÇAMENTO!$W$15,ROW(AK52)-ROW(AK$15),0),15-13*ORÇAMENTO!$AF$11)),\n         0)","v":0},null,{"$f":"IF(OR($D52<>\"Serviço\",AND(AUTOEVENTO=\"Manual\",$M52=$A$15)),0,\n         IF(OFFSET(CRONOPLE!$F$15,$M52-$A$15,AM$13)=0,10^12,OFFSET(CRONOPLE!$F$15,$M52-$A$15,AM$13)))","v":1000000000000},{"$f":"IF(OR($D52<>\"Serviço\",AND(AUTOEVENTO=\"Manual\",$M52=$A$15)),0,\n         IF(OFFSET(CRONOPLE!$F$15,$M52-$A$15,AN$13)=0,10^12,OFFSET(CRONOPLE!$F$15,$M52-$A$15,AN$13)))","v":1000000000000},{"$f":"IF(OR($D52<>\"Serviço\",AND(AUTOEVENTO=\"Manual\",$M52=$A$15)),0,\n         IF(OFFSET(CRONOPLE!$F$15,$M52-$A$15,AO$13)=0,10^12,OFFSET(CRONOPLE!$F$15,$M52-$A$15,AO$13)))","v":1000000000000},{"$f":"IF(OR($D52<>\"Serviço\",AND(AUTOEVENTO=\"Manual\",$M52=$A$15)),0,\n         IF(OFFSET(CRONOPLE!$F$15,$M52-$A$15,AP$13)=0,10^12,OFFSET(CRONOPLE!$F$15,$M52-$A$15,AP$13)))","v":1000000000000},{"$f":"IF(OR($D52<>\"Serviço\",AND(AUTOEVENTO=\"Manual\",$M52=$A$15)),0,\n         IF(OFFSET(CRONOPLE!$F$15,$M52-$A$15,AQ$13)=0,10^12,OFFSET(CRONOPLE!$F$15,$M52-$A$15,AQ$13)))","v":1000000000000},{"$f":"IF(OR($D52<>\"Serviço\",AND(AUTOEVENTO=\"Manual\",$M52=$A$15)),0,\n         IF(OFFSET(CRONOPLE!$F$15,$M52-$A$15,AR$13)=0,10^12,OFFSET(CRONOPLE!$F$15,$M52-$A$15,AR$13)))","v":1000000000000},{"$f":"IF(OR($D52<>\"Serviço\",AND(AUTOEVENTO=\"Manual\",$M52=$A$15)),0,\n         IF(OFFSET(CRONOPLE!$F$15,$M52-$A$15,AS$13)=0,10^12,OFFSET(CRONOPLE!$F$15,$M52-$A$15,AS$13)))","v":1000000000000},{"$f":"IF(OR($D52<>\"Serviço\",AND(AUTOEVENTO=\"Manual\",$M52=$A$15)),0,\n         IF(OFFSET(CRONOPLE!$F$15,$M52-$A$15,AT$13)=0,10^12,OFFSET(CRONOPLE!$F$15,$M52-$A$15,AT$13)))","v":1000000000000},{"$f":"IF(OR($D52<>\"Serviço\",AND(AUTOEVENTO=\"Manual\",$M52=$A$15)),0,\n         IF(OFFSET(CRONOPLE!$F$15,$M52-$A$15,AU$13)=0,10^12,OFFSET(CRONOPLE!$F$15,$M52-$A$15,AU$13)))","v":1000000000000},{"$f":"IF(OR($D52<>\"Serviço\",AND(AUTOEVENTO=\"Manual\",$M52=$A$15)),0,\n         IF(OFFSET(CRONOPLE!$F$15,$M52-$A$15,AV$13)=0,10^12,OFFSET(CRONOPLE!$F$15,$M52-$A$15,AV$13)))","v":1000000000000},null,{"$f":"IF(OR($D52<>\"Serviço\",AND(AUTOEVENTO=\"Manual\",$M52=$A$15),$M52>(ROW(PLE.lastrow)-ROW(PLE.firstrow))),0,\n           IF(OFFSET(PLE!$G$15,$M52-$A$15,AX$13)=\"\",10^12,OFFSET(PLE!$G$15,$M52-$A$15,AX$13)))","v":1000000000000},{"$f":"IF(OR($D52<>\"Serviço\",AND(AUTOEVENTO=\"Manual\",$M52=$A$15),$M52>(ROW(PLE.lastrow)-ROW(PLE.firstrow))),0,\n           IF(OFFSET(PLE!$G$15,$M52-$A$15,AY$13)=\"\",10^12,OFFSET(PLE!$G$15,$M52-$A$15,AY$13)))","v":1000000000000},{"$f":"IF(OR($D52<>\"Serviço\",AND(AUTOEVENTO=\"Manual\",$M52=$A$15),$M52>(ROW(PLE.lastrow)-ROW(PLE.firstrow))),0,\n           IF(OFFSET(PLE!$G$15,$M52-$A$15,AZ$13)=\"\",10^12,OFFSET(PLE!$G$15,$M52-$A$15,AZ$13)))","v":1000000000000},{"$f":"IF(OR($D52<>\"Serviço\",AND(AUTOEVENTO=\"Manual\",$M52=$A$15),$M52>(ROW(PLE.lastrow)-ROW(PLE.firstrow))),0,\n           IF(OFFSET(PLE!$G$15,$M52-$A$15,BA$13)=\"\",10^12,OFFSET(PLE!$G$15,$M52-$A$15,BA$13)))","v":1000000000000},{"$f":"IF(OR($D52<>\"Serviço\",AND(AUTOEVENTO=\"Manual\",$M52=$A$15),$M52>(ROW(PLE.lastrow)-ROW(PLE.firstrow))),0,\n           IF(OFFSET(PLE!$G$15,$M52-$A$15,BB$13)=\"\",10^12,OFFSET(PLE!$G$15,$M52-$A$15,BB$13)))","v":1000000000000},{"$f":"IF(OR($D52<>\"Serviço\",AND(AUTOEVENTO=\"Manual\",$M52=$A$15),$M52>(ROW(PLE.lastrow)-ROW(PLE.firstrow))),0,\n           IF(OFFSET(PLE!$G$15,$M52-$A$15,BC$13)=\"\",10^12,OFFSET(PLE!$G$15,$M52-$A$15,BC$13)))","v":1000000000000},{"$f":"IF(OR($D52<>\"Serviço\",AND(AUTOEVENTO=\"Manual\",$M52=$A$15),$M52>(ROW(PLE.lastrow)-ROW(PLE.firstrow))),0,\n           IF(OFFSET(PLE!$G$15,$M52-$A$15,BD$13)=\"\",10^12,OFFSET(PLE!$G$15,$M52-$A$15,BD$13)))","v":1000000000000},{"$f":"IF(OR($D52<>\"Serviço\",AND(AUTOEVENTO=\"Manual\",$M52=$A$15),$M52>(ROW(PLE.lastrow)-ROW(PLE.firstrow))),0,\n           IF(OFFSET(PLE!$G$15,$M52-$A$15,BE$13)=\"\",10^12,OFFSET(PLE!$G$15,$M52-$A$15,BE$13)))","v":1000000000000},{"$f":"IF(OR($D52<>\"Serviço\",AND(AUTOEVENTO=\"Manual\",$M52=$A$15),$M52>(ROW(PLE.lastrow)-ROW(PLE.firstrow))),0,\n           IF(OFFSET(PLE!$G$15,$M52-$A$15,BF$13)=\"\",10^12,OFFSET(PLE!$G$15,$M52-$A$15,BF$13)))","v":1000000000000},{"$f":"IF(OR($D52<>\"Serviço\",AND(AUTOEVENTO=\"Manual\",$M52=$A$15),$M52>(ROW(PLE.lastrow)-ROW(PLE.firstrow))),0,\n           IF(OFFSET(PLE!$G$15,$M52-$A$15,BG$13)=\"\",10^12,OFFSET(PLE!$G$15,$M52-$A$15,BG$13)))","v":1000000000000}]
[22,{"$f":"OFFSET(ORÇAMENTO!C$15,$L53,0)","v":"S"},{"$f":"OFFSET(ORÇAMENTO!L$15,$L53,0)","v":"F"},{"$f":"OFFSET(ORÇAMENTO!N$15,$L53,0)","v":"Serviço"},{"$f":"OFFSET(ORÇAMENTO!O$15,$L53,0)","v":"1.6.4."},{"$f":"OFFSET(ORÇAMENTO!R$15,$L53,0)","v":"PORTA DE FERRO, DE ABRIR, TIPO GRADE COM CHAPA, COM GUARNIÇÕES. AF_12/2019"},{"$f":"IF($D53<>\"Serviço\",\"\",OFFSET(ORÇAMENTO!S$15,$L53,0))","v":"M2"},{"$f":"IF($D53<>\"Serviço\",0,IF(ACOMPANHAMENTO=\"BM\",ROUND(OFFSET(ORÇAMENTO!AJ$15,$L53,0),15-13*ORÇAMENTO!$AF$7),IF(IFERROR(CÁLCULO.FrentesPreenchidas,0)=0,0,SUM(ROUND(OFFSET($P53,0,1,1,CÁLCULO.FrentesPreenchidas),15-13*ORÇAMENTO!$AF$7)))))","v":1.89},"NOVAS PORTAS = 0,90X2,10X3 UNS",{"$f":"IF(OR(B53<>\"S\",CÁLCULO.FrentesPreenchidas=0),\"\",IF(AND(ACOMPANHAMENTO=\"PLE\",AUTOEVENTO=\"Manual\",OR(H53>0,ORÇAMENTO!AC53=\"QUANT.\"),OR(K53=\"\",M53=0,N53=\"\")),\"►E\",IF(AND(ACOMPANHAMENTO=\"PLE\",ORÇAMENTO!AC53=\"QUANT.\"),\"►Q\",IF(AND(ACOMPANHAMENTO=\"PLE\",H53<>SUMPRODUCT(($Q$1:$AA$1=1)*ROUND(Q53:AA53,15))),\"►S\",IF(AND(COUNTIF($P$11:$AA$11,\"▼\")=0,H53>0,I53=\"\"),\"◄M\",\"\")))))","v":""},"22.Reforma cabine",38,{"$f":"IF($D53<>\"Serviço\",\"\",\n          IF(AUTOEVENTO=\"manual\",$A53,\n                IF(ISERROR(MATCH($A53,$A$15:OFFSET($A53,-1,0),0)),MAX($M$15:OFFSET(M53,-1,0))+1,\n                      INDEX($M$15:OFFSET(M53,-1,0),MATCH($A53,$A$15:OFFSET($A53,-1,0),0)))))","v":22},{"$f":"IF($D53<>\"Serviço\",\"\",\n         IF(AUTOEVENTO=\"Manual\",\n                IF($A53=0,\"<-- defina o número do agrupador\",\n                       OFFSET(EVENTOS!$D$15,$A53-$A$15,0)),\n                OFFSET($F$15,$A53,0)))","v":"Instalação de corrimão e guarda-corpo"},null,null,null,{"$f":"0.9*2.1","v":1.8900000000000001},null,null,null,null,null,null,null,null,null,{"$f":"IF(AND($D53=\"Serviço\",AB$12<>0,$H53>0,OR(AUTOEVENTO<>\"manual\",$M53<>$A$15)),\n        IF(Import.TipoArredondamento<>\"TransfereGOV\",\n              ROUND(OFFSET($P53,0,AB$13),15-13*ORÇAMENTO!$AF$7)/$H53*OFFSET(ORÇAMENTO!$X$15,ROW(AB53)-ROW(AB$15),0),\n              ROUND(ROUND(OFFSET($P53,0,AB$13),15-13*ORÇAMENTO!$AF$7)*OFFSET(ORÇAMENTO!$W$15,ROW(AB53)-ROW(AB$15),0),15-13*ORÇAMENTO!$AF$11)),\n         0)","v":0},{"$f":"IF(AND($D53=\"Serviço\",AC$12<>0,$H53>0,OR(AUTOEVENTO<>\"manual\",$M53<>$A$15)),\n        IF(Import.TipoArredondamento<>\"TransfereGOV\",\n              ROUND(OFFSET($P53,0,AC$13),15-13*ORÇAMENTO!$AF$7)/$H53*OFFSET(ORÇAMENTO!$X$15,ROW(AC53)-ROW(AC$15),0),\n              ROUND(ROUND(OFFSET($P53,0,AC$13),15-13*ORÇAMENTO!$AF$7)*OFFSET(ORÇAMENTO!$W$15,ROW(AC53)-ROW(AC$15),0),15-13*ORÇAMENTO!$AF$11)),\n         0)","v":0},{"$f":"IF(AND($D53=\"Serviço\",AD$12<>0,$H53>0,OR(AUTOEVENTO<>\"manual\",$M53<>$A$15)),\n        IF(Import.TipoArredondamento<>\"TransfereGOV\",\n              ROUND(OFFSET($P53,0,AD$13),15-13*ORÇAMENTO!$AF$7)/$H53*OFFSET(ORÇAMENTO!$X$15,ROW(AD53)-ROW(AD$15),0),\n              ROUND(ROUND(OFFSET($P53,0,AD$13),15-13*ORÇAMENTO!$AF$7)*OFFSET(ORÇAMENTO!$W$15,ROW(AD53)-ROW(AD$15),0),15-13*ORÇAMENTO!$AF$11)),\n         0)","v":0},{"$f":"IF(AND($D53=\"Serviço\",AE$12<>0,$H53>0,OR(AUTOEVENTO<>\"manual\",$M53<>$A$15)),\n        IF(Import.TipoArredondamento<>\"TransfereGOV\",\n              ROUND(OFFSET($P53,0,AE$13),15-13*ORÇAMENTO!$AF$7)/$H53*OFFSET(ORÇAMENTO!$X$15,ROW(AE53)-ROW(AE$15),0),\n              ROUND(ROUND(OFFSET($P53,0,AE$13),15-13*ORÇAMENTO!$AF$7)*OFFSET(ORÇAMENTO!$W$15,ROW(AE53)-ROW(AE$15),0),15-13*ORÇAMENTO!$AF$11)),\n         0)","v":0},{"$f":"IF(AND($D53=\"Serviço\",AF$12<>0,$H53>0,OR(AUTOEVENTO<>\"manual\",$M53<>$A$15)),\n        IF(Import.TipoArredondamento<>\"TransfereGOV\",\n              ROUND(OFFSET($P53,0,AF$13),15-13*ORÇAMENTO!$AF$7)/$H53*OFFSET(ORÇAMENTO!$X$15,ROW(AF53)-ROW(AF$15),0),\n              ROUND(ROUND(OFFSET($P53,0,AF$13),15-13*ORÇAMENTO!$AF$7)*OFFSET(ORÇAMENTO!$W$15,ROW(AF53)-ROW(AF$15),0),15-13*ORÇAMENTO!$AF$11)),\n         0)","v":0},{"$f":"IF(AND($D53=\"Serviço\",AG$12<>0,$H53>0,OR(AUTOEVENTO<>\"manual\",$M53<>$A$15)),\n        IF(Import.TipoArredondamento<>\"TransfereGOV\",\n              ROUND(OFFSET($P53,0,AG$13),15-13*ORÇAMENTO!$AF$7)/$H53*OFFSET(ORÇAMENTO!$X$15,ROW(AG53)-ROW(AG$15),0),\n              ROUND(ROUND(OFFSET($P53,0,AG$13),15-13*ORÇAMENTO!$AF$7)*OFFSET(ORÇAMENTO!$W$15,ROW(AG53)-ROW(AG$15),0),15-13*ORÇAMENTO!$AF$11)),\n         0)","v":0},{"$f":"IF(AND($D53=\"Serviço\",AH$12<>0,$H53>0,OR(AUTOEVENTO<>\"manual\",$M53<>$A$15)),\n        IF(Import.TipoArredondamento<>\"TransfereGOV\",\n              ROUND(OFFSET($P53,0,AH$13),15-13*ORÇAMENTO!$AF$7)/$H53*OFFSET(ORÇAMENTO!$X$15,ROW(AH53)-ROW(AH$15),0),\n              ROUND(ROUND(OFFSET($P53,0,AH$13),15-13*ORÇAMENTO!$AF$7)*OFFSET(ORÇAMENTO!$W$15,ROW(AH53)-ROW(AH$15),0),15-13*ORÇAMENTO!$AF$11)),\n         0)","v":0},{"$f":"IF(AND($D53=\"Serviço\",AI$12<>0,$H53>0,OR(AUTOEVENTO<>\"manual\",$M53<>$A$15)),\n        IF(Import.TipoArredondamento<>\"TransfereGOV\",\n              ROUND(OFFSET($P53,0,AI$13),15-13*ORÇAMENTO!$AF$7)/$H53*OFFSET(ORÇAMENTO!$X$15,ROW(AI53)-ROW(AI$15),0),\n              ROUND(ROUND(OFFSET($P53,0,AI$13),15-13*ORÇAMENTO!$AF$7)*OFFSET(ORÇAMENTO!$W$15,ROW(AI53)-ROW(AI$15),0),15-13*ORÇAMENTO!$AF$11)),\n         0)","v":0},{"$f":"IF(AND($D53=\"Serviço\",AJ$12<>0,$H53>0,OR(AUTOEVENTO<>\"manual\",$M53<>$A$15)),\n        IF(Import.TipoArredondamento<>\"TransfereGOV\",\n              ROUND(OFFSET($P53,0,AJ$13),15-13*ORÇAMENTO!$AF$7)/$H53*OFFSET(ORÇAMENTO!$X$15,ROW(AJ53)-ROW(AJ$15),0),\n              ROUND(ROUND(OFFSET($P53,0,AJ$13),15-13*ORÇAMENTO!$AF$7)*OFFSET(ORÇAMENTO!$W$15,ROW(AJ53)-ROW(AJ$15),0),15-13*ORÇAMENTO!$AF$11)),\n         0)","v":0},{"$f":"IF(AND($D53=\"Serviço\",AK$12<>0,$H53>0,OR(AUTOEVENTO<>\"manual\",$M53<>$A$15)),\n        IF(Import.TipoArredondamento<>\"TransfereGOV\",\n              ROUND(OFFSET($P53,0,AK$13),15-13*ORÇAMENTO!$AF$7)/$H53*OFFSET(ORÇAMENTO!$X$15,ROW(AK53)-ROW(AK$15),0),\n              ROUND(ROUND(OFFSET($P53,0,AK$13),15-13*ORÇAMENTO!$AF$7)*OFFSET(ORÇAMENTO!$W$15,ROW(AK53)-ROW(AK$15),0),15-13*ORÇAMENTO!$AF$11)),\n         0)","v":0},null,{"$f":"IF(OR($D53<>\"Serviço\",AND(AUTOEVENTO=\"Manual\",$M53=$A$15)),0,\n         IF(OFFSET(CRONOPLE!$F$15,$M53-$A$15,AM$13)=0,10^12,OFFSET(CRONOPLE!$F$15,$M53-$A$15,AM$13)))","v":3},{"$f":"IF(OR($D53<>\"Serviço\",AND(AUTOEVENTO=\"Manual\",$M53=$A$15)),0,\n         IF(OFFSET(CRONOPLE!$F$15,$M53-$A$15,AN$13)=0,10^12,OFFSET(CRONOPLE!$F$15,$M53-$A$15,AN$13)))","v":5},{"$f":"IF(OR($D53<>\"Serviço\",AND(AUTOEVENTO=\"Manual\",$M53=$A$15)),0,\n         IF(OFFSET(CRONOPLE!$F$15,$M53-$A$15,AO$13)=0,10^12,OFFSET(CRONOPLE!$F$15,$M53-$A$15,AO$13)))","v":1000000000000},{"$f":"IF(OR($D53<>\"Serviço\",AND(AUTOEVENTO=\"Manual\",$M53=$A$15)),0,\n         IF(OFFSET(CRONOPLE!$F$15,$M53-$A$15,AP$13)=0,10^12,OFFSET(CRONOPLE!$F$15,$M53-$A$15,AP$13)))","v":1000000000000},{"$f":"IF(OR($D53<>\"Serviço\",AND(AUTOEVENTO=\"Manual\",$M53=$A$15)),0,\n         IF(OFFSET(CRONOPLE!$F$15,$M53-$A$15,AQ$13)=0,10^12,OFFSET(CRONOPLE!$F$15,$M53-$A$15,AQ$13)))","v":1000000000000},{"$f":"IF(OR($D53<>\"Serviço\",AND(AUTOEVENTO=\"Manual\",$M53=$A$15)),0,\n         IF(OFFSET(CRONOPLE!$F$15,$M53-$A$15,AR$13)=0,10^12,OFFSET(CRONOPLE!$F$15,$M53-$A$15,AR$13)))","v":1000000000000},{"$f":"IF(OR($D53<>\"Serviço\",AND(AUTOEVENTO=\"Manual\",$M53=$A$15)),0,\n         IF(OFFSET(CRONOPLE!$F$15,$M53-$A$15,AS$13)=0,10^12,OFFSET(CRONOPLE!$F$15,$M53-$A$15,AS$13)))","v":1000000000000},{"$f":"IF(OR($D53<>\"Serviço\",AND(AUTOEVENTO=\"Manual\",$M53=$A$15)),0,\n         IF(OFFSET(CRONOPLE!$F$15,$M53-$A$15,AT$13)=0,10^12,OFFSET(CRONOPLE!$F$15,$M53-$A$15,AT$13)))","v":1000000000000},{"$f":"IF(OR($D53<>\"Serviço\",AND(AUTOEVENTO=\"Manual\",$M53=$A$15)),0,\n         IF(OFFSET(CRONOPLE!$F$15,$M53-$A$15,AU$13)=0,10^12,OFFSET(CRONOPLE!$F$15,$M53-$A$15,AU$13)))","v":1000000000000},{"$f":"IF(OR($D53<>\"Serviço\",AND(AUTOEVENTO=\"Manual\",$M53=$A$15)),0,\n         IF(OFFSET(CRONOPLE!$F$15,$M53-$A$15,AV$13)=0,10^12,OFFSET(CRONOPLE!$F$15,$M53-$A$15,AV$13)))","v":1000000000000},null,{"$f":"IF(OR($D53<>\"Serviço\",AND(AUTOEVENTO=\"Manual\",$M53=$A$15),$M53>(ROW(PLE.lastrow)-ROW(PLE.firstrow))),0,\n           IF(OFFSET(PLE!$G$15,$M53-$A$15,AX$13)=\"\",10^12,OFFSET(PLE!$G$15,$M53-$A$15,AX$13)))","v":1000000000000},{"$f":"IF(OR($D53<>\"Serviço\",AND(AUTOEVENTO=\"Manual\",$M53=$A$15),$M53>(ROW(PLE.lastrow)-ROW(PLE.firstrow))),0,\n           IF(OFFSET(PLE!$G$15,$M53-$A$15,AY$13)=\"\",10^12,OFFSET(PLE!$G$15,$M53-$A$15,AY$13)))","v":1000000000000},{"$f":"IF(OR($D53<>\"Serviço\",AND(AUTOEVENTO=\"Manual\",$M53=$A$15),$M53>(ROW(PLE.lastrow)-ROW(PLE.firstrow))),0,\n           IF(OFFSET(PLE!$G$15,$M53-$A$15,AZ$13)=\"\",10^12,OFFSET(PLE!$G$15,$M53-$A$15,AZ$13)))","v":1000000000000},{"$f":"IF(OR($D53<>\"Serviço\",AND(AUTOEVENTO=\"Manual\",$M53=$A$15),$M53>(ROW(PLE.lastrow)-ROW(PLE.firstrow))),0,\n           IF(OFFSET(PLE!$G$15,$M53-$A$15,BA$13)=\"\",10^12,OFFSET(PLE!$G$15,$M53-$A$15,BA$13)))","v":1000000000000},{"$f":"IF(OR($D53<>\"Serviço\",AND(AUTOEVENTO=\"Manual\",$M53=$A$15),$M53>(ROW(PLE.lastrow)-ROW(PLE.firstrow))),0,\n           IF(OFFSET(PLE!$G$15,$M53-$A$15,BB$13)=\"\",10^12,OFFSET(PLE!$G$15,$M53-$A$15,BB$13)))","v":1000000000000},{"$f":"IF(OR($D53<>\"Serviço\",AND(AUTOEVENTO=\"Manual\",$M53=$A$15),$M53>(ROW(PLE.lastrow)-ROW(PLE.firstrow))),0,\n           IF(OFFSET(PLE!$G$15,$M53-$A$15,BC$13)=\"\",10^12,OFFSET(PLE!$G$15,$M53-$A$15,BC$13)))","v":1000000000000},{"$f":"IF(OR($D53<>\"Serviço\",AND(AUTOEVENTO=\"Manual\",$M53=$A$15),$M53>(ROW(PLE.lastrow)-ROW(PLE.firstrow))),0,\n           IF(OFFSET(PLE!$G$15,$M53-$A$15,BD$13)=\"\",10^12,OFFSET(PLE!$G$15,$M53-$A$15,BD$13)))","v":1000000000000},{"$f":"IF(OR($D53<>\"Serviço\",AND(AUTOEVENTO=\"Manual\",$M53=$A$15),$M53>(ROW(PLE.lastrow)-ROW(PLE.firstrow))),0,\n           IF(OFFSET(PLE!$G$15,$M53-$A$15,BE$13)=\"\",10^12,OFFSET(PLE!$G$15,$M53-$A$15,BE$13)))","v":1000000000000},{"$f":"IF(OR($D53<>\"Serviço\",AND(AUTOEVENTO=\"Manual\",$M53=$A$15),$M53>(ROW(PLE.lastrow)-ROW(PLE.firstrow))),0,\n           IF(OFFSET(PLE!$G$15,$M53-$A$15,BF$13)=\"\",10^12,OFFSET(PLE!$G$15,$M53-$A$15,BF$13)))","v":1000000000000},{"$f":"IF(OR($D53<>\"Serviço\",AND(AUTOEVENTO=\"Manual\",$M53=$A$15),$M53>(ROW(PLE.lastrow)-ROW(PLE.firstrow))),0,\n           IF(OFFSET(PLE!$G$15,$M53-$A$15,BG$13)=\"\",10^12,OFFSET(PLE!$G$15,$M53-$A$15,BG$13)))","v":1000000000000}]
[22,{"$f":"OFFSET(ORÇAMENTO!C$15,$L54,0)","v":"S"},{"$f":"OFFSET(ORÇAMENTO!L$15,$L54,0)","v":"F"},{"$f":"OFFSET(ORÇAMENTO!N$15,$L54,0)","v":"Serviço"},{"$f":"OFFSET(ORÇAMENTO!O$15,$L54,0)","v":"1.6.5."},{"$f":"OFFSET(ORÇAMENTO!R$15,$L54,0)","v":"INSTALAÇÃO DE VIDRO TEMPERADO, E = 8 MM, ENCAIXADO EM PERFIL U. AF_01/2021_PS"},{"$f":"IF($D54<>\"Serviço\",\"\",OFFSET(ORÇAMENTO!S$15,$L54,0))","v":"M2"},{"$f":"IF($D54<>\"Serviço\",0,IF(ACOMPANHAMENTO=\"BM\",ROUND(OFFSET(ORÇAMENTO!AJ$15,$L54,0),15-13*ORÇAMENTO!$AF$7),IF(IFERROR(CÁLCULO.FrentesPreenchidas,0)=0,0,SUM(ROUND(OFFSET($P54,0,1,1,CÁLCULO.FrentesPreenchidas),15-13*ORÇAMENTO!$AF$7)))))","v":0.96},"VIDRO DA CABINE - 0,80*1,20",{"$f":"IF(OR(B54<>\"S\",CÁLCULO.FrentesPreenchidas=0),\"\",IF(AND(ACOMPANHAMENTO=\"PLE\",AUTOEVENTO=\"Manual\",OR(H54>0,ORÇAMENTO!AC54=\"QUANT.\"),OR(K54=\"\",M54=0,N54=\"\")),\"►E\",IF(AND(ACOMPANHAMENTO=\"PLE\",ORÇAMENTO!AC54=\"QUANT.\"),\"►Q\",IF(AND(ACOMPANHAMENTO=\"PLE\",H54<>SUMPRODUCT(($Q$1:$AA$1=1)*ROUND(Q54:AA54,15))),\"►S\",IF(AND(COUNTIF($P$11:$AA$11,\"▼\")=0,H54>0,I54=\"\"),\"◄M\",\"\")))))","v":""},"22.Reforma cabine",39,{"$f":"IF($D54<>\"Serviço\",\"\",\n          IF(AUTOEVENTO=\"manual\",$A54,\n                IF(ISERROR(MATCH($A54,$A$15:OFFSET($A54,-1,0),0)),MAX($M$15:OFFSET(M54,-1,0))+1,\n                      INDEX($M$15:OFFSET(M54,-1,0),MATCH($A54,$A$15:OFFSET($A54,-1,0),0)))))","v":22},{"$f":"IF($D54<>\"Serviço\",\"\",\n         IF(AUTOEVENTO=\"Manual\",\n                IF($A54=0,\"<-- defina o número do agrupador\",\n                       OFFSET(EVENTOS!$D$15,$A54-$A$15,0)),\n                OFFSET($F$15,$A54,0)))","v":"Instalação de corrimão e guarda-corpo"},null,null,null,0.96,null,null,null,null,null,null,null,null,null,{"$f":"IF(AND($D54=\"Serviço\",AB$12<>0,$H54>0,OR(AUTOEVENTO<>\"manual\",$M54<>$A$15)),\n        IF(Import.TipoArredondamento<>\"TransfereGOV\",\n              ROUND(OFFSET($P54,0,AB$13),15-13*ORÇAMENTO!$AF$7)/$H54*OFFSET(ORÇAMENTO!$X$15,ROW(AB54)-ROW(AB$15),0),\n              ROUND(ROUND(OFFSET($P54,0,AB$13),15-13*ORÇAMENTO!$AF$7)*OFFSET(ORÇAMENTO!$W$15,ROW(AB54)-ROW(AB$15),0),15-13*ORÇAMENTO!$AF$11)),\n         0)","v":0},{"$f":"IF(AND($D54=\"Serviço\",AC$12<>0,$H54>0,OR(AUTOEVENTO<>\"manual\",$M54<>$A$15)),\n        IF(Import.TipoArredondamento<>\"TransfereGOV\",\n              ROUND(OFFSET($P54,0,AC$13),15-13*ORÇAMENTO!$AF$7)/$H54*OFFSET(ORÇAMENTO!$X$15,ROW(AC54)-ROW(AC$15),0),\n              ROUND(ROUND(OFFSET($P54,0,AC$13),15-13*ORÇAMENTO!$AF$7)*OFFSET(ORÇAMENTO!$W$15,ROW(AC54)-ROW(AC$15),0),15-13*ORÇAMENTO!$AF$11)),\n         0)","v":0},{"$f":"IF(AND($D54=\"Serviço\",AD$12<>0,$H54>0,OR(AUTOEVENTO<>\"manual\",$M54<>$A$15)),\n        IF(Import.TipoArredondamento<>\"TransfereGOV\",\n              ROUND(OFFSET($P54,0,AD$13),15-13*ORÇAMENTO!$AF$7)/$H54*OFFSET(ORÇAMENTO!$X$15,ROW(AD54)-ROW(AD$15),0),\n              ROUND(ROUND(OFFSET($P54,0,AD$13),15-13*ORÇAMENTO!$AF$7)*OFFSET(ORÇAMENTO!$W$15,ROW(AD54)-ROW(AD$15),0),15-13*ORÇAMENTO!$AF$11)),\n         0)","v":0},{"$f":"IF(AND($D54=\"Serviço\",AE$12<>0,$H54>0,OR(AUTOEVENTO<>\"manual\",$M54<>$A$15)),\n        IF(Import.TipoArredondamento<>\"TransfereGOV\",\n              ROUND(OFFSET($P54,0,AE$13),15-13*ORÇAMENTO!$AF$7)/$H54*OFFSET(ORÇAMENTO!$X$15,ROW(AE54)-ROW(AE$15),0),\n              ROUND(ROUND(OFFSET($P54,0,AE$13),15-13*ORÇAMENTO!$AF$7)*OFFSET(ORÇAMENTO!$W$15,ROW(AE54)-ROW(AE$15),0),15-13*ORÇAMENTO!$AF$11)),\n         0)","v":0},{"$f":"IF(AND($D54=\"Serviço\",AF$12<>0,$H54>0,OR(AUTOEVENTO<>\"manual\",$M54<>$A$15)),\n        IF(Import.TipoArredondamento<>\"TransfereGOV\",\n              ROUND(OFFSET($P54,0,AF$13),15-13*ORÇAMENTO!$AF$7)/$H54*OFFSET(ORÇAMENTO!$X$15,ROW(AF54)-ROW(AF$15),0),\n              ROUND(ROUND(OFFSET($P54,0,AF$13),15-13*ORÇAMENTO!$AF$7)*OFFSET(ORÇAMENTO!$W$15,ROW(AF54)-ROW(AF$15),0),15-13*ORÇAMENTO!$AF$11)),\n         0)","v":0},{"$f":"IF(AND($D54=\"Serviço\",AG$12<>0,$H54>0,OR(AUTOEVENTO<>\"manual\",$M54<>$A$15)),\n        IF(Import.TipoArredondamento<>\"TransfereGOV\",\n              ROUND(OFFSET($P54,0,AG$13),15-13*ORÇAMENTO!$AF$7)/$H54*OFFSET(ORÇAMENTO!$X$15,ROW(AG54)-ROW(AG$15),0),\n              ROUND(ROUND(OFFSET($P54,0,AG$13),15-13*ORÇAMENTO!$AF$7)*OFFSET(ORÇAMENTO!$W$15,ROW(AG54)-ROW(AG$15),0),15-13*ORÇAMENTO!$AF$11)),\n         0)","v":0},{"$f":"IF(AND($D54=\"Serviço\",AH$12<>0,$H54>0,OR(AUTOEVENTO<>\"manual\",$M54<>$A$15)),\n        IF(Import.TipoArredondamento<>\"TransfereGOV\",\n              ROUND(OFFSET($P54,0,AH$13),15-13*ORÇAMENTO!$AF$7)/$H54*OFFSET(ORÇAMENTO!$X$15,ROW(AH54)-ROW(AH$15),0),\n              ROUND(ROUND(OFFSET($P54,0,AH$13),15-13*ORÇAMENTO!$AF$7)*OFFSET(ORÇAMENTO!$W$15,ROW(AH54)-ROW(AH$15),0),15-13*ORÇAMENTO!$AF$11)),\n         0)","v":0},{"$f":"IF(AND($D54=\"Serviço\",AI$12<>0,$H54>0,OR(AUTOEVENTO<>\"manual\",$M54<>$A$15)),\n        IF(Import.TipoArredondamento<>\"TransfereGOV\",\n              ROUND(OFFSET($P54,0,AI$13),15-13*ORÇAMENTO!$AF$7)/$H54*OFFSET(ORÇAMENTO!$X$15,ROW(AI54)-ROW(AI$15),0),\n              ROUND(ROUND(OFFSET($P54,0,AI$13),15-13*ORÇAMENTO!$AF$7)*OFFSET(ORÇAMENTO!$W$15,ROW(AI54)-ROW(AI$15),0),15-13*ORÇAMENTO!$AF$11)),\n         0)","v":0},{"$f":"IF(AND($D54=\"Serviço\",AJ$12<>0,$H54>0,OR(AUTOEVENTO<>\"manual\",$M54<>$A$15)),\n        IF(Import.TipoArredondamento<>\"TransfereGOV\",\n              ROUND(OFFSET($P54,0,AJ$13),15-13*ORÇAMENTO!$AF$7)/$H54*OFFSET(ORÇAMENTO!$X$15,ROW(AJ54)-ROW(AJ$15),0),\n              ROUND(ROUND(OFFSET($P54,0,AJ$13),15-13*ORÇAMENTO!$AF$7)*OFFSET(ORÇAMENTO!$W$15,ROW(AJ54)-ROW(AJ$15),0),15-13*ORÇAMENTO!$AF$11)),\n         0)","v":0},{"$f":"IF(AND($D54=\"Serviço\",AK$12<>0,$H54>0,OR(AUTOEVENTO<>\"manual\",$M54<>$A$15)),\n        IF(Import.TipoArredondamento<>\"TransfereGOV\",\n              ROUND(OFFSET($P54,0,AK$13),15-13*ORÇAMENTO!$AF$7)/$H54*OFFSET(ORÇAMENTO!$X$15,ROW(AK54)-ROW(AK$15),0),\n              ROUND(ROUND(OFFSET($P54,0,AK$13),15-13*ORÇAMENTO!$AF$7)*OFFSET(ORÇAMENTO!$W$15,ROW(AK54)-ROW(AK$15),0),15-13*ORÇAMENTO!$AF$11)),\n         0)","v":0},null,{"$f":"IF(OR($D54<>\"Serviço\",AND(AUTOEVENTO=\"Manual\",$M54=$A$15)),0,\n         IF(OFFSET(CRONOPLE!$F$15,$M54-$A$15,AM$13)=0,10^12,OFFSET(CRONOPLE!$F$15,$M54-$A$15,AM$13)))","v":3},{"$f":"IF(OR($D54<>\"Serviço\",AND(AUTOEVENTO=\"Manual\",$M54=$A$15)),0,\n         IF(OFFSET(CRONOPLE!$F$15,$M54-$A$15,AN$13)=0,10^12,OFFSET(CRONOPLE!$F$15,$M54-$A$15,AN$13)))","v":5},{"$f":"IF(OR($D54<>\"Serviço\",AND(AUTOEVENTO=\"Manual\",$M54=$A$15)),0,\n         IF(OFFSET(CRONOPLE!$F$15,$M54-$A$15,AO$13)=0,10^12,OFFSET(CRONOPLE!$F$15,$M54-$A$15,AO$13)))","v":1000000000000},{"$f":"IF(OR($D54<>\"Serviço\",AND(AUTOEVENTO=\"Manual\",$M54=$A$15)),0,\n         IF(OFFSET(CRONOPLE!$F$15,$M54-$A$15,AP$13)=0,10^12,OFFSET(CRONOPLE!$F$15,$M54-$A$15,AP$13)))","v":1000000000000},{"$f":"IF(OR($D54<>\"Serviço\",AND(AUTOEVENTO=\"Manual\",$M54=$A$15)),0,\n         IF(OFFSET(CRONOPLE!$F$15,$M54-$A$15,AQ$13)=0,10^12,OFFSET(CRONOPLE!$F$15,$M54-$A$15,AQ$13)))","v":1000000000000},{"$f":"IF(OR($D54<>\"Serviço\",AND(AUTOEVENTO=\"Manual\",$M54=$A$15)),0,\n         IF(OFFSET(CRONOPLE!$F$15,$M54-$A$15,AR$13)=0,10^12,OFFSET(CRONOPLE!$F$15,$M54-$A$15,AR$13)))","v":1000000000000},{"$f":"IF(OR($D54<>\"Serviço\",AND(AUTOEVENTO=\"Manual\",$M54=$A$15)),0,\n         IF(OFFSET(CRONOPLE!$F$15,$M54-$A$15,AS$13)=0,10^12,OFFSET(CRONOPLE!$F$15,$M54-$A$15,AS$13)))","v":1000000000000},{"$f":"IF(OR($D54<>\"Serviço\",AND(AUTOEVENTO=\"Manual\",$M54=$A$15)),0,\n         IF(OFFSET(CRONOPLE!$F$15,$M54-$A$15,AT$13)=0,10^12,OFFSET(CRONOPLE!$F$15,$M54-$A$15,AT$13)))","v":1000000000000},{"$f":"IF(OR($D54<>\"Serviço\",AND(AUTOEVENTO=\"Manual\",$M54=$A$15)),0,\n         IF(OFFSET(CRONOPLE!$F$15,$M54-$A$15,AU$13)=0,10^12,OFFSET(CRONOPLE!$F$15,$M54-$A$15,AU$13)))","v":1000000000000},{"$f":"IF(OR($D54<>\"Serviço\",AND(AUTOEVENTO=\"Manual\",$M54=$A$15)),0,\n         IF(OFFSET(CRONOPLE!$F$15,$M54-$A$15,AV$13)=0,10^12,OFFSET(CRONOPLE!$F$15,$M54-$A$15,AV$13)))","v":1000000000000},null,{"$f":"IF(OR($D54<>\"Serviço\",AND(AUTOEVENTO=\"Manual\",$M54=$A$15),$M54>(ROW(PLE.lastrow)-ROW(PLE.firstrow))),0,\n           IF(OFFSET(PLE!$G$15,$M54-$A$15,AX$13)=\"\",10^12,OFFSET(PLE!$G$15,$M54-$A$15,AX$13)))","v":1000000000000},{"$f":"IF(OR($D54<>\"Serviço\",AND(AUTOEVENTO=\"Manual\",$M54=$A$15),$M54>(ROW(PLE.lastrow)-ROW(PLE.firstrow))),0,\n           IF(OFFSET(PLE!$G$15,$M54-$A$15,AY$13)=\"\",10^12,OFFSET(PLE!$G$15,$M54-$A$15,AY$13)))","v":1000000000000},{"$f":"IF(OR($D54<>\"Serviço\",AND(AUTOEVENTO=\"Manual\",$M54=$A$15),$M54>(ROW(PLE.lastrow)-ROW(PLE.firstrow))),0,\n           IF(OFFSET(PLE!$G$15,$M54-$A$15,AZ$13)=\"\",10^12,OFFSET(PLE!$G$15,$M54-$A$15,AZ$13)))","v":1000000000000},{"$f":"IF(OR($D54<>\"Serviço\",AND(AUTOEVENTO=\"Manual\",$M54=$A$15),$M54>(ROW(PLE.lastrow)-ROW(PLE.firstrow))),0,\n           IF(OFFSET(PLE!$G$15,$M54-$A$15,BA$13)=\"\",10^12,OFFSET(PLE!$G$15,$M54-$A$15,BA$13)))","v":1000000000000},{"$f":"IF(OR($D54<>\"Serviço\",AND(AUTOEVENTO=\"Manual\",$M54=$A$15),$M54>(ROW(PLE.lastrow)-ROW(PLE.firstrow))),0,\n           IF(OFFSET(PLE!$G$15,$M54-$A$15,BB$13)=\"\",10^12,OFFSET(PLE!$G$15,$M54-$A$15,BB$13)))","v":1000000000000},{"$f":"IF(OR($D54<>\"Serviço\",AND(AUTOEVENTO=\"Manual\",$M54=$A$15),$M54>(ROW(PLE.lastrow)-ROW(PLE.firstrow))),0,\n           IF(OFFSET(PLE!$G$15,$M54-$A$15,BC$13)=\"\",10^12,OFFSET(PLE!$G$15,$M54-$A$15,BC$13)))","v":1000000000000},{"$f":"IF(OR($D54<>\"Serviço\",AND(AUTOEVENTO=\"Manual\",$M54=$A$15),$M54>(ROW(PLE.lastrow)-ROW(PLE.firstrow))),0,\n           IF(OFFSET(PLE!$G$15,$M54-$A$15,BD$13)=\"\",10^12,OFFSET(PLE!$G$15,$M54-$A$15,BD$13)))","v":1000000000000},{"$f":"IF(OR($D54<>\"Serviço\",AND(AUTOEVENTO=\"Manual\",$M54=$A$15),$M54>(ROW(PLE.lastrow)-ROW(PLE.firstrow))),0,\n           IF(OFFSET(PLE!$G$15,$M54-$A$15,BE$13)=\"\",10^12,OFFSET(PLE!$G$15,$M54-$A$15,BE$13)))","v":1000000000000},{"$f":"IF(OR($D54<>\"Serviço\",AND(AUTOEVENTO=\"Manual\",$M54=$A$15),$M54>(ROW(PLE.lastrow)-ROW(PLE.firstrow))),0,\n           IF(OFFSET(PLE!$G$15,$M54-$A$15,BF$13)=\"\",10^12,OFFSET(PLE!$G$15,$M54-$A$15,BF$13)))","v":1000000000000},{"$f":"IF(OR($D54<>\"Serviço\",AND(AUTOEVENTO=\"Manual\",$M54=$A$15),$M54>(ROW(PLE.lastrow)-ROW(PLE.firstrow))),0,\n           IF(OFFSET(PLE!$G$15,$M54-$A$15,BG$13)=\"\",10^12,OFFSET(PLE!$G$15,$M54-$A$15,BG$13)))","v":1000000000000}]
[0,{"$f":"OFFSET(ORÇAMENTO!C$15,$L55,0)","v":2},{"$f":"OFFSET(ORÇAMENTO!L$15,$L55,0)","v":"F"},{"$f":"OFFSET(ORÇAMENTO!N$15,$L55,0)","v":"Nível 2"},{"$f":"OFFSET(ORÇAMENTO!O$15,$L55,0)","v":"1.7."},{"$f":"OFFSET(ORÇAMENTO!R$15,$L55,0)","v":"FUNDAÇÃO NOVOS PILARES METÁLICOS"},{"$f":"IF($D55<>\"Serviço\",\"\",OFFSET(ORÇAMENTO!S$15,$L55,0))","v":""},{"$f":"IF($D55<>\"Serviço\",0,IF(ACOMPANHAMENTO=\"BM\",ROUND(OFFSET(ORÇAMENTO!AJ$15,$L55,0),15-13*ORÇAMENTO!$AF$7),IF(IFERROR(CÁLCULO.FrentesPreenchidas,0)=0,0,SUM(ROUND(OFFSET($P55,0,1,1,CÁLCULO.FrentesPreenchidas),15-13*ORÇAMENTO!$AF$7)))))","v":0},null,{"$f":"IF(OR(B55<>\"S\",CÁLCULO.FrentesPreenchidas=0),\"\",IF(AND(ACOMPANHAMENTO=\"PLE\",AUTOEVENTO=\"Manual\",OR(H55>0,ORÇAMENTO!AC55=\"QUANT.\"),OR(K55=\"\",M55=0,N55=\"\")),\"►E\",IF(AND(ACOMPANHAMENTO=\"PLE\",ORÇAMENTO!AC55=\"QUANT.\"),\"►Q\",IF(AND(ACOMPANHAMENTO=\"PLE\",H55<>SUMPRODUCT(($Q$1:$AA$1=1)*ROUND(Q55:AA55,15))),\"►S\",IF(AND(COUNTIF($P$11:$AA$11,\"▼\")=0,H55>0,I55=\"\"),\"◄M\",\"\")))))","v":""},null,40,{"$f":"IF($D55<>\"Serviço\",\"\",\n          IF(AUTOEVENTO=\"manual\",$A55,\n                IF(ISERROR(MATCH($A55,$A$15:OFFSET($A55,-1,0),0)),MAX($M$15:OFFSET(M55,-1,0))+1,\n                      INDEX($M$15:OFFSET(M55,-1,0),MATCH($A55,$A$15:OFFSET($A55,-1,0),0)))))","v":""},{"$f":"IF($D55<>\"Serviço\",\"\",\n         IF(AUTOEVENTO=\"Manual\",\n                IF($A55=0,\"<-- defina o número do agrupador\",\n                       OFFSET(EVENTOS!$D$15,$A55-$A$15,0)),\n                OFFSET($F$15,$A55,0)))","v":""},null,null,null,null,null,null,null,null,null,null,null,null,null,{"$f":"IF(AND($D55=\"Serviço\",AB$12<>0,$H55>0,OR(AUTOEVENTO<>\"manual\",$M55<>$A$15)),\n        IF(Import.TipoArredondamento<>\"TransfereGOV\",\n              ROUND(OFFSET($P55,0,AB$13),15-13*ORÇAMENTO!$AF$7)/$H55*OFFSET(ORÇAMENTO!$X$15,ROW(AB55)-ROW(AB$15),0),\n              ROUND(ROUND(OFFSET($P55,0,AB$13),15-13*ORÇAMENTO!$AF$7)*OFFSET(ORÇAMENTO!$W$15,ROW(AB55)-ROW(AB$15),0),15-13*ORÇAMENTO!$AF$11)),\n         0)","v":0},{"$f":"IF(AND($D55=\"Serviço\",AC$12<>0,$H55>0,OR(AUTOEVENTO<>\"manual\",$M55<>$A$15)),\n        IF(Import.TipoArredondamento<>\"TransfereGOV\",\n              ROUND(OFFSET($P55,0,AC$13),15-13*ORÇAMENTO!$AF$7)/$H55*OFFSET(ORÇAMENTO!$X$15,ROW(AC55)-ROW(AC$15),0),\n              ROUND(ROUND(OFFSET($P55,0,AC$13),15-13*ORÇAMENTO!$AF$7)*OFFSET(ORÇAMENTO!$W$15,ROW(AC55)-ROW(AC$15),0),15-13*ORÇAMENTO!$AF$11)),\n         0)","v":0},{"$f":"IF(AND($D55=\"Serviço\",AD$12<>0,$H55>0,OR(AUTOEVENTO<>\"manual\",$M55<>$A$15)),\n        IF(Import.TipoArredondamento<>\"TransfereGOV\",\n              ROUND(OFFSET($P55,0,AD$13),15-13*ORÇAMENTO!$AF$7)/$H55*OFFSET(ORÇAMENTO!$X$15,ROW(AD55)-ROW(AD$15),0),\n              ROUND(ROUND(OFFSET($P55,0,AD$13),15-13*ORÇAMENTO!$AF$7)*OFFSET(ORÇAMENTO!$W$15,ROW(AD55)-ROW(AD$15),0),15-13*ORÇAMENTO!$AF$11)),\n         0)","v":0},{"$f":"IF(AND($D55=\"Serviço\",AE$12<>0,$H55>0,OR(AUTOEVENTO<>\"manual\",$M55<>$A$15)),\n        IF(Import.TipoArredondamento<>\"TransfereGOV\",\n              ROUND(OFFSET($P55,0,AE$13),15-13*ORÇAMENTO!$AF$7)/$H55*OFFSET(ORÇAMENTO!$X$15,ROW(AE55)-ROW(AE$15),0),\n              ROUND(ROUND(OFFSET($P55,0,AE$13),15-13*ORÇAMENTO!$AF$7)*OFFSET(ORÇAMENTO!$W$15,ROW(AE55)-ROW(AE$15),0),15-13*ORÇAMENTO!$AF$11)),\n         0)","v":0},{"$f":"IF(AND($D55=\"Serviço\",AF$12<>0,$H55>0,OR(AUTOEVENTO<>\"manual\",$M55<>$A$15)),\n        IF(Import.TipoArredondamento<>\"TransfereGOV\",\n              ROUND(OFFSET($P55,0,AF$13),15-13*ORÇAMENTO!$AF$7)/$H55*OFFSET(ORÇAMENTO!$X$15,ROW(AF55)-ROW(AF$15),0),\n              ROUND(ROUND(OFFSET($P55,0,AF$13),15-13*ORÇAMENTO!$AF$7)*OFFSET(ORÇAMENTO!$W$15,ROW(AF55)-ROW(AF$15),0),15-13*ORÇAMENTO!$AF$11)),\n         0)","v":0},{"$f":"IF(AND($D55=\"Serviço\",AG$12<>0,$H55>0,OR(AUTOEVENTO<>\"manual\",$M55<>$A$15)),\n        IF(Import.TipoArredondamento<>\"TransfereGOV\",\n              ROUND(OFFSET($P55,0,AG$13),15-13*ORÇAMENTO!$AF$7)/$H55*OFFSET(ORÇAMENTO!$X$15,ROW(AG55)-ROW(AG$15),0),\n              ROUND(ROUND(OFFSET($P55,0,AG$13),15-13*ORÇAMENTO!$AF$7)*OFFSET(ORÇAMENTO!$W$15,ROW(AG55)-ROW(AG$15),0),15-13*ORÇAMENTO!$AF$11)),\n         0)","v":0},{"$f":"IF(AND($D55=\"Serviço\",AH$12<>0,$H55>0,OR(AUTOEVENTO<>\"manual\",$M55<>$A$15)),\n        IF(Import.TipoArredondamento<>\"TransfereGOV\",\n              ROUND(OFFSET($P55,0,AH$13),15-13*ORÇAMENTO!$AF$7)/$H55*OFFSET(ORÇAMENTO!$X$15,ROW(AH55)-ROW(AH$15),0),\n              ROUND(ROUND(OFFSET($P55,0,AH$13),15-13*ORÇAMENTO!$AF$7)*OFFSET(ORÇAMENTO!$W$15,ROW(AH55)-ROW(AH$15),0),15-13*ORÇAMENTO!$AF$11)),\n         0)","v":0},{"$f":"IF(AND($D55=\"Serviço\",AI$12<>0,$H55>0,OR(AUTOEVENTO<>\"manual\",$M55<>$A$15)),\n        IF(Import.TipoArredondamento<>\"TransfereGOV\",\n              ROUND(OFFSET($P55,0,AI$13),15-13*ORÇAMENTO!$AF$7)/$H55*OFFSET(ORÇAMENTO!$X$15,ROW(AI55)-ROW(AI$15),0),\n              ROUND(ROUND(OFFSET($P55,0,AI$13),15-13*ORÇAMENTO!$AF$7)*OFFSET(ORÇAMENTO!$W$15,ROW(AI55)-ROW(AI$15),0),15-13*ORÇAMENTO!$AF$11)),\n         0)","v":0},{"$f":"IF(AND($D55=\"Serviço\",AJ$12<>0,$H55>0,OR(AUTOEVENTO<>\"manual\",$M55<>$A$15)),\n        IF(Import.TipoArredondamento<>\"TransfereGOV\",\n              ROUND(OFFSET($P55,0,AJ$13),15-13*ORÇAMENTO!$AF$7)/$H55*OFFSET(ORÇAMENTO!$X$15,ROW(AJ55)-ROW(AJ$15),0),\n              ROUND(ROUND(OFFSET($P55,0,AJ$13),15-13*ORÇAMENTO!$AF$7)*OFFSET(ORÇAMENTO!$W$15,ROW(AJ55)-ROW(AJ$15),0),15-13*ORÇAMENTO!$AF$11)),\n         0)","v":0},{"$f":"IF(AND($D55=\"Serviço\",AK$12<>0,$H55>0,OR(AUTOEVENTO<>\"manual\",$M55<>$A$15)),\n        IF(Import.TipoArredondamento<>\"TransfereGOV\",\n              ROUND(OFFSET($P55,0,AK$13),15-13*ORÇAMENTO!$AF$7)/$H55*OFFSET(ORÇAMENTO!$X$15,ROW(AK55)-ROW(AK$15),0),\n              ROUND(ROUND(OFFSET($P55,0,AK$13),15-13*ORÇAMENTO!$AF$7)*OFFSET(ORÇAMENTO!$W$15,ROW(AK55)-ROW(AK$15),0),15-13*ORÇAMENTO!$AF$11)),\n         0)","v":0},null,{"$f":"IF(OR($D55<>\"Serviço\",AND(AUTOEVENTO=\"Manual\",$M55=$A$15)),0,\n         IF(OFFSET(CRONOPLE!$F$15,$M55-$A$15,AM$13)=0,10^12,OFFSET(CRONOPLE!$F$15,$M55-$A$15,AM$13)))","v":0},{"$f":"IF(OR($D55<>\"Serviço\",AND(AUTOEVENTO=\"Manual\",$M55=$A$15)),0,\n         IF(OFFSET(CRONOPLE!$F$15,$M55-$A$15,AN$13)=0,10^12,OFFSET(CRONOPLE!$F$15,$M55-$A$15,AN$13)))","v":0},{"$f":"IF(OR($D55<>\"Serviço\",AND(AUTOEVENTO=\"Manual\",$M55=$A$15)),0,\n         IF(OFFSET(CRONOPLE!$F$15,$M55-$A$15,AO$13)=0,10^12,OFFSET(CRONOPLE!$F$15,$M55-$A$15,AO$13)))","v":0},{"$f":"IF(OR($D55<>\"Serviço\",AND(AUTOEVENTO=\"Manual\",$M55=$A$15)),0,\n         IF(OFFSET(CRONOPLE!$F$15,$M55-$A$15,AP$13)=0,10^12,OFFSET(CRONOPLE!$F$15,$M55-$A$15,AP$13)))","v":0},{"$f":"IF(OR($D55<>\"Serviço\",AND(AUTOEVENTO=\"Manual\",$M55=$A$15)),0,\n         IF(OFFSET(CRONOPLE!$F$15,$M55-$A$15,AQ$13)=0,10^12,OFFSET(CRONOPLE!$F$15,$M55-$A$15,AQ$13)))","v":0},{"$f":"IF(OR($D55<>\"Serviço\",AND(AUTOEVENTO=\"Manual\",$M55=$A$15)),0,\n         IF(OFFSET(CRONOPLE!$F$15,$M55-$A$15,AR$13)=0,10^12,OFFSET(CRONOPLE!$F$15,$M55-$A$15,AR$13)))","v":0},{"$f":"IF(OR($D55<>\"Serviço\",AND(AUTOEVENTO=\"Manual\",$M55=$A$15)),0,\n         IF(OFFSET(CRONOPLE!$F$15,$M55-$A$15,AS$13)=0,10^12,OFFSET(CRONOPLE!$F$15,$M55-$A$15,AS$13)))","v":0},{"$f":"IF(OR($D55<>\"Serviço\",AND(AUTOEVENTO=\"Manual\",$M55=$A$15)),0,\n         IF(OFFSET(CRONOPLE!$F$15,$M55-$A$15,AT$13)=0,10^12,OFFSET(CRONOPLE!$F$15,$M55-$A$15,AT$13)))","v":0},{"$f":"IF(OR($D55<>\"Serviço\",AND(AUTOEVENTO=\"Manual\",$M55=$A$15)),0,\n         IF(OFFSET(CRONOPLE!$F$15,$M55-$A$15,AU$13)=0,10^12,OFFSET(CRONOPLE!$F$15,$M55-$A$15,AU$13)))","v":0},{"$f":"IF(OR($D55<>\"Serviço\",AND(AUTOEVENTO=\"Manual\",$M55=$A$15)),0,\n         IF(OFFSET(CRONOPLE!$F$15,$M55-$A$15,AV$13)=0,10^12,OFFSET(CRONOPLE!$F$15,$M55-$A$15,AV$13)))","v":0},null,{"$f":"IF(OR($D55<>\"Serviço\",AND(AUTOEVENTO=\"Manual\",$M55=$A$15),$M55>(ROW(PLE.lastrow)-ROW(PLE.firstrow))),0,\n           IF(OFFSET(PLE!$G$15,$M55-$A$15,AX$13)=\"\",10^12,OFFSET(PLE!$G$15,$M55-$A$15,AX$13)))","v":0},{"$f":"IF(OR($D55<>\"Serviço\",AND(AUTOEVENTO=\"Manual\",$M55=$A$15),$M55>(ROW(PLE.lastrow)-ROW(PLE.firstrow))),0,\n           IF(OFFSET(PLE!$G$15,$M55-$A$15,AY$13)=\"\",10^12,OFFSET(PLE!$G$15,$M55-$A$15,AY$13)))","v":0},{"$f":"IF(OR($D55<>\"Serviço\",AND(AUTOEVENTO=\"Manual\",$M55=$A$15),$M55>(ROW(PLE.lastrow)-ROW(PLE.firstrow))),0,\n           IF(OFFSET(PLE!$G$15,$M55-$A$15,AZ$13)=\"\",10^12,OFFSET(PLE!$G$15,$M55-$A$15,AZ$13)))","v":0},{"$f":"IF(OR($D55<>\"Serviço\",AND(AUTOEVENTO=\"Manual\",$M55=$A$15),$M55>(ROW(PLE.lastrow)-ROW(PLE.firstrow))),0,\n           IF(OFFSET(PLE!$G$15,$M55-$A$15,BA$13)=\"\",10^12,OFFSET(PLE!$G$15,$M55-$A$15,BA$13)))","v":0},{"$f":"IF(OR($D55<>\"Serviço\",AND(AUTOEVENTO=\"Manual\",$M55=$A$15),$M55>(ROW(PLE.lastrow)-ROW(PLE.firstrow))),0,\n           IF(OFFSET(PLE!$G$15,$M55-$A$15,BB$13)=\"\",10^12,OFFSET(PLE!$G$15,$M55-$A$15,BB$13)))","v":0},{"$f":"IF(OR($D55<>\"Serviço\",AND(AUTOEVENTO=\"Manual\",$M55=$A$15),$M55>(ROW(PLE.lastrow)-ROW(PLE.firstrow))),0,\n           IF(OFFSET(PLE!$G$15,$M55-$A$15,BC$13)=\"\",10^12,OFFSET(PLE!$G$15,$M55-$A$15,BC$13)))","v":0},{"$f":"IF(OR($D55<>\"Serviço\",AND(AUTOEVENTO=\"Manual\",$M55=$A$15),$M55>(ROW(PLE.lastrow)-ROW(PLE.firstrow))),0,\n           IF(OFFSET(PLE!$G$15,$M55-$A$15,BD$13)=\"\",10^12,OFFSET(PLE!$G$15,$M55-$A$15,BD$13)))","v":0},{"$f":"IF(OR($D55<>\"Serviço\",AND(AUTOEVENTO=\"Manual\",$M55=$A$15),$M55>(ROW(PLE.lastrow)-ROW(PLE.firstrow))),0,\n           IF(OFFSET(PLE!$G$15,$M55-$A$15,BE$13)=\"\",10^12,OFFSET(PLE!$G$15,$M55-$A$15,BE$13)))","v":0},{"$f":"IF(OR($D55<>\"Serviço\",AND(AUTOEVENTO=\"Manual\",$M55=$A$15),$M55>(ROW(PLE.lastrow)-ROW(PLE.firstrow))),0,\n           IF(OFFSET(PLE!$G$15,$M55-$A$15,BF$13)=\"\",10^12,OFFSET(PLE!$G$15,$M55-$A$15,BF$13)))","v":0},{"$f":"IF(OR($D55<>\"Serviço\",AND(AUTOEVENTO=\"Manual\",$M55=$A$15),$M55>(ROW(PLE.lastrow)-ROW(PLE.firstrow))),0,\n           IF(OFFSET(PLE!$G$15,$M55-$A$15,BG$13)=\"\",10^12,OFFSET(PLE!$G$15,$M55-$A$15,BG$13)))","v":0}]
[5,{"$f":"OFFSET(ORÇAMENTO!C$15,$L56,0)","v":"S"},{"$f":"OFFSET(ORÇAMENTO!L$15,$L56,0)","v":"F"},{"$f":"OFFSET(ORÇAMENTO!N$15,$L56,0)","v":"Serviço"},{"$f":"OFFSET(ORÇAMENTO!O$15,$L56,0)","v":"1.7.1."},{"$f":"OFFSET(ORÇAMENTO!R$15,$L56,0)","v":"ESTACA BROCA DE CONCRETO, DIÂMETRO DE 30CM, ESCAVAÇÃO MANUAL COM TRADO CONCHA, COM ARMADURA DE ARRANQUE. AF_05/2020"},{"$f":"IF($D56<>\"Serviço\",\"\",OFFSET(ORÇAMENTO!S$15,$L56,0))","v":"M"},{"$f":"IF($D56<>\"Serviço\",0,IF(ACOMPANHAMENTO=\"BM\",ROUND(OFFSET(ORÇAMENTO!AJ$15,$L56,0),15-13*ORÇAMENTO!$AF$7),IF(IFERROR(CÁLCULO.FrentesPreenchidas,0)=0,0,SUM(ROUND(OFFSET($P56,0,1,1,CÁLCULO.FrentesPreenchidas),15-13*ORÇAMENTO!$AF$7)))))","v":60},"VER PRANCHA 1-1 - FUNDAÇÃO PILARES",{"$f":"IF(OR(B56<>\"S\",CÁLCULO.FrentesPreenchidas=0),\"\",IF(AND(ACOMPANHAMENTO=\"PLE\",AUTOEVENTO=\"Manual\",OR(H56>0,ORÇAMENTO!AC56=\"QUANT.\"),OR(K56=\"\",M56=0,N56=\"\")),\"►E\",IF(AND(ACOMPANHAMENTO=\"PLE\",ORÇAMENTO!AC56=\"QUANT.\"),\"►Q\",IF(AND(ACOMPANHAMENTO=\"PLE\",H56<>SUMPRODUCT(($Q$1:$AA$1=1)*ROUND(Q56:AA56,15))),\"►S\",IF(AND(COUNTIF($P$11:$AA$11,\"▼\")=0,H56>0,I56=\"\"),\"◄M\",\"\")))))","v":""},"5.Fundação Reforço Pilares",41,{"$f":"IF($D56<>\"Serviço\",\"\",\n          IF(AUTOEVENTO=\"manual\",$A56,\n                IF(ISERROR(MATCH($A56,$A$15:OFFSET($A56,-1,0),0)),MAX($M$15:OFFSET(M56,-1,0))+1,\n                      INDEX($M$15:OFFSET(M56,-1,0),MATCH($A56,$A$15:OFFSET($A56,-1,0),0)))))","v":5},{"$f":"IF($D56<>\"Serviço\",\"\",\n         IF(AUTOEVENTO=\"Manual\",\n                IF($A56=0,\"<-- defina o número do agrupador\",\n                       OFFSET(EVENTOS!$D$15,$A56-$A$15,0)),\n                OFFSET($F$15,$A56,0)))","v":"Rerforço Pilares"},null,null,30,30,null,null,null,null,null,null,null,null,null,{"$f":"IF(AND($D56=\"Serviço\",AB$12<>0,$H56>0,OR(AUTOEVENTO<>\"manual\",$M56<>$A$15)),\n        IF(Import.TipoArredondamento<>\"TransfereGOV\",\n              ROUND(OFFSET($P56,0,AB$13),15-13*ORÇAMENTO!$AF$7)/$H56*OFFSET(ORÇAMENTO!$X$15,ROW(AB56)-ROW(AB$15),0),\n              ROUND(ROUND(OFFSET($P56,0,AB$13),15-13*ORÇAMENTO!$AF$7)*OFFSET(ORÇAMENTO!$W$15,ROW(AB56)-ROW(AB$15),0),15-13*ORÇAMENTO!$AF$11)),\n         0)","v":0},{"$f":"IF(AND($D56=\"Serviço\",AC$12<>0,$H56>0,OR(AUTOEVENTO<>\"manual\",$M56<>$A$15)),\n        IF(Import.TipoArredondamento<>\"TransfereGOV\",\n              ROUND(OFFSET($P56,0,AC$13),15-13*ORÇAMENTO!$AF$7)/$H56*OFFSET(ORÇAMENTO!$X$15,ROW(AC56)-ROW(AC$15),0),\n              ROUND(ROUND(OFFSET($P56,0,AC$13),15-13*ORÇAMENTO!$AF$7)*OFFSET(ORÇAMENTO!$W$15,ROW(AC56)-ROW(AC$15),0),15-13*ORÇAMENTO!$AF$11)),\n         0)","v":0},{"$f":"IF(AND($D56=\"Serviço\",AD$12<>0,$H56>0,OR(AUTOEVENTO<>\"manual\",$M56<>$A$15)),\n        IF(Import.TipoArredondamento<>\"TransfereGOV\",\n              ROUND(OFFSET($P56,0,AD$13),15-13*ORÇAMENTO!$AF$7)/$H56*OFFSET(ORÇAMENTO!$X$15,ROW(AD56)-ROW(AD$15),0),\n              ROUND(ROUND(OFFSET($P56,0,AD$13),15-13*ORÇAMENTO!$AF$7)*OFFSET(ORÇAMENTO!$W$15,ROW(AD56)-ROW(AD$15),0),15-13*ORÇAMENTO!$AF$11)),\n         0)","v":0},{"$f":"IF(AND($D56=\"Serviço\",AE$12<>0,$H56>0,OR(AUTOEVENTO<>\"manual\",$M56<>$A$15)),\n        IF(Import.TipoArredondamento<>\"TransfereGOV\",\n              ROUND(OFFSET($P56,0,AE$13),15-13*ORÇAMENTO!$AF$7)/$H56*OFFSET(ORÇAMENTO!$X$15,ROW(AE56)-ROW(AE$15),0),\n              ROUND(ROUND(OFFSET($P56,0,AE$13),15-13*ORÇAMENTO!$AF$7)*OFFSET(ORÇAMENTO!$W$15,ROW(AE56)-ROW(AE$15),0),15-13*ORÇAMENTO!$AF$11)),\n         0)","v":0},{"$f":"IF(AND($D56=\"Serviço\",AF$12<>0,$H56>0,OR(AUTOEVENTO<>\"manual\",$M56<>$A$15)),\n        IF(Import.TipoArredondamento<>\"TransfereGOV\",\n              ROUND(OFFSET($P56,0,AF$13),15-13*ORÇAMENTO!$AF$7)/$H56*OFFSET(ORÇAMENTO!$X$15,ROW(AF56)-ROW(AF$15),0),\n              ROUND(ROUND(OFFSET($P56,0,AF$13),15-13*ORÇAMENTO!$AF$7)*OFFSET(ORÇAMENTO!$W$15,ROW(AF56)-ROW(AF$15),0),15-13*ORÇAMENTO!$AF$11)),\n         0)","v":0},{"$f":"IF(AND($D56=\"Serviço\",AG$12<>0,$H56>0,OR(AUTOEVENTO<>\"manual\",$M56<>$A$15)),\n        IF(Import.TipoArredondamento<>\"TransfereGOV\",\n              ROUND(OFFSET($P56,0,AG$13),15-13*ORÇAMENTO!$AF$7)/$H56*OFFSET(ORÇAMENTO!$X$15,ROW(AG56)-ROW(AG$15),0),\n              ROUND(ROUND(OFFSET($P56,0,AG$13),15-13*ORÇAMENTO!$AF$7)*OFFSET(ORÇAMENTO!$W$15,ROW(AG56)-ROW(AG$15),0),15-13*ORÇAMENTO!$AF$11)),\n         0)","v":0},{"$f":"IF(AND($D56=\"Serviço\",AH$12<>0,$H56>0,OR(AUTOEVENTO<>\"manual\",$M56<>$A$15)),\n        IF(Import.TipoArredondamento<>\"TransfereGOV\",\n              ROUND(OFFSET($P56,0,AH$13),15-13*ORÇAMENTO!$AF$7)/$H56*OFFSET(ORÇAMENTO!$X$15,ROW(AH56)-ROW(AH$15),0),\n              ROUND(ROUND(OFFSET($P56,0,AH$13),15-13*ORÇAMENTO!$AF$7)*OFFSET(ORÇAMENTO!$W$15,ROW(AH56)-ROW(AH$15),0),15-13*ORÇAMENTO!$AF$11)),\n         0)","v":0},{"$f":"IF(AND($D56=\"Serviço\",AI$12<>0,$H56>0,OR(AUTOEVENTO<>\"manual\",$M56<>$A$15)),\n        IF(Import.TipoArredondamento<>\"TransfereGOV\",\n              ROUND(OFFSET($P56,0,AI$13),15-13*ORÇAMENTO!$AF$7)/$H56*OFFSET(ORÇAMENTO!$X$15,ROW(AI56)-ROW(AI$15),0),\n              ROUND(ROUND(OFFSET($P56,0,AI$13),15-13*ORÇAMENTO!$AF$7)*OFFSET(ORÇAMENTO!$W$15,ROW(AI56)-ROW(AI$15),0),15-13*ORÇAMENTO!$AF$11)),\n         0)","v":0},{"$f":"IF(AND($D56=\"Serviço\",AJ$12<>0,$H56>0,OR(AUTOEVENTO<>\"manual\",$M56<>$A$15)),\n        IF(Import.TipoArredondamento<>\"TransfereGOV\",\n              ROUND(OFFSET($P56,0,AJ$13),15-13*ORÇAMENTO!$AF$7)/$H56*OFFSET(ORÇAMENTO!$X$15,ROW(AJ56)-ROW(AJ$15),0),\n              ROUND(ROUND(OFFSET($P56,0,AJ$13),15-13*ORÇAMENTO!$AF$7)*OFFSET(ORÇAMENTO!$W$15,ROW(AJ56)-ROW(AJ$15),0),15-13*ORÇAMENTO!$AF$11)),\n         0)","v":0},{"$f":"IF(AND($D56=\"Serviço\",AK$12<>0,$H56>0,OR(AUTOEVENTO<>\"manual\",$M56<>$A$15)),\n        IF(Import.TipoArredondamento<>\"TransfereGOV\",\n              ROUND(OFFSET($P56,0,AK$13),15-13*ORÇAMENTO!$AF$7)/$H56*OFFSET(ORÇAMENTO!$X$15,ROW(AK56)-ROW(AK$15),0),\n              ROUND(ROUND(OFFSET($P56,0,AK$13),15-13*ORÇAMENTO!$AF$7)*OFFSET(ORÇAMENTO!$W$15,ROW(AK56)-ROW(AK$15),0),15-13*ORÇAMENTO!$AF$11)),\n         0)","v":0},null,{"$f":"IF(OR($D56<>\"Serviço\",AND(AUTOEVENTO=\"Manual\",$M56=$A$15)),0,\n         IF(OFFSET(CRONOPLE!$F$15,$M56-$A$15,AM$13)=0,10^12,OFFSET(CRONOPLE!$F$15,$M56-$A$15,AM$13)))","v":3},{"$f":"IF(OR($D56<>\"Serviço\",AND(AUTOEVENTO=\"Manual\",$M56=$A$15)),0,\n         IF(OFFSET(CRONOPLE!$F$15,$M56-$A$15,AN$13)=0,10^12,OFFSET(CRONOPLE!$F$15,$M56-$A$15,AN$13)))","v":3},{"$f":"IF(OR($D56<>\"Serviço\",AND(AUTOEVENTO=\"Manual\",$M56=$A$15)),0,\n         IF(OFFSET(CRONOPLE!$F$15,$M56-$A$15,AO$13)=0,10^12,OFFSET(CRONOPLE!$F$15,$M56-$A$15,AO$13)))","v":1},{"$f":"IF(OR($D56<>\"Serviço\",AND(AUTOEVENTO=\"Manual\",$M56=$A$15)),0,\n         IF(OFFSET(CRONOPLE!$F$15,$M56-$A$15,AP$13)=0,10^12,OFFSET(CRONOPLE!$F$15,$M56-$A$15,AP$13)))","v":1},{"$f":"IF(OR($D56<>\"Serviço\",AND(AUTOEVENTO=\"Manual\",$M56=$A$15)),0,\n         IF(OFFSET(CRONOPLE!$F$15,$M56-$A$15,AQ$13)=0,10^12,OFFSET(CRONOPLE!$F$15,$M56-$A$15,AQ$13)))","v":1000000000000},{"$f":"IF(OR($D56<>\"Serviço\",AND(AUTOEVENTO=\"Manual\",$M56=$A$15)),0,\n         IF(OFFSET(CRONOPLE!$F$15,$M56-$A$15,AR$13)=0,10^12,OFFSET(CRONOPLE!$F$15,$M56-$A$15,AR$13)))","v":1000000000000},{"$f":"IF(OR($D56<>\"Serviço\",AND(AUTOEVENTO=\"Manual\",$M56=$A$15)),0,\n         IF(OFFSET(CRONOPLE!$F$15,$M56-$A$15,AS$13)=0,10^12,OFFSET(CRONOPLE!$F$15,$M56-$A$15,AS$13)))","v":1000000000000},{"$f":"IF(OR($D56<>\"Serviço\",AND(AUTOEVENTO=\"Manual\",$M56=$A$15)),0,\n         IF(OFFSET(CRONOPLE!$F$15,$M56-$A$15,AT$13)=0,10^12,OFFSET(CRONOPLE!$F$15,$M56-$A$15,AT$13)))","v":1000000000000},{"$f":"IF(OR($D56<>\"Serviço\",AND(AUTOEVENTO=\"Manual\",$M56=$A$15)),0,\n         IF(OFFSET(CRONOPLE!$F$15,$M56-$A$15,AU$13)=0,10^12,OFFSET(CRONOPLE!$F$15,$M56-$A$15,AU$13)))","v":1000000000000},{"$f":"IF(OR($D56<>\"Serviço\",AND(AUTOEVENTO=\"Manual\",$M56=$A$15)),0,\n         IF(OFFSET(CRONOPLE!$F$15,$M56-$A$15,AV$13)=0,10^12,OFFSET(CRONOPLE!$F$15,$M56-$A$15,AV$13)))","v":1000000000000},null,{"$f":"IF(OR($D56<>\"Serviço\",AND(AUTOEVENTO=\"Manual\",$M56=$A$15),$M56>(ROW(PLE.lastrow)-ROW(PLE.firstrow))),0,\n           IF(OFFSET(PLE!$G$15,$M56-$A$15,AX$13)=\"\",10^12,OFFSET(PLE!$G$15,$M56-$A$15,AX$13)))","v":2},{"$f":"IF(OR($D56<>\"Serviço\",AND(AUTOEVENTO=\"Manual\",$M56=$A$15),$M56>(ROW(PLE.lastrow)-ROW(PLE.firstrow))),0,\n           IF(OFFSET(PLE!$G$15,$M56-$A$15,AY$13)=\"\",10^12,OFFSET(PLE!$G$15,$M56-$A$15,AY$13)))","v":3},{"$f":"IF(OR($D56<>\"Serviço\",AND(AUTOEVENTO=\"Manual\",$M56=$A$15),$M56>(ROW(PLE.lastrow)-ROW(PLE.firstrow))),0,\n           IF(OFFSET(PLE!$G$15,$M56-$A$15,AZ$13)=\"\",10^12,OFFSET(PLE!$G$15,$M56-$A$15,AZ$13)))","v":1000000000000},{"$f":"IF(OR($D56<>\"Serviço\",AND(AUTOEVENTO=\"Manual\",$M56=$A$15),$M56>(ROW(PLE.lastrow)-ROW(PLE.firstrow))),0,\n           IF(OFFSET(PLE!$G$15,$M56-$A$15,BA$13)=\"\",10^12,OFFSET(PLE!$G$15,$M56-$A$15,BA$13)))","v":1000000000000},{"$f":"IF(OR($D56<>\"Serviço\",AND(AUTOEVENTO=\"Manual\",$M56=$A$15),$M56>(ROW(PLE.lastrow)-ROW(PLE.firstrow))),0,\n           IF(OFFSET(PLE!$G$15,$M56-$A$15,BB$13)=\"\",10^12,OFFSET(PLE!$G$15,$M56-$A$15,BB$13)))","v":1000000000000},{"$f":"IF(OR($D56<>\"Serviço\",AND(AUTOEVENTO=\"Manual\",$M56=$A$15),$M56>(ROW(PLE.lastrow)-ROW(PLE.firstrow))),0,\n           IF(OFFSET(PLE!$G$15,$M56-$A$15,BC$13)=\"\",10^12,OFFSET(PLE!$G$15,$M56-$A$15,BC$13)))","v":1000000000000},{"$f":"IF(OR($D56<>\"Serviço\",AND(AUTOEVENTO=\"Manual\",$M56=$A$15),$M56>(ROW(PLE.lastrow)-ROW(PLE.firstrow))),0,\n           IF(OFFSET(PLE!$G$15,$M56-$A$15,BD$13)=\"\",10^12,OFFSET(PLE!$G$15,$M56-$A$15,BD$13)))","v":1000000000000},{"$f":"IF(OR($D56<>\"Serviço\",AND(AUTOEVENTO=\"Manual\",$M56=$A$15),$M56>(ROW(PLE.lastrow)-ROW(PLE.firstrow))),0,\n           IF(OFFSET(PLE!$G$15,$M56-$A$15,BE$13)=\"\",10^12,OFFSET(PLE!$G$15,$M56-$A$15,BE$13)))","v":1000000000000},{"$f":"IF(OR($D56<>\"Serviço\",AND(AUTOEVENTO=\"Manual\",$M56=$A$15),$M56>(ROW(PLE.lastrow)-ROW(PLE.firstrow))),0,\n           IF(OFFSET(PLE!$G$15,$M56-$A$15,BF$13)=\"\",10^12,OFFSET(PLE!$G$15,$M56-$A$15,BF$13)))","v":1000000000000},{"$f":"IF(OR($D56<>\"Serviço\",AND(AUTOEVENTO=\"Manual\",$M56=$A$15),$M56>(ROW(PLE.lastrow)-ROW(PLE.firstrow))),0,\n           IF(OFFSET(PLE!$G$15,$M56-$A$15,BG$13)=\"\",10^12,OFFSET(PLE!$G$15,$M56-$A$15,BG$13)))","v":1000000000000}]
[5,{"$f":"OFFSET(ORÇAMENTO!C$15,$L57,0)","v":"S"},{"$f":"OFFSET(ORÇAMENTO!L$15,$L57,0)","v":"F"},{"$f":"OFFSET(ORÇAMENTO!N$15,$L57,0)","v":"Serviço"},{"$f":"OFFSET(ORÇAMENTO!O$15,$L57,0)","v":"1.7.2."},{"$f":"OFFSET(ORÇAMENTO!R$15,$L57,0)","v":"MONTAGEM DE ARMADURA DE ESTACAS, DIÂMETRO = 12,5 MM. AF_09/2021_PS"},{"$f":"IF($D57<>\"Serviço\",\"\",OFFSET(ORÇAMENTO!S$15,$L57,0))","v":"KG"},{"$f":"IF($D57<>\"Serviço\",0,IF(ACOMPANHAMENTO=\"BM\",ROUND(OFFSET(ORÇAMENTO!AJ$15,$L57,0),15-13*ORÇAMENTO!$AF$7),IF(IFERROR(CÁLCULO.FrentesPreenchidas,0)=0,0,SUM(ROUND(OFFSET($P57,0,1,1,CÁLCULO.FrentesPreenchidas),15-13*ORÇAMENTO!$AF$7)))))","v":311.3},"VER PRANCHA 1-1 - FUNDAÇÃO PILARES",{"$f":"IF(OR(B57<>\"S\",CÁLCULO.FrentesPreenchidas=0),\"\",IF(AND(ACOMPANHAMENTO=\"PLE\",AUTOEVENTO=\"Manual\",OR(H57>0,ORÇAMENTO!AC57=\"QUANT.\"),OR(K57=\"\",M57=0,N57=\"\")),\"►E\",IF(AND(ACOMPANHAMENTO=\"PLE\",ORÇAMENTO!AC57=\"QUANT.\"),\"►Q\",IF(AND(ACOMPANHAMENTO=\"PLE\",H57<>SUMPRODUCT(($Q$1:$AA$1=1)*ROUND(Q57:AA57,15))),\"►S\",IF(AND(COUNTIF($P$11:$AA$11,\"▼\")=0,H57>0,I57=\"\"),\"◄M\",\"\")))))","v":""},"5.Fundação Reforço Pilares",42,{"$f":"IF($D57<>\"Serviço\",\"\",\n          IF(AUTOEVENTO=\"manual\",$A57,\n                IF(ISERROR(MATCH($A57,$A$15:OFFSET($A57,-1,0),0)),MAX($M$15:OFFSET(M57,-1,0))+1,\n                      INDEX($M$15:OFFSET(M57,-1,0),MATCH($A57,$A$15:OFFSET($A57,-1,0),0)))))","v":5},{"$f":"IF($D57<>\"Serviço\",\"\",\n         IF(AUTOEVENTO=\"Manual\",\n                IF($A57=0,\"<-- defina o número do agrupador\",\n                       OFFSET(EVENTOS!$D$15,$A57-$A$15,0)),\n                OFFSET($F$15,$A57,0)))","v":"Rerforço Pilares"},null,null,{"$f":"311.3/2","v":155.65},{"$f":"311.3/2","v":155.65},null,null,null,null,null,null,null,null,null,{"$f":"IF(AND($D57=\"Serviço\",AB$12<>0,$H57>0,OR(AUTOEVENTO<>\"manual\",$M57<>$A$15)),\n        IF(Import.TipoArredondamento<>\"TransfereGOV\",\n              ROUND(OFFSET($P57,0,AB$13),15-13*ORÇAMENTO!$AF$7)/$H57*OFFSET(ORÇAMENTO!$X$15,ROW(AB57)-ROW(AB$15),0),\n              ROUND(ROUND(OFFSET($P57,0,AB$13),15-13*ORÇAMENTO!$AF$7)*OFFSET(ORÇAMENTO!$W$15,ROW(AB57)-ROW(AB$15),0),15-13*ORÇAMENTO!$AF$11)),\n         0)","v":0},{"$f":"IF(AND($D57=\"Serviço\",AC$12<>0,$H57>0,OR(AUTOEVENTO<>\"manual\",$M57<>$A$15)),\n        IF(Import.TipoArredondamento<>\"TransfereGOV\",\n              ROUND(OFFSET($P57,0,AC$13),15-13*ORÇAMENTO!$AF$7)/$H57*OFFSET(ORÇAMENTO!$X$15,ROW(AC57)-ROW(AC$15),0),\n              ROUND(ROUND(OFFSET($P57,0,AC$13),15-13*ORÇAMENTO!$AF$7)*OFFSET(ORÇAMENTO!$W$15,ROW(AC57)-ROW(AC$15),0),15-13*ORÇAMENTO!$AF$11)),\n         0)","v":0},{"$f":"IF(AND($D57=\"Serviço\",AD$12<>0,$H57>0,OR(AUTOEVENTO<>\"manual\",$M57<>$A$15)),\n        IF(Import.TipoArredondamento<>\"TransfereGOV\",\n              ROUND(OFFSET($P57,0,AD$13),15-13*ORÇAMENTO!$AF$7)/$H57*OFFSET(ORÇAMENTO!$X$15,ROW(AD57)-ROW(AD$15),0),\n              ROUND(ROUND(OFFSET($P57,0,AD$13),15-13*ORÇAMENTO!$AF$7)*OFFSET(ORÇAMENTO!$W$15,ROW(AD57)-ROW(AD$15),0),15-13*ORÇAMENTO!$AF$11)),\n         0)","v":0},{"$f":"IF(AND($D57=\"Serviço\",AE$12<>0,$H57>0,OR(AUTOEVENTO<>\"manual\",$M57<>$A$15)),\n        IF(Import.TipoArredondamento<>\"TransfereGOV\",\n              ROUND(OFFSET($P57,0,AE$13),15-13*ORÇAMENTO!$AF$7)/$H57*OFFSET(ORÇAMENTO!$X$15,ROW(AE57)-ROW(AE$15),0),\n              ROUND(ROUND(OFFSET($P57,0,AE$13),15-13*ORÇAMENTO!$AF$7)*OFFSET(ORÇAMENTO!$W$15,ROW(AE57)-ROW(AE$15),0),15-13*ORÇAMENTO!$AF$11)),\n         0)","v":0},{"$f":"IF(AND($D57=\"Serviço\",AF$12<>0,$H57>0,OR(AUTOEVENTO<>\"manual\",$M57<>$A$15)),\n        IF(Import.TipoArredondamento<>\"TransfereGOV\",\n              ROUND(OFFSET($P57,0,AF$13),15-13*ORÇAMENTO!$AF$7)/$H57*OFFSET(ORÇAMENTO!$X$15,ROW(AF57)-ROW(AF$15),0),\n              ROUND(ROUND(OFFSET($P57,0,AF$13),15-13*ORÇAMENTO!$AF$7)*OFFSET(ORÇAMENTO!$W$15,ROW(AF57)-ROW(AF$15),0),15-13*ORÇAMENTO!$AF$11)),\n         0)","v":0},{"$f":"IF(AND($D57=\"Serviço\",AG$12<>0,$H57>0,OR(AUTOEVENTO<>\"manual\",$M57<>$A$15)),\n        IF(Import.TipoArredondamento<>\"TransfereGOV\",\n              ROUND(OFFSET($P57,0,AG$13),15-13*ORÇAMENTO!$AF$7)/$H57*OFFSET(ORÇAMENTO!$X$15,ROW(AG57)-ROW(AG$15),0),\n              ROUND(ROUND(OFFSET($P57,0,AG$13),15-13*ORÇAMENTO!$AF$7)*OFFSET(ORÇAMENTO!$W$15,ROW(AG57)-ROW(AG$15),0),15-13*ORÇAMENTO!$AF$11)),\n         0)","v":0},{"$f":"IF(AND($D57=\"Serviço\",AH$12<>0,$H57>0,OR(AUTOEVENTO<>\"manual\",$M57<>$A$15)),\n        IF(Import.TipoArredondamento<>\"TransfereGOV\",\n              ROUND(OFFSET($P57,0,AH$13),15-13*ORÇAMENTO!$AF$7)/$H57*OFFSET(ORÇAMENTO!$X$15,ROW(AH57)-ROW(AH$15),0),\n              ROUND(ROUND(OFFSET($P57,0,AH$13),15-13*ORÇAMENTO!$AF$7)*OFFSET(ORÇAMENTO!$W$15,ROW(AH57)-ROW(AH$15),0),15-13*ORÇAMENTO!$AF$11)),\n         0)","v":0},{"$f":"IF(AND($D57=\"Serviço\",AI$12<>0,$H57>0,OR(AUTOEVENTO<>\"manual\",$M57<>$A$15)),\n        IF(Import.TipoArredondamento<>\"TransfereGOV\",\n              ROUND(OFFSET($P57,0,AI$13),15-13*ORÇAMENTO!$AF$7)/$H57*OFFSET(ORÇAMENTO!$X$15,ROW(AI57)-ROW(AI$15),0),\n              ROUND(ROUND(OFFSET($P57,0,AI$13),15-13*ORÇAMENTO!$AF$7)*OFFSET(ORÇAMENTO!$W$15,ROW(AI57)-ROW(AI$15),0),15-13*ORÇAMENTO!$AF$11)),\n         0)","v":0},{"$f":"IF(AND($D57=\"Serviço\",AJ$12<>0,$H57>0,OR(AUTOEVENTO<>\"manual\",$M57<>$A$15)),\n        IF(Import.TipoArredondamento<>\"TransfereGOV\",\n              ROUND(OFFSET($P57,0,AJ$13),15-13*ORÇAMENTO!$AF$7)/$H57*OFFSET(ORÇAMENTO!$X$15,ROW(AJ57)-ROW(AJ$15),0),\n              ROUND(ROUND(OFFSET($P57,0,AJ$13),15-13*ORÇAMENTO!$AF$7)*OFFSET(ORÇAMENTO!$W$15,ROW(AJ57)-ROW(AJ$15),0),15-13*ORÇAMENTO!$AF$11)),\n         0)","v":0},{"$f":"IF(AND($D57=\"Serviço\",AK$12<>0,$H57>0,OR(AUTOEVENTO<>\"manual\",$M57<>$A$15)),\n        IF(Import.TipoArredondamento<>\"TransfereGOV\",\n              ROUND(OFFSET($P57,0,AK$13),15-13*ORÇAMENTO!$AF$7)/$H57*OFFSET(ORÇAMENTO!$X$15,ROW(AK57)-ROW(AK$15),0),\n              ROUND(ROUND(OFFSET($P57,0,AK$13),15-13*ORÇAMENTO!$AF$7)*OFFSET(ORÇAMENTO!$W$15,ROW(AK57)-ROW(AK$15),0),15-13*ORÇAMENTO!$AF$11)),\n         0)","v":0},null,{"$f":"IF(OR($D57<>\"Serviço\",AND(AUTOEVENTO=\"Manual\",$M57=$A$15)),0,\n         IF(OFFSET(CRONOPLE!$F$15,$M57-$A$15,AM$13)=0,10^12,OFFSET(CRONOPLE!$F$15,$M57-$A$15,AM$13)))","v":3},{"$f":"IF(OR($D57<>\"Serviço\",AND(AUTOEVENTO=\"Manual\",$M57=$A$15)),0,\n         IF(OFFSET(CRONOPLE!$F$15,$M57-$A$15,AN$13)=0,10^12,OFFSET(CRONOPLE!$F$15,$M57-$A$15,AN$13)))","v":3},{"$f":"IF(OR($D57<>\"Serviço\",AND(AUTOEVENTO=\"Manual\",$M57=$A$15)),0,\n         IF(OFFSET(CRONOPLE!$F$15,$M57-$A$15,AO$13)=0,10^12,OFFSET(CRONOPLE!$F$15,$M57-$A$15,AO$13)))","v":1},{"$f":"IF(OR($D57<>\"Serviço\",AND(AUTOEVENTO=\"Manual\",$M57=$A$15)),0,\n         IF(OFFSET(CRONOPLE!$F$15,$M57-$A$15,AP$13)=0,10^12,OFFSET(CRONOPLE!$F$15,$M57-$A$15,AP$13)))","v":1},{"$f":"IF(OR($D57<>\"Serviço\",AND(AUTOEVENTO=\"Manual\",$M57=$A$15)),0,\n         IF(OFFSET(CRONOPLE!$F$15,$M57-$A$15,AQ$13)=0,10^12,OFFSET(CRONOPLE!$F$15,$M57-$A$15,AQ$13)))","v":1000000000000},{"$f":"IF(OR($D57<>\"Serviço\",AND(AUTOEVENTO=\"Manual\",$M57=$A$15)),0,\n         IF(OFFSET(CRONOPLE!$F$15,$M57-$A$15,AR$13)=0,10^12,OFFSET(CRONOPLE!$F$15,$M57-$A$15,AR$13)))","v":1000000000000},{"$f":"IF(OR($D57<>\"Serviço\",AND(AUTOEVENTO=\"Manual\",$M57=$A$15)),0,\n         IF(OFFSET(CRONOPLE!$F$15,$M57-$A$15,AS$13)=0,10^12,OFFSET(CRONOPLE!$F$15,$M57-$A$15,AS$13)))","v":1000000000000},{"$f":"IF(OR($D57<>\"Serviço\",AND(AUTOEVENTO=\"Manual\",$M57=$A$15)),0,\n         IF(OFFSET(CRONOPLE!$F$15,$M57-$A$15,AT$13)=0,10^12,OFFSET(CRONOPLE!$F$15,$M57-$A$15,AT$13)))","v":1000000000000},{"$f":"IF(OR($D57<>\"Serviço\",AND(AUTOEVENTO=\"Manual\",$M57=$A$15)),0,\n         IF(OFFSET(CRONOPLE!$F$15,$M57-$A$15,AU$13)=0,10^12,OFFSET(CRONOPLE!$F$15,$M57-$A$15,AU$13)))","v":1000000000000},{"$f":"IF(OR($D57<>\"Serviço\",AND(AUTOEVENTO=\"Manual\",$M57=$A$15)),0,\n         IF(OFFSET(CRONOPLE!$F$15,$M57-$A$15,AV$13)=0,10^12,OFFSET(CRONOPLE!$F$15,$M57-$A$15,AV$13)))","v":1000000000000},null,{"$f":"IF(OR($D57<>\"Serviço\",AND(AUTOEVENTO=\"Manual\",$M57=$A$15),$M57>(ROW(PLE.lastrow)-ROW(PLE.firstrow))),0,\n           IF(OFFSET(PLE!$G$15,$M57-$A$15,AX$13)=\"\",10^12,OFFSET(PLE!$G$15,$M57-$A$15,AX$13)))","v":2},{"$f":"IF(OR($D57<>\"Serviço\",AND(AUTOEVENTO=\"Manual\",$M57=$A$15),$M57>(ROW(PLE.lastrow)-ROW(PLE.firstrow))),0,\n           IF(OFFSET(PLE!$G$15,$M57-$A$15,AY$13)=\"\",10^12,OFFSET(PLE!$G$15,$M57-$A$15,AY$13)))","v":3},{"$f":"IF(OR($D57<>\"Serviço\",AND(AUTOEVENTO=\"Manual\",$M57=$A$15),$M57>(ROW(PLE.lastrow)-ROW(PLE.firstrow))),0,\n           IF(OFFSET(PLE!$G$15,$M57-$A$15,AZ$13)=\"\",10^12,OFFSET(PLE!$G$15,$M57-$A$15,AZ$13)))","v":1000000000000},{"$f":"IF(OR($D57<>\"Serviço\",AND(AUTOEVENTO=\"Manual\",$M57=$A$15),$M57>(ROW(PLE.lastrow)-ROW(PLE.firstrow))),0,\n           IF(OFFSET(PLE!$G$15,$M57-$A$15,BA$13)=\"\",10^12,OFFSET(PLE!$G$15,$M57-$A$15,BA$13)))","v":1000000000000},{"$f":"IF(OR($D57<>\"Serviço\",AND(AUTOEVENTO=\"Manual\",$M57=$A$15),$M57>(ROW(PLE.lastrow)-ROW(PLE.firstrow))),0,\n           IF(OFFSET(PLE!$G$15,$M57-$A$15,BB$13)=\"\",10^12,OFFSET(PLE!$G$15,$M57-$A$15,BB$13)))","v":1000000000000},{"$f":"IF(OR($D57<>\"Serviço\",AND(AUTOEVENTO=\"Manual\",$M57=$A$15),$M57>(ROW(PLE.lastrow)-ROW(PLE.firstrow))),0,\n           IF(OFFSET(PLE!$G$15,$M57-$A$15,BC$13)=\"\",10^12,OFFSET(PLE!$G$15,$M57-$A$15,BC$13)))","v":1000000000000},{"$f":"IF(OR($D57<>\"Serviço\",AND(AUTOEVENTO=\"Manual\",$M57=$A$15),$M57>(ROW(PLE.lastrow)-ROW(PLE.firstrow))),0,\n           IF(OFFSET(PLE!$G$15,$M57-$A$15,BD$13)=\"\",10^12,OFFSET(PLE!$G$15,$M57-$A$15,BD$13)))","v":1000000000000},{"$f":"IF(OR($D57<>\"Serviço\",AND(AUTOEVENTO=\"Manual\",$M57=$A$15),$M57>(ROW(PLE.lastrow)-ROW(PLE.firstrow))),0,\n           IF(OFFSET(PLE!$G$15,$M57-$A$15,BE$13)=\"\",10^12,OFFSET(PLE!$G$15,$M57-$A$15,BE$13)))","v":1000000000000},{"$f":"IF(OR($D57<>\"Serviço\",AND(AUTOEVENTO=\"Manual\",$M57=$A$15),$M57>(ROW(PLE.lastrow)-ROW(PLE.firstrow))),0,\n           IF(OFFSET(PLE!$G$15,$M57-$A$15,BF$13)=\"\",10^12,OFFSET(PLE!$G$15,$M57-$A$15,BF$13)))","v":1000000000000},{"$f":"IF(OR($D57<>\"Serviço\",AND(AUTOEVENTO=\"Manual\",$M57=$A$15),$M57>(ROW(PLE.lastrow)-ROW(PLE.firstrow))),0,\n           IF(OFFSET(PLE!$G$15,$M57-$A$15,BG$13)=\"\",10^12,OFFSET(PLE!$G$15,$M57-$A$15,BG$13)))","v":1000000000000}]
[5,{"$f":"OFFSET(ORÇAMENTO!C$15,$L58,0)","v":"S"},{"$f":"OFFSET(ORÇAMENTO!L$15,$L58,0)","v":"F"},{"$f":"OFFSET(ORÇAMENTO!N$15,$L58,0)","v":"Serviço"},{"$f":"OFFSET(ORÇAMENTO!O$15,$L58,0)","v":"1.7.3."},{"$f":"OFFSET(ORÇAMENTO!R$15,$L58,0)","v":"MONTAGEM DE ARMADURA TRANSVERSAL DE ESTACAS DE SEÇÃO CIRCULAR, DIÂMETRO = 6,30 MM. AF_09/2021_PS"},{"$f":"IF($D58<>\"Serviço\",\"\",OFFSET(ORÇAMENTO!S$15,$L58,0))","v":"KG"},{"$f":"IF($D58<>\"Serviço\",0,IF(ACOMPANHAMENTO=\"BM\",ROUND(OFFSET(ORÇAMENTO!AJ$15,$L58,0),15-13*ORÇAMENTO!$AF$7),IF(IFERROR(CÁLCULO.FrentesPreenchidas,0)=0,0,SUM(ROUND(OFFSET($P58,0,1,1,CÁLCULO.FrentesPreenchidas),15-13*ORÇAMENTO!$AF$7)))))","v":70.900000000000006},"VER PRANCHA 1-1 - FUNDAÇÃO PILARES",{"$f":"IF(OR(B58<>\"S\",CÁLCULO.FrentesPreenchidas=0),\"\",IF(AND(ACOMPANHAMENTO=\"PLE\",AUTOEVENTO=\"Manual\",OR(H58>0,ORÇAMENTO!AC58=\"QUANT.\"),OR(K58=\"\",M58=0,N58=\"\")),\"►E\",IF(AND(ACOMPANHAMENTO=\"PLE\",ORÇAMENTO!AC58=\"QUANT.\"),\"►Q\",IF(AND(ACOMPANHAMENTO=\"PLE\",H58<>SUMPRODUCT(($Q$1:$AA$1=1)*ROUND(Q58:AA58,15))),\"►S\",IF(AND(COUNTIF($P$11:$AA$11,\"▼\")=0,H58>0,I58=\"\"),\"◄M\",\"\")))))","v":""},"5.Fundação Reforço Pilares",43,{"$f":"IF($D58<>\"Serviço\",\"\",\n          IF(AUTOEVENTO=\"manual\",$A58,\n                IF(ISERROR(MATCH($A58,$A$15:OFFSET($A58,-1,0),0)),MAX($M$15:OFFSET(M58,-1,0))+1,\n                      INDEX($M$15:OFFSET(M58,-1,0),MATCH($A58,$A$15:OFFSET($A58,-1,0),0)))))","v":5},{"$f":"IF($D58<>\"Serviço\",\"\",\n         IF(AUTOEVENTO=\"Manual\",\n                IF($A58=0,\"<-- defina o número do agrupador\",\n                       OFFSET(EVENTOS!$D$15,$A58-$A$15,0)),\n                OFFSET($F$15,$A58,0)))","v":"Rerforço Pilares"},null,null,{"$f":"70.9/2","v":35.450000000000003},{"$f":"70.9/2","v":35.450000000000003},null,null,null,null,null,null,null,null,null,{"$f":"IF(AND($D58=\"Serviço\",AB$12<>0,$H58>0,OR(AUTOEVENTO<>\"manual\",$M58<>$A$15)),\n        IF(Import.TipoArredondamento<>\"TransfereGOV\",\n              ROUND(OFFSET($P58,0,AB$13),15-13*ORÇAMENTO!$AF$7)/$H58*OFFSET(ORÇAMENTO!$X$15,ROW(AB58)-ROW(AB$15),0),\n              ROUND(ROUND(OFFSET($P58,0,AB$13),15-13*ORÇAMENTO!$AF$7)*OFFSET(ORÇAMENTO!$W$15,ROW(AB58)-ROW(AB$15),0),15-13*ORÇAMENTO!$AF$11)),\n         0)","v":0},{"$f":"IF(AND($D58=\"Serviço\",AC$12<>0,$H58>0,OR(AUTOEVENTO<>\"manual\",$M58<>$A$15)),\n        IF(Import.TipoArredondamento<>\"TransfereGOV\",\n              ROUND(OFFSET($P58,0,AC$13),15-13*ORÇAMENTO!$AF$7)/$H58*OFFSET(ORÇAMENTO!$X$15,ROW(AC58)-ROW(AC$15),0),\n              ROUND(ROUND(OFFSET($P58,0,AC$13),15-13*ORÇAMENTO!$AF$7)*OFFSET(ORÇAMENTO!$W$15,ROW(AC58)-ROW(AC$15),0),15-13*ORÇAMENTO!$AF$11)),\n         0)","v":0},{"$f":"IF(AND($D58=\"Serviço\",AD$12<>0,$H58>0,OR(AUTOEVENTO<>\"manual\",$M58<>$A$15)),\n        IF(Import.TipoArredondamento<>\"TransfereGOV\",\n              ROUND(OFFSET($P58,0,AD$13),15-13*ORÇAMENTO!$AF$7)/$H58*OFFSET(ORÇAMENTO!$X$15,ROW(AD58)-ROW(AD$15),0),\n              ROUND(ROUND(OFFSET($P58,0,AD$13),15-13*ORÇAMENTO!$AF$7)*OFFSET(ORÇAMENTO!$W$15,ROW(AD58)-ROW(AD$15),0),15-13*ORÇAMENTO!$AF$11)),\n         0)","v":0},{"$f":"IF(AND($D58=\"Serviço\",AE$12<>0,$H58>0,OR(AUTOEVENTO<>\"manual\",$M58<>$A$15)),\n        IF(Import.TipoArredondamento<>\"TransfereGOV\",\n              ROUND(OFFSET($P58,0,AE$13),15-13*ORÇAMENTO!$AF$7)/$H58*OFFSET(ORÇAMENTO!$X$15,ROW(AE58)-ROW(AE$15),0),\n              ROUND(ROUND(OFFSET($P58,0,AE$13),15-13*ORÇAMENTO!$AF$7)*OFFSET(ORÇAMENTO!$W$15,ROW(AE58)-ROW(AE$15),0),15-13*ORÇAMENTO!$AF$11)),\n         0)","v":0},{"$f":"IF(AND($D58=\"Serviço\",AF$12<>0,$H58>0,OR(AUTOEVENTO<>\"manual\",$M58<>$A$15)),\n        IF(Import.TipoArredondamento<>\"TransfereGOV\",\n              ROUND(OFFSET($P58,0,AF$13),15-13*ORÇAMENTO!$AF$7)/$H58*OFFSET(ORÇAMENTO!$X$15,ROW(AF58)-ROW(AF$15),0),\n              ROUND(ROUND(OFFSET($P58,0,AF$13),15-13*ORÇAMENTO!$AF$7)*OFFSET(ORÇAMENTO!$W$15,ROW(AF58)-ROW(AF$15),0),15-13*ORÇAMENTO!$AF$11)),\n         0)","v":0},{"$f":"IF(AND($D58=\"Serviço\",AG$12<>0,$H58>0,OR(AUTOEVENTO<>\"manual\",$M58<>$A$15)),\n        IF(Import.TipoArredondamento<>\"TransfereGOV\",\n              ROUND(OFFSET($P58,0,AG$13),15-13*ORÇAMENTO!$AF$7)/$H58*OFFSET(ORÇAMENTO!$X$15,ROW(AG58)-ROW(AG$15),0),\n              ROUND(ROUND(OFFSET($P58,0,AG$13),15-13*ORÇAMENTO!$AF$7)*OFFSET(ORÇAMENTO!$W$15,ROW(AG58)-ROW(AG$15),0),15-13*ORÇAMENTO!$AF$11)),\n         0)","v":0},{"$f":"IF(AND($D58=\"Serviço\",AH$12<>0,$H58>0,OR(AUTOEVENTO<>\"manual\",$M58<>$A$15)),\n        IF(Import.TipoArredondamento<>\"TransfereGOV\",\n              ROUND(OFFSET($P58,0,AH$13),15-13*ORÇAMENTO!$AF$7)/$H58*OFFSET(ORÇAMENTO!$X$15,ROW(AH58)-ROW(AH$15),0),\n              ROUND(ROUND(OFFSET($P58,0,AH$13),15-13*ORÇAMENTO!$AF$7)*OFFSET(ORÇAMENTO!$W$15,ROW(AH58)-ROW(AH$15),0),15-13*ORÇAMENTO!$AF$11)),\n         0)","v":0},{"$f":"IF(AND($D58=\"Serviço\",AI$12<>0,$H58>0,OR(AUTOEVENTO<>\"manual\",$M58<>$A$15)),\n        IF(Import.TipoArredondamento<>\"TransfereGOV\",\n              ROUND(OFFSET($P58,0,AI$13),15-13*ORÇAMENTO!$AF$7)/$H58*OFFSET(ORÇAMENTO!$X$15,ROW(AI58)-ROW(AI$15),0),\n              ROUND(ROUND(OFFSET($P58,0,AI$13),15-13*ORÇAMENTO!$AF$7)*OFFSET(ORÇAMENTO!$W$15,ROW(AI58)-ROW(AI$15),0),15-13*ORÇAMENTO!$AF$11)),\n         0)","v":0},{"$f":"IF(AND($D58=\"Serviço\",AJ$12<>0,$H58>0,OR(AUTOEVENTO<>\"manual\",$M58<>$A$15)),\n        IF(Import.TipoArredondamento<>\"TransfereGOV\",\n              ROUND(OFFSET($P58,0,AJ$13),15-13*ORÇAMENTO!$AF$7)/$H58*OFFSET(ORÇAMENTO!$X$15,ROW(AJ58)-ROW(AJ$15),0),\n              ROUND(ROUND(OFFSET($P58,0,AJ$13),15-13*ORÇAMENTO!$AF$7)*OFFSET(ORÇAMENTO!$W$15,ROW(AJ58)-ROW(AJ$15),0),15-13*ORÇAMENTO!$AF$11)),\n         0)","v":0},{"$f":"IF(AND($D58=\"Serviço\",AK$12<>0,$H58>0,OR(AUTOEVENTO<>\"manual\",$M58<>$A$15)),\n        IF(Import.TipoArredondamento<>\"TransfereGOV\",\n              ROUND(OFFSET($P58,0,AK$13),15-13*ORÇAMENTO!$AF$7)/$H58*OFFSET(ORÇAMENTO!$X$15,ROW(AK58)-ROW(AK$15),0),\n              ROUND(ROUND(OFFSET($P58,0,AK$13),15-13*ORÇAMENTO!$AF$7)*OFFSET(ORÇAMENTO!$W$15,ROW(AK58)-ROW(AK$15),0),15-13*ORÇAMENTO!$AF$11)),\n         0)","v":0},null,{"$f":"IF(OR($D58<>\"Serviço\",AND(AUTOEVENTO=\"Manual\",$M58=$A$15)),0,\n         IF(OFFSET(CRONOPLE!$F$15,$M58-$A$15,AM$13)=0,10^12,OFFSET(CRONOPLE!$F$15,$M58-$A$15,AM$13)))","v":3},{"$f":"IF(OR($D58<>\"Serviço\",AND(AUTOEVENTO=\"Manual\",$M58=$A$15)),0,\n         IF(OFFSET(CRONOPLE!$F$15,$M58-$A$15,AN$13)=0,10^12,OFFSET(CRONOPLE!$F$15,$M58-$A$15,AN$13)))","v":3},{"$f":"IF(OR($D58<>\"Serviço\",AND(AUTOEVENTO=\"Manual\",$M58=$A$15)),0,\n         IF(OFFSET(CRONOPLE!$F$15,$M58-$A$15,AO$13)=0,10^12,OFFSET(CRONOPLE!$F$15,$M58-$A$15,AO$13)))","v":1},{"$f":"IF(OR($D58<>\"Serviço\",AND(AUTOEVENTO=\"Manual\",$M58=$A$15)),0,\n         IF(OFFSET(CRONOPLE!$F$15,$M58-$A$15,AP$13)=0,10^12,OFFSET(CRONOPLE!$F$15,$M58-$A$15,AP$13)))","v":1},{"$f":"IF(OR($D58<>\"Serviço\",AND(AUTOEVENTO=\"Manual\",$M58=$A$15)),0,\n         IF(OFFSET(CRONOPLE!$F$15,$M58-$A$15,AQ$13)=0,10^12,OFFSET(CRONOPLE!$F$15,$M58-$A$15,AQ$13)))","v":1000000000000},{"$f":"IF(OR($D58<>\"Serviço\",AND(AUTOEVENTO=\"Manual\",$M58=$A$15)),0,\n         IF(OFFSET(CRONOPLE!$F$15,$M58-$A$15,AR$13)=0,10^12,OFFSET(CRONOPLE!$F$15,$M58-$A$15,AR$13)))","v":1000000000000},{"$f":"IF(OR($D58<>\"Serviço\",AND(AUTOEVENTO=\"Manual\",$M58=$A$15)),0,\n         IF(OFFSET(CRONOPLE!$F$15,$M58-$A$15,AS$13)=0,10^12,OFFSET(CRONOPLE!$F$15,$M58-$A$15,AS$13)))","v":1000000000000},{"$f":"IF(OR($D58<>\"Serviço\",AND(AUTOEVENTO=\"Manual\",$M58=$A$15)),0,\n         IF(OFFSET(CRONOPLE!$F$15,$M58-$A$15,AT$13)=0,10^12,OFFSET(CRONOPLE!$F$15,$M58-$A$15,AT$13)))","v":1000000000000},{"$f":"IF(OR($D58<>\"Serviço\",AND(AUTOEVENTO=\"Manual\",$M58=$A$15)),0,\n         IF(OFFSET(CRONOPLE!$F$15,$M58-$A$15,AU$13)=0,10^12,OFFSET(CRONOPLE!$F$15,$M58-$A$15,AU$13)))","v":1000000000000},{"$f":"IF(OR($D58<>\"Serviço\",AND(AUTOEVENTO=\"Manual\",$M58=$A$15)),0,\n         IF(OFFSET(CRONOPLE!$F$15,$M58-$A$15,AV$13)=0,10^12,OFFSET(CRONOPLE!$F$15,$M58-$A$15,AV$13)))","v":1000000000000},null,{"$f":"IF(OR($D58<>\"Serviço\",AND(AUTOEVENTO=\"Manual\",$M58=$A$15),$M58>(ROW(PLE.lastrow)-ROW(PLE.firstrow))),0,\n           IF(OFFSET(PLE!$G$15,$M58-$A$15,AX$13)=\"\",10^12,OFFSET(PLE!$G$15,$M58-$A$15,AX$13)))","v":2},{"$f":"IF(OR($D58<>\"Serviço\",AND(AUTOEVENTO=\"Manual\",$M58=$A$15),$M58>(ROW(PLE.lastrow)-ROW(PLE.firstrow))),0,\n           IF(OFFSET(PLE!$G$15,$M58-$A$15,AY$13)=\"\",10^12,OFFSET(PLE!$G$15,$M58-$A$15,AY$13)))","v":3},{"$f":"IF(OR($D58<>\"Serviço\",AND(AUTOEVENTO=\"Manual\",$M58=$A$15),$M58>(ROW(PLE.lastrow)-ROW(PLE.firstrow))),0,\n           IF(OFFSET(PLE!$G$15,$M58-$A$15,AZ$13)=\"\",10^12,OFFSET(PLE!$G$15,$M58-$A$15,AZ$13)))","v":1000000000000},{"$f":"IF(OR($D58<>\"Serviço\",AND(AUTOEVENTO=\"Manual\",$M58=$A$15),$M58>(ROW(PLE.lastrow)-ROW(PLE.firstrow))),0,\n           IF(OFFSET(PLE!$G$15,$M58-$A$15,BA$13)=\"\",10^12,OFFSET(PLE!$G$15,$M58-$A$15,BA$13)))","v":1000000000000},{"$f":"IF(OR($D58<>\"Serviço\",AND(AUTOEVENTO=\"Manual\",$M58=$A$15),$M58>(ROW(PLE.lastrow)-ROW(PLE.firstrow))),0,\n           IF(OFFSET(PLE!$G$15,$M58-$A$15,BB$13)=\"\",10^12,OFFSET(PLE!$G$15,$M58-$A$15,BB$13)))","v":1000000000000},{"$f":"IF(OR($D58<>\"Serviço\",AND(AUTOEVENTO=\"Manual\",$M58=$A$15),$M58>(ROW(PLE.lastrow)-ROW(PLE.firstrow))),0,\n           IF(OFFSET(PLE!$G$15,$M58-$A$15,BC$13)=\"\",10^12,OFFSET(PLE!$G$15,$M58-$A$15,BC$13)))","v":1000000000000},{"$f":"IF(OR($D58<>\"Serviço\",AND(AUTOEVENTO=\"Manual\",$M58=$A$15),$M58>(ROW(PLE.lastrow)-ROW(PLE.firstrow))),0,\n           IF(OFFSET(PLE!$G$15,$M58-$A$15,BD$13)=\"\",10^12,OFFSET(PLE!$G$15,$M58-$A$15,BD$13)))","v":1000000000000},{"$f":"IF(OR($D58<>\"Serviço\",AND(AUTOEVENTO=\"Manual\",$M58=$A$15),$M58>(ROW(PLE.lastrow)-ROW(PLE.firstrow))),0,\n           IF(OFFSET(PLE!$G$15,$M58-$A$15,BE$13)=\"\",10^12,OFFSET(PLE!$G$15,$M58-$A$15,BE$13)))","v":1000000000000},{"$f":"IF(OR($D58<>\"Serviço\",AND(AUTOEVENTO=\"Manual\",$M58=$A$15),$M58>(ROW(PLE.lastrow)-ROW(PLE.firstrow))),0,\n           IF(OFFSET(PLE!$G$15,$M58-$A$15,BF$13)=\"\",10^12,OFFSET(PLE!$G$15,$M58-$A$15,BF$13)))","v":1000000000000},{"$f":"IF(OR($D58<>\"Serviço\",AND(AUTOEVENTO=\"Manual\",$M58=$A$15),$M58>(ROW(PLE.lastrow)-ROW(PLE.firstrow))),0,\n           IF(OFFSET(PLE!$G$15,$M58-$A$15,BG$13)=\"\",10^12,OFFSET(PLE!$G$15,$M58-$A$15,BG$13)))","v":1000000000000}]
[5,{"$f":"OFFSET(ORÇAMENTO!C$15,$L59,0)","v":"S"},{"$f":"OFFSET(ORÇAMENTO!L$15,$L59,0)","v":"F"},{"$f":"OFFSET(ORÇAMENTO!N$15,$L59,0)","v":"Serviço"},{"$f":"OFFSET(ORÇAMENTO!O$15,$L59,0)","v":"1.7.4."},{"$f":"OFFSET(ORÇAMENTO!R$15,$L59,0)","v":"ARRASAMENTO MECANICO DE ESTACA DE CONCRETO ARMADO, DIAMETROS DE ATÉ 40 CM. AF_05/2021"},{"$f":"IF($D59<>\"Serviço\",\"\",OFFSET(ORÇAMENTO!S$15,$L59,0))","v":"UN"},{"$f":"IF($D59<>\"Serviço\",0,IF(ACOMPANHAMENTO=\"BM\",ROUND(OFFSET(ORÇAMENTO!AJ$15,$L59,0),15-13*ORÇAMENTO!$AF$7),IF(IFERROR(CÁLCULO.FrentesPreenchidas,0)=0,0,SUM(ROUND(OFFSET($P59,0,1,1,CÁLCULO.FrentesPreenchidas),15-13*ORÇAMENTO!$AF$7)))))","v":6},"VER PRANCHA 1-1 - FUNDAÇÃO PILARES",{"$f":"IF(OR(B59<>\"S\",CÁLCULO.FrentesPreenchidas=0),\"\",IF(AND(ACOMPANHAMENTO=\"PLE\",AUTOEVENTO=\"Manual\",OR(H59>0,ORÇAMENTO!AC59=\"QUANT.\"),OR(K59=\"\",M59=0,N59=\"\")),\"►E\",IF(AND(ACOMPANHAMENTO=\"PLE\",ORÇAMENTO!AC59=\"QUANT.\"),\"►Q\",IF(AND(ACOMPANHAMENTO=\"PLE\",H59<>SUMPRODUCT(($Q$1:$AA$1=1)*ROUND(Q59:AA59,15))),\"►S\",IF(AND(COUNTIF($P$11:$AA$11,\"▼\")=0,H59>0,I59=\"\"),\"◄M\",\"\")))))","v":""},"5.Fundação Reforço Pilares",44,{"$f":"IF($D59<>\"Serviço\",\"\",\n          IF(AUTOEVENTO=\"manual\",$A59,\n                IF(ISERROR(MATCH($A59,$A$15:OFFSET($A59,-1,0),0)),MAX($M$15:OFFSET(M59,-1,0))+1,\n                      INDEX($M$15:OFFSET(M59,-1,0),MATCH($A59,$A$15:OFFSET($A59,-1,0),0)))))","v":5},{"$f":"IF($D59<>\"Serviço\",\"\",\n         IF(AUTOEVENTO=\"Manual\",\n                IF($A59=0,\"<-- defina o número do agrupador\",\n                       OFFSET(EVENTOS!$D$15,$A59-$A$15,0)),\n                OFFSET($F$15,$A59,0)))","v":"Rerforço Pilares"},null,null,3,3,null,null,null,null,null,null,null,null,null,{"$f":"IF(AND($D59=\"Serviço\",AB$12<>0,$H59>0,OR(AUTOEVENTO<>\"manual\",$M59<>$A$15)),\n        IF(Import.TipoArredondamento<>\"TransfereGOV\",\n              ROUND(OFFSET($P59,0,AB$13),15-13*ORÇAMENTO!$AF$7)/$H59*OFFSET(ORÇAMENTO!$X$15,ROW(AB59)-ROW(AB$15),0),\n              ROUND(ROUND(OFFSET($P59,0,AB$13),15-13*ORÇAMENTO!$AF$7)*OFFSET(ORÇAMENTO!$W$15,ROW(AB59)-ROW(AB$15),0),15-13*ORÇAMENTO!$AF$11)),\n         0)","v":0},{"$f":"IF(AND($D59=\"Serviço\",AC$12<>0,$H59>0,OR(AUTOEVENTO<>\"manual\",$M59<>$A$15)),\n        IF(Import.TipoArredondamento<>\"TransfereGOV\",\n              ROUND(OFFSET($P59,0,AC$13),15-13*ORÇAMENTO!$AF$7)/$H59*OFFSET(ORÇAMENTO!$X$15,ROW(AC59)-ROW(AC$15),0),\n              ROUND(ROUND(OFFSET($P59,0,AC$13),15-13*ORÇAMENTO!$AF$7)*OFFSET(ORÇAMENTO!$W$15,ROW(AC59)-ROW(AC$15),0),15-13*ORÇAMENTO!$AF$11)),\n         0)","v":0},{"$f":"IF(AND($D59=\"Serviço\",AD$12<>0,$H59>0,OR(AUTOEVENTO<>\"manual\",$M59<>$A$15)),\n        IF(Import.TipoArredondamento<>\"TransfereGOV\",\n              ROUND(OFFSET($P59,0,AD$13),15-13*ORÇAMENTO!$AF$7)/$H59*OFFSET(ORÇAMENTO!$X$15,ROW(AD59)-ROW(AD$15),0),\n              ROUND(ROUND(OFFSET($P59,0,AD$13),15-13*ORÇAMENTO!$AF$7)*OFFSET(ORÇAMENTO!$W$15,ROW(AD59)-ROW(AD$15),0),15-13*ORÇAMENTO!$AF$11)),\n         0)","v":0},{"$f":"IF(AND($D59=\"Serviço\",AE$12<>0,$H59>0,OR(AUTOEVENTO<>\"manual\",$M59<>$A$15)),\n        IF(Import.TipoArredondamento<>\"TransfereGOV\",\n              ROUND(OFFSET($P59,0,AE$13),15-13*ORÇAMENTO!$AF$7)/$H59*OFFSET(ORÇAMENTO!$X$15,ROW(AE59)-ROW(AE$15),0),\n              ROUND(ROUND(OFFSET($P59,0,AE$13),15-13*ORÇAMENTO!$AF$7)*OFFSET(ORÇAMENTO!$W$15,ROW(AE59)-ROW(AE$15),0),15-13*ORÇAMENTO!$AF$11)),\n         0)","v":0},{"$f":"IF(AND($D59=\"Serviço\",AF$12<>0,$H59>0,OR(AUTOEVENTO<>\"manual\",$M59<>$A$15)),\n        IF(Import.TipoArredondamento<>\"TransfereGOV\",\n              ROUND(OFFSET($P59,0,AF$13),15-13*ORÇAMENTO!$AF$7)/$H59*OFFSET(ORÇAMENTO!$X$15,ROW(AF59)-ROW(AF$15),0),\n              ROUND(ROUND(OFFSET($P59,0,AF$13),15-13*ORÇAMENTO!$AF$7)*OFFSET(ORÇAMENTO!$W$15,ROW(AF59)-ROW(AF$15),0),15-13*ORÇAMENTO!$AF$11)),\n         0)","v":0},{"$f":"IF(AND($D59=\"Serviço\",AG$12<>0,$H59>0,OR(AUTOEVENTO<>\"manual\",$M59<>$A$15)),\n        IF(Import.TipoArredondamento<>\"TransfereGOV\",\n              ROUND(OFFSET($P59,0,AG$13),15-13*ORÇAMENTO!$AF$7)/$H59*OFFSET(ORÇAMENTO!$X$15,ROW(AG59)-ROW(AG$15),0),\n              ROUND(ROUND(OFFSET($P59,0,AG$13),15-13*ORÇAMENTO!$AF$7)*OFFSET(ORÇAMENTO!$W$15,ROW(AG59)-ROW(AG$15),0),15-13*ORÇAMENTO!$AF$11)),\n         0)","v":0},{"$f":"IF(AND($D59=\"Serviço\",AH$12<>0,$H59>0,OR(AUTOEVENTO<>\"manual\",$M59<>$A$15)),\n        IF(Import.TipoArredondamento<>\"TransfereGOV\",\n              ROUND(OFFSET($P59,0,AH$13),15-13*ORÇAMENTO!$AF$7)/$H59*OFFSET(ORÇAMENTO!$X$15,ROW(AH59)-ROW(AH$15),0),\n              ROUND(ROUND(OFFSET($P59,0,AH$13),15-13*ORÇAMENTO!$AF$7)*OFFSET(ORÇAMENTO!$W$15,ROW(AH59)-ROW(AH$15),0),15-13*ORÇAMENTO!$AF$11)),\n         0)","v":0},{"$f":"IF(AND($D59=\"Serviço\",AI$12<>0,$H59>0,OR(AUTOEVENTO<>\"manual\",$M59<>$A$15)),\n        IF(Import.TipoArredondamento<>\"TransfereGOV\",\n              ROUND(OFFSET($P59,0,AI$13),15-13*ORÇAMENTO!$AF$7)/$H59*OFFSET(ORÇAMENTO!$X$15,ROW(AI59)-ROW(AI$15),0),\n              ROUND(ROUND(OFFSET($P59,0,AI$13),15-13*ORÇAMENTO!$AF$7)*OFFSET(ORÇAMENTO!$W$15,ROW(AI59)-ROW(AI$15),0),15-13*ORÇAMENTO!$AF$11)),\n         0)","v":0},{"$f":"IF(AND($D59=\"Serviço\",AJ$12<>0,$H59>0,OR(AUTOEVENTO<>\"manual\",$M59<>$A$15)),\n        IF(Import.TipoArredondamento<>\"TransfereGOV\",\n              ROUND(OFFSET($P59,0,AJ$13),15-13*ORÇAMENTO!$AF$7)/$H59*OFFSET(ORÇAMENTO!$X$15,ROW(AJ59)-ROW(AJ$15),0),\n              ROUND(ROUND(OFFSET($P59,0,AJ$13),15-13*ORÇAMENTO!$AF$7)*OFFSET(ORÇAMENTO!$W$15,ROW(AJ59)-ROW(AJ$15),0),15-13*ORÇAMENTO!$AF$11)),\n         0)","v":0},{"$f":"IF(AND($D59=\"Serviço\",AK$12<>0,$H59>0,OR(AUTOEVENTO<>\"manual\",$M59<>$A$15)),\n        IF(Import.TipoArredondamento<>\"TransfereGOV\",\n              ROUND(OFFSET($P59,0,AK$13),15-13*ORÇAMENTO!$AF$7)/$H59*OFFSET(ORÇAMENTO!$X$15,ROW(AK59)-ROW(AK$15),0),\n              ROUND(ROUND(OFFSET($P59,0,AK$13),15-13*ORÇAMENTO!$AF$7)*OFFSET(ORÇAMENTO!$W$15,ROW(AK59)-ROW(AK$15),0),15-13*ORÇAMENTO!$AF$11)),\n         0)","v":0},null,{"$f":"IF(OR($D59<>\"Serviço\",AND(AUTOEVENTO=\"Manual\",$M59=$A$15)),0,\n         IF(OFFSET(CRONOPLE!$F$15,$M59-$A$15,AM$13)=0,10^12,OFFSET(CRONOPLE!$F$15,$M59-$A$15,AM$13)))","v":3},{"$f":"IF(OR($D59<>\"Serviço\",AND(AUTOEVENTO=\"Manual\",$M59=$A$15)),0,\n         IF(OFFSET(CRONOPLE!$F$15,$M59-$A$15,AN$13)=0,10^12,OFFSET(CRONOPLE!$F$15,$M59-$A$15,AN$13)))","v":3},{"$f":"IF(OR($D59<>\"Serviço\",AND(AUTOEVENTO=\"Manual\",$M59=$A$15)),0,\n         IF(OFFSET(CRONOPLE!$F$15,$M59-$A$15,AO$13)=0,10^12,OFFSET(CRONOPLE!$F$15,$M59-$A$15,AO$13)))","v":1},{"$f":"IF(OR($D59<>\"Serviço\",AND(AUTOEVENTO=\"Manual\",$M59=$A$15)),0,\n         IF(OFFSET(CRONOPLE!$F$15,$M59-$A$15,AP$13)=0,10^12,OFFSET(CRONOPLE!$F$15,$M59-$A$15,AP$13)))","v":1},{"$f":"IF(OR($D59<>\"Serviço\",AND(AUTOEVENTO=\"Manual\",$M59=$A$15)),0,\n         IF(OFFSET(CRONOPLE!$F$15,$M59-$A$15,AQ$13)=0,10^12,OFFSET(CRONOPLE!$F$15,$M59-$A$15,AQ$13)))","v":1000000000000},{"$f":"IF(OR($D59<>\"Serviço\",AND(AUTOEVENTO=\"Manual\",$M59=$A$15)),0,\n         IF(OFFSET(CRONOPLE!$F$15,$M59-$A$15,AR$13)=0,10^12,OFFSET(CRONOPLE!$F$15,$M59-$A$15,AR$13)))","v":1000000000000},{"$f":"IF(OR($D59<>\"Serviço\",AND(AUTOEVENTO=\"Manual\",$M59=$A$15)),0,\n         IF(OFFSET(CRONOPLE!$F$15,$M59-$A$15,AS$13)=0,10^12,OFFSET(CRONOPLE!$F$15,$M59-$A$15,AS$13)))","v":1000000000000},{"$f":"IF(OR($D59<>\"Serviço\",AND(AUTOEVENTO=\"Manual\",$M59=$A$15)),0,\n         IF(OFFSET(CRONOPLE!$F$15,$M59-$A$15,AT$13)=0,10^12,OFFSET(CRONOPLE!$F$15,$M59-$A$15,AT$13)))","v":1000000000000},{"$f":"IF(OR($D59<>\"Serviço\",AND(AUTOEVENTO=\"Manual\",$M59=$A$15)),0,\n         IF(OFFSET(CRONOPLE!$F$15,$M59-$A$15,AU$13)=0,10^12,OFFSET(CRONOPLE!$F$15,$M59-$A$15,AU$13)))","v":1000000000000},{"$f":"IF(OR($D59<>\"Serviço\",AND(AUTOEVENTO=\"Manual\",$M59=$A$15)),0,\n         IF(OFFSET(CRONOPLE!$F$15,$M59-$A$15,AV$13)=0,10^12,OFFSET(CRONOPLE!$F$15,$M59-$A$15,AV$13)))","v":1000000000000},null,{"$f":"IF(OR($D59<>\"Serviço\",AND(AUTOEVENTO=\"Manual\",$M59=$A$15),$M59>(ROW(PLE.lastrow)-ROW(PLE.firstrow))),0,\n           IF(OFFSET(PLE!$G$15,$M59-$A$15,AX$13)=\"\",10^12,OFFSET(PLE!$G$15,$M59-$A$15,AX$13)))","v":2},{"$f":"IF(OR($D59<>\"Serviço\",AND(AUTOEVENTO=\"Manual\",$M59=$A$15),$M59>(ROW(PLE.lastrow)-ROW(PLE.firstrow))),0,\n           IF(OFFSET(PLE!$G$15,$M59-$A$15,AY$13)=\"\",10^12,OFFSET(PLE!$G$15,$M59-$A$15,AY$13)))","v":3},{"$f":"IF(OR($D59<>\"Serviço\",AND(AUTOEVENTO=\"Manual\",$M59=$A$15),$M59>(ROW(PLE.lastrow)-ROW(PLE.firstrow))),0,\n           IF(OFFSET(PLE!$G$15,$M59-$A$15,AZ$13)=\"\",10^12,OFFSET(PLE!$G$15,$M59-$A$15,AZ$13)))","v":1000000000000},{"$f":"IF(OR($D59<>\"Serviço\",AND(AUTOEVENTO=\"Manual\",$M59=$A$15),$M59>(ROW(PLE.lastrow)-ROW(PLE.firstrow))),0,\n           IF(OFFSET(PLE!$G$15,$M59-$A$15,BA$13)=\"\",10^12,OFFSET(PLE!$G$15,$M59-$A$15,BA$13)))","v":1000000000000},{"$f":"IF(OR($D59<>\"Serviço\",AND(AUTOEVENTO=\"Manual\",$M59=$A$15),$M59>(ROW(PLE.lastrow)-ROW(PLE.firstrow))),0,\n           IF(OFFSET(PLE!$G$15,$M59-$A$15,BB$13)=\"\",10^12,OFFSET(PLE!$G$15,$M59-$A$15,BB$13)))","v":1000000000000},{"$f":"IF(OR($D59<>\"Serviço\",AND(AUTOEVENTO=\"Manual\",$M59=$A$15),$M59>(ROW(PLE.lastrow)-ROW(PLE.firstrow))),0,\n           IF(OFFSET(PLE!$G$15,$M59-$A$15,BC$13)=\"\",10^12,OFFSET(PLE!$G$15,$M59-$A$15,BC$13)))","v":1000000000000},{"$f":"IF(OR($D59<>\"Serviço\",AND(AUTOEVENTO=\"Manual\",$M59=$A$15),$M59>(ROW(PLE.lastrow)-ROW(PLE.firstrow))),0,\n           IF(OFFSET(PLE!$G$15,$M59-$A$15,BD$13)=\"\",10^12,OFFSET(PLE!$G$15,$M59-$A$15,BD$13)))","v":1000000000000},{"$f":"IF(OR($D59<>\"Serviço\",AND(AUTOEVENTO=\"Manual\",$M59=$A$15),$M59>(ROW(PLE.lastrow)-ROW(PLE.firstrow))),0,\n           IF(OFFSET(PLE!$G$15,$M59-$A$15,BE$13)=\"\",10^12,OFFSET(PLE!$G$15,$M59-$A$15,BE$13)))","v":1000000000000},{"$f":"IF(OR($D59<>\"Serviço\",AND(AUTOEVENTO=\"Manual\",$M59=$A$15),$M59>(ROW(PLE.lastrow)-ROW(PLE.firstrow))),0,\n           IF(OFFSET(PLE!$G$15,$M59-$A$15,BF$13)=\"\",10^12,OFFSET(PLE!$G$15,$M59-$A$15,BF$13)))","v":1000000000000},{"$f":"IF(OR($D59<>\"Serviço\",AND(AUTOEVENTO=\"Manual\",$M59=$A$15),$M59>(ROW(PLE.lastrow)-ROW(PLE.firstrow))),0,\n           IF(OFFSET(PLE!$G$15,$M59-$A$15,BG$13)=\"\",10^12,OFFSET(PLE!$G$15,$M59-$A$15,BG$13)))","v":1000000000000}]
[5,{"$f":"OFFSET(ORÇAMENTO!C$15,$L60,0)","v":"S"},{"$f":"OFFSET(ORÇAMENTO!L$15,$L60,0)","v":"F"},{"$f":"OFFSET(ORÇAMENTO!N$15,$L60,0)","v":"Serviço"},{"$f":"OFFSET(ORÇAMENTO!O$15,$L60,0)","v":"1.7.5."},{"$f":"OFFSET(ORÇAMENTO!R$15,$L60,0)","v":"ESCAVAÇÃO MANUAL PARA BLOCO DE COROAMENTO OU SAPATA (INCLUINDO ESCAVAÇÃO PARA COLOCAÇÃO DE FÔRMAS). AF_01/2024"},{"$f":"IF($D60<>\"Serviço\",\"\",OFFSET(ORÇAMENTO!S$15,$L60,0))","v":"M3"},{"$f":"IF($D60<>\"Serviço\",0,IF(ACOMPANHAMENTO=\"BM\",ROUND(OFFSET(ORÇAMENTO!AJ$15,$L60,0),15-13*ORÇAMENTO!$AF$7),IF(IFERROR(CÁLCULO.FrentesPreenchidas,0)=0,0,SUM(ROUND(OFFSET($P60,0,1,1,CÁLCULO.FrentesPreenchidas),15-13*ORÇAMENTO!$AF$7)))))","v":4.3},"VER PRANCHA 1-1 - FUNDAÇÃO PILARES",{"$f":"IF(OR(B60<>\"S\",CÁLCULO.FrentesPreenchidas=0),\"\",IF(AND(ACOMPANHAMENTO=\"PLE\",AUTOEVENTO=\"Manual\",OR(H60>0,ORÇAMENTO!AC60=\"QUANT.\"),OR(K60=\"\",M60=0,N60=\"\")),\"►E\",IF(AND(ACOMPANHAMENTO=\"PLE\",ORÇAMENTO!AC60=\"QUANT.\"),\"►Q\",IF(AND(ACOMPANHAMENTO=\"PLE\",H60<>SUMPRODUCT(($Q$1:$AA$1=1)*ROUND(Q60:AA60,15))),\"►S\",IF(AND(COUNTIF($P$11:$AA$11,\"▼\")=0,H60>0,I60=\"\"),\"◄M\",\"\")))))","v":""},"5.Fundação Reforço Pilares",45,{"$f":"IF($D60<>\"Serviço\",\"\",\n          IF(AUTOEVENTO=\"manual\",$A60,\n                IF(ISERROR(MATCH($A60,$A$15:OFFSET($A60,-1,0),0)),MAX($M$15:OFFSET(M60,-1,0))+1,\n                      INDEX($M$15:OFFSET(M60,-1,0),MATCH($A60,$A$15:OFFSET($A60,-1,0),0)))))","v":5},{"$f":"IF($D60<>\"Serviço\",\"\",\n         IF(AUTOEVENTO=\"Manual\",\n                IF($A60=0,\"<-- defina o número do agrupador\",\n                       OFFSET(EVENTOS!$D$15,$A60-$A$15,0)),\n                OFFSET($F$15,$A60,0)))","v":"Rerforço Pilares"},null,null,{"$f":"2.69*1.6/2","v":2.1520000000000001},{"$f":"2.69*1.6/2","v":2.1520000000000001},null,null,null,null,null,null,null,null,null,{"$f":"IF(AND($D60=\"Serviço\",AB$12<>0,$H60>0,OR(AUTOEVENTO<>\"manual\",$M60<>$A$15)),\n        IF(Import.TipoArredondamento<>\"TransfereGOV\",\n              ROUND(OFFSET($P60,0,AB$13),15-13*ORÇAMENTO!$AF$7)/$H60*OFFSET(ORÇAMENTO!$X$15,ROW(AB60)-ROW(AB$15),0),\n              ROUND(ROUND(OFFSET($P60,0,AB$13),15-13*ORÇAMENTO!$AF$7)*OFFSET(ORÇAMENTO!$W$15,ROW(AB60)-ROW(AB$15),0),15-13*ORÇAMENTO!$AF$11)),\n         0)","v":0},{"$f":"IF(AND($D60=\"Serviço\",AC$12<>0,$H60>0,OR(AUTOEVENTO<>\"manual\",$M60<>$A$15)),\n        IF(Import.TipoArredondamento<>\"TransfereGOV\",\n              ROUND(OFFSET($P60,0,AC$13),15-13*ORÇAMENTO!$AF$7)/$H60*OFFSET(ORÇAMENTO!$X$15,ROW(AC60)-ROW(AC$15),0),\n              ROUND(ROUND(OFFSET($P60,0,AC$13),15-13*ORÇAMENTO!$AF$7)*OFFSET(ORÇAMENTO!$W$15,ROW(AC60)-ROW(AC$15),0),15-13*ORÇAMENTO!$AF$11)),\n         0)","v":0},{"$f":"IF(AND($D60=\"Serviço\",AD$12<>0,$H60>0,OR(AUTOEVENTO<>\"manual\",$M60<>$A$15)),\n        IF(Import.TipoArredondamento<>\"TransfereGOV\",\n              ROUND(OFFSET($P60,0,AD$13),15-13*ORÇAMENTO!$AF$7)/$H60*OFFSET(ORÇAMENTO!$X$15,ROW(AD60)-ROW(AD$15),0),\n              ROUND(ROUND(OFFSET($P60,0,AD$13),15-13*ORÇAMENTO!$AF$7)*OFFSET(ORÇAMENTO!$W$15,ROW(AD60)-ROW(AD$15),0),15-13*ORÇAMENTO!$AF$11)),\n         0)","v":0},{"$f":"IF(AND($D60=\"Serviço\",AE$12<>0,$H60>0,OR(AUTOEVENTO<>\"manual\",$M60<>$A$15)),\n        IF(Import.TipoArredondamento<>\"TransfereGOV\",\n              ROUND(OFFSET($P60,0,AE$13),15-13*ORÇAMENTO!$AF$7)/$H60*OFFSET(ORÇAMENTO!$X$15,ROW(AE60)-ROW(AE$15),0),\n              ROUND(ROUND(OFFSET($P60,0,AE$13),15-13*ORÇAMENTO!$AF$7)*OFFSET(ORÇAMENTO!$W$15,ROW(AE60)-ROW(AE$15),0),15-13*ORÇAMENTO!$AF$11)),\n         0)","v":0},{"$f":"IF(AND($D60=\"Serviço\",AF$12<>0,$H60>0,OR(AUTOEVENTO<>\"manual\",$M60<>$A$15)),\n        IF(Import.TipoArredondamento<>\"TransfereGOV\",\n              ROUND(OFFSET($P60,0,AF$13),15-13*ORÇAMENTO!$AF$7)/$H60*OFFSET(ORÇAMENTO!$X$15,ROW(AF60)-ROW(AF$15),0),\n              ROUND(ROUND(OFFSET($P60,0,AF$13),15-13*ORÇAMENTO!$AF$7)*OFFSET(ORÇAMENTO!$W$15,ROW(AF60)-ROW(AF$15),0),15-13*ORÇAMENTO!$AF$11)),\n         0)","v":0},{"$f":"IF(AND($D60=\"Serviço\",AG$12<>0,$H60>0,OR(AUTOEVENTO<>\"manual\",$M60<>$A$15)),\n        IF(Import.TipoArredondamento<>\"TransfereGOV\",\n              ROUND(OFFSET($P60,0,AG$13),15-13*ORÇAMENTO!$AF$7)/$H60*OFFSET(ORÇAMENTO!$X$15,ROW(AG60)-ROW(AG$15),0),\n              ROUND(ROUND(OFFSET($P60,0,AG$13),15-13*ORÇAMENTO!$AF$7)*OFFSET(ORÇAMENTO!$W$15,ROW(AG60)-ROW(AG$15),0),15-13*ORÇAMENTO!$AF$11)),\n         0)","v":0},{"$f":"IF(AND($D60=\"Serviço\",AH$12<>0,$H60>0,OR(AUTOEVENTO<>\"manual\",$M60<>$A$15)),\n        IF(Import.TipoArredondamento<>\"TransfereGOV\",\n              ROUND(OFFSET($P60,0,AH$13),15-13*ORÇAMENTO!$AF$7)/$H60*OFFSET(ORÇAMENTO!$X$15,ROW(AH60)-ROW(AH$15),0),\n              ROUND(ROUND(OFFSET($P60,0,AH$13),15-13*ORÇAMENTO!$AF$7)*OFFSET(ORÇAMENTO!$W$15,ROW(AH60)-ROW(AH$15),0),15-13*ORÇAMENTO!$AF$11)),\n         0)","v":0},{"$f":"IF(AND($D60=\"Serviço\",AI$12<>0,$H60>0,OR(AUTOEVENTO<>\"manual\",$M60<>$A$15)),\n        IF(Import.TipoArredondamento<>\"TransfereGOV\",\n              ROUND(OFFSET($P60,0,AI$13),15-13*ORÇAMENTO!$AF$7)/$H60*OFFSET(ORÇAMENTO!$X$15,ROW(AI60)-ROW(AI$15),0),\n              ROUND(ROUND(OFFSET($P60,0,AI$13),15-13*ORÇAMENTO!$AF$7)*OFFSET(ORÇAMENTO!$W$15,ROW(AI60)-ROW(AI$15),0),15-13*ORÇAMENTO!$AF$11)),\n         0)","v":0},{"$f":"IF(AND($D60=\"Serviço\",AJ$12<>0,$H60>0,OR(AUTOEVENTO<>\"manual\",$M60<>$A$15)),\n        IF(Import.TipoArredondamento<>\"TransfereGOV\",\n              ROUND(OFFSET($P60,0,AJ$13),15-13*ORÇAMENTO!$AF$7)/$H60*OFFSET(ORÇAMENTO!$X$15,ROW(AJ60)-ROW(AJ$15),0),\n              ROUND(ROUND(OFFSET($P60,0,AJ$13),15-13*ORÇAMENTO!$AF$7)*OFFSET(ORÇAMENTO!$W$15,ROW(AJ60)-ROW(AJ$15),0),15-13*ORÇAMENTO!$AF$11)),\n         0)","v":0},{"$f":"IF(AND($D60=\"Serviço\",AK$12<>0,$H60>0,OR(AUTOEVENTO<>\"manual\",$M60<>$A$15)),\n        IF(Import.TipoArredondamento<>\"TransfereGOV\",\n              ROUND(OFFSET($P60,0,AK$13),15-13*ORÇAMENTO!$AF$7)/$H60*OFFSET(ORÇAMENTO!$X$15,ROW(AK60)-ROW(AK$15),0),\n              ROUND(ROUND(OFFSET($P60,0,AK$13),15-13*ORÇAMENTO!$AF$7)*OFFSET(ORÇAMENTO!$W$15,ROW(AK60)-ROW(AK$15),0),15-13*ORÇAMENTO!$AF$11)),\n         0)","v":0},null,{"$f":"IF(OR($D60<>\"Serviço\",AND(AUTOEVENTO=\"Manual\",$M60=$A$15)),0,\n         IF(OFFSET(CRONOPLE!$F$15,$M60-$A$15,AM$13)=0,10^12,OFFSET(CRONOPLE!$F$15,$M60-$A$15,AM$13)))","v":3},{"$f":"IF(OR($D60<>\"Serviço\",AND(AUTOEVENTO=\"Manual\",$M60=$A$15)),0,\n         IF(OFFSET(CRONOPLE!$F$15,$M60-$A$15,AN$13)=0,10^12,OFFSET(CRONOPLE!$F$15,$M60-$A$15,AN$13)))","v":3},{"$f":"IF(OR($D60<>\"Serviço\",AND(AUTOEVENTO=\"Manual\",$M60=$A$15)),0,\n         IF(OFFSET(CRONOPLE!$F$15,$M60-$A$15,AO$13)=0,10^12,OFFSET(CRONOPLE!$F$15,$M60-$A$15,AO$13)))","v":1},{"$f":"IF(OR($D60<>\"Serviço\",AND(AUTOEVENTO=\"Manual\",$M60=$A$15)),0,\n         IF(OFFSET(CRONOPLE!$F$15,$M60-$A$15,AP$13)=0,10^12,OFFSET(CRONOPLE!$F$15,$M60-$A$15,AP$13)))","v":1},{"$f":"IF(OR($D60<>\"Serviço\",AND(AUTOEVENTO=\"Manual\",$M60=$A$15)),0,\n         IF(OFFSET(CRONOPLE!$F$15,$M60-$A$15,AQ$13)=0,10^12,OFFSET(CRONOPLE!$F$15,$M60-$A$15,AQ$13)))","v":1000000000000},{"$f":"IF(OR($D60<>\"Serviço\",AND(AUTOEVENTO=\"Manual\",$M60=$A$15)),0,\n         IF(OFFSET(CRONOPLE!$F$15,$M60-$A$15,AR$13)=0,10^12,OFFSET(CRONOPLE!$F$15,$M60-$A$15,AR$13)))","v":1000000000000},{"$f":"IF(OR($D60<>\"Serviço\",AND(AUTOEVENTO=\"Manual\",$M60=$A$15)),0,\n         IF(OFFSET(CRONOPLE!$F$15,$M60-$A$15,AS$13)=0,10^12,OFFSET(CRONOPLE!$F$15,$M60-$A$15,AS$13)))","v":1000000000000},{"$f":"IF(OR($D60<>\"Serviço\",AND(AUTOEVENTO=\"Manual\",$M60=$A$15)),0,\n         IF(OFFSET(CRONOPLE!$F$15,$M60-$A$15,AT$13)=0,10^12,OFFSET(CRONOPLE!$F$15,$M60-$A$15,AT$13)))","v":1000000000000},{"$f":"IF(OR($D60<>\"Serviço\",AND(AUTOEVENTO=\"Manual\",$M60=$A$15)),0,\n         IF(OFFSET(CRONOPLE!$F$15,$M60-$A$15,AU$13)=0,10^12,OFFSET(CRONOPLE!$F$15,$M60-$A$15,AU$13)))","v":1000000000000},{"$f":"IF(OR($D60<>\"Serviço\",AND(AUTOEVENTO=\"Manual\",$M60=$A$15)),0,\n         IF(OFFSET(CRONOPLE!$F$15,$M60-$A$15,AV$13)=0,10^12,OFFSET(CRONOPLE!$F$15,$M60-$A$15,AV$13)))","v":1000000000000},null,{"$f":"IF(OR($D60<>\"Serviço\",AND(AUTOEVENTO=\"Manual\",$M60=$A$15),$M60>(ROW(PLE.lastrow)-ROW(PLE.firstrow))),0,\n           IF(OFFSET(PLE!$G$15,$M60-$A$15,AX$13)=\"\",10^12,OFFSET(PLE!$G$15,$M60-$A$15,AX$13)))","v":2},{"$f":"IF(OR($D60<>\"Serviço\",AND(AUTOEVENTO=\"Manual\",$M60=$A$15),$M60>(ROW(PLE.lastrow)-ROW(PLE.firstrow))),0,\n           IF(OFFSET(PLE!$G$15,$M60-$A$15,AY$13)=\"\",10^12,OFFSET(PLE!$G$15,$M60-$A$15,AY$13)))","v":3},{"$f":"IF(OR($D60<>\"Serviço\",AND(AUTOEVENTO=\"Manual\",$M60=$A$15),$M60>(ROW(PLE.lastrow)-ROW(PLE.firstrow))),0,\n           IF(OFFSET(PLE!$G$15,$M60-$A$15,AZ$13)=\"\",10^12,OFFSET(PLE!$G$15,$M60-$A$15,AZ$13)))","v":1000000000000},{"$f":"IF(OR($D60<>\"Serviço\",AND(AUTOEVENTO=\"Manual\",$M60=$A$15),$M60>(ROW(PLE.lastrow)-ROW(PLE.firstrow))),0,\n           IF(OFFSET(PLE!$G$15,$M60-$A$15,BA$13)=\"\",10^12,OFFSET(PLE!$G$15,$M60-$A$15,BA$13)))","v":1000000000000},{"$f":"IF(OR($D60<>\"Serviço\",AND(AUTOEVENTO=\"Manual\",$M60=$A$15),$M60>(ROW(PLE.lastrow)-ROW(PLE.firstrow))),0,\n           IF(OFFSET(PLE!$G$15,$M60-$A$15,BB$13)=\"\",10^12,OFFSET(PLE!$G$15,$M60-$A$15,BB$13)))","v":1000000000000},{"$f":"IF(OR($D60<>\"Serviço\",AND(AUTOEVENTO=\"Manual\",$M60=$A$15),$M60>(ROW(PLE.lastrow)-ROW(PLE.firstrow))),0,\n           IF(OFFSET(PLE!$G$15,$M60-$A$15,BC$13)=\"\",10^12,OFFSET(PLE!$G$15,$M60-$A$15,BC$13)))","v":1000000000000},{"$f":"IF(OR($D60<>\"Serviço\",AND(AUTOEVENTO=\"Manual\",$M60=$A$15),$M60>(ROW(PLE.lastrow)-ROW(PLE.firstrow))),0,\n           IF(OFFSET(PLE!$G$15,$M60-$A$15,BD$13)=\"\",10^12,OFFSET(PLE!$G$15,$M60-$A$15,BD$13)))","v":1000000000000},{"$f":"IF(OR($D60<>\"Serviço\",AND(AUTOEVENTO=\"Manual\",$M60=$A$15),$M60>(ROW(PLE.lastrow)-ROW(PLE.firstrow))),0,\n           IF(OFFSET(PLE!$G$15,$M60-$A$15,BE$13)=\"\",10^12,OFFSET(PLE!$G$15,$M60-$A$15,BE$13)))","v":1000000000000},{"$f":"IF(OR($D60<>\"Serviço\",AND(AUTOEVENTO=\"Manual\",$M60=$A$15),$M60>(ROW(PLE.lastrow)-ROW(PLE.firstrow))),0,\n           IF(OFFSET(PLE!$G$15,$M60-$A$15,BF$13)=\"\",10^12,OFFSET(PLE!$G$15,$M60-$A$15,BF$13)))","v":1000000000000},{"$f":"IF(OR($D60<>\"Serviço\",AND(AUTOEVENTO=\"Manual\",$M60=$A$15),$M60>(ROW(PLE.lastrow)-ROW(PLE.firstrow))),0,\n           IF(OFFSET(PLE!$G$15,$M60-$A$15,BG$13)=\"\",10^12,OFFSET(PLE!$G$15,$M60-$A$15,BG$13)))","v":1000000000000}]
[5,{"$f":"OFFSET(ORÇAMENTO!C$15,$L61,0)","v":"S"},{"$f":"OFFSET(ORÇAMENTO!L$15,$L61,0)","v":"F"},{"$f":"OFFSET(ORÇAMENTO!N$15,$L61,0)","v":"Serviço"},{"$f":"OFFSET(ORÇAMENTO!O$15,$L61,0)","v":"1.7.6."},{"$f":"OFFSET(ORÇAMENTO!R$15,$L61,0)","v":"LASTRO DE CONCRETO MAGRO, APLICADO EM BLOCOS DE COROAMENTO OU SAPATAS, ESPESSURA DE 3 CM. AF_01/2024"},{"$f":"IF($D61<>\"Serviço\",\"\",OFFSET(ORÇAMENTO!S$15,$L61,0))","v":"M2"},{"$f":"IF($D61<>\"Serviço\",0,IF(ACOMPANHAMENTO=\"BM\",ROUND(OFFSET(ORÇAMENTO!AJ$15,$L61,0),15-13*ORÇAMENTO!$AF$7),IF(IFERROR(CÁLCULO.FrentesPreenchidas,0)=0,0,SUM(ROUND(OFFSET($P61,0,1,1,CÁLCULO.FrentesPreenchidas),15-13*ORÇAMENTO!$AF$7)))))","v":2.88},"VER PRANCHA 1-1 - FUNDAÇÃO PILARES",{"$f":"IF(OR(B61<>\"S\",CÁLCULO.FrentesPreenchidas=0),\"\",IF(AND(ACOMPANHAMENTO=\"PLE\",AUTOEVENTO=\"Manual\",OR(H61>0,ORÇAMENTO!AC61=\"QUANT.\"),OR(K61=\"\",M61=0,N61=\"\")),\"►E\",IF(AND(ACOMPANHAMENTO=\"PLE\",ORÇAMENTO!AC61=\"QUANT.\"),\"►Q\",IF(AND(ACOMPANHAMENTO=\"PLE\",H61<>SUMPRODUCT(($Q$1:$AA$1=1)*ROUND(Q61:AA61,15))),\"►S\",IF(AND(COUNTIF($P$11:$AA$11,\"▼\")=0,H61>0,I61=\"\"),\"◄M\",\"\")))))","v":""},"5.Fundação Reforço Pilares",46,{"$f":"IF($D61<>\"Serviço\",\"\",\n          IF(AUTOEVENTO=\"manual\",$A61,\n                IF(ISERROR(MATCH($A61,$A$15:OFFSET($A61,-1,0),0)),MAX($M$15:OFFSET(M61,-1,0))+1,\n                      INDEX($M$15:OFFSET(M61,-1,0),MATCH($A61,$A$15:OFFSET($A61,-1,0),0)))))","v":5},{"$f":"IF($D61<>\"Serviço\",\"\",\n         IF(AUTOEVENTO=\"Manual\",\n                IF($A61=0,\"<-- defina o número do agrupador\",\n                       OFFSET(EVENTOS!$D$15,$A61-$A$15,0)),\n                OFFSET($F$15,$A61,0)))","v":"Rerforço Pilares"},null,null,{"$f":"1.6*0.6*3/2","v":1.44},{"$f":"1.6*0.6*3/2","v":1.44},null,null,null,null,null,null,null,null,null,{"$f":"IF(AND($D61=\"Serviço\",AB$12<>0,$H61>0,OR(AUTOEVENTO<>\"manual\",$M61<>$A$15)),\n        IF(Import.TipoArredondamento<>\"TransfereGOV\",\n              ROUND(OFFSET($P61,0,AB$13),15-13*ORÇAMENTO!$AF$7)/$H61*OFFSET(ORÇAMENTO!$X$15,ROW(AB61)-ROW(AB$15),0),\n              ROUND(ROUND(OFFSET($P61,0,AB$13),15-13*ORÇAMENTO!$AF$7)*OFFSET(ORÇAMENTO!$W$15,ROW(AB61)-ROW(AB$15),0),15-13*ORÇAMENTO!$AF$11)),\n         0)","v":0},{"$f":"IF(AND($D61=\"Serviço\",AC$12<>0,$H61>0,OR(AUTOEVENTO<>\"manual\",$M61<>$A$15)),\n        IF(Import.TipoArredondamento<>\"TransfereGOV\",\n              ROUND(OFFSET($P61,0,AC$13),15-13*ORÇAMENTO!$AF$7)/$H61*OFFSET(ORÇAMENTO!$X$15,ROW(AC61)-ROW(AC$15),0),\n              ROUND(ROUND(OFFSET($P61,0,AC$13),15-13*ORÇAMENTO!$AF$7)*OFFSET(ORÇAMENTO!$W$15,ROW(AC61)-ROW(AC$15),0),15-13*ORÇAMENTO!$AF$11)),\n         0)","v":0},{"$f":"IF(AND($D61=\"Serviço\",AD$12<>0,$H61>0,OR(AUTOEVENTO<>\"manual\",$M61<>$A$15)),\n        IF(Import.TipoArredondamento<>\"TransfereGOV\",\n              ROUND(OFFSET($P61,0,AD$13),15-13*ORÇAMENTO!$AF$7)/$H61*OFFSET(ORÇAMENTO!$X$15,ROW(AD61)-ROW(AD$15),0),\n              ROUND(ROUND(OFFSET($P61,0,AD$13),15-13*ORÇAMENTO!$AF$7)*OFFSET(ORÇAMENTO!$W$15,ROW(AD61)-ROW(AD$15),0),15-13*ORÇAMENTO!$AF$11)),\n         0)","v":0},{"$f":"IF(AND($D61=\"Serviço\",AE$12<>0,$H61>0,OR(AUTOEVENTO<>\"manual\",$M61<>$A$15)),\n        IF(Import.TipoArredondamento<>\"TransfereGOV\",\n              ROUND(OFFSET($P61,0,AE$13),15-13*ORÇAMENTO!$AF$7)/$H61*OFFSET(ORÇAMENTO!$X$15,ROW(AE61)-ROW(AE$15),0),\n              ROUND(ROUND(OFFSET($P61,0,AE$13),15-13*ORÇAMENTO!$AF$7)*OFFSET(ORÇAMENTO!$W$15,ROW(AE61)-ROW(AE$15),0),15-13*ORÇAMENTO!$AF$11)),\n         0)","v":0},{"$f":"IF(AND($D61=\"Serviço\",AF$12<>0,$H61>0,OR(AUTOEVENTO<>\"manual\",$M61<>$A$15)),\n        IF(Import.TipoArredondamento<>\"TransfereGOV\",\n              ROUND(OFFSET($P61,0,AF$13),15-13*ORÇAMENTO!$AF$7)/$H61*OFFSET(ORÇAMENTO!$X$15,ROW(AF61)-ROW(AF$15),0),\n              ROUND(ROUND(OFFSET($P61,0,AF$13),15-13*ORÇAMENTO!$AF$7)*OFFSET(ORÇAMENTO!$W$15,ROW(AF61)-ROW(AF$15),0),15-13*ORÇAMENTO!$AF$11)),\n         0)","v":0},{"$f":"IF(AND($D61=\"Serviço\",AG$12<>0,$H61>0,OR(AUTOEVENTO<>\"manual\",$M61<>$A$15)),\n        IF(Import.TipoArredondamento<>\"TransfereGOV\",\n              ROUND(OFFSET($P61,0,AG$13),15-13*ORÇAMENTO!$AF$7)/$H61*OFFSET(ORÇAMENTO!$X$15,ROW(AG61)-ROW(AG$15),0),\n              ROUND(ROUND(OFFSET($P61,0,AG$13),15-13*ORÇAMENTO!$AF$7)*OFFSET(ORÇAMENTO!$W$15,ROW(AG61)-ROW(AG$15),0),15-13*ORÇAMENTO!$AF$11)),\n         0)","v":0},{"$f":"IF(AND($D61=\"Serviço\",AH$12<>0,$H61>0,OR(AUTOEVENTO<>\"manual\",$M61<>$A$15)),\n        IF(Import.TipoArredondamento<>\"TransfereGOV\",\n              ROUND(OFFSET($P61,0,AH$13),15-13*ORÇAMENTO!$AF$7)/$H61*OFFSET(ORÇAMENTO!$X$15,ROW(AH61)-ROW(AH$15),0),\n              ROUND(ROUND(OFFSET($P61,0,AH$13),15-13*ORÇAMENTO!$AF$7)*OFFSET(ORÇAMENTO!$W$15,ROW(AH61)-ROW(AH$15),0),15-13*ORÇAMENTO!$AF$11)),\n         0)","v":0},{"$f":"IF(AND($D61=\"Serviço\",AI$12<>0,$H61>0,OR(AUTOEVENTO<>\"manual\",$M61<>$A$15)),\n        IF(Import.TipoArredondamento<>\"TransfereGOV\",\n              ROUND(OFFSET($P61,0,AI$13),15-13*ORÇAMENTO!$AF$7)/$H61*OFFSET(ORÇAMENTO!$X$15,ROW(AI61)-ROW(AI$15),0),\n              ROUND(ROUND(OFFSET($P61,0,AI$13),15-13*ORÇAMENTO!$AF$7)*OFFSET(ORÇAMENTO!$W$15,ROW(AI61)-ROW(AI$15),0),15-13*ORÇAMENTO!$AF$11)),\n         0)","v":0},{"$f":"IF(AND($D61=\"Serviço\",AJ$12<>0,$H61>0,OR(AUTOEVENTO<>\"manual\",$M61<>$A$15)),\n        IF(Import.TipoArredondamento<>\"TransfereGOV\",\n              ROUND(OFFSET($P61,0,AJ$13),15-13*ORÇAMENTO!$AF$7)/$H61*OFFSET(ORÇAMENTO!$X$15,ROW(AJ61)-ROW(AJ$15),0),\n              ROUND(ROUND(OFFSET($P61,0,AJ$13),15-13*ORÇAMENTO!$AF$7)*OFFSET(ORÇAMENTO!$W$15,ROW(AJ61)-ROW(AJ$15),0),15-13*ORÇAMENTO!$AF$11)),\n         0)","v":0},{"$f":"IF(AND($D61=\"Serviço\",AK$12<>0,$H61>0,OR(AUTOEVENTO<>\"manual\",$M61<>$A$15)),\n        IF(Import.TipoArredondamento<>\"TransfereGOV\",\n              ROUND(OFFSET($P61,0,AK$13),15-13*ORÇAMENTO!$AF$7)/$H61*OFFSET(ORÇAMENTO!$X$15,ROW(AK61)-ROW(AK$15),0),\n              ROUND(ROUND(OFFSET($P61,0,AK$13),15-13*ORÇAMENTO!$AF$7)*OFFSET(ORÇAMENTO!$W$15,ROW(AK61)-ROW(AK$15),0),15-13*ORÇAMENTO!$AF$11)),\n         0)","v":0},null,{"$f":"IF(OR($D61<>\"Serviço\",AND(AUTOEVENTO=\"Manual\",$M61=$A$15)),0,\n         IF(OFFSET(CRONOPLE!$F$15,$M61-$A$15,AM$13)=0,10^12,OFFSET(CRONOPLE!$F$15,$M61-$A$15,AM$13)))","v":3},{"$f":"IF(OR($D61<>\"Serviço\",AND(AUTOEVENTO=\"Manual\",$M61=$A$15)),0,\n         IF(OFFSET(CRONOPLE!$F$15,$M61-$A$15,AN$13)=0,10^12,OFFSET(CRONOPLE!$F$15,$M61-$A$15,AN$13)))","v":3},{"$f":"IF(OR($D61<>\"Serviço\",AND(AUTOEVENTO=\"Manual\",$M61=$A$15)),0,\n         IF(OFFSET(CRONOPLE!$F$15,$M61-$A$15,AO$13)=0,10^12,OFFSET(CRONOPLE!$F$15,$M61-$A$15,AO$13)))","v":1},{"$f":"IF(OR($D61<>\"Serviço\",AND(AUTOEVENTO=\"Manual\",$M61=$A$15)),0,\n         IF(OFFSET(CRONOPLE!$F$15,$M61-$A$15,AP$13)=0,10^12,OFFSET(CRONOPLE!$F$15,$M61-$A$15,AP$13)))","v":1},{"$f":"IF(OR($D61<>\"Serviço\",AND(AUTOEVENTO=\"Manual\",$M61=$A$15)),0,\n         IF(OFFSET(CRONOPLE!$F$15,$M61-$A$15,AQ$13)=0,10^12,OFFSET(CRONOPLE!$F$15,$M61-$A$15,AQ$13)))","v":1000000000000},{"$f":"IF(OR($D61<>\"Serviço\",AND(AUTOEVENTO=\"Manual\",$M61=$A$15)),0,\n         IF(OFFSET(CRONOPLE!$F$15,$M61-$A$15,AR$13)=0,10^12,OFFSET(CRONOPLE!$F$15,$M61-$A$15,AR$13)))","v":1000000000000},{"$f":"IF(OR($D61<>\"Serviço\",AND(AUTOEVENTO=\"Manual\",$M61=$A$15)),0,\n         IF(OFFSET(CRONOPLE!$F$15,$M61-$A$15,AS$13)=0,10^12,OFFSET(CRONOPLE!$F$15,$M61-$A$15,AS$13)))","v":1000000000000},{"$f":"IF(OR($D61<>\"Serviço\",AND(AUTOEVENTO=\"Manual\",$M61=$A$15)),0,\n         IF(OFFSET(CRONOPLE!$F$15,$M61-$A$15,AT$13)=0,10^12,OFFSET(CRONOPLE!$F$15,$M61-$A$15,AT$13)))","v":1000000000000},{"$f":"IF(OR($D61<>\"Serviço\",AND(AUTOEVENTO=\"Manual\",$M61=$A$15)),0,\n         IF(OFFSET(CRONOPLE!$F$15,$M61-$A$15,AU$13)=0,10^12,OFFSET(CRONOPLE!$F$15,$M61-$A$15,AU$13)))","v":1000000000000},{"$f":"IF(OR($D61<>\"Serviço\",AND(AUTOEVENTO=\"Manual\",$M61=$A$15)),0,\n         IF(OFFSET(CRONOPLE!$F$15,$M61-$A$15,AV$13)=0,10^12,OFFSET(CRONOPLE!$F$15,$M61-$A$15,AV$13)))","v":1000000000000},null,{"$f":"IF(OR($D61<>\"Serviço\",AND(AUTOEVENTO=\"Manual\",$M61=$A$15),$M61>(ROW(PLE.lastrow)-ROW(PLE.firstrow))),0,\n           IF(OFFSET(PLE!$G$15,$M61-$A$15,AX$13)=\"\",10^12,OFFSET(PLE!$G$15,$M61-$A$15,AX$13)))","v":2},{"$f":"IF(OR($D61<>\"Serviço\",AND(AUTOEVENTO=\"Manual\",$M61=$A$15),$M61>(ROW(PLE.lastrow)-ROW(PLE.firstrow))),0,\n           IF(OFFSET(PLE!$G$15,$M61-$A$15,AY$13)=\"\",10^12,OFFSET(PLE!$G$15,$M61-$A$15,AY$13)))","v":3},{"$f":"IF(OR($D61<>\"Serviço\",AND(AUTOEVENTO=\"Manual\",$M61=$A$15),$M61>(ROW(PLE.lastrow)-ROW(PLE.firstrow))),0,\n           IF(OFFSET(PLE!$G$15,$M61-$A$15,AZ$13)=\"\",10^12,OFFSET(PLE!$G$15,$M61-$A$15,AZ$13)))","v":1000000000000},{"$f":"IF(OR($D61<>\"Serviço\",AND(AUTOEVENTO=\"Manual\",$M61=$A$15),$M61>(ROW(PLE.lastrow)-ROW(PLE.firstrow))),0,\n           IF(OFFSET(PLE!$G$15,$M61-$A$15,BA$13)=\"\",10^12,OFFSET(PLE!$G$15,$M61-$A$15,BA$13)))","v":1000000000000},{"$f":"IF(OR($D61<>\"Serviço\",AND(AUTOEVENTO=\"Manual\",$M61=$A$15),$M61>(ROW(PLE.lastrow)-ROW(PLE.firstrow))),0,\n           IF(OFFSET(PLE!$G$15,$M61-$A$15,BB$13)=\"\",10^12,OFFSET(PLE!$G$15,$M61-$A$15,BB$13)))","v":1000000000000},{"$f":"IF(OR($D61<>\"Serviço\",AND(AUTOEVENTO=\"Manual\",$M61=$A$15),$M61>(ROW(PLE.lastrow)-ROW(PLE.firstrow))),0,\n           IF(OFFSET(PLE!$G$15,$M61-$A$15,BC$13)=\"\",10^12,OFFSET(PLE!$G$15,$M61-$A$15,BC$13)))","v":1000000000000},{"$f":"IF(OR($D61<>\"Serviço\",AND(AUTOEVENTO=\"Manual\",$M61=$A$15),$M61>(ROW(PLE.lastrow)-ROW(PLE.firstrow))),0,\n           IF(OFFSET(PLE!$G$15,$M61-$A$15,BD$13)=\"\",10^12,OFFSET(PLE!$G$15,$M61-$A$15,BD$13)))","v":1000000000000},{"$f":"IF(OR($D61<>\"Serviço\",AND(AUTOEVENTO=\"Manual\",$M61=$A$15),$M61>(ROW(PLE.lastrow)-ROW(PLE.firstrow))),0,\n           IF(OFFSET(PLE!$G$15,$M61-$A$15,BE$13)=\"\",10^12,OFFSET(PLE!$G$15,$M61-$A$15,BE$13)))","v":1000000000000},{"$f":"IF(OR($D61<>\"Serviço\",AND(AUTOEVENTO=\"Manual\",$M61=$A$15),$M61>(ROW(PLE.lastrow)-ROW(PLE.firstrow))),0,\n           IF(OFFSET(PLE!$G$15,$M61-$A$15,BF$13)=\"\",10^12,OFFSET(PLE!$G$15,$M61-$A$15,BF$13)))","v":1000000000000},{"$f":"IF(OR($D61<>\"Serviço\",AND(AUTOEVENTO=\"Manual\",$M61=$A$15),$M61>(ROW(PLE.lastrow)-ROW(PLE.firstrow))),0,\n           IF(OFFSET(PLE!$G$15,$M61-$A$15,BG$13)=\"\",10^12,OFFSET(PLE!$G$15,$M61-$A$15,BG$13)))","v":1000000000000}]
[5,{"$f":"OFFSET(ORÇAMENTO!C$15,$L62,0)","v":"S"},{"$f":"OFFSET(ORÇAMENTO!L$15,$L62,0)","v":"F"},{"$f":"OFFSET(ORÇAMENTO!N$15,$L62,0)","v":"Serviço"},{"$f":"OFFSET(ORÇAMENTO!O$15,$L62,0)","v":"1.7.7."},{"$f":"OFFSET(ORÇAMENTO!R$15,$L62,0)","v":"FABRICAÇÃO, MONTAGEM E DESMONTAGEM DE FÔRMA PARA BLOCO DE COROAMENTO, EM MADEIRA SERRADA, E=25 MM, 4 UTILIZAÇÕES. AF_01/2024"},{"$f":"IF($D62<>\"Serviço\",\"\",OFFSET(ORÇAMENTO!S$15,$L62,0))","v":"M2"},{"$f":"IF($D62<>\"Serviço\",0,IF(ACOMPANHAMENTO=\"BM\",ROUND(OFFSET(ORÇAMENTO!AJ$15,$L62,0),15-13*ORÇAMENTO!$AF$7),IF(IFERROR(CÁLCULO.FrentesPreenchidas,0)=0,0,SUM(ROUND(OFFSET($P62,0,1,1,CÁLCULO.FrentesPreenchidas),15-13*ORÇAMENTO!$AF$7)))))","v":13.95},"VER PRANCHA 1-1 - FUNDAÇÃO PILARES",{"$f":"IF(OR(B62<>\"S\",CÁLCULO.FrentesPreenchidas=0),\"\",IF(AND(ACOMPANHAMENTO=\"PLE\",AUTOEVENTO=\"Manual\",OR(H62>0,ORÇAMENTO!AC62=\"QUANT.\"),OR(K62=\"\",M62=0,N62=\"\")),\"►E\",IF(AND(ACOMPANHAMENTO=\"PLE\",ORÇAMENTO!AC62=\"QUANT.\"),\"►Q\",IF(AND(ACOMPANHAMENTO=\"PLE\",H62<>SUMPRODUCT(($Q$1:$AA$1=1)*ROUND(Q62:AA62,15))),\"►S\",IF(AND(COUNTIF($P$11:$AA$11,\"▼\")=0,H62>0,I62=\"\"),\"◄M\",\"\")))))","v":""},"5.Fundação Reforço Pilares",47,{"$f":"IF($D62<>\"Serviço\",\"\",\n          IF(AUTOEVENTO=\"manual\",$A62,\n                IF(ISERROR(MATCH($A62,$A$15:OFFSET($A62,-1,0),0)),MAX($M$15:OFFSET(M62,-1,0))+1,\n                      INDEX($M$15:OFFSET(M62,-1,0),MATCH($A62,$A$15:OFFSET($A62,-1,0),0)))))","v":5},{"$f":"IF($D62<>\"Serviço\",\"\",\n         IF(AUTOEVENTO=\"Manual\",\n                IF($A62=0,\"<-- defina o número do agrupador\",\n                       OFFSET(EVENTOS!$D$15,$A62-$A$15,0)),\n                OFFSET($F$15,$A62,0)))","v":"Rerforço Pilares"},null,null,{"$f":"13.95/2","v":6.9749999999999996},{"$f":"13.95/2","v":6.9749999999999996},null,null,null,null,null,null,null,null,null,{"$f":"IF(AND($D62=\"Serviço\",AB$12<>0,$H62>0,OR(AUTOEVENTO<>\"manual\",$M62<>$A$15)),\n        IF(Import.TipoArredondamento<>\"TransfereGOV\",\n              ROUND(OFFSET($P62,0,AB$13),15-13*ORÇAMENTO!$AF$7)/$H62*OFFSET(ORÇAMENTO!$X$15,ROW(AB62)-ROW(AB$15),0),\n              ROUND(ROUND(OFFSET($P62,0,AB$13),15-13*ORÇAMENTO!$AF$7)*OFFSET(ORÇAMENTO!$W$15,ROW(AB62)-ROW(AB$15),0),15-13*ORÇAMENTO!$AF$11)),\n         0)","v":0},{"$f":"IF(AND($D62=\"Serviço\",AC$12<>0,$H62>0,OR(AUTOEVENTO<>\"manual\",$M62<>$A$15)),\n        IF(Import.TipoArredondamento<>\"TransfereGOV\",\n              ROUND(OFFSET($P62,0,AC$13),15-13*ORÇAMENTO!$AF$7)/$H62*OFFSET(ORÇAMENTO!$X$15,ROW(AC62)-ROW(AC$15),0),\n              ROUND(ROUND(OFFSET($P62,0,AC$13),15-13*ORÇAMENTO!$AF$7)*OFFSET(ORÇAMENTO!$W$15,ROW(AC62)-ROW(AC$15),0),15-13*ORÇAMENTO!$AF$11)),\n         0)","v":0},{"$f":"IF(AND($D62=\"Serviço\",AD$12<>0,$H62>0,OR(AUTOEVENTO<>\"manual\",$M62<>$A$15)),\n        IF(Import.TipoArredondamento<>\"TransfereGOV\",\n              ROUND(OFFSET($P62,0,AD$13),15-13*ORÇAMENTO!$AF$7)/$H62*OFFSET(ORÇAMENTO!$X$15,ROW(AD62)-ROW(AD$15),0),\n              ROUND(ROUND(OFFSET($P62,0,AD$13),15-13*ORÇAMENTO!$AF$7)*OFFSET(ORÇAMENTO!$W$15,ROW(AD62)-ROW(AD$15),0),15-13*ORÇAMENTO!$AF$11)),\n         0)","v":0},{"$f":"IF(AND($D62=\"Serviço\",AE$12<>0,$H62>0,OR(AUTOEVENTO<>\"manual\",$M62<>$A$15)),\n        IF(Import.TipoArredondamento<>\"TransfereGOV\",\n              ROUND(OFFSET($P62,0,AE$13),15-13*ORÇAMENTO!$AF$7)/$H62*OFFSET(ORÇAMENTO!$X$15,ROW(AE62)-ROW(AE$15),0),\n              ROUND(ROUND(OFFSET($P62,0,AE$13),15-13*ORÇAMENTO!$AF$7)*OFFSET(ORÇAMENTO!$W$15,ROW(AE62)-ROW(AE$15),0),15-13*ORÇAMENTO!$AF$11)),\n         0)","v":0},{"$f":"IF(AND($D62=\"Serviço\",AF$12<>0,$H62>0,OR(AUTOEVENTO<>\"manual\",$M62<>$A$15)),\n        IF(Import.TipoArredondamento<>\"TransfereGOV\",\n              ROUND(OFFSET($P62,0,AF$13),15-13*ORÇAMENTO!$AF$7)/$H62*OFFSET(ORÇAMENTO!$X$15,ROW(AF62)-ROW(AF$15),0),\n              ROUND(ROUND(OFFSET($P62,0,AF$13),15-13*ORÇAMENTO!$AF$7)*OFFSET(ORÇAMENTO!$W$15,ROW(AF62)-ROW(AF$15),0),15-13*ORÇAMENTO!$AF$11)),\n         0)","v":0},{"$f":"IF(AND($D62=\"Serviço\",AG$12<>0,$H62>0,OR(AUTOEVENTO<>\"manual\",$M62<>$A$15)),\n        IF(Import.TipoArredondamento<>\"TransfereGOV\",\n              ROUND(OFFSET($P62,0,AG$13),15-13*ORÇAMENTO!$AF$7)/$H62*OFFSET(ORÇAMENTO!$X$15,ROW(AG62)-ROW(AG$15),0),\n              ROUND(ROUND(OFFSET($P62,0,AG$13),15-13*ORÇAMENTO!$AF$7)*OFFSET(ORÇAMENTO!$W$15,ROW(AG62)-ROW(AG$15),0),15-13*ORÇAMENTO!$AF$11)),\n         0)","v":0},{"$f":"IF(AND($D62=\"Serviço\",AH$12<>0,$H62>0,OR(AUTOEVENTO<>\"manual\",$M62<>$A$15)),\n        IF(Import.TipoArredondamento<>\"TransfereGOV\",\n              ROUND(OFFSET($P62,0,AH$13),15-13*ORÇAMENTO!$AF$7)/$H62*OFFSET(ORÇAMENTO!$X$15,ROW(AH62)-ROW(AH$15),0),\n              ROUND(ROUND(OFFSET($P62,0,AH$13),15-13*ORÇAMENTO!$AF$7)*OFFSET(ORÇAMENTO!$W$15,ROW(AH62)-ROW(AH$15),0),15-13*ORÇAMENTO!$AF$11)),\n         0)","v":0},{"$f":"IF(AND($D62=\"Serviço\",AI$12<>0,$H62>0,OR(AUTOEVENTO<>\"manual\",$M62<>$A$15)),\n        IF(Import.TipoArredondamento<>\"TransfereGOV\",\n              ROUND(OFFSET($P62,0,AI$13),15-13*ORÇAMENTO!$AF$7)/$H62*OFFSET(ORÇAMENTO!$X$15,ROW(AI62)-ROW(AI$15),0),\n              ROUND(ROUND(OFFSET($P62,0,AI$13),15-13*ORÇAMENTO!$AF$7)*OFFSET(ORÇAMENTO!$W$15,ROW(AI62)-ROW(AI$15),0),15-13*ORÇAMENTO!$AF$11)),\n         0)","v":0},{"$f":"IF(AND($D62=\"Serviço\",AJ$12<>0,$H62>0,OR(AUTOEVENTO<>\"manual\",$M62<>$A$15)),\n        IF(Import.TipoArredondamento<>\"TransfereGOV\",\n              ROUND(OFFSET($P62,0,AJ$13),15-13*ORÇAMENTO!$AF$7)/$H62*OFFSET(ORÇAMENTO!$X$15,ROW(AJ62)-ROW(AJ$15),0),\n              ROUND(ROUND(OFFSET($P62,0,AJ$13),15-13*ORÇAMENTO!$AF$7)*OFFSET(ORÇAMENTO!$W$15,ROW(AJ62)-ROW(AJ$15),0),15-13*ORÇAMENTO!$AF$11)),\n         0)","v":0},{"$f":"IF(AND($D62=\"Serviço\",AK$12<>0,$H62>0,OR(AUTOEVENTO<>\"manual\",$M62<>$A$15)),\n        IF(Import.TipoArredondamento<>\"TransfereGOV\",\n              ROUND(OFFSET($P62,0,AK$13),15-13*ORÇAMENTO!$AF$7)/$H62*OFFSET(ORÇAMENTO!$X$15,ROW(AK62)-ROW(AK$15),0),\n              ROUND(ROUND(OFFSET($P62,0,AK$13),15-13*ORÇAMENTO!$AF$7)*OFFSET(ORÇAMENTO!$W$15,ROW(AK62)-ROW(AK$15),0),15-13*ORÇAMENTO!$AF$11)),\n         0)","v":0},null,{"$f":"IF(OR($D62<>\"Serviço\",AND(AUTOEVENTO=\"Manual\",$M62=$A$15)),0,\n         IF(OFFSET(CRONOPLE!$F$15,$M62-$A$15,AM$13)=0,10^12,OFFSET(CRONOPLE!$F$15,$M62-$A$15,AM$13)))","v":3},{"$f":"IF(OR($D62<>\"Serviço\",AND(AUTOEVENTO=\"Manual\",$M62=$A$15)),0,\n         IF(OFFSET(CRONOPLE!$F$15,$M62-$A$15,AN$13)=0,10^12,OFFSET(CRONOPLE!$F$15,$M62-$A$15,AN$13)))","v":3},{"$f":"IF(OR($D62<>\"Serviço\",AND(AUTOEVENTO=\"Manual\",$M62=$A$15)),0,\n         IF(OFFSET(CRONOPLE!$F$15,$M62-$A$15,AO$13)=0,10^12,OFFSET(CRONOPLE!$F$15,$M62-$A$15,AO$13)))","v":1},{"$f":"IF(OR($D62<>\"Serviço\",AND(AUTOEVENTO=\"Manual\",$M62=$A$15)),0,\n         IF(OFFSET(CRONOPLE!$F$15,$M62-$A$15,AP$13)=0,10^12,OFFSET(CRONOPLE!$F$15,$M62-$A$15,AP$13)))","v":1},{"$f":"IF(OR($D62<>\"Serviço\",AND(AUTOEVENTO=\"Manual\",$M62=$A$15)),0,\n         IF(OFFSET(CRONOPLE!$F$15,$M62-$A$15,AQ$13)=0,10^12,OFFSET(CRONOPLE!$F$15,$M62-$A$15,AQ$13)))","v":1000000000000},{"$f":"IF(OR($D62<>\"Serviço\",AND(AUTOEVENTO=\"Manual\",$M62=$A$15)),0,\n         IF(OFFSET(CRONOPLE!$F$15,$M62-$A$15,AR$13)=0,10^12,OFFSET(CRONOPLE!$F$15,$M62-$A$15,AR$13)))","v":1000000000000},{"$f":"IF(OR($D62<>\"Serviço\",AND(AUTOEVENTO=\"Manual\",$M62=$A$15)),0,\n         IF(OFFSET(CRONOPLE!$F$15,$M62-$A$15,AS$13)=0,10^12,OFFSET(CRONOPLE!$F$15,$M62-$A$15,AS$13)))","v":1000000000000},{"$f":"IF(OR($D62<>\"Serviço\",AND(AUTOEVENTO=\"Manual\",$M62=$A$15)),0,\n         IF(OFFSET(CRONOPLE!$F$15,$M62-$A$15,AT$13)=0,10^12,OFFSET(CRONOPLE!$F$15,$M62-$A$15,AT$13)))","v":1000000000000},{"$f":"IF(OR($D62<>\"Serviço\",AND(AUTOEVENTO=\"Manual\",$M62=$A$15)),0,\n         IF(OFFSET(CRONOPLE!$F$15,$M62-$A$15,AU$13)=0,10^12,OFFSET(CRONOPLE!$F$15,$M62-$A$15,AU$13)))","v":1000000000000},{"$f":"IF(OR($D62<>\"Serviço\",AND(AUTOEVENTO=\"Manual\",$M62=$A$15)),0,\n         IF(OFFSET(CRONOPLE!$F$15,$M62-$A$15,AV$13)=0,10^12,OFFSET(CRONOPLE!$F$15,$M62-$A$15,AV$13)))","v":1000000000000},null,{"$f":"IF(OR($D62<>\"Serviço\",AND(AUTOEVENTO=\"Manual\",$M62=$A$15),$M62>(ROW(PLE.lastrow)-ROW(PLE.firstrow))),0,\n           IF(OFFSET(PLE!$G$15,$M62-$A$15,AX$13)=\"\",10^12,OFFSET(PLE!$G$15,$M62-$A$15,AX$13)))","v":2},{"$f":"IF(OR($D62<>\"Serviço\",AND(AUTOEVENTO=\"Manual\",$M62=$A$15),$M62>(ROW(PLE.lastrow)-ROW(PLE.firstrow))),0,\n           IF(OFFSET(PLE!$G$15,$M62-$A$15,AY$13)=\"\",10^12,OFFSET(PLE!$G$15,$M62-$A$15,AY$13)))","v":3},{"$f":"IF(OR($D62<>\"Serviço\",AND(AUTOEVENTO=\"Manual\",$M62=$A$15),$M62>(ROW(PLE.lastrow)-ROW(PLE.firstrow))),0,\n           IF(OFFSET(PLE!$G$15,$M62-$A$15,AZ$13)=\"\",10^12,OFFSET(PLE!$G$15,$M62-$A$15,AZ$13)))","v":1000000000000},{"$f":"IF(OR($D62<>\"Serviço\",AND(AUTOEVENTO=\"Manual\",$M62=$A$15),$M62>(ROW(PLE.lastrow)-ROW(PLE.firstrow))),0,\n           IF(OFFSET(PLE!$G$15,$M62-$A$15,BA$13)=\"\",10^12,OFFSET(PLE!$G$15,$M62-$A$15,BA$13)))","v":1000000000000},{"$f":"IF(OR($D62<>\"Serviço\",AND(AUTOEVENTO=\"Manual\",$M62=$A$15),$M62>(ROW(PLE.lastrow)-ROW(PLE.firstrow))),0,\n           IF(OFFSET(PLE!$G$15,$M62-$A$15,BB$13)=\"\",10^12,OFFSET(PLE!$G$15,$M62-$A$15,BB$13)))","v":1000000000000},{"$f":"IF(OR($D62<>\"Serviço\",AND(AUTOEVENTO=\"Manual\",$M62=$A$15),$M62>(ROW(PLE.lastrow)-ROW(PLE.firstrow))),0,\n           IF(OFFSET(PLE!$G$15,$M62-$A$15,BC$13)=\"\",10^12,OFFSET(PLE!$G$15,$M62-$A$15,BC$13)))","v":1000000000000},{"$f":"IF(OR($D62<>\"Serviço\",AND(AUTOEVENTO=\"Manual\",$M62=$A$15),$M62>(ROW(PLE.lastrow)-ROW(PLE.firstrow))),0,\n           IF(OFFSET(PLE!$G$15,$M62-$A$15,BD$13)=\"\",10^12,OFFSET(PLE!$G$15,$M62-$A$15,BD$13)))","v":1000000000000},{"$f":"IF(OR($D62<>\"Serviço\",AND(AUTOEVENTO=\"Manual\",$M62=$A$15),$M62>(ROW(PLE.lastrow)-ROW(PLE.firstrow))),0,\n           IF(OFFSET(PLE!$G$15,$M62-$A$15,BE$13)=\"\",10^12,OFFSET(PLE!$G$15,$M62-$A$15,BE$13)))","v":1000000000000},{"$f":"IF(OR($D62<>\"Serviço\",AND(AUTOEVENTO=\"Manual\",$M62=$A$15),$M62>(ROW(PLE.lastrow)-ROW(PLE.firstrow))),0,\n           IF(OFFSET(PLE!$G$15,$M62-$A$15,BF$13)=\"\",10^12,OFFSET(PLE!$G$15,$M62-$A$15,BF$13)))","v":1000000000000},{"$f":"IF(OR($D62<>\"Serviço\",AND(AUTOEVENTO=\"Manual\",$M62=$A$15),$M62>(ROW(PLE.lastrow)-ROW(PLE.firstrow))),0,\n           IF(OFFSET(PLE!$G$15,$M62-$A$15,BG$13)=\"\",10^12,OFFSET(PLE!$G$15,$M62-$A$15,BG$13)))","v":1000000000000}]
[5,{"$f":"OFFSET(ORÇAMENTO!C$15,$L63,0)","v":"S"},{"$f":"OFFSET(ORÇAMENTO!L$15,$L63,0)","v":"F"},{"$f":"OFFSET(ORÇAMENTO!N$15,$L63,0)","v":"Serviço"},{"$f":"OFFSET(ORÇAMENTO!O$15,$L63,0)","v":"1.7.8."},{"$f":"OFFSET(ORÇAMENTO!R$15,$L63,0)","v":"ARMAÇÃO DE BLOCO UTILIZANDO AÇO CA-60 DE 5 MM - MONTAGEM. AF_01/2024"},{"$f":"IF($D63<>\"Serviço\",\"\",OFFSET(ORÇAMENTO!S$15,$L63,0))","v":"KG"},{"$f":"IF($D63<>\"Serviço\",0,IF(ACOMPANHAMENTO=\"BM\",ROUND(OFFSET(ORÇAMENTO!AJ$15,$L63,0),15-13*ORÇAMENTO!$AF$7),IF(IFERROR(CÁLCULO.FrentesPreenchidas,0)=0,0,SUM(ROUND(OFFSET($P63,0,1,1,CÁLCULO.FrentesPreenchidas),15-13*ORÇAMENTO!$AF$7)))))","v":19.3},"VER PRANCHA 1-1 - FUNDAÇÃO PILARES",{"$f":"IF(OR(B63<>\"S\",CÁLCULO.FrentesPreenchidas=0),\"\",IF(AND(ACOMPANHAMENTO=\"PLE\",AUTOEVENTO=\"Manual\",OR(H63>0,ORÇAMENTO!AC63=\"QUANT.\"),OR(K63=\"\",M63=0,N63=\"\")),\"►E\",IF(AND(ACOMPANHAMENTO=\"PLE\",ORÇAMENTO!AC63=\"QUANT.\"),\"►Q\",IF(AND(ACOMPANHAMENTO=\"PLE\",H63<>SUMPRODUCT(($Q$1:$AA$1=1)*ROUND(Q63:AA63,15))),\"►S\",IF(AND(COUNTIF($P$11:$AA$11,\"▼\")=0,H63>0,I63=\"\"),\"◄M\",\"\")))))","v":""},"5.Fundação Reforço Pilares",48,{"$f":"IF($D63<>\"Serviço\",\"\",\n          IF(AUTOEVENTO=\"manual\",$A63,\n                IF(ISERROR(MATCH($A63,$A$15:OFFSET($A63,-1,0),0)),MAX($M$15:OFFSET(M63,-1,0))+1,\n                      INDEX($M$15:OFFSET(M63,-1,0),MATCH($A63,$A$15:OFFSET($A63,-1,0),0)))))","v":5},{"$f":"IF($D63<>\"Serviço\",\"\",\n         IF(AUTOEVENTO=\"Manual\",\n                IF($A63=0,\"<-- defina o número do agrupador\",\n                       OFFSET(EVENTOS!$D$15,$A63-$A$15,0)),\n                OFFSET($F$15,$A63,0)))","v":"Rerforço Pilares"},null,null,{"$f":"19.3/2","v":9.65},{"$f":"19.3/2","v":9.65},null,null,null,null,null,null,null,null,null,{"$f":"IF(AND($D63=\"Serviço\",AB$12<>0,$H63>0,OR(AUTOEVENTO<>\"manual\",$M63<>$A$15)),\n        IF(Import.TipoArredondamento<>\"TransfereGOV\",\n              ROUND(OFFSET($P63,0,AB$13),15-13*ORÇAMENTO!$AF$7)/$H63*OFFSET(ORÇAMENTO!$X$15,ROW(AB63)-ROW(AB$15),0),\n              ROUND(ROUND(OFFSET($P63,0,AB$13),15-13*ORÇAMENTO!$AF$7)*OFFSET(ORÇAMENTO!$W$15,ROW(AB63)-ROW(AB$15),0),15-13*ORÇAMENTO!$AF$11)),\n         0)","v":0},{"$f":"IF(AND($D63=\"Serviço\",AC$12<>0,$H63>0,OR(AUTOEVENTO<>\"manual\",$M63<>$A$15)),\n        IF(Import.TipoArredondamento<>\"TransfereGOV\",\n              ROUND(OFFSET($P63,0,AC$13),15-13*ORÇAMENTO!$AF$7)/$H63*OFFSET(ORÇAMENTO!$X$15,ROW(AC63)-ROW(AC$15),0),\n              ROUND(ROUND(OFFSET($P63,0,AC$13),15-13*ORÇAMENTO!$AF$7)*OFFSET(ORÇAMENTO!$W$15,ROW(AC63)-ROW(AC$15),0),15-13*ORÇAMENTO!$AF$11)),\n         0)","v":0},{"$f":"IF(AND($D63=\"Serviço\",AD$12<>0,$H63>0,OR(AUTOEVENTO<>\"manual\",$M63<>$A$15)),\n        IF(Import.TipoArredondamento<>\"TransfereGOV\",\n              ROUND(OFFSET($P63,0,AD$13),15-13*ORÇAMENTO!$AF$7)/$H63*OFFSET(ORÇAMENTO!$X$15,ROW(AD63)-ROW(AD$15),0),\n              ROUND(ROUND(OFFSET($P63,0,AD$13),15-13*ORÇAMENTO!$AF$7)*OFFSET(ORÇAMENTO!$W$15,ROW(AD63)-ROW(AD$15),0),15-13*ORÇAMENTO!$AF$11)),\n         0)","v":0},{"$f":"IF(AND($D63=\"Serviço\",AE$12<>0,$H63>0,OR(AUTOEVENTO<>\"manual\",$M63<>$A$15)),\n        IF(Import.TipoArredondamento<>\"TransfereGOV\",\n              ROUND(OFFSET($P63,0,AE$13),15-13*ORÇAMENTO!$AF$7)/$H63*OFFSET(ORÇAMENTO!$X$15,ROW(AE63)-ROW(AE$15),0),\n              ROUND(ROUND(OFFSET($P63,0,AE$13),15-13*ORÇAMENTO!$AF$7)*OFFSET(ORÇAMENTO!$W$15,ROW(AE63)-ROW(AE$15),0),15-13*ORÇAMENTO!$AF$11)),\n         0)","v":0},{"$f":"IF(AND($D63=\"Serviço\",AF$12<>0,$H63>0,OR(AUTOEVENTO<>\"manual\",$M63<>$A$15)),\n        IF(Import.TipoArredondamento<>\"TransfereGOV\",\n              ROUND(OFFSET($P63,0,AF$13),15-13*ORÇAMENTO!$AF$7)/$H63*OFFSET(ORÇAMENTO!$X$15,ROW(AF63)-ROW(AF$15),0),\n              ROUND(ROUND(OFFSET($P63,0,AF$13),15-13*ORÇAMENTO!$AF$7)*OFFSET(ORÇAMENTO!$W$15,ROW(AF63)-ROW(AF$15),0),15-13*ORÇAMENTO!$AF$11)),\n         0)","v":0},{"$f":"IF(AND($D63=\"Serviço\",AG$12<>0,$H63>0,OR(AUTOEVENTO<>\"manual\",$M63<>$A$15)),\n        IF(Import.TipoArredondamento<>\"TransfereGOV\",\n              ROUND(OFFSET($P63,0,AG$13),15-13*ORÇAMENTO!$AF$7)/$H63*OFFSET(ORÇAMENTO!$X$15,ROW(AG63)-ROW(AG$15),0),\n              ROUND(ROUND(OFFSET($P63,0,AG$13),15-13*ORÇAMENTO!$AF$7)*OFFSET(ORÇAMENTO!$W$15,ROW(AG63)-ROW(AG$15),0),15-13*ORÇAMENTO!$AF$11)),\n         0)","v":0},{"$f":"IF(AND($D63=\"Serviço\",AH$12<>0,$H63>0,OR(AUTOEVENTO<>\"manual\",$M63<>$A$15)),\n        IF(Import.TipoArredondamento<>\"TransfereGOV\",\n              ROUND(OFFSET($P63,0,AH$13),15-13*ORÇAMENTO!$AF$7)/$H63*OFFSET(ORÇAMENTO!$X$15,ROW(AH63)-ROW(AH$15),0),\n              ROUND(ROUND(OFFSET($P63,0,AH$13),15-13*ORÇAMENTO!$AF$7)*OFFSET(ORÇAMENTO!$W$15,ROW(AH63)-ROW(AH$15),0),15-13*ORÇAMENTO!$AF$11)),\n         0)","v":0},{"$f":"IF(AND($D63=\"Serviço\",AI$12<>0,$H63>0,OR(AUTOEVENTO<>\"manual\",$M63<>$A$15)),\n        IF(Import.TipoArredondamento<>\"TransfereGOV\",\n              ROUND(OFFSET($P63,0,AI$13),15-13*ORÇAMENTO!$AF$7)/$H63*OFFSET(ORÇAMENTO!$X$15,ROW(AI63)-ROW(AI$15),0),\n              ROUND(ROUND(OFFSET($P63,0,AI$13),15-13*ORÇAMENTO!$AF$7)*OFFSET(ORÇAMENTO!$W$15,ROW(AI63)-ROW(AI$15),0),15-13*ORÇAMENTO!$AF$11)),\n         0)","v":0},{"$f":"IF(AND($D63=\"Serviço\",AJ$12<>0,$H63>0,OR(AUTOEVENTO<>\"manual\",$M63<>$A$15)),\n        IF(Import.TipoArredondamento<>\"TransfereGOV\",\n              ROUND(OFFSET($P63,0,AJ$13),15-13*ORÇAMENTO!$AF$7)/$H63*OFFSET(ORÇAMENTO!$X$15,ROW(AJ63)-ROW(AJ$15),0),\n              ROUND(ROUND(OFFSET($P63,0,AJ$13),15-13*ORÇAMENTO!$AF$7)*OFFSET(ORÇAMENTO!$W$15,ROW(AJ63)-ROW(AJ$15),0),15-13*ORÇAMENTO!$AF$11)),\n         0)","v":0},{"$f":"IF(AND($D63=\"Serviço\",AK$12<>0,$H63>0,OR(AUTOEVENTO<>\"manual\",$M63<>$A$15)),\n        IF(Import.TipoArredondamento<>\"TransfereGOV\",\n              ROUND(OFFSET($P63,0,AK$13),15-13*ORÇAMENTO!$AF$7)/$H63*OFFSET(ORÇAMENTO!$X$15,ROW(AK63)-ROW(AK$15),0),\n              ROUND(ROUND(OFFSET($P63,0,AK$13),15-13*ORÇAMENTO!$AF$7)*OFFSET(ORÇAMENTO!$W$15,ROW(AK63)-ROW(AK$15),0),15-13*ORÇAMENTO!$AF$11)),\n         0)","v":0},null,{"$f":"IF(OR($D63<>\"Serviço\",AND(AUTOEVENTO=\"Manual\",$M63=$A$15)),0,\n         IF(OFFSET(CRONOPLE!$F$15,$M63-$A$15,AM$13)=0,10^12,OFFSET(CRONOPLE!$F$15,$M63-$A$15,AM$13)))","v":3},{"$f":"IF(OR($D63<>\"Serviço\",AND(AUTOEVENTO=\"Manual\",$M63=$A$15)),0,\n         IF(OFFSET(CRONOPLE!$F$15,$M63-$A$15,AN$13)=0,10^12,OFFSET(CRONOPLE!$F$15,$M63-$A$15,AN$13)))","v":3},{"$f":"IF(OR($D63<>\"Serviço\",AND(AUTOEVENTO=\"Manual\",$M63=$A$15)),0,\n         IF(OFFSET(CRONOPLE!$F$15,$M63-$A$15,AO$13)=0,10^12,OFFSET(CRONOPLE!$F$15,$M63-$A$15,AO$13)))","v":1},{"$f":"IF(OR($D63<>\"Serviço\",AND(AUTOEVENTO=\"Manual\",$M63=$A$15)),0,\n         IF(OFFSET(CRONOPLE!$F$15,$M63-$A$15,AP$13)=0,10^12,OFFSET(CRONOPLE!$F$15,$M63-$A$15,AP$13)))","v":1},{"$f":"IF(OR($D63<>\"Serviço\",AND(AUTOEVENTO=\"Manual\",$M63=$A$15)),0,\n         IF(OFFSET(CRONOPLE!$F$15,$M63-$A$15,AQ$13)=0,10^12,OFFSET(CRONOPLE!$F$15,$M63-$A$15,AQ$13)))","v":1000000000000},{"$f":"IF(OR($D63<>\"Serviço\",AND(AUTOEVENTO=\"Manual\",$M63=$A$15)),0,\n         IF(OFFSET(CRONOPLE!$F$15,$M63-$A$15,AR$13)=0,10^12,OFFSET(CRONOPLE!$F$15,$M63-$A$15,AR$13)))","v":1000000000000},{"$f":"IF(OR($D63<>\"Serviço\",AND(AUTOEVENTO=\"Manual\",$M63=$A$15)),0,\n         IF(OFFSET(CRONOPLE!$F$15,$M63-$A$15,AS$13)=0,10^12,OFFSET(CRONOPLE!$F$15,$M63-$A$15,AS$13)))","v":1000000000000},{"$f":"IF(OR($D63<>\"Serviço\",AND(AUTOEVENTO=\"Manual\",$M63=$A$15)),0,\n         IF(OFFSET(CRONOPLE!$F$15,$M63-$A$15,AT$13)=0,10^12,OFFSET(CRONOPLE!$F$15,$M63-$A$15,AT$13)))","v":1000000000000},{"$f":"IF(OR($D63<>\"Serviço\",AND(AUTOEVENTO=\"Manual\",$M63=$A$15)),0,\n         IF(OFFSET(CRONOPLE!$F$15,$M63-$A$15,AU$13)=0,10^12,OFFSET(CRONOPLE!$F$15,$M63-$A$15,AU$13)))","v":1000000000000},{"$f":"IF(OR($D63<>\"Serviço\",AND(AUTOEVENTO=\"Manual\",$M63=$A$15)),0,\n         IF(OFFSET(CRONOPLE!$F$15,$M63-$A$15,AV$13)=0,10^12,OFFSET(CRONOPLE!$F$15,$M63-$A$15,AV$13)))","v":1000000000000},null,{"$f":"IF(OR($D63<>\"Serviço\",AND(AUTOEVENTO=\"Manual\",$M63=$A$15),$M63>(ROW(PLE.lastrow)-ROW(PLE.firstrow))),0,\n           IF(OFFSET(PLE!$G$15,$M63-$A$15,AX$13)=\"\",10^12,OFFSET(PLE!$G$15,$M63-$A$15,AX$13)))","v":2},{"$f":"IF(OR($D63<>\"Serviço\",AND(AUTOEVENTO=\"Manual\",$M63=$A$15),$M63>(ROW(PLE.lastrow)-ROW(PLE.firstrow))),0,\n           IF(OFFSET(PLE!$G$15,$M63-$A$15,AY$13)=\"\",10^12,OFFSET(PLE!$G$15,$M63-$A$15,AY$13)))","v":3},{"$f":"IF(OR($D63<>\"Serviço\",AND(AUTOEVENTO=\"Manual\",$M63=$A$15),$M63>(ROW(PLE.lastrow)-ROW(PLE.firstrow))),0,\n           IF(OFFSET(PLE!$G$15,$M63-$A$15,AZ$13)=\"\",10^12,OFFSET(PLE!$G$15,$M63-$A$15,AZ$13)))","v":1000000000000},{"$f":"IF(OR($D63<>\"Serviço\",AND(AUTOEVENTO=\"Manual\",$M63=$A$15),$M63>(ROW(PLE.lastrow)-ROW(PLE.firstrow))),0,\n           IF(OFFSET(PLE!$G$15,$M63-$A$15,BA$13)=\"\",10^12,OFFSET(PLE!$G$15,$M63-$A$15,BA$13)))","v":1000000000000},{"$f":"IF(OR($D63<>\"Serviço\",AND(AUTOEVENTO=\"Manual\",$M63=$A$15),$M63>(ROW(PLE.lastrow)-ROW(PLE.firstrow))),0,\n           IF(OFFSET(PLE!$G$15,$M63-$A$15,BB$13)=\"\",10^12,OFFSET(PLE!$G$15,$M63-$A$15,BB$13)))","v":1000000000000},{"$f":"IF(OR($D63<>\"Serviço\",AND(AUTOEVENTO=\"Manual\",$M63=$A$15),$M63>(ROW(PLE.lastrow)-ROW(PLE.firstrow))),0,\n           IF(OFFSET(PLE!$G$15,$M63-$A$15,BC$13)=\"\",10^12,OFFSET(PLE!$G$15,$M63-$A$15,BC$13)))","v":1000000000000},{"$f":"IF(OR($D63<>\"Serviço\",AND(AUTOEVENTO=\"Manual\",$M63=$A$15),$M63>(ROW(PLE.lastrow)-ROW(PLE.firstrow))),0,\n           IF(OFFSET(PLE!$G$15,$M63-$A$15,BD$13)=\"\",10^12,OFFSET(PLE!$G$15,$M63-$A$15,BD$13)))","v":1000000000000},{"$f":"IF(OR($D63<>\"Serviço\",AND(AUTOEVENTO=\"Manual\",$M63=$A$15),$M63>(ROW(PLE.lastrow)-ROW(PLE.firstrow))),0,\n           IF(OFFSET(PLE!$G$15,$M63-$A$15,BE$13)=\"\",10^12,OFFSET(PLE!$G$15,$M63-$A$15,BE$13)))","v":1000000000000},{"$f":"IF(OR($D63<>\"Serviço\",AND(AUTOEVENTO=\"Manual\",$M63=$A$15),$M63>(ROW(PLE.lastrow)-ROW(PLE.firstrow))),0,\n           IF(OFFSET(PLE!$G$15,$M63-$A$15,BF$13)=\"\",10^12,OFFSET(PLE!$G$15,$M63-$A$15,BF$13)))","v":1000000000000},{"$f":"IF(OR($D63<>\"Serviço\",AND(AUTOEVENTO=\"Manual\",$M63=$A$15),$M63>(ROW(PLE.lastrow)-ROW(PLE.firstrow))),0,\n           IF(OFFSET(PLE!$G$15,$M63-$A$15,BG$13)=\"\",10^12,OFFSET(PLE!$G$15,$M63-$A$15,BG$13)))","v":1000000000000}]
[5,{"$f":"OFFSET(ORÇAMENTO!C$15,$L64,0)","v":"S"},{"$f":"OFFSET(ORÇAMENTO!L$15,$L64,0)","v":"F"},{"$f":"OFFSET(ORÇAMENTO!N$15,$L64,0)","v":"Serviço"},{"$f":"OFFSET(ORÇAMENTO!O$15,$L64,0)","v":"1.7.9."},{"$f":"OFFSET(ORÇAMENTO!R$15,$L64,0)","v":"ARMAÇÃO DE BLOCO UTILIZANDO AÇO CA-50 DE 6,3 MM - MONTAGEM. AF_01/2024"},{"$f":"IF($D64<>\"Serviço\",\"\",OFFSET(ORÇAMENTO!S$15,$L64,0))","v":"KG"},{"$f":"IF($D64<>\"Serviço\",0,IF(ACOMPANHAMENTO=\"BM\",ROUND(OFFSET(ORÇAMENTO!AJ$15,$L64,0),15-13*ORÇAMENTO!$AF$7),IF(IFERROR(CÁLCULO.FrentesPreenchidas,0)=0,0,SUM(ROUND(OFFSET($P64,0,1,1,CÁLCULO.FrentesPreenchidas),15-13*ORÇAMENTO!$AF$7)))))","v":21.7},"VER PRANCHA 1-1 - FUNDAÇÃO PILARES",{"$f":"IF(OR(B64<>\"S\",CÁLCULO.FrentesPreenchidas=0),\"\",IF(AND(ACOMPANHAMENTO=\"PLE\",AUTOEVENTO=\"Manual\",OR(H64>0,ORÇAMENTO!AC64=\"QUANT.\"),OR(K64=\"\",M64=0,N64=\"\")),\"►E\",IF(AND(ACOMPANHAMENTO=\"PLE\",ORÇAMENTO!AC64=\"QUANT.\"),\"►Q\",IF(AND(ACOMPANHAMENTO=\"PLE\",H64<>SUMPRODUCT(($Q$1:$AA$1=1)*ROUND(Q64:AA64,15))),\"►S\",IF(AND(COUNTIF($P$11:$AA$11,\"▼\")=0,H64>0,I64=\"\"),\"◄M\",\"\")))))","v":""},"5.Fundação Reforço Pilares",49,{"$f":"IF($D64<>\"Serviço\",\"\",\n          IF(AUTOEVENTO=\"manual\",$A64,\n                IF(ISERROR(MATCH($A64,$A$15:OFFSET($A64,-1,0),0)),MAX($M$15:OFFSET(M64,-1,0))+1,\n                      INDEX($M$15:OFFSET(M64,-1,0),MATCH($A64,$A$15:OFFSET($A64,-1,0),0)))))","v":5},{"$f":"IF($D64<>\"Serviço\",\"\",\n         IF(AUTOEVENTO=\"Manual\",\n                IF($A64=0,\"<-- defina o número do agrupador\",\n                       OFFSET(EVENTOS!$D$15,$A64-$A$15,0)),\n                OFFSET($F$15,$A64,0)))","v":"Rerforço Pilares"},null,null,{"$f":"21.7/2","v":10.85},{"$f":"21.7/2","v":10.85},null,null,null,null,null,null,null,null,null,{"$f":"IF(AND($D64=\"Serviço\",AB$12<>0,$H64>0,OR(AUTOEVENTO<>\"manual\",$M64<>$A$15)),\n        IF(Import.TipoArredondamento<>\"TransfereGOV\",\n              ROUND(OFFSET($P64,0,AB$13),15-13*ORÇAMENTO!$AF$7)/$H64*OFFSET(ORÇAMENTO!$X$15,ROW(AB64)-ROW(AB$15),0),\n              ROUND(ROUND(OFFSET($P64,0,AB$13),15-13*ORÇAMENTO!$AF$7)*OFFSET(ORÇAMENTO!$W$15,ROW(AB64)-ROW(AB$15),0),15-13*ORÇAMENTO!$AF$11)),\n         0)","v":0},{"$f":"IF(AND($D64=\"Serviço\",AC$12<>0,$H64>0,OR(AUTOEVENTO<>\"manual\",$M64<>$A$15)),\n        IF(Import.TipoArredondamento<>\"TransfereGOV\",\n              ROUND(OFFSET($P64,0,AC$13),15-13*ORÇAMENTO!$AF$7)/$H64*OFFSET(ORÇAMENTO!$X$15,ROW(AC64)-ROW(AC$15),0),\n              ROUND(ROUND(OFFSET($P64,0,AC$13),15-13*ORÇAMENTO!$AF$7)*OFFSET(ORÇAMENTO!$W$15,ROW(AC64)-ROW(AC$15),0),15-13*ORÇAMENTO!$AF$11)),\n         0)","v":0},{"$f":"IF(AND($D64=\"Serviço\",AD$12<>0,$H64>0,OR(AUTOEVENTO<>\"manual\",$M64<>$A$15)),\n        IF(Import.TipoArredondamento<>\"TransfereGOV\",\n              ROUND(OFFSET($P64,0,AD$13),15-13*ORÇAMENTO!$AF$7)/$H64*OFFSET(ORÇAMENTO!$X$15,ROW(AD64)-ROW(AD$15),0),\n              ROUND(ROUND(OFFSET($P64,0,AD$13),15-13*ORÇAMENTO!$AF$7)*OFFSET(ORÇAMENTO!$W$15,ROW(AD64)-ROW(AD$15),0),15-13*ORÇAMENTO!$AF$11)),\n         0)","v":0},{"$f":"IF(AND($D64=\"Serviço\",AE$12<>0,$H64>0,OR(AUTOEVENTO<>\"manual\",$M64<>$A$15)),\n        IF(Import.TipoArredondamento<>\"TransfereGOV\",\n              ROUND(OFFSET($P64,0,AE$13),15-13*ORÇAMENTO!$AF$7)/$H64*OFFSET(ORÇAMENTO!$X$15,ROW(AE64)-ROW(AE$15),0),\n              ROUND(ROUND(OFFSET($P64,0,AE$13),15-13*ORÇAMENTO!$AF$7)*OFFSET(ORÇAMENTO!$W$15,ROW(AE64)-ROW(AE$15),0),15-13*ORÇAMENTO!$AF$11)),\n         0)","v":0},{"$f":"IF(AND($D64=\"Serviço\",AF$12<>0,$H64>0,OR(AUTOEVENTO<>\"manual\",$M64<>$A$15)),\n        IF(Import.TipoArredondamento<>\"TransfereGOV\",\n              ROUND(OFFSET($P64,0,AF$13),15-13*ORÇAMENTO!$AF$7)/$H64*OFFSET(ORÇAMENTO!$X$15,ROW(AF64)-ROW(AF$15),0),\n              ROUND(ROUND(OFFSET($P64,0,AF$13),15-13*ORÇAMENTO!$AF$7)*OFFSET(ORÇAMENTO!$W$15,ROW(AF64)-ROW(AF$15),0),15-13*ORÇAMENTO!$AF$11)),\n         0)","v":0},{"$f":"IF(AND($D64=\"Serviço\",AG$12<>0,$H64>0,OR(AUTOEVENTO<>\"manual\",$M64<>$A$15)),\n        IF(Import.TipoArredondamento<>\"TransfereGOV\",\n              ROUND(OFFSET($P64,0,AG$13),15-13*ORÇAMENTO!$AF$7)/$H64*OFFSET(ORÇAMENTO!$X$15,ROW(AG64)-ROW(AG$15),0),\n              ROUND(ROUND(OFFSET($P64,0,AG$13),15-13*ORÇAMENTO!$AF$7)*OFFSET(ORÇAMENTO!$W$15,ROW(AG64)-ROW(AG$15),0),15-13*ORÇAMENTO!$AF$11)),\n         0)","v":0},{"$f":"IF(AND($D64=\"Serviço\",AH$12<>0,$H64>0,OR(AUTOEVENTO<>\"manual\",$M64<>$A$15)),\n        IF(Import.TipoArredondamento<>\"TransfereGOV\",\n              ROUND(OFFSET($P64,0,AH$13),15-13*ORÇAMENTO!$AF$7)/$H64*OFFSET(ORÇAMENTO!$X$15,ROW(AH64)-ROW(AH$15),0),\n              ROUND(ROUND(OFFSET($P64,0,AH$13),15-13*ORÇAMENTO!$AF$7)*OFFSET(ORÇAMENTO!$W$15,ROW(AH64)-ROW(AH$15),0),15-13*ORÇAMENTO!$AF$11)),\n         0)","v":0},{"$f":"IF(AND($D64=\"Serviço\",AI$12<>0,$H64>0,OR(AUTOEVENTO<>\"manual\",$M64<>$A$15)),\n        IF(Import.TipoArredondamento<>\"TransfereGOV\",\n              ROUND(OFFSET($P64,0,AI$13),15-13*ORÇAMENTO!$AF$7)/$H64*OFFSET(ORÇAMENTO!$X$15,ROW(AI64)-ROW(AI$15),0),\n              ROUND(ROUND(OFFSET($P64,0,AI$13),15-13*ORÇAMENTO!$AF$7)*OFFSET(ORÇAMENTO!$W$15,ROW(AI64)-ROW(AI$15),0),15-13*ORÇAMENTO!$AF$11)),\n         0)","v":0},{"$f":"IF(AND($D64=\"Serviço\",AJ$12<>0,$H64>0,OR(AUTOEVENTO<>\"manual\",$M64<>$A$15)),\n        IF(Import.TipoArredondamento<>\"TransfereGOV\",\n              ROUND(OFFSET($P64,0,AJ$13),15-13*ORÇAMENTO!$AF$7)/$H64*OFFSET(ORÇAMENTO!$X$15,ROW(AJ64)-ROW(AJ$15),0),\n              ROUND(ROUND(OFFSET($P64,0,AJ$13),15-13*ORÇAMENTO!$AF$7)*OFFSET(ORÇAMENTO!$W$15,ROW(AJ64)-ROW(AJ$15),0),15-13*ORÇAMENTO!$AF$11)),\n         0)","v":0},{"$f":"IF(AND($D64=\"Serviço\",AK$12<>0,$H64>0,OR(AUTOEVENTO<>\"manual\",$M64<>$A$15)),\n        IF(Import.TipoArredondamento<>\"TransfereGOV\",\n              ROUND(OFFSET($P64,0,AK$13),15-13*ORÇAMENTO!$AF$7)/$H64*OFFSET(ORÇAMENTO!$X$15,ROW(AK64)-ROW(AK$15),0),\n              ROUND(ROUND(OFFSET($P64,0,AK$13),15-13*ORÇAMENTO!$AF$7)*OFFSET(ORÇAMENTO!$W$15,ROW(AK64)-ROW(AK$15),0),15-13*ORÇAMENTO!$AF$11)),\n         0)","v":0},null,{"$f":"IF(OR($D64<>\"Serviço\",AND(AUTOEVENTO=\"Manual\",$M64=$A$15)),0,\n         IF(OFFSET(CRONOPLE!$F$15,$M64-$A$15,AM$13)=0,10^12,OFFSET(CRONOPLE!$F$15,$M64-$A$15,AM$13)))","v":3},{"$f":"IF(OR($D64<>\"Serviço\",AND(AUTOEVENTO=\"Manual\",$M64=$A$15)),0,\n         IF(OFFSET(CRONOPLE!$F$15,$M64-$A$15,AN$13)=0,10^12,OFFSET(CRONOPLE!$F$15,$M64-$A$15,AN$13)))","v":3},{"$f":"IF(OR($D64<>\"Serviço\",AND(AUTOEVENTO=\"Manual\",$M64=$A$15)),0,\n         IF(OFFSET(CRONOPLE!$F$15,$M64-$A$15,AO$13)=0,10^12,OFFSET(CRONOPLE!$F$15,$M64-$A$15,AO$13)))","v":1},{"$f":"IF(OR($D64<>\"Serviço\",AND(AUTOEVENTO=\"Manual\",$M64=$A$15)),0,\n         IF(OFFSET(CRONOPLE!$F$15,$M64-$A$15,AP$13)=0,10^12,OFFSET(CRONOPLE!$F$15,$M64-$A$15,AP$13)))","v":1},{"$f":"IF(OR($D64<>\"Serviço\",AND(AUTOEVENTO=\"Manual\",$M64=$A$15)),0,\n         IF(OFFSET(CRONOPLE!$F$15,$M64-$A$15,AQ$13)=0,10^12,OFFSET(CRONOPLE!$F$15,$M64-$A$15,AQ$13)))","v":1000000000000},{"$f":"IF(OR($D64<>\"Serviço\",AND(AUTOEVENTO=\"Manual\",$M64=$A$15)),0,\n         IF(OFFSET(CRONOPLE!$F$15,$M64-$A$15,AR$13)=0,10^12,OFFSET(CRONOPLE!$F$15,$M64-$A$15,AR$13)))","v":1000000000000},{"$f":"IF(OR($D64<>\"Serviço\",AND(AUTOEVENTO=\"Manual\",$M64=$A$15)),0,\n         IF(OFFSET(CRONOPLE!$F$15,$M64-$A$15,AS$13)=0,10^12,OFFSET(CRONOPLE!$F$15,$M64-$A$15,AS$13)))","v":1000000000000},{"$f":"IF(OR($D64<>\"Serviço\",AND(AUTOEVENTO=\"Manual\",$M64=$A$15)),0,\n         IF(OFFSET(CRONOPLE!$F$15,$M64-$A$15,AT$13)=0,10^12,OFFSET(CRONOPLE!$F$15,$M64-$A$15,AT$13)))","v":1000000000000},{"$f":"IF(OR($D64<>\"Serviço\",AND(AUTOEVENTO=\"Manual\",$M64=$A$15)),0,\n         IF(OFFSET(CRONOPLE!$F$15,$M64-$A$15,AU$13)=0,10^12,OFFSET(CRONOPLE!$F$15,$M64-$A$15,AU$13)))","v":1000000000000},{"$f":"IF(OR($D64<>\"Serviço\",AND(AUTOEVENTO=\"Manual\",$M64=$A$15)),0,\n         IF(OFFSET(CRONOPLE!$F$15,$M64-$A$15,AV$13)=0,10^12,OFFSET(CRONOPLE!$F$15,$M64-$A$15,AV$13)))","v":1000000000000},null,{"$f":"IF(OR($D64<>\"Serviço\",AND(AUTOEVENTO=\"Manual\",$M64=$A$15),$M64>(ROW(PLE.lastrow)-ROW(PLE.firstrow))),0,\n           IF(OFFSET(PLE!$G$15,$M64-$A$15,AX$13)=\"\",10^12,OFFSET(PLE!$G$15,$M64-$A$15,AX$13)))","v":2},{"$f":"IF(OR($D64<>\"Serviço\",AND(AUTOEVENTO=\"Manual\",$M64=$A$15),$M64>(ROW(PLE.lastrow)-ROW(PLE.firstrow))),0,\n           IF(OFFSET(PLE!$G$15,$M64-$A$15,AY$13)=\"\",10^12,OFFSET(PLE!$G$15,$M64-$A$15,AY$13)))","v":3},{"$f":"IF(OR($D64<>\"Serviço\",AND(AUTOEVENTO=\"Manual\",$M64=$A$15),$M64>(ROW(PLE.lastrow)-ROW(PLE.firstrow))),0,\n           IF(OFFSET(PLE!$G$15,$M64-$A$15,AZ$13)=\"\",10^12,OFFSET(PLE!$G$15,$M64-$A$15,AZ$13)))","v":1000000000000},{"$f":"IF(OR($D64<>\"Serviço\",AND(AUTOEVENTO=\"Manual\",$M64=$A$15),$M64>(ROW(PLE.lastrow)-ROW(PLE.firstrow))),0,\n           IF(OFFSET(PLE!$G$15,$M64-$A$15,BA$13)=\"\",10^12,OFFSET(PLE!$G$15,$M64-$A$15,BA$13)))","v":1000000000000},{"$f":"IF(OR($D64<>\"Serviço\",AND(AUTOEVENTO=\"Manual\",$M64=$A$15),$M64>(ROW(PLE.lastrow)-ROW(PLE.firstrow))),0,\n           IF(OFFSET(PLE!$G$15,$M64-$A$15,BB$13)=\"\",10^12,OFFSET(PLE!$G$15,$M64-$A$15,BB$13)))","v":1000000000000},{"$f":"IF(OR($D64<>\"Serviço\",AND(AUTOEVENTO=\"Manual\",$M64=$A$15),$M64>(ROW(PLE.lastrow)-ROW(PLE.firstrow))),0,\n           IF(OFFSET(PLE!$G$15,$M64-$A$15,BC$13)=\"\",10^12,OFFSET(PLE!$G$15,$M64-$A$15,BC$13)))","v":1000000000000},{"$f":"IF(OR($D64<>\"Serviço\",AND(AUTOEVENTO=\"Manual\",$M64=$A$15),$M64>(ROW(PLE.lastrow)-ROW(PLE.firstrow))),0,\n           IF(OFFSET(PLE!$G$15,$M64-$A$15,BD$13)=\"\",10^12,OFFSET(PLE!$G$15,$M64-$A$15,BD$13)))","v":1000000000000},{"$f":"IF(OR($D64<>\"Serviço\",AND(AUTOEVENTO=\"Manual\",$M64=$A$15),$M64>(ROW(PLE.lastrow)-ROW(PLE.firstrow))),0,\n           IF(OFFSET(PLE!$G$15,$M64-$A$15,BE$13)=\"\",10^12,OFFSET(PLE!$G$15,$M64-$A$15,BE$13)))","v":1000000000000},{"$f":"IF(OR($D64<>\"Serviço\",AND(AUTOEVENTO=\"Manual\",$M64=$A$15),$M64>(ROW(PLE.lastrow)-ROW(PLE.firstrow))),0,\n           IF(OFFSET(PLE!$G$15,$M64-$A$15,BF$13)=\"\",10^12,OFFSET(PLE!$G$15,$M64-$A$15,BF$13)))","v":1000000000000},{"$f":"IF(OR($D64<>\"Serviço\",AND(AUTOEVENTO=\"Manual\",$M64=$A$15),$M64>(ROW(PLE.lastrow)-ROW(PLE.firstrow))),0,\n           IF(OFFSET(PLE!$G$15,$M64-$A$15,BG$13)=\"\",10^12,OFFSET(PLE!$G$15,$M64-$A$15,BG$13)))","v":1000000000000}]
[5,{"$f":"OFFSET(ORÇAMENTO!C$15,$L65,0)","v":"S"},{"$f":"OFFSET(ORÇAMENTO!L$15,$L65,0)","v":"F"},{"$f":"OFFSET(ORÇAMENTO!N$15,$L65,0)","v":"Serviço"},{"$f":"OFFSET(ORÇAMENTO!O$15,$L65,0)","v":"1.7.10."},{"$f":"OFFSET(ORÇAMENTO!R$15,$L65,0)","v":"ARMAÇÃO DE BLOCO, SAPATA ISOLADA, VIGA BALDRAME E SAPATA CORRIDA UTILIZANDO AÇO CA-50 DE 16 MM - MONTAGEM. AF_01/2024"},{"$f":"IF($D65<>\"Serviço\",\"\",OFFSET(ORÇAMENTO!S$15,$L65,0))","v":"KG"},{"$f":"IF($D65<>\"Serviço\",0,IF(ACOMPANHAMENTO=\"BM\",ROUND(OFFSET(ORÇAMENTO!AJ$15,$L65,0),15-13*ORÇAMENTO!$AF$7),IF(IFERROR(CÁLCULO.FrentesPreenchidas,0)=0,0,SUM(ROUND(OFFSET($P65,0,1,1,CÁLCULO.FrentesPreenchidas),15-13*ORÇAMENTO!$AF$7)))))","v":152},"VER PRANCHA 1-1 - FUNDAÇÃO PILARES",{"$f":"IF(OR(B65<>\"S\",CÁLCULO.FrentesPreenchidas=0),\"\",IF(AND(ACOMPANHAMENTO=\"PLE\",AUTOEVENTO=\"Manual\",OR(H65>0,ORÇAMENTO!AC65=\"QUANT.\"),OR(K65=\"\",M65=0,N65=\"\")),\"►E\",IF(AND(ACOMPANHAMENTO=\"PLE\",ORÇAMENTO!AC65=\"QUANT.\"),\"►Q\",IF(AND(ACOMPANHAMENTO=\"PLE\",H65<>SUMPRODUCT(($Q$1:$AA$1=1)*ROUND(Q65:AA65,15))),\"►S\",IF(AND(COUNTIF($P$11:$AA$11,\"▼\")=0,H65>0,I65=\"\"),\"◄M\",\"\")))))","v":""},"5.Fundação Reforço Pilares",50,{"$f":"IF($D65<>\"Serviço\",\"\",\n          IF(AUTOEVENTO=\"manual\",$A65,\n                IF(ISERROR(MATCH($A65,$A$15:OFFSET($A65,-1,0),0)),MAX($M$15:OFFSET(M65,-1,0))+1,\n                      INDEX($M$15:OFFSET(M65,-1,0),MATCH($A65,$A$15:OFFSET($A65,-1,0),0)))))","v":5},{"$f":"IF($D65<>\"Serviço\",\"\",\n         IF(AUTOEVENTO=\"Manual\",\n                IF($A65=0,\"<-- defina o número do agrupador\",\n                       OFFSET(EVENTOS!$D$15,$A65-$A$15,0)),\n                OFFSET($F$15,$A65,0)))","v":"Rerforço Pilares"},null,null,{"$f":"152/2","v":76},{"$f":"152/2","v":76},null,null,null,null,null,null,null,null,null,{"$f":"IF(AND($D65=\"Serviço\",AB$12<>0,$H65>0,OR(AUTOEVENTO<>\"manual\",$M65<>$A$15)),\n        IF(Import.TipoArredondamento<>\"TransfereGOV\",\n              ROUND(OFFSET($P65,0,AB$13),15-13*ORÇAMENTO!$AF$7)/$H65*OFFSET(ORÇAMENTO!$X$15,ROW(AB65)-ROW(AB$15),0),\n              ROUND(ROUND(OFFSET($P65,0,AB$13),15-13*ORÇAMENTO!$AF$7)*OFFSET(ORÇAMENTO!$W$15,ROW(AB65)-ROW(AB$15),0),15-13*ORÇAMENTO!$AF$11)),\n         0)","v":0},{"$f":"IF(AND($D65=\"Serviço\",AC$12<>0,$H65>0,OR(AUTOEVENTO<>\"manual\",$M65<>$A$15)),\n        IF(Import.TipoArredondamento<>\"TransfereGOV\",\n              ROUND(OFFSET($P65,0,AC$13),15-13*ORÇAMENTO!$AF$7)/$H65*OFFSET(ORÇAMENTO!$X$15,ROW(AC65)-ROW(AC$15),0),\n              ROUND(ROUND(OFFSET($P65,0,AC$13),15-13*ORÇAMENTO!$AF$7)*OFFSET(ORÇAMENTO!$W$15,ROW(AC65)-ROW(AC$15),0),15-13*ORÇAMENTO!$AF$11)),\n         0)","v":0},{"$f":"IF(AND($D65=\"Serviço\",AD$12<>0,$H65>0,OR(AUTOEVENTO<>\"manual\",$M65<>$A$15)),\n        IF(Import.TipoArredondamento<>\"TransfereGOV\",\n              ROUND(OFFSET($P65,0,AD$13),15-13*ORÇAMENTO!$AF$7)/$H65*OFFSET(ORÇAMENTO!$X$15,ROW(AD65)-ROW(AD$15),0),\n              ROUND(ROUND(OFFSET($P65,0,AD$13),15-13*ORÇAMENTO!$AF$7)*OFFSET(ORÇAMENTO!$W$15,ROW(AD65)-ROW(AD$15),0),15-13*ORÇAMENTO!$AF$11)),\n         0)","v":0},{"$f":"IF(AND($D65=\"Serviço\",AE$12<>0,$H65>0,OR(AUTOEVENTO<>\"manual\",$M65<>$A$15)),\n        IF(Import.TipoArredondamento<>\"TransfereGOV\",\n              ROUND(OFFSET($P65,0,AE$13),15-13*ORÇAMENTO!$AF$7)/$H65*OFFSET(ORÇAMENTO!$X$15,ROW(AE65)-ROW(AE$15),0),\n              ROUND(ROUND(OFFSET($P65,0,AE$13),15-13*ORÇAMENTO!$AF$7)*OFFSET(ORÇAMENTO!$W$15,ROW(AE65)-ROW(AE$15),0),15-13*ORÇAMENTO!$AF$11)),\n         0)","v":0},{"$f":"IF(AND($D65=\"Serviço\",AF$12<>0,$H65>0,OR(AUTOEVENTO<>\"manual\",$M65<>$A$15)),\n        IF(Import.TipoArredondamento<>\"TransfereGOV\",\n              ROUND(OFFSET($P65,0,AF$13),15-13*ORÇAMENTO!$AF$7)/$H65*OFFSET(ORÇAMENTO!$X$15,ROW(AF65)-ROW(AF$15),0),\n              ROUND(ROUND(OFFSET($P65,0,AF$13),15-13*ORÇAMENTO!$AF$7)*OFFSET(ORÇAMENTO!$W$15,ROW(AF65)-ROW(AF$15),0),15-13*ORÇAMENTO!$AF$11)),\n         0)","v":0},{"$f":"IF(AND($D65=\"Serviço\",AG$12<>0,$H65>0,OR(AUTOEVENTO<>\"manual\",$M65<>$A$15)),\n        IF(Import.TipoArredondamento<>\"TransfereGOV\",\n              ROUND(OFFSET($P65,0,AG$13),15-13*ORÇAMENTO!$AF$7)/$H65*OFFSET(ORÇAMENTO!$X$15,ROW(AG65)-ROW(AG$15),0),\n              ROUND(ROUND(OFFSET($P65,0,AG$13),15-13*ORÇAMENTO!$AF$7)*OFFSET(ORÇAMENTO!$W$15,ROW(AG65)-ROW(AG$15),0),15-13*ORÇAMENTO!$AF$11)),\n         0)","v":0},{"$f":"IF(AND($D65=\"Serviço\",AH$12<>0,$H65>0,OR(AUTOEVENTO<>\"manual\",$M65<>$A$15)),\n        IF(Import.TipoArredondamento<>\"TransfereGOV\",\n              ROUND(OFFSET($P65,0,AH$13),15-13*ORÇAMENTO!$AF$7)/$H65*OFFSET(ORÇAMENTO!$X$15,ROW(AH65)-ROW(AH$15),0),\n              ROUND(ROUND(OFFSET($P65,0,AH$13),15-13*ORÇAMENTO!$AF$7)*OFFSET(ORÇAMENTO!$W$15,ROW(AH65)-ROW(AH$15),0),15-13*ORÇAMENTO!$AF$11)),\n         0)","v":0},{"$f":"IF(AND($D65=\"Serviço\",AI$12<>0,$H65>0,OR(AUTOEVENTO<>\"manual\",$M65<>$A$15)),\n        IF(Import.TipoArredondamento<>\"TransfereGOV\",\n              ROUND(OFFSET($P65,0,AI$13),15-13*ORÇAMENTO!$AF$7)/$H65*OFFSET(ORÇAMENTO!$X$15,ROW(AI65)-ROW(AI$15),0),\n              ROUND(ROUND(OFFSET($P65,0,AI$13),15-13*ORÇAMENTO!$AF$7)*OFFSET(ORÇAMENTO!$W$15,ROW(AI65)-ROW(AI$15),0),15-13*ORÇAMENTO!$AF$11)),\n         0)","v":0},{"$f":"IF(AND($D65=\"Serviço\",AJ$12<>0,$H65>0,OR(AUTOEVENTO<>\"manual\",$M65<>$A$15)),\n        IF(Import.TipoArredondamento<>\"TransfereGOV\",\n              ROUND(OFFSET($P65,0,AJ$13),15-13*ORÇAMENTO!$AF$7)/$H65*OFFSET(ORÇAMENTO!$X$15,ROW(AJ65)-ROW(AJ$15),0),\n              ROUND(ROUND(OFFSET($P65,0,AJ$13),15-13*ORÇAMENTO!$AF$7)*OFFSET(ORÇAMENTO!$W$15,ROW(AJ65)-ROW(AJ$15),0),15-13*ORÇAMENTO!$AF$11)),\n         0)","v":0},{"$f":"IF(AND($D65=\"Serviço\",AK$12<>0,$H65>0,OR(AUTOEVENTO<>\"manual\",$M65<>$A$15)),\n        IF(Import.TipoArredondamento<>\"TransfereGOV\",\n              ROUND(OFFSET($P65,0,AK$13),15-13*ORÇAMENTO!$AF$7)/$H65*OFFSET(ORÇAMENTO!$X$15,ROW(AK65)-ROW(AK$15),0),\n              ROUND(ROUND(OFFSET($P65,0,AK$13),15-13*ORÇAMENTO!$AF$7)*OFFSET(ORÇAMENTO!$W$15,ROW(AK65)-ROW(AK$15),0),15-13*ORÇAMENTO!$AF$11)),\n         0)","v":0},null,{"$f":"IF(OR($D65<>\"Serviço\",AND(AUTOEVENTO=\"Manual\",$M65=$A$15)),0,\n         IF(OFFSET(CRONOPLE!$F$15,$M65-$A$15,AM$13)=0,10^12,OFFSET(CRONOPLE!$F$15,$M65-$A$15,AM$13)))","v":3},{"$f":"IF(OR($D65<>\"Serviço\",AND(AUTOEVENTO=\"Manual\",$M65=$A$15)),0,\n         IF(OFFSET(CRONOPLE!$F$15,$M65-$A$15,AN$13)=0,10^12,OFFSET(CRONOPLE!$F$15,$M65-$A$15,AN$13)))","v":3},{"$f":"IF(OR($D65<>\"Serviço\",AND(AUTOEVENTO=\"Manual\",$M65=$A$15)),0,\n         IF(OFFSET(CRONOPLE!$F$15,$M65-$A$15,AO$13)=0,10^12,OFFSET(CRONOPLE!$F$15,$M65-$A$15,AO$13)))","v":1},{"$f":"IF(OR($D65<>\"Serviço\",AND(AUTOEVENTO=\"Manual\",$M65=$A$15)),0,\n         IF(OFFSET(CRONOPLE!$F$15,$M65-$A$15,AP$13)=0,10^12,OFFSET(CRONOPLE!$F$15,$M65-$A$15,AP$13)))","v":1},{"$f":"IF(OR($D65<>\"Serviço\",AND(AUTOEVENTO=\"Manual\",$M65=$A$15)),0,\n         IF(OFFSET(CRONOPLE!$F$15,$M65-$A$15,AQ$13)=0,10^12,OFFSET(CRONOPLE!$F$15,$M65-$A$15,AQ$13)))","v":1000000000000},{"$f":"IF(OR($D65<>\"Serviço\",AND(AUTOEVENTO=\"Manual\",$M65=$A$15)),0,\n         IF(OFFSET(CRONOPLE!$F$15,$M65-$A$15,AR$13)=0,10^12,OFFSET(CRONOPLE!$F$15,$M65-$A$15,AR$13)))","v":1000000000000},{"$f":"IF(OR($D65<>\"Serviço\",AND(AUTOEVENTO=\"Manual\",$M65=$A$15)),0,\n         IF(OFFSET(CRONOPLE!$F$15,$M65-$A$15,AS$13)=0,10^12,OFFSET(CRONOPLE!$F$15,$M65-$A$15,AS$13)))","v":1000000000000},{"$f":"IF(OR($D65<>\"Serviço\",AND(AUTOEVENTO=\"Manual\",$M65=$A$15)),0,\n         IF(OFFSET(CRONOPLE!$F$15,$M65-$A$15,AT$13)=0,10^12,OFFSET(CRONOPLE!$F$15,$M65-$A$15,AT$13)))","v":1000000000000},{"$f":"IF(OR($D65<>\"Serviço\",AND(AUTOEVENTO=\"Manual\",$M65=$A$15)),0,\n         IF(OFFSET(CRONOPLE!$F$15,$M65-$A$15,AU$13)=0,10^12,OFFSET(CRONOPLE!$F$15,$M65-$A$15,AU$13)))","v":1000000000000},{"$f":"IF(OR($D65<>\"Serviço\",AND(AUTOEVENTO=\"Manual\",$M65=$A$15)),0,\n         IF(OFFSET(CRONOPLE!$F$15,$M65-$A$15,AV$13)=0,10^12,OFFSET(CRONOPLE!$F$15,$M65-$A$15,AV$13)))","v":1000000000000},null,{"$f":"IF(OR($D65<>\"Serviço\",AND(AUTOEVENTO=\"Manual\",$M65=$A$15),$M65>(ROW(PLE.lastrow)-ROW(PLE.firstrow))),0,\n           IF(OFFSET(PLE!$G$15,$M65-$A$15,AX$13)=\"\",10^12,OFFSET(PLE!$G$15,$M65-$A$15,AX$13)))","v":2},{"$f":"IF(OR($D65<>\"Serviço\",AND(AUTOEVENTO=\"Manual\",$M65=$A$15),$M65>(ROW(PLE.lastrow)-ROW(PLE.firstrow))),0,\n           IF(OFFSET(PLE!$G$15,$M65-$A$15,AY$13)=\"\",10^12,OFFSET(PLE!$G$15,$M65-$A$15,AY$13)))","v":3},{"$f":"IF(OR($D65<>\"Serviço\",AND(AUTOEVENTO=\"Manual\",$M65=$A$15),$M65>(ROW(PLE.lastrow)-ROW(PLE.firstrow))),0,\n           IF(OFFSET(PLE!$G$15,$M65-$A$15,AZ$13)=\"\",10^12,OFFSET(PLE!$G$15,$M65-$A$15,AZ$13)))","v":1000000000000},{"$f":"IF(OR($D65<>\"Serviço\",AND(AUTOEVENTO=\"Manual\",$M65=$A$15),$M65>(ROW(PLE.lastrow)-ROW(PLE.firstrow))),0,\n           IF(OFFSET(PLE!$G$15,$M65-$A$15,BA$13)=\"\",10^12,OFFSET(PLE!$G$15,$M65-$A$15,BA$13)))","v":1000000000000},{"$f":"IF(OR($D65<>\"Serviço\",AND(AUTOEVENTO=\"Manual\",$M65=$A$15),$M65>(ROW(PLE.lastrow)-ROW(PLE.firstrow))),0,\n           IF(OFFSET(PLE!$G$15,$M65-$A$15,BB$13)=\"\",10^12,OFFSET(PLE!$G$15,$M65-$A$15,BB$13)))","v":1000000000000},{"$f":"IF(OR($D65<>\"Serviço\",AND(AUTOEVENTO=\"Manual\",$M65=$A$15),$M65>(ROW(PLE.lastrow)-ROW(PLE.firstrow))),0,\n           IF(OFFSET(PLE!$G$15,$M65-$A$15,BC$13)=\"\",10^12,OFFSET(PLE!$G$15,$M65-$A$15,BC$13)))","v":1000000000000},{"$f":"IF(OR($D65<>\"Serviço\",AND(AUTOEVENTO=\"Manual\",$M65=$A$15),$M65>(ROW(PLE.lastrow)-ROW(PLE.firstrow))),0,\n           IF(OFFSET(PLE!$G$15,$M65-$A$15,BD$13)=\"\",10^12,OFFSET(PLE!$G$15,$M65-$A$15,BD$13)))","v":1000000000000},{"$f":"IF(OR($D65<>\"Serviço\",AND(AUTOEVENTO=\"Manual\",$M65=$A$15),$M65>(ROW(PLE.lastrow)-ROW(PLE.firstrow))),0,\n           IF(OFFSET(PLE!$G$15,$M65-$A$15,BE$13)=\"\",10^12,OFFSET(PLE!$G$15,$M65-$A$15,BE$13)))","v":1000000000000},{"$f":"IF(OR($D65<>\"Serviço\",AND(AUTOEVENTO=\"Manual\",$M65=$A$15),$M65>(ROW(PLE.lastrow)-ROW(PLE.firstrow))),0,\n           IF(OFFSET(PLE!$G$15,$M65-$A$15,BF$13)=\"\",10^12,OFFSET(PLE!$G$15,$M65-$A$15,BF$13)))","v":1000000000000},{"$f":"IF(OR($D65<>\"Serviço\",AND(AUTOEVENTO=\"Manual\",$M65=$A$15),$M65>(ROW(PLE.lastrow)-ROW(PLE.firstrow))),0,\n           IF(OFFSET(PLE!$G$15,$M65-$A$15,BG$13)=\"\",10^12,OFFSET(PLE!$G$15,$M65-$A$15,BG$13)))","v":1000000000000}]
[5,{"$f":"OFFSET(ORÇAMENTO!C$15,$L66,0)","v":"S"},{"$f":"OFFSET(ORÇAMENTO!L$15,$L66,0)","v":"F"},{"$f":"OFFSET(ORÇAMENTO!N$15,$L66,0)","v":"Serviço"},{"$f":"OFFSET(ORÇAMENTO!O$15,$L66,0)","v":"1.7.11."},{"$f":"OFFSET(ORÇAMENTO!R$15,$L66,0)","v":"CONCRETO FCK = 25MPA, TRAÇO 1:2,3:2,7 (EM MASSA SECA DE CIMENTO/ AREIA MÉDIA/ BRITA 1) - PREPARO MECÂNICO COM BETONEIRA 400 L. AF_05/2021"},{"$f":"IF($D66<>\"Serviço\",\"\",OFFSET(ORÇAMENTO!S$15,$L66,0))","v":"M3"},{"$f":"IF($D66<>\"Serviço\",0,IF(ACOMPANHAMENTO=\"BM\",ROUND(OFFSET(ORÇAMENTO!AJ$15,$L66,0),15-13*ORÇAMENTO!$AF$7),IF(IFERROR(CÁLCULO.FrentesPreenchidas,0)=0,0,SUM(ROUND(OFFSET($P66,0,1,1,CÁLCULO.FrentesPreenchidas),15-13*ORÇAMENTO!$AF$7)))))","v":2.69},"VER PRANCHA 1-1 - FUNDAÇÃO PILARES",{"$f":"IF(OR(B66<>\"S\",CÁLCULO.FrentesPreenchidas=0),\"\",IF(AND(ACOMPANHAMENTO=\"PLE\",AUTOEVENTO=\"Manual\",OR(H66>0,ORÇAMENTO!AC66=\"QUANT.\"),OR(K66=\"\",M66=0,N66=\"\")),\"►E\",IF(AND(ACOMPANHAMENTO=\"PLE\",ORÇAMENTO!AC66=\"QUANT.\"),\"►Q\",IF(AND(ACOMPANHAMENTO=\"PLE\",H66<>SUMPRODUCT(($Q$1:$AA$1=1)*ROUND(Q66:AA66,15))),\"►S\",IF(AND(COUNTIF($P$11:$AA$11,\"▼\")=0,H66>0,I66=\"\"),\"◄M\",\"\")))))","v":""},"5.Fundação Reforço Pilares",51,{"$f":"IF($D66<>\"Serviço\",\"\",\n          IF(AUTOEVENTO=\"manual\",$A66,\n                IF(ISERROR(MATCH($A66,$A$15:OFFSET($A66,-1,0),0)),MAX($M$15:OFFSET(M66,-1,0))+1,\n                      INDEX($M$15:OFFSET(M66,-1,0),MATCH($A66,$A$15:OFFSET($A66,-1,0),0)))))","v":5},{"$f":"IF($D66<>\"Serviço\",\"\",\n         IF(AUTOEVENTO=\"Manual\",\n                IF($A66=0,\"<-- defina o número do agrupador\",\n                       OFFSET(EVENTOS!$D$15,$A66-$A$15,0)),\n                OFFSET($F$15,$A66,0)))","v":"Rerforço Pilares"},null,null,{"$f":"2.69/2","v":1.345},{"$f":"2.69/2","v":1.345},null,null,null,null,null,null,null,null,null,{"$f":"IF(AND($D66=\"Serviço\",AB$12<>0,$H66>0,OR(AUTOEVENTO<>\"manual\",$M66<>$A$15)),\n        IF(Import.TipoArredondamento<>\"TransfereGOV\",\n              ROUND(OFFSET($P66,0,AB$13),15-13*ORÇAMENTO!$AF$7)/$H66*OFFSET(ORÇAMENTO!$X$15,ROW(AB66)-ROW(AB$15),0),\n              ROUND(ROUND(OFFSET($P66,0,AB$13),15-13*ORÇAMENTO!$AF$7)*OFFSET(ORÇAMENTO!$W$15,ROW(AB66)-ROW(AB$15),0),15-13*ORÇAMENTO!$AF$11)),\n         0)","v":0},{"$f":"IF(AND($D66=\"Serviço\",AC$12<>0,$H66>0,OR(AUTOEVENTO<>\"manual\",$M66<>$A$15)),\n        IF(Import.TipoArredondamento<>\"TransfereGOV\",\n              ROUND(OFFSET($P66,0,AC$13),15-13*ORÇAMENTO!$AF$7)/$H66*OFFSET(ORÇAMENTO!$X$15,ROW(AC66)-ROW(AC$15),0),\n              ROUND(ROUND(OFFSET($P66,0,AC$13),15-13*ORÇAMENTO!$AF$7)*OFFSET(ORÇAMENTO!$W$15,ROW(AC66)-ROW(AC$15),0),15-13*ORÇAMENTO!$AF$11)),\n         0)","v":0},{"$f":"IF(AND($D66=\"Serviço\",AD$12<>0,$H66>0,OR(AUTOEVENTO<>\"manual\",$M66<>$A$15)),\n        IF(Import.TipoArredondamento<>\"TransfereGOV\",\n              ROUND(OFFSET($P66,0,AD$13),15-13*ORÇAMENTO!$AF$7)/$H66*OFFSET(ORÇAMENTO!$X$15,ROW(AD66)-ROW(AD$15),0),\n              ROUND(ROUND(OFFSET($P66,0,AD$13),15-13*ORÇAMENTO!$AF$7)*OFFSET(ORÇAMENTO!$W$15,ROW(AD66)-ROW(AD$15),0),15-13*ORÇAMENTO!$AF$11)),\n         0)","v":0},{"$f":"IF(AND($D66=\"Serviço\",AE$12<>0,$H66>0,OR(AUTOEVENTO<>\"manual\",$M66<>$A$15)),\n        IF(Import.TipoArredondamento<>\"TransfereGOV\",\n              ROUND(OFFSET($P66,0,AE$13),15-13*ORÇAMENTO!$AF$7)/$H66*OFFSET(ORÇAMENTO!$X$15,ROW(AE66)-ROW(AE$15),0),\n              ROUND(ROUND(OFFSET($P66,0,AE$13),15-13*ORÇAMENTO!$AF$7)*OFFSET(ORÇAMENTO!$W$15,ROW(AE66)-ROW(AE$15),0),15-13*ORÇAMENTO!$AF$11)),\n         0)","v":0},{"$f":"IF(AND($D66=\"Serviço\",AF$12<>0,$H66>0,OR(AUTOEVENTO<>\"manual\",$M66<>$A$15)),\n        IF(Import.TipoArredondamento<>\"TransfereGOV\",\n              ROUND(OFFSET($P66,0,AF$13),15-13*ORÇAMENTO!$AF$7)/$H66*OFFSET(ORÇAMENTO!$X$15,ROW(AF66)-ROW(AF$15),0),\n              ROUND(ROUND(OFFSET($P66,0,AF$13),15-13*ORÇAMENTO!$AF$7)*OFFSET(ORÇAMENTO!$W$15,ROW(AF66)-ROW(AF$15),0),15-13*ORÇAMENTO!$AF$11)),\n         0)","v":0},{"$f":"IF(AND($D66=\"Serviço\",AG$12<>0,$H66>0,OR(AUTOEVENTO<>\"manual\",$M66<>$A$15)),\n        IF(Import.TipoArredondamento<>\"TransfereGOV\",\n              ROUND(OFFSET($P66,0,AG$13),15-13*ORÇAMENTO!$AF$7)/$H66*OFFSET(ORÇAMENTO!$X$15,ROW(AG66)-ROW(AG$15),0),\n              ROUND(ROUND(OFFSET($P66,0,AG$13),15-13*ORÇAMENTO!$AF$7)*OFFSET(ORÇAMENTO!$W$15,ROW(AG66)-ROW(AG$15),0),15-13*ORÇAMENTO!$AF$11)),\n         0)","v":0},{"$f":"IF(AND($D66=\"Serviço\",AH$12<>0,$H66>0,OR(AUTOEVENTO<>\"manual\",$M66<>$A$15)),\n        IF(Import.TipoArredondamento<>\"TransfereGOV\",\n              ROUND(OFFSET($P66,0,AH$13),15-13*ORÇAMENTO!$AF$7)/$H66*OFFSET(ORÇAMENTO!$X$15,ROW(AH66)-ROW(AH$15),0),\n              ROUND(ROUND(OFFSET($P66,0,AH$13),15-13*ORÇAMENTO!$AF$7)*OFFSET(ORÇAMENTO!$W$15,ROW(AH66)-ROW(AH$15),0),15-13*ORÇAMENTO!$AF$11)),\n         0)","v":0},{"$f":"IF(AND($D66=\"Serviço\",AI$12<>0,$H66>0,OR(AUTOEVENTO<>\"manual\",$M66<>$A$15)),\n        IF(Import.TipoArredondamento<>\"TransfereGOV\",\n              ROUND(OFFSET($P66,0,AI$13),15-13*ORÇAMENTO!$AF$7)/$H66*OFFSET(ORÇAMENTO!$X$15,ROW(AI66)-ROW(AI$15),0),\n              ROUND(ROUND(OFFSET($P66,0,AI$13),15-13*ORÇAMENTO!$AF$7)*OFFSET(ORÇAMENTO!$W$15,ROW(AI66)-ROW(AI$15),0),15-13*ORÇAMENTO!$AF$11)),\n         0)","v":0},{"$f":"IF(AND($D66=\"Serviço\",AJ$12<>0,$H66>0,OR(AUTOEVENTO<>\"manual\",$M66<>$A$15)),\n        IF(Import.TipoArredondamento<>\"TransfereGOV\",\n              ROUND(OFFSET($P66,0,AJ$13),15-13*ORÇAMENTO!$AF$7)/$H66*OFFSET(ORÇAMENTO!$X$15,ROW(AJ66)-ROW(AJ$15),0),\n              ROUND(ROUND(OFFSET($P66,0,AJ$13),15-13*ORÇAMENTO!$AF$7)*OFFSET(ORÇAMENTO!$W$15,ROW(AJ66)-ROW(AJ$15),0),15-13*ORÇAMENTO!$AF$11)),\n         0)","v":0},{"$f":"IF(AND($D66=\"Serviço\",AK$12<>0,$H66>0,OR(AUTOEVENTO<>\"manual\",$M66<>$A$15)),\n        IF(Import.TipoArredondamento<>\"TransfereGOV\",\n              ROUND(OFFSET($P66,0,AK$13),15-13*ORÇAMENTO!$AF$7)/$H66*OFFSET(ORÇAMENTO!$X$15,ROW(AK66)-ROW(AK$15),0),\n              ROUND(ROUND(OFFSET($P66,0,AK$13),15-13*ORÇAMENTO!$AF$7)*OFFSET(ORÇAMENTO!$W$15,ROW(AK66)-ROW(AK$15),0),15-13*ORÇAMENTO!$AF$11)),\n         0)","v":0},null,{"$f":"IF(OR($D66<>\"Serviço\",AND(AUTOEVENTO=\"Manual\",$M66=$A$15)),0,\n         IF(OFFSET(CRONOPLE!$F$15,$M66-$A$15,AM$13)=0,10^12,OFFSET(CRONOPLE!$F$15,$M66-$A$15,AM$13)))","v":3},{"$f":"IF(OR($D66<>\"Serviço\",AND(AUTOEVENTO=\"Manual\",$M66=$A$15)),0,\n         IF(OFFSET(CRONOPLE!$F$15,$M66-$A$15,AN$13)=0,10^12,OFFSET(CRONOPLE!$F$15,$M66-$A$15,AN$13)))","v":3},{"$f":"IF(OR($D66<>\"Serviço\",AND(AUTOEVENTO=\"Manual\",$M66=$A$15)),0,\n         IF(OFFSET(CRONOPLE!$F$15,$M66-$A$15,AO$13)=0,10^12,OFFSET(CRONOPLE!$F$15,$M66-$A$15,AO$13)))","v":1},{"$f":"IF(OR($D66<>\"Serviço\",AND(AUTOEVENTO=\"Manual\",$M66=$A$15)),0,\n         IF(OFFSET(CRONOPLE!$F$15,$M66-$A$15,AP$13)=0,10^12,OFFSET(CRONOPLE!$F$15,$M66-$A$15,AP$13)))","v":1},{"$f":"IF(OR($D66<>\"Serviço\",AND(AUTOEVENTO=\"Manual\",$M66=$A$15)),0,\n         IF(OFFSET(CRONOPLE!$F$15,$M66-$A$15,AQ$13)=0,10^12,OFFSET(CRONOPLE!$F$15,$M66-$A$15,AQ$13)))","v":1000000000000},{"$f":"IF(OR($D66<>\"Serviço\",AND(AUTOEVENTO=\"Manual\",$M66=$A$15)),0,\n         IF(OFFSET(CRONOPLE!$F$15,$M66-$A$15,AR$13)=0,10^12,OFFSET(CRONOPLE!$F$15,$M66-$A$15,AR$13)))","v":1000000000000},{"$f":"IF(OR($D66<>\"Serviço\",AND(AUTOEVENTO=\"Manual\",$M66=$A$15)),0,\n         IF(OFFSET(CRONOPLE!$F$15,$M66-$A$15,AS$13)=0,10^12,OFFSET(CRONOPLE!$F$15,$M66-$A$15,AS$13)))","v":1000000000000},{"$f":"IF(OR($D66<>\"Serviço\",AND(AUTOEVENTO=\"Manual\",$M66=$A$15)),0,\n         IF(OFFSET(CRONOPLE!$F$15,$M66-$A$15,AT$13)=0,10^12,OFFSET(CRONOPLE!$F$15,$M66-$A$15,AT$13)))","v":1000000000000},{"$f":"IF(OR($D66<>\"Serviço\",AND(AUTOEVENTO=\"Manual\",$M66=$A$15)),0,\n         IF(OFFSET(CRONOPLE!$F$15,$M66-$A$15,AU$13)=0,10^12,OFFSET(CRONOPLE!$F$15,$M66-$A$15,AU$13)))","v":1000000000000},{"$f":"IF(OR($D66<>\"Serviço\",AND(AUTOEVENTO=\"Manual\",$M66=$A$15)),0,\n         IF(OFFSET(CRONOPLE!$F$15,$M66-$A$15,AV$13)=0,10^12,OFFSET(CRONOPLE!$F$15,$M66-$A$15,AV$13)))","v":1000000000000},null,{"$f":"IF(OR($D66<>\"Serviço\",AND(AUTOEVENTO=\"Manual\",$M66=$A$15),$M66>(ROW(PLE.lastrow)-ROW(PLE.firstrow))),0,\n           IF(OFFSET(PLE!$G$15,$M66-$A$15,AX$13)=\"\",10^12,OFFSET(PLE!$G$15,$M66-$A$15,AX$13)))","v":2},{"$f":"IF(OR($D66<>\"Serviço\",AND(AUTOEVENTO=\"Manual\",$M66=$A$15),$M66>(ROW(PLE.lastrow)-ROW(PLE.firstrow))),0,\n           IF(OFFSET(PLE!$G$15,$M66-$A$15,AY$13)=\"\",10^12,OFFSET(PLE!$G$15,$M66-$A$15,AY$13)))","v":3},{"$f":"IF(OR($D66<>\"Serviço\",AND(AUTOEVENTO=\"Manual\",$M66=$A$15),$M66>(ROW(PLE.lastrow)-ROW(PLE.firstrow))),0,\n           IF(OFFSET(PLE!$G$15,$M66-$A$15,AZ$13)=\"\",10^12,OFFSET(PLE!$G$15,$M66-$A$15,AZ$13)))","v":1000000000000},{"$f":"IF(OR($D66<>\"Serviço\",AND(AUTOEVENTO=\"Manual\",$M66=$A$15),$M66>(ROW(PLE.lastrow)-ROW(PLE.firstrow))),0,\n           IF(OFFSET(PLE!$G$15,$M66-$A$15,BA$13)=\"\",10^12,OFFSET(PLE!$G$15,$M66-$A$15,BA$13)))","v":1000000000000},{"$f":"IF(OR($D66<>\"Serviço\",AND(AUTOEVENTO=\"Manual\",$M66=$A$15),$M66>(ROW(PLE.lastrow)-ROW(PLE.firstrow))),0,\n           IF(OFFSET(PLE!$G$15,$M66-$A$15,BB$13)=\"\",10^12,OFFSET(PLE!$G$15,$M66-$A$15,BB$13)))","v":1000000000000},{"$f":"IF(OR($D66<>\"Serviço\",AND(AUTOEVENTO=\"Manual\",$M66=$A$15),$M66>(ROW(PLE.lastrow)-ROW(PLE.firstrow))),0,\n           IF(OFFSET(PLE!$G$15,$M66-$A$15,BC$13)=\"\",10^12,OFFSET(PLE!$G$15,$M66-$A$15,BC$13)))","v":1000000000000},{"$f":"IF(OR($D66<>\"Serviço\",AND(AUTOEVENTO=\"Manual\",$M66=$A$15),$M66>(ROW(PLE.lastrow)-ROW(PLE.firstrow))),0,\n           IF(OFFSET(PLE!$G$15,$M66-$A$15,BD$13)=\"\",10^12,OFFSET(PLE!$G$15,$M66-$A$15,BD$13)))","v":1000000000000},{"$f":"IF(OR($D66<>\"Serviço\",AND(AUTOEVENTO=\"Manual\",$M66=$A$15),$M66>(ROW(PLE.lastrow)-ROW(PLE.firstrow))),0,\n           IF(OFFSET(PLE!$G$15,$M66-$A$15,BE$13)=\"\",10^12,OFFSET(PLE!$G$15,$M66-$A$15,BE$13)))","v":1000000000000},{"$f":"IF(OR($D66<>\"Serviço\",AND(AUTOEVENTO=\"Manual\",$M66=$A$15),$M66>(ROW(PLE.lastrow)-ROW(PLE.firstrow))),0,\n           IF(OFFSET(PLE!$G$15,$M66-$A$15,BF$13)=\"\",10^12,OFFSET(PLE!$G$15,$M66-$A$15,BF$13)))","v":1000000000000},{"$f":"IF(OR($D66<>\"Serviço\",AND(AUTOEVENTO=\"Manual\",$M66=$A$15),$M66>(ROW(PLE.lastrow)-ROW(PLE.firstrow))),0,\n           IF(OFFSET(PLE!$G$15,$M66-$A$15,BG$13)=\"\",10^12,OFFSET(PLE!$G$15,$M66-$A$15,BG$13)))","v":1000000000000}]
[5,{"$f":"OFFSET(ORÇAMENTO!C$15,$L67,0)","v":"S"},{"$f":"OFFSET(ORÇAMENTO!L$15,$L67,0)","v":"F"},{"$f":"OFFSET(ORÇAMENTO!N$15,$L67,0)","v":"Serviço"},{"$f":"OFFSET(ORÇAMENTO!O$15,$L67,0)","v":"1.7.12."},{"$f":"OFFSET(ORÇAMENTO!R$15,$L67,0)","v":"LANÇAMENTO COM USO DE BALDES, ADENSAMENTO E ACABAMENTO DE CONCRETO EM ESTRUTURAS. AF_02/2022"},{"$f":"IF($D67<>\"Serviço\",\"\",OFFSET(ORÇAMENTO!S$15,$L67,0))","v":"M3"},{"$f":"IF($D67<>\"Serviço\",0,IF(ACOMPANHAMENTO=\"BM\",ROUND(OFFSET(ORÇAMENTO!AJ$15,$L67,0),15-13*ORÇAMENTO!$AF$7),IF(IFERROR(CÁLCULO.FrentesPreenchidas,0)=0,0,SUM(ROUND(OFFSET($P67,0,1,1,CÁLCULO.FrentesPreenchidas),15-13*ORÇAMENTO!$AF$7)))))","v":2.69},"VOLUME DE CONCRETO",{"$f":"IF(OR(B67<>\"S\",CÁLCULO.FrentesPreenchidas=0),\"\",IF(AND(ACOMPANHAMENTO=\"PLE\",AUTOEVENTO=\"Manual\",OR(H67>0,ORÇAMENTO!AC67=\"QUANT.\"),OR(K67=\"\",M67=0,N67=\"\")),\"►E\",IF(AND(ACOMPANHAMENTO=\"PLE\",ORÇAMENTO!AC67=\"QUANT.\"),\"►Q\",IF(AND(ACOMPANHAMENTO=\"PLE\",H67<>SUMPRODUCT(($Q$1:$AA$1=1)*ROUND(Q67:AA67,15))),\"►S\",IF(AND(COUNTIF($P$11:$AA$11,\"▼\")=0,H67>0,I67=\"\"),\"◄M\",\"\")))))","v":""},"5.Fundação Reforço Pilares",52,{"$f":"IF($D67<>\"Serviço\",\"\",\n          IF(AUTOEVENTO=\"manual\",$A67,\n                IF(ISERROR(MATCH($A67,$A$15:OFFSET($A67,-1,0),0)),MAX($M$15:OFFSET(M67,-1,0))+1,\n                      INDEX($M$15:OFFSET(M67,-1,0),MATCH($A67,$A$15:OFFSET($A67,-1,0),0)))))","v":5},{"$f":"IF($D67<>\"Serviço\",\"\",\n         IF(AUTOEVENTO=\"Manual\",\n                IF($A67=0,\"<-- defina o número do agrupador\",\n                       OFFSET(EVENTOS!$D$15,$A67-$A$15,0)),\n                OFFSET($F$15,$A67,0)))","v":"Rerforço Pilares"},null,null,{"$f":"Q66","v":1.345},{"$f":"R66","v":1.345},null,null,null,null,null,null,null,null,null,{"$f":"IF(AND($D67=\"Serviço\",AB$12<>0,$H67>0,OR(AUTOEVENTO<>\"manual\",$M67<>$A$15)),\n        IF(Import.TipoArredondamento<>\"TransfereGOV\",\n              ROUND(OFFSET($P67,0,AB$13),15-13*ORÇAMENTO!$AF$7)/$H67*OFFSET(ORÇAMENTO!$X$15,ROW(AB67)-ROW(AB$15),0),\n              ROUND(ROUND(OFFSET($P67,0,AB$13),15-13*ORÇAMENTO!$AF$7)*OFFSET(ORÇAMENTO!$W$15,ROW(AB67)-ROW(AB$15),0),15-13*ORÇAMENTO!$AF$11)),\n         0)","v":0},{"$f":"IF(AND($D67=\"Serviço\",AC$12<>0,$H67>0,OR(AUTOEVENTO<>\"manual\",$M67<>$A$15)),\n        IF(Import.TipoArredondamento<>\"TransfereGOV\",\n              ROUND(OFFSET($P67,0,AC$13),15-13*ORÇAMENTO!$AF$7)/$H67*OFFSET(ORÇAMENTO!$X$15,ROW(AC67)-ROW(AC$15),0),\n              ROUND(ROUND(OFFSET($P67,0,AC$13),15-13*ORÇAMENTO!$AF$7)*OFFSET(ORÇAMENTO!$W$15,ROW(AC67)-ROW(AC$15),0),15-13*ORÇAMENTO!$AF$11)),\n         0)","v":0},{"$f":"IF(AND($D67=\"Serviço\",AD$12<>0,$H67>0,OR(AUTOEVENTO<>\"manual\",$M67<>$A$15)),\n        IF(Import.TipoArredondamento<>\"TransfereGOV\",\n              ROUND(OFFSET($P67,0,AD$13),15-13*ORÇAMENTO!$AF$7)/$H67*OFFSET(ORÇAMENTO!$X$15,ROW(AD67)-ROW(AD$15),0),\n              ROUND(ROUND(OFFSET($P67,0,AD$13),15-13*ORÇAMENTO!$AF$7)*OFFSET(ORÇAMENTO!$W$15,ROW(AD67)-ROW(AD$15),0),15-13*ORÇAMENTO!$AF$11)),\n         0)","v":0},{"$f":"IF(AND($D67=\"Serviço\",AE$12<>0,$H67>0,OR(AUTOEVENTO<>\"manual\",$M67<>$A$15)),\n        IF(Import.TipoArredondamento<>\"TransfereGOV\",\n              ROUND(OFFSET($P67,0,AE$13),15-13*ORÇAMENTO!$AF$7)/$H67*OFFSET(ORÇAMENTO!$X$15,ROW(AE67)-ROW(AE$15),0),\n              ROUND(ROUND(OFFSET($P67,0,AE$13),15-13*ORÇAMENTO!$AF$7)*OFFSET(ORÇAMENTO!$W$15,ROW(AE67)-ROW(AE$15),0),15-13*ORÇAMENTO!$AF$11)),\n         0)","v":0},{"$f":"IF(AND($D67=\"Serviço\",AF$12<>0,$H67>0,OR(AUTOEVENTO<>\"manual\",$M67<>$A$15)),\n        IF(Import.TipoArredondamento<>\"TransfereGOV\",\n              ROUND(OFFSET($P67,0,AF$13),15-13*ORÇAMENTO!$AF$7)/$H67*OFFSET(ORÇAMENTO!$X$15,ROW(AF67)-ROW(AF$15),0),\n              ROUND(ROUND(OFFSET($P67,0,AF$13),15-13*ORÇAMENTO!$AF$7)*OFFSET(ORÇAMENTO!$W$15,ROW(AF67)-ROW(AF$15),0),15-13*ORÇAMENTO!$AF$11)),\n         0)","v":0},{"$f":"IF(AND($D67=\"Serviço\",AG$12<>0,$H67>0,OR(AUTOEVENTO<>\"manual\",$M67<>$A$15)),\n        IF(Import.TipoArredondamento<>\"TransfereGOV\",\n              ROUND(OFFSET($P67,0,AG$13),15-13*ORÇAMENTO!$AF$7)/$H67*OFFSET(ORÇAMENTO!$X$15,ROW(AG67)-ROW(AG$15),0),\n              ROUND(ROUND(OFFSET($P67,0,AG$13),15-13*ORÇAMENTO!$AF$7)*OFFSET(ORÇAMENTO!$W$15,ROW(AG67)-ROW(AG$15),0),15-13*ORÇAMENTO!$AF$11)),\n         0)","v":0},{"$f":"IF(AND($D67=\"Serviço\",AH$12<>0,$H67>0,OR(AUTOEVENTO<>\"manual\",$M67<>$A$15)),\n        IF(Import.TipoArredondamento<>\"TransfereGOV\",\n              ROUND(OFFSET($P67,0,AH$13),15-13*ORÇAMENTO!$AF$7)/$H67*OFFSET(ORÇAMENTO!$X$15,ROW(AH67)-ROW(AH$15),0),\n              ROUND(ROUND(OFFSET($P67,0,AH$13),15-13*ORÇAMENTO!$AF$7)*OFFSET(ORÇAMENTO!$W$15,ROW(AH67)-ROW(AH$15),0),15-13*ORÇAMENTO!$AF$11)),\n         0)","v":0},{"$f":"IF(AND($D67=\"Serviço\",AI$12<>0,$H67>0,OR(AUTOEVENTO<>\"manual\",$M67<>$A$15)),\n        IF(Import.TipoArredondamento<>\"TransfereGOV\",\n              ROUND(OFFSET($P67,0,AI$13),15-13*ORÇAMENTO!$AF$7)/$H67*OFFSET(ORÇAMENTO!$X$15,ROW(AI67)-ROW(AI$15),0),\n              ROUND(ROUND(OFFSET($P67,0,AI$13),15-13*ORÇAMENTO!$AF$7)*OFFSET(ORÇAMENTO!$W$15,ROW(AI67)-ROW(AI$15),0),15-13*ORÇAMENTO!$AF$11)),\n         0)","v":0},{"$f":"IF(AND($D67=\"Serviço\",AJ$12<>0,$H67>0,OR(AUTOEVENTO<>\"manual\",$M67<>$A$15)),\n        IF(Import.TipoArredondamento<>\"TransfereGOV\",\n              ROUND(OFFSET($P67,0,AJ$13),15-13*ORÇAMENTO!$AF$7)/$H67*OFFSET(ORÇAMENTO!$X$15,ROW(AJ67)-ROW(AJ$15),0),\n              ROUND(ROUND(OFFSET($P67,0,AJ$13),15-13*ORÇAMENTO!$AF$7)*OFFSET(ORÇAMENTO!$W$15,ROW(AJ67)-ROW(AJ$15),0),15-13*ORÇAMENTO!$AF$11)),\n         0)","v":0},{"$f":"IF(AND($D67=\"Serviço\",AK$12<>0,$H67>0,OR(AUTOEVENTO<>\"manual\",$M67<>$A$15)),\n        IF(Import.TipoArredondamento<>\"TransfereGOV\",\n              ROUND(OFFSET($P67,0,AK$13),15-13*ORÇAMENTO!$AF$7)/$H67*OFFSET(ORÇAMENTO!$X$15,ROW(AK67)-ROW(AK$15),0),\n              ROUND(ROUND(OFFSET($P67,0,AK$13),15-13*ORÇAMENTO!$AF$7)*OFFSET(ORÇAMENTO!$W$15,ROW(AK67)-ROW(AK$15),0),15-13*ORÇAMENTO!$AF$11)),\n         0)","v":0},null,{"$f":"IF(OR($D67<>\"Serviço\",AND(AUTOEVENTO=\"Manual\",$M67=$A$15)),0,\n         IF(OFFSET(CRONOPLE!$F$15,$M67-$A$15,AM$13)=0,10^12,OFFSET(CRONOPLE!$F$15,$M67-$A$15,AM$13)))","v":3},{"$f":"IF(OR($D67<>\"Serviço\",AND(AUTOEVENTO=\"Manual\",$M67=$A$15)),0,\n         IF(OFFSET(CRONOPLE!$F$15,$M67-$A$15,AN$13)=0,10^12,OFFSET(CRONOPLE!$F$15,$M67-$A$15,AN$13)))","v":3},{"$f":"IF(OR($D67<>\"Serviço\",AND(AUTOEVENTO=\"Manual\",$M67=$A$15)),0,\n         IF(OFFSET(CRONOPLE!$F$15,$M67-$A$15,AO$13)=0,10^12,OFFSET(CRONOPLE!$F$15,$M67-$A$15,AO$13)))","v":1},{"$f":"IF(OR($D67<>\"Serviço\",AND(AUTOEVENTO=\"Manual\",$M67=$A$15)),0,\n         IF(OFFSET(CRONOPLE!$F$15,$M67-$A$15,AP$13)=0,10^12,OFFSET(CRONOPLE!$F$15,$M67-$A$15,AP$13)))","v":1},{"$f":"IF(OR($D67<>\"Serviço\",AND(AUTOEVENTO=\"Manual\",$M67=$A$15)),0,\n         IF(OFFSET(CRONOPLE!$F$15,$M67-$A$15,AQ$13)=0,10^12,OFFSET(CRONOPLE!$F$15,$M67-$A$15,AQ$13)))","v":1000000000000},{"$f":"IF(OR($D67<>\"Serviço\",AND(AUTOEVENTO=\"Manual\",$M67=$A$15)),0,\n         IF(OFFSET(CRONOPLE!$F$15,$M67-$A$15,AR$13)=0,10^12,OFFSET(CRONOPLE!$F$15,$M67-$A$15,AR$13)))","v":1000000000000},{"$f":"IF(OR($D67<>\"Serviço\",AND(AUTOEVENTO=\"Manual\",$M67=$A$15)),0,\n         IF(OFFSET(CRONOPLE!$F$15,$M67-$A$15,AS$13)=0,10^12,OFFSET(CRONOPLE!$F$15,$M67-$A$15,AS$13)))","v":1000000000000},{"$f":"IF(OR($D67<>\"Serviço\",AND(AUTOEVENTO=\"Manual\",$M67=$A$15)),0,\n         IF(OFFSET(CRONOPLE!$F$15,$M67-$A$15,AT$13)=0,10^12,OFFSET(CRONOPLE!$F$15,$M67-$A$15,AT$13)))","v":1000000000000},{"$f":"IF(OR($D67<>\"Serviço\",AND(AUTOEVENTO=\"Manual\",$M67=$A$15)),0,\n         IF(OFFSET(CRONOPLE!$F$15,$M67-$A$15,AU$13)=0,10^12,OFFSET(CRONOPLE!$F$15,$M67-$A$15,AU$13)))","v":1000000000000},{"$f":"IF(OR($D67<>\"Serviço\",AND(AUTOEVENTO=\"Manual\",$M67=$A$15)),0,\n         IF(OFFSET(CRONOPLE!$F$15,$M67-$A$15,AV$13)=0,10^12,OFFSET(CRONOPLE!$F$15,$M67-$A$15,AV$13)))","v":1000000000000},null,{"$f":"IF(OR($D67<>\"Serviço\",AND(AUTOEVENTO=\"Manual\",$M67=$A$15),$M67>(ROW(PLE.lastrow)-ROW(PLE.firstrow))),0,\n           IF(OFFSET(PLE!$G$15,$M67-$A$15,AX$13)=\"\",10^12,OFFSET(PLE!$G$15,$M67-$A$15,AX$13)))","v":2},{"$f":"IF(OR($D67<>\"Serviço\",AND(AUTOEVENTO=\"Manual\",$M67=$A$15),$M67>(ROW(PLE.lastrow)-ROW(PLE.firstrow))),0,\n           IF(OFFSET(PLE!$G$15,$M67-$A$15,AY$13)=\"\",10^12,OFFSET(PLE!$G$15,$M67-$A$15,AY$13)))","v":3},{"$f":"IF(OR($D67<>\"Serviço\",AND(AUTOEVENTO=\"Manual\",$M67=$A$15),$M67>(ROW(PLE.lastrow)-ROW(PLE.firstrow))),0,\n           IF(OFFSET(PLE!$G$15,$M67-$A$15,AZ$13)=\"\",10^12,OFFSET(PLE!$G$15,$M67-$A$15,AZ$13)))","v":1000000000000},{"$f":"IF(OR($D67<>\"Serviço\",AND(AUTOEVENTO=\"Manual\",$M67=$A$15),$M67>(ROW(PLE.lastrow)-ROW(PLE.firstrow))),0,\n           IF(OFFSET(PLE!$G$15,$M67-$A$15,BA$13)=\"\",10^12,OFFSET(PLE!$G$15,$M67-$A$15,BA$13)))","v":1000000000000},{"$f":"IF(OR($D67<>\"Serviço\",AND(AUTOEVENTO=\"Manual\",$M67=$A$15),$M67>(ROW(PLE.lastrow)-ROW(PLE.firstrow))),0,\n           IF(OFFSET(PLE!$G$15,$M67-$A$15,BB$13)=\"\",10^12,OFFSET(PLE!$G$15,$M67-$A$15,BB$13)))","v":1000000000000},{"$f":"IF(OR($D67<>\"Serviço\",AND(AUTOEVENTO=\"Manual\",$M67=$A$15),$M67>(ROW(PLE.lastrow)-ROW(PLE.firstrow))),0,\n           IF(OFFSET(PLE!$G$15,$M67-$A$15,BC$13)=\"\",10^12,OFFSET(PLE!$G$15,$M67-$A$15,BC$13)))","v":1000000000000},{"$f":"IF(OR($D67<>\"Serviço\",AND(AUTOEVENTO=\"Manual\",$M67=$A$15),$M67>(ROW(PLE.lastrow)-ROW(PLE.firstrow))),0,\n           IF(OFFSET(PLE!$G$15,$M67-$A$15,BD$13)=\"\",10^12,OFFSET(PLE!$G$15,$M67-$A$15,BD$13)))","v":1000000000000},{"$f":"IF(OR($D67<>\"Serviço\",AND(AUTOEVENTO=\"Manual\",$M67=$A$15),$M67>(ROW(PLE.lastrow)-ROW(PLE.firstrow))),0,\n           IF(OFFSET(PLE!$G$15,$M67-$A$15,BE$13)=\"\",10^12,OFFSET(PLE!$G$15,$M67-$A$15,BE$13)))","v":1000000000000},{"$f":"IF(OR($D67<>\"Serviço\",AND(AUTOEVENTO=\"Manual\",$M67=$A$15),$M67>(ROW(PLE.lastrow)-ROW(PLE.firstrow))),0,\n           IF(OFFSET(PLE!$G$15,$M67-$A$15,BF$13)=\"\",10^12,OFFSET(PLE!$G$15,$M67-$A$15,BF$13)))","v":1000000000000},{"$f":"IF(OR($D67<>\"Serviço\",AND(AUTOEVENTO=\"Manual\",$M67=$A$15),$M67>(ROW(PLE.lastrow)-ROW(PLE.firstrow))),0,\n           IF(OFFSET(PLE!$G$15,$M67-$A$15,BG$13)=\"\",10^12,OFFSET(PLE!$G$15,$M67-$A$15,BG$13)))","v":1000000000000}]
[5,{"$f":"OFFSET(ORÇAMENTO!C$15,$L68,0)","v":"S"},{"$f":"OFFSET(ORÇAMENTO!L$15,$L68,0)","v":"F"},{"$f":"OFFSET(ORÇAMENTO!N$15,$L68,0)","v":"Serviço"},{"$f":"OFFSET(ORÇAMENTO!O$15,$L68,0)","v":"1.7.13."},{"$f":"OFFSET(ORÇAMENTO!R$15,$L68,0)","v":"IMPERMEABILIZAÇÃO DE SUPERFÍCIE COM EMULSÃO ASFÁLTICA, 2 DEMÃOS. AF_09/2023"},{"$f":"IF($D68<>\"Serviço\",\"\",OFFSET(ORÇAMENTO!S$15,$L68,0))","v":"M2"},{"$f":"IF($D68<>\"Serviço\",0,IF(ACOMPANHAMENTO=\"BM\",ROUND(OFFSET(ORÇAMENTO!AJ$15,$L68,0),15-13*ORÇAMENTO!$AF$7),IF(IFERROR(CÁLCULO.FrentesPreenchidas,0)=0,0,SUM(ROUND(OFFSET($P68,0,1,1,CÁLCULO.FrentesPreenchidas),15-13*ORÇAMENTO!$AF$7)))))","v":13.95},"ÁREA DE FORMA",{"$f":"IF(OR(B68<>\"S\",CÁLCULO.FrentesPreenchidas=0),\"\",IF(AND(ACOMPANHAMENTO=\"PLE\",AUTOEVENTO=\"Manual\",OR(H68>0,ORÇAMENTO!AC68=\"QUANT.\"),OR(K68=\"\",M68=0,N68=\"\")),\"►E\",IF(AND(ACOMPANHAMENTO=\"PLE\",ORÇAMENTO!AC68=\"QUANT.\"),\"►Q\",IF(AND(ACOMPANHAMENTO=\"PLE\",H68<>SUMPRODUCT(($Q$1:$AA$1=1)*ROUND(Q68:AA68,15))),\"►S\",IF(AND(COUNTIF($P$11:$AA$11,\"▼\")=0,H68>0,I68=\"\"),\"◄M\",\"\")))))","v":""},"5.Fundação Reforço Pilares",53,{"$f":"IF($D68<>\"Serviço\",\"\",\n          IF(AUTOEVENTO=\"manual\",$A68,\n                IF(ISERROR(MATCH($A68,$A$15:OFFSET($A68,-1,0),0)),MAX($M$15:OFFSET(M68,-1,0))+1,\n                      INDEX($M$15:OFFSET(M68,-1,0),MATCH($A68,$A$15:OFFSET($A68,-1,0),0)))))","v":5},{"$f":"IF($D68<>\"Serviço\",\"\",\n         IF(AUTOEVENTO=\"Manual\",\n                IF($A68=0,\"<-- defina o número do agrupador\",\n                       OFFSET(EVENTOS!$D$15,$A68-$A$15,0)),\n                OFFSET($F$15,$A68,0)))","v":"Rerforço Pilares"},null,null,{"$f":"Q62","v":6.9749999999999996},{"$f":"R62","v":6.9749999999999996},null,null,null,null,null,null,null,null,null,{"$f":"IF(AND($D68=\"Serviço\",AB$12<>0,$H68>0,OR(AUTOEVENTO<>\"manual\",$M68<>$A$15)),\n        IF(Import.TipoArredondamento<>\"TransfereGOV\",\n              ROUND(OFFSET($P68,0,AB$13),15-13*ORÇAMENTO!$AF$7)/$H68*OFFSET(ORÇAMENTO!$X$15,ROW(AB68)-ROW(AB$15),0),\n              ROUND(ROUND(OFFSET($P68,0,AB$13),15-13*ORÇAMENTO!$AF$7)*OFFSET(ORÇAMENTO!$W$15,ROW(AB68)-ROW(AB$15),0),15-13*ORÇAMENTO!$AF$11)),\n         0)","v":0},{"$f":"IF(AND($D68=\"Serviço\",AC$12<>0,$H68>0,OR(AUTOEVENTO<>\"manual\",$M68<>$A$15)),\n        IF(Import.TipoArredondamento<>\"TransfereGOV\",\n              ROUND(OFFSET($P68,0,AC$13),15-13*ORÇAMENTO!$AF$7)/$H68*OFFSET(ORÇAMENTO!$X$15,ROW(AC68)-ROW(AC$15),0),\n              ROUND(ROUND(OFFSET($P68,0,AC$13),15-13*ORÇAMENTO!$AF$7)*OFFSET(ORÇAMENTO!$W$15,ROW(AC68)-ROW(AC$15),0),15-13*ORÇAMENTO!$AF$11)),\n         0)","v":0},{"$f":"IF(AND($D68=\"Serviço\",AD$12<>0,$H68>0,OR(AUTOEVENTO<>\"manual\",$M68<>$A$15)),\n        IF(Import.TipoArredondamento<>\"TransfereGOV\",\n              ROUND(OFFSET($P68,0,AD$13),15-13*ORÇAMENTO!$AF$7)/$H68*OFFSET(ORÇAMENTO!$X$15,ROW(AD68)-ROW(AD$15),0),\n              ROUND(ROUND(OFFSET($P68,0,AD$13),15-13*ORÇAMENTO!$AF$7)*OFFSET(ORÇAMENTO!$W$15,ROW(AD68)-ROW(AD$15),0),15-13*ORÇAMENTO!$AF$11)),\n         0)","v":0},{"$f":"IF(AND($D68=\"Serviço\",AE$12<>0,$H68>0,OR(AUTOEVENTO<>\"manual\",$M68<>$A$15)),\n        IF(Import.TipoArredondamento<>\"TransfereGOV\",\n              ROUND(OFFSET($P68,0,AE$13),15-13*ORÇAMENTO!$AF$7)/$H68*OFFSET(ORÇAMENTO!$X$15,ROW(AE68)-ROW(AE$15),0),\n              ROUND(ROUND(OFFSET($P68,0,AE$13),15-13*ORÇAMENTO!$AF$7)*OFFSET(ORÇAMENTO!$W$15,ROW(AE68)-ROW(AE$15),0),15-13*ORÇAMENTO!$AF$11)),\n         0)","v":0},{"$f":"IF(AND($D68=\"Serviço\",AF$12<>0,$H68>0,OR(AUTOEVENTO<>\"manual\",$M68<>$A$15)),\n        IF(Import.TipoArredondamento<>\"TransfereGOV\",\n              ROUND(OFFSET($P68,0,AF$13),15-13*ORÇAMENTO!$AF$7)/$H68*OFFSET(ORÇAMENTO!$X$15,ROW(AF68)-ROW(AF$15),0),\n              ROUND(ROUND(OFFSET($P68,0,AF$13),15-13*ORÇAMENTO!$AF$7)*OFFSET(ORÇAMENTO!$W$15,ROW(AF68)-ROW(AF$15),0),15-13*ORÇAMENTO!$AF$11)),\n         0)","v":0},{"$f":"IF(AND($D68=\"Serviço\",AG$12<>0,$H68>0,OR(AUTOEVENTO<>\"manual\",$M68<>$A$15)),\n        IF(Import.TipoArredondamento<>\"TransfereGOV\",\n              ROUND(OFFSET($P68,0,AG$13),15-13*ORÇAMENTO!$AF$7)/$H68*OFFSET(ORÇAMENTO!$X$15,ROW(AG68)-ROW(AG$15),0),\n              ROUND(ROUND(OFFSET($P68,0,AG$13),15-13*ORÇAMENTO!$AF$7)*OFFSET(ORÇAMENTO!$W$15,ROW(AG68)-ROW(AG$15),0),15-13*ORÇAMENTO!$AF$11)),\n         0)","v":0},{"$f":"IF(AND($D68=\"Serviço\",AH$12<>0,$H68>0,OR(AUTOEVENTO<>\"manual\",$M68<>$A$15)),\n        IF(Import.TipoArredondamento<>\"TransfereGOV\",\n              ROUND(OFFSET($P68,0,AH$13),15-13*ORÇAMENTO!$AF$7)/$H68*OFFSET(ORÇAMENTO!$X$15,ROW(AH68)-ROW(AH$15),0),\n              ROUND(ROUND(OFFSET($P68,0,AH$13),15-13*ORÇAMENTO!$AF$7)*OFFSET(ORÇAMENTO!$W$15,ROW(AH68)-ROW(AH$15),0),15-13*ORÇAMENTO!$AF$11)),\n         0)","v":0},{"$f":"IF(AND($D68=\"Serviço\",AI$12<>0,$H68>0,OR(AUTOEVENTO<>\"manual\",$M68<>$A$15)),\n        IF(Import.TipoArredondamento<>\"TransfereGOV\",\n              ROUND(OFFSET($P68,0,AI$13),15-13*ORÇAMENTO!$AF$7)/$H68*OFFSET(ORÇAMENTO!$X$15,ROW(AI68)-ROW(AI$15),0),\n              ROUND(ROUND(OFFSET($P68,0,AI$13),15-13*ORÇAMENTO!$AF$7)*OFFSET(ORÇAMENTO!$W$15,ROW(AI68)-ROW(AI$15),0),15-13*ORÇAMENTO!$AF$11)),\n         0)","v":0},{"$f":"IF(AND($D68=\"Serviço\",AJ$12<>0,$H68>0,OR(AUTOEVENTO<>\"manual\",$M68<>$A$15)),\n        IF(Import.TipoArredondamento<>\"TransfereGOV\",\n              ROUND(OFFSET($P68,0,AJ$13),15-13*ORÇAMENTO!$AF$7)/$H68*OFFSET(ORÇAMENTO!$X$15,ROW(AJ68)-ROW(AJ$15),0),\n              ROUND(ROUND(OFFSET($P68,0,AJ$13),15-13*ORÇAMENTO!$AF$7)*OFFSET(ORÇAMENTO!$W$15,ROW(AJ68)-ROW(AJ$15),0),15-13*ORÇAMENTO!$AF$11)),\n         0)","v":0},{"$f":"IF(AND($D68=\"Serviço\",AK$12<>0,$H68>0,OR(AUTOEVENTO<>\"manual\",$M68<>$A$15)),\n        IF(Import.TipoArredondamento<>\"TransfereGOV\",\n              ROUND(OFFSET($P68,0,AK$13),15-13*ORÇAMENTO!$AF$7)/$H68*OFFSET(ORÇAMENTO!$X$15,ROW(AK68)-ROW(AK$15),0),\n              ROUND(ROUND(OFFSET($P68,0,AK$13),15-13*ORÇAMENTO!$AF$7)*OFFSET(ORÇAMENTO!$W$15,ROW(AK68)-ROW(AK$15),0),15-13*ORÇAMENTO!$AF$11)),\n         0)","v":0},null,{"$f":"IF(OR($D68<>\"Serviço\",AND(AUTOEVENTO=\"Manual\",$M68=$A$15)),0,\n         IF(OFFSET(CRONOPLE!$F$15,$M68-$A$15,AM$13)=0,10^12,OFFSET(CRONOPLE!$F$15,$M68-$A$15,AM$13)))","v":3},{"$f":"IF(OR($D68<>\"Serviço\",AND(AUTOEVENTO=\"Manual\",$M68=$A$15)),0,\n         IF(OFFSET(CRONOPLE!$F$15,$M68-$A$15,AN$13)=0,10^12,OFFSET(CRONOPLE!$F$15,$M68-$A$15,AN$13)))","v":3},{"$f":"IF(OR($D68<>\"Serviço\",AND(AUTOEVENTO=\"Manual\",$M68=$A$15)),0,\n         IF(OFFSET(CRONOPLE!$F$15,$M68-$A$15,AO$13)=0,10^12,OFFSET(CRONOPLE!$F$15,$M68-$A$15,AO$13)))","v":1},{"$f":"IF(OR($D68<>\"Serviço\",AND(AUTOEVENTO=\"Manual\",$M68=$A$15)),0,\n         IF(OFFSET(CRONOPLE!$F$15,$M68-$A$15,AP$13)=0,10^12,OFFSET(CRONOPLE!$F$15,$M68-$A$15,AP$13)))","v":1},{"$f":"IF(OR($D68<>\"Serviço\",AND(AUTOEVENTO=\"Manual\",$M68=$A$15)),0,\n         IF(OFFSET(CRONOPLE!$F$15,$M68-$A$15,AQ$13)=0,10^12,OFFSET(CRONOPLE!$F$15,$M68-$A$15,AQ$13)))","v":1000000000000},{"$f":"IF(OR($D68<>\"Serviço\",AND(AUTOEVENTO=\"Manual\",$M68=$A$15)),0,\n         IF(OFFSET(CRONOPLE!$F$15,$M68-$A$15,AR$13)=0,10^12,OFFSET(CRONOPLE!$F$15,$M68-$A$15,AR$13)))","v":1000000000000},{"$f":"IF(OR($D68<>\"Serviço\",AND(AUTOEVENTO=\"Manual\",$M68=$A$15)),0,\n         IF(OFFSET(CRONOPLE!$F$15,$M68-$A$15,AS$13)=0,10^12,OFFSET(CRONOPLE!$F$15,$M68-$A$15,AS$13)))","v":1000000000000},{"$f":"IF(OR($D68<>\"Serviço\",AND(AUTOEVENTO=\"Manual\",$M68=$A$15)),0,\n         IF(OFFSET(CRONOPLE!$F$15,$M68-$A$15,AT$13)=0,10^12,OFFSET(CRONOPLE!$F$15,$M68-$A$15,AT$13)))","v":1000000000000},{"$f":"IF(OR($D68<>\"Serviço\",AND(AUTOEVENTO=\"Manual\",$M68=$A$15)),0,\n         IF(OFFSET(CRONOPLE!$F$15,$M68-$A$15,AU$13)=0,10^12,OFFSET(CRONOPLE!$F$15,$M68-$A$15,AU$13)))","v":1000000000000},{"$f":"IF(OR($D68<>\"Serviço\",AND(AUTOEVENTO=\"Manual\",$M68=$A$15)),0,\n         IF(OFFSET(CRONOPLE!$F$15,$M68-$A$15,AV$13)=0,10^12,OFFSET(CRONOPLE!$F$15,$M68-$A$15,AV$13)))","v":1000000000000},null,{"$f":"IF(OR($D68<>\"Serviço\",AND(AUTOEVENTO=\"Manual\",$M68=$A$15),$M68>(ROW(PLE.lastrow)-ROW(PLE.firstrow))),0,\n           IF(OFFSET(PLE!$G$15,$M68-$A$15,AX$13)=\"\",10^12,OFFSET(PLE!$G$15,$M68-$A$15,AX$13)))","v":2},{"$f":"IF(OR($D68<>\"Serviço\",AND(AUTOEVENTO=\"Manual\",$M68=$A$15),$M68>(ROW(PLE.lastrow)-ROW(PLE.firstrow))),0,\n           IF(OFFSET(PLE!$G$15,$M68-$A$15,AY$13)=\"\",10^12,OFFSET(PLE!$G$15,$M68-$A$15,AY$13)))","v":3},{"$f":"IF(OR($D68<>\"Serviço\",AND(AUTOEVENTO=\"Manual\",$M68=$A$15),$M68>(ROW(PLE.lastrow)-ROW(PLE.firstrow))),0,\n           IF(OFFSET(PLE!$G$15,$M68-$A$15,AZ$13)=\"\",10^12,OFFSET(PLE!$G$15,$M68-$A$15,AZ$13)))","v":1000000000000},{"$f":"IF(OR($D68<>\"Serviço\",AND(AUTOEVENTO=\"Manual\",$M68=$A$15),$M68>(ROW(PLE.lastrow)-ROW(PLE.firstrow))),0,\n           IF(OFFSET(PLE!$G$15,$M68-$A$15,BA$13)=\"\",10^12,OFFSET(PLE!$G$15,$M68-$A$15,BA$13)))","v":1000000000000},{"$f":"IF(OR($D68<>\"Serviço\",AND(AUTOEVENTO=\"Manual\",$M68=$A$15),$M68>(ROW(PLE.lastrow)-ROW(PLE.firstrow))),0,\n           IF(OFFSET(PLE!$G$15,$M68-$A$15,BB$13)=\"\",10^12,OFFSET(PLE!$G$15,$M68-$A$15,BB$13)))","v":1000000000000},{"$f":"IF(OR($D68<>\"Serviço\",AND(AUTOEVENTO=\"Manual\",$M68=$A$15),$M68>(ROW(PLE.lastrow)-ROW(PLE.firstrow))),0,\n           IF(OFFSET(PLE!$G$15,$M68-$A$15,BC$13)=\"\",10^12,OFFSET(PLE!$G$15,$M68-$A$15,BC$13)))","v":1000000000000},{"$f":"IF(OR($D68<>\"Serviço\",AND(AUTOEVENTO=\"Manual\",$M68=$A$15),$M68>(ROW(PLE.lastrow)-ROW(PLE.firstrow))),0,\n           IF(OFFSET(PLE!$G$15,$M68-$A$15,BD$13)=\"\",10^12,OFFSET(PLE!$G$15,$M68-$A$15,BD$13)))","v":1000000000000},{"$f":"IF(OR($D68<>\"Serviço\",AND(AUTOEVENTO=\"Manual\",$M68=$A$15),$M68>(ROW(PLE.lastrow)-ROW(PLE.firstrow))),0,\n           IF(OFFSET(PLE!$G$15,$M68-$A$15,BE$13)=\"\",10^12,OFFSET(PLE!$G$15,$M68-$A$15,BE$13)))","v":1000000000000},{"$f":"IF(OR($D68<>\"Serviço\",AND(AUTOEVENTO=\"Manual\",$M68=$A$15),$M68>(ROW(PLE.lastrow)-ROW(PLE.firstrow))),0,\n           IF(OFFSET(PLE!$G$15,$M68-$A$15,BF$13)=\"\",10^12,OFFSET(PLE!$G$15,$M68-$A$15,BF$13)))","v":1000000000000},{"$f":"IF(OR($D68<>\"Serviço\",AND(AUTOEVENTO=\"Manual\",$M68=$A$15),$M68>(ROW(PLE.lastrow)-ROW(PLE.firstrow))),0,\n           IF(OFFSET(PLE!$G$15,$M68-$A$15,BG$13)=\"\",10^12,OFFSET(PLE!$G$15,$M68-$A$15,BG$13)))","v":1000000000000}]
[5,{"$f":"OFFSET(ORÇAMENTO!C$15,$L69,0)","v":"S"},{"$f":"OFFSET(ORÇAMENTO!L$15,$L69,0)","v":"F"},{"$f":"OFFSET(ORÇAMENTO!N$15,$L69,0)","v":"Serviço"},{"$f":"OFFSET(ORÇAMENTO!O$15,$L69,0)","v":"1.7.14."},{"$f":"OFFSET(ORÇAMENTO!R$15,$L69,0)","v":"REATERRO MANUAL DE VALAS, COM COMPACTADOR DE SOLOS DE PERCUSSÃO. AF_08/2023"},{"$f":"IF($D69<>\"Serviço\",\"\",OFFSET(ORÇAMENTO!S$15,$L69,0))","v":"M3"},{"$f":"IF($D69<>\"Serviço\",0,IF(ACOMPANHAMENTO=\"BM\",ROUND(OFFSET(ORÇAMENTO!AJ$15,$L69,0),15-13*ORÇAMENTO!$AF$7),IF(IFERROR(CÁLCULO.FrentesPreenchidas,0)=0,0,SUM(ROUND(OFFSET($P69,0,1,1,CÁLCULO.FrentesPreenchidas),15-13*ORÇAMENTO!$AF$7)))))","v":1.61},"ESCAVAÇÃO - CONCRETO",{"$f":"IF(OR(B69<>\"S\",CÁLCULO.FrentesPreenchidas=0),\"\",IF(AND(ACOMPANHAMENTO=\"PLE\",AUTOEVENTO=\"Manual\",OR(H69>0,ORÇAMENTO!AC69=\"QUANT.\"),OR(K69=\"\",M69=0,N69=\"\")),\"►E\",IF(AND(ACOMPANHAMENTO=\"PLE\",ORÇAMENTO!AC69=\"QUANT.\"),\"►Q\",IF(AND(ACOMPANHAMENTO=\"PLE\",H69<>SUMPRODUCT(($Q$1:$AA$1=1)*ROUND(Q69:AA69,15))),\"►S\",IF(AND(COUNTIF($P$11:$AA$11,\"▼\")=0,H69>0,I69=\"\"),\"◄M\",\"\")))))","v":""},"5.Fundação Reforço Pilares",54,{"$f":"IF($D69<>\"Serviço\",\"\",\n          IF(AUTOEVENTO=\"manual\",$A69,\n                IF(ISERROR(MATCH($A69,$A$15:OFFSET($A69,-1,0),0)),MAX($M$15:OFFSET(M69,-1,0))+1,\n                      INDEX($M$15:OFFSET(M69,-1,0),MATCH($A69,$A$15:OFFSET($A69,-1,0),0)))))","v":5},{"$f":"IF($D69<>\"Serviço\",\"\",\n         IF(AUTOEVENTO=\"Manual\",\n                IF($A69=0,\"<-- defina o número do agrupador\",\n                       OFFSET(EVENTOS!$D$15,$A69-$A$15,0)),\n                OFFSET($F$15,$A69,0)))","v":"Rerforço Pilares"},null,null,{"$f":"Q60-Q66","v":0.80700000000000016},{"$f":"R60-R66","v":0.80700000000000016},null,null,null,null,null,null,null,null,null,{"$f":"IF(AND($D69=\"Serviço\",AB$12<>0,$H69>0,OR(AUTOEVENTO<>\"manual\",$M69<>$A$15)),\n        IF(Import.TipoArredondamento<>\"TransfereGOV\",\n              ROUND(OFFSET($P69,0,AB$13),15-13*ORÇAMENTO!$AF$7)/$H69*OFFSET(ORÇAMENTO!$X$15,ROW(AB69)-ROW(AB$15),0),\n              ROUND(ROUND(OFFSET($P69,0,AB$13),15-13*ORÇAMENTO!$AF$7)*OFFSET(ORÇAMENTO!$W$15,ROW(AB69)-ROW(AB$15),0),15-13*ORÇAMENTO!$AF$11)),\n         0)","v":0},{"$f":"IF(AND($D69=\"Serviço\",AC$12<>0,$H69>0,OR(AUTOEVENTO<>\"manual\",$M69<>$A$15)),\n        IF(Import.TipoArredondamento<>\"TransfereGOV\",\n              ROUND(OFFSET($P69,0,AC$13),15-13*ORÇAMENTO!$AF$7)/$H69*OFFSET(ORÇAMENTO!$X$15,ROW(AC69)-ROW(AC$15),0),\n              ROUND(ROUND(OFFSET($P69,0,AC$13),15-13*ORÇAMENTO!$AF$7)*OFFSET(ORÇAMENTO!$W$15,ROW(AC69)-ROW(AC$15),0),15-13*ORÇAMENTO!$AF$11)),\n         0)","v":0},{"$f":"IF(AND($D69=\"Serviço\",AD$12<>0,$H69>0,OR(AUTOEVENTO<>\"manual\",$M69<>$A$15)),\n        IF(Import.TipoArredondamento<>\"TransfereGOV\",\n              ROUND(OFFSET($P69,0,AD$13),15-13*ORÇAMENTO!$AF$7)/$H69*OFFSET(ORÇAMENTO!$X$15,ROW(AD69)-ROW(AD$15),0),\n              ROUND(ROUND(OFFSET($P69,0,AD$13),15-13*ORÇAMENTO!$AF$7)*OFFSET(ORÇAMENTO!$W$15,ROW(AD69)-ROW(AD$15),0),15-13*ORÇAMENTO!$AF$11)),\n         0)","v":0},{"$f":"IF(AND($D69=\"Serviço\",AE$12<>0,$H69>0,OR(AUTOEVENTO<>\"manual\",$M69<>$A$15)),\n        IF(Import.TipoArredondamento<>\"TransfereGOV\",\n              ROUND(OFFSET($P69,0,AE$13),15-13*ORÇAMENTO!$AF$7)/$H69*OFFSET(ORÇAMENTO!$X$15,ROW(AE69)-ROW(AE$15),0),\n              ROUND(ROUND(OFFSET($P69,0,AE$13),15-13*ORÇAMENTO!$AF$7)*OFFSET(ORÇAMENTO!$W$15,ROW(AE69)-ROW(AE$15),0),15-13*ORÇAMENTO!$AF$11)),\n         0)","v":0},{"$f":"IF(AND($D69=\"Serviço\",AF$12<>0,$H69>0,OR(AUTOEVENTO<>\"manual\",$M69<>$A$15)),\n        IF(Import.TipoArredondamento<>\"TransfereGOV\",\n              ROUND(OFFSET($P69,0,AF$13),15-13*ORÇAMENTO!$AF$7)/$H69*OFFSET(ORÇAMENTO!$X$15,ROW(AF69)-ROW(AF$15),0),\n              ROUND(ROUND(OFFSET($P69,0,AF$13),15-13*ORÇAMENTO!$AF$7)*OFFSET(ORÇAMENTO!$W$15,ROW(AF69)-ROW(AF$15),0),15-13*ORÇAMENTO!$AF$11)),\n         0)","v":0},{"$f":"IF(AND($D69=\"Serviço\",AG$12<>0,$H69>0,OR(AUTOEVENTO<>\"manual\",$M69<>$A$15)),\n        IF(Import.TipoArredondamento<>\"TransfereGOV\",\n              ROUND(OFFSET($P69,0,AG$13),15-13*ORÇAMENTO!$AF$7)/$H69*OFFSET(ORÇAMENTO!$X$15,ROW(AG69)-ROW(AG$15),0),\n              ROUND(ROUND(OFFSET($P69,0,AG$13),15-13*ORÇAMENTO!$AF$7)*OFFSET(ORÇAMENTO!$W$15,ROW(AG69)-ROW(AG$15),0),15-13*ORÇAMENTO!$AF$11)),\n         0)","v":0},{"$f":"IF(AND($D69=\"Serviço\",AH$12<>0,$H69>0,OR(AUTOEVENTO<>\"manual\",$M69<>$A$15)),\n        IF(Import.TipoArredondamento<>\"TransfereGOV\",\n              ROUND(OFFSET($P69,0,AH$13),15-13*ORÇAMENTO!$AF$7)/$H69*OFFSET(ORÇAMENTO!$X$15,ROW(AH69)-ROW(AH$15),0),\n              ROUND(ROUND(OFFSET($P69,0,AH$13),15-13*ORÇAMENTO!$AF$7)*OFFSET(ORÇAMENTO!$W$15,ROW(AH69)-ROW(AH$15),0),15-13*ORÇAMENTO!$AF$11)),\n         0)","v":0},{"$f":"IF(AND($D69=\"Serviço\",AI$12<>0,$H69>0,OR(AUTOEVENTO<>\"manual\",$M69<>$A$15)),\n        IF(Import.TipoArredondamento<>\"TransfereGOV\",\n              ROUND(OFFSET($P69,0,AI$13),15-13*ORÇAMENTO!$AF$7)/$H69*OFFSET(ORÇAMENTO!$X$15,ROW(AI69)-ROW(AI$15),0),\n              ROUND(ROUND(OFFSET($P69,0,AI$13),15-13*ORÇAMENTO!$AF$7)*OFFSET(ORÇAMENTO!$W$15,ROW(AI69)-ROW(AI$15),0),15-13*ORÇAMENTO!$AF$11)),\n         0)","v":0},{"$f":"IF(AND($D69=\"Serviço\",AJ$12<>0,$H69>0,OR(AUTOEVENTO<>\"manual\",$M69<>$A$15)),\n        IF(Import.TipoArredondamento<>\"TransfereGOV\",\n              ROUND(OFFSET($P69,0,AJ$13),15-13*ORÇAMENTO!$AF$7)/$H69*OFFSET(ORÇAMENTO!$X$15,ROW(AJ69)-ROW(AJ$15),0),\n              ROUND(ROUND(OFFSET($P69,0,AJ$13),15-13*ORÇAMENTO!$AF$7)*OFFSET(ORÇAMENTO!$W$15,ROW(AJ69)-ROW(AJ$15),0),15-13*ORÇAMENTO!$AF$11)),\n         0)","v":0},{"$f":"IF(AND($D69=\"Serviço\",AK$12<>0,$H69>0,OR(AUTOEVENTO<>\"manual\",$M69<>$A$15)),\n        IF(Import.TipoArredondamento<>\"TransfereGOV\",\n              ROUND(OFFSET($P69,0,AK$13),15-13*ORÇAMENTO!$AF$7)/$H69*OFFSET(ORÇAMENTO!$X$15,ROW(AK69)-ROW(AK$15),0),\n              ROUND(ROUND(OFFSET($P69,0,AK$13),15-13*ORÇAMENTO!$AF$7)*OFFSET(ORÇAMENTO!$W$15,ROW(AK69)-ROW(AK$15),0),15-13*ORÇAMENTO!$AF$11)),\n         0)","v":0},null,{"$f":"IF(OR($D69<>\"Serviço\",AND(AUTOEVENTO=\"Manual\",$M69=$A$15)),0,\n         IF(OFFSET(CRONOPLE!$F$15,$M69-$A$15,AM$13)=0,10^12,OFFSET(CRONOPLE!$F$15,$M69-$A$15,AM$13)))","v":3},{"$f":"IF(OR($D69<>\"Serviço\",AND(AUTOEVENTO=\"Manual\",$M69=$A$15)),0,\n         IF(OFFSET(CRONOPLE!$F$15,$M69-$A$15,AN$13)=0,10^12,OFFSET(CRONOPLE!$F$15,$M69-$A$15,AN$13)))","v":3},{"$f":"IF(OR($D69<>\"Serviço\",AND(AUTOEVENTO=\"Manual\",$M69=$A$15)),0,\n         IF(OFFSET(CRONOPLE!$F$15,$M69-$A$15,AO$13)=0,10^12,OFFSET(CRONOPLE!$F$15,$M69-$A$15,AO$13)))","v":1},{"$f":"IF(OR($D69<>\"Serviço\",AND(AUTOEVENTO=\"Manual\",$M69=$A$15)),0,\n         IF(OFFSET(CRONOPLE!$F$15,$M69-$A$15,AP$13)=0,10^12,OFFSET(CRONOPLE!$F$15,$M69-$A$15,AP$13)))","v":1},{"$f":"IF(OR($D69<>\"Serviço\",AND(AUTOEVENTO=\"Manual\",$M69=$A$15)),0,\n         IF(OFFSET(CRONOPLE!$F$15,$M69-$A$15,AQ$13)=0,10^12,OFFSET(CRONOPLE!$F$15,$M69-$A$15,AQ$13)))","v":1000000000000},{"$f":"IF(OR($D69<>\"Serviço\",AND(AUTOEVENTO=\"Manual\",$M69=$A$15)),0,\n         IF(OFFSET(CRONOPLE!$F$15,$M69-$A$15,AR$13)=0,10^12,OFFSET(CRONOPLE!$F$15,$M69-$A$15,AR$13)))","v":1000000000000},{"$f":"IF(OR($D69<>\"Serviço\",AND(AUTOEVENTO=\"Manual\",$M69=$A$15)),0,\n         IF(OFFSET(CRONOPLE!$F$15,$M69-$A$15,AS$13)=0,10^12,OFFSET(CRONOPLE!$F$15,$M69-$A$15,AS$13)))","v":1000000000000},{"$f":"IF(OR($D69<>\"Serviço\",AND(AUTOEVENTO=\"Manual\",$M69=$A$15)),0,\n         IF(OFFSET(CRONOPLE!$F$15,$M69-$A$15,AT$13)=0,10^12,OFFSET(CRONOPLE!$F$15,$M69-$A$15,AT$13)))","v":1000000000000},{"$f":"IF(OR($D69<>\"Serviço\",AND(AUTOEVENTO=\"Manual\",$M69=$A$15)),0,\n         IF(OFFSET(CRONOPLE!$F$15,$M69-$A$15,AU$13)=0,10^12,OFFSET(CRONOPLE!$F$15,$M69-$A$15,AU$13)))","v":1000000000000},{"$f":"IF(OR($D69<>\"Serviço\",AND(AUTOEVENTO=\"Manual\",$M69=$A$15)),0,\n         IF(OFFSET(CRONOPLE!$F$15,$M69-$A$15,AV$13)=0,10^12,OFFSET(CRONOPLE!$F$15,$M69-$A$15,AV$13)))","v":1000000000000},null,{"$f":"IF(OR($D69<>\"Serviço\",AND(AUTOEVENTO=\"Manual\",$M69=$A$15),$M69>(ROW(PLE.lastrow)-ROW(PLE.firstrow))),0,\n           IF(OFFSET(PLE!$G$15,$M69-$A$15,AX$13)=\"\",10^12,OFFSET(PLE!$G$15,$M69-$A$15,AX$13)))","v":2},{"$f":"IF(OR($D69<>\"Serviço\",AND(AUTOEVENTO=\"Manual\",$M69=$A$15),$M69>(ROW(PLE.lastrow)-ROW(PLE.firstrow))),0,\n           IF(OFFSET(PLE!$G$15,$M69-$A$15,AY$13)=\"\",10^12,OFFSET(PLE!$G$15,$M69-$A$15,AY$13)))","v":3},{"$f":"IF(OR($D69<>\"Serviço\",AND(AUTOEVENTO=\"Manual\",$M69=$A$15),$M69>(ROW(PLE.lastrow)-ROW(PLE.firstrow))),0,\n           IF(OFFSET(PLE!$G$15,$M69-$A$15,AZ$13)=\"\",10^12,OFFSET(PLE!$G$15,$M69-$A$15,AZ$13)))","v":1000000000000},{"$f":"IF(OR($D69<>\"Serviço\",AND(AUTOEVENTO=\"Manual\",$M69=$A$15),$M69>(ROW(PLE.lastrow)-ROW(PLE.firstrow))),0,\n           IF(OFFSET(PLE!$G$15,$M69-$A$15,BA$13)=\"\",10^12,OFFSET(PLE!$G$15,$M69-$A$15,BA$13)))","v":1000000000000},{"$f":"IF(OR($D69<>\"Serviço\",AND(AUTOEVENTO=\"Manual\",$M69=$A$15),$M69>(ROW(PLE.lastrow)-ROW(PLE.firstrow))),0,\n           IF(OFFSET(PLE!$G$15,$M69-$A$15,BB$13)=\"\",10^12,OFFSET(PLE!$G$15,$M69-$A$15,BB$13)))","v":1000000000000},{"$f":"IF(OR($D69<>\"Serviço\",AND(AUTOEVENTO=\"Manual\",$M69=$A$15),$M69>(ROW(PLE.lastrow)-ROW(PLE.firstrow))),0,\n           IF(OFFSET(PLE!$G$15,$M69-$A$15,BC$13)=\"\",10^12,OFFSET(PLE!$G$15,$M69-$A$15,BC$13)))","v":1000000000000},{"$f":"IF(OR($D69<>\"Serviço\",AND(AUTOEVENTO=\"Manual\",$M69=$A$15),$M69>(ROW(PLE.lastrow)-ROW(PLE.firstrow))),0,\n           IF(OFFSET(PLE!$G$15,$M69-$A$15,BD$13)=\"\",10^12,OFFSET(PLE!$G$15,$M69-$A$15,BD$13)))","v":1000000000000},{"$f":"IF(OR($D69<>\"Serviço\",AND(AUTOEVENTO=\"Manual\",$M69=$A$15),$M69>(ROW(PLE.lastrow)-ROW(PLE.firstrow))),0,\n           IF(OFFSET(PLE!$G$15,$M69-$A$15,BE$13)=\"\",10^12,OFFSET(PLE!$G$15,$M69-$A$15,BE$13)))","v":1000000000000},{"$f":"IF(OR($D69<>\"Serviço\",AND(AUTOEVENTO=\"Manual\",$M69=$A$15),$M69>(ROW(PLE.lastrow)-ROW(PLE.firstrow))),0,\n           IF(OFFSET(PLE!$G$15,$M69-$A$15,BF$13)=\"\",10^12,OFFSET(PLE!$G$15,$M69-$A$15,BF$13)))","v":1000000000000},{"$f":"IF(OR($D69<>\"Serviço\",AND(AUTOEVENTO=\"Manual\",$M69=$A$15),$M69>(ROW(PLE.lastrow)-ROW(PLE.firstrow))),0,\n           IF(OFFSET(PLE!$G$15,$M69-$A$15,BG$13)=\"\",10^12,OFFSET(PLE!$G$15,$M69-$A$15,BG$13)))","v":1000000000000}]
[8,{"$f":"OFFSET(ORÇAMENTO!C$15,$L70,0)","v":2},{"$f":"OFFSET(ORÇAMENTO!L$15,$L70,0)","v":"F"},{"$f":"OFFSET(ORÇAMENTO!N$15,$L70,0)","v":"Nível 2"},{"$f":"OFFSET(ORÇAMENTO!O$15,$L70,0)","v":"1.8."},{"$f":"OFFSET(ORÇAMENTO!R$15,$L70,0)","v":"ESTRUTURA METÁLICA E COBERTURA"},{"$f":"IF($D70<>\"Serviço\",\"\",OFFSET(ORÇAMENTO!S$15,$L70,0))","v":""},{"$f":"IF($D70<>\"Serviço\",0,IF(ACOMPANHAMENTO=\"BM\",ROUND(OFFSET(ORÇAMENTO!AJ$15,$L70,0),15-13*ORÇAMENTO!$AF$7),IF(IFERROR(CÁLCULO.FrentesPreenchidas,0)=0,0,SUM(ROUND(OFFSET($P70,0,1,1,CÁLCULO.FrentesPreenchidas),15-13*ORÇAMENTO!$AF$7)))))","v":0},null,{"$f":"IF(OR(B70<>\"S\",CÁLCULO.FrentesPreenchidas=0),\"\",IF(AND(ACOMPANHAMENTO=\"PLE\",AUTOEVENTO=\"Manual\",OR(H70>0,ORÇAMENTO!AC70=\"QUANT.\"),OR(K70=\"\",M70=0,N70=\"\")),\"►E\",IF(AND(ACOMPANHAMENTO=\"PLE\",ORÇAMENTO!AC70=\"QUANT.\"),\"►Q\",IF(AND(ACOMPANHAMENTO=\"PLE\",H70<>SUMPRODUCT(($Q$1:$AA$1=1)*ROUND(Q70:AA70,15))),\"►S\",IF(AND(COUNTIF($P$11:$AA$11,\"▼\")=0,H70>0,I70=\"\"),\"◄M\",\"\")))))","v":""},"8.Implan. asfáltica - Pavimento",55,{"$f":"IF($D70<>\"Serviço\",\"\",\n          IF(AUTOEVENTO=\"manual\",$A70,\n                IF(ISERROR(MATCH($A70,$A$15:OFFSET($A70,-1,0),0)),MAX($M$15:OFFSET(M70,-1,0))+1,\n                      INDEX($M$15:OFFSET(M70,-1,0),MATCH($A70,$A$15:OFFSET($A70,-1,0),0)))))","v":""},{"$f":"IF($D70<>\"Serviço\",\"\",\n         IF(AUTOEVENTO=\"Manual\",\n                IF($A70=0,\"<-- defina o número do agrupador\",\n                       OFFSET(EVENTOS!$D$15,$A70-$A$15,0)),\n                OFFSET($F$15,$A70,0)))","v":""},null,null,null,{"$f":"#REF!*20","v":{"$error":"#REF!"}},{"$f":"#REF!*20","v":{"$error":"#REF!"}},{"$f":"#REF!*20","v":{"$error":"#REF!"}},null,null,null,null,null,null,null,{"$f":"IF(AND($D70=\"Serviço\",AB$12<>0,$H70>0,OR(AUTOEVENTO<>\"manual\",$M70<>$A$15)),\n        IF(Import.TipoArredondamento<>\"TransfereGOV\",\n              ROUND(OFFSET($P70,0,AB$13),15-13*ORÇAMENTO!$AF$7)/$H70*OFFSET(ORÇAMENTO!$X$15,ROW(AB70)-ROW(AB$15),0),\n              ROUND(ROUND(OFFSET($P70,0,AB$13),15-13*ORÇAMENTO!$AF$7)*OFFSET(ORÇAMENTO!$W$15,ROW(AB70)-ROW(AB$15),0),15-13*ORÇAMENTO!$AF$11)),\n         0)","v":0},{"$f":"IF(AND($D70=\"Serviço\",AC$12<>0,$H70>0,OR(AUTOEVENTO<>\"manual\",$M70<>$A$15)),\n        IF(Import.TipoArredondamento<>\"TransfereGOV\",\n              ROUND(OFFSET($P70,0,AC$13),15-13*ORÇAMENTO!$AF$7)/$H70*OFFSET(ORÇAMENTO!$X$15,ROW(AC70)-ROW(AC$15),0),\n              ROUND(ROUND(OFFSET($P70,0,AC$13),15-13*ORÇAMENTO!$AF$7)*OFFSET(ORÇAMENTO!$W$15,ROW(AC70)-ROW(AC$15),0),15-13*ORÇAMENTO!$AF$11)),\n         0)","v":0},{"$f":"IF(AND($D70=\"Serviço\",AD$12<>0,$H70>0,OR(AUTOEVENTO<>\"manual\",$M70<>$A$15)),\n        IF(Import.TipoArredondamento<>\"TransfereGOV\",\n              ROUND(OFFSET($P70,0,AD$13),15-13*ORÇAMENTO!$AF$7)/$H70*OFFSET(ORÇAMENTO!$X$15,ROW(AD70)-ROW(AD$15),0),\n              ROUND(ROUND(OFFSET($P70,0,AD$13),15-13*ORÇAMENTO!$AF$7)*OFFSET(ORÇAMENTO!$W$15,ROW(AD70)-ROW(AD$15),0),15-13*ORÇAMENTO!$AF$11)),\n         0)","v":0},{"$f":"IF(AND($D70=\"Serviço\",AE$12<>0,$H70>0,OR(AUTOEVENTO<>\"manual\",$M70<>$A$15)),\n        IF(Import.TipoArredondamento<>\"TransfereGOV\",\n              ROUND(OFFSET($P70,0,AE$13),15-13*ORÇAMENTO!$AF$7)/$H70*OFFSET(ORÇAMENTO!$X$15,ROW(AE70)-ROW(AE$15),0),\n              ROUND(ROUND(OFFSET($P70,0,AE$13),15-13*ORÇAMENTO!$AF$7)*OFFSET(ORÇAMENTO!$W$15,ROW(AE70)-ROW(AE$15),0),15-13*ORÇAMENTO!$AF$11)),\n         0)","v":0},{"$f":"IF(AND($D70=\"Serviço\",AF$12<>0,$H70>0,OR(AUTOEVENTO<>\"manual\",$M70<>$A$15)),\n        IF(Import.TipoArredondamento<>\"TransfereGOV\",\n              ROUND(OFFSET($P70,0,AF$13),15-13*ORÇAMENTO!$AF$7)/$H70*OFFSET(ORÇAMENTO!$X$15,ROW(AF70)-ROW(AF$15),0),\n              ROUND(ROUND(OFFSET($P70,0,AF$13),15-13*ORÇAMENTO!$AF$7)*OFFSET(ORÇAMENTO!$W$15,ROW(AF70)-ROW(AF$15),0),15-13*ORÇAMENTO!$AF$11)),\n         0)","v":0},{"$f":"IF(AND($D70=\"Serviço\",AG$12<>0,$H70>0,OR(AUTOEVENTO<>\"manual\",$M70<>$A$15)),\n        IF(Import.TipoArredondamento<>\"TransfereGOV\",\n              ROUND(OFFSET($P70,0,AG$13),15-13*ORÇAMENTO!$AF$7)/$H70*OFFSET(ORÇAMENTO!$X$15,ROW(AG70)-ROW(AG$15),0),\n              ROUND(ROUND(OFFSET($P70,0,AG$13),15-13*ORÇAMENTO!$AF$7)*OFFSET(ORÇAMENTO!$W$15,ROW(AG70)-ROW(AG$15),0),15-13*ORÇAMENTO!$AF$11)),\n         0)","v":0},{"$f":"IF(AND($D70=\"Serviço\",AH$12<>0,$H70>0,OR(AUTOEVENTO<>\"manual\",$M70<>$A$15)),\n        IF(Import.TipoArredondamento<>\"TransfereGOV\",\n              ROUND(OFFSET($P70,0,AH$13),15-13*ORÇAMENTO!$AF$7)/$H70*OFFSET(ORÇAMENTO!$X$15,ROW(AH70)-ROW(AH$15),0),\n              ROUND(ROUND(OFFSET($P70,0,AH$13),15-13*ORÇAMENTO!$AF$7)*OFFSET(ORÇAMENTO!$W$15,ROW(AH70)-ROW(AH$15),0),15-13*ORÇAMENTO!$AF$11)),\n         0)","v":0},{"$f":"IF(AND($D70=\"Serviço\",AI$12<>0,$H70>0,OR(AUTOEVENTO<>\"manual\",$M70<>$A$15)),\n        IF(Import.TipoArredondamento<>\"TransfereGOV\",\n              ROUND(OFFSET($P70,0,AI$13),15-13*ORÇAMENTO!$AF$7)/$H70*OFFSET(ORÇAMENTO!$X$15,ROW(AI70)-ROW(AI$15),0),\n              ROUND(ROUND(OFFSET($P70,0,AI$13),15-13*ORÇAMENTO!$AF$7)*OFFSET(ORÇAMENTO!$W$15,ROW(AI70)-ROW(AI$15),0),15-13*ORÇAMENTO!$AF$11)),\n         0)","v":0},{"$f":"IF(AND($D70=\"Serviço\",AJ$12<>0,$H70>0,OR(AUTOEVENTO<>\"manual\",$M70<>$A$15)),\n        IF(Import.TipoArredondamento<>\"TransfereGOV\",\n              ROUND(OFFSET($P70,0,AJ$13),15-13*ORÇAMENTO!$AF$7)/$H70*OFFSET(ORÇAMENTO!$X$15,ROW(AJ70)-ROW(AJ$15),0),\n              ROUND(ROUND(OFFSET($P70,0,AJ$13),15-13*ORÇAMENTO!$AF$7)*OFFSET(ORÇAMENTO!$W$15,ROW(AJ70)-ROW(AJ$15),0),15-13*ORÇAMENTO!$AF$11)),\n         0)","v":0},{"$f":"IF(AND($D70=\"Serviço\",AK$12<>0,$H70>0,OR(AUTOEVENTO<>\"manual\",$M70<>$A$15)),\n        IF(Import.TipoArredondamento<>\"TransfereGOV\",\n              ROUND(OFFSET($P70,0,AK$13),15-13*ORÇAMENTO!$AF$7)/$H70*OFFSET(ORÇAMENTO!$X$15,ROW(AK70)-ROW(AK$15),0),\n              ROUND(ROUND(OFFSET($P70,0,AK$13),15-13*ORÇAMENTO!$AF$7)*OFFSET(ORÇAMENTO!$W$15,ROW(AK70)-ROW(AK$15),0),15-13*ORÇAMENTO!$AF$11)),\n         0)","v":0},null,{"$f":"IF(OR($D70<>\"Serviço\",AND(AUTOEVENTO=\"Manual\",$M70=$A$15)),0,\n         IF(OFFSET(CRONOPLE!$F$15,$M70-$A$15,AM$13)=0,10^12,OFFSET(CRONOPLE!$F$15,$M70-$A$15,AM$13)))","v":0},{"$f":"IF(OR($D70<>\"Serviço\",AND(AUTOEVENTO=\"Manual\",$M70=$A$15)),0,\n         IF(OFFSET(CRONOPLE!$F$15,$M70-$A$15,AN$13)=0,10^12,OFFSET(CRONOPLE!$F$15,$M70-$A$15,AN$13)))","v":0},{"$f":"IF(OR($D70<>\"Serviço\",AND(AUTOEVENTO=\"Manual\",$M70=$A$15)),0,\n         IF(OFFSET(CRONOPLE!$F$15,$M70-$A$15,AO$13)=0,10^12,OFFSET(CRONOPLE!$F$15,$M70-$A$15,AO$13)))","v":0},{"$f":"IF(OR($D70<>\"Serviço\",AND(AUTOEVENTO=\"Manual\",$M70=$A$15)),0,\n         IF(OFFSET(CRONOPLE!$F$15,$M70-$A$15,AP$13)=0,10^12,OFFSET(CRONOPLE!$F$15,$M70-$A$15,AP$13)))","v":0},{"$f":"IF(OR($D70<>\"Serviço\",AND(AUTOEVENTO=\"Manual\",$M70=$A$15)),0,\n         IF(OFFSET(CRONOPLE!$F$15,$M70-$A$15,AQ$13)=0,10^12,OFFSET(CRONOPLE!$F$15,$M70-$A$15,AQ$13)))","v":0},{"$f":"IF(OR($D70<>\"Serviço\",AND(AUTOEVENTO=\"Manual\",$M70=$A$15)),0,\n         IF(OFFSET(CRONOPLE!$F$15,$M70-$A$15,AR$13)=0,10^12,OFFSET(CRONOPLE!$F$15,$M70-$A$15,AR$13)))","v":0},{"$f":"IF(OR($D70<>\"Serviço\",AND(AUTOEVENTO=\"Manual\",$M70=$A$15)),0,\n         IF(OFFSET(CRONOPLE!$F$15,$M70-$A$15,AS$13)=0,10^12,OFFSET(CRONOPLE!$F$15,$M70-$A$15,AS$13)))","v":0},{"$f":"IF(OR($D70<>\"Serviço\",AND(AUTOEVENTO=\"Manual\",$M70=$A$15)),0,\n         IF(OFFSET(CRONOPLE!$F$15,$M70-$A$15,AT$13)=0,10^12,OFFSET(CRONOPLE!$F$15,$M70-$A$15,AT$13)))","v":0},{"$f":"IF(OR($D70<>\"Serviço\",AND(AUTOEVENTO=\"Manual\",$M70=$A$15)),0,\n         IF(OFFSET(CRONOPLE!$F$15,$M70-$A$15,AU$13)=0,10^12,OFFSET(CRONOPLE!$F$15,$M70-$A$15,AU$13)))","v":0},{"$f":"IF(OR($D70<>\"Serviço\",AND(AUTOEVENTO=\"Manual\",$M70=$A$15)),0,\n         IF(OFFSET(CRONOPLE!$F$15,$M70-$A$15,AV$13)=0,10^12,OFFSET(CRONOPLE!$F$15,$M70-$A$15,AV$13)))","v":0},null,{"$f":"IF(OR($D70<>\"Serviço\",AND(AUTOEVENTO=\"Manual\",$M70=$A$15),$M70>(ROW(PLE.lastrow)-ROW(PLE.firstrow))),0,\n           IF(OFFSET(PLE!$G$15,$M70-$A$15,AX$13)=\"\",10^12,OFFSET(PLE!$G$15,$M70-$A$15,AX$13)))","v":0},{"$f":"IF(OR($D70<>\"Serviço\",AND(AUTOEVENTO=\"Manual\",$M70=$A$15),$M70>(ROW(PLE.lastrow)-ROW(PLE.firstrow))),0,\n           IF(OFFSET(PLE!$G$15,$M70-$A$15,AY$13)=\"\",10^12,OFFSET(PLE!$G$15,$M70-$A$15,AY$13)))","v":0},{"$f":"IF(OR($D70<>\"Serviço\",AND(AUTOEVENTO=\"Manual\",$M70=$A$15),$M70>(ROW(PLE.lastrow)-ROW(PLE.firstrow))),0,\n           IF(OFFSET(PLE!$G$15,$M70-$A$15,AZ$13)=\"\",10^12,OFFSET(PLE!$G$15,$M70-$A$15,AZ$13)))","v":0},{"$f":"IF(OR($D70<>\"Serviço\",AND(AUTOEVENTO=\"Manual\",$M70=$A$15),$M70>(ROW(PLE.lastrow)-ROW(PLE.firstrow))),0,\n           IF(OFFSET(PLE!$G$15,$M70-$A$15,BA$13)=\"\",10^12,OFFSET(PLE!$G$15,$M70-$A$15,BA$13)))","v":0},{"$f":"IF(OR($D70<>\"Serviço\",AND(AUTOEVENTO=\"Manual\",$M70=$A$15),$M70>(ROW(PLE.lastrow)-ROW(PLE.firstrow))),0,\n           IF(OFFSET(PLE!$G$15,$M70-$A$15,BB$13)=\"\",10^12,OFFSET(PLE!$G$15,$M70-$A$15,BB$13)))","v":0},{"$f":"IF(OR($D70<>\"Serviço\",AND(AUTOEVENTO=\"Manual\",$M70=$A$15),$M70>(ROW(PLE.lastrow)-ROW(PLE.firstrow))),0,\n           IF(OFFSET(PLE!$G$15,$M70-$A$15,BC$13)=\"\",10^12,OFFSET(PLE!$G$15,$M70-$A$15,BC$13)))","v":0},{"$f":"IF(OR($D70<>\"Serviço\",AND(AUTOEVENTO=\"Manual\",$M70=$A$15),$M70>(ROW(PLE.lastrow)-ROW(PLE.firstrow))),0,\n           IF(OFFSET(PLE!$G$15,$M70-$A$15,BD$13)=\"\",10^12,OFFSET(PLE!$G$15,$M70-$A$15,BD$13)))","v":0},{"$f":"IF(OR($D70<>\"Serviço\",AND(AUTOEVENTO=\"Manual\",$M70=$A$15),$M70>(ROW(PLE.lastrow)-ROW(PLE.firstrow))),0,\n           IF(OFFSET(PLE!$G$15,$M70-$A$15,BE$13)=\"\",10^12,OFFSET(PLE!$G$15,$M70-$A$15,BE$13)))","v":0},{"$f":"IF(OR($D70<>\"Serviço\",AND(AUTOEVENTO=\"Manual\",$M70=$A$15),$M70>(ROW(PLE.lastrow)-ROW(PLE.firstrow))),0,\n           IF(OFFSET(PLE!$G$15,$M70-$A$15,BF$13)=\"\",10^12,OFFSET(PLE!$G$15,$M70-$A$15,BF$13)))","v":0},{"$f":"IF(OR($D70<>\"Serviço\",AND(AUTOEVENTO=\"Manual\",$M70=$A$15),$M70>(ROW(PLE.lastrow)-ROW(PLE.firstrow))),0,\n           IF(OFFSET(PLE!$G$15,$M70-$A$15,BG$13)=\"\",10^12,OFFSET(PLE!$G$15,$M70-$A$15,BG$13)))","v":0}]
[6,{"$f":"OFFSET(ORÇAMENTO!C$15,$L71,0)","v":"S"},{"$f":"OFFSET(ORÇAMENTO!L$15,$L71,0)","v":"F"},{"$f":"OFFSET(ORÇAMENTO!N$15,$L71,0)","v":"Serviço"},{"$f":"OFFSET(ORÇAMENTO!O$15,$L71,0)","v":"1.8.1."},{"$f":"OFFSET(ORÇAMENTO!R$15,$L71,0)","v":"ESTRUTURA METÁLICA DE REFORÇO PARA PILARES EM CHAPAS DE AÇO A36-FY250Mpa, CANTONEIRA DE ABAS IGUAIS #3,00MM-A36-FY250Mpa, LIGAÇÕES SOLDADAS, MÃO DE OBRA E TRANSPORTE COM GUINDASTE - FORNECIMENTO E INSTALAÇÃO"},{"$f":"IF($D71<>\"Serviço\",\"\",OFFSET(ORÇAMENTO!S$15,$L71,0))","v":"KG"},{"$f":"IF($D71<>\"Serviço\",0,IF(ACOMPANHAMENTO=\"BM\",ROUND(OFFSET(ORÇAMENTO!AJ$15,$L71,0),15-13*ORÇAMENTO!$AF$7),IF(IFERROR(CÁLCULO.FrentesPreenchidas,0)=0,0,SUM(ROUND(OFFSET($P71,0,1,1,CÁLCULO.FrentesPreenchidas),15-13*ORÇAMENTO!$AF$7)))))","v":1774.75},"CONFORME PROJETO DE ESTRUTURA METÁLICA - TABELA REFORÇO PILARES",{"$f":"IF(OR(B71<>\"S\",CÁLCULO.FrentesPreenchidas=0),\"\",IF(AND(ACOMPANHAMENTO=\"PLE\",AUTOEVENTO=\"Manual\",OR(H71>0,ORÇAMENTO!AC71=\"QUANT.\"),OR(K71=\"\",M71=0,N71=\"\")),\"►E\",IF(AND(ACOMPANHAMENTO=\"PLE\",ORÇAMENTO!AC71=\"QUANT.\"),\"►Q\",IF(AND(ACOMPANHAMENTO=\"PLE\",H71<>SUMPRODUCT(($Q$1:$AA$1=1)*ROUND(Q71:AA71,15))),\"►S\",IF(AND(COUNTIF($P$11:$AA$11,\"▼\")=0,H71>0,I71=\"\"),\"◄M\",\"\")))))","v":""},"6.Rerforço Pilares",56,{"$f":"IF($D71<>\"Serviço\",\"\",\n          IF(AUTOEVENTO=\"manual\",$A71,\n                IF(ISERROR(MATCH($A71,$A$15:OFFSET($A71,-1,0),0)),MAX($M$15:OFFSET(M71,-1,0))+1,\n                      INDEX($M$15:OFFSET(M71,-1,0),MATCH($A71,$A$15:OFFSET($A71,-1,0),0)))))","v":6},{"$f":"IF($D71<>\"Serviço\",\"\",\n         IF(AUTOEVENTO=\"Manual\",\n                IF($A71=0,\"<-- defina o número do agrupador\",\n                       OFFSET(EVENTOS!$D$15,$A71-$A$15,0)),\n                OFFSET($F$15,$A71,0)))","v":"Pilares"},null,null,{"$f":"1774.75/2","v":887.375},887.37,null,null,null,null,null,null,null,null,null,{"$f":"IF(AND($D71=\"Serviço\",AB$12<>0,$H71>0,OR(AUTOEVENTO<>\"manual\",$M71<>$A$15)),\n        IF(Import.TipoArredondamento<>\"TransfereGOV\",\n              ROUND(OFFSET($P71,0,AB$13),15-13*ORÇAMENTO!$AF$7)/$H71*OFFSET(ORÇAMENTO!$X$15,ROW(AB71)-ROW(AB$15),0),\n              ROUND(ROUND(OFFSET($P71,0,AB$13),15-13*ORÇAMENTO!$AF$7)*OFFSET(ORÇAMENTO!$W$15,ROW(AB71)-ROW(AB$15),0),15-13*ORÇAMENTO!$AF$11)),\n         0)","v":0},{"$f":"IF(AND($D71=\"Serviço\",AC$12<>0,$H71>0,OR(AUTOEVENTO<>\"manual\",$M71<>$A$15)),\n        IF(Import.TipoArredondamento<>\"TransfereGOV\",\n              ROUND(OFFSET($P71,0,AC$13),15-13*ORÇAMENTO!$AF$7)/$H71*OFFSET(ORÇAMENTO!$X$15,ROW(AC71)-ROW(AC$15),0),\n              ROUND(ROUND(OFFSET($P71,0,AC$13),15-13*ORÇAMENTO!$AF$7)*OFFSET(ORÇAMENTO!$W$15,ROW(AC71)-ROW(AC$15),0),15-13*ORÇAMENTO!$AF$11)),\n         0)","v":0},{"$f":"IF(AND($D71=\"Serviço\",AD$12<>0,$H71>0,OR(AUTOEVENTO<>\"manual\",$M71<>$A$15)),\n        IF(Import.TipoArredondamento<>\"TransfereGOV\",\n              ROUND(OFFSET($P71,0,AD$13),15-13*ORÇAMENTO!$AF$7)/$H71*OFFSET(ORÇAMENTO!$X$15,ROW(AD71)-ROW(AD$15),0),\n              ROUND(ROUND(OFFSET($P71,0,AD$13),15-13*ORÇAMENTO!$AF$7)*OFFSET(ORÇAMENTO!$W$15,ROW(AD71)-ROW(AD$15),0),15-13*ORÇAMENTO!$AF$11)),\n         0)","v":0},{"$f":"IF(AND($D71=\"Serviço\",AE$12<>0,$H71>0,OR(AUTOEVENTO<>\"manual\",$M71<>$A$15)),\n        IF(Import.TipoArredondamento<>\"TransfereGOV\",\n              ROUND(OFFSET($P71,0,AE$13),15-13*ORÇAMENTO!$AF$7)/$H71*OFFSET(ORÇAMENTO!$X$15,ROW(AE71)-ROW(AE$15),0),\n              ROUND(ROUND(OFFSET($P71,0,AE$13),15-13*ORÇAMENTO!$AF$7)*OFFSET(ORÇAMENTO!$W$15,ROW(AE71)-ROW(AE$15),0),15-13*ORÇAMENTO!$AF$11)),\n         0)","v":0},{"$f":"IF(AND($D71=\"Serviço\",AF$12<>0,$H71>0,OR(AUTOEVENTO<>\"manual\",$M71<>$A$15)),\n        IF(Import.TipoArredondamento<>\"TransfereGOV\",\n              ROUND(OFFSET($P71,0,AF$13),15-13*ORÇAMENTO!$AF$7)/$H71*OFFSET(ORÇAMENTO!$X$15,ROW(AF71)-ROW(AF$15),0),\n              ROUND(ROUND(OFFSET($P71,0,AF$13),15-13*ORÇAMENTO!$AF$7)*OFFSET(ORÇAMENTO!$W$15,ROW(AF71)-ROW(AF$15),0),15-13*ORÇAMENTO!$AF$11)),\n         0)","v":0},{"$f":"IF(AND($D71=\"Serviço\",AG$12<>0,$H71>0,OR(AUTOEVENTO<>\"manual\",$M71<>$A$15)),\n        IF(Import.TipoArredondamento<>\"TransfereGOV\",\n              ROUND(OFFSET($P71,0,AG$13),15-13*ORÇAMENTO!$AF$7)/$H71*OFFSET(ORÇAMENTO!$X$15,ROW(AG71)-ROW(AG$15),0),\n              ROUND(ROUND(OFFSET($P71,0,AG$13),15-13*ORÇAMENTO!$AF$7)*OFFSET(ORÇAMENTO!$W$15,ROW(AG71)-ROW(AG$15),0),15-13*ORÇAMENTO!$AF$11)),\n         0)","v":0},{"$f":"IF(AND($D71=\"Serviço\",AH$12<>0,$H71>0,OR(AUTOEVENTO<>\"manual\",$M71<>$A$15)),\n        IF(Import.TipoArredondamento<>\"TransfereGOV\",\n              ROUND(OFFSET($P71,0,AH$13),15-13*ORÇAMENTO!$AF$7)/$H71*OFFSET(ORÇAMENTO!$X$15,ROW(AH71)-ROW(AH$15),0),\n              ROUND(ROUND(OFFSET($P71,0,AH$13),15-13*ORÇAMENTO!$AF$7)*OFFSET(ORÇAMENTO!$W$15,ROW(AH71)-ROW(AH$15),0),15-13*ORÇAMENTO!$AF$11)),\n         0)","v":0},{"$f":"IF(AND($D71=\"Serviço\",AI$12<>0,$H71>0,OR(AUTOEVENTO<>\"manual\",$M71<>$A$15)),\n        IF(Import.TipoArredondamento<>\"TransfereGOV\",\n              ROUND(OFFSET($P71,0,AI$13),15-13*ORÇAMENTO!$AF$7)/$H71*OFFSET(ORÇAMENTO!$X$15,ROW(AI71)-ROW(AI$15),0),\n              ROUND(ROUND(OFFSET($P71,0,AI$13),15-13*ORÇAMENTO!$AF$7)*OFFSET(ORÇAMENTO!$W$15,ROW(AI71)-ROW(AI$15),0),15-13*ORÇAMENTO!$AF$11)),\n         0)","v":0},{"$f":"IF(AND($D71=\"Serviço\",AJ$12<>0,$H71>0,OR(AUTOEVENTO<>\"manual\",$M71<>$A$15)),\n        IF(Import.TipoArredondamento<>\"TransfereGOV\",\n              ROUND(OFFSET($P71,0,AJ$13),15-13*ORÇAMENTO!$AF$7)/$H71*OFFSET(ORÇAMENTO!$X$15,ROW(AJ71)-ROW(AJ$15),0),\n              ROUND(ROUND(OFFSET($P71,0,AJ$13),15-13*ORÇAMENTO!$AF$7)*OFFSET(ORÇAMENTO!$W$15,ROW(AJ71)-ROW(AJ$15),0),15-13*ORÇAMENTO!$AF$11)),\n         0)","v":0},{"$f":"IF(AND($D71=\"Serviço\",AK$12<>0,$H71>0,OR(AUTOEVENTO<>\"manual\",$M71<>$A$15)),\n        IF(Import.TipoArredondamento<>\"TransfereGOV\",\n              ROUND(OFFSET($P71,0,AK$13),15-13*ORÇAMENTO!$AF$7)/$H71*OFFSET(ORÇAMENTO!$X$15,ROW(AK71)-ROW(AK$15),0),\n              ROUND(ROUND(OFFSET($P71,0,AK$13),15-13*ORÇAMENTO!$AF$7)*OFFSET(ORÇAMENTO!$W$15,ROW(AK71)-ROW(AK$15),0),15-13*ORÇAMENTO!$AF$11)),\n         0)","v":0},null,{"$f":"IF(OR($D71<>\"Serviço\",AND(AUTOEVENTO=\"Manual\",$M71=$A$15)),0,\n         IF(OFFSET(CRONOPLE!$F$15,$M71-$A$15,AM$13)=0,10^12,OFFSET(CRONOPLE!$F$15,$M71-$A$15,AM$13)))","v":3},{"$f":"IF(OR($D71<>\"Serviço\",AND(AUTOEVENTO=\"Manual\",$M71=$A$15)),0,\n         IF(OFFSET(CRONOPLE!$F$15,$M71-$A$15,AN$13)=0,10^12,OFFSET(CRONOPLE!$F$15,$M71-$A$15,AN$13)))","v":3},{"$f":"IF(OR($D71<>\"Serviço\",AND(AUTOEVENTO=\"Manual\",$M71=$A$15)),0,\n         IF(OFFSET(CRONOPLE!$F$15,$M71-$A$15,AO$13)=0,10^12,OFFSET(CRONOPLE!$F$15,$M71-$A$15,AO$13)))","v":1000000000000},{"$f":"IF(OR($D71<>\"Serviço\",AND(AUTOEVENTO=\"Manual\",$M71=$A$15)),0,\n         IF(OFFSET(CRONOPLE!$F$15,$M71-$A$15,AP$13)=0,10^12,OFFSET(CRONOPLE!$F$15,$M71-$A$15,AP$13)))","v":1000000000000},{"$f":"IF(OR($D71<>\"Serviço\",AND(AUTOEVENTO=\"Manual\",$M71=$A$15)),0,\n         IF(OFFSET(CRONOPLE!$F$15,$M71-$A$15,AQ$13)=0,10^12,OFFSET(CRONOPLE!$F$15,$M71-$A$15,AQ$13)))","v":1000000000000},{"$f":"IF(OR($D71<>\"Serviço\",AND(AUTOEVENTO=\"Manual\",$M71=$A$15)),0,\n         IF(OFFSET(CRONOPLE!$F$15,$M71-$A$15,AR$13)=0,10^12,OFFSET(CRONOPLE!$F$15,$M71-$A$15,AR$13)))","v":1000000000000},{"$f":"IF(OR($D71<>\"Serviço\",AND(AUTOEVENTO=\"Manual\",$M71=$A$15)),0,\n         IF(OFFSET(CRONOPLE!$F$15,$M71-$A$15,AS$13)=0,10^12,OFFSET(CRONOPLE!$F$15,$M71-$A$15,AS$13)))","v":1000000000000},{"$f":"IF(OR($D71<>\"Serviço\",AND(AUTOEVENTO=\"Manual\",$M71=$A$15)),0,\n         IF(OFFSET(CRONOPLE!$F$15,$M71-$A$15,AT$13)=0,10^12,OFFSET(CRONOPLE!$F$15,$M71-$A$15,AT$13)))","v":1000000000000},{"$f":"IF(OR($D71<>\"Serviço\",AND(AUTOEVENTO=\"Manual\",$M71=$A$15)),0,\n         IF(OFFSET(CRONOPLE!$F$15,$M71-$A$15,AU$13)=0,10^12,OFFSET(CRONOPLE!$F$15,$M71-$A$15,AU$13)))","v":1000000000000},{"$f":"IF(OR($D71<>\"Serviço\",AND(AUTOEVENTO=\"Manual\",$M71=$A$15)),0,\n         IF(OFFSET(CRONOPLE!$F$15,$M71-$A$15,AV$13)=0,10^12,OFFSET(CRONOPLE!$F$15,$M71-$A$15,AV$13)))","v":1000000000000},null,{"$f":"IF(OR($D71<>\"Serviço\",AND(AUTOEVENTO=\"Manual\",$M71=$A$15),$M71>(ROW(PLE.lastrow)-ROW(PLE.firstrow))),0,\n           IF(OFFSET(PLE!$G$15,$M71-$A$15,AX$13)=\"\",10^12,OFFSET(PLE!$G$15,$M71-$A$15,AX$13)))","v":1000000000000},{"$f":"IF(OR($D71<>\"Serviço\",AND(AUTOEVENTO=\"Manual\",$M71=$A$15),$M71>(ROW(PLE.lastrow)-ROW(PLE.firstrow))),0,\n           IF(OFFSET(PLE!$G$15,$M71-$A$15,AY$13)=\"\",10^12,OFFSET(PLE!$G$15,$M71-$A$15,AY$13)))","v":1000000000000},{"$f":"IF(OR($D71<>\"Serviço\",AND(AUTOEVENTO=\"Manual\",$M71=$A$15),$M71>(ROW(PLE.lastrow)-ROW(PLE.firstrow))),0,\n           IF(OFFSET(PLE!$G$15,$M71-$A$15,AZ$13)=\"\",10^12,OFFSET(PLE!$G$15,$M71-$A$15,AZ$13)))","v":1000000000000},{"$f":"IF(OR($D71<>\"Serviço\",AND(AUTOEVENTO=\"Manual\",$M71=$A$15),$M71>(ROW(PLE.lastrow)-ROW(PLE.firstrow))),0,\n           IF(OFFSET(PLE!$G$15,$M71-$A$15,BA$13)=\"\",10^12,OFFSET(PLE!$G$15,$M71-$A$15,BA$13)))","v":1000000000000},{"$f":"IF(OR($D71<>\"Serviço\",AND(AUTOEVENTO=\"Manual\",$M71=$A$15),$M71>(ROW(PLE.lastrow)-ROW(PLE.firstrow))),0,\n           IF(OFFSET(PLE!$G$15,$M71-$A$15,BB$13)=\"\",10^12,OFFSET(PLE!$G$15,$M71-$A$15,BB$13)))","v":1000000000000},{"$f":"IF(OR($D71<>\"Serviço\",AND(AUTOEVENTO=\"Manual\",$M71=$A$15),$M71>(ROW(PLE.lastrow)-ROW(PLE.firstrow))),0,\n           IF(OFFSET(PLE!$G$15,$M71-$A$15,BC$13)=\"\",10^12,OFFSET(PLE!$G$15,$M71-$A$15,BC$13)))","v":1000000000000},{"$f":"IF(OR($D71<>\"Serviço\",AND(AUTOEVENTO=\"Manual\",$M71=$A$15),$M71>(ROW(PLE.lastrow)-ROW(PLE.firstrow))),0,\n           IF(OFFSET(PLE!$G$15,$M71-$A$15,BD$13)=\"\",10^12,OFFSET(PLE!$G$15,$M71-$A$15,BD$13)))","v":1000000000000},{"$f":"IF(OR($D71<>\"Serviço\",AND(AUTOEVENTO=\"Manual\",$M71=$A$15),$M71>(ROW(PLE.lastrow)-ROW(PLE.firstrow))),0,\n           IF(OFFSET(PLE!$G$15,$M71-$A$15,BE$13)=\"\",10^12,OFFSET(PLE!$G$15,$M71-$A$15,BE$13)))","v":1000000000000},{"$f":"IF(OR($D71<>\"Serviço\",AND(AUTOEVENTO=\"Manual\",$M71=$A$15),$M71>(ROW(PLE.lastrow)-ROW(PLE.firstrow))),0,\n           IF(OFFSET(PLE!$G$15,$M71-$A$15,BF$13)=\"\",10^12,OFFSET(PLE!$G$15,$M71-$A$15,BF$13)))","v":1000000000000},{"$f":"IF(OR($D71<>\"Serviço\",AND(AUTOEVENTO=\"Manual\",$M71=$A$15),$M71>(ROW(PLE.lastrow)-ROW(PLE.firstrow))),0,\n           IF(OFFSET(PLE!$G$15,$M71-$A$15,BG$13)=\"\",10^12,OFFSET(PLE!$G$15,$M71-$A$15,BG$13)))","v":1000000000000}]
[7,{"$f":"OFFSET(ORÇAMENTO!C$15,$L72,0)","v":"S"},{"$f":"OFFSET(ORÇAMENTO!L$15,$L72,0)","v":"F"},{"$f":"OFFSET(ORÇAMENTO!N$15,$L72,0)","v":"Serviço"},{"$f":"OFFSET(ORÇAMENTO!O$15,$L72,0)","v":"1.8.2."},{"$f":"OFFSET(ORÇAMENTO!R$15,$L72,0)","v":"ESTRUTURA METÁLICA PARA PILARES EM PERFIS \"U\" #6.35MM-AÇO A36-FY250Mpa, CANTONEIRA DE ABAS IGUAIS #3,00MM-A36-FY250Mpa, LIGAÇÕES SOLDADAS, MÃO DE OBRA E TRANSPORTE COM GUINDASTE - FORNECIMENTO E INSTALAÇÃO"},{"$f":"IF($D72<>\"Serviço\",\"\",OFFSET(ORÇAMENTO!S$15,$L72,0))","v":"KG"},{"$f":"IF($D72<>\"Serviço\",0,IF(ACOMPANHAMENTO=\"BM\",ROUND(OFFSET(ORÇAMENTO!AJ$15,$L72,0),15-13*ORÇAMENTO!$AF$7),IF(IFERROR(CÁLCULO.FrentesPreenchidas,0)=0,0,SUM(ROUND(OFFSET($P72,0,1,1,CÁLCULO.FrentesPreenchidas),15-13*ORÇAMENTO!$AF$7)))))","v":672.65},"CONFORME PROJETO DE ESTRUTURA METÁLICA - TABELA PILARES NOVOS",{"$f":"IF(OR(B72<>\"S\",CÁLCULO.FrentesPreenchidas=0),\"\",IF(AND(ACOMPANHAMENTO=\"PLE\",AUTOEVENTO=\"Manual\",OR(H72>0,ORÇAMENTO!AC72=\"QUANT.\"),OR(K72=\"\",M72=0,N72=\"\")),\"►E\",IF(AND(ACOMPANHAMENTO=\"PLE\",ORÇAMENTO!AC72=\"QUANT.\"),\"►Q\",IF(AND(ACOMPANHAMENTO=\"PLE\",H72<>SUMPRODUCT(($Q$1:$AA$1=1)*ROUND(Q72:AA72,15))),\"►S\",IF(AND(COUNTIF($P$11:$AA$11,\"▼\")=0,H72>0,I72=\"\"),\"◄M\",\"\")))))","v":""},"7.Tesouras",57,{"$f":"IF($D72<>\"Serviço\",\"\",\n          IF(AUTOEVENTO=\"manual\",$A72,\n                IF(ISERROR(MATCH($A72,$A$15:OFFSET($A72,-1,0),0)),MAX($M$15:OFFSET(M72,-1,0))+1,\n                      INDEX($M$15:OFFSET(M72,-1,0),MATCH($A72,$A$15:OFFSET($A72,-1,0),0)))))","v":7},{"$f":"IF($D72<>\"Serviço\",\"\",\n         IF(AUTOEVENTO=\"Manual\",\n                IF($A72=0,\"<-- defina o número do agrupador\",\n                       OFFSET(EVENTOS!$D$15,$A72-$A$15,0)),\n                OFFSET($F$15,$A72,0)))","v":"Tesouras"},null,null,{"$f":"672.65/2","v":336.32499999999999},336.32,null,null,null,null,null,null,null,null,null,{"$f":"IF(AND($D72=\"Serviço\",AB$12<>0,$H72>0,OR(AUTOEVENTO<>\"manual\",$M72<>$A$15)),\n        IF(Import.TipoArredondamento<>\"TransfereGOV\",\n              ROUND(OFFSET($P72,0,AB$13),15-13*ORÇAMENTO!$AF$7)/$H72*OFFSET(ORÇAMENTO!$X$15,ROW(AB72)-ROW(AB$15),0),\n              ROUND(ROUND(OFFSET($P72,0,AB$13),15-13*ORÇAMENTO!$AF$7)*OFFSET(ORÇAMENTO!$W$15,ROW(AB72)-ROW(AB$15),0),15-13*ORÇAMENTO!$AF$11)),\n         0)","v":0},{"$f":"IF(AND($D72=\"Serviço\",AC$12<>0,$H72>0,OR(AUTOEVENTO<>\"manual\",$M72<>$A$15)),\n        IF(Import.TipoArredondamento<>\"TransfereGOV\",\n              ROUND(OFFSET($P72,0,AC$13),15-13*ORÇAMENTO!$AF$7)/$H72*OFFSET(ORÇAMENTO!$X$15,ROW(AC72)-ROW(AC$15),0),\n              ROUND(ROUND(OFFSET($P72,0,AC$13),15-13*ORÇAMENTO!$AF$7)*OFFSET(ORÇAMENTO!$W$15,ROW(AC72)-ROW(AC$15),0),15-13*ORÇAMENTO!$AF$11)),\n         0)","v":0},{"$f":"IF(AND($D72=\"Serviço\",AD$12<>0,$H72>0,OR(AUTOEVENTO<>\"manual\",$M72<>$A$15)),\n        IF(Import.TipoArredondamento<>\"TransfereGOV\",\n              ROUND(OFFSET($P72,0,AD$13),15-13*ORÇAMENTO!$AF$7)/$H72*OFFSET(ORÇAMENTO!$X$15,ROW(AD72)-ROW(AD$15),0),\n              ROUND(ROUND(OFFSET($P72,0,AD$13),15-13*ORÇAMENTO!$AF$7)*OFFSET(ORÇAMENTO!$W$15,ROW(AD72)-ROW(AD$15),0),15-13*ORÇAMENTO!$AF$11)),\n         0)","v":0},{"$f":"IF(AND($D72=\"Serviço\",AE$12<>0,$H72>0,OR(AUTOEVENTO<>\"manual\",$M72<>$A$15)),\n        IF(Import.TipoArredondamento<>\"TransfereGOV\",\n              ROUND(OFFSET($P72,0,AE$13),15-13*ORÇAMENTO!$AF$7)/$H72*OFFSET(ORÇAMENTO!$X$15,ROW(AE72)-ROW(AE$15),0),\n              ROUND(ROUND(OFFSET($P72,0,AE$13),15-13*ORÇAMENTO!$AF$7)*OFFSET(ORÇAMENTO!$W$15,ROW(AE72)-ROW(AE$15),0),15-13*ORÇAMENTO!$AF$11)),\n         0)","v":0},{"$f":"IF(AND($D72=\"Serviço\",AF$12<>0,$H72>0,OR(AUTOEVENTO<>\"manual\",$M72<>$A$15)),\n        IF(Import.TipoArredondamento<>\"TransfereGOV\",\n              ROUND(OFFSET($P72,0,AF$13),15-13*ORÇAMENTO!$AF$7)/$H72*OFFSET(ORÇAMENTO!$X$15,ROW(AF72)-ROW(AF$15),0),\n              ROUND(ROUND(OFFSET($P72,0,AF$13),15-13*ORÇAMENTO!$AF$7)*OFFSET(ORÇAMENTO!$W$15,ROW(AF72)-ROW(AF$15),0),15-13*ORÇAMENTO!$AF$11)),\n         0)","v":0},{"$f":"IF(AND($D72=\"Serviço\",AG$12<>0,$H72>0,OR(AUTOEVENTO<>\"manual\",$M72<>$A$15)),\n        IF(Import.TipoArredondamento<>\"TransfereGOV\",\n              ROUND(OFFSET($P72,0,AG$13),15-13*ORÇAMENTO!$AF$7)/$H72*OFFSET(ORÇAMENTO!$X$15,ROW(AG72)-ROW(AG$15),0),\n              ROUND(ROUND(OFFSET($P72,0,AG$13),15-13*ORÇAMENTO!$AF$7)*OFFSET(ORÇAMENTO!$W$15,ROW(AG72)-ROW(AG$15),0),15-13*ORÇAMENTO!$AF$11)),\n         0)","v":0},{"$f":"IF(AND($D72=\"Serviço\",AH$12<>0,$H72>0,OR(AUTOEVENTO<>\"manual\",$M72<>$A$15)),\n        IF(Import.TipoArredondamento<>\"TransfereGOV\",\n              ROUND(OFFSET($P72,0,AH$13),15-13*ORÇAMENTO!$AF$7)/$H72*OFFSET(ORÇAMENTO!$X$15,ROW(AH72)-ROW(AH$15),0),\n              ROUND(ROUND(OFFSET($P72,0,AH$13),15-13*ORÇAMENTO!$AF$7)*OFFSET(ORÇAMENTO!$W$15,ROW(AH72)-ROW(AH$15),0),15-13*ORÇAMENTO!$AF$11)),\n         0)","v":0},{"$f":"IF(AND($D72=\"Serviço\",AI$12<>0,$H72>0,OR(AUTOEVENTO<>\"manual\",$M72<>$A$15)),\n        IF(Import.TipoArredondamento<>\"TransfereGOV\",\n              ROUND(OFFSET($P72,0,AI$13),15-13*ORÇAMENTO!$AF$7)/$H72*OFFSET(ORÇAMENTO!$X$15,ROW(AI72)-ROW(AI$15),0),\n              ROUND(ROUND(OFFSET($P72,0,AI$13),15-13*ORÇAMENTO!$AF$7)*OFFSET(ORÇAMENTO!$W$15,ROW(AI72)-ROW(AI$15),0),15-13*ORÇAMENTO!$AF$11)),\n         0)","v":0},{"$f":"IF(AND($D72=\"Serviço\",AJ$12<>0,$H72>0,OR(AUTOEVENTO<>\"manual\",$M72<>$A$15)),\n        IF(Import.TipoArredondamento<>\"TransfereGOV\",\n              ROUND(OFFSET($P72,0,AJ$13),15-13*ORÇAMENTO!$AF$7)/$H72*OFFSET(ORÇAMENTO!$X$15,ROW(AJ72)-ROW(AJ$15),0),\n              ROUND(ROUND(OFFSET($P72,0,AJ$13),15-13*ORÇAMENTO!$AF$7)*OFFSET(ORÇAMENTO!$W$15,ROW(AJ72)-ROW(AJ$15),0),15-13*ORÇAMENTO!$AF$11)),\n         0)","v":0},{"$f":"IF(AND($D72=\"Serviço\",AK$12<>0,$H72>0,OR(AUTOEVENTO<>\"manual\",$M72<>$A$15)),\n        IF(Import.TipoArredondamento<>\"TransfereGOV\",\n              ROUND(OFFSET($P72,0,AK$13),15-13*ORÇAMENTO!$AF$7)/$H72*OFFSET(ORÇAMENTO!$X$15,ROW(AK72)-ROW(AK$15),0),\n              ROUND(ROUND(OFFSET($P72,0,AK$13),15-13*ORÇAMENTO!$AF$7)*OFFSET(ORÇAMENTO!$W$15,ROW(AK72)-ROW(AK$15),0),15-13*ORÇAMENTO!$AF$11)),\n         0)","v":0},null,{"$f":"IF(OR($D72<>\"Serviço\",AND(AUTOEVENTO=\"Manual\",$M72=$A$15)),0,\n         IF(OFFSET(CRONOPLE!$F$15,$M72-$A$15,AM$13)=0,10^12,OFFSET(CRONOPLE!$F$15,$M72-$A$15,AM$13)))","v":4},{"$f":"IF(OR($D72<>\"Serviço\",AND(AUTOEVENTO=\"Manual\",$M72=$A$15)),0,\n         IF(OFFSET(CRONOPLE!$F$15,$M72-$A$15,AN$13)=0,10^12,OFFSET(CRONOPLE!$F$15,$M72-$A$15,AN$13)))","v":4},{"$f":"IF(OR($D72<>\"Serviço\",AND(AUTOEVENTO=\"Manual\",$M72=$A$15)),0,\n         IF(OFFSET(CRONOPLE!$F$15,$M72-$A$15,AO$13)=0,10^12,OFFSET(CRONOPLE!$F$15,$M72-$A$15,AO$13)))","v":1000000000000},{"$f":"IF(OR($D72<>\"Serviço\",AND(AUTOEVENTO=\"Manual\",$M72=$A$15)),0,\n         IF(OFFSET(CRONOPLE!$F$15,$M72-$A$15,AP$13)=0,10^12,OFFSET(CRONOPLE!$F$15,$M72-$A$15,AP$13)))","v":3},{"$f":"IF(OR($D72<>\"Serviço\",AND(AUTOEVENTO=\"Manual\",$M72=$A$15)),0,\n         IF(OFFSET(CRONOPLE!$F$15,$M72-$A$15,AQ$13)=0,10^12,OFFSET(CRONOPLE!$F$15,$M72-$A$15,AQ$13)))","v":4},{"$f":"IF(OR($D72<>\"Serviço\",AND(AUTOEVENTO=\"Manual\",$M72=$A$15)),0,\n         IF(OFFSET(CRONOPLE!$F$15,$M72-$A$15,AR$13)=0,10^12,OFFSET(CRONOPLE!$F$15,$M72-$A$15,AR$13)))","v":4},{"$f":"IF(OR($D72<>\"Serviço\",AND(AUTOEVENTO=\"Manual\",$M72=$A$15)),0,\n         IF(OFFSET(CRONOPLE!$F$15,$M72-$A$15,AS$13)=0,10^12,OFFSET(CRONOPLE!$F$15,$M72-$A$15,AS$13)))","v":1000000000000},{"$f":"IF(OR($D72<>\"Serviço\",AND(AUTOEVENTO=\"Manual\",$M72=$A$15)),0,\n         IF(OFFSET(CRONOPLE!$F$15,$M72-$A$15,AT$13)=0,10^12,OFFSET(CRONOPLE!$F$15,$M72-$A$15,AT$13)))","v":1000000000000},{"$f":"IF(OR($D72<>\"Serviço\",AND(AUTOEVENTO=\"Manual\",$M72=$A$15)),0,\n         IF(OFFSET(CRONOPLE!$F$15,$M72-$A$15,AU$13)=0,10^12,OFFSET(CRONOPLE!$F$15,$M72-$A$15,AU$13)))","v":1000000000000},{"$f":"IF(OR($D72<>\"Serviço\",AND(AUTOEVENTO=\"Manual\",$M72=$A$15)),0,\n         IF(OFFSET(CRONOPLE!$F$15,$M72-$A$15,AV$13)=0,10^12,OFFSET(CRONOPLE!$F$15,$M72-$A$15,AV$13)))","v":1000000000000},null,{"$f":"IF(OR($D72<>\"Serviço\",AND(AUTOEVENTO=\"Manual\",$M72=$A$15),$M72>(ROW(PLE.lastrow)-ROW(PLE.firstrow))),0,\n           IF(OFFSET(PLE!$G$15,$M72-$A$15,AX$13)=\"\",10^12,OFFSET(PLE!$G$15,$M72-$A$15,AX$13)))","v":2},{"$f":"IF(OR($D72<>\"Serviço\",AND(AUTOEVENTO=\"Manual\",$M72=$A$15),$M72>(ROW(PLE.lastrow)-ROW(PLE.firstrow))),0,\n           IF(OFFSET(PLE!$G$15,$M72-$A$15,AY$13)=\"\",10^12,OFFSET(PLE!$G$15,$M72-$A$15,AY$13)))","v":3},{"$f":"IF(OR($D72<>\"Serviço\",AND(AUTOEVENTO=\"Manual\",$M72=$A$15),$M72>(ROW(PLE.lastrow)-ROW(PLE.firstrow))),0,\n           IF(OFFSET(PLE!$G$15,$M72-$A$15,AZ$13)=\"\",10^12,OFFSET(PLE!$G$15,$M72-$A$15,AZ$13)))","v":1000000000000},{"$f":"IF(OR($D72<>\"Serviço\",AND(AUTOEVENTO=\"Manual\",$M72=$A$15),$M72>(ROW(PLE.lastrow)-ROW(PLE.firstrow))),0,\n           IF(OFFSET(PLE!$G$15,$M72-$A$15,BA$13)=\"\",10^12,OFFSET(PLE!$G$15,$M72-$A$15,BA$13)))","v":1000000000000},{"$f":"IF(OR($D72<>\"Serviço\",AND(AUTOEVENTO=\"Manual\",$M72=$A$15),$M72>(ROW(PLE.lastrow)-ROW(PLE.firstrow))),0,\n           IF(OFFSET(PLE!$G$15,$M72-$A$15,BB$13)=\"\",10^12,OFFSET(PLE!$G$15,$M72-$A$15,BB$13)))","v":1000000000000},{"$f":"IF(OR($D72<>\"Serviço\",AND(AUTOEVENTO=\"Manual\",$M72=$A$15),$M72>(ROW(PLE.lastrow)-ROW(PLE.firstrow))),0,\n           IF(OFFSET(PLE!$G$15,$M72-$A$15,BC$13)=\"\",10^12,OFFSET(PLE!$G$15,$M72-$A$15,BC$13)))","v":1000000000000},{"$f":"IF(OR($D72<>\"Serviço\",AND(AUTOEVENTO=\"Manual\",$M72=$A$15),$M72>(ROW(PLE.lastrow)-ROW(PLE.firstrow))),0,\n           IF(OFFSET(PLE!$G$15,$M72-$A$15,BD$13)=\"\",10^12,OFFSET(PLE!$G$15,$M72-$A$15,BD$13)))","v":1000000000000},{"$f":"IF(OR($D72<>\"Serviço\",AND(AUTOEVENTO=\"Manual\",$M72=$A$15),$M72>(ROW(PLE.lastrow)-ROW(PLE.firstrow))),0,\n           IF(OFFSET(PLE!$G$15,$M72-$A$15,BE$13)=\"\",10^12,OFFSET(PLE!$G$15,$M72-$A$15,BE$13)))","v":1000000000000},{"$f":"IF(OR($D72<>\"Serviço\",AND(AUTOEVENTO=\"Manual\",$M72=$A$15),$M72>(ROW(PLE.lastrow)-ROW(PLE.firstrow))),0,\n           IF(OFFSET(PLE!$G$15,$M72-$A$15,BF$13)=\"\",10^12,OFFSET(PLE!$G$15,$M72-$A$15,BF$13)))","v":1000000000000},{"$f":"IF(OR($D72<>\"Serviço\",AND(AUTOEVENTO=\"Manual\",$M72=$A$15),$M72>(ROW(PLE.lastrow)-ROW(PLE.firstrow))),0,\n           IF(OFFSET(PLE!$G$15,$M72-$A$15,BG$13)=\"\",10^12,OFFSET(PLE!$G$15,$M72-$A$15,BG$13)))","v":1000000000000}]
[7,{"$f":"OFFSET(ORÇAMENTO!C$15,$L73,0)","v":"S"},{"$f":"OFFSET(ORÇAMENTO!L$15,$L73,0)","v":"F"},{"$f":"OFFSET(ORÇAMENTO!N$15,$L73,0)","v":"Serviço"},{"$f":"OFFSET(ORÇAMENTO!O$15,$L73,0)","v":"1.8.3."},{"$f":"OFFSET(ORÇAMENTO!R$15,$L73,0)","v":"LIGAÇÕES COMPOSTOS POR CHAPAS DE BASE, CHAPAS DE LIGAÇÃO E CHUMBADORES PARA ESTRUTURA METÁLICA, AÇO A36-FY250Mpa, LIGAÇÕES SOLDADAS, MÃO DE OBRA - FORNECIMENTO E INSTALAÇÃO"},{"$f":"IF($D73<>\"Serviço\",\"\",OFFSET(ORÇAMENTO!S$15,$L73,0))","v":"KG"},{"$f":"IF($D73<>\"Serviço\",0,IF(ACOMPANHAMENTO=\"BM\",ROUND(OFFSET(ORÇAMENTO!AJ$15,$L73,0),15-13*ORÇAMENTO!$AF$7),IF(IFERROR(CÁLCULO.FrentesPreenchidas,0)=0,0,SUM(ROUND(OFFSET($P73,0,1,1,CÁLCULO.FrentesPreenchidas),15-13*ORÇAMENTO!$AF$7)))))","v":212.16},"CONFORME PROJETO DE ESTRUTURA METÁLICA - TABELA LIGAÇÃO",{"$f":"IF(OR(B73<>\"S\",CÁLCULO.FrentesPreenchidas=0),\"\",IF(AND(ACOMPANHAMENTO=\"PLE\",AUTOEVENTO=\"Manual\",OR(H73>0,ORÇAMENTO!AC73=\"QUANT.\"),OR(K73=\"\",M73=0,N73=\"\")),\"►E\",IF(AND(ACOMPANHAMENTO=\"PLE\",ORÇAMENTO!AC73=\"QUANT.\"),\"►Q\",IF(AND(ACOMPANHAMENTO=\"PLE\",H73<>SUMPRODUCT(($Q$1:$AA$1=1)*ROUND(Q73:AA73,15))),\"►S\",IF(AND(COUNTIF($P$11:$AA$11,\"▼\")=0,H73>0,I73=\"\"),\"◄M\",\"\")))))","v":""},"7.Pilares",58,{"$f":"IF($D73<>\"Serviço\",\"\",\n          IF(AUTOEVENTO=\"manual\",$A73,\n                IF(ISERROR(MATCH($A73,$A$15:OFFSET($A73,-1,0),0)),MAX($M$15:OFFSET(M73,-1,0))+1,\n                      INDEX($M$15:OFFSET(M73,-1,0),MATCH($A73,$A$15:OFFSET($A73,-1,0),0)))))","v":7},{"$f":"IF($D73<>\"Serviço\",\"\",\n         IF(AUTOEVENTO=\"Manual\",\n                IF($A73=0,\"<-- defina o número do agrupador\",\n                       OFFSET(EVENTOS!$D$15,$A73-$A$15,0)),\n                OFFSET($F$15,$A73,0)))","v":"Tesouras"},null,null,{"$f":"212.16/2","v":106.08},106.08,null,null,null,null,null,null,null,null,null,{"$f":"IF(AND($D73=\"Serviço\",AB$12<>0,$H73>0,OR(AUTOEVENTO<>\"manual\",$M73<>$A$15)),\n        IF(Import.TipoArredondamento<>\"TransfereGOV\",\n              ROUND(OFFSET($P73,0,AB$13),15-13*ORÇAMENTO!$AF$7)/$H73*OFFSET(ORÇAMENTO!$X$15,ROW(AB73)-ROW(AB$15),0),\n              ROUND(ROUND(OFFSET($P73,0,AB$13),15-13*ORÇAMENTO!$AF$7)*OFFSET(ORÇAMENTO!$W$15,ROW(AB73)-ROW(AB$15),0),15-13*ORÇAMENTO!$AF$11)),\n         0)","v":0},{"$f":"IF(AND($D73=\"Serviço\",AC$12<>0,$H73>0,OR(AUTOEVENTO<>\"manual\",$M73<>$A$15)),\n        IF(Import.TipoArredondamento<>\"TransfereGOV\",\n              ROUND(OFFSET($P73,0,AC$13),15-13*ORÇAMENTO!$AF$7)/$H73*OFFSET(ORÇAMENTO!$X$15,ROW(AC73)-ROW(AC$15),0),\n              ROUND(ROUND(OFFSET($P73,0,AC$13),15-13*ORÇAMENTO!$AF$7)*OFFSET(ORÇAMENTO!$W$15,ROW(AC73)-ROW(AC$15),0),15-13*ORÇAMENTO!$AF$11)),\n         0)","v":0},{"$f":"IF(AND($D73=\"Serviço\",AD$12<>0,$H73>0,OR(AUTOEVENTO<>\"manual\",$M73<>$A$15)),\n        IF(Import.TipoArredondamento<>\"TransfereGOV\",\n              ROUND(OFFSET($P73,0,AD$13),15-13*ORÇAMENTO!$AF$7)/$H73*OFFSET(ORÇAMENTO!$X$15,ROW(AD73)-ROW(AD$15),0),\n              ROUND(ROUND(OFFSET($P73,0,AD$13),15-13*ORÇAMENTO!$AF$7)*OFFSET(ORÇAMENTO!$W$15,ROW(AD73)-ROW(AD$15),0),15-13*ORÇAMENTO!$AF$11)),\n         0)","v":0},{"$f":"IF(AND($D73=\"Serviço\",AE$12<>0,$H73>0,OR(AUTOEVENTO<>\"manual\",$M73<>$A$15)),\n        IF(Import.TipoArredondamento<>\"TransfereGOV\",\n              ROUND(OFFSET($P73,0,AE$13),15-13*ORÇAMENTO!$AF$7)/$H73*OFFSET(ORÇAMENTO!$X$15,ROW(AE73)-ROW(AE$15),0),\n              ROUND(ROUND(OFFSET($P73,0,AE$13),15-13*ORÇAMENTO!$AF$7)*OFFSET(ORÇAMENTO!$W$15,ROW(AE73)-ROW(AE$15),0),15-13*ORÇAMENTO!$AF$11)),\n         0)","v":0},{"$f":"IF(AND($D73=\"Serviço\",AF$12<>0,$H73>0,OR(AUTOEVENTO<>\"manual\",$M73<>$A$15)),\n        IF(Import.TipoArredondamento<>\"TransfereGOV\",\n              ROUND(OFFSET($P73,0,AF$13),15-13*ORÇAMENTO!$AF$7)/$H73*OFFSET(ORÇAMENTO!$X$15,ROW(AF73)-ROW(AF$15),0),\n              ROUND(ROUND(OFFSET($P73,0,AF$13),15-13*ORÇAMENTO!$AF$7)*OFFSET(ORÇAMENTO!$W$15,ROW(AF73)-ROW(AF$15),0),15-13*ORÇAMENTO!$AF$11)),\n         0)","v":0},{"$f":"IF(AND($D73=\"Serviço\",AG$12<>0,$H73>0,OR(AUTOEVENTO<>\"manual\",$M73<>$A$15)),\n        IF(Import.TipoArredondamento<>\"TransfereGOV\",\n              ROUND(OFFSET($P73,0,AG$13),15-13*ORÇAMENTO!$AF$7)/$H73*OFFSET(ORÇAMENTO!$X$15,ROW(AG73)-ROW(AG$15),0),\n              ROUND(ROUND(OFFSET($P73,0,AG$13),15-13*ORÇAMENTO!$AF$7)*OFFSET(ORÇAMENTO!$W$15,ROW(AG73)-ROW(AG$15),0),15-13*ORÇAMENTO!$AF$11)),\n         0)","v":0},{"$f":"IF(AND($D73=\"Serviço\",AH$12<>0,$H73>0,OR(AUTOEVENTO<>\"manual\",$M73<>$A$15)),\n        IF(Import.TipoArredondamento<>\"TransfereGOV\",\n              ROUND(OFFSET($P73,0,AH$13),15-13*ORÇAMENTO!$AF$7)/$H73*OFFSET(ORÇAMENTO!$X$15,ROW(AH73)-ROW(AH$15),0),\n              ROUND(ROUND(OFFSET($P73,0,AH$13),15-13*ORÇAMENTO!$AF$7)*OFFSET(ORÇAMENTO!$W$15,ROW(AH73)-ROW(AH$15),0),15-13*ORÇAMENTO!$AF$11)),\n         0)","v":0},{"$f":"IF(AND($D73=\"Serviço\",AI$12<>0,$H73>0,OR(AUTOEVENTO<>\"manual\",$M73<>$A$15)),\n        IF(Import.TipoArredondamento<>\"TransfereGOV\",\n              ROUND(OFFSET($P73,0,AI$13),15-13*ORÇAMENTO!$AF$7)/$H73*OFFSET(ORÇAMENTO!$X$15,ROW(AI73)-ROW(AI$15),0),\n              ROUND(ROUND(OFFSET($P73,0,AI$13),15-13*ORÇAMENTO!$AF$7)*OFFSET(ORÇAMENTO!$W$15,ROW(AI73)-ROW(AI$15),0),15-13*ORÇAMENTO!$AF$11)),\n         0)","v":0},{"$f":"IF(AND($D73=\"Serviço\",AJ$12<>0,$H73>0,OR(AUTOEVENTO<>\"manual\",$M73<>$A$15)),\n        IF(Import.TipoArredondamento<>\"TransfereGOV\",\n              ROUND(OFFSET($P73,0,AJ$13),15-13*ORÇAMENTO!$AF$7)/$H73*OFFSET(ORÇAMENTO!$X$15,ROW(AJ73)-ROW(AJ$15),0),\n              ROUND(ROUND(OFFSET($P73,0,AJ$13),15-13*ORÇAMENTO!$AF$7)*OFFSET(ORÇAMENTO!$W$15,ROW(AJ73)-ROW(AJ$15),0),15-13*ORÇAMENTO!$AF$11)),\n         0)","v":0},{"$f":"IF(AND($D73=\"Serviço\",AK$12<>0,$H73>0,OR(AUTOEVENTO<>\"manual\",$M73<>$A$15)),\n        IF(Import.TipoArredondamento<>\"TransfereGOV\",\n              ROUND(OFFSET($P73,0,AK$13),15-13*ORÇAMENTO!$AF$7)/$H73*OFFSET(ORÇAMENTO!$X$15,ROW(AK73)-ROW(AK$15),0),\n              ROUND(ROUND(OFFSET($P73,0,AK$13),15-13*ORÇAMENTO!$AF$7)*OFFSET(ORÇAMENTO!$W$15,ROW(AK73)-ROW(AK$15),0),15-13*ORÇAMENTO!$AF$11)),\n         0)","v":0},null,{"$f":"IF(OR($D73<>\"Serviço\",AND(AUTOEVENTO=\"Manual\",$M73=$A$15)),0,\n         IF(OFFSET(CRONOPLE!$F$15,$M73-$A$15,AM$13)=0,10^12,OFFSET(CRONOPLE!$F$15,$M73-$A$15,AM$13)))","v":4},{"$f":"IF(OR($D73<>\"Serviço\",AND(AUTOEVENTO=\"Manual\",$M73=$A$15)),0,\n         IF(OFFSET(CRONOPLE!$F$15,$M73-$A$15,AN$13)=0,10^12,OFFSET(CRONOPLE!$F$15,$M73-$A$15,AN$13)))","v":4},{"$f":"IF(OR($D73<>\"Serviço\",AND(AUTOEVENTO=\"Manual\",$M73=$A$15)),0,\n         IF(OFFSET(CRONOPLE!$F$15,$M73-$A$15,AO$13)=0,10^12,OFFSET(CRONOPLE!$F$15,$M73-$A$15,AO$13)))","v":1000000000000},{"$f":"IF(OR($D73<>\"Serviço\",AND(AUTOEVENTO=\"Manual\",$M73=$A$15)),0,\n         IF(OFFSET(CRONOPLE!$F$15,$M73-$A$15,AP$13)=0,10^12,OFFSET(CRONOPLE!$F$15,$M73-$A$15,AP$13)))","v":3},{"$f":"IF(OR($D73<>\"Serviço\",AND(AUTOEVENTO=\"Manual\",$M73=$A$15)),0,\n         IF(OFFSET(CRONOPLE!$F$15,$M73-$A$15,AQ$13)=0,10^12,OFFSET(CRONOPLE!$F$15,$M73-$A$15,AQ$13)))","v":4},{"$f":"IF(OR($D73<>\"Serviço\",AND(AUTOEVENTO=\"Manual\",$M73=$A$15)),0,\n         IF(OFFSET(CRONOPLE!$F$15,$M73-$A$15,AR$13)=0,10^12,OFFSET(CRONOPLE!$F$15,$M73-$A$15,AR$13)))","v":4},{"$f":"IF(OR($D73<>\"Serviço\",AND(AUTOEVENTO=\"Manual\",$M73=$A$15)),0,\n         IF(OFFSET(CRONOPLE!$F$15,$M73-$A$15,AS$13)=0,10^12,OFFSET(CRONOPLE!$F$15,$M73-$A$15,AS$13)))","v":1000000000000},{"$f":"IF(OR($D73<>\"Serviço\",AND(AUTOEVENTO=\"Manual\",$M73=$A$15)),0,\n         IF(OFFSET(CRONOPLE!$F$15,$M73-$A$15,AT$13)=0,10^12,OFFSET(CRONOPLE!$F$15,$M73-$A$15,AT$13)))","v":1000000000000},{"$f":"IF(OR($D73<>\"Serviço\",AND(AUTOEVENTO=\"Manual\",$M73=$A$15)),0,\n         IF(OFFSET(CRONOPLE!$F$15,$M73-$A$15,AU$13)=0,10^12,OFFSET(CRONOPLE!$F$15,$M73-$A$15,AU$13)))","v":1000000000000},{"$f":"IF(OR($D73<>\"Serviço\",AND(AUTOEVENTO=\"Manual\",$M73=$A$15)),0,\n         IF(OFFSET(CRONOPLE!$F$15,$M73-$A$15,AV$13)=0,10^12,OFFSET(CRONOPLE!$F$15,$M73-$A$15,AV$13)))","v":1000000000000},null,{"$f":"IF(OR($D73<>\"Serviço\",AND(AUTOEVENTO=\"Manual\",$M73=$A$15),$M73>(ROW(PLE.lastrow)-ROW(PLE.firstrow))),0,\n           IF(OFFSET(PLE!$G$15,$M73-$A$15,AX$13)=\"\",10^12,OFFSET(PLE!$G$15,$M73-$A$15,AX$13)))","v":2},{"$f":"IF(OR($D73<>\"Serviço\",AND(AUTOEVENTO=\"Manual\",$M73=$A$15),$M73>(ROW(PLE.lastrow)-ROW(PLE.firstrow))),0,\n           IF(OFFSET(PLE!$G$15,$M73-$A$15,AY$13)=\"\",10^12,OFFSET(PLE!$G$15,$M73-$A$15,AY$13)))","v":3},{"$f":"IF(OR($D73<>\"Serviço\",AND(AUTOEVENTO=\"Manual\",$M73=$A$15),$M73>(ROW(PLE.lastrow)-ROW(PLE.firstrow))),0,\n           IF(OFFSET(PLE!$G$15,$M73-$A$15,AZ$13)=\"\",10^12,OFFSET(PLE!$G$15,$M73-$A$15,AZ$13)))","v":1000000000000},{"$f":"IF(OR($D73<>\"Serviço\",AND(AUTOEVENTO=\"Manual\",$M73=$A$15),$M73>(ROW(PLE.lastrow)-ROW(PLE.firstrow))),0,\n           IF(OFFSET(PLE!$G$15,$M73-$A$15,BA$13)=\"\",10^12,OFFSET(PLE!$G$15,$M73-$A$15,BA$13)))","v":1000000000000},{"$f":"IF(OR($D73<>\"Serviço\",AND(AUTOEVENTO=\"Manual\",$M73=$A$15),$M73>(ROW(PLE.lastrow)-ROW(PLE.firstrow))),0,\n           IF(OFFSET(PLE!$G$15,$M73-$A$15,BB$13)=\"\",10^12,OFFSET(PLE!$G$15,$M73-$A$15,BB$13)))","v":1000000000000},{"$f":"IF(OR($D73<>\"Serviço\",AND(AUTOEVENTO=\"Manual\",$M73=$A$15),$M73>(ROW(PLE.lastrow)-ROW(PLE.firstrow))),0,\n           IF(OFFSET(PLE!$G$15,$M73-$A$15,BC$13)=\"\",10^12,OFFSET(PLE!$G$15,$M73-$A$15,BC$13)))","v":1000000000000},{"$f":"IF(OR($D73<>\"Serviço\",AND(AUTOEVENTO=\"Manual\",$M73=$A$15),$M73>(ROW(PLE.lastrow)-ROW(PLE.firstrow))),0,\n           IF(OFFSET(PLE!$G$15,$M73-$A$15,BD$13)=\"\",10^12,OFFSET(PLE!$G$15,$M73-$A$15,BD$13)))","v":1000000000000},{"$f":"IF(OR($D73<>\"Serviço\",AND(AUTOEVENTO=\"Manual\",$M73=$A$15),$M73>(ROW(PLE.lastrow)-ROW(PLE.firstrow))),0,\n           IF(OFFSET(PLE!$G$15,$M73-$A$15,BE$13)=\"\",10^12,OFFSET(PLE!$G$15,$M73-$A$15,BE$13)))","v":1000000000000},{"$f":"IF(OR($D73<>\"Serviço\",AND(AUTOEVENTO=\"Manual\",$M73=$A$15),$M73>(ROW(PLE.lastrow)-ROW(PLE.firstrow))),0,\n           IF(OFFSET(PLE!$G$15,$M73-$A$15,BF$13)=\"\",10^12,OFFSET(PLE!$G$15,$M73-$A$15,BF$13)))","v":1000000000000},{"$f":"IF(OR($D73<>\"Serviço\",AND(AUTOEVENTO=\"Manual\",$M73=$A$15),$M73>(ROW(PLE.lastrow)-ROW(PLE.firstrow))),0,\n           IF(OFFSET(PLE!$G$15,$M73-$A$15,BG$13)=\"\",10^12,OFFSET(PLE!$G$15,$M73-$A$15,BG$13)))","v":1000000000000}]
[8,{"$f":"OFFSET(ORÇAMENTO!C$15,$L74,0)","v":"S"},{"$f":"OFFSET(ORÇAMENTO!L$15,$L74,0)","v":"F"},{"$f":"OFFSET(ORÇAMENTO!N$15,$L74,0)","v":"Serviço"},{"$f":"OFFSET(ORÇAMENTO!O$15,$L74,0)","v":"1.8.4."},{"$f":"OFFSET(ORÇAMENTO!R$15,$L74,0)","v":"ESTRUTURA TRELIÇADA PARA TESOURAS DE COBERTURA, COM LIGAÇÕES SOLDADAS, INCLUSOS PERFIS METÁLICOS, CHAPAS METÁLICAS, MÃO DE OBRA E TRANSPORTE COM GUINDASTE - FORNECIMENTO E INSTALAÇÃO"},{"$f":"IF($D74<>\"Serviço\",\"\",OFFSET(ORÇAMENTO!S$15,$L74,0))","v":"KG"},{"$f":"IF($D74<>\"Serviço\",0,IF(ACOMPANHAMENTO=\"BM\",ROUND(OFFSET(ORÇAMENTO!AJ$15,$L74,0),15-13*ORÇAMENTO!$AF$7),IF(IFERROR(CÁLCULO.FrentesPreenchidas,0)=0,0,SUM(ROUND(OFFSET($P74,0,1,1,CÁLCULO.FrentesPreenchidas),15-13*ORÇAMENTO!$AF$7)))))","v":4786.57},"CONFORME PROJETO DE ESTRUTURA METÁLICA - TABELA TESOURAS",{"$f":"IF(OR(B74<>\"S\",CÁLCULO.FrentesPreenchidas=0),\"\",IF(AND(ACOMPANHAMENTO=\"PLE\",AUTOEVENTO=\"Manual\",OR(H74>0,ORÇAMENTO!AC74=\"QUANT.\"),OR(K74=\"\",M74=0,N74=\"\")),\"►E\",IF(AND(ACOMPANHAMENTO=\"PLE\",ORÇAMENTO!AC74=\"QUANT.\"),\"►Q\",IF(AND(ACOMPANHAMENTO=\"PLE\",H74<>SUMPRODUCT(($Q$1:$AA$1=1)*ROUND(Q74:AA74,15))),\"►S\",IF(AND(COUNTIF($P$11:$AA$11,\"▼\")=0,H74>0,I74=\"\"),\"◄M\",\"\")))))","v":""},"8.Tesouras",59,{"$f":"IF($D74<>\"Serviço\",\"\",\n          IF(AUTOEVENTO=\"manual\",$A74,\n                IF(ISERROR(MATCH($A74,$A$15:OFFSET($A74,-1,0),0)),MAX($M$15:OFFSET(M74,-1,0))+1,\n                      INDEX($M$15:OFFSET(M74,-1,0),MATCH($A74,$A$15:OFFSET($A74,-1,0),0)))))","v":8},{"$f":"IF($D74<>\"Serviço\",\"\",\n         IF(AUTOEVENTO=\"Manual\",\n                IF($A74=0,\"<-- defina o número do agrupador\",\n                       OFFSET(EVENTOS!$D$15,$A74-$A$15,0)),\n                OFFSET($F$15,$A74,0)))","v":"Terças e travamentos"},null,null,{"$f":"4786.57/2","v":2393.2849999999999},2393.2800000000002,null,null,null,null,null,null,null,null,null,{"$f":"IF(AND($D74=\"Serviço\",AB$12<>0,$H74>0,OR(AUTOEVENTO<>\"manual\",$M74<>$A$15)),\n        IF(Import.TipoArredondamento<>\"TransfereGOV\",\n              ROUND(OFFSET($P74,0,AB$13),15-13*ORÇAMENTO!$AF$7)/$H74*OFFSET(ORÇAMENTO!$X$15,ROW(AB74)-ROW(AB$15),0),\n              ROUND(ROUND(OFFSET($P74,0,AB$13),15-13*ORÇAMENTO!$AF$7)*OFFSET(ORÇAMENTO!$W$15,ROW(AB74)-ROW(AB$15),0),15-13*ORÇAMENTO!$AF$11)),\n         0)","v":0},{"$f":"IF(AND($D74=\"Serviço\",AC$12<>0,$H74>0,OR(AUTOEVENTO<>\"manual\",$M74<>$A$15)),\n        IF(Import.TipoArredondamento<>\"TransfereGOV\",\n              ROUND(OFFSET($P74,0,AC$13),15-13*ORÇAMENTO!$AF$7)/$H74*OFFSET(ORÇAMENTO!$X$15,ROW(AC74)-ROW(AC$15),0),\n              ROUND(ROUND(OFFSET($P74,0,AC$13),15-13*ORÇAMENTO!$AF$7)*OFFSET(ORÇAMENTO!$W$15,ROW(AC74)-ROW(AC$15),0),15-13*ORÇAMENTO!$AF$11)),\n         0)","v":0},{"$f":"IF(AND($D74=\"Serviço\",AD$12<>0,$H74>0,OR(AUTOEVENTO<>\"manual\",$M74<>$A$15)),\n        IF(Import.TipoArredondamento<>\"TransfereGOV\",\n              ROUND(OFFSET($P74,0,AD$13),15-13*ORÇAMENTO!$AF$7)/$H74*OFFSET(ORÇAMENTO!$X$15,ROW(AD74)-ROW(AD$15),0),\n              ROUND(ROUND(OFFSET($P74,0,AD$13),15-13*ORÇAMENTO!$AF$7)*OFFSET(ORÇAMENTO!$W$15,ROW(AD74)-ROW(AD$15),0),15-13*ORÇAMENTO!$AF$11)),\n         0)","v":0},{"$f":"IF(AND($D74=\"Serviço\",AE$12<>0,$H74>0,OR(AUTOEVENTO<>\"manual\",$M74<>$A$15)),\n        IF(Import.TipoArredondamento<>\"TransfereGOV\",\n              ROUND(OFFSET($P74,0,AE$13),15-13*ORÇAMENTO!$AF$7)/$H74*OFFSET(ORÇAMENTO!$X$15,ROW(AE74)-ROW(AE$15),0),\n              ROUND(ROUND(OFFSET($P74,0,AE$13),15-13*ORÇAMENTO!$AF$7)*OFFSET(ORÇAMENTO!$W$15,ROW(AE74)-ROW(AE$15),0),15-13*ORÇAMENTO!$AF$11)),\n         0)","v":0},{"$f":"IF(AND($D74=\"Serviço\",AF$12<>0,$H74>0,OR(AUTOEVENTO<>\"manual\",$M74<>$A$15)),\n        IF(Import.TipoArredondamento<>\"TransfereGOV\",\n              ROUND(OFFSET($P74,0,AF$13),15-13*ORÇAMENTO!$AF$7)/$H74*OFFSET(ORÇAMENTO!$X$15,ROW(AF74)-ROW(AF$15),0),\n              ROUND(ROUND(OFFSET($P74,0,AF$13),15-13*ORÇAMENTO!$AF$7)*OFFSET(ORÇAMENTO!$W$15,ROW(AF74)-ROW(AF$15),0),15-13*ORÇAMENTO!$AF$11)),\n         0)","v":0},{"$f":"IF(AND($D74=\"Serviço\",AG$12<>0,$H74>0,OR(AUTOEVENTO<>\"manual\",$M74<>$A$15)),\n        IF(Import.TipoArredondamento<>\"TransfereGOV\",\n              ROUND(OFFSET($P74,0,AG$13),15-13*ORÇAMENTO!$AF$7)/$H74*OFFSET(ORÇAMENTO!$X$15,ROW(AG74)-ROW(AG$15),0),\n              ROUND(ROUND(OFFSET($P74,0,AG$13),15-13*ORÇAMENTO!$AF$7)*OFFSET(ORÇAMENTO!$W$15,ROW(AG74)-ROW(AG$15),0),15-13*ORÇAMENTO!$AF$11)),\n         0)","v":0},{"$f":"IF(AND($D74=\"Serviço\",AH$12<>0,$H74>0,OR(AUTOEVENTO<>\"manual\",$M74<>$A$15)),\n        IF(Import.TipoArredondamento<>\"TransfereGOV\",\n              ROUND(OFFSET($P74,0,AH$13),15-13*ORÇAMENTO!$AF$7)/$H74*OFFSET(ORÇAMENTO!$X$15,ROW(AH74)-ROW(AH$15),0),\n              ROUND(ROUND(OFFSET($P74,0,AH$13),15-13*ORÇAMENTO!$AF$7)*OFFSET(ORÇAMENTO!$W$15,ROW(AH74)-ROW(AH$15),0),15-13*ORÇAMENTO!$AF$11)),\n         0)","v":0},{"$f":"IF(AND($D74=\"Serviço\",AI$12<>0,$H74>0,OR(AUTOEVENTO<>\"manual\",$M74<>$A$15)),\n        IF(Import.TipoArredondamento<>\"TransfereGOV\",\n              ROUND(OFFSET($P74,0,AI$13),15-13*ORÇAMENTO!$AF$7)/$H74*OFFSET(ORÇAMENTO!$X$15,ROW(AI74)-ROW(AI$15),0),\n              ROUND(ROUND(OFFSET($P74,0,AI$13),15-13*ORÇAMENTO!$AF$7)*OFFSET(ORÇAMENTO!$W$15,ROW(AI74)-ROW(AI$15),0),15-13*ORÇAMENTO!$AF$11)),\n         0)","v":0},{"$f":"IF(AND($D74=\"Serviço\",AJ$12<>0,$H74>0,OR(AUTOEVENTO<>\"manual\",$M74<>$A$15)),\n        IF(Import.TipoArredondamento<>\"TransfereGOV\",\n              ROUND(OFFSET($P74,0,AJ$13),15-13*ORÇAMENTO!$AF$7)/$H74*OFFSET(ORÇAMENTO!$X$15,ROW(AJ74)-ROW(AJ$15),0),\n              ROUND(ROUND(OFFSET($P74,0,AJ$13),15-13*ORÇAMENTO!$AF$7)*OFFSET(ORÇAMENTO!$W$15,ROW(AJ74)-ROW(AJ$15),0),15-13*ORÇAMENTO!$AF$11)),\n         0)","v":0},{"$f":"IF(AND($D74=\"Serviço\",AK$12<>0,$H74>0,OR(AUTOEVENTO<>\"manual\",$M74<>$A$15)),\n        IF(Import.TipoArredondamento<>\"TransfereGOV\",\n              ROUND(OFFSET($P74,0,AK$13),15-13*ORÇAMENTO!$AF$7)/$H74*OFFSET(ORÇAMENTO!$X$15,ROW(AK74)-ROW(AK$15),0),\n              ROUND(ROUND(OFFSET($P74,0,AK$13),15-13*ORÇAMENTO!$AF$7)*OFFSET(ORÇAMENTO!$W$15,ROW(AK74)-ROW(AK$15),0),15-13*ORÇAMENTO!$AF$11)),\n         0)","v":0},null,{"$f":"IF(OR($D74<>\"Serviço\",AND(AUTOEVENTO=\"Manual\",$M74=$A$15)),0,\n         IF(OFFSET(CRONOPLE!$F$15,$M74-$A$15,AM$13)=0,10^12,OFFSET(CRONOPLE!$F$15,$M74-$A$15,AM$13)))","v":4},{"$f":"IF(OR($D74<>\"Serviço\",AND(AUTOEVENTO=\"Manual\",$M74=$A$15)),0,\n         IF(OFFSET(CRONOPLE!$F$15,$M74-$A$15,AN$13)=0,10^12,OFFSET(CRONOPLE!$F$15,$M74-$A$15,AN$13)))","v":4},{"$f":"IF(OR($D74<>\"Serviço\",AND(AUTOEVENTO=\"Manual\",$M74=$A$15)),0,\n         IF(OFFSET(CRONOPLE!$F$15,$M74-$A$15,AO$13)=0,10^12,OFFSET(CRONOPLE!$F$15,$M74-$A$15,AO$13)))","v":2},{"$f":"IF(OR($D74<>\"Serviço\",AND(AUTOEVENTO=\"Manual\",$M74=$A$15)),0,\n         IF(OFFSET(CRONOPLE!$F$15,$M74-$A$15,AP$13)=0,10^12,OFFSET(CRONOPLE!$F$15,$M74-$A$15,AP$13)))","v":1000000000000},{"$f":"IF(OR($D74<>\"Serviço\",AND(AUTOEVENTO=\"Manual\",$M74=$A$15)),0,\n         IF(OFFSET(CRONOPLE!$F$15,$M74-$A$15,AQ$13)=0,10^12,OFFSET(CRONOPLE!$F$15,$M74-$A$15,AQ$13)))","v":5},{"$f":"IF(OR($D74<>\"Serviço\",AND(AUTOEVENTO=\"Manual\",$M74=$A$15)),0,\n         IF(OFFSET(CRONOPLE!$F$15,$M74-$A$15,AR$13)=0,10^12,OFFSET(CRONOPLE!$F$15,$M74-$A$15,AR$13)))","v":5},{"$f":"IF(OR($D74<>\"Serviço\",AND(AUTOEVENTO=\"Manual\",$M74=$A$15)),0,\n         IF(OFFSET(CRONOPLE!$F$15,$M74-$A$15,AS$13)=0,10^12,OFFSET(CRONOPLE!$F$15,$M74-$A$15,AS$13)))","v":1000000000000},{"$f":"IF(OR($D74<>\"Serviço\",AND(AUTOEVENTO=\"Manual\",$M74=$A$15)),0,\n         IF(OFFSET(CRONOPLE!$F$15,$M74-$A$15,AT$13)=0,10^12,OFFSET(CRONOPLE!$F$15,$M74-$A$15,AT$13)))","v":1000000000000},{"$f":"IF(OR($D74<>\"Serviço\",AND(AUTOEVENTO=\"Manual\",$M74=$A$15)),0,\n         IF(OFFSET(CRONOPLE!$F$15,$M74-$A$15,AU$13)=0,10^12,OFFSET(CRONOPLE!$F$15,$M74-$A$15,AU$13)))","v":1000000000000},{"$f":"IF(OR($D74<>\"Serviço\",AND(AUTOEVENTO=\"Manual\",$M74=$A$15)),0,\n         IF(OFFSET(CRONOPLE!$F$15,$M74-$A$15,AV$13)=0,10^12,OFFSET(CRONOPLE!$F$15,$M74-$A$15,AV$13)))","v":1000000000000},null,{"$f":"IF(OR($D74<>\"Serviço\",AND(AUTOEVENTO=\"Manual\",$M74=$A$15),$M74>(ROW(PLE.lastrow)-ROW(PLE.firstrow))),0,\n           IF(OFFSET(PLE!$G$15,$M74-$A$15,AX$13)=\"\",10^12,OFFSET(PLE!$G$15,$M74-$A$15,AX$13)))","v":2},{"$f":"IF(OR($D74<>\"Serviço\",AND(AUTOEVENTO=\"Manual\",$M74=$A$15),$M74>(ROW(PLE.lastrow)-ROW(PLE.firstrow))),0,\n           IF(OFFSET(PLE!$G$15,$M74-$A$15,AY$13)=\"\",10^12,OFFSET(PLE!$G$15,$M74-$A$15,AY$13)))","v":3},{"$f":"IF(OR($D74<>\"Serviço\",AND(AUTOEVENTO=\"Manual\",$M74=$A$15),$M74>(ROW(PLE.lastrow)-ROW(PLE.firstrow))),0,\n           IF(OFFSET(PLE!$G$15,$M74-$A$15,AZ$13)=\"\",10^12,OFFSET(PLE!$G$15,$M74-$A$15,AZ$13)))","v":1000000000000},{"$f":"IF(OR($D74<>\"Serviço\",AND(AUTOEVENTO=\"Manual\",$M74=$A$15),$M74>(ROW(PLE.lastrow)-ROW(PLE.firstrow))),0,\n           IF(OFFSET(PLE!$G$15,$M74-$A$15,BA$13)=\"\",10^12,OFFSET(PLE!$G$15,$M74-$A$15,BA$13)))","v":1000000000000},{"$f":"IF(OR($D74<>\"Serviço\",AND(AUTOEVENTO=\"Manual\",$M74=$A$15),$M74>(ROW(PLE.lastrow)-ROW(PLE.firstrow))),0,\n           IF(OFFSET(PLE!$G$15,$M74-$A$15,BB$13)=\"\",10^12,OFFSET(PLE!$G$15,$M74-$A$15,BB$13)))","v":1000000000000},{"$f":"IF(OR($D74<>\"Serviço\",AND(AUTOEVENTO=\"Manual\",$M74=$A$15),$M74>(ROW(PLE.lastrow)-ROW(PLE.firstrow))),0,\n           IF(OFFSET(PLE!$G$15,$M74-$A$15,BC$13)=\"\",10^12,OFFSET(PLE!$G$15,$M74-$A$15,BC$13)))","v":1000000000000},{"$f":"IF(OR($D74<>\"Serviço\",AND(AUTOEVENTO=\"Manual\",$M74=$A$15),$M74>(ROW(PLE.lastrow)-ROW(PLE.firstrow))),0,\n           IF(OFFSET(PLE!$G$15,$M74-$A$15,BD$13)=\"\",10^12,OFFSET(PLE!$G$15,$M74-$A$15,BD$13)))","v":1000000000000},{"$f":"IF(OR($D74<>\"Serviço\",AND(AUTOEVENTO=\"Manual\",$M74=$A$15),$M74>(ROW(PLE.lastrow)-ROW(PLE.firstrow))),0,\n           IF(OFFSET(PLE!$G$15,$M74-$A$15,BE$13)=\"\",10^12,OFFSET(PLE!$G$15,$M74-$A$15,BE$13)))","v":1000000000000},{"$f":"IF(OR($D74<>\"Serviço\",AND(AUTOEVENTO=\"Manual\",$M74=$A$15),$M74>(ROW(PLE.lastrow)-ROW(PLE.firstrow))),0,\n           IF(OFFSET(PLE!$G$15,$M74-$A$15,BF$13)=\"\",10^12,OFFSET(PLE!$G$15,$M74-$A$15,BF$13)))","v":1000000000000},{"$f":"IF(OR($D74<>\"Serviço\",AND(AUTOEVENTO=\"Manual\",$M74=$A$15),$M74>(ROW(PLE.lastrow)-ROW(PLE.firstrow))),0,\n           IF(OFFSET(PLE!$G$15,$M74-$A$15,BG$13)=\"\",10^12,OFFSET(PLE!$G$15,$M74-$A$15,BG$13)))","v":1000000000000}]
[9,{"$f":"OFFSET(ORÇAMENTO!C$15,$L75,0)","v":"S"},{"$f":"OFFSET(ORÇAMENTO!L$15,$L75,0)","v":"F"},{"$f":"OFFSET(ORÇAMENTO!N$15,$L75,0)","v":"Serviço"},{"$f":"OFFSET(ORÇAMENTO!O$15,$L75,0)","v":"1.8.5."},{"$f":"OFFSET(ORÇAMENTO!R$15,$L75,0)","v":"TRAMA DE AÇO COMPOSTA POR TERÇAS PARA TELHADOS DE ATÉ 2 ÁGUAS PARA TELHA ONDULADA DE FIBROCIMENTO, METÁLICA, PLÁSTICA OU TERMOACÚSTICA, INCLUSO TRANSPORTE VERTICAL (EM KG). AF_07/2019"},{"$f":"IF($D75<>\"Serviço\",\"\",OFFSET(ORÇAMENTO!S$15,$L75,0))","v":"KG"},{"$f":"IF($D75<>\"Serviço\",0,IF(ACOMPANHAMENTO=\"BM\",ROUND(OFFSET(ORÇAMENTO!AJ$15,$L75,0),15-13*ORÇAMENTO!$AF$7),IF(IFERROR(CÁLCULO.FrentesPreenchidas,0)=0,0,SUM(ROUND(OFFSET($P75,0,1,1,CÁLCULO.FrentesPreenchidas),15-13*ORÇAMENTO!$AF$7)))))","v":4252.8900000000003},"CONFORME PROJETO DE ESTRUTURA METÁLICA - TABELA TERÇAS + TABELA TRAVAMENTOS",{"$f":"IF(OR(B75<>\"S\",CÁLCULO.FrentesPreenchidas=0),\"\",IF(AND(ACOMPANHAMENTO=\"PLE\",AUTOEVENTO=\"Manual\",OR(H75>0,ORÇAMENTO!AC75=\"QUANT.\"),OR(K75=\"\",M75=0,N75=\"\")),\"►E\",IF(AND(ACOMPANHAMENTO=\"PLE\",ORÇAMENTO!AC75=\"QUANT.\"),\"►Q\",IF(AND(ACOMPANHAMENTO=\"PLE\",H75<>SUMPRODUCT(($Q$1:$AA$1=1)*ROUND(Q75:AA75,15))),\"►S\",IF(AND(COUNTIF($P$11:$AA$11,\"▼\")=0,H75>0,I75=\"\"),\"◄M\",\"\")))))","v":""},"9.Terças e travamentos",60,{"$f":"IF($D75<>\"Serviço\",\"\",\n          IF(AUTOEVENTO=\"manual\",$A75,\n                IF(ISERROR(MATCH($A75,$A$15:OFFSET($A75,-1,0),0)),MAX($M$15:OFFSET(M75,-1,0))+1,\n                      INDEX($M$15:OFFSET(M75,-1,0),MATCH($A75,$A$15:OFFSET($A75,-1,0),0)))))","v":9},{"$f":"IF($D75<>\"Serviço\",\"\",\n         IF(AUTOEVENTO=\"Manual\",\n                IF($A75=0,\"<-- defina o número do agrupador\",\n                       OFFSET(EVENTOS!$D$15,$A75-$A$15,0)),\n                OFFSET($F$15,$A75,0)))","v":"Telhamento e impermeabilização"},null,null,{"$f":"(3552.84+700.05)/2","v":2126.4450000000002},2126.44,null,null,null,null,null,null,null,null,null,{"$f":"IF(AND($D75=\"Serviço\",AB$12<>0,$H75>0,OR(AUTOEVENTO<>\"manual\",$M75<>$A$15)),\n        IF(Import.TipoArredondamento<>\"TransfereGOV\",\n              ROUND(OFFSET($P75,0,AB$13),15-13*ORÇAMENTO!$AF$7)/$H75*OFFSET(ORÇAMENTO!$X$15,ROW(AB75)-ROW(AB$15),0),\n              ROUND(ROUND(OFFSET($P75,0,AB$13),15-13*ORÇAMENTO!$AF$7)*OFFSET(ORÇAMENTO!$W$15,ROW(AB75)-ROW(AB$15),0),15-13*ORÇAMENTO!$AF$11)),\n         0)","v":0},{"$f":"IF(AND($D75=\"Serviço\",AC$12<>0,$H75>0,OR(AUTOEVENTO<>\"manual\",$M75<>$A$15)),\n        IF(Import.TipoArredondamento<>\"TransfereGOV\",\n              ROUND(OFFSET($P75,0,AC$13),15-13*ORÇAMENTO!$AF$7)/$H75*OFFSET(ORÇAMENTO!$X$15,ROW(AC75)-ROW(AC$15),0),\n              ROUND(ROUND(OFFSET($P75,0,AC$13),15-13*ORÇAMENTO!$AF$7)*OFFSET(ORÇAMENTO!$W$15,ROW(AC75)-ROW(AC$15),0),15-13*ORÇAMENTO!$AF$11)),\n         0)","v":0},{"$f":"IF(AND($D75=\"Serviço\",AD$12<>0,$H75>0,OR(AUTOEVENTO<>\"manual\",$M75<>$A$15)),\n        IF(Import.TipoArredondamento<>\"TransfereGOV\",\n              ROUND(OFFSET($P75,0,AD$13),15-13*ORÇAMENTO!$AF$7)/$H75*OFFSET(ORÇAMENTO!$X$15,ROW(AD75)-ROW(AD$15),0),\n              ROUND(ROUND(OFFSET($P75,0,AD$13),15-13*ORÇAMENTO!$AF$7)*OFFSET(ORÇAMENTO!$W$15,ROW(AD75)-ROW(AD$15),0),15-13*ORÇAMENTO!$AF$11)),\n         0)","v":0},{"$f":"IF(AND($D75=\"Serviço\",AE$12<>0,$H75>0,OR(AUTOEVENTO<>\"manual\",$M75<>$A$15)),\n        IF(Import.TipoArredondamento<>\"TransfereGOV\",\n              ROUND(OFFSET($P75,0,AE$13),15-13*ORÇAMENTO!$AF$7)/$H75*OFFSET(ORÇAMENTO!$X$15,ROW(AE75)-ROW(AE$15),0),\n              ROUND(ROUND(OFFSET($P75,0,AE$13),15-13*ORÇAMENTO!$AF$7)*OFFSET(ORÇAMENTO!$W$15,ROW(AE75)-ROW(AE$15),0),15-13*ORÇAMENTO!$AF$11)),\n         0)","v":0},{"$f":"IF(AND($D75=\"Serviço\",AF$12<>0,$H75>0,OR(AUTOEVENTO<>\"manual\",$M75<>$A$15)),\n        IF(Import.TipoArredondamento<>\"TransfereGOV\",\n              ROUND(OFFSET($P75,0,AF$13),15-13*ORÇAMENTO!$AF$7)/$H75*OFFSET(ORÇAMENTO!$X$15,ROW(AF75)-ROW(AF$15),0),\n              ROUND(ROUND(OFFSET($P75,0,AF$13),15-13*ORÇAMENTO!$AF$7)*OFFSET(ORÇAMENTO!$W$15,ROW(AF75)-ROW(AF$15),0),15-13*ORÇAMENTO!$AF$11)),\n         0)","v":0},{"$f":"IF(AND($D75=\"Serviço\",AG$12<>0,$H75>0,OR(AUTOEVENTO<>\"manual\",$M75<>$A$15)),\n        IF(Import.TipoArredondamento<>\"TransfereGOV\",\n              ROUND(OFFSET($P75,0,AG$13),15-13*ORÇAMENTO!$AF$7)/$H75*OFFSET(ORÇAMENTO!$X$15,ROW(AG75)-ROW(AG$15),0),\n              ROUND(ROUND(OFFSET($P75,0,AG$13),15-13*ORÇAMENTO!$AF$7)*OFFSET(ORÇAMENTO!$W$15,ROW(AG75)-ROW(AG$15),0),15-13*ORÇAMENTO!$AF$11)),\n         0)","v":0},{"$f":"IF(AND($D75=\"Serviço\",AH$12<>0,$H75>0,OR(AUTOEVENTO<>\"manual\",$M75<>$A$15)),\n        IF(Import.TipoArredondamento<>\"TransfereGOV\",\n              ROUND(OFFSET($P75,0,AH$13),15-13*ORÇAMENTO!$AF$7)/$H75*OFFSET(ORÇAMENTO!$X$15,ROW(AH75)-ROW(AH$15),0),\n              ROUND(ROUND(OFFSET($P75,0,AH$13),15-13*ORÇAMENTO!$AF$7)*OFFSET(ORÇAMENTO!$W$15,ROW(AH75)-ROW(AH$15),0),15-13*ORÇAMENTO!$AF$11)),\n         0)","v":0},{"$f":"IF(AND($D75=\"Serviço\",AI$12<>0,$H75>0,OR(AUTOEVENTO<>\"manual\",$M75<>$A$15)),\n        IF(Import.TipoArredondamento<>\"TransfereGOV\",\n              ROUND(OFFSET($P75,0,AI$13),15-13*ORÇAMENTO!$AF$7)/$H75*OFFSET(ORÇAMENTO!$X$15,ROW(AI75)-ROW(AI$15),0),\n              ROUND(ROUND(OFFSET($P75,0,AI$13),15-13*ORÇAMENTO!$AF$7)*OFFSET(ORÇAMENTO!$W$15,ROW(AI75)-ROW(AI$15),0),15-13*ORÇAMENTO!$AF$11)),\n         0)","v":0},{"$f":"IF(AND($D75=\"Serviço\",AJ$12<>0,$H75>0,OR(AUTOEVENTO<>\"manual\",$M75<>$A$15)),\n        IF(Import.TipoArredondamento<>\"TransfereGOV\",\n              ROUND(OFFSET($P75,0,AJ$13),15-13*ORÇAMENTO!$AF$7)/$H75*OFFSET(ORÇAMENTO!$X$15,ROW(AJ75)-ROW(AJ$15),0),\n              ROUND(ROUND(OFFSET($P75,0,AJ$13),15-13*ORÇAMENTO!$AF$7)*OFFSET(ORÇAMENTO!$W$15,ROW(AJ75)-ROW(AJ$15),0),15-13*ORÇAMENTO!$AF$11)),\n         0)","v":0},{"$f":"IF(AND($D75=\"Serviço\",AK$12<>0,$H75>0,OR(AUTOEVENTO<>\"manual\",$M75<>$A$15)),\n        IF(Import.TipoArredondamento<>\"TransfereGOV\",\n              ROUND(OFFSET($P75,0,AK$13),15-13*ORÇAMENTO!$AF$7)/$H75*OFFSET(ORÇAMENTO!$X$15,ROW(AK75)-ROW(AK$15),0),\n              ROUND(ROUND(OFFSET($P75,0,AK$13),15-13*ORÇAMENTO!$AF$7)*OFFSET(ORÇAMENTO!$W$15,ROW(AK75)-ROW(AK$15),0),15-13*ORÇAMENTO!$AF$11)),\n         0)","v":0},null,{"$f":"IF(OR($D75<>\"Serviço\",AND(AUTOEVENTO=\"Manual\",$M75=$A$15)),0,\n         IF(OFFSET(CRONOPLE!$F$15,$M75-$A$15,AM$13)=0,10^12,OFFSET(CRONOPLE!$F$15,$M75-$A$15,AM$13)))","v":5},{"$f":"IF(OR($D75<>\"Serviço\",AND(AUTOEVENTO=\"Manual\",$M75=$A$15)),0,\n         IF(OFFSET(CRONOPLE!$F$15,$M75-$A$15,AN$13)=0,10^12,OFFSET(CRONOPLE!$F$15,$M75-$A$15,AN$13)))","v":5},{"$f":"IF(OR($D75<>\"Serviço\",AND(AUTOEVENTO=\"Manual\",$M75=$A$15)),0,\n         IF(OFFSET(CRONOPLE!$F$15,$M75-$A$15,AO$13)=0,10^12,OFFSET(CRONOPLE!$F$15,$M75-$A$15,AO$13)))","v":1000000000000},{"$f":"IF(OR($D75<>\"Serviço\",AND(AUTOEVENTO=\"Manual\",$M75=$A$15)),0,\n         IF(OFFSET(CRONOPLE!$F$15,$M75-$A$15,AP$13)=0,10^12,OFFSET(CRONOPLE!$F$15,$M75-$A$15,AP$13)))","v":1000000000000},{"$f":"IF(OR($D75<>\"Serviço\",AND(AUTOEVENTO=\"Manual\",$M75=$A$15)),0,\n         IF(OFFSET(CRONOPLE!$F$15,$M75-$A$15,AQ$13)=0,10^12,OFFSET(CRONOPLE!$F$15,$M75-$A$15,AQ$13)))","v":1000000000000},{"$f":"IF(OR($D75<>\"Serviço\",AND(AUTOEVENTO=\"Manual\",$M75=$A$15)),0,\n         IF(OFFSET(CRONOPLE!$F$15,$M75-$A$15,AR$13)=0,10^12,OFFSET(CRONOPLE!$F$15,$M75-$A$15,AR$13)))","v":1000000000000},{"$f":"IF(OR($D75<>\"Serviço\",AND(AUTOEVENTO=\"Manual\",$M75=$A$15)),0,\n         IF(OFFSET(CRONOPLE!$F$15,$M75-$A$15,AS$13)=0,10^12,OFFSET(CRONOPLE!$F$15,$M75-$A$15,AS$13)))","v":1000000000000},{"$f":"IF(OR($D75<>\"Serviço\",AND(AUTOEVENTO=\"Manual\",$M75=$A$15)),0,\n         IF(OFFSET(CRONOPLE!$F$15,$M75-$A$15,AT$13)=0,10^12,OFFSET(CRONOPLE!$F$15,$M75-$A$15,AT$13)))","v":1000000000000},{"$f":"IF(OR($D75<>\"Serviço\",AND(AUTOEVENTO=\"Manual\",$M75=$A$15)),0,\n         IF(OFFSET(CRONOPLE!$F$15,$M75-$A$15,AU$13)=0,10^12,OFFSET(CRONOPLE!$F$15,$M75-$A$15,AU$13)))","v":1000000000000},{"$f":"IF(OR($D75<>\"Serviço\",AND(AUTOEVENTO=\"Manual\",$M75=$A$15)),0,\n         IF(OFFSET(CRONOPLE!$F$15,$M75-$A$15,AV$13)=0,10^12,OFFSET(CRONOPLE!$F$15,$M75-$A$15,AV$13)))","v":1000000000000},null,{"$f":"IF(OR($D75<>\"Serviço\",AND(AUTOEVENTO=\"Manual\",$M75=$A$15),$M75>(ROW(PLE.lastrow)-ROW(PLE.firstrow))),0,\n           IF(OFFSET(PLE!$G$15,$M75-$A$15,AX$13)=\"\",10^12,OFFSET(PLE!$G$15,$M75-$A$15,AX$13)))","v":1000000000000},{"$f":"IF(OR($D75<>\"Serviço\",AND(AUTOEVENTO=\"Manual\",$M75=$A$15),$M75>(ROW(PLE.lastrow)-ROW(PLE.firstrow))),0,\n           IF(OFFSET(PLE!$G$15,$M75-$A$15,AY$13)=\"\",10^12,OFFSET(PLE!$G$15,$M75-$A$15,AY$13)))","v":1000000000000},{"$f":"IF(OR($D75<>\"Serviço\",AND(AUTOEVENTO=\"Manual\",$M75=$A$15),$M75>(ROW(PLE.lastrow)-ROW(PLE.firstrow))),0,\n           IF(OFFSET(PLE!$G$15,$M75-$A$15,AZ$13)=\"\",10^12,OFFSET(PLE!$G$15,$M75-$A$15,AZ$13)))","v":1000000000000},{"$f":"IF(OR($D75<>\"Serviço\",AND(AUTOEVENTO=\"Manual\",$M75=$A$15),$M75>(ROW(PLE.lastrow)-ROW(PLE.firstrow))),0,\n           IF(OFFSET(PLE!$G$15,$M75-$A$15,BA$13)=\"\",10^12,OFFSET(PLE!$G$15,$M75-$A$15,BA$13)))","v":1000000000000},{"$f":"IF(OR($D75<>\"Serviço\",AND(AUTOEVENTO=\"Manual\",$M75=$A$15),$M75>(ROW(PLE.lastrow)-ROW(PLE.firstrow))),0,\n           IF(OFFSET(PLE!$G$15,$M75-$A$15,BB$13)=\"\",10^12,OFFSET(PLE!$G$15,$M75-$A$15,BB$13)))","v":1000000000000},{"$f":"IF(OR($D75<>\"Serviço\",AND(AUTOEVENTO=\"Manual\",$M75=$A$15),$M75>(ROW(PLE.lastrow)-ROW(PLE.firstrow))),0,\n           IF(OFFSET(PLE!$G$15,$M75-$A$15,BC$13)=\"\",10^12,OFFSET(PLE!$G$15,$M75-$A$15,BC$13)))","v":1000000000000},{"$f":"IF(OR($D75<>\"Serviço\",AND(AUTOEVENTO=\"Manual\",$M75=$A$15),$M75>(ROW(PLE.lastrow)-ROW(PLE.firstrow))),0,\n           IF(OFFSET(PLE!$G$15,$M75-$A$15,BD$13)=\"\",10^12,OFFSET(PLE!$G$15,$M75-$A$15,BD$13)))","v":1000000000000},{"$f":"IF(OR($D75<>\"Serviço\",AND(AUTOEVENTO=\"Manual\",$M75=$A$15),$M75>(ROW(PLE.lastrow)-ROW(PLE.firstrow))),0,\n           IF(OFFSET(PLE!$G$15,$M75-$A$15,BE$13)=\"\",10^12,OFFSET(PLE!$G$15,$M75-$A$15,BE$13)))","v":1000000000000},{"$f":"IF(OR($D75<>\"Serviço\",AND(AUTOEVENTO=\"Manual\",$M75=$A$15),$M75>(ROW(PLE.lastrow)-ROW(PLE.firstrow))),0,\n           IF(OFFSET(PLE!$G$15,$M75-$A$15,BF$13)=\"\",10^12,OFFSET(PLE!$G$15,$M75-$A$15,BF$13)))","v":1000000000000},{"$f":"IF(OR($D75<>\"Serviço\",AND(AUTOEVENTO=\"Manual\",$M75=$A$15),$M75>(ROW(PLE.lastrow)-ROW(PLE.firstrow))),0,\n           IF(OFFSET(PLE!$G$15,$M75-$A$15,BG$13)=\"\",10^12,OFFSET(PLE!$G$15,$M75-$A$15,BG$13)))","v":1000000000000}]
[10,{"$f":"OFFSET(ORÇAMENTO!C$15,$L76,0)","v":"S"},{"$f":"OFFSET(ORÇAMENTO!L$15,$L76,0)","v":"F"},{"$f":"OFFSET(ORÇAMENTO!N$15,$L76,0)","v":"Serviço"},{"$f":"OFFSET(ORÇAMENTO!O$15,$L76,0)","v":"1.8.6."},{"$f":"OFFSET(ORÇAMENTO!R$15,$L76,0)","v":"TELHAMENTO COM TELHA DE AÇO/ALUMÍNIO E = 0,5 MM, COM ATÉ 2 ÁGUAS, INCLUSO IÇAMENTO. AF_07/2019"},{"$f":"IF($D76<>\"Serviço\",\"\",OFFSET(ORÇAMENTO!S$15,$L76,0))","v":"M2"},{"$f":"IF($D76<>\"Serviço\",0,IF(ACOMPANHAMENTO=\"BM\",ROUND(OFFSET(ORÇAMENTO!AJ$15,$L76,0),15-13*ORÇAMENTO!$AF$7),IF(IFERROR(CÁLCULO.FrentesPreenchidas,0)=0,0,SUM(ROUND(OFFSET($P76,0,1,1,CÁLCULO.FrentesPreenchidas),15-13*ORÇAMENTO!$AF$7)))))","v":616.38},"ÁREA DE COBERTURA",{"$f":"IF(OR(B76<>\"S\",CÁLCULO.FrentesPreenchidas=0),\"\",IF(AND(ACOMPANHAMENTO=\"PLE\",AUTOEVENTO=\"Manual\",OR(H76>0,ORÇAMENTO!AC76=\"QUANT.\"),OR(K76=\"\",M76=0,N76=\"\")),\"►E\",IF(AND(ACOMPANHAMENTO=\"PLE\",ORÇAMENTO!AC76=\"QUANT.\"),\"►Q\",IF(AND(ACOMPANHAMENTO=\"PLE\",H76<>SUMPRODUCT(($Q$1:$AA$1=1)*ROUND(Q76:AA76,15))),\"►S\",IF(AND(COUNTIF($P$11:$AA$11,\"▼\")=0,H76>0,I76=\"\"),\"◄M\",\"\")))))","v":""},"10.Telhamento e impermeabilização",61,{"$f":"IF($D76<>\"Serviço\",\"\",\n          IF(AUTOEVENTO=\"manual\",$A76,\n                IF(ISERROR(MATCH($A76,$A$15:OFFSET($A76,-1,0),0)),MAX($M$15:OFFSET(M76,-1,0))+1,\n                      INDEX($M$15:OFFSET(M76,-1,0),MATCH($A76,$A$15:OFFSET($A76,-1,0),0)))))","v":10},{"$f":"IF($D76<>\"Serviço\",\"\",\n         IF(AUTOEVENTO=\"Manual\",\n                IF($A76=0,\"<-- defina o número do agrupador\",\n                       OFFSET(EVENTOS!$D$15,$A76-$A$15,0)),\n                OFFSET($F$15,$A76,0)))","v":"Pintura de piso e paredes"},null,null,{"$f":"616.38/2","v":308.19},{"$f":"616.38/2","v":308.19},null,null,null,null,null,null,null,null,null,{"$f":"IF(AND($D76=\"Serviço\",AB$12<>0,$H76>0,OR(AUTOEVENTO<>\"manual\",$M76<>$A$15)),\n        IF(Import.TipoArredondamento<>\"TransfereGOV\",\n              ROUND(OFFSET($P76,0,AB$13),15-13*ORÇAMENTO!$AF$7)/$H76*OFFSET(ORÇAMENTO!$X$15,ROW(AB76)-ROW(AB$15),0),\n              ROUND(ROUND(OFFSET($P76,0,AB$13),15-13*ORÇAMENTO!$AF$7)*OFFSET(ORÇAMENTO!$W$15,ROW(AB76)-ROW(AB$15),0),15-13*ORÇAMENTO!$AF$11)),\n         0)","v":0},{"$f":"IF(AND($D76=\"Serviço\",AC$12<>0,$H76>0,OR(AUTOEVENTO<>\"manual\",$M76<>$A$15)),\n        IF(Import.TipoArredondamento<>\"TransfereGOV\",\n              ROUND(OFFSET($P76,0,AC$13),15-13*ORÇAMENTO!$AF$7)/$H76*OFFSET(ORÇAMENTO!$X$15,ROW(AC76)-ROW(AC$15),0),\n              ROUND(ROUND(OFFSET($P76,0,AC$13),15-13*ORÇAMENTO!$AF$7)*OFFSET(ORÇAMENTO!$W$15,ROW(AC76)-ROW(AC$15),0),15-13*ORÇAMENTO!$AF$11)),\n         0)","v":0},{"$f":"IF(AND($D76=\"Serviço\",AD$12<>0,$H76>0,OR(AUTOEVENTO<>\"manual\",$M76<>$A$15)),\n        IF(Import.TipoArredondamento<>\"TransfereGOV\",\n              ROUND(OFFSET($P76,0,AD$13),15-13*ORÇAMENTO!$AF$7)/$H76*OFFSET(ORÇAMENTO!$X$15,ROW(AD76)-ROW(AD$15),0),\n              ROUND(ROUND(OFFSET($P76,0,AD$13),15-13*ORÇAMENTO!$AF$7)*OFFSET(ORÇAMENTO!$W$15,ROW(AD76)-ROW(AD$15),0),15-13*ORÇAMENTO!$AF$11)),\n         0)","v":0},{"$f":"IF(AND($D76=\"Serviço\",AE$12<>0,$H76>0,OR(AUTOEVENTO<>\"manual\",$M76<>$A$15)),\n        IF(Import.TipoArredondamento<>\"TransfereGOV\",\n              ROUND(OFFSET($P76,0,AE$13),15-13*ORÇAMENTO!$AF$7)/$H76*OFFSET(ORÇAMENTO!$X$15,ROW(AE76)-ROW(AE$15),0),\n              ROUND(ROUND(OFFSET($P76,0,AE$13),15-13*ORÇAMENTO!$AF$7)*OFFSET(ORÇAMENTO!$W$15,ROW(AE76)-ROW(AE$15),0),15-13*ORÇAMENTO!$AF$11)),\n         0)","v":0},{"$f":"IF(AND($D76=\"Serviço\",AF$12<>0,$H76>0,OR(AUTOEVENTO<>\"manual\",$M76<>$A$15)),\n        IF(Import.TipoArredondamento<>\"TransfereGOV\",\n              ROUND(OFFSET($P76,0,AF$13),15-13*ORÇAMENTO!$AF$7)/$H76*OFFSET(ORÇAMENTO!$X$15,ROW(AF76)-ROW(AF$15),0),\n              ROUND(ROUND(OFFSET($P76,0,AF$13),15-13*ORÇAMENTO!$AF$7)*OFFSET(ORÇAMENTO!$W$15,ROW(AF76)-ROW(AF$15),0),15-13*ORÇAMENTO!$AF$11)),\n         0)","v":0},{"$f":"IF(AND($D76=\"Serviço\",AG$12<>0,$H76>0,OR(AUTOEVENTO<>\"manual\",$M76<>$A$15)),\n        IF(Import.TipoArredondamento<>\"TransfereGOV\",\n              ROUND(OFFSET($P76,0,AG$13),15-13*ORÇAMENTO!$AF$7)/$H76*OFFSET(ORÇAMENTO!$X$15,ROW(AG76)-ROW(AG$15),0),\n              ROUND(ROUND(OFFSET($P76,0,AG$13),15-13*ORÇAMENTO!$AF$7)*OFFSET(ORÇAMENTO!$W$15,ROW(AG76)-ROW(AG$15),0),15-13*ORÇAMENTO!$AF$11)),\n         0)","v":0},{"$f":"IF(AND($D76=\"Serviço\",AH$12<>0,$H76>0,OR(AUTOEVENTO<>\"manual\",$M76<>$A$15)),\n        IF(Import.TipoArredondamento<>\"TransfereGOV\",\n              ROUND(OFFSET($P76,0,AH$13),15-13*ORÇAMENTO!$AF$7)/$H76*OFFSET(ORÇAMENTO!$X$15,ROW(AH76)-ROW(AH$15),0),\n              ROUND(ROUND(OFFSET($P76,0,AH$13),15-13*ORÇAMENTO!$AF$7)*OFFSET(ORÇAMENTO!$W$15,ROW(AH76)-ROW(AH$15),0),15-13*ORÇAMENTO!$AF$11)),\n         0)","v":0},{"$f":"IF(AND($D76=\"Serviço\",AI$12<>0,$H76>0,OR(AUTOEVENTO<>\"manual\",$M76<>$A$15)),\n        IF(Import.TipoArredondamento<>\"TransfereGOV\",\n              ROUND(OFFSET($P76,0,AI$13),15-13*ORÇAMENTO!$AF$7)/$H76*OFFSET(ORÇAMENTO!$X$15,ROW(AI76)-ROW(AI$15),0),\n              ROUND(ROUND(OFFSET($P76,0,AI$13),15-13*ORÇAMENTO!$AF$7)*OFFSET(ORÇAMENTO!$W$15,ROW(AI76)-ROW(AI$15),0),15-13*ORÇAMENTO!$AF$11)),\n         0)","v":0},{"$f":"IF(AND($D76=\"Serviço\",AJ$12<>0,$H76>0,OR(AUTOEVENTO<>\"manual\",$M76<>$A$15)),\n        IF(Import.TipoArredondamento<>\"TransfereGOV\",\n              ROUND(OFFSET($P76,0,AJ$13),15-13*ORÇAMENTO!$AF$7)/$H76*OFFSET(ORÇAMENTO!$X$15,ROW(AJ76)-ROW(AJ$15),0),\n              ROUND(ROUND(OFFSET($P76,0,AJ$13),15-13*ORÇAMENTO!$AF$7)*OFFSET(ORÇAMENTO!$W$15,ROW(AJ76)-ROW(AJ$15),0),15-13*ORÇAMENTO!$AF$11)),\n         0)","v":0},{"$f":"IF(AND($D76=\"Serviço\",AK$12<>0,$H76>0,OR(AUTOEVENTO<>\"manual\",$M76<>$A$15)),\n        IF(Import.TipoArredondamento<>\"TransfereGOV\",\n              ROUND(OFFSET($P76,0,AK$13),15-13*ORÇAMENTO!$AF$7)/$H76*OFFSET(ORÇAMENTO!$X$15,ROW(AK76)-ROW(AK$15),0),\n              ROUND(ROUND(OFFSET($P76,0,AK$13),15-13*ORÇAMENTO!$AF$7)*OFFSET(ORÇAMENTO!$W$15,ROW(AK76)-ROW(AK$15),0),15-13*ORÇAMENTO!$AF$11)),\n         0)","v":0},null,{"$f":"IF(OR($D76<>\"Serviço\",AND(AUTOEVENTO=\"Manual\",$M76=$A$15)),0,\n         IF(OFFSET(CRONOPLE!$F$15,$M76-$A$15,AM$13)=0,10^12,OFFSET(CRONOPLE!$F$15,$M76-$A$15,AM$13)))","v":5},{"$f":"IF(OR($D76<>\"Serviço\",AND(AUTOEVENTO=\"Manual\",$M76=$A$15)),0,\n         IF(OFFSET(CRONOPLE!$F$15,$M76-$A$15,AN$13)=0,10^12,OFFSET(CRONOPLE!$F$15,$M76-$A$15,AN$13)))","v":5},{"$f":"IF(OR($D76<>\"Serviço\",AND(AUTOEVENTO=\"Manual\",$M76=$A$15)),0,\n         IF(OFFSET(CRONOPLE!$F$15,$M76-$A$15,AO$13)=0,10^12,OFFSET(CRONOPLE!$F$15,$M76-$A$15,AO$13)))","v":4},{"$f":"IF(OR($D76<>\"Serviço\",AND(AUTOEVENTO=\"Manual\",$M76=$A$15)),0,\n         IF(OFFSET(CRONOPLE!$F$15,$M76-$A$15,AP$13)=0,10^12,OFFSET(CRONOPLE!$F$15,$M76-$A$15,AP$13)))","v":6},{"$f":"IF(OR($D76<>\"Serviço\",AND(AUTOEVENTO=\"Manual\",$M76=$A$15)),0,\n         IF(OFFSET(CRONOPLE!$F$15,$M76-$A$15,AQ$13)=0,10^12,OFFSET(CRONOPLE!$F$15,$M76-$A$15,AQ$13)))","v":6},{"$f":"IF(OR($D76<>\"Serviço\",AND(AUTOEVENTO=\"Manual\",$M76=$A$15)),0,\n         IF(OFFSET(CRONOPLE!$F$15,$M76-$A$15,AR$13)=0,10^12,OFFSET(CRONOPLE!$F$15,$M76-$A$15,AR$13)))","v":6},{"$f":"IF(OR($D76<>\"Serviço\",AND(AUTOEVENTO=\"Manual\",$M76=$A$15)),0,\n         IF(OFFSET(CRONOPLE!$F$15,$M76-$A$15,AS$13)=0,10^12,OFFSET(CRONOPLE!$F$15,$M76-$A$15,AS$13)))","v":1000000000000},{"$f":"IF(OR($D76<>\"Serviço\",AND(AUTOEVENTO=\"Manual\",$M76=$A$15)),0,\n         IF(OFFSET(CRONOPLE!$F$15,$M76-$A$15,AT$13)=0,10^12,OFFSET(CRONOPLE!$F$15,$M76-$A$15,AT$13)))","v":1000000000000},{"$f":"IF(OR($D76<>\"Serviço\",AND(AUTOEVENTO=\"Manual\",$M76=$A$15)),0,\n         IF(OFFSET(CRONOPLE!$F$15,$M76-$A$15,AU$13)=0,10^12,OFFSET(CRONOPLE!$F$15,$M76-$A$15,AU$13)))","v":1000000000000},{"$f":"IF(OR($D76<>\"Serviço\",AND(AUTOEVENTO=\"Manual\",$M76=$A$15)),0,\n         IF(OFFSET(CRONOPLE!$F$15,$M76-$A$15,AV$13)=0,10^12,OFFSET(CRONOPLE!$F$15,$M76-$A$15,AV$13)))","v":1000000000000},null,{"$f":"IF(OR($D76<>\"Serviço\",AND(AUTOEVENTO=\"Manual\",$M76=$A$15),$M76>(ROW(PLE.lastrow)-ROW(PLE.firstrow))),0,\n           IF(OFFSET(PLE!$G$15,$M76-$A$15,AX$13)=\"\",10^12,OFFSET(PLE!$G$15,$M76-$A$15,AX$13)))","v":4},{"$f":"IF(OR($D76<>\"Serviço\",AND(AUTOEVENTO=\"Manual\",$M76=$A$15),$M76>(ROW(PLE.lastrow)-ROW(PLE.firstrow))),0,\n           IF(OFFSET(PLE!$G$15,$M76-$A$15,AY$13)=\"\",10^12,OFFSET(PLE!$G$15,$M76-$A$15,AY$13)))","v":5},{"$f":"IF(OR($D76<>\"Serviço\",AND(AUTOEVENTO=\"Manual\",$M76=$A$15),$M76>(ROW(PLE.lastrow)-ROW(PLE.firstrow))),0,\n           IF(OFFSET(PLE!$G$15,$M76-$A$15,AZ$13)=\"\",10^12,OFFSET(PLE!$G$15,$M76-$A$15,AZ$13)))","v":1000000000000},{"$f":"IF(OR($D76<>\"Serviço\",AND(AUTOEVENTO=\"Manual\",$M76=$A$15),$M76>(ROW(PLE.lastrow)-ROW(PLE.firstrow))),0,\n           IF(OFFSET(PLE!$G$15,$M76-$A$15,BA$13)=\"\",10^12,OFFSET(PLE!$G$15,$M76-$A$15,BA$13)))","v":1000000000000},{"$f":"IF(OR($D76<>\"Serviço\",AND(AUTOEVENTO=\"Manual\",$M76=$A$15),$M76>(ROW(PLE.lastrow)-ROW(PLE.firstrow))),0,\n           IF(OFFSET(PLE!$G$15,$M76-$A$15,BB$13)=\"\",10^12,OFFSET(PLE!$G$15,$M76-$A$15,BB$13)))","v":1000000000000},{"$f":"IF(OR($D76<>\"Serviço\",AND(AUTOEVENTO=\"Manual\",$M76=$A$15),$M76>(ROW(PLE.lastrow)-ROW(PLE.firstrow))),0,\n           IF(OFFSET(PLE!$G$15,$M76-$A$15,BC$13)=\"\",10^12,OFFSET(PLE!$G$15,$M76-$A$15,BC$13)))","v":1000000000000},{"$f":"IF(OR($D76<>\"Serviço\",AND(AUTOEVENTO=\"Manual\",$M76=$A$15),$M76>(ROW(PLE.lastrow)-ROW(PLE.firstrow))),0,\n           IF(OFFSET(PLE!$G$15,$M76-$A$15,BD$13)=\"\",10^12,OFFSET(PLE!$G$15,$M76-$A$15,BD$13)))","v":1000000000000},{"$f":"IF(OR($D76<>\"Serviço\",AND(AUTOEVENTO=\"Manual\",$M76=$A$15),$M76>(ROW(PLE.lastrow)-ROW(PLE.firstrow))),0,\n           IF(OFFSET(PLE!$G$15,$M76-$A$15,BE$13)=\"\",10^12,OFFSET(PLE!$G$15,$M76-$A$15,BE$13)))","v":1000000000000},{"$f":"IF(OR($D76<>\"Serviço\",AND(AUTOEVENTO=\"Manual\",$M76=$A$15),$M76>(ROW(PLE.lastrow)-ROW(PLE.firstrow))),0,\n           IF(OFFSET(PLE!$G$15,$M76-$A$15,BF$13)=\"\",10^12,OFFSET(PLE!$G$15,$M76-$A$15,BF$13)))","v":1000000000000},{"$f":"IF(OR($D76<>\"Serviço\",AND(AUTOEVENTO=\"Manual\",$M76=$A$15),$M76>(ROW(PLE.lastrow)-ROW(PLE.firstrow))),0,\n           IF(OFFSET(PLE!$G$15,$M76-$A$15,BG$13)=\"\",10^12,OFFSET(PLE!$G$15,$M76-$A$15,BG$13)))","v":1000000000000}]
[10,{"$f":"OFFSET(ORÇAMENTO!C$15,$L77,0)","v":"S"},{"$f":"OFFSET(ORÇAMENTO!L$15,$L77,0)","v":"F"},{"$f":"OFFSET(ORÇAMENTO!N$15,$L77,0)","v":"Serviço"},{"$f":"OFFSET(ORÇAMENTO!O$15,$L77,0)","v":"1.8.7."},{"$f":"OFFSET(ORÇAMENTO!R$15,$L77,0)","v":"IMPERMEABILIZAÇÃO DE SUPERFÍCIE COM EMULSÃO ASFÁLTICA, 2 DEMÃOS. AF_09/2023"},{"$f":"IF($D77<>\"Serviço\",\"\",OFFSET(ORÇAMENTO!S$15,$L77,0))","v":"M2"},{"$f":"IF($D77<>\"Serviço\",0,IF(ACOMPANHAMENTO=\"BM\",ROUND(OFFSET(ORÇAMENTO!AJ$15,$L77,0),15-13*ORÇAMENTO!$AF$7),IF(IFERROR(CÁLCULO.FrentesPreenchidas,0)=0,0,SUM(ROUND(OFFSET($P77,0,1,1,CÁLCULO.FrentesPreenchidas),15-13*ORÇAMENTO!$AF$7)))))","v":15.66},"ÁREA DE COBERTURA CABINE",{"$f":"IF(OR(B77<>\"S\",CÁLCULO.FrentesPreenchidas=0),\"\",IF(AND(ACOMPANHAMENTO=\"PLE\",AUTOEVENTO=\"Manual\",OR(H77>0,ORÇAMENTO!AC77=\"QUANT.\"),OR(K77=\"\",M77=0,N77=\"\")),\"►E\",IF(AND(ACOMPANHAMENTO=\"PLE\",ORÇAMENTO!AC77=\"QUANT.\"),\"►Q\",IF(AND(ACOMPANHAMENTO=\"PLE\",H77<>SUMPRODUCT(($Q$1:$AA$1=1)*ROUND(Q77:AA77,15))),\"►S\",IF(AND(COUNTIF($P$11:$AA$11,\"▼\")=0,H77>0,I77=\"\"),\"◄M\",\"\")))))","v":""},"10.Telhamento e impermeabilização",62,{"$f":"IF($D77<>\"Serviço\",\"\",\n          IF(AUTOEVENTO=\"manual\",$A77,\n                IF(ISERROR(MATCH($A77,$A$15:OFFSET($A77,-1,0),0)),MAX($M$15:OFFSET(M77,-1,0))+1,\n                      INDEX($M$15:OFFSET(M77,-1,0),MATCH($A77,$A$15:OFFSET($A77,-1,0),0)))))","v":10},{"$f":"IF($D77<>\"Serviço\",\"\",\n         IF(AUTOEVENTO=\"Manual\",\n                IF($A77=0,\"<-- defina o número do agrupador\",\n                       OFFSET(EVENTOS!$D$15,$A77-$A$15,0)),\n                OFFSET($F$15,$A77,0)))","v":"Pintura de piso e paredes"},null,null,{"$f":"15.66/2","v":7.83},{"$f":"15.66/2","v":7.83},null,null,null,null,null,null,null,null,null,{"$f":"IF(AND($D77=\"Serviço\",AB$12<>0,$H77>0,OR(AUTOEVENTO<>\"manual\",$M77<>$A$15)),\n        IF(Import.TipoArredondamento<>\"TransfereGOV\",\n              ROUND(OFFSET($P77,0,AB$13),15-13*ORÇAMENTO!$AF$7)/$H77*OFFSET(ORÇAMENTO!$X$15,ROW(AB77)-ROW(AB$15),0),\n              ROUND(ROUND(OFFSET($P77,0,AB$13),15-13*ORÇAMENTO!$AF$7)*OFFSET(ORÇAMENTO!$W$15,ROW(AB77)-ROW(AB$15),0),15-13*ORÇAMENTO!$AF$11)),\n         0)","v":0},{"$f":"IF(AND($D77=\"Serviço\",AC$12<>0,$H77>0,OR(AUTOEVENTO<>\"manual\",$M77<>$A$15)),\n        IF(Import.TipoArredondamento<>\"TransfereGOV\",\n              ROUND(OFFSET($P77,0,AC$13),15-13*ORÇAMENTO!$AF$7)/$H77*OFFSET(ORÇAMENTO!$X$15,ROW(AC77)-ROW(AC$15),0),\n              ROUND(ROUND(OFFSET($P77,0,AC$13),15-13*ORÇAMENTO!$AF$7)*OFFSET(ORÇAMENTO!$W$15,ROW(AC77)-ROW(AC$15),0),15-13*ORÇAMENTO!$AF$11)),\n         0)","v":0},{"$f":"IF(AND($D77=\"Serviço\",AD$12<>0,$H77>0,OR(AUTOEVENTO<>\"manual\",$M77<>$A$15)),\n        IF(Import.TipoArredondamento<>\"TransfereGOV\",\n              ROUND(OFFSET($P77,0,AD$13),15-13*ORÇAMENTO!$AF$7)/$H77*OFFSET(ORÇAMENTO!$X$15,ROW(AD77)-ROW(AD$15),0),\n              ROUND(ROUND(OFFSET($P77,0,AD$13),15-13*ORÇAMENTO!$AF$7)*OFFSET(ORÇAMENTO!$W$15,ROW(AD77)-ROW(AD$15),0),15-13*ORÇAMENTO!$AF$11)),\n         0)","v":0},{"$f":"IF(AND($D77=\"Serviço\",AE$12<>0,$H77>0,OR(AUTOEVENTO<>\"manual\",$M77<>$A$15)),\n        IF(Import.TipoArredondamento<>\"TransfereGOV\",\n              ROUND(OFFSET($P77,0,AE$13),15-13*ORÇAMENTO!$AF$7)/$H77*OFFSET(ORÇAMENTO!$X$15,ROW(AE77)-ROW(AE$15),0),\n              ROUND(ROUND(OFFSET($P77,0,AE$13),15-13*ORÇAMENTO!$AF$7)*OFFSET(ORÇAMENTO!$W$15,ROW(AE77)-ROW(AE$15),0),15-13*ORÇAMENTO!$AF$11)),\n         0)","v":0},{"$f":"IF(AND($D77=\"Serviço\",AF$12<>0,$H77>0,OR(AUTOEVENTO<>\"manual\",$M77<>$A$15)),\n        IF(Import.TipoArredondamento<>\"TransfereGOV\",\n              ROUND(OFFSET($P77,0,AF$13),15-13*ORÇAMENTO!$AF$7)/$H77*OFFSET(ORÇAMENTO!$X$15,ROW(AF77)-ROW(AF$15),0),\n              ROUND(ROUND(OFFSET($P77,0,AF$13),15-13*ORÇAMENTO!$AF$7)*OFFSET(ORÇAMENTO!$W$15,ROW(AF77)-ROW(AF$15),0),15-13*ORÇAMENTO!$AF$11)),\n         0)","v":0},{"$f":"IF(AND($D77=\"Serviço\",AG$12<>0,$H77>0,OR(AUTOEVENTO<>\"manual\",$M77<>$A$15)),\n        IF(Import.TipoArredondamento<>\"TransfereGOV\",\n              ROUND(OFFSET($P77,0,AG$13),15-13*ORÇAMENTO!$AF$7)/$H77*OFFSET(ORÇAMENTO!$X$15,ROW(AG77)-ROW(AG$15),0),\n              ROUND(ROUND(OFFSET($P77,0,AG$13),15-13*ORÇAMENTO!$AF$7)*OFFSET(ORÇAMENTO!$W$15,ROW(AG77)-ROW(AG$15),0),15-13*ORÇAMENTO!$AF$11)),\n         0)","v":0},{"$f":"IF(AND($D77=\"Serviço\",AH$12<>0,$H77>0,OR(AUTOEVENTO<>\"manual\",$M77<>$A$15)),\n        IF(Import.TipoArredondamento<>\"TransfereGOV\",\n              ROUND(OFFSET($P77,0,AH$13),15-13*ORÇAMENTO!$AF$7)/$H77*OFFSET(ORÇAMENTO!$X$15,ROW(AH77)-ROW(AH$15),0),\n              ROUND(ROUND(OFFSET($P77,0,AH$13),15-13*ORÇAMENTO!$AF$7)*OFFSET(ORÇAMENTO!$W$15,ROW(AH77)-ROW(AH$15),0),15-13*ORÇAMENTO!$AF$11)),\n         0)","v":0},{"$f":"IF(AND($D77=\"Serviço\",AI$12<>0,$H77>0,OR(AUTOEVENTO<>\"manual\",$M77<>$A$15)),\n        IF(Import.TipoArredondamento<>\"TransfereGOV\",\n              ROUND(OFFSET($P77,0,AI$13),15-13*ORÇAMENTO!$AF$7)/$H77*OFFSET(ORÇAMENTO!$X$15,ROW(AI77)-ROW(AI$15),0),\n              ROUND(ROUND(OFFSET($P77,0,AI$13),15-13*ORÇAMENTO!$AF$7)*OFFSET(ORÇAMENTO!$W$15,ROW(AI77)-ROW(AI$15),0),15-13*ORÇAMENTO!$AF$11)),\n         0)","v":0},{"$f":"IF(AND($D77=\"Serviço\",AJ$12<>0,$H77>0,OR(AUTOEVENTO<>\"manual\",$M77<>$A$15)),\n        IF(Import.TipoArredondamento<>\"TransfereGOV\",\n              ROUND(OFFSET($P77,0,AJ$13),15-13*ORÇAMENTO!$AF$7)/$H77*OFFSET(ORÇAMENTO!$X$15,ROW(AJ77)-ROW(AJ$15),0),\n              ROUND(ROUND(OFFSET($P77,0,AJ$13),15-13*ORÇAMENTO!$AF$7)*OFFSET(ORÇAMENTO!$W$15,ROW(AJ77)-ROW(AJ$15),0),15-13*ORÇAMENTO!$AF$11)),\n         0)","v":0},{"$f":"IF(AND($D77=\"Serviço\",AK$12<>0,$H77>0,OR(AUTOEVENTO<>\"manual\",$M77<>$A$15)),\n        IF(Import.TipoArredondamento<>\"TransfereGOV\",\n              ROUND(OFFSET($P77,0,AK$13),15-13*ORÇAMENTO!$AF$7)/$H77*OFFSET(ORÇAMENTO!$X$15,ROW(AK77)-ROW(AK$15),0),\n              ROUND(ROUND(OFFSET($P77,0,AK$13),15-13*ORÇAMENTO!$AF$7)*OFFSET(ORÇAMENTO!$W$15,ROW(AK77)-ROW(AK$15),0),15-13*ORÇAMENTO!$AF$11)),\n         0)","v":0},null,{"$f":"IF(OR($D77<>\"Serviço\",AND(AUTOEVENTO=\"Manual\",$M77=$A$15)),0,\n         IF(OFFSET(CRONOPLE!$F$15,$M77-$A$15,AM$13)=0,10^12,OFFSET(CRONOPLE!$F$15,$M77-$A$15,AM$13)))","v":5},{"$f":"IF(OR($D77<>\"Serviço\",AND(AUTOEVENTO=\"Manual\",$M77=$A$15)),0,\n         IF(OFFSET(CRONOPLE!$F$15,$M77-$A$15,AN$13)=0,10^12,OFFSET(CRONOPLE!$F$15,$M77-$A$15,AN$13)))","v":5},{"$f":"IF(OR($D77<>\"Serviço\",AND(AUTOEVENTO=\"Manual\",$M77=$A$15)),0,\n         IF(OFFSET(CRONOPLE!$F$15,$M77-$A$15,AO$13)=0,10^12,OFFSET(CRONOPLE!$F$15,$M77-$A$15,AO$13)))","v":4},{"$f":"IF(OR($D77<>\"Serviço\",AND(AUTOEVENTO=\"Manual\",$M77=$A$15)),0,\n         IF(OFFSET(CRONOPLE!$F$15,$M77-$A$15,AP$13)=0,10^12,OFFSET(CRONOPLE!$F$15,$M77-$A$15,AP$13)))","v":6},{"$f":"IF(OR($D77<>\"Serviço\",AND(AUTOEVENTO=\"Manual\",$M77=$A$15)),0,\n         IF(OFFSET(CRONOPLE!$F$15,$M77-$A$15,AQ$13)=0,10^12,OFFSET(CRONOPLE!$F$15,$M77-$A$15,AQ$13)))","v":6},{"$f":"IF(OR($D77<>\"Serviço\",AND(AUTOEVENTO=\"Manual\",$M77=$A$15)),0,\n         IF(OFFSET(CRONOPLE!$F$15,$M77-$A$15,AR$13)=0,10^12,OFFSET(CRONOPLE!$F$15,$M77-$A$15,AR$13)))","v":6},{"$f":"IF(OR($D77<>\"Serviço\",AND(AUTOEVENTO=\"Manual\",$M77=$A$15)),0,\n         IF(OFFSET(CRONOPLE!$F$15,$M77-$A$15,AS$13)=0,10^12,OFFSET(CRONOPLE!$F$15,$M77-$A$15,AS$13)))","v":1000000000000},{"$f":"IF(OR($D77<>\"Serviço\",AND(AUTOEVENTO=\"Manual\",$M77=$A$15)),0,\n         IF(OFFSET(CRONOPLE!$F$15,$M77-$A$15,AT$13)=0,10^12,OFFSET(CRONOPLE!$F$15,$M77-$A$15,AT$13)))","v":1000000000000},{"$f":"IF(OR($D77<>\"Serviço\",AND(AUTOEVENTO=\"Manual\",$M77=$A$15)),0,\n         IF(OFFSET(CRONOPLE!$F$15,$M77-$A$15,AU$13)=0,10^12,OFFSET(CRONOPLE!$F$15,$M77-$A$15,AU$13)))","v":1000000000000},{"$f":"IF(OR($D77<>\"Serviço\",AND(AUTOEVENTO=\"Manual\",$M77=$A$15)),0,\n         IF(OFFSET(CRONOPLE!$F$15,$M77-$A$15,AV$13)=0,10^12,OFFSET(CRONOPLE!$F$15,$M77-$A$15,AV$13)))","v":1000000000000},null,{"$f":"IF(OR($D77<>\"Serviço\",AND(AUTOEVENTO=\"Manual\",$M77=$A$15),$M77>(ROW(PLE.lastrow)-ROW(PLE.firstrow))),0,\n           IF(OFFSET(PLE!$G$15,$M77-$A$15,AX$13)=\"\",10^12,OFFSET(PLE!$G$15,$M77-$A$15,AX$13)))","v":4},{"$f":"IF(OR($D77<>\"Serviço\",AND(AUTOEVENTO=\"Manual\",$M77=$A$15),$M77>(ROW(PLE.lastrow)-ROW(PLE.firstrow))),0,\n           IF(OFFSET(PLE!$G$15,$M77-$A$15,AY$13)=\"\",10^12,OFFSET(PLE!$G$15,$M77-$A$15,AY$13)))","v":5},{"$f":"IF(OR($D77<>\"Serviço\",AND(AUTOEVENTO=\"Manual\",$M77=$A$15),$M77>(ROW(PLE.lastrow)-ROW(PLE.firstrow))),0,\n           IF(OFFSET(PLE!$G$15,$M77-$A$15,AZ$13)=\"\",10^12,OFFSET(PLE!$G$15,$M77-$A$15,AZ$13)))","v":1000000000000},{"$f":"IF(OR($D77<>\"Serviço\",AND(AUTOEVENTO=\"Manual\",$M77=$A$15),$M77>(ROW(PLE.lastrow)-ROW(PLE.firstrow))),0,\n           IF(OFFSET(PLE!$G$15,$M77-$A$15,BA$13)=\"\",10^12,OFFSET(PLE!$G$15,$M77-$A$15,BA$13)))","v":1000000000000},{"$f":"IF(OR($D77<>\"Serviço\",AND(AUTOEVENTO=\"Manual\",$M77=$A$15),$M77>(ROW(PLE.lastrow)-ROW(PLE.firstrow))),0,\n           IF(OFFSET(PLE!$G$15,$M77-$A$15,BB$13)=\"\",10^12,OFFSET(PLE!$G$15,$M77-$A$15,BB$13)))","v":1000000000000},{"$f":"IF(OR($D77<>\"Serviço\",AND(AUTOEVENTO=\"Manual\",$M77=$A$15),$M77>(ROW(PLE.lastrow)-ROW(PLE.firstrow))),0,\n           IF(OFFSET(PLE!$G$15,$M77-$A$15,BC$13)=\"\",10^12,OFFSET(PLE!$G$15,$M77-$A$15,BC$13)))","v":1000000000000},{"$f":"IF(OR($D77<>\"Serviço\",AND(AUTOEVENTO=\"Manual\",$M77=$A$15),$M77>(ROW(PLE.lastrow)-ROW(PLE.firstrow))),0,\n           IF(OFFSET(PLE!$G$15,$M77-$A$15,BD$13)=\"\",10^12,OFFSET(PLE!$G$15,$M77-$A$15,BD$13)))","v":1000000000000},{"$f":"IF(OR($D77<>\"Serviço\",AND(AUTOEVENTO=\"Manual\",$M77=$A$15),$M77>(ROW(PLE.lastrow)-ROW(PLE.firstrow))),0,\n           IF(OFFSET(PLE!$G$15,$M77-$A$15,BE$13)=\"\",10^12,OFFSET(PLE!$G$15,$M77-$A$15,BE$13)))","v":1000000000000},{"$f":"IF(OR($D77<>\"Serviço\",AND(AUTOEVENTO=\"Manual\",$M77=$A$15),$M77>(ROW(PLE.lastrow)-ROW(PLE.firstrow))),0,\n           IF(OFFSET(PLE!$G$15,$M77-$A$15,BF$13)=\"\",10^12,OFFSET(PLE!$G$15,$M77-$A$15,BF$13)))","v":1000000000000},{"$f":"IF(OR($D77<>\"Serviço\",AND(AUTOEVENTO=\"Manual\",$M77=$A$15),$M77>(ROW(PLE.lastrow)-ROW(PLE.firstrow))),0,\n           IF(OFFSET(PLE!$G$15,$M77-$A$15,BG$13)=\"\",10^12,OFFSET(PLE!$G$15,$M77-$A$15,BG$13)))","v":1000000000000}]
[0,{"$f":"OFFSET(ORÇAMENTO!C$15,$L78,0)","v":2},{"$f":"OFFSET(ORÇAMENTO!L$15,$L78,0)","v":"F"},{"$f":"OFFSET(ORÇAMENTO!N$15,$L78,0)","v":"Nível 2"},{"$f":"OFFSET(ORÇAMENTO!O$15,$L78,0)","v":"1.9."},{"$f":"OFFSET(ORÇAMENTO!R$15,$L78,0)","v":"PINTURA"},{"$f":"IF($D78<>\"Serviço\",\"\",OFFSET(ORÇAMENTO!S$15,$L78,0))","v":""},{"$f":"IF($D78<>\"Serviço\",0,IF(ACOMPANHAMENTO=\"BM\",ROUND(OFFSET(ORÇAMENTO!AJ$15,$L78,0),15-13*ORÇAMENTO!$AF$7),IF(IFERROR(CÁLCULO.FrentesPreenchidas,0)=0,0,SUM(ROUND(OFFSET($P78,0,1,1,CÁLCULO.FrentesPreenchidas),15-13*ORÇAMENTO!$AF$7)))))","v":0},null,{"$f":"IF(OR(B78<>\"S\",CÁLCULO.FrentesPreenchidas=0),\"\",IF(AND(ACOMPANHAMENTO=\"PLE\",AUTOEVENTO=\"Manual\",OR(H78>0,ORÇAMENTO!AC78=\"QUANT.\"),OR(K78=\"\",M78=0,N78=\"\")),\"►E\",IF(AND(ACOMPANHAMENTO=\"PLE\",ORÇAMENTO!AC78=\"QUANT.\"),\"►Q\",IF(AND(ACOMPANHAMENTO=\"PLE\",H78<>SUMPRODUCT(($Q$1:$AA$1=1)*ROUND(Q78:AA78,15))),\"►S\",IF(AND(COUNTIF($P$11:$AA$11,\"▼\")=0,H78>0,I78=\"\"),\"◄M\",\"\")))))","v":""},null,63,{"$f":"IF($D78<>\"Serviço\",\"\",\n          IF(AUTOEVENTO=\"manual\",$A78,\n                IF(ISERROR(MATCH($A78,$A$15:OFFSET($A78,-1,0),0)),MAX($M$15:OFFSET(M78,-1,0))+1,\n                      INDEX($M$15:OFFSET(M78,-1,0),MATCH($A78,$A$15:OFFSET($A78,-1,0),0)))))","v":""},{"$f":"IF($D78<>\"Serviço\",\"\",\n         IF(AUTOEVENTO=\"Manual\",\n                IF($A78=0,\"<-- defina o número do agrupador\",\n                       OFFSET(EVENTOS!$D$15,$A78-$A$15,0)),\n                OFFSET($F$15,$A78,0)))","v":""},null,null,null,null,null,null,null,null,null,null,null,null,null,{"$f":"IF(AND($D78=\"Serviço\",AB$12<>0,$H78>0,OR(AUTOEVENTO<>\"manual\",$M78<>$A$15)),\n        IF(Import.TipoArredondamento<>\"TransfereGOV\",\n              ROUND(OFFSET($P78,0,AB$13),15-13*ORÇAMENTO!$AF$7)/$H78*OFFSET(ORÇAMENTO!$X$15,ROW(AB78)-ROW(AB$15),0),\n              ROUND(ROUND(OFFSET($P78,0,AB$13),15-13*ORÇAMENTO!$AF$7)*OFFSET(ORÇAMENTO!$W$15,ROW(AB78)-ROW(AB$15),0),15-13*ORÇAMENTO!$AF$11)),\n         0)","v":0},{"$f":"IF(AND($D78=\"Serviço\",AC$12<>0,$H78>0,OR(AUTOEVENTO<>\"manual\",$M78<>$A$15)),\n        IF(Import.TipoArredondamento<>\"TransfereGOV\",\n              ROUND(OFFSET($P78,0,AC$13),15-13*ORÇAMENTO!$AF$7)/$H78*OFFSET(ORÇAMENTO!$X$15,ROW(AC78)-ROW(AC$15),0),\n              ROUND(ROUND(OFFSET($P78,0,AC$13),15-13*ORÇAMENTO!$AF$7)*OFFSET(ORÇAMENTO!$W$15,ROW(AC78)-ROW(AC$15),0),15-13*ORÇAMENTO!$AF$11)),\n         0)","v":0},{"$f":"IF(AND($D78=\"Serviço\",AD$12<>0,$H78>0,OR(AUTOEVENTO<>\"manual\",$M78<>$A$15)),\n        IF(Import.TipoArredondamento<>\"TransfereGOV\",\n              ROUND(OFFSET($P78,0,AD$13),15-13*ORÇAMENTO!$AF$7)/$H78*OFFSET(ORÇAMENTO!$X$15,ROW(AD78)-ROW(AD$15),0),\n              ROUND(ROUND(OFFSET($P78,0,AD$13),15-13*ORÇAMENTO!$AF$7)*OFFSET(ORÇAMENTO!$W$15,ROW(AD78)-ROW(AD$15),0),15-13*ORÇAMENTO!$AF$11)),\n         0)","v":0},{"$f":"IF(AND($D78=\"Serviço\",AE$12<>0,$H78>0,OR(AUTOEVENTO<>\"manual\",$M78<>$A$15)),\n        IF(Import.TipoArredondamento<>\"TransfereGOV\",\n              ROUND(OFFSET($P78,0,AE$13),15-13*ORÇAMENTO!$AF$7)/$H78*OFFSET(ORÇAMENTO!$X$15,ROW(AE78)-ROW(AE$15),0),\n              ROUND(ROUND(OFFSET($P78,0,AE$13),15-13*ORÇAMENTO!$AF$7)*OFFSET(ORÇAMENTO!$W$15,ROW(AE78)-ROW(AE$15),0),15-13*ORÇAMENTO!$AF$11)),\n         0)","v":0},{"$f":"IF(AND($D78=\"Serviço\",AF$12<>0,$H78>0,OR(AUTOEVENTO<>\"manual\",$M78<>$A$15)),\n        IF(Import.TipoArredondamento<>\"TransfereGOV\",\n              ROUND(OFFSET($P78,0,AF$13),15-13*ORÇAMENTO!$AF$7)/$H78*OFFSET(ORÇAMENTO!$X$15,ROW(AF78)-ROW(AF$15),0),\n              ROUND(ROUND(OFFSET($P78,0,AF$13),15-13*ORÇAMENTO!$AF$7)*OFFSET(ORÇAMENTO!$W$15,ROW(AF78)-ROW(AF$15),0),15-13*ORÇAMENTO!$AF$11)),\n         0)","v":0},{"$f":"IF(AND($D78=\"Serviço\",AG$12<>0,$H78>0,OR(AUTOEVENTO<>\"manual\",$M78<>$A$15)),\n        IF(Import.TipoArredondamento<>\"TransfereGOV\",\n              ROUND(OFFSET($P78,0,AG$13),15-13*ORÇAMENTO!$AF$7)/$H78*OFFSET(ORÇAMENTO!$X$15,ROW(AG78)-ROW(AG$15),0),\n              ROUND(ROUND(OFFSET($P78,0,AG$13),15-13*ORÇAMENTO!$AF$7)*OFFSET(ORÇAMENTO!$W$15,ROW(AG78)-ROW(AG$15),0),15-13*ORÇAMENTO!$AF$11)),\n         0)","v":0},{"$f":"IF(AND($D78=\"Serviço\",AH$12<>0,$H78>0,OR(AUTOEVENTO<>\"manual\",$M78<>$A$15)),\n        IF(Import.TipoArredondamento<>\"TransfereGOV\",\n              ROUND(OFFSET($P78,0,AH$13),15-13*ORÇAMENTO!$AF$7)/$H78*OFFSET(ORÇAMENTO!$X$15,ROW(AH78)-ROW(AH$15),0),\n              ROUND(ROUND(OFFSET($P78,0,AH$13),15-13*ORÇAMENTO!$AF$7)*OFFSET(ORÇAMENTO!$W$15,ROW(AH78)-ROW(AH$15),0),15-13*ORÇAMENTO!$AF$11)),\n         0)","v":0},{"$f":"IF(AND($D78=\"Serviço\",AI$12<>0,$H78>0,OR(AUTOEVENTO<>\"manual\",$M78<>$A$15)),\n        IF(Import.TipoArredondamento<>\"TransfereGOV\",\n              ROUND(OFFSET($P78,0,AI$13),15-13*ORÇAMENTO!$AF$7)/$H78*OFFSET(ORÇAMENTO!$X$15,ROW(AI78)-ROW(AI$15),0),\n              ROUND(ROUND(OFFSET($P78,0,AI$13),15-13*ORÇAMENTO!$AF$7)*OFFSET(ORÇAMENTO!$W$15,ROW(AI78)-ROW(AI$15),0),15-13*ORÇAMENTO!$AF$11)),\n         0)","v":0},{"$f":"IF(AND($D78=\"Serviço\",AJ$12<>0,$H78>0,OR(AUTOEVENTO<>\"manual\",$M78<>$A$15)),\n        IF(Import.TipoArredondamento<>\"TransfereGOV\",\n              ROUND(OFFSET($P78,0,AJ$13),15-13*ORÇAMENTO!$AF$7)/$H78*OFFSET(ORÇAMENTO!$X$15,ROW(AJ78)-ROW(AJ$15),0),\n              ROUND(ROUND(OFFSET($P78,0,AJ$13),15-13*ORÇAMENTO!$AF$7)*OFFSET(ORÇAMENTO!$W$15,ROW(AJ78)-ROW(AJ$15),0),15-13*ORÇAMENTO!$AF$11)),\n         0)","v":0},{"$f":"IF(AND($D78=\"Serviço\",AK$12<>0,$H78>0,OR(AUTOEVENTO<>\"manual\",$M78<>$A$15)),\n        IF(Import.TipoArredondamento<>\"TransfereGOV\",\n              ROUND(OFFSET($P78,0,AK$13),15-13*ORÇAMENTO!$AF$7)/$H78*OFFSET(ORÇAMENTO!$X$15,ROW(AK78)-ROW(AK$15),0),\n              ROUND(ROUND(OFFSET($P78,0,AK$13),15-13*ORÇAMENTO!$AF$7)*OFFSET(ORÇAMENTO!$W$15,ROW(AK78)-ROW(AK$15),0),15-13*ORÇAMENTO!$AF$11)),\n         0)","v":0},null,{"$f":"IF(OR($D78<>\"Serviço\",AND(AUTOEVENTO=\"Manual\",$M78=$A$15)),0,\n         IF(OFFSET(CRONOPLE!$F$15,$M78-$A$15,AM$13)=0,10^12,OFFSET(CRONOPLE!$F$15,$M78-$A$15,AM$13)))","v":0},{"$f":"IF(OR($D78<>\"Serviço\",AND(AUTOEVENTO=\"Manual\",$M78=$A$15)),0,\n         IF(OFFSET(CRONOPLE!$F$15,$M78-$A$15,AN$13)=0,10^12,OFFSET(CRONOPLE!$F$15,$M78-$A$15,AN$13)))","v":0},{"$f":"IF(OR($D78<>\"Serviço\",AND(AUTOEVENTO=\"Manual\",$M78=$A$15)),0,\n         IF(OFFSET(CRONOPLE!$F$15,$M78-$A$15,AO$13)=0,10^12,OFFSET(CRONOPLE!$F$15,$M78-$A$15,AO$13)))","v":0},{"$f":"IF(OR($D78<>\"Serviço\",AND(AUTOEVENTO=\"Manual\",$M78=$A$15)),0,\n         IF(OFFSET(CRONOPLE!$F$15,$M78-$A$15,AP$13)=0,10^12,OFFSET(CRONOPLE!$F$15,$M78-$A$15,AP$13)))","v":0},{"$f":"IF(OR($D78<>\"Serviço\",AND(AUTOEVENTO=\"Manual\",$M78=$A$15)),0,\n         IF(OFFSET(CRONOPLE!$F$15,$M78-$A$15,AQ$13)=0,10^12,OFFSET(CRONOPLE!$F$15,$M78-$A$15,AQ$13)))","v":0},{"$f":"IF(OR($D78<>\"Serviço\",AND(AUTOEVENTO=\"Manual\",$M78=$A$15)),0,\n         IF(OFFSET(CRONOPLE!$F$15,$M78-$A$15,AR$13)=0,10^12,OFFSET(CRONOPLE!$F$15,$M78-$A$15,AR$13)))","v":0},{"$f":"IF(OR($D78<>\"Serviço\",AND(AUTOEVENTO=\"Manual\",$M78=$A$15)),0,\n         IF(OFFSET(CRONOPLE!$F$15,$M78-$A$15,AS$13)=0,10^12,OFFSET(CRONOPLE!$F$15,$M78-$A$15,AS$13)))","v":0},{"$f":"IF(OR($D78<>\"Serviço\",AND(AUTOEVENTO=\"Manual\",$M78=$A$15)),0,\n         IF(OFFSET(CRONOPLE!$F$15,$M78-$A$15,AT$13)=0,10^12,OFFSET(CRONOPLE!$F$15,$M78-$A$15,AT$13)))","v":0},{"$f":"IF(OR($D78<>\"Serviço\",AND(AUTOEVENTO=\"Manual\",$M78=$A$15)),0,\n         IF(OFFSET(CRONOPLE!$F$15,$M78-$A$15,AU$13)=0,10^12,OFFSET(CRONOPLE!$F$15,$M78-$A$15,AU$13)))","v":0},{"$f":"IF(OR($D78<>\"Serviço\",AND(AUTOEVENTO=\"Manual\",$M78=$A$15)),0,\n         IF(OFFSET(CRONOPLE!$F$15,$M78-$A$15,AV$13)=0,10^12,OFFSET(CRONOPLE!$F$15,$M78-$A$15,AV$13)))","v":0},null,{"$f":"IF(OR($D78<>\"Serviço\",AND(AUTOEVENTO=\"Manual\",$M78=$A$15),$M78>(ROW(PLE.lastrow)-ROW(PLE.firstrow))),0,\n           IF(OFFSET(PLE!$G$15,$M78-$A$15,AX$13)=\"\",10^12,OFFSET(PLE!$G$15,$M78-$A$15,AX$13)))","v":0},{"$f":"IF(OR($D78<>\"Serviço\",AND(AUTOEVENTO=\"Manual\",$M78=$A$15),$M78>(ROW(PLE.lastrow)-ROW(PLE.firstrow))),0,\n           IF(OFFSET(PLE!$G$15,$M78-$A$15,AY$13)=\"\",10^12,OFFSET(PLE!$G$15,$M78-$A$15,AY$13)))","v":0},{"$f":"IF(OR($D78<>\"Serviço\",AND(AUTOEVENTO=\"Manual\",$M78=$A$15),$M78>(ROW(PLE.lastrow)-ROW(PLE.firstrow))),0,\n           IF(OFFSET(PLE!$G$15,$M78-$A$15,AZ$13)=\"\",10^12,OFFSET(PLE!$G$15,$M78-$A$15,AZ$13)))","v":0},{"$f":"IF(OR($D78<>\"Serviço\",AND(AUTOEVENTO=\"Manual\",$M78=$A$15),$M78>(ROW(PLE.lastrow)-ROW(PLE.firstrow))),0,\n           IF(OFFSET(PLE!$G$15,$M78-$A$15,BA$13)=\"\",10^12,OFFSET(PLE!$G$15,$M78-$A$15,BA$13)))","v":0},{"$f":"IF(OR($D78<>\"Serviço\",AND(AUTOEVENTO=\"Manual\",$M78=$A$15),$M78>(ROW(PLE.lastrow)-ROW(PLE.firstrow))),0,\n           IF(OFFSET(PLE!$G$15,$M78-$A$15,BB$13)=\"\",10^12,OFFSET(PLE!$G$15,$M78-$A$15,BB$13)))","v":0},{"$f":"IF(OR($D78<>\"Serviço\",AND(AUTOEVENTO=\"Manual\",$M78=$A$15),$M78>(ROW(PLE.lastrow)-ROW(PLE.firstrow))),0,\n           IF(OFFSET(PLE!$G$15,$M78-$A$15,BC$13)=\"\",10^12,OFFSET(PLE!$G$15,$M78-$A$15,BC$13)))","v":0},{"$f":"IF(OR($D78<>\"Serviço\",AND(AUTOEVENTO=\"Manual\",$M78=$A$15),$M78>(ROW(PLE.lastrow)-ROW(PLE.firstrow))),0,\n           IF(OFFSET(PLE!$G$15,$M78-$A$15,BD$13)=\"\",10^12,OFFSET(PLE!$G$15,$M78-$A$15,BD$13)))","v":0},{"$f":"IF(OR($D78<>\"Serviço\",AND(AUTOEVENTO=\"Manual\",$M78=$A$15),$M78>(ROW(PLE.lastrow)-ROW(PLE.firstrow))),0,\n           IF(OFFSET(PLE!$G$15,$M78-$A$15,BE$13)=\"\",10^12,OFFSET(PLE!$G$15,$M78-$A$15,BE$13)))","v":0},{"$f":"IF(OR($D78<>\"Serviço\",AND(AUTOEVENTO=\"Manual\",$M78=$A$15),$M78>(ROW(PLE.lastrow)-ROW(PLE.firstrow))),0,\n           IF(OFFSET(PLE!$G$15,$M78-$A$15,BF$13)=\"\",10^12,OFFSET(PLE!$G$15,$M78-$A$15,BF$13)))","v":0},{"$f":"IF(OR($D78<>\"Serviço\",AND(AUTOEVENTO=\"Manual\",$M78=$A$15),$M78>(ROW(PLE.lastrow)-ROW(PLE.firstrow))),0,\n           IF(OFFSET(PLE!$G$15,$M78-$A$15,BG$13)=\"\",10^12,OFFSET(PLE!$G$15,$M78-$A$15,BG$13)))","v":0}]
[11,{"$f":"OFFSET(ORÇAMENTO!C$15,$L79,0)","v":"S"},{"$f":"OFFSET(ORÇAMENTO!L$15,$L79,0)","v":"F"},{"$f":"OFFSET(ORÇAMENTO!N$15,$L79,0)","v":"Serviço"},{"$f":"OFFSET(ORÇAMENTO!O$15,$L79,0)","v":"1.9.1."},{"$f":"OFFSET(ORÇAMENTO!R$15,$L79,0)","v":"PINTURA DE PISO COM TINTA EPÓXI, APLICAÇÃO MANUAL, 2 DEMÃOS, INCLUSO PRIMER EPÓXI. AF_05/2021"},{"$f":"IF($D79<>\"Serviço\",\"\",OFFSET(ORÇAMENTO!S$15,$L79,0))","v":"M2"},{"$f":"IF($D79<>\"Serviço\",0,IF(ACOMPANHAMENTO=\"BM\",ROUND(OFFSET(ORÇAMENTO!AJ$15,$L79,0),15-13*ORÇAMENTO!$AF$7),IF(IFERROR(CÁLCULO.FrentesPreenchidas,0)=0,0,SUM(ROUND(OFFSET($P79,0,1,1,CÁLCULO.FrentesPreenchidas),15-13*ORÇAMENTO!$AF$7)))))","v":895.08},"PINTURA ARQUIBANCADA ((1,15*0,27)+(1,15*0,45)*21)*2+10*1,3*(0,9+0,55)*2+18,55*10*(0,9+0,55)+15,4*10*(0,9+0,55)+2*10*(0,55+0,9)+14,6*10*(0,55+0,9)+32,86+69,19",{"$f":"IF(OR(B79<>\"S\",CÁLCULO.FrentesPreenchidas=0),\"\",IF(AND(ACOMPANHAMENTO=\"PLE\",AUTOEVENTO=\"Manual\",OR(H79>0,ORÇAMENTO!AC79=\"QUANT.\"),OR(K79=\"\",M79=0,N79=\"\")),\"►E\",IF(AND(ACOMPANHAMENTO=\"PLE\",ORÇAMENTO!AC79=\"QUANT.\"),\"►Q\",IF(AND(ACOMPANHAMENTO=\"PLE\",H79<>SUMPRODUCT(($Q$1:$AA$1=1)*ROUND(Q79:AA79,15))),\"►S\",IF(AND(COUNTIF($P$11:$AA$11,\"▼\")=0,H79>0,I79=\"\"),\"◄M\",\"\")))))","v":""},"11.Pintura de piso e paredes",64,{"$f":"IF($D79<>\"Serviço\",\"\",\n          IF(AUTOEVENTO=\"manual\",$A79,\n                IF(ISERROR(MATCH($A79,$A$15:OFFSET($A79,-1,0),0)),MAX($M$15:OFFSET(M79,-1,0))+1,\n                      INDEX($M$15:OFFSET(M79,-1,0),MATCH($A79,$A$15:OFFSET($A79,-1,0),0)))))","v":11},{"$f":"IF($D79<>\"Serviço\",\"\",\n         IF(AUTOEVENTO=\"Manual\",\n                IF($A79=0,\"<-- defina o número do agrupador\",\n                       OFFSET(EVENTOS!$D$15,$A79-$A$15,0)),\n                OFFSET($F$15,$A79,0)))","v":"Pintura de superfícies metálicas"},null,null,{"$f":"(((1.15*0.27)+(1.15*0.45)*21)*2+10*1.3*(0.9+0.55)*2+18.55*10*(0.9+0.55)+15.4*10*(0.9+0.55)+2*10*(0.55+0.9)+14.6*10*(0.55+0.9)+32.86+69.19)/2","v":447.54050000000007},{"$f":"(((1.15*0.27)+(1.15*0.45)*21)*2+10*1.3*(0.9+0.55)*2+18.55*10*(0.9+0.55)+15.4*10*(0.9+0.55)+2*10*(0.55+0.9)+14.6*10*(0.55+0.9)+32.86+69.19)/2","v":447.54050000000007},null,null,null,null,null,null,null,null,null,{"$f":"IF(AND($D79=\"Serviço\",AB$12<>0,$H79>0,OR(AUTOEVENTO<>\"manual\",$M79<>$A$15)),\n        IF(Import.TipoArredondamento<>\"TransfereGOV\",\n              ROUND(OFFSET($P79,0,AB$13),15-13*ORÇAMENTO!$AF$7)/$H79*OFFSET(ORÇAMENTO!$X$15,ROW(AB79)-ROW(AB$15),0),\n              ROUND(ROUND(OFFSET($P79,0,AB$13),15-13*ORÇAMENTO!$AF$7)*OFFSET(ORÇAMENTO!$W$15,ROW(AB79)-ROW(AB$15),0),15-13*ORÇAMENTO!$AF$11)),\n         0)","v":0},{"$f":"IF(AND($D79=\"Serviço\",AC$12<>0,$H79>0,OR(AUTOEVENTO<>\"manual\",$M79<>$A$15)),\n        IF(Import.TipoArredondamento<>\"TransfereGOV\",\n              ROUND(OFFSET($P79,0,AC$13),15-13*ORÇAMENTO!$AF$7)/$H79*OFFSET(ORÇAMENTO!$X$15,ROW(AC79)-ROW(AC$15),0),\n              ROUND(ROUND(OFFSET($P79,0,AC$13),15-13*ORÇAMENTO!$AF$7)*OFFSET(ORÇAMENTO!$W$15,ROW(AC79)-ROW(AC$15),0),15-13*ORÇAMENTO!$AF$11)),\n         0)","v":0},{"$f":"IF(AND($D79=\"Serviço\",AD$12<>0,$H79>0,OR(AUTOEVENTO<>\"manual\",$M79<>$A$15)),\n        IF(Import.TipoArredondamento<>\"TransfereGOV\",\n              ROUND(OFFSET($P79,0,AD$13),15-13*ORÇAMENTO!$AF$7)/$H79*OFFSET(ORÇAMENTO!$X$15,ROW(AD79)-ROW(AD$15),0),\n              ROUND(ROUND(OFFSET($P79,0,AD$13),15-13*ORÇAMENTO!$AF$7)*OFFSET(ORÇAMENTO!$W$15,ROW(AD79)-ROW(AD$15),0),15-13*ORÇAMENTO!$AF$11)),\n         0)","v":0},{"$f":"IF(AND($D79=\"Serviço\",AE$12<>0,$H79>0,OR(AUTOEVENTO<>\"manual\",$M79<>$A$15)),\n        IF(Import.TipoArredondamento<>\"TransfereGOV\",\n              ROUND(OFFSET($P79,0,AE$13),15-13*ORÇAMENTO!$AF$7)/$H79*OFFSET(ORÇAMENTO!$X$15,ROW(AE79)-ROW(AE$15),0),\n              ROUND(ROUND(OFFSET($P79,0,AE$13),15-13*ORÇAMENTO!$AF$7)*OFFSET(ORÇAMENTO!$W$15,ROW(AE79)-ROW(AE$15),0),15-13*ORÇAMENTO!$AF$11)),\n         0)","v":0},{"$f":"IF(AND($D79=\"Serviço\",AF$12<>0,$H79>0,OR(AUTOEVENTO<>\"manual\",$M79<>$A$15)),\n        IF(Import.TipoArredondamento<>\"TransfereGOV\",\n              ROUND(OFFSET($P79,0,AF$13),15-13*ORÇAMENTO!$AF$7)/$H79*OFFSET(ORÇAMENTO!$X$15,ROW(AF79)-ROW(AF$15),0),\n              ROUND(ROUND(OFFSET($P79,0,AF$13),15-13*ORÇAMENTO!$AF$7)*OFFSET(ORÇAMENTO!$W$15,ROW(AF79)-ROW(AF$15),0),15-13*ORÇAMENTO!$AF$11)),\n         0)","v":0},{"$f":"IF(AND($D79=\"Serviço\",AG$12<>0,$H79>0,OR(AUTOEVENTO<>\"manual\",$M79<>$A$15)),\n        IF(Import.TipoArredondamento<>\"TransfereGOV\",\n              ROUND(OFFSET($P79,0,AG$13),15-13*ORÇAMENTO!$AF$7)/$H79*OFFSET(ORÇAMENTO!$X$15,ROW(AG79)-ROW(AG$15),0),\n              ROUND(ROUND(OFFSET($P79,0,AG$13),15-13*ORÇAMENTO!$AF$7)*OFFSET(ORÇAMENTO!$W$15,ROW(AG79)-ROW(AG$15),0),15-13*ORÇAMENTO!$AF$11)),\n         0)","v":0},{"$f":"IF(AND($D79=\"Serviço\",AH$12<>0,$H79>0,OR(AUTOEVENTO<>\"manual\",$M79<>$A$15)),\n        IF(Import.TipoArredondamento<>\"TransfereGOV\",\n              ROUND(OFFSET($P79,0,AH$13),15-13*ORÇAMENTO!$AF$7)/$H79*OFFSET(ORÇAMENTO!$X$15,ROW(AH79)-ROW(AH$15),0),\n              ROUND(ROUND(OFFSET($P79,0,AH$13),15-13*ORÇAMENTO!$AF$7)*OFFSET(ORÇAMENTO!$W$15,ROW(AH79)-ROW(AH$15),0),15-13*ORÇAMENTO!$AF$11)),\n         0)","v":0},{"$f":"IF(AND($D79=\"Serviço\",AI$12<>0,$H79>0,OR(AUTOEVENTO<>\"manual\",$M79<>$A$15)),\n        IF(Import.TipoArredondamento<>\"TransfereGOV\",\n              ROUND(OFFSET($P79,0,AI$13),15-13*ORÇAMENTO!$AF$7)/$H79*OFFSET(ORÇAMENTO!$X$15,ROW(AI79)-ROW(AI$15),0),\n              ROUND(ROUND(OFFSET($P79,0,AI$13),15-13*ORÇAMENTO!$AF$7)*OFFSET(ORÇAMENTO!$W$15,ROW(AI79)-ROW(AI$15),0),15-13*ORÇAMENTO!$AF$11)),\n         0)","v":0},{"$f":"IF(AND($D79=\"Serviço\",AJ$12<>0,$H79>0,OR(AUTOEVENTO<>\"manual\",$M79<>$A$15)),\n        IF(Import.TipoArredondamento<>\"TransfereGOV\",\n              ROUND(OFFSET($P79,0,AJ$13),15-13*ORÇAMENTO!$AF$7)/$H79*OFFSET(ORÇAMENTO!$X$15,ROW(AJ79)-ROW(AJ$15),0),\n              ROUND(ROUND(OFFSET($P79,0,AJ$13),15-13*ORÇAMENTO!$AF$7)*OFFSET(ORÇAMENTO!$W$15,ROW(AJ79)-ROW(AJ$15),0),15-13*ORÇAMENTO!$AF$11)),\n         0)","v":0},{"$f":"IF(AND($D79=\"Serviço\",AK$12<>0,$H79>0,OR(AUTOEVENTO<>\"manual\",$M79<>$A$15)),\n        IF(Import.TipoArredondamento<>\"TransfereGOV\",\n              ROUND(OFFSET($P79,0,AK$13),15-13*ORÇAMENTO!$AF$7)/$H79*OFFSET(ORÇAMENTO!$X$15,ROW(AK79)-ROW(AK$15),0),\n              ROUND(ROUND(OFFSET($P79,0,AK$13),15-13*ORÇAMENTO!$AF$7)*OFFSET(ORÇAMENTO!$W$15,ROW(AK79)-ROW(AK$15),0),15-13*ORÇAMENTO!$AF$11)),\n         0)","v":0},null,{"$f":"IF(OR($D79<>\"Serviço\",AND(AUTOEVENTO=\"Manual\",$M79=$A$15)),0,\n         IF(OFFSET(CRONOPLE!$F$15,$M79-$A$15,AM$13)=0,10^12,OFFSET(CRONOPLE!$F$15,$M79-$A$15,AM$13)))","v":5},{"$f":"IF(OR($D79<>\"Serviço\",AND(AUTOEVENTO=\"Manual\",$M79=$A$15)),0,\n         IF(OFFSET(CRONOPLE!$F$15,$M79-$A$15,AN$13)=0,10^12,OFFSET(CRONOPLE!$F$15,$M79-$A$15,AN$13)))","v":6},{"$f":"IF(OR($D79<>\"Serviço\",AND(AUTOEVENTO=\"Manual\",$M79=$A$15)),0,\n         IF(OFFSET(CRONOPLE!$F$15,$M79-$A$15,AO$13)=0,10^12,OFFSET(CRONOPLE!$F$15,$M79-$A$15,AO$13)))","v":1000000000000},{"$f":"IF(OR($D79<>\"Serviço\",AND(AUTOEVENTO=\"Manual\",$M79=$A$15)),0,\n         IF(OFFSET(CRONOPLE!$F$15,$M79-$A$15,AP$13)=0,10^12,OFFSET(CRONOPLE!$F$15,$M79-$A$15,AP$13)))","v":1000000000000},{"$f":"IF(OR($D79<>\"Serviço\",AND(AUTOEVENTO=\"Manual\",$M79=$A$15)),0,\n         IF(OFFSET(CRONOPLE!$F$15,$M79-$A$15,AQ$13)=0,10^12,OFFSET(CRONOPLE!$F$15,$M79-$A$15,AQ$13)))","v":1000000000000},{"$f":"IF(OR($D79<>\"Serviço\",AND(AUTOEVENTO=\"Manual\",$M79=$A$15)),0,\n         IF(OFFSET(CRONOPLE!$F$15,$M79-$A$15,AR$13)=0,10^12,OFFSET(CRONOPLE!$F$15,$M79-$A$15,AR$13)))","v":1000000000000},{"$f":"IF(OR($D79<>\"Serviço\",AND(AUTOEVENTO=\"Manual\",$M79=$A$15)),0,\n         IF(OFFSET(CRONOPLE!$F$15,$M79-$A$15,AS$13)=0,10^12,OFFSET(CRONOPLE!$F$15,$M79-$A$15,AS$13)))","v":1000000000000},{"$f":"IF(OR($D79<>\"Serviço\",AND(AUTOEVENTO=\"Manual\",$M79=$A$15)),0,\n         IF(OFFSET(CRONOPLE!$F$15,$M79-$A$15,AT$13)=0,10^12,OFFSET(CRONOPLE!$F$15,$M79-$A$15,AT$13)))","v":1000000000000},{"$f":"IF(OR($D79<>\"Serviço\",AND(AUTOEVENTO=\"Manual\",$M79=$A$15)),0,\n         IF(OFFSET(CRONOPLE!$F$15,$M79-$A$15,AU$13)=0,10^12,OFFSET(CRONOPLE!$F$15,$M79-$A$15,AU$13)))","v":1000000000000},{"$f":"IF(OR($D79<>\"Serviço\",AND(AUTOEVENTO=\"Manual\",$M79=$A$15)),0,\n         IF(OFFSET(CRONOPLE!$F$15,$M79-$A$15,AV$13)=0,10^12,OFFSET(CRONOPLE!$F$15,$M79-$A$15,AV$13)))","v":1000000000000},null,{"$f":"IF(OR($D79<>\"Serviço\",AND(AUTOEVENTO=\"Manual\",$M79=$A$15),$M79>(ROW(PLE.lastrow)-ROW(PLE.firstrow))),0,\n           IF(OFFSET(PLE!$G$15,$M79-$A$15,AX$13)=\"\",10^12,OFFSET(PLE!$G$15,$M79-$A$15,AX$13)))","v":1000000000000},{"$f":"IF(OR($D79<>\"Serviço\",AND(AUTOEVENTO=\"Manual\",$M79=$A$15),$M79>(ROW(PLE.lastrow)-ROW(PLE.firstrow))),0,\n           IF(OFFSET(PLE!$G$15,$M79-$A$15,AY$13)=\"\",10^12,OFFSET(PLE!$G$15,$M79-$A$15,AY$13)))","v":1000000000000},{"$f":"IF(OR($D79<>\"Serviço\",AND(AUTOEVENTO=\"Manual\",$M79=$A$15),$M79>(ROW(PLE.lastrow)-ROW(PLE.firstrow))),0,\n           IF(OFFSET(PLE!$G$15,$M79-$A$15,AZ$13)=\"\",10^12,OFFSET(PLE!$G$15,$M79-$A$15,AZ$13)))","v":1000000000000},{"$f":"IF(OR($D79<>\"Serviço\",AND(AUTOEVENTO=\"Manual\",$M79=$A$15),$M79>(ROW(PLE.lastrow)-ROW(PLE.firstrow))),0,\n           IF(OFFSET(PLE!$G$15,$M79-$A$15,BA$13)=\"\",10^12,OFFSET(PLE!$G$15,$M79-$A$15,BA$13)))","v":1000000000000},{"$f":"IF(OR($D79<>\"Serviço\",AND(AUTOEVENTO=\"Manual\",$M79=$A$15),$M79>(ROW(PLE.lastrow)-ROW(PLE.firstrow))),0,\n           IF(OFFSET(PLE!$G$15,$M79-$A$15,BB$13)=\"\",10^12,OFFSET(PLE!$G$15,$M79-$A$15,BB$13)))","v":1000000000000},{"$f":"IF(OR($D79<>\"Serviço\",AND(AUTOEVENTO=\"Manual\",$M79=$A$15),$M79>(ROW(PLE.lastrow)-ROW(PLE.firstrow))),0,\n           IF(OFFSET(PLE!$G$15,$M79-$A$15,BC$13)=\"\",10^12,OFFSET(PLE!$G$15,$M79-$A$15,BC$13)))","v":1000000000000},{"$f":"IF(OR($D79<>\"Serviço\",AND(AUTOEVENTO=\"Manual\",$M79=$A$15),$M79>(ROW(PLE.lastrow)-ROW(PLE.firstrow))),0,\n           IF(OFFSET(PLE!$G$15,$M79-$A$15,BD$13)=\"\",10^12,OFFSET(PLE!$G$15,$M79-$A$15,BD$13)))","v":1000000000000},{"$f":"IF(OR($D79<>\"Serviço\",AND(AUTOEVENTO=\"Manual\",$M79=$A$15),$M79>(ROW(PLE.lastrow)-ROW(PLE.firstrow))),0,\n           IF(OFFSET(PLE!$G$15,$M79-$A$15,BE$13)=\"\",10^12,OFFSET(PLE!$G$15,$M79-$A$15,BE$13)))","v":1000000000000},{"$f":"IF(OR($D79<>\"Serviço\",AND(AUTOEVENTO=\"Manual\",$M79=$A$15),$M79>(ROW(PLE.lastrow)-ROW(PLE.firstrow))),0,\n           IF(OFFSET(PLE!$G$15,$M79-$A$15,BF$13)=\"\",10^12,OFFSET(PLE!$G$15,$M79-$A$15,BF$13)))","v":1000000000000},{"$f":"IF(OR($D79<>\"Serviço\",AND(AUTOEVENTO=\"Manual\",$M79=$A$15),$M79>(ROW(PLE.lastrow)-ROW(PLE.firstrow))),0,\n           IF(OFFSET(PLE!$G$15,$M79-$A$15,BG$13)=\"\",10^12,OFFSET(PLE!$G$15,$M79-$A$15,BG$13)))","v":1000000000000}]
[{"$f":"IFERROR(IF(AUTOEVENTO=\"Manual\",IF(K80<>\"\",MIN(VALUE(LEFT(K80,FIND(\".\",K80)-1)),COUNTA(EVENTOS.Lista)),0),IF(OR($B80>AUTOEVENTO,$B80=\"S\",$B80=0),SUBSTITUTE(OFFSET($A80,-1,0),IF($D80=\"Serviço\",\".\",\"\"),\"\"),$L80&\".\")),0)","v":11},{"$f":"OFFSET(ORÇAMENTO!C$15,$L80,0)","v":"S"},{"$f":"OFFSET(ORÇAMENTO!L$15,$L80,0)","v":"F"},{"$f":"OFFSET(ORÇAMENTO!N$15,$L80,0)","v":"Serviço"},{"$f":"OFFSET(ORÇAMENTO!O$15,$L80,0)","v":"1.9.2."},{"$f":"OFFSET(ORÇAMENTO!R$15,$L80,0)","v":"PINTURA DE PISO COM TINTA ACRÍLICA, APLICAÇÃO MANUAL, 2 DEMÃOS, INCLUSO FUNDO PREPARADOR. AF_05/2021"},{"$f":"IF($D80<>\"Serviço\",\"\",OFFSET(ORÇAMENTO!S$15,$L80,0))","v":"M2"},{"$f":"IF($D80<>\"Serviço\",0,IF(ACOMPANHAMENTO=\"BM\",ROUND(OFFSET(ORÇAMENTO!AJ$15,$L80,0),15-13*ORÇAMENTO!$AF$7),IF(IFERROR(CÁLCULO.FrentesPreenchidas,0)=0,0,SUM(ROUND(OFFSET($P80,0,1,1,CÁLCULO.FrentesPreenchidas),15-13*ORÇAMENTO!$AF$7)))))","v":552.70000000000005},"NOVA CALÇADA FRENTE ARQUIBANCADA - 57,66M X 6,25M\nRAMPA - 192,32M²",{"$f":"IF(OR(B80<>\"S\",CÁLCULO.FrentesPreenchidas=0),\"\",IF(AND(ACOMPANHAMENTO=\"PLE\",AUTOEVENTO=\"Manual\",OR(H80>0,ORÇAMENTO!AC80=\"QUANT.\"),OR(K80=\"\",M80=0,N80=\"\")),\"►E\",IF(AND(ACOMPANHAMENTO=\"PLE\",ORÇAMENTO!AC80=\"QUANT.\"),\"►Q\",IF(AND(ACOMPANHAMENTO=\"PLE\",H80<>SUMPRODUCT(($Q$1:$AA$1=1)*ROUND(Q80:AA80,15))),\"►S\",IF(AND(COUNTIF($P$11:$AA$11,\"▼\")=0,H80>0,I80=\"\"),\"◄M\",\"\")))))","v":""},"11.Pintura de piso e paredes",{"$f":"OFFSET(L80,-1,0)+1","v":65},{"$f":"IF($D80<>\"Serviço\",\"\",\n          IF(AUTOEVENTO=\"manual\",$A80,\n                IF(ISERROR(MATCH($A80,$A$15:OFFSET($A80,-1,0),0)),MAX($M$15:OFFSET(M80,-1,0))+1,\n                      INDEX($M$15:OFFSET(M80,-1,0),MATCH($A80,$A$15:OFFSET($A80,-1,0),0)))))","v":11},{"$f":"IF($D80<>\"Serviço\",\"\",\n         IF(AUTOEVENTO=\"Manual\",\n                IF($A80=0,\"<-- defina o número do agrupador\",\n                       OFFSET(EVENTOS!$D$15,$A80-$A$15,0)),\n                OFFSET($F$15,$A80,0)))","v":"Pintura de superfícies metálicas"},null,null,{"$f":"(57.66*6.25+192.32)/2","v":276.34749999999997},{"$f":"(57.66*6.25+192.32)/2","v":276.34749999999997},null,null,null,null,null,null,null,null,null,{"$f":"IF(AND($D80=\"Serviço\",AB$12<>0,$H80>0,OR(AUTOEVENTO<>\"manual\",$M80<>$A$15)),\n        IF(Import.TipoArredondamento<>\"TransfereGOV\",\n              ROUND(OFFSET($P80,0,AB$13),15-13*ORÇAMENTO!$AF$7)/$H80*OFFSET(ORÇAMENTO!$X$15,ROW(AB80)-ROW(AB$15),0),\n              ROUND(ROUND(OFFSET($P80,0,AB$13),15-13*ORÇAMENTO!$AF$7)*OFFSET(ORÇAMENTO!$W$15,ROW(AB80)-ROW(AB$15),0),15-13*ORÇAMENTO!$AF$11)),\n         0)","v":0},{"$f":"IF(AND($D80=\"Serviço\",AC$12<>0,$H80>0,OR(AUTOEVENTO<>\"manual\",$M80<>$A$15)),\n        IF(Import.TipoArredondamento<>\"TransfereGOV\",\n              ROUND(OFFSET($P80,0,AC$13),15-13*ORÇAMENTO!$AF$7)/$H80*OFFSET(ORÇAMENTO!$X$15,ROW(AC80)-ROW(AC$15),0),\n              ROUND(ROUND(OFFSET($P80,0,AC$13),15-13*ORÇAMENTO!$AF$7)*OFFSET(ORÇAMENTO!$W$15,ROW(AC80)-ROW(AC$15),0),15-13*ORÇAMENTO!$AF$11)),\n         0)","v":0},{"$f":"IF(AND($D80=\"Serviço\",AD$12<>0,$H80>0,OR(AUTOEVENTO<>\"manual\",$M80<>$A$15)),\n        IF(Import.TipoArredondamento<>\"TransfereGOV\",\n              ROUND(OFFSET($P80,0,AD$13),15-13*ORÇAMENTO!$AF$7)/$H80*OFFSET(ORÇAMENTO!$X$15,ROW(AD80)-ROW(AD$15),0),\n              ROUND(ROUND(OFFSET($P80,0,AD$13),15-13*ORÇAMENTO!$AF$7)*OFFSET(ORÇAMENTO!$W$15,ROW(AD80)-ROW(AD$15),0),15-13*ORÇAMENTO!$AF$11)),\n         0)","v":0},{"$f":"IF(AND($D80=\"Serviço\",AE$12<>0,$H80>0,OR(AUTOEVENTO<>\"manual\",$M80<>$A$15)),\n        IF(Import.TipoArredondamento<>\"TransfereGOV\",\n              ROUND(OFFSET($P80,0,AE$13),15-13*ORÇAMENTO!$AF$7)/$H80*OFFSET(ORÇAMENTO!$X$15,ROW(AE80)-ROW(AE$15),0),\n              ROUND(ROUND(OFFSET($P80,0,AE$13),15-13*ORÇAMENTO!$AF$7)*OFFSET(ORÇAMENTO!$W$15,ROW(AE80)-ROW(AE$15),0),15-13*ORÇAMENTO!$AF$11)),\n         0)","v":0},{"$f":"IF(AND($D80=\"Serviço\",AF$12<>0,$H80>0,OR(AUTOEVENTO<>\"manual\",$M80<>$A$15)),\n        IF(Import.TipoArredondamento<>\"TransfereGOV\",\n              ROUND(OFFSET($P80,0,AF$13),15-13*ORÇAMENTO!$AF$7)/$H80*OFFSET(ORÇAMENTO!$X$15,ROW(AF80)-ROW(AF$15),0),\n              ROUND(ROUND(OFFSET($P80,0,AF$13),15-13*ORÇAMENTO!$AF$7)*OFFSET(ORÇAMENTO!$W$15,ROW(AF80)-ROW(AF$15),0),15-13*ORÇAMENTO!$AF$11)),\n         0)","v":0},{"$f":"IF(AND($D80=\"Serviço\",AG$12<>0,$H80>0,OR(AUTOEVENTO<>\"manual\",$M80<>$A$15)),\n        IF(Import.TipoArredondamento<>\"TransfereGOV\",\n              ROUND(OFFSET($P80,0,AG$13),15-13*ORÇAMENTO!$AF$7)/$H80*OFFSET(ORÇAMENTO!$X$15,ROW(AG80)-ROW(AG$15),0),\n              ROUND(ROUND(OFFSET($P80,0,AG$13),15-13*ORÇAMENTO!$AF$7)*OFFSET(ORÇAMENTO!$W$15,ROW(AG80)-ROW(AG$15),0),15-13*ORÇAMENTO!$AF$11)),\n         0)","v":0},{"$f":"IF(AND($D80=\"Serviço\",AH$12<>0,$H80>0,OR(AUTOEVENTO<>\"manual\",$M80<>$A$15)),\n        IF(Import.TipoArredondamento<>\"TransfereGOV\",\n              ROUND(OFFSET($P80,0,AH$13),15-13*ORÇAMENTO!$AF$7)/$H80*OFFSET(ORÇAMENTO!$X$15,ROW(AH80)-ROW(AH$15),0),\n              ROUND(ROUND(OFFSET($P80,0,AH$13),15-13*ORÇAMENTO!$AF$7)*OFFSET(ORÇAMENTO!$W$15,ROW(AH80)-ROW(AH$15),0),15-13*ORÇAMENTO!$AF$11)),\n         0)","v":0},{"$f":"IF(AND($D80=\"Serviço\",AI$12<>0,$H80>0,OR(AUTOEVENTO<>\"manual\",$M80<>$A$15)),\n        IF(Import.TipoArredondamento<>\"TransfereGOV\",\n              ROUND(OFFSET($P80,0,AI$13),15-13*ORÇAMENTO!$AF$7)/$H80*OFFSET(ORÇAMENTO!$X$15,ROW(AI80)-ROW(AI$15),0),\n              ROUND(ROUND(OFFSET($P80,0,AI$13),15-13*ORÇAMENTO!$AF$7)*OFFSET(ORÇAMENTO!$W$15,ROW(AI80)-ROW(AI$15),0),15-13*ORÇAMENTO!$AF$11)),\n         0)","v":0},{"$f":"IF(AND($D80=\"Serviço\",AJ$12<>0,$H80>0,OR(AUTOEVENTO<>\"manual\",$M80<>$A$15)),\n        IF(Import.TipoArredondamento<>\"TransfereGOV\",\n              ROUND(OFFSET($P80,0,AJ$13),15-13*ORÇAMENTO!$AF$7)/$H80*OFFSET(ORÇAMENTO!$X$15,ROW(AJ80)-ROW(AJ$15),0),\n              ROUND(ROUND(OFFSET($P80,0,AJ$13),15-13*ORÇAMENTO!$AF$7)*OFFSET(ORÇAMENTO!$W$15,ROW(AJ80)-ROW(AJ$15),0),15-13*ORÇAMENTO!$AF$11)),\n         0)","v":0},{"$f":"IF(AND($D80=\"Serviço\",AK$12<>0,$H80>0,OR(AUTOEVENTO<>\"manual\",$M80<>$A$15)),\n        IF(Import.TipoArredondamento<>\"TransfereGOV\",\n              ROUND(OFFSET($P80,0,AK$13),15-13*ORÇAMENTO!$AF$7)/$H80*OFFSET(ORÇAMENTO!$X$15,ROW(AK80)-ROW(AK$15),0),\n              ROUND(ROUND(OFFSET($P80,0,AK$13),15-13*ORÇAMENTO!$AF$7)*OFFSET(ORÇAMENTO!$W$15,ROW(AK80)-ROW(AK$15),0),15-13*ORÇAMENTO!$AF$11)),\n         0)","v":0},null,{"$f":"IF(OR($D80<>\"Serviço\",AND(AUTOEVENTO=\"Manual\",$M80=$A$15)),0,\n         IF(OFFSET(CRONOPLE!$F$15,$M80-$A$15,AM$13)=0,10^12,OFFSET(CRONOPLE!$F$15,$M80-$A$15,AM$13)))","v":5},{"$f":"IF(OR($D80<>\"Serviço\",AND(AUTOEVENTO=\"Manual\",$M80=$A$15)),0,\n         IF(OFFSET(CRONOPLE!$F$15,$M80-$A$15,AN$13)=0,10^12,OFFSET(CRONOPLE!$F$15,$M80-$A$15,AN$13)))","v":6},{"$f":"IF(OR($D80<>\"Serviço\",AND(AUTOEVENTO=\"Manual\",$M80=$A$15)),0,\n         IF(OFFSET(CRONOPLE!$F$15,$M80-$A$15,AO$13)=0,10^12,OFFSET(CRONOPLE!$F$15,$M80-$A$15,AO$13)))","v":1000000000000},{"$f":"IF(OR($D80<>\"Serviço\",AND(AUTOEVENTO=\"Manual\",$M80=$A$15)),0,\n         IF(OFFSET(CRONOPLE!$F$15,$M80-$A$15,AP$13)=0,10^12,OFFSET(CRONOPLE!$F$15,$M80-$A$15,AP$13)))","v":1000000000000},{"$f":"IF(OR($D80<>\"Serviço\",AND(AUTOEVENTO=\"Manual\",$M80=$A$15)),0,\n         IF(OFFSET(CRONOPLE!$F$15,$M80-$A$15,AQ$13)=0,10^12,OFFSET(CRONOPLE!$F$15,$M80-$A$15,AQ$13)))","v":1000000000000},{"$f":"IF(OR($D80<>\"Serviço\",AND(AUTOEVENTO=\"Manual\",$M80=$A$15)),0,\n         IF(OFFSET(CRONOPLE!$F$15,$M80-$A$15,AR$13)=0,10^12,OFFSET(CRONOPLE!$F$15,$M80-$A$15,AR$13)))","v":1000000000000},{"$f":"IF(OR($D80<>\"Serviço\",AND(AUTOEVENTO=\"Manual\",$M80=$A$15)),0,\n         IF(OFFSET(CRONOPLE!$F$15,$M80-$A$15,AS$13)=0,10^12,OFFSET(CRONOPLE!$F$15,$M80-$A$15,AS$13)))","v":1000000000000},{"$f":"IF(OR($D80<>\"Serviço\",AND(AUTOEVENTO=\"Manual\",$M80=$A$15)),0,\n         IF(OFFSET(CRONOPLE!$F$15,$M80-$A$15,AT$13)=0,10^12,OFFSET(CRONOPLE!$F$15,$M80-$A$15,AT$13)))","v":1000000000000},{"$f":"IF(OR($D80<>\"Serviço\",AND(AUTOEVENTO=\"Manual\",$M80=$A$15)),0,\n         IF(OFFSET(CRONOPLE!$F$15,$M80-$A$15,AU$13)=0,10^12,OFFSET(CRONOPLE!$F$15,$M80-$A$15,AU$13)))","v":1000000000000},{"$f":"IF(OR($D80<>\"Serviço\",AND(AUTOEVENTO=\"Manual\",$M80=$A$15)),0,\n         IF(OFFSET(CRONOPLE!$F$15,$M80-$A$15,AV$13)=0,10^12,OFFSET(CRONOPLE!$F$15,$M80-$A$15,AV$13)))","v":1000000000000},null,{"$f":"IF(OR($D80<>\"Serviço\",AND(AUTOEVENTO=\"Manual\",$M80=$A$15),$M80>(ROW(PLE.lastrow)-ROW(PLE.firstrow))),0,\n           IF(OFFSET(PLE!$G$15,$M80-$A$15,AX$13)=\"\",10^12,OFFSET(PLE!$G$15,$M80-$A$15,AX$13)))","v":1000000000000},{"$f":"IF(OR($D80<>\"Serviço\",AND(AUTOEVENTO=\"Manual\",$M80=$A$15),$M80>(ROW(PLE.lastrow)-ROW(PLE.firstrow))),0,\n           IF(OFFSET(PLE!$G$15,$M80-$A$15,AY$13)=\"\",10^12,OFFSET(PLE!$G$15,$M80-$A$15,AY$13)))","v":1000000000000},{"$f":"IF(OR($D80<>\"Serviço\",AND(AUTOEVENTO=\"Manual\",$M80=$A$15),$M80>(ROW(PLE.lastrow)-ROW(PLE.firstrow))),0,\n           IF(OFFSET(PLE!$G$15,$M80-$A$15,AZ$13)=\"\",10^12,OFFSET(PLE!$G$15,$M80-$A$15,AZ$13)))","v":1000000000000},{"$f":"IF(OR($D80<>\"Serviço\",AND(AUTOEVENTO=\"Manual\",$M80=$A$15),$M80>(ROW(PLE.lastrow)-ROW(PLE.firstrow))),0,\n           IF(OFFSET(PLE!$G$15,$M80-$A$15,BA$13)=\"\",10^12,OFFSET(PLE!$G$15,$M80-$A$15,BA$13)))","v":1000000000000},{"$f":"IF(OR($D80<>\"Serviço\",AND(AUTOEVENTO=\"Manual\",$M80=$A$15),$M80>(ROW(PLE.lastrow)-ROW(PLE.firstrow))),0,\n           IF(OFFSET(PLE!$G$15,$M80-$A$15,BB$13)=\"\",10^12,OFFSET(PLE!$G$15,$M80-$A$15,BB$13)))","v":1000000000000},{"$f":"IF(OR($D80<>\"Serviço\",AND(AUTOEVENTO=\"Manual\",$M80=$A$15),$M80>(ROW(PLE.lastrow)-ROW(PLE.firstrow))),0,\n           IF(OFFSET(PLE!$G$15,$M80-$A$15,BC$13)=\"\",10^12,OFFSET(PLE!$G$15,$M80-$A$15,BC$13)))","v":1000000000000},{"$f":"IF(OR($D80<>\"Serviço\",AND(AUTOEVENTO=\"Manual\",$M80=$A$15),$M80>(ROW(PLE.lastrow)-ROW(PLE.firstrow))),0,\n           IF(OFFSET(PLE!$G$15,$M80-$A$15,BD$13)=\"\",10^12,OFFSET(PLE!$G$15,$M80-$A$15,BD$13)))","v":1000000000000},{"$f":"IF(OR($D80<>\"Serviço\",AND(AUTOEVENTO=\"Manual\",$M80=$A$15),$M80>(ROW(PLE.lastrow)-ROW(PLE.firstrow))),0,\n           IF(OFFSET(PLE!$G$15,$M80-$A$15,BE$13)=\"\",10^12,OFFSET(PLE!$G$15,$M80-$A$15,BE$13)))","v":1000000000000},{"$f":"IF(OR($D80<>\"Serviço\",AND(AUTOEVENTO=\"Manual\",$M80=$A$15),$M80>(ROW(PLE.lastrow)-ROW(PLE.firstrow))),0,\n           IF(OFFSET(PLE!$G$15,$M80-$A$15,BF$13)=\"\",10^12,OFFSET(PLE!$G$15,$M80-$A$15,BF$13)))","v":1000000000000},{"$f":"IF(OR($D80<>\"Serviço\",AND(AUTOEVENTO=\"Manual\",$M80=$A$15),$M80>(ROW(PLE.lastrow)-ROW(PLE.firstrow))),0,\n           IF(OFFSET(PLE!$G$15,$M80-$A$15,BG$13)=\"\",10^12,OFFSET(PLE!$G$15,$M80-$A$15,BG$13)))","v":1000000000000}]
[11,{"$f":"OFFSET(ORÇAMENTO!C$15,$L81,0)","v":"S"},{"$f":"OFFSET(ORÇAMENTO!L$15,$L81,0)","v":"F"},{"$f":"OFFSET(ORÇAMENTO!N$15,$L81,0)","v":"Serviço"},{"$f":"OFFSET(ORÇAMENTO!O$15,$L81,0)","v":"1.9.3."},{"$f":"OFFSET(ORÇAMENTO!R$15,$L81,0)","v":"PINTURA LÁTEX ACRÍLICA STANDARD, APLICAÇÃO MANUAL EM PAREDES, DUAS DEMÃOS. AF_04/2023"},{"$f":"IF($D81<>\"Serviço\",\"\",OFFSET(ORÇAMENTO!S$15,$L81,0))","v":"M2"},{"$f":"IF($D81<>\"Serviço\",0,IF(ACOMPANHAMENTO=\"BM\",ROUND(OFFSET(ORÇAMENTO!AJ$15,$L81,0),15-13*ORÇAMENTO!$AF$7),IF(IFERROR(CÁLCULO.FrentesPreenchidas,0)=0,0,SUM(ROUND(OFFSET($P81,0,1,1,CÁLCULO.FrentesPreenchidas),15-13*ORÇAMENTO!$AF$7)))))","v":240.96},"PAREDES ARQUIBANCADA - (45,88M X H=1,80M)\nCABINE LADO EXTERNO - (16,30M X H=2,65M - 8,64M² ESQUADRIAS)\nCABINE LADO INTERNO - (6,65 X H=2,50 X 3UND  - 8,64M² ESQUADRIAS)",{"$f":"IF(OR(B81<>\"S\",CÁLCULO.FrentesPreenchidas=0),\"\",IF(AND(ACOMPANHAMENTO=\"PLE\",AUTOEVENTO=\"Manual\",OR(H81>0,ORÇAMENTO!AC81=\"QUANT.\"),OR(K81=\"\",M81=0,N81=\"\")),\"►E\",IF(AND(ACOMPANHAMENTO=\"PLE\",ORÇAMENTO!AC81=\"QUANT.\"),\"►Q\",IF(AND(ACOMPANHAMENTO=\"PLE\",H81<>SUMPRODUCT(($Q$1:$AA$1=1)*ROUND(Q81:AA81,15))),\"►S\",IF(AND(COUNTIF($P$11:$AA$11,\"▼\")=0,H81>0,I81=\"\"),\"◄M\",\"\")))))","v":""},"11.Pintura de piso e paredes",66,{"$f":"IF($D81<>\"Serviço\",\"\",\n          IF(AUTOEVENTO=\"manual\",$A81,\n                IF(ISERROR(MATCH($A81,$A$15:OFFSET($A81,-1,0),0)),MAX($M$15:OFFSET(M81,-1,0))+1,\n                      INDEX($M$15:OFFSET(M81,-1,0),MATCH($A81,$A$15:OFFSET($A81,-1,0),0)))))","v":11},{"$f":"IF($D81<>\"Serviço\",\"\",\n         IF(AUTOEVENTO=\"Manual\",\n                IF($A81=0,\"<-- defina o número do agrupador\",\n                       OFFSET(EVENTOS!$D$15,$A81-$A$15,0)),\n                OFFSET($F$15,$A81,0)))","v":"Pintura de superfícies metálicas"},null,null,{"$f":"((45.88*1.8*2)+(16.3*2.65-8.64)+(6.65*2.5*3-8.64))/2","v":120.47900000000001},{"$f":"((45.88*1.8*2)+(16.3*2.65-8.64)+(6.65*2.5*3-8.64))/2","v":120.47900000000001},null,null,null,null,null,null,null,null,null,{"$f":"IF(AND($D81=\"Serviço\",AB$12<>0,$H81>0,OR(AUTOEVENTO<>\"manual\",$M81<>$A$15)),\n        IF(Import.TipoArredondamento<>\"TransfereGOV\",\n              ROUND(OFFSET($P81,0,AB$13),15-13*ORÇAMENTO!$AF$7)/$H81*OFFSET(ORÇAMENTO!$X$15,ROW(AB81)-ROW(AB$15),0),\n              ROUND(ROUND(OFFSET($P81,0,AB$13),15-13*ORÇAMENTO!$AF$7)*OFFSET(ORÇAMENTO!$W$15,ROW(AB81)-ROW(AB$15),0),15-13*ORÇAMENTO!$AF$11)),\n         0)","v":0},{"$f":"IF(AND($D81=\"Serviço\",AC$12<>0,$H81>0,OR(AUTOEVENTO<>\"manual\",$M81<>$A$15)),\n        IF(Import.TipoArredondamento<>\"TransfereGOV\",\n              ROUND(OFFSET($P81,0,AC$13),15-13*ORÇAMENTO!$AF$7)/$H81*OFFSET(ORÇAMENTO!$X$15,ROW(AC81)-ROW(AC$15),0),\n              ROUND(ROUND(OFFSET($P81,0,AC$13),15-13*ORÇAMENTO!$AF$7)*OFFSET(ORÇAMENTO!$W$15,ROW(AC81)-ROW(AC$15),0),15-13*ORÇAMENTO!$AF$11)),\n         0)","v":0},{"$f":"IF(AND($D81=\"Serviço\",AD$12<>0,$H81>0,OR(AUTOEVENTO<>\"manual\",$M81<>$A$15)),\n        IF(Import.TipoArredondamento<>\"TransfereGOV\",\n              ROUND(OFFSET($P81,0,AD$13),15-13*ORÇAMENTO!$AF$7)/$H81*OFFSET(ORÇAMENTO!$X$15,ROW(AD81)-ROW(AD$15),0),\n              ROUND(ROUND(OFFSET($P81,0,AD$13),15-13*ORÇAMENTO!$AF$7)*OFFSET(ORÇAMENTO!$W$15,ROW(AD81)-ROW(AD$15),0),15-13*ORÇAMENTO!$AF$11)),\n         0)","v":0},{"$f":"IF(AND($D81=\"Serviço\",AE$12<>0,$H81>0,OR(AUTOEVENTO<>\"manual\",$M81<>$A$15)),\n        IF(Import.TipoArredondamento<>\"TransfereGOV\",\n              ROUND(OFFSET($P81,0,AE$13),15-13*ORÇAMENTO!$AF$7)/$H81*OFFSET(ORÇAMENTO!$X$15,ROW(AE81)-ROW(AE$15),0),\n              ROUND(ROUND(OFFSET($P81,0,AE$13),15-13*ORÇAMENTO!$AF$7)*OFFSET(ORÇAMENTO!$W$15,ROW(AE81)-ROW(AE$15),0),15-13*ORÇAMENTO!$AF$11)),\n         0)","v":0},{"$f":"IF(AND($D81=\"Serviço\",AF$12<>0,$H81>0,OR(AUTOEVENTO<>\"manual\",$M81<>$A$15)),\n        IF(Import.TipoArredondamento<>\"TransfereGOV\",\n              ROUND(OFFSET($P81,0,AF$13),15-13*ORÇAMENTO!$AF$7)/$H81*OFFSET(ORÇAMENTO!$X$15,ROW(AF81)-ROW(AF$15),0),\n              ROUND(ROUND(OFFSET($P81,0,AF$13),15-13*ORÇAMENTO!$AF$7)*OFFSET(ORÇAMENTO!$W$15,ROW(AF81)-ROW(AF$15),0),15-13*ORÇAMENTO!$AF$11)),\n         0)","v":0},{"$f":"IF(AND($D81=\"Serviço\",AG$12<>0,$H81>0,OR(AUTOEVENTO<>\"manual\",$M81<>$A$15)),\n        IF(Import.TipoArredondamento<>\"TransfereGOV\",\n              ROUND(OFFSET($P81,0,AG$13),15-13*ORÇAMENTO!$AF$7)/$H81*OFFSET(ORÇAMENTO!$X$15,ROW(AG81)-ROW(AG$15),0),\n              ROUND(ROUND(OFFSET($P81,0,AG$13),15-13*ORÇAMENTO!$AF$7)*OFFSET(ORÇAMENTO!$W$15,ROW(AG81)-ROW(AG$15),0),15-13*ORÇAMENTO!$AF$11)),\n         0)","v":0},{"$f":"IF(AND($D81=\"Serviço\",AH$12<>0,$H81>0,OR(AUTOEVENTO<>\"manual\",$M81<>$A$15)),\n        IF(Import.TipoArredondamento<>\"TransfereGOV\",\n              ROUND(OFFSET($P81,0,AH$13),15-13*ORÇAMENTO!$AF$7)/$H81*OFFSET(ORÇAMENTO!$X$15,ROW(AH81)-ROW(AH$15),0),\n              ROUND(ROUND(OFFSET($P81,0,AH$13),15-13*ORÇAMENTO!$AF$7)*OFFSET(ORÇAMENTO!$W$15,ROW(AH81)-ROW(AH$15),0),15-13*ORÇAMENTO!$AF$11)),\n         0)","v":0},{"$f":"IF(AND($D81=\"Serviço\",AI$12<>0,$H81>0,OR(AUTOEVENTO<>\"manual\",$M81<>$A$15)),\n        IF(Import.TipoArredondamento<>\"TransfereGOV\",\n              ROUND(OFFSET($P81,0,AI$13),15-13*ORÇAMENTO!$AF$7)/$H81*OFFSET(ORÇAMENTO!$X$15,ROW(AI81)-ROW(AI$15),0),\n              ROUND(ROUND(OFFSET($P81,0,AI$13),15-13*ORÇAMENTO!$AF$7)*OFFSET(ORÇAMENTO!$W$15,ROW(AI81)-ROW(AI$15),0),15-13*ORÇAMENTO!$AF$11)),\n         0)","v":0},{"$f":"IF(AND($D81=\"Serviço\",AJ$12<>0,$H81>0,OR(AUTOEVENTO<>\"manual\",$M81<>$A$15)),\n        IF(Import.TipoArredondamento<>\"TransfereGOV\",\n              ROUND(OFFSET($P81,0,AJ$13),15-13*ORÇAMENTO!$AF$7)/$H81*OFFSET(ORÇAMENTO!$X$15,ROW(AJ81)-ROW(AJ$15),0),\n              ROUND(ROUND(OFFSET($P81,0,AJ$13),15-13*ORÇAMENTO!$AF$7)*OFFSET(ORÇAMENTO!$W$15,ROW(AJ81)-ROW(AJ$15),0),15-13*ORÇAMENTO!$AF$11)),\n         0)","v":0},{"$f":"IF(AND($D81=\"Serviço\",AK$12<>0,$H81>0,OR(AUTOEVENTO<>\"manual\",$M81<>$A$15)),\n        IF(Import.TipoArredondamento<>\"TransfereGOV\",\n              ROUND(OFFSET($P81,0,AK$13),15-13*ORÇAMENTO!$AF$7)/$H81*OFFSET(ORÇAMENTO!$X$15,ROW(AK81)-ROW(AK$15),0),\n              ROUND(ROUND(OFFSET($P81,0,AK$13),15-13*ORÇAMENTO!$AF$7)*OFFSET(ORÇAMENTO!$W$15,ROW(AK81)-ROW(AK$15),0),15-13*ORÇAMENTO!$AF$11)),\n         0)","v":0},null,{"$f":"IF(OR($D81<>\"Serviço\",AND(AUTOEVENTO=\"Manual\",$M81=$A$15)),0,\n         IF(OFFSET(CRONOPLE!$F$15,$M81-$A$15,AM$13)=0,10^12,OFFSET(CRONOPLE!$F$15,$M81-$A$15,AM$13)))","v":5},{"$f":"IF(OR($D81<>\"Serviço\",AND(AUTOEVENTO=\"Manual\",$M81=$A$15)),0,\n         IF(OFFSET(CRONOPLE!$F$15,$M81-$A$15,AN$13)=0,10^12,OFFSET(CRONOPLE!$F$15,$M81-$A$15,AN$13)))","v":6},{"$f":"IF(OR($D81<>\"Serviço\",AND(AUTOEVENTO=\"Manual\",$M81=$A$15)),0,\n         IF(OFFSET(CRONOPLE!$F$15,$M81-$A$15,AO$13)=0,10^12,OFFSET(CRONOPLE!$F$15,$M81-$A$15,AO$13)))","v":1000000000000},{"$f":"IF(OR($D81<>\"Serviço\",AND(AUTOEVENTO=\"Manual\",$M81=$A$15)),0,\n         IF(OFFSET(CRONOPLE!$F$15,$M81-$A$15,AP$13)=0,10^12,OFFSET(CRONOPLE!$F$15,$M81-$A$15,AP$13)))","v":1000000000000},{"$f":"IF(OR($D81<>\"Serviço\",AND(AUTOEVENTO=\"Manual\",$M81=$A$15)),0,\n         IF(OFFSET(CRONOPLE!$F$15,$M81-$A$15,AQ$13)=0,10^12,OFFSET(CRONOPLE!$F$15,$M81-$A$15,AQ$13)))","v":1000000000000},{"$f":"IF(OR($D81<>\"Serviço\",AND(AUTOEVENTO=\"Manual\",$M81=$A$15)),0,\n         IF(OFFSET(CRONOPLE!$F$15,$M81-$A$15,AR$13)=0,10^12,OFFSET(CRONOPLE!$F$15,$M81-$A$15,AR$13)))","v":1000000000000},{"$f":"IF(OR($D81<>\"Serviço\",AND(AUTOEVENTO=\"Manual\",$M81=$A$15)),0,\n         IF(OFFSET(CRONOPLE!$F$15,$M81-$A$15,AS$13)=0,10^12,OFFSET(CRONOPLE!$F$15,$M81-$A$15,AS$13)))","v":1000000000000},{"$f":"IF(OR($D81<>\"Serviço\",AND(AUTOEVENTO=\"Manual\",$M81=$A$15)),0,\n         IF(OFFSET(CRONOPLE!$F$15,$M81-$A$15,AT$13)=0,10^12,OFFSET(CRONOPLE!$F$15,$M81-$A$15,AT$13)))","v":1000000000000},{"$f":"IF(OR($D81<>\"Serviço\",AND(AUTOEVENTO=\"Manual\",$M81=$A$15)),0,\n         IF(OFFSET(CRONOPLE!$F$15,$M81-$A$15,AU$13)=0,10^12,OFFSET(CRONOPLE!$F$15,$M81-$A$15,AU$13)))","v":1000000000000},{"$f":"IF(OR($D81<>\"Serviço\",AND(AUTOEVENTO=\"Manual\",$M81=$A$15)),0,\n         IF(OFFSET(CRONOPLE!$F$15,$M81-$A$15,AV$13)=0,10^12,OFFSET(CRONOPLE!$F$15,$M81-$A$15,AV$13)))","v":1000000000000},null,{"$f":"IF(OR($D81<>\"Serviço\",AND(AUTOEVENTO=\"Manual\",$M81=$A$15),$M81>(ROW(PLE.lastrow)-ROW(PLE.firstrow))),0,\n           IF(OFFSET(PLE!$G$15,$M81-$A$15,AX$13)=\"\",10^12,OFFSET(PLE!$G$15,$M81-$A$15,AX$13)))","v":1000000000000},{"$f":"IF(OR($D81<>\"Serviço\",AND(AUTOEVENTO=\"Manual\",$M81=$A$15),$M81>(ROW(PLE.lastrow)-ROW(PLE.firstrow))),0,\n           IF(OFFSET(PLE!$G$15,$M81-$A$15,AY$13)=\"\",10^12,OFFSET(PLE!$G$15,$M81-$A$15,AY$13)))","v":1000000000000},{"$f":"IF(OR($D81<>\"Serviço\",AND(AUTOEVENTO=\"Manual\",$M81=$A$15),$M81>(ROW(PLE.lastrow)-ROW(PLE.firstrow))),0,\n           IF(OFFSET(PLE!$G$15,$M81-$A$15,AZ$13)=\"\",10^12,OFFSET(PLE!$G$15,$M81-$A$15,AZ$13)))","v":1000000000000},{"$f":"IF(OR($D81<>\"Serviço\",AND(AUTOEVENTO=\"Manual\",$M81=$A$15),$M81>(ROW(PLE.lastrow)-ROW(PLE.firstrow))),0,\n           IF(OFFSET(PLE!$G$15,$M81-$A$15,BA$13)=\"\",10^12,OFFSET(PLE!$G$15,$M81-$A$15,BA$13)))","v":1000000000000},{"$f":"IF(OR($D81<>\"Serviço\",AND(AUTOEVENTO=\"Manual\",$M81=$A$15),$M81>(ROW(PLE.lastrow)-ROW(PLE.firstrow))),0,\n           IF(OFFSET(PLE!$G$15,$M81-$A$15,BB$13)=\"\",10^12,OFFSET(PLE!$G$15,$M81-$A$15,BB$13)))","v":1000000000000},{"$f":"IF(OR($D81<>\"Serviço\",AND(AUTOEVENTO=\"Manual\",$M81=$A$15),$M81>(ROW(PLE.lastrow)-ROW(PLE.firstrow))),0,\n           IF(OFFSET(PLE!$G$15,$M81-$A$15,BC$13)=\"\",10^12,OFFSET(PLE!$G$15,$M81-$A$15,BC$13)))","v":1000000000000},{"$f":"IF(OR($D81<>\"Serviço\",AND(AUTOEVENTO=\"Manual\",$M81=$A$15),$M81>(ROW(PLE.lastrow)-ROW(PLE.firstrow))),0,\n           IF(OFFSET(PLE!$G$15,$M81-$A$15,BD$13)=\"\",10^12,OFFSET(PLE!$G$15,$M81-$A$15,BD$13)))","v":1000000000000},{"$f":"IF(OR($D81<>\"Serviço\",AND(AUTOEVENTO=\"Manual\",$M81=$A$15),$M81>(ROW(PLE.lastrow)-ROW(PLE.firstrow))),0,\n           IF(OFFSET(PLE!$G$15,$M81-$A$15,BE$13)=\"\",10^12,OFFSET(PLE!$G$15,$M81-$A$15,BE$13)))","v":1000000000000},{"$f":"IF(OR($D81<>\"Serviço\",AND(AUTOEVENTO=\"Manual\",$M81=$A$15),$M81>(ROW(PLE.lastrow)-ROW(PLE.firstrow))),0,\n           IF(OFFSET(PLE!$G$15,$M81-$A$15,BF$13)=\"\",10^12,OFFSET(PLE!$G$15,$M81-$A$15,BF$13)))","v":1000000000000},{"$f":"IF(OR($D81<>\"Serviço\",AND(AUTOEVENTO=\"Manual\",$M81=$A$15),$M81>(ROW(PLE.lastrow)-ROW(PLE.firstrow))),0,\n           IF(OFFSET(PLE!$G$15,$M81-$A$15,BG$13)=\"\",10^12,OFFSET(PLE!$G$15,$M81-$A$15,BG$13)))","v":1000000000000}]
[11,{"$f":"OFFSET(ORÇAMENTO!C$15,$L82,0)","v":"S"},{"$f":"OFFSET(ORÇAMENTO!L$15,$L82,0)","v":"F"},{"$f":"OFFSET(ORÇAMENTO!N$15,$L82,0)","v":"Serviço"},{"$f":"OFFSET(ORÇAMENTO!O$15,$L82,0)","v":"1.9.4."},{"$f":"OFFSET(ORÇAMENTO!R$15,$L82,0)","v":"LIXAMENTO MANUAL EM SUPERFÍCIES METÁLICAS EM OBRA. AF_01/2020"},{"$f":"IF($D82<>\"Serviço\",\"\",OFFSET(ORÇAMENTO!S$15,$L82,0))","v":"M2"},{"$f":"IF($D82<>\"Serviço\",0,IF(ACOMPANHAMENTO=\"BM\",ROUND(OFFSET(ORÇAMENTO!AJ$15,$L82,0),15-13*ORÇAMENTO!$AF$7),IF(IFERROR(CÁLCULO.FrentesPreenchidas,0)=0,0,SUM(ROUND(OFFSET($P82,0,1,1,CÁLCULO.FrentesPreenchidas),15-13*ORÇAMENTO!$AF$7)))))","v":175.68},"CORRIMÃO DAS LATERAIS 10,98*1,3*2",{"$f":"IF(OR(B82<>\"S\",CÁLCULO.FrentesPreenchidas=0),\"\",IF(AND(ACOMPANHAMENTO=\"PLE\",AUTOEVENTO=\"Manual\",OR(H82>0,ORÇAMENTO!AC82=\"QUANT.\"),OR(K82=\"\",M82=0,N82=\"\")),\"►E\",IF(AND(ACOMPANHAMENTO=\"PLE\",ORÇAMENTO!AC82=\"QUANT.\"),\"►Q\",IF(AND(ACOMPANHAMENTO=\"PLE\",H82<>SUMPRODUCT(($Q$1:$AA$1=1)*ROUND(Q82:AA82,15))),\"►S\",IF(AND(COUNTIF($P$11:$AA$11,\"▼\")=0,H82>0,I82=\"\"),\"◄M\",\"\")))))","v":""},"11.Pintura desuperfícies metálicas",67,{"$f":"IF($D82<>\"Serviço\",\"\",\n          IF(AUTOEVENTO=\"manual\",$A82,\n                IF(ISERROR(MATCH($A82,$A$15:OFFSET($A82,-1,0),0)),MAX($M$15:OFFSET(M82,-1,0))+1,\n                      INDEX($M$15:OFFSET(M82,-1,0),MATCH($A82,$A$15:OFFSET($A82,-1,0),0)))))","v":11},{"$f":"IF($D82<>\"Serviço\",\"\",\n         IF(AUTOEVENTO=\"Manual\",\n                IF($A82=0,\"<-- defina o número do agrupador\",\n                       OFFSET(EVENTOS!$D$15,$A82-$A$15,0)),\n                OFFSET($F$15,$A82,0)))","v":"Pintura de superfícies metálicas"},null,null,{"$f":"(10.98*4*2*2)/2","v":87.84},{"$f":"(10.98*4*2*2)/2","v":87.84},null,null,null,null,null,null,null,null,null,{"$f":"IF(AND($D82=\"Serviço\",AB$12<>0,$H82>0,OR(AUTOEVENTO<>\"manual\",$M82<>$A$15)),\n        IF(Import.TipoArredondamento<>\"TransfereGOV\",\n              ROUND(OFFSET($P82,0,AB$13),15-13*ORÇAMENTO!$AF$7)/$H82*OFFSET(ORÇAMENTO!$X$15,ROW(AB82)-ROW(AB$15),0),\n              ROUND(ROUND(OFFSET($P82,0,AB$13),15-13*ORÇAMENTO!$AF$7)*OFFSET(ORÇAMENTO!$W$15,ROW(AB82)-ROW(AB$15),0),15-13*ORÇAMENTO!$AF$11)),\n         0)","v":0},{"$f":"IF(AND($D82=\"Serviço\",AC$12<>0,$H82>0,OR(AUTOEVENTO<>\"manual\",$M82<>$A$15)),\n        IF(Import.TipoArredondamento<>\"TransfereGOV\",\n              ROUND(OFFSET($P82,0,AC$13),15-13*ORÇAMENTO!$AF$7)/$H82*OFFSET(ORÇAMENTO!$X$15,ROW(AC82)-ROW(AC$15),0),\n              ROUND(ROUND(OFFSET($P82,0,AC$13),15-13*ORÇAMENTO!$AF$7)*OFFSET(ORÇAMENTO!$W$15,ROW(AC82)-ROW(AC$15),0),15-13*ORÇAMENTO!$AF$11)),\n         0)","v":0},{"$f":"IF(AND($D82=\"Serviço\",AD$12<>0,$H82>0,OR(AUTOEVENTO<>\"manual\",$M82<>$A$15)),\n        IF(Import.TipoArredondamento<>\"TransfereGOV\",\n              ROUND(OFFSET($P82,0,AD$13),15-13*ORÇAMENTO!$AF$7)/$H82*OFFSET(ORÇAMENTO!$X$15,ROW(AD82)-ROW(AD$15),0),\n              ROUND(ROUND(OFFSET($P82,0,AD$13),15-13*ORÇAMENTO!$AF$7)*OFFSET(ORÇAMENTO!$W$15,ROW(AD82)-ROW(AD$15),0),15-13*ORÇAMENTO!$AF$11)),\n         0)","v":0},{"$f":"IF(AND($D82=\"Serviço\",AE$12<>0,$H82>0,OR(AUTOEVENTO<>\"manual\",$M82<>$A$15)),\n        IF(Import.TipoArredondamento<>\"TransfereGOV\",\n              ROUND(OFFSET($P82,0,AE$13),15-13*ORÇAMENTO!$AF$7)/$H82*OFFSET(ORÇAMENTO!$X$15,ROW(AE82)-ROW(AE$15),0),\n              ROUND(ROUND(OFFSET($P82,0,AE$13),15-13*ORÇAMENTO!$AF$7)*OFFSET(ORÇAMENTO!$W$15,ROW(AE82)-ROW(AE$15),0),15-13*ORÇAMENTO!$AF$11)),\n         0)","v":0},{"$f":"IF(AND($D82=\"Serviço\",AF$12<>0,$H82>0,OR(AUTOEVENTO<>\"manual\",$M82<>$A$15)),\n        IF(Import.TipoArredondamento<>\"TransfereGOV\",\n              ROUND(OFFSET($P82,0,AF$13),15-13*ORÇAMENTO!$AF$7)/$H82*OFFSET(ORÇAMENTO!$X$15,ROW(AF82)-ROW(AF$15),0),\n              ROUND(ROUND(OFFSET($P82,0,AF$13),15-13*ORÇAMENTO!$AF$7)*OFFSET(ORÇAMENTO!$W$15,ROW(AF82)-ROW(AF$15),0),15-13*ORÇAMENTO!$AF$11)),\n         0)","v":0},{"$f":"IF(AND($D82=\"Serviço\",AG$12<>0,$H82>0,OR(AUTOEVENTO<>\"manual\",$M82<>$A$15)),\n        IF(Import.TipoArredondamento<>\"TransfereGOV\",\n              ROUND(OFFSET($P82,0,AG$13),15-13*ORÇAMENTO!$AF$7)/$H82*OFFSET(ORÇAMENTO!$X$15,ROW(AG82)-ROW(AG$15),0),\n              ROUND(ROUND(OFFSET($P82,0,AG$13),15-13*ORÇAMENTO!$AF$7)*OFFSET(ORÇAMENTO!$W$15,ROW(AG82)-ROW(AG$15),0),15-13*ORÇAMENTO!$AF$11)),\n         0)","v":0},{"$f":"IF(AND($D82=\"Serviço\",AH$12<>0,$H82>0,OR(AUTOEVENTO<>\"manual\",$M82<>$A$15)),\n        IF(Import.TipoArredondamento<>\"TransfereGOV\",\n              ROUND(OFFSET($P82,0,AH$13),15-13*ORÇAMENTO!$AF$7)/$H82*OFFSET(ORÇAMENTO!$X$15,ROW(AH82)-ROW(AH$15),0),\n              ROUND(ROUND(OFFSET($P82,0,AH$13),15-13*ORÇAMENTO!$AF$7)*OFFSET(ORÇAMENTO!$W$15,ROW(AH82)-ROW(AH$15),0),15-13*ORÇAMENTO!$AF$11)),\n         0)","v":0},{"$f":"IF(AND($D82=\"Serviço\",AI$12<>0,$H82>0,OR(AUTOEVENTO<>\"manual\",$M82<>$A$15)),\n        IF(Import.TipoArredondamento<>\"TransfereGOV\",\n              ROUND(OFFSET($P82,0,AI$13),15-13*ORÇAMENTO!$AF$7)/$H82*OFFSET(ORÇAMENTO!$X$15,ROW(AI82)-ROW(AI$15),0),\n              ROUND(ROUND(OFFSET($P82,0,AI$13),15-13*ORÇAMENTO!$AF$7)*OFFSET(ORÇAMENTO!$W$15,ROW(AI82)-ROW(AI$15),0),15-13*ORÇAMENTO!$AF$11)),\n         0)","v":0},{"$f":"IF(AND($D82=\"Serviço\",AJ$12<>0,$H82>0,OR(AUTOEVENTO<>\"manual\",$M82<>$A$15)),\n        IF(Import.TipoArredondamento<>\"TransfereGOV\",\n              ROUND(OFFSET($P82,0,AJ$13),15-13*ORÇAMENTO!$AF$7)/$H82*OFFSET(ORÇAMENTO!$X$15,ROW(AJ82)-ROW(AJ$15),0),\n              ROUND(ROUND(OFFSET($P82,0,AJ$13),15-13*ORÇAMENTO!$AF$7)*OFFSET(ORÇAMENTO!$W$15,ROW(AJ82)-ROW(AJ$15),0),15-13*ORÇAMENTO!$AF$11)),\n         0)","v":0},{"$f":"IF(AND($D82=\"Serviço\",AK$12<>0,$H82>0,OR(AUTOEVENTO<>\"manual\",$M82<>$A$15)),\n        IF(Import.TipoArredondamento<>\"TransfereGOV\",\n              ROUND(OFFSET($P82,0,AK$13),15-13*ORÇAMENTO!$AF$7)/$H82*OFFSET(ORÇAMENTO!$X$15,ROW(AK82)-ROW(AK$15),0),\n              ROUND(ROUND(OFFSET($P82,0,AK$13),15-13*ORÇAMENTO!$AF$7)*OFFSET(ORÇAMENTO!$W$15,ROW(AK82)-ROW(AK$15),0),15-13*ORÇAMENTO!$AF$11)),\n         0)","v":0},null,{"$f":"IF(OR($D82<>\"Serviço\",AND(AUTOEVENTO=\"Manual\",$M82=$A$15)),0,\n         IF(OFFSET(CRONOPLE!$F$15,$M82-$A$15,AM$13)=0,10^12,OFFSET(CRONOPLE!$F$15,$M82-$A$15,AM$13)))","v":5},{"$f":"IF(OR($D82<>\"Serviço\",AND(AUTOEVENTO=\"Manual\",$M82=$A$15)),0,\n         IF(OFFSET(CRONOPLE!$F$15,$M82-$A$15,AN$13)=0,10^12,OFFSET(CRONOPLE!$F$15,$M82-$A$15,AN$13)))","v":6},{"$f":"IF(OR($D82<>\"Serviço\",AND(AUTOEVENTO=\"Manual\",$M82=$A$15)),0,\n         IF(OFFSET(CRONOPLE!$F$15,$M82-$A$15,AO$13)=0,10^12,OFFSET(CRONOPLE!$F$15,$M82-$A$15,AO$13)))","v":1000000000000},{"$f":"IF(OR($D82<>\"Serviço\",AND(AUTOEVENTO=\"Manual\",$M82=$A$15)),0,\n         IF(OFFSET(CRONOPLE!$F$15,$M82-$A$15,AP$13)=0,10^12,OFFSET(CRONOPLE!$F$15,$M82-$A$15,AP$13)))","v":1000000000000},{"$f":"IF(OR($D82<>\"Serviço\",AND(AUTOEVENTO=\"Manual\",$M82=$A$15)),0,\n         IF(OFFSET(CRONOPLE!$F$15,$M82-$A$15,AQ$13)=0,10^12,OFFSET(CRONOPLE!$F$15,$M82-$A$15,AQ$13)))","v":1000000000000},{"$f":"IF(OR($D82<>\"Serviço\",AND(AUTOEVENTO=\"Manual\",$M82=$A$15)),0,\n         IF(OFFSET(CRONOPLE!$F$15,$M82-$A$15,AR$13)=0,10^12,OFFSET(CRONOPLE!$F$15,$M82-$A$15,AR$13)))","v":1000000000000},{"$f":"IF(OR($D82<>\"Serviço\",AND(AUTOEVENTO=\"Manual\",$M82=$A$15)),0,\n         IF(OFFSET(CRONOPLE!$F$15,$M82-$A$15,AS$13)=0,10^12,OFFSET(CRONOPLE!$F$15,$M82-$A$15,AS$13)))","v":1000000000000},{"$f":"IF(OR($D82<>\"Serviço\",AND(AUTOEVENTO=\"Manual\",$M82=$A$15)),0,\n         IF(OFFSET(CRONOPLE!$F$15,$M82-$A$15,AT$13)=0,10^12,OFFSET(CRONOPLE!$F$15,$M82-$A$15,AT$13)))","v":1000000000000},{"$f":"IF(OR($D82<>\"Serviço\",AND(AUTOEVENTO=\"Manual\",$M82=$A$15)),0,\n         IF(OFFSET(CRONOPLE!$F$15,$M82-$A$15,AU$13)=0,10^12,OFFSET(CRONOPLE!$F$15,$M82-$A$15,AU$13)))","v":1000000000000},{"$f":"IF(OR($D82<>\"Serviço\",AND(AUTOEVENTO=\"Manual\",$M82=$A$15)),0,\n         IF(OFFSET(CRONOPLE!$F$15,$M82-$A$15,AV$13)=0,10^12,OFFSET(CRONOPLE!$F$15,$M82-$A$15,AV$13)))","v":1000000000000},null,{"$f":"IF(OR($D82<>\"Serviço\",AND(AUTOEVENTO=\"Manual\",$M82=$A$15),$M82>(ROW(PLE.lastrow)-ROW(PLE.firstrow))),0,\n           IF(OFFSET(PLE!$G$15,$M82-$A$15,AX$13)=\"\",10^12,OFFSET(PLE!$G$15,$M82-$A$15,AX$13)))","v":1000000000000},{"$f":"IF(OR($D82<>\"Serviço\",AND(AUTOEVENTO=\"Manual\",$M82=$A$15),$M82>(ROW(PLE.lastrow)-ROW(PLE.firstrow))),0,\n           IF(OFFSET(PLE!$G$15,$M82-$A$15,AY$13)=\"\",10^12,OFFSET(PLE!$G$15,$M82-$A$15,AY$13)))","v":1000000000000},{"$f":"IF(OR($D82<>\"Serviço\",AND(AUTOEVENTO=\"Manual\",$M82=$A$15),$M82>(ROW(PLE.lastrow)-ROW(PLE.firstrow))),0,\n           IF(OFFSET(PLE!$G$15,$M82-$A$15,AZ$13)=\"\",10^12,OFFSET(PLE!$G$15,$M82-$A$15,AZ$13)))","v":1000000000000},{"$f":"IF(OR($D82<>\"Serviço\",AND(AUTOEVENTO=\"Manual\",$M82=$A$15),$M82>(ROW(PLE.lastrow)-ROW(PLE.firstrow))),0,\n           IF(OFFSET(PLE!$G$15,$M82-$A$15,BA$13)=\"\",10^12,OFFSET(PLE!$G$15,$M82-$A$15,BA$13)))","v":1000000000000},{"$f":"IF(OR($D82<>\"Serviço\",AND(AUTOEVENTO=\"Manual\",$M82=$A$15),$M82>(ROW(PLE.lastrow)-ROW(PLE.firstrow))),0,\n           IF(OFFSET(PLE!$G$15,$M82-$A$15,BB$13)=\"\",10^12,OFFSET(PLE!$G$15,$M82-$A$15,BB$13)))","v":1000000000000},{"$f":"IF(OR($D82<>\"Serviço\",AND(AUTOEVENTO=\"Manual\",$M82=$A$15),$M82>(ROW(PLE.lastrow)-ROW(PLE.firstrow))),0,\n           IF(OFFSET(PLE!$G$15,$M82-$A$15,BC$13)=\"\",10^12,OFFSET(PLE!$G$15,$M82-$A$15,BC$13)))","v":1000000000000},{"$f":"IF(OR($D82<>\"Serviço\",AND(AUTOEVENTO=\"Manual\",$M82=$A$15),$M82>(ROW(PLE.lastrow)-ROW(PLE.firstrow))),0,\n           IF(OFFSET(PLE!$G$15,$M82-$A$15,BD$13)=\"\",10^12,OFFSET(PLE!$G$15,$M82-$A$15,BD$13)))","v":1000000000000},{"$f":"IF(OR($D82<>\"Serviço\",AND(AUTOEVENTO=\"Manual\",$M82=$A$15),$M82>(ROW(PLE.lastrow)-ROW(PLE.firstrow))),0,\n           IF(OFFSET(PLE!$G$15,$M82-$A$15,BE$13)=\"\",10^12,OFFSET(PLE!$G$15,$M82-$A$15,BE$13)))","v":1000000000000},{"$f":"IF(OR($D82<>\"Serviço\",AND(AUTOEVENTO=\"Manual\",$M82=$A$15),$M82>(ROW(PLE.lastrow)-ROW(PLE.firstrow))),0,\n           IF(OFFSET(PLE!$G$15,$M82-$A$15,BF$13)=\"\",10^12,OFFSET(PLE!$G$15,$M82-$A$15,BF$13)))","v":1000000000000},{"$f":"IF(OR($D82<>\"Serviço\",AND(AUTOEVENTO=\"Manual\",$M82=$A$15),$M82>(ROW(PLE.lastrow)-ROW(PLE.firstrow))),0,\n           IF(OFFSET(PLE!$G$15,$M82-$A$15,BG$13)=\"\",10^12,OFFSET(PLE!$G$15,$M82-$A$15,BG$13)))","v":1000000000000}]
[12,{"$f":"OFFSET(ORÇAMENTO!C$15,$L83,0)","v":"S"},{"$f":"OFFSET(ORÇAMENTO!L$15,$L83,0)","v":"F"},{"$f":"OFFSET(ORÇAMENTO!N$15,$L83,0)","v":"Serviço"},{"$f":"OFFSET(ORÇAMENTO!O$15,$L83,0)","v":"1.9.5."},{"$f":"OFFSET(ORÇAMENTO!R$15,$L83,0)","v":"PINTURA COM TINTA ALQUÍDICA DE FUNDO E ACABAMENTO (ESMALTE SINTÉTICO GRAFITE) PULVERIZADA SOBRE SUPERFÍCIES METÁLICAS (EXCETO PERFIL) EXECUTADO EM OBRA (POR DEMÃO). AF_01/2020_PE"},{"$f":"IF($D83<>\"Serviço\",\"\",OFFSET(ORÇAMENTO!S$15,$L83,0))","v":"M2"},{"$f":"IF($D83<>\"Serviço\",0,IF(ACOMPANHAMENTO=\"BM\",ROUND(OFFSET(ORÇAMENTO!AJ$15,$L83,0),15-13*ORÇAMENTO!$AF$7),IF(IFERROR(CÁLCULO.FrentesPreenchidas,0)=0,0,SUM(ROUND(OFFSET($P83,0,1,1,CÁLCULO.FrentesPreenchidas),15-13*ORÇAMENTO!$AF$7)))))","v":220.19},"0,96 M²/M \n(CORRIMÃO SIMPLES ARQUIBANCADA - 24M) + (GUARDA CORPO ÁREA ACESSIVEL - 6,60M) + (CABINES 6,00M +4,99M) + (ROTA ACESSÍVEL 56,38M+56,38M+20,51M+20,51M)\n(GUARDA CORPO EXISTENTE ARQUIBANCADA - 10,80M + 10,80M)\n(ESCADA CABINES - 5,00 X 1,05 X 2",{"$f":"IF(OR(B83<>\"S\",CÁLCULO.FrentesPreenchidas=0),\"\",IF(AND(ACOMPANHAMENTO=\"PLE\",AUTOEVENTO=\"Manual\",OR(H83>0,ORÇAMENTO!AC83=\"QUANT.\"),OR(K83=\"\",M83=0,N83=\"\")),\"►E\",IF(AND(ACOMPANHAMENTO=\"PLE\",ORÇAMENTO!AC83=\"QUANT.\"),\"►Q\",IF(AND(ACOMPANHAMENTO=\"PLE\",H83<>SUMPRODUCT(($Q$1:$AA$1=1)*ROUND(Q83:AA83,15))),\"►S\",IF(AND(COUNTIF($P$11:$AA$11,\"▼\")=0,H83>0,I83=\"\"),\"◄M\",\"\")))))","v":""},"12.Pintura desuperfícies metálicas",68,{"$f":"IF($D83<>\"Serviço\",\"\",\n          IF(AUTOEVENTO=\"manual\",$A83,\n                IF(ISERROR(MATCH($A83,$A$15:OFFSET($A83,-1,0),0)),MAX($M$15:OFFSET(M83,-1,0))+1,\n                      INDEX($M$15:OFFSET(M83,-1,0),MATCH($A83,$A$15:OFFSET($A83,-1,0),0)))))","v":12},{"$f":"IF($D83<>\"Serviço\",\"\",\n         IF(AUTOEVENTO=\"Manual\",\n                IF($A83=0,\"<-- defina o número do agrupador\",\n                       OFFSET(EVENTOS!$D$15,$A83-$A$15,0)),\n                OFFSET($F$15,$A83,0)))","v":"Instalações elétricas iniciais"},null,null,{"$f":"(((24+6.6+6+4.99+56.38*2+20.51*2+10.8*2)*0.92)+(5*1.05*2)+(0.8*2.1*3*2))/2","v":110.09620000000002},{"$f":"(((24+6.6+6+4.99+56.38*2+20.51*2+10.8*2)*0.92)+(5*1.05*2)+(0.8*2.1*3*2))/2","v":110.09620000000002},null,null,null,null,null,null,null,null,null,{"$f":"IF(AND($D83=\"Serviço\",AB$12<>0,$H83>0,OR(AUTOEVENTO<>\"manual\",$M83<>$A$15)),\n        IF(Import.TipoArredondamento<>\"TransfereGOV\",\n              ROUND(OFFSET($P83,0,AB$13),15-13*ORÇAMENTO!$AF$7)/$H83*OFFSET(ORÇAMENTO!$X$15,ROW(AB83)-ROW(AB$15),0),\n              ROUND(ROUND(OFFSET($P83,0,AB$13),15-13*ORÇAMENTO!$AF$7)*OFFSET(ORÇAMENTO!$W$15,ROW(AB83)-ROW(AB$15),0),15-13*ORÇAMENTO!$AF$11)),\n         0)","v":0},{"$f":"IF(AND($D83=\"Serviço\",AC$12<>0,$H83>0,OR(AUTOEVENTO<>\"manual\",$M83<>$A$15)),\n        IF(Import.TipoArredondamento<>\"TransfereGOV\",\n              ROUND(OFFSET($P83,0,AC$13),15-13*ORÇAMENTO!$AF$7)/$H83*OFFSET(ORÇAMENTO!$X$15,ROW(AC83)-ROW(AC$15),0),\n              ROUND(ROUND(OFFSET($P83,0,AC$13),15-13*ORÇAMENTO!$AF$7)*OFFSET(ORÇAMENTO!$W$15,ROW(AC83)-ROW(AC$15),0),15-13*ORÇAMENTO!$AF$11)),\n         0)","v":0},{"$f":"IF(AND($D83=\"Serviço\",AD$12<>0,$H83>0,OR(AUTOEVENTO<>\"manual\",$M83<>$A$15)),\n        IF(Import.TipoArredondamento<>\"TransfereGOV\",\n              ROUND(OFFSET($P83,0,AD$13),15-13*ORÇAMENTO!$AF$7)/$H83*OFFSET(ORÇAMENTO!$X$15,ROW(AD83)-ROW(AD$15),0),\n              ROUND(ROUND(OFFSET($P83,0,AD$13),15-13*ORÇAMENTO!$AF$7)*OFFSET(ORÇAMENTO!$W$15,ROW(AD83)-ROW(AD$15),0),15-13*ORÇAMENTO!$AF$11)),\n         0)","v":0},{"$f":"IF(AND($D83=\"Serviço\",AE$12<>0,$H83>0,OR(AUTOEVENTO<>\"manual\",$M83<>$A$15)),\n        IF(Import.TipoArredondamento<>\"TransfereGOV\",\n              ROUND(OFFSET($P83,0,AE$13),15-13*ORÇAMENTO!$AF$7)/$H83*OFFSET(ORÇAMENTO!$X$15,ROW(AE83)-ROW(AE$15),0),\n              ROUND(ROUND(OFFSET($P83,0,AE$13),15-13*ORÇAMENTO!$AF$7)*OFFSET(ORÇAMENTO!$W$15,ROW(AE83)-ROW(AE$15),0),15-13*ORÇAMENTO!$AF$11)),\n         0)","v":0},{"$f":"IF(AND($D83=\"Serviço\",AF$12<>0,$H83>0,OR(AUTOEVENTO<>\"manual\",$M83<>$A$15)),\n        IF(Import.TipoArredondamento<>\"TransfereGOV\",\n              ROUND(OFFSET($P83,0,AF$13),15-13*ORÇAMENTO!$AF$7)/$H83*OFFSET(ORÇAMENTO!$X$15,ROW(AF83)-ROW(AF$15),0),\n              ROUND(ROUND(OFFSET($P83,0,AF$13),15-13*ORÇAMENTO!$AF$7)*OFFSET(ORÇAMENTO!$W$15,ROW(AF83)-ROW(AF$15),0),15-13*ORÇAMENTO!$AF$11)),\n         0)","v":0},{"$f":"IF(AND($D83=\"Serviço\",AG$12<>0,$H83>0,OR(AUTOEVENTO<>\"manual\",$M83<>$A$15)),\n        IF(Import.TipoArredondamento<>\"TransfereGOV\",\n              ROUND(OFFSET($P83,0,AG$13),15-13*ORÇAMENTO!$AF$7)/$H83*OFFSET(ORÇAMENTO!$X$15,ROW(AG83)-ROW(AG$15),0),\n              ROUND(ROUND(OFFSET($P83,0,AG$13),15-13*ORÇAMENTO!$AF$7)*OFFSET(ORÇAMENTO!$W$15,ROW(AG83)-ROW(AG$15),0),15-13*ORÇAMENTO!$AF$11)),\n         0)","v":0},{"$f":"IF(AND($D83=\"Serviço\",AH$12<>0,$H83>0,OR(AUTOEVENTO<>\"manual\",$M83<>$A$15)),\n        IF(Import.TipoArredondamento<>\"TransfereGOV\",\n              ROUND(OFFSET($P83,0,AH$13),15-13*ORÇAMENTO!$AF$7)/$H83*OFFSET(ORÇAMENTO!$X$15,ROW(AH83)-ROW(AH$15),0),\n              ROUND(ROUND(OFFSET($P83,0,AH$13),15-13*ORÇAMENTO!$AF$7)*OFFSET(ORÇAMENTO!$W$15,ROW(AH83)-ROW(AH$15),0),15-13*ORÇAMENTO!$AF$11)),\n         0)","v":0},{"$f":"IF(AND($D83=\"Serviço\",AI$12<>0,$H83>0,OR(AUTOEVENTO<>\"manual\",$M83<>$A$15)),\n        IF(Import.TipoArredondamento<>\"TransfereGOV\",\n              ROUND(OFFSET($P83,0,AI$13),15-13*ORÇAMENTO!$AF$7)/$H83*OFFSET(ORÇAMENTO!$X$15,ROW(AI83)-ROW(AI$15),0),\n              ROUND(ROUND(OFFSET($P83,0,AI$13),15-13*ORÇAMENTO!$AF$7)*OFFSET(ORÇAMENTO!$W$15,ROW(AI83)-ROW(AI$15),0),15-13*ORÇAMENTO!$AF$11)),\n         0)","v":0},{"$f":"IF(AND($D83=\"Serviço\",AJ$12<>0,$H83>0,OR(AUTOEVENTO<>\"manual\",$M83<>$A$15)),\n        IF(Import.TipoArredondamento<>\"TransfereGOV\",\n              ROUND(OFFSET($P83,0,AJ$13),15-13*ORÇAMENTO!$AF$7)/$H83*OFFSET(ORÇAMENTO!$X$15,ROW(AJ83)-ROW(AJ$15),0),\n              ROUND(ROUND(OFFSET($P83,0,AJ$13),15-13*ORÇAMENTO!$AF$7)*OFFSET(ORÇAMENTO!$W$15,ROW(AJ83)-ROW(AJ$15),0),15-13*ORÇAMENTO!$AF$11)),\n         0)","v":0},{"$f":"IF(AND($D83=\"Serviço\",AK$12<>0,$H83>0,OR(AUTOEVENTO<>\"manual\",$M83<>$A$15)),\n        IF(Import.TipoArredondamento<>\"TransfereGOV\",\n              ROUND(OFFSET($P83,0,AK$13),15-13*ORÇAMENTO!$AF$7)/$H83*OFFSET(ORÇAMENTO!$X$15,ROW(AK83)-ROW(AK$15),0),\n              ROUND(ROUND(OFFSET($P83,0,AK$13),15-13*ORÇAMENTO!$AF$7)*OFFSET(ORÇAMENTO!$W$15,ROW(AK83)-ROW(AK$15),0),15-13*ORÇAMENTO!$AF$11)),\n         0)","v":0},null,{"$f":"IF(OR($D83<>\"Serviço\",AND(AUTOEVENTO=\"Manual\",$M83=$A$15)),0,\n         IF(OFFSET(CRONOPLE!$F$15,$M83-$A$15,AM$13)=0,10^12,OFFSET(CRONOPLE!$F$15,$M83-$A$15,AM$13)))","v":3},{"$f":"IF(OR($D83<>\"Serviço\",AND(AUTOEVENTO=\"Manual\",$M83=$A$15)),0,\n         IF(OFFSET(CRONOPLE!$F$15,$M83-$A$15,AN$13)=0,10^12,OFFSET(CRONOPLE!$F$15,$M83-$A$15,AN$13)))","v":3},{"$f":"IF(OR($D83<>\"Serviço\",AND(AUTOEVENTO=\"Manual\",$M83=$A$15)),0,\n         IF(OFFSET(CRONOPLE!$F$15,$M83-$A$15,AO$13)=0,10^12,OFFSET(CRONOPLE!$F$15,$M83-$A$15,AO$13)))","v":1000000000000},{"$f":"IF(OR($D83<>\"Serviço\",AND(AUTOEVENTO=\"Manual\",$M83=$A$15)),0,\n         IF(OFFSET(CRONOPLE!$F$15,$M83-$A$15,AP$13)=0,10^12,OFFSET(CRONOPLE!$F$15,$M83-$A$15,AP$13)))","v":4},{"$f":"IF(OR($D83<>\"Serviço\",AND(AUTOEVENTO=\"Manual\",$M83=$A$15)),0,\n         IF(OFFSET(CRONOPLE!$F$15,$M83-$A$15,AQ$13)=0,10^12,OFFSET(CRONOPLE!$F$15,$M83-$A$15,AQ$13)))","v":1000000000000},{"$f":"IF(OR($D83<>\"Serviço\",AND(AUTOEVENTO=\"Manual\",$M83=$A$15)),0,\n         IF(OFFSET(CRONOPLE!$F$15,$M83-$A$15,AR$13)=0,10^12,OFFSET(CRONOPLE!$F$15,$M83-$A$15,AR$13)))","v":1000000000000},{"$f":"IF(OR($D83<>\"Serviço\",AND(AUTOEVENTO=\"Manual\",$M83=$A$15)),0,\n         IF(OFFSET(CRONOPLE!$F$15,$M83-$A$15,AS$13)=0,10^12,OFFSET(CRONOPLE!$F$15,$M83-$A$15,AS$13)))","v":1000000000000},{"$f":"IF(OR($D83<>\"Serviço\",AND(AUTOEVENTO=\"Manual\",$M83=$A$15)),0,\n         IF(OFFSET(CRONOPLE!$F$15,$M83-$A$15,AT$13)=0,10^12,OFFSET(CRONOPLE!$F$15,$M83-$A$15,AT$13)))","v":1000000000000},{"$f":"IF(OR($D83<>\"Serviço\",AND(AUTOEVENTO=\"Manual\",$M83=$A$15)),0,\n         IF(OFFSET(CRONOPLE!$F$15,$M83-$A$15,AU$13)=0,10^12,OFFSET(CRONOPLE!$F$15,$M83-$A$15,AU$13)))","v":1000000000000},{"$f":"IF(OR($D83<>\"Serviço\",AND(AUTOEVENTO=\"Manual\",$M83=$A$15)),0,\n         IF(OFFSET(CRONOPLE!$F$15,$M83-$A$15,AV$13)=0,10^12,OFFSET(CRONOPLE!$F$15,$M83-$A$15,AV$13)))","v":1000000000000},null,{"$f":"IF(OR($D83<>\"Serviço\",AND(AUTOEVENTO=\"Manual\",$M83=$A$15),$M83>(ROW(PLE.lastrow)-ROW(PLE.firstrow))),0,\n           IF(OFFSET(PLE!$G$15,$M83-$A$15,AX$13)=\"\",10^12,OFFSET(PLE!$G$15,$M83-$A$15,AX$13)))","v":6},{"$f":"IF(OR($D83<>\"Serviço\",AND(AUTOEVENTO=\"Manual\",$M83=$A$15),$M83>(ROW(PLE.lastrow)-ROW(PLE.firstrow))),0,\n           IF(OFFSET(PLE!$G$15,$M83-$A$15,AY$13)=\"\",10^12,OFFSET(PLE!$G$15,$M83-$A$15,AY$13)))","v":7},{"$f":"IF(OR($D83<>\"Serviço\",AND(AUTOEVENTO=\"Manual\",$M83=$A$15),$M83>(ROW(PLE.lastrow)-ROW(PLE.firstrow))),0,\n           IF(OFFSET(PLE!$G$15,$M83-$A$15,AZ$13)=\"\",10^12,OFFSET(PLE!$G$15,$M83-$A$15,AZ$13)))","v":1000000000000},{"$f":"IF(OR($D83<>\"Serviço\",AND(AUTOEVENTO=\"Manual\",$M83=$A$15),$M83>(ROW(PLE.lastrow)-ROW(PLE.firstrow))),0,\n           IF(OFFSET(PLE!$G$15,$M83-$A$15,BA$13)=\"\",10^12,OFFSET(PLE!$G$15,$M83-$A$15,BA$13)))","v":1000000000000},{"$f":"IF(OR($D83<>\"Serviço\",AND(AUTOEVENTO=\"Manual\",$M83=$A$15),$M83>(ROW(PLE.lastrow)-ROW(PLE.firstrow))),0,\n           IF(OFFSET(PLE!$G$15,$M83-$A$15,BB$13)=\"\",10^12,OFFSET(PLE!$G$15,$M83-$A$15,BB$13)))","v":1000000000000},{"$f":"IF(OR($D83<>\"Serviço\",AND(AUTOEVENTO=\"Manual\",$M83=$A$15),$M83>(ROW(PLE.lastrow)-ROW(PLE.firstrow))),0,\n           IF(OFFSET(PLE!$G$15,$M83-$A$15,BC$13)=\"\",10^12,OFFSET(PLE!$G$15,$M83-$A$15,BC$13)))","v":1000000000000},{"$f":"IF(OR($D83<>\"Serviço\",AND(AUTOEVENTO=\"Manual\",$M83=$A$15),$M83>(ROW(PLE.lastrow)-ROW(PLE.firstrow))),0,\n           IF(OFFSET(PLE!$G$15,$M83-$A$15,BD$13)=\"\",10^12,OFFSET(PLE!$G$15,$M83-$A$15,BD$13)))","v":1000000000000},{"$f":"IF(OR($D83<>\"Serviço\",AND(AUTOEVENTO=\"Manual\",$M83=$A$15),$M83>(ROW(PLE.lastrow)-ROW(PLE.firstrow))),0,\n           IF(OFFSET(PLE!$G$15,$M83-$A$15,BE$13)=\"\",10^12,OFFSET(PLE!$G$15,$M83-$A$15,BE$13)))","v":1000000000000},{"$f":"IF(OR($D83<>\"Serviço\",AND(AUTOEVENTO=\"Manual\",$M83=$A$15),$M83>(ROW(PLE.lastrow)-ROW(PLE.firstrow))),0,\n           IF(OFFSET(PLE!$G$15,$M83-$A$15,BF$13)=\"\",10^12,OFFSET(PLE!$G$15,$M83-$A$15,BF$13)))","v":1000000000000},{"$f":"IF(OR($D83<>\"Serviço\",AND(AUTOEVENTO=\"Manual\",$M83=$A$15),$M83>(ROW(PLE.lastrow)-ROW(PLE.firstrow))),0,\n           IF(OFFSET(PLE!$G$15,$M83-$A$15,BG$13)=\"\",10^12,OFFSET(PLE!$G$15,$M83-$A$15,BG$13)))","v":1000000000000}]
[12,{"$f":"OFFSET(ORÇAMENTO!C$15,$L84,0)","v":"S"},{"$f":"OFFSET(ORÇAMENTO!L$15,$L84,0)","v":"F"},{"$f":"OFFSET(ORÇAMENTO!N$15,$L84,0)","v":"Serviço"},{"$f":"OFFSET(ORÇAMENTO!O$15,$L84,0)","v":"1.9.6."},{"$f":"OFFSET(ORÇAMENTO!R$15,$L84,0)","v":"PINTURA COM TINTA EPOXÍDICA DE ACABAMENTO PULVERIZADA SOBRE PERFIL METÁLICO EXECUTADO EM FÁBRICA (02 DEMÃOS). AF_01/2020_PE"},{"$f":"IF($D84<>\"Serviço\",\"\",OFFSET(ORÇAMENTO!S$15,$L84,0))","v":"M2"},{"$f":"IF($D84<>\"Serviço\",0,IF(ACOMPANHAMENTO=\"BM\",ROUND(OFFSET(ORÇAMENTO!AJ$15,$L84,0),15-13*ORÇAMENTO!$AF$7),IF(IFERROR(CÁLCULO.FrentesPreenchidas,0)=0,0,SUM(ROUND(OFFSET($P84,0,1,1,CÁLCULO.FrentesPreenchidas),15-13*ORÇAMENTO!$AF$7)))))","v":447.15},"PILARES METÁLICOS (4,54*1,90*10UND=86,26M²)+TESOURAS(10,24*(1,03+0,50)*10UND=156,67M²)+TRAMA(58,35*0,35*10UND=204,22M²)",{"$f":"IF(OR(B84<>\"S\",CÁLCULO.FrentesPreenchidas=0),\"\",IF(AND(ACOMPANHAMENTO=\"PLE\",AUTOEVENTO=\"Manual\",OR(H84>0,ORÇAMENTO!AC84=\"QUANT.\"),OR(K84=\"\",M84=0,N84=\"\")),\"►E\",IF(AND(ACOMPANHAMENTO=\"PLE\",ORÇAMENTO!AC84=\"QUANT.\"),\"►Q\",IF(AND(ACOMPANHAMENTO=\"PLE\",H84<>SUMPRODUCT(($Q$1:$AA$1=1)*ROUND(Q84:AA84,15))),\"►S\",IF(AND(COUNTIF($P$11:$AA$11,\"▼\")=0,H84>0,I84=\"\"),\"◄M\",\"\")))))","v":""},"12.Pintura de superfícies metálicas",69,{"$f":"IF($D84<>\"Serviço\",\"\",\n          IF(AUTOEVENTO=\"manual\",$A84,\n                IF(ISERROR(MATCH($A84,$A$15:OFFSET($A84,-1,0),0)),MAX($M$15:OFFSET(M84,-1,0))+1,\n                      INDEX($M$15:OFFSET(M84,-1,0),MATCH($A84,$A$15:OFFSET($A84,-1,0),0)))))","v":12},{"$f":"IF($D84<>\"Serviço\",\"\",\n         IF(AUTOEVENTO=\"Manual\",\n                IF($A84=0,\"<-- defina o número do agrupador\",\n                       OFFSET(EVENTOS!$D$15,$A84-$A$15,0)),\n                OFFSET($F$15,$A84,0)))","v":"Instalações elétricas iniciais"},null,null,{"$f":"(86.26+156.67+204.22)/2","v":223.57499999999999},{"$f":"(86.26+156.67+204.22)/2","v":223.57499999999999},null,null,null,null,null,null,null,null,null,{"$f":"IF(AND($D84=\"Serviço\",AB$12<>0,$H84>0,OR(AUTOEVENTO<>\"manual\",$M84<>$A$15)),\n        IF(Import.TipoArredondamento<>\"TransfereGOV\",\n              ROUND(OFFSET($P84,0,AB$13),15-13*ORÇAMENTO!$AF$7)/$H84*OFFSET(ORÇAMENTO!$X$15,ROW(AB84)-ROW(AB$15),0),\n              ROUND(ROUND(OFFSET($P84,0,AB$13),15-13*ORÇAMENTO!$AF$7)*OFFSET(ORÇAMENTO!$W$15,ROW(AB84)-ROW(AB$15),0),15-13*ORÇAMENTO!$AF$11)),\n         0)","v":0},{"$f":"IF(AND($D84=\"Serviço\",AC$12<>0,$H84>0,OR(AUTOEVENTO<>\"manual\",$M84<>$A$15)),\n        IF(Import.TipoArredondamento<>\"TransfereGOV\",\n              ROUND(OFFSET($P84,0,AC$13),15-13*ORÇAMENTO!$AF$7)/$H84*OFFSET(ORÇAMENTO!$X$15,ROW(AC84)-ROW(AC$15),0),\n              ROUND(ROUND(OFFSET($P84,0,AC$13),15-13*ORÇAMENTO!$AF$7)*OFFSET(ORÇAMENTO!$W$15,ROW(AC84)-ROW(AC$15),0),15-13*ORÇAMENTO!$AF$11)),\n         0)","v":0},{"$f":"IF(AND($D84=\"Serviço\",AD$12<>0,$H84>0,OR(AUTOEVENTO<>\"manual\",$M84<>$A$15)),\n        IF(Import.TipoArredondamento<>\"TransfereGOV\",\n              ROUND(OFFSET($P84,0,AD$13),15-13*ORÇAMENTO!$AF$7)/$H84*OFFSET(ORÇAMENTO!$X$15,ROW(AD84)-ROW(AD$15),0),\n              ROUND(ROUND(OFFSET($P84,0,AD$13),15-13*ORÇAMENTO!$AF$7)*OFFSET(ORÇAMENTO!$W$15,ROW(AD84)-ROW(AD$15),0),15-13*ORÇAMENTO!$AF$11)),\n         0)","v":0},{"$f":"IF(AND($D84=\"Serviço\",AE$12<>0,$H84>0,OR(AUTOEVENTO<>\"manual\",$M84<>$A$15)),\n        IF(Import.TipoArredondamento<>\"TransfereGOV\",\n              ROUND(OFFSET($P84,0,AE$13),15-13*ORÇAMENTO!$AF$7)/$H84*OFFSET(ORÇAMENTO!$X$15,ROW(AE84)-ROW(AE$15),0),\n              ROUND(ROUND(OFFSET($P84,0,AE$13),15-13*ORÇAMENTO!$AF$7)*OFFSET(ORÇAMENTO!$W$15,ROW(AE84)-ROW(AE$15),0),15-13*ORÇAMENTO!$AF$11)),\n         0)","v":0},{"$f":"IF(AND($D84=\"Serviço\",AF$12<>0,$H84>0,OR(AUTOEVENTO<>\"manual\",$M84<>$A$15)),\n        IF(Import.TipoArredondamento<>\"TransfereGOV\",\n              ROUND(OFFSET($P84,0,AF$13),15-13*ORÇAMENTO!$AF$7)/$H84*OFFSET(ORÇAMENTO!$X$15,ROW(AF84)-ROW(AF$15),0),\n              ROUND(ROUND(OFFSET($P84,0,AF$13),15-13*ORÇAMENTO!$AF$7)*OFFSET(ORÇAMENTO!$W$15,ROW(AF84)-ROW(AF$15),0),15-13*ORÇAMENTO!$AF$11)),\n         0)","v":0},{"$f":"IF(AND($D84=\"Serviço\",AG$12<>0,$H84>0,OR(AUTOEVENTO<>\"manual\",$M84<>$A$15)),\n        IF(Import.TipoArredondamento<>\"TransfereGOV\",\n              ROUND(OFFSET($P84,0,AG$13),15-13*ORÇAMENTO!$AF$7)/$H84*OFFSET(ORÇAMENTO!$X$15,ROW(AG84)-ROW(AG$15),0),\n              ROUND(ROUND(OFFSET($P84,0,AG$13),15-13*ORÇAMENTO!$AF$7)*OFFSET(ORÇAMENTO!$W$15,ROW(AG84)-ROW(AG$15),0),15-13*ORÇAMENTO!$AF$11)),\n         0)","v":0},{"$f":"IF(AND($D84=\"Serviço\",AH$12<>0,$H84>0,OR(AUTOEVENTO<>\"manual\",$M84<>$A$15)),\n        IF(Import.TipoArredondamento<>\"TransfereGOV\",\n              ROUND(OFFSET($P84,0,AH$13),15-13*ORÇAMENTO!$AF$7)/$H84*OFFSET(ORÇAMENTO!$X$15,ROW(AH84)-ROW(AH$15),0),\n              ROUND(ROUND(OFFSET($P84,0,AH$13),15-13*ORÇAMENTO!$AF$7)*OFFSET(ORÇAMENTO!$W$15,ROW(AH84)-ROW(AH$15),0),15-13*ORÇAMENTO!$AF$11)),\n         0)","v":0},{"$f":"IF(AND($D84=\"Serviço\",AI$12<>0,$H84>0,OR(AUTOEVENTO<>\"manual\",$M84<>$A$15)),\n        IF(Import.TipoArredondamento<>\"TransfereGOV\",\n              ROUND(OFFSET($P84,0,AI$13),15-13*ORÇAMENTO!$AF$7)/$H84*OFFSET(ORÇAMENTO!$X$15,ROW(AI84)-ROW(AI$15),0),\n              ROUND(ROUND(OFFSET($P84,0,AI$13),15-13*ORÇAMENTO!$AF$7)*OFFSET(ORÇAMENTO!$W$15,ROW(AI84)-ROW(AI$15),0),15-13*ORÇAMENTO!$AF$11)),\n         0)","v":0},{"$f":"IF(AND($D84=\"Serviço\",AJ$12<>0,$H84>0,OR(AUTOEVENTO<>\"manual\",$M84<>$A$15)),\n        IF(Import.TipoArredondamento<>\"TransfereGOV\",\n              ROUND(OFFSET($P84,0,AJ$13),15-13*ORÇAMENTO!$AF$7)/$H84*OFFSET(ORÇAMENTO!$X$15,ROW(AJ84)-ROW(AJ$15),0),\n              ROUND(ROUND(OFFSET($P84,0,AJ$13),15-13*ORÇAMENTO!$AF$7)*OFFSET(ORÇAMENTO!$W$15,ROW(AJ84)-ROW(AJ$15),0),15-13*ORÇAMENTO!$AF$11)),\n         0)","v":0},{"$f":"IF(AND($D84=\"Serviço\",AK$12<>0,$H84>0,OR(AUTOEVENTO<>\"manual\",$M84<>$A$15)),\n        IF(Import.TipoArredondamento<>\"TransfereGOV\",\n              ROUND(OFFSET($P84,0,AK$13),15-13*ORÇAMENTO!$AF$7)/$H84*OFFSET(ORÇAMENTO!$X$15,ROW(AK84)-ROW(AK$15),0),\n              ROUND(ROUND(OFFSET($P84,0,AK$13),15-13*ORÇAMENTO!$AF$7)*OFFSET(ORÇAMENTO!$W$15,ROW(AK84)-ROW(AK$15),0),15-13*ORÇAMENTO!$AF$11)),\n         0)","v":0},null,{"$f":"IF(OR($D84<>\"Serviço\",AND(AUTOEVENTO=\"Manual\",$M84=$A$15)),0,\n         IF(OFFSET(CRONOPLE!$F$15,$M84-$A$15,AM$13)=0,10^12,OFFSET(CRONOPLE!$F$15,$M84-$A$15,AM$13)))","v":3},{"$f":"IF(OR($D84<>\"Serviço\",AND(AUTOEVENTO=\"Manual\",$M84=$A$15)),0,\n         IF(OFFSET(CRONOPLE!$F$15,$M84-$A$15,AN$13)=0,10^12,OFFSET(CRONOPLE!$F$15,$M84-$A$15,AN$13)))","v":3},{"$f":"IF(OR($D84<>\"Serviço\",AND(AUTOEVENTO=\"Manual\",$M84=$A$15)),0,\n         IF(OFFSET(CRONOPLE!$F$15,$M84-$A$15,AO$13)=0,10^12,OFFSET(CRONOPLE!$F$15,$M84-$A$15,AO$13)))","v":1000000000000},{"$f":"IF(OR($D84<>\"Serviço\",AND(AUTOEVENTO=\"Manual\",$M84=$A$15)),0,\n         IF(OFFSET(CRONOPLE!$F$15,$M84-$A$15,AP$13)=0,10^12,OFFSET(CRONOPLE!$F$15,$M84-$A$15,AP$13)))","v":4},{"$f":"IF(OR($D84<>\"Serviço\",AND(AUTOEVENTO=\"Manual\",$M84=$A$15)),0,\n         IF(OFFSET(CRONOPLE!$F$15,$M84-$A$15,AQ$13)=0,10^12,OFFSET(CRONOPLE!$F$15,$M84-$A$15,AQ$13)))","v":1000000000000},{"$f":"IF(OR($D84<>\"Serviço\",AND(AUTOEVENTO=\"Manual\",$M84=$A$15)),0,\n         IF(OFFSET(CRONOPLE!$F$15,$M84-$A$15,AR$13)=0,10^12,OFFSET(CRONOPLE!$F$15,$M84-$A$15,AR$13)))","v":1000000000000},{"$f":"IF(OR($D84<>\"Serviço\",AND(AUTOEVENTO=\"Manual\",$M84=$A$15)),0,\n         IF(OFFSET(CRONOPLE!$F$15,$M84-$A$15,AS$13)=0,10^12,OFFSET(CRONOPLE!$F$15,$M84-$A$15,AS$13)))","v":1000000000000},{"$f":"IF(OR($D84<>\"Serviço\",AND(AUTOEVENTO=\"Manual\",$M84=$A$15)),0,\n         IF(OFFSET(CRONOPLE!$F$15,$M84-$A$15,AT$13)=0,10^12,OFFSET(CRONOPLE!$F$15,$M84-$A$15,AT$13)))","v":1000000000000},{"$f":"IF(OR($D84<>\"Serviço\",AND(AUTOEVENTO=\"Manual\",$M84=$A$15)),0,\n         IF(OFFSET(CRONOPLE!$F$15,$M84-$A$15,AU$13)=0,10^12,OFFSET(CRONOPLE!$F$15,$M84-$A$15,AU$13)))","v":1000000000000},{"$f":"IF(OR($D84<>\"Serviço\",AND(AUTOEVENTO=\"Manual\",$M84=$A$15)),0,\n         IF(OFFSET(CRONOPLE!$F$15,$M84-$A$15,AV$13)=0,10^12,OFFSET(CRONOPLE!$F$15,$M84-$A$15,AV$13)))","v":1000000000000},null,{"$f":"IF(OR($D84<>\"Serviço\",AND(AUTOEVENTO=\"Manual\",$M84=$A$15),$M84>(ROW(PLE.lastrow)-ROW(PLE.firstrow))),0,\n           IF(OFFSET(PLE!$G$15,$M84-$A$15,AX$13)=\"\",10^12,OFFSET(PLE!$G$15,$M84-$A$15,AX$13)))","v":6},{"$f":"IF(OR($D84<>\"Serviço\",AND(AUTOEVENTO=\"Manual\",$M84=$A$15),$M84>(ROW(PLE.lastrow)-ROW(PLE.firstrow))),0,\n           IF(OFFSET(PLE!$G$15,$M84-$A$15,AY$13)=\"\",10^12,OFFSET(PLE!$G$15,$M84-$A$15,AY$13)))","v":7},{"$f":"IF(OR($D84<>\"Serviço\",AND(AUTOEVENTO=\"Manual\",$M84=$A$15),$M84>(ROW(PLE.lastrow)-ROW(PLE.firstrow))),0,\n           IF(OFFSET(PLE!$G$15,$M84-$A$15,AZ$13)=\"\",10^12,OFFSET(PLE!$G$15,$M84-$A$15,AZ$13)))","v":1000000000000},{"$f":"IF(OR($D84<>\"Serviço\",AND(AUTOEVENTO=\"Manual\",$M84=$A$15),$M84>(ROW(PLE.lastrow)-ROW(PLE.firstrow))),0,\n           IF(OFFSET(PLE!$G$15,$M84-$A$15,BA$13)=\"\",10^12,OFFSET(PLE!$G$15,$M84-$A$15,BA$13)))","v":1000000000000},{"$f":"IF(OR($D84<>\"Serviço\",AND(AUTOEVENTO=\"Manual\",$M84=$A$15),$M84>(ROW(PLE.lastrow)-ROW(PLE.firstrow))),0,\n           IF(OFFSET(PLE!$G$15,$M84-$A$15,BB$13)=\"\",10^12,OFFSET(PLE!$G$15,$M84-$A$15,BB$13)))","v":1000000000000},{"$f":"IF(OR($D84<>\"Serviço\",AND(AUTOEVENTO=\"Manual\",$M84=$A$15),$M84>(ROW(PLE.lastrow)-ROW(PLE.firstrow))),0,\n           IF(OFFSET(PLE!$G$15,$M84-$A$15,BC$13)=\"\",10^12,OFFSET(PLE!$G$15,$M84-$A$15,BC$13)))","v":1000000000000},{"$f":"IF(OR($D84<>\"Serviço\",AND(AUTOEVENTO=\"Manual\",$M84=$A$15),$M84>(ROW(PLE.lastrow)-ROW(PLE.firstrow))),0,\n           IF(OFFSET(PLE!$G$15,$M84-$A$15,BD$13)=\"\",10^12,OFFSET(PLE!$G$15,$M84-$A$15,BD$13)))","v":1000000000000},{"$f":"IF(OR($D84<>\"Serviço\",AND(AUTOEVENTO=\"Manual\",$M84=$A$15),$M84>(ROW(PLE.lastrow)-ROW(PLE.firstrow))),0,\n           IF(OFFSET(PLE!$G$15,$M84-$A$15,BE$13)=\"\",10^12,OFFSET(PLE!$G$15,$M84-$A$15,BE$13)))","v":1000000000000},{"$f":"IF(OR($D84<>\"Serviço\",AND(AUTOEVENTO=\"Manual\",$M84=$A$15),$M84>(ROW(PLE.lastrow)-ROW(PLE.firstrow))),0,\n           IF(OFFSET(PLE!$G$15,$M84-$A$15,BF$13)=\"\",10^12,OFFSET(PLE!$G$15,$M84-$A$15,BF$13)))","v":1000000000000},{"$f":"IF(OR($D84<>\"Serviço\",AND(AUTOEVENTO=\"Manual\",$M84=$A$15),$M84>(ROW(PLE.lastrow)-ROW(PLE.firstrow))),0,\n           IF(OFFSET(PLE!$G$15,$M84-$A$15,BG$13)=\"\",10^12,OFFSET(PLE!$G$15,$M84-$A$15,BG$13)))","v":1000000000000}]
[0,{"$f":"OFFSET(ORÇAMENTO!C$15,$L85,0)","v":2},{"$f":"OFFSET(ORÇAMENTO!L$15,$L85,0)","v":"F"},{"$f":"OFFSET(ORÇAMENTO!N$15,$L85,0)","v":"Nível 2"},{"$f":"OFFSET(ORÇAMENTO!O$15,$L85,0)","v":"1.10."},{"$f":"OFFSET(ORÇAMENTO!R$15,$L85,0)","v":"INSTALAÇOES ELETRICAS"},{"$f":"IF($D85<>\"Serviço\",\"\",OFFSET(ORÇAMENTO!S$15,$L85,0))","v":""},{"$f":"IF($D85<>\"Serviço\",0,IF(ACOMPANHAMENTO=\"BM\",ROUND(OFFSET(ORÇAMENTO!AJ$15,$L85,0),15-13*ORÇAMENTO!$AF$7),IF(IFERROR(CÁLCULO.FrentesPreenchidas,0)=0,0,SUM(ROUND(OFFSET($P85,0,1,1,CÁLCULO.FrentesPreenchidas),15-13*ORÇAMENTO!$AF$7)))))","v":0},null,{"$f":"IF(OR(B85<>\"S\",CÁLCULO.FrentesPreenchidas=0),\"\",IF(AND(ACOMPANHAMENTO=\"PLE\",AUTOEVENTO=\"Manual\",OR(H85>0,ORÇAMENTO!AC85=\"QUANT.\"),OR(K85=\"\",M85=0,N85=\"\")),\"►E\",IF(AND(ACOMPANHAMENTO=\"PLE\",ORÇAMENTO!AC85=\"QUANT.\"),\"►Q\",IF(AND(ACOMPANHAMENTO=\"PLE\",H85<>SUMPRODUCT(($Q$1:$AA$1=1)*ROUND(Q85:AA85,15))),\"►S\",IF(AND(COUNTIF($P$11:$AA$11,\"▼\")=0,H85>0,I85=\"\"),\"◄M\",\"\")))))","v":""},null,70,{"$f":"IF($D85<>\"Serviço\",\"\",\n          IF(AUTOEVENTO=\"manual\",$A85,\n                IF(ISERROR(MATCH($A85,$A$15:OFFSET($A85,-1,0),0)),MAX($M$15:OFFSET(M85,-1,0))+1,\n                      INDEX($M$15:OFFSET(M85,-1,0),MATCH($A85,$A$15:OFFSET($A85,-1,0),0)))))","v":""},{"$f":"IF($D85<>\"Serviço\",\"\",\n         IF(AUTOEVENTO=\"Manual\",\n                IF($A85=0,\"<-- defina o número do agrupador\",\n                       OFFSET(EVENTOS!$D$15,$A85-$A$15,0)),\n                OFFSET($F$15,$A85,0)))","v":""},null,null,null,null,null,null,null,null,null,null,null,null,null,{"$f":"IF(AND($D85=\"Serviço\",AB$12<>0,$H85>0,OR(AUTOEVENTO<>\"manual\",$M85<>$A$15)),\n        IF(Import.TipoArredondamento<>\"TransfereGOV\",\n              ROUND(OFFSET($P85,0,AB$13),15-13*ORÇAMENTO!$AF$7)/$H85*OFFSET(ORÇAMENTO!$X$15,ROW(AB85)-ROW(AB$15),0),\n              ROUND(ROUND(OFFSET($P85,0,AB$13),15-13*ORÇAMENTO!$AF$7)*OFFSET(ORÇAMENTO!$W$15,ROW(AB85)-ROW(AB$15),0),15-13*ORÇAMENTO!$AF$11)),\n         0)","v":0},{"$f":"IF(AND($D85=\"Serviço\",AC$12<>0,$H85>0,OR(AUTOEVENTO<>\"manual\",$M85<>$A$15)),\n        IF(Import.TipoArredondamento<>\"TransfereGOV\",\n              ROUND(OFFSET($P85,0,AC$13),15-13*ORÇAMENTO!$AF$7)/$H85*OFFSET(ORÇAMENTO!$X$15,ROW(AC85)-ROW(AC$15),0),\n              ROUND(ROUND(OFFSET($P85,0,AC$13),15-13*ORÇAMENTO!$AF$7)*OFFSET(ORÇAMENTO!$W$15,ROW(AC85)-ROW(AC$15),0),15-13*ORÇAMENTO!$AF$11)),\n         0)","v":0},{"$f":"IF(AND($D85=\"Serviço\",AD$12<>0,$H85>0,OR(AUTOEVENTO<>\"manual\",$M85<>$A$15)),\n        IF(Import.TipoArredondamento<>\"TransfereGOV\",\n              ROUND(OFFSET($P85,0,AD$13),15-13*ORÇAMENTO!$AF$7)/$H85*OFFSET(ORÇAMENTO!$X$15,ROW(AD85)-ROW(AD$15),0),\n              ROUND(ROUND(OFFSET($P85,0,AD$13),15-13*ORÇAMENTO!$AF$7)*OFFSET(ORÇAMENTO!$W$15,ROW(AD85)-ROW(AD$15),0),15-13*ORÇAMENTO!$AF$11)),\n         0)","v":0},{"$f":"IF(AND($D85=\"Serviço\",AE$12<>0,$H85>0,OR(AUTOEVENTO<>\"manual\",$M85<>$A$15)),\n        IF(Import.TipoArredondamento<>\"TransfereGOV\",\n              ROUND(OFFSET($P85,0,AE$13),15-13*ORÇAMENTO!$AF$7)/$H85*OFFSET(ORÇAMENTO!$X$15,ROW(AE85)-ROW(AE$15),0),\n              ROUND(ROUND(OFFSET($P85,0,AE$13),15-13*ORÇAMENTO!$AF$7)*OFFSET(ORÇAMENTO!$W$15,ROW(AE85)-ROW(AE$15),0),15-13*ORÇAMENTO!$AF$11)),\n         0)","v":0},{"$f":"IF(AND($D85=\"Serviço\",AF$12<>0,$H85>0,OR(AUTOEVENTO<>\"manual\",$M85<>$A$15)),\n        IF(Import.TipoArredondamento<>\"TransfereGOV\",\n              ROUND(OFFSET($P85,0,AF$13),15-13*ORÇAMENTO!$AF$7)/$H85*OFFSET(ORÇAMENTO!$X$15,ROW(AF85)-ROW(AF$15),0),\n              ROUND(ROUND(OFFSET($P85,0,AF$13),15-13*ORÇAMENTO!$AF$7)*OFFSET(ORÇAMENTO!$W$15,ROW(AF85)-ROW(AF$15),0),15-13*ORÇAMENTO!$AF$11)),\n         0)","v":0},{"$f":"IF(AND($D85=\"Serviço\",AG$12<>0,$H85>0,OR(AUTOEVENTO<>\"manual\",$M85<>$A$15)),\n        IF(Import.TipoArredondamento<>\"TransfereGOV\",\n              ROUND(OFFSET($P85,0,AG$13),15-13*ORÇAMENTO!$AF$7)/$H85*OFFSET(ORÇAMENTO!$X$15,ROW(AG85)-ROW(AG$15),0),\n              ROUND(ROUND(OFFSET($P85,0,AG$13),15-13*ORÇAMENTO!$AF$7)*OFFSET(ORÇAMENTO!$W$15,ROW(AG85)-ROW(AG$15),0),15-13*ORÇAMENTO!$AF$11)),\n         0)","v":0},{"$f":"IF(AND($D85=\"Serviço\",AH$12<>0,$H85>0,OR(AUTOEVENTO<>\"manual\",$M85<>$A$15)),\n        IF(Import.TipoArredondamento<>\"TransfereGOV\",\n              ROUND(OFFSET($P85,0,AH$13),15-13*ORÇAMENTO!$AF$7)/$H85*OFFSET(ORÇAMENTO!$X$15,ROW(AH85)-ROW(AH$15),0),\n              ROUND(ROUND(OFFSET($P85,0,AH$13),15-13*ORÇAMENTO!$AF$7)*OFFSET(ORÇAMENTO!$W$15,ROW(AH85)-ROW(AH$15),0),15-13*ORÇAMENTO!$AF$11)),\n         0)","v":0},{"$f":"IF(AND($D85=\"Serviço\",AI$12<>0,$H85>0,OR(AUTOEVENTO<>\"manual\",$M85<>$A$15)),\n        IF(Import.TipoArredondamento<>\"TransfereGOV\",\n              ROUND(OFFSET($P85,0,AI$13),15-13*ORÇAMENTO!$AF$7)/$H85*OFFSET(ORÇAMENTO!$X$15,ROW(AI85)-ROW(AI$15),0),\n              ROUND(ROUND(OFFSET($P85,0,AI$13),15-13*ORÇAMENTO!$AF$7)*OFFSET(ORÇAMENTO!$W$15,ROW(AI85)-ROW(AI$15),0),15-13*ORÇAMENTO!$AF$11)),\n         0)","v":0},{"$f":"IF(AND($D85=\"Serviço\",AJ$12<>0,$H85>0,OR(AUTOEVENTO<>\"manual\",$M85<>$A$15)),\n        IF(Import.TipoArredondamento<>\"TransfereGOV\",\n              ROUND(OFFSET($P85,0,AJ$13),15-13*ORÇAMENTO!$AF$7)/$H85*OFFSET(ORÇAMENTO!$X$15,ROW(AJ85)-ROW(AJ$15),0),\n              ROUND(ROUND(OFFSET($P85,0,AJ$13),15-13*ORÇAMENTO!$AF$7)*OFFSET(ORÇAMENTO!$W$15,ROW(AJ85)-ROW(AJ$15),0),15-13*ORÇAMENTO!$AF$11)),\n         0)","v":0},{"$f":"IF(AND($D85=\"Serviço\",AK$12<>0,$H85>0,OR(AUTOEVENTO<>\"manual\",$M85<>$A$15)),\n        IF(Import.TipoArredondamento<>\"TransfereGOV\",\n              ROUND(OFFSET($P85,0,AK$13),15-13*ORÇAMENTO!$AF$7)/$H85*OFFSET(ORÇAMENTO!$X$15,ROW(AK85)-ROW(AK$15),0),\n              ROUND(ROUND(OFFSET($P85,0,AK$13),15-13*ORÇAMENTO!$AF$7)*OFFSET(ORÇAMENTO!$W$15,ROW(AK85)-ROW(AK$15),0),15-13*ORÇAMENTO!$AF$11)),\n         0)","v":0},null,{"$f":"IF(OR($D85<>\"Serviço\",AND(AUTOEVENTO=\"Manual\",$M85=$A$15)),0,\n         IF(OFFSET(CRONOPLE!$F$15,$M85-$A$15,AM$13)=0,10^12,OFFSET(CRONOPLE!$F$15,$M85-$A$15,AM$13)))","v":0},{"$f":"IF(OR($D85<>\"Serviço\",AND(AUTOEVENTO=\"Manual\",$M85=$A$15)),0,\n         IF(OFFSET(CRONOPLE!$F$15,$M85-$A$15,AN$13)=0,10^12,OFFSET(CRONOPLE!$F$15,$M85-$A$15,AN$13)))","v":0},{"$f":"IF(OR($D85<>\"Serviço\",AND(AUTOEVENTO=\"Manual\",$M85=$A$15)),0,\n         IF(OFFSET(CRONOPLE!$F$15,$M85-$A$15,AO$13)=0,10^12,OFFSET(CRONOPLE!$F$15,$M85-$A$15,AO$13)))","v":0},{"$f":"IF(OR($D85<>\"Serviço\",AND(AUTOEVENTO=\"Manual\",$M85=$A$15)),0,\n         IF(OFFSET(CRONOPLE!$F$15,$M85-$A$15,AP$13)=0,10^12,OFFSET(CRONOPLE!$F$15,$M85-$A$15,AP$13)))","v":0},{"$f":"IF(OR($D85<>\"Serviço\",AND(AUTOEVENTO=\"Manual\",$M85=$A$15)),0,\n         IF(OFFSET(CRONOPLE!$F$15,$M85-$A$15,AQ$13)=0,10^12,OFFSET(CRONOPLE!$F$15,$M85-$A$15,AQ$13)))","v":0},{"$f":"IF(OR($D85<>\"Serviço\",AND(AUTOEVENTO=\"Manual\",$M85=$A$15)),0,\n         IF(OFFSET(CRONOPLE!$F$15,$M85-$A$15,AR$13)=0,10^12,OFFSET(CRONOPLE!$F$15,$M85-$A$15,AR$13)))","v":0},{"$f":"IF(OR($D85<>\"Serviço\",AND(AUTOEVENTO=\"Manual\",$M85=$A$15)),0,\n         IF(OFFSET(CRONOPLE!$F$15,$M85-$A$15,AS$13)=0,10^12,OFFSET(CRONOPLE!$F$15,$M85-$A$15,AS$13)))","v":0},{"$f":"IF(OR($D85<>\"Serviço\",AND(AUTOEVENTO=\"Manual\",$M85=$A$15)),0,\n         IF(OFFSET(CRONOPLE!$F$15,$M85-$A$15,AT$13)=0,10^12,OFFSET(CRONOPLE!$F$15,$M85-$A$15,AT$13)))","v":0},{"$f":"IF(OR($D85<>\"Serviço\",AND(AUTOEVENTO=\"Manual\",$M85=$A$15)),0,\n         IF(OFFSET(CRONOPLE!$F$15,$M85-$A$15,AU$13)=0,10^12,OFFSET(CRONOPLE!$F$15,$M85-$A$15,AU$13)))","v":0},{"$f":"IF(OR($D85<>\"Serviço\",AND(AUTOEVENTO=\"Manual\",$M85=$A$15)),0,\n         IF(OFFSET(CRONOPLE!$F$15,$M85-$A$15,AV$13)=0,10^12,OFFSET(CRONOPLE!$F$15,$M85-$A$15,AV$13)))","v":0},null,{"$f":"IF(OR($D85<>\"Serviço\",AND(AUTOEVENTO=\"Manual\",$M85=$A$15),$M85>(ROW(PLE.lastrow)-ROW(PLE.firstrow))),0,\n           IF(OFFSET(PLE!$G$15,$M85-$A$15,AX$13)=\"\",10^12,OFFSET(PLE!$G$15,$M85-$A$15,AX$13)))","v":0},{"$f":"IF(OR($D85<>\"Serviço\",AND(AUTOEVENTO=\"Manual\",$M85=$A$15),$M85>(ROW(PLE.lastrow)-ROW(PLE.firstrow))),0,\n           IF(OFFSET(PLE!$G$15,$M85-$A$15,AY$13)=\"\",10^12,OFFSET(PLE!$G$15,$M85-$A$15,AY$13)))","v":0},{"$f":"IF(OR($D85<>\"Serviço\",AND(AUTOEVENTO=\"Manual\",$M85=$A$15),$M85>(ROW(PLE.lastrow)-ROW(PLE.firstrow))),0,\n           IF(OFFSET(PLE!$G$15,$M85-$A$15,AZ$13)=\"\",10^12,OFFSET(PLE!$G$15,$M85-$A$15,AZ$13)))","v":0},{"$f":"IF(OR($D85<>\"Serviço\",AND(AUTOEVENTO=\"Manual\",$M85=$A$15),$M85>(ROW(PLE.lastrow)-ROW(PLE.firstrow))),0,\n           IF(OFFSET(PLE!$G$15,$M85-$A$15,BA$13)=\"\",10^12,OFFSET(PLE!$G$15,$M85-$A$15,BA$13)))","v":0},{"$f":"IF(OR($D85<>\"Serviço\",AND(AUTOEVENTO=\"Manual\",$M85=$A$15),$M85>(ROW(PLE.lastrow)-ROW(PLE.firstrow))),0,\n           IF(OFFSET(PLE!$G$15,$M85-$A$15,BB$13)=\"\",10^12,OFFSET(PLE!$G$15,$M85-$A$15,BB$13)))","v":0},{"$f":"IF(OR($D85<>\"Serviço\",AND(AUTOEVENTO=\"Manual\",$M85=$A$15),$M85>(ROW(PLE.lastrow)-ROW(PLE.firstrow))),0,\n           IF(OFFSET(PLE!$G$15,$M85-$A$15,BC$13)=\"\",10^12,OFFSET(PLE!$G$15,$M85-$A$15,BC$13)))","v":0},{"$f":"IF(OR($D85<>\"Serviço\",AND(AUTOEVENTO=\"Manual\",$M85=$A$15),$M85>(ROW(PLE.lastrow)-ROW(PLE.firstrow))),0,\n           IF(OFFSET(PLE!$G$15,$M85-$A$15,BD$13)=\"\",10^12,OFFSET(PLE!$G$15,$M85-$A$15,BD$13)))","v":0},{"$f":"IF(OR($D85<>\"Serviço\",AND(AUTOEVENTO=\"Manual\",$M85=$A$15),$M85>(ROW(PLE.lastrow)-ROW(PLE.firstrow))),0,\n           IF(OFFSET(PLE!$G$15,$M85-$A$15,BE$13)=\"\",10^12,OFFSET(PLE!$G$15,$M85-$A$15,BE$13)))","v":0},{"$f":"IF(OR($D85<>\"Serviço\",AND(AUTOEVENTO=\"Manual\",$M85=$A$15),$M85>(ROW(PLE.lastrow)-ROW(PLE.firstrow))),0,\n           IF(OFFSET(PLE!$G$15,$M85-$A$15,BF$13)=\"\",10^12,OFFSET(PLE!$G$15,$M85-$A$15,BF$13)))","v":0},{"$f":"IF(OR($D85<>\"Serviço\",AND(AUTOEVENTO=\"Manual\",$M85=$A$15),$M85>(ROW(PLE.lastrow)-ROW(PLE.firstrow))),0,\n           IF(OFFSET(PLE!$G$15,$M85-$A$15,BG$13)=\"\",10^12,OFFSET(PLE!$G$15,$M85-$A$15,BG$13)))","v":0}]
[13,{"$f":"OFFSET(ORÇAMENTO!C$15,$L86,0)","v":"S"},{"$f":"OFFSET(ORÇAMENTO!L$15,$L86,0)","v":"F"},{"$f":"OFFSET(ORÇAMENTO!N$15,$L86,0)","v":"Serviço"},{"$f":"OFFSET(ORÇAMENTO!O$15,$L86,0)","v":"1.10.1."},{"$f":"OFFSET(ORÇAMENTO!R$15,$L86,0)","v":"QUADRO DE DISTRIBUIÇÃO DE ENERGIA EM CHAPA DE AÇO GALVANIZADO, DE EMBUTIR, COM BARRAMENTO TRIFÁSICO, PARA 24 DISJUNTORES DIN 100A - FORNECIMENTO E INSTALAÇÃO. AF_10/2020"},{"$f":"IF($D86<>\"Serviço\",\"\",OFFSET(ORÇAMENTO!S$15,$L86,0))","v":"UN"},{"$f":"IF($D86<>\"Serviço\",0,IF(ACOMPANHAMENTO=\"BM\",ROUND(OFFSET(ORÇAMENTO!AJ$15,$L86,0),15-13*ORÇAMENTO!$AF$7),IF(IFERROR(CÁLCULO.FrentesPreenchidas,0)=0,0,SUM(ROUND(OFFSET($P86,0,1,1,CÁLCULO.FrentesPreenchidas),15-13*ORÇAMENTO!$AF$7)))))","v":1},"CONFORME PROJETO DE INSTALAÇÃO ELÉTRICA",{"$f":"IF(OR(B86<>\"S\",CÁLCULO.FrentesPreenchidas=0),\"\",IF(AND(ACOMPANHAMENTO=\"PLE\",AUTOEVENTO=\"Manual\",OR(H86>0,ORÇAMENTO!AC86=\"QUANT.\"),OR(K86=\"\",M86=0,N86=\"\")),\"►E\",IF(AND(ACOMPANHAMENTO=\"PLE\",ORÇAMENTO!AC86=\"QUANT.\"),\"►Q\",IF(AND(ACOMPANHAMENTO=\"PLE\",H86<>SUMPRODUCT(($Q$1:$AA$1=1)*ROUND(Q86:AA86,15))),\"►S\",IF(AND(COUNTIF($P$11:$AA$11,\"▼\")=0,H86>0,I86=\"\"),\"◄M\",\"\")))))","v":""},"13.Instalações elétricas iniciais",71,{"$f":"IF($D86<>\"Serviço\",\"\",\n          IF(AUTOEVENTO=\"manual\",$A86,\n                IF(ISERROR(MATCH($A86,$A$15:OFFSET($A86,-1,0),0)),MAX($M$15:OFFSET(M86,-1,0))+1,\n                      INDEX($M$15:OFFSET(M86,-1,0),MATCH($A86,$A$15:OFFSET($A86,-1,0),0)))))","v":13},{"$f":"IF($D86<>\"Serviço\",\"\",\n         IF(AUTOEVENTO=\"Manual\",\n                IF($A86=0,\"<-- defina o número do agrupador\",\n                       OFFSET(EVENTOS!$D$15,$A86-$A$15,0)),\n                OFFSET($F$15,$A86,0)))","v":"Instalações elétricas finais"},null,null,null,1,null,null,null,null,null,null,null,null,null,{"$f":"IF(AND($D86=\"Serviço\",AB$12<>0,$H86>0,OR(AUTOEVENTO<>\"manual\",$M86<>$A$15)),\n        IF(Import.TipoArredondamento<>\"TransfereGOV\",\n              ROUND(OFFSET($P86,0,AB$13),15-13*ORÇAMENTO!$AF$7)/$H86*OFFSET(ORÇAMENTO!$X$15,ROW(AB86)-ROW(AB$15),0),\n              ROUND(ROUND(OFFSET($P86,0,AB$13),15-13*ORÇAMENTO!$AF$7)*OFFSET(ORÇAMENTO!$W$15,ROW(AB86)-ROW(AB$15),0),15-13*ORÇAMENTO!$AF$11)),\n         0)","v":0},{"$f":"IF(AND($D86=\"Serviço\",AC$12<>0,$H86>0,OR(AUTOEVENTO<>\"manual\",$M86<>$A$15)),\n        IF(Import.TipoArredondamento<>\"TransfereGOV\",\n              ROUND(OFFSET($P86,0,AC$13),15-13*ORÇAMENTO!$AF$7)/$H86*OFFSET(ORÇAMENTO!$X$15,ROW(AC86)-ROW(AC$15),0),\n              ROUND(ROUND(OFFSET($P86,0,AC$13),15-13*ORÇAMENTO!$AF$7)*OFFSET(ORÇAMENTO!$W$15,ROW(AC86)-ROW(AC$15),0),15-13*ORÇAMENTO!$AF$11)),\n         0)","v":0},{"$f":"IF(AND($D86=\"Serviço\",AD$12<>0,$H86>0,OR(AUTOEVENTO<>\"manual\",$M86<>$A$15)),\n        IF(Import.TipoArredondamento<>\"TransfereGOV\",\n              ROUND(OFFSET($P86,0,AD$13),15-13*ORÇAMENTO!$AF$7)/$H86*OFFSET(ORÇAMENTO!$X$15,ROW(AD86)-ROW(AD$15),0),\n              ROUND(ROUND(OFFSET($P86,0,AD$13),15-13*ORÇAMENTO!$AF$7)*OFFSET(ORÇAMENTO!$W$15,ROW(AD86)-ROW(AD$15),0),15-13*ORÇAMENTO!$AF$11)),\n         0)","v":0},{"$f":"IF(AND($D86=\"Serviço\",AE$12<>0,$H86>0,OR(AUTOEVENTO<>\"manual\",$M86<>$A$15)),\n        IF(Import.TipoArredondamento<>\"TransfereGOV\",\n              ROUND(OFFSET($P86,0,AE$13),15-13*ORÇAMENTO!$AF$7)/$H86*OFFSET(ORÇAMENTO!$X$15,ROW(AE86)-ROW(AE$15),0),\n              ROUND(ROUND(OFFSET($P86,0,AE$13),15-13*ORÇAMENTO!$AF$7)*OFFSET(ORÇAMENTO!$W$15,ROW(AE86)-ROW(AE$15),0),15-13*ORÇAMENTO!$AF$11)),\n         0)","v":0},{"$f":"IF(AND($D86=\"Serviço\",AF$12<>0,$H86>0,OR(AUTOEVENTO<>\"manual\",$M86<>$A$15)),\n        IF(Import.TipoArredondamento<>\"TransfereGOV\",\n              ROUND(OFFSET($P86,0,AF$13),15-13*ORÇAMENTO!$AF$7)/$H86*OFFSET(ORÇAMENTO!$X$15,ROW(AF86)-ROW(AF$15),0),\n              ROUND(ROUND(OFFSET($P86,0,AF$13),15-13*ORÇAMENTO!$AF$7)*OFFSET(ORÇAMENTO!$W$15,ROW(AF86)-ROW(AF$15),0),15-13*ORÇAMENTO!$AF$11)),\n         0)","v":0},{"$f":"IF(AND($D86=\"Serviço\",AG$12<>0,$H86>0,OR(AUTOEVENTO<>\"manual\",$M86<>$A$15)),\n        IF(Import.TipoArredondamento<>\"TransfereGOV\",\n              ROUND(OFFSET($P86,0,AG$13),15-13*ORÇAMENTO!$AF$7)/$H86*OFFSET(ORÇAMENTO!$X$15,ROW(AG86)-ROW(AG$15),0),\n              ROUND(ROUND(OFFSET($P86,0,AG$13),15-13*ORÇAMENTO!$AF$7)*OFFSET(ORÇAMENTO!$W$15,ROW(AG86)-ROW(AG$15),0),15-13*ORÇAMENTO!$AF$11)),\n         0)","v":0},{"$f":"IF(AND($D86=\"Serviço\",AH$12<>0,$H86>0,OR(AUTOEVENTO<>\"manual\",$M86<>$A$15)),\n        IF(Import.TipoArredondamento<>\"TransfereGOV\",\n              ROUND(OFFSET($P86,0,AH$13),15-13*ORÇAMENTO!$AF$7)/$H86*OFFSET(ORÇAMENTO!$X$15,ROW(AH86)-ROW(AH$15),0),\n              ROUND(ROUND(OFFSET($P86,0,AH$13),15-13*ORÇAMENTO!$AF$7)*OFFSET(ORÇAMENTO!$W$15,ROW(AH86)-ROW(AH$15),0),15-13*ORÇAMENTO!$AF$11)),\n         0)","v":0},{"$f":"IF(AND($D86=\"Serviço\",AI$12<>0,$H86>0,OR(AUTOEVENTO<>\"manual\",$M86<>$A$15)),\n        IF(Import.TipoArredondamento<>\"TransfereGOV\",\n              ROUND(OFFSET($P86,0,AI$13),15-13*ORÇAMENTO!$AF$7)/$H86*OFFSET(ORÇAMENTO!$X$15,ROW(AI86)-ROW(AI$15),0),\n              ROUND(ROUND(OFFSET($P86,0,AI$13),15-13*ORÇAMENTO!$AF$7)*OFFSET(ORÇAMENTO!$W$15,ROW(AI86)-ROW(AI$15),0),15-13*ORÇAMENTO!$AF$11)),\n         0)","v":0},{"$f":"IF(AND($D86=\"Serviço\",AJ$12<>0,$H86>0,OR(AUTOEVENTO<>\"manual\",$M86<>$A$15)),\n        IF(Import.TipoArredondamento<>\"TransfereGOV\",\n              ROUND(OFFSET($P86,0,AJ$13),15-13*ORÇAMENTO!$AF$7)/$H86*OFFSET(ORÇAMENTO!$X$15,ROW(AJ86)-ROW(AJ$15),0),\n              ROUND(ROUND(OFFSET($P86,0,AJ$13),15-13*ORÇAMENTO!$AF$7)*OFFSET(ORÇAMENTO!$W$15,ROW(AJ86)-ROW(AJ$15),0),15-13*ORÇAMENTO!$AF$11)),\n         0)","v":0},{"$f":"IF(AND($D86=\"Serviço\",AK$12<>0,$H86>0,OR(AUTOEVENTO<>\"manual\",$M86<>$A$15)),\n        IF(Import.TipoArredondamento<>\"TransfereGOV\",\n              ROUND(OFFSET($P86,0,AK$13),15-13*ORÇAMENTO!$AF$7)/$H86*OFFSET(ORÇAMENTO!$X$15,ROW(AK86)-ROW(AK$15),0),\n              ROUND(ROUND(OFFSET($P86,0,AK$13),15-13*ORÇAMENTO!$AF$7)*OFFSET(ORÇAMENTO!$W$15,ROW(AK86)-ROW(AK$15),0),15-13*ORÇAMENTO!$AF$11)),\n         0)","v":0},null,{"$f":"IF(OR($D86<>\"Serviço\",AND(AUTOEVENTO=\"Manual\",$M86=$A$15)),0,\n         IF(OFFSET(CRONOPLE!$F$15,$M86-$A$15,AM$13)=0,10^12,OFFSET(CRONOPLE!$F$15,$M86-$A$15,AM$13)))","v":4},{"$f":"IF(OR($D86<>\"Serviço\",AND(AUTOEVENTO=\"Manual\",$M86=$A$15)),0,\n         IF(OFFSET(CRONOPLE!$F$15,$M86-$A$15,AN$13)=0,10^12,OFFSET(CRONOPLE!$F$15,$M86-$A$15,AN$13)))","v":5},{"$f":"IF(OR($D86<>\"Serviço\",AND(AUTOEVENTO=\"Manual\",$M86=$A$15)),0,\n         IF(OFFSET(CRONOPLE!$F$15,$M86-$A$15,AO$13)=0,10^12,OFFSET(CRONOPLE!$F$15,$M86-$A$15,AO$13)))","v":1000000000000},{"$f":"IF(OR($D86<>\"Serviço\",AND(AUTOEVENTO=\"Manual\",$M86=$A$15)),0,\n         IF(OFFSET(CRONOPLE!$F$15,$M86-$A$15,AP$13)=0,10^12,OFFSET(CRONOPLE!$F$15,$M86-$A$15,AP$13)))","v":1000000000000},{"$f":"IF(OR($D86<>\"Serviço\",AND(AUTOEVENTO=\"Manual\",$M86=$A$15)),0,\n         IF(OFFSET(CRONOPLE!$F$15,$M86-$A$15,AQ$13)=0,10^12,OFFSET(CRONOPLE!$F$15,$M86-$A$15,AQ$13)))","v":1000000000000},{"$f":"IF(OR($D86<>\"Serviço\",AND(AUTOEVENTO=\"Manual\",$M86=$A$15)),0,\n         IF(OFFSET(CRONOPLE!$F$15,$M86-$A$15,AR$13)=0,10^12,OFFSET(CRONOPLE!$F$15,$M86-$A$15,AR$13)))","v":1000000000000},{"$f":"IF(OR($D86<>\"Serviço\",AND(AUTOEVENTO=\"Manual\",$M86=$A$15)),0,\n         IF(OFFSET(CRONOPLE!$F$15,$M86-$A$15,AS$13)=0,10^12,OFFSET(CRONOPLE!$F$15,$M86-$A$15,AS$13)))","v":1000000000000},{"$f":"IF(OR($D86<>\"Serviço\",AND(AUTOEVENTO=\"Manual\",$M86=$A$15)),0,\n         IF(OFFSET(CRONOPLE!$F$15,$M86-$A$15,AT$13)=0,10^12,OFFSET(CRONOPLE!$F$15,$M86-$A$15,AT$13)))","v":1000000000000},{"$f":"IF(OR($D86<>\"Serviço\",AND(AUTOEVENTO=\"Manual\",$M86=$A$15)),0,\n         IF(OFFSET(CRONOPLE!$F$15,$M86-$A$15,AU$13)=0,10^12,OFFSET(CRONOPLE!$F$15,$M86-$A$15,AU$13)))","v":1000000000000},{"$f":"IF(OR($D86<>\"Serviço\",AND(AUTOEVENTO=\"Manual\",$M86=$A$15)),0,\n         IF(OFFSET(CRONOPLE!$F$15,$M86-$A$15,AV$13)=0,10^12,OFFSET(CRONOPLE!$F$15,$M86-$A$15,AV$13)))","v":1000000000000},null,{"$f":"IF(OR($D86<>\"Serviço\",AND(AUTOEVENTO=\"Manual\",$M86=$A$15),$M86>(ROW(PLE.lastrow)-ROW(PLE.firstrow))),0,\n           IF(OFFSET(PLE!$G$15,$M86-$A$15,AX$13)=\"\",10^12,OFFSET(PLE!$G$15,$M86-$A$15,AX$13)))","v":1000000000000},{"$f":"IF(OR($D86<>\"Serviço\",AND(AUTOEVENTO=\"Manual\",$M86=$A$15),$M86>(ROW(PLE.lastrow)-ROW(PLE.firstrow))),0,\n           IF(OFFSET(PLE!$G$15,$M86-$A$15,AY$13)=\"\",10^12,OFFSET(PLE!$G$15,$M86-$A$15,AY$13)))","v":1000000000000},{"$f":"IF(OR($D86<>\"Serviço\",AND(AUTOEVENTO=\"Manual\",$M86=$A$15),$M86>(ROW(PLE.lastrow)-ROW(PLE.firstrow))),0,\n           IF(OFFSET(PLE!$G$15,$M86-$A$15,AZ$13)=\"\",10^12,OFFSET(PLE!$G$15,$M86-$A$15,AZ$13)))","v":1000000000000},{"$f":"IF(OR($D86<>\"Serviço\",AND(AUTOEVENTO=\"Manual\",$M86=$A$15),$M86>(ROW(PLE.lastrow)-ROW(PLE.firstrow))),0,\n           IF(OFFSET(PLE!$G$15,$M86-$A$15,BA$13)=\"\",10^12,OFFSET(PLE!$G$15,$M86-$A$15,BA$13)))","v":1000000000000},{"$f":"IF(OR($D86<>\"Serviço\",AND(AUTOEVENTO=\"Manual\",$M86=$A$15),$M86>(ROW(PLE.lastrow)-ROW(PLE.firstrow))),0,\n           IF(OFFSET(PLE!$G$15,$M86-$A$15,BB$13)=\"\",10^12,OFFSET(PLE!$G$15,$M86-$A$15,BB$13)))","v":1000000000000},{"$f":"IF(OR($D86<>\"Serviço\",AND(AUTOEVENTO=\"Manual\",$M86=$A$15),$M86>(ROW(PLE.lastrow)-ROW(PLE.firstrow))),0,\n           IF(OFFSET(PLE!$G$15,$M86-$A$15,BC$13)=\"\",10^12,OFFSET(PLE!$G$15,$M86-$A$15,BC$13)))","v":1000000000000},{"$f":"IF(OR($D86<>\"Serviço\",AND(AUTOEVENTO=\"Manual\",$M86=$A$15),$M86>(ROW(PLE.lastrow)-ROW(PLE.firstrow))),0,\n           IF(OFFSET(PLE!$G$15,$M86-$A$15,BD$13)=\"\",10^12,OFFSET(PLE!$G$15,$M86-$A$15,BD$13)))","v":1000000000000},{"$f":"IF(OR($D86<>\"Serviço\",AND(AUTOEVENTO=\"Manual\",$M86=$A$15),$M86>(ROW(PLE.lastrow)-ROW(PLE.firstrow))),0,\n           IF(OFFSET(PLE!$G$15,$M86-$A$15,BE$13)=\"\",10^12,OFFSET(PLE!$G$15,$M86-$A$15,BE$13)))","v":1000000000000},{"$f":"IF(OR($D86<>\"Serviço\",AND(AUTOEVENTO=\"Manual\",$M86=$A$15),$M86>(ROW(PLE.lastrow)-ROW(PLE.firstrow))),0,\n           IF(OFFSET(PLE!$G$15,$M86-$A$15,BF$13)=\"\",10^12,OFFSET(PLE!$G$15,$M86-$A$15,BF$13)))","v":1000000000000},{"$f":"IF(OR($D86<>\"Serviço\",AND(AUTOEVENTO=\"Manual\",$M86=$A$15),$M86>(ROW(PLE.lastrow)-ROW(PLE.firstrow))),0,\n           IF(OFFSET(PLE!$G$15,$M86-$A$15,BG$13)=\"\",10^12,OFFSET(PLE!$G$15,$M86-$A$15,BG$13)))","v":1000000000000}]
[13,{"$f":"OFFSET(ORÇAMENTO!C$15,$L87,0)","v":"S"},{"$f":"OFFSET(ORÇAMENTO!L$15,$L87,0)","v":"F"},{"$f":"OFFSET(ORÇAMENTO!N$15,$L87,0)","v":"Serviço"},{"$f":"OFFSET(ORÇAMENTO!O$15,$L87,0)","v":"1.10.2."},{"$f":"OFFSET(ORÇAMENTO!R$15,$L87,0)","v":"ELETRODUTO FLEXÍVEL CORRUGADO REFORÇADO, PVC, DN 25 MM (3/4\"), PARA CIRCUITOS TERMINAIS, INSTALADO EM PAREDE - FORNECIMENTO E INSTALAÇÃO. AF_03/2023"},{"$f":"IF($D87<>\"Serviço\",\"\",OFFSET(ORÇAMENTO!S$15,$L87,0))","v":"M"},{"$f":"IF($D87<>\"Serviço\",0,IF(ACOMPANHAMENTO=\"BM\",ROUND(OFFSET(ORÇAMENTO!AJ$15,$L87,0),15-13*ORÇAMENTO!$AF$7),IF(IFERROR(CÁLCULO.FrentesPreenchidas,0)=0,0,SUM(ROUND(OFFSET($P87,0,1,1,CÁLCULO.FrentesPreenchidas),15-13*ORÇAMENTO!$AF$7)))))","v":3.2},"CONFORME PROJETO DE INSTALAÇÃO ELÉTRICA",{"$f":"IF(OR(B87<>\"S\",CÁLCULO.FrentesPreenchidas=0),\"\",IF(AND(ACOMPANHAMENTO=\"PLE\",AUTOEVENTO=\"Manual\",OR(H87>0,ORÇAMENTO!AC87=\"QUANT.\"),OR(K87=\"\",M87=0,N87=\"\")),\"►E\",IF(AND(ACOMPANHAMENTO=\"PLE\",ORÇAMENTO!AC87=\"QUANT.\"),\"►Q\",IF(AND(ACOMPANHAMENTO=\"PLE\",H87<>SUMPRODUCT(($Q$1:$AA$1=1)*ROUND(Q87:AA87,15))),\"►S\",IF(AND(COUNTIF($P$11:$AA$11,\"▼\")=0,H87>0,I87=\"\"),\"◄M\",\"\")))))","v":""},"13.Instalações elétricas iniciais",72,{"$f":"IF($D87<>\"Serviço\",\"\",\n          IF(AUTOEVENTO=\"manual\",$A87,\n                IF(ISERROR(MATCH($A87,$A$15:OFFSET($A87,-1,0),0)),MAX($M$15:OFFSET(M87,-1,0))+1,\n                      INDEX($M$15:OFFSET(M87,-1,0),MATCH($A87,$A$15:OFFSET($A87,-1,0),0)))))","v":13},{"$f":"IF($D87<>\"Serviço\",\"\",\n         IF(AUTOEVENTO=\"Manual\",\n                IF($A87=0,\"<-- defina o número do agrupador\",\n                       OFFSET(EVENTOS!$D$15,$A87-$A$15,0)),\n                OFFSET($F$15,$A87,0)))","v":"Instalações elétricas finais"},null,null,null,3.2,null,null,null,null,null,null,null,null,null,{"$f":"IF(AND($D87=\"Serviço\",AB$12<>0,$H87>0,OR(AUTOEVENTO<>\"manual\",$M87<>$A$15)),\n        IF(Import.TipoArredondamento<>\"TransfereGOV\",\n              ROUND(OFFSET($P87,0,AB$13),15-13*ORÇAMENTO!$AF$7)/$H87*OFFSET(ORÇAMENTO!$X$15,ROW(AB87)-ROW(AB$15),0),\n              ROUND(ROUND(OFFSET($P87,0,AB$13),15-13*ORÇAMENTO!$AF$7)*OFFSET(ORÇAMENTO!$W$15,ROW(AB87)-ROW(AB$15),0),15-13*ORÇAMENTO!$AF$11)),\n         0)","v":0},{"$f":"IF(AND($D87=\"Serviço\",AC$12<>0,$H87>0,OR(AUTOEVENTO<>\"manual\",$M87<>$A$15)),\n        IF(Import.TipoArredondamento<>\"TransfereGOV\",\n              ROUND(OFFSET($P87,0,AC$13),15-13*ORÇAMENTO!$AF$7)/$H87*OFFSET(ORÇAMENTO!$X$15,ROW(AC87)-ROW(AC$15),0),\n              ROUND(ROUND(OFFSET($P87,0,AC$13),15-13*ORÇAMENTO!$AF$7)*OFFSET(ORÇAMENTO!$W$15,ROW(AC87)-ROW(AC$15),0),15-13*ORÇAMENTO!$AF$11)),\n         0)","v":0},{"$f":"IF(AND($D87=\"Serviço\",AD$12<>0,$H87>0,OR(AUTOEVENTO<>\"manual\",$M87<>$A$15)),\n        IF(Import.TipoArredondamento<>\"TransfereGOV\",\n              ROUND(OFFSET($P87,0,AD$13),15-13*ORÇAMENTO!$AF$7)/$H87*OFFSET(ORÇAMENTO!$X$15,ROW(AD87)-ROW(AD$15),0),\n              ROUND(ROUND(OFFSET($P87,0,AD$13),15-13*ORÇAMENTO!$AF$7)*OFFSET(ORÇAMENTO!$W$15,ROW(AD87)-ROW(AD$15),0),15-13*ORÇAMENTO!$AF$11)),\n         0)","v":0},{"$f":"IF(AND($D87=\"Serviço\",AE$12<>0,$H87>0,OR(AUTOEVENTO<>\"manual\",$M87<>$A$15)),\n        IF(Import.TipoArredondamento<>\"TransfereGOV\",\n              ROUND(OFFSET($P87,0,AE$13),15-13*ORÇAMENTO!$AF$7)/$H87*OFFSET(ORÇAMENTO!$X$15,ROW(AE87)-ROW(AE$15),0),\n              ROUND(ROUND(OFFSET($P87,0,AE$13),15-13*ORÇAMENTO!$AF$7)*OFFSET(ORÇAMENTO!$W$15,ROW(AE87)-ROW(AE$15),0),15-13*ORÇAMENTO!$AF$11)),\n         0)","v":0},{"$f":"IF(AND($D87=\"Serviço\",AF$12<>0,$H87>0,OR(AUTOEVENTO<>\"manual\",$M87<>$A$15)),\n        IF(Import.TipoArredondamento<>\"TransfereGOV\",\n              ROUND(OFFSET($P87,0,AF$13),15-13*ORÇAMENTO!$AF$7)/$H87*OFFSET(ORÇAMENTO!$X$15,ROW(AF87)-ROW(AF$15),0),\n              ROUND(ROUND(OFFSET($P87,0,AF$13),15-13*ORÇAMENTO!$AF$7)*OFFSET(ORÇAMENTO!$W$15,ROW(AF87)-ROW(AF$15),0),15-13*ORÇAMENTO!$AF$11)),\n         0)","v":0},{"$f":"IF(AND($D87=\"Serviço\",AG$12<>0,$H87>0,OR(AUTOEVENTO<>\"manual\",$M87<>$A$15)),\n        IF(Import.TipoArredondamento<>\"TransfereGOV\",\n              ROUND(OFFSET($P87,0,AG$13),15-13*ORÇAMENTO!$AF$7)/$H87*OFFSET(ORÇAMENTO!$X$15,ROW(AG87)-ROW(AG$15),0),\n              ROUND(ROUND(OFFSET($P87,0,AG$13),15-13*ORÇAMENTO!$AF$7)*OFFSET(ORÇAMENTO!$W$15,ROW(AG87)-ROW(AG$15),0),15-13*ORÇAMENTO!$AF$11)),\n         0)","v":0},{"$f":"IF(AND($D87=\"Serviço\",AH$12<>0,$H87>0,OR(AUTOEVENTO<>\"manual\",$M87<>$A$15)),\n        IF(Import.TipoArredondamento<>\"TransfereGOV\",\n              ROUND(OFFSET($P87,0,AH$13),15-13*ORÇAMENTO!$AF$7)/$H87*OFFSET(ORÇAMENTO!$X$15,ROW(AH87)-ROW(AH$15),0),\n              ROUND(ROUND(OFFSET($P87,0,AH$13),15-13*ORÇAMENTO!$AF$7)*OFFSET(ORÇAMENTO!$W$15,ROW(AH87)-ROW(AH$15),0),15-13*ORÇAMENTO!$AF$11)),\n         0)","v":0},{"$f":"IF(AND($D87=\"Serviço\",AI$12<>0,$H87>0,OR(AUTOEVENTO<>\"manual\",$M87<>$A$15)),\n        IF(Import.TipoArredondamento<>\"TransfereGOV\",\n              ROUND(OFFSET($P87,0,AI$13),15-13*ORÇAMENTO!$AF$7)/$H87*OFFSET(ORÇAMENTO!$X$15,ROW(AI87)-ROW(AI$15),0),\n              ROUND(ROUND(OFFSET($P87,0,AI$13),15-13*ORÇAMENTO!$AF$7)*OFFSET(ORÇAMENTO!$W$15,ROW(AI87)-ROW(AI$15),0),15-13*ORÇAMENTO!$AF$11)),\n         0)","v":0},{"$f":"IF(AND($D87=\"Serviço\",AJ$12<>0,$H87>0,OR(AUTOEVENTO<>\"manual\",$M87<>$A$15)),\n        IF(Import.TipoArredondamento<>\"TransfereGOV\",\n              ROUND(OFFSET($P87,0,AJ$13),15-13*ORÇAMENTO!$AF$7)/$H87*OFFSET(ORÇAMENTO!$X$15,ROW(AJ87)-ROW(AJ$15),0),\n              ROUND(ROUND(OFFSET($P87,0,AJ$13),15-13*ORÇAMENTO!$AF$7)*OFFSET(ORÇAMENTO!$W$15,ROW(AJ87)-ROW(AJ$15),0),15-13*ORÇAMENTO!$AF$11)),\n         0)","v":0},{"$f":"IF(AND($D87=\"Serviço\",AK$12<>0,$H87>0,OR(AUTOEVENTO<>\"manual\",$M87<>$A$15)),\n        IF(Import.TipoArredondamento<>\"TransfereGOV\",\n              ROUND(OFFSET($P87,0,AK$13),15-13*ORÇAMENTO!$AF$7)/$H87*OFFSET(ORÇAMENTO!$X$15,ROW(AK87)-ROW(AK$15),0),\n              ROUND(ROUND(OFFSET($P87,0,AK$13),15-13*ORÇAMENTO!$AF$7)*OFFSET(ORÇAMENTO!$W$15,ROW(AK87)-ROW(AK$15),0),15-13*ORÇAMENTO!$AF$11)),\n         0)","v":0},null,{"$f":"IF(OR($D87<>\"Serviço\",AND(AUTOEVENTO=\"Manual\",$M87=$A$15)),0,\n         IF(OFFSET(CRONOPLE!$F$15,$M87-$A$15,AM$13)=0,10^12,OFFSET(CRONOPLE!$F$15,$M87-$A$15,AM$13)))","v":4},{"$f":"IF(OR($D87<>\"Serviço\",AND(AUTOEVENTO=\"Manual\",$M87=$A$15)),0,\n         IF(OFFSET(CRONOPLE!$F$15,$M87-$A$15,AN$13)=0,10^12,OFFSET(CRONOPLE!$F$15,$M87-$A$15,AN$13)))","v":5},{"$f":"IF(OR($D87<>\"Serviço\",AND(AUTOEVENTO=\"Manual\",$M87=$A$15)),0,\n         IF(OFFSET(CRONOPLE!$F$15,$M87-$A$15,AO$13)=0,10^12,OFFSET(CRONOPLE!$F$15,$M87-$A$15,AO$13)))","v":1000000000000},{"$f":"IF(OR($D87<>\"Serviço\",AND(AUTOEVENTO=\"Manual\",$M87=$A$15)),0,\n         IF(OFFSET(CRONOPLE!$F$15,$M87-$A$15,AP$13)=0,10^12,OFFSET(CRONOPLE!$F$15,$M87-$A$15,AP$13)))","v":1000000000000},{"$f":"IF(OR($D87<>\"Serviço\",AND(AUTOEVENTO=\"Manual\",$M87=$A$15)),0,\n         IF(OFFSET(CRONOPLE!$F$15,$M87-$A$15,AQ$13)=0,10^12,OFFSET(CRONOPLE!$F$15,$M87-$A$15,AQ$13)))","v":1000000000000},{"$f":"IF(OR($D87<>\"Serviço\",AND(AUTOEVENTO=\"Manual\",$M87=$A$15)),0,\n         IF(OFFSET(CRONOPLE!$F$15,$M87-$A$15,AR$13)=0,10^12,OFFSET(CRONOPLE!$F$15,$M87-$A$15,AR$13)))","v":1000000000000},{"$f":"IF(OR($D87<>\"Serviço\",AND(AUTOEVENTO=\"Manual\",$M87=$A$15)),0,\n         IF(OFFSET(CRONOPLE!$F$15,$M87-$A$15,AS$13)=0,10^12,OFFSET(CRONOPLE!$F$15,$M87-$A$15,AS$13)))","v":1000000000000},{"$f":"IF(OR($D87<>\"Serviço\",AND(AUTOEVENTO=\"Manual\",$M87=$A$15)),0,\n         IF(OFFSET(CRONOPLE!$F$15,$M87-$A$15,AT$13)=0,10^12,OFFSET(CRONOPLE!$F$15,$M87-$A$15,AT$13)))","v":1000000000000},{"$f":"IF(OR($D87<>\"Serviço\",AND(AUTOEVENTO=\"Manual\",$M87=$A$15)),0,\n         IF(OFFSET(CRONOPLE!$F$15,$M87-$A$15,AU$13)=0,10^12,OFFSET(CRONOPLE!$F$15,$M87-$A$15,AU$13)))","v":1000000000000},{"$f":"IF(OR($D87<>\"Serviço\",AND(AUTOEVENTO=\"Manual\",$M87=$A$15)),0,\n         IF(OFFSET(CRONOPLE!$F$15,$M87-$A$15,AV$13)=0,10^12,OFFSET(CRONOPLE!$F$15,$M87-$A$15,AV$13)))","v":1000000000000},null,{"$f":"IF(OR($D87<>\"Serviço\",AND(AUTOEVENTO=\"Manual\",$M87=$A$15),$M87>(ROW(PLE.lastrow)-ROW(PLE.firstrow))),0,\n           IF(OFFSET(PLE!$G$15,$M87-$A$15,AX$13)=\"\",10^12,OFFSET(PLE!$G$15,$M87-$A$15,AX$13)))","v":1000000000000},{"$f":"IF(OR($D87<>\"Serviço\",AND(AUTOEVENTO=\"Manual\",$M87=$A$15),$M87>(ROW(PLE.lastrow)-ROW(PLE.firstrow))),0,\n           IF(OFFSET(PLE!$G$15,$M87-$A$15,AY$13)=\"\",10^12,OFFSET(PLE!$G$15,$M87-$A$15,AY$13)))","v":1000000000000},{"$f":"IF(OR($D87<>\"Serviço\",AND(AUTOEVENTO=\"Manual\",$M87=$A$15),$M87>(ROW(PLE.lastrow)-ROW(PLE.firstrow))),0,\n           IF(OFFSET(PLE!$G$15,$M87-$A$15,AZ$13)=\"\",10^12,OFFSET(PLE!$G$15,$M87-$A$15,AZ$13)))","v":1000000000000},{"$f":"IF(OR($D87<>\"Serviço\",AND(AUTOEVENTO=\"Manual\",$M87=$A$15),$M87>(ROW(PLE.lastrow)-ROW(PLE.firstrow))),0,\n           IF(OFFSET(PLE!$G$15,$M87-$A$15,BA$13)=\"\",10^12,OFFSET(PLE!$G$15,$M87-$A$15,BA$13)))","v":1000000000000},{"$f":"IF(OR($D87<>\"Serviço\",AND(AUTOEVENTO=\"Manual\",$M87=$A$15),$M87>(ROW(PLE.lastrow)-ROW(PLE.firstrow))),0,\n           IF(OFFSET(PLE!$G$15,$M87-$A$15,BB$13)=\"\",10^12,OFFSET(PLE!$G$15,$M87-$A$15,BB$13)))","v":1000000000000},{"$f":"IF(OR($D87<>\"Serviço\",AND(AUTOEVENTO=\"Manual\",$M87=$A$15),$M87>(ROW(PLE.lastrow)-ROW(PLE.firstrow))),0,\n           IF(OFFSET(PLE!$G$15,$M87-$A$15,BC$13)=\"\",10^12,OFFSET(PLE!$G$15,$M87-$A$15,BC$13)))","v":1000000000000},{"$f":"IF(OR($D87<>\"Serviço\",AND(AUTOEVENTO=\"Manual\",$M87=$A$15),$M87>(ROW(PLE.lastrow)-ROW(PLE.firstrow))),0,\n           IF(OFFSET(PLE!$G$15,$M87-$A$15,BD$13)=\"\",10^12,OFFSET(PLE!$G$15,$M87-$A$15,BD$13)))","v":1000000000000},{"$f":"IF(OR($D87<>\"Serviço\",AND(AUTOEVENTO=\"Manual\",$M87=$A$15),$M87>(ROW(PLE.lastrow)-ROW(PLE.firstrow))),0,\n           IF(OFFSET(PLE!$G$15,$M87-$A$15,BE$13)=\"\",10^12,OFFSET(PLE!$G$15,$M87-$A$15,BE$13)))","v":1000000000000},{"$f":"IF(OR($D87<>\"Serviço\",AND(AUTOEVENTO=\"Manual\",$M87=$A$15),$M87>(ROW(PLE.lastrow)-ROW(PLE.firstrow))),0,\n           IF(OFFSET(PLE!$G$15,$M87-$A$15,BF$13)=\"\",10^12,OFFSET(PLE!$G$15,$M87-$A$15,BF$13)))","v":1000000000000},{"$f":"IF(OR($D87<>\"Serviço\",AND(AUTOEVENTO=\"Manual\",$M87=$A$15),$M87>(ROW(PLE.lastrow)-ROW(PLE.firstrow))),0,\n           IF(OFFSET(PLE!$G$15,$M87-$A$15,BG$13)=\"\",10^12,OFFSET(PLE!$G$15,$M87-$A$15,BG$13)))","v":1000000000000}]
[13,{"$f":"OFFSET(ORÇAMENTO!C$15,$L88,0)","v":"S"},{"$f":"OFFSET(ORÇAMENTO!L$15,$L88,0)","v":"F"},{"$f":"OFFSET(ORÇAMENTO!N$15,$L88,0)","v":"Serviço"},{"$f":"OFFSET(ORÇAMENTO!O$15,$L88,0)","v":"1.10.3."},{"$f":"OFFSET(ORÇAMENTO!R$15,$L88,0)","v":"ELETRODUTO RÍGIDO ROSCÁVEL, PVC, DN 25 MM (3/4\"), PARA CIRCUITOS TERMINAIS, INSTALADO EM FORRO - FORNECIMENTO E INSTALAÇÃO. AF_03/2023"},{"$f":"IF($D88<>\"Serviço\",\"\",OFFSET(ORÇAMENTO!S$15,$L88,0))","v":"M"},{"$f":"IF($D88<>\"Serviço\",0,IF(ACOMPANHAMENTO=\"BM\",ROUND(OFFSET(ORÇAMENTO!AJ$15,$L88,0),15-13*ORÇAMENTO!$AF$7),IF(IFERROR(CÁLCULO.FrentesPreenchidas,0)=0,0,SUM(ROUND(OFFSET($P88,0,1,1,CÁLCULO.FrentesPreenchidas),15-13*ORÇAMENTO!$AF$7)))))","v":190.09},"CONFORME PROJETO DE INSTALAÇÃO ELÉTRICA",{"$f":"IF(OR(B88<>\"S\",CÁLCULO.FrentesPreenchidas=0),\"\",IF(AND(ACOMPANHAMENTO=\"PLE\",AUTOEVENTO=\"Manual\",OR(H88>0,ORÇAMENTO!AC88=\"QUANT.\"),OR(K88=\"\",M88=0,N88=\"\")),\"►E\",IF(AND(ACOMPANHAMENTO=\"PLE\",ORÇAMENTO!AC88=\"QUANT.\"),\"►Q\",IF(AND(ACOMPANHAMENTO=\"PLE\",H88<>SUMPRODUCT(($Q$1:$AA$1=1)*ROUND(Q88:AA88,15))),\"►S\",IF(AND(COUNTIF($P$11:$AA$11,\"▼\")=0,H88>0,I88=\"\"),\"◄M\",\"\")))))","v":""},"13.Instalações elétricas iniciais",73,{"$f":"IF($D88<>\"Serviço\",\"\",\n          IF(AUTOEVENTO=\"manual\",$A88,\n                IF(ISERROR(MATCH($A88,$A$15:OFFSET($A88,-1,0),0)),MAX($M$15:OFFSET(M88,-1,0))+1,\n                      INDEX($M$15:OFFSET(M88,-1,0),MATCH($A88,$A$15:OFFSET($A88,-1,0),0)))))","v":13},{"$f":"IF($D88<>\"Serviço\",\"\",\n         IF(AUTOEVENTO=\"Manual\",\n                IF($A88=0,\"<-- defina o número do agrupador\",\n                       OFFSET(EVENTOS!$D$15,$A88-$A$15,0)),\n                OFFSET($F$15,$A88,0)))","v":"Instalações elétricas finais"},null,null,null,{"$f":"190.09","v":190.09},null,null,null,null,null,null,null,null,null,{"$f":"IF(AND($D88=\"Serviço\",AB$12<>0,$H88>0,OR(AUTOEVENTO<>\"manual\",$M88<>$A$15)),\n        IF(Import.TipoArredondamento<>\"TransfereGOV\",\n              ROUND(OFFSET($P88,0,AB$13),15-13*ORÇAMENTO!$AF$7)/$H88*OFFSET(ORÇAMENTO!$X$15,ROW(AB88)-ROW(AB$15),0),\n              ROUND(ROUND(OFFSET($P88,0,AB$13),15-13*ORÇAMENTO!$AF$7)*OFFSET(ORÇAMENTO!$W$15,ROW(AB88)-ROW(AB$15),0),15-13*ORÇAMENTO!$AF$11)),\n         0)","v":0},{"$f":"IF(AND($D88=\"Serviço\",AC$12<>0,$H88>0,OR(AUTOEVENTO<>\"manual\",$M88<>$A$15)),\n        IF(Import.TipoArredondamento<>\"TransfereGOV\",\n              ROUND(OFFSET($P88,0,AC$13),15-13*ORÇAMENTO!$AF$7)/$H88*OFFSET(ORÇAMENTO!$X$15,ROW(AC88)-ROW(AC$15),0),\n              ROUND(ROUND(OFFSET($P88,0,AC$13),15-13*ORÇAMENTO!$AF$7)*OFFSET(ORÇAMENTO!$W$15,ROW(AC88)-ROW(AC$15),0),15-13*ORÇAMENTO!$AF$11)),\n         0)","v":0},{"$f":"IF(AND($D88=\"Serviço\",AD$12<>0,$H88>0,OR(AUTOEVENTO<>\"manual\",$M88<>$A$15)),\n        IF(Import.TipoArredondamento<>\"TransfereGOV\",\n              ROUND(OFFSET($P88,0,AD$13),15-13*ORÇAMENTO!$AF$7)/$H88*OFFSET(ORÇAMENTO!$X$15,ROW(AD88)-ROW(AD$15),0),\n              ROUND(ROUND(OFFSET($P88,0,AD$13),15-13*ORÇAMENTO!$AF$7)*OFFSET(ORÇAMENTO!$W$15,ROW(AD88)-ROW(AD$15),0),15-13*ORÇAMENTO!$AF$11)),\n         0)","v":0},{"$f":"IF(AND($D88=\"Serviço\",AE$12<>0,$H88>0,OR(AUTOEVENTO<>\"manual\",$M88<>$A$15)),\n        IF(Import.TipoArredondamento<>\"TransfereGOV\",\n              ROUND(OFFSET($P88,0,AE$13),15-13*ORÇAMENTO!$AF$7)/$H88*OFFSET(ORÇAMENTO!$X$15,ROW(AE88)-ROW(AE$15),0),\n              ROUND(ROUND(OFFSET($P88,0,AE$13),15-13*ORÇAMENTO!$AF$7)*OFFSET(ORÇAMENTO!$W$15,ROW(AE88)-ROW(AE$15),0),15-13*ORÇAMENTO!$AF$11)),\n         0)","v":0},{"$f":"IF(AND($D88=\"Serviço\",AF$12<>0,$H88>0,OR(AUTOEVENTO<>\"manual\",$M88<>$A$15)),\n        IF(Import.TipoArredondamento<>\"TransfereGOV\",\n              ROUND(OFFSET($P88,0,AF$13),15-13*ORÇAMENTO!$AF$7)/$H88*OFFSET(ORÇAMENTO!$X$15,ROW(AF88)-ROW(AF$15),0),\n              ROUND(ROUND(OFFSET($P88,0,AF$13),15-13*ORÇAMENTO!$AF$7)*OFFSET(ORÇAMENTO!$W$15,ROW(AF88)-ROW(AF$15),0),15-13*ORÇAMENTO!$AF$11)),\n         0)","v":0},{"$f":"IF(AND($D88=\"Serviço\",AG$12<>0,$H88>0,OR(AUTOEVENTO<>\"manual\",$M88<>$A$15)),\n        IF(Import.TipoArredondamento<>\"TransfereGOV\",\n              ROUND(OFFSET($P88,0,AG$13),15-13*ORÇAMENTO!$AF$7)/$H88*OFFSET(ORÇAMENTO!$X$15,ROW(AG88)-ROW(AG$15),0),\n              ROUND(ROUND(OFFSET($P88,0,AG$13),15-13*ORÇAMENTO!$AF$7)*OFFSET(ORÇAMENTO!$W$15,ROW(AG88)-ROW(AG$15),0),15-13*ORÇAMENTO!$AF$11)),\n         0)","v":0},{"$f":"IF(AND($D88=\"Serviço\",AH$12<>0,$H88>0,OR(AUTOEVENTO<>\"manual\",$M88<>$A$15)),\n        IF(Import.TipoArredondamento<>\"TransfereGOV\",\n              ROUND(OFFSET($P88,0,AH$13),15-13*ORÇAMENTO!$AF$7)/$H88*OFFSET(ORÇAMENTO!$X$15,ROW(AH88)-ROW(AH$15),0),\n              ROUND(ROUND(OFFSET($P88,0,AH$13),15-13*ORÇAMENTO!$AF$7)*OFFSET(ORÇAMENTO!$W$15,ROW(AH88)-ROW(AH$15),0),15-13*ORÇAMENTO!$AF$11)),\n         0)","v":0},{"$f":"IF(AND($D88=\"Serviço\",AI$12<>0,$H88>0,OR(AUTOEVENTO<>\"manual\",$M88<>$A$15)),\n        IF(Import.TipoArredondamento<>\"TransfereGOV\",\n              ROUND(OFFSET($P88,0,AI$13),15-13*ORÇAMENTO!$AF$7)/$H88*OFFSET(ORÇAMENTO!$X$15,ROW(AI88)-ROW(AI$15),0),\n              ROUND(ROUND(OFFSET($P88,0,AI$13),15-13*ORÇAMENTO!$AF$7)*OFFSET(ORÇAMENTO!$W$15,ROW(AI88)-ROW(AI$15),0),15-13*ORÇAMENTO!$AF$11)),\n         0)","v":0},{"$f":"IF(AND($D88=\"Serviço\",AJ$12<>0,$H88>0,OR(AUTOEVENTO<>\"manual\",$M88<>$A$15)),\n        IF(Import.TipoArredondamento<>\"TransfereGOV\",\n              ROUND(OFFSET($P88,0,AJ$13),15-13*ORÇAMENTO!$AF$7)/$H88*OFFSET(ORÇAMENTO!$X$15,ROW(AJ88)-ROW(AJ$15),0),\n              ROUND(ROUND(OFFSET($P88,0,AJ$13),15-13*ORÇAMENTO!$AF$7)*OFFSET(ORÇAMENTO!$W$15,ROW(AJ88)-ROW(AJ$15),0),15-13*ORÇAMENTO!$AF$11)),\n         0)","v":0},{"$f":"IF(AND($D88=\"Serviço\",AK$12<>0,$H88>0,OR(AUTOEVENTO<>\"manual\",$M88<>$A$15)),\n        IF(Import.TipoArredondamento<>\"TransfereGOV\",\n              ROUND(OFFSET($P88,0,AK$13),15-13*ORÇAMENTO!$AF$7)/$H88*OFFSET(ORÇAMENTO!$X$15,ROW(AK88)-ROW(AK$15),0),\n              ROUND(ROUND(OFFSET($P88,0,AK$13),15-13*ORÇAMENTO!$AF$7)*OFFSET(ORÇAMENTO!$W$15,ROW(AK88)-ROW(AK$15),0),15-13*ORÇAMENTO!$AF$11)),\n         0)","v":0},null,{"$f":"IF(OR($D88<>\"Serviço\",AND(AUTOEVENTO=\"Manual\",$M88=$A$15)),0,\n         IF(OFFSET(CRONOPLE!$F$15,$M88-$A$15,AM$13)=0,10^12,OFFSET(CRONOPLE!$F$15,$M88-$A$15,AM$13)))","v":4},{"$f":"IF(OR($D88<>\"Serviço\",AND(AUTOEVENTO=\"Manual\",$M88=$A$15)),0,\n         IF(OFFSET(CRONOPLE!$F$15,$M88-$A$15,AN$13)=0,10^12,OFFSET(CRONOPLE!$F$15,$M88-$A$15,AN$13)))","v":5},{"$f":"IF(OR($D88<>\"Serviço\",AND(AUTOEVENTO=\"Manual\",$M88=$A$15)),0,\n         IF(OFFSET(CRONOPLE!$F$15,$M88-$A$15,AO$13)=0,10^12,OFFSET(CRONOPLE!$F$15,$M88-$A$15,AO$13)))","v":1000000000000},{"$f":"IF(OR($D88<>\"Serviço\",AND(AUTOEVENTO=\"Manual\",$M88=$A$15)),0,\n         IF(OFFSET(CRONOPLE!$F$15,$M88-$A$15,AP$13)=0,10^12,OFFSET(CRONOPLE!$F$15,$M88-$A$15,AP$13)))","v":1000000000000},{"$f":"IF(OR($D88<>\"Serviço\",AND(AUTOEVENTO=\"Manual\",$M88=$A$15)),0,\n         IF(OFFSET(CRONOPLE!$F$15,$M88-$A$15,AQ$13)=0,10^12,OFFSET(CRONOPLE!$F$15,$M88-$A$15,AQ$13)))","v":1000000000000},{"$f":"IF(OR($D88<>\"Serviço\",AND(AUTOEVENTO=\"Manual\",$M88=$A$15)),0,\n         IF(OFFSET(CRONOPLE!$F$15,$M88-$A$15,AR$13)=0,10^12,OFFSET(CRONOPLE!$F$15,$M88-$A$15,AR$13)))","v":1000000000000},{"$f":"IF(OR($D88<>\"Serviço\",AND(AUTOEVENTO=\"Manual\",$M88=$A$15)),0,\n         IF(OFFSET(CRONOPLE!$F$15,$M88-$A$15,AS$13)=0,10^12,OFFSET(CRONOPLE!$F$15,$M88-$A$15,AS$13)))","v":1000000000000},{"$f":"IF(OR($D88<>\"Serviço\",AND(AUTOEVENTO=\"Manual\",$M88=$A$15)),0,\n         IF(OFFSET(CRONOPLE!$F$15,$M88-$A$15,AT$13)=0,10^12,OFFSET(CRONOPLE!$F$15,$M88-$A$15,AT$13)))","v":1000000000000},{"$f":"IF(OR($D88<>\"Serviço\",AND(AUTOEVENTO=\"Manual\",$M88=$A$15)),0,\n         IF(OFFSET(CRONOPLE!$F$15,$M88-$A$15,AU$13)=0,10^12,OFFSET(CRONOPLE!$F$15,$M88-$A$15,AU$13)))","v":1000000000000},{"$f":"IF(OR($D88<>\"Serviço\",AND(AUTOEVENTO=\"Manual\",$M88=$A$15)),0,\n         IF(OFFSET(CRONOPLE!$F$15,$M88-$A$15,AV$13)=0,10^12,OFFSET(CRONOPLE!$F$15,$M88-$A$15,AV$13)))","v":1000000000000},null,{"$f":"IF(OR($D88<>\"Serviço\",AND(AUTOEVENTO=\"Manual\",$M88=$A$15),$M88>(ROW(PLE.lastrow)-ROW(PLE.firstrow))),0,\n           IF(OFFSET(PLE!$G$15,$M88-$A$15,AX$13)=\"\",10^12,OFFSET(PLE!$G$15,$M88-$A$15,AX$13)))","v":1000000000000},{"$f":"IF(OR($D88<>\"Serviço\",AND(AUTOEVENTO=\"Manual\",$M88=$A$15),$M88>(ROW(PLE.lastrow)-ROW(PLE.firstrow))),0,\n           IF(OFFSET(PLE!$G$15,$M88-$A$15,AY$13)=\"\",10^12,OFFSET(PLE!$G$15,$M88-$A$15,AY$13)))","v":1000000000000},{"$f":"IF(OR($D88<>\"Serviço\",AND(AUTOEVENTO=\"Manual\",$M88=$A$15),$M88>(ROW(PLE.lastrow)-ROW(PLE.firstrow))),0,\n           IF(OFFSET(PLE!$G$15,$M88-$A$15,AZ$13)=\"\",10^12,OFFSET(PLE!$G$15,$M88-$A$15,AZ$13)))","v":1000000000000},{"$f":"IF(OR($D88<>\"Serviço\",AND(AUTOEVENTO=\"Manual\",$M88=$A$15),$M88>(ROW(PLE.lastrow)-ROW(PLE.firstrow))),0,\n           IF(OFFSET(PLE!$G$15,$M88-$A$15,BA$13)=\"\",10^12,OFFSET(PLE!$G$15,$M88-$A$15,BA$13)))","v":1000000000000},{"$f":"IF(OR($D88<>\"Serviço\",AND(AUTOEVENTO=\"Manual\",$M88=$A$15),$M88>(ROW(PLE.lastrow)-ROW(PLE.firstrow))),0,\n           IF(OFFSET(PLE!$G$15,$M88-$A$15,BB$13)=\"\",10^12,OFFSET(PLE!$G$15,$M88-$A$15,BB$13)))","v":1000000000000},{"$f":"IF(OR($D88<>\"Serviço\",AND(AUTOEVENTO=\"Manual\",$M88=$A$15),$M88>(ROW(PLE.lastrow)-ROW(PLE.firstrow))),0,\n           IF(OFFSET(PLE!$G$15,$M88-$A$15,BC$13)=\"\",10^12,OFFSET(PLE!$G$15,$M88-$A$15,BC$13)))","v":1000000000000},{"$f":"IF(OR($D88<>\"Serviço\",AND(AUTOEVENTO=\"Manual\",$M88=$A$15),$M88>(ROW(PLE.lastrow)-ROW(PLE.firstrow))),0,\n           IF(OFFSET(PLE!$G$15,$M88-$A$15,BD$13)=\"\",10^12,OFFSET(PLE!$G$15,$M88-$A$15,BD$13)))","v":1000000000000},{"$f":"IF(OR($D88<>\"Serviço\",AND(AUTOEVENTO=\"Manual\",$M88=$A$15),$M88>(ROW(PLE.lastrow)-ROW(PLE.firstrow))),0,\n           IF(OFFSET(PLE!$G$15,$M88-$A$15,BE$13)=\"\",10^12,OFFSET(PLE!$G$15,$M88-$A$15,BE$13)))","v":1000000000000},{"$f":"IF(OR($D88<>\"Serviço\",AND(AUTOEVENTO=\"Manual\",$M88=$A$15),$M88>(ROW(PLE.lastrow)-ROW(PLE.firstrow))),0,\n           IF(OFFSET(PLE!$G$15,$M88-$A$15,BF$13)=\"\",10^12,OFFSET(PLE!$G$15,$M88-$A$15,BF$13)))","v":1000000000000},{"$f":"IF(OR($D88<>\"Serviço\",AND(AUTOEVENTO=\"Manual\",$M88=$A$15),$M88>(ROW(PLE.lastrow)-ROW(PLE.firstrow))),0,\n           IF(OFFSET(PLE!$G$15,$M88-$A$15,BG$13)=\"\",10^12,OFFSET(PLE!$G$15,$M88-$A$15,BG$13)))","v":1000000000000}]
[13,{"$f":"OFFSET(ORÇAMENTO!C$15,$L89,0)","v":"S"},{"$f":"OFFSET(ORÇAMENTO!L$15,$L89,0)","v":"F"},{"$f":"OFFSET(ORÇAMENTO!N$15,$L89,0)","v":"Serviço"},{"$f":"OFFSET(ORÇAMENTO!O$15,$L89,0)","v":"1.10.4."},{"$f":"OFFSET(ORÇAMENTO!R$15,$L89,0)","v":"ELETRODUTO FLEXÍVEL CORRUGADO, PEAD, DN 50 (1 1/2\"), PARA REDE ENTERRADA DE DISTRIBUIÇÃO DE ENERGIA ELÉTRICA - FORNECIMENTO E INSTALAÇÃO. AF_12/2021"},{"$f":"IF($D89<>\"Serviço\",\"\",OFFSET(ORÇAMENTO!S$15,$L89,0))","v":"M"},{"$f":"IF($D89<>\"Serviço\",0,IF(ACOMPANHAMENTO=\"BM\",ROUND(OFFSET(ORÇAMENTO!AJ$15,$L89,0),15-13*ORÇAMENTO!$AF$7),IF(IFERROR(CÁLCULO.FrentesPreenchidas,0)=0,0,SUM(ROUND(OFFSET($P89,0,1,1,CÁLCULO.FrentesPreenchidas),15-13*ORÇAMENTO!$AF$7)))))","v":115.89},"CONFORME PROJETO DE INSTALAÇÃO ELÉTRICA",{"$f":"IF(OR(B89<>\"S\",CÁLCULO.FrentesPreenchidas=0),\"\",IF(AND(ACOMPANHAMENTO=\"PLE\",AUTOEVENTO=\"Manual\",OR(H89>0,ORÇAMENTO!AC89=\"QUANT.\"),OR(K89=\"\",M89=0,N89=\"\")),\"►E\",IF(AND(ACOMPANHAMENTO=\"PLE\",ORÇAMENTO!AC89=\"QUANT.\"),\"►Q\",IF(AND(ACOMPANHAMENTO=\"PLE\",H89<>SUMPRODUCT(($Q$1:$AA$1=1)*ROUND(Q89:AA89,15))),\"►S\",IF(AND(COUNTIF($P$11:$AA$11,\"▼\")=0,H89>0,I89=\"\"),\"◄M\",\"\")))))","v":""},"13.Instalações elétricas iniciais",74,{"$f":"IF($D89<>\"Serviço\",\"\",\n          IF(AUTOEVENTO=\"manual\",$A89,\n                IF(ISERROR(MATCH($A89,$A$15:OFFSET($A89,-1,0),0)),MAX($M$15:OFFSET(M89,-1,0))+1,\n                      INDEX($M$15:OFFSET(M89,-1,0),MATCH($A89,$A$15:OFFSET($A89,-1,0),0)))))","v":13},{"$f":"IF($D89<>\"Serviço\",\"\",\n         IF(AUTOEVENTO=\"Manual\",\n                IF($A89=0,\"<-- defina o número do agrupador\",\n                       OFFSET(EVENTOS!$D$15,$A89-$A$15,0)),\n                OFFSET($F$15,$A89,0)))","v":"Instalações elétricas finais"},null,null,null,{"$f":"115.89","v":115.89},null,null,null,null,null,null,null,null,null,{"$f":"IF(AND($D89=\"Serviço\",AB$12<>0,$H89>0,OR(AUTOEVENTO<>\"manual\",$M89<>$A$15)),\n        IF(Import.TipoArredondamento<>\"TransfereGOV\",\n              ROUND(OFFSET($P89,0,AB$13),15-13*ORÇAMENTO!$AF$7)/$H89*OFFSET(ORÇAMENTO!$X$15,ROW(AB89)-ROW(AB$15),0),\n              ROUND(ROUND(OFFSET($P89,0,AB$13),15-13*ORÇAMENTO!$AF$7)*OFFSET(ORÇAMENTO!$W$15,ROW(AB89)-ROW(AB$15),0),15-13*ORÇAMENTO!$AF$11)),\n         0)","v":0},{"$f":"IF(AND($D89=\"Serviço\",AC$12<>0,$H89>0,OR(AUTOEVENTO<>\"manual\",$M89<>$A$15)),\n        IF(Import.TipoArredondamento<>\"TransfereGOV\",\n              ROUND(OFFSET($P89,0,AC$13),15-13*ORÇAMENTO!$AF$7)/$H89*OFFSET(ORÇAMENTO!$X$15,ROW(AC89)-ROW(AC$15),0),\n              ROUND(ROUND(OFFSET($P89,0,AC$13),15-13*ORÇAMENTO!$AF$7)*OFFSET(ORÇAMENTO!$W$15,ROW(AC89)-ROW(AC$15),0),15-13*ORÇAMENTO!$AF$11)),\n         0)","v":0},{"$f":"IF(AND($D89=\"Serviço\",AD$12<>0,$H89>0,OR(AUTOEVENTO<>\"manual\",$M89<>$A$15)),\n        IF(Import.TipoArredondamento<>\"TransfereGOV\",\n              ROUND(OFFSET($P89,0,AD$13),15-13*ORÇAMENTO!$AF$7)/$H89*OFFSET(ORÇAMENTO!$X$15,ROW(AD89)-ROW(AD$15),0),\n              ROUND(ROUND(OFFSET($P89,0,AD$13),15-13*ORÇAMENTO!$AF$7)*OFFSET(ORÇAMENTO!$W$15,ROW(AD89)-ROW(AD$15),0),15-13*ORÇAMENTO!$AF$11)),\n         0)","v":0},{"$f":"IF(AND($D89=\"Serviço\",AE$12<>0,$H89>0,OR(AUTOEVENTO<>\"manual\",$M89<>$A$15)),\n        IF(Import.TipoArredondamento<>\"TransfereGOV\",\n              ROUND(OFFSET($P89,0,AE$13),15-13*ORÇAMENTO!$AF$7)/$H89*OFFSET(ORÇAMENTO!$X$15,ROW(AE89)-ROW(AE$15),0),\n              ROUND(ROUND(OFFSET($P89,0,AE$13),15-13*ORÇAMENTO!$AF$7)*OFFSET(ORÇAMENTO!$W$15,ROW(AE89)-ROW(AE$15),0),15-13*ORÇAMENTO!$AF$11)),\n         0)","v":0},{"$f":"IF(AND($D89=\"Serviço\",AF$12<>0,$H89>0,OR(AUTOEVENTO<>\"manual\",$M89<>$A$15)),\n        IF(Import.TipoArredondamento<>\"TransfereGOV\",\n              ROUND(OFFSET($P89,0,AF$13),15-13*ORÇAMENTO!$AF$7)/$H89*OFFSET(ORÇAMENTO!$X$15,ROW(AF89)-ROW(AF$15),0),\n              ROUND(ROUND(OFFSET($P89,0,AF$13),15-13*ORÇAMENTO!$AF$7)*OFFSET(ORÇAMENTO!$W$15,ROW(AF89)-ROW(AF$15),0),15-13*ORÇAMENTO!$AF$11)),\n         0)","v":0},{"$f":"IF(AND($D89=\"Serviço\",AG$12<>0,$H89>0,OR(AUTOEVENTO<>\"manual\",$M89<>$A$15)),\n        IF(Import.TipoArredondamento<>\"TransfereGOV\",\n              ROUND(OFFSET($P89,0,AG$13),15-13*ORÇAMENTO!$AF$7)/$H89*OFFSET(ORÇAMENTO!$X$15,ROW(AG89)-ROW(AG$15),0),\n              ROUND(ROUND(OFFSET($P89,0,AG$13),15-13*ORÇAMENTO!$AF$7)*OFFSET(ORÇAMENTO!$W$15,ROW(AG89)-ROW(AG$15),0),15-13*ORÇAMENTO!$AF$11)),\n         0)","v":0},{"$f":"IF(AND($D89=\"Serviço\",AH$12<>0,$H89>0,OR(AUTOEVENTO<>\"manual\",$M89<>$A$15)),\n        IF(Import.TipoArredondamento<>\"TransfereGOV\",\n              ROUND(OFFSET($P89,0,AH$13),15-13*ORÇAMENTO!$AF$7)/$H89*OFFSET(ORÇAMENTO!$X$15,ROW(AH89)-ROW(AH$15),0),\n              ROUND(ROUND(OFFSET($P89,0,AH$13),15-13*ORÇAMENTO!$AF$7)*OFFSET(ORÇAMENTO!$W$15,ROW(AH89)-ROW(AH$15),0),15-13*ORÇAMENTO!$AF$11)),\n         0)","v":0},{"$f":"IF(AND($D89=\"Serviço\",AI$12<>0,$H89>0,OR(AUTOEVENTO<>\"manual\",$M89<>$A$15)),\n        IF(Import.TipoArredondamento<>\"TransfereGOV\",\n              ROUND(OFFSET($P89,0,AI$13),15-13*ORÇAMENTO!$AF$7)/$H89*OFFSET(ORÇAMENTO!$X$15,ROW(AI89)-ROW(AI$15),0),\n              ROUND(ROUND(OFFSET($P89,0,AI$13),15-13*ORÇAMENTO!$AF$7)*OFFSET(ORÇAMENTO!$W$15,ROW(AI89)-ROW(AI$15),0),15-13*ORÇAMENTO!$AF$11)),\n         0)","v":0},{"$f":"IF(AND($D89=\"Serviço\",AJ$12<>0,$H89>0,OR(AUTOEVENTO<>\"manual\",$M89<>$A$15)),\n        IF(Import.TipoArredondamento<>\"TransfereGOV\",\n              ROUND(OFFSET($P89,0,AJ$13),15-13*ORÇAMENTO!$AF$7)/$H89*OFFSET(ORÇAMENTO!$X$15,ROW(AJ89)-ROW(AJ$15),0),\n              ROUND(ROUND(OFFSET($P89,0,AJ$13),15-13*ORÇAMENTO!$AF$7)*OFFSET(ORÇAMENTO!$W$15,ROW(AJ89)-ROW(AJ$15),0),15-13*ORÇAMENTO!$AF$11)),\n         0)","v":0},{"$f":"IF(AND($D89=\"Serviço\",AK$12<>0,$H89>0,OR(AUTOEVENTO<>\"manual\",$M89<>$A$15)),\n        IF(Import.TipoArredondamento<>\"TransfereGOV\",\n              ROUND(OFFSET($P89,0,AK$13),15-13*ORÇAMENTO!$AF$7)/$H89*OFFSET(ORÇAMENTO!$X$15,ROW(AK89)-ROW(AK$15),0),\n              ROUND(ROUND(OFFSET($P89,0,AK$13),15-13*ORÇAMENTO!$AF$7)*OFFSET(ORÇAMENTO!$W$15,ROW(AK89)-ROW(AK$15),0),15-13*ORÇAMENTO!$AF$11)),\n         0)","v":0},null,{"$f":"IF(OR($D89<>\"Serviço\",AND(AUTOEVENTO=\"Manual\",$M89=$A$15)),0,\n         IF(OFFSET(CRONOPLE!$F$15,$M89-$A$15,AM$13)=0,10^12,OFFSET(CRONOPLE!$F$15,$M89-$A$15,AM$13)))","v":4},{"$f":"IF(OR($D89<>\"Serviço\",AND(AUTOEVENTO=\"Manual\",$M89=$A$15)),0,\n         IF(OFFSET(CRONOPLE!$F$15,$M89-$A$15,AN$13)=0,10^12,OFFSET(CRONOPLE!$F$15,$M89-$A$15,AN$13)))","v":5},{"$f":"IF(OR($D89<>\"Serviço\",AND(AUTOEVENTO=\"Manual\",$M89=$A$15)),0,\n         IF(OFFSET(CRONOPLE!$F$15,$M89-$A$15,AO$13)=0,10^12,OFFSET(CRONOPLE!$F$15,$M89-$A$15,AO$13)))","v":1000000000000},{"$f":"IF(OR($D89<>\"Serviço\",AND(AUTOEVENTO=\"Manual\",$M89=$A$15)),0,\n         IF(OFFSET(CRONOPLE!$F$15,$M89-$A$15,AP$13)=0,10^12,OFFSET(CRONOPLE!$F$15,$M89-$A$15,AP$13)))","v":1000000000000},{"$f":"IF(OR($D89<>\"Serviço\",AND(AUTOEVENTO=\"Manual\",$M89=$A$15)),0,\n         IF(OFFSET(CRONOPLE!$F$15,$M89-$A$15,AQ$13)=0,10^12,OFFSET(CRONOPLE!$F$15,$M89-$A$15,AQ$13)))","v":1000000000000},{"$f":"IF(OR($D89<>\"Serviço\",AND(AUTOEVENTO=\"Manual\",$M89=$A$15)),0,\n         IF(OFFSET(CRONOPLE!$F$15,$M89-$A$15,AR$13)=0,10^12,OFFSET(CRONOPLE!$F$15,$M89-$A$15,AR$13)))","v":1000000000000},{"$f":"IF(OR($D89<>\"Serviço\",AND(AUTOEVENTO=\"Manual\",$M89=$A$15)),0,\n         IF(OFFSET(CRONOPLE!$F$15,$M89-$A$15,AS$13)=0,10^12,OFFSET(CRONOPLE!$F$15,$M89-$A$15,AS$13)))","v":1000000000000},{"$f":"IF(OR($D89<>\"Serviço\",AND(AUTOEVENTO=\"Manual\",$M89=$A$15)),0,\n         IF(OFFSET(CRONOPLE!$F$15,$M89-$A$15,AT$13)=0,10^12,OFFSET(CRONOPLE!$F$15,$M89-$A$15,AT$13)))","v":1000000000000},{"$f":"IF(OR($D89<>\"Serviço\",AND(AUTOEVENTO=\"Manual\",$M89=$A$15)),0,\n         IF(OFFSET(CRONOPLE!$F$15,$M89-$A$15,AU$13)=0,10^12,OFFSET(CRONOPLE!$F$15,$M89-$A$15,AU$13)))","v":1000000000000},{"$f":"IF(OR($D89<>\"Serviço\",AND(AUTOEVENTO=\"Manual\",$M89=$A$15)),0,\n         IF(OFFSET(CRONOPLE!$F$15,$M89-$A$15,AV$13)=0,10^12,OFFSET(CRONOPLE!$F$15,$M89-$A$15,AV$13)))","v":1000000000000},null,{"$f":"IF(OR($D89<>\"Serviço\",AND(AUTOEVENTO=\"Manual\",$M89=$A$15),$M89>(ROW(PLE.lastrow)-ROW(PLE.firstrow))),0,\n           IF(OFFSET(PLE!$G$15,$M89-$A$15,AX$13)=\"\",10^12,OFFSET(PLE!$G$15,$M89-$A$15,AX$13)))","v":1000000000000},{"$f":"IF(OR($D89<>\"Serviço\",AND(AUTOEVENTO=\"Manual\",$M89=$A$15),$M89>(ROW(PLE.lastrow)-ROW(PLE.firstrow))),0,\n           IF(OFFSET(PLE!$G$15,$M89-$A$15,AY$13)=\"\",10^12,OFFSET(PLE!$G$15,$M89-$A$15,AY$13)))","v":1000000000000},{"$f":"IF(OR($D89<>\"Serviço\",AND(AUTOEVENTO=\"Manual\",$M89=$A$15),$M89>(ROW(PLE.lastrow)-ROW(PLE.firstrow))),0,\n           IF(OFFSET(PLE!$G$15,$M89-$A$15,AZ$13)=\"\",10^12,OFFSET(PLE!$G$15,$M89-$A$15,AZ$13)))","v":1000000000000},{"$f":"IF(OR($D89<>\"Serviço\",AND(AUTOEVENTO=\"Manual\",$M89=$A$15),$M89>(ROW(PLE.lastrow)-ROW(PLE.firstrow))),0,\n           IF(OFFSET(PLE!$G$15,$M89-$A$15,BA$13)=\"\",10^12,OFFSET(PLE!$G$15,$M89-$A$15,BA$13)))","v":1000000000000},{"$f":"IF(OR($D89<>\"Serviço\",AND(AUTOEVENTO=\"Manual\",$M89=$A$15),$M89>(ROW(PLE.lastrow)-ROW(PLE.firstrow))),0,\n           IF(OFFSET(PLE!$G$15,$M89-$A$15,BB$13)=\"\",10^12,OFFSET(PLE!$G$15,$M89-$A$15,BB$13)))","v":1000000000000},{"$f":"IF(OR($D89<>\"Serviço\",AND(AUTOEVENTO=\"Manual\",$M89=$A$15),$M89>(ROW(PLE.lastrow)-ROW(PLE.firstrow))),0,\n           IF(OFFSET(PLE!$G$15,$M89-$A$15,BC$13)=\"\",10^12,OFFSET(PLE!$G$15,$M89-$A$15,BC$13)))","v":1000000000000},{"$f":"IF(OR($D89<>\"Serviço\",AND(AUTOEVENTO=\"Manual\",$M89=$A$15),$M89>(ROW(PLE.lastrow)-ROW(PLE.firstrow))),0,\n           IF(OFFSET(PLE!$G$15,$M89-$A$15,BD$13)=\"\",10^12,OFFSET(PLE!$G$15,$M89-$A$15,BD$13)))","v":1000000000000},{"$f":"IF(OR($D89<>\"Serviço\",AND(AUTOEVENTO=\"Manual\",$M89=$A$15),$M89>(ROW(PLE.lastrow)-ROW(PLE.firstrow))),0,\n           IF(OFFSET(PLE!$G$15,$M89-$A$15,BE$13)=\"\",10^12,OFFSET(PLE!$G$15,$M89-$A$15,BE$13)))","v":1000000000000},{"$f":"IF(OR($D89<>\"Serviço\",AND(AUTOEVENTO=\"Manual\",$M89=$A$15),$M89>(ROW(PLE.lastrow)-ROW(PLE.firstrow))),0,\n           IF(OFFSET(PLE!$G$15,$M89-$A$15,BF$13)=\"\",10^12,OFFSET(PLE!$G$15,$M89-$A$15,BF$13)))","v":1000000000000},{"$f":"IF(OR($D89<>\"Serviço\",AND(AUTOEVENTO=\"Manual\",$M89=$A$15),$M89>(ROW(PLE.lastrow)-ROW(PLE.firstrow))),0,\n           IF(OFFSET(PLE!$G$15,$M89-$A$15,BG$13)=\"\",10^12,OFFSET(PLE!$G$15,$M89-$A$15,BG$13)))","v":1000000000000}]
[13,{"$f":"OFFSET(ORÇAMENTO!C$15,$L90,0)","v":"S"},{"$f":"OFFSET(ORÇAMENTO!L$15,$L90,0)","v":"F"},{"$f":"OFFSET(ORÇAMENTO!N$15,$L90,0)","v":"Serviço"},{"$f":"OFFSET(ORÇAMENTO!O$15,$L90,0)","v":"1.10.5."},{"$f":"OFFSET(ORÇAMENTO!R$15,$L90,0)","v":"ESCAVAÇÃO MANUAL DE VALA. AF_09/2024"},{"$f":"IF($D90<>\"Serviço\",\"\",OFFSET(ORÇAMENTO!S$15,$L90,0))","v":"M3"},{"$f":"IF($D90<>\"Serviço\",0,IF(ACOMPANHAMENTO=\"BM\",ROUND(OFFSET(ORÇAMENTO!AJ$15,$L90,0),15-13*ORÇAMENTO!$AF$7),IF(IFERROR(CÁLCULO.FrentesPreenchidas,0)=0,0,SUM(ROUND(OFFSET($P90,0,1,1,CÁLCULO.FrentesPreenchidas),15-13*ORÇAMENTO!$AF$7)))))","v":10.35},"QTD ELETRODUTO ENTERRADO - 115m x0,30m x0,30m",{"$f":"IF(OR(B90<>\"S\",CÁLCULO.FrentesPreenchidas=0),\"\",IF(AND(ACOMPANHAMENTO=\"PLE\",AUTOEVENTO=\"Manual\",OR(H90>0,ORÇAMENTO!AC90=\"QUANT.\"),OR(K90=\"\",M90=0,N90=\"\")),\"►E\",IF(AND(ACOMPANHAMENTO=\"PLE\",ORÇAMENTO!AC90=\"QUANT.\"),\"►Q\",IF(AND(ACOMPANHAMENTO=\"PLE\",H90<>SUMPRODUCT(($Q$1:$AA$1=1)*ROUND(Q90:AA90,15))),\"►S\",IF(AND(COUNTIF($P$11:$AA$11,\"▼\")=0,H90>0,I90=\"\"),\"◄M\",\"\")))))","v":""},"13.Instalações elétricas iniciais",75,{"$f":"IF($D90<>\"Serviço\",\"\",\n          IF(AUTOEVENTO=\"manual\",$A90,\n                IF(ISERROR(MATCH($A90,$A$15:OFFSET($A90,-1,0),0)),MAX($M$15:OFFSET(M90,-1,0))+1,\n                      INDEX($M$15:OFFSET(M90,-1,0),MATCH($A90,$A$15:OFFSET($A90,-1,0),0)))))","v":13},{"$f":"IF($D90<>\"Serviço\",\"\",\n         IF(AUTOEVENTO=\"Manual\",\n                IF($A90=0,\"<-- defina o número do agrupador\",\n                       OFFSET(EVENTOS!$D$15,$A90-$A$15,0)),\n                OFFSET($F$15,$A90,0)))","v":"Instalações elétricas finais"},null,null,null,{"$f":"115*0.3*0.3","v":10.35},null,null,null,null,null,null,null,null,null,{"$f":"IF(AND($D90=\"Serviço\",AB$12<>0,$H90>0,OR(AUTOEVENTO<>\"manual\",$M90<>$A$15)),\n        IF(Import.TipoArredondamento<>\"TransfereGOV\",\n              ROUND(OFFSET($P90,0,AB$13),15-13*ORÇAMENTO!$AF$7)/$H90*OFFSET(ORÇAMENTO!$X$15,ROW(AB90)-ROW(AB$15),0),\n              ROUND(ROUND(OFFSET($P90,0,AB$13),15-13*ORÇAMENTO!$AF$7)*OFFSET(ORÇAMENTO!$W$15,ROW(AB90)-ROW(AB$15),0),15-13*ORÇAMENTO!$AF$11)),\n         0)","v":0},{"$f":"IF(AND($D90=\"Serviço\",AC$12<>0,$H90>0,OR(AUTOEVENTO<>\"manual\",$M90<>$A$15)),\n        IF(Import.TipoArredondamento<>\"TransfereGOV\",\n              ROUND(OFFSET($P90,0,AC$13),15-13*ORÇAMENTO!$AF$7)/$H90*OFFSET(ORÇAMENTO!$X$15,ROW(AC90)-ROW(AC$15),0),\n              ROUND(ROUND(OFFSET($P90,0,AC$13),15-13*ORÇAMENTO!$AF$7)*OFFSET(ORÇAMENTO!$W$15,ROW(AC90)-ROW(AC$15),0),15-13*ORÇAMENTO!$AF$11)),\n         0)","v":0},{"$f":"IF(AND($D90=\"Serviço\",AD$12<>0,$H90>0,OR(AUTOEVENTO<>\"manual\",$M90<>$A$15)),\n        IF(Import.TipoArredondamento<>\"TransfereGOV\",\n              ROUND(OFFSET($P90,0,AD$13),15-13*ORÇAMENTO!$AF$7)/$H90*OFFSET(ORÇAMENTO!$X$15,ROW(AD90)-ROW(AD$15),0),\n              ROUND(ROUND(OFFSET($P90,0,AD$13),15-13*ORÇAMENTO!$AF$7)*OFFSET(ORÇAMENTO!$W$15,ROW(AD90)-ROW(AD$15),0),15-13*ORÇAMENTO!$AF$11)),\n         0)","v":0},{"$f":"IF(AND($D90=\"Serviço\",AE$12<>0,$H90>0,OR(AUTOEVENTO<>\"manual\",$M90<>$A$15)),\n        IF(Import.TipoArredondamento<>\"TransfereGOV\",\n              ROUND(OFFSET($P90,0,AE$13),15-13*ORÇAMENTO!$AF$7)/$H90*OFFSET(ORÇAMENTO!$X$15,ROW(AE90)-ROW(AE$15),0),\n              ROUND(ROUND(OFFSET($P90,0,AE$13),15-13*ORÇAMENTO!$AF$7)*OFFSET(ORÇAMENTO!$W$15,ROW(AE90)-ROW(AE$15),0),15-13*ORÇAMENTO!$AF$11)),\n         0)","v":0},{"$f":"IF(AND($D90=\"Serviço\",AF$12<>0,$H90>0,OR(AUTOEVENTO<>\"manual\",$M90<>$A$15)),\n        IF(Import.TipoArredondamento<>\"TransfereGOV\",\n              ROUND(OFFSET($P90,0,AF$13),15-13*ORÇAMENTO!$AF$7)/$H90*OFFSET(ORÇAMENTO!$X$15,ROW(AF90)-ROW(AF$15),0),\n              ROUND(ROUND(OFFSET($P90,0,AF$13),15-13*ORÇAMENTO!$AF$7)*OFFSET(ORÇAMENTO!$W$15,ROW(AF90)-ROW(AF$15),0),15-13*ORÇAMENTO!$AF$11)),\n         0)","v":0},{"$f":"IF(AND($D90=\"Serviço\",AG$12<>0,$H90>0,OR(AUTOEVENTO<>\"manual\",$M90<>$A$15)),\n        IF(Import.TipoArredondamento<>\"TransfereGOV\",\n              ROUND(OFFSET($P90,0,AG$13),15-13*ORÇAMENTO!$AF$7)/$H90*OFFSET(ORÇAMENTO!$X$15,ROW(AG90)-ROW(AG$15),0),\n              ROUND(ROUND(OFFSET($P90,0,AG$13),15-13*ORÇAMENTO!$AF$7)*OFFSET(ORÇAMENTO!$W$15,ROW(AG90)-ROW(AG$15),0),15-13*ORÇAMENTO!$AF$11)),\n         0)","v":0},{"$f":"IF(AND($D90=\"Serviço\",AH$12<>0,$H90>0,OR(AUTOEVENTO<>\"manual\",$M90<>$A$15)),\n        IF(Import.TipoArredondamento<>\"TransfereGOV\",\n              ROUND(OFFSET($P90,0,AH$13),15-13*ORÇAMENTO!$AF$7)/$H90*OFFSET(ORÇAMENTO!$X$15,ROW(AH90)-ROW(AH$15),0),\n              ROUND(ROUND(OFFSET($P90,0,AH$13),15-13*ORÇAMENTO!$AF$7)*OFFSET(ORÇAMENTO!$W$15,ROW(AH90)-ROW(AH$15),0),15-13*ORÇAMENTO!$AF$11)),\n         0)","v":0},{"$f":"IF(AND($D90=\"Serviço\",AI$12<>0,$H90>0,OR(AUTOEVENTO<>\"manual\",$M90<>$A$15)),\n        IF(Import.TipoArredondamento<>\"TransfereGOV\",\n              ROUND(OFFSET($P90,0,AI$13),15-13*ORÇAMENTO!$AF$7)/$H90*OFFSET(ORÇAMENTO!$X$15,ROW(AI90)-ROW(AI$15),0),\n              ROUND(ROUND(OFFSET($P90,0,AI$13),15-13*ORÇAMENTO!$AF$7)*OFFSET(ORÇAMENTO!$W$15,ROW(AI90)-ROW(AI$15),0),15-13*ORÇAMENTO!$AF$11)),\n         0)","v":0},{"$f":"IF(AND($D90=\"Serviço\",AJ$12<>0,$H90>0,OR(AUTOEVENTO<>\"manual\",$M90<>$A$15)),\n        IF(Import.TipoArredondamento<>\"TransfereGOV\",\n              ROUND(OFFSET($P90,0,AJ$13),15-13*ORÇAMENTO!$AF$7)/$H90*OFFSET(ORÇAMENTO!$X$15,ROW(AJ90)-ROW(AJ$15),0),\n              ROUND(ROUND(OFFSET($P90,0,AJ$13),15-13*ORÇAMENTO!$AF$7)*OFFSET(ORÇAMENTO!$W$15,ROW(AJ90)-ROW(AJ$15),0),15-13*ORÇAMENTO!$AF$11)),\n         0)","v":0},{"$f":"IF(AND($D90=\"Serviço\",AK$12<>0,$H90>0,OR(AUTOEVENTO<>\"manual\",$M90<>$A$15)),\n        IF(Import.TipoArredondamento<>\"TransfereGOV\",\n              ROUND(OFFSET($P90,0,AK$13),15-13*ORÇAMENTO!$AF$7)/$H90*OFFSET(ORÇAMENTO!$X$15,ROW(AK90)-ROW(AK$15),0),\n              ROUND(ROUND(OFFSET($P90,0,AK$13),15-13*ORÇAMENTO!$AF$7)*OFFSET(ORÇAMENTO!$W$15,ROW(AK90)-ROW(AK$15),0),15-13*ORÇAMENTO!$AF$11)),\n         0)","v":0},null,{"$f":"IF(OR($D90<>\"Serviço\",AND(AUTOEVENTO=\"Manual\",$M90=$A$15)),0,\n         IF(OFFSET(CRONOPLE!$F$15,$M90-$A$15,AM$13)=0,10^12,OFFSET(CRONOPLE!$F$15,$M90-$A$15,AM$13)))","v":4},{"$f":"IF(OR($D90<>\"Serviço\",AND(AUTOEVENTO=\"Manual\",$M90=$A$15)),0,\n         IF(OFFSET(CRONOPLE!$F$15,$M90-$A$15,AN$13)=0,10^12,OFFSET(CRONOPLE!$F$15,$M90-$A$15,AN$13)))","v":5},{"$f":"IF(OR($D90<>\"Serviço\",AND(AUTOEVENTO=\"Manual\",$M90=$A$15)),0,\n         IF(OFFSET(CRONOPLE!$F$15,$M90-$A$15,AO$13)=0,10^12,OFFSET(CRONOPLE!$F$15,$M90-$A$15,AO$13)))","v":1000000000000},{"$f":"IF(OR($D90<>\"Serviço\",AND(AUTOEVENTO=\"Manual\",$M90=$A$15)),0,\n         IF(OFFSET(CRONOPLE!$F$15,$M90-$A$15,AP$13)=0,10^12,OFFSET(CRONOPLE!$F$15,$M90-$A$15,AP$13)))","v":1000000000000},{"$f":"IF(OR($D90<>\"Serviço\",AND(AUTOEVENTO=\"Manual\",$M90=$A$15)),0,\n         IF(OFFSET(CRONOPLE!$F$15,$M90-$A$15,AQ$13)=0,10^12,OFFSET(CRONOPLE!$F$15,$M90-$A$15,AQ$13)))","v":1000000000000},{"$f":"IF(OR($D90<>\"Serviço\",AND(AUTOEVENTO=\"Manual\",$M90=$A$15)),0,\n         IF(OFFSET(CRONOPLE!$F$15,$M90-$A$15,AR$13)=0,10^12,OFFSET(CRONOPLE!$F$15,$M90-$A$15,AR$13)))","v":1000000000000},{"$f":"IF(OR($D90<>\"Serviço\",AND(AUTOEVENTO=\"Manual\",$M90=$A$15)),0,\n         IF(OFFSET(CRONOPLE!$F$15,$M90-$A$15,AS$13)=0,10^12,OFFSET(CRONOPLE!$F$15,$M90-$A$15,AS$13)))","v":1000000000000},{"$f":"IF(OR($D90<>\"Serviço\",AND(AUTOEVENTO=\"Manual\",$M90=$A$15)),0,\n         IF(OFFSET(CRONOPLE!$F$15,$M90-$A$15,AT$13)=0,10^12,OFFSET(CRONOPLE!$F$15,$M90-$A$15,AT$13)))","v":1000000000000},{"$f":"IF(OR($D90<>\"Serviço\",AND(AUTOEVENTO=\"Manual\",$M90=$A$15)),0,\n         IF(OFFSET(CRONOPLE!$F$15,$M90-$A$15,AU$13)=0,10^12,OFFSET(CRONOPLE!$F$15,$M90-$A$15,AU$13)))","v":1000000000000},{"$f":"IF(OR($D90<>\"Serviço\",AND(AUTOEVENTO=\"Manual\",$M90=$A$15)),0,\n         IF(OFFSET(CRONOPLE!$F$15,$M90-$A$15,AV$13)=0,10^12,OFFSET(CRONOPLE!$F$15,$M90-$A$15,AV$13)))","v":1000000000000},null,{"$f":"IF(OR($D90<>\"Serviço\",AND(AUTOEVENTO=\"Manual\",$M90=$A$15),$M90>(ROW(PLE.lastrow)-ROW(PLE.firstrow))),0,\n           IF(OFFSET(PLE!$G$15,$M90-$A$15,AX$13)=\"\",10^12,OFFSET(PLE!$G$15,$M90-$A$15,AX$13)))","v":1000000000000},{"$f":"IF(OR($D90<>\"Serviço\",AND(AUTOEVENTO=\"Manual\",$M90=$A$15),$M90>(ROW(PLE.lastrow)-ROW(PLE.firstrow))),0,\n           IF(OFFSET(PLE!$G$15,$M90-$A$15,AY$13)=\"\",10^12,OFFSET(PLE!$G$15,$M90-$A$15,AY$13)))","v":1000000000000},{"$f":"IF(OR($D90<>\"Serviço\",AND(AUTOEVENTO=\"Manual\",$M90=$A$15),$M90>(ROW(PLE.lastrow)-ROW(PLE.firstrow))),0,\n           IF(OFFSET(PLE!$G$15,$M90-$A$15,AZ$13)=\"\",10^12,OFFSET(PLE!$G$15,$M90-$A$15,AZ$13)))","v":1000000000000},{"$f":"IF(OR($D90<>\"Serviço\",AND(AUTOEVENTO=\"Manual\",$M90=$A$15),$M90>(ROW(PLE.lastrow)-ROW(PLE.firstrow))),0,\n           IF(OFFSET(PLE!$G$15,$M90-$A$15,BA$13)=\"\",10^12,OFFSET(PLE!$G$15,$M90-$A$15,BA$13)))","v":1000000000000},{"$f":"IF(OR($D90<>\"Serviço\",AND(AUTOEVENTO=\"Manual\",$M90=$A$15),$M90>(ROW(PLE.lastrow)-ROW(PLE.firstrow))),0,\n           IF(OFFSET(PLE!$G$15,$M90-$A$15,BB$13)=\"\",10^12,OFFSET(PLE!$G$15,$M90-$A$15,BB$13)))","v":1000000000000},{"$f":"IF(OR($D90<>\"Serviço\",AND(AUTOEVENTO=\"Manual\",$M90=$A$15),$M90>(ROW(PLE.lastrow)-ROW(PLE.firstrow))),0,\n           IF(OFFSET(PLE!$G$15,$M90-$A$15,BC$13)=\"\",10^12,OFFSET(PLE!$G$15,$M90-$A$15,BC$13)))","v":1000000000000},{"$f":"IF(OR($D90<>\"Serviço\",AND(AUTOEVENTO=\"Manual\",$M90=$A$15),$M90>(ROW(PLE.lastrow)-ROW(PLE.firstrow))),0,\n           IF(OFFSET(PLE!$G$15,$M90-$A$15,BD$13)=\"\",10^12,OFFSET(PLE!$G$15,$M90-$A$15,BD$13)))","v":1000000000000},{"$f":"IF(OR($D90<>\"Serviço\",AND(AUTOEVENTO=\"Manual\",$M90=$A$15),$M90>(ROW(PLE.lastrow)-ROW(PLE.firstrow))),0,\n           IF(OFFSET(PLE!$G$15,$M90-$A$15,BE$13)=\"\",10^12,OFFSET(PLE!$G$15,$M90-$A$15,BE$13)))","v":1000000000000},{"$f":"IF(OR($D90<>\"Serviço\",AND(AUTOEVENTO=\"Manual\",$M90=$A$15),$M90>(ROW(PLE.lastrow)-ROW(PLE.firstrow))),0,\n           IF(OFFSET(PLE!$G$15,$M90-$A$15,BF$13)=\"\",10^12,OFFSET(PLE!$G$15,$M90-$A$15,BF$13)))","v":1000000000000},{"$f":"IF(OR($D90<>\"Serviço\",AND(AUTOEVENTO=\"Manual\",$M90=$A$15),$M90>(ROW(PLE.lastrow)-ROW(PLE.firstrow))),0,\n           IF(OFFSET(PLE!$G$15,$M90-$A$15,BG$13)=\"\",10^12,OFFSET(PLE!$G$15,$M90-$A$15,BG$13)))","v":1000000000000}]
[13,{"$f":"OFFSET(ORÇAMENTO!C$15,$L91,0)","v":"S"},{"$f":"OFFSET(ORÇAMENTO!L$15,$L91,0)","v":"F"},{"$f":"OFFSET(ORÇAMENTO!N$15,$L91,0)","v":"Serviço"},{"$f":"OFFSET(ORÇAMENTO!O$15,$L91,0)","v":"1.10.6."},{"$f":"OFFSET(ORÇAMENTO!R$15,$L91,0)","v":"REATERRO MANUAL DE VALAS"},{"$f":"IF($D91<>\"Serviço\",\"\",OFFSET(ORÇAMENTO!S$15,$L91,0))","v":"M"},{"$f":"IF($D91<>\"Serviço\",0,IF(ACOMPANHAMENTO=\"BM\",ROUND(OFFSET(ORÇAMENTO!AJ$15,$L91,0),15-13*ORÇAMENTO!$AF$7),IF(IFERROR(CÁLCULO.FrentesPreenchidas,0)=0,0,SUM(ROUND(OFFSET($P91,0,1,1,CÁLCULO.FrentesPreenchidas),15-13*ORÇAMENTO!$AF$7)))))","v":10.35},"QTD ELETRODUTO ENTERRADO",{"$f":"IF(OR(B91<>\"S\",CÁLCULO.FrentesPreenchidas=0),\"\",IF(AND(ACOMPANHAMENTO=\"PLE\",AUTOEVENTO=\"Manual\",OR(H91>0,ORÇAMENTO!AC91=\"QUANT.\"),OR(K91=\"\",M91=0,N91=\"\")),\"►E\",IF(AND(ACOMPANHAMENTO=\"PLE\",ORÇAMENTO!AC91=\"QUANT.\"),\"►Q\",IF(AND(ACOMPANHAMENTO=\"PLE\",H91<>SUMPRODUCT(($Q$1:$AA$1=1)*ROUND(Q91:AA91,15))),\"►S\",IF(AND(COUNTIF($P$11:$AA$11,\"▼\")=0,H91>0,I91=\"\"),\"◄M\",\"\")))))","v":""},"13.Instalações elétricas finais",76,{"$f":"IF($D91<>\"Serviço\",\"\",\n          IF(AUTOEVENTO=\"manual\",$A91,\n                IF(ISERROR(MATCH($A91,$A$15:OFFSET($A91,-1,0),0)),MAX($M$15:OFFSET(M91,-1,0))+1,\n                      INDEX($M$15:OFFSET(M91,-1,0),MATCH($A91,$A$15:OFFSET($A91,-1,0),0)))))","v":13},{"$f":"IF($D91<>\"Serviço\",\"\",\n         IF(AUTOEVENTO=\"Manual\",\n                IF($A91=0,\"<-- defina o número do agrupador\",\n                       OFFSET(EVENTOS!$D$15,$A91-$A$15,0)),\n                OFFSET($F$15,$A91,0)))","v":"Instalações elétricas finais"},null,null,null,{"$f":"115*0.3*0.3","v":10.35},null,null,null,null,null,null,null,null,null,{"$f":"IF(AND($D91=\"Serviço\",AB$12<>0,$H91>0,OR(AUTOEVENTO<>\"manual\",$M91<>$A$15)),\n        IF(Import.TipoArredondamento<>\"TransfereGOV\",\n              ROUND(OFFSET($P91,0,AB$13),15-13*ORÇAMENTO!$AF$7)/$H91*OFFSET(ORÇAMENTO!$X$15,ROW(AB91)-ROW(AB$15),0),\n              ROUND(ROUND(OFFSET($P91,0,AB$13),15-13*ORÇAMENTO!$AF$7)*OFFSET(ORÇAMENTO!$W$15,ROW(AB91)-ROW(AB$15),0),15-13*ORÇAMENTO!$AF$11)),\n         0)","v":0},{"$f":"IF(AND($D91=\"Serviço\",AC$12<>0,$H91>0,OR(AUTOEVENTO<>\"manual\",$M91<>$A$15)),\n        IF(Import.TipoArredondamento<>\"TransfereGOV\",\n              ROUND(OFFSET($P91,0,AC$13),15-13*ORÇAMENTO!$AF$7)/$H91*OFFSET(ORÇAMENTO!$X$15,ROW(AC91)-ROW(AC$15),0),\n              ROUND(ROUND(OFFSET($P91,0,AC$13),15-13*ORÇAMENTO!$AF$7)*OFFSET(ORÇAMENTO!$W$15,ROW(AC91)-ROW(AC$15),0),15-13*ORÇAMENTO!$AF$11)),\n         0)","v":0},{"$f":"IF(AND($D91=\"Serviço\",AD$12<>0,$H91>0,OR(AUTOEVENTO<>\"manual\",$M91<>$A$15)),\n        IF(Import.TipoArredondamento<>\"TransfereGOV\",\n              ROUND(OFFSET($P91,0,AD$13),15-13*ORÇAMENTO!$AF$7)/$H91*OFFSET(ORÇAMENTO!$X$15,ROW(AD91)-ROW(AD$15),0),\n              ROUND(ROUND(OFFSET($P91,0,AD$13),15-13*ORÇAMENTO!$AF$7)*OFFSET(ORÇAMENTO!$W$15,ROW(AD91)-ROW(AD$15),0),15-13*ORÇAMENTO!$AF$11)),\n         0)","v":0},{"$f":"IF(AND($D91=\"Serviço\",AE$12<>0,$H91>0,OR(AUTOEVENTO<>\"manual\",$M91<>$A$15)),\n        IF(Import.TipoArredondamento<>\"TransfereGOV\",\n              ROUND(OFFSET($P91,0,AE$13),15-13*ORÇAMENTO!$AF$7)/$H91*OFFSET(ORÇAMENTO!$X$15,ROW(AE91)-ROW(AE$15),0),\n              ROUND(ROUND(OFFSET($P91,0,AE$13),15-13*ORÇAMENTO!$AF$7)*OFFSET(ORÇAMENTO!$W$15,ROW(AE91)-ROW(AE$15),0),15-13*ORÇAMENTO!$AF$11)),\n         0)","v":0},{"$f":"IF(AND($D91=\"Serviço\",AF$12<>0,$H91>0,OR(AUTOEVENTO<>\"manual\",$M91<>$A$15)),\n        IF(Import.TipoArredondamento<>\"TransfereGOV\",\n              ROUND(OFFSET($P91,0,AF$13),15-13*ORÇAMENTO!$AF$7)/$H91*OFFSET(ORÇAMENTO!$X$15,ROW(AF91)-ROW(AF$15),0),\n              ROUND(ROUND(OFFSET($P91,0,AF$13),15-13*ORÇAMENTO!$AF$7)*OFFSET(ORÇAMENTO!$W$15,ROW(AF91)-ROW(AF$15),0),15-13*ORÇAMENTO!$AF$11)),\n         0)","v":0},{"$f":"IF(AND($D91=\"Serviço\",AG$12<>0,$H91>0,OR(AUTOEVENTO<>\"manual\",$M91<>$A$15)),\n        IF(Import.TipoArredondamento<>\"TransfereGOV\",\n              ROUND(OFFSET($P91,0,AG$13),15-13*ORÇAMENTO!$AF$7)/$H91*OFFSET(ORÇAMENTO!$X$15,ROW(AG91)-ROW(AG$15),0),\n              ROUND(ROUND(OFFSET($P91,0,AG$13),15-13*ORÇAMENTO!$AF$7)*OFFSET(ORÇAMENTO!$W$15,ROW(AG91)-ROW(AG$15),0),15-13*ORÇAMENTO!$AF$11)),\n         0)","v":0},{"$f":"IF(AND($D91=\"Serviço\",AH$12<>0,$H91>0,OR(AUTOEVENTO<>\"manual\",$M91<>$A$15)),\n        IF(Import.TipoArredondamento<>\"TransfereGOV\",\n              ROUND(OFFSET($P91,0,AH$13),15-13*ORÇAMENTO!$AF$7)/$H91*OFFSET(ORÇAMENTO!$X$15,ROW(AH91)-ROW(AH$15),0),\n              ROUND(ROUND(OFFSET($P91,0,AH$13),15-13*ORÇAMENTO!$AF$7)*OFFSET(ORÇAMENTO!$W$15,ROW(AH91)-ROW(AH$15),0),15-13*ORÇAMENTO!$AF$11)),\n         0)","v":0},{"$f":"IF(AND($D91=\"Serviço\",AI$12<>0,$H91>0,OR(AUTOEVENTO<>\"manual\",$M91<>$A$15)),\n        IF(Import.TipoArredondamento<>\"TransfereGOV\",\n              ROUND(OFFSET($P91,0,AI$13),15-13*ORÇAMENTO!$AF$7)/$H91*OFFSET(ORÇAMENTO!$X$15,ROW(AI91)-ROW(AI$15),0),\n              ROUND(ROUND(OFFSET($P91,0,AI$13),15-13*ORÇAMENTO!$AF$7)*OFFSET(ORÇAMENTO!$W$15,ROW(AI91)-ROW(AI$15),0),15-13*ORÇAMENTO!$AF$11)),\n         0)","v":0},{"$f":"IF(AND($D91=\"Serviço\",AJ$12<>0,$H91>0,OR(AUTOEVENTO<>\"manual\",$M91<>$A$15)),\n        IF(Import.TipoArredondamento<>\"TransfereGOV\",\n              ROUND(OFFSET($P91,0,AJ$13),15-13*ORÇAMENTO!$AF$7)/$H91*OFFSET(ORÇAMENTO!$X$15,ROW(AJ91)-ROW(AJ$15),0),\n              ROUND(ROUND(OFFSET($P91,0,AJ$13),15-13*ORÇAMENTO!$AF$7)*OFFSET(ORÇAMENTO!$W$15,ROW(AJ91)-ROW(AJ$15),0),15-13*ORÇAMENTO!$AF$11)),\n         0)","v":0},{"$f":"IF(AND($D91=\"Serviço\",AK$12<>0,$H91>0,OR(AUTOEVENTO<>\"manual\",$M91<>$A$15)),\n        IF(Import.TipoArredondamento<>\"TransfereGOV\",\n              ROUND(OFFSET($P91,0,AK$13),15-13*ORÇAMENTO!$AF$7)/$H91*OFFSET(ORÇAMENTO!$X$15,ROW(AK91)-ROW(AK$15),0),\n              ROUND(ROUND(OFFSET($P91,0,AK$13),15-13*ORÇAMENTO!$AF$7)*OFFSET(ORÇAMENTO!$W$15,ROW(AK91)-ROW(AK$15),0),15-13*ORÇAMENTO!$AF$11)),\n         0)","v":0},null,{"$f":"IF(OR($D91<>\"Serviço\",AND(AUTOEVENTO=\"Manual\",$M91=$A$15)),0,\n         IF(OFFSET(CRONOPLE!$F$15,$M91-$A$15,AM$13)=0,10^12,OFFSET(CRONOPLE!$F$15,$M91-$A$15,AM$13)))","v":4},{"$f":"IF(OR($D91<>\"Serviço\",AND(AUTOEVENTO=\"Manual\",$M91=$A$15)),0,\n         IF(OFFSET(CRONOPLE!$F$15,$M91-$A$15,AN$13)=0,10^12,OFFSET(CRONOPLE!$F$15,$M91-$A$15,AN$13)))","v":5},{"$f":"IF(OR($D91<>\"Serviço\",AND(AUTOEVENTO=\"Manual\",$M91=$A$15)),0,\n         IF(OFFSET(CRONOPLE!$F$15,$M91-$A$15,AO$13)=0,10^12,OFFSET(CRONOPLE!$F$15,$M91-$A$15,AO$13)))","v":1000000000000},{"$f":"IF(OR($D91<>\"Serviço\",AND(AUTOEVENTO=\"Manual\",$M91=$A$15)),0,\n         IF(OFFSET(CRONOPLE!$F$15,$M91-$A$15,AP$13)=0,10^12,OFFSET(CRONOPLE!$F$15,$M91-$A$15,AP$13)))","v":1000000000000},{"$f":"IF(OR($D91<>\"Serviço\",AND(AUTOEVENTO=\"Manual\",$M91=$A$15)),0,\n         IF(OFFSET(CRONOPLE!$F$15,$M91-$A$15,AQ$13)=0,10^12,OFFSET(CRONOPLE!$F$15,$M91-$A$15,AQ$13)))","v":1000000000000},{"$f":"IF(OR($D91<>\"Serviço\",AND(AUTOEVENTO=\"Manual\",$M91=$A$15)),0,\n         IF(OFFSET(CRONOPLE!$F$15,$M91-$A$15,AR$13)=0,10^12,OFFSET(CRONOPLE!$F$15,$M91-$A$15,AR$13)))","v":1000000000000},{"$f":"IF(OR($D91<>\"Serviço\",AND(AUTOEVENTO=\"Manual\",$M91=$A$15)),0,\n         IF(OFFSET(CRONOPLE!$F$15,$M91-$A$15,AS$13)=0,10^12,OFFSET(CRONOPLE!$F$15,$M91-$A$15,AS$13)))","v":1000000000000},{"$f":"IF(OR($D91<>\"Serviço\",AND(AUTOEVENTO=\"Manual\",$M91=$A$15)),0,\n         IF(OFFSET(CRONOPLE!$F$15,$M91-$A$15,AT$13)=0,10^12,OFFSET(CRONOPLE!$F$15,$M91-$A$15,AT$13)))","v":1000000000000},{"$f":"IF(OR($D91<>\"Serviço\",AND(AUTOEVENTO=\"Manual\",$M91=$A$15)),0,\n         IF(OFFSET(CRONOPLE!$F$15,$M91-$A$15,AU$13)=0,10^12,OFFSET(CRONOPLE!$F$15,$M91-$A$15,AU$13)))","v":1000000000000},{"$f":"IF(OR($D91<>\"Serviço\",AND(AUTOEVENTO=\"Manual\",$M91=$A$15)),0,\n         IF(OFFSET(CRONOPLE!$F$15,$M91-$A$15,AV$13)=0,10^12,OFFSET(CRONOPLE!$F$15,$M91-$A$15,AV$13)))","v":1000000000000},null,{"$f":"IF(OR($D91<>\"Serviço\",AND(AUTOEVENTO=\"Manual\",$M91=$A$15),$M91>(ROW(PLE.lastrow)-ROW(PLE.firstrow))),0,\n           IF(OFFSET(PLE!$G$15,$M91-$A$15,AX$13)=\"\",10^12,OFFSET(PLE!$G$15,$M91-$A$15,AX$13)))","v":1000000000000},{"$f":"IF(OR($D91<>\"Serviço\",AND(AUTOEVENTO=\"Manual\",$M91=$A$15),$M91>(ROW(PLE.lastrow)-ROW(PLE.firstrow))),0,\n           IF(OFFSET(PLE!$G$15,$M91-$A$15,AY$13)=\"\",10^12,OFFSET(PLE!$G$15,$M91-$A$15,AY$13)))","v":1000000000000},{"$f":"IF(OR($D91<>\"Serviço\",AND(AUTOEVENTO=\"Manual\",$M91=$A$15),$M91>(ROW(PLE.lastrow)-ROW(PLE.firstrow))),0,\n           IF(OFFSET(PLE!$G$15,$M91-$A$15,AZ$13)=\"\",10^12,OFFSET(PLE!$G$15,$M91-$A$15,AZ$13)))","v":1000000000000},{"$f":"IF(OR($D91<>\"Serviço\",AND(AUTOEVENTO=\"Manual\",$M91=$A$15),$M91>(ROW(PLE.lastrow)-ROW(PLE.firstrow))),0,\n           IF(OFFSET(PLE!$G$15,$M91-$A$15,BA$13)=\"\",10^12,OFFSET(PLE!$G$15,$M91-$A$15,BA$13)))","v":1000000000000},{"$f":"IF(OR($D91<>\"Serviço\",AND(AUTOEVENTO=\"Manual\",$M91=$A$15),$M91>(ROW(PLE.lastrow)-ROW(PLE.firstrow))),0,\n           IF(OFFSET(PLE!$G$15,$M91-$A$15,BB$13)=\"\",10^12,OFFSET(PLE!$G$15,$M91-$A$15,BB$13)))","v":1000000000000},{"$f":"IF(OR($D91<>\"Serviço\",AND(AUTOEVENTO=\"Manual\",$M91=$A$15),$M91>(ROW(PLE.lastrow)-ROW(PLE.firstrow))),0,\n           IF(OFFSET(PLE!$G$15,$M91-$A$15,BC$13)=\"\",10^12,OFFSET(PLE!$G$15,$M91-$A$15,BC$13)))","v":1000000000000},{"$f":"IF(OR($D91<>\"Serviço\",AND(AUTOEVENTO=\"Manual\",$M91=$A$15),$M91>(ROW(PLE.lastrow)-ROW(PLE.firstrow))),0,\n           IF(OFFSET(PLE!$G$15,$M91-$A$15,BD$13)=\"\",10^12,OFFSET(PLE!$G$15,$M91-$A$15,BD$13)))","v":1000000000000},{"$f":"IF(OR($D91<>\"Serviço\",AND(AUTOEVENTO=\"Manual\",$M91=$A$15),$M91>(ROW(PLE.lastrow)-ROW(PLE.firstrow))),0,\n           IF(OFFSET(PLE!$G$15,$M91-$A$15,BE$13)=\"\",10^12,OFFSET(PLE!$G$15,$M91-$A$15,BE$13)))","v":1000000000000},{"$f":"IF(OR($D91<>\"Serviço\",AND(AUTOEVENTO=\"Manual\",$M91=$A$15),$M91>(ROW(PLE.lastrow)-ROW(PLE.firstrow))),0,\n           IF(OFFSET(PLE!$G$15,$M91-$A$15,BF$13)=\"\",10^12,OFFSET(PLE!$G$15,$M91-$A$15,BF$13)))","v":1000000000000},{"$f":"IF(OR($D91<>\"Serviço\",AND(AUTOEVENTO=\"Manual\",$M91=$A$15),$M91>(ROW(PLE.lastrow)-ROW(PLE.firstrow))),0,\n           IF(OFFSET(PLE!$G$15,$M91-$A$15,BG$13)=\"\",10^12,OFFSET(PLE!$G$15,$M91-$A$15,BG$13)))","v":1000000000000}]
[13,{"$f":"OFFSET(ORÇAMENTO!C$15,$L92,0)","v":"S"},{"$f":"OFFSET(ORÇAMENTO!L$15,$L92,0)","v":"F"},{"$f":"OFFSET(ORÇAMENTO!N$15,$L92,0)","v":"Serviço"},{"$f":"OFFSET(ORÇAMENTO!O$15,$L92,0)","v":"1.10.7."},{"$f":"OFFSET(ORÇAMENTO!R$15,$L92,0)","v":"CAIXA RETANGULAR 4\" X 2\" BAIXA (0,30 M DO PISO), PVC, INSTALADA EM PAREDE - FORNECIMENTO E INSTALAÇÃO. AF_03/2023"},{"$f":"IF($D92<>\"Serviço\",\"\",OFFSET(ORÇAMENTO!S$15,$L92,0))","v":"UN"},{"$f":"IF($D92<>\"Serviço\",0,IF(ACOMPANHAMENTO=\"BM\",ROUND(OFFSET(ORÇAMENTO!AJ$15,$L92,0),15-13*ORÇAMENTO!$AF$7),IF(IFERROR(CÁLCULO.FrentesPreenchidas,0)=0,0,SUM(ROUND(OFFSET($P92,0,1,1,CÁLCULO.FrentesPreenchidas),15-13*ORÇAMENTO!$AF$7)))))","v":7},"CONFORME PROJETO DE INSTALAÇÃO ELÉTRICA",{"$f":"IF(OR(B92<>\"S\",CÁLCULO.FrentesPreenchidas=0),\"\",IF(AND(ACOMPANHAMENTO=\"PLE\",AUTOEVENTO=\"Manual\",OR(H92>0,ORÇAMENTO!AC92=\"QUANT.\"),OR(K92=\"\",M92=0,N92=\"\")),\"►E\",IF(AND(ACOMPANHAMENTO=\"PLE\",ORÇAMENTO!AC92=\"QUANT.\"),\"►Q\",IF(AND(ACOMPANHAMENTO=\"PLE\",H92<>SUMPRODUCT(($Q$1:$AA$1=1)*ROUND(Q92:AA92,15))),\"►S\",IF(AND(COUNTIF($P$11:$AA$11,\"▼\")=0,H92>0,I92=\"\"),\"◄M\",\"\")))))","v":""},"13.Instalações elétricas iniciais",77,{"$f":"IF($D92<>\"Serviço\",\"\",\n          IF(AUTOEVENTO=\"manual\",$A92,\n                IF(ISERROR(MATCH($A92,$A$15:OFFSET($A92,-1,0),0)),MAX($M$15:OFFSET(M92,-1,0))+1,\n                      INDEX($M$15:OFFSET(M92,-1,0),MATCH($A92,$A$15:OFFSET($A92,-1,0),0)))))","v":13},{"$f":"IF($D92<>\"Serviço\",\"\",\n         IF(AUTOEVENTO=\"Manual\",\n                IF($A92=0,\"<-- defina o número do agrupador\",\n                       OFFSET(EVENTOS!$D$15,$A92-$A$15,0)),\n                OFFSET($F$15,$A92,0)))","v":"Instalações elétricas finais"},null,null,null,7,null,null,null,null,null,null,null,null,null,{"$f":"IF(AND($D92=\"Serviço\",AB$12<>0,$H92>0,OR(AUTOEVENTO<>\"manual\",$M92<>$A$15)),\n        IF(Import.TipoArredondamento<>\"TransfereGOV\",\n              ROUND(OFFSET($P92,0,AB$13),15-13*ORÇAMENTO!$AF$7)/$H92*OFFSET(ORÇAMENTO!$X$15,ROW(AB92)-ROW(AB$15),0),\n              ROUND(ROUND(OFFSET($P92,0,AB$13),15-13*ORÇAMENTO!$AF$7)*OFFSET(ORÇAMENTO!$W$15,ROW(AB92)-ROW(AB$15),0),15-13*ORÇAMENTO!$AF$11)),\n         0)","v":0},{"$f":"IF(AND($D92=\"Serviço\",AC$12<>0,$H92>0,OR(AUTOEVENTO<>\"manual\",$M92<>$A$15)),\n        IF(Import.TipoArredondamento<>\"TransfereGOV\",\n              ROUND(OFFSET($P92,0,AC$13),15-13*ORÇAMENTO!$AF$7)/$H92*OFFSET(ORÇAMENTO!$X$15,ROW(AC92)-ROW(AC$15),0),\n              ROUND(ROUND(OFFSET($P92,0,AC$13),15-13*ORÇAMENTO!$AF$7)*OFFSET(ORÇAMENTO!$W$15,ROW(AC92)-ROW(AC$15),0),15-13*ORÇAMENTO!$AF$11)),\n         0)","v":0},{"$f":"IF(AND($D92=\"Serviço\",AD$12<>0,$H92>0,OR(AUTOEVENTO<>\"manual\",$M92<>$A$15)),\n        IF(Import.TipoArredondamento<>\"TransfereGOV\",\n              ROUND(OFFSET($P92,0,AD$13),15-13*ORÇAMENTO!$AF$7)/$H92*OFFSET(ORÇAMENTO!$X$15,ROW(AD92)-ROW(AD$15),0),\n              ROUND(ROUND(OFFSET($P92,0,AD$13),15-13*ORÇAMENTO!$AF$7)*OFFSET(ORÇAMENTO!$W$15,ROW(AD92)-ROW(AD$15),0),15-13*ORÇAMENTO!$AF$11)),\n         0)","v":0},{"$f":"IF(AND($D92=\"Serviço\",AE$12<>0,$H92>0,OR(AUTOEVENTO<>\"manual\",$M92<>$A$15)),\n        IF(Import.TipoArredondamento<>\"TransfereGOV\",\n              ROUND(OFFSET($P92,0,AE$13),15-13*ORÇAMENTO!$AF$7)/$H92*OFFSET(ORÇAMENTO!$X$15,ROW(AE92)-ROW(AE$15),0),\n              ROUND(ROUND(OFFSET($P92,0,AE$13),15-13*ORÇAMENTO!$AF$7)*OFFSET(ORÇAMENTO!$W$15,ROW(AE92)-ROW(AE$15),0),15-13*ORÇAMENTO!$AF$11)),\n         0)","v":0},{"$f":"IF(AND($D92=\"Serviço\",AF$12<>0,$H92>0,OR(AUTOEVENTO<>\"manual\",$M92<>$A$15)),\n        IF(Import.TipoArredondamento<>\"TransfereGOV\",\n              ROUND(OFFSET($P92,0,AF$13),15-13*ORÇAMENTO!$AF$7)/$H92*OFFSET(ORÇAMENTO!$X$15,ROW(AF92)-ROW(AF$15),0),\n              ROUND(ROUND(OFFSET($P92,0,AF$13),15-13*ORÇAMENTO!$AF$7)*OFFSET(ORÇAMENTO!$W$15,ROW(AF92)-ROW(AF$15),0),15-13*ORÇAMENTO!$AF$11)),\n         0)","v":0},{"$f":"IF(AND($D92=\"Serviço\",AG$12<>0,$H92>0,OR(AUTOEVENTO<>\"manual\",$M92<>$A$15)),\n        IF(Import.TipoArredondamento<>\"TransfereGOV\",\n              ROUND(OFFSET($P92,0,AG$13),15-13*ORÇAMENTO!$AF$7)/$H92*OFFSET(ORÇAMENTO!$X$15,ROW(AG92)-ROW(AG$15),0),\n              ROUND(ROUND(OFFSET($P92,0,AG$13),15-13*ORÇAMENTO!$AF$7)*OFFSET(ORÇAMENTO!$W$15,ROW(AG92)-ROW(AG$15),0),15-13*ORÇAMENTO!$AF$11)),\n         0)","v":0},{"$f":"IF(AND($D92=\"Serviço\",AH$12<>0,$H92>0,OR(AUTOEVENTO<>\"manual\",$M92<>$A$15)),\n        IF(Import.TipoArredondamento<>\"TransfereGOV\",\n              ROUND(OFFSET($P92,0,AH$13),15-13*ORÇAMENTO!$AF$7)/$H92*OFFSET(ORÇAMENTO!$X$15,ROW(AH92)-ROW(AH$15),0),\n              ROUND(ROUND(OFFSET($P92,0,AH$13),15-13*ORÇAMENTO!$AF$7)*OFFSET(ORÇAMENTO!$W$15,ROW(AH92)-ROW(AH$15),0),15-13*ORÇAMENTO!$AF$11)),\n         0)","v":0},{"$f":"IF(AND($D92=\"Serviço\",AI$12<>0,$H92>0,OR(AUTOEVENTO<>\"manual\",$M92<>$A$15)),\n        IF(Import.TipoArredondamento<>\"TransfereGOV\",\n              ROUND(OFFSET($P92,0,AI$13),15-13*ORÇAMENTO!$AF$7)/$H92*OFFSET(ORÇAMENTO!$X$15,ROW(AI92)-ROW(AI$15),0),\n              ROUND(ROUND(OFFSET($P92,0,AI$13),15-13*ORÇAMENTO!$AF$7)*OFFSET(ORÇAMENTO!$W$15,ROW(AI92)-ROW(AI$15),0),15-13*ORÇAMENTO!$AF$11)),\n         0)","v":0},{"$f":"IF(AND($D92=\"Serviço\",AJ$12<>0,$H92>0,OR(AUTOEVENTO<>\"manual\",$M92<>$A$15)),\n        IF(Import.TipoArredondamento<>\"TransfereGOV\",\n              ROUND(OFFSET($P92,0,AJ$13),15-13*ORÇAMENTO!$AF$7)/$H92*OFFSET(ORÇAMENTO!$X$15,ROW(AJ92)-ROW(AJ$15),0),\n              ROUND(ROUND(OFFSET($P92,0,AJ$13),15-13*ORÇAMENTO!$AF$7)*OFFSET(ORÇAMENTO!$W$15,ROW(AJ92)-ROW(AJ$15),0),15-13*ORÇAMENTO!$AF$11)),\n         0)","v":0},{"$f":"IF(AND($D92=\"Serviço\",AK$12<>0,$H92>0,OR(AUTOEVENTO<>\"manual\",$M92<>$A$15)),\n        IF(Import.TipoArredondamento<>\"TransfereGOV\",\n              ROUND(OFFSET($P92,0,AK$13),15-13*ORÇAMENTO!$AF$7)/$H92*OFFSET(ORÇAMENTO!$X$15,ROW(AK92)-ROW(AK$15),0),\n              ROUND(ROUND(OFFSET($P92,0,AK$13),15-13*ORÇAMENTO!$AF$7)*OFFSET(ORÇAMENTO!$W$15,ROW(AK92)-ROW(AK$15),0),15-13*ORÇAMENTO!$AF$11)),\n         0)","v":0},null,{"$f":"IF(OR($D92<>\"Serviço\",AND(AUTOEVENTO=\"Manual\",$M92=$A$15)),0,\n         IF(OFFSET(CRONOPLE!$F$15,$M92-$A$15,AM$13)=0,10^12,OFFSET(CRONOPLE!$F$15,$M92-$A$15,AM$13)))","v":4},{"$f":"IF(OR($D92<>\"Serviço\",AND(AUTOEVENTO=\"Manual\",$M92=$A$15)),0,\n         IF(OFFSET(CRONOPLE!$F$15,$M92-$A$15,AN$13)=0,10^12,OFFSET(CRONOPLE!$F$15,$M92-$A$15,AN$13)))","v":5},{"$f":"IF(OR($D92<>\"Serviço\",AND(AUTOEVENTO=\"Manual\",$M92=$A$15)),0,\n         IF(OFFSET(CRONOPLE!$F$15,$M92-$A$15,AO$13)=0,10^12,OFFSET(CRONOPLE!$F$15,$M92-$A$15,AO$13)))","v":1000000000000},{"$f":"IF(OR($D92<>\"Serviço\",AND(AUTOEVENTO=\"Manual\",$M92=$A$15)),0,\n         IF(OFFSET(CRONOPLE!$F$15,$M92-$A$15,AP$13)=0,10^12,OFFSET(CRONOPLE!$F$15,$M92-$A$15,AP$13)))","v":1000000000000},{"$f":"IF(OR($D92<>\"Serviço\",AND(AUTOEVENTO=\"Manual\",$M92=$A$15)),0,\n         IF(OFFSET(CRONOPLE!$F$15,$M92-$A$15,AQ$13)=0,10^12,OFFSET(CRONOPLE!$F$15,$M92-$A$15,AQ$13)))","v":1000000000000},{"$f":"IF(OR($D92<>\"Serviço\",AND(AUTOEVENTO=\"Manual\",$M92=$A$15)),0,\n         IF(OFFSET(CRONOPLE!$F$15,$M92-$A$15,AR$13)=0,10^12,OFFSET(CRONOPLE!$F$15,$M92-$A$15,AR$13)))","v":1000000000000},{"$f":"IF(OR($D92<>\"Serviço\",AND(AUTOEVENTO=\"Manual\",$M92=$A$15)),0,\n         IF(OFFSET(CRONOPLE!$F$15,$M92-$A$15,AS$13)=0,10^12,OFFSET(CRONOPLE!$F$15,$M92-$A$15,AS$13)))","v":1000000000000},{"$f":"IF(OR($D92<>\"Serviço\",AND(AUTOEVENTO=\"Manual\",$M92=$A$15)),0,\n         IF(OFFSET(CRONOPLE!$F$15,$M92-$A$15,AT$13)=0,10^12,OFFSET(CRONOPLE!$F$15,$M92-$A$15,AT$13)))","v":1000000000000},{"$f":"IF(OR($D92<>\"Serviço\",AND(AUTOEVENTO=\"Manual\",$M92=$A$15)),0,\n         IF(OFFSET(CRONOPLE!$F$15,$M92-$A$15,AU$13)=0,10^12,OFFSET(CRONOPLE!$F$15,$M92-$A$15,AU$13)))","v":1000000000000},{"$f":"IF(OR($D92<>\"Serviço\",AND(AUTOEVENTO=\"Manual\",$M92=$A$15)),0,\n         IF(OFFSET(CRONOPLE!$F$15,$M92-$A$15,AV$13)=0,10^12,OFFSET(CRONOPLE!$F$15,$M92-$A$15,AV$13)))","v":1000000000000},null,{"$f":"IF(OR($D92<>\"Serviço\",AND(AUTOEVENTO=\"Manual\",$M92=$A$15),$M92>(ROW(PLE.lastrow)-ROW(PLE.firstrow))),0,\n           IF(OFFSET(PLE!$G$15,$M92-$A$15,AX$13)=\"\",10^12,OFFSET(PLE!$G$15,$M92-$A$15,AX$13)))","v":1000000000000},{"$f":"IF(OR($D92<>\"Serviço\",AND(AUTOEVENTO=\"Manual\",$M92=$A$15),$M92>(ROW(PLE.lastrow)-ROW(PLE.firstrow))),0,\n           IF(OFFSET(PLE!$G$15,$M92-$A$15,AY$13)=\"\",10^12,OFFSET(PLE!$G$15,$M92-$A$15,AY$13)))","v":1000000000000},{"$f":"IF(OR($D92<>\"Serviço\",AND(AUTOEVENTO=\"Manual\",$M92=$A$15),$M92>(ROW(PLE.lastrow)-ROW(PLE.firstrow))),0,\n           IF(OFFSET(PLE!$G$15,$M92-$A$15,AZ$13)=\"\",10^12,OFFSET(PLE!$G$15,$M92-$A$15,AZ$13)))","v":1000000000000},{"$f":"IF(OR($D92<>\"Serviço\",AND(AUTOEVENTO=\"Manual\",$M92=$A$15),$M92>(ROW(PLE.lastrow)-ROW(PLE.firstrow))),0,\n           IF(OFFSET(PLE!$G$15,$M92-$A$15,BA$13)=\"\",10^12,OFFSET(PLE!$G$15,$M92-$A$15,BA$13)))","v":1000000000000},{"$f":"IF(OR($D92<>\"Serviço\",AND(AUTOEVENTO=\"Manual\",$M92=$A$15),$M92>(ROW(PLE.lastrow)-ROW(PLE.firstrow))),0,\n           IF(OFFSET(PLE!$G$15,$M92-$A$15,BB$13)=\"\",10^12,OFFSET(PLE!$G$15,$M92-$A$15,BB$13)))","v":1000000000000},{"$f":"IF(OR($D92<>\"Serviço\",AND(AUTOEVENTO=\"Manual\",$M92=$A$15),$M92>(ROW(PLE.lastrow)-ROW(PLE.firstrow))),0,\n           IF(OFFSET(PLE!$G$15,$M92-$A$15,BC$13)=\"\",10^12,OFFSET(PLE!$G$15,$M92-$A$15,BC$13)))","v":1000000000000},{"$f":"IF(OR($D92<>\"Serviço\",AND(AUTOEVENTO=\"Manual\",$M92=$A$15),$M92>(ROW(PLE.lastrow)-ROW(PLE.firstrow))),0,\n           IF(OFFSET(PLE!$G$15,$M92-$A$15,BD$13)=\"\",10^12,OFFSET(PLE!$G$15,$M92-$A$15,BD$13)))","v":1000000000000},{"$f":"IF(OR($D92<>\"Serviço\",AND(AUTOEVENTO=\"Manual\",$M92=$A$15),$M92>(ROW(PLE.lastrow)-ROW(PLE.firstrow))),0,\n           IF(OFFSET(PLE!$G$15,$M92-$A$15,BE$13)=\"\",10^12,OFFSET(PLE!$G$15,$M92-$A$15,BE$13)))","v":1000000000000},{"$f":"IF(OR($D92<>\"Serviço\",AND(AUTOEVENTO=\"Manual\",$M92=$A$15),$M92>(ROW(PLE.lastrow)-ROW(PLE.firstrow))),0,\n           IF(OFFSET(PLE!$G$15,$M92-$A$15,BF$13)=\"\",10^12,OFFSET(PLE!$G$15,$M92-$A$15,BF$13)))","v":1000000000000},{"$f":"IF(OR($D92<>\"Serviço\",AND(AUTOEVENTO=\"Manual\",$M92=$A$15),$M92>(ROW(PLE.lastrow)-ROW(PLE.firstrow))),0,\n           IF(OFFSET(PLE!$G$15,$M92-$A$15,BG$13)=\"\",10^12,OFFSET(PLE!$G$15,$M92-$A$15,BG$13)))","v":1000000000000}]
[13,{"$f":"OFFSET(ORÇAMENTO!C$15,$L93,0)","v":"S"},{"$f":"OFFSET(ORÇAMENTO!L$15,$L93,0)","v":"F"},{"$f":"OFFSET(ORÇAMENTO!N$15,$L93,0)","v":"Serviço"},{"$f":"OFFSET(ORÇAMENTO!O$15,$L93,0)","v":"1.10.8."},{"$f":"OFFSET(ORÇAMENTO!R$15,$L93,0)","v":"CONDULETE DE ALUMÍNIO, TIPO T, PARA ELETRODUTO DE AÇO GALVANIZADO DN 25 MM (1''), APARENTE - FORNECIMENTO E INSTALAÇÃO. AF_10/2022"},{"$f":"IF($D93<>\"Serviço\",\"\",OFFSET(ORÇAMENTO!S$15,$L93,0))","v":"UN"},{"$f":"IF($D93<>\"Serviço\",0,IF(ACOMPANHAMENTO=\"BM\",ROUND(OFFSET(ORÇAMENTO!AJ$15,$L93,0),15-13*ORÇAMENTO!$AF$7),IF(IFERROR(CÁLCULO.FrentesPreenchidas,0)=0,0,SUM(ROUND(OFFSET($P93,0,1,1,CÁLCULO.FrentesPreenchidas),15-13*ORÇAMENTO!$AF$7)))))","v":1},"CONFORME PROJETO DE INSTALAÇÃO ELÉTRICA",{"$f":"IF(OR(B93<>\"S\",CÁLCULO.FrentesPreenchidas=0),\"\",IF(AND(ACOMPANHAMENTO=\"PLE\",AUTOEVENTO=\"Manual\",OR(H93>0,ORÇAMENTO!AC93=\"QUANT.\"),OR(K93=\"\",M93=0,N93=\"\")),\"►E\",IF(AND(ACOMPANHAMENTO=\"PLE\",ORÇAMENTO!AC93=\"QUANT.\"),\"►Q\",IF(AND(ACOMPANHAMENTO=\"PLE\",H93<>SUMPRODUCT(($Q$1:$AA$1=1)*ROUND(Q93:AA93,15))),\"►S\",IF(AND(COUNTIF($P$11:$AA$11,\"▼\")=0,H93>0,I93=\"\"),\"◄M\",\"\")))))","v":""},"13.Instalações elétricas iniciais",78,{"$f":"IF($D93<>\"Serviço\",\"\",\n          IF(AUTOEVENTO=\"manual\",$A93,\n                IF(ISERROR(MATCH($A93,$A$15:OFFSET($A93,-1,0),0)),MAX($M$15:OFFSET(M93,-1,0))+1,\n                      INDEX($M$15:OFFSET(M93,-1,0),MATCH($A93,$A$15:OFFSET($A93,-1,0),0)))))","v":13},{"$f":"IF($D93<>\"Serviço\",\"\",\n         IF(AUTOEVENTO=\"Manual\",\n                IF($A93=0,\"<-- defina o número do agrupador\",\n                       OFFSET(EVENTOS!$D$15,$A93-$A$15,0)),\n                OFFSET($F$15,$A93,0)))","v":"Instalações elétricas finais"},null,null,null,1,null,null,null,null,null,null,null,null,null,{"$f":"IF(AND($D93=\"Serviço\",AB$12<>0,$H93>0,OR(AUTOEVENTO<>\"manual\",$M93<>$A$15)),\n        IF(Import.TipoArredondamento<>\"TransfereGOV\",\n              ROUND(OFFSET($P93,0,AB$13),15-13*ORÇAMENTO!$AF$7)/$H93*OFFSET(ORÇAMENTO!$X$15,ROW(AB93)-ROW(AB$15),0),\n              ROUND(ROUND(OFFSET($P93,0,AB$13),15-13*ORÇAMENTO!$AF$7)*OFFSET(ORÇAMENTO!$W$15,ROW(AB93)-ROW(AB$15),0),15-13*ORÇAMENTO!$AF$11)),\n         0)","v":0},{"$f":"IF(AND($D93=\"Serviço\",AC$12<>0,$H93>0,OR(AUTOEVENTO<>\"manual\",$M93<>$A$15)),\n        IF(Import.TipoArredondamento<>\"TransfereGOV\",\n              ROUND(OFFSET($P93,0,AC$13),15-13*ORÇAMENTO!$AF$7)/$H93*OFFSET(ORÇAMENTO!$X$15,ROW(AC93)-ROW(AC$15),0),\n              ROUND(ROUND(OFFSET($P93,0,AC$13),15-13*ORÇAMENTO!$AF$7)*OFFSET(ORÇAMENTO!$W$15,ROW(AC93)-ROW(AC$15),0),15-13*ORÇAMENTO!$AF$11)),\n         0)","v":0},{"$f":"IF(AND($D93=\"Serviço\",AD$12<>0,$H93>0,OR(AUTOEVENTO<>\"manual\",$M93<>$A$15)),\n        IF(Import.TipoArredondamento<>\"TransfereGOV\",\n              ROUND(OFFSET($P93,0,AD$13),15-13*ORÇAMENTO!$AF$7)/$H93*OFFSET(ORÇAMENTO!$X$15,ROW(AD93)-ROW(AD$15),0),\n              ROUND(ROUND(OFFSET($P93,0,AD$13),15-13*ORÇAMENTO!$AF$7)*OFFSET(ORÇAMENTO!$W$15,ROW(AD93)-ROW(AD$15),0),15-13*ORÇAMENTO!$AF$11)),\n         0)","v":0},{"$f":"IF(AND($D93=\"Serviço\",AE$12<>0,$H93>0,OR(AUTOEVENTO<>\"manual\",$M93<>$A$15)),\n        IF(Import.TipoArredondamento<>\"TransfereGOV\",\n              ROUND(OFFSET($P93,0,AE$13),15-13*ORÇAMENTO!$AF$7)/$H93*OFFSET(ORÇAMENTO!$X$15,ROW(AE93)-ROW(AE$15),0),\n              ROUND(ROUND(OFFSET($P93,0,AE$13),15-13*ORÇAMENTO!$AF$7)*OFFSET(ORÇAMENTO!$W$15,ROW(AE93)-ROW(AE$15),0),15-13*ORÇAMENTO!$AF$11)),\n         0)","v":0},{"$f":"IF(AND($D93=\"Serviço\",AF$12<>0,$H93>0,OR(AUTOEVENTO<>\"manual\",$M93<>$A$15)),\n        IF(Import.TipoArredondamento<>\"TransfereGOV\",\n              ROUND(OFFSET($P93,0,AF$13),15-13*ORÇAMENTO!$AF$7)/$H93*OFFSET(ORÇAMENTO!$X$15,ROW(AF93)-ROW(AF$15),0),\n              ROUND(ROUND(OFFSET($P93,0,AF$13),15-13*ORÇAMENTO!$AF$7)*OFFSET(ORÇAMENTO!$W$15,ROW(AF93)-ROW(AF$15),0),15-13*ORÇAMENTO!$AF$11)),\n         0)","v":0},{"$f":"IF(AND($D93=\"Serviço\",AG$12<>0,$H93>0,OR(AUTOEVENTO<>\"manual\",$M93<>$A$15)),\n        IF(Import.TipoArredondamento<>\"TransfereGOV\",\n              ROUND(OFFSET($P93,0,AG$13),15-13*ORÇAMENTO!$AF$7)/$H93*OFFSET(ORÇAMENTO!$X$15,ROW(AG93)-ROW(AG$15),0),\n              ROUND(ROUND(OFFSET($P93,0,AG$13),15-13*ORÇAMENTO!$AF$7)*OFFSET(ORÇAMENTO!$W$15,ROW(AG93)-ROW(AG$15),0),15-13*ORÇAMENTO!$AF$11)),\n         0)","v":0},{"$f":"IF(AND($D93=\"Serviço\",AH$12<>0,$H93>0,OR(AUTOEVENTO<>\"manual\",$M93<>$A$15)),\n        IF(Import.TipoArredondamento<>\"TransfereGOV\",\n              ROUND(OFFSET($P93,0,AH$13),15-13*ORÇAMENTO!$AF$7)/$H93*OFFSET(ORÇAMENTO!$X$15,ROW(AH93)-ROW(AH$15),0),\n              ROUND(ROUND(OFFSET($P93,0,AH$13),15-13*ORÇAMENTO!$AF$7)*OFFSET(ORÇAMENTO!$W$15,ROW(AH93)-ROW(AH$15),0),15-13*ORÇAMENTO!$AF$11)),\n         0)","v":0},{"$f":"IF(AND($D93=\"Serviço\",AI$12<>0,$H93>0,OR(AUTOEVENTO<>\"manual\",$M93<>$A$15)),\n        IF(Import.TipoArredondamento<>\"TransfereGOV\",\n              ROUND(OFFSET($P93,0,AI$13),15-13*ORÇAMENTO!$AF$7)/$H93*OFFSET(ORÇAMENTO!$X$15,ROW(AI93)-ROW(AI$15),0),\n              ROUND(ROUND(OFFSET($P93,0,AI$13),15-13*ORÇAMENTO!$AF$7)*OFFSET(ORÇAMENTO!$W$15,ROW(AI93)-ROW(AI$15),0),15-13*ORÇAMENTO!$AF$11)),\n         0)","v":0},{"$f":"IF(AND($D93=\"Serviço\",AJ$12<>0,$H93>0,OR(AUTOEVENTO<>\"manual\",$M93<>$A$15)),\n        IF(Import.TipoArredondamento<>\"TransfereGOV\",\n              ROUND(OFFSET($P93,0,AJ$13),15-13*ORÇAMENTO!$AF$7)/$H93*OFFSET(ORÇAMENTO!$X$15,ROW(AJ93)-ROW(AJ$15),0),\n              ROUND(ROUND(OFFSET($P93,0,AJ$13),15-13*ORÇAMENTO!$AF$7)*OFFSET(ORÇAMENTO!$W$15,ROW(AJ93)-ROW(AJ$15),0),15-13*ORÇAMENTO!$AF$11)),\n         0)","v":0},{"$f":"IF(AND($D93=\"Serviço\",AK$12<>0,$H93>0,OR(AUTOEVENTO<>\"manual\",$M93<>$A$15)),\n        IF(Import.TipoArredondamento<>\"TransfereGOV\",\n              ROUND(OFFSET($P93,0,AK$13),15-13*ORÇAMENTO!$AF$7)/$H93*OFFSET(ORÇAMENTO!$X$15,ROW(AK93)-ROW(AK$15),0),\n              ROUND(ROUND(OFFSET($P93,0,AK$13),15-13*ORÇAMENTO!$AF$7)*OFFSET(ORÇAMENTO!$W$15,ROW(AK93)-ROW(AK$15),0),15-13*ORÇAMENTO!$AF$11)),\n         0)","v":0},null,{"$f":"IF(OR($D93<>\"Serviço\",AND(AUTOEVENTO=\"Manual\",$M93=$A$15)),0,\n         IF(OFFSET(CRONOPLE!$F$15,$M93-$A$15,AM$13)=0,10^12,OFFSET(CRONOPLE!$F$15,$M93-$A$15,AM$13)))","v":4},{"$f":"IF(OR($D93<>\"Serviço\",AND(AUTOEVENTO=\"Manual\",$M93=$A$15)),0,\n         IF(OFFSET(CRONOPLE!$F$15,$M93-$A$15,AN$13)=0,10^12,OFFSET(CRONOPLE!$F$15,$M93-$A$15,AN$13)))","v":5},{"$f":"IF(OR($D93<>\"Serviço\",AND(AUTOEVENTO=\"Manual\",$M93=$A$15)),0,\n         IF(OFFSET(CRONOPLE!$F$15,$M93-$A$15,AO$13)=0,10^12,OFFSET(CRONOPLE!$F$15,$M93-$A$15,AO$13)))","v":1000000000000},{"$f":"IF(OR($D93<>\"Serviço\",AND(AUTOEVENTO=\"Manual\",$M93=$A$15)),0,\n         IF(OFFSET(CRONOPLE!$F$15,$M93-$A$15,AP$13)=0,10^12,OFFSET(CRONOPLE!$F$15,$M93-$A$15,AP$13)))","v":1000000000000},{"$f":"IF(OR($D93<>\"Serviço\",AND(AUTOEVENTO=\"Manual\",$M93=$A$15)),0,\n         IF(OFFSET(CRONOPLE!$F$15,$M93-$A$15,AQ$13)=0,10^12,OFFSET(CRONOPLE!$F$15,$M93-$A$15,AQ$13)))","v":1000000000000},{"$f":"IF(OR($D93<>\"Serviço\",AND(AUTOEVENTO=\"Manual\",$M93=$A$15)),0,\n         IF(OFFSET(CRONOPLE!$F$15,$M93-$A$15,AR$13)=0,10^12,OFFSET(CRONOPLE!$F$15,$M93-$A$15,AR$13)))","v":1000000000000},{"$f":"IF(OR($D93<>\"Serviço\",AND(AUTOEVENTO=\"Manual\",$M93=$A$15)),0,\n         IF(OFFSET(CRONOPLE!$F$15,$M93-$A$15,AS$13)=0,10^12,OFFSET(CRONOPLE!$F$15,$M93-$A$15,AS$13)))","v":1000000000000},{"$f":"IF(OR($D93<>\"Serviço\",AND(AUTOEVENTO=\"Manual\",$M93=$A$15)),0,\n         IF(OFFSET(CRONOPLE!$F$15,$M93-$A$15,AT$13)=0,10^12,OFFSET(CRONOPLE!$F$15,$M93-$A$15,AT$13)))","v":1000000000000},{"$f":"IF(OR($D93<>\"Serviço\",AND(AUTOEVENTO=\"Manual\",$M93=$A$15)),0,\n         IF(OFFSET(CRONOPLE!$F$15,$M93-$A$15,AU$13)=0,10^12,OFFSET(CRONOPLE!$F$15,$M93-$A$15,AU$13)))","v":1000000000000},{"$f":"IF(OR($D93<>\"Serviço\",AND(AUTOEVENTO=\"Manual\",$M93=$A$15)),0,\n         IF(OFFSET(CRONOPLE!$F$15,$M93-$A$15,AV$13)=0,10^12,OFFSET(CRONOPLE!$F$15,$M93-$A$15,AV$13)))","v":1000000000000},null,{"$f":"IF(OR($D93<>\"Serviço\",AND(AUTOEVENTO=\"Manual\",$M93=$A$15),$M93>(ROW(PLE.lastrow)-ROW(PLE.firstrow))),0,\n           IF(OFFSET(PLE!$G$15,$M93-$A$15,AX$13)=\"\",10^12,OFFSET(PLE!$G$15,$M93-$A$15,AX$13)))","v":1000000000000},{"$f":"IF(OR($D93<>\"Serviço\",AND(AUTOEVENTO=\"Manual\",$M93=$A$15),$M93>(ROW(PLE.lastrow)-ROW(PLE.firstrow))),0,\n           IF(OFFSET(PLE!$G$15,$M93-$A$15,AY$13)=\"\",10^12,OFFSET(PLE!$G$15,$M93-$A$15,AY$13)))","v":1000000000000},{"$f":"IF(OR($D93<>\"Serviço\",AND(AUTOEVENTO=\"Manual\",$M93=$A$15),$M93>(ROW(PLE.lastrow)-ROW(PLE.firstrow))),0,\n           IF(OFFSET(PLE!$G$15,$M93-$A$15,AZ$13)=\"\",10^12,OFFSET(PLE!$G$15,$M93-$A$15,AZ$13)))","v":1000000000000},{"$f":"IF(OR($D93<>\"Serviço\",AND(AUTOEVENTO=\"Manual\",$M93=$A$15),$M93>(ROW(PLE.lastrow)-ROW(PLE.firstrow))),0,\n           IF(OFFSET(PLE!$G$15,$M93-$A$15,BA$13)=\"\",10^12,OFFSET(PLE!$G$15,$M93-$A$15,BA$13)))","v":1000000000000},{"$f":"IF(OR($D93<>\"Serviço\",AND(AUTOEVENTO=\"Manual\",$M93=$A$15),$M93>(ROW(PLE.lastrow)-ROW(PLE.firstrow))),0,\n           IF(OFFSET(PLE!$G$15,$M93-$A$15,BB$13)=\"\",10^12,OFFSET(PLE!$G$15,$M93-$A$15,BB$13)))","v":1000000000000},{"$f":"IF(OR($D93<>\"Serviço\",AND(AUTOEVENTO=\"Manual\",$M93=$A$15),$M93>(ROW(PLE.lastrow)-ROW(PLE.firstrow))),0,\n           IF(OFFSET(PLE!$G$15,$M93-$A$15,BC$13)=\"\",10^12,OFFSET(PLE!$G$15,$M93-$A$15,BC$13)))","v":1000000000000},{"$f":"IF(OR($D93<>\"Serviço\",AND(AUTOEVENTO=\"Manual\",$M93=$A$15),$M93>(ROW(PLE.lastrow)-ROW(PLE.firstrow))),0,\n           IF(OFFSET(PLE!$G$15,$M93-$A$15,BD$13)=\"\",10^12,OFFSET(PLE!$G$15,$M93-$A$15,BD$13)))","v":1000000000000},{"$f":"IF(OR($D93<>\"Serviço\",AND(AUTOEVENTO=\"Manual\",$M93=$A$15),$M93>(ROW(PLE.lastrow)-ROW(PLE.firstrow))),0,\n           IF(OFFSET(PLE!$G$15,$M93-$A$15,BE$13)=\"\",10^12,OFFSET(PLE!$G$15,$M93-$A$15,BE$13)))","v":1000000000000},{"$f":"IF(OR($D93<>\"Serviço\",AND(AUTOEVENTO=\"Manual\",$M93=$A$15),$M93>(ROW(PLE.lastrow)-ROW(PLE.firstrow))),0,\n           IF(OFFSET(PLE!$G$15,$M93-$A$15,BF$13)=\"\",10^12,OFFSET(PLE!$G$15,$M93-$A$15,BF$13)))","v":1000000000000},{"$f":"IF(OR($D93<>\"Serviço\",AND(AUTOEVENTO=\"Manual\",$M93=$A$15),$M93>(ROW(PLE.lastrow)-ROW(PLE.firstrow))),0,\n           IF(OFFSET(PLE!$G$15,$M93-$A$15,BG$13)=\"\",10^12,OFFSET(PLE!$G$15,$M93-$A$15,BG$13)))","v":1000000000000}]
[13,{"$f":"OFFSET(ORÇAMENTO!C$15,$L94,0)","v":"S"},{"$f":"OFFSET(ORÇAMENTO!L$15,$L94,0)","v":"F"},{"$f":"OFFSET(ORÇAMENTO!N$15,$L94,0)","v":"Serviço"},{"$f":"OFFSET(ORÇAMENTO!O$15,$L94,0)","v":"1.10.9."},{"$f":"OFFSET(ORÇAMENTO!R$15,$L94,0)","v":"CONDULETE DE PVC, TIPO LL, PARA ELETRODUTO DE PVC SOLDÁVEL DN 25 MM (3/4''), APARENTE - FORNECIMENTO E INSTALAÇÃO. AF_10/2022"},{"$f":"IF($D94<>\"Serviço\",\"\",OFFSET(ORÇAMENTO!S$15,$L94,0))","v":"UN"},{"$f":"IF($D94<>\"Serviço\",0,IF(ACOMPANHAMENTO=\"BM\",ROUND(OFFSET(ORÇAMENTO!AJ$15,$L94,0),15-13*ORÇAMENTO!$AF$7),IF(IFERROR(CÁLCULO.FrentesPreenchidas,0)=0,0,SUM(ROUND(OFFSET($P94,0,1,1,CÁLCULO.FrentesPreenchidas),15-13*ORÇAMENTO!$AF$7)))))","v":1},"CONFORME PROJETO DE INSTALAÇÃO ELÉTRICA",{"$f":"IF(OR(B94<>\"S\",CÁLCULO.FrentesPreenchidas=0),\"\",IF(AND(ACOMPANHAMENTO=\"PLE\",AUTOEVENTO=\"Manual\",OR(H94>0,ORÇAMENTO!AC94=\"QUANT.\"),OR(K94=\"\",M94=0,N94=\"\")),\"►E\",IF(AND(ACOMPANHAMENTO=\"PLE\",ORÇAMENTO!AC94=\"QUANT.\"),\"►Q\",IF(AND(ACOMPANHAMENTO=\"PLE\",H94<>SUMPRODUCT(($Q$1:$AA$1=1)*ROUND(Q94:AA94,15))),\"►S\",IF(AND(COUNTIF($P$11:$AA$11,\"▼\")=0,H94>0,I94=\"\"),\"◄M\",\"\")))))","v":""},"13.Instalações elétricas iniciais",79,{"$f":"IF($D94<>\"Serviço\",\"\",\n          IF(AUTOEVENTO=\"manual\",$A94,\n                IF(ISERROR(MATCH($A94,$A$15:OFFSET($A94,-1,0),0)),MAX($M$15:OFFSET(M94,-1,0))+1,\n                      INDEX($M$15:OFFSET(M94,-1,0),MATCH($A94,$A$15:OFFSET($A94,-1,0),0)))))","v":13},{"$f":"IF($D94<>\"Serviço\",\"\",\n         IF(AUTOEVENTO=\"Manual\",\n                IF($A94=0,\"<-- defina o número do agrupador\",\n                       OFFSET(EVENTOS!$D$15,$A94-$A$15,0)),\n                OFFSET($F$15,$A94,0)))","v":"Instalações elétricas finais"},null,null,null,1,null,null,null,null,null,null,null,null,null,{"$f":"IF(AND($D94=\"Serviço\",AB$12<>0,$H94>0,OR(AUTOEVENTO<>\"manual\",$M94<>$A$15)),\n        IF(Import.TipoArredondamento<>\"TransfereGOV\",\n              ROUND(OFFSET($P94,0,AB$13),15-13*ORÇAMENTO!$AF$7)/$H94*OFFSET(ORÇAMENTO!$X$15,ROW(AB94)-ROW(AB$15),0),\n              ROUND(ROUND(OFFSET($P94,0,AB$13),15-13*ORÇAMENTO!$AF$7)*OFFSET(ORÇAMENTO!$W$15,ROW(AB94)-ROW(AB$15),0),15-13*ORÇAMENTO!$AF$11)),\n         0)","v":0},{"$f":"IF(AND($D94=\"Serviço\",AC$12<>0,$H94>0,OR(AUTOEVENTO<>\"manual\",$M94<>$A$15)),\n        IF(Import.TipoArredondamento<>\"TransfereGOV\",\n              ROUND(OFFSET($P94,0,AC$13),15-13*ORÇAMENTO!$AF$7)/$H94*OFFSET(ORÇAMENTO!$X$15,ROW(AC94)-ROW(AC$15),0),\n              ROUND(ROUND(OFFSET($P94,0,AC$13),15-13*ORÇAMENTO!$AF$7)*OFFSET(ORÇAMENTO!$W$15,ROW(AC94)-ROW(AC$15),0),15-13*ORÇAMENTO!$AF$11)),\n         0)","v":0},{"$f":"IF(AND($D94=\"Serviço\",AD$12<>0,$H94>0,OR(AUTOEVENTO<>\"manual\",$M94<>$A$15)),\n        IF(Import.TipoArredondamento<>\"TransfereGOV\",\n              ROUND(OFFSET($P94,0,AD$13),15-13*ORÇAMENTO!$AF$7)/$H94*OFFSET(ORÇAMENTO!$X$15,ROW(AD94)-ROW(AD$15),0),\n              ROUND(ROUND(OFFSET($P94,0,AD$13),15-13*ORÇAMENTO!$AF$7)*OFFSET(ORÇAMENTO!$W$15,ROW(AD94)-ROW(AD$15),0),15-13*ORÇAMENTO!$AF$11)),\n         0)","v":0},{"$f":"IF(AND($D94=\"Serviço\",AE$12<>0,$H94>0,OR(AUTOEVENTO<>\"manual\",$M94<>$A$15)),\n        IF(Import.TipoArredondamento<>\"TransfereGOV\",\n              ROUND(OFFSET($P94,0,AE$13),15-13*ORÇAMENTO!$AF$7)/$H94*OFFSET(ORÇAMENTO!$X$15,ROW(AE94)-ROW(AE$15),0),\n              ROUND(ROUND(OFFSET($P94,0,AE$13),15-13*ORÇAMENTO!$AF$7)*OFFSET(ORÇAMENTO!$W$15,ROW(AE94)-ROW(AE$15),0),15-13*ORÇAMENTO!$AF$11)),\n         0)","v":0},{"$f":"IF(AND($D94=\"Serviço\",AF$12<>0,$H94>0,OR(AUTOEVENTO<>\"manual\",$M94<>$A$15)),\n        IF(Import.TipoArredondamento<>\"TransfereGOV\",\n              ROUND(OFFSET($P94,0,AF$13),15-13*ORÇAMENTO!$AF$7)/$H94*OFFSET(ORÇAMENTO!$X$15,ROW(AF94)-ROW(AF$15),0),\n              ROUND(ROUND(OFFSET($P94,0,AF$13),15-13*ORÇAMENTO!$AF$7)*OFFSET(ORÇAMENTO!$W$15,ROW(AF94)-ROW(AF$15),0),15-13*ORÇAMENTO!$AF$11)),\n         0)","v":0},{"$f":"IF(AND($D94=\"Serviço\",AG$12<>0,$H94>0,OR(AUTOEVENTO<>\"manual\",$M94<>$A$15)),\n        IF(Import.TipoArredondamento<>\"TransfereGOV\",\n              ROUND(OFFSET($P94,0,AG$13),15-13*ORÇAMENTO!$AF$7)/$H94*OFFSET(ORÇAMENTO!$X$15,ROW(AG94)-ROW(AG$15),0),\n              ROUND(ROUND(OFFSET($P94,0,AG$13),15-13*ORÇAMENTO!$AF$7)*OFFSET(ORÇAMENTO!$W$15,ROW(AG94)-ROW(AG$15),0),15-13*ORÇAMENTO!$AF$11)),\n         0)","v":0},{"$f":"IF(AND($D94=\"Serviço\",AH$12<>0,$H94>0,OR(AUTOEVENTO<>\"manual\",$M94<>$A$15)),\n        IF(Import.TipoArredondamento<>\"TransfereGOV\",\n              ROUND(OFFSET($P94,0,AH$13),15-13*ORÇAMENTO!$AF$7)/$H94*OFFSET(ORÇAMENTO!$X$15,ROW(AH94)-ROW(AH$15),0),\n              ROUND(ROUND(OFFSET($P94,0,AH$13),15-13*ORÇAMENTO!$AF$7)*OFFSET(ORÇAMENTO!$W$15,ROW(AH94)-ROW(AH$15),0),15-13*ORÇAMENTO!$AF$11)),\n         0)","v":0},{"$f":"IF(AND($D94=\"Serviço\",AI$12<>0,$H94>0,OR(AUTOEVENTO<>\"manual\",$M94<>$A$15)),\n        IF(Import.TipoArredondamento<>\"TransfereGOV\",\n              ROUND(OFFSET($P94,0,AI$13),15-13*ORÇAMENTO!$AF$7)/$H94*OFFSET(ORÇAMENTO!$X$15,ROW(AI94)-ROW(AI$15),0),\n              ROUND(ROUND(OFFSET($P94,0,AI$13),15-13*ORÇAMENTO!$AF$7)*OFFSET(ORÇAMENTO!$W$15,ROW(AI94)-ROW(AI$15),0),15-13*ORÇAMENTO!$AF$11)),\n         0)","v":0},{"$f":"IF(AND($D94=\"Serviço\",AJ$12<>0,$H94>0,OR(AUTOEVENTO<>\"manual\",$M94<>$A$15)),\n        IF(Import.TipoArredondamento<>\"TransfereGOV\",\n              ROUND(OFFSET($P94,0,AJ$13),15-13*ORÇAMENTO!$AF$7)/$H94*OFFSET(ORÇAMENTO!$X$15,ROW(AJ94)-ROW(AJ$15),0),\n              ROUND(ROUND(OFFSET($P94,0,AJ$13),15-13*ORÇAMENTO!$AF$7)*OFFSET(ORÇAMENTO!$W$15,ROW(AJ94)-ROW(AJ$15),0),15-13*ORÇAMENTO!$AF$11)),\n         0)","v":0},{"$f":"IF(AND($D94=\"Serviço\",AK$12<>0,$H94>0,OR(AUTOEVENTO<>\"manual\",$M94<>$A$15)),\n        IF(Import.TipoArredondamento<>\"TransfereGOV\",\n              ROUND(OFFSET($P94,0,AK$13),15-13*ORÇAMENTO!$AF$7)/$H94*OFFSET(ORÇAMENTO!$X$15,ROW(AK94)-ROW(AK$15),0),\n              ROUND(ROUND(OFFSET($P94,0,AK$13),15-13*ORÇAMENTO!$AF$7)*OFFSET(ORÇAMENTO!$W$15,ROW(AK94)-ROW(AK$15),0),15-13*ORÇAMENTO!$AF$11)),\n         0)","v":0},null,{"$f":"IF(OR($D94<>\"Serviço\",AND(AUTOEVENTO=\"Manual\",$M94=$A$15)),0,\n         IF(OFFSET(CRONOPLE!$F$15,$M94-$A$15,AM$13)=0,10^12,OFFSET(CRONOPLE!$F$15,$M94-$A$15,AM$13)))","v":4},{"$f":"IF(OR($D94<>\"Serviço\",AND(AUTOEVENTO=\"Manual\",$M94=$A$15)),0,\n         IF(OFFSET(CRONOPLE!$F$15,$M94-$A$15,AN$13)=0,10^12,OFFSET(CRONOPLE!$F$15,$M94-$A$15,AN$13)))","v":5},{"$f":"IF(OR($D94<>\"Serviço\",AND(AUTOEVENTO=\"Manual\",$M94=$A$15)),0,\n         IF(OFFSET(CRONOPLE!$F$15,$M94-$A$15,AO$13)=0,10^12,OFFSET(CRONOPLE!$F$15,$M94-$A$15,AO$13)))","v":1000000000000},{"$f":"IF(OR($D94<>\"Serviço\",AND(AUTOEVENTO=\"Manual\",$M94=$A$15)),0,\n         IF(OFFSET(CRONOPLE!$F$15,$M94-$A$15,AP$13)=0,10^12,OFFSET(CRONOPLE!$F$15,$M94-$A$15,AP$13)))","v":1000000000000},{"$f":"IF(OR($D94<>\"Serviço\",AND(AUTOEVENTO=\"Manual\",$M94=$A$15)),0,\n         IF(OFFSET(CRONOPLE!$F$15,$M94-$A$15,AQ$13)=0,10^12,OFFSET(CRONOPLE!$F$15,$M94-$A$15,AQ$13)))","v":1000000000000},{"$f":"IF(OR($D94<>\"Serviço\",AND(AUTOEVENTO=\"Manual\",$M94=$A$15)),0,\n         IF(OFFSET(CRONOPLE!$F$15,$M94-$A$15,AR$13)=0,10^12,OFFSET(CRONOPLE!$F$15,$M94-$A$15,AR$13)))","v":1000000000000},{"$f":"IF(OR($D94<>\"Serviço\",AND(AUTOEVENTO=\"Manual\",$M94=$A$15)),0,\n         IF(OFFSET(CRONOPLE!$F$15,$M94-$A$15,AS$13)=0,10^12,OFFSET(CRONOPLE!$F$15,$M94-$A$15,AS$13)))","v":1000000000000},{"$f":"IF(OR($D94<>\"Serviço\",AND(AUTOEVENTO=\"Manual\",$M94=$A$15)),0,\n         IF(OFFSET(CRONOPLE!$F$15,$M94-$A$15,AT$13)=0,10^12,OFFSET(CRONOPLE!$F$15,$M94-$A$15,AT$13)))","v":1000000000000},{"$f":"IF(OR($D94<>\"Serviço\",AND(AUTOEVENTO=\"Manual\",$M94=$A$15)),0,\n         IF(OFFSET(CRONOPLE!$F$15,$M94-$A$15,AU$13)=0,10^12,OFFSET(CRONOPLE!$F$15,$M94-$A$15,AU$13)))","v":1000000000000},{"$f":"IF(OR($D94<>\"Serviço\",AND(AUTOEVENTO=\"Manual\",$M94=$A$15)),0,\n         IF(OFFSET(CRONOPLE!$F$15,$M94-$A$15,AV$13)=0,10^12,OFFSET(CRONOPLE!$F$15,$M94-$A$15,AV$13)))","v":1000000000000},null,{"$f":"IF(OR($D94<>\"Serviço\",AND(AUTOEVENTO=\"Manual\",$M94=$A$15),$M94>(ROW(PLE.lastrow)-ROW(PLE.firstrow))),0,\n           IF(OFFSET(PLE!$G$15,$M94-$A$15,AX$13)=\"\",10^12,OFFSET(PLE!$G$15,$M94-$A$15,AX$13)))","v":1000000000000},{"$f":"IF(OR($D94<>\"Serviço\",AND(AUTOEVENTO=\"Manual\",$M94=$A$15),$M94>(ROW(PLE.lastrow)-ROW(PLE.firstrow))),0,\n           IF(OFFSET(PLE!$G$15,$M94-$A$15,AY$13)=\"\",10^12,OFFSET(PLE!$G$15,$M94-$A$15,AY$13)))","v":1000000000000},{"$f":"IF(OR($D94<>\"Serviço\",AND(AUTOEVENTO=\"Manual\",$M94=$A$15),$M94>(ROW(PLE.lastrow)-ROW(PLE.firstrow))),0,\n           IF(OFFSET(PLE!$G$15,$M94-$A$15,AZ$13)=\"\",10^12,OFFSET(PLE!$G$15,$M94-$A$15,AZ$13)))","v":1000000000000},{"$f":"IF(OR($D94<>\"Serviço\",AND(AUTOEVENTO=\"Manual\",$M94=$A$15),$M94>(ROW(PLE.lastrow)-ROW(PLE.firstrow))),0,\n           IF(OFFSET(PLE!$G$15,$M94-$A$15,BA$13)=\"\",10^12,OFFSET(PLE!$G$15,$M94-$A$15,BA$13)))","v":1000000000000},{"$f":"IF(OR($D94<>\"Serviço\",AND(AUTOEVENTO=\"Manual\",$M94=$A$15),$M94>(ROW(PLE.lastrow)-ROW(PLE.firstrow))),0,\n           IF(OFFSET(PLE!$G$15,$M94-$A$15,BB$13)=\"\",10^12,OFFSET(PLE!$G$15,$M94-$A$15,BB$13)))","v":1000000000000},{"$f":"IF(OR($D94<>\"Serviço\",AND(AUTOEVENTO=\"Manual\",$M94=$A$15),$M94>(ROW(PLE.lastrow)-ROW(PLE.firstrow))),0,\n           IF(OFFSET(PLE!$G$15,$M94-$A$15,BC$13)=\"\",10^12,OFFSET(PLE!$G$15,$M94-$A$15,BC$13)))","v":1000000000000},{"$f":"IF(OR($D94<>\"Serviço\",AND(AUTOEVENTO=\"Manual\",$M94=$A$15),$M94>(ROW(PLE.lastrow)-ROW(PLE.firstrow))),0,\n           IF(OFFSET(PLE!$G$15,$M94-$A$15,BD$13)=\"\",10^12,OFFSET(PLE!$G$15,$M94-$A$15,BD$13)))","v":1000000000000},{"$f":"IF(OR($D94<>\"Serviço\",AND(AUTOEVENTO=\"Manual\",$M94=$A$15),$M94>(ROW(PLE.lastrow)-ROW(PLE.firstrow))),0,\n           IF(OFFSET(PLE!$G$15,$M94-$A$15,BE$13)=\"\",10^12,OFFSET(PLE!$G$15,$M94-$A$15,BE$13)))","v":1000000000000},{"$f":"IF(OR($D94<>\"Serviço\",AND(AUTOEVENTO=\"Manual\",$M94=$A$15),$M94>(ROW(PLE.lastrow)-ROW(PLE.firstrow))),0,\n           IF(OFFSET(PLE!$G$15,$M94-$A$15,BF$13)=\"\",10^12,OFFSET(PLE!$G$15,$M94-$A$15,BF$13)))","v":1000000000000},{"$f":"IF(OR($D94<>\"Serviço\",AND(AUTOEVENTO=\"Manual\",$M94=$A$15),$M94>(ROW(PLE.lastrow)-ROW(PLE.firstrow))),0,\n           IF(OFFSET(PLE!$G$15,$M94-$A$15,BG$13)=\"\",10^12,OFFSET(PLE!$G$15,$M94-$A$15,BG$13)))","v":1000000000000}]
[13,{"$f":"OFFSET(ORÇAMENTO!C$15,$L95,0)","v":"S"},{"$f":"OFFSET(ORÇAMENTO!L$15,$L95,0)","v":"F"},{"$f":"OFFSET(ORÇAMENTO!N$15,$L95,0)","v":"Serviço"},{"$f":"OFFSET(ORÇAMENTO!O$15,$L95,0)","v":"1.10.10."},{"$f":"OFFSET(ORÇAMENTO!R$15,$L95,0)","v":"CAIXA ENTERRADA ELÉTRICA RETANGULAR, EM ALVENARIA COM TIJOLOS CERÂMICOS MACIÇOS, FUNDO COM BRITA, DIMENSÕES INTERNAS: 0,3X0,3X0,3 M. AF_12/2020"},{"$f":"IF($D95<>\"Serviço\",\"\",OFFSET(ORÇAMENTO!S$15,$L95,0))","v":"UN"},{"$f":"IF($D95<>\"Serviço\",0,IF(ACOMPANHAMENTO=\"BM\",ROUND(OFFSET(ORÇAMENTO!AJ$15,$L95,0),15-13*ORÇAMENTO!$AF$7),IF(IFERROR(CÁLCULO.FrentesPreenchidas,0)=0,0,SUM(ROUND(OFFSET($P95,0,1,1,CÁLCULO.FrentesPreenchidas),15-13*ORÇAMENTO!$AF$7)))))","v":7},"CONFORME PROJETO DE INSTALAÇÃO ELÉTRICA",{"$f":"IF(OR(B95<>\"S\",CÁLCULO.FrentesPreenchidas=0),\"\",IF(AND(ACOMPANHAMENTO=\"PLE\",AUTOEVENTO=\"Manual\",OR(H95>0,ORÇAMENTO!AC95=\"QUANT.\"),OR(K95=\"\",M95=0,N95=\"\")),\"►E\",IF(AND(ACOMPANHAMENTO=\"PLE\",ORÇAMENTO!AC95=\"QUANT.\"),\"►Q\",IF(AND(ACOMPANHAMENTO=\"PLE\",H95<>SUMPRODUCT(($Q$1:$AA$1=1)*ROUND(Q95:AA95,15))),\"►S\",IF(AND(COUNTIF($P$11:$AA$11,\"▼\")=0,H95>0,I95=\"\"),\"◄M\",\"\")))))","v":""},"13.Instalações elétricas iniciais",80,{"$f":"IF($D95<>\"Serviço\",\"\",\n          IF(AUTOEVENTO=\"manual\",$A95,\n                IF(ISERROR(MATCH($A95,$A$15:OFFSET($A95,-1,0),0)),MAX($M$15:OFFSET(M95,-1,0))+1,\n                      INDEX($M$15:OFFSET(M95,-1,0),MATCH($A95,$A$15:OFFSET($A95,-1,0),0)))))","v":13},{"$f":"IF($D95<>\"Serviço\",\"\",\n         IF(AUTOEVENTO=\"Manual\",\n                IF($A95=0,\"<-- defina o número do agrupador\",\n                       OFFSET(EVENTOS!$D$15,$A95-$A$15,0)),\n                OFFSET($F$15,$A95,0)))","v":"Instalações elétricas finais"},null,null,null,7,null,null,null,null,null,null,null,null,null,{"$f":"IF(AND($D95=\"Serviço\",AB$12<>0,$H95>0,OR(AUTOEVENTO<>\"manual\",$M95<>$A$15)),\n        IF(Import.TipoArredondamento<>\"TransfereGOV\",\n              ROUND(OFFSET($P95,0,AB$13),15-13*ORÇAMENTO!$AF$7)/$H95*OFFSET(ORÇAMENTO!$X$15,ROW(AB95)-ROW(AB$15),0),\n              ROUND(ROUND(OFFSET($P95,0,AB$13),15-13*ORÇAMENTO!$AF$7)*OFFSET(ORÇAMENTO!$W$15,ROW(AB95)-ROW(AB$15),0),15-13*ORÇAMENTO!$AF$11)),\n         0)","v":0},{"$f":"IF(AND($D95=\"Serviço\",AC$12<>0,$H95>0,OR(AUTOEVENTO<>\"manual\",$M95<>$A$15)),\n        IF(Import.TipoArredondamento<>\"TransfereGOV\",\n              ROUND(OFFSET($P95,0,AC$13),15-13*ORÇAMENTO!$AF$7)/$H95*OFFSET(ORÇAMENTO!$X$15,ROW(AC95)-ROW(AC$15),0),\n              ROUND(ROUND(OFFSET($P95,0,AC$13),15-13*ORÇAMENTO!$AF$7)*OFFSET(ORÇAMENTO!$W$15,ROW(AC95)-ROW(AC$15),0),15-13*ORÇAMENTO!$AF$11)),\n         0)","v":0},{"$f":"IF(AND($D95=\"Serviço\",AD$12<>0,$H95>0,OR(AUTOEVENTO<>\"manual\",$M95<>$A$15)),\n        IF(Import.TipoArredondamento<>\"TransfereGOV\",\n              ROUND(OFFSET($P95,0,AD$13),15-13*ORÇAMENTO!$AF$7)/$H95*OFFSET(ORÇAMENTO!$X$15,ROW(AD95)-ROW(AD$15),0),\n              ROUND(ROUND(OFFSET($P95,0,AD$13),15-13*ORÇAMENTO!$AF$7)*OFFSET(ORÇAMENTO!$W$15,ROW(AD95)-ROW(AD$15),0),15-13*ORÇAMENTO!$AF$11)),\n         0)","v":0},{"$f":"IF(AND($D95=\"Serviço\",AE$12<>0,$H95>0,OR(AUTOEVENTO<>\"manual\",$M95<>$A$15)),\n        IF(Import.TipoArredondamento<>\"TransfereGOV\",\n              ROUND(OFFSET($P95,0,AE$13),15-13*ORÇAMENTO!$AF$7)/$H95*OFFSET(ORÇAMENTO!$X$15,ROW(AE95)-ROW(AE$15),0),\n              ROUND(ROUND(OFFSET($P95,0,AE$13),15-13*ORÇAMENTO!$AF$7)*OFFSET(ORÇAMENTO!$W$15,ROW(AE95)-ROW(AE$15),0),15-13*ORÇAMENTO!$AF$11)),\n         0)","v":0},{"$f":"IF(AND($D95=\"Serviço\",AF$12<>0,$H95>0,OR(AUTOEVENTO<>\"manual\",$M95<>$A$15)),\n        IF(Import.TipoArredondamento<>\"TransfereGOV\",\n              ROUND(OFFSET($P95,0,AF$13),15-13*ORÇAMENTO!$AF$7)/$H95*OFFSET(ORÇAMENTO!$X$15,ROW(AF95)-ROW(AF$15),0),\n              ROUND(ROUND(OFFSET($P95,0,AF$13),15-13*ORÇAMENTO!$AF$7)*OFFSET(ORÇAMENTO!$W$15,ROW(AF95)-ROW(AF$15),0),15-13*ORÇAMENTO!$AF$11)),\n         0)","v":0},{"$f":"IF(AND($D95=\"Serviço\",AG$12<>0,$H95>0,OR(AUTOEVENTO<>\"manual\",$M95<>$A$15)),\n        IF(Import.TipoArredondamento<>\"TransfereGOV\",\n              ROUND(OFFSET($P95,0,AG$13),15-13*ORÇAMENTO!$AF$7)/$H95*OFFSET(ORÇAMENTO!$X$15,ROW(AG95)-ROW(AG$15),0),\n              ROUND(ROUND(OFFSET($P95,0,AG$13),15-13*ORÇAMENTO!$AF$7)*OFFSET(ORÇAMENTO!$W$15,ROW(AG95)-ROW(AG$15),0),15-13*ORÇAMENTO!$AF$11)),\n         0)","v":0},{"$f":"IF(AND($D95=\"Serviço\",AH$12<>0,$H95>0,OR(AUTOEVENTO<>\"manual\",$M95<>$A$15)),\n        IF(Import.TipoArredondamento<>\"TransfereGOV\",\n              ROUND(OFFSET($P95,0,AH$13),15-13*ORÇAMENTO!$AF$7)/$H95*OFFSET(ORÇAMENTO!$X$15,ROW(AH95)-ROW(AH$15),0),\n              ROUND(ROUND(OFFSET($P95,0,AH$13),15-13*ORÇAMENTO!$AF$7)*OFFSET(ORÇAMENTO!$W$15,ROW(AH95)-ROW(AH$15),0),15-13*ORÇAMENTO!$AF$11)),\n         0)","v":0},{"$f":"IF(AND($D95=\"Serviço\",AI$12<>0,$H95>0,OR(AUTOEVENTO<>\"manual\",$M95<>$A$15)),\n        IF(Import.TipoArredondamento<>\"TransfereGOV\",\n              ROUND(OFFSET($P95,0,AI$13),15-13*ORÇAMENTO!$AF$7)/$H95*OFFSET(ORÇAMENTO!$X$15,ROW(AI95)-ROW(AI$15),0),\n              ROUND(ROUND(OFFSET($P95,0,AI$13),15-13*ORÇAMENTO!$AF$7)*OFFSET(ORÇAMENTO!$W$15,ROW(AI95)-ROW(AI$15),0),15-13*ORÇAMENTO!$AF$11)),\n         0)","v":0},{"$f":"IF(AND($D95=\"Serviço\",AJ$12<>0,$H95>0,OR(AUTOEVENTO<>\"manual\",$M95<>$A$15)),\n        IF(Import.TipoArredondamento<>\"TransfereGOV\",\n              ROUND(OFFSET($P95,0,AJ$13),15-13*ORÇAMENTO!$AF$7)/$H95*OFFSET(ORÇAMENTO!$X$15,ROW(AJ95)-ROW(AJ$15),0),\n              ROUND(ROUND(OFFSET($P95,0,AJ$13),15-13*ORÇAMENTO!$AF$7)*OFFSET(ORÇAMENTO!$W$15,ROW(AJ95)-ROW(AJ$15),0),15-13*ORÇAMENTO!$AF$11)),\n         0)","v":0},{"$f":"IF(AND($D95=\"Serviço\",AK$12<>0,$H95>0,OR(AUTOEVENTO<>\"manual\",$M95<>$A$15)),\n        IF(Import.TipoArredondamento<>\"TransfereGOV\",\n              ROUND(OFFSET($P95,0,AK$13),15-13*ORÇAMENTO!$AF$7)/$H95*OFFSET(ORÇAMENTO!$X$15,ROW(AK95)-ROW(AK$15),0),\n              ROUND(ROUND(OFFSET($P95,0,AK$13),15-13*ORÇAMENTO!$AF$7)*OFFSET(ORÇAMENTO!$W$15,ROW(AK95)-ROW(AK$15),0),15-13*ORÇAMENTO!$AF$11)),\n         0)","v":0},null,{"$f":"IF(OR($D95<>\"Serviço\",AND(AUTOEVENTO=\"Manual\",$M95=$A$15)),0,\n         IF(OFFSET(CRONOPLE!$F$15,$M95-$A$15,AM$13)=0,10^12,OFFSET(CRONOPLE!$F$15,$M95-$A$15,AM$13)))","v":4},{"$f":"IF(OR($D95<>\"Serviço\",AND(AUTOEVENTO=\"Manual\",$M95=$A$15)),0,\n         IF(OFFSET(CRONOPLE!$F$15,$M95-$A$15,AN$13)=0,10^12,OFFSET(CRONOPLE!$F$15,$M95-$A$15,AN$13)))","v":5},{"$f":"IF(OR($D95<>\"Serviço\",AND(AUTOEVENTO=\"Manual\",$M95=$A$15)),0,\n         IF(OFFSET(CRONOPLE!$F$15,$M95-$A$15,AO$13)=0,10^12,OFFSET(CRONOPLE!$F$15,$M95-$A$15,AO$13)))","v":1000000000000},{"$f":"IF(OR($D95<>\"Serviço\",AND(AUTOEVENTO=\"Manual\",$M95=$A$15)),0,\n         IF(OFFSET(CRONOPLE!$F$15,$M95-$A$15,AP$13)=0,10^12,OFFSET(CRONOPLE!$F$15,$M95-$A$15,AP$13)))","v":1000000000000},{"$f":"IF(OR($D95<>\"Serviço\",AND(AUTOEVENTO=\"Manual\",$M95=$A$15)),0,\n         IF(OFFSET(CRONOPLE!$F$15,$M95-$A$15,AQ$13)=0,10^12,OFFSET(CRONOPLE!$F$15,$M95-$A$15,AQ$13)))","v":1000000000000},{"$f":"IF(OR($D95<>\"Serviço\",AND(AUTOEVENTO=\"Manual\",$M95=$A$15)),0,\n         IF(OFFSET(CRONOPLE!$F$15,$M95-$A$15,AR$13)=0,10^12,OFFSET(CRONOPLE!$F$15,$M95-$A$15,AR$13)))","v":1000000000000},{"$f":"IF(OR($D95<>\"Serviço\",AND(AUTOEVENTO=\"Manual\",$M95=$A$15)),0,\n         IF(OFFSET(CRONOPLE!$F$15,$M95-$A$15,AS$13)=0,10^12,OFFSET(CRONOPLE!$F$15,$M95-$A$15,AS$13)))","v":1000000000000},{"$f":"IF(OR($D95<>\"Serviço\",AND(AUTOEVENTO=\"Manual\",$M95=$A$15)),0,\n         IF(OFFSET(CRONOPLE!$F$15,$M95-$A$15,AT$13)=0,10^12,OFFSET(CRONOPLE!$F$15,$M95-$A$15,AT$13)))","v":1000000000000},{"$f":"IF(OR($D95<>\"Serviço\",AND(AUTOEVENTO=\"Manual\",$M95=$A$15)),0,\n         IF(OFFSET(CRONOPLE!$F$15,$M95-$A$15,AU$13)=0,10^12,OFFSET(CRONOPLE!$F$15,$M95-$A$15,AU$13)))","v":1000000000000},{"$f":"IF(OR($D95<>\"Serviço\",AND(AUTOEVENTO=\"Manual\",$M95=$A$15)),0,\n         IF(OFFSET(CRONOPLE!$F$15,$M95-$A$15,AV$13)=0,10^12,OFFSET(CRONOPLE!$F$15,$M95-$A$15,AV$13)))","v":1000000000000},null,{"$f":"IF(OR($D95<>\"Serviço\",AND(AUTOEVENTO=\"Manual\",$M95=$A$15),$M95>(ROW(PLE.lastrow)-ROW(PLE.firstrow))),0,\n           IF(OFFSET(PLE!$G$15,$M95-$A$15,AX$13)=\"\",10^12,OFFSET(PLE!$G$15,$M95-$A$15,AX$13)))","v":1000000000000},{"$f":"IF(OR($D95<>\"Serviço\",AND(AUTOEVENTO=\"Manual\",$M95=$A$15),$M95>(ROW(PLE.lastrow)-ROW(PLE.firstrow))),0,\n           IF(OFFSET(PLE!$G$15,$M95-$A$15,AY$13)=\"\",10^12,OFFSET(PLE!$G$15,$M95-$A$15,AY$13)))","v":1000000000000},{"$f":"IF(OR($D95<>\"Serviço\",AND(AUTOEVENTO=\"Manual\",$M95=$A$15),$M95>(ROW(PLE.lastrow)-ROW(PLE.firstrow))),0,\n           IF(OFFSET(PLE!$G$15,$M95-$A$15,AZ$13)=\"\",10^12,OFFSET(PLE!$G$15,$M95-$A$15,AZ$13)))","v":1000000000000},{"$f":"IF(OR($D95<>\"Serviço\",AND(AUTOEVENTO=\"Manual\",$M95=$A$15),$M95>(ROW(PLE.lastrow)-ROW(PLE.firstrow))),0,\n           IF(OFFSET(PLE!$G$15,$M95-$A$15,BA$13)=\"\",10^12,OFFSET(PLE!$G$15,$M95-$A$15,BA$13)))","v":1000000000000},{"$f":"IF(OR($D95<>\"Serviço\",AND(AUTOEVENTO=\"Manual\",$M95=$A$15),$M95>(ROW(PLE.lastrow)-ROW(PLE.firstrow))),0,\n           IF(OFFSET(PLE!$G$15,$M95-$A$15,BB$13)=\"\",10^12,OFFSET(PLE!$G$15,$M95-$A$15,BB$13)))","v":1000000000000},{"$f":"IF(OR($D95<>\"Serviço\",AND(AUTOEVENTO=\"Manual\",$M95=$A$15),$M95>(ROW(PLE.lastrow)-ROW(PLE.firstrow))),0,\n           IF(OFFSET(PLE!$G$15,$M95-$A$15,BC$13)=\"\",10^12,OFFSET(PLE!$G$15,$M95-$A$15,BC$13)))","v":1000000000000},{"$f":"IF(OR($D95<>\"Serviço\",AND(AUTOEVENTO=\"Manual\",$M95=$A$15),$M95>(ROW(PLE.lastrow)-ROW(PLE.firstrow))),0,\n           IF(OFFSET(PLE!$G$15,$M95-$A$15,BD$13)=\"\",10^12,OFFSET(PLE!$G$15,$M95-$A$15,BD$13)))","v":1000000000000},{"$f":"IF(OR($D95<>\"Serviço\",AND(AUTOEVENTO=\"Manual\",$M95=$A$15),$M95>(ROW(PLE.lastrow)-ROW(PLE.firstrow))),0,\n           IF(OFFSET(PLE!$G$15,$M95-$A$15,BE$13)=\"\",10^12,OFFSET(PLE!$G$15,$M95-$A$15,BE$13)))","v":1000000000000},{"$f":"IF(OR($D95<>\"Serviço\",AND(AUTOEVENTO=\"Manual\",$M95=$A$15),$M95>(ROW(PLE.lastrow)-ROW(PLE.firstrow))),0,\n           IF(OFFSET(PLE!$G$15,$M95-$A$15,BF$13)=\"\",10^12,OFFSET(PLE!$G$15,$M95-$A$15,BF$13)))","v":1000000000000},{"$f":"IF(OR($D95<>\"Serviço\",AND(AUTOEVENTO=\"Manual\",$M95=$A$15),$M95>(ROW(PLE.lastrow)-ROW(PLE.firstrow))),0,\n           IF(OFFSET(PLE!$G$15,$M95-$A$15,BG$13)=\"\",10^12,OFFSET(PLE!$G$15,$M95-$A$15,BG$13)))","v":1000000000000}]
[14,{"$f":"OFFSET(ORÇAMENTO!C$15,$L96,0)","v":"S"},{"$f":"OFFSET(ORÇAMENTO!L$15,$L96,0)","v":"F"},{"$f":"OFFSET(ORÇAMENTO!N$15,$L96,0)","v":"Serviço"},{"$f":"OFFSET(ORÇAMENTO!O$15,$L96,0)","v":"1.10.11."},{"$f":"OFFSET(ORÇAMENTO!R$15,$L96,0)","v":"TOMADA BAIXA DE EMBUTIR (1 MÓDULO), 2P+T 10 A, INCLUINDO SUPORTE E PLACA - FORNECIMENTO E INSTALAÇÃO. AF_03/2023"},{"$f":"IF($D96<>\"Serviço\",\"\",OFFSET(ORÇAMENTO!S$15,$L96,0))","v":"UN"},{"$f":"IF($D96<>\"Serviço\",0,IF(ACOMPANHAMENTO=\"BM\",ROUND(OFFSET(ORÇAMENTO!AJ$15,$L96,0),15-13*ORÇAMENTO!$AF$7),IF(IFERROR(CÁLCULO.FrentesPreenchidas,0)=0,0,SUM(ROUND(OFFSET($P96,0,1,1,CÁLCULO.FrentesPreenchidas),15-13*ORÇAMENTO!$AF$7)))))","v":3},"CONFORME PROJETO DE INSTALAÇÃO ELÉTRICA",{"$f":"IF(OR(B96<>\"S\",CÁLCULO.FrentesPreenchidas=0),\"\",IF(AND(ACOMPANHAMENTO=\"PLE\",AUTOEVENTO=\"Manual\",OR(H96>0,ORÇAMENTO!AC96=\"QUANT.\"),OR(K96=\"\",M96=0,N96=\"\")),\"►E\",IF(AND(ACOMPANHAMENTO=\"PLE\",ORÇAMENTO!AC96=\"QUANT.\"),\"►Q\",IF(AND(ACOMPANHAMENTO=\"PLE\",H96<>SUMPRODUCT(($Q$1:$AA$1=1)*ROUND(Q96:AA96,15))),\"►S\",IF(AND(COUNTIF($P$11:$AA$11,\"▼\")=0,H96>0,I96=\"\"),\"◄M\",\"\")))))","v":""},"14.Instalações elétricas finais",81,{"$f":"IF($D96<>\"Serviço\",\"\",\n          IF(AUTOEVENTO=\"manual\",$A96,\n                IF(ISERROR(MATCH($A96,$A$15:OFFSET($A96,-1,0),0)),MAX($M$15:OFFSET(M96,-1,0))+1,\n                      INDEX($M$15:OFFSET(M96,-1,0),MATCH($A96,$A$15:OFFSET($A96,-1,0),0)))))","v":14},{"$f":"IF($D96<>\"Serviço\",\"\",\n         IF(AUTOEVENTO=\"Manual\",\n                IF($A96=0,\"<-- defina o número do agrupador\",\n                       OFFSET(EVENTOS!$D$15,$A96-$A$15,0)),\n                OFFSET($F$15,$A96,0)))","v":"Instalações pluvial"},null,null,null,3,null,null,null,null,null,null,null,null,null,{"$f":"IF(AND($D96=\"Serviço\",AB$12<>0,$H96>0,OR(AUTOEVENTO<>\"manual\",$M96<>$A$15)),\n        IF(Import.TipoArredondamento<>\"TransfereGOV\",\n              ROUND(OFFSET($P96,0,AB$13),15-13*ORÇAMENTO!$AF$7)/$H96*OFFSET(ORÇAMENTO!$X$15,ROW(AB96)-ROW(AB$15),0),\n              ROUND(ROUND(OFFSET($P96,0,AB$13),15-13*ORÇAMENTO!$AF$7)*OFFSET(ORÇAMENTO!$W$15,ROW(AB96)-ROW(AB$15),0),15-13*ORÇAMENTO!$AF$11)),\n         0)","v":0},{"$f":"IF(AND($D96=\"Serviço\",AC$12<>0,$H96>0,OR(AUTOEVENTO<>\"manual\",$M96<>$A$15)),\n        IF(Import.TipoArredondamento<>\"TransfereGOV\",\n              ROUND(OFFSET($P96,0,AC$13),15-13*ORÇAMENTO!$AF$7)/$H96*OFFSET(ORÇAMENTO!$X$15,ROW(AC96)-ROW(AC$15),0),\n              ROUND(ROUND(OFFSET($P96,0,AC$13),15-13*ORÇAMENTO!$AF$7)*OFFSET(ORÇAMENTO!$W$15,ROW(AC96)-ROW(AC$15),0),15-13*ORÇAMENTO!$AF$11)),\n         0)","v":0},{"$f":"IF(AND($D96=\"Serviço\",AD$12<>0,$H96>0,OR(AUTOEVENTO<>\"manual\",$M96<>$A$15)),\n        IF(Import.TipoArredondamento<>\"TransfereGOV\",\n              ROUND(OFFSET($P96,0,AD$13),15-13*ORÇAMENTO!$AF$7)/$H96*OFFSET(ORÇAMENTO!$X$15,ROW(AD96)-ROW(AD$15),0),\n              ROUND(ROUND(OFFSET($P96,0,AD$13),15-13*ORÇAMENTO!$AF$7)*OFFSET(ORÇAMENTO!$W$15,ROW(AD96)-ROW(AD$15),0),15-13*ORÇAMENTO!$AF$11)),\n         0)","v":0},{"$f":"IF(AND($D96=\"Serviço\",AE$12<>0,$H96>0,OR(AUTOEVENTO<>\"manual\",$M96<>$A$15)),\n        IF(Import.TipoArredondamento<>\"TransfereGOV\",\n              ROUND(OFFSET($P96,0,AE$13),15-13*ORÇAMENTO!$AF$7)/$H96*OFFSET(ORÇAMENTO!$X$15,ROW(AE96)-ROW(AE$15),0),\n              ROUND(ROUND(OFFSET($P96,0,AE$13),15-13*ORÇAMENTO!$AF$7)*OFFSET(ORÇAMENTO!$W$15,ROW(AE96)-ROW(AE$15),0),15-13*ORÇAMENTO!$AF$11)),\n         0)","v":0},{"$f":"IF(AND($D96=\"Serviço\",AF$12<>0,$H96>0,OR(AUTOEVENTO<>\"manual\",$M96<>$A$15)),\n        IF(Import.TipoArredondamento<>\"TransfereGOV\",\n              ROUND(OFFSET($P96,0,AF$13),15-13*ORÇAMENTO!$AF$7)/$H96*OFFSET(ORÇAMENTO!$X$15,ROW(AF96)-ROW(AF$15),0),\n              ROUND(ROUND(OFFSET($P96,0,AF$13),15-13*ORÇAMENTO!$AF$7)*OFFSET(ORÇAMENTO!$W$15,ROW(AF96)-ROW(AF$15),0),15-13*ORÇAMENTO!$AF$11)),\n         0)","v":0},{"$f":"IF(AND($D96=\"Serviço\",AG$12<>0,$H96>0,OR(AUTOEVENTO<>\"manual\",$M96<>$A$15)),\n        IF(Import.TipoArredondamento<>\"TransfereGOV\",\n              ROUND(OFFSET($P96,0,AG$13),15-13*ORÇAMENTO!$AF$7)/$H96*OFFSET(ORÇAMENTO!$X$15,ROW(AG96)-ROW(AG$15),0),\n              ROUND(ROUND(OFFSET($P96,0,AG$13),15-13*ORÇAMENTO!$AF$7)*OFFSET(ORÇAMENTO!$W$15,ROW(AG96)-ROW(AG$15),0),15-13*ORÇAMENTO!$AF$11)),\n         0)","v":0},{"$f":"IF(AND($D96=\"Serviço\",AH$12<>0,$H96>0,OR(AUTOEVENTO<>\"manual\",$M96<>$A$15)),\n        IF(Import.TipoArredondamento<>\"TransfereGOV\",\n              ROUND(OFFSET($P96,0,AH$13),15-13*ORÇAMENTO!$AF$7)/$H96*OFFSET(ORÇAMENTO!$X$15,ROW(AH96)-ROW(AH$15),0),\n              ROUND(ROUND(OFFSET($P96,0,AH$13),15-13*ORÇAMENTO!$AF$7)*OFFSET(ORÇAMENTO!$W$15,ROW(AH96)-ROW(AH$15),0),15-13*ORÇAMENTO!$AF$11)),\n         0)","v":0},{"$f":"IF(AND($D96=\"Serviço\",AI$12<>0,$H96>0,OR(AUTOEVENTO<>\"manual\",$M96<>$A$15)),\n        IF(Import.TipoArredondamento<>\"TransfereGOV\",\n              ROUND(OFFSET($P96,0,AI$13),15-13*ORÇAMENTO!$AF$7)/$H96*OFFSET(ORÇAMENTO!$X$15,ROW(AI96)-ROW(AI$15),0),\n              ROUND(ROUND(OFFSET($P96,0,AI$13),15-13*ORÇAMENTO!$AF$7)*OFFSET(ORÇAMENTO!$W$15,ROW(AI96)-ROW(AI$15),0),15-13*ORÇAMENTO!$AF$11)),\n         0)","v":0},{"$f":"IF(AND($D96=\"Serviço\",AJ$12<>0,$H96>0,OR(AUTOEVENTO<>\"manual\",$M96<>$A$15)),\n        IF(Import.TipoArredondamento<>\"TransfereGOV\",\n              ROUND(OFFSET($P96,0,AJ$13),15-13*ORÇAMENTO!$AF$7)/$H96*OFFSET(ORÇAMENTO!$X$15,ROW(AJ96)-ROW(AJ$15),0),\n              ROUND(ROUND(OFFSET($P96,0,AJ$13),15-13*ORÇAMENTO!$AF$7)*OFFSET(ORÇAMENTO!$W$15,ROW(AJ96)-ROW(AJ$15),0),15-13*ORÇAMENTO!$AF$11)),\n         0)","v":0},{"$f":"IF(AND($D96=\"Serviço\",AK$12<>0,$H96>0,OR(AUTOEVENTO<>\"manual\",$M96<>$A$15)),\n        IF(Import.TipoArredondamento<>\"TransfereGOV\",\n              ROUND(OFFSET($P96,0,AK$13),15-13*ORÇAMENTO!$AF$7)/$H96*OFFSET(ORÇAMENTO!$X$15,ROW(AK96)-ROW(AK$15),0),\n              ROUND(ROUND(OFFSET($P96,0,AK$13),15-13*ORÇAMENTO!$AF$7)*OFFSET(ORÇAMENTO!$W$15,ROW(AK96)-ROW(AK$15),0),15-13*ORÇAMENTO!$AF$11)),\n         0)","v":0},null,{"$f":"IF(OR($D96<>\"Serviço\",AND(AUTOEVENTO=\"Manual\",$M96=$A$15)),0,\n         IF(OFFSET(CRONOPLE!$F$15,$M96-$A$15,AM$13)=0,10^12,OFFSET(CRONOPLE!$F$15,$M96-$A$15,AM$13)))","v":4},{"$f":"IF(OR($D96<>\"Serviço\",AND(AUTOEVENTO=\"Manual\",$M96=$A$15)),0,\n         IF(OFFSET(CRONOPLE!$F$15,$M96-$A$15,AN$13)=0,10^12,OFFSET(CRONOPLE!$F$15,$M96-$A$15,AN$13)))","v":5},{"$f":"IF(OR($D96<>\"Serviço\",AND(AUTOEVENTO=\"Manual\",$M96=$A$15)),0,\n         IF(OFFSET(CRONOPLE!$F$15,$M96-$A$15,AO$13)=0,10^12,OFFSET(CRONOPLE!$F$15,$M96-$A$15,AO$13)))","v":1000000000000},{"$f":"IF(OR($D96<>\"Serviço\",AND(AUTOEVENTO=\"Manual\",$M96=$A$15)),0,\n         IF(OFFSET(CRONOPLE!$F$15,$M96-$A$15,AP$13)=0,10^12,OFFSET(CRONOPLE!$F$15,$M96-$A$15,AP$13)))","v":3},{"$f":"IF(OR($D96<>\"Serviço\",AND(AUTOEVENTO=\"Manual\",$M96=$A$15)),0,\n         IF(OFFSET(CRONOPLE!$F$15,$M96-$A$15,AQ$13)=0,10^12,OFFSET(CRONOPLE!$F$15,$M96-$A$15,AQ$13)))","v":1000000000000},{"$f":"IF(OR($D96<>\"Serviço\",AND(AUTOEVENTO=\"Manual\",$M96=$A$15)),0,\n         IF(OFFSET(CRONOPLE!$F$15,$M96-$A$15,AR$13)=0,10^12,OFFSET(CRONOPLE!$F$15,$M96-$A$15,AR$13)))","v":1000000000000},{"$f":"IF(OR($D96<>\"Serviço\",AND(AUTOEVENTO=\"Manual\",$M96=$A$15)),0,\n         IF(OFFSET(CRONOPLE!$F$15,$M96-$A$15,AS$13)=0,10^12,OFFSET(CRONOPLE!$F$15,$M96-$A$15,AS$13)))","v":1000000000000},{"$f":"IF(OR($D96<>\"Serviço\",AND(AUTOEVENTO=\"Manual\",$M96=$A$15)),0,\n         IF(OFFSET(CRONOPLE!$F$15,$M96-$A$15,AT$13)=0,10^12,OFFSET(CRONOPLE!$F$15,$M96-$A$15,AT$13)))","v":1000000000000},{"$f":"IF(OR($D96<>\"Serviço\",AND(AUTOEVENTO=\"Manual\",$M96=$A$15)),0,\n         IF(OFFSET(CRONOPLE!$F$15,$M96-$A$15,AU$13)=0,10^12,OFFSET(CRONOPLE!$F$15,$M96-$A$15,AU$13)))","v":1000000000000},{"$f":"IF(OR($D96<>\"Serviço\",AND(AUTOEVENTO=\"Manual\",$M96=$A$15)),0,\n         IF(OFFSET(CRONOPLE!$F$15,$M96-$A$15,AV$13)=0,10^12,OFFSET(CRONOPLE!$F$15,$M96-$A$15,AV$13)))","v":1000000000000},null,{"$f":"IF(OR($D96<>\"Serviço\",AND(AUTOEVENTO=\"Manual\",$M96=$A$15),$M96>(ROW(PLE.lastrow)-ROW(PLE.firstrow))),0,\n           IF(OFFSET(PLE!$G$15,$M96-$A$15,AX$13)=\"\",10^12,OFFSET(PLE!$G$15,$M96-$A$15,AX$13)))","v":1000000000000},{"$f":"IF(OR($D96<>\"Serviço\",AND(AUTOEVENTO=\"Manual\",$M96=$A$15),$M96>(ROW(PLE.lastrow)-ROW(PLE.firstrow))),0,\n           IF(OFFSET(PLE!$G$15,$M96-$A$15,AY$13)=\"\",10^12,OFFSET(PLE!$G$15,$M96-$A$15,AY$13)))","v":1000000000000},{"$f":"IF(OR($D96<>\"Serviço\",AND(AUTOEVENTO=\"Manual\",$M96=$A$15),$M96>(ROW(PLE.lastrow)-ROW(PLE.firstrow))),0,\n           IF(OFFSET(PLE!$G$15,$M96-$A$15,AZ$13)=\"\",10^12,OFFSET(PLE!$G$15,$M96-$A$15,AZ$13)))","v":1000000000000},{"$f":"IF(OR($D96<>\"Serviço\",AND(AUTOEVENTO=\"Manual\",$M96=$A$15),$M96>(ROW(PLE.lastrow)-ROW(PLE.firstrow))),0,\n           IF(OFFSET(PLE!$G$15,$M96-$A$15,BA$13)=\"\",10^12,OFFSET(PLE!$G$15,$M96-$A$15,BA$13)))","v":1000000000000},{"$f":"IF(OR($D96<>\"Serviço\",AND(AUTOEVENTO=\"Manual\",$M96=$A$15),$M96>(ROW(PLE.lastrow)-ROW(PLE.firstrow))),0,\n           IF(OFFSET(PLE!$G$15,$M96-$A$15,BB$13)=\"\",10^12,OFFSET(PLE!$G$15,$M96-$A$15,BB$13)))","v":1000000000000},{"$f":"IF(OR($D96<>\"Serviço\",AND(AUTOEVENTO=\"Manual\",$M96=$A$15),$M96>(ROW(PLE.lastrow)-ROW(PLE.firstrow))),0,\n           IF(OFFSET(PLE!$G$15,$M96-$A$15,BC$13)=\"\",10^12,OFFSET(PLE!$G$15,$M96-$A$15,BC$13)))","v":1000000000000},{"$f":"IF(OR($D96<>\"Serviço\",AND(AUTOEVENTO=\"Manual\",$M96=$A$15),$M96>(ROW(PLE.lastrow)-ROW(PLE.firstrow))),0,\n           IF(OFFSET(PLE!$G$15,$M96-$A$15,BD$13)=\"\",10^12,OFFSET(PLE!$G$15,$M96-$A$15,BD$13)))","v":1000000000000},{"$f":"IF(OR($D96<>\"Serviço\",AND(AUTOEVENTO=\"Manual\",$M96=$A$15),$M96>(ROW(PLE.lastrow)-ROW(PLE.firstrow))),0,\n           IF(OFFSET(PLE!$G$15,$M96-$A$15,BE$13)=\"\",10^12,OFFSET(PLE!$G$15,$M96-$A$15,BE$13)))","v":1000000000000},{"$f":"IF(OR($D96<>\"Serviço\",AND(AUTOEVENTO=\"Manual\",$M96=$A$15),$M96>(ROW(PLE.lastrow)-ROW(PLE.firstrow))),0,\n           IF(OFFSET(PLE!$G$15,$M96-$A$15,BF$13)=\"\",10^12,OFFSET(PLE!$G$15,$M96-$A$15,BF$13)))","v":1000000000000},{"$f":"IF(OR($D96<>\"Serviço\",AND(AUTOEVENTO=\"Manual\",$M96=$A$15),$M96>(ROW(PLE.lastrow)-ROW(PLE.firstrow))),0,\n           IF(OFFSET(PLE!$G$15,$M96-$A$15,BG$13)=\"\",10^12,OFFSET(PLE!$G$15,$M96-$A$15,BG$13)))","v":1000000000000}]
[14,{"$f":"OFFSET(ORÇAMENTO!C$15,$L97,0)","v":"S"},{"$f":"OFFSET(ORÇAMENTO!L$15,$L97,0)","v":"F"},{"$f":"OFFSET(ORÇAMENTO!N$15,$L97,0)","v":"Serviço"},{"$f":"OFFSET(ORÇAMENTO!O$15,$L97,0)","v":"1.10.12."},{"$f":"OFFSET(ORÇAMENTO!R$15,$L97,0)","v":"INTERRUPTOR SIMPLES (1 MÓDULO), 10A/250V, INCLUINDO SUPORTE E PLACA - FORNECIMENTO E INSTALAÇÃO. AF_03/2023"},{"$f":"IF($D97<>\"Serviço\",\"\",OFFSET(ORÇAMENTO!S$15,$L97,0))","v":"UN"},{"$f":"IF($D97<>\"Serviço\",0,IF(ACOMPANHAMENTO=\"BM\",ROUND(OFFSET(ORÇAMENTO!AJ$15,$L97,0),15-13*ORÇAMENTO!$AF$7),IF(IFERROR(CÁLCULO.FrentesPreenchidas,0)=0,0,SUM(ROUND(OFFSET($P97,0,1,1,CÁLCULO.FrentesPreenchidas),15-13*ORÇAMENTO!$AF$7)))))","v":3},"CONFORME PROJETO DE INSTALAÇÃO ELÉTRICA",{"$f":"IF(OR(B97<>\"S\",CÁLCULO.FrentesPreenchidas=0),\"\",IF(AND(ACOMPANHAMENTO=\"PLE\",AUTOEVENTO=\"Manual\",OR(H97>0,ORÇAMENTO!AC97=\"QUANT.\"),OR(K97=\"\",M97=0,N97=\"\")),\"►E\",IF(AND(ACOMPANHAMENTO=\"PLE\",ORÇAMENTO!AC97=\"QUANT.\"),\"►Q\",IF(AND(ACOMPANHAMENTO=\"PLE\",H97<>SUMPRODUCT(($Q$1:$AA$1=1)*ROUND(Q97:AA97,15))),\"►S\",IF(AND(COUNTIF($P$11:$AA$11,\"▼\")=0,H97>0,I97=\"\"),\"◄M\",\"\")))))","v":""},"14.Instalações elétricas finais",82,{"$f":"IF($D97<>\"Serviço\",\"\",\n          IF(AUTOEVENTO=\"manual\",$A97,\n                IF(ISERROR(MATCH($A97,$A$15:OFFSET($A97,-1,0),0)),MAX($M$15:OFFSET(M97,-1,0))+1,\n                      INDEX($M$15:OFFSET(M97,-1,0),MATCH($A97,$A$15:OFFSET($A97,-1,0),0)))))","v":14},{"$f":"IF($D97<>\"Serviço\",\"\",\n         IF(AUTOEVENTO=\"Manual\",\n                IF($A97=0,\"<-- defina o número do agrupador\",\n                       OFFSET(EVENTOS!$D$15,$A97-$A$15,0)),\n                OFFSET($F$15,$A97,0)))","v":"Instalações pluvial"},null,null,null,3,null,null,null,null,null,null,null,null,null,{"$f":"IF(AND($D97=\"Serviço\",AB$12<>0,$H97>0,OR(AUTOEVENTO<>\"manual\",$M97<>$A$15)),\n        IF(Import.TipoArredondamento<>\"TransfereGOV\",\n              ROUND(OFFSET($P97,0,AB$13),15-13*ORÇAMENTO!$AF$7)/$H97*OFFSET(ORÇAMENTO!$X$15,ROW(AB97)-ROW(AB$15),0),\n              ROUND(ROUND(OFFSET($P97,0,AB$13),15-13*ORÇAMENTO!$AF$7)*OFFSET(ORÇAMENTO!$W$15,ROW(AB97)-ROW(AB$15),0),15-13*ORÇAMENTO!$AF$11)),\n         0)","v":0},{"$f":"IF(AND($D97=\"Serviço\",AC$12<>0,$H97>0,OR(AUTOEVENTO<>\"manual\",$M97<>$A$15)),\n        IF(Import.TipoArredondamento<>\"TransfereGOV\",\n              ROUND(OFFSET($P97,0,AC$13),15-13*ORÇAMENTO!$AF$7)/$H97*OFFSET(ORÇAMENTO!$X$15,ROW(AC97)-ROW(AC$15),0),\n              ROUND(ROUND(OFFSET($P97,0,AC$13),15-13*ORÇAMENTO!$AF$7)*OFFSET(ORÇAMENTO!$W$15,ROW(AC97)-ROW(AC$15),0),15-13*ORÇAMENTO!$AF$11)),\n         0)","v":0},{"$f":"IF(AND($D97=\"Serviço\",AD$12<>0,$H97>0,OR(AUTOEVENTO<>\"manual\",$M97<>$A$15)),\n        IF(Import.TipoArredondamento<>\"TransfereGOV\",\n              ROUND(OFFSET($P97,0,AD$13),15-13*ORÇAMENTO!$AF$7)/$H97*OFFSET(ORÇAMENTO!$X$15,ROW(AD97)-ROW(AD$15),0),\n              ROUND(ROUND(OFFSET($P97,0,AD$13),15-13*ORÇAMENTO!$AF$7)*OFFSET(ORÇAMENTO!$W$15,ROW(AD97)-ROW(AD$15),0),15-13*ORÇAMENTO!$AF$11)),\n         0)","v":0},{"$f":"IF(AND($D97=\"Serviço\",AE$12<>0,$H97>0,OR(AUTOEVENTO<>\"manual\",$M97<>$A$15)),\n        IF(Import.TipoArredondamento<>\"TransfereGOV\",\n              ROUND(OFFSET($P97,0,AE$13),15-13*ORÇAMENTO!$AF$7)/$H97*OFFSET(ORÇAMENTO!$X$15,ROW(AE97)-ROW(AE$15),0),\n              ROUND(ROUND(OFFSET($P97,0,AE$13),15-13*ORÇAMENTO!$AF$7)*OFFSET(ORÇAMENTO!$W$15,ROW(AE97)-ROW(AE$15),0),15-13*ORÇAMENTO!$AF$11)),\n         0)","v":0},{"$f":"IF(AND($D97=\"Serviço\",AF$12<>0,$H97>0,OR(AUTOEVENTO<>\"manual\",$M97<>$A$15)),\n        IF(Import.TipoArredondamento<>\"TransfereGOV\",\n              ROUND(OFFSET($P97,0,AF$13),15-13*ORÇAMENTO!$AF$7)/$H97*OFFSET(ORÇAMENTO!$X$15,ROW(AF97)-ROW(AF$15),0),\n              ROUND(ROUND(OFFSET($P97,0,AF$13),15-13*ORÇAMENTO!$AF$7)*OFFSET(ORÇAMENTO!$W$15,ROW(AF97)-ROW(AF$15),0),15-13*ORÇAMENTO!$AF$11)),\n         0)","v":0},{"$f":"IF(AND($D97=\"Serviço\",AG$12<>0,$H97>0,OR(AUTOEVENTO<>\"manual\",$M97<>$A$15)),\n        IF(Import.TipoArredondamento<>\"TransfereGOV\",\n              ROUND(OFFSET($P97,0,AG$13),15-13*ORÇAMENTO!$AF$7)/$H97*OFFSET(ORÇAMENTO!$X$15,ROW(AG97)-ROW(AG$15),0),\n              ROUND(ROUND(OFFSET($P97,0,AG$13),15-13*ORÇAMENTO!$AF$7)*OFFSET(ORÇAMENTO!$W$15,ROW(AG97)-ROW(AG$15),0),15-13*ORÇAMENTO!$AF$11)),\n         0)","v":0},{"$f":"IF(AND($D97=\"Serviço\",AH$12<>0,$H97>0,OR(AUTOEVENTO<>\"manual\",$M97<>$A$15)),\n        IF(Import.TipoArredondamento<>\"TransfereGOV\",\n              ROUND(OFFSET($P97,0,AH$13),15-13*ORÇAMENTO!$AF$7)/$H97*OFFSET(ORÇAMENTO!$X$15,ROW(AH97)-ROW(AH$15),0),\n              ROUND(ROUND(OFFSET($P97,0,AH$13),15-13*ORÇAMENTO!$AF$7)*OFFSET(ORÇAMENTO!$W$15,ROW(AH97)-ROW(AH$15),0),15-13*ORÇAMENTO!$AF$11)),\n         0)","v":0},{"$f":"IF(AND($D97=\"Serviço\",AI$12<>0,$H97>0,OR(AUTOEVENTO<>\"manual\",$M97<>$A$15)),\n        IF(Import.TipoArredondamento<>\"TransfereGOV\",\n              ROUND(OFFSET($P97,0,AI$13),15-13*ORÇAMENTO!$AF$7)/$H97*OFFSET(ORÇAMENTO!$X$15,ROW(AI97)-ROW(AI$15),0),\n              ROUND(ROUND(OFFSET($P97,0,AI$13),15-13*ORÇAMENTO!$AF$7)*OFFSET(ORÇAMENTO!$W$15,ROW(AI97)-ROW(AI$15),0),15-13*ORÇAMENTO!$AF$11)),\n         0)","v":0},{"$f":"IF(AND($D97=\"Serviço\",AJ$12<>0,$H97>0,OR(AUTOEVENTO<>\"manual\",$M97<>$A$15)),\n        IF(Import.TipoArredondamento<>\"TransfereGOV\",\n              ROUND(OFFSET($P97,0,AJ$13),15-13*ORÇAMENTO!$AF$7)/$H97*OFFSET(ORÇAMENTO!$X$15,ROW(AJ97)-ROW(AJ$15),0),\n              ROUND(ROUND(OFFSET($P97,0,AJ$13),15-13*ORÇAMENTO!$AF$7)*OFFSET(ORÇAMENTO!$W$15,ROW(AJ97)-ROW(AJ$15),0),15-13*ORÇAMENTO!$AF$11)),\n         0)","v":0},{"$f":"IF(AND($D97=\"Serviço\",AK$12<>0,$H97>0,OR(AUTOEVENTO<>\"manual\",$M97<>$A$15)),\n        IF(Import.TipoArredondamento<>\"TransfereGOV\",\n              ROUND(OFFSET($P97,0,AK$13),15-13*ORÇAMENTO!$AF$7)/$H97*OFFSET(ORÇAMENTO!$X$15,ROW(AK97)-ROW(AK$15),0),\n              ROUND(ROUND(OFFSET($P97,0,AK$13),15-13*ORÇAMENTO!$AF$7)*OFFSET(ORÇAMENTO!$W$15,ROW(AK97)-ROW(AK$15),0),15-13*ORÇAMENTO!$AF$11)),\n         0)","v":0},null,{"$f":"IF(OR($D97<>\"Serviço\",AND(AUTOEVENTO=\"Manual\",$M97=$A$15)),0,\n         IF(OFFSET(CRONOPLE!$F$15,$M97-$A$15,AM$13)=0,10^12,OFFSET(CRONOPLE!$F$15,$M97-$A$15,AM$13)))","v":4},{"$f":"IF(OR($D97<>\"Serviço\",AND(AUTOEVENTO=\"Manual\",$M97=$A$15)),0,\n         IF(OFFSET(CRONOPLE!$F$15,$M97-$A$15,AN$13)=0,10^12,OFFSET(CRONOPLE!$F$15,$M97-$A$15,AN$13)))","v":5},{"$f":"IF(OR($D97<>\"Serviço\",AND(AUTOEVENTO=\"Manual\",$M97=$A$15)),0,\n         IF(OFFSET(CRONOPLE!$F$15,$M97-$A$15,AO$13)=0,10^12,OFFSET(CRONOPLE!$F$15,$M97-$A$15,AO$13)))","v":1000000000000},{"$f":"IF(OR($D97<>\"Serviço\",AND(AUTOEVENTO=\"Manual\",$M97=$A$15)),0,\n         IF(OFFSET(CRONOPLE!$F$15,$M97-$A$15,AP$13)=0,10^12,OFFSET(CRONOPLE!$F$15,$M97-$A$15,AP$13)))","v":3},{"$f":"IF(OR($D97<>\"Serviço\",AND(AUTOEVENTO=\"Manual\",$M97=$A$15)),0,\n         IF(OFFSET(CRONOPLE!$F$15,$M97-$A$15,AQ$13)=0,10^12,OFFSET(CRONOPLE!$F$15,$M97-$A$15,AQ$13)))","v":1000000000000},{"$f":"IF(OR($D97<>\"Serviço\",AND(AUTOEVENTO=\"Manual\",$M97=$A$15)),0,\n         IF(OFFSET(CRONOPLE!$F$15,$M97-$A$15,AR$13)=0,10^12,OFFSET(CRONOPLE!$F$15,$M97-$A$15,AR$13)))","v":1000000000000},{"$f":"IF(OR($D97<>\"Serviço\",AND(AUTOEVENTO=\"Manual\",$M97=$A$15)),0,\n         IF(OFFSET(CRONOPLE!$F$15,$M97-$A$15,AS$13)=0,10^12,OFFSET(CRONOPLE!$F$15,$M97-$A$15,AS$13)))","v":1000000000000},{"$f":"IF(OR($D97<>\"Serviço\",AND(AUTOEVENTO=\"Manual\",$M97=$A$15)),0,\n         IF(OFFSET(CRONOPLE!$F$15,$M97-$A$15,AT$13)=0,10^12,OFFSET(CRONOPLE!$F$15,$M97-$A$15,AT$13)))","v":1000000000000},{"$f":"IF(OR($D97<>\"Serviço\",AND(AUTOEVENTO=\"Manual\",$M97=$A$15)),0,\n         IF(OFFSET(CRONOPLE!$F$15,$M97-$A$15,AU$13)=0,10^12,OFFSET(CRONOPLE!$F$15,$M97-$A$15,AU$13)))","v":1000000000000},{"$f":"IF(OR($D97<>\"Serviço\",AND(AUTOEVENTO=\"Manual\",$M97=$A$15)),0,\n         IF(OFFSET(CRONOPLE!$F$15,$M97-$A$15,AV$13)=0,10^12,OFFSET(CRONOPLE!$F$15,$M97-$A$15,AV$13)))","v":1000000000000},null,{"$f":"IF(OR($D97<>\"Serviço\",AND(AUTOEVENTO=\"Manual\",$M97=$A$15),$M97>(ROW(PLE.lastrow)-ROW(PLE.firstrow))),0,\n           IF(OFFSET(PLE!$G$15,$M97-$A$15,AX$13)=\"\",10^12,OFFSET(PLE!$G$15,$M97-$A$15,AX$13)))","v":1000000000000},{"$f":"IF(OR($D97<>\"Serviço\",AND(AUTOEVENTO=\"Manual\",$M97=$A$15),$M97>(ROW(PLE.lastrow)-ROW(PLE.firstrow))),0,\n           IF(OFFSET(PLE!$G$15,$M97-$A$15,AY$13)=\"\",10^12,OFFSET(PLE!$G$15,$M97-$A$15,AY$13)))","v":1000000000000},{"$f":"IF(OR($D97<>\"Serviço\",AND(AUTOEVENTO=\"Manual\",$M97=$A$15),$M97>(ROW(PLE.lastrow)-ROW(PLE.firstrow))),0,\n           IF(OFFSET(PLE!$G$15,$M97-$A$15,AZ$13)=\"\",10^12,OFFSET(PLE!$G$15,$M97-$A$15,AZ$13)))","v":1000000000000},{"$f":"IF(OR($D97<>\"Serviço\",AND(AUTOEVENTO=\"Manual\",$M97=$A$15),$M97>(ROW(PLE.lastrow)-ROW(PLE.firstrow))),0,\n           IF(OFFSET(PLE!$G$15,$M97-$A$15,BA$13)=\"\",10^12,OFFSET(PLE!$G$15,$M97-$A$15,BA$13)))","v":1000000000000},{"$f":"IF(OR($D97<>\"Serviço\",AND(AUTOEVENTO=\"Manual\",$M97=$A$15),$M97>(ROW(PLE.lastrow)-ROW(PLE.firstrow))),0,\n           IF(OFFSET(PLE!$G$15,$M97-$A$15,BB$13)=\"\",10^12,OFFSET(PLE!$G$15,$M97-$A$15,BB$13)))","v":1000000000000},{"$f":"IF(OR($D97<>\"Serviço\",AND(AUTOEVENTO=\"Manual\",$M97=$A$15),$M97>(ROW(PLE.lastrow)-ROW(PLE.firstrow))),0,\n           IF(OFFSET(PLE!$G$15,$M97-$A$15,BC$13)=\"\",10^12,OFFSET(PLE!$G$15,$M97-$A$15,BC$13)))","v":1000000000000},{"$f":"IF(OR($D97<>\"Serviço\",AND(AUTOEVENTO=\"Manual\",$M97=$A$15),$M97>(ROW(PLE.lastrow)-ROW(PLE.firstrow))),0,\n           IF(OFFSET(PLE!$G$15,$M97-$A$15,BD$13)=\"\",10^12,OFFSET(PLE!$G$15,$M97-$A$15,BD$13)))","v":1000000000000},{"$f":"IF(OR($D97<>\"Serviço\",AND(AUTOEVENTO=\"Manual\",$M97=$A$15),$M97>(ROW(PLE.lastrow)-ROW(PLE.firstrow))),0,\n           IF(OFFSET(PLE!$G$15,$M97-$A$15,BE$13)=\"\",10^12,OFFSET(PLE!$G$15,$M97-$A$15,BE$13)))","v":1000000000000},{"$f":"IF(OR($D97<>\"Serviço\",AND(AUTOEVENTO=\"Manual\",$M97=$A$15),$M97>(ROW(PLE.lastrow)-ROW(PLE.firstrow))),0,\n           IF(OFFSET(PLE!$G$15,$M97-$A$15,BF$13)=\"\",10^12,OFFSET(PLE!$G$15,$M97-$A$15,BF$13)))","v":1000000000000},{"$f":"IF(OR($D97<>\"Serviço\",AND(AUTOEVENTO=\"Manual\",$M97=$A$15),$M97>(ROW(PLE.lastrow)-ROW(PLE.firstrow))),0,\n           IF(OFFSET(PLE!$G$15,$M97-$A$15,BG$13)=\"\",10^12,OFFSET(PLE!$G$15,$M97-$A$15,BG$13)))","v":1000000000000}]
[14,{"$f":"OFFSET(ORÇAMENTO!C$15,$L98,0)","v":"S"},{"$f":"OFFSET(ORÇAMENTO!L$15,$L98,0)","v":"F"},{"$f":"OFFSET(ORÇAMENTO!N$15,$L98,0)","v":"Serviço"},{"$f":"OFFSET(ORÇAMENTO!O$15,$L98,0)","v":"1.10.13."},{"$f":"OFFSET(ORÇAMENTO!R$15,$L98,0)","v":"CABO DE COBRE FLEXÍVEL ISOLADO, 2,5 MM², ANTI-CHAMA 450/750 V, PARA CIRCUITOS TERMINAIS - FORNECIMENTO E INSTALAÇÃO. AF_03/2023"},{"$f":"IF($D98<>\"Serviço\",\"\",OFFSET(ORÇAMENTO!S$15,$L98,0))","v":"M"},{"$f":"IF($D98<>\"Serviço\",0,IF(ACOMPANHAMENTO=\"BM\",ROUND(OFFSET(ORÇAMENTO!AJ$15,$L98,0),15-13*ORÇAMENTO!$AF$7),IF(IFERROR(CÁLCULO.FrentesPreenchidas,0)=0,0,SUM(ROUND(OFFSET($P98,0,1,1,CÁLCULO.FrentesPreenchidas),15-13*ORÇAMENTO!$AF$7)))))","v":446.26},"CONFORME PROJETO DE INSTALAÇÃO ELÉTRICA",{"$f":"IF(OR(B98<>\"S\",CÁLCULO.FrentesPreenchidas=0),\"\",IF(AND(ACOMPANHAMENTO=\"PLE\",AUTOEVENTO=\"Manual\",OR(H98>0,ORÇAMENTO!AC98=\"QUANT.\"),OR(K98=\"\",M98=0,N98=\"\")),\"►E\",IF(AND(ACOMPANHAMENTO=\"PLE\",ORÇAMENTO!AC98=\"QUANT.\"),\"►Q\",IF(AND(ACOMPANHAMENTO=\"PLE\",H98<>SUMPRODUCT(($Q$1:$AA$1=1)*ROUND(Q98:AA98,15))),\"►S\",IF(AND(COUNTIF($P$11:$AA$11,\"▼\")=0,H98>0,I98=\"\"),\"◄M\",\"\")))))","v":""},"14.Instalações elétricas finais",83,{"$f":"IF($D98<>\"Serviço\",\"\",\n          IF(AUTOEVENTO=\"manual\",$A98,\n                IF(ISERROR(MATCH($A98,$A$15:OFFSET($A98,-1,0),0)),MAX($M$15:OFFSET(M98,-1,0))+1,\n                      INDEX($M$15:OFFSET(M98,-1,0),MATCH($A98,$A$15:OFFSET($A98,-1,0),0)))))","v":14},{"$f":"IF($D98<>\"Serviço\",\"\",\n         IF(AUTOEVENTO=\"Manual\",\n                IF($A98=0,\"<-- defina o número do agrupador\",\n                       OFFSET(EVENTOS!$D$15,$A98-$A$15,0)),\n                OFFSET($F$15,$A98,0)))","v":"Instalações pluvial"},null,null,null,{"$f":"446.26","v":446.26},null,null,null,null,null,null,null,null,null,{"$f":"IF(AND($D98=\"Serviço\",AB$12<>0,$H98>0,OR(AUTOEVENTO<>\"manual\",$M98<>$A$15)),\n        IF(Import.TipoArredondamento<>\"TransfereGOV\",\n              ROUND(OFFSET($P98,0,AB$13),15-13*ORÇAMENTO!$AF$7)/$H98*OFFSET(ORÇAMENTO!$X$15,ROW(AB98)-ROW(AB$15),0),\n              ROUND(ROUND(OFFSET($P98,0,AB$13),15-13*ORÇAMENTO!$AF$7)*OFFSET(ORÇAMENTO!$W$15,ROW(AB98)-ROW(AB$15),0),15-13*ORÇAMENTO!$AF$11)),\n         0)","v":0},{"$f":"IF(AND($D98=\"Serviço\",AC$12<>0,$H98>0,OR(AUTOEVENTO<>\"manual\",$M98<>$A$15)),\n        IF(Import.TipoArredondamento<>\"TransfereGOV\",\n              ROUND(OFFSET($P98,0,AC$13),15-13*ORÇAMENTO!$AF$7)/$H98*OFFSET(ORÇAMENTO!$X$15,ROW(AC98)-ROW(AC$15),0),\n              ROUND(ROUND(OFFSET($P98,0,AC$13),15-13*ORÇAMENTO!$AF$7)*OFFSET(ORÇAMENTO!$W$15,ROW(AC98)-ROW(AC$15),0),15-13*ORÇAMENTO!$AF$11)),\n         0)","v":0},{"$f":"IF(AND($D98=\"Serviço\",AD$12<>0,$H98>0,OR(AUTOEVENTO<>\"manual\",$M98<>$A$15)),\n        IF(Import.TipoArredondamento<>\"TransfereGOV\",\n              ROUND(OFFSET($P98,0,AD$13),15-13*ORÇAMENTO!$AF$7)/$H98*OFFSET(ORÇAMENTO!$X$15,ROW(AD98)-ROW(AD$15),0),\n              ROUND(ROUND(OFFSET($P98,0,AD$13),15-13*ORÇAMENTO!$AF$7)*OFFSET(ORÇAMENTO!$W$15,ROW(AD98)-ROW(AD$15),0),15-13*ORÇAMENTO!$AF$11)),\n         0)","v":0},{"$f":"IF(AND($D98=\"Serviço\",AE$12<>0,$H98>0,OR(AUTOEVENTO<>\"manual\",$M98<>$A$15)),\n        IF(Import.TipoArredondamento<>\"TransfereGOV\",\n              ROUND(OFFSET($P98,0,AE$13),15-13*ORÇAMENTO!$AF$7)/$H98*OFFSET(ORÇAMENTO!$X$15,ROW(AE98)-ROW(AE$15),0),\n              ROUND(ROUND(OFFSET($P98,0,AE$13),15-13*ORÇAMENTO!$AF$7)*OFFSET(ORÇAMENTO!$W$15,ROW(AE98)-ROW(AE$15),0),15-13*ORÇAMENTO!$AF$11)),\n         0)","v":0},{"$f":"IF(AND($D98=\"Serviço\",AF$12<>0,$H98>0,OR(AUTOEVENTO<>\"manual\",$M98<>$A$15)),\n        IF(Import.TipoArredondamento<>\"TransfereGOV\",\n              ROUND(OFFSET($P98,0,AF$13),15-13*ORÇAMENTO!$AF$7)/$H98*OFFSET(ORÇAMENTO!$X$15,ROW(AF98)-ROW(AF$15),0),\n              ROUND(ROUND(OFFSET($P98,0,AF$13),15-13*ORÇAMENTO!$AF$7)*OFFSET(ORÇAMENTO!$W$15,ROW(AF98)-ROW(AF$15),0),15-13*ORÇAMENTO!$AF$11)),\n         0)","v":0},{"$f":"IF(AND($D98=\"Serviço\",AG$12<>0,$H98>0,OR(AUTOEVENTO<>\"manual\",$M98<>$A$15)),\n        IF(Import.TipoArredondamento<>\"TransfereGOV\",\n              ROUND(OFFSET($P98,0,AG$13),15-13*ORÇAMENTO!$AF$7)/$H98*OFFSET(ORÇAMENTO!$X$15,ROW(AG98)-ROW(AG$15),0),\n              ROUND(ROUND(OFFSET($P98,0,AG$13),15-13*ORÇAMENTO!$AF$7)*OFFSET(ORÇAMENTO!$W$15,ROW(AG98)-ROW(AG$15),0),15-13*ORÇAMENTO!$AF$11)),\n         0)","v":0},{"$f":"IF(AND($D98=\"Serviço\",AH$12<>0,$H98>0,OR(AUTOEVENTO<>\"manual\",$M98<>$A$15)),\n        IF(Import.TipoArredondamento<>\"TransfereGOV\",\n              ROUND(OFFSET($P98,0,AH$13),15-13*ORÇAMENTO!$AF$7)/$H98*OFFSET(ORÇAMENTO!$X$15,ROW(AH98)-ROW(AH$15),0),\n              ROUND(ROUND(OFFSET($P98,0,AH$13),15-13*ORÇAMENTO!$AF$7)*OFFSET(ORÇAMENTO!$W$15,ROW(AH98)-ROW(AH$15),0),15-13*ORÇAMENTO!$AF$11)),\n         0)","v":0},{"$f":"IF(AND($D98=\"Serviço\",AI$12<>0,$H98>0,OR(AUTOEVENTO<>\"manual\",$M98<>$A$15)),\n        IF(Import.TipoArredondamento<>\"TransfereGOV\",\n              ROUND(OFFSET($P98,0,AI$13),15-13*ORÇAMENTO!$AF$7)/$H98*OFFSET(ORÇAMENTO!$X$15,ROW(AI98)-ROW(AI$15),0),\n              ROUND(ROUND(OFFSET($P98,0,AI$13),15-13*ORÇAMENTO!$AF$7)*OFFSET(ORÇAMENTO!$W$15,ROW(AI98)-ROW(AI$15),0),15-13*ORÇAMENTO!$AF$11)),\n         0)","v":0},{"$f":"IF(AND($D98=\"Serviço\",AJ$12<>0,$H98>0,OR(AUTOEVENTO<>\"manual\",$M98<>$A$15)),\n        IF(Import.TipoArredondamento<>\"TransfereGOV\",\n              ROUND(OFFSET($P98,0,AJ$13),15-13*ORÇAMENTO!$AF$7)/$H98*OFFSET(ORÇAMENTO!$X$15,ROW(AJ98)-ROW(AJ$15),0),\n              ROUND(ROUND(OFFSET($P98,0,AJ$13),15-13*ORÇAMENTO!$AF$7)*OFFSET(ORÇAMENTO!$W$15,ROW(AJ98)-ROW(AJ$15),0),15-13*ORÇAMENTO!$AF$11)),\n         0)","v":0},{"$f":"IF(AND($D98=\"Serviço\",AK$12<>0,$H98>0,OR(AUTOEVENTO<>\"manual\",$M98<>$A$15)),\n        IF(Import.TipoArredondamento<>\"TransfereGOV\",\n              ROUND(OFFSET($P98,0,AK$13),15-13*ORÇAMENTO!$AF$7)/$H98*OFFSET(ORÇAMENTO!$X$15,ROW(AK98)-ROW(AK$15),0),\n              ROUND(ROUND(OFFSET($P98,0,AK$13),15-13*ORÇAMENTO!$AF$7)*OFFSET(ORÇAMENTO!$W$15,ROW(AK98)-ROW(AK$15),0),15-13*ORÇAMENTO!$AF$11)),\n         0)","v":0},null,{"$f":"IF(OR($D98<>\"Serviço\",AND(AUTOEVENTO=\"Manual\",$M98=$A$15)),0,\n         IF(OFFSET(CRONOPLE!$F$15,$M98-$A$15,AM$13)=0,10^12,OFFSET(CRONOPLE!$F$15,$M98-$A$15,AM$13)))","v":4},{"$f":"IF(OR($D98<>\"Serviço\",AND(AUTOEVENTO=\"Manual\",$M98=$A$15)),0,\n         IF(OFFSET(CRONOPLE!$F$15,$M98-$A$15,AN$13)=0,10^12,OFFSET(CRONOPLE!$F$15,$M98-$A$15,AN$13)))","v":5},{"$f":"IF(OR($D98<>\"Serviço\",AND(AUTOEVENTO=\"Manual\",$M98=$A$15)),0,\n         IF(OFFSET(CRONOPLE!$F$15,$M98-$A$15,AO$13)=0,10^12,OFFSET(CRONOPLE!$F$15,$M98-$A$15,AO$13)))","v":1000000000000},{"$f":"IF(OR($D98<>\"Serviço\",AND(AUTOEVENTO=\"Manual\",$M98=$A$15)),0,\n         IF(OFFSET(CRONOPLE!$F$15,$M98-$A$15,AP$13)=0,10^12,OFFSET(CRONOPLE!$F$15,$M98-$A$15,AP$13)))","v":3},{"$f":"IF(OR($D98<>\"Serviço\",AND(AUTOEVENTO=\"Manual\",$M98=$A$15)),0,\n         IF(OFFSET(CRONOPLE!$F$15,$M98-$A$15,AQ$13)=0,10^12,OFFSET(CRONOPLE!$F$15,$M98-$A$15,AQ$13)))","v":1000000000000},{"$f":"IF(OR($D98<>\"Serviço\",AND(AUTOEVENTO=\"Manual\",$M98=$A$15)),0,\n         IF(OFFSET(CRONOPLE!$F$15,$M98-$A$15,AR$13)=0,10^12,OFFSET(CRONOPLE!$F$15,$M98-$A$15,AR$13)))","v":1000000000000},{"$f":"IF(OR($D98<>\"Serviço\",AND(AUTOEVENTO=\"Manual\",$M98=$A$15)),0,\n         IF(OFFSET(CRONOPLE!$F$15,$M98-$A$15,AS$13)=0,10^12,OFFSET(CRONOPLE!$F$15,$M98-$A$15,AS$13)))","v":1000000000000},{"$f":"IF(OR($D98<>\"Serviço\",AND(AUTOEVENTO=\"Manual\",$M98=$A$15)),0,\n         IF(OFFSET(CRONOPLE!$F$15,$M98-$A$15,AT$13)=0,10^12,OFFSET(CRONOPLE!$F$15,$M98-$A$15,AT$13)))","v":1000000000000},{"$f":"IF(OR($D98<>\"Serviço\",AND(AUTOEVENTO=\"Manual\",$M98=$A$15)),0,\n         IF(OFFSET(CRONOPLE!$F$15,$M98-$A$15,AU$13)=0,10^12,OFFSET(CRONOPLE!$F$15,$M98-$A$15,AU$13)))","v":1000000000000},{"$f":"IF(OR($D98<>\"Serviço\",AND(AUTOEVENTO=\"Manual\",$M98=$A$15)),0,\n         IF(OFFSET(CRONOPLE!$F$15,$M98-$A$15,AV$13)=0,10^12,OFFSET(CRONOPLE!$F$15,$M98-$A$15,AV$13)))","v":1000000000000},null,{"$f":"IF(OR($D98<>\"Serviço\",AND(AUTOEVENTO=\"Manual\",$M98=$A$15),$M98>(ROW(PLE.lastrow)-ROW(PLE.firstrow))),0,\n           IF(OFFSET(PLE!$G$15,$M98-$A$15,AX$13)=\"\",10^12,OFFSET(PLE!$G$15,$M98-$A$15,AX$13)))","v":1000000000000},{"$f":"IF(OR($D98<>\"Serviço\",AND(AUTOEVENTO=\"Manual\",$M98=$A$15),$M98>(ROW(PLE.lastrow)-ROW(PLE.firstrow))),0,\n           IF(OFFSET(PLE!$G$15,$M98-$A$15,AY$13)=\"\",10^12,OFFSET(PLE!$G$15,$M98-$A$15,AY$13)))","v":1000000000000},{"$f":"IF(OR($D98<>\"Serviço\",AND(AUTOEVENTO=\"Manual\",$M98=$A$15),$M98>(ROW(PLE.lastrow)-ROW(PLE.firstrow))),0,\n           IF(OFFSET(PLE!$G$15,$M98-$A$15,AZ$13)=\"\",10^12,OFFSET(PLE!$G$15,$M98-$A$15,AZ$13)))","v":1000000000000},{"$f":"IF(OR($D98<>\"Serviço\",AND(AUTOEVENTO=\"Manual\",$M98=$A$15),$M98>(ROW(PLE.lastrow)-ROW(PLE.firstrow))),0,\n           IF(OFFSET(PLE!$G$15,$M98-$A$15,BA$13)=\"\",10^12,OFFSET(PLE!$G$15,$M98-$A$15,BA$13)))","v":1000000000000},{"$f":"IF(OR($D98<>\"Serviço\",AND(AUTOEVENTO=\"Manual\",$M98=$A$15),$M98>(ROW(PLE.lastrow)-ROW(PLE.firstrow))),0,\n           IF(OFFSET(PLE!$G$15,$M98-$A$15,BB$13)=\"\",10^12,OFFSET(PLE!$G$15,$M98-$A$15,BB$13)))","v":1000000000000},{"$f":"IF(OR($D98<>\"Serviço\",AND(AUTOEVENTO=\"Manual\",$M98=$A$15),$M98>(ROW(PLE.lastrow)-ROW(PLE.firstrow))),0,\n           IF(OFFSET(PLE!$G$15,$M98-$A$15,BC$13)=\"\",10^12,OFFSET(PLE!$G$15,$M98-$A$15,BC$13)))","v":1000000000000},{"$f":"IF(OR($D98<>\"Serviço\",AND(AUTOEVENTO=\"Manual\",$M98=$A$15),$M98>(ROW(PLE.lastrow)-ROW(PLE.firstrow))),0,\n           IF(OFFSET(PLE!$G$15,$M98-$A$15,BD$13)=\"\",10^12,OFFSET(PLE!$G$15,$M98-$A$15,BD$13)))","v":1000000000000},{"$f":"IF(OR($D98<>\"Serviço\",AND(AUTOEVENTO=\"Manual\",$M98=$A$15),$M98>(ROW(PLE.lastrow)-ROW(PLE.firstrow))),0,\n           IF(OFFSET(PLE!$G$15,$M98-$A$15,BE$13)=\"\",10^12,OFFSET(PLE!$G$15,$M98-$A$15,BE$13)))","v":1000000000000},{"$f":"IF(OR($D98<>\"Serviço\",AND(AUTOEVENTO=\"Manual\",$M98=$A$15),$M98>(ROW(PLE.lastrow)-ROW(PLE.firstrow))),0,\n           IF(OFFSET(PLE!$G$15,$M98-$A$15,BF$13)=\"\",10^12,OFFSET(PLE!$G$15,$M98-$A$15,BF$13)))","v":1000000000000},{"$f":"IF(OR($D98<>\"Serviço\",AND(AUTOEVENTO=\"Manual\",$M98=$A$15),$M98>(ROW(PLE.lastrow)-ROW(PLE.firstrow))),0,\n           IF(OFFSET(PLE!$G$15,$M98-$A$15,BG$13)=\"\",10^12,OFFSET(PLE!$G$15,$M98-$A$15,BG$13)))","v":1000000000000}]
[14,{"$f":"OFFSET(ORÇAMENTO!C$15,$L99,0)","v":"S"},{"$f":"OFFSET(ORÇAMENTO!L$15,$L99,0)","v":"F"},{"$f":"OFFSET(ORÇAMENTO!N$15,$L99,0)","v":"Serviço"},{"$f":"OFFSET(ORÇAMENTO!O$15,$L99,0)","v":"1.10.14."},{"$f":"OFFSET(ORÇAMENTO!R$15,$L99,0)","v":"CABO DE COBRE FLEXÍVEL ISOLADO, 4 MM², ANTI-CHAMA 450/750 V, PARA CIRCUITOS TERMINAIS - FORNECIMENTO E INSTALAÇÃO. AF_03/2023"},{"$f":"IF($D99<>\"Serviço\",\"\",OFFSET(ORÇAMENTO!S$15,$L99,0))","v":"M"},{"$f":"IF($D99<>\"Serviço\",0,IF(ACOMPANHAMENTO=\"BM\",ROUND(OFFSET(ORÇAMENTO!AJ$15,$L99,0),15-13*ORÇAMENTO!$AF$7),IF(IFERROR(CÁLCULO.FrentesPreenchidas,0)=0,0,SUM(ROUND(OFFSET($P99,0,1,1,CÁLCULO.FrentesPreenchidas),15-13*ORÇAMENTO!$AF$7)))))","v":16.77},"CONFORME PROJETO DE INSTALAÇÃO ELÉTRICA",{"$f":"IF(OR(B99<>\"S\",CÁLCULO.FrentesPreenchidas=0),\"\",IF(AND(ACOMPANHAMENTO=\"PLE\",AUTOEVENTO=\"Manual\",OR(H99>0,ORÇAMENTO!AC99=\"QUANT.\"),OR(K99=\"\",M99=0,N99=\"\")),\"►E\",IF(AND(ACOMPANHAMENTO=\"PLE\",ORÇAMENTO!AC99=\"QUANT.\"),\"►Q\",IF(AND(ACOMPANHAMENTO=\"PLE\",H99<>SUMPRODUCT(($Q$1:$AA$1=1)*ROUND(Q99:AA99,15))),\"►S\",IF(AND(COUNTIF($P$11:$AA$11,\"▼\")=0,H99>0,I99=\"\"),\"◄M\",\"\")))))","v":""},"14.Instalações elétricas finais",84,{"$f":"IF($D99<>\"Serviço\",\"\",\n          IF(AUTOEVENTO=\"manual\",$A99,\n                IF(ISERROR(MATCH($A99,$A$15:OFFSET($A99,-1,0),0)),MAX($M$15:OFFSET(M99,-1,0))+1,\n                      INDEX($M$15:OFFSET(M99,-1,0),MATCH($A99,$A$15:OFFSET($A99,-1,0),0)))))","v":14},{"$f":"IF($D99<>\"Serviço\",\"\",\n         IF(AUTOEVENTO=\"Manual\",\n                IF($A99=0,\"<-- defina o número do agrupador\",\n                       OFFSET(EVENTOS!$D$15,$A99-$A$15,0)),\n                OFFSET($F$15,$A99,0)))","v":"Instalações pluvial"},null,null,null,{"$f":"16.77","v":16.77},null,null,null,null,null,null,null,null,null,{"$f":"IF(AND($D99=\"Serviço\",AB$12<>0,$H99>0,OR(AUTOEVENTO<>\"manual\",$M99<>$A$15)),\n        IF(Import.TipoArredondamento<>\"TransfereGOV\",\n              ROUND(OFFSET($P99,0,AB$13),15-13*ORÇAMENTO!$AF$7)/$H99*OFFSET(ORÇAMENTO!$X$15,ROW(AB99)-ROW(AB$15),0),\n              ROUND(ROUND(OFFSET($P99,0,AB$13),15-13*ORÇAMENTO!$AF$7)*OFFSET(ORÇAMENTO!$W$15,ROW(AB99)-ROW(AB$15),0),15-13*ORÇAMENTO!$AF$11)),\n         0)","v":0},{"$f":"IF(AND($D99=\"Serviço\",AC$12<>0,$H99>0,OR(AUTOEVENTO<>\"manual\",$M99<>$A$15)),\n        IF(Import.TipoArredondamento<>\"TransfereGOV\",\n              ROUND(OFFSET($P99,0,AC$13),15-13*ORÇAMENTO!$AF$7)/$H99*OFFSET(ORÇAMENTO!$X$15,ROW(AC99)-ROW(AC$15),0),\n              ROUND(ROUND(OFFSET($P99,0,AC$13),15-13*ORÇAMENTO!$AF$7)*OFFSET(ORÇAMENTO!$W$15,ROW(AC99)-ROW(AC$15),0),15-13*ORÇAMENTO!$AF$11)),\n         0)","v":0},{"$f":"IF(AND($D99=\"Serviço\",AD$12<>0,$H99>0,OR(AUTOEVENTO<>\"manual\",$M99<>$A$15)),\n        IF(Import.TipoArredondamento<>\"TransfereGOV\",\n              ROUND(OFFSET($P99,0,AD$13),15-13*ORÇAMENTO!$AF$7)/$H99*OFFSET(ORÇAMENTO!$X$15,ROW(AD99)-ROW(AD$15),0),\n              ROUND(ROUND(OFFSET($P99,0,AD$13),15-13*ORÇAMENTO!$AF$7)*OFFSET(ORÇAMENTO!$W$15,ROW(AD99)-ROW(AD$15),0),15-13*ORÇAMENTO!$AF$11)),\n         0)","v":0},{"$f":"IF(AND($D99=\"Serviço\",AE$12<>0,$H99>0,OR(AUTOEVENTO<>\"manual\",$M99<>$A$15)),\n        IF(Import.TipoArredondamento<>\"TransfereGOV\",\n              ROUND(OFFSET($P99,0,AE$13),15-13*ORÇAMENTO!$AF$7)/$H99*OFFSET(ORÇAMENTO!$X$15,ROW(AE99)-ROW(AE$15),0),\n              ROUND(ROUND(OFFSET($P99,0,AE$13),15-13*ORÇAMENTO!$AF$7)*OFFSET(ORÇAMENTO!$W$15,ROW(AE99)-ROW(AE$15),0),15-13*ORÇAMENTO!$AF$11)),\n         0)","v":0},{"$f":"IF(AND($D99=\"Serviço\",AF$12<>0,$H99>0,OR(AUTOEVENTO<>\"manual\",$M99<>$A$15)),\n        IF(Import.TipoArredondamento<>\"TransfereGOV\",\n              ROUND(OFFSET($P99,0,AF$13),15-13*ORÇAMENTO!$AF$7)/$H99*OFFSET(ORÇAMENTO!$X$15,ROW(AF99)-ROW(AF$15),0),\n              ROUND(ROUND(OFFSET($P99,0,AF$13),15-13*ORÇAMENTO!$AF$7)*OFFSET(ORÇAMENTO!$W$15,ROW(AF99)-ROW(AF$15),0),15-13*ORÇAMENTO!$AF$11)),\n         0)","v":0},{"$f":"IF(AND($D99=\"Serviço\",AG$12<>0,$H99>0,OR(AUTOEVENTO<>\"manual\",$M99<>$A$15)),\n        IF(Import.TipoArredondamento<>\"TransfereGOV\",\n              ROUND(OFFSET($P99,0,AG$13),15-13*ORÇAMENTO!$AF$7)/$H99*OFFSET(ORÇAMENTO!$X$15,ROW(AG99)-ROW(AG$15),0),\n              ROUND(ROUND(OFFSET($P99,0,AG$13),15-13*ORÇAMENTO!$AF$7)*OFFSET(ORÇAMENTO!$W$15,ROW(AG99)-ROW(AG$15),0),15-13*ORÇAMENTO!$AF$11)),\n         0)","v":0},{"$f":"IF(AND($D99=\"Serviço\",AH$12<>0,$H99>0,OR(AUTOEVENTO<>\"manual\",$M99<>$A$15)),\n        IF(Import.TipoArredondamento<>\"TransfereGOV\",\n              ROUND(OFFSET($P99,0,AH$13),15-13*ORÇAMENTO!$AF$7)/$H99*OFFSET(ORÇAMENTO!$X$15,ROW(AH99)-ROW(AH$15),0),\n              ROUND(ROUND(OFFSET($P99,0,AH$13),15-13*ORÇAMENTO!$AF$7)*OFFSET(ORÇAMENTO!$W$15,ROW(AH99)-ROW(AH$15),0),15-13*ORÇAMENTO!$AF$11)),\n         0)","v":0},{"$f":"IF(AND($D99=\"Serviço\",AI$12<>0,$H99>0,OR(AUTOEVENTO<>\"manual\",$M99<>$A$15)),\n        IF(Import.TipoArredondamento<>\"TransfereGOV\",\n              ROUND(OFFSET($P99,0,AI$13),15-13*ORÇAMENTO!$AF$7)/$H99*OFFSET(ORÇAMENTO!$X$15,ROW(AI99)-ROW(AI$15),0),\n              ROUND(ROUND(OFFSET($P99,0,AI$13),15-13*ORÇAMENTO!$AF$7)*OFFSET(ORÇAMENTO!$W$15,ROW(AI99)-ROW(AI$15),0),15-13*ORÇAMENTO!$AF$11)),\n         0)","v":0},{"$f":"IF(AND($D99=\"Serviço\",AJ$12<>0,$H99>0,OR(AUTOEVENTO<>\"manual\",$M99<>$A$15)),\n        IF(Import.TipoArredondamento<>\"TransfereGOV\",\n              ROUND(OFFSET($P99,0,AJ$13),15-13*ORÇAMENTO!$AF$7)/$H99*OFFSET(ORÇAMENTO!$X$15,ROW(AJ99)-ROW(AJ$15),0),\n              ROUND(ROUND(OFFSET($P99,0,AJ$13),15-13*ORÇAMENTO!$AF$7)*OFFSET(ORÇAMENTO!$W$15,ROW(AJ99)-ROW(AJ$15),0),15-13*ORÇAMENTO!$AF$11)),\n         0)","v":0},{"$f":"IF(AND($D99=\"Serviço\",AK$12<>0,$H99>0,OR(AUTOEVENTO<>\"manual\",$M99<>$A$15)),\n        IF(Import.TipoArredondamento<>\"TransfereGOV\",\n              ROUND(OFFSET($P99,0,AK$13),15-13*ORÇAMENTO!$AF$7)/$H99*OFFSET(ORÇAMENTO!$X$15,ROW(AK99)-ROW(AK$15),0),\n              ROUND(ROUND(OFFSET($P99,0,AK$13),15-13*ORÇAMENTO!$AF$7)*OFFSET(ORÇAMENTO!$W$15,ROW(AK99)-ROW(AK$15),0),15-13*ORÇAMENTO!$AF$11)),\n         0)","v":0},null,{"$f":"IF(OR($D99<>\"Serviço\",AND(AUTOEVENTO=\"Manual\",$M99=$A$15)),0,\n         IF(OFFSET(CRONOPLE!$F$15,$M99-$A$15,AM$13)=0,10^12,OFFSET(CRONOPLE!$F$15,$M99-$A$15,AM$13)))","v":4},{"$f":"IF(OR($D99<>\"Serviço\",AND(AUTOEVENTO=\"Manual\",$M99=$A$15)),0,\n         IF(OFFSET(CRONOPLE!$F$15,$M99-$A$15,AN$13)=0,10^12,OFFSET(CRONOPLE!$F$15,$M99-$A$15,AN$13)))","v":5},{"$f":"IF(OR($D99<>\"Serviço\",AND(AUTOEVENTO=\"Manual\",$M99=$A$15)),0,\n         IF(OFFSET(CRONOPLE!$F$15,$M99-$A$15,AO$13)=0,10^12,OFFSET(CRONOPLE!$F$15,$M99-$A$15,AO$13)))","v":1000000000000},{"$f":"IF(OR($D99<>\"Serviço\",AND(AUTOEVENTO=\"Manual\",$M99=$A$15)),0,\n         IF(OFFSET(CRONOPLE!$F$15,$M99-$A$15,AP$13)=0,10^12,OFFSET(CRONOPLE!$F$15,$M99-$A$15,AP$13)))","v":3},{"$f":"IF(OR($D99<>\"Serviço\",AND(AUTOEVENTO=\"Manual\",$M99=$A$15)),0,\n         IF(OFFSET(CRONOPLE!$F$15,$M99-$A$15,AQ$13)=0,10^12,OFFSET(CRONOPLE!$F$15,$M99-$A$15,AQ$13)))","v":1000000000000},{"$f":"IF(OR($D99<>\"Serviço\",AND(AUTOEVENTO=\"Manual\",$M99=$A$15)),0,\n         IF(OFFSET(CRONOPLE!$F$15,$M99-$A$15,AR$13)=0,10^12,OFFSET(CRONOPLE!$F$15,$M99-$A$15,AR$13)))","v":1000000000000},{"$f":"IF(OR($D99<>\"Serviço\",AND(AUTOEVENTO=\"Manual\",$M99=$A$15)),0,\n         IF(OFFSET(CRONOPLE!$F$15,$M99-$A$15,AS$13)=0,10^12,OFFSET(CRONOPLE!$F$15,$M99-$A$15,AS$13)))","v":1000000000000},{"$f":"IF(OR($D99<>\"Serviço\",AND(AUTOEVENTO=\"Manual\",$M99=$A$15)),0,\n         IF(OFFSET(CRONOPLE!$F$15,$M99-$A$15,AT$13)=0,10^12,OFFSET(CRONOPLE!$F$15,$M99-$A$15,AT$13)))","v":1000000000000},{"$f":"IF(OR($D99<>\"Serviço\",AND(AUTOEVENTO=\"Manual\",$M99=$A$15)),0,\n         IF(OFFSET(CRONOPLE!$F$15,$M99-$A$15,AU$13)=0,10^12,OFFSET(CRONOPLE!$F$15,$M99-$A$15,AU$13)))","v":1000000000000},{"$f":"IF(OR($D99<>\"Serviço\",AND(AUTOEVENTO=\"Manual\",$M99=$A$15)),0,\n         IF(OFFSET(CRONOPLE!$F$15,$M99-$A$15,AV$13)=0,10^12,OFFSET(CRONOPLE!$F$15,$M99-$A$15,AV$13)))","v":1000000000000},null,{"$f":"IF(OR($D99<>\"Serviço\",AND(AUTOEVENTO=\"Manual\",$M99=$A$15),$M99>(ROW(PLE.lastrow)-ROW(PLE.firstrow))),0,\n           IF(OFFSET(PLE!$G$15,$M99-$A$15,AX$13)=\"\",10^12,OFFSET(PLE!$G$15,$M99-$A$15,AX$13)))","v":1000000000000},{"$f":"IF(OR($D99<>\"Serviço\",AND(AUTOEVENTO=\"Manual\",$M99=$A$15),$M99>(ROW(PLE.lastrow)-ROW(PLE.firstrow))),0,\n           IF(OFFSET(PLE!$G$15,$M99-$A$15,AY$13)=\"\",10^12,OFFSET(PLE!$G$15,$M99-$A$15,AY$13)))","v":1000000000000},{"$f":"IF(OR($D99<>\"Serviço\",AND(AUTOEVENTO=\"Manual\",$M99=$A$15),$M99>(ROW(PLE.lastrow)-ROW(PLE.firstrow))),0,\n           IF(OFFSET(PLE!$G$15,$M99-$A$15,AZ$13)=\"\",10^12,OFFSET(PLE!$G$15,$M99-$A$15,AZ$13)))","v":1000000000000},{"$f":"IF(OR($D99<>\"Serviço\",AND(AUTOEVENTO=\"Manual\",$M99=$A$15),$M99>(ROW(PLE.lastrow)-ROW(PLE.firstrow))),0,\n           IF(OFFSET(PLE!$G$15,$M99-$A$15,BA$13)=\"\",10^12,OFFSET(PLE!$G$15,$M99-$A$15,BA$13)))","v":1000000000000},{"$f":"IF(OR($D99<>\"Serviço\",AND(AUTOEVENTO=\"Manual\",$M99=$A$15),$M99>(ROW(PLE.lastrow)-ROW(PLE.firstrow))),0,\n           IF(OFFSET(PLE!$G$15,$M99-$A$15,BB$13)=\"\",10^12,OFFSET(PLE!$G$15,$M99-$A$15,BB$13)))","v":1000000000000},{"$f":"IF(OR($D99<>\"Serviço\",AND(AUTOEVENTO=\"Manual\",$M99=$A$15),$M99>(ROW(PLE.lastrow)-ROW(PLE.firstrow))),0,\n           IF(OFFSET(PLE!$G$15,$M99-$A$15,BC$13)=\"\",10^12,OFFSET(PLE!$G$15,$M99-$A$15,BC$13)))","v":1000000000000},{"$f":"IF(OR($D99<>\"Serviço\",AND(AUTOEVENTO=\"Manual\",$M99=$A$15),$M99>(ROW(PLE.lastrow)-ROW(PLE.firstrow))),0,\n           IF(OFFSET(PLE!$G$15,$M99-$A$15,BD$13)=\"\",10^12,OFFSET(PLE!$G$15,$M99-$A$15,BD$13)))","v":1000000000000},{"$f":"IF(OR($D99<>\"Serviço\",AND(AUTOEVENTO=\"Manual\",$M99=$A$15),$M99>(ROW(PLE.lastrow)-ROW(PLE.firstrow))),0,\n           IF(OFFSET(PLE!$G$15,$M99-$A$15,BE$13)=\"\",10^12,OFFSET(PLE!$G$15,$M99-$A$15,BE$13)))","v":1000000000000},{"$f":"IF(OR($D99<>\"Serviço\",AND(AUTOEVENTO=\"Manual\",$M99=$A$15),$M99>(ROW(PLE.lastrow)-ROW(PLE.firstrow))),0,\n           IF(OFFSET(PLE!$G$15,$M99-$A$15,BF$13)=\"\",10^12,OFFSET(PLE!$G$15,$M99-$A$15,BF$13)))","v":1000000000000},{"$f":"IF(OR($D99<>\"Serviço\",AND(AUTOEVENTO=\"Manual\",$M99=$A$15),$M99>(ROW(PLE.lastrow)-ROW(PLE.firstrow))),0,\n           IF(OFFSET(PLE!$G$15,$M99-$A$15,BG$13)=\"\",10^12,OFFSET(PLE!$G$15,$M99-$A$15,BG$13)))","v":1000000000000}]
[14,{"$f":"OFFSET(ORÇAMENTO!C$15,$L100,0)","v":"S"},{"$f":"OFFSET(ORÇAMENTO!L$15,$L100,0)","v":"F"},{"$f":"OFFSET(ORÇAMENTO!N$15,$L100,0)","v":"Serviço"},{"$f":"OFFSET(ORÇAMENTO!O$15,$L100,0)","v":"1.10.15."},{"$f":"OFFSET(ORÇAMENTO!R$15,$L100,0)","v":"CABO DE COBRE FLEXÍVEL ISOLADO, 16 MM², ANTI-CHAMA 0,6/1,0 KV, PARA CIRCUITOS TERMINAIS - FORNECIMENTO E INSTALAÇÃO. AF_03/2023"},{"$f":"IF($D100<>\"Serviço\",\"\",OFFSET(ORÇAMENTO!S$15,$L100,0))","v":"M"},{"$f":"IF($D100<>\"Serviço\",0,IF(ACOMPANHAMENTO=\"BM\",ROUND(OFFSET(ORÇAMENTO!AJ$15,$L100,0),15-13*ORÇAMENTO!$AF$7),IF(IFERROR(CÁLCULO.FrentesPreenchidas,0)=0,0,SUM(ROUND(OFFSET($P100,0,1,1,CÁLCULO.FrentesPreenchidas),15-13*ORÇAMENTO!$AF$7)))))","v":577.46},"CONFORME PROJETO DE INSTALAÇÃO ELÉTRICA",{"$f":"IF(OR(B100<>\"S\",CÁLCULO.FrentesPreenchidas=0),\"\",IF(AND(ACOMPANHAMENTO=\"PLE\",AUTOEVENTO=\"Manual\",OR(H100>0,ORÇAMENTO!AC100=\"QUANT.\"),OR(K100=\"\",M100=0,N100=\"\")),\"►E\",IF(AND(ACOMPANHAMENTO=\"PLE\",ORÇAMENTO!AC100=\"QUANT.\"),\"►Q\",IF(AND(ACOMPANHAMENTO=\"PLE\",H100<>SUMPRODUCT(($Q$1:$AA$1=1)*ROUND(Q100:AA100,15))),\"►S\",IF(AND(COUNTIF($P$11:$AA$11,\"▼\")=0,H100>0,I100=\"\"),\"◄M\",\"\")))))","v":""},"14.Instalações elétricas finais",85,{"$f":"IF($D100<>\"Serviço\",\"\",\n          IF(AUTOEVENTO=\"manual\",$A100,\n                IF(ISERROR(MATCH($A100,$A$15:OFFSET($A100,-1,0),0)),MAX($M$15:OFFSET(M100,-1,0))+1,\n                      INDEX($M$15:OFFSET(M100,-1,0),MATCH($A100,$A$15:OFFSET($A100,-1,0),0)))))","v":14},{"$f":"IF($D100<>\"Serviço\",\"\",\n         IF(AUTOEVENTO=\"Manual\",\n                IF($A100=0,\"<-- defina o número do agrupador\",\n                       OFFSET(EVENTOS!$D$15,$A100-$A$15,0)),\n                OFFSET($F$15,$A100,0)))","v":"Instalações pluvial"},null,null,null,{"$f":"577.46","v":577.46},null,null,null,null,null,null,null,null,null,{"$f":"IF(AND($D100=\"Serviço\",AB$12<>0,$H100>0,OR(AUTOEVENTO<>\"manual\",$M100<>$A$15)),\n        IF(Import.TipoArredondamento<>\"TransfereGOV\",\n              ROUND(OFFSET($P100,0,AB$13),15-13*ORÇAMENTO!$AF$7)/$H100*OFFSET(ORÇAMENTO!$X$15,ROW(AB100)-ROW(AB$15),0),\n              ROUND(ROUND(OFFSET($P100,0,AB$13),15-13*ORÇAMENTO!$AF$7)*OFFSET(ORÇAMENTO!$W$15,ROW(AB100)-ROW(AB$15),0),15-13*ORÇAMENTO!$AF$11)),\n         0)","v":0},{"$f":"IF(AND($D100=\"Serviço\",AC$12<>0,$H100>0,OR(AUTOEVENTO<>\"manual\",$M100<>$A$15)),\n        IF(Import.TipoArredondamento<>\"TransfereGOV\",\n              ROUND(OFFSET($P100,0,AC$13),15-13*ORÇAMENTO!$AF$7)/$H100*OFFSET(ORÇAMENTO!$X$15,ROW(AC100)-ROW(AC$15),0),\n              ROUND(ROUND(OFFSET($P100,0,AC$13),15-13*ORÇAMENTO!$AF$7)*OFFSET(ORÇAMENTO!$W$15,ROW(AC100)-ROW(AC$15),0),15-13*ORÇAMENTO!$AF$11)),\n         0)","v":0},{"$f":"IF(AND($D100=\"Serviço\",AD$12<>0,$H100>0,OR(AUTOEVENTO<>\"manual\",$M100<>$A$15)),\n        IF(Import.TipoArredondamento<>\"TransfereGOV\",\n              ROUND(OFFSET($P100,0,AD$13),15-13*ORÇAMENTO!$AF$7)/$H100*OFFSET(ORÇAMENTO!$X$15,ROW(AD100)-ROW(AD$15),0),\n              ROUND(ROUND(OFFSET($P100,0,AD$13),15-13*ORÇAMENTO!$AF$7)*OFFSET(ORÇAMENTO!$W$15,ROW(AD100)-ROW(AD$15),0),15-13*ORÇAMENTO!$AF$11)),\n         0)","v":0},{"$f":"IF(AND($D100=\"Serviço\",AE$12<>0,$H100>0,OR(AUTOEVENTO<>\"manual\",$M100<>$A$15)),\n        IF(Import.TipoArredondamento<>\"TransfereGOV\",\n              ROUND(OFFSET($P100,0,AE$13),15-13*ORÇAMENTO!$AF$7)/$H100*OFFSET(ORÇAMENTO!$X$15,ROW(AE100)-ROW(AE$15),0),\n              ROUND(ROUND(OFFSET($P100,0,AE$13),15-13*ORÇAMENTO!$AF$7)*OFFSET(ORÇAMENTO!$W$15,ROW(AE100)-ROW(AE$15),0),15-13*ORÇAMENTO!$AF$11)),\n         0)","v":0},{"$f":"IF(AND($D100=\"Serviço\",AF$12<>0,$H100>0,OR(AUTOEVENTO<>\"manual\",$M100<>$A$15)),\n        IF(Import.TipoArredondamento<>\"TransfereGOV\",\n              ROUND(OFFSET($P100,0,AF$13),15-13*ORÇAMENTO!$AF$7)/$H100*OFFSET(ORÇAMENTO!$X$15,ROW(AF100)-ROW(AF$15),0),\n              ROUND(ROUND(OFFSET($P100,0,AF$13),15-13*ORÇAMENTO!$AF$7)*OFFSET(ORÇAMENTO!$W$15,ROW(AF100)-ROW(AF$15),0),15-13*ORÇAMENTO!$AF$11)),\n         0)","v":0},{"$f":"IF(AND($D100=\"Serviço\",AG$12<>0,$H100>0,OR(AUTOEVENTO<>\"manual\",$M100<>$A$15)),\n        IF(Import.TipoArredondamento<>\"TransfereGOV\",\n              ROUND(OFFSET($P100,0,AG$13),15-13*ORÇAMENTO!$AF$7)/$H100*OFFSET(ORÇAMENTO!$X$15,ROW(AG100)-ROW(AG$15),0),\n              ROUND(ROUND(OFFSET($P100,0,AG$13),15-13*ORÇAMENTO!$AF$7)*OFFSET(ORÇAMENTO!$W$15,ROW(AG100)-ROW(AG$15),0),15-13*ORÇAMENTO!$AF$11)),\n         0)","v":0},{"$f":"IF(AND($D100=\"Serviço\",AH$12<>0,$H100>0,OR(AUTOEVENTO<>\"manual\",$M100<>$A$15)),\n        IF(Import.TipoArredondamento<>\"TransfereGOV\",\n              ROUND(OFFSET($P100,0,AH$13),15-13*ORÇAMENTO!$AF$7)/$H100*OFFSET(ORÇAMENTO!$X$15,ROW(AH100)-ROW(AH$15),0),\n              ROUND(ROUND(OFFSET($P100,0,AH$13),15-13*ORÇAMENTO!$AF$7)*OFFSET(ORÇAMENTO!$W$15,ROW(AH100)-ROW(AH$15),0),15-13*ORÇAMENTO!$AF$11)),\n         0)","v":0},{"$f":"IF(AND($D100=\"Serviço\",AI$12<>0,$H100>0,OR(AUTOEVENTO<>\"manual\",$M100<>$A$15)),\n        IF(Import.TipoArredondamento<>\"TransfereGOV\",\n              ROUND(OFFSET($P100,0,AI$13),15-13*ORÇAMENTO!$AF$7)/$H100*OFFSET(ORÇAMENTO!$X$15,ROW(AI100)-ROW(AI$15),0),\n              ROUND(ROUND(OFFSET($P100,0,AI$13),15-13*ORÇAMENTO!$AF$7)*OFFSET(ORÇAMENTO!$W$15,ROW(AI100)-ROW(AI$15),0),15-13*ORÇAMENTO!$AF$11)),\n         0)","v":0},{"$f":"IF(AND($D100=\"Serviço\",AJ$12<>0,$H100>0,OR(AUTOEVENTO<>\"manual\",$M100<>$A$15)),\n        IF(Import.TipoArredondamento<>\"TransfereGOV\",\n              ROUND(OFFSET($P100,0,AJ$13),15-13*ORÇAMENTO!$AF$7)/$H100*OFFSET(ORÇAMENTO!$X$15,ROW(AJ100)-ROW(AJ$15),0),\n              ROUND(ROUND(OFFSET($P100,0,AJ$13),15-13*ORÇAMENTO!$AF$7)*OFFSET(ORÇAMENTO!$W$15,ROW(AJ100)-ROW(AJ$15),0),15-13*ORÇAMENTO!$AF$11)),\n         0)","v":0},{"$f":"IF(AND($D100=\"Serviço\",AK$12<>0,$H100>0,OR(AUTOEVENTO<>\"manual\",$M100<>$A$15)),\n        IF(Import.TipoArredondamento<>\"TransfereGOV\",\n              ROUND(OFFSET($P100,0,AK$13),15-13*ORÇAMENTO!$AF$7)/$H100*OFFSET(ORÇAMENTO!$X$15,ROW(AK100)-ROW(AK$15),0),\n              ROUND(ROUND(OFFSET($P100,0,AK$13),15-13*ORÇAMENTO!$AF$7)*OFFSET(ORÇAMENTO!$W$15,ROW(AK100)-ROW(AK$15),0),15-13*ORÇAMENTO!$AF$11)),\n         0)","v":0},null,{"$f":"IF(OR($D100<>\"Serviço\",AND(AUTOEVENTO=\"Manual\",$M100=$A$15)),0,\n         IF(OFFSET(CRONOPLE!$F$15,$M100-$A$15,AM$13)=0,10^12,OFFSET(CRONOPLE!$F$15,$M100-$A$15,AM$13)))","v":4},{"$f":"IF(OR($D100<>\"Serviço\",AND(AUTOEVENTO=\"Manual\",$M100=$A$15)),0,\n         IF(OFFSET(CRONOPLE!$F$15,$M100-$A$15,AN$13)=0,10^12,OFFSET(CRONOPLE!$F$15,$M100-$A$15,AN$13)))","v":5},{"$f":"IF(OR($D100<>\"Serviço\",AND(AUTOEVENTO=\"Manual\",$M100=$A$15)),0,\n         IF(OFFSET(CRONOPLE!$F$15,$M100-$A$15,AO$13)=0,10^12,OFFSET(CRONOPLE!$F$15,$M100-$A$15,AO$13)))","v":1000000000000},{"$f":"IF(OR($D100<>\"Serviço\",AND(AUTOEVENTO=\"Manual\",$M100=$A$15)),0,\n         IF(OFFSET(CRONOPLE!$F$15,$M100-$A$15,AP$13)=0,10^12,OFFSET(CRONOPLE!$F$15,$M100-$A$15,AP$13)))","v":3},{"$f":"IF(OR($D100<>\"Serviço\",AND(AUTOEVENTO=\"Manual\",$M100=$A$15)),0,\n         IF(OFFSET(CRONOPLE!$F$15,$M100-$A$15,AQ$13)=0,10^12,OFFSET(CRONOPLE!$F$15,$M100-$A$15,AQ$13)))","v":1000000000000},{"$f":"IF(OR($D100<>\"Serviço\",AND(AUTOEVENTO=\"Manual\",$M100=$A$15)),0,\n         IF(OFFSET(CRONOPLE!$F$15,$M100-$A$15,AR$13)=0,10^12,OFFSET(CRONOPLE!$F$15,$M100-$A$15,AR$13)))","v":1000000000000},{"$f":"IF(OR($D100<>\"Serviço\",AND(AUTOEVENTO=\"Manual\",$M100=$A$15)),0,\n         IF(OFFSET(CRONOPLE!$F$15,$M100-$A$15,AS$13)=0,10^12,OFFSET(CRONOPLE!$F$15,$M100-$A$15,AS$13)))","v":1000000000000},{"$f":"IF(OR($D100<>\"Serviço\",AND(AUTOEVENTO=\"Manual\",$M100=$A$15)),0,\n         IF(OFFSET(CRONOPLE!$F$15,$M100-$A$15,AT$13)=0,10^12,OFFSET(CRONOPLE!$F$15,$M100-$A$15,AT$13)))","v":1000000000000},{"$f":"IF(OR($D100<>\"Serviço\",AND(AUTOEVENTO=\"Manual\",$M100=$A$15)),0,\n         IF(OFFSET(CRONOPLE!$F$15,$M100-$A$15,AU$13)=0,10^12,OFFSET(CRONOPLE!$F$15,$M100-$A$15,AU$13)))","v":1000000000000},{"$f":"IF(OR($D100<>\"Serviço\",AND(AUTOEVENTO=\"Manual\",$M100=$A$15)),0,\n         IF(OFFSET(CRONOPLE!$F$15,$M100-$A$15,AV$13)=0,10^12,OFFSET(CRONOPLE!$F$15,$M100-$A$15,AV$13)))","v":1000000000000},null,{"$f":"IF(OR($D100<>\"Serviço\",AND(AUTOEVENTO=\"Manual\",$M100=$A$15),$M100>(ROW(PLE.lastrow)-ROW(PLE.firstrow))),0,\n           IF(OFFSET(PLE!$G$15,$M100-$A$15,AX$13)=\"\",10^12,OFFSET(PLE!$G$15,$M100-$A$15,AX$13)))","v":1000000000000},{"$f":"IF(OR($D100<>\"Serviço\",AND(AUTOEVENTO=\"Manual\",$M100=$A$15),$M100>(ROW(PLE.lastrow)-ROW(PLE.firstrow))),0,\n           IF(OFFSET(PLE!$G$15,$M100-$A$15,AY$13)=\"\",10^12,OFFSET(PLE!$G$15,$M100-$A$15,AY$13)))","v":1000000000000},{"$f":"IF(OR($D100<>\"Serviço\",AND(AUTOEVENTO=\"Manual\",$M100=$A$15),$M100>(ROW(PLE.lastrow)-ROW(PLE.firstrow))),0,\n           IF(OFFSET(PLE!$G$15,$M100-$A$15,AZ$13)=\"\",10^12,OFFSET(PLE!$G$15,$M100-$A$15,AZ$13)))","v":1000000000000},{"$f":"IF(OR($D100<>\"Serviço\",AND(AUTOEVENTO=\"Manual\",$M100=$A$15),$M100>(ROW(PLE.lastrow)-ROW(PLE.firstrow))),0,\n           IF(OFFSET(PLE!$G$15,$M100-$A$15,BA$13)=\"\",10^12,OFFSET(PLE!$G$15,$M100-$A$15,BA$13)))","v":1000000000000},{"$f":"IF(OR($D100<>\"Serviço\",AND(AUTOEVENTO=\"Manual\",$M100=$A$15),$M100>(ROW(PLE.lastrow)-ROW(PLE.firstrow))),0,\n           IF(OFFSET(PLE!$G$15,$M100-$A$15,BB$13)=\"\",10^12,OFFSET(PLE!$G$15,$M100-$A$15,BB$13)))","v":1000000000000},{"$f":"IF(OR($D100<>\"Serviço\",AND(AUTOEVENTO=\"Manual\",$M100=$A$15),$M100>(ROW(PLE.lastrow)-ROW(PLE.firstrow))),0,\n           IF(OFFSET(PLE!$G$15,$M100-$A$15,BC$13)=\"\",10^12,OFFSET(PLE!$G$15,$M100-$A$15,BC$13)))","v":1000000000000},{"$f":"IF(OR($D100<>\"Serviço\",AND(AUTOEVENTO=\"Manual\",$M100=$A$15),$M100>(ROW(PLE.lastrow)-ROW(PLE.firstrow))),0,\n           IF(OFFSET(PLE!$G$15,$M100-$A$15,BD$13)=\"\",10^12,OFFSET(PLE!$G$15,$M100-$A$15,BD$13)))","v":1000000000000},{"$f":"IF(OR($D100<>\"Serviço\",AND(AUTOEVENTO=\"Manual\",$M100=$A$15),$M100>(ROW(PLE.lastrow)-ROW(PLE.firstrow))),0,\n           IF(OFFSET(PLE!$G$15,$M100-$A$15,BE$13)=\"\",10^12,OFFSET(PLE!$G$15,$M100-$A$15,BE$13)))","v":1000000000000},{"$f":"IF(OR($D100<>\"Serviço\",AND(AUTOEVENTO=\"Manual\",$M100=$A$15),$M100>(ROW(PLE.lastrow)-ROW(PLE.firstrow))),0,\n           IF(OFFSET(PLE!$G$15,$M100-$A$15,BF$13)=\"\",10^12,OFFSET(PLE!$G$15,$M100-$A$15,BF$13)))","v":1000000000000},{"$f":"IF(OR($D100<>\"Serviço\",AND(AUTOEVENTO=\"Manual\",$M100=$A$15),$M100>(ROW(PLE.lastrow)-ROW(PLE.firstrow))),0,\n           IF(OFFSET(PLE!$G$15,$M100-$A$15,BG$13)=\"\",10^12,OFFSET(PLE!$G$15,$M100-$A$15,BG$13)))","v":1000000000000}]
[14,{"$f":"OFFSET(ORÇAMENTO!C$15,$L101,0)","v":"S"},{"$f":"OFFSET(ORÇAMENTO!L$15,$L101,0)","v":"F"},{"$f":"OFFSET(ORÇAMENTO!N$15,$L101,0)","v":"Serviço"},{"$f":"OFFSET(ORÇAMENTO!O$15,$L101,0)","v":"1.10.16."},{"$f":"OFFSET(ORÇAMENTO!R$15,$L101,0)","v":"DISJUNTOR TRIPOLAR TIPO DIN, CORRENTE NOMINAL DE 40A - FORNECIMENTO E INSTALAÇÃO. AF_10/2020"},{"$f":"IF($D101<>\"Serviço\",\"\",OFFSET(ORÇAMENTO!S$15,$L101,0))","v":"UN"},{"$f":"IF($D101<>\"Serviço\",0,IF(ACOMPANHAMENTO=\"BM\",ROUND(OFFSET(ORÇAMENTO!AJ$15,$L101,0),15-13*ORÇAMENTO!$AF$7),IF(IFERROR(CÁLCULO.FrentesPreenchidas,0)=0,0,SUM(ROUND(OFFSET($P101,0,1,1,CÁLCULO.FrentesPreenchidas),15-13*ORÇAMENTO!$AF$7)))))","v":1},"CONFORME PROJETO DE INSTALAÇÃO ELÉTRICA",{"$f":"IF(OR(B101<>\"S\",CÁLCULO.FrentesPreenchidas=0),\"\",IF(AND(ACOMPANHAMENTO=\"PLE\",AUTOEVENTO=\"Manual\",OR(H101>0,ORÇAMENTO!AC101=\"QUANT.\"),OR(K101=\"\",M101=0,N101=\"\")),\"►E\",IF(AND(ACOMPANHAMENTO=\"PLE\",ORÇAMENTO!AC101=\"QUANT.\"),\"►Q\",IF(AND(ACOMPANHAMENTO=\"PLE\",H101<>SUMPRODUCT(($Q$1:$AA$1=1)*ROUND(Q101:AA101,15))),\"►S\",IF(AND(COUNTIF($P$11:$AA$11,\"▼\")=0,H101>0,I101=\"\"),\"◄M\",\"\")))))","v":""},"14.Instalações elétricas finais",86,{"$f":"IF($D101<>\"Serviço\",\"\",\n          IF(AUTOEVENTO=\"manual\",$A101,\n                IF(ISERROR(MATCH($A101,$A$15:OFFSET($A101,-1,0),0)),MAX($M$15:OFFSET(M101,-1,0))+1,\n                      INDEX($M$15:OFFSET(M101,-1,0),MATCH($A101,$A$15:OFFSET($A101,-1,0),0)))))","v":14},{"$f":"IF($D101<>\"Serviço\",\"\",\n         IF(AUTOEVENTO=\"Manual\",\n                IF($A101=0,\"<-- defina o número do agrupador\",\n                       OFFSET(EVENTOS!$D$15,$A101-$A$15,0)),\n                OFFSET($F$15,$A101,0)))","v":"Instalações pluvial"},null,null,null,1,null,null,null,null,null,null,null,null,null,{"$f":"IF(AND($D101=\"Serviço\",AB$12<>0,$H101>0,OR(AUTOEVENTO<>\"manual\",$M101<>$A$15)),\n        IF(Import.TipoArredondamento<>\"TransfereGOV\",\n              ROUND(OFFSET($P101,0,AB$13),15-13*ORÇAMENTO!$AF$7)/$H101*OFFSET(ORÇAMENTO!$X$15,ROW(AB101)-ROW(AB$15),0),\n              ROUND(ROUND(OFFSET($P101,0,AB$13),15-13*ORÇAMENTO!$AF$7)*OFFSET(ORÇAMENTO!$W$15,ROW(AB101)-ROW(AB$15),0),15-13*ORÇAMENTO!$AF$11)),\n         0)","v":0},{"$f":"IF(AND($D101=\"Serviço\",AC$12<>0,$H101>0,OR(AUTOEVENTO<>\"manual\",$M101<>$A$15)),\n        IF(Import.TipoArredondamento<>\"TransfereGOV\",\n              ROUND(OFFSET($P101,0,AC$13),15-13*ORÇAMENTO!$AF$7)/$H101*OFFSET(ORÇAMENTO!$X$15,ROW(AC101)-ROW(AC$15),0),\n              ROUND(ROUND(OFFSET($P101,0,AC$13),15-13*ORÇAMENTO!$AF$7)*OFFSET(ORÇAMENTO!$W$15,ROW(AC101)-ROW(AC$15),0),15-13*ORÇAMENTO!$AF$11)),\n         0)","v":0},{"$f":"IF(AND($D101=\"Serviço\",AD$12<>0,$H101>0,OR(AUTOEVENTO<>\"manual\",$M101<>$A$15)),\n        IF(Import.TipoArredondamento<>\"TransfereGOV\",\n              ROUND(OFFSET($P101,0,AD$13),15-13*ORÇAMENTO!$AF$7)/$H101*OFFSET(ORÇAMENTO!$X$15,ROW(AD101)-ROW(AD$15),0),\n              ROUND(ROUND(OFFSET($P101,0,AD$13),15-13*ORÇAMENTO!$AF$7)*OFFSET(ORÇAMENTO!$W$15,ROW(AD101)-ROW(AD$15),0),15-13*ORÇAMENTO!$AF$11)),\n         0)","v":0},{"$f":"IF(AND($D101=\"Serviço\",AE$12<>0,$H101>0,OR(AUTOEVENTO<>\"manual\",$M101<>$A$15)),\n        IF(Import.TipoArredondamento<>\"TransfereGOV\",\n              ROUND(OFFSET($P101,0,AE$13),15-13*ORÇAMENTO!$AF$7)/$H101*OFFSET(ORÇAMENTO!$X$15,ROW(AE101)-ROW(AE$15),0),\n              ROUND(ROUND(OFFSET($P101,0,AE$13),15-13*ORÇAMENTO!$AF$7)*OFFSET(ORÇAMENTO!$W$15,ROW(AE101)-ROW(AE$15),0),15-13*ORÇAMENTO!$AF$11)),\n         0)","v":0},{"$f":"IF(AND($D101=\"Serviço\",AF$12<>0,$H101>0,OR(AUTOEVENTO<>\"manual\",$M101<>$A$15)),\n        IF(Import.TipoArredondamento<>\"TransfereGOV\",\n              ROUND(OFFSET($P101,0,AF$13),15-13*ORÇAMENTO!$AF$7)/$H101*OFFSET(ORÇAMENTO!$X$15,ROW(AF101)-ROW(AF$15),0),\n              ROUND(ROUND(OFFSET($P101,0,AF$13),15-13*ORÇAMENTO!$AF$7)*OFFSET(ORÇAMENTO!$W$15,ROW(AF101)-ROW(AF$15),0),15-13*ORÇAMENTO!$AF$11)),\n         0)","v":0},{"$f":"IF(AND($D101=\"Serviço\",AG$12<>0,$H101>0,OR(AUTOEVENTO<>\"manual\",$M101<>$A$15)),\n        IF(Import.TipoArredondamento<>\"TransfereGOV\",\n              ROUND(OFFSET($P101,0,AG$13),15-13*ORÇAMENTO!$AF$7)/$H101*OFFSET(ORÇAMENTO!$X$15,ROW(AG101)-ROW(AG$15),0),\n              ROUND(ROUND(OFFSET($P101,0,AG$13),15-13*ORÇAMENTO!$AF$7)*OFFSET(ORÇAMENTO!$W$15,ROW(AG101)-ROW(AG$15),0),15-13*ORÇAMENTO!$AF$11)),\n         0)","v":0},{"$f":"IF(AND($D101=\"Serviço\",AH$12<>0,$H101>0,OR(AUTOEVENTO<>\"manual\",$M101<>$A$15)),\n        IF(Import.TipoArredondamento<>\"TransfereGOV\",\n              ROUND(OFFSET($P101,0,AH$13),15-13*ORÇAMENTO!$AF$7)/$H101*OFFSET(ORÇAMENTO!$X$15,ROW(AH101)-ROW(AH$15),0),\n              ROUND(ROUND(OFFSET($P101,0,AH$13),15-13*ORÇAMENTO!$AF$7)*OFFSET(ORÇAMENTO!$W$15,ROW(AH101)-ROW(AH$15),0),15-13*ORÇAMENTO!$AF$11)),\n         0)","v":0},{"$f":"IF(AND($D101=\"Serviço\",AI$12<>0,$H101>0,OR(AUTOEVENTO<>\"manual\",$M101<>$A$15)),\n        IF(Import.TipoArredondamento<>\"TransfereGOV\",\n              ROUND(OFFSET($P101,0,AI$13),15-13*ORÇAMENTO!$AF$7)/$H101*OFFSET(ORÇAMENTO!$X$15,ROW(AI101)-ROW(AI$15),0),\n              ROUND(ROUND(OFFSET($P101,0,AI$13),15-13*ORÇAMENTO!$AF$7)*OFFSET(ORÇAMENTO!$W$15,ROW(AI101)-ROW(AI$15),0),15-13*ORÇAMENTO!$AF$11)),\n         0)","v":0},{"$f":"IF(AND($D101=\"Serviço\",AJ$12<>0,$H101>0,OR(AUTOEVENTO<>\"manual\",$M101<>$A$15)),\n        IF(Import.TipoArredondamento<>\"TransfereGOV\",\n              ROUND(OFFSET($P101,0,AJ$13),15-13*ORÇAMENTO!$AF$7)/$H101*OFFSET(ORÇAMENTO!$X$15,ROW(AJ101)-ROW(AJ$15),0),\n              ROUND(ROUND(OFFSET($P101,0,AJ$13),15-13*ORÇAMENTO!$AF$7)*OFFSET(ORÇAMENTO!$W$15,ROW(AJ101)-ROW(AJ$15),0),15-13*ORÇAMENTO!$AF$11)),\n         0)","v":0},{"$f":"IF(AND($D101=\"Serviço\",AK$12<>0,$H101>0,OR(AUTOEVENTO<>\"manual\",$M101<>$A$15)),\n        IF(Import.TipoArredondamento<>\"TransfereGOV\",\n              ROUND(OFFSET($P101,0,AK$13),15-13*ORÇAMENTO!$AF$7)/$H101*OFFSET(ORÇAMENTO!$X$15,ROW(AK101)-ROW(AK$15),0),\n              ROUND(ROUND(OFFSET($P101,0,AK$13),15-13*ORÇAMENTO!$AF$7)*OFFSET(ORÇAMENTO!$W$15,ROW(AK101)-ROW(AK$15),0),15-13*ORÇAMENTO!$AF$11)),\n         0)","v":0},null,{"$f":"IF(OR($D101<>\"Serviço\",AND(AUTOEVENTO=\"Manual\",$M101=$A$15)),0,\n         IF(OFFSET(CRONOPLE!$F$15,$M101-$A$15,AM$13)=0,10^12,OFFSET(CRONOPLE!$F$15,$M101-$A$15,AM$13)))","v":4},{"$f":"IF(OR($D101<>\"Serviço\",AND(AUTOEVENTO=\"Manual\",$M101=$A$15)),0,\n         IF(OFFSET(CRONOPLE!$F$15,$M101-$A$15,AN$13)=0,10^12,OFFSET(CRONOPLE!$F$15,$M101-$A$15,AN$13)))","v":5},{"$f":"IF(OR($D101<>\"Serviço\",AND(AUTOEVENTO=\"Manual\",$M101=$A$15)),0,\n         IF(OFFSET(CRONOPLE!$F$15,$M101-$A$15,AO$13)=0,10^12,OFFSET(CRONOPLE!$F$15,$M101-$A$15,AO$13)))","v":1000000000000},{"$f":"IF(OR($D101<>\"Serviço\",AND(AUTOEVENTO=\"Manual\",$M101=$A$15)),0,\n         IF(OFFSET(CRONOPLE!$F$15,$M101-$A$15,AP$13)=0,10^12,OFFSET(CRONOPLE!$F$15,$M101-$A$15,AP$13)))","v":3},{"$f":"IF(OR($D101<>\"Serviço\",AND(AUTOEVENTO=\"Manual\",$M101=$A$15)),0,\n         IF(OFFSET(CRONOPLE!$F$15,$M101-$A$15,AQ$13)=0,10^12,OFFSET(CRONOPLE!$F$15,$M101-$A$15,AQ$13)))","v":1000000000000},{"$f":"IF(OR($D101<>\"Serviço\",AND(AUTOEVENTO=\"Manual\",$M101=$A$15)),0,\n         IF(OFFSET(CRONOPLE!$F$15,$M101-$A$15,AR$13)=0,10^12,OFFSET(CRONOPLE!$F$15,$M101-$A$15,AR$13)))","v":1000000000000},{"$f":"IF(OR($D101<>\"Serviço\",AND(AUTOEVENTO=\"Manual\",$M101=$A$15)),0,\n         IF(OFFSET(CRONOPLE!$F$15,$M101-$A$15,AS$13)=0,10^12,OFFSET(CRONOPLE!$F$15,$M101-$A$15,AS$13)))","v":1000000000000},{"$f":"IF(OR($D101<>\"Serviço\",AND(AUTOEVENTO=\"Manual\",$M101=$A$15)),0,\n         IF(OFFSET(CRONOPLE!$F$15,$M101-$A$15,AT$13)=0,10^12,OFFSET(CRONOPLE!$F$15,$M101-$A$15,AT$13)))","v":1000000000000},{"$f":"IF(OR($D101<>\"Serviço\",AND(AUTOEVENTO=\"Manual\",$M101=$A$15)),0,\n         IF(OFFSET(CRONOPLE!$F$15,$M101-$A$15,AU$13)=0,10^12,OFFSET(CRONOPLE!$F$15,$M101-$A$15,AU$13)))","v":1000000000000},{"$f":"IF(OR($D101<>\"Serviço\",AND(AUTOEVENTO=\"Manual\",$M101=$A$15)),0,\n         IF(OFFSET(CRONOPLE!$F$15,$M101-$A$15,AV$13)=0,10^12,OFFSET(CRONOPLE!$F$15,$M101-$A$15,AV$13)))","v":1000000000000},null,{"$f":"IF(OR($D101<>\"Serviço\",AND(AUTOEVENTO=\"Manual\",$M101=$A$15),$M101>(ROW(PLE.lastrow)-ROW(PLE.firstrow))),0,\n           IF(OFFSET(PLE!$G$15,$M101-$A$15,AX$13)=\"\",10^12,OFFSET(PLE!$G$15,$M101-$A$15,AX$13)))","v":1000000000000},{"$f":"IF(OR($D101<>\"Serviço\",AND(AUTOEVENTO=\"Manual\",$M101=$A$15),$M101>(ROW(PLE.lastrow)-ROW(PLE.firstrow))),0,\n           IF(OFFSET(PLE!$G$15,$M101-$A$15,AY$13)=\"\",10^12,OFFSET(PLE!$G$15,$M101-$A$15,AY$13)))","v":1000000000000},{"$f":"IF(OR($D101<>\"Serviço\",AND(AUTOEVENTO=\"Manual\",$M101=$A$15),$M101>(ROW(PLE.lastrow)-ROW(PLE.firstrow))),0,\n           IF(OFFSET(PLE!$G$15,$M101-$A$15,AZ$13)=\"\",10^12,OFFSET(PLE!$G$15,$M101-$A$15,AZ$13)))","v":1000000000000},{"$f":"IF(OR($D101<>\"Serviço\",AND(AUTOEVENTO=\"Manual\",$M101=$A$15),$M101>(ROW(PLE.lastrow)-ROW(PLE.firstrow))),0,\n           IF(OFFSET(PLE!$G$15,$M101-$A$15,BA$13)=\"\",10^12,OFFSET(PLE!$G$15,$M101-$A$15,BA$13)))","v":1000000000000},{"$f":"IF(OR($D101<>\"Serviço\",AND(AUTOEVENTO=\"Manual\",$M101=$A$15),$M101>(ROW(PLE.lastrow)-ROW(PLE.firstrow))),0,\n           IF(OFFSET(PLE!$G$15,$M101-$A$15,BB$13)=\"\",10^12,OFFSET(PLE!$G$15,$M101-$A$15,BB$13)))","v":1000000000000},{"$f":"IF(OR($D101<>\"Serviço\",AND(AUTOEVENTO=\"Manual\",$M101=$A$15),$M101>(ROW(PLE.lastrow)-ROW(PLE.firstrow))),0,\n           IF(OFFSET(PLE!$G$15,$M101-$A$15,BC$13)=\"\",10^12,OFFSET(PLE!$G$15,$M101-$A$15,BC$13)))","v":1000000000000},{"$f":"IF(OR($D101<>\"Serviço\",AND(AUTOEVENTO=\"Manual\",$M101=$A$15),$M101>(ROW(PLE.lastrow)-ROW(PLE.firstrow))),0,\n           IF(OFFSET(PLE!$G$15,$M101-$A$15,BD$13)=\"\",10^12,OFFSET(PLE!$G$15,$M101-$A$15,BD$13)))","v":1000000000000},{"$f":"IF(OR($D101<>\"Serviço\",AND(AUTOEVENTO=\"Manual\",$M101=$A$15),$M101>(ROW(PLE.lastrow)-ROW(PLE.firstrow))),0,\n           IF(OFFSET(PLE!$G$15,$M101-$A$15,BE$13)=\"\",10^12,OFFSET(PLE!$G$15,$M101-$A$15,BE$13)))","v":1000000000000},{"$f":"IF(OR($D101<>\"Serviço\",AND(AUTOEVENTO=\"Manual\",$M101=$A$15),$M101>(ROW(PLE.lastrow)-ROW(PLE.firstrow))),0,\n           IF(OFFSET(PLE!$G$15,$M101-$A$15,BF$13)=\"\",10^12,OFFSET(PLE!$G$15,$M101-$A$15,BF$13)))","v":1000000000000},{"$f":"IF(OR($D101<>\"Serviço\",AND(AUTOEVENTO=\"Manual\",$M101=$A$15),$M101>(ROW(PLE.lastrow)-ROW(PLE.firstrow))),0,\n           IF(OFFSET(PLE!$G$15,$M101-$A$15,BG$13)=\"\",10^12,OFFSET(PLE!$G$15,$M101-$A$15,BG$13)))","v":1000000000000}]
[14,{"$f":"OFFSET(ORÇAMENTO!C$15,$L102,0)","v":"S"},{"$f":"OFFSET(ORÇAMENTO!L$15,$L102,0)","v":"F"},{"$f":"OFFSET(ORÇAMENTO!N$15,$L102,0)","v":"Serviço"},{"$f":"OFFSET(ORÇAMENTO!O$15,$L102,0)","v":"1.10.17."},{"$f":"OFFSET(ORÇAMENTO!R$15,$L102,0)","v":"DISJUNTOR BIPOLAR TIPO DIN, CORRENTE NOMINAL DE 10A - FORNECIMENTO E INSTALAÇÃO. AF_10/2020"},{"$f":"IF($D102<>\"Serviço\",\"\",OFFSET(ORÇAMENTO!S$15,$L102,0))","v":"UN"},{"$f":"IF($D102<>\"Serviço\",0,IF(ACOMPANHAMENTO=\"BM\",ROUND(OFFSET(ORÇAMENTO!AJ$15,$L102,0),15-13*ORÇAMENTO!$AF$7),IF(IFERROR(CÁLCULO.FrentesPreenchidas,0)=0,0,SUM(ROUND(OFFSET($P102,0,1,1,CÁLCULO.FrentesPreenchidas),15-13*ORÇAMENTO!$AF$7)))))","v":6},"CONFORME PROJETO DE INSTALAÇÃO ELÉTRICA",{"$f":"IF(OR(B102<>\"S\",CÁLCULO.FrentesPreenchidas=0),\"\",IF(AND(ACOMPANHAMENTO=\"PLE\",AUTOEVENTO=\"Manual\",OR(H102>0,ORÇAMENTO!AC102=\"QUANT.\"),OR(K102=\"\",M102=0,N102=\"\")),\"►E\",IF(AND(ACOMPANHAMENTO=\"PLE\",ORÇAMENTO!AC102=\"QUANT.\"),\"►Q\",IF(AND(ACOMPANHAMENTO=\"PLE\",H102<>SUMPRODUCT(($Q$1:$AA$1=1)*ROUND(Q102:AA102,15))),\"►S\",IF(AND(COUNTIF($P$11:$AA$11,\"▼\")=0,H102>0,I102=\"\"),\"◄M\",\"\")))))","v":""},"14.Instalações elétricas finais",87,{"$f":"IF($D102<>\"Serviço\",\"\",\n          IF(AUTOEVENTO=\"manual\",$A102,\n                IF(ISERROR(MATCH($A102,$A$15:OFFSET($A102,-1,0),0)),MAX($M$15:OFFSET(M102,-1,0))+1,\n                      INDEX($M$15:OFFSET(M102,-1,0),MATCH($A102,$A$15:OFFSET($A102,-1,0),0)))))","v":14},{"$f":"IF($D102<>\"Serviço\",\"\",\n         IF(AUTOEVENTO=\"Manual\",\n                IF($A102=0,\"<-- defina o número do agrupador\",\n                       OFFSET(EVENTOS!$D$15,$A102-$A$15,0)),\n                OFFSET($F$15,$A102,0)))","v":"Instalações pluvial"},null,null,null,6,null,null,null,null,null,null,null,null,null,{"$f":"IF(AND($D102=\"Serviço\",AB$12<>0,$H102>0,OR(AUTOEVENTO<>\"manual\",$M102<>$A$15)),\n        IF(Import.TipoArredondamento<>\"TransfereGOV\",\n              ROUND(OFFSET($P102,0,AB$13),15-13*ORÇAMENTO!$AF$7)/$H102*OFFSET(ORÇAMENTO!$X$15,ROW(AB102)-ROW(AB$15),0),\n              ROUND(ROUND(OFFSET($P102,0,AB$13),15-13*ORÇAMENTO!$AF$7)*OFFSET(ORÇAMENTO!$W$15,ROW(AB102)-ROW(AB$15),0),15-13*ORÇAMENTO!$AF$11)),\n         0)","v":0},{"$f":"IF(AND($D102=\"Serviço\",AC$12<>0,$H102>0,OR(AUTOEVENTO<>\"manual\",$M102<>$A$15)),\n        IF(Import.TipoArredondamento<>\"TransfereGOV\",\n              ROUND(OFFSET($P102,0,AC$13),15-13*ORÇAMENTO!$AF$7)/$H102*OFFSET(ORÇAMENTO!$X$15,ROW(AC102)-ROW(AC$15),0),\n              ROUND(ROUND(OFFSET($P102,0,AC$13),15-13*ORÇAMENTO!$AF$7)*OFFSET(ORÇAMENTO!$W$15,ROW(AC102)-ROW(AC$15),0),15-13*ORÇAMENTO!$AF$11)),\n         0)","v":0},{"$f":"IF(AND($D102=\"Serviço\",AD$12<>0,$H102>0,OR(AUTOEVENTO<>\"manual\",$M102<>$A$15)),\n        IF(Import.TipoArredondamento<>\"TransfereGOV\",\n              ROUND(OFFSET($P102,0,AD$13),15-13*ORÇAMENTO!$AF$7)/$H102*OFFSET(ORÇAMENTO!$X$15,ROW(AD102)-ROW(AD$15),0),\n              ROUND(ROUND(OFFSET($P102,0,AD$13),15-13*ORÇAMENTO!$AF$7)*OFFSET(ORÇAMENTO!$W$15,ROW(AD102)-ROW(AD$15),0),15-13*ORÇAMENTO!$AF$11)),\n         0)","v":0},{"$f":"IF(AND($D102=\"Serviço\",AE$12<>0,$H102>0,OR(AUTOEVENTO<>\"manual\",$M102<>$A$15)),\n        IF(Import.TipoArredondamento<>\"TransfereGOV\",\n              ROUND(OFFSET($P102,0,AE$13),15-13*ORÇAMENTO!$AF$7)/$H102*OFFSET(ORÇAMENTO!$X$15,ROW(AE102)-ROW(AE$15),0),\n              ROUND(ROUND(OFFSET($P102,0,AE$13),15-13*ORÇAMENTO!$AF$7)*OFFSET(ORÇAMENTO!$W$15,ROW(AE102)-ROW(AE$15),0),15-13*ORÇAMENTO!$AF$11)),\n         0)","v":0},{"$f":"IF(AND($D102=\"Serviço\",AF$12<>0,$H102>0,OR(AUTOEVENTO<>\"manual\",$M102<>$A$15)),\n        IF(Import.TipoArredondamento<>\"TransfereGOV\",\n              ROUND(OFFSET($P102,0,AF$13),15-13*ORÇAMENTO!$AF$7)/$H102*OFFSET(ORÇAMENTO!$X$15,ROW(AF102)-ROW(AF$15),0),\n              ROUND(ROUND(OFFSET($P102,0,AF$13),15-13*ORÇAMENTO!$AF$7)*OFFSET(ORÇAMENTO!$W$15,ROW(AF102)-ROW(AF$15),0),15-13*ORÇAMENTO!$AF$11)),\n         0)","v":0},{"$f":"IF(AND($D102=\"Serviço\",AG$12<>0,$H102>0,OR(AUTOEVENTO<>\"manual\",$M102<>$A$15)),\n        IF(Import.TipoArredondamento<>\"TransfereGOV\",\n              ROUND(OFFSET($P102,0,AG$13),15-13*ORÇAMENTO!$AF$7)/$H102*OFFSET(ORÇAMENTO!$X$15,ROW(AG102)-ROW(AG$15),0),\n              ROUND(ROUND(OFFSET($P102,0,AG$13),15-13*ORÇAMENTO!$AF$7)*OFFSET(ORÇAMENTO!$W$15,ROW(AG102)-ROW(AG$15),0),15-13*ORÇAMENTO!$AF$11)),\n         0)","v":0},{"$f":"IF(AND($D102=\"Serviço\",AH$12<>0,$H102>0,OR(AUTOEVENTO<>\"manual\",$M102<>$A$15)),\n        IF(Import.TipoArredondamento<>\"TransfereGOV\",\n              ROUND(OFFSET($P102,0,AH$13),15-13*ORÇAMENTO!$AF$7)/$H102*OFFSET(ORÇAMENTO!$X$15,ROW(AH102)-ROW(AH$15),0),\n              ROUND(ROUND(OFFSET($P102,0,AH$13),15-13*ORÇAMENTO!$AF$7)*OFFSET(ORÇAMENTO!$W$15,ROW(AH102)-ROW(AH$15),0),15-13*ORÇAMENTO!$AF$11)),\n         0)","v":0},{"$f":"IF(AND($D102=\"Serviço\",AI$12<>0,$H102>0,OR(AUTOEVENTO<>\"manual\",$M102<>$A$15)),\n        IF(Import.TipoArredondamento<>\"TransfereGOV\",\n              ROUND(OFFSET($P102,0,AI$13),15-13*ORÇAMENTO!$AF$7)/$H102*OFFSET(ORÇAMENTO!$X$15,ROW(AI102)-ROW(AI$15),0),\n              ROUND(ROUND(OFFSET($P102,0,AI$13),15-13*ORÇAMENTO!$AF$7)*OFFSET(ORÇAMENTO!$W$15,ROW(AI102)-ROW(AI$15),0),15-13*ORÇAMENTO!$AF$11)),\n         0)","v":0},{"$f":"IF(AND($D102=\"Serviço\",AJ$12<>0,$H102>0,OR(AUTOEVENTO<>\"manual\",$M102<>$A$15)),\n        IF(Import.TipoArredondamento<>\"TransfereGOV\",\n              ROUND(OFFSET($P102,0,AJ$13),15-13*ORÇAMENTO!$AF$7)/$H102*OFFSET(ORÇAMENTO!$X$15,ROW(AJ102)-ROW(AJ$15),0),\n              ROUND(ROUND(OFFSET($P102,0,AJ$13),15-13*ORÇAMENTO!$AF$7)*OFFSET(ORÇAMENTO!$W$15,ROW(AJ102)-ROW(AJ$15),0),15-13*ORÇAMENTO!$AF$11)),\n         0)","v":0},{"$f":"IF(AND($D102=\"Serviço\",AK$12<>0,$H102>0,OR(AUTOEVENTO<>\"manual\",$M102<>$A$15)),\n        IF(Import.TipoArredondamento<>\"TransfereGOV\",\n              ROUND(OFFSET($P102,0,AK$13),15-13*ORÇAMENTO!$AF$7)/$H102*OFFSET(ORÇAMENTO!$X$15,ROW(AK102)-ROW(AK$15),0),\n              ROUND(ROUND(OFFSET($P102,0,AK$13),15-13*ORÇAMENTO!$AF$7)*OFFSET(ORÇAMENTO!$W$15,ROW(AK102)-ROW(AK$15),0),15-13*ORÇAMENTO!$AF$11)),\n         0)","v":0},null,{"$f":"IF(OR($D102<>\"Serviço\",AND(AUTOEVENTO=\"Manual\",$M102=$A$15)),0,\n         IF(OFFSET(CRONOPLE!$F$15,$M102-$A$15,AM$13)=0,10^12,OFFSET(CRONOPLE!$F$15,$M102-$A$15,AM$13)))","v":4},{"$f":"IF(OR($D102<>\"Serviço\",AND(AUTOEVENTO=\"Manual\",$M102=$A$15)),0,\n         IF(OFFSET(CRONOPLE!$F$15,$M102-$A$15,AN$13)=0,10^12,OFFSET(CRONOPLE!$F$15,$M102-$A$15,AN$13)))","v":5},{"$f":"IF(OR($D102<>\"Serviço\",AND(AUTOEVENTO=\"Manual\",$M102=$A$15)),0,\n         IF(OFFSET(CRONOPLE!$F$15,$M102-$A$15,AO$13)=0,10^12,OFFSET(CRONOPLE!$F$15,$M102-$A$15,AO$13)))","v":1000000000000},{"$f":"IF(OR($D102<>\"Serviço\",AND(AUTOEVENTO=\"Manual\",$M102=$A$15)),0,\n         IF(OFFSET(CRONOPLE!$F$15,$M102-$A$15,AP$13)=0,10^12,OFFSET(CRONOPLE!$F$15,$M102-$A$15,AP$13)))","v":3},{"$f":"IF(OR($D102<>\"Serviço\",AND(AUTOEVENTO=\"Manual\",$M102=$A$15)),0,\n         IF(OFFSET(CRONOPLE!$F$15,$M102-$A$15,AQ$13)=0,10^12,OFFSET(CRONOPLE!$F$15,$M102-$A$15,AQ$13)))","v":1000000000000},{"$f":"IF(OR($D102<>\"Serviço\",AND(AUTOEVENTO=\"Manual\",$M102=$A$15)),0,\n         IF(OFFSET(CRONOPLE!$F$15,$M102-$A$15,AR$13)=0,10^12,OFFSET(CRONOPLE!$F$15,$M102-$A$15,AR$13)))","v":1000000000000},{"$f":"IF(OR($D102<>\"Serviço\",AND(AUTOEVENTO=\"Manual\",$M102=$A$15)),0,\n         IF(OFFSET(CRONOPLE!$F$15,$M102-$A$15,AS$13)=0,10^12,OFFSET(CRONOPLE!$F$15,$M102-$A$15,AS$13)))","v":1000000000000},{"$f":"IF(OR($D102<>\"Serviço\",AND(AUTOEVENTO=\"Manual\",$M102=$A$15)),0,\n         IF(OFFSET(CRONOPLE!$F$15,$M102-$A$15,AT$13)=0,10^12,OFFSET(CRONOPLE!$F$15,$M102-$A$15,AT$13)))","v":1000000000000},{"$f":"IF(OR($D102<>\"Serviço\",AND(AUTOEVENTO=\"Manual\",$M102=$A$15)),0,\n         IF(OFFSET(CRONOPLE!$F$15,$M102-$A$15,AU$13)=0,10^12,OFFSET(CRONOPLE!$F$15,$M102-$A$15,AU$13)))","v":1000000000000},{"$f":"IF(OR($D102<>\"Serviço\",AND(AUTOEVENTO=\"Manual\",$M102=$A$15)),0,\n         IF(OFFSET(CRONOPLE!$F$15,$M102-$A$15,AV$13)=0,10^12,OFFSET(CRONOPLE!$F$15,$M102-$A$15,AV$13)))","v":1000000000000},null,{"$f":"IF(OR($D102<>\"Serviço\",AND(AUTOEVENTO=\"Manual\",$M102=$A$15),$M102>(ROW(PLE.lastrow)-ROW(PLE.firstrow))),0,\n           IF(OFFSET(PLE!$G$15,$M102-$A$15,AX$13)=\"\",10^12,OFFSET(PLE!$G$15,$M102-$A$15,AX$13)))","v":1000000000000},{"$f":"IF(OR($D102<>\"Serviço\",AND(AUTOEVENTO=\"Manual\",$M102=$A$15),$M102>(ROW(PLE.lastrow)-ROW(PLE.firstrow))),0,\n           IF(OFFSET(PLE!$G$15,$M102-$A$15,AY$13)=\"\",10^12,OFFSET(PLE!$G$15,$M102-$A$15,AY$13)))","v":1000000000000},{"$f":"IF(OR($D102<>\"Serviço\",AND(AUTOEVENTO=\"Manual\",$M102=$A$15),$M102>(ROW(PLE.lastrow)-ROW(PLE.firstrow))),0,\n           IF(OFFSET(PLE!$G$15,$M102-$A$15,AZ$13)=\"\",10^12,OFFSET(PLE!$G$15,$M102-$A$15,AZ$13)))","v":1000000000000},{"$f":"IF(OR($D102<>\"Serviço\",AND(AUTOEVENTO=\"Manual\",$M102=$A$15),$M102>(ROW(PLE.lastrow)-ROW(PLE.firstrow))),0,\n           IF(OFFSET(PLE!$G$15,$M102-$A$15,BA$13)=\"\",10^12,OFFSET(PLE!$G$15,$M102-$A$15,BA$13)))","v":1000000000000},{"$f":"IF(OR($D102<>\"Serviço\",AND(AUTOEVENTO=\"Manual\",$M102=$A$15),$M102>(ROW(PLE.lastrow)-ROW(PLE.firstrow))),0,\n           IF(OFFSET(PLE!$G$15,$M102-$A$15,BB$13)=\"\",10^12,OFFSET(PLE!$G$15,$M102-$A$15,BB$13)))","v":1000000000000},{"$f":"IF(OR($D102<>\"Serviço\",AND(AUTOEVENTO=\"Manual\",$M102=$A$15),$M102>(ROW(PLE.lastrow)-ROW(PLE.firstrow))),0,\n           IF(OFFSET(PLE!$G$15,$M102-$A$15,BC$13)=\"\",10^12,OFFSET(PLE!$G$15,$M102-$A$15,BC$13)))","v":1000000000000},{"$f":"IF(OR($D102<>\"Serviço\",AND(AUTOEVENTO=\"Manual\",$M102=$A$15),$M102>(ROW(PLE.lastrow)-ROW(PLE.firstrow))),0,\n           IF(OFFSET(PLE!$G$15,$M102-$A$15,BD$13)=\"\",10^12,OFFSET(PLE!$G$15,$M102-$A$15,BD$13)))","v":1000000000000},{"$f":"IF(OR($D102<>\"Serviço\",AND(AUTOEVENTO=\"Manual\",$M102=$A$15),$M102>(ROW(PLE.lastrow)-ROW(PLE.firstrow))),0,\n           IF(OFFSET(PLE!$G$15,$M102-$A$15,BE$13)=\"\",10^12,OFFSET(PLE!$G$15,$M102-$A$15,BE$13)))","v":1000000000000},{"$f":"IF(OR($D102<>\"Serviço\",AND(AUTOEVENTO=\"Manual\",$M102=$A$15),$M102>(ROW(PLE.lastrow)-ROW(PLE.firstrow))),0,\n           IF(OFFSET(PLE!$G$15,$M102-$A$15,BF$13)=\"\",10^12,OFFSET(PLE!$G$15,$M102-$A$15,BF$13)))","v":1000000000000},{"$f":"IF(OR($D102<>\"Serviço\",AND(AUTOEVENTO=\"Manual\",$M102=$A$15),$M102>(ROW(PLE.lastrow)-ROW(PLE.firstrow))),0,\n           IF(OFFSET(PLE!$G$15,$M102-$A$15,BG$13)=\"\",10^12,OFFSET(PLE!$G$15,$M102-$A$15,BG$13)))","v":1000000000000}]
[14,{"$f":"OFFSET(ORÇAMENTO!C$15,$L103,0)","v":"S"},{"$f":"OFFSET(ORÇAMENTO!L$15,$L103,0)","v":"F"},{"$f":"OFFSET(ORÇAMENTO!N$15,$L103,0)","v":"Serviço"},{"$f":"OFFSET(ORÇAMENTO!O$15,$L103,0)","v":"1.10.18."},{"$f":"OFFSET(ORÇAMENTO!R$15,$L103,0)","v":"DISPOSITIVO DPS CLASSE II, 1 POLO, TENSAO MAXIMA DE 175 V, CORRENTE MAXIMA DE *20* KA (TIPO AC)"},{"$f":"IF($D103<>\"Serviço\",\"\",OFFSET(ORÇAMENTO!S$15,$L103,0))","v":"UN"},{"$f":"IF($D103<>\"Serviço\",0,IF(ACOMPANHAMENTO=\"BM\",ROUND(OFFSET(ORÇAMENTO!AJ$15,$L103,0),15-13*ORÇAMENTO!$AF$7),IF(IFERROR(CÁLCULO.FrentesPreenchidas,0)=0,0,SUM(ROUND(OFFSET($P103,0,1,1,CÁLCULO.FrentesPreenchidas),15-13*ORÇAMENTO!$AF$7)))))","v":3},"CONFORME PROJETO DE INSTALAÇÃO ELÉTRICA",{"$f":"IF(OR(B103<>\"S\",CÁLCULO.FrentesPreenchidas=0),\"\",IF(AND(ACOMPANHAMENTO=\"PLE\",AUTOEVENTO=\"Manual\",OR(H103>0,ORÇAMENTO!AC103=\"QUANT.\"),OR(K103=\"\",M103=0,N103=\"\")),\"►E\",IF(AND(ACOMPANHAMENTO=\"PLE\",ORÇAMENTO!AC103=\"QUANT.\"),\"►Q\",IF(AND(ACOMPANHAMENTO=\"PLE\",H103<>SUMPRODUCT(($Q$1:$AA$1=1)*ROUND(Q103:AA103,15))),\"►S\",IF(AND(COUNTIF($P$11:$AA$11,\"▼\")=0,H103>0,I103=\"\"),\"◄M\",\"\")))))","v":""},"14.Instalações elétricas finais",88,{"$f":"IF($D103<>\"Serviço\",\"\",\n          IF(AUTOEVENTO=\"manual\",$A103,\n                IF(ISERROR(MATCH($A103,$A$15:OFFSET($A103,-1,0),0)),MAX($M$15:OFFSET(M103,-1,0))+1,\n                      INDEX($M$15:OFFSET(M103,-1,0),MATCH($A103,$A$15:OFFSET($A103,-1,0),0)))))","v":14},{"$f":"IF($D103<>\"Serviço\",\"\",\n         IF(AUTOEVENTO=\"Manual\",\n                IF($A103=0,\"<-- defina o número do agrupador\",\n                       OFFSET(EVENTOS!$D$15,$A103-$A$15,0)),\n                OFFSET($F$15,$A103,0)))","v":"Instalações pluvial"},null,null,null,3,null,null,null,null,null,null,null,null,null,{"$f":"IF(AND($D103=\"Serviço\",AB$12<>0,$H103>0,OR(AUTOEVENTO<>\"manual\",$M103<>$A$15)),\n        IF(Import.TipoArredondamento<>\"TransfereGOV\",\n              ROUND(OFFSET($P103,0,AB$13),15-13*ORÇAMENTO!$AF$7)/$H103*OFFSET(ORÇAMENTO!$X$15,ROW(AB103)-ROW(AB$15),0),\n              ROUND(ROUND(OFFSET($P103,0,AB$13),15-13*ORÇAMENTO!$AF$7)*OFFSET(ORÇAMENTO!$W$15,ROW(AB103)-ROW(AB$15),0),15-13*ORÇAMENTO!$AF$11)),\n         0)","v":0},{"$f":"IF(AND($D103=\"Serviço\",AC$12<>0,$H103>0,OR(AUTOEVENTO<>\"manual\",$M103<>$A$15)),\n        IF(Import.TipoArredondamento<>\"TransfereGOV\",\n              ROUND(OFFSET($P103,0,AC$13),15-13*ORÇAMENTO!$AF$7)/$H103*OFFSET(ORÇAMENTO!$X$15,ROW(AC103)-ROW(AC$15),0),\n              ROUND(ROUND(OFFSET($P103,0,AC$13),15-13*ORÇAMENTO!$AF$7)*OFFSET(ORÇAMENTO!$W$15,ROW(AC103)-ROW(AC$15),0),15-13*ORÇAMENTO!$AF$11)),\n         0)","v":0},{"$f":"IF(AND($D103=\"Serviço\",AD$12<>0,$H103>0,OR(AUTOEVENTO<>\"manual\",$M103<>$A$15)),\n        IF(Import.TipoArredondamento<>\"TransfereGOV\",\n              ROUND(OFFSET($P103,0,AD$13),15-13*ORÇAMENTO!$AF$7)/$H103*OFFSET(ORÇAMENTO!$X$15,ROW(AD103)-ROW(AD$15),0),\n              ROUND(ROUND(OFFSET($P103,0,AD$13),15-13*ORÇAMENTO!$AF$7)*OFFSET(ORÇAMENTO!$W$15,ROW(AD103)-ROW(AD$15),0),15-13*ORÇAMENTO!$AF$11)),\n         0)","v":0},{"$f":"IF(AND($D103=\"Serviço\",AE$12<>0,$H103>0,OR(AUTOEVENTO<>\"manual\",$M103<>$A$15)),\n        IF(Import.TipoArredondamento<>\"TransfereGOV\",\n              ROUND(OFFSET($P103,0,AE$13),15-13*ORÇAMENTO!$AF$7)/$H103*OFFSET(ORÇAMENTO!$X$15,ROW(AE103)-ROW(AE$15),0),\n              ROUND(ROUND(OFFSET($P103,0,AE$13),15-13*ORÇAMENTO!$AF$7)*OFFSET(ORÇAMENTO!$W$15,ROW(AE103)-ROW(AE$15),0),15-13*ORÇAMENTO!$AF$11)),\n         0)","v":0},{"$f":"IF(AND($D103=\"Serviço\",AF$12<>0,$H103>0,OR(AUTOEVENTO<>\"manual\",$M103<>$A$15)),\n        IF(Import.TipoArredondamento<>\"TransfereGOV\",\n              ROUND(OFFSET($P103,0,AF$13),15-13*ORÇAMENTO!$AF$7)/$H103*OFFSET(ORÇAMENTO!$X$15,ROW(AF103)-ROW(AF$15),0),\n              ROUND(ROUND(OFFSET($P103,0,AF$13),15-13*ORÇAMENTO!$AF$7)*OFFSET(ORÇAMENTO!$W$15,ROW(AF103)-ROW(AF$15),0),15-13*ORÇAMENTO!$AF$11)),\n         0)","v":0},{"$f":"IF(AND($D103=\"Serviço\",AG$12<>0,$H103>0,OR(AUTOEVENTO<>\"manual\",$M103<>$A$15)),\n        IF(Import.TipoArredondamento<>\"TransfereGOV\",\n              ROUND(OFFSET($P103,0,AG$13),15-13*ORÇAMENTO!$AF$7)/$H103*OFFSET(ORÇAMENTO!$X$15,ROW(AG103)-ROW(AG$15),0),\n              ROUND(ROUND(OFFSET($P103,0,AG$13),15-13*ORÇAMENTO!$AF$7)*OFFSET(ORÇAMENTO!$W$15,ROW(AG103)-ROW(AG$15),0),15-13*ORÇAMENTO!$AF$11)),\n         0)","v":0},{"$f":"IF(AND($D103=\"Serviço\",AH$12<>0,$H103>0,OR(AUTOEVENTO<>\"manual\",$M103<>$A$15)),\n        IF(Import.TipoArredondamento<>\"TransfereGOV\",\n              ROUND(OFFSET($P103,0,AH$13),15-13*ORÇAMENTO!$AF$7)/$H103*OFFSET(ORÇAMENTO!$X$15,ROW(AH103)-ROW(AH$15),0),\n              ROUND(ROUND(OFFSET($P103,0,AH$13),15-13*ORÇAMENTO!$AF$7)*OFFSET(ORÇAMENTO!$W$15,ROW(AH103)-ROW(AH$15),0),15-13*ORÇAMENTO!$AF$11)),\n         0)","v":0},{"$f":"IF(AND($D103=\"Serviço\",AI$12<>0,$H103>0,OR(AUTOEVENTO<>\"manual\",$M103<>$A$15)),\n        IF(Import.TipoArredondamento<>\"TransfereGOV\",\n              ROUND(OFFSET($P103,0,AI$13),15-13*ORÇAMENTO!$AF$7)/$H103*OFFSET(ORÇAMENTO!$X$15,ROW(AI103)-ROW(AI$15),0),\n              ROUND(ROUND(OFFSET($P103,0,AI$13),15-13*ORÇAMENTO!$AF$7)*OFFSET(ORÇAMENTO!$W$15,ROW(AI103)-ROW(AI$15),0),15-13*ORÇAMENTO!$AF$11)),\n         0)","v":0},{"$f":"IF(AND($D103=\"Serviço\",AJ$12<>0,$H103>0,OR(AUTOEVENTO<>\"manual\",$M103<>$A$15)),\n        IF(Import.TipoArredondamento<>\"TransfereGOV\",\n              ROUND(OFFSET($P103,0,AJ$13),15-13*ORÇAMENTO!$AF$7)/$H103*OFFSET(ORÇAMENTO!$X$15,ROW(AJ103)-ROW(AJ$15),0),\n              ROUND(ROUND(OFFSET($P103,0,AJ$13),15-13*ORÇAMENTO!$AF$7)*OFFSET(ORÇAMENTO!$W$15,ROW(AJ103)-ROW(AJ$15),0),15-13*ORÇAMENTO!$AF$11)),\n         0)","v":0},{"$f":"IF(AND($D103=\"Serviço\",AK$12<>0,$H103>0,OR(AUTOEVENTO<>\"manual\",$M103<>$A$15)),\n        IF(Import.TipoArredondamento<>\"TransfereGOV\",\n              ROUND(OFFSET($P103,0,AK$13),15-13*ORÇAMENTO!$AF$7)/$H103*OFFSET(ORÇAMENTO!$X$15,ROW(AK103)-ROW(AK$15),0),\n              ROUND(ROUND(OFFSET($P103,0,AK$13),15-13*ORÇAMENTO!$AF$7)*OFFSET(ORÇAMENTO!$W$15,ROW(AK103)-ROW(AK$15),0),15-13*ORÇAMENTO!$AF$11)),\n         0)","v":0},null,{"$f":"IF(OR($D103<>\"Serviço\",AND(AUTOEVENTO=\"Manual\",$M103=$A$15)),0,\n         IF(OFFSET(CRONOPLE!$F$15,$M103-$A$15,AM$13)=0,10^12,OFFSET(CRONOPLE!$F$15,$M103-$A$15,AM$13)))","v":4},{"$f":"IF(OR($D103<>\"Serviço\",AND(AUTOEVENTO=\"Manual\",$M103=$A$15)),0,\n         IF(OFFSET(CRONOPLE!$F$15,$M103-$A$15,AN$13)=0,10^12,OFFSET(CRONOPLE!$F$15,$M103-$A$15,AN$13)))","v":5},{"$f":"IF(OR($D103<>\"Serviço\",AND(AUTOEVENTO=\"Manual\",$M103=$A$15)),0,\n         IF(OFFSET(CRONOPLE!$F$15,$M103-$A$15,AO$13)=0,10^12,OFFSET(CRONOPLE!$F$15,$M103-$A$15,AO$13)))","v":1000000000000},{"$f":"IF(OR($D103<>\"Serviço\",AND(AUTOEVENTO=\"Manual\",$M103=$A$15)),0,\n         IF(OFFSET(CRONOPLE!$F$15,$M103-$A$15,AP$13)=0,10^12,OFFSET(CRONOPLE!$F$15,$M103-$A$15,AP$13)))","v":3},{"$f":"IF(OR($D103<>\"Serviço\",AND(AUTOEVENTO=\"Manual\",$M103=$A$15)),0,\n         IF(OFFSET(CRONOPLE!$F$15,$M103-$A$15,AQ$13)=0,10^12,OFFSET(CRONOPLE!$F$15,$M103-$A$15,AQ$13)))","v":1000000000000},{"$f":"IF(OR($D103<>\"Serviço\",AND(AUTOEVENTO=\"Manual\",$M103=$A$15)),0,\n         IF(OFFSET(CRONOPLE!$F$15,$M103-$A$15,AR$13)=0,10^12,OFFSET(CRONOPLE!$F$15,$M103-$A$15,AR$13)))","v":1000000000000},{"$f":"IF(OR($D103<>\"Serviço\",AND(AUTOEVENTO=\"Manual\",$M103=$A$15)),0,\n         IF(OFFSET(CRONOPLE!$F$15,$M103-$A$15,AS$13)=0,10^12,OFFSET(CRONOPLE!$F$15,$M103-$A$15,AS$13)))","v":1000000000000},{"$f":"IF(OR($D103<>\"Serviço\",AND(AUTOEVENTO=\"Manual\",$M103=$A$15)),0,\n         IF(OFFSET(CRONOPLE!$F$15,$M103-$A$15,AT$13)=0,10^12,OFFSET(CRONOPLE!$F$15,$M103-$A$15,AT$13)))","v":1000000000000},{"$f":"IF(OR($D103<>\"Serviço\",AND(AUTOEVENTO=\"Manual\",$M103=$A$15)),0,\n         IF(OFFSET(CRONOPLE!$F$15,$M103-$A$15,AU$13)=0,10^12,OFFSET(CRONOPLE!$F$15,$M103-$A$15,AU$13)))","v":1000000000000},{"$f":"IF(OR($D103<>\"Serviço\",AND(AUTOEVENTO=\"Manual\",$M103=$A$15)),0,\n         IF(OFFSET(CRONOPLE!$F$15,$M103-$A$15,AV$13)=0,10^12,OFFSET(CRONOPLE!$F$15,$M103-$A$15,AV$13)))","v":1000000000000},null,{"$f":"IF(OR($D103<>\"Serviço\",AND(AUTOEVENTO=\"Manual\",$M103=$A$15),$M103>(ROW(PLE.lastrow)-ROW(PLE.firstrow))),0,\n           IF(OFFSET(PLE!$G$15,$M103-$A$15,AX$13)=\"\",10^12,OFFSET(PLE!$G$15,$M103-$A$15,AX$13)))","v":1000000000000},{"$f":"IF(OR($D103<>\"Serviço\",AND(AUTOEVENTO=\"Manual\",$M103=$A$15),$M103>(ROW(PLE.lastrow)-ROW(PLE.firstrow))),0,\n           IF(OFFSET(PLE!$G$15,$M103-$A$15,AY$13)=\"\",10^12,OFFSET(PLE!$G$15,$M103-$A$15,AY$13)))","v":1000000000000},{"$f":"IF(OR($D103<>\"Serviço\",AND(AUTOEVENTO=\"Manual\",$M103=$A$15),$M103>(ROW(PLE.lastrow)-ROW(PLE.firstrow))),0,\n           IF(OFFSET(PLE!$G$15,$M103-$A$15,AZ$13)=\"\",10^12,OFFSET(PLE!$G$15,$M103-$A$15,AZ$13)))","v":1000000000000},{"$f":"IF(OR($D103<>\"Serviço\",AND(AUTOEVENTO=\"Manual\",$M103=$A$15),$M103>(ROW(PLE.lastrow)-ROW(PLE.firstrow))),0,\n           IF(OFFSET(PLE!$G$15,$M103-$A$15,BA$13)=\"\",10^12,OFFSET(PLE!$G$15,$M103-$A$15,BA$13)))","v":1000000000000},{"$f":"IF(OR($D103<>\"Serviço\",AND(AUTOEVENTO=\"Manual\",$M103=$A$15),$M103>(ROW(PLE.lastrow)-ROW(PLE.firstrow))),0,\n           IF(OFFSET(PLE!$G$15,$M103-$A$15,BB$13)=\"\",10^12,OFFSET(PLE!$G$15,$M103-$A$15,BB$13)))","v":1000000000000},{"$f":"IF(OR($D103<>\"Serviço\",AND(AUTOEVENTO=\"Manual\",$M103=$A$15),$M103>(ROW(PLE.lastrow)-ROW(PLE.firstrow))),0,\n           IF(OFFSET(PLE!$G$15,$M103-$A$15,BC$13)=\"\",10^12,OFFSET(PLE!$G$15,$M103-$A$15,BC$13)))","v":1000000000000},{"$f":"IF(OR($D103<>\"Serviço\",AND(AUTOEVENTO=\"Manual\",$M103=$A$15),$M103>(ROW(PLE.lastrow)-ROW(PLE.firstrow))),0,\n           IF(OFFSET(PLE!$G$15,$M103-$A$15,BD$13)=\"\",10^12,OFFSET(PLE!$G$15,$M103-$A$15,BD$13)))","v":1000000000000},{"$f":"IF(OR($D103<>\"Serviço\",AND(AUTOEVENTO=\"Manual\",$M103=$A$15),$M103>(ROW(PLE.lastrow)-ROW(PLE.firstrow))),0,\n           IF(OFFSET(PLE!$G$15,$M103-$A$15,BE$13)=\"\",10^12,OFFSET(PLE!$G$15,$M103-$A$15,BE$13)))","v":1000000000000},{"$f":"IF(OR($D103<>\"Serviço\",AND(AUTOEVENTO=\"Manual\",$M103=$A$15),$M103>(ROW(PLE.lastrow)-ROW(PLE.firstrow))),0,\n           IF(OFFSET(PLE!$G$15,$M103-$A$15,BF$13)=\"\",10^12,OFFSET(PLE!$G$15,$M103-$A$15,BF$13)))","v":1000000000000},{"$f":"IF(OR($D103<>\"Serviço\",AND(AUTOEVENTO=\"Manual\",$M103=$A$15),$M103>(ROW(PLE.lastrow)-ROW(PLE.firstrow))),0,\n           IF(OFFSET(PLE!$G$15,$M103-$A$15,BG$13)=\"\",10^12,OFFSET(PLE!$G$15,$M103-$A$15,BG$13)))","v":1000000000000}]
[14,{"$f":"OFFSET(ORÇAMENTO!C$15,$L104,0)","v":"S"},{"$f":"OFFSET(ORÇAMENTO!L$15,$L104,0)","v":"F"},{"$f":"OFFSET(ORÇAMENTO!N$15,$L104,0)","v":"Serviço"},{"$f":"OFFSET(ORÇAMENTO!O$15,$L104,0)","v":"1.10.19."},{"$f":"OFFSET(ORÇAMENTO!R$15,$L104,0)","v":"REFLETOR LED BIVOLT, 50W, PRETO - FORNECIMENTO E INSTALAÇÃO"},{"$f":"IF($D104<>\"Serviço\",\"\",OFFSET(ORÇAMENTO!S$15,$L104,0))","v":"UN"},{"$f":"IF($D104<>\"Serviço\",0,IF(ACOMPANHAMENTO=\"BM\",ROUND(OFFSET(ORÇAMENTO!AJ$15,$L104,0),15-13*ORÇAMENTO!$AF$7),IF(IFERROR(CÁLCULO.FrentesPreenchidas,0)=0,0,SUM(ROUND(OFFSET($P104,0,1,1,CÁLCULO.FrentesPreenchidas),15-13*ORÇAMENTO!$AF$7)))))","v":37},"CONFORME PROJETO DE INSTALAÇÃO ELÉTRICA",{"$f":"IF(OR(B104<>\"S\",CÁLCULO.FrentesPreenchidas=0),\"\",IF(AND(ACOMPANHAMENTO=\"PLE\",AUTOEVENTO=\"Manual\",OR(H104>0,ORÇAMENTO!AC104=\"QUANT.\"),OR(K104=\"\",M104=0,N104=\"\")),\"►E\",IF(AND(ACOMPANHAMENTO=\"PLE\",ORÇAMENTO!AC104=\"QUANT.\"),\"►Q\",IF(AND(ACOMPANHAMENTO=\"PLE\",H104<>SUMPRODUCT(($Q$1:$AA$1=1)*ROUND(Q104:AA104,15))),\"►S\",IF(AND(COUNTIF($P$11:$AA$11,\"▼\")=0,H104>0,I104=\"\"),\"◄M\",\"\")))))","v":""},"14.Instalações elétricas finais",89,{"$f":"IF($D104<>\"Serviço\",\"\",\n          IF(AUTOEVENTO=\"manual\",$A104,\n                IF(ISERROR(MATCH($A104,$A$15:OFFSET($A104,-1,0),0)),MAX($M$15:OFFSET(M104,-1,0))+1,\n                      INDEX($M$15:OFFSET(M104,-1,0),MATCH($A104,$A$15:OFFSET($A104,-1,0),0)))))","v":14},{"$f":"IF($D104<>\"Serviço\",\"\",\n         IF(AUTOEVENTO=\"Manual\",\n                IF($A104=0,\"<-- defina o número do agrupador\",\n                       OFFSET(EVENTOS!$D$15,$A104-$A$15,0)),\n                OFFSET($F$15,$A104,0)))","v":"Instalações pluvial"},null,null,null,{"$f":"19+18","v":37},null,null,null,null,null,null,null,null,null,{"$f":"IF(AND($D104=\"Serviço\",AB$12<>0,$H104>0,OR(AUTOEVENTO<>\"manual\",$M104<>$A$15)),\n        IF(Import.TipoArredondamento<>\"TransfereGOV\",\n              ROUND(OFFSET($P104,0,AB$13),15-13*ORÇAMENTO!$AF$7)/$H104*OFFSET(ORÇAMENTO!$X$15,ROW(AB104)-ROW(AB$15),0),\n              ROUND(ROUND(OFFSET($P104,0,AB$13),15-13*ORÇAMENTO!$AF$7)*OFFSET(ORÇAMENTO!$W$15,ROW(AB104)-ROW(AB$15),0),15-13*ORÇAMENTO!$AF$11)),\n         0)","v":0},{"$f":"IF(AND($D104=\"Serviço\",AC$12<>0,$H104>0,OR(AUTOEVENTO<>\"manual\",$M104<>$A$15)),\n        IF(Import.TipoArredondamento<>\"TransfereGOV\",\n              ROUND(OFFSET($P104,0,AC$13),15-13*ORÇAMENTO!$AF$7)/$H104*OFFSET(ORÇAMENTO!$X$15,ROW(AC104)-ROW(AC$15),0),\n              ROUND(ROUND(OFFSET($P104,0,AC$13),15-13*ORÇAMENTO!$AF$7)*OFFSET(ORÇAMENTO!$W$15,ROW(AC104)-ROW(AC$15),0),15-13*ORÇAMENTO!$AF$11)),\n         0)","v":0},{"$f":"IF(AND($D104=\"Serviço\",AD$12<>0,$H104>0,OR(AUTOEVENTO<>\"manual\",$M104<>$A$15)),\n        IF(Import.TipoArredondamento<>\"TransfereGOV\",\n              ROUND(OFFSET($P104,0,AD$13),15-13*ORÇAMENTO!$AF$7)/$H104*OFFSET(ORÇAMENTO!$X$15,ROW(AD104)-ROW(AD$15),0),\n              ROUND(ROUND(OFFSET($P104,0,AD$13),15-13*ORÇAMENTO!$AF$7)*OFFSET(ORÇAMENTO!$W$15,ROW(AD104)-ROW(AD$15),0),15-13*ORÇAMENTO!$AF$11)),\n         0)","v":0},{"$f":"IF(AND($D104=\"Serviço\",AE$12<>0,$H104>0,OR(AUTOEVENTO<>\"manual\",$M104<>$A$15)),\n        IF(Import.TipoArredondamento<>\"TransfereGOV\",\n              ROUND(OFFSET($P104,0,AE$13),15-13*ORÇAMENTO!$AF$7)/$H104*OFFSET(ORÇAMENTO!$X$15,ROW(AE104)-ROW(AE$15),0),\n              ROUND(ROUND(OFFSET($P104,0,AE$13),15-13*ORÇAMENTO!$AF$7)*OFFSET(ORÇAMENTO!$W$15,ROW(AE104)-ROW(AE$15),0),15-13*ORÇAMENTO!$AF$11)),\n         0)","v":0},{"$f":"IF(AND($D104=\"Serviço\",AF$12<>0,$H104>0,OR(AUTOEVENTO<>\"manual\",$M104<>$A$15)),\n        IF(Import.TipoArredondamento<>\"TransfereGOV\",\n              ROUND(OFFSET($P104,0,AF$13),15-13*ORÇAMENTO!$AF$7)/$H104*OFFSET(ORÇAMENTO!$X$15,ROW(AF104)-ROW(AF$15),0),\n              ROUND(ROUND(OFFSET($P104,0,AF$13),15-13*ORÇAMENTO!$AF$7)*OFFSET(ORÇAMENTO!$W$15,ROW(AF104)-ROW(AF$15),0),15-13*ORÇAMENTO!$AF$11)),\n         0)","v":0},{"$f":"IF(AND($D104=\"Serviço\",AG$12<>0,$H104>0,OR(AUTOEVENTO<>\"manual\",$M104<>$A$15)),\n        IF(Import.TipoArredondamento<>\"TransfereGOV\",\n              ROUND(OFFSET($P104,0,AG$13),15-13*ORÇAMENTO!$AF$7)/$H104*OFFSET(ORÇAMENTO!$X$15,ROW(AG104)-ROW(AG$15),0),\n              ROUND(ROUND(OFFSET($P104,0,AG$13),15-13*ORÇAMENTO!$AF$7)*OFFSET(ORÇAMENTO!$W$15,ROW(AG104)-ROW(AG$15),0),15-13*ORÇAMENTO!$AF$11)),\n         0)","v":0},{"$f":"IF(AND($D104=\"Serviço\",AH$12<>0,$H104>0,OR(AUTOEVENTO<>\"manual\",$M104<>$A$15)),\n        IF(Import.TipoArredondamento<>\"TransfereGOV\",\n              ROUND(OFFSET($P104,0,AH$13),15-13*ORÇAMENTO!$AF$7)/$H104*OFFSET(ORÇAMENTO!$X$15,ROW(AH104)-ROW(AH$15),0),\n              ROUND(ROUND(OFFSET($P104,0,AH$13),15-13*ORÇAMENTO!$AF$7)*OFFSET(ORÇAMENTO!$W$15,ROW(AH104)-ROW(AH$15),0),15-13*ORÇAMENTO!$AF$11)),\n         0)","v":0},{"$f":"IF(AND($D104=\"Serviço\",AI$12<>0,$H104>0,OR(AUTOEVENTO<>\"manual\",$M104<>$A$15)),\n        IF(Import.TipoArredondamento<>\"TransfereGOV\",\n              ROUND(OFFSET($P104,0,AI$13),15-13*ORÇAMENTO!$AF$7)/$H104*OFFSET(ORÇAMENTO!$X$15,ROW(AI104)-ROW(AI$15),0),\n              ROUND(ROUND(OFFSET($P104,0,AI$13),15-13*ORÇAMENTO!$AF$7)*OFFSET(ORÇAMENTO!$W$15,ROW(AI104)-ROW(AI$15),0),15-13*ORÇAMENTO!$AF$11)),\n         0)","v":0},{"$f":"IF(AND($D104=\"Serviço\",AJ$12<>0,$H104>0,OR(AUTOEVENTO<>\"manual\",$M104<>$A$15)),\n        IF(Import.TipoArredondamento<>\"TransfereGOV\",\n              ROUND(OFFSET($P104,0,AJ$13),15-13*ORÇAMENTO!$AF$7)/$H104*OFFSET(ORÇAMENTO!$X$15,ROW(AJ104)-ROW(AJ$15),0),\n              ROUND(ROUND(OFFSET($P104,0,AJ$13),15-13*ORÇAMENTO!$AF$7)*OFFSET(ORÇAMENTO!$W$15,ROW(AJ104)-ROW(AJ$15),0),15-13*ORÇAMENTO!$AF$11)),\n         0)","v":0},{"$f":"IF(AND($D104=\"Serviço\",AK$12<>0,$H104>0,OR(AUTOEVENTO<>\"manual\",$M104<>$A$15)),\n        IF(Import.TipoArredondamento<>\"TransfereGOV\",\n              ROUND(OFFSET($P104,0,AK$13),15-13*ORÇAMENTO!$AF$7)/$H104*OFFSET(ORÇAMENTO!$X$15,ROW(AK104)-ROW(AK$15),0),\n              ROUND(ROUND(OFFSET($P104,0,AK$13),15-13*ORÇAMENTO!$AF$7)*OFFSET(ORÇAMENTO!$W$15,ROW(AK104)-ROW(AK$15),0),15-13*ORÇAMENTO!$AF$11)),\n         0)","v":0},null,{"$f":"IF(OR($D104<>\"Serviço\",AND(AUTOEVENTO=\"Manual\",$M104=$A$15)),0,\n         IF(OFFSET(CRONOPLE!$F$15,$M104-$A$15,AM$13)=0,10^12,OFFSET(CRONOPLE!$F$15,$M104-$A$15,AM$13)))","v":4},{"$f":"IF(OR($D104<>\"Serviço\",AND(AUTOEVENTO=\"Manual\",$M104=$A$15)),0,\n         IF(OFFSET(CRONOPLE!$F$15,$M104-$A$15,AN$13)=0,10^12,OFFSET(CRONOPLE!$F$15,$M104-$A$15,AN$13)))","v":5},{"$f":"IF(OR($D104<>\"Serviço\",AND(AUTOEVENTO=\"Manual\",$M104=$A$15)),0,\n         IF(OFFSET(CRONOPLE!$F$15,$M104-$A$15,AO$13)=0,10^12,OFFSET(CRONOPLE!$F$15,$M104-$A$15,AO$13)))","v":1000000000000},{"$f":"IF(OR($D104<>\"Serviço\",AND(AUTOEVENTO=\"Manual\",$M104=$A$15)),0,\n         IF(OFFSET(CRONOPLE!$F$15,$M104-$A$15,AP$13)=0,10^12,OFFSET(CRONOPLE!$F$15,$M104-$A$15,AP$13)))","v":3},{"$f":"IF(OR($D104<>\"Serviço\",AND(AUTOEVENTO=\"Manual\",$M104=$A$15)),0,\n         IF(OFFSET(CRONOPLE!$F$15,$M104-$A$15,AQ$13)=0,10^12,OFFSET(CRONOPLE!$F$15,$M104-$A$15,AQ$13)))","v":1000000000000},{"$f":"IF(OR($D104<>\"Serviço\",AND(AUTOEVENTO=\"Manual\",$M104=$A$15)),0,\n         IF(OFFSET(CRONOPLE!$F$15,$M104-$A$15,AR$13)=0,10^12,OFFSET(CRONOPLE!$F$15,$M104-$A$15,AR$13)))","v":1000000000000},{"$f":"IF(OR($D104<>\"Serviço\",AND(AUTOEVENTO=\"Manual\",$M104=$A$15)),0,\n         IF(OFFSET(CRONOPLE!$F$15,$M104-$A$15,AS$13)=0,10^12,OFFSET(CRONOPLE!$F$15,$M104-$A$15,AS$13)))","v":1000000000000},{"$f":"IF(OR($D104<>\"Serviço\",AND(AUTOEVENTO=\"Manual\",$M104=$A$15)),0,\n         IF(OFFSET(CRONOPLE!$F$15,$M104-$A$15,AT$13)=0,10^12,OFFSET(CRONOPLE!$F$15,$M104-$A$15,AT$13)))","v":1000000000000},{"$f":"IF(OR($D104<>\"Serviço\",AND(AUTOEVENTO=\"Manual\",$M104=$A$15)),0,\n         IF(OFFSET(CRONOPLE!$F$15,$M104-$A$15,AU$13)=0,10^12,OFFSET(CRONOPLE!$F$15,$M104-$A$15,AU$13)))","v":1000000000000},{"$f":"IF(OR($D104<>\"Serviço\",AND(AUTOEVENTO=\"Manual\",$M104=$A$15)),0,\n         IF(OFFSET(CRONOPLE!$F$15,$M104-$A$15,AV$13)=0,10^12,OFFSET(CRONOPLE!$F$15,$M104-$A$15,AV$13)))","v":1000000000000},null,{"$f":"IF(OR($D104<>\"Serviço\",AND(AUTOEVENTO=\"Manual\",$M104=$A$15),$M104>(ROW(PLE.lastrow)-ROW(PLE.firstrow))),0,\n           IF(OFFSET(PLE!$G$15,$M104-$A$15,AX$13)=\"\",10^12,OFFSET(PLE!$G$15,$M104-$A$15,AX$13)))","v":1000000000000},{"$f":"IF(OR($D104<>\"Serviço\",AND(AUTOEVENTO=\"Manual\",$M104=$A$15),$M104>(ROW(PLE.lastrow)-ROW(PLE.firstrow))),0,\n           IF(OFFSET(PLE!$G$15,$M104-$A$15,AY$13)=\"\",10^12,OFFSET(PLE!$G$15,$M104-$A$15,AY$13)))","v":1000000000000},{"$f":"IF(OR($D104<>\"Serviço\",AND(AUTOEVENTO=\"Manual\",$M104=$A$15),$M104>(ROW(PLE.lastrow)-ROW(PLE.firstrow))),0,\n           IF(OFFSET(PLE!$G$15,$M104-$A$15,AZ$13)=\"\",10^12,OFFSET(PLE!$G$15,$M104-$A$15,AZ$13)))","v":1000000000000},{"$f":"IF(OR($D104<>\"Serviço\",AND(AUTOEVENTO=\"Manual\",$M104=$A$15),$M104>(ROW(PLE.lastrow)-ROW(PLE.firstrow))),0,\n           IF(OFFSET(PLE!$G$15,$M104-$A$15,BA$13)=\"\",10^12,OFFSET(PLE!$G$15,$M104-$A$15,BA$13)))","v":1000000000000},{"$f":"IF(OR($D104<>\"Serviço\",AND(AUTOEVENTO=\"Manual\",$M104=$A$15),$M104>(ROW(PLE.lastrow)-ROW(PLE.firstrow))),0,\n           IF(OFFSET(PLE!$G$15,$M104-$A$15,BB$13)=\"\",10^12,OFFSET(PLE!$G$15,$M104-$A$15,BB$13)))","v":1000000000000},{"$f":"IF(OR($D104<>\"Serviço\",AND(AUTOEVENTO=\"Manual\",$M104=$A$15),$M104>(ROW(PLE.lastrow)-ROW(PLE.firstrow))),0,\n           IF(OFFSET(PLE!$G$15,$M104-$A$15,BC$13)=\"\",10^12,OFFSET(PLE!$G$15,$M104-$A$15,BC$13)))","v":1000000000000},{"$f":"IF(OR($D104<>\"Serviço\",AND(AUTOEVENTO=\"Manual\",$M104=$A$15),$M104>(ROW(PLE.lastrow)-ROW(PLE.firstrow))),0,\n           IF(OFFSET(PLE!$G$15,$M104-$A$15,BD$13)=\"\",10^12,OFFSET(PLE!$G$15,$M104-$A$15,BD$13)))","v":1000000000000},{"$f":"IF(OR($D104<>\"Serviço\",AND(AUTOEVENTO=\"Manual\",$M104=$A$15),$M104>(ROW(PLE.lastrow)-ROW(PLE.firstrow))),0,\n           IF(OFFSET(PLE!$G$15,$M104-$A$15,BE$13)=\"\",10^12,OFFSET(PLE!$G$15,$M104-$A$15,BE$13)))","v":1000000000000},{"$f":"IF(OR($D104<>\"Serviço\",AND(AUTOEVENTO=\"Manual\",$M104=$A$15),$M104>(ROW(PLE.lastrow)-ROW(PLE.firstrow))),0,\n           IF(OFFSET(PLE!$G$15,$M104-$A$15,BF$13)=\"\",10^12,OFFSET(PLE!$G$15,$M104-$A$15,BF$13)))","v":1000000000000},{"$f":"IF(OR($D104<>\"Serviço\",AND(AUTOEVENTO=\"Manual\",$M104=$A$15),$M104>(ROW(PLE.lastrow)-ROW(PLE.firstrow))),0,\n           IF(OFFSET(PLE!$G$15,$M104-$A$15,BG$13)=\"\",10^12,OFFSET(PLE!$G$15,$M104-$A$15,BG$13)))","v":1000000000000}]
[14,{"$f":"OFFSET(ORÇAMENTO!C$15,$L105,0)","v":"S"},{"$f":"OFFSET(ORÇAMENTO!L$15,$L105,0)","v":"F"},{"$f":"OFFSET(ORÇAMENTO!N$15,$L105,0)","v":"Serviço"},{"$f":"OFFSET(ORÇAMENTO!O$15,$L105,0)","v":"1.10.20."},{"$f":"OFFSET(ORÇAMENTO!R$15,$L105,0)","v":"LUMINARIA TIPO PLAFON COM PAINEL LED, 30X30CM, SOBREPOR, POTENCIA DE 24W, 6500K, ELGIN OU SIMILAR - FORNECIMENTO E INSTALACAO"},{"$f":"IF($D105<>\"Serviço\",\"\",OFFSET(ORÇAMENTO!S$15,$L105,0))","v":"UN"},{"$f":"IF($D105<>\"Serviço\",0,IF(ACOMPANHAMENTO=\"BM\",ROUND(OFFSET(ORÇAMENTO!AJ$15,$L105,0),15-13*ORÇAMENTO!$AF$7),IF(IFERROR(CÁLCULO.FrentesPreenchidas,0)=0,0,SUM(ROUND(OFFSET($P105,0,1,1,CÁLCULO.FrentesPreenchidas),15-13*ORÇAMENTO!$AF$7)))))","v":3},"CONFORME PROJETO DE INSTALAÇÃO ELÉTRICA",{"$f":"IF(OR(B105<>\"S\",CÁLCULO.FrentesPreenchidas=0),\"\",IF(AND(ACOMPANHAMENTO=\"PLE\",AUTOEVENTO=\"Manual\",OR(H105>0,ORÇAMENTO!AC105=\"QUANT.\"),OR(K105=\"\",M105=0,N105=\"\")),\"►E\",IF(AND(ACOMPANHAMENTO=\"PLE\",ORÇAMENTO!AC105=\"QUANT.\"),\"►Q\",IF(AND(ACOMPANHAMENTO=\"PLE\",H105<>SUMPRODUCT(($Q$1:$AA$1=1)*ROUND(Q105:AA105,15))),\"►S\",IF(AND(COUNTIF($P$11:$AA$11,\"▼\")=0,H105>0,I105=\"\"),\"◄M\",\"\")))))","v":""},"14.Instalações elétricas finais",90,{"$f":"IF($D105<>\"Serviço\",\"\",\n          IF(AUTOEVENTO=\"manual\",$A105,\n                IF(ISERROR(MATCH($A105,$A$15:OFFSET($A105,-1,0),0)),MAX($M$15:OFFSET(M105,-1,0))+1,\n                      INDEX($M$15:OFFSET(M105,-1,0),MATCH($A105,$A$15:OFFSET($A105,-1,0),0)))))","v":14},{"$f":"IF($D105<>\"Serviço\",\"\",\n         IF(AUTOEVENTO=\"Manual\",\n                IF($A105=0,\"<-- defina o número do agrupador\",\n                       OFFSET(EVENTOS!$D$15,$A105-$A$15,0)),\n                OFFSET($F$15,$A105,0)))","v":"Instalações pluvial"},null,null,null,3,null,null,null,null,null,null,null,null,null,{"$f":"IF(AND($D105=\"Serviço\",AB$12<>0,$H105>0,OR(AUTOEVENTO<>\"manual\",$M105<>$A$15)),\n        IF(Import.TipoArredondamento<>\"TransfereGOV\",\n              ROUND(OFFSET($P105,0,AB$13),15-13*ORÇAMENTO!$AF$7)/$H105*OFFSET(ORÇAMENTO!$X$15,ROW(AB105)-ROW(AB$15),0),\n              ROUND(ROUND(OFFSET($P105,0,AB$13),15-13*ORÇAMENTO!$AF$7)*OFFSET(ORÇAMENTO!$W$15,ROW(AB105)-ROW(AB$15),0),15-13*ORÇAMENTO!$AF$11)),\n         0)","v":0},{"$f":"IF(AND($D105=\"Serviço\",AC$12<>0,$H105>0,OR(AUTOEVENTO<>\"manual\",$M105<>$A$15)),\n        IF(Import.TipoArredondamento<>\"TransfereGOV\",\n              ROUND(OFFSET($P105,0,AC$13),15-13*ORÇAMENTO!$AF$7)/$H105*OFFSET(ORÇAMENTO!$X$15,ROW(AC105)-ROW(AC$15),0),\n              ROUND(ROUND(OFFSET($P105,0,AC$13),15-13*ORÇAMENTO!$AF$7)*OFFSET(ORÇAMENTO!$W$15,ROW(AC105)-ROW(AC$15),0),15-13*ORÇAMENTO!$AF$11)),\n         0)","v":0},{"$f":"IF(AND($D105=\"Serviço\",AD$12<>0,$H105>0,OR(AUTOEVENTO<>\"manual\",$M105<>$A$15)),\n        IF(Import.TipoArredondamento<>\"TransfereGOV\",\n              ROUND(OFFSET($P105,0,AD$13),15-13*ORÇAMENTO!$AF$7)/$H105*OFFSET(ORÇAMENTO!$X$15,ROW(AD105)-ROW(AD$15),0),\n              ROUND(ROUND(OFFSET($P105,0,AD$13),15-13*ORÇAMENTO!$AF$7)*OFFSET(ORÇAMENTO!$W$15,ROW(AD105)-ROW(AD$15),0),15-13*ORÇAMENTO!$AF$11)),\n         0)","v":0},{"$f":"IF(AND($D105=\"Serviço\",AE$12<>0,$H105>0,OR(AUTOEVENTO<>\"manual\",$M105<>$A$15)),\n        IF(Import.TipoArredondamento<>\"TransfereGOV\",\n              ROUND(OFFSET($P105,0,AE$13),15-13*ORÇAMENTO!$AF$7)/$H105*OFFSET(ORÇAMENTO!$X$15,ROW(AE105)-ROW(AE$15),0),\n              ROUND(ROUND(OFFSET($P105,0,AE$13),15-13*ORÇAMENTO!$AF$7)*OFFSET(ORÇAMENTO!$W$15,ROW(AE105)-ROW(AE$15),0),15-13*ORÇAMENTO!$AF$11)),\n         0)","v":0},{"$f":"IF(AND($D105=\"Serviço\",AF$12<>0,$H105>0,OR(AUTOEVENTO<>\"manual\",$M105<>$A$15)),\n        IF(Import.TipoArredondamento<>\"TransfereGOV\",\n              ROUND(OFFSET($P105,0,AF$13),15-13*ORÇAMENTO!$AF$7)/$H105*OFFSET(ORÇAMENTO!$X$15,ROW(AF105)-ROW(AF$15),0),\n              ROUND(ROUND(OFFSET($P105,0,AF$13),15-13*ORÇAMENTO!$AF$7)*OFFSET(ORÇAMENTO!$W$15,ROW(AF105)-ROW(AF$15),0),15-13*ORÇAMENTO!$AF$11)),\n         0)","v":0},{"$f":"IF(AND($D105=\"Serviço\",AG$12<>0,$H105>0,OR(AUTOEVENTO<>\"manual\",$M105<>$A$15)),\n        IF(Import.TipoArredondamento<>\"TransfereGOV\",\n              ROUND(OFFSET($P105,0,AG$13),15-13*ORÇAMENTO!$AF$7)/$H105*OFFSET(ORÇAMENTO!$X$15,ROW(AG105)-ROW(AG$15),0),\n              ROUND(ROUND(OFFSET($P105,0,AG$13),15-13*ORÇAMENTO!$AF$7)*OFFSET(ORÇAMENTO!$W$15,ROW(AG105)-ROW(AG$15),0),15-13*ORÇAMENTO!$AF$11)),\n         0)","v":0},{"$f":"IF(AND($D105=\"Serviço\",AH$12<>0,$H105>0,OR(AUTOEVENTO<>\"manual\",$M105<>$A$15)),\n        IF(Import.TipoArredondamento<>\"TransfereGOV\",\n              ROUND(OFFSET($P105,0,AH$13),15-13*ORÇAMENTO!$AF$7)/$H105*OFFSET(ORÇAMENTO!$X$15,ROW(AH105)-ROW(AH$15),0),\n              ROUND(ROUND(OFFSET($P105,0,AH$13),15-13*ORÇAMENTO!$AF$7)*OFFSET(ORÇAMENTO!$W$15,ROW(AH105)-ROW(AH$15),0),15-13*ORÇAMENTO!$AF$11)),\n         0)","v":0},{"$f":"IF(AND($D105=\"Serviço\",AI$12<>0,$H105>0,OR(AUTOEVENTO<>\"manual\",$M105<>$A$15)),\n        IF(Import.TipoArredondamento<>\"TransfereGOV\",\n              ROUND(OFFSET($P105,0,AI$13),15-13*ORÇAMENTO!$AF$7)/$H105*OFFSET(ORÇAMENTO!$X$15,ROW(AI105)-ROW(AI$15),0),\n              ROUND(ROUND(OFFSET($P105,0,AI$13),15-13*ORÇAMENTO!$AF$7)*OFFSET(ORÇAMENTO!$W$15,ROW(AI105)-ROW(AI$15),0),15-13*ORÇAMENTO!$AF$11)),\n         0)","v":0},{"$f":"IF(AND($D105=\"Serviço\",AJ$12<>0,$H105>0,OR(AUTOEVENTO<>\"manual\",$M105<>$A$15)),\n        IF(Import.TipoArredondamento<>\"TransfereGOV\",\n              ROUND(OFFSET($P105,0,AJ$13),15-13*ORÇAMENTO!$AF$7)/$H105*OFFSET(ORÇAMENTO!$X$15,ROW(AJ105)-ROW(AJ$15),0),\n              ROUND(ROUND(OFFSET($P105,0,AJ$13),15-13*ORÇAMENTO!$AF$7)*OFFSET(ORÇAMENTO!$W$15,ROW(AJ105)-ROW(AJ$15),0),15-13*ORÇAMENTO!$AF$11)),\n         0)","v":0},{"$f":"IF(AND($D105=\"Serviço\",AK$12<>0,$H105>0,OR(AUTOEVENTO<>\"manual\",$M105<>$A$15)),\n        IF(Import.TipoArredondamento<>\"TransfereGOV\",\n              ROUND(OFFSET($P105,0,AK$13),15-13*ORÇAMENTO!$AF$7)/$H105*OFFSET(ORÇAMENTO!$X$15,ROW(AK105)-ROW(AK$15),0),\n              ROUND(ROUND(OFFSET($P105,0,AK$13),15-13*ORÇAMENTO!$AF$7)*OFFSET(ORÇAMENTO!$W$15,ROW(AK105)-ROW(AK$15),0),15-13*ORÇAMENTO!$AF$11)),\n         0)","v":0},null,{"$f":"IF(OR($D105<>\"Serviço\",AND(AUTOEVENTO=\"Manual\",$M105=$A$15)),0,\n         IF(OFFSET(CRONOPLE!$F$15,$M105-$A$15,AM$13)=0,10^12,OFFSET(CRONOPLE!$F$15,$M105-$A$15,AM$13)))","v":4},{"$f":"IF(OR($D105<>\"Serviço\",AND(AUTOEVENTO=\"Manual\",$M105=$A$15)),0,\n         IF(OFFSET(CRONOPLE!$F$15,$M105-$A$15,AN$13)=0,10^12,OFFSET(CRONOPLE!$F$15,$M105-$A$15,AN$13)))","v":5},{"$f":"IF(OR($D105<>\"Serviço\",AND(AUTOEVENTO=\"Manual\",$M105=$A$15)),0,\n         IF(OFFSET(CRONOPLE!$F$15,$M105-$A$15,AO$13)=0,10^12,OFFSET(CRONOPLE!$F$15,$M105-$A$15,AO$13)))","v":1000000000000},{"$f":"IF(OR($D105<>\"Serviço\",AND(AUTOEVENTO=\"Manual\",$M105=$A$15)),0,\n         IF(OFFSET(CRONOPLE!$F$15,$M105-$A$15,AP$13)=0,10^12,OFFSET(CRONOPLE!$F$15,$M105-$A$15,AP$13)))","v":3},{"$f":"IF(OR($D105<>\"Serviço\",AND(AUTOEVENTO=\"Manual\",$M105=$A$15)),0,\n         IF(OFFSET(CRONOPLE!$F$15,$M105-$A$15,AQ$13)=0,10^12,OFFSET(CRONOPLE!$F$15,$M105-$A$15,AQ$13)))","v":1000000000000},{"$f":"IF(OR($D105<>\"Serviço\",AND(AUTOEVENTO=\"Manual\",$M105=$A$15)),0,\n         IF(OFFSET(CRONOPLE!$F$15,$M105-$A$15,AR$13)=0,10^12,OFFSET(CRONOPLE!$F$15,$M105-$A$15,AR$13)))","v":1000000000000},{"$f":"IF(OR($D105<>\"Serviço\",AND(AUTOEVENTO=\"Manual\",$M105=$A$15)),0,\n         IF(OFFSET(CRONOPLE!$F$15,$M105-$A$15,AS$13)=0,10^12,OFFSET(CRONOPLE!$F$15,$M105-$A$15,AS$13)))","v":1000000000000},{"$f":"IF(OR($D105<>\"Serviço\",AND(AUTOEVENTO=\"Manual\",$M105=$A$15)),0,\n         IF(OFFSET(CRONOPLE!$F$15,$M105-$A$15,AT$13)=0,10^12,OFFSET(CRONOPLE!$F$15,$M105-$A$15,AT$13)))","v":1000000000000},{"$f":"IF(OR($D105<>\"Serviço\",AND(AUTOEVENTO=\"Manual\",$M105=$A$15)),0,\n         IF(OFFSET(CRONOPLE!$F$15,$M105-$A$15,AU$13)=0,10^12,OFFSET(CRONOPLE!$F$15,$M105-$A$15,AU$13)))","v":1000000000000},{"$f":"IF(OR($D105<>\"Serviço\",AND(AUTOEVENTO=\"Manual\",$M105=$A$15)),0,\n         IF(OFFSET(CRONOPLE!$F$15,$M105-$A$15,AV$13)=0,10^12,OFFSET(CRONOPLE!$F$15,$M105-$A$15,AV$13)))","v":1000000000000},null,{"$f":"IF(OR($D105<>\"Serviço\",AND(AUTOEVENTO=\"Manual\",$M105=$A$15),$M105>(ROW(PLE.lastrow)-ROW(PLE.firstrow))),0,\n           IF(OFFSET(PLE!$G$15,$M105-$A$15,AX$13)=\"\",10^12,OFFSET(PLE!$G$15,$M105-$A$15,AX$13)))","v":1000000000000},{"$f":"IF(OR($D105<>\"Serviço\",AND(AUTOEVENTO=\"Manual\",$M105=$A$15),$M105>(ROW(PLE.lastrow)-ROW(PLE.firstrow))),0,\n           IF(OFFSET(PLE!$G$15,$M105-$A$15,AY$13)=\"\",10^12,OFFSET(PLE!$G$15,$M105-$A$15,AY$13)))","v":1000000000000},{"$f":"IF(OR($D105<>\"Serviço\",AND(AUTOEVENTO=\"Manual\",$M105=$A$15),$M105>(ROW(PLE.lastrow)-ROW(PLE.firstrow))),0,\n           IF(OFFSET(PLE!$G$15,$M105-$A$15,AZ$13)=\"\",10^12,OFFSET(PLE!$G$15,$M105-$A$15,AZ$13)))","v":1000000000000},{"$f":"IF(OR($D105<>\"Serviço\",AND(AUTOEVENTO=\"Manual\",$M105=$A$15),$M105>(ROW(PLE.lastrow)-ROW(PLE.firstrow))),0,\n           IF(OFFSET(PLE!$G$15,$M105-$A$15,BA$13)=\"\",10^12,OFFSET(PLE!$G$15,$M105-$A$15,BA$13)))","v":1000000000000},{"$f":"IF(OR($D105<>\"Serviço\",AND(AUTOEVENTO=\"Manual\",$M105=$A$15),$M105>(ROW(PLE.lastrow)-ROW(PLE.firstrow))),0,\n           IF(OFFSET(PLE!$G$15,$M105-$A$15,BB$13)=\"\",10^12,OFFSET(PLE!$G$15,$M105-$A$15,BB$13)))","v":1000000000000},{"$f":"IF(OR($D105<>\"Serviço\",AND(AUTOEVENTO=\"Manual\",$M105=$A$15),$M105>(ROW(PLE.lastrow)-ROW(PLE.firstrow))),0,\n           IF(OFFSET(PLE!$G$15,$M105-$A$15,BC$13)=\"\",10^12,OFFSET(PLE!$G$15,$M105-$A$15,BC$13)))","v":1000000000000},{"$f":"IF(OR($D105<>\"Serviço\",AND(AUTOEVENTO=\"Manual\",$M105=$A$15),$M105>(ROW(PLE.lastrow)-ROW(PLE.firstrow))),0,\n           IF(OFFSET(PLE!$G$15,$M105-$A$15,BD$13)=\"\",10^12,OFFSET(PLE!$G$15,$M105-$A$15,BD$13)))","v":1000000000000},{"$f":"IF(OR($D105<>\"Serviço\",AND(AUTOEVENTO=\"Manual\",$M105=$A$15),$M105>(ROW(PLE.lastrow)-ROW(PLE.firstrow))),0,\n           IF(OFFSET(PLE!$G$15,$M105-$A$15,BE$13)=\"\",10^12,OFFSET(PLE!$G$15,$M105-$A$15,BE$13)))","v":1000000000000},{"$f":"IF(OR($D105<>\"Serviço\",AND(AUTOEVENTO=\"Manual\",$M105=$A$15),$M105>(ROW(PLE.lastrow)-ROW(PLE.firstrow))),0,\n           IF(OFFSET(PLE!$G$15,$M105-$A$15,BF$13)=\"\",10^12,OFFSET(PLE!$G$15,$M105-$A$15,BF$13)))","v":1000000000000},{"$f":"IF(OR($D105<>\"Serviço\",AND(AUTOEVENTO=\"Manual\",$M105=$A$15),$M105>(ROW(PLE.lastrow)-ROW(PLE.firstrow))),0,\n           IF(OFFSET(PLE!$G$15,$M105-$A$15,BG$13)=\"\",10^12,OFFSET(PLE!$G$15,$M105-$A$15,BG$13)))","v":1000000000000}]
[13,{"$f":"OFFSET(ORÇAMENTO!C$15,$L106,0)","v":"S"},{"$f":"OFFSET(ORÇAMENTO!L$15,$L106,0)","v":"F"},{"$f":"OFFSET(ORÇAMENTO!N$15,$L106,0)","v":"Serviço"},{"$f":"OFFSET(ORÇAMENTO!O$15,$L106,0)","v":"1.10.21."},{"$f":"OFFSET(ORÇAMENTO!R$15,$L106,0)","v":"RASGO LINEAR MANUAL EM ALVENARIA, PARA ELETRODUTOS, DIÂMETROS MENORES OU IGUAIS A 40 MM. AF_09/2023"},{"$f":"IF($D106<>\"Serviço\",\"\",OFFSET(ORÇAMENTO!S$15,$L106,0))","v":"M"},{"$f":"IF($D106<>\"Serviço\",0,IF(ACOMPANHAMENTO=\"BM\",ROUND(OFFSET(ORÇAMENTO!AJ$15,$L106,0),15-13*ORÇAMENTO!$AF$7),IF(IFERROR(CÁLCULO.FrentesPreenchidas,0)=0,0,SUM(ROUND(OFFSET($P106,0,1,1,CÁLCULO.FrentesPreenchidas),15-13*ORÇAMENTO!$AF$7)))))","v":3.2},"EMBUTIMENTO ELETRODUTO 3/4\"",{"$f":"IF(OR(B106<>\"S\",CÁLCULO.FrentesPreenchidas=0),\"\",IF(AND(ACOMPANHAMENTO=\"PLE\",AUTOEVENTO=\"Manual\",OR(H106>0,ORÇAMENTO!AC106=\"QUANT.\"),OR(K106=\"\",M106=0,N106=\"\")),\"►E\",IF(AND(ACOMPANHAMENTO=\"PLE\",ORÇAMENTO!AC106=\"QUANT.\"),\"►Q\",IF(AND(ACOMPANHAMENTO=\"PLE\",H106<>SUMPRODUCT(($Q$1:$AA$1=1)*ROUND(Q106:AA106,15))),\"►S\",IF(AND(COUNTIF($P$11:$AA$11,\"▼\")=0,H106>0,I106=\"\"),\"◄M\",\"\")))))","v":""},"13.Instalações elétricas iniciais",91,{"$f":"IF($D106<>\"Serviço\",\"\",\n          IF(AUTOEVENTO=\"manual\",$A106,\n                IF(ISERROR(MATCH($A106,$A$15:OFFSET($A106,-1,0),0)),MAX($M$15:OFFSET(M106,-1,0))+1,\n                      INDEX($M$15:OFFSET(M106,-1,0),MATCH($A106,$A$15:OFFSET($A106,-1,0),0)))))","v":13},{"$f":"IF($D106<>\"Serviço\",\"\",\n         IF(AUTOEVENTO=\"Manual\",\n                IF($A106=0,\"<-- defina o número do agrupador\",\n                       OFFSET(EVENTOS!$D$15,$A106-$A$15,0)),\n                OFFSET($F$15,$A106,0)))","v":"Instalações elétricas finais"},null,null,null,3.2,null,null,null,null,null,null,null,null,null,{"$f":"IF(AND($D106=\"Serviço\",AB$12<>0,$H106>0,OR(AUTOEVENTO<>\"manual\",$M106<>$A$15)),\n        IF(Import.TipoArredondamento<>\"TransfereGOV\",\n              ROUND(OFFSET($P106,0,AB$13),15-13*ORÇAMENTO!$AF$7)/$H106*OFFSET(ORÇAMENTO!$X$15,ROW(AB106)-ROW(AB$15),0),\n              ROUND(ROUND(OFFSET($P106,0,AB$13),15-13*ORÇAMENTO!$AF$7)*OFFSET(ORÇAMENTO!$W$15,ROW(AB106)-ROW(AB$15),0),15-13*ORÇAMENTO!$AF$11)),\n         0)","v":0},{"$f":"IF(AND($D106=\"Serviço\",AC$12<>0,$H106>0,OR(AUTOEVENTO<>\"manual\",$M106<>$A$15)),\n        IF(Import.TipoArredondamento<>\"TransfereGOV\",\n              ROUND(OFFSET($P106,0,AC$13),15-13*ORÇAMENTO!$AF$7)/$H106*OFFSET(ORÇAMENTO!$X$15,ROW(AC106)-ROW(AC$15),0),\n              ROUND(ROUND(OFFSET($P106,0,AC$13),15-13*ORÇAMENTO!$AF$7)*OFFSET(ORÇAMENTO!$W$15,ROW(AC106)-ROW(AC$15),0),15-13*ORÇAMENTO!$AF$11)),\n         0)","v":0},{"$f":"IF(AND($D106=\"Serviço\",AD$12<>0,$H106>0,OR(AUTOEVENTO<>\"manual\",$M106<>$A$15)),\n        IF(Import.TipoArredondamento<>\"TransfereGOV\",\n              ROUND(OFFSET($P106,0,AD$13),15-13*ORÇAMENTO!$AF$7)/$H106*OFFSET(ORÇAMENTO!$X$15,ROW(AD106)-ROW(AD$15),0),\n              ROUND(ROUND(OFFSET($P106,0,AD$13),15-13*ORÇAMENTO!$AF$7)*OFFSET(ORÇAMENTO!$W$15,ROW(AD106)-ROW(AD$15),0),15-13*ORÇAMENTO!$AF$11)),\n         0)","v":0},{"$f":"IF(AND($D106=\"Serviço\",AE$12<>0,$H106>0,OR(AUTOEVENTO<>\"manual\",$M106<>$A$15)),\n        IF(Import.TipoArredondamento<>\"TransfereGOV\",\n              ROUND(OFFSET($P106,0,AE$13),15-13*ORÇAMENTO!$AF$7)/$H106*OFFSET(ORÇAMENTO!$X$15,ROW(AE106)-ROW(AE$15),0),\n              ROUND(ROUND(OFFSET($P106,0,AE$13),15-13*ORÇAMENTO!$AF$7)*OFFSET(ORÇAMENTO!$W$15,ROW(AE106)-ROW(AE$15),0),15-13*ORÇAMENTO!$AF$11)),\n         0)","v":0},{"$f":"IF(AND($D106=\"Serviço\",AF$12<>0,$H106>0,OR(AUTOEVENTO<>\"manual\",$M106<>$A$15)),\n        IF(Import.TipoArredondamento<>\"TransfereGOV\",\n              ROUND(OFFSET($P106,0,AF$13),15-13*ORÇAMENTO!$AF$7)/$H106*OFFSET(ORÇAMENTO!$X$15,ROW(AF106)-ROW(AF$15),0),\n              ROUND(ROUND(OFFSET($P106,0,AF$13),15-13*ORÇAMENTO!$AF$7)*OFFSET(ORÇAMENTO!$W$15,ROW(AF106)-ROW(AF$15),0),15-13*ORÇAMENTO!$AF$11)),\n         0)","v":0},{"$f":"IF(AND($D106=\"Serviço\",AG$12<>0,$H106>0,OR(AUTOEVENTO<>\"manual\",$M106<>$A$15)),\n        IF(Import.TipoArredondamento<>\"TransfereGOV\",\n              ROUND(OFFSET($P106,0,AG$13),15-13*ORÇAMENTO!$AF$7)/$H106*OFFSET(ORÇAMENTO!$X$15,ROW(AG106)-ROW(AG$15),0),\n              ROUND(ROUND(OFFSET($P106,0,AG$13),15-13*ORÇAMENTO!$AF$7)*OFFSET(ORÇAMENTO!$W$15,ROW(AG106)-ROW(AG$15),0),15-13*ORÇAMENTO!$AF$11)),\n         0)","v":0},{"$f":"IF(AND($D106=\"Serviço\",AH$12<>0,$H106>0,OR(AUTOEVENTO<>\"manual\",$M106<>$A$15)),\n        IF(Import.TipoArredondamento<>\"TransfereGOV\",\n              ROUND(OFFSET($P106,0,AH$13),15-13*ORÇAMENTO!$AF$7)/$H106*OFFSET(ORÇAMENTO!$X$15,ROW(AH106)-ROW(AH$15),0),\n              ROUND(ROUND(OFFSET($P106,0,AH$13),15-13*ORÇAMENTO!$AF$7)*OFFSET(ORÇAMENTO!$W$15,ROW(AH106)-ROW(AH$15),0),15-13*ORÇAMENTO!$AF$11)),\n         0)","v":0},{"$f":"IF(AND($D106=\"Serviço\",AI$12<>0,$H106>0,OR(AUTOEVENTO<>\"manual\",$M106<>$A$15)),\n        IF(Import.TipoArredondamento<>\"TransfereGOV\",\n              ROUND(OFFSET($P106,0,AI$13),15-13*ORÇAMENTO!$AF$7)/$H106*OFFSET(ORÇAMENTO!$X$15,ROW(AI106)-ROW(AI$15),0),\n              ROUND(ROUND(OFFSET($P106,0,AI$13),15-13*ORÇAMENTO!$AF$7)*OFFSET(ORÇAMENTO!$W$15,ROW(AI106)-ROW(AI$15),0),15-13*ORÇAMENTO!$AF$11)),\n         0)","v":0},{"$f":"IF(AND($D106=\"Serviço\",AJ$12<>0,$H106>0,OR(AUTOEVENTO<>\"manual\",$M106<>$A$15)),\n        IF(Import.TipoArredondamento<>\"TransfereGOV\",\n              ROUND(OFFSET($P106,0,AJ$13),15-13*ORÇAMENTO!$AF$7)/$H106*OFFSET(ORÇAMENTO!$X$15,ROW(AJ106)-ROW(AJ$15),0),\n              ROUND(ROUND(OFFSET($P106,0,AJ$13),15-13*ORÇAMENTO!$AF$7)*OFFSET(ORÇAMENTO!$W$15,ROW(AJ106)-ROW(AJ$15),0),15-13*ORÇAMENTO!$AF$11)),\n         0)","v":0},{"$f":"IF(AND($D106=\"Serviço\",AK$12<>0,$H106>0,OR(AUTOEVENTO<>\"manual\",$M106<>$A$15)),\n        IF(Import.TipoArredondamento<>\"TransfereGOV\",\n              ROUND(OFFSET($P106,0,AK$13),15-13*ORÇAMENTO!$AF$7)/$H106*OFFSET(ORÇAMENTO!$X$15,ROW(AK106)-ROW(AK$15),0),\n              ROUND(ROUND(OFFSET($P106,0,AK$13),15-13*ORÇAMENTO!$AF$7)*OFFSET(ORÇAMENTO!$W$15,ROW(AK106)-ROW(AK$15),0),15-13*ORÇAMENTO!$AF$11)),\n         0)","v":0},null,{"$f":"IF(OR($D106<>\"Serviço\",AND(AUTOEVENTO=\"Manual\",$M106=$A$15)),0,\n         IF(OFFSET(CRONOPLE!$F$15,$M106-$A$15,AM$13)=0,10^12,OFFSET(CRONOPLE!$F$15,$M106-$A$15,AM$13)))","v":4},{"$f":"IF(OR($D106<>\"Serviço\",AND(AUTOEVENTO=\"Manual\",$M106=$A$15)),0,\n         IF(OFFSET(CRONOPLE!$F$15,$M106-$A$15,AN$13)=0,10^12,OFFSET(CRONOPLE!$F$15,$M106-$A$15,AN$13)))","v":5},{"$f":"IF(OR($D106<>\"Serviço\",AND(AUTOEVENTO=\"Manual\",$M106=$A$15)),0,\n         IF(OFFSET(CRONOPLE!$F$15,$M106-$A$15,AO$13)=0,10^12,OFFSET(CRONOPLE!$F$15,$M106-$A$15,AO$13)))","v":1000000000000},{"$f":"IF(OR($D106<>\"Serviço\",AND(AUTOEVENTO=\"Manual\",$M106=$A$15)),0,\n         IF(OFFSET(CRONOPLE!$F$15,$M106-$A$15,AP$13)=0,10^12,OFFSET(CRONOPLE!$F$15,$M106-$A$15,AP$13)))","v":1000000000000},{"$f":"IF(OR($D106<>\"Serviço\",AND(AUTOEVENTO=\"Manual\",$M106=$A$15)),0,\n         IF(OFFSET(CRONOPLE!$F$15,$M106-$A$15,AQ$13)=0,10^12,OFFSET(CRONOPLE!$F$15,$M106-$A$15,AQ$13)))","v":1000000000000},{"$f":"IF(OR($D106<>\"Serviço\",AND(AUTOEVENTO=\"Manual\",$M106=$A$15)),0,\n         IF(OFFSET(CRONOPLE!$F$15,$M106-$A$15,AR$13)=0,10^12,OFFSET(CRONOPLE!$F$15,$M106-$A$15,AR$13)))","v":1000000000000},{"$f":"IF(OR($D106<>\"Serviço\",AND(AUTOEVENTO=\"Manual\",$M106=$A$15)),0,\n         IF(OFFSET(CRONOPLE!$F$15,$M106-$A$15,AS$13)=0,10^12,OFFSET(CRONOPLE!$F$15,$M106-$A$15,AS$13)))","v":1000000000000},{"$f":"IF(OR($D106<>\"Serviço\",AND(AUTOEVENTO=\"Manual\",$M106=$A$15)),0,\n         IF(OFFSET(CRONOPLE!$F$15,$M106-$A$15,AT$13)=0,10^12,OFFSET(CRONOPLE!$F$15,$M106-$A$15,AT$13)))","v":1000000000000},{"$f":"IF(OR($D106<>\"Serviço\",AND(AUTOEVENTO=\"Manual\",$M106=$A$15)),0,\n         IF(OFFSET(CRONOPLE!$F$15,$M106-$A$15,AU$13)=0,10^12,OFFSET(CRONOPLE!$F$15,$M106-$A$15,AU$13)))","v":1000000000000},{"$f":"IF(OR($D106<>\"Serviço\",AND(AUTOEVENTO=\"Manual\",$M106=$A$15)),0,\n         IF(OFFSET(CRONOPLE!$F$15,$M106-$A$15,AV$13)=0,10^12,OFFSET(CRONOPLE!$F$15,$M106-$A$15,AV$13)))","v":1000000000000},null,{"$f":"IF(OR($D106<>\"Serviço\",AND(AUTOEVENTO=\"Manual\",$M106=$A$15),$M106>(ROW(PLE.lastrow)-ROW(PLE.firstrow))),0,\n           IF(OFFSET(PLE!$G$15,$M106-$A$15,AX$13)=\"\",10^12,OFFSET(PLE!$G$15,$M106-$A$15,AX$13)))","v":1000000000000},{"$f":"IF(OR($D106<>\"Serviço\",AND(AUTOEVENTO=\"Manual\",$M106=$A$15),$M106>(ROW(PLE.lastrow)-ROW(PLE.firstrow))),0,\n           IF(OFFSET(PLE!$G$15,$M106-$A$15,AY$13)=\"\",10^12,OFFSET(PLE!$G$15,$M106-$A$15,AY$13)))","v":1000000000000},{"$f":"IF(OR($D106<>\"Serviço\",AND(AUTOEVENTO=\"Manual\",$M106=$A$15),$M106>(ROW(PLE.lastrow)-ROW(PLE.firstrow))),0,\n           IF(OFFSET(PLE!$G$15,$M106-$A$15,AZ$13)=\"\",10^12,OFFSET(PLE!$G$15,$M106-$A$15,AZ$13)))","v":1000000000000},{"$f":"IF(OR($D106<>\"Serviço\",AND(AUTOEVENTO=\"Manual\",$M106=$A$15),$M106>(ROW(PLE.lastrow)-ROW(PLE.firstrow))),0,\n           IF(OFFSET(PLE!$G$15,$M106-$A$15,BA$13)=\"\",10^12,OFFSET(PLE!$G$15,$M106-$A$15,BA$13)))","v":1000000000000},{"$f":"IF(OR($D106<>\"Serviço\",AND(AUTOEVENTO=\"Manual\",$M106=$A$15),$M106>(ROW(PLE.lastrow)-ROW(PLE.firstrow))),0,\n           IF(OFFSET(PLE!$G$15,$M106-$A$15,BB$13)=\"\",10^12,OFFSET(PLE!$G$15,$M106-$A$15,BB$13)))","v":1000000000000},{"$f":"IF(OR($D106<>\"Serviço\",AND(AUTOEVENTO=\"Manual\",$M106=$A$15),$M106>(ROW(PLE.lastrow)-ROW(PLE.firstrow))),0,\n           IF(OFFSET(PLE!$G$15,$M106-$A$15,BC$13)=\"\",10^12,OFFSET(PLE!$G$15,$M106-$A$15,BC$13)))","v":1000000000000},{"$f":"IF(OR($D106<>\"Serviço\",AND(AUTOEVENTO=\"Manual\",$M106=$A$15),$M106>(ROW(PLE.lastrow)-ROW(PLE.firstrow))),0,\n           IF(OFFSET(PLE!$G$15,$M106-$A$15,BD$13)=\"\",10^12,OFFSET(PLE!$G$15,$M106-$A$15,BD$13)))","v":1000000000000},{"$f":"IF(OR($D106<>\"Serviço\",AND(AUTOEVENTO=\"Manual\",$M106=$A$15),$M106>(ROW(PLE.lastrow)-ROW(PLE.firstrow))),0,\n           IF(OFFSET(PLE!$G$15,$M106-$A$15,BE$13)=\"\",10^12,OFFSET(PLE!$G$15,$M106-$A$15,BE$13)))","v":1000000000000},{"$f":"IF(OR($D106<>\"Serviço\",AND(AUTOEVENTO=\"Manual\",$M106=$A$15),$M106>(ROW(PLE.lastrow)-ROW(PLE.firstrow))),0,\n           IF(OFFSET(PLE!$G$15,$M106-$A$15,BF$13)=\"\",10^12,OFFSET(PLE!$G$15,$M106-$A$15,BF$13)))","v":1000000000000},{"$f":"IF(OR($D106<>\"Serviço\",AND(AUTOEVENTO=\"Manual\",$M106=$A$15),$M106>(ROW(PLE.lastrow)-ROW(PLE.firstrow))),0,\n           IF(OFFSET(PLE!$G$15,$M106-$A$15,BG$13)=\"\",10^12,OFFSET(PLE!$G$15,$M106-$A$15,BG$13)))","v":1000000000000}]
[13,{"$f":"OFFSET(ORÇAMENTO!C$15,$L107,0)","v":"S"},{"$f":"OFFSET(ORÇAMENTO!L$15,$L107,0)","v":"F"},{"$f":"OFFSET(ORÇAMENTO!N$15,$L107,0)","v":"Serviço"},{"$f":"OFFSET(ORÇAMENTO!O$15,$L107,0)","v":"1.10.22."},{"$f":"OFFSET(ORÇAMENTO!R$15,$L107,0)","v":"MASSA ÚNICA, EM ARGAMASSA INDUSTRIALIZADA, PREPARO MECÂNICO, APLICADA COM EQUIPAMENTO DE MISTURA E PROJEÇÃO DE ARGAMASSA EM PAREDES INTERNAS, E = 10MM, COM TALISCAS. AF_03/2024"},{"$f":"IF($D107<>\"Serviço\",\"\",OFFSET(ORÇAMENTO!S$15,$L107,0))","v":"M2"},{"$f":"IF($D107<>\"Serviço\",0,IF(ACOMPANHAMENTO=\"BM\",ROUND(OFFSET(ORÇAMENTO!AJ$15,$L107,0),15-13*ORÇAMENTO!$AF$7),IF(IFERROR(CÁLCULO.FrentesPreenchidas,0)=0,0,SUM(ROUND(OFFSET($P107,0,1,1,CÁLCULO.FrentesPreenchidas),15-13*ORÇAMENTO!$AF$7)))))","v":3.2},"EMBUTIMENTO ELETRODUTO 3/4\"",{"$f":"IF(OR(B107<>\"S\",CÁLCULO.FrentesPreenchidas=0),\"\",IF(AND(ACOMPANHAMENTO=\"PLE\",AUTOEVENTO=\"Manual\",OR(H107>0,ORÇAMENTO!AC107=\"QUANT.\"),OR(K107=\"\",M107=0,N107=\"\")),\"►E\",IF(AND(ACOMPANHAMENTO=\"PLE\",ORÇAMENTO!AC107=\"QUANT.\"),\"►Q\",IF(AND(ACOMPANHAMENTO=\"PLE\",H107<>SUMPRODUCT(($Q$1:$AA$1=1)*ROUND(Q107:AA107,15))),\"►S\",IF(AND(COUNTIF($P$11:$AA$11,\"▼\")=0,H107>0,I107=\"\"),\"◄M\",\"\")))))","v":""},"13.Instalações elétricas iniciais",92,{"$f":"IF($D107<>\"Serviço\",\"\",\n          IF(AUTOEVENTO=\"manual\",$A107,\n                IF(ISERROR(MATCH($A107,$A$15:OFFSET($A107,-1,0),0)),MAX($M$15:OFFSET(M107,-1,0))+1,\n                      INDEX($M$15:OFFSET(M107,-1,0),MATCH($A107,$A$15:OFFSET($A107,-1,0),0)))))","v":13},{"$f":"IF($D107<>\"Serviço\",\"\",\n         IF(AUTOEVENTO=\"Manual\",\n                IF($A107=0,\"<-- defina o número do agrupador\",\n                       OFFSET(EVENTOS!$D$15,$A107-$A$15,0)),\n                OFFSET($F$15,$A107,0)))","v":"Instalações elétricas finais"},null,null,null,3.2,null,null,null,null,null,null,null,null,null,{"$f":"IF(AND($D107=\"Serviço\",AB$12<>0,$H107>0,OR(AUTOEVENTO<>\"manual\",$M107<>$A$15)),\n        IF(Import.TipoArredondamento<>\"TransfereGOV\",\n              ROUND(OFFSET($P107,0,AB$13),15-13*ORÇAMENTO!$AF$7)/$H107*OFFSET(ORÇAMENTO!$X$15,ROW(AB107)-ROW(AB$15),0),\n              ROUND(ROUND(OFFSET($P107,0,AB$13),15-13*ORÇAMENTO!$AF$7)*OFFSET(ORÇAMENTO!$W$15,ROW(AB107)-ROW(AB$15),0),15-13*ORÇAMENTO!$AF$11)),\n         0)","v":0},{"$f":"IF(AND($D107=\"Serviço\",AC$12<>0,$H107>0,OR(AUTOEVENTO<>\"manual\",$M107<>$A$15)),\n        IF(Import.TipoArredondamento<>\"TransfereGOV\",\n              ROUND(OFFSET($P107,0,AC$13),15-13*ORÇAMENTO!$AF$7)/$H107*OFFSET(ORÇAMENTO!$X$15,ROW(AC107)-ROW(AC$15),0),\n              ROUND(ROUND(OFFSET($P107,0,AC$13),15-13*ORÇAMENTO!$AF$7)*OFFSET(ORÇAMENTO!$W$15,ROW(AC107)-ROW(AC$15),0),15-13*ORÇAMENTO!$AF$11)),\n         0)","v":0},{"$f":"IF(AND($D107=\"Serviço\",AD$12<>0,$H107>0,OR(AUTOEVENTO<>\"manual\",$M107<>$A$15)),\n        IF(Import.TipoArredondamento<>\"TransfereGOV\",\n              ROUND(OFFSET($P107,0,AD$13),15-13*ORÇAMENTO!$AF$7)/$H107*OFFSET(ORÇAMENTO!$X$15,ROW(AD107)-ROW(AD$15),0),\n              ROUND(ROUND(OFFSET($P107,0,AD$13),15-13*ORÇAMENTO!$AF$7)*OFFSET(ORÇAMENTO!$W$15,ROW(AD107)-ROW(AD$15),0),15-13*ORÇAMENTO!$AF$11)),\n         0)","v":0},{"$f":"IF(AND($D107=\"Serviço\",AE$12<>0,$H107>0,OR(AUTOEVENTO<>\"manual\",$M107<>$A$15)),\n        IF(Import.TipoArredondamento<>\"TransfereGOV\",\n              ROUND(OFFSET($P107,0,AE$13),15-13*ORÇAMENTO!$AF$7)/$H107*OFFSET(ORÇAMENTO!$X$15,ROW(AE107)-ROW(AE$15),0),\n              ROUND(ROUND(OFFSET($P107,0,AE$13),15-13*ORÇAMENTO!$AF$7)*OFFSET(ORÇAMENTO!$W$15,ROW(AE107)-ROW(AE$15),0),15-13*ORÇAMENTO!$AF$11)),\n         0)","v":0},{"$f":"IF(AND($D107=\"Serviço\",AF$12<>0,$H107>0,OR(AUTOEVENTO<>\"manual\",$M107<>$A$15)),\n        IF(Import.TipoArredondamento<>\"TransfereGOV\",\n              ROUND(OFFSET($P107,0,AF$13),15-13*ORÇAMENTO!$AF$7)/$H107*OFFSET(ORÇAMENTO!$X$15,ROW(AF107)-ROW(AF$15),0),\n              ROUND(ROUND(OFFSET($P107,0,AF$13),15-13*ORÇAMENTO!$AF$7)*OFFSET(ORÇAMENTO!$W$15,ROW(AF107)-ROW(AF$15),0),15-13*ORÇAMENTO!$AF$11)),\n         0)","v":0},{"$f":"IF(AND($D107=\"Serviço\",AG$12<>0,$H107>0,OR(AUTOEVENTO<>\"manual\",$M107<>$A$15)),\n        IF(Import.TipoArredondamento<>\"TransfereGOV\",\n              ROUND(OFFSET($P107,0,AG$13),15-13*ORÇAMENTO!$AF$7)/$H107*OFFSET(ORÇAMENTO!$X$15,ROW(AG107)-ROW(AG$15),0),\n              ROUND(ROUND(OFFSET($P107,0,AG$13),15-13*ORÇAMENTO!$AF$7)*OFFSET(ORÇAMENTO!$W$15,ROW(AG107)-ROW(AG$15),0),15-13*ORÇAMENTO!$AF$11)),\n         0)","v":0},{"$f":"IF(AND($D107=\"Serviço\",AH$12<>0,$H107>0,OR(AUTOEVENTO<>\"manual\",$M107<>$A$15)),\n        IF(Import.TipoArredondamento<>\"TransfereGOV\",\n              ROUND(OFFSET($P107,0,AH$13),15-13*ORÇAMENTO!$AF$7)/$H107*OFFSET(ORÇAMENTO!$X$15,ROW(AH107)-ROW(AH$15),0),\n              ROUND(ROUND(OFFSET($P107,0,AH$13),15-13*ORÇAMENTO!$AF$7)*OFFSET(ORÇAMENTO!$W$15,ROW(AH107)-ROW(AH$15),0),15-13*ORÇAMENTO!$AF$11)),\n         0)","v":0},{"$f":"IF(AND($D107=\"Serviço\",AI$12<>0,$H107>0,OR(AUTOEVENTO<>\"manual\",$M107<>$A$15)),\n        IF(Import.TipoArredondamento<>\"TransfereGOV\",\n              ROUND(OFFSET($P107,0,AI$13),15-13*ORÇAMENTO!$AF$7)/$H107*OFFSET(ORÇAMENTO!$X$15,ROW(AI107)-ROW(AI$15),0),\n              ROUND(ROUND(OFFSET($P107,0,AI$13),15-13*ORÇAMENTO!$AF$7)*OFFSET(ORÇAMENTO!$W$15,ROW(AI107)-ROW(AI$15),0),15-13*ORÇAMENTO!$AF$11)),\n         0)","v":0},{"$f":"IF(AND($D107=\"Serviço\",AJ$12<>0,$H107>0,OR(AUTOEVENTO<>\"manual\",$M107<>$A$15)),\n        IF(Import.TipoArredondamento<>\"TransfereGOV\",\n              ROUND(OFFSET($P107,0,AJ$13),15-13*ORÇAMENTO!$AF$7)/$H107*OFFSET(ORÇAMENTO!$X$15,ROW(AJ107)-ROW(AJ$15),0),\n              ROUND(ROUND(OFFSET($P107,0,AJ$13),15-13*ORÇAMENTO!$AF$7)*OFFSET(ORÇAMENTO!$W$15,ROW(AJ107)-ROW(AJ$15),0),15-13*ORÇAMENTO!$AF$11)),\n         0)","v":0},{"$f":"IF(AND($D107=\"Serviço\",AK$12<>0,$H107>0,OR(AUTOEVENTO<>\"manual\",$M107<>$A$15)),\n        IF(Import.TipoArredondamento<>\"TransfereGOV\",\n              ROUND(OFFSET($P107,0,AK$13),15-13*ORÇAMENTO!$AF$7)/$H107*OFFSET(ORÇAMENTO!$X$15,ROW(AK107)-ROW(AK$15),0),\n              ROUND(ROUND(OFFSET($P107,0,AK$13),15-13*ORÇAMENTO!$AF$7)*OFFSET(ORÇAMENTO!$W$15,ROW(AK107)-ROW(AK$15),0),15-13*ORÇAMENTO!$AF$11)),\n         0)","v":0},null,{"$f":"IF(OR($D107<>\"Serviço\",AND(AUTOEVENTO=\"Manual\",$M107=$A$15)),0,\n         IF(OFFSET(CRONOPLE!$F$15,$M107-$A$15,AM$13)=0,10^12,OFFSET(CRONOPLE!$F$15,$M107-$A$15,AM$13)))","v":4},{"$f":"IF(OR($D107<>\"Serviço\",AND(AUTOEVENTO=\"Manual\",$M107=$A$15)),0,\n         IF(OFFSET(CRONOPLE!$F$15,$M107-$A$15,AN$13)=0,10^12,OFFSET(CRONOPLE!$F$15,$M107-$A$15,AN$13)))","v":5},{"$f":"IF(OR($D107<>\"Serviço\",AND(AUTOEVENTO=\"Manual\",$M107=$A$15)),0,\n         IF(OFFSET(CRONOPLE!$F$15,$M107-$A$15,AO$13)=0,10^12,OFFSET(CRONOPLE!$F$15,$M107-$A$15,AO$13)))","v":1000000000000},{"$f":"IF(OR($D107<>\"Serviço\",AND(AUTOEVENTO=\"Manual\",$M107=$A$15)),0,\n         IF(OFFSET(CRONOPLE!$F$15,$M107-$A$15,AP$13)=0,10^12,OFFSET(CRONOPLE!$F$15,$M107-$A$15,AP$13)))","v":1000000000000},{"$f":"IF(OR($D107<>\"Serviço\",AND(AUTOEVENTO=\"Manual\",$M107=$A$15)),0,\n         IF(OFFSET(CRONOPLE!$F$15,$M107-$A$15,AQ$13)=0,10^12,OFFSET(CRONOPLE!$F$15,$M107-$A$15,AQ$13)))","v":1000000000000},{"$f":"IF(OR($D107<>\"Serviço\",AND(AUTOEVENTO=\"Manual\",$M107=$A$15)),0,\n         IF(OFFSET(CRONOPLE!$F$15,$M107-$A$15,AR$13)=0,10^12,OFFSET(CRONOPLE!$F$15,$M107-$A$15,AR$13)))","v":1000000000000},{"$f":"IF(OR($D107<>\"Serviço\",AND(AUTOEVENTO=\"Manual\",$M107=$A$15)),0,\n         IF(OFFSET(CRONOPLE!$F$15,$M107-$A$15,AS$13)=0,10^12,OFFSET(CRONOPLE!$F$15,$M107-$A$15,AS$13)))","v":1000000000000},{"$f":"IF(OR($D107<>\"Serviço\",AND(AUTOEVENTO=\"Manual\",$M107=$A$15)),0,\n         IF(OFFSET(CRONOPLE!$F$15,$M107-$A$15,AT$13)=0,10^12,OFFSET(CRONOPLE!$F$15,$M107-$A$15,AT$13)))","v":1000000000000},{"$f":"IF(OR($D107<>\"Serviço\",AND(AUTOEVENTO=\"Manual\",$M107=$A$15)),0,\n         IF(OFFSET(CRONOPLE!$F$15,$M107-$A$15,AU$13)=0,10^12,OFFSET(CRONOPLE!$F$15,$M107-$A$15,AU$13)))","v":1000000000000},{"$f":"IF(OR($D107<>\"Serviço\",AND(AUTOEVENTO=\"Manual\",$M107=$A$15)),0,\n         IF(OFFSET(CRONOPLE!$F$15,$M107-$A$15,AV$13)=0,10^12,OFFSET(CRONOPLE!$F$15,$M107-$A$15,AV$13)))","v":1000000000000},null,{"$f":"IF(OR($D107<>\"Serviço\",AND(AUTOEVENTO=\"Manual\",$M107=$A$15),$M107>(ROW(PLE.lastrow)-ROW(PLE.firstrow))),0,\n           IF(OFFSET(PLE!$G$15,$M107-$A$15,AX$13)=\"\",10^12,OFFSET(PLE!$G$15,$M107-$A$15,AX$13)))","v":1000000000000},{"$f":"IF(OR($D107<>\"Serviço\",AND(AUTOEVENTO=\"Manual\",$M107=$A$15),$M107>(ROW(PLE.lastrow)-ROW(PLE.firstrow))),0,\n           IF(OFFSET(PLE!$G$15,$M107-$A$15,AY$13)=\"\",10^12,OFFSET(PLE!$G$15,$M107-$A$15,AY$13)))","v":1000000000000},{"$f":"IF(OR($D107<>\"Serviço\",AND(AUTOEVENTO=\"Manual\",$M107=$A$15),$M107>(ROW(PLE.lastrow)-ROW(PLE.firstrow))),0,\n           IF(OFFSET(PLE!$G$15,$M107-$A$15,AZ$13)=\"\",10^12,OFFSET(PLE!$G$15,$M107-$A$15,AZ$13)))","v":1000000000000},{"$f":"IF(OR($D107<>\"Serviço\",AND(AUTOEVENTO=\"Manual\",$M107=$A$15),$M107>(ROW(PLE.lastrow)-ROW(PLE.firstrow))),0,\n           IF(OFFSET(PLE!$G$15,$M107-$A$15,BA$13)=\"\",10^12,OFFSET(PLE!$G$15,$M107-$A$15,BA$13)))","v":1000000000000},{"$f":"IF(OR($D107<>\"Serviço\",AND(AUTOEVENTO=\"Manual\",$M107=$A$15),$M107>(ROW(PLE.lastrow)-ROW(PLE.firstrow))),0,\n           IF(OFFSET(PLE!$G$15,$M107-$A$15,BB$13)=\"\",10^12,OFFSET(PLE!$G$15,$M107-$A$15,BB$13)))","v":1000000000000},{"$f":"IF(OR($D107<>\"Serviço\",AND(AUTOEVENTO=\"Manual\",$M107=$A$15),$M107>(ROW(PLE.lastrow)-ROW(PLE.firstrow))),0,\n           IF(OFFSET(PLE!$G$15,$M107-$A$15,BC$13)=\"\",10^12,OFFSET(PLE!$G$15,$M107-$A$15,BC$13)))","v":1000000000000},{"$f":"IF(OR($D107<>\"Serviço\",AND(AUTOEVENTO=\"Manual\",$M107=$A$15),$M107>(ROW(PLE.lastrow)-ROW(PLE.firstrow))),0,\n           IF(OFFSET(PLE!$G$15,$M107-$A$15,BD$13)=\"\",10^12,OFFSET(PLE!$G$15,$M107-$A$15,BD$13)))","v":1000000000000},{"$f":"IF(OR($D107<>\"Serviço\",AND(AUTOEVENTO=\"Manual\",$M107=$A$15),$M107>(ROW(PLE.lastrow)-ROW(PLE.firstrow))),0,\n           IF(OFFSET(PLE!$G$15,$M107-$A$15,BE$13)=\"\",10^12,OFFSET(PLE!$G$15,$M107-$A$15,BE$13)))","v":1000000000000},{"$f":"IF(OR($D107<>\"Serviço\",AND(AUTOEVENTO=\"Manual\",$M107=$A$15),$M107>(ROW(PLE.lastrow)-ROW(PLE.firstrow))),0,\n           IF(OFFSET(PLE!$G$15,$M107-$A$15,BF$13)=\"\",10^12,OFFSET(PLE!$G$15,$M107-$A$15,BF$13)))","v":1000000000000},{"$f":"IF(OR($D107<>\"Serviço\",AND(AUTOEVENTO=\"Manual\",$M107=$A$15),$M107>(ROW(PLE.lastrow)-ROW(PLE.firstrow))),0,\n           IF(OFFSET(PLE!$G$15,$M107-$A$15,BG$13)=\"\",10^12,OFFSET(PLE!$G$15,$M107-$A$15,BG$13)))","v":1000000000000}]
[0,{"$f":"OFFSET(ORÇAMENTO!C$15,$L108,0)","v":2},{"$f":"OFFSET(ORÇAMENTO!L$15,$L108,0)","v":"F"},{"$f":"OFFSET(ORÇAMENTO!N$15,$L108,0)","v":"Nível 2"},{"$f":"OFFSET(ORÇAMENTO!O$15,$L108,0)","v":"1.11."},{"$f":"OFFSET(ORÇAMENTO!R$15,$L108,0)","v":"INSTALAÇÃO PLUVIAL"},{"$f":"IF($D108<>\"Serviço\",\"\",OFFSET(ORÇAMENTO!S$15,$L108,0))","v":""},{"$f":"IF($D108<>\"Serviço\",0,IF(ACOMPANHAMENTO=\"BM\",ROUND(OFFSET(ORÇAMENTO!AJ$15,$L108,0),15-13*ORÇAMENTO!$AF$7),IF(IFERROR(CÁLCULO.FrentesPreenchidas,0)=0,0,SUM(ROUND(OFFSET($P108,0,1,1,CÁLCULO.FrentesPreenchidas),15-13*ORÇAMENTO!$AF$7)))))","v":0},null,{"$f":"IF(OR(B108<>\"S\",CÁLCULO.FrentesPreenchidas=0),\"\",IF(AND(ACOMPANHAMENTO=\"PLE\",AUTOEVENTO=\"Manual\",OR(H108>0,ORÇAMENTO!AC108=\"QUANT.\"),OR(K108=\"\",M108=0,N108=\"\")),\"►E\",IF(AND(ACOMPANHAMENTO=\"PLE\",ORÇAMENTO!AC108=\"QUANT.\"),\"►Q\",IF(AND(ACOMPANHAMENTO=\"PLE\",H108<>SUMPRODUCT(($Q$1:$AA$1=1)*ROUND(Q108:AA108,15))),\"►S\",IF(AND(COUNTIF($P$11:$AA$11,\"▼\")=0,H108>0,I108=\"\"),\"◄M\",\"\")))))","v":""},null,93,{"$f":"IF($D108<>\"Serviço\",\"\",\n          IF(AUTOEVENTO=\"manual\",$A108,\n                IF(ISERROR(MATCH($A108,$A$15:OFFSET($A108,-1,0),0)),MAX($M$15:OFFSET(M108,-1,0))+1,\n                      INDEX($M$15:OFFSET(M108,-1,0),MATCH($A108,$A$15:OFFSET($A108,-1,0),0)))))","v":""},{"$f":"IF($D108<>\"Serviço\",\"\",\n         IF(AUTOEVENTO=\"Manual\",\n                IF($A108=0,\"<-- defina o número do agrupador\",\n                       OFFSET(EVENTOS!$D$15,$A108-$A$15,0)),\n                OFFSET($F$15,$A108,0)))","v":""},null,null,null,null,null,null,null,null,null,null,null,null,null,{"$f":"IF(AND($D108=\"Serviço\",AB$12<>0,$H108>0,OR(AUTOEVENTO<>\"manual\",$M108<>$A$15)),\n        IF(Import.TipoArredondamento<>\"TransfereGOV\",\n              ROUND(OFFSET($P108,0,AB$13),15-13*ORÇAMENTO!$AF$7)/$H108*OFFSET(ORÇAMENTO!$X$15,ROW(AB108)-ROW(AB$15),0),\n              ROUND(ROUND(OFFSET($P108,0,AB$13),15-13*ORÇAMENTO!$AF$7)*OFFSET(ORÇAMENTO!$W$15,ROW(AB108)-ROW(AB$15),0),15-13*ORÇAMENTO!$AF$11)),\n         0)","v":0},{"$f":"IF(AND($D108=\"Serviço\",AC$12<>0,$H108>0,OR(AUTOEVENTO<>\"manual\",$M108<>$A$15)),\n        IF(Import.TipoArredondamento<>\"TransfereGOV\",\n              ROUND(OFFSET($P108,0,AC$13),15-13*ORÇAMENTO!$AF$7)/$H108*OFFSET(ORÇAMENTO!$X$15,ROW(AC108)-ROW(AC$15),0),\n              ROUND(ROUND(OFFSET($P108,0,AC$13),15-13*ORÇAMENTO!$AF$7)*OFFSET(ORÇAMENTO!$W$15,ROW(AC108)-ROW(AC$15),0),15-13*ORÇAMENTO!$AF$11)),\n         0)","v":0},{"$f":"IF(AND($D108=\"Serviço\",AD$12<>0,$H108>0,OR(AUTOEVENTO<>\"manual\",$M108<>$A$15)),\n        IF(Import.TipoArredondamento<>\"TransfereGOV\",\n              ROUND(OFFSET($P108,0,AD$13),15-13*ORÇAMENTO!$AF$7)/$H108*OFFSET(ORÇAMENTO!$X$15,ROW(AD108)-ROW(AD$15),0),\n              ROUND(ROUND(OFFSET($P108,0,AD$13),15-13*ORÇAMENTO!$AF$7)*OFFSET(ORÇAMENTO!$W$15,ROW(AD108)-ROW(AD$15),0),15-13*ORÇAMENTO!$AF$11)),\n         0)","v":0},{"$f":"IF(AND($D108=\"Serviço\",AE$12<>0,$H108>0,OR(AUTOEVENTO<>\"manual\",$M108<>$A$15)),\n        IF(Import.TipoArredondamento<>\"TransfereGOV\",\n              ROUND(OFFSET($P108,0,AE$13),15-13*ORÇAMENTO!$AF$7)/$H108*OFFSET(ORÇAMENTO!$X$15,ROW(AE108)-ROW(AE$15),0),\n              ROUND(ROUND(OFFSET($P108,0,AE$13),15-13*ORÇAMENTO!$AF$7)*OFFSET(ORÇAMENTO!$W$15,ROW(AE108)-ROW(AE$15),0),15-13*ORÇAMENTO!$AF$11)),\n         0)","v":0},{"$f":"IF(AND($D108=\"Serviço\",AF$12<>0,$H108>0,OR(AUTOEVENTO<>\"manual\",$M108<>$A$15)),\n        IF(Import.TipoArredondamento<>\"TransfereGOV\",\n              ROUND(OFFSET($P108,0,AF$13),15-13*ORÇAMENTO!$AF$7)/$H108*OFFSET(ORÇAMENTO!$X$15,ROW(AF108)-ROW(AF$15),0),\n              ROUND(ROUND(OFFSET($P108,0,AF$13),15-13*ORÇAMENTO!$AF$7)*OFFSET(ORÇAMENTO!$W$15,ROW(AF108)-ROW(AF$15),0),15-13*ORÇAMENTO!$AF$11)),\n         0)","v":0},{"$f":"IF(AND($D108=\"Serviço\",AG$12<>0,$H108>0,OR(AUTOEVENTO<>\"manual\",$M108<>$A$15)),\n        IF(Import.TipoArredondamento<>\"TransfereGOV\",\n              ROUND(OFFSET($P108,0,AG$13),15-13*ORÇAMENTO!$AF$7)/$H108*OFFSET(ORÇAMENTO!$X$15,ROW(AG108)-ROW(AG$15),0),\n              ROUND(ROUND(OFFSET($P108,0,AG$13),15-13*ORÇAMENTO!$AF$7)*OFFSET(ORÇAMENTO!$W$15,ROW(AG108)-ROW(AG$15),0),15-13*ORÇAMENTO!$AF$11)),\n         0)","v":0},{"$f":"IF(AND($D108=\"Serviço\",AH$12<>0,$H108>0,OR(AUTOEVENTO<>\"manual\",$M108<>$A$15)),\n        IF(Import.TipoArredondamento<>\"TransfereGOV\",\n              ROUND(OFFSET($P108,0,AH$13),15-13*ORÇAMENTO!$AF$7)/$H108*OFFSET(ORÇAMENTO!$X$15,ROW(AH108)-ROW(AH$15),0),\n              ROUND(ROUND(OFFSET($P108,0,AH$13),15-13*ORÇAMENTO!$AF$7)*OFFSET(ORÇAMENTO!$W$15,ROW(AH108)-ROW(AH$15),0),15-13*ORÇAMENTO!$AF$11)),\n         0)","v":0},{"$f":"IF(AND($D108=\"Serviço\",AI$12<>0,$H108>0,OR(AUTOEVENTO<>\"manual\",$M108<>$A$15)),\n        IF(Import.TipoArredondamento<>\"TransfereGOV\",\n              ROUND(OFFSET($P108,0,AI$13),15-13*ORÇAMENTO!$AF$7)/$H108*OFFSET(ORÇAMENTO!$X$15,ROW(AI108)-ROW(AI$15),0),\n              ROUND(ROUND(OFFSET($P108,0,AI$13),15-13*ORÇAMENTO!$AF$7)*OFFSET(ORÇAMENTO!$W$15,ROW(AI108)-ROW(AI$15),0),15-13*ORÇAMENTO!$AF$11)),\n         0)","v":0},{"$f":"IF(AND($D108=\"Serviço\",AJ$12<>0,$H108>0,OR(AUTOEVENTO<>\"manual\",$M108<>$A$15)),\n        IF(Import.TipoArredondamento<>\"TransfereGOV\",\n              ROUND(OFFSET($P108,0,AJ$13),15-13*ORÇAMENTO!$AF$7)/$H108*OFFSET(ORÇAMENTO!$X$15,ROW(AJ108)-ROW(AJ$15),0),\n              ROUND(ROUND(OFFSET($P108,0,AJ$13),15-13*ORÇAMENTO!$AF$7)*OFFSET(ORÇAMENTO!$W$15,ROW(AJ108)-ROW(AJ$15),0),15-13*ORÇAMENTO!$AF$11)),\n         0)","v":0},{"$f":"IF(AND($D108=\"Serviço\",AK$12<>0,$H108>0,OR(AUTOEVENTO<>\"manual\",$M108<>$A$15)),\n        IF(Import.TipoArredondamento<>\"TransfereGOV\",\n              ROUND(OFFSET($P108,0,AK$13),15-13*ORÇAMENTO!$AF$7)/$H108*OFFSET(ORÇAMENTO!$X$15,ROW(AK108)-ROW(AK$15),0),\n              ROUND(ROUND(OFFSET($P108,0,AK$13),15-13*ORÇAMENTO!$AF$7)*OFFSET(ORÇAMENTO!$W$15,ROW(AK108)-ROW(AK$15),0),15-13*ORÇAMENTO!$AF$11)),\n         0)","v":0},null,{"$f":"IF(OR($D108<>\"Serviço\",AND(AUTOEVENTO=\"Manual\",$M108=$A$15)),0,\n         IF(OFFSET(CRONOPLE!$F$15,$M108-$A$15,AM$13)=0,10^12,OFFSET(CRONOPLE!$F$15,$M108-$A$15,AM$13)))","v":0},{"$f":"IF(OR($D108<>\"Serviço\",AND(AUTOEVENTO=\"Manual\",$M108=$A$15)),0,\n         IF(OFFSET(CRONOPLE!$F$15,$M108-$A$15,AN$13)=0,10^12,OFFSET(CRONOPLE!$F$15,$M108-$A$15,AN$13)))","v":0},{"$f":"IF(OR($D108<>\"Serviço\",AND(AUTOEVENTO=\"Manual\",$M108=$A$15)),0,\n         IF(OFFSET(CRONOPLE!$F$15,$M108-$A$15,AO$13)=0,10^12,OFFSET(CRONOPLE!$F$15,$M108-$A$15,AO$13)))","v":0},{"$f":"IF(OR($D108<>\"Serviço\",AND(AUTOEVENTO=\"Manual\",$M108=$A$15)),0,\n         IF(OFFSET(CRONOPLE!$F$15,$M108-$A$15,AP$13)=0,10^12,OFFSET(CRONOPLE!$F$15,$M108-$A$15,AP$13)))","v":0},{"$f":"IF(OR($D108<>\"Serviço\",AND(AUTOEVENTO=\"Manual\",$M108=$A$15)),0,\n         IF(OFFSET(CRONOPLE!$F$15,$M108-$A$15,AQ$13)=0,10^12,OFFSET(CRONOPLE!$F$15,$M108-$A$15,AQ$13)))","v":0},{"$f":"IF(OR($D108<>\"Serviço\",AND(AUTOEVENTO=\"Manual\",$M108=$A$15)),0,\n         IF(OFFSET(CRONOPLE!$F$15,$M108-$A$15,AR$13)=0,10^12,OFFSET(CRONOPLE!$F$15,$M108-$A$15,AR$13)))","v":0},{"$f":"IF(OR($D108<>\"Serviço\",AND(AUTOEVENTO=\"Manual\",$M108=$A$15)),0,\n         IF(OFFSET(CRONOPLE!$F$15,$M108-$A$15,AS$13)=0,10^12,OFFSET(CRONOPLE!$F$15,$M108-$A$15,AS$13)))","v":0},{"$f":"IF(OR($D108<>\"Serviço\",AND(AUTOEVENTO=\"Manual\",$M108=$A$15)),0,\n         IF(OFFSET(CRONOPLE!$F$15,$M108-$A$15,AT$13)=0,10^12,OFFSET(CRONOPLE!$F$15,$M108-$A$15,AT$13)))","v":0},{"$f":"IF(OR($D108<>\"Serviço\",AND(AUTOEVENTO=\"Manual\",$M108=$A$15)),0,\n         IF(OFFSET(CRONOPLE!$F$15,$M108-$A$15,AU$13)=0,10^12,OFFSET(CRONOPLE!$F$15,$M108-$A$15,AU$13)))","v":0},{"$f":"IF(OR($D108<>\"Serviço\",AND(AUTOEVENTO=\"Manual\",$M108=$A$15)),0,\n         IF(OFFSET(CRONOPLE!$F$15,$M108-$A$15,AV$13)=0,10^12,OFFSET(CRONOPLE!$F$15,$M108-$A$15,AV$13)))","v":0},null,{"$f":"IF(OR($D108<>\"Serviço\",AND(AUTOEVENTO=\"Manual\",$M108=$A$15),$M108>(ROW(PLE.lastrow)-ROW(PLE.firstrow))),0,\n           IF(OFFSET(PLE!$G$15,$M108-$A$15,AX$13)=\"\",10^12,OFFSET(PLE!$G$15,$M108-$A$15,AX$13)))","v":0},{"$f":"IF(OR($D108<>\"Serviço\",AND(AUTOEVENTO=\"Manual\",$M108=$A$15),$M108>(ROW(PLE.lastrow)-ROW(PLE.firstrow))),0,\n           IF(OFFSET(PLE!$G$15,$M108-$A$15,AY$13)=\"\",10^12,OFFSET(PLE!$G$15,$M108-$A$15,AY$13)))","v":0},{"$f":"IF(OR($D108<>\"Serviço\",AND(AUTOEVENTO=\"Manual\",$M108=$A$15),$M108>(ROW(PLE.lastrow)-ROW(PLE.firstrow))),0,\n           IF(OFFSET(PLE!$G$15,$M108-$A$15,AZ$13)=\"\",10^12,OFFSET(PLE!$G$15,$M108-$A$15,AZ$13)))","v":0},{"$f":"IF(OR($D108<>\"Serviço\",AND(AUTOEVENTO=\"Manual\",$M108=$A$15),$M108>(ROW(PLE.lastrow)-ROW(PLE.firstrow))),0,\n           IF(OFFSET(PLE!$G$15,$M108-$A$15,BA$13)=\"\",10^12,OFFSET(PLE!$G$15,$M108-$A$15,BA$13)))","v":0},{"$f":"IF(OR($D108<>\"Serviço\",AND(AUTOEVENTO=\"Manual\",$M108=$A$15),$M108>(ROW(PLE.lastrow)-ROW(PLE.firstrow))),0,\n           IF(OFFSET(PLE!$G$15,$M108-$A$15,BB$13)=\"\",10^12,OFFSET(PLE!$G$15,$M108-$A$15,BB$13)))","v":0},{"$f":"IF(OR($D108<>\"Serviço\",AND(AUTOEVENTO=\"Manual\",$M108=$A$15),$M108>(ROW(PLE.lastrow)-ROW(PLE.firstrow))),0,\n           IF(OFFSET(PLE!$G$15,$M108-$A$15,BC$13)=\"\",10^12,OFFSET(PLE!$G$15,$M108-$A$15,BC$13)))","v":0},{"$f":"IF(OR($D108<>\"Serviço\",AND(AUTOEVENTO=\"Manual\",$M108=$A$15),$M108>(ROW(PLE.lastrow)-ROW(PLE.firstrow))),0,\n           IF(OFFSET(PLE!$G$15,$M108-$A$15,BD$13)=\"\",10^12,OFFSET(PLE!$G$15,$M108-$A$15,BD$13)))","v":0},{"$f":"IF(OR($D108<>\"Serviço\",AND(AUTOEVENTO=\"Manual\",$M108=$A$15),$M108>(ROW(PLE.lastrow)-ROW(PLE.firstrow))),0,\n           IF(OFFSET(PLE!$G$15,$M108-$A$15,BE$13)=\"\",10^12,OFFSET(PLE!$G$15,$M108-$A$15,BE$13)))","v":0},{"$f":"IF(OR($D108<>\"Serviço\",AND(AUTOEVENTO=\"Manual\",$M108=$A$15),$M108>(ROW(PLE.lastrow)-ROW(PLE.firstrow))),0,\n           IF(OFFSET(PLE!$G$15,$M108-$A$15,BF$13)=\"\",10^12,OFFSET(PLE!$G$15,$M108-$A$15,BF$13)))","v":0},{"$f":"IF(OR($D108<>\"Serviço\",AND(AUTOEVENTO=\"Manual\",$M108=$A$15),$M108>(ROW(PLE.lastrow)-ROW(PLE.firstrow))),0,\n           IF(OFFSET(PLE!$G$15,$M108-$A$15,BG$13)=\"\",10^12,OFFSET(PLE!$G$15,$M108-$A$15,BG$13)))","v":0}]
[15,{"$f":"OFFSET(ORÇAMENTO!C$15,$L109,0)","v":"S"},{"$f":"OFFSET(ORÇAMENTO!L$15,$L109,0)","v":"F"},{"$f":"OFFSET(ORÇAMENTO!N$15,$L109,0)","v":"Serviço"},{"$f":"OFFSET(ORÇAMENTO!O$15,$L109,0)","v":"1.11.1."},{"$f":"OFFSET(ORÇAMENTO!R$15,$L109,0)","v":"CALHA EM CHAPA DE AÇO GALVANIZADO NÚMERO 24, DESENVOLVIMENTO DE 50 CM, INCLUSO TRANSPORTE VERTICAL. AF_07/2019"},{"$f":"IF($D109<>\"Serviço\",\"\",OFFSET(ORÇAMENTO!S$15,$L109,0))","v":"M"},{"$f":"IF($D109<>\"Serviço\",0,IF(ACOMPANHAMENTO=\"BM\",ROUND(OFFSET(ORÇAMENTO!AJ$15,$L109,0),15-13*ORÇAMENTO!$AF$7),IF(IFERROR(CÁLCULO.FrentesPreenchidas,0)=0,0,SUM(ROUND(OFFSET($P109,0,1,1,CÁLCULO.FrentesPreenchidas),15-13*ORÇAMENTO!$AF$7)))))","v":58.7},"CONFORME PROJETO PLUVIAL",{"$f":"IF(OR(B109<>\"S\",CÁLCULO.FrentesPreenchidas=0),\"\",IF(AND(ACOMPANHAMENTO=\"PLE\",AUTOEVENTO=\"Manual\",OR(H109>0,ORÇAMENTO!AC109=\"QUANT.\"),OR(K109=\"\",M109=0,N109=\"\")),\"►E\",IF(AND(ACOMPANHAMENTO=\"PLE\",ORÇAMENTO!AC109=\"QUANT.\"),\"►Q\",IF(AND(ACOMPANHAMENTO=\"PLE\",H109<>SUMPRODUCT(($Q$1:$AA$1=1)*ROUND(Q109:AA109,15))),\"►S\",IF(AND(COUNTIF($P$11:$AA$11,\"▼\")=0,H109>0,I109=\"\"),\"◄M\",\"\")))))","v":""},"15.Instalações pluvial",94,{"$f":"IF($D109<>\"Serviço\",\"\",\n          IF(AUTOEVENTO=\"manual\",$A109,\n                IF(ISERROR(MATCH($A109,$A$15:OFFSET($A109,-1,0),0)),MAX($M$15:OFFSET(M109,-1,0))+1,\n                      INDEX($M$15:OFFSET(M109,-1,0),MATCH($A109,$A$15:OFFSET($A109,-1,0),0)))))","v":15},{"$f":"IF($D109<>\"Serviço\",\"\",\n         IF(AUTOEVENTO=\"Manual\",\n                IF($A109=0,\"<-- defina o número do agrupador\",\n                       OFFSET(EVENTOS!$D$15,$A109-$A$15,0)),\n                OFFSET($F$15,$A109,0)))","v":"Instalação do PSCIP"},null,null,null,{"$f":"58.7","v":58.7},null,null,null,null,null,null,null,null,null,{"$f":"IF(AND($D109=\"Serviço\",AB$12<>0,$H109>0,OR(AUTOEVENTO<>\"manual\",$M109<>$A$15)),\n        IF(Import.TipoArredondamento<>\"TransfereGOV\",\n              ROUND(OFFSET($P109,0,AB$13),15-13*ORÇAMENTO!$AF$7)/$H109*OFFSET(ORÇAMENTO!$X$15,ROW(AB109)-ROW(AB$15),0),\n              ROUND(ROUND(OFFSET($P109,0,AB$13),15-13*ORÇAMENTO!$AF$7)*OFFSET(ORÇAMENTO!$W$15,ROW(AB109)-ROW(AB$15),0),15-13*ORÇAMENTO!$AF$11)),\n         0)","v":0},{"$f":"IF(AND($D109=\"Serviço\",AC$12<>0,$H109>0,OR(AUTOEVENTO<>\"manual\",$M109<>$A$15)),\n        IF(Import.TipoArredondamento<>\"TransfereGOV\",\n              ROUND(OFFSET($P109,0,AC$13),15-13*ORÇAMENTO!$AF$7)/$H109*OFFSET(ORÇAMENTO!$X$15,ROW(AC109)-ROW(AC$15),0),\n              ROUND(ROUND(OFFSET($P109,0,AC$13),15-13*ORÇAMENTO!$AF$7)*OFFSET(ORÇAMENTO!$W$15,ROW(AC109)-ROW(AC$15),0),15-13*ORÇAMENTO!$AF$11)),\n         0)","v":0},{"$f":"IF(AND($D109=\"Serviço\",AD$12<>0,$H109>0,OR(AUTOEVENTO<>\"manual\",$M109<>$A$15)),\n        IF(Import.TipoArredondamento<>\"TransfereGOV\",\n              ROUND(OFFSET($P109,0,AD$13),15-13*ORÇAMENTO!$AF$7)/$H109*OFFSET(ORÇAMENTO!$X$15,ROW(AD109)-ROW(AD$15),0),\n              ROUND(ROUND(OFFSET($P109,0,AD$13),15-13*ORÇAMENTO!$AF$7)*OFFSET(ORÇAMENTO!$W$15,ROW(AD109)-ROW(AD$15),0),15-13*ORÇAMENTO!$AF$11)),\n         0)","v":0},{"$f":"IF(AND($D109=\"Serviço\",AE$12<>0,$H109>0,OR(AUTOEVENTO<>\"manual\",$M109<>$A$15)),\n        IF(Import.TipoArredondamento<>\"TransfereGOV\",\n              ROUND(OFFSET($P109,0,AE$13),15-13*ORÇAMENTO!$AF$7)/$H109*OFFSET(ORÇAMENTO!$X$15,ROW(AE109)-ROW(AE$15),0),\n              ROUND(ROUND(OFFSET($P109,0,AE$13),15-13*ORÇAMENTO!$AF$7)*OFFSET(ORÇAMENTO!$W$15,ROW(AE109)-ROW(AE$15),0),15-13*ORÇAMENTO!$AF$11)),\n         0)","v":0},{"$f":"IF(AND($D109=\"Serviço\",AF$12<>0,$H109>0,OR(AUTOEVENTO<>\"manual\",$M109<>$A$15)),\n        IF(Import.TipoArredondamento<>\"TransfereGOV\",\n              ROUND(OFFSET($P109,0,AF$13),15-13*ORÇAMENTO!$AF$7)/$H109*OFFSET(ORÇAMENTO!$X$15,ROW(AF109)-ROW(AF$15),0),\n              ROUND(ROUND(OFFSET($P109,0,AF$13),15-13*ORÇAMENTO!$AF$7)*OFFSET(ORÇAMENTO!$W$15,ROW(AF109)-ROW(AF$15),0),15-13*ORÇAMENTO!$AF$11)),\n         0)","v":0},{"$f":"IF(AND($D109=\"Serviço\",AG$12<>0,$H109>0,OR(AUTOEVENTO<>\"manual\",$M109<>$A$15)),\n        IF(Import.TipoArredondamento<>\"TransfereGOV\",\n              ROUND(OFFSET($P109,0,AG$13),15-13*ORÇAMENTO!$AF$7)/$H109*OFFSET(ORÇAMENTO!$X$15,ROW(AG109)-ROW(AG$15),0),\n              ROUND(ROUND(OFFSET($P109,0,AG$13),15-13*ORÇAMENTO!$AF$7)*OFFSET(ORÇAMENTO!$W$15,ROW(AG109)-ROW(AG$15),0),15-13*ORÇAMENTO!$AF$11)),\n         0)","v":0},{"$f":"IF(AND($D109=\"Serviço\",AH$12<>0,$H109>0,OR(AUTOEVENTO<>\"manual\",$M109<>$A$15)),\n        IF(Import.TipoArredondamento<>\"TransfereGOV\",\n              ROUND(OFFSET($P109,0,AH$13),15-13*ORÇAMENTO!$AF$7)/$H109*OFFSET(ORÇAMENTO!$X$15,ROW(AH109)-ROW(AH$15),0),\n              ROUND(ROUND(OFFSET($P109,0,AH$13),15-13*ORÇAMENTO!$AF$7)*OFFSET(ORÇAMENTO!$W$15,ROW(AH109)-ROW(AH$15),0),15-13*ORÇAMENTO!$AF$11)),\n         0)","v":0},{"$f":"IF(AND($D109=\"Serviço\",AI$12<>0,$H109>0,OR(AUTOEVENTO<>\"manual\",$M109<>$A$15)),\n        IF(Import.TipoArredondamento<>\"TransfereGOV\",\n              ROUND(OFFSET($P109,0,AI$13),15-13*ORÇAMENTO!$AF$7)/$H109*OFFSET(ORÇAMENTO!$X$15,ROW(AI109)-ROW(AI$15),0),\n              ROUND(ROUND(OFFSET($P109,0,AI$13),15-13*ORÇAMENTO!$AF$7)*OFFSET(ORÇAMENTO!$W$15,ROW(AI109)-ROW(AI$15),0),15-13*ORÇAMENTO!$AF$11)),\n         0)","v":0},{"$f":"IF(AND($D109=\"Serviço\",AJ$12<>0,$H109>0,OR(AUTOEVENTO<>\"manual\",$M109<>$A$15)),\n        IF(Import.TipoArredondamento<>\"TransfereGOV\",\n              ROUND(OFFSET($P109,0,AJ$13),15-13*ORÇAMENTO!$AF$7)/$H109*OFFSET(ORÇAMENTO!$X$15,ROW(AJ109)-ROW(AJ$15),0),\n              ROUND(ROUND(OFFSET($P109,0,AJ$13),15-13*ORÇAMENTO!$AF$7)*OFFSET(ORÇAMENTO!$W$15,ROW(AJ109)-ROW(AJ$15),0),15-13*ORÇAMENTO!$AF$11)),\n         0)","v":0},{"$f":"IF(AND($D109=\"Serviço\",AK$12<>0,$H109>0,OR(AUTOEVENTO<>\"manual\",$M109<>$A$15)),\n        IF(Import.TipoArredondamento<>\"TransfereGOV\",\n              ROUND(OFFSET($P109,0,AK$13),15-13*ORÇAMENTO!$AF$7)/$H109*OFFSET(ORÇAMENTO!$X$15,ROW(AK109)-ROW(AK$15),0),\n              ROUND(ROUND(OFFSET($P109,0,AK$13),15-13*ORÇAMENTO!$AF$7)*OFFSET(ORÇAMENTO!$W$15,ROW(AK109)-ROW(AK$15),0),15-13*ORÇAMENTO!$AF$11)),\n         0)","v":0},null,{"$f":"IF(OR($D109<>\"Serviço\",AND(AUTOEVENTO=\"Manual\",$M109=$A$15)),0,\n         IF(OFFSET(CRONOPLE!$F$15,$M109-$A$15,AM$13)=0,10^12,OFFSET(CRONOPLE!$F$15,$M109-$A$15,AM$13)))","v":5},{"$f":"IF(OR($D109<>\"Serviço\",AND(AUTOEVENTO=\"Manual\",$M109=$A$15)),0,\n         IF(OFFSET(CRONOPLE!$F$15,$M109-$A$15,AN$13)=0,10^12,OFFSET(CRONOPLE!$F$15,$M109-$A$15,AN$13)))","v":6},{"$f":"IF(OR($D109<>\"Serviço\",AND(AUTOEVENTO=\"Manual\",$M109=$A$15)),0,\n         IF(OFFSET(CRONOPLE!$F$15,$M109-$A$15,AO$13)=0,10^12,OFFSET(CRONOPLE!$F$15,$M109-$A$15,AO$13)))","v":4},{"$f":"IF(OR($D109<>\"Serviço\",AND(AUTOEVENTO=\"Manual\",$M109=$A$15)),0,\n         IF(OFFSET(CRONOPLE!$F$15,$M109-$A$15,AP$13)=0,10^12,OFFSET(CRONOPLE!$F$15,$M109-$A$15,AP$13)))","v":4},{"$f":"IF(OR($D109<>\"Serviço\",AND(AUTOEVENTO=\"Manual\",$M109=$A$15)),0,\n         IF(OFFSET(CRONOPLE!$F$15,$M109-$A$15,AQ$13)=0,10^12,OFFSET(CRONOPLE!$F$15,$M109-$A$15,AQ$13)))","v":1000000000000},{"$f":"IF(OR($D109<>\"Serviço\",AND(AUTOEVENTO=\"Manual\",$M109=$A$15)),0,\n         IF(OFFSET(CRONOPLE!$F$15,$M109-$A$15,AR$13)=0,10^12,OFFSET(CRONOPLE!$F$15,$M109-$A$15,AR$13)))","v":1000000000000},{"$f":"IF(OR($D109<>\"Serviço\",AND(AUTOEVENTO=\"Manual\",$M109=$A$15)),0,\n         IF(OFFSET(CRONOPLE!$F$15,$M109-$A$15,AS$13)=0,10^12,OFFSET(CRONOPLE!$F$15,$M109-$A$15,AS$13)))","v":1000000000000},{"$f":"IF(OR($D109<>\"Serviço\",AND(AUTOEVENTO=\"Manual\",$M109=$A$15)),0,\n         IF(OFFSET(CRONOPLE!$F$15,$M109-$A$15,AT$13)=0,10^12,OFFSET(CRONOPLE!$F$15,$M109-$A$15,AT$13)))","v":1000000000000},{"$f":"IF(OR($D109<>\"Serviço\",AND(AUTOEVENTO=\"Manual\",$M109=$A$15)),0,\n         IF(OFFSET(CRONOPLE!$F$15,$M109-$A$15,AU$13)=0,10^12,OFFSET(CRONOPLE!$F$15,$M109-$A$15,AU$13)))","v":1000000000000},{"$f":"IF(OR($D109<>\"Serviço\",AND(AUTOEVENTO=\"Manual\",$M109=$A$15)),0,\n         IF(OFFSET(CRONOPLE!$F$15,$M109-$A$15,AV$13)=0,10^12,OFFSET(CRONOPLE!$F$15,$M109-$A$15,AV$13)))","v":1000000000000},null,{"$f":"IF(OR($D109<>\"Serviço\",AND(AUTOEVENTO=\"Manual\",$M109=$A$15),$M109>(ROW(PLE.lastrow)-ROW(PLE.firstrow))),0,\n           IF(OFFSET(PLE!$G$15,$M109-$A$15,AX$13)=\"\",10^12,OFFSET(PLE!$G$15,$M109-$A$15,AX$13)))","v":4},{"$f":"IF(OR($D109<>\"Serviço\",AND(AUTOEVENTO=\"Manual\",$M109=$A$15),$M109>(ROW(PLE.lastrow)-ROW(PLE.firstrow))),0,\n           IF(OFFSET(PLE!$G$15,$M109-$A$15,AY$13)=\"\",10^12,OFFSET(PLE!$G$15,$M109-$A$15,AY$13)))","v":5},{"$f":"IF(OR($D109<>\"Serviço\",AND(AUTOEVENTO=\"Manual\",$M109=$A$15),$M109>(ROW(PLE.lastrow)-ROW(PLE.firstrow))),0,\n           IF(OFFSET(PLE!$G$15,$M109-$A$15,AZ$13)=\"\",10^12,OFFSET(PLE!$G$15,$M109-$A$15,AZ$13)))","v":1000000000000},{"$f":"IF(OR($D109<>\"Serviço\",AND(AUTOEVENTO=\"Manual\",$M109=$A$15),$M109>(ROW(PLE.lastrow)-ROW(PLE.firstrow))),0,\n           IF(OFFSET(PLE!$G$15,$M109-$A$15,BA$13)=\"\",10^12,OFFSET(PLE!$G$15,$M109-$A$15,BA$13)))","v":1000000000000},{"$f":"IF(OR($D109<>\"Serviço\",AND(AUTOEVENTO=\"Manual\",$M109=$A$15),$M109>(ROW(PLE.lastrow)-ROW(PLE.firstrow))),0,\n           IF(OFFSET(PLE!$G$15,$M109-$A$15,BB$13)=\"\",10^12,OFFSET(PLE!$G$15,$M109-$A$15,BB$13)))","v":1000000000000},{"$f":"IF(OR($D109<>\"Serviço\",AND(AUTOEVENTO=\"Manual\",$M109=$A$15),$M109>(ROW(PLE.lastrow)-ROW(PLE.firstrow))),0,\n           IF(OFFSET(PLE!$G$15,$M109-$A$15,BC$13)=\"\",10^12,OFFSET(PLE!$G$15,$M109-$A$15,BC$13)))","v":1000000000000},{"$f":"IF(OR($D109<>\"Serviço\",AND(AUTOEVENTO=\"Manual\",$M109=$A$15),$M109>(ROW(PLE.lastrow)-ROW(PLE.firstrow))),0,\n           IF(OFFSET(PLE!$G$15,$M109-$A$15,BD$13)=\"\",10^12,OFFSET(PLE!$G$15,$M109-$A$15,BD$13)))","v":1000000000000},{"$f":"IF(OR($D109<>\"Serviço\",AND(AUTOEVENTO=\"Manual\",$M109=$A$15),$M109>(ROW(PLE.lastrow)-ROW(PLE.firstrow))),0,\n           IF(OFFSET(PLE!$G$15,$M109-$A$15,BE$13)=\"\",10^12,OFFSET(PLE!$G$15,$M109-$A$15,BE$13)))","v":1000000000000},{"$f":"IF(OR($D109<>\"Serviço\",AND(AUTOEVENTO=\"Manual\",$M109=$A$15),$M109>(ROW(PLE.lastrow)-ROW(PLE.firstrow))),0,\n           IF(OFFSET(PLE!$G$15,$M109-$A$15,BF$13)=\"\",10^12,OFFSET(PLE!$G$15,$M109-$A$15,BF$13)))","v":1000000000000},{"$f":"IF(OR($D109<>\"Serviço\",AND(AUTOEVENTO=\"Manual\",$M109=$A$15),$M109>(ROW(PLE.lastrow)-ROW(PLE.firstrow))),0,\n           IF(OFFSET(PLE!$G$15,$M109-$A$15,BG$13)=\"\",10^12,OFFSET(PLE!$G$15,$M109-$A$15,BG$13)))","v":1000000000000}]
[15,{"$f":"OFFSET(ORÇAMENTO!C$15,$L110,0)","v":"S"},{"$f":"OFFSET(ORÇAMENTO!L$15,$L110,0)","v":"F"},{"$f":"OFFSET(ORÇAMENTO!N$15,$L110,0)","v":"Serviço"},{"$f":"OFFSET(ORÇAMENTO!O$15,$L110,0)","v":"1.11.2."},{"$f":"OFFSET(ORÇAMENTO!R$15,$L110,0)","v":"TUBO PVC, SÉRIE R, ÁGUA PLUVIAL, DN 100 MM, FORNECIDO E INSTALADO EM CONDUTORES VERTICAIS DE ÁGUAS PLUVIAIS. AF_06/2022"},{"$f":"IF($D110<>\"Serviço\",\"\",OFFSET(ORÇAMENTO!S$15,$L110,0))","v":"M"},{"$f":"IF($D110<>\"Serviço\",0,IF(ACOMPANHAMENTO=\"BM\",ROUND(OFFSET(ORÇAMENTO!AJ$15,$L110,0),15-13*ORÇAMENTO!$AF$7),IF(IFERROR(CÁLCULO.FrentesPreenchidas,0)=0,0,SUM(ROUND(OFFSET($P110,0,1,1,CÁLCULO.FrentesPreenchidas),15-13*ORÇAMENTO!$AF$7)))))","v":39.299999999999997},"CONFORME PROJETO PLUVIAL",{"$f":"IF(OR(B110<>\"S\",CÁLCULO.FrentesPreenchidas=0),\"\",IF(AND(ACOMPANHAMENTO=\"PLE\",AUTOEVENTO=\"Manual\",OR(H110>0,ORÇAMENTO!AC110=\"QUANT.\"),OR(K110=\"\",M110=0,N110=\"\")),\"►E\",IF(AND(ACOMPANHAMENTO=\"PLE\",ORÇAMENTO!AC110=\"QUANT.\"),\"►Q\",IF(AND(ACOMPANHAMENTO=\"PLE\",H110<>SUMPRODUCT(($Q$1:$AA$1=1)*ROUND(Q110:AA110,15))),\"►S\",IF(AND(COUNTIF($P$11:$AA$11,\"▼\")=0,H110>0,I110=\"\"),\"◄M\",\"\")))))","v":""},"15.Instalações pluvial",95,{"$f":"IF($D110<>\"Serviço\",\"\",\n          IF(AUTOEVENTO=\"manual\",$A110,\n                IF(ISERROR(MATCH($A110,$A$15:OFFSET($A110,-1,0),0)),MAX($M$15:OFFSET(M110,-1,0))+1,\n                      INDEX($M$15:OFFSET(M110,-1,0),MATCH($A110,$A$15:OFFSET($A110,-1,0),0)))))","v":15},{"$f":"IF($D110<>\"Serviço\",\"\",\n         IF(AUTOEVENTO=\"Manual\",\n                IF($A110=0,\"<-- defina o número do agrupador\",\n                       OFFSET(EVENTOS!$D$15,$A110-$A$15,0)),\n                OFFSET($F$15,$A110,0)))","v":"Instalação do PSCIP"},null,null,null,{"$f":"39.3","v":39.299999999999997},null,null,null,null,null,null,null,null,null,{"$f":"IF(AND($D110=\"Serviço\",AB$12<>0,$H110>0,OR(AUTOEVENTO<>\"manual\",$M110<>$A$15)),\n        IF(Import.TipoArredondamento<>\"TransfereGOV\",\n              ROUND(OFFSET($P110,0,AB$13),15-13*ORÇAMENTO!$AF$7)/$H110*OFFSET(ORÇAMENTO!$X$15,ROW(AB110)-ROW(AB$15),0),\n              ROUND(ROUND(OFFSET($P110,0,AB$13),15-13*ORÇAMENTO!$AF$7)*OFFSET(ORÇAMENTO!$W$15,ROW(AB110)-ROW(AB$15),0),15-13*ORÇAMENTO!$AF$11)),\n         0)","v":0},{"$f":"IF(AND($D110=\"Serviço\",AC$12<>0,$H110>0,OR(AUTOEVENTO<>\"manual\",$M110<>$A$15)),\n        IF(Import.TipoArredondamento<>\"TransfereGOV\",\n              ROUND(OFFSET($P110,0,AC$13),15-13*ORÇAMENTO!$AF$7)/$H110*OFFSET(ORÇAMENTO!$X$15,ROW(AC110)-ROW(AC$15),0),\n              ROUND(ROUND(OFFSET($P110,0,AC$13),15-13*ORÇAMENTO!$AF$7)*OFFSET(ORÇAMENTO!$W$15,ROW(AC110)-ROW(AC$15),0),15-13*ORÇAMENTO!$AF$11)),\n         0)","v":0},{"$f":"IF(AND($D110=\"Serviço\",AD$12<>0,$H110>0,OR(AUTOEVENTO<>\"manual\",$M110<>$A$15)),\n        IF(Import.TipoArredondamento<>\"TransfereGOV\",\n              ROUND(OFFSET($P110,0,AD$13),15-13*ORÇAMENTO!$AF$7)/$H110*OFFSET(ORÇAMENTO!$X$15,ROW(AD110)-ROW(AD$15),0),\n              ROUND(ROUND(OFFSET($P110,0,AD$13),15-13*ORÇAMENTO!$AF$7)*OFFSET(ORÇAMENTO!$W$15,ROW(AD110)-ROW(AD$15),0),15-13*ORÇAMENTO!$AF$11)),\n         0)","v":0},{"$f":"IF(AND($D110=\"Serviço\",AE$12<>0,$H110>0,OR(AUTOEVENTO<>\"manual\",$M110<>$A$15)),\n        IF(Import.TipoArredondamento<>\"TransfereGOV\",\n              ROUND(OFFSET($P110,0,AE$13),15-13*ORÇAMENTO!$AF$7)/$H110*OFFSET(ORÇAMENTO!$X$15,ROW(AE110)-ROW(AE$15),0),\n              ROUND(ROUND(OFFSET($P110,0,AE$13),15-13*ORÇAMENTO!$AF$7)*OFFSET(ORÇAMENTO!$W$15,ROW(AE110)-ROW(AE$15),0),15-13*ORÇAMENTO!$AF$11)),\n         0)","v":0},{"$f":"IF(AND($D110=\"Serviço\",AF$12<>0,$H110>0,OR(AUTOEVENTO<>\"manual\",$M110<>$A$15)),\n        IF(Import.TipoArredondamento<>\"TransfereGOV\",\n              ROUND(OFFSET($P110,0,AF$13),15-13*ORÇAMENTO!$AF$7)/$H110*OFFSET(ORÇAMENTO!$X$15,ROW(AF110)-ROW(AF$15),0),\n              ROUND(ROUND(OFFSET($P110,0,AF$13),15-13*ORÇAMENTO!$AF$7)*OFFSET(ORÇAMENTO!$W$15,ROW(AF110)-ROW(AF$15),0),15-13*ORÇAMENTO!$AF$11)),\n         0)","v":0},{"$f":"IF(AND($D110=\"Serviço\",AG$12<>0,$H110>0,OR(AUTOEVENTO<>\"manual\",$M110<>$A$15)),\n        IF(Import.TipoArredondamento<>\"TransfereGOV\",\n              ROUND(OFFSET($P110,0,AG$13),15-13*ORÇAMENTO!$AF$7)/$H110*OFFSET(ORÇAMENTO!$X$15,ROW(AG110)-ROW(AG$15),0),\n              ROUND(ROUND(OFFSET($P110,0,AG$13),15-13*ORÇAMENTO!$AF$7)*OFFSET(ORÇAMENTO!$W$15,ROW(AG110)-ROW(AG$15),0),15-13*ORÇAMENTO!$AF$11)),\n         0)","v":0},{"$f":"IF(AND($D110=\"Serviço\",AH$12<>0,$H110>0,OR(AUTOEVENTO<>\"manual\",$M110<>$A$15)),\n        IF(Import.TipoArredondamento<>\"TransfereGOV\",\n              ROUND(OFFSET($P110,0,AH$13),15-13*ORÇAMENTO!$AF$7)/$H110*OFFSET(ORÇAMENTO!$X$15,ROW(AH110)-ROW(AH$15),0),\n              ROUND(ROUND(OFFSET($P110,0,AH$13),15-13*ORÇAMENTO!$AF$7)*OFFSET(ORÇAMENTO!$W$15,ROW(AH110)-ROW(AH$15),0),15-13*ORÇAMENTO!$AF$11)),\n         0)","v":0},{"$f":"IF(AND($D110=\"Serviço\",AI$12<>0,$H110>0,OR(AUTOEVENTO<>\"manual\",$M110<>$A$15)),\n        IF(Import.TipoArredondamento<>\"TransfereGOV\",\n              ROUND(OFFSET($P110,0,AI$13),15-13*ORÇAMENTO!$AF$7)/$H110*OFFSET(ORÇAMENTO!$X$15,ROW(AI110)-ROW(AI$15),0),\n              ROUND(ROUND(OFFSET($P110,0,AI$13),15-13*ORÇAMENTO!$AF$7)*OFFSET(ORÇAMENTO!$W$15,ROW(AI110)-ROW(AI$15),0),15-13*ORÇAMENTO!$AF$11)),\n         0)","v":0},{"$f":"IF(AND($D110=\"Serviço\",AJ$12<>0,$H110>0,OR(AUTOEVENTO<>\"manual\",$M110<>$A$15)),\n        IF(Import.TipoArredondamento<>\"TransfereGOV\",\n              ROUND(OFFSET($P110,0,AJ$13),15-13*ORÇAMENTO!$AF$7)/$H110*OFFSET(ORÇAMENTO!$X$15,ROW(AJ110)-ROW(AJ$15),0),\n              ROUND(ROUND(OFFSET($P110,0,AJ$13),15-13*ORÇAMENTO!$AF$7)*OFFSET(ORÇAMENTO!$W$15,ROW(AJ110)-ROW(AJ$15),0),15-13*ORÇAMENTO!$AF$11)),\n         0)","v":0},{"$f":"IF(AND($D110=\"Serviço\",AK$12<>0,$H110>0,OR(AUTOEVENTO<>\"manual\",$M110<>$A$15)),\n        IF(Import.TipoArredondamento<>\"TransfereGOV\",\n              ROUND(OFFSET($P110,0,AK$13),15-13*ORÇAMENTO!$AF$7)/$H110*OFFSET(ORÇAMENTO!$X$15,ROW(AK110)-ROW(AK$15),0),\n              ROUND(ROUND(OFFSET($P110,0,AK$13),15-13*ORÇAMENTO!$AF$7)*OFFSET(ORÇAMENTO!$W$15,ROW(AK110)-ROW(AK$15),0),15-13*ORÇAMENTO!$AF$11)),\n         0)","v":0},null,{"$f":"IF(OR($D110<>\"Serviço\",AND(AUTOEVENTO=\"Manual\",$M110=$A$15)),0,\n         IF(OFFSET(CRONOPLE!$F$15,$M110-$A$15,AM$13)=0,10^12,OFFSET(CRONOPLE!$F$15,$M110-$A$15,AM$13)))","v":5},{"$f":"IF(OR($D110<>\"Serviço\",AND(AUTOEVENTO=\"Manual\",$M110=$A$15)),0,\n         IF(OFFSET(CRONOPLE!$F$15,$M110-$A$15,AN$13)=0,10^12,OFFSET(CRONOPLE!$F$15,$M110-$A$15,AN$13)))","v":6},{"$f":"IF(OR($D110<>\"Serviço\",AND(AUTOEVENTO=\"Manual\",$M110=$A$15)),0,\n         IF(OFFSET(CRONOPLE!$F$15,$M110-$A$15,AO$13)=0,10^12,OFFSET(CRONOPLE!$F$15,$M110-$A$15,AO$13)))","v":4},{"$f":"IF(OR($D110<>\"Serviço\",AND(AUTOEVENTO=\"Manual\",$M110=$A$15)),0,\n         IF(OFFSET(CRONOPLE!$F$15,$M110-$A$15,AP$13)=0,10^12,OFFSET(CRONOPLE!$F$15,$M110-$A$15,AP$13)))","v":4},{"$f":"IF(OR($D110<>\"Serviço\",AND(AUTOEVENTO=\"Manual\",$M110=$A$15)),0,\n         IF(OFFSET(CRONOPLE!$F$15,$M110-$A$15,AQ$13)=0,10^12,OFFSET(CRONOPLE!$F$15,$M110-$A$15,AQ$13)))","v":1000000000000},{"$f":"IF(OR($D110<>\"Serviço\",AND(AUTOEVENTO=\"Manual\",$M110=$A$15)),0,\n         IF(OFFSET(CRONOPLE!$F$15,$M110-$A$15,AR$13)=0,10^12,OFFSET(CRONOPLE!$F$15,$M110-$A$15,AR$13)))","v":1000000000000},{"$f":"IF(OR($D110<>\"Serviço\",AND(AUTOEVENTO=\"Manual\",$M110=$A$15)),0,\n         IF(OFFSET(CRONOPLE!$F$15,$M110-$A$15,AS$13)=0,10^12,OFFSET(CRONOPLE!$F$15,$M110-$A$15,AS$13)))","v":1000000000000},{"$f":"IF(OR($D110<>\"Serviço\",AND(AUTOEVENTO=\"Manual\",$M110=$A$15)),0,\n         IF(OFFSET(CRONOPLE!$F$15,$M110-$A$15,AT$13)=0,10^12,OFFSET(CRONOPLE!$F$15,$M110-$A$15,AT$13)))","v":1000000000000},{"$f":"IF(OR($D110<>\"Serviço\",AND(AUTOEVENTO=\"Manual\",$M110=$A$15)),0,\n         IF(OFFSET(CRONOPLE!$F$15,$M110-$A$15,AU$13)=0,10^12,OFFSET(CRONOPLE!$F$15,$M110-$A$15,AU$13)))","v":1000000000000},{"$f":"IF(OR($D110<>\"Serviço\",AND(AUTOEVENTO=\"Manual\",$M110=$A$15)),0,\n         IF(OFFSET(CRONOPLE!$F$15,$M110-$A$15,AV$13)=0,10^12,OFFSET(CRONOPLE!$F$15,$M110-$A$15,AV$13)))","v":1000000000000},null,{"$f":"IF(OR($D110<>\"Serviço\",AND(AUTOEVENTO=\"Manual\",$M110=$A$15),$M110>(ROW(PLE.lastrow)-ROW(PLE.firstrow))),0,\n           IF(OFFSET(PLE!$G$15,$M110-$A$15,AX$13)=\"\",10^12,OFFSET(PLE!$G$15,$M110-$A$15,AX$13)))","v":4},{"$f":"IF(OR($D110<>\"Serviço\",AND(AUTOEVENTO=\"Manual\",$M110=$A$15),$M110>(ROW(PLE.lastrow)-ROW(PLE.firstrow))),0,\n           IF(OFFSET(PLE!$G$15,$M110-$A$15,AY$13)=\"\",10^12,OFFSET(PLE!$G$15,$M110-$A$15,AY$13)))","v":5},{"$f":"IF(OR($D110<>\"Serviço\",AND(AUTOEVENTO=\"Manual\",$M110=$A$15),$M110>(ROW(PLE.lastrow)-ROW(PLE.firstrow))),0,\n           IF(OFFSET(PLE!$G$15,$M110-$A$15,AZ$13)=\"\",10^12,OFFSET(PLE!$G$15,$M110-$A$15,AZ$13)))","v":1000000000000},{"$f":"IF(OR($D110<>\"Serviço\",AND(AUTOEVENTO=\"Manual\",$M110=$A$15),$M110>(ROW(PLE.lastrow)-ROW(PLE.firstrow))),0,\n           IF(OFFSET(PLE!$G$15,$M110-$A$15,BA$13)=\"\",10^12,OFFSET(PLE!$G$15,$M110-$A$15,BA$13)))","v":1000000000000},{"$f":"IF(OR($D110<>\"Serviço\",AND(AUTOEVENTO=\"Manual\",$M110=$A$15),$M110>(ROW(PLE.lastrow)-ROW(PLE.firstrow))),0,\n           IF(OFFSET(PLE!$G$15,$M110-$A$15,BB$13)=\"\",10^12,OFFSET(PLE!$G$15,$M110-$A$15,BB$13)))","v":1000000000000},{"$f":"IF(OR($D110<>\"Serviço\",AND(AUTOEVENTO=\"Manual\",$M110=$A$15),$M110>(ROW(PLE.lastrow)-ROW(PLE.firstrow))),0,\n           IF(OFFSET(PLE!$G$15,$M110-$A$15,BC$13)=\"\",10^12,OFFSET(PLE!$G$15,$M110-$A$15,BC$13)))","v":1000000000000},{"$f":"IF(OR($D110<>\"Serviço\",AND(AUTOEVENTO=\"Manual\",$M110=$A$15),$M110>(ROW(PLE.lastrow)-ROW(PLE.firstrow))),0,\n           IF(OFFSET(PLE!$G$15,$M110-$A$15,BD$13)=\"\",10^12,OFFSET(PLE!$G$15,$M110-$A$15,BD$13)))","v":1000000000000},{"$f":"IF(OR($D110<>\"Serviço\",AND(AUTOEVENTO=\"Manual\",$M110=$A$15),$M110>(ROW(PLE.lastrow)-ROW(PLE.firstrow))),0,\n           IF(OFFSET(PLE!$G$15,$M110-$A$15,BE$13)=\"\",10^12,OFFSET(PLE!$G$15,$M110-$A$15,BE$13)))","v":1000000000000},{"$f":"IF(OR($D110<>\"Serviço\",AND(AUTOEVENTO=\"Manual\",$M110=$A$15),$M110>(ROW(PLE.lastrow)-ROW(PLE.firstrow))),0,\n           IF(OFFSET(PLE!$G$15,$M110-$A$15,BF$13)=\"\",10^12,OFFSET(PLE!$G$15,$M110-$A$15,BF$13)))","v":1000000000000},{"$f":"IF(OR($D110<>\"Serviço\",AND(AUTOEVENTO=\"Manual\",$M110=$A$15),$M110>(ROW(PLE.lastrow)-ROW(PLE.firstrow))),0,\n           IF(OFFSET(PLE!$G$15,$M110-$A$15,BG$13)=\"\",10^12,OFFSET(PLE!$G$15,$M110-$A$15,BG$13)))","v":1000000000000}]
[15,{"$f":"OFFSET(ORÇAMENTO!C$15,$L111,0)","v":"S"},{"$f":"OFFSET(ORÇAMENTO!L$15,$L111,0)","v":"F"},{"$f":"OFFSET(ORÇAMENTO!N$15,$L111,0)","v":"Serviço"},{"$f":"OFFSET(ORÇAMENTO!O$15,$L111,0)","v":"1.11.3."},{"$f":"OFFSET(ORÇAMENTO!R$15,$L111,0)","v":"JOELHO 90 GRAUS, PVC, SERIE R, ÁGUA PLUVIAL, DN 100 MM, JUNTA ELÁSTICA, FORNECIDO E INSTALADO EM CONDUTORES VERTICAIS DE ÁGUAS PLUVIAIS. AF_06/2022"},{"$f":"IF($D111<>\"Serviço\",\"\",OFFSET(ORÇAMENTO!S$15,$L111,0))","v":"UN"},{"$f":"IF($D111<>\"Serviço\",0,IF(ACOMPANHAMENTO=\"BM\",ROUND(OFFSET(ORÇAMENTO!AJ$15,$L111,0),15-13*ORÇAMENTO!$AF$7),IF(IFERROR(CÁLCULO.FrentesPreenchidas,0)=0,0,SUM(ROUND(OFFSET($P111,0,1,1,CÁLCULO.FrentesPreenchidas),15-13*ORÇAMENTO!$AF$7)))))","v":21},"CONFORME PROJETO PLUVIAL",{"$f":"IF(OR(B111<>\"S\",CÁLCULO.FrentesPreenchidas=0),\"\",IF(AND(ACOMPANHAMENTO=\"PLE\",AUTOEVENTO=\"Manual\",OR(H111>0,ORÇAMENTO!AC111=\"QUANT.\"),OR(K111=\"\",M111=0,N111=\"\")),\"►E\",IF(AND(ACOMPANHAMENTO=\"PLE\",ORÇAMENTO!AC111=\"QUANT.\"),\"►Q\",IF(AND(ACOMPANHAMENTO=\"PLE\",H111<>SUMPRODUCT(($Q$1:$AA$1=1)*ROUND(Q111:AA111,15))),\"►S\",IF(AND(COUNTIF($P$11:$AA$11,\"▼\")=0,H111>0,I111=\"\"),\"◄M\",\"\")))))","v":""},"15.Instalações pluvial",96,{"$f":"IF($D111<>\"Serviço\",\"\",\n          IF(AUTOEVENTO=\"manual\",$A111,\n                IF(ISERROR(MATCH($A111,$A$15:OFFSET($A111,-1,0),0)),MAX($M$15:OFFSET(M111,-1,0))+1,\n                      INDEX($M$15:OFFSET(M111,-1,0),MATCH($A111,$A$15:OFFSET($A111,-1,0),0)))))","v":15},{"$f":"IF($D111<>\"Serviço\",\"\",\n         IF(AUTOEVENTO=\"Manual\",\n                IF($A111=0,\"<-- defina o número do agrupador\",\n                       OFFSET(EVENTOS!$D$15,$A111-$A$15,0)),\n                OFFSET($F$15,$A111,0)))","v":"Instalação do PSCIP"},null,null,null,21,null,null,null,null,null,null,null,null,null,{"$f":"IF(AND($D111=\"Serviço\",AB$12<>0,$H111>0,OR(AUTOEVENTO<>\"manual\",$M111<>$A$15)),\n        IF(Import.TipoArredondamento<>\"TransfereGOV\",\n              ROUND(OFFSET($P111,0,AB$13),15-13*ORÇAMENTO!$AF$7)/$H111*OFFSET(ORÇAMENTO!$X$15,ROW(AB111)-ROW(AB$15),0),\n              ROUND(ROUND(OFFSET($P111,0,AB$13),15-13*ORÇAMENTO!$AF$7)*OFFSET(ORÇAMENTO!$W$15,ROW(AB111)-ROW(AB$15),0),15-13*ORÇAMENTO!$AF$11)),\n         0)","v":0},{"$f":"IF(AND($D111=\"Serviço\",AC$12<>0,$H111>0,OR(AUTOEVENTO<>\"manual\",$M111<>$A$15)),\n        IF(Import.TipoArredondamento<>\"TransfereGOV\",\n              ROUND(OFFSET($P111,0,AC$13),15-13*ORÇAMENTO!$AF$7)/$H111*OFFSET(ORÇAMENTO!$X$15,ROW(AC111)-ROW(AC$15),0),\n              ROUND(ROUND(OFFSET($P111,0,AC$13),15-13*ORÇAMENTO!$AF$7)*OFFSET(ORÇAMENTO!$W$15,ROW(AC111)-ROW(AC$15),0),15-13*ORÇAMENTO!$AF$11)),\n         0)","v":0},{"$f":"IF(AND($D111=\"Serviço\",AD$12<>0,$H111>0,OR(AUTOEVENTO<>\"manual\",$M111<>$A$15)),\n        IF(Import.TipoArredondamento<>\"TransfereGOV\",\n              ROUND(OFFSET($P111,0,AD$13),15-13*ORÇAMENTO!$AF$7)/$H111*OFFSET(ORÇAMENTO!$X$15,ROW(AD111)-ROW(AD$15),0),\n              ROUND(ROUND(OFFSET($P111,0,AD$13),15-13*ORÇAMENTO!$AF$7)*OFFSET(ORÇAMENTO!$W$15,ROW(AD111)-ROW(AD$15),0),15-13*ORÇAMENTO!$AF$11)),\n         0)","v":0},{"$f":"IF(AND($D111=\"Serviço\",AE$12<>0,$H111>0,OR(AUTOEVENTO<>\"manual\",$M111<>$A$15)),\n        IF(Import.TipoArredondamento<>\"TransfereGOV\",\n              ROUND(OFFSET($P111,0,AE$13),15-13*ORÇAMENTO!$AF$7)/$H111*OFFSET(ORÇAMENTO!$X$15,ROW(AE111)-ROW(AE$15),0),\n              ROUND(ROUND(OFFSET($P111,0,AE$13),15-13*ORÇAMENTO!$AF$7)*OFFSET(ORÇAMENTO!$W$15,ROW(AE111)-ROW(AE$15),0),15-13*ORÇAMENTO!$AF$11)),\n         0)","v":0},{"$f":"IF(AND($D111=\"Serviço\",AF$12<>0,$H111>0,OR(AUTOEVENTO<>\"manual\",$M111<>$A$15)),\n        IF(Import.TipoArredondamento<>\"TransfereGOV\",\n              ROUND(OFFSET($P111,0,AF$13),15-13*ORÇAMENTO!$AF$7)/$H111*OFFSET(ORÇAMENTO!$X$15,ROW(AF111)-ROW(AF$15),0),\n              ROUND(ROUND(OFFSET($P111,0,AF$13),15-13*ORÇAMENTO!$AF$7)*OFFSET(ORÇAMENTO!$W$15,ROW(AF111)-ROW(AF$15),0),15-13*ORÇAMENTO!$AF$11)),\n         0)","v":0},{"$f":"IF(AND($D111=\"Serviço\",AG$12<>0,$H111>0,OR(AUTOEVENTO<>\"manual\",$M111<>$A$15)),\n        IF(Import.TipoArredondamento<>\"TransfereGOV\",\n              ROUND(OFFSET($P111,0,AG$13),15-13*ORÇAMENTO!$AF$7)/$H111*OFFSET(ORÇAMENTO!$X$15,ROW(AG111)-ROW(AG$15),0),\n              ROUND(ROUND(OFFSET($P111,0,AG$13),15-13*ORÇAMENTO!$AF$7)*OFFSET(ORÇAMENTO!$W$15,ROW(AG111)-ROW(AG$15),0),15-13*ORÇAMENTO!$AF$11)),\n         0)","v":0},{"$f":"IF(AND($D111=\"Serviço\",AH$12<>0,$H111>0,OR(AUTOEVENTO<>\"manual\",$M111<>$A$15)),\n        IF(Import.TipoArredondamento<>\"TransfereGOV\",\n              ROUND(OFFSET($P111,0,AH$13),15-13*ORÇAMENTO!$AF$7)/$H111*OFFSET(ORÇAMENTO!$X$15,ROW(AH111)-ROW(AH$15),0),\n              ROUND(ROUND(OFFSET($P111,0,AH$13),15-13*ORÇAMENTO!$AF$7)*OFFSET(ORÇAMENTO!$W$15,ROW(AH111)-ROW(AH$15),0),15-13*ORÇAMENTO!$AF$11)),\n         0)","v":0},{"$f":"IF(AND($D111=\"Serviço\",AI$12<>0,$H111>0,OR(AUTOEVENTO<>\"manual\",$M111<>$A$15)),\n        IF(Import.TipoArredondamento<>\"TransfereGOV\",\n              ROUND(OFFSET($P111,0,AI$13),15-13*ORÇAMENTO!$AF$7)/$H111*OFFSET(ORÇAMENTO!$X$15,ROW(AI111)-ROW(AI$15),0),\n              ROUND(ROUND(OFFSET($P111,0,AI$13),15-13*ORÇAMENTO!$AF$7)*OFFSET(ORÇAMENTO!$W$15,ROW(AI111)-ROW(AI$15),0),15-13*ORÇAMENTO!$AF$11)),\n         0)","v":0},{"$f":"IF(AND($D111=\"Serviço\",AJ$12<>0,$H111>0,OR(AUTOEVENTO<>\"manual\",$M111<>$A$15)),\n        IF(Import.TipoArredondamento<>\"TransfereGOV\",\n              ROUND(OFFSET($P111,0,AJ$13),15-13*ORÇAMENTO!$AF$7)/$H111*OFFSET(ORÇAMENTO!$X$15,ROW(AJ111)-ROW(AJ$15),0),\n              ROUND(ROUND(OFFSET($P111,0,AJ$13),15-13*ORÇAMENTO!$AF$7)*OFFSET(ORÇAMENTO!$W$15,ROW(AJ111)-ROW(AJ$15),0),15-13*ORÇAMENTO!$AF$11)),\n         0)","v":0},{"$f":"IF(AND($D111=\"Serviço\",AK$12<>0,$H111>0,OR(AUTOEVENTO<>\"manual\",$M111<>$A$15)),\n        IF(Import.TipoArredondamento<>\"TransfereGOV\",\n              ROUND(OFFSET($P111,0,AK$13),15-13*ORÇAMENTO!$AF$7)/$H111*OFFSET(ORÇAMENTO!$X$15,ROW(AK111)-ROW(AK$15),0),\n              ROUND(ROUND(OFFSET($P111,0,AK$13),15-13*ORÇAMENTO!$AF$7)*OFFSET(ORÇAMENTO!$W$15,ROW(AK111)-ROW(AK$15),0),15-13*ORÇAMENTO!$AF$11)),\n         0)","v":0},null,{"$f":"IF(OR($D111<>\"Serviço\",AND(AUTOEVENTO=\"Manual\",$M111=$A$15)),0,\n         IF(OFFSET(CRONOPLE!$F$15,$M111-$A$15,AM$13)=0,10^12,OFFSET(CRONOPLE!$F$15,$M111-$A$15,AM$13)))","v":5},{"$f":"IF(OR($D111<>\"Serviço\",AND(AUTOEVENTO=\"Manual\",$M111=$A$15)),0,\n         IF(OFFSET(CRONOPLE!$F$15,$M111-$A$15,AN$13)=0,10^12,OFFSET(CRONOPLE!$F$15,$M111-$A$15,AN$13)))","v":6},{"$f":"IF(OR($D111<>\"Serviço\",AND(AUTOEVENTO=\"Manual\",$M111=$A$15)),0,\n         IF(OFFSET(CRONOPLE!$F$15,$M111-$A$15,AO$13)=0,10^12,OFFSET(CRONOPLE!$F$15,$M111-$A$15,AO$13)))","v":4},{"$f":"IF(OR($D111<>\"Serviço\",AND(AUTOEVENTO=\"Manual\",$M111=$A$15)),0,\n         IF(OFFSET(CRONOPLE!$F$15,$M111-$A$15,AP$13)=0,10^12,OFFSET(CRONOPLE!$F$15,$M111-$A$15,AP$13)))","v":4},{"$f":"IF(OR($D111<>\"Serviço\",AND(AUTOEVENTO=\"Manual\",$M111=$A$15)),0,\n         IF(OFFSET(CRONOPLE!$F$15,$M111-$A$15,AQ$13)=0,10^12,OFFSET(CRONOPLE!$F$15,$M111-$A$15,AQ$13)))","v":1000000000000},{"$f":"IF(OR($D111<>\"Serviço\",AND(AUTOEVENTO=\"Manual\",$M111=$A$15)),0,\n         IF(OFFSET(CRONOPLE!$F$15,$M111-$A$15,AR$13)=0,10^12,OFFSET(CRONOPLE!$F$15,$M111-$A$15,AR$13)))","v":1000000000000},{"$f":"IF(OR($D111<>\"Serviço\",AND(AUTOEVENTO=\"Manual\",$M111=$A$15)),0,\n         IF(OFFSET(CRONOPLE!$F$15,$M111-$A$15,AS$13)=0,10^12,OFFSET(CRONOPLE!$F$15,$M111-$A$15,AS$13)))","v":1000000000000},{"$f":"IF(OR($D111<>\"Serviço\",AND(AUTOEVENTO=\"Manual\",$M111=$A$15)),0,\n         IF(OFFSET(CRONOPLE!$F$15,$M111-$A$15,AT$13)=0,10^12,OFFSET(CRONOPLE!$F$15,$M111-$A$15,AT$13)))","v":1000000000000},{"$f":"IF(OR($D111<>\"Serviço\",AND(AUTOEVENTO=\"Manual\",$M111=$A$15)),0,\n         IF(OFFSET(CRONOPLE!$F$15,$M111-$A$15,AU$13)=0,10^12,OFFSET(CRONOPLE!$F$15,$M111-$A$15,AU$13)))","v":1000000000000},{"$f":"IF(OR($D111<>\"Serviço\",AND(AUTOEVENTO=\"Manual\",$M111=$A$15)),0,\n         IF(OFFSET(CRONOPLE!$F$15,$M111-$A$15,AV$13)=0,10^12,OFFSET(CRONOPLE!$F$15,$M111-$A$15,AV$13)))","v":1000000000000},null,{"$f":"IF(OR($D111<>\"Serviço\",AND(AUTOEVENTO=\"Manual\",$M111=$A$15),$M111>(ROW(PLE.lastrow)-ROW(PLE.firstrow))),0,\n           IF(OFFSET(PLE!$G$15,$M111-$A$15,AX$13)=\"\",10^12,OFFSET(PLE!$G$15,$M111-$A$15,AX$13)))","v":4},{"$f":"IF(OR($D111<>\"Serviço\",AND(AUTOEVENTO=\"Manual\",$M111=$A$15),$M111>(ROW(PLE.lastrow)-ROW(PLE.firstrow))),0,\n           IF(OFFSET(PLE!$G$15,$M111-$A$15,AY$13)=\"\",10^12,OFFSET(PLE!$G$15,$M111-$A$15,AY$13)))","v":5},{"$f":"IF(OR($D111<>\"Serviço\",AND(AUTOEVENTO=\"Manual\",$M111=$A$15),$M111>(ROW(PLE.lastrow)-ROW(PLE.firstrow))),0,\n           IF(OFFSET(PLE!$G$15,$M111-$A$15,AZ$13)=\"\",10^12,OFFSET(PLE!$G$15,$M111-$A$15,AZ$13)))","v":1000000000000},{"$f":"IF(OR($D111<>\"Serviço\",AND(AUTOEVENTO=\"Manual\",$M111=$A$15),$M111>(ROW(PLE.lastrow)-ROW(PLE.firstrow))),0,\n           IF(OFFSET(PLE!$G$15,$M111-$A$15,BA$13)=\"\",10^12,OFFSET(PLE!$G$15,$M111-$A$15,BA$13)))","v":1000000000000},{"$f":"IF(OR($D111<>\"Serviço\",AND(AUTOEVENTO=\"Manual\",$M111=$A$15),$M111>(ROW(PLE.lastrow)-ROW(PLE.firstrow))),0,\n           IF(OFFSET(PLE!$G$15,$M111-$A$15,BB$13)=\"\",10^12,OFFSET(PLE!$G$15,$M111-$A$15,BB$13)))","v":1000000000000},{"$f":"IF(OR($D111<>\"Serviço\",AND(AUTOEVENTO=\"Manual\",$M111=$A$15),$M111>(ROW(PLE.lastrow)-ROW(PLE.firstrow))),0,\n           IF(OFFSET(PLE!$G$15,$M111-$A$15,BC$13)=\"\",10^12,OFFSET(PLE!$G$15,$M111-$A$15,BC$13)))","v":1000000000000},{"$f":"IF(OR($D111<>\"Serviço\",AND(AUTOEVENTO=\"Manual\",$M111=$A$15),$M111>(ROW(PLE.lastrow)-ROW(PLE.firstrow))),0,\n           IF(OFFSET(PLE!$G$15,$M111-$A$15,BD$13)=\"\",10^12,OFFSET(PLE!$G$15,$M111-$A$15,BD$13)))","v":1000000000000},{"$f":"IF(OR($D111<>\"Serviço\",AND(AUTOEVENTO=\"Manual\",$M111=$A$15),$M111>(ROW(PLE.lastrow)-ROW(PLE.firstrow))),0,\n           IF(OFFSET(PLE!$G$15,$M111-$A$15,BE$13)=\"\",10^12,OFFSET(PLE!$G$15,$M111-$A$15,BE$13)))","v":1000000000000},{"$f":"IF(OR($D111<>\"Serviço\",AND(AUTOEVENTO=\"Manual\",$M111=$A$15),$M111>(ROW(PLE.lastrow)-ROW(PLE.firstrow))),0,\n           IF(OFFSET(PLE!$G$15,$M111-$A$15,BF$13)=\"\",10^12,OFFSET(PLE!$G$15,$M111-$A$15,BF$13)))","v":1000000000000},{"$f":"IF(OR($D111<>\"Serviço\",AND(AUTOEVENTO=\"Manual\",$M111=$A$15),$M111>(ROW(PLE.lastrow)-ROW(PLE.firstrow))),0,\n           IF(OFFSET(PLE!$G$15,$M111-$A$15,BG$13)=\"\",10^12,OFFSET(PLE!$G$15,$M111-$A$15,BG$13)))","v":1000000000000}]
[{"$f":"IFERROR(IF(AUTOEVENTO=\"Manual\",IF(K112<>\"\",MIN(VALUE(LEFT(K112,FIND(\".\",K112)-1)),COUNTA(EVENTOS.Lista)),0),IF(OR($B112>AUTOEVENTO,$B112=\"S\",$B112=0),SUBSTITUTE(OFFSET($A112,-1,0),IF($D112=\"Serviço\",\".\",\"\"),\"\"),$L112&\".\")),0)","v":0},{"$f":"OFFSET(ORÇAMENTO!C$15,$L112,0)","v":2},{"$f":"OFFSET(ORÇAMENTO!L$15,$L112,0)","v":"F"},{"$f":"OFFSET(ORÇAMENTO!N$15,$L112,0)","v":"Nível 2"},{"$f":"OFFSET(ORÇAMENTO!O$15,$L112,0)","v":"1.12."},{"$f":"OFFSET(ORÇAMENTO!R$15,$L112,0)","v":"INCÊNDIO E PÂNICO"},{"$f":"IF($D112<>\"Serviço\",\"\",OFFSET(ORÇAMENTO!S$15,$L112,0))","v":""},{"$f":"IF($D112<>\"Serviço\",0,IF(ACOMPANHAMENTO=\"BM\",ROUND(OFFSET(ORÇAMENTO!AJ$15,$L112,0),15-13*ORÇAMENTO!$AF$7),IF(IFERROR(CÁLCULO.FrentesPreenchidas,0)=0,0,SUM(ROUND(OFFSET($P112,0,1,1,CÁLCULO.FrentesPreenchidas),15-13*ORÇAMENTO!$AF$7)))))","v":0},null,{"$f":"IF(OR(B112<>\"S\",CÁLCULO.FrentesPreenchidas=0),\"\",IF(AND(ACOMPANHAMENTO=\"PLE\",AUTOEVENTO=\"Manual\",OR(H112>0,ORÇAMENTO!AC112=\"QUANT.\"),OR(K112=\"\",M112=0,N112=\"\")),\"►E\",IF(AND(ACOMPANHAMENTO=\"PLE\",ORÇAMENTO!AC112=\"QUANT.\"),\"►Q\",IF(AND(ACOMPANHAMENTO=\"PLE\",H112<>SUMPRODUCT(($Q$1:$AA$1=1)*ROUND(Q112:AA112,15))),\"►S\",IF(AND(COUNTIF($P$11:$AA$11,\"▼\")=0,H112>0,I112=\"\"),\"◄M\",\"\")))))","v":""},null,97,{"$f":"IF($D112<>\"Serviço\",\"\",\n          IF(AUTOEVENTO=\"manual\",$A112,\n                IF(ISERROR(MATCH($A112,$A$15:OFFSET($A112,-1,0),0)),MAX($M$15:OFFSET(M112,-1,0))+1,\n                      INDEX($M$15:OFFSET(M112,-1,0),MATCH($A112,$A$15:OFFSET($A112,-1,0),0)))))","v":""},{"$f":"IF($D112<>\"Serviço\",\"\",\n         IF(AUTOEVENTO=\"Manual\",\n                IF($A112=0,\"<-- defina o número do agrupador\",\n                       OFFSET(EVENTOS!$D$15,$A112-$A$15,0)),\n                OFFSET($F$15,$A112,0)))","v":""},null,null,null,null,null,null,null,null,null,null,null,null,null,{"$f":"IF(AND($D112=\"Serviço\",AB$12<>0,$H112>0,OR(AUTOEVENTO<>\"manual\",$M112<>$A$15)),\n        IF(Import.TipoArredondamento<>\"TransfereGOV\",\n              ROUND(OFFSET($P112,0,AB$13),15-13*ORÇAMENTO!$AF$7)/$H112*OFFSET(ORÇAMENTO!$X$15,ROW(AB112)-ROW(AB$15),0),\n              ROUND(ROUND(OFFSET($P112,0,AB$13),15-13*ORÇAMENTO!$AF$7)*OFFSET(ORÇAMENTO!$W$15,ROW(AB112)-ROW(AB$15),0),15-13*ORÇAMENTO!$AF$11)),\n         0)","v":0},{"$f":"IF(AND($D112=\"Serviço\",AC$12<>0,$H112>0,OR(AUTOEVENTO<>\"manual\",$M112<>$A$15)),\n        IF(Import.TipoArredondamento<>\"TransfereGOV\",\n              ROUND(OFFSET($P112,0,AC$13),15-13*ORÇAMENTO!$AF$7)/$H112*OFFSET(ORÇAMENTO!$X$15,ROW(AC112)-ROW(AC$15),0),\n              ROUND(ROUND(OFFSET($P112,0,AC$13),15-13*ORÇAMENTO!$AF$7)*OFFSET(ORÇAMENTO!$W$15,ROW(AC112)-ROW(AC$15),0),15-13*ORÇAMENTO!$AF$11)),\n         0)","v":0},{"$f":"IF(AND($D112=\"Serviço\",AD$12<>0,$H112>0,OR(AUTOEVENTO<>\"manual\",$M112<>$A$15)),\n        IF(Import.TipoArredondamento<>\"TransfereGOV\",\n              ROUND(OFFSET($P112,0,AD$13),15-13*ORÇAMENTO!$AF$7)/$H112*OFFSET(ORÇAMENTO!$X$15,ROW(AD112)-ROW(AD$15),0),\n              ROUND(ROUND(OFFSET($P112,0,AD$13),15-13*ORÇAMENTO!$AF$7)*OFFSET(ORÇAMENTO!$W$15,ROW(AD112)-ROW(AD$15),0),15-13*ORÇAMENTO!$AF$11)),\n         0)","v":0},{"$f":"IF(AND($D112=\"Serviço\",AE$12<>0,$H112>0,OR(AUTOEVENTO<>\"manual\",$M112<>$A$15)),\n        IF(Import.TipoArredondamento<>\"TransfereGOV\",\n              ROUND(OFFSET($P112,0,AE$13),15-13*ORÇAMENTO!$AF$7)/$H112*OFFSET(ORÇAMENTO!$X$15,ROW(AE112)-ROW(AE$15),0),\n              ROUND(ROUND(OFFSET($P112,0,AE$13),15-13*ORÇAMENTO!$AF$7)*OFFSET(ORÇAMENTO!$W$15,ROW(AE112)-ROW(AE$15),0),15-13*ORÇAMENTO!$AF$11)),\n         0)","v":0},{"$f":"IF(AND($D112=\"Serviço\",AF$12<>0,$H112>0,OR(AUTOEVENTO<>\"manual\",$M112<>$A$15)),\n        IF(Import.TipoArredondamento<>\"TransfereGOV\",\n              ROUND(OFFSET($P112,0,AF$13),15-13*ORÇAMENTO!$AF$7)/$H112*OFFSET(ORÇAMENTO!$X$15,ROW(AF112)-ROW(AF$15),0),\n              ROUND(ROUND(OFFSET($P112,0,AF$13),15-13*ORÇAMENTO!$AF$7)*OFFSET(ORÇAMENTO!$W$15,ROW(AF112)-ROW(AF$15),0),15-13*ORÇAMENTO!$AF$11)),\n         0)","v":0},{"$f":"IF(AND($D112=\"Serviço\",AG$12<>0,$H112>0,OR(AUTOEVENTO<>\"manual\",$M112<>$A$15)),\n        IF(Import.TipoArredondamento<>\"TransfereGOV\",\n              ROUND(OFFSET($P112,0,AG$13),15-13*ORÇAMENTO!$AF$7)/$H112*OFFSET(ORÇAMENTO!$X$15,ROW(AG112)-ROW(AG$15),0),\n              ROUND(ROUND(OFFSET($P112,0,AG$13),15-13*ORÇAMENTO!$AF$7)*OFFSET(ORÇAMENTO!$W$15,ROW(AG112)-ROW(AG$15),0),15-13*ORÇAMENTO!$AF$11)),\n         0)","v":0},{"$f":"IF(AND($D112=\"Serviço\",AH$12<>0,$H112>0,OR(AUTOEVENTO<>\"manual\",$M112<>$A$15)),\n        IF(Import.TipoArredondamento<>\"TransfereGOV\",\n              ROUND(OFFSET($P112,0,AH$13),15-13*ORÇAMENTO!$AF$7)/$H112*OFFSET(ORÇAMENTO!$X$15,ROW(AH112)-ROW(AH$15),0),\n              ROUND(ROUND(OFFSET($P112,0,AH$13),15-13*ORÇAMENTO!$AF$7)*OFFSET(ORÇAMENTO!$W$15,ROW(AH112)-ROW(AH$15),0),15-13*ORÇAMENTO!$AF$11)),\n         0)","v":0},{"$f":"IF(AND($D112=\"Serviço\",AI$12<>0,$H112>0,OR(AUTOEVENTO<>\"manual\",$M112<>$A$15)),\n        IF(Import.TipoArredondamento<>\"TransfereGOV\",\n              ROUND(OFFSET($P112,0,AI$13),15-13*ORÇAMENTO!$AF$7)/$H112*OFFSET(ORÇAMENTO!$X$15,ROW(AI112)-ROW(AI$15),0),\n              ROUND(ROUND(OFFSET($P112,0,AI$13),15-13*ORÇAMENTO!$AF$7)*OFFSET(ORÇAMENTO!$W$15,ROW(AI112)-ROW(AI$15),0),15-13*ORÇAMENTO!$AF$11)),\n         0)","v":0},{"$f":"IF(AND($D112=\"Serviço\",AJ$12<>0,$H112>0,OR(AUTOEVENTO<>\"manual\",$M112<>$A$15)),\n        IF(Import.TipoArredondamento<>\"TransfereGOV\",\n              ROUND(OFFSET($P112,0,AJ$13),15-13*ORÇAMENTO!$AF$7)/$H112*OFFSET(ORÇAMENTO!$X$15,ROW(AJ112)-ROW(AJ$15),0),\n              ROUND(ROUND(OFFSET($P112,0,AJ$13),15-13*ORÇAMENTO!$AF$7)*OFFSET(ORÇAMENTO!$W$15,ROW(AJ112)-ROW(AJ$15),0),15-13*ORÇAMENTO!$AF$11)),\n         0)","v":0},{"$f":"IF(AND($D112=\"Serviço\",AK$12<>0,$H112>0,OR(AUTOEVENTO<>\"manual\",$M112<>$A$15)),\n        IF(Import.TipoArredondamento<>\"TransfereGOV\",\n              ROUND(OFFSET($P112,0,AK$13),15-13*ORÇAMENTO!$AF$7)/$H112*OFFSET(ORÇAMENTO!$X$15,ROW(AK112)-ROW(AK$15),0),\n              ROUND(ROUND(OFFSET($P112,0,AK$13),15-13*ORÇAMENTO!$AF$7)*OFFSET(ORÇAMENTO!$W$15,ROW(AK112)-ROW(AK$15),0),15-13*ORÇAMENTO!$AF$11)),\n         0)","v":0},null,{"$f":"IF(OR($D112<>\"Serviço\",AND(AUTOEVENTO=\"Manual\",$M112=$A$15)),0,\n         IF(OFFSET(CRONOPLE!$F$15,$M112-$A$15,AM$13)=0,10^12,OFFSET(CRONOPLE!$F$15,$M112-$A$15,AM$13)))","v":0},{"$f":"IF(OR($D112<>\"Serviço\",AND(AUTOEVENTO=\"Manual\",$M112=$A$15)),0,\n         IF(OFFSET(CRONOPLE!$F$15,$M112-$A$15,AN$13)=0,10^12,OFFSET(CRONOPLE!$F$15,$M112-$A$15,AN$13)))","v":0},{"$f":"IF(OR($D112<>\"Serviço\",AND(AUTOEVENTO=\"Manual\",$M112=$A$15)),0,\n         IF(OFFSET(CRONOPLE!$F$15,$M112-$A$15,AO$13)=0,10^12,OFFSET(CRONOPLE!$F$15,$M112-$A$15,AO$13)))","v":0},{"$f":"IF(OR($D112<>\"Serviço\",AND(AUTOEVENTO=\"Manual\",$M112=$A$15)),0,\n         IF(OFFSET(CRONOPLE!$F$15,$M112-$A$15,AP$13)=0,10^12,OFFSET(CRONOPLE!$F$15,$M112-$A$15,AP$13)))","v":0},{"$f":"IF(OR($D112<>\"Serviço\",AND(AUTOEVENTO=\"Manual\",$M112=$A$15)),0,\n         IF(OFFSET(CRONOPLE!$F$15,$M112-$A$15,AQ$13)=0,10^12,OFFSET(CRONOPLE!$F$15,$M112-$A$15,AQ$13)))","v":0},{"$f":"IF(OR($D112<>\"Serviço\",AND(AUTOEVENTO=\"Manual\",$M112=$A$15)),0,\n         IF(OFFSET(CRONOPLE!$F$15,$M112-$A$15,AR$13)=0,10^12,OFFSET(CRONOPLE!$F$15,$M112-$A$15,AR$13)))","v":0},{"$f":"IF(OR($D112<>\"Serviço\",AND(AUTOEVENTO=\"Manual\",$M112=$A$15)),0,\n         IF(OFFSET(CRONOPLE!$F$15,$M112-$A$15,AS$13)=0,10^12,OFFSET(CRONOPLE!$F$15,$M112-$A$15,AS$13)))","v":0},{"$f":"IF(OR($D112<>\"Serviço\",AND(AUTOEVENTO=\"Manual\",$M112=$A$15)),0,\n         IF(OFFSET(CRONOPLE!$F$15,$M112-$A$15,AT$13)=0,10^12,OFFSET(CRONOPLE!$F$15,$M112-$A$15,AT$13)))","v":0},{"$f":"IF(OR($D112<>\"Serviço\",AND(AUTOEVENTO=\"Manual\",$M112=$A$15)),0,\n         IF(OFFSET(CRONOPLE!$F$15,$M112-$A$15,AU$13)=0,10^12,OFFSET(CRONOPLE!$F$15,$M112-$A$15,AU$13)))","v":0},{"$f":"IF(OR($D112<>\"Serviço\",AND(AUTOEVENTO=\"Manual\",$M112=$A$15)),0,\n         IF(OFFSET(CRONOPLE!$F$15,$M112-$A$15,AV$13)=0,10^12,OFFSET(CRONOPLE!$F$15,$M112-$A$15,AV$13)))","v":0},null,{"$f":"IF(OR($D112<>\"Serviço\",AND(AUTOEVENTO=\"Manual\",$M112=$A$15),$M112>(ROW(PLE.lastrow)-ROW(PLE.firstrow))),0,\n           IF(OFFSET(PLE!$G$15,$M112-$A$15,AX$13)=\"\",10^12,OFFSET(PLE!$G$15,$M112-$A$15,AX$13)))","v":0},{"$f":"IF(OR($D112<>\"Serviço\",AND(AUTOEVENTO=\"Manual\",$M112=$A$15),$M112>(ROW(PLE.lastrow)-ROW(PLE.firstrow))),0,\n           IF(OFFSET(PLE!$G$15,$M112-$A$15,AY$13)=\"\",10^12,OFFSET(PLE!$G$15,$M112-$A$15,AY$13)))","v":0},{"$f":"IF(OR($D112<>\"Serviço\",AND(AUTOEVENTO=\"Manual\",$M112=$A$15),$M112>(ROW(PLE.lastrow)-ROW(PLE.firstrow))),0,\n           IF(OFFSET(PLE!$G$15,$M112-$A$15,AZ$13)=\"\",10^12,OFFSET(PLE!$G$15,$M112-$A$15,AZ$13)))","v":0},{"$f":"IF(OR($D112<>\"Serviço\",AND(AUTOEVENTO=\"Manual\",$M112=$A$15),$M112>(ROW(PLE.lastrow)-ROW(PLE.firstrow))),0,\n           IF(OFFSET(PLE!$G$15,$M112-$A$15,BA$13)=\"\",10^12,OFFSET(PLE!$G$15,$M112-$A$15,BA$13)))","v":0},{"$f":"IF(OR($D112<>\"Serviço\",AND(AUTOEVENTO=\"Manual\",$M112=$A$15),$M112>(ROW(PLE.lastrow)-ROW(PLE.firstrow))),0,\n           IF(OFFSET(PLE!$G$15,$M112-$A$15,BB$13)=\"\",10^12,OFFSET(PLE!$G$15,$M112-$A$15,BB$13)))","v":0},{"$f":"IF(OR($D112<>\"Serviço\",AND(AUTOEVENTO=\"Manual\",$M112=$A$15),$M112>(ROW(PLE.lastrow)-ROW(PLE.firstrow))),0,\n           IF(OFFSET(PLE!$G$15,$M112-$A$15,BC$13)=\"\",10^12,OFFSET(PLE!$G$15,$M112-$A$15,BC$13)))","v":0},{"$f":"IF(OR($D112<>\"Serviço\",AND(AUTOEVENTO=\"Manual\",$M112=$A$15),$M112>(ROW(PLE.lastrow)-ROW(PLE.firstrow))),0,\n           IF(OFFSET(PLE!$G$15,$M112-$A$15,BD$13)=\"\",10^12,OFFSET(PLE!$G$15,$M112-$A$15,BD$13)))","v":0},{"$f":"IF(OR($D112<>\"Serviço\",AND(AUTOEVENTO=\"Manual\",$M112=$A$15),$M112>(ROW(PLE.lastrow)-ROW(PLE.firstrow))),0,\n           IF(OFFSET(PLE!$G$15,$M112-$A$15,BE$13)=\"\",10^12,OFFSET(PLE!$G$15,$M112-$A$15,BE$13)))","v":0},{"$f":"IF(OR($D112<>\"Serviço\",AND(AUTOEVENTO=\"Manual\",$M112=$A$15),$M112>(ROW(PLE.lastrow)-ROW(PLE.firstrow))),0,\n           IF(OFFSET(PLE!$G$15,$M112-$A$15,BF$13)=\"\",10^12,OFFSET(PLE!$G$15,$M112-$A$15,BF$13)))","v":0},{"$f":"IF(OR($D112<>\"Serviço\",AND(AUTOEVENTO=\"Manual\",$M112=$A$15),$M112>(ROW(PLE.lastrow)-ROW(PLE.firstrow))),0,\n           IF(OFFSET(PLE!$G$15,$M112-$A$15,BG$13)=\"\",10^12,OFFSET(PLE!$G$15,$M112-$A$15,BG$13)))","v":0}]
[16,{"$f":"OFFSET(ORÇAMENTO!C$15,$L113,0)","v":"S"},{"$f":"OFFSET(ORÇAMENTO!L$15,$L113,0)","v":"F"},{"$f":"OFFSET(ORÇAMENTO!N$15,$L113,0)","v":"Serviço"},{"$f":"OFFSET(ORÇAMENTO!O$15,$L113,0)","v":"1.12.1."},{"$f":"OFFSET(ORÇAMENTO!R$15,$L113,0)","v":"EXTINTOR DE INCÊNDIO PORTÁTIL COM CARGA DE ÁGUA PRESSURIZADA DE 10 L, CLASSE A - FORNECIMENTO E INSTALAÇÃO. AF_10/2020_PE"},{"$f":"IF($D113<>\"Serviço\",\"\",OFFSET(ORÇAMENTO!S$15,$L113,0))","v":"UN"},{"$f":"IF($D113<>\"Serviço\",0,IF(ACOMPANHAMENTO=\"BM\",ROUND(OFFSET(ORÇAMENTO!AJ$15,$L113,0),15-13*ORÇAMENTO!$AF$7),IF(IFERROR(CÁLCULO.FrentesPreenchidas,0)=0,0,SUM(ROUND(OFFSET($P113,0,1,1,CÁLCULO.FrentesPreenchidas),15-13*ORÇAMENTO!$AF$7)))))","v":1},"CONFORME PROJETO PSCIP",{"$f":"IF(OR(B113<>\"S\",CÁLCULO.FrentesPreenchidas=0),\"\",IF(AND(ACOMPANHAMENTO=\"PLE\",AUTOEVENTO=\"Manual\",OR(H113>0,ORÇAMENTO!AC113=\"QUANT.\"),OR(K113=\"\",M113=0,N113=\"\")),\"►E\",IF(AND(ACOMPANHAMENTO=\"PLE\",ORÇAMENTO!AC113=\"QUANT.\"),\"►Q\",IF(AND(ACOMPANHAMENTO=\"PLE\",H113<>SUMPRODUCT(($Q$1:$AA$1=1)*ROUND(Q113:AA113,15))),\"►S\",IF(AND(COUNTIF($P$11:$AA$11,\"▼\")=0,H113>0,I113=\"\"),\"◄M\",\"\")))))","v":""},"16.Instalação do PSCIP",98,{"$f":"IF($D113<>\"Serviço\",\"\",\n          IF(AUTOEVENTO=\"manual\",$A113,\n                IF(ISERROR(MATCH($A113,$A$15:OFFSET($A113,-1,0),0)),MAX($M$15:OFFSET(M113,-1,0))+1,\n                      INDEX($M$15:OFFSET(M113,-1,0),MATCH($A113,$A$15:OFFSET($A113,-1,0),0)))))","v":16},{"$f":"IF($D113<>\"Serviço\",\"\",\n         IF(AUTOEVENTO=\"Manual\",\n                IF($A113=0,\"<-- defina o número do agrupador\",\n                       OFFSET(EVENTOS!$D$15,$A113-$A$15,0)),\n                OFFSET($F$15,$A113,0)))","v":"Calçamento"},null,null,null,1,null,null,null,null,null,null,null,null,null,{"$f":"IF(AND($D113=\"Serviço\",AB$12<>0,$H113>0,OR(AUTOEVENTO<>\"manual\",$M113<>$A$15)),\n        IF(Import.TipoArredondamento<>\"TransfereGOV\",\n              ROUND(OFFSET($P113,0,AB$13),15-13*ORÇAMENTO!$AF$7)/$H113*OFFSET(ORÇAMENTO!$X$15,ROW(AB113)-ROW(AB$15),0),\n              ROUND(ROUND(OFFSET($P113,0,AB$13),15-13*ORÇAMENTO!$AF$7)*OFFSET(ORÇAMENTO!$W$15,ROW(AB113)-ROW(AB$15),0),15-13*ORÇAMENTO!$AF$11)),\n         0)","v":0},{"$f":"IF(AND($D113=\"Serviço\",AC$12<>0,$H113>0,OR(AUTOEVENTO<>\"manual\",$M113<>$A$15)),\n        IF(Import.TipoArredondamento<>\"TransfereGOV\",\n              ROUND(OFFSET($P113,0,AC$13),15-13*ORÇAMENTO!$AF$7)/$H113*OFFSET(ORÇAMENTO!$X$15,ROW(AC113)-ROW(AC$15),0),\n              ROUND(ROUND(OFFSET($P113,0,AC$13),15-13*ORÇAMENTO!$AF$7)*OFFSET(ORÇAMENTO!$W$15,ROW(AC113)-ROW(AC$15),0),15-13*ORÇAMENTO!$AF$11)),\n         0)","v":0},{"$f":"IF(AND($D113=\"Serviço\",AD$12<>0,$H113>0,OR(AUTOEVENTO<>\"manual\",$M113<>$A$15)),\n        IF(Import.TipoArredondamento<>\"TransfereGOV\",\n              ROUND(OFFSET($P113,0,AD$13),15-13*ORÇAMENTO!$AF$7)/$H113*OFFSET(ORÇAMENTO!$X$15,ROW(AD113)-ROW(AD$15),0),\n              ROUND(ROUND(OFFSET($P113,0,AD$13),15-13*ORÇAMENTO!$AF$7)*OFFSET(ORÇAMENTO!$W$15,ROW(AD113)-ROW(AD$15),0),15-13*ORÇAMENTO!$AF$11)),\n         0)","v":0},{"$f":"IF(AND($D113=\"Serviço\",AE$12<>0,$H113>0,OR(AUTOEVENTO<>\"manual\",$M113<>$A$15)),\n        IF(Import.TipoArredondamento<>\"TransfereGOV\",\n              ROUND(OFFSET($P113,0,AE$13),15-13*ORÇAMENTO!$AF$7)/$H113*OFFSET(ORÇAMENTO!$X$15,ROW(AE113)-ROW(AE$15),0),\n              ROUND(ROUND(OFFSET($P113,0,AE$13),15-13*ORÇAMENTO!$AF$7)*OFFSET(ORÇAMENTO!$W$15,ROW(AE113)-ROW(AE$15),0),15-13*ORÇAMENTO!$AF$11)),\n         0)","v":0},{"$f":"IF(AND($D113=\"Serviço\",AF$12<>0,$H113>0,OR(AUTOEVENTO<>\"manual\",$M113<>$A$15)),\n        IF(Import.TipoArredondamento<>\"TransfereGOV\",\n              ROUND(OFFSET($P113,0,AF$13),15-13*ORÇAMENTO!$AF$7)/$H113*OFFSET(ORÇAMENTO!$X$15,ROW(AF113)-ROW(AF$15),0),\n              ROUND(ROUND(OFFSET($P113,0,AF$13),15-13*ORÇAMENTO!$AF$7)*OFFSET(ORÇAMENTO!$W$15,ROW(AF113)-ROW(AF$15),0),15-13*ORÇAMENTO!$AF$11)),\n         0)","v":0},{"$f":"IF(AND($D113=\"Serviço\",AG$12<>0,$H113>0,OR(AUTOEVENTO<>\"manual\",$M113<>$A$15)),\n        IF(Import.TipoArredondamento<>\"TransfereGOV\",\n              ROUND(OFFSET($P113,0,AG$13),15-13*ORÇAMENTO!$AF$7)/$H113*OFFSET(ORÇAMENTO!$X$15,ROW(AG113)-ROW(AG$15),0),\n              ROUND(ROUND(OFFSET($P113,0,AG$13),15-13*ORÇAMENTO!$AF$7)*OFFSET(ORÇAMENTO!$W$15,ROW(AG113)-ROW(AG$15),0),15-13*ORÇAMENTO!$AF$11)),\n         0)","v":0},{"$f":"IF(AND($D113=\"Serviço\",AH$12<>0,$H113>0,OR(AUTOEVENTO<>\"manual\",$M113<>$A$15)),\n        IF(Import.TipoArredondamento<>\"TransfereGOV\",\n              ROUND(OFFSET($P113,0,AH$13),15-13*ORÇAMENTO!$AF$7)/$H113*OFFSET(ORÇAMENTO!$X$15,ROW(AH113)-ROW(AH$15),0),\n              ROUND(ROUND(OFFSET($P113,0,AH$13),15-13*ORÇAMENTO!$AF$7)*OFFSET(ORÇAMENTO!$W$15,ROW(AH113)-ROW(AH$15),0),15-13*ORÇAMENTO!$AF$11)),\n         0)","v":0},{"$f":"IF(AND($D113=\"Serviço\",AI$12<>0,$H113>0,OR(AUTOEVENTO<>\"manual\",$M113<>$A$15)),\n        IF(Import.TipoArredondamento<>\"TransfereGOV\",\n              ROUND(OFFSET($P113,0,AI$13),15-13*ORÇAMENTO!$AF$7)/$H113*OFFSET(ORÇAMENTO!$X$15,ROW(AI113)-ROW(AI$15),0),\n              ROUND(ROUND(OFFSET($P113,0,AI$13),15-13*ORÇAMENTO!$AF$7)*OFFSET(ORÇAMENTO!$W$15,ROW(AI113)-ROW(AI$15),0),15-13*ORÇAMENTO!$AF$11)),\n         0)","v":0},{"$f":"IF(AND($D113=\"Serviço\",AJ$12<>0,$H113>0,OR(AUTOEVENTO<>\"manual\",$M113<>$A$15)),\n        IF(Import.TipoArredondamento<>\"TransfereGOV\",\n              ROUND(OFFSET($P113,0,AJ$13),15-13*ORÇAMENTO!$AF$7)/$H113*OFFSET(ORÇAMENTO!$X$15,ROW(AJ113)-ROW(AJ$15),0),\n              ROUND(ROUND(OFFSET($P113,0,AJ$13),15-13*ORÇAMENTO!$AF$7)*OFFSET(ORÇAMENTO!$W$15,ROW(AJ113)-ROW(AJ$15),0),15-13*ORÇAMENTO!$AF$11)),\n         0)","v":0},{"$f":"IF(AND($D113=\"Serviço\",AK$12<>0,$H113>0,OR(AUTOEVENTO<>\"manual\",$M113<>$A$15)),\n        IF(Import.TipoArredondamento<>\"TransfereGOV\",\n              ROUND(OFFSET($P113,0,AK$13),15-13*ORÇAMENTO!$AF$7)/$H113*OFFSET(ORÇAMENTO!$X$15,ROW(AK113)-ROW(AK$15),0),\n              ROUND(ROUND(OFFSET($P113,0,AK$13),15-13*ORÇAMENTO!$AF$7)*OFFSET(ORÇAMENTO!$W$15,ROW(AK113)-ROW(AK$15),0),15-13*ORÇAMENTO!$AF$11)),\n         0)","v":0},null,{"$f":"IF(OR($D113<>\"Serviço\",AND(AUTOEVENTO=\"Manual\",$M113=$A$15)),0,\n         IF(OFFSET(CRONOPLE!$F$15,$M113-$A$15,AM$13)=0,10^12,OFFSET(CRONOPLE!$F$15,$M113-$A$15,AM$13)))","v":5},{"$f":"IF(OR($D113<>\"Serviço\",AND(AUTOEVENTO=\"Manual\",$M113=$A$15)),0,\n         IF(OFFSET(CRONOPLE!$F$15,$M113-$A$15,AN$13)=0,10^12,OFFSET(CRONOPLE!$F$15,$M113-$A$15,AN$13)))","v":5},{"$f":"IF(OR($D113<>\"Serviço\",AND(AUTOEVENTO=\"Manual\",$M113=$A$15)),0,\n         IF(OFFSET(CRONOPLE!$F$15,$M113-$A$15,AO$13)=0,10^12,OFFSET(CRONOPLE!$F$15,$M113-$A$15,AO$13)))","v":2},{"$f":"IF(OR($D113<>\"Serviço\",AND(AUTOEVENTO=\"Manual\",$M113=$A$15)),0,\n         IF(OFFSET(CRONOPLE!$F$15,$M113-$A$15,AP$13)=0,10^12,OFFSET(CRONOPLE!$F$15,$M113-$A$15,AP$13)))","v":2},{"$f":"IF(OR($D113<>\"Serviço\",AND(AUTOEVENTO=\"Manual\",$M113=$A$15)),0,\n         IF(OFFSET(CRONOPLE!$F$15,$M113-$A$15,AQ$13)=0,10^12,OFFSET(CRONOPLE!$F$15,$M113-$A$15,AQ$13)))","v":1000000000000},{"$f":"IF(OR($D113<>\"Serviço\",AND(AUTOEVENTO=\"Manual\",$M113=$A$15)),0,\n         IF(OFFSET(CRONOPLE!$F$15,$M113-$A$15,AR$13)=0,10^12,OFFSET(CRONOPLE!$F$15,$M113-$A$15,AR$13)))","v":1000000000000},{"$f":"IF(OR($D113<>\"Serviço\",AND(AUTOEVENTO=\"Manual\",$M113=$A$15)),0,\n         IF(OFFSET(CRONOPLE!$F$15,$M113-$A$15,AS$13)=0,10^12,OFFSET(CRONOPLE!$F$15,$M113-$A$15,AS$13)))","v":1000000000000},{"$f":"IF(OR($D113<>\"Serviço\",AND(AUTOEVENTO=\"Manual\",$M113=$A$15)),0,\n         IF(OFFSET(CRONOPLE!$F$15,$M113-$A$15,AT$13)=0,10^12,OFFSET(CRONOPLE!$F$15,$M113-$A$15,AT$13)))","v":1000000000000},{"$f":"IF(OR($D113<>\"Serviço\",AND(AUTOEVENTO=\"Manual\",$M113=$A$15)),0,\n         IF(OFFSET(CRONOPLE!$F$15,$M113-$A$15,AU$13)=0,10^12,OFFSET(CRONOPLE!$F$15,$M113-$A$15,AU$13)))","v":1000000000000},{"$f":"IF(OR($D113<>\"Serviço\",AND(AUTOEVENTO=\"Manual\",$M113=$A$15)),0,\n         IF(OFFSET(CRONOPLE!$F$15,$M113-$A$15,AV$13)=0,10^12,OFFSET(CRONOPLE!$F$15,$M113-$A$15,AV$13)))","v":1000000000000},null,{"$f":"IF(OR($D113<>\"Serviço\",AND(AUTOEVENTO=\"Manual\",$M113=$A$15),$M113>(ROW(PLE.lastrow)-ROW(PLE.firstrow))),0,\n           IF(OFFSET(PLE!$G$15,$M113-$A$15,AX$13)=\"\",10^12,OFFSET(PLE!$G$15,$M113-$A$15,AX$13)))","v":4},{"$f":"IF(OR($D113<>\"Serviço\",AND(AUTOEVENTO=\"Manual\",$M113=$A$15),$M113>(ROW(PLE.lastrow)-ROW(PLE.firstrow))),0,\n           IF(OFFSET(PLE!$G$15,$M113-$A$15,AY$13)=\"\",10^12,OFFSET(PLE!$G$15,$M113-$A$15,AY$13)))","v":5},{"$f":"IF(OR($D113<>\"Serviço\",AND(AUTOEVENTO=\"Manual\",$M113=$A$15),$M113>(ROW(PLE.lastrow)-ROW(PLE.firstrow))),0,\n           IF(OFFSET(PLE!$G$15,$M113-$A$15,AZ$13)=\"\",10^12,OFFSET(PLE!$G$15,$M113-$A$15,AZ$13)))","v":1000000000000},{"$f":"IF(OR($D113<>\"Serviço\",AND(AUTOEVENTO=\"Manual\",$M113=$A$15),$M113>(ROW(PLE.lastrow)-ROW(PLE.firstrow))),0,\n           IF(OFFSET(PLE!$G$15,$M113-$A$15,BA$13)=\"\",10^12,OFFSET(PLE!$G$15,$M113-$A$15,BA$13)))","v":1000000000000},{"$f":"IF(OR($D113<>\"Serviço\",AND(AUTOEVENTO=\"Manual\",$M113=$A$15),$M113>(ROW(PLE.lastrow)-ROW(PLE.firstrow))),0,\n           IF(OFFSET(PLE!$G$15,$M113-$A$15,BB$13)=\"\",10^12,OFFSET(PLE!$G$15,$M113-$A$15,BB$13)))","v":1000000000000},{"$f":"IF(OR($D113<>\"Serviço\",AND(AUTOEVENTO=\"Manual\",$M113=$A$15),$M113>(ROW(PLE.lastrow)-ROW(PLE.firstrow))),0,\n           IF(OFFSET(PLE!$G$15,$M113-$A$15,BC$13)=\"\",10^12,OFFSET(PLE!$G$15,$M113-$A$15,BC$13)))","v":1000000000000},{"$f":"IF(OR($D113<>\"Serviço\",AND(AUTOEVENTO=\"Manual\",$M113=$A$15),$M113>(ROW(PLE.lastrow)-ROW(PLE.firstrow))),0,\n           IF(OFFSET(PLE!$G$15,$M113-$A$15,BD$13)=\"\",10^12,OFFSET(PLE!$G$15,$M113-$A$15,BD$13)))","v":1000000000000},{"$f":"IF(OR($D113<>\"Serviço\",AND(AUTOEVENTO=\"Manual\",$M113=$A$15),$M113>(ROW(PLE.lastrow)-ROW(PLE.firstrow))),0,\n           IF(OFFSET(PLE!$G$15,$M113-$A$15,BE$13)=\"\",10^12,OFFSET(PLE!$G$15,$M113-$A$15,BE$13)))","v":1000000000000},{"$f":"IF(OR($D113<>\"Serviço\",AND(AUTOEVENTO=\"Manual\",$M113=$A$15),$M113>(ROW(PLE.lastrow)-ROW(PLE.firstrow))),0,\n           IF(OFFSET(PLE!$G$15,$M113-$A$15,BF$13)=\"\",10^12,OFFSET(PLE!$G$15,$M113-$A$15,BF$13)))","v":1000000000000},{"$f":"IF(OR($D113<>\"Serviço\",AND(AUTOEVENTO=\"Manual\",$M113=$A$15),$M113>(ROW(PLE.lastrow)-ROW(PLE.firstrow))),0,\n           IF(OFFSET(PLE!$G$15,$M113-$A$15,BG$13)=\"\",10^12,OFFSET(PLE!$G$15,$M113-$A$15,BG$13)))","v":1000000000000}]
[16,{"$f":"OFFSET(ORÇAMENTO!C$15,$L114,0)","v":"S"},{"$f":"OFFSET(ORÇAMENTO!L$15,$L114,0)","v":"F"},{"$f":"OFFSET(ORÇAMENTO!N$15,$L114,0)","v":"Serviço"},{"$f":"OFFSET(ORÇAMENTO!O$15,$L114,0)","v":"1.12.2."},{"$f":"OFFSET(ORÇAMENTO!R$15,$L114,0)","v":"EXTINTOR DE INCÊNDIO PORTÁTIL COM CARGA DE PQS DE 4 KG, CLASSE BC - FORNECIMENTO E INSTALAÇÃO. AF_10/2020_PE"},{"$f":"IF($D114<>\"Serviço\",\"\",OFFSET(ORÇAMENTO!S$15,$L114,0))","v":"UN"},{"$f":"IF($D114<>\"Serviço\",0,IF(ACOMPANHAMENTO=\"BM\",ROUND(OFFSET(ORÇAMENTO!AJ$15,$L114,0),15-13*ORÇAMENTO!$AF$7),IF(IFERROR(CÁLCULO.FrentesPreenchidas,0)=0,0,SUM(ROUND(OFFSET($P114,0,1,1,CÁLCULO.FrentesPreenchidas),15-13*ORÇAMENTO!$AF$7)))))","v":1},"CONFORME PROJETO PSCIP",{"$f":"IF(OR(B114<>\"S\",CÁLCULO.FrentesPreenchidas=0),\"\",IF(AND(ACOMPANHAMENTO=\"PLE\",AUTOEVENTO=\"Manual\",OR(H114>0,ORÇAMENTO!AC114=\"QUANT.\"),OR(K114=\"\",M114=0,N114=\"\")),\"►E\",IF(AND(ACOMPANHAMENTO=\"PLE\",ORÇAMENTO!AC114=\"QUANT.\"),\"►Q\",IF(AND(ACOMPANHAMENTO=\"PLE\",H114<>SUMPRODUCT(($Q$1:$AA$1=1)*ROUND(Q114:AA114,15))),\"►S\",IF(AND(COUNTIF($P$11:$AA$11,\"▼\")=0,H114>0,I114=\"\"),\"◄M\",\"\")))))","v":""},"16.Instalação do PSCIP",99,{"$f":"IF($D114<>\"Serviço\",\"\",\n          IF(AUTOEVENTO=\"manual\",$A114,\n                IF(ISERROR(MATCH($A114,$A$15:OFFSET($A114,-1,0),0)),MAX($M$15:OFFSET(M114,-1,0))+1,\n                      INDEX($M$15:OFFSET(M114,-1,0),MATCH($A114,$A$15:OFFSET($A114,-1,0),0)))))","v":16},{"$f":"IF($D114<>\"Serviço\",\"\",\n         IF(AUTOEVENTO=\"Manual\",\n                IF($A114=0,\"<-- defina o número do agrupador\",\n                       OFFSET(EVENTOS!$D$15,$A114-$A$15,0)),\n                OFFSET($F$15,$A114,0)))","v":"Calçamento"},null,null,null,1,null,null,null,null,null,null,null,null,null,{"$f":"IF(AND($D114=\"Serviço\",AB$12<>0,$H114>0,OR(AUTOEVENTO<>\"manual\",$M114<>$A$15)),\n        IF(Import.TipoArredondamento<>\"TransfereGOV\",\n              ROUND(OFFSET($P114,0,AB$13),15-13*ORÇAMENTO!$AF$7)/$H114*OFFSET(ORÇAMENTO!$X$15,ROW(AB114)-ROW(AB$15),0),\n              ROUND(ROUND(OFFSET($P114,0,AB$13),15-13*ORÇAMENTO!$AF$7)*OFFSET(ORÇAMENTO!$W$15,ROW(AB114)-ROW(AB$15),0),15-13*ORÇAMENTO!$AF$11)),\n         0)","v":0},{"$f":"IF(AND($D114=\"Serviço\",AC$12<>0,$H114>0,OR(AUTOEVENTO<>\"manual\",$M114<>$A$15)),\n        IF(Import.TipoArredondamento<>\"TransfereGOV\",\n              ROUND(OFFSET($P114,0,AC$13),15-13*ORÇAMENTO!$AF$7)/$H114*OFFSET(ORÇAMENTO!$X$15,ROW(AC114)-ROW(AC$15),0),\n              ROUND(ROUND(OFFSET($P114,0,AC$13),15-13*ORÇAMENTO!$AF$7)*OFFSET(ORÇAMENTO!$W$15,ROW(AC114)-ROW(AC$15),0),15-13*ORÇAMENTO!$AF$11)),\n         0)","v":0},{"$f":"IF(AND($D114=\"Serviço\",AD$12<>0,$H114>0,OR(AUTOEVENTO<>\"manual\",$M114<>$A$15)),\n        IF(Import.TipoArredondamento<>\"TransfereGOV\",\n              ROUND(OFFSET($P114,0,AD$13),15-13*ORÇAMENTO!$AF$7)/$H114*OFFSET(ORÇAMENTO!$X$15,ROW(AD114)-ROW(AD$15),0),\n              ROUND(ROUND(OFFSET($P114,0,AD$13),15-13*ORÇAMENTO!$AF$7)*OFFSET(ORÇAMENTO!$W$15,ROW(AD114)-ROW(AD$15),0),15-13*ORÇAMENTO!$AF$11)),\n         0)","v":0},{"$f":"IF(AND($D114=\"Serviço\",AE$12<>0,$H114>0,OR(AUTOEVENTO<>\"manual\",$M114<>$A$15)),\n        IF(Import.TipoArredondamento<>\"TransfereGOV\",\n              ROUND(OFFSET($P114,0,AE$13),15-13*ORÇAMENTO!$AF$7)/$H114*OFFSET(ORÇAMENTO!$X$15,ROW(AE114)-ROW(AE$15),0),\n              ROUND(ROUND(OFFSET($P114,0,AE$13),15-13*ORÇAMENTO!$AF$7)*OFFSET(ORÇAMENTO!$W$15,ROW(AE114)-ROW(AE$15),0),15-13*ORÇAMENTO!$AF$11)),\n         0)","v":0},{"$f":"IF(AND($D114=\"Serviço\",AF$12<>0,$H114>0,OR(AUTOEVENTO<>\"manual\",$M114<>$A$15)),\n        IF(Import.TipoArredondamento<>\"TransfereGOV\",\n              ROUND(OFFSET($P114,0,AF$13),15-13*ORÇAMENTO!$AF$7)/$H114*OFFSET(ORÇAMENTO!$X$15,ROW(AF114)-ROW(AF$15),0),\n              ROUND(ROUND(OFFSET($P114,0,AF$13),15-13*ORÇAMENTO!$AF$7)*OFFSET(ORÇAMENTO!$W$15,ROW(AF114)-ROW(AF$15),0),15-13*ORÇAMENTO!$AF$11)),\n         0)","v":0},{"$f":"IF(AND($D114=\"Serviço\",AG$12<>0,$H114>0,OR(AUTOEVENTO<>\"manual\",$M114<>$A$15)),\n        IF(Import.TipoArredondamento<>\"TransfereGOV\",\n              ROUND(OFFSET($P114,0,AG$13),15-13*ORÇAMENTO!$AF$7)/$H114*OFFSET(ORÇAMENTO!$X$15,ROW(AG114)-ROW(AG$15),0),\n              ROUND(ROUND(OFFSET($P114,0,AG$13),15-13*ORÇAMENTO!$AF$7)*OFFSET(ORÇAMENTO!$W$15,ROW(AG114)-ROW(AG$15),0),15-13*ORÇAMENTO!$AF$11)),\n         0)","v":0},{"$f":"IF(AND($D114=\"Serviço\",AH$12<>0,$H114>0,OR(AUTOEVENTO<>\"manual\",$M114<>$A$15)),\n        IF(Import.TipoArredondamento<>\"TransfereGOV\",\n              ROUND(OFFSET($P114,0,AH$13),15-13*ORÇAMENTO!$AF$7)/$H114*OFFSET(ORÇAMENTO!$X$15,ROW(AH114)-ROW(AH$15),0),\n              ROUND(ROUND(OFFSET($P114,0,AH$13),15-13*ORÇAMENTO!$AF$7)*OFFSET(ORÇAMENTO!$W$15,ROW(AH114)-ROW(AH$15),0),15-13*ORÇAMENTO!$AF$11)),\n         0)","v":0},{"$f":"IF(AND($D114=\"Serviço\",AI$12<>0,$H114>0,OR(AUTOEVENTO<>\"manual\",$M114<>$A$15)),\n        IF(Import.TipoArredondamento<>\"TransfereGOV\",\n              ROUND(OFFSET($P114,0,AI$13),15-13*ORÇAMENTO!$AF$7)/$H114*OFFSET(ORÇAMENTO!$X$15,ROW(AI114)-ROW(AI$15),0),\n              ROUND(ROUND(OFFSET($P114,0,AI$13),15-13*ORÇAMENTO!$AF$7)*OFFSET(ORÇAMENTO!$W$15,ROW(AI114)-ROW(AI$15),0),15-13*ORÇAMENTO!$AF$11)),\n         0)","v":0},{"$f":"IF(AND($D114=\"Serviço\",AJ$12<>0,$H114>0,OR(AUTOEVENTO<>\"manual\",$M114<>$A$15)),\n        IF(Import.TipoArredondamento<>\"TransfereGOV\",\n              ROUND(OFFSET($P114,0,AJ$13),15-13*ORÇAMENTO!$AF$7)/$H114*OFFSET(ORÇAMENTO!$X$15,ROW(AJ114)-ROW(AJ$15),0),\n              ROUND(ROUND(OFFSET($P114,0,AJ$13),15-13*ORÇAMENTO!$AF$7)*OFFSET(ORÇAMENTO!$W$15,ROW(AJ114)-ROW(AJ$15),0),15-13*ORÇAMENTO!$AF$11)),\n         0)","v":0},{"$f":"IF(AND($D114=\"Serviço\",AK$12<>0,$H114>0,OR(AUTOEVENTO<>\"manual\",$M114<>$A$15)),\n        IF(Import.TipoArredondamento<>\"TransfereGOV\",\n              ROUND(OFFSET($P114,0,AK$13),15-13*ORÇAMENTO!$AF$7)/$H114*OFFSET(ORÇAMENTO!$X$15,ROW(AK114)-ROW(AK$15),0),\n              ROUND(ROUND(OFFSET($P114,0,AK$13),15-13*ORÇAMENTO!$AF$7)*OFFSET(ORÇAMENTO!$W$15,ROW(AK114)-ROW(AK$15),0),15-13*ORÇAMENTO!$AF$11)),\n         0)","v":0},null,{"$f":"IF(OR($D114<>\"Serviço\",AND(AUTOEVENTO=\"Manual\",$M114=$A$15)),0,\n         IF(OFFSET(CRONOPLE!$F$15,$M114-$A$15,AM$13)=0,10^12,OFFSET(CRONOPLE!$F$15,$M114-$A$15,AM$13)))","v":5},{"$f":"IF(OR($D114<>\"Serviço\",AND(AUTOEVENTO=\"Manual\",$M114=$A$15)),0,\n         IF(OFFSET(CRONOPLE!$F$15,$M114-$A$15,AN$13)=0,10^12,OFFSET(CRONOPLE!$F$15,$M114-$A$15,AN$13)))","v":5},{"$f":"IF(OR($D114<>\"Serviço\",AND(AUTOEVENTO=\"Manual\",$M114=$A$15)),0,\n         IF(OFFSET(CRONOPLE!$F$15,$M114-$A$15,AO$13)=0,10^12,OFFSET(CRONOPLE!$F$15,$M114-$A$15,AO$13)))","v":2},{"$f":"IF(OR($D114<>\"Serviço\",AND(AUTOEVENTO=\"Manual\",$M114=$A$15)),0,\n         IF(OFFSET(CRONOPLE!$F$15,$M114-$A$15,AP$13)=0,10^12,OFFSET(CRONOPLE!$F$15,$M114-$A$15,AP$13)))","v":2},{"$f":"IF(OR($D114<>\"Serviço\",AND(AUTOEVENTO=\"Manual\",$M114=$A$15)),0,\n         IF(OFFSET(CRONOPLE!$F$15,$M114-$A$15,AQ$13)=0,10^12,OFFSET(CRONOPLE!$F$15,$M114-$A$15,AQ$13)))","v":1000000000000},{"$f":"IF(OR($D114<>\"Serviço\",AND(AUTOEVENTO=\"Manual\",$M114=$A$15)),0,\n         IF(OFFSET(CRONOPLE!$F$15,$M114-$A$15,AR$13)=0,10^12,OFFSET(CRONOPLE!$F$15,$M114-$A$15,AR$13)))","v":1000000000000},{"$f":"IF(OR($D114<>\"Serviço\",AND(AUTOEVENTO=\"Manual\",$M114=$A$15)),0,\n         IF(OFFSET(CRONOPLE!$F$15,$M114-$A$15,AS$13)=0,10^12,OFFSET(CRONOPLE!$F$15,$M114-$A$15,AS$13)))","v":1000000000000},{"$f":"IF(OR($D114<>\"Serviço\",AND(AUTOEVENTO=\"Manual\",$M114=$A$15)),0,\n         IF(OFFSET(CRONOPLE!$F$15,$M114-$A$15,AT$13)=0,10^12,OFFSET(CRONOPLE!$F$15,$M114-$A$15,AT$13)))","v":1000000000000},{"$f":"IF(OR($D114<>\"Serviço\",AND(AUTOEVENTO=\"Manual\",$M114=$A$15)),0,\n         IF(OFFSET(CRONOPLE!$F$15,$M114-$A$15,AU$13)=0,10^12,OFFSET(CRONOPLE!$F$15,$M114-$A$15,AU$13)))","v":1000000000000},{"$f":"IF(OR($D114<>\"Serviço\",AND(AUTOEVENTO=\"Manual\",$M114=$A$15)),0,\n         IF(OFFSET(CRONOPLE!$F$15,$M114-$A$15,AV$13)=0,10^12,OFFSET(CRONOPLE!$F$15,$M114-$A$15,AV$13)))","v":1000000000000},null,{"$f":"IF(OR($D114<>\"Serviço\",AND(AUTOEVENTO=\"Manual\",$M114=$A$15),$M114>(ROW(PLE.lastrow)-ROW(PLE.firstrow))),0,\n           IF(OFFSET(PLE!$G$15,$M114-$A$15,AX$13)=\"\",10^12,OFFSET(PLE!$G$15,$M114-$A$15,AX$13)))","v":4},{"$f":"IF(OR($D114<>\"Serviço\",AND(AUTOEVENTO=\"Manual\",$M114=$A$15),$M114>(ROW(PLE.lastrow)-ROW(PLE.firstrow))),0,\n           IF(OFFSET(PLE!$G$15,$M114-$A$15,AY$13)=\"\",10^12,OFFSET(PLE!$G$15,$M114-$A$15,AY$13)))","v":5},{"$f":"IF(OR($D114<>\"Serviço\",AND(AUTOEVENTO=\"Manual\",$M114=$A$15),$M114>(ROW(PLE.lastrow)-ROW(PLE.firstrow))),0,\n           IF(OFFSET(PLE!$G$15,$M114-$A$15,AZ$13)=\"\",10^12,OFFSET(PLE!$G$15,$M114-$A$15,AZ$13)))","v":1000000000000},{"$f":"IF(OR($D114<>\"Serviço\",AND(AUTOEVENTO=\"Manual\",$M114=$A$15),$M114>(ROW(PLE.lastrow)-ROW(PLE.firstrow))),0,\n           IF(OFFSET(PLE!$G$15,$M114-$A$15,BA$13)=\"\",10^12,OFFSET(PLE!$G$15,$M114-$A$15,BA$13)))","v":1000000000000},{"$f":"IF(OR($D114<>\"Serviço\",AND(AUTOEVENTO=\"Manual\",$M114=$A$15),$M114>(ROW(PLE.lastrow)-ROW(PLE.firstrow))),0,\n           IF(OFFSET(PLE!$G$15,$M114-$A$15,BB$13)=\"\",10^12,OFFSET(PLE!$G$15,$M114-$A$15,BB$13)))","v":1000000000000},{"$f":"IF(OR($D114<>\"Serviço\",AND(AUTOEVENTO=\"Manual\",$M114=$A$15),$M114>(ROW(PLE.lastrow)-ROW(PLE.firstrow))),0,\n           IF(OFFSET(PLE!$G$15,$M114-$A$15,BC$13)=\"\",10^12,OFFSET(PLE!$G$15,$M114-$A$15,BC$13)))","v":1000000000000},{"$f":"IF(OR($D114<>\"Serviço\",AND(AUTOEVENTO=\"Manual\",$M114=$A$15),$M114>(ROW(PLE.lastrow)-ROW(PLE.firstrow))),0,\n           IF(OFFSET(PLE!$G$15,$M114-$A$15,BD$13)=\"\",10^12,OFFSET(PLE!$G$15,$M114-$A$15,BD$13)))","v":1000000000000},{"$f":"IF(OR($D114<>\"Serviço\",AND(AUTOEVENTO=\"Manual\",$M114=$A$15),$M114>(ROW(PLE.lastrow)-ROW(PLE.firstrow))),0,\n           IF(OFFSET(PLE!$G$15,$M114-$A$15,BE$13)=\"\",10^12,OFFSET(PLE!$G$15,$M114-$A$15,BE$13)))","v":1000000000000},{"$f":"IF(OR($D114<>\"Serviço\",AND(AUTOEVENTO=\"Manual\",$M114=$A$15),$M114>(ROW(PLE.lastrow)-ROW(PLE.firstrow))),0,\n           IF(OFFSET(PLE!$G$15,$M114-$A$15,BF$13)=\"\",10^12,OFFSET(PLE!$G$15,$M114-$A$15,BF$13)))","v":1000000000000},{"$f":"IF(OR($D114<>\"Serviço\",AND(AUTOEVENTO=\"Manual\",$M114=$A$15),$M114>(ROW(PLE.lastrow)-ROW(PLE.firstrow))),0,\n           IF(OFFSET(PLE!$G$15,$M114-$A$15,BG$13)=\"\",10^12,OFFSET(PLE!$G$15,$M114-$A$15,BG$13)))","v":1000000000000}]
[16,{"$f":"OFFSET(ORÇAMENTO!C$15,$L115,0)","v":"S"},{"$f":"OFFSET(ORÇAMENTO!L$15,$L115,0)","v":"F"},{"$f":"OFFSET(ORÇAMENTO!N$15,$L115,0)","v":"Serviço"},{"$f":"OFFSET(ORÇAMENTO!O$15,$L115,0)","v":"1.12.3."},{"$f":"OFFSET(ORÇAMENTO!R$15,$L115,0)","v":"LUMINÁRIA DE EMERGÊNCIA, COM 30 LÂMPADAS LED DE 2 W, SEM REATOR - FORNECIMENTO E INSTALAÇÃO. AF_09/2024"},{"$f":"IF($D115<>\"Serviço\",\"\",OFFSET(ORÇAMENTO!S$15,$L115,0))","v":"UN"},{"$f":"IF($D115<>\"Serviço\",0,IF(ACOMPANHAMENTO=\"BM\",ROUND(OFFSET(ORÇAMENTO!AJ$15,$L115,0),15-13*ORÇAMENTO!$AF$7),IF(IFERROR(CÁLCULO.FrentesPreenchidas,0)=0,0,SUM(ROUND(OFFSET($P115,0,1,1,CÁLCULO.FrentesPreenchidas),15-13*ORÇAMENTO!$AF$7)))))","v":3},"CONFORME PROJETO PSCIP",{"$f":"IF(OR(B115<>\"S\",CÁLCULO.FrentesPreenchidas=0),\"\",IF(AND(ACOMPANHAMENTO=\"PLE\",AUTOEVENTO=\"Manual\",OR(H115>0,ORÇAMENTO!AC115=\"QUANT.\"),OR(K115=\"\",M115=0,N115=\"\")),\"►E\",IF(AND(ACOMPANHAMENTO=\"PLE\",ORÇAMENTO!AC115=\"QUANT.\"),\"►Q\",IF(AND(ACOMPANHAMENTO=\"PLE\",H115<>SUMPRODUCT(($Q$1:$AA$1=1)*ROUND(Q115:AA115,15))),\"►S\",IF(AND(COUNTIF($P$11:$AA$11,\"▼\")=0,H115>0,I115=\"\"),\"◄M\",\"\")))))","v":""},"16.Instalação do PSCIP",100,{"$f":"IF($D115<>\"Serviço\",\"\",\n          IF(AUTOEVENTO=\"manual\",$A115,\n                IF(ISERROR(MATCH($A115,$A$15:OFFSET($A115,-1,0),0)),MAX($M$15:OFFSET(M115,-1,0))+1,\n                      INDEX($M$15:OFFSET(M115,-1,0),MATCH($A115,$A$15:OFFSET($A115,-1,0),0)))))","v":16},{"$f":"IF($D115<>\"Serviço\",\"\",\n         IF(AUTOEVENTO=\"Manual\",\n                IF($A115=0,\"<-- defina o número do agrupador\",\n                       OFFSET(EVENTOS!$D$15,$A115-$A$15,0)),\n                OFFSET($F$15,$A115,0)))","v":"Calçamento"},null,null,null,3,null,null,null,null,null,null,null,null,null,{"$f":"IF(AND($D115=\"Serviço\",AB$12<>0,$H115>0,OR(AUTOEVENTO<>\"manual\",$M115<>$A$15)),\n        IF(Import.TipoArredondamento<>\"TransfereGOV\",\n              ROUND(OFFSET($P115,0,AB$13),15-13*ORÇAMENTO!$AF$7)/$H115*OFFSET(ORÇAMENTO!$X$15,ROW(AB115)-ROW(AB$15),0),\n              ROUND(ROUND(OFFSET($P115,0,AB$13),15-13*ORÇAMENTO!$AF$7)*OFFSET(ORÇAMENTO!$W$15,ROW(AB115)-ROW(AB$15),0),15-13*ORÇAMENTO!$AF$11)),\n         0)","v":0},{"$f":"IF(AND($D115=\"Serviço\",AC$12<>0,$H115>0,OR(AUTOEVENTO<>\"manual\",$M115<>$A$15)),\n        IF(Import.TipoArredondamento<>\"TransfereGOV\",\n              ROUND(OFFSET($P115,0,AC$13),15-13*ORÇAMENTO!$AF$7)/$H115*OFFSET(ORÇAMENTO!$X$15,ROW(AC115)-ROW(AC$15),0),\n              ROUND(ROUND(OFFSET($P115,0,AC$13),15-13*ORÇAMENTO!$AF$7)*OFFSET(ORÇAMENTO!$W$15,ROW(AC115)-ROW(AC$15),0),15-13*ORÇAMENTO!$AF$11)),\n         0)","v":0},{"$f":"IF(AND($D115=\"Serviço\",AD$12<>0,$H115>0,OR(AUTOEVENTO<>\"manual\",$M115<>$A$15)),\n        IF(Import.TipoArredondamento<>\"TransfereGOV\",\n              ROUND(OFFSET($P115,0,AD$13),15-13*ORÇAMENTO!$AF$7)/$H115*OFFSET(ORÇAMENTO!$X$15,ROW(AD115)-ROW(AD$15),0),\n              ROUND(ROUND(OFFSET($P115,0,AD$13),15-13*ORÇAMENTO!$AF$7)*OFFSET(ORÇAMENTO!$W$15,ROW(AD115)-ROW(AD$15),0),15-13*ORÇAMENTO!$AF$11)),\n         0)","v":0},{"$f":"IF(AND($D115=\"Serviço\",AE$12<>0,$H115>0,OR(AUTOEVENTO<>\"manual\",$M115<>$A$15)),\n        IF(Import.TipoArredondamento<>\"TransfereGOV\",\n              ROUND(OFFSET($P115,0,AE$13),15-13*ORÇAMENTO!$AF$7)/$H115*OFFSET(ORÇAMENTO!$X$15,ROW(AE115)-ROW(AE$15),0),\n              ROUND(ROUND(OFFSET($P115,0,AE$13),15-13*ORÇAMENTO!$AF$7)*OFFSET(ORÇAMENTO!$W$15,ROW(AE115)-ROW(AE$15),0),15-13*ORÇAMENTO!$AF$11)),\n         0)","v":0},{"$f":"IF(AND($D115=\"Serviço\",AF$12<>0,$H115>0,OR(AUTOEVENTO<>\"manual\",$M115<>$A$15)),\n        IF(Import.TipoArredondamento<>\"TransfereGOV\",\n              ROUND(OFFSET($P115,0,AF$13),15-13*ORÇAMENTO!$AF$7)/$H115*OFFSET(ORÇAMENTO!$X$15,ROW(AF115)-ROW(AF$15),0),\n              ROUND(ROUND(OFFSET($P115,0,AF$13),15-13*ORÇAMENTO!$AF$7)*OFFSET(ORÇAMENTO!$W$15,ROW(AF115)-ROW(AF$15),0),15-13*ORÇAMENTO!$AF$11)),\n         0)","v":0},{"$f":"IF(AND($D115=\"Serviço\",AG$12<>0,$H115>0,OR(AUTOEVENTO<>\"manual\",$M115<>$A$15)),\n        IF(Import.TipoArredondamento<>\"TransfereGOV\",\n              ROUND(OFFSET($P115,0,AG$13),15-13*ORÇAMENTO!$AF$7)/$H115*OFFSET(ORÇAMENTO!$X$15,ROW(AG115)-ROW(AG$15),0),\n              ROUND(ROUND(OFFSET($P115,0,AG$13),15-13*ORÇAMENTO!$AF$7)*OFFSET(ORÇAMENTO!$W$15,ROW(AG115)-ROW(AG$15),0),15-13*ORÇAMENTO!$AF$11)),\n         0)","v":0},{"$f":"IF(AND($D115=\"Serviço\",AH$12<>0,$H115>0,OR(AUTOEVENTO<>\"manual\",$M115<>$A$15)),\n        IF(Import.TipoArredondamento<>\"TransfereGOV\",\n              ROUND(OFFSET($P115,0,AH$13),15-13*ORÇAMENTO!$AF$7)/$H115*OFFSET(ORÇAMENTO!$X$15,ROW(AH115)-ROW(AH$15),0),\n              ROUND(ROUND(OFFSET($P115,0,AH$13),15-13*ORÇAMENTO!$AF$7)*OFFSET(ORÇAMENTO!$W$15,ROW(AH115)-ROW(AH$15),0),15-13*ORÇAMENTO!$AF$11)),\n         0)","v":0},{"$f":"IF(AND($D115=\"Serviço\",AI$12<>0,$H115>0,OR(AUTOEVENTO<>\"manual\",$M115<>$A$15)),\n        IF(Import.TipoArredondamento<>\"TransfereGOV\",\n              ROUND(OFFSET($P115,0,AI$13),15-13*ORÇAMENTO!$AF$7)/$H115*OFFSET(ORÇAMENTO!$X$15,ROW(AI115)-ROW(AI$15),0),\n              ROUND(ROUND(OFFSET($P115,0,AI$13),15-13*ORÇAMENTO!$AF$7)*OFFSET(ORÇAMENTO!$W$15,ROW(AI115)-ROW(AI$15),0),15-13*ORÇAMENTO!$AF$11)),\n         0)","v":0},{"$f":"IF(AND($D115=\"Serviço\",AJ$12<>0,$H115>0,OR(AUTOEVENTO<>\"manual\",$M115<>$A$15)),\n        IF(Import.TipoArredondamento<>\"TransfereGOV\",\n              ROUND(OFFSET($P115,0,AJ$13),15-13*ORÇAMENTO!$AF$7)/$H115*OFFSET(ORÇAMENTO!$X$15,ROW(AJ115)-ROW(AJ$15),0),\n              ROUND(ROUND(OFFSET($P115,0,AJ$13),15-13*ORÇAMENTO!$AF$7)*OFFSET(ORÇAMENTO!$W$15,ROW(AJ115)-ROW(AJ$15),0),15-13*ORÇAMENTO!$AF$11)),\n         0)","v":0},{"$f":"IF(AND($D115=\"Serviço\",AK$12<>0,$H115>0,OR(AUTOEVENTO<>\"manual\",$M115<>$A$15)),\n        IF(Import.TipoArredondamento<>\"TransfereGOV\",\n              ROUND(OFFSET($P115,0,AK$13),15-13*ORÇAMENTO!$AF$7)/$H115*OFFSET(ORÇAMENTO!$X$15,ROW(AK115)-ROW(AK$15),0),\n              ROUND(ROUND(OFFSET($P115,0,AK$13),15-13*ORÇAMENTO!$AF$7)*OFFSET(ORÇAMENTO!$W$15,ROW(AK115)-ROW(AK$15),0),15-13*ORÇAMENTO!$AF$11)),\n         0)","v":0},null,{"$f":"IF(OR($D115<>\"Serviço\",AND(AUTOEVENTO=\"Manual\",$M115=$A$15)),0,\n         IF(OFFSET(CRONOPLE!$F$15,$M115-$A$15,AM$13)=0,10^12,OFFSET(CRONOPLE!$F$15,$M115-$A$15,AM$13)))","v":5},{"$f":"IF(OR($D115<>\"Serviço\",AND(AUTOEVENTO=\"Manual\",$M115=$A$15)),0,\n         IF(OFFSET(CRONOPLE!$F$15,$M115-$A$15,AN$13)=0,10^12,OFFSET(CRONOPLE!$F$15,$M115-$A$15,AN$13)))","v":5},{"$f":"IF(OR($D115<>\"Serviço\",AND(AUTOEVENTO=\"Manual\",$M115=$A$15)),0,\n         IF(OFFSET(CRONOPLE!$F$15,$M115-$A$15,AO$13)=0,10^12,OFFSET(CRONOPLE!$F$15,$M115-$A$15,AO$13)))","v":2},{"$f":"IF(OR($D115<>\"Serviço\",AND(AUTOEVENTO=\"Manual\",$M115=$A$15)),0,\n         IF(OFFSET(CRONOPLE!$F$15,$M115-$A$15,AP$13)=0,10^12,OFFSET(CRONOPLE!$F$15,$M115-$A$15,AP$13)))","v":2},{"$f":"IF(OR($D115<>\"Serviço\",AND(AUTOEVENTO=\"Manual\",$M115=$A$15)),0,\n         IF(OFFSET(CRONOPLE!$F$15,$M115-$A$15,AQ$13)=0,10^12,OFFSET(CRONOPLE!$F$15,$M115-$A$15,AQ$13)))","v":1000000000000},{"$f":"IF(OR($D115<>\"Serviço\",AND(AUTOEVENTO=\"Manual\",$M115=$A$15)),0,\n         IF(OFFSET(CRONOPLE!$F$15,$M115-$A$15,AR$13)=0,10^12,OFFSET(CRONOPLE!$F$15,$M115-$A$15,AR$13)))","v":1000000000000},{"$f":"IF(OR($D115<>\"Serviço\",AND(AUTOEVENTO=\"Manual\",$M115=$A$15)),0,\n         IF(OFFSET(CRONOPLE!$F$15,$M115-$A$15,AS$13)=0,10^12,OFFSET(CRONOPLE!$F$15,$M115-$A$15,AS$13)))","v":1000000000000},{"$f":"IF(OR($D115<>\"Serviço\",AND(AUTOEVENTO=\"Manual\",$M115=$A$15)),0,\n         IF(OFFSET(CRONOPLE!$F$15,$M115-$A$15,AT$13)=0,10^12,OFFSET(CRONOPLE!$F$15,$M115-$A$15,AT$13)))","v":1000000000000},{"$f":"IF(OR($D115<>\"Serviço\",AND(AUTOEVENTO=\"Manual\",$M115=$A$15)),0,\n         IF(OFFSET(CRONOPLE!$F$15,$M115-$A$15,AU$13)=0,10^12,OFFSET(CRONOPLE!$F$15,$M115-$A$15,AU$13)))","v":1000000000000},{"$f":"IF(OR($D115<>\"Serviço\",AND(AUTOEVENTO=\"Manual\",$M115=$A$15)),0,\n         IF(OFFSET(CRONOPLE!$F$15,$M115-$A$15,AV$13)=0,10^12,OFFSET(CRONOPLE!$F$15,$M115-$A$15,AV$13)))","v":1000000000000},null,{"$f":"IF(OR($D115<>\"Serviço\",AND(AUTOEVENTO=\"Manual\",$M115=$A$15),$M115>(ROW(PLE.lastrow)-ROW(PLE.firstrow))),0,\n           IF(OFFSET(PLE!$G$15,$M115-$A$15,AX$13)=\"\",10^12,OFFSET(PLE!$G$15,$M115-$A$15,AX$13)))","v":4},{"$f":"IF(OR($D115<>\"Serviço\",AND(AUTOEVENTO=\"Manual\",$M115=$A$15),$M115>(ROW(PLE.lastrow)-ROW(PLE.firstrow))),0,\n           IF(OFFSET(PLE!$G$15,$M115-$A$15,AY$13)=\"\",10^12,OFFSET(PLE!$G$15,$M115-$A$15,AY$13)))","v":5},{"$f":"IF(OR($D115<>\"Serviço\",AND(AUTOEVENTO=\"Manual\",$M115=$A$15),$M115>(ROW(PLE.lastrow)-ROW(PLE.firstrow))),0,\n           IF(OFFSET(PLE!$G$15,$M115-$A$15,AZ$13)=\"\",10^12,OFFSET(PLE!$G$15,$M115-$A$15,AZ$13)))","v":1000000000000},{"$f":"IF(OR($D115<>\"Serviço\",AND(AUTOEVENTO=\"Manual\",$M115=$A$15),$M115>(ROW(PLE.lastrow)-ROW(PLE.firstrow))),0,\n           IF(OFFSET(PLE!$G$15,$M115-$A$15,BA$13)=\"\",10^12,OFFSET(PLE!$G$15,$M115-$A$15,BA$13)))","v":1000000000000},{"$f":"IF(OR($D115<>\"Serviço\",AND(AUTOEVENTO=\"Manual\",$M115=$A$15),$M115>(ROW(PLE.lastrow)-ROW(PLE.firstrow))),0,\n           IF(OFFSET(PLE!$G$15,$M115-$A$15,BB$13)=\"\",10^12,OFFSET(PLE!$G$15,$M115-$A$15,BB$13)))","v":1000000000000},{"$f":"IF(OR($D115<>\"Serviço\",AND(AUTOEVENTO=\"Manual\",$M115=$A$15),$M115>(ROW(PLE.lastrow)-ROW(PLE.firstrow))),0,\n           IF(OFFSET(PLE!$G$15,$M115-$A$15,BC$13)=\"\",10^12,OFFSET(PLE!$G$15,$M115-$A$15,BC$13)))","v":1000000000000},{"$f":"IF(OR($D115<>\"Serviço\",AND(AUTOEVENTO=\"Manual\",$M115=$A$15),$M115>(ROW(PLE.lastrow)-ROW(PLE.firstrow))),0,\n           IF(OFFSET(PLE!$G$15,$M115-$A$15,BD$13)=\"\",10^12,OFFSET(PLE!$G$15,$M115-$A$15,BD$13)))","v":1000000000000},{"$f":"IF(OR($D115<>\"Serviço\",AND(AUTOEVENTO=\"Manual\",$M115=$A$15),$M115>(ROW(PLE.lastrow)-ROW(PLE.firstrow))),0,\n           IF(OFFSET(PLE!$G$15,$M115-$A$15,BE$13)=\"\",10^12,OFFSET(PLE!$G$15,$M115-$A$15,BE$13)))","v":1000000000000},{"$f":"IF(OR($D115<>\"Serviço\",AND(AUTOEVENTO=\"Manual\",$M115=$A$15),$M115>(ROW(PLE.lastrow)-ROW(PLE.firstrow))),0,\n           IF(OFFSET(PLE!$G$15,$M115-$A$15,BF$13)=\"\",10^12,OFFSET(PLE!$G$15,$M115-$A$15,BF$13)))","v":1000000000000},{"$f":"IF(OR($D115<>\"Serviço\",AND(AUTOEVENTO=\"Manual\",$M115=$A$15),$M115>(ROW(PLE.lastrow)-ROW(PLE.firstrow))),0,\n           IF(OFFSET(PLE!$G$15,$M115-$A$15,BG$13)=\"\",10^12,OFFSET(PLE!$G$15,$M115-$A$15,BG$13)))","v":1000000000000}]
[16,{"$f":"OFFSET(ORÇAMENTO!C$15,$L116,0)","v":"S"},{"$f":"OFFSET(ORÇAMENTO!L$15,$L116,0)","v":"F"},{"$f":"OFFSET(ORÇAMENTO!N$15,$L116,0)","v":"Serviço"},{"$f":"OFFSET(ORÇAMENTO!O$15,$L116,0)","v":"1.12.4."},{"$f":"OFFSET(ORÇAMENTO!R$15,$L116,0)","v":"PLACA DE SINALIZACAO DE ORIENTACAO E SALVAMENTO, SIMBOLO RETANGULAR, FUNDO VERDE, PICTOGRAMA FOTOLUMINESCENTE, EM PVC, 2MM ANTI-CHAMAS, NAS DIMENSOES (13X26)CM"},{"$f":"IF($D116<>\"Serviço\",\"\",OFFSET(ORÇAMENTO!S$15,$L116,0))","v":"UN"},{"$f":"IF($D116<>\"Serviço\",0,IF(ACOMPANHAMENTO=\"BM\",ROUND(OFFSET(ORÇAMENTO!AJ$15,$L116,0),15-13*ORÇAMENTO!$AF$7),IF(IFERROR(CÁLCULO.FrentesPreenchidas,0)=0,0,SUM(ROUND(OFFSET($P116,0,1,1,CÁLCULO.FrentesPreenchidas),15-13*ORÇAMENTO!$AF$7)))))","v":10},"CONFORME PROJETO PSCIP",{"$f":"IF(OR(B116<>\"S\",CÁLCULO.FrentesPreenchidas=0),\"\",IF(AND(ACOMPANHAMENTO=\"PLE\",AUTOEVENTO=\"Manual\",OR(H116>0,ORÇAMENTO!AC116=\"QUANT.\"),OR(K116=\"\",M116=0,N116=\"\")),\"►E\",IF(AND(ACOMPANHAMENTO=\"PLE\",ORÇAMENTO!AC116=\"QUANT.\"),\"►Q\",IF(AND(ACOMPANHAMENTO=\"PLE\",H116<>SUMPRODUCT(($Q$1:$AA$1=1)*ROUND(Q116:AA116,15))),\"►S\",IF(AND(COUNTIF($P$11:$AA$11,\"▼\")=0,H116>0,I116=\"\"),\"◄M\",\"\")))))","v":""},"16.Instalação do PSCIP",101,{"$f":"IF($D116<>\"Serviço\",\"\",\n          IF(AUTOEVENTO=\"manual\",$A116,\n                IF(ISERROR(MATCH($A116,$A$15:OFFSET($A116,-1,0),0)),MAX($M$15:OFFSET(M116,-1,0))+1,\n                      INDEX($M$15:OFFSET(M116,-1,0),MATCH($A116,$A$15:OFFSET($A116,-1,0),0)))))","v":16},{"$f":"IF($D116<>\"Serviço\",\"\",\n         IF(AUTOEVENTO=\"Manual\",\n                IF($A116=0,\"<-- defina o número do agrupador\",\n                       OFFSET(EVENTOS!$D$15,$A116-$A$15,0)),\n                OFFSET($F$15,$A116,0)))","v":"Calçamento"},null,null,null,10,null,null,null,null,null,null,null,null,null,{"$f":"IF(AND($D116=\"Serviço\",AB$12<>0,$H116>0,OR(AUTOEVENTO<>\"manual\",$M116<>$A$15)),\n        IF(Import.TipoArredondamento<>\"TransfereGOV\",\n              ROUND(OFFSET($P116,0,AB$13),15-13*ORÇAMENTO!$AF$7)/$H116*OFFSET(ORÇAMENTO!$X$15,ROW(AB116)-ROW(AB$15),0),\n              ROUND(ROUND(OFFSET($P116,0,AB$13),15-13*ORÇAMENTO!$AF$7)*OFFSET(ORÇAMENTO!$W$15,ROW(AB116)-ROW(AB$15),0),15-13*ORÇAMENTO!$AF$11)),\n         0)","v":0},{"$f":"IF(AND($D116=\"Serviço\",AC$12<>0,$H116>0,OR(AUTOEVENTO<>\"manual\",$M116<>$A$15)),\n        IF(Import.TipoArredondamento<>\"TransfereGOV\",\n              ROUND(OFFSET($P116,0,AC$13),15-13*ORÇAMENTO!$AF$7)/$H116*OFFSET(ORÇAMENTO!$X$15,ROW(AC116)-ROW(AC$15),0),\n              ROUND(ROUND(OFFSET($P116,0,AC$13),15-13*ORÇAMENTO!$AF$7)*OFFSET(ORÇAMENTO!$W$15,ROW(AC116)-ROW(AC$15),0),15-13*ORÇAMENTO!$AF$11)),\n         0)","v":0},{"$f":"IF(AND($D116=\"Serviço\",AD$12<>0,$H116>0,OR(AUTOEVENTO<>\"manual\",$M116<>$A$15)),\n        IF(Import.TipoArredondamento<>\"TransfereGOV\",\n              ROUND(OFFSET($P116,0,AD$13),15-13*ORÇAMENTO!$AF$7)/$H116*OFFSET(ORÇAMENTO!$X$15,ROW(AD116)-ROW(AD$15),0),\n              ROUND(ROUND(OFFSET($P116,0,AD$13),15-13*ORÇAMENTO!$AF$7)*OFFSET(ORÇAMENTO!$W$15,ROW(AD116)-ROW(AD$15),0),15-13*ORÇAMENTO!$AF$11)),\n         0)","v":0},{"$f":"IF(AND($D116=\"Serviço\",AE$12<>0,$H116>0,OR(AUTOEVENTO<>\"manual\",$M116<>$A$15)),\n        IF(Import.TipoArredondamento<>\"TransfereGOV\",\n              ROUND(OFFSET($P116,0,AE$13),15-13*ORÇAMENTO!$AF$7)/$H116*OFFSET(ORÇAMENTO!$X$15,ROW(AE116)-ROW(AE$15),0),\n              ROUND(ROUND(OFFSET($P116,0,AE$13),15-13*ORÇAMENTO!$AF$7)*OFFSET(ORÇAMENTO!$W$15,ROW(AE116)-ROW(AE$15),0),15-13*ORÇAMENTO!$AF$11)),\n         0)","v":0},{"$f":"IF(AND($D116=\"Serviço\",AF$12<>0,$H116>0,OR(AUTOEVENTO<>\"manual\",$M116<>$A$15)),\n        IF(Import.TipoArredondamento<>\"TransfereGOV\",\n              ROUND(OFFSET($P116,0,AF$13),15-13*ORÇAMENTO!$AF$7)/$H116*OFFSET(ORÇAMENTO!$X$15,ROW(AF116)-ROW(AF$15),0),\n              ROUND(ROUND(OFFSET($P116,0,AF$13),15-13*ORÇAMENTO!$AF$7)*OFFSET(ORÇAMENTO!$W$15,ROW(AF116)-ROW(AF$15),0),15-13*ORÇAMENTO!$AF$11)),\n         0)","v":0},{"$f":"IF(AND($D116=\"Serviço\",AG$12<>0,$H116>0,OR(AUTOEVENTO<>\"manual\",$M116<>$A$15)),\n        IF(Import.TipoArredondamento<>\"TransfereGOV\",\n              ROUND(OFFSET($P116,0,AG$13),15-13*ORÇAMENTO!$AF$7)/$H116*OFFSET(ORÇAMENTO!$X$15,ROW(AG116)-ROW(AG$15),0),\n              ROUND(ROUND(OFFSET($P116,0,AG$13),15-13*ORÇAMENTO!$AF$7)*OFFSET(ORÇAMENTO!$W$15,ROW(AG116)-ROW(AG$15),0),15-13*ORÇAMENTO!$AF$11)),\n         0)","v":0},{"$f":"IF(AND($D116=\"Serviço\",AH$12<>0,$H116>0,OR(AUTOEVENTO<>\"manual\",$M116<>$A$15)),\n        IF(Import.TipoArredondamento<>\"TransfereGOV\",\n              ROUND(OFFSET($P116,0,AH$13),15-13*ORÇAMENTO!$AF$7)/$H116*OFFSET(ORÇAMENTO!$X$15,ROW(AH116)-ROW(AH$15),0),\n              ROUND(ROUND(OFFSET($P116,0,AH$13),15-13*ORÇAMENTO!$AF$7)*OFFSET(ORÇAMENTO!$W$15,ROW(AH116)-ROW(AH$15),0),15-13*ORÇAMENTO!$AF$11)),\n         0)","v":0},{"$f":"IF(AND($D116=\"Serviço\",AI$12<>0,$H116>0,OR(AUTOEVENTO<>\"manual\",$M116<>$A$15)),\n        IF(Import.TipoArredondamento<>\"TransfereGOV\",\n              ROUND(OFFSET($P116,0,AI$13),15-13*ORÇAMENTO!$AF$7)/$H116*OFFSET(ORÇAMENTO!$X$15,ROW(AI116)-ROW(AI$15),0),\n              ROUND(ROUND(OFFSET($P116,0,AI$13),15-13*ORÇAMENTO!$AF$7)*OFFSET(ORÇAMENTO!$W$15,ROW(AI116)-ROW(AI$15),0),15-13*ORÇAMENTO!$AF$11)),\n         0)","v":0},{"$f":"IF(AND($D116=\"Serviço\",AJ$12<>0,$H116>0,OR(AUTOEVENTO<>\"manual\",$M116<>$A$15)),\n        IF(Import.TipoArredondamento<>\"TransfereGOV\",\n              ROUND(OFFSET($P116,0,AJ$13),15-13*ORÇAMENTO!$AF$7)/$H116*OFFSET(ORÇAMENTO!$X$15,ROW(AJ116)-ROW(AJ$15),0),\n              ROUND(ROUND(OFFSET($P116,0,AJ$13),15-13*ORÇAMENTO!$AF$7)*OFFSET(ORÇAMENTO!$W$15,ROW(AJ116)-ROW(AJ$15),0),15-13*ORÇAMENTO!$AF$11)),\n         0)","v":0},{"$f":"IF(AND($D116=\"Serviço\",AK$12<>0,$H116>0,OR(AUTOEVENTO<>\"manual\",$M116<>$A$15)),\n        IF(Import.TipoArredondamento<>\"TransfereGOV\",\n              ROUND(OFFSET($P116,0,AK$13),15-13*ORÇAMENTO!$AF$7)/$H116*OFFSET(ORÇAMENTO!$X$15,ROW(AK116)-ROW(AK$15),0),\n              ROUND(ROUND(OFFSET($P116,0,AK$13),15-13*ORÇAMENTO!$AF$7)*OFFSET(ORÇAMENTO!$W$15,ROW(AK116)-ROW(AK$15),0),15-13*ORÇAMENTO!$AF$11)),\n         0)","v":0},null,{"$f":"IF(OR($D116<>\"Serviço\",AND(AUTOEVENTO=\"Manual\",$M116=$A$15)),0,\n         IF(OFFSET(CRONOPLE!$F$15,$M116-$A$15,AM$13)=0,10^12,OFFSET(CRONOPLE!$F$15,$M116-$A$15,AM$13)))","v":5},{"$f":"IF(OR($D116<>\"Serviço\",AND(AUTOEVENTO=\"Manual\",$M116=$A$15)),0,\n         IF(OFFSET(CRONOPLE!$F$15,$M116-$A$15,AN$13)=0,10^12,OFFSET(CRONOPLE!$F$15,$M116-$A$15,AN$13)))","v":5},{"$f":"IF(OR($D116<>\"Serviço\",AND(AUTOEVENTO=\"Manual\",$M116=$A$15)),0,\n         IF(OFFSET(CRONOPLE!$F$15,$M116-$A$15,AO$13)=0,10^12,OFFSET(CRONOPLE!$F$15,$M116-$A$15,AO$13)))","v":2},{"$f":"IF(OR($D116<>\"Serviço\",AND(AUTOEVENTO=\"Manual\",$M116=$A$15)),0,\n         IF(OFFSET(CRONOPLE!$F$15,$M116-$A$15,AP$13)=0,10^12,OFFSET(CRONOPLE!$F$15,$M116-$A$15,AP$13)))","v":2},{"$f":"IF(OR($D116<>\"Serviço\",AND(AUTOEVENTO=\"Manual\",$M116=$A$15)),0,\n         IF(OFFSET(CRONOPLE!$F$15,$M116-$A$15,AQ$13)=0,10^12,OFFSET(CRONOPLE!$F$15,$M116-$A$15,AQ$13)))","v":1000000000000},{"$f":"IF(OR($D116<>\"Serviço\",AND(AUTOEVENTO=\"Manual\",$M116=$A$15)),0,\n         IF(OFFSET(CRONOPLE!$F$15,$M116-$A$15,AR$13)=0,10^12,OFFSET(CRONOPLE!$F$15,$M116-$A$15,AR$13)))","v":1000000000000},{"$f":"IF(OR($D116<>\"Serviço\",AND(AUTOEVENTO=\"Manual\",$M116=$A$15)),0,\n         IF(OFFSET(CRONOPLE!$F$15,$M116-$A$15,AS$13)=0,10^12,OFFSET(CRONOPLE!$F$15,$M116-$A$15,AS$13)))","v":1000000000000},{"$f":"IF(OR($D116<>\"Serviço\",AND(AUTOEVENTO=\"Manual\",$M116=$A$15)),0,\n         IF(OFFSET(CRONOPLE!$F$15,$M116-$A$15,AT$13)=0,10^12,OFFSET(CRONOPLE!$F$15,$M116-$A$15,AT$13)))","v":1000000000000},{"$f":"IF(OR($D116<>\"Serviço\",AND(AUTOEVENTO=\"Manual\",$M116=$A$15)),0,\n         IF(OFFSET(CRONOPLE!$F$15,$M116-$A$15,AU$13)=0,10^12,OFFSET(CRONOPLE!$F$15,$M116-$A$15,AU$13)))","v":1000000000000},{"$f":"IF(OR($D116<>\"Serviço\",AND(AUTOEVENTO=\"Manual\",$M116=$A$15)),0,\n         IF(OFFSET(CRONOPLE!$F$15,$M116-$A$15,AV$13)=0,10^12,OFFSET(CRONOPLE!$F$15,$M116-$A$15,AV$13)))","v":1000000000000},null,{"$f":"IF(OR($D116<>\"Serviço\",AND(AUTOEVENTO=\"Manual\",$M116=$A$15),$M116>(ROW(PLE.lastrow)-ROW(PLE.firstrow))),0,\n           IF(OFFSET(PLE!$G$15,$M116-$A$15,AX$13)=\"\",10^12,OFFSET(PLE!$G$15,$M116-$A$15,AX$13)))","v":4},{"$f":"IF(OR($D116<>\"Serviço\",AND(AUTOEVENTO=\"Manual\",$M116=$A$15),$M116>(ROW(PLE.lastrow)-ROW(PLE.firstrow))),0,\n           IF(OFFSET(PLE!$G$15,$M116-$A$15,AY$13)=\"\",10^12,OFFSET(PLE!$G$15,$M116-$A$15,AY$13)))","v":5},{"$f":"IF(OR($D116<>\"Serviço\",AND(AUTOEVENTO=\"Manual\",$M116=$A$15),$M116>(ROW(PLE.lastrow)-ROW(PLE.firstrow))),0,\n           IF(OFFSET(PLE!$G$15,$M116-$A$15,AZ$13)=\"\",10^12,OFFSET(PLE!$G$15,$M116-$A$15,AZ$13)))","v":1000000000000},{"$f":"IF(OR($D116<>\"Serviço\",AND(AUTOEVENTO=\"Manual\",$M116=$A$15),$M116>(ROW(PLE.lastrow)-ROW(PLE.firstrow))),0,\n           IF(OFFSET(PLE!$G$15,$M116-$A$15,BA$13)=\"\",10^12,OFFSET(PLE!$G$15,$M116-$A$15,BA$13)))","v":1000000000000},{"$f":"IF(OR($D116<>\"Serviço\",AND(AUTOEVENTO=\"Manual\",$M116=$A$15),$M116>(ROW(PLE.lastrow)-ROW(PLE.firstrow))),0,\n           IF(OFFSET(PLE!$G$15,$M116-$A$15,BB$13)=\"\",10^12,OFFSET(PLE!$G$15,$M116-$A$15,BB$13)))","v":1000000000000},{"$f":"IF(OR($D116<>\"Serviço\",AND(AUTOEVENTO=\"Manual\",$M116=$A$15),$M116>(ROW(PLE.lastrow)-ROW(PLE.firstrow))),0,\n           IF(OFFSET(PLE!$G$15,$M116-$A$15,BC$13)=\"\",10^12,OFFSET(PLE!$G$15,$M116-$A$15,BC$13)))","v":1000000000000},{"$f":"IF(OR($D116<>\"Serviço\",AND(AUTOEVENTO=\"Manual\",$M116=$A$15),$M116>(ROW(PLE.lastrow)-ROW(PLE.firstrow))),0,\n           IF(OFFSET(PLE!$G$15,$M116-$A$15,BD$13)=\"\",10^12,OFFSET(PLE!$G$15,$M116-$A$15,BD$13)))","v":1000000000000},{"$f":"IF(OR($D116<>\"Serviço\",AND(AUTOEVENTO=\"Manual\",$M116=$A$15),$M116>(ROW(PLE.lastrow)-ROW(PLE.firstrow))),0,\n           IF(OFFSET(PLE!$G$15,$M116-$A$15,BE$13)=\"\",10^12,OFFSET(PLE!$G$15,$M116-$A$15,BE$13)))","v":1000000000000},{"$f":"IF(OR($D116<>\"Serviço\",AND(AUTOEVENTO=\"Manual\",$M116=$A$15),$M116>(ROW(PLE.lastrow)-ROW(PLE.firstrow))),0,\n           IF(OFFSET(PLE!$G$15,$M116-$A$15,BF$13)=\"\",10^12,OFFSET(PLE!$G$15,$M116-$A$15,BF$13)))","v":1000000000000},{"$f":"IF(OR($D116<>\"Serviço\",AND(AUTOEVENTO=\"Manual\",$M116=$A$15),$M116>(ROW(PLE.lastrow)-ROW(PLE.firstrow))),0,\n           IF(OFFSET(PLE!$G$15,$M116-$A$15,BG$13)=\"\",10^12,OFFSET(PLE!$G$15,$M116-$A$15,BG$13)))","v":1000000000000}]
[16,{"$f":"OFFSET(ORÇAMENTO!C$15,$L117,0)","v":"S"},{"$f":"OFFSET(ORÇAMENTO!L$15,$L117,0)","v":"F"},{"$f":"OFFSET(ORÇAMENTO!N$15,$L117,0)","v":"Serviço"},{"$f":"OFFSET(ORÇAMENTO!O$15,$L117,0)","v":"1.12.5."},{"$f":"OFFSET(ORÇAMENTO!R$15,$L117,0)","v":"PLACA DE SINALIZACAO DE SEGURANCA CONTRA INCENDIO, FOTOLUMINESCENTE, QUADRADA, *20 X 20* CM, EM PVC *2* MM ANTI-CHAMAS - FORNECIMENTO E INSTALACAO"},{"$f":"IF($D117<>\"Serviço\",\"\",OFFSET(ORÇAMENTO!S$15,$L117,0))","v":"UN"},{"$f":"IF($D117<>\"Serviço\",0,IF(ACOMPANHAMENTO=\"BM\",ROUND(OFFSET(ORÇAMENTO!AJ$15,$L117,0),15-13*ORÇAMENTO!$AF$7),IF(IFERROR(CÁLCULO.FrentesPreenchidas,0)=0,0,SUM(ROUND(OFFSET($P117,0,1,1,CÁLCULO.FrentesPreenchidas),15-13*ORÇAMENTO!$AF$7)))))","v":2},"CONFORME PROJETO PSCIP",{"$f":"IF(OR(B117<>\"S\",CÁLCULO.FrentesPreenchidas=0),\"\",IF(AND(ACOMPANHAMENTO=\"PLE\",AUTOEVENTO=\"Manual\",OR(H117>0,ORÇAMENTO!AC117=\"QUANT.\"),OR(K117=\"\",M117=0,N117=\"\")),\"►E\",IF(AND(ACOMPANHAMENTO=\"PLE\",ORÇAMENTO!AC117=\"QUANT.\"),\"►Q\",IF(AND(ACOMPANHAMENTO=\"PLE\",H117<>SUMPRODUCT(($Q$1:$AA$1=1)*ROUND(Q117:AA117,15))),\"►S\",IF(AND(COUNTIF($P$11:$AA$11,\"▼\")=0,H117>0,I117=\"\"),\"◄M\",\"\")))))","v":""},"16.Instalação do PSCIP",102,{"$f":"IF($D117<>\"Serviço\",\"\",\n          IF(AUTOEVENTO=\"manual\",$A117,\n                IF(ISERROR(MATCH($A117,$A$15:OFFSET($A117,-1,0),0)),MAX($M$15:OFFSET(M117,-1,0))+1,\n                      INDEX($M$15:OFFSET(M117,-1,0),MATCH($A117,$A$15:OFFSET($A117,-1,0),0)))))","v":16},{"$f":"IF($D117<>\"Serviço\",\"\",\n         IF(AUTOEVENTO=\"Manual\",\n                IF($A117=0,\"<-- defina o número do agrupador\",\n                       OFFSET(EVENTOS!$D$15,$A117-$A$15,0)),\n                OFFSET($F$15,$A117,0)))","v":"Calçamento"},null,null,null,2,null,null,null,null,null,null,null,null,null,{"$f":"IF(AND($D117=\"Serviço\",AB$12<>0,$H117>0,OR(AUTOEVENTO<>\"manual\",$M117<>$A$15)),\n        IF(Import.TipoArredondamento<>\"TransfereGOV\",\n              ROUND(OFFSET($P117,0,AB$13),15-13*ORÇAMENTO!$AF$7)/$H117*OFFSET(ORÇAMENTO!$X$15,ROW(AB117)-ROW(AB$15),0),\n              ROUND(ROUND(OFFSET($P117,0,AB$13),15-13*ORÇAMENTO!$AF$7)*OFFSET(ORÇAMENTO!$W$15,ROW(AB117)-ROW(AB$15),0),15-13*ORÇAMENTO!$AF$11)),\n         0)","v":0},{"$f":"IF(AND($D117=\"Serviço\",AC$12<>0,$H117>0,OR(AUTOEVENTO<>\"manual\",$M117<>$A$15)),\n        IF(Import.TipoArredondamento<>\"TransfereGOV\",\n              ROUND(OFFSET($P117,0,AC$13),15-13*ORÇAMENTO!$AF$7)/$H117*OFFSET(ORÇAMENTO!$X$15,ROW(AC117)-ROW(AC$15),0),\n              ROUND(ROUND(OFFSET($P117,0,AC$13),15-13*ORÇAMENTO!$AF$7)*OFFSET(ORÇAMENTO!$W$15,ROW(AC117)-ROW(AC$15),0),15-13*ORÇAMENTO!$AF$11)),\n         0)","v":0},{"$f":"IF(AND($D117=\"Serviço\",AD$12<>0,$H117>0,OR(AUTOEVENTO<>\"manual\",$M117<>$A$15)),\n        IF(Import.TipoArredondamento<>\"TransfereGOV\",\n              ROUND(OFFSET($P117,0,AD$13),15-13*ORÇAMENTO!$AF$7)/$H117*OFFSET(ORÇAMENTO!$X$15,ROW(AD117)-ROW(AD$15),0),\n              ROUND(ROUND(OFFSET($P117,0,AD$13),15-13*ORÇAMENTO!$AF$7)*OFFSET(ORÇAMENTO!$W$15,ROW(AD117)-ROW(AD$15),0),15-13*ORÇAMENTO!$AF$11)),\n         0)","v":0},{"$f":"IF(AND($D117=\"Serviço\",AE$12<>0,$H117>0,OR(AUTOEVENTO<>\"manual\",$M117<>$A$15)),\n        IF(Import.TipoArredondamento<>\"TransfereGOV\",\n              ROUND(OFFSET($P117,0,AE$13),15-13*ORÇAMENTO!$AF$7)/$H117*OFFSET(ORÇAMENTO!$X$15,ROW(AE117)-ROW(AE$15),0),\n              ROUND(ROUND(OFFSET($P117,0,AE$13),15-13*ORÇAMENTO!$AF$7)*OFFSET(ORÇAMENTO!$W$15,ROW(AE117)-ROW(AE$15),0),15-13*ORÇAMENTO!$AF$11)),\n         0)","v":0},{"$f":"IF(AND($D117=\"Serviço\",AF$12<>0,$H117>0,OR(AUTOEVENTO<>\"manual\",$M117<>$A$15)),\n        IF(Import.TipoArredondamento<>\"TransfereGOV\",\n              ROUND(OFFSET($P117,0,AF$13),15-13*ORÇAMENTO!$AF$7)/$H117*OFFSET(ORÇAMENTO!$X$15,ROW(AF117)-ROW(AF$15),0),\n              ROUND(ROUND(OFFSET($P117,0,AF$13),15-13*ORÇAMENTO!$AF$7)*OFFSET(ORÇAMENTO!$W$15,ROW(AF117)-ROW(AF$15),0),15-13*ORÇAMENTO!$AF$11)),\n         0)","v":0},{"$f":"IF(AND($D117=\"Serviço\",AG$12<>0,$H117>0,OR(AUTOEVENTO<>\"manual\",$M117<>$A$15)),\n        IF(Import.TipoArredondamento<>\"TransfereGOV\",\n              ROUND(OFFSET($P117,0,AG$13),15-13*ORÇAMENTO!$AF$7)/$H117*OFFSET(ORÇAMENTO!$X$15,ROW(AG117)-ROW(AG$15),0),\n              ROUND(ROUND(OFFSET($P117,0,AG$13),15-13*ORÇAMENTO!$AF$7)*OFFSET(ORÇAMENTO!$W$15,ROW(AG117)-ROW(AG$15),0),15-13*ORÇAMENTO!$AF$11)),\n         0)","v":0},{"$f":"IF(AND($D117=\"Serviço\",AH$12<>0,$H117>0,OR(AUTOEVENTO<>\"manual\",$M117<>$A$15)),\n        IF(Import.TipoArredondamento<>\"TransfereGOV\",\n              ROUND(OFFSET($P117,0,AH$13),15-13*ORÇAMENTO!$AF$7)/$H117*OFFSET(ORÇAMENTO!$X$15,ROW(AH117)-ROW(AH$15),0),\n              ROUND(ROUND(OFFSET($P117,0,AH$13),15-13*ORÇAMENTO!$AF$7)*OFFSET(ORÇAMENTO!$W$15,ROW(AH117)-ROW(AH$15),0),15-13*ORÇAMENTO!$AF$11)),\n         0)","v":0},{"$f":"IF(AND($D117=\"Serviço\",AI$12<>0,$H117>0,OR(AUTOEVENTO<>\"manual\",$M117<>$A$15)),\n        IF(Import.TipoArredondamento<>\"TransfereGOV\",\n              ROUND(OFFSET($P117,0,AI$13),15-13*ORÇAMENTO!$AF$7)/$H117*OFFSET(ORÇAMENTO!$X$15,ROW(AI117)-ROW(AI$15),0),\n              ROUND(ROUND(OFFSET($P117,0,AI$13),15-13*ORÇAMENTO!$AF$7)*OFFSET(ORÇAMENTO!$W$15,ROW(AI117)-ROW(AI$15),0),15-13*ORÇAMENTO!$AF$11)),\n         0)","v":0},{"$f":"IF(AND($D117=\"Serviço\",AJ$12<>0,$H117>0,OR(AUTOEVENTO<>\"manual\",$M117<>$A$15)),\n        IF(Import.TipoArredondamento<>\"TransfereGOV\",\n              ROUND(OFFSET($P117,0,AJ$13),15-13*ORÇAMENTO!$AF$7)/$H117*OFFSET(ORÇAMENTO!$X$15,ROW(AJ117)-ROW(AJ$15),0),\n              ROUND(ROUND(OFFSET($P117,0,AJ$13),15-13*ORÇAMENTO!$AF$7)*OFFSET(ORÇAMENTO!$W$15,ROW(AJ117)-ROW(AJ$15),0),15-13*ORÇAMENTO!$AF$11)),\n         0)","v":0},{"$f":"IF(AND($D117=\"Serviço\",AK$12<>0,$H117>0,OR(AUTOEVENTO<>\"manual\",$M117<>$A$15)),\n        IF(Import.TipoArredondamento<>\"TransfereGOV\",\n              ROUND(OFFSET($P117,0,AK$13),15-13*ORÇAMENTO!$AF$7)/$H117*OFFSET(ORÇAMENTO!$X$15,ROW(AK117)-ROW(AK$15),0),\n              ROUND(ROUND(OFFSET($P117,0,AK$13),15-13*ORÇAMENTO!$AF$7)*OFFSET(ORÇAMENTO!$W$15,ROW(AK117)-ROW(AK$15),0),15-13*ORÇAMENTO!$AF$11)),\n         0)","v":0},null,{"$f":"IF(OR($D117<>\"Serviço\",AND(AUTOEVENTO=\"Manual\",$M117=$A$15)),0,\n         IF(OFFSET(CRONOPLE!$F$15,$M117-$A$15,AM$13)=0,10^12,OFFSET(CRONOPLE!$F$15,$M117-$A$15,AM$13)))","v":5},{"$f":"IF(OR($D117<>\"Serviço\",AND(AUTOEVENTO=\"Manual\",$M117=$A$15)),0,\n         IF(OFFSET(CRONOPLE!$F$15,$M117-$A$15,AN$13)=0,10^12,OFFSET(CRONOPLE!$F$15,$M117-$A$15,AN$13)))","v":5},{"$f":"IF(OR($D117<>\"Serviço\",AND(AUTOEVENTO=\"Manual\",$M117=$A$15)),0,\n         IF(OFFSET(CRONOPLE!$F$15,$M117-$A$15,AO$13)=0,10^12,OFFSET(CRONOPLE!$F$15,$M117-$A$15,AO$13)))","v":2},{"$f":"IF(OR($D117<>\"Serviço\",AND(AUTOEVENTO=\"Manual\",$M117=$A$15)),0,\n         IF(OFFSET(CRONOPLE!$F$15,$M117-$A$15,AP$13)=0,10^12,OFFSET(CRONOPLE!$F$15,$M117-$A$15,AP$13)))","v":2},{"$f":"IF(OR($D117<>\"Serviço\",AND(AUTOEVENTO=\"Manual\",$M117=$A$15)),0,\n         IF(OFFSET(CRONOPLE!$F$15,$M117-$A$15,AQ$13)=0,10^12,OFFSET(CRONOPLE!$F$15,$M117-$A$15,AQ$13)))","v":1000000000000},{"$f":"IF(OR($D117<>\"Serviço\",AND(AUTOEVENTO=\"Manual\",$M117=$A$15)),0,\n         IF(OFFSET(CRONOPLE!$F$15,$M117-$A$15,AR$13)=0,10^12,OFFSET(CRONOPLE!$F$15,$M117-$A$15,AR$13)))","v":1000000000000},{"$f":"IF(OR($D117<>\"Serviço\",AND(AUTOEVENTO=\"Manual\",$M117=$A$15)),0,\n         IF(OFFSET(CRONOPLE!$F$15,$M117-$A$15,AS$13)=0,10^12,OFFSET(CRONOPLE!$F$15,$M117-$A$15,AS$13)))","v":1000000000000},{"$f":"IF(OR($D117<>\"Serviço\",AND(AUTOEVENTO=\"Manual\",$M117=$A$15)),0,\n         IF(OFFSET(CRONOPLE!$F$15,$M117-$A$15,AT$13)=0,10^12,OFFSET(CRONOPLE!$F$15,$M117-$A$15,AT$13)))","v":1000000000000},{"$f":"IF(OR($D117<>\"Serviço\",AND(AUTOEVENTO=\"Manual\",$M117=$A$15)),0,\n         IF(OFFSET(CRONOPLE!$F$15,$M117-$A$15,AU$13)=0,10^12,OFFSET(CRONOPLE!$F$15,$M117-$A$15,AU$13)))","v":1000000000000},{"$f":"IF(OR($D117<>\"Serviço\",AND(AUTOEVENTO=\"Manual\",$M117=$A$15)),0,\n         IF(OFFSET(CRONOPLE!$F$15,$M117-$A$15,AV$13)=0,10^12,OFFSET(CRONOPLE!$F$15,$M117-$A$15,AV$13)))","v":1000000000000},null,{"$f":"IF(OR($D117<>\"Serviço\",AND(AUTOEVENTO=\"Manual\",$M117=$A$15),$M117>(ROW(PLE.lastrow)-ROW(PLE.firstrow))),0,\n           IF(OFFSET(PLE!$G$15,$M117-$A$15,AX$13)=\"\",10^12,OFFSET(PLE!$G$15,$M117-$A$15,AX$13)))","v":4},{"$f":"IF(OR($D117<>\"Serviço\",AND(AUTOEVENTO=\"Manual\",$M117=$A$15),$M117>(ROW(PLE.lastrow)-ROW(PLE.firstrow))),0,\n           IF(OFFSET(PLE!$G$15,$M117-$A$15,AY$13)=\"\",10^12,OFFSET(PLE!$G$15,$M117-$A$15,AY$13)))","v":5},{"$f":"IF(OR($D117<>\"Serviço\",AND(AUTOEVENTO=\"Manual\",$M117=$A$15),$M117>(ROW(PLE.lastrow)-ROW(PLE.firstrow))),0,\n           IF(OFFSET(PLE!$G$15,$M117-$A$15,AZ$13)=\"\",10^12,OFFSET(PLE!$G$15,$M117-$A$15,AZ$13)))","v":1000000000000},{"$f":"IF(OR($D117<>\"Serviço\",AND(AUTOEVENTO=\"Manual\",$M117=$A$15),$M117>(ROW(PLE.lastrow)-ROW(PLE.firstrow))),0,\n           IF(OFFSET(PLE!$G$15,$M117-$A$15,BA$13)=\"\",10^12,OFFSET(PLE!$G$15,$M117-$A$15,BA$13)))","v":1000000000000},{"$f":"IF(OR($D117<>\"Serviço\",AND(AUTOEVENTO=\"Manual\",$M117=$A$15),$M117>(ROW(PLE.lastrow)-ROW(PLE.firstrow))),0,\n           IF(OFFSET(PLE!$G$15,$M117-$A$15,BB$13)=\"\",10^12,OFFSET(PLE!$G$15,$M117-$A$15,BB$13)))","v":1000000000000},{"$f":"IF(OR($D117<>\"Serviço\",AND(AUTOEVENTO=\"Manual\",$M117=$A$15),$M117>(ROW(PLE.lastrow)-ROW(PLE.firstrow))),0,\n           IF(OFFSET(PLE!$G$15,$M117-$A$15,BC$13)=\"\",10^12,OFFSET(PLE!$G$15,$M117-$A$15,BC$13)))","v":1000000000000},{"$f":"IF(OR($D117<>\"Serviço\",AND(AUTOEVENTO=\"Manual\",$M117=$A$15),$M117>(ROW(PLE.lastrow)-ROW(PLE.firstrow))),0,\n           IF(OFFSET(PLE!$G$15,$M117-$A$15,BD$13)=\"\",10^12,OFFSET(PLE!$G$15,$M117-$A$15,BD$13)))","v":1000000000000},{"$f":"IF(OR($D117<>\"Serviço\",AND(AUTOEVENTO=\"Manual\",$M117=$A$15),$M117>(ROW(PLE.lastrow)-ROW(PLE.firstrow))),0,\n           IF(OFFSET(PLE!$G$15,$M117-$A$15,BE$13)=\"\",10^12,OFFSET(PLE!$G$15,$M117-$A$15,BE$13)))","v":1000000000000},{"$f":"IF(OR($D117<>\"Serviço\",AND(AUTOEVENTO=\"Manual\",$M117=$A$15),$M117>(ROW(PLE.lastrow)-ROW(PLE.firstrow))),0,\n           IF(OFFSET(PLE!$G$15,$M117-$A$15,BF$13)=\"\",10^12,OFFSET(PLE!$G$15,$M117-$A$15,BF$13)))","v":1000000000000},{"$f":"IF(OR($D117<>\"Serviço\",AND(AUTOEVENTO=\"Manual\",$M117=$A$15),$M117>(ROW(PLE.lastrow)-ROW(PLE.firstrow))),0,\n           IF(OFFSET(PLE!$G$15,$M117-$A$15,BG$13)=\"\",10^12,OFFSET(PLE!$G$15,$M117-$A$15,BG$13)))","v":1000000000000}]
[0,{"$f":"OFFSET(ORÇAMENTO!C$15,$L118,0)","v":2},{"$f":"OFFSET(ORÇAMENTO!L$15,$L118,0)","v":"F"},{"$f":"OFFSET(ORÇAMENTO!N$15,$L118,0)","v":"Nível 2"},{"$f":"OFFSET(ORÇAMENTO!O$15,$L118,0)","v":"1.13."},{"$f":"OFFSET(ORÇAMENTO!R$15,$L118,0)","v":"SERVIÇOS COMPLEMENTARES E URBANIZAÇÃO"},{"$f":"IF($D118<>\"Serviço\",\"\",OFFSET(ORÇAMENTO!S$15,$L118,0))","v":""},{"$f":"IF($D118<>\"Serviço\",0,IF(ACOMPANHAMENTO=\"BM\",ROUND(OFFSET(ORÇAMENTO!AJ$15,$L118,0),15-13*ORÇAMENTO!$AF$7),IF(IFERROR(CÁLCULO.FrentesPreenchidas,0)=0,0,SUM(ROUND(OFFSET($P118,0,1,1,CÁLCULO.FrentesPreenchidas),15-13*ORÇAMENTO!$AF$7)))))","v":0},null,{"$f":"IF(OR(B118<>\"S\",CÁLCULO.FrentesPreenchidas=0),\"\",IF(AND(ACOMPANHAMENTO=\"PLE\",AUTOEVENTO=\"Manual\",OR(H118>0,ORÇAMENTO!AC118=\"QUANT.\"),OR(K118=\"\",M118=0,N118=\"\")),\"►E\",IF(AND(ACOMPANHAMENTO=\"PLE\",ORÇAMENTO!AC118=\"QUANT.\"),\"►Q\",IF(AND(ACOMPANHAMENTO=\"PLE\",H118<>SUMPRODUCT(($Q$1:$AA$1=1)*ROUND(Q118:AA118,15))),\"►S\",IF(AND(COUNTIF($P$11:$AA$11,\"▼\")=0,H118>0,I118=\"\"),\"◄M\",\"\")))))","v":""},null,103,{"$f":"IF($D118<>\"Serviço\",\"\",\n          IF(AUTOEVENTO=\"manual\",$A118,\n                IF(ISERROR(MATCH($A118,$A$15:OFFSET($A118,-1,0),0)),MAX($M$15:OFFSET(M118,-1,0))+1,\n                      INDEX($M$15:OFFSET(M118,-1,0),MATCH($A118,$A$15:OFFSET($A118,-1,0),0)))))","v":""},{"$f":"IF($D118<>\"Serviço\",\"\",\n         IF(AUTOEVENTO=\"Manual\",\n                IF($A118=0,\"<-- defina o número do agrupador\",\n                       OFFSET(EVENTOS!$D$15,$A118-$A$15,0)),\n                OFFSET($F$15,$A118,0)))","v":""},null,null,null,null,null,null,null,null,null,null,null,null,null,{"$f":"IF(AND($D118=\"Serviço\",AB$12<>0,$H118>0,OR(AUTOEVENTO<>\"manual\",$M118<>$A$15)),\n        IF(Import.TipoArredondamento<>\"TransfereGOV\",\n              ROUND(OFFSET($P118,0,AB$13),15-13*ORÇAMENTO!$AF$7)/$H118*OFFSET(ORÇAMENTO!$X$15,ROW(AB118)-ROW(AB$15),0),\n              ROUND(ROUND(OFFSET($P118,0,AB$13),15-13*ORÇAMENTO!$AF$7)*OFFSET(ORÇAMENTO!$W$15,ROW(AB118)-ROW(AB$15),0),15-13*ORÇAMENTO!$AF$11)),\n         0)","v":0},{"$f":"IF(AND($D118=\"Serviço\",AC$12<>0,$H118>0,OR(AUTOEVENTO<>\"manual\",$M118<>$A$15)),\n        IF(Import.TipoArredondamento<>\"TransfereGOV\",\n              ROUND(OFFSET($P118,0,AC$13),15-13*ORÇAMENTO!$AF$7)/$H118*OFFSET(ORÇAMENTO!$X$15,ROW(AC118)-ROW(AC$15),0),\n              ROUND(ROUND(OFFSET($P118,0,AC$13),15-13*ORÇAMENTO!$AF$7)*OFFSET(ORÇAMENTO!$W$15,ROW(AC118)-ROW(AC$15),0),15-13*ORÇAMENTO!$AF$11)),\n         0)","v":0},{"$f":"IF(AND($D118=\"Serviço\",AD$12<>0,$H118>0,OR(AUTOEVENTO<>\"manual\",$M118<>$A$15)),\n        IF(Import.TipoArredondamento<>\"TransfereGOV\",\n              ROUND(OFFSET($P118,0,AD$13),15-13*ORÇAMENTO!$AF$7)/$H118*OFFSET(ORÇAMENTO!$X$15,ROW(AD118)-ROW(AD$15),0),\n              ROUND(ROUND(OFFSET($P118,0,AD$13),15-13*ORÇAMENTO!$AF$7)*OFFSET(ORÇAMENTO!$W$15,ROW(AD118)-ROW(AD$15),0),15-13*ORÇAMENTO!$AF$11)),\n         0)","v":0},{"$f":"IF(AND($D118=\"Serviço\",AE$12<>0,$H118>0,OR(AUTOEVENTO<>\"manual\",$M118<>$A$15)),\n        IF(Import.TipoArredondamento<>\"TransfereGOV\",\n              ROUND(OFFSET($P118,0,AE$13),15-13*ORÇAMENTO!$AF$7)/$H118*OFFSET(ORÇAMENTO!$X$15,ROW(AE118)-ROW(AE$15),0),\n              ROUND(ROUND(OFFSET($P118,0,AE$13),15-13*ORÇAMENTO!$AF$7)*OFFSET(ORÇAMENTO!$W$15,ROW(AE118)-ROW(AE$15),0),15-13*ORÇAMENTO!$AF$11)),\n         0)","v":0},{"$f":"IF(AND($D118=\"Serviço\",AF$12<>0,$H118>0,OR(AUTOEVENTO<>\"manual\",$M118<>$A$15)),\n        IF(Import.TipoArredondamento<>\"TransfereGOV\",\n              ROUND(OFFSET($P118,0,AF$13),15-13*ORÇAMENTO!$AF$7)/$H118*OFFSET(ORÇAMENTO!$X$15,ROW(AF118)-ROW(AF$15),0),\n              ROUND(ROUND(OFFSET($P118,0,AF$13),15-13*ORÇAMENTO!$AF$7)*OFFSET(ORÇAMENTO!$W$15,ROW(AF118)-ROW(AF$15),0),15-13*ORÇAMENTO!$AF$11)),\n         0)","v":0},{"$f":"IF(AND($D118=\"Serviço\",AG$12<>0,$H118>0,OR(AUTOEVENTO<>\"manual\",$M118<>$A$15)),\n        IF(Import.TipoArredondamento<>\"TransfereGOV\",\n              ROUND(OFFSET($P118,0,AG$13),15-13*ORÇAMENTO!$AF$7)/$H118*OFFSET(ORÇAMENTO!$X$15,ROW(AG118)-ROW(AG$15),0),\n              ROUND(ROUND(OFFSET($P118,0,AG$13),15-13*ORÇAMENTO!$AF$7)*OFFSET(ORÇAMENTO!$W$15,ROW(AG118)-ROW(AG$15),0),15-13*ORÇAMENTO!$AF$11)),\n         0)","v":0},{"$f":"IF(AND($D118=\"Serviço\",AH$12<>0,$H118>0,OR(AUTOEVENTO<>\"manual\",$M118<>$A$15)),\n        IF(Import.TipoArredondamento<>\"TransfereGOV\",\n              ROUND(OFFSET($P118,0,AH$13),15-13*ORÇAMENTO!$AF$7)/$H118*OFFSET(ORÇAMENTO!$X$15,ROW(AH118)-ROW(AH$15),0),\n              ROUND(ROUND(OFFSET($P118,0,AH$13),15-13*ORÇAMENTO!$AF$7)*OFFSET(ORÇAMENTO!$W$15,ROW(AH118)-ROW(AH$15),0),15-13*ORÇAMENTO!$AF$11)),\n         0)","v":0},{"$f":"IF(AND($D118=\"Serviço\",AI$12<>0,$H118>0,OR(AUTOEVENTO<>\"manual\",$M118<>$A$15)),\n        IF(Import.TipoArredondamento<>\"TransfereGOV\",\n              ROUND(OFFSET($P118,0,AI$13),15-13*ORÇAMENTO!$AF$7)/$H118*OFFSET(ORÇAMENTO!$X$15,ROW(AI118)-ROW(AI$15),0),\n              ROUND(ROUND(OFFSET($P118,0,AI$13),15-13*ORÇAMENTO!$AF$7)*OFFSET(ORÇAMENTO!$W$15,ROW(AI118)-ROW(AI$15),0),15-13*ORÇAMENTO!$AF$11)),\n         0)","v":0},{"$f":"IF(AND($D118=\"Serviço\",AJ$12<>0,$H118>0,OR(AUTOEVENTO<>\"manual\",$M118<>$A$15)),\n        IF(Import.TipoArredondamento<>\"TransfereGOV\",\n              ROUND(OFFSET($P118,0,AJ$13),15-13*ORÇAMENTO!$AF$7)/$H118*OFFSET(ORÇAMENTO!$X$15,ROW(AJ118)-ROW(AJ$15),0),\n              ROUND(ROUND(OFFSET($P118,0,AJ$13),15-13*ORÇAMENTO!$AF$7)*OFFSET(ORÇAMENTO!$W$15,ROW(AJ118)-ROW(AJ$15),0),15-13*ORÇAMENTO!$AF$11)),\n         0)","v":0},{"$f":"IF(AND($D118=\"Serviço\",AK$12<>0,$H118>0,OR(AUTOEVENTO<>\"manual\",$M118<>$A$15)),\n        IF(Import.TipoArredondamento<>\"TransfereGOV\",\n              ROUND(OFFSET($P118,0,AK$13),15-13*ORÇAMENTO!$AF$7)/$H118*OFFSET(ORÇAMENTO!$X$15,ROW(AK118)-ROW(AK$15),0),\n              ROUND(ROUND(OFFSET($P118,0,AK$13),15-13*ORÇAMENTO!$AF$7)*OFFSET(ORÇAMENTO!$W$15,ROW(AK118)-ROW(AK$15),0),15-13*ORÇAMENTO!$AF$11)),\n         0)","v":0},null,{"$f":"IF(OR($D118<>\"Serviço\",AND(AUTOEVENTO=\"Manual\",$M118=$A$15)),0,\n         IF(OFFSET(CRONOPLE!$F$15,$M118-$A$15,AM$13)=0,10^12,OFFSET(CRONOPLE!$F$15,$M118-$A$15,AM$13)))","v":0},{"$f":"IF(OR($D118<>\"Serviço\",AND(AUTOEVENTO=\"Manual\",$M118=$A$15)),0,\n         IF(OFFSET(CRONOPLE!$F$15,$M118-$A$15,AN$13)=0,10^12,OFFSET(CRONOPLE!$F$15,$M118-$A$15,AN$13)))","v":0},{"$f":"IF(OR($D118<>\"Serviço\",AND(AUTOEVENTO=\"Manual\",$M118=$A$15)),0,\n         IF(OFFSET(CRONOPLE!$F$15,$M118-$A$15,AO$13)=0,10^12,OFFSET(CRONOPLE!$F$15,$M118-$A$15,AO$13)))","v":0},{"$f":"IF(OR($D118<>\"Serviço\",AND(AUTOEVENTO=\"Manual\",$M118=$A$15)),0,\n         IF(OFFSET(CRONOPLE!$F$15,$M118-$A$15,AP$13)=0,10^12,OFFSET(CRONOPLE!$F$15,$M118-$A$15,AP$13)))","v":0},{"$f":"IF(OR($D118<>\"Serviço\",AND(AUTOEVENTO=\"Manual\",$M118=$A$15)),0,\n         IF(OFFSET(CRONOPLE!$F$15,$M118-$A$15,AQ$13)=0,10^12,OFFSET(CRONOPLE!$F$15,$M118-$A$15,AQ$13)))","v":0},{"$f":"IF(OR($D118<>\"Serviço\",AND(AUTOEVENTO=\"Manual\",$M118=$A$15)),0,\n         IF(OFFSET(CRONOPLE!$F$15,$M118-$A$15,AR$13)=0,10^12,OFFSET(CRONOPLE!$F$15,$M118-$A$15,AR$13)))","v":0},{"$f":"IF(OR($D118<>\"Serviço\",AND(AUTOEVENTO=\"Manual\",$M118=$A$15)),0,\n         IF(OFFSET(CRONOPLE!$F$15,$M118-$A$15,AS$13)=0,10^12,OFFSET(CRONOPLE!$F$15,$M118-$A$15,AS$13)))","v":0},{"$f":"IF(OR($D118<>\"Serviço\",AND(AUTOEVENTO=\"Manual\",$M118=$A$15)),0,\n         IF(OFFSET(CRONOPLE!$F$15,$M118-$A$15,AT$13)=0,10^12,OFFSET(CRONOPLE!$F$15,$M118-$A$15,AT$13)))","v":0},{"$f":"IF(OR($D118<>\"Serviço\",AND(AUTOEVENTO=\"Manual\",$M118=$A$15)),0,\n         IF(OFFSET(CRONOPLE!$F$15,$M118-$A$15,AU$13)=0,10^12,OFFSET(CRONOPLE!$F$15,$M118-$A$15,AU$13)))","v":0},{"$f":"IF(OR($D118<>\"Serviço\",AND(AUTOEVENTO=\"Manual\",$M118=$A$15)),0,\n         IF(OFFSET(CRONOPLE!$F$15,$M118-$A$15,AV$13)=0,10^12,OFFSET(CRONOPLE!$F$15,$M118-$A$15,AV$13)))","v":0},null,{"$f":"IF(OR($D118<>\"Serviço\",AND(AUTOEVENTO=\"Manual\",$M118=$A$15),$M118>(ROW(PLE.lastrow)-ROW(PLE.firstrow))),0,\n           IF(OFFSET(PLE!$G$15,$M118-$A$15,AX$13)=\"\",10^12,OFFSET(PLE!$G$15,$M118-$A$15,AX$13)))","v":0},{"$f":"IF(OR($D118<>\"Serviço\",AND(AUTOEVENTO=\"Manual\",$M118=$A$15),$M118>(ROW(PLE.lastrow)-ROW(PLE.firstrow))),0,\n           IF(OFFSET(PLE!$G$15,$M118-$A$15,AY$13)=\"\",10^12,OFFSET(PLE!$G$15,$M118-$A$15,AY$13)))","v":0},{"$f":"IF(OR($D118<>\"Serviço\",AND(AUTOEVENTO=\"Manual\",$M118=$A$15),$M118>(ROW(PLE.lastrow)-ROW(PLE.firstrow))),0,\n           IF(OFFSET(PLE!$G$15,$M118-$A$15,AZ$13)=\"\",10^12,OFFSET(PLE!$G$15,$M118-$A$15,AZ$13)))","v":0},{"$f":"IF(OR($D118<>\"Serviço\",AND(AUTOEVENTO=\"Manual\",$M118=$A$15),$M118>(ROW(PLE.lastrow)-ROW(PLE.firstrow))),0,\n           IF(OFFSET(PLE!$G$15,$M118-$A$15,BA$13)=\"\",10^12,OFFSET(PLE!$G$15,$M118-$A$15,BA$13)))","v":0},{"$f":"IF(OR($D118<>\"Serviço\",AND(AUTOEVENTO=\"Manual\",$M118=$A$15),$M118>(ROW(PLE.lastrow)-ROW(PLE.firstrow))),0,\n           IF(OFFSET(PLE!$G$15,$M118-$A$15,BB$13)=\"\",10^12,OFFSET(PLE!$G$15,$M118-$A$15,BB$13)))","v":0},{"$f":"IF(OR($D118<>\"Serviço\",AND(AUTOEVENTO=\"Manual\",$M118=$A$15),$M118>(ROW(PLE.lastrow)-ROW(PLE.firstrow))),0,\n           IF(OFFSET(PLE!$G$15,$M118-$A$15,BC$13)=\"\",10^12,OFFSET(PLE!$G$15,$M118-$A$15,BC$13)))","v":0},{"$f":"IF(OR($D118<>\"Serviço\",AND(AUTOEVENTO=\"Manual\",$M118=$A$15),$M118>(ROW(PLE.lastrow)-ROW(PLE.firstrow))),0,\n           IF(OFFSET(PLE!$G$15,$M118-$A$15,BD$13)=\"\",10^12,OFFSET(PLE!$G$15,$M118-$A$15,BD$13)))","v":0},{"$f":"IF(OR($D118<>\"Serviço\",AND(AUTOEVENTO=\"Manual\",$M118=$A$15),$M118>(ROW(PLE.lastrow)-ROW(PLE.firstrow))),0,\n           IF(OFFSET(PLE!$G$15,$M118-$A$15,BE$13)=\"\",10^12,OFFSET(PLE!$G$15,$M118-$A$15,BE$13)))","v":0},{"$f":"IF(OR($D118<>\"Serviço\",AND(AUTOEVENTO=\"Manual\",$M118=$A$15),$M118>(ROW(PLE.lastrow)-ROW(PLE.firstrow))),0,\n           IF(OFFSET(PLE!$G$15,$M118-$A$15,BF$13)=\"\",10^12,OFFSET(PLE!$G$15,$M118-$A$15,BF$13)))","v":0},{"$f":"IF(OR($D118<>\"Serviço\",AND(AUTOEVENTO=\"Manual\",$M118=$A$15),$M118>(ROW(PLE.lastrow)-ROW(PLE.firstrow))),0,\n           IF(OFFSET(PLE!$G$15,$M118-$A$15,BG$13)=\"\",10^12,OFFSET(PLE!$G$15,$M118-$A$15,BG$13)))","v":0}]
[20,{"$f":"OFFSET(ORÇAMENTO!C$15,$L119,0)","v":"S"},{"$f":"OFFSET(ORÇAMENTO!L$15,$L119,0)","v":"F"},{"$f":"OFFSET(ORÇAMENTO!N$15,$L119,0)","v":"Serviço"},{"$f":"OFFSET(ORÇAMENTO!O$15,$L119,0)","v":"1.13.1."},{"$f":"OFFSET(ORÇAMENTO!R$15,$L119,0)","v":"PLACA DE INAUGURACAO METALICA, *40* CM X *60* CM ‐ FORNECIMENTO E INSTALAÇÃO"},{"$f":"IF($D119<>\"Serviço\",\"\",OFFSET(ORÇAMENTO!S$15,$L119,0))","v":"UN"},{"$f":"IF($D119<>\"Serviço\",0,IF(ACOMPANHAMENTO=\"BM\",ROUND(OFFSET(ORÇAMENTO!AJ$15,$L119,0),15-13*ORÇAMENTO!$AF$7),IF(IFERROR(CÁLCULO.FrentesPreenchidas,0)=0,0,SUM(ROUND(OFFSET($P119,0,1,1,CÁLCULO.FrentesPreenchidas),15-13*ORÇAMENTO!$AF$7)))))","v":1},"1 UN",{"$f":"IF(OR(B119<>\"S\",CÁLCULO.FrentesPreenchidas=0),\"\",IF(AND(ACOMPANHAMENTO=\"PLE\",AUTOEVENTO=\"Manual\",OR(H119>0,ORÇAMENTO!AC119=\"QUANT.\"),OR(K119=\"\",M119=0,N119=\"\")),\"►E\",IF(AND(ACOMPANHAMENTO=\"PLE\",ORÇAMENTO!AC119=\"QUANT.\"),\"►Q\",IF(AND(ACOMPANHAMENTO=\"PLE\",H119<>SUMPRODUCT(($Q$1:$AA$1=1)*ROUND(Q119:AA119,15))),\"►S\",IF(AND(COUNTIF($P$11:$AA$11,\"▼\")=0,H119>0,I119=\"\"),\"◄M\",\"\")))))","v":""},"20.Serviços finais",104,{"$f":"IF($D119<>\"Serviço\",\"\",\n          IF(AUTOEVENTO=\"manual\",$A119,\n                IF(ISERROR(MATCH($A119,$A$15:OFFSET($A119,-1,0),0)),MAX($M$15:OFFSET(M119,-1,0))+1,\n                      INDEX($M$15:OFFSET(M119,-1,0),MATCH($A119,$A$15:OFFSET($A119,-1,0),0)))))","v":20},{"$f":"IF($D119<>\"Serviço\",\"\",\n         IF(AUTOEVENTO=\"Manual\",\n                IF($A119=0,\"<-- defina o número do agrupador\",\n                       OFFSET(EVENTOS!$D$15,$A119-$A$15,0)),\n                OFFSET($F$15,$A119,0)))","v":"Aterro e regularização"},null,null,null,1,null,null,null,null,null,null,null,null,null,{"$f":"IF(AND($D119=\"Serviço\",AB$12<>0,$H119>0,OR(AUTOEVENTO<>\"manual\",$M119<>$A$15)),\n        IF(Import.TipoArredondamento<>\"TransfereGOV\",\n              ROUND(OFFSET($P119,0,AB$13),15-13*ORÇAMENTO!$AF$7)/$H119*OFFSET(ORÇAMENTO!$X$15,ROW(AB119)-ROW(AB$15),0),\n              ROUND(ROUND(OFFSET($P119,0,AB$13),15-13*ORÇAMENTO!$AF$7)*OFFSET(ORÇAMENTO!$W$15,ROW(AB119)-ROW(AB$15),0),15-13*ORÇAMENTO!$AF$11)),\n         0)","v":0},{"$f":"IF(AND($D119=\"Serviço\",AC$12<>0,$H119>0,OR(AUTOEVENTO<>\"manual\",$M119<>$A$15)),\n        IF(Import.TipoArredondamento<>\"TransfereGOV\",\n              ROUND(OFFSET($P119,0,AC$13),15-13*ORÇAMENTO!$AF$7)/$H119*OFFSET(ORÇAMENTO!$X$15,ROW(AC119)-ROW(AC$15),0),\n              ROUND(ROUND(OFFSET($P119,0,AC$13),15-13*ORÇAMENTO!$AF$7)*OFFSET(ORÇAMENTO!$W$15,ROW(AC119)-ROW(AC$15),0),15-13*ORÇAMENTO!$AF$11)),\n         0)","v":0},{"$f":"IF(AND($D119=\"Serviço\",AD$12<>0,$H119>0,OR(AUTOEVENTO<>\"manual\",$M119<>$A$15)),\n        IF(Import.TipoArredondamento<>\"TransfereGOV\",\n              ROUND(OFFSET($P119,0,AD$13),15-13*ORÇAMENTO!$AF$7)/$H119*OFFSET(ORÇAMENTO!$X$15,ROW(AD119)-ROW(AD$15),0),\n              ROUND(ROUND(OFFSET($P119,0,AD$13),15-13*ORÇAMENTO!$AF$7)*OFFSET(ORÇAMENTO!$W$15,ROW(AD119)-ROW(AD$15),0),15-13*ORÇAMENTO!$AF$11)),\n         0)","v":0},{"$f":"IF(AND($D119=\"Serviço\",AE$12<>0,$H119>0,OR(AUTOEVENTO<>\"manual\",$M119<>$A$15)),\n        IF(Import.TipoArredondamento<>\"TransfereGOV\",\n              ROUND(OFFSET($P119,0,AE$13),15-13*ORÇAMENTO!$AF$7)/$H119*OFFSET(ORÇAMENTO!$X$15,ROW(AE119)-ROW(AE$15),0),\n              ROUND(ROUND(OFFSET($P119,0,AE$13),15-13*ORÇAMENTO!$AF$7)*OFFSET(ORÇAMENTO!$W$15,ROW(AE119)-ROW(AE$15),0),15-13*ORÇAMENTO!$AF$11)),\n         0)","v":0},{"$f":"IF(AND($D119=\"Serviço\",AF$12<>0,$H119>0,OR(AUTOEVENTO<>\"manual\",$M119<>$A$15)),\n        IF(Import.TipoArredondamento<>\"TransfereGOV\",\n              ROUND(OFFSET($P119,0,AF$13),15-13*ORÇAMENTO!$AF$7)/$H119*OFFSET(ORÇAMENTO!$X$15,ROW(AF119)-ROW(AF$15),0),\n              ROUND(ROUND(OFFSET($P119,0,AF$13),15-13*ORÇAMENTO!$AF$7)*OFFSET(ORÇAMENTO!$W$15,ROW(AF119)-ROW(AF$15),0),15-13*ORÇAMENTO!$AF$11)),\n         0)","v":0},{"$f":"IF(AND($D119=\"Serviço\",AG$12<>0,$H119>0,OR(AUTOEVENTO<>\"manual\",$M119<>$A$15)),\n        IF(Import.TipoArredondamento<>\"TransfereGOV\",\n              ROUND(OFFSET($P119,0,AG$13),15-13*ORÇAMENTO!$AF$7)/$H119*OFFSET(ORÇAMENTO!$X$15,ROW(AG119)-ROW(AG$15),0),\n              ROUND(ROUND(OFFSET($P119,0,AG$13),15-13*ORÇAMENTO!$AF$7)*OFFSET(ORÇAMENTO!$W$15,ROW(AG119)-ROW(AG$15),0),15-13*ORÇAMENTO!$AF$11)),\n         0)","v":0},{"$f":"IF(AND($D119=\"Serviço\",AH$12<>0,$H119>0,OR(AUTOEVENTO<>\"manual\",$M119<>$A$15)),\n        IF(Import.TipoArredondamento<>\"TransfereGOV\",\n              ROUND(OFFSET($P119,0,AH$13),15-13*ORÇAMENTO!$AF$7)/$H119*OFFSET(ORÇAMENTO!$X$15,ROW(AH119)-ROW(AH$15),0),\n              ROUND(ROUND(OFFSET($P119,0,AH$13),15-13*ORÇAMENTO!$AF$7)*OFFSET(ORÇAMENTO!$W$15,ROW(AH119)-ROW(AH$15),0),15-13*ORÇAMENTO!$AF$11)),\n         0)","v":0},{"$f":"IF(AND($D119=\"Serviço\",AI$12<>0,$H119>0,OR(AUTOEVENTO<>\"manual\",$M119<>$A$15)),\n        IF(Import.TipoArredondamento<>\"TransfereGOV\",\n              ROUND(OFFSET($P119,0,AI$13),15-13*ORÇAMENTO!$AF$7)/$H119*OFFSET(ORÇAMENTO!$X$15,ROW(AI119)-ROW(AI$15),0),\n              ROUND(ROUND(OFFSET($P119,0,AI$13),15-13*ORÇAMENTO!$AF$7)*OFFSET(ORÇAMENTO!$W$15,ROW(AI119)-ROW(AI$15),0),15-13*ORÇAMENTO!$AF$11)),\n         0)","v":0},{"$f":"IF(AND($D119=\"Serviço\",AJ$12<>0,$H119>0,OR(AUTOEVENTO<>\"manual\",$M119<>$A$15)),\n        IF(Import.TipoArredondamento<>\"TransfereGOV\",\n              ROUND(OFFSET($P119,0,AJ$13),15-13*ORÇAMENTO!$AF$7)/$H119*OFFSET(ORÇAMENTO!$X$15,ROW(AJ119)-ROW(AJ$15),0),\n              ROUND(ROUND(OFFSET($P119,0,AJ$13),15-13*ORÇAMENTO!$AF$7)*OFFSET(ORÇAMENTO!$W$15,ROW(AJ119)-ROW(AJ$15),0),15-13*ORÇAMENTO!$AF$11)),\n         0)","v":0},{"$f":"IF(AND($D119=\"Serviço\",AK$12<>0,$H119>0,OR(AUTOEVENTO<>\"manual\",$M119<>$A$15)),\n        IF(Import.TipoArredondamento<>\"TransfereGOV\",\n              ROUND(OFFSET($P119,0,AK$13),15-13*ORÇAMENTO!$AF$7)/$H119*OFFSET(ORÇAMENTO!$X$15,ROW(AK119)-ROW(AK$15),0),\n              ROUND(ROUND(OFFSET($P119,0,AK$13),15-13*ORÇAMENTO!$AF$7)*OFFSET(ORÇAMENTO!$W$15,ROW(AK119)-ROW(AK$15),0),15-13*ORÇAMENTO!$AF$11)),\n         0)","v":0},null,{"$f":"IF(OR($D119<>\"Serviço\",AND(AUTOEVENTO=\"Manual\",$M119=$A$15)),0,\n         IF(OFFSET(CRONOPLE!$F$15,$M119-$A$15,AM$13)=0,10^12,OFFSET(CRONOPLE!$F$15,$M119-$A$15,AM$13)))","v":1},{"$f":"IF(OR($D119<>\"Serviço\",AND(AUTOEVENTO=\"Manual\",$M119=$A$15)),0,\n         IF(OFFSET(CRONOPLE!$F$15,$M119-$A$15,AN$13)=0,10^12,OFFSET(CRONOPLE!$F$15,$M119-$A$15,AN$13)))","v":1},{"$f":"IF(OR($D119<>\"Serviço\",AND(AUTOEVENTO=\"Manual\",$M119=$A$15)),0,\n         IF(OFFSET(CRONOPLE!$F$15,$M119-$A$15,AO$13)=0,10^12,OFFSET(CRONOPLE!$F$15,$M119-$A$15,AO$13)))","v":1000000000000},{"$f":"IF(OR($D119<>\"Serviço\",AND(AUTOEVENTO=\"Manual\",$M119=$A$15)),0,\n         IF(OFFSET(CRONOPLE!$F$15,$M119-$A$15,AP$13)=0,10^12,OFFSET(CRONOPLE!$F$15,$M119-$A$15,AP$13)))","v":1000000000000},{"$f":"IF(OR($D119<>\"Serviço\",AND(AUTOEVENTO=\"Manual\",$M119=$A$15)),0,\n         IF(OFFSET(CRONOPLE!$F$15,$M119-$A$15,AQ$13)=0,10^12,OFFSET(CRONOPLE!$F$15,$M119-$A$15,AQ$13)))","v":1000000000000},{"$f":"IF(OR($D119<>\"Serviço\",AND(AUTOEVENTO=\"Manual\",$M119=$A$15)),0,\n         IF(OFFSET(CRONOPLE!$F$15,$M119-$A$15,AR$13)=0,10^12,OFFSET(CRONOPLE!$F$15,$M119-$A$15,AR$13)))","v":1000000000000},{"$f":"IF(OR($D119<>\"Serviço\",AND(AUTOEVENTO=\"Manual\",$M119=$A$15)),0,\n         IF(OFFSET(CRONOPLE!$F$15,$M119-$A$15,AS$13)=0,10^12,OFFSET(CRONOPLE!$F$15,$M119-$A$15,AS$13)))","v":1000000000000},{"$f":"IF(OR($D119<>\"Serviço\",AND(AUTOEVENTO=\"Manual\",$M119=$A$15)),0,\n         IF(OFFSET(CRONOPLE!$F$15,$M119-$A$15,AT$13)=0,10^12,OFFSET(CRONOPLE!$F$15,$M119-$A$15,AT$13)))","v":1000000000000},{"$f":"IF(OR($D119<>\"Serviço\",AND(AUTOEVENTO=\"Manual\",$M119=$A$15)),0,\n         IF(OFFSET(CRONOPLE!$F$15,$M119-$A$15,AU$13)=0,10^12,OFFSET(CRONOPLE!$F$15,$M119-$A$15,AU$13)))","v":1000000000000},{"$f":"IF(OR($D119<>\"Serviço\",AND(AUTOEVENTO=\"Manual\",$M119=$A$15)),0,\n         IF(OFFSET(CRONOPLE!$F$15,$M119-$A$15,AV$13)=0,10^12,OFFSET(CRONOPLE!$F$15,$M119-$A$15,AV$13)))","v":1000000000000},null,{"$f":"IF(OR($D119<>\"Serviço\",AND(AUTOEVENTO=\"Manual\",$M119=$A$15),$M119>(ROW(PLE.lastrow)-ROW(PLE.firstrow))),0,\n           IF(OFFSET(PLE!$G$15,$M119-$A$15,AX$13)=\"\",10^12,OFFSET(PLE!$G$15,$M119-$A$15,AX$13)))","v":1000000000000},{"$f":"IF(OR($D119<>\"Serviço\",AND(AUTOEVENTO=\"Manual\",$M119=$A$15),$M119>(ROW(PLE.lastrow)-ROW(PLE.firstrow))),0,\n           IF(OFFSET(PLE!$G$15,$M119-$A$15,AY$13)=\"\",10^12,OFFSET(PLE!$G$15,$M119-$A$15,AY$13)))","v":1000000000000},{"$f":"IF(OR($D119<>\"Serviço\",AND(AUTOEVENTO=\"Manual\",$M119=$A$15),$M119>(ROW(PLE.lastrow)-ROW(PLE.firstrow))),0,\n           IF(OFFSET(PLE!$G$15,$M119-$A$15,AZ$13)=\"\",10^12,OFFSET(PLE!$G$15,$M119-$A$15,AZ$13)))","v":1000000000000},{"$f":"IF(OR($D119<>\"Serviço\",AND(AUTOEVENTO=\"Manual\",$M119=$A$15),$M119>(ROW(PLE.lastrow)-ROW(PLE.firstrow))),0,\n           IF(OFFSET(PLE!$G$15,$M119-$A$15,BA$13)=\"\",10^12,OFFSET(PLE!$G$15,$M119-$A$15,BA$13)))","v":1000000000000},{"$f":"IF(OR($D119<>\"Serviço\",AND(AUTOEVENTO=\"Manual\",$M119=$A$15),$M119>(ROW(PLE.lastrow)-ROW(PLE.firstrow))),0,\n           IF(OFFSET(PLE!$G$15,$M119-$A$15,BB$13)=\"\",10^12,OFFSET(PLE!$G$15,$M119-$A$15,BB$13)))","v":1000000000000},{"$f":"IF(OR($D119<>\"Serviço\",AND(AUTOEVENTO=\"Manual\",$M119=$A$15),$M119>(ROW(PLE.lastrow)-ROW(PLE.firstrow))),0,\n           IF(OFFSET(PLE!$G$15,$M119-$A$15,BC$13)=\"\",10^12,OFFSET(PLE!$G$15,$M119-$A$15,BC$13)))","v":1000000000000},{"$f":"IF(OR($D119<>\"Serviço\",AND(AUTOEVENTO=\"Manual\",$M119=$A$15),$M119>(ROW(PLE.lastrow)-ROW(PLE.firstrow))),0,\n           IF(OFFSET(PLE!$G$15,$M119-$A$15,BD$13)=\"\",10^12,OFFSET(PLE!$G$15,$M119-$A$15,BD$13)))","v":1000000000000},{"$f":"IF(OR($D119<>\"Serviço\",AND(AUTOEVENTO=\"Manual\",$M119=$A$15),$M119>(ROW(PLE.lastrow)-ROW(PLE.firstrow))),0,\n           IF(OFFSET(PLE!$G$15,$M119-$A$15,BE$13)=\"\",10^12,OFFSET(PLE!$G$15,$M119-$A$15,BE$13)))","v":1000000000000},{"$f":"IF(OR($D119<>\"Serviço\",AND(AUTOEVENTO=\"Manual\",$M119=$A$15),$M119>(ROW(PLE.lastrow)-ROW(PLE.firstrow))),0,\n           IF(OFFSET(PLE!$G$15,$M119-$A$15,BF$13)=\"\",10^12,OFFSET(PLE!$G$15,$M119-$A$15,BF$13)))","v":1000000000000},{"$f":"IF(OR($D119<>\"Serviço\",AND(AUTOEVENTO=\"Manual\",$M119=$A$15),$M119>(ROW(PLE.lastrow)-ROW(PLE.firstrow))),0,\n           IF(OFFSET(PLE!$G$15,$M119-$A$15,BG$13)=\"\",10^12,OFFSET(PLE!$G$15,$M119-$A$15,BG$13)))","v":1000000000000}]
[17,{"$f":"OFFSET(ORÇAMENTO!C$15,$L120,0)","v":"S"},{"$f":"OFFSET(ORÇAMENTO!L$15,$L120,0)","v":"F"},{"$f":"OFFSET(ORÇAMENTO!N$15,$L120,0)","v":"Serviço"},{"$f":"OFFSET(ORÇAMENTO!O$15,$L120,0)","v":"1.13.2."},{"$f":"OFFSET(ORÇAMENTO!R$15,$L120,0)","v":"EXECUÇÃO DE PASSEIO (CALÇADA) OU PISO DE CONCRETO COM CONCRETO MOLDADO IN LOCO, FEITO EM OBRA, ACABAMENTO CONVENCIONAL, NÃO ARMADO. AF_08/2022"},{"$f":"IF($D120<>\"Serviço\",\"\",OFFSET(ORÇAMENTO!S$15,$L120,0))","v":"M3"},{"$f":"IF($D120<>\"Serviço\",0,IF(ACOMPANHAMENTO=\"BM\",ROUND(OFFSET(ORÇAMENTO!AJ$15,$L120,0),15-13*ORÇAMENTO!$AF$7),IF(IFERROR(CÁLCULO.FrentesPreenchidas,0)=0,0,SUM(ROUND(OFFSET($P120,0,1,1,CÁLCULO.FrentesPreenchidas),15-13*ORÇAMENTO!$AF$7)))))","v":21.38},"CALÇADA EM FRENTE A ARQUIBANCADA - (57,66Mx6,25Mx0,06M)\n",{"$f":"IF(OR(B120<>\"S\",CÁLCULO.FrentesPreenchidas=0),\"\",IF(AND(ACOMPANHAMENTO=\"PLE\",AUTOEVENTO=\"Manual\",OR(H120>0,ORÇAMENTO!AC120=\"QUANT.\"),OR(K120=\"\",M120=0,N120=\"\")),\"►E\",IF(AND(ACOMPANHAMENTO=\"PLE\",ORÇAMENTO!AC120=\"QUANT.\"),\"►Q\",IF(AND(ACOMPANHAMENTO=\"PLE\",H120<>SUMPRODUCT(($Q$1:$AA$1=1)*ROUND(Q120:AA120,15))),\"►S\",IF(AND(COUNTIF($P$11:$AA$11,\"▼\")=0,H120>0,I120=\"\"),\"◄M\",\"\")))))","v":""},"17.Calçamento",105,{"$f":"IF($D120<>\"Serviço\",\"\",\n          IF(AUTOEVENTO=\"manual\",$A120,\n                IF(ISERROR(MATCH($A120,$A$15:OFFSET($A120,-1,0),0)),MAX($M$15:OFFSET(M120,-1,0))+1,\n                      INDEX($M$15:OFFSET(M120,-1,0),MATCH($A120,$A$15:OFFSET($A120,-1,0),0)))))","v":17},{"$f":"IF($D120<>\"Serviço\",\"\",\n         IF(AUTOEVENTO=\"Manual\",\n                IF($A120=0,\"<-- defina o número do agrupador\",\n                       OFFSET(EVENTOS!$D$15,$A120-$A$15,0)),\n                OFFSET($F$15,$A120,0)))","v":"Plantio de grama"},null,null,{"$f":"(57*6.25*0.06)/2","v":10.6875},{"$f":"57*6.25*0.06/2","v":10.6875},null,null,null,null,null,null,null,null,null,{"$f":"IF(AND($D120=\"Serviço\",AB$12<>0,$H120>0,OR(AUTOEVENTO<>\"manual\",$M120<>$A$15)),\n        IF(Import.TipoArredondamento<>\"TransfereGOV\",\n              ROUND(OFFSET($P120,0,AB$13),15-13*ORÇAMENTO!$AF$7)/$H120*OFFSET(ORÇAMENTO!$X$15,ROW(AB120)-ROW(AB$15),0),\n              ROUND(ROUND(OFFSET($P120,0,AB$13),15-13*ORÇAMENTO!$AF$7)*OFFSET(ORÇAMENTO!$W$15,ROW(AB120)-ROW(AB$15),0),15-13*ORÇAMENTO!$AF$11)),\n         0)","v":0},{"$f":"IF(AND($D120=\"Serviço\",AC$12<>0,$H120>0,OR(AUTOEVENTO<>\"manual\",$M120<>$A$15)),\n        IF(Import.TipoArredondamento<>\"TransfereGOV\",\n              ROUND(OFFSET($P120,0,AC$13),15-13*ORÇAMENTO!$AF$7)/$H120*OFFSET(ORÇAMENTO!$X$15,ROW(AC120)-ROW(AC$15),0),\n              ROUND(ROUND(OFFSET($P120,0,AC$13),15-13*ORÇAMENTO!$AF$7)*OFFSET(ORÇAMENTO!$W$15,ROW(AC120)-ROW(AC$15),0),15-13*ORÇAMENTO!$AF$11)),\n         0)","v":0},{"$f":"IF(AND($D120=\"Serviço\",AD$12<>0,$H120>0,OR(AUTOEVENTO<>\"manual\",$M120<>$A$15)),\n        IF(Import.TipoArredondamento<>\"TransfereGOV\",\n              ROUND(OFFSET($P120,0,AD$13),15-13*ORÇAMENTO!$AF$7)/$H120*OFFSET(ORÇAMENTO!$X$15,ROW(AD120)-ROW(AD$15),0),\n              ROUND(ROUND(OFFSET($P120,0,AD$13),15-13*ORÇAMENTO!$AF$7)*OFFSET(ORÇAMENTO!$W$15,ROW(AD120)-ROW(AD$15),0),15-13*ORÇAMENTO!$AF$11)),\n         0)","v":0},{"$f":"IF(AND($D120=\"Serviço\",AE$12<>0,$H120>0,OR(AUTOEVENTO<>\"manual\",$M120<>$A$15)),\n        IF(Import.TipoArredondamento<>\"TransfereGOV\",\n              ROUND(OFFSET($P120,0,AE$13),15-13*ORÇAMENTO!$AF$7)/$H120*OFFSET(ORÇAMENTO!$X$15,ROW(AE120)-ROW(AE$15),0),\n              ROUND(ROUND(OFFSET($P120,0,AE$13),15-13*ORÇAMENTO!$AF$7)*OFFSET(ORÇAMENTO!$W$15,ROW(AE120)-ROW(AE$15),0),15-13*ORÇAMENTO!$AF$11)),\n         0)","v":0},{"$f":"IF(AND($D120=\"Serviço\",AF$12<>0,$H120>0,OR(AUTOEVENTO<>\"manual\",$M120<>$A$15)),\n        IF(Import.TipoArredondamento<>\"TransfereGOV\",\n              ROUND(OFFSET($P120,0,AF$13),15-13*ORÇAMENTO!$AF$7)/$H120*OFFSET(ORÇAMENTO!$X$15,ROW(AF120)-ROW(AF$15),0),\n              ROUND(ROUND(OFFSET($P120,0,AF$13),15-13*ORÇAMENTO!$AF$7)*OFFSET(ORÇAMENTO!$W$15,ROW(AF120)-ROW(AF$15),0),15-13*ORÇAMENTO!$AF$11)),\n         0)","v":0},{"$f":"IF(AND($D120=\"Serviço\",AG$12<>0,$H120>0,OR(AUTOEVENTO<>\"manual\",$M120<>$A$15)),\n        IF(Import.TipoArredondamento<>\"TransfereGOV\",\n              ROUND(OFFSET($P120,0,AG$13),15-13*ORÇAMENTO!$AF$7)/$H120*OFFSET(ORÇAMENTO!$X$15,ROW(AG120)-ROW(AG$15),0),\n              ROUND(ROUND(OFFSET($P120,0,AG$13),15-13*ORÇAMENTO!$AF$7)*OFFSET(ORÇAMENTO!$W$15,ROW(AG120)-ROW(AG$15),0),15-13*ORÇAMENTO!$AF$11)),\n         0)","v":0},{"$f":"IF(AND($D120=\"Serviço\",AH$12<>0,$H120>0,OR(AUTOEVENTO<>\"manual\",$M120<>$A$15)),\n        IF(Import.TipoArredondamento<>\"TransfereGOV\",\n              ROUND(OFFSET($P120,0,AH$13),15-13*ORÇAMENTO!$AF$7)/$H120*OFFSET(ORÇAMENTO!$X$15,ROW(AH120)-ROW(AH$15),0),\n              ROUND(ROUND(OFFSET($P120,0,AH$13),15-13*ORÇAMENTO!$AF$7)*OFFSET(ORÇAMENTO!$W$15,ROW(AH120)-ROW(AH$15),0),15-13*ORÇAMENTO!$AF$11)),\n         0)","v":0},{"$f":"IF(AND($D120=\"Serviço\",AI$12<>0,$H120>0,OR(AUTOEVENTO<>\"manual\",$M120<>$A$15)),\n        IF(Import.TipoArredondamento<>\"TransfereGOV\",\n              ROUND(OFFSET($P120,0,AI$13),15-13*ORÇAMENTO!$AF$7)/$H120*OFFSET(ORÇAMENTO!$X$15,ROW(AI120)-ROW(AI$15),0),\n              ROUND(ROUND(OFFSET($P120,0,AI$13),15-13*ORÇAMENTO!$AF$7)*OFFSET(ORÇAMENTO!$W$15,ROW(AI120)-ROW(AI$15),0),15-13*ORÇAMENTO!$AF$11)),\n         0)","v":0},{"$f":"IF(AND($D120=\"Serviço\",AJ$12<>0,$H120>0,OR(AUTOEVENTO<>\"manual\",$M120<>$A$15)),\n        IF(Import.TipoArredondamento<>\"TransfereGOV\",\n              ROUND(OFFSET($P120,0,AJ$13),15-13*ORÇAMENTO!$AF$7)/$H120*OFFSET(ORÇAMENTO!$X$15,ROW(AJ120)-ROW(AJ$15),0),\n              ROUND(ROUND(OFFSET($P120,0,AJ$13),15-13*ORÇAMENTO!$AF$7)*OFFSET(ORÇAMENTO!$W$15,ROW(AJ120)-ROW(AJ$15),0),15-13*ORÇAMENTO!$AF$11)),\n         0)","v":0},{"$f":"IF(AND($D120=\"Serviço\",AK$12<>0,$H120>0,OR(AUTOEVENTO<>\"manual\",$M120<>$A$15)),\n        IF(Import.TipoArredondamento<>\"TransfereGOV\",\n              ROUND(OFFSET($P120,0,AK$13),15-13*ORÇAMENTO!$AF$7)/$H120*OFFSET(ORÇAMENTO!$X$15,ROW(AK120)-ROW(AK$15),0),\n              ROUND(ROUND(OFFSET($P120,0,AK$13),15-13*ORÇAMENTO!$AF$7)*OFFSET(ORÇAMENTO!$W$15,ROW(AK120)-ROW(AK$15),0),15-13*ORÇAMENTO!$AF$11)),\n         0)","v":0},null,{"$f":"IF(OR($D120<>\"Serviço\",AND(AUTOEVENTO=\"Manual\",$M120=$A$15)),0,\n         IF(OFFSET(CRONOPLE!$F$15,$M120-$A$15,AM$13)=0,10^12,OFFSET(CRONOPLE!$F$15,$M120-$A$15,AM$13)))","v":6},{"$f":"IF(OR($D120<>\"Serviço\",AND(AUTOEVENTO=\"Manual\",$M120=$A$15)),0,\n         IF(OFFSET(CRONOPLE!$F$15,$M120-$A$15,AN$13)=0,10^12,OFFSET(CRONOPLE!$F$15,$M120-$A$15,AN$13)))","v":6},{"$f":"IF(OR($D120<>\"Serviço\",AND(AUTOEVENTO=\"Manual\",$M120=$A$15)),0,\n         IF(OFFSET(CRONOPLE!$F$15,$M120-$A$15,AO$13)=0,10^12,OFFSET(CRONOPLE!$F$15,$M120-$A$15,AO$13)))","v":2},{"$f":"IF(OR($D120<>\"Serviço\",AND(AUTOEVENTO=\"Manual\",$M120=$A$15)),0,\n         IF(OFFSET(CRONOPLE!$F$15,$M120-$A$15,AP$13)=0,10^12,OFFSET(CRONOPLE!$F$15,$M120-$A$15,AP$13)))","v":2},{"$f":"IF(OR($D120<>\"Serviço\",AND(AUTOEVENTO=\"Manual\",$M120=$A$15)),0,\n         IF(OFFSET(CRONOPLE!$F$15,$M120-$A$15,AQ$13)=0,10^12,OFFSET(CRONOPLE!$F$15,$M120-$A$15,AQ$13)))","v":1000000000000},{"$f":"IF(OR($D120<>\"Serviço\",AND(AUTOEVENTO=\"Manual\",$M120=$A$15)),0,\n         IF(OFFSET(CRONOPLE!$F$15,$M120-$A$15,AR$13)=0,10^12,OFFSET(CRONOPLE!$F$15,$M120-$A$15,AR$13)))","v":1000000000000},{"$f":"IF(OR($D120<>\"Serviço\",AND(AUTOEVENTO=\"Manual\",$M120=$A$15)),0,\n         IF(OFFSET(CRONOPLE!$F$15,$M120-$A$15,AS$13)=0,10^12,OFFSET(CRONOPLE!$F$15,$M120-$A$15,AS$13)))","v":1000000000000},{"$f":"IF(OR($D120<>\"Serviço\",AND(AUTOEVENTO=\"Manual\",$M120=$A$15)),0,\n         IF(OFFSET(CRONOPLE!$F$15,$M120-$A$15,AT$13)=0,10^12,OFFSET(CRONOPLE!$F$15,$M120-$A$15,AT$13)))","v":1000000000000},{"$f":"IF(OR($D120<>\"Serviço\",AND(AUTOEVENTO=\"Manual\",$M120=$A$15)),0,\n         IF(OFFSET(CRONOPLE!$F$15,$M120-$A$15,AU$13)=0,10^12,OFFSET(CRONOPLE!$F$15,$M120-$A$15,AU$13)))","v":1000000000000},{"$f":"IF(OR($D120<>\"Serviço\",AND(AUTOEVENTO=\"Manual\",$M120=$A$15)),0,\n         IF(OFFSET(CRONOPLE!$F$15,$M120-$A$15,AV$13)=0,10^12,OFFSET(CRONOPLE!$F$15,$M120-$A$15,AV$13)))","v":1000000000000},null,{"$f":"IF(OR($D120<>\"Serviço\",AND(AUTOEVENTO=\"Manual\",$M120=$A$15),$M120>(ROW(PLE.lastrow)-ROW(PLE.firstrow))),0,\n           IF(OFFSET(PLE!$G$15,$M120-$A$15,AX$13)=\"\",10^12,OFFSET(PLE!$G$15,$M120-$A$15,AX$13)))","v":7},{"$f":"IF(OR($D120<>\"Serviço\",AND(AUTOEVENTO=\"Manual\",$M120=$A$15),$M120>(ROW(PLE.lastrow)-ROW(PLE.firstrow))),0,\n           IF(OFFSET(PLE!$G$15,$M120-$A$15,AY$13)=\"\",10^12,OFFSET(PLE!$G$15,$M120-$A$15,AY$13)))","v":8},{"$f":"IF(OR($D120<>\"Serviço\",AND(AUTOEVENTO=\"Manual\",$M120=$A$15),$M120>(ROW(PLE.lastrow)-ROW(PLE.firstrow))),0,\n           IF(OFFSET(PLE!$G$15,$M120-$A$15,AZ$13)=\"\",10^12,OFFSET(PLE!$G$15,$M120-$A$15,AZ$13)))","v":1000000000000},{"$f":"IF(OR($D120<>\"Serviço\",AND(AUTOEVENTO=\"Manual\",$M120=$A$15),$M120>(ROW(PLE.lastrow)-ROW(PLE.firstrow))),0,\n           IF(OFFSET(PLE!$G$15,$M120-$A$15,BA$13)=\"\",10^12,OFFSET(PLE!$G$15,$M120-$A$15,BA$13)))","v":1000000000000},{"$f":"IF(OR($D120<>\"Serviço\",AND(AUTOEVENTO=\"Manual\",$M120=$A$15),$M120>(ROW(PLE.lastrow)-ROW(PLE.firstrow))),0,\n           IF(OFFSET(PLE!$G$15,$M120-$A$15,BB$13)=\"\",10^12,OFFSET(PLE!$G$15,$M120-$A$15,BB$13)))","v":1000000000000},{"$f":"IF(OR($D120<>\"Serviço\",AND(AUTOEVENTO=\"Manual\",$M120=$A$15),$M120>(ROW(PLE.lastrow)-ROW(PLE.firstrow))),0,\n           IF(OFFSET(PLE!$G$15,$M120-$A$15,BC$13)=\"\",10^12,OFFSET(PLE!$G$15,$M120-$A$15,BC$13)))","v":1000000000000},{"$f":"IF(OR($D120<>\"Serviço\",AND(AUTOEVENTO=\"Manual\",$M120=$A$15),$M120>(ROW(PLE.lastrow)-ROW(PLE.firstrow))),0,\n           IF(OFFSET(PLE!$G$15,$M120-$A$15,BD$13)=\"\",10^12,OFFSET(PLE!$G$15,$M120-$A$15,BD$13)))","v":1000000000000},{"$f":"IF(OR($D120<>\"Serviço\",AND(AUTOEVENTO=\"Manual\",$M120=$A$15),$M120>(ROW(PLE.lastrow)-ROW(PLE.firstrow))),0,\n           IF(OFFSET(PLE!$G$15,$M120-$A$15,BE$13)=\"\",10^12,OFFSET(PLE!$G$15,$M120-$A$15,BE$13)))","v":1000000000000},{"$f":"IF(OR($D120<>\"Serviço\",AND(AUTOEVENTO=\"Manual\",$M120=$A$15),$M120>(ROW(PLE.lastrow)-ROW(PLE.firstrow))),0,\n           IF(OFFSET(PLE!$G$15,$M120-$A$15,BF$13)=\"\",10^12,OFFSET(PLE!$G$15,$M120-$A$15,BF$13)))","v":1000000000000},{"$f":"IF(OR($D120<>\"Serviço\",AND(AUTOEVENTO=\"Manual\",$M120=$A$15),$M120>(ROW(PLE.lastrow)-ROW(PLE.firstrow))),0,\n           IF(OFFSET(PLE!$G$15,$M120-$A$15,BG$13)=\"\",10^12,OFFSET(PLE!$G$15,$M120-$A$15,BG$13)))","v":1000000000000}]
[17,{"$f":"OFFSET(ORÇAMENTO!C$15,$L121,0)","v":"S"},{"$f":"OFFSET(ORÇAMENTO!L$15,$L121,0)","v":"F"},{"$f":"OFFSET(ORÇAMENTO!N$15,$L121,0)","v":"Serviço"},{"$f":"OFFSET(ORÇAMENTO!O$15,$L121,0)","v":"1.13.3."},{"$f":"OFFSET(ORÇAMENTO!R$15,$L121,0)","v":"EXECUÇÃO DE PASSEIO (CALÇADA) OU PISO DE CONCRETO COM CONCRETO MOLDADO IN LOCO, FEITO EM OBRA, ACABAMENTO CONVENCIONAL, ESPESSURA 6 CM, ARMADO. AF_08/2022"},{"$f":"IF($D121<>\"Serviço\",\"\",OFFSET(ORÇAMENTO!S$15,$L121,0))","v":"M2"},{"$f":"IF($D121<>\"Serviço\",0,IF(ACOMPANHAMENTO=\"BM\",ROUND(OFFSET(ORÇAMENTO!AJ$15,$L121,0),15-13*ORÇAMENTO!$AF$7),IF(IFERROR(CÁLCULO.FrentesPreenchidas,0)=0,0,SUM(ROUND(OFFSET($P121,0,1,1,CÁLCULO.FrentesPreenchidas),15-13*ORÇAMENTO!$AF$7)))))","v":192.31},"EXECUÇÃO RAMPA - (23,75+102,56+33+33)",{"$f":"IF(OR(B121<>\"S\",CÁLCULO.FrentesPreenchidas=0),\"\",IF(AND(ACOMPANHAMENTO=\"PLE\",AUTOEVENTO=\"Manual\",OR(H121>0,ORÇAMENTO!AC121=\"QUANT.\"),OR(K121=\"\",M121=0,N121=\"\")),\"►E\",IF(AND(ACOMPANHAMENTO=\"PLE\",ORÇAMENTO!AC121=\"QUANT.\"),\"►Q\",IF(AND(ACOMPANHAMENTO=\"PLE\",H121<>SUMPRODUCT(($Q$1:$AA$1=1)*ROUND(Q121:AA121,15))),\"►S\",IF(AND(COUNTIF($P$11:$AA$11,\"▼\")=0,H121>0,I121=\"\"),\"◄M\",\"\")))))","v":""},"17.Calçamento",106,{"$f":"IF($D121<>\"Serviço\",\"\",\n          IF(AUTOEVENTO=\"manual\",$A121,\n                IF(ISERROR(MATCH($A121,$A$15:OFFSET($A121,-1,0),0)),MAX($M$15:OFFSET(M121,-1,0))+1,\n                      INDEX($M$15:OFFSET(M121,-1,0),MATCH($A121,$A$15:OFFSET($A121,-1,0),0)))))","v":17},{"$f":"IF($D121<>\"Serviço\",\"\",\n         IF(AUTOEVENTO=\"Manual\",\n                IF($A121=0,\"<-- defina o número do agrupador\",\n                       OFFSET(EVENTOS!$D$15,$A121-$A$15,0)),\n                OFFSET($F$15,$A121,0)))","v":"Plantio de grama"},null,null,{"$f":"(23.75+102.56+33+33)/2","v":96.155000000000001},{"$f":"(23.75+102.56+33+33)/2","v":96.155000000000001},null,null,null,null,null,null,null,null,null,{"$f":"IF(AND($D121=\"Serviço\",AB$12<>0,$H121>0,OR(AUTOEVENTO<>\"manual\",$M121<>$A$15)),\n        IF(Import.TipoArredondamento<>\"TransfereGOV\",\n              ROUND(OFFSET($P121,0,AB$13),15-13*ORÇAMENTO!$AF$7)/$H121*OFFSET(ORÇAMENTO!$X$15,ROW(AB121)-ROW(AB$15),0),\n              ROUND(ROUND(OFFSET($P121,0,AB$13),15-13*ORÇAMENTO!$AF$7)*OFFSET(ORÇAMENTO!$W$15,ROW(AB121)-ROW(AB$15),0),15-13*ORÇAMENTO!$AF$11)),\n         0)","v":0},{"$f":"IF(AND($D121=\"Serviço\",AC$12<>0,$H121>0,OR(AUTOEVENTO<>\"manual\",$M121<>$A$15)),\n        IF(Import.TipoArredondamento<>\"TransfereGOV\",\n              ROUND(OFFSET($P121,0,AC$13),15-13*ORÇAMENTO!$AF$7)/$H121*OFFSET(ORÇAMENTO!$X$15,ROW(AC121)-ROW(AC$15),0),\n              ROUND(ROUND(OFFSET($P121,0,AC$13),15-13*ORÇAMENTO!$AF$7)*OFFSET(ORÇAMENTO!$W$15,ROW(AC121)-ROW(AC$15),0),15-13*ORÇAMENTO!$AF$11)),\n         0)","v":0},{"$f":"IF(AND($D121=\"Serviço\",AD$12<>0,$H121>0,OR(AUTOEVENTO<>\"manual\",$M121<>$A$15)),\n        IF(Import.TipoArredondamento<>\"TransfereGOV\",\n              ROUND(OFFSET($P121,0,AD$13),15-13*ORÇAMENTO!$AF$7)/$H121*OFFSET(ORÇAMENTO!$X$15,ROW(AD121)-ROW(AD$15),0),\n              ROUND(ROUND(OFFSET($P121,0,AD$13),15-13*ORÇAMENTO!$AF$7)*OFFSET(ORÇAMENTO!$W$15,ROW(AD121)-ROW(AD$15),0),15-13*ORÇAMENTO!$AF$11)),\n         0)","v":0},{"$f":"IF(AND($D121=\"Serviço\",AE$12<>0,$H121>0,OR(AUTOEVENTO<>\"manual\",$M121<>$A$15)),\n        IF(Import.TipoArredondamento<>\"TransfereGOV\",\n              ROUND(OFFSET($P121,0,AE$13),15-13*ORÇAMENTO!$AF$7)/$H121*OFFSET(ORÇAMENTO!$X$15,ROW(AE121)-ROW(AE$15),0),\n              ROUND(ROUND(OFFSET($P121,0,AE$13),15-13*ORÇAMENTO!$AF$7)*OFFSET(ORÇAMENTO!$W$15,ROW(AE121)-ROW(AE$15),0),15-13*ORÇAMENTO!$AF$11)),\n         0)","v":0},{"$f":"IF(AND($D121=\"Serviço\",AF$12<>0,$H121>0,OR(AUTOEVENTO<>\"manual\",$M121<>$A$15)),\n        IF(Import.TipoArredondamento<>\"TransfereGOV\",\n              ROUND(OFFSET($P121,0,AF$13),15-13*ORÇAMENTO!$AF$7)/$H121*OFFSET(ORÇAMENTO!$X$15,ROW(AF121)-ROW(AF$15),0),\n              ROUND(ROUND(OFFSET($P121,0,AF$13),15-13*ORÇAMENTO!$AF$7)*OFFSET(ORÇAMENTO!$W$15,ROW(AF121)-ROW(AF$15),0),15-13*ORÇAMENTO!$AF$11)),\n         0)","v":0},{"$f":"IF(AND($D121=\"Serviço\",AG$12<>0,$H121>0,OR(AUTOEVENTO<>\"manual\",$M121<>$A$15)),\n        IF(Import.TipoArredondamento<>\"TransfereGOV\",\n              ROUND(OFFSET($P121,0,AG$13),15-13*ORÇAMENTO!$AF$7)/$H121*OFFSET(ORÇAMENTO!$X$15,ROW(AG121)-ROW(AG$15),0),\n              ROUND(ROUND(OFFSET($P121,0,AG$13),15-13*ORÇAMENTO!$AF$7)*OFFSET(ORÇAMENTO!$W$15,ROW(AG121)-ROW(AG$15),0),15-13*ORÇAMENTO!$AF$11)),\n         0)","v":0},{"$f":"IF(AND($D121=\"Serviço\",AH$12<>0,$H121>0,OR(AUTOEVENTO<>\"manual\",$M121<>$A$15)),\n        IF(Import.TipoArredondamento<>\"TransfereGOV\",\n              ROUND(OFFSET($P121,0,AH$13),15-13*ORÇAMENTO!$AF$7)/$H121*OFFSET(ORÇAMENTO!$X$15,ROW(AH121)-ROW(AH$15),0),\n              ROUND(ROUND(OFFSET($P121,0,AH$13),15-13*ORÇAMENTO!$AF$7)*OFFSET(ORÇAMENTO!$W$15,ROW(AH121)-ROW(AH$15),0),15-13*ORÇAMENTO!$AF$11)),\n         0)","v":0},{"$f":"IF(AND($D121=\"Serviço\",AI$12<>0,$H121>0,OR(AUTOEVENTO<>\"manual\",$M121<>$A$15)),\n        IF(Import.TipoArredondamento<>\"TransfereGOV\",\n              ROUND(OFFSET($P121,0,AI$13),15-13*ORÇAMENTO!$AF$7)/$H121*OFFSET(ORÇAMENTO!$X$15,ROW(AI121)-ROW(AI$15),0),\n              ROUND(ROUND(OFFSET($P121,0,AI$13),15-13*ORÇAMENTO!$AF$7)*OFFSET(ORÇAMENTO!$W$15,ROW(AI121)-ROW(AI$15),0),15-13*ORÇAMENTO!$AF$11)),\n         0)","v":0},{"$f":"IF(AND($D121=\"Serviço\",AJ$12<>0,$H121>0,OR(AUTOEVENTO<>\"manual\",$M121<>$A$15)),\n        IF(Import.TipoArredondamento<>\"TransfereGOV\",\n              ROUND(OFFSET($P121,0,AJ$13),15-13*ORÇAMENTO!$AF$7)/$H121*OFFSET(ORÇAMENTO!$X$15,ROW(AJ121)-ROW(AJ$15),0),\n              ROUND(ROUND(OFFSET($P121,0,AJ$13),15-13*ORÇAMENTO!$AF$7)*OFFSET(ORÇAMENTO!$W$15,ROW(AJ121)-ROW(AJ$15),0),15-13*ORÇAMENTO!$AF$11)),\n         0)","v":0},{"$f":"IF(AND($D121=\"Serviço\",AK$12<>0,$H121>0,OR(AUTOEVENTO<>\"manual\",$M121<>$A$15)),\n        IF(Import.TipoArredondamento<>\"TransfereGOV\",\n              ROUND(OFFSET($P121,0,AK$13),15-13*ORÇAMENTO!$AF$7)/$H121*OFFSET(ORÇAMENTO!$X$15,ROW(AK121)-ROW(AK$15),0),\n              ROUND(ROUND(OFFSET($P121,0,AK$13),15-13*ORÇAMENTO!$AF$7)*OFFSET(ORÇAMENTO!$W$15,ROW(AK121)-ROW(AK$15),0),15-13*ORÇAMENTO!$AF$11)),\n         0)","v":0},null,{"$f":"IF(OR($D121<>\"Serviço\",AND(AUTOEVENTO=\"Manual\",$M121=$A$15)),0,\n         IF(OFFSET(CRONOPLE!$F$15,$M121-$A$15,AM$13)=0,10^12,OFFSET(CRONOPLE!$F$15,$M121-$A$15,AM$13)))","v":6},{"$f":"IF(OR($D121<>\"Serviço\",AND(AUTOEVENTO=\"Manual\",$M121=$A$15)),0,\n         IF(OFFSET(CRONOPLE!$F$15,$M121-$A$15,AN$13)=0,10^12,OFFSET(CRONOPLE!$F$15,$M121-$A$15,AN$13)))","v":6},{"$f":"IF(OR($D121<>\"Serviço\",AND(AUTOEVENTO=\"Manual\",$M121=$A$15)),0,\n         IF(OFFSET(CRONOPLE!$F$15,$M121-$A$15,AO$13)=0,10^12,OFFSET(CRONOPLE!$F$15,$M121-$A$15,AO$13)))","v":2},{"$f":"IF(OR($D121<>\"Serviço\",AND(AUTOEVENTO=\"Manual\",$M121=$A$15)),0,\n         IF(OFFSET(CRONOPLE!$F$15,$M121-$A$15,AP$13)=0,10^12,OFFSET(CRONOPLE!$F$15,$M121-$A$15,AP$13)))","v":2},{"$f":"IF(OR($D121<>\"Serviço\",AND(AUTOEVENTO=\"Manual\",$M121=$A$15)),0,\n         IF(OFFSET(CRONOPLE!$F$15,$M121-$A$15,AQ$13)=0,10^12,OFFSET(CRONOPLE!$F$15,$M121-$A$15,AQ$13)))","v":1000000000000},{"$f":"IF(OR($D121<>\"Serviço\",AND(AUTOEVENTO=\"Manual\",$M121=$A$15)),0,\n         IF(OFFSET(CRONOPLE!$F$15,$M121-$A$15,AR$13)=0,10^12,OFFSET(CRONOPLE!$F$15,$M121-$A$15,AR$13)))","v":1000000000000},{"$f":"IF(OR($D121<>\"Serviço\",AND(AUTOEVENTO=\"Manual\",$M121=$A$15)),0,\n         IF(OFFSET(CRONOPLE!$F$15,$M121-$A$15,AS$13)=0,10^12,OFFSET(CRONOPLE!$F$15,$M121-$A$15,AS$13)))","v":1000000000000},{"$f":"IF(OR($D121<>\"Serviço\",AND(AUTOEVENTO=\"Manual\",$M121=$A$15)),0,\n         IF(OFFSET(CRONOPLE!$F$15,$M121-$A$15,AT$13)=0,10^12,OFFSET(CRONOPLE!$F$15,$M121-$A$15,AT$13)))","v":1000000000000},{"$f":"IF(OR($D121<>\"Serviço\",AND(AUTOEVENTO=\"Manual\",$M121=$A$15)),0,\n         IF(OFFSET(CRONOPLE!$F$15,$M121-$A$15,AU$13)=0,10^12,OFFSET(CRONOPLE!$F$15,$M121-$A$15,AU$13)))","v":1000000000000},{"$f":"IF(OR($D121<>\"Serviço\",AND(AUTOEVENTO=\"Manual\",$M121=$A$15)),0,\n         IF(OFFSET(CRONOPLE!$F$15,$M121-$A$15,AV$13)=0,10^12,OFFSET(CRONOPLE!$F$15,$M121-$A$15,AV$13)))","v":1000000000000},null,{"$f":"IF(OR($D121<>\"Serviço\",AND(AUTOEVENTO=\"Manual\",$M121=$A$15),$M121>(ROW(PLE.lastrow)-ROW(PLE.firstrow))),0,\n           IF(OFFSET(PLE!$G$15,$M121-$A$15,AX$13)=\"\",10^12,OFFSET(PLE!$G$15,$M121-$A$15,AX$13)))","v":7},{"$f":"IF(OR($D121<>\"Serviço\",AND(AUTOEVENTO=\"Manual\",$M121=$A$15),$M121>(ROW(PLE.lastrow)-ROW(PLE.firstrow))),0,\n           IF(OFFSET(PLE!$G$15,$M121-$A$15,AY$13)=\"\",10^12,OFFSET(PLE!$G$15,$M121-$A$15,AY$13)))","v":8},{"$f":"IF(OR($D121<>\"Serviço\",AND(AUTOEVENTO=\"Manual\",$M121=$A$15),$M121>(ROW(PLE.lastrow)-ROW(PLE.firstrow))),0,\n           IF(OFFSET(PLE!$G$15,$M121-$A$15,AZ$13)=\"\",10^12,OFFSET(PLE!$G$15,$M121-$A$15,AZ$13)))","v":1000000000000},{"$f":"IF(OR($D121<>\"Serviço\",AND(AUTOEVENTO=\"Manual\",$M121=$A$15),$M121>(ROW(PLE.lastrow)-ROW(PLE.firstrow))),0,\n           IF(OFFSET(PLE!$G$15,$M121-$A$15,BA$13)=\"\",10^12,OFFSET(PLE!$G$15,$M121-$A$15,BA$13)))","v":1000000000000},{"$f":"IF(OR($D121<>\"Serviço\",AND(AUTOEVENTO=\"Manual\",$M121=$A$15),$M121>(ROW(PLE.lastrow)-ROW(PLE.firstrow))),0,\n           IF(OFFSET(PLE!$G$15,$M121-$A$15,BB$13)=\"\",10^12,OFFSET(PLE!$G$15,$M121-$A$15,BB$13)))","v":1000000000000},{"$f":"IF(OR($D121<>\"Serviço\",AND(AUTOEVENTO=\"Manual\",$M121=$A$15),$M121>(ROW(PLE.lastrow)-ROW(PLE.firstrow))),0,\n           IF(OFFSET(PLE!$G$15,$M121-$A$15,BC$13)=\"\",10^12,OFFSET(PLE!$G$15,$M121-$A$15,BC$13)))","v":1000000000000},{"$f":"IF(OR($D121<>\"Serviço\",AND(AUTOEVENTO=\"Manual\",$M121=$A$15),$M121>(ROW(PLE.lastrow)-ROW(PLE.firstrow))),0,\n           IF(OFFSET(PLE!$G$15,$M121-$A$15,BD$13)=\"\",10^12,OFFSET(PLE!$G$15,$M121-$A$15,BD$13)))","v":1000000000000},{"$f":"IF(OR($D121<>\"Serviço\",AND(AUTOEVENTO=\"Manual\",$M121=$A$15),$M121>(ROW(PLE.lastrow)-ROW(PLE.firstrow))),0,\n           IF(OFFSET(PLE!$G$15,$M121-$A$15,BE$13)=\"\",10^12,OFFSET(PLE!$G$15,$M121-$A$15,BE$13)))","v":1000000000000},{"$f":"IF(OR($D121<>\"Serviço\",AND(AUTOEVENTO=\"Manual\",$M121=$A$15),$M121>(ROW(PLE.lastrow)-ROW(PLE.firstrow))),0,\n           IF(OFFSET(PLE!$G$15,$M121-$A$15,BF$13)=\"\",10^12,OFFSET(PLE!$G$15,$M121-$A$15,BF$13)))","v":1000000000000},{"$f":"IF(OR($D121<>\"Serviço\",AND(AUTOEVENTO=\"Manual\",$M121=$A$15),$M121>(ROW(PLE.lastrow)-ROW(PLE.firstrow))),0,\n           IF(OFFSET(PLE!$G$15,$M121-$A$15,BG$13)=\"\",10^12,OFFSET(PLE!$G$15,$M121-$A$15,BG$13)))","v":1000000000000}]
[23,{"$f":"OFFSET(ORÇAMENTO!C$15,$L122,0)","v":"S"},{"$f":"OFFSET(ORÇAMENTO!L$15,$L122,0)","v":"F"},{"$f":"OFFSET(ORÇAMENTO!N$15,$L122,0)","v":"Serviço"},{"$f":"OFFSET(ORÇAMENTO!O$15,$L122,0)","v":"1.13.4."},{"$f":"OFFSET(ORÇAMENTO!R$15,$L122,0)","v":"CORRIMAO LATERAL COM H=0,92M E H=0,70M EM TUBO IND. 1.1/2\" CH 18, FIXADOS EM PILARETES EM TUBO IND. 2.1/2\"  - FORNECIMENTO E INSTALAÇÃO "},{"$f":"IF($D122<>\"Serviço\",\"\",OFFSET(ORÇAMENTO!S$15,$L122,0))","v":"M"},{"$f":"IF($D122<>\"Serviço\",0,IF(ACOMPANHAMENTO=\"BM\",ROUND(OFFSET(ORÇAMENTO!AJ$15,$L122,0),15-13*ORÇAMENTO!$AF$7),IF(IFERROR(CÁLCULO.FrentesPreenchidas,0)=0,0,SUM(ROUND(OFFSET($P122,0,1,1,CÁLCULO.FrentesPreenchidas),15-13*ORÇAMENTO!$AF$7)))))","v":162.96},"CORRIMÃO LATERAL ROTA ACESSÍVEL - 56,38M X 2 LADOS + 20,51M X 2 LADOS + 8,12M",{"$f":"IF(OR(B122<>\"S\",CÁLCULO.FrentesPreenchidas=0),\"\",IF(AND(ACOMPANHAMENTO=\"PLE\",AUTOEVENTO=\"Manual\",OR(H122>0,ORÇAMENTO!AC122=\"QUANT.\"),OR(K122=\"\",M122=0,N122=\"\")),\"►E\",IF(AND(ACOMPANHAMENTO=\"PLE\",ORÇAMENTO!AC122=\"QUANT.\"),\"►Q\",IF(AND(ACOMPANHAMENTO=\"PLE\",H122<>SUMPRODUCT(($Q$1:$AA$1=1)*ROUND(Q122:AA122,15))),\"►S\",IF(AND(COUNTIF($P$11:$AA$11,\"▼\")=0,H122>0,I122=\"\"),\"◄M\",\"\")))))","v":""},"23.Instalação de corrimão e guarda-corpo",107,{"$f":"IF($D122<>\"Serviço\",\"\",\n          IF(AUTOEVENTO=\"manual\",$A122,\n                IF(ISERROR(MATCH($A122,$A$15:OFFSET($A122,-1,0),0)),MAX($M$15:OFFSET(M122,-1,0))+1,\n                      INDEX($M$15:OFFSET(M122,-1,0),MATCH($A122,$A$15:OFFSET($A122,-1,0),0)))))","v":23},{"$f":"IF($D122<>\"Serviço\",\"\",\n         IF(AUTOEVENTO=\"Manual\",\n                IF($A122=0,\"<-- defina o número do agrupador\",\n                       OFFSET(EVENTOS!$D$15,$A122-$A$15,0)),\n                OFFSET($F$15,$A122,0)))","v":0},null,null,{"$f":"(2.5*2+6.4+32.62*2+11.2*4+10.38*4)/2","v":81.48},{"$f":"Q122","v":81.48},null,null,null,null,null,null,null,null,null,{"$f":"IF(AND($D122=\"Serviço\",AB$12<>0,$H122>0,OR(AUTOEVENTO<>\"manual\",$M122<>$A$15)),\n        IF(Import.TipoArredondamento<>\"TransfereGOV\",\n              ROUND(OFFSET($P122,0,AB$13),15-13*ORÇAMENTO!$AF$7)/$H122*OFFSET(ORÇAMENTO!$X$15,ROW(AB122)-ROW(AB$15),0),\n              ROUND(ROUND(OFFSET($P122,0,AB$13),15-13*ORÇAMENTO!$AF$7)*OFFSET(ORÇAMENTO!$W$15,ROW(AB122)-ROW(AB$15),0),15-13*ORÇAMENTO!$AF$11)),\n         0)","v":0},{"$f":"IF(AND($D122=\"Serviço\",AC$12<>0,$H122>0,OR(AUTOEVENTO<>\"manual\",$M122<>$A$15)),\n        IF(Import.TipoArredondamento<>\"TransfereGOV\",\n              ROUND(OFFSET($P122,0,AC$13),15-13*ORÇAMENTO!$AF$7)/$H122*OFFSET(ORÇAMENTO!$X$15,ROW(AC122)-ROW(AC$15),0),\n              ROUND(ROUND(OFFSET($P122,0,AC$13),15-13*ORÇAMENTO!$AF$7)*OFFSET(ORÇAMENTO!$W$15,ROW(AC122)-ROW(AC$15),0),15-13*ORÇAMENTO!$AF$11)),\n         0)","v":0},{"$f":"IF(AND($D122=\"Serviço\",AD$12<>0,$H122>0,OR(AUTOEVENTO<>\"manual\",$M122<>$A$15)),\n        IF(Import.TipoArredondamento<>\"TransfereGOV\",\n              ROUND(OFFSET($P122,0,AD$13),15-13*ORÇAMENTO!$AF$7)/$H122*OFFSET(ORÇAMENTO!$X$15,ROW(AD122)-ROW(AD$15),0),\n              ROUND(ROUND(OFFSET($P122,0,AD$13),15-13*ORÇAMENTO!$AF$7)*OFFSET(ORÇAMENTO!$W$15,ROW(AD122)-ROW(AD$15),0),15-13*ORÇAMENTO!$AF$11)),\n         0)","v":0},{"$f":"IF(AND($D122=\"Serviço\",AE$12<>0,$H122>0,OR(AUTOEVENTO<>\"manual\",$M122<>$A$15)),\n        IF(Import.TipoArredondamento<>\"TransfereGOV\",\n              ROUND(OFFSET($P122,0,AE$13),15-13*ORÇAMENTO!$AF$7)/$H122*OFFSET(ORÇAMENTO!$X$15,ROW(AE122)-ROW(AE$15),0),\n              ROUND(ROUND(OFFSET($P122,0,AE$13),15-13*ORÇAMENTO!$AF$7)*OFFSET(ORÇAMENTO!$W$15,ROW(AE122)-ROW(AE$15),0),15-13*ORÇAMENTO!$AF$11)),\n         0)","v":0},{"$f":"IF(AND($D122=\"Serviço\",AF$12<>0,$H122>0,OR(AUTOEVENTO<>\"manual\",$M122<>$A$15)),\n        IF(Import.TipoArredondamento<>\"TransfereGOV\",\n              ROUND(OFFSET($P122,0,AF$13),15-13*ORÇAMENTO!$AF$7)/$H122*OFFSET(ORÇAMENTO!$X$15,ROW(AF122)-ROW(AF$15),0),\n              ROUND(ROUND(OFFSET($P122,0,AF$13),15-13*ORÇAMENTO!$AF$7)*OFFSET(ORÇAMENTO!$W$15,ROW(AF122)-ROW(AF$15),0),15-13*ORÇAMENTO!$AF$11)),\n         0)","v":0},{"$f":"IF(AND($D122=\"Serviço\",AG$12<>0,$H122>0,OR(AUTOEVENTO<>\"manual\",$M122<>$A$15)),\n        IF(Import.TipoArredondamento<>\"TransfereGOV\",\n              ROUND(OFFSET($P122,0,AG$13),15-13*ORÇAMENTO!$AF$7)/$H122*OFFSET(ORÇAMENTO!$X$15,ROW(AG122)-ROW(AG$15),0),\n              ROUND(ROUND(OFFSET($P122,0,AG$13),15-13*ORÇAMENTO!$AF$7)*OFFSET(ORÇAMENTO!$W$15,ROW(AG122)-ROW(AG$15),0),15-13*ORÇAMENTO!$AF$11)),\n         0)","v":0},{"$f":"IF(AND($D122=\"Serviço\",AH$12<>0,$H122>0,OR(AUTOEVENTO<>\"manual\",$M122<>$A$15)),\n        IF(Import.TipoArredondamento<>\"TransfereGOV\",\n              ROUND(OFFSET($P122,0,AH$13),15-13*ORÇAMENTO!$AF$7)/$H122*OFFSET(ORÇAMENTO!$X$15,ROW(AH122)-ROW(AH$15),0),\n              ROUND(ROUND(OFFSET($P122,0,AH$13),15-13*ORÇAMENTO!$AF$7)*OFFSET(ORÇAMENTO!$W$15,ROW(AH122)-ROW(AH$15),0),15-13*ORÇAMENTO!$AF$11)),\n         0)","v":0},{"$f":"IF(AND($D122=\"Serviço\",AI$12<>0,$H122>0,OR(AUTOEVENTO<>\"manual\",$M122<>$A$15)),\n        IF(Import.TipoArredondamento<>\"TransfereGOV\",\n              ROUND(OFFSET($P122,0,AI$13),15-13*ORÇAMENTO!$AF$7)/$H122*OFFSET(ORÇAMENTO!$X$15,ROW(AI122)-ROW(AI$15),0),\n              ROUND(ROUND(OFFSET($P122,0,AI$13),15-13*ORÇAMENTO!$AF$7)*OFFSET(ORÇAMENTO!$W$15,ROW(AI122)-ROW(AI$15),0),15-13*ORÇAMENTO!$AF$11)),\n         0)","v":0},{"$f":"IF(AND($D122=\"Serviço\",AJ$12<>0,$H122>0,OR(AUTOEVENTO<>\"manual\",$M122<>$A$15)),\n        IF(Import.TipoArredondamento<>\"TransfereGOV\",\n              ROUND(OFFSET($P122,0,AJ$13),15-13*ORÇAMENTO!$AF$7)/$H122*OFFSET(ORÇAMENTO!$X$15,ROW(AJ122)-ROW(AJ$15),0),\n              ROUND(ROUND(OFFSET($P122,0,AJ$13),15-13*ORÇAMENTO!$AF$7)*OFFSET(ORÇAMENTO!$W$15,ROW(AJ122)-ROW(AJ$15),0),15-13*ORÇAMENTO!$AF$11)),\n         0)","v":0},{"$f":"IF(AND($D122=\"Serviço\",AK$12<>0,$H122>0,OR(AUTOEVENTO<>\"manual\",$M122<>$A$15)),\n        IF(Import.TipoArredondamento<>\"TransfereGOV\",\n              ROUND(OFFSET($P122,0,AK$13),15-13*ORÇAMENTO!$AF$7)/$H122*OFFSET(ORÇAMENTO!$X$15,ROW(AK122)-ROW(AK$15),0),\n              ROUND(ROUND(OFFSET($P122,0,AK$13),15-13*ORÇAMENTO!$AF$7)*OFFSET(ORÇAMENTO!$W$15,ROW(AK122)-ROW(AK$15),0),15-13*ORÇAMENTO!$AF$11)),\n         0)","v":0},null,{"$f":"IF(OR($D122<>\"Serviço\",AND(AUTOEVENTO=\"Manual\",$M122=$A$15)),0,\n         IF(OFFSET(CRONOPLE!$F$15,$M122-$A$15,AM$13)=0,10^12,OFFSET(CRONOPLE!$F$15,$M122-$A$15,AM$13)))","v":1000000000000},{"$f":"IF(OR($D122<>\"Serviço\",AND(AUTOEVENTO=\"Manual\",$M122=$A$15)),0,\n         IF(OFFSET(CRONOPLE!$F$15,$M122-$A$15,AN$13)=0,10^12,OFFSET(CRONOPLE!$F$15,$M122-$A$15,AN$13)))","v":1000000000000},{"$f":"IF(OR($D122<>\"Serviço\",AND(AUTOEVENTO=\"Manual\",$M122=$A$15)),0,\n         IF(OFFSET(CRONOPLE!$F$15,$M122-$A$15,AO$13)=0,10^12,OFFSET(CRONOPLE!$F$15,$M122-$A$15,AO$13)))","v":1000000000000},{"$f":"IF(OR($D122<>\"Serviço\",AND(AUTOEVENTO=\"Manual\",$M122=$A$15)),0,\n         IF(OFFSET(CRONOPLE!$F$15,$M122-$A$15,AP$13)=0,10^12,OFFSET(CRONOPLE!$F$15,$M122-$A$15,AP$13)))","v":1000000000000},{"$f":"IF(OR($D122<>\"Serviço\",AND(AUTOEVENTO=\"Manual\",$M122=$A$15)),0,\n         IF(OFFSET(CRONOPLE!$F$15,$M122-$A$15,AQ$13)=0,10^12,OFFSET(CRONOPLE!$F$15,$M122-$A$15,AQ$13)))","v":1000000000000},{"$f":"IF(OR($D122<>\"Serviço\",AND(AUTOEVENTO=\"Manual\",$M122=$A$15)),0,\n         IF(OFFSET(CRONOPLE!$F$15,$M122-$A$15,AR$13)=0,10^12,OFFSET(CRONOPLE!$F$15,$M122-$A$15,AR$13)))","v":1000000000000},{"$f":"IF(OR($D122<>\"Serviço\",AND(AUTOEVENTO=\"Manual\",$M122=$A$15)),0,\n         IF(OFFSET(CRONOPLE!$F$15,$M122-$A$15,AS$13)=0,10^12,OFFSET(CRONOPLE!$F$15,$M122-$A$15,AS$13)))","v":1000000000000},{"$f":"IF(OR($D122<>\"Serviço\",AND(AUTOEVENTO=\"Manual\",$M122=$A$15)),0,\n         IF(OFFSET(CRONOPLE!$F$15,$M122-$A$15,AT$13)=0,10^12,OFFSET(CRONOPLE!$F$15,$M122-$A$15,AT$13)))","v":1000000000000},{"$f":"IF(OR($D122<>\"Serviço\",AND(AUTOEVENTO=\"Manual\",$M122=$A$15)),0,\n         IF(OFFSET(CRONOPLE!$F$15,$M122-$A$15,AU$13)=0,10^12,OFFSET(CRONOPLE!$F$15,$M122-$A$15,AU$13)))","v":1000000000000},{"$f":"IF(OR($D122<>\"Serviço\",AND(AUTOEVENTO=\"Manual\",$M122=$A$15)),0,\n         IF(OFFSET(CRONOPLE!$F$15,$M122-$A$15,AV$13)=0,10^12,OFFSET(CRONOPLE!$F$15,$M122-$A$15,AV$13)))","v":1000000000000},null,{"$f":"IF(OR($D122<>\"Serviço\",AND(AUTOEVENTO=\"Manual\",$M122=$A$15),$M122>(ROW(PLE.lastrow)-ROW(PLE.firstrow))),0,\n           IF(OFFSET(PLE!$G$15,$M122-$A$15,AX$13)=\"\",10^12,OFFSET(PLE!$G$15,$M122-$A$15,AX$13)))","v":1000000000000},{"$f":"IF(OR($D122<>\"Serviço\",AND(AUTOEVENTO=\"Manual\",$M122=$A$15),$M122>(ROW(PLE.lastrow)-ROW(PLE.firstrow))),0,\n           IF(OFFSET(PLE!$G$15,$M122-$A$15,AY$13)=\"\",10^12,OFFSET(PLE!$G$15,$M122-$A$15,AY$13)))","v":1000000000000},{"$f":"IF(OR($D122<>\"Serviço\",AND(AUTOEVENTO=\"Manual\",$M122=$A$15),$M122>(ROW(PLE.lastrow)-ROW(PLE.firstrow))),0,\n           IF(OFFSET(PLE!$G$15,$M122-$A$15,AZ$13)=\"\",10^12,OFFSET(PLE!$G$15,$M122-$A$15,AZ$13)))","v":1000000000000},{"$f":"IF(OR($D122<>\"Serviço\",AND(AUTOEVENTO=\"Manual\",$M122=$A$15),$M122>(ROW(PLE.lastrow)-ROW(PLE.firstrow))),0,\n           IF(OFFSET(PLE!$G$15,$M122-$A$15,BA$13)=\"\",10^12,OFFSET(PLE!$G$15,$M122-$A$15,BA$13)))","v":1000000000000},{"$f":"IF(OR($D122<>\"Serviço\",AND(AUTOEVENTO=\"Manual\",$M122=$A$15),$M122>(ROW(PLE.lastrow)-ROW(PLE.firstrow))),0,\n           IF(OFFSET(PLE!$G$15,$M122-$A$15,BB$13)=\"\",10^12,OFFSET(PLE!$G$15,$M122-$A$15,BB$13)))","v":1000000000000},{"$f":"IF(OR($D122<>\"Serviço\",AND(AUTOEVENTO=\"Manual\",$M122=$A$15),$M122>(ROW(PLE.lastrow)-ROW(PLE.firstrow))),0,\n           IF(OFFSET(PLE!$G$15,$M122-$A$15,BC$13)=\"\",10^12,OFFSET(PLE!$G$15,$M122-$A$15,BC$13)))","v":1000000000000},{"$f":"IF(OR($D122<>\"Serviço\",AND(AUTOEVENTO=\"Manual\",$M122=$A$15),$M122>(ROW(PLE.lastrow)-ROW(PLE.firstrow))),0,\n           IF(OFFSET(PLE!$G$15,$M122-$A$15,BD$13)=\"\",10^12,OFFSET(PLE!$G$15,$M122-$A$15,BD$13)))","v":1000000000000},{"$f":"IF(OR($D122<>\"Serviço\",AND(AUTOEVENTO=\"Manual\",$M122=$A$15),$M122>(ROW(PLE.lastrow)-ROW(PLE.firstrow))),0,\n           IF(OFFSET(PLE!$G$15,$M122-$A$15,BE$13)=\"\",10^12,OFFSET(PLE!$G$15,$M122-$A$15,BE$13)))","v":1000000000000},{"$f":"IF(OR($D122<>\"Serviço\",AND(AUTOEVENTO=\"Manual\",$M122=$A$15),$M122>(ROW(PLE.lastrow)-ROW(PLE.firstrow))),0,\n           IF(OFFSET(PLE!$G$15,$M122-$A$15,BF$13)=\"\",10^12,OFFSET(PLE!$G$15,$M122-$A$15,BF$13)))","v":1000000000000},{"$f":"IF(OR($D122<>\"Serviço\",AND(AUTOEVENTO=\"Manual\",$M122=$A$15),$M122>(ROW(PLE.lastrow)-ROW(PLE.firstrow))),0,\n           IF(OFFSET(PLE!$G$15,$M122-$A$15,BG$13)=\"\",10^12,OFFSET(PLE!$G$15,$M122-$A$15,BG$13)))","v":1000000000000}]
[23,{"$f":"OFFSET(ORÇAMENTO!C$15,$L123,0)","v":"S"},{"$f":"OFFSET(ORÇAMENTO!L$15,$L123,0)","v":"F"},{"$f":"OFFSET(ORÇAMENTO!N$15,$L123,0)","v":"Serviço"},{"$f":"OFFSET(ORÇAMENTO!O$15,$L123,0)","v":"1.13.5."},{"$f":"OFFSET(ORÇAMENTO!R$15,$L123,0)","v":"CORRIMAO DUPLO CENTRAL COM ALTURAS DE H=0,70M E H=0,92M EM TUBO DE ACO IND. 1.1/2\" CH 18, FIXADOS EM PILARETES EM TUBO IND. 2.1/2\"  - FORNECIMENTO E INSTALAÇÃO"},{"$f":"IF($D123<>\"Serviço\",\"\",OFFSET(ORÇAMENTO!S$15,$L123,0))","v":"M"},{"$f":"IF($D123<>\"Serviço\",0,IF(ACOMPANHAMENTO=\"BM\",ROUND(OFFSET(ORÇAMENTO!AJ$15,$L123,0),15-13*ORÇAMENTO!$AF$7),IF(IFERROR(CÁLCULO.FrentesPreenchidas,0)=0,0,SUM(ROUND(OFFSET($P123,0,1,1,CÁLCULO.FrentesPreenchidas),15-13*ORÇAMENTO!$AF$7)))))","v":32.68},"CORRIMÃO CENTRAL ROTA ACESSÍVEL - 32,68M",{"$f":"IF(OR(B123<>\"S\",CÁLCULO.FrentesPreenchidas=0),\"\",IF(AND(ACOMPANHAMENTO=\"PLE\",AUTOEVENTO=\"Manual\",OR(H123>0,ORÇAMENTO!AC123=\"QUANT.\"),OR(K123=\"\",M123=0,N123=\"\")),\"►E\",IF(AND(ACOMPANHAMENTO=\"PLE\",ORÇAMENTO!AC123=\"QUANT.\"),\"►Q\",IF(AND(ACOMPANHAMENTO=\"PLE\",H123<>SUMPRODUCT(($Q$1:$AA$1=1)*ROUND(Q123:AA123,15))),\"►S\",IF(AND(COUNTIF($P$11:$AA$11,\"▼\")=0,H123>0,I123=\"\"),\"◄M\",\"\")))))","v":""},"23.Instalação de corrimão e guarda-corpo",108,{"$f":"IF($D123<>\"Serviço\",\"\",\n          IF(AUTOEVENTO=\"manual\",$A123,\n                IF(ISERROR(MATCH($A123,$A$15:OFFSET($A123,-1,0),0)),MAX($M$15:OFFSET(M123,-1,0))+1,\n                      INDEX($M$15:OFFSET(M123,-1,0),MATCH($A123,$A$15:OFFSET($A123,-1,0),0)))))","v":23},{"$f":"IF($D123<>\"Serviço\",\"\",\n         IF(AUTOEVENTO=\"Manual\",\n                IF($A123=0,\"<-- defina o número do agrupador\",\n                       OFFSET(EVENTOS!$D$15,$A123-$A$15,0)),\n                OFFSET($F$15,$A123,0)))","v":0},null,null,{"$f":"32.68/2","v":16.34},{"$f":"32.68/2","v":16.34},null,null,null,null,null,null,null,null,null,{"$f":"IF(AND($D123=\"Serviço\",AB$12<>0,$H123>0,OR(AUTOEVENTO<>\"manual\",$M123<>$A$15)),\n        IF(Import.TipoArredondamento<>\"TransfereGOV\",\n              ROUND(OFFSET($P123,0,AB$13),15-13*ORÇAMENTO!$AF$7)/$H123*OFFSET(ORÇAMENTO!$X$15,ROW(AB123)-ROW(AB$15),0),\n              ROUND(ROUND(OFFSET($P123,0,AB$13),15-13*ORÇAMENTO!$AF$7)*OFFSET(ORÇAMENTO!$W$15,ROW(AB123)-ROW(AB$15),0),15-13*ORÇAMENTO!$AF$11)),\n         0)","v":0},{"$f":"IF(AND($D123=\"Serviço\",AC$12<>0,$H123>0,OR(AUTOEVENTO<>\"manual\",$M123<>$A$15)),\n        IF(Import.TipoArredondamento<>\"TransfereGOV\",\n              ROUND(OFFSET($P123,0,AC$13),15-13*ORÇAMENTO!$AF$7)/$H123*OFFSET(ORÇAMENTO!$X$15,ROW(AC123)-ROW(AC$15),0),\n              ROUND(ROUND(OFFSET($P123,0,AC$13),15-13*ORÇAMENTO!$AF$7)*OFFSET(ORÇAMENTO!$W$15,ROW(AC123)-ROW(AC$15),0),15-13*ORÇAMENTO!$AF$11)),\n         0)","v":0},{"$f":"IF(AND($D123=\"Serviço\",AD$12<>0,$H123>0,OR(AUTOEVENTO<>\"manual\",$M123<>$A$15)),\n        IF(Import.TipoArredondamento<>\"TransfereGOV\",\n              ROUND(OFFSET($P123,0,AD$13),15-13*ORÇAMENTO!$AF$7)/$H123*OFFSET(ORÇAMENTO!$X$15,ROW(AD123)-ROW(AD$15),0),\n              ROUND(ROUND(OFFSET($P123,0,AD$13),15-13*ORÇAMENTO!$AF$7)*OFFSET(ORÇAMENTO!$W$15,ROW(AD123)-ROW(AD$15),0),15-13*ORÇAMENTO!$AF$11)),\n         0)","v":0},{"$f":"IF(AND($D123=\"Serviço\",AE$12<>0,$H123>0,OR(AUTOEVENTO<>\"manual\",$M123<>$A$15)),\n        IF(Import.TipoArredondamento<>\"TransfereGOV\",\n              ROUND(OFFSET($P123,0,AE$13),15-13*ORÇAMENTO!$AF$7)/$H123*OFFSET(ORÇAMENTO!$X$15,ROW(AE123)-ROW(AE$15),0),\n              ROUND(ROUND(OFFSET($P123,0,AE$13),15-13*ORÇAMENTO!$AF$7)*OFFSET(ORÇAMENTO!$W$15,ROW(AE123)-ROW(AE$15),0),15-13*ORÇAMENTO!$AF$11)),\n         0)","v":0},{"$f":"IF(AND($D123=\"Serviço\",AF$12<>0,$H123>0,OR(AUTOEVENTO<>\"manual\",$M123<>$A$15)),\n        IF(Import.TipoArredondamento<>\"TransfereGOV\",\n              ROUND(OFFSET($P123,0,AF$13),15-13*ORÇAMENTO!$AF$7)/$H123*OFFSET(ORÇAMENTO!$X$15,ROW(AF123)-ROW(AF$15),0),\n              ROUND(ROUND(OFFSET($P123,0,AF$13),15-13*ORÇAMENTO!$AF$7)*OFFSET(ORÇAMENTO!$W$15,ROW(AF123)-ROW(AF$15),0),15-13*ORÇAMENTO!$AF$11)),\n         0)","v":0},{"$f":"IF(AND($D123=\"Serviço\",AG$12<>0,$H123>0,OR(AUTOEVENTO<>\"manual\",$M123<>$A$15)),\n        IF(Import.TipoArredondamento<>\"TransfereGOV\",\n              ROUND(OFFSET($P123,0,AG$13),15-13*ORÇAMENTO!$AF$7)/$H123*OFFSET(ORÇAMENTO!$X$15,ROW(AG123)-ROW(AG$15),0),\n              ROUND(ROUND(OFFSET($P123,0,AG$13),15-13*ORÇAMENTO!$AF$7)*OFFSET(ORÇAMENTO!$W$15,ROW(AG123)-ROW(AG$15),0),15-13*ORÇAMENTO!$AF$11)),\n         0)","v":0},{"$f":"IF(AND($D123=\"Serviço\",AH$12<>0,$H123>0,OR(AUTOEVENTO<>\"manual\",$M123<>$A$15)),\n        IF(Import.TipoArredondamento<>\"TransfereGOV\",\n              ROUND(OFFSET($P123,0,AH$13),15-13*ORÇAMENTO!$AF$7)/$H123*OFFSET(ORÇAMENTO!$X$15,ROW(AH123)-ROW(AH$15),0),\n              ROUND(ROUND(OFFSET($P123,0,AH$13),15-13*ORÇAMENTO!$AF$7)*OFFSET(ORÇAMENTO!$W$15,ROW(AH123)-ROW(AH$15),0),15-13*ORÇAMENTO!$AF$11)),\n         0)","v":0},{"$f":"IF(AND($D123=\"Serviço\",AI$12<>0,$H123>0,OR(AUTOEVENTO<>\"manual\",$M123<>$A$15)),\n        IF(Import.TipoArredondamento<>\"TransfereGOV\",\n              ROUND(OFFSET($P123,0,AI$13),15-13*ORÇAMENTO!$AF$7)/$H123*OFFSET(ORÇAMENTO!$X$15,ROW(AI123)-ROW(AI$15),0),\n              ROUND(ROUND(OFFSET($P123,0,AI$13),15-13*ORÇAMENTO!$AF$7)*OFFSET(ORÇAMENTO!$W$15,ROW(AI123)-ROW(AI$15),0),15-13*ORÇAMENTO!$AF$11)),\n         0)","v":0},{"$f":"IF(AND($D123=\"Serviço\",AJ$12<>0,$H123>0,OR(AUTOEVENTO<>\"manual\",$M123<>$A$15)),\n        IF(Import.TipoArredondamento<>\"TransfereGOV\",\n              ROUND(OFFSET($P123,0,AJ$13),15-13*ORÇAMENTO!$AF$7)/$H123*OFFSET(ORÇAMENTO!$X$15,ROW(AJ123)-ROW(AJ$15),0),\n              ROUND(ROUND(OFFSET($P123,0,AJ$13),15-13*ORÇAMENTO!$AF$7)*OFFSET(ORÇAMENTO!$W$15,ROW(AJ123)-ROW(AJ$15),0),15-13*ORÇAMENTO!$AF$11)),\n         0)","v":0},{"$f":"IF(AND($D123=\"Serviço\",AK$12<>0,$H123>0,OR(AUTOEVENTO<>\"manual\",$M123<>$A$15)),\n        IF(Import.TipoArredondamento<>\"TransfereGOV\",\n              ROUND(OFFSET($P123,0,AK$13),15-13*ORÇAMENTO!$AF$7)/$H123*OFFSET(ORÇAMENTO!$X$15,ROW(AK123)-ROW(AK$15),0),\n              ROUND(ROUND(OFFSET($P123,0,AK$13),15-13*ORÇAMENTO!$AF$7)*OFFSET(ORÇAMENTO!$W$15,ROW(AK123)-ROW(AK$15),0),15-13*ORÇAMENTO!$AF$11)),\n         0)","v":0},null,{"$f":"IF(OR($D123<>\"Serviço\",AND(AUTOEVENTO=\"Manual\",$M123=$A$15)),0,\n         IF(OFFSET(CRONOPLE!$F$15,$M123-$A$15,AM$13)=0,10^12,OFFSET(CRONOPLE!$F$15,$M123-$A$15,AM$13)))","v":1000000000000},{"$f":"IF(OR($D123<>\"Serviço\",AND(AUTOEVENTO=\"Manual\",$M123=$A$15)),0,\n         IF(OFFSET(CRONOPLE!$F$15,$M123-$A$15,AN$13)=0,10^12,OFFSET(CRONOPLE!$F$15,$M123-$A$15,AN$13)))","v":1000000000000},{"$f":"IF(OR($D123<>\"Serviço\",AND(AUTOEVENTO=\"Manual\",$M123=$A$15)),0,\n         IF(OFFSET(CRONOPLE!$F$15,$M123-$A$15,AO$13)=0,10^12,OFFSET(CRONOPLE!$F$15,$M123-$A$15,AO$13)))","v":1000000000000},{"$f":"IF(OR($D123<>\"Serviço\",AND(AUTOEVENTO=\"Manual\",$M123=$A$15)),0,\n         IF(OFFSET(CRONOPLE!$F$15,$M123-$A$15,AP$13)=0,10^12,OFFSET(CRONOPLE!$F$15,$M123-$A$15,AP$13)))","v":1000000000000},{"$f":"IF(OR($D123<>\"Serviço\",AND(AUTOEVENTO=\"Manual\",$M123=$A$15)),0,\n         IF(OFFSET(CRONOPLE!$F$15,$M123-$A$15,AQ$13)=0,10^12,OFFSET(CRONOPLE!$F$15,$M123-$A$15,AQ$13)))","v":1000000000000},{"$f":"IF(OR($D123<>\"Serviço\",AND(AUTOEVENTO=\"Manual\",$M123=$A$15)),0,\n         IF(OFFSET(CRONOPLE!$F$15,$M123-$A$15,AR$13)=0,10^12,OFFSET(CRONOPLE!$F$15,$M123-$A$15,AR$13)))","v":1000000000000},{"$f":"IF(OR($D123<>\"Serviço\",AND(AUTOEVENTO=\"Manual\",$M123=$A$15)),0,\n         IF(OFFSET(CRONOPLE!$F$15,$M123-$A$15,AS$13)=0,10^12,OFFSET(CRONOPLE!$F$15,$M123-$A$15,AS$13)))","v":1000000000000},{"$f":"IF(OR($D123<>\"Serviço\",AND(AUTOEVENTO=\"Manual\",$M123=$A$15)),0,\n         IF(OFFSET(CRONOPLE!$F$15,$M123-$A$15,AT$13)=0,10^12,OFFSET(CRONOPLE!$F$15,$M123-$A$15,AT$13)))","v":1000000000000},{"$f":"IF(OR($D123<>\"Serviço\",AND(AUTOEVENTO=\"Manual\",$M123=$A$15)),0,\n         IF(OFFSET(CRONOPLE!$F$15,$M123-$A$15,AU$13)=0,10^12,OFFSET(CRONOPLE!$F$15,$M123-$A$15,AU$13)))","v":1000000000000},{"$f":"IF(OR($D123<>\"Serviço\",AND(AUTOEVENTO=\"Manual\",$M123=$A$15)),0,\n         IF(OFFSET(CRONOPLE!$F$15,$M123-$A$15,AV$13)=0,10^12,OFFSET(CRONOPLE!$F$15,$M123-$A$15,AV$13)))","v":1000000000000},null,{"$f":"IF(OR($D123<>\"Serviço\",AND(AUTOEVENTO=\"Manual\",$M123=$A$15),$M123>(ROW(PLE.lastrow)-ROW(PLE.firstrow))),0,\n           IF(OFFSET(PLE!$G$15,$M123-$A$15,AX$13)=\"\",10^12,OFFSET(PLE!$G$15,$M123-$A$15,AX$13)))","v":1000000000000},{"$f":"IF(OR($D123<>\"Serviço\",AND(AUTOEVENTO=\"Manual\",$M123=$A$15),$M123>(ROW(PLE.lastrow)-ROW(PLE.firstrow))),0,\n           IF(OFFSET(PLE!$G$15,$M123-$A$15,AY$13)=\"\",10^12,OFFSET(PLE!$G$15,$M123-$A$15,AY$13)))","v":1000000000000},{"$f":"IF(OR($D123<>\"Serviço\",AND(AUTOEVENTO=\"Manual\",$M123=$A$15),$M123>(ROW(PLE.lastrow)-ROW(PLE.firstrow))),0,\n           IF(OFFSET(PLE!$G$15,$M123-$A$15,AZ$13)=\"\",10^12,OFFSET(PLE!$G$15,$M123-$A$15,AZ$13)))","v":1000000000000},{"$f":"IF(OR($D123<>\"Serviço\",AND(AUTOEVENTO=\"Manual\",$M123=$A$15),$M123>(ROW(PLE.lastrow)-ROW(PLE.firstrow))),0,\n           IF(OFFSET(PLE!$G$15,$M123-$A$15,BA$13)=\"\",10^12,OFFSET(PLE!$G$15,$M123-$A$15,BA$13)))","v":1000000000000},{"$f":"IF(OR($D123<>\"Serviço\",AND(AUTOEVENTO=\"Manual\",$M123=$A$15),$M123>(ROW(PLE.lastrow)-ROW(PLE.firstrow))),0,\n           IF(OFFSET(PLE!$G$15,$M123-$A$15,BB$13)=\"\",10^12,OFFSET(PLE!$G$15,$M123-$A$15,BB$13)))","v":1000000000000},{"$f":"IF(OR($D123<>\"Serviço\",AND(AUTOEVENTO=\"Manual\",$M123=$A$15),$M123>(ROW(PLE.lastrow)-ROW(PLE.firstrow))),0,\n           IF(OFFSET(PLE!$G$15,$M123-$A$15,BC$13)=\"\",10^12,OFFSET(PLE!$G$15,$M123-$A$15,BC$13)))","v":1000000000000},{"$f":"IF(OR($D123<>\"Serviço\",AND(AUTOEVENTO=\"Manual\",$M123=$A$15),$M123>(ROW(PLE.lastrow)-ROW(PLE.firstrow))),0,\n           IF(OFFSET(PLE!$G$15,$M123-$A$15,BD$13)=\"\",10^12,OFFSET(PLE!$G$15,$M123-$A$15,BD$13)))","v":1000000000000},{"$f":"IF(OR($D123<>\"Serviço\",AND(AUTOEVENTO=\"Manual\",$M123=$A$15),$M123>(ROW(PLE.lastrow)-ROW(PLE.firstrow))),0,\n           IF(OFFSET(PLE!$G$15,$M123-$A$15,BE$13)=\"\",10^12,OFFSET(PLE!$G$15,$M123-$A$15,BE$13)))","v":1000000000000},{"$f":"IF(OR($D123<>\"Serviço\",AND(AUTOEVENTO=\"Manual\",$M123=$A$15),$M123>(ROW(PLE.lastrow)-ROW(PLE.firstrow))),0,\n           IF(OFFSET(PLE!$G$15,$M123-$A$15,BF$13)=\"\",10^12,OFFSET(PLE!$G$15,$M123-$A$15,BF$13)))","v":1000000000000},{"$f":"IF(OR($D123<>\"Serviço\",AND(AUTOEVENTO=\"Manual\",$M123=$A$15),$M123>(ROW(PLE.lastrow)-ROW(PLE.firstrow))),0,\n           IF(OFFSET(PLE!$G$15,$M123-$A$15,BG$13)=\"\",10^12,OFFSET(PLE!$G$15,$M123-$A$15,BG$13)))","v":1000000000000}]
[18,{"$f":"OFFSET(ORÇAMENTO!C$15,$L124,0)","v":"S"},{"$f":"OFFSET(ORÇAMENTO!L$15,$L124,0)","v":"F"},{"$f":"OFFSET(ORÇAMENTO!N$15,$L124,0)","v":"Serviço"},{"$f":"OFFSET(ORÇAMENTO!O$15,$L124,0)","v":"1.13.6."},{"$f":"OFFSET(ORÇAMENTO!R$15,$L124,0)","v":"PLANTIO DE GRAMA ESMERALDA OU SÃO CARLOS OU CURITIBANA, EM PLACAS. AF_07/2024"},{"$f":"IF($D124<>\"Serviço\",\"\",OFFSET(ORÇAMENTO!S$15,$L124,0))","v":"M2"},{"$f":"IF($D124<>\"Serviço\",0,IF(ACOMPANHAMENTO=\"BM\",ROUND(OFFSET(ORÇAMENTO!AJ$15,$L124,0),15-13*ORÇAMENTO!$AF$7),IF(IFERROR(CÁLCULO.FrentesPreenchidas,0)=0,0,SUM(ROUND(OFFSET($P124,0,1,1,CÁLCULO.FrentesPreenchidas),15-13*ORÇAMENTO!$AF$7)))))","v":357.39},"126,56M² X 108,81M² + 122,02M² CENTRO",{"$f":"IF(OR(B124<>\"S\",CÁLCULO.FrentesPreenchidas=0),\"\",IF(AND(ACOMPANHAMENTO=\"PLE\",AUTOEVENTO=\"Manual\",OR(H124>0,ORÇAMENTO!AC124=\"QUANT.\"),OR(K124=\"\",M124=0,N124=\"\")),\"►E\",IF(AND(ACOMPANHAMENTO=\"PLE\",ORÇAMENTO!AC124=\"QUANT.\"),\"►Q\",IF(AND(ACOMPANHAMENTO=\"PLE\",H124<>SUMPRODUCT(($Q$1:$AA$1=1)*ROUND(Q124:AA124,15))),\"►S\",IF(AND(COUNTIF($P$11:$AA$11,\"▼\")=0,H124>0,I124=\"\"),\"◄M\",\"\")))))","v":""},"18.Serviços complementares",109,{"$f":"IF($D124<>\"Serviço\",\"\",\n          IF(AUTOEVENTO=\"manual\",$A124,\n                IF(ISERROR(MATCH($A124,$A$15:OFFSET($A124,-1,0),0)),MAX($M$15:OFFSET(M124,-1,0))+1,\n                      INDEX($M$15:OFFSET(M124,-1,0),MATCH($A124,$A$15:OFFSET($A124,-1,0),0)))))","v":18},{"$f":"IF($D124<>\"Serviço\",\"\",\n         IF(AUTOEVENTO=\"Manual\",\n                IF($A124=0,\"<-- defina o número do agrupador\",\n                       OFFSET(EVENTOS!$D$15,$A124-$A$15,0)),\n                OFFSET($F$15,$A124,0)))","v":"instalação do SPDA"},null,null,{"$f":"(126.56+108.81+122.02)/2","v":178.69499999999999},{"$f":"(126.56+108.81+122.02)/2","v":178.69499999999999},null,null,null,null,null,null,null,null,null,{"$f":"IF(AND($D124=\"Serviço\",AB$12<>0,$H124>0,OR(AUTOEVENTO<>\"manual\",$M124<>$A$15)),\n        IF(Import.TipoArredondamento<>\"TransfereGOV\",\n              ROUND(OFFSET($P124,0,AB$13),15-13*ORÇAMENTO!$AF$7)/$H124*OFFSET(ORÇAMENTO!$X$15,ROW(AB124)-ROW(AB$15),0),\n              ROUND(ROUND(OFFSET($P124,0,AB$13),15-13*ORÇAMENTO!$AF$7)*OFFSET(ORÇAMENTO!$W$15,ROW(AB124)-ROW(AB$15),0),15-13*ORÇAMENTO!$AF$11)),\n         0)","v":0},{"$f":"IF(AND($D124=\"Serviço\",AC$12<>0,$H124>0,OR(AUTOEVENTO<>\"manual\",$M124<>$A$15)),\n        IF(Import.TipoArredondamento<>\"TransfereGOV\",\n              ROUND(OFFSET($P124,0,AC$13),15-13*ORÇAMENTO!$AF$7)/$H124*OFFSET(ORÇAMENTO!$X$15,ROW(AC124)-ROW(AC$15),0),\n              ROUND(ROUND(OFFSET($P124,0,AC$13),15-13*ORÇAMENTO!$AF$7)*OFFSET(ORÇAMENTO!$W$15,ROW(AC124)-ROW(AC$15),0),15-13*ORÇAMENTO!$AF$11)),\n         0)","v":0},{"$f":"IF(AND($D124=\"Serviço\",AD$12<>0,$H124>0,OR(AUTOEVENTO<>\"manual\",$M124<>$A$15)),\n        IF(Import.TipoArredondamento<>\"TransfereGOV\",\n              ROUND(OFFSET($P124,0,AD$13),15-13*ORÇAMENTO!$AF$7)/$H124*OFFSET(ORÇAMENTO!$X$15,ROW(AD124)-ROW(AD$15),0),\n              ROUND(ROUND(OFFSET($P124,0,AD$13),15-13*ORÇAMENTO!$AF$7)*OFFSET(ORÇAMENTO!$W$15,ROW(AD124)-ROW(AD$15),0),15-13*ORÇAMENTO!$AF$11)),\n         0)","v":0},{"$f":"IF(AND($D124=\"Serviço\",AE$12<>0,$H124>0,OR(AUTOEVENTO<>\"manual\",$M124<>$A$15)),\n        IF(Import.TipoArredondamento<>\"TransfereGOV\",\n              ROUND(OFFSET($P124,0,AE$13),15-13*ORÇAMENTO!$AF$7)/$H124*OFFSET(ORÇAMENTO!$X$15,ROW(AE124)-ROW(AE$15),0),\n              ROUND(ROUND(OFFSET($P124,0,AE$13),15-13*ORÇAMENTO!$AF$7)*OFFSET(ORÇAMENTO!$W$15,ROW(AE124)-ROW(AE$15),0),15-13*ORÇAMENTO!$AF$11)),\n         0)","v":0},{"$f":"IF(AND($D124=\"Serviço\",AF$12<>0,$H124>0,OR(AUTOEVENTO<>\"manual\",$M124<>$A$15)),\n        IF(Import.TipoArredondamento<>\"TransfereGOV\",\n              ROUND(OFFSET($P124,0,AF$13),15-13*ORÇAMENTO!$AF$7)/$H124*OFFSET(ORÇAMENTO!$X$15,ROW(AF124)-ROW(AF$15),0),\n              ROUND(ROUND(OFFSET($P124,0,AF$13),15-13*ORÇAMENTO!$AF$7)*OFFSET(ORÇAMENTO!$W$15,ROW(AF124)-ROW(AF$15),0),15-13*ORÇAMENTO!$AF$11)),\n         0)","v":0},{"$f":"IF(AND($D124=\"Serviço\",AG$12<>0,$H124>0,OR(AUTOEVENTO<>\"manual\",$M124<>$A$15)),\n        IF(Import.TipoArredondamento<>\"TransfereGOV\",\n              ROUND(OFFSET($P124,0,AG$13),15-13*ORÇAMENTO!$AF$7)/$H124*OFFSET(ORÇAMENTO!$X$15,ROW(AG124)-ROW(AG$15),0),\n              ROUND(ROUND(OFFSET($P124,0,AG$13),15-13*ORÇAMENTO!$AF$7)*OFFSET(ORÇAMENTO!$W$15,ROW(AG124)-ROW(AG$15),0),15-13*ORÇAMENTO!$AF$11)),\n         0)","v":0},{"$f":"IF(AND($D124=\"Serviço\",AH$12<>0,$H124>0,OR(AUTOEVENTO<>\"manual\",$M124<>$A$15)),\n        IF(Import.TipoArredondamento<>\"TransfereGOV\",\n              ROUND(OFFSET($P124,0,AH$13),15-13*ORÇAMENTO!$AF$7)/$H124*OFFSET(ORÇAMENTO!$X$15,ROW(AH124)-ROW(AH$15),0),\n              ROUND(ROUND(OFFSET($P124,0,AH$13),15-13*ORÇAMENTO!$AF$7)*OFFSET(ORÇAMENTO!$W$15,ROW(AH124)-ROW(AH$15),0),15-13*ORÇAMENTO!$AF$11)),\n         0)","v":0},{"$f":"IF(AND($D124=\"Serviço\",AI$12<>0,$H124>0,OR(AUTOEVENTO<>\"manual\",$M124<>$A$15)),\n        IF(Import.TipoArredondamento<>\"TransfereGOV\",\n              ROUND(OFFSET($P124,0,AI$13),15-13*ORÇAMENTO!$AF$7)/$H124*OFFSET(ORÇAMENTO!$X$15,ROW(AI124)-ROW(AI$15),0),\n              ROUND(ROUND(OFFSET($P124,0,AI$13),15-13*ORÇAMENTO!$AF$7)*OFFSET(ORÇAMENTO!$W$15,ROW(AI124)-ROW(AI$15),0),15-13*ORÇAMENTO!$AF$11)),\n         0)","v":0},{"$f":"IF(AND($D124=\"Serviço\",AJ$12<>0,$H124>0,OR(AUTOEVENTO<>\"manual\",$M124<>$A$15)),\n        IF(Import.TipoArredondamento<>\"TransfereGOV\",\n              ROUND(OFFSET($P124,0,AJ$13),15-13*ORÇAMENTO!$AF$7)/$H124*OFFSET(ORÇAMENTO!$X$15,ROW(AJ124)-ROW(AJ$15),0),\n              ROUND(ROUND(OFFSET($P124,0,AJ$13),15-13*ORÇAMENTO!$AF$7)*OFFSET(ORÇAMENTO!$W$15,ROW(AJ124)-ROW(AJ$15),0),15-13*ORÇAMENTO!$AF$11)),\n         0)","v":0},{"$f":"IF(AND($D124=\"Serviço\",AK$12<>0,$H124>0,OR(AUTOEVENTO<>\"manual\",$M124<>$A$15)),\n        IF(Import.TipoArredondamento<>\"TransfereGOV\",\n              ROUND(OFFSET($P124,0,AK$13),15-13*ORÇAMENTO!$AF$7)/$H124*OFFSET(ORÇAMENTO!$X$15,ROW(AK124)-ROW(AK$15),0),\n              ROUND(ROUND(OFFSET($P124,0,AK$13),15-13*ORÇAMENTO!$AF$7)*OFFSET(ORÇAMENTO!$W$15,ROW(AK124)-ROW(AK$15),0),15-13*ORÇAMENTO!$AF$11)),\n         0)","v":0},null,{"$f":"IF(OR($D124<>\"Serviço\",AND(AUTOEVENTO=\"Manual\",$M124=$A$15)),0,\n         IF(OFFSET(CRONOPLE!$F$15,$M124-$A$15,AM$13)=0,10^12,OFFSET(CRONOPLE!$F$15,$M124-$A$15,AM$13)))","v":4},{"$f":"IF(OR($D124<>\"Serviço\",AND(AUTOEVENTO=\"Manual\",$M124=$A$15)),0,\n         IF(OFFSET(CRONOPLE!$F$15,$M124-$A$15,AN$13)=0,10^12,OFFSET(CRONOPLE!$F$15,$M124-$A$15,AN$13)))","v":5},{"$f":"IF(OR($D124<>\"Serviço\",AND(AUTOEVENTO=\"Manual\",$M124=$A$15)),0,\n         IF(OFFSET(CRONOPLE!$F$15,$M124-$A$15,AO$13)=0,10^12,OFFSET(CRONOPLE!$F$15,$M124-$A$15,AO$13)))","v":1000000000000},{"$f":"IF(OR($D124<>\"Serviço\",AND(AUTOEVENTO=\"Manual\",$M124=$A$15)),0,\n         IF(OFFSET(CRONOPLE!$F$15,$M124-$A$15,AP$13)=0,10^12,OFFSET(CRONOPLE!$F$15,$M124-$A$15,AP$13)))","v":1000000000000},{"$f":"IF(OR($D124<>\"Serviço\",AND(AUTOEVENTO=\"Manual\",$M124=$A$15)),0,\n         IF(OFFSET(CRONOPLE!$F$15,$M124-$A$15,AQ$13)=0,10^12,OFFSET(CRONOPLE!$F$15,$M124-$A$15,AQ$13)))","v":1000000000000},{"$f":"IF(OR($D124<>\"Serviço\",AND(AUTOEVENTO=\"Manual\",$M124=$A$15)),0,\n         IF(OFFSET(CRONOPLE!$F$15,$M124-$A$15,AR$13)=0,10^12,OFFSET(CRONOPLE!$F$15,$M124-$A$15,AR$13)))","v":1000000000000},{"$f":"IF(OR($D124<>\"Serviço\",AND(AUTOEVENTO=\"Manual\",$M124=$A$15)),0,\n         IF(OFFSET(CRONOPLE!$F$15,$M124-$A$15,AS$13)=0,10^12,OFFSET(CRONOPLE!$F$15,$M124-$A$15,AS$13)))","v":1000000000000},{"$f":"IF(OR($D124<>\"Serviço\",AND(AUTOEVENTO=\"Manual\",$M124=$A$15)),0,\n         IF(OFFSET(CRONOPLE!$F$15,$M124-$A$15,AT$13)=0,10^12,OFFSET(CRONOPLE!$F$15,$M124-$A$15,AT$13)))","v":1000000000000},{"$f":"IF(OR($D124<>\"Serviço\",AND(AUTOEVENTO=\"Manual\",$M124=$A$15)),0,\n         IF(OFFSET(CRONOPLE!$F$15,$M124-$A$15,AU$13)=0,10^12,OFFSET(CRONOPLE!$F$15,$M124-$A$15,AU$13)))","v":1000000000000},{"$f":"IF(OR($D124<>\"Serviço\",AND(AUTOEVENTO=\"Manual\",$M124=$A$15)),0,\n         IF(OFFSET(CRONOPLE!$F$15,$M124-$A$15,AV$13)=0,10^12,OFFSET(CRONOPLE!$F$15,$M124-$A$15,AV$13)))","v":1000000000000},null,{"$f":"IF(OR($D124<>\"Serviço\",AND(AUTOEVENTO=\"Manual\",$M124=$A$15),$M124>(ROW(PLE.lastrow)-ROW(PLE.firstrow))),0,\n           IF(OFFSET(PLE!$G$15,$M124-$A$15,AX$13)=\"\",10^12,OFFSET(PLE!$G$15,$M124-$A$15,AX$13)))","v":1000000000000},{"$f":"IF(OR($D124<>\"Serviço\",AND(AUTOEVENTO=\"Manual\",$M124=$A$15),$M124>(ROW(PLE.lastrow)-ROW(PLE.firstrow))),0,\n           IF(OFFSET(PLE!$G$15,$M124-$A$15,AY$13)=\"\",10^12,OFFSET(PLE!$G$15,$M124-$A$15,AY$13)))","v":1000000000000},{"$f":"IF(OR($D124<>\"Serviço\",AND(AUTOEVENTO=\"Manual\",$M124=$A$15),$M124>(ROW(PLE.lastrow)-ROW(PLE.firstrow))),0,\n           IF(OFFSET(PLE!$G$15,$M124-$A$15,AZ$13)=\"\",10^12,OFFSET(PLE!$G$15,$M124-$A$15,AZ$13)))","v":1000000000000},{"$f":"IF(OR($D124<>\"Serviço\",AND(AUTOEVENTO=\"Manual\",$M124=$A$15),$M124>(ROW(PLE.lastrow)-ROW(PLE.firstrow))),0,\n           IF(OFFSET(PLE!$G$15,$M124-$A$15,BA$13)=\"\",10^12,OFFSET(PLE!$G$15,$M124-$A$15,BA$13)))","v":1000000000000},{"$f":"IF(OR($D124<>\"Serviço\",AND(AUTOEVENTO=\"Manual\",$M124=$A$15),$M124>(ROW(PLE.lastrow)-ROW(PLE.firstrow))),0,\n           IF(OFFSET(PLE!$G$15,$M124-$A$15,BB$13)=\"\",10^12,OFFSET(PLE!$G$15,$M124-$A$15,BB$13)))","v":1000000000000},{"$f":"IF(OR($D124<>\"Serviço\",AND(AUTOEVENTO=\"Manual\",$M124=$A$15),$M124>(ROW(PLE.lastrow)-ROW(PLE.firstrow))),0,\n           IF(OFFSET(PLE!$G$15,$M124-$A$15,BC$13)=\"\",10^12,OFFSET(PLE!$G$15,$M124-$A$15,BC$13)))","v":1000000000000},{"$f":"IF(OR($D124<>\"Serviço\",AND(AUTOEVENTO=\"Manual\",$M124=$A$15),$M124>(ROW(PLE.lastrow)-ROW(PLE.firstrow))),0,\n           IF(OFFSET(PLE!$G$15,$M124-$A$15,BD$13)=\"\",10^12,OFFSET(PLE!$G$15,$M124-$A$15,BD$13)))","v":1000000000000},{"$f":"IF(OR($D124<>\"Serviço\",AND(AUTOEVENTO=\"Manual\",$M124=$A$15),$M124>(ROW(PLE.lastrow)-ROW(PLE.firstrow))),0,\n           IF(OFFSET(PLE!$G$15,$M124-$A$15,BE$13)=\"\",10^12,OFFSET(PLE!$G$15,$M124-$A$15,BE$13)))","v":1000000000000},{"$f":"IF(OR($D124<>\"Serviço\",AND(AUTOEVENTO=\"Manual\",$M124=$A$15),$M124>(ROW(PLE.lastrow)-ROW(PLE.firstrow))),0,\n           IF(OFFSET(PLE!$G$15,$M124-$A$15,BF$13)=\"\",10^12,OFFSET(PLE!$G$15,$M124-$A$15,BF$13)))","v":1000000000000},{"$f":"IF(OR($D124<>\"Serviço\",AND(AUTOEVENTO=\"Manual\",$M124=$A$15),$M124>(ROW(PLE.lastrow)-ROW(PLE.firstrow))),0,\n           IF(OFFSET(PLE!$G$15,$M124-$A$15,BG$13)=\"\",10^12,OFFSET(PLE!$G$15,$M124-$A$15,BG$13)))","v":1000000000000}]
[0,{"$f":"OFFSET(ORÇAMENTO!C$15,$L125,0)","v":2},{"$f":"OFFSET(ORÇAMENTO!L$15,$L125,0)","v":"F"},{"$f":"OFFSET(ORÇAMENTO!N$15,$L125,0)","v":"Nível 2"},{"$f":"OFFSET(ORÇAMENTO!O$15,$L125,0)","v":"1.14."},{"$f":"OFFSET(ORÇAMENTO!R$15,$L125,0)","v":"SPDA"},{"$f":"IF($D125<>\"Serviço\",\"\",OFFSET(ORÇAMENTO!S$15,$L125,0))","v":""},{"$f":"IF($D125<>\"Serviço\",0,IF(ACOMPANHAMENTO=\"BM\",ROUND(OFFSET(ORÇAMENTO!AJ$15,$L125,0),15-13*ORÇAMENTO!$AF$7),IF(IFERROR(CÁLCULO.FrentesPreenchidas,0)=0,0,SUM(ROUND(OFFSET($P125,0,1,1,CÁLCULO.FrentesPreenchidas),15-13*ORÇAMENTO!$AF$7)))))","v":0},null,{"$f":"IF(OR(B125<>\"S\",CÁLCULO.FrentesPreenchidas=0),\"\",IF(AND(ACOMPANHAMENTO=\"PLE\",AUTOEVENTO=\"Manual\",OR(H125>0,ORÇAMENTO!AC125=\"QUANT.\"),OR(K125=\"\",M125=0,N125=\"\")),\"►E\",IF(AND(ACOMPANHAMENTO=\"PLE\",ORÇAMENTO!AC125=\"QUANT.\"),\"►Q\",IF(AND(ACOMPANHAMENTO=\"PLE\",H125<>SUMPRODUCT(($Q$1:$AA$1=1)*ROUND(Q125:AA125,15))),\"►S\",IF(AND(COUNTIF($P$11:$AA$11,\"▼\")=0,H125>0,I125=\"\"),\"◄M\",\"\")))))","v":""},null,110,{"$f":"IF($D125<>\"Serviço\",\"\",\n          IF(AUTOEVENTO=\"manual\",$A125,\n                IF(ISERROR(MATCH($A125,$A$15:OFFSET($A125,-1,0),0)),MAX($M$15:OFFSET(M125,-1,0))+1,\n                      INDEX($M$15:OFFSET(M125,-1,0),MATCH($A125,$A$15:OFFSET($A125,-1,0),0)))))","v":""},{"$f":"IF($D125<>\"Serviço\",\"\",\n         IF(AUTOEVENTO=\"Manual\",\n                IF($A125=0,\"<-- defina o número do agrupador\",\n                       OFFSET(EVENTOS!$D$15,$A125-$A$15,0)),\n                OFFSET($F$15,$A125,0)))","v":""},null,null,null,null,null,null,null,null,null,null,null,null,null,{"$f":"IF(AND($D125=\"Serviço\",AB$12<>0,$H125>0,OR(AUTOEVENTO<>\"manual\",$M125<>$A$15)),\n        IF(Import.TipoArredondamento<>\"TransfereGOV\",\n              ROUND(OFFSET($P125,0,AB$13),15-13*ORÇAMENTO!$AF$7)/$H125*OFFSET(ORÇAMENTO!$X$15,ROW(AB125)-ROW(AB$15),0),\n              ROUND(ROUND(OFFSET($P125,0,AB$13),15-13*ORÇAMENTO!$AF$7)*OFFSET(ORÇAMENTO!$W$15,ROW(AB125)-ROW(AB$15),0),15-13*ORÇAMENTO!$AF$11)),\n         0)","v":0},{"$f":"IF(AND($D125=\"Serviço\",AC$12<>0,$H125>0,OR(AUTOEVENTO<>\"manual\",$M125<>$A$15)),\n        IF(Import.TipoArredondamento<>\"TransfereGOV\",\n              ROUND(OFFSET($P125,0,AC$13),15-13*ORÇAMENTO!$AF$7)/$H125*OFFSET(ORÇAMENTO!$X$15,ROW(AC125)-ROW(AC$15),0),\n              ROUND(ROUND(OFFSET($P125,0,AC$13),15-13*ORÇAMENTO!$AF$7)*OFFSET(ORÇAMENTO!$W$15,ROW(AC125)-ROW(AC$15),0),15-13*ORÇAMENTO!$AF$11)),\n         0)","v":0},{"$f":"IF(AND($D125=\"Serviço\",AD$12<>0,$H125>0,OR(AUTOEVENTO<>\"manual\",$M125<>$A$15)),\n        IF(Import.TipoArredondamento<>\"TransfereGOV\",\n              ROUND(OFFSET($P125,0,AD$13),15-13*ORÇAMENTO!$AF$7)/$H125*OFFSET(ORÇAMENTO!$X$15,ROW(AD125)-ROW(AD$15),0),\n              ROUND(ROUND(OFFSET($P125,0,AD$13),15-13*ORÇAMENTO!$AF$7)*OFFSET(ORÇAMENTO!$W$15,ROW(AD125)-ROW(AD$15),0),15-13*ORÇAMENTO!$AF$11)),\n         0)","v":0},{"$f":"IF(AND($D125=\"Serviço\",AE$12<>0,$H125>0,OR(AUTOEVENTO<>\"manual\",$M125<>$A$15)),\n        IF(Import.TipoArredondamento<>\"TransfereGOV\",\n              ROUND(OFFSET($P125,0,AE$13),15-13*ORÇAMENTO!$AF$7)/$H125*OFFSET(ORÇAMENTO!$X$15,ROW(AE125)-ROW(AE$15),0),\n              ROUND(ROUND(OFFSET($P125,0,AE$13),15-13*ORÇAMENTO!$AF$7)*OFFSET(ORÇAMENTO!$W$15,ROW(AE125)-ROW(AE$15),0),15-13*ORÇAMENTO!$AF$11)),\n         0)","v":0},{"$f":"IF(AND($D125=\"Serviço\",AF$12<>0,$H125>0,OR(AUTOEVENTO<>\"manual\",$M125<>$A$15)),\n        IF(Import.TipoArredondamento<>\"TransfereGOV\",\n              ROUND(OFFSET($P125,0,AF$13),15-13*ORÇAMENTO!$AF$7)/$H125*OFFSET(ORÇAMENTO!$X$15,ROW(AF125)-ROW(AF$15),0),\n              ROUND(ROUND(OFFSET($P125,0,AF$13),15-13*ORÇAMENTO!$AF$7)*OFFSET(ORÇAMENTO!$W$15,ROW(AF125)-ROW(AF$15),0),15-13*ORÇAMENTO!$AF$11)),\n         0)","v":0},{"$f":"IF(AND($D125=\"Serviço\",AG$12<>0,$H125>0,OR(AUTOEVENTO<>\"manual\",$M125<>$A$15)),\n        IF(Import.TipoArredondamento<>\"TransfereGOV\",\n              ROUND(OFFSET($P125,0,AG$13),15-13*ORÇAMENTO!$AF$7)/$H125*OFFSET(ORÇAMENTO!$X$15,ROW(AG125)-ROW(AG$15),0),\n              ROUND(ROUND(OFFSET($P125,0,AG$13),15-13*ORÇAMENTO!$AF$7)*OFFSET(ORÇAMENTO!$W$15,ROW(AG125)-ROW(AG$15),0),15-13*ORÇAMENTO!$AF$11)),\n         0)","v":0},{"$f":"IF(AND($D125=\"Serviço\",AH$12<>0,$H125>0,OR(AUTOEVENTO<>\"manual\",$M125<>$A$15)),\n        IF(Import.TipoArredondamento<>\"TransfereGOV\",\n              ROUND(OFFSET($P125,0,AH$13),15-13*ORÇAMENTO!$AF$7)/$H125*OFFSET(ORÇAMENTO!$X$15,ROW(AH125)-ROW(AH$15),0),\n              ROUND(ROUND(OFFSET($P125,0,AH$13),15-13*ORÇAMENTO!$AF$7)*OFFSET(ORÇAMENTO!$W$15,ROW(AH125)-ROW(AH$15),0),15-13*ORÇAMENTO!$AF$11)),\n         0)","v":0},{"$f":"IF(AND($D125=\"Serviço\",AI$12<>0,$H125>0,OR(AUTOEVENTO<>\"manual\",$M125<>$A$15)),\n        IF(Import.TipoArredondamento<>\"TransfereGOV\",\n              ROUND(OFFSET($P125,0,AI$13),15-13*ORÇAMENTO!$AF$7)/$H125*OFFSET(ORÇAMENTO!$X$15,ROW(AI125)-ROW(AI$15),0),\n              ROUND(ROUND(OFFSET($P125,0,AI$13),15-13*ORÇAMENTO!$AF$7)*OFFSET(ORÇAMENTO!$W$15,ROW(AI125)-ROW(AI$15),0),15-13*ORÇAMENTO!$AF$11)),\n         0)","v":0},{"$f":"IF(AND($D125=\"Serviço\",AJ$12<>0,$H125>0,OR(AUTOEVENTO<>\"manual\",$M125<>$A$15)),\n        IF(Import.TipoArredondamento<>\"TransfereGOV\",\n              ROUND(OFFSET($P125,0,AJ$13),15-13*ORÇAMENTO!$AF$7)/$H125*OFFSET(ORÇAMENTO!$X$15,ROW(AJ125)-ROW(AJ$15),0),\n              ROUND(ROUND(OFFSET($P125,0,AJ$13),15-13*ORÇAMENTO!$AF$7)*OFFSET(ORÇAMENTO!$W$15,ROW(AJ125)-ROW(AJ$15),0),15-13*ORÇAMENTO!$AF$11)),\n         0)","v":0},{"$f":"IF(AND($D125=\"Serviço\",AK$12<>0,$H125>0,OR(AUTOEVENTO<>\"manual\",$M125<>$A$15)),\n        IF(Import.TipoArredondamento<>\"TransfereGOV\",\n              ROUND(OFFSET($P125,0,AK$13),15-13*ORÇAMENTO!$AF$7)/$H125*OFFSET(ORÇAMENTO!$X$15,ROW(AK125)-ROW(AK$15),0),\n              ROUND(ROUND(OFFSET($P125,0,AK$13),15-13*ORÇAMENTO!$AF$7)*OFFSET(ORÇAMENTO!$W$15,ROW(AK125)-ROW(AK$15),0),15-13*ORÇAMENTO!$AF$11)),\n         0)","v":0},null,{"$f":"IF(OR($D125<>\"Serviço\",AND(AUTOEVENTO=\"Manual\",$M125=$A$15)),0,\n         IF(OFFSET(CRONOPLE!$F$15,$M125-$A$15,AM$13)=0,10^12,OFFSET(CRONOPLE!$F$15,$M125-$A$15,AM$13)))","v":0},{"$f":"IF(OR($D125<>\"Serviço\",AND(AUTOEVENTO=\"Manual\",$M125=$A$15)),0,\n         IF(OFFSET(CRONOPLE!$F$15,$M125-$A$15,AN$13)=0,10^12,OFFSET(CRONOPLE!$F$15,$M125-$A$15,AN$13)))","v":0},{"$f":"IF(OR($D125<>\"Serviço\",AND(AUTOEVENTO=\"Manual\",$M125=$A$15)),0,\n         IF(OFFSET(CRONOPLE!$F$15,$M125-$A$15,AO$13)=0,10^12,OFFSET(CRONOPLE!$F$15,$M125-$A$15,AO$13)))","v":0},{"$f":"IF(OR($D125<>\"Serviço\",AND(AUTOEVENTO=\"Manual\",$M125=$A$15)),0,\n         IF(OFFSET(CRONOPLE!$F$15,$M125-$A$15,AP$13)=0,10^12,OFFSET(CRONOPLE!$F$15,$M125-$A$15,AP$13)))","v":0},{"$f":"IF(OR($D125<>\"Serviço\",AND(AUTOEVENTO=\"Manual\",$M125=$A$15)),0,\n         IF(OFFSET(CRONOPLE!$F$15,$M125-$A$15,AQ$13)=0,10^12,OFFSET(CRONOPLE!$F$15,$M125-$A$15,AQ$13)))","v":0},{"$f":"IF(OR($D125<>\"Serviço\",AND(AUTOEVENTO=\"Manual\",$M125=$A$15)),0,\n         IF(OFFSET(CRONOPLE!$F$15,$M125-$A$15,AR$13)=0,10^12,OFFSET(CRONOPLE!$F$15,$M125-$A$15,AR$13)))","v":0},{"$f":"IF(OR($D125<>\"Serviço\",AND(AUTOEVENTO=\"Manual\",$M125=$A$15)),0,\n         IF(OFFSET(CRONOPLE!$F$15,$M125-$A$15,AS$13)=0,10^12,OFFSET(CRONOPLE!$F$15,$M125-$A$15,AS$13)))","v":0},{"$f":"IF(OR($D125<>\"Serviço\",AND(AUTOEVENTO=\"Manual\",$M125=$A$15)),0,\n         IF(OFFSET(CRONOPLE!$F$15,$M125-$A$15,AT$13)=0,10^12,OFFSET(CRONOPLE!$F$15,$M125-$A$15,AT$13)))","v":0},{"$f":"IF(OR($D125<>\"Serviço\",AND(AUTOEVENTO=\"Manual\",$M125=$A$15)),0,\n         IF(OFFSET(CRONOPLE!$F$15,$M125-$A$15,AU$13)=0,10^12,OFFSET(CRONOPLE!$F$15,$M125-$A$15,AU$13)))","v":0},{"$f":"IF(OR($D125<>\"Serviço\",AND(AUTOEVENTO=\"Manual\",$M125=$A$15)),0,\n         IF(OFFSET(CRONOPLE!$F$15,$M125-$A$15,AV$13)=0,10^12,OFFSET(CRONOPLE!$F$15,$M125-$A$15,AV$13)))","v":0},null,{"$f":"IF(OR($D125<>\"Serviço\",AND(AUTOEVENTO=\"Manual\",$M125=$A$15),$M125>(ROW(PLE.lastrow)-ROW(PLE.firstrow))),0,\n           IF(OFFSET(PLE!$G$15,$M125-$A$15,AX$13)=\"\",10^12,OFFSET(PLE!$G$15,$M125-$A$15,AX$13)))","v":0},{"$f":"IF(OR($D125<>\"Serviço\",AND(AUTOEVENTO=\"Manual\",$M125=$A$15),$M125>(ROW(PLE.lastrow)-ROW(PLE.firstrow))),0,\n           IF(OFFSET(PLE!$G$15,$M125-$A$15,AY$13)=\"\",10^12,OFFSET(PLE!$G$15,$M125-$A$15,AY$13)))","v":0},{"$f":"IF(OR($D125<>\"Serviço\",AND(AUTOEVENTO=\"Manual\",$M125=$A$15),$M125>(ROW(PLE.lastrow)-ROW(PLE.firstrow))),0,\n           IF(OFFSET(PLE!$G$15,$M125-$A$15,AZ$13)=\"\",10^12,OFFSET(PLE!$G$15,$M125-$A$15,AZ$13)))","v":0},{"$f":"IF(OR($D125<>\"Serviço\",AND(AUTOEVENTO=\"Manual\",$M125=$A$15),$M125>(ROW(PLE.lastrow)-ROW(PLE.firstrow))),0,\n           IF(OFFSET(PLE!$G$15,$M125-$A$15,BA$13)=\"\",10^12,OFFSET(PLE!$G$15,$M125-$A$15,BA$13)))","v":0},{"$f":"IF(OR($D125<>\"Serviço\",AND(AUTOEVENTO=\"Manual\",$M125=$A$15),$M125>(ROW(PLE.lastrow)-ROW(PLE.firstrow))),0,\n           IF(OFFSET(PLE!$G$15,$M125-$A$15,BB$13)=\"\",10^12,OFFSET(PLE!$G$15,$M125-$A$15,BB$13)))","v":0},{"$f":"IF(OR($D125<>\"Serviço\",AND(AUTOEVENTO=\"Manual\",$M125=$A$15),$M125>(ROW(PLE.lastrow)-ROW(PLE.firstrow))),0,\n           IF(OFFSET(PLE!$G$15,$M125-$A$15,BC$13)=\"\",10^12,OFFSET(PLE!$G$15,$M125-$A$15,BC$13)))","v":0},{"$f":"IF(OR($D125<>\"Serviço\",AND(AUTOEVENTO=\"Manual\",$M125=$A$15),$M125>(ROW(PLE.lastrow)-ROW(PLE.firstrow))),0,\n           IF(OFFSET(PLE!$G$15,$M125-$A$15,BD$13)=\"\",10^12,OFFSET(PLE!$G$15,$M125-$A$15,BD$13)))","v":0},{"$f":"IF(OR($D125<>\"Serviço\",AND(AUTOEVENTO=\"Manual\",$M125=$A$15),$M125>(ROW(PLE.lastrow)-ROW(PLE.firstrow))),0,\n           IF(OFFSET(PLE!$G$15,$M125-$A$15,BE$13)=\"\",10^12,OFFSET(PLE!$G$15,$M125-$A$15,BE$13)))","v":0},{"$f":"IF(OR($D125<>\"Serviço\",AND(AUTOEVENTO=\"Manual\",$M125=$A$15),$M125>(ROW(PLE.lastrow)-ROW(PLE.firstrow))),0,\n           IF(OFFSET(PLE!$G$15,$M125-$A$15,BF$13)=\"\",10^12,OFFSET(PLE!$G$15,$M125-$A$15,BF$13)))","v":0},{"$f":"IF(OR($D125<>\"Serviço\",AND(AUTOEVENTO=\"Manual\",$M125=$A$15),$M125>(ROW(PLE.lastrow)-ROW(PLE.firstrow))),0,\n           IF(OFFSET(PLE!$G$15,$M125-$A$15,BG$13)=\"\",10^12,OFFSET(PLE!$G$15,$M125-$A$15,BG$13)))","v":0}]
[19,{"$f":"OFFSET(ORÇAMENTO!C$15,$L126,0)","v":"S"},{"$f":"OFFSET(ORÇAMENTO!L$15,$L126,0)","v":"F"},{"$f":"OFFSET(ORÇAMENTO!N$15,$L126,0)","v":"Serviço"},{"$f":"OFFSET(ORÇAMENTO!O$15,$L126,0)","v":"1.14.1."},{"$f":"OFFSET(ORÇAMENTO!R$15,$L126,0)","v":"CORDOALHA DE COBRE NU 35 MM², NÃO ENTERRADA, COM ISOLADOR - FORNECIMENTO E INSTALAÇÃO. AF_08/2023"},{"$f":"IF($D126<>\"Serviço\",\"\",OFFSET(ORÇAMENTO!S$15,$L126,0))","v":"M"},{"$f":"IF($D126<>\"Serviço\",0,IF(ACOMPANHAMENTO=\"BM\",ROUND(OFFSET(ORÇAMENTO!AJ$15,$L126,0),15-13*ORÇAMENTO!$AF$7),IF(IFERROR(CÁLCULO.FrentesPreenchidas,0)=0,0,SUM(ROUND(OFFSET($P126,0,1,1,CÁLCULO.FrentesPreenchidas),15-13*ORÇAMENTO!$AF$7)))))","v":30},"CONFORME TABELA DE QUANTITATIVOS SPDA",{"$f":"IF(OR(B126<>\"S\",CÁLCULO.FrentesPreenchidas=0),\"\",IF(AND(ACOMPANHAMENTO=\"PLE\",AUTOEVENTO=\"Manual\",OR(H126>0,ORÇAMENTO!AC126=\"QUANT.\"),OR(K126=\"\",M126=0,N126=\"\")),\"►E\",IF(AND(ACOMPANHAMENTO=\"PLE\",ORÇAMENTO!AC126=\"QUANT.\"),\"►Q\",IF(AND(ACOMPANHAMENTO=\"PLE\",H126<>SUMPRODUCT(($Q$1:$AA$1=1)*ROUND(Q126:AA126,15))),\"►S\",IF(AND(COUNTIF($P$11:$AA$11,\"▼\")=0,H126>0,I126=\"\"),\"◄M\",\"\")))))","v":""},"19.instalação do SPDA",111,{"$f":"IF($D126<>\"Serviço\",\"\",\n          IF(AUTOEVENTO=\"manual\",$A126,\n                IF(ISERROR(MATCH($A126,$A$15:OFFSET($A126,-1,0),0)),MAX($M$15:OFFSET(M126,-1,0))+1,\n                      INDEX($M$15:OFFSET(M126,-1,0),MATCH($A126,$A$15:OFFSET($A126,-1,0),0)))))","v":19},{"$f":"IF($D126<>\"Serviço\",\"\",\n         IF(AUTOEVENTO=\"Manual\",\n                IF($A126=0,\"<-- defina o número do agrupador\",\n                       OFFSET(EVENTOS!$D$15,$A126-$A$15,0)),\n                OFFSET($F$15,$A126,0)))","v":"Serviços finais"},null,null,null,30,null,null,null,null,null,null,null,null,null,{"$f":"IF(AND($D126=\"Serviço\",AB$12<>0,$H126>0,OR(AUTOEVENTO<>\"manual\",$M126<>$A$15)),\n        IF(Import.TipoArredondamento<>\"TransfereGOV\",\n              ROUND(OFFSET($P126,0,AB$13),15-13*ORÇAMENTO!$AF$7)/$H126*OFFSET(ORÇAMENTO!$X$15,ROW(AB126)-ROW(AB$15),0),\n              ROUND(ROUND(OFFSET($P126,0,AB$13),15-13*ORÇAMENTO!$AF$7)*OFFSET(ORÇAMENTO!$W$15,ROW(AB126)-ROW(AB$15),0),15-13*ORÇAMENTO!$AF$11)),\n         0)","v":0},{"$f":"IF(AND($D126=\"Serviço\",AC$12<>0,$H126>0,OR(AUTOEVENTO<>\"manual\",$M126<>$A$15)),\n        IF(Import.TipoArredondamento<>\"TransfereGOV\",\n              ROUND(OFFSET($P126,0,AC$13),15-13*ORÇAMENTO!$AF$7)/$H126*OFFSET(ORÇAMENTO!$X$15,ROW(AC126)-ROW(AC$15),0),\n              ROUND(ROUND(OFFSET($P126,0,AC$13),15-13*ORÇAMENTO!$AF$7)*OFFSET(ORÇAMENTO!$W$15,ROW(AC126)-ROW(AC$15),0),15-13*ORÇAMENTO!$AF$11)),\n         0)","v":0},{"$f":"IF(AND($D126=\"Serviço\",AD$12<>0,$H126>0,OR(AUTOEVENTO<>\"manual\",$M126<>$A$15)),\n        IF(Import.TipoArredondamento<>\"TransfereGOV\",\n              ROUND(OFFSET($P126,0,AD$13),15-13*ORÇAMENTO!$AF$7)/$H126*OFFSET(ORÇAMENTO!$X$15,ROW(AD126)-ROW(AD$15),0),\n              ROUND(ROUND(OFFSET($P126,0,AD$13),15-13*ORÇAMENTO!$AF$7)*OFFSET(ORÇAMENTO!$W$15,ROW(AD126)-ROW(AD$15),0),15-13*ORÇAMENTO!$AF$11)),\n         0)","v":0},{"$f":"IF(AND($D126=\"Serviço\",AE$12<>0,$H126>0,OR(AUTOEVENTO<>\"manual\",$M126<>$A$15)),\n        IF(Import.TipoArredondamento<>\"TransfereGOV\",\n              ROUND(OFFSET($P126,0,AE$13),15-13*ORÇAMENTO!$AF$7)/$H126*OFFSET(ORÇAMENTO!$X$15,ROW(AE126)-ROW(AE$15),0),\n              ROUND(ROUND(OFFSET($P126,0,AE$13),15-13*ORÇAMENTO!$AF$7)*OFFSET(ORÇAMENTO!$W$15,ROW(AE126)-ROW(AE$15),0),15-13*ORÇAMENTO!$AF$11)),\n         0)","v":0},{"$f":"IF(AND($D126=\"Serviço\",AF$12<>0,$H126>0,OR(AUTOEVENTO<>\"manual\",$M126<>$A$15)),\n        IF(Import.TipoArredondamento<>\"TransfereGOV\",\n              ROUND(OFFSET($P126,0,AF$13),15-13*ORÇAMENTO!$AF$7)/$H126*OFFSET(ORÇAMENTO!$X$15,ROW(AF126)-ROW(AF$15),0),\n              ROUND(ROUND(OFFSET($P126,0,AF$13),15-13*ORÇAMENTO!$AF$7)*OFFSET(ORÇAMENTO!$W$15,ROW(AF126)-ROW(AF$15),0),15-13*ORÇAMENTO!$AF$11)),\n         0)","v":0},{"$f":"IF(AND($D126=\"Serviço\",AG$12<>0,$H126>0,OR(AUTOEVENTO<>\"manual\",$M126<>$A$15)),\n        IF(Import.TipoArredondamento<>\"TransfereGOV\",\n              ROUND(OFFSET($P126,0,AG$13),15-13*ORÇAMENTO!$AF$7)/$H126*OFFSET(ORÇAMENTO!$X$15,ROW(AG126)-ROW(AG$15),0),\n              ROUND(ROUND(OFFSET($P126,0,AG$13),15-13*ORÇAMENTO!$AF$7)*OFFSET(ORÇAMENTO!$W$15,ROW(AG126)-ROW(AG$15),0),15-13*ORÇAMENTO!$AF$11)),\n         0)","v":0},{"$f":"IF(AND($D126=\"Serviço\",AH$12<>0,$H126>0,OR(AUTOEVENTO<>\"manual\",$M126<>$A$15)),\n        IF(Import.TipoArredondamento<>\"TransfereGOV\",\n              ROUND(OFFSET($P126,0,AH$13),15-13*ORÇAMENTO!$AF$7)/$H126*OFFSET(ORÇAMENTO!$X$15,ROW(AH126)-ROW(AH$15),0),\n              ROUND(ROUND(OFFSET($P126,0,AH$13),15-13*ORÇAMENTO!$AF$7)*OFFSET(ORÇAMENTO!$W$15,ROW(AH126)-ROW(AH$15),0),15-13*ORÇAMENTO!$AF$11)),\n         0)","v":0},{"$f":"IF(AND($D126=\"Serviço\",AI$12<>0,$H126>0,OR(AUTOEVENTO<>\"manual\",$M126<>$A$15)),\n        IF(Import.TipoArredondamento<>\"TransfereGOV\",\n              ROUND(OFFSET($P126,0,AI$13),15-13*ORÇAMENTO!$AF$7)/$H126*OFFSET(ORÇAMENTO!$X$15,ROW(AI126)-ROW(AI$15),0),\n              ROUND(ROUND(OFFSET($P126,0,AI$13),15-13*ORÇAMENTO!$AF$7)*OFFSET(ORÇAMENTO!$W$15,ROW(AI126)-ROW(AI$15),0),15-13*ORÇAMENTO!$AF$11)),\n         0)","v":0},{"$f":"IF(AND($D126=\"Serviço\",AJ$12<>0,$H126>0,OR(AUTOEVENTO<>\"manual\",$M126<>$A$15)),\n        IF(Import.TipoArredondamento<>\"TransfereGOV\",\n              ROUND(OFFSET($P126,0,AJ$13),15-13*ORÇAMENTO!$AF$7)/$H126*OFFSET(ORÇAMENTO!$X$15,ROW(AJ126)-ROW(AJ$15),0),\n              ROUND(ROUND(OFFSET($P126,0,AJ$13),15-13*ORÇAMENTO!$AF$7)*OFFSET(ORÇAMENTO!$W$15,ROW(AJ126)-ROW(AJ$15),0),15-13*ORÇAMENTO!$AF$11)),\n         0)","v":0},{"$f":"IF(AND($D126=\"Serviço\",AK$12<>0,$H126>0,OR(AUTOEVENTO<>\"manual\",$M126<>$A$15)),\n        IF(Import.TipoArredondamento<>\"TransfereGOV\",\n              ROUND(OFFSET($P126,0,AK$13),15-13*ORÇAMENTO!$AF$7)/$H126*OFFSET(ORÇAMENTO!$X$15,ROW(AK126)-ROW(AK$15),0),\n              ROUND(ROUND(OFFSET($P126,0,AK$13),15-13*ORÇAMENTO!$AF$7)*OFFSET(ORÇAMENTO!$W$15,ROW(AK126)-ROW(AK$15),0),15-13*ORÇAMENTO!$AF$11)),\n         0)","v":0},null,{"$f":"IF(OR($D126<>\"Serviço\",AND(AUTOEVENTO=\"Manual\",$M126=$A$15)),0,\n         IF(OFFSET(CRONOPLE!$F$15,$M126-$A$15,AM$13)=0,10^12,OFFSET(CRONOPLE!$F$15,$M126-$A$15,AM$13)))","v":1000000000000},{"$f":"IF(OR($D126<>\"Serviço\",AND(AUTOEVENTO=\"Manual\",$M126=$A$15)),0,\n         IF(OFFSET(CRONOPLE!$F$15,$M126-$A$15,AN$13)=0,10^12,OFFSET(CRONOPLE!$F$15,$M126-$A$15,AN$13)))","v":6},{"$f":"IF(OR($D126<>\"Serviço\",AND(AUTOEVENTO=\"Manual\",$M126=$A$15)),0,\n         IF(OFFSET(CRONOPLE!$F$15,$M126-$A$15,AO$13)=0,10^12,OFFSET(CRONOPLE!$F$15,$M126-$A$15,AO$13)))","v":1000000000000},{"$f":"IF(OR($D126<>\"Serviço\",AND(AUTOEVENTO=\"Manual\",$M126=$A$15)),0,\n         IF(OFFSET(CRONOPLE!$F$15,$M126-$A$15,AP$13)=0,10^12,OFFSET(CRONOPLE!$F$15,$M126-$A$15,AP$13)))","v":1000000000000},{"$f":"IF(OR($D126<>\"Serviço\",AND(AUTOEVENTO=\"Manual\",$M126=$A$15)),0,\n         IF(OFFSET(CRONOPLE!$F$15,$M126-$A$15,AQ$13)=0,10^12,OFFSET(CRONOPLE!$F$15,$M126-$A$15,AQ$13)))","v":1000000000000},{"$f":"IF(OR($D126<>\"Serviço\",AND(AUTOEVENTO=\"Manual\",$M126=$A$15)),0,\n         IF(OFFSET(CRONOPLE!$F$15,$M126-$A$15,AR$13)=0,10^12,OFFSET(CRONOPLE!$F$15,$M126-$A$15,AR$13)))","v":1000000000000},{"$f":"IF(OR($D126<>\"Serviço\",AND(AUTOEVENTO=\"Manual\",$M126=$A$15)),0,\n         IF(OFFSET(CRONOPLE!$F$15,$M126-$A$15,AS$13)=0,10^12,OFFSET(CRONOPLE!$F$15,$M126-$A$15,AS$13)))","v":1000000000000},{"$f":"IF(OR($D126<>\"Serviço\",AND(AUTOEVENTO=\"Manual\",$M126=$A$15)),0,\n         IF(OFFSET(CRONOPLE!$F$15,$M126-$A$15,AT$13)=0,10^12,OFFSET(CRONOPLE!$F$15,$M126-$A$15,AT$13)))","v":1000000000000},{"$f":"IF(OR($D126<>\"Serviço\",AND(AUTOEVENTO=\"Manual\",$M126=$A$15)),0,\n         IF(OFFSET(CRONOPLE!$F$15,$M126-$A$15,AU$13)=0,10^12,OFFSET(CRONOPLE!$F$15,$M126-$A$15,AU$13)))","v":1000000000000},{"$f":"IF(OR($D126<>\"Serviço\",AND(AUTOEVENTO=\"Manual\",$M126=$A$15)),0,\n         IF(OFFSET(CRONOPLE!$F$15,$M126-$A$15,AV$13)=0,10^12,OFFSET(CRONOPLE!$F$15,$M126-$A$15,AV$13)))","v":1000000000000},null,{"$f":"IF(OR($D126<>\"Serviço\",AND(AUTOEVENTO=\"Manual\",$M126=$A$15),$M126>(ROW(PLE.lastrow)-ROW(PLE.firstrow))),0,\n           IF(OFFSET(PLE!$G$15,$M126-$A$15,AX$13)=\"\",10^12,OFFSET(PLE!$G$15,$M126-$A$15,AX$13)))","v":1000000000000},{"$f":"IF(OR($D126<>\"Serviço\",AND(AUTOEVENTO=\"Manual\",$M126=$A$15),$M126>(ROW(PLE.lastrow)-ROW(PLE.firstrow))),0,\n           IF(OFFSET(PLE!$G$15,$M126-$A$15,AY$13)=\"\",10^12,OFFSET(PLE!$G$15,$M126-$A$15,AY$13)))","v":1000000000000},{"$f":"IF(OR($D126<>\"Serviço\",AND(AUTOEVENTO=\"Manual\",$M126=$A$15),$M126>(ROW(PLE.lastrow)-ROW(PLE.firstrow))),0,\n           IF(OFFSET(PLE!$G$15,$M126-$A$15,AZ$13)=\"\",10^12,OFFSET(PLE!$G$15,$M126-$A$15,AZ$13)))","v":1000000000000},{"$f":"IF(OR($D126<>\"Serviço\",AND(AUTOEVENTO=\"Manual\",$M126=$A$15),$M126>(ROW(PLE.lastrow)-ROW(PLE.firstrow))),0,\n           IF(OFFSET(PLE!$G$15,$M126-$A$15,BA$13)=\"\",10^12,OFFSET(PLE!$G$15,$M126-$A$15,BA$13)))","v":1000000000000},{"$f":"IF(OR($D126<>\"Serviço\",AND(AUTOEVENTO=\"Manual\",$M126=$A$15),$M126>(ROW(PLE.lastrow)-ROW(PLE.firstrow))),0,\n           IF(OFFSET(PLE!$G$15,$M126-$A$15,BB$13)=\"\",10^12,OFFSET(PLE!$G$15,$M126-$A$15,BB$13)))","v":1000000000000},{"$f":"IF(OR($D126<>\"Serviço\",AND(AUTOEVENTO=\"Manual\",$M126=$A$15),$M126>(ROW(PLE.lastrow)-ROW(PLE.firstrow))),0,\n           IF(OFFSET(PLE!$G$15,$M126-$A$15,BC$13)=\"\",10^12,OFFSET(PLE!$G$15,$M126-$A$15,BC$13)))","v":1000000000000},{"$f":"IF(OR($D126<>\"Serviço\",AND(AUTOEVENTO=\"Manual\",$M126=$A$15),$M126>(ROW(PLE.lastrow)-ROW(PLE.firstrow))),0,\n           IF(OFFSET(PLE!$G$15,$M126-$A$15,BD$13)=\"\",10^12,OFFSET(PLE!$G$15,$M126-$A$15,BD$13)))","v":1000000000000},{"$f":"IF(OR($D126<>\"Serviço\",AND(AUTOEVENTO=\"Manual\",$M126=$A$15),$M126>(ROW(PLE.lastrow)-ROW(PLE.firstrow))),0,\n           IF(OFFSET(PLE!$G$15,$M126-$A$15,BE$13)=\"\",10^12,OFFSET(PLE!$G$15,$M126-$A$15,BE$13)))","v":1000000000000},{"$f":"IF(OR($D126<>\"Serviço\",AND(AUTOEVENTO=\"Manual\",$M126=$A$15),$M126>(ROW(PLE.lastrow)-ROW(PLE.firstrow))),0,\n           IF(OFFSET(PLE!$G$15,$M126-$A$15,BF$13)=\"\",10^12,OFFSET(PLE!$G$15,$M126-$A$15,BF$13)))","v":1000000000000},{"$f":"IF(OR($D126<>\"Serviço\",AND(AUTOEVENTO=\"Manual\",$M126=$A$15),$M126>(ROW(PLE.lastrow)-ROW(PLE.firstrow))),0,\n           IF(OFFSET(PLE!$G$15,$M126-$A$15,BG$13)=\"\",10^12,OFFSET(PLE!$G$15,$M126-$A$15,BG$13)))","v":1000000000000}]
[19,{"$f":"OFFSET(ORÇAMENTO!C$15,$L127,0)","v":"S"},{"$f":"OFFSET(ORÇAMENTO!L$15,$L127,0)","v":"F"},{"$f":"OFFSET(ORÇAMENTO!N$15,$L127,0)","v":"Serviço"},{"$f":"OFFSET(ORÇAMENTO!O$15,$L127,0)","v":"1.14.2."},{"$f":"OFFSET(ORÇAMENTO!R$15,$L127,0)","v":"CORDOALHA DE COBRE NU 50 MM², ENTERRADA - FORNECIMENTO E INSTALAÇÃO. AF_08/2023"},{"$f":"IF($D127<>\"Serviço\",\"\",OFFSET(ORÇAMENTO!S$15,$L127,0))","v":"M"},{"$f":"IF($D127<>\"Serviço\",0,IF(ACOMPANHAMENTO=\"BM\",ROUND(OFFSET(ORÇAMENTO!AJ$15,$L127,0),15-13*ORÇAMENTO!$AF$7),IF(IFERROR(CÁLCULO.FrentesPreenchidas,0)=0,0,SUM(ROUND(OFFSET($P127,0,1,1,CÁLCULO.FrentesPreenchidas),15-13*ORÇAMENTO!$AF$7)))))","v":170},"CONFORME TABELA DE QUANTITATIVOS SPDA",{"$f":"IF(OR(B127<>\"S\",CÁLCULO.FrentesPreenchidas=0),\"\",IF(AND(ACOMPANHAMENTO=\"PLE\",AUTOEVENTO=\"Manual\",OR(H127>0,ORÇAMENTO!AC127=\"QUANT.\"),OR(K127=\"\",M127=0,N127=\"\")),\"►E\",IF(AND(ACOMPANHAMENTO=\"PLE\",ORÇAMENTO!AC127=\"QUANT.\"),\"►Q\",IF(AND(ACOMPANHAMENTO=\"PLE\",H127<>SUMPRODUCT(($Q$1:$AA$1=1)*ROUND(Q127:AA127,15))),\"►S\",IF(AND(COUNTIF($P$11:$AA$11,\"▼\")=0,H127>0,I127=\"\"),\"◄M\",\"\")))))","v":""},"19.instalação do SPDA",112,{"$f":"IF($D127<>\"Serviço\",\"\",\n          IF(AUTOEVENTO=\"manual\",$A127,\n                IF(ISERROR(MATCH($A127,$A$15:OFFSET($A127,-1,0),0)),MAX($M$15:OFFSET(M127,-1,0))+1,\n                      INDEX($M$15:OFFSET(M127,-1,0),MATCH($A127,$A$15:OFFSET($A127,-1,0),0)))))","v":19},{"$f":"IF($D127<>\"Serviço\",\"\",\n         IF(AUTOEVENTO=\"Manual\",\n                IF($A127=0,\"<-- defina o número do agrupador\",\n                       OFFSET(EVENTOS!$D$15,$A127-$A$15,0)),\n                OFFSET($F$15,$A127,0)))","v":"Serviços finais"},null,null,null,{"$f":"85*2","v":170},null,null,null,null,null,null,null,null,null,{"$f":"IF(AND($D127=\"Serviço\",AB$12<>0,$H127>0,OR(AUTOEVENTO<>\"manual\",$M127<>$A$15)),\n        IF(Import.TipoArredondamento<>\"TransfereGOV\",\n              ROUND(OFFSET($P127,0,AB$13),15-13*ORÇAMENTO!$AF$7)/$H127*OFFSET(ORÇAMENTO!$X$15,ROW(AB127)-ROW(AB$15),0),\n              ROUND(ROUND(OFFSET($P127,0,AB$13),15-13*ORÇAMENTO!$AF$7)*OFFSET(ORÇAMENTO!$W$15,ROW(AB127)-ROW(AB$15),0),15-13*ORÇAMENTO!$AF$11)),\n         0)","v":0},{"$f":"IF(AND($D127=\"Serviço\",AC$12<>0,$H127>0,OR(AUTOEVENTO<>\"manual\",$M127<>$A$15)),\n        IF(Import.TipoArredondamento<>\"TransfereGOV\",\n              ROUND(OFFSET($P127,0,AC$13),15-13*ORÇAMENTO!$AF$7)/$H127*OFFSET(ORÇAMENTO!$X$15,ROW(AC127)-ROW(AC$15),0),\n              ROUND(ROUND(OFFSET($P127,0,AC$13),15-13*ORÇAMENTO!$AF$7)*OFFSET(ORÇAMENTO!$W$15,ROW(AC127)-ROW(AC$15),0),15-13*ORÇAMENTO!$AF$11)),\n         0)","v":0},{"$f":"IF(AND($D127=\"Serviço\",AD$12<>0,$H127>0,OR(AUTOEVENTO<>\"manual\",$M127<>$A$15)),\n        IF(Import.TipoArredondamento<>\"TransfereGOV\",\n              ROUND(OFFSET($P127,0,AD$13),15-13*ORÇAMENTO!$AF$7)/$H127*OFFSET(ORÇAMENTO!$X$15,ROW(AD127)-ROW(AD$15),0),\n              ROUND(ROUND(OFFSET($P127,0,AD$13),15-13*ORÇAMENTO!$AF$7)*OFFSET(ORÇAMENTO!$W$15,ROW(AD127)-ROW(AD$15),0),15-13*ORÇAMENTO!$AF$11)),\n         0)","v":0},{"$f":"IF(AND($D127=\"Serviço\",AE$12<>0,$H127>0,OR(AUTOEVENTO<>\"manual\",$M127<>$A$15)),\n        IF(Import.TipoArredondamento<>\"TransfereGOV\",\n              ROUND(OFFSET($P127,0,AE$13),15-13*ORÇAMENTO!$AF$7)/$H127*OFFSET(ORÇAMENTO!$X$15,ROW(AE127)-ROW(AE$15),0),\n              ROUND(ROUND(OFFSET($P127,0,AE$13),15-13*ORÇAMENTO!$AF$7)*OFFSET(ORÇAMENTO!$W$15,ROW(AE127)-ROW(AE$15),0),15-13*ORÇAMENTO!$AF$11)),\n         0)","v":0},{"$f":"IF(AND($D127=\"Serviço\",AF$12<>0,$H127>0,OR(AUTOEVENTO<>\"manual\",$M127<>$A$15)),\n        IF(Import.TipoArredondamento<>\"TransfereGOV\",\n              ROUND(OFFSET($P127,0,AF$13),15-13*ORÇAMENTO!$AF$7)/$H127*OFFSET(ORÇAMENTO!$X$15,ROW(AF127)-ROW(AF$15),0),\n              ROUND(ROUND(OFFSET($P127,0,AF$13),15-13*ORÇAMENTO!$AF$7)*OFFSET(ORÇAMENTO!$W$15,ROW(AF127)-ROW(AF$15),0),15-13*ORÇAMENTO!$AF$11)),\n         0)","v":0},{"$f":"IF(AND($D127=\"Serviço\",AG$12<>0,$H127>0,OR(AUTOEVENTO<>\"manual\",$M127<>$A$15)),\n        IF(Import.TipoArredondamento<>\"TransfereGOV\",\n              ROUND(OFFSET($P127,0,AG$13),15-13*ORÇAMENTO!$AF$7)/$H127*OFFSET(ORÇAMENTO!$X$15,ROW(AG127)-ROW(AG$15),0),\n              ROUND(ROUND(OFFSET($P127,0,AG$13),15-13*ORÇAMENTO!$AF$7)*OFFSET(ORÇAMENTO!$W$15,ROW(AG127)-ROW(AG$15),0),15-13*ORÇAMENTO!$AF$11)),\n         0)","v":0},{"$f":"IF(AND($D127=\"Serviço\",AH$12<>0,$H127>0,OR(AUTOEVENTO<>\"manual\",$M127<>$A$15)),\n        IF(Import.TipoArredondamento<>\"TransfereGOV\",\n              ROUND(OFFSET($P127,0,AH$13),15-13*ORÇAMENTO!$AF$7)/$H127*OFFSET(ORÇAMENTO!$X$15,ROW(AH127)-ROW(AH$15),0),\n              ROUND(ROUND(OFFSET($P127,0,AH$13),15-13*ORÇAMENTO!$AF$7)*OFFSET(ORÇAMENTO!$W$15,ROW(AH127)-ROW(AH$15),0),15-13*ORÇAMENTO!$AF$11)),\n         0)","v":0},{"$f":"IF(AND($D127=\"Serviço\",AI$12<>0,$H127>0,OR(AUTOEVENTO<>\"manual\",$M127<>$A$15)),\n        IF(Import.TipoArredondamento<>\"TransfereGOV\",\n              ROUND(OFFSET($P127,0,AI$13),15-13*ORÇAMENTO!$AF$7)/$H127*OFFSET(ORÇAMENTO!$X$15,ROW(AI127)-ROW(AI$15),0),\n              ROUND(ROUND(OFFSET($P127,0,AI$13),15-13*ORÇAMENTO!$AF$7)*OFFSET(ORÇAMENTO!$W$15,ROW(AI127)-ROW(AI$15),0),15-13*ORÇAMENTO!$AF$11)),\n         0)","v":0},{"$f":"IF(AND($D127=\"Serviço\",AJ$12<>0,$H127>0,OR(AUTOEVENTO<>\"manual\",$M127<>$A$15)),\n        IF(Import.TipoArredondamento<>\"TransfereGOV\",\n              ROUND(OFFSET($P127,0,AJ$13),15-13*ORÇAMENTO!$AF$7)/$H127*OFFSET(ORÇAMENTO!$X$15,ROW(AJ127)-ROW(AJ$15),0),\n              ROUND(ROUND(OFFSET($P127,0,AJ$13),15-13*ORÇAMENTO!$AF$7)*OFFSET(ORÇAMENTO!$W$15,ROW(AJ127)-ROW(AJ$15),0),15-13*ORÇAMENTO!$AF$11)),\n         0)","v":0},{"$f":"IF(AND($D127=\"Serviço\",AK$12<>0,$H127>0,OR(AUTOEVENTO<>\"manual\",$M127<>$A$15)),\n        IF(Import.TipoArredondamento<>\"TransfereGOV\",\n              ROUND(OFFSET($P127,0,AK$13),15-13*ORÇAMENTO!$AF$7)/$H127*OFFSET(ORÇAMENTO!$X$15,ROW(AK127)-ROW(AK$15),0),\n              ROUND(ROUND(OFFSET($P127,0,AK$13),15-13*ORÇAMENTO!$AF$7)*OFFSET(ORÇAMENTO!$W$15,ROW(AK127)-ROW(AK$15),0),15-13*ORÇAMENTO!$AF$11)),\n         0)","v":0},null,{"$f":"IF(OR($D127<>\"Serviço\",AND(AUTOEVENTO=\"Manual\",$M127=$A$15)),0,\n         IF(OFFSET(CRONOPLE!$F$15,$M127-$A$15,AM$13)=0,10^12,OFFSET(CRONOPLE!$F$15,$M127-$A$15,AM$13)))","v":1000000000000},{"$f":"IF(OR($D127<>\"Serviço\",AND(AUTOEVENTO=\"Manual\",$M127=$A$15)),0,\n         IF(OFFSET(CRONOPLE!$F$15,$M127-$A$15,AN$13)=0,10^12,OFFSET(CRONOPLE!$F$15,$M127-$A$15,AN$13)))","v":6},{"$f":"IF(OR($D127<>\"Serviço\",AND(AUTOEVENTO=\"Manual\",$M127=$A$15)),0,\n         IF(OFFSET(CRONOPLE!$F$15,$M127-$A$15,AO$13)=0,10^12,OFFSET(CRONOPLE!$F$15,$M127-$A$15,AO$13)))","v":1000000000000},{"$f":"IF(OR($D127<>\"Serviço\",AND(AUTOEVENTO=\"Manual\",$M127=$A$15)),0,\n         IF(OFFSET(CRONOPLE!$F$15,$M127-$A$15,AP$13)=0,10^12,OFFSET(CRONOPLE!$F$15,$M127-$A$15,AP$13)))","v":1000000000000},{"$f":"IF(OR($D127<>\"Serviço\",AND(AUTOEVENTO=\"Manual\",$M127=$A$15)),0,\n         IF(OFFSET(CRONOPLE!$F$15,$M127-$A$15,AQ$13)=0,10^12,OFFSET(CRONOPLE!$F$15,$M127-$A$15,AQ$13)))","v":1000000000000},{"$f":"IF(OR($D127<>\"Serviço\",AND(AUTOEVENTO=\"Manual\",$M127=$A$15)),0,\n         IF(OFFSET(CRONOPLE!$F$15,$M127-$A$15,AR$13)=0,10^12,OFFSET(CRONOPLE!$F$15,$M127-$A$15,AR$13)))","v":1000000000000},{"$f":"IF(OR($D127<>\"Serviço\",AND(AUTOEVENTO=\"Manual\",$M127=$A$15)),0,\n         IF(OFFSET(CRONOPLE!$F$15,$M127-$A$15,AS$13)=0,10^12,OFFSET(CRONOPLE!$F$15,$M127-$A$15,AS$13)))","v":1000000000000},{"$f":"IF(OR($D127<>\"Serviço\",AND(AUTOEVENTO=\"Manual\",$M127=$A$15)),0,\n         IF(OFFSET(CRONOPLE!$F$15,$M127-$A$15,AT$13)=0,10^12,OFFSET(CRONOPLE!$F$15,$M127-$A$15,AT$13)))","v":1000000000000},{"$f":"IF(OR($D127<>\"Serviço\",AND(AUTOEVENTO=\"Manual\",$M127=$A$15)),0,\n         IF(OFFSET(CRONOPLE!$F$15,$M127-$A$15,AU$13)=0,10^12,OFFSET(CRONOPLE!$F$15,$M127-$A$15,AU$13)))","v":1000000000000},{"$f":"IF(OR($D127<>\"Serviço\",AND(AUTOEVENTO=\"Manual\",$M127=$A$15)),0,\n         IF(OFFSET(CRONOPLE!$F$15,$M127-$A$15,AV$13)=0,10^12,OFFSET(CRONOPLE!$F$15,$M127-$A$15,AV$13)))","v":1000000000000},null,{"$f":"IF(OR($D127<>\"Serviço\",AND(AUTOEVENTO=\"Manual\",$M127=$A$15),$M127>(ROW(PLE.lastrow)-ROW(PLE.firstrow))),0,\n           IF(OFFSET(PLE!$G$15,$M127-$A$15,AX$13)=\"\",10^12,OFFSET(PLE!$G$15,$M127-$A$15,AX$13)))","v":1000000000000},{"$f":"IF(OR($D127<>\"Serviço\",AND(AUTOEVENTO=\"Manual\",$M127=$A$15),$M127>(ROW(PLE.lastrow)-ROW(PLE.firstrow))),0,\n           IF(OFFSET(PLE!$G$15,$M127-$A$15,AY$13)=\"\",10^12,OFFSET(PLE!$G$15,$M127-$A$15,AY$13)))","v":1000000000000},{"$f":"IF(OR($D127<>\"Serviço\",AND(AUTOEVENTO=\"Manual\",$M127=$A$15),$M127>(ROW(PLE.lastrow)-ROW(PLE.firstrow))),0,\n           IF(OFFSET(PLE!$G$15,$M127-$A$15,AZ$13)=\"\",10^12,OFFSET(PLE!$G$15,$M127-$A$15,AZ$13)))","v":1000000000000},{"$f":"IF(OR($D127<>\"Serviço\",AND(AUTOEVENTO=\"Manual\",$M127=$A$15),$M127>(ROW(PLE.lastrow)-ROW(PLE.firstrow))),0,\n           IF(OFFSET(PLE!$G$15,$M127-$A$15,BA$13)=\"\",10^12,OFFSET(PLE!$G$15,$M127-$A$15,BA$13)))","v":1000000000000},{"$f":"IF(OR($D127<>\"Serviço\",AND(AUTOEVENTO=\"Manual\",$M127=$A$15),$M127>(ROW(PLE.lastrow)-ROW(PLE.firstrow))),0,\n           IF(OFFSET(PLE!$G$15,$M127-$A$15,BB$13)=\"\",10^12,OFFSET(PLE!$G$15,$M127-$A$15,BB$13)))","v":1000000000000},{"$f":"IF(OR($D127<>\"Serviço\",AND(AUTOEVENTO=\"Manual\",$M127=$A$15),$M127>(ROW(PLE.lastrow)-ROW(PLE.firstrow))),0,\n           IF(OFFSET(PLE!$G$15,$M127-$A$15,BC$13)=\"\",10^12,OFFSET(PLE!$G$15,$M127-$A$15,BC$13)))","v":1000000000000},{"$f":"IF(OR($D127<>\"Serviço\",AND(AUTOEVENTO=\"Manual\",$M127=$A$15),$M127>(ROW(PLE.lastrow)-ROW(PLE.firstrow))),0,\n           IF(OFFSET(PLE!$G$15,$M127-$A$15,BD$13)=\"\",10^12,OFFSET(PLE!$G$15,$M127-$A$15,BD$13)))","v":1000000000000},{"$f":"IF(OR($D127<>\"Serviço\",AND(AUTOEVENTO=\"Manual\",$M127=$A$15),$M127>(ROW(PLE.lastrow)-ROW(PLE.firstrow))),0,\n           IF(OFFSET(PLE!$G$15,$M127-$A$15,BE$13)=\"\",10^12,OFFSET(PLE!$G$15,$M127-$A$15,BE$13)))","v":1000000000000},{"$f":"IF(OR($D127<>\"Serviço\",AND(AUTOEVENTO=\"Manual\",$M127=$A$15),$M127>(ROW(PLE.lastrow)-ROW(PLE.firstrow))),0,\n           IF(OFFSET(PLE!$G$15,$M127-$A$15,BF$13)=\"\",10^12,OFFSET(PLE!$G$15,$M127-$A$15,BF$13)))","v":1000000000000},{"$f":"IF(OR($D127<>\"Serviço\",AND(AUTOEVENTO=\"Manual\",$M127=$A$15),$M127>(ROW(PLE.lastrow)-ROW(PLE.firstrow))),0,\n           IF(OFFSET(PLE!$G$15,$M127-$A$15,BG$13)=\"\",10^12,OFFSET(PLE!$G$15,$M127-$A$15,BG$13)))","v":1000000000000}]
[19,{"$f":"OFFSET(ORÇAMENTO!C$15,$L128,0)","v":"S"},{"$f":"OFFSET(ORÇAMENTO!L$15,$L128,0)","v":"F"},{"$f":"OFFSET(ORÇAMENTO!N$15,$L128,0)","v":"Serviço"},{"$f":"OFFSET(ORÇAMENTO!O$15,$L128,0)","v":"1.14.3."},{"$f":"OFFSET(ORÇAMENTO!R$15,$L128,0)","v":"CAIXA DE INSPEÇÃO PARA ATERRAMENTO, CIRCULAR, EM POLIETILENO, DIÂMETRO INTERNO = 0,3 M. AF_12/2020"},{"$f":"IF($D128<>\"Serviço\",\"\",OFFSET(ORÇAMENTO!S$15,$L128,0))","v":"UN"},{"$f":"IF($D128<>\"Serviço\",0,IF(ACOMPANHAMENTO=\"BM\",ROUND(OFFSET(ORÇAMENTO!AJ$15,$L128,0),15-13*ORÇAMENTO!$AF$7),IF(IFERROR(CÁLCULO.FrentesPreenchidas,0)=0,0,SUM(ROUND(OFFSET($P128,0,1,1,CÁLCULO.FrentesPreenchidas),15-13*ORÇAMENTO!$AF$7)))))","v":8},"CONFORME TABELA DE QUANTITATIVOS SPDA",{"$f":"IF(OR(B128<>\"S\",CÁLCULO.FrentesPreenchidas=0),\"\",IF(AND(ACOMPANHAMENTO=\"PLE\",AUTOEVENTO=\"Manual\",OR(H128>0,ORÇAMENTO!AC128=\"QUANT.\"),OR(K128=\"\",M128=0,N128=\"\")),\"►E\",IF(AND(ACOMPANHAMENTO=\"PLE\",ORÇAMENTO!AC128=\"QUANT.\"),\"►Q\",IF(AND(ACOMPANHAMENTO=\"PLE\",H128<>SUMPRODUCT(($Q$1:$AA$1=1)*ROUND(Q128:AA128,15))),\"►S\",IF(AND(COUNTIF($P$11:$AA$11,\"▼\")=0,H128>0,I128=\"\"),\"◄M\",\"\")))))","v":""},"19.instalação do SPDA",113,{"$f":"IF($D128<>\"Serviço\",\"\",\n          IF(AUTOEVENTO=\"manual\",$A128,\n                IF(ISERROR(MATCH($A128,$A$15:OFFSET($A128,-1,0),0)),MAX($M$15:OFFSET(M128,-1,0))+1,\n                      INDEX($M$15:OFFSET(M128,-1,0),MATCH($A128,$A$15:OFFSET($A128,-1,0),0)))))","v":19},{"$f":"IF($D128<>\"Serviço\",\"\",\n         IF(AUTOEVENTO=\"Manual\",\n                IF($A128=0,\"<-- defina o número do agrupador\",\n                       OFFSET(EVENTOS!$D$15,$A128-$A$15,0)),\n                OFFSET($F$15,$A128,0)))","v":"Serviços finais"},null,null,null,8,null,null,null,null,null,null,null,null,null,{"$f":"IF(AND($D128=\"Serviço\",AB$12<>0,$H128>0,OR(AUTOEVENTO<>\"manual\",$M128<>$A$15)),\n        IF(Import.TipoArredondamento<>\"TransfereGOV\",\n              ROUND(OFFSET($P128,0,AB$13),15-13*ORÇAMENTO!$AF$7)/$H128*OFFSET(ORÇAMENTO!$X$15,ROW(AB128)-ROW(AB$15),0),\n              ROUND(ROUND(OFFSET($P128,0,AB$13),15-13*ORÇAMENTO!$AF$7)*OFFSET(ORÇAMENTO!$W$15,ROW(AB128)-ROW(AB$15),0),15-13*ORÇAMENTO!$AF$11)),\n         0)","v":0},{"$f":"IF(AND($D128=\"Serviço\",AC$12<>0,$H128>0,OR(AUTOEVENTO<>\"manual\",$M128<>$A$15)),\n        IF(Import.TipoArredondamento<>\"TransfereGOV\",\n              ROUND(OFFSET($P128,0,AC$13),15-13*ORÇAMENTO!$AF$7)/$H128*OFFSET(ORÇAMENTO!$X$15,ROW(AC128)-ROW(AC$15),0),\n              ROUND(ROUND(OFFSET($P128,0,AC$13),15-13*ORÇAMENTO!$AF$7)*OFFSET(ORÇAMENTO!$W$15,ROW(AC128)-ROW(AC$15),0),15-13*ORÇAMENTO!$AF$11)),\n         0)","v":0},{"$f":"IF(AND($D128=\"Serviço\",AD$12<>0,$H128>0,OR(AUTOEVENTO<>\"manual\",$M128<>$A$15)),\n        IF(Import.TipoArredondamento<>\"TransfereGOV\",\n              ROUND(OFFSET($P128,0,AD$13),15-13*ORÇAMENTO!$AF$7)/$H128*OFFSET(ORÇAMENTO!$X$15,ROW(AD128)-ROW(AD$15),0),\n              ROUND(ROUND(OFFSET($P128,0,AD$13),15-13*ORÇAMENTO!$AF$7)*OFFSET(ORÇAMENTO!$W$15,ROW(AD128)-ROW(AD$15),0),15-13*ORÇAMENTO!$AF$11)),\n         0)","v":0},{"$f":"IF(AND($D128=\"Serviço\",AE$12<>0,$H128>0,OR(AUTOEVENTO<>\"manual\",$M128<>$A$15)),\n        IF(Import.TipoArredondamento<>\"TransfereGOV\",\n              ROUND(OFFSET($P128,0,AE$13),15-13*ORÇAMENTO!$AF$7)/$H128*OFFSET(ORÇAMENTO!$X$15,ROW(AE128)-ROW(AE$15),0),\n              ROUND(ROUND(OFFSET($P128,0,AE$13),15-13*ORÇAMENTO!$AF$7)*OFFSET(ORÇAMENTO!$W$15,ROW(AE128)-ROW(AE$15),0),15-13*ORÇAMENTO!$AF$11)),\n         0)","v":0},{"$f":"IF(AND($D128=\"Serviço\",AF$12<>0,$H128>0,OR(AUTOEVENTO<>\"manual\",$M128<>$A$15)),\n        IF(Import.TipoArredondamento<>\"TransfereGOV\",\n              ROUND(OFFSET($P128,0,AF$13),15-13*ORÇAMENTO!$AF$7)/$H128*OFFSET(ORÇAMENTO!$X$15,ROW(AF128)-ROW(AF$15),0),\n              ROUND(ROUND(OFFSET($P128,0,AF$13),15-13*ORÇAMENTO!$AF$7)*OFFSET(ORÇAMENTO!$W$15,ROW(AF128)-ROW(AF$15),0),15-13*ORÇAMENTO!$AF$11)),\n         0)","v":0},{"$f":"IF(AND($D128=\"Serviço\",AG$12<>0,$H128>0,OR(AUTOEVENTO<>\"manual\",$M128<>$A$15)),\n        IF(Import.TipoArredondamento<>\"TransfereGOV\",\n              ROUND(OFFSET($P128,0,AG$13),15-13*ORÇAMENTO!$AF$7)/$H128*OFFSET(ORÇAMENTO!$X$15,ROW(AG128)-ROW(AG$15),0),\n              ROUND(ROUND(OFFSET($P128,0,AG$13),15-13*ORÇAMENTO!$AF$7)*OFFSET(ORÇAMENTO!$W$15,ROW(AG128)-ROW(AG$15),0),15-13*ORÇAMENTO!$AF$11)),\n         0)","v":0},{"$f":"IF(AND($D128=\"Serviço\",AH$12<>0,$H128>0,OR(AUTOEVENTO<>\"manual\",$M128<>$A$15)),\n        IF(Import.TipoArredondamento<>\"TransfereGOV\",\n              ROUND(OFFSET($P128,0,AH$13),15-13*ORÇAMENTO!$AF$7)/$H128*OFFSET(ORÇAMENTO!$X$15,ROW(AH128)-ROW(AH$15),0),\n              ROUND(ROUND(OFFSET($P128,0,AH$13),15-13*ORÇAMENTO!$AF$7)*OFFSET(ORÇAMENTO!$W$15,ROW(AH128)-ROW(AH$15),0),15-13*ORÇAMENTO!$AF$11)),\n         0)","v":0},{"$f":"IF(AND($D128=\"Serviço\",AI$12<>0,$H128>0,OR(AUTOEVENTO<>\"manual\",$M128<>$A$15)),\n        IF(Import.TipoArredondamento<>\"TransfereGOV\",\n              ROUND(OFFSET($P128,0,AI$13),15-13*ORÇAMENTO!$AF$7)/$H128*OFFSET(ORÇAMENTO!$X$15,ROW(AI128)-ROW(AI$15),0),\n              ROUND(ROUND(OFFSET($P128,0,AI$13),15-13*ORÇAMENTO!$AF$7)*OFFSET(ORÇAMENTO!$W$15,ROW(AI128)-ROW(AI$15),0),15-13*ORÇAMENTO!$AF$11)),\n         0)","v":0},{"$f":"IF(AND($D128=\"Serviço\",AJ$12<>0,$H128>0,OR(AUTOEVENTO<>\"manual\",$M128<>$A$15)),\n        IF(Import.TipoArredondamento<>\"TransfereGOV\",\n              ROUND(OFFSET($P128,0,AJ$13),15-13*ORÇAMENTO!$AF$7)/$H128*OFFSET(ORÇAMENTO!$X$15,ROW(AJ128)-ROW(AJ$15),0),\n              ROUND(ROUND(OFFSET($P128,0,AJ$13),15-13*ORÇAMENTO!$AF$7)*OFFSET(ORÇAMENTO!$W$15,ROW(AJ128)-ROW(AJ$15),0),15-13*ORÇAMENTO!$AF$11)),\n         0)","v":0},{"$f":"IF(AND($D128=\"Serviço\",AK$12<>0,$H128>0,OR(AUTOEVENTO<>\"manual\",$M128<>$A$15)),\n        IF(Import.TipoArredondamento<>\"TransfereGOV\",\n              ROUND(OFFSET($P128,0,AK$13),15-13*ORÇAMENTO!$AF$7)/$H128*OFFSET(ORÇAMENTO!$X$15,ROW(AK128)-ROW(AK$15),0),\n              ROUND(ROUND(OFFSET($P128,0,AK$13),15-13*ORÇAMENTO!$AF$7)*OFFSET(ORÇAMENTO!$W$15,ROW(AK128)-ROW(AK$15),0),15-13*ORÇAMENTO!$AF$11)),\n         0)","v":0},null,{"$f":"IF(OR($D128<>\"Serviço\",AND(AUTOEVENTO=\"Manual\",$M128=$A$15)),0,\n         IF(OFFSET(CRONOPLE!$F$15,$M128-$A$15,AM$13)=0,10^12,OFFSET(CRONOPLE!$F$15,$M128-$A$15,AM$13)))","v":1000000000000},{"$f":"IF(OR($D128<>\"Serviço\",AND(AUTOEVENTO=\"Manual\",$M128=$A$15)),0,\n         IF(OFFSET(CRONOPLE!$F$15,$M128-$A$15,AN$13)=0,10^12,OFFSET(CRONOPLE!$F$15,$M128-$A$15,AN$13)))","v":6},{"$f":"IF(OR($D128<>\"Serviço\",AND(AUTOEVENTO=\"Manual\",$M128=$A$15)),0,\n         IF(OFFSET(CRONOPLE!$F$15,$M128-$A$15,AO$13)=0,10^12,OFFSET(CRONOPLE!$F$15,$M128-$A$15,AO$13)))","v":1000000000000},{"$f":"IF(OR($D128<>\"Serviço\",AND(AUTOEVENTO=\"Manual\",$M128=$A$15)),0,\n         IF(OFFSET(CRONOPLE!$F$15,$M128-$A$15,AP$13)=0,10^12,OFFSET(CRONOPLE!$F$15,$M128-$A$15,AP$13)))","v":1000000000000},{"$f":"IF(OR($D128<>\"Serviço\",AND(AUTOEVENTO=\"Manual\",$M128=$A$15)),0,\n         IF(OFFSET(CRONOPLE!$F$15,$M128-$A$15,AQ$13)=0,10^12,OFFSET(CRONOPLE!$F$15,$M128-$A$15,AQ$13)))","v":1000000000000},{"$f":"IF(OR($D128<>\"Serviço\",AND(AUTOEVENTO=\"Manual\",$M128=$A$15)),0,\n         IF(OFFSET(CRONOPLE!$F$15,$M128-$A$15,AR$13)=0,10^12,OFFSET(CRONOPLE!$F$15,$M128-$A$15,AR$13)))","v":1000000000000},{"$f":"IF(OR($D128<>\"Serviço\",AND(AUTOEVENTO=\"Manual\",$M128=$A$15)),0,\n         IF(OFFSET(CRONOPLE!$F$15,$M128-$A$15,AS$13)=0,10^12,OFFSET(CRONOPLE!$F$15,$M128-$A$15,AS$13)))","v":1000000000000},{"$f":"IF(OR($D128<>\"Serviço\",AND(AUTOEVENTO=\"Manual\",$M128=$A$15)),0,\n         IF(OFFSET(CRONOPLE!$F$15,$M128-$A$15,AT$13)=0,10^12,OFFSET(CRONOPLE!$F$15,$M128-$A$15,AT$13)))","v":1000000000000},{"$f":"IF(OR($D128<>\"Serviço\",AND(AUTOEVENTO=\"Manual\",$M128=$A$15)),0,\n         IF(OFFSET(CRONOPLE!$F$15,$M128-$A$15,AU$13)=0,10^12,OFFSET(CRONOPLE!$F$15,$M128-$A$15,AU$13)))","v":1000000000000},{"$f":"IF(OR($D128<>\"Serviço\",AND(AUTOEVENTO=\"Manual\",$M128=$A$15)),0,\n         IF(OFFSET(CRONOPLE!$F$15,$M128-$A$15,AV$13)=0,10^12,OFFSET(CRONOPLE!$F$15,$M128-$A$15,AV$13)))","v":1000000000000},null,{"$f":"IF(OR($D128<>\"Serviço\",AND(AUTOEVENTO=\"Manual\",$M128=$A$15),$M128>(ROW(PLE.lastrow)-ROW(PLE.firstrow))),0,\n           IF(OFFSET(PLE!$G$15,$M128-$A$15,AX$13)=\"\",10^12,OFFSET(PLE!$G$15,$M128-$A$15,AX$13)))","v":1000000000000},{"$f":"IF(OR($D128<>\"Serviço\",AND(AUTOEVENTO=\"Manual\",$M128=$A$15),$M128>(ROW(PLE.lastrow)-ROW(PLE.firstrow))),0,\n           IF(OFFSET(PLE!$G$15,$M128-$A$15,AY$13)=\"\",10^12,OFFSET(PLE!$G$15,$M128-$A$15,AY$13)))","v":1000000000000},{"$f":"IF(OR($D128<>\"Serviço\",AND(AUTOEVENTO=\"Manual\",$M128=$A$15),$M128>(ROW(PLE.lastrow)-ROW(PLE.firstrow))),0,\n           IF(OFFSET(PLE!$G$15,$M128-$A$15,AZ$13)=\"\",10^12,OFFSET(PLE!$G$15,$M128-$A$15,AZ$13)))","v":1000000000000},{"$f":"IF(OR($D128<>\"Serviço\",AND(AUTOEVENTO=\"Manual\",$M128=$A$15),$M128>(ROW(PLE.lastrow)-ROW(PLE.firstrow))),0,\n           IF(OFFSET(PLE!$G$15,$M128-$A$15,BA$13)=\"\",10^12,OFFSET(PLE!$G$15,$M128-$A$15,BA$13)))","v":1000000000000},{"$f":"IF(OR($D128<>\"Serviço\",AND(AUTOEVENTO=\"Manual\",$M128=$A$15),$M128>(ROW(PLE.lastrow)-ROW(PLE.firstrow))),0,\n           IF(OFFSET(PLE!$G$15,$M128-$A$15,BB$13)=\"\",10^12,OFFSET(PLE!$G$15,$M128-$A$15,BB$13)))","v":1000000000000},{"$f":"IF(OR($D128<>\"Serviço\",AND(AUTOEVENTO=\"Manual\",$M128=$A$15),$M128>(ROW(PLE.lastrow)-ROW(PLE.firstrow))),0,\n           IF(OFFSET(PLE!$G$15,$M128-$A$15,BC$13)=\"\",10^12,OFFSET(PLE!$G$15,$M128-$A$15,BC$13)))","v":1000000000000},{"$f":"IF(OR($D128<>\"Serviço\",AND(AUTOEVENTO=\"Manual\",$M128=$A$15),$M128>(ROW(PLE.lastrow)-ROW(PLE.firstrow))),0,\n           IF(OFFSET(PLE!$G$15,$M128-$A$15,BD$13)=\"\",10^12,OFFSET(PLE!$G$15,$M128-$A$15,BD$13)))","v":1000000000000},{"$f":"IF(OR($D128<>\"Serviço\",AND(AUTOEVENTO=\"Manual\",$M128=$A$15),$M128>(ROW(PLE.lastrow)-ROW(PLE.firstrow))),0,\n           IF(OFFSET(PLE!$G$15,$M128-$A$15,BE$13)=\"\",10^12,OFFSET(PLE!$G$15,$M128-$A$15,BE$13)))","v":1000000000000},{"$f":"IF(OR($D128<>\"Serviço\",AND(AUTOEVENTO=\"Manual\",$M128=$A$15),$M128>(ROW(PLE.lastrow)-ROW(PLE.firstrow))),0,\n           IF(OFFSET(PLE!$G$15,$M128-$A$15,BF$13)=\"\",10^12,OFFSET(PLE!$G$15,$M128-$A$15,BF$13)))","v":1000000000000},{"$f":"IF(OR($D128<>\"Serviço\",AND(AUTOEVENTO=\"Manual\",$M128=$A$15),$M128>(ROW(PLE.lastrow)-ROW(PLE.firstrow))),0,\n           IF(OFFSET(PLE!$G$15,$M128-$A$15,BG$13)=\"\",10^12,OFFSET(PLE!$G$15,$M128-$A$15,BG$13)))","v":1000000000000}]
[19,{"$f":"OFFSET(ORÇAMENTO!C$15,$L129,0)","v":"S"},{"$f":"OFFSET(ORÇAMENTO!L$15,$L129,0)","v":"F"},{"$f":"OFFSET(ORÇAMENTO!N$15,$L129,0)","v":"Serviço"},{"$f":"OFFSET(ORÇAMENTO!O$15,$L129,0)","v":"1.14.4."},{"$f":"OFFSET(ORÇAMENTO!R$15,$L129,0)","v":"HASTE DE ATERRAMENTO, DIÂMETRO 5/8\", COM 3 METROS - FORNECIMENTO E INSTALAÇÃO. AF_08/2023"},{"$f":"IF($D129<>\"Serviço\",\"\",OFFSET(ORÇAMENTO!S$15,$L129,0))","v":"UN"},{"$f":"IF($D129<>\"Serviço\",0,IF(ACOMPANHAMENTO=\"BM\",ROUND(OFFSET(ORÇAMENTO!AJ$15,$L129,0),15-13*ORÇAMENTO!$AF$7),IF(IFERROR(CÁLCULO.FrentesPreenchidas,0)=0,0,SUM(ROUND(OFFSET($P129,0,1,1,CÁLCULO.FrentesPreenchidas),15-13*ORÇAMENTO!$AF$7)))))","v":8},"CONFORME TABELA DE QUANTITATIVOS SPDA",{"$f":"IF(OR(B129<>\"S\",CÁLCULO.FrentesPreenchidas=0),\"\",IF(AND(ACOMPANHAMENTO=\"PLE\",AUTOEVENTO=\"Manual\",OR(H129>0,ORÇAMENTO!AC129=\"QUANT.\"),OR(K129=\"\",M129=0,N129=\"\")),\"►E\",IF(AND(ACOMPANHAMENTO=\"PLE\",ORÇAMENTO!AC129=\"QUANT.\"),\"►Q\",IF(AND(ACOMPANHAMENTO=\"PLE\",H129<>SUMPRODUCT(($Q$1:$AA$1=1)*ROUND(Q129:AA129,15))),\"►S\",IF(AND(COUNTIF($P$11:$AA$11,\"▼\")=0,H129>0,I129=\"\"),\"◄M\",\"\")))))","v":""},"19.instalação do SPDA",114,{"$f":"IF($D129<>\"Serviço\",\"\",\n          IF(AUTOEVENTO=\"manual\",$A129,\n                IF(ISERROR(MATCH($A129,$A$15:OFFSET($A129,-1,0),0)),MAX($M$15:OFFSET(M129,-1,0))+1,\n                      INDEX($M$15:OFFSET(M129,-1,0),MATCH($A129,$A$15:OFFSET($A129,-1,0),0)))))","v":19},{"$f":"IF($D129<>\"Serviço\",\"\",\n         IF(AUTOEVENTO=\"Manual\",\n                IF($A129=0,\"<-- defina o número do agrupador\",\n                       OFFSET(EVENTOS!$D$15,$A129-$A$15,0)),\n                OFFSET($F$15,$A129,0)))","v":"Serviços finais"},null,null,null,8,null,null,null,null,null,null,null,null,null,{"$f":"IF(AND($D129=\"Serviço\",AB$12<>0,$H129>0,OR(AUTOEVENTO<>\"manual\",$M129<>$A$15)),\n        IF(Import.TipoArredondamento<>\"TransfereGOV\",\n              ROUND(OFFSET($P129,0,AB$13),15-13*ORÇAMENTO!$AF$7)/$H129*OFFSET(ORÇAMENTO!$X$15,ROW(AB129)-ROW(AB$15),0),\n              ROUND(ROUND(OFFSET($P129,0,AB$13),15-13*ORÇAMENTO!$AF$7)*OFFSET(ORÇAMENTO!$W$15,ROW(AB129)-ROW(AB$15),0),15-13*ORÇAMENTO!$AF$11)),\n         0)","v":0},{"$f":"IF(AND($D129=\"Serviço\",AC$12<>0,$H129>0,OR(AUTOEVENTO<>\"manual\",$M129<>$A$15)),\n        IF(Import.TipoArredondamento<>\"TransfereGOV\",\n              ROUND(OFFSET($P129,0,AC$13),15-13*ORÇAMENTO!$AF$7)/$H129*OFFSET(ORÇAMENTO!$X$15,ROW(AC129)-ROW(AC$15),0),\n              ROUND(ROUND(OFFSET($P129,0,AC$13),15-13*ORÇAMENTO!$AF$7)*OFFSET(ORÇAMENTO!$W$15,ROW(AC129)-ROW(AC$15),0),15-13*ORÇAMENTO!$AF$11)),\n         0)","v":0},{"$f":"IF(AND($D129=\"Serviço\",AD$12<>0,$H129>0,OR(AUTOEVENTO<>\"manual\",$M129<>$A$15)),\n        IF(Import.TipoArredondamento<>\"TransfereGOV\",\n              ROUND(OFFSET($P129,0,AD$13),15-13*ORÇAMENTO!$AF$7)/$H129*OFFSET(ORÇAMENTO!$X$15,ROW(AD129)-ROW(AD$15),0),\n              ROUND(ROUND(OFFSET($P129,0,AD$13),15-13*ORÇAMENTO!$AF$7)*OFFSET(ORÇAMENTO!$W$15,ROW(AD129)-ROW(AD$15),0),15-13*ORÇAMENTO!$AF$11)),\n         0)","v":0},{"$f":"IF(AND($D129=\"Serviço\",AE$12<>0,$H129>0,OR(AUTOEVENTO<>\"manual\",$M129<>$A$15)),\n        IF(Import.TipoArredondamento<>\"TransfereGOV\",\n              ROUND(OFFSET($P129,0,AE$13),15-13*ORÇAMENTO!$AF$7)/$H129*OFFSET(ORÇAMENTO!$X$15,ROW(AE129)-ROW(AE$15),0),\n              ROUND(ROUND(OFFSET($P129,0,AE$13),15-13*ORÇAMENTO!$AF$7)*OFFSET(ORÇAMENTO!$W$15,ROW(AE129)-ROW(AE$15),0),15-13*ORÇAMENTO!$AF$11)),\n         0)","v":0},{"$f":"IF(AND($D129=\"Serviço\",AF$12<>0,$H129>0,OR(AUTOEVENTO<>\"manual\",$M129<>$A$15)),\n        IF(Import.TipoArredondamento<>\"TransfereGOV\",\n              ROUND(OFFSET($P129,0,AF$13),15-13*ORÇAMENTO!$AF$7)/$H129*OFFSET(ORÇAMENTO!$X$15,ROW(AF129)-ROW(AF$15),0),\n              ROUND(ROUND(OFFSET($P129,0,AF$13),15-13*ORÇAMENTO!$AF$7)*OFFSET(ORÇAMENTO!$W$15,ROW(AF129)-ROW(AF$15),0),15-13*ORÇAMENTO!$AF$11)),\n         0)","v":0},{"$f":"IF(AND($D129=\"Serviço\",AG$12<>0,$H129>0,OR(AUTOEVENTO<>\"manual\",$M129<>$A$15)),\n        IF(Import.TipoArredondamento<>\"TransfereGOV\",\n              ROUND(OFFSET($P129,0,AG$13),15-13*ORÇAMENTO!$AF$7)/$H129*OFFSET(ORÇAMENTO!$X$15,ROW(AG129)-ROW(AG$15),0),\n              ROUND(ROUND(OFFSET($P129,0,AG$13),15-13*ORÇAMENTO!$AF$7)*OFFSET(ORÇAMENTO!$W$15,ROW(AG129)-ROW(AG$15),0),15-13*ORÇAMENTO!$AF$11)),\n         0)","v":0},{"$f":"IF(AND($D129=\"Serviço\",AH$12<>0,$H129>0,OR(AUTOEVENTO<>\"manual\",$M129<>$A$15)),\n        IF(Import.TipoArredondamento<>\"TransfereGOV\",\n              ROUND(OFFSET($P129,0,AH$13),15-13*ORÇAMENTO!$AF$7)/$H129*OFFSET(ORÇAMENTO!$X$15,ROW(AH129)-ROW(AH$15),0),\n              ROUND(ROUND(OFFSET($P129,0,AH$13),15-13*ORÇAMENTO!$AF$7)*OFFSET(ORÇAMENTO!$W$15,ROW(AH129)-ROW(AH$15),0),15-13*ORÇAMENTO!$AF$11)),\n         0)","v":0},{"$f":"IF(AND($D129=\"Serviço\",AI$12<>0,$H129>0,OR(AUTOEVENTO<>\"manual\",$M129<>$A$15)),\n        IF(Import.TipoArredondamento<>\"TransfereGOV\",\n              ROUND(OFFSET($P129,0,AI$13),15-13*ORÇAMENTO!$AF$7)/$H129*OFFSET(ORÇAMENTO!$X$15,ROW(AI129)-ROW(AI$15),0),\n              ROUND(ROUND(OFFSET($P129,0,AI$13),15-13*ORÇAMENTO!$AF$7)*OFFSET(ORÇAMENTO!$W$15,ROW(AI129)-ROW(AI$15),0),15-13*ORÇAMENTO!$AF$11)),\n         0)","v":0},{"$f":"IF(AND($D129=\"Serviço\",AJ$12<>0,$H129>0,OR(AUTOEVENTO<>\"manual\",$M129<>$A$15)),\n        IF(Import.TipoArredondamento<>\"TransfereGOV\",\n              ROUND(OFFSET($P129,0,AJ$13),15-13*ORÇAMENTO!$AF$7)/$H129*OFFSET(ORÇAMENTO!$X$15,ROW(AJ129)-ROW(AJ$15),0),\n              ROUND(ROUND(OFFSET($P129,0,AJ$13),15-13*ORÇAMENTO!$AF$7)*OFFSET(ORÇAMENTO!$W$15,ROW(AJ129)-ROW(AJ$15),0),15-13*ORÇAMENTO!$AF$11)),\n         0)","v":0},{"$f":"IF(AND($D129=\"Serviço\",AK$12<>0,$H129>0,OR(AUTOEVENTO<>\"manual\",$M129<>$A$15)),\n        IF(Import.TipoArredondamento<>\"TransfereGOV\",\n              ROUND(OFFSET($P129,0,AK$13),15-13*ORÇAMENTO!$AF$7)/$H129*OFFSET(ORÇAMENTO!$X$15,ROW(AK129)-ROW(AK$15),0),\n              ROUND(ROUND(OFFSET($P129,0,AK$13),15-13*ORÇAMENTO!$AF$7)*OFFSET(ORÇAMENTO!$W$15,ROW(AK129)-ROW(AK$15),0),15-13*ORÇAMENTO!$AF$11)),\n         0)","v":0},null,{"$f":"IF(OR($D129<>\"Serviço\",AND(AUTOEVENTO=\"Manual\",$M129=$A$15)),0,\n         IF(OFFSET(CRONOPLE!$F$15,$M129-$A$15,AM$13)=0,10^12,OFFSET(CRONOPLE!$F$15,$M129-$A$15,AM$13)))","v":1000000000000},{"$f":"IF(OR($D129<>\"Serviço\",AND(AUTOEVENTO=\"Manual\",$M129=$A$15)),0,\n         IF(OFFSET(CRONOPLE!$F$15,$M129-$A$15,AN$13)=0,10^12,OFFSET(CRONOPLE!$F$15,$M129-$A$15,AN$13)))","v":6},{"$f":"IF(OR($D129<>\"Serviço\",AND(AUTOEVENTO=\"Manual\",$M129=$A$15)),0,\n         IF(OFFSET(CRONOPLE!$F$15,$M129-$A$15,AO$13)=0,10^12,OFFSET(CRONOPLE!$F$15,$M129-$A$15,AO$13)))","v":1000000000000},{"$f":"IF(OR($D129<>\"Serviço\",AND(AUTOEVENTO=\"Manual\",$M129=$A$15)),0,\n         IF(OFFSET(CRONOPLE!$F$15,$M129-$A$15,AP$13)=0,10^12,OFFSET(CRONOPLE!$F$15,$M129-$A$15,AP$13)))","v":1000000000000},{"$f":"IF(OR($D129<>\"Serviço\",AND(AUTOEVENTO=\"Manual\",$M129=$A$15)),0,\n         IF(OFFSET(CRONOPLE!$F$15,$M129-$A$15,AQ$13)=0,10^12,OFFSET(CRONOPLE!$F$15,$M129-$A$15,AQ$13)))","v":1000000000000},{"$f":"IF(OR($D129<>\"Serviço\",AND(AUTOEVENTO=\"Manual\",$M129=$A$15)),0,\n         IF(OFFSET(CRONOPLE!$F$15,$M129-$A$15,AR$13)=0,10^12,OFFSET(CRONOPLE!$F$15,$M129-$A$15,AR$13)))","v":1000000000000},{"$f":"IF(OR($D129<>\"Serviço\",AND(AUTOEVENTO=\"Manual\",$M129=$A$15)),0,\n         IF(OFFSET(CRONOPLE!$F$15,$M129-$A$15,AS$13)=0,10^12,OFFSET(CRONOPLE!$F$15,$M129-$A$15,AS$13)))","v":1000000000000},{"$f":"IF(OR($D129<>\"Serviço\",AND(AUTOEVENTO=\"Manual\",$M129=$A$15)),0,\n         IF(OFFSET(CRONOPLE!$F$15,$M129-$A$15,AT$13)=0,10^12,OFFSET(CRONOPLE!$F$15,$M129-$A$15,AT$13)))","v":1000000000000},{"$f":"IF(OR($D129<>\"Serviço\",AND(AUTOEVENTO=\"Manual\",$M129=$A$15)),0,\n         IF(OFFSET(CRONOPLE!$F$15,$M129-$A$15,AU$13)=0,10^12,OFFSET(CRONOPLE!$F$15,$M129-$A$15,AU$13)))","v":1000000000000},{"$f":"IF(OR($D129<>\"Serviço\",AND(AUTOEVENTO=\"Manual\",$M129=$A$15)),0,\n         IF(OFFSET(CRONOPLE!$F$15,$M129-$A$15,AV$13)=0,10^12,OFFSET(CRONOPLE!$F$15,$M129-$A$15,AV$13)))","v":1000000000000},null,{"$f":"IF(OR($D129<>\"Serviço\",AND(AUTOEVENTO=\"Manual\",$M129=$A$15),$M129>(ROW(PLE.lastrow)-ROW(PLE.firstrow))),0,\n           IF(OFFSET(PLE!$G$15,$M129-$A$15,AX$13)=\"\",10^12,OFFSET(PLE!$G$15,$M129-$A$15,AX$13)))","v":1000000000000},{"$f":"IF(OR($D129<>\"Serviço\",AND(AUTOEVENTO=\"Manual\",$M129=$A$15),$M129>(ROW(PLE.lastrow)-ROW(PLE.firstrow))),0,\n           IF(OFFSET(PLE!$G$15,$M129-$A$15,AY$13)=\"\",10^12,OFFSET(PLE!$G$15,$M129-$A$15,AY$13)))","v":1000000000000},{"$f":"IF(OR($D129<>\"Serviço\",AND(AUTOEVENTO=\"Manual\",$M129=$A$15),$M129>(ROW(PLE.lastrow)-ROW(PLE.firstrow))),0,\n           IF(OFFSET(PLE!$G$15,$M129-$A$15,AZ$13)=\"\",10^12,OFFSET(PLE!$G$15,$M129-$A$15,AZ$13)))","v":1000000000000},{"$f":"IF(OR($D129<>\"Serviço\",AND(AUTOEVENTO=\"Manual\",$M129=$A$15),$M129>(ROW(PLE.lastrow)-ROW(PLE.firstrow))),0,\n           IF(OFFSET(PLE!$G$15,$M129-$A$15,BA$13)=\"\",10^12,OFFSET(PLE!$G$15,$M129-$A$15,BA$13)))","v":1000000000000},{"$f":"IF(OR($D129<>\"Serviço\",AND(AUTOEVENTO=\"Manual\",$M129=$A$15),$M129>(ROW(PLE.lastrow)-ROW(PLE.firstrow))),0,\n           IF(OFFSET(PLE!$G$15,$M129-$A$15,BB$13)=\"\",10^12,OFFSET(PLE!$G$15,$M129-$A$15,BB$13)))","v":1000000000000},{"$f":"IF(OR($D129<>\"Serviço\",AND(AUTOEVENTO=\"Manual\",$M129=$A$15),$M129>(ROW(PLE.lastrow)-ROW(PLE.firstrow))),0,\n           IF(OFFSET(PLE!$G$15,$M129-$A$15,BC$13)=\"\",10^12,OFFSET(PLE!$G$15,$M129-$A$15,BC$13)))","v":1000000000000},{"$f":"IF(OR($D129<>\"Serviço\",AND(AUTOEVENTO=\"Manual\",$M129=$A$15),$M129>(ROW(PLE.lastrow)-ROW(PLE.firstrow))),0,\n           IF(OFFSET(PLE!$G$15,$M129-$A$15,BD$13)=\"\",10^12,OFFSET(PLE!$G$15,$M129-$A$15,BD$13)))","v":1000000000000},{"$f":"IF(OR($D129<>\"Serviço\",AND(AUTOEVENTO=\"Manual\",$M129=$A$15),$M129>(ROW(PLE.lastrow)-ROW(PLE.firstrow))),0,\n           IF(OFFSET(PLE!$G$15,$M129-$A$15,BE$13)=\"\",10^12,OFFSET(PLE!$G$15,$M129-$A$15,BE$13)))","v":1000000000000},{"$f":"IF(OR($D129<>\"Serviço\",AND(AUTOEVENTO=\"Manual\",$M129=$A$15),$M129>(ROW(PLE.lastrow)-ROW(PLE.firstrow))),0,\n           IF(OFFSET(PLE!$G$15,$M129-$A$15,BF$13)=\"\",10^12,OFFSET(PLE!$G$15,$M129-$A$15,BF$13)))","v":1000000000000},{"$f":"IF(OR($D129<>\"Serviço\",AND(AUTOEVENTO=\"Manual\",$M129=$A$15),$M129>(ROW(PLE.lastrow)-ROW(PLE.firstrow))),0,\n           IF(OFFSET(PLE!$G$15,$M129-$A$15,BG$13)=\"\",10^12,OFFSET(PLE!$G$15,$M129-$A$15,BG$13)))","v":1000000000000}]
[19,{"$f":"OFFSET(ORÇAMENTO!C$15,$L130,0)","v":"S"},{"$f":"OFFSET(ORÇAMENTO!L$15,$L130,0)","v":"F"},{"$f":"OFFSET(ORÇAMENTO!N$15,$L130,0)","v":"Serviço"},{"$f":"OFFSET(ORÇAMENTO!O$15,$L130,0)","v":"1.14.5."},{"$f":"OFFSET(ORÇAMENTO!R$15,$L130,0)","v":"CONECTOR SPLIT-BOLT, PARA SPDA, PARA CABOS ATÉ 70 MM2 - FORNECIMENTO E INSTALAÇÃO. AF_08/2023"},{"$f":"IF($D130<>\"Serviço\",\"\",OFFSET(ORÇAMENTO!S$15,$L130,0))","v":"UN"},{"$f":"IF($D130<>\"Serviço\",0,IF(ACOMPANHAMENTO=\"BM\",ROUND(OFFSET(ORÇAMENTO!AJ$15,$L130,0),15-13*ORÇAMENTO!$AF$7),IF(IFERROR(CÁLCULO.FrentesPreenchidas,0)=0,0,SUM(ROUND(OFFSET($P130,0,1,1,CÁLCULO.FrentesPreenchidas),15-13*ORÇAMENTO!$AF$7)))))","v":20},"CONFORME TABELA DE QUANTITATIVOS SPDA",{"$f":"IF(OR(B130<>\"S\",CÁLCULO.FrentesPreenchidas=0),\"\",IF(AND(ACOMPANHAMENTO=\"PLE\",AUTOEVENTO=\"Manual\",OR(H130>0,ORÇAMENTO!AC130=\"QUANT.\"),OR(K130=\"\",M130=0,N130=\"\")),\"►E\",IF(AND(ACOMPANHAMENTO=\"PLE\",ORÇAMENTO!AC130=\"QUANT.\"),\"►Q\",IF(AND(ACOMPANHAMENTO=\"PLE\",H130<>SUMPRODUCT(($Q$1:$AA$1=1)*ROUND(Q130:AA130,15))),\"►S\",IF(AND(COUNTIF($P$11:$AA$11,\"▼\")=0,H130>0,I130=\"\"),\"◄M\",\"\")))))","v":""},"19.instalação do SPDA",115,{"$f":"IF($D130<>\"Serviço\",\"\",\n          IF(AUTOEVENTO=\"manual\",$A130,\n                IF(ISERROR(MATCH($A130,$A$15:OFFSET($A130,-1,0),0)),MAX($M$15:OFFSET(M130,-1,0))+1,\n                      INDEX($M$15:OFFSET(M130,-1,0),MATCH($A130,$A$15:OFFSET($A130,-1,0),0)))))","v":19},{"$f":"IF($D130<>\"Serviço\",\"\",\n         IF(AUTOEVENTO=\"Manual\",\n                IF($A130=0,\"<-- defina o número do agrupador\",\n                       OFFSET(EVENTOS!$D$15,$A130-$A$15,0)),\n                OFFSET($F$15,$A130,0)))","v":"Serviços finais"},null,null,null,20,null,null,null,null,null,null,null,null,null,{"$f":"IF(AND($D130=\"Serviço\",AB$12<>0,$H130>0,OR(AUTOEVENTO<>\"manual\",$M130<>$A$15)),\n        IF(Import.TipoArredondamento<>\"TransfereGOV\",\n              ROUND(OFFSET($P130,0,AB$13),15-13*ORÇAMENTO!$AF$7)/$H130*OFFSET(ORÇAMENTO!$X$15,ROW(AB130)-ROW(AB$15),0),\n              ROUND(ROUND(OFFSET($P130,0,AB$13),15-13*ORÇAMENTO!$AF$7)*OFFSET(ORÇAMENTO!$W$15,ROW(AB130)-ROW(AB$15),0),15-13*ORÇAMENTO!$AF$11)),\n         0)","v":0},{"$f":"IF(AND($D130=\"Serviço\",AC$12<>0,$H130>0,OR(AUTOEVENTO<>\"manual\",$M130<>$A$15)),\n        IF(Import.TipoArredondamento<>\"TransfereGOV\",\n              ROUND(OFFSET($P130,0,AC$13),15-13*ORÇAMENTO!$AF$7)/$H130*OFFSET(ORÇAMENTO!$X$15,ROW(AC130)-ROW(AC$15),0),\n              ROUND(ROUND(OFFSET($P130,0,AC$13),15-13*ORÇAMENTO!$AF$7)*OFFSET(ORÇAMENTO!$W$15,ROW(AC130)-ROW(AC$15),0),15-13*ORÇAMENTO!$AF$11)),\n         0)","v":0},{"$f":"IF(AND($D130=\"Serviço\",AD$12<>0,$H130>0,OR(AUTOEVENTO<>\"manual\",$M130<>$A$15)),\n        IF(Import.TipoArredondamento<>\"TransfereGOV\",\n              ROUND(OFFSET($P130,0,AD$13),15-13*ORÇAMENTO!$AF$7)/$H130*OFFSET(ORÇAMENTO!$X$15,ROW(AD130)-ROW(AD$15),0),\n              ROUND(ROUND(OFFSET($P130,0,AD$13),15-13*ORÇAMENTO!$AF$7)*OFFSET(ORÇAMENTO!$W$15,ROW(AD130)-ROW(AD$15),0),15-13*ORÇAMENTO!$AF$11)),\n         0)","v":0},{"$f":"IF(AND($D130=\"Serviço\",AE$12<>0,$H130>0,OR(AUTOEVENTO<>\"manual\",$M130<>$A$15)),\n        IF(Import.TipoArredondamento<>\"TransfereGOV\",\n              ROUND(OFFSET($P130,0,AE$13),15-13*ORÇAMENTO!$AF$7)/$H130*OFFSET(ORÇAMENTO!$X$15,ROW(AE130)-ROW(AE$15),0),\n              ROUND(ROUND(OFFSET($P130,0,AE$13),15-13*ORÇAMENTO!$AF$7)*OFFSET(ORÇAMENTO!$W$15,ROW(AE130)-ROW(AE$15),0),15-13*ORÇAMENTO!$AF$11)),\n         0)","v":0},{"$f":"IF(AND($D130=\"Serviço\",AF$12<>0,$H130>0,OR(AUTOEVENTO<>\"manual\",$M130<>$A$15)),\n        IF(Import.TipoArredondamento<>\"TransfereGOV\",\n              ROUND(OFFSET($P130,0,AF$13),15-13*ORÇAMENTO!$AF$7)/$H130*OFFSET(ORÇAMENTO!$X$15,ROW(AF130)-ROW(AF$15),0),\n              ROUND(ROUND(OFFSET($P130,0,AF$13),15-13*ORÇAMENTO!$AF$7)*OFFSET(ORÇAMENTO!$W$15,ROW(AF130)-ROW(AF$15),0),15-13*ORÇAMENTO!$AF$11)),\n         0)","v":0},{"$f":"IF(AND($D130=\"Serviço\",AG$12<>0,$H130>0,OR(AUTOEVENTO<>\"manual\",$M130<>$A$15)),\n        IF(Import.TipoArredondamento<>\"TransfereGOV\",\n              ROUND(OFFSET($P130,0,AG$13),15-13*ORÇAMENTO!$AF$7)/$H130*OFFSET(ORÇAMENTO!$X$15,ROW(AG130)-ROW(AG$15),0),\n              ROUND(ROUND(OFFSET($P130,0,AG$13),15-13*ORÇAMENTO!$AF$7)*OFFSET(ORÇAMENTO!$W$15,ROW(AG130)-ROW(AG$15),0),15-13*ORÇAMENTO!$AF$11)),\n         0)","v":0},{"$f":"IF(AND($D130=\"Serviço\",AH$12<>0,$H130>0,OR(AUTOEVENTO<>\"manual\",$M130<>$A$15)),\n        IF(Import.TipoArredondamento<>\"TransfereGOV\",\n              ROUND(OFFSET($P130,0,AH$13),15-13*ORÇAMENTO!$AF$7)/$H130*OFFSET(ORÇAMENTO!$X$15,ROW(AH130)-ROW(AH$15),0),\n              ROUND(ROUND(OFFSET($P130,0,AH$13),15-13*ORÇAMENTO!$AF$7)*OFFSET(ORÇAMENTO!$W$15,ROW(AH130)-ROW(AH$15),0),15-13*ORÇAMENTO!$AF$11)),\n         0)","v":0},{"$f":"IF(AND($D130=\"Serviço\",AI$12<>0,$H130>0,OR(AUTOEVENTO<>\"manual\",$M130<>$A$15)),\n        IF(Import.TipoArredondamento<>\"TransfereGOV\",\n              ROUND(OFFSET($P130,0,AI$13),15-13*ORÇAMENTO!$AF$7)/$H130*OFFSET(ORÇAMENTO!$X$15,ROW(AI130)-ROW(AI$15),0),\n              ROUND(ROUND(OFFSET($P130,0,AI$13),15-13*ORÇAMENTO!$AF$7)*OFFSET(ORÇAMENTO!$W$15,ROW(AI130)-ROW(AI$15),0),15-13*ORÇAMENTO!$AF$11)),\n         0)","v":0},{"$f":"IF(AND($D130=\"Serviço\",AJ$12<>0,$H130>0,OR(AUTOEVENTO<>\"manual\",$M130<>$A$15)),\n        IF(Import.TipoArredondamento<>\"TransfereGOV\",\n              ROUND(OFFSET($P130,0,AJ$13),15-13*ORÇAMENTO!$AF$7)/$H130*OFFSET(ORÇAMENTO!$X$15,ROW(AJ130)-ROW(AJ$15),0),\n              ROUND(ROUND(OFFSET($P130,0,AJ$13),15-13*ORÇAMENTO!$AF$7)*OFFSET(ORÇAMENTO!$W$15,ROW(AJ130)-ROW(AJ$15),0),15-13*ORÇAMENTO!$AF$11)),\n         0)","v":0},{"$f":"IF(AND($D130=\"Serviço\",AK$12<>0,$H130>0,OR(AUTOEVENTO<>\"manual\",$M130<>$A$15)),\n        IF(Import.TipoArredondamento<>\"TransfereGOV\",\n              ROUND(OFFSET($P130,0,AK$13),15-13*ORÇAMENTO!$AF$7)/$H130*OFFSET(ORÇAMENTO!$X$15,ROW(AK130)-ROW(AK$15),0),\n              ROUND(ROUND(OFFSET($P130,0,AK$13),15-13*ORÇAMENTO!$AF$7)*OFFSET(ORÇAMENTO!$W$15,ROW(AK130)-ROW(AK$15),0),15-13*ORÇAMENTO!$AF$11)),\n         0)","v":0},null,{"$f":"IF(OR($D130<>\"Serviço\",AND(AUTOEVENTO=\"Manual\",$M130=$A$15)),0,\n         IF(OFFSET(CRONOPLE!$F$15,$M130-$A$15,AM$13)=0,10^12,OFFSET(CRONOPLE!$F$15,$M130-$A$15,AM$13)))","v":1000000000000},{"$f":"IF(OR($D130<>\"Serviço\",AND(AUTOEVENTO=\"Manual\",$M130=$A$15)),0,\n         IF(OFFSET(CRONOPLE!$F$15,$M130-$A$15,AN$13)=0,10^12,OFFSET(CRONOPLE!$F$15,$M130-$A$15,AN$13)))","v":6},{"$f":"IF(OR($D130<>\"Serviço\",AND(AUTOEVENTO=\"Manual\",$M130=$A$15)),0,\n         IF(OFFSET(CRONOPLE!$F$15,$M130-$A$15,AO$13)=0,10^12,OFFSET(CRONOPLE!$F$15,$M130-$A$15,AO$13)))","v":1000000000000},{"$f":"IF(OR($D130<>\"Serviço\",AND(AUTOEVENTO=\"Manual\",$M130=$A$15)),0,\n         IF(OFFSET(CRONOPLE!$F$15,$M130-$A$15,AP$13)=0,10^12,OFFSET(CRONOPLE!$F$15,$M130-$A$15,AP$13)))","v":1000000000000},{"$f":"IF(OR($D130<>\"Serviço\",AND(AUTOEVENTO=\"Manual\",$M130=$A$15)),0,\n         IF(OFFSET(CRONOPLE!$F$15,$M130-$A$15,AQ$13)=0,10^12,OFFSET(CRONOPLE!$F$15,$M130-$A$15,AQ$13)))","v":1000000000000},{"$f":"IF(OR($D130<>\"Serviço\",AND(AUTOEVENTO=\"Manual\",$M130=$A$15)),0,\n         IF(OFFSET(CRONOPLE!$F$15,$M130-$A$15,AR$13)=0,10^12,OFFSET(CRONOPLE!$F$15,$M130-$A$15,AR$13)))","v":1000000000000},{"$f":"IF(OR($D130<>\"Serviço\",AND(AUTOEVENTO=\"Manual\",$M130=$A$15)),0,\n         IF(OFFSET(CRONOPLE!$F$15,$M130-$A$15,AS$13)=0,10^12,OFFSET(CRONOPLE!$F$15,$M130-$A$15,AS$13)))","v":1000000000000},{"$f":"IF(OR($D130<>\"Serviço\",AND(AUTOEVENTO=\"Manual\",$M130=$A$15)),0,\n         IF(OFFSET(CRONOPLE!$F$15,$M130-$A$15,AT$13)=0,10^12,OFFSET(CRONOPLE!$F$15,$M130-$A$15,AT$13)))","v":1000000000000},{"$f":"IF(OR($D130<>\"Serviço\",AND(AUTOEVENTO=\"Manual\",$M130=$A$15)),0,\n         IF(OFFSET(CRONOPLE!$F$15,$M130-$A$15,AU$13)=0,10^12,OFFSET(CRONOPLE!$F$15,$M130-$A$15,AU$13)))","v":1000000000000},{"$f":"IF(OR($D130<>\"Serviço\",AND(AUTOEVENTO=\"Manual\",$M130=$A$15)),0,\n         IF(OFFSET(CRONOPLE!$F$15,$M130-$A$15,AV$13)=0,10^12,OFFSET(CRONOPLE!$F$15,$M130-$A$15,AV$13)))","v":1000000000000},null,{"$f":"IF(OR($D130<>\"Serviço\",AND(AUTOEVENTO=\"Manual\",$M130=$A$15),$M130>(ROW(PLE.lastrow)-ROW(PLE.firstrow))),0,\n           IF(OFFSET(PLE!$G$15,$M130-$A$15,AX$13)=\"\",10^12,OFFSET(PLE!$G$15,$M130-$A$15,AX$13)))","v":1000000000000},{"$f":"IF(OR($D130<>\"Serviço\",AND(AUTOEVENTO=\"Manual\",$M130=$A$15),$M130>(ROW(PLE.lastrow)-ROW(PLE.firstrow))),0,\n           IF(OFFSET(PLE!$G$15,$M130-$A$15,AY$13)=\"\",10^12,OFFSET(PLE!$G$15,$M130-$A$15,AY$13)))","v":1000000000000},{"$f":"IF(OR($D130<>\"Serviço\",AND(AUTOEVENTO=\"Manual\",$M130=$A$15),$M130>(ROW(PLE.lastrow)-ROW(PLE.firstrow))),0,\n           IF(OFFSET(PLE!$G$15,$M130-$A$15,AZ$13)=\"\",10^12,OFFSET(PLE!$G$15,$M130-$A$15,AZ$13)))","v":1000000000000},{"$f":"IF(OR($D130<>\"Serviço\",AND(AUTOEVENTO=\"Manual\",$M130=$A$15),$M130>(ROW(PLE.lastrow)-ROW(PLE.firstrow))),0,\n           IF(OFFSET(PLE!$G$15,$M130-$A$15,BA$13)=\"\",10^12,OFFSET(PLE!$G$15,$M130-$A$15,BA$13)))","v":1000000000000},{"$f":"IF(OR($D130<>\"Serviço\",AND(AUTOEVENTO=\"Manual\",$M130=$A$15),$M130>(ROW(PLE.lastrow)-ROW(PLE.firstrow))),0,\n           IF(OFFSET(PLE!$G$15,$M130-$A$15,BB$13)=\"\",10^12,OFFSET(PLE!$G$15,$M130-$A$15,BB$13)))","v":1000000000000},{"$f":"IF(OR($D130<>\"Serviço\",AND(AUTOEVENTO=\"Manual\",$M130=$A$15),$M130>(ROW(PLE.lastrow)-ROW(PLE.firstrow))),0,\n           IF(OFFSET(PLE!$G$15,$M130-$A$15,BC$13)=\"\",10^12,OFFSET(PLE!$G$15,$M130-$A$15,BC$13)))","v":1000000000000},{"$f":"IF(OR($D130<>\"Serviço\",AND(AUTOEVENTO=\"Manual\",$M130=$A$15),$M130>(ROW(PLE.lastrow)-ROW(PLE.firstrow))),0,\n           IF(OFFSET(PLE!$G$15,$M130-$A$15,BD$13)=\"\",10^12,OFFSET(PLE!$G$15,$M130-$A$15,BD$13)))","v":1000000000000},{"$f":"IF(OR($D130<>\"Serviço\",AND(AUTOEVENTO=\"Manual\",$M130=$A$15),$M130>(ROW(PLE.lastrow)-ROW(PLE.firstrow))),0,\n           IF(OFFSET(PLE!$G$15,$M130-$A$15,BE$13)=\"\",10^12,OFFSET(PLE!$G$15,$M130-$A$15,BE$13)))","v":1000000000000},{"$f":"IF(OR($D130<>\"Serviço\",AND(AUTOEVENTO=\"Manual\",$M130=$A$15),$M130>(ROW(PLE.lastrow)-ROW(PLE.firstrow))),0,\n           IF(OFFSET(PLE!$G$15,$M130-$A$15,BF$13)=\"\",10^12,OFFSET(PLE!$G$15,$M130-$A$15,BF$13)))","v":1000000000000},{"$f":"IF(OR($D130<>\"Serviço\",AND(AUTOEVENTO=\"Manual\",$M130=$A$15),$M130>(ROW(PLE.lastrow)-ROW(PLE.firstrow))),0,\n           IF(OFFSET(PLE!$G$15,$M130-$A$15,BG$13)=\"\",10^12,OFFSET(PLE!$G$15,$M130-$A$15,BG$13)))","v":1000000000000}]
[19,{"$f":"OFFSET(ORÇAMENTO!C$15,$L131,0)","v":"S"},{"$f":"OFFSET(ORÇAMENTO!L$15,$L131,0)","v":"F"},{"$f":"OFFSET(ORÇAMENTO!N$15,$L131,0)","v":"Serviço"},{"$f":"OFFSET(ORÇAMENTO!O$15,$L131,0)","v":"1.14.6."},{"$f":"OFFSET(ORÇAMENTO!R$15,$L131,0)","v":"PARAFUSO AUTO BROCANTE SEXTAVADO 5,5x25MM²"},{"$f":"IF($D131<>\"Serviço\",\"\",OFFSET(ORÇAMENTO!S$15,$L131,0))","v":"UN"},{"$f":"IF($D131<>\"Serviço\",0,IF(ACOMPANHAMENTO=\"BM\",ROUND(OFFSET(ORÇAMENTO!AJ$15,$L131,0),15-13*ORÇAMENTO!$AF$7),IF(IFERROR(CÁLCULO.FrentesPreenchidas,0)=0,0,SUM(ROUND(OFFSET($P131,0,1,1,CÁLCULO.FrentesPreenchidas),15-13*ORÇAMENTO!$AF$7)))))","v":50},"CONFORME TABELA DE QUANTITATIVOS SPDA",{"$f":"IF(OR(B131<>\"S\",CÁLCULO.FrentesPreenchidas=0),\"\",IF(AND(ACOMPANHAMENTO=\"PLE\",AUTOEVENTO=\"Manual\",OR(H131>0,ORÇAMENTO!AC131=\"QUANT.\"),OR(K131=\"\",M131=0,N131=\"\")),\"►E\",IF(AND(ACOMPANHAMENTO=\"PLE\",ORÇAMENTO!AC131=\"QUANT.\"),\"►Q\",IF(AND(ACOMPANHAMENTO=\"PLE\",H131<>SUMPRODUCT(($Q$1:$AA$1=1)*ROUND(Q131:AA131,15))),\"►S\",IF(AND(COUNTIF($P$11:$AA$11,\"▼\")=0,H131>0,I131=\"\"),\"◄M\",\"\")))))","v":""},"19.instalação do SPDA",116,{"$f":"IF($D131<>\"Serviço\",\"\",\n          IF(AUTOEVENTO=\"manual\",$A131,\n                IF(ISERROR(MATCH($A131,$A$15:OFFSET($A131,-1,0),0)),MAX($M$15:OFFSET(M131,-1,0))+1,\n                      INDEX($M$15:OFFSET(M131,-1,0),MATCH($A131,$A$15:OFFSET($A131,-1,0),0)))))","v":19},{"$f":"IF($D131<>\"Serviço\",\"\",\n         IF(AUTOEVENTO=\"Manual\",\n                IF($A131=0,\"<-- defina o número do agrupador\",\n                       OFFSET(EVENTOS!$D$15,$A131-$A$15,0)),\n                OFFSET($F$15,$A131,0)))","v":"Serviços finais"},null,null,null,50,null,null,null,null,null,null,null,null,null,{"$f":"IF(AND($D131=\"Serviço\",AB$12<>0,$H131>0,OR(AUTOEVENTO<>\"manual\",$M131<>$A$15)),\n        IF(Import.TipoArredondamento<>\"TransfereGOV\",\n              ROUND(OFFSET($P131,0,AB$13),15-13*ORÇAMENTO!$AF$7)/$H131*OFFSET(ORÇAMENTO!$X$15,ROW(AB131)-ROW(AB$15),0),\n              ROUND(ROUND(OFFSET($P131,0,AB$13),15-13*ORÇAMENTO!$AF$7)*OFFSET(ORÇAMENTO!$W$15,ROW(AB131)-ROW(AB$15),0),15-13*ORÇAMENTO!$AF$11)),\n         0)","v":0},{"$f":"IF(AND($D131=\"Serviço\",AC$12<>0,$H131>0,OR(AUTOEVENTO<>\"manual\",$M131<>$A$15)),\n        IF(Import.TipoArredondamento<>\"TransfereGOV\",\n              ROUND(OFFSET($P131,0,AC$13),15-13*ORÇAMENTO!$AF$7)/$H131*OFFSET(ORÇAMENTO!$X$15,ROW(AC131)-ROW(AC$15),0),\n              ROUND(ROUND(OFFSET($P131,0,AC$13),15-13*ORÇAMENTO!$AF$7)*OFFSET(ORÇAMENTO!$W$15,ROW(AC131)-ROW(AC$15),0),15-13*ORÇAMENTO!$AF$11)),\n         0)","v":0},{"$f":"IF(AND($D131=\"Serviço\",AD$12<>0,$H131>0,OR(AUTOEVENTO<>\"manual\",$M131<>$A$15)),\n        IF(Import.TipoArredondamento<>\"TransfereGOV\",\n              ROUND(OFFSET($P131,0,AD$13),15-13*ORÇAMENTO!$AF$7)/$H131*OFFSET(ORÇAMENTO!$X$15,ROW(AD131)-ROW(AD$15),0),\n              ROUND(ROUND(OFFSET($P131,0,AD$13),15-13*ORÇAMENTO!$AF$7)*OFFSET(ORÇAMENTO!$W$15,ROW(AD131)-ROW(AD$15),0),15-13*ORÇAMENTO!$AF$11)),\n         0)","v":0},{"$f":"IF(AND($D131=\"Serviço\",AE$12<>0,$H131>0,OR(AUTOEVENTO<>\"manual\",$M131<>$A$15)),\n        IF(Import.TipoArredondamento<>\"TransfereGOV\",\n              ROUND(OFFSET($P131,0,AE$13),15-13*ORÇAMENTO!$AF$7)/$H131*OFFSET(ORÇAMENTO!$X$15,ROW(AE131)-ROW(AE$15),0),\n              ROUND(ROUND(OFFSET($P131,0,AE$13),15-13*ORÇAMENTO!$AF$7)*OFFSET(ORÇAMENTO!$W$15,ROW(AE131)-ROW(AE$15),0),15-13*ORÇAMENTO!$AF$11)),\n         0)","v":0},{"$f":"IF(AND($D131=\"Serviço\",AF$12<>0,$H131>0,OR(AUTOEVENTO<>\"manual\",$M131<>$A$15)),\n        IF(Import.TipoArredondamento<>\"TransfereGOV\",\n              ROUND(OFFSET($P131,0,AF$13),15-13*ORÇAMENTO!$AF$7)/$H131*OFFSET(ORÇAMENTO!$X$15,ROW(AF131)-ROW(AF$15),0),\n              ROUND(ROUND(OFFSET($P131,0,AF$13),15-13*ORÇAMENTO!$AF$7)*OFFSET(ORÇAMENTO!$W$15,ROW(AF131)-ROW(AF$15),0),15-13*ORÇAMENTO!$AF$11)),\n         0)","v":0},{"$f":"IF(AND($D131=\"Serviço\",AG$12<>0,$H131>0,OR(AUTOEVENTO<>\"manual\",$M131<>$A$15)),\n        IF(Import.TipoArredondamento<>\"TransfereGOV\",\n              ROUND(OFFSET($P131,0,AG$13),15-13*ORÇAMENTO!$AF$7)/$H131*OFFSET(ORÇAMENTO!$X$15,ROW(AG131)-ROW(AG$15),0),\n              ROUND(ROUND(OFFSET($P131,0,AG$13),15-13*ORÇAMENTO!$AF$7)*OFFSET(ORÇAMENTO!$W$15,ROW(AG131)-ROW(AG$15),0),15-13*ORÇAMENTO!$AF$11)),\n         0)","v":0},{"$f":"IF(AND($D131=\"Serviço\",AH$12<>0,$H131>0,OR(AUTOEVENTO<>\"manual\",$M131<>$A$15)),\n        IF(Import.TipoArredondamento<>\"TransfereGOV\",\n              ROUND(OFFSET($P131,0,AH$13),15-13*ORÇAMENTO!$AF$7)/$H131*OFFSET(ORÇAMENTO!$X$15,ROW(AH131)-ROW(AH$15),0),\n              ROUND(ROUND(OFFSET($P131,0,AH$13),15-13*ORÇAMENTO!$AF$7)*OFFSET(ORÇAMENTO!$W$15,ROW(AH131)-ROW(AH$15),0),15-13*ORÇAMENTO!$AF$11)),\n         0)","v":0},{"$f":"IF(AND($D131=\"Serviço\",AI$12<>0,$H131>0,OR(AUTOEVENTO<>\"manual\",$M131<>$A$15)),\n        IF(Import.TipoArredondamento<>\"TransfereGOV\",\n              ROUND(OFFSET($P131,0,AI$13),15-13*ORÇAMENTO!$AF$7)/$H131*OFFSET(ORÇAMENTO!$X$15,ROW(AI131)-ROW(AI$15),0),\n              ROUND(ROUND(OFFSET($P131,0,AI$13),15-13*ORÇAMENTO!$AF$7)*OFFSET(ORÇAMENTO!$W$15,ROW(AI131)-ROW(AI$15),0),15-13*ORÇAMENTO!$AF$11)),\n         0)","v":0},{"$f":"IF(AND($D131=\"Serviço\",AJ$12<>0,$H131>0,OR(AUTOEVENTO<>\"manual\",$M131<>$A$15)),\n        IF(Import.TipoArredondamento<>\"TransfereGOV\",\n              ROUND(OFFSET($P131,0,AJ$13),15-13*ORÇAMENTO!$AF$7)/$H131*OFFSET(ORÇAMENTO!$X$15,ROW(AJ131)-ROW(AJ$15),0),\n              ROUND(ROUND(OFFSET($P131,0,AJ$13),15-13*ORÇAMENTO!$AF$7)*OFFSET(ORÇAMENTO!$W$15,ROW(AJ131)-ROW(AJ$15),0),15-13*ORÇAMENTO!$AF$11)),\n         0)","v":0},{"$f":"IF(AND($D131=\"Serviço\",AK$12<>0,$H131>0,OR(AUTOEVENTO<>\"manual\",$M131<>$A$15)),\n        IF(Import.TipoArredondamento<>\"TransfereGOV\",\n              ROUND(OFFSET($P131,0,AK$13),15-13*ORÇAMENTO!$AF$7)/$H131*OFFSET(ORÇAMENTO!$X$15,ROW(AK131)-ROW(AK$15),0),\n              ROUND(ROUND(OFFSET($P131,0,AK$13),15-13*ORÇAMENTO!$AF$7)*OFFSET(ORÇAMENTO!$W$15,ROW(AK131)-ROW(AK$15),0),15-13*ORÇAMENTO!$AF$11)),\n         0)","v":0},null,{"$f":"IF(OR($D131<>\"Serviço\",AND(AUTOEVENTO=\"Manual\",$M131=$A$15)),0,\n         IF(OFFSET(CRONOPLE!$F$15,$M131-$A$15,AM$13)=0,10^12,OFFSET(CRONOPLE!$F$15,$M131-$A$15,AM$13)))","v":1000000000000},{"$f":"IF(OR($D131<>\"Serviço\",AND(AUTOEVENTO=\"Manual\",$M131=$A$15)),0,\n         IF(OFFSET(CRONOPLE!$F$15,$M131-$A$15,AN$13)=0,10^12,OFFSET(CRONOPLE!$F$15,$M131-$A$15,AN$13)))","v":6},{"$f":"IF(OR($D131<>\"Serviço\",AND(AUTOEVENTO=\"Manual\",$M131=$A$15)),0,\n         IF(OFFSET(CRONOPLE!$F$15,$M131-$A$15,AO$13)=0,10^12,OFFSET(CRONOPLE!$F$15,$M131-$A$15,AO$13)))","v":1000000000000},{"$f":"IF(OR($D131<>\"Serviço\",AND(AUTOEVENTO=\"Manual\",$M131=$A$15)),0,\n         IF(OFFSET(CRONOPLE!$F$15,$M131-$A$15,AP$13)=0,10^12,OFFSET(CRONOPLE!$F$15,$M131-$A$15,AP$13)))","v":1000000000000},{"$f":"IF(OR($D131<>\"Serviço\",AND(AUTOEVENTO=\"Manual\",$M131=$A$15)),0,\n         IF(OFFSET(CRONOPLE!$F$15,$M131-$A$15,AQ$13)=0,10^12,OFFSET(CRONOPLE!$F$15,$M131-$A$15,AQ$13)))","v":1000000000000},{"$f":"IF(OR($D131<>\"Serviço\",AND(AUTOEVENTO=\"Manual\",$M131=$A$15)),0,\n         IF(OFFSET(CRONOPLE!$F$15,$M131-$A$15,AR$13)=0,10^12,OFFSET(CRONOPLE!$F$15,$M131-$A$15,AR$13)))","v":1000000000000},{"$f":"IF(OR($D131<>\"Serviço\",AND(AUTOEVENTO=\"Manual\",$M131=$A$15)),0,\n         IF(OFFSET(CRONOPLE!$F$15,$M131-$A$15,AS$13)=0,10^12,OFFSET(CRONOPLE!$F$15,$M131-$A$15,AS$13)))","v":1000000000000},{"$f":"IF(OR($D131<>\"Serviço\",AND(AUTOEVENTO=\"Manual\",$M131=$A$15)),0,\n         IF(OFFSET(CRONOPLE!$F$15,$M131-$A$15,AT$13)=0,10^12,OFFSET(CRONOPLE!$F$15,$M131-$A$15,AT$13)))","v":1000000000000},{"$f":"IF(OR($D131<>\"Serviço\",AND(AUTOEVENTO=\"Manual\",$M131=$A$15)),0,\n         IF(OFFSET(CRONOPLE!$F$15,$M131-$A$15,AU$13)=0,10^12,OFFSET(CRONOPLE!$F$15,$M131-$A$15,AU$13)))","v":1000000000000},{"$f":"IF(OR($D131<>\"Serviço\",AND(AUTOEVENTO=\"Manual\",$M131=$A$15)),0,\n         IF(OFFSET(CRONOPLE!$F$15,$M131-$A$15,AV$13)=0,10^12,OFFSET(CRONOPLE!$F$15,$M131-$A$15,AV$13)))","v":1000000000000},null,{"$f":"IF(OR($D131<>\"Serviço\",AND(AUTOEVENTO=\"Manual\",$M131=$A$15),$M131>(ROW(PLE.lastrow)-ROW(PLE.firstrow))),0,\n           IF(OFFSET(PLE!$G$15,$M131-$A$15,AX$13)=\"\",10^12,OFFSET(PLE!$G$15,$M131-$A$15,AX$13)))","v":1000000000000},{"$f":"IF(OR($D131<>\"Serviço\",AND(AUTOEVENTO=\"Manual\",$M131=$A$15),$M131>(ROW(PLE.lastrow)-ROW(PLE.firstrow))),0,\n           IF(OFFSET(PLE!$G$15,$M131-$A$15,AY$13)=\"\",10^12,OFFSET(PLE!$G$15,$M131-$A$15,AY$13)))","v":1000000000000},{"$f":"IF(OR($D131<>\"Serviço\",AND(AUTOEVENTO=\"Manual\",$M131=$A$15),$M131>(ROW(PLE.lastrow)-ROW(PLE.firstrow))),0,\n           IF(OFFSET(PLE!$G$15,$M131-$A$15,AZ$13)=\"\",10^12,OFFSET(PLE!$G$15,$M131-$A$15,AZ$13)))","v":1000000000000},{"$f":"IF(OR($D131<>\"Serviço\",AND(AUTOEVENTO=\"Manual\",$M131=$A$15),$M131>(ROW(PLE.lastrow)-ROW(PLE.firstrow))),0,\n           IF(OFFSET(PLE!$G$15,$M131-$A$15,BA$13)=\"\",10^12,OFFSET(PLE!$G$15,$M131-$A$15,BA$13)))","v":1000000000000},{"$f":"IF(OR($D131<>\"Serviço\",AND(AUTOEVENTO=\"Manual\",$M131=$A$15),$M131>(ROW(PLE.lastrow)-ROW(PLE.firstrow))),0,\n           IF(OFFSET(PLE!$G$15,$M131-$A$15,BB$13)=\"\",10^12,OFFSET(PLE!$G$15,$M131-$A$15,BB$13)))","v":1000000000000},{"$f":"IF(OR($D131<>\"Serviço\",AND(AUTOEVENTO=\"Manual\",$M131=$A$15),$M131>(ROW(PLE.lastrow)-ROW(PLE.firstrow))),0,\n           IF(OFFSET(PLE!$G$15,$M131-$A$15,BC$13)=\"\",10^12,OFFSET(PLE!$G$15,$M131-$A$15,BC$13)))","v":1000000000000},{"$f":"IF(OR($D131<>\"Serviço\",AND(AUTOEVENTO=\"Manual\",$M131=$A$15),$M131>(ROW(PLE.lastrow)-ROW(PLE.firstrow))),0,\n           IF(OFFSET(PLE!$G$15,$M131-$A$15,BD$13)=\"\",10^12,OFFSET(PLE!$G$15,$M131-$A$15,BD$13)))","v":1000000000000},{"$f":"IF(OR($D131<>\"Serviço\",AND(AUTOEVENTO=\"Manual\",$M131=$A$15),$M131>(ROW(PLE.lastrow)-ROW(PLE.firstrow))),0,\n           IF(OFFSET(PLE!$G$15,$M131-$A$15,BE$13)=\"\",10^12,OFFSET(PLE!$G$15,$M131-$A$15,BE$13)))","v":1000000000000},{"$f":"IF(OR($D131<>\"Serviço\",AND(AUTOEVENTO=\"Manual\",$M131=$A$15),$M131>(ROW(PLE.lastrow)-ROW(PLE.firstrow))),0,\n           IF(OFFSET(PLE!$G$15,$M131-$A$15,BF$13)=\"\",10^12,OFFSET(PLE!$G$15,$M131-$A$15,BF$13)))","v":1000000000000},{"$f":"IF(OR($D131<>\"Serviço\",AND(AUTOEVENTO=\"Manual\",$M131=$A$15),$M131>(ROW(PLE.lastrow)-ROW(PLE.firstrow))),0,\n           IF(OFFSET(PLE!$G$15,$M131-$A$15,BG$13)=\"\",10^12,OFFSET(PLE!$G$15,$M131-$A$15,BG$13)))","v":1000000000000}]
[19,{"$f":"OFFSET(ORÇAMENTO!C$15,$L132,0)","v":"S"},{"$f":"OFFSET(ORÇAMENTO!L$15,$L132,0)","v":"F"},{"$f":"OFFSET(ORÇAMENTO!N$15,$L132,0)","v":"Serviço"},{"$f":"OFFSET(ORÇAMENTO!O$15,$L132,0)","v":"1.14.7."},{"$f":"OFFSET(ORÇAMENTO!R$15,$L132,0)","v":"CONEXAO ATRAVES DE SOLDA EXOTERMICA, INCLUSO MOLDE, PALITO IGNITOR E ALICATE - FORNECIMENTO E INSTALAÇÃO"},{"$f":"IF($D132<>\"Serviço\",\"\",OFFSET(ORÇAMENTO!S$15,$L132,0))","v":"UN"},{"$f":"IF($D132<>\"Serviço\",0,IF(ACOMPANHAMENTO=\"BM\",ROUND(OFFSET(ORÇAMENTO!AJ$15,$L132,0),15-13*ORÇAMENTO!$AF$7),IF(IFERROR(CÁLCULO.FrentesPreenchidas,0)=0,0,SUM(ROUND(OFFSET($P132,0,1,1,CÁLCULO.FrentesPreenchidas),15-13*ORÇAMENTO!$AF$7)))))","v":10},"CONFORME TABELA DE QUANTITATIVOS SPDA",{"$f":"IF(OR(B132<>\"S\",CÁLCULO.FrentesPreenchidas=0),\"\",IF(AND(ACOMPANHAMENTO=\"PLE\",AUTOEVENTO=\"Manual\",OR(H132>0,ORÇAMENTO!AC132=\"QUANT.\"),OR(K132=\"\",M132=0,N132=\"\")),\"►E\",IF(AND(ACOMPANHAMENTO=\"PLE\",ORÇAMENTO!AC132=\"QUANT.\"),\"►Q\",IF(AND(ACOMPANHAMENTO=\"PLE\",H132<>SUMPRODUCT(($Q$1:$AA$1=1)*ROUND(Q132:AA132,15))),\"►S\",IF(AND(COUNTIF($P$11:$AA$11,\"▼\")=0,H132>0,I132=\"\"),\"◄M\",\"\")))))","v":""},"19.instalação do SPDA",117,{"$f":"IF($D132<>\"Serviço\",\"\",\n          IF(AUTOEVENTO=\"manual\",$A132,\n                IF(ISERROR(MATCH($A132,$A$15:OFFSET($A132,-1,0),0)),MAX($M$15:OFFSET(M132,-1,0))+1,\n                      INDEX($M$15:OFFSET(M132,-1,0),MATCH($A132,$A$15:OFFSET($A132,-1,0),0)))))","v":19},{"$f":"IF($D132<>\"Serviço\",\"\",\n         IF(AUTOEVENTO=\"Manual\",\n                IF($A132=0,\"<-- defina o número do agrupador\",\n                       OFFSET(EVENTOS!$D$15,$A132-$A$15,0)),\n                OFFSET($F$15,$A132,0)))","v":"Serviços finais"},null,null,null,10,null,null,null,null,null,null,null,null,null,{"$f":"IF(AND($D132=\"Serviço\",AB$12<>0,$H132>0,OR(AUTOEVENTO<>\"manual\",$M132<>$A$15)),\n        IF(Import.TipoArredondamento<>\"TransfereGOV\",\n              ROUND(OFFSET($P132,0,AB$13),15-13*ORÇAMENTO!$AF$7)/$H132*OFFSET(ORÇAMENTO!$X$15,ROW(AB132)-ROW(AB$15),0),\n              ROUND(ROUND(OFFSET($P132,0,AB$13),15-13*ORÇAMENTO!$AF$7)*OFFSET(ORÇAMENTO!$W$15,ROW(AB132)-ROW(AB$15),0),15-13*ORÇAMENTO!$AF$11)),\n         0)","v":0},{"$f":"IF(AND($D132=\"Serviço\",AC$12<>0,$H132>0,OR(AUTOEVENTO<>\"manual\",$M132<>$A$15)),\n        IF(Import.TipoArredondamento<>\"TransfereGOV\",\n              ROUND(OFFSET($P132,0,AC$13),15-13*ORÇAMENTO!$AF$7)/$H132*OFFSET(ORÇAMENTO!$X$15,ROW(AC132)-ROW(AC$15),0),\n              ROUND(ROUND(OFFSET($P132,0,AC$13),15-13*ORÇAMENTO!$AF$7)*OFFSET(ORÇAMENTO!$W$15,ROW(AC132)-ROW(AC$15),0),15-13*ORÇAMENTO!$AF$11)),\n         0)","v":0},{"$f":"IF(AND($D132=\"Serviço\",AD$12<>0,$H132>0,OR(AUTOEVENTO<>\"manual\",$M132<>$A$15)),\n        IF(Import.TipoArredondamento<>\"TransfereGOV\",\n              ROUND(OFFSET($P132,0,AD$13),15-13*ORÇAMENTO!$AF$7)/$H132*OFFSET(ORÇAMENTO!$X$15,ROW(AD132)-ROW(AD$15),0),\n              ROUND(ROUND(OFFSET($P132,0,AD$13),15-13*ORÇAMENTO!$AF$7)*OFFSET(ORÇAMENTO!$W$15,ROW(AD132)-ROW(AD$15),0),15-13*ORÇAMENTO!$AF$11)),\n         0)","v":0},{"$f":"IF(AND($D132=\"Serviço\",AE$12<>0,$H132>0,OR(AUTOEVENTO<>\"manual\",$M132<>$A$15)),\n        IF(Import.TipoArredondamento<>\"TransfereGOV\",\n              ROUND(OFFSET($P132,0,AE$13),15-13*ORÇAMENTO!$AF$7)/$H132*OFFSET(ORÇAMENTO!$X$15,ROW(AE132)-ROW(AE$15),0),\n              ROUND(ROUND(OFFSET($P132,0,AE$13),15-13*ORÇAMENTO!$AF$7)*OFFSET(ORÇAMENTO!$W$15,ROW(AE132)-ROW(AE$15),0),15-13*ORÇAMENTO!$AF$11)),\n         0)","v":0},{"$f":"IF(AND($D132=\"Serviço\",AF$12<>0,$H132>0,OR(AUTOEVENTO<>\"manual\",$M132<>$A$15)),\n        IF(Import.TipoArredondamento<>\"TransfereGOV\",\n              ROUND(OFFSET($P132,0,AF$13),15-13*ORÇAMENTO!$AF$7)/$H132*OFFSET(ORÇAMENTO!$X$15,ROW(AF132)-ROW(AF$15),0),\n              ROUND(ROUND(OFFSET($P132,0,AF$13),15-13*ORÇAMENTO!$AF$7)*OFFSET(ORÇAMENTO!$W$15,ROW(AF132)-ROW(AF$15),0),15-13*ORÇAMENTO!$AF$11)),\n         0)","v":0},{"$f":"IF(AND($D132=\"Serviço\",AG$12<>0,$H132>0,OR(AUTOEVENTO<>\"manual\",$M132<>$A$15)),\n        IF(Import.TipoArredondamento<>\"TransfereGOV\",\n              ROUND(OFFSET($P132,0,AG$13),15-13*ORÇAMENTO!$AF$7)/$H132*OFFSET(ORÇAMENTO!$X$15,ROW(AG132)-ROW(AG$15),0),\n              ROUND(ROUND(OFFSET($P132,0,AG$13),15-13*ORÇAMENTO!$AF$7)*OFFSET(ORÇAMENTO!$W$15,ROW(AG132)-ROW(AG$15),0),15-13*ORÇAMENTO!$AF$11)),\n         0)","v":0},{"$f":"IF(AND($D132=\"Serviço\",AH$12<>0,$H132>0,OR(AUTOEVENTO<>\"manual\",$M132<>$A$15)),\n        IF(Import.TipoArredondamento<>\"TransfereGOV\",\n              ROUND(OFFSET($P132,0,AH$13),15-13*ORÇAMENTO!$AF$7)/$H132*OFFSET(ORÇAMENTO!$X$15,ROW(AH132)-ROW(AH$15),0),\n              ROUND(ROUND(OFFSET($P132,0,AH$13),15-13*ORÇAMENTO!$AF$7)*OFFSET(ORÇAMENTO!$W$15,ROW(AH132)-ROW(AH$15),0),15-13*ORÇAMENTO!$AF$11)),\n         0)","v":0},{"$f":"IF(AND($D132=\"Serviço\",AI$12<>0,$H132>0,OR(AUTOEVENTO<>\"manual\",$M132<>$A$15)),\n        IF(Import.TipoArredondamento<>\"TransfereGOV\",\n              ROUND(OFFSET($P132,0,AI$13),15-13*ORÇAMENTO!$AF$7)/$H132*OFFSET(ORÇAMENTO!$X$15,ROW(AI132)-ROW(AI$15),0),\n              ROUND(ROUND(OFFSET($P132,0,AI$13),15-13*ORÇAMENTO!$AF$7)*OFFSET(ORÇAMENTO!$W$15,ROW(AI132)-ROW(AI$15),0),15-13*ORÇAMENTO!$AF$11)),\n         0)","v":0},{"$f":"IF(AND($D132=\"Serviço\",AJ$12<>0,$H132>0,OR(AUTOEVENTO<>\"manual\",$M132<>$A$15)),\n        IF(Import.TipoArredondamento<>\"TransfereGOV\",\n              ROUND(OFFSET($P132,0,AJ$13),15-13*ORÇAMENTO!$AF$7)/$H132*OFFSET(ORÇAMENTO!$X$15,ROW(AJ132)-ROW(AJ$15),0),\n              ROUND(ROUND(OFFSET($P132,0,AJ$13),15-13*ORÇAMENTO!$AF$7)*OFFSET(ORÇAMENTO!$W$15,ROW(AJ132)-ROW(AJ$15),0),15-13*ORÇAMENTO!$AF$11)),\n         0)","v":0},{"$f":"IF(AND($D132=\"Serviço\",AK$12<>0,$H132>0,OR(AUTOEVENTO<>\"manual\",$M132<>$A$15)),\n        IF(Import.TipoArredondamento<>\"TransfereGOV\",\n              ROUND(OFFSET($P132,0,AK$13),15-13*ORÇAMENTO!$AF$7)/$H132*OFFSET(ORÇAMENTO!$X$15,ROW(AK132)-ROW(AK$15),0),\n              ROUND(ROUND(OFFSET($P132,0,AK$13),15-13*ORÇAMENTO!$AF$7)*OFFSET(ORÇAMENTO!$W$15,ROW(AK132)-ROW(AK$15),0),15-13*ORÇAMENTO!$AF$11)),\n         0)","v":0},null,{"$f":"IF(OR($D132<>\"Serviço\",AND(AUTOEVENTO=\"Manual\",$M132=$A$15)),0,\n         IF(OFFSET(CRONOPLE!$F$15,$M132-$A$15,AM$13)=0,10^12,OFFSET(CRONOPLE!$F$15,$M132-$A$15,AM$13)))","v":1000000000000},{"$f":"IF(OR($D132<>\"Serviço\",AND(AUTOEVENTO=\"Manual\",$M132=$A$15)),0,\n         IF(OFFSET(CRONOPLE!$F$15,$M132-$A$15,AN$13)=0,10^12,OFFSET(CRONOPLE!$F$15,$M132-$A$15,AN$13)))","v":6},{"$f":"IF(OR($D132<>\"Serviço\",AND(AUTOEVENTO=\"Manual\",$M132=$A$15)),0,\n         IF(OFFSET(CRONOPLE!$F$15,$M132-$A$15,AO$13)=0,10^12,OFFSET(CRONOPLE!$F$15,$M132-$A$15,AO$13)))","v":1000000000000},{"$f":"IF(OR($D132<>\"Serviço\",AND(AUTOEVENTO=\"Manual\",$M132=$A$15)),0,\n         IF(OFFSET(CRONOPLE!$F$15,$M132-$A$15,AP$13)=0,10^12,OFFSET(CRONOPLE!$F$15,$M132-$A$15,AP$13)))","v":1000000000000},{"$f":"IF(OR($D132<>\"Serviço\",AND(AUTOEVENTO=\"Manual\",$M132=$A$15)),0,\n         IF(OFFSET(CRONOPLE!$F$15,$M132-$A$15,AQ$13)=0,10^12,OFFSET(CRONOPLE!$F$15,$M132-$A$15,AQ$13)))","v":1000000000000},{"$f":"IF(OR($D132<>\"Serviço\",AND(AUTOEVENTO=\"Manual\",$M132=$A$15)),0,\n         IF(OFFSET(CRONOPLE!$F$15,$M132-$A$15,AR$13)=0,10^12,OFFSET(CRONOPLE!$F$15,$M132-$A$15,AR$13)))","v":1000000000000},{"$f":"IF(OR($D132<>\"Serviço\",AND(AUTOEVENTO=\"Manual\",$M132=$A$15)),0,\n         IF(OFFSET(CRONOPLE!$F$15,$M132-$A$15,AS$13)=0,10^12,OFFSET(CRONOPLE!$F$15,$M132-$A$15,AS$13)))","v":1000000000000},{"$f":"IF(OR($D132<>\"Serviço\",AND(AUTOEVENTO=\"Manual\",$M132=$A$15)),0,\n         IF(OFFSET(CRONOPLE!$F$15,$M132-$A$15,AT$13)=0,10^12,OFFSET(CRONOPLE!$F$15,$M132-$A$15,AT$13)))","v":1000000000000},{"$f":"IF(OR($D132<>\"Serviço\",AND(AUTOEVENTO=\"Manual\",$M132=$A$15)),0,\n         IF(OFFSET(CRONOPLE!$F$15,$M132-$A$15,AU$13)=0,10^12,OFFSET(CRONOPLE!$F$15,$M132-$A$15,AU$13)))","v":1000000000000},{"$f":"IF(OR($D132<>\"Serviço\",AND(AUTOEVENTO=\"Manual\",$M132=$A$15)),0,\n         IF(OFFSET(CRONOPLE!$F$15,$M132-$A$15,AV$13)=0,10^12,OFFSET(CRONOPLE!$F$15,$M132-$A$15,AV$13)))","v":1000000000000},null,{"$f":"IF(OR($D132<>\"Serviço\",AND(AUTOEVENTO=\"Manual\",$M132=$A$15),$M132>(ROW(PLE.lastrow)-ROW(PLE.firstrow))),0,\n           IF(OFFSET(PLE!$G$15,$M132-$A$15,AX$13)=\"\",10^12,OFFSET(PLE!$G$15,$M132-$A$15,AX$13)))","v":1000000000000},{"$f":"IF(OR($D132<>\"Serviço\",AND(AUTOEVENTO=\"Manual\",$M132=$A$15),$M132>(ROW(PLE.lastrow)-ROW(PLE.firstrow))),0,\n           IF(OFFSET(PLE!$G$15,$M132-$A$15,AY$13)=\"\",10^12,OFFSET(PLE!$G$15,$M132-$A$15,AY$13)))","v":1000000000000},{"$f":"IF(OR($D132<>\"Serviço\",AND(AUTOEVENTO=\"Manual\",$M132=$A$15),$M132>(ROW(PLE.lastrow)-ROW(PLE.firstrow))),0,\n           IF(OFFSET(PLE!$G$15,$M132-$A$15,AZ$13)=\"\",10^12,OFFSET(PLE!$G$15,$M132-$A$15,AZ$13)))","v":1000000000000},{"$f":"IF(OR($D132<>\"Serviço\",AND(AUTOEVENTO=\"Manual\",$M132=$A$15),$M132>(ROW(PLE.lastrow)-ROW(PLE.firstrow))),0,\n           IF(OFFSET(PLE!$G$15,$M132-$A$15,BA$13)=\"\",10^12,OFFSET(PLE!$G$15,$M132-$A$15,BA$13)))","v":1000000000000},{"$f":"IF(OR($D132<>\"Serviço\",AND(AUTOEVENTO=\"Manual\",$M132=$A$15),$M132>(ROW(PLE.lastrow)-ROW(PLE.firstrow))),0,\n           IF(OFFSET(PLE!$G$15,$M132-$A$15,BB$13)=\"\",10^12,OFFSET(PLE!$G$15,$M132-$A$15,BB$13)))","v":1000000000000},{"$f":"IF(OR($D132<>\"Serviço\",AND(AUTOEVENTO=\"Manual\",$M132=$A$15),$M132>(ROW(PLE.lastrow)-ROW(PLE.firstrow))),0,\n           IF(OFFSET(PLE!$G$15,$M132-$A$15,BC$13)=\"\",10^12,OFFSET(PLE!$G$15,$M132-$A$15,BC$13)))","v":1000000000000},{"$f":"IF(OR($D132<>\"Serviço\",AND(AUTOEVENTO=\"Manual\",$M132=$A$15),$M132>(ROW(PLE.lastrow)-ROW(PLE.firstrow))),0,\n           IF(OFFSET(PLE!$G$15,$M132-$A$15,BD$13)=\"\",10^12,OFFSET(PLE!$G$15,$M132-$A$15,BD$13)))","v":1000000000000},{"$f":"IF(OR($D132<>\"Serviço\",AND(AUTOEVENTO=\"Manual\",$M132=$A$15),$M132>(ROW(PLE.lastrow)-ROW(PLE.firstrow))),0,\n           IF(OFFSET(PLE!$G$15,$M132-$A$15,BE$13)=\"\",10^12,OFFSET(PLE!$G$15,$M132-$A$15,BE$13)))","v":1000000000000},{"$f":"IF(OR($D132<>\"Serviço\",AND(AUTOEVENTO=\"Manual\",$M132=$A$15),$M132>(ROW(PLE.lastrow)-ROW(PLE.firstrow))),0,\n           IF(OFFSET(PLE!$G$15,$M132-$A$15,BF$13)=\"\",10^12,OFFSET(PLE!$G$15,$M132-$A$15,BF$13)))","v":1000000000000},{"$f":"IF(OR($D132<>\"Serviço\",AND(AUTOEVENTO=\"Manual\",$M132=$A$15),$M132>(ROW(PLE.lastrow)-ROW(PLE.firstrow))),0,\n           IF(OFFSET(PLE!$G$15,$M132-$A$15,BG$13)=\"\",10^12,OFFSET(PLE!$G$15,$M132-$A$15,BG$13)))","v":1000000000000}]
[19,{"$f":"OFFSET(ORÇAMENTO!C$15,$L133,0)","v":"S"},{"$f":"OFFSET(ORÇAMENTO!L$15,$L133,0)","v":"F"},{"$f":"OFFSET(ORÇAMENTO!N$15,$L133,0)","v":"Serviço"},{"$f":"OFFSET(ORÇAMENTO!O$15,$L133,0)","v":"1.14.8."},{"$f":"OFFSET(ORÇAMENTO!R$15,$L133,0)","v":"ESCAVAÇÃO MANUAL DE VALA. AF_09/2024"},{"$f":"IF($D133<>\"Serviço\",\"\",OFFSET(ORÇAMENTO!S$15,$L133,0))","v":"M3"},{"$f":"IF($D133<>\"Serviço\",0,IF(ACOMPANHAMENTO=\"BM\",ROUND(OFFSET(ORÇAMENTO!AJ$15,$L133,0),15-13*ORÇAMENTO!$AF$7),IF(IFERROR(CÁLCULO.FrentesPreenchidas,0)=0,0,SUM(ROUND(OFFSET($P133,0,1,1,CÁLCULO.FrentesPreenchidas),15-13*ORÇAMENTO!$AF$7)))))","v":25.5},"170M X0,30 X0,50",{"$f":"IF(OR(B133<>\"S\",CÁLCULO.FrentesPreenchidas=0),\"\",IF(AND(ACOMPANHAMENTO=\"PLE\",AUTOEVENTO=\"Manual\",OR(H133>0,ORÇAMENTO!AC133=\"QUANT.\"),OR(K133=\"\",M133=0,N133=\"\")),\"►E\",IF(AND(ACOMPANHAMENTO=\"PLE\",ORÇAMENTO!AC133=\"QUANT.\"),\"►Q\",IF(AND(ACOMPANHAMENTO=\"PLE\",H133<>SUMPRODUCT(($Q$1:$AA$1=1)*ROUND(Q133:AA133,15))),\"►S\",IF(AND(COUNTIF($P$11:$AA$11,\"▼\")=0,H133>0,I133=\"\"),\"◄M\",\"\")))))","v":""},"19.instalação do SPDA",118,{"$f":"IF($D133<>\"Serviço\",\"\",\n          IF(AUTOEVENTO=\"manual\",$A133,\n                IF(ISERROR(MATCH($A133,$A$15:OFFSET($A133,-1,0),0)),MAX($M$15:OFFSET(M133,-1,0))+1,\n                      INDEX($M$15:OFFSET(M133,-1,0),MATCH($A133,$A$15:OFFSET($A133,-1,0),0)))))","v":19},{"$f":"IF($D133<>\"Serviço\",\"\",\n         IF(AUTOEVENTO=\"Manual\",\n                IF($A133=0,\"<-- defina o número do agrupador\",\n                       OFFSET(EVENTOS!$D$15,$A133-$A$15,0)),\n                OFFSET($F$15,$A133,0)))","v":"Serviços finais"},null,null,null,{"$f":"170*0.3*0.5","v":25.5},null,null,null,null,null,null,null,null,null,{"$f":"IF(AND($D133=\"Serviço\",AB$12<>0,$H133>0,OR(AUTOEVENTO<>\"manual\",$M133<>$A$15)),\n        IF(Import.TipoArredondamento<>\"TransfereGOV\",\n              ROUND(OFFSET($P133,0,AB$13),15-13*ORÇAMENTO!$AF$7)/$H133*OFFSET(ORÇAMENTO!$X$15,ROW(AB133)-ROW(AB$15),0),\n              ROUND(ROUND(OFFSET($P133,0,AB$13),15-13*ORÇAMENTO!$AF$7)*OFFSET(ORÇAMENTO!$W$15,ROW(AB133)-ROW(AB$15),0),15-13*ORÇAMENTO!$AF$11)),\n         0)","v":0},{"$f":"IF(AND($D133=\"Serviço\",AC$12<>0,$H133>0,OR(AUTOEVENTO<>\"manual\",$M133<>$A$15)),\n        IF(Import.TipoArredondamento<>\"TransfereGOV\",\n              ROUND(OFFSET($P133,0,AC$13),15-13*ORÇAMENTO!$AF$7)/$H133*OFFSET(ORÇAMENTO!$X$15,ROW(AC133)-ROW(AC$15),0),\n              ROUND(ROUND(OFFSET($P133,0,AC$13),15-13*ORÇAMENTO!$AF$7)*OFFSET(ORÇAMENTO!$W$15,ROW(AC133)-ROW(AC$15),0),15-13*ORÇAMENTO!$AF$11)),\n         0)","v":0},{"$f":"IF(AND($D133=\"Serviço\",AD$12<>0,$H133>0,OR(AUTOEVENTO<>\"manual\",$M133<>$A$15)),\n        IF(Import.TipoArredondamento<>\"TransfereGOV\",\n              ROUND(OFFSET($P133,0,AD$13),15-13*ORÇAMENTO!$AF$7)/$H133*OFFSET(ORÇAMENTO!$X$15,ROW(AD133)-ROW(AD$15),0),\n              ROUND(ROUND(OFFSET($P133,0,AD$13),15-13*ORÇAMENTO!$AF$7)*OFFSET(ORÇAMENTO!$W$15,ROW(AD133)-ROW(AD$15),0),15-13*ORÇAMENTO!$AF$11)),\n         0)","v":0},{"$f":"IF(AND($D133=\"Serviço\",AE$12<>0,$H133>0,OR(AUTOEVENTO<>\"manual\",$M133<>$A$15)),\n        IF(Import.TipoArredondamento<>\"TransfereGOV\",\n              ROUND(OFFSET($P133,0,AE$13),15-13*ORÇAMENTO!$AF$7)/$H133*OFFSET(ORÇAMENTO!$X$15,ROW(AE133)-ROW(AE$15),0),\n              ROUND(ROUND(OFFSET($P133,0,AE$13),15-13*ORÇAMENTO!$AF$7)*OFFSET(ORÇAMENTO!$W$15,ROW(AE133)-ROW(AE$15),0),15-13*ORÇAMENTO!$AF$11)),\n         0)","v":0},{"$f":"IF(AND($D133=\"Serviço\",AF$12<>0,$H133>0,OR(AUTOEVENTO<>\"manual\",$M133<>$A$15)),\n        IF(Import.TipoArredondamento<>\"TransfereGOV\",\n              ROUND(OFFSET($P133,0,AF$13),15-13*ORÇAMENTO!$AF$7)/$H133*OFFSET(ORÇAMENTO!$X$15,ROW(AF133)-ROW(AF$15),0),\n              ROUND(ROUND(OFFSET($P133,0,AF$13),15-13*ORÇAMENTO!$AF$7)*OFFSET(ORÇAMENTO!$W$15,ROW(AF133)-ROW(AF$15),0),15-13*ORÇAMENTO!$AF$11)),\n         0)","v":0},{"$f":"IF(AND($D133=\"Serviço\",AG$12<>0,$H133>0,OR(AUTOEVENTO<>\"manual\",$M133<>$A$15)),\n        IF(Import.TipoArredondamento<>\"TransfereGOV\",\n              ROUND(OFFSET($P133,0,AG$13),15-13*ORÇAMENTO!$AF$7)/$H133*OFFSET(ORÇAMENTO!$X$15,ROW(AG133)-ROW(AG$15),0),\n              ROUND(ROUND(OFFSET($P133,0,AG$13),15-13*ORÇAMENTO!$AF$7)*OFFSET(ORÇAMENTO!$W$15,ROW(AG133)-ROW(AG$15),0),15-13*ORÇAMENTO!$AF$11)),\n         0)","v":0},{"$f":"IF(AND($D133=\"Serviço\",AH$12<>0,$H133>0,OR(AUTOEVENTO<>\"manual\",$M133<>$A$15)),\n        IF(Import.TipoArredondamento<>\"TransfereGOV\",\n              ROUND(OFFSET($P133,0,AH$13),15-13*ORÇAMENTO!$AF$7)/$H133*OFFSET(ORÇAMENTO!$X$15,ROW(AH133)-ROW(AH$15),0),\n              ROUND(ROUND(OFFSET($P133,0,AH$13),15-13*ORÇAMENTO!$AF$7)*OFFSET(ORÇAMENTO!$W$15,ROW(AH133)-ROW(AH$15),0),15-13*ORÇAMENTO!$AF$11)),\n         0)","v":0},{"$f":"IF(AND($D133=\"Serviço\",AI$12<>0,$H133>0,OR(AUTOEVENTO<>\"manual\",$M133<>$A$15)),\n        IF(Import.TipoArredondamento<>\"TransfereGOV\",\n              ROUND(OFFSET($P133,0,AI$13),15-13*ORÇAMENTO!$AF$7)/$H133*OFFSET(ORÇAMENTO!$X$15,ROW(AI133)-ROW(AI$15),0),\n              ROUND(ROUND(OFFSET($P133,0,AI$13),15-13*ORÇAMENTO!$AF$7)*OFFSET(ORÇAMENTO!$W$15,ROW(AI133)-ROW(AI$15),0),15-13*ORÇAMENTO!$AF$11)),\n         0)","v":0},{"$f":"IF(AND($D133=\"Serviço\",AJ$12<>0,$H133>0,OR(AUTOEVENTO<>\"manual\",$M133<>$A$15)),\n        IF(Import.TipoArredondamento<>\"TransfereGOV\",\n              ROUND(OFFSET($P133,0,AJ$13),15-13*ORÇAMENTO!$AF$7)/$H133*OFFSET(ORÇAMENTO!$X$15,ROW(AJ133)-ROW(AJ$15),0),\n              ROUND(ROUND(OFFSET($P133,0,AJ$13),15-13*ORÇAMENTO!$AF$7)*OFFSET(ORÇAMENTO!$W$15,ROW(AJ133)-ROW(AJ$15),0),15-13*ORÇAMENTO!$AF$11)),\n         0)","v":0},{"$f":"IF(AND($D133=\"Serviço\",AK$12<>0,$H133>0,OR(AUTOEVENTO<>\"manual\",$M133<>$A$15)),\n        IF(Import.TipoArredondamento<>\"TransfereGOV\",\n              ROUND(OFFSET($P133,0,AK$13),15-13*ORÇAMENTO!$AF$7)/$H133*OFFSET(ORÇAMENTO!$X$15,ROW(AK133)-ROW(AK$15),0),\n              ROUND(ROUND(OFFSET($P133,0,AK$13),15-13*ORÇAMENTO!$AF$7)*OFFSET(ORÇAMENTO!$W$15,ROW(AK133)-ROW(AK$15),0),15-13*ORÇAMENTO!$AF$11)),\n         0)","v":0},null,{"$f":"IF(OR($D133<>\"Serviço\",AND(AUTOEVENTO=\"Manual\",$M133=$A$15)),0,\n         IF(OFFSET(CRONOPLE!$F$15,$M133-$A$15,AM$13)=0,10^12,OFFSET(CRONOPLE!$F$15,$M133-$A$15,AM$13)))","v":1000000000000},{"$f":"IF(OR($D133<>\"Serviço\",AND(AUTOEVENTO=\"Manual\",$M133=$A$15)),0,\n         IF(OFFSET(CRONOPLE!$F$15,$M133-$A$15,AN$13)=0,10^12,OFFSET(CRONOPLE!$F$15,$M133-$A$15,AN$13)))","v":6},{"$f":"IF(OR($D133<>\"Serviço\",AND(AUTOEVENTO=\"Manual\",$M133=$A$15)),0,\n         IF(OFFSET(CRONOPLE!$F$15,$M133-$A$15,AO$13)=0,10^12,OFFSET(CRONOPLE!$F$15,$M133-$A$15,AO$13)))","v":1000000000000},{"$f":"IF(OR($D133<>\"Serviço\",AND(AUTOEVENTO=\"Manual\",$M133=$A$15)),0,\n         IF(OFFSET(CRONOPLE!$F$15,$M133-$A$15,AP$13)=0,10^12,OFFSET(CRONOPLE!$F$15,$M133-$A$15,AP$13)))","v":1000000000000},{"$f":"IF(OR($D133<>\"Serviço\",AND(AUTOEVENTO=\"Manual\",$M133=$A$15)),0,\n         IF(OFFSET(CRONOPLE!$F$15,$M133-$A$15,AQ$13)=0,10^12,OFFSET(CRONOPLE!$F$15,$M133-$A$15,AQ$13)))","v":1000000000000},{"$f":"IF(OR($D133<>\"Serviço\",AND(AUTOEVENTO=\"Manual\",$M133=$A$15)),0,\n         IF(OFFSET(CRONOPLE!$F$15,$M133-$A$15,AR$13)=0,10^12,OFFSET(CRONOPLE!$F$15,$M133-$A$15,AR$13)))","v":1000000000000},{"$f":"IF(OR($D133<>\"Serviço\",AND(AUTOEVENTO=\"Manual\",$M133=$A$15)),0,\n         IF(OFFSET(CRONOPLE!$F$15,$M133-$A$15,AS$13)=0,10^12,OFFSET(CRONOPLE!$F$15,$M133-$A$15,AS$13)))","v":1000000000000},{"$f":"IF(OR($D133<>\"Serviço\",AND(AUTOEVENTO=\"Manual\",$M133=$A$15)),0,\n         IF(OFFSET(CRONOPLE!$F$15,$M133-$A$15,AT$13)=0,10^12,OFFSET(CRONOPLE!$F$15,$M133-$A$15,AT$13)))","v":1000000000000},{"$f":"IF(OR($D133<>\"Serviço\",AND(AUTOEVENTO=\"Manual\",$M133=$A$15)),0,\n         IF(OFFSET(CRONOPLE!$F$15,$M133-$A$15,AU$13)=0,10^12,OFFSET(CRONOPLE!$F$15,$M133-$A$15,AU$13)))","v":1000000000000},{"$f":"IF(OR($D133<>\"Serviço\",AND(AUTOEVENTO=\"Manual\",$M133=$A$15)),0,\n         IF(OFFSET(CRONOPLE!$F$15,$M133-$A$15,AV$13)=0,10^12,OFFSET(CRONOPLE!$F$15,$M133-$A$15,AV$13)))","v":1000000000000},null,{"$f":"IF(OR($D133<>\"Serviço\",AND(AUTOEVENTO=\"Manual\",$M133=$A$15),$M133>(ROW(PLE.lastrow)-ROW(PLE.firstrow))),0,\n           IF(OFFSET(PLE!$G$15,$M133-$A$15,AX$13)=\"\",10^12,OFFSET(PLE!$G$15,$M133-$A$15,AX$13)))","v":1000000000000},{"$f":"IF(OR($D133<>\"Serviço\",AND(AUTOEVENTO=\"Manual\",$M133=$A$15),$M133>(ROW(PLE.lastrow)-ROW(PLE.firstrow))),0,\n           IF(OFFSET(PLE!$G$15,$M133-$A$15,AY$13)=\"\",10^12,OFFSET(PLE!$G$15,$M133-$A$15,AY$13)))","v":1000000000000},{"$f":"IF(OR($D133<>\"Serviço\",AND(AUTOEVENTO=\"Manual\",$M133=$A$15),$M133>(ROW(PLE.lastrow)-ROW(PLE.firstrow))),0,\n           IF(OFFSET(PLE!$G$15,$M133-$A$15,AZ$13)=\"\",10^12,OFFSET(PLE!$G$15,$M133-$A$15,AZ$13)))","v":1000000000000},{"$f":"IF(OR($D133<>\"Serviço\",AND(AUTOEVENTO=\"Manual\",$M133=$A$15),$M133>(ROW(PLE.lastrow)-ROW(PLE.firstrow))),0,\n           IF(OFFSET(PLE!$G$15,$M133-$A$15,BA$13)=\"\",10^12,OFFSET(PLE!$G$15,$M133-$A$15,BA$13)))","v":1000000000000},{"$f":"IF(OR($D133<>\"Serviço\",AND(AUTOEVENTO=\"Manual\",$M133=$A$15),$M133>(ROW(PLE.lastrow)-ROW(PLE.firstrow))),0,\n           IF(OFFSET(PLE!$G$15,$M133-$A$15,BB$13)=\"\",10^12,OFFSET(PLE!$G$15,$M133-$A$15,BB$13)))","v":1000000000000},{"$f":"IF(OR($D133<>\"Serviço\",AND(AUTOEVENTO=\"Manual\",$M133=$A$15),$M133>(ROW(PLE.lastrow)-ROW(PLE.firstrow))),0,\n           IF(OFFSET(PLE!$G$15,$M133-$A$15,BC$13)=\"\",10^12,OFFSET(PLE!$G$15,$M133-$A$15,BC$13)))","v":1000000000000},{"$f":"IF(OR($D133<>\"Serviço\",AND(AUTOEVENTO=\"Manual\",$M133=$A$15),$M133>(ROW(PLE.lastrow)-ROW(PLE.firstrow))),0,\n           IF(OFFSET(PLE!$G$15,$M133-$A$15,BD$13)=\"\",10^12,OFFSET(PLE!$G$15,$M133-$A$15,BD$13)))","v":1000000000000},{"$f":"IF(OR($D133<>\"Serviço\",AND(AUTOEVENTO=\"Manual\",$M133=$A$15),$M133>(ROW(PLE.lastrow)-ROW(PLE.firstrow))),0,\n           IF(OFFSET(PLE!$G$15,$M133-$A$15,BE$13)=\"\",10^12,OFFSET(PLE!$G$15,$M133-$A$15,BE$13)))","v":1000000000000},{"$f":"IF(OR($D133<>\"Serviço\",AND(AUTOEVENTO=\"Manual\",$M133=$A$15),$M133>(ROW(PLE.lastrow)-ROW(PLE.firstrow))),0,\n           IF(OFFSET(PLE!$G$15,$M133-$A$15,BF$13)=\"\",10^12,OFFSET(PLE!$G$15,$M133-$A$15,BF$13)))","v":1000000000000},{"$f":"IF(OR($D133<>\"Serviço\",AND(AUTOEVENTO=\"Manual\",$M133=$A$15),$M133>(ROW(PLE.lastrow)-ROW(PLE.firstrow))),0,\n           IF(OFFSET(PLE!$G$15,$M133-$A$15,BG$13)=\"\",10^12,OFFSET(PLE!$G$15,$M133-$A$15,BG$13)))","v":1000000000000}]
[19,{"$f":"OFFSET(ORÇAMENTO!C$15,$L134,0)","v":"S"},{"$f":"OFFSET(ORÇAMENTO!L$15,$L134,0)","v":"F"},{"$f":"OFFSET(ORÇAMENTO!N$15,$L134,0)","v":"Serviço"},{"$f":"OFFSET(ORÇAMENTO!O$15,$L134,0)","v":"1.14.9."},{"$f":"OFFSET(ORÇAMENTO!R$15,$L134,0)","v":"REATERRO MANUAL DE VALAS, COM COMPACTADOR DE SOLOS DE PERCUSSÃO. AF_08/2023"},{"$f":"IF($D134<>\"Serviço\",\"\",OFFSET(ORÇAMENTO!S$15,$L134,0))","v":"M3"},{"$f":"IF($D134<>\"Serviço\",0,IF(ACOMPANHAMENTO=\"BM\",ROUND(OFFSET(ORÇAMENTO!AJ$15,$L134,0),15-13*ORÇAMENTO!$AF$7),IF(IFERROR(CÁLCULO.FrentesPreenchidas,0)=0,0,SUM(ROUND(OFFSET($P134,0,1,1,CÁLCULO.FrentesPreenchidas),15-13*ORÇAMENTO!$AF$7)))))","v":25.5},"170M X0,30 X0,50",{"$f":"IF(OR(B134<>\"S\",CÁLCULO.FrentesPreenchidas=0),\"\",IF(AND(ACOMPANHAMENTO=\"PLE\",AUTOEVENTO=\"Manual\",OR(H134>0,ORÇAMENTO!AC134=\"QUANT.\"),OR(K134=\"\",M134=0,N134=\"\")),\"►E\",IF(AND(ACOMPANHAMENTO=\"PLE\",ORÇAMENTO!AC134=\"QUANT.\"),\"►Q\",IF(AND(ACOMPANHAMENTO=\"PLE\",H134<>SUMPRODUCT(($Q$1:$AA$1=1)*ROUND(Q134:AA134,15))),\"►S\",IF(AND(COUNTIF($P$11:$AA$11,\"▼\")=0,H134>0,I134=\"\"),\"◄M\",\"\")))))","v":""},"19.instalação do SPDA",119,{"$f":"IF($D134<>\"Serviço\",\"\",\n          IF(AUTOEVENTO=\"manual\",$A134,\n                IF(ISERROR(MATCH($A134,$A$15:OFFSET($A134,-1,0),0)),MAX($M$15:OFFSET(M134,-1,0))+1,\n                      INDEX($M$15:OFFSET(M134,-1,0),MATCH($A134,$A$15:OFFSET($A134,-1,0),0)))))","v":19},{"$f":"IF($D134<>\"Serviço\",\"\",\n         IF(AUTOEVENTO=\"Manual\",\n                IF($A134=0,\"<-- defina o número do agrupador\",\n                       OFFSET(EVENTOS!$D$15,$A134-$A$15,0)),\n                OFFSET($F$15,$A134,0)))","v":"Serviços finais"},null,null,null,{"$f":"170*0.3*0.5","v":25.5},null,null,null,null,null,null,null,null,null,{"$f":"IF(AND($D134=\"Serviço\",AB$12<>0,$H134>0,OR(AUTOEVENTO<>\"manual\",$M134<>$A$15)),\n        IF(Import.TipoArredondamento<>\"TransfereGOV\",\n              ROUND(OFFSET($P134,0,AB$13),15-13*ORÇAMENTO!$AF$7)/$H134*OFFSET(ORÇAMENTO!$X$15,ROW(AB134)-ROW(AB$15),0),\n              ROUND(ROUND(OFFSET($P134,0,AB$13),15-13*ORÇAMENTO!$AF$7)*OFFSET(ORÇAMENTO!$W$15,ROW(AB134)-ROW(AB$15),0),15-13*ORÇAMENTO!$AF$11)),\n         0)","v":0},{"$f":"IF(AND($D134=\"Serviço\",AC$12<>0,$H134>0,OR(AUTOEVENTO<>\"manual\",$M134<>$A$15)),\n        IF(Import.TipoArredondamento<>\"TransfereGOV\",\n              ROUND(OFFSET($P134,0,AC$13),15-13*ORÇAMENTO!$AF$7)/$H134*OFFSET(ORÇAMENTO!$X$15,ROW(AC134)-ROW(AC$15),0),\n              ROUND(ROUND(OFFSET($P134,0,AC$13),15-13*ORÇAMENTO!$AF$7)*OFFSET(ORÇAMENTO!$W$15,ROW(AC134)-ROW(AC$15),0),15-13*ORÇAMENTO!$AF$11)),\n         0)","v":0},{"$f":"IF(AND($D134=\"Serviço\",AD$12<>0,$H134>0,OR(AUTOEVENTO<>\"manual\",$M134<>$A$15)),\n        IF(Import.TipoArredondamento<>\"TransfereGOV\",\n              ROUND(OFFSET($P134,0,AD$13),15-13*ORÇAMENTO!$AF$7)/$H134*OFFSET(ORÇAMENTO!$X$15,ROW(AD134)-ROW(AD$15),0),\n              ROUND(ROUND(OFFSET($P134,0,AD$13),15-13*ORÇAMENTO!$AF$7)*OFFSET(ORÇAMENTO!$W$15,ROW(AD134)-ROW(AD$15),0),15-13*ORÇAMENTO!$AF$11)),\n         0)","v":0},{"$f":"IF(AND($D134=\"Serviço\",AE$12<>0,$H134>0,OR(AUTOEVENTO<>\"manual\",$M134<>$A$15)),\n        IF(Import.TipoArredondamento<>\"TransfereGOV\",\n              ROUND(OFFSET($P134,0,AE$13),15-13*ORÇAMENTO!$AF$7)/$H134*OFFSET(ORÇAMENTO!$X$15,ROW(AE134)-ROW(AE$15),0),\n              ROUND(ROUND(OFFSET($P134,0,AE$13),15-13*ORÇAMENTO!$AF$7)*OFFSET(ORÇAMENTO!$W$15,ROW(AE134)-ROW(AE$15),0),15-13*ORÇAMENTO!$AF$11)),\n         0)","v":0},{"$f":"IF(AND($D134=\"Serviço\",AF$12<>0,$H134>0,OR(AUTOEVENTO<>\"manual\",$M134<>$A$15)),\n        IF(Import.TipoArredondamento<>\"TransfereGOV\",\n              ROUND(OFFSET($P134,0,AF$13),15-13*ORÇAMENTO!$AF$7)/$H134*OFFSET(ORÇAMENTO!$X$15,ROW(AF134)-ROW(AF$15),0),\n              ROUND(ROUND(OFFSET($P134,0,AF$13),15-13*ORÇAMENTO!$AF$7)*OFFSET(ORÇAMENTO!$W$15,ROW(AF134)-ROW(AF$15),0),15-13*ORÇAMENTO!$AF$11)),\n         0)","v":0},{"$f":"IF(AND($D134=\"Serviço\",AG$12<>0,$H134>0,OR(AUTOEVENTO<>\"manual\",$M134<>$A$15)),\n        IF(Import.TipoArredondamento<>\"TransfereGOV\",\n              ROUND(OFFSET($P134,0,AG$13),15-13*ORÇAMENTO!$AF$7)/$H134*OFFSET(ORÇAMENTO!$X$15,ROW(AG134)-ROW(AG$15),0),\n              ROUND(ROUND(OFFSET($P134,0,AG$13),15-13*ORÇAMENTO!$AF$7)*OFFSET(ORÇAMENTO!$W$15,ROW(AG134)-ROW(AG$15),0),15-13*ORÇAMENTO!$AF$11)),\n         0)","v":0},{"$f":"IF(AND($D134=\"Serviço\",AH$12<>0,$H134>0,OR(AUTOEVENTO<>\"manual\",$M134<>$A$15)),\n        IF(Import.TipoArredondamento<>\"TransfereGOV\",\n              ROUND(OFFSET($P134,0,AH$13),15-13*ORÇAMENTO!$AF$7)/$H134*OFFSET(ORÇAMENTO!$X$15,ROW(AH134)-ROW(AH$15),0),\n              ROUND(ROUND(OFFSET($P134,0,AH$13),15-13*ORÇAMENTO!$AF$7)*OFFSET(ORÇAMENTO!$W$15,ROW(AH134)-ROW(AH$15),0),15-13*ORÇAMENTO!$AF$11)),\n         0)","v":0},{"$f":"IF(AND($D134=\"Serviço\",AI$12<>0,$H134>0,OR(AUTOEVENTO<>\"manual\",$M134<>$A$15)),\n        IF(Import.TipoArredondamento<>\"TransfereGOV\",\n              ROUND(OFFSET($P134,0,AI$13),15-13*ORÇAMENTO!$AF$7)/$H134*OFFSET(ORÇAMENTO!$X$15,ROW(AI134)-ROW(AI$15),0),\n              ROUND(ROUND(OFFSET($P134,0,AI$13),15-13*ORÇAMENTO!$AF$7)*OFFSET(ORÇAMENTO!$W$15,ROW(AI134)-ROW(AI$15),0),15-13*ORÇAMENTO!$AF$11)),\n         0)","v":0},{"$f":"IF(AND($D134=\"Serviço\",AJ$12<>0,$H134>0,OR(AUTOEVENTO<>\"manual\",$M134<>$A$15)),\n        IF(Import.TipoArredondamento<>\"TransfereGOV\",\n              ROUND(OFFSET($P134,0,AJ$13),15-13*ORÇAMENTO!$AF$7)/$H134*OFFSET(ORÇAMENTO!$X$15,ROW(AJ134)-ROW(AJ$15),0),\n              ROUND(ROUND(OFFSET($P134,0,AJ$13),15-13*ORÇAMENTO!$AF$7)*OFFSET(ORÇAMENTO!$W$15,ROW(AJ134)-ROW(AJ$15),0),15-13*ORÇAMENTO!$AF$11)),\n         0)","v":0},{"$f":"IF(AND($D134=\"Serviço\",AK$12<>0,$H134>0,OR(AUTOEVENTO<>\"manual\",$M134<>$A$15)),\n        IF(Import.TipoArredondamento<>\"TransfereGOV\",\n              ROUND(OFFSET($P134,0,AK$13),15-13*ORÇAMENTO!$AF$7)/$H134*OFFSET(ORÇAMENTO!$X$15,ROW(AK134)-ROW(AK$15),0),\n              ROUND(ROUND(OFFSET($P134,0,AK$13),15-13*ORÇAMENTO!$AF$7)*OFFSET(ORÇAMENTO!$W$15,ROW(AK134)-ROW(AK$15),0),15-13*ORÇAMENTO!$AF$11)),\n         0)","v":0},null,{"$f":"IF(OR($D134<>\"Serviço\",AND(AUTOEVENTO=\"Manual\",$M134=$A$15)),0,\n         IF(OFFSET(CRONOPLE!$F$15,$M134-$A$15,AM$13)=0,10^12,OFFSET(CRONOPLE!$F$15,$M134-$A$15,AM$13)))","v":1000000000000},{"$f":"IF(OR($D134<>\"Serviço\",AND(AUTOEVENTO=\"Manual\",$M134=$A$15)),0,\n         IF(OFFSET(CRONOPLE!$F$15,$M134-$A$15,AN$13)=0,10^12,OFFSET(CRONOPLE!$F$15,$M134-$A$15,AN$13)))","v":6},{"$f":"IF(OR($D134<>\"Serviço\",AND(AUTOEVENTO=\"Manual\",$M134=$A$15)),0,\n         IF(OFFSET(CRONOPLE!$F$15,$M134-$A$15,AO$13)=0,10^12,OFFSET(CRONOPLE!$F$15,$M134-$A$15,AO$13)))","v":1000000000000},{"$f":"IF(OR($D134<>\"Serviço\",AND(AUTOEVENTO=\"Manual\",$M134=$A$15)),0,\n         IF(OFFSET(CRONOPLE!$F$15,$M134-$A$15,AP$13)=0,10^12,OFFSET(CRONOPLE!$F$15,$M134-$A$15,AP$13)))","v":1000000000000},{"$f":"IF(OR($D134<>\"Serviço\",AND(AUTOEVENTO=\"Manual\",$M134=$A$15)),0,\n         IF(OFFSET(CRONOPLE!$F$15,$M134-$A$15,AQ$13)=0,10^12,OFFSET(CRONOPLE!$F$15,$M134-$A$15,AQ$13)))","v":1000000000000},{"$f":"IF(OR($D134<>\"Serviço\",AND(AUTOEVENTO=\"Manual\",$M134=$A$15)),0,\n         IF(OFFSET(CRONOPLE!$F$15,$M134-$A$15,AR$13)=0,10^12,OFFSET(CRONOPLE!$F$15,$M134-$A$15,AR$13)))","v":1000000000000},{"$f":"IF(OR($D134<>\"Serviço\",AND(AUTOEVENTO=\"Manual\",$M134=$A$15)),0,\n         IF(OFFSET(CRONOPLE!$F$15,$M134-$A$15,AS$13)=0,10^12,OFFSET(CRONOPLE!$F$15,$M134-$A$15,AS$13)))","v":1000000000000},{"$f":"IF(OR($D134<>\"Serviço\",AND(AUTOEVENTO=\"Manual\",$M134=$A$15)),0,\n         IF(OFFSET(CRONOPLE!$F$15,$M134-$A$15,AT$13)=0,10^12,OFFSET(CRONOPLE!$F$15,$M134-$A$15,AT$13)))","v":1000000000000},{"$f":"IF(OR($D134<>\"Serviço\",AND(AUTOEVENTO=\"Manual\",$M134=$A$15)),0,\n         IF(OFFSET(CRONOPLE!$F$15,$M134-$A$15,AU$13)=0,10^12,OFFSET(CRONOPLE!$F$15,$M134-$A$15,AU$13)))","v":1000000000000},{"$f":"IF(OR($D134<>\"Serviço\",AND(AUTOEVENTO=\"Manual\",$M134=$A$15)),0,\n         IF(OFFSET(CRONOPLE!$F$15,$M134-$A$15,AV$13)=0,10^12,OFFSET(CRONOPLE!$F$15,$M134-$A$15,AV$13)))","v":1000000000000},null,{"$f":"IF(OR($D134<>\"Serviço\",AND(AUTOEVENTO=\"Manual\",$M134=$A$15),$M134>(ROW(PLE.lastrow)-ROW(PLE.firstrow))),0,\n           IF(OFFSET(PLE!$G$15,$M134-$A$15,AX$13)=\"\",10^12,OFFSET(PLE!$G$15,$M134-$A$15,AX$13)))","v":1000000000000},{"$f":"IF(OR($D134<>\"Serviço\",AND(AUTOEVENTO=\"Manual\",$M134=$A$15),$M134>(ROW(PLE.lastrow)-ROW(PLE.firstrow))),0,\n           IF(OFFSET(PLE!$G$15,$M134-$A$15,AY$13)=\"\",10^12,OFFSET(PLE!$G$15,$M134-$A$15,AY$13)))","v":1000000000000},{"$f":"IF(OR($D134<>\"Serviço\",AND(AUTOEVENTO=\"Manual\",$M134=$A$15),$M134>(ROW(PLE.lastrow)-ROW(PLE.firstrow))),0,\n           IF(OFFSET(PLE!$G$15,$M134-$A$15,AZ$13)=\"\",10^12,OFFSET(PLE!$G$15,$M134-$A$15,AZ$13)))","v":1000000000000},{"$f":"IF(OR($D134<>\"Serviço\",AND(AUTOEVENTO=\"Manual\",$M134=$A$15),$M134>(ROW(PLE.lastrow)-ROW(PLE.firstrow))),0,\n           IF(OFFSET(PLE!$G$15,$M134-$A$15,BA$13)=\"\",10^12,OFFSET(PLE!$G$15,$M134-$A$15,BA$13)))","v":1000000000000},{"$f":"IF(OR($D134<>\"Serviço\",AND(AUTOEVENTO=\"Manual\",$M134=$A$15),$M134>(ROW(PLE.lastrow)-ROW(PLE.firstrow))),0,\n           IF(OFFSET(PLE!$G$15,$M134-$A$15,BB$13)=\"\",10^12,OFFSET(PLE!$G$15,$M134-$A$15,BB$13)))","v":1000000000000},{"$f":"IF(OR($D134<>\"Serviço\",AND(AUTOEVENTO=\"Manual\",$M134=$A$15),$M134>(ROW(PLE.lastrow)-ROW(PLE.firstrow))),0,\n           IF(OFFSET(PLE!$G$15,$M134-$A$15,BC$13)=\"\",10^12,OFFSET(PLE!$G$15,$M134-$A$15,BC$13)))","v":1000000000000},{"$f":"IF(OR($D134<>\"Serviço\",AND(AUTOEVENTO=\"Manual\",$M134=$A$15),$M134>(ROW(PLE.lastrow)-ROW(PLE.firstrow))),0,\n           IF(OFFSET(PLE!$G$15,$M134-$A$15,BD$13)=\"\",10^12,OFFSET(PLE!$G$15,$M134-$A$15,BD$13)))","v":1000000000000},{"$f":"IF(OR($D134<>\"Serviço\",AND(AUTOEVENTO=\"Manual\",$M134=$A$15),$M134>(ROW(PLE.lastrow)-ROW(PLE.firstrow))),0,\n           IF(OFFSET(PLE!$G$15,$M134-$A$15,BE$13)=\"\",10^12,OFFSET(PLE!$G$15,$M134-$A$15,BE$13)))","v":1000000000000},{"$f":"IF(OR($D134<>\"Serviço\",AND(AUTOEVENTO=\"Manual\",$M134=$A$15),$M134>(ROW(PLE.lastrow)-ROW(PLE.firstrow))),0,\n           IF(OFFSET(PLE!$G$15,$M134-$A$15,BF$13)=\"\",10^12,OFFSET(PLE!$G$15,$M134-$A$15,BF$13)))","v":1000000000000},{"$f":"IF(OR($D134<>\"Serviço\",AND(AUTOEVENTO=\"Manual\",$M134=$A$15),$M134>(ROW(PLE.lastrow)-ROW(PLE.firstrow))),0,\n           IF(OFFSET(PLE!$G$15,$M134-$A$15,BG$13)=\"\",10^12,OFFSET(PLE!$G$15,$M134-$A$15,BG$13)))","v":1000000000000}]
[0,{"$f":"OFFSET(ORÇAMENTO!C$15,$L135,0)","v":2},{"$f":"OFFSET(ORÇAMENTO!L$15,$L135,0)","v":"F"},{"$f":"OFFSET(ORÇAMENTO!N$15,$L135,0)","v":"Nível 2"},{"$f":"OFFSET(ORÇAMENTO!O$15,$L135,0)","v":"1.15."},{"$f":"OFFSET(ORÇAMENTO!R$15,$L135,0)","v":"LIMPEZA DE OBRA"},{"$f":"IF($D135<>\"Serviço\",\"\",OFFSET(ORÇAMENTO!S$15,$L135,0))","v":""},{"$f":"IF($D135<>\"Serviço\",0,IF(ACOMPANHAMENTO=\"BM\",ROUND(OFFSET(ORÇAMENTO!AJ$15,$L135,0),15-13*ORÇAMENTO!$AF$7),IF(IFERROR(CÁLCULO.FrentesPreenchidas,0)=0,0,SUM(ROUND(OFFSET($P135,0,1,1,CÁLCULO.FrentesPreenchidas),15-13*ORÇAMENTO!$AF$7)))))","v":0},null,{"$f":"IF(OR(B135<>\"S\",CÁLCULO.FrentesPreenchidas=0),\"\",IF(AND(ACOMPANHAMENTO=\"PLE\",AUTOEVENTO=\"Manual\",OR(H135>0,ORÇAMENTO!AC135=\"QUANT.\"),OR(K135=\"\",M135=0,N135=\"\")),\"►E\",IF(AND(ACOMPANHAMENTO=\"PLE\",ORÇAMENTO!AC135=\"QUANT.\"),\"►Q\",IF(AND(ACOMPANHAMENTO=\"PLE\",H135<>SUMPRODUCT(($Q$1:$AA$1=1)*ROUND(Q135:AA135,15))),\"►S\",IF(AND(COUNTIF($P$11:$AA$11,\"▼\")=0,H135>0,I135=\"\"),\"◄M\",\"\")))))","v":""},null,120,{"$f":"IF($D135<>\"Serviço\",\"\",\n          IF(AUTOEVENTO=\"manual\",$A135,\n                IF(ISERROR(MATCH($A135,$A$15:OFFSET($A135,-1,0),0)),MAX($M$15:OFFSET(M135,-1,0))+1,\n                      INDEX($M$15:OFFSET(M135,-1,0),MATCH($A135,$A$15:OFFSET($A135,-1,0),0)))))","v":""},{"$f":"IF($D135<>\"Serviço\",\"\",\n         IF(AUTOEVENTO=\"Manual\",\n                IF($A135=0,\"<-- defina o número do agrupador\",\n                       OFFSET(EVENTOS!$D$15,$A135-$A$15,0)),\n                OFFSET($F$15,$A135,0)))","v":""},null,null,null,null,null,null,null,null,null,null,null,null,null,{"$f":"IF(AND($D135=\"Serviço\",AB$12<>0,$H135>0,OR(AUTOEVENTO<>\"manual\",$M135<>$A$15)),\n        IF(Import.TipoArredondamento<>\"TransfereGOV\",\n              ROUND(OFFSET($P135,0,AB$13),15-13*ORÇAMENTO!$AF$7)/$H135*OFFSET(ORÇAMENTO!$X$15,ROW(AB135)-ROW(AB$15),0),\n              ROUND(ROUND(OFFSET($P135,0,AB$13),15-13*ORÇAMENTO!$AF$7)*OFFSET(ORÇAMENTO!$W$15,ROW(AB135)-ROW(AB$15),0),15-13*ORÇAMENTO!$AF$11)),\n         0)","v":0},{"$f":"IF(AND($D135=\"Serviço\",AC$12<>0,$H135>0,OR(AUTOEVENTO<>\"manual\",$M135<>$A$15)),\n        IF(Import.TipoArredondamento<>\"TransfereGOV\",\n              ROUND(OFFSET($P135,0,AC$13),15-13*ORÇAMENTO!$AF$7)/$H135*OFFSET(ORÇAMENTO!$X$15,ROW(AC135)-ROW(AC$15),0),\n              ROUND(ROUND(OFFSET($P135,0,AC$13),15-13*ORÇAMENTO!$AF$7)*OFFSET(ORÇAMENTO!$W$15,ROW(AC135)-ROW(AC$15),0),15-13*ORÇAMENTO!$AF$11)),\n         0)","v":0},{"$f":"IF(AND($D135=\"Serviço\",AD$12<>0,$H135>0,OR(AUTOEVENTO<>\"manual\",$M135<>$A$15)),\n        IF(Import.TipoArredondamento<>\"TransfereGOV\",\n              ROUND(OFFSET($P135,0,AD$13),15-13*ORÇAMENTO!$AF$7)/$H135*OFFSET(ORÇAMENTO!$X$15,ROW(AD135)-ROW(AD$15),0),\n              ROUND(ROUND(OFFSET($P135,0,AD$13),15-13*ORÇAMENTO!$AF$7)*OFFSET(ORÇAMENTO!$W$15,ROW(AD135)-ROW(AD$15),0),15-13*ORÇAMENTO!$AF$11)),\n         0)","v":0},{"$f":"IF(AND($D135=\"Serviço\",AE$12<>0,$H135>0,OR(AUTOEVENTO<>\"manual\",$M135<>$A$15)),\n        IF(Import.TipoArredondamento<>\"TransfereGOV\",\n              ROUND(OFFSET($P135,0,AE$13),15-13*ORÇAMENTO!$AF$7)/$H135*OFFSET(ORÇAMENTO!$X$15,ROW(AE135)-ROW(AE$15),0),\n              ROUND(ROUND(OFFSET($P135,0,AE$13),15-13*ORÇAMENTO!$AF$7)*OFFSET(ORÇAMENTO!$W$15,ROW(AE135)-ROW(AE$15),0),15-13*ORÇAMENTO!$AF$11)),\n         0)","v":0},{"$f":"IF(AND($D135=\"Serviço\",AF$12<>0,$H135>0,OR(AUTOEVENTO<>\"manual\",$M135<>$A$15)),\n        IF(Import.TipoArredondamento<>\"TransfereGOV\",\n              ROUND(OFFSET($P135,0,AF$13),15-13*ORÇAMENTO!$AF$7)/$H135*OFFSET(ORÇAMENTO!$X$15,ROW(AF135)-ROW(AF$15),0),\n              ROUND(ROUND(OFFSET($P135,0,AF$13),15-13*ORÇAMENTO!$AF$7)*OFFSET(ORÇAMENTO!$W$15,ROW(AF135)-ROW(AF$15),0),15-13*ORÇAMENTO!$AF$11)),\n         0)","v":0},{"$f":"IF(AND($D135=\"Serviço\",AG$12<>0,$H135>0,OR(AUTOEVENTO<>\"manual\",$M135<>$A$15)),\n        IF(Import.TipoArredondamento<>\"TransfereGOV\",\n              ROUND(OFFSET($P135,0,AG$13),15-13*ORÇAMENTO!$AF$7)/$H135*OFFSET(ORÇAMENTO!$X$15,ROW(AG135)-ROW(AG$15),0),\n              ROUND(ROUND(OFFSET($P135,0,AG$13),15-13*ORÇAMENTO!$AF$7)*OFFSET(ORÇAMENTO!$W$15,ROW(AG135)-ROW(AG$15),0),15-13*ORÇAMENTO!$AF$11)),\n         0)","v":0},{"$f":"IF(AND($D135=\"Serviço\",AH$12<>0,$H135>0,OR(AUTOEVENTO<>\"manual\",$M135<>$A$15)),\n        IF(Import.TipoArredondamento<>\"TransfereGOV\",\n              ROUND(OFFSET($P135,0,AH$13),15-13*ORÇAMENTO!$AF$7)/$H135*OFFSET(ORÇAMENTO!$X$15,ROW(AH135)-ROW(AH$15),0),\n              ROUND(ROUND(OFFSET($P135,0,AH$13),15-13*ORÇAMENTO!$AF$7)*OFFSET(ORÇAMENTO!$W$15,ROW(AH135)-ROW(AH$15),0),15-13*ORÇAMENTO!$AF$11)),\n         0)","v":0},{"$f":"IF(AND($D135=\"Serviço\",AI$12<>0,$H135>0,OR(AUTOEVENTO<>\"manual\",$M135<>$A$15)),\n        IF(Import.TipoArredondamento<>\"TransfereGOV\",\n              ROUND(OFFSET($P135,0,AI$13),15-13*ORÇAMENTO!$AF$7)/$H135*OFFSET(ORÇAMENTO!$X$15,ROW(AI135)-ROW(AI$15),0),\n              ROUND(ROUND(OFFSET($P135,0,AI$13),15-13*ORÇAMENTO!$AF$7)*OFFSET(ORÇAMENTO!$W$15,ROW(AI135)-ROW(AI$15),0),15-13*ORÇAMENTO!$AF$11)),\n         0)","v":0},{"$f":"IF(AND($D135=\"Serviço\",AJ$12<>0,$H135>0,OR(AUTOEVENTO<>\"manual\",$M135<>$A$15)),\n        IF(Import.TipoArredondamento<>\"TransfereGOV\",\n              ROUND(OFFSET($P135,0,AJ$13),15-13*ORÇAMENTO!$AF$7)/$H135*OFFSET(ORÇAMENTO!$X$15,ROW(AJ135)-ROW(AJ$15),0),\n              ROUND(ROUND(OFFSET($P135,0,AJ$13),15-13*ORÇAMENTO!$AF$7)*OFFSET(ORÇAMENTO!$W$15,ROW(AJ135)-ROW(AJ$15),0),15-13*ORÇAMENTO!$AF$11)),\n         0)","v":0},{"$f":"IF(AND($D135=\"Serviço\",AK$12<>0,$H135>0,OR(AUTOEVENTO<>\"manual\",$M135<>$A$15)),\n        IF(Import.TipoArredondamento<>\"TransfereGOV\",\n              ROUND(OFFSET($P135,0,AK$13),15-13*ORÇAMENTO!$AF$7)/$H135*OFFSET(ORÇAMENTO!$X$15,ROW(AK135)-ROW(AK$15),0),\n              ROUND(ROUND(OFFSET($P135,0,AK$13),15-13*ORÇAMENTO!$AF$7)*OFFSET(ORÇAMENTO!$W$15,ROW(AK135)-ROW(AK$15),0),15-13*ORÇAMENTO!$AF$11)),\n         0)","v":0},null,{"$f":"IF(OR($D135<>\"Serviço\",AND(AUTOEVENTO=\"Manual\",$M135=$A$15)),0,\n         IF(OFFSET(CRONOPLE!$F$15,$M135-$A$15,AM$13)=0,10^12,OFFSET(CRONOPLE!$F$15,$M135-$A$15,AM$13)))","v":0},{"$f":"IF(OR($D135<>\"Serviço\",AND(AUTOEVENTO=\"Manual\",$M135=$A$15)),0,\n         IF(OFFSET(CRONOPLE!$F$15,$M135-$A$15,AN$13)=0,10^12,OFFSET(CRONOPLE!$F$15,$M135-$A$15,AN$13)))","v":0},{"$f":"IF(OR($D135<>\"Serviço\",AND(AUTOEVENTO=\"Manual\",$M135=$A$15)),0,\n         IF(OFFSET(CRONOPLE!$F$15,$M135-$A$15,AO$13)=0,10^12,OFFSET(CRONOPLE!$F$15,$M135-$A$15,AO$13)))","v":0},{"$f":"IF(OR($D135<>\"Serviço\",AND(AUTOEVENTO=\"Manual\",$M135=$A$15)),0,\n         IF(OFFSET(CRONOPLE!$F$15,$M135-$A$15,AP$13)=0,10^12,OFFSET(CRONOPLE!$F$15,$M135-$A$15,AP$13)))","v":0},{"$f":"IF(OR($D135<>\"Serviço\",AND(AUTOEVENTO=\"Manual\",$M135=$A$15)),0,\n         IF(OFFSET(CRONOPLE!$F$15,$M135-$A$15,AQ$13)=0,10^12,OFFSET(CRONOPLE!$F$15,$M135-$A$15,AQ$13)))","v":0},{"$f":"IF(OR($D135<>\"Serviço\",AND(AUTOEVENTO=\"Manual\",$M135=$A$15)),0,\n         IF(OFFSET(CRONOPLE!$F$15,$M135-$A$15,AR$13)=0,10^12,OFFSET(CRONOPLE!$F$15,$M135-$A$15,AR$13)))","v":0},{"$f":"IF(OR($D135<>\"Serviço\",AND(AUTOEVENTO=\"Manual\",$M135=$A$15)),0,\n         IF(OFFSET(CRONOPLE!$F$15,$M135-$A$15,AS$13)=0,10^12,OFFSET(CRONOPLE!$F$15,$M135-$A$15,AS$13)))","v":0},{"$f":"IF(OR($D135<>\"Serviço\",AND(AUTOEVENTO=\"Manual\",$M135=$A$15)),0,\n         IF(OFFSET(CRONOPLE!$F$15,$M135-$A$15,AT$13)=0,10^12,OFFSET(CRONOPLE!$F$15,$M135-$A$15,AT$13)))","v":0},{"$f":"IF(OR($D135<>\"Serviço\",AND(AUTOEVENTO=\"Manual\",$M135=$A$15)),0,\n         IF(OFFSET(CRONOPLE!$F$15,$M135-$A$15,AU$13)=0,10^12,OFFSET(CRONOPLE!$F$15,$M135-$A$15,AU$13)))","v":0},{"$f":"IF(OR($D135<>\"Serviço\",AND(AUTOEVENTO=\"Manual\",$M135=$A$15)),0,\n         IF(OFFSET(CRONOPLE!$F$15,$M135-$A$15,AV$13)=0,10^12,OFFSET(CRONOPLE!$F$15,$M135-$A$15,AV$13)))","v":0},null,{"$f":"IF(OR($D135<>\"Serviço\",AND(AUTOEVENTO=\"Manual\",$M135=$A$15),$M135>(ROW(PLE.lastrow)-ROW(PLE.firstrow))),0,\n           IF(OFFSET(PLE!$G$15,$M135-$A$15,AX$13)=\"\",10^12,OFFSET(PLE!$G$15,$M135-$A$15,AX$13)))","v":0},{"$f":"IF(OR($D135<>\"Serviço\",AND(AUTOEVENTO=\"Manual\",$M135=$A$15),$M135>(ROW(PLE.lastrow)-ROW(PLE.firstrow))),0,\n           IF(OFFSET(PLE!$G$15,$M135-$A$15,AY$13)=\"\",10^12,OFFSET(PLE!$G$15,$M135-$A$15,AY$13)))","v":0},{"$f":"IF(OR($D135<>\"Serviço\",AND(AUTOEVENTO=\"Manual\",$M135=$A$15),$M135>(ROW(PLE.lastrow)-ROW(PLE.firstrow))),0,\n           IF(OFFSET(PLE!$G$15,$M135-$A$15,AZ$13)=\"\",10^12,OFFSET(PLE!$G$15,$M135-$A$15,AZ$13)))","v":0},{"$f":"IF(OR($D135<>\"Serviço\",AND(AUTOEVENTO=\"Manual\",$M135=$A$15),$M135>(ROW(PLE.lastrow)-ROW(PLE.firstrow))),0,\n           IF(OFFSET(PLE!$G$15,$M135-$A$15,BA$13)=\"\",10^12,OFFSET(PLE!$G$15,$M135-$A$15,BA$13)))","v":0},{"$f":"IF(OR($D135<>\"Serviço\",AND(AUTOEVENTO=\"Manual\",$M135=$A$15),$M135>(ROW(PLE.lastrow)-ROW(PLE.firstrow))),0,\n           IF(OFFSET(PLE!$G$15,$M135-$A$15,BB$13)=\"\",10^12,OFFSET(PLE!$G$15,$M135-$A$15,BB$13)))","v":0},{"$f":"IF(OR($D135<>\"Serviço\",AND(AUTOEVENTO=\"Manual\",$M135=$A$15),$M135>(ROW(PLE.lastrow)-ROW(PLE.firstrow))),0,\n           IF(OFFSET(PLE!$G$15,$M135-$A$15,BC$13)=\"\",10^12,OFFSET(PLE!$G$15,$M135-$A$15,BC$13)))","v":0},{"$f":"IF(OR($D135<>\"Serviço\",AND(AUTOEVENTO=\"Manual\",$M135=$A$15),$M135>(ROW(PLE.lastrow)-ROW(PLE.firstrow))),0,\n           IF(OFFSET(PLE!$G$15,$M135-$A$15,BD$13)=\"\",10^12,OFFSET(PLE!$G$15,$M135-$A$15,BD$13)))","v":0},{"$f":"IF(OR($D135<>\"Serviço\",AND(AUTOEVENTO=\"Manual\",$M135=$A$15),$M135>(ROW(PLE.lastrow)-ROW(PLE.firstrow))),0,\n           IF(OFFSET(PLE!$G$15,$M135-$A$15,BE$13)=\"\",10^12,OFFSET(PLE!$G$15,$M135-$A$15,BE$13)))","v":0},{"$f":"IF(OR($D135<>\"Serviço\",AND(AUTOEVENTO=\"Manual\",$M135=$A$15),$M135>(ROW(PLE.lastrow)-ROW(PLE.firstrow))),0,\n           IF(OFFSET(PLE!$G$15,$M135-$A$15,BF$13)=\"\",10^12,OFFSET(PLE!$G$15,$M135-$A$15,BF$13)))","v":0},{"$f":"IF(OR($D135<>\"Serviço\",AND(AUTOEVENTO=\"Manual\",$M135=$A$15),$M135>(ROW(PLE.lastrow)-ROW(PLE.firstrow))),0,\n           IF(OFFSET(PLE!$G$15,$M135-$A$15,BG$13)=\"\",10^12,OFFSET(PLE!$G$15,$M135-$A$15,BG$13)))","v":0}]
[20,{"$f":"OFFSET(ORÇAMENTO!C$15,$L136,0)","v":"S"},{"$f":"OFFSET(ORÇAMENTO!L$15,$L136,0)","v":"F"},{"$f":"OFFSET(ORÇAMENTO!N$15,$L136,0)","v":"Serviço"},{"$f":"OFFSET(ORÇAMENTO!O$15,$L136,0)","v":"1.15.1."},{"$f":"OFFSET(ORÇAMENTO!R$15,$L136,0)","v":"LIMPEZA DE SUPERFÍCIE COM JATO DE ALTA PRESSÃO. AF_04/2019"},{"$f":"IF($D136<>\"Serviço\",\"\",OFFSET(ORÇAMENTO!S$15,$L136,0))","v":"M2"},{"$f":"IF($D136<>\"Serviço\",0,IF(ACOMPANHAMENTO=\"BM\",ROUND(OFFSET(ORÇAMENTO!AJ$15,$L136,0),15-13*ORÇAMENTO!$AF$7),IF(IFERROR(CÁLCULO.FrentesPreenchidas,0)=0,0,SUM(ROUND(OFFSET($P136,0,1,1,CÁLCULO.FrentesPreenchidas),15-13*ORÇAMENTO!$AF$7)))))","v":534.20000000000005},"ÁREA DE PINTURA DE PISO",{"$f":"IF(OR(B136<>\"S\",CÁLCULO.FrentesPreenchidas=0),\"\",IF(AND(ACOMPANHAMENTO=\"PLE\",AUTOEVENTO=\"Manual\",OR(H136>0,ORÇAMENTO!AC136=\"QUANT.\"),OR(K136=\"\",M136=0,N136=\"\")),\"►E\",IF(AND(ACOMPANHAMENTO=\"PLE\",ORÇAMENTO!AC136=\"QUANT.\"),\"►Q\",IF(AND(ACOMPANHAMENTO=\"PLE\",H136<>SUMPRODUCT(($Q$1:$AA$1=1)*ROUND(Q136:AA136,15))),\"►S\",IF(AND(COUNTIF($P$11:$AA$11,\"▼\")=0,H136>0,I136=\"\"),\"◄M\",\"\")))))","v":""},"20.Limpeza Final",121,{"$f":"IF($D136<>\"Serviço\",\"\",\n          IF(AUTOEVENTO=\"manual\",$A136,\n                IF(ISERROR(MATCH($A136,$A$15:OFFSET($A136,-1,0),0)),MAX($M$15:OFFSET(M136,-1,0))+1,\n                      INDEX($M$15:OFFSET(M136,-1,0),MATCH($A136,$A$15:OFFSET($A136,-1,0),0)))))","v":20},{"$f":"IF($D136<>\"Serviço\",\"\",\n         IF(AUTOEVENTO=\"Manual\",\n                IF($A136=0,\"<-- defina o número do agrupador\",\n                       OFFSET(EVENTOS!$D$15,$A136-$A$15,0)),\n                OFFSET($F$15,$A136,0)))","v":"Aterro e regularização"},null,null,null,534.20000000000005,null,61.47,null,null,null,null,null,null,null,{"$f":"IF(AND($D136=\"Serviço\",AB$12<>0,$H136>0,OR(AUTOEVENTO<>\"manual\",$M136<>$A$15)),\n        IF(Import.TipoArredondamento<>\"TransfereGOV\",\n              ROUND(OFFSET($P136,0,AB$13),15-13*ORÇAMENTO!$AF$7)/$H136*OFFSET(ORÇAMENTO!$X$15,ROW(AB136)-ROW(AB$15),0),\n              ROUND(ROUND(OFFSET($P136,0,AB$13),15-13*ORÇAMENTO!$AF$7)*OFFSET(ORÇAMENTO!$W$15,ROW(AB136)-ROW(AB$15),0),15-13*ORÇAMENTO!$AF$11)),\n         0)","v":0},{"$f":"IF(AND($D136=\"Serviço\",AC$12<>0,$H136>0,OR(AUTOEVENTO<>\"manual\",$M136<>$A$15)),\n        IF(Import.TipoArredondamento<>\"TransfereGOV\",\n              ROUND(OFFSET($P136,0,AC$13),15-13*ORÇAMENTO!$AF$7)/$H136*OFFSET(ORÇAMENTO!$X$15,ROW(AC136)-ROW(AC$15),0),\n              ROUND(ROUND(OFFSET($P136,0,AC$13),15-13*ORÇAMENTO!$AF$7)*OFFSET(ORÇAMENTO!$W$15,ROW(AC136)-ROW(AC$15),0),15-13*ORÇAMENTO!$AF$11)),\n         0)","v":0},{"$f":"IF(AND($D136=\"Serviço\",AD$12<>0,$H136>0,OR(AUTOEVENTO<>\"manual\",$M136<>$A$15)),\n        IF(Import.TipoArredondamento<>\"TransfereGOV\",\n              ROUND(OFFSET($P136,0,AD$13),15-13*ORÇAMENTO!$AF$7)/$H136*OFFSET(ORÇAMENTO!$X$15,ROW(AD136)-ROW(AD$15),0),\n              ROUND(ROUND(OFFSET($P136,0,AD$13),15-13*ORÇAMENTO!$AF$7)*OFFSET(ORÇAMENTO!$W$15,ROW(AD136)-ROW(AD$15),0),15-13*ORÇAMENTO!$AF$11)),\n         0)","v":0},{"$f":"IF(AND($D136=\"Serviço\",AE$12<>0,$H136>0,OR(AUTOEVENTO<>\"manual\",$M136<>$A$15)),\n        IF(Import.TipoArredondamento<>\"TransfereGOV\",\n              ROUND(OFFSET($P136,0,AE$13),15-13*ORÇAMENTO!$AF$7)/$H136*OFFSET(ORÇAMENTO!$X$15,ROW(AE136)-ROW(AE$15),0),\n              ROUND(ROUND(OFFSET($P136,0,AE$13),15-13*ORÇAMENTO!$AF$7)*OFFSET(ORÇAMENTO!$W$15,ROW(AE136)-ROW(AE$15),0),15-13*ORÇAMENTO!$AF$11)),\n         0)","v":0},{"$f":"IF(AND($D136=\"Serviço\",AF$12<>0,$H136>0,OR(AUTOEVENTO<>\"manual\",$M136<>$A$15)),\n        IF(Import.TipoArredondamento<>\"TransfereGOV\",\n              ROUND(OFFSET($P136,0,AF$13),15-13*ORÇAMENTO!$AF$7)/$H136*OFFSET(ORÇAMENTO!$X$15,ROW(AF136)-ROW(AF$15),0),\n              ROUND(ROUND(OFFSET($P136,0,AF$13),15-13*ORÇAMENTO!$AF$7)*OFFSET(ORÇAMENTO!$W$15,ROW(AF136)-ROW(AF$15),0),15-13*ORÇAMENTO!$AF$11)),\n         0)","v":0},{"$f":"IF(AND($D136=\"Serviço\",AG$12<>0,$H136>0,OR(AUTOEVENTO<>\"manual\",$M136<>$A$15)),\n        IF(Import.TipoArredondamento<>\"TransfereGOV\",\n              ROUND(OFFSET($P136,0,AG$13),15-13*ORÇAMENTO!$AF$7)/$H136*OFFSET(ORÇAMENTO!$X$15,ROW(AG136)-ROW(AG$15),0),\n              ROUND(ROUND(OFFSET($P136,0,AG$13),15-13*ORÇAMENTO!$AF$7)*OFFSET(ORÇAMENTO!$W$15,ROW(AG136)-ROW(AG$15),0),15-13*ORÇAMENTO!$AF$11)),\n         0)","v":0},{"$f":"IF(AND($D136=\"Serviço\",AH$12<>0,$H136>0,OR(AUTOEVENTO<>\"manual\",$M136<>$A$15)),\n        IF(Import.TipoArredondamento<>\"TransfereGOV\",\n              ROUND(OFFSET($P136,0,AH$13),15-13*ORÇAMENTO!$AF$7)/$H136*OFFSET(ORÇAMENTO!$X$15,ROW(AH136)-ROW(AH$15),0),\n              ROUND(ROUND(OFFSET($P136,0,AH$13),15-13*ORÇAMENTO!$AF$7)*OFFSET(ORÇAMENTO!$W$15,ROW(AH136)-ROW(AH$15),0),15-13*ORÇAMENTO!$AF$11)),\n         0)","v":0},{"$f":"IF(AND($D136=\"Serviço\",AI$12<>0,$H136>0,OR(AUTOEVENTO<>\"manual\",$M136<>$A$15)),\n        IF(Import.TipoArredondamento<>\"TransfereGOV\",\n              ROUND(OFFSET($P136,0,AI$13),15-13*ORÇAMENTO!$AF$7)/$H136*OFFSET(ORÇAMENTO!$X$15,ROW(AI136)-ROW(AI$15),0),\n              ROUND(ROUND(OFFSET($P136,0,AI$13),15-13*ORÇAMENTO!$AF$7)*OFFSET(ORÇAMENTO!$W$15,ROW(AI136)-ROW(AI$15),0),15-13*ORÇAMENTO!$AF$11)),\n         0)","v":0},{"$f":"IF(AND($D136=\"Serviço\",AJ$12<>0,$H136>0,OR(AUTOEVENTO<>\"manual\",$M136<>$A$15)),\n        IF(Import.TipoArredondamento<>\"TransfereGOV\",\n              ROUND(OFFSET($P136,0,AJ$13),15-13*ORÇAMENTO!$AF$7)/$H136*OFFSET(ORÇAMENTO!$X$15,ROW(AJ136)-ROW(AJ$15),0),\n              ROUND(ROUND(OFFSET($P136,0,AJ$13),15-13*ORÇAMENTO!$AF$7)*OFFSET(ORÇAMENTO!$W$15,ROW(AJ136)-ROW(AJ$15),0),15-13*ORÇAMENTO!$AF$11)),\n         0)","v":0},{"$f":"IF(AND($D136=\"Serviço\",AK$12<>0,$H136>0,OR(AUTOEVENTO<>\"manual\",$M136<>$A$15)),\n        IF(Import.TipoArredondamento<>\"TransfereGOV\",\n              ROUND(OFFSET($P136,0,AK$13),15-13*ORÇAMENTO!$AF$7)/$H136*OFFSET(ORÇAMENTO!$X$15,ROW(AK136)-ROW(AK$15),0),\n              ROUND(ROUND(OFFSET($P136,0,AK$13),15-13*ORÇAMENTO!$AF$7)*OFFSET(ORÇAMENTO!$W$15,ROW(AK136)-ROW(AK$15),0),15-13*ORÇAMENTO!$AF$11)),\n         0)","v":0},null,{"$f":"IF(OR($D136<>\"Serviço\",AND(AUTOEVENTO=\"Manual\",$M136=$A$15)),0,\n         IF(OFFSET(CRONOPLE!$F$15,$M136-$A$15,AM$13)=0,10^12,OFFSET(CRONOPLE!$F$15,$M136-$A$15,AM$13)))","v":1},{"$f":"IF(OR($D136<>\"Serviço\",AND(AUTOEVENTO=\"Manual\",$M136=$A$15)),0,\n         IF(OFFSET(CRONOPLE!$F$15,$M136-$A$15,AN$13)=0,10^12,OFFSET(CRONOPLE!$F$15,$M136-$A$15,AN$13)))","v":1},{"$f":"IF(OR($D136<>\"Serviço\",AND(AUTOEVENTO=\"Manual\",$M136=$A$15)),0,\n         IF(OFFSET(CRONOPLE!$F$15,$M136-$A$15,AO$13)=0,10^12,OFFSET(CRONOPLE!$F$15,$M136-$A$15,AO$13)))","v":1000000000000},{"$f":"IF(OR($D136<>\"Serviço\",AND(AUTOEVENTO=\"Manual\",$M136=$A$15)),0,\n         IF(OFFSET(CRONOPLE!$F$15,$M136-$A$15,AP$13)=0,10^12,OFFSET(CRONOPLE!$F$15,$M136-$A$15,AP$13)))","v":1000000000000},{"$f":"IF(OR($D136<>\"Serviço\",AND(AUTOEVENTO=\"Manual\",$M136=$A$15)),0,\n         IF(OFFSET(CRONOPLE!$F$15,$M136-$A$15,AQ$13)=0,10^12,OFFSET(CRONOPLE!$F$15,$M136-$A$15,AQ$13)))","v":1000000000000},{"$f":"IF(OR($D136<>\"Serviço\",AND(AUTOEVENTO=\"Manual\",$M136=$A$15)),0,\n         IF(OFFSET(CRONOPLE!$F$15,$M136-$A$15,AR$13)=0,10^12,OFFSET(CRONOPLE!$F$15,$M136-$A$15,AR$13)))","v":1000000000000},{"$f":"IF(OR($D136<>\"Serviço\",AND(AUTOEVENTO=\"Manual\",$M136=$A$15)),0,\n         IF(OFFSET(CRONOPLE!$F$15,$M136-$A$15,AS$13)=0,10^12,OFFSET(CRONOPLE!$F$15,$M136-$A$15,AS$13)))","v":1000000000000},{"$f":"IF(OR($D136<>\"Serviço\",AND(AUTOEVENTO=\"Manual\",$M136=$A$15)),0,\n         IF(OFFSET(CRONOPLE!$F$15,$M136-$A$15,AT$13)=0,10^12,OFFSET(CRONOPLE!$F$15,$M136-$A$15,AT$13)))","v":1000000000000},{"$f":"IF(OR($D136<>\"Serviço\",AND(AUTOEVENTO=\"Manual\",$M136=$A$15)),0,\n         IF(OFFSET(CRONOPLE!$F$15,$M136-$A$15,AU$13)=0,10^12,OFFSET(CRONOPLE!$F$15,$M136-$A$15,AU$13)))","v":1000000000000},{"$f":"IF(OR($D136<>\"Serviço\",AND(AUTOEVENTO=\"Manual\",$M136=$A$15)),0,\n         IF(OFFSET(CRONOPLE!$F$15,$M136-$A$15,AV$13)=0,10^12,OFFSET(CRONOPLE!$F$15,$M136-$A$15,AV$13)))","v":1000000000000},null,{"$f":"IF(OR($D136<>\"Serviço\",AND(AUTOEVENTO=\"Manual\",$M136=$A$15),$M136>(ROW(PLE.lastrow)-ROW(PLE.firstrow))),0,\n           IF(OFFSET(PLE!$G$15,$M136-$A$15,AX$13)=\"\",10^12,OFFSET(PLE!$G$15,$M136-$A$15,AX$13)))","v":1000000000000},{"$f":"IF(OR($D136<>\"Serviço\",AND(AUTOEVENTO=\"Manual\",$M136=$A$15),$M136>(ROW(PLE.lastrow)-ROW(PLE.firstrow))),0,\n           IF(OFFSET(PLE!$G$15,$M136-$A$15,AY$13)=\"\",10^12,OFFSET(PLE!$G$15,$M136-$A$15,AY$13)))","v":1000000000000},{"$f":"IF(OR($D136<>\"Serviço\",AND(AUTOEVENTO=\"Manual\",$M136=$A$15),$M136>(ROW(PLE.lastrow)-ROW(PLE.firstrow))),0,\n           IF(OFFSET(PLE!$G$15,$M136-$A$15,AZ$13)=\"\",10^12,OFFSET(PLE!$G$15,$M136-$A$15,AZ$13)))","v":1000000000000},{"$f":"IF(OR($D136<>\"Serviço\",AND(AUTOEVENTO=\"Manual\",$M136=$A$15),$M136>(ROW(PLE.lastrow)-ROW(PLE.firstrow))),0,\n           IF(OFFSET(PLE!$G$15,$M136-$A$15,BA$13)=\"\",10^12,OFFSET(PLE!$G$15,$M136-$A$15,BA$13)))","v":1000000000000},{"$f":"IF(OR($D136<>\"Serviço\",AND(AUTOEVENTO=\"Manual\",$M136=$A$15),$M136>(ROW(PLE.lastrow)-ROW(PLE.firstrow))),0,\n           IF(OFFSET(PLE!$G$15,$M136-$A$15,BB$13)=\"\",10^12,OFFSET(PLE!$G$15,$M136-$A$15,BB$13)))","v":1000000000000},{"$f":"IF(OR($D136<>\"Serviço\",AND(AUTOEVENTO=\"Manual\",$M136=$A$15),$M136>(ROW(PLE.lastrow)-ROW(PLE.firstrow))),0,\n           IF(OFFSET(PLE!$G$15,$M136-$A$15,BC$13)=\"\",10^12,OFFSET(PLE!$G$15,$M136-$A$15,BC$13)))","v":1000000000000},{"$f":"IF(OR($D136<>\"Serviço\",AND(AUTOEVENTO=\"Manual\",$M136=$A$15),$M136>(ROW(PLE.lastrow)-ROW(PLE.firstrow))),0,\n           IF(OFFSET(PLE!$G$15,$M136-$A$15,BD$13)=\"\",10^12,OFFSET(PLE!$G$15,$M136-$A$15,BD$13)))","v":1000000000000},{"$f":"IF(OR($D136<>\"Serviço\",AND(AUTOEVENTO=\"Manual\",$M136=$A$15),$M136>(ROW(PLE.lastrow)-ROW(PLE.firstrow))),0,\n           IF(OFFSET(PLE!$G$15,$M136-$A$15,BE$13)=\"\",10^12,OFFSET(PLE!$G$15,$M136-$A$15,BE$13)))","v":1000000000000},{"$f":"IF(OR($D136<>\"Serviço\",AND(AUTOEVENTO=\"Manual\",$M136=$A$15),$M136>(ROW(PLE.lastrow)-ROW(PLE.firstrow))),0,\n           IF(OFFSET(PLE!$G$15,$M136-$A$15,BF$13)=\"\",10^12,OFFSET(PLE!$G$15,$M136-$A$15,BF$13)))","v":1000000000000},{"$f":"IF(OR($D136<>\"Serviço\",AND(AUTOEVENTO=\"Manual\",$M136=$A$15),$M136>(ROW(PLE.lastrow)-ROW(PLE.firstrow))),0,\n           IF(OFFSET(PLE!$G$15,$M136-$A$15,BG$13)=\"\",10^12,OFFSET(PLE!$G$15,$M136-$A$15,BG$13)))","v":1000000000000}]
[0,{"$f":"OFFSET(ORÇAMENTO!C$15,$L137,0)","v":2},{"$f":"OFFSET(ORÇAMENTO!L$15,$L137,0)","v":"F"},{"$f":"OFFSET(ORÇAMENTO!N$15,$L137,0)","v":"Nível 2"},{"$f":"OFFSET(ORÇAMENTO!O$15,$L137,0)","v":"1.16."},{"$f":"OFFSET(ORÇAMENTO!R$15,$L137,0)","v":"ADMINISTRAÇÃO LOCAL DA OBRA"},{"$f":"IF($D137<>\"Serviço\",\"\",OFFSET(ORÇAMENTO!S$15,$L137,0))","v":""},{"$f":"IF($D137<>\"Serviço\",0,IF(ACOMPANHAMENTO=\"BM\",ROUND(OFFSET(ORÇAMENTO!AJ$15,$L137,0),15-13*ORÇAMENTO!$AF$7),IF(IFERROR(CÁLCULO.FrentesPreenchidas,0)=0,0,SUM(ROUND(OFFSET($P137,0,1,1,CÁLCULO.FrentesPreenchidas),15-13*ORÇAMENTO!$AF$7)))))","v":0},null,{"$f":"IF(OR(B137<>\"S\",CÁLCULO.FrentesPreenchidas=0),\"\",IF(AND(ACOMPANHAMENTO=\"PLE\",AUTOEVENTO=\"Manual\",OR(H137>0,ORÇAMENTO!AC137=\"QUANT.\"),OR(K137=\"\",M137=0,N137=\"\")),\"►E\",IF(AND(ACOMPANHAMENTO=\"PLE\",ORÇAMENTO!AC137=\"QUANT.\"),\"►Q\",IF(AND(ACOMPANHAMENTO=\"PLE\",H137<>SUMPRODUCT(($Q$1:$AA$1=1)*ROUND(Q137:AA137,15))),\"►S\",IF(AND(COUNTIF($P$11:$AA$11,\"▼\")=0,H137>0,I137=\"\"),\"◄M\",\"\")))))","v":""},null,122,{"$f":"IF($D137<>\"Serviço\",\"\",\n          IF(AUTOEVENTO=\"manual\",$A137,\n                IF(ISERROR(MATCH($A137,$A$15:OFFSET($A137,-1,0),0)),MAX($M$15:OFFSET(M137,-1,0))+1,\n                      INDEX($M$15:OFFSET(M137,-1,0),MATCH($A137,$A$15:OFFSET($A137,-1,0),0)))))","v":""},{"$f":"IF($D137<>\"Serviço\",\"\",\n         IF(AUTOEVENTO=\"Manual\",\n                IF($A137=0,\"<-- defina o número do agrupador\",\n                       OFFSET(EVENTOS!$D$15,$A137-$A$15,0)),\n                OFFSET($F$15,$A137,0)))","v":""},null,null,null,null,null,null,null,null,null,null,null,null,null,{"$f":"IF(AND($D137=\"Serviço\",AB$12<>0,$H137>0,OR(AUTOEVENTO<>\"manual\",$M137<>$A$15)),\n        IF(Import.TipoArredondamento<>\"TransfereGOV\",\n              ROUND(OFFSET($P137,0,AB$13),15-13*ORÇAMENTO!$AF$7)/$H137*OFFSET(ORÇAMENTO!$X$15,ROW(AB137)-ROW(AB$15),0),\n              ROUND(ROUND(OFFSET($P137,0,AB$13),15-13*ORÇAMENTO!$AF$7)*OFFSET(ORÇAMENTO!$W$15,ROW(AB137)-ROW(AB$15),0),15-13*ORÇAMENTO!$AF$11)),\n         0)","v":0},{"$f":"IF(AND($D137=\"Serviço\",AC$12<>0,$H137>0,OR(AUTOEVENTO<>\"manual\",$M137<>$A$15)),\n        IF(Import.TipoArredondamento<>\"TransfereGOV\",\n              ROUND(OFFSET($P137,0,AC$13),15-13*ORÇAMENTO!$AF$7)/$H137*OFFSET(ORÇAMENTO!$X$15,ROW(AC137)-ROW(AC$15),0),\n              ROUND(ROUND(OFFSET($P137,0,AC$13),15-13*ORÇAMENTO!$AF$7)*OFFSET(ORÇAMENTO!$W$15,ROW(AC137)-ROW(AC$15),0),15-13*ORÇAMENTO!$AF$11)),\n         0)","v":0},{"$f":"IF(AND($D137=\"Serviço\",AD$12<>0,$H137>0,OR(AUTOEVENTO<>\"manual\",$M137<>$A$15)),\n        IF(Import.TipoArredondamento<>\"TransfereGOV\",\n              ROUND(OFFSET($P137,0,AD$13),15-13*ORÇAMENTO!$AF$7)/$H137*OFFSET(ORÇAMENTO!$X$15,ROW(AD137)-ROW(AD$15),0),\n              ROUND(ROUND(OFFSET($P137,0,AD$13),15-13*ORÇAMENTO!$AF$7)*OFFSET(ORÇAMENTO!$W$15,ROW(AD137)-ROW(AD$15),0),15-13*ORÇAMENTO!$AF$11)),\n         0)","v":0},{"$f":"IF(AND($D137=\"Serviço\",AE$12<>0,$H137>0,OR(AUTOEVENTO<>\"manual\",$M137<>$A$15)),\n        IF(Import.TipoArredondamento<>\"TransfereGOV\",\n              ROUND(OFFSET($P137,0,AE$13),15-13*ORÇAMENTO!$AF$7)/$H137*OFFSET(ORÇAMENTO!$X$15,ROW(AE137)-ROW(AE$15),0),\n              ROUND(ROUND(OFFSET($P137,0,AE$13),15-13*ORÇAMENTO!$AF$7)*OFFSET(ORÇAMENTO!$W$15,ROW(AE137)-ROW(AE$15),0),15-13*ORÇAMENTO!$AF$11)),\n         0)","v":0},{"$f":"IF(AND($D137=\"Serviço\",AF$12<>0,$H137>0,OR(AUTOEVENTO<>\"manual\",$M137<>$A$15)),\n        IF(Import.TipoArredondamento<>\"TransfereGOV\",\n              ROUND(OFFSET($P137,0,AF$13),15-13*ORÇAMENTO!$AF$7)/$H137*OFFSET(ORÇAMENTO!$X$15,ROW(AF137)-ROW(AF$15),0),\n              ROUND(ROUND(OFFSET($P137,0,AF$13),15-13*ORÇAMENTO!$AF$7)*OFFSET(ORÇAMENTO!$W$15,ROW(AF137)-ROW(AF$15),0),15-13*ORÇAMENTO!$AF$11)),\n         0)","v":0},{"$f":"IF(AND($D137=\"Serviço\",AG$12<>0,$H137>0,OR(AUTOEVENTO<>\"manual\",$M137<>$A$15)),\n        IF(Import.TipoArredondamento<>\"TransfereGOV\",\n              ROUND(OFFSET($P137,0,AG$13),15-13*ORÇAMENTO!$AF$7)/$H137*OFFSET(ORÇAMENTO!$X$15,ROW(AG137)-ROW(AG$15),0),\n              ROUND(ROUND(OFFSET($P137,0,AG$13),15-13*ORÇAMENTO!$AF$7)*OFFSET(ORÇAMENTO!$W$15,ROW(AG137)-ROW(AG$15),0),15-13*ORÇAMENTO!$AF$11)),\n         0)","v":0},{"$f":"IF(AND($D137=\"Serviço\",AH$12<>0,$H137>0,OR(AUTOEVENTO<>\"manual\",$M137<>$A$15)),\n        IF(Import.TipoArredondamento<>\"TransfereGOV\",\n              ROUND(OFFSET($P137,0,AH$13),15-13*ORÇAMENTO!$AF$7)/$H137*OFFSET(ORÇAMENTO!$X$15,ROW(AH137)-ROW(AH$15),0),\n              ROUND(ROUND(OFFSET($P137,0,AH$13),15-13*ORÇAMENTO!$AF$7)*OFFSET(ORÇAMENTO!$W$15,ROW(AH137)-ROW(AH$15),0),15-13*ORÇAMENTO!$AF$11)),\n         0)","v":0},{"$f":"IF(AND($D137=\"Serviço\",AI$12<>0,$H137>0,OR(AUTOEVENTO<>\"manual\",$M137<>$A$15)),\n        IF(Import.TipoArredondamento<>\"TransfereGOV\",\n              ROUND(OFFSET($P137,0,AI$13),15-13*ORÇAMENTO!$AF$7)/$H137*OFFSET(ORÇAMENTO!$X$15,ROW(AI137)-ROW(AI$15),0),\n              ROUND(ROUND(OFFSET($P137,0,AI$13),15-13*ORÇAMENTO!$AF$7)*OFFSET(ORÇAMENTO!$W$15,ROW(AI137)-ROW(AI$15),0),15-13*ORÇAMENTO!$AF$11)),\n         0)","v":0},{"$f":"IF(AND($D137=\"Serviço\",AJ$12<>0,$H137>0,OR(AUTOEVENTO<>\"manual\",$M137<>$A$15)),\n        IF(Import.TipoArredondamento<>\"TransfereGOV\",\n              ROUND(OFFSET($P137,0,AJ$13),15-13*ORÇAMENTO!$AF$7)/$H137*OFFSET(ORÇAMENTO!$X$15,ROW(AJ137)-ROW(AJ$15),0),\n              ROUND(ROUND(OFFSET($P137,0,AJ$13),15-13*ORÇAMENTO!$AF$7)*OFFSET(ORÇAMENTO!$W$15,ROW(AJ137)-ROW(AJ$15),0),15-13*ORÇAMENTO!$AF$11)),\n         0)","v":0},{"$f":"IF(AND($D137=\"Serviço\",AK$12<>0,$H137>0,OR(AUTOEVENTO<>\"manual\",$M137<>$A$15)),\n        IF(Import.TipoArredondamento<>\"TransfereGOV\",\n              ROUND(OFFSET($P137,0,AK$13),15-13*ORÇAMENTO!$AF$7)/$H137*OFFSET(ORÇAMENTO!$X$15,ROW(AK137)-ROW(AK$15),0),\n              ROUND(ROUND(OFFSET($P137,0,AK$13),15-13*ORÇAMENTO!$AF$7)*OFFSET(ORÇAMENTO!$W$15,ROW(AK137)-ROW(AK$15),0),15-13*ORÇAMENTO!$AF$11)),\n         0)","v":0},null,{"$f":"IF(OR($D137<>\"Serviço\",AND(AUTOEVENTO=\"Manual\",$M137=$A$15)),0,\n         IF(OFFSET(CRONOPLE!$F$15,$M137-$A$15,AM$13)=0,10^12,OFFSET(CRONOPLE!$F$15,$M137-$A$15,AM$13)))","v":0},{"$f":"IF(OR($D137<>\"Serviço\",AND(AUTOEVENTO=\"Manual\",$M137=$A$15)),0,\n         IF(OFFSET(CRONOPLE!$F$15,$M137-$A$15,AN$13)=0,10^12,OFFSET(CRONOPLE!$F$15,$M137-$A$15,AN$13)))","v":0},{"$f":"IF(OR($D137<>\"Serviço\",AND(AUTOEVENTO=\"Manual\",$M137=$A$15)),0,\n         IF(OFFSET(CRONOPLE!$F$15,$M137-$A$15,AO$13)=0,10^12,OFFSET(CRONOPLE!$F$15,$M137-$A$15,AO$13)))","v":0},{"$f":"IF(OR($D137<>\"Serviço\",AND(AUTOEVENTO=\"Manual\",$M137=$A$15)),0,\n         IF(OFFSET(CRONOPLE!$F$15,$M137-$A$15,AP$13)=0,10^12,OFFSET(CRONOPLE!$F$15,$M137-$A$15,AP$13)))","v":0},{"$f":"IF(OR($D137<>\"Serviço\",AND(AUTOEVENTO=\"Manual\",$M137=$A$15)),0,\n         IF(OFFSET(CRONOPLE!$F$15,$M137-$A$15,AQ$13)=0,10^12,OFFSET(CRONOPLE!$F$15,$M137-$A$15,AQ$13)))","v":0},{"$f":"IF(OR($D137<>\"Serviço\",AND(AUTOEVENTO=\"Manual\",$M137=$A$15)),0,\n         IF(OFFSET(CRONOPLE!$F$15,$M137-$A$15,AR$13)=0,10^12,OFFSET(CRONOPLE!$F$15,$M137-$A$15,AR$13)))","v":0},{"$f":"IF(OR($D137<>\"Serviço\",AND(AUTOEVENTO=\"Manual\",$M137=$A$15)),0,\n         IF(OFFSET(CRONOPLE!$F$15,$M137-$A$15,AS$13)=0,10^12,OFFSET(CRONOPLE!$F$15,$M137-$A$15,AS$13)))","v":0},{"$f":"IF(OR($D137<>\"Serviço\",AND(AUTOEVENTO=\"Manual\",$M137=$A$15)),0,\n         IF(OFFSET(CRONOPLE!$F$15,$M137-$A$15,AT$13)=0,10^12,OFFSET(CRONOPLE!$F$15,$M137-$A$15,AT$13)))","v":0},{"$f":"IF(OR($D137<>\"Serviço\",AND(AUTOEVENTO=\"Manual\",$M137=$A$15)),0,\n         IF(OFFSET(CRONOPLE!$F$15,$M137-$A$15,AU$13)=0,10^12,OFFSET(CRONOPLE!$F$15,$M137-$A$15,AU$13)))","v":0},{"$f":"IF(OR($D137<>\"Serviço\",AND(AUTOEVENTO=\"Manual\",$M137=$A$15)),0,\n         IF(OFFSET(CRONOPLE!$F$15,$M137-$A$15,AV$13)=0,10^12,OFFSET(CRONOPLE!$F$15,$M137-$A$15,AV$13)))","v":0},null,{"$f":"IF(OR($D137<>\"Serviço\",AND(AUTOEVENTO=\"Manual\",$M137=$A$15),$M137>(ROW(PLE.lastrow)-ROW(PLE.firstrow))),0,\n           IF(OFFSET(PLE!$G$15,$M137-$A$15,AX$13)=\"\",10^12,OFFSET(PLE!$G$15,$M137-$A$15,AX$13)))","v":0},{"$f":"IF(OR($D137<>\"Serviço\",AND(AUTOEVENTO=\"Manual\",$M137=$A$15),$M137>(ROW(PLE.lastrow)-ROW(PLE.firstrow))),0,\n           IF(OFFSET(PLE!$G$15,$M137-$A$15,AY$13)=\"\",10^12,OFFSET(PLE!$G$15,$M137-$A$15,AY$13)))","v":0},{"$f":"IF(OR($D137<>\"Serviço\",AND(AUTOEVENTO=\"Manual\",$M137=$A$15),$M137>(ROW(PLE.lastrow)-ROW(PLE.firstrow))),0,\n           IF(OFFSET(PLE!$G$15,$M137-$A$15,AZ$13)=\"\",10^12,OFFSET(PLE!$G$15,$M137-$A$15,AZ$13)))","v":0},{"$f":"IF(OR($D137<>\"Serviço\",AND(AUTOEVENTO=\"Manual\",$M137=$A$15),$M137>(ROW(PLE.lastrow)-ROW(PLE.firstrow))),0,\n           IF(OFFSET(PLE!$G$15,$M137-$A$15,BA$13)=\"\",10^12,OFFSET(PLE!$G$15,$M137-$A$15,BA$13)))","v":0},{"$f":"IF(OR($D137<>\"Serviço\",AND(AUTOEVENTO=\"Manual\",$M137=$A$15),$M137>(ROW(PLE.lastrow)-ROW(PLE.firstrow))),0,\n           IF(OFFSET(PLE!$G$15,$M137-$A$15,BB$13)=\"\",10^12,OFFSET(PLE!$G$15,$M137-$A$15,BB$13)))","v":0},{"$f":"IF(OR($D137<>\"Serviço\",AND(AUTOEVENTO=\"Manual\",$M137=$A$15),$M137>(ROW(PLE.lastrow)-ROW(PLE.firstrow))),0,\n           IF(OFFSET(PLE!$G$15,$M137-$A$15,BC$13)=\"\",10^12,OFFSET(PLE!$G$15,$M137-$A$15,BC$13)))","v":0},{"$f":"IF(OR($D137<>\"Serviço\",AND(AUTOEVENTO=\"Manual\",$M137=$A$15),$M137>(ROW(PLE.lastrow)-ROW(PLE.firstrow))),0,\n           IF(OFFSET(PLE!$G$15,$M137-$A$15,BD$13)=\"\",10^12,OFFSET(PLE!$G$15,$M137-$A$15,BD$13)))","v":0},{"$f":"IF(OR($D137<>\"Serviço\",AND(AUTOEVENTO=\"Manual\",$M137=$A$15),$M137>(ROW(PLE.lastrow)-ROW(PLE.firstrow))),0,\n           IF(OFFSET(PLE!$G$15,$M137-$A$15,BE$13)=\"\",10^12,OFFSET(PLE!$G$15,$M137-$A$15,BE$13)))","v":0},{"$f":"IF(OR($D137<>\"Serviço\",AND(AUTOEVENTO=\"Manual\",$M137=$A$15),$M137>(ROW(PLE.lastrow)-ROW(PLE.firstrow))),0,\n           IF(OFFSET(PLE!$G$15,$M137-$A$15,BF$13)=\"\",10^12,OFFSET(PLE!$G$15,$M137-$A$15,BF$13)))","v":0},{"$f":"IF(OR($D137<>\"Serviço\",AND(AUTOEVENTO=\"Manual\",$M137=$A$15),$M137>(ROW(PLE.lastrow)-ROW(PLE.firstrow))),0,\n           IF(OFFSET(PLE!$G$15,$M137-$A$15,BG$13)=\"\",10^12,OFFSET(PLE!$G$15,$M137-$A$15,BG$13)))","v":0}]
[1,{"$f":"OFFSET(ORÇAMENTO!C$15,$L138,0)","v":"S"},{"$f":"OFFSET(ORÇAMENTO!L$15,$L138,0)","v":"F"},{"$f":"OFFSET(ORÇAMENTO!N$15,$L138,0)","v":"Serviço"},{"$f":"OFFSET(ORÇAMENTO!O$15,$L138,0)","v":"1.16.1."},{"$f":"OFFSET(ORÇAMENTO!R$15,$L138,0)","v":"ENGENHEIRO CIVIL DE OBRA JUNIOR COM ENCARGOS COMPLEMENTARES"},{"$f":"IF($D138<>\"Serviço\",\"\",OFFSET(ORÇAMENTO!S$15,$L138,0))","v":"MES"},{"$f":"IF($D138<>\"Serviço\",0,IF(ACOMPANHAMENTO=\"BM\",ROUND(OFFSET(ORÇAMENTO!AJ$15,$L138,0),15-13*ORÇAMENTO!$AF$7),IF(IFERROR(CÁLCULO.FrentesPreenchidas,0)=0,0,SUM(ROUND(OFFSET($P138,0,1,1,CÁLCULO.FrentesPreenchidas),15-13*ORÇAMENTO!$AF$7)))))","v":1},"ADMINSTRAÇÃO ",{"$f":"IF(OR(B138<>\"S\",CÁLCULO.FrentesPreenchidas=0),\"\",IF(AND(ACOMPANHAMENTO=\"PLE\",AUTOEVENTO=\"Manual\",OR(H138>0,ORÇAMENTO!AC138=\"QUANT.\"),OR(K138=\"\",M138=0,N138=\"\")),\"►E\",IF(AND(ACOMPANHAMENTO=\"PLE\",ORÇAMENTO!AC138=\"QUANT.\"),\"►Q\",IF(AND(ACOMPANHAMENTO=\"PLE\",H138<>SUMPRODUCT(($Q$1:$AA$1=1)*ROUND(Q138:AA138,15))),\"►S\",IF(AND(COUNTIF($P$11:$AA$11,\"▼\")=0,H138>0,I138=\"\"),\"◄M\",\"\")))))","v":""},"1.Administração Local",123,{"$f":"IF($D138<>\"Serviço\",\"\",\n          IF(AUTOEVENTO=\"manual\",$A138,\n                IF(ISERROR(MATCH($A138,$A$15:OFFSET($A138,-1,0),0)),MAX($M$15:OFFSET(M138,-1,0))+1,\n                      INDEX($M$15:OFFSET(M138,-1,0),MATCH($A138,$A$15:OFFSET($A138,-1,0),0)))))","v":1},{"$f":"IF($D138<>\"Serviço\",\"\",\n         IF(AUTOEVENTO=\"Manual\",\n                IF($A138=0,\"<-- defina o número do agrupador\",\n                       OFFSET(EVENTOS!$D$15,$A138-$A$15,0)),\n                OFFSET($F$15,$A138,0)))","v":"Serviços Preliminares "},null,null,0.5,0.5,null,0.2,0.2,0.2,null,null,null,null,null,{"$f":"IF(AND($D138=\"Serviço\",AB$12<>0,$H138>0,OR(AUTOEVENTO<>\"manual\",$M138<>$A$15)),\n        IF(Import.TipoArredondamento<>\"TransfereGOV\",\n              ROUND(OFFSET($P138,0,AB$13),15-13*ORÇAMENTO!$AF$7)/$H138*OFFSET(ORÇAMENTO!$X$15,ROW(AB138)-ROW(AB$15),0),\n              ROUND(ROUND(OFFSET($P138,0,AB$13),15-13*ORÇAMENTO!$AF$7)*OFFSET(ORÇAMENTO!$W$15,ROW(AB138)-ROW(AB$15),0),15-13*ORÇAMENTO!$AF$11)),\n         0)","v":0},{"$f":"IF(AND($D138=\"Serviço\",AC$12<>0,$H138>0,OR(AUTOEVENTO<>\"manual\",$M138<>$A$15)),\n        IF(Import.TipoArredondamento<>\"TransfereGOV\",\n              ROUND(OFFSET($P138,0,AC$13),15-13*ORÇAMENTO!$AF$7)/$H138*OFFSET(ORÇAMENTO!$X$15,ROW(AC138)-ROW(AC$15),0),\n              ROUND(ROUND(OFFSET($P138,0,AC$13),15-13*ORÇAMENTO!$AF$7)*OFFSET(ORÇAMENTO!$W$15,ROW(AC138)-ROW(AC$15),0),15-13*ORÇAMENTO!$AF$11)),\n         0)","v":0},{"$f":"IF(AND($D138=\"Serviço\",AD$12<>0,$H138>0,OR(AUTOEVENTO<>\"manual\",$M138<>$A$15)),\n        IF(Import.TipoArredondamento<>\"TransfereGOV\",\n              ROUND(OFFSET($P138,0,AD$13),15-13*ORÇAMENTO!$AF$7)/$H138*OFFSET(ORÇAMENTO!$X$15,ROW(AD138)-ROW(AD$15),0),\n              ROUND(ROUND(OFFSET($P138,0,AD$13),15-13*ORÇAMENTO!$AF$7)*OFFSET(ORÇAMENTO!$W$15,ROW(AD138)-ROW(AD$15),0),15-13*ORÇAMENTO!$AF$11)),\n         0)","v":0},{"$f":"IF(AND($D138=\"Serviço\",AE$12<>0,$H138>0,OR(AUTOEVENTO<>\"manual\",$M138<>$A$15)),\n        IF(Import.TipoArredondamento<>\"TransfereGOV\",\n              ROUND(OFFSET($P138,0,AE$13),15-13*ORÇAMENTO!$AF$7)/$H138*OFFSET(ORÇAMENTO!$X$15,ROW(AE138)-ROW(AE$15),0),\n              ROUND(ROUND(OFFSET($P138,0,AE$13),15-13*ORÇAMENTO!$AF$7)*OFFSET(ORÇAMENTO!$W$15,ROW(AE138)-ROW(AE$15),0),15-13*ORÇAMENTO!$AF$11)),\n         0)","v":0},{"$f":"IF(AND($D138=\"Serviço\",AF$12<>0,$H138>0,OR(AUTOEVENTO<>\"manual\",$M138<>$A$15)),\n        IF(Import.TipoArredondamento<>\"TransfereGOV\",\n              ROUND(OFFSET($P138,0,AF$13),15-13*ORÇAMENTO!$AF$7)/$H138*OFFSET(ORÇAMENTO!$X$15,ROW(AF138)-ROW(AF$15),0),\n              ROUND(ROUND(OFFSET($P138,0,AF$13),15-13*ORÇAMENTO!$AF$7)*OFFSET(ORÇAMENTO!$W$15,ROW(AF138)-ROW(AF$15),0),15-13*ORÇAMENTO!$AF$11)),\n         0)","v":0},{"$f":"IF(AND($D138=\"Serviço\",AG$12<>0,$H138>0,OR(AUTOEVENTO<>\"manual\",$M138<>$A$15)),\n        IF(Import.TipoArredondamento<>\"TransfereGOV\",\n              ROUND(OFFSET($P138,0,AG$13),15-13*ORÇAMENTO!$AF$7)/$H138*OFFSET(ORÇAMENTO!$X$15,ROW(AG138)-ROW(AG$15),0),\n              ROUND(ROUND(OFFSET($P138,0,AG$13),15-13*ORÇAMENTO!$AF$7)*OFFSET(ORÇAMENTO!$W$15,ROW(AG138)-ROW(AG$15),0),15-13*ORÇAMENTO!$AF$11)),\n         0)","v":0},{"$f":"IF(AND($D138=\"Serviço\",AH$12<>0,$H138>0,OR(AUTOEVENTO<>\"manual\",$M138<>$A$15)),\n        IF(Import.TipoArredondamento<>\"TransfereGOV\",\n              ROUND(OFFSET($P138,0,AH$13),15-13*ORÇAMENTO!$AF$7)/$H138*OFFSET(ORÇAMENTO!$X$15,ROW(AH138)-ROW(AH$15),0),\n              ROUND(ROUND(OFFSET($P138,0,AH$13),15-13*ORÇAMENTO!$AF$7)*OFFSET(ORÇAMENTO!$W$15,ROW(AH138)-ROW(AH$15),0),15-13*ORÇAMENTO!$AF$11)),\n         0)","v":0},{"$f":"IF(AND($D138=\"Serviço\",AI$12<>0,$H138>0,OR(AUTOEVENTO<>\"manual\",$M138<>$A$15)),\n        IF(Import.TipoArredondamento<>\"TransfereGOV\",\n              ROUND(OFFSET($P138,0,AI$13),15-13*ORÇAMENTO!$AF$7)/$H138*OFFSET(ORÇAMENTO!$X$15,ROW(AI138)-ROW(AI$15),0),\n              ROUND(ROUND(OFFSET($P138,0,AI$13),15-13*ORÇAMENTO!$AF$7)*OFFSET(ORÇAMENTO!$W$15,ROW(AI138)-ROW(AI$15),0),15-13*ORÇAMENTO!$AF$11)),\n         0)","v":0},{"$f":"IF(AND($D138=\"Serviço\",AJ$12<>0,$H138>0,OR(AUTOEVENTO<>\"manual\",$M138<>$A$15)),\n        IF(Import.TipoArredondamento<>\"TransfereGOV\",\n              ROUND(OFFSET($P138,0,AJ$13),15-13*ORÇAMENTO!$AF$7)/$H138*OFFSET(ORÇAMENTO!$X$15,ROW(AJ138)-ROW(AJ$15),0),\n              ROUND(ROUND(OFFSET($P138,0,AJ$13),15-13*ORÇAMENTO!$AF$7)*OFFSET(ORÇAMENTO!$W$15,ROW(AJ138)-ROW(AJ$15),0),15-13*ORÇAMENTO!$AF$11)),\n         0)","v":0},{"$f":"IF(AND($D138=\"Serviço\",AK$12<>0,$H138>0,OR(AUTOEVENTO<>\"manual\",$M138<>$A$15)),\n        IF(Import.TipoArredondamento<>\"TransfereGOV\",\n              ROUND(OFFSET($P138,0,AK$13),15-13*ORÇAMENTO!$AF$7)/$H138*OFFSET(ORÇAMENTO!$X$15,ROW(AK138)-ROW(AK$15),0),\n              ROUND(ROUND(OFFSET($P138,0,AK$13),15-13*ORÇAMENTO!$AF$7)*OFFSET(ORÇAMENTO!$W$15,ROW(AK138)-ROW(AK$15),0),15-13*ORÇAMENTO!$AF$11)),\n         0)","v":0},null,{"$f":"IF(OR($D138<>\"Serviço\",AND(AUTOEVENTO=\"Manual\",$M138=$A$15)),0,\n         IF(OFFSET(CRONOPLE!$F$15,$M138-$A$15,AM$13)=0,10^12,OFFSET(CRONOPLE!$F$15,$M138-$A$15,AM$13)))","v":1},{"$f":"IF(OR($D138<>\"Serviço\",AND(AUTOEVENTO=\"Manual\",$M138=$A$15)),0,\n         IF(OFFSET(CRONOPLE!$F$15,$M138-$A$15,AN$13)=0,10^12,OFFSET(CRONOPLE!$F$15,$M138-$A$15,AN$13)))","v":1},{"$f":"IF(OR($D138<>\"Serviço\",AND(AUTOEVENTO=\"Manual\",$M138=$A$15)),0,\n         IF(OFFSET(CRONOPLE!$F$15,$M138-$A$15,AO$13)=0,10^12,OFFSET(CRONOPLE!$F$15,$M138-$A$15,AO$13)))","v":1000000000000},{"$f":"IF(OR($D138<>\"Serviço\",AND(AUTOEVENTO=\"Manual\",$M138=$A$15)),0,\n         IF(OFFSET(CRONOPLE!$F$15,$M138-$A$15,AP$13)=0,10^12,OFFSET(CRONOPLE!$F$15,$M138-$A$15,AP$13)))","v":1000000000000},{"$f":"IF(OR($D138<>\"Serviço\",AND(AUTOEVENTO=\"Manual\",$M138=$A$15)),0,\n         IF(OFFSET(CRONOPLE!$F$15,$M138-$A$15,AQ$13)=0,10^12,OFFSET(CRONOPLE!$F$15,$M138-$A$15,AQ$13)))","v":1000000000000},{"$f":"IF(OR($D138<>\"Serviço\",AND(AUTOEVENTO=\"Manual\",$M138=$A$15)),0,\n         IF(OFFSET(CRONOPLE!$F$15,$M138-$A$15,AR$13)=0,10^12,OFFSET(CRONOPLE!$F$15,$M138-$A$15,AR$13)))","v":1000000000000},{"$f":"IF(OR($D138<>\"Serviço\",AND(AUTOEVENTO=\"Manual\",$M138=$A$15)),0,\n         IF(OFFSET(CRONOPLE!$F$15,$M138-$A$15,AS$13)=0,10^12,OFFSET(CRONOPLE!$F$15,$M138-$A$15,AS$13)))","v":1000000000000},{"$f":"IF(OR($D138<>\"Serviço\",AND(AUTOEVENTO=\"Manual\",$M138=$A$15)),0,\n         IF(OFFSET(CRONOPLE!$F$15,$M138-$A$15,AT$13)=0,10^12,OFFSET(CRONOPLE!$F$15,$M138-$A$15,AT$13)))","v":1000000000000},{"$f":"IF(OR($D138<>\"Serviço\",AND(AUTOEVENTO=\"Manual\",$M138=$A$15)),0,\n         IF(OFFSET(CRONOPLE!$F$15,$M138-$A$15,AU$13)=0,10^12,OFFSET(CRONOPLE!$F$15,$M138-$A$15,AU$13)))","v":1000000000000},{"$f":"IF(OR($D138<>\"Serviço\",AND(AUTOEVENTO=\"Manual\",$M138=$A$15)),0,\n         IF(OFFSET(CRONOPLE!$F$15,$M138-$A$15,AV$13)=0,10^12,OFFSET(CRONOPLE!$F$15,$M138-$A$15,AV$13)))","v":1000000000000},null,{"$f":"IF(OR($D138<>\"Serviço\",AND(AUTOEVENTO=\"Manual\",$M138=$A$15),$M138>(ROW(PLE.lastrow)-ROW(PLE.firstrow))),0,\n           IF(OFFSET(PLE!$G$15,$M138-$A$15,AX$13)=\"\",10^12,OFFSET(PLE!$G$15,$M138-$A$15,AX$13)))","v":1},{"$f":"IF(OR($D138<>\"Serviço\",AND(AUTOEVENTO=\"Manual\",$M138=$A$15),$M138>(ROW(PLE.lastrow)-ROW(PLE.firstrow))),0,\n           IF(OFFSET(PLE!$G$15,$M138-$A$15,AY$13)=\"\",10^12,OFFSET(PLE!$G$15,$M138-$A$15,AY$13)))","v":1},{"$f":"IF(OR($D138<>\"Serviço\",AND(AUTOEVENTO=\"Manual\",$M138=$A$15),$M138>(ROW(PLE.lastrow)-ROW(PLE.firstrow))),0,\n           IF(OFFSET(PLE!$G$15,$M138-$A$15,AZ$13)=\"\",10^12,OFFSET(PLE!$G$15,$M138-$A$15,AZ$13)))","v":1000000000000},{"$f":"IF(OR($D138<>\"Serviço\",AND(AUTOEVENTO=\"Manual\",$M138=$A$15),$M138>(ROW(PLE.lastrow)-ROW(PLE.firstrow))),0,\n           IF(OFFSET(PLE!$G$15,$M138-$A$15,BA$13)=\"\",10^12,OFFSET(PLE!$G$15,$M138-$A$15,BA$13)))","v":1000000000000},{"$f":"IF(OR($D138<>\"Serviço\",AND(AUTOEVENTO=\"Manual\",$M138=$A$15),$M138>(ROW(PLE.lastrow)-ROW(PLE.firstrow))),0,\n           IF(OFFSET(PLE!$G$15,$M138-$A$15,BB$13)=\"\",10^12,OFFSET(PLE!$G$15,$M138-$A$15,BB$13)))","v":1000000000000},{"$f":"IF(OR($D138<>\"Serviço\",AND(AUTOEVENTO=\"Manual\",$M138=$A$15),$M138>(ROW(PLE.lastrow)-ROW(PLE.firstrow))),0,\n           IF(OFFSET(PLE!$G$15,$M138-$A$15,BC$13)=\"\",10^12,OFFSET(PLE!$G$15,$M138-$A$15,BC$13)))","v":1000000000000},{"$f":"IF(OR($D138<>\"Serviço\",AND(AUTOEVENTO=\"Manual\",$M138=$A$15),$M138>(ROW(PLE.lastrow)-ROW(PLE.firstrow))),0,\n           IF(OFFSET(PLE!$G$15,$M138-$A$15,BD$13)=\"\",10^12,OFFSET(PLE!$G$15,$M138-$A$15,BD$13)))","v":1000000000000},{"$f":"IF(OR($D138<>\"Serviço\",AND(AUTOEVENTO=\"Manual\",$M138=$A$15),$M138>(ROW(PLE.lastrow)-ROW(PLE.firstrow))),0,\n           IF(OFFSET(PLE!$G$15,$M138-$A$15,BE$13)=\"\",10^12,OFFSET(PLE!$G$15,$M138-$A$15,BE$13)))","v":1000000000000},{"$f":"IF(OR($D138<>\"Serviço\",AND(AUTOEVENTO=\"Manual\",$M138=$A$15),$M138>(ROW(PLE.lastrow)-ROW(PLE.firstrow))),0,\n           IF(OFFSET(PLE!$G$15,$M138-$A$15,BF$13)=\"\",10^12,OFFSET(PLE!$G$15,$M138-$A$15,BF$13)))","v":1000000000000},{"$f":"IF(OR($D138<>\"Serviço\",AND(AUTOEVENTO=\"Manual\",$M138=$A$15),$M138>(ROW(PLE.lastrow)-ROW(PLE.firstrow))),0,\n           IF(OFFSET(PLE!$G$15,$M138-$A$15,BG$13)=\"\",10^12,OFFSET(PLE!$G$15,$M138-$A$15,BG$13)))","v":1000000000000}]
[1,{"$f":"OFFSET(ORÇAMENTO!C$15,$L139,0)","v":"S"},{"$f":"OFFSET(ORÇAMENTO!L$15,$L139,0)","v":"F"},{"$f":"OFFSET(ORÇAMENTO!N$15,$L139,0)","v":"Serviço"},{"$f":"OFFSET(ORÇAMENTO!O$15,$L139,0)","v":"1.16.2."},{"$f":"OFFSET(ORÇAMENTO!R$15,$L139,0)","v":"ENCARREGADO GERAL DE OBRAS COM ENCARGOS COMPLEMENTARES"},{"$f":"IF($D139<>\"Serviço\",\"\",OFFSET(ORÇAMENTO!S$15,$L139,0))","v":"MES"},{"$f":"IF($D139<>\"Serviço\",0,IF(ACOMPANHAMENTO=\"BM\",ROUND(OFFSET(ORÇAMENTO!AJ$15,$L139,0),15-13*ORÇAMENTO!$AF$7),IF(IFERROR(CÁLCULO.FrentesPreenchidas,0)=0,0,SUM(ROUND(OFFSET($P139,0,1,1,CÁLCULO.FrentesPreenchidas),15-13*ORÇAMENTO!$AF$7)))))","v":4},"ADMINSTRAÇÃO ",{"$f":"IF(OR(B139<>\"S\",CÁLCULO.FrentesPreenchidas=0),\"\",IF(AND(ACOMPANHAMENTO=\"PLE\",AUTOEVENTO=\"Manual\",OR(H139>0,ORÇAMENTO!AC139=\"QUANT.\"),OR(K139=\"\",M139=0,N139=\"\")),\"►E\",IF(AND(ACOMPANHAMENTO=\"PLE\",ORÇAMENTO!AC139=\"QUANT.\"),\"►Q\",IF(AND(ACOMPANHAMENTO=\"PLE\",H139<>SUMPRODUCT(($Q$1:$AA$1=1)*ROUND(Q139:AA139,15))),\"►S\",IF(AND(COUNTIF($P$11:$AA$11,\"▼\")=0,H139>0,I139=\"\"),\"◄M\",\"\")))))","v":""},"1.Administração Local",124,{"$f":"IF($D139<>\"Serviço\",\"\",\n          IF(AUTOEVENTO=\"manual\",$A139,\n                IF(ISERROR(MATCH($A139,$A$15:OFFSET($A139,-1,0),0)),MAX($M$15:OFFSET(M139,-1,0))+1,\n                      INDEX($M$15:OFFSET(M139,-1,0),MATCH($A139,$A$15:OFFSET($A139,-1,0),0)))))","v":1},{"$f":"IF($D139<>\"Serviço\",\"\",\n         IF(AUTOEVENTO=\"Manual\",\n                IF($A139=0,\"<-- defina o número do agrupador\",\n                       OFFSET(EVENTOS!$D$15,$A139-$A$15,0)),\n                OFFSET($F$15,$A139,0)))","v":"Serviços Preliminares "},null,null,2,2,null,null,null,null,null,null,null,null,null,{"$f":"IF(AND($D139=\"Serviço\",AB$12<>0,$H139>0,OR(AUTOEVENTO<>\"manual\",$M139<>$A$15)),\n        IF(Import.TipoArredondamento<>\"TransfereGOV\",\n              ROUND(OFFSET($P139,0,AB$13),15-13*ORÇAMENTO!$AF$7)/$H139*OFFSET(ORÇAMENTO!$X$15,ROW(AB139)-ROW(AB$15),0),\n              ROUND(ROUND(OFFSET($P139,0,AB$13),15-13*ORÇAMENTO!$AF$7)*OFFSET(ORÇAMENTO!$W$15,ROW(AB139)-ROW(AB$15),0),15-13*ORÇAMENTO!$AF$11)),\n         0)","v":0},{"$f":"IF(AND($D139=\"Serviço\",AC$12<>0,$H139>0,OR(AUTOEVENTO<>\"manual\",$M139<>$A$15)),\n        IF(Import.TipoArredondamento<>\"TransfereGOV\",\n              ROUND(OFFSET($P139,0,AC$13),15-13*ORÇAMENTO!$AF$7)/$H139*OFFSET(ORÇAMENTO!$X$15,ROW(AC139)-ROW(AC$15),0),\n              ROUND(ROUND(OFFSET($P139,0,AC$13),15-13*ORÇAMENTO!$AF$7)*OFFSET(ORÇAMENTO!$W$15,ROW(AC139)-ROW(AC$15),0),15-13*ORÇAMENTO!$AF$11)),\n         0)","v":0},{"$f":"IF(AND($D139=\"Serviço\",AD$12<>0,$H139>0,OR(AUTOEVENTO<>\"manual\",$M139<>$A$15)),\n        IF(Import.TipoArredondamento<>\"TransfereGOV\",\n              ROUND(OFFSET($P139,0,AD$13),15-13*ORÇAMENTO!$AF$7)/$H139*OFFSET(ORÇAMENTO!$X$15,ROW(AD139)-ROW(AD$15),0),\n              ROUND(ROUND(OFFSET($P139,0,AD$13),15-13*ORÇAMENTO!$AF$7)*OFFSET(ORÇAMENTO!$W$15,ROW(AD139)-ROW(AD$15),0),15-13*ORÇAMENTO!$AF$11)),\n         0)","v":0},{"$f":"IF(AND($D139=\"Serviço\",AE$12<>0,$H139>0,OR(AUTOEVENTO<>\"manual\",$M139<>$A$15)),\n        IF(Import.TipoArredondamento<>\"TransfereGOV\",\n              ROUND(OFFSET($P139,0,AE$13),15-13*ORÇAMENTO!$AF$7)/$H139*OFFSET(ORÇAMENTO!$X$15,ROW(AE139)-ROW(AE$15),0),\n              ROUND(ROUND(OFFSET($P139,0,AE$13),15-13*ORÇAMENTO!$AF$7)*OFFSET(ORÇAMENTO!$W$15,ROW(AE139)-ROW(AE$15),0),15-13*ORÇAMENTO!$AF$11)),\n         0)","v":0},{"$f":"IF(AND($D139=\"Serviço\",AF$12<>0,$H139>0,OR(AUTOEVENTO<>\"manual\",$M139<>$A$15)),\n        IF(Import.TipoArredondamento<>\"TransfereGOV\",\n              ROUND(OFFSET($P139,0,AF$13),15-13*ORÇAMENTO!$AF$7)/$H139*OFFSET(ORÇAMENTO!$X$15,ROW(AF139)-ROW(AF$15),0),\n              ROUND(ROUND(OFFSET($P139,0,AF$13),15-13*ORÇAMENTO!$AF$7)*OFFSET(ORÇAMENTO!$W$15,ROW(AF139)-ROW(AF$15),0),15-13*ORÇAMENTO!$AF$11)),\n         0)","v":0},{"$f":"IF(AND($D139=\"Serviço\",AG$12<>0,$H139>0,OR(AUTOEVENTO<>\"manual\",$M139<>$A$15)),\n        IF(Import.TipoArredondamento<>\"TransfereGOV\",\n              ROUND(OFFSET($P139,0,AG$13),15-13*ORÇAMENTO!$AF$7)/$H139*OFFSET(ORÇAMENTO!$X$15,ROW(AG139)-ROW(AG$15),0),\n              ROUND(ROUND(OFFSET($P139,0,AG$13),15-13*ORÇAMENTO!$AF$7)*OFFSET(ORÇAMENTO!$W$15,ROW(AG139)-ROW(AG$15),0),15-13*ORÇAMENTO!$AF$11)),\n         0)","v":0},{"$f":"IF(AND($D139=\"Serviço\",AH$12<>0,$H139>0,OR(AUTOEVENTO<>\"manual\",$M139<>$A$15)),\n        IF(Import.TipoArredondamento<>\"TransfereGOV\",\n              ROUND(OFFSET($P139,0,AH$13),15-13*ORÇAMENTO!$AF$7)/$H139*OFFSET(ORÇAMENTO!$X$15,ROW(AH139)-ROW(AH$15),0),\n              ROUND(ROUND(OFFSET($P139,0,AH$13),15-13*ORÇAMENTO!$AF$7)*OFFSET(ORÇAMENTO!$W$15,ROW(AH139)-ROW(AH$15),0),15-13*ORÇAMENTO!$AF$11)),\n         0)","v":0},{"$f":"IF(AND($D139=\"Serviço\",AI$12<>0,$H139>0,OR(AUTOEVENTO<>\"manual\",$M139<>$A$15)),\n        IF(Import.TipoArredondamento<>\"TransfereGOV\",\n              ROUND(OFFSET($P139,0,AI$13),15-13*ORÇAMENTO!$AF$7)/$H139*OFFSET(ORÇAMENTO!$X$15,ROW(AI139)-ROW(AI$15),0),\n              ROUND(ROUND(OFFSET($P139,0,AI$13),15-13*ORÇAMENTO!$AF$7)*OFFSET(ORÇAMENTO!$W$15,ROW(AI139)-ROW(AI$15),0),15-13*ORÇAMENTO!$AF$11)),\n         0)","v":0},{"$f":"IF(AND($D139=\"Serviço\",AJ$12<>0,$H139>0,OR(AUTOEVENTO<>\"manual\",$M139<>$A$15)),\n        IF(Import.TipoArredondamento<>\"TransfereGOV\",\n              ROUND(OFFSET($P139,0,AJ$13),15-13*ORÇAMENTO!$AF$7)/$H139*OFFSET(ORÇAMENTO!$X$15,ROW(AJ139)-ROW(AJ$15),0),\n              ROUND(ROUND(OFFSET($P139,0,AJ$13),15-13*ORÇAMENTO!$AF$7)*OFFSET(ORÇAMENTO!$W$15,ROW(AJ139)-ROW(AJ$15),0),15-13*ORÇAMENTO!$AF$11)),\n         0)","v":0},{"$f":"IF(AND($D139=\"Serviço\",AK$12<>0,$H139>0,OR(AUTOEVENTO<>\"manual\",$M139<>$A$15)),\n        IF(Import.TipoArredondamento<>\"TransfereGOV\",\n              ROUND(OFFSET($P139,0,AK$13),15-13*ORÇAMENTO!$AF$7)/$H139*OFFSET(ORÇAMENTO!$X$15,ROW(AK139)-ROW(AK$15),0),\n              ROUND(ROUND(OFFSET($P139,0,AK$13),15-13*ORÇAMENTO!$AF$7)*OFFSET(ORÇAMENTO!$W$15,ROW(AK139)-ROW(AK$15),0),15-13*ORÇAMENTO!$AF$11)),\n         0)","v":0},null,{"$f":"IF(OR($D139<>\"Serviço\",AND(AUTOEVENTO=\"Manual\",$M139=$A$15)),0,\n         IF(OFFSET(CRONOPLE!$F$15,$M139-$A$15,AM$13)=0,10^12,OFFSET(CRONOPLE!$F$15,$M139-$A$15,AM$13)))","v":1},{"$f":"IF(OR($D139<>\"Serviço\",AND(AUTOEVENTO=\"Manual\",$M139=$A$15)),0,\n         IF(OFFSET(CRONOPLE!$F$15,$M139-$A$15,AN$13)=0,10^12,OFFSET(CRONOPLE!$F$15,$M139-$A$15,AN$13)))","v":1},{"$f":"IF(OR($D139<>\"Serviço\",AND(AUTOEVENTO=\"Manual\",$M139=$A$15)),0,\n         IF(OFFSET(CRONOPLE!$F$15,$M139-$A$15,AO$13)=0,10^12,OFFSET(CRONOPLE!$F$15,$M139-$A$15,AO$13)))","v":1000000000000},{"$f":"IF(OR($D139<>\"Serviço\",AND(AUTOEVENTO=\"Manual\",$M139=$A$15)),0,\n         IF(OFFSET(CRONOPLE!$F$15,$M139-$A$15,AP$13)=0,10^12,OFFSET(CRONOPLE!$F$15,$M139-$A$15,AP$13)))","v":1000000000000},{"$f":"IF(OR($D139<>\"Serviço\",AND(AUTOEVENTO=\"Manual\",$M139=$A$15)),0,\n         IF(OFFSET(CRONOPLE!$F$15,$M139-$A$15,AQ$13)=0,10^12,OFFSET(CRONOPLE!$F$15,$M139-$A$15,AQ$13)))","v":1000000000000},{"$f":"IF(OR($D139<>\"Serviço\",AND(AUTOEVENTO=\"Manual\",$M139=$A$15)),0,\n         IF(OFFSET(CRONOPLE!$F$15,$M139-$A$15,AR$13)=0,10^12,OFFSET(CRONOPLE!$F$15,$M139-$A$15,AR$13)))","v":1000000000000},{"$f":"IF(OR($D139<>\"Serviço\",AND(AUTOEVENTO=\"Manual\",$M139=$A$15)),0,\n         IF(OFFSET(CRONOPLE!$F$15,$M139-$A$15,AS$13)=0,10^12,OFFSET(CRONOPLE!$F$15,$M139-$A$15,AS$13)))","v":1000000000000},{"$f":"IF(OR($D139<>\"Serviço\",AND(AUTOEVENTO=\"Manual\",$M139=$A$15)),0,\n         IF(OFFSET(CRONOPLE!$F$15,$M139-$A$15,AT$13)=0,10^12,OFFSET(CRONOPLE!$F$15,$M139-$A$15,AT$13)))","v":1000000000000},{"$f":"IF(OR($D139<>\"Serviço\",AND(AUTOEVENTO=\"Manual\",$M139=$A$15)),0,\n         IF(OFFSET(CRONOPLE!$F$15,$M139-$A$15,AU$13)=0,10^12,OFFSET(CRONOPLE!$F$15,$M139-$A$15,AU$13)))","v":1000000000000},{"$f":"IF(OR($D139<>\"Serviço\",AND(AUTOEVENTO=\"Manual\",$M139=$A$15)),0,\n         IF(OFFSET(CRONOPLE!$F$15,$M139-$A$15,AV$13)=0,10^12,OFFSET(CRONOPLE!$F$15,$M139-$A$15,AV$13)))","v":1000000000000},null,{"$f":"IF(OR($D139<>\"Serviço\",AND(AUTOEVENTO=\"Manual\",$M139=$A$15),$M139>(ROW(PLE.lastrow)-ROW(PLE.firstrow))),0,\n           IF(OFFSET(PLE!$G$15,$M139-$A$15,AX$13)=\"\",10^12,OFFSET(PLE!$G$15,$M139-$A$15,AX$13)))","v":1},{"$f":"IF(OR($D139<>\"Serviço\",AND(AUTOEVENTO=\"Manual\",$M139=$A$15),$M139>(ROW(PLE.lastrow)-ROW(PLE.firstrow))),0,\n           IF(OFFSET(PLE!$G$15,$M139-$A$15,AY$13)=\"\",10^12,OFFSET(PLE!$G$15,$M139-$A$15,AY$13)))","v":1},{"$f":"IF(OR($D139<>\"Serviço\",AND(AUTOEVENTO=\"Manual\",$M139=$A$15),$M139>(ROW(PLE.lastrow)-ROW(PLE.firstrow))),0,\n           IF(OFFSET(PLE!$G$15,$M139-$A$15,AZ$13)=\"\",10^12,OFFSET(PLE!$G$15,$M139-$A$15,AZ$13)))","v":1000000000000},{"$f":"IF(OR($D139<>\"Serviço\",AND(AUTOEVENTO=\"Manual\",$M139=$A$15),$M139>(ROW(PLE.lastrow)-ROW(PLE.firstrow))),0,\n           IF(OFFSET(PLE!$G$15,$M139-$A$15,BA$13)=\"\",10^12,OFFSET(PLE!$G$15,$M139-$A$15,BA$13)))","v":1000000000000},{"$f":"IF(OR($D139<>\"Serviço\",AND(AUTOEVENTO=\"Manual\",$M139=$A$15),$M139>(ROW(PLE.lastrow)-ROW(PLE.firstrow))),0,\n           IF(OFFSET(PLE!$G$15,$M139-$A$15,BB$13)=\"\",10^12,OFFSET(PLE!$G$15,$M139-$A$15,BB$13)))","v":1000000000000},{"$f":"IF(OR($D139<>\"Serviço\",AND(AUTOEVENTO=\"Manual\",$M139=$A$15),$M139>(ROW(PLE.lastrow)-ROW(PLE.firstrow))),0,\n           IF(OFFSET(PLE!$G$15,$M139-$A$15,BC$13)=\"\",10^12,OFFSET(PLE!$G$15,$M139-$A$15,BC$13)))","v":1000000000000},{"$f":"IF(OR($D139<>\"Serviço\",AND(AUTOEVENTO=\"Manual\",$M139=$A$15),$M139>(ROW(PLE.lastrow)-ROW(PLE.firstrow))),0,\n           IF(OFFSET(PLE!$G$15,$M139-$A$15,BD$13)=\"\",10^12,OFFSET(PLE!$G$15,$M139-$A$15,BD$13)))","v":1000000000000},{"$f":"IF(OR($D139<>\"Serviço\",AND(AUTOEVENTO=\"Manual\",$M139=$A$15),$M139>(ROW(PLE.lastrow)-ROW(PLE.firstrow))),0,\n           IF(OFFSET(PLE!$G$15,$M139-$A$15,BE$13)=\"\",10^12,OFFSET(PLE!$G$15,$M139-$A$15,BE$13)))","v":1000000000000},{"$f":"IF(OR($D139<>\"Serviço\",AND(AUTOEVENTO=\"Manual\",$M139=$A$15),$M139>(ROW(PLE.lastrow)-ROW(PLE.firstrow))),0,\n           IF(OFFSET(PLE!$G$15,$M139-$A$15,BF$13)=\"\",10^12,OFFSET(PLE!$G$15,$M139-$A$15,BF$13)))","v":1000000000000},{"$f":"IF(OR($D139<>\"Serviço\",AND(AUTOEVENTO=\"Manual\",$M139=$A$15),$M139>(ROW(PLE.lastrow)-ROW(PLE.firstrow))),0,\n           IF(OFFSET(PLE!$G$15,$M139-$A$15,BG$13)=\"\",10^12,OFFSET(PLE!$G$15,$M139-$A$15,BG$13)))","v":1000000000000}]
[null,{"$f":"OFFSET(ORÇAMENTO!C$15,ROW(B140)-ROW(B$15),0)","v":-1},{"$f":"OFFSET(ORÇAMENTO!L$15,ROW(C140)-ROW(C$15),0)","v":"F"},"LOTE",null,null,null,null,null,null,null,{"$f":"OFFSET(L140,-1,0)+1","v":125}]
[]
[]
[]
[null,null,null,null,null,{"$f":"Import.Município","v":"SIDROLÂNDIA/MS"}]
[null,null,null,null,null,"Local",null,null,"Responsável Técnico",null,null,null,null,null,null,null,null,null,null,"Responsável Técnico"]
[null,null,null,null,null,null,null,null,{"$f":"OFFSET(Import.RespOrçamento,0,-1) & \" \" & Import.RespOrçamento","v":"Nome: FABIO MARQUES RIBEIRO"},null,null,null,null,null,null,null,null,null,null,{"$f":"OFFSET(Import.RespOrçamento,0,-1) & \" \" & Import.RespOrçamento","v":"Nome: FABIO MARQUES RIBEIRO"}]
[null,null,null,null,null,{"$f":"DADOS!$C$25","v":"2024-09-24"},null,null,"CREA/CAU: CREA-MS 15.276",null,null,null,null,null,null,null,null,null,null,"CREA/CAU: CREA-MS 15.276"]
[null,null,null,null,null,"Data",null,null,"ART/RRT: 1320240128034",null,null,null,null,null,null,null,null,null,null,"ART/RRT: 1320240128034"]

{"sheet":"CRONOPLE","index":7,"n_rows":52,"n_cols":31,"rows_kept":52,"cut":false,"hidden":true,"merged":[[41,27,41,28],[40,27,40,28],[40,29,40,30],[41,29,41,30],[41,25,41,26],[44,27,44,28],[41,17,41,18],[41,23,41,24],[41,15,41,16],[42,29,42,30],[44,15,44,16],[43,29,43,30],[44,29,44,30],[44,17,44,18],[44,19,44,20],[44,21,44,22],[44,23,44,24],[44,25,44,26],[43,27,43,28],[42,25,42,26],[42,27,42,28],[1,28,1,30],[3,1,3,3],[3,6,3,8],[3,9,3,11],[4,1,4,3],[4,6,4,8],[4,9,4,11],[4,12,4,30],[40,2,41,2],[40,7,40,8],[40,9,40,10],[41,7,41,8],[41,9,41,10],[39,29,39,30],[40,23,40,24],[40,25,40,26],[40,21,40,22],[39,27,39,28],[39,23,39,24],[39,25,39,26],[39,21,39,22],[39,7,39,8],[39,9,39,10],[39,11,39,12],[39,19,39,20],[7,1,7,2],[11,1,12,1],[11,2,12,2],[39,13,39,14],[39,15,39,16],[39,17,39,18],[41,19,41,20],[41,21,41,22],[40,11,40,12],[40,13,40,14],[41,11,41,12],[41,13,41,14],[40,15,40,16],[40,17,40,18],[40,19,40,20],[43,25,43,26],[42,7,42,8],[42,9,42,10],[42,11,42,12],[42,13,42,14],[43,7,43,8],[43,9,43,10],[43,13,43,14],[43,15,43,16],[43,17,43,18],[43,19,43,20],[42,15,42,16],[42,17,42,18],[42,21,42,22],[43,11,43,12],[42,19,42,20],[42,2,43,2],[44,7,44,8],[44,9,44,10],[42,23,42,24],[50,1,50,2],[43,21,43,22],[43,23,43,24],[44,11,44,12],[44,13,44,14]]}
[{"$f":"IF(AUTOEVENTO=\"Manual\",IF(EVENTOS!$F1>0,\"F\",\"\"),IF(AND(B1>0,B1<=MAX(CÁLCULO!$M$15:$M$140)),\"F\",\"\"))","v":{"$error":"#REF!"}},{"$f":"OFFSET(B1,-1,0)+1","v":{"$error":"#REF!"}},{"$f":"IF(AUTOEVENTO=\"Manual\",IF($B1>0,OFFSET(EVENTOS!$D$15,$B1-$B$15,0),0),IF(B1<=MAX(CÁLCULO!$M$15:$M$140),VLOOKUP($B1,CÁLCULO!$M$15:$N$140,2,FALSE),0))","v":{"$error":"#REF!"}},null,null,{"$f":"IF($C1=0,\"\",CONCATENATE($B1,\". \",$C1))","v":{"$error":"#REF!"}}]
[null,null,null,null,null,null,"CRONOGRAMA PREVISTO PLE",null,null,null,null,null,null,null,null,null,null,null,null,null,null,null,null,null,null,null,null,null,"Grau de Sigilo\n#PUBLICO"]
[]
[null,"PROPONENTE / TOMADOR",null,null,null,null,"Nº OPERAÇÃO",null,null,"Nº TransfereGOV",null,null,"APELIDO EMPREENDIMENTO"]
[null,{"$f":"Import.Proponente","v":"PREFEITURA MUNICIPAL DE SIDROLÂNDIA"},null,null,null,null,{"$f":"Import.CR","v":"1.087.299-22/2023"},null,null,{"$f":"Import.SICONV","v":"942900/2023"},null,null,{"$f":"Import.Apelido","v":"MODERNIZAÇÃO E REVITALIZAÇÃO DO ESTÁDIO MUNICIPAL DE SIDROLÂNDIA/MS"}]
[null,{"$f":"IF(ACOMPANHAMENTO=\"BM\",\"NO ACOMPANHAMENTO POR BM, UTILIZE A ABA CRONO\",\n  IF(MAX($B$14:$B$38)<MAX(CÁLCULO!$M$15:$M$140),\"ERRO: NÚMERO DE EVENTOS INSUFICIENTE, CLIQUE EM ATUALIZAR LINHAS\",\n  IF(ROUND(OFFSET(CRONO!$AG$75,0,-1),2)<>CRONO!$R$66,\"ERRO: CRONOGRAMA NÃO FECHA 100%\",\"\")))","v":"NO ACOMPANHAMENTO POR BM, UTILIZE A ABA CRONO"}]
[null,{"$f":"IF(AdmLocal=\"Automática\",\"\",\"1. Selecione o Título do Evento da Administração Local:\")","v":"1. Selecione o Título do Evento da Administração Local:"}]
[{"$f":"MID(Import.EventoAdmLocal,1,SEARCH(\".\",Import.EventoAdmLocal)-1)","v":{"$error":"#VALUE!"}},null,null,{"$f":"IF($B$7=\"\",\"\",IF(AND($B$15=0,$B$8=\"\"),\"◄ Não foi indicado o Evento de Administração Local\",IF(ISERROR(MATCH(Import.EventoAdmLocal,$F$15:$F$38,0)),\"◄ Selecione um Título de Evento válido para a Administração Local\",\"\")))","v":"◄ Não foi indicado o Evento de Administração Local"}]
[]
[{"$f":"MATCH(VALUE(A8),CÁLCULO!$M$15:$M$140,0)-2","v":{"$error":"#VALUE!"}},{"$f":"CONCATENATE(IF(AdmLocal=\"Automática\",1,2),\". Digite nas células em amarelo o número do período em que os eventos serão concluídos:\")","v":"2. Digite nas células em amarelo o número do período em que os eventos serão concluídos:"}]
["FILTRO",null,null,null,{"$f":"IF(E$12>CÁLCULO.FrentesPreenchidas,\"\",OFFSET(CÁLCULO!$P$12,0,E$12))","v":""},null,{"$f":"IF(G$12>CÁLCULO.FrentesPreenchidas,\"\",OFFSET(CÁLCULO!$P$12,0,G$12))","v":""},{"$f":"IF(H$12>CÁLCULO.FrentesPreenchidas,\"\",OFFSET(CÁLCULO!$P$12,0,H$12))","v":""},{"$f":"IF(I$12>CÁLCULO.FrentesPreenchidas,\"\",OFFSET(CÁLCULO!$P$12,0,I$12))","v":""},{"$f":"IF(J$12>CÁLCULO.FrentesPreenchidas,\"\",OFFSET(CÁLCULO!$P$12,0,J$12))","v":""},{"$f":"IF(K$12>CÁLCULO.FrentesPreenchidas,\"\",OFFSET(CÁLCULO!$P$12,0,K$12))","v":""},{"$f":"IF(L$12>CÁLCULO.FrentesPreenchidas,\"\",OFFSET(CÁLCULO!$P$12,0,L$12))","v":""},{"$f":"IF(M$12>CÁLCULO.FrentesPreenchidas,\"\",OFFSET(CÁLCULO!$P$12,0,M$12))","v":""},{"$f":"IF(N$12>CÁLCULO.FrentesPreenchidas,\"\",OFFSET(CÁLCULO!$P$12,0,N$12))","v":""},{"$f":"IF(O$12>CÁLCULO.FrentesPreenchidas,\"\",OFFSET(CÁLCULO!$P$12,0,O$12))","v":""},{"$f":"IF(P$12>CÁLCULO.FrentesPreenchidas,\"\",OFFSET(CÁLCULO!$P$12,0,P$12))","v":""},{"$f":"IF(Q$12>CÁLCULO.FrentesPreenchidas,\"\",OFFSET(CÁLCULO!$P$12,0,Q$12))","v":""},{"$f":"IF(R$12>CÁLCULO.FrentesPreenchidas,\"\",OFFSET(CÁLCULO!$P$12,0,R$12))","v":""},{"$f":"IF(S$12>CÁLCULO.FrentesPreenchidas,\"\",OFFSET(CÁLCULO!$P$12,0,S$12))","v":""},{"$f":"IF(T$12>CÁLCULO.FrentesPreenchidas,\"\",OFFSET(CÁLCULO!$P$12,0,T$12))","v":""},{"$f":"IF(U$12>CÁLCULO.FrentesPreenchidas,\"\",OFFSET(CÁLCULO!$P$12,0,U$12))","v":""},{"$f":"IF(V$12>CÁLCULO.FrentesPreenchidas,\"\",OFFSET(CÁLCULO!$P$12,0,V$12))","v":""},{"$f":"IF(W$12>CÁLCULO.FrentesPreenchidas,\"\",OFFSET(CÁLCULO!$P$12,0,W$12))","v":""},{"$f":"IF(X$12>CÁLCULO.FrentesPreenchidas,\"\",OFFSET(CÁLCULO!$P$12,0,X$12))","v":""},{"$f":"IF(Y$12>CÁLCULO.FrentesPreenchidas,\"\",OFFSET(CÁLCULO!$P$12,0,Y$12))","v":""},